{"text_format":"1","workbook":"xlsx","n_sheets":9,"sheets":["ORÇAMENTO","CURVA ABC","BDI","COMPOSIÇÃO","CRONOGRAMA","COMPOSIÇÕES_IFMT","Cotação","Declaração","SINAPI"],"not_rendered":{"charts":0,"images":3,"macros":1,"external_links":0,"defined_names":0,"comments":0,"pivot_tables":0},"unopened":[],"bounds":{"document_bytes":16777216,"sheet_cells":100000,"rows_first":2000,"rows_last":500,"rows_between":2000,"halvings":0,"cell_chars":16384,"cell_head_chars":4096},"cells_cut":0,"cells_raw":0,"read":"whole","date_system":"1900"}

{"sheet":"ORÇAMENTO","index":0,"n_rows":303,"n_cols":11,"rows_kept":303,"cut":false,"hidden":false,"merged":[[0,0,3,9],[4,0,4,9],[5,0,5,9],[7,0,7,9],[12,9,12,10],[12,3,12,4]]}
[]
[]
[]
[]
["INSTITUTO FEDERAL DE EDUCAÇÃO, CIÊNCIA E TECNOLOGIA DE MATO GROSSO"]
["CAMPUS PRIMAVERA DO LESTE"]
[]
["PLANILHA DE ESTIMATIVA DE CUSTO"]
["LOCAL:","PRIMAVERA DO LESTE",null,null,null,null,null,null,"BDI:",{"$f":"BDI!C27","v":0.20444562378908304}]
["OBRA:","REFORMA HANGAR",null,null,null,null,null,null,"BDI Equipamentos:",{"$f":"BDI!C58","v":0.13374136014530369}]
[null,null,null,"TABELA SINAPI - DATA DE EMISSÃO: 16/10/2020"]
[null,null,null,"SINAPI DATA REFERÊNCIA TÉCNICA: 16/10/2020 - NÃO DESONERADO"]
["ITEM","REFERÊNCIA","CÓDIGO","DESCRIÇÃO DETALHADA",null,"UND","QTD","VALOR UNIT (R$)","VALOR UNIT c/ BDI (R$)","VALOR TOTAL "]
["1.0",null,null,"ADMINISTRAÇÃO DA OBRA",null,null,null,null,null,{"$f":"SUM(J15:J16)","v":30255.22},{"$f":"J14/J302","v":4.5236164177599278E-2}]
["1.1","SINAPI",93565,{"$f":"IF(B15=\"SINAPI\",IFERROR(INDEX(SINAPI!$B:$B,MATCH($C15,SINAPI!$A:$A,0)),\"\"),IF(B15=\"COMPOSIÇÃO\",IFERROR(INDEX(COMPOSIÇÃO!$C:$C,MATCH($C15,COMPOSIÇÃO!$A:$A,0)),\"\"),\"\"))","v":"ENGENHEIRO CIVIL DE OBRA JUNIOR COM ENCARGOS COMPLEMENTARES"},null,{"$f":"IF(B15=\"SINAPI\",IFERROR(INDEX(SINAPI!$C:$C,MATCH($C15,SINAPI!$A:$A,0)),\"\"),IF(B15=\"COMPOSIÇÃO\",IFERROR(INDEX(COMPOSIÇÃO!$D:$D,MATCH($C15,COMPOSIÇÃO!$A:$A,0)),\"\"),\"\"))","v":"MES"},0.5,{"$f":"IF(B15=\"SINAPI\",IFERROR(INDEX(SINAPI!$D:$D,MATCH($C15,SINAPI!$A:$A,0)),0),IF(B15=\"COMPOSIÇÃO\",IFERROR(INDEX(COMPOSIÇÃO!$G:$G,MATCH($C15,COMPOSIÇÃO!$A:$A,0)),0),0))","v":16204.01},{"$f":"H15*(1+$J$9)","v":19516.848932334538},{"$f":"ROUND(G15*I15,2)","v":9758.42},{"$f":"J15/$J$302","v":1.4590324883903284E-2}]
["1.2","SINAPI",94295,{"$f":"IF(B16=\"SINAPI\",IFERROR(INDEX(SINAPI!$B:$B,MATCH($C16,SINAPI!$A:$A,0)),\"\"),IF(B16=\"COMPOSIÇÃO\",IFERROR(INDEX(COMPOSIÇÃO!$C:$C,MATCH($C16,COMPOSIÇÃO!$A:$A,0)),\"\"),\"\"))","v":"MESTRE DE OBRAS COM ENCARGOS COMPLEMENTARES"},null,{"$f":"IF(B16=\"SINAPI\",IFERROR(INDEX(SINAPI!$C:$C,MATCH($C16,SINAPI!$A:$A,0)),\"\"),IF(B16=\"COMPOSIÇÃO\",IFERROR(INDEX(COMPOSIÇÃO!$D:$D,MATCH($C16,COMPOSIÇÃO!$A:$A,0)),\"\"),\"\"))","v":"MES"},3,{"$f":"IF(B16=\"SINAPI\",IFERROR(INDEX(SINAPI!$D:$D,MATCH($C16,SINAPI!$A:$A,0)),0),IF(B16=\"COMPOSIÇÃO\",IFERROR(INDEX(COMPOSIÇÃO!$G:$G,MATCH($C16,COMPOSIÇÃO!$A:$A,0)),0),0))","v":5672.54},6832.2659787685252,20496.8,{"$f":"J16/$J$302","v":3.0645839293695989E-2}]
["2.0",null,null,"SERVIÇOS PRELIMINARES",null,null,null,null,null,{"$f":"SUM(J18:J21)","v":4842.6499999999996},{"$f":"J17/$J$302","v":7.2404996709543382E-3}]
["2.1","COMPOSIÇÃO","IFMT 211.06.2020",{"$f":"IF(B18=\"SINAPI\",IFERROR(INDEX(SINAPI!$B:$B,MATCH($C18,SINAPI!$A:$A,0)),\"\"),IF(B18=\"COMPOSIÇÃO\",IFERROR(INDEX(COMPOSIÇÃO!$C:$C,MATCH($C18,COMPOSIÇÃO!$A:$A,0)),\"\"),\"\"))","v":"PLACA DE OBRA EM CHAPA DE ACO GALVANIZADO"},null,{"$f":"IF(B18=\"SINAPI\",IFERROR(INDEX(SINAPI!$C:$C,MATCH($C18,SINAPI!$A:$A,0)),\"\"),IF(B18=\"COMPOSIÇÃO\",IFERROR(INDEX(COMPOSIÇÃO!$D:$D,MATCH($C18,COMPOSIÇÃO!$A:$A,0)),\"\"),\"\"))","v":"M2"},6,{"$f":"IF(B18=\"SINAPI\",IFERROR(INDEX(SINAPI!$D:$D,MATCH($C18,SINAPI!$A:$A,0)),0),IF(B18=\"COMPOSIÇÃO\",IFERROR(INDEX(COMPOSIÇÃO!$G:$G,MATCH($C18,COMPOSIÇÃO!$A:$A,0)),0),0))","v":381.45249999999999},459.43879430840519,2756.63,{"$f":"J18/$J$302","v":4.1215819041109433E-3}]
["2.2","SINAPI",99814,{"$f":"IF(B19=\"SINAPI\",IFERROR(INDEX(SINAPI!$B:$B,MATCH($C19,SINAPI!$A:$A,0)),\"\"),IF(B19=\"COMPOSIÇÃO\",IFERROR(INDEX(COMPOSIÇÃO!$C:$C,MATCH($C19,COMPOSIÇÃO!$A:$A,0)),\"\"),\"\"))","v":"LIMPEZA DE SUPERFÍCIE COM JATO DE ALTA PRESSÃO. AF_04/2019"},null,{"$f":"IF(B19=\"SINAPI\",IFERROR(INDEX(SINAPI!$C:$C,MATCH($C19,SINAPI!$A:$A,0)),\"\"),IF(B19=\"COMPOSIÇÃO\",IFERROR(INDEX(COMPOSIÇÃO!$D:$D,MATCH($C19,COMPOSIÇÃO!$A:$A,0)),\"\"),\"\"))","v":"M2"},1083.76,{"$f":"IF(B19=\"SINAPI\",IFERROR(INDEX(SINAPI!$D:$D,MATCH($C19,SINAPI!$A:$A,0)),0),IF(B19=\"COMPOSIÇÃO\",IFERROR(INDEX(COMPOSIÇÃO!$G:$G,MATCH($C19,COMPOSIÇÃO!$A:$A,0)),0),0))","v":1.43},1.7223572420183886,1866.62,{"$f":"J19/$J$302","v":2.7908813347643927E-3}]
["2.3","SINAPI",100981,{"$f":"IF(B20=\"SINAPI\",IFERROR(INDEX(SINAPI!$B:$B,MATCH($C20,SINAPI!$A:$A,0)),\"\"),IF(B20=\"COMPOSIÇÃO\",IFERROR(INDEX(COMPOSIÇÃO!$C:$C,MATCH($C20,COMPOSIÇÃO!$A:$A,0)),\"\"),\"\"))","v":"CARGA, MANOBRA E DESCARGA DE ENTULHO EM CAMINHÃO BASCULANTE 6 M³ - CARGA COM ESCAVADEIRA HIDRÁULICA  (CAÇAMBA DE 0,80 M³ / 111 HP) E DESCARGA LIVRE (UNIDADE: M3). AF_07/2020"},null,{"$f":"IF(B20=\"SINAPI\",IFERROR(INDEX(SINAPI!$C:$C,MATCH($C20,SINAPI!$A:$A,0)),\"\"),IF(B20=\"COMPOSIÇÃO\",IFERROR(INDEX(COMPOSIÇÃO!$D:$D,MATCH($C20,COMPOSIÇÃO!$A:$A,0)),\"\"),\"\"))","v":"M3"},24,{"$f":"IF(B20=\"SINAPI\",IFERROR(INDEX(SINAPI!$D:$D,MATCH($C20,SINAPI!$A:$A,0)),0),IF(B20=\"COMPOSIÇÃO\",IFERROR(INDEX(COMPOSIÇÃO!$G:$G,MATCH($C20,COMPOSIÇÃO!$A:$A,0)),0),0))","v":4.99},6.0101836627075249,144.24,{"$f":"J20/$J$302","v":2.1566077923006077E-4}]
["2.5","SINAPI",97918,{"$f":"IF(B21=\"SINAPI\",IFERROR(INDEX(SINAPI!$B:$B,MATCH($C21,SINAPI!$A:$A,0)),\"\"),IF(B21=\"COMPOSIÇÃO\",IFERROR(INDEX(COMPOSIÇÃO!$C:$C,MATCH($C21,COMPOSIÇÃO!$A:$A,0)),\"\"),\"\"))","v":"TRANSPORTE COM CAMINHÃO BASCULANTE DE 6 M³, EM VIA URBANA PAVIMENTADA, DMT ATÉ 30 KM (UNIDADE: TXKM). AF_07/2020"},null,{"$f":"IF(B21=\"SINAPI\",IFERROR(INDEX(SINAPI!$C:$C,MATCH($C21,SINAPI!$A:$A,0)),\"\"),IF(B21=\"COMPOSIÇÃO\",IFERROR(INDEX(COMPOSIÇÃO!$D:$D,MATCH($C21,COMPOSIÇÃO!$A:$A,0)),\"\"),\"\"))","v":"TXKM"},60,{"$f":"IF(B21=\"SINAPI\",IFERROR(INDEX(SINAPI!$D:$D,MATCH($C21,SINAPI!$A:$A,0)),0),IF(B21=\"COMPOSIÇÃO\",IFERROR(INDEX(COMPOSIÇÃO!$G:$G,MATCH($C21,COMPOSIÇÃO!$A:$A,0)),0),0))","v":1.04},1.2526234487406465,75.16,{"$f":"J21/$J$302","v":1.1237565284894181E-4}]
["3.0",null,null,"FUNDAÇÃO/ESTRUTURA",null,null,null,null,null,{"$f":"SUM(J23:J55)","v":33801.26},{"$f":"J22/$J$302","v":5.0538034321671414E-2}]
["3.1",null,null,"PLATAFORMA ELEVATÓRIA 2,00M X 1,80M  PREVISÃO-(ESTACAS, BLOCOS, VIGA BALDRAME, VIGA SUPERIOR E VIGA DE COBERTURA, LAJE)",null,{"$f":"IF(B23=\"SINAPI\",IFERROR(INDEX(SINAPI!$C:$C,MATCH($C23,SINAPI!$A:$A,0)),\"\"),IF(B23=\"COMPOSIÇÃO\",IFERROR(INDEX(COMPOSIÇÃO!$D:$D,MATCH($C23,COMPOSIÇÃO!$A:$A,0)),\"\"),\"\"))","v":""}]
["3.2","SINAPI",93358,{"$f":"IF(B24=\"SINAPI\",IFERROR(INDEX(SINAPI!$B:$B,MATCH($C24,SINAPI!$A:$A,0)),\"\"),IF(B24=\"COMPOSIÇÃO\",IFERROR(INDEX(COMPOSIÇÃO!$C:$C,MATCH($C24,COMPOSIÇÃO!$A:$A,0)),\"\"),\"\"))","v":"ESCAVAÇÃO MANUAL DE VALA COM PROFUNDIDADE MENOR OU IGUAL A 1,30 M. AF_03/2016"},null,{"$f":"IF(B24=\"SINAPI\",IFERROR(INDEX(SINAPI!$C:$C,MATCH($C24,SINAPI!$A:$A,0)),\"\"),IF(B24=\"COMPOSIÇÃO\",IFERROR(INDEX(COMPOSIÇÃO!$D:$D,MATCH($C24,COMPOSIÇÃO!$A:$A,0)),\"\"),\"\"))","v":"M3"},4.75,{"$f":"IF(B24=\"SINAPI\",IFERROR(INDEX(SINAPI!$D:$D,MATCH($C24,SINAPI!$A:$A,0)),0),IF(B24=\"COMPOSIÇÃO\",IFERROR(INDEX(COMPOSIÇÃO!$G:$G,MATCH($C24,COMPOSIÇÃO!$A:$A,0)),0),0))","v":62.93},75.795763105047001,360.03,{"$f":"J24/$J$302","v":5.382997112187935E-4}]
["3.3","SINAPI",93382,{"$f":"IF(B25=\"SINAPI\",IFERROR(INDEX(SINAPI!$B:$B,MATCH($C25,SINAPI!$A:$A,0)),\"\"),IF(B25=\"COMPOSIÇÃO\",IFERROR(INDEX(COMPOSIÇÃO!$C:$C,MATCH($C25,COMPOSIÇÃO!$A:$A,0)),\"\"),\"\"))","v":"REATERRO MANUAL DE VALAS COM COMPACTAÇÃO MECANIZADA. AF_04/2016"},null,{"$f":"IF(B25=\"SINAPI\",IFERROR(INDEX(SINAPI!$C:$C,MATCH($C25,SINAPI!$A:$A,0)),\"\"),IF(B25=\"COMPOSIÇÃO\",IFERROR(INDEX(COMPOSIÇÃO!$D:$D,MATCH($C25,COMPOSIÇÃO!$A:$A,0)),\"\"),\"\"))","v":"M3"},1.5,{"$f":"IF(B25=\"SINAPI\",IFERROR(INDEX(SINAPI!$D:$D,MATCH($C25,SINAPI!$A:$A,0)),0),IF(B25=\"COMPOSIÇÃO\",IFERROR(INDEX(COMPOSIÇÃO!$G:$G,MATCH($C25,COMPOSIÇÃO!$A:$A,0)),0),0))","v":21.25},25.594469505518013,38.39,{"$f":"J25/$J$302","v":5.7398899851927572E-5}]
["3.4","SINAPI",96619,{"$f":"IF(B26=\"SINAPI\",IFERROR(INDEX(SINAPI!$B:$B,MATCH($C26,SINAPI!$A:$A,0)),\"\"),IF(B26=\"COMPOSIÇÃO\",IFERROR(INDEX(COMPOSIÇÃO!$C:$C,MATCH($C26,COMPOSIÇÃO!$A:$A,0)),\"\"),\"\"))","v":"LASTRO DE CONCRETO MAGRO, APLICADO EM BLOCOS DE COROAMENTO OU SAPATAS, ESPESSURA DE 5 CM. AF_08/2017"},null,{"$f":"IF(B26=\"SINAPI\",IFERROR(INDEX(SINAPI!$C:$C,MATCH($C26,SINAPI!$A:$A,0)),\"\"),IF(B26=\"COMPOSIÇÃO\",IFERROR(INDEX(COMPOSIÇÃO!$D:$D,MATCH($C26,COMPOSIÇÃO!$A:$A,0)),\"\"),\"\"))","v":"M2"},1,{"$f":"IF(B26=\"SINAPI\",IFERROR(INDEX(SINAPI!$D:$D,MATCH($C26,SINAPI!$A:$A,0)),0),IF(B26=\"COMPOSIÇÃO\",IFERROR(INDEX(COMPOSIÇÃO!$G:$G,MATCH($C26,COMPOSIÇÃO!$A:$A,0)),0),0))","v":22.5},27.100026535254369,27.1,{"$f":"J26/$J$302","v":4.0518629486513087E-5}]
["3.5","SINAPI",94965,{"$f":"IF(B27=\"SINAPI\",IFERROR(INDEX(SINAPI!$B:$B,MATCH($C27,SINAPI!$A:$A,0)),\"\"),IF(B27=\"COMPOSIÇÃO\",IFERROR(INDEX(COMPOSIÇÃO!$C:$C,MATCH($C27,COMPOSIÇÃO!$A:$A,0)),\"\"),\"\"))","v":"CONCRETO FCK = 25MPA, TRAÇO 1:2,3:2,7 (CIMENTO/ AREIA MÉDIA/ BRITA 1)  - PREPARO MECÂNICO COM BETONEIRA 400 L. AF_07/2016"},null,{"$f":"IF(B27=\"SINAPI\",IFERROR(INDEX(SINAPI!$C:$C,MATCH($C27,SINAPI!$A:$A,0)),\"\"),IF(B27=\"COMPOSIÇÃO\",IFERROR(INDEX(COMPOSIÇÃO!$D:$D,MATCH($C27,COMPOSIÇÃO!$A:$A,0)),\"\"),\"\"))","v":"M3"},7.15,{"$f":"IF(B27=\"SINAPI\",IFERROR(INDEX(SINAPI!$D:$D,MATCH($C27,SINAPI!$A:$A,0)),0),IF(B27=\"COMPOSIÇÃO\",IFERROR(INDEX(COMPOSIÇÃO!$G:$G,MATCH($C27,COMPOSIÇÃO!$A:$A,0)),0),0))","v":340.12},409.65604556314292,2929.04,{"$f":"J27/$J$302","v":4.3793611258736631E-3}]
["3.6","SINAPI",92409,{"$f":"IF(B28=\"SINAPI\",IFERROR(INDEX(SINAPI!$B:$B,MATCH($C28,SINAPI!$A:$A,0)),\"\"),IF(B28=\"COMPOSIÇÃO\",IFERROR(INDEX(COMPOSIÇÃO!$C:$C,MATCH($C28,COMPOSIÇÃO!$A:$A,0)),\"\"),\"\"))","v":"MONTAGEM E DESMONTAGEM DE FÔRMA DE PILARES RETANGULARES E ESTRUTURAS SIMILARES, PÉ-DIREITO SIMPLES, EM MADEIRA SERRADA, 1 UTILIZAÇÃO. AF_09/2020"},null,{"$f":"IF(B28=\"SINAPI\",IFERROR(INDEX(SINAPI!$C:$C,MATCH($C28,SINAPI!$A:$A,0)),\"\"),IF(B28=\"COMPOSIÇÃO\",IFERROR(INDEX(COMPOSIÇÃO!$D:$D,MATCH($C28,COMPOSIÇÃO!$A:$A,0)),\"\"),\"\"))","v":"M2"},20.16,{"$f":"IF(B28=\"SINAPI\",IFERROR(INDEX(SINAPI!$D:$D,MATCH($C28,SINAPI!$A:$A,0)),0),IF(B28=\"COMPOSIÇÃO\",IFERROR(INDEX(COMPOSIÇÃO!$G:$G,MATCH($C28,COMPOSIÇÃO!$A:$A,0)),0),0))","v":156.79},188.84502935389031,3807.12,{"$f":"J28/$J$302","v":5.6922245273318701E-3}]
["3.7","SINAPI",92446,{"$f":"IF(B29=\"SINAPI\",IFERROR(INDEX(SINAPI!$B:$B,MATCH($C29,SINAPI!$A:$A,0)),\"\"),IF(B29=\"COMPOSIÇÃO\",IFERROR(INDEX(COMPOSIÇÃO!$C:$C,MATCH($C29,COMPOSIÇÃO!$A:$A,0)),\"\"),\"\"))","v":"MONTAGEM E DESMONTAGEM DE FÔRMA DE VIGA, ESCORAMENTO COM PONTALETE DE MADEIRA, PÉ-DIREITO SIMPLES, EM MADEIRA SERRADA, 1 UTILIZAÇÃO. AF_09/2020"},null,{"$f":"IF(B29=\"SINAPI\",IFERROR(INDEX(SINAPI!$C:$C,MATCH($C29,SINAPI!$A:$A,0)),\"\"),IF(B29=\"COMPOSIÇÃO\",IFERROR(INDEX(COMPOSIÇÃO!$D:$D,MATCH($C29,COMPOSIÇÃO!$A:$A,0)),\"\"),\"\"))","v":"M2"},26.88,{"$f":"IF(B29=\"SINAPI\",IFERROR(INDEX(SINAPI!$D:$D,MATCH($C29,SINAPI!$A:$A,0)),0),IF(B29=\"COMPOSIÇÃO\",IFERROR(INDEX(COMPOSIÇÃO!$G:$G,MATCH($C29,COMPOSIÇÃO!$A:$A,0)),0),0))","v":154.41999999999999},185.99049322551019,4999.42,{"$f":"J29/$J$302","v":7.474894709500488E-3}]
["3.8","ORSE","09949/ORSE","09949/ORSE Estaca escavada mecanicamente - Ø = 200 a 250mm, com concreto fck = 21 Mpa e armadura CA-50 e CA-60",null,"m",80,77.45,93.28431356246449,7462.75,{"$f":"J30/$J$302","v":1.1157948420681752E-2}]
["3.9","ORSE","00140/ORSE","00140/ORSE Aço CA - 50 Ø 6,3 a 12,5mm, inclusive corte, dobragem, montagem e colocacao de ferragens nas formas, para superestruturas e fundações",null,"KG",572,8.14,9.804187377643137,5608,{"$f":"J31/$J$302","v":8.3848145446629285E-3}]
["3.10","SINAPI",92785,{"$f":"IF(B32=\"SINAPI\",IFERROR(INDEX(SINAPI!$B:$B,MATCH($C32,SINAPI!$A:$A,0)),\"\"),IF(B32=\"COMPOSIÇÃO\",IFERROR(INDEX(COMPOSIÇÃO!$C:$C,MATCH($C32,COMPOSIÇÃO!$A:$A,0)),\"\"),\"\"))","v":"ARMAÇÃO DE LAJE DE UMA ESTRUTURA CONVENCIONAL DE CONCRETO ARMADO EM UMA EDIFICAÇÃO TÉRREA OU SOBRADO UTILIZANDO AÇO CA-50 DE 6,3 MM - MONTAGEM. AF_12/2015"},null,{"$f":"IF(B32=\"SINAPI\",IFERROR(INDEX(SINAPI!$C:$C,MATCH($C32,SINAPI!$A:$A,0)),\"\"),IF(B32=\"COMPOSIÇÃO\",IFERROR(INDEX(COMPOSIÇÃO!$D:$D,MATCH($C32,COMPOSIÇÃO!$A:$A,0)),\"\"),\"\"))","v":"KG"},5,{"$f":"IF(B32=\"SINAPI\",IFERROR(INDEX(SINAPI!$D:$D,MATCH($C32,SINAPI!$A:$A,0)),0),IF(B32=\"COMPOSIÇÃO\",IFERROR(INDEX(COMPOSIÇÃO!$G:$G,MATCH($C32,COMPOSIÇÃO!$A:$A,0)),0),0))","v":11.12},13.393435336534603,66.97,{"$f":"J32/$J$302","v":1.0013035486021332E-4}]
["3.11","SINAPI",92786,{"$f":"IF(B33=\"SINAPI\",IFERROR(INDEX(SINAPI!$B:$B,MATCH($C33,SINAPI!$A:$A,0)),\"\"),IF(B33=\"COMPOSIÇÃO\",IFERROR(INDEX(COMPOSIÇÃO!$C:$C,MATCH($C33,COMPOSIÇÃO!$A:$A,0)),\"\"),\"\"))","v":"ARMAÇÃO DE LAJE DE UMA ESTRUTURA CONVENCIONAL DE CONCRETO ARMADO EM UMA EDIFICAÇÃO TÉRREA OU SOBRADO UTILIZANDO AÇO CA-50 DE 8,0 MM - MONTAGEM. AF_12/2015"},null,{"$f":"IF(B33=\"SINAPI\",IFERROR(INDEX(SINAPI!$C:$C,MATCH($C33,SINAPI!$A:$A,0)),\"\"),IF(B33=\"COMPOSIÇÃO\",IFERROR(INDEX(COMPOSIÇÃO!$D:$D,MATCH($C33,COMPOSIÇÃO!$A:$A,0)),\"\"),\"\"))","v":"KG"},8,{"$f":"IF(B33=\"SINAPI\",IFERROR(INDEX(SINAPI!$D:$D,MATCH($C33,SINAPI!$A:$A,0)),0),IF(B33=\"COMPOSIÇÃO\",IFERROR(INDEX(COMPOSIÇÃO!$G:$G,MATCH($C33,COMPOSIÇÃO!$A:$A,0)),0),0))","v":10.35},12.466012206217009,99.73,{"$f":"J33/$J$302","v":1.4911154681512731E-4}]
["3.12","SINAPI",92508,{"$f":"IF(B34=\"SINAPI\",IFERROR(INDEX(SINAPI!$B:$B,MATCH($C34,SINAPI!$A:$A,0)),\"\"),IF(B34=\"COMPOSIÇÃO\",IFERROR(INDEX(COMPOSIÇÃO!$C:$C,MATCH($C34,COMPOSIÇÃO!$A:$A,0)),\"\"),\"\"))","v":"MONTAGEM E DESMONTAGEM DE FÔRMA DE LAJE MACIÇA, PÉ-DIREITO DUPLO, EM CHAPA DE MADEIRA COMPENSADA RESINADA, 2 UTILIZAÇÕES. AF_09/2020"},null,{"$f":"IF(B34=\"SINAPI\",IFERROR(INDEX(SINAPI!$C:$C,MATCH($C34,SINAPI!$A:$A,0)),\"\"),IF(B34=\"COMPOSIÇÃO\",IFERROR(INDEX(COMPOSIÇÃO!$D:$D,MATCH($C34,COMPOSIÇÃO!$A:$A,0)),\"\"),\"\"))","v":"M2"},4,{"$f":"IF(B34=\"SINAPI\",IFERROR(INDEX(SINAPI!$D:$D,MATCH($C34,SINAPI!$A:$A,0)),0),IF(B34=\"COMPOSIÇÃO\",IFERROR(INDEX(COMPOSIÇÃO!$G:$G,MATCH($C34,COMPOSIÇÃO!$A:$A,0)),0),0))","v":73.069999999999993},88.008841730268287,352.04,{"$f":"J34/$J$302","v":5.2635344370598029E-4}]
["3.13","SINAPI",90856,{"$f":"IF(B35=\"SINAPI\",IFERROR(INDEX(SINAPI!$B:$B,MATCH($C35,SINAPI!$A:$A,0)),\"\"),IF(B35=\"COMPOSIÇÃO\",IFERROR(INDEX(COMPOSIÇÃO!$C:$C,MATCH($C35,COMPOSIÇÃO!$A:$A,0)),\"\"),\"\"))","v":"CONCRETAGEM DE LAJES EM EDIFICAÇÕES MULTIFAMILIARES FEITAS COM SISTEMA DE FÔRMAS MANUSEÁVEIS, COM CONCRETO USINADO BOMBEÁVEL FCK 20 MPA - LANÇAMENTO, ADENSAMENTO E ACABAMENTO. AF_06/2015"},null,{"$f":"IF(B35=\"SINAPI\",IFERROR(INDEX(SINAPI!$C:$C,MATCH($C35,SINAPI!$A:$A,0)),\"\"),IF(B35=\"COMPOSIÇÃO\",IFERROR(INDEX(COMPOSIÇÃO!$D:$D,MATCH($C35,COMPOSIÇÃO!$A:$A,0)),\"\"),\"\"))","v":"M3"},0.54,{"$f":"IF(B35=\"SINAPI\",IFERROR(INDEX(SINAPI!$D:$D,MATCH($C35,SINAPI!$A:$A,0)),0),IF(B35=\"COMPOSIÇÃO\",IFERROR(INDEX(COMPOSIÇÃO!$G:$G,MATCH($C35,COMPOSIÇÃO!$A:$A,0)),0),0))","v":508.23},612.1353993783257,330.55,{"$f":"J35/$J$302","v":4.9422261906888925E-4}]
[null,null,null,"ABRIGO DO COMPRESSOR ESTRUTURA VIGAS E PILAR 15X30CM",null,{"$f":"IF(B36=\"SINAPI\",IFERROR(INDEX(SINAPI!$C:$C,MATCH($C36,SINAPI!$A:$A,0)),\"\"),IF(B36=\"COMPOSIÇÃO\",IFERROR(INDEX(COMPOSIÇÃO!$D:$D,MATCH($C36,COMPOSIÇÃO!$A:$A,0)),\"\"),\"\"))","v":""}]
["3.16","SINAPI",93358,{"$f":"IF(B37=\"SINAPI\",IFERROR(INDEX(SINAPI!$B:$B,MATCH($C37,SINAPI!$A:$A,0)),\"\"),IF(B37=\"COMPOSIÇÃO\",IFERROR(INDEX(COMPOSIÇÃO!$C:$C,MATCH($C37,COMPOSIÇÃO!$A:$A,0)),\"\"),\"\"))","v":"ESCAVAÇÃO MANUAL DE VALA COM PROFUNDIDADE MENOR OU IGUAL A 1,30 M. AF_03/2016"},null,{"$f":"IF(B37=\"SINAPI\",IFERROR(INDEX(SINAPI!$C:$C,MATCH($C37,SINAPI!$A:$A,0)),\"\"),IF(B37=\"COMPOSIÇÃO\",IFERROR(INDEX(COMPOSIÇÃO!$D:$D,MATCH($C37,COMPOSIÇÃO!$A:$A,0)),\"\"),\"\"))","v":"M3"},1,{"$f":"IF(B37=\"SINAPI\",IFERROR(INDEX(SINAPI!$D:$D,MATCH($C37,SINAPI!$A:$A,0)),0),IF(B37=\"COMPOSIÇÃO\",IFERROR(INDEX(COMPOSIÇÃO!$G:$G,MATCH($C37,COMPOSIÇÃO!$A:$A,0)),0),0))","v":62.93},75.795763105047001,75.8,{"$f":"J37/$J$302","v":1.1333255037187053E-4}]
["3.17","SINAPI",93382,{"$f":"IF(B38=\"SINAPI\",IFERROR(INDEX(SINAPI!$B:$B,MATCH($C38,SINAPI!$A:$A,0)),\"\"),IF(B38=\"COMPOSIÇÃO\",IFERROR(INDEX(COMPOSIÇÃO!$C:$C,MATCH($C38,COMPOSIÇÃO!$A:$A,0)),\"\"),\"\"))","v":"REATERRO MANUAL DE VALAS COM COMPACTAÇÃO MECANIZADA. AF_04/2016"},null,{"$f":"IF(B38=\"SINAPI\",IFERROR(INDEX(SINAPI!$C:$C,MATCH($C38,SINAPI!$A:$A,0)),\"\"),IF(B38=\"COMPOSIÇÃO\",IFERROR(INDEX(COMPOSIÇÃO!$D:$D,MATCH($C38,COMPOSIÇÃO!$A:$A,0)),\"\"),\"\"))","v":"M3"},0.65,{"$f":"IF(B38=\"SINAPI\",IFERROR(INDEX(SINAPI!$D:$D,MATCH($C38,SINAPI!$A:$A,0)),0),IF(B38=\"COMPOSIÇÃO\",IFERROR(INDEX(COMPOSIÇÃO!$G:$G,MATCH($C38,COMPOSIÇÃO!$A:$A,0)),0),0))","v":21.25},25.594469505518013,16.64,{"$f":"J38/$J$302","v":2.4879335596146779E-5}]
["3.18","SINAPI",96619,{"$f":"IF(B39=\"SINAPI\",IFERROR(INDEX(SINAPI!$B:$B,MATCH($C39,SINAPI!$A:$A,0)),\"\"),IF(B39=\"COMPOSIÇÃO\",IFERROR(INDEX(COMPOSIÇÃO!$C:$C,MATCH($C39,COMPOSIÇÃO!$A:$A,0)),\"\"),\"\"))","v":"LASTRO DE CONCRETO MAGRO, APLICADO EM BLOCOS DE COROAMENTO OU SAPATAS, ESPESSURA DE 5 CM. AF_08/2017"},null,{"$f":"IF(B39=\"SINAPI\",IFERROR(INDEX(SINAPI!$C:$C,MATCH($C39,SINAPI!$A:$A,0)),\"\"),IF(B39=\"COMPOSIÇÃO\",IFERROR(INDEX(COMPOSIÇÃO!$D:$D,MATCH($C39,COMPOSIÇÃO!$A:$A,0)),\"\"),\"\"))","v":"M2"},1.74,{"$f":"IF(B39=\"SINAPI\",IFERROR(INDEX(SINAPI!$D:$D,MATCH($C39,SINAPI!$A:$A,0)),0),IF(B39=\"COMPOSIÇÃO\",IFERROR(INDEX(COMPOSIÇÃO!$G:$G,MATCH($C39,COMPOSIÇÃO!$A:$A,0)),0),0))","v":22.5},27.100026535254369,47.15,{"$f":"J39/$J$302","v":7.0496434697014452E-5}]
["3.20","SINAPI",92759,{"$f":"IF(B40=\"SINAPI\",IFERROR(INDEX(SINAPI!$B:$B,MATCH($C40,SINAPI!$A:$A,0)),\"\"),IF(B40=\"COMPOSIÇÃO\",IFERROR(INDEX(COMPOSIÇÃO!$C:$C,MATCH($C40,COMPOSIÇÃO!$A:$A,0)),\"\"),\"\"))","v":"ARMAÇÃO DE PILAR OU VIGA DE UMA ESTRUTURA CONVENCIONAL DE CONCRETO ARMADO EM UM EDIFÍCIO DE MÚLTIPLOS PAVIMENTOS UTILIZANDO AÇO CA-60 DE 5,0 MM - MONTAGEM. AF_12/2015"},null,{"$f":"IF(B40=\"SINAPI\",IFERROR(INDEX(SINAPI!$C:$C,MATCH($C40,SINAPI!$A:$A,0)),\"\"),IF(B40=\"COMPOSIÇÃO\",IFERROR(INDEX(COMPOSIÇÃO!$D:$D,MATCH($C40,COMPOSIÇÃO!$A:$A,0)),\"\"),\"\"))","v":"KG"},8.1300000000000008,{"$f":"IF(B40=\"SINAPI\",IFERROR(INDEX(SINAPI!$D:$D,MATCH($C40,SINAPI!$A:$A,0)),0),IF(B40=\"COMPOSIÇÃO\",IFERROR(INDEX(COMPOSIÇÃO!$G:$G,MATCH($C40,COMPOSIÇÃO!$A:$A,0)),0),0))","v":11.5},13.851124673574455,112.61,{"$f":"J40/$J$302","v":1.6836910946406783E-4}]
["3.21","SINAPI",92761,{"$f":"IF(B41=\"SINAPI\",IFERROR(INDEX(SINAPI!$B:$B,MATCH($C41,SINAPI!$A:$A,0)),\"\"),IF(B41=\"COMPOSIÇÃO\",IFERROR(INDEX(COMPOSIÇÃO!$C:$C,MATCH($C41,COMPOSIÇÃO!$A:$A,0)),\"\"),\"\"))","v":"ARMAÇÃO DE PILAR OU VIGA DE UMA ESTRUTURA CONVENCIONAL DE CONCRETO ARMADO EM UM EDIFÍCIO DE MÚLTIPLOS PAVIMENTOS UTILIZANDO AÇO CA-50 DE 8,0 MM - MONTAGEM. AF_12/2015"},null,{"$f":"IF(B41=\"SINAPI\",IFERROR(INDEX(SINAPI!$C:$C,MATCH($C41,SINAPI!$A:$A,0)),\"\"),IF(B41=\"COMPOSIÇÃO\",IFERROR(INDEX(COMPOSIÇÃO!$D:$D,MATCH($C41,COMPOSIÇÃO!$A:$A,0)),\"\"),\"\"))","v":"KG"},14.22,{"$f":"IF(B41=\"SINAPI\",IFERROR(INDEX(SINAPI!$D:$D,MATCH($C41,SINAPI!$A:$A,0)),0),IF(B41=\"COMPOSIÇÃO\",IFERROR(INDEX(COMPOSIÇÃO!$G:$G,MATCH($C41,COMPOSIÇÃO!$A:$A,0)),0),0))","v":10.15},12.225123081459193,173.84,{"$f":"J41/$J$302","v":2.599172896655142E-4}]
["3.22","SINAPI",92446,{"$f":"IF(B42=\"SINAPI\",IFERROR(INDEX(SINAPI!$B:$B,MATCH($C42,SINAPI!$A:$A,0)),\"\"),IF(B42=\"COMPOSIÇÃO\",IFERROR(INDEX(COMPOSIÇÃO!$C:$C,MATCH($C42,COMPOSIÇÃO!$A:$A,0)),\"\"),\"\"))","v":"MONTAGEM E DESMONTAGEM DE FÔRMA DE VIGA, ESCORAMENTO COM PONTALETE DE MADEIRA, PÉ-DIREITO SIMPLES, EM MADEIRA SERRADA, 1 UTILIZAÇÃO. AF_09/2020"},null,{"$f":"IF(B42=\"SINAPI\",IFERROR(INDEX(SINAPI!$C:$C,MATCH($C42,SINAPI!$A:$A,0)),\"\"),IF(B42=\"COMPOSIÇÃO\",IFERROR(INDEX(COMPOSIÇÃO!$D:$D,MATCH($C42,COMPOSIÇÃO!$A:$A,0)),\"\"),\"\"))","v":"M2"},6.08,{"$f":"IF(B42=\"SINAPI\",IFERROR(INDEX(SINAPI!$D:$D,MATCH($C42,SINAPI!$A:$A,0)),0),IF(B42=\"COMPOSIÇÃO\",IFERROR(INDEX(COMPOSIÇÃO!$G:$G,MATCH($C42,COMPOSIÇÃO!$A:$A,0)),0),0))","v":154.41999999999999},185.99049322551019,1130.82,{"$f":"J42/$J$302","v":1.6907482138722775E-3}]
["3.23","SINAPI",94965,{"$f":"IF(B43=\"SINAPI\",IFERROR(INDEX(SINAPI!$B:$B,MATCH($C43,SINAPI!$A:$A,0)),\"\"),IF(B43=\"COMPOSIÇÃO\",IFERROR(INDEX(COMPOSIÇÃO!$C:$C,MATCH($C43,COMPOSIÇÃO!$A:$A,0)),\"\"),\"\"))","v":"CONCRETO FCK = 25MPA, TRAÇO 1:2,3:2,7 (CIMENTO/ AREIA MÉDIA/ BRITA 1)  - PREPARO MECÂNICO COM BETONEIRA 400 L. AF_07/2016"},null,{"$f":"IF(B43=\"SINAPI\",IFERROR(INDEX(SINAPI!$C:$C,MATCH($C43,SINAPI!$A:$A,0)),\"\"),IF(B43=\"COMPOSIÇÃO\",IFERROR(INDEX(COMPOSIÇÃO!$D:$D,MATCH($C43,COMPOSIÇÃO!$A:$A,0)),\"\"),\"\"))","v":"M3"},0.39,{"$f":"IF(B43=\"SINAPI\",IFERROR(INDEX(SINAPI!$D:$D,MATCH($C43,SINAPI!$A:$A,0)),0),IF(B43=\"COMPOSIÇÃO\",IFERROR(INDEX(COMPOSIÇÃO!$G:$G,MATCH($C43,COMPOSIÇÃO!$A:$A,0)),0),0))","v":340.12},409.65604556314292,159.77000000000001,{"$f":"J43/$J$302","v":2.3888049568487806E-4}]
["3.24","COMPOSIÇÃO","IFMT 219.07.2020",{"$f":"IF(B44=\"SINAPI\",IFERROR(INDEX(SINAPI!$B:$B,MATCH($C44,SINAPI!$A:$A,0)),\"\"),IF(B44=\"COMPOSIÇÃO\",IFERROR(INDEX(COMPOSIÇÃO!$C:$C,MATCH($C44,COMPOSIÇÃO!$A:$A,0)),\"\"),\"\"))","v":"LANCAMENTO/APLICACAO MANUAL DE CONCRETO EM FUNDACOES"},null,{"$f":"IF(B44=\"SINAPI\",IFERROR(INDEX(SINAPI!$C:$C,MATCH($C44,SINAPI!$A:$A,0)),\"\"),IF(B44=\"COMPOSIÇÃO\",IFERROR(INDEX(COMPOSIÇÃO!$D:$D,MATCH($C44,COMPOSIÇÃO!$A:$A,0)),\"\"),\"\"))","v":"M3"},0.39,{"$f":"IF(B44=\"SINAPI\",IFERROR(INDEX(SINAPI!$D:$D,MATCH($C44,SINAPI!$A:$A,0)),0),IF(B44=\"COMPOSIÇÃO\",IFERROR(INDEX(COMPOSIÇÃO!$G:$G,MATCH($C44,COMPOSIÇÃO!$A:$A,0)),0),0))","v":104.7405},126.15423685848044,49.2,{"$f":"J44/$J$302","v":7.3561497075145526E-5}]
["3.25","SINAPI",92759,{"$f":"IF(B45=\"SINAPI\",IFERROR(INDEX(SINAPI!$B:$B,MATCH($C45,SINAPI!$A:$A,0)),\"\"),IF(B45=\"COMPOSIÇÃO\",IFERROR(INDEX(COMPOSIÇÃO!$C:$C,MATCH($C45,COMPOSIÇÃO!$A:$A,0)),\"\"),\"\"))","v":"ARMAÇÃO DE PILAR OU VIGA DE UMA ESTRUTURA CONVENCIONAL DE CONCRETO ARMADO EM UM EDIFÍCIO DE MÚLTIPLOS PAVIMENTOS UTILIZANDO AÇO CA-60 DE 5,0 MM - MONTAGEM. AF_12/2015"},null,{"$f":"IF(B45=\"SINAPI\",IFERROR(INDEX(SINAPI!$C:$C,MATCH($C45,SINAPI!$A:$A,0)),\"\"),IF(B45=\"COMPOSIÇÃO\",IFERROR(INDEX(COMPOSIÇÃO!$D:$D,MATCH($C45,COMPOSIÇÃO!$A:$A,0)),\"\"),\"\"))","v":"KG"},11.11,{"$f":"IF(B45=\"SINAPI\",IFERROR(INDEX(SINAPI!$D:$D,MATCH($C45,SINAPI!$A:$A,0)),0),IF(B45=\"COMPOSIÇÃO\",IFERROR(INDEX(COMPOSIÇÃO!$G:$G,MATCH($C45,COMPOSIÇÃO!$A:$A,0)),0),0))","v":11.5},13.851124673574455,153.88999999999999,{"$f":"J45/$J$302","v":2.300889996929704E-4}]
["3.26","SINAPI",92762,{"$f":"IF(B46=\"SINAPI\",IFERROR(INDEX(SINAPI!$B:$B,MATCH($C46,SINAPI!$A:$A,0)),\"\"),IF(B46=\"COMPOSIÇÃO\",IFERROR(INDEX(COMPOSIÇÃO!$C:$C,MATCH($C46,COMPOSIÇÃO!$A:$A,0)),\"\"),\"\"))","v":"ARMAÇÃO DE PILAR OU VIGA DE UMA ESTRUTURA CONVENCIONAL DE CONCRETO ARMADO EM UM EDIFÍCIO DE MÚLTIPLOS PAVIMENTOS UTILIZANDO AÇO CA-50 DE 10,0 MM - MONTAGEM. AF_12/2015"},null,{"$f":"IF(B46=\"SINAPI\",IFERROR(INDEX(SINAPI!$C:$C,MATCH($C46,SINAPI!$A:$A,0)),\"\"),IF(B46=\"COMPOSIÇÃO\",IFERROR(INDEX(COMPOSIÇÃO!$D:$D,MATCH($C46,COMPOSIÇÃO!$A:$A,0)),\"\"),\"\"))","v":"KG"},29.62,{"$f":"IF(B46=\"SINAPI\",IFERROR(INDEX(SINAPI!$D:$D,MATCH($C46,SINAPI!$A:$A,0)),0),IF(B46=\"COMPOSIÇÃO\",IFERROR(INDEX(COMPOSIÇÃO!$G:$G,MATCH($C46,COMPOSIÇÃO!$A:$A,0)),0),0))","v":9.07},10.924321807766983,323.58,{"$f":"J46/$J$302","v":4.8380140698324361E-4}]
["3.27","SINAPI",92409,{"$f":"IF(B47=\"SINAPI\",IFERROR(INDEX(SINAPI!$B:$B,MATCH($C47,SINAPI!$A:$A,0)),\"\"),IF(B47=\"COMPOSIÇÃO\",IFERROR(INDEX(COMPOSIÇÃO!$C:$C,MATCH($C47,COMPOSIÇÃO!$A:$A,0)),\"\"),\"\"))","v":"MONTAGEM E DESMONTAGEM DE FÔRMA DE PILARES RETANGULARES E ESTRUTURAS SIMILARES, PÉ-DIREITO SIMPLES, EM MADEIRA SERRADA, 1 UTILIZAÇÃO. AF_09/2020"},null,{"$f":"IF(B47=\"SINAPI\",IFERROR(INDEX(SINAPI!$C:$C,MATCH($C47,SINAPI!$A:$A,0)),\"\"),IF(B47=\"COMPOSIÇÃO\",IFERROR(INDEX(COMPOSIÇÃO!$D:$D,MATCH($C47,COMPOSIÇÃO!$A:$A,0)),\"\"),\"\"))","v":"M2"},12,{"$f":"IF(B47=\"SINAPI\",IFERROR(INDEX(SINAPI!$D:$D,MATCH($C47,SINAPI!$A:$A,0)),0),IF(B47=\"COMPOSIÇÃO\",IFERROR(INDEX(COMPOSIÇÃO!$G:$G,MATCH($C47,COMPOSIÇÃO!$A:$A,0)),0),0))","v":156.79},188.84502935389031,2266.14,{"$f":"J47/$J$302","v":3.3882246134526476E-3}]
["3.28","SINAPI",94965,{"$f":"IF(B48=\"SINAPI\",IFERROR(INDEX(SINAPI!$B:$B,MATCH($C48,SINAPI!$A:$A,0)),\"\"),IF(B48=\"COMPOSIÇÃO\",IFERROR(INDEX(COMPOSIÇÃO!$C:$C,MATCH($C48,COMPOSIÇÃO!$A:$A,0)),\"\"),\"\"))","v":"CONCRETO FCK = 25MPA, TRAÇO 1:2,3:2,7 (CIMENTO/ AREIA MÉDIA/ BRITA 1)  - PREPARO MECÂNICO COM BETONEIRA 400 L. AF_07/2016"},null,{"$f":"IF(B48=\"SINAPI\",IFERROR(INDEX(SINAPI!$C:$C,MATCH($C48,SINAPI!$A:$A,0)),\"\"),IF(B48=\"COMPOSIÇÃO\",IFERROR(INDEX(COMPOSIÇÃO!$D:$D,MATCH($C48,COMPOSIÇÃO!$A:$A,0)),\"\"),\"\"))","v":"M3"},0.54,{"$f":"IF(B48=\"SINAPI\",IFERROR(INDEX(SINAPI!$D:$D,MATCH($C48,SINAPI!$A:$A,0)),0),IF(B48=\"COMPOSIÇÃO\",IFERROR(INDEX(COMPOSIÇÃO!$G:$G,MATCH($C48,COMPOSIÇÃO!$A:$A,0)),0),0))","v":340.12},409.65604556314292,221.21,{"$f":"J48/$J$302","v":3.3074265788603539E-4}]
["3.29","COMPOSIÇÃO","IFMT 219.07.2020",{"$f":"IF(B49=\"SINAPI\",IFERROR(INDEX(SINAPI!$B:$B,MATCH($C49,SINAPI!$A:$A,0)),\"\"),IF(B49=\"COMPOSIÇÃO\",IFERROR(INDEX(COMPOSIÇÃO!$C:$C,MATCH($C49,COMPOSIÇÃO!$A:$A,0)),\"\"),\"\"))","v":"LANCAMENTO/APLICACAO MANUAL DE CONCRETO EM FUNDACOES"},null,{"$f":"IF(B49=\"SINAPI\",IFERROR(INDEX(SINAPI!$C:$C,MATCH($C49,SINAPI!$A:$A,0)),\"\"),IF(B49=\"COMPOSIÇÃO\",IFERROR(INDEX(COMPOSIÇÃO!$D:$D,MATCH($C49,COMPOSIÇÃO!$A:$A,0)),\"\"),\"\"))","v":"M3"},{"$f":"G48","v":0.54},{"$f":"IF(B49=\"SINAPI\",IFERROR(INDEX(SINAPI!$D:$D,MATCH($C49,SINAPI!$A:$A,0)),0),IF(B49=\"COMPOSIÇÃO\",IFERROR(INDEX(COMPOSIÇÃO!$G:$G,MATCH($C49,COMPOSIÇÃO!$A:$A,0)),0),0))","v":104.7405},126.15423685848044,68.12,{"$f":"J49/$J$302","v":1.0184978009672588E-4}]
["3.30","SINAPI",92759,{"$f":"IF(B50=\"SINAPI\",IFERROR(INDEX(SINAPI!$B:$B,MATCH($C50,SINAPI!$A:$A,0)),\"\"),IF(B50=\"COMPOSIÇÃO\",IFERROR(INDEX(COMPOSIÇÃO!$C:$C,MATCH($C50,COMPOSIÇÃO!$A:$A,0)),\"\"),\"\"))","v":"ARMAÇÃO DE PILAR OU VIGA DE UMA ESTRUTURA CONVENCIONAL DE CONCRETO ARMADO EM UM EDIFÍCIO DE MÚLTIPLOS PAVIMENTOS UTILIZANDO AÇO CA-60 DE 5,0 MM - MONTAGEM. AF_12/2015"},null,{"$f":"IF(B50=\"SINAPI\",IFERROR(INDEX(SINAPI!$C:$C,MATCH($C50,SINAPI!$A:$A,0)),\"\"),IF(B50=\"COMPOSIÇÃO\",IFERROR(INDEX(COMPOSIÇÃO!$D:$D,MATCH($C50,COMPOSIÇÃO!$A:$A,0)),\"\"),\"\"))","v":"KG"},8.1300000000000008,{"$f":"IF(B50=\"SINAPI\",IFERROR(INDEX(SINAPI!$D:$D,MATCH($C50,SINAPI!$A:$A,0)),0),IF(B50=\"COMPOSIÇÃO\",IFERROR(INDEX(COMPOSIÇÃO!$G:$G,MATCH($C50,COMPOSIÇÃO!$A:$A,0)),0),0))","v":11.5},13.851124673574455,112.61,{"$f":"J50/$J$302","v":1.6836910946406783E-4}]
["3.31","SINAPI",92761,{"$f":"IF(B51=\"SINAPI\",IFERROR(INDEX(SINAPI!$B:$B,MATCH($C51,SINAPI!$A:$A,0)),\"\"),IF(B51=\"COMPOSIÇÃO\",IFERROR(INDEX(COMPOSIÇÃO!$C:$C,MATCH($C51,COMPOSIÇÃO!$A:$A,0)),\"\"),\"\"))","v":"ARMAÇÃO DE PILAR OU VIGA DE UMA ESTRUTURA CONVENCIONAL DE CONCRETO ARMADO EM UM EDIFÍCIO DE MÚLTIPLOS PAVIMENTOS UTILIZANDO AÇO CA-50 DE 8,0 MM - MONTAGEM. AF_12/2015"},null,{"$f":"IF(B51=\"SINAPI\",IFERROR(INDEX(SINAPI!$C:$C,MATCH($C51,SINAPI!$A:$A,0)),\"\"),IF(B51=\"COMPOSIÇÃO\",IFERROR(INDEX(COMPOSIÇÃO!$D:$D,MATCH($C51,COMPOSIÇÃO!$A:$A,0)),\"\"),\"\"))","v":"KG"},14.22,{"$f":"IF(B51=\"SINAPI\",IFERROR(INDEX(SINAPI!$D:$D,MATCH($C51,SINAPI!$A:$A,0)),0),IF(B51=\"COMPOSIÇÃO\",IFERROR(INDEX(COMPOSIÇÃO!$G:$G,MATCH($C51,COMPOSIÇÃO!$A:$A,0)),0),0))","v":10.15},12.225123081459193,173.84,{"$f":"J51/$J$302","v":2.599172896655142E-4}]
["3.32","SINAPI",92446,{"$f":"IF(B52=\"SINAPI\",IFERROR(INDEX(SINAPI!$B:$B,MATCH($C52,SINAPI!$A:$A,0)),\"\"),IF(B52=\"COMPOSIÇÃO\",IFERROR(INDEX(COMPOSIÇÃO!$C:$C,MATCH($C52,COMPOSIÇÃO!$A:$A,0)),\"\"),\"\"))","v":"MONTAGEM E DESMONTAGEM DE FÔRMA DE VIGA, ESCORAMENTO COM PONTALETE DE MADEIRA, PÉ-DIREITO SIMPLES, EM MADEIRA SERRADA, 1 UTILIZAÇÃO. AF_09/2020"},null,{"$f":"IF(B52=\"SINAPI\",IFERROR(INDEX(SINAPI!$C:$C,MATCH($C52,SINAPI!$A:$A,0)),\"\"),IF(B52=\"COMPOSIÇÃO\",IFERROR(INDEX(COMPOSIÇÃO!$D:$D,MATCH($C52,COMPOSIÇÃO!$A:$A,0)),\"\"),\"\"))","v":"M2"},6.08,{"$f":"IF(B52=\"SINAPI\",IFERROR(INDEX(SINAPI!$D:$D,MATCH($C52,SINAPI!$A:$A,0)),0),IF(B52=\"COMPOSIÇÃO\",IFERROR(INDEX(COMPOSIÇÃO!$G:$G,MATCH($C52,COMPOSIÇÃO!$A:$A,0)),0),0))","v":154.41999999999999},185.99049322551019,1130.82,{"$f":"J52/$J$302","v":1.6907482138722775E-3}]
["3.33","SINAPI",94965,{"$f":"IF(B53=\"SINAPI\",IFERROR(INDEX(SINAPI!$B:$B,MATCH($C53,SINAPI!$A:$A,0)),\"\"),IF(B53=\"COMPOSIÇÃO\",IFERROR(INDEX(COMPOSIÇÃO!$C:$C,MATCH($C53,COMPOSIÇÃO!$A:$A,0)),\"\"),\"\"))","v":"CONCRETO FCK = 25MPA, TRAÇO 1:2,3:2,7 (CIMENTO/ AREIA MÉDIA/ BRITA 1)  - PREPARO MECÂNICO COM BETONEIRA 400 L. AF_07/2016"},null,{"$f":"IF(B53=\"SINAPI\",IFERROR(INDEX(SINAPI!$C:$C,MATCH($C53,SINAPI!$A:$A,0)),\"\"),IF(B53=\"COMPOSIÇÃO\",IFERROR(INDEX(COMPOSIÇÃO!$D:$D,MATCH($C53,COMPOSIÇÃO!$A:$A,0)),\"\"),\"\"))","v":"M3"},0.39,{"$f":"IF(B53=\"SINAPI\",IFERROR(INDEX(SINAPI!$D:$D,MATCH($C53,SINAPI!$A:$A,0)),0),IF(B53=\"COMPOSIÇÃO\",IFERROR(INDEX(COMPOSIÇÃO!$G:$G,MATCH($C53,COMPOSIÇÃO!$A:$A,0)),0),0))","v":340.12},{"$f":"H53*(1+$J$9)","v":409.65604556314292},{"$f":"ROUND(G53*I53,2)","v":159.77000000000001},{"$f":"J53/$J$302","v":2.3888049568487806E-4}]
["3.34","COMPOSIÇÃO","IFMT 219.07.2020",{"$f":"IF(B54=\"SINAPI\",IFERROR(INDEX(SINAPI!$B:$B,MATCH($C54,SINAPI!$A:$A,0)),\"\"),IF(B54=\"COMPOSIÇÃO\",IFERROR(INDEX(COMPOSIÇÃO!$C:$C,MATCH($C54,COMPOSIÇÃO!$A:$A,0)),\"\"),\"\"))","v":"LANCAMENTO/APLICACAO MANUAL DE CONCRETO EM FUNDACOES"},null,{"$f":"IF(B54=\"SINAPI\",IFERROR(INDEX(SINAPI!$C:$C,MATCH($C54,SINAPI!$A:$A,0)),\"\"),IF(B54=\"COMPOSIÇÃO\",IFERROR(INDEX(COMPOSIÇÃO!$D:$D,MATCH($C54,COMPOSIÇÃO!$A:$A,0)),\"\"),\"\"))","v":"M3"},0.39,{"$f":"IF(B54=\"SINAPI\",IFERROR(INDEX(SINAPI!$D:$D,MATCH($C54,SINAPI!$A:$A,0)),0),IF(B54=\"COMPOSIÇÃO\",IFERROR(INDEX(COMPOSIÇÃO!$G:$G,MATCH($C54,COMPOSIÇÃO!$A:$A,0)),0),0))","v":104.7405},126.15423685848044,49.2,{"$f":"J54/$J$302","v":7.3561497075145526E-5}]
["3.35","SINAPI","74202/001",{"$f":"IF(B55=\"SINAPI\",IFERROR(INDEX(SINAPI!$B:$B,MATCH($C55,SINAPI!$A:$A,0)),\"\"),IF(B55=\"COMPOSIÇÃO\",IFERROR(INDEX(COMPOSIÇÃO!$C:$C,MATCH($C55,COMPOSIÇÃO!$A:$A,0)),\"\"),\"\"))","v":"LAJE PRE-MOLDADA P/FORRO, SOBRECARGA 100KG/M2, VAOS ATE 3,50M/E=8CM, C/LAJOTAS E CAP.C/CONC FCK=20MPA, 3CM, INTER-EIXO 38CM, C/ESCORAMENTO (REAPR.3X) E FERRAGEM NEGATIVA"},null,{"$f":"IF(B55=\"SINAPI\",IFERROR(INDEX(SINAPI!$C:$C,MATCH($C55,SINAPI!$A:$A,0)),\"\"),IF(B55=\"COMPOSIÇÃO\",IFERROR(INDEX(COMPOSIÇÃO!$D:$D,MATCH($C55,COMPOSIÇÃO!$A:$A,0)),\"\"),\"\"))","v":"M2"},14.21,{"$f":"IF(B55=\"SINAPI\",IFERROR(INDEX(SINAPI!$D:$D,MATCH($C55,SINAPI!$A:$A,0)),0),IF(B55=\"COMPOSIÇÃO\",IFERROR(INDEX(COMPOSIÇÃO!$G:$G,MATCH($C55,COMPOSIÇÃO!$A:$A,0)),0),0))","v":75.67},91.140400352119912,1295.1099999999999,{"$f":"J55/$J$302","v":1.9363867983128397E-3}]
["4.0",null,null,"ALVENARIA E DIVISÓRIA",null,null,null,null,null,{"$f":"SUM(J57:J61)","v":5104.5599999999995},{"$f":"J56/$J$302","v":7.6320950306891216E-3}]
["4.1","SINAPI",87495,{"$f":"IF(B57=\"SINAPI\",IFERROR(INDEX(SINAPI!$B:$B,MATCH($C57,SINAPI!$A:$A,0)),\"\"),IF(B57=\"COMPOSIÇÃO\",IFERROR(INDEX(COMPOSIÇÃO!$C:$C,MATCH($C57,COMPOSIÇÃO!$A:$A,0)),\"\"),\"\"))","v":"ALVENARIA DE VEDAÇÃO DE BLOCOS CERÂMICOS FURADOS NA HORIZONTAL DE 9X19X19CM (ESPESSURA 9CM) DE PAREDES COM ÁREA LÍQUIDA MENOR QUE 6M² SEM VÃOS E ARGAMASSA DE ASSENTAMENTO COM PREPARO EM BETONEIRA. AF_06/2014"},null,{"$f":"IF(B57=\"SINAPI\",IFERROR(INDEX(SINAPI!$C:$C,MATCH($C57,SINAPI!$A:$A,0)),\"\"),IF(B57=\"COMPOSIÇÃO\",IFERROR(INDEX(COMPOSIÇÃO!$D:$D,MATCH($C57,COMPOSIÇÃO!$A:$A,0)),\"\"),\"\"))","v":"M2"},3.36,{"$f":"IF(B57=\"SINAPI\",IFERROR(INDEX(SINAPI!$D:$D,MATCH($C57,SINAPI!$A:$A,0)),0),IF(B57=\"COMPOSIÇÃO\",IFERROR(INDEX(COMPOSIÇÃO!$G:$G,MATCH($C57,COMPOSIÇÃO!$A:$A,0)),0),0))","v":72.989999999999995},87.91248608036517,295.39,{"$f":"J57/$J$302","v":4.4165306140299258E-4}]
["4.2","SINAPI",101162,{"$f":"IF(B58=\"SINAPI\",IFERROR(INDEX(SINAPI!$B:$B,MATCH($C58,SINAPI!$A:$A,0)),\"\"),IF(B58=\"COMPOSIÇÃO\",IFERROR(INDEX(COMPOSIÇÃO!$C:$C,MATCH($C58,COMPOSIÇÃO!$A:$A,0)),\"\"),\"\"))","v":"ALVENARIA DE VEDAÇÃO COM ELEMENTO VAZADO DE CERÂMICA (COBOGÓ) DE 7X20X20CM E ARGAMASSA DE ASSENTAMENTO COM PREPARO EM BETONEIRA. AF_05/2020"},null,{"$f":"IF(B58=\"SINAPI\",IFERROR(INDEX(SINAPI!$C:$C,MATCH($C58,SINAPI!$A:$A,0)),\"\"),IF(B58=\"COMPOSIÇÃO\",IFERROR(INDEX(COMPOSIÇÃO!$D:$D,MATCH($C58,COMPOSIÇÃO!$A:$A,0)),\"\"),\"\"))","v":"M2"},1.6,{"$f":"IF(B58=\"SINAPI\",IFERROR(INDEX(SINAPI!$D:$D,MATCH($C58,SINAPI!$A:$A,0)),0),IF(B58=\"COMPOSIÇÃO\",IFERROR(INDEX(COMPOSIÇÃO!$G:$G,MATCH($C58,COMPOSIÇÃO!$A:$A,0)),0),0))","v":123.92},149.25490169994316,238.81,{"$f":"J58/$J$302","v":3.5705733976657526E-4}]
["4.3","SINAPI",96364,{"$f":"IF(B59=\"SINAPI\",IFERROR(INDEX(SINAPI!$B:$B,MATCH($C59,SINAPI!$A:$A,0)),\"\"),IF(B59=\"COMPOSIÇÃO\",IFERROR(INDEX(COMPOSIÇÃO!$C:$C,MATCH($C59,COMPOSIÇÃO!$A:$A,0)),\"\"),\"\"))","v":"PAREDE COM PLACAS DE GESSO ACARTONADO (DRYWALL), PARA USO INTERNO COM UMA FACE SIMPLES E OUTRA FACE DUPLA E ESTRUTURA METÁLICA COM GUIAS DUPLAS, SEM VÃOS. AF_06/2017_P"},null,{"$f":"IF(B59=\"SINAPI\",IFERROR(INDEX(SINAPI!$C:$C,MATCH($C59,SINAPI!$A:$A,0)),\"\"),IF(B59=\"COMPOSIÇÃO\",IFERROR(INDEX(COMPOSIÇÃO!$D:$D,MATCH($C59,COMPOSIÇÃO!$A:$A,0)),\"\"),\"\"))","v":"M2"},28,{"$f":"IF(B59=\"SINAPI\",IFERROR(INDEX(SINAPI!$D:$D,MATCH($C59,SINAPI!$A:$A,0)),0),IF(B59=\"COMPOSIÇÃO\",IFERROR(INDEX(COMPOSIÇÃO!$G:$G,MATCH($C59,COMPOSIÇÃO!$A:$A,0)),0),0))","v":123.77},{"$f":"H59*(1+$J$9)","v":149.0742348563748},{"$f":"ROUND(G59*I59,2)","v":4174.08},{"$f":"J59/$J$302","v":6.240885644541126E-3}]
["4.4","SINAPI",93184,{"$f":"IF(B60=\"SINAPI\",IFERROR(INDEX(SINAPI!$B:$B,MATCH($C60,SINAPI!$A:$A,0)),\"\"),IF(B60=\"COMPOSIÇÃO\",IFERROR(INDEX(COMPOSIÇÃO!$C:$C,MATCH($C60,COMPOSIÇÃO!$A:$A,0)),\"\"),\"\"))","v":"VERGA PRÉ-MOLDADA PARA PORTAS COM ATÉ 1,5 M DE VÃO. AF_03/2016"},null,{"$f":"IF(B60=\"SINAPI\",IFERROR(INDEX(SINAPI!$C:$C,MATCH($C60,SINAPI!$A:$A,0)),\"\"),IF(B60=\"COMPOSIÇÃO\",IFERROR(INDEX(COMPOSIÇÃO!$D:$D,MATCH($C60,COMPOSIÇÃO!$A:$A,0)),\"\"),\"\"))","v":"M"},13.3,{"$f":"IF(B60=\"SINAPI\",IFERROR(INDEX(SINAPI!$D:$D,MATCH($C60,SINAPI!$A:$A,0)),0),IF(B60=\"COMPOSIÇÃO\",IFERROR(INDEX(COMPOSIÇÃO!$G:$G,MATCH($C60,COMPOSIÇÃO!$A:$A,0)),0),0))","v":20.2},24.329801600539476,323.58999999999997,{"$f":"J60/$J$302","v":4.8381635850703935E-4}]
["4.5","SINAPI",93185,{"$f":"IF(B61=\"SINAPI\",IFERROR(INDEX(SINAPI!$B:$B,MATCH($C61,SINAPI!$A:$A,0)),\"\"),IF(B61=\"COMPOSIÇÃO\",IFERROR(INDEX(COMPOSIÇÃO!$C:$C,MATCH($C61,COMPOSIÇÃO!$A:$A,0)),\"\"),\"\"))","v":"VERGA PRÉ-MOLDADA PARA PORTAS COM MAIS DE 1,5 M DE VÃO. AF_03/2016"},null,{"$f":"IF(B61=\"SINAPI\",IFERROR(INDEX(SINAPI!$C:$C,MATCH($C61,SINAPI!$A:$A,0)),\"\"),IF(B61=\"COMPOSIÇÃO\",IFERROR(INDEX(COMPOSIÇÃO!$D:$D,MATCH($C61,COMPOSIÇÃO!$A:$A,0)),\"\"),\"\"))","v":"M"},1.8,{"$f":"IF(B61=\"SINAPI\",IFERROR(INDEX(SINAPI!$D:$D,MATCH($C61,SINAPI!$A:$A,0)),0),IF(B61=\"COMPOSIÇÃO\",IFERROR(INDEX(COMPOSIÇÃO!$G:$G,MATCH($C61,COMPOSIÇÃO!$A:$A,0)),0),0))","v":33.53},40.385061765647954,72.69,{"$f":"J61/$J$302","v":1.0868262647138878E-4}]
["5.0",null,null,"COBERTURA",null,null,null,null,null,{"$f":"SUM(J63)","v":2225.5500000000002},{"$f":"J62/$J$302","v":3.3275363783656529E-3}]
["5.1","COMPOSIÇÃO","IFMT 061.05.2019",{"$f":"IF(B63=\"SINAPI\",IFERROR(INDEX(SINAPI!$B:$B,MATCH($C63,SINAPI!$A:$A,0)),\"\"),IF(B63=\"COMPOSIÇÃO\",IFERROR(INDEX(COMPOSIÇÃO!$C:$C,MATCH($C63,COMPOSIÇÃO!$A:$A,0)),\"\"),\"\"))","v":"RESTAURAÇÃO DA COBERTURA COM MANTA ASFALTICA ALUMINIZADA MULTIUSO. FORNECIMENTO E INSTALAÇÃO"},null,{"$f":"IF(B63=\"SINAPI\",IFERROR(INDEX(SINAPI!$C:$C,MATCH($C63,SINAPI!$A:$A,0)),\"\"),IF(B63=\"COMPOSIÇÃO\",IFERROR(INDEX(COMPOSIÇÃO!$D:$D,MATCH($C63,COMPOSIÇÃO!$A:$A,0)),\"\"),\"\"))","v":"M2"},129.80000000000001,{"$f":"IF(B63=\"SINAPI\",IFERROR(INDEX(SINAPI!$D:$D,MATCH($C63,SINAPI!$A:$A,0)),0),IF(B63=\"COMPOSIÇÃO\",IFERROR(INDEX(COMPOSIÇÃO!$G:$G,MATCH($C63,COMPOSIÇÃO!$A:$A,0)),0),0))","v":14.235569999999999},17.145969988643156,2225.5500000000002,{"$f":"J63/$J$302","v":3.3275363783656529E-3}]
["6.0",null,null,"REVESTIMENTO",null,null,null,null,null,{"$f":"SUM(J65:J66)","v":309.13},{"$f":"J64/$J$302","v":4.6219645509836861E-4}]
["6.1","SINAPI",87894,{"$f":"IF(B65=\"SINAPI\",IFERROR(INDEX(SINAPI!$B:$B,MATCH($C65,SINAPI!$A:$A,0)),\"\"),IF(B65=\"COMPOSIÇÃO\",IFERROR(INDEX(COMPOSIÇÃO!$C:$C,MATCH($C65,COMPOSIÇÃO!$A:$A,0)),\"\"),\"\"))","v":"CHAPISCO APLICADO EM ALVENARIA (SEM PRESENÇA DE VÃOS) E ESTRUTURAS DE CONCRETO DE FACHADA, COM COLHER DE PEDREIRO.  ARGAMASSA TRAÇO 1:3 COM PREPARO EM BETONEIRA 400L. AF_06/2014"},null,{"$f":"IF(B65=\"SINAPI\",IFERROR(INDEX(SINAPI!$C:$C,MATCH($C65,SINAPI!$A:$A,0)),\"\"),IF(B65=\"COMPOSIÇÃO\",IFERROR(INDEX(COMPOSIÇÃO!$D:$D,MATCH($C65,COMPOSIÇÃO!$A:$A,0)),\"\"),\"\"))","v":"M2"},{"$f":"2*G52","v":12.16},{"$f":"IF(B65=\"SINAPI\",IFERROR(INDEX(SINAPI!$D:$D,MATCH($C65,SINAPI!$A:$A,0)),0),IF(B65=\"COMPOSIÇÃO\",IFERROR(INDEX(COMPOSIÇÃO!$G:$G,MATCH($C65,COMPOSIÇÃO!$A:$A,0)),0),0))","v":4.8899999999999997},5.8897391003286153,71.62,{"$f":"J65/$J$302","v":1.0708281342524233E-4}]
["6.2","SINAPI",87529,{"$f":"IF(B66=\"SINAPI\",IFERROR(INDEX(SINAPI!$B:$B,MATCH($C66,SINAPI!$A:$A,0)),\"\"),IF(B66=\"COMPOSIÇÃO\",IFERROR(INDEX(COMPOSIÇÃO!$C:$C,MATCH($C66,COMPOSIÇÃO!$A:$A,0)),\"\"),\"\"))","v":"MASSA ÚNICA, PARA RECEBIMENTO DE PINTURA, EM ARGAMASSA TRAÇO 1:2:8, PREPARO MECÂNICO COM BETONEIRA 400L, APLICADA MANUALMENTE EM FACES INTERNAS DE PAREDES, ESPESSURA DE 20MM, COM EXECUÇÃO DE TALISCAS. AF_06/2014"},null,{"$f":"IF(B66=\"SINAPI\",IFERROR(INDEX(SINAPI!$C:$C,MATCH($C66,SINAPI!$A:$A,0)),\"\"),IF(B66=\"COMPOSIÇÃO\",IFERROR(INDEX(COMPOSIÇÃO!$D:$D,MATCH($C66,COMPOSIÇÃO!$A:$A,0)),\"\"),\"\"))","v":"M2"},7.7,{"$f":"IF(B66=\"SINAPI\",IFERROR(INDEX(SINAPI!$D:$D,MATCH($C66,SINAPI!$A:$A,0)),0),IF(B66=\"COMPOSIÇÃO\",IFERROR(INDEX(COMPOSIÇÃO!$G:$G,MATCH($C66,COMPOSIÇÃO!$A:$A,0)),0),0))","v":25.61},30.845852425238416,237.51,{"$f":"J66/$J$302","v":3.5511364167312625E-4}]
["7.0",null,null,"IMPERMEABILIZAÇÃO",null,null,null,null,null,{"$f":"SUM(J68)","v":45},{"$f":"J67/$J$302","v":6.7281857080925785E-5}]
["7.1","COMPOSIÇÃO","IFMT 232.08.2020",{"$f":"IF(B68=\"SINAPI\",IFERROR(INDEX(SINAPI!$B:$B,MATCH($C68,SINAPI!$A:$A,0)),\"\"),IF(B68=\"COMPOSIÇÃO\",IFERROR(INDEX(COMPOSIÇÃO!$C:$C,MATCH($C68,COMPOSIÇÃO!$A:$A,0)),\"\"),\"\"))","v":"IMPERMEABILIZACAO DE ESTRUTURAS ENTERRADAS, COM TINTA ASFALTICA, DUAS DEMAOS."},null,{"$f":"IF(B68=\"SINAPI\",IFERROR(INDEX(SINAPI!$C:$C,MATCH($C68,SINAPI!$A:$A,0)),\"\"),IF(B68=\"COMPOSIÇÃO\",IFERROR(INDEX(COMPOSIÇÃO!$D:$D,MATCH($C68,COMPOSIÇÃO!$A:$A,0)),\"\"),\"\"))","v":"M2"},3.91,{"$f":"IF(B68=\"SINAPI\",IFERROR(INDEX(SINAPI!$D:$D,MATCH($C68,SINAPI!$A:$A,0)),0),IF(B68=\"COMPOSIÇÃO\",IFERROR(INDEX(COMPOSIÇÃO!$G:$G,MATCH($C68,COMPOSIÇÃO!$A:$A,0)),0),0))","v":9.5560000000000009},11.509682380928478,45,{"$f":"J68/$J$302","v":6.7281857080925785E-5}]
["8.0",null,null,"PISO E RODAPÉ",null,null,null,null,null,{"$f":"SUM(J70:J76)","v":70553.159999999989},{"$f":"J69/$J$302","v":0.10548772506061531}]
["8.1","SINAPI",98689,{"$f":"IF(B70=\"SINAPI\",IFERROR(INDEX(SINAPI!$B:$B,MATCH($C70,SINAPI!$A:$A,0)),\"\"),IF(B70=\"COMPOSIÇÃO\",IFERROR(INDEX(COMPOSIÇÃO!$C:$C,MATCH($C70,COMPOSIÇÃO!$A:$A,0)),\"\"),\"\"))","v":"SOLEIRA EM GRANITO, LARGURA 15 CM, ESPESSURA 2,0 CM. AF_09/2020"},null,{"$f":"IF(B70=\"SINAPI\",IFERROR(INDEX(SINAPI!$C:$C,MATCH($C70,SINAPI!$A:$A,0)),\"\"),IF(B70=\"COMPOSIÇÃO\",IFERROR(INDEX(COMPOSIÇÃO!$D:$D,MATCH($C70,COMPOSIÇÃO!$A:$A,0)),\"\"),\"\"))","v":"M"},3,{"$f":"IF(B70=\"SINAPI\",IFERROR(INDEX(SINAPI!$D:$D,MATCH($C70,SINAPI!$A:$A,0)),0),IF(B70=\"COMPOSIÇÃO\",IFERROR(INDEX(COMPOSIÇÃO!$G:$G,MATCH($C70,COMPOSIÇÃO!$A:$A,0)),0),0))","v":93.71},112.86859940527496,338.61,{"$f":"J70/$J$302","v":5.0627354724827286E-4}]
["8.2","SINAPI",87255,{"$f":"IF(B71=\"SINAPI\",IFERROR(INDEX(SINAPI!$B:$B,MATCH($C71,SINAPI!$A:$A,0)),\"\"),IF(B71=\"COMPOSIÇÃO\",IFERROR(INDEX(COMPOSIÇÃO!$C:$C,MATCH($C71,COMPOSIÇÃO!$A:$A,0)),\"\"),\"\"))","v":"REVESTIMENTO CERÂMICO PARA PISO COM PLACAS TIPO ESMALTADA EXTRA DE DIMENSÕES 60X60 CM APLICADA EM AMBIENTES DE ÁREA MENOR QUE 5 M2. AF_06/2014"},null,{"$f":"IF(B71=\"SINAPI\",IFERROR(INDEX(SINAPI!$C:$C,MATCH($C71,SINAPI!$A:$A,0)),\"\"),IF(B71=\"COMPOSIÇÃO\",IFERROR(INDEX(COMPOSIÇÃO!$D:$D,MATCH($C71,COMPOSIÇÃO!$A:$A,0)),\"\"),\"\"))","v":"M2"},{"$f":"150*1.15","v":172.5},{"$f":"IF(B71=\"SINAPI\",IFERROR(INDEX(SINAPI!$D:$D,MATCH($C71,SINAPI!$A:$A,0)),0),IF(B71=\"COMPOSIÇÃO\",IFERROR(INDEX(COMPOSIÇÃO!$G:$G,MATCH($C71,COMPOSIÇÃO!$A:$A,0)),0),0))","v":68.67},82.709280985596337,14267.35,{"$f":"J71/$J$302","v":2.1331862302745478E-2}]
["8.3","SINAPI",87260,{"$f":"IF(B72=\"SINAPI\",IFERROR(INDEX(SINAPI!$B:$B,MATCH($C72,SINAPI!$A:$A,0)),\"\"),IF(B72=\"COMPOSIÇÃO\",IFERROR(INDEX(COMPOSIÇÃO!$C:$C,MATCH($C72,COMPOSIÇÃO!$A:$A,0)),\"\"),\"\"))","v":"REVESTIMENTO CERÂMICO PARA PISO COM PLACAS TIPO PORCELANATO DE DIMENSÕES 45X45 CM APLICADA EM AMBIENTES DE ÁREA MAIOR QUE 10 M². AF_06/2014"},null,{"$f":"IF(B72=\"SINAPI\",IFERROR(INDEX(SINAPI!$C:$C,MATCH($C72,SINAPI!$A:$A,0)),\"\"),IF(B72=\"COMPOSIÇÃO\",IFERROR(INDEX(COMPOSIÇÃO!$D:$D,MATCH($C72,COMPOSIÇÃO!$A:$A,0)),\"\"),\"\"))","v":"M2"},2,{"$f":"IF(B72=\"SINAPI\",IFERROR(INDEX(SINAPI!$D:$D,MATCH($C72,SINAPI!$A:$A,0)),0),IF(B72=\"COMPOSIÇÃO\",IFERROR(INDEX(COMPOSIÇÃO!$G:$G,MATCH($C72,COMPOSIÇÃO!$A:$A,0)),0),0))","v":77.7},93.585424968411758,187.17,{"$f":"J72/$J$302","v":2.7984767088526396E-4}]
["8.4","SINAPI",94991,{"$f":"IF(B73=\"SINAPI\",IFERROR(INDEX(SINAPI!$B:$B,MATCH($C73,SINAPI!$A:$A,0)),\"\"),IF(B73=\"COMPOSIÇÃO\",IFERROR(INDEX(COMPOSIÇÃO!$C:$C,MATCH($C73,COMPOSIÇÃO!$A:$A,0)),\"\"),\"\"))","v":"EXECUÇÃO DE PASSEIO (CALÇADA) OU PISO DE CONCRETO COM CONCRETO MOLDADO IN LOCO, USINADO, ACABAMENTO CONVENCIONAL, NÃO ARMADO. AF_07/2016"},null,{"$f":"IF(B73=\"SINAPI\",IFERROR(INDEX(SINAPI!$C:$C,MATCH($C73,SINAPI!$A:$A,0)),\"\"),IF(B73=\"COMPOSIÇÃO\",IFERROR(INDEX(COMPOSIÇÃO!$D:$D,MATCH($C73,COMPOSIÇÃO!$A:$A,0)),\"\"),\"\"))","v":"M3"},{"$f":"20*2","v":40},{"$f":"IF(B73=\"SINAPI\",IFERROR(INDEX(SINAPI!$D:$D,MATCH($C73,SINAPI!$A:$A,0)),0),IF(B73=\"COMPOSIÇÃO\",IFERROR(INDEX(COMPOSIÇÃO!$G:$G,MATCH($C73,COMPOSIÇÃO!$A:$A,0)),0),0))","v":546.12},657.77184406369406,26310.87,{"$f":"J73/$J$302","v":3.9338759889218172E-2}]
["8.5","SINAPI",94993,{"$f":"IF(B74=\"SINAPI\",IFERROR(INDEX(SINAPI!$B:$B,MATCH($C74,SINAPI!$A:$A,0)),\"\"),IF(B74=\"COMPOSIÇÃO\",IFERROR(INDEX(COMPOSIÇÃO!$C:$C,MATCH($C74,COMPOSIÇÃO!$A:$A,0)),\"\"),\"\"))","v":"EXECUÇÃO DE PASSEIO (CALÇADA) OU PISO DE CONCRETO COM CONCRETO MOLDADO IN LOCO, USINADO, ACABAMENTO CONVENCIONAL, ESPESSURA 6 CM, ARMADO. AF_07/2016"},null,{"$f":"IF(B74=\"SINAPI\",IFERROR(INDEX(SINAPI!$C:$C,MATCH($C74,SINAPI!$A:$A,0)),\"\"),IF(B74=\"COMPOSIÇÃO\",IFERROR(INDEX(COMPOSIÇÃO!$D:$D,MATCH($C74,COMPOSIÇÃO!$A:$A,0)),\"\"),\"\"))","v":"M2"},{"$f":"43.2+22.05+127.02+21.05","v":213.32},{"$f":"IF(B74=\"SINAPI\",IFERROR(INDEX(SINAPI!$D:$D,MATCH($C74,SINAPI!$A:$A,0)),0),IF(B74=\"COMPOSIÇÃO\",IFERROR(INDEX(COMPOSIÇÃO!$G:$G,MATCH($C74,COMPOSIÇÃO!$A:$A,0)),0),0))","v":64.819999999999993},78.072165334008361,16654.349999999999,{"$f":"J74/$J$302","v":2.4900791032793693E-2}]
["8.6","SINAPI",92396,{"$f":"IF(B75=\"SINAPI\",IFERROR(INDEX(SINAPI!$B:$B,MATCH($C75,SINAPI!$A:$A,0)),\"\"),IF(B75=\"COMPOSIÇÃO\",IFERROR(INDEX(COMPOSIÇÃO!$C:$C,MATCH($C75,COMPOSIÇÃO!$A:$A,0)),\"\"),\"\"))","v":"EXECUÇÃO DE PASSEIO EM PISO INTERTRAVADO, COM BLOCO RETANGULAR COR NATURAL DE 20 X 10 CM, ESPESSURA 6 CM. AF_12/2015"},null,{"$f":"IF(B75=\"SINAPI\",IFERROR(INDEX(SINAPI!$C:$C,MATCH($C75,SINAPI!$A:$A,0)),\"\"),IF(B75=\"COMPOSIÇÃO\",IFERROR(INDEX(COMPOSIÇÃO!$D:$D,MATCH($C75,COMPOSIÇÃO!$A:$A,0)),\"\"),\"\"))","v":"M2"},177.24,{"$f":"IF(B75=\"SINAPI\",IFERROR(INDEX(SINAPI!$D:$D,MATCH($C75,SINAPI!$A:$A,0)),0),IF(B75=\"COMPOSIÇÃO\",IFERROR(INDEX(COMPOSIÇÃO!$G:$G,MATCH($C75,COMPOSIÇÃO!$A:$A,0)),0),0))","v":57.65},{"$f":"H75*(1+$J$9)","v":69.436290211440635},{"$f":"ROUND(G75*I75,2)","v":12306.89},{"$f":"J75/$J$302","v":1.840067586868166E-2}]
["8.7","SINAPI",94273,{"$f":"IF(B76=\"SINAPI\",IFERROR(INDEX(SINAPI!$B:$B,MATCH($C76,SINAPI!$A:$A,0)),\"\"),IF(B76=\"COMPOSIÇÃO\",IFERROR(INDEX(COMPOSIÇÃO!$C:$C,MATCH($C76,COMPOSIÇÃO!$A:$A,0)),\"\"),\"\"))","v":"ASSENTAMENTO DE GUIA (MEIO-FIO) EM TRECHO RETO, CONFECCIONADA EM CONCRETO PRÉ-FABRICADO, DIMENSÕES 100X15X13X30 CM (COMPRIMENTO X BASE INFERIOR X BASE SUPERIOR X ALTURA), PARA VIAS URBANAS (USO VIÁRIO). AF_06/2016"},null,{"$f":"IF(B76=\"SINAPI\",IFERROR(INDEX(SINAPI!$C:$C,MATCH($C76,SINAPI!$A:$A,0)),\"\"),IF(B76=\"COMPOSIÇÃO\",IFERROR(INDEX(COMPOSIÇÃO!$D:$D,MATCH($C76,COMPOSIÇÃO!$A:$A,0)),\"\"),\"\"))","v":"M"},10,{"$f":"IF(B76=\"SINAPI\",IFERROR(INDEX(SINAPI!$D:$D,MATCH($C76,SINAPI!$A:$A,0)),0),IF(B76=\"COMPOSIÇÃO\",IFERROR(INDEX(COMPOSIÇÃO!$G:$G,MATCH($C76,COMPOSIÇÃO!$A:$A,0)),0),0))","v":40.51},{"$f":"H76*(1+$J$9)","v":48.792092219695753},{"$f":"ROUND(G76*I76,2)","v":487.92},{"$f":"J76/$J$302","v":7.2951474904278462E-4}]
["9.0",null,null,"ESQUADRIAS",null,null,null,null,null,{"$f":"SUM(J78:J81)","v":185464.25},{"$f":"J77/$J$302","v":0.27729731471380198}]
["9.1","SINAPI",90842,{"$f":"IF(B78=\"SINAPI\",IFERROR(INDEX(SINAPI!$B:$B,MATCH($C78,SINAPI!$A:$A,0)),\"\"),IF(B78=\"COMPOSIÇÃO\",IFERROR(INDEX(COMPOSIÇÃO!$C:$C,MATCH($C78,COMPOSIÇÃO!$A:$A,0)),\"\"),\"\"))","v":"KIT DE PORTA DE MADEIRA PARA PINTURA, SEMI-OCA (LEVE OU MÉDIA), PADRÃO MÉDIO, 70X210CM, ESPESSURA DE 3,5CM, ITENS INCLUSOS: DOBRADIÇAS, MONTAGEM E INSTALAÇÃO DO BATENTE, FECHADURA COM EXECUÇÃO DO FURO - FORNECIMENTO E INSTALAÇÃO. AF_12/2019"},null,{"$f":"IF(B78=\"SINAPI\",IFERROR(INDEX(SINAPI!$C:$C,MATCH($C78,SINAPI!$A:$A,0)),\"\"),IF(B78=\"COMPOSIÇÃO\",IFERROR(INDEX(COMPOSIÇÃO!$D:$D,MATCH($C78,COMPOSIÇÃO!$A:$A,0)),\"\"),\"\"))","v":"UN"},3,{"$f":"IF(B78=\"SINAPI\",IFERROR(INDEX(SINAPI!$D:$D,MATCH($C78,SINAPI!$A:$A,0)),0),IF(B78=\"COMPOSIÇÃO\",IFERROR(INDEX(COMPOSIÇÃO!$G:$G,MATCH($C78,COMPOSIÇÃO!$A:$A,0)),0),0))","v":765.2},921.64179132340644,2764.93,{"$f":"J78/$J$302","v":4.1339916688614246E-3}]
["9.2","SINAPI",90844,{"$f":"IF(B79=\"SINAPI\",IFERROR(INDEX(SINAPI!$B:$B,MATCH($C79,SINAPI!$A:$A,0)),\"\"),IF(B79=\"COMPOSIÇÃO\",IFERROR(INDEX(COMPOSIÇÃO!$C:$C,MATCH($C79,COMPOSIÇÃO!$A:$A,0)),\"\"),\"\"))","v":"KIT DE PORTA DE MADEIRA PARA PINTURA, SEMI-OCA (LEVE OU MÉDIA), PADRÃO MÉDIO, 90X210CM, ESPESSURA DE 3,5CM, ITENS INCLUSOS: DOBRADIÇAS, MONTAGEM E INSTALAÇÃO DO BATENTE, FECHADURA COM EXECUÇÃO DO FURO - FORNECIMENTO E INSTALAÇÃO. AF_12/2019"},null,{"$f":"IF(B79=\"SINAPI\",IFERROR(INDEX(SINAPI!$C:$C,MATCH($C79,SINAPI!$A:$A,0)),\"\"),IF(B79=\"COMPOSIÇÃO\",IFERROR(INDEX(COMPOSIÇÃO!$D:$D,MATCH($C79,COMPOSIÇÃO!$A:$A,0)),\"\"),\"\"))","v":"UN"},5,{"$f":"IF(B79=\"SINAPI\",IFERROR(INDEX(SINAPI!$D:$D,MATCH($C79,SINAPI!$A:$A,0)),0),IF(B79=\"COMPOSIÇÃO\",IFERROR(INDEX(COMPOSIÇÃO!$G:$G,MATCH($C79,COMPOSIÇÃO!$A:$A,0)),0),0))","v":796.48},959.31685043552886,4796.58,{"$f":"J79/$J$302","v":7.1716180008272665E-3}]
["9.3","COMPOSIÇÃO","IFMT 047.04.2019",{"$f":"IF(B80=\"SINAPI\",IFERROR(INDEX(SINAPI!$B:$B,MATCH($C80,SINAPI!$A:$A,0)),\"\"),IF(B80=\"COMPOSIÇÃO\",IFERROR(INDEX(COMPOSIÇÃO!$C:$C,MATCH($C80,COMPOSIÇÃO!$A:$A,0)),\"\"),\"\"))","v":"PORTA DE FERRO, DE ABRIR, 2 FOLHAS DE 1,40X2,10M, VENEZIANA, COM FUNDO ANTI CORRESIVO. FORNECIMENTO E INSTALAÇÃO"},null,{"$f":"IF(B80=\"SINAPI\",IFERROR(INDEX(SINAPI!$C:$C,MATCH($C80,SINAPI!$A:$A,0)),\"\"),IF(B80=\"COMPOSIÇÃO\",IFERROR(INDEX(COMPOSIÇÃO!$D:$D,MATCH($C80,COMPOSIÇÃO!$A:$A,0)),\"\"),\"\"))","v":"M2"},2.94,{"$f":"IF(B80=\"SINAPI\",IFERROR(INDEX(SINAPI!$D:$D,MATCH($C80,SINAPI!$A:$A,0)),0),IF(B80=\"COMPOSIÇÃO\",IFERROR(INDEX(COMPOSIÇÃO!$G:$G,MATCH($C80,COMPOSIÇÃO!$A:$A,0)),0),0))","v":596.9650200000001},719.01190589416251,2113.9,{"$f":"J80/$J$302","v":3.1606026151859783E-3}]
["9.4","COTAÇÃO","COT.14",{"$f":"Cotação!C17","v":"PASSARELA METALICA 31,00 M X 1,60M"},null,"UN",1,{"$f":"Cotação!K17","v":145950},175788.83879201667,175788.84,{"$f":"J81/$J$302","v":0.26283110242892732}]
["10.0",null,null,"PINTURA",null,null,null,null,null,{"$f":"SUM(J83:J99)","v":68593.66},{"$f":"J82/$J$302","v":0.10255797397283591}]
["10.1","SINAPI",88495,{"$f":"IF(B83=\"SINAPI\",IFERROR(INDEX(SINAPI!$B:$B,MATCH($C83,SINAPI!$A:$A,0)),\"\"),IF(B83=\"COMPOSIÇÃO\",IFERROR(INDEX(COMPOSIÇÃO!$C:$C,MATCH($C83,COMPOSIÇÃO!$A:$A,0)),\"\"),\"\"))","v":"APLICAÇÃO E LIXAMENTO DE MASSA LÁTEX EM PAREDES, UMA DEMÃO. AF_06/2014"},null,{"$f":"IF(B83=\"SINAPI\",IFERROR(INDEX(SINAPI!$C:$C,MATCH($C83,SINAPI!$A:$A,0)),\"\"),IF(B83=\"COMPOSIÇÃO\",IFERROR(INDEX(COMPOSIÇÃO!$D:$D,MATCH($C83,COMPOSIÇÃO!$A:$A,0)),\"\"),\"\"))","v":"M2"},100,{"$f":"IF(B83=\"SINAPI\",IFERROR(INDEX(SINAPI!$D:$D,MATCH($C83,SINAPI!$A:$A,0)),0),IF(B83=\"COMPOSIÇÃO\",IFERROR(INDEX(COMPOSIÇÃO!$G:$G,MATCH($C83,COMPOSIÇÃO!$A:$A,0)),0),0))","v":8.74},10.526854751916586,1052.69,{"$f":"J83/$J$302","v":1.5739319584559947E-3}]
["10.2","SINAPI",88483,{"$f":"IF(B84=\"SINAPI\",IFERROR(INDEX(SINAPI!$B:$B,MATCH($C84,SINAPI!$A:$A,0)),\"\"),IF(B84=\"COMPOSIÇÃO\",IFERROR(INDEX(COMPOSIÇÃO!$C:$C,MATCH($C84,COMPOSIÇÃO!$A:$A,0)),\"\"),\"\"))","v":"APLICAÇÃO DE FUNDO SELADOR LÁTEX PVA EM PAREDES, UMA DEMÃO. AF_06/2014"},null,{"$f":"IF(B84=\"SINAPI\",IFERROR(INDEX(SINAPI!$C:$C,MATCH($C84,SINAPI!$A:$A,0)),\"\"),IF(B84=\"COMPOSIÇÃO\",IFERROR(INDEX(COMPOSIÇÃO!$D:$D,MATCH($C84,COMPOSIÇÃO!$A:$A,0)),\"\"),\"\"))","v":"M2"},100,{"$f":"IF(B84=\"SINAPI\",IFERROR(INDEX(SINAPI!$D:$D,MATCH($C84,SINAPI!$A:$A,0)),0),IF(B84=\"COMPOSIÇÃO\",IFERROR(INDEX(COMPOSIÇÃO!$G:$G,MATCH($C84,COMPOSIÇÃO!$A:$A,0)),0),0))","v":1.89},2.2764022289613668,227.64,{"$f":"J84/$J$302","v":3.4035648768670986E-4}]
["10.3","COMPOSIÇÃO","IFMT 060.05.2019",{"$f":"IF(B85=\"SINAPI\",IFERROR(INDEX(SINAPI!$B:$B,MATCH($C85,SINAPI!$A:$A,0)),\"\"),IF(B85=\"COMPOSIÇÃO\",IFERROR(INDEX(COMPOSIÇÃO!$C:$C,MATCH($C85,COMPOSIÇÃO!$A:$A,0)),\"\"),\"\"))","v":"LIXAMENTO DE PAREDES E TETO, PARA PINTURA"},null,{"$f":"IF(B85=\"SINAPI\",IFERROR(INDEX(SINAPI!$C:$C,MATCH($C85,SINAPI!$A:$A,0)),\"\"),IF(B85=\"COMPOSIÇÃO\",IFERROR(INDEX(COMPOSIÇÃO!$D:$D,MATCH($C85,COMPOSIÇÃO!$A:$A,0)),\"\"),\"\"))","v":"M2"},413.1,{"$f":"IF(B85=\"SINAPI\",IFERROR(INDEX(SINAPI!$D:$D,MATCH($C85,SINAPI!$A:$A,0)),0),IF(B85=\"COMPOSIÇÃO\",IFERROR(INDEX(COMPOSIÇÃO!$G:$G,MATCH($C85,COMPOSIÇÃO!$A:$A,0)),0),0))","v":1.39612},1.6815506242844147,694.65,{"$f":"J85/$J$302","v":1.0386076004725575E-3}]
["10.4","SINAPI",88489,{"$f":"IF(B86=\"SINAPI\",IFERROR(INDEX(SINAPI!$B:$B,MATCH($C86,SINAPI!$A:$A,0)),\"\"),IF(B86=\"COMPOSIÇÃO\",IFERROR(INDEX(COMPOSIÇÃO!$C:$C,MATCH($C86,COMPOSIÇÃO!$A:$A,0)),\"\"),\"\"))","v":"APLICAÇÃO MANUAL DE PINTURA COM TINTA LÁTEX ACRÍLICA EM PAREDES, DUAS DEMÃOS. AF_06/2014"},null,{"$f":"IF(B86=\"SINAPI\",IFERROR(INDEX(SINAPI!$C:$C,MATCH($C86,SINAPI!$A:$A,0)),\"\"),IF(B86=\"COMPOSIÇÃO\",IFERROR(INDEX(COMPOSIÇÃO!$D:$D,MATCH($C86,COMPOSIÇÃO!$A:$A,0)),\"\"),\"\"))","v":"M2"},413.1,{"$f":"IF(B86=\"SINAPI\",IFERROR(INDEX(SINAPI!$D:$D,MATCH($C86,SINAPI!$A:$A,0)),0),IF(B86=\"COMPOSIÇÃO\",IFERROR(INDEX(COMPOSIÇÃO!$G:$G,MATCH($C86,COMPOSIÇÃO!$A:$A,0)),0),0))","v":11.78},14.188369448235397,5861.22,{"$f":"J86/$J$302","v":8.763417030219196E-3}]
[null,null,null,"PAREDE  EXTERNA"]
["10.6","SINAPI",88489,{"$f":"IF(B88=\"SINAPI\",IFERROR(INDEX(SINAPI!$B:$B,MATCH($C88,SINAPI!$A:$A,0)),\"\"),IF(B88=\"COMPOSIÇÃO\",IFERROR(INDEX(COMPOSIÇÃO!$C:$C,MATCH($C88,COMPOSIÇÃO!$A:$A,0)),\"\"),\"\"))","v":"APLICAÇÃO MANUAL DE PINTURA COM TINTA LÁTEX ACRÍLICA EM PAREDES, DUAS DEMÃOS. AF_06/2014"},null,{"$f":"IF(B88=\"SINAPI\",IFERROR(INDEX(SINAPI!$C:$C,MATCH($C88,SINAPI!$A:$A,0)),\"\"),IF(B88=\"COMPOSIÇÃO\",IFERROR(INDEX(COMPOSIÇÃO!$D:$D,MATCH($C88,COMPOSIÇÃO!$A:$A,0)),\"\"),\"\"))","v":"M2"},1673.16,{"$f":"IF(B88=\"SINAPI\",IFERROR(INDEX(SINAPI!$D:$D,MATCH($C88,SINAPI!$A:$A,0)),0),IF(B88=\"COMPOSIÇÃO\",IFERROR(INDEX(COMPOSIÇÃO!$G:$G,MATCH($C88,COMPOSIÇÃO!$A:$A,0)),0),0))","v":11.78},14.188369448235397,23739.41,{"$f":"J88/$J$302","v":3.5494035351233341E-2}]
["10.7","COMPOSIÇÃO","IFMT 060.05.2019",{"$f":"IF(B89=\"SINAPI\",IFERROR(INDEX(SINAPI!$B:$B,MATCH($C89,SINAPI!$A:$A,0)),\"\"),IF(B89=\"COMPOSIÇÃO\",IFERROR(INDEX(COMPOSIÇÃO!$C:$C,MATCH($C89,COMPOSIÇÃO!$A:$A,0)),\"\"),\"\"))","v":"LIXAMENTO DE PAREDES E TETO, PARA PINTURA"},null,{"$f":"IF(B89=\"SINAPI\",IFERROR(INDEX(SINAPI!$C:$C,MATCH($C89,SINAPI!$A:$A,0)),\"\"),IF(B89=\"COMPOSIÇÃO\",IFERROR(INDEX(COMPOSIÇÃO!$D:$D,MATCH($C89,COMPOSIÇÃO!$A:$A,0)),\"\"),\"\"))","v":"M2"},1673.16,{"$f":"IF(B89=\"SINAPI\",IFERROR(INDEX(SINAPI!$D:$D,MATCH($C89,SINAPI!$A:$A,0)),0),IF(B89=\"COMPOSIÇÃO\",IFERROR(INDEX(COMPOSIÇÃO!$G:$G,MATCH($C89,COMPOSIÇÃO!$A:$A,0)),0),0))","v":1.39612},1.6815506242844147,2813.5,{"$f":"J89/$J$302","v":4.206611219937437E-3}]
["10.8","SINAPI",88489,{"$f":"IF(B90=\"SINAPI\",IFERROR(INDEX(SINAPI!$B:$B,MATCH($C90,SINAPI!$A:$A,0)),\"\"),IF(B90=\"COMPOSIÇÃO\",IFERROR(INDEX(COMPOSIÇÃO!$C:$C,MATCH($C90,COMPOSIÇÃO!$A:$A,0)),\"\"),\"\"))","v":"APLICAÇÃO MANUAL DE PINTURA COM TINTA LÁTEX ACRÍLICA EM PAREDES, DUAS DEMÃOS. AF_06/2014"},null,{"$f":"IF(B90=\"SINAPI\",IFERROR(INDEX(SINAPI!$C:$C,MATCH($C90,SINAPI!$A:$A,0)),\"\"),IF(B90=\"COMPOSIÇÃO\",IFERROR(INDEX(COMPOSIÇÃO!$D:$D,MATCH($C90,COMPOSIÇÃO!$A:$A,0)),\"\"),\"\"))","v":"M2"},1871.16,{"$f":"IF(B90=\"SINAPI\",IFERROR(INDEX(SINAPI!$D:$D,MATCH($C90,SINAPI!$A:$A,0)),0),IF(B90=\"COMPOSIÇÃO\",IFERROR(INDEX(COMPOSIÇÃO!$G:$G,MATCH($C90,COMPOSIÇÃO!$A:$A,0)),0),0))","v":11.78},14.188369448235397,26548.71,{"$f":"J90/$J$302","v":3.9694366931176554E-2}]
[null,null,null,"SOB TETO",null,{"$f":"IF(B91=\"SINAPI\",IFERROR(INDEX(SINAPI!$C:$C,MATCH($C91,SINAPI!$A:$A,0)),\"\"),IF(B91=\"COMPOSIÇÃO\",IFERROR(INDEX(COMPOSIÇÃO!$D:$D,MATCH($C91,COMPOSIÇÃO!$A:$A,0)),\"\"),\"\"))","v":""}]
["10.10","SINAPI",88496,{"$f":"IF(B92=\"SINAPI\",IFERROR(INDEX(SINAPI!$B:$B,MATCH($C92,SINAPI!$A:$A,0)),\"\"),IF(B92=\"COMPOSIÇÃO\",IFERROR(INDEX(COMPOSIÇÃO!$C:$C,MATCH($C92,COMPOSIÇÃO!$A:$A,0)),\"\"),\"\"))","v":"APLICAÇÃO E LIXAMENTO DE MASSA LÁTEX EM TETO, DUAS DEMÃOS. AF_06/2014"},null,{"$f":"IF(B92=\"SINAPI\",IFERROR(INDEX(SINAPI!$C:$C,MATCH($C92,SINAPI!$A:$A,0)),\"\"),IF(B92=\"COMPOSIÇÃO\",IFERROR(INDEX(COMPOSIÇÃO!$D:$D,MATCH($C92,COMPOSIÇÃO!$A:$A,0)),\"\"),\"\"))","v":"M2"},104,{"$f":"IF(B92=\"SINAPI\",IFERROR(INDEX(SINAPI!$D:$D,MATCH($C92,SINAPI!$A:$A,0)),0),IF(B92=\"COMPOSIÇÃO\",IFERROR(INDEX(COMPOSIÇÃO!$G:$G,MATCH($C92,COMPOSIÇÃO!$A:$A,0)),0),0))","v":21.69},26.124425579985214,2716.94,{"$f":"J92/$J$302","v":4.0622393061655665E-3}]
["10.11","SINAPI",88486,{"$f":"IF(B93=\"SINAPI\",IFERROR(INDEX(SINAPI!$B:$B,MATCH($C93,SINAPI!$A:$A,0)),\"\"),IF(B93=\"COMPOSIÇÃO\",IFERROR(INDEX(COMPOSIÇÃO!$C:$C,MATCH($C93,COMPOSIÇÃO!$A:$A,0)),\"\"),\"\"))","v":"APLICAÇÃO MANUAL DE PINTURA COM TINTA LÁTEX PVA EM TETO, DUAS DEMÃOS. AF_06/2014"},null,{"$f":"IF(B93=\"SINAPI\",IFERROR(INDEX(SINAPI!$C:$C,MATCH($C93,SINAPI!$A:$A,0)),\"\"),IF(B93=\"COMPOSIÇÃO\",IFERROR(INDEX(COMPOSIÇÃO!$D:$D,MATCH($C93,COMPOSIÇÃO!$A:$A,0)),\"\"),\"\"))","v":"M2"},104,{"$f":"IF(B93=\"SINAPI\",IFERROR(INDEX(SINAPI!$D:$D,MATCH($C93,SINAPI!$A:$A,0)),0),IF(B93=\"COMPOSIÇÃO\",IFERROR(INDEX(COMPOSIÇÃO!$G:$G,MATCH($C93,COMPOSIÇÃO!$A:$A,0)),0),0))","v":10.39},12.514190031168573,1301.48,{"$f":"J93/$J$302","v":1.9459109189707397E-3}]
["10.12","COMPOSIÇÃO","IFMT 060.05.2019",{"$f":"IF(B94=\"SINAPI\",IFERROR(INDEX(SINAPI!$B:$B,MATCH($C94,SINAPI!$A:$A,0)),\"\"),IF(B94=\"COMPOSIÇÃO\",IFERROR(INDEX(COMPOSIÇÃO!$C:$C,MATCH($C94,COMPOSIÇÃO!$A:$A,0)),\"\"),\"\"))","v":"LIXAMENTO DE PAREDES E TETO, PARA PINTURA"},null,{"$f":"IF(B94=\"SINAPI\",IFERROR(INDEX(SINAPI!$C:$C,MATCH($C94,SINAPI!$A:$A,0)),\"\"),IF(B94=\"COMPOSIÇÃO\",IFERROR(INDEX(COMPOSIÇÃO!$D:$D,MATCH($C94,COMPOSIÇÃO!$A:$A,0)),\"\"),\"\"))","v":"M2"},104,{"$f":"IF(B94=\"SINAPI\",IFERROR(INDEX(SINAPI!$D:$D,MATCH($C94,SINAPI!$A:$A,0)),0),IF(B94=\"COMPOSIÇÃO\",IFERROR(INDEX(COMPOSIÇÃO!$G:$G,MATCH($C94,COMPOSIÇÃO!$A:$A,0)),0),0))","v":1.39612},1.6815506242844147,174.88,{"$f":"J94/$J$302","v":2.6147224814027336E-4}]
[null,null,null,"PINTURA DO PISO",null,{"$f":"IF(B95=\"SINAPI\",IFERROR(INDEX(SINAPI!$C:$C,MATCH($C95,SINAPI!$A:$A,0)),\"\"),IF(B95=\"COMPOSIÇÃO\",IFERROR(INDEX(COMPOSIÇÃO!$D:$D,MATCH($C95,COMPOSIÇÃO!$A:$A,0)),\"\"),\"\"))","v":""}]
[null,null,null,"PINTURA DE ESQUADRIAS",null,{"$f":"IF(B96=\"SINAPI\",IFERROR(INDEX(SINAPI!$C:$C,MATCH($C96,SINAPI!$A:$A,0)),\"\"),IF(B96=\"COMPOSIÇÃO\",IFERROR(INDEX(COMPOSIÇÃO!$D:$D,MATCH($C96,COMPOSIÇÃO!$A:$A,0)),\"\"),\"\"))","v":""}]
["10.15","COMPOSIÇÃO","IFMT 223.07.2020",{"$f":"IF(B97=\"SINAPI\",IFERROR(INDEX(SINAPI!$B:$B,MATCH($C97,SINAPI!$A:$A,0)),\"\"),IF(B97=\"COMPOSIÇÃO\",IFERROR(INDEX(COMPOSIÇÃO!$C:$C,MATCH($C97,COMPOSIÇÃO!$A:$A,0)),\"\"),\"\"))","v":"FUNDO ANTICORROSIVO A BASE DE OXIDO DE FERRO (ZARCAO), DUAS DEMAOS"},null,{"$f":"IF(B97=\"SINAPI\",IFERROR(INDEX(SINAPI!$C:$C,MATCH($C97,SINAPI!$A:$A,0)),\"\"),IF(B97=\"COMPOSIÇÃO\",IFERROR(INDEX(COMPOSIÇÃO!$D:$D,MATCH($C97,COMPOSIÇÃO!$A:$A,0)),\"\"),\"\"))","v":"M2"},57,{"$f":"IF(B97=\"SINAPI\",IFERROR(INDEX(SINAPI!$D:$D,MATCH($C97,SINAPI!$A:$A,0)),0),IF(B97=\"COMPOSIÇÃO\",IFERROR(INDEX(COMPOSIÇÃO!$G:$G,MATCH($C97,COMPOSIÇÃO!$A:$A,0)),0),0))","v":18.958600000000001},22.834602803167712,1301.57,{"$f":"J97/$J$302","v":1.9460454826849014E-3}]
["10.16","COMPOSIÇÃO","IFMT 249.09.2020",{"$f":"IF(B98=\"SINAPI\",IFERROR(INDEX(SINAPI!$B:$B,MATCH($C98,SINAPI!$A:$A,0)),\"\"),IF(B98=\"COMPOSIÇÃO\",IFERROR(INDEX(COMPOSIÇÃO!$C:$C,MATCH($C98,COMPOSIÇÃO!$A:$A,0)),\"\"),\"\"))","v":"PINTURA ESMALTE ALTO BRILHO, DUAS DEMAOS, SOBRE SUPERFICIE METALICA"},null,{"$f":"IF(B98=\"SINAPI\",IFERROR(INDEX(SINAPI!$C:$C,MATCH($C98,SINAPI!$A:$A,0)),\"\"),IF(B98=\"COMPOSIÇÃO\",IFERROR(INDEX(COMPOSIÇÃO!$D:$D,MATCH($C98,COMPOSIÇÃO!$A:$A,0)),\"\"),\"\"))","v":"M2"},{"$f":"G97","v":57},{"$f":"IF(B98=\"SINAPI\",IFERROR(INDEX(SINAPI!$D:$D,MATCH($C98,SINAPI!$A:$A,0)),0),IF(B98=\"COMPOSIÇÃO\",IFERROR(INDEX(COMPOSIÇÃO!$G:$G,MATCH($C98,COMPOSIÇÃO!$A:$A,0)),0),0))","v":24.668100000000003},29.711385092191481,1693.55,{"$f":"J98/$J$302","v":2.5321153124311523E-3}]
["10.17","SINAPI",6082,{"$f":"IF(B99=\"SINAPI\",IFERROR(INDEX(SINAPI!$B:$B,MATCH($C99,SINAPI!$A:$A,0)),\"\"),IF(B99=\"COMPOSIÇÃO\",IFERROR(INDEX(COMPOSIÇÃO!$C:$C,MATCH($C99,COMPOSIÇÃO!$A:$A,0)),\"\"),\"\"))","v":"PINTURA EM VERNIZ SINTETICO BRILHANTE EM MADEIRA, TRES DEMAOS"},null,{"$f":"IF(B99=\"SINAPI\",IFERROR(INDEX(SINAPI!$C:$C,MATCH($C99,SINAPI!$A:$A,0)),\"\"),IF(B99=\"COMPOSIÇÃO\",IFERROR(INDEX(COMPOSIÇÃO!$D:$D,MATCH($C99,COMPOSIÇÃO!$A:$A,0)),\"\"),\"\"))","v":"M2"},24,{"$f":"IF(B99=\"SINAPI\",IFERROR(INDEX(SINAPI!$D:$D,MATCH($C99,SINAPI!$A:$A,0)),0),IF(B99=\"COMPOSIÇÃO\",IFERROR(INDEX(COMPOSIÇÃO!$G:$G,MATCH($C99,COMPOSIÇÃO!$A:$A,0)),0),0))","v":16.170000000000002},19.475885736669476,467.42,{"$f":"J99/$J$302","v":6.9886412526147404E-4}]
["11.0",null,null,"LOUÇAS E METAIS",null,null,null,null,null,{"$f":"SUM(J101:J132)","v":24997.02},{"$f":"J100/$J$302","v":3.7374353935312077E-2}]
["11.1","SINAPI",86932,{"$f":"IF(B101=\"SINAPI\",IFERROR(INDEX(SINAPI!$B:$B,MATCH($C101,SINAPI!$A:$A,0)),\"\"),IF(B101=\"COMPOSIÇÃO\",IFERROR(INDEX(COMPOSIÇÃO!$C:$C,MATCH($C101,COMPOSIÇÃO!$A:$A,0)),\"\"),\"\"))","v":"VASO SANITÁRIO SIFONADO COM CAIXA ACOPLADA LOUÇA BRANCA - PADRÃO MÉDIO, INCLUSO ENGATE FLEXÍVEL EM METAL CROMADO, 1/2  X 40CM - FORNECIMENTO E INSTALAÇÃO. AF_01/2020"},null,{"$f":"IF(B101=\"SINAPI\",IFERROR(INDEX(SINAPI!$C:$C,MATCH($C101,SINAPI!$A:$A,0)),\"\"),IF(B101=\"COMPOSIÇÃO\",IFERROR(INDEX(COMPOSIÇÃO!$D:$D,MATCH($C101,COMPOSIÇÃO!$A:$A,0)),\"\"),\"\"))","v":"UN"},8,{"$f":"IF(B101=\"SINAPI\",IFERROR(INDEX(SINAPI!$D:$D,MATCH($C101,SINAPI!$A:$A,0)),0),IF(B101=\"COMPOSIÇÃO\",IFERROR(INDEX(COMPOSIÇÃO!$G:$G,MATCH($C101,COMPOSIÇÃO!$A:$A,0)),0),0))","v":395.97},476.92433365176322,3815.39,{"$f":"J101/$J$302","v":5.7045894375109645E-3}]
["11.2","SINAPI",86939,{"$f":"IF(B102=\"SINAPI\",IFERROR(INDEX(SINAPI!$B:$B,MATCH($C102,SINAPI!$A:$A,0)),\"\"),IF(B102=\"COMPOSIÇÃO\",IFERROR(INDEX(COMPOSIÇÃO!$C:$C,MATCH($C102,COMPOSIÇÃO!$A:$A,0)),\"\"),\"\"))","v":"LAVATÓRIO LOUÇA BRANCA COM COLUNA, *44 X 35,5* CM, PADRÃO POPULAR, INCLUSO SIFÃO FLEXÍVEL EM PVC, VÁLVULA E ENGATE FLEXÍVEL 30CM EM PLÁSTICO E COM TORNEIRA CROMADA PADRÃO POPULAR - FORNECIMENTO E INSTALAÇÃO. AF_01/2020"},null,{"$f":"IF(B102=\"SINAPI\",IFERROR(INDEX(SINAPI!$C:$C,MATCH($C102,SINAPI!$A:$A,0)),\"\"),IF(B102=\"COMPOSIÇÃO\",IFERROR(INDEX(COMPOSIÇÃO!$D:$D,MATCH($C102,COMPOSIÇÃO!$A:$A,0)),\"\"),\"\"))","v":"UN"},6,{"$f":"IF(B102=\"SINAPI\",IFERROR(INDEX(SINAPI!$D:$D,MATCH($C102,SINAPI!$A:$A,0)),0),IF(B102=\"COMPOSIÇÃO\",IFERROR(INDEX(COMPOSIÇÃO!$G:$G,MATCH($C102,COMPOSIÇÃO!$A:$A,0)),0),0))","v":284.91000000000003},343.15860267374768,2058.9499999999998,{"$f":"J102/$J$302","v":3.0784439919282693E-3}]
["11.3","SINAPI",95545,{"$f":"IF(B103=\"SINAPI\",IFERROR(INDEX(SINAPI!$B:$B,MATCH($C103,SINAPI!$A:$A,0)),\"\"),IF(B103=\"COMPOSIÇÃO\",IFERROR(INDEX(COMPOSIÇÃO!$C:$C,MATCH($C103,COMPOSIÇÃO!$A:$A,0)),\"\"),\"\"))","v":"SABONETEIRA DE PAREDE EM METAL CROMADO, INCLUSO FIXAÇÃO. AF_01/2020"},null,{"$f":"IF(B103=\"SINAPI\",IFERROR(INDEX(SINAPI!$C:$C,MATCH($C103,SINAPI!$A:$A,0)),\"\"),IF(B103=\"COMPOSIÇÃO\",IFERROR(INDEX(COMPOSIÇÃO!$D:$D,MATCH($C103,COMPOSIÇÃO!$A:$A,0)),\"\"),\"\"))","v":"UN"},4,{"$f":"IF(B103=\"SINAPI\",IFERROR(INDEX(SINAPI!$D:$D,MATCH($C103,SINAPI!$A:$A,0)),0),IF(B103=\"COMPOSIÇÃO\",IFERROR(INDEX(COMPOSIÇÃO!$G:$G,MATCH($C103,COMPOSIÇÃO!$A:$A,0)),0),0))","v":30.16},36.326080013478744,145.30000000000001,{"$f":"J103/$J$302","v":2.1724564075241149E-4}]
["11.4","SINAPI",95544,{"$f":"IF(B104=\"SINAPI\",IFERROR(INDEX(SINAPI!$B:$B,MATCH($C104,SINAPI!$A:$A,0)),\"\"),IF(B104=\"COMPOSIÇÃO\",IFERROR(INDEX(COMPOSIÇÃO!$C:$C,MATCH($C104,COMPOSIÇÃO!$A:$A,0)),\"\"),\"\"))","v":"PAPELEIRA DE PAREDE EM METAL CROMADO SEM TAMPA, INCLUSO FIXAÇÃO. AF_01/2020"},null,{"$f":"IF(B104=\"SINAPI\",IFERROR(INDEX(SINAPI!$C:$C,MATCH($C104,SINAPI!$A:$A,0)),\"\"),IF(B104=\"COMPOSIÇÃO\",IFERROR(INDEX(COMPOSIÇÃO!$D:$D,MATCH($C104,COMPOSIÇÃO!$A:$A,0)),\"\"),\"\"))","v":"UN"},8,{"$f":"IF(B104=\"SINAPI\",IFERROR(INDEX(SINAPI!$D:$D,MATCH($C104,SINAPI!$A:$A,0)),0),IF(B104=\"COMPOSIÇÃO\",IFERROR(INDEX(COMPOSIÇÃO!$G:$G,MATCH($C104,COMPOSIÇÃO!$A:$A,0)),0),0))","v":30.73},{"$f":"H104*(1+$J$9)","v":37.012614019038523},{"$f":"ROUND(G104*I104,2)","v":296.10000000000002},{"$f":"J104/$J$302","v":4.4271461959249166E-4}]
["11.5","SINAPI","74125/002",{"$f":"IF(B105=\"SINAPI\",IFERROR(INDEX(SINAPI!$B:$B,MATCH($C105,SINAPI!$A:$A,0)),\"\"),IF(B105=\"COMPOSIÇÃO\",IFERROR(INDEX(COMPOSIÇÃO!$C:$C,MATCH($C105,COMPOSIÇÃO!$A:$A,0)),\"\"),\"\"))","v":"ESPELHO CRISTAL ESPESSURA 4MM, COM MOLDURA EM ALUMINIO E COMPENSADO 6MM PLASTIFICADO COLADO"},null,{"$f":"IF(B105=\"SINAPI\",IFERROR(INDEX(SINAPI!$C:$C,MATCH($C105,SINAPI!$A:$A,0)),\"\"),IF(B105=\"COMPOSIÇÃO\",IFERROR(INDEX(COMPOSIÇÃO!$D:$D,MATCH($C105,COMPOSIÇÃO!$A:$A,0)),\"\"),\"\"))","v":"M2"},{"$f":"0.6*2*2","v":2.4},{"$f":"IF(B105=\"SINAPI\",IFERROR(INDEX(SINAPI!$D:$D,MATCH($C105,SINAPI!$A:$A,0)),0),IF(B105=\"COMPOSIÇÃO\",IFERROR(INDEX(COMPOSIÇÃO!$G:$G,MATCH($C105,COMPOSIÇÃO!$A:$A,0)),0),0))","v":503.35},606.25770473423495,1455.02,{"$f":"J105/$J$302","v":2.1754766153308583E-3}]
[null,null,null,"WC PNE",null,{"$f":"IF(B106=\"SINAPI\",IFERROR(INDEX(SINAPI!$C:$C,MATCH($C106,SINAPI!$A:$A,0)),\"\"),IF(B106=\"COMPOSIÇÃO\",IFERROR(INDEX(COMPOSIÇÃO!$D:$D,MATCH($C106,COMPOSIÇÃO!$A:$A,0)),\"\"),\"\"))","v":""}]
["11.7","SINAPI",86942,{"$f":"IF(B107=\"SINAPI\",IFERROR(INDEX(SINAPI!$B:$B,MATCH($C107,SINAPI!$A:$A,0)),\"\"),IF(B107=\"COMPOSIÇÃO\",IFERROR(INDEX(COMPOSIÇÃO!$C:$C,MATCH($C107,COMPOSIÇÃO!$A:$A,0)),\"\"),\"\"))","v":"LAVATÓRIO LOUÇA BRANCA SUSPENSO, 29,5 X 39CM OU EQUIVALENTE, PADRÃO POPULAR, INCLUSO SIFÃO TIPO GARRAFA EM PVC, VÁLVULA E ENGATE FLEXÍVEL 30CM EM PLÁSTICO E TORNEIRA CROMADA DE MESA, PADRÃO POPULAR - FORNECIMENTO E INSTALAÇÃO. AF_01/2020"},null,{"$f":"IF(B107=\"SINAPI\",IFERROR(INDEX(SINAPI!$C:$C,MATCH($C107,SINAPI!$A:$A,0)),\"\"),IF(B107=\"COMPOSIÇÃO\",IFERROR(INDEX(COMPOSIÇÃO!$D:$D,MATCH($C107,COMPOSIÇÃO!$A:$A,0)),\"\"),\"\"))","v":"UN"},1,{"$f":"IF(B107=\"SINAPI\",IFERROR(INDEX(SINAPI!$D:$D,MATCH($C107,SINAPI!$A:$A,0)),0),IF(B107=\"COMPOSIÇÃO\",IFERROR(INDEX(COMPOSIÇÃO!$G:$G,MATCH($C107,COMPOSIÇÃO!$A:$A,0)),0),0))","v":189.63},228.39902363912381,228.4,{"$f":"J107/$J$302","v":3.4149280349518775E-4}]
["11.8","SINAPI",95472,{"$f":"IF(B108=\"SINAPI\",IFERROR(INDEX(SINAPI!$B:$B,MATCH($C108,SINAPI!$A:$A,0)),\"\"),IF(B108=\"COMPOSIÇÃO\",IFERROR(INDEX(COMPOSIÇÃO!$C:$C,MATCH($C108,COMPOSIÇÃO!$A:$A,0)),\"\"),\"\"))","v":"VASO SANITARIO SIFONADO CONVENCIONAL PARA PCD SEM FURO FRONTAL COM LOUÇA BRANCA SEM ASSENTO, INCLUSO CONJUNTO DE LIGAÇÃO PARA BACIA SANITÁRIA AJUSTÁVEL - FORNECIMENTO E INSTALAÇÃO. AF_01/2020"},null,{"$f":"IF(B108=\"SINAPI\",IFERROR(INDEX(SINAPI!$C:$C,MATCH($C108,SINAPI!$A:$A,0)),\"\"),IF(B108=\"COMPOSIÇÃO\",IFERROR(INDEX(COMPOSIÇÃO!$D:$D,MATCH($C108,COMPOSIÇÃO!$A:$A,0)),\"\"),\"\"))","v":"UN"},1,{"$f":"IF(B108=\"SINAPI\",IFERROR(INDEX(SINAPI!$D:$D,MATCH($C108,SINAPI!$A:$A,0)),0),IF(B108=\"COMPOSIÇÃO\",IFERROR(INDEX(COMPOSIÇÃO!$G:$G,MATCH($C108,COMPOSIÇÃO!$A:$A,0)),0),0))","v":625.24},753.06758181788632,753.07,{"$f":"J108/$J$302","v":1.1259544024873952E-3}]
["11.9","SINAPI",95545,{"$f":"IF(B109=\"SINAPI\",IFERROR(INDEX(SINAPI!$B:$B,MATCH($C109,SINAPI!$A:$A,0)),\"\"),IF(B109=\"COMPOSIÇÃO\",IFERROR(INDEX(COMPOSIÇÃO!$C:$C,MATCH($C109,COMPOSIÇÃO!$A:$A,0)),\"\"),\"\"))","v":"SABONETEIRA DE PAREDE EM METAL CROMADO, INCLUSO FIXAÇÃO. AF_01/2020"},null,{"$f":"IF(B109=\"SINAPI\",IFERROR(INDEX(SINAPI!$C:$C,MATCH($C109,SINAPI!$A:$A,0)),\"\"),IF(B109=\"COMPOSIÇÃO\",IFERROR(INDEX(COMPOSIÇÃO!$D:$D,MATCH($C109,COMPOSIÇÃO!$A:$A,0)),\"\"),\"\"))","v":"UN"},1,{"$f":"IF(B109=\"SINAPI\",IFERROR(INDEX(SINAPI!$D:$D,MATCH($C109,SINAPI!$A:$A,0)),0),IF(B109=\"COMPOSIÇÃO\",IFERROR(INDEX(COMPOSIÇÃO!$G:$G,MATCH($C109,COMPOSIÇÃO!$A:$A,0)),0),0))","v":30.16},36.326080013478744,36.33,{"$f":"J109/$J$302","v":5.4318885950000744E-5}]
["11.10","SINAPI",95544,{"$f":"IF(B110=\"SINAPI\",IFERROR(INDEX(SINAPI!$B:$B,MATCH($C110,SINAPI!$A:$A,0)),\"\"),IF(B110=\"COMPOSIÇÃO\",IFERROR(INDEX(COMPOSIÇÃO!$C:$C,MATCH($C110,COMPOSIÇÃO!$A:$A,0)),\"\"),\"\"))","v":"PAPELEIRA DE PAREDE EM METAL CROMADO SEM TAMPA, INCLUSO FIXAÇÃO. AF_01/2020"},null,{"$f":"IF(B110=\"SINAPI\",IFERROR(INDEX(SINAPI!$C:$C,MATCH($C110,SINAPI!$A:$A,0)),\"\"),IF(B110=\"COMPOSIÇÃO\",IFERROR(INDEX(COMPOSIÇÃO!$D:$D,MATCH($C110,COMPOSIÇÃO!$A:$A,0)),\"\"),\"\"))","v":"UN"},1,{"$f":"IF(B110=\"SINAPI\",IFERROR(INDEX(SINAPI!$D:$D,MATCH($C110,SINAPI!$A:$A,0)),0),IF(B110=\"COMPOSIÇÃO\",IFERROR(INDEX(COMPOSIÇÃO!$G:$G,MATCH($C110,COMPOSIÇÃO!$A:$A,0)),0),0))","v":30.73},37.012614019038523,37.01,{"$f":"J110/$J$302","v":5.5335589568112515E-5}]
["11.11","SINAPI","74125/002",{"$f":"IF(B111=\"SINAPI\",IFERROR(INDEX(SINAPI!$B:$B,MATCH($C111,SINAPI!$A:$A,0)),\"\"),IF(B111=\"COMPOSIÇÃO\",IFERROR(INDEX(COMPOSIÇÃO!$C:$C,MATCH($C111,COMPOSIÇÃO!$A:$A,0)),\"\"),\"\"))","v":"ESPELHO CRISTAL ESPESSURA 4MM, COM MOLDURA EM ALUMINIO E COMPENSADO 6MM PLASTIFICADO COLADO"},null,{"$f":"IF(B111=\"SINAPI\",IFERROR(INDEX(SINAPI!$C:$C,MATCH($C111,SINAPI!$A:$A,0)),\"\"),IF(B111=\"COMPOSIÇÃO\",IFERROR(INDEX(COMPOSIÇÃO!$D:$D,MATCH($C111,COMPOSIÇÃO!$A:$A,0)),\"\"),\"\"))","v":"M2"},{"$f":"0.6*0.6","v":0.36},{"$f":"IF(B111=\"SINAPI\",IFERROR(INDEX(SINAPI!$D:$D,MATCH($C111,SINAPI!$A:$A,0)),0),IF(B111=\"COMPOSIÇÃO\",IFERROR(INDEX(COMPOSIÇÃO!$G:$G,MATCH($C111,COMPOSIÇÃO!$A:$A,0)),0),0))","v":503.35},606.25770473423495,218.25,{"$f":"J111/$J$302","v":3.2631700684249002E-4}]
["11.12","COMPOSIÇÃO","IFMT 054.04.2019",{"$f":"IF(B112=\"SINAPI\",IFERROR(INDEX(SINAPI!$B:$B,MATCH($C112,SINAPI!$A:$A,0)),\"\"),IF(B112=\"COMPOSIÇÃO\",IFERROR(INDEX(COMPOSIÇÃO!$C:$C,MATCH($C112,COMPOSIÇÃO!$A:$A,0)),\"\"),\"\"))","v":"BARRA DE APOIO RETA, EM ALUMINIO, COMPRIMENTO 70CM, DIAMETRO MINIMO 3 CM FORNECIMENTO E INSTALAÇÃO."},null,{"$f":"IF(B112=\"SINAPI\",IFERROR(INDEX(SINAPI!$C:$C,MATCH($C112,SINAPI!$A:$A,0)),\"\"),IF(B112=\"COMPOSIÇÃO\",IFERROR(INDEX(COMPOSIÇÃO!$D:$D,MATCH($C112,COMPOSIÇÃO!$A:$A,0)),\"\"),\"\"))","v":"UN "},1,{"$f":"IF(B112=\"SINAPI\",IFERROR(INDEX(SINAPI!$D:$D,MATCH($C112,SINAPI!$A:$A,0)),0),IF(B112=\"COMPOSIÇÃO\",IFERROR(INDEX(COMPOSIÇÃO!$G:$G,MATCH($C112,COMPOSIÇÃO!$A:$A,0)),0),0))","v":126.223},152.02873997152943,152.03,{"$f":"J112/$J$302","v":2.2730801626695882E-4}]
["11.13","COMPOSIÇÃO","IFMT 055.04.2019",{"$f":"IF(B113=\"SINAPI\",IFERROR(INDEX(SINAPI!$B:$B,MATCH($C113,SINAPI!$A:$A,0)),\"\"),IF(B113=\"COMPOSIÇÃO\",IFERROR(INDEX(COMPOSIÇÃO!$C:$C,MATCH($C113,COMPOSIÇÃO!$A:$A,0)),\"\"),\"\"))","v":"BARRA DE APOIO RETA, EM ALUMINIO, COMPRIMENTO 80CM, DIAMETRO MINIMO 3 CM FORNECIMENTO E INSTALAÇÃO."},null,{"$f":"IF(B113=\"SINAPI\",IFERROR(INDEX(SINAPI!$C:$C,MATCH($C113,SINAPI!$A:$A,0)),\"\"),IF(B113=\"COMPOSIÇÃO\",IFERROR(INDEX(COMPOSIÇÃO!$D:$D,MATCH($C113,COMPOSIÇÃO!$A:$A,0)),\"\"),\"\"))","v":"UN "},1,{"$f":"IF(B113=\"SINAPI\",IFERROR(INDEX(SINAPI!$D:$D,MATCH($C113,SINAPI!$A:$A,0)),0),IF(B113=\"COMPOSIÇÃO\",IFERROR(INDEX(COMPOSIÇÃO!$G:$G,MATCH($C113,COMPOSIÇÃO!$A:$A,0)),0),0))","v":136.04300000000001},163.85639599713824,163.86,{"$f":"J113/$J$302","v":2.4499566891734444E-4}]
["11.14","ORSE","12128/ORSE","Barra de apoio, para lavatório,fixa, constituida de duas barras laterais em \"U\", em aço inox, d=1 1/4\",",null,{"$f":"IF(B114=\"SINAPI\",IFERROR(INDEX(SINAPI!$C:$C,MATCH($C114,SINAPI!$A:$A,0)),\"\"),IF(B114=\"COMPOSIÇÃO\",IFERROR(INDEX(COMPOSIÇÃO!$D:$D,MATCH($C114,COMPOSIÇÃO!$A:$A,0)),\"\"),\"\"))","v":""},1,484.98,584.13203862522948,584.13,{"$f":"J114/$J$302","v":8.7336335948180396E-4}]
[null,null,null,"Cozinha",null,{"$f":"IF(B116=\"SINAPI\",IFERROR(INDEX(SINAPI!$C:$C,MATCH($C115,SINAPI!$A:$A,0)),\"\"),IF(B116=\"COMPOSIÇÃO\",IFERROR(INDEX(COMPOSIÇÃO!$D:$D,MATCH($C115,COMPOSIÇÃO!$A:$A,0)),\"\"),\"\"))","v":""}]
["11.16","SINAPI",93441,{"$f":"IF(B116=\"SINAPI\",IFERROR(INDEX(SINAPI!$B:$B,MATCH($C116,SINAPI!$A:$A,0)),\"\"),IF(B116=\"COMPOSIÇÃO\",IFERROR(INDEX(COMPOSIÇÃO!$C:$C,MATCH($C116,COMPOSIÇÃO!$A:$A,0)),\"\"),\"\"))","v":"BANCADA GRANITO CINZA  150 X 60 CM, COM CUBA DE EMBUTIR DE AÇO, VÁLVULA AMERICANA EM METAL, SIFÃO FLEXÍVEL EM PVC, ENGATE FLEXÍVEL 30 CM, TORNEIRA CROMADA LONGA, DE PAREDE, 1/2\u0094 OU 3/4\u0094, P/ COZINHA, PADRÃO POPULAR - FORNEC. E INSTALAÇÃO. AF_01/2020"},null,{"$f":"IF(B116=\"SINAPI\",IFERROR(INDEX(SINAPI!$C:$C,MATCH($C116,SINAPI!$A:$A,0)),\"\"),IF(B116=\"COMPOSIÇÃO\",IFERROR(INDEX(COMPOSIÇÃO!$D:$D,MATCH($C116,COMPOSIÇÃO!$A:$A,0)),\"\"),\"\"))","v":"UN"},1,{"$f":"IF(B116=\"SINAPI\",IFERROR(INDEX(SINAPI!$D:$D,MATCH($C116,SINAPI!$A:$A,0)),0),IF(B116=\"COMPOSIÇÃO\",IFERROR(INDEX(COMPOSIÇÃO!$G:$G,MATCH($C116,COMPOSIÇÃO!$A:$A,0)),0),0))","v":917.21},{"$f":"H116*(1+$J$9)","v":1104.7295705955848},{"$f":"ROUND(G116*I116,2)","v":1104.73},{"$f":"J116/$J$302","v":1.6517396882891363E-3}]
["11.17",null,null,"Oficina",null,null,null,null,null,null,{"$f":"J117/$J$302","v":0}]
["11.18","COMPOSIÇÃO","IFMT 057.04.2019",{"$f":"IF(B118=\"SINAPI\",IFERROR(INDEX(SINAPI!$B:$B,MATCH($C118,SINAPI!$A:$A,0)),\"\"),IF(B118=\"COMPOSIÇÃO\",IFERROR(INDEX(COMPOSIÇÃO!$C:$C,MATCH($C118,COMPOSIÇÃO!$A:$A,0)),\"\"),\"\"))","v":"GRANITO PARA BANCADA PARA PIA, POLIDO, TIPO CINZA ANDORINHA, COM REBAIXO  E= *2,5* CM, FIXADO COM SUPORTE METALICO MÃO-FRANCESA AÇO  -  FORNECIMENTO E INSTALAÇÃO"},null,{"$f":"IF(B118=\"SINAPI\",IFERROR(INDEX(SINAPI!$C:$C,MATCH($C118,SINAPI!$A:$A,0)),\"\"),IF(B118=\"COMPOSIÇÃO\",IFERROR(INDEX(COMPOSIÇÃO!$D:$D,MATCH($C118,COMPOSIÇÃO!$A:$A,0)),\"\"),\"\"))","v":"M2"},1.2,{"$f":"IF(B118=\"SINAPI\",IFERROR(INDEX(SINAPI!$D:$D,MATCH($C118,SINAPI!$A:$A,0)),0),IF(B118=\"COMPOSIÇÃO\",IFERROR(INDEX(COMPOSIÇÃO!$G:$G,MATCH($C118,COMPOSIÇÃO!$A:$A,0)),0),0))","v":721.60408820000009},869.13288614080159,1042.96,{"$f":"J118/$J$302","v":1.559384125802719E-3}]
["11.19","COMPOSIÇÃO","IFMT 058.04.2019",{"$f":"IF(B119=\"SINAPI\",IFERROR(INDEX(SINAPI!$B:$B,MATCH($C119,SINAPI!$A:$A,0)),\"\"),IF(B119=\"COMPOSIÇÃO\",IFERROR(INDEX(COMPOSIÇÃO!$C:$C,MATCH($C119,COMPOSIÇÃO!$A:$A,0)),\"\"),\"\"))","v":"GRANITO PARA BANCADA SECA, POLIDO, TIPO CINZA ANDORINHA, COM REBAIXO  E= *2,5* CM, FIXADO COM SUPORTE METALICO MÃO-FRANCESA AÇO - FORNECIMENTO E INSTALAÇÃO"},null,{"$f":"IF(B119=\"SINAPI\",IFERROR(INDEX(SINAPI!$C:$C,MATCH($C119,SINAPI!$A:$A,0)),\"\"),IF(B119=\"COMPOSIÇÃO\",IFERROR(INDEX(COMPOSIÇÃO!$D:$D,MATCH($C119,COMPOSIÇÃO!$A:$A,0)),\"\"),\"\"))","v":"M2"},4.2,{"$f":"IF(B119=\"SINAPI\",IFERROR(INDEX(SINAPI!$D:$D,MATCH($C119,SINAPI!$A:$A,0)),0),IF(B119=\"COMPOSIÇÃO\",IFERROR(INDEX(COMPOSIÇÃO!$G:$G,MATCH($C119,COMPOSIÇÃO!$A:$A,0)),0),0))","v":693.46735400000011},835.24371976589498,3508.02,{"$f":"J119/$J$302","v":5.2450244506006506E-3}]
["11.20","SINAPI",86938,{"$f":"IF(B120=\"SINAPI\",IFERROR(INDEX(SINAPI!$B:$B,MATCH($C120,SINAPI!$A:$A,0)),\"\"),IF(B120=\"COMPOSIÇÃO\",IFERROR(INDEX(COMPOSIÇÃO!$C:$C,MATCH($C120,COMPOSIÇÃO!$A:$A,0)),\"\"),\"\"))","v":"CUBA DE EMBUTIR OVAL EM LOUÇA BRANCA, 35 X 50CM OU EQUIVALENTE, INCLUSO VÁLVULA E SIFÃO TIPO GARRAFA EM METAL CROMADO - FORNECIMENTO E INSTALAÇÃO. AF_01/2020"},null,{"$f":"IF(B120=\"SINAPI\",IFERROR(INDEX(SINAPI!$C:$C,MATCH($C120,SINAPI!$A:$A,0)),\"\"),IF(B120=\"COMPOSIÇÃO\",IFERROR(INDEX(COMPOSIÇÃO!$D:$D,MATCH($C120,COMPOSIÇÃO!$A:$A,0)),\"\"),\"\"))","v":"UN"},2,{"$f":"IF(B120=\"SINAPI\",IFERROR(INDEX(SINAPI!$D:$D,MATCH($C120,SINAPI!$A:$A,0)),0),IF(B120=\"COMPOSIÇÃO\",IFERROR(INDEX(COMPOSIÇÃO!$G:$G,MATCH($C120,COMPOSIÇÃO!$A:$A,0)),0),0))","v":292.62},352.44487843316148,704.89,{"$f":"J120/$J$302","v":1.0539179608394173E-3}]
["11.21","SINAPI",86911,{"$f":"IF(B121=\"SINAPI\",IFERROR(INDEX(SINAPI!$B:$B,MATCH($C121,SINAPI!$A:$A,0)),\"\"),IF(B121=\"COMPOSIÇÃO\",IFERROR(INDEX(COMPOSIÇÃO!$C:$C,MATCH($C121,COMPOSIÇÃO!$A:$A,0)),\"\"),\"\"))","v":"TORNEIRA CROMADA LONGA, DE PAREDE, 1/2\u0094 OU 3/4\u0094, PARA PIA DE COZINHA, PADRÃO POPULAR - FORNECIMENTO E INSTALAÇÃO. AF_01/2020"},null,{"$f":"IF(B121=\"SINAPI\",IFERROR(INDEX(SINAPI!$C:$C,MATCH($C121,SINAPI!$A:$A,0)),\"\"),IF(B121=\"COMPOSIÇÃO\",IFERROR(INDEX(COMPOSIÇÃO!$D:$D,MATCH($C121,COMPOSIÇÃO!$A:$A,0)),\"\"),\"\"))","v":"UN"},2,{"$f":"IF(B121=\"SINAPI\",IFERROR(INDEX(SINAPI!$D:$D,MATCH($C121,SINAPI!$A:$A,0)),0),IF(B121=\"COMPOSIÇÃO\",IFERROR(INDEX(COMPOSIÇÃO!$G:$G,MATCH($C121,COMPOSIÇÃO!$A:$A,0)),0),0))","v":42.71},51.441872592031736,102.88,{"$f":"J121/$J$302","v":1.5382127681079209E-4}]
[null,null,null,"Materiais",null,{"$f":"IF(B122=\"SINAPI\",IFERROR(INDEX(SINAPI!$C:$C,MATCH($C122,SINAPI!$A:$A,0)),\"\"),IF(B122=\"COMPOSIÇÃO\",IFERROR(INDEX(COMPOSIÇÃO!$D:$D,MATCH($C122,COMPOSIÇÃO!$A:$A,0)),\"\"),\"\"))","v":""}]
["11.23","COMPOSIÇÃO","IFMT 057.04.2019",{"$f":"IF(B123=\"SINAPI\",IFERROR(INDEX(SINAPI!$B:$B,MATCH($C123,SINAPI!$A:$A,0)),\"\"),IF(B123=\"COMPOSIÇÃO\",IFERROR(INDEX(COMPOSIÇÃO!$C:$C,MATCH($C123,COMPOSIÇÃO!$A:$A,0)),\"\"),\"\"))","v":"GRANITO PARA BANCADA PARA PIA, POLIDO, TIPO CINZA ANDORINHA, COM REBAIXO  E= *2,5* CM, FIXADO COM SUPORTE METALICO MÃO-FRANCESA AÇO  -  FORNECIMENTO E INSTALAÇÃO"},null,{"$f":"IF(B123=\"SINAPI\",IFERROR(INDEX(SINAPI!$C:$C,MATCH($C123,SINAPI!$A:$A,0)),\"\"),IF(B123=\"COMPOSIÇÃO\",IFERROR(INDEX(COMPOSIÇÃO!$D:$D,MATCH($C123,COMPOSIÇÃO!$A:$A,0)),\"\"),\"\"))","v":"M2"},1.5,{"$f":"IF(B123=\"SINAPI\",IFERROR(INDEX(SINAPI!$D:$D,MATCH($C123,SINAPI!$A:$A,0)),0),IF(B123=\"COMPOSIÇÃO\",IFERROR(INDEX(COMPOSIÇÃO!$G:$G,MATCH($C123,COMPOSIÇÃO!$A:$A,0)),0),0))","v":721.60408820000009},869.13288614080159,1303.7,{"$f":"J123/$J$302","v":1.9492301572533988E-3}]
["11.24","COMPOSIÇÃO","IFMT 058.04.2019",{"$f":"IF(B124=\"SINAPI\",IFERROR(INDEX(SINAPI!$B:$B,MATCH($C124,SINAPI!$A:$A,0)),\"\"),IF(B124=\"COMPOSIÇÃO\",IFERROR(INDEX(COMPOSIÇÃO!$C:$C,MATCH($C124,COMPOSIÇÃO!$A:$A,0)),\"\"),\"\"))","v":"GRANITO PARA BANCADA SECA, POLIDO, TIPO CINZA ANDORINHA, COM REBAIXO  E= *2,5* CM, FIXADO COM SUPORTE METALICO MÃO-FRANCESA AÇO - FORNECIMENTO E INSTALAÇÃO"},null,{"$f":"IF(B124=\"SINAPI\",IFERROR(INDEX(SINAPI!$C:$C,MATCH($C124,SINAPI!$A:$A,0)),\"\"),IF(B124=\"COMPOSIÇÃO\",IFERROR(INDEX(COMPOSIÇÃO!$D:$D,MATCH($C124,COMPOSIÇÃO!$A:$A,0)),\"\"),\"\"))","v":"M2"},5.4,{"$f":"IF(B124=\"SINAPI\",IFERROR(INDEX(SINAPI!$D:$D,MATCH($C124,SINAPI!$A:$A,0)),0),IF(B124=\"COMPOSIÇÃO\",IFERROR(INDEX(COMPOSIÇÃO!$G:$G,MATCH($C124,COMPOSIÇÃO!$A:$A,0)),0),0))","v":693.46735400000011},835.24371976589498,4510.32,{"$f":"J124/$J$302","v":6.7436156806498036E-3}]
["11.25","SINAPI",86938,{"$f":"IF(B125=\"SINAPI\",IFERROR(INDEX(SINAPI!$B:$B,MATCH($C125,SINAPI!$A:$A,0)),\"\"),IF(B125=\"COMPOSIÇÃO\",IFERROR(INDEX(COMPOSIÇÃO!$C:$C,MATCH($C125,COMPOSIÇÃO!$A:$A,0)),\"\"),\"\"))","v":"CUBA DE EMBUTIR OVAL EM LOUÇA BRANCA, 35 X 50CM OU EQUIVALENTE, INCLUSO VÁLVULA E SIFÃO TIPO GARRAFA EM METAL CROMADO - FORNECIMENTO E INSTALAÇÃO. AF_01/2020"},null,{"$f":"IF(B125=\"SINAPI\",IFERROR(INDEX(SINAPI!$C:$C,MATCH($C125,SINAPI!$A:$A,0)),\"\"),IF(B125=\"COMPOSIÇÃO\",IFERROR(INDEX(COMPOSIÇÃO!$D:$D,MATCH($C125,COMPOSIÇÃO!$A:$A,0)),\"\"),\"\"))","v":"UN"},2,{"$f":"IF(B125=\"SINAPI\",IFERROR(INDEX(SINAPI!$D:$D,MATCH($C125,SINAPI!$A:$A,0)),0),IF(B125=\"COMPOSIÇÃO\",IFERROR(INDEX(COMPOSIÇÃO!$G:$G,MATCH($C125,COMPOSIÇÃO!$A:$A,0)),0),0))","v":292.62},352.44487843316148,704.89,{"$f":"J125/$J$302","v":1.0539179608394173E-3}]
["11.26","SINAPI",86911,{"$f":"IF(B126=\"SINAPI\",IFERROR(INDEX(SINAPI!$B:$B,MATCH($C126,SINAPI!$A:$A,0)),\"\"),IF(B126=\"COMPOSIÇÃO\",IFERROR(INDEX(COMPOSIÇÃO!$C:$C,MATCH($C126,COMPOSIÇÃO!$A:$A,0)),\"\"),\"\"))","v":"TORNEIRA CROMADA LONGA, DE PAREDE, 1/2\u0094 OU 3/4\u0094, PARA PIA DE COZINHA, PADRÃO POPULAR - FORNECIMENTO E INSTALAÇÃO. AF_01/2020"},null,{"$f":"IF(B126=\"SINAPI\",IFERROR(INDEX(SINAPI!$C:$C,MATCH($C126,SINAPI!$A:$A,0)),\"\"),IF(B126=\"COMPOSIÇÃO\",IFERROR(INDEX(COMPOSIÇÃO!$D:$D,MATCH($C126,COMPOSIÇÃO!$A:$A,0)),\"\"),\"\"))","v":"UN"},12,{"$f":"IF(B126=\"SINAPI\",IFERROR(INDEX(SINAPI!$D:$D,MATCH($C126,SINAPI!$A:$A,0)),0),IF(B126=\"COMPOSIÇÃO\",IFERROR(INDEX(COMPOSIÇÃO!$G:$G,MATCH($C126,COMPOSIÇÃO!$A:$A,0)),0),0))","v":42.71},51.441872592031736,617.29999999999995,{"$f":"J126/$J$302","v":9.2295756391234409E-4}]
[null,null,null,"Hidráulica",null,{"$f":"IF(B127=\"SINAPI\",IFERROR(INDEX(SINAPI!$C:$C,MATCH($C127,SINAPI!$A:$A,0)),\"\"),IF(B127=\"COMPOSIÇÃO\",IFERROR(INDEX(COMPOSIÇÃO!$D:$D,MATCH($C127,COMPOSIÇÃO!$A:$A,0)),\"\"),\"\"))","v":""}]
["11.28","SINAPI",86911,{"$f":"IF(B128=\"SINAPI\",IFERROR(INDEX(SINAPI!$B:$B,MATCH($C128,SINAPI!$A:$A,0)),\"\"),IF(B128=\"COMPOSIÇÃO\",IFERROR(INDEX(COMPOSIÇÃO!$C:$C,MATCH($C128,COMPOSIÇÃO!$A:$A,0)),\"\"),\"\"))","v":"TORNEIRA CROMADA LONGA, DE PAREDE, 1/2\u0094 OU 3/4\u0094, PARA PIA DE COZINHA, PADRÃO POPULAR - FORNECIMENTO E INSTALAÇÃO. AF_01/2020"},null,{"$f":"IF(B128=\"SINAPI\",IFERROR(INDEX(SINAPI!$C:$C,MATCH($C128,SINAPI!$A:$A,0)),\"\"),IF(B128=\"COMPOSIÇÃO\",IFERROR(INDEX(COMPOSIÇÃO!$D:$D,MATCH($C128,COMPOSIÇÃO!$A:$A,0)),\"\"),\"\"))","v":"UN"},3,{"$f":"IF(B128=\"SINAPI\",IFERROR(INDEX(SINAPI!$D:$D,MATCH($C128,SINAPI!$A:$A,0)),0),IF(B128=\"COMPOSIÇÃO\",IFERROR(INDEX(COMPOSIÇÃO!$G:$G,MATCH($C128,COMPOSIÇÃO!$A:$A,0)),0),0))","v":42.71},51.441872592031736,154.33000000000001,{"$f":"J128/$J$302","v":2.3074686673998392E-4}]
[null,null,null,"Hangar",null,{"$f":"IF(B129=\"SINAPI\",IFERROR(INDEX(SINAPI!$C:$C,MATCH($C129,SINAPI!$A:$A,0)),\"\"),IF(B129=\"COMPOSIÇÃO\",IFERROR(INDEX(COMPOSIÇÃO!$D:$D,MATCH($C129,COMPOSIÇÃO!$A:$A,0)),\"\"),\"\"))","v":""}]
["11.30","COMPOSIÇÃO","IFMT 058.04.2019",{"$f":"IF(B130=\"SINAPI\",IFERROR(INDEX(SINAPI!$B:$B,MATCH($C130,SINAPI!$A:$A,0)),\"\"),IF(B130=\"COMPOSIÇÃO\",IFERROR(INDEX(COMPOSIÇÃO!$C:$C,MATCH($C130,COMPOSIÇÃO!$A:$A,0)),\"\"),\"\"))","v":"GRANITO PARA BANCADA SECA, POLIDO, TIPO CINZA ANDORINHA, COM REBAIXO  E= *2,5* CM, FIXADO COM SUPORTE METALICO MÃO-FRANCESA AÇO - FORNECIMENTO E INSTALAÇÃO"},null,{"$f":"IF(B130=\"SINAPI\",IFERROR(INDEX(SINAPI!$C:$C,MATCH($C130,SINAPI!$A:$A,0)),\"\"),IF(B130=\"COMPOSIÇÃO\",IFERROR(INDEX(COMPOSIÇÃO!$D:$D,MATCH($C130,COMPOSIÇÃO!$A:$A,0)),\"\"),\"\"))","v":"M2"},1.2,{"$f":"IF(B130=\"SINAPI\",IFERROR(INDEX(SINAPI!$D:$D,MATCH($C130,SINAPI!$A:$A,0)),0),IF(B130=\"COMPOSIÇÃO\",IFERROR(INDEX(COMPOSIÇÃO!$G:$G,MATCH($C130,COMPOSIÇÃO!$A:$A,0)),0),0))","v":693.46735400000011},835.24371976589498,1002.29,{"$f":"J130/$J$302","v":1.4985762785253577E-3}]
["11.31","SINAPI",86929,{"$f":"IF(B131=\"SINAPI\",IFERROR(INDEX(SINAPI!$B:$B,MATCH($C131,SINAPI!$A:$A,0)),\"\"),IF(B131=\"COMPOSIÇÃO\",IFERROR(INDEX(COMPOSIÇÃO!$C:$C,MATCH($C131,COMPOSIÇÃO!$A:$A,0)),\"\"),\"\"))","v":"TANQUE DE MÁRMORE SINTÉTICO SUSPENSO, 22L OU EQUIVALENTE, INCLUSO SIFÃO FLEXÍVEL EM PVC, VÁLVULA PLÁSTICA E TORNEIRA DE METAL CROMADO PADRÃO POPULAR - FORNECIMENTO E INSTALAÇÃO. AF_01/2020"},null,{"$f":"IF(B131=\"SINAPI\",IFERROR(INDEX(SINAPI!$C:$C,MATCH($C131,SINAPI!$A:$A,0)),\"\"),IF(B131=\"COMPOSIÇÃO\",IFERROR(INDEX(COMPOSIÇÃO!$D:$D,MATCH($C131,COMPOSIÇÃO!$A:$A,0)),\"\"),\"\"))","v":"UN"},1,{"$f":"IF(B131=\"SINAPI\",IFERROR(INDEX(SINAPI!$D:$D,MATCH($C131,SINAPI!$A:$A,0)),0),IF(B131=\"COMPOSIÇÃO\",IFERROR(INDEX(COMPOSIÇÃO!$G:$G,MATCH($C131,COMPOSIÇÃO!$A:$A,0)),0),0))","v":227.43},273.92706821835117,273.93,{"$f":"J131/$J$302","v":4.0956709133728886E-4}]
["11.32","SINAPI",86913,{"$f":"IF(B132=\"SINAPI\",IFERROR(INDEX(SINAPI!$B:$B,MATCH($C132,SINAPI!$A:$A,0)),\"\"),IF(B132=\"COMPOSIÇÃO\",IFERROR(INDEX(COMPOSIÇÃO!$C:$C,MATCH($C132,COMPOSIÇÃO!$A:$A,0)),\"\"),\"\"))","v":"TORNEIRA CROMADA 1/2\u0094 OU 3/4\u0094 PARA TANQUE, PADRÃO POPULAR - FORNECIMENTO E INSTALAÇÃO. AF_01/2020"},null,{"$f":"IF(B132=\"SINAPI\",IFERROR(INDEX(SINAPI!$C:$C,MATCH($C132,SINAPI!$A:$A,0)),\"\"),IF(B132=\"COMPOSIÇÃO\",IFERROR(INDEX(COMPOSIÇÃO!$D:$D,MATCH($C132,COMPOSIÇÃO!$A:$A,0)),\"\"),\"\"))","v":"UN"},1,{"$f":"IF(B132=\"SINAPI\",IFERROR(INDEX(SINAPI!$D:$D,MATCH($C132,SINAPI!$A:$A,0)),0),IF(B132=\"COMPOSIÇÃO\",IFERROR(INDEX(COMPOSIÇÃO!$G:$G,MATCH($C132,COMPOSIÇÃO!$A:$A,0)),0),0))","v":19.05},22.944689133182031,22.94,{"$f":"J132/$J$302","v":3.4298795587476388E-5}]
["12.0",null,null,"DRENAGEM DO AR CONDICIONADO",null,null,null,null,null,{"$f":"SUM(J134)","v":1390.44},{"$f":"J133/$J$302","v":2.078919674657832E-3}]
["12.1","COMPOSIÇÃO","IFMT 059.05.2019",{"$f":"IF(B134=\"SINAPI\",IFERROR(INDEX(SINAPI!$B:$B,MATCH($C134,SINAPI!$A:$A,0)),\"\"),IF(B134=\"COMPOSIÇÃO\",IFERROR(INDEX(COMPOSIÇÃO!$C:$C,MATCH($C134,COMPOSIÇÃO!$A:$A,0)),\"\"),\"\"))","v":"DRENO EM PVC SOLDAVEL 25MM FIXADO COM BRÇADAEIRA DE AÇO NA PAREDE E NO PISO/CALÇADA ESCAVAÇÃO E CONCRETO"},null,{"$f":"IF(B134=\"SINAPI\",IFERROR(INDEX(SINAPI!$C:$C,MATCH($C134,SINAPI!$A:$A,0)),\"\"),IF(B134=\"COMPOSIÇÃO\",IFERROR(INDEX(COMPOSIÇÃO!$D:$D,MATCH($C134,COMPOSIÇÃO!$A:$A,0)),\"\"),\"\"))","v":"UN"},54,{"$f":"IF(B134=\"SINAPI\",IFERROR(INDEX(SINAPI!$D:$D,MATCH($C134,SINAPI!$A:$A,0)),0),IF(B134=\"COMPOSIÇÃO\",IFERROR(INDEX(COMPOSIÇÃO!$G:$G,MATCH($C134,COMPOSIÇÃO!$A:$A,0)),0),0))","v":21.378149999999998},25.748819212206584,1390.44,{"$f":"J134/$J$302","v":2.078919674657832E-3}]
["13.0",null,null,"LIMPEZA TERRENO",null,null,null,null,null,{"$f":"SUM(J136)","v":1869.57},{"$f":"J135/$J$302","v":2.7952920342841424E-3}]
["13.1","SINAPI",99814,{"$f":"IF(B136=\"SINAPI\",IFERROR(INDEX(SINAPI!$B:$B,MATCH($C136,SINAPI!$A:$A,0)),\"\"),IF(B136=\"COMPOSIÇÃO\",IFERROR(INDEX(COMPOSIÇÃO!$C:$C,MATCH($C136,COMPOSIÇÃO!$A:$A,0)),\"\"),\"\"))","v":"LIMPEZA DE SUPERFÍCIE COM JATO DE ALTA PRESSÃO. AF_04/2019"},null,{"$f":"IF(B136=\"SINAPI\",IFERROR(INDEX(SINAPI!$C:$C,MATCH($C136,SINAPI!$A:$A,0)),\"\"),IF(B136=\"COMPOSIÇÃO\",IFERROR(INDEX(COMPOSIÇÃO!$D:$D,MATCH($C136,COMPOSIÇÃO!$A:$A,0)),\"\"),\"\"))","v":"M2"},1085.47,{"$f":"IF(B136=\"SINAPI\",IFERROR(INDEX(SINAPI!$D:$D,MATCH($C136,SINAPI!$A:$A,0)),0),IF(B136=\"COMPOSIÇÃO\",IFERROR(INDEX(COMPOSIÇÃO!$G:$G,MATCH($C136,COMPOSIÇÃO!$A:$A,0)),0),0))","v":1.43},1.7223572420183886,1869.57,{"$f":"J136/$J$302","v":2.7952920342841424E-3}]
["14.0",null,null,"FECHAMENTO",null,null,null,null,null,{"$f":"SUM(J138:J142)","v":53203.59},{"$f":"J137/$J$302","v":7.9547474190492712E-2}]
["14.1","SINAPI",98522,{"$f":"IF(B138=\"SINAPI\",IFERROR(INDEX(SINAPI!$B:$B,MATCH($C138,SINAPI!$A:$A,0)),\"\"),IF(B138=\"COMPOSIÇÃO\",IFERROR(INDEX(COMPOSIÇÃO!$C:$C,MATCH($C138,COMPOSIÇÃO!$A:$A,0)),\"\"),\"\"))","v":"ALAMBRADO EM MOURÕES DE CONCRETO, COM TELA DE ARAME GALVANIZADO (INCLUSIVE MURETA EM CONCRETO). AF_05/2018"},null,{"$f":"IF(B138=\"SINAPI\",IFERROR(INDEX(SINAPI!$C:$C,MATCH($C138,SINAPI!$A:$A,0)),\"\"),IF(B138=\"COMPOSIÇÃO\",IFERROR(INDEX(COMPOSIÇÃO!$D:$D,MATCH($C138,COMPOSIÇÃO!$A:$A,0)),\"\"),\"\"))","v":"M"},86,{"$f":"IF(B138=\"SINAPI\",IFERROR(INDEX(SINAPI!$D:$D,MATCH($C138,SINAPI!$A:$A,0)),0),IF(B138=\"COMPOSIÇÃO\",IFERROR(INDEX(COMPOSIÇÃO!$G:$G,MATCH($C138,COMPOSIÇÃO!$A:$A,0)),0),0))","v":111.28},134.03070901524916,11526.64,{"$f":"J138/$J$302","v":1.7234083224517385E-2}]
["14.2","COMPOSIÇÃO","IFMT 089.02.03.2020",{"$f":"IF(B139=\"SINAPI\",IFERROR(INDEX(SINAPI!$B:$B,MATCH($C139,SINAPI!$A:$A,0)),\"\"),IF(B139=\"COMPOSIÇÃO\",IFERROR(INDEX(COMPOSIÇÃO!$C:$C,MATCH($C139,COMPOSIÇÃO!$A:$A,0)),\"\"),\"\"))","v":"PORTAO DE FERRO EM CHAPA GALVANIZADA PLANA 14 GSG"},null,{"$f":"IF(B139=\"SINAPI\",IFERROR(INDEX(SINAPI!$C:$C,MATCH($C139,SINAPI!$A:$A,0)),\"\"),IF(B139=\"COMPOSIÇÃO\",IFERROR(INDEX(COMPOSIÇÃO!$D:$D,MATCH($C139,COMPOSIÇÃO!$A:$A,0)),\"\"),\"\"))","v":"M2"},{"$f":"4*1.8+1.2*1.8","v":9.36},{"$f":"IF(B139=\"SINAPI\",IFERROR(INDEX(SINAPI!$D:$D,MATCH($C139,SINAPI!$A:$A,0)),0),IF(B139=\"COMPOSIÇÃO\",IFERROR(INDEX(COMPOSIÇÃO!$G:$G,MATCH($C139,COMPOSIÇÃO!$A:$A,0)),0),0))","v":286.06849999999997},344.55395292890728,3225.02,{"$f":"J139/$J$302","v":4.8218963271806055E-3}]
["14.3","COTAÇÃO","COT.15",{"$f":"Cotação!C18","v":"Kit Motor Automatizador Portão Deslizante Dz4 Bi-Turbo Rossi 220V"},null,"Unid",1,{"$f":"Cotação!K18","v":764.92},921.30454654874541,921.3,{"$f":"J140/$J$302","v":1.3774838873034871E-3}]
["14.4","COMPOSIÇÃO","IFMT 249.09.2020",{"$f":"IF(B141=\"SINAPI\",IFERROR(INDEX(SINAPI!$B:$B,MATCH($C141,SINAPI!$A:$A,0)),\"\"),IF(B141=\"COMPOSIÇÃO\",IFERROR(INDEX(COMPOSIÇÃO!$C:$C,MATCH($C141,COMPOSIÇÃO!$A:$A,0)),\"\"),\"\"))","v":"PINTURA ESMALTE ALTO BRILHO, DUAS DEMAOS, SOBRE SUPERFICIE METALICA"},null,{"$f":"IF(B141=\"SINAPI\",IFERROR(INDEX(SINAPI!$C:$C,MATCH($C141,SINAPI!$A:$A,0)),\"\"),IF(B141=\"COMPOSIÇÃO\",IFERROR(INDEX(COMPOSIÇÃO!$D:$D,MATCH($C141,COMPOSIÇÃO!$A:$A,0)),\"\"),\"\"))","v":"M2"},{"$f":"4*1.8+1.2*1.8","v":9.36},{"$f":"IF(B141=\"SINAPI\",IFERROR(INDEX(SINAPI!$D:$D,MATCH($C141,SINAPI!$A:$A,0)),0),IF(B141=\"COMPOSIÇÃO\",IFERROR(INDEX(COMPOSIÇÃO!$G:$G,MATCH($C141,COMPOSIÇÃO!$A:$A,0)),0),0))","v":24.668100000000003},29.711385092191481,278.10000000000002,{"$f":"J141/$J$302","v":4.1580187676012136E-4}]
["14.5","COMPOSIÇÃO","IFMT 077.05.2019",{"$f":"IF(B142=\"SINAPI\",IFERROR(INDEX(SINAPI!$B:$B,MATCH($C142,SINAPI!$A:$A,0)),\"\"),IF(B142=\"COMPOSIÇÃO\",IFERROR(INDEX(COMPOSIÇÃO!$C:$C,MATCH($C142,COMPOSIÇÃO!$A:$A,0)),\"\"),\"\"))","v":"GRADE DE FERRO EM BARRA CHATA 3/16\""},null,{"$f":"IF(B142=\"SINAPI\",IFERROR(INDEX(SINAPI!$C:$C,MATCH($C142,SINAPI!$A:$A,0)),\"\"),IF(B142=\"COMPOSIÇÃO\",IFERROR(INDEX(COMPOSIÇÃO!$D:$D,MATCH($C142,COMPOSIÇÃO!$A:$A,0)),\"\"),\"\"))","v":"M²"},30,{"$f":"IF(B142=\"SINAPI\",IFERROR(INDEX(SINAPI!$D:$D,MATCH($C142,SINAPI!$A:$A,0)),0),IF(B142=\"COMPOSIÇÃO\",IFERROR(INDEX(COMPOSIÇÃO!$G:$G,MATCH($C142,COMPOSIÇÃO!$A:$A,0)),0),0))","v":1030.973},1241.7509180947022,37252.53,{"$f":"J142/$J$302","v":5.5698208874731113E-2}]
["15.0",null,null,"INSTALAÇÕES ELÉTRICAS",null,null,null,null,null,{"$f":"SUM(J144:J296)","v":147275.93999999997},{"$f":"J143/$J$302","v":0.22019997214531109}]
["15.1","SINAPI",95801,{"$f":"IF(B144=\"SINAPI\",IFERROR(INDEX(SINAPI!$B:$B,MATCH($C144,SINAPI!$A:$A,0)),\"\"),IF(B144=\"COMPOSIÇÃO\",IFERROR(INDEX(COMPOSIÇÃO!$C:$C,MATCH($C144,COMPOSIÇÃO!$A:$A,0)),\"\"),\"\"))","v":"CONDULETE DE ALUMÍNIO, TIPO X, PARA ELETRODUTO DE AÇO GALVANIZADO DN 20 MM (3/4''), APARENTE - FORNECIMENTO E INSTALAÇÃO. AF_11/2016_P"},null,{"$f":"IF(B144=\"SINAPI\",IFERROR(INDEX(SINAPI!$C:$C,MATCH($C144,SINAPI!$A:$A,0)),\"\"),IF(B144=\"COMPOSIÇÃO\",IFERROR(INDEX(COMPOSIÇÃO!$D:$D,MATCH($C144,COMPOSIÇÃO!$A:$A,0)),\"\"),\"\"))","v":"UN"},239,{"$f":"IF(B144=\"SINAPI\",IFERROR(INDEX(SINAPI!$D:$D,MATCH($C144,SINAPI!$A:$A,0)),0),IF(B144=\"COMPOSIÇÃO\",IFERROR(INDEX(COMPOSIÇÃO!$G:$G,MATCH($C144,COMPOSIÇÃO!$A:$A,0)),0),0))","v":29.52},{"$f":"H144*(1+$J$9)","v":35.55523481425373},{"$f":"ROUND(G144*I144,2)","v":8497.7000000000007},{"$f":"J144/$J$302","v":1.2705356375924067E-2}]
["15.2","SINAPI",95802,{"$f":"IF(B145=\"SINAPI\",IFERROR(INDEX(SINAPI!$B:$B,MATCH($C145,SINAPI!$A:$A,0)),\"\"),IF(B145=\"COMPOSIÇÃO\",IFERROR(INDEX(COMPOSIÇÃO!$C:$C,MATCH($C145,COMPOSIÇÃO!$A:$A,0)),\"\"),\"\"))","v":"CONDULETE DE ALUMÍNIO, TIPO X, PARA ELETRODUTO DE AÇO GALVANIZADO DN 25 MM (1''), APARENTE - FORNECIMENTO E INSTALAÇÃO. AF_11/2016_P"},null,{"$f":"IF(B145=\"SINAPI\",IFERROR(INDEX(SINAPI!$C:$C,MATCH($C145,SINAPI!$A:$A,0)),\"\"),IF(B145=\"COMPOSIÇÃO\",IFERROR(INDEX(COMPOSIÇÃO!$D:$D,MATCH($C145,COMPOSIÇÃO!$A:$A,0)),\"\"),\"\"))","v":"UN"},30,{"$f":"IF(B145=\"SINAPI\",IFERROR(INDEX(SINAPI!$D:$D,MATCH($C145,SINAPI!$A:$A,0)),0),IF(B145=\"COMPOSIÇÃO\",IFERROR(INDEX(COMPOSIÇÃO!$G:$G,MATCH($C145,COMPOSIÇÃO!$A:$A,0)),0),0))","v":32.9},39.626261022660827,1188.79,{"$f":"J145/$J$302","v":1.7774221973163057E-3}]
["15.3","SINAPI",95803,{"$f":"IF(B146=\"SINAPI\",IFERROR(INDEX(SINAPI!$B:$B,MATCH($C146,SINAPI!$A:$A,0)),\"\"),IF(B146=\"COMPOSIÇÃO\",IFERROR(INDEX(COMPOSIÇÃO!$C:$C,MATCH($C146,COMPOSIÇÃO!$A:$A,0)),\"\"),\"\"))","v":"CONDULETE DE ALUMÍNIO, TIPO X, PARA ELETRODUTO DE AÇO GALVANIZADO DN 32 MM (1 1/4''), APARENTE - FORNECIMENTO E INSTALAÇÃO. AF_11/2016_P"},null,{"$f":"IF(B146=\"SINAPI\",IFERROR(INDEX(SINAPI!$C:$C,MATCH($C146,SINAPI!$A:$A,0)),\"\"),IF(B146=\"COMPOSIÇÃO\",IFERROR(INDEX(COMPOSIÇÃO!$D:$D,MATCH($C146,COMPOSIÇÃO!$A:$A,0)),\"\"),\"\"))","v":"UN"},11,{"$f":"IF(B146=\"SINAPI\",IFERROR(INDEX(SINAPI!$D:$D,MATCH($C146,SINAPI!$A:$A,0)),0),IF(B146=\"COMPOSIÇÃO\",IFERROR(INDEX(COMPOSIÇÃO!$G:$G,MATCH($C146,COMPOSIÇÃO!$A:$A,0)),0),0))","v":43.32},52.17658442254308,573.94000000000005,{"$f":"J146/$J$302","v":8.5812775673392322E-4}]
["15.4","COMPOSIÇÃO","IFMT 194.02.2020",{"$f":"IF(B147=\"SINAPI\",IFERROR(INDEX(SINAPI!$B:$B,MATCH($C147,SINAPI!$A:$A,0)),\"\"),IF(B147=\"COMPOSIÇÃO\",IFERROR(INDEX(COMPOSIÇÃO!$C:$C,MATCH($C147,COMPOSIÇÃO!$A:$A,0)),\"\"),\"\"))","v":"CONDULETE MULTIPLO DE ALUMÍNIO TIPO X 1.1/2\" - FORNECIMENTO E INSTALAÇÃO"},null,{"$f":"IF(B147=\"SINAPI\",IFERROR(INDEX(SINAPI!$C:$C,MATCH($C147,SINAPI!$A:$A,0)),\"\"),IF(B147=\"COMPOSIÇÃO\",IFERROR(INDEX(COMPOSIÇÃO!$D:$D,MATCH($C147,COMPOSIÇÃO!$A:$A,0)),\"\"),\"\"))","v":"UN"},7,{"$f":"IF(B147=\"SINAPI\",IFERROR(INDEX(SINAPI!$D:$D,MATCH($C147,SINAPI!$A:$A,0)),0),IF(B147=\"COMPOSIÇÃO\",IFERROR(INDEX(COMPOSIÇÃO!$G:$G,MATCH($C147,COMPOSIÇÃO!$A:$A,0)),0),0))","v":53.189099999999996},64.063378728279915,448.44,{"$f":"J147/$J$302","v":6.7048613309711902E-4}]
["15.5","COMPOSIÇÃO","IFMT 126.01.2020",{"$f":"IF(B148=\"SINAPI\",IFERROR(INDEX(SINAPI!$B:$B,MATCH($C148,SINAPI!$A:$A,0)),\"\"),IF(B148=\"COMPOSIÇÃO\",IFERROR(INDEX(COMPOSIÇÃO!$C:$C,MATCH($C148,COMPOSIÇÃO!$A:$A,0)),\"\"),\"\"))","v":"CURVA 90 GRAUS PARA ELETRODUTO, AÇO GALVANIZADO, DN 20 MM (3/4''), APARENTE, INSTALADA EM PAREDE - FORNECIMENTO E INSTALAÇÃO."},null,{"$f":"IF(B148=\"SINAPI\",IFERROR(INDEX(SINAPI!$C:$C,MATCH($C148,SINAPI!$A:$A,0)),\"\"),IF(B148=\"COMPOSIÇÃO\",IFERROR(INDEX(COMPOSIÇÃO!$D:$D,MATCH($C148,COMPOSIÇÃO!$A:$A,0)),\"\"),\"\"))","v":"UN"},98,{"$f":"IF(B148=\"SINAPI\",IFERROR(INDEX(SINAPI!$D:$D,MATCH($C148,SINAPI!$A:$A,0)),0),IF(B148=\"COMPOSIÇÃO\",IFERROR(INDEX(COMPOSIÇÃO!$G:$G,MATCH($C148,COMPOSIÇÃO!$A:$A,0)),0),0))","v":10.602971999999999},12.770703224558181,1251.53,{"$f":"J148/$J$302","v":1.8712280576109121E-3}]
["15.6","COMPOSIÇÃO","IFMT 125.01.2020",{"$f":"IF(B149=\"SINAPI\",IFERROR(INDEX(SINAPI!$B:$B,MATCH($C149,SINAPI!$A:$A,0)),\"\"),IF(B149=\"COMPOSIÇÃO\",IFERROR(INDEX(COMPOSIÇÃO!$C:$C,MATCH($C149,COMPOSIÇÃO!$A:$A,0)),\"\"),\"\"))","v":"CURVA 90 GRAUS PARA ELETRODUTO, AÇO GALVANIZADO, DN 25 MM (1''), APARENTE, INSTALADA EM PAREDE - FORNECIMENTO E INSTALAÇÃO."},null,{"$f":"IF(B149=\"SINAPI\",IFERROR(INDEX(SINAPI!$C:$C,MATCH($C149,SINAPI!$A:$A,0)),\"\"),IF(B149=\"COMPOSIÇÃO\",IFERROR(INDEX(COMPOSIÇÃO!$D:$D,MATCH($C149,COMPOSIÇÃO!$A:$A,0)),\"\"),\"\"))","v":"UN"},20,{"$f":"IF(B149=\"SINAPI\",IFERROR(INDEX(SINAPI!$D:$D,MATCH($C149,SINAPI!$A:$A,0)),0),IF(B149=\"COMPOSIÇÃO\",IFERROR(INDEX(COMPOSIÇÃO!$G:$G,MATCH($C149,COMPOSIÇÃO!$A:$A,0)),0),0))","v":12.771988},15.383165053686684,307.66000000000003,{"$f":"J149/$J$302","v":4.5999858110039175E-4}]
["15.7","COMPOSIÇÃO","IFMT 127.01.2020",{"$f":"IF(B150=\"SINAPI\",IFERROR(INDEX(SINAPI!$B:$B,MATCH($C150,SINAPI!$A:$A,0)),\"\"),IF(B150=\"COMPOSIÇÃO\",IFERROR(INDEX(COMPOSIÇÃO!$C:$C,MATCH($C150,COMPOSIÇÃO!$A:$A,0)),\"\"),\"\"))","v":"CURVA 90 GRAUS PARA ELETRODUTO, AÇO GALVANIZADO, DN 32 MM (1 1/4''), APARENTE, INSTALADA EM PAREDE - FORNECIMENTO E INSTALAÇÃO. "},null,{"$f":"IF(B150=\"SINAPI\",IFERROR(INDEX(SINAPI!$C:$C,MATCH($C150,SINAPI!$A:$A,0)),\"\"),IF(B150=\"COMPOSIÇÃO\",IFERROR(INDEX(COMPOSIÇÃO!$D:$D,MATCH($C150,COMPOSIÇÃO!$A:$A,0)),\"\"),\"\"))","v":"UN"},6,{"$f":"IF(B150=\"SINAPI\",IFERROR(INDEX(SINAPI!$D:$D,MATCH($C150,SINAPI!$A:$A,0)),0),IF(B150=\"COMPOSIÇÃO\",IFERROR(INDEX(COMPOSIÇÃO!$G:$G,MATCH($C150,COMPOSIÇÃO!$A:$A,0)),0),0))","v":20.682791999999999},24.911298312139856,149.47,{"$f":"J150/$J$302","v":2.2348042617524393E-4}]
["15.8","COMPOSIÇÃO","IFMT 173.02.2020",{"$f":"IF(B151=\"SINAPI\",IFERROR(INDEX(SINAPI!$B:$B,MATCH($C151,SINAPI!$A:$A,0)),\"\"),IF(B151=\"COMPOSIÇÃO\",IFERROR(INDEX(COMPOSIÇÃO!$C:$C,MATCH($C151,COMPOSIÇÃO!$A:$A,0)),\"\"),\"\"))","v":"TOMADA ALTA PARA INSTALAÇÃO EM CONDULETE (1 MÓDULO), 2P+T 10 A, INCLUINDO SUPORTE E PLACA - FORNECIMENTO E INSTALAÇÃO."},null,{"$f":"IF(B151=\"SINAPI\",IFERROR(INDEX(SINAPI!$C:$C,MATCH($C151,SINAPI!$A:$A,0)),\"\"),IF(B151=\"COMPOSIÇÃO\",IFERROR(INDEX(COMPOSIÇÃO!$D:$D,MATCH($C151,COMPOSIÇÃO!$A:$A,0)),\"\"),\"\"))","v":"UN"},21,{"$f":"IF(B151=\"SINAPI\",IFERROR(INDEX(SINAPI!$D:$D,MATCH($C151,SINAPI!$A:$A,0)),0),IF(B151=\"COMPOSIÇÃO\",IFERROR(INDEX(COMPOSIÇÃO!$G:$G,MATCH($C151,COMPOSIÇÃO!$A:$A,0)),0),0))","v":27.88456},33.585436263284116,705.29,{"$f":"J151/$J$302","v":1.0545160217912475E-3}]
["15.9","COMPOSIÇÃO","IFMT 177.02.2020",{"$f":"IF(B152=\"SINAPI\",IFERROR(INDEX(SINAPI!$B:$B,MATCH($C152,SINAPI!$A:$A,0)),\"\"),IF(B152=\"COMPOSIÇÃO\",IFERROR(INDEX(COMPOSIÇÃO!$C:$C,MATCH($C152,COMPOSIÇÃO!$A:$A,0)),\"\"),\"\"))","v":"TOMADA ALTA PARA INSTALAÇÃO EM CONDULETE (1 MÓDULO), 2P+T 20 A, INCLUINDO SUPORTE E PLACA - FORNECIMENTO E INSTALAÇÃO."},null,{"$f":"IF(B152=\"SINAPI\",IFERROR(INDEX(SINAPI!$C:$C,MATCH($C152,SINAPI!$A:$A,0)),\"\"),IF(B152=\"COMPOSIÇÃO\",IFERROR(INDEX(COMPOSIÇÃO!$D:$D,MATCH($C152,COMPOSIÇÃO!$A:$A,0)),\"\"),\"\"))","v":"UN"},7,{"$f":"IF(B152=\"SINAPI\",IFERROR(INDEX(SINAPI!$D:$D,MATCH($C152,SINAPI!$A:$A,0)),0),IF(B152=\"COMPOSIÇÃO\",IFERROR(INDEX(COMPOSIÇÃO!$G:$G,MATCH($C152,COMPOSIÇÃO!$A:$A,0)),0),0))","v":29.184559999999998},35.151215574209921,246.06,{"$f":"J152/$J$302","v":3.6789719451850217E-4}]
["15.10","COMPOSIÇÃO","IFMT 175.02.2020",{"$f":"IF(B153=\"SINAPI\",IFERROR(INDEX(SINAPI!$B:$B,MATCH($C153,SINAPI!$A:$A,0)),\"\"),IF(B153=\"COMPOSIÇÃO\",IFERROR(INDEX(COMPOSIÇÃO!$C:$C,MATCH($C153,COMPOSIÇÃO!$A:$A,0)),\"\"),\"\"))","v":"TOMADA MÉDIA PARA INSTALAÇÃO EM CONDULETE (1 MÓDULO), 2P+T 10 A, INCLUINDO SUPORTE E PLACA - FORNECIMENTO E INSTALAÇÃO."},null,{"$f":"IF(B153=\"SINAPI\",IFERROR(INDEX(SINAPI!$C:$C,MATCH($C153,SINAPI!$A:$A,0)),\"\"),IF(B153=\"COMPOSIÇÃO\",IFERROR(INDEX(COMPOSIÇÃO!$D:$D,MATCH($C153,COMPOSIÇÃO!$A:$A,0)),\"\"),\"\"))","v":"UN"},4,{"$f":"IF(B153=\"SINAPI\",IFERROR(INDEX(SINAPI!$D:$D,MATCH($C153,SINAPI!$A:$A,0)),0),IF(B153=\"COMPOSIÇÃO\",IFERROR(INDEX(COMPOSIÇÃO!$G:$G,MATCH($C153,COMPOSIÇÃO!$A:$A,0)),0),0))","v":21.048879999999997},25.352231401661552,101.41,{"$f":"J153/$J$302","v":1.5162340281281518E-4}]
["15.11","COMPOSIÇÃO","IFMT 179.02.2020",{"$f":"IF(B154=\"SINAPI\",IFERROR(INDEX(SINAPI!$B:$B,MATCH($C154,SINAPI!$A:$A,0)),\"\"),IF(B154=\"COMPOSIÇÃO\",IFERROR(INDEX(COMPOSIÇÃO!$C:$C,MATCH($C154,COMPOSIÇÃO!$A:$A,0)),\"\"),\"\"))","v":"TOMADA MÉDIA PARA INSTALAÇÃO EM CONDULETE (2 MÓDULOS), 2P+T 10 A, INCLUINDO SUPORTE E PLACA - FORNECIMENTO E INSTALAÇÃO."},null,{"$f":"IF(B154=\"SINAPI\",IFERROR(INDEX(SINAPI!$C:$C,MATCH($C154,SINAPI!$A:$A,0)),\"\"),IF(B154=\"COMPOSIÇÃO\",IFERROR(INDEX(COMPOSIÇÃO!$D:$D,MATCH($C154,COMPOSIÇÃO!$A:$A,0)),\"\"),\"\"))","v":"UN"},18,{"$f":"IF(B154=\"SINAPI\",IFERROR(INDEX(SINAPI!$D:$D,MATCH($C154,SINAPI!$A:$A,0)),0),IF(B154=\"COMPOSIÇÃO\",IFERROR(INDEX(COMPOSIÇÃO!$G:$G,MATCH($C154,COMPOSIÇÃO!$A:$A,0)),0),0))","v":34.699799999999996},41.794022256356421,752.29,{"$f":"J154/$J$302","v":1.1247881836313257E-3}]
["15.12","COMPOSIÇÃO","IFMT 181.02.2020",{"$f":"IF(B155=\"SINAPI\",IFERROR(INDEX(SINAPI!$B:$B,MATCH($C155,SINAPI!$A:$A,0)),\"\"),IF(B155=\"COMPOSIÇÃO\",IFERROR(INDEX(COMPOSIÇÃO!$C:$C,MATCH($C155,COMPOSIÇÃO!$A:$A,0)),\"\"),\"\"))","v":"TOMADA BAIXA PARA INSTALAÇÃO EM CONDULETE (2 MÓDULOS), 2P+T 10 A, INCLUINDO SUPORTE E PLACA - FORNECIMENTO E INSTALAÇÃO. "},null,{"$f":"IF(B155=\"SINAPI\",IFERROR(INDEX(SINAPI!$C:$C,MATCH($C155,SINAPI!$A:$A,0)),\"\"),IF(B155=\"COMPOSIÇÃO\",IFERROR(INDEX(COMPOSIÇÃO!$D:$D,MATCH($C155,COMPOSIÇÃO!$A:$A,0)),\"\"),\"\"))","v":"UN"},58,{"$f":"IF(B155=\"SINAPI\",IFERROR(INDEX(SINAPI!$D:$D,MATCH($C155,SINAPI!$A:$A,0)),0),IF(B155=\"COMPOSIÇÃO\",IFERROR(INDEX(COMPOSIÇÃO!$G:$G,MATCH($C155,COMPOSIÇÃO!$A:$A,0)),0),0))","v":29.391239999999996},35.400150395734642,2053.21,{"$f":"J155/$J$302","v":3.0698618172695026E-3}]
["15.13","COMPOSIÇÃO","IFMT 185.02.2020",{"$f":"IF(B156=\"SINAPI\",IFERROR(INDEX(SINAPI!$B:$B,MATCH($C156,SINAPI!$A:$A,0)),\"\"),IF(B156=\"COMPOSIÇÃO\",IFERROR(INDEX(COMPOSIÇÃO!$C:$C,MATCH($C156,COMPOSIÇÃO!$A:$A,0)),\"\"),\"\"))","v":"TOMADA INDUSTRIAL 16A SOBREPOR 3P+T VERMELHA - FORNECIMENTO E INSTALAÇÃO"},null,{"$f":"IF(B156=\"SINAPI\",IFERROR(INDEX(SINAPI!$C:$C,MATCH($C156,SINAPI!$A:$A,0)),\"\"),IF(B156=\"COMPOSIÇÃO\",IFERROR(INDEX(COMPOSIÇÃO!$D:$D,MATCH($C156,COMPOSIÇÃO!$A:$A,0)),\"\"),\"\"))","v":"UN"},10,{"$f":"IF(B156=\"SINAPI\",IFERROR(INDEX(SINAPI!$D:$D,MATCH($C156,SINAPI!$A:$A,0)),0),IF(B156=\"COMPOSIÇÃO\",IFERROR(INDEX(COMPOSIÇÃO!$G:$G,MATCH($C156,COMPOSIÇÃO!$A:$A,0)),0),0))","v":43.032000000000004},51.829704082891823,518.29999999999995,{"$f":"J156/$J$302","v":7.7493747833430734E-4}]
["15.14","COMPOSIÇÃO","IFMT 186.02.2020",{"$f":"IF(B157=\"SINAPI\",IFERROR(INDEX(SINAPI!$B:$B,MATCH($C157,SINAPI!$A:$A,0)),\"\"),IF(B157=\"COMPOSIÇÃO\",IFERROR(INDEX(COMPOSIÇÃO!$C:$C,MATCH($C157,COMPOSIÇÃO!$A:$A,0)),\"\"),\"\"))","v":"TOMADA INDUSTRIAL 32A SOBREPOR 3P+T AZUL - FORNECIMENTO E INSTALAÇÃO"},null,{"$f":"IF(B157=\"SINAPI\",IFERROR(INDEX(SINAPI!$C:$C,MATCH($C157,SINAPI!$A:$A,0)),\"\"),IF(B157=\"COMPOSIÇÃO\",IFERROR(INDEX(COMPOSIÇÃO!$D:$D,MATCH($C157,COMPOSIÇÃO!$A:$A,0)),\"\"),\"\"))","v":"UNID."},10,{"$f":"IF(B157=\"SINAPI\",IFERROR(INDEX(SINAPI!$D:$D,MATCH($C157,SINAPI!$A:$A,0)),0),IF(B157=\"COMPOSIÇÃO\",IFERROR(INDEX(COMPOSIÇÃO!$G:$G,MATCH($C157,COMPOSIÇÃO!$A:$A,0)),0),0))","v":50.432000000000002},60.74260169893104,607.42999999999995,{"$f":"J157/$J$302","v":9.0820040992592769E-4}]
["15.15","SINAPI",91955,{"$f":"IF(B158=\"SINAPI\",IFERROR(INDEX(SINAPI!$B:$B,MATCH($C158,SINAPI!$A:$A,0)),\"\"),IF(B158=\"COMPOSIÇÃO\",IFERROR(INDEX(COMPOSIÇÃO!$C:$C,MATCH($C158,COMPOSIÇÃO!$A:$A,0)),\"\"),\"\"))","v":"INTERRUPTOR PARALELO (1 MÓDULO), 10A/250V, INCLUINDO SUPORTE E PLACA - FORNECIMENTO E INSTALAÇÃO. AF_12/2015"},null,{"$f":"IF(B158=\"SINAPI\",IFERROR(INDEX(SINAPI!$C:$C,MATCH($C158,SINAPI!$A:$A,0)),\"\"),IF(B158=\"COMPOSIÇÃO\",IFERROR(INDEX(COMPOSIÇÃO!$D:$D,MATCH($C158,COMPOSIÇÃO!$A:$A,0)),\"\"),\"\"))","v":"UN"},6,{"$f":"IF(B158=\"SINAPI\",IFERROR(INDEX(SINAPI!$D:$D,MATCH($C158,SINAPI!$A:$A,0)),0),IF(B158=\"COMPOSIÇÃO\",IFERROR(INDEX(COMPOSIÇÃO!$G:$G,MATCH($C158,COMPOSIÇÃO!$A:$A,0)),0),0))","v":21.71},26.148514492460993,156.88999999999999,{"$f":"J158/$J$302","v":2.3457445683169878E-4}]
["15.16","SINAPI",91959,{"$f":"IF(B159=\"SINAPI\",IFERROR(INDEX(SINAPI!$B:$B,MATCH($C159,SINAPI!$A:$A,0)),\"\"),IF(B159=\"COMPOSIÇÃO\",IFERROR(INDEX(COMPOSIÇÃO!$C:$C,MATCH($C159,COMPOSIÇÃO!$A:$A,0)),\"\"),\"\"))","v":"INTERRUPTOR SIMPLES (2 MÓDULOS), 10A/250V, INCLUINDO SUPORTE E PLACA - FORNECIMENTO E INSTALAÇÃO. AF_12/2015"},null,{"$f":"IF(B159=\"SINAPI\",IFERROR(INDEX(SINAPI!$C:$C,MATCH($C159,SINAPI!$A:$A,0)),\"\"),IF(B159=\"COMPOSIÇÃO\",IFERROR(INDEX(COMPOSIÇÃO!$D:$D,MATCH($C159,COMPOSIÇÃO!$A:$A,0)),\"\"),\"\"))","v":"UN"},2,{"$f":"IF(B159=\"SINAPI\",IFERROR(INDEX(SINAPI!$D:$D,MATCH($C159,SINAPI!$A:$A,0)),0),IF(B159=\"COMPOSIÇÃO\",IFERROR(INDEX(COMPOSIÇÃO!$G:$G,MATCH($C159,COMPOSIÇÃO!$A:$A,0)),0),0))","v":27.55},33.182476935389239,66.36,{"$f":"J159/$J$302","v":9.9218311908671889E-5}]
["15.17","SINAPI",91925,{"$f":"IF(B160=\"SINAPI\",IFERROR(INDEX(SINAPI!$B:$B,MATCH($C160,SINAPI!$A:$A,0)),\"\"),IF(B160=\"COMPOSIÇÃO\",IFERROR(INDEX(COMPOSIÇÃO!$C:$C,MATCH($C160,COMPOSIÇÃO!$A:$A,0)),\"\"),\"\"))","v":"CABO DE COBRE FLEXÍVEL ISOLADO, 1,5 MM², ANTI-CHAMA 0,6/1,0 KV, PARA CIRCUITOS TERMINAIS - FORNECIMENTO E INSTALAÇÃO. AF_12/2015"},"VERMELHO",{"$f":"IF(B160=\"SINAPI\",IFERROR(INDEX(SINAPI!$C:$C,MATCH($C160,SINAPI!$A:$A,0)),\"\"),IF(B160=\"COMPOSIÇÃO\",IFERROR(INDEX(COMPOSIÇÃO!$D:$D,MATCH($C160,COMPOSIÇÃO!$A:$A,0)),\"\"),\"\"))","v":"M"},105.4,{"$f":"IF(B160=\"SINAPI\",IFERROR(INDEX(SINAPI!$D:$D,MATCH($C160,SINAPI!$A:$A,0)),0),IF(B160=\"COMPOSIÇÃO\",IFERROR(INDEX(COMPOSIÇÃO!$G:$G,MATCH($C160,COMPOSIÇÃO!$A:$A,0)),0),0))","v":2.81},3.3844922028473232,356.73,{"$f":"J160/$J$302","v":5.3336570836619236E-4}]
["15.18","SINAPI",91925,{"$f":"IF(B161=\"SINAPI\",IFERROR(INDEX(SINAPI!$B:$B,MATCH($C161,SINAPI!$A:$A,0)),\"\"),IF(B161=\"COMPOSIÇÃO\",IFERROR(INDEX(COMPOSIÇÃO!$C:$C,MATCH($C161,COMPOSIÇÃO!$A:$A,0)),\"\"),\"\"))","v":"CABO DE COBRE FLEXÍVEL ISOLADO, 1,5 MM², ANTI-CHAMA 0,6/1,0 KV, PARA CIRCUITOS TERMINAIS - FORNECIMENTO E INSTALAÇÃO. AF_12/2015"},"BRANCO",{"$f":"IF(B161=\"SINAPI\",IFERROR(INDEX(SINAPI!$C:$C,MATCH($C161,SINAPI!$A:$A,0)),\"\"),IF(B161=\"COMPOSIÇÃO\",IFERROR(INDEX(COMPOSIÇÃO!$D:$D,MATCH($C161,COMPOSIÇÃO!$A:$A,0)),\"\"),\"\"))","v":"M"},67.400000000000006,{"$f":"IF(B161=\"SINAPI\",IFERROR(INDEX(SINAPI!$D:$D,MATCH($C161,SINAPI!$A:$A,0)),0),IF(B161=\"COMPOSIÇÃO\",IFERROR(INDEX(COMPOSIÇÃO!$G:$G,MATCH($C161,COMPOSIÇÃO!$A:$A,0)),0),0))","v":2.81},3.3844922028473232,228.11,{"$f":"J161/$J$302","v":3.4105920930511068E-4}]
["15.19","SINAPI",91925,{"$f":"IF(B162=\"SINAPI\",IFERROR(INDEX(SINAPI!$B:$B,MATCH($C162,SINAPI!$A:$A,0)),\"\"),IF(B162=\"COMPOSIÇÃO\",IFERROR(INDEX(COMPOSIÇÃO!$C:$C,MATCH($C162,COMPOSIÇÃO!$A:$A,0)),\"\"),\"\"))","v":"CABO DE COBRE FLEXÍVEL ISOLADO, 1,5 MM², ANTI-CHAMA 0,6/1,0 KV, PARA CIRCUITOS TERMINAIS - FORNECIMENTO E INSTALAÇÃO. AF_12/2015"},"PRETO ",{"$f":"IF(B162=\"SINAPI\",IFERROR(INDEX(SINAPI!$C:$C,MATCH($C162,SINAPI!$A:$A,0)),\"\"),IF(B162=\"COMPOSIÇÃO\",IFERROR(INDEX(COMPOSIÇÃO!$D:$D,MATCH($C162,COMPOSIÇÃO!$A:$A,0)),\"\"),\"\"))","v":"M"},76.05,{"$f":"IF(B162=\"SINAPI\",IFERROR(INDEX(SINAPI!$D:$D,MATCH($C162,SINAPI!$A:$A,0)),0),IF(B162=\"COMPOSIÇÃO\",IFERROR(INDEX(COMPOSIÇÃO!$G:$G,MATCH($C162,COMPOSIÇÃO!$A:$A,0)),0),0))","v":2.81},3.3844922028473232,257.39,{"$f":"J162/$J$302","v":3.8483727097909969E-4}]
["15.20","SINAPI",91925,{"$f":"IF(B163=\"SINAPI\",IFERROR(INDEX(SINAPI!$B:$B,MATCH($C163,SINAPI!$A:$A,0)),\"\"),IF(B163=\"COMPOSIÇÃO\",IFERROR(INDEX(COMPOSIÇÃO!$C:$C,MATCH($C163,COMPOSIÇÃO!$A:$A,0)),\"\"),\"\"))","v":"CABO DE COBRE FLEXÍVEL ISOLADO, 1,5 MM², ANTI-CHAMA 0,6/1,0 KV, PARA CIRCUITOS TERMINAIS - FORNECIMENTO E INSTALAÇÃO. AF_12/2015"},"AZUL CLARO",{"$f":"IF(B163=\"SINAPI\",IFERROR(INDEX(SINAPI!$C:$C,MATCH($C163,SINAPI!$A:$A,0)),\"\"),IF(B163=\"COMPOSIÇÃO\",IFERROR(INDEX(COMPOSIÇÃO!$D:$D,MATCH($C163,COMPOSIÇÃO!$A:$A,0)),\"\"),\"\"))","v":"M"},353,{"$f":"IF(B163=\"SINAPI\",IFERROR(INDEX(SINAPI!$D:$D,MATCH($C163,SINAPI!$A:$A,0)),0),IF(B163=\"COMPOSIÇÃO\",IFERROR(INDEX(COMPOSIÇÃO!$G:$G,MATCH($C163,COMPOSIÇÃO!$A:$A,0)),0),0))","v":2.81},3.3844922028473232,1194.73,{"$f":"J163/$J$302","v":1.7863034024509881E-3}]
["15.21","SINAPI",91925,{"$f":"IF(B164=\"SINAPI\",IFERROR(INDEX(SINAPI!$B:$B,MATCH($C164,SINAPI!$A:$A,0)),\"\"),IF(B164=\"COMPOSIÇÃO\",IFERROR(INDEX(COMPOSIÇÃO!$C:$C,MATCH($C164,COMPOSIÇÃO!$A:$A,0)),\"\"),\"\"))","v":"CABO DE COBRE FLEXÍVEL ISOLADO, 1,5 MM², ANTI-CHAMA 0,6/1,0 KV, PARA CIRCUITOS TERMINAIS - FORNECIMENTO E INSTALAÇÃO. AF_12/2015"},"VERDE",{"$f":"IF(B164=\"SINAPI\",IFERROR(INDEX(SINAPI!$C:$C,MATCH($C164,SINAPI!$A:$A,0)),\"\"),IF(B164=\"COMPOSIÇÃO\",IFERROR(INDEX(COMPOSIÇÃO!$D:$D,MATCH($C164,COMPOSIÇÃO!$A:$A,0)),\"\"),\"\"))","v":"M"},62.8,{"$f":"IF(B164=\"SINAPI\",IFERROR(INDEX(SINAPI!$D:$D,MATCH($C164,SINAPI!$A:$A,0)),0),IF(B164=\"COMPOSIÇÃO\",IFERROR(INDEX(COMPOSIÇÃO!$G:$G,MATCH($C164,COMPOSIÇÃO!$A:$A,0)),0),0))","v":2.81},3.3844922028473232,212.55,{"$f":"J164/$J$302","v":3.1779463827890612E-4}]
["15.22","SINAPI",91925,{"$f":"IF(B165=\"SINAPI\",IFERROR(INDEX(SINAPI!$B:$B,MATCH($C165,SINAPI!$A:$A,0)),\"\"),IF(B165=\"COMPOSIÇÃO\",IFERROR(INDEX(COMPOSIÇÃO!$C:$C,MATCH($C165,COMPOSIÇÃO!$A:$A,0)),\"\"),\"\"))","v":"CABO DE COBRE FLEXÍVEL ISOLADO, 1,5 MM², ANTI-CHAMA 0,6/1,0 KV, PARA CIRCUITOS TERMINAIS - FORNECIMENTO E INSTALAÇÃO. AF_12/2015"},"AMARELO",{"$f":"IF(B165=\"SINAPI\",IFERROR(INDEX(SINAPI!$C:$C,MATCH($C165,SINAPI!$A:$A,0)),\"\"),IF(B165=\"COMPOSIÇÃO\",IFERROR(INDEX(COMPOSIÇÃO!$D:$D,MATCH($C165,COMPOSIÇÃO!$A:$A,0)),\"\"),\"\"))","v":"M"},467.1,{"$f":"IF(B165=\"SINAPI\",IFERROR(INDEX(SINAPI!$D:$D,MATCH($C165,SINAPI!$A:$A,0)),0),IF(B165=\"COMPOSIÇÃO\",IFERROR(INDEX(COMPOSIÇÃO!$G:$G,MATCH($C165,COMPOSIÇÃO!$A:$A,0)),0),0))","v":2.81},3.3844922028473232,1580.9,{"$f":"J165/$J$302","v":2.3636863968719015E-3}]
["15.23","SINAPI",91927,{"$f":"IF(B166=\"SINAPI\",IFERROR(INDEX(SINAPI!$B:$B,MATCH($C166,SINAPI!$A:$A,0)),\"\"),IF(B166=\"COMPOSIÇÃO\",IFERROR(INDEX(COMPOSIÇÃO!$C:$C,MATCH($C166,COMPOSIÇÃO!$A:$A,0)),\"\"),\"\"))","v":"CABO DE COBRE FLEXÍVEL ISOLADO, 2,5 MM², ANTI-CHAMA 0,6/1,0 KV, PARA CIRCUITOS TERMINAIS - FORNECIMENTO E INSTALAÇÃO. AF_12/2015"},"VERMELHO",{"$f":"IF(B166=\"SINAPI\",IFERROR(INDEX(SINAPI!$C:$C,MATCH($C166,SINAPI!$A:$A,0)),\"\"),IF(B166=\"COMPOSIÇÃO\",IFERROR(INDEX(COMPOSIÇÃO!$D:$D,MATCH($C166,COMPOSIÇÃO!$A:$A,0)),\"\"),\"\"))","v":"M"},456.6,{"$f":"IF(B166=\"SINAPI\",IFERROR(INDEX(SINAPI!$D:$D,MATCH($C166,SINAPI!$A:$A,0)),0),IF(B166=\"COMPOSIÇÃO\",IFERROR(INDEX(COMPOSIÇÃO!$G:$G,MATCH($C166,COMPOSIÇÃO!$A:$A,0)),0),0))","v":3.76},4.5287155454469517,2067.81,{"$f":"J166/$J$302","v":3.0916910420113143E-3}]
["15.24","SINAPI",91927,{"$f":"IF(B167=\"SINAPI\",IFERROR(INDEX(SINAPI!$B:$B,MATCH($C167,SINAPI!$A:$A,0)),\"\"),IF(B167=\"COMPOSIÇÃO\",IFERROR(INDEX(COMPOSIÇÃO!$C:$C,MATCH($C167,COMPOSIÇÃO!$A:$A,0)),\"\"),\"\"))","v":"CABO DE COBRE FLEXÍVEL ISOLADO, 2,5 MM², ANTI-CHAMA 0,6/1,0 KV, PARA CIRCUITOS TERMINAIS - FORNECIMENTO E INSTALAÇÃO. AF_12/2015"},"BRANCO",{"$f":"IF(B167=\"SINAPI\",IFERROR(INDEX(SINAPI!$C:$C,MATCH($C167,SINAPI!$A:$A,0)),\"\"),IF(B167=\"COMPOSIÇÃO\",IFERROR(INDEX(COMPOSIÇÃO!$D:$D,MATCH($C167,COMPOSIÇÃO!$A:$A,0)),\"\"),\"\"))","v":"M"},471.4,{"$f":"IF(B167=\"SINAPI\",IFERROR(INDEX(SINAPI!$D:$D,MATCH($C167,SINAPI!$A:$A,0)),0),IF(B167=\"COMPOSIÇÃO\",IFERROR(INDEX(COMPOSIÇÃO!$G:$G,MATCH($C167,COMPOSIÇÃO!$A:$A,0)),0),0))","v":3.76},4.5287155454469517,2134.84,{"$f":"J167/$J$302","v":3.1919111060143023E-3}]
["15.25","SINAPI",91927,{"$f":"IF(B168=\"SINAPI\",IFERROR(INDEX(SINAPI!$B:$B,MATCH($C168,SINAPI!$A:$A,0)),\"\"),IF(B168=\"COMPOSIÇÃO\",IFERROR(INDEX(COMPOSIÇÃO!$C:$C,MATCH($C168,COMPOSIÇÃO!$A:$A,0)),\"\"),\"\"))","v":"CABO DE COBRE FLEXÍVEL ISOLADO, 2,5 MM², ANTI-CHAMA 0,6/1,0 KV, PARA CIRCUITOS TERMINAIS - FORNECIMENTO E INSTALAÇÃO. AF_12/2015"},"PRETO ",{"$f":"IF(B168=\"SINAPI\",IFERROR(INDEX(SINAPI!$C:$C,MATCH($C168,SINAPI!$A:$A,0)),\"\"),IF(B168=\"COMPOSIÇÃO\",IFERROR(INDEX(COMPOSIÇÃO!$D:$D,MATCH($C168,COMPOSIÇÃO!$A:$A,0)),\"\"),\"\"))","v":"M"},508.5,{"$f":"IF(B168=\"SINAPI\",IFERROR(INDEX(SINAPI!$D:$D,MATCH($C168,SINAPI!$A:$A,0)),0),IF(B168=\"COMPOSIÇÃO\",IFERROR(INDEX(COMPOSIÇÃO!$G:$G,MATCH($C168,COMPOSIÇÃO!$A:$A,0)),0),0))","v":3.76},4.5287155454469517,2302.85,{"$f":"J168/$J$302","v":3.4431116573068873E-3}]
["15.26","SINAPI",91927,{"$f":"IF(B169=\"SINAPI\",IFERROR(INDEX(SINAPI!$B:$B,MATCH($C169,SINAPI!$A:$A,0)),\"\"),IF(B169=\"COMPOSIÇÃO\",IFERROR(INDEX(COMPOSIÇÃO!$C:$C,MATCH($C169,COMPOSIÇÃO!$A:$A,0)),\"\"),\"\"))","v":"CABO DE COBRE FLEXÍVEL ISOLADO, 2,5 MM², ANTI-CHAMA 0,6/1,0 KV, PARA CIRCUITOS TERMINAIS - FORNECIMENTO E INSTALAÇÃO. AF_12/2015"},"AZUL CLARO",{"$f":"IF(B169=\"SINAPI\",IFERROR(INDEX(SINAPI!$C:$C,MATCH($C169,SINAPI!$A:$A,0)),\"\"),IF(B169=\"COMPOSIÇÃO\",IFERROR(INDEX(COMPOSIÇÃO!$D:$D,MATCH($C169,COMPOSIÇÃO!$A:$A,0)),\"\"),\"\"))","v":"M"},658.1,{"$f":"IF(B169=\"SINAPI\",IFERROR(INDEX(SINAPI!$D:$D,MATCH($C169,SINAPI!$A:$A,0)),0),IF(B169=\"COMPOSIÇÃO\",IFERROR(INDEX(COMPOSIÇÃO!$G:$G,MATCH($C169,COMPOSIÇÃO!$A:$A,0)),0),0))","v":3.76},4.5287155454469517,2980.35,{"$f":"J169/$J$302","v":4.456077394469714E-3}]
["15.27","SINAPI",91927,{"$f":"IF(B170=\"SINAPI\",IFERROR(INDEX(SINAPI!$B:$B,MATCH($C170,SINAPI!$A:$A,0)),\"\"),IF(B170=\"COMPOSIÇÃO\",IFERROR(INDEX(COMPOSIÇÃO!$C:$C,MATCH($C170,COMPOSIÇÃO!$A:$A,0)),\"\"),\"\"))","v":"CABO DE COBRE FLEXÍVEL ISOLADO, 2,5 MM², ANTI-CHAMA 0,6/1,0 KV, PARA CIRCUITOS TERMINAIS - FORNECIMENTO E INSTALAÇÃO. AF_12/2015"},"VERDE",{"$f":"IF(B170=\"SINAPI\",IFERROR(INDEX(SINAPI!$C:$C,MATCH($C170,SINAPI!$A:$A,0)),\"\"),IF(B170=\"COMPOSIÇÃO\",IFERROR(INDEX(COMPOSIÇÃO!$D:$D,MATCH($C170,COMPOSIÇÃO!$A:$A,0)),\"\"),\"\"))","v":"M"},940.6,{"$f":"IF(B170=\"SINAPI\",IFERROR(INDEX(SINAPI!$D:$D,MATCH($C170,SINAPI!$A:$A,0)),0),IF(B170=\"COMPOSIÇÃO\",IFERROR(INDEX(COMPOSIÇÃO!$G:$G,MATCH($C170,COMPOSIÇÃO!$A:$A,0)),0),0))","v":3.76},4.5287155454469517,4259.71,{"$f":"J170/$J$302","v":6.3689155428042305E-3}]
["15.28","SINAPI",91929,{"$f":"IF(B171=\"SINAPI\",IFERROR(INDEX(SINAPI!$B:$B,MATCH($C171,SINAPI!$A:$A,0)),\"\"),IF(B171=\"COMPOSIÇÃO\",IFERROR(INDEX(COMPOSIÇÃO!$C:$C,MATCH($C171,COMPOSIÇÃO!$A:$A,0)),\"\"),\"\"))","v":"CABO DE COBRE FLEXÍVEL ISOLADO, 4 MM², ANTI-CHAMA 0,6/1,0 KV, PARA CIRCUITOS TERMINAIS - FORNECIMENTO E INSTALAÇÃO. AF_12/2015"},"VERMELHO",{"$f":"IF(B171=\"SINAPI\",IFERROR(INDEX(SINAPI!$C:$C,MATCH($C171,SINAPI!$A:$A,0)),\"\"),IF(B171=\"COMPOSIÇÃO\",IFERROR(INDEX(COMPOSIÇÃO!$D:$D,MATCH($C171,COMPOSIÇÃO!$A:$A,0)),\"\"),\"\"))","v":"M"},489.7,{"$f":"IF(B171=\"SINAPI\",IFERROR(INDEX(SINAPI!$D:$D,MATCH($C171,SINAPI!$A:$A,0)),0),IF(B171=\"COMPOSIÇÃO\",IFERROR(INDEX(COMPOSIÇÃO!$G:$G,MATCH($C171,COMPOSIÇÃO!$A:$A,0)),0),0))","v":5.28},6.3594728936063589,3114.23,{"$f":"J171/$J$302","v":4.6562483950473663E-3}]
["15.29","SINAPI",91929,{"$f":"IF(B172=\"SINAPI\",IFERROR(INDEX(SINAPI!$B:$B,MATCH($C172,SINAPI!$A:$A,0)),\"\"),IF(B172=\"COMPOSIÇÃO\",IFERROR(INDEX(COMPOSIÇÃO!$C:$C,MATCH($C172,COMPOSIÇÃO!$A:$A,0)),\"\"),\"\"))","v":"CABO DE COBRE FLEXÍVEL ISOLADO, 4 MM², ANTI-CHAMA 0,6/1,0 KV, PARA CIRCUITOS TERMINAIS - FORNECIMENTO E INSTALAÇÃO. AF_12/2015"},"BRANCO",{"$f":"IF(B172=\"SINAPI\",IFERROR(INDEX(SINAPI!$C:$C,MATCH($C172,SINAPI!$A:$A,0)),\"\"),IF(B172=\"COMPOSIÇÃO\",IFERROR(INDEX(COMPOSIÇÃO!$D:$D,MATCH($C172,COMPOSIÇÃO!$A:$A,0)),\"\"),\"\"))","v":"M"},464.4,{"$f":"IF(B172=\"SINAPI\",IFERROR(INDEX(SINAPI!$D:$D,MATCH($C172,SINAPI!$A:$A,0)),0),IF(B172=\"COMPOSIÇÃO\",IFERROR(INDEX(COMPOSIÇÃO!$G:$G,MATCH($C172,COMPOSIÇÃO!$A:$A,0)),0),0))","v":5.28},6.3594728936063589,2953.34,{"$f":"J172/$J$302","v":4.4156933286973636E-3}]
["15.30","SINAPI",91929,{"$f":"IF(B173=\"SINAPI\",IFERROR(INDEX(SINAPI!$B:$B,MATCH($C173,SINAPI!$A:$A,0)),\"\"),IF(B173=\"COMPOSIÇÃO\",IFERROR(INDEX(COMPOSIÇÃO!$C:$C,MATCH($C173,COMPOSIÇÃO!$A:$A,0)),\"\"),\"\"))","v":"CABO DE COBRE FLEXÍVEL ISOLADO, 4 MM², ANTI-CHAMA 0,6/1,0 KV, PARA CIRCUITOS TERMINAIS - FORNECIMENTO E INSTALAÇÃO. AF_12/2015"},"PRETO ",{"$f":"IF(B173=\"SINAPI\",IFERROR(INDEX(SINAPI!$C:$C,MATCH($C173,SINAPI!$A:$A,0)),\"\"),IF(B173=\"COMPOSIÇÃO\",IFERROR(INDEX(COMPOSIÇÃO!$D:$D,MATCH($C173,COMPOSIÇÃO!$A:$A,0)),\"\"),\"\"))","v":"M"},424.6,{"$f":"IF(B173=\"SINAPI\",IFERROR(INDEX(SINAPI!$D:$D,MATCH($C173,SINAPI!$A:$A,0)),0),IF(B173=\"COMPOSIÇÃO\",IFERROR(INDEX(COMPOSIÇÃO!$G:$G,MATCH($C173,COMPOSIÇÃO!$A:$A,0)),0),0))","v":5.28},6.3594728936063589,2700.23,{"$f":"J173/$J$302","v":4.0372553099028491E-3}]
["15.31","SINAPI",91929,{"$f":"IF(B174=\"SINAPI\",IFERROR(INDEX(SINAPI!$B:$B,MATCH($C174,SINAPI!$A:$A,0)),\"\"),IF(B174=\"COMPOSIÇÃO\",IFERROR(INDEX(COMPOSIÇÃO!$C:$C,MATCH($C174,COMPOSIÇÃO!$A:$A,0)),\"\"),\"\"))","v":"CABO DE COBRE FLEXÍVEL ISOLADO, 4 MM², ANTI-CHAMA 0,6/1,0 KV, PARA CIRCUITOS TERMINAIS - FORNECIMENTO E INSTALAÇÃO. AF_12/2015"},"AZUL CLARO",{"$f":"IF(B174=\"SINAPI\",IFERROR(INDEX(SINAPI!$C:$C,MATCH($C174,SINAPI!$A:$A,0)),\"\"),IF(B174=\"COMPOSIÇÃO\",IFERROR(INDEX(COMPOSIÇÃO!$D:$D,MATCH($C174,COMPOSIÇÃO!$A:$A,0)),\"\"),\"\"))","v":"M"},229,{"$f":"IF(B174=\"SINAPI\",IFERROR(INDEX(SINAPI!$D:$D,MATCH($C174,SINAPI!$A:$A,0)),0),IF(B174=\"COMPOSIÇÃO\",IFERROR(INDEX(COMPOSIÇÃO!$G:$G,MATCH($C174,COMPOSIÇÃO!$A:$A,0)),0),0))","v":5.28},6.3594728936063589,1456.32,{"$f":"J174/$J$302","v":2.1774203134243071E-3}]
["15.32","SINAPI",91929,{"$f":"IF(B175=\"SINAPI\",IFERROR(INDEX(SINAPI!$B:$B,MATCH($C175,SINAPI!$A:$A,0)),\"\"),IF(B175=\"COMPOSIÇÃO\",IFERROR(INDEX(COMPOSIÇÃO!$C:$C,MATCH($C175,COMPOSIÇÃO!$A:$A,0)),\"\"),\"\"))","v":"CABO DE COBRE FLEXÍVEL ISOLADO, 4 MM², ANTI-CHAMA 0,6/1,0 KV, PARA CIRCUITOS TERMINAIS - FORNECIMENTO E INSTALAÇÃO. AF_12/2015"},"VERDE",{"$f":"IF(B175=\"SINAPI\",IFERROR(INDEX(SINAPI!$C:$C,MATCH($C175,SINAPI!$A:$A,0)),\"\"),IF(B175=\"COMPOSIÇÃO\",IFERROR(INDEX(COMPOSIÇÃO!$D:$D,MATCH($C175,COMPOSIÇÃO!$A:$A,0)),\"\"),\"\"))","v":"M"},489.7,{"$f":"IF(B175=\"SINAPI\",IFERROR(INDEX(SINAPI!$D:$D,MATCH($C175,SINAPI!$A:$A,0)),0),IF(B175=\"COMPOSIÇÃO\",IFERROR(INDEX(COMPOSIÇÃO!$G:$G,MATCH($C175,COMPOSIÇÃO!$A:$A,0)),0),0))","v":5.28},6.3594728936063589,3114.23,{"$f":"J175/$J$302","v":4.6562483950473663E-3}]
["15.33","SINAPI",91929,{"$f":"IF(B176=\"SINAPI\",IFERROR(INDEX(SINAPI!$B:$B,MATCH($C176,SINAPI!$A:$A,0)),\"\"),IF(B176=\"COMPOSIÇÃO\",IFERROR(INDEX(COMPOSIÇÃO!$C:$C,MATCH($C176,COMPOSIÇÃO!$A:$A,0)),\"\"),\"\"))","v":"CABO DE COBRE FLEXÍVEL ISOLADO, 4 MM², ANTI-CHAMA 0,6/1,0 KV, PARA CIRCUITOS TERMINAIS - FORNECIMENTO E INSTALAÇÃO. AF_12/2015"},"AMARELO",{"$f":"IF(B176=\"SINAPI\",IFERROR(INDEX(SINAPI!$C:$C,MATCH($C176,SINAPI!$A:$A,0)),\"\"),IF(B176=\"COMPOSIÇÃO\",IFERROR(INDEX(COMPOSIÇÃO!$D:$D,MATCH($C176,COMPOSIÇÃO!$A:$A,0)),\"\"),\"\"))","v":"M"},110.9,{"$f":"IF(B176=\"SINAPI\",IFERROR(INDEX(SINAPI!$D:$D,MATCH($C176,SINAPI!$A:$A,0)),0),IF(B176=\"COMPOSIÇÃO\",IFERROR(INDEX(COMPOSIÇÃO!$G:$G,MATCH($C176,COMPOSIÇÃO!$A:$A,0)),0),0))","v":5.28},{"$f":"H176*(1+$J$9)","v":6.3594728936063589},{"$f":"ROUND(G176*I176,2)","v":705.27},{"$f":"J176/$J$302","v":1.0544861187436561E-3}]
["15.34","SINAPI",91931,{"$f":"IF(B177=\"SINAPI\",IFERROR(INDEX(SINAPI!$B:$B,MATCH($C177,SINAPI!$A:$A,0)),\"\"),IF(B177=\"COMPOSIÇÃO\",IFERROR(INDEX(COMPOSIÇÃO!$C:$C,MATCH($C177,COMPOSIÇÃO!$A:$A,0)),\"\"),\"\"))","v":"CABO DE COBRE FLEXÍVEL ISOLADO, 6 MM², ANTI-CHAMA 0,6/1,0 KV, PARA CIRCUITOS TERMINAIS - FORNECIMENTO E INSTALAÇÃO. AF_12/2015"},"VERMELHO",{"$f":"IF(B177=\"SINAPI\",IFERROR(INDEX(SINAPI!$C:$C,MATCH($C177,SINAPI!$A:$A,0)),\"\"),IF(B177=\"COMPOSIÇÃO\",IFERROR(INDEX(COMPOSIÇÃO!$D:$D,MATCH($C177,COMPOSIÇÃO!$A:$A,0)),\"\"),\"\"))","v":"M"},68.3,{"$f":"IF(B177=\"SINAPI\",IFERROR(INDEX(SINAPI!$D:$D,MATCH($C177,SINAPI!$A:$A,0)),0),IF(B177=\"COMPOSIÇÃO\",IFERROR(INDEX(COMPOSIÇÃO!$G:$G,MATCH($C177,COMPOSIÇÃO!$A:$A,0)),0),0))","v":7.11},8.5636083851403804,584.89,{"$f":"J177/$J$302","v":8.7449967529028175E-4}]
["15.35","SINAPI",91931,{"$f":"IF(B178=\"SINAPI\",IFERROR(INDEX(SINAPI!$B:$B,MATCH($C178,SINAPI!$A:$A,0)),\"\"),IF(B178=\"COMPOSIÇÃO\",IFERROR(INDEX(COMPOSIÇÃO!$C:$C,MATCH($C178,COMPOSIÇÃO!$A:$A,0)),\"\"),\"\"))","v":"CABO DE COBRE FLEXÍVEL ISOLADO, 6 MM², ANTI-CHAMA 0,6/1,0 KV, PARA CIRCUITOS TERMINAIS - FORNECIMENTO E INSTALAÇÃO. AF_12/2015"},"BRANCO",{"$f":"IF(B178=\"SINAPI\",IFERROR(INDEX(SINAPI!$C:$C,MATCH($C178,SINAPI!$A:$A,0)),\"\"),IF(B178=\"COMPOSIÇÃO\",IFERROR(INDEX(COMPOSIÇÃO!$D:$D,MATCH($C178,COMPOSIÇÃO!$A:$A,0)),\"\"),\"\"))","v":"M"},68.3,{"$f":"IF(B178=\"SINAPI\",IFERROR(INDEX(SINAPI!$D:$D,MATCH($C178,SINAPI!$A:$A,0)),0),IF(B178=\"COMPOSIÇÃO\",IFERROR(INDEX(COMPOSIÇÃO!$G:$G,MATCH($C178,COMPOSIÇÃO!$A:$A,0)),0),0))","v":7.11},8.5636083851403804,584.89,{"$f":"J178/$J$302","v":8.7449967529028175E-4}]
["15.36","SINAPI",91931,{"$f":"IF(B179=\"SINAPI\",IFERROR(INDEX(SINAPI!$B:$B,MATCH($C179,SINAPI!$A:$A,0)),\"\"),IF(B179=\"COMPOSIÇÃO\",IFERROR(INDEX(COMPOSIÇÃO!$C:$C,MATCH($C179,COMPOSIÇÃO!$A:$A,0)),\"\"),\"\"))","v":"CABO DE COBRE FLEXÍVEL ISOLADO, 6 MM², ANTI-CHAMA 0,6/1,0 KV, PARA CIRCUITOS TERMINAIS - FORNECIMENTO E INSTALAÇÃO. AF_12/2015"},"PRETO ",{"$f":"IF(B179=\"SINAPI\",IFERROR(INDEX(SINAPI!$C:$C,MATCH($C179,SINAPI!$A:$A,0)),\"\"),IF(B179=\"COMPOSIÇÃO\",IFERROR(INDEX(COMPOSIÇÃO!$D:$D,MATCH($C179,COMPOSIÇÃO!$A:$A,0)),\"\"),\"\"))","v":"M"},68.3,{"$f":"IF(B179=\"SINAPI\",IFERROR(INDEX(SINAPI!$D:$D,MATCH($C179,SINAPI!$A:$A,0)),0),IF(B179=\"COMPOSIÇÃO\",IFERROR(INDEX(COMPOSIÇÃO!$G:$G,MATCH($C179,COMPOSIÇÃO!$A:$A,0)),0),0))","v":7.11},8.5636083851403804,584.89,{"$f":"J179/$J$302","v":8.7449967529028175E-4}]
["15.37","SINAPI",91931,{"$f":"IF(B180=\"SINAPI\",IFERROR(INDEX(SINAPI!$B:$B,MATCH($C180,SINAPI!$A:$A,0)),\"\"),IF(B180=\"COMPOSIÇÃO\",IFERROR(INDEX(COMPOSIÇÃO!$C:$C,MATCH($C180,COMPOSIÇÃO!$A:$A,0)),\"\"),\"\"))","v":"CABO DE COBRE FLEXÍVEL ISOLADO, 6 MM², ANTI-CHAMA 0,6/1,0 KV, PARA CIRCUITOS TERMINAIS - FORNECIMENTO E INSTALAÇÃO. AF_12/2015"},"VERDE",{"$f":"IF(B180=\"SINAPI\",IFERROR(INDEX(SINAPI!$C:$C,MATCH($C180,SINAPI!$A:$A,0)),\"\"),IF(B180=\"COMPOSIÇÃO\",IFERROR(INDEX(COMPOSIÇÃO!$D:$D,MATCH($C180,COMPOSIÇÃO!$A:$A,0)),\"\"),\"\"))","v":"M"},68.3,{"$f":"IF(B180=\"SINAPI\",IFERROR(INDEX(SINAPI!$D:$D,MATCH($C180,SINAPI!$A:$A,0)),0),IF(B180=\"COMPOSIÇÃO\",IFERROR(INDEX(COMPOSIÇÃO!$G:$G,MATCH($C180,COMPOSIÇÃO!$A:$A,0)),0),0))","v":7.11},8.5636083851403804,584.89,{"$f":"J180/$J$302","v":8.7449967529028175E-4}]
["15.38","SINAPI",92980,{"$f":"IF(B181=\"SINAPI\",IFERROR(INDEX(SINAPI!$B:$B,MATCH($C181,SINAPI!$A:$A,0)),\"\"),IF(B181=\"COMPOSIÇÃO\",IFERROR(INDEX(COMPOSIÇÃO!$C:$C,MATCH($C181,COMPOSIÇÃO!$A:$A,0)),\"\"),\"\"))","v":"CABO DE COBRE FLEXÍVEL ISOLADO, 10 MM², ANTI-CHAMA 0,6/1,0 KV, PARA DISTRIBUIÇÃO - FORNECIMENTO E INSTALAÇÃO. AF_12/2015"},"VERMELHO",{"$f":"IF(B181=\"SINAPI\",IFERROR(INDEX(SINAPI!$C:$C,MATCH($C181,SINAPI!$A:$A,0)),\"\"),IF(B181=\"COMPOSIÇÃO\",IFERROR(INDEX(COMPOSIÇÃO!$D:$D,MATCH($C181,COMPOSIÇÃO!$A:$A,0)),\"\"),\"\"))","v":"M"},2,{"$f":"IF(B181=\"SINAPI\",IFERROR(INDEX(SINAPI!$D:$D,MATCH($C181,SINAPI!$A:$A,0)),0),IF(B181=\"COMPOSIÇÃO\",IFERROR(INDEX(COMPOSIÇÃO!$G:$G,MATCH($C181,COMPOSIÇÃO!$A:$A,0)),0),0))","v":7.53},9.0694755471317965,18.14,{"$f":"J181/$J$302","v":2.712206416551097E-5}]
["15.39","SINAPI",92980,{"$f":"IF(B182=\"SINAPI\",IFERROR(INDEX(SINAPI!$B:$B,MATCH($C182,SINAPI!$A:$A,0)),\"\"),IF(B182=\"COMPOSIÇÃO\",IFERROR(INDEX(COMPOSIÇÃO!$C:$C,MATCH($C182,COMPOSIÇÃO!$A:$A,0)),\"\"),\"\"))","v":"CABO DE COBRE FLEXÍVEL ISOLADO, 10 MM², ANTI-CHAMA 0,6/1,0 KV, PARA DISTRIBUIÇÃO - FORNECIMENTO E INSTALAÇÃO. AF_12/2015"},"BRANCO",{"$f":"IF(B182=\"SINAPI\",IFERROR(INDEX(SINAPI!$C:$C,MATCH($C182,SINAPI!$A:$A,0)),\"\"),IF(B182=\"COMPOSIÇÃO\",IFERROR(INDEX(COMPOSIÇÃO!$D:$D,MATCH($C182,COMPOSIÇÃO!$A:$A,0)),\"\"),\"\"))","v":"M"},2,{"$f":"IF(B182=\"SINAPI\",IFERROR(INDEX(SINAPI!$D:$D,MATCH($C182,SINAPI!$A:$A,0)),0),IF(B182=\"COMPOSIÇÃO\",IFERROR(INDEX(COMPOSIÇÃO!$G:$G,MATCH($C182,COMPOSIÇÃO!$A:$A,0)),0),0))","v":7.53},9.0694755471317965,18.14,{"$f":"J182/$J$302","v":2.712206416551097E-5}]
["15.40","SINAPI",92980,{"$f":"IF(B183=\"SINAPI\",IFERROR(INDEX(SINAPI!$B:$B,MATCH($C183,SINAPI!$A:$A,0)),\"\"),IF(B183=\"COMPOSIÇÃO\",IFERROR(INDEX(COMPOSIÇÃO!$C:$C,MATCH($C183,COMPOSIÇÃO!$A:$A,0)),\"\"),\"\"))","v":"CABO DE COBRE FLEXÍVEL ISOLADO, 10 MM², ANTI-CHAMA 0,6/1,0 KV, PARA DISTRIBUIÇÃO - FORNECIMENTO E INSTALAÇÃO. AF_12/2015"},"PRETO ",{"$f":"IF(B183=\"SINAPI\",IFERROR(INDEX(SINAPI!$C:$C,MATCH($C183,SINAPI!$A:$A,0)),\"\"),IF(B183=\"COMPOSIÇÃO\",IFERROR(INDEX(COMPOSIÇÃO!$D:$D,MATCH($C183,COMPOSIÇÃO!$A:$A,0)),\"\"),\"\"))","v":"M"},2,{"$f":"IF(B183=\"SINAPI\",IFERROR(INDEX(SINAPI!$D:$D,MATCH($C183,SINAPI!$A:$A,0)),0),IF(B183=\"COMPOSIÇÃO\",IFERROR(INDEX(COMPOSIÇÃO!$G:$G,MATCH($C183,COMPOSIÇÃO!$A:$A,0)),0),0))","v":7.53},9.0694755471317965,18.14,{"$f":"J183/$J$302","v":2.712206416551097E-5}]
["15.41","SINAPI",92980,{"$f":"IF(B184=\"SINAPI\",IFERROR(INDEX(SINAPI!$B:$B,MATCH($C184,SINAPI!$A:$A,0)),\"\"),IF(B184=\"COMPOSIÇÃO\",IFERROR(INDEX(COMPOSIÇÃO!$C:$C,MATCH($C184,COMPOSIÇÃO!$A:$A,0)),\"\"),\"\"))","v":"CABO DE COBRE FLEXÍVEL ISOLADO, 10 MM², ANTI-CHAMA 0,6/1,0 KV, PARA DISTRIBUIÇÃO - FORNECIMENTO E INSTALAÇÃO. AF_12/2015"},"AZUL CLARO",{"$f":"IF(B184=\"SINAPI\",IFERROR(INDEX(SINAPI!$C:$C,MATCH($C184,SINAPI!$A:$A,0)),\"\"),IF(B184=\"COMPOSIÇÃO\",IFERROR(INDEX(COMPOSIÇÃO!$D:$D,MATCH($C184,COMPOSIÇÃO!$A:$A,0)),\"\"),\"\"))","v":"M"},2,{"$f":"IF(B184=\"SINAPI\",IFERROR(INDEX(SINAPI!$D:$D,MATCH($C184,SINAPI!$A:$A,0)),0),IF(B184=\"COMPOSIÇÃO\",IFERROR(INDEX(COMPOSIÇÃO!$G:$G,MATCH($C184,COMPOSIÇÃO!$A:$A,0)),0),0))","v":7.53},9.0694755471317965,18.14,{"$f":"J184/$J$302","v":2.712206416551097E-5}]
["15.42","SINAPI",92980,{"$f":"IF(B185=\"SINAPI\",IFERROR(INDEX(SINAPI!$B:$B,MATCH($C185,SINAPI!$A:$A,0)),\"\"),IF(B185=\"COMPOSIÇÃO\",IFERROR(INDEX(COMPOSIÇÃO!$C:$C,MATCH($C185,COMPOSIÇÃO!$A:$A,0)),\"\"),\"\"))","v":"CABO DE COBRE FLEXÍVEL ISOLADO, 10 MM², ANTI-CHAMA 0,6/1,0 KV, PARA DISTRIBUIÇÃO - FORNECIMENTO E INSTALAÇÃO. AF_12/2015"},"VERDE",{"$f":"IF(B185=\"SINAPI\",IFERROR(INDEX(SINAPI!$C:$C,MATCH($C185,SINAPI!$A:$A,0)),\"\"),IF(B185=\"COMPOSIÇÃO\",IFERROR(INDEX(COMPOSIÇÃO!$D:$D,MATCH($C185,COMPOSIÇÃO!$A:$A,0)),\"\"),\"\"))","v":"M"},2,{"$f":"IF(B185=\"SINAPI\",IFERROR(INDEX(SINAPI!$D:$D,MATCH($C185,SINAPI!$A:$A,0)),0),IF(B185=\"COMPOSIÇÃO\",IFERROR(INDEX(COMPOSIÇÃO!$G:$G,MATCH($C185,COMPOSIÇÃO!$A:$A,0)),0),0))","v":7.53},9.0694755471317965,18.14,{"$f":"J185/$J$302","v":2.712206416551097E-5}]
["15.43","SINAPI",92982,{"$f":"IF(B186=\"SINAPI\",IFERROR(INDEX(SINAPI!$B:$B,MATCH($C186,SINAPI!$A:$A,0)),\"\"),IF(B186=\"COMPOSIÇÃO\",IFERROR(INDEX(COMPOSIÇÃO!$C:$C,MATCH($C186,COMPOSIÇÃO!$A:$A,0)),\"\"),\"\"))","v":"CABO DE COBRE FLEXÍVEL ISOLADO, 16 MM², ANTI-CHAMA 0,6/1,0 KV, PARA DISTRIBUIÇÃO - FORNECIMENTO E INSTALAÇÃO. AF_12/2015"},"VERMELHO",{"$f":"IF(B186=\"SINAPI\",IFERROR(INDEX(SINAPI!$C:$C,MATCH($C186,SINAPI!$A:$A,0)),\"\"),IF(B186=\"COMPOSIÇÃO\",IFERROR(INDEX(COMPOSIÇÃO!$D:$D,MATCH($C186,COMPOSIÇÃO!$A:$A,0)),\"\"),\"\"))","v":"M"},27.7,{"$f":"IF(B186=\"SINAPI\",IFERROR(INDEX(SINAPI!$D:$D,MATCH($C186,SINAPI!$A:$A,0)),0),IF(B186=\"COMPOSIÇÃO\",IFERROR(INDEX(COMPOSIÇÃO!$G:$G,MATCH($C186,COMPOSIÇÃO!$A:$A,0)),0),0))","v":11.51},13.863169129812345,384.01,{"$f":"J186/$J$302","v":5.7415346528102908E-4}]
["15.44","SINAPI",92982,{"$f":"IF(B187=\"SINAPI\",IFERROR(INDEX(SINAPI!$B:$B,MATCH($C187,SINAPI!$A:$A,0)),\"\"),IF(B187=\"COMPOSIÇÃO\",IFERROR(INDEX(COMPOSIÇÃO!$C:$C,MATCH($C187,COMPOSIÇÃO!$A:$A,0)),\"\"),\"\"))","v":"CABO DE COBRE FLEXÍVEL ISOLADO, 16 MM², ANTI-CHAMA 0,6/1,0 KV, PARA DISTRIBUIÇÃO - FORNECIMENTO E INSTALAÇÃO. AF_12/2015"},"BRANCO",{"$f":"IF(B187=\"SINAPI\",IFERROR(INDEX(SINAPI!$C:$C,MATCH($C187,SINAPI!$A:$A,0)),\"\"),IF(B187=\"COMPOSIÇÃO\",IFERROR(INDEX(COMPOSIÇÃO!$D:$D,MATCH($C187,COMPOSIÇÃO!$A:$A,0)),\"\"),\"\"))","v":"M"},27.7,{"$f":"IF(B187=\"SINAPI\",IFERROR(INDEX(SINAPI!$D:$D,MATCH($C187,SINAPI!$A:$A,0)),0),IF(B187=\"COMPOSIÇÃO\",IFERROR(INDEX(COMPOSIÇÃO!$G:$G,MATCH($C187,COMPOSIÇÃO!$A:$A,0)),0),0))","v":11.51},13.863169129812345,384.01,{"$f":"J187/$J$302","v":5.7415346528102908E-4}]
["15.45","SINAPI",92982,{"$f":"IF(B188=\"SINAPI\",IFERROR(INDEX(SINAPI!$B:$B,MATCH($C188,SINAPI!$A:$A,0)),\"\"),IF(B188=\"COMPOSIÇÃO\",IFERROR(INDEX(COMPOSIÇÃO!$C:$C,MATCH($C188,COMPOSIÇÃO!$A:$A,0)),\"\"),\"\"))","v":"CABO DE COBRE FLEXÍVEL ISOLADO, 16 MM², ANTI-CHAMA 0,6/1,0 KV, PARA DISTRIBUIÇÃO - FORNECIMENTO E INSTALAÇÃO. AF_12/2015"},"PRETO ",{"$f":"IF(B188=\"SINAPI\",IFERROR(INDEX(SINAPI!$C:$C,MATCH($C188,SINAPI!$A:$A,0)),\"\"),IF(B188=\"COMPOSIÇÃO\",IFERROR(INDEX(COMPOSIÇÃO!$D:$D,MATCH($C188,COMPOSIÇÃO!$A:$A,0)),\"\"),\"\"))","v":"M"},27.7,{"$f":"IF(B188=\"SINAPI\",IFERROR(INDEX(SINAPI!$D:$D,MATCH($C188,SINAPI!$A:$A,0)),0),IF(B188=\"COMPOSIÇÃO\",IFERROR(INDEX(COMPOSIÇÃO!$G:$G,MATCH($C188,COMPOSIÇÃO!$A:$A,0)),0),0))","v":11.51},13.863169129812345,384.01,{"$f":"J188/$J$302","v":5.7415346528102908E-4}]
["15.46","SINAPI",92982,{"$f":"IF(B189=\"SINAPI\",IFERROR(INDEX(SINAPI!$B:$B,MATCH($C189,SINAPI!$A:$A,0)),\"\"),IF(B189=\"COMPOSIÇÃO\",IFERROR(INDEX(COMPOSIÇÃO!$C:$C,MATCH($C189,COMPOSIÇÃO!$A:$A,0)),\"\"),\"\"))","v":"CABO DE COBRE FLEXÍVEL ISOLADO, 16 MM², ANTI-CHAMA 0,6/1,0 KV, PARA DISTRIBUIÇÃO - FORNECIMENTO E INSTALAÇÃO. AF_12/2015"},"AZUL CLARO",{"$f":"IF(B189=\"SINAPI\",IFERROR(INDEX(SINAPI!$C:$C,MATCH($C189,SINAPI!$A:$A,0)),\"\"),IF(B189=\"COMPOSIÇÃO\",IFERROR(INDEX(COMPOSIÇÃO!$D:$D,MATCH($C189,COMPOSIÇÃO!$A:$A,0)),\"\"),\"\"))","v":"M"},27.7,{"$f":"IF(B189=\"SINAPI\",IFERROR(INDEX(SINAPI!$D:$D,MATCH($C189,SINAPI!$A:$A,0)),0),IF(B189=\"COMPOSIÇÃO\",IFERROR(INDEX(COMPOSIÇÃO!$G:$G,MATCH($C189,COMPOSIÇÃO!$A:$A,0)),0),0))","v":11.51},13.863169129812345,384.01,{"$f":"J189/$J$302","v":5.7415346528102908E-4}]
["15.47","SINAPI",92982,{"$f":"IF(B190=\"SINAPI\",IFERROR(INDEX(SINAPI!$B:$B,MATCH($C190,SINAPI!$A:$A,0)),\"\"),IF(B190=\"COMPOSIÇÃO\",IFERROR(INDEX(COMPOSIÇÃO!$C:$C,MATCH($C190,COMPOSIÇÃO!$A:$A,0)),\"\"),\"\"))","v":"CABO DE COBRE FLEXÍVEL ISOLADO, 16 MM², ANTI-CHAMA 0,6/1,0 KV, PARA DISTRIBUIÇÃO - FORNECIMENTO E INSTALAÇÃO. AF_12/2015"},"VERDE",{"$f":"IF(B190=\"SINAPI\",IFERROR(INDEX(SINAPI!$C:$C,MATCH($C190,SINAPI!$A:$A,0)),\"\"),IF(B190=\"COMPOSIÇÃO\",IFERROR(INDEX(COMPOSIÇÃO!$D:$D,MATCH($C190,COMPOSIÇÃO!$A:$A,0)),\"\"),\"\"))","v":"M"},50.1,{"$f":"IF(B190=\"SINAPI\",IFERROR(INDEX(SINAPI!$D:$D,MATCH($C190,SINAPI!$A:$A,0)),0),IF(B190=\"COMPOSIÇÃO\",IFERROR(INDEX(COMPOSIÇÃO!$G:$G,MATCH($C190,COMPOSIÇÃO!$A:$A,0)),0),0))","v":11.51},13.863169129812345,694.54,{"$f":"J190/$J$302","v":1.0384431337108042E-3}]
["15.48","SINAPI",92984,{"$f":"IF(B191=\"SINAPI\",IFERROR(INDEX(SINAPI!$B:$B,MATCH($C191,SINAPI!$A:$A,0)),\"\"),IF(B191=\"COMPOSIÇÃO\",IFERROR(INDEX(COMPOSIÇÃO!$C:$C,MATCH($C191,COMPOSIÇÃO!$A:$A,0)),\"\"),\"\"))","v":"CABO DE COBRE FLEXÍVEL ISOLADO, 25 MM², ANTI-CHAMA 0,6/1,0 KV, PARA DISTRIBUIÇÃO - FORNECIMENTO E INSTALAÇÃO. AF_12/2015"},"VERMELHO",{"$f":"IF(B191=\"SINAPI\",IFERROR(INDEX(SINAPI!$C:$C,MATCH($C191,SINAPI!$A:$A,0)),\"\"),IF(B191=\"COMPOSIÇÃO\",IFERROR(INDEX(COMPOSIÇÃO!$D:$D,MATCH($C191,COMPOSIÇÃO!$A:$A,0)),\"\"),\"\"))","v":"M"},10,{"$f":"IF(B191=\"SINAPI\",IFERROR(INDEX(SINAPI!$D:$D,MATCH($C191,SINAPI!$A:$A,0)),0),IF(B191=\"COMPOSIÇÃO\",IFERROR(INDEX(COMPOSIÇÃO!$G:$G,MATCH($C191,COMPOSIÇÃO!$A:$A,0)),0),0))","v":18.940000000000001},22.812200114565233,228.12,{"$f":"J191/$J$302","v":3.4107416082890642E-4}]
["15.49","SINAPI",92985,{"$f":"IF(B192=\"SINAPI\",IFERROR(INDEX(SINAPI!$B:$B,MATCH($C192,SINAPI!$A:$A,0)),\"\"),IF(B192=\"COMPOSIÇÃO\",IFERROR(INDEX(COMPOSIÇÃO!$C:$C,MATCH($C192,COMPOSIÇÃO!$A:$A,0)),\"\"),\"\"))","v":"CABO DE COBRE FLEXÍVEL ISOLADO, 35 MM², ANTI-CHAMA 450/750 V, PARA DISTRIBUIÇÃO - FORNECIMENTO E INSTALAÇÃO. AF_12/2015"},"BRANCO",{"$f":"IF(B192=\"SINAPI\",IFERROR(INDEX(SINAPI!$C:$C,MATCH($C192,SINAPI!$A:$A,0)),\"\"),IF(B192=\"COMPOSIÇÃO\",IFERROR(INDEX(COMPOSIÇÃO!$D:$D,MATCH($C192,COMPOSIÇÃO!$A:$A,0)),\"\"),\"\"))","v":"M"},10,{"$f":"IF(B192=\"SINAPI\",IFERROR(INDEX(SINAPI!$D:$D,MATCH($C192,SINAPI!$A:$A,0)),0),IF(B192=\"COMPOSIÇÃO\",IFERROR(INDEX(COMPOSIÇÃO!$G:$G,MATCH($C192,COMPOSIÇÃO!$A:$A,0)),0),0))","v":24.82},29.894340382445041,298.94,{"$f":"J192/$J$302","v":4.4696085235048787E-4}]
["15.50","SINAPI",92986,{"$f":"IF(B193=\"SINAPI\",IFERROR(INDEX(SINAPI!$B:$B,MATCH($C193,SINAPI!$A:$A,0)),\"\"),IF(B193=\"COMPOSIÇÃO\",IFERROR(INDEX(COMPOSIÇÃO!$C:$C,MATCH($C193,COMPOSIÇÃO!$A:$A,0)),\"\"),\"\"))","v":"CABO DE COBRE FLEXÍVEL ISOLADO, 35 MM², ANTI-CHAMA 0,6/1,0 KV, PARA DISTRIBUIÇÃO - FORNECIMENTO E INSTALAÇÃO. AF_12/2015"},"PRETO ",{"$f":"IF(B193=\"SINAPI\",IFERROR(INDEX(SINAPI!$C:$C,MATCH($C193,SINAPI!$A:$A,0)),\"\"),IF(B193=\"COMPOSIÇÃO\",IFERROR(INDEX(COMPOSIÇÃO!$D:$D,MATCH($C193,COMPOSIÇÃO!$A:$A,0)),\"\"),\"\"))","v":"M"},10,{"$f":"IF(B193=\"SINAPI\",IFERROR(INDEX(SINAPI!$D:$D,MATCH($C193,SINAPI!$A:$A,0)),0),IF(B193=\"COMPOSIÇÃO\",IFERROR(INDEX(COMPOSIÇÃO!$G:$G,MATCH($C193,COMPOSIÇÃO!$A:$A,0)),0),0))","v":25.54},30.76154123157318,307.62,{"$f":"J193/$J$302","v":4.5993877500520862E-4}]
["15.51","SINAPI",92987,{"$f":"IF(B194=\"SINAPI\",IFERROR(INDEX(SINAPI!$B:$B,MATCH($C194,SINAPI!$A:$A,0)),\"\"),IF(B194=\"COMPOSIÇÃO\",IFERROR(INDEX(COMPOSIÇÃO!$C:$C,MATCH($C194,COMPOSIÇÃO!$A:$A,0)),\"\"),\"\"))","v":"CABO DE COBRE FLEXÍVEL ISOLADO, 50 MM², ANTI-CHAMA 450/750 V, PARA DISTRIBUIÇÃO - FORNECIMENTO E INSTALAÇÃO. AF_12/2015"},"AZUL CLARO",{"$f":"IF(B194=\"SINAPI\",IFERROR(INDEX(SINAPI!$C:$C,MATCH($C194,SINAPI!$A:$A,0)),\"\"),IF(B194=\"COMPOSIÇÃO\",IFERROR(INDEX(COMPOSIÇÃO!$D:$D,MATCH($C194,COMPOSIÇÃO!$A:$A,0)),\"\"),\"\"))","v":"M"},10,{"$f":"IF(B194=\"SINAPI\",IFERROR(INDEX(SINAPI!$D:$D,MATCH($C194,SINAPI!$A:$A,0)),0),IF(B194=\"COMPOSIÇÃO\",IFERROR(INDEX(COMPOSIÇÃO!$G:$G,MATCH($C194,COMPOSIÇÃO!$A:$A,0)),0),0))","v":35.700000000000003},42.998708769270266,429.99,{"$f":"J194/$J$302","v":6.4290057169393954E-4}]
["15.52","SINAPI",92986,{"$f":"IF(B195=\"SINAPI\",IFERROR(INDEX(SINAPI!$B:$B,MATCH($C195,SINAPI!$A:$A,0)),\"\"),IF(B195=\"COMPOSIÇÃO\",IFERROR(INDEX(COMPOSIÇÃO!$C:$C,MATCH($C195,COMPOSIÇÃO!$A:$A,0)),\"\"),\"\"))","v":"CABO DE COBRE FLEXÍVEL ISOLADO, 35 MM², ANTI-CHAMA 0,6/1,0 KV, PARA DISTRIBUIÇÃO - FORNECIMENTO E INSTALAÇÃO. AF_12/2015"},"VERMELHO",{"$f":"IF(B195=\"SINAPI\",IFERROR(INDEX(SINAPI!$C:$C,MATCH($C195,SINAPI!$A:$A,0)),\"\"),IF(B195=\"COMPOSIÇÃO\",IFERROR(INDEX(COMPOSIÇÃO!$D:$D,MATCH($C195,COMPOSIÇÃO!$A:$A,0)),\"\"),\"\"))","v":"M"},12.4,{"$f":"IF(B195=\"SINAPI\",IFERROR(INDEX(SINAPI!$D:$D,MATCH($C195,SINAPI!$A:$A,0)),0),IF(B195=\"COMPOSIÇÃO\",IFERROR(INDEX(COMPOSIÇÃO!$G:$G,MATCH($C195,COMPOSIÇÃO!$A:$A,0)),0),0))","v":25.54},30.76154123157318,381.44,{"$f":"J195/$J$302","v":5.703109236655184E-4}]
["15.53","SINAPI",92986,{"$f":"IF(B196=\"SINAPI\",IFERROR(INDEX(SINAPI!$B:$B,MATCH($C196,SINAPI!$A:$A,0)),\"\"),IF(B196=\"COMPOSIÇÃO\",IFERROR(INDEX(COMPOSIÇÃO!$C:$C,MATCH($C196,COMPOSIÇÃO!$A:$A,0)),\"\"),\"\"))","v":"CABO DE COBRE FLEXÍVEL ISOLADO, 35 MM², ANTI-CHAMA 0,6/1,0 KV, PARA DISTRIBUIÇÃO - FORNECIMENTO E INSTALAÇÃO. AF_12/2015"},"BRANCO",{"$f":"IF(B196=\"SINAPI\",IFERROR(INDEX(SINAPI!$C:$C,MATCH($C196,SINAPI!$A:$A,0)),\"\"),IF(B196=\"COMPOSIÇÃO\",IFERROR(INDEX(COMPOSIÇÃO!$D:$D,MATCH($C196,COMPOSIÇÃO!$A:$A,0)),\"\"),\"\"))","v":"M"},12.4,{"$f":"IF(B196=\"SINAPI\",IFERROR(INDEX(SINAPI!$D:$D,MATCH($C196,SINAPI!$A:$A,0)),0),IF(B196=\"COMPOSIÇÃO\",IFERROR(INDEX(COMPOSIÇÃO!$G:$G,MATCH($C196,COMPOSIÇÃO!$A:$A,0)),0),0))","v":25.54},30.76154123157318,381.44,{"$f":"J196/$J$302","v":5.703109236655184E-4}]
["15.54","SINAPI",92986,{"$f":"IF(B197=\"SINAPI\",IFERROR(INDEX(SINAPI!$B:$B,MATCH($C197,SINAPI!$A:$A,0)),\"\"),IF(B197=\"COMPOSIÇÃO\",IFERROR(INDEX(COMPOSIÇÃO!$C:$C,MATCH($C197,COMPOSIÇÃO!$A:$A,0)),\"\"),\"\"))","v":"CABO DE COBRE FLEXÍVEL ISOLADO, 35 MM², ANTI-CHAMA 0,6/1,0 KV, PARA DISTRIBUIÇÃO - FORNECIMENTO E INSTALAÇÃO. AF_12/2015"},"PRETO ",{"$f":"IF(B197=\"SINAPI\",IFERROR(INDEX(SINAPI!$C:$C,MATCH($C197,SINAPI!$A:$A,0)),\"\"),IF(B197=\"COMPOSIÇÃO\",IFERROR(INDEX(COMPOSIÇÃO!$D:$D,MATCH($C197,COMPOSIÇÃO!$A:$A,0)),\"\"),\"\"))","v":"M"},12.4,{"$f":"IF(B197=\"SINAPI\",IFERROR(INDEX(SINAPI!$D:$D,MATCH($C197,SINAPI!$A:$A,0)),0),IF(B197=\"COMPOSIÇÃO\",IFERROR(INDEX(COMPOSIÇÃO!$G:$G,MATCH($C197,COMPOSIÇÃO!$A:$A,0)),0),0))","v":25.54},30.76154123157318,381.44,{"$f":"J197/$J$302","v":5.703109236655184E-4}]
["15.55","SINAPI",92986,{"$f":"IF(B198=\"SINAPI\",IFERROR(INDEX(SINAPI!$B:$B,MATCH($C198,SINAPI!$A:$A,0)),\"\"),IF(B198=\"COMPOSIÇÃO\",IFERROR(INDEX(COMPOSIÇÃO!$C:$C,MATCH($C198,COMPOSIÇÃO!$A:$A,0)),\"\"),\"\"))","v":"CABO DE COBRE FLEXÍVEL ISOLADO, 35 MM², ANTI-CHAMA 0,6/1,0 KV, PARA DISTRIBUIÇÃO - FORNECIMENTO E INSTALAÇÃO. AF_12/2015"},"AZUL CLARO",{"$f":"IF(B198=\"SINAPI\",IFERROR(INDEX(SINAPI!$C:$C,MATCH($C198,SINAPI!$A:$A,0)),\"\"),IF(B198=\"COMPOSIÇÃO\",IFERROR(INDEX(COMPOSIÇÃO!$D:$D,MATCH($C198,COMPOSIÇÃO!$A:$A,0)),\"\"),\"\"))","v":"M"},12.4,{"$f":"IF(B198=\"SINAPI\",IFERROR(INDEX(SINAPI!$D:$D,MATCH($C198,SINAPI!$A:$A,0)),0),IF(B198=\"COMPOSIÇÃO\",IFERROR(INDEX(COMPOSIÇÃO!$G:$G,MATCH($C198,COMPOSIÇÃO!$A:$A,0)),0),0))","v":25.54},30.76154123157318,381.44,{"$f":"J198/$J$302","v":5.703109236655184E-4}]
["15.56","SINAPI",92988,{"$f":"IF(B199=\"SINAPI\",IFERROR(INDEX(SINAPI!$B:$B,MATCH($C199,SINAPI!$A:$A,0)),\"\"),IF(B199=\"COMPOSIÇÃO\",IFERROR(INDEX(COMPOSIÇÃO!$C:$C,MATCH($C199,COMPOSIÇÃO!$A:$A,0)),\"\"),\"\"))","v":"CABO DE COBRE FLEXÍVEL ISOLADO, 50 MM², ANTI-CHAMA 0,6/1,0 KV, PARA DISTRIBUIÇÃO - FORNECIMENTO E INSTALAÇÃO. AF_12/2015"},"VERDE",{"$f":"IF(B199=\"SINAPI\",IFERROR(INDEX(SINAPI!$C:$C,MATCH($C199,SINAPI!$A:$A,0)),\"\"),IF(B199=\"COMPOSIÇÃO\",IFERROR(INDEX(COMPOSIÇÃO!$D:$D,MATCH($C199,COMPOSIÇÃO!$A:$A,0)),\"\"),\"\"))","v":"M"},18.2,{"$f":"IF(B199=\"SINAPI\",IFERROR(INDEX(SINAPI!$D:$D,MATCH($C199,SINAPI!$A:$A,0)),0),IF(B199=\"COMPOSIÇÃO\",IFERROR(INDEX(COMPOSIÇÃO!$G:$G,MATCH($C199,COMPOSIÇÃO!$A:$A,0)),0),0))","v":35.79},43.107108875411278,784.55,{"$f":"J199/$J$302","v":1.1730217993964516E-3}]
["15.57","SINAPI",92992,{"$f":"IF(B200=\"SINAPI\",IFERROR(INDEX(SINAPI!$B:$B,MATCH($C200,SINAPI!$A:$A,0)),\"\"),IF(B200=\"COMPOSIÇÃO\",IFERROR(INDEX(COMPOSIÇÃO!$C:$C,MATCH($C200,COMPOSIÇÃO!$A:$A,0)),\"\"),\"\"))","v":"CABO DE COBRE FLEXÍVEL ISOLADO, 95 MM², ANTI-CHAMA 0,6/1,0 KV, PARA DISTRIBUIÇÃO - FORNECIMENTO E INSTALAÇÃO. AF_12/2015"},"VERMELHO",{"$f":"IF(B200=\"SINAPI\",IFERROR(INDEX(SINAPI!$C:$C,MATCH($C200,SINAPI!$A:$A,0)),\"\"),IF(B200=\"COMPOSIÇÃO\",IFERROR(INDEX(COMPOSIÇÃO!$D:$D,MATCH($C200,COMPOSIÇÃO!$A:$A,0)),\"\"),\"\"))","v":"M"},21.1,{"$f":"IF(B200=\"SINAPI\",IFERROR(INDEX(SINAPI!$D:$D,MATCH($C200,SINAPI!$A:$A,0)),0),IF(B200=\"COMPOSIÇÃO\",IFERROR(INDEX(COMPOSIÇÃO!$G:$G,MATCH($C200,COMPOSIÇÃO!$A:$A,0)),0),0))","v":64.680000000000007},77.903542946677902,1643.76,{"$f":"J200/$J$302","v":2.4576716754520569E-3}]
["15.58","SINAPI",92992,{"$f":"IF(B201=\"SINAPI\",IFERROR(INDEX(SINAPI!$B:$B,MATCH($C201,SINAPI!$A:$A,0)),\"\"),IF(B201=\"COMPOSIÇÃO\",IFERROR(INDEX(COMPOSIÇÃO!$C:$C,MATCH($C201,COMPOSIÇÃO!$A:$A,0)),\"\"),\"\"))","v":"CABO DE COBRE FLEXÍVEL ISOLADO, 95 MM², ANTI-CHAMA 0,6/1,0 KV, PARA DISTRIBUIÇÃO - FORNECIMENTO E INSTALAÇÃO. AF_12/2015"},"BRANCO",{"$f":"IF(B201=\"SINAPI\",IFERROR(INDEX(SINAPI!$C:$C,MATCH($C201,SINAPI!$A:$A,0)),\"\"),IF(B201=\"COMPOSIÇÃO\",IFERROR(INDEX(COMPOSIÇÃO!$D:$D,MATCH($C201,COMPOSIÇÃO!$A:$A,0)),\"\"),\"\"))","v":"M"},21.1,{"$f":"IF(B201=\"SINAPI\",IFERROR(INDEX(SINAPI!$D:$D,MATCH($C201,SINAPI!$A:$A,0)),0),IF(B201=\"COMPOSIÇÃO\",IFERROR(INDEX(COMPOSIÇÃO!$G:$G,MATCH($C201,COMPOSIÇÃO!$A:$A,0)),0),0))","v":64.680000000000007},77.903542946677902,1643.76,{"$f":"J201/$J$302","v":2.4576716754520569E-3}]
["15.59","SINAPI",92992,{"$f":"IF(B202=\"SINAPI\",IFERROR(INDEX(SINAPI!$B:$B,MATCH($C202,SINAPI!$A:$A,0)),\"\"),IF(B202=\"COMPOSIÇÃO\",IFERROR(INDEX(COMPOSIÇÃO!$C:$C,MATCH($C202,COMPOSIÇÃO!$A:$A,0)),\"\"),\"\"))","v":"CABO DE COBRE FLEXÍVEL ISOLADO, 95 MM², ANTI-CHAMA 0,6/1,0 KV, PARA DISTRIBUIÇÃO - FORNECIMENTO E INSTALAÇÃO. AF_12/2015"},"PRETO ",{"$f":"IF(B202=\"SINAPI\",IFERROR(INDEX(SINAPI!$C:$C,MATCH($C202,SINAPI!$A:$A,0)),\"\"),IF(B202=\"COMPOSIÇÃO\",IFERROR(INDEX(COMPOSIÇÃO!$D:$D,MATCH($C202,COMPOSIÇÃO!$A:$A,0)),\"\"),\"\"))","v":"M"},21.1,{"$f":"IF(B202=\"SINAPI\",IFERROR(INDEX(SINAPI!$D:$D,MATCH($C202,SINAPI!$A:$A,0)),0),IF(B202=\"COMPOSIÇÃO\",IFERROR(INDEX(COMPOSIÇÃO!$G:$G,MATCH($C202,COMPOSIÇÃO!$A:$A,0)),0),0))","v":64.680000000000007},77.903542946677902,1643.76,{"$f":"J202/$J$302","v":2.4576716754520569E-3}]
["15.60","SINAPI",92992,{"$f":"IF(B203=\"SINAPI\",IFERROR(INDEX(SINAPI!$B:$B,MATCH($C203,SINAPI!$A:$A,0)),\"\"),IF(B203=\"COMPOSIÇÃO\",IFERROR(INDEX(COMPOSIÇÃO!$C:$C,MATCH($C203,COMPOSIÇÃO!$A:$A,0)),\"\"),\"\"))","v":"CABO DE COBRE FLEXÍVEL ISOLADO, 95 MM², ANTI-CHAMA 0,6/1,0 KV, PARA DISTRIBUIÇÃO - FORNECIMENTO E INSTALAÇÃO. AF_12/2015"},"AZUL CLARO",{"$f":"IF(B203=\"SINAPI\",IFERROR(INDEX(SINAPI!$C:$C,MATCH($C203,SINAPI!$A:$A,0)),\"\"),IF(B203=\"COMPOSIÇÃO\",IFERROR(INDEX(COMPOSIÇÃO!$D:$D,MATCH($C203,COMPOSIÇÃO!$A:$A,0)),\"\"),\"\"))","v":"M"},21.1,{"$f":"IF(B203=\"SINAPI\",IFERROR(INDEX(SINAPI!$D:$D,MATCH($C203,SINAPI!$A:$A,0)),0),IF(B203=\"COMPOSIÇÃO\",IFERROR(INDEX(COMPOSIÇÃO!$G:$G,MATCH($C203,COMPOSIÇÃO!$A:$A,0)),0),0))","v":64.680000000000007},77.903542946677902,1643.76,{"$f":"J203/$J$302","v":2.4576716754520569E-3}]
["15.61","ORSE","11298/ORSE","FORNECIMENTO E INSTALAÇÃO DE MÃO FRANCESA SIMPLES 100MM",null,"UN",59,9.39,11.30974440737949,667.27,{"$f":"J204/$J$302","v":9.9767032831976328E-4}]
["15.62","ORSE","12471/ORSE","TAMPA DE ENCAIXE 100 X 3000 MM, GALVANIZADA À FOGO, PARA ELETROCALHA METÁLICA (REF.: MOPA OU SIMILAR)",null,"UN",19,55.85,67.268288088620295,1278.0999999999999,{"$f":"J205/$J$302","v":1.9109542563362496E-3}]
["15.63","ORSE","8684/ORSE","FORNECIMENTO E INSTALAÇÃO DE ELETROCALHA PERFURADA 100 X 100 X 3000 MM (REF. MOPA OU SIMILAR)",null,"UN",19,70.5,84.913416477130355,1613.35,{"$f":"J206/$J$302","v":2.4122040915891467E-3}]
["15.64","ORSE","8688/ORSE","CURVA HORIZONTAL 100 X 100 MM PARA ELETROCALHA METÁLICA, COM ÂNGULO 90° (REF.: MOPA OU SIMILAR)",null,"un",8,18.54,22.330421865049598,178.64,{"$f":"J207/$J$302","v":2.6709402108747958E-4}]
["15.65","ORSE","8687/ORSE","TÊ HORIZONTAL 100 X 100 MM PARA ELETROCALHA METÁLICA (REF. MOPA OU SIMILAR)",null,"un",3,30.93,{"$f":"H208*(1+$J$9)","v":37.253503143796337},{"$f":"ROUND(G208*I208,2)","v":111.76},{"$f":"J208/$J$302","v":1.6709822994142811E-4}]
["15.66","ORSE","12497/ORSE","TAMPA DE ENCAIXE PARA CURVA HORIZONTAL 100 X 100 MM, LISA, GALVANIZADA À FOGO, COM ÂNGULO 90° (REF.: MOPA OU SIMILAR)",null,"UN",8,26.89,32.387542823688442,259.10000000000002,{"$f":"J209/$J$302","v":3.8739398154817491E-4}]
["15.67","COMPOSIÇÃO","IFMT 197.02.2020",{"$f":"IF(B210=\"SINAPI\",IFERROR(INDEX(SINAPI!$B:$B,MATCH($C210,SINAPI!$A:$A,0)),\"\"),IF(B210=\"COMPOSIÇÃO\",IFERROR(INDEX(COMPOSIÇÃO!$C:$C,MATCH($C210,COMPOSIÇÃO!$A:$A,0)),\"\"),\"\"))","v":"TÊ VERTICAL 100 X 100 MM PARA ELETROCALHA METÁLICA (REF. MOPA OU SIMILAR) - FORNECIMENTO E INSTALAÇÃO"},null,{"$f":"IF(B210=\"SINAPI\",IFERROR(INDEX(SINAPI!$C:$C,MATCH($C210,SINAPI!$A:$A,0)),\"\"),IF(B210=\"COMPOSIÇÃO\",IFERROR(INDEX(COMPOSIÇÃO!$D:$D,MATCH($C210,COMPOSIÇÃO!$A:$A,0)),\"\"),\"\"))","v":"UN"},2,{"$f":"IF(B210=\"SINAPI\",IFERROR(INDEX(SINAPI!$D:$D,MATCH($C210,SINAPI!$A:$A,0)),0),IF(B210=\"COMPOSIÇÃO\",IFERROR(INDEX(COMPOSIÇÃO!$G:$G,MATCH($C210,COMPOSIÇÃO!$A:$A,0)),0),0))","v":52.286000000000001},62.975643885436,125.95,{"$f":"J210/$J$302","v":1.8831444220761338E-4}]
["15.68","ORSE","8701/ORSE","CURVA DE INVERSÃO 100X100 MM PARA ELETROCALHA METÁLICA - REV 01",null,"UN",4,26.37,31.76123109931812,127.04,{"$f":"J211/$J$302","v":1.8994415830135138E-4}]
["15.69","ORSE","723/ORSE","FORNECIMENTO E INSTALAÇÃO DE SAÍDA HORIZONTAL PARA ELETRODUTO 3/4\" (REF. VL 33 VALEMAM OU SIMILAR)",null,"UN",20,3.67,4.4203154393059343,88.41,{"$f":"J212/$J$302","v":1.3218642187832553E-4}]
["15.70","ORSE","12525/ORSE","TAMPA DE ENCAIXE PARA CURVA DE INVERSÃO, 100MM, ZINCADA, PARA ELETROCALHA METÁLICA",null,"UN",4,9.64,11.610855813326761,46.44,{"$f":"J213/$J$302","v":6.9434876507515399E-5}]
["15.71","ORSE","12486/ORSE","TERMINAL 100 X 100 MM, GALVANIZADO À FOGO, PARA ELETROCALHA METALICA (REF. MOPA OU SIMILAR)",null,"UN",1,16.850000000000001,20.294908760846052,20.29,{"$f":"J214/$J$302","v":3.0336641781599644E-5}]
["15.72","COMPOSIÇÃO","IFMT 199.02.2020",{"$f":"IF(B215=\"SINAPI\",IFERROR(INDEX(SINAPI!$B:$B,MATCH($C215,SINAPI!$A:$A,0)),\"\"),IF(B215=\"COMPOSIÇÃO\",IFERROR(INDEX(COMPOSIÇÃO!$C:$C,MATCH($C215,COMPOSIÇÃO!$A:$A,0)),\"\"),\"\"))","v":"FLANGE 100X100MM PARA ELETROCALHA METÁLICA -FORNECIMENTO E INSTALAÇÃO"},null,{"$f":"IF(B215=\"SINAPI\",IFERROR(INDEX(SINAPI!$C:$C,MATCH($C215,SINAPI!$A:$A,0)),\"\"),IF(B215=\"COMPOSIÇÃO\",IFERROR(INDEX(COMPOSIÇÃO!$D:$D,MATCH($C215,COMPOSIÇÃO!$A:$A,0)),\"\"),\"\"))","v":"UN"},6,{"$f":"IF(B215=\"SINAPI\",IFERROR(INDEX(SINAPI!$D:$D,MATCH($C215,SINAPI!$A:$A,0)),0),IF(B215=\"COMPOSIÇÃO\",IFERROR(INDEX(COMPOSIÇÃO!$G:$G,MATCH($C215,COMPOSIÇÃO!$A:$A,0)),0),0))","v":14.686000000000002},17.688488430966476,106.13,{"$f":"J215/$J$302","v":1.586805220444145E-4}]
["15.73","ORSE","9519/ORSE","TALA PLANA PERFURADA 100MM PARA ELETROCALHA METÁLICA (REF.: MOPA OU SIMILAR) - REV 01",null,"UN",96,4.7300000000000004,5.6970278005223633,546.91,{"$f":"J216/$J$302","v":8.1771378791398034E-4}]
["15.74","COMPOSIÇÃO","IFMT 200.02.2020",{"$f":"IF(B217=\"SINAPI\",IFERROR(INDEX(SINAPI!$B:$B,MATCH($C217,SINAPI!$A:$A,0)),\"\"),IF(B217=\"COMPOSIÇÃO\",IFERROR(INDEX(COMPOSIÇÃO!$C:$C,MATCH($C217,COMPOSIÇÃO!$A:$A,0)),\"\"),\"\"))","v":"TÊ VERTICAL DESCIDA LATERAL PARA ELETROCALHA 100X100MM PERFURADO GALVANIZADO COM TAMPA - FORNECIMENTO E INSTALAÇÃO"},null,{"$f":"IF(B217=\"SINAPI\",IFERROR(INDEX(SINAPI!$C:$C,MATCH($C217,SINAPI!$A:$A,0)),\"\"),IF(B217=\"COMPOSIÇÃO\",IFERROR(INDEX(COMPOSIÇÃO!$D:$D,MATCH($C217,COMPOSIÇÃO!$A:$A,0)),\"\"),\"\"))","v":"UN"},3,{"$f":"IF(B217=\"SINAPI\",IFERROR(INDEX(SINAPI!$D:$D,MATCH($C217,SINAPI!$A:$A,0)),0),IF(B217=\"COMPOSIÇÃO\",IFERROR(INDEX(COMPOSIÇÃO!$G:$G,MATCH($C217,COMPOSIÇÃO!$A:$A,0)),0),0))","v":103.286},124.40237069867923,373.21,{"$f":"J217/$J$302","v":5.5800581958160688E-4}]
["15.75","COMPOSIÇÃO","IFMT 118.01.2020",{"$f":"IF(B218=\"SINAPI\",IFERROR(INDEX(SINAPI!$B:$B,MATCH($C218,SINAPI!$A:$A,0)),\"\"),IF(B218=\"COMPOSIÇÃO\",IFERROR(INDEX(COMPOSIÇÃO!$C:$C,MATCH($C218,COMPOSIÇÃO!$A:$A,0)),\"\"),\"\"))","v":"ELETRODUTO DE AÇO GALVANIZADO, CLASSE LEVE, DN 20 MM (3/4\u0092\u0092), APARENTE, INSTALADO EM TETO - FORNECIMENTO E INSTALAÇÃO.(FIXAÇÃO POR CUNHA)"},null,{"$f":"IF(B218=\"SINAPI\",IFERROR(INDEX(SINAPI!$C:$C,MATCH($C218,SINAPI!$A:$A,0)),\"\"),IF(B218=\"COMPOSIÇÃO\",IFERROR(INDEX(COMPOSIÇÃO!$D:$D,MATCH($C218,COMPOSIÇÃO!$A:$A,0)),\"\"),\"\"))","v":"M"},312.8,{"$f":"IF(B218=\"SINAPI\",IFERROR(INDEX(SINAPI!$D:$D,MATCH($C218,SINAPI!$A:$A,0)),0),IF(B218=\"COMPOSIÇÃO\",IFERROR(INDEX(COMPOSIÇÃO!$G:$G,MATCH($C218,COMPOSIÇÃO!$A:$A,0)),0),0))","v":16.569119999999998},19.956604074036168,6242.43,{"$f":"J218/$J$302","v":9.3333840688374116E-3}]
["15.76","COMPOSIÇÃO","IFMT 119.01.2020",{"$f":"IF(B219=\"SINAPI\",IFERROR(INDEX(SINAPI!$B:$B,MATCH($C219,SINAPI!$A:$A,0)),\"\"),IF(B219=\"COMPOSIÇÃO\",IFERROR(INDEX(COMPOSIÇÃO!$C:$C,MATCH($C219,COMPOSIÇÃO!$A:$A,0)),\"\"),\"\"))","v":"ELETRODUTO DE AÇO GALVANIZADO, CLASSE LEVE, DN 20 MM (3/4\u0092\u0092), APARENTE, INSTALADO EM PAREDE - FORNECIMENTO E INSTALAÇÃO.(FIXAÇÃO POR CUNHA)"},null,{"$f":"IF(B219=\"SINAPI\",IFERROR(INDEX(SINAPI!$C:$C,MATCH($C219,SINAPI!$A:$A,0)),\"\"),IF(B219=\"COMPOSIÇÃO\",IFERROR(INDEX(COMPOSIÇÃO!$D:$D,MATCH($C219,COMPOSIÇÃO!$A:$A,0)),\"\"),\"\"))","v":"M"},312.8,{"$f":"IF(B219=\"SINAPI\",IFERROR(INDEX(SINAPI!$D:$D,MATCH($C219,SINAPI!$A:$A,0)),0),IF(B219=\"COMPOSIÇÃO\",IFERROR(INDEX(COMPOSIÇÃO!$G:$G,MATCH($C219,COMPOSIÇÃO!$A:$A,0)),0),0))","v":24.869579999999999},29.954056796472504,9369.6299999999992,{"$f":"J219/$J$302","v":1.400902459024788E-2}]
["15.77","COMPOSIÇÃO","IFMT 120.01.2020",{"$f":"IF(B220=\"SINAPI\",IFERROR(INDEX(SINAPI!$B:$B,MATCH($C220,SINAPI!$A:$A,0)),\"\"),IF(B220=\"COMPOSIÇÃO\",IFERROR(INDEX(COMPOSIÇÃO!$C:$C,MATCH($C220,COMPOSIÇÃO!$A:$A,0)),\"\"),\"\"))","v":"ELETRODUTO DE AÇO GALVANIZADO, CLASSE LEVE, DN 25 MM (1\u0092\u0092), APARENTE, INSTALADO EM TETO - FORNECIMENTO E INSTALAÇÃO.(FIXAÇÃO POR CUNHA)"},null,{"$f":"IF(B220=\"SINAPI\",IFERROR(INDEX(SINAPI!$C:$C,MATCH($C220,SINAPI!$A:$A,0)),\"\"),IF(B220=\"COMPOSIÇÃO\",IFERROR(INDEX(COMPOSIÇÃO!$D:$D,MATCH($C220,COMPOSIÇÃO!$A:$A,0)),\"\"),\"\"))","v":"M"},59.05,{"$f":"IF(B220=\"SINAPI\",IFERROR(INDEX(SINAPI!$D:$D,MATCH($C220,SINAPI!$A:$A,0)),0),IF(B220=\"COMPOSIÇÃO\",IFERROR(INDEX(COMPOSIÇÃO!$G:$G,MATCH($C220,COMPOSIÇÃO!$A:$A,0)),0),0))","v":20.297495999999999},24.447230231076418,1443.61,{"$f":"J220/$J$302","v":2.1584169266798945E-3}]
["15.78","COMPOSIÇÃO","IFMT 121.01.2020",{"$f":"IF(B221=\"SINAPI\",IFERROR(INDEX(SINAPI!$B:$B,MATCH($C221,SINAPI!$A:$A,0)),\"\"),IF(B221=\"COMPOSIÇÃO\",IFERROR(INDEX(COMPOSIÇÃO!$C:$C,MATCH($C221,COMPOSIÇÃO!$A:$A,0)),\"\"),\"\"))","v":"ELETRODUTO DE AÇO GALVANIZADO, CLASSE LEVE, DN 25 MM (1\u0092\u0092), APARENTE, INSTALADO EM PAREDE - FORNECIMENTO E INSTALAÇÃO.(FIXAÇÃO POR CUNHA)"},null,{"$f":"IF(B221=\"SINAPI\",IFERROR(INDEX(SINAPI!$C:$C,MATCH($C221,SINAPI!$A:$A,0)),\"\"),IF(B221=\"COMPOSIÇÃO\",IFERROR(INDEX(COMPOSIÇÃO!$D:$D,MATCH($C221,COMPOSIÇÃO!$A:$A,0)),\"\"),\"\"))","v":"M"},59.05,{"$f":"IF(B221=\"SINAPI\",IFERROR(INDEX(SINAPI!$D:$D,MATCH($C221,SINAPI!$A:$A,0)),0),IF(B221=\"COMPOSIÇÃO\",IFERROR(INDEX(COMPOSIÇÃO!$G:$G,MATCH($C221,COMPOSIÇÃO!$A:$A,0)),0),0))","v":28.487663999999999},34.311842236773806,2026.11,{"$f":"J221/$J$302","v":3.0293431877829896E-3}]
["15.79","COMPOSIÇÃO","IFMT 122.01.2020",{"$f":"IF(B222=\"SINAPI\",IFERROR(INDEX(SINAPI!$B:$B,MATCH($C222,SINAPI!$A:$A,0)),\"\"),IF(B222=\"COMPOSIÇÃO\",IFERROR(INDEX(COMPOSIÇÃO!$C:$C,MATCH($C222,COMPOSIÇÃO!$A:$A,0)),\"\"),\"\"))","v":"ELETRODUTO DE AÇO GALVANIZADO, CLASSE SEMI PESADO, DN 32 MM (1 1/4\u0092\u0092), APARENTE, INSTALADO EM TETO - FORNECIMENTO E INSTALAÇÃO.(FIXAÇÃO POR CUNHA)"},null,{"$f":"IF(B222=\"SINAPI\",IFERROR(INDEX(SINAPI!$C:$C,MATCH($C222,SINAPI!$A:$A,0)),\"\"),IF(B222=\"COMPOSIÇÃO\",IFERROR(INDEX(COMPOSIÇÃO!$D:$D,MATCH($C222,COMPOSIÇÃO!$A:$A,0)),\"\"),\"\"))","v":"M"},41.93,{"$f":"IF(B222=\"SINAPI\",IFERROR(INDEX(SINAPI!$D:$D,MATCH($C222,SINAPI!$A:$A,0)),0),IF(B222=\"COMPOSIÇÃO\",IFERROR(INDEX(COMPOSIÇÃO!$G:$G,MATCH($C222,COMPOSIÇÃO!$A:$A,0)),0),0))","v":32.516850000000005},39.164777681906052,1642.18,{"$f":"J222/$J$302","v":2.4553093346923269E-3}]
["15.80","COMPOSIÇÃO","IFMT 123.01.2020",{"$f":"IF(B223=\"SINAPI\",IFERROR(INDEX(SINAPI!$B:$B,MATCH($C223,SINAPI!$A:$A,0)),\"\"),IF(B223=\"COMPOSIÇÃO\",IFERROR(INDEX(COMPOSIÇÃO!$C:$C,MATCH($C223,COMPOSIÇÃO!$A:$A,0)),\"\"),\"\"))","v":"ELETRODUTO DE AÇO GALVANIZADO, CLASSE SEMI PESADO, DN 32 MM (1 1/4\u0092\u0092), APARENTE, INSTALADO EM PAREDE - FORNECIMENTO E INSTALAÇÃO.(FIXAÇÃO POR CUNHA)"},null,{"$f":"IF(B223=\"SINAPI\",IFERROR(INDEX(SINAPI!$C:$C,MATCH($C223,SINAPI!$A:$A,0)),\"\"),IF(B223=\"COMPOSIÇÃO\",IFERROR(INDEX(COMPOSIÇÃO!$D:$D,MATCH($C223,COMPOSIÇÃO!$A:$A,0)),\"\"),\"\"))","v":"M"},41.93,{"$f":"IF(B223=\"SINAPI\",IFERROR(INDEX(SINAPI!$D:$D,MATCH($C223,SINAPI!$A:$A,0)),0),IF(B223=\"COMPOSIÇÃO\",IFERROR(INDEX(COMPOSIÇÃO!$G:$G,MATCH($C223,COMPOSIÇÃO!$A:$A,0)),0),0))","v":37.319189999999999},44.94893507885331,1884.71,{"$f":"J223/$J$302","v":2.8179286413109253E-3}]
["15.81","COMPOSIÇÃO","IFMT 124.01.2020",{"$f":"IF(B224=\"SINAPI\",IFERROR(INDEX(SINAPI!$B:$B,MATCH($C224,SINAPI!$A:$A,0)),\"\"),IF(B224=\"COMPOSIÇÃO\",IFERROR(INDEX(COMPOSIÇÃO!$C:$C,MATCH($C224,COMPOSIÇÃO!$A:$A,0)),\"\"),\"\"))","v":"ELETRODUTO DE AÇO GALVANIZADO, CLASSE SEMI PESADO, DN 40 MM (1 1/2  ), APARENTE, INSTALADO EM PAREDE - FORNECIMENTO E INSTALAÇÃO. (FIXAÇÃO POR CUNHA)"},null,{"$f":"IF(B224=\"SINAPI\",IFERROR(INDEX(SINAPI!$C:$C,MATCH($C224,SINAPI!$A:$A,0)),\"\"),IF(B224=\"COMPOSIÇÃO\",IFERROR(INDEX(COMPOSIÇÃO!$D:$D,MATCH($C224,COMPOSIÇÃO!$A:$A,0)),\"\"),\"\"))","v":"M"},16.899999999999999,{"$f":"IF(B224=\"SINAPI\",IFERROR(INDEX(SINAPI!$D:$D,MATCH($C224,SINAPI!$A:$A,0)),0),IF(B224=\"COMPOSIÇÃO\",IFERROR(INDEX(COMPOSIÇÃO!$G:$G,MATCH($C224,COMPOSIÇÃO!$A:$A,0)),0),0))","v":39.777507000000007},47.909844231389627,809.68,{"$f":"J224/$J$302","v":1.2105949786951997E-3}]
["15.82","ORSE","7892/ORSE","ELETRODUTO EM FERRO GALVANIZADO PESADO SEM COSTURA 2\" X 3M",null,"UN",0.37,151.22999999999999,182.14831168562301,67.39,{"$f":"J225/$J$302","v":1.007583188596353E-4}]
["15.83","SINAPI",97892,{"$f":"IF(B226=\"SINAPI\",IFERROR(INDEX(SINAPI!$B:$B,MATCH($C226,SINAPI!$A:$A,0)),\"\"),IF(B226=\"COMPOSIÇÃO\",IFERROR(INDEX(COMPOSIÇÃO!$C:$C,MATCH($C226,COMPOSIÇÃO!$A:$A,0)),\"\"),\"\"))","v":"CAIXA ENTERRADA ELÉTRICA RETANGULAR, EM ALVENARIA COM BLOCOS DE CONCRETO, FUNDO COM BRITA, DIMENSÕES INTERNAS: 0,6X0,6X0,6 M. AF_05/2018"},null,{"$f":"IF(B226=\"SINAPI\",IFERROR(INDEX(SINAPI!$C:$C,MATCH($C226,SINAPI!$A:$A,0)),\"\"),IF(B226=\"COMPOSIÇÃO\",IFERROR(INDEX(COMPOSIÇÃO!$D:$D,MATCH($C226,COMPOSIÇÃO!$A:$A,0)),\"\"),\"\"))","v":"UN"},10,{"$f":"IF(B226=\"SINAPI\",IFERROR(INDEX(SINAPI!$D:$D,MATCH($C226,SINAPI!$A:$A,0)),0),IF(B226=\"COMPOSIÇÃO\",IFERROR(INDEX(COMPOSIÇÃO!$G:$G,MATCH($C226,COMPOSIÇÃO!$A:$A,0)),0),0))","v":290.16000000000003},349.48194219864035,3494.82,{"$f":"J226/$J$302","v":5.2252884391902456E-3}]
["15.84","ORSE","11751/ORSE","FORNECIMENTO E INSTALAÇÃO DE CAIXA DE PASSAGEM EM ALUMÍNIO (15 X 15 X 10 CM)",null,"UN",2,68.8,82.865858916688907,165.73,{"$f":"J227/$J$302","v":2.4779160386715173E-4}]
["15.85","SINAPI",97667,{"$f":"IF(B228=\"SINAPI\",IFERROR(INDEX(SINAPI!$B:$B,MATCH($C228,SINAPI!$A:$A,0)),\"\"),IF(B228=\"COMPOSIÇÃO\",IFERROR(INDEX(COMPOSIÇÃO!$C:$C,MATCH($C228,COMPOSIÇÃO!$A:$A,0)),\"\"),\"\"))","v":"ELETRODUTO FLEXÍVEL CORRUGADO, PEAD, DN 50 (1 ½\u0094)  - FORNECIMENTO E INSTALAÇÃO. AF_04/2016"},null,{"$f":"IF(B228=\"SINAPI\",IFERROR(INDEX(SINAPI!$C:$C,MATCH($C228,SINAPI!$A:$A,0)),\"\"),IF(B228=\"COMPOSIÇÃO\",IFERROR(INDEX(COMPOSIÇÃO!$D:$D,MATCH($C228,COMPOSIÇÃO!$A:$A,0)),\"\"),\"\"))","v":"M"},43.4,{"$f":"IF(B228=\"SINAPI\",IFERROR(INDEX(SINAPI!$D:$D,MATCH($C228,SINAPI!$A:$A,0)),0),IF(B228=\"COMPOSIÇÃO\",IFERROR(INDEX(COMPOSIÇÃO!$G:$G,MATCH($C228,COMPOSIÇÃO!$A:$A,0)),0),0))","v":6.25},7.5277851486817688,326.70999999999998,{"$f":"J228/$J$302","v":4.8848123393131695E-4}]
["15.86","SINAPI",97668,{"$f":"IF(B229=\"SINAPI\",IFERROR(INDEX(SINAPI!$B:$B,MATCH($C229,SINAPI!$A:$A,0)),\"\"),IF(B229=\"COMPOSIÇÃO\",IFERROR(INDEX(COMPOSIÇÃO!$C:$C,MATCH($C229,COMPOSIÇÃO!$A:$A,0)),\"\"),\"\"))","v":"ELETRODUTO FLEXÍVEL CORRUGADO, PEAD, DN 63 (2\")  - FORNECIMENTO E INSTALAÇÃO. AF_04/2016"},null,{"$f":"IF(B229=\"SINAPI\",IFERROR(INDEX(SINAPI!$C:$C,MATCH($C229,SINAPI!$A:$A,0)),\"\"),IF(B229=\"COMPOSIÇÃO\",IFERROR(INDEX(COMPOSIÇÃO!$D:$D,MATCH($C229,COMPOSIÇÃO!$A:$A,0)),\"\"),\"\"))","v":"M"},2,{"$f":"IF(B229=\"SINAPI\",IFERROR(INDEX(SINAPI!$D:$D,MATCH($C229,SINAPI!$A:$A,0)),0),IF(B229=\"COMPOSIÇÃO\",IFERROR(INDEX(COMPOSIÇÃO!$G:$G,MATCH($C229,COMPOSIÇÃO!$A:$A,0)),0),0))","v":9.56},11.514500163423634,23.03,{"$f":"J229/$J$302","v":3.443335930163824E-5}]
["15.87","SINAPI",97670,{"$f":"IF(B230=\"SINAPI\",IFERROR(INDEX(SINAPI!$B:$B,MATCH($C230,SINAPI!$A:$A,0)),\"\"),IF(B230=\"COMPOSIÇÃO\",IFERROR(INDEX(COMPOSIÇÃO!$C:$C,MATCH($C230,COMPOSIÇÃO!$A:$A,0)),\"\"),\"\"))","v":"ELETRODUTO FLEXÍVEL CORRUGADO, PEAD, DN 100 (4\u0094) - FORNECIMENTO E INSTALAÇÃO. AF_04/2016"},null,{"$f":"IF(B230=\"SINAPI\",IFERROR(INDEX(SINAPI!$C:$C,MATCH($C230,SINAPI!$A:$A,0)),\"\"),IF(B230=\"COMPOSIÇÃO\",IFERROR(INDEX(COMPOSIÇÃO!$D:$D,MATCH($C230,COMPOSIÇÃO!$A:$A,0)),\"\"),\"\"))","v":"M"},17.100000000000001,{"$f":"IF(B230=\"SINAPI\",IFERROR(INDEX(SINAPI!$D:$D,MATCH($C230,SINAPI!$A:$A,0)),0),IF(B230=\"COMPOSIÇÃO\",IFERROR(INDEX(COMPOSIÇÃO!$G:$G,MATCH($C230,COMPOSIÇÃO!$A:$A,0)),0),0))","v":19.579999999999998},23.583045313790244,403.27,{"$f":"J230/$J$302","v":6.0295010011166526E-4}]
["15.88","COMPOSIÇÃO","IFMT 133.01.2020",{"$f":"IF(B231=\"SINAPI\",IFERROR(INDEX(SINAPI!$B:$B,MATCH($C231,SINAPI!$A:$A,0)),\"\"),IF(B231=\"COMPOSIÇÃO\",IFERROR(INDEX(COMPOSIÇÃO!$C:$C,MATCH($C231,COMPOSIÇÃO!$A:$A,0)),\"\"),\"\"))","v":"DISJUNTOR TRIPOLAR TIPO DIN, CORRENTE NOMINAL DE 10A - FORNECIMENTO E INSTALAÇÃO, CURVA D, CAPACIDADE DE INTERRUPÇÃO 3KA."},null,{"$f":"IF(B231=\"SINAPI\",IFERROR(INDEX(SINAPI!$C:$C,MATCH($C231,SINAPI!$A:$A,0)),\"\"),IF(B231=\"COMPOSIÇÃO\",IFERROR(INDEX(COMPOSIÇÃO!$D:$D,MATCH($C231,COMPOSIÇÃO!$A:$A,0)),\"\"),\"\"))","v":"UN"},6,{"$f":"IF(B231=\"SINAPI\",IFERROR(INDEX(SINAPI!$D:$D,MATCH($C231,SINAPI!$A:$A,0)),0),IF(B231=\"COMPOSIÇÃO\",IFERROR(INDEX(COMPOSIÇÃO!$G:$G,MATCH($C231,COMPOSIÇÃO!$A:$A,0)),0),0))","v":58.867800000000003},70.903064092090986,425.42,{"$f":"J231/$J$302","v":6.3606772531927657E-4}]
["15.89","COMPOSIÇÃO","IFMT 134.01.2020",{"$f":"IF(B232=\"SINAPI\",IFERROR(INDEX(SINAPI!$B:$B,MATCH($C232,SINAPI!$A:$A,0)),\"\"),IF(B232=\"COMPOSIÇÃO\",IFERROR(INDEX(COMPOSIÇÃO!$C:$C,MATCH($C232,COMPOSIÇÃO!$A:$A,0)),\"\"),\"\"))","v":"DISJUNTOR TRIPOLAR TIPO DIN, CORRENTE NOMINAL DE 10A - FORNECIMENTO E INSTALAÇÃO, CURVA D, CAPACIDADE DE INTERRUPÇÃO 6KA."},null,{"$f":"IF(B232=\"SINAPI\",IFERROR(INDEX(SINAPI!$C:$C,MATCH($C232,SINAPI!$A:$A,0)),\"\"),IF(B232=\"COMPOSIÇÃO\",IFERROR(INDEX(COMPOSIÇÃO!$D:$D,MATCH($C232,COMPOSIÇÃO!$A:$A,0)),\"\"),\"\"))","v":"UN"},1,{"$f":"IF(B232=\"SINAPI\",IFERROR(INDEX(SINAPI!$D:$D,MATCH($C232,SINAPI!$A:$A,0)),0),IF(B232=\"COMPOSIÇÃO\",IFERROR(INDEX(COMPOSIÇÃO!$G:$G,MATCH($C232,COMPOSIÇÃO!$A:$A,0)),0),0))","v":58.867800000000003},70.903064092090986,70.900000000000006,{"$f":"J232/$J$302","v":1.0600630371194752E-4}]
["15.90","COMPOSIÇÃO","IFMT 135.01.2020",{"$f":"IF(B233=\"SINAPI\",IFERROR(INDEX(SINAPI!$B:$B,MATCH($C233,SINAPI!$A:$A,0)),\"\"),IF(B233=\"COMPOSIÇÃO\",IFERROR(INDEX(COMPOSIÇÃO!$C:$C,MATCH($C233,COMPOSIÇÃO!$A:$A,0)),\"\"),\"\"))","v":"DISJUNTOR TRIPOLAR TIPO DIN, CORRENTE NOMINAL DE 10A - FORNECIMENTO E INSTALAÇÃO, CURVA C, CAPACIDADE DE INTERRUPÇÃO 8KA."},null,{"$f":"IF(B233=\"SINAPI\",IFERROR(INDEX(SINAPI!$C:$C,MATCH($C233,SINAPI!$A:$A,0)),\"\"),IF(B233=\"COMPOSIÇÃO\",IFERROR(INDEX(COMPOSIÇÃO!$D:$D,MATCH($C233,COMPOSIÇÃO!$A:$A,0)),\"\"),\"\"))","v":"UN"},1,{"$f":"IF(B233=\"SINAPI\",IFERROR(INDEX(SINAPI!$D:$D,MATCH($C233,SINAPI!$A:$A,0)),0),IF(B233=\"COMPOSIÇÃO\",IFERROR(INDEX(COMPOSIÇÃO!$G:$G,MATCH($C233,COMPOSIÇÃO!$A:$A,0)),0),0))","v":58.867800000000003},70.903064092090986,70.900000000000006,{"$f":"J233/$J$302","v":1.0600630371194752E-4}]
["15.91","COMPOSIÇÃO","IFMT 136.02.2020",{"$f":"IF(B234=\"SINAPI\",IFERROR(INDEX(SINAPI!$B:$B,MATCH($C234,SINAPI!$A:$A,0)),\"\"),IF(B234=\"COMPOSIÇÃO\",IFERROR(INDEX(COMPOSIÇÃO!$C:$C,MATCH($C234,COMPOSIÇÃO!$A:$A,0)),\"\"),\"\"))","v":"DISJUNTOR TRIPOLAR TIPO DIN, CORRENTE NOMINAL DE 16A - FORNECIMENTO E INSTALAÇÃO, CURVA B, CAPACIDADE DE INTERRUPÇÃO 8KA."},null,{"$f":"IF(B234=\"SINAPI\",IFERROR(INDEX(SINAPI!$C:$C,MATCH($C234,SINAPI!$A:$A,0)),\"\"),IF(B234=\"COMPOSIÇÃO\",IFERROR(INDEX(COMPOSIÇÃO!$D:$D,MATCH($C234,COMPOSIÇÃO!$A:$A,0)),\"\"),\"\"))","v":"UN"},1,{"$f":"IF(B234=\"SINAPI\",IFERROR(INDEX(SINAPI!$D:$D,MATCH($C234,SINAPI!$A:$A,0)),0),IF(B234=\"COMPOSIÇÃO\",IFERROR(INDEX(COMPOSIÇÃO!$G:$G,MATCH($C234,COMPOSIÇÃO!$A:$A,0)),0),0))","v":60.249479999999991},72.567222521567871,72.569999999999993,{"$f":"J234/$J$302","v":1.0850320818583964E-4}]
["15.92","COMPOSIÇÃO","IFMT 137.02.2020",{"$f":"IF(B235=\"SINAPI\",IFERROR(INDEX(SINAPI!$B:$B,MATCH($C235,SINAPI!$A:$A,0)),\"\"),IF(B235=\"COMPOSIÇÃO\",IFERROR(INDEX(COMPOSIÇÃO!$C:$C,MATCH($C235,COMPOSIÇÃO!$A:$A,0)),\"\"),\"\"))","v":"DISJUNTOR TRIPOLAR TIPO DIN, CORRENTE NOMINAL DE 16A - FORNECIMENTO E INSTALAÇÃO, CURVA C, CAPACIDADE DE INTERRUPÇÃO 8KA."},null,{"$f":"IF(B235=\"SINAPI\",IFERROR(INDEX(SINAPI!$C:$C,MATCH($C235,SINAPI!$A:$A,0)),\"\"),IF(B235=\"COMPOSIÇÃO\",IFERROR(INDEX(COMPOSIÇÃO!$D:$D,MATCH($C235,COMPOSIÇÃO!$A:$A,0)),\"\"),\"\"))","v":"UN"},1,{"$f":"IF(B235=\"SINAPI\",IFERROR(INDEX(SINAPI!$D:$D,MATCH($C235,SINAPI!$A:$A,0)),0),IF(B235=\"COMPOSIÇÃO\",IFERROR(INDEX(COMPOSIÇÃO!$G:$G,MATCH($C235,COMPOSIÇÃO!$A:$A,0)),0),0))","v":60.249479999999991},72.567222521567871,72.569999999999993,{"$f":"J235/$J$302","v":1.0850320818583964E-4}]
["15.93","COMPOSIÇÃO","IFMT 138.02.2020",{"$f":"IF(B236=\"SINAPI\",IFERROR(INDEX(SINAPI!$B:$B,MATCH($C236,SINAPI!$A:$A,0)),\"\"),IF(B236=\"COMPOSIÇÃO\",IFERROR(INDEX(COMPOSIÇÃO!$C:$C,MATCH($C236,COMPOSIÇÃO!$A:$A,0)),\"\"),\"\"))","v":"DISJUNTOR TRIPOLAR TIPO DIN, CORRENTE NOMINAL DE 16A - FORNECIMENTO E INSTALAÇÃO, CURVA D, CAPACIDADE DE INTERRUPÇÃO 8KA."},null,{"$f":"IF(B236=\"SINAPI\",IFERROR(INDEX(SINAPI!$C:$C,MATCH($C236,SINAPI!$A:$A,0)),\"\"),IF(B236=\"COMPOSIÇÃO\",IFERROR(INDEX(COMPOSIÇÃO!$D:$D,MATCH($C236,COMPOSIÇÃO!$A:$A,0)),\"\"),\"\"))","v":"UN"},1,{"$f":"IF(B236=\"SINAPI\",IFERROR(INDEX(SINAPI!$D:$D,MATCH($C236,SINAPI!$A:$A,0)),0),IF(B236=\"COMPOSIÇÃO\",IFERROR(INDEX(COMPOSIÇÃO!$G:$G,MATCH($C236,COMPOSIÇÃO!$A:$A,0)),0),0))","v":60.249479999999991},72.567222521567871,72.569999999999993,{"$f":"J236/$J$302","v":1.0850320818583964E-4}]
["15.94","COMPOSIÇÃO","IFMT 139.02.2020",{"$f":"IF(B237=\"SINAPI\",IFERROR(INDEX(SINAPI!$B:$B,MATCH($C237,SINAPI!$A:$A,0)),\"\"),IF(B237=\"COMPOSIÇÃO\",IFERROR(INDEX(COMPOSIÇÃO!$C:$C,MATCH($C237,COMPOSIÇÃO!$A:$A,0)),\"\"),\"\"))","v":"DISJUNTOR TRIPOLAR TIPO DIN, CORRENTE NOMINAL DE 20A - FORNECIMENTO E INSTALAÇÃO, CURVA B, CAPACIDADE DE INTERRUPÇÃO 3KA."},null,{"$f":"IF(B237=\"SINAPI\",IFERROR(INDEX(SINAPI!$C:$C,MATCH($C237,SINAPI!$A:$A,0)),\"\"),IF(B237=\"COMPOSIÇÃO\",IFERROR(INDEX(COMPOSIÇÃO!$D:$D,MATCH($C237,COMPOSIÇÃO!$A:$A,0)),\"\"),\"\"))","v":"UN"},1,{"$f":"IF(B237=\"SINAPI\",IFERROR(INDEX(SINAPI!$D:$D,MATCH($C237,SINAPI!$A:$A,0)),0),IF(B237=\"COMPOSIÇÃO\",IFERROR(INDEX(COMPOSIÇÃO!$G:$G,MATCH($C237,COMPOSIÇÃO!$A:$A,0)),0),0))","v":62.915640000000003},75.77846726588939,75.78,{"$f":"J237/$J$302","v":1.1330264732427901E-4}]
["15.95","COMPOSIÇÃO","IFMT 141.02.2020",{"$f":"IF(B238=\"SINAPI\",IFERROR(INDEX(SINAPI!$B:$B,MATCH($C238,SINAPI!$A:$A,0)),\"\"),IF(B238=\"COMPOSIÇÃO\",IFERROR(INDEX(COMPOSIÇÃO!$C:$C,MATCH($C238,COMPOSIÇÃO!$A:$A,0)),\"\"),\"\"))","v":"DISJUNTOR TRIPOLAR TIPO DIN, CORRENTE NOMINAL DE 20A - FORNECIMENTO E INSTALAÇÃO, CURVA D, CAPACIDADE DE INTERRUPÇÃO 3KA."},null,{"$f":"IF(B238=\"SINAPI\",IFERROR(INDEX(SINAPI!$C:$C,MATCH($C238,SINAPI!$A:$A,0)),\"\"),IF(B238=\"COMPOSIÇÃO\",IFERROR(INDEX(COMPOSIÇÃO!$D:$D,MATCH($C238,COMPOSIÇÃO!$A:$A,0)),\"\"),\"\"))","v":"UN"},2,{"$f":"IF(B238=\"SINAPI\",IFERROR(INDEX(SINAPI!$D:$D,MATCH($C238,SINAPI!$A:$A,0)),0),IF(B238=\"COMPOSIÇÃO\",IFERROR(INDEX(COMPOSIÇÃO!$G:$G,MATCH($C238,COMPOSIÇÃO!$A:$A,0)),0),0))","v":62.915640000000003},75.77846726588939,151.56,{"$f":"J238/$J$302","v":2.2660529464855802E-4}]
["15.96","COMPOSIÇÃO","IFMT 140.02.2020",{"$f":"IF(B239=\"SINAPI\",IFERROR(INDEX(SINAPI!$B:$B,MATCH($C239,SINAPI!$A:$A,0)),\"\"),IF(B239=\"COMPOSIÇÃO\",IFERROR(INDEX(COMPOSIÇÃO!$C:$C,MATCH($C239,COMPOSIÇÃO!$A:$A,0)),\"\"),\"\"))","v":"DISJUNTOR TRIPOLAR TIPO DIN, CORRENTE NOMINAL DE 20A - FORNECIMENTO E INSTALAÇÃO, CURVA C, CAPACIDADE DE INTERRUPÇÃO 3KA."},null,{"$f":"IF(B239=\"SINAPI\",IFERROR(INDEX(SINAPI!$C:$C,MATCH($C239,SINAPI!$A:$A,0)),\"\"),IF(B239=\"COMPOSIÇÃO\",IFERROR(INDEX(COMPOSIÇÃO!$D:$D,MATCH($C239,COMPOSIÇÃO!$A:$A,0)),\"\"),\"\"))","v":"UN"},1,{"$f":"IF(B239=\"SINAPI\",IFERROR(INDEX(SINAPI!$D:$D,MATCH($C239,SINAPI!$A:$A,0)),0),IF(B239=\"COMPOSIÇÃO\",IFERROR(INDEX(COMPOSIÇÃO!$G:$G,MATCH($C239,COMPOSIÇÃO!$A:$A,0)),0),0))","v":62.915640000000003},75.77846726588939,75.78,{"$f":"J239/$J$302","v":1.1330264732427901E-4}]
["15.97","COMPOSIÇÃO","IFMT 142.02.2020",{"$f":"IF(B240=\"SINAPI\",IFERROR(INDEX(SINAPI!$B:$B,MATCH($C240,SINAPI!$A:$A,0)),\"\"),IF(B240=\"COMPOSIÇÃO\",IFERROR(INDEX(COMPOSIÇÃO!$C:$C,MATCH($C240,COMPOSIÇÃO!$A:$A,0)),\"\"),\"\"))","v":"DISJUNTOR TRIPOLAR TIPO DIN, CORRENTE NOMINAL DE 20A - FORNECIMENTO E INSTALAÇÃO, CURVA B, CAPACIDADE DE INTERRUPÇÃO 8KA."},null,{"$f":"IF(B240=\"SINAPI\",IFERROR(INDEX(SINAPI!$C:$C,MATCH($C240,SINAPI!$A:$A,0)),\"\"),IF(B240=\"COMPOSIÇÃO\",IFERROR(INDEX(COMPOSIÇÃO!$D:$D,MATCH($C240,COMPOSIÇÃO!$A:$A,0)),\"\"),\"\"))","v":"UN"},1,{"$f":"IF(B240=\"SINAPI\",IFERROR(INDEX(SINAPI!$D:$D,MATCH($C240,SINAPI!$A:$A,0)),0),IF(B240=\"COMPOSIÇÃO\",IFERROR(INDEX(COMPOSIÇÃO!$G:$G,MATCH($C240,COMPOSIÇÃO!$A:$A,0)),0),0))","v":62.915640000000003},{"$f":"H240*(1+$J$9)","v":75.77846726588939},{"$f":"ROUND(G240*I240,2)","v":75.78},{"$f":"J240/$J$302","v":1.1330264732427901E-4}]
["15.98","COMPOSIÇÃO","IFMT 143.02.2020",{"$f":"IF(B241=\"SINAPI\",IFERROR(INDEX(SINAPI!$B:$B,MATCH($C241,SINAPI!$A:$A,0)),\"\"),IF(B241=\"COMPOSIÇÃO\",IFERROR(INDEX(COMPOSIÇÃO!$C:$C,MATCH($C241,COMPOSIÇÃO!$A:$A,0)),\"\"),\"\"))","v":"DISJUNTOR TRIPOLAR TIPO DIN, CORRENTE NOMINAL DE 20A - FORNECIMENTO E INSTALAÇÃO, CURVA D, CAPACIDADE DE INTERRUPÇÃO 8KA."},null,{"$f":"IF(B241=\"SINAPI\",IFERROR(INDEX(SINAPI!$C:$C,MATCH($C241,SINAPI!$A:$A,0)),\"\"),IF(B241=\"COMPOSIÇÃO\",IFERROR(INDEX(COMPOSIÇÃO!$D:$D,MATCH($C241,COMPOSIÇÃO!$A:$A,0)),\"\"),\"\"))","v":"UN"},8,{"$f":"IF(B241=\"SINAPI\",IFERROR(INDEX(SINAPI!$D:$D,MATCH($C241,SINAPI!$A:$A,0)),0),IF(B241=\"COMPOSIÇÃO\",IFERROR(INDEX(COMPOSIÇÃO!$G:$G,MATCH($C241,COMPOSIÇÃO!$A:$A,0)),0),0))","v":62.915640000000003},75.77846726588939,606.23,{"$f":"J241/$J$302","v":9.0640622707043636E-4}]
["15.99","COMPOSIÇÃO","IFMT 144.02.2020",{"$f":"IF(B242=\"SINAPI\",IFERROR(INDEX(SINAPI!$B:$B,MATCH($C242,SINAPI!$A:$A,0)),\"\"),IF(B242=\"COMPOSIÇÃO\",IFERROR(INDEX(COMPOSIÇÃO!$C:$C,MATCH($C242,COMPOSIÇÃO!$A:$A,0)),\"\"),\"\"))","v":"DISJUNTOR TRIPOLAR TIPO DIN, CORRENTE NOMINAL DE 25A - FORNECIMENTO E INSTALAÇÃO, CURVA B, CAPACIDADE DE INTERRUPÇÃO 3KA."},null,{"$f":"IF(B242=\"SINAPI\",IFERROR(INDEX(SINAPI!$C:$C,MATCH($C242,SINAPI!$A:$A,0)),\"\"),IF(B242=\"COMPOSIÇÃO\",IFERROR(INDEX(COMPOSIÇÃO!$D:$D,MATCH($C242,COMPOSIÇÃO!$A:$A,0)),\"\"),\"\"))","v":"UN"},1,{"$f":"IF(B242=\"SINAPI\",IFERROR(INDEX(SINAPI!$D:$D,MATCH($C242,SINAPI!$A:$A,0)),0),IF(B242=\"COMPOSIÇÃO\",IFERROR(INDEX(COMPOSIÇÃO!$G:$G,MATCH($C242,COMPOSIÇÃO!$A:$A,0)),0),0))","v":62.915640000000003},75.77846726588939,75.78,{"$f":"J242/$J$302","v":1.1330264732427901E-4}]
["15.100","COMPOSIÇÃO","IFMT 145.02.2020",{"$f":"IF(B243=\"SINAPI\",IFERROR(INDEX(SINAPI!$B:$B,MATCH($C243,SINAPI!$A:$A,0)),\"\"),IF(B243=\"COMPOSIÇÃO\",IFERROR(INDEX(COMPOSIÇÃO!$C:$C,MATCH($C243,COMPOSIÇÃO!$A:$A,0)),\"\"),\"\"))","v":"DISJUNTOR TRIPOLAR TIPO DIN, CORRENTE NOMINAL DE 25A - FORNECIMENTO E INSTALAÇÃO, CURVA C, CAPACIDADE DE INTERRUPÇÃO 3KA."},null,{"$f":"IF(B243=\"SINAPI\",IFERROR(INDEX(SINAPI!$C:$C,MATCH($C243,SINAPI!$A:$A,0)),\"\"),IF(B243=\"COMPOSIÇÃO\",IFERROR(INDEX(COMPOSIÇÃO!$D:$D,MATCH($C243,COMPOSIÇÃO!$A:$A,0)),\"\"),\"\"))","v":"UN"},6,{"$f":"IF(B243=\"SINAPI\",IFERROR(INDEX(SINAPI!$D:$D,MATCH($C243,SINAPI!$A:$A,0)),0),IF(B243=\"COMPOSIÇÃO\",IFERROR(INDEX(COMPOSIÇÃO!$G:$G,MATCH($C243,COMPOSIÇÃO!$A:$A,0)),0),0))","v":62.915640000000003},75.77846726588939,454.67,{"$f":"J243/$J$302","v":6.7980093242187836E-4}]
["15.101","COMPOSIÇÃO","IFMT 146.02.2020",{"$f":"IF(B244=\"SINAPI\",IFERROR(INDEX(SINAPI!$B:$B,MATCH($C244,SINAPI!$A:$A,0)),\"\"),IF(B244=\"COMPOSIÇÃO\",IFERROR(INDEX(COMPOSIÇÃO!$C:$C,MATCH($C244,COMPOSIÇÃO!$A:$A,0)),\"\"),\"\"))","v":"DISJUNTOR TRIPOLAR TIPO DIN, CORRENTE NOMINAL DE 25A - FORNECIMENTO E INSTALAÇÃO, CURVA B, CAPACIDADE DE INTERRUPÇÃO 8KA."},null,{"$f":"IF(B244=\"SINAPI\",IFERROR(INDEX(SINAPI!$C:$C,MATCH($C244,SINAPI!$A:$A,0)),\"\"),IF(B244=\"COMPOSIÇÃO\",IFERROR(INDEX(COMPOSIÇÃO!$D:$D,MATCH($C244,COMPOSIÇÃO!$A:$A,0)),\"\"),\"\"))","v":"UN"},1,{"$f":"IF(B244=\"SINAPI\",IFERROR(INDEX(SINAPI!$D:$D,MATCH($C244,SINAPI!$A:$A,0)),0),IF(B244=\"COMPOSIÇÃO\",IFERROR(INDEX(COMPOSIÇÃO!$G:$G,MATCH($C244,COMPOSIÇÃO!$A:$A,0)),0),0))","v":62.915640000000003},75.77846726588939,75.78,{"$f":"J244/$J$302","v":1.1330264732427901E-4}]
["15.102","COMPOSIÇÃO","IFMT 147.02.2020",{"$f":"IF(B245=\"SINAPI\",IFERROR(INDEX(SINAPI!$B:$B,MATCH($C245,SINAPI!$A:$A,0)),\"\"),IF(B245=\"COMPOSIÇÃO\",IFERROR(INDEX(COMPOSIÇÃO!$C:$C,MATCH($C245,COMPOSIÇÃO!$A:$A,0)),\"\"),\"\"))","v":"DISJUNTOR TRIPOLAR TIPO DIN, CORRENTE NOMINAL DE 25A - FORNECIMENTO E INSTALAÇÃO, CURVA C, CAPACIDADE DE INTERRUPÇÃO 8KA."},null,{"$f":"IF(B245=\"SINAPI\",IFERROR(INDEX(SINAPI!$C:$C,MATCH($C245,SINAPI!$A:$A,0)),\"\"),IF(B245=\"COMPOSIÇÃO\",IFERROR(INDEX(COMPOSIÇÃO!$D:$D,MATCH($C245,COMPOSIÇÃO!$A:$A,0)),\"\"),\"\"))","v":"UN"},3,{"$f":"IF(B245=\"SINAPI\",IFERROR(INDEX(SINAPI!$D:$D,MATCH($C245,SINAPI!$A:$A,0)),0),IF(B245=\"COMPOSIÇÃO\",IFERROR(INDEX(COMPOSIÇÃO!$G:$G,MATCH($C245,COMPOSIÇÃO!$A:$A,0)),0),0))","v":62.915640000000003},75.77846726588939,227.34,{"$f":"J245/$J$302","v":3.3990794197283705E-4}]
["15.103","COMPOSIÇÃO","IFMT 148.02.2020",{"$f":"IF(B246=\"SINAPI\",IFERROR(INDEX(SINAPI!$B:$B,MATCH($C246,SINAPI!$A:$A,0)),\"\"),IF(B246=\"COMPOSIÇÃO\",IFERROR(INDEX(COMPOSIÇÃO!$C:$C,MATCH($C246,COMPOSIÇÃO!$A:$A,0)),\"\"),\"\"))","v":"DISJUNTOR TRIPOLAR TIPO DIN, CORRENTE NOMINAL DE 25A - FORNECIMENTO E INSTALAÇÃO, CURVA D, CAPACIDADE DE INTERRUPÇÃO 8KA."},null,{"$f":"IF(B246=\"SINAPI\",IFERROR(INDEX(SINAPI!$C:$C,MATCH($C246,SINAPI!$A:$A,0)),\"\"),IF(B246=\"COMPOSIÇÃO\",IFERROR(INDEX(COMPOSIÇÃO!$D:$D,MATCH($C246,COMPOSIÇÃO!$A:$A,0)),\"\"),\"\"))","v":"UN"},3,{"$f":"IF(B246=\"SINAPI\",IFERROR(INDEX(SINAPI!$D:$D,MATCH($C246,SINAPI!$A:$A,0)),0),IF(B246=\"COMPOSIÇÃO\",IFERROR(INDEX(COMPOSIÇÃO!$G:$G,MATCH($C246,COMPOSIÇÃO!$A:$A,0)),0),0))","v":62.915640000000003},75.77846726588939,227.34,{"$f":"J246/$J$302","v":3.3990794197283705E-4}]
["15.104","COMPOSIÇÃO","IFMT 149.02.2020",{"$f":"IF(B247=\"SINAPI\",IFERROR(INDEX(SINAPI!$B:$B,MATCH($C247,SINAPI!$A:$A,0)),\"\"),IF(B247=\"COMPOSIÇÃO\",IFERROR(INDEX(COMPOSIÇÃO!$C:$C,MATCH($C247,COMPOSIÇÃO!$A:$A,0)),\"\"),\"\"))","v":"DISJUNTOR TRIPOLAR TIPO DIN, CORRENTE NOMINAL DE 32A - FORNECIMENTO E INSTALAÇÃO, CURVA D, CAPACIDADE DE INTERRUPÇÃO 8KA."},null,{"$f":"IF(B247=\"SINAPI\",IFERROR(INDEX(SINAPI!$C:$C,MATCH($C247,SINAPI!$A:$A,0)),\"\"),IF(B247=\"COMPOSIÇÃO\",IFERROR(INDEX(COMPOSIÇÃO!$D:$D,MATCH($C247,COMPOSIÇÃO!$A:$A,0)),\"\"),\"\"))","v":"UN"},3,{"$f":"IF(B247=\"SINAPI\",IFERROR(INDEX(SINAPI!$D:$D,MATCH($C247,SINAPI!$A:$A,0)),0),IF(B247=\"COMPOSIÇÃO\",IFERROR(INDEX(COMPOSIÇÃO!$G:$G,MATCH($C247,COMPOSIÇÃO!$A:$A,0)),0),0))","v":66.146280000000004},79.669597475927347,239.01,{"$f":"J247/$J$302","v":3.5735637024249045E-4}]
["15.105","COMPOSIÇÃO","IFMT 150.02.2020",{"$f":"IF(B248=\"SINAPI\",IFERROR(INDEX(SINAPI!$B:$B,MATCH($C248,SINAPI!$A:$A,0)),\"\"),IF(B248=\"COMPOSIÇÃO\",IFERROR(INDEX(COMPOSIÇÃO!$C:$C,MATCH($C248,COMPOSIÇÃO!$A:$A,0)),\"\"),\"\"))","v":"DISJUNTOR TRIPOLAR TIPO DIN, CORRENTE NOMINAL DE 40A - FORNECIMENTO E INSTALAÇÃO, CURVA D, CAPACIDADE DE INTERRUPÇÃO 3KA."},null,{"$f":"IF(B248=\"SINAPI\",IFERROR(INDEX(SINAPI!$C:$C,MATCH($C248,SINAPI!$A:$A,0)),\"\"),IF(B248=\"COMPOSIÇÃO\",IFERROR(INDEX(COMPOSIÇÃO!$D:$D,MATCH($C248,COMPOSIÇÃO!$A:$A,0)),\"\"),\"\"))","v":"UN"},1,{"$f":"IF(B248=\"SINAPI\",IFERROR(INDEX(SINAPI!$D:$D,MATCH($C248,SINAPI!$A:$A,0)),0),IF(B248=\"COMPOSIÇÃO\",IFERROR(INDEX(COMPOSIÇÃO!$G:$G,MATCH($C248,COMPOSIÇÃO!$A:$A,0)),0),0))","v":71.252160000000003},85.819352297519558,85.82,{"$f":"J248/$J$302","v":1.2831397721522334E-4}]
["15.106","COMPOSIÇÃO","IFMT 151.02.2020",{"$f":"IF(B249=\"SINAPI\",IFERROR(INDEX(SINAPI!$B:$B,MATCH($C249,SINAPI!$A:$A,0)),\"\"),IF(B249=\"COMPOSIÇÃO\",IFERROR(INDEX(COMPOSIÇÃO!$C:$C,MATCH($C249,COMPOSIÇÃO!$A:$A,0)),\"\"),\"\"))","v":"DISJUNTOR TRIPOLAR TIPO DIN, CORRENTE NOMINAL DE 50A - FORNECIMENTO E INSTALAÇÃO, CURVA D, CAPACIDADE DE INTERRUPÇÃO 3KA."},null,{"$f":"IF(B249=\"SINAPI\",IFERROR(INDEX(SINAPI!$C:$C,MATCH($C249,SINAPI!$A:$A,0)),\"\"),IF(B249=\"COMPOSIÇÃO\",IFERROR(INDEX(COMPOSIÇÃO!$D:$D,MATCH($C249,COMPOSIÇÃO!$A:$A,0)),\"\"),\"\"))","v":"UN"},1,{"$f":"IF(B249=\"SINAPI\",IFERROR(INDEX(SINAPI!$D:$D,MATCH($C249,SINAPI!$A:$A,0)),0),IF(B249=\"COMPOSIÇÃO\",IFERROR(INDEX(COMPOSIÇÃO!$G:$G,MATCH($C249,COMPOSIÇÃO!$A:$A,0)),0),0))","v":77.772480000000002},93.672723187223994,93.67,{"$f":"J249/$J$302","v":1.4005092339489596E-4}]
["15.107","COMPOSIÇÃO","IFMT 152.02.2020",{"$f":"IF(B250=\"SINAPI\",IFERROR(INDEX(SINAPI!$B:$B,MATCH($C250,SINAPI!$A:$A,0)),\"\"),IF(B250=\"COMPOSIÇÃO\",IFERROR(INDEX(COMPOSIÇÃO!$C:$C,MATCH($C250,COMPOSIÇÃO!$A:$A,0)),\"\"),\"\"))","v":"DISJUNTOR TRIPOLAR TIPO DIN, CORRENTE NOMINAL DE 50A - FORNECIMENTO E INSTALAÇÃO, CURVA D, CAPACIDADE DE INTERRUPÇÃO 8KA."},null,{"$f":"IF(B250=\"SINAPI\",IFERROR(INDEX(SINAPI!$C:$C,MATCH($C250,SINAPI!$A:$A,0)),\"\"),IF(B250=\"COMPOSIÇÃO\",IFERROR(INDEX(COMPOSIÇÃO!$D:$D,MATCH($C250,COMPOSIÇÃO!$A:$A,0)),\"\"),\"\"))","v":"UN"},1,{"$f":"IF(B250=\"SINAPI\",IFERROR(INDEX(SINAPI!$D:$D,MATCH($C250,SINAPI!$A:$A,0)),0),IF(B250=\"COMPOSIÇÃO\",IFERROR(INDEX(COMPOSIÇÃO!$G:$G,MATCH($C250,COMPOSIÇÃO!$A:$A,0)),0),0))","v":77.772480000000002},93.672723187223994,93.67,{"$f":"J250/$J$302","v":1.4005092339489596E-4}]
["15.108","COMPOSIÇÃO","IFMT 182.02.2020",{"$f":"IF(B251=\"SINAPI\",IFERROR(INDEX(SINAPI!$B:$B,MATCH($C251,SINAPI!$A:$A,0)),\"\"),IF(B251=\"COMPOSIÇÃO\",IFERROR(INDEX(COMPOSIÇÃO!$C:$C,MATCH($C251,COMPOSIÇÃO!$A:$A,0)),\"\"),\"\"))","v":"DISJUNTOR TRIPOLAR 63A, PADRÃO DIN (LINHA BRANCA), FORNECIMENTO E INSTALAÇÃO, CURVA D, CAPACIDADE DE INTERRUPÇÃO 3KA."},null,{"$f":"IF(B251=\"SINAPI\",IFERROR(INDEX(SINAPI!$C:$C,MATCH($C251,SINAPI!$A:$A,0)),\"\"),IF(B251=\"COMPOSIÇÃO\",IFERROR(INDEX(COMPOSIÇÃO!$D:$D,MATCH($C251,COMPOSIÇÃO!$A:$A,0)),\"\"),\"\"))","v":"UN"},1,{"$f":"IF(B251=\"SINAPI\",IFERROR(INDEX(SINAPI!$D:$D,MATCH($C251,SINAPI!$A:$A,0)),0),IF(B251=\"COMPOSIÇÃO\",IFERROR(INDEX(COMPOSIÇÃO!$G:$G,MATCH($C251,COMPOSIÇÃO!$A:$A,0)),0),0))","v":83.922480000000007},101.08006377352686,101.08,{"$f":"J251/$J$302","v":1.5113000252755507E-4}]
["15.109","COMPOSIÇÃO","IFMT 183.02.2020",{"$f":"IF(B252=\"SINAPI\",IFERROR(INDEX(SINAPI!$B:$B,MATCH($C252,SINAPI!$A:$A,0)),\"\"),IF(B252=\"COMPOSIÇÃO\",IFERROR(INDEX(COMPOSIÇÃO!$C:$C,MATCH($C252,COMPOSIÇÃO!$A:$A,0)),\"\"),\"\"))","v":"DISJUNTOR TRIPOLAR 63A, PADRÃO DIN (LINHA BRANCA), FORNECIMENTO E INSTALAÇÃO, CURVA D, CAPACIDADE DE INTERRUPÇÃO 8KA."},null,{"$f":"IF(B252=\"SINAPI\",IFERROR(INDEX(SINAPI!$C:$C,MATCH($C252,SINAPI!$A:$A,0)),\"\"),IF(B252=\"COMPOSIÇÃO\",IFERROR(INDEX(COMPOSIÇÃO!$D:$D,MATCH($C252,COMPOSIÇÃO!$A:$A,0)),\"\"),\"\"))","v":"UN"},1,{"$f":"IF(B252=\"SINAPI\",IFERROR(INDEX(SINAPI!$D:$D,MATCH($C252,SINAPI!$A:$A,0)),0),IF(B252=\"COMPOSIÇÃO\",IFERROR(INDEX(COMPOSIÇÃO!$G:$G,MATCH($C252,COMPOSIÇÃO!$A:$A,0)),0),0))","v":83.922480000000007},101.08006377352686,101.08,{"$f":"J252/$J$302","v":1.5113000252755507E-4}]
["15.110","ORSE","11572/ORSE","DISJUNTOR TERMOMAGNETICO TRIPOLAR 70 A, PADRÃO DIN (EUROPEU - LINHA BRANCA), CURVA C, 10KA",null,"UN",2,115.99,139.70364790329575,279.41000000000003,{"$f":"J253/$J$302","v":4.177605263773661E-4}]
["15.111","ORSE","8490/ORSE","DISJUNTOR TERMOMAGNETICO TRIPOLAR 100 A, PADRÃO DIN (EUROPEU - LINHA BRANCA), 10KA",null,"UN",1,374.47,451.02875274029793,451.03,{"$f":"J254/$J$302","v":6.7435857776022119E-4}]
["15.112","ORSE","8078/ORSE","DISJUNTOR TERMOMAGNETICO TRIPOLAR 125 A, PADRÃO DIN (EUROPEU - LINHA BRANCA), 10KA",null,"UN",1,375.06,451.73937565833347,451.74,{"$f":"J255/$J$302","v":6.7542013594972027E-4}]
["15.113","ORSE","9934/ORSE","DISJUNTOR TERMOMAGNETICO TRIPOLAR 175 A, PADRÃO DIN (EUROPEU - LINHA BRANCA), 10KA",null,"UN",1,193.69,233.2890728717075,233.29,{"$f":"J256/$J$302","v":3.4880409863131501E-4}]
["15.114","ORSE","11267/ORSE","DISJUNTOR TERMOMAGNETICO TRIPOLAR 200 A, PADRÃO DIN (EUROPEU - LINHA BRANCA), CORRENTE 10KA",null,"UN",1,849.69,1023.405402077346,1023.41,{"$f":"J257/$J$302","v":1.5301538967820057E-3}]
["15.115","COMPOSIÇÃO","IFMT 153.02.2020",{"$f":"IF(B258=\"SINAPI\",IFERROR(INDEX(SINAPI!$B:$B,MATCH($C258,SINAPI!$A:$A,0)),\"\"),IF(B258=\"COMPOSIÇÃO\",IFERROR(INDEX(COMPOSIÇÃO!$C:$C,MATCH($C258,COMPOSIÇÃO!$A:$A,0)),\"\"),\"\"))","v":"DISJUNTOR BIPOLAR TIPO DIN, CORRENTE NOMINAL DE 10A - FORNECIMENTO E INSTALAÇÃO, CURVA C, CAPACIDADE DE INTERRUPÇÃO 3KA."},null,{"$f":"IF(B258=\"SINAPI\",IFERROR(INDEX(SINAPI!$C:$C,MATCH($C258,SINAPI!$A:$A,0)),\"\"),IF(B258=\"COMPOSIÇÃO\",IFERROR(INDEX(COMPOSIÇÃO!$D:$D,MATCH($C258,COMPOSIÇÃO!$A:$A,0)),\"\"),\"\"))","v":"UN"},1,{"$f":"IF(B258=\"SINAPI\",IFERROR(INDEX(SINAPI!$D:$D,MATCH($C258,SINAPI!$A:$A,0)),0),IF(B258=\"COMPOSIÇÃO\",IFERROR(INDEX(COMPOSIÇÃO!$G:$G,MATCH($C258,COMPOSIÇÃO!$A:$A,0)),0),0))","v":47.165200000000006},56.807918735136866,56.81,{"$f":"J258/$J$302","v":8.4939606683719857E-5}]
["15.116","COMPOSIÇÃO","IFMT 154.02.2020",{"$f":"IF(B259=\"SINAPI\",IFERROR(INDEX(SINAPI!$B:$B,MATCH($C259,SINAPI!$A:$A,0)),\"\"),IF(B259=\"COMPOSIÇÃO\",IFERROR(INDEX(COMPOSIÇÃO!$C:$C,MATCH($C259,COMPOSIÇÃO!$A:$A,0)),\"\"),\"\"))","v":"DISJUNTOR BIPOLAR TIPO DIN, CORRENTE NOMINAL DE 10A - FORNECIMENTO E INSTALAÇÃO, CURVA B, CAPACIDADE DE INTERRUPÇÃO 6KA."},null,{"$f":"IF(B259=\"SINAPI\",IFERROR(INDEX(SINAPI!$C:$C,MATCH($C259,SINAPI!$A:$A,0)),\"\"),IF(B259=\"COMPOSIÇÃO\",IFERROR(INDEX(COMPOSIÇÃO!$D:$D,MATCH($C259,COMPOSIÇÃO!$A:$A,0)),\"\"),\"\"))","v":"UN"},1,{"$f":"IF(B259=\"SINAPI\",IFERROR(INDEX(SINAPI!$D:$D,MATCH($C259,SINAPI!$A:$A,0)),0),IF(B259=\"COMPOSIÇÃO\",IFERROR(INDEX(COMPOSIÇÃO!$G:$G,MATCH($C259,COMPOSIÇÃO!$A:$A,0)),0),0))","v":47.165200000000006},56.807918735136866,56.81,{"$f":"J259/$J$302","v":8.4939606683719857E-5}]
["15.117","COMPOSIÇÃO","IFMT 155.02.2020",{"$f":"IF(B260=\"SINAPI\",IFERROR(INDEX(SINAPI!$B:$B,MATCH($C260,SINAPI!$A:$A,0)),\"\"),IF(B260=\"COMPOSIÇÃO\",IFERROR(INDEX(COMPOSIÇÃO!$C:$C,MATCH($C260,COMPOSIÇÃO!$A:$A,0)),\"\"),\"\"))","v":"DISJUNTOR BIPOLAR TIPO DIN, CORRENTE NOMINAL DE 10A - FORNECIMENTO E INSTALAÇÃO, CURVA C, CAPACIDADE DE INTERRUPÇÃO 6KA."},null,{"$f":"IF(B260=\"SINAPI\",IFERROR(INDEX(SINAPI!$C:$C,MATCH($C260,SINAPI!$A:$A,0)),\"\"),IF(B260=\"COMPOSIÇÃO\",IFERROR(INDEX(COMPOSIÇÃO!$D:$D,MATCH($C260,COMPOSIÇÃO!$A:$A,0)),\"\"),\"\"))","v":"UN"},1,{"$f":"IF(B260=\"SINAPI\",IFERROR(INDEX(SINAPI!$D:$D,MATCH($C260,SINAPI!$A:$A,0)),0),IF(B260=\"COMPOSIÇÃO\",IFERROR(INDEX(COMPOSIÇÃO!$G:$G,MATCH($C260,COMPOSIÇÃO!$A:$A,0)),0),0))","v":47.165200000000006},56.807918735136866,56.81,{"$f":"J260/$J$302","v":8.4939606683719857E-5}]
["15.118","COMPOSIÇÃO","IFMT 156.02.2020",{"$f":"IF(B261=\"SINAPI\",IFERROR(INDEX(SINAPI!$B:$B,MATCH($C261,SINAPI!$A:$A,0)),\"\"),IF(B261=\"COMPOSIÇÃO\",IFERROR(INDEX(COMPOSIÇÃO!$C:$C,MATCH($C261,COMPOSIÇÃO!$A:$A,0)),\"\"),\"\"))","v":"DISJUNTOR BIPOLAR TIPO DIN, CORRENTE NOMINAL DE 10A - FORNECIMENTO E INSTALAÇÃO, CURVA B, CAPACIDADE DE INTERRUPÇÃO 8KA."},null,{"$f":"IF(B261=\"SINAPI\",IFERROR(INDEX(SINAPI!$C:$C,MATCH($C261,SINAPI!$A:$A,0)),\"\"),IF(B261=\"COMPOSIÇÃO\",IFERROR(INDEX(COMPOSIÇÃO!$D:$D,MATCH($C261,COMPOSIÇÃO!$A:$A,0)),\"\"),\"\"))","v":"UN"},1,{"$f":"IF(B261=\"SINAPI\",IFERROR(INDEX(SINAPI!$D:$D,MATCH($C261,SINAPI!$A:$A,0)),0),IF(B261=\"COMPOSIÇÃO\",IFERROR(INDEX(COMPOSIÇÃO!$G:$G,MATCH($C261,COMPOSIÇÃO!$A:$A,0)),0),0))","v":47.165200000000006},56.807918735136866,56.81,{"$f":"J261/$J$302","v":8.4939606683719857E-5}]
["15.119","COMPOSIÇÃO","IFMT 157.02.2020",{"$f":"IF(B262=\"SINAPI\",IFERROR(INDEX(SINAPI!$B:$B,MATCH($C262,SINAPI!$A:$A,0)),\"\"),IF(B262=\"COMPOSIÇÃO\",IFERROR(INDEX(COMPOSIÇÃO!$C:$C,MATCH($C262,COMPOSIÇÃO!$A:$A,0)),\"\"),\"\"))","v":"DISJUNTOR BIPOLAR TIPO DIN, CORRENTE NOMINAL DE 10A - FORNECIMENTO E INSTALAÇÃO, CURVA C, CAPACIDADE DE INTERRUPÇÃO 8KA."},null,{"$f":"IF(B262=\"SINAPI\",IFERROR(INDEX(SINAPI!$C:$C,MATCH($C262,SINAPI!$A:$A,0)),\"\"),IF(B262=\"COMPOSIÇÃO\",IFERROR(INDEX(COMPOSIÇÃO!$D:$D,MATCH($C262,COMPOSIÇÃO!$A:$A,0)),\"\"),\"\"))","v":"UN"},1,{"$f":"IF(B262=\"SINAPI\",IFERROR(INDEX(SINAPI!$D:$D,MATCH($C262,SINAPI!$A:$A,0)),0),IF(B262=\"COMPOSIÇÃO\",IFERROR(INDEX(COMPOSIÇÃO!$G:$G,MATCH($C262,COMPOSIÇÃO!$A:$A,0)),0),0))","v":47.165200000000006},56.807918735136866,56.81,{"$f":"J262/$J$302","v":8.4939606683719857E-5}]
["15.120","COMPOSIÇÃO","IFMT 158.02.2020",{"$f":"IF(B263=\"SINAPI\",IFERROR(INDEX(SINAPI!$B:$B,MATCH($C263,SINAPI!$A:$A,0)),\"\"),IF(B263=\"COMPOSIÇÃO\",IFERROR(INDEX(COMPOSIÇÃO!$C:$C,MATCH($C263,COMPOSIÇÃO!$A:$A,0)),\"\"),\"\"))","v":"DISJUNTOR BIPOLAR TIPO DIN, CORRENTE NOMINAL DE 16A - FORNECIMENTO E INSTALAÇÃO, CURVA B, CAPACIDADE DE INTERRUPÇÃO 3KA."},null,{"$f":"IF(B263=\"SINAPI\",IFERROR(INDEX(SINAPI!$C:$C,MATCH($C263,SINAPI!$A:$A,0)),\"\"),IF(B263=\"COMPOSIÇÃO\",IFERROR(INDEX(COMPOSIÇÃO!$D:$D,MATCH($C263,COMPOSIÇÃO!$A:$A,0)),\"\"),\"\"))","v":"UN"},4,{"$f":"IF(B263=\"SINAPI\",IFERROR(INDEX(SINAPI!$D:$D,MATCH($C263,SINAPI!$A:$A,0)),0),IF(B263=\"COMPOSIÇÃO\",IFERROR(INDEX(COMPOSIÇÃO!$G:$G,MATCH($C263,COMPOSIÇÃO!$A:$A,0)),0),0))","v":48.074200000000005},57.902759807161139,231.61,{"$f":"J263/$J$302","v":3.4629224263362716E-4}]
["15.121","COMPOSIÇÃO","IFMT 159.02.2020",{"$f":"IF(B264=\"SINAPI\",IFERROR(INDEX(SINAPI!$B:$B,MATCH($C264,SINAPI!$A:$A,0)),\"\"),IF(B264=\"COMPOSIÇÃO\",IFERROR(INDEX(COMPOSIÇÃO!$C:$C,MATCH($C264,COMPOSIÇÃO!$A:$A,0)),\"\"),\"\"))","v":"DISJUNTOR BIPOLAR TIPO DIN, CORRENTE NOMINAL DE 16A - FORNECIMENTO E INSTALAÇÃO, CURVA D, CAPACIDADE DE INTERRUPÇÃO 3KA."},null,{"$f":"IF(B264=\"SINAPI\",IFERROR(INDEX(SINAPI!$C:$C,MATCH($C264,SINAPI!$A:$A,0)),\"\"),IF(B264=\"COMPOSIÇÃO\",IFERROR(INDEX(COMPOSIÇÃO!$D:$D,MATCH($C264,COMPOSIÇÃO!$A:$A,0)),\"\"),\"\"))","v":"UN"},2,{"$f":"IF(B264=\"SINAPI\",IFERROR(INDEX(SINAPI!$D:$D,MATCH($C264,SINAPI!$A:$A,0)),0),IF(B264=\"COMPOSIÇÃO\",IFERROR(INDEX(COMPOSIÇÃO!$G:$G,MATCH($C264,COMPOSIÇÃO!$A:$A,0)),0),0))","v":48.074200000000005},57.902759807161139,115.81,{"$f":"J264/$J$302","v":1.7315359707871145E-4}]
["15.122","COMPOSIÇÃO","IFMT 160.02.2020",{"$f":"IF(B265=\"SINAPI\",IFERROR(INDEX(SINAPI!$B:$B,MATCH($C265,SINAPI!$A:$A,0)),\"\"),IF(B265=\"COMPOSIÇÃO\",IFERROR(INDEX(COMPOSIÇÃO!$C:$C,MATCH($C265,COMPOSIÇÃO!$A:$A,0)),\"\"),\"\"))","v":"DISJUNTOR BIPOLAR TIPO DIN, CORRENTE NOMINAL DE 16A - FORNECIMENTO E INSTALAÇÃO, CURVA B, CAPACIDADE DE INTERRUPÇÃO 8KA."},null,{"$f":"IF(B265=\"SINAPI\",IFERROR(INDEX(SINAPI!$C:$C,MATCH($C265,SINAPI!$A:$A,0)),\"\"),IF(B265=\"COMPOSIÇÃO\",IFERROR(INDEX(COMPOSIÇÃO!$D:$D,MATCH($C265,COMPOSIÇÃO!$A:$A,0)),\"\"),\"\"))","v":"UN"},4,{"$f":"IF(B265=\"SINAPI\",IFERROR(INDEX(SINAPI!$D:$D,MATCH($C265,SINAPI!$A:$A,0)),0),IF(B265=\"COMPOSIÇÃO\",IFERROR(INDEX(COMPOSIÇÃO!$G:$G,MATCH($C265,COMPOSIÇÃO!$A:$A,0)),0),0))","v":48.074200000000005},57.902759807161139,231.61,{"$f":"J265/$J$302","v":3.4629224263362716E-4}]
["15.123","COMPOSIÇÃO","IFMT 161.02.2020",{"$f":"IF(B266=\"SINAPI\",IFERROR(INDEX(SINAPI!$B:$B,MATCH($C266,SINAPI!$A:$A,0)),\"\"),IF(B266=\"COMPOSIÇÃO\",IFERROR(INDEX(COMPOSIÇÃO!$C:$C,MATCH($C266,COMPOSIÇÃO!$A:$A,0)),\"\"),\"\"))","v":"DISJUNTOR BIPOLAR TIPO DIN, CORRENTE NOMINAL DE 20A - FORNECIMENTO E INSTALAÇÃO, CURVA B, CAPACIDADE DE INTERRUPÇÃO 3KA."},null,{"$f":"IF(B266=\"SINAPI\",IFERROR(INDEX(SINAPI!$C:$C,MATCH($C266,SINAPI!$A:$A,0)),\"\"),IF(B266=\"COMPOSIÇÃO\",IFERROR(INDEX(COMPOSIÇÃO!$D:$D,MATCH($C266,COMPOSIÇÃO!$A:$A,0)),\"\"),\"\"))","v":"UN"},2,{"$f":"IF(B266=\"SINAPI\",IFERROR(INDEX(SINAPI!$D:$D,MATCH($C266,SINAPI!$A:$A,0)),0),IF(B266=\"COMPOSIÇÃO\",IFERROR(INDEX(COMPOSIÇÃO!$G:$G,MATCH($C266,COMPOSIÇÃO!$A:$A,0)),0),0))","v":49.875880000000002},60.072785398629456,120.15,{"$f":"J266/$J$302","v":1.7964255840607186E-4}]
["15.124","COMPOSIÇÃO","IFMT 162.02.2020",{"$f":"IF(B267=\"SINAPI\",IFERROR(INDEX(SINAPI!$B:$B,MATCH($C267,SINAPI!$A:$A,0)),\"\"),IF(B267=\"COMPOSIÇÃO\",IFERROR(INDEX(COMPOSIÇÃO!$C:$C,MATCH($C267,COMPOSIÇÃO!$A:$A,0)),\"\"),\"\"))","v":"DISJUNTOR BIPOLAR TIPO DIN, CORRENTE NOMINAL DE 20A - FORNECIMENTO E INSTALAÇÃO, CURVA C, CAPACIDADE DE INTERRUPÇÃO 3KA."},null,{"$f":"IF(B267=\"SINAPI\",IFERROR(INDEX(SINAPI!$C:$C,MATCH($C267,SINAPI!$A:$A,0)),\"\"),IF(B267=\"COMPOSIÇÃO\",IFERROR(INDEX(COMPOSIÇÃO!$D:$D,MATCH($C267,COMPOSIÇÃO!$A:$A,0)),\"\"),\"\"))","v":"UN"},1,{"$f":"IF(B267=\"SINAPI\",IFERROR(INDEX(SINAPI!$D:$D,MATCH($C267,SINAPI!$A:$A,0)),0),IF(B267=\"COMPOSIÇÃO\",IFERROR(INDEX(COMPOSIÇÃO!$G:$G,MATCH($C267,COMPOSIÇÃO!$A:$A,0)),0),0))","v":49.875880000000002},60.072785398629456,60.07,{"$f":"J267/$J$302","v":8.9813803441138044E-5}]
["15.125","COMPOSIÇÃO","IFMT 163.02.2020",{"$f":"IF(B268=\"SINAPI\",IFERROR(INDEX(SINAPI!$B:$B,MATCH($C268,SINAPI!$A:$A,0)),\"\"),IF(B268=\"COMPOSIÇÃO\",IFERROR(INDEX(COMPOSIÇÃO!$C:$C,MATCH($C268,COMPOSIÇÃO!$A:$A,0)),\"\"),\"\"))","v":"DISJUNTOR BIPOLAR TIPO DIN, CORRENTE NOMINAL DE 20A - FORNECIMENTO E INSTALAÇÃO, CURVA D, CAPACIDADE DE INTERRUPÇÃO 8KA."},null,{"$f":"IF(B268=\"SINAPI\",IFERROR(INDEX(SINAPI!$C:$C,MATCH($C268,SINAPI!$A:$A,0)),\"\"),IF(B268=\"COMPOSIÇÃO\",IFERROR(INDEX(COMPOSIÇÃO!$D:$D,MATCH($C268,COMPOSIÇÃO!$A:$A,0)),\"\"),\"\"))","v":"UN"},1,{"$f":"IF(B268=\"SINAPI\",IFERROR(INDEX(SINAPI!$D:$D,MATCH($C268,SINAPI!$A:$A,0)),0),IF(B268=\"COMPOSIÇÃO\",IFERROR(INDEX(COMPOSIÇÃO!$G:$G,MATCH($C268,COMPOSIÇÃO!$A:$A,0)),0),0))","v":49.875880000000002},60.072785398629456,60.07,{"$f":"J268/$J$302","v":8.9813803441138044E-5}]
["15.126","COMPOSIÇÃO","IFMT 164.02.2020",{"$f":"IF(B269=\"SINAPI\",IFERROR(INDEX(SINAPI!$B:$B,MATCH($C269,SINAPI!$A:$A,0)),\"\"),IF(B269=\"COMPOSIÇÃO\",IFERROR(INDEX(COMPOSIÇÃO!$C:$C,MATCH($C269,COMPOSIÇÃO!$A:$A,0)),\"\"),\"\"))","v":"DISJUNTOR BIPOLAR TIPO DIN, CORRENTE NOMINAL DE 25A - FORNECIMENTO E INSTALAÇÃO, CURVA B, CAPACIDADE DE INTERRUPÇÃO 8KA."},null,{"$f":"IF(B269=\"SINAPI\",IFERROR(INDEX(SINAPI!$C:$C,MATCH($C269,SINAPI!$A:$A,0)),\"\"),IF(B269=\"COMPOSIÇÃO\",IFERROR(INDEX(COMPOSIÇÃO!$D:$D,MATCH($C269,COMPOSIÇÃO!$A:$A,0)),\"\"),\"\"))","v":"UN"},1,{"$f":"IF(B269=\"SINAPI\",IFERROR(INDEX(SINAPI!$D:$D,MATCH($C269,SINAPI!$A:$A,0)),0),IF(B269=\"COMPOSIÇÃO\",IFERROR(INDEX(COMPOSIÇÃO!$G:$G,MATCH($C269,COMPOSIÇÃO!$A:$A,0)),0),0))","v":49.875880000000002},60.072785398629456,60.07,{"$f":"J269/$J$302","v":8.9813803441138044E-5}]
["15.127","COMPOSIÇÃO","IFMT 165.02.2020",{"$f":"IF(B270=\"SINAPI\",IFERROR(INDEX(SINAPI!$B:$B,MATCH($C270,SINAPI!$A:$A,0)),\"\"),IF(B270=\"COMPOSIÇÃO\",IFERROR(INDEX(COMPOSIÇÃO!$C:$C,MATCH($C270,COMPOSIÇÃO!$A:$A,0)),\"\"),\"\"))","v":"DISJUNTOR MONOPOLAR TIPO DIN, CORRENTE NOMINAL DE 10A - FORNECIMENTO E INSTALAÇÃO, CURVA B, CAPACIDADE DE INTERRUPÇÃO 3KA."},null,{"$f":"IF(B270=\"SINAPI\",IFERROR(INDEX(SINAPI!$C:$C,MATCH($C270,SINAPI!$A:$A,0)),\"\"),IF(B270=\"COMPOSIÇÃO\",IFERROR(INDEX(COMPOSIÇÃO!$D:$D,MATCH($C270,COMPOSIÇÃO!$A:$A,0)),\"\"),\"\"))","v":"UN"},23,{"$f":"IF(B270=\"SINAPI\",IFERROR(INDEX(SINAPI!$D:$D,MATCH($C270,SINAPI!$A:$A,0)),0),IF(B270=\"COMPOSIÇÃO\",IFERROR(INDEX(COMPOSIÇÃO!$G:$G,MATCH($C270,COMPOSIÇÃO!$A:$A,0)),0),0))","v":9.5025999999999993},11.44536498461814,263.24,{"$f":"J270/$J$302","v":3.9358391239962008E-4}]
["15.128","COMPOSIÇÃO","IFMT 166.02.2020",{"$f":"IF(B271=\"SINAPI\",IFERROR(INDEX(SINAPI!$B:$B,MATCH($C271,SINAPI!$A:$A,0)),\"\"),IF(B271=\"COMPOSIÇÃO\",IFERROR(INDEX(COMPOSIÇÃO!$C:$C,MATCH($C271,COMPOSIÇÃO!$A:$A,0)),\"\"),\"\"))","v":"DISJUNTOR MONOPOLAR TIPO DIN, CORRENTE NOMINAL DE 10A - FORNECIMENTO E INSTALAÇÃO, CURVA B, CAPACIDADE DE INTERRUPÇÃO 6KA."},null,{"$f":"IF(B271=\"SINAPI\",IFERROR(INDEX(SINAPI!$C:$C,MATCH($C271,SINAPI!$A:$A,0)),\"\"),IF(B271=\"COMPOSIÇÃO\",IFERROR(INDEX(COMPOSIÇÃO!$D:$D,MATCH($C271,COMPOSIÇÃO!$A:$A,0)),\"\"),\"\"))","v":"UN"},5,{"$f":"IF(B271=\"SINAPI\",IFERROR(INDEX(SINAPI!$D:$D,MATCH($C271,SINAPI!$A:$A,0)),0),IF(B271=\"COMPOSIÇÃO\",IFERROR(INDEX(COMPOSIÇÃO!$G:$G,MATCH($C271,COMPOSIÇÃO!$A:$A,0)),0),0))","v":9.5025999999999993},11.44536498461814,57.23,{"$f":"J271/$J$302","v":8.5567570683141832E-5}]
["15.129","COMPOSIÇÃO","IFMT 167.02.2020",{"$f":"IF(B272=\"SINAPI\",IFERROR(INDEX(SINAPI!$B:$B,MATCH($C272,SINAPI!$A:$A,0)),\"\"),IF(B272=\"COMPOSIÇÃO\",IFERROR(INDEX(COMPOSIÇÃO!$C:$C,MATCH($C272,COMPOSIÇÃO!$A:$A,0)),\"\"),\"\"))","v":"DISJUNTOR MONOPOLAR TIPO DIN, CORRENTE NOMINAL DE 10A - FORNECIMENTO E INSTALAÇÃO, CURVA B, CAPACIDADE DE INTERRUPÇÃO 8KA."},null,{"$f":"IF(B272=\"SINAPI\",IFERROR(INDEX(SINAPI!$C:$C,MATCH($C272,SINAPI!$A:$A,0)),\"\"),IF(B272=\"COMPOSIÇÃO\",IFERROR(INDEX(COMPOSIÇÃO!$D:$D,MATCH($C272,COMPOSIÇÃO!$A:$A,0)),\"\"),\"\"))","v":"UN"},7,{"$f":"IF(B272=\"SINAPI\",IFERROR(INDEX(SINAPI!$D:$D,MATCH($C272,SINAPI!$A:$A,0)),0),IF(B272=\"COMPOSIÇÃO\",IFERROR(INDEX(COMPOSIÇÃO!$G:$G,MATCH($C272,COMPOSIÇÃO!$A:$A,0)),0),0))","v":9.5025999999999993},{"$f":"H272*(1+$J$9)","v":11.44536498461814},{"$f":"ROUND(G272*I272,2)","v":80.12},{"$f":"J272/$J$302","v":1.1979160865163942E-4}]
["15.130","COMPOSIÇÃO","IFMT 168.02.2020",{"$f":"IF(B273=\"SINAPI\",IFERROR(INDEX(SINAPI!$B:$B,MATCH($C273,SINAPI!$A:$A,0)),\"\"),IF(B273=\"COMPOSIÇÃO\",IFERROR(INDEX(COMPOSIÇÃO!$C:$C,MATCH($C273,COMPOSIÇÃO!$A:$A,0)),\"\"),\"\"))","v":"DISJUNTOR MONOPOLAR TIPO DIN, CORRENTE NOMINAL DE 16A - FORNECIMENTO E INSTALAÇÃO, CURVA B, CAPACIDADE DE INTERRUPÇÃO 3KA."},null,{"$f":"IF(B273=\"SINAPI\",IFERROR(INDEX(SINAPI!$C:$C,MATCH($C273,SINAPI!$A:$A,0)),\"\"),IF(B273=\"COMPOSIÇÃO\",IFERROR(INDEX(COMPOSIÇÃO!$D:$D,MATCH($C273,COMPOSIÇÃO!$A:$A,0)),\"\"),\"\"))","v":"UN"},2,{"$f":"IF(B273=\"SINAPI\",IFERROR(INDEX(SINAPI!$D:$D,MATCH($C273,SINAPI!$A:$A,0)),0),IF(B273=\"COMPOSIÇÃO\",IFERROR(INDEX(COMPOSIÇÃO!$G:$G,MATCH($C273,COMPOSIÇÃO!$A:$A,0)),0),0))","v":9.9752799999999997},12.014682342070763,24.03,{"$f":"J273/$J$302","v":3.5928511681214366E-5}]
["15.131","COMPOSIÇÃO","IFMT 169.02.2020",{"$f":"IF(B274=\"SINAPI\",IFERROR(INDEX(SINAPI!$B:$B,MATCH($C274,SINAPI!$A:$A,0)),\"\"),IF(B274=\"COMPOSIÇÃO\",IFERROR(INDEX(COMPOSIÇÃO!$C:$C,MATCH($C274,COMPOSIÇÃO!$A:$A,0)),\"\"),\"\"))","v":"DISJUNTOR MONOPOLAR TIPO DIN, CORRENTE NOMINAL DE 16A - FORNECIMENTO E INSTALAÇÃO, CURVA B, CAPACIDADE DE INTERRUPÇÃO 8KA."},null,{"$f":"IF(B274=\"SINAPI\",IFERROR(INDEX(SINAPI!$C:$C,MATCH($C274,SINAPI!$A:$A,0)),\"\"),IF(B274=\"COMPOSIÇÃO\",IFERROR(INDEX(COMPOSIÇÃO!$D:$D,MATCH($C274,COMPOSIÇÃO!$A:$A,0)),\"\"),\"\"))","v":"UN"},1,{"$f":"IF(B274=\"SINAPI\",IFERROR(INDEX(SINAPI!$D:$D,MATCH($C274,SINAPI!$A:$A,0)),0),IF(B274=\"COMPOSIÇÃO\",IFERROR(INDEX(COMPOSIÇÃO!$G:$G,MATCH($C274,COMPOSIÇÃO!$A:$A,0)),0),0))","v":9.9752799999999997},12.014682342070763,12.01,{"$f":"J274/$J$302","v":1.7956780078709303E-5}]
["15.132","COMPOSIÇÃO","IFMT 170.02.2020",{"$f":"IF(B275=\"SINAPI\",IFERROR(INDEX(SINAPI!$B:$B,MATCH($C275,SINAPI!$A:$A,0)),\"\"),IF(B275=\"COMPOSIÇÃO\",IFERROR(INDEX(COMPOSIÇÃO!$C:$C,MATCH($C275,COMPOSIÇÃO!$A:$A,0)),\"\"),\"\"))","v":"DISJUNTOR MONOPOLAR TIPO DIN, CORRENTE NOMINAL DE 20A - FORNECIMENTO E INSTALAÇÃO, CURVA B, CAPACIDADE DE INTERRUPÇÃO 8KA."},null,{"$f":"IF(B275=\"SINAPI\",IFERROR(INDEX(SINAPI!$C:$C,MATCH($C275,SINAPI!$A:$A,0)),\"\"),IF(B275=\"COMPOSIÇÃO\",IFERROR(INDEX(COMPOSIÇÃO!$D:$D,MATCH($C275,COMPOSIÇÃO!$A:$A,0)),\"\"),\"\"))","v":"UN"},1,{"$f":"IF(B275=\"SINAPI\",IFERROR(INDEX(SINAPI!$D:$D,MATCH($C275,SINAPI!$A:$A,0)),0),IF(B275=\"COMPOSIÇÃO\",IFERROR(INDEX(COMPOSIÇÃO!$G:$G,MATCH($C275,COMPOSIÇÃO!$A:$A,0)),0),0))","v":10.83976},13.055901494923951,13.06,{"$f":"J275/$J$302","v":1.9526690077264238E-5}]
["15.133","ORSE","7996/ORSE"," \tDISJUNTOR BIPOLAR DR 25 A - DISPOSITIVO RESIDUAL DIFERENCIAL, TIPO AC, 30MA, REF.5SM1 312-OMB, SIEMENS OU SIMILAR",null,"UN",3,144.65,174.22305948109087,522.66999999999996,{"$f":"J276/$J$302","v":7.8147129423305497E-4}]
["15.134","COMPOSIÇÃO","IFMT 187.02.2020",{"$f":"IF(B277=\"SINAPI\",IFERROR(INDEX(SINAPI!$B:$B,MATCH($C277,SINAPI!$A:$A,0)),\"\"),IF(B277=\"COMPOSIÇÃO\",IFERROR(INDEX(COMPOSIÇÃO!$C:$C,MATCH($C277,COMPOSIÇÃO!$A:$A,0)),\"\"),\"\"))","v":"INTERRUPTOR TETRAPOLAR DR 25 A 3KA, DISPOSITIVO RESIDUAL DIFERENCIAL"},null,{"$f":"IF(B277=\"SINAPI\",IFERROR(INDEX(SINAPI!$C:$C,MATCH($C277,SINAPI!$A:$A,0)),\"\"),IF(B277=\"COMPOSIÇÃO\",IFERROR(INDEX(COMPOSIÇÃO!$D:$D,MATCH($C277,COMPOSIÇÃO!$A:$A,0)),\"\"),\"\"))","v":"UN"},6,{"$f":"IF(B277=\"SINAPI\",IFERROR(INDEX(SINAPI!$D:$D,MATCH($C277,SINAPI!$A:$A,0)),0),IF(B277=\"COMPOSIÇÃO\",IFERROR(INDEX(COMPOSIÇÃO!$G:$G,MATCH($C277,COMPOSIÇÃO!$A:$A,0)),0),0))","v":152.65248},183.86161149655052,1103.17,{"$f":"J277/$J$302","v":1.6494072505769978E-3}]
["15.135","COMPOSIÇÃO","IFMT 188.02.2020",{"$f":"IF(B278=\"SINAPI\",IFERROR(INDEX(SINAPI!$B:$B,MATCH($C278,SINAPI!$A:$A,0)),\"\"),IF(B278=\"COMPOSIÇÃO\",IFERROR(INDEX(COMPOSIÇÃO!$C:$C,MATCH($C278,COMPOSIÇÃO!$A:$A,0)),\"\"),\"\"))","v":"INTERRUPTOR TETRAPOLAR DR 25 A 6KA, DISPOSITIVO RESIDUAL DIFERENCIAL"},null,{"$f":"IF(B278=\"SINAPI\",IFERROR(INDEX(SINAPI!$C:$C,MATCH($C278,SINAPI!$A:$A,0)),\"\"),IF(B278=\"COMPOSIÇÃO\",IFERROR(INDEX(COMPOSIÇÃO!$D:$D,MATCH($C278,COMPOSIÇÃO!$A:$A,0)),\"\"),\"\"))","v":"UN"},1,{"$f":"IF(B278=\"SINAPI\",IFERROR(INDEX(SINAPI!$D:$D,MATCH($C278,SINAPI!$A:$A,0)),0),IF(B278=\"COMPOSIÇÃO\",IFERROR(INDEX(COMPOSIÇÃO!$G:$G,MATCH($C278,COMPOSIÇÃO!$A:$A,0)),0),0))","v":152.65248},183.86161149655052,183.86,{"$f":"J278/$J$302","v":2.7489871650886698E-4}]
["15.136","COMPOSIÇÃO","IFMT 189.02.2020",{"$f":"IF(B279=\"SINAPI\",IFERROR(INDEX(SINAPI!$B:$B,MATCH($C279,SINAPI!$A:$A,0)),\"\"),IF(B279=\"COMPOSIÇÃO\",IFERROR(INDEX(COMPOSIÇÃO!$C:$C,MATCH($C279,COMPOSIÇÃO!$A:$A,0)),\"\"),\"\"))","v":"INTERRUPTOR TETRAPOLAR DR 25 A 8KA, DISPOSITIVO RESIDUAL DIFERENCIAL"},null,{"$f":"IF(B279=\"SINAPI\",IFERROR(INDEX(SINAPI!$C:$C,MATCH($C279,SINAPI!$A:$A,0)),\"\"),IF(B279=\"COMPOSIÇÃO\",IFERROR(INDEX(COMPOSIÇÃO!$D:$D,MATCH($C279,COMPOSIÇÃO!$A:$A,0)),\"\"),\"\"))","v":"UN"},12,{"$f":"IF(B279=\"SINAPI\",IFERROR(INDEX(SINAPI!$D:$D,MATCH($C279,SINAPI!$A:$A,0)),0),IF(B279=\"COMPOSIÇÃO\",IFERROR(INDEX(COMPOSIÇÃO!$G:$G,MATCH($C279,COMPOSIÇÃO!$A:$A,0)),0),0))","v":152.65248},183.86161149655052,2206.34,{"$f":"J279/$J$302","v":3.2988145011539956E-3}]
["15.137","COMPOSIÇÃO","IFMT 195.02.2020",{"$f":"IF(B280=\"SINAPI\",IFERROR(INDEX(SINAPI!$B:$B,MATCH($C280,SINAPI!$A:$A,0)),\"\"),IF(B280=\"COMPOSIÇÃO\",IFERROR(INDEX(COMPOSIÇÃO!$C:$C,MATCH($C280,COMPOSIÇÃO!$A:$A,0)),\"\"),\"\"))","v":"INTERRUPTOR TETRAPOLAR DR 40 A 3KA, DISPOSITIVO RESIDUAL DIFERENCIAL"},null,{"$f":"IF(B280=\"SINAPI\",IFERROR(INDEX(SINAPI!$C:$C,MATCH($C280,SINAPI!$A:$A,0)),\"\"),IF(B280=\"COMPOSIÇÃO\",IFERROR(INDEX(COMPOSIÇÃO!$D:$D,MATCH($C280,COMPOSIÇÃO!$A:$A,0)),\"\"),\"\"))","v":"UN"},1,{"$f":"IF(B280=\"SINAPI\",IFERROR(INDEX(SINAPI!$D:$D,MATCH($C280,SINAPI!$A:$A,0)),0),IF(B280=\"COMPOSIÇÃO\",IFERROR(INDEX(COMPOSIÇÃO!$G:$G,MATCH($C280,COMPOSIÇÃO!$A:$A,0)),0),0))","v":131.14247999999998},157.95398612884733,157.94999999999999,{"$f":"J280/$J$302","v":2.3615931835404948E-4}]
["15.138","COMPOSIÇÃO","IFMT 190.02.2020",{"$f":"IF(B281=\"SINAPI\",IFERROR(INDEX(SINAPI!$B:$B,MATCH($C281,SINAPI!$A:$A,0)),\"\"),IF(B281=\"COMPOSIÇÃO\",IFERROR(INDEX(COMPOSIÇÃO!$C:$C,MATCH($C281,COMPOSIÇÃO!$A:$A,0)),\"\"),\"\"))","v":"INTERRUPTOR TETRAPOLAR DR 63 A 8KA, DISPOSITIVO RESIDUAL DIFERENCIAL"},null,{"$f":"IF(B281=\"SINAPI\",IFERROR(INDEX(SINAPI!$C:$C,MATCH($C281,SINAPI!$A:$A,0)),\"\"),IF(B281=\"COMPOSIÇÃO\",IFERROR(INDEX(COMPOSIÇÃO!$D:$D,MATCH($C281,COMPOSIÇÃO!$A:$A,0)),\"\"),\"\"))","v":"UN"},1,{"$f":"IF(B281=\"SINAPI\",IFERROR(INDEX(SINAPI!$D:$D,MATCH($C281,SINAPI!$A:$A,0)),0),IF(B281=\"COMPOSIÇÃO\",IFERROR(INDEX(COMPOSIÇÃO!$G:$G,MATCH($C281,COMPOSIÇÃO!$A:$A,0)),0),0))","v":59.652479999999997},71.848168484165797,71.849999999999994,{"$f":"J281/$J$302","v":1.0742669847254483E-4}]
["15.139","COMPOSIÇÃO","IFMT 196.02.2020",{"$f":"IF(B282=\"SINAPI\",IFERROR(INDEX(SINAPI!$B:$B,MATCH($C282,SINAPI!$A:$A,0)),\"\"),IF(B282=\"COMPOSIÇÃO\",IFERROR(INDEX(COMPOSIÇÃO!$C:$C,MATCH($C282,COMPOSIÇÃO!$A:$A,0)),\"\"),\"\"))","v":"INTERRUPTOR TETRAPOLAR DR 100 A 8KA, DISPOSITIVO RESIDUAL DIFERENCIAL"},null,{"$f":"IF(B282=\"SINAPI\",IFERROR(INDEX(SINAPI!$C:$C,MATCH($C282,SINAPI!$A:$A,0)),\"\"),IF(B282=\"COMPOSIÇÃO\",IFERROR(INDEX(COMPOSIÇÃO!$D:$D,MATCH($C282,COMPOSIÇÃO!$A:$A,0)),\"\"),\"\"))","v":"UN"},1,{"$f":"IF(B282=\"SINAPI\",IFERROR(INDEX(SINAPI!$D:$D,MATCH($C282,SINAPI!$A:$A,0)),0),IF(B282=\"COMPOSIÇÃO\",IFERROR(INDEX(COMPOSIÇÃO!$G:$G,MATCH($C282,COMPOSIÇÃO!$A:$A,0)),0),0))","v":188.39248000000001},226.90849809077235,226.91,{"$f":"J282/$J$302","v":3.3926502644961929E-4}]
["15.140","COMPOSIÇÃO","IFMT 171.02.2020",{"$f":"IF(B283=\"SINAPI\",IFERROR(INDEX(SINAPI!$B:$B,MATCH($C283,SINAPI!$A:$A,0)),\"\"),IF(B283=\"COMPOSIÇÃO\",IFERROR(INDEX(COMPOSIÇÃO!$C:$C,MATCH($C283,COMPOSIÇÃO!$A:$A,0)),\"\"),\"\"))","v":"DISPOSITIVO DE PROTEÇÃO CONTRA SURTO DE TENSÃO DPS 20KA - 175V, FORNECIMENTO E INSTALAÇÃO."},null,{"$f":"IF(B283=\"SINAPI\",IFERROR(INDEX(SINAPI!$C:$C,MATCH($C283,SINAPI!$A:$A,0)),\"\"),IF(B283=\"COMPOSIÇÃO\",IFERROR(INDEX(COMPOSIÇÃO!$D:$D,MATCH($C283,COMPOSIÇÃO!$A:$A,0)),\"\"),\"\"))","v":"UN"},47,{"$f":"IF(B283=\"SINAPI\",IFERROR(INDEX(SINAPI!$D:$D,MATCH($C283,SINAPI!$A:$A,0)),0),IF(B283=\"COMPOSIÇÃO\",IFERROR(INDEX(COMPOSIÇÃO!$G:$G,MATCH($C283,COMPOSIÇÃO!$A:$A,0)),0),0))","v":67.347999999999999},81.117003870947158,3812.5,{"$f":"J283/$J$302","v":5.7002684471339901E-3}]
["15.141","COMPOSIÇÃO","IFMT 198.02.2020",{"$f":"IF(B284=\"SINAPI\",IFERROR(INDEX(SINAPI!$B:$B,MATCH($C284,SINAPI!$A:$A,0)),\"\"),IF(B284=\"COMPOSIÇÃO\",IFERROR(INDEX(COMPOSIÇÃO!$C:$C,MATCH($C284,COMPOSIÇÃO!$A:$A,0)),\"\"),\"\"))","v":"VENTILADOR DE PAREDE 60CM BIVOLT - INSTALAÇÃO"},null,{"$f":"IF(B284=\"SINAPI\",IFERROR(INDEX(SINAPI!$C:$C,MATCH($C284,SINAPI!$A:$A,0)),\"\"),IF(B284=\"COMPOSIÇÃO\",IFERROR(INDEX(COMPOSIÇÃO!$D:$D,MATCH($C284,COMPOSIÇÃO!$A:$A,0)),\"\"),\"\"))","v":"UN"},2,{"$f":"IF(B284=\"SINAPI\",IFERROR(INDEX(SINAPI!$D:$D,MATCH($C284,SINAPI!$A:$A,0)),0),IF(B284=\"COMPOSIÇÃO\",IFERROR(INDEX(COMPOSIÇÃO!$G:$G,MATCH($C284,COMPOSIÇÃO!$A:$A,0)),0),0))","v":36.43},43.877954074636293,87.76,{"$f":"J284/$J$302","v":1.3121457283160105E-4}]
["15.142","COMPOSIÇÃO","IFMT 128.01.2020",{"$f":"IF(B285=\"SINAPI\",IFERROR(INDEX(SINAPI!$B:$B,MATCH($C285,SINAPI!$A:$A,0)),\"\"),IF(B285=\"COMPOSIÇÃO\",IFERROR(INDEX(COMPOSIÇÃO!$C:$C,MATCH($C285,COMPOSIÇÃO!$A:$A,0)),\"\"),\"\"))","v":"QUADRO DE DISTRIBUICAO COM BARRAMENTO TRIFASICO, DE SOBREPOR, EM CHAPA DE ACO GALVANIZADO, PARA 18 DISJUNTORES DIN, 100 A (FORNECIMENTO E INSTALAÇÃO) "},null,{"$f":"IF(B285=\"SINAPI\",IFERROR(INDEX(SINAPI!$C:$C,MATCH($C285,SINAPI!$A:$A,0)),\"\"),IF(B285=\"COMPOSIÇÃO\",IFERROR(INDEX(COMPOSIÇÃO!$D:$D,MATCH($C285,COMPOSIÇÃO!$A:$A,0)),\"\"),\"\"))","v":"UN"},7,{"$f":"IF(B285=\"SINAPI\",IFERROR(INDEX(SINAPI!$D:$D,MATCH($C285,SINAPI!$A:$A,0)),0),IF(B285=\"COMPOSIÇÃO\",IFERROR(INDEX(COMPOSIÇÃO!$G:$G,MATCH($C285,COMPOSIÇÃO!$A:$A,0)),0),0))","v":495.07000000000005},596.28489496926136,4173.99,{"$f":"J285/$J$302","v":6.2407510808269642E-3}]
["15.143","COMPOSIÇÃO","IFMT 129.01.2020",{"$f":"IF(B286=\"SINAPI\",IFERROR(INDEX(SINAPI!$B:$B,MATCH($C286,SINAPI!$A:$A,0)),\"\"),IF(B286=\"COMPOSIÇÃO\",IFERROR(INDEX(COMPOSIÇÃO!$C:$C,MATCH($C286,COMPOSIÇÃO!$A:$A,0)),\"\"),\"\"))","v":"QUADRO DE DISTRIBUICAO COM BARRAMENTO TRIFASICO, DE SOBREPOR, EM CHAPA DE ACO GALVANIZADO, PARA 24 DISJUNTORES DIN, 100 A (FORNECIMENTO E INSTALAÇÃO) "},null,{"$f":"IF(B286=\"SINAPI\",IFERROR(INDEX(SINAPI!$C:$C,MATCH($C286,SINAPI!$A:$A,0)),\"\"),IF(B286=\"COMPOSIÇÃO\",IFERROR(INDEX(COMPOSIÇÃO!$D:$D,MATCH($C286,COMPOSIÇÃO!$A:$A,0)),\"\"),\"\"))","v":"UN"},1,{"$f":"IF(B286=\"SINAPI\",IFERROR(INDEX(SINAPI!$D:$D,MATCH($C286,SINAPI!$A:$A,0)),0),IF(B286=\"COMPOSIÇÃO\",IFERROR(INDEX(COMPOSIÇÃO!$G:$G,MATCH($C286,COMPOSIÇÃO!$A:$A,0)),0),0))","v":466.13},561.42823861680529,561.42999999999995,{"$f":"J286/$J$302","v":8.3942340046542574E-4}]
["15.144","COMPOSIÇÃO","IFMT 130.01.2020",{"$f":"IF(B287=\"SINAPI\",IFERROR(INDEX(SINAPI!$B:$B,MATCH($C287,SINAPI!$A:$A,0)),\"\"),IF(B287=\"COMPOSIÇÃO\",IFERROR(INDEX(COMPOSIÇÃO!$C:$C,MATCH($C287,COMPOSIÇÃO!$A:$A,0)),\"\"),\"\"))","v":"QUADRO DE DISTRIBUICAO COM BARRAMENTO TRIFASICO, DE SOBREPOR, EM CHAPA DE ACO GALVANIZADO, PARA 28 DISJUNTORES DIN, 100 A (FORNECIMENTO E INSTALAÇÃO) "},null,{"$f":"IF(B287=\"SINAPI\",IFERROR(INDEX(SINAPI!$C:$C,MATCH($C287,SINAPI!$A:$A,0)),\"\"),IF(B287=\"COMPOSIÇÃO\",IFERROR(INDEX(COMPOSIÇÃO!$D:$D,MATCH($C287,COMPOSIÇÃO!$A:$A,0)),\"\"),\"\"))","v":"UN"},1,{"$f":"IF(B287=\"SINAPI\",IFERROR(INDEX(SINAPI!$D:$D,MATCH($C287,SINAPI!$A:$A,0)),0),IF(B287=\"COMPOSIÇÃO\",IFERROR(INDEX(COMPOSIÇÃO!$G:$G,MATCH($C287,COMPOSIÇÃO!$A:$A,0)),0),0))","v":466.13},561.42823861680529,561.42999999999995,{"$f":"J287/$J$302","v":8.3942340046542574E-4}]
["15.145","COMPOSIÇÃO","IFMT 131.01.2020",{"$f":"IF(B288=\"SINAPI\",IFERROR(INDEX(SINAPI!$B:$B,MATCH($C288,SINAPI!$A:$A,0)),\"\"),IF(B288=\"COMPOSIÇÃO\",IFERROR(INDEX(COMPOSIÇÃO!$C:$C,MATCH($C288,COMPOSIÇÃO!$A:$A,0)),\"\"),\"\"))","v":"QUADRO DE DISTRIBUICAO COM BARRAMENTO TRIFASICO, DE SOBREPOR, EM CHAPA DE ACO GALVANIZADO, PARA 40 DISJUNTORES DIN, 100 A (FORNECIMENTO E INSTALAÇÃO) "},null,{"$f":"IF(B288=\"SINAPI\",IFERROR(INDEX(SINAPI!$C:$C,MATCH($C288,SINAPI!$A:$A,0)),\"\"),IF(B288=\"COMPOSIÇÃO\",IFERROR(INDEX(COMPOSIÇÃO!$D:$D,MATCH($C288,COMPOSIÇÃO!$A:$A,0)),\"\"),\"\"))","v":"UN"},1,{"$f":"IF(B288=\"SINAPI\",IFERROR(INDEX(SINAPI!$D:$D,MATCH($C288,SINAPI!$A:$A,0)),0),IF(B288=\"COMPOSIÇÃO\",IFERROR(INDEX(COMPOSIÇÃO!$G:$G,MATCH($C288,COMPOSIÇÃO!$A:$A,0)),0),0))","v":967.4},1165.180696453559,1165.18,{"$f":"J288/$J$302","v":1.7421216496345134E-3}]
["15.146","COMPOSIÇÃO","IFMT 193.02.2020",{"$f":"IF(B289=\"SINAPI\",IFERROR(INDEX(SINAPI!$B:$B,MATCH($C289,SINAPI!$A:$A,0)),\"\"),IF(B289=\"COMPOSIÇÃO\",IFERROR(INDEX(COMPOSIÇÃO!$C:$C,MATCH($C289,COMPOSIÇÃO!$A:$A,0)),\"\"),\"\"))","v":"QUADRO DE DISTRIBUIÇÃO METÁLICO DE SOBREPOR PARA 115 DISJUNTORES MONOPOLARES TIPO DIN  COM BARRAMENTO TRIFÁSICO COM NEUTRO E TERRRA - FORNECIMENTO E INTALAÇÃO"},null,{"$f":"IF(B289=\"SINAPI\",IFERROR(INDEX(SINAPI!$C:$C,MATCH($C289,SINAPI!$A:$A,0)),\"\"),IF(B289=\"COMPOSIÇÃO\",IFERROR(INDEX(COMPOSIÇÃO!$D:$D,MATCH($C289,COMPOSIÇÃO!$A:$A,0)),\"\"),\"\"))","v":"UN"},1,{"$f":"IF(B289=\"SINAPI\",IFERROR(INDEX(SINAPI!$D:$D,MATCH($C289,SINAPI!$A:$A,0)),0),IF(B289=\"COMPOSIÇÃO\",IFERROR(INDEX(COMPOSIÇÃO!$G:$G,MATCH($C289,COMPOSIÇÃO!$A:$A,0)),0),0))","v":7058.5469999999996},8501.6360444595593,8501.64,{"$f":"J289/$J$302","v":1.2711247276299596E-2}]
["15.147","COMPOSIÇÃO","IFMT 132.01.2020",{"$f":"IF(B290=\"SINAPI\",IFERROR(INDEX(SINAPI!$B:$B,MATCH($C290,SINAPI!$A:$A,0)),\"\"),IF(B290=\"COMPOSIÇÃO\",IFERROR(INDEX(COMPOSIÇÃO!$C:$C,MATCH($C290,COMPOSIÇÃO!$A:$A,0)),\"\"),\"\"))","v":"LUMINÁRIA RETANGULAR TIPO CALHA, DE SOBREPOR, COM 2 LÂMPADAS TUBULARES BIVOLT DE LED 20 W - COMPLETA. FORNECIMENTO E INSTALAÇÃO"},null,{"$f":"IF(B290=\"SINAPI\",IFERROR(INDEX(SINAPI!$C:$C,MATCH($C290,SINAPI!$A:$A,0)),\"\"),IF(B290=\"COMPOSIÇÃO\",IFERROR(INDEX(COMPOSIÇÃO!$D:$D,MATCH($C290,COMPOSIÇÃO!$A:$A,0)),\"\"),\"\"))","v":"UN"},87,{"$f":"IF(B290=\"SINAPI\",IFERROR(INDEX(SINAPI!$D:$D,MATCH($C290,SINAPI!$A:$A,0)),0),IF(B290=\"COMPOSIÇÃO\",IFERROR(INDEX(COMPOSIÇÃO!$G:$G,MATCH($C290,COMPOSIÇÃO!$A:$A,0)),0),0))","v":65.644311999999999},79.065004315045186,6878.66,{"$f":"J290/$J$302","v":1.0284644867295132E-2}]
["15.148","COMPOSIÇÃO","IFMT 184.02.2020",{"$f":"IF(B291=\"SINAPI\",IFERROR(INDEX(SINAPI!$B:$B,MATCH($C291,SINAPI!$A:$A,0)),\"\"),IF(B291=\"COMPOSIÇÃO\",IFERROR(INDEX(COMPOSIÇÃO!$C:$C,MATCH($C291,COMPOSIÇÃO!$A:$A,0)),\"\"),\"\"))","v":"LUMINÁRIA ARANDELA TIPO TARTARUGA PARA 1 LÂMPADA LED 15W - FORNECIMENTO E INSTALAÇÃO."},null,{"$f":"IF(B291=\"SINAPI\",IFERROR(INDEX(SINAPI!$C:$C,MATCH($C291,SINAPI!$A:$A,0)),\"\"),IF(B291=\"COMPOSIÇÃO\",IFERROR(INDEX(COMPOSIÇÃO!$D:$D,MATCH($C291,COMPOSIÇÃO!$A:$A,0)),\"\"),\"\"))","v":"UN"},10,{"$f":"IF(B291=\"SINAPI\",IFERROR(INDEX(SINAPI!$D:$D,MATCH($C291,SINAPI!$A:$A,0)),0),IF(B291=\"COMPOSIÇÃO\",IFERROR(INDEX(COMPOSIÇÃO!$G:$G,MATCH($C291,COMPOSIÇÃO!$A:$A,0)),0),0))","v":85.214551999999998},102.63629423954725,1026.3599999999999,{"$f":"J291/$J$302","v":1.5345645963017551E-3}]
["15.149","COMPOSIÇÃO","IFMT 191.02.2020",{"$f":"IF(B292=\"SINAPI\",IFERROR(INDEX(SINAPI!$B:$B,MATCH($C292,SINAPI!$A:$A,0)),\"\"),IF(B292=\"COMPOSIÇÃO\",IFERROR(INDEX(COMPOSIÇÃO!$C:$C,MATCH($C292,COMPOSIÇÃO!$A:$A,0)),\"\"),\"\"))","v":"LUMINARIA DE EMERGÊNCIA 2 FARÓIS LED 8W FORNECIMENTO E INSTALAÇÃO."},null,{"$f":"IF(B292=\"SINAPI\",IFERROR(INDEX(SINAPI!$C:$C,MATCH($C292,SINAPI!$A:$A,0)),\"\"),IF(B292=\"COMPOSIÇÃO\",IFERROR(INDEX(COMPOSIÇÃO!$D:$D,MATCH($C292,COMPOSIÇÃO!$A:$A,0)),\"\"),\"\"))","v":"UN"},20,{"$f":"IF(B292=\"SINAPI\",IFERROR(INDEX(SINAPI!$D:$D,MATCH($C292,SINAPI!$A:$A,0)),0),IF(B292=\"COMPOSIÇÃO\",IFERROR(INDEX(COMPOSIÇÃO!$G:$G,MATCH($C292,COMPOSIÇÃO!$A:$A,0)),0),0))","v":136.668172},164.6093816766537,3292.19,{"$f":"J292/$J$302","v":4.9223257125167348E-3}]
["15.150","COMPOSIÇÃO","IFMT 192.02.2020",{"$f":"IF(B293=\"SINAPI\",IFERROR(INDEX(SINAPI!$B:$B,MATCH($C293,SINAPI!$A:$A,0)),\"\"),IF(B293=\"COMPOSIÇÃO\",IFERROR(INDEX(COMPOSIÇÃO!$C:$C,MATCH($C293,COMPOSIÇÃO!$A:$A,0)),\"\"),\"\"))","v":"LUMINARIA LED REFLETOR RETANGULAR, BIVOLT, LUZ BRANCA, 200 W, COM CAIXA ANTIVANDALISMO IP65 41cm x 33cm x 20,8cm"},null,{"$f":"IF(B293=\"SINAPI\",IFERROR(INDEX(SINAPI!$C:$C,MATCH($C293,SINAPI!$A:$A,0)),\"\"),IF(B293=\"COMPOSIÇÃO\",IFERROR(INDEX(COMPOSIÇÃO!$D:$D,MATCH($C293,COMPOSIÇÃO!$A:$A,0)),\"\"),\"\"))","v":"UN"},8,{"$f":"IF(B293=\"SINAPI\",IFERROR(INDEX(SINAPI!$D:$D,MATCH($C293,SINAPI!$A:$A,0)),0),IF(B293=\"COMPOSIÇÃO\",IFERROR(INDEX(COMPOSIÇÃO!$G:$G,MATCH($C293,COMPOSIÇÃO!$A:$A,0)),0),0))","v":225.26},271.31342121472886,2170.5100000000002,{"$f":"J293/$J$302","v":3.2452431913937829E-3}]
["15.151","COMPOSIÇÃO","IFMT 114.02.2020",{"$f":"IF(B294=\"SINAPI\",IFERROR(INDEX(SINAPI!$B:$B,MATCH($C294,SINAPI!$A:$A,0)),\"\"),IF(B294=\"COMPOSIÇÃO\",IFERROR(INDEX(COMPOSIÇÃO!$C:$C,MATCH($C294,COMPOSIÇÃO!$A:$A,0)),\"\"),\"\"))","v":"INSTALAÇÃO DE UNIDADE REFRIGERADORA"},null,{"$f":"IF(B294=\"SINAPI\",IFERROR(INDEX(SINAPI!$C:$C,MATCH($C294,SINAPI!$A:$A,0)),\"\"),IF(B294=\"COMPOSIÇÃO\",IFERROR(INDEX(COMPOSIÇÃO!$D:$D,MATCH($C294,COMPOSIÇÃO!$A:$A,0)),\"\"),\"\"))","v":"UN "},7,{"$f":"IF(B294=\"SINAPI\",IFERROR(INDEX(SINAPI!$D:$D,MATCH($C294,SINAPI!$A:$A,0)),0),IF(B294=\"COMPOSIÇÃO\",IFERROR(INDEX(COMPOSIÇÃO!$G:$G,MATCH($C294,COMPOSIÇÃO!$A:$A,0)),0),0))","v":569.71040000000005},686.18519810712803,4803.3,{"$f":"J294/$J$302","v":7.1816654248180178E-3}]
["15.152","COMPOSIÇÃO","IFMT 115.02.2020",{"$f":"IF(B295=\"SINAPI\",IFERROR(INDEX(SINAPI!$B:$B,MATCH($C295,SINAPI!$A:$A,0)),\"\"),IF(B295=\"COMPOSIÇÃO\",IFERROR(INDEX(COMPOSIÇÃO!$C:$C,MATCH($C295,COMPOSIÇÃO!$A:$A,0)),\"\"),\"\"))","v":"INSTALAÇÃO DE UNIDADE CONDENSADORA"},null,{"$f":"IF(B295=\"SINAPI\",IFERROR(INDEX(SINAPI!$C:$C,MATCH($C295,SINAPI!$A:$A,0)),\"\"),IF(B295=\"COMPOSIÇÃO\",IFERROR(INDEX(COMPOSIÇÃO!$D:$D,MATCH($C295,COMPOSIÇÃO!$A:$A,0)),\"\"),\"\"))","v":"UN "},7,{"$f":"IF(B295=\"SINAPI\",IFERROR(INDEX(SINAPI!$D:$D,MATCH($C295,SINAPI!$A:$A,0)),0),IF(B295=\"COMPOSIÇÃO\",IFERROR(INDEX(COMPOSIÇÃO!$G:$G,MATCH($C295,COMPOSIÇÃO!$A:$A,0)),0),0))","v":59.508499999999998},71.67475240325264,501.72,{"$f":"J295/$J$302","v":7.501478518809352E-4}]
["15.153","COMPOSIÇÃO","IFMT 201.02.2020",{"$f":"IF(B296=\"SINAPI\",IFERROR(INDEX(SINAPI!$B:$B,MATCH($C296,SINAPI!$A:$A,0)),\"\"),IF(B296=\"COMPOSIÇÃO\",IFERROR(INDEX(COMPOSIÇÃO!$C:$C,MATCH($C296,COMPOSIÇÃO!$A:$A,0)),\"\"),\"\"))","v":"INSTALAÇÃO DE EXAUSTOR  220V VAZÃO DE 685M³/H "},null,{"$f":"IF(B296=\"SINAPI\",IFERROR(INDEX(SINAPI!$C:$C,MATCH($C296,SINAPI!$A:$A,0)),\"\"),IF(B296=\"COMPOSIÇÃO\",IFERROR(INDEX(COMPOSIÇÃO!$D:$D,MATCH($C296,COMPOSIÇÃO!$A:$A,0)),\"\"),\"\"))","v":"UN"},4,{"$f":"IF(B296=\"SINAPI\",IFERROR(INDEX(SINAPI!$D:$D,MATCH($C296,SINAPI!$A:$A,0)),0),IF(B296=\"COMPOSIÇÃO\",IFERROR(INDEX(COMPOSIÇÃO!$G:$G,MATCH($C296,COMPOSIÇÃO!$A:$A,0)),0),0))","v":35.72},43.022797681746042,172.09,{"$f":"J296/$J$302","v":2.5730077300125596E-4}]
["16.0",null,null,"EQUIPAMENTOS",null,null,null,null,null,{"$f":"SUM(J298:J301)","v":38897.15},{"$f":"J297/$J$302","v":5.8157166381229607E-2}]
["16.1","COTAÇÃO","COT. 16","Aquisisção e instalação plataforma vertical hidraulica, modelo enclusulada - vidro panoramico e capa metalica - entrada unilateral mesmo lado percurso 4m, 2 parada capacidade 250kg cabine dimensão interna 0,90x1,40",null,"un",1,{"$f":"Cotação!K19","v":22000},{"$f":"H298*(1+$J$10)","v":24942.309923196681},24942.31,{"$f":"J298/$J$302","v":3.7292554148625465E-2}]
["16.2","COTAÇÃO","COT. 09",{"$f":"Cotação!C12","v":"VENTILADOR DE PAREDE 60CM BIVOLT"},null,"UN",2,{"$f":"Cotação!K12","v":289.88},{"$f":"H299*(1+$J$10)","v":328.64894547892061},657.3,{"$f":"J299/$J$302","v":9.8276365909538916E-4}]
["16.3","COTAÇÃO","COT. 10",{"$f":"Cotação!C13","v":"AR CONDICIONADO 42.000BTUS BIFÁSICO 220V INVERTER"},null,"UN",1,{"$f":"Cotação!K13","v":10788.9},{"$f":"H300*(1+$J$10)","v":12231.822160471667},12231.82,{"$f":"J300/$J$302","v":1.8288434779546878E-2}]
["16.4","COTAÇÃO","COT. 13",{"$f":"Cotação!C16","v":"EXAUSTOR  220V VAZÃO DE 685M³/H"},null,"UN",4,{"$f":"Cotação!K16","v":235},266.42921963414636,1065.72,{"$f":"J301/$J$302","v":1.5934137939618716E-3}]
[null,null,null,"Total",null,{"$f":"IF(B302=\"SINAPI\",IFERROR(INDEX(SINAPI!$C:$C,MATCH($C302,SINAPI!$A:$A,0)),\"\"),IF(B302=\"COMPOSIÇÃO\",IFERROR(INDEX(COMPOSIÇÃO!$D:$D,MATCH($C302,COMPOSIÇÃO!$A:$A,0)),\"\"),\"\"))","v":""},null,{"$f":"IF(B302=\"SINAPI\",IFERROR(INDEX(SINAPI!$D:$D,MATCH($C302,SINAPI!$A:$A,0)),0),IF(B302=\"COMPOSIÇÃO\",IFERROR(INDEX(COMPOSIÇÃO!$G:$G,MATCH($C302,COMPOSIÇÃO!$A:$A,0)),0),0))","v":0},0,{"$f":"J297+J143+J137+J135+J133+J100+J82+J77+J69+J67+J64+J62+J56+J22+J17+J14","v":668828.15000000014},{"$f":"J302/$J$302","v":1}]
[null,"Revisão em 21/10/2020- realizada por Fatima e Luana"]

{"sheet":"CURVA ABC","index":1,"n_rows":274,"n_cols":13,"rows_kept":274,"cut":false,"hidden":false,"merged":[[12,3,12,4],[8,10,8,12],[0,0,3,9],[4,0,4,9],[5,0,5,9],[7,0,7,9]]}
[]
[]
[]
[]
["INSTITUTO FEDERAL DE EDUCAÇÃO, CIÊNCIA E TECNOLOGIA DE MATO GROSSO"]
["CAMPUS PRIMAVERA DO LESTE"]
[]
["CURVA ABC"]
["LOCAL:","PRIMAVERA DO LESTE",null,null,null,null,null,null,null,null,"FAIXAS DE CORTE"]
["OBRA:","REFORMA HANGAR",null,null,null,null,null,null,null,null,"A","B","C"]
[null,null,null,"TABELA SINAPI - DATA DE EMISSÃO: 16/10/2020",null,null,null,null,null,null,0.8,0.95,1]
[null,null,null,"SINAPI DATA REFERÊNCIA TÉCNICA: 16/10/2020 - NÃO DESONERADO"]
["ITEM","REFERÊNCIA","CÓDIGO","DESCRIÇÃO DETALHADA",null,"UND","QTD","VALOR UNIT (R$)","VALOR UNIT c/ BDI (R$)","VALOR TOTAL ","% ITEM","% ACUM","CLASSE"]
["9.4","COTAÇÃO","COT.14","PASSARELA METALICA 31,00 M X 1,60M",null,"UN",1,145950,175788.83879201667,175788.84,{"$f":"J14/$J$274","v":0.26283110242892721},{"$f":"K14","v":0.26283110242892721},{"$f":"IF(L14<K$11,\"A\",IF(L14<L$11,\"B\",\"C\"))","v":"A"}]
["14.5","COMPOSIÇÃO","IFMT 077.05.2019","GRADE DE FERRO EM BARRA CHATA 3/16\"",null,"M²",30,1030.973,1241.7509180947022,37252.53,{"$f":"J15/$J$274","v":5.5698208874731092E-2},{"$f":"L14+K15","v":0.3185293113036583},{"$f":"IF(L15<K$11,\"A\",IF(L15<L$11,\"B\",\"C\"))","v":"A"}]
["10.8","SINAPI",88489,"APLICAÇÃO MANUAL DE PINTURA COM TINTA LÁTEX ACRÍLICA EM PAREDES, DUAS DEMÃOS. AF_06/2014",null,"M2",1871.16,11.78,14.188369448235397,26548.71,{"$f":"J16/$J$274","v":3.969436693117654E-2},{"$f":"K16+L15","v":0.35822367823483486},"A"]
["8.4","SINAPI",94991,"EXECUÇÃO DE PASSEIO (CALÇADA) OU PISO DE CONCRETO COM CONCRETO MOLDADO IN LOCO, USINADO, ACABAMENTO CONVENCIONAL, NÃO ARMADO. AF_07/2016",null,"M3",40,546.12,657.77184406369406,26310.87,{"$f":"J17/$J$274","v":3.9338759889218158E-2},0.39756243812405301,"A"]
["16.1","COTAÇÃO","COT. 16","Aquisisção e instalação plataforma vertical hidraulica, modelo enclusulada - vidro panoramico e capa metalica - entrada unilateral mesmo lado percurso 4m, 2 parada capacidade 250kg cabine dimensão interna 0,90x1,40",null,"un",1,22000,24942.309923196681,24942.31,{"$f":"J18/$J$274","v":3.7292554148625451E-2},0.43485499227267843,"A"]
["10.6","SINAPI",88489,"APLICAÇÃO MANUAL DE PINTURA COM TINTA LÁTEX ACRÍLICA EM PAREDES, DUAS DEMÃOS. AF_06/2014",null,"M2",1673.16,11.78,14.188369448235397,23739.41,{"$f":"J19/$J$274","v":3.5494035351233327E-2},0.47034902762391173,"A"]
["1.2","SINAPI",94295,"MESTRE DE OBRAS COM ENCARGOS COMPLEMENTARES",null,"MES",3,5672.54,6832.2659787685252,20496.8,{"$f":"J20/$J$274","v":3.0645839293695978E-2},0.50099486691760775,"A"]
["8.5","SINAPI",94993,"EXECUÇÃO DE PASSEIO (CALÇADA) OU PISO DE CONCRETO COM CONCRETO MOLDADO IN LOCO, USINADO, ACABAMENTO CONVENCIONAL, ESPESSURA 6 CM, ARMADO. AF_07/2016",null,"M2",213.32,64.819999999999993,78.072165334008361,16654.349999999999,{"$f":"J21/$J$274","v":2.4900791032793683E-2},0.52589565795040139,"A"]
["8.2","SINAPI",87255,"REVESTIMENTO CERÂMICO PARA PISO COM PLACAS TIPO ESMALTADA EXTRA DE DIMENSÕES 60X60 CM APLICADA EM AMBIENTES DE ÁREA MENOR QUE 5 M2. AF_06/2014",null,"M2",172.5,68.67,82.709280985596337,14267.35,{"$f":"J22/$J$274","v":2.1331862302745471E-2},0.5472275202531468,"A"]
["8.6","SINAPI",92396,"EXECUÇÃO DE PASSEIO EM PISO INTERTRAVADO, COM BLOCO RETANGULAR COR NATURAL DE 20 X 10 CM, ESPESSURA 6 CM. AF_12/2015",null,"M2",177.24,57.65,69.436290211440635,12306.89,{"$f":"J23/$J$274","v":1.8400675868681653E-2},0.56562819612182846,"A"]
["16.3","COTAÇÃO","COT. 10","AR CONDICIONADO 42.000BTUS BIFÁSICO 220V INVERTER",null,"UN",1,10788.9,12231.822160471667,12231.82,{"$f":"J24/$J$274","v":1.8288434779546874E-2},0.58391663090137536,"A"]
["14.1","SINAPI",98522,"ALAMBRADO EM MOURÕES DE CONCRETO, COM TELA DE ARAME GALVANIZADO (INCLUSIVE MURETA EM CONCRETO). AF_05/2018",null,"M",86,111.28,134.03070901524916,11526.64,{"$f":"J25/$J$274","v":1.7234083224517378E-2},0.60115071412589272,"A"]
["1.1","SINAPI",93565,"ENGENHEIRO CIVIL DE OBRA JUNIOR COM ENCARGOS COMPLEMENTARES",null,"MES",0.5,16204.01,19516.848932334538,9758.42,{"$f":"J26/$J$274","v":1.4590324883903279E-2},0.61574103900979604,"A"]
["15.76","COMPOSIÇÃO","IFMT 119.01.2020","ELETRODUTO DE AÇO GALVANIZADO, CLASSE LEVE, DN 20 MM (3/4\u0092\u0092), APARENTE, INSTALADO EM PAREDE - FORNECIMENTO E INSTALAÇÃO.(FIXAÇÃO POR CUNHA)",null,"M",312.8,24.869579999999999,29.954056796472504,9369.6299999999992,{"$f":"J27/$J$274","v":1.4009024590247875E-2},0.62975006360004393,"A"]
["15.146","COMPOSIÇÃO","IFMT 193.02.2020","QUADRO DE DISTRIBUIÇÃO METÁLICO DE SOBREPOR PARA 115 DISJUNTORES MONOPOLARES TIPO DIN  COM BARRAMENTO TRIFÁSICO COM NEUTRO E TERRRA - FORNECIMENTO E INTALAÇÃO",null,"UN",1,7058.5469999999996,8501.6360444595593,8501.64,{"$f":"J28/$J$274","v":1.2711247276299591E-2},0.64246131087634351,"A"]
["15.1","SINAPI",95801,"CONDULETE DE ALUMÍNIO, TIPO X, PARA ELETRODUTO DE AÇO GALVANIZADO DN 20 MM (3/4''), APARENTE - FORNECIMENTO E INSTALAÇÃO. AF_11/2016_P",null,"UN",239,29.52,35.55523481425373,8497.7000000000007,{"$f":"J29/$J$274","v":1.2705356375924064E-2},0.65516666725226758,"A"]
["3.8","ORSE","09949/ORSE","09949/ORSE Estaca escavada mecanicamente - Ø = 200 a 250mm, com concreto fck = 21 Mpa e armadura CA-50 e CA-60",null,"m",80,77.45,93.28431356246449,7462.75,{"$f":"J30/$J$274","v":1.1157948420681749E-2},0.66632461567294932,"A"]
["15.147","COMPOSIÇÃO","IFMT 132.01.2020","LUMINÁRIA RETANGULAR TIPO CALHA, DE SOBREPOR, COM 2 LÂMPADAS TUBULARES BIVOLT DE LED 20 W - COMPLETA. FORNECIMENTO E INSTALAÇÃO",null,"UN",87,65.644311999999999,79.065004315045186,6878.66,{"$f":"J31/$J$274","v":1.0284644867295129E-2},0.67660926054024439,"A"]
["15.75","COMPOSIÇÃO","IFMT 118.01.2020","ELETRODUTO DE AÇO GALVANIZADO, CLASSE LEVE, DN 20 MM (3/4\u0092\u0092), APARENTE, INSTALADO EM TETO - FORNECIMENTO E INSTALAÇÃO.(FIXAÇÃO POR CUNHA)",null,"M",312.8,16.569119999999998,19.956604074036168,6242.43,{"$f":"J32/$J$274","v":9.3333840688374081E-3},0.68594264460908183,"A"]
["10.4","SINAPI",88489,"APLICAÇÃO MANUAL DE PINTURA COM TINTA LÁTEX ACRÍLICA EM PAREDES, DUAS DEMÃOS. AF_06/2014",null,"M2",413.1,11.78,14.188369448235397,5861.22,{"$f":"J33/$J$274","v":8.7634170302191925E-3},0.69470606163930104,"A"]
["3.9","ORSE","00140/ORSE","00140/ORSE Aço CA - 50 Ø 6,3 a 12,5mm, inclusive corte, dobragem, montagem e colocacao de ferragens nas formas, para superestruturas e fundações",null,"KG",572,8.14,9.804187377643137,5608,{"$f":"J34/$J$274","v":8.384814544662925E-3},0.70309087618396393,"A"]
["3.7","SINAPI",92446,"MONTAGEM E DESMONTAGEM DE FÔRMA DE VIGA, ESCORAMENTO COM PONTALETE DE MADEIRA, PÉ-DIREITO SIMPLES, EM MADEIRA SERRADA, 1 UTILIZAÇÃO. AF_09/2020",null,"M2",26.88,154.41999999999999,185.99049322551019,4999.42,{"$f":"J35/$J$274","v":7.4748947095004854E-3},0.7105657708934644,"A"]
["15.151","COMPOSIÇÃO","IFMT 114.02.2020","INSTALAÇÃO DE UNIDADE REFRIGERADORA",null,"UN ",7,569.71040000000005,686.18519810712803,4803.3,{"$f":"J36/$J$274","v":7.1816654248180152E-3},0.71774743631828242,"A"]
["9.2","SINAPI",90844,"KIT DE PORTA DE MADEIRA PARA PINTURA, SEMI-OCA (LEVE OU MÉDIA), PADRÃO MÉDIO, 90X210CM, ESPESSURA DE 3,5CM, ITENS INCLUSOS: DOBRADIÇAS, MONTAGEM E INSTALAÇÃO DO BATENTE, FECHADURA COM EXECUÇÃO DO FURO - FORNECIMENTO E INSTALAÇÃO. AF_12/2019",null,"UN",5,796.48,959.31685043552886,4796.58,{"$f":"J37/$J$274","v":7.1716180008272639E-3},0.72491905431910963,"A"]
["11.24","COMPOSIÇÃO","IFMT 058.04.2019","GRANITO PARA BANCADA SECA, POLIDO, TIPO CINZA ANDORINHA, COM REBAIXO  E= *2,5* CM, FIXADO COM SUPORTE METALICO MÃO-FRANCESA AÇO - FORNECIMENTO E INSTALAÇÃO",null,"M2",5.4,693.46735400000011,835.24371976589498,4510.32,{"$f":"J38/$J$274","v":6.743615680649801E-3},0.73166266999975949,"A"]
["15.27","SINAPI",91927,"CABO DE COBRE FLEXÍVEL ISOLADO, 2,5 MM², ANTI-CHAMA 0,6/1,0 KV, PARA CIRCUITOS TERMINAIS - FORNECIMENTO E INSTALAÇÃO. AF_12/2015","VERDE","M",940.6,3.76,4.5287155454469517,4259.71,{"$f":"J39/$J$274","v":6.3689155428042279E-3},0.73803158554256376,"A"]
["4.3","SINAPI",96364,"PAREDE COM PLACAS DE GESSO ACARTONADO (DRYWALL), PARA USO INTERNO COM UMA FACE SIMPLES E OUTRA FACE DUPLA E ESTRUTURA METÁLICA COM GUIAS DUPLAS, SEM VÃOS. AF_06/2017_P",null,"M2",28,123.77,149.0742348563748,4174.08,{"$f":"J40/$J$274","v":6.2408856445411243E-3},0.74427247118710493,"A"]
["15.142","COMPOSIÇÃO","IFMT 128.01.2020","QUADRO DE DISTRIBUICAO COM BARRAMENTO TRIFASICO, DE SOBREPOR, EM CHAPA DE ACO GALVANIZADO, PARA 18 DISJUNTORES DIN, 100 A (FORNECIMENTO E INSTALAÇÃO) ",null,"UN",7,495.07000000000005,596.28489496926136,4173.99,{"$f":"J41/$J$274","v":6.2407510808269624E-3},0.75051322226793193,"A"]
["11.1","SINAPI",86932,"VASO SANITÁRIO SIFONADO COM CAIXA ACOPLADA LOUÇA BRANCA - PADRÃO MÉDIO, INCLUSO ENGATE FLEXÍVEL EM METAL CROMADO, 1/2  X 40CM - FORNECIMENTO E INSTALAÇÃO. AF_01/2020",null,"UN",8,395.97,476.92433365176322,3815.39,{"$f":"J42/$J$274","v":5.7045894375109627E-3},0.75621781170544289,"A"]
["15.140","COMPOSIÇÃO","IFMT 171.02.2020","DISPOSITIVO DE PROTEÇÃO CONTRA SURTO DE TENSÃO DPS 20KA - 175V, FORNECIMENTO E INSTALAÇÃO.",null,"UN",47,67.347999999999999,81.117003870947158,3812.5,{"$f":"J43/$J$274","v":5.7002684471339875E-3},0.76191808015257689,"A"]
["3.6","SINAPI",92409,"MONTAGEM E DESMONTAGEM DE FÔRMA DE PILARES RETANGULARES E ESTRUTURAS SIMILARES, PÉ-DIREITO SIMPLES, EM MADEIRA SERRADA, 1 UTILIZAÇÃO. AF_09/2020",null,"M2",20.16,156.79,188.84502935389031,3807.12,{"$f":"J44/$J$274","v":5.6922245273318683E-3},0.76761030467990876,"A"]
["11.19","COMPOSIÇÃO","IFMT 058.04.2019","GRANITO PARA BANCADA SECA, POLIDO, TIPO CINZA ANDORINHA, COM REBAIXO  E= *2,5* CM, FIXADO COM SUPORTE METALICO MÃO-FRANCESA AÇO - FORNECIMENTO E INSTALAÇÃO",null,"M2",4.2,693.46735400000011,835.24371976589498,3508.02,{"$f":"J45/$J$274","v":5.245024450600648E-3},0.77285532913050936,"A"]
["15.83","SINAPI",97892,"CAIXA ENTERRADA ELÉTRICA RETANGULAR, EM ALVENARIA COM BLOCOS DE CONCRETO, FUNDO COM BRITA, DIMENSÕES INTERNAS: 0,6X0,6X0,6 M. AF_05/2018",null,"UN",10,290.16000000000003,349.48194219864035,3494.82,{"$f":"J46/$J$274","v":5.2252884391902439E-3},0.7780806175696996,"A"]
["15.149","COMPOSIÇÃO","IFMT 191.02.2020","LUMINARIA DE EMERGÊNCIA 2 FARÓIS LED 8W FORNECIMENTO E INSTALAÇÃO.",null,"UN",20,136.668172,164.6093816766537,3292.19,{"$f":"J47/$J$274","v":4.9223257125167331E-3},0.78300294328221631,"A"]
["14.2","COMPOSIÇÃO","IFMT 089.02.03.2020","PORTAO DE FERRO EM CHAPA GALVANIZADA PLANA 14 GSG",null,"M2",9.36,286.06849999999997,344.55395292890728,3225.02,{"$f":"J48/$J$274","v":4.8218963271806038E-3},0.78782483960939687,"A"]
["15.28","SINAPI",91929,"CABO DE COBRE FLEXÍVEL ISOLADO, 4 MM², ANTI-CHAMA 0,6/1,0 KV, PARA CIRCUITOS TERMINAIS - FORNECIMENTO E INSTALAÇÃO. AF_12/2015","VERMELHO","M",489.7,5.28,6.3594728936063589,3114.23,{"$f":"J49/$J$274","v":4.6562483950473646E-3},0.79248108800444428,"A"]
["15.32","SINAPI",91929,"CABO DE COBRE FLEXÍVEL ISOLADO, 4 MM², ANTI-CHAMA 0,6/1,0 KV, PARA CIRCUITOS TERMINAIS - FORNECIMENTO E INSTALAÇÃO. AF_12/2015","VERDE","M",489.7,5.28,6.3594728936063589,3114.23,{"$f":"J50/$J$274","v":4.6562483950473646E-3},0.79713733639949169,"A"]
["15.26","SINAPI",91927,"CABO DE COBRE FLEXÍVEL ISOLADO, 2,5 MM², ANTI-CHAMA 0,6/1,0 KV, PARA CIRCUITOS TERMINAIS - FORNECIMENTO E INSTALAÇÃO. AF_12/2015","AZUL CLARO","M",658.1,3.76,4.5287155454469517,2980.35,{"$f":"J51/$J$274","v":4.4560773944697131E-3},0.80159341379396143,"B"]
["15.29","SINAPI",91929,"CABO DE COBRE FLEXÍVEL ISOLADO, 4 MM², ANTI-CHAMA 0,6/1,0 KV, PARA CIRCUITOS TERMINAIS - FORNECIMENTO E INSTALAÇÃO. AF_12/2015","BRANCO","M",464.4,5.28,6.3594728936063589,2953.34,{"$f":"J52/$J$274","v":4.4156933286973619E-3},0.80600910712265883,"B"]
["3.5","SINAPI",94965,"CONCRETO FCK = 25MPA, TRAÇO 1:2,3:2,7 (CIMENTO/ AREIA MÉDIA/ BRITA 1)  - PREPARO MECÂNICO COM BETONEIRA 400 L. AF_07/2016",null,"M3",7.15,340.12,409.65604556314292,2929.04,{"$f":"J53/$J$274","v":4.3793611258736613E-3},0.8103884682485325,"B"]
["10.7","COMPOSIÇÃO","IFMT 060.05.2019","LIXAMENTO DE PAREDES E TETO, PARA PINTURA",null,"M2",1673.16,1.39612,1.6815506242844147,2813.5,{"$f":"J54/$J$274","v":4.2066112199374362E-3},0.81459507946846998,"B"]
["9.1","SINAPI",90842,"KIT DE PORTA DE MADEIRA PARA PINTURA, SEMI-OCA (LEVE OU MÉDIA), PADRÃO MÉDIO, 70X210CM, ESPESSURA DE 3,5CM, ITENS INCLUSOS: DOBRADIÇAS, MONTAGEM E INSTALAÇÃO DO BATENTE, FECHADURA COM EXECUÇÃO DO FURO - FORNECIMENTO E INSTALAÇÃO. AF_12/2019",null,"UN",3,765.2,921.64179132340644,2764.93,{"$f":"J55/$J$274","v":4.1339916688614229E-3},0.8187290711373314,"B"]
["2.1","COMPOSIÇÃO","IFMT 211.06.2020","PLACA DE OBRA EM CHAPA DE ACO GALVANIZADO",null,"M2",6,381.45249999999999,459.43879430840519,2756.63,{"$f":"J56/$J$274","v":4.1215819041109415E-3},0.82285065304144234,"B"]
["10.10","SINAPI",88496,"APLICAÇÃO E LIXAMENTO DE MASSA LÁTEX EM TETO, DUAS DEMÃOS. AF_06/2014",null,"M2",104,21.69,26.124425579985214,2716.94,{"$f":"J57/$J$274","v":4.0622393061655647E-3},0.8269128923476079,"B"]
["15.30","SINAPI",91929,"CABO DE COBRE FLEXÍVEL ISOLADO, 4 MM², ANTI-CHAMA 0,6/1,0 KV, PARA CIRCUITOS TERMINAIS - FORNECIMENTO E INSTALAÇÃO. AF_12/2015","PRETO ","M",424.6,5.28,6.3594728936063589,2700.23,{"$f":"J58/$J$274","v":4.0372553099028482E-3},0.83095014765751074,"B"]
["15.25","SINAPI",91927,"CABO DE COBRE FLEXÍVEL ISOLADO, 2,5 MM², ANTI-CHAMA 0,6/1,0 KV, PARA CIRCUITOS TERMINAIS - FORNECIMENTO E INSTALAÇÃO. AF_12/2015","PRETO ","M",508.5,3.76,4.5287155454469517,2302.85,{"$f":"J59/$J$274","v":3.443111657306886E-3},0.83439325931481767,"B"]
["3.27","SINAPI",92409,"MONTAGEM E DESMONTAGEM DE FÔRMA DE PILARES RETANGULARES E ESTRUTURAS SIMILARES, PÉ-DIREITO SIMPLES, EM MADEIRA SERRADA, 1 UTILIZAÇÃO. AF_09/2020",null,"M2",12,156.79,188.84502935389031,2266.14,{"$f":"J60/$J$274","v":3.3882246134526463E-3},0.83778148392827034,"B"]
["5.1","COMPOSIÇÃO","IFMT 061.05.2019","RESTAURAÇÃO DA COBERTURA COM MANTA ASFALTICA ALUMINIZADA MULTIUSO. FORNECIMENTO E INSTALAÇÃO",null,"M2",129.80000000000001,14.235569999999999,17.145969988643156,2225.5500000000002,{"$f":"J61/$J$274","v":3.327536378365652E-3},0.84110902030663603,"B"]
["15.136","COMPOSIÇÃO","IFMT 189.02.2020","INTERRUPTOR TETRAPOLAR DR 25 A 8KA, DISPOSITIVO RESIDUAL DIFERENCIAL",null,"UN",12,152.65248,183.86161149655052,2206.34,{"$f":"J62/$J$274","v":3.2988145011539943E-3},0.84440783480779003,"B"]
["15.150","COMPOSIÇÃO","IFMT 192.02.2020","LUMINARIA LED REFLETOR RETANGULAR, BIVOLT, LUZ BRANCA, 200 W, COM CAIXA ANTIVANDALISMO IP65 41cm x 33cm x 20,8cm",null,"UN",8,225.26,271.31342121472886,2170.5100000000002,{"$f":"J63/$J$274","v":3.245243191393782E-3},0.84765307799918377,"B"]
["15.24","SINAPI",91927,"CABO DE COBRE FLEXÍVEL ISOLADO, 2,5 MM², ANTI-CHAMA 0,6/1,0 KV, PARA CIRCUITOS TERMINAIS - FORNECIMENTO E INSTALAÇÃO. AF_12/2015","BRANCO","M",471.4,3.76,4.5287155454469517,2134.84,{"$f":"J64/$J$274","v":3.191911106014301E-3},0.85084498910519812,"B"]
["9.3","COMPOSIÇÃO","IFMT 047.04.2019","PORTA DE FERRO, DE ABRIR, 2 FOLHAS DE 1,40X2,10M, VENEZIANA, COM FUNDO ANTI CORRESIVO. FORNECIMENTO E INSTALAÇÃO",null,"M2",2.94,596.9650200000001,719.01190589416251,2113.9,{"$f":"J65/$J$274","v":3.160602615185977E-3},0.85400559172038415,"B"]
["15.23","SINAPI",91927,"CABO DE COBRE FLEXÍVEL ISOLADO, 2,5 MM², ANTI-CHAMA 0,6/1,0 KV, PARA CIRCUITOS TERMINAIS - FORNECIMENTO E INSTALAÇÃO. AF_12/2015","VERMELHO","M",456.6,3.76,4.5287155454469517,2067.81,{"$f":"J66/$J$274","v":3.091691042011313E-3},0.8570972827623955,"B"]
["11.2","SINAPI",86939,"LAVATÓRIO LOUÇA BRANCA COM COLUNA, *44 X 35,5* CM, PADRÃO POPULAR, INCLUSO SIFÃO FLEXÍVEL EM PVC, VÁLVULA E ENGATE FLEXÍVEL 30CM EM PLÁSTICO E COM TORNEIRA CROMADA PADRÃO POPULAR - FORNECIMENTO E INSTALAÇÃO. AF_01/2020",null,"UN",6,284.91000000000003,343.15860267374768,2058.9499999999998,{"$f":"J67/$J$274","v":3.0784439919282684E-3},0.86017572675432374,"B"]
["15.12","COMPOSIÇÃO","IFMT 181.02.2020","TOMADA BAIXA PARA INSTALAÇÃO EM CONDULETE (2 MÓDULOS), 2P+T 10 A, INCLUINDO SUPORTE E PLACA - FORNECIMENTO E INSTALAÇÃO. ",null,"UN",58,29.391239999999996,35.400150395734642,2053.21,{"$f":"J68/$J$274","v":3.0698618172695018E-3},0.86324558857159328,"B"]
["15.78","COMPOSIÇÃO","IFMT 121.01.2020","ELETRODUTO DE AÇO GALVANIZADO, CLASSE LEVE, DN 25 MM (1\u0092\u0092), APARENTE, INSTALADO EM PAREDE - FORNECIMENTO E INSTALAÇÃO.(FIXAÇÃO POR CUNHA)",null,"M",59.05,28.487663999999999,34.311842236773806,2026.11,{"$f":"J69/$J$274","v":3.0293431877829883E-3},0.86627493175937631,"B"]
["15.80","COMPOSIÇÃO","IFMT 123.01.2020","ELETRODUTO DE AÇO GALVANIZADO, CLASSE SEMI PESADO, DN 32 MM (1 1/4\u0092\u0092), APARENTE, INSTALADO EM PAREDE - FORNECIMENTO E INSTALAÇÃO.(FIXAÇÃO POR CUNHA)",null,"M",41.93,37.319189999999999,44.94893507885331,1884.71,{"$f":"J70/$J$274","v":2.817928641310924E-3},0.86909286040068723,"B"]
["13.1","SINAPI",99814,"LIMPEZA DE SUPERFÍCIE COM JATO DE ALTA PRESSÃO. AF_04/2019",null,"M2",1085.47,1.43,1.7223572420183886,1869.57,{"$f":"J71/$J$274","v":2.7952920342841415E-3},0.87188815243497142,"B"]
["2.2","SINAPI",99814,"LIMPEZA DE SUPERFÍCIE COM JATO DE ALTA PRESSÃO. AF_04/2019",null,"M2",1083.76,1.43,1.7223572420183886,1866.62,{"$f":"J72/$J$274","v":2.7908813347643918E-3},0.87467903376973577,"B"]
["10.16","COMPOSIÇÃO","IFMT 249.09.2020","PINTURA ESMALTE ALTO BRILHO, DUAS DEMAOS, SOBRE SUPERFICIE METALICA",null,"M2",57,24.668100000000003,29.711385092191481,1693.55,{"$f":"J73/$J$274","v":2.5321153124311514E-3},0.87721114908216691,"B"]
["15.57","SINAPI",92992,"CABO DE COBRE FLEXÍVEL ISOLADO, 95 MM², ANTI-CHAMA 0,6/1,0 KV, PARA DISTRIBUIÇÃO - FORNECIMENTO E INSTALAÇÃO. AF_12/2015","VERMELHO","M",21.1,64.680000000000007,77.903542946677902,1643.76,{"$f":"J74/$J$274","v":2.4576716754520561E-3},0.87966882075761899,"B"]
["15.58","SINAPI",92992,"CABO DE COBRE FLEXÍVEL ISOLADO, 95 MM², ANTI-CHAMA 0,6/1,0 KV, PARA DISTRIBUIÇÃO - FORNECIMENTO E INSTALAÇÃO. AF_12/2015","BRANCO","M",21.1,64.680000000000007,77.903542946677902,1643.76,{"$f":"J75/$J$274","v":2.4576716754520561E-3},0.88212649243307106,"B"]
["15.59","SINAPI",92992,"CABO DE COBRE FLEXÍVEL ISOLADO, 95 MM², ANTI-CHAMA 0,6/1,0 KV, PARA DISTRIBUIÇÃO - FORNECIMENTO E INSTALAÇÃO. AF_12/2015","PRETO ","M",21.1,64.680000000000007,77.903542946677902,1643.76,{"$f":"J76/$J$274","v":2.4576716754520561E-3},0.88458416410852314,"B"]
["15.60","SINAPI",92992,"CABO DE COBRE FLEXÍVEL ISOLADO, 95 MM², ANTI-CHAMA 0,6/1,0 KV, PARA DISTRIBUIÇÃO - FORNECIMENTO E INSTALAÇÃO. AF_12/2015","AZUL CLARO","M",21.1,64.680000000000007,77.903542946677902,1643.76,{"$f":"J77/$J$274","v":2.4576716754520561E-3},0.88704183578397522,"B"]
["15.79","COMPOSIÇÃO","IFMT 122.01.2020","ELETRODUTO DE AÇO GALVANIZADO, CLASSE SEMI PESADO, DN 32 MM (1 1/4\u0092\u0092), APARENTE, INSTALADO EM TETO - FORNECIMENTO E INSTALAÇÃO.(FIXAÇÃO POR CUNHA)",null,"M",41.93,32.516850000000005,39.164777681906052,1642.18,{"$f":"J78/$J$274","v":2.4553093346923261E-3},0.88949714511866751,{"$f":"IF(L78<K$11,\"A\",IF(L78<L$11,\"B\",\"C\"))","v":"B"}]
["15.63","ORSE","8684/ORSE","FORNECIMENTO E INSTALAÇÃO DE ELETROCALHA PERFURADA 100 X 100 X 3000 MM (REF. MOPA OU SIMILAR)",null,"UN",19,70.5,84.913416477130355,1613.35,2.4122040915891458E-3,{"$f":"K79+L78","v":0.89190934921025666},"B"]
["15.22","SINAPI",91925,"CABO DE COBRE FLEXÍVEL ISOLADO, 1,5 MM², ANTI-CHAMA 0,6/1,0 KV, PARA CIRCUITOS TERMINAIS - FORNECIMENTO E INSTALAÇÃO. AF_12/2015","AMARELO","M",467.1,2.81,3.3844922028473232,1580.9,2.3636863968719006E-3,0.89427303560712856,"B"]
["15.31","SINAPI",91929,"CABO DE COBRE FLEXÍVEL ISOLADO, 4 MM², ANTI-CHAMA 0,6/1,0 KV, PARA CIRCUITOS TERMINAIS - FORNECIMENTO E INSTALAÇÃO. AF_12/2015","AZUL CLARO","M",229,5.28,6.3594728936063589,1456.32,2.1774203134243067E-3,0.89645045592055284,"B"]
["11.5","SINAPI","74125/002","ESPELHO CRISTAL ESPESSURA 4MM, COM MOLDURA EM ALUMINIO E COMPENSADO 6MM PLASTIFICADO COLADO",null,"M2",2.4,503.35,606.25770473423495,1455.02,2.1754766153308579E-3,0.89862593253588374,"B"]
["15.77","COMPOSIÇÃO","IFMT 120.01.2020","ELETRODUTO DE AÇO GALVANIZADO, CLASSE LEVE, DN 25 MM (1\u0092\u0092), APARENTE, INSTALADO EM TETO - FORNECIMENTO E INSTALAÇÃO.(FIXAÇÃO POR CUNHA)",null,"M",59.05,20.297495999999999,24.447230231076418,1443.61,2.1584169266798941E-3,0.90078434946256358,"B"]
["12.1","COMPOSIÇÃO","IFMT 059.05.2019","DRENO EM PVC SOLDAVEL 25MM FIXADO COM BRÇADAEIRA DE AÇO NA PAREDE E NO PISO/CALÇADA ESCAVAÇÃO E CONCRETO",null,"UN",54,21.378149999999998,25.748819212206584,1390.44,2.0789196746578316E-3,0.90286326913722137,"B"]
["11.23","COMPOSIÇÃO","IFMT 057.04.2019","GRANITO PARA BANCADA PARA PIA, POLIDO, TIPO CINZA ANDORINHA, COM REBAIXO  E= *2,5* CM, FIXADO COM SUPORTE METALICO MÃO-FRANCESA AÇO  -  FORNECIMENTO E INSTALAÇÃO",null,"M2",1.5,721.60408820000009,869.13288614080159,1303.7,1.9492301572533982E-3,0.90481249929447471,"B"]
["10.15","COMPOSIÇÃO","IFMT 223.07.2020","FUNDO ANTICORROSIVO A BASE DE OXIDO DE FERRO (ZARCAO), DUAS DEMAOS",null,"M2",57,18.958600000000001,22.834602803167712,1301.57,1.9460454826849007E-3,0.90675854477715967,"B"]
["10.11","SINAPI",88486,"APLICAÇÃO MANUAL DE PINTURA COM TINTA LÁTEX PVA EM TETO, DUAS DEMÃOS. AF_06/2014",null,"M2",104,10.39,12.514190031168573,1301.48,1.945910918970739E-3,0.90870445569613045,"B"]
["3.35","SINAPI","74202/001","LAJE PRE-MOLDADA P/FORRO, SOBRECARGA 100KG/M2, VAOS ATE 3,50M/E=8CM, C/LAJOTAS E CAP.C/CONC FCK=20MPA, 3CM, INTER-EIXO 38CM, C/ESCORAMENTO (REAPR.3X) E FERRAGEM NEGATIVA",null,"M2",14.21,75.67,91.140400352119912,1295.1099999999999,1.936386798312839E-3,0.91064084249444333,"B"]
["15.62","ORSE","12471/ORSE","TAMPA DE ENCAIXE 100 X 3000 MM, GALVANIZADA À FOGO, PARA ELETROCALHA METÁLICA (REF.: MOPA OU SIMILAR)",null,"UN",19,55.85,67.268288088620295,1278.0999999999999,1.910954256336249E-3,0.91255179675077958,"B"]
["15.5","COMPOSIÇÃO","IFMT 126.01.2020","CURVA 90 GRAUS PARA ELETRODUTO, AÇO GALVANIZADO, DN 20 MM (3/4''), APARENTE, INSTALADA EM PAREDE - FORNECIMENTO E INSTALAÇÃO.",null,"UN",98,10.602971999999999,12.770703224558181,1251.53,1.8712280576109114E-3,0.91442302480839044,"B"]
["15.20","SINAPI",91925,"CABO DE COBRE FLEXÍVEL ISOLADO, 1,5 MM², ANTI-CHAMA 0,6/1,0 KV, PARA CIRCUITOS TERMINAIS - FORNECIMENTO E INSTALAÇÃO. AF_12/2015","AZUL CLARO","M",353,2.81,3.3844922028473232,1194.73,1.7863034024509874E-3,0.91620932821084144,"B"]
["15.2","SINAPI",95802,"CONDULETE DE ALUMÍNIO, TIPO X, PARA ELETRODUTO DE AÇO GALVANIZADO DN 25 MM (1''), APARENTE - FORNECIMENTO E INSTALAÇÃO. AF_11/2016_P",null,"UN",30,32.9,39.626261022660827,1188.79,1.7774221973163051E-3,0.9179867504081578,"B"]
["15.145","COMPOSIÇÃO","IFMT 131.01.2020","QUADRO DE DISTRIBUICAO COM BARRAMENTO TRIFASICO, DE SOBREPOR, EM CHAPA DE ACO GALVANIZADO, PARA 40 DISJUNTORES DIN, 100 A (FORNECIMENTO E INSTALAÇÃO) ",null,"UN",1,967.4,1165.180696453559,1165.18,1.742121649634513E-3,0.9197288720577923,"B"]
["3.22","SINAPI",92446,"MONTAGEM E DESMONTAGEM DE FÔRMA DE VIGA, ESCORAMENTO COM PONTALETE DE MADEIRA, PÉ-DIREITO SIMPLES, EM MADEIRA SERRADA, 1 UTILIZAÇÃO. AF_09/2020",null,"M2",6.08,154.41999999999999,185.99049322551019,1130.82,1.6907482138722768E-3,0.92141962027166457,"B"]
["3.32","SINAPI",92446,"MONTAGEM E DESMONTAGEM DE FÔRMA DE VIGA, ESCORAMENTO COM PONTALETE DE MADEIRA, PÉ-DIREITO SIMPLES, EM MADEIRA SERRADA, 1 UTILIZAÇÃO. AF_09/2020",null,"M2",6.08,154.41999999999999,185.99049322551019,1130.82,1.6907482138722768E-3,0.92311036848553685,"B"]
["11.16","SINAPI",93441,"BANCADA GRANITO CINZA  150 X 60 CM, COM CUBA DE EMBUTIR DE AÇO, VÁLVULA AMERICANA EM METAL, SIFÃO FLEXÍVEL EM PVC, ENGATE FLEXÍVEL 30 CM, TORNEIRA CROMADA LONGA, DE PAREDE, 1/2\u0094 OU 3/4\u0094, P/ COZINHA, PADRÃO POPULAR - FORNEC. E INSTALAÇÃO. AF_01/2020",null,"UN",1,917.21,1104.7295705955848,1104.73,1.6517396882891359E-3,0.92476210817382598,"B"]
["15.134","COMPOSIÇÃO","IFMT 187.02.2020","INTERRUPTOR TETRAPOLAR DR 25 A 3KA, DISPOSITIVO RESIDUAL DIFERENCIAL",null,"UN",6,152.65248,183.86161149655052,1103.17,1.6494072505769972E-3,0.92641151542440303,"B"]
["16.4","COTAÇÃO","COT. 13","EXAUSTOR  220V VAZÃO DE 685M³/H",null,"UN",4,235,266.42921963414636,1065.72,1.5934137939618712E-3,0.92800492921836486,"B"]
["10.1","SINAPI",88495,"APLICAÇÃO E LIXAMENTO DE MASSA LÁTEX EM PAREDES, UMA DEMÃO. AF_06/2014",null,"M2",100,8.74,10.526854751916586,1052.69,1.5739319584559942E-3,0.92957886117682087,"B"]
["11.18","COMPOSIÇÃO","IFMT 057.04.2019","GRANITO PARA BANCADA PARA PIA, POLIDO, TIPO CINZA ANDORINHA, COM REBAIXO  E= *2,5* CM, FIXADO COM SUPORTE METALICO MÃO-FRANCESA AÇO  -  FORNECIMENTO E INSTALAÇÃO",null,"M2",1.2,721.60408820000009,869.13288614080159,1042.96,1.5593841258027185E-3,0.93113824530262357,"B"]
["15.148","COMPOSIÇÃO","IFMT 184.02.2020","LUMINÁRIA ARANDELA TIPO TARTARUGA PARA 1 LÂMPADA LED 15W - FORNECIMENTO E INSTALAÇÃO.",null,"UN",10,85.214551999999998,102.63629423954725,1026.3599999999999,1.5345645963017545E-3,0.93267280989892531,"B"]
["15.114","ORSE","11267/ORSE","DISJUNTOR TERMOMAGNETICO TRIPOLAR 200 A, PADRÃO DIN (EUROPEU - LINHA BRANCA), CORRENTE 10KA",null,"UN",1,849.69,1023.405402077346,1023.41,1.530153896782005E-3,0.93420296379570733,"B"]
["11.30","COMPOSIÇÃO","IFMT 058.04.2019","GRANITO PARA BANCADA SECA, POLIDO, TIPO CINZA ANDORINHA, COM REBAIXO  E= *2,5* CM, FIXADO COM SUPORTE METALICO MÃO-FRANCESA AÇO - FORNECIMENTO E INSTALAÇÃO",null,"M2",1.2,693.46735400000011,835.24371976589498,1002.29,1.4985762785253572E-3,0.93570154007423267,"B"]
["14.3","COTAÇÃO","COT.15","Kit Motor Automatizador Portão Deslizante Dz4 Bi-Turbo Rossi 220V",null,"Unid",1,764.92,921.30454654874541,921.3,1.3774838873034866E-3,0.93707902396153619,"B"]
["15.81","COMPOSIÇÃO","IFMT 124.01.2020","ELETRODUTO DE AÇO GALVANIZADO, CLASSE SEMI PESADO, DN 40 MM (1 1/2  ), APARENTE, INSTALADO EM PAREDE - FORNECIMENTO E INSTALAÇÃO. (FIXAÇÃO POR CUNHA)",null,"M",16.899999999999999,39.777507000000007,47.909844231389627,809.68,1.2105949786951993E-3,0.93828961894023144,"B"]
["15.56","SINAPI",92988,"CABO DE COBRE FLEXÍVEL ISOLADO, 50 MM², ANTI-CHAMA 0,6/1,0 KV, PARA DISTRIBUIÇÃO - FORNECIMENTO E INSTALAÇÃO. AF_12/2015","VERDE","M",18.2,35.79,43.107108875411278,784.55,1.1730217993964512E-3,0.93946264073962793,"B"]
["11.8","SINAPI",95472,"VASO SANITARIO SIFONADO CONVENCIONAL PARA PCD SEM FURO FRONTAL COM LOUÇA BRANCA SEM ASSENTO, INCLUSO CONJUNTO DE LIGAÇÃO PARA BACIA SANITÁRIA AJUSTÁVEL - FORNECIMENTO E INSTALAÇÃO. AF_01/2020",null,"UN",1,625.24,753.06758181788632,753.07,1.1259544024873947E-3,0.94058859514211535,"B"]
["15.11","COMPOSIÇÃO","IFMT 179.02.2020","TOMADA MÉDIA PARA INSTALAÇÃO EM CONDULETE (2 MÓDULOS), 2P+T 10 A, INCLUINDO SUPORTE E PLACA - FORNECIMENTO E INSTALAÇÃO.",null,"UN",18,34.699799999999996,41.794022256356421,752.29,1.1247881836313253E-3,0.94171338332574672,"B"]
["15.8","COMPOSIÇÃO","IFMT 173.02.2020","TOMADA ALTA PARA INSTALAÇÃO EM CONDULETE (1 MÓDULO), 2P+T 10 A, INCLUINDO SUPORTE E PLACA - FORNECIMENTO E INSTALAÇÃO.",null,"UN",21,27.88456,33.585436263284116,705.29,1.0545160217912473E-3,0.94276789934753802,"B"]
["15.33","SINAPI",91929,"CABO DE COBRE FLEXÍVEL ISOLADO, 4 MM², ANTI-CHAMA 0,6/1,0 KV, PARA CIRCUITOS TERMINAIS - FORNECIMENTO E INSTALAÇÃO. AF_12/2015","AMARELO","M",110.9,5.28,6.3594728936063589,705.27,1.0544861187436556E-3,0.94382238546628172,"B"]
["11.20","SINAPI",86938,"CUBA DE EMBUTIR OVAL EM LOUÇA BRANCA, 35 X 50CM OU EQUIVALENTE, INCLUSO VÁLVULA E SIFÃO TIPO GARRAFA EM METAL CROMADO - FORNECIMENTO E INSTALAÇÃO. AF_01/2020",null,"UN",2,292.62,352.44487843316148,704.89,1.0539179608394168E-3,0.94487630342712114,"B"]
["11.25","SINAPI",86938,"CUBA DE EMBUTIR OVAL EM LOUÇA BRANCA, 35 X 50CM OU EQUIVALENTE, INCLUSO VÁLVULA E SIFÃO TIPO GARRAFA EM METAL CROMADO - FORNECIMENTO E INSTALAÇÃO. AF_01/2020",null,"UN",2,292.62,352.44487843316148,704.89,1.0539179608394168E-3,0.94593022138796057,"B"]
["10.3","COMPOSIÇÃO","IFMT 060.05.2019","LIXAMENTO DE PAREDES E TETO, PARA PINTURA",null,"M2",413.1,1.39612,1.6815506242844147,694.65,1.0386076004725573E-3,0.94696882898843315,"B"]
["15.47","SINAPI",92982,"CABO DE COBRE FLEXÍVEL ISOLADO, 16 MM², ANTI-CHAMA 0,6/1,0 KV, PARA DISTRIBUIÇÃO - FORNECIMENTO E INSTALAÇÃO. AF_12/2015","VERDE","M",50.1,11.51,13.863169129812345,694.54,1.0384431337108039E-3,0.94800727212214397,"B"]
["15.61","ORSE","11298/ORSE","FORNECIMENTO E INSTALAÇÃO DE MÃO FRANCESA SIMPLES 100MM",null,"UN",59,9.39,11.30974440737949,667.27,9.9767032831976285E-4,0.94900494245046374,"B"]
["16.2","COTAÇÃO","COT. 09","VENTILADOR DE PAREDE 60CM BIVOLT",null,"UN",2,289.88,328.64894547892061,657.3,9.8276365909538894E-4,0.94998770610955918,"B"]
["11.26","SINAPI",86911,"TORNEIRA CROMADA LONGA, DE PAREDE, 1/2\u0094 OU 3/4\u0094, PARA PIA DE COZINHA, PADRÃO POPULAR - FORNECIMENTO E INSTALAÇÃO. AF_01/2020",null,"UN",12,42.71,51.441872592031736,617.29999999999995,9.2295756391234376E-4,0.95091066367347155,"C"]
["15.14","COMPOSIÇÃO","IFMT 186.02.2020","TOMADA INDUSTRIAL 32A SOBREPOR 3P+T AZUL - FORNECIMENTO E INSTALAÇÃO",null,"UNID.",10,50.432000000000002,60.74260169893104,607.42999999999995,9.0820040992592736E-4,0.95181886408339744,"C"]
["15.98","COMPOSIÇÃO","IFMT 143.02.2020","DISJUNTOR TRIPOLAR TIPO DIN, CORRENTE NOMINAL DE 20A - FORNECIMENTO E INSTALAÇÃO, CURVA D, CAPACIDADE DE INTERRUPÇÃO 8KA.",null,"UN",8,62.915640000000003,75.77846726588939,606.23,9.0640622707043603E-4,0.95272527031046783,"C"]
["15.34","SINAPI",91931,"CABO DE COBRE FLEXÍVEL ISOLADO, 6 MM², ANTI-CHAMA 0,6/1,0 KV, PARA CIRCUITOS TERMINAIS - FORNECIMENTO E INSTALAÇÃO. AF_12/2015","VERMELHO","M",68.3,7.11,8.5636083851403804,584.89,8.7449967529028142E-4,0.95359976998575813,"C"]
["15.35","SINAPI",91931,"CABO DE COBRE FLEXÍVEL ISOLADO, 6 MM², ANTI-CHAMA 0,6/1,0 KV, PARA CIRCUITOS TERMINAIS - FORNECIMENTO E INSTALAÇÃO. AF_12/2015","BRANCO","M",68.3,7.11,8.5636083851403804,584.89,8.7449967529028142E-4,0.95447426966104842,"C"]
["15.36","SINAPI",91931,"CABO DE COBRE FLEXÍVEL ISOLADO, 6 MM², ANTI-CHAMA 0,6/1,0 KV, PARA CIRCUITOS TERMINAIS - FORNECIMENTO E INSTALAÇÃO. AF_12/2015","PRETO ","M",68.3,7.11,8.5636083851403804,584.89,8.7449967529028142E-4,0.95534876933633872,"C"]
["15.37","SINAPI",91931,"CABO DE COBRE FLEXÍVEL ISOLADO, 6 MM², ANTI-CHAMA 0,6/1,0 KV, PARA CIRCUITOS TERMINAIS - FORNECIMENTO E INSTALAÇÃO. AF_12/2015","VERDE","M",68.3,7.11,8.5636083851403804,584.89,8.7449967529028142E-4,0.95622326901162902,"C"]
["11.14","ORSE","12128/ORSE","Barra de apoio, para lavatório,fixa, constituida de duas barras laterais em \"U\", em aço inox, d=1 1/4\",",null,"",1,484.98,584.13203862522948,584.13,8.7336335948180364E-4,0.95709663237111087,"C"]
["15.3","SINAPI",95803,"CONDULETE DE ALUMÍNIO, TIPO X, PARA ELETRODUTO DE AÇO GALVANIZADO DN 32 MM (1 1/4''), APARENTE - FORNECIMENTO E INSTALAÇÃO. AF_11/2016_P",null,"UN",11,43.32,52.17658442254308,573.94000000000005,8.5812775673392301E-4,0.95795476012784475,"C"]
["15.143","COMPOSIÇÃO","IFMT 129.01.2020","QUADRO DE DISTRIBUICAO COM BARRAMENTO TRIFASICO, DE SOBREPOR, EM CHAPA DE ACO GALVANIZADO, PARA 24 DISJUNTORES DIN, 100 A (FORNECIMENTO E INSTALAÇÃO) ",null,"UN",1,466.13,561.42823861680529,561.42999999999995,8.3942340046542542E-4,0.95879418352831014,"C"]
["15.144","COMPOSIÇÃO","IFMT 130.01.2020","QUADRO DE DISTRIBUICAO COM BARRAMENTO TRIFASICO, DE SOBREPOR, EM CHAPA DE ACO GALVANIZADO, PARA 28 DISJUNTORES DIN, 100 A (FORNECIMENTO E INSTALAÇÃO) ",null,"UN",1,466.13,561.42823861680529,561.42999999999995,8.3942340046542542E-4,0.95963360692877553,"C"]
["15.73","ORSE","9519/ORSE","TALA PLANA PERFURADA 100MM PARA ELETROCALHA METÁLICA (REF.: MOPA OU SIMILAR) - REV 01",null,"UN",96,4.7300000000000004,5.6970278005223633,546.91,8.1771378791398012E-4,0.96045132071668948,"C"]
["15.133","ORSE","7996/ORSE"," \tDISJUNTOR BIPOLAR DR 25 A - DISPOSITIVO RESIDUAL DIFERENCIAL, TIPO AC, 30MA, REF.5SM1 312-OMB, SIEMENS OU SIMILAR",null,"UN",3,144.65,174.22305948109087,522.66999999999996,7.8147129423305475E-4,0.96123279201092249,"C"]
["15.13","COMPOSIÇÃO","IFMT 185.02.2020","TOMADA INDUSTRIAL 16A SOBREPOR 3P+T VERMELHA - FORNECIMENTO E INSTALAÇÃO",null,"UN",10,43.032000000000004,51.829704082891823,518.29999999999995,7.7493747833430702E-4,0.96200772948925684,"C"]
["15.152","COMPOSIÇÃO","IFMT 115.02.2020","INSTALAÇÃO DE UNIDADE CONDENSADORA",null,"UN ",7,59.508499999999998,71.67475240325264,501.72,7.5014785188093499E-4,0.96275787734113782,"C"]
["8.7","SINAPI",94273,"ASSENTAMENTO DE GUIA (MEIO-FIO) EM TRECHO RETO, CONFECCIONADA EM CONCRETO PRÉ-FABRICADO, DIMENSÕES 100X15X13X30 CM (COMPRIMENTO X BASE INFERIOR X BASE SUPERIOR X ALTURA), PARA VIAS URBANAS (USO VIÁRIO). AF_06/2016",null,"M",10,40.51,48.792092219695753,487.92,7.295147490427844E-4,0.96348739209018064,"C"]
["10.17","SINAPI",6082,"PINTURA EM VERNIZ SINTETICO BRILHANTE EM MADEIRA, TRES DEMAOS",null,"M2",24,16.170000000000002,19.475885736669476,467.42,6.9886412526147372E-4,0.96418625621544207,"C"]
["15.100","COMPOSIÇÃO","IFMT 145.02.2020","DISJUNTOR TRIPOLAR TIPO DIN, CORRENTE NOMINAL DE 25A - FORNECIMENTO E INSTALAÇÃO, CURVA C, CAPACIDADE DE INTERRUPÇÃO 3KA.",null,"UN",6,62.915640000000003,75.77846726588939,454.67,6.7980093242187814E-4,0.964866057147864,"C"]
["15.112","ORSE","8078/ORSE","DISJUNTOR TERMOMAGNETICO TRIPOLAR 125 A, PADRÃO DIN (EUROPEU - LINHA BRANCA), 10KA",null,"UN",1,375.06,451.73937565833347,451.74,6.7542013594972005E-4,0.96554147728381368,"C"]
["15.111","ORSE","8490/ORSE","DISJUNTOR TERMOMAGNETICO TRIPOLAR 100 A, PADRÃO DIN (EUROPEU - LINHA BRANCA), 10KA",null,"UN",1,374.47,451.02875274029793,451.03,6.7435857776022097E-4,0.96621583586157389,"C"]
["15.4","COMPOSIÇÃO","IFMT 194.02.2020","CONDULETE MULTIPLO DE ALUMÍNIO TIPO X 1.1/2\" - FORNECIMENTO E INSTALAÇÃO",null,"UN",7,53.189099999999996,64.063378728279915,448.44,6.7048613309711881E-4,0.96688632199467106,"C"]
["15.51","SINAPI",92987,"CABO DE COBRE FLEXÍVEL ISOLADO, 50 MM², ANTI-CHAMA 450/750 V, PARA DISTRIBUIÇÃO - FORNECIMENTO E INSTALAÇÃO. AF_12/2015","AZUL CLARO","M",10,35.700000000000003,42.998708769270266,429.99,6.4290057169393922E-4,0.96752922256636498,"C"]
["15.88","COMPOSIÇÃO","IFMT 133.01.2020","DISJUNTOR TRIPOLAR TIPO DIN, CORRENTE NOMINAL DE 10A - FORNECIMENTO E INSTALAÇÃO, CURVA D, CAPACIDADE DE INTERRUPÇÃO 3KA.",null,"UN",6,58.867800000000003,70.903064092090986,425.42,6.3606772531927635E-4,0.9681652902916843,"C"]
["15.87","SINAPI",97670,"ELETRODUTO FLEXÍVEL CORRUGADO, PEAD, DN 100 (4\u0094) - FORNECIMENTO E INSTALAÇÃO. AF_04/2016",null,"M",17.100000000000001,19.579999999999998,23.583045313790244,403.27,6.0295010011166504E-4,0.96876824039179599,"C"]
["15.43","SINAPI",92982,"CABO DE COBRE FLEXÍVEL ISOLADO, 16 MM², ANTI-CHAMA 0,6/1,0 KV, PARA DISTRIBUIÇÃO - FORNECIMENTO E INSTALAÇÃO. AF_12/2015","VERMELHO","M",27.7,11.51,13.863169129812345,384.01,5.7415346528102886E-4,0.96934239385707699,"C"]
["15.44","SINAPI",92982,"CABO DE COBRE FLEXÍVEL ISOLADO, 16 MM², ANTI-CHAMA 0,6/1,0 KV, PARA DISTRIBUIÇÃO - FORNECIMENTO E INSTALAÇÃO. AF_12/2015","BRANCO","M",27.7,11.51,13.863169129812345,384.01,{"$f":"J142/$J$274","v":5.7415346528102886E-4},0.96991654732235799,{"$f":"IF(L142<K$11,\"A\",IF(L142<L$11,\"B\",\"C\"))","v":"C"}]
["15.45","SINAPI",92982,"CABO DE COBRE FLEXÍVEL ISOLADO, 16 MM², ANTI-CHAMA 0,6/1,0 KV, PARA DISTRIBUIÇÃO - FORNECIMENTO E INSTALAÇÃO. AF_12/2015","PRETO ","M",27.7,11.51,13.863169129812345,384.01,5.7415346528102886E-4,{"$f":"K143+L142","v":0.97049070078763899},"C"]
["15.46","SINAPI",92982,"CABO DE COBRE FLEXÍVEL ISOLADO, 16 MM², ANTI-CHAMA 0,6/1,0 KV, PARA DISTRIBUIÇÃO - FORNECIMENTO E INSTALAÇÃO. AF_12/2015","AZUL CLARO","M",27.7,11.51,13.863169129812345,384.01,5.7415346528102886E-4,0.97106485425292,"C"]
["15.52","SINAPI",92986,"CABO DE COBRE FLEXÍVEL ISOLADO, 35 MM², ANTI-CHAMA 0,6/1,0 KV, PARA DISTRIBUIÇÃO - FORNECIMENTO E INSTALAÇÃO. AF_12/2015","VERMELHO","M",12.4,25.54,30.76154123157318,381.44,5.7031092366551829E-4,0.97163516517658555,"C"]
["15.53","SINAPI",92986,"CABO DE COBRE FLEXÍVEL ISOLADO, 35 MM², ANTI-CHAMA 0,6/1,0 KV, PARA DISTRIBUIÇÃO - FORNECIMENTO E INSTALAÇÃO. AF_12/2015","BRANCO","M",12.4,25.54,30.76154123157318,381.44,5.7031092366551829E-4,0.9722054761002511,"C"]
["15.54","SINAPI",92986,"CABO DE COBRE FLEXÍVEL ISOLADO, 35 MM², ANTI-CHAMA 0,6/1,0 KV, PARA DISTRIBUIÇÃO - FORNECIMENTO E INSTALAÇÃO. AF_12/2015","PRETO ","M",12.4,25.54,30.76154123157318,381.44,5.7031092366551829E-4,0.97277578702391665,"C"]
["15.55","SINAPI",92986,"CABO DE COBRE FLEXÍVEL ISOLADO, 35 MM², ANTI-CHAMA 0,6/1,0 KV, PARA DISTRIBUIÇÃO - FORNECIMENTO E INSTALAÇÃO. AF_12/2015","AZUL CLARO","M",12.4,25.54,30.76154123157318,381.44,5.7031092366551829E-4,0.9733460979475822,"C"]
["15.74","COMPOSIÇÃO","IFMT 200.02.2020","TÊ VERTICAL DESCIDA LATERAL PARA ELETROCALHA 100X100MM PERFURADO GALVANIZADO COM TAMPA - FORNECIMENTO E INSTALAÇÃO",null,"UN",3,103.286,124.40237069867923,373.21,5.5800581958160666E-4,0.97390410376716385,"C"]
["3.2","SINAPI",93358,"ESCAVAÇÃO MANUAL DE VALA COM PROFUNDIDADE MENOR OU IGUAL A 1,30 M. AF_03/2016",null,"M3",4.75,62.93,75.795763105047001,360.03,5.3829971121879328E-4,0.97444240347838262,"C"]
["15.17","SINAPI",91925,"CABO DE COBRE FLEXÍVEL ISOLADO, 1,5 MM², ANTI-CHAMA 0,6/1,0 KV, PARA CIRCUITOS TERMINAIS - FORNECIMENTO E INSTALAÇÃO. AF_12/2015","VERMELHO","M",105.4,2.81,3.3844922028473232,356.73,5.3336570836619215E-4,0.97497576918674878,"C"]
["3.12","SINAPI",92508,"MONTAGEM E DESMONTAGEM DE FÔRMA DE LAJE MACIÇA, PÉ-DIREITO DUPLO, EM CHAPA DE MADEIRA COMPENSADA RESINADA, 2 UTILIZAÇÕES. AF_09/2020",null,"M2",4,73.069999999999993,88.008841730268287,352.04,5.2635344370598007E-4,0.97550212263045477,"C"]
["8.1","SINAPI",98689,"SOLEIRA EM GRANITO, LARGURA 15 CM, ESPESSURA 2,0 CM. AF_09/2020",null,"M",3,93.71,112.86859940527496,338.61,5.0627354724827275E-4,0.97600839617770307,"C"]
["3.13","SINAPI",90856,"CONCRETAGEM DE LAJES EM EDIFICAÇÕES MULTIFAMILIARES FEITAS COM SISTEMA DE FÔRMAS MANUSEÁVEIS, COM CONCRETO USINADO BOMBEÁVEL FCK 20 MPA - LANÇAMENTO, ADENSAMENTO E ACABAMENTO. AF_06/2015",null,"M3",0.54,508.23,612.1353993783257,330.55,4.9422261906888914E-4,0.97650261879677192,"C"]
["15.85","SINAPI",97667,"ELETRODUTO FLEXÍVEL CORRUGADO, PEAD, DN 50 (1 ½\u0094)  - FORNECIMENTO E INSTALAÇÃO. AF_04/2016",null,"M",43.4,6.25,7.5277851486817688,326.70999999999998,4.8848123393131673E-4,0.97699110003070322,"C"]
["4.4","SINAPI",93184,"VERGA PRÉ-MOLDADA PARA PORTAS COM ATÉ 1,5 M DE VÃO. AF_03/2016",null,"M",13.3,20.2,24.329801600539476,323.58999999999997,4.8381635850703919E-4,0.97747491638921025,"C"]
["3.26","SINAPI",92762,"ARMAÇÃO DE PILAR OU VIGA DE UMA ESTRUTURA CONVENCIONAL DE CONCRETO ARMADO EM UM EDIFÍCIO DE MÚLTIPLOS PAVIMENTOS UTILIZANDO AÇO CA-50 DE 10,0 MM - MONTAGEM. AF_12/2015",null,"KG",29.62,9.07,10.924321807766983,323.58,4.8380140698324345E-4,0.97795871779619348,"C"]
["15.6","COMPOSIÇÃO","IFMT 125.01.2020","CURVA 90 GRAUS PARA ELETRODUTO, AÇO GALVANIZADO, DN 25 MM (1''), APARENTE, INSTALADA EM PAREDE - FORNECIMENTO E INSTALAÇÃO.",null,"UN",20,12.771988,15.383165053686684,307.66000000000003,4.5999858110039158E-4,0.97841871637729383,"C"]
["15.50","SINAPI",92986,"CABO DE COBRE FLEXÍVEL ISOLADO, 35 MM², ANTI-CHAMA 0,6/1,0 KV, PARA DISTRIBUIÇÃO - FORNECIMENTO E INSTALAÇÃO. AF_12/2015","PRETO ","M",10,25.54,30.76154123157318,307.62,4.5993877500520851E-4,0.97887865515229899,"C"]
["15.49","SINAPI",92985,"CABO DE COBRE FLEXÍVEL ISOLADO, 35 MM², ANTI-CHAMA 450/750 V, PARA DISTRIBUIÇÃO - FORNECIMENTO E INSTALAÇÃO. AF_12/2015","BRANCO","M",10,24.82,29.894340382445041,298.94,4.4696085235048771E-4,0.97932561600464951,"C"]
["11.4","SINAPI",95544,"PAPELEIRA DE PAREDE EM METAL CROMADO SEM TAMPA, INCLUSO FIXAÇÃO. AF_01/2020",null,"UN",8,30.73,37.012614019038523,296.10000000000002,4.4271461959249155E-4,0.97976833062424196,"C"]
["4.1","SINAPI",87495,"ALVENARIA DE VEDAÇÃO DE BLOCOS CERÂMICOS FURADOS NA HORIZONTAL DE 9X19X19CM (ESPESSURA 9CM) DE PAREDES COM ÁREA LÍQUIDA MENOR QUE 6M² SEM VÃOS E ARGAMASSA DE ASSENTAMENTO COM PREPARO EM BETONEIRA. AF_06/2014",null,"M2",3.36,72.989999999999995,87.91248608036517,295.39,4.4165306140299241E-4,0.98020998368564494,"C"]
["15.110","ORSE","11572/ORSE","DISJUNTOR TERMOMAGNETICO TRIPOLAR 70 A, PADRÃO DIN (EUROPEU - LINHA BRANCA), CURVA C, 10KA",null,"UN",2,115.99,139.70364790329575,279.41000000000003,4.1776052637736594E-4,0.98062774421202226,"C"]
["14.4","COMPOSIÇÃO","IFMT 249.09.2020","PINTURA ESMALTE ALTO BRILHO, DUAS DEMAOS, SOBRE SUPERFICIE METALICA",null,"M2",9.36,24.668100000000003,29.711385092191481,278.10000000000002,4.158018767601212E-4,0.98104354608878241,"C"]
["11.31","SINAPI",86929,"TANQUE DE MÁRMORE SINTÉTICO SUSPENSO, 22L OU EQUIVALENTE, INCLUSO SIFÃO FLEXÍVEL EM PVC, VÁLVULA PLÁSTICA E TORNEIRA DE METAL CROMADO PADRÃO POPULAR - FORNECIMENTO E INSTALAÇÃO. AF_01/2020",null,"UN",1,227.43,273.92706821835117,273.93,4.0956709133728876E-4,0.98145311318011974,"C"]
["15.127","COMPOSIÇÃO","IFMT 165.02.2020","DISJUNTOR MONOPOLAR TIPO DIN, CORRENTE NOMINAL DE 10A - FORNECIMENTO E INSTALAÇÃO, CURVA B, CAPACIDADE DE INTERRUPÇÃO 3KA.",null,"UN",23,9.5025999999999993,11.44536498461814,263.24,3.9358391239961992E-4,0.98184669709251937,"C"]
["15.66","ORSE","12497/ORSE","TAMPA DE ENCAIXE PARA CURVA HORIZONTAL 100 X 100 MM, LISA, GALVANIZADA À FOGO, COM ÂNGULO 90° (REF.: MOPA OU SIMILAR)",null,"UN",8,26.89,32.387542823688442,259.10000000000002,3.8739398154817481E-4,0.98223409107406756,"C"]
["15.19","SINAPI",91925,"CABO DE COBRE FLEXÍVEL ISOLADO, 1,5 MM², ANTI-CHAMA 0,6/1,0 KV, PARA CIRCUITOS TERMINAIS - FORNECIMENTO E INSTALAÇÃO. AF_12/2015","PRETO ","M",76.05,2.81,3.3844922028473232,257.39,3.8483727097909958E-4,0.98261892834504672,"C"]
["15.9","COMPOSIÇÃO","IFMT 177.02.2020","TOMADA ALTA PARA INSTALAÇÃO EM CONDULETE (1 MÓDULO), 2P+T 20 A, INCLUINDO SUPORTE E PLACA - FORNECIMENTO E INSTALAÇÃO.",null,"UN",7,29.184559999999998,35.151215574209921,246.06,3.6789719451850206E-4,0.98298682553956518,"C"]
["15.104","COMPOSIÇÃO","IFMT 149.02.2020","DISJUNTOR TRIPOLAR TIPO DIN, CORRENTE NOMINAL DE 32A - FORNECIMENTO E INSTALAÇÃO, CURVA D, CAPACIDADE DE INTERRUPÇÃO 8KA.",null,"UN",3,66.146280000000004,79.669597475927347,239.01,3.5735637024249034E-4,0.98334418190980766,"C"]
["4.2","SINAPI",101162,"ALVENARIA DE VEDAÇÃO COM ELEMENTO VAZADO DE CERÂMICA (COBOGÓ) DE 7X20X20CM E ARGAMASSA DE ASSENTAMENTO COM PREPARO EM BETONEIRA. AF_05/2020",null,"M2",1.6,123.92,149.25490169994316,238.81,3.570573397665751E-4,0.9837012392495742,"C"]
["6.2","SINAPI",87529,"MASSA ÚNICA, PARA RECEBIMENTO DE PINTURA, EM ARGAMASSA TRAÇO 1:2:8, PREPARO MECÂNICO COM BETONEIRA 400L, APLICADA MANUALMENTE EM FACES INTERNAS DE PAREDES, ESPESSURA DE 20MM, COM EXECUÇÃO DE TALISCAS. AF_06/2014",null,"M2",7.7,25.61,30.845852425238416,237.51,3.5511364167312615E-4,0.98405635289124738,"C"]
["15.113","ORSE","9934/ORSE","DISJUNTOR TERMOMAGNETICO TRIPOLAR 175 A, PADRÃO DIN (EUROPEU - LINHA BRANCA), 10KA",null,"UN",1,193.69,233.2890728717075,233.29,3.488040986313149E-4,0.98440515698987874,"C"]
["15.120","COMPOSIÇÃO","IFMT 158.02.2020","DISJUNTOR BIPOLAR TIPO DIN, CORRENTE NOMINAL DE 16A - FORNECIMENTO E INSTALAÇÃO, CURVA B, CAPACIDADE DE INTERRUPÇÃO 3KA.",null,"UN",4,48.074200000000005,57.902759807161139,231.61,3.46292242633627E-4,0.98475144923251234,"C"]
["15.122","COMPOSIÇÃO","IFMT 160.02.2020","DISJUNTOR BIPOLAR TIPO DIN, CORRENTE NOMINAL DE 16A - FORNECIMENTO E INSTALAÇÃO, CURVA B, CAPACIDADE DE INTERRUPÇÃO 8KA.",null,"UN",4,48.074200000000005,57.902759807161139,231.61,3.46292242633627E-4,0.98509774147514595,"C"]
["11.7","SINAPI",86942,"LAVATÓRIO LOUÇA BRANCA SUSPENSO, 29,5 X 39CM OU EQUIVALENTE, PADRÃO POPULAR, INCLUSO SIFÃO TIPO GARRAFA EM PVC, VÁLVULA E ENGATE FLEXÍVEL 30CM EM PLÁSTICO E TORNEIRA CROMADA DE MESA, PADRÃO POPULAR - FORNECIMENTO E INSTALAÇÃO. AF_01/2020",null,"UN",1,189.63,228.39902363912381,228.4,3.4149280349518764E-4,0.98543923427864111,"C"]
["15.48","SINAPI",92984,"CABO DE COBRE FLEXÍVEL ISOLADO, 25 MM², ANTI-CHAMA 0,6/1,0 KV, PARA DISTRIBUIÇÃO - FORNECIMENTO E INSTALAÇÃO. AF_12/2015","VERMELHO","M",10,18.940000000000001,22.812200114565233,228.12,3.4107416082890631E-4,0.98578030843947007,"C"]
["15.18","SINAPI",91925,"CABO DE COBRE FLEXÍVEL ISOLADO, 1,5 MM², ANTI-CHAMA 0,6/1,0 KV, PARA CIRCUITOS TERMINAIS - FORNECIMENTO E INSTALAÇÃO. AF_12/2015","BRANCO","M",67.400000000000006,2.81,3.3844922028473232,228.11,3.4105920930511057E-4,0.98612136764877523,"C"]
["10.2","SINAPI",88483,"APLICAÇÃO DE FUNDO SELADOR LÁTEX PVA EM PAREDES, UMA DEMÃO. AF_06/2014",null,"M2",100,1.89,2.2764022289613668,227.64,3.4035648768670975E-4,0.98646172413646194,"C"]
["15.102","COMPOSIÇÃO","IFMT 147.02.2020","DISJUNTOR TRIPOLAR TIPO DIN, CORRENTE NOMINAL DE 25A - FORNECIMENTO E INSTALAÇÃO, CURVA C, CAPACIDADE DE INTERRUPÇÃO 8KA.",null,"UN",3,62.915640000000003,75.77846726588939,227.34,3.3990794197283694E-4,0.98680163207843474,"C"]
["15.103","COMPOSIÇÃO","IFMT 148.02.2020","DISJUNTOR TRIPOLAR TIPO DIN, CORRENTE NOMINAL DE 25A - FORNECIMENTO E INSTALAÇÃO, CURVA D, CAPACIDADE DE INTERRUPÇÃO 8KA.",null,"UN",3,62.915640000000003,75.77846726588939,227.34,3.3990794197283694E-4,0.98714154002040755,"C"]
["15.139","COMPOSIÇÃO","IFMT 196.02.2020","INTERRUPTOR TETRAPOLAR DR 100 A 8KA, DISPOSITIVO RESIDUAL DIFERENCIAL",null,"UN",1,188.39248000000001,226.90849809077235,226.91,3.3926502644961919E-4,0.9874808050468572,"C"]
["3.28","SINAPI",94965,"CONCRETO FCK = 25MPA, TRAÇO 1:2,3:2,7 (CIMENTO/ AREIA MÉDIA/ BRITA 1)  - PREPARO MECÂNICO COM BETONEIRA 400 L. AF_07/2016",null,"M3",0.54,340.12,409.65604556314292,221.21,3.3074265788603528E-4,0.98781154770474322,"C"]
["11.11","SINAPI","74125/002","ESPELHO CRISTAL ESPESSURA 4MM, COM MOLDURA EM ALUMINIO E COMPENSADO 6MM PLASTIFICADO COLADO",null,"M2",0.36,503.35,606.25770473423495,218.25,3.2631700684248991E-4,0.98813786471158571,"C"]
["15.21","SINAPI",91925,"CABO DE COBRE FLEXÍVEL ISOLADO, 1,5 MM², ANTI-CHAMA 0,6/1,0 KV, PARA CIRCUITOS TERMINAIS - FORNECIMENTO E INSTALAÇÃO. AF_12/2015","VERDE","M",62.8,2.81,3.3844922028473232,212.55,3.1779463827890601E-4,0.98845565934986457,"C"]
["8.3","SINAPI",87260,"REVESTIMENTO CERÂMICO PARA PISO COM PLACAS TIPO PORCELANATO DE DIMENSÕES 45X45 CM APLICADA EM AMBIENTES DE ÁREA MAIOR QUE 10 M². AF_06/2014",null,"M2",2,77.7,93.585424968411758,187.17,2.7984767088526385E-4,0.98873550702074986,"C"]
["15.135","COMPOSIÇÃO","IFMT 188.02.2020","INTERRUPTOR TETRAPOLAR DR 25 A 6KA, DISPOSITIVO RESIDUAL DIFERENCIAL",null,"UN",1,152.65248,183.86161149655052,183.86,2.7489871650886692E-4,0.98901040573725874,"C"]
["15.64","ORSE","8688/ORSE","CURVA HORIZONTAL 100 X 100 MM PARA ELETROCALHA METÁLICA, COM ÂNGULO 90° (REF.: MOPA OU SIMILAR)",null,"un",8,18.54,22.330421865049598,178.64,2.6709402108747947E-4,0.98927749975834622,"C"]
["10.12","COMPOSIÇÃO","IFMT 060.05.2019","LIXAMENTO DE PAREDES E TETO, PARA PINTURA",null,"M2",104,1.39612,1.6815506242844147,174.88,2.6147224814027326E-4,0.98953897200648655,"C"]
["3.21","SINAPI",92761,"ARMAÇÃO DE PILAR OU VIGA DE UMA ESTRUTURA CONVENCIONAL DE CONCRETO ARMADO EM UM EDIFÍCIO DE MÚLTIPLOS PAVIMENTOS UTILIZANDO AÇO CA-50 DE 8,0 MM - MONTAGEM. AF_12/2015",null,"KG",14.22,10.15,12.225123081459193,173.84,2.5991728966551409E-4,0.98979888929615212,"C"]
["3.31","SINAPI",92761,"ARMAÇÃO DE PILAR OU VIGA DE UMA ESTRUTURA CONVENCIONAL DE CONCRETO ARMADO EM UM EDIFÍCIO DE MÚLTIPLOS PAVIMENTOS UTILIZANDO AÇO CA-50 DE 8,0 MM - MONTAGEM. AF_12/2015",null,"KG",14.22,10.15,12.225123081459193,173.84,2.5991728966551409E-4,0.99005880658581769,"C"]
["15.153","COMPOSIÇÃO","IFMT 201.02.2020","INSTALAÇÃO DE EXAUSTOR  220V VAZÃO DE 685M³/H ",null,"UN",4,35.72,43.022797681746042,172.09,2.5730077300125585E-4,0.99031610735881892,"C"]
["15.84","ORSE","11751/ORSE","FORNECIMENTO E INSTALAÇÃO DE CAIXA DE PASSAGEM EM ALUMÍNIO (15 X 15 X 10 CM)",null,"UN",2,68.8,82.865858916688907,165.73,2.4779160386715168E-4,0.99056389896268604,"C"]
["11.13","COMPOSIÇÃO","IFMT 055.04.2019","BARRA DE APOIO RETA, EM ALUMINIO, COMPRIMENTO 80CM, DIAMETRO MINIMO 3 CM FORNECIMENTO E INSTALAÇÃO.",null,"UN ",1,136.04300000000001,163.85639599713824,163.86,2.4499566891734433E-4,0.99080889463160338,"C"]
["3.23","SINAPI",94965,"CONCRETO FCK = 25MPA, TRAÇO 1:2,3:2,7 (CIMENTO/ AREIA MÉDIA/ BRITA 1)  - PREPARO MECÂNICO COM BETONEIRA 400 L. AF_07/2016",null,"M3",0.39,340.12,409.65604556314292,159.77000000000001,2.3888049568487798E-4,0.99104777512728826,"C"]
["3.33","SINAPI",94965,"CONCRETO FCK = 25MPA, TRAÇO 1:2,3:2,7 (CIMENTO/ AREIA MÉDIA/ BRITA 1)  - PREPARO MECÂNICO COM BETONEIRA 400 L. AF_07/2016",null,"M3",0.39,340.12,409.65604556314292,159.77000000000001,2.3888049568487798E-4,0.99128665562297313,"C"]
["15.137","COMPOSIÇÃO","IFMT 195.02.2020","INTERRUPTOR TETRAPOLAR DR 40 A 3KA, DISPOSITIVO RESIDUAL DIFERENCIAL",null,"UN",1,131.14247999999998,157.95398612884733,157.94999999999999,2.3615931835404939E-4,0.99152281494132721,"C"]
["15.15","SINAPI",91955,"INTERRUPTOR PARALELO (1 MÓDULO), 10A/250V, INCLUINDO SUPORTE E PLACA - FORNECIMENTO E INSTALAÇÃO. AF_12/2015",null,"UN",6,21.71,26.148514492460993,156.88999999999999,2.345744568316987E-4,0.99175738939815894,"C"]
["11.28","SINAPI",86911,"TORNEIRA CROMADA LONGA, DE PAREDE, 1/2\u0094 OU 3/4\u0094, PARA PIA DE COZINHA, PADRÃO POPULAR - FORNECIMENTO E INSTALAÇÃO. AF_01/2020",null,"UN",3,42.71,51.441872592031736,154.33000000000001,2.3074686673998384E-4,0.9919881362648989,"C"]
["3.25","SINAPI",92759,"ARMAÇÃO DE PILAR OU VIGA DE UMA ESTRUTURA CONVENCIONAL DE CONCRETO ARMADO EM UM EDIFÍCIO DE MÚLTIPLOS PAVIMENTOS UTILIZANDO AÇO CA-60 DE 5,0 MM - MONTAGEM. AF_12/2015",null,"KG",11.11,11.5,13.851124673574455,153.88999999999999,2.3008899969297032E-4,0.99221822526459191,"C"]
["11.12","COMPOSIÇÃO","IFMT 054.04.2019","BARRA DE APOIO RETA, EM ALUMINIO, COMPRIMENTO 70CM, DIAMETRO MINIMO 3 CM FORNECIMENTO E INSTALAÇÃO.",null,"UN ",1,126.223,152.02873997152943,152.03,2.2730801626695874E-4,0.99244553328085883,"C"]
["15.95","COMPOSIÇÃO","IFMT 141.02.2020","DISJUNTOR TRIPOLAR TIPO DIN, CORRENTE NOMINAL DE 20A - FORNECIMENTO E INSTALAÇÃO, CURVA D, CAPACIDADE DE INTERRUPÇÃO 3KA.",null,"UN",2,62.915640000000003,75.77846726588939,151.56,2.2660529464855794E-4,0.9926721385755074,"C"]
["15.7","COMPOSIÇÃO","IFMT 127.01.2020","CURVA 90 GRAUS PARA ELETRODUTO, AÇO GALVANIZADO, DN 32 MM (1 1/4''), APARENTE, INSTALADA EM PAREDE - FORNECIMENTO E INSTALAÇÃO. ",null,"UN",6,20.682791999999999,24.911298312139856,149.47,2.2348042617524385E-4,0.99289561900168266,"C"]
["11.3","SINAPI",95545,"SABONETEIRA DE PAREDE EM METAL CROMADO, INCLUSO FIXAÇÃO. AF_01/2020",null,"UN",4,30.16,36.326080013478744,145.30000000000001,2.1724564075241141E-4,0.99311286464243509,"C"]
["2.3","SINAPI",100981,"CARGA, MANOBRA E DESCARGA DE ENTULHO EM CAMINHÃO BASCULANTE 6 M³ - CARGA COM ESCAVADEIRA HIDRÁULICA  (CAÇAMBA DE 0,80 M³ / 111 HP) E DESCARGA LIVRE (UNIDADE: M3). AF_07/2020",null,"M3",24,4.99,6.0101836627075249,144.24,2.1566077923006072E-4,0.99332852542166516,"C"]
["15.68","ORSE","8701/ORSE","CURVA DE INVERSÃO 100X100 MM PARA ELETROCALHA METÁLICA - REV 01",null,"UN",4,26.37,31.76123109931812,127.04,{"$f":"J206/$J$274","v":1.899441583013513E-4},0.99351846957996648,{"$f":"IF(L206<K$11,\"A\",IF(L206<L$11,\"B\",\"C\"))","v":"C"}]
["15.67","COMPOSIÇÃO","IFMT 197.02.2020","TÊ VERTICAL 100 X 100 MM PARA ELETROCALHA METÁLICA (REF. MOPA OU SIMILAR) - FORNECIMENTO E INSTALAÇÃO",null,"UN",2,52.286000000000001,62.975643885436,125.95,1.8831444220761333E-4,{"$f":"K207+L206","v":0.99370678402217405},"C"]
["15.123","COMPOSIÇÃO","IFMT 161.02.2020","DISJUNTOR BIPOLAR TIPO DIN, CORRENTE NOMINAL DE 20A - FORNECIMENTO E INSTALAÇÃO, CURVA B, CAPACIDADE DE INTERRUPÇÃO 3KA.",null,"UN",2,49.875880000000002,60.072785398629456,120.15,1.7964255840607177E-4,0.99388642658058013,"C"]
["15.121","COMPOSIÇÃO","IFMT 159.02.2020","DISJUNTOR BIPOLAR TIPO DIN, CORRENTE NOMINAL DE 16A - FORNECIMENTO E INSTALAÇÃO, CURVA D, CAPACIDADE DE INTERRUPÇÃO 3KA.",null,"UN",2,48.074200000000005,57.902759807161139,115.81,1.7315359707871137E-4,0.99405958017765883,"C"]
["3.20","SINAPI",92759,"ARMAÇÃO DE PILAR OU VIGA DE UMA ESTRUTURA CONVENCIONAL DE CONCRETO ARMADO EM UM EDIFÍCIO DE MÚLTIPLOS PAVIMENTOS UTILIZANDO AÇO CA-60 DE 5,0 MM - MONTAGEM. AF_12/2015",null,"KG",8.1300000000000008,11.5,13.851124673574455,112.61,1.6836910946406777E-4,0.99422794928712288,"C"]
["3.30","SINAPI",92759,"ARMAÇÃO DE PILAR OU VIGA DE UMA ESTRUTURA CONVENCIONAL DE CONCRETO ARMADO EM UM EDIFÍCIO DE MÚLTIPLOS PAVIMENTOS UTILIZANDO AÇO CA-60 DE 5,0 MM - MONTAGEM. AF_12/2015",null,"KG",8.1300000000000008,11.5,13.851124673574455,112.61,1.6836910946406777E-4,0.99439631839658693,"C"]
["15.65","ORSE","8687/ORSE","TÊ HORIZONTAL 100 X 100 MM PARA ELETROCALHA METÁLICA (REF. MOPA OU SIMILAR)",null,"un",3,30.93,37.253503143796337,111.76,1.6709822994142806E-4,0.99456341662652836,"C"]
["15.72","COMPOSIÇÃO","IFMT 199.02.2020","FLANGE 100X100MM PARA ELETROCALHA METÁLICA -FORNECIMENTO E INSTALAÇÃO",null,"UN",6,14.686000000000002,17.688488430966476,106.13,1.5868052204441444E-4,0.99472209714857274,"C"]
["11.21","SINAPI",86911,"TORNEIRA CROMADA LONGA, DE PAREDE, 1/2\u0094 OU 3/4\u0094, PARA PIA DE COZINHA, PADRÃO POPULAR - FORNECIMENTO E INSTALAÇÃO. AF_01/2020",null,"UN",2,42.71,51.441872592031736,102.88,1.5382127681079204E-4,0.99487591842538348,"C"]
["15.10","COMPOSIÇÃO","IFMT 175.02.2020","TOMADA MÉDIA PARA INSTALAÇÃO EM CONDULETE (1 MÓDULO), 2P+T 10 A, INCLUINDO SUPORTE E PLACA - FORNECIMENTO E INSTALAÇÃO.",null,"UN",4,21.048879999999997,25.352231401661552,101.41,1.5162340281281512E-4,0.9950275418281963,"C"]
["15.108","COMPOSIÇÃO","IFMT 182.02.2020","DISJUNTOR TRIPOLAR 63A, PADRÃO DIN (LINHA BRANCA), FORNECIMENTO E INSTALAÇÃO, CURVA D, CAPACIDADE DE INTERRUPÇÃO 3KA.",null,"UN",1,83.922480000000007,101.08006377352686,101.08,1.5113000252755501E-4,0.99517867183072384,"C"]
["15.109","COMPOSIÇÃO","IFMT 183.02.2020","DISJUNTOR TRIPOLAR 63A, PADRÃO DIN (LINHA BRANCA), FORNECIMENTO E INSTALAÇÃO, CURVA D, CAPACIDADE DE INTERRUPÇÃO 8KA.",null,"UN",1,83.922480000000007,101.08006377352686,101.08,1.5113000252755501E-4,0.99532980183325137,"C"]
["3.11","SINAPI",92786,"ARMAÇÃO DE LAJE DE UMA ESTRUTURA CONVENCIONAL DE CONCRETO ARMADO EM UMA EDIFICAÇÃO TÉRREA OU SOBRADO UTILIZANDO AÇO CA-50 DE 8,0 MM - MONTAGEM. AF_12/2015",null,"KG",8,10.35,12.466012206217009,99.73,1.4911154681512725E-4,0.99547891338006644,"C"]
["15.106","COMPOSIÇÃO","IFMT 151.02.2020","DISJUNTOR TRIPOLAR TIPO DIN, CORRENTE NOMINAL DE 50A - FORNECIMENTO E INSTALAÇÃO, CURVA D, CAPACIDADE DE INTERRUPÇÃO 3KA.",null,"UN",1,77.772480000000002,93.672723187223994,93.67,1.4005092339489591E-4,0.99561896430346131,"C"]
["15.107","COMPOSIÇÃO","IFMT 152.02.2020","DISJUNTOR TRIPOLAR TIPO DIN, CORRENTE NOMINAL DE 50A - FORNECIMENTO E INSTALAÇÃO, CURVA D, CAPACIDADE DE INTERRUPÇÃO 8KA.",null,"UN",1,77.772480000000002,93.672723187223994,93.67,1.4005092339489591E-4,0.99575901522685617,"C"]
["15.69","ORSE","723/ORSE","FORNECIMENTO E INSTALAÇÃO DE SAÍDA HORIZONTAL PARA ELETRODUTO 3/4\" (REF. VL 33 VALEMAM OU SIMILAR)",null,"UN",20,3.67,4.4203154393059343,88.41,1.3218642187832547E-4,0.99589120164873446,"C"]
["15.141","COMPOSIÇÃO","IFMT 198.02.2020","VENTILADOR DE PAREDE 60CM BIVOLT - INSTALAÇÃO",null,"UN",2,36.43,43.877954074636293,87.76,1.31214572831601E-4,0.99602241622156606,"C"]
["15.105","COMPOSIÇÃO","IFMT 150.02.2020","DISJUNTOR TRIPOLAR TIPO DIN, CORRENTE NOMINAL DE 40A - FORNECIMENTO E INSTALAÇÃO, CURVA D, CAPACIDADE DE INTERRUPÇÃO 3KA.",null,"UN",1,71.252160000000003,85.819352297519558,85.82,1.2831397721522328E-4,0.99615073019878131,"C"]
["15.129","COMPOSIÇÃO","IFMT 167.02.2020","DISJUNTOR MONOPOLAR TIPO DIN, CORRENTE NOMINAL DE 10A - FORNECIMENTO E INSTALAÇÃO, CURVA B, CAPACIDADE DE INTERRUPÇÃO 8KA.",null,"UN",7,9.5025999999999993,11.44536498461814,80.12,1.1979160865163938E-4,0.99627052180743292,"C"]
["3.16","SINAPI",93358,"ESCAVAÇÃO MANUAL DE VALA COM PROFUNDIDADE MENOR OU IGUAL A 1,30 M. AF_03/2016",null,"M3",1,62.93,75.795763105047001,75.8,1.1333255037187049E-4,0.99638385435780474,"C"]
["15.94","COMPOSIÇÃO","IFMT 139.02.2020","DISJUNTOR TRIPOLAR TIPO DIN, CORRENTE NOMINAL DE 20A - FORNECIMENTO E INSTALAÇÃO, CURVA B, CAPACIDADE DE INTERRUPÇÃO 3KA.",null,"UN",1,62.915640000000003,75.77846726588939,75.78,1.1330264732427897E-4,0.99649715700512898,"C"]
["15.96","COMPOSIÇÃO","IFMT 140.02.2020","DISJUNTOR TRIPOLAR TIPO DIN, CORRENTE NOMINAL DE 20A - FORNECIMENTO E INSTALAÇÃO, CURVA C, CAPACIDADE DE INTERRUPÇÃO 3KA.",null,"UN",1,62.915640000000003,75.77846726588939,75.78,1.1330264732427897E-4,0.99661045965245321,"C"]
["15.97","COMPOSIÇÃO","IFMT 142.02.2020","DISJUNTOR TRIPOLAR TIPO DIN, CORRENTE NOMINAL DE 20A - FORNECIMENTO E INSTALAÇÃO, CURVA B, CAPACIDADE DE INTERRUPÇÃO 8KA.",null,"UN",1,62.915640000000003,75.77846726588939,75.78,1.1330264732427897E-4,0.99672376229977744,"C"]
["15.99","COMPOSIÇÃO","IFMT 144.02.2020","DISJUNTOR TRIPOLAR TIPO DIN, CORRENTE NOMINAL DE 25A - FORNECIMENTO E INSTALAÇÃO, CURVA B, CAPACIDADE DE INTERRUPÇÃO 3KA.",null,"UN",1,62.915640000000003,75.77846726588939,75.78,1.1330264732427897E-4,0.99683706494710167,"C"]
["15.101","COMPOSIÇÃO","IFMT 146.02.2020","DISJUNTOR TRIPOLAR TIPO DIN, CORRENTE NOMINAL DE 25A - FORNECIMENTO E INSTALAÇÃO, CURVA B, CAPACIDADE DE INTERRUPÇÃO 8KA.",null,"UN",1,62.915640000000003,75.77846726588939,75.78,1.1330264732427897E-4,0.9969503675944259,"C"]
["2.5","SINAPI",97918,"TRANSPORTE COM CAMINHÃO BASCULANTE DE 6 M³, EM VIA URBANA PAVIMENTADA, DMT ATÉ 30 KM (UNIDADE: TXKM). AF_07/2020",null,"TXKM",60,1.04,1.2526234487406465,75.16,1.1237565284894177E-4,0.99706274324727484,"C"]
["4.5","SINAPI",93185,"VERGA PRÉ-MOLDADA PARA PORTAS COM MAIS DE 1,5 M DE VÃO. AF_03/2016",null,"M",1.8,33.53,40.385061765647954,72.69,1.0868262647138874E-4,0.99717142587374619,"C"]
["15.91","COMPOSIÇÃO","IFMT 136.02.2020","DISJUNTOR TRIPOLAR TIPO DIN, CORRENTE NOMINAL DE 16A - FORNECIMENTO E INSTALAÇÃO, CURVA B, CAPACIDADE DE INTERRUPÇÃO 8KA.",null,"UN",1,60.249479999999991,72.567222521567871,72.569999999999993,1.0850320818583959E-4,0.99727992908193208,"C"]
["15.92","COMPOSIÇÃO","IFMT 137.02.2020","DISJUNTOR TRIPOLAR TIPO DIN, CORRENTE NOMINAL DE 16A - FORNECIMENTO E INSTALAÇÃO, CURVA C, CAPACIDADE DE INTERRUPÇÃO 8KA.",null,"UN",1,60.249479999999991,72.567222521567871,72.569999999999993,1.0850320818583959E-4,0.99738843229011798,"C"]
["15.93","COMPOSIÇÃO","IFMT 138.02.2020","DISJUNTOR TRIPOLAR TIPO DIN, CORRENTE NOMINAL DE 16A - FORNECIMENTO E INSTALAÇÃO, CURVA D, CAPACIDADE DE INTERRUPÇÃO 8KA.",null,"UN",1,60.249479999999991,72.567222521567871,72.569999999999993,1.0850320818583959E-4,0.99749693549830387,"C"]
["15.138","COMPOSIÇÃO","IFMT 190.02.2020","INTERRUPTOR TETRAPOLAR DR 63 A 8KA, DISPOSITIVO RESIDUAL DIFERENCIAL",null,"UN",1,59.652479999999997,71.848168484165797,71.849999999999994,1.0742669847254479E-4,0.9976043621967764,"C"]
["6.1","SINAPI",87894,"CHAPISCO APLICADO EM ALVENARIA (SEM PRESENÇA DE VÃOS) E ESTRUTURAS DE CONCRETO DE FACHADA, COM COLHER DE PEDREIRO.  ARGAMASSA TRAÇO 1:3 COM PREPARO EM BETONEIRA 400L. AF_06/2014",null,"M2",12.16,4.8899999999999997,5.8897391003286153,71.62,1.0708281342524229E-4,0.99771144501020159,"C"]
["15.89","COMPOSIÇÃO","IFMT 134.01.2020","DISJUNTOR TRIPOLAR TIPO DIN, CORRENTE NOMINAL DE 10A - FORNECIMENTO E INSTALAÇÃO, CURVA D, CAPACIDADE DE INTERRUPÇÃO 6KA.",null,"UN",1,58.867800000000003,70.903064092090986,70.900000000000006,1.0600630371194748E-4,0.99781745131391353,"C"]
["15.90","COMPOSIÇÃO","IFMT 135.01.2020","DISJUNTOR TRIPOLAR TIPO DIN, CORRENTE NOMINAL DE 10A - FORNECIMENTO E INSTALAÇÃO, CURVA C, CAPACIDADE DE INTERRUPÇÃO 8KA.",null,"UN",1,58.867800000000003,70.903064092090986,70.900000000000006,1.0600630371194748E-4,0.99792345761762546,"C"]
["3.29","COMPOSIÇÃO","IFMT 219.07.2020","LANCAMENTO/APLICACAO MANUAL DE CONCRETO EM FUNDACOES",null,"M3",0.54,104.7405,126.15423685848044,68.12,1.0184978009672584E-4,0.99802530739772222,"C"]
["15.82","ORSE","7892/ORSE","ELETRODUTO EM FERRO GALVANIZADO PESADO SEM COSTURA 2\" X 3M",null,"UN",0.37,151.22999999999999,182.14831168562301,67.39,1.0075831885963527E-4,0.9981260657165818,"C"]
["3.10","SINAPI",92785,"ARMAÇÃO DE LAJE DE UMA ESTRUTURA CONVENCIONAL DE CONCRETO ARMADO EM UMA EDIFICAÇÃO TÉRREA OU SOBRADO UTILIZANDO AÇO CA-50 DE 6,3 MM - MONTAGEM. AF_12/2015",null,"KG",5,11.12,13.393435336534603,66.97,1.0013035486021328E-4,0.99822619607144203,"C"]
["15.16","SINAPI",91959,"INTERRUPTOR SIMPLES (2 MÓDULOS), 10A/250V, INCLUINDO SUPORTE E PLACA - FORNECIMENTO E INSTALAÇÃO. AF_12/2015",null,"UN",2,27.55,33.182476935389239,66.36,9.9218311908671848E-5,0.99832541438335065,"C"]
["15.124","COMPOSIÇÃO","IFMT 162.02.2020","DISJUNTOR BIPOLAR TIPO DIN, CORRENTE NOMINAL DE 20A - FORNECIMENTO E INSTALAÇÃO, CURVA C, CAPACIDADE DE INTERRUPÇÃO 3KA.",null,"UN",1,49.875880000000002,60.072785398629456,60.07,8.9813803441138004E-5,0.99841522818679174,"C"]
["15.125","COMPOSIÇÃO","IFMT 163.02.2020","DISJUNTOR BIPOLAR TIPO DIN, CORRENTE NOMINAL DE 20A - FORNECIMENTO E INSTALAÇÃO, CURVA D, CAPACIDADE DE INTERRUPÇÃO 8KA.",null,"UN",1,49.875880000000002,60.072785398629456,60.07,8.9813803441138004E-5,0.99850504199023282,"C"]
["15.126","COMPOSIÇÃO","IFMT 164.02.2020","DISJUNTOR BIPOLAR TIPO DIN, CORRENTE NOMINAL DE 25A - FORNECIMENTO E INSTALAÇÃO, CURVA B, CAPACIDADE DE INTERRUPÇÃO 8KA.",null,"UN",1,49.875880000000002,60.072785398629456,60.07,8.9813803441138004E-5,0.99859485579367391,"C"]
["15.128","COMPOSIÇÃO","IFMT 166.02.2020","DISJUNTOR MONOPOLAR TIPO DIN, CORRENTE NOMINAL DE 10A - FORNECIMENTO E INSTALAÇÃO, CURVA B, CAPACIDADE DE INTERRUPÇÃO 6KA.",null,"UN",5,9.5025999999999993,11.44536498461814,57.23,8.5567570683141804E-5,0.99868042336435703,"C"]
["15.115","COMPOSIÇÃO","IFMT 153.02.2020","DISJUNTOR BIPOLAR TIPO DIN, CORRENTE NOMINAL DE 10A - FORNECIMENTO E INSTALAÇÃO, CURVA C, CAPACIDADE DE INTERRUPÇÃO 3KA.",null,"UN",1,47.165200000000006,56.807918735136866,56.81,8.493960668371983E-5,0.99876536297104079,"C"]
["15.116","COMPOSIÇÃO","IFMT 154.02.2020","DISJUNTOR BIPOLAR TIPO DIN, CORRENTE NOMINAL DE 10A - FORNECIMENTO E INSTALAÇÃO, CURVA B, CAPACIDADE DE INTERRUPÇÃO 6KA.",null,"UN",1,47.165200000000006,56.807918735136866,56.81,8.493960668371983E-5,0.99885030257772456,"C"]
["15.117","COMPOSIÇÃO","IFMT 155.02.2020","DISJUNTOR BIPOLAR TIPO DIN, CORRENTE NOMINAL DE 10A - FORNECIMENTO E INSTALAÇÃO, CURVA C, CAPACIDADE DE INTERRUPÇÃO 6KA.",null,"UN",1,47.165200000000006,56.807918735136866,56.81,8.493960668371983E-5,0.99893524218440832,"C"]
["15.118","COMPOSIÇÃO","IFMT 156.02.2020","DISJUNTOR BIPOLAR TIPO DIN, CORRENTE NOMINAL DE 10A - FORNECIMENTO E INSTALAÇÃO, CURVA B, CAPACIDADE DE INTERRUPÇÃO 8KA.",null,"UN",1,47.165200000000006,56.807918735136866,56.81,8.493960668371983E-5,0.99902018179109209,"C"]
["15.119","COMPOSIÇÃO","IFMT 157.02.2020","DISJUNTOR BIPOLAR TIPO DIN, CORRENTE NOMINAL DE 10A - FORNECIMENTO E INSTALAÇÃO, CURVA C, CAPACIDADE DE INTERRUPÇÃO 8KA.",null,"UN",1,47.165200000000006,56.807918735136866,56.81,8.493960668371983E-5,0.99910512139777585,"C"]
["3.24","COMPOSIÇÃO","IFMT 219.07.2020","LANCAMENTO/APLICACAO MANUAL DE CONCRETO EM FUNDACOES",null,"M3",0.39,104.7405,126.15423685848044,49.2,7.3561497075145499E-5,0.99917868289485101,"C"]
["3.34","COMPOSIÇÃO","IFMT 219.07.2020","LANCAMENTO/APLICACAO MANUAL DE CONCRETO EM FUNDACOES",null,"M3",0.39,104.7405,126.15423685848044,49.2,7.3561497075145499E-5,0.99925224439192617,"C"]
["3.18","SINAPI",96619,"LASTRO DE CONCRETO MAGRO, APLICADO EM BLOCOS DE COROAMENTO OU SAPATAS, ESPESSURA DE 5 CM. AF_08/2017",null,"M2",1.74,22.5,27.100026535254369,47.15,7.0496434697014425E-5,0.9993227408266232,"C"]
["15.70","ORSE","12525/ORSE","TAMPA DE ENCAIXE PARA CURVA DE INVERSÃO, 100MM, ZINCADA, PARA ELETROCALHA METÁLICA",null,"UN",4,9.64,11.610855813326761,46.44,6.9434876507515385E-5,0.99939217570313077,"C"]
["7.1","COMPOSIÇÃO","IFMT 232.08.2020","IMPERMEABILIZACAO DE ESTRUTURAS ENTERRADAS, COM TINTA ASFALTICA, DUAS DEMAOS.",null,"M2",3.91,9.5560000000000009,11.509682380928478,45,6.7281857080925758E-5,0.99945945756021171,"C"]
["3.3","SINAPI",93382,"REATERRO MANUAL DE VALAS COM COMPACTAÇÃO MECANIZADA. AF_04/2016",null,"M3",1.5,21.25,25.594469505518013,38.39,5.7398899851927552E-5,0.99951685646006361,"C"]
["11.10","SINAPI",95544,"PAPELEIRA DE PAREDE EM METAL CROMADO SEM TAMPA, INCLUSO FIXAÇÃO. AF_01/2020",null,"UN",1,30.73,37.012614019038523,37.01,5.5335589568112495E-5,0.99957219204963177,"C"]
["11.9","SINAPI",95545,"SABONETEIRA DE PAREDE EM METAL CROMADO, INCLUSO FIXAÇÃO. AF_01/2020",null,"UN",1,30.16,36.326080013478744,36.33,5.4318885950000724E-5,0.99962651093558175,"C"]
["3.4","SINAPI",96619,"LASTRO DE CONCRETO MAGRO, APLICADO EM BLOCOS DE COROAMENTO OU SAPATAS, ESPESSURA DE 5 CM. AF_08/2017",null,"M2",1,22.5,27.100026535254369,27.1,4.0518629486513066E-5,0.99966702956506825,"C"]
["15.130","COMPOSIÇÃO","IFMT 168.02.2020","DISJUNTOR MONOPOLAR TIPO DIN, CORRENTE NOMINAL DE 16A - FORNECIMENTO E INSTALAÇÃO, CURVA B, CAPACIDADE DE INTERRUPÇÃO 3KA.",null,"UN",2,9.9752799999999997,12.014682342070763,24.03,3.5928511681214359E-5,0.99970295807674947,"C"]
["15.86","SINAPI",97668,"ELETRODUTO FLEXÍVEL CORRUGADO, PEAD, DN 63 (2\")  - FORNECIMENTO E INSTALAÇÃO. AF_04/2016",null,"M",2,9.56,11.514500163423634,23.03,3.4433359301638227E-5,0.99973739143605111,"C"]
["11.32","SINAPI",86913,"TORNEIRA CROMADA 1/2\u0094 OU 3/4\u0094 PARA TANQUE, PADRÃO POPULAR - FORNECIMENTO E INSTALAÇÃO. AF_01/2020",null,"UN",1,19.05,22.944689133182031,22.94,3.4298795587476374E-5,0.99977169023163859,"C"]
["15.71","ORSE","12486/ORSE","TERMINAL 100 X 100 MM, GALVANIZADO À FOGO, PARA ELETROCALHA METALICA (REF. MOPA OU SIMILAR)",null,"UN",1,16.850000000000001,20.294908760846052,20.29,3.0336641781599634E-5,0.99980202687342024,"C"]
["15.38","SINAPI",92980,"CABO DE COBRE FLEXÍVEL ISOLADO, 10 MM², ANTI-CHAMA 0,6/1,0 KV, PARA DISTRIBUIÇÃO - FORNECIMENTO E INSTALAÇÃO. AF_12/2015","VERMELHO","M",2,7.53,9.0694755471317965,18.14,2.7122064165510964E-5,0.99982914893758579,"C"]
["15.39","SINAPI",92980,"CABO DE COBRE FLEXÍVEL ISOLADO, 10 MM², ANTI-CHAMA 0,6/1,0 KV, PARA DISTRIBUIÇÃO - FORNECIMENTO E INSTALAÇÃO. AF_12/2015","BRANCO","M",2,7.53,9.0694755471317965,18.14,2.7122064165510964E-5,0.99985627100175134,"C"]
["15.40","SINAPI",92980,"CABO DE COBRE FLEXÍVEL ISOLADO, 10 MM², ANTI-CHAMA 0,6/1,0 KV, PARA DISTRIBUIÇÃO - FORNECIMENTO E INSTALAÇÃO. AF_12/2015","PRETO ","M",2,7.53,9.0694755471317965,18.14,2.7122064165510964E-5,0.99988339306591689,"C"]
["15.41","SINAPI",92980,"CABO DE COBRE FLEXÍVEL ISOLADO, 10 MM², ANTI-CHAMA 0,6/1,0 KV, PARA DISTRIBUIÇÃO - FORNECIMENTO E INSTALAÇÃO. AF_12/2015","AZUL CLARO","M",2,7.53,9.0694755471317965,18.14,2.7122064165510964E-5,0.99991051513008244,"C"]
["15.42","SINAPI",92980,"CABO DE COBRE FLEXÍVEL ISOLADO, 10 MM², ANTI-CHAMA 0,6/1,0 KV, PARA DISTRIBUIÇÃO - FORNECIMENTO E INSTALAÇÃO. AF_12/2015","VERDE","M",2,7.53,9.0694755471317965,18.14,{"$f":"J270/$J$274","v":2.7122064165510964E-5},0.999937637194248,{"$f":"IF(L270<K$11,\"A\",IF(L270<L$11,\"B\",\"C\"))","v":"C"}]
["3.17","SINAPI",93382,"REATERRO MANUAL DE VALAS COM COMPACTAÇÃO MECANIZADA. AF_04/2016",null,"M3",0.65,21.25,25.594469505518013,16.64,2.4879335596146769E-5,{"$f":"K271+L270","v":0.99996251652984414},"C"]
["15.132","COMPOSIÇÃO","IFMT 170.02.2020","DISJUNTOR MONOPOLAR TIPO DIN, CORRENTE NOMINAL DE 20A - FORNECIMENTO E INSTALAÇÃO, CURVA B, CAPACIDADE DE INTERRUPÇÃO 8KA.",null,"UN",1,10.83976,13.055901494923951,13.06,1.9526690077264231E-5,0.99998204321992135,"C"]
["15.131","COMPOSIÇÃO","IFMT 169.02.2020","DISJUNTOR MONOPOLAR TIPO DIN, CORRENTE NOMINAL DE 16A - FORNECIMENTO E INSTALAÇÃO, CURVA B, CAPACIDADE DE INTERRUPÇÃO 8KA.",null,"UN",1,9.9752799999999997,12.014682342070763,12.01,1.7956780078709296E-5,1,"C"]
[null,null,null,"TOTAL",null,null,null,null,null,{"$f":"SUM(J14:J273)","v":668828.15000000037},{"$f":"J274/$J$274","v":1}]

{"sheet":"BDI","index":2,"n_rows":61,"n_cols":3,"rows_kept":61,"cut":false,"hidden":false,"merged":[[39,0,39,2],[5,0,5,2],[6,0,6,2],[7,0,7,2],[37,0,37,2],[38,0,38,2]]}
[]
[]
[]
[]
[]
["SERVIÇO PUBLICO FEDERAL"]
["INSTITUTO FEDERAL DE EDUCAÇÃO, CIÊNCIA E TECNOLOGIA DE MATO GROSSO"]
[{"$f":"ORÇAMENTO!A6","v":"CAMPUS PRIMAVERA DO LESTE"}]
[]
[null,"CALCULO DO BDI NÃO DESONERADO"]
[null,"Serviços"]
[null,"CALCULO DO BDI"]
["AC","ADMINISTRAÇÃO CENTRAL DA OBRA",3.5299999999999998E-2]
["S","TAXA REPRESENTATIVA DE SEGUROS",4.1999999999999997E-3]
["R","TAXA REPRESENTATIVA DE RISCOS ",1.04E-2]
["G","TAXA REPRESENTATIVA DE GARANTIAS",2E-3]
["DF","TAXA REPRESENTATIVA DAS DESPESAS FINANCEIRAS",1.0500000000000001E-2]
["L","TAXA REPRESENTATIVA DO LUCRO",6.9099999999999995E-2]
[]
["I","TAXA REPRESENTATIVA DA INCIDENCIA DE IMPOSTOS",{"$f":"C21+C22+C23+C24","v":5.6499999999999995E-2}]
[null,"Contribuição Previdenciária sobre a Renda Bruta (CPRB) Lei 13.161/2015",0]
[null,"COFINS",0.03]
[null,"PIS",6.5000000000000006E-3]
[null,"ISS (BASE DE CALCULO 40% E ISSQN 5%)",0.02]
[]
[null,"CALCULO DO  BDI",{"$f":"(((1+(C13+C14+C15+C16))*(1+C17)*(1+C18))/(1-C20))-1","v":0.20444562378908304}]
[null,"VALOR TOTAL DO BDI",{"$f":"C26","v":0.20444562378908304}]
[null,"BDI= (((1+(AC+S+R+G))*(1+DF)*(1+L))/(1-I))-1"]
[null,"Formula BDI - Paragrafo nº39 do Acórdão nº 2.369/2011 Plenario . Processo nº TC 025.990/2008-2"]
[null,"As taxas Acórdão nº 2622/2013 Plenário. TC 036.076/2011-2 sessão:25/09/13"]
[]
[]
[]
[]
[]
[]
[]
["SERVIÇO PUBLICO FEDERAL"]
["INSTITUTO FEDERAL DE EDUCAÇÃO, CIÊNCIA E TECNOLOGIA DE MATO GROSSO"]
["CAMPUS PRIMAVERA DO LESTE"]
[]
[null,"CALCULO DO BDI NÃO DESONERADO"]
[null,"Equipamentos"]
[null,"CALCULO DO BDI"]
["AC","ADMINISTRAÇÃO CENTRAL DA OBRA",2.7400000000000001E-2]
["S","TAXA REPRESENTATIVA DE SEGUROS",2E-3]
["R","TAXA REPRESENTATIVA DE RISCOS ",6.8999999999999999E-3]
["G","TAXA REPRESENTATIVA DE GARANTIAS",1.6999999999999999E-3]
["DF","TAXA REPRESENTATIVA DAS DESPESAS FINANCEIRAS",8.5000000000000006E-3]
["L","TAXA REPRESENTATIVA DO LUCRO",4.3499999999999997E-2]
["I","TAXA REPRESENTATIVA DA INCIDENCIA DE IMPOSTOS",{"$f":"C52+C53+C54+C55","v":3.6499999999999998E-2}]
[null,"Contribuição Previdenciária sobre a Renda Bruta (CPRB) Lei 13.161/2015",0]
[null,"COFINS",0.03]
[null,"PIS",6.5000000000000006E-3]
[null,"ISS (BASE DE CALCULO 40% E ISSQN 5%)",0]
[]
[null,"CALCULO DO  BDI",{"$f":"(((1+(C45+C46+C47+C48))*(1+C49)*(1+C50))/(1-C51))-1","v":0.13374136014530369}]
[null,"VALOR TOTAL DO BDI",{"$f":"C57","v":0.13374136014530369}]
[null,"BDI= (((1+(AC+S+R+G))*(1+DF)*(1+L))/(1-I))-1"]
[null,"Formula BDI - Paragrafo nº39 do Acórdão nº 2.369/2011 Plenario . Processo nº TC 025.990/2008-2"]
[null,"As taxas Acórdão nº 2622/2013 Plenário. TC 036.076/2011-2 sessão:25/09/13"]

{"sheet":"COMPOSIÇÃO","index":3,"n_rows":965,"n_cols":7,"rows_kept":965,"cut":false,"hidden":false,"merged":[[5,0,5,6],[6,0,6,6],[7,0,7,6]]}
[]
[]
[]
[]
[]
["SERVIÇO PUBLICO FEDERAL"]
["INSTITUTO FEDERAL DE EDUCAÇÃO, CIÊNCIA E TECNOLOGIA DE MATO GROSSO"]
[{"$f":"ORÇAMENTO!A6","v":"CAMPUS PRIMAVERA DO LESTE"}]
[]
[null,null,"COMPOSIÇÃO NÃO DESONERADO"]
[{"$f":"ORÇAMENTO!A10 & \" \" & ORÇAMENTO!B10","v":"OBRA: REFORMA HANGAR"}]
["TABELA SINAPI","ENCARGOS SOCIAIS SOBRE PREÇOS DA MÃO-DE-OBRA: 113,19%(HORA)   71,78%(MÊS)"]
[null,"DATA DE EMISSÃO: 16/10/2020"]
[null,"DATA REFERÊNCIA TÉCNICA: 16/10/2020"]
[]
["CLASSE/TIPO","CÓDIGOS/ SINAPI","DESCRIÇÃO","UND","COEFICIENTE","PREÇO UNITÁRIO","PREÇO TOTAL"]
["IFMT 047.04.2019",{"$f":"IFERROR(INDEX(COMPOSIÇÕES_IFMT!$B:$B,MATCH($A17,COMPOSIÇÕES_IFMT!$A:$A,0)),\"\")","v":".047/D"},{"$f":"IFERROR(INDEX(COMPOSIÇÕES_IFMT!$C:$C,MATCH($A17,COMPOSIÇÕES_IFMT!$A:$A,0)),\"\")","v":"PORTA DE FERRO, DE ABRIR, 2 FOLHAS DE 1,40X2,10M, VENEZIANA, COM FUNDO ANTI CORRESIVO. FORNECIMENTO E INSTALAÇÃO"},{"$f":"IFERROR(INDEX(COMPOSIÇÕES_IFMT!$D:$D,MATCH($A17,COMPOSIÇÕES_IFMT!$A:$A,0)),\"\")","v":"M2"},null,null,{"$f":"G23","v":596.9650200000001}]
[{"$f":"IFERROR(INDEX(SINAPI!$E:$E,MATCH($B18,SINAPI!$A:$A,0)),\"\")","v":"INSUMO"},{"$f":"IF(IFERROR(INDEX(COMPOSIÇÕES_IFMT!$B:$B,MATCH($A17,COMPOSIÇÕES_IFMT!$A:$A,0)),\"\")<>\"\",OFFSET(COMPOSIÇÕES_IFMT!$A$1,MATCH($A17,COMPOSIÇÕES_IFMT!$A:$A,0),1),\"\")","v":39022},{"$f":"IFERROR(INDEX(SINAPI!$B:$B,MATCH($B18,SINAPI!$A:$A,0)),\"\")","v":"PORTA DE ABRIR EM ACO TIPO VENEZIANA, COM FUNDO ANTICORROSIVO / PRIMER DE PROTECAO, SEM GUARNICAO/ALIZAR/VISTA, 87 X 210 CM"},{"$f":"IFERROR(INDEX(SINAPI!$C:$C,MATCH($B18,SINAPI!$A:$A,0)),\"\")","v":"UN    "},{"$f":"IF(IFERROR(INDEX(COMPOSIÇÕES_IFMT!$B:$B,MATCH($A17,COMPOSIÇÕES_IFMT!$A:$A,0)),\"\")<>\"\",OFFSET(COMPOSIÇÕES_IFMT!$A$1,MATCH($A17,COMPOSIÇÕES_IFMT!$A:$A,0),4),\"\")","v":1},{"$f":"IFERROR(INDEX(SINAPI!$D:$D,MATCH($B18,SINAPI!$A:$A,0)),0)","v":530.95000000000005},{"$f":"IFERROR(F18*E18,0)","v":530.95000000000005}]
[{"$f":"IFERROR(INDEX(SINAPI!$E:$E,MATCH($B19,SINAPI!$A:$A,0)),\"\")","v":"COMPOSIÇÃO"},{"$f":"IF(IFERROR(INDEX(COMPOSIÇÕES_IFMT!$B:$B,MATCH($A17,COMPOSIÇÕES_IFMT!$A:$A,0)),\"\")<>\"\",OFFSET(COMPOSIÇÕES_IFMT!$A$1,MATCH($A17,COMPOSIÇÕES_IFMT!$A:$A,0)+1,1),\"\")","v":88309},{"$f":"IFERROR(INDEX(SINAPI!$B:$B,MATCH($B19,SINAPI!$A:$A,0)),\"\")","v":"PEDREIRO COM ENCARGOS COMPLEMENTARES"},{"$f":"IFERROR(INDEX(SINAPI!$C:$C,MATCH($B19,SINAPI!$A:$A,0)),\"\")","v":"H"},{"$f":"IF(IFERROR(INDEX(COMPOSIÇÕES_IFMT!$B:$B,MATCH($A17,COMPOSIÇÕES_IFMT!$A:$A,0)),\"\")<>\"\",OFFSET(COMPOSIÇÕES_IFMT!$A$1,MATCH($A17,COMPOSIÇÕES_IFMT!$A:$A,0)+1,4),\"\")","v":0.82},{"$f":"IFERROR(INDEX(SINAPI!$D:$D,MATCH($B19,SINAPI!$A:$A,0)),0)","v":19.809999999999999},{"$f":"IFERROR(F19*E19,0)","v":16.244199999999999}]
[{"$f":"IFERROR(INDEX(SINAPI!$E:$E,MATCH($B20,SINAPI!$A:$A,0)),\"\")","v":"COMPOSIÇÃO"},{"$f":"IF(IFERROR(INDEX(COMPOSIÇÕES_IFMT!$B:$B,MATCH($A17,COMPOSIÇÕES_IFMT!$A:$A,0)),\"\")<>\"\",OFFSET(COMPOSIÇÕES_IFMT!$A$1,MATCH($A17,COMPOSIÇÕES_IFMT!$A:$A,0)+2,1),\"\")","v":88315},{"$f":"IFERROR(INDEX(SINAPI!$B:$B,MATCH($B20,SINAPI!$A:$A,0)),\"\")","v":"SERRALHEIRO COM ENCARGOS COMPLEMENTARES"},{"$f":"IFERROR(INDEX(SINAPI!$C:$C,MATCH($B20,SINAPI!$A:$A,0)),\"\")","v":"H"},{"$f":"IF(IFERROR(INDEX(COMPOSIÇÕES_IFMT!$B:$B,MATCH($A17,COMPOSIÇÕES_IFMT!$A:$A,0)),\"\")<>\"\",OFFSET(COMPOSIÇÕES_IFMT!$A$1,MATCH($A17,COMPOSIÇÕES_IFMT!$A:$A,0)+2,4),\"\")","v":1.1000000000000001},{"$f":"IFERROR(INDEX(SINAPI!$D:$D,MATCH($B20,SINAPI!$A:$A,0)),0)","v":19.71},21.681000000000001]
[{"$f":"IFERROR(INDEX(SINAPI!$E:$E,MATCH($B21,SINAPI!$A:$A,0)),\"\")","v":"COMPOSIÇÃO"},{"$f":"IF(IFERROR(INDEX(COMPOSIÇÕES_IFMT!$B:$B,MATCH($A17,COMPOSIÇÕES_IFMT!$A:$A,0)),\"\")<>\"\",OFFSET(COMPOSIÇÕES_IFMT!$A$1,MATCH($A17,COMPOSIÇÕES_IFMT!$A:$A,0)+3,1),\"\")","v":88316},{"$f":"IFERROR(INDEX(SINAPI!$B:$B,MATCH($B21,SINAPI!$A:$A,0)),\"\")","v":"SERVENTE COM ENCARGOS COMPLEMENTARES"},{"$f":"IFERROR(INDEX(SINAPI!$C:$C,MATCH($B21,SINAPI!$A:$A,0)),\"\")","v":"H"},{"$f":"IF(IFERROR(INDEX(COMPOSIÇÕES_IFMT!$B:$B,MATCH($A17,COMPOSIÇÕES_IFMT!$A:$A,0)),\"\")<>\"\",OFFSET(COMPOSIÇÕES_IFMT!$A$1,MATCH($A17,COMPOSIÇÕES_IFMT!$A:$A,0)+3,4),\"\")","v":1.6},{"$f":"IFERROR(INDEX(SINAPI!$D:$D,MATCH($B21,SINAPI!$A:$A,0)),0)","v":15.91},25.456000000000003]
[{"$f":"IFERROR(INDEX(SINAPI!$E:$E,MATCH($B22,SINAPI!$A:$A,0)),\"\")","v":"COMPOSIÇÃO"},{"$f":"IF(IFERROR(INDEX(COMPOSIÇÕES_IFMT!$B:$B,MATCH($A17,COMPOSIÇÕES_IFMT!$A:$A,0)),\"\")<>\"\",OFFSET(COMPOSIÇÕES_IFMT!$A$1,MATCH($A17,COMPOSIÇÕES_IFMT!$A:$A,0)+4,1),\"\")","v":88627},{"$f":"IFERROR(INDEX(SINAPI!$B:$B,MATCH($B22,SINAPI!$A:$A,0)),\"\")","v":"ARGAMASSA TRAÇO 1:0,5:4,5 (EM VOLUME DE CIMENTO, CAL E AREIA MÉDIA ÚMIDA) PARA ASSENTAMENTO DE ALVENARIA, PREPARO MANUAL. AF_08/2019"},{"$f":"IFERROR(INDEX(SINAPI!$C:$C,MATCH($B22,SINAPI!$A:$A,0)),\"\")","v":"M3"},{"$f":"IF(IFERROR(INDEX(COMPOSIÇÕES_IFMT!$B:$B,MATCH($A17,COMPOSIÇÕES_IFMT!$A:$A,0)),\"\")<>\"\",OFFSET(COMPOSIÇÕES_IFMT!$A$1,MATCH($A17,COMPOSIÇÕES_IFMT!$A:$A,0)+4,4),\"\")","v":6.0000000000000001E-3},{"$f":"IFERROR(INDEX(SINAPI!$D:$D,MATCH($B22,SINAPI!$A:$A,0)),0)","v":438.97},2.6338200000000001]
[null,null,null,null,null,"TOTAL",{"$f":"SUM(G18:G22)","v":596.9650200000001}]
[]
[]
["CLASSE/TIPO","CÓDIGOS/ SINAPI","DESCRIÇÃO","UND","COEFICIENTE","PREÇO UNITÁRIO","PREÇO TOTAL"]
["IFMT 054.04.2019",{"$f":"IFERROR(INDEX(COMPOSIÇÕES_IFMT!$B:$B,MATCH($A27,COMPOSIÇÕES_IFMT!$A:$A,0)),\"\")","v":".054/D"},{"$f":"IFERROR(INDEX(COMPOSIÇÕES_IFMT!$C:$C,MATCH($A27,COMPOSIÇÕES_IFMT!$A:$A,0)),\"\")","v":"BARRA DE APOIO RETA, EM ALUMINIO, COMPRIMENTO 70CM, DIAMETRO MINIMO 3 CM FORNECIMENTO E INSTALAÇÃO."},{"$f":"IFERROR(INDEX(COMPOSIÇÕES_IFMT!$D:$D,MATCH($A27,COMPOSIÇÕES_IFMT!$A:$A,0)),\"\")","v":"UN "},null,null,{"$f":"G30","v":126.223}]
[{"$f":"IFERROR(INDEX(SINAPI!$E:$E,MATCH($B28,SINAPI!$A:$A,0)),\"\")","v":"COMPOSIÇÃO"},{"$f":"IF(IFERROR(INDEX(COMPOSIÇÕES_IFMT!$B:$B,MATCH($A27,COMPOSIÇÕES_IFMT!$A:$A,0)),\"\")<>\"\",OFFSET(COMPOSIÇÕES_IFMT!$A$1,MATCH($A27,COMPOSIÇÕES_IFMT!$A:$A,0),1),\"\")","v":88309},{"$f":"IFERROR(INDEX(SINAPI!$B:$B,MATCH($B28,SINAPI!$A:$A,0)),\"\")","v":"PEDREIRO COM ENCARGOS COMPLEMENTARES"},{"$f":"IFERROR(INDEX(SINAPI!$C:$C,MATCH($B28,SINAPI!$A:$A,0)),\"\")","v":"H"},{"$f":"IF(IFERROR(INDEX(COMPOSIÇÕES_IFMT!$B:$B,MATCH($A27,COMPOSIÇÕES_IFMT!$A:$A,0)),\"\")<>\"\",OFFSET(COMPOSIÇÕES_IFMT!$A$1,MATCH($A27,COMPOSIÇÕES_IFMT!$A:$A,0),4),\"\")","v":0.3},{"$f":"IFERROR(INDEX(SINAPI!$D:$D,MATCH($B28,SINAPI!$A:$A,0)),0)","v":19.809999999999999},{"$f":"IFERROR(F28*E28,0)","v":5.9429999999999996}]
[{"$f":"IFERROR(INDEX(SINAPI!$E:$E,MATCH($B29,SINAPI!$A:$A,0)),\"\")","v":"INSUMO"},{"$f":"IF(IFERROR(INDEX(COMPOSIÇÕES_IFMT!$B:$B,MATCH($A27,COMPOSIÇÕES_IFMT!$A:$A,0)),\"\")<>\"\",OFFSET(COMPOSIÇÕES_IFMT!$A$1,MATCH($A27,COMPOSIÇÕES_IFMT!$A:$A,0)+1,1),\"\")","v":36220},{"$f":"IFERROR(INDEX(SINAPI!$B:$B,MATCH($B29,SINAPI!$A:$A,0)),\"\")","v":"BARRA DE APOIO RETA, EM ALUMINIO, COMPRIMENTO 70CM, DIAMETRO MINIMO 3 CM"},{"$f":"IFERROR(INDEX(SINAPI!$C:$C,MATCH($B29,SINAPI!$A:$A,0)),\"\")","v":"UN    "},{"$f":"IF(IFERROR(INDEX(COMPOSIÇÕES_IFMT!$B:$B,MATCH($A27,COMPOSIÇÕES_IFMT!$A:$A,0)),\"\")<>\"\",OFFSET(COMPOSIÇÕES_IFMT!$A$1,MATCH($A27,COMPOSIÇÕES_IFMT!$A:$A,0)+1,4),\"\")","v":1},{"$f":"IFERROR(INDEX(SINAPI!$D:$D,MATCH($B29,SINAPI!$A:$A,0)),0)","v":120.28},{"$f":"IFERROR(F29*E29,0)","v":120.28}]
[null,null,null,null,null,"TOTAL",{"$f":"SUM(G28:G29)","v":126.223}]
[]
[]
["CLASSE/TIPO","CÓDIGOS/ SINAPI","DESCRIÇÃO","UND","COEFICIENTE","PREÇO UNITÁRIO","PREÇO TOTAL"]
["IFMT 055.04.2019",{"$f":"IFERROR(INDEX(COMPOSIÇÕES_IFMT!$B:$B,MATCH($A34,COMPOSIÇÕES_IFMT!$A:$A,0)),\"\")","v":".055/D"},{"$f":"IFERROR(INDEX(COMPOSIÇÕES_IFMT!$C:$C,MATCH($A34,COMPOSIÇÕES_IFMT!$A:$A,0)),\"\")","v":"BARRA DE APOIO RETA, EM ALUMINIO, COMPRIMENTO 80CM, DIAMETRO MINIMO 3 CM FORNECIMENTO E INSTALAÇÃO."},{"$f":"IFERROR(INDEX(COMPOSIÇÕES_IFMT!$D:$D,MATCH($A34,COMPOSIÇÕES_IFMT!$A:$A,0)),\"\")","v":"UN "},null,null,{"$f":"G37","v":136.04300000000001}]
[{"$f":"IFERROR(INDEX(SINAPI!$E:$E,MATCH($B35,SINAPI!$A:$A,0)),\"\")","v":"COMPOSIÇÃO"},{"$f":"IF(IFERROR(INDEX(COMPOSIÇÕES_IFMT!$B:$B,MATCH($A34,COMPOSIÇÕES_IFMT!$A:$A,0)),\"\")<>\"\",OFFSET(COMPOSIÇÕES_IFMT!$A$1,MATCH($A34,COMPOSIÇÕES_IFMT!$A:$A,0),1),\"\")","v":88309},{"$f":"IFERROR(INDEX(SINAPI!$B:$B,MATCH($B35,SINAPI!$A:$A,0)),\"\")","v":"PEDREIRO COM ENCARGOS COMPLEMENTARES"},{"$f":"IFERROR(INDEX(SINAPI!$C:$C,MATCH($B35,SINAPI!$A:$A,0)),\"\")","v":"H"},{"$f":"IF(IFERROR(INDEX(COMPOSIÇÕES_IFMT!$B:$B,MATCH($A34,COMPOSIÇÕES_IFMT!$A:$A,0)),\"\")<>\"\",OFFSET(COMPOSIÇÕES_IFMT!$A$1,MATCH($A34,COMPOSIÇÕES_IFMT!$A:$A,0),4),\"\")","v":0.3},{"$f":"IFERROR(INDEX(SINAPI!$D:$D,MATCH($B35,SINAPI!$A:$A,0)),0)","v":19.809999999999999},{"$f":"IFERROR(F35*E35,0)","v":5.9429999999999996}]
[{"$f":"IFERROR(INDEX(SINAPI!$E:$E,MATCH($B36,SINAPI!$A:$A,0)),\"\")","v":"INSUMO"},{"$f":"IF(IFERROR(INDEX(COMPOSIÇÕES_IFMT!$B:$B,MATCH($A34,COMPOSIÇÕES_IFMT!$A:$A,0)),\"\")<>\"\",OFFSET(COMPOSIÇÕES_IFMT!$A$1,MATCH($A34,COMPOSIÇÕES_IFMT!$A:$A,0)+1,1),\"\")","v":36080},{"$f":"IFERROR(INDEX(SINAPI!$B:$B,MATCH($B36,SINAPI!$A:$A,0)),\"\")","v":"BARRA DE APOIO RETA, EM ALUMINIO, COMPRIMENTO 80 CM, DIAMETRO MINIMO 3 CM"},{"$f":"IFERROR(INDEX(SINAPI!$C:$C,MATCH($B36,SINAPI!$A:$A,0)),\"\")","v":"UN    "},{"$f":"IF(IFERROR(INDEX(COMPOSIÇÕES_IFMT!$B:$B,MATCH($A34,COMPOSIÇÕES_IFMT!$A:$A,0)),\"\")<>\"\",OFFSET(COMPOSIÇÕES_IFMT!$A$1,MATCH($A34,COMPOSIÇÕES_IFMT!$A:$A,0)+1,4),\"\")","v":1},{"$f":"IFERROR(INDEX(SINAPI!$D:$D,MATCH($B36,SINAPI!$A:$A,0)),0)","v":130.1},{"$f":"IFERROR(F36*E36,0)","v":130.1}]
[null,null,null,null,null,"TOTAL",{"$f":"SUM(G35:G36)","v":136.04300000000001}]
[]
[]
["CLASSE/TIPO","CÓDIGOS/ SINAPI","DESCRIÇÃO","UND","COEFICIENTE","PREÇO UNITÁRIO","PREÇO TOTAL"]
["IFMT 057.04.2019",".057/D","GRANITO PARA BANCADA PARA PIA, POLIDO, TIPO CINZA ANDORINHA, COM REBAIXO  E= *2,5* CM, FIXADO COM SUPORTE METALICO MÃO-FRANCESA AÇO  -  FORNECIMENTO E INSTALAÇÃO","M2",null,null,{"$f":"G49","v":721.60408820000009}]
["INSUMO",4823,"00004823 MASSA PLASTICA PARA MARMORE/GRANITO","KG",0.52280000000000004,{"$f":"IFERROR(INDEX(SINAPI!$D:$D,MATCH($B42,SINAPI!$A:$A,0)),0)","v":34.47},{"$f":"E42*F42","v":18.020916}]
["INSUMO",7568,"00007568 BUCHA DE NYLON SEM ABA S10, COM PARAFUSO DE 6,10 X 65 MM EM ACO ZINCADO COM ROSCA SOBERBA, CABECA CHATA E FENDA PHILLIPS","UN",6,{"$f":"IFERROR(INDEX(SINAPI!$D:$D,MATCH($B43,SINAPI!$A:$A,0)),0)","v":0.61},{"$f":"E43*F43","v":3.66}]
["INSUMO",11795,"00011795 GRANITO PARA BANCADA, POLIDO, TIPO ANDORINHA/ QUARTZ/ CASTELO/ CORUMBA OU\nOUTROS EQUIVALENTES DA REGIAO, E= *2,5* CM","M2",1.15178,{"$f":"IFERROR(INDEX(SINAPI!$D:$D,MATCH($B44,SINAPI!$A:$A,0)),0)","v":543.39},625.86573420000002]
["INSUMO",37329,"00037329 REJUNTE EPOXI BRANCO","KG",3.5099999999999999E-2,{"$f":"IFERROR(INDEX(SINAPI!$D:$D,MATCH($B45,SINAPI!$A:$A,0)),0)","v":80.38},2.8213379999999999]
["INSUMO",37591,"00037591 SUPORTE MAO-FRANCESA EM ACO, ABAS IGUAIS 40 CM, CAPACIDADE MINIMA 70 KG, BRANCO","UN",2,{"$f":"IFERROR(INDEX(SINAPI!$D:$D,MATCH($B46,SINAPI!$A:$A,0)),0)","v":12.87},25.74]
["COMPOSIÇÃO",88274,"88274 MARMORISTA/GRANITEIRO COM ENCARGOS COMPLEMENTARES","H",1.49,{"$f":"IFERROR(INDEX(SINAPI!$D:$D,MATCH($B47,SINAPI!$A:$A,0)),0)","v":20.07},29.904299999999999]
["COMPOSIÇÃO",88316,"88316 SERVENTE COM ENCARGOS COMPLEMENTARES","H",0.98,{"$f":"IFERROR(INDEX(SINAPI!$D:$D,MATCH($B48,SINAPI!$A:$A,0)),0)","v":15.91},15.591799999999999]
[null,null,null,null,null,"TOTAL",{"$f":"SUM(G42:G48)","v":721.60408820000009}]
[]
[]
["CLASSE/TIPO","CÓDIGOS/ SINAPI","DESCRIÇÃO","UND","COEFICIENTE","PREÇO UNITÁRIO","PREÇO TOTAL"]
["IFMT 058.04.2019",".058/D","GRANITO PARA BANCADA SECA, POLIDO, TIPO CINZA ANDORINHA, COM REBAIXO  E= *2,5* CM, FIXADO COM SUPORTE METALICO MÃO-FRANCESA AÇO - FORNECIMENTO E INSTALAÇÃO","M2",null,null,{"$f":"G61","v":693.46735400000011}]
["INSUMO",4823,"00004823 MASSA PLASTICA PARA MARMORE/GRANITO","KG",0.52280000000000004,{"$f":"IFERROR(INDEX(SINAPI!$D:$D,MATCH($B54,SINAPI!$A:$A,0)),0)","v":34.47},{"$f":"E54*F54","v":18.020916}]
["INSUMO",7568,"00007568 BUCHA DE NYLON SEM ABA S10, COM PARAFUSO DE 6,10 X 65 MM EM ACO ZINCADO COM ROSCA SOBERBA, CABECA CHATA E FENDA PHILLIPS","UN",6,{"$f":"IFERROR(INDEX(SINAPI!$D:$D,MATCH($B55,SINAPI!$A:$A,0)),0)","v":0.61},{"$f":"E55*F55","v":3.66}]
["INSUMO",11795,"00011795 GRANITO PARA BANCADA, POLIDO, TIPO ANDORINHA/ QUARTZ/ CASTELO/ CORUMBA OU\nOUTROS EQUIVALENTES DA REGIAO, E= *2,5* CM","M2",1.1000000000000001,{"$f":"IFERROR(INDEX(SINAPI!$D:$D,MATCH($B56,SINAPI!$A:$A,0)),0)","v":543.39},597.72900000000004]
["INSUMO",37329,"00037329 REJUNTE EPOXI BRANCO","KG",3.5099999999999999E-2,{"$f":"IFERROR(INDEX(SINAPI!$D:$D,MATCH($B57,SINAPI!$A:$A,0)),0)","v":80.38},2.8213379999999999]
["INSUMO",37591,"00037591 SUPORTE MAO-FRANCESA EM ACO, ABAS IGUAIS 40 CM, CAPACIDADE MINIMA 70 KG, BRANCO","UN",2,{"$f":"IFERROR(INDEX(SINAPI!$D:$D,MATCH($B58,SINAPI!$A:$A,0)),0)","v":12.87},25.74]
["COMPOSIÇÃO",88274,"88274 MARMORISTA/GRANITEIRO COM ENCARGOS COMPLEMENTARES","H",1.49,{"$f":"IFERROR(INDEX(SINAPI!$D:$D,MATCH($B59,SINAPI!$A:$A,0)),0)","v":20.07},29.904299999999999]
["COMPOSIÇÃO",88316,"88316 SERVENTE COM ENCARGOS COMPLEMENTARES","H",0.98,{"$f":"IFERROR(INDEX(SINAPI!$D:$D,MATCH($B60,SINAPI!$A:$A,0)),0)","v":15.91},15.591799999999999]
[null,null,null,null,null,"TOTAL",{"$f":"SUM(G54:G60)","v":693.46735400000011}]
[]
[]
["CLASSE/TIPO","CÓDIGOS/ SINAPI","DESCRIÇÃO","UND","COEFICIENTE","PREÇO UNITÁRIO","PREÇO TOTAL"]
["IFMT 059.05.2019",{"$f":"IFERROR(INDEX(COMPOSIÇÕES_IFMT!$B:$B,MATCH($A65,COMPOSIÇÕES_IFMT!$A:$A,0)),\"\")","v":".059/D"},{"$f":"IFERROR(INDEX(COMPOSIÇÕES_IFMT!$C:$C,MATCH($A65,COMPOSIÇÕES_IFMT!$A:$A,0)),\"\")","v":"DRENO EM PVC SOLDAVEL 25MM FIXADO COM BRÇADAEIRA DE AÇO NA PAREDE E NO PISO/CALÇADA ESCAVAÇÃO E CONCRETO"},{"$f":"IFERROR(INDEX(COMPOSIÇÕES_IFMT!$D:$D,MATCH($A65,COMPOSIÇÕES_IFMT!$A:$A,0)),\"\")","v":"UN"},null,null,{"$f":"G76","v":21.378149999999998}]
[{"$f":"IFERROR(INDEX(SINAPI!$E:$E,MATCH($B66,SINAPI!$A:$A,0)),\"\")","v":"INSUMO"},{"$f":"IF(IFERROR(INDEX(COMPOSIÇÕES_IFMT!$B:$B,MATCH($A65,COMPOSIÇÕES_IFMT!$A:$A,0)),\"\")<>\"\",OFFSET(COMPOSIÇÕES_IFMT!$A$1,MATCH($A65,COMPOSIÇÕES_IFMT!$A:$A,0),1),\"\")","v":3529},{"$f":"IFERROR(INDEX(SINAPI!$B:$B,MATCH($B66,SINAPI!$A:$A,0)),\"\")","v":"JOELHO PVC, SOLDAVEL, 90 GRAUS, 25 MM, PARA AGUA FRIA PREDIAL"},{"$f":"IFERROR(INDEX(SINAPI!$C:$C,MATCH($B66,SINAPI!$A:$A,0)),\"\")","v":"UN    "},{"$f":"IF(IFERROR(INDEX(COMPOSIÇÕES_IFMT!$B:$B,MATCH($A65,COMPOSIÇÕES_IFMT!$A:$A,0)),\"\")<>\"\",OFFSET(COMPOSIÇÕES_IFMT!$A$1,MATCH($A65,COMPOSIÇÕES_IFMT!$A:$A,0),4),\"\")","v":1},{"$f":"IFERROR(INDEX(SINAPI!$D:$D,MATCH($B66,SINAPI!$A:$A,0)),0)","v":0.56000000000000005},{"$f":"IFERROR(F66*E66,0)","v":0.56000000000000005}]
[{"$f":"IFERROR(INDEX(SINAPI!$E:$E,MATCH($B67,SINAPI!$A:$A,0)),\"\")","v":"INSUMO"},{"$f":"IF(IFERROR(INDEX(COMPOSIÇÕES_IFMT!$B:$B,MATCH($A65,COMPOSIÇÕES_IFMT!$A:$A,0)),\"\")<>\"\",OFFSET(COMPOSIÇÕES_IFMT!$A$1,MATCH($A65,COMPOSIÇÕES_IFMT!$A:$A,0)+1,1),\"\")","v":3904},{"$f":"IFERROR(INDEX(SINAPI!$B:$B,MATCH($B67,SINAPI!$A:$A,0)),\"\")","v":"LUVA PVC SOLDAVEL, 25 MM, PARA AGUA FRIA PREDIAL"},{"$f":"IFERROR(INDEX(SINAPI!$C:$C,MATCH($B67,SINAPI!$A:$A,0)),\"\")","v":"UN    "},{"$f":"IF(IFERROR(INDEX(COMPOSIÇÕES_IFMT!$B:$B,MATCH($A65,COMPOSIÇÕES_IFMT!$A:$A,0)),\"\")<>\"\",OFFSET(COMPOSIÇÕES_IFMT!$A$1,MATCH($A65,COMPOSIÇÕES_IFMT!$A:$A,0)+1,4),\"\")","v":1},{"$f":"IFERROR(INDEX(SINAPI!$D:$D,MATCH($B67,SINAPI!$A:$A,0)),0)","v":0.6},{"$f":"IFERROR(F67*E67,0)","v":0.6}]
[{"$f":"IFERROR(INDEX(SINAPI!$E:$E,MATCH($B68,SINAPI!$A:$A,0)),\"\")","v":"INSUMO"},{"$f":"IF(IFERROR(INDEX(COMPOSIÇÕES_IFMT!$B:$B,MATCH($A65,COMPOSIÇÕES_IFMT!$A:$A,0)),\"\")<>\"\",OFFSET(COMPOSIÇÕES_IFMT!$A$1,MATCH($A65,COMPOSIÇÕES_IFMT!$A:$A,0)+2,1),\"\")","v":7139},{"$f":"IFERROR(INDEX(SINAPI!$B:$B,MATCH($B68,SINAPI!$A:$A,0)),\"\")","v":"TE SOLDAVEL, PVC, 90 GRAUS, 25 MM, PARA AGUA FRIA PREDIAL (NBR 5648)"},{"$f":"IFERROR(INDEX(SINAPI!$C:$C,MATCH($B68,SINAPI!$A:$A,0)),\"\")","v":"UN    "},{"$f":"IF(IFERROR(INDEX(COMPOSIÇÕES_IFMT!$B:$B,MATCH($A65,COMPOSIÇÕES_IFMT!$A:$A,0)),\"\")<>\"\",OFFSET(COMPOSIÇÕES_IFMT!$A$1,MATCH($A65,COMPOSIÇÕES_IFMT!$A:$A,0)+2,4),\"\")","v":1},{"$f":"IFERROR(INDEX(SINAPI!$D:$D,MATCH($B68,SINAPI!$A:$A,0)),0)","v":0.94},0.94]
[{"$f":"IFERROR(INDEX(SINAPI!$E:$E,MATCH($B69,SINAPI!$A:$A,0)),\"\")","v":"INSUMO"},{"$f":"IF(IFERROR(INDEX(COMPOSIÇÕES_IFMT!$B:$B,MATCH($A65,COMPOSIÇÕES_IFMT!$A:$A,0)),\"\")<>\"\",OFFSET(COMPOSIÇÕES_IFMT!$A$1,MATCH($A65,COMPOSIÇÕES_IFMT!$A:$A,0)+3,1),\"\")","v":39139},{"$f":"IFERROR(INDEX(SINAPI!$B:$B,MATCH($B69,SINAPI!$A:$A,0)),\"\")","v":"ABRACADEIRA EM ACO PARA AMARRACAO DE ELETRODUTOS, TIPO U SIMPLES, COM 1\""},{"$f":"IFERROR(INDEX(SINAPI!$C:$C,MATCH($B69,SINAPI!$A:$A,0)),\"\")","v":"UN    "},{"$f":"IF(IFERROR(INDEX(COMPOSIÇÕES_IFMT!$B:$B,MATCH($A65,COMPOSIÇÕES_IFMT!$A:$A,0)),\"\")<>\"\",OFFSET(COMPOSIÇÕES_IFMT!$A$1,MATCH($A65,COMPOSIÇÕES_IFMT!$A:$A,0)+3,4),\"\")","v":1},{"$f":"IFERROR(INDEX(SINAPI!$D:$D,MATCH($B69,SINAPI!$A:$A,0)),0)","v":0.83},0.83]
[{"$f":"IFERROR(INDEX(SINAPI!$E:$E,MATCH($B70,SINAPI!$A:$A,0)),\"\")","v":"COMPOSIÇÃO"},{"$f":"IF(IFERROR(INDEX(COMPOSIÇÕES_IFMT!$B:$B,MATCH($A65,COMPOSIÇÕES_IFMT!$A:$A,0)),\"\")<>\"\",OFFSET(COMPOSIÇÕES_IFMT!$A$1,MATCH($A65,COMPOSIÇÕES_IFMT!$A:$A,0)+4,1),\"\")","v":93358},{"$f":"IFERROR(INDEX(SINAPI!$B:$B,MATCH($B70,SINAPI!$A:$A,0)),\"\")","v":"ESCAVAÇÃO MANUAL DE VALA COM PROFUNDIDADE MENOR OU IGUAL A 1,30 M. AF_03/2016"},{"$f":"IFERROR(INDEX(SINAPI!$C:$C,MATCH($B70,SINAPI!$A:$A,0)),\"\")","v":"M3"},{"$f":"IF(IFERROR(INDEX(COMPOSIÇÕES_IFMT!$B:$B,MATCH($A65,COMPOSIÇÕES_IFMT!$A:$A,0)),\"\")<>\"\",OFFSET(COMPOSIÇÕES_IFMT!$A$1,MATCH($A65,COMPOSIÇÕES_IFMT!$A:$A,0)+4,4),\"\")","v":2.5000000000000001E-3},{"$f":"IFERROR(INDEX(SINAPI!$D:$D,MATCH($B70,SINAPI!$A:$A,0)),0)","v":62.93},0.15732499999999999]
[{"$f":"IFERROR(INDEX(SINAPI!$E:$E,MATCH($B71,SINAPI!$A:$A,0)),\"\")","v":"COMPOSIÇÃO"},{"$f":"IF(IFERROR(INDEX(COMPOSIÇÕES_IFMT!$B:$B,MATCH($A65,COMPOSIÇÕES_IFMT!$A:$A,0)),\"\")<>\"\",OFFSET(COMPOSIÇÕES_IFMT!$A$1,MATCH($A65,COMPOSIÇÕES_IFMT!$A:$A,0)+5,1),\"\")","v":93382},{"$f":"IFERROR(INDEX(SINAPI!$B:$B,MATCH($B71,SINAPI!$A:$A,0)),\"\")","v":"REATERRO MANUAL DE VALAS COM COMPACTAÇÃO MECANIZADA. AF_04/2016"},{"$f":"IFERROR(INDEX(SINAPI!$C:$C,MATCH($B71,SINAPI!$A:$A,0)),\"\")","v":"M3"},{"$f":"IF(IFERROR(INDEX(COMPOSIÇÕES_IFMT!$B:$B,MATCH($A65,COMPOSIÇÕES_IFMT!$A:$A,0)),\"\")<>\"\",OFFSET(COMPOSIÇÕES_IFMT!$A$1,MATCH($A65,COMPOSIÇÕES_IFMT!$A:$A,0)+5,4),\"\")","v":2.3E-3},{"$f":"IFERROR(INDEX(SINAPI!$D:$D,MATCH($B71,SINAPI!$A:$A,0)),0)","v":21.25},4.8875000000000002E-2]
[{"$f":"IFERROR(INDEX(SINAPI!$E:$E,MATCH($B72,SINAPI!$A:$A,0)),\"\")","v":"COMPOSIÇÃO"},{"$f":"IF(IFERROR(INDEX(COMPOSIÇÕES_IFMT!$B:$B,MATCH($A65,COMPOSIÇÕES_IFMT!$A:$A,0)),\"\")<>\"\",OFFSET(COMPOSIÇÕES_IFMT!$A$1,MATCH($A65,COMPOSIÇÕES_IFMT!$A:$A,0)+6,1),\"\")","v":97629},{"$f":"IFERROR(INDEX(SINAPI!$B:$B,MATCH($B72,SINAPI!$A:$A,0)),\"\")","v":"DEMOLIÇÃO DE LAJES, DE FORMA MECANIZADA COM MARTELETE, SEM REAPROVEITAMENTO. AF_12/2017"},{"$f":"IFERROR(INDEX(SINAPI!$C:$C,MATCH($B72,SINAPI!$A:$A,0)),\"\")","v":"M3"},{"$f":"IF(IFERROR(INDEX(COMPOSIÇÕES_IFMT!$B:$B,MATCH($A65,COMPOSIÇÕES_IFMT!$A:$A,0)),\"\")<>\"\",OFFSET(COMPOSIÇÕES_IFMT!$A$1,MATCH($A65,COMPOSIÇÕES_IFMT!$A:$A,0)+6,4),\"\")","v":2.5000000000000001E-3},{"$f":"IFERROR(INDEX(SINAPI!$D:$D,MATCH($B72,SINAPI!$A:$A,0)),0)","v":87.96},0.21989999999999998]
[{"$f":"IFERROR(INDEX(SINAPI!$E:$E,MATCH($B73,SINAPI!$A:$A,0)),\"\")","v":"COMPOSIÇÃO"},{"$f":"IF(IFERROR(INDEX(COMPOSIÇÕES_IFMT!$B:$B,MATCH($A65,COMPOSIÇÕES_IFMT!$A:$A,0)),\"\")<>\"\",OFFSET(COMPOSIÇÕES_IFMT!$A$1,MATCH($A65,COMPOSIÇÕES_IFMT!$A:$A,0)+7,1),\"\")","v":94993},{"$f":"IFERROR(INDEX(SINAPI!$B:$B,MATCH($B73,SINAPI!$A:$A,0)),\"\")","v":"EXECUÇÃO DE PASSEIO (CALÇADA) OU PISO DE CONCRETO COM CONCRETO MOLDADO IN LOCO, USINADO, ACABAMENTO CONVENCIONAL, ESPESSURA 6 CM, ARMADO. AF_07/2016"},{"$f":"IFERROR(INDEX(SINAPI!$C:$C,MATCH($B73,SINAPI!$A:$A,0)),\"\")","v":"M2"},{"$f":"IF(IFERROR(INDEX(COMPOSIÇÕES_IFMT!$B:$B,MATCH($A65,COMPOSIÇÕES_IFMT!$A:$A,0)),\"\")<>\"\",OFFSET(COMPOSIÇÕES_IFMT!$A$1,MATCH($A65,COMPOSIÇÕES_IFMT!$A:$A,0)+7,4),\"\")","v":2.5000000000000001E-3},{"$f":"IFERROR(INDEX(SINAPI!$D:$D,MATCH($B73,SINAPI!$A:$A,0)),0)","v":64.819999999999993},0.16205]
[{"$f":"IFERROR(INDEX(SINAPI!$E:$E,MATCH($B74,SINAPI!$A:$A,0)),\"\")","v":"COMPOSIÇÃO"},{"$f":"IF(IFERROR(INDEX(COMPOSIÇÕES_IFMT!$B:$B,MATCH($A65,COMPOSIÇÕES_IFMT!$A:$A,0)),\"\")<>\"\",OFFSET(COMPOSIÇÕES_IFMT!$A$1,MATCH($A65,COMPOSIÇÕES_IFMT!$A:$A,0)+8,1),\"\")","v":88309},{"$f":"IFERROR(INDEX(SINAPI!$B:$B,MATCH($B74,SINAPI!$A:$A,0)),\"\")","v":"PEDREIRO COM ENCARGOS COMPLEMENTARES"},{"$f":"IFERROR(INDEX(SINAPI!$C:$C,MATCH($B74,SINAPI!$A:$A,0)),\"\")","v":"H"},{"$f":"IF(IFERROR(INDEX(COMPOSIÇÕES_IFMT!$B:$B,MATCH($A65,COMPOSIÇÕES_IFMT!$A:$A,0)),\"\")<>\"\",OFFSET(COMPOSIÇÕES_IFMT!$A$1,MATCH($A65,COMPOSIÇÕES_IFMT!$A:$A,0)+8,4),\"\")","v":0.5},{"$f":"IFERROR(INDEX(SINAPI!$D:$D,MATCH($B74,SINAPI!$A:$A,0)),0)","v":19.809999999999999},9.9049999999999994]
[{"$f":"IFERROR(INDEX(SINAPI!$E:$E,MATCH($B75,SINAPI!$A:$A,0)),\"\")","v":"COMPOSIÇÃO"},{"$f":"IF(IFERROR(INDEX(COMPOSIÇÕES_IFMT!$B:$B,MATCH($A65,COMPOSIÇÕES_IFMT!$A:$A,0)),\"\")<>\"\",OFFSET(COMPOSIÇÕES_IFMT!$A$1,MATCH($A65,COMPOSIÇÕES_IFMT!$A:$A,0)+9,1),\"\")","v":88316},{"$f":"IFERROR(INDEX(SINAPI!$B:$B,MATCH($B75,SINAPI!$A:$A,0)),\"\")","v":"SERVENTE COM ENCARGOS COMPLEMENTARES"},{"$f":"IFERROR(INDEX(SINAPI!$C:$C,MATCH($B75,SINAPI!$A:$A,0)),\"\")","v":"H"},{"$f":"IF(IFERROR(INDEX(COMPOSIÇÕES_IFMT!$B:$B,MATCH($A65,COMPOSIÇÕES_IFMT!$A:$A,0)),\"\")<>\"\",OFFSET(COMPOSIÇÕES_IFMT!$A$1,MATCH($A65,COMPOSIÇÕES_IFMT!$A:$A,0)+9,4),\"\")","v":0.5},{"$f":"IFERROR(INDEX(SINAPI!$D:$D,MATCH($B75,SINAPI!$A:$A,0)),0)","v":15.91},7.9550000000000001]
[null,null,null,null,null,"TOTAL",{"$f":"SUM(G66:G75)","v":21.378149999999998}]
[]
[]
["CLASSE/TIPO","CÓDIGOS/ SINAPI","DESCRIÇÃO","UND","COEFICIENTE","PREÇO UNITÁRIO","PREÇO TOTAL"]
["IFMT 060.05.2019",{"$f":"IFERROR(INDEX(COMPOSIÇÕES_IFMT!$B:$B,MATCH($A80,COMPOSIÇÕES_IFMT!$A:$A,0)),\"\")","v":".060/D"},{"$f":"IFERROR(INDEX(COMPOSIÇÕES_IFMT!$C:$C,MATCH($A80,COMPOSIÇÕES_IFMT!$A:$A,0)),\"\")","v":"LIXAMENTO DE PAREDES E TETO, PARA PINTURA"},{"$f":"IFERROR(INDEX(COMPOSIÇÕES_IFMT!$D:$D,MATCH($A80,COMPOSIÇÕES_IFMT!$A:$A,0)),\"\")","v":"M2"},null,null,{"$f":"G84","v":1.39612}]
[{"$f":"IFERROR(INDEX(SINAPI!$E:$E,MATCH($B81,SINAPI!$A:$A,0)),\"\")","v":"INSUMO"},{"$f":"IF(IFERROR(INDEX(COMPOSIÇÕES_IFMT!$B:$B,MATCH($A80,COMPOSIÇÕES_IFMT!$A:$A,0)),\"\")<>\"\",OFFSET(COMPOSIÇÕES_IFMT!$A$1,MATCH($A80,COMPOSIÇÕES_IFMT!$A:$A,0),1),\"\")","v":3767},{"$f":"IFERROR(INDEX(SINAPI!$B:$B,MATCH($B81,SINAPI!$A:$A,0)),\"\")","v":"LIXA EM FOLHA PARA PAREDE OU MADEIRA, NUMERO 120 (COR VERMELHA)"},{"$f":"IFERROR(INDEX(SINAPI!$C:$C,MATCH($B81,SINAPI!$A:$A,0)),\"\")","v":"UN    "},{"$f":"IF(IFERROR(INDEX(COMPOSIÇÕES_IFMT!$B:$B,MATCH($A80,COMPOSIÇÕES_IFMT!$A:$A,0)),\"\")<>\"\",OFFSET(COMPOSIÇÕES_IFMT!$A$1,MATCH($A80,COMPOSIÇÕES_IFMT!$A:$A,0),4),\"\")","v":4.1399999999999999E-2},{"$f":"IFERROR(INDEX(SINAPI!$D:$D,MATCH($B81,SINAPI!$A:$A,0)),0)","v":0.65},{"$f":"IFERROR(F81*E81,0)","v":2.691E-2}]
[{"$f":"IFERROR(INDEX(SINAPI!$E:$E,MATCH($B82,SINAPI!$A:$A,0)),\"\")","v":"COMPOSIÇÃO"},{"$f":"IF(IFERROR(INDEX(COMPOSIÇÕES_IFMT!$B:$B,MATCH($A80,COMPOSIÇÕES_IFMT!$A:$A,0)),\"\")<>\"\",OFFSET(COMPOSIÇÕES_IFMT!$A$1,MATCH($A80,COMPOSIÇÕES_IFMT!$A:$A,0)+1,1),\"\")","v":88310},{"$f":"IFERROR(INDEX(SINAPI!$B:$B,MATCH($B82,SINAPI!$A:$A,0)),\"\")","v":"PINTOR COM ENCARGOS COMPLEMENTARES"},{"$f":"IFERROR(INDEX(SINAPI!$C:$C,MATCH($B82,SINAPI!$A:$A,0)),\"\")","v":"H"},{"$f":"IF(IFERROR(INDEX(COMPOSIÇÕES_IFMT!$B:$B,MATCH($A80,COMPOSIÇÕES_IFMT!$A:$A,0)),\"\")<>\"\",OFFSET(COMPOSIÇÕES_IFMT!$A$1,MATCH($A80,COMPOSIÇÕES_IFMT!$A:$A,0)+1,4),\"\")","v":5.0999999999999997E-2},{"$f":"IFERROR(INDEX(SINAPI!$D:$D,MATCH($B82,SINAPI!$A:$A,0)),0)","v":20.92},{"$f":"IFERROR(F82*E82,0)","v":1.0669200000000001}]
[{"$f":"IFERROR(INDEX(SINAPI!$E:$E,MATCH($B83,SINAPI!$A:$A,0)),\"\")","v":"COMPOSIÇÃO"},{"$f":"IF(IFERROR(INDEX(COMPOSIÇÕES_IFMT!$B:$B,MATCH($A80,COMPOSIÇÕES_IFMT!$A:$A,0)),\"\")<>\"\",OFFSET(COMPOSIÇÕES_IFMT!$A$1,MATCH($A80,COMPOSIÇÕES_IFMT!$A:$A,0)+2,1),\"\")","v":88316},{"$f":"IFERROR(INDEX(SINAPI!$B:$B,MATCH($B83,SINAPI!$A:$A,0)),\"\")","v":"SERVENTE COM ENCARGOS COMPLEMENTARES"},{"$f":"IFERROR(INDEX(SINAPI!$C:$C,MATCH($B83,SINAPI!$A:$A,0)),\"\")","v":"H"},{"$f":"IF(IFERROR(INDEX(COMPOSIÇÕES_IFMT!$B:$B,MATCH($A80,COMPOSIÇÕES_IFMT!$A:$A,0)),\"\")<>\"\",OFFSET(COMPOSIÇÕES_IFMT!$A$1,MATCH($A80,COMPOSIÇÕES_IFMT!$A:$A,0)+2,4),\"\")","v":1.9E-2},{"$f":"IFERROR(INDEX(SINAPI!$D:$D,MATCH($B83,SINAPI!$A:$A,0)),0)","v":15.91},0.30229]
[null,null,null,null,null,"TOTAL",{"$f":"SUM(G81:G83)","v":1.39612}]
[]
[]
["CLASSE/TIPO","CÓDIGOS/ SINAPI","DESCRIÇÃO","UND","COEFICIENTE","PREÇO UNITÁRIO","PREÇO TOTAL"]
["IFMT 061.05.2019",{"$f":"IFERROR(INDEX(COMPOSIÇÕES_IFMT!$B:$B,MATCH($A88,COMPOSIÇÕES_IFMT!$A:$A,0)),\"\")","v":".061/D"},{"$f":"IFERROR(INDEX(COMPOSIÇÕES_IFMT!$C:$C,MATCH($A88,COMPOSIÇÕES_IFMT!$A:$A,0)),\"\")","v":"RESTAURAÇÃO DA COBERTURA COM MANTA ASFALTICA ALUMINIZADA MULTIUSO. FORNECIMENTO E INSTALAÇÃO"},{"$f":"IFERROR(INDEX(COMPOSIÇÕES_IFMT!$D:$D,MATCH($A88,COMPOSIÇÕES_IFMT!$A:$A,0)),\"\")","v":"M2"},null,null,{"$f":"G91","v":14.235569999999999}]
[{"$f":"IFERROR(INDEX(SINAPI!$E:$E,MATCH($B89,SINAPI!$A:$A,0)),\"\")","v":"INSUMO"},{"$f":"IF(IFERROR(INDEX(COMPOSIÇÕES_IFMT!$B:$B,MATCH($A88,COMPOSIÇÕES_IFMT!$A:$A,0)),\"\")<>\"\",OFFSET(COMPOSIÇÕES_IFMT!$A$1,MATCH($A88,COMPOSIÇÕES_IFMT!$A:$A,0),1),\"\")","v":39701},{"$f":"IFERROR(INDEX(SINAPI!$B:$B,MATCH($B89,SINAPI!$A:$A,0)),\"\")","v":"FITA ADESIVA ASFALTICA ALUMINIZADA MULTIUSO, L = 10 CM, ROLO DE 10 M"},{"$f":"IFERROR(INDEX(SINAPI!$C:$C,MATCH($B89,SINAPI!$A:$A,0)),\"\")","v":"UN    "},{"$f":"IF(IFERROR(INDEX(COMPOSIÇÕES_IFMT!$B:$B,MATCH($A88,COMPOSIÇÕES_IFMT!$A:$A,0)),\"\")<>\"\",OFFSET(COMPOSIÇÕES_IFMT!$A$1,MATCH($A88,COMPOSIÇÕES_IFMT!$A:$A,0),4),\"\")","v":0.183},{"$f":"IFERROR(INDEX(SINAPI!$D:$D,MATCH($B89,SINAPI!$A:$A,0)),0)","v":61.88},{"$f":"IFERROR(F89*E89,0)","v":11.32404}]
[{"$f":"IFERROR(INDEX(SINAPI!$E:$E,MATCH($B90,SINAPI!$A:$A,0)),\"\")","v":"COMPOSIÇÃO"},{"$f":"IF(IFERROR(INDEX(COMPOSIÇÕES_IFMT!$B:$B,MATCH($A88,COMPOSIÇÕES_IFMT!$A:$A,0)),\"\")<>\"\",OFFSET(COMPOSIÇÕES_IFMT!$A$1,MATCH($A88,COMPOSIÇÕES_IFMT!$A:$A,0)+1,1),\"\")","v":88316},{"$f":"IFERROR(INDEX(SINAPI!$B:$B,MATCH($B90,SINAPI!$A:$A,0)),\"\")","v":"SERVENTE COM ENCARGOS COMPLEMENTARES"},{"$f":"IFERROR(INDEX(SINAPI!$C:$C,MATCH($B90,SINAPI!$A:$A,0)),\"\")","v":"H"},{"$f":"IF(IFERROR(INDEX(COMPOSIÇÕES_IFMT!$B:$B,MATCH($A88,COMPOSIÇÕES_IFMT!$A:$A,0)),\"\")<>\"\",OFFSET(COMPOSIÇÕES_IFMT!$A$1,MATCH($A88,COMPOSIÇÕES_IFMT!$A:$A,0)+1,4),\"\")","v":0.183},{"$f":"IFERROR(INDEX(SINAPI!$D:$D,MATCH($B90,SINAPI!$A:$A,0)),0)","v":15.91},{"$f":"IFERROR(F90*E90,0)","v":2.91153}]
[null,null,null,null,null,"TOTAL",{"$f":"SUM(G89:G90)","v":14.235569999999999}]
[]
[]
["CLASSE/TIPO","CÓDIGOS/ SINAPI","DESCRIÇÃO","UND","COEFICIENTE","PREÇO UNITÁRIO","PREÇO TOTAL"]
["IFMT 077.05.2019",".077/R","GRADE DE FERRO EM BARRA CHATA 3/16\"","M²",null,null,{"$f":"G101","v":1030.973}]
[{"$f":"IFERROR(INDEX(SINAPI!$E:$E,MATCH($B96,SINAPI!$A:$A,0)),\"\")","v":"INSUMO"},546,{"$f":"IFERROR(INDEX(SINAPI!$B:$B,MATCH($B96,SINAPI!$A:$A,0)),\"\")","v":"BARRA DE FERRO RETANGULAR, BARRA CHATA (QUALQUER DIMENSAO)"},{"$f":"IFERROR(INDEX(SINAPI!$C:$C,MATCH($B96,SINAPI!$A:$A,0)),\"\")","v":"KG    "},42,{"$f":"IFERROR(INDEX(SINAPI!$D:$D,MATCH($B96,SINAPI!$A:$A,0)),0)","v":7.3},{"$f":"IFERROR(F96*E96,0)","v":306.59999999999997}]
[{"$f":"IFERROR(INDEX(SINAPI!$E:$E,MATCH($B97,SINAPI!$A:$A,0)),\"\")","v":"INSUMO"},567,{"$f":"IFERROR(INDEX(SINAPI!$B:$B,MATCH($B97,SINAPI!$A:$A,0)),\"\")","v":"CANTONEIRA FERRO GALVANIZADO DE ABAS IGUAIS, 1\" X 1/8\" (L X E) , 1,20KG/M"},{"$f":"IFERROR(INDEX(SINAPI!$C:$C,MATCH($B97,SINAPI!$A:$A,0)),\"\")","v":"M     "},2,{"$f":"IFERROR(INDEX(SINAPI!$D:$D,MATCH($B97,SINAPI!$A:$A,0)),0)","v":9.6199999999999992},{"$f":"IFERROR(F97*E97,0)","v":19.239999999999998}]
["INSUMO",88315,{"$f":"IFERROR(INDEX(SINAPI!$B:$B,MATCH($B98,SINAPI!$A:$A,0)),\"\")","v":"SERRALHEIRO COM ENCARGOS COMPLEMENTARES"},{"$f":"IFERROR(INDEX(SINAPI!$C:$C,MATCH($B98,SINAPI!$A:$A,0)),\"\")","v":"H"},1.5,{"$f":"IFERROR(INDEX(SINAPI!$D:$D,MATCH($B98,SINAPI!$A:$A,0)),0)","v":19.71},{"$f":"IFERROR(F98*E98,0)","v":29.565000000000001}]
[{"$f":"IFERROR(INDEX(SINAPI!$E:$E,MATCH($B99,SINAPI!$A:$A,0)),\"\")","v":"COMPOSIÇÃO"},88316,{"$f":"IFERROR(INDEX(SINAPI!$B:$B,MATCH($B99,SINAPI!$A:$A,0)),\"\")","v":"SERVENTE COM ENCARGOS COMPLEMENTARES"},{"$f":"IFERROR(INDEX(SINAPI!$C:$C,MATCH($B99,SINAPI!$A:$A,0)),\"\")","v":"H"},1.6,{"$f":"IFERROR(INDEX(SINAPI!$D:$D,MATCH($B99,SINAPI!$A:$A,0)),0)","v":15.91},25.456000000000003]
[{"$f":"IFERROR(INDEX(SINAPI!$E:$E,MATCH($B100,SINAPI!$A:$A,0)),\"\")","v":"COMPOSIÇÃO"},88631,{"$f":"IFERROR(INDEX(SINAPI!$B:$B,MATCH($B100,SINAPI!$A:$A,0)),\"\")","v":"ARGAMASSA TRAÇO 1:4 (EM VOLUME DE CIMENTO E AREIA MÉDIA ÚMIDA), PREPARO MANUAL. AF_08/2019"},{"$f":"IFERROR(INDEX(SINAPI!$C:$C,MATCH($B100,SINAPI!$A:$A,0)),\"\")","v":"M3"},1.6,{"$f":"IFERROR(INDEX(SINAPI!$D:$D,MATCH($B100,SINAPI!$A:$A,0)),0)","v":406.32},650.11200000000008]
[null,null,null,null,null,"TOTAL",{"$f":"SUM(G96:G100)","v":1030.973}]
[]
[]
["CLASSE/TIPO","CÓDIGOS/ SINAPI","DESCRIÇÃO","UND","COEFICIENTE","PREÇO UNITÁRIO","PREÇO TOTAL"]
["IFMT 089.02.03.2020",".089/R","PORTAO DE FERRO EM CHAPA GALVANIZADA PLANA 14 GSG","M2",null,null,{"$f":"G114","v":286.06849999999997}]
[{"$f":"IFERROR(INDEX(SINAPI!$E:$E,MATCH($B106,SINAPI!$A:$A,0)),\"\")","v":"INSUMO"},43054,{"$f":"IFERROR(INDEX(SINAPI!$B:$B,MATCH($B106,SINAPI!$A:$A,0)),\"\")","v":"ACO CA-25, 10,0 MM, OU 12,5 MM, OU 16,0 MM, OU 20,0 MM, OU 25,0 MM, VERGALHAO"},{"$f":"IFERROR(INDEX(SINAPI!$C:$C,MATCH($B106,SINAPI!$A:$A,0)),\"\")","v":"KG    "},5.0999999999999996,{"$f":"IFERROR(INDEX(SINAPI!$D:$D,MATCH($B106,SINAPI!$A:$A,0)),0)","v":7.01},{"$f":"IFERROR(F106*E106,0)","v":35.750999999999998}]
[{"$f":"IFERROR(INDEX(SINAPI!$E:$E,MATCH($B107,SINAPI!$A:$A,0)),\"\")","v":"INSUMO"},370,{"$f":"IFERROR(INDEX(SINAPI!$B:$B,MATCH($B107,SINAPI!$A:$A,0)),\"\")","v":"AREIA MEDIA - POSTO JAZIDA/FORNECEDOR (RETIRADO NA JAZIDA, SEM TRANSPORTE)"},{"$f":"IFERROR(INDEX(SINAPI!$C:$C,MATCH($B107,SINAPI!$A:$A,0)),\"\")","v":"M3    "},2.5000000000000001E-2,{"$f":"IFERROR(INDEX(SINAPI!$D:$D,MATCH($B107,SINAPI!$A:$A,0)),0)","v":62.5},{"$f":"IFERROR(F107*E107,0)","v":1.5625}]
[{"$f":"IFERROR(INDEX(SINAPI!$E:$E,MATCH($B108,SINAPI!$A:$A,0)),\"\")","v":"INSUMO"},1106,{"$f":"IFERROR(INDEX(SINAPI!$B:$B,MATCH($B108,SINAPI!$A:$A,0)),\"\")","v":"CAL HIDRATADA CH-I PARA ARGAMASSAS"},{"$f":"IFERROR(INDEX(SINAPI!$C:$C,MATCH($B108,SINAPI!$A:$A,0)),\"\")","v":"KG    "},1,{"$f":"IFERROR(INDEX(SINAPI!$D:$D,MATCH($B108,SINAPI!$A:$A,0)),0)","v":0.69},0.69]
[{"$f":"IFERROR(INDEX(SINAPI!$E:$E,MATCH($B109,SINAPI!$A:$A,0)),\"\")","v":"INSUMO"},1379,{"$f":"IFERROR(INDEX(SINAPI!$B:$B,MATCH($B109,SINAPI!$A:$A,0)),\"\")","v":"CIMENTO PORTLAND COMPOSTO CP II-32"},{"$f":"IFERROR(INDEX(SINAPI!$C:$C,MATCH($B109,SINAPI!$A:$A,0)),\"\")","v":"KG    "},4.5999999999999996,{"$f":"IFERROR(INDEX(SINAPI!$D:$D,MATCH($B109,SINAPI!$A:$A,0)),0)","v":0.52},2.3919999999999999]
[{"$f":"IFERROR(INDEX(SINAPI!$E:$E,MATCH($B110,SINAPI!$A:$A,0)),\"\")","v":"INSUMO"},4777,{"$f":"IFERROR(INDEX(SINAPI!$B:$B,MATCH($B110,SINAPI!$A:$A,0)),\"\")","v":"CANTONEIRA ACO ABAS IGUAIS (QUALQUER BITOLA), ESPESSURA ENTRE 1/8\" E 1/4\""},{"$f":"IFERROR(INDEX(SINAPI!$C:$C,MATCH($B110,SINAPI!$A:$A,0)),\"\")","v":"KG    "},8.26,{"$f":"IFERROR(INDEX(SINAPI!$D:$D,MATCH($B110,SINAPI!$A:$A,0)),0)","v":5.09},42.043399999999998]
[{"$f":"IFERROR(INDEX(SINAPI!$E:$E,MATCH($B111,SINAPI!$A:$A,0)),\"\")","v":"INSUMO"},11026,{"$f":"IFERROR(INDEX(SINAPI!$B:$B,MATCH($B111,SINAPI!$A:$A,0)),\"\")","v":"CHAPA DE ACO GALVANIZADA BITOLA GSG 14, E = 1,95 MM (15,60 KG/M2)"},{"$f":"IFERROR(INDEX(SINAPI!$C:$C,MATCH($B111,SINAPI!$A:$A,0)),\"\")","v":"KG    "},15.28,{"$f":"IFERROR(INDEX(SINAPI!$D:$D,MATCH($B111,SINAPI!$A:$A,0)),0)","v":9.82},150.0496]
[{"$f":"IFERROR(INDEX(SINAPI!$E:$E,MATCH($B112,SINAPI!$A:$A,0)),\"\")","v":"COMPOSIÇÃO"},88309,{"$f":"IFERROR(INDEX(SINAPI!$B:$B,MATCH($B112,SINAPI!$A:$A,0)),\"\")","v":"PEDREIRO COM ENCARGOS COMPLEMENTARES"},{"$f":"IFERROR(INDEX(SINAPI!$C:$C,MATCH($B112,SINAPI!$A:$A,0)),\"\")","v":"H"},1.5,{"$f":"IFERROR(INDEX(SINAPI!$D:$D,MATCH($B112,SINAPI!$A:$A,0)),0)","v":19.809999999999999},29.714999999999996]
[{"$f":"IFERROR(INDEX(SINAPI!$E:$E,MATCH($B113,SINAPI!$A:$A,0)),\"\")","v":"COMPOSIÇÃO"},88316,{"$f":"IFERROR(INDEX(SINAPI!$B:$B,MATCH($B113,SINAPI!$A:$A,0)),\"\")","v":"SERVENTE COM ENCARGOS COMPLEMENTARES"},{"$f":"IFERROR(INDEX(SINAPI!$C:$C,MATCH($B113,SINAPI!$A:$A,0)),\"\")","v":"H"},1.5,{"$f":"IFERROR(INDEX(SINAPI!$D:$D,MATCH($B113,SINAPI!$A:$A,0)),0)","v":15.91},23.865000000000002]
[null,null,null,null,null,"TOTAL",{"$f":"SUM(G106:G113)","v":286.06849999999997}]
[]
[]
["CLASSE/TIPO","CÓDIGOS/ SINAPI","DESCRIÇÃO","UND","COEFICIENTE","PREÇO UNITÁRIO","PREÇO TOTAL"]
["IFMT 114.02.2020",{"$f":"IFERROR(INDEX(COMPOSIÇÕES_IFMT!$B:$B,MATCH($A118,COMPOSIÇÕES_IFMT!$A:$A,0)),\"\")","v":".114/D"},{"$f":"IFERROR(INDEX(COMPOSIÇÕES_IFMT!$C:$C,MATCH($A118,COMPOSIÇÕES_IFMT!$A:$A,0)),\"\")","v":"INSTALAÇÃO DE UNIDADE REFRIGERADORA"},{"$f":"IFERROR(INDEX(COMPOSIÇÕES_IFMT!$D:$D,MATCH($A118,COMPOSIÇÕES_IFMT!$A:$A,0)),\"\")","v":"UN "},null,null,{"$f":"G127","v":569.71040000000005}]
[{"$f":"IFERROR(INDEX(SINAPI!$E:$E,MATCH($B119,SINAPI!$A:$A,0)),\"\")","v":"COMPOSIÇÃO"},{"$f":"IF(IFERROR(INDEX(COMPOSIÇÕES_IFMT!$B:$B,MATCH($A118,COMPOSIÇÕES_IFMT!$A:$A,0)),\"\")<>\"\",OFFSET(COMPOSIÇÕES_IFMT!$A$1,MATCH($A118,COMPOSIÇÕES_IFMT!$A:$A,0),1),\"\")","v":88275},{"$f":"IFERROR(INDEX(SINAPI!$B:$B,MATCH($B119,SINAPI!$A:$A,0)),\"\")","v":"MECÃNICO DE EQUIPAMENTOS PESADOS COM ENCARGOS COMPLEMENTARES"},{"$f":"IFERROR(INDEX(SINAPI!$C:$C,MATCH($B119,SINAPI!$A:$A,0)),\"\")","v":"H"},{"$f":"IF(IFERROR(INDEX(COMPOSIÇÕES_IFMT!$B:$B,MATCH($A118,COMPOSIÇÕES_IFMT!$A:$A,0)),\"\")<>\"\",OFFSET(COMPOSIÇÕES_IFMT!$A$1,MATCH($A118,COMPOSIÇÕES_IFMT!$A:$A,0),4),\"\")","v":2},{"$f":"IFERROR(INDEX(SINAPI!$D:$D,MATCH($B119,SINAPI!$A:$A,0)),0)","v":20.309999999999999},{"$f":"IFERROR(F119*E119,0)","v":40.619999999999997}]
[{"$f":"IFERROR(INDEX(SINAPI!$E:$E,MATCH($B120,SINAPI!$A:$A,0)),\"\")","v":"COMPOSIÇÃO"},{"$f":"IF(IFERROR(INDEX(COMPOSIÇÕES_IFMT!$B:$B,MATCH($A118,COMPOSIÇÕES_IFMT!$A:$A,0)),\"\")<>\"\",OFFSET(COMPOSIÇÕES_IFMT!$A$1,MATCH($A118,COMPOSIÇÕES_IFMT!$A:$A,0)+1,1),\"\")","v":88250},{"$f":"IFERROR(INDEX(SINAPI!$B:$B,MATCH($B120,SINAPI!$A:$A,0)),\"\")","v":"AUXILIAR DE MECÂNICO COM ENCARGOS COMPLEMENTARES"},{"$f":"IFERROR(INDEX(SINAPI!$C:$C,MATCH($B120,SINAPI!$A:$A,0)),\"\")","v":"H"},{"$f":"IF(IFERROR(INDEX(COMPOSIÇÕES_IFMT!$B:$B,MATCH($A118,COMPOSIÇÕES_IFMT!$A:$A,0)),\"\")<>\"\",OFFSET(COMPOSIÇÕES_IFMT!$A$1,MATCH($A118,COMPOSIÇÕES_IFMT!$A:$A,0)+1,4),\"\")","v":2},{"$f":"IFERROR(INDEX(SINAPI!$D:$D,MATCH($B120,SINAPI!$A:$A,0)),0)","v":13.34},{"$f":"IFERROR(F120*E120,0)","v":26.68}]
[{"$f":"IFERROR(INDEX(SINAPI!$E:$E,MATCH($B121,SINAPI!$A:$A,0)),\"\")","v":"INSUMO"},{"$f":"IF(IFERROR(INDEX(COMPOSIÇÕES_IFMT!$B:$B,MATCH($A118,COMPOSIÇÕES_IFMT!$A:$A,0)),\"\")<>\"\",OFFSET(COMPOSIÇÕES_IFMT!$A$1,MATCH($A118,COMPOSIÇÕES_IFMT!$A:$A,0)+2,1),\"\")","v":39748},{"$f":"IFERROR(INDEX(SINAPI!$B:$B,MATCH($B121,SINAPI!$A:$A,0)),\"\")","v":"TUBO DE COBRE CLASSE \"A\", DN = 3/4 \" (22 MM), PARA INSTALACOES DE MEDIA PRESSAO PARA GASES COMBUSTIVEIS E MEDICINAIS"},{"$f":"IFERROR(INDEX(SINAPI!$C:$C,MATCH($B121,SINAPI!$A:$A,0)),\"\")","v":"M     "},{"$f":"IF(IFERROR(INDEX(COMPOSIÇÕES_IFMT!$B:$B,MATCH($A118,COMPOSIÇÕES_IFMT!$A:$A,0)),\"\")<>\"\",OFFSET(COMPOSIÇÕES_IFMT!$A$1,MATCH($A118,COMPOSIÇÕES_IFMT!$A:$A,0)+2,4),\"\")","v":5},{"$f":"IFERROR(INDEX(SINAPI!$D:$D,MATCH($B121,SINAPI!$A:$A,0)),0)","v":53.88},269.40000000000003]
["INSUMO",11509,"GÁS REFRIGERANTE R22","KG",1.86,30.14,56.060400000000001]
[{"$f":"IFERROR(INDEX(SINAPI!$E:$E,MATCH($B123,SINAPI!$A:$A,0)),\"\")","v":"INSUMO"},{"$f":"IF(IFERROR(INDEX(COMPOSIÇÕES_IFMT!$B:$B,MATCH($A118,COMPOSIÇÕES_IFMT!$A:$A,0)),\"\")<>\"\",OFFSET(COMPOSIÇÕES_IFMT!$A$1,MATCH($A118,COMPOSIÇÕES_IFMT!$A:$A,0)+4,1),\"\")","v":39719},{"$f":"IFERROR(INDEX(SINAPI!$B:$B,MATCH($B123,SINAPI!$A:$A,0)),\"\")","v":"ADESIVO LIQUIDO A BASE DE RESINAS PARA COLAGEM DE ESPUMA DE ISOLAMENTO TERMICO FLEXIVEL"},{"$f":"IFERROR(INDEX(SINAPI!$C:$C,MATCH($B123,SINAPI!$A:$A,0)),\"\")","v":"L     "},{"$f":"IF(IFERROR(INDEX(COMPOSIÇÕES_IFMT!$B:$B,MATCH($A118,COMPOSIÇÕES_IFMT!$A:$A,0)),\"\")<>\"\",OFFSET(COMPOSIÇÕES_IFMT!$A$1,MATCH($A118,COMPOSIÇÕES_IFMT!$A:$A,0)+4,4),\"\")","v":1},{"$f":"IFERROR(INDEX(SINAPI!$D:$D,MATCH($B123,SINAPI!$A:$A,0)),0)","v":108.01},108.01]
[{"$f":"IFERROR(INDEX(SINAPI!$E:$E,MATCH($B124,SINAPI!$A:$A,0)),\"\")","v":"INSUMO"},{"$f":"IF(IFERROR(INDEX(COMPOSIÇÕES_IFMT!$B:$B,MATCH($A118,COMPOSIÇÕES_IFMT!$A:$A,0)),\"\")<>\"\",OFFSET(COMPOSIÇÕES_IFMT!$A$1,MATCH($A118,COMPOSIÇÕES_IFMT!$A:$A,0)+5,1),\"\")","v":42529},{"$f":"IFERROR(INDEX(SINAPI!$B:$B,MATCH($B124,SINAPI!$A:$A,0)),\"\")","v":"FITA ADESIVA ALUMINIZADA, PARA INSTALACAO DE MANTAS DE SUBCOBERTURA,  L = *5* CM"},{"$f":"IFERROR(INDEX(SINAPI!$C:$C,MATCH($B124,SINAPI!$A:$A,0)),\"\")","v":"M     "},{"$f":"IF(IFERROR(INDEX(COMPOSIÇÕES_IFMT!$B:$B,MATCH($A118,COMPOSIÇÕES_IFMT!$A:$A,0)),\"\")<>\"\",OFFSET(COMPOSIÇÕES_IFMT!$A$1,MATCH($A118,COMPOSIÇÕES_IFMT!$A:$A,0)+5,4),\"\")","v":30},{"$f":"IFERROR(INDEX(SINAPI!$D:$D,MATCH($B124,SINAPI!$A:$A,0)),0)","v":1.1599999999999999},34.799999999999997]
[{"$f":"IFERROR(INDEX(SINAPI!$E:$E,MATCH($B125,SINAPI!$A:$A,0)),\"\")","v":"INSUMO"},{"$f":"IF(IFERROR(INDEX(COMPOSIÇÕES_IFMT!$B:$B,MATCH($A118,COMPOSIÇÕES_IFMT!$A:$A,0)),\"\")<>\"\",OFFSET(COMPOSIÇÕES_IFMT!$A$1,MATCH($A118,COMPOSIÇÕES_IFMT!$A:$A,0)+6,1),\"\")","v":37590},{"$f":"IFERROR(INDEX(SINAPI!$B:$B,MATCH($B125,SINAPI!$A:$A,0)),\"\")","v":"SUPORTE MAO-FRANCESA EM ACO, ABAS IGUAIS 30 CM, CAPACIDADE MINIMA 60 KG, BRANCO"},{"$f":"IFERROR(INDEX(SINAPI!$C:$C,MATCH($B125,SINAPI!$A:$A,0)),\"\")","v":"UN    "},{"$f":"IF(IFERROR(INDEX(COMPOSIÇÕES_IFMT!$B:$B,MATCH($A118,COMPOSIÇÕES_IFMT!$A:$A,0)),\"\")<>\"\",OFFSET(COMPOSIÇÕES_IFMT!$A$1,MATCH($A118,COMPOSIÇÕES_IFMT!$A:$A,0)+6,4),\"\")","v":2},{"$f":"IFERROR(INDEX(SINAPI!$D:$D,MATCH($B125,SINAPI!$A:$A,0)),0)","v":10.71},21.42]
[{"$f":"IFERROR(INDEX(SINAPI!$E:$E,MATCH($B126,SINAPI!$A:$A,0)),\"\")","v":"INSUMO"},{"$f":"IF(IFERROR(INDEX(COMPOSIÇÕES_IFMT!$B:$B,MATCH($A118,COMPOSIÇÕES_IFMT!$A:$A,0)),\"\")<>\"\",OFFSET(COMPOSIÇÕES_IFMT!$A$1,MATCH($A118,COMPOSIÇÕES_IFMT!$A:$A,0)+7,1),\"\")","v":11964},{"$f":"IFERROR(INDEX(SINAPI!$B:$B,MATCH($B126,SINAPI!$A:$A,0)),\"\")","v":"PARAFUSO DE ACO TIPO CHUMBADOR PARABOLT, DIAMETRO 3/8\", COMPRIMENTO 75 MM"},{"$f":"IFERROR(INDEX(SINAPI!$C:$C,MATCH($B126,SINAPI!$A:$A,0)),\"\")","v":"UN    "},{"$f":"IF(IFERROR(INDEX(COMPOSIÇÕES_IFMT!$B:$B,MATCH($A118,COMPOSIÇÕES_IFMT!$A:$A,0)),\"\")<>\"\",OFFSET(COMPOSIÇÕES_IFMT!$A$1,MATCH($A118,COMPOSIÇÕES_IFMT!$A:$A,0)+7,4),\"\")","v":8},{"$f":"IFERROR(INDEX(SINAPI!$D:$D,MATCH($B126,SINAPI!$A:$A,0)),0)","v":1.59},12.72]
[null,null,null,null,null,"TOTAL",{"$f":"SUM(G119:G126)","v":569.71040000000005}]
[]
[]
["CLASSE/TIPO","CÓDIGOS/ SINAPI","DESCRIÇÃO","UND","COEFICIENTE","PREÇO UNITÁRIO","PREÇO TOTAL"]
["IFMT 115.02.2020",{"$f":"IFERROR(INDEX(COMPOSIÇÕES_IFMT!$B:$B,MATCH($A131,COMPOSIÇÕES_IFMT!$A:$A,0)),\"\")","v":".115/D"},{"$f":"IFERROR(INDEX(COMPOSIÇÕES_IFMT!$C:$C,MATCH($A131,COMPOSIÇÕES_IFMT!$A:$A,0)),\"\")","v":"INSTALAÇÃO DE UNIDADE CONDENSADORA"},{"$f":"IFERROR(INDEX(COMPOSIÇÕES_IFMT!$D:$D,MATCH($A131,COMPOSIÇÕES_IFMT!$A:$A,0)),\"\")","v":"UN "},null,null,{"$f":"G136","v":59.508499999999998}]
[{"$f":"IFERROR(INDEX(SINAPI!$E:$E,MATCH($B132,SINAPI!$A:$A,0)),\"\")","v":"COMPOSIÇÃO"},{"$f":"IF(IFERROR(INDEX(COMPOSIÇÕES_IFMT!$B:$B,MATCH($A131,COMPOSIÇÕES_IFMT!$A:$A,0)),\"\")<>\"\",OFFSET(COMPOSIÇÕES_IFMT!$A$1,MATCH($A131,COMPOSIÇÕES_IFMT!$A:$A,0),1),\"\")","v":88265},{"$f":"IFERROR(INDEX(SINAPI!$B:$B,MATCH($B132,SINAPI!$A:$A,0)),\"\")","v":"ELETRICISTA INDUSTRIAL COM ENCARGOS COMPLEMENTARES"},{"$f":"IFERROR(INDEX(SINAPI!$C:$C,MATCH($B132,SINAPI!$A:$A,0)),\"\")","v":"H"},{"$f":"IF(IFERROR(INDEX(COMPOSIÇÕES_IFMT!$B:$B,MATCH($A131,COMPOSIÇÕES_IFMT!$A:$A,0)),\"\")<>\"\",OFFSET(COMPOSIÇÕES_IFMT!$A$1,MATCH($A131,COMPOSIÇÕES_IFMT!$A:$A,0),4),\"\")","v":0.85},{"$f":"IFERROR(INDEX(SINAPI!$D:$D,MATCH($B132,SINAPI!$A:$A,0)),0)","v":20.52},{"$f":"IFERROR(F132*E132,0)","v":17.442}]
[{"$f":"IFERROR(INDEX(SINAPI!$E:$E,MATCH($B133,SINAPI!$A:$A,0)),\"\")","v":"COMPOSIÇÃO"},{"$f":"IF(IFERROR(INDEX(COMPOSIÇÕES_IFMT!$B:$B,MATCH($A131,COMPOSIÇÕES_IFMT!$A:$A,0)),\"\")<>\"\",OFFSET(COMPOSIÇÕES_IFMT!$A$1,MATCH($A131,COMPOSIÇÕES_IFMT!$A:$A,0)+1,1),\"\")","v":88247},{"$f":"IFERROR(INDEX(SINAPI!$B:$B,MATCH($B133,SINAPI!$A:$A,0)),\"\")","v":"AUXILIAR DE ELETRICISTA COM ENCARGOS COMPLEMENTARES"},{"$f":"IFERROR(INDEX(SINAPI!$C:$C,MATCH($B133,SINAPI!$A:$A,0)),\"\")","v":"H"},{"$f":"IF(IFERROR(INDEX(COMPOSIÇÕES_IFMT!$B:$B,MATCH($A131,COMPOSIÇÕES_IFMT!$A:$A,0)),\"\")<>\"\",OFFSET(COMPOSIÇÕES_IFMT!$A$1,MATCH($A131,COMPOSIÇÕES_IFMT!$A:$A,0)+1,4),\"\")","v":0.85},{"$f":"IFERROR(INDEX(SINAPI!$D:$D,MATCH($B133,SINAPI!$A:$A,0)),0)","v":15.84},{"$f":"IFERROR(F133*E133,0)","v":13.464}]
[{"$f":"IFERROR(INDEX(SINAPI!$E:$E,MATCH($B134,SINAPI!$A:$A,0)),\"\")","v":"COMPOSIÇÃO"},{"$f":"IF(IFERROR(INDEX(COMPOSIÇÕES_IFMT!$B:$B,MATCH($A131,COMPOSIÇÕES_IFMT!$A:$A,0)),\"\")<>\"\",OFFSET(COMPOSIÇÕES_IFMT!$A$1,MATCH($A131,COMPOSIÇÕES_IFMT!$A:$A,0)+2,1),\"\")","v":88275},{"$f":"IFERROR(INDEX(SINAPI!$B:$B,MATCH($B134,SINAPI!$A:$A,0)),\"\")","v":"MECÃNICO DE EQUIPAMENTOS PESADOS COM ENCARGOS COMPLEMENTARES"},{"$f":"IFERROR(INDEX(SINAPI!$C:$C,MATCH($B134,SINAPI!$A:$A,0)),\"\")","v":"H"},{"$f":"IF(IFERROR(INDEX(COMPOSIÇÕES_IFMT!$B:$B,MATCH($A131,COMPOSIÇÕES_IFMT!$A:$A,0)),\"\")<>\"\",OFFSET(COMPOSIÇÕES_IFMT!$A$1,MATCH($A131,COMPOSIÇÕES_IFMT!$A:$A,0)+2,4),\"\")","v":0.85},{"$f":"IFERROR(INDEX(SINAPI!$D:$D,MATCH($B134,SINAPI!$A:$A,0)),0)","v":20.309999999999999},17.263499999999997]
[{"$f":"IFERROR(INDEX(SINAPI!$E:$E,MATCH($B135,SINAPI!$A:$A,0)),\"\")","v":"COMPOSIÇÃO"},{"$f":"IF(IFERROR(INDEX(COMPOSIÇÕES_IFMT!$B:$B,MATCH($A131,COMPOSIÇÕES_IFMT!$A:$A,0)),\"\")<>\"\",OFFSET(COMPOSIÇÕES_IFMT!$A$1,MATCH($A131,COMPOSIÇÕES_IFMT!$A:$A,0)+3,1),\"\")","v":88250},{"$f":"IFERROR(INDEX(SINAPI!$B:$B,MATCH($B135,SINAPI!$A:$A,0)),\"\")","v":"AUXILIAR DE MECÂNICO COM ENCARGOS COMPLEMENTARES"},{"$f":"IFERROR(INDEX(SINAPI!$C:$C,MATCH($B135,SINAPI!$A:$A,0)),\"\")","v":"H"},{"$f":"IF(IFERROR(INDEX(COMPOSIÇÕES_IFMT!$B:$B,MATCH($A131,COMPOSIÇÕES_IFMT!$A:$A,0)),\"\")<>\"\",OFFSET(COMPOSIÇÕES_IFMT!$A$1,MATCH($A131,COMPOSIÇÕES_IFMT!$A:$A,0)+3,4),\"\")","v":0.85},{"$f":"IFERROR(INDEX(SINAPI!$D:$D,MATCH($B135,SINAPI!$A:$A,0)),0)","v":13.34},11.339]
[null,null,null,null,null,"TOTAL",{"$f":"SUM(G132:G135)","v":59.508499999999998}]
[]
[]
["CLASSE/TIPO","CÓDIGOS/ SINAPI","DESCRIÇÃO","UND","COEFICIENTE","PREÇO UNITÁRIO","PREÇO TOTAL"]
["IFMT 116.01.2020",{"$f":"IFERROR(INDEX(COMPOSIÇÕES_IFMT!$B:$B,MATCH($A140,COMPOSIÇÕES_IFMT!$A:$A,0)),\"\")","v":".116/E"},{"$f":"IFERROR(INDEX(COMPOSIÇÕES_IFMT!$C:$C,MATCH($A140,COMPOSIÇÕES_IFMT!$A:$A,0)),\"\")","v":"FIXAÇÃO DE TUBOS HORIZONTAIS DE PVC, CPVC OU COBRE DIÂMETROS MENORES OU IGUAIS A 40 MM OU ELETROCALHAS ATÉ 150MM DE LARGURA, COM ABRAÇADEIRA METÁLICA RÍGIDA TIPO D 1/2\u0094, FIXADA EM PERFILADO EM LAJE. (FIXAÇÃO POR CUNHA)"},{"$f":"IFERROR(INDEX(COMPOSIÇÕES_IFMT!$D:$D,MATCH($A140,COMPOSIÇÕES_IFMT!$A:$A,0)),\"\")","v":"M"},null,null,{"$f":"G144","v":3.2949000000000002}]
[{"$f":"IFERROR(INDEX(SINAPI!$E:$E,MATCH($B141,SINAPI!$A:$A,0)),\"\")","v":"COMPOSIÇÃO"},{"$f":"IF(IFERROR(INDEX(COMPOSIÇÕES_IFMT!$B:$B,MATCH($A140,COMPOSIÇÕES_IFMT!$A:$A,0)),\"\")<>\"\",OFFSET(COMPOSIÇÕES_IFMT!$A$1,MATCH($A140,COMPOSIÇÕES_IFMT!$A:$A,0),1),\"\")","v":88248},{"$f":"IFERROR(INDEX(SINAPI!$B:$B,MATCH($B141,SINAPI!$A:$A,0)),\"\")","v":"AUXILIAR DE ENCANADOR OU BOMBEIRO HIDRÁULICO COM ENCARGOS COMPLEMENTARES"},{"$f":"IFERROR(INDEX(SINAPI!$C:$C,MATCH($B141,SINAPI!$A:$A,0)),\"\")","v":"H"},{"$f":"IF(IFERROR(INDEX(COMPOSIÇÕES_IFMT!$B:$B,MATCH($A140,COMPOSIÇÕES_IFMT!$A:$A,0)),\"\")<>\"\",OFFSET(COMPOSIÇÕES_IFMT!$A$1,MATCH($A140,COMPOSIÇÕES_IFMT!$A:$A,0),4),\"\")","v":0.01},{"$f":"IFERROR(INDEX(SINAPI!$D:$D,MATCH($B141,SINAPI!$A:$A,0)),0)","v":15.38},{"$f":"IFERROR(F141*E141,0)","v":0.15380000000000002}]
[{"$f":"IFERROR(INDEX(SINAPI!$E:$E,MATCH($B142,SINAPI!$A:$A,0)),\"\")","v":"COMPOSIÇÃO"},{"$f":"IF(IFERROR(INDEX(COMPOSIÇÕES_IFMT!$B:$B,MATCH($A140,COMPOSIÇÕES_IFMT!$A:$A,0)),\"\")<>\"\",OFFSET(COMPOSIÇÕES_IFMT!$A$1,MATCH($A140,COMPOSIÇÕES_IFMT!$A:$A,0)+1,1),\"\")","v":88267},{"$f":"IFERROR(INDEX(SINAPI!$B:$B,MATCH($B142,SINAPI!$A:$A,0)),\"\")","v":"ENCANADOR OU BOMBEIRO HIDRÁULICO COM ENCARGOS COMPLEMENTARES"},{"$f":"IFERROR(INDEX(SINAPI!$C:$C,MATCH($B142,SINAPI!$A:$A,0)),\"\")","v":"H"},{"$f":"IF(IFERROR(INDEX(COMPOSIÇÕES_IFMT!$B:$B,MATCH($A140,COMPOSIÇÕES_IFMT!$A:$A,0)),\"\")<>\"\",OFFSET(COMPOSIÇÕES_IFMT!$A$1,MATCH($A140,COMPOSIÇÕES_IFMT!$A:$A,0)+1,4),\"\")","v":6.9000000000000006E-2},{"$f":"IFERROR(INDEX(SINAPI!$D:$D,MATCH($B142,SINAPI!$A:$A,0)),0)","v":19.899999999999999},{"$f":"IFERROR(F142*E142,0)","v":1.3731}]
[{"$f":"IFERROR(INDEX(SINAPI!$E:$E,MATCH($B143,SINAPI!$A:$A,0)),\"\")","v":"INSUMO"},{"$f":"IF(IFERROR(INDEX(COMPOSIÇÕES_IFMT!$B:$B,MATCH($A140,COMPOSIÇÕES_IFMT!$A:$A,0)),\"\")<>\"\",OFFSET(COMPOSIÇÕES_IFMT!$A$1,MATCH($A140,COMPOSIÇÕES_IFMT!$A:$A,0)+2,1),\"\")","v":39131},{"$f":"IFERROR(INDEX(SINAPI!$B:$B,MATCH($B143,SINAPI!$A:$A,0)),\"\")","v":"ABRACADEIRA EM ACO PARA AMARRACAO DE ELETRODUTOS, TIPO D, COM 1 1/2\" E CUNHA DE FIXACAO"},{"$f":"IFERROR(INDEX(SINAPI!$C:$C,MATCH($B143,SINAPI!$A:$A,0)),\"\")","v":"UN    "},{"$f":"IF(IFERROR(INDEX(COMPOSIÇÕES_IFMT!$B:$B,MATCH($A140,COMPOSIÇÕES_IFMT!$A:$A,0)),\"\")<>\"\",OFFSET(COMPOSIÇÕES_IFMT!$A$1,MATCH($A140,COMPOSIÇÕES_IFMT!$A:$A,0)+2,4),\"\")","v":0.65},{"$f":"IFERROR(INDEX(SINAPI!$D:$D,MATCH($B143,SINAPI!$A:$A,0)),0)","v":2.72},1.7680000000000002]
[null,null,null,null,null,"TOTAL",{"$f":"SUM(G141:G143)","v":3.2949000000000002}]
[]
[]
["CLASSE/TIPO","CÓDIGOS/ SINAPI","DESCRIÇÃO","UND","COEFICIENTE","PREÇO UNITÁRIO","PREÇO TOTAL"]
["IFMT 117.01.2020",{"$f":"IFERROR(INDEX(COMPOSIÇÕES_IFMT!$B:$B,MATCH($A148,COMPOSIÇÕES_IFMT!$A:$A,0)),\"\")","v":".117/E"},{"$f":"IFERROR(INDEX(COMPOSIÇÕES_IFMT!$C:$C,MATCH($A148,COMPOSIÇÕES_IFMT!$A:$A,0)),\"\")","v":"FIXAÇÃO DE TUBOS VERTICAIS DE PPR DIÂMETROS MENORES OU IGUAIS A 40 MM COM ABRAÇADEIRA METÁLICA RÍGIDA TIPO D 1/2\", FIXADA EM PERFILADO EM ALVENARIA. (FIXAÇÃO POR CUNHA)"},{"$f":"IFERROR(INDEX(COMPOSIÇÕES_IFMT!$D:$D,MATCH($A148,COMPOSIÇÕES_IFMT!$A:$A,0)),\"\")","v":"M"},null,null,{"$f":"G152","v":1.67916}]
[{"$f":"IFERROR(INDEX(SINAPI!$E:$E,MATCH($B149,SINAPI!$A:$A,0)),\"\")","v":"INSUMO"},{"$f":"IF(IFERROR(INDEX(COMPOSIÇÕES_IFMT!$B:$B,MATCH($A148,COMPOSIÇÕES_IFMT!$A:$A,0)),\"\")<>\"\",OFFSET(COMPOSIÇÕES_IFMT!$A$1,MATCH($A148,COMPOSIÇÕES_IFMT!$A:$A,0),1),\"\")","v":39131},{"$f":"IFERROR(INDEX(SINAPI!$B:$B,MATCH($B149,SINAPI!$A:$A,0)),\"\")","v":"ABRACADEIRA EM ACO PARA AMARRACAO DE ELETRODUTOS, TIPO D, COM 1 1/2\" E CUNHA DE FIXACAO"},{"$f":"IFERROR(INDEX(SINAPI!$C:$C,MATCH($B149,SINAPI!$A:$A,0)),\"\")","v":"UN    "},{"$f":"IF(IFERROR(INDEX(COMPOSIÇÕES_IFMT!$B:$B,MATCH($A148,COMPOSIÇÕES_IFMT!$A:$A,0)),\"\")<>\"\",OFFSET(COMPOSIÇÕES_IFMT!$A$1,MATCH($A148,COMPOSIÇÕES_IFMT!$A:$A,0),4),\"\")","v":0.33300000000000002},{"$f":"IFERROR(INDEX(SINAPI!$D:$D,MATCH($B149,SINAPI!$A:$A,0)),0)","v":2.72},{"$f":"IFERROR(F149*E149,0)","v":0.90576000000000012}]
[{"$f":"IFERROR(INDEX(SINAPI!$E:$E,MATCH($B150,SINAPI!$A:$A,0)),\"\")","v":"COMPOSIÇÃO"},{"$f":"IF(IFERROR(INDEX(COMPOSIÇÕES_IFMT!$B:$B,MATCH($A148,COMPOSIÇÕES_IFMT!$A:$A,0)),\"\")<>\"\",OFFSET(COMPOSIÇÕES_IFMT!$A$1,MATCH($A148,COMPOSIÇÕES_IFMT!$A:$A,0)+1,1),\"\")","v":88248},{"$f":"IFERROR(INDEX(SINAPI!$B:$B,MATCH($B150,SINAPI!$A:$A,0)),\"\")","v":"AUXILIAR DE ENCANADOR OU BOMBEIRO HIDRÁULICO COM ENCARGOS COMPLEMENTARES"},{"$f":"IFERROR(INDEX(SINAPI!$C:$C,MATCH($B150,SINAPI!$A:$A,0)),\"\")","v":"H"},{"$f":"IF(IFERROR(INDEX(COMPOSIÇÕES_IFMT!$B:$B,MATCH($A148,COMPOSIÇÕES_IFMT!$A:$A,0)),\"\")<>\"\",OFFSET(COMPOSIÇÕES_IFMT!$A$1,MATCH($A148,COMPOSIÇÕES_IFMT!$A:$A,0)+1,4),\"\")","v":5.0000000000000001E-3},{"$f":"IFERROR(INDEX(SINAPI!$D:$D,MATCH($B150,SINAPI!$A:$A,0)),0)","v":15.38},{"$f":"IFERROR(F150*E150,0)","v":7.690000000000001E-2}]
[{"$f":"IFERROR(INDEX(SINAPI!$E:$E,MATCH($B151,SINAPI!$A:$A,0)),\"\")","v":"COMPOSIÇÃO"},{"$f":"IF(IFERROR(INDEX(COMPOSIÇÕES_IFMT!$B:$B,MATCH($A148,COMPOSIÇÕES_IFMT!$A:$A,0)),\"\")<>\"\",OFFSET(COMPOSIÇÕES_IFMT!$A$1,MATCH($A148,COMPOSIÇÕES_IFMT!$A:$A,0)+2,1),\"\")","v":88267},{"$f":"IFERROR(INDEX(SINAPI!$B:$B,MATCH($B151,SINAPI!$A:$A,0)),\"\")","v":"ENCANADOR OU BOMBEIRO HIDRÁULICO COM ENCARGOS COMPLEMENTARES"},{"$f":"IFERROR(INDEX(SINAPI!$C:$C,MATCH($B151,SINAPI!$A:$A,0)),\"\")","v":"H"},{"$f":"IF(IFERROR(INDEX(COMPOSIÇÕES_IFMT!$B:$B,MATCH($A148,COMPOSIÇÕES_IFMT!$A:$A,0)),\"\")<>\"\",OFFSET(COMPOSIÇÕES_IFMT!$A$1,MATCH($A148,COMPOSIÇÕES_IFMT!$A:$A,0)+2,4),\"\")","v":3.5000000000000003E-2},{"$f":"IFERROR(INDEX(SINAPI!$D:$D,MATCH($B151,SINAPI!$A:$A,0)),0)","v":19.899999999999999},0.69650000000000001]
[null,null,null,null,null,"TOTAL",{"$f":"SUM(G149:G151)","v":1.67916}]
[]
[]
["CLASSE/TIPO","CÓDIGOS/ SINAPI","DESCRIÇÃO","UND","COEFICIENTE","PREÇO UNITÁRIO","PREÇO TOTAL"]
["IFMT 119.01.2020",{"$f":"IFERROR(INDEX(COMPOSIÇÕES_IFMT!$B:$B,MATCH($A156,COMPOSIÇÕES_IFMT!$A:$A,0)),\"\")","v":".119/E"},{"$f":"IFERROR(INDEX(COMPOSIÇÕES_IFMT!$C:$C,MATCH($A156,COMPOSIÇÕES_IFMT!$A:$A,0)),\"\")","v":"ELETRODUTO DE AÇO GALVANIZADO, CLASSE LEVE, DN 20 MM (3/4\u0092\u0092), APARENTE, INSTALADO EM PAREDE - FORNECIMENTO E INSTALAÇÃO.(FIXAÇÃO POR CUNHA)"},{"$f":"IFERROR(INDEX(COMPOSIÇÕES_IFMT!$D:$D,MATCH($A156,COMPOSIÇÕES_IFMT!$A:$A,0)),\"\")","v":"M"},null,null,{"$f":"G162","v":24.869579999999999}]
[{"$f":"IFERROR(INDEX(SINAPI!$E:$E,MATCH($B157,SINAPI!$A:$A,0)),\"\")","v":"INSUMO"},{"$f":"IF(IFERROR(INDEX(COMPOSIÇÕES_IFMT!$B:$B,MATCH($A156,COMPOSIÇÕES_IFMT!$A:$A,0)),\"\")<>\"\",OFFSET(COMPOSIÇÕES_IFMT!$A$1,MATCH($A156,COMPOSIÇÕES_IFMT!$A:$A,0),1),\"\")","v":21128},{"$f":"IFERROR(INDEX(SINAPI!$B:$B,MATCH($B157,SINAPI!$A:$A,0)),\"\")","v":"!EM PROCESSO DESATIVACAO! ELETRODUTO EM ACO GALVANIZADO ELETROLITICO, LEVE, DIAMETRO 3/4\", PAREDE DE 0,90 MM"},{"$f":"IFERROR(INDEX(SINAPI!$C:$C,MATCH($B157,SINAPI!$A:$A,0)),\"\")","v":"M     "},{"$f":"IF(IFERROR(INDEX(COMPOSIÇÕES_IFMT!$B:$B,MATCH($A156,COMPOSIÇÕES_IFMT!$A:$A,0)),\"\")<>\"\",OFFSET(COMPOSIÇÕES_IFMT!$A$1,MATCH($A156,COMPOSIÇÕES_IFMT!$A:$A,0),4),\"\")","v":1.05},{"$f":"IFERROR(INDEX(SINAPI!$D:$D,MATCH($B157,SINAPI!$A:$A,0)),0)","v":8.1},{"$f":"IFERROR(F157*E157,0)","v":8.5050000000000008}]
[{"$f":"IFERROR(INDEX(SINAPI!$E:$E,MATCH($B158,SINAPI!$A:$A,0)),\"\")","v":"COMPOSIÇÃO"},{"$f":"IF(IFERROR(INDEX(COMPOSIÇÕES_IFMT!$B:$B,MATCH($A156,COMPOSIÇÕES_IFMT!$A:$A,0)),\"\")<>\"\",OFFSET(COMPOSIÇÕES_IFMT!$A$1,MATCH($A156,COMPOSIÇÕES_IFMT!$A:$A,0)+1,1),\"\")","v":88247},{"$f":"IFERROR(INDEX(SINAPI!$B:$B,MATCH($B158,SINAPI!$A:$A,0)),\"\")","v":"AUXILIAR DE ELETRICISTA COM ENCARGOS COMPLEMENTARES"},{"$f":"IFERROR(INDEX(SINAPI!$C:$C,MATCH($B158,SINAPI!$A:$A,0)),\"\")","v":"H"},{"$f":"IF(IFERROR(INDEX(COMPOSIÇÕES_IFMT!$B:$B,MATCH($A156,COMPOSIÇÕES_IFMT!$A:$A,0)),\"\")<>\"\",OFFSET(COMPOSIÇÕES_IFMT!$A$1,MATCH($A156,COMPOSIÇÕES_IFMT!$A:$A,0)+1,4),\"\")","v":0.19439999999999999},{"$f":"IFERROR(INDEX(SINAPI!$D:$D,MATCH($B158,SINAPI!$A:$A,0)),0)","v":15.84},{"$f":"IFERROR(F158*E158,0)","v":3.0792959999999998}]
[{"$f":"IFERROR(INDEX(SINAPI!$E:$E,MATCH($B159,SINAPI!$A:$A,0)),\"\")","v":"COMPOSIÇÃO"},{"$f":"IF(IFERROR(INDEX(COMPOSIÇÕES_IFMT!$B:$B,MATCH($A156,COMPOSIÇÕES_IFMT!$A:$A,0)),\"\")<>\"\",OFFSET(COMPOSIÇÕES_IFMT!$A$1,MATCH($A156,COMPOSIÇÕES_IFMT!$A:$A,0)+2,1),\"\")","v":88264},{"$f":"IFERROR(INDEX(SINAPI!$B:$B,MATCH($B159,SINAPI!$A:$A,0)),\"\")","v":"ELETRICISTA COM ENCARGOS COMPLEMENTARES"},{"$f":"IFERROR(INDEX(SINAPI!$C:$C,MATCH($B159,SINAPI!$A:$A,0)),\"\")","v":"H"},{"$f":"IF(IFERROR(INDEX(COMPOSIÇÕES_IFMT!$B:$B,MATCH($A156,COMPOSIÇÕES_IFMT!$A:$A,0)),\"\")<>\"\",OFFSET(COMPOSIÇÕES_IFMT!$A$1,MATCH($A156,COMPOSIÇÕES_IFMT!$A:$A,0)+2,4),\"\")","v":0.19439999999999999},{"$f":"IFERROR(INDEX(SINAPI!$D:$D,MATCH($B159,SINAPI!$A:$A,0)),0)","v":20.52},3.9890879999999997]
["IFMT 116.01.2020",".116/E","FIXAÇÃO DE TUBOS HORIZONTAIS DE PVC, CPVC OU COBRE DIÂMETROS MENORES OU IGUAIS A 40 MM OU ELETROCALHAS ATÉ 150MM DE LARGURA, COM ABRAÇADEIRA METÁLICA RÍGIDA TIPO D 1/2\u0094, FIXADA EM PERFILADO EM LAJE. (FIXAÇÃO POR CUNHA)","M",2,{"$f":"$G$144","v":3.2949000000000002},6.5898000000000003]
[{"$f":"IFERROR(INDEX(SINAPI!$E:$E,MATCH($B161,SINAPI!$A:$A,0)),\"\")","v":"COMPOSIÇÃO"},{"$f":"IF(IFERROR(INDEX(COMPOSIÇÕES_IFMT!$B:$B,MATCH($A156,COMPOSIÇÕES_IFMT!$A:$A,0)),\"\")<>\"\",OFFSET(COMPOSIÇÕES_IFMT!$A$1,MATCH($A156,COMPOSIÇÕES_IFMT!$A:$A,0)+4,1),\"\")","v":95757},{"$f":"IFERROR(INDEX(SINAPI!$B:$B,MATCH($B161,SINAPI!$A:$A,0)),\"\")","v":"LUVA DE EMENDA PARA ELETRODUTO, AÇO GALVANIZADO, DN 20 MM (3/4''), APARENTE, INSTALADA EM PAREDE - FORNECIMENTO E INSTALAÇÃO. AF_11/2016_P"},{"$f":"IFERROR(INDEX(SINAPI!$C:$C,MATCH($B161,SINAPI!$A:$A,0)),\"\")","v":"UN"},{"$f":"IF(IFERROR(INDEX(COMPOSIÇÕES_IFMT!$B:$B,MATCH($A156,COMPOSIÇÕES_IFMT!$A:$A,0)),\"\")<>\"\",OFFSET(COMPOSIÇÕES_IFMT!$A$1,MATCH($A156,COMPOSIÇÕES_IFMT!$A:$A,0)+4,4),\"\")","v":0.33329999999999999},{"$f":"IFERROR(INDEX(SINAPI!$D:$D,MATCH($B161,SINAPI!$A:$A,0)),0)","v":8.1199999999999992},2.7063959999999998]
[null,null,null,null,null,"TOTAL",{"$f":"SUM(G157:G161)","v":24.869579999999999}]
[]
[]
["CLASSE/TIPO","CÓDIGOS/ SINAPI","DESCRIÇÃO","UND","COEFICIENTE","PREÇO UNITÁRIO","PREÇO TOTAL"]
["IFMT 118.01.2020",{"$f":"IFERROR(INDEX(COMPOSIÇÕES_IFMT!$B:$B,MATCH($A166,COMPOSIÇÕES_IFMT!$A:$A,0)),\"\")","v":".118/E"},{"$f":"IFERROR(INDEX(COMPOSIÇÕES_IFMT!$C:$C,MATCH($A166,COMPOSIÇÕES_IFMT!$A:$A,0)),\"\")","v":"ELETRODUTO DE AÇO GALVANIZADO, CLASSE LEVE, DN 20 MM (3/4\u0092\u0092), APARENTE, INSTALADO EM TETO - FORNECIMENTO E INSTALAÇÃO.(FIXAÇÃO POR CUNHA)"},{"$f":"IFERROR(INDEX(COMPOSIÇÕES_IFMT!$D:$D,MATCH($A166,COMPOSIÇÕES_IFMT!$A:$A,0)),\"\")","v":"M"},null,null,{"$f":"G172","v":16.569119999999998}]
[{"$f":"IFERROR(INDEX(SINAPI!$E:$E,MATCH($B167,SINAPI!$A:$A,0)),\"\")","v":"COMPOSIÇÃO"},{"$f":"IF(IFERROR(INDEX(COMPOSIÇÕES_IFMT!$B:$B,MATCH($A166,COMPOSIÇÕES_IFMT!$A:$A,0)),\"\")<>\"\",OFFSET(COMPOSIÇÕES_IFMT!$A$1,MATCH($A166,COMPOSIÇÕES_IFMT!$A:$A,0),1),\"\")","v":88247},{"$f":"IFERROR(INDEX(SINAPI!$B:$B,MATCH($B167,SINAPI!$A:$A,0)),\"\")","v":"AUXILIAR DE ELETRICISTA COM ENCARGOS COMPLEMENTARES"},{"$f":"IFERROR(INDEX(SINAPI!$C:$C,MATCH($B167,SINAPI!$A:$A,0)),\"\")","v":"H"},{"$f":"IF(IFERROR(INDEX(COMPOSIÇÕES_IFMT!$B:$B,MATCH($A166,COMPOSIÇÕES_IFMT!$A:$A,0)),\"\")<>\"\",OFFSET(COMPOSIÇÕES_IFMT!$A$1,MATCH($A166,COMPOSIÇÕES_IFMT!$A:$A,0),4),\"\")","v":8.2400000000000001E-2},{"$f":"IFERROR(INDEX(SINAPI!$D:$D,MATCH($B167,SINAPI!$A:$A,0)),0)","v":15.84},{"$f":"IFERROR(F167*E167,0)","v":1.3052159999999999}]
[{"$f":"IFERROR(INDEX(SINAPI!$E:$E,MATCH($B168,SINAPI!$A:$A,0)),\"\")","v":"COMPOSIÇÃO"},{"$f":"IF(IFERROR(INDEX(COMPOSIÇÕES_IFMT!$B:$B,MATCH($A166,COMPOSIÇÕES_IFMT!$A:$A,0)),\"\")<>\"\",OFFSET(COMPOSIÇÕES_IFMT!$A$1,MATCH($A166,COMPOSIÇÕES_IFMT!$A:$A,0)+1,1),\"\")","v":88264},{"$f":"IFERROR(INDEX(SINAPI!$B:$B,MATCH($B168,SINAPI!$A:$A,0)),\"\")","v":"ELETRICISTA COM ENCARGOS COMPLEMENTARES"},{"$f":"IFERROR(INDEX(SINAPI!$C:$C,MATCH($B168,SINAPI!$A:$A,0)),\"\")","v":"H"},{"$f":"IF(IFERROR(INDEX(COMPOSIÇÕES_IFMT!$B:$B,MATCH($A166,COMPOSIÇÕES_IFMT!$A:$A,0)),\"\")<>\"\",OFFSET(COMPOSIÇÕES_IFMT!$A$1,MATCH($A166,COMPOSIÇÕES_IFMT!$A:$A,0)+1,4),\"\")","v":8.2400000000000001E-2},{"$f":"IFERROR(INDEX(SINAPI!$D:$D,MATCH($B168,SINAPI!$A:$A,0)),0)","v":20.52},{"$f":"IFERROR(F168*E168,0)","v":1.6908479999999999}]
["IFMT 116.01.2020",".116/E","FIXAÇÃO DE TUBOS HORIZONTAIS DE PVC, CPVC OU COBRE DIÂMETROS MENORES OU IGUAIS A 40 MM OU ELETROCALHAS ATÉ 150MM DE LARGURA, COM ABRAÇADEIRA METÁLICA RÍGIDA TIPO D 1/2\u0094, FIXADA EM PERFILADO EM LAJE. (FIXAÇÃO POR CUNHA)","M",1,{"$f":"$G$144","v":3.2949000000000002},3.2949000000000002]
[{"$f":"IFERROR(INDEX(SINAPI!$E:$E,MATCH($B170,SINAPI!$A:$A,0)),\"\")","v":"COMPOSIÇÃO"},{"$f":"IF(IFERROR(INDEX(COMPOSIÇÕES_IFMT!$B:$B,MATCH($A166,COMPOSIÇÕES_IFMT!$A:$A,0)),\"\")<>\"\",OFFSET(COMPOSIÇÕES_IFMT!$A$1,MATCH($A166,COMPOSIÇÕES_IFMT!$A:$A,0)+3,1),\"\")","v":95753},{"$f":"IFERROR(INDEX(SINAPI!$B:$B,MATCH($B170,SINAPI!$A:$A,0)),\"\")","v":"LUVA DE EMENDA PARA ELETRODUTO, AÇO GALVANIZADO, DN 20 MM (3/4  ), APARENTE, INSTALADA EM TETO - FORNECIMENTO E INSTALAÇÃO. AF_11/2016_P"},{"$f":"IFERROR(INDEX(SINAPI!$C:$C,MATCH($B170,SINAPI!$A:$A,0)),\"\")","v":"UN"},{"$f":"IF(IFERROR(INDEX(COMPOSIÇÕES_IFMT!$B:$B,MATCH($A166,COMPOSIÇÕES_IFMT!$A:$A,0)),\"\")<>\"\",OFFSET(COMPOSIÇÕES_IFMT!$A$1,MATCH($A166,COMPOSIÇÕES_IFMT!$A:$A,0)+3,4),\"\")","v":0.33329999999999999},{"$f":"IFERROR(INDEX(SINAPI!$D:$D,MATCH($B170,SINAPI!$A:$A,0)),0)","v":5.32},1.773156]
[{"$f":"IFERROR(INDEX(SINAPI!$E:$E,MATCH($B171,SINAPI!$A:$A,0)),\"\")","v":"INSUMO"},{"$f":"IF(IFERROR(INDEX(COMPOSIÇÕES_IFMT!$B:$B,MATCH($A166,COMPOSIÇÕES_IFMT!$A:$A,0)),\"\")<>\"\",OFFSET(COMPOSIÇÕES_IFMT!$A$1,MATCH($A166,COMPOSIÇÕES_IFMT!$A:$A,0)+4,1),\"\")","v":21128},{"$f":"IFERROR(INDEX(SINAPI!$B:$B,MATCH($B171,SINAPI!$A:$A,0)),\"\")","v":"!EM PROCESSO DESATIVACAO! ELETRODUTO EM ACO GALVANIZADO ELETROLITICO, LEVE, DIAMETRO 3/4\", PAREDE DE 0,90 MM"},{"$f":"IFERROR(INDEX(SINAPI!$C:$C,MATCH($B171,SINAPI!$A:$A,0)),\"\")","v":"M     "},{"$f":"IF(IFERROR(INDEX(COMPOSIÇÕES_IFMT!$B:$B,MATCH($A166,COMPOSIÇÕES_IFMT!$A:$A,0)),\"\")<>\"\",OFFSET(COMPOSIÇÕES_IFMT!$A$1,MATCH($A166,COMPOSIÇÕES_IFMT!$A:$A,0)+4,4),\"\")","v":1.05},{"$f":"IFERROR(INDEX(SINAPI!$D:$D,MATCH($B171,SINAPI!$A:$A,0)),0)","v":8.1},8.5050000000000008]
[null,null,null,null,null,"TOTAL",{"$f":"SUM(G167:G171)","v":16.569119999999998}]
[]
[]
["CLASSE/TIPO","CÓDIGOS/ SINAPI","DESCRIÇÃO","UND","COEFICIENTE","PREÇO UNITÁRIO","PREÇO TOTAL"]
["IFMT 120.01.2020",{"$f":"IFERROR(INDEX(COMPOSIÇÕES_IFMT!$B:$B,MATCH($A176,COMPOSIÇÕES_IFMT!$A:$A,0)),\"\")","v":".120/E"},{"$f":"IFERROR(INDEX(COMPOSIÇÕES_IFMT!$C:$C,MATCH($A176,COMPOSIÇÕES_IFMT!$A:$A,0)),\"\")","v":"ELETRODUTO DE AÇO GALVANIZADO, CLASSE LEVE, DN 25 MM (1\u0092\u0092), APARENTE, INSTALADO EM TETO - FORNECIMENTO E INSTALAÇÃO.(FIXAÇÃO POR CUNHA)"},{"$f":"IFERROR(INDEX(COMPOSIÇÕES_IFMT!$D:$D,MATCH($A176,COMPOSIÇÕES_IFMT!$A:$A,0)),\"\")","v":"M"},null,null,{"$f":"G182","v":20.297495999999999}]
[{"$f":"IFERROR(INDEX(SINAPI!$E:$E,MATCH($B177,SINAPI!$A:$A,0)),\"\")","v":"INSUMO"},{"$f":"IF(IFERROR(INDEX(COMPOSIÇÕES_IFMT!$B:$B,MATCH($A176,COMPOSIÇÕES_IFMT!$A:$A,0)),\"\")<>\"\",OFFSET(COMPOSIÇÕES_IFMT!$A$1,MATCH($A176,COMPOSIÇÕES_IFMT!$A:$A,0),1),\"\")","v":21136},{"$f":"IFERROR(INDEX(SINAPI!$B:$B,MATCH($B177,SINAPI!$A:$A,0)),\"\")","v":"!EM PROCESSO DESATIVACAO! ELETRODUTO EM ACO GALVANIZADO ELETROLITICO, LEVE, DIAMETRO 1\", PAREDE DE 0,90 MM"},{"$f":"IFERROR(INDEX(SINAPI!$C:$C,MATCH($B177,SINAPI!$A:$A,0)),\"\")","v":"M     "},{"$f":"IF(IFERROR(INDEX(COMPOSIÇÕES_IFMT!$B:$B,MATCH($A176,COMPOSIÇÕES_IFMT!$A:$A,0)),\"\")<>\"\",OFFSET(COMPOSIÇÕES_IFMT!$A$1,MATCH($A176,COMPOSIÇÕES_IFMT!$A:$A,0),4),\"\")","v":1.05},{"$f":"IFERROR(INDEX(SINAPI!$D:$D,MATCH($B177,SINAPI!$A:$A,0)),0)","v":10.47},{"$f":"IFERROR(F177*E177,0)","v":10.993500000000001}]
[{"$f":"IFERROR(INDEX(SINAPI!$E:$E,MATCH($B178,SINAPI!$A:$A,0)),\"\")","v":"COMPOSIÇÃO"},{"$f":"IF(IFERROR(INDEX(COMPOSIÇÕES_IFMT!$B:$B,MATCH($A176,COMPOSIÇÕES_IFMT!$A:$A,0)),\"\")<>\"\",OFFSET(COMPOSIÇÕES_IFMT!$A$1,MATCH($A176,COMPOSIÇÕES_IFMT!$A:$A,0)+1,1),\"\")","v":88247},{"$f":"IFERROR(INDEX(SINAPI!$B:$B,MATCH($B178,SINAPI!$A:$A,0)),\"\")","v":"AUXILIAR DE ELETRICISTA COM ENCARGOS COMPLEMENTARES"},{"$f":"IFERROR(INDEX(SINAPI!$C:$C,MATCH($B178,SINAPI!$A:$A,0)),\"\")","v":"H"},{"$f":"IF(IFERROR(INDEX(COMPOSIÇÕES_IFMT!$B:$B,MATCH($A176,COMPOSIÇÕES_IFMT!$A:$A,0)),\"\")<>\"\",OFFSET(COMPOSIÇÕES_IFMT!$A$1,MATCH($A176,COMPOSIÇÕES_IFMT!$A:$A,0)+1,4),\"\")","v":0.10440000000000001},{"$f":"IFERROR(INDEX(SINAPI!$D:$D,MATCH($B178,SINAPI!$A:$A,0)),0)","v":15.84},{"$f":"IFERROR(F178*E178,0)","v":1.6536960000000001}]
[{"$f":"IFERROR(INDEX(SINAPI!$E:$E,MATCH($B179,SINAPI!$A:$A,0)),\"\")","v":"COMPOSIÇÃO"},{"$f":"IF(IFERROR(INDEX(COMPOSIÇÕES_IFMT!$B:$B,MATCH($A176,COMPOSIÇÕES_IFMT!$A:$A,0)),\"\")<>\"\",OFFSET(COMPOSIÇÕES_IFMT!$A$1,MATCH($A176,COMPOSIÇÕES_IFMT!$A:$A,0)+2,1),\"\")","v":88264},{"$f":"IFERROR(INDEX(SINAPI!$B:$B,MATCH($B179,SINAPI!$A:$A,0)),\"\")","v":"ELETRICISTA COM ENCARGOS COMPLEMENTARES"},{"$f":"IFERROR(INDEX(SINAPI!$C:$C,MATCH($B179,SINAPI!$A:$A,0)),\"\")","v":"H"},{"$f":"IF(IFERROR(INDEX(COMPOSIÇÕES_IFMT!$B:$B,MATCH($A176,COMPOSIÇÕES_IFMT!$A:$A,0)),\"\")<>\"\",OFFSET(COMPOSIÇÕES_IFMT!$A$1,MATCH($A176,COMPOSIÇÕES_IFMT!$A:$A,0)+2,4),\"\")","v":0.10440000000000001},{"$f":"IFERROR(INDEX(SINAPI!$D:$D,MATCH($B179,SINAPI!$A:$A,0)),0)","v":20.52},2.1422880000000002]
["IFMT 116.01.2020",".116/E","FIXAÇÃO DE TUBOS HORIZONTAIS DE PVC, CPVC OU COBRE DIÂMETROS MENORES OU IGUAIS A 40 MM OU ELETROCALHAS ATÉ 150MM DE LARGURA, COM ABRAÇADEIRA METÁLICA RÍGIDA TIPO D 1/2\u0094, FIXADA EM PERFILADO EM LAJE. (FIXAÇÃO POR CUNHA)","M",1,{"$f":"$G$144","v":3.2949000000000002},3.2949000000000002]
[{"$f":"IFERROR(INDEX(SINAPI!$E:$E,MATCH($B181,SINAPI!$A:$A,0)),\"\")","v":"COMPOSIÇÃO"},{"$f":"IF(IFERROR(INDEX(COMPOSIÇÕES_IFMT!$B:$B,MATCH($A176,COMPOSIÇÕES_IFMT!$A:$A,0)),\"\")<>\"\",OFFSET(COMPOSIÇÕES_IFMT!$A$1,MATCH($A176,COMPOSIÇÕES_IFMT!$A:$A,0)+4,1),\"\")","v":95754},{"$f":"IFERROR(INDEX(SINAPI!$B:$B,MATCH($B181,SINAPI!$A:$A,0)),\"\")","v":"LUVA DE EMENDA PARA ELETRODUTO, AÇO GALVANIZADO, DN 25 MM (1''), APARENTE, INSTALADA EM TETO - FORNECIMENTO E INSTALAÇÃO. AF_11/2016_P"},{"$f":"IFERROR(INDEX(SINAPI!$C:$C,MATCH($B181,SINAPI!$A:$A,0)),\"\")","v":"UN"},{"$f":"IF(IFERROR(INDEX(COMPOSIÇÕES_IFMT!$B:$B,MATCH($A176,COMPOSIÇÕES_IFMT!$A:$A,0)),\"\")<>\"\",OFFSET(COMPOSIÇÕES_IFMT!$A$1,MATCH($A176,COMPOSIÇÕES_IFMT!$A:$A,0)+4,4),\"\")","v":0.33329999999999999},{"$f":"IFERROR(INDEX(SINAPI!$D:$D,MATCH($B181,SINAPI!$A:$A,0)),0)","v":6.64},2.2131119999999997]
[null,null,null,null,null,"TOTAL",{"$f":"SUM(G177:G181)","v":20.297495999999999}]
[]
[]
["CLASSE/TIPO","CÓDIGOS/ SINAPI","DESCRIÇÃO","UND","COEFICIENTE","PREÇO UNITÁRIO","PREÇO TOTAL"]
["IFMT 121.01.2020",{"$f":"IFERROR(INDEX(COMPOSIÇÕES_IFMT!$B:$B,MATCH($A186,COMPOSIÇÕES_IFMT!$A:$A,0)),\"\")","v":".121/E"},{"$f":"IFERROR(INDEX(COMPOSIÇÕES_IFMT!$C:$C,MATCH($A186,COMPOSIÇÕES_IFMT!$A:$A,0)),\"\")","v":"ELETRODUTO DE AÇO GALVANIZADO, CLASSE LEVE, DN 25 MM (1\u0092\u0092), APARENTE, INSTALADO EM PAREDE - FORNECIMENTO E INSTALAÇÃO.(FIXAÇÃO POR CUNHA)"},{"$f":"IFERROR(INDEX(COMPOSIÇÕES_IFMT!$D:$D,MATCH($A186,COMPOSIÇÕES_IFMT!$A:$A,0)),\"\")","v":"M"},null,null,{"$f":"G192","v":28.487663999999999}]
[{"$f":"IFERROR(INDEX(SINAPI!$E:$E,MATCH($B187,SINAPI!$A:$A,0)),\"\")","v":"INSUMO"},{"$f":"IF(IFERROR(INDEX(COMPOSIÇÕES_IFMT!$B:$B,MATCH($A186,COMPOSIÇÕES_IFMT!$A:$A,0)),\"\")<>\"\",OFFSET(COMPOSIÇÕES_IFMT!$A$1,MATCH($A186,COMPOSIÇÕES_IFMT!$A:$A,0),1),\"\")","v":21136},{"$f":"IFERROR(INDEX(SINAPI!$B:$B,MATCH($B187,SINAPI!$A:$A,0)),\"\")","v":"!EM PROCESSO DESATIVACAO! ELETRODUTO EM ACO GALVANIZADO ELETROLITICO, LEVE, DIAMETRO 1\", PAREDE DE 0,90 MM"},{"$f":"IFERROR(INDEX(SINAPI!$C:$C,MATCH($B187,SINAPI!$A:$A,0)),\"\")","v":"M     "},{"$f":"IF(IFERROR(INDEX(COMPOSIÇÕES_IFMT!$B:$B,MATCH($A186,COMPOSIÇÕES_IFMT!$A:$A,0)),\"\")<>\"\",OFFSET(COMPOSIÇÕES_IFMT!$A$1,MATCH($A186,COMPOSIÇÕES_IFMT!$A:$A,0),4),\"\")","v":1.05},{"$f":"IFERROR(INDEX(SINAPI!$D:$D,MATCH($B187,SINAPI!$A:$A,0)),0)","v":10.47},{"$f":"IFERROR(F187*E187,0)","v":10.993500000000001}]
[{"$f":"IFERROR(INDEX(SINAPI!$E:$E,MATCH($B188,SINAPI!$A:$A,0)),\"\")","v":"COMPOSIÇÃO"},{"$f":"IF(IFERROR(INDEX(COMPOSIÇÕES_IFMT!$B:$B,MATCH($A186,COMPOSIÇÕES_IFMT!$A:$A,0)),\"\")<>\"\",OFFSET(COMPOSIÇÕES_IFMT!$A$1,MATCH($A186,COMPOSIÇÕES_IFMT!$A:$A,0)+1,1),\"\")","v":88247},{"$f":"IFERROR(INDEX(SINAPI!$B:$B,MATCH($B188,SINAPI!$A:$A,0)),\"\")","v":"AUXILIAR DE ELETRICISTA COM ENCARGOS COMPLEMENTARES"},{"$f":"IFERROR(INDEX(SINAPI!$C:$C,MATCH($B188,SINAPI!$A:$A,0)),\"\")","v":"H"},{"$f":"IF(IFERROR(INDEX(COMPOSIÇÕES_IFMT!$B:$B,MATCH($A186,COMPOSIÇÕES_IFMT!$A:$A,0)),\"\")<>\"\",OFFSET(COMPOSIÇÕES_IFMT!$A$1,MATCH($A186,COMPOSIÇÕES_IFMT!$A:$A,0)+1,4),\"\")","v":0.21629999999999999},{"$f":"IFERROR(INDEX(SINAPI!$D:$D,MATCH($B188,SINAPI!$A:$A,0)),0)","v":15.84},{"$f":"IFERROR(F188*E188,0)","v":3.4261919999999999}]
[{"$f":"IFERROR(INDEX(SINAPI!$E:$E,MATCH($B189,SINAPI!$A:$A,0)),\"\")","v":"COMPOSIÇÃO"},{"$f":"IF(IFERROR(INDEX(COMPOSIÇÕES_IFMT!$B:$B,MATCH($A186,COMPOSIÇÕES_IFMT!$A:$A,0)),\"\")<>\"\",OFFSET(COMPOSIÇÕES_IFMT!$A$1,MATCH($A186,COMPOSIÇÕES_IFMT!$A:$A,0)+2,1),\"\")","v":88264},{"$f":"IFERROR(INDEX(SINAPI!$B:$B,MATCH($B189,SINAPI!$A:$A,0)),\"\")","v":"ELETRICISTA COM ENCARGOS COMPLEMENTARES"},{"$f":"IFERROR(INDEX(SINAPI!$C:$C,MATCH($B189,SINAPI!$A:$A,0)),\"\")","v":"H"},{"$f":"IF(IFERROR(INDEX(COMPOSIÇÕES_IFMT!$B:$B,MATCH($A186,COMPOSIÇÕES_IFMT!$A:$A,0)),\"\")<>\"\",OFFSET(COMPOSIÇÕES_IFMT!$A$1,MATCH($A186,COMPOSIÇÕES_IFMT!$A:$A,0)+2,4),\"\")","v":0.21629999999999999},{"$f":"IFERROR(INDEX(SINAPI!$D:$D,MATCH($B189,SINAPI!$A:$A,0)),0)","v":20.52},4.4384759999999996]
["IFMT 116.01.2020",".116/E","FIXAÇÃO DE TUBOS HORIZONTAIS DE PVC, CPVC OU COBRE DIÂMETROS MENORES OU IGUAIS A 40 MM OU ELETROCALHAS ATÉ 150MM DE LARGURA, COM ABRAÇADEIRA METÁLICA RÍGIDA TIPO D 1/2\u0094, FIXADA EM PERFILADO EM LAJE. (FIXAÇÃO POR CUNHA)","M",2,{"$f":"$G$144","v":3.2949000000000002},6.5898000000000003]
[{"$f":"IFERROR(INDEX(SINAPI!$E:$E,MATCH($B191,SINAPI!$A:$A,0)),\"\")","v":"COMPOSIÇÃO"},{"$f":"IF(IFERROR(INDEX(COMPOSIÇÕES_IFMT!$B:$B,MATCH($A186,COMPOSIÇÕES_IFMT!$A:$A,0)),\"\")<>\"\",OFFSET(COMPOSIÇÕES_IFMT!$A$1,MATCH($A186,COMPOSIÇÕES_IFMT!$A:$A,0)+4,1),\"\")","v":95758},{"$f":"IFERROR(INDEX(SINAPI!$B:$B,MATCH($B191,SINAPI!$A:$A,0)),\"\")","v":"LUVA DE EMENDA PARA ELETRODUTO, AÇO GALVANIZADO, DN 25 MM (1''), APARENTE, INSTALADA EM PAREDE - FORNECIMENTO E INSTALAÇÃO. AF_11/2016_P"},{"$f":"IFERROR(INDEX(SINAPI!$C:$C,MATCH($B191,SINAPI!$A:$A,0)),\"\")","v":"UN"},{"$f":"IF(IFERROR(INDEX(COMPOSIÇÕES_IFMT!$B:$B,MATCH($A186,COMPOSIÇÕES_IFMT!$A:$A,0)),\"\")<>\"\",OFFSET(COMPOSIÇÕES_IFMT!$A$1,MATCH($A186,COMPOSIÇÕES_IFMT!$A:$A,0)+4,4),\"\")","v":0.33329999999999999},{"$f":"IFERROR(INDEX(SINAPI!$D:$D,MATCH($B191,SINAPI!$A:$A,0)),0)","v":9.1199999999999992},3.0396959999999997]
[null,null,null,null,null,"TOTAL",{"$f":"SUM(G187:G191)","v":28.487663999999999}]
[]
[]
["CLASSE/TIPO","CÓDIGOS/ SINAPI","DESCRIÇÃO","UND","COEFICIENTE","PREÇO UNITÁRIO","PREÇO TOTAL"]
["IFMT 122.01.2020",{"$f":"IFERROR(INDEX(COMPOSIÇÕES_IFMT!$B:$B,MATCH($A196,COMPOSIÇÕES_IFMT!$A:$A,0)),\"\")","v":".122/E"},{"$f":"IFERROR(INDEX(COMPOSIÇÕES_IFMT!$C:$C,MATCH($A196,COMPOSIÇÕES_IFMT!$A:$A,0)),\"\")","v":"ELETRODUTO DE AÇO GALVANIZADO, CLASSE SEMI PESADO, DN 32 MM (1 1/4\u0092\u0092), APARENTE, INSTALADO EM TETO - FORNECIMENTO E INSTALAÇÃO.(FIXAÇÃO POR CUNHA)"},{"$f":"IFERROR(INDEX(COMPOSIÇÕES_IFMT!$D:$D,MATCH($A196,COMPOSIÇÕES_IFMT!$A:$A,0)),\"\")","v":"M"},null,null,{"$f":"G202","v":32.516850000000005}]
[{"$f":"IFERROR(INDEX(SINAPI!$E:$E,MATCH($B197,SINAPI!$A:$A,0)),\"\")","v":"INSUMO"},{"$f":"IF(IFERROR(INDEX(COMPOSIÇÕES_IFMT!$B:$B,MATCH($A196,COMPOSIÇÕES_IFMT!$A:$A,0)),\"\")<>\"\",OFFSET(COMPOSIÇÕES_IFMT!$A$1,MATCH($A196,COMPOSIÇÕES_IFMT!$A:$A,0),1),\"\")","v":21135},{"$f":"IFERROR(INDEX(SINAPI!$B:$B,MATCH($B197,SINAPI!$A:$A,0)),\"\")","v":"!EM PROCESSO DESATIVACAO! ELETRODUTO EM ACO GALVANIZADO ELETROLITICO, SEMI-PESADO, DIAMETRO 1 1/4\", PAREDE DE 1,20 MM"},{"$f":"IFERROR(INDEX(SINAPI!$C:$C,MATCH($B197,SINAPI!$A:$A,0)),\"\")","v":"M     "},{"$f":"IF(IFERROR(INDEX(COMPOSIÇÕES_IFMT!$B:$B,MATCH($A196,COMPOSIÇÕES_IFMT!$A:$A,0)),\"\")<>\"\",OFFSET(COMPOSIÇÕES_IFMT!$A$1,MATCH($A196,COMPOSIÇÕES_IFMT!$A:$A,0),4),\"\")","v":1.05},{"$f":"IFERROR(INDEX(SINAPI!$D:$D,MATCH($B197,SINAPI!$A:$A,0)),0)","v":20.14},{"$f":"IFERROR(F197*E197,0)","v":21.147000000000002}]
[{"$f":"IFERROR(INDEX(SINAPI!$E:$E,MATCH($B198,SINAPI!$A:$A,0)),\"\")","v":"COMPOSIÇÃO"},{"$f":"IF(IFERROR(INDEX(COMPOSIÇÕES_IFMT!$B:$B,MATCH($A196,COMPOSIÇÕES_IFMT!$A:$A,0)),\"\")<>\"\",OFFSET(COMPOSIÇÕES_IFMT!$A$1,MATCH($A196,COMPOSIÇÕES_IFMT!$A:$A,0)+1,1),\"\")","v":88247},{"$f":"IFERROR(INDEX(SINAPI!$B:$B,MATCH($B198,SINAPI!$A:$A,0)),\"\")","v":"AUXILIAR DE ELETRICISTA COM ENCARGOS COMPLEMENTARES"},{"$f":"IFERROR(INDEX(SINAPI!$C:$C,MATCH($B198,SINAPI!$A:$A,0)),\"\")","v":"H"},{"$f":"IF(IFERROR(INDEX(COMPOSIÇÕES_IFMT!$B:$B,MATCH($A196,COMPOSIÇÕES_IFMT!$A:$A,0)),\"\")<>\"\",OFFSET(COMPOSIÇÕES_IFMT!$A$1,MATCH($A196,COMPOSIÇÕES_IFMT!$A:$A,0)+1,4),\"\")","v":0.13500000000000001},{"$f":"IFERROR(INDEX(SINAPI!$D:$D,MATCH($B198,SINAPI!$A:$A,0)),0)","v":15.84},{"$f":"IFERROR(F198*E198,0)","v":2.1384000000000003}]
[{"$f":"IFERROR(INDEX(SINAPI!$E:$E,MATCH($B199,SINAPI!$A:$A,0)),\"\")","v":"COMPOSIÇÃO"},{"$f":"IF(IFERROR(INDEX(COMPOSIÇÕES_IFMT!$B:$B,MATCH($A196,COMPOSIÇÕES_IFMT!$A:$A,0)),\"\")<>\"\",OFFSET(COMPOSIÇÕES_IFMT!$A$1,MATCH($A196,COMPOSIÇÕES_IFMT!$A:$A,0)+2,1),\"\")","v":88264},{"$f":"IFERROR(INDEX(SINAPI!$B:$B,MATCH($B199,SINAPI!$A:$A,0)),\"\")","v":"ELETRICISTA COM ENCARGOS COMPLEMENTARES"},{"$f":"IFERROR(INDEX(SINAPI!$C:$C,MATCH($B199,SINAPI!$A:$A,0)),\"\")","v":"H"},{"$f":"IF(IFERROR(INDEX(COMPOSIÇÕES_IFMT!$B:$B,MATCH($A196,COMPOSIÇÕES_IFMT!$A:$A,0)),\"\")<>\"\",OFFSET(COMPOSIÇÕES_IFMT!$A$1,MATCH($A196,COMPOSIÇÕES_IFMT!$A:$A,0)+2,4),\"\")","v":0.13500000000000001},{"$f":"IFERROR(INDEX(SINAPI!$D:$D,MATCH($B199,SINAPI!$A:$A,0)),0)","v":20.52},2.7702]
["IFMT 116.01.2020",".116/E","FIXAÇÃO DE TUBOS HORIZONTAIS DE PVC, CPVC OU COBRE DIÂMETROS MENORES OU IGUAIS A 40 MM OU ELETROCALHAS ATÉ 150MM DE LARGURA, COM ABRAÇADEIRA METÁLICA RÍGIDA TIPO D 1/2\u0094, FIXADA EM PERFILADO EM LAJE. (FIXAÇÃO POR CUNHA)","M",1,{"$f":"$G$144","v":3.2949000000000002},3.2949000000000002]
[{"$f":"IFERROR(INDEX(SINAPI!$E:$E,MATCH($B201,SINAPI!$A:$A,0)),\"\")","v":"COMPOSIÇÃO"},{"$f":"IF(IFERROR(INDEX(COMPOSIÇÕES_IFMT!$B:$B,MATCH($A196,COMPOSIÇÕES_IFMT!$A:$A,0)),\"\")<>\"\",OFFSET(COMPOSIÇÕES_IFMT!$A$1,MATCH($A196,COMPOSIÇÕES_IFMT!$A:$A,0)+4,1),\"\")","v":95755},{"$f":"IFERROR(INDEX(SINAPI!$B:$B,MATCH($B201,SINAPI!$A:$A,0)),\"\")","v":"LUVA DE EMENDA PARA ELETRODUTO, AÇO GALVANIZADO, DN 32 MM (1 1/4''), APARENTE, INSTALADA EM TETO - FORNECIMENTO E INSTALAÇÃO. AF_11/2016_P"},{"$f":"IFERROR(INDEX(SINAPI!$C:$C,MATCH($B201,SINAPI!$A:$A,0)),\"\")","v":"UN"},{"$f":"IF(IFERROR(INDEX(COMPOSIÇÕES_IFMT!$B:$B,MATCH($A196,COMPOSIÇÕES_IFMT!$A:$A,0)),\"\")<>\"\",OFFSET(COMPOSIÇÕES_IFMT!$A$1,MATCH($A196,COMPOSIÇÕES_IFMT!$A:$A,0)+4,4),\"\")","v":0.33329999999999999},{"$f":"IFERROR(INDEX(SINAPI!$D:$D,MATCH($B201,SINAPI!$A:$A,0)),0)","v":9.5},3.16635]
[null,null,null,null,null,"TOTAL",{"$f":"SUM(G197:G201)","v":32.516850000000005}]
[]
[]
["CLASSE/TIPO","CÓDIGOS/ SINAPI","DESCRIÇÃO","UND","COEFICIENTE","PREÇO UNITÁRIO","PREÇO TOTAL"]
["IFMT 123.01.2020",{"$f":"IFERROR(INDEX(COMPOSIÇÕES_IFMT!$B:$B,MATCH($A206,COMPOSIÇÕES_IFMT!$A:$A,0)),\"\")","v":".123/E"},{"$f":"IFERROR(INDEX(COMPOSIÇÕES_IFMT!$C:$C,MATCH($A206,COMPOSIÇÕES_IFMT!$A:$A,0)),\"\")","v":"ELETRODUTO DE AÇO GALVANIZADO, CLASSE SEMI PESADO, DN 32 MM (1 1/4\u0092\u0092), APARENTE, INSTALADO EM PAREDE - FORNECIMENTO E INSTALAÇÃO.(FIXAÇÃO POR CUNHA)"},{"$f":"IFERROR(INDEX(COMPOSIÇÕES_IFMT!$D:$D,MATCH($A206,COMPOSIÇÕES_IFMT!$A:$A,0)),\"\")","v":"M"},null,null,{"$f":"G212","v":37.319189999999999}]
[{"$f":"IFERROR(INDEX(SINAPI!$E:$E,MATCH($B207,SINAPI!$A:$A,0)),\"\")","v":"INSUMO"},{"$f":"IF(IFERROR(INDEX(COMPOSIÇÕES_IFMT!$B:$B,MATCH($A206,COMPOSIÇÕES_IFMT!$A:$A,0)),\"\")<>\"\",OFFSET(COMPOSIÇÕES_IFMT!$A$1,MATCH($A206,COMPOSIÇÕES_IFMT!$A:$A,0),1),\"\")","v":21135},{"$f":"IFERROR(INDEX(SINAPI!$B:$B,MATCH($B207,SINAPI!$A:$A,0)),\"\")","v":"!EM PROCESSO DESATIVACAO! ELETRODUTO EM ACO GALVANIZADO ELETROLITICO, SEMI-PESADO, DIAMETRO 1 1/4\", PAREDE DE 1,20 MM"},{"$f":"IFERROR(INDEX(SINAPI!$C:$C,MATCH($B207,SINAPI!$A:$A,0)),\"\")","v":"M     "},{"$f":"IF(IFERROR(INDEX(COMPOSIÇÕES_IFMT!$B:$B,MATCH($A206,COMPOSIÇÕES_IFMT!$A:$A,0)),\"\")<>\"\",OFFSET(COMPOSIÇÕES_IFMT!$A$1,MATCH($A206,COMPOSIÇÕES_IFMT!$A:$A,0),4),\"\")","v":1.05},{"$f":"IFERROR(INDEX(SINAPI!$D:$D,MATCH($B207,SINAPI!$A:$A,0)),0)","v":20.14},{"$f":"IFERROR(F207*E207,0)","v":21.147000000000002}]
[{"$f":"IFERROR(INDEX(SINAPI!$E:$E,MATCH($B208,SINAPI!$A:$A,0)),\"\")","v":"COMPOSIÇÃO"},{"$f":"IF(IFERROR(INDEX(COMPOSIÇÕES_IFMT!$B:$B,MATCH($A206,COMPOSIÇÕES_IFMT!$A:$A,0)),\"\")<>\"\",OFFSET(COMPOSIÇÕES_IFMT!$A$1,MATCH($A206,COMPOSIÇÕES_IFMT!$A:$A,0)+1,1),\"\")","v":88247},{"$f":"IFERROR(INDEX(SINAPI!$B:$B,MATCH($B208,SINAPI!$A:$A,0)),\"\")","v":"AUXILIAR DE ELETRICISTA COM ENCARGOS COMPLEMENTARES"},{"$f":"IFERROR(INDEX(SINAPI!$C:$C,MATCH($B208,SINAPI!$A:$A,0)),\"\")","v":"H"},{"$f":"IF(IFERROR(INDEX(COMPOSIÇÕES_IFMT!$B:$B,MATCH($A206,COMPOSIÇÕES_IFMT!$A:$A,0)),\"\")<>\"\",OFFSET(COMPOSIÇÕES_IFMT!$A$1,MATCH($A206,COMPOSIÇÕES_IFMT!$A:$A,0)+1,4),\"\")","v":0.247},{"$f":"IFERROR(INDEX(SINAPI!$D:$D,MATCH($B208,SINAPI!$A:$A,0)),0)","v":15.84},{"$f":"IFERROR(F208*E208,0)","v":3.91248}]
[{"$f":"IFERROR(INDEX(SINAPI!$E:$E,MATCH($B209,SINAPI!$A:$A,0)),\"\")","v":"COMPOSIÇÃO"},{"$f":"IF(IFERROR(INDEX(COMPOSIÇÕES_IFMT!$B:$B,MATCH($A206,COMPOSIÇÕES_IFMT!$A:$A,0)),\"\")<>\"\",OFFSET(COMPOSIÇÕES_IFMT!$A$1,MATCH($A206,COMPOSIÇÕES_IFMT!$A:$A,0)+2,1),\"\")","v":88264},{"$f":"IFERROR(INDEX(SINAPI!$B:$B,MATCH($B209,SINAPI!$A:$A,0)),\"\")","v":"ELETRICISTA COM ENCARGOS COMPLEMENTARES"},{"$f":"IFERROR(INDEX(SINAPI!$C:$C,MATCH($B209,SINAPI!$A:$A,0)),\"\")","v":"H"},{"$f":"IF(IFERROR(INDEX(COMPOSIÇÕES_IFMT!$B:$B,MATCH($A206,COMPOSIÇÕES_IFMT!$A:$A,0)),\"\")<>\"\",OFFSET(COMPOSIÇÕES_IFMT!$A$1,MATCH($A206,COMPOSIÇÕES_IFMT!$A:$A,0)+2,4),\"\")","v":0.247},{"$f":"IFERROR(INDEX(SINAPI!$D:$D,MATCH($B209,SINAPI!$A:$A,0)),0)","v":20.52},5.0684399999999998]
["IFMT 117.01.2020",".117/E","FIXAÇÃO DE TUBOS VERTICAIS DE PPR DIÂMETROS MENORES OU IGUAIS A 40 MM COM ABRAÇADEIRA METÁLICA RÍGIDA TIPO D 1/2\", FIXADA EM PERFILADO EM ALVENARIA. (FIXAÇÃO POR CUNHA)","M",2,{"$f":"$G$152","v":1.67916},3.35832]
[{"$f":"IFERROR(INDEX(SINAPI!$E:$E,MATCH($B211,SINAPI!$A:$A,0)),\"\")","v":"COMPOSIÇÃO"},{"$f":"IF(IFERROR(INDEX(COMPOSIÇÕES_IFMT!$B:$B,MATCH($A206,COMPOSIÇÕES_IFMT!$A:$A,0)),\"\")<>\"\",OFFSET(COMPOSIÇÕES_IFMT!$A$1,MATCH($A206,COMPOSIÇÕES_IFMT!$A:$A,0)+4,1),\"\")","v":95759},{"$f":"IFERROR(INDEX(SINAPI!$B:$B,MATCH($B211,SINAPI!$A:$A,0)),\"\")","v":"LUVA DE EMENDA PARA ELETRODUTO, AÇO GALVANIZADO, DN 32 MM (1 1/4''), APARENTE, INSTALADA EM PAREDE - FORNECIMENTO E INSTALAÇÃO. AF_11/2016_P"},{"$f":"IFERROR(INDEX(SINAPI!$C:$C,MATCH($B211,SINAPI!$A:$A,0)),\"\")","v":"UN"},{"$f":"IF(IFERROR(INDEX(COMPOSIÇÕES_IFMT!$B:$B,MATCH($A206,COMPOSIÇÕES_IFMT!$A:$A,0)),\"\")<>\"\",OFFSET(COMPOSIÇÕES_IFMT!$A$1,MATCH($A206,COMPOSIÇÕES_IFMT!$A:$A,0)+4,4),\"\")","v":0.33329999999999999},{"$f":"IFERROR(INDEX(SINAPI!$D:$D,MATCH($B211,SINAPI!$A:$A,0)),0)","v":11.5},3.8329499999999999]
[null,null,null,null,null,"TOTAL",{"$f":"SUM(G207:G211)","v":37.319189999999999}]
[]
[]
["CLASSE/TIPO","CÓDIGOS/ SINAPI","DESCRIÇÃO","UND","COEFICIENTE","PREÇO UNITÁRIO","PREÇO TOTAL"]
["IFMT 124.01.2020",{"$f":"IFERROR(INDEX(COMPOSIÇÕES_IFMT!$B:$B,MATCH($A216,COMPOSIÇÕES_IFMT!$A:$A,0)),\"\")","v":".124/E"},{"$f":"IFERROR(INDEX(COMPOSIÇÕES_IFMT!$C:$C,MATCH($A216,COMPOSIÇÕES_IFMT!$A:$A,0)),\"\")","v":"ELETRODUTO DE AÇO GALVANIZADO, CLASSE SEMI PESADO, DN 40 MM (1 1/2  ), APARENTE, INSTALADO EM PAREDE - FORNECIMENTO E INSTALAÇÃO. (FIXAÇÃO POR CUNHA)"},{"$f":"IFERROR(INDEX(COMPOSIÇÕES_IFMT!$D:$D,MATCH($A216,COMPOSIÇÕES_IFMT!$A:$A,0)),\"\")","v":"M"},null,null,{"$f":"G222","v":39.777507000000007}]
[{"$f":"IFERROR(INDEX(SINAPI!$E:$E,MATCH($B217,SINAPI!$A:$A,0)),\"\")","v":"INSUMO"},{"$f":"IF(IFERROR(INDEX(COMPOSIÇÕES_IFMT!$B:$B,MATCH($A216,COMPOSIÇÕES_IFMT!$A:$A,0)),\"\")<>\"\",OFFSET(COMPOSIÇÕES_IFMT!$A$1,MATCH($A216,COMPOSIÇÕES_IFMT!$A:$A,0),1),\"\")","v":21130},{"$f":"IFERROR(INDEX(SINAPI!$B:$B,MATCH($B217,SINAPI!$A:$A,0)),\"\")","v":"!EM PROCESSO DESATIVACAO! ELETRODUTO EM ACO GALVANIZADO ELETROLITICO, SEMI-PESADO, DIAMETRO 1 1/2\", PAREDE DE 1,20 MM"},{"$f":"IFERROR(INDEX(SINAPI!$C:$C,MATCH($B217,SINAPI!$A:$A,0)),\"\")","v":"M     "},{"$f":"IF(IFERROR(INDEX(COMPOSIÇÕES_IFMT!$B:$B,MATCH($A216,COMPOSIÇÕES_IFMT!$A:$A,0)),\"\")<>\"\",OFFSET(COMPOSIÇÕES_IFMT!$A$1,MATCH($A216,COMPOSIÇÕES_IFMT!$A:$A,0),4),\"\")","v":1.05},{"$f":"IFERROR(INDEX(SINAPI!$D:$D,MATCH($B217,SINAPI!$A:$A,0)),0)","v":20.45},{"$f":"IFERROR(F217*E217,0)","v":21.4725}]
[{"$f":"IFERROR(INDEX(SINAPI!$E:$E,MATCH($B218,SINAPI!$A:$A,0)),\"\")","v":"COMPOSIÇÃO"},{"$f":"IF(IFERROR(INDEX(COMPOSIÇÕES_IFMT!$B:$B,MATCH($A216,COMPOSIÇÕES_IFMT!$A:$A,0)),\"\")<>\"\",OFFSET(COMPOSIÇÕES_IFMT!$A$1,MATCH($A216,COMPOSIÇÕES_IFMT!$A:$A,0)+1,1),\"\")","v":88247},{"$f":"IFERROR(INDEX(SINAPI!$B:$B,MATCH($B218,SINAPI!$A:$A,0)),\"\")","v":"AUXILIAR DE ELETRICISTA COM ENCARGOS COMPLEMENTARES"},{"$f":"IFERROR(INDEX(SINAPI!$C:$C,MATCH($B218,SINAPI!$A:$A,0)),\"\")","v":"H"},{"$f":"IF(IFERROR(INDEX(COMPOSIÇÕES_IFMT!$B:$B,MATCH($A216,COMPOSIÇÕES_IFMT!$A:$A,0)),\"\")<>\"\",OFFSET(COMPOSIÇÕES_IFMT!$A$1,MATCH($A216,COMPOSIÇÕES_IFMT!$A:$A,0)+1,4),\"\")","v":0.28210000000000002},{"$f":"IFERROR(INDEX(SINAPI!$D:$D,MATCH($B218,SINAPI!$A:$A,0)),0)","v":15.84},{"$f":"IFERROR(F218*E218,0)","v":4.468464}]
[{"$f":"IFERROR(INDEX(SINAPI!$E:$E,MATCH($B219,SINAPI!$A:$A,0)),\"\")","v":"COMPOSIÇÃO"},{"$f":"IF(IFERROR(INDEX(COMPOSIÇÕES_IFMT!$B:$B,MATCH($A216,COMPOSIÇÕES_IFMT!$A:$A,0)),\"\")<>\"\",OFFSET(COMPOSIÇÕES_IFMT!$A$1,MATCH($A216,COMPOSIÇÕES_IFMT!$A:$A,0)+2,1),\"\")","v":88264},{"$f":"IFERROR(INDEX(SINAPI!$B:$B,MATCH($B219,SINAPI!$A:$A,0)),\"\")","v":"ELETRICISTA COM ENCARGOS COMPLEMENTARES"},{"$f":"IFERROR(INDEX(SINAPI!$C:$C,MATCH($B219,SINAPI!$A:$A,0)),\"\")","v":"H"},{"$f":"IF(IFERROR(INDEX(COMPOSIÇÕES_IFMT!$B:$B,MATCH($A216,COMPOSIÇÕES_IFMT!$A:$A,0)),\"\")<>\"\",OFFSET(COMPOSIÇÕES_IFMT!$A$1,MATCH($A216,COMPOSIÇÕES_IFMT!$A:$A,0)+2,4),\"\")","v":0.28210000000000002},{"$f":"IFERROR(INDEX(SINAPI!$D:$D,MATCH($B219,SINAPI!$A:$A,0)),0)","v":20.52},5.7886920000000002]
["IFMT 117.01.2020",".117/E","FIXAÇÃO DE TUBOS VERTICAIS DE PPR DIÂMETROS MENORES OU IGUAIS A 40 MM COM ABRAÇADEIRA METÁLICA RÍGIDA TIPO D 1/2\", FIXADA EM PERFILADO EM ALVENARIA. (FIXAÇÃO POR CUNHA)","M",2,{"$f":"$G$152","v":1.67916},3.35832]
[{"$f":"IFERROR(INDEX(SINAPI!$E:$E,MATCH($B221,SINAPI!$A:$A,0)),\"\")","v":"COMPOSIÇÃO"},{"$f":"IF(IFERROR(INDEX(COMPOSIÇÕES_IFMT!$B:$B,MATCH($A216,COMPOSIÇÕES_IFMT!$A:$A,0)),\"\")<>\"\",OFFSET(COMPOSIÇÕES_IFMT!$A$1,MATCH($A216,COMPOSIÇÕES_IFMT!$A:$A,0)+4,1),\"\")","v":95760},{"$f":"IFERROR(INDEX(SINAPI!$B:$B,MATCH($B221,SINAPI!$A:$A,0)),\"\")","v":"LUVA DE EMENDA PARA ELETRODUTO, AÇO GALVANIZADO, DN 40 MM (1 1/2''), APARENTE, INSTALADA EM PAREDE - FORNECIMENTO E INSTALAÇÃO. AF_11/2016_P"},{"$f":"IFERROR(INDEX(SINAPI!$C:$C,MATCH($B221,SINAPI!$A:$A,0)),\"\")","v":"UN"},{"$f":"IF(IFERROR(INDEX(COMPOSIÇÕES_IFMT!$B:$B,MATCH($A216,COMPOSIÇÕES_IFMT!$A:$A,0)),\"\")<>\"\",OFFSET(COMPOSIÇÕES_IFMT!$A$1,MATCH($A216,COMPOSIÇÕES_IFMT!$A:$A,0)+4,4),\"\")","v":0.33329999999999999},{"$f":"IFERROR(INDEX(SINAPI!$D:$D,MATCH($B221,SINAPI!$A:$A,0)),0)","v":14.07},4.6895309999999997]
[null,null,null,null,null,"TOTAL",{"$f":"SUM(G217:G221)","v":39.777507000000007}]
[]
[]
["CLASSE/TIPO","CÓDIGOS/ SINAPI","DESCRIÇÃO","UND","COEFICIENTE","PREÇO UNITÁRIO","PREÇO TOTAL"]
["IFMT 125.01.2020",{"$f":"IFERROR(INDEX(COMPOSIÇÕES_IFMT!$B:$B,MATCH($A226,COMPOSIÇÕES_IFMT!$A:$A,0)),\"\")","v":".125/E"},{"$f":"IFERROR(INDEX(COMPOSIÇÕES_IFMT!$C:$C,MATCH($A226,COMPOSIÇÕES_IFMT!$A:$A,0)),\"\")","v":"CURVA 90 GRAUS PARA ELETRODUTO, AÇO GALVANIZADO, DN 25 MM (1''), APARENTE, INSTALADA EM PAREDE - FORNECIMENTO E INSTALAÇÃO."},{"$f":"IFERROR(INDEX(COMPOSIÇÕES_IFMT!$D:$D,MATCH($A226,COMPOSIÇÕES_IFMT!$A:$A,0)),\"\")","v":"UN"},null,null,{"$f":"G230","v":12.771988}]
[{"$f":"IFERROR(INDEX(SINAPI!$E:$E,MATCH($B227,SINAPI!$A:$A,0)),\"\")","v":"INSUMO"},{"$f":"IF(IFERROR(INDEX(COMPOSIÇÕES_IFMT!$B:$B,MATCH($A226,COMPOSIÇÕES_IFMT!$A:$A,0)),\"\")<>\"\",OFFSET(COMPOSIÇÕES_IFMT!$A$1,MATCH($A226,COMPOSIÇÕES_IFMT!$A:$A,0),1),\"\")","v":2617},{"$f":"IFERROR(INDEX(SINAPI!$B:$B,MATCH($B227,SINAPI!$A:$A,0)),\"\")","v":"CURVA 90 GRAUS, PARA ELETRODUTO, EM ACO GALVANIZADO ELETROLITICO, DIAMETRO DE 25 MM (1\")"},{"$f":"IFERROR(INDEX(SINAPI!$C:$C,MATCH($B227,SINAPI!$A:$A,0)),\"\")","v":"UN    "},{"$f":"IF(IFERROR(INDEX(COMPOSIÇÕES_IFMT!$B:$B,MATCH($A226,COMPOSIÇÕES_IFMT!$A:$A,0)),\"\")<>\"\",OFFSET(COMPOSIÇÕES_IFMT!$A$1,MATCH($A226,COMPOSIÇÕES_IFMT!$A:$A,0),4),\"\")","v":1},{"$f":"IFERROR(INDEX(SINAPI!$D:$D,MATCH($B227,SINAPI!$A:$A,0)),0)","v":5.38},{"$f":"IFERROR(F227*E227,0)","v":5.38}]
[{"$f":"IFERROR(INDEX(SINAPI!$E:$E,MATCH($B228,SINAPI!$A:$A,0)),\"\")","v":"COMPOSIÇÃO"},{"$f":"IF(IFERROR(INDEX(COMPOSIÇÕES_IFMT!$B:$B,MATCH($A226,COMPOSIÇÕES_IFMT!$A:$A,0)),\"\")<>\"\",OFFSET(COMPOSIÇÕES_IFMT!$A$1,MATCH($A226,COMPOSIÇÕES_IFMT!$A:$A,0)+1,1),\"\")","v":88247},{"$f":"IFERROR(INDEX(SINAPI!$B:$B,MATCH($B228,SINAPI!$A:$A,0)),\"\")","v":"AUXILIAR DE ELETRICISTA COM ENCARGOS COMPLEMENTARES"},{"$f":"IFERROR(INDEX(SINAPI!$C:$C,MATCH($B228,SINAPI!$A:$A,0)),\"\")","v":"H"},{"$f":"IF(IFERROR(INDEX(COMPOSIÇÕES_IFMT!$B:$B,MATCH($A226,COMPOSIÇÕES_IFMT!$A:$A,0)),\"\")<>\"\",OFFSET(COMPOSIÇÕES_IFMT!$A$1,MATCH($A226,COMPOSIÇÕES_IFMT!$A:$A,0)+1,4),\"\")","v":0.20330000000000001},{"$f":"IFERROR(INDEX(SINAPI!$D:$D,MATCH($B228,SINAPI!$A:$A,0)),0)","v":15.84},{"$f":"IFERROR(F228*E228,0)","v":3.220272}]
[{"$f":"IFERROR(INDEX(SINAPI!$E:$E,MATCH($B229,SINAPI!$A:$A,0)),\"\")","v":"COMPOSIÇÃO"},{"$f":"IF(IFERROR(INDEX(COMPOSIÇÕES_IFMT!$B:$B,MATCH($A226,COMPOSIÇÕES_IFMT!$A:$A,0)),\"\")<>\"\",OFFSET(COMPOSIÇÕES_IFMT!$A$1,MATCH($A226,COMPOSIÇÕES_IFMT!$A:$A,0)+2,1),\"\")","v":88264},{"$f":"IFERROR(INDEX(SINAPI!$B:$B,MATCH($B229,SINAPI!$A:$A,0)),\"\")","v":"ELETRICISTA COM ENCARGOS COMPLEMENTARES"},{"$f":"IFERROR(INDEX(SINAPI!$C:$C,MATCH($B229,SINAPI!$A:$A,0)),\"\")","v":"H"},{"$f":"IF(IFERROR(INDEX(COMPOSIÇÕES_IFMT!$B:$B,MATCH($A226,COMPOSIÇÕES_IFMT!$A:$A,0)),\"\")<>\"\",OFFSET(COMPOSIÇÕES_IFMT!$A$1,MATCH($A226,COMPOSIÇÕES_IFMT!$A:$A,0)+2,4),\"\")","v":0.20330000000000001},{"$f":"IFERROR(INDEX(SINAPI!$D:$D,MATCH($B229,SINAPI!$A:$A,0)),0)","v":20.52},4.171716]
[null,null,null,null,null,"TOTAL",{"$f":"SUM(G227:G229)","v":12.771988}]
[]
[]
["CLASSE/TIPO","CÓDIGOS/ SINAPI","DESCRIÇÃO","UND","COEFICIENTE","PREÇO UNITÁRIO","PREÇO TOTAL"]
["IFMT 126.01.2020",{"$f":"IFERROR(INDEX(COMPOSIÇÕES_IFMT!$B:$B,MATCH($A234,COMPOSIÇÕES_IFMT!$A:$A,0)),\"\")","v":".126/E"},{"$f":"IFERROR(INDEX(COMPOSIÇÕES_IFMT!$C:$C,MATCH($A234,COMPOSIÇÕES_IFMT!$A:$A,0)),\"\")","v":"CURVA 90 GRAUS PARA ELETRODUTO, AÇO GALVANIZADO, DN 20 MM (3/4''), APARENTE, INSTALADA EM PAREDE - FORNECIMENTO E INSTALAÇÃO."},{"$f":"IFERROR(INDEX(COMPOSIÇÕES_IFMT!$D:$D,MATCH($A234,COMPOSIÇÕES_IFMT!$A:$A,0)),\"\")","v":"UN"},null,null,{"$f":"G238","v":10.602971999999999}]
[{"$f":"IFERROR(INDEX(SINAPI!$E:$E,MATCH($B235,SINAPI!$A:$A,0)),\"\")","v":"INSUMO"},{"$f":"IF(IFERROR(INDEX(COMPOSIÇÕES_IFMT!$B:$B,MATCH($A234,COMPOSIÇÕES_IFMT!$A:$A,0)),\"\")<>\"\",OFFSET(COMPOSIÇÕES_IFMT!$A$1,MATCH($A234,COMPOSIÇÕES_IFMT!$A:$A,0),1),\"\")","v":2633},{"$f":"IFERROR(INDEX(SINAPI!$B:$B,MATCH($B235,SINAPI!$A:$A,0)),\"\")","v":"CURVA 90 GRAUS, PARA ELETRODUTO, EM ACO GALVANIZADO ELETROLITICO, DIAMETRO DE 20 MM (3/4\")"},{"$f":"IFERROR(INDEX(SINAPI!$C:$C,MATCH($B235,SINAPI!$A:$A,0)),\"\")","v":"UN    "},{"$f":"IF(IFERROR(INDEX(COMPOSIÇÕES_IFMT!$B:$B,MATCH($A234,COMPOSIÇÕES_IFMT!$A:$A,0)),\"\")<>\"\",OFFSET(COMPOSIÇÕES_IFMT!$A$1,MATCH($A234,COMPOSIÇÕES_IFMT!$A:$A,0),4),\"\")","v":1},{"$f":"IFERROR(INDEX(SINAPI!$D:$D,MATCH($B235,SINAPI!$A:$A,0)),0)","v":3.96},{"$f":"IFERROR(F235*E235,0)","v":3.96}]
[{"$f":"IFERROR(INDEX(SINAPI!$E:$E,MATCH($B236,SINAPI!$A:$A,0)),\"\")","v":"COMPOSIÇÃO"},{"$f":"IF(IFERROR(INDEX(COMPOSIÇÕES_IFMT!$B:$B,MATCH($A234,COMPOSIÇÕES_IFMT!$A:$A,0)),\"\")<>\"\",OFFSET(COMPOSIÇÕES_IFMT!$A$1,MATCH($A234,COMPOSIÇÕES_IFMT!$A:$A,0)+1,1),\"\")","v":88247},{"$f":"IFERROR(INDEX(SINAPI!$B:$B,MATCH($B236,SINAPI!$A:$A,0)),\"\")","v":"AUXILIAR DE ELETRICISTA COM ENCARGOS COMPLEMENTARES"},{"$f":"IFERROR(INDEX(SINAPI!$C:$C,MATCH($B236,SINAPI!$A:$A,0)),\"\")","v":"H"},{"$f":"IF(IFERROR(INDEX(COMPOSIÇÕES_IFMT!$B:$B,MATCH($A234,COMPOSIÇÕES_IFMT!$A:$A,0)),\"\")<>\"\",OFFSET(COMPOSIÇÕES_IFMT!$A$1,MATCH($A234,COMPOSIÇÕES_IFMT!$A:$A,0)+1,4),\"\")","v":0.1827},{"$f":"IFERROR(INDEX(SINAPI!$D:$D,MATCH($B236,SINAPI!$A:$A,0)),0)","v":15.84},{"$f":"IFERROR(F236*E236,0)","v":2.8939680000000001}]
[{"$f":"IFERROR(INDEX(SINAPI!$E:$E,MATCH($B237,SINAPI!$A:$A,0)),\"\")","v":"COMPOSIÇÃO"},{"$f":"IF(IFERROR(INDEX(COMPOSIÇÕES_IFMT!$B:$B,MATCH($A234,COMPOSIÇÕES_IFMT!$A:$A,0)),\"\")<>\"\",OFFSET(COMPOSIÇÕES_IFMT!$A$1,MATCH($A234,COMPOSIÇÕES_IFMT!$A:$A,0)+2,1),\"\")","v":88264},{"$f":"IFERROR(INDEX(SINAPI!$B:$B,MATCH($B237,SINAPI!$A:$A,0)),\"\")","v":"ELETRICISTA COM ENCARGOS COMPLEMENTARES"},{"$f":"IFERROR(INDEX(SINAPI!$C:$C,MATCH($B237,SINAPI!$A:$A,0)),\"\")","v":"H"},{"$f":"IF(IFERROR(INDEX(COMPOSIÇÕES_IFMT!$B:$B,MATCH($A234,COMPOSIÇÕES_IFMT!$A:$A,0)),\"\")<>\"\",OFFSET(COMPOSIÇÕES_IFMT!$A$1,MATCH($A234,COMPOSIÇÕES_IFMT!$A:$A,0)+2,4),\"\")","v":0.1827},{"$f":"IFERROR(INDEX(SINAPI!$D:$D,MATCH($B237,SINAPI!$A:$A,0)),0)","v":20.52},3.7490039999999998]
[null,null,null,null,null,"TOTAL",{"$f":"SUM(G235:G237)","v":10.602971999999999}]
[]
[]
["CLASSE/TIPO","CÓDIGOS/ SINAPI","DESCRIÇÃO","UND","COEFICIENTE","PREÇO UNITÁRIO","PREÇO TOTAL"]
["IFMT 127.01.2020",{"$f":"IFERROR(INDEX(COMPOSIÇÕES_IFMT!$B:$B,MATCH($A242,COMPOSIÇÕES_IFMT!$A:$A,0)),\"\")","v":".127/E"},{"$f":"IFERROR(INDEX(COMPOSIÇÕES_IFMT!$C:$C,MATCH($A242,COMPOSIÇÕES_IFMT!$A:$A,0)),\"\")","v":"CURVA 90 GRAUS PARA ELETRODUTO, AÇO GALVANIZADO, DN 32 MM (1 1/4''), APARENTE, INSTALADA EM PAREDE - FORNECIMENTO E INSTALAÇÃO. "},{"$f":"IFERROR(INDEX(COMPOSIÇÕES_IFMT!$D:$D,MATCH($A242,COMPOSIÇÕES_IFMT!$A:$A,0)),\"\")","v":"UN"},null,null,{"$f":"G246","v":20.682791999999999}]
[{"$f":"IFERROR(INDEX(SINAPI!$E:$E,MATCH($B243,SINAPI!$A:$A,0)),\"\")","v":"INSUMO"},{"$f":"IF(IFERROR(INDEX(COMPOSIÇÕES_IFMT!$B:$B,MATCH($A242,COMPOSIÇÕES_IFMT!$A:$A,0)),\"\")<>\"\",OFFSET(COMPOSIÇÕES_IFMT!$A$1,MATCH($A242,COMPOSIÇÕES_IFMT!$A:$A,0),1),\"\")","v":2618},{"$f":"IFERROR(INDEX(SINAPI!$B:$B,MATCH($B243,SINAPI!$A:$A,0)),\"\")","v":"CURVA 90 GRAUS, PARA ELETRODUTO, EM ACO GALVANIZADO ELETROLITICO, DIAMETRO DE 32 MM (1 1/4\")"},{"$f":"IFERROR(INDEX(SINAPI!$C:$C,MATCH($B243,SINAPI!$A:$A,0)),\"\")","v":"UN    "},{"$f":"IF(IFERROR(INDEX(COMPOSIÇÕES_IFMT!$B:$B,MATCH($A242,COMPOSIÇÕES_IFMT!$A:$A,0)),\"\")<>\"\",OFFSET(COMPOSIÇÕES_IFMT!$A$1,MATCH($A242,COMPOSIÇÕES_IFMT!$A:$A,0),4),\"\")","v":1},{"$f":"IFERROR(INDEX(SINAPI!$D:$D,MATCH($B243,SINAPI!$A:$A,0)),0)","v":12.24},{"$f":"IFERROR(F243*E243,0)","v":12.24}]
[{"$f":"IFERROR(INDEX(SINAPI!$E:$E,MATCH($B244,SINAPI!$A:$A,0)),\"\")","v":"COMPOSIÇÃO"},{"$f":"IF(IFERROR(INDEX(COMPOSIÇÕES_IFMT!$B:$B,MATCH($A242,COMPOSIÇÕES_IFMT!$A:$A,0)),\"\")<>\"\",OFFSET(COMPOSIÇÕES_IFMT!$A$1,MATCH($A242,COMPOSIÇÕES_IFMT!$A:$A,0)+1,1),\"\")","v":88247},{"$f":"IFERROR(INDEX(SINAPI!$B:$B,MATCH($B244,SINAPI!$A:$A,0)),\"\")","v":"AUXILIAR DE ELETRICISTA COM ENCARGOS COMPLEMENTARES"},{"$f":"IFERROR(INDEX(SINAPI!$C:$C,MATCH($B244,SINAPI!$A:$A,0)),\"\")","v":"H"},{"$f":"IF(IFERROR(INDEX(COMPOSIÇÕES_IFMT!$B:$B,MATCH($A242,COMPOSIÇÕES_IFMT!$A:$A,0)),\"\")<>\"\",OFFSET(COMPOSIÇÕES_IFMT!$A$1,MATCH($A242,COMPOSIÇÕES_IFMT!$A:$A,0)+1,4),\"\")","v":0.23219999999999999},{"$f":"IFERROR(INDEX(SINAPI!$D:$D,MATCH($B244,SINAPI!$A:$A,0)),0)","v":15.84},{"$f":"IFERROR(F244*E244,0)","v":3.678048}]
[{"$f":"IFERROR(INDEX(SINAPI!$E:$E,MATCH($B245,SINAPI!$A:$A,0)),\"\")","v":"COMPOSIÇÃO"},{"$f":"IF(IFERROR(INDEX(COMPOSIÇÕES_IFMT!$B:$B,MATCH($A242,COMPOSIÇÕES_IFMT!$A:$A,0)),\"\")<>\"\",OFFSET(COMPOSIÇÕES_IFMT!$A$1,MATCH($A242,COMPOSIÇÕES_IFMT!$A:$A,0)+2,1),\"\")","v":88264},{"$f":"IFERROR(INDEX(SINAPI!$B:$B,MATCH($B245,SINAPI!$A:$A,0)),\"\")","v":"ELETRICISTA COM ENCARGOS COMPLEMENTARES"},{"$f":"IFERROR(INDEX(SINAPI!$C:$C,MATCH($B245,SINAPI!$A:$A,0)),\"\")","v":"H"},{"$f":"IF(IFERROR(INDEX(COMPOSIÇÕES_IFMT!$B:$B,MATCH($A242,COMPOSIÇÕES_IFMT!$A:$A,0)),\"\")<>\"\",OFFSET(COMPOSIÇÕES_IFMT!$A$1,MATCH($A242,COMPOSIÇÕES_IFMT!$A:$A,0)+2,4),\"\")","v":0.23219999999999999},{"$f":"IFERROR(INDEX(SINAPI!$D:$D,MATCH($B245,SINAPI!$A:$A,0)),0)","v":20.52},4.7647439999999994]
[null,null,null,null,null,"TOTAL",{"$f":"SUM(G243:G245)","v":20.682791999999999}]
[]
[]
["CLASSE/TIPO","CÓDIGOS/ SINAPI","DESCRIÇÃO","UND","COEFICIENTE","PREÇO UNITÁRIO","PREÇO TOTAL"]
["IFMT 128.01.2020",{"$f":"IFERROR(INDEX(COMPOSIÇÕES_IFMT!$B:$B,MATCH($A250,COMPOSIÇÕES_IFMT!$A:$A,0)),\"\")","v":".128/E"},{"$f":"IFERROR(INDEX(COMPOSIÇÕES_IFMT!$C:$C,MATCH($A250,COMPOSIÇÕES_IFMT!$A:$A,0)),\"\")","v":"QUADRO DE DISTRIBUICAO COM BARRAMENTO TRIFASICO, DE SOBREPOR, EM CHAPA DE ACO GALVANIZADO, PARA 18 DISJUNTORES DIN, 100 A (FORNECIMENTO E INSTALAÇÃO) "},{"$f":"IFERROR(INDEX(COMPOSIÇÕES_IFMT!$D:$D,MATCH($A250,COMPOSIÇÕES_IFMT!$A:$A,0)),\"\")","v":"UN"},null,null,{"$f":"G255","v":495.07000000000005}]
[{"$f":"IFERROR(INDEX(SINAPI!$E:$E,MATCH($B251,SINAPI!$A:$A,0)),\"\")","v":"COMPOSIÇÃO"},{"$f":"IF(IFERROR(INDEX(COMPOSIÇÕES_IFMT!$B:$B,MATCH($A250,COMPOSIÇÕES_IFMT!$A:$A,0)),\"\")<>\"\",OFFSET(COMPOSIÇÕES_IFMT!$A$1,MATCH($A250,COMPOSIÇÕES_IFMT!$A:$A,0),1),\"\")","v":88264},{"$f":"IFERROR(INDEX(SINAPI!$B:$B,MATCH($B251,SINAPI!$A:$A,0)),\"\")","v":"ELETRICISTA COM ENCARGOS COMPLEMENTARES"},{"$f":"IFERROR(INDEX(SINAPI!$C:$C,MATCH($B251,SINAPI!$A:$A,0)),\"\")","v":"H"},{"$f":"IF(IFERROR(INDEX(COMPOSIÇÕES_IFMT!$B:$B,MATCH($A250,COMPOSIÇÕES_IFMT!$A:$A,0)),\"\")<>\"\",OFFSET(COMPOSIÇÕES_IFMT!$A$1,MATCH($A250,COMPOSIÇÕES_IFMT!$A:$A,0),4),\"\")","v":3},{"$f":"IFERROR(INDEX(SINAPI!$D:$D,MATCH($B251,SINAPI!$A:$A,0)),0)","v":20.52},{"$f":"IFERROR(F251*E251,0)","v":61.56}]
[{"$f":"IFERROR(INDEX(SINAPI!$E:$E,MATCH($B252,SINAPI!$A:$A,0)),\"\")","v":"COMPOSIÇÃO"},{"$f":"IF(IFERROR(INDEX(COMPOSIÇÕES_IFMT!$B:$B,MATCH($A250,COMPOSIÇÕES_IFMT!$A:$A,0)),\"\")<>\"\",OFFSET(COMPOSIÇÕES_IFMT!$A$1,MATCH($A250,COMPOSIÇÕES_IFMT!$A:$A,0)+1,1),\"\")","v":88247},{"$f":"IFERROR(INDEX(SINAPI!$B:$B,MATCH($B252,SINAPI!$A:$A,0)),\"\")","v":"AUXILIAR DE ELETRICISTA COM ENCARGOS COMPLEMENTARES"},{"$f":"IFERROR(INDEX(SINAPI!$C:$C,MATCH($B252,SINAPI!$A:$A,0)),\"\")","v":"H"},{"$f":"IF(IFERROR(INDEX(COMPOSIÇÕES_IFMT!$B:$B,MATCH($A250,COMPOSIÇÕES_IFMT!$A:$A,0)),\"\")<>\"\",OFFSET(COMPOSIÇÕES_IFMT!$A$1,MATCH($A250,COMPOSIÇÕES_IFMT!$A:$A,0)+1,4),\"\")","v":3},{"$f":"IFERROR(INDEX(SINAPI!$D:$D,MATCH($B252,SINAPI!$A:$A,0)),0)","v":15.84},{"$f":"IFERROR(F252*E252,0)","v":47.519999999999996}]
[{"$f":"IFERROR(INDEX(SINAPI!$E:$E,MATCH($B253,SINAPI!$A:$A,0)),\"\")","v":"INSUMO"},{"$f":"IF(IFERROR(INDEX(COMPOSIÇÕES_IFMT!$B:$B,MATCH($A250,COMPOSIÇÕES_IFMT!$A:$A,0)),\"\")<>\"\",OFFSET(COMPOSIÇÕES_IFMT!$A$1,MATCH($A250,COMPOSIÇÕES_IFMT!$A:$A,0)+2,1),\"\")","v":7583},{"$f":"IFERROR(INDEX(SINAPI!$B:$B,MATCH($B253,SINAPI!$A:$A,0)),\"\")","v":"BUCHA DE NYLON SEM ABA S8, COM PARAFUSO DE 4,80 X 50 MM EM ACO ZINCADO COM ROSCA SOBERBA, CABECA CHATA E FENDA PHILLIPS"},{"$f":"IFERROR(INDEX(SINAPI!$C:$C,MATCH($B253,SINAPI!$A:$A,0)),\"\")","v":"UN    "},{"$f":"IF(IFERROR(INDEX(COMPOSIÇÕES_IFMT!$B:$B,MATCH($A250,COMPOSIÇÕES_IFMT!$A:$A,0)),\"\")<>\"\",OFFSET(COMPOSIÇÕES_IFMT!$A$1,MATCH($A250,COMPOSIÇÕES_IFMT!$A:$A,0)+2,4),\"\")","v":4},{"$f":"IFERROR(INDEX(SINAPI!$D:$D,MATCH($B253,SINAPI!$A:$A,0)),0)","v":0.41},1.64]
[{"$f":"IFERROR(INDEX(SINAPI!$E:$E,MATCH($B254,SINAPI!$A:$A,0)),\"\")","v":"INSUMO"},{"$f":"IF(IFERROR(INDEX(COMPOSIÇÕES_IFMT!$B:$B,MATCH($A250,COMPOSIÇÕES_IFMT!$A:$A,0)),\"\")<>\"\",OFFSET(COMPOSIÇÕES_IFMT!$A$1,MATCH($A250,COMPOSIÇÕES_IFMT!$A:$A,0)+3,1),\"\")","v":12038},{"$f":"IFERROR(INDEX(SINAPI!$B:$B,MATCH($B254,SINAPI!$A:$A,0)),\"\")","v":"QUADRO DE DISTRIBUICAO COM BARRAMENTO TRIFASICO, DE SOBREPOR, EM CHAPA DE ACO GALVANIZADO, PARA 18 DISJUNTORES DIN, 100 A"},{"$f":"IFERROR(INDEX(SINAPI!$C:$C,MATCH($B254,SINAPI!$A:$A,0)),\"\")","v":"UN    "},{"$f":"IF(IFERROR(INDEX(COMPOSIÇÕES_IFMT!$B:$B,MATCH($A250,COMPOSIÇÕES_IFMT!$A:$A,0)),\"\")<>\"\",OFFSET(COMPOSIÇÕES_IFMT!$A$1,MATCH($A250,COMPOSIÇÕES_IFMT!$A:$A,0)+3,4),\"\")","v":1},{"$f":"IFERROR(INDEX(SINAPI!$D:$D,MATCH($B254,SINAPI!$A:$A,0)),0)","v":384.35},384.35]
[null,null,null,null,null,"TOTAL",{"$f":"SUM(G251:G254)","v":495.07000000000005}]
[]
[]
["CLASSE/TIPO","CÓDIGOS/ SINAPI","DESCRIÇÃO","UND","COEFICIENTE","PREÇO UNITÁRIO","PREÇO TOTAL"]
["IFMT 129.01.2020",{"$f":"IFERROR(INDEX(COMPOSIÇÕES_IFMT!$B:$B,MATCH($A259,COMPOSIÇÕES_IFMT!$A:$A,0)),\"\")","v":".129/E"},{"$f":"IFERROR(INDEX(COMPOSIÇÕES_IFMT!$C:$C,MATCH($A259,COMPOSIÇÕES_IFMT!$A:$A,0)),\"\")","v":"QUADRO DE DISTRIBUICAO COM BARRAMENTO TRIFASICO, DE SOBREPOR, EM CHAPA DE ACO GALVANIZADO, PARA 24 DISJUNTORES DIN, 100 A (FORNECIMENTO E INSTALAÇÃO) "},{"$f":"IFERROR(INDEX(COMPOSIÇÕES_IFMT!$D:$D,MATCH($A259,COMPOSIÇÕES_IFMT!$A:$A,0)),\"\")","v":"UN"},null,null,{"$f":"G264","v":466.13}]
[{"$f":"IFERROR(INDEX(SINAPI!$E:$E,MATCH($B260,SINAPI!$A:$A,0)),\"\")","v":"COMPOSIÇÃO"},{"$f":"IF(IFERROR(INDEX(COMPOSIÇÕES_IFMT!$B:$B,MATCH($A259,COMPOSIÇÕES_IFMT!$A:$A,0)),\"\")<>\"\",OFFSET(COMPOSIÇÕES_IFMT!$A$1,MATCH($A259,COMPOSIÇÕES_IFMT!$A:$A,0),1),\"\")","v":88264},{"$f":"IFERROR(INDEX(SINAPI!$B:$B,MATCH($B260,SINAPI!$A:$A,0)),\"\")","v":"ELETRICISTA COM ENCARGOS COMPLEMENTARES"},{"$f":"IFERROR(INDEX(SINAPI!$C:$C,MATCH($B260,SINAPI!$A:$A,0)),\"\")","v":"H"},{"$f":"IF(IFERROR(INDEX(COMPOSIÇÕES_IFMT!$B:$B,MATCH($A259,COMPOSIÇÕES_IFMT!$A:$A,0)),\"\")<>\"\",OFFSET(COMPOSIÇÕES_IFMT!$A$1,MATCH($A259,COMPOSIÇÕES_IFMT!$A:$A,0),4),\"\")","v":3},{"$f":"IFERROR(INDEX(SINAPI!$D:$D,MATCH($B260,SINAPI!$A:$A,0)),0)","v":20.52},{"$f":"IFERROR(F260*E260,0)","v":61.56}]
[{"$f":"IFERROR(INDEX(SINAPI!$E:$E,MATCH($B261,SINAPI!$A:$A,0)),\"\")","v":"COMPOSIÇÃO"},{"$f":"IF(IFERROR(INDEX(COMPOSIÇÕES_IFMT!$B:$B,MATCH($A259,COMPOSIÇÕES_IFMT!$A:$A,0)),\"\")<>\"\",OFFSET(COMPOSIÇÕES_IFMT!$A$1,MATCH($A259,COMPOSIÇÕES_IFMT!$A:$A,0)+1,1),\"\")","v":88247},{"$f":"IFERROR(INDEX(SINAPI!$B:$B,MATCH($B261,SINAPI!$A:$A,0)),\"\")","v":"AUXILIAR DE ELETRICISTA COM ENCARGOS COMPLEMENTARES"},{"$f":"IFERROR(INDEX(SINAPI!$C:$C,MATCH($B261,SINAPI!$A:$A,0)),\"\")","v":"H"},{"$f":"IF(IFERROR(INDEX(COMPOSIÇÕES_IFMT!$B:$B,MATCH($A259,COMPOSIÇÕES_IFMT!$A:$A,0)),\"\")<>\"\",OFFSET(COMPOSIÇÕES_IFMT!$A$1,MATCH($A259,COMPOSIÇÕES_IFMT!$A:$A,0)+1,4),\"\")","v":3},{"$f":"IFERROR(INDEX(SINAPI!$D:$D,MATCH($B261,SINAPI!$A:$A,0)),0)","v":15.84},{"$f":"IFERROR(F261*E261,0)","v":47.519999999999996}]
[{"$f":"IFERROR(INDEX(SINAPI!$E:$E,MATCH($B262,SINAPI!$A:$A,0)),\"\")","v":"INSUMO"},{"$f":"IF(IFERROR(INDEX(COMPOSIÇÕES_IFMT!$B:$B,MATCH($A259,COMPOSIÇÕES_IFMT!$A:$A,0)),\"\")<>\"\",OFFSET(COMPOSIÇÕES_IFMT!$A$1,MATCH($A259,COMPOSIÇÕES_IFMT!$A:$A,0)+2,1),\"\")","v":7583},{"$f":"IFERROR(INDEX(SINAPI!$B:$B,MATCH($B262,SINAPI!$A:$A,0)),\"\")","v":"BUCHA DE NYLON SEM ABA S8, COM PARAFUSO DE 4,80 X 50 MM EM ACO ZINCADO COM ROSCA SOBERBA, CABECA CHATA E FENDA PHILLIPS"},{"$f":"IFERROR(INDEX(SINAPI!$C:$C,MATCH($B262,SINAPI!$A:$A,0)),\"\")","v":"UN    "},{"$f":"IF(IFERROR(INDEX(COMPOSIÇÕES_IFMT!$B:$B,MATCH($A259,COMPOSIÇÕES_IFMT!$A:$A,0)),\"\")<>\"\",OFFSET(COMPOSIÇÕES_IFMT!$A$1,MATCH($A259,COMPOSIÇÕES_IFMT!$A:$A,0)+2,4),\"\")","v":4},{"$f":"IFERROR(INDEX(SINAPI!$D:$D,MATCH($B262,SINAPI!$A:$A,0)),0)","v":0.41},1.64]
["INSUMO",39757,"QUADRO DE DISTRIBUICAO COM BARRAMENTO TRIFASICO, DE SOBREPOR, EM CHAPA DE ACO GALVANIZADO, PARA 28 DISJUNTORES DIN, 100 A","UN    ",1,{"$f":"IFERROR(INDEX(SINAPI!$D:$D,MATCH($B263,SINAPI!$A:$A,0)),0)","v":355.41},355.41]
[null,null,null,null,null,"TOTAL",{"$f":"SUM(G260:G263)","v":466.13}]
[]
[]
["CLASSE/TIPO","CÓDIGOS/ SINAPI","DESCRIÇÃO","UND","COEFICIENTE","PREÇO UNITÁRIO","PREÇO TOTAL"]
["IFMT 130.01.2020",{"$f":"IFERROR(INDEX(COMPOSIÇÕES_IFMT!$B:$B,MATCH($A268,COMPOSIÇÕES_IFMT!$A:$A,0)),\"\")","v":".130/E"},{"$f":"IFERROR(INDEX(COMPOSIÇÕES_IFMT!$C:$C,MATCH($A268,COMPOSIÇÕES_IFMT!$A:$A,0)),\"\")","v":"QUADRO DE DISTRIBUICAO COM BARRAMENTO TRIFASICO, DE SOBREPOR, EM CHAPA DE ACO GALVANIZADO, PARA 28 DISJUNTORES DIN, 100 A (FORNECIMENTO E INSTALAÇÃO) "},{"$f":"IFERROR(INDEX(COMPOSIÇÕES_IFMT!$D:$D,MATCH($A268,COMPOSIÇÕES_IFMT!$A:$A,0)),\"\")","v":"UN"},null,null,{"$f":"G273","v":466.13}]
[{"$f":"IFERROR(INDEX(SINAPI!$E:$E,MATCH($B269,SINAPI!$A:$A,0)),\"\")","v":"COMPOSIÇÃO"},{"$f":"IF(IFERROR(INDEX(COMPOSIÇÕES_IFMT!$B:$B,MATCH($A268,COMPOSIÇÕES_IFMT!$A:$A,0)),\"\")<>\"\",OFFSET(COMPOSIÇÕES_IFMT!$A$1,MATCH($A268,COMPOSIÇÕES_IFMT!$A:$A,0),1),\"\")","v":88264},{"$f":"IFERROR(INDEX(SINAPI!$B:$B,MATCH($B269,SINAPI!$A:$A,0)),\"\")","v":"ELETRICISTA COM ENCARGOS COMPLEMENTARES"},{"$f":"IFERROR(INDEX(SINAPI!$C:$C,MATCH($B269,SINAPI!$A:$A,0)),\"\")","v":"H"},{"$f":"IF(IFERROR(INDEX(COMPOSIÇÕES_IFMT!$B:$B,MATCH($A268,COMPOSIÇÕES_IFMT!$A:$A,0)),\"\")<>\"\",OFFSET(COMPOSIÇÕES_IFMT!$A$1,MATCH($A268,COMPOSIÇÕES_IFMT!$A:$A,0),4),\"\")","v":3},{"$f":"IFERROR(INDEX(SINAPI!$D:$D,MATCH($B269,SINAPI!$A:$A,0)),0)","v":20.52},{"$f":"IFERROR(F269*E269,0)","v":61.56}]
[{"$f":"IFERROR(INDEX(SINAPI!$E:$E,MATCH($B270,SINAPI!$A:$A,0)),\"\")","v":"COMPOSIÇÃO"},{"$f":"IF(IFERROR(INDEX(COMPOSIÇÕES_IFMT!$B:$B,MATCH($A268,COMPOSIÇÕES_IFMT!$A:$A,0)),\"\")<>\"\",OFFSET(COMPOSIÇÕES_IFMT!$A$1,MATCH($A268,COMPOSIÇÕES_IFMT!$A:$A,0)+1,1),\"\")","v":88247},{"$f":"IFERROR(INDEX(SINAPI!$B:$B,MATCH($B270,SINAPI!$A:$A,0)),\"\")","v":"AUXILIAR DE ELETRICISTA COM ENCARGOS COMPLEMENTARES"},{"$f":"IFERROR(INDEX(SINAPI!$C:$C,MATCH($B270,SINAPI!$A:$A,0)),\"\")","v":"H"},{"$f":"IF(IFERROR(INDEX(COMPOSIÇÕES_IFMT!$B:$B,MATCH($A268,COMPOSIÇÕES_IFMT!$A:$A,0)),\"\")<>\"\",OFFSET(COMPOSIÇÕES_IFMT!$A$1,MATCH($A268,COMPOSIÇÕES_IFMT!$A:$A,0)+1,4),\"\")","v":3},{"$f":"IFERROR(INDEX(SINAPI!$D:$D,MATCH($B270,SINAPI!$A:$A,0)),0)","v":15.84},{"$f":"IFERROR(F270*E270,0)","v":47.519999999999996}]
[{"$f":"IFERROR(INDEX(SINAPI!$E:$E,MATCH($B271,SINAPI!$A:$A,0)),\"\")","v":"INSUMO"},{"$f":"IF(IFERROR(INDEX(COMPOSIÇÕES_IFMT!$B:$B,MATCH($A268,COMPOSIÇÕES_IFMT!$A:$A,0)),\"\")<>\"\",OFFSET(COMPOSIÇÕES_IFMT!$A$1,MATCH($A268,COMPOSIÇÕES_IFMT!$A:$A,0)+2,1),\"\")","v":7583},{"$f":"IFERROR(INDEX(SINAPI!$B:$B,MATCH($B271,SINAPI!$A:$A,0)),\"\")","v":"BUCHA DE NYLON SEM ABA S8, COM PARAFUSO DE 4,80 X 50 MM EM ACO ZINCADO COM ROSCA SOBERBA, CABECA CHATA E FENDA PHILLIPS"},{"$f":"IFERROR(INDEX(SINAPI!$C:$C,MATCH($B271,SINAPI!$A:$A,0)),\"\")","v":"UN    "},{"$f":"IF(IFERROR(INDEX(COMPOSIÇÕES_IFMT!$B:$B,MATCH($A268,COMPOSIÇÕES_IFMT!$A:$A,0)),\"\")<>\"\",OFFSET(COMPOSIÇÕES_IFMT!$A$1,MATCH($A268,COMPOSIÇÕES_IFMT!$A:$A,0)+2,4),\"\")","v":4},{"$f":"IFERROR(INDEX(SINAPI!$D:$D,MATCH($B271,SINAPI!$A:$A,0)),0)","v":0.41},1.64]
[{"$f":"IFERROR(INDEX(SINAPI!$E:$E,MATCH($B272,SINAPI!$A:$A,0)),\"\")","v":"INSUMO"},{"$f":"IF(IFERROR(INDEX(COMPOSIÇÕES_IFMT!$B:$B,MATCH($A268,COMPOSIÇÕES_IFMT!$A:$A,0)),\"\")<>\"\",OFFSET(COMPOSIÇÕES_IFMT!$A$1,MATCH($A268,COMPOSIÇÕES_IFMT!$A:$A,0)+3,1),\"\")","v":39757},{"$f":"IFERROR(INDEX(SINAPI!$B:$B,MATCH($B272,SINAPI!$A:$A,0)),\"\")","v":"QUADRO DE DISTRIBUICAO COM BARRAMENTO TRIFASICO, DE SOBREPOR, EM CHAPA DE ACO GALVANIZADO, PARA 28 DISJUNTORES DIN, 100 A"},{"$f":"IFERROR(INDEX(SINAPI!$C:$C,MATCH($B272,SINAPI!$A:$A,0)),\"\")","v":"UN    "},{"$f":"IF(IFERROR(INDEX(COMPOSIÇÕES_IFMT!$B:$B,MATCH($A268,COMPOSIÇÕES_IFMT!$A:$A,0)),\"\")<>\"\",OFFSET(COMPOSIÇÕES_IFMT!$A$1,MATCH($A268,COMPOSIÇÕES_IFMT!$A:$A,0)+3,4),\"\")","v":1},{"$f":"IFERROR(INDEX(SINAPI!$D:$D,MATCH($B272,SINAPI!$A:$A,0)),0)","v":355.41},355.41]
[null,null,null,null,null,"TOTAL",{"$f":"SUM(G269:G272)","v":466.13}]
[]
[]
["CLASSE/TIPO","CÓDIGOS/ SINAPI","DESCRIÇÃO","UND","COEFICIENTE","PREÇO UNITÁRIO","PREÇO TOTAL"]
["IFMT 131.01.2020",{"$f":"IFERROR(INDEX(COMPOSIÇÕES_IFMT!$B:$B,MATCH($A277,COMPOSIÇÕES_IFMT!$A:$A,0)),\"\")","v":".131/E"},{"$f":"IFERROR(INDEX(COMPOSIÇÕES_IFMT!$C:$C,MATCH($A277,COMPOSIÇÕES_IFMT!$A:$A,0)),\"\")","v":"QUADRO DE DISTRIBUICAO COM BARRAMENTO TRIFASICO, DE SOBREPOR, EM CHAPA DE ACO GALVANIZADO, PARA 40 DISJUNTORES DIN, 100 A (FORNECIMENTO E INSTALAÇÃO) "},{"$f":"IFERROR(INDEX(COMPOSIÇÕES_IFMT!$D:$D,MATCH($A277,COMPOSIÇÕES_IFMT!$A:$A,0)),\"\")","v":"UN"},null,null,{"$f":"G282","v":967.4}]
[{"$f":"IFERROR(INDEX(SINAPI!$E:$E,MATCH($B278,SINAPI!$A:$A,0)),\"\")","v":"COMPOSIÇÃO"},{"$f":"IF(IFERROR(INDEX(COMPOSIÇÕES_IFMT!$B:$B,MATCH($A277,COMPOSIÇÕES_IFMT!$A:$A,0)),\"\")<>\"\",OFFSET(COMPOSIÇÕES_IFMT!$A$1,MATCH($A277,COMPOSIÇÕES_IFMT!$A:$A,0),1),\"\")","v":88264},{"$f":"IFERROR(INDEX(SINAPI!$B:$B,MATCH($B278,SINAPI!$A:$A,0)),\"\")","v":"ELETRICISTA COM ENCARGOS COMPLEMENTARES"},{"$f":"IFERROR(INDEX(SINAPI!$C:$C,MATCH($B278,SINAPI!$A:$A,0)),\"\")","v":"H"},{"$f":"IF(IFERROR(INDEX(COMPOSIÇÕES_IFMT!$B:$B,MATCH($A277,COMPOSIÇÕES_IFMT!$A:$A,0)),\"\")<>\"\",OFFSET(COMPOSIÇÕES_IFMT!$A$1,MATCH($A277,COMPOSIÇÕES_IFMT!$A:$A,0),4),\"\")","v":3},{"$f":"IFERROR(INDEX(SINAPI!$D:$D,MATCH($B278,SINAPI!$A:$A,0)),0)","v":20.52},{"$f":"IFERROR(F278*E278,0)","v":61.56}]
[{"$f":"IFERROR(INDEX(SINAPI!$E:$E,MATCH($B279,SINAPI!$A:$A,0)),\"\")","v":"COMPOSIÇÃO"},{"$f":"IF(IFERROR(INDEX(COMPOSIÇÕES_IFMT!$B:$B,MATCH($A277,COMPOSIÇÕES_IFMT!$A:$A,0)),\"\")<>\"\",OFFSET(COMPOSIÇÕES_IFMT!$A$1,MATCH($A277,COMPOSIÇÕES_IFMT!$A:$A,0)+1,1),\"\")","v":88247},{"$f":"IFERROR(INDEX(SINAPI!$B:$B,MATCH($B279,SINAPI!$A:$A,0)),\"\")","v":"AUXILIAR DE ELETRICISTA COM ENCARGOS COMPLEMENTARES"},{"$f":"IFERROR(INDEX(SINAPI!$C:$C,MATCH($B279,SINAPI!$A:$A,0)),\"\")","v":"H"},{"$f":"IF(IFERROR(INDEX(COMPOSIÇÕES_IFMT!$B:$B,MATCH($A277,COMPOSIÇÕES_IFMT!$A:$A,0)),\"\")<>\"\",OFFSET(COMPOSIÇÕES_IFMT!$A$1,MATCH($A277,COMPOSIÇÕES_IFMT!$A:$A,0)+1,4),\"\")","v":3},{"$f":"IFERROR(INDEX(SINAPI!$D:$D,MATCH($B279,SINAPI!$A:$A,0)),0)","v":15.84},{"$f":"IFERROR(F279*E279,0)","v":47.519999999999996}]
[{"$f":"IFERROR(INDEX(SINAPI!$E:$E,MATCH($B280,SINAPI!$A:$A,0)),\"\")","v":"INSUMO"},{"$f":"IF(IFERROR(INDEX(COMPOSIÇÕES_IFMT!$B:$B,MATCH($A277,COMPOSIÇÕES_IFMT!$A:$A,0)),\"\")<>\"\",OFFSET(COMPOSIÇÕES_IFMT!$A$1,MATCH($A277,COMPOSIÇÕES_IFMT!$A:$A,0)+2,1),\"\")","v":7583},{"$f":"IFERROR(INDEX(SINAPI!$B:$B,MATCH($B280,SINAPI!$A:$A,0)),\"\")","v":"BUCHA DE NYLON SEM ABA S8, COM PARAFUSO DE 4,80 X 50 MM EM ACO ZINCADO COM ROSCA SOBERBA, CABECA CHATA E FENDA PHILLIPS"},{"$f":"IFERROR(INDEX(SINAPI!$C:$C,MATCH($B280,SINAPI!$A:$A,0)),\"\")","v":"UN    "},{"$f":"IF(IFERROR(INDEX(COMPOSIÇÕES_IFMT!$B:$B,MATCH($A277,COMPOSIÇÕES_IFMT!$A:$A,0)),\"\")<>\"\",OFFSET(COMPOSIÇÕES_IFMT!$A$1,MATCH($A277,COMPOSIÇÕES_IFMT!$A:$A,0)+2,4),\"\")","v":4},{"$f":"IFERROR(INDEX(SINAPI!$D:$D,MATCH($B280,SINAPI!$A:$A,0)),0)","v":0.41},1.64]
[{"$f":"IFERROR(INDEX(SINAPI!$E:$E,MATCH($B281,SINAPI!$A:$A,0)),\"\")","v":"INSUMO"},{"$f":"IF(IFERROR(INDEX(COMPOSIÇÕES_IFMT!$B:$B,MATCH($A277,COMPOSIÇÕES_IFMT!$A:$A,0)),\"\")<>\"\",OFFSET(COMPOSIÇÕES_IFMT!$A$1,MATCH($A277,COMPOSIÇÕES_IFMT!$A:$A,0)+3,1),\"\")","v":39760},{"$f":"IFERROR(INDEX(SINAPI!$B:$B,MATCH($B281,SINAPI!$A:$A,0)),\"\")","v":"QUADRO DE DISTRIBUICAO COM BARRAMENTO TRIFASICO, DE SOBREPOR, EM CHAPA DE ACO GALVANIZADO, PARA *42* DISJUNTORES DIN, 100 A"},{"$f":"IFERROR(INDEX(SINAPI!$C:$C,MATCH($B281,SINAPI!$A:$A,0)),\"\")","v":"UN    "},{"$f":"IF(IFERROR(INDEX(COMPOSIÇÕES_IFMT!$B:$B,MATCH($A277,COMPOSIÇÕES_IFMT!$A:$A,0)),\"\")<>\"\",OFFSET(COMPOSIÇÕES_IFMT!$A$1,MATCH($A277,COMPOSIÇÕES_IFMT!$A:$A,0)+3,4),\"\")","v":1},{"$f":"IFERROR(INDEX(SINAPI!$D:$D,MATCH($B281,SINAPI!$A:$A,0)),0)","v":856.68},856.68]
[null,null,null,null,null,"TOTAL",{"$f":"SUM(G278:G281)","v":967.4}]
[]
[]
["CLASSE/TIPO","CÓDIGOS/ SINAPI","DESCRIÇÃO","UND","COEFICIENTE","PREÇO UNITÁRIO","PREÇO TOTAL"]
["IFMT 132.01.2020",{"$f":"IFERROR(INDEX(COMPOSIÇÕES_IFMT!$B:$B,MATCH($A286,COMPOSIÇÕES_IFMT!$A:$A,0)),\"\")","v":".132/E"},{"$f":"IFERROR(INDEX(COMPOSIÇÕES_IFMT!$C:$C,MATCH($A286,COMPOSIÇÕES_IFMT!$A:$A,0)),\"\")","v":"LUMINÁRIA RETANGULAR TIPO CALHA, DE SOBREPOR, COM 2 LÂMPADAS TUBULARES BIVOLT DE LED 20 W - COMPLETA. FORNECIMENTO E INSTALAÇÃO"},{"$f":"IFERROR(INDEX(COMPOSIÇÕES_IFMT!$D:$D,MATCH($A286,COMPOSIÇÕES_IFMT!$A:$A,0)),\"\")","v":"UN"},null,null,{"$f":"G291","v":65.644311999999999}]
[{"$f":"IFERROR(INDEX(SINAPI!$E:$E,MATCH($B287,SINAPI!$A:$A,0)),\"\")","v":"INSUMO"},{"$f":"IF(IFERROR(INDEX(COMPOSIÇÕES_IFMT!$B:$B,MATCH($A286,COMPOSIÇÕES_IFMT!$A:$A,0)),\"\")<>\"\",OFFSET(COMPOSIÇÕES_IFMT!$A$1,MATCH($A286,COMPOSIÇÕES_IFMT!$A:$A,0),1),\"\")","v":12239},{"$f":"IFERROR(INDEX(SINAPI!$B:$B,MATCH($B287,SINAPI!$A:$A,0)),\"\")","v":"LUMINARIA DE SOBREPOR EM CHAPA DE ACO PARA 2 LAMPADAS FLUORESCENTES DE *36* W, PERFIL COMERCIAL (NAO INCLUI REATOR E LAMPADAS)"},{"$f":"IFERROR(INDEX(SINAPI!$C:$C,MATCH($B287,SINAPI!$A:$A,0)),\"\")","v":"UN    "},{"$f":"IF(IFERROR(INDEX(COMPOSIÇÕES_IFMT!$B:$B,MATCH($A286,COMPOSIÇÕES_IFMT!$A:$A,0)),\"\")<>\"\",OFFSET(COMPOSIÇÕES_IFMT!$A$1,MATCH($A286,COMPOSIÇÕES_IFMT!$A:$A,0),4),\"\")","v":1},{"$f":"IFERROR(INDEX(SINAPI!$D:$D,MATCH($B287,SINAPI!$A:$A,0)),0)","v":23.43},{"$f":"IFERROR(F287*E287,0)","v":23.43}]
[{"$f":"IFERROR(INDEX(SINAPI!$E:$E,MATCH($B288,SINAPI!$A:$A,0)),\"\")","v":"INSUMO"},{"$f":"IF(IFERROR(INDEX(COMPOSIÇÕES_IFMT!$B:$B,MATCH($A286,COMPOSIÇÕES_IFMT!$A:$A,0)),\"\")<>\"\",OFFSET(COMPOSIÇÕES_IFMT!$A$1,MATCH($A286,COMPOSIÇÕES_IFMT!$A:$A,0)+1,1),\"\")","v":39387},{"$f":"IFERROR(INDEX(SINAPI!$B:$B,MATCH($B288,SINAPI!$A:$A,0)),\"\")","v":"LAMPADA LED TUBULAR BIVOLT 18/20 W, BASE G13"},{"$f":"IFERROR(INDEX(SINAPI!$C:$C,MATCH($B288,SINAPI!$A:$A,0)),\"\")","v":"UN    "},{"$f":"IF(IFERROR(INDEX(COMPOSIÇÕES_IFMT!$B:$B,MATCH($A286,COMPOSIÇÕES_IFMT!$A:$A,0)),\"\")<>\"\",OFFSET(COMPOSIÇÕES_IFMT!$A$1,MATCH($A286,COMPOSIÇÕES_IFMT!$A:$A,0)+1,4),\"\")","v":2},{"$f":"IFERROR(INDEX(SINAPI!$D:$D,MATCH($B288,SINAPI!$A:$A,0)),0)","v":14.72},{"$f":"IFERROR(F288*E288,0)","v":29.44}]
[{"$f":"IFERROR(INDEX(SINAPI!$E:$E,MATCH($B289,SINAPI!$A:$A,0)),\"\")","v":"COMPOSIÇÃO"},{"$f":"IF(IFERROR(INDEX(COMPOSIÇÕES_IFMT!$B:$B,MATCH($A286,COMPOSIÇÕES_IFMT!$A:$A,0)),\"\")<>\"\",OFFSET(COMPOSIÇÕES_IFMT!$A$1,MATCH($A286,COMPOSIÇÕES_IFMT!$A:$A,0)+2,1),\"\")","v":88247},{"$f":"IFERROR(INDEX(SINAPI!$B:$B,MATCH($B289,SINAPI!$A:$A,0)),\"\")","v":"AUXILIAR DE ELETRICISTA COM ENCARGOS COMPLEMENTARES"},{"$f":"IFERROR(INDEX(SINAPI!$C:$C,MATCH($B289,SINAPI!$A:$A,0)),\"\")","v":"H"},{"$f":"IF(IFERROR(INDEX(COMPOSIÇÕES_IFMT!$B:$B,MATCH($A286,COMPOSIÇÕES_IFMT!$A:$A,0)),\"\")<>\"\",OFFSET(COMPOSIÇÕES_IFMT!$A$1,MATCH($A286,COMPOSIÇÕES_IFMT!$A:$A,0)+2,4),\"\")","v":0.1963},{"$f":"IFERROR(INDEX(SINAPI!$D:$D,MATCH($B289,SINAPI!$A:$A,0)),0)","v":15.84},3.1093920000000002]
[{"$f":"IFERROR(INDEX(SINAPI!$E:$E,MATCH($B290,SINAPI!$A:$A,0)),\"\")","v":"COMPOSIÇÃO"},{"$f":"IF(IFERROR(INDEX(COMPOSIÇÕES_IFMT!$B:$B,MATCH($A286,COMPOSIÇÕES_IFMT!$A:$A,0)),\"\")<>\"\",OFFSET(COMPOSIÇÕES_IFMT!$A$1,MATCH($A286,COMPOSIÇÕES_IFMT!$A:$A,0)+3,1),\"\")","v":88264},{"$f":"IFERROR(INDEX(SINAPI!$B:$B,MATCH($B290,SINAPI!$A:$A,0)),\"\")","v":"ELETRICISTA COM ENCARGOS COMPLEMENTARES"},{"$f":"IFERROR(INDEX(SINAPI!$C:$C,MATCH($B290,SINAPI!$A:$A,0)),\"\")","v":"H"},{"$f":"IF(IFERROR(INDEX(COMPOSIÇÕES_IFMT!$B:$B,MATCH($A286,COMPOSIÇÕES_IFMT!$A:$A,0)),\"\")<>\"\",OFFSET(COMPOSIÇÕES_IFMT!$A$1,MATCH($A286,COMPOSIÇÕES_IFMT!$A:$A,0)+3,4),\"\")","v":0.47099999999999997},{"$f":"IFERROR(INDEX(SINAPI!$D:$D,MATCH($B290,SINAPI!$A:$A,0)),0)","v":20.52},9.6649199999999986]
[null,null,null,null,null,"TOTAL",{"$f":"SUM(G287:G290)","v":65.644311999999999}]
[]
[]
["CLASSE/TIPO","CÓDIGOS/ SINAPI","DESCRIÇÃO","UND","COEFICIENTE","PREÇO UNITÁRIO","PREÇO TOTAL"]
["IFMT 133.01.2020",{"$f":"IFERROR(INDEX(COMPOSIÇÕES_IFMT!$B:$B,MATCH($A295,COMPOSIÇÕES_IFMT!$A:$A,0)),\"\")","v":".133/E"},{"$f":"IFERROR(INDEX(COMPOSIÇÕES_IFMT!$C:$C,MATCH($A295,COMPOSIÇÕES_IFMT!$A:$A,0)),\"\")","v":"DISJUNTOR TRIPOLAR TIPO DIN, CORRENTE NOMINAL DE 10A - FORNECIMENTO E INSTALAÇÃO, CURVA D, CAPACIDADE DE INTERRUPÇÃO 3KA."},{"$f":"IFERROR(INDEX(COMPOSIÇÕES_IFMT!$D:$D,MATCH($A295,COMPOSIÇÕES_IFMT!$A:$A,0)),\"\")","v":"UN"},null,null,{"$f":"G300","v":58.867800000000003}]
[{"$f":"IFERROR(INDEX(SINAPI!$E:$E,MATCH($B296,SINAPI!$A:$A,0)),\"\")","v":"INSUMO"},{"$f":"IF(IFERROR(INDEX(COMPOSIÇÕES_IFMT!$B:$B,MATCH($A295,COMPOSIÇÕES_IFMT!$A:$A,0)),\"\")<>\"\",OFFSET(COMPOSIÇÕES_IFMT!$A$1,MATCH($A295,COMPOSIÇÕES_IFMT!$A:$A,0),1),\"\")","v":1570},{"$f":"IFERROR(INDEX(SINAPI!$B:$B,MATCH($B296,SINAPI!$A:$A,0)),\"\")","v":"TERMINAL A COMPRESSAO EM COBRE ESTANHADO PARA CABO 2,5 MM2, 1 FURO E 1 COMPRESSAO, PARA PARAFUSO DE FIXACAO M5"},{"$f":"IFERROR(INDEX(SINAPI!$C:$C,MATCH($B296,SINAPI!$A:$A,0)),\"\")","v":"UN    "},{"$f":"IF(IFERROR(INDEX(COMPOSIÇÕES_IFMT!$B:$B,MATCH($A295,COMPOSIÇÕES_IFMT!$A:$A,0)),\"\")<>\"\",OFFSET(COMPOSIÇÕES_IFMT!$A$1,MATCH($A295,COMPOSIÇÕES_IFMT!$A:$A,0),4),\"\")","v":3},{"$f":"IFERROR(INDEX(SINAPI!$D:$D,MATCH($B296,SINAPI!$A:$A,0)),0)","v":0.69},{"$f":"IFERROR(F296*E296,0)","v":2.0699999999999998}]
[{"$f":"IFERROR(INDEX(SINAPI!$E:$E,MATCH($B297,SINAPI!$A:$A,0)),\"\")","v":"INSUMO"},{"$f":"IF(IFERROR(INDEX(COMPOSIÇÕES_IFMT!$B:$B,MATCH($A295,COMPOSIÇÕES_IFMT!$A:$A,0)),\"\")<>\"\",OFFSET(COMPOSIÇÕES_IFMT!$A$1,MATCH($A295,COMPOSIÇÕES_IFMT!$A:$A,0)+1,1),\"\")","v":34709},{"$f":"IFERROR(INDEX(SINAPI!$B:$B,MATCH($B297,SINAPI!$A:$A,0)),\"\")","v":"DISJUNTOR TIPO DIN/IEC, TRIPOLAR DE 10 ATE 50A"},{"$f":"IFERROR(INDEX(SINAPI!$C:$C,MATCH($B297,SINAPI!$A:$A,0)),\"\")","v":"UN    "},{"$f":"IF(IFERROR(INDEX(COMPOSIÇÕES_IFMT!$B:$B,MATCH($A295,COMPOSIÇÕES_IFMT!$A:$A,0)),\"\")<>\"\",OFFSET(COMPOSIÇÕES_IFMT!$A$1,MATCH($A295,COMPOSIÇÕES_IFMT!$A:$A,0)+1,4),\"\")","v":1},{"$f":"IFERROR(INDEX(SINAPI!$D:$D,MATCH($B297,SINAPI!$A:$A,0)),0)","v":52.98},{"$f":"IFERROR(F297*E297,0)","v":52.98}]
[{"$f":"IFERROR(INDEX(SINAPI!$E:$E,MATCH($B298,SINAPI!$A:$A,0)),\"\")","v":"COMPOSIÇÃO"},{"$f":"IF(IFERROR(INDEX(COMPOSIÇÕES_IFMT!$B:$B,MATCH($A295,COMPOSIÇÕES_IFMT!$A:$A,0)),\"\")<>\"\",OFFSET(COMPOSIÇÕES_IFMT!$A$1,MATCH($A295,COMPOSIÇÕES_IFMT!$A:$A,0)+2,1),\"\")","v":88247},{"$f":"IFERROR(INDEX(SINAPI!$B:$B,MATCH($B298,SINAPI!$A:$A,0)),\"\")","v":"AUXILIAR DE ELETRICISTA COM ENCARGOS COMPLEMENTARES"},{"$f":"IFERROR(INDEX(SINAPI!$C:$C,MATCH($B298,SINAPI!$A:$A,0)),\"\")","v":"H"},{"$f":"IF(IFERROR(INDEX(COMPOSIÇÕES_IFMT!$B:$B,MATCH($A295,COMPOSIÇÕES_IFMT!$A:$A,0)),\"\")<>\"\",OFFSET(COMPOSIÇÕES_IFMT!$A$1,MATCH($A295,COMPOSIÇÕES_IFMT!$A:$A,0)+2,4),\"\")","v":0.105},{"$f":"IFERROR(INDEX(SINAPI!$D:$D,MATCH($B298,SINAPI!$A:$A,0)),0)","v":15.84},1.6632]
[{"$f":"IFERROR(INDEX(SINAPI!$E:$E,MATCH($B299,SINAPI!$A:$A,0)),\"\")","v":"COMPOSIÇÃO"},{"$f":"IF(IFERROR(INDEX(COMPOSIÇÕES_IFMT!$B:$B,MATCH($A295,COMPOSIÇÕES_IFMT!$A:$A,0)),\"\")<>\"\",OFFSET(COMPOSIÇÕES_IFMT!$A$1,MATCH($A295,COMPOSIÇÕES_IFMT!$A:$A,0)+3,1),\"\")","v":88264},{"$f":"IFERROR(INDEX(SINAPI!$B:$B,MATCH($B299,SINAPI!$A:$A,0)),\"\")","v":"ELETRICISTA COM ENCARGOS COMPLEMENTARES"},{"$f":"IFERROR(INDEX(SINAPI!$C:$C,MATCH($B299,SINAPI!$A:$A,0)),\"\")","v":"H"},{"$f":"IF(IFERROR(INDEX(COMPOSIÇÕES_IFMT!$B:$B,MATCH($A295,COMPOSIÇÕES_IFMT!$A:$A,0)),\"\")<>\"\",OFFSET(COMPOSIÇÕES_IFMT!$A$1,MATCH($A295,COMPOSIÇÕES_IFMT!$A:$A,0)+3,4),\"\")","v":0.105},{"$f":"IFERROR(INDEX(SINAPI!$D:$D,MATCH($B299,SINAPI!$A:$A,0)),0)","v":20.52},2.1545999999999998]
[null,null,null,null,null,"TOTAL",{"$f":"SUM(G296:G299)","v":58.867800000000003}]
[]
[]
["CLASSE/TIPO","CÓDIGOS/ SINAPI","DESCRIÇÃO","UND","COEFICIENTE","PREÇO UNITÁRIO","PREÇO TOTAL"]
["IFMT 134.01.2020",{"$f":"IFERROR(INDEX(COMPOSIÇÕES_IFMT!$B:$B,MATCH($A304,COMPOSIÇÕES_IFMT!$A:$A,0)),\"\")","v":".134/E"},{"$f":"IFERROR(INDEX(COMPOSIÇÕES_IFMT!$C:$C,MATCH($A304,COMPOSIÇÕES_IFMT!$A:$A,0)),\"\")","v":"DISJUNTOR TRIPOLAR TIPO DIN, CORRENTE NOMINAL DE 10A - FORNECIMENTO E INSTALAÇÃO, CURVA D, CAPACIDADE DE INTERRUPÇÃO 6KA."},{"$f":"IFERROR(INDEX(COMPOSIÇÕES_IFMT!$D:$D,MATCH($A304,COMPOSIÇÕES_IFMT!$A:$A,0)),\"\")","v":"UN"},null,null,{"$f":"G309","v":58.867800000000003}]
[{"$f":"IFERROR(INDEX(SINAPI!$E:$E,MATCH($B305,SINAPI!$A:$A,0)),\"\")","v":"INSUMO"},{"$f":"IF(IFERROR(INDEX(COMPOSIÇÕES_IFMT!$B:$B,MATCH($A304,COMPOSIÇÕES_IFMT!$A:$A,0)),\"\")<>\"\",OFFSET(COMPOSIÇÕES_IFMT!$A$1,MATCH($A304,COMPOSIÇÕES_IFMT!$A:$A,0),1),\"\")","v":1570},{"$f":"IFERROR(INDEX(SINAPI!$B:$B,MATCH($B305,SINAPI!$A:$A,0)),\"\")","v":"TERMINAL A COMPRESSAO EM COBRE ESTANHADO PARA CABO 2,5 MM2, 1 FURO E 1 COMPRESSAO, PARA PARAFUSO DE FIXACAO M5"},{"$f":"IFERROR(INDEX(SINAPI!$C:$C,MATCH($B305,SINAPI!$A:$A,0)),\"\")","v":"UN    "},{"$f":"IF(IFERROR(INDEX(COMPOSIÇÕES_IFMT!$B:$B,MATCH($A304,COMPOSIÇÕES_IFMT!$A:$A,0)),\"\")<>\"\",OFFSET(COMPOSIÇÕES_IFMT!$A$1,MATCH($A304,COMPOSIÇÕES_IFMT!$A:$A,0),4),\"\")","v":3},{"$f":"IFERROR(INDEX(SINAPI!$D:$D,MATCH($B305,SINAPI!$A:$A,0)),0)","v":0.69},{"$f":"IFERROR(F305*E305,0)","v":2.0699999999999998}]
[{"$f":"IFERROR(INDEX(SINAPI!$E:$E,MATCH($B306,SINAPI!$A:$A,0)),\"\")","v":"INSUMO"},{"$f":"IF(IFERROR(INDEX(COMPOSIÇÕES_IFMT!$B:$B,MATCH($A304,COMPOSIÇÕES_IFMT!$A:$A,0)),\"\")<>\"\",OFFSET(COMPOSIÇÕES_IFMT!$A$1,MATCH($A304,COMPOSIÇÕES_IFMT!$A:$A,0)+1,1),\"\")","v":34709},{"$f":"IFERROR(INDEX(SINAPI!$B:$B,MATCH($B306,SINAPI!$A:$A,0)),\"\")","v":"DISJUNTOR TIPO DIN/IEC, TRIPOLAR DE 10 ATE 50A"},{"$f":"IFERROR(INDEX(SINAPI!$C:$C,MATCH($B306,SINAPI!$A:$A,0)),\"\")","v":"UN    "},{"$f":"IF(IFERROR(INDEX(COMPOSIÇÕES_IFMT!$B:$B,MATCH($A304,COMPOSIÇÕES_IFMT!$A:$A,0)),\"\")<>\"\",OFFSET(COMPOSIÇÕES_IFMT!$A$1,MATCH($A304,COMPOSIÇÕES_IFMT!$A:$A,0)+1,4),\"\")","v":1},{"$f":"IFERROR(INDEX(SINAPI!$D:$D,MATCH($B306,SINAPI!$A:$A,0)),0)","v":52.98},{"$f":"IFERROR(F306*E306,0)","v":52.98}]
[{"$f":"IFERROR(INDEX(SINAPI!$E:$E,MATCH($B307,SINAPI!$A:$A,0)),\"\")","v":"COMPOSIÇÃO"},{"$f":"IF(IFERROR(INDEX(COMPOSIÇÕES_IFMT!$B:$B,MATCH($A304,COMPOSIÇÕES_IFMT!$A:$A,0)),\"\")<>\"\",OFFSET(COMPOSIÇÕES_IFMT!$A$1,MATCH($A304,COMPOSIÇÕES_IFMT!$A:$A,0)+2,1),\"\")","v":88247},{"$f":"IFERROR(INDEX(SINAPI!$B:$B,MATCH($B307,SINAPI!$A:$A,0)),\"\")","v":"AUXILIAR DE ELETRICISTA COM ENCARGOS COMPLEMENTARES"},{"$f":"IFERROR(INDEX(SINAPI!$C:$C,MATCH($B307,SINAPI!$A:$A,0)),\"\")","v":"H"},{"$f":"IF(IFERROR(INDEX(COMPOSIÇÕES_IFMT!$B:$B,MATCH($A304,COMPOSIÇÕES_IFMT!$A:$A,0)),\"\")<>\"\",OFFSET(COMPOSIÇÕES_IFMT!$A$1,MATCH($A304,COMPOSIÇÕES_IFMT!$A:$A,0)+2,4),\"\")","v":0.105},{"$f":"IFERROR(INDEX(SINAPI!$D:$D,MATCH($B307,SINAPI!$A:$A,0)),0)","v":15.84},1.6632]
[{"$f":"IFERROR(INDEX(SINAPI!$E:$E,MATCH($B308,SINAPI!$A:$A,0)),\"\")","v":"COMPOSIÇÃO"},{"$f":"IF(IFERROR(INDEX(COMPOSIÇÕES_IFMT!$B:$B,MATCH($A304,COMPOSIÇÕES_IFMT!$A:$A,0)),\"\")<>\"\",OFFSET(COMPOSIÇÕES_IFMT!$A$1,MATCH($A304,COMPOSIÇÕES_IFMT!$A:$A,0)+3,1),\"\")","v":88264},{"$f":"IFERROR(INDEX(SINAPI!$B:$B,MATCH($B308,SINAPI!$A:$A,0)),\"\")","v":"ELETRICISTA COM ENCARGOS COMPLEMENTARES"},{"$f":"IFERROR(INDEX(SINAPI!$C:$C,MATCH($B308,SINAPI!$A:$A,0)),\"\")","v":"H"},{"$f":"IF(IFERROR(INDEX(COMPOSIÇÕES_IFMT!$B:$B,MATCH($A304,COMPOSIÇÕES_IFMT!$A:$A,0)),\"\")<>\"\",OFFSET(COMPOSIÇÕES_IFMT!$A$1,MATCH($A304,COMPOSIÇÕES_IFMT!$A:$A,0)+3,4),\"\")","v":0.105},{"$f":"IFERROR(INDEX(SINAPI!$D:$D,MATCH($B308,SINAPI!$A:$A,0)),0)","v":20.52},2.1545999999999998]
[null,null,null,null,null,"TOTAL",{"$f":"SUM(G305:G308)","v":58.867800000000003}]
[]
[]
["CLASSE/TIPO","CÓDIGOS/ SINAPI","DESCRIÇÃO","UND","COEFICIENTE","PREÇO UNITÁRIO","PREÇO TOTAL"]
["IFMT 135.01.2020",{"$f":"IFERROR(INDEX(COMPOSIÇÕES_IFMT!$B:$B,MATCH($A313,COMPOSIÇÕES_IFMT!$A:$A,0)),\"\")","v":".135/E"},{"$f":"IFERROR(INDEX(COMPOSIÇÕES_IFMT!$C:$C,MATCH($A313,COMPOSIÇÕES_IFMT!$A:$A,0)),\"\")","v":"DISJUNTOR TRIPOLAR TIPO DIN, CORRENTE NOMINAL DE 10A - FORNECIMENTO E INSTALAÇÃO, CURVA C, CAPACIDADE DE INTERRUPÇÃO 8KA."},{"$f":"IFERROR(INDEX(COMPOSIÇÕES_IFMT!$D:$D,MATCH($A313,COMPOSIÇÕES_IFMT!$A:$A,0)),\"\")","v":"UN"},null,null,{"$f":"G318","v":58.867800000000003}]
[{"$f":"IFERROR(INDEX(SINAPI!$E:$E,MATCH($B314,SINAPI!$A:$A,0)),\"\")","v":"INSUMO"},{"$f":"IF(IFERROR(INDEX(COMPOSIÇÕES_IFMT!$B:$B,MATCH($A313,COMPOSIÇÕES_IFMT!$A:$A,0)),\"\")<>\"\",OFFSET(COMPOSIÇÕES_IFMT!$A$1,MATCH($A313,COMPOSIÇÕES_IFMT!$A:$A,0),1),\"\")","v":1570},{"$f":"IFERROR(INDEX(SINAPI!$B:$B,MATCH($B314,SINAPI!$A:$A,0)),\"\")","v":"TERMINAL A COMPRESSAO EM COBRE ESTANHADO PARA CABO 2,5 MM2, 1 FURO E 1 COMPRESSAO, PARA PARAFUSO DE FIXACAO M5"},{"$f":"IFERROR(INDEX(SINAPI!$C:$C,MATCH($B314,SINAPI!$A:$A,0)),\"\")","v":"UN    "},{"$f":"IF(IFERROR(INDEX(COMPOSIÇÕES_IFMT!$B:$B,MATCH($A313,COMPOSIÇÕES_IFMT!$A:$A,0)),\"\")<>\"\",OFFSET(COMPOSIÇÕES_IFMT!$A$1,MATCH($A313,COMPOSIÇÕES_IFMT!$A:$A,0),4),\"\")","v":3},{"$f":"IFERROR(INDEX(SINAPI!$D:$D,MATCH($B314,SINAPI!$A:$A,0)),0)","v":0.69},{"$f":"IFERROR(F314*E314,0)","v":2.0699999999999998}]
[{"$f":"IFERROR(INDEX(SINAPI!$E:$E,MATCH($B315,SINAPI!$A:$A,0)),\"\")","v":"INSUMO"},{"$f":"IF(IFERROR(INDEX(COMPOSIÇÕES_IFMT!$B:$B,MATCH($A313,COMPOSIÇÕES_IFMT!$A:$A,0)),\"\")<>\"\",OFFSET(COMPOSIÇÕES_IFMT!$A$1,MATCH($A313,COMPOSIÇÕES_IFMT!$A:$A,0)+1,1),\"\")","v":34709},{"$f":"IFERROR(INDEX(SINAPI!$B:$B,MATCH($B315,SINAPI!$A:$A,0)),\"\")","v":"DISJUNTOR TIPO DIN/IEC, TRIPOLAR DE 10 ATE 50A"},{"$f":"IFERROR(INDEX(SINAPI!$C:$C,MATCH($B315,SINAPI!$A:$A,0)),\"\")","v":"UN    "},{"$f":"IF(IFERROR(INDEX(COMPOSIÇÕES_IFMT!$B:$B,MATCH($A313,COMPOSIÇÕES_IFMT!$A:$A,0)),\"\")<>\"\",OFFSET(COMPOSIÇÕES_IFMT!$A$1,MATCH($A313,COMPOSIÇÕES_IFMT!$A:$A,0)+1,4),\"\")","v":1},{"$f":"IFERROR(INDEX(SINAPI!$D:$D,MATCH($B315,SINAPI!$A:$A,0)),0)","v":52.98},{"$f":"IFERROR(F315*E315,0)","v":52.98}]
[{"$f":"IFERROR(INDEX(SINAPI!$E:$E,MATCH($B316,SINAPI!$A:$A,0)),\"\")","v":"COMPOSIÇÃO"},{"$f":"IF(IFERROR(INDEX(COMPOSIÇÕES_IFMT!$B:$B,MATCH($A313,COMPOSIÇÕES_IFMT!$A:$A,0)),\"\")<>\"\",OFFSET(COMPOSIÇÕES_IFMT!$A$1,MATCH($A313,COMPOSIÇÕES_IFMT!$A:$A,0)+2,1),\"\")","v":88247},{"$f":"IFERROR(INDEX(SINAPI!$B:$B,MATCH($B316,SINAPI!$A:$A,0)),\"\")","v":"AUXILIAR DE ELETRICISTA COM ENCARGOS COMPLEMENTARES"},{"$f":"IFERROR(INDEX(SINAPI!$C:$C,MATCH($B316,SINAPI!$A:$A,0)),\"\")","v":"H"},{"$f":"IF(IFERROR(INDEX(COMPOSIÇÕES_IFMT!$B:$B,MATCH($A313,COMPOSIÇÕES_IFMT!$A:$A,0)),\"\")<>\"\",OFFSET(COMPOSIÇÕES_IFMT!$A$1,MATCH($A313,COMPOSIÇÕES_IFMT!$A:$A,0)+2,4),\"\")","v":0.105},{"$f":"IFERROR(INDEX(SINAPI!$D:$D,MATCH($B316,SINAPI!$A:$A,0)),0)","v":15.84},1.6632]
[{"$f":"IFERROR(INDEX(SINAPI!$E:$E,MATCH($B317,SINAPI!$A:$A,0)),\"\")","v":"COMPOSIÇÃO"},{"$f":"IF(IFERROR(INDEX(COMPOSIÇÕES_IFMT!$B:$B,MATCH($A313,COMPOSIÇÕES_IFMT!$A:$A,0)),\"\")<>\"\",OFFSET(COMPOSIÇÕES_IFMT!$A$1,MATCH($A313,COMPOSIÇÕES_IFMT!$A:$A,0)+3,1),\"\")","v":88264},{"$f":"IFERROR(INDEX(SINAPI!$B:$B,MATCH($B317,SINAPI!$A:$A,0)),\"\")","v":"ELETRICISTA COM ENCARGOS COMPLEMENTARES"},{"$f":"IFERROR(INDEX(SINAPI!$C:$C,MATCH($B317,SINAPI!$A:$A,0)),\"\")","v":"H"},{"$f":"IF(IFERROR(INDEX(COMPOSIÇÕES_IFMT!$B:$B,MATCH($A313,COMPOSIÇÕES_IFMT!$A:$A,0)),\"\")<>\"\",OFFSET(COMPOSIÇÕES_IFMT!$A$1,MATCH($A313,COMPOSIÇÕES_IFMT!$A:$A,0)+3,4),\"\")","v":0.105},{"$f":"IFERROR(INDEX(SINAPI!$D:$D,MATCH($B317,SINAPI!$A:$A,0)),0)","v":20.52},2.1545999999999998]
[null,null,null,null,null,"TOTAL",{"$f":"SUM(G314:G317)","v":58.867800000000003}]
[]
[]
["CLASSE/TIPO","CÓDIGOS/ SINAPI","DESCRIÇÃO","UND","COEFICIENTE","PREÇO UNITÁRIO","PREÇO TOTAL"]
["IFMT 136.02.2020",{"$f":"IFERROR(INDEX(COMPOSIÇÕES_IFMT!$B:$B,MATCH($A322,COMPOSIÇÕES_IFMT!$A:$A,0)),\"\")","v":".136/E"},{"$f":"IFERROR(INDEX(COMPOSIÇÕES_IFMT!$C:$C,MATCH($A322,COMPOSIÇÕES_IFMT!$A:$A,0)),\"\")","v":"DISJUNTOR TRIPOLAR TIPO DIN, CORRENTE NOMINAL DE 16A - FORNECIMENTO E INSTALAÇÃO, CURVA B, CAPACIDADE DE INTERRUPÇÃO 8KA."},{"$f":"IFERROR(INDEX(COMPOSIÇÕES_IFMT!$D:$D,MATCH($A322,COMPOSIÇÕES_IFMT!$A:$A,0)),\"\")","v":"UN"},null,null,{"$f":"G327","v":60.249479999999991}]
[{"$f":"IFERROR(INDEX(SINAPI!$E:$E,MATCH($B323,SINAPI!$A:$A,0)),\"\")","v":"INSUMO"},{"$f":"IF(IFERROR(INDEX(COMPOSIÇÕES_IFMT!$B:$B,MATCH($A322,COMPOSIÇÕES_IFMT!$A:$A,0)),\"\")<>\"\",OFFSET(COMPOSIÇÕES_IFMT!$A$1,MATCH($A322,COMPOSIÇÕES_IFMT!$A:$A,0),1),\"\")","v":1570},{"$f":"IFERROR(INDEX(SINAPI!$B:$B,MATCH($B323,SINAPI!$A:$A,0)),\"\")","v":"TERMINAL A COMPRESSAO EM COBRE ESTANHADO PARA CABO 2,5 MM2, 1 FURO E 1 COMPRESSAO, PARA PARAFUSO DE FIXACAO M5"},{"$f":"IFERROR(INDEX(SINAPI!$C:$C,MATCH($B323,SINAPI!$A:$A,0)),\"\")","v":"UN    "},{"$f":"IF(IFERROR(INDEX(COMPOSIÇÕES_IFMT!$B:$B,MATCH($A322,COMPOSIÇÕES_IFMT!$A:$A,0)),\"\")<>\"\",OFFSET(COMPOSIÇÕES_IFMT!$A$1,MATCH($A322,COMPOSIÇÕES_IFMT!$A:$A,0),4),\"\")","v":3},{"$f":"IFERROR(INDEX(SINAPI!$D:$D,MATCH($B323,SINAPI!$A:$A,0)),0)","v":0.69},{"$f":"IFERROR(F323*E323,0)","v":2.0699999999999998}]
[{"$f":"IFERROR(INDEX(SINAPI!$E:$E,MATCH($B324,SINAPI!$A:$A,0)),\"\")","v":"INSUMO"},{"$f":"IF(IFERROR(INDEX(COMPOSIÇÕES_IFMT!$B:$B,MATCH($A322,COMPOSIÇÕES_IFMT!$A:$A,0)),\"\")<>\"\",OFFSET(COMPOSIÇÕES_IFMT!$A$1,MATCH($A322,COMPOSIÇÕES_IFMT!$A:$A,0)+1,1),\"\")","v":34709},{"$f":"IFERROR(INDEX(SINAPI!$B:$B,MATCH($B324,SINAPI!$A:$A,0)),\"\")","v":"DISJUNTOR TIPO DIN/IEC, TRIPOLAR DE 10 ATE 50A"},{"$f":"IFERROR(INDEX(SINAPI!$C:$C,MATCH($B324,SINAPI!$A:$A,0)),\"\")","v":"UN    "},{"$f":"IF(IFERROR(INDEX(COMPOSIÇÕES_IFMT!$B:$B,MATCH($A322,COMPOSIÇÕES_IFMT!$A:$A,0)),\"\")<>\"\",OFFSET(COMPOSIÇÕES_IFMT!$A$1,MATCH($A322,COMPOSIÇÕES_IFMT!$A:$A,0)+1,4),\"\")","v":1},{"$f":"IFERROR(INDEX(SINAPI!$D:$D,MATCH($B324,SINAPI!$A:$A,0)),0)","v":52.98},{"$f":"IFERROR(F324*E324,0)","v":52.98}]
[{"$f":"IFERROR(INDEX(SINAPI!$E:$E,MATCH($B325,SINAPI!$A:$A,0)),\"\")","v":"COMPOSIÇÃO"},{"$f":"IF(IFERROR(INDEX(COMPOSIÇÕES_IFMT!$B:$B,MATCH($A322,COMPOSIÇÕES_IFMT!$A:$A,0)),\"\")<>\"\",OFFSET(COMPOSIÇÕES_IFMT!$A$1,MATCH($A322,COMPOSIÇÕES_IFMT!$A:$A,0)+2,1),\"\")","v":88247},{"$f":"IFERROR(INDEX(SINAPI!$B:$B,MATCH($B325,SINAPI!$A:$A,0)),\"\")","v":"AUXILIAR DE ELETRICISTA COM ENCARGOS COMPLEMENTARES"},{"$f":"IFERROR(INDEX(SINAPI!$C:$C,MATCH($B325,SINAPI!$A:$A,0)),\"\")","v":"H"},{"$f":"IF(IFERROR(INDEX(COMPOSIÇÕES_IFMT!$B:$B,MATCH($A322,COMPOSIÇÕES_IFMT!$A:$A,0)),\"\")<>\"\",OFFSET(COMPOSIÇÕES_IFMT!$A$1,MATCH($A322,COMPOSIÇÕES_IFMT!$A:$A,0)+2,4),\"\")","v":0.14299999999999999},{"$f":"IFERROR(INDEX(SINAPI!$D:$D,MATCH($B325,SINAPI!$A:$A,0)),0)","v":15.84},2.2651199999999996]
[{"$f":"IFERROR(INDEX(SINAPI!$E:$E,MATCH($B326,SINAPI!$A:$A,0)),\"\")","v":"COMPOSIÇÃO"},{"$f":"IF(IFERROR(INDEX(COMPOSIÇÕES_IFMT!$B:$B,MATCH($A322,COMPOSIÇÕES_IFMT!$A:$A,0)),\"\")<>\"\",OFFSET(COMPOSIÇÕES_IFMT!$A$1,MATCH($A322,COMPOSIÇÕES_IFMT!$A:$A,0)+3,1),\"\")","v":88264},{"$f":"IFERROR(INDEX(SINAPI!$B:$B,MATCH($B326,SINAPI!$A:$A,0)),\"\")","v":"ELETRICISTA COM ENCARGOS COMPLEMENTARES"},{"$f":"IFERROR(INDEX(SINAPI!$C:$C,MATCH($B326,SINAPI!$A:$A,0)),\"\")","v":"H"},{"$f":"IF(IFERROR(INDEX(COMPOSIÇÕES_IFMT!$B:$B,MATCH($A322,COMPOSIÇÕES_IFMT!$A:$A,0)),\"\")<>\"\",OFFSET(COMPOSIÇÕES_IFMT!$A$1,MATCH($A322,COMPOSIÇÕES_IFMT!$A:$A,0)+3,4),\"\")","v":0.14299999999999999},{"$f":"IFERROR(INDEX(SINAPI!$D:$D,MATCH($B326,SINAPI!$A:$A,0)),0)","v":20.52},2.9343599999999999]
[null,null,null,null,null,"TOTAL",{"$f":"SUM(G323:G326)","v":60.249479999999991}]
[]
[]
["CLASSE/TIPO","CÓDIGOS/ SINAPI","DESCRIÇÃO","UND","COEFICIENTE","PREÇO UNITÁRIO","PREÇO TOTAL"]
["IFMT 137.02.2020",{"$f":"IFERROR(INDEX(COMPOSIÇÕES_IFMT!$B:$B,MATCH($A331,COMPOSIÇÕES_IFMT!$A:$A,0)),\"\")","v":".137/E"},{"$f":"IFERROR(INDEX(COMPOSIÇÕES_IFMT!$C:$C,MATCH($A331,COMPOSIÇÕES_IFMT!$A:$A,0)),\"\")","v":"DISJUNTOR TRIPOLAR TIPO DIN, CORRENTE NOMINAL DE 16A - FORNECIMENTO E INSTALAÇÃO, CURVA C, CAPACIDADE DE INTERRUPÇÃO 8KA."},{"$f":"IFERROR(INDEX(COMPOSIÇÕES_IFMT!$D:$D,MATCH($A331,COMPOSIÇÕES_IFMT!$A:$A,0)),\"\")","v":"UN"},null,null,{"$f":"G336","v":60.249479999999991}]
[{"$f":"IFERROR(INDEX(SINAPI!$E:$E,MATCH($B332,SINAPI!$A:$A,0)),\"\")","v":"INSUMO"},{"$f":"IF(IFERROR(INDEX(COMPOSIÇÕES_IFMT!$B:$B,MATCH($A331,COMPOSIÇÕES_IFMT!$A:$A,0)),\"\")<>\"\",OFFSET(COMPOSIÇÕES_IFMT!$A$1,MATCH($A331,COMPOSIÇÕES_IFMT!$A:$A,0),1),\"\")","v":1570},{"$f":"IFERROR(INDEX(SINAPI!$B:$B,MATCH($B332,SINAPI!$A:$A,0)),\"\")","v":"TERMINAL A COMPRESSAO EM COBRE ESTANHADO PARA CABO 2,5 MM2, 1 FURO E 1 COMPRESSAO, PARA PARAFUSO DE FIXACAO M5"},{"$f":"IFERROR(INDEX(SINAPI!$C:$C,MATCH($B332,SINAPI!$A:$A,0)),\"\")","v":"UN    "},{"$f":"IF(IFERROR(INDEX(COMPOSIÇÕES_IFMT!$B:$B,MATCH($A331,COMPOSIÇÕES_IFMT!$A:$A,0)),\"\")<>\"\",OFFSET(COMPOSIÇÕES_IFMT!$A$1,MATCH($A331,COMPOSIÇÕES_IFMT!$A:$A,0),4),\"\")","v":3},{"$f":"IFERROR(INDEX(SINAPI!$D:$D,MATCH($B332,SINAPI!$A:$A,0)),0)","v":0.69},{"$f":"IFERROR(F332*E332,0)","v":2.0699999999999998}]
[{"$f":"IFERROR(INDEX(SINAPI!$E:$E,MATCH($B333,SINAPI!$A:$A,0)),\"\")","v":"INSUMO"},{"$f":"IF(IFERROR(INDEX(COMPOSIÇÕES_IFMT!$B:$B,MATCH($A331,COMPOSIÇÕES_IFMT!$A:$A,0)),\"\")<>\"\",OFFSET(COMPOSIÇÕES_IFMT!$A$1,MATCH($A331,COMPOSIÇÕES_IFMT!$A:$A,0)+1,1),\"\")","v":34709},{"$f":"IFERROR(INDEX(SINAPI!$B:$B,MATCH($B333,SINAPI!$A:$A,0)),\"\")","v":"DISJUNTOR TIPO DIN/IEC, TRIPOLAR DE 10 ATE 50A"},{"$f":"IFERROR(INDEX(SINAPI!$C:$C,MATCH($B333,SINAPI!$A:$A,0)),\"\")","v":"UN    "},{"$f":"IF(IFERROR(INDEX(COMPOSIÇÕES_IFMT!$B:$B,MATCH($A331,COMPOSIÇÕES_IFMT!$A:$A,0)),\"\")<>\"\",OFFSET(COMPOSIÇÕES_IFMT!$A$1,MATCH($A331,COMPOSIÇÕES_IFMT!$A:$A,0)+1,4),\"\")","v":1},{"$f":"IFERROR(INDEX(SINAPI!$D:$D,MATCH($B333,SINAPI!$A:$A,0)),0)","v":52.98},{"$f":"IFERROR(F333*E333,0)","v":52.98}]
[{"$f":"IFERROR(INDEX(SINAPI!$E:$E,MATCH($B334,SINAPI!$A:$A,0)),\"\")","v":"COMPOSIÇÃO"},{"$f":"IF(IFERROR(INDEX(COMPOSIÇÕES_IFMT!$B:$B,MATCH($A331,COMPOSIÇÕES_IFMT!$A:$A,0)),\"\")<>\"\",OFFSET(COMPOSIÇÕES_IFMT!$A$1,MATCH($A331,COMPOSIÇÕES_IFMT!$A:$A,0)+2,1),\"\")","v":88247},{"$f":"IFERROR(INDEX(SINAPI!$B:$B,MATCH($B334,SINAPI!$A:$A,0)),\"\")","v":"AUXILIAR DE ELETRICISTA COM ENCARGOS COMPLEMENTARES"},{"$f":"IFERROR(INDEX(SINAPI!$C:$C,MATCH($B334,SINAPI!$A:$A,0)),\"\")","v":"H"},{"$f":"IF(IFERROR(INDEX(COMPOSIÇÕES_IFMT!$B:$B,MATCH($A331,COMPOSIÇÕES_IFMT!$A:$A,0)),\"\")<>\"\",OFFSET(COMPOSIÇÕES_IFMT!$A$1,MATCH($A331,COMPOSIÇÕES_IFMT!$A:$A,0)+2,4),\"\")","v":0.14299999999999999},{"$f":"IFERROR(INDEX(SINAPI!$D:$D,MATCH($B334,SINAPI!$A:$A,0)),0)","v":15.84},2.2651199999999996]
[{"$f":"IFERROR(INDEX(SINAPI!$E:$E,MATCH($B335,SINAPI!$A:$A,0)),\"\")","v":"COMPOSIÇÃO"},{"$f":"IF(IFERROR(INDEX(COMPOSIÇÕES_IFMT!$B:$B,MATCH($A331,COMPOSIÇÕES_IFMT!$A:$A,0)),\"\")<>\"\",OFFSET(COMPOSIÇÕES_IFMT!$A$1,MATCH($A331,COMPOSIÇÕES_IFMT!$A:$A,0)+3,1),\"\")","v":88264},{"$f":"IFERROR(INDEX(SINAPI!$B:$B,MATCH($B335,SINAPI!$A:$A,0)),\"\")","v":"ELETRICISTA COM ENCARGOS COMPLEMENTARES"},{"$f":"IFERROR(INDEX(SINAPI!$C:$C,MATCH($B335,SINAPI!$A:$A,0)),\"\")","v":"H"},{"$f":"IF(IFERROR(INDEX(COMPOSIÇÕES_IFMT!$B:$B,MATCH($A331,COMPOSIÇÕES_IFMT!$A:$A,0)),\"\")<>\"\",OFFSET(COMPOSIÇÕES_IFMT!$A$1,MATCH($A331,COMPOSIÇÕES_IFMT!$A:$A,0)+3,4),\"\")","v":0.14299999999999999},{"$f":"IFERROR(INDEX(SINAPI!$D:$D,MATCH($B335,SINAPI!$A:$A,0)),0)","v":20.52},2.9343599999999999]
[null,null,null,null,null,"TOTAL",{"$f":"SUM(G332:G335)","v":60.249479999999991}]
[]
[]
["CLASSE/TIPO","CÓDIGOS/ SINAPI","DESCRIÇÃO","UND","COEFICIENTE","PREÇO UNITÁRIO","PREÇO TOTAL"]
["IFMT 138.02.2020",{"$f":"IFERROR(INDEX(COMPOSIÇÕES_IFMT!$B:$B,MATCH($A340,COMPOSIÇÕES_IFMT!$A:$A,0)),\"\")","v":".138/E"},{"$f":"IFERROR(INDEX(COMPOSIÇÕES_IFMT!$C:$C,MATCH($A340,COMPOSIÇÕES_IFMT!$A:$A,0)),\"\")","v":"DISJUNTOR TRIPOLAR TIPO DIN, CORRENTE NOMINAL DE 16A - FORNECIMENTO E INSTALAÇÃO, CURVA D, CAPACIDADE DE INTERRUPÇÃO 8KA."},{"$f":"IFERROR(INDEX(COMPOSIÇÕES_IFMT!$D:$D,MATCH($A340,COMPOSIÇÕES_IFMT!$A:$A,0)),\"\")","v":"UN"},null,null,{"$f":"G345","v":60.249479999999991}]
[{"$f":"IFERROR(INDEX(SINAPI!$E:$E,MATCH($B341,SINAPI!$A:$A,0)),\"\")","v":"INSUMO"},{"$f":"IF(IFERROR(INDEX(COMPOSIÇÕES_IFMT!$B:$B,MATCH($A340,COMPOSIÇÕES_IFMT!$A:$A,0)),\"\")<>\"\",OFFSET(COMPOSIÇÕES_IFMT!$A$1,MATCH($A340,COMPOSIÇÕES_IFMT!$A:$A,0),1),\"\")","v":1570},{"$f":"IFERROR(INDEX(SINAPI!$B:$B,MATCH($B341,SINAPI!$A:$A,0)),\"\")","v":"TERMINAL A COMPRESSAO EM COBRE ESTANHADO PARA CABO 2,5 MM2, 1 FURO E 1 COMPRESSAO, PARA PARAFUSO DE FIXACAO M5"},{"$f":"IFERROR(INDEX(SINAPI!$C:$C,MATCH($B341,SINAPI!$A:$A,0)),\"\")","v":"UN    "},{"$f":"IF(IFERROR(INDEX(COMPOSIÇÕES_IFMT!$B:$B,MATCH($A340,COMPOSIÇÕES_IFMT!$A:$A,0)),\"\")<>\"\",OFFSET(COMPOSIÇÕES_IFMT!$A$1,MATCH($A340,COMPOSIÇÕES_IFMT!$A:$A,0),4),\"\")","v":3},{"$f":"IFERROR(INDEX(SINAPI!$D:$D,MATCH($B341,SINAPI!$A:$A,0)),0)","v":0.69},{"$f":"IFERROR(F341*E341,0)","v":2.0699999999999998}]
[{"$f":"IFERROR(INDEX(SINAPI!$E:$E,MATCH($B342,SINAPI!$A:$A,0)),\"\")","v":"INSUMO"},{"$f":"IF(IFERROR(INDEX(COMPOSIÇÕES_IFMT!$B:$B,MATCH($A340,COMPOSIÇÕES_IFMT!$A:$A,0)),\"\")<>\"\",OFFSET(COMPOSIÇÕES_IFMT!$A$1,MATCH($A340,COMPOSIÇÕES_IFMT!$A:$A,0)+1,1),\"\")","v":34709},{"$f":"IFERROR(INDEX(SINAPI!$B:$B,MATCH($B342,SINAPI!$A:$A,0)),\"\")","v":"DISJUNTOR TIPO DIN/IEC, TRIPOLAR DE 10 ATE 50A"},{"$f":"IFERROR(INDEX(SINAPI!$C:$C,MATCH($B342,SINAPI!$A:$A,0)),\"\")","v":"UN    "},{"$f":"IF(IFERROR(INDEX(COMPOSIÇÕES_IFMT!$B:$B,MATCH($A340,COMPOSIÇÕES_IFMT!$A:$A,0)),\"\")<>\"\",OFFSET(COMPOSIÇÕES_IFMT!$A$1,MATCH($A340,COMPOSIÇÕES_IFMT!$A:$A,0)+1,4),\"\")","v":1},{"$f":"IFERROR(INDEX(SINAPI!$D:$D,MATCH($B342,SINAPI!$A:$A,0)),0)","v":52.98},{"$f":"IFERROR(F342*E342,0)","v":52.98}]
[{"$f":"IFERROR(INDEX(SINAPI!$E:$E,MATCH($B343,SINAPI!$A:$A,0)),\"\")","v":"COMPOSIÇÃO"},{"$f":"IF(IFERROR(INDEX(COMPOSIÇÕES_IFMT!$B:$B,MATCH($A340,COMPOSIÇÕES_IFMT!$A:$A,0)),\"\")<>\"\",OFFSET(COMPOSIÇÕES_IFMT!$A$1,MATCH($A340,COMPOSIÇÕES_IFMT!$A:$A,0)+2,1),\"\")","v":88247},{"$f":"IFERROR(INDEX(SINAPI!$B:$B,MATCH($B343,SINAPI!$A:$A,0)),\"\")","v":"AUXILIAR DE ELETRICISTA COM ENCARGOS COMPLEMENTARES"},{"$f":"IFERROR(INDEX(SINAPI!$C:$C,MATCH($B343,SINAPI!$A:$A,0)),\"\")","v":"H"},{"$f":"IF(IFERROR(INDEX(COMPOSIÇÕES_IFMT!$B:$B,MATCH($A340,COMPOSIÇÕES_IFMT!$A:$A,0)),\"\")<>\"\",OFFSET(COMPOSIÇÕES_IFMT!$A$1,MATCH($A340,COMPOSIÇÕES_IFMT!$A:$A,0)+2,4),\"\")","v":0.14299999999999999},{"$f":"IFERROR(INDEX(SINAPI!$D:$D,MATCH($B343,SINAPI!$A:$A,0)),0)","v":15.84},2.2651199999999996]
[{"$f":"IFERROR(INDEX(SINAPI!$E:$E,MATCH($B344,SINAPI!$A:$A,0)),\"\")","v":"COMPOSIÇÃO"},{"$f":"IF(IFERROR(INDEX(COMPOSIÇÕES_IFMT!$B:$B,MATCH($A340,COMPOSIÇÕES_IFMT!$A:$A,0)),\"\")<>\"\",OFFSET(COMPOSIÇÕES_IFMT!$A$1,MATCH($A340,COMPOSIÇÕES_IFMT!$A:$A,0)+3,1),\"\")","v":88264},{"$f":"IFERROR(INDEX(SINAPI!$B:$B,MATCH($B344,SINAPI!$A:$A,0)),\"\")","v":"ELETRICISTA COM ENCARGOS COMPLEMENTARES"},{"$f":"IFERROR(INDEX(SINAPI!$C:$C,MATCH($B344,SINAPI!$A:$A,0)),\"\")","v":"H"},{"$f":"IF(IFERROR(INDEX(COMPOSIÇÕES_IFMT!$B:$B,MATCH($A340,COMPOSIÇÕES_IFMT!$A:$A,0)),\"\")<>\"\",OFFSET(COMPOSIÇÕES_IFMT!$A$1,MATCH($A340,COMPOSIÇÕES_IFMT!$A:$A,0)+3,4),\"\")","v":0.14299999999999999},{"$f":"IFERROR(INDEX(SINAPI!$D:$D,MATCH($B344,SINAPI!$A:$A,0)),0)","v":20.52},2.9343599999999999]
[null,null,null,null,null,"TOTAL",{"$f":"SUM(G341:G344)","v":60.249479999999991}]
[]
[]
["CLASSE/TIPO","CÓDIGOS/ SINAPI","DESCRIÇÃO","UND","COEFICIENTE","PREÇO UNITÁRIO","PREÇO TOTAL"]
["IFMT 139.02.2020",{"$f":"IFERROR(INDEX(COMPOSIÇÕES_IFMT!$B:$B,MATCH($A349,COMPOSIÇÕES_IFMT!$A:$A,0)),\"\")","v":".139/E"},{"$f":"IFERROR(INDEX(COMPOSIÇÕES_IFMT!$C:$C,MATCH($A349,COMPOSIÇÕES_IFMT!$A:$A,0)),\"\")","v":"DISJUNTOR TRIPOLAR TIPO DIN, CORRENTE NOMINAL DE 20A - FORNECIMENTO E INSTALAÇÃO, CURVA B, CAPACIDADE DE INTERRUPÇÃO 3KA."},{"$f":"IFERROR(INDEX(COMPOSIÇÕES_IFMT!$D:$D,MATCH($A349,COMPOSIÇÕES_IFMT!$A:$A,0)),\"\")","v":"UN"},null,null,{"$f":"G354","v":62.915640000000003}]
[{"$f":"IFERROR(INDEX(SINAPI!$E:$E,MATCH($B350,SINAPI!$A:$A,0)),\"\")","v":"INSUMO"},{"$f":"IF(IFERROR(INDEX(COMPOSIÇÕES_IFMT!$B:$B,MATCH($A349,COMPOSIÇÕES_IFMT!$A:$A,0)),\"\")<>\"\",OFFSET(COMPOSIÇÕES_IFMT!$A$1,MATCH($A349,COMPOSIÇÕES_IFMT!$A:$A,0),1),\"\")","v":1571},{"$f":"IFERROR(INDEX(SINAPI!$B:$B,MATCH($B350,SINAPI!$A:$A,0)),\"\")","v":"TERMINAL A COMPRESSAO EM COBRE ESTANHADO PARA CABO 4 MM2, 1 FURO E 1 COMPRESSAO, PARA PARAFUSO DE FIXACAO M5"},{"$f":"IFERROR(INDEX(SINAPI!$C:$C,MATCH($B350,SINAPI!$A:$A,0)),\"\")","v":"UN    "},{"$f":"IF(IFERROR(INDEX(COMPOSIÇÕES_IFMT!$B:$B,MATCH($A349,COMPOSIÇÕES_IFMT!$A:$A,0)),\"\")<>\"\",OFFSET(COMPOSIÇÕES_IFMT!$A$1,MATCH($A349,COMPOSIÇÕES_IFMT!$A:$A,0),4),\"\")","v":3},{"$f":"IFERROR(INDEX(SINAPI!$D:$D,MATCH($B350,SINAPI!$A:$A,0)),0)","v":0.9},{"$f":"IFERROR(F350*E350,0)","v":2.7}]
[{"$f":"IFERROR(INDEX(SINAPI!$E:$E,MATCH($B351,SINAPI!$A:$A,0)),\"\")","v":"INSUMO"},{"$f":"IF(IFERROR(INDEX(COMPOSIÇÕES_IFMT!$B:$B,MATCH($A349,COMPOSIÇÕES_IFMT!$A:$A,0)),\"\")<>\"\",OFFSET(COMPOSIÇÕES_IFMT!$A$1,MATCH($A349,COMPOSIÇÕES_IFMT!$A:$A,0)+1,1),\"\")","v":34709},{"$f":"IFERROR(INDEX(SINAPI!$B:$B,MATCH($B351,SINAPI!$A:$A,0)),\"\")","v":"DISJUNTOR TIPO DIN/IEC, TRIPOLAR DE 10 ATE 50A"},{"$f":"IFERROR(INDEX(SINAPI!$C:$C,MATCH($B351,SINAPI!$A:$A,0)),\"\")","v":"UN    "},{"$f":"IF(IFERROR(INDEX(COMPOSIÇÕES_IFMT!$B:$B,MATCH($A349,COMPOSIÇÕES_IFMT!$A:$A,0)),\"\")<>\"\",OFFSET(COMPOSIÇÕES_IFMT!$A$1,MATCH($A349,COMPOSIÇÕES_IFMT!$A:$A,0)+1,4),\"\")","v":1},{"$f":"IFERROR(INDEX(SINAPI!$D:$D,MATCH($B351,SINAPI!$A:$A,0)),0)","v":52.98},{"$f":"IFERROR(F351*E351,0)","v":52.98}]
[{"$f":"IFERROR(INDEX(SINAPI!$E:$E,MATCH($B352,SINAPI!$A:$A,0)),\"\")","v":"COMPOSIÇÃO"},{"$f":"IF(IFERROR(INDEX(COMPOSIÇÕES_IFMT!$B:$B,MATCH($A349,COMPOSIÇÕES_IFMT!$A:$A,0)),\"\")<>\"\",OFFSET(COMPOSIÇÕES_IFMT!$A$1,MATCH($A349,COMPOSIÇÕES_IFMT!$A:$A,0)+2,1),\"\")","v":88247},{"$f":"IFERROR(INDEX(SINAPI!$B:$B,MATCH($B352,SINAPI!$A:$A,0)),\"\")","v":"AUXILIAR DE ELETRICISTA COM ENCARGOS COMPLEMENTARES"},{"$f":"IFERROR(INDEX(SINAPI!$C:$C,MATCH($B352,SINAPI!$A:$A,0)),\"\")","v":"H"},{"$f":"IF(IFERROR(INDEX(COMPOSIÇÕES_IFMT!$B:$B,MATCH($A349,COMPOSIÇÕES_IFMT!$A:$A,0)),\"\")<>\"\",OFFSET(COMPOSIÇÕES_IFMT!$A$1,MATCH($A349,COMPOSIÇÕES_IFMT!$A:$A,0)+2,4),\"\")","v":0.19900000000000001},{"$f":"IFERROR(INDEX(SINAPI!$D:$D,MATCH($B352,SINAPI!$A:$A,0)),0)","v":15.84},3.1521600000000003]
[{"$f":"IFERROR(INDEX(SINAPI!$E:$E,MATCH($B353,SINAPI!$A:$A,0)),\"\")","v":"COMPOSIÇÃO"},{"$f":"IF(IFERROR(INDEX(COMPOSIÇÕES_IFMT!$B:$B,MATCH($A349,COMPOSIÇÕES_IFMT!$A:$A,0)),\"\")<>\"\",OFFSET(COMPOSIÇÕES_IFMT!$A$1,MATCH($A349,COMPOSIÇÕES_IFMT!$A:$A,0)+3,1),\"\")","v":88264},{"$f":"IFERROR(INDEX(SINAPI!$B:$B,MATCH($B353,SINAPI!$A:$A,0)),\"\")","v":"ELETRICISTA COM ENCARGOS COMPLEMENTARES"},{"$f":"IFERROR(INDEX(SINAPI!$C:$C,MATCH($B353,SINAPI!$A:$A,0)),\"\")","v":"H"},{"$f":"IF(IFERROR(INDEX(COMPOSIÇÕES_IFMT!$B:$B,MATCH($A349,COMPOSIÇÕES_IFMT!$A:$A,0)),\"\")<>\"\",OFFSET(COMPOSIÇÕES_IFMT!$A$1,MATCH($A349,COMPOSIÇÕES_IFMT!$A:$A,0)+3,4),\"\")","v":0.19900000000000001},{"$f":"IFERROR(INDEX(SINAPI!$D:$D,MATCH($B353,SINAPI!$A:$A,0)),0)","v":20.52},4.0834799999999998]
[null,null,null,null,null,"TOTAL",{"$f":"SUM(G350:G353)","v":62.915640000000003}]
[]
[]
["CLASSE/TIPO","CÓDIGOS/ SINAPI","DESCRIÇÃO","UND","COEFICIENTE","PREÇO UNITÁRIO","PREÇO TOTAL"]
["IFMT 140.02.2020",{"$f":"IFERROR(INDEX(COMPOSIÇÕES_IFMT!$B:$B,MATCH($A358,COMPOSIÇÕES_IFMT!$A:$A,0)),\"\")","v":".140/E"},{"$f":"IFERROR(INDEX(COMPOSIÇÕES_IFMT!$C:$C,MATCH($A358,COMPOSIÇÕES_IFMT!$A:$A,0)),\"\")","v":"DISJUNTOR TRIPOLAR TIPO DIN, CORRENTE NOMINAL DE 20A - FORNECIMENTO E INSTALAÇÃO, CURVA C, CAPACIDADE DE INTERRUPÇÃO 3KA."},{"$f":"IFERROR(INDEX(COMPOSIÇÕES_IFMT!$D:$D,MATCH($A358,COMPOSIÇÕES_IFMT!$A:$A,0)),\"\")","v":"UN"},null,null,{"$f":"G363","v":62.915640000000003}]
[{"$f":"IFERROR(INDEX(SINAPI!$E:$E,MATCH($B359,SINAPI!$A:$A,0)),\"\")","v":"INSUMO"},{"$f":"IF(IFERROR(INDEX(COMPOSIÇÕES_IFMT!$B:$B,MATCH($A358,COMPOSIÇÕES_IFMT!$A:$A,0)),\"\")<>\"\",OFFSET(COMPOSIÇÕES_IFMT!$A$1,MATCH($A358,COMPOSIÇÕES_IFMT!$A:$A,0),1),\"\")","v":1571},{"$f":"IFERROR(INDEX(SINAPI!$B:$B,MATCH($B359,SINAPI!$A:$A,0)),\"\")","v":"TERMINAL A COMPRESSAO EM COBRE ESTANHADO PARA CABO 4 MM2, 1 FURO E 1 COMPRESSAO, PARA PARAFUSO DE FIXACAO M5"},{"$f":"IFERROR(INDEX(SINAPI!$C:$C,MATCH($B359,SINAPI!$A:$A,0)),\"\")","v":"UN    "},{"$f":"IF(IFERROR(INDEX(COMPOSIÇÕES_IFMT!$B:$B,MATCH($A358,COMPOSIÇÕES_IFMT!$A:$A,0)),\"\")<>\"\",OFFSET(COMPOSIÇÕES_IFMT!$A$1,MATCH($A358,COMPOSIÇÕES_IFMT!$A:$A,0),4),\"\")","v":3},{"$f":"IFERROR(INDEX(SINAPI!$D:$D,MATCH($B359,SINAPI!$A:$A,0)),0)","v":0.9},{"$f":"IFERROR(F359*E359,0)","v":2.7}]
[{"$f":"IFERROR(INDEX(SINAPI!$E:$E,MATCH($B360,SINAPI!$A:$A,0)),\"\")","v":"INSUMO"},{"$f":"IF(IFERROR(INDEX(COMPOSIÇÕES_IFMT!$B:$B,MATCH($A358,COMPOSIÇÕES_IFMT!$A:$A,0)),\"\")<>\"\",OFFSET(COMPOSIÇÕES_IFMT!$A$1,MATCH($A358,COMPOSIÇÕES_IFMT!$A:$A,0)+1,1),\"\")","v":34709},{"$f":"IFERROR(INDEX(SINAPI!$B:$B,MATCH($B360,SINAPI!$A:$A,0)),\"\")","v":"DISJUNTOR TIPO DIN/IEC, TRIPOLAR DE 10 ATE 50A"},{"$f":"IFERROR(INDEX(SINAPI!$C:$C,MATCH($B360,SINAPI!$A:$A,0)),\"\")","v":"UN    "},{"$f":"IF(IFERROR(INDEX(COMPOSIÇÕES_IFMT!$B:$B,MATCH($A358,COMPOSIÇÕES_IFMT!$A:$A,0)),\"\")<>\"\",OFFSET(COMPOSIÇÕES_IFMT!$A$1,MATCH($A358,COMPOSIÇÕES_IFMT!$A:$A,0)+1,4),\"\")","v":1},{"$f":"IFERROR(INDEX(SINAPI!$D:$D,MATCH($B360,SINAPI!$A:$A,0)),0)","v":52.98},{"$f":"IFERROR(F360*E360,0)","v":52.98}]
[{"$f":"IFERROR(INDEX(SINAPI!$E:$E,MATCH($B361,SINAPI!$A:$A,0)),\"\")","v":"COMPOSIÇÃO"},{"$f":"IF(IFERROR(INDEX(COMPOSIÇÕES_IFMT!$B:$B,MATCH($A358,COMPOSIÇÕES_IFMT!$A:$A,0)),\"\")<>\"\",OFFSET(COMPOSIÇÕES_IFMT!$A$1,MATCH($A358,COMPOSIÇÕES_IFMT!$A:$A,0)+2,1),\"\")","v":88247},{"$f":"IFERROR(INDEX(SINAPI!$B:$B,MATCH($B361,SINAPI!$A:$A,0)),\"\")","v":"AUXILIAR DE ELETRICISTA COM ENCARGOS COMPLEMENTARES"},{"$f":"IFERROR(INDEX(SINAPI!$C:$C,MATCH($B361,SINAPI!$A:$A,0)),\"\")","v":"H"},{"$f":"IF(IFERROR(INDEX(COMPOSIÇÕES_IFMT!$B:$B,MATCH($A358,COMPOSIÇÕES_IFMT!$A:$A,0)),\"\")<>\"\",OFFSET(COMPOSIÇÕES_IFMT!$A$1,MATCH($A358,COMPOSIÇÕES_IFMT!$A:$A,0)+2,4),\"\")","v":0.19900000000000001},{"$f":"IFERROR(INDEX(SINAPI!$D:$D,MATCH($B361,SINAPI!$A:$A,0)),0)","v":15.84},3.1521600000000003]
[{"$f":"IFERROR(INDEX(SINAPI!$E:$E,MATCH($B362,SINAPI!$A:$A,0)),\"\")","v":"COMPOSIÇÃO"},{"$f":"IF(IFERROR(INDEX(COMPOSIÇÕES_IFMT!$B:$B,MATCH($A358,COMPOSIÇÕES_IFMT!$A:$A,0)),\"\")<>\"\",OFFSET(COMPOSIÇÕES_IFMT!$A$1,MATCH($A358,COMPOSIÇÕES_IFMT!$A:$A,0)+3,1),\"\")","v":88264},{"$f":"IFERROR(INDEX(SINAPI!$B:$B,MATCH($B362,SINAPI!$A:$A,0)),\"\")","v":"ELETRICISTA COM ENCARGOS COMPLEMENTARES"},{"$f":"IFERROR(INDEX(SINAPI!$C:$C,MATCH($B362,SINAPI!$A:$A,0)),\"\")","v":"H"},{"$f":"IF(IFERROR(INDEX(COMPOSIÇÕES_IFMT!$B:$B,MATCH($A358,COMPOSIÇÕES_IFMT!$A:$A,0)),\"\")<>\"\",OFFSET(COMPOSIÇÕES_IFMT!$A$1,MATCH($A358,COMPOSIÇÕES_IFMT!$A:$A,0)+3,4),\"\")","v":0.19900000000000001},{"$f":"IFERROR(INDEX(SINAPI!$D:$D,MATCH($B362,SINAPI!$A:$A,0)),0)","v":20.52},4.0834799999999998]
[null,null,null,null,null,"TOTAL",{"$f":"SUM(G359:G362)","v":62.915640000000003}]
[]
[]
["CLASSE/TIPO","CÓDIGOS/ SINAPI","DESCRIÇÃO","UND","COEFICIENTE","PREÇO UNITÁRIO","PREÇO TOTAL"]
["IFMT 141.02.2020",{"$f":"IFERROR(INDEX(COMPOSIÇÕES_IFMT!$B:$B,MATCH($A367,COMPOSIÇÕES_IFMT!$A:$A,0)),\"\")","v":".141/E"},{"$f":"IFERROR(INDEX(COMPOSIÇÕES_IFMT!$C:$C,MATCH($A367,COMPOSIÇÕES_IFMT!$A:$A,0)),\"\")","v":"DISJUNTOR TRIPOLAR TIPO DIN, CORRENTE NOMINAL DE 20A - FORNECIMENTO E INSTALAÇÃO, CURVA D, CAPACIDADE DE INTERRUPÇÃO 3KA."},{"$f":"IFERROR(INDEX(COMPOSIÇÕES_IFMT!$D:$D,MATCH($A367,COMPOSIÇÕES_IFMT!$A:$A,0)),\"\")","v":"UN"},null,null,{"$f":"G372","v":62.915640000000003}]
[{"$f":"IFERROR(INDEX(SINAPI!$E:$E,MATCH($B368,SINAPI!$A:$A,0)),\"\")","v":"INSUMO"},{"$f":"IF(IFERROR(INDEX(COMPOSIÇÕES_IFMT!$B:$B,MATCH($A367,COMPOSIÇÕES_IFMT!$A:$A,0)),\"\")<>\"\",OFFSET(COMPOSIÇÕES_IFMT!$A$1,MATCH($A367,COMPOSIÇÕES_IFMT!$A:$A,0),1),\"\")","v":1571},{"$f":"IFERROR(INDEX(SINAPI!$B:$B,MATCH($B368,SINAPI!$A:$A,0)),\"\")","v":"TERMINAL A COMPRESSAO EM COBRE ESTANHADO PARA CABO 4 MM2, 1 FURO E 1 COMPRESSAO, PARA PARAFUSO DE FIXACAO M5"},{"$f":"IFERROR(INDEX(SINAPI!$C:$C,MATCH($B368,SINAPI!$A:$A,0)),\"\")","v":"UN    "},{"$f":"IF(IFERROR(INDEX(COMPOSIÇÕES_IFMT!$B:$B,MATCH($A367,COMPOSIÇÕES_IFMT!$A:$A,0)),\"\")<>\"\",OFFSET(COMPOSIÇÕES_IFMT!$A$1,MATCH($A367,COMPOSIÇÕES_IFMT!$A:$A,0),4),\"\")","v":3},{"$f":"IFERROR(INDEX(SINAPI!$D:$D,MATCH($B368,SINAPI!$A:$A,0)),0)","v":0.9},{"$f":"IFERROR(F368*E368,0)","v":2.7}]
[{"$f":"IFERROR(INDEX(SINAPI!$E:$E,MATCH($B369,SINAPI!$A:$A,0)),\"\")","v":"INSUMO"},{"$f":"IF(IFERROR(INDEX(COMPOSIÇÕES_IFMT!$B:$B,MATCH($A367,COMPOSIÇÕES_IFMT!$A:$A,0)),\"\")<>\"\",OFFSET(COMPOSIÇÕES_IFMT!$A$1,MATCH($A367,COMPOSIÇÕES_IFMT!$A:$A,0)+1,1),\"\")","v":34709},{"$f":"IFERROR(INDEX(SINAPI!$B:$B,MATCH($B369,SINAPI!$A:$A,0)),\"\")","v":"DISJUNTOR TIPO DIN/IEC, TRIPOLAR DE 10 ATE 50A"},{"$f":"IFERROR(INDEX(SINAPI!$C:$C,MATCH($B369,SINAPI!$A:$A,0)),\"\")","v":"UN    "},{"$f":"IF(IFERROR(INDEX(COMPOSIÇÕES_IFMT!$B:$B,MATCH($A367,COMPOSIÇÕES_IFMT!$A:$A,0)),\"\")<>\"\",OFFSET(COMPOSIÇÕES_IFMT!$A$1,MATCH($A367,COMPOSIÇÕES_IFMT!$A:$A,0)+1,4),\"\")","v":1},{"$f":"IFERROR(INDEX(SINAPI!$D:$D,MATCH($B369,SINAPI!$A:$A,0)),0)","v":52.98},{"$f":"IFERROR(F369*E369,0)","v":52.98}]
[{"$f":"IFERROR(INDEX(SINAPI!$E:$E,MATCH($B370,SINAPI!$A:$A,0)),\"\")","v":"COMPOSIÇÃO"},{"$f":"IF(IFERROR(INDEX(COMPOSIÇÕES_IFMT!$B:$B,MATCH($A367,COMPOSIÇÕES_IFMT!$A:$A,0)),\"\")<>\"\",OFFSET(COMPOSIÇÕES_IFMT!$A$1,MATCH($A367,COMPOSIÇÕES_IFMT!$A:$A,0)+2,1),\"\")","v":88247},{"$f":"IFERROR(INDEX(SINAPI!$B:$B,MATCH($B370,SINAPI!$A:$A,0)),\"\")","v":"AUXILIAR DE ELETRICISTA COM ENCARGOS COMPLEMENTARES"},{"$f":"IFERROR(INDEX(SINAPI!$C:$C,MATCH($B370,SINAPI!$A:$A,0)),\"\")","v":"H"},{"$f":"IF(IFERROR(INDEX(COMPOSIÇÕES_IFMT!$B:$B,MATCH($A367,COMPOSIÇÕES_IFMT!$A:$A,0)),\"\")<>\"\",OFFSET(COMPOSIÇÕES_IFMT!$A$1,MATCH($A367,COMPOSIÇÕES_IFMT!$A:$A,0)+2,4),\"\")","v":0.19900000000000001},{"$f":"IFERROR(INDEX(SINAPI!$D:$D,MATCH($B370,SINAPI!$A:$A,0)),0)","v":15.84},3.1521600000000003]
[{"$f":"IFERROR(INDEX(SINAPI!$E:$E,MATCH($B371,SINAPI!$A:$A,0)),\"\")","v":"COMPOSIÇÃO"},{"$f":"IF(IFERROR(INDEX(COMPOSIÇÕES_IFMT!$B:$B,MATCH($A367,COMPOSIÇÕES_IFMT!$A:$A,0)),\"\")<>\"\",OFFSET(COMPOSIÇÕES_IFMT!$A$1,MATCH($A367,COMPOSIÇÕES_IFMT!$A:$A,0)+3,1),\"\")","v":88264},{"$f":"IFERROR(INDEX(SINAPI!$B:$B,MATCH($B371,SINAPI!$A:$A,0)),\"\")","v":"ELETRICISTA COM ENCARGOS COMPLEMENTARES"},{"$f":"IFERROR(INDEX(SINAPI!$C:$C,MATCH($B371,SINAPI!$A:$A,0)),\"\")","v":"H"},{"$f":"IF(IFERROR(INDEX(COMPOSIÇÕES_IFMT!$B:$B,MATCH($A367,COMPOSIÇÕES_IFMT!$A:$A,0)),\"\")<>\"\",OFFSET(COMPOSIÇÕES_IFMT!$A$1,MATCH($A367,COMPOSIÇÕES_IFMT!$A:$A,0)+3,4),\"\")","v":0.19900000000000001},{"$f":"IFERROR(INDEX(SINAPI!$D:$D,MATCH($B371,SINAPI!$A:$A,0)),0)","v":20.52},4.0834799999999998]
[null,null,null,null,null,"TOTAL",{"$f":"SUM(G368:G371)","v":62.915640000000003}]
[]
[]
["CLASSE/TIPO","CÓDIGOS/ SINAPI","DESCRIÇÃO","UND","COEFICIENTE","PREÇO UNITÁRIO","PREÇO TOTAL"]
["IFMT 142.02.2020",{"$f":"IFERROR(INDEX(COMPOSIÇÕES_IFMT!$B:$B,MATCH($A376,COMPOSIÇÕES_IFMT!$A:$A,0)),\"\")","v":".142/E"},{"$f":"IFERROR(INDEX(COMPOSIÇÕES_IFMT!$C:$C,MATCH($A376,COMPOSIÇÕES_IFMT!$A:$A,0)),\"\")","v":"DISJUNTOR TRIPOLAR TIPO DIN, CORRENTE NOMINAL DE 20A - FORNECIMENTO E INSTALAÇÃO, CURVA B, CAPACIDADE DE INTERRUPÇÃO 8KA."},{"$f":"IFERROR(INDEX(COMPOSIÇÕES_IFMT!$D:$D,MATCH($A376,COMPOSIÇÕES_IFMT!$A:$A,0)),\"\")","v":"UN"},null,null,{"$f":"G381","v":62.915640000000003}]
[{"$f":"IFERROR(INDEX(SINAPI!$E:$E,MATCH($B377,SINAPI!$A:$A,0)),\"\")","v":"INSUMO"},{"$f":"IF(IFERROR(INDEX(COMPOSIÇÕES_IFMT!$B:$B,MATCH($A376,COMPOSIÇÕES_IFMT!$A:$A,0)),\"\")<>\"\",OFFSET(COMPOSIÇÕES_IFMT!$A$1,MATCH($A376,COMPOSIÇÕES_IFMT!$A:$A,0),1),\"\")","v":1571},{"$f":"IFERROR(INDEX(SINAPI!$B:$B,MATCH($B377,SINAPI!$A:$A,0)),\"\")","v":"TERMINAL A COMPRESSAO EM COBRE ESTANHADO PARA CABO 4 MM2, 1 FURO E 1 COMPRESSAO, PARA PARAFUSO DE FIXACAO M5"},{"$f":"IFERROR(INDEX(SINAPI!$C:$C,MATCH($B377,SINAPI!$A:$A,0)),\"\")","v":"UN    "},{"$f":"IF(IFERROR(INDEX(COMPOSIÇÕES_IFMT!$B:$B,MATCH($A376,COMPOSIÇÕES_IFMT!$A:$A,0)),\"\")<>\"\",OFFSET(COMPOSIÇÕES_IFMT!$A$1,MATCH($A376,COMPOSIÇÕES_IFMT!$A:$A,0),4),\"\")","v":3},{"$f":"IFERROR(INDEX(SINAPI!$D:$D,MATCH($B377,SINAPI!$A:$A,0)),0)","v":0.9},{"$f":"IFERROR(F377*E377,0)","v":2.7}]
[{"$f":"IFERROR(INDEX(SINAPI!$E:$E,MATCH($B378,SINAPI!$A:$A,0)),\"\")","v":"INSUMO"},{"$f":"IF(IFERROR(INDEX(COMPOSIÇÕES_IFMT!$B:$B,MATCH($A376,COMPOSIÇÕES_IFMT!$A:$A,0)),\"\")<>\"\",OFFSET(COMPOSIÇÕES_IFMT!$A$1,MATCH($A376,COMPOSIÇÕES_IFMT!$A:$A,0)+1,1),\"\")","v":34709},{"$f":"IFERROR(INDEX(SINAPI!$B:$B,MATCH($B378,SINAPI!$A:$A,0)),\"\")","v":"DISJUNTOR TIPO DIN/IEC, TRIPOLAR DE 10 ATE 50A"},{"$f":"IFERROR(INDEX(SINAPI!$C:$C,MATCH($B378,SINAPI!$A:$A,0)),\"\")","v":"UN    "},{"$f":"IF(IFERROR(INDEX(COMPOSIÇÕES_IFMT!$B:$B,MATCH($A376,COMPOSIÇÕES_IFMT!$A:$A,0)),\"\")<>\"\",OFFSET(COMPOSIÇÕES_IFMT!$A$1,MATCH($A376,COMPOSIÇÕES_IFMT!$A:$A,0)+1,4),\"\")","v":1},{"$f":"IFERROR(INDEX(SINAPI!$D:$D,MATCH($B378,SINAPI!$A:$A,0)),0)","v":52.98},{"$f":"IFERROR(F378*E378,0)","v":52.98}]
[{"$f":"IFERROR(INDEX(SINAPI!$E:$E,MATCH($B379,SINAPI!$A:$A,0)),\"\")","v":"COMPOSIÇÃO"},{"$f":"IF(IFERROR(INDEX(COMPOSIÇÕES_IFMT!$B:$B,MATCH($A376,COMPOSIÇÕES_IFMT!$A:$A,0)),\"\")<>\"\",OFFSET(COMPOSIÇÕES_IFMT!$A$1,MATCH($A376,COMPOSIÇÕES_IFMT!$A:$A,0)+2,1),\"\")","v":88247},{"$f":"IFERROR(INDEX(SINAPI!$B:$B,MATCH($B379,SINAPI!$A:$A,0)),\"\")","v":"AUXILIAR DE ELETRICISTA COM ENCARGOS COMPLEMENTARES"},{"$f":"IFERROR(INDEX(SINAPI!$C:$C,MATCH($B379,SINAPI!$A:$A,0)),\"\")","v":"H"},{"$f":"IF(IFERROR(INDEX(COMPOSIÇÕES_IFMT!$B:$B,MATCH($A376,COMPOSIÇÕES_IFMT!$A:$A,0)),\"\")<>\"\",OFFSET(COMPOSIÇÕES_IFMT!$A$1,MATCH($A376,COMPOSIÇÕES_IFMT!$A:$A,0)+2,4),\"\")","v":0.19900000000000001},{"$f":"IFERROR(INDEX(SINAPI!$D:$D,MATCH($B379,SINAPI!$A:$A,0)),0)","v":15.84},3.1521600000000003]
[{"$f":"IFERROR(INDEX(SINAPI!$E:$E,MATCH($B380,SINAPI!$A:$A,0)),\"\")","v":"COMPOSIÇÃO"},{"$f":"IF(IFERROR(INDEX(COMPOSIÇÕES_IFMT!$B:$B,MATCH($A376,COMPOSIÇÕES_IFMT!$A:$A,0)),\"\")<>\"\",OFFSET(COMPOSIÇÕES_IFMT!$A$1,MATCH($A376,COMPOSIÇÕES_IFMT!$A:$A,0)+3,1),\"\")","v":88264},{"$f":"IFERROR(INDEX(SINAPI!$B:$B,MATCH($B380,SINAPI!$A:$A,0)),\"\")","v":"ELETRICISTA COM ENCARGOS COMPLEMENTARES"},{"$f":"IFERROR(INDEX(SINAPI!$C:$C,MATCH($B380,SINAPI!$A:$A,0)),\"\")","v":"H"},{"$f":"IF(IFERROR(INDEX(COMPOSIÇÕES_IFMT!$B:$B,MATCH($A376,COMPOSIÇÕES_IFMT!$A:$A,0)),\"\")<>\"\",OFFSET(COMPOSIÇÕES_IFMT!$A$1,MATCH($A376,COMPOSIÇÕES_IFMT!$A:$A,0)+3,4),\"\")","v":0.19900000000000001},{"$f":"IFERROR(INDEX(SINAPI!$D:$D,MATCH($B380,SINAPI!$A:$A,0)),0)","v":20.52},4.0834799999999998]
[null,null,null,null,null,"TOTAL",{"$f":"SUM(G377:G380)","v":62.915640000000003}]
[]
[]
["CLASSE/TIPO","CÓDIGOS/ SINAPI","DESCRIÇÃO","UND","COEFICIENTE","PREÇO UNITÁRIO","PREÇO TOTAL"]
["IFMT 143.02.2020",{"$f":"IFERROR(INDEX(COMPOSIÇÕES_IFMT!$B:$B,MATCH($A385,COMPOSIÇÕES_IFMT!$A:$A,0)),\"\")","v":".143/E"},{"$f":"IFERROR(INDEX(COMPOSIÇÕES_IFMT!$C:$C,MATCH($A385,COMPOSIÇÕES_IFMT!$A:$A,0)),\"\")","v":"DISJUNTOR TRIPOLAR TIPO DIN, CORRENTE NOMINAL DE 20A - FORNECIMENTO E INSTALAÇÃO, CURVA D, CAPACIDADE DE INTERRUPÇÃO 8KA."},{"$f":"IFERROR(INDEX(COMPOSIÇÕES_IFMT!$D:$D,MATCH($A385,COMPOSIÇÕES_IFMT!$A:$A,0)),\"\")","v":"UN"},null,null,{"$f":"G390","v":62.915640000000003}]
[{"$f":"IFERROR(INDEX(SINAPI!$E:$E,MATCH($B386,SINAPI!$A:$A,0)),\"\")","v":"INSUMO"},{"$f":"IF(IFERROR(INDEX(COMPOSIÇÕES_IFMT!$B:$B,MATCH($A385,COMPOSIÇÕES_IFMT!$A:$A,0)),\"\")<>\"\",OFFSET(COMPOSIÇÕES_IFMT!$A$1,MATCH($A385,COMPOSIÇÕES_IFMT!$A:$A,0),1),\"\")","v":1571},{"$f":"IFERROR(INDEX(SINAPI!$B:$B,MATCH($B386,SINAPI!$A:$A,0)),\"\")","v":"TERMINAL A COMPRESSAO EM COBRE ESTANHADO PARA CABO 4 MM2, 1 FURO E 1 COMPRESSAO, PARA PARAFUSO DE FIXACAO M5"},{"$f":"IFERROR(INDEX(SINAPI!$C:$C,MATCH($B386,SINAPI!$A:$A,0)),\"\")","v":"UN    "},{"$f":"IF(IFERROR(INDEX(COMPOSIÇÕES_IFMT!$B:$B,MATCH($A385,COMPOSIÇÕES_IFMT!$A:$A,0)),\"\")<>\"\",OFFSET(COMPOSIÇÕES_IFMT!$A$1,MATCH($A385,COMPOSIÇÕES_IFMT!$A:$A,0),4),\"\")","v":3},{"$f":"IFERROR(INDEX(SINAPI!$D:$D,MATCH($B386,SINAPI!$A:$A,0)),0)","v":0.9},{"$f":"IFERROR(F386*E386,0)","v":2.7}]
[{"$f":"IFERROR(INDEX(SINAPI!$E:$E,MATCH($B387,SINAPI!$A:$A,0)),\"\")","v":"INSUMO"},{"$f":"IF(IFERROR(INDEX(COMPOSIÇÕES_IFMT!$B:$B,MATCH($A385,COMPOSIÇÕES_IFMT!$A:$A,0)),\"\")<>\"\",OFFSET(COMPOSIÇÕES_IFMT!$A$1,MATCH($A385,COMPOSIÇÕES_IFMT!$A:$A,0)+1,1),\"\")","v":34709},{"$f":"IFERROR(INDEX(SINAPI!$B:$B,MATCH($B387,SINAPI!$A:$A,0)),\"\")","v":"DISJUNTOR TIPO DIN/IEC, TRIPOLAR DE 10 ATE 50A"},{"$f":"IFERROR(INDEX(SINAPI!$C:$C,MATCH($B387,SINAPI!$A:$A,0)),\"\")","v":"UN    "},{"$f":"IF(IFERROR(INDEX(COMPOSIÇÕES_IFMT!$B:$B,MATCH($A385,COMPOSIÇÕES_IFMT!$A:$A,0)),\"\")<>\"\",OFFSET(COMPOSIÇÕES_IFMT!$A$1,MATCH($A385,COMPOSIÇÕES_IFMT!$A:$A,0)+1,4),\"\")","v":1},{"$f":"IFERROR(INDEX(SINAPI!$D:$D,MATCH($B387,SINAPI!$A:$A,0)),0)","v":52.98},{"$f":"IFERROR(F387*E387,0)","v":52.98}]
[{"$f":"IFERROR(INDEX(SINAPI!$E:$E,MATCH($B388,SINAPI!$A:$A,0)),\"\")","v":"COMPOSIÇÃO"},{"$f":"IF(IFERROR(INDEX(COMPOSIÇÕES_IFMT!$B:$B,MATCH($A385,COMPOSIÇÕES_IFMT!$A:$A,0)),\"\")<>\"\",OFFSET(COMPOSIÇÕES_IFMT!$A$1,MATCH($A385,COMPOSIÇÕES_IFMT!$A:$A,0)+2,1),\"\")","v":88247},{"$f":"IFERROR(INDEX(SINAPI!$B:$B,MATCH($B388,SINAPI!$A:$A,0)),\"\")","v":"AUXILIAR DE ELETRICISTA COM ENCARGOS COMPLEMENTARES"},{"$f":"IFERROR(INDEX(SINAPI!$C:$C,MATCH($B388,SINAPI!$A:$A,0)),\"\")","v":"H"},{"$f":"IF(IFERROR(INDEX(COMPOSIÇÕES_IFMT!$B:$B,MATCH($A385,COMPOSIÇÕES_IFMT!$A:$A,0)),\"\")<>\"\",OFFSET(COMPOSIÇÕES_IFMT!$A$1,MATCH($A385,COMPOSIÇÕES_IFMT!$A:$A,0)+2,4),\"\")","v":0.19900000000000001},{"$f":"IFERROR(INDEX(SINAPI!$D:$D,MATCH($B388,SINAPI!$A:$A,0)),0)","v":15.84},3.1521600000000003]
[{"$f":"IFERROR(INDEX(SINAPI!$E:$E,MATCH($B389,SINAPI!$A:$A,0)),\"\")","v":"COMPOSIÇÃO"},{"$f":"IF(IFERROR(INDEX(COMPOSIÇÕES_IFMT!$B:$B,MATCH($A385,COMPOSIÇÕES_IFMT!$A:$A,0)),\"\")<>\"\",OFFSET(COMPOSIÇÕES_IFMT!$A$1,MATCH($A385,COMPOSIÇÕES_IFMT!$A:$A,0)+3,1),\"\")","v":88264},{"$f":"IFERROR(INDEX(SINAPI!$B:$B,MATCH($B389,SINAPI!$A:$A,0)),\"\")","v":"ELETRICISTA COM ENCARGOS COMPLEMENTARES"},{"$f":"IFERROR(INDEX(SINAPI!$C:$C,MATCH($B389,SINAPI!$A:$A,0)),\"\")","v":"H"},{"$f":"IF(IFERROR(INDEX(COMPOSIÇÕES_IFMT!$B:$B,MATCH($A385,COMPOSIÇÕES_IFMT!$A:$A,0)),\"\")<>\"\",OFFSET(COMPOSIÇÕES_IFMT!$A$1,MATCH($A385,COMPOSIÇÕES_IFMT!$A:$A,0)+3,4),\"\")","v":0.19900000000000001},{"$f":"IFERROR(INDEX(SINAPI!$D:$D,MATCH($B389,SINAPI!$A:$A,0)),0)","v":20.52},4.0834799999999998]
[null,null,null,null,null,"TOTAL",{"$f":"SUM(G386:G389)","v":62.915640000000003}]
[]
[]
["CLASSE/TIPO","CÓDIGOS/ SINAPI","DESCRIÇÃO","UND","COEFICIENTE","PREÇO UNITÁRIO","PREÇO TOTAL"]
["IFMT 144.02.2020",{"$f":"IFERROR(INDEX(COMPOSIÇÕES_IFMT!$B:$B,MATCH($A394,COMPOSIÇÕES_IFMT!$A:$A,0)),\"\")","v":".144/E"},{"$f":"IFERROR(INDEX(COMPOSIÇÕES_IFMT!$C:$C,MATCH($A394,COMPOSIÇÕES_IFMT!$A:$A,0)),\"\")","v":"DISJUNTOR TRIPOLAR TIPO DIN, CORRENTE NOMINAL DE 25A - FORNECIMENTO E INSTALAÇÃO, CURVA B, CAPACIDADE DE INTERRUPÇÃO 3KA."},{"$f":"IFERROR(INDEX(COMPOSIÇÕES_IFMT!$D:$D,MATCH($A394,COMPOSIÇÕES_IFMT!$A:$A,0)),\"\")","v":"UN"},null,null,{"$f":"G399","v":62.915640000000003}]
[{"$f":"IFERROR(INDEX(SINAPI!$E:$E,MATCH($B395,SINAPI!$A:$A,0)),\"\")","v":"INSUMO"},{"$f":"IF(IFERROR(INDEX(COMPOSIÇÕES_IFMT!$B:$B,MATCH($A394,COMPOSIÇÕES_IFMT!$A:$A,0)),\"\")<>\"\",OFFSET(COMPOSIÇÕES_IFMT!$A$1,MATCH($A394,COMPOSIÇÕES_IFMT!$A:$A,0),1),\"\")","v":1571},{"$f":"IFERROR(INDEX(SINAPI!$B:$B,MATCH($B395,SINAPI!$A:$A,0)),\"\")","v":"TERMINAL A COMPRESSAO EM COBRE ESTANHADO PARA CABO 4 MM2, 1 FURO E 1 COMPRESSAO, PARA PARAFUSO DE FIXACAO M5"},{"$f":"IFERROR(INDEX(SINAPI!$C:$C,MATCH($B395,SINAPI!$A:$A,0)),\"\")","v":"UN    "},{"$f":"IF(IFERROR(INDEX(COMPOSIÇÕES_IFMT!$B:$B,MATCH($A394,COMPOSIÇÕES_IFMT!$A:$A,0)),\"\")<>\"\",OFFSET(COMPOSIÇÕES_IFMT!$A$1,MATCH($A394,COMPOSIÇÕES_IFMT!$A:$A,0),4),\"\")","v":3},{"$f":"IFERROR(INDEX(SINAPI!$D:$D,MATCH($B395,SINAPI!$A:$A,0)),0)","v":0.9},{"$f":"IFERROR(F395*E395,0)","v":2.7}]
[{"$f":"IFERROR(INDEX(SINAPI!$E:$E,MATCH($B396,SINAPI!$A:$A,0)),\"\")","v":"INSUMO"},{"$f":"IF(IFERROR(INDEX(COMPOSIÇÕES_IFMT!$B:$B,MATCH($A394,COMPOSIÇÕES_IFMT!$A:$A,0)),\"\")<>\"\",OFFSET(COMPOSIÇÕES_IFMT!$A$1,MATCH($A394,COMPOSIÇÕES_IFMT!$A:$A,0)+1,1),\"\")","v":34709},{"$f":"IFERROR(INDEX(SINAPI!$B:$B,MATCH($B396,SINAPI!$A:$A,0)),\"\")","v":"DISJUNTOR TIPO DIN/IEC, TRIPOLAR DE 10 ATE 50A"},{"$f":"IFERROR(INDEX(SINAPI!$C:$C,MATCH($B396,SINAPI!$A:$A,0)),\"\")","v":"UN    "},{"$f":"IF(IFERROR(INDEX(COMPOSIÇÕES_IFMT!$B:$B,MATCH($A394,COMPOSIÇÕES_IFMT!$A:$A,0)),\"\")<>\"\",OFFSET(COMPOSIÇÕES_IFMT!$A$1,MATCH($A394,COMPOSIÇÕES_IFMT!$A:$A,0)+1,4),\"\")","v":1},{"$f":"IFERROR(INDEX(SINAPI!$D:$D,MATCH($B396,SINAPI!$A:$A,0)),0)","v":52.98},{"$f":"IFERROR(F396*E396,0)","v":52.98}]
[{"$f":"IFERROR(INDEX(SINAPI!$E:$E,MATCH($B397,SINAPI!$A:$A,0)),\"\")","v":"COMPOSIÇÃO"},{"$f":"IF(IFERROR(INDEX(COMPOSIÇÕES_IFMT!$B:$B,MATCH($A394,COMPOSIÇÕES_IFMT!$A:$A,0)),\"\")<>\"\",OFFSET(COMPOSIÇÕES_IFMT!$A$1,MATCH($A394,COMPOSIÇÕES_IFMT!$A:$A,0)+2,1),\"\")","v":88247},{"$f":"IFERROR(INDEX(SINAPI!$B:$B,MATCH($B397,SINAPI!$A:$A,0)),\"\")","v":"AUXILIAR DE ELETRICISTA COM ENCARGOS COMPLEMENTARES"},{"$f":"IFERROR(INDEX(SINAPI!$C:$C,MATCH($B397,SINAPI!$A:$A,0)),\"\")","v":"H"},{"$f":"IF(IFERROR(INDEX(COMPOSIÇÕES_IFMT!$B:$B,MATCH($A394,COMPOSIÇÕES_IFMT!$A:$A,0)),\"\")<>\"\",OFFSET(COMPOSIÇÕES_IFMT!$A$1,MATCH($A394,COMPOSIÇÕES_IFMT!$A:$A,0)+2,4),\"\")","v":0.19900000000000001},{"$f":"IFERROR(INDEX(SINAPI!$D:$D,MATCH($B397,SINAPI!$A:$A,0)),0)","v":15.84},3.1521600000000003]
[{"$f":"IFERROR(INDEX(SINAPI!$E:$E,MATCH($B398,SINAPI!$A:$A,0)),\"\")","v":"COMPOSIÇÃO"},{"$f":"IF(IFERROR(INDEX(COMPOSIÇÕES_IFMT!$B:$B,MATCH($A394,COMPOSIÇÕES_IFMT!$A:$A,0)),\"\")<>\"\",OFFSET(COMPOSIÇÕES_IFMT!$A$1,MATCH($A394,COMPOSIÇÕES_IFMT!$A:$A,0)+3,1),\"\")","v":88264},{"$f":"IFERROR(INDEX(SINAPI!$B:$B,MATCH($B398,SINAPI!$A:$A,0)),\"\")","v":"ELETRICISTA COM ENCARGOS COMPLEMENTARES"},{"$f":"IFERROR(INDEX(SINAPI!$C:$C,MATCH($B398,SINAPI!$A:$A,0)),\"\")","v":"H"},{"$f":"IF(IFERROR(INDEX(COMPOSIÇÕES_IFMT!$B:$B,MATCH($A394,COMPOSIÇÕES_IFMT!$A:$A,0)),\"\")<>\"\",OFFSET(COMPOSIÇÕES_IFMT!$A$1,MATCH($A394,COMPOSIÇÕES_IFMT!$A:$A,0)+3,4),\"\")","v":0.19900000000000001},{"$f":"IFERROR(INDEX(SINAPI!$D:$D,MATCH($B398,SINAPI!$A:$A,0)),0)","v":20.52},4.0834799999999998]
[null,null,null,null,null,"TOTAL",{"$f":"SUM(G395:G398)","v":62.915640000000003}]
[]
[]
["CLASSE/TIPO","CÓDIGOS/ SINAPI","DESCRIÇÃO","UND","COEFICIENTE","PREÇO UNITÁRIO","PREÇO TOTAL"]
["IFMT 145.02.2020",{"$f":"IFERROR(INDEX(COMPOSIÇÕES_IFMT!$B:$B,MATCH($A403,COMPOSIÇÕES_IFMT!$A:$A,0)),\"\")","v":".145/E"},{"$f":"IFERROR(INDEX(COMPOSIÇÕES_IFMT!$C:$C,MATCH($A403,COMPOSIÇÕES_IFMT!$A:$A,0)),\"\")","v":"DISJUNTOR TRIPOLAR TIPO DIN, CORRENTE NOMINAL DE 25A - FORNECIMENTO E INSTALAÇÃO, CURVA C, CAPACIDADE DE INTERRUPÇÃO 3KA."},{"$f":"IFERROR(INDEX(COMPOSIÇÕES_IFMT!$D:$D,MATCH($A403,COMPOSIÇÕES_IFMT!$A:$A,0)),\"\")","v":"UN"},null,null,{"$f":"G408","v":62.915640000000003}]
[{"$f":"IFERROR(INDEX(SINAPI!$E:$E,MATCH($B404,SINAPI!$A:$A,0)),\"\")","v":"INSUMO"},{"$f":"IF(IFERROR(INDEX(COMPOSIÇÕES_IFMT!$B:$B,MATCH($A403,COMPOSIÇÕES_IFMT!$A:$A,0)),\"\")<>\"\",OFFSET(COMPOSIÇÕES_IFMT!$A$1,MATCH($A403,COMPOSIÇÕES_IFMT!$A:$A,0),1),\"\")","v":1571},{"$f":"IFERROR(INDEX(SINAPI!$B:$B,MATCH($B404,SINAPI!$A:$A,0)),\"\")","v":"TERMINAL A COMPRESSAO EM COBRE ESTANHADO PARA CABO 4 MM2, 1 FURO E 1 COMPRESSAO, PARA PARAFUSO DE FIXACAO M5"},{"$f":"IFERROR(INDEX(SINAPI!$C:$C,MATCH($B404,SINAPI!$A:$A,0)),\"\")","v":"UN    "},{"$f":"IF(IFERROR(INDEX(COMPOSIÇÕES_IFMT!$B:$B,MATCH($A403,COMPOSIÇÕES_IFMT!$A:$A,0)),\"\")<>\"\",OFFSET(COMPOSIÇÕES_IFMT!$A$1,MATCH($A403,COMPOSIÇÕES_IFMT!$A:$A,0),4),\"\")","v":3},{"$f":"IFERROR(INDEX(SINAPI!$D:$D,MATCH($B404,SINAPI!$A:$A,0)),0)","v":0.9},{"$f":"IFERROR(F404*E404,0)","v":2.7}]
[{"$f":"IFERROR(INDEX(SINAPI!$E:$E,MATCH($B405,SINAPI!$A:$A,0)),\"\")","v":"INSUMO"},{"$f":"IF(IFERROR(INDEX(COMPOSIÇÕES_IFMT!$B:$B,MATCH($A403,COMPOSIÇÕES_IFMT!$A:$A,0)),\"\")<>\"\",OFFSET(COMPOSIÇÕES_IFMT!$A$1,MATCH($A403,COMPOSIÇÕES_IFMT!$A:$A,0)+1,1),\"\")","v":34709},{"$f":"IFERROR(INDEX(SINAPI!$B:$B,MATCH($B405,SINAPI!$A:$A,0)),\"\")","v":"DISJUNTOR TIPO DIN/IEC, TRIPOLAR DE 10 ATE 50A"},{"$f":"IFERROR(INDEX(SINAPI!$C:$C,MATCH($B405,SINAPI!$A:$A,0)),\"\")","v":"UN    "},{"$f":"IF(IFERROR(INDEX(COMPOSIÇÕES_IFMT!$B:$B,MATCH($A403,COMPOSIÇÕES_IFMT!$A:$A,0)),\"\")<>\"\",OFFSET(COMPOSIÇÕES_IFMT!$A$1,MATCH($A403,COMPOSIÇÕES_IFMT!$A:$A,0)+1,4),\"\")","v":1},{"$f":"IFERROR(INDEX(SINAPI!$D:$D,MATCH($B405,SINAPI!$A:$A,0)),0)","v":52.98},{"$f":"IFERROR(F405*E405,0)","v":52.98}]
[{"$f":"IFERROR(INDEX(SINAPI!$E:$E,MATCH($B406,SINAPI!$A:$A,0)),\"\")","v":"COMPOSIÇÃO"},{"$f":"IF(IFERROR(INDEX(COMPOSIÇÕES_IFMT!$B:$B,MATCH($A403,COMPOSIÇÕES_IFMT!$A:$A,0)),\"\")<>\"\",OFFSET(COMPOSIÇÕES_IFMT!$A$1,MATCH($A403,COMPOSIÇÕES_IFMT!$A:$A,0)+2,1),\"\")","v":88247},{"$f":"IFERROR(INDEX(SINAPI!$B:$B,MATCH($B406,SINAPI!$A:$A,0)),\"\")","v":"AUXILIAR DE ELETRICISTA COM ENCARGOS COMPLEMENTARES"},{"$f":"IFERROR(INDEX(SINAPI!$C:$C,MATCH($B406,SINAPI!$A:$A,0)),\"\")","v":"H"},{"$f":"IF(IFERROR(INDEX(COMPOSIÇÕES_IFMT!$B:$B,MATCH($A403,COMPOSIÇÕES_IFMT!$A:$A,0)),\"\")<>\"\",OFFSET(COMPOSIÇÕES_IFMT!$A$1,MATCH($A403,COMPOSIÇÕES_IFMT!$A:$A,0)+2,4),\"\")","v":0.19900000000000001},{"$f":"IFERROR(INDEX(SINAPI!$D:$D,MATCH($B406,SINAPI!$A:$A,0)),0)","v":15.84},3.1521600000000003]
[{"$f":"IFERROR(INDEX(SINAPI!$E:$E,MATCH($B407,SINAPI!$A:$A,0)),\"\")","v":"COMPOSIÇÃO"},{"$f":"IF(IFERROR(INDEX(COMPOSIÇÕES_IFMT!$B:$B,MATCH($A403,COMPOSIÇÕES_IFMT!$A:$A,0)),\"\")<>\"\",OFFSET(COMPOSIÇÕES_IFMT!$A$1,MATCH($A403,COMPOSIÇÕES_IFMT!$A:$A,0)+3,1),\"\")","v":88264},{"$f":"IFERROR(INDEX(SINAPI!$B:$B,MATCH($B407,SINAPI!$A:$A,0)),\"\")","v":"ELETRICISTA COM ENCARGOS COMPLEMENTARES"},{"$f":"IFERROR(INDEX(SINAPI!$C:$C,MATCH($B407,SINAPI!$A:$A,0)),\"\")","v":"H"},{"$f":"IF(IFERROR(INDEX(COMPOSIÇÕES_IFMT!$B:$B,MATCH($A403,COMPOSIÇÕES_IFMT!$A:$A,0)),\"\")<>\"\",OFFSET(COMPOSIÇÕES_IFMT!$A$1,MATCH($A403,COMPOSIÇÕES_IFMT!$A:$A,0)+3,4),\"\")","v":0.19900000000000001},{"$f":"IFERROR(INDEX(SINAPI!$D:$D,MATCH($B407,SINAPI!$A:$A,0)),0)","v":20.52},4.0834799999999998]
[null,null,null,null,null,"TOTAL",{"$f":"SUM(G404:G407)","v":62.915640000000003}]
[]
[]
["CLASSE/TIPO","CÓDIGOS/ SINAPI","DESCRIÇÃO","UND","COEFICIENTE","PREÇO UNITÁRIO","PREÇO TOTAL"]
["IFMT 146.02.2020",{"$f":"IFERROR(INDEX(COMPOSIÇÕES_IFMT!$B:$B,MATCH($A412,COMPOSIÇÕES_IFMT!$A:$A,0)),\"\")","v":".146/E"},{"$f":"IFERROR(INDEX(COMPOSIÇÕES_IFMT!$C:$C,MATCH($A412,COMPOSIÇÕES_IFMT!$A:$A,0)),\"\")","v":"DISJUNTOR TRIPOLAR TIPO DIN, CORRENTE NOMINAL DE 25A - FORNECIMENTO E INSTALAÇÃO, CURVA B, CAPACIDADE DE INTERRUPÇÃO 8KA."},{"$f":"IFERROR(INDEX(COMPOSIÇÕES_IFMT!$D:$D,MATCH($A412,COMPOSIÇÕES_IFMT!$A:$A,0)),\"\")","v":"UN"},null,null,{"$f":"G417","v":62.915640000000003}]
[{"$f":"IFERROR(INDEX(SINAPI!$E:$E,MATCH($B413,SINAPI!$A:$A,0)),\"\")","v":"INSUMO"},{"$f":"IF(IFERROR(INDEX(COMPOSIÇÕES_IFMT!$B:$B,MATCH($A412,COMPOSIÇÕES_IFMT!$A:$A,0)),\"\")<>\"\",OFFSET(COMPOSIÇÕES_IFMT!$A$1,MATCH($A412,COMPOSIÇÕES_IFMT!$A:$A,0),1),\"\")","v":1571},{"$f":"IFERROR(INDEX(SINAPI!$B:$B,MATCH($B413,SINAPI!$A:$A,0)),\"\")","v":"TERMINAL A COMPRESSAO EM COBRE ESTANHADO PARA CABO 4 MM2, 1 FURO E 1 COMPRESSAO, PARA PARAFUSO DE FIXACAO M5"},{"$f":"IFERROR(INDEX(SINAPI!$C:$C,MATCH($B413,SINAPI!$A:$A,0)),\"\")","v":"UN    "},{"$f":"IF(IFERROR(INDEX(COMPOSIÇÕES_IFMT!$B:$B,MATCH($A412,COMPOSIÇÕES_IFMT!$A:$A,0)),\"\")<>\"\",OFFSET(COMPOSIÇÕES_IFMT!$A$1,MATCH($A412,COMPOSIÇÕES_IFMT!$A:$A,0),4),\"\")","v":3},{"$f":"IFERROR(INDEX(SINAPI!$D:$D,MATCH($B413,SINAPI!$A:$A,0)),0)","v":0.9},{"$f":"IFERROR(F413*E413,0)","v":2.7}]
[{"$f":"IFERROR(INDEX(SINAPI!$E:$E,MATCH($B414,SINAPI!$A:$A,0)),\"\")","v":"INSUMO"},{"$f":"IF(IFERROR(INDEX(COMPOSIÇÕES_IFMT!$B:$B,MATCH($A412,COMPOSIÇÕES_IFMT!$A:$A,0)),\"\")<>\"\",OFFSET(COMPOSIÇÕES_IFMT!$A$1,MATCH($A412,COMPOSIÇÕES_IFMT!$A:$A,0)+1,1),\"\")","v":34709},{"$f":"IFERROR(INDEX(SINAPI!$B:$B,MATCH($B414,SINAPI!$A:$A,0)),\"\")","v":"DISJUNTOR TIPO DIN/IEC, TRIPOLAR DE 10 ATE 50A"},{"$f":"IFERROR(INDEX(SINAPI!$C:$C,MATCH($B414,SINAPI!$A:$A,0)),\"\")","v":"UN    "},{"$f":"IF(IFERROR(INDEX(COMPOSIÇÕES_IFMT!$B:$B,MATCH($A412,COMPOSIÇÕES_IFMT!$A:$A,0)),\"\")<>\"\",OFFSET(COMPOSIÇÕES_IFMT!$A$1,MATCH($A412,COMPOSIÇÕES_IFMT!$A:$A,0)+1,4),\"\")","v":1},{"$f":"IFERROR(INDEX(SINAPI!$D:$D,MATCH($B414,SINAPI!$A:$A,0)),0)","v":52.98},{"$f":"IFERROR(F414*E414,0)","v":52.98}]
[{"$f":"IFERROR(INDEX(SINAPI!$E:$E,MATCH($B415,SINAPI!$A:$A,0)),\"\")","v":"COMPOSIÇÃO"},{"$f":"IF(IFERROR(INDEX(COMPOSIÇÕES_IFMT!$B:$B,MATCH($A412,COMPOSIÇÕES_IFMT!$A:$A,0)),\"\")<>\"\",OFFSET(COMPOSIÇÕES_IFMT!$A$1,MATCH($A412,COMPOSIÇÕES_IFMT!$A:$A,0)+2,1),\"\")","v":88247},{"$f":"IFERROR(INDEX(SINAPI!$B:$B,MATCH($B415,SINAPI!$A:$A,0)),\"\")","v":"AUXILIAR DE ELETRICISTA COM ENCARGOS COMPLEMENTARES"},{"$f":"IFERROR(INDEX(SINAPI!$C:$C,MATCH($B415,SINAPI!$A:$A,0)),\"\")","v":"H"},{"$f":"IF(IFERROR(INDEX(COMPOSIÇÕES_IFMT!$B:$B,MATCH($A412,COMPOSIÇÕES_IFMT!$A:$A,0)),\"\")<>\"\",OFFSET(COMPOSIÇÕES_IFMT!$A$1,MATCH($A412,COMPOSIÇÕES_IFMT!$A:$A,0)+2,4),\"\")","v":0.19900000000000001},{"$f":"IFERROR(INDEX(SINAPI!$D:$D,MATCH($B415,SINAPI!$A:$A,0)),0)","v":15.84},3.1521600000000003]
[{"$f":"IFERROR(INDEX(SINAPI!$E:$E,MATCH($B416,SINAPI!$A:$A,0)),\"\")","v":"COMPOSIÇÃO"},{"$f":"IF(IFERROR(INDEX(COMPOSIÇÕES_IFMT!$B:$B,MATCH($A412,COMPOSIÇÕES_IFMT!$A:$A,0)),\"\")<>\"\",OFFSET(COMPOSIÇÕES_IFMT!$A$1,MATCH($A412,COMPOSIÇÕES_IFMT!$A:$A,0)+3,1),\"\")","v":88264},{"$f":"IFERROR(INDEX(SINAPI!$B:$B,MATCH($B416,SINAPI!$A:$A,0)),\"\")","v":"ELETRICISTA COM ENCARGOS COMPLEMENTARES"},{"$f":"IFERROR(INDEX(SINAPI!$C:$C,MATCH($B416,SINAPI!$A:$A,0)),\"\")","v":"H"},{"$f":"IF(IFERROR(INDEX(COMPOSIÇÕES_IFMT!$B:$B,MATCH($A412,COMPOSIÇÕES_IFMT!$A:$A,0)),\"\")<>\"\",OFFSET(COMPOSIÇÕES_IFMT!$A$1,MATCH($A412,COMPOSIÇÕES_IFMT!$A:$A,0)+3,4),\"\")","v":0.19900000000000001},{"$f":"IFERROR(INDEX(SINAPI!$D:$D,MATCH($B416,SINAPI!$A:$A,0)),0)","v":20.52},4.0834799999999998]
[null,null,null,null,null,"TOTAL",{"$f":"SUM(G413:G416)","v":62.915640000000003}]
[]
[]
["CLASSE/TIPO","CÓDIGOS/ SINAPI","DESCRIÇÃO","UND","COEFICIENTE","PREÇO UNITÁRIO","PREÇO TOTAL"]
["IFMT 147.02.2020",{"$f":"IFERROR(INDEX(COMPOSIÇÕES_IFMT!$B:$B,MATCH($A421,COMPOSIÇÕES_IFMT!$A:$A,0)),\"\")","v":".147/E"},{"$f":"IFERROR(INDEX(COMPOSIÇÕES_IFMT!$C:$C,MATCH($A421,COMPOSIÇÕES_IFMT!$A:$A,0)),\"\")","v":"DISJUNTOR TRIPOLAR TIPO DIN, CORRENTE NOMINAL DE 25A - FORNECIMENTO E INSTALAÇÃO, CURVA C, CAPACIDADE DE INTERRUPÇÃO 8KA."},{"$f":"IFERROR(INDEX(COMPOSIÇÕES_IFMT!$D:$D,MATCH($A421,COMPOSIÇÕES_IFMT!$A:$A,0)),\"\")","v":"UN"},null,null,{"$f":"G426","v":62.915640000000003}]
[{"$f":"IFERROR(INDEX(SINAPI!$E:$E,MATCH($B422,SINAPI!$A:$A,0)),\"\")","v":"INSUMO"},{"$f":"IF(IFERROR(INDEX(COMPOSIÇÕES_IFMT!$B:$B,MATCH($A421,COMPOSIÇÕES_IFMT!$A:$A,0)),\"\")<>\"\",OFFSET(COMPOSIÇÕES_IFMT!$A$1,MATCH($A421,COMPOSIÇÕES_IFMT!$A:$A,0),1),\"\")","v":1571},{"$f":"IFERROR(INDEX(SINAPI!$B:$B,MATCH($B422,SINAPI!$A:$A,0)),\"\")","v":"TERMINAL A COMPRESSAO EM COBRE ESTANHADO PARA CABO 4 MM2, 1 FURO E 1 COMPRESSAO, PARA PARAFUSO DE FIXACAO M5"},{"$f":"IFERROR(INDEX(SINAPI!$C:$C,MATCH($B422,SINAPI!$A:$A,0)),\"\")","v":"UN    "},{"$f":"IF(IFERROR(INDEX(COMPOSIÇÕES_IFMT!$B:$B,MATCH($A421,COMPOSIÇÕES_IFMT!$A:$A,0)),\"\")<>\"\",OFFSET(COMPOSIÇÕES_IFMT!$A$1,MATCH($A421,COMPOSIÇÕES_IFMT!$A:$A,0),4),\"\")","v":3},{"$f":"IFERROR(INDEX(SINAPI!$D:$D,MATCH($B422,SINAPI!$A:$A,0)),0)","v":0.9},{"$f":"IFERROR(F422*E422,0)","v":2.7}]
[{"$f":"IFERROR(INDEX(SINAPI!$E:$E,MATCH($B423,SINAPI!$A:$A,0)),\"\")","v":"INSUMO"},{"$f":"IF(IFERROR(INDEX(COMPOSIÇÕES_IFMT!$B:$B,MATCH($A421,COMPOSIÇÕES_IFMT!$A:$A,0)),\"\")<>\"\",OFFSET(COMPOSIÇÕES_IFMT!$A$1,MATCH($A421,COMPOSIÇÕES_IFMT!$A:$A,0)+1,1),\"\")","v":34709},{"$f":"IFERROR(INDEX(SINAPI!$B:$B,MATCH($B423,SINAPI!$A:$A,0)),\"\")","v":"DISJUNTOR TIPO DIN/IEC, TRIPOLAR DE 10 ATE 50A"},{"$f":"IFERROR(INDEX(SINAPI!$C:$C,MATCH($B423,SINAPI!$A:$A,0)),\"\")","v":"UN    "},{"$f":"IF(IFERROR(INDEX(COMPOSIÇÕES_IFMT!$B:$B,MATCH($A421,COMPOSIÇÕES_IFMT!$A:$A,0)),\"\")<>\"\",OFFSET(COMPOSIÇÕES_IFMT!$A$1,MATCH($A421,COMPOSIÇÕES_IFMT!$A:$A,0)+1,4),\"\")","v":1},{"$f":"IFERROR(INDEX(SINAPI!$D:$D,MATCH($B423,SINAPI!$A:$A,0)),0)","v":52.98},{"$f":"IFERROR(F423*E423,0)","v":52.98}]
[{"$f":"IFERROR(INDEX(SINAPI!$E:$E,MATCH($B424,SINAPI!$A:$A,0)),\"\")","v":"COMPOSIÇÃO"},{"$f":"IF(IFERROR(INDEX(COMPOSIÇÕES_IFMT!$B:$B,MATCH($A421,COMPOSIÇÕES_IFMT!$A:$A,0)),\"\")<>\"\",OFFSET(COMPOSIÇÕES_IFMT!$A$1,MATCH($A421,COMPOSIÇÕES_IFMT!$A:$A,0)+2,1),\"\")","v":88247},{"$f":"IFERROR(INDEX(SINAPI!$B:$B,MATCH($B424,SINAPI!$A:$A,0)),\"\")","v":"AUXILIAR DE ELETRICISTA COM ENCARGOS COMPLEMENTARES"},{"$f":"IFERROR(INDEX(SINAPI!$C:$C,MATCH($B424,SINAPI!$A:$A,0)),\"\")","v":"H"},{"$f":"IF(IFERROR(INDEX(COMPOSIÇÕES_IFMT!$B:$B,MATCH($A421,COMPOSIÇÕES_IFMT!$A:$A,0)),\"\")<>\"\",OFFSET(COMPOSIÇÕES_IFMT!$A$1,MATCH($A421,COMPOSIÇÕES_IFMT!$A:$A,0)+2,4),\"\")","v":0.19900000000000001},{"$f":"IFERROR(INDEX(SINAPI!$D:$D,MATCH($B424,SINAPI!$A:$A,0)),0)","v":15.84},3.1521600000000003]
[{"$f":"IFERROR(INDEX(SINAPI!$E:$E,MATCH($B425,SINAPI!$A:$A,0)),\"\")","v":"COMPOSIÇÃO"},{"$f":"IF(IFERROR(INDEX(COMPOSIÇÕES_IFMT!$B:$B,MATCH($A421,COMPOSIÇÕES_IFMT!$A:$A,0)),\"\")<>\"\",OFFSET(COMPOSIÇÕES_IFMT!$A$1,MATCH($A421,COMPOSIÇÕES_IFMT!$A:$A,0)+3,1),\"\")","v":88264},{"$f":"IFERROR(INDEX(SINAPI!$B:$B,MATCH($B425,SINAPI!$A:$A,0)),\"\")","v":"ELETRICISTA COM ENCARGOS COMPLEMENTARES"},{"$f":"IFERROR(INDEX(SINAPI!$C:$C,MATCH($B425,SINAPI!$A:$A,0)),\"\")","v":"H"},{"$f":"IF(IFERROR(INDEX(COMPOSIÇÕES_IFMT!$B:$B,MATCH($A421,COMPOSIÇÕES_IFMT!$A:$A,0)),\"\")<>\"\",OFFSET(COMPOSIÇÕES_IFMT!$A$1,MATCH($A421,COMPOSIÇÕES_IFMT!$A:$A,0)+3,4),\"\")","v":0.19900000000000001},{"$f":"IFERROR(INDEX(SINAPI!$D:$D,MATCH($B425,SINAPI!$A:$A,0)),0)","v":20.52},4.0834799999999998]
[null,null,null,null,null,"TOTAL",{"$f":"SUM(G422:G425)","v":62.915640000000003}]
[]
[]
["CLASSE/TIPO","CÓDIGOS/ SINAPI","DESCRIÇÃO","UND","COEFICIENTE","PREÇO UNITÁRIO","PREÇO TOTAL"]
["IFMT 148.02.2020",{"$f":"IFERROR(INDEX(COMPOSIÇÕES_IFMT!$B:$B,MATCH($A430,COMPOSIÇÕES_IFMT!$A:$A,0)),\"\")","v":".148/E"},{"$f":"IFERROR(INDEX(COMPOSIÇÕES_IFMT!$C:$C,MATCH($A430,COMPOSIÇÕES_IFMT!$A:$A,0)),\"\")","v":"DISJUNTOR TRIPOLAR TIPO DIN, CORRENTE NOMINAL DE 25A - FORNECIMENTO E INSTALAÇÃO, CURVA D, CAPACIDADE DE INTERRUPÇÃO 8KA."},{"$f":"IFERROR(INDEX(COMPOSIÇÕES_IFMT!$D:$D,MATCH($A430,COMPOSIÇÕES_IFMT!$A:$A,0)),\"\")","v":"UN"},null,null,{"$f":"G435","v":62.915640000000003}]
[{"$f":"IFERROR(INDEX(SINAPI!$E:$E,MATCH($B431,SINAPI!$A:$A,0)),\"\")","v":"INSUMO"},{"$f":"IF(IFERROR(INDEX(COMPOSIÇÕES_IFMT!$B:$B,MATCH($A430,COMPOSIÇÕES_IFMT!$A:$A,0)),\"\")<>\"\",OFFSET(COMPOSIÇÕES_IFMT!$A$1,MATCH($A430,COMPOSIÇÕES_IFMT!$A:$A,0),1),\"\")","v":1571},{"$f":"IFERROR(INDEX(SINAPI!$B:$B,MATCH($B431,SINAPI!$A:$A,0)),\"\")","v":"TERMINAL A COMPRESSAO EM COBRE ESTANHADO PARA CABO 4 MM2, 1 FURO E 1 COMPRESSAO, PARA PARAFUSO DE FIXACAO M5"},{"$f":"IFERROR(INDEX(SINAPI!$C:$C,MATCH($B431,SINAPI!$A:$A,0)),\"\")","v":"UN    "},{"$f":"IF(IFERROR(INDEX(COMPOSIÇÕES_IFMT!$B:$B,MATCH($A430,COMPOSIÇÕES_IFMT!$A:$A,0)),\"\")<>\"\",OFFSET(COMPOSIÇÕES_IFMT!$A$1,MATCH($A430,COMPOSIÇÕES_IFMT!$A:$A,0),4),\"\")","v":3},{"$f":"IFERROR(INDEX(SINAPI!$D:$D,MATCH($B431,SINAPI!$A:$A,0)),0)","v":0.9},{"$f":"IFERROR(F431*E431,0)","v":2.7}]
[{"$f":"IFERROR(INDEX(SINAPI!$E:$E,MATCH($B432,SINAPI!$A:$A,0)),\"\")","v":"INSUMO"},{"$f":"IF(IFERROR(INDEX(COMPOSIÇÕES_IFMT!$B:$B,MATCH($A430,COMPOSIÇÕES_IFMT!$A:$A,0)),\"\")<>\"\",OFFSET(COMPOSIÇÕES_IFMT!$A$1,MATCH($A430,COMPOSIÇÕES_IFMT!$A:$A,0)+1,1),\"\")","v":34709},{"$f":"IFERROR(INDEX(SINAPI!$B:$B,MATCH($B432,SINAPI!$A:$A,0)),\"\")","v":"DISJUNTOR TIPO DIN/IEC, TRIPOLAR DE 10 ATE 50A"},{"$f":"IFERROR(INDEX(SINAPI!$C:$C,MATCH($B432,SINAPI!$A:$A,0)),\"\")","v":"UN    "},{"$f":"IF(IFERROR(INDEX(COMPOSIÇÕES_IFMT!$B:$B,MATCH($A430,COMPOSIÇÕES_IFMT!$A:$A,0)),\"\")<>\"\",OFFSET(COMPOSIÇÕES_IFMT!$A$1,MATCH($A430,COMPOSIÇÕES_IFMT!$A:$A,0)+1,4),\"\")","v":1},{"$f":"IFERROR(INDEX(SINAPI!$D:$D,MATCH($B432,SINAPI!$A:$A,0)),0)","v":52.98},{"$f":"IFERROR(F432*E432,0)","v":52.98}]
[{"$f":"IFERROR(INDEX(SINAPI!$E:$E,MATCH($B433,SINAPI!$A:$A,0)),\"\")","v":"COMPOSIÇÃO"},{"$f":"IF(IFERROR(INDEX(COMPOSIÇÕES_IFMT!$B:$B,MATCH($A430,COMPOSIÇÕES_IFMT!$A:$A,0)),\"\")<>\"\",OFFSET(COMPOSIÇÕES_IFMT!$A$1,MATCH($A430,COMPOSIÇÕES_IFMT!$A:$A,0)+2,1),\"\")","v":88247},{"$f":"IFERROR(INDEX(SINAPI!$B:$B,MATCH($B433,SINAPI!$A:$A,0)),\"\")","v":"AUXILIAR DE ELETRICISTA COM ENCARGOS COMPLEMENTARES"},{"$f":"IFERROR(INDEX(SINAPI!$C:$C,MATCH($B433,SINAPI!$A:$A,0)),\"\")","v":"H"},{"$f":"IF(IFERROR(INDEX(COMPOSIÇÕES_IFMT!$B:$B,MATCH($A430,COMPOSIÇÕES_IFMT!$A:$A,0)),\"\")<>\"\",OFFSET(COMPOSIÇÕES_IFMT!$A$1,MATCH($A430,COMPOSIÇÕES_IFMT!$A:$A,0)+2,4),\"\")","v":0.19900000000000001},{"$f":"IFERROR(INDEX(SINAPI!$D:$D,MATCH($B433,SINAPI!$A:$A,0)),0)","v":15.84},3.1521600000000003]
[{"$f":"IFERROR(INDEX(SINAPI!$E:$E,MATCH($B434,SINAPI!$A:$A,0)),\"\")","v":"COMPOSIÇÃO"},{"$f":"IF(IFERROR(INDEX(COMPOSIÇÕES_IFMT!$B:$B,MATCH($A430,COMPOSIÇÕES_IFMT!$A:$A,0)),\"\")<>\"\",OFFSET(COMPOSIÇÕES_IFMT!$A$1,MATCH($A430,COMPOSIÇÕES_IFMT!$A:$A,0)+3,1),\"\")","v":88264},{"$f":"IFERROR(INDEX(SINAPI!$B:$B,MATCH($B434,SINAPI!$A:$A,0)),\"\")","v":"ELETRICISTA COM ENCARGOS COMPLEMENTARES"},{"$f":"IFERROR(INDEX(SINAPI!$C:$C,MATCH($B434,SINAPI!$A:$A,0)),\"\")","v":"H"},{"$f":"IF(IFERROR(INDEX(COMPOSIÇÕES_IFMT!$B:$B,MATCH($A430,COMPOSIÇÕES_IFMT!$A:$A,0)),\"\")<>\"\",OFFSET(COMPOSIÇÕES_IFMT!$A$1,MATCH($A430,COMPOSIÇÕES_IFMT!$A:$A,0)+3,4),\"\")","v":0.19900000000000001},{"$f":"IFERROR(INDEX(SINAPI!$D:$D,MATCH($B434,SINAPI!$A:$A,0)),0)","v":20.52},4.0834799999999998]
[null,null,null,null,null,"TOTAL",{"$f":"SUM(G431:G434)","v":62.915640000000003}]
[]
[]
["CLASSE/TIPO","CÓDIGOS/ SINAPI","DESCRIÇÃO","UND","COEFICIENTE","PREÇO UNITÁRIO","PREÇO TOTAL"]
["IFMT 149.02.2020",{"$f":"IFERROR(INDEX(COMPOSIÇÕES_IFMT!$B:$B,MATCH($A439,COMPOSIÇÕES_IFMT!$A:$A,0)),\"\")","v":".149/E"},{"$f":"IFERROR(INDEX(COMPOSIÇÕES_IFMT!$C:$C,MATCH($A439,COMPOSIÇÕES_IFMT!$A:$A,0)),\"\")","v":"DISJUNTOR TRIPOLAR TIPO DIN, CORRENTE NOMINAL DE 32A - FORNECIMENTO E INSTALAÇÃO, CURVA D, CAPACIDADE DE INTERRUPÇÃO 8KA."},{"$f":"IFERROR(INDEX(COMPOSIÇÕES_IFMT!$D:$D,MATCH($A439,COMPOSIÇÕES_IFMT!$A:$A,0)),\"\")","v":"UN"},null,null,{"$f":"G444","v":66.146280000000004}]
[{"$f":"IFERROR(INDEX(SINAPI!$E:$E,MATCH($B440,SINAPI!$A:$A,0)),\"\")","v":"INSUMO"},{"$f":"IF(IFERROR(INDEX(COMPOSIÇÕES_IFMT!$B:$B,MATCH($A439,COMPOSIÇÕES_IFMT!$A:$A,0)),\"\")<>\"\",OFFSET(COMPOSIÇÕES_IFMT!$A$1,MATCH($A439,COMPOSIÇÕES_IFMT!$A:$A,0),1),\"\")","v":1573},{"$f":"IFERROR(INDEX(SINAPI!$B:$B,MATCH($B440,SINAPI!$A:$A,0)),\"\")","v":"TERMINAL A COMPRESSAO EM COBRE ESTANHADO PARA CABO 6 MM2, 1 FURO E 1 COMPRESSAO, PARA PARAFUSO DE FIXACAO M6"},{"$f":"IFERROR(INDEX(SINAPI!$C:$C,MATCH($B440,SINAPI!$A:$A,0)),\"\")","v":"UN    "},{"$f":"IF(IFERROR(INDEX(COMPOSIÇÕES_IFMT!$B:$B,MATCH($A439,COMPOSIÇÕES_IFMT!$A:$A,0)),\"\")<>\"\",OFFSET(COMPOSIÇÕES_IFMT!$A$1,MATCH($A439,COMPOSIÇÕES_IFMT!$A:$A,0),4),\"\")","v":3},{"$f":"IFERROR(INDEX(SINAPI!$D:$D,MATCH($B440,SINAPI!$A:$A,0)),0)","v":1.08},{"$f":"IFERROR(F440*E440,0)","v":3.24}]
[{"$f":"IFERROR(INDEX(SINAPI!$E:$E,MATCH($B441,SINAPI!$A:$A,0)),\"\")","v":"INSUMO"},{"$f":"IF(IFERROR(INDEX(COMPOSIÇÕES_IFMT!$B:$B,MATCH($A439,COMPOSIÇÕES_IFMT!$A:$A,0)),\"\")<>\"\",OFFSET(COMPOSIÇÕES_IFMT!$A$1,MATCH($A439,COMPOSIÇÕES_IFMT!$A:$A,0)+1,1),\"\")","v":34709},{"$f":"IFERROR(INDEX(SINAPI!$B:$B,MATCH($B441,SINAPI!$A:$A,0)),\"\")","v":"DISJUNTOR TIPO DIN/IEC, TRIPOLAR DE 10 ATE 50A"},{"$f":"IFERROR(INDEX(SINAPI!$C:$C,MATCH($B441,SINAPI!$A:$A,0)),\"\")","v":"UN    "},{"$f":"IF(IFERROR(INDEX(COMPOSIÇÕES_IFMT!$B:$B,MATCH($A439,COMPOSIÇÕES_IFMT!$A:$A,0)),\"\")<>\"\",OFFSET(COMPOSIÇÕES_IFMT!$A$1,MATCH($A439,COMPOSIÇÕES_IFMT!$A:$A,0)+1,4),\"\")","v":1},{"$f":"IFERROR(INDEX(SINAPI!$D:$D,MATCH($B441,SINAPI!$A:$A,0)),0)","v":52.98},{"$f":"IFERROR(F441*E441,0)","v":52.98}]
[{"$f":"IFERROR(INDEX(SINAPI!$E:$E,MATCH($B442,SINAPI!$A:$A,0)),\"\")","v":"COMPOSIÇÃO"},{"$f":"IF(IFERROR(INDEX(COMPOSIÇÕES_IFMT!$B:$B,MATCH($A439,COMPOSIÇÕES_IFMT!$A:$A,0)),\"\")<>\"\",OFFSET(COMPOSIÇÕES_IFMT!$A$1,MATCH($A439,COMPOSIÇÕES_IFMT!$A:$A,0)+2,1),\"\")","v":88247},{"$f":"IFERROR(INDEX(SINAPI!$B:$B,MATCH($B442,SINAPI!$A:$A,0)),\"\")","v":"AUXILIAR DE ELETRICISTA COM ENCARGOS COMPLEMENTARES"},{"$f":"IFERROR(INDEX(SINAPI!$C:$C,MATCH($B442,SINAPI!$A:$A,0)),\"\")","v":"H"},{"$f":"IF(IFERROR(INDEX(COMPOSIÇÕES_IFMT!$B:$B,MATCH($A439,COMPOSIÇÕES_IFMT!$A:$A,0)),\"\")<>\"\",OFFSET(COMPOSIÇÕES_IFMT!$A$1,MATCH($A439,COMPOSIÇÕES_IFMT!$A:$A,0)+2,4),\"\")","v":0.27300000000000002},{"$f":"IFERROR(INDEX(SINAPI!$D:$D,MATCH($B442,SINAPI!$A:$A,0)),0)","v":15.84},4.3243200000000002]
[{"$f":"IFERROR(INDEX(SINAPI!$E:$E,MATCH($B443,SINAPI!$A:$A,0)),\"\")","v":"COMPOSIÇÃO"},{"$f":"IF(IFERROR(INDEX(COMPOSIÇÕES_IFMT!$B:$B,MATCH($A439,COMPOSIÇÕES_IFMT!$A:$A,0)),\"\")<>\"\",OFFSET(COMPOSIÇÕES_IFMT!$A$1,MATCH($A439,COMPOSIÇÕES_IFMT!$A:$A,0)+3,1),\"\")","v":88264},{"$f":"IFERROR(INDEX(SINAPI!$B:$B,MATCH($B443,SINAPI!$A:$A,0)),\"\")","v":"ELETRICISTA COM ENCARGOS COMPLEMENTARES"},{"$f":"IFERROR(INDEX(SINAPI!$C:$C,MATCH($B443,SINAPI!$A:$A,0)),\"\")","v":"H"},{"$f":"IF(IFERROR(INDEX(COMPOSIÇÕES_IFMT!$B:$B,MATCH($A439,COMPOSIÇÕES_IFMT!$A:$A,0)),\"\")<>\"\",OFFSET(COMPOSIÇÕES_IFMT!$A$1,MATCH($A439,COMPOSIÇÕES_IFMT!$A:$A,0)+3,4),\"\")","v":0.27300000000000002},{"$f":"IFERROR(INDEX(SINAPI!$D:$D,MATCH($B443,SINAPI!$A:$A,0)),0)","v":20.52},5.6019600000000001]
[null,null,null,null,null,"TOTAL",{"$f":"SUM(G440:G443)","v":66.146280000000004}]
[]
[]
["CLASSE/TIPO","CÓDIGOS/ SINAPI","DESCRIÇÃO","UND","COEFICIENTE","PREÇO UNITÁRIO","PREÇO TOTAL"]
["IFMT 150.02.2020",{"$f":"IFERROR(INDEX(COMPOSIÇÕES_IFMT!$B:$B,MATCH($A448,COMPOSIÇÕES_IFMT!$A:$A,0)),\"\")","v":".150/E"},{"$f":"IFERROR(INDEX(COMPOSIÇÕES_IFMT!$C:$C,MATCH($A448,COMPOSIÇÕES_IFMT!$A:$A,0)),\"\")","v":"DISJUNTOR TRIPOLAR TIPO DIN, CORRENTE NOMINAL DE 40A - FORNECIMENTO E INSTALAÇÃO, CURVA D, CAPACIDADE DE INTERRUPÇÃO 3KA."},{"$f":"IFERROR(INDEX(COMPOSIÇÕES_IFMT!$D:$D,MATCH($A448,COMPOSIÇÕES_IFMT!$A:$A,0)),\"\")","v":"UN"},null,null,{"$f":"G453","v":71.252160000000003}]
[{"$f":"IFERROR(INDEX(SINAPI!$E:$E,MATCH($B449,SINAPI!$A:$A,0)),\"\")","v":"INSUMO"},{"$f":"IF(IFERROR(INDEX(COMPOSIÇÕES_IFMT!$B:$B,MATCH($A448,COMPOSIÇÕES_IFMT!$A:$A,0)),\"\")<>\"\",OFFSET(COMPOSIÇÕES_IFMT!$A$1,MATCH($A448,COMPOSIÇÕES_IFMT!$A:$A,0),1),\"\")","v":1574},{"$f":"IFERROR(INDEX(SINAPI!$B:$B,MATCH($B449,SINAPI!$A:$A,0)),\"\")","v":"TERMINAL A COMPRESSAO EM COBRE ESTANHADO PARA CABO 10 MM2, 1 FURO E 1 COMPRESSAO, PARA PARAFUSO DE FIXACAO M6"},{"$f":"IFERROR(INDEX(SINAPI!$C:$C,MATCH($B449,SINAPI!$A:$A,0)),\"\")","v":"UN    "},{"$f":"IF(IFERROR(INDEX(COMPOSIÇÕES_IFMT!$B:$B,MATCH($A448,COMPOSIÇÕES_IFMT!$A:$A,0)),\"\")<>\"\",OFFSET(COMPOSIÇÕES_IFMT!$A$1,MATCH($A448,COMPOSIÇÕES_IFMT!$A:$A,0),4),\"\")","v":3},{"$f":"IFERROR(INDEX(SINAPI!$D:$D,MATCH($B449,SINAPI!$A:$A,0)),0)","v":1.17},{"$f":"IFERROR(F449*E449,0)","v":3.51}]
[{"$f":"IFERROR(INDEX(SINAPI!$E:$E,MATCH($B450,SINAPI!$A:$A,0)),\"\")","v":"INSUMO"},{"$f":"IF(IFERROR(INDEX(COMPOSIÇÕES_IFMT!$B:$B,MATCH($A448,COMPOSIÇÕES_IFMT!$A:$A,0)),\"\")<>\"\",OFFSET(COMPOSIÇÕES_IFMT!$A$1,MATCH($A448,COMPOSIÇÕES_IFMT!$A:$A,0)+1,1),\"\")","v":34709},{"$f":"IFERROR(INDEX(SINAPI!$B:$B,MATCH($B450,SINAPI!$A:$A,0)),\"\")","v":"DISJUNTOR TIPO DIN/IEC, TRIPOLAR DE 10 ATE 50A"},{"$f":"IFERROR(INDEX(SINAPI!$C:$C,MATCH($B450,SINAPI!$A:$A,0)),\"\")","v":"UN    "},{"$f":"IF(IFERROR(INDEX(COMPOSIÇÕES_IFMT!$B:$B,MATCH($A448,COMPOSIÇÕES_IFMT!$A:$A,0)),\"\")<>\"\",OFFSET(COMPOSIÇÕES_IFMT!$A$1,MATCH($A448,COMPOSIÇÕES_IFMT!$A:$A,0)+1,4),\"\")","v":1},{"$f":"IFERROR(INDEX(SINAPI!$D:$D,MATCH($B450,SINAPI!$A:$A,0)),0)","v":52.98},{"$f":"IFERROR(F450*E450,0)","v":52.98}]
[{"$f":"IFERROR(INDEX(SINAPI!$E:$E,MATCH($B451,SINAPI!$A:$A,0)),\"\")","v":"COMPOSIÇÃO"},{"$f":"IF(IFERROR(INDEX(COMPOSIÇÕES_IFMT!$B:$B,MATCH($A448,COMPOSIÇÕES_IFMT!$A:$A,0)),\"\")<>\"\",OFFSET(COMPOSIÇÕES_IFMT!$A$1,MATCH($A448,COMPOSIÇÕES_IFMT!$A:$A,0)+2,1),\"\")","v":88247},{"$f":"IFERROR(INDEX(SINAPI!$B:$B,MATCH($B451,SINAPI!$A:$A,0)),\"\")","v":"AUXILIAR DE ELETRICISTA COM ENCARGOS COMPLEMENTARES"},{"$f":"IFERROR(INDEX(SINAPI!$C:$C,MATCH($B451,SINAPI!$A:$A,0)),\"\")","v":"H"},{"$f":"IF(IFERROR(INDEX(COMPOSIÇÕES_IFMT!$B:$B,MATCH($A448,COMPOSIÇÕES_IFMT!$A:$A,0)),\"\")<>\"\",OFFSET(COMPOSIÇÕES_IFMT!$A$1,MATCH($A448,COMPOSIÇÕES_IFMT!$A:$A,0)+2,4),\"\")","v":0.40600000000000003},{"$f":"IFERROR(INDEX(SINAPI!$D:$D,MATCH($B451,SINAPI!$A:$A,0)),0)","v":15.84},6.4310400000000003]
[{"$f":"IFERROR(INDEX(SINAPI!$E:$E,MATCH($B452,SINAPI!$A:$A,0)),\"\")","v":"COMPOSIÇÃO"},{"$f":"IF(IFERROR(INDEX(COMPOSIÇÕES_IFMT!$B:$B,MATCH($A448,COMPOSIÇÕES_IFMT!$A:$A,0)),\"\")<>\"\",OFFSET(COMPOSIÇÕES_IFMT!$A$1,MATCH($A448,COMPOSIÇÕES_IFMT!$A:$A,0)+3,1),\"\")","v":88264},{"$f":"IFERROR(INDEX(SINAPI!$B:$B,MATCH($B452,SINAPI!$A:$A,0)),\"\")","v":"ELETRICISTA COM ENCARGOS COMPLEMENTARES"},{"$f":"IFERROR(INDEX(SINAPI!$C:$C,MATCH($B452,SINAPI!$A:$A,0)),\"\")","v":"H"},{"$f":"IF(IFERROR(INDEX(COMPOSIÇÕES_IFMT!$B:$B,MATCH($A448,COMPOSIÇÕES_IFMT!$A:$A,0)),\"\")<>\"\",OFFSET(COMPOSIÇÕES_IFMT!$A$1,MATCH($A448,COMPOSIÇÕES_IFMT!$A:$A,0)+3,4),\"\")","v":0.40600000000000003},{"$f":"IFERROR(INDEX(SINAPI!$D:$D,MATCH($B452,SINAPI!$A:$A,0)),0)","v":20.52},8.3311200000000003]
[null,null,null,null,null,"TOTAL",{"$f":"SUM(G449:G452)","v":71.252160000000003}]
[]
[]
["CLASSE/TIPO","CÓDIGOS/ SINAPI","DESCRIÇÃO","UND","COEFICIENTE","PREÇO UNITÁRIO","PREÇO TOTAL"]
["IFMT 151.02.2020",{"$f":"IFERROR(INDEX(COMPOSIÇÕES_IFMT!$B:$B,MATCH($A457,COMPOSIÇÕES_IFMT!$A:$A,0)),\"\")","v":".151/E"},{"$f":"IFERROR(INDEX(COMPOSIÇÕES_IFMT!$C:$C,MATCH($A457,COMPOSIÇÕES_IFMT!$A:$A,0)),\"\")","v":"DISJUNTOR TRIPOLAR TIPO DIN, CORRENTE NOMINAL DE 50A - FORNECIMENTO E INSTALAÇÃO, CURVA D, CAPACIDADE DE INTERRUPÇÃO 3KA."},{"$f":"IFERROR(INDEX(COMPOSIÇÕES_IFMT!$D:$D,MATCH($A457,COMPOSIÇÕES_IFMT!$A:$A,0)),\"\")","v":"UN"},null,null,{"$f":"G462","v":77.772480000000002}]
[{"$f":"IFERROR(INDEX(SINAPI!$E:$E,MATCH($B458,SINAPI!$A:$A,0)),\"\")","v":"INSUMO"},{"$f":"IF(IFERROR(INDEX(COMPOSIÇÕES_IFMT!$B:$B,MATCH($A457,COMPOSIÇÕES_IFMT!$A:$A,0)),\"\")<>\"\",OFFSET(COMPOSIÇÕES_IFMT!$A$1,MATCH($A457,COMPOSIÇÕES_IFMT!$A:$A,0),1),\"\")","v":1575},{"$f":"IFERROR(INDEX(SINAPI!$B:$B,MATCH($B458,SINAPI!$A:$A,0)),\"\")","v":"TERMINAL A COMPRESSAO EM COBRE ESTANHADO PARA CABO 16 MM2, 1 FURO E 1 COMPRESSAO, PARA PARAFUSO DE FIXACAO M6"},{"$f":"IFERROR(INDEX(SINAPI!$C:$C,MATCH($B458,SINAPI!$A:$A,0)),\"\")","v":"UN    "},{"$f":"IF(IFERROR(INDEX(COMPOSIÇÕES_IFMT!$B:$B,MATCH($A457,COMPOSIÇÕES_IFMT!$A:$A,0)),\"\")<>\"\",OFFSET(COMPOSIÇÕES_IFMT!$A$1,MATCH($A457,COMPOSIÇÕES_IFMT!$A:$A,0),4),\"\")","v":3},{"$f":"IFERROR(INDEX(SINAPI!$D:$D,MATCH($B458,SINAPI!$A:$A,0)),0)","v":1.38},{"$f":"IFERROR(F458*E458,0)","v":4.1399999999999997}]
[{"$f":"IFERROR(INDEX(SINAPI!$E:$E,MATCH($B459,SINAPI!$A:$A,0)),\"\")","v":"INSUMO"},{"$f":"IF(IFERROR(INDEX(COMPOSIÇÕES_IFMT!$B:$B,MATCH($A457,COMPOSIÇÕES_IFMT!$A:$A,0)),\"\")<>\"\",OFFSET(COMPOSIÇÕES_IFMT!$A$1,MATCH($A457,COMPOSIÇÕES_IFMT!$A:$A,0)+1,1),\"\")","v":34709},{"$f":"IFERROR(INDEX(SINAPI!$B:$B,MATCH($B459,SINAPI!$A:$A,0)),\"\")","v":"DISJUNTOR TIPO DIN/IEC, TRIPOLAR DE 10 ATE 50A"},{"$f":"IFERROR(INDEX(SINAPI!$C:$C,MATCH($B459,SINAPI!$A:$A,0)),\"\")","v":"UN    "},{"$f":"IF(IFERROR(INDEX(COMPOSIÇÕES_IFMT!$B:$B,MATCH($A457,COMPOSIÇÕES_IFMT!$A:$A,0)),\"\")<>\"\",OFFSET(COMPOSIÇÕES_IFMT!$A$1,MATCH($A457,COMPOSIÇÕES_IFMT!$A:$A,0)+1,4),\"\")","v":1},{"$f":"IFERROR(INDEX(SINAPI!$D:$D,MATCH($B459,SINAPI!$A:$A,0)),0)","v":52.98},{"$f":"IFERROR(F459*E459,0)","v":52.98}]
[{"$f":"IFERROR(INDEX(SINAPI!$E:$E,MATCH($B460,SINAPI!$A:$A,0)),\"\")","v":"COMPOSIÇÃO"},{"$f":"IF(IFERROR(INDEX(COMPOSIÇÕES_IFMT!$B:$B,MATCH($A457,COMPOSIÇÕES_IFMT!$A:$A,0)),\"\")<>\"\",OFFSET(COMPOSIÇÕES_IFMT!$A$1,MATCH($A457,COMPOSIÇÕES_IFMT!$A:$A,0)+2,1),\"\")","v":88247},{"$f":"IFERROR(INDEX(SINAPI!$B:$B,MATCH($B460,SINAPI!$A:$A,0)),\"\")","v":"AUXILIAR DE ELETRICISTA COM ENCARGOS COMPLEMENTARES"},{"$f":"IFERROR(INDEX(SINAPI!$C:$C,MATCH($B460,SINAPI!$A:$A,0)),\"\")","v":"H"},{"$f":"IF(IFERROR(INDEX(COMPOSIÇÕES_IFMT!$B:$B,MATCH($A457,COMPOSIÇÕES_IFMT!$A:$A,0)),\"\")<>\"\",OFFSET(COMPOSIÇÕES_IFMT!$A$1,MATCH($A457,COMPOSIÇÕES_IFMT!$A:$A,0)+2,4),\"\")","v":0.56799999999999995},{"$f":"IFERROR(INDEX(SINAPI!$D:$D,MATCH($B460,SINAPI!$A:$A,0)),0)","v":15.84},8.9971199999999989]
[{"$f":"IFERROR(INDEX(SINAPI!$E:$E,MATCH($B461,SINAPI!$A:$A,0)),\"\")","v":"COMPOSIÇÃO"},{"$f":"IF(IFERROR(INDEX(COMPOSIÇÕES_IFMT!$B:$B,MATCH($A457,COMPOSIÇÕES_IFMT!$A:$A,0)),\"\")<>\"\",OFFSET(COMPOSIÇÕES_IFMT!$A$1,MATCH($A457,COMPOSIÇÕES_IFMT!$A:$A,0)+3,1),\"\")","v":88264},{"$f":"IFERROR(INDEX(SINAPI!$B:$B,MATCH($B461,SINAPI!$A:$A,0)),\"\")","v":"ELETRICISTA COM ENCARGOS COMPLEMENTARES"},{"$f":"IFERROR(INDEX(SINAPI!$C:$C,MATCH($B461,SINAPI!$A:$A,0)),\"\")","v":"H"},{"$f":"IF(IFERROR(INDEX(COMPOSIÇÕES_IFMT!$B:$B,MATCH($A457,COMPOSIÇÕES_IFMT!$A:$A,0)),\"\")<>\"\",OFFSET(COMPOSIÇÕES_IFMT!$A$1,MATCH($A457,COMPOSIÇÕES_IFMT!$A:$A,0)+3,4),\"\")","v":0.56799999999999995},{"$f":"IFERROR(INDEX(SINAPI!$D:$D,MATCH($B461,SINAPI!$A:$A,0)),0)","v":20.52},11.655359999999998]
[null,null,null,null,null,"TOTAL",{"$f":"SUM(G458:G461)","v":77.772480000000002}]
[]
[]
["CLASSE/TIPO","CÓDIGOS/ SINAPI","DESCRIÇÃO","UND","COEFICIENTE","PREÇO UNITÁRIO","PREÇO TOTAL"]
["IFMT 152.02.2020",{"$f":"IFERROR(INDEX(COMPOSIÇÕES_IFMT!$B:$B,MATCH($A466,COMPOSIÇÕES_IFMT!$A:$A,0)),\"\")","v":".152/E"},{"$f":"IFERROR(INDEX(COMPOSIÇÕES_IFMT!$C:$C,MATCH($A466,COMPOSIÇÕES_IFMT!$A:$A,0)),\"\")","v":"DISJUNTOR TRIPOLAR TIPO DIN, CORRENTE NOMINAL DE 50A - FORNECIMENTO E INSTALAÇÃO, CURVA D, CAPACIDADE DE INTERRUPÇÃO 8KA."},{"$f":"IFERROR(INDEX(COMPOSIÇÕES_IFMT!$D:$D,MATCH($A466,COMPOSIÇÕES_IFMT!$A:$A,0)),\"\")","v":"UN"},null,null,{"$f":"G471","v":77.772480000000002}]
[{"$f":"IFERROR(INDEX(SINAPI!$E:$E,MATCH($B467,SINAPI!$A:$A,0)),\"\")","v":"INSUMO"},{"$f":"IF(IFERROR(INDEX(COMPOSIÇÕES_IFMT!$B:$B,MATCH($A466,COMPOSIÇÕES_IFMT!$A:$A,0)),\"\")<>\"\",OFFSET(COMPOSIÇÕES_IFMT!$A$1,MATCH($A466,COMPOSIÇÕES_IFMT!$A:$A,0),1),\"\")","v":1575},{"$f":"IFERROR(INDEX(SINAPI!$B:$B,MATCH($B467,SINAPI!$A:$A,0)),\"\")","v":"TERMINAL A COMPRESSAO EM COBRE ESTANHADO PARA CABO 16 MM2, 1 FURO E 1 COMPRESSAO, PARA PARAFUSO DE FIXACAO M6"},{"$f":"IFERROR(INDEX(SINAPI!$C:$C,MATCH($B467,SINAPI!$A:$A,0)),\"\")","v":"UN    "},{"$f":"IF(IFERROR(INDEX(COMPOSIÇÕES_IFMT!$B:$B,MATCH($A466,COMPOSIÇÕES_IFMT!$A:$A,0)),\"\")<>\"\",OFFSET(COMPOSIÇÕES_IFMT!$A$1,MATCH($A466,COMPOSIÇÕES_IFMT!$A:$A,0),4),\"\")","v":3},{"$f":"IFERROR(INDEX(SINAPI!$D:$D,MATCH($B467,SINAPI!$A:$A,0)),0)","v":1.38},{"$f":"IFERROR(F467*E467,0)","v":4.1399999999999997}]
[{"$f":"IFERROR(INDEX(SINAPI!$E:$E,MATCH($B468,SINAPI!$A:$A,0)),\"\")","v":"INSUMO"},{"$f":"IF(IFERROR(INDEX(COMPOSIÇÕES_IFMT!$B:$B,MATCH($A466,COMPOSIÇÕES_IFMT!$A:$A,0)),\"\")<>\"\",OFFSET(COMPOSIÇÕES_IFMT!$A$1,MATCH($A466,COMPOSIÇÕES_IFMT!$A:$A,0)+1,1),\"\")","v":34709},{"$f":"IFERROR(INDEX(SINAPI!$B:$B,MATCH($B468,SINAPI!$A:$A,0)),\"\")","v":"DISJUNTOR TIPO DIN/IEC, TRIPOLAR DE 10 ATE 50A"},{"$f":"IFERROR(INDEX(SINAPI!$C:$C,MATCH($B468,SINAPI!$A:$A,0)),\"\")","v":"UN    "},{"$f":"IF(IFERROR(INDEX(COMPOSIÇÕES_IFMT!$B:$B,MATCH($A466,COMPOSIÇÕES_IFMT!$A:$A,0)),\"\")<>\"\",OFFSET(COMPOSIÇÕES_IFMT!$A$1,MATCH($A466,COMPOSIÇÕES_IFMT!$A:$A,0)+1,4),\"\")","v":1},{"$f":"IFERROR(INDEX(SINAPI!$D:$D,MATCH($B468,SINAPI!$A:$A,0)),0)","v":52.98},{"$f":"IFERROR(F468*E468,0)","v":52.98}]
[{"$f":"IFERROR(INDEX(SINAPI!$E:$E,MATCH($B469,SINAPI!$A:$A,0)),\"\")","v":"COMPOSIÇÃO"},{"$f":"IF(IFERROR(INDEX(COMPOSIÇÕES_IFMT!$B:$B,MATCH($A466,COMPOSIÇÕES_IFMT!$A:$A,0)),\"\")<>\"\",OFFSET(COMPOSIÇÕES_IFMT!$A$1,MATCH($A466,COMPOSIÇÕES_IFMT!$A:$A,0)+2,1),\"\")","v":88247},{"$f":"IFERROR(INDEX(SINAPI!$B:$B,MATCH($B469,SINAPI!$A:$A,0)),\"\")","v":"AUXILIAR DE ELETRICISTA COM ENCARGOS COMPLEMENTARES"},{"$f":"IFERROR(INDEX(SINAPI!$C:$C,MATCH($B469,SINAPI!$A:$A,0)),\"\")","v":"H"},{"$f":"IF(IFERROR(INDEX(COMPOSIÇÕES_IFMT!$B:$B,MATCH($A466,COMPOSIÇÕES_IFMT!$A:$A,0)),\"\")<>\"\",OFFSET(COMPOSIÇÕES_IFMT!$A$1,MATCH($A466,COMPOSIÇÕES_IFMT!$A:$A,0)+2,4),\"\")","v":0.56799999999999995},{"$f":"IFERROR(INDEX(SINAPI!$D:$D,MATCH($B469,SINAPI!$A:$A,0)),0)","v":15.84},8.9971199999999989]
[{"$f":"IFERROR(INDEX(SINAPI!$E:$E,MATCH($B470,SINAPI!$A:$A,0)),\"\")","v":"COMPOSIÇÃO"},{"$f":"IF(IFERROR(INDEX(COMPOSIÇÕES_IFMT!$B:$B,MATCH($A466,COMPOSIÇÕES_IFMT!$A:$A,0)),\"\")<>\"\",OFFSET(COMPOSIÇÕES_IFMT!$A$1,MATCH($A466,COMPOSIÇÕES_IFMT!$A:$A,0)+3,1),\"\")","v":88264},{"$f":"IFERROR(INDEX(SINAPI!$B:$B,MATCH($B470,SINAPI!$A:$A,0)),\"\")","v":"ELETRICISTA COM ENCARGOS COMPLEMENTARES"},{"$f":"IFERROR(INDEX(SINAPI!$C:$C,MATCH($B470,SINAPI!$A:$A,0)),\"\")","v":"H"},{"$f":"IF(IFERROR(INDEX(COMPOSIÇÕES_IFMT!$B:$B,MATCH($A466,COMPOSIÇÕES_IFMT!$A:$A,0)),\"\")<>\"\",OFFSET(COMPOSIÇÕES_IFMT!$A$1,MATCH($A466,COMPOSIÇÕES_IFMT!$A:$A,0)+3,4),\"\")","v":0.56799999999999995},{"$f":"IFERROR(INDEX(SINAPI!$D:$D,MATCH($B470,SINAPI!$A:$A,0)),0)","v":20.52},11.655359999999998]
[null,null,null,null,null,"TOTAL",{"$f":"SUM(G467:G470)","v":77.772480000000002}]
[]
[]
["CLASSE/TIPO","CÓDIGOS/ SINAPI","DESCRIÇÃO","UND","COEFICIENTE","PREÇO UNITÁRIO","PREÇO TOTAL"]
["IFMT 153.02.2020",{"$f":"IFERROR(INDEX(COMPOSIÇÕES_IFMT!$B:$B,MATCH($A475,COMPOSIÇÕES_IFMT!$A:$A,0)),\"\")","v":".153/E"},{"$f":"IFERROR(INDEX(COMPOSIÇÕES_IFMT!$C:$C,MATCH($A475,COMPOSIÇÕES_IFMT!$A:$A,0)),\"\")","v":"DISJUNTOR BIPOLAR TIPO DIN, CORRENTE NOMINAL DE 10A - FORNECIMENTO E INSTALAÇÃO, CURVA C, CAPACIDADE DE INTERRUPÇÃO 3KA."},{"$f":"IFERROR(INDEX(COMPOSIÇÕES_IFMT!$D:$D,MATCH($A475,COMPOSIÇÕES_IFMT!$A:$A,0)),\"\")","v":"UN"},null,null,{"$f":"G480","v":47.165200000000006}]
[{"$f":"IFERROR(INDEX(SINAPI!$E:$E,MATCH($B476,SINAPI!$A:$A,0)),\"\")","v":"INSUMO"},{"$f":"IF(IFERROR(INDEX(COMPOSIÇÕES_IFMT!$B:$B,MATCH($A475,COMPOSIÇÕES_IFMT!$A:$A,0)),\"\")<>\"\",OFFSET(COMPOSIÇÕES_IFMT!$A$1,MATCH($A475,COMPOSIÇÕES_IFMT!$A:$A,0),1),\"\")","v":1570},{"$f":"IFERROR(INDEX(SINAPI!$B:$B,MATCH($B476,SINAPI!$A:$A,0)),\"\")","v":"TERMINAL A COMPRESSAO EM COBRE ESTANHADO PARA CABO 2,5 MM2, 1 FURO E 1 COMPRESSAO, PARA PARAFUSO DE FIXACAO M5"},{"$f":"IFERROR(INDEX(SINAPI!$C:$C,MATCH($B476,SINAPI!$A:$A,0)),\"\")","v":"UN    "},{"$f":"IF(IFERROR(INDEX(COMPOSIÇÕES_IFMT!$B:$B,MATCH($A475,COMPOSIÇÕES_IFMT!$A:$A,0)),\"\")<>\"\",OFFSET(COMPOSIÇÕES_IFMT!$A$1,MATCH($A475,COMPOSIÇÕES_IFMT!$A:$A,0),4),\"\")","v":2},{"$f":"IFERROR(INDEX(SINAPI!$D:$D,MATCH($B476,SINAPI!$A:$A,0)),0)","v":0.69},{"$f":"IFERROR(F476*E476,0)","v":1.38}]
[{"$f":"IFERROR(INDEX(SINAPI!$E:$E,MATCH($B477,SINAPI!$A:$A,0)),\"\")","v":"INSUMO"},{"$f":"IF(IFERROR(INDEX(COMPOSIÇÕES_IFMT!$B:$B,MATCH($A475,COMPOSIÇÕES_IFMT!$A:$A,0)),\"\")<>\"\",OFFSET(COMPOSIÇÕES_IFMT!$A$1,MATCH($A475,COMPOSIÇÕES_IFMT!$A:$A,0)+1,1),\"\")","v":34616},{"$f":"IFERROR(INDEX(SINAPI!$B:$B,MATCH($B477,SINAPI!$A:$A,0)),\"\")","v":"DISJUNTOR TIPO DIN/IEC, BIPOLAR DE 6 ATE 32A"},{"$f":"IFERROR(INDEX(SINAPI!$C:$C,MATCH($B477,SINAPI!$A:$A,0)),\"\")","v":"UN    "},{"$f":"IF(IFERROR(INDEX(COMPOSIÇÕES_IFMT!$B:$B,MATCH($A475,COMPOSIÇÕES_IFMT!$A:$A,0)),\"\")<>\"\",OFFSET(COMPOSIÇÕES_IFMT!$A$1,MATCH($A475,COMPOSIÇÕES_IFMT!$A:$A,0)+1,4),\"\")","v":1},{"$f":"IFERROR(INDEX(SINAPI!$D:$D,MATCH($B477,SINAPI!$A:$A,0)),0)","v":43.24},{"$f":"IFERROR(F477*E477,0)","v":43.24}]
[{"$f":"IFERROR(INDEX(SINAPI!$E:$E,MATCH($B478,SINAPI!$A:$A,0)),\"\")","v":"COMPOSIÇÃO"},{"$f":"IF(IFERROR(INDEX(COMPOSIÇÕES_IFMT!$B:$B,MATCH($A475,COMPOSIÇÕES_IFMT!$A:$A,0)),\"\")<>\"\",OFFSET(COMPOSIÇÕES_IFMT!$A$1,MATCH($A475,COMPOSIÇÕES_IFMT!$A:$A,0)+2,1),\"\")","v":88247},{"$f":"IFERROR(INDEX(SINAPI!$B:$B,MATCH($B478,SINAPI!$A:$A,0)),\"\")","v":"AUXILIAR DE ELETRICISTA COM ENCARGOS COMPLEMENTARES"},{"$f":"IFERROR(INDEX(SINAPI!$C:$C,MATCH($B478,SINAPI!$A:$A,0)),\"\")","v":"H"},{"$f":"IF(IFERROR(INDEX(COMPOSIÇÕES_IFMT!$B:$B,MATCH($A475,COMPOSIÇÕES_IFMT!$A:$A,0)),\"\")<>\"\",OFFSET(COMPOSIÇÕES_IFMT!$A$1,MATCH($A475,COMPOSIÇÕES_IFMT!$A:$A,0)+2,4),\"\")","v":7.0000000000000007E-2},{"$f":"IFERROR(INDEX(SINAPI!$D:$D,MATCH($B478,SINAPI!$A:$A,0)),0)","v":15.84},1.1088]
[{"$f":"IFERROR(INDEX(SINAPI!$E:$E,MATCH($B479,SINAPI!$A:$A,0)),\"\")","v":"COMPOSIÇÃO"},{"$f":"IF(IFERROR(INDEX(COMPOSIÇÕES_IFMT!$B:$B,MATCH($A475,COMPOSIÇÕES_IFMT!$A:$A,0)),\"\")<>\"\",OFFSET(COMPOSIÇÕES_IFMT!$A$1,MATCH($A475,COMPOSIÇÕES_IFMT!$A:$A,0)+3,1),\"\")","v":88264},{"$f":"IFERROR(INDEX(SINAPI!$B:$B,MATCH($B479,SINAPI!$A:$A,0)),\"\")","v":"ELETRICISTA COM ENCARGOS COMPLEMENTARES"},{"$f":"IFERROR(INDEX(SINAPI!$C:$C,MATCH($B479,SINAPI!$A:$A,0)),\"\")","v":"H"},{"$f":"IF(IFERROR(INDEX(COMPOSIÇÕES_IFMT!$B:$B,MATCH($A475,COMPOSIÇÕES_IFMT!$A:$A,0)),\"\")<>\"\",OFFSET(COMPOSIÇÕES_IFMT!$A$1,MATCH($A475,COMPOSIÇÕES_IFMT!$A:$A,0)+3,4),\"\")","v":7.0000000000000007E-2},{"$f":"IFERROR(INDEX(SINAPI!$D:$D,MATCH($B479,SINAPI!$A:$A,0)),0)","v":20.52},1.4364000000000001]
[null,null,null,null,null,"TOTAL",{"$f":"SUM(G476:G479)","v":47.165200000000006}]
[]
[]
["CLASSE/TIPO","CÓDIGOS/ SINAPI","DESCRIÇÃO","UND","COEFICIENTE","PREÇO UNITÁRIO","PREÇO TOTAL"]
["IFMT 154.02.2020",{"$f":"IFERROR(INDEX(COMPOSIÇÕES_IFMT!$B:$B,MATCH($A484,COMPOSIÇÕES_IFMT!$A:$A,0)),\"\")","v":".154/E"},{"$f":"IFERROR(INDEX(COMPOSIÇÕES_IFMT!$C:$C,MATCH($A484,COMPOSIÇÕES_IFMT!$A:$A,0)),\"\")","v":"DISJUNTOR BIPOLAR TIPO DIN, CORRENTE NOMINAL DE 10A - FORNECIMENTO E INSTALAÇÃO, CURVA B, CAPACIDADE DE INTERRUPÇÃO 6KA."},{"$f":"IFERROR(INDEX(COMPOSIÇÕES_IFMT!$D:$D,MATCH($A484,COMPOSIÇÕES_IFMT!$A:$A,0)),\"\")","v":"UN"},null,null,{"$f":"G489","v":47.165200000000006}]
[{"$f":"IFERROR(INDEX(SINAPI!$E:$E,MATCH($B485,SINAPI!$A:$A,0)),\"\")","v":"INSUMO"},{"$f":"IF(IFERROR(INDEX(COMPOSIÇÕES_IFMT!$B:$B,MATCH($A484,COMPOSIÇÕES_IFMT!$A:$A,0)),\"\")<>\"\",OFFSET(COMPOSIÇÕES_IFMT!$A$1,MATCH($A484,COMPOSIÇÕES_IFMT!$A:$A,0),1),\"\")","v":1570},{"$f":"IFERROR(INDEX(SINAPI!$B:$B,MATCH($B485,SINAPI!$A:$A,0)),\"\")","v":"TERMINAL A COMPRESSAO EM COBRE ESTANHADO PARA CABO 2,5 MM2, 1 FURO E 1 COMPRESSAO, PARA PARAFUSO DE FIXACAO M5"},{"$f":"IFERROR(INDEX(SINAPI!$C:$C,MATCH($B485,SINAPI!$A:$A,0)),\"\")","v":"UN    "},{"$f":"IF(IFERROR(INDEX(COMPOSIÇÕES_IFMT!$B:$B,MATCH($A484,COMPOSIÇÕES_IFMT!$A:$A,0)),\"\")<>\"\",OFFSET(COMPOSIÇÕES_IFMT!$A$1,MATCH($A484,COMPOSIÇÕES_IFMT!$A:$A,0),4),\"\")","v":2},{"$f":"IFERROR(INDEX(SINAPI!$D:$D,MATCH($B485,SINAPI!$A:$A,0)),0)","v":0.69},{"$f":"IFERROR(F485*E485,0)","v":1.38}]
[{"$f":"IFERROR(INDEX(SINAPI!$E:$E,MATCH($B486,SINAPI!$A:$A,0)),\"\")","v":"INSUMO"},{"$f":"IF(IFERROR(INDEX(COMPOSIÇÕES_IFMT!$B:$B,MATCH($A484,COMPOSIÇÕES_IFMT!$A:$A,0)),\"\")<>\"\",OFFSET(COMPOSIÇÕES_IFMT!$A$1,MATCH($A484,COMPOSIÇÕES_IFMT!$A:$A,0)+1,1),\"\")","v":34616},{"$f":"IFERROR(INDEX(SINAPI!$B:$B,MATCH($B486,SINAPI!$A:$A,0)),\"\")","v":"DISJUNTOR TIPO DIN/IEC, BIPOLAR DE 6 ATE 32A"},{"$f":"IFERROR(INDEX(SINAPI!$C:$C,MATCH($B486,SINAPI!$A:$A,0)),\"\")","v":"UN    "},{"$f":"IF(IFERROR(INDEX(COMPOSIÇÕES_IFMT!$B:$B,MATCH($A484,COMPOSIÇÕES_IFMT!$A:$A,0)),\"\")<>\"\",OFFSET(COMPOSIÇÕES_IFMT!$A$1,MATCH($A484,COMPOSIÇÕES_IFMT!$A:$A,0)+1,4),\"\")","v":1},{"$f":"IFERROR(INDEX(SINAPI!$D:$D,MATCH($B486,SINAPI!$A:$A,0)),0)","v":43.24},{"$f":"IFERROR(F486*E486,0)","v":43.24}]
[{"$f":"IFERROR(INDEX(SINAPI!$E:$E,MATCH($B487,SINAPI!$A:$A,0)),\"\")","v":"COMPOSIÇÃO"},{"$f":"IF(IFERROR(INDEX(COMPOSIÇÕES_IFMT!$B:$B,MATCH($A484,COMPOSIÇÕES_IFMT!$A:$A,0)),\"\")<>\"\",OFFSET(COMPOSIÇÕES_IFMT!$A$1,MATCH($A484,COMPOSIÇÕES_IFMT!$A:$A,0)+2,1),\"\")","v":88247},{"$f":"IFERROR(INDEX(SINAPI!$B:$B,MATCH($B487,SINAPI!$A:$A,0)),\"\")","v":"AUXILIAR DE ELETRICISTA COM ENCARGOS COMPLEMENTARES"},{"$f":"IFERROR(INDEX(SINAPI!$C:$C,MATCH($B487,SINAPI!$A:$A,0)),\"\")","v":"H"},{"$f":"IF(IFERROR(INDEX(COMPOSIÇÕES_IFMT!$B:$B,MATCH($A484,COMPOSIÇÕES_IFMT!$A:$A,0)),\"\")<>\"\",OFFSET(COMPOSIÇÕES_IFMT!$A$1,MATCH($A484,COMPOSIÇÕES_IFMT!$A:$A,0)+2,4),\"\")","v":7.0000000000000007E-2},{"$f":"IFERROR(INDEX(SINAPI!$D:$D,MATCH($B487,SINAPI!$A:$A,0)),0)","v":15.84},1.1088]
[{"$f":"IFERROR(INDEX(SINAPI!$E:$E,MATCH($B488,SINAPI!$A:$A,0)),\"\")","v":"COMPOSIÇÃO"},{"$f":"IF(IFERROR(INDEX(COMPOSIÇÕES_IFMT!$B:$B,MATCH($A484,COMPOSIÇÕES_IFMT!$A:$A,0)),\"\")<>\"\",OFFSET(COMPOSIÇÕES_IFMT!$A$1,MATCH($A484,COMPOSIÇÕES_IFMT!$A:$A,0)+3,1),\"\")","v":88264},{"$f":"IFERROR(INDEX(SINAPI!$B:$B,MATCH($B488,SINAPI!$A:$A,0)),\"\")","v":"ELETRICISTA COM ENCARGOS COMPLEMENTARES"},{"$f":"IFERROR(INDEX(SINAPI!$C:$C,MATCH($B488,SINAPI!$A:$A,0)),\"\")","v":"H"},{"$f":"IF(IFERROR(INDEX(COMPOSIÇÕES_IFMT!$B:$B,MATCH($A484,COMPOSIÇÕES_IFMT!$A:$A,0)),\"\")<>\"\",OFFSET(COMPOSIÇÕES_IFMT!$A$1,MATCH($A484,COMPOSIÇÕES_IFMT!$A:$A,0)+3,4),\"\")","v":7.0000000000000007E-2},{"$f":"IFERROR(INDEX(SINAPI!$D:$D,MATCH($B488,SINAPI!$A:$A,0)),0)","v":20.52},1.4364000000000001]
[null,null,null,null,null,"TOTAL",{"$f":"SUM(G485:G488)","v":47.165200000000006}]
[]
[]
["CLASSE/TIPO","CÓDIGOS/ SINAPI","DESCRIÇÃO","UND","COEFICIENTE","PREÇO UNITÁRIO","PREÇO TOTAL"]
["IFMT 155.02.2020",{"$f":"IFERROR(INDEX(COMPOSIÇÕES_IFMT!$B:$B,MATCH($A493,COMPOSIÇÕES_IFMT!$A:$A,0)),\"\")","v":".155/E"},{"$f":"IFERROR(INDEX(COMPOSIÇÕES_IFMT!$C:$C,MATCH($A493,COMPOSIÇÕES_IFMT!$A:$A,0)),\"\")","v":"DISJUNTOR BIPOLAR TIPO DIN, CORRENTE NOMINAL DE 10A - FORNECIMENTO E INSTALAÇÃO, CURVA C, CAPACIDADE DE INTERRUPÇÃO 6KA."},{"$f":"IFERROR(INDEX(COMPOSIÇÕES_IFMT!$D:$D,MATCH($A493,COMPOSIÇÕES_IFMT!$A:$A,0)),\"\")","v":"UN"},null,null,{"$f":"G498","v":47.165200000000006}]
[{"$f":"IFERROR(INDEX(SINAPI!$E:$E,MATCH($B494,SINAPI!$A:$A,0)),\"\")","v":"INSUMO"},{"$f":"IF(IFERROR(INDEX(COMPOSIÇÕES_IFMT!$B:$B,MATCH($A493,COMPOSIÇÕES_IFMT!$A:$A,0)),\"\")<>\"\",OFFSET(COMPOSIÇÕES_IFMT!$A$1,MATCH($A493,COMPOSIÇÕES_IFMT!$A:$A,0),1),\"\")","v":1570},{"$f":"IFERROR(INDEX(SINAPI!$B:$B,MATCH($B494,SINAPI!$A:$A,0)),\"\")","v":"TERMINAL A COMPRESSAO EM COBRE ESTANHADO PARA CABO 2,5 MM2, 1 FURO E 1 COMPRESSAO, PARA PARAFUSO DE FIXACAO M5"},{"$f":"IFERROR(INDEX(SINAPI!$C:$C,MATCH($B494,SINAPI!$A:$A,0)),\"\")","v":"UN    "},{"$f":"IF(IFERROR(INDEX(COMPOSIÇÕES_IFMT!$B:$B,MATCH($A493,COMPOSIÇÕES_IFMT!$A:$A,0)),\"\")<>\"\",OFFSET(COMPOSIÇÕES_IFMT!$A$1,MATCH($A493,COMPOSIÇÕES_IFMT!$A:$A,0),4),\"\")","v":2},{"$f":"IFERROR(INDEX(SINAPI!$D:$D,MATCH($B494,SINAPI!$A:$A,0)),0)","v":0.69},{"$f":"IFERROR(F494*E494,0)","v":1.38}]
[{"$f":"IFERROR(INDEX(SINAPI!$E:$E,MATCH($B495,SINAPI!$A:$A,0)),\"\")","v":"INSUMO"},{"$f":"IF(IFERROR(INDEX(COMPOSIÇÕES_IFMT!$B:$B,MATCH($A493,COMPOSIÇÕES_IFMT!$A:$A,0)),\"\")<>\"\",OFFSET(COMPOSIÇÕES_IFMT!$A$1,MATCH($A493,COMPOSIÇÕES_IFMT!$A:$A,0)+1,1),\"\")","v":34616},{"$f":"IFERROR(INDEX(SINAPI!$B:$B,MATCH($B495,SINAPI!$A:$A,0)),\"\")","v":"DISJUNTOR TIPO DIN/IEC, BIPOLAR DE 6 ATE 32A"},{"$f":"IFERROR(INDEX(SINAPI!$C:$C,MATCH($B495,SINAPI!$A:$A,0)),\"\")","v":"UN    "},{"$f":"IF(IFERROR(INDEX(COMPOSIÇÕES_IFMT!$B:$B,MATCH($A493,COMPOSIÇÕES_IFMT!$A:$A,0)),\"\")<>\"\",OFFSET(COMPOSIÇÕES_IFMT!$A$1,MATCH($A493,COMPOSIÇÕES_IFMT!$A:$A,0)+1,4),\"\")","v":1},{"$f":"IFERROR(INDEX(SINAPI!$D:$D,MATCH($B495,SINAPI!$A:$A,0)),0)","v":43.24},{"$f":"IFERROR(F495*E495,0)","v":43.24}]
[{"$f":"IFERROR(INDEX(SINAPI!$E:$E,MATCH($B496,SINAPI!$A:$A,0)),\"\")","v":"COMPOSIÇÃO"},{"$f":"IF(IFERROR(INDEX(COMPOSIÇÕES_IFMT!$B:$B,MATCH($A493,COMPOSIÇÕES_IFMT!$A:$A,0)),\"\")<>\"\",OFFSET(COMPOSIÇÕES_IFMT!$A$1,MATCH($A493,COMPOSIÇÕES_IFMT!$A:$A,0)+2,1),\"\")","v":88247},{"$f":"IFERROR(INDEX(SINAPI!$B:$B,MATCH($B496,SINAPI!$A:$A,0)),\"\")","v":"AUXILIAR DE ELETRICISTA COM ENCARGOS COMPLEMENTARES"},{"$f":"IFERROR(INDEX(SINAPI!$C:$C,MATCH($B496,SINAPI!$A:$A,0)),\"\")","v":"H"},{"$f":"IF(IFERROR(INDEX(COMPOSIÇÕES_IFMT!$B:$B,MATCH($A493,COMPOSIÇÕES_IFMT!$A:$A,0)),\"\")<>\"\",OFFSET(COMPOSIÇÕES_IFMT!$A$1,MATCH($A493,COMPOSIÇÕES_IFMT!$A:$A,0)+2,4),\"\")","v":7.0000000000000007E-2},{"$f":"IFERROR(INDEX(SINAPI!$D:$D,MATCH($B496,SINAPI!$A:$A,0)),0)","v":15.84},1.1088]
[{"$f":"IFERROR(INDEX(SINAPI!$E:$E,MATCH($B497,SINAPI!$A:$A,0)),\"\")","v":"COMPOSIÇÃO"},{"$f":"IF(IFERROR(INDEX(COMPOSIÇÕES_IFMT!$B:$B,MATCH($A493,COMPOSIÇÕES_IFMT!$A:$A,0)),\"\")<>\"\",OFFSET(COMPOSIÇÕES_IFMT!$A$1,MATCH($A493,COMPOSIÇÕES_IFMT!$A:$A,0)+3,1),\"\")","v":88264},{"$f":"IFERROR(INDEX(SINAPI!$B:$B,MATCH($B497,SINAPI!$A:$A,0)),\"\")","v":"ELETRICISTA COM ENCARGOS COMPLEMENTARES"},{"$f":"IFERROR(INDEX(SINAPI!$C:$C,MATCH($B497,SINAPI!$A:$A,0)),\"\")","v":"H"},{"$f":"IF(IFERROR(INDEX(COMPOSIÇÕES_IFMT!$B:$B,MATCH($A493,COMPOSIÇÕES_IFMT!$A:$A,0)),\"\")<>\"\",OFFSET(COMPOSIÇÕES_IFMT!$A$1,MATCH($A493,COMPOSIÇÕES_IFMT!$A:$A,0)+3,4),\"\")","v":7.0000000000000007E-2},{"$f":"IFERROR(INDEX(SINAPI!$D:$D,MATCH($B497,SINAPI!$A:$A,0)),0)","v":20.52},1.4364000000000001]
[null,null,null,null,null,"TOTAL",{"$f":"SUM(G494:G497)","v":47.165200000000006}]
[]
[]
["CLASSE/TIPO","CÓDIGOS/ SINAPI","DESCRIÇÃO","UND","COEFICIENTE","PREÇO UNITÁRIO","PREÇO TOTAL"]
["IFMT 156.02.2020",{"$f":"IFERROR(INDEX(COMPOSIÇÕES_IFMT!$B:$B,MATCH($A502,COMPOSIÇÕES_IFMT!$A:$A,0)),\"\")","v":".156/E"},{"$f":"IFERROR(INDEX(COMPOSIÇÕES_IFMT!$C:$C,MATCH($A502,COMPOSIÇÕES_IFMT!$A:$A,0)),\"\")","v":"DISJUNTOR BIPOLAR TIPO DIN, CORRENTE NOMINAL DE 10A - FORNECIMENTO E INSTALAÇÃO, CURVA B, CAPACIDADE DE INTERRUPÇÃO 8KA."},{"$f":"IFERROR(INDEX(COMPOSIÇÕES_IFMT!$D:$D,MATCH($A502,COMPOSIÇÕES_IFMT!$A:$A,0)),\"\")","v":"UN"},null,null,{"$f":"G507","v":47.165200000000006}]
[{"$f":"IFERROR(INDEX(SINAPI!$E:$E,MATCH($B503,SINAPI!$A:$A,0)),\"\")","v":"INSUMO"},{"$f":"IF(IFERROR(INDEX(COMPOSIÇÕES_IFMT!$B:$B,MATCH($A502,COMPOSIÇÕES_IFMT!$A:$A,0)),\"\")<>\"\",OFFSET(COMPOSIÇÕES_IFMT!$A$1,MATCH($A502,COMPOSIÇÕES_IFMT!$A:$A,0),1),\"\")","v":1570},{"$f":"IFERROR(INDEX(SINAPI!$B:$B,MATCH($B503,SINAPI!$A:$A,0)),\"\")","v":"TERMINAL A COMPRESSAO EM COBRE ESTANHADO PARA CABO 2,5 MM2, 1 FURO E 1 COMPRESSAO, PARA PARAFUSO DE FIXACAO M5"},{"$f":"IFERROR(INDEX(SINAPI!$C:$C,MATCH($B503,SINAPI!$A:$A,0)),\"\")","v":"UN    "},{"$f":"IF(IFERROR(INDEX(COMPOSIÇÕES_IFMT!$B:$B,MATCH($A502,COMPOSIÇÕES_IFMT!$A:$A,0)),\"\")<>\"\",OFFSET(COMPOSIÇÕES_IFMT!$A$1,MATCH($A502,COMPOSIÇÕES_IFMT!$A:$A,0),4),\"\")","v":2},{"$f":"IFERROR(INDEX(SINAPI!$D:$D,MATCH($B503,SINAPI!$A:$A,0)),0)","v":0.69},{"$f":"IFERROR(F503*E503,0)","v":1.38}]
[{"$f":"IFERROR(INDEX(SINAPI!$E:$E,MATCH($B504,SINAPI!$A:$A,0)),\"\")","v":"INSUMO"},{"$f":"IF(IFERROR(INDEX(COMPOSIÇÕES_IFMT!$B:$B,MATCH($A502,COMPOSIÇÕES_IFMT!$A:$A,0)),\"\")<>\"\",OFFSET(COMPOSIÇÕES_IFMT!$A$1,MATCH($A502,COMPOSIÇÕES_IFMT!$A:$A,0)+1,1),\"\")","v":34616},{"$f":"IFERROR(INDEX(SINAPI!$B:$B,MATCH($B504,SINAPI!$A:$A,0)),\"\")","v":"DISJUNTOR TIPO DIN/IEC, BIPOLAR DE 6 ATE 32A"},{"$f":"IFERROR(INDEX(SINAPI!$C:$C,MATCH($B504,SINAPI!$A:$A,0)),\"\")","v":"UN    "},{"$f":"IF(IFERROR(INDEX(COMPOSIÇÕES_IFMT!$B:$B,MATCH($A502,COMPOSIÇÕES_IFMT!$A:$A,0)),\"\")<>\"\",OFFSET(COMPOSIÇÕES_IFMT!$A$1,MATCH($A502,COMPOSIÇÕES_IFMT!$A:$A,0)+1,4),\"\")","v":1},{"$f":"IFERROR(INDEX(SINAPI!$D:$D,MATCH($B504,SINAPI!$A:$A,0)),0)","v":43.24},{"$f":"IFERROR(F504*E504,0)","v":43.24}]
[{"$f":"IFERROR(INDEX(SINAPI!$E:$E,MATCH($B505,SINAPI!$A:$A,0)),\"\")","v":"COMPOSIÇÃO"},{"$f":"IF(IFERROR(INDEX(COMPOSIÇÕES_IFMT!$B:$B,MATCH($A502,COMPOSIÇÕES_IFMT!$A:$A,0)),\"\")<>\"\",OFFSET(COMPOSIÇÕES_IFMT!$A$1,MATCH($A502,COMPOSIÇÕES_IFMT!$A:$A,0)+2,1),\"\")","v":88247},{"$f":"IFERROR(INDEX(SINAPI!$B:$B,MATCH($B505,SINAPI!$A:$A,0)),\"\")","v":"AUXILIAR DE ELETRICISTA COM ENCARGOS COMPLEMENTARES"},{"$f":"IFERROR(INDEX(SINAPI!$C:$C,MATCH($B505,SINAPI!$A:$A,0)),\"\")","v":"H"},{"$f":"IF(IFERROR(INDEX(COMPOSIÇÕES_IFMT!$B:$B,MATCH($A502,COMPOSIÇÕES_IFMT!$A:$A,0)),\"\")<>\"\",OFFSET(COMPOSIÇÕES_IFMT!$A$1,MATCH($A502,COMPOSIÇÕES_IFMT!$A:$A,0)+2,4),\"\")","v":7.0000000000000007E-2},{"$f":"IFERROR(INDEX(SINAPI!$D:$D,MATCH($B505,SINAPI!$A:$A,0)),0)","v":15.84},1.1088]
[{"$f":"IFERROR(INDEX(SINAPI!$E:$E,MATCH($B506,SINAPI!$A:$A,0)),\"\")","v":"COMPOSIÇÃO"},{"$f":"IF(IFERROR(INDEX(COMPOSIÇÕES_IFMT!$B:$B,MATCH($A502,COMPOSIÇÕES_IFMT!$A:$A,0)),\"\")<>\"\",OFFSET(COMPOSIÇÕES_IFMT!$A$1,MATCH($A502,COMPOSIÇÕES_IFMT!$A:$A,0)+3,1),\"\")","v":88264},{"$f":"IFERROR(INDEX(SINAPI!$B:$B,MATCH($B506,SINAPI!$A:$A,0)),\"\")","v":"ELETRICISTA COM ENCARGOS COMPLEMENTARES"},{"$f":"IFERROR(INDEX(SINAPI!$C:$C,MATCH($B506,SINAPI!$A:$A,0)),\"\")","v":"H"},{"$f":"IF(IFERROR(INDEX(COMPOSIÇÕES_IFMT!$B:$B,MATCH($A502,COMPOSIÇÕES_IFMT!$A:$A,0)),\"\")<>\"\",OFFSET(COMPOSIÇÕES_IFMT!$A$1,MATCH($A502,COMPOSIÇÕES_IFMT!$A:$A,0)+3,4),\"\")","v":7.0000000000000007E-2},{"$f":"IFERROR(INDEX(SINAPI!$D:$D,MATCH($B506,SINAPI!$A:$A,0)),0)","v":20.52},1.4364000000000001]
[null,null,null,null,null,"TOTAL",{"$f":"SUM(G503:G506)","v":47.165200000000006}]
[]
[]
["CLASSE/TIPO","CÓDIGOS/ SINAPI","DESCRIÇÃO","UND","COEFICIENTE","PREÇO UNITÁRIO","PREÇO TOTAL"]
["IFMT 157.02.2020",{"$f":"IFERROR(INDEX(COMPOSIÇÕES_IFMT!$B:$B,MATCH($A511,COMPOSIÇÕES_IFMT!$A:$A,0)),\"\")","v":".157/E"},{"$f":"IFERROR(INDEX(COMPOSIÇÕES_IFMT!$C:$C,MATCH($A511,COMPOSIÇÕES_IFMT!$A:$A,0)),\"\")","v":"DISJUNTOR BIPOLAR TIPO DIN, CORRENTE NOMINAL DE 10A - FORNECIMENTO E INSTALAÇÃO, CURVA C, CAPACIDADE DE INTERRUPÇÃO 8KA."},{"$f":"IFERROR(INDEX(COMPOSIÇÕES_IFMT!$D:$D,MATCH($A511,COMPOSIÇÕES_IFMT!$A:$A,0)),\"\")","v":"UN"},null,null,{"$f":"G516","v":47.165200000000006}]
[{"$f":"IFERROR(INDEX(SINAPI!$E:$E,MATCH($B512,SINAPI!$A:$A,0)),\"\")","v":"INSUMO"},{"$f":"IF(IFERROR(INDEX(COMPOSIÇÕES_IFMT!$B:$B,MATCH($A511,COMPOSIÇÕES_IFMT!$A:$A,0)),\"\")<>\"\",OFFSET(COMPOSIÇÕES_IFMT!$A$1,MATCH($A511,COMPOSIÇÕES_IFMT!$A:$A,0),1),\"\")","v":1570},{"$f":"IFERROR(INDEX(SINAPI!$B:$B,MATCH($B512,SINAPI!$A:$A,0)),\"\")","v":"TERMINAL A COMPRESSAO EM COBRE ESTANHADO PARA CABO 2,5 MM2, 1 FURO E 1 COMPRESSAO, PARA PARAFUSO DE FIXACAO M5"},{"$f":"IFERROR(INDEX(SINAPI!$C:$C,MATCH($B512,SINAPI!$A:$A,0)),\"\")","v":"UN    "},{"$f":"IF(IFERROR(INDEX(COMPOSIÇÕES_IFMT!$B:$B,MATCH($A511,COMPOSIÇÕES_IFMT!$A:$A,0)),\"\")<>\"\",OFFSET(COMPOSIÇÕES_IFMT!$A$1,MATCH($A511,COMPOSIÇÕES_IFMT!$A:$A,0),4),\"\")","v":2},{"$f":"IFERROR(INDEX(SINAPI!$D:$D,MATCH($B512,SINAPI!$A:$A,0)),0)","v":0.69},{"$f":"IFERROR(F512*E512,0)","v":1.38}]
[{"$f":"IFERROR(INDEX(SINAPI!$E:$E,MATCH($B513,SINAPI!$A:$A,0)),\"\")","v":"INSUMO"},{"$f":"IF(IFERROR(INDEX(COMPOSIÇÕES_IFMT!$B:$B,MATCH($A511,COMPOSIÇÕES_IFMT!$A:$A,0)),\"\")<>\"\",OFFSET(COMPOSIÇÕES_IFMT!$A$1,MATCH($A511,COMPOSIÇÕES_IFMT!$A:$A,0)+1,1),\"\")","v":34616},{"$f":"IFERROR(INDEX(SINAPI!$B:$B,MATCH($B513,SINAPI!$A:$A,0)),\"\")","v":"DISJUNTOR TIPO DIN/IEC, BIPOLAR DE 6 ATE 32A"},{"$f":"IFERROR(INDEX(SINAPI!$C:$C,MATCH($B513,SINAPI!$A:$A,0)),\"\")","v":"UN    "},{"$f":"IF(IFERROR(INDEX(COMPOSIÇÕES_IFMT!$B:$B,MATCH($A511,COMPOSIÇÕES_IFMT!$A:$A,0)),\"\")<>\"\",OFFSET(COMPOSIÇÕES_IFMT!$A$1,MATCH($A511,COMPOSIÇÕES_IFMT!$A:$A,0)+1,4),\"\")","v":1},{"$f":"IFERROR(INDEX(SINAPI!$D:$D,MATCH($B513,SINAPI!$A:$A,0)),0)","v":43.24},{"$f":"IFERROR(F513*E513,0)","v":43.24}]
[{"$f":"IFERROR(INDEX(SINAPI!$E:$E,MATCH($B514,SINAPI!$A:$A,0)),\"\")","v":"COMPOSIÇÃO"},{"$f":"IF(IFERROR(INDEX(COMPOSIÇÕES_IFMT!$B:$B,MATCH($A511,COMPOSIÇÕES_IFMT!$A:$A,0)),\"\")<>\"\",OFFSET(COMPOSIÇÕES_IFMT!$A$1,MATCH($A511,COMPOSIÇÕES_IFMT!$A:$A,0)+2,1),\"\")","v":88247},{"$f":"IFERROR(INDEX(SINAPI!$B:$B,MATCH($B514,SINAPI!$A:$A,0)),\"\")","v":"AUXILIAR DE ELETRICISTA COM ENCARGOS COMPLEMENTARES"},{"$f":"IFERROR(INDEX(SINAPI!$C:$C,MATCH($B514,SINAPI!$A:$A,0)),\"\")","v":"H"},{"$f":"IF(IFERROR(INDEX(COMPOSIÇÕES_IFMT!$B:$B,MATCH($A511,COMPOSIÇÕES_IFMT!$A:$A,0)),\"\")<>\"\",OFFSET(COMPOSIÇÕES_IFMT!$A$1,MATCH($A511,COMPOSIÇÕES_IFMT!$A:$A,0)+2,4),\"\")","v":7.0000000000000007E-2},{"$f":"IFERROR(INDEX(SINAPI!$D:$D,MATCH($B514,SINAPI!$A:$A,0)),0)","v":15.84},1.1088]
[{"$f":"IFERROR(INDEX(SINAPI!$E:$E,MATCH($B515,SINAPI!$A:$A,0)),\"\")","v":"COMPOSIÇÃO"},{"$f":"IF(IFERROR(INDEX(COMPOSIÇÕES_IFMT!$B:$B,MATCH($A511,COMPOSIÇÕES_IFMT!$A:$A,0)),\"\")<>\"\",OFFSET(COMPOSIÇÕES_IFMT!$A$1,MATCH($A511,COMPOSIÇÕES_IFMT!$A:$A,0)+3,1),\"\")","v":88264},{"$f":"IFERROR(INDEX(SINAPI!$B:$B,MATCH($B515,SINAPI!$A:$A,0)),\"\")","v":"ELETRICISTA COM ENCARGOS COMPLEMENTARES"},{"$f":"IFERROR(INDEX(SINAPI!$C:$C,MATCH($B515,SINAPI!$A:$A,0)),\"\")","v":"H"},{"$f":"IF(IFERROR(INDEX(COMPOSIÇÕES_IFMT!$B:$B,MATCH($A511,COMPOSIÇÕES_IFMT!$A:$A,0)),\"\")<>\"\",OFFSET(COMPOSIÇÕES_IFMT!$A$1,MATCH($A511,COMPOSIÇÕES_IFMT!$A:$A,0)+3,4),\"\")","v":7.0000000000000007E-2},{"$f":"IFERROR(INDEX(SINAPI!$D:$D,MATCH($B515,SINAPI!$A:$A,0)),0)","v":20.52},1.4364000000000001]
[null,null,null,null,null,"TOTAL",{"$f":"SUM(G512:G515)","v":47.165200000000006}]
[]
[]
["CLASSE/TIPO","CÓDIGOS/ SINAPI","DESCRIÇÃO","UND","COEFICIENTE","PREÇO UNITÁRIO","PREÇO TOTAL"]
["IFMT 158.02.2020",{"$f":"IFERROR(INDEX(COMPOSIÇÕES_IFMT!$B:$B,MATCH($A520,COMPOSIÇÕES_IFMT!$A:$A,0)),\"\")","v":".158/E"},{"$f":"IFERROR(INDEX(COMPOSIÇÕES_IFMT!$C:$C,MATCH($A520,COMPOSIÇÕES_IFMT!$A:$A,0)),\"\")","v":"DISJUNTOR BIPOLAR TIPO DIN, CORRENTE NOMINAL DE 16A - FORNECIMENTO E INSTALAÇÃO, CURVA B, CAPACIDADE DE INTERRUPÇÃO 3KA."},{"$f":"IFERROR(INDEX(COMPOSIÇÕES_IFMT!$D:$D,MATCH($A520,COMPOSIÇÕES_IFMT!$A:$A,0)),\"\")","v":"UN"},null,null,{"$f":"G525","v":48.074200000000005}]
[{"$f":"IFERROR(INDEX(SINAPI!$E:$E,MATCH($B521,SINAPI!$A:$A,0)),\"\")","v":"INSUMO"},{"$f":"IF(IFERROR(INDEX(COMPOSIÇÕES_IFMT!$B:$B,MATCH($A520,COMPOSIÇÕES_IFMT!$A:$A,0)),\"\")<>\"\",OFFSET(COMPOSIÇÕES_IFMT!$A$1,MATCH($A520,COMPOSIÇÕES_IFMT!$A:$A,0),1),\"\")","v":1570},{"$f":"IFERROR(INDEX(SINAPI!$B:$B,MATCH($B521,SINAPI!$A:$A,0)),\"\")","v":"TERMINAL A COMPRESSAO EM COBRE ESTANHADO PARA CABO 2,5 MM2, 1 FURO E 1 COMPRESSAO, PARA PARAFUSO DE FIXACAO M5"},{"$f":"IFERROR(INDEX(SINAPI!$C:$C,MATCH($B521,SINAPI!$A:$A,0)),\"\")","v":"UN    "},{"$f":"IF(IFERROR(INDEX(COMPOSIÇÕES_IFMT!$B:$B,MATCH($A520,COMPOSIÇÕES_IFMT!$A:$A,0)),\"\")<>\"\",OFFSET(COMPOSIÇÕES_IFMT!$A$1,MATCH($A520,COMPOSIÇÕES_IFMT!$A:$A,0),4),\"\")","v":2},{"$f":"IFERROR(INDEX(SINAPI!$D:$D,MATCH($B521,SINAPI!$A:$A,0)),0)","v":0.69},{"$f":"IFERROR(F521*E521,0)","v":1.38}]
[{"$f":"IFERROR(INDEX(SINAPI!$E:$E,MATCH($B522,SINAPI!$A:$A,0)),\"\")","v":"INSUMO"},{"$f":"IF(IFERROR(INDEX(COMPOSIÇÕES_IFMT!$B:$B,MATCH($A520,COMPOSIÇÕES_IFMT!$A:$A,0)),\"\")<>\"\",OFFSET(COMPOSIÇÕES_IFMT!$A$1,MATCH($A520,COMPOSIÇÕES_IFMT!$A:$A,0)+1,1),\"\")","v":34616},{"$f":"IFERROR(INDEX(SINAPI!$B:$B,MATCH($B522,SINAPI!$A:$A,0)),\"\")","v":"DISJUNTOR TIPO DIN/IEC, BIPOLAR DE 6 ATE 32A"},{"$f":"IFERROR(INDEX(SINAPI!$C:$C,MATCH($B522,SINAPI!$A:$A,0)),\"\")","v":"UN    "},{"$f":"IF(IFERROR(INDEX(COMPOSIÇÕES_IFMT!$B:$B,MATCH($A520,COMPOSIÇÕES_IFMT!$A:$A,0)),\"\")<>\"\",OFFSET(COMPOSIÇÕES_IFMT!$A$1,MATCH($A520,COMPOSIÇÕES_IFMT!$A:$A,0)+1,4),\"\")","v":1},{"$f":"IFERROR(INDEX(SINAPI!$D:$D,MATCH($B522,SINAPI!$A:$A,0)),0)","v":43.24},{"$f":"IFERROR(F522*E522,0)","v":43.24}]
[{"$f":"IFERROR(INDEX(SINAPI!$E:$E,MATCH($B523,SINAPI!$A:$A,0)),\"\")","v":"COMPOSIÇÃO"},{"$f":"IF(IFERROR(INDEX(COMPOSIÇÕES_IFMT!$B:$B,MATCH($A520,COMPOSIÇÕES_IFMT!$A:$A,0)),\"\")<>\"\",OFFSET(COMPOSIÇÕES_IFMT!$A$1,MATCH($A520,COMPOSIÇÕES_IFMT!$A:$A,0)+2,1),\"\")","v":88247},{"$f":"IFERROR(INDEX(SINAPI!$B:$B,MATCH($B523,SINAPI!$A:$A,0)),\"\")","v":"AUXILIAR DE ELETRICISTA COM ENCARGOS COMPLEMENTARES"},{"$f":"IFERROR(INDEX(SINAPI!$C:$C,MATCH($B523,SINAPI!$A:$A,0)),\"\")","v":"H"},{"$f":"IF(IFERROR(INDEX(COMPOSIÇÕES_IFMT!$B:$B,MATCH($A520,COMPOSIÇÕES_IFMT!$A:$A,0)),\"\")<>\"\",OFFSET(COMPOSIÇÕES_IFMT!$A$1,MATCH($A520,COMPOSIÇÕES_IFMT!$A:$A,0)+2,4),\"\")","v":9.5000000000000001E-2},{"$f":"IFERROR(INDEX(SINAPI!$D:$D,MATCH($B523,SINAPI!$A:$A,0)),0)","v":15.84},1.5047999999999999]
[{"$f":"IFERROR(INDEX(SINAPI!$E:$E,MATCH($B524,SINAPI!$A:$A,0)),\"\")","v":"COMPOSIÇÃO"},{"$f":"IF(IFERROR(INDEX(COMPOSIÇÕES_IFMT!$B:$B,MATCH($A520,COMPOSIÇÕES_IFMT!$A:$A,0)),\"\")<>\"\",OFFSET(COMPOSIÇÕES_IFMT!$A$1,MATCH($A520,COMPOSIÇÕES_IFMT!$A:$A,0)+3,1),\"\")","v":88264},{"$f":"IFERROR(INDEX(SINAPI!$B:$B,MATCH($B524,SINAPI!$A:$A,0)),\"\")","v":"ELETRICISTA COM ENCARGOS COMPLEMENTARES"},{"$f":"IFERROR(INDEX(SINAPI!$C:$C,MATCH($B524,SINAPI!$A:$A,0)),\"\")","v":"H"},{"$f":"IF(IFERROR(INDEX(COMPOSIÇÕES_IFMT!$B:$B,MATCH($A520,COMPOSIÇÕES_IFMT!$A:$A,0)),\"\")<>\"\",OFFSET(COMPOSIÇÕES_IFMT!$A$1,MATCH($A520,COMPOSIÇÕES_IFMT!$A:$A,0)+3,4),\"\")","v":9.5000000000000001E-2},{"$f":"IFERROR(INDEX(SINAPI!$D:$D,MATCH($B524,SINAPI!$A:$A,0)),0)","v":20.52},1.9494]
[null,null,null,null,null,"TOTAL",{"$f":"SUM(G521:G524)","v":48.074200000000005}]
[]
[]
["CLASSE/TIPO","CÓDIGOS/ SINAPI","DESCRIÇÃO","UND","COEFICIENTE","PREÇO UNITÁRIO","PREÇO TOTAL"]
["IFMT 159.02.2020",{"$f":"IFERROR(INDEX(COMPOSIÇÕES_IFMT!$B:$B,MATCH($A529,COMPOSIÇÕES_IFMT!$A:$A,0)),\"\")","v":".159/E"},{"$f":"IFERROR(INDEX(COMPOSIÇÕES_IFMT!$C:$C,MATCH($A529,COMPOSIÇÕES_IFMT!$A:$A,0)),\"\")","v":"DISJUNTOR BIPOLAR TIPO DIN, CORRENTE NOMINAL DE 16A - FORNECIMENTO E INSTALAÇÃO, CURVA D, CAPACIDADE DE INTERRUPÇÃO 3KA."},{"$f":"IFERROR(INDEX(COMPOSIÇÕES_IFMT!$D:$D,MATCH($A529,COMPOSIÇÕES_IFMT!$A:$A,0)),\"\")","v":"UN"},null,null,{"$f":"G534","v":48.074200000000005}]
[{"$f":"IFERROR(INDEX(SINAPI!$E:$E,MATCH($B530,SINAPI!$A:$A,0)),\"\")","v":"INSUMO"},{"$f":"IF(IFERROR(INDEX(COMPOSIÇÕES_IFMT!$B:$B,MATCH($A529,COMPOSIÇÕES_IFMT!$A:$A,0)),\"\")<>\"\",OFFSET(COMPOSIÇÕES_IFMT!$A$1,MATCH($A529,COMPOSIÇÕES_IFMT!$A:$A,0),1),\"\")","v":1570},{"$f":"IFERROR(INDEX(SINAPI!$B:$B,MATCH($B530,SINAPI!$A:$A,0)),\"\")","v":"TERMINAL A COMPRESSAO EM COBRE ESTANHADO PARA CABO 2,5 MM2, 1 FURO E 1 COMPRESSAO, PARA PARAFUSO DE FIXACAO M5"},{"$f":"IFERROR(INDEX(SINAPI!$C:$C,MATCH($B530,SINAPI!$A:$A,0)),\"\")","v":"UN    "},{"$f":"IF(IFERROR(INDEX(COMPOSIÇÕES_IFMT!$B:$B,MATCH($A529,COMPOSIÇÕES_IFMT!$A:$A,0)),\"\")<>\"\",OFFSET(COMPOSIÇÕES_IFMT!$A$1,MATCH($A529,COMPOSIÇÕES_IFMT!$A:$A,0),4),\"\")","v":2},{"$f":"IFERROR(INDEX(SINAPI!$D:$D,MATCH($B530,SINAPI!$A:$A,0)),0)","v":0.69},{"$f":"IFERROR(F530*E530,0)","v":1.38}]
[{"$f":"IFERROR(INDEX(SINAPI!$E:$E,MATCH($B531,SINAPI!$A:$A,0)),\"\")","v":"INSUMO"},{"$f":"IF(IFERROR(INDEX(COMPOSIÇÕES_IFMT!$B:$B,MATCH($A529,COMPOSIÇÕES_IFMT!$A:$A,0)),\"\")<>\"\",OFFSET(COMPOSIÇÕES_IFMT!$A$1,MATCH($A529,COMPOSIÇÕES_IFMT!$A:$A,0)+1,1),\"\")","v":34616},{"$f":"IFERROR(INDEX(SINAPI!$B:$B,MATCH($B531,SINAPI!$A:$A,0)),\"\")","v":"DISJUNTOR TIPO DIN/IEC, BIPOLAR DE 6 ATE 32A"},{"$f":"IFERROR(INDEX(SINAPI!$C:$C,MATCH($B531,SINAPI!$A:$A,0)),\"\")","v":"UN    "},{"$f":"IF(IFERROR(INDEX(COMPOSIÇÕES_IFMT!$B:$B,MATCH($A529,COMPOSIÇÕES_IFMT!$A:$A,0)),\"\")<>\"\",OFFSET(COMPOSIÇÕES_IFMT!$A$1,MATCH($A529,COMPOSIÇÕES_IFMT!$A:$A,0)+1,4),\"\")","v":1},{"$f":"IFERROR(INDEX(SINAPI!$D:$D,MATCH($B531,SINAPI!$A:$A,0)),0)","v":43.24},{"$f":"IFERROR(F531*E531,0)","v":43.24}]
[{"$f":"IFERROR(INDEX(SINAPI!$E:$E,MATCH($B532,SINAPI!$A:$A,0)),\"\")","v":"COMPOSIÇÃO"},{"$f":"IF(IFERROR(INDEX(COMPOSIÇÕES_IFMT!$B:$B,MATCH($A529,COMPOSIÇÕES_IFMT!$A:$A,0)),\"\")<>\"\",OFFSET(COMPOSIÇÕES_IFMT!$A$1,MATCH($A529,COMPOSIÇÕES_IFMT!$A:$A,0)+2,1),\"\")","v":88247},{"$f":"IFERROR(INDEX(SINAPI!$B:$B,MATCH($B532,SINAPI!$A:$A,0)),\"\")","v":"AUXILIAR DE ELETRICISTA COM ENCARGOS COMPLEMENTARES"},{"$f":"IFERROR(INDEX(SINAPI!$C:$C,MATCH($B532,SINAPI!$A:$A,0)),\"\")","v":"H"},{"$f":"IF(IFERROR(INDEX(COMPOSIÇÕES_IFMT!$B:$B,MATCH($A529,COMPOSIÇÕES_IFMT!$A:$A,0)),\"\")<>\"\",OFFSET(COMPOSIÇÕES_IFMT!$A$1,MATCH($A529,COMPOSIÇÕES_IFMT!$A:$A,0)+2,4),\"\")","v":9.5000000000000001E-2},{"$f":"IFERROR(INDEX(SINAPI!$D:$D,MATCH($B532,SINAPI!$A:$A,0)),0)","v":15.84},1.5047999999999999]
[{"$f":"IFERROR(INDEX(SINAPI!$E:$E,MATCH($B533,SINAPI!$A:$A,0)),\"\")","v":"COMPOSIÇÃO"},{"$f":"IF(IFERROR(INDEX(COMPOSIÇÕES_IFMT!$B:$B,MATCH($A529,COMPOSIÇÕES_IFMT!$A:$A,0)),\"\")<>\"\",OFFSET(COMPOSIÇÕES_IFMT!$A$1,MATCH($A529,COMPOSIÇÕES_IFMT!$A:$A,0)+3,1),\"\")","v":88264},{"$f":"IFERROR(INDEX(SINAPI!$B:$B,MATCH($B533,SINAPI!$A:$A,0)),\"\")","v":"ELETRICISTA COM ENCARGOS COMPLEMENTARES"},{"$f":"IFERROR(INDEX(SINAPI!$C:$C,MATCH($B533,SINAPI!$A:$A,0)),\"\")","v":"H"},{"$f":"IF(IFERROR(INDEX(COMPOSIÇÕES_IFMT!$B:$B,MATCH($A529,COMPOSIÇÕES_IFMT!$A:$A,0)),\"\")<>\"\",OFFSET(COMPOSIÇÕES_IFMT!$A$1,MATCH($A529,COMPOSIÇÕES_IFMT!$A:$A,0)+3,4),\"\")","v":9.5000000000000001E-2},{"$f":"IFERROR(INDEX(SINAPI!$D:$D,MATCH($B533,SINAPI!$A:$A,0)),0)","v":20.52},1.9494]
[null,null,null,null,null,"TOTAL",{"$f":"SUM(G530:G533)","v":48.074200000000005}]
[]
[]
["CLASSE/TIPO","CÓDIGOS/ SINAPI","DESCRIÇÃO","UND","COEFICIENTE","PREÇO UNITÁRIO","PREÇO TOTAL"]
["IFMT 160.02.2020",{"$f":"IFERROR(INDEX(COMPOSIÇÕES_IFMT!$B:$B,MATCH($A538,COMPOSIÇÕES_IFMT!$A:$A,0)),\"\")","v":".160/E"},{"$f":"IFERROR(INDEX(COMPOSIÇÕES_IFMT!$C:$C,MATCH($A538,COMPOSIÇÕES_IFMT!$A:$A,0)),\"\")","v":"DISJUNTOR BIPOLAR TIPO DIN, CORRENTE NOMINAL DE 16A - FORNECIMENTO E INSTALAÇÃO, CURVA B, CAPACIDADE DE INTERRUPÇÃO 8KA."},{"$f":"IFERROR(INDEX(COMPOSIÇÕES_IFMT!$D:$D,MATCH($A538,COMPOSIÇÕES_IFMT!$A:$A,0)),\"\")","v":"UN"},null,null,{"$f":"G543","v":48.074200000000005}]
[{"$f":"IFERROR(INDEX(SINAPI!$E:$E,MATCH($B539,SINAPI!$A:$A,0)),\"\")","v":"INSUMO"},{"$f":"IF(IFERROR(INDEX(COMPOSIÇÕES_IFMT!$B:$B,MATCH($A538,COMPOSIÇÕES_IFMT!$A:$A,0)),\"\")<>\"\",OFFSET(COMPOSIÇÕES_IFMT!$A$1,MATCH($A538,COMPOSIÇÕES_IFMT!$A:$A,0),1),\"\")","v":1570},{"$f":"IFERROR(INDEX(SINAPI!$B:$B,MATCH($B539,SINAPI!$A:$A,0)),\"\")","v":"TERMINAL A COMPRESSAO EM COBRE ESTANHADO PARA CABO 2,5 MM2, 1 FURO E 1 COMPRESSAO, PARA PARAFUSO DE FIXACAO M5"},{"$f":"IFERROR(INDEX(SINAPI!$C:$C,MATCH($B539,SINAPI!$A:$A,0)),\"\")","v":"UN    "},{"$f":"IF(IFERROR(INDEX(COMPOSIÇÕES_IFMT!$B:$B,MATCH($A538,COMPOSIÇÕES_IFMT!$A:$A,0)),\"\")<>\"\",OFFSET(COMPOSIÇÕES_IFMT!$A$1,MATCH($A538,COMPOSIÇÕES_IFMT!$A:$A,0),4),\"\")","v":2},{"$f":"IFERROR(INDEX(SINAPI!$D:$D,MATCH($B539,SINAPI!$A:$A,0)),0)","v":0.69},{"$f":"IFERROR(F539*E539,0)","v":1.38}]
[{"$f":"IFERROR(INDEX(SINAPI!$E:$E,MATCH($B540,SINAPI!$A:$A,0)),\"\")","v":"INSUMO"},{"$f":"IF(IFERROR(INDEX(COMPOSIÇÕES_IFMT!$B:$B,MATCH($A538,COMPOSIÇÕES_IFMT!$A:$A,0)),\"\")<>\"\",OFFSET(COMPOSIÇÕES_IFMT!$A$1,MATCH($A538,COMPOSIÇÕES_IFMT!$A:$A,0)+1,1),\"\")","v":34616},{"$f":"IFERROR(INDEX(SINAPI!$B:$B,MATCH($B540,SINAPI!$A:$A,0)),\"\")","v":"DISJUNTOR TIPO DIN/IEC, BIPOLAR DE 6 ATE 32A"},{"$f":"IFERROR(INDEX(SINAPI!$C:$C,MATCH($B540,SINAPI!$A:$A,0)),\"\")","v":"UN    "},{"$f":"IF(IFERROR(INDEX(COMPOSIÇÕES_IFMT!$B:$B,MATCH($A538,COMPOSIÇÕES_IFMT!$A:$A,0)),\"\")<>\"\",OFFSET(COMPOSIÇÕES_IFMT!$A$1,MATCH($A538,COMPOSIÇÕES_IFMT!$A:$A,0)+1,4),\"\")","v":1},{"$f":"IFERROR(INDEX(SINAPI!$D:$D,MATCH($B540,SINAPI!$A:$A,0)),0)","v":43.24},{"$f":"IFERROR(F540*E540,0)","v":43.24}]
[{"$f":"IFERROR(INDEX(SINAPI!$E:$E,MATCH($B541,SINAPI!$A:$A,0)),\"\")","v":"COMPOSIÇÃO"},{"$f":"IF(IFERROR(INDEX(COMPOSIÇÕES_IFMT!$B:$B,MATCH($A538,COMPOSIÇÕES_IFMT!$A:$A,0)),\"\")<>\"\",OFFSET(COMPOSIÇÕES_IFMT!$A$1,MATCH($A538,COMPOSIÇÕES_IFMT!$A:$A,0)+2,1),\"\")","v":88247},{"$f":"IFERROR(INDEX(SINAPI!$B:$B,MATCH($B541,SINAPI!$A:$A,0)),\"\")","v":"AUXILIAR DE ELETRICISTA COM ENCARGOS COMPLEMENTARES"},{"$f":"IFERROR(INDEX(SINAPI!$C:$C,MATCH($B541,SINAPI!$A:$A,0)),\"\")","v":"H"},{"$f":"IF(IFERROR(INDEX(COMPOSIÇÕES_IFMT!$B:$B,MATCH($A538,COMPOSIÇÕES_IFMT!$A:$A,0)),\"\")<>\"\",OFFSET(COMPOSIÇÕES_IFMT!$A$1,MATCH($A538,COMPOSIÇÕES_IFMT!$A:$A,0)+2,4),\"\")","v":9.5000000000000001E-2},{"$f":"IFERROR(INDEX(SINAPI!$D:$D,MATCH($B541,SINAPI!$A:$A,0)),0)","v":15.84},1.5047999999999999]
[{"$f":"IFERROR(INDEX(SINAPI!$E:$E,MATCH($B542,SINAPI!$A:$A,0)),\"\")","v":"COMPOSIÇÃO"},{"$f":"IF(IFERROR(INDEX(COMPOSIÇÕES_IFMT!$B:$B,MATCH($A538,COMPOSIÇÕES_IFMT!$A:$A,0)),\"\")<>\"\",OFFSET(COMPOSIÇÕES_IFMT!$A$1,MATCH($A538,COMPOSIÇÕES_IFMT!$A:$A,0)+3,1),\"\")","v":88264},{"$f":"IFERROR(INDEX(SINAPI!$B:$B,MATCH($B542,SINAPI!$A:$A,0)),\"\")","v":"ELETRICISTA COM ENCARGOS COMPLEMENTARES"},{"$f":"IFERROR(INDEX(SINAPI!$C:$C,MATCH($B542,SINAPI!$A:$A,0)),\"\")","v":"H"},{"$f":"IF(IFERROR(INDEX(COMPOSIÇÕES_IFMT!$B:$B,MATCH($A538,COMPOSIÇÕES_IFMT!$A:$A,0)),\"\")<>\"\",OFFSET(COMPOSIÇÕES_IFMT!$A$1,MATCH($A538,COMPOSIÇÕES_IFMT!$A:$A,0)+3,4),\"\")","v":9.5000000000000001E-2},{"$f":"IFERROR(INDEX(SINAPI!$D:$D,MATCH($B542,SINAPI!$A:$A,0)),0)","v":20.52},1.9494]
[null,null,null,null,null,"TOTAL",{"$f":"SUM(G539:G542)","v":48.074200000000005}]
[]
[]
["CLASSE/TIPO","CÓDIGOS/ SINAPI","DESCRIÇÃO","UND","COEFICIENTE","PREÇO UNITÁRIO","PREÇO TOTAL"]
["IFMT 161.02.2020",{"$f":"IFERROR(INDEX(COMPOSIÇÕES_IFMT!$B:$B,MATCH($A547,COMPOSIÇÕES_IFMT!$A:$A,0)),\"\")","v":".161/E"},{"$f":"IFERROR(INDEX(COMPOSIÇÕES_IFMT!$C:$C,MATCH($A547,COMPOSIÇÕES_IFMT!$A:$A,0)),\"\")","v":"DISJUNTOR BIPOLAR TIPO DIN, CORRENTE NOMINAL DE 20A - FORNECIMENTO E INSTALAÇÃO, CURVA B, CAPACIDADE DE INTERRUPÇÃO 3KA."},{"$f":"IFERROR(INDEX(COMPOSIÇÕES_IFMT!$D:$D,MATCH($A547,COMPOSIÇÕES_IFMT!$A:$A,0)),\"\")","v":"UN"},null,null,{"$f":"G552","v":49.875880000000002}]
[{"$f":"IFERROR(INDEX(SINAPI!$E:$E,MATCH($B548,SINAPI!$A:$A,0)),\"\")","v":"INSUMO"},{"$f":"IF(IFERROR(INDEX(COMPOSIÇÕES_IFMT!$B:$B,MATCH($A547,COMPOSIÇÕES_IFMT!$A:$A,0)),\"\")<>\"\",OFFSET(COMPOSIÇÕES_IFMT!$A$1,MATCH($A547,COMPOSIÇÕES_IFMT!$A:$A,0),1),\"\")","v":1571},{"$f":"IFERROR(INDEX(SINAPI!$B:$B,MATCH($B548,SINAPI!$A:$A,0)),\"\")","v":"TERMINAL A COMPRESSAO EM COBRE ESTANHADO PARA CABO 4 MM2, 1 FURO E 1 COMPRESSAO, PARA PARAFUSO DE FIXACAO M5"},{"$f":"IFERROR(INDEX(SINAPI!$C:$C,MATCH($B548,SINAPI!$A:$A,0)),\"\")","v":"UN    "},{"$f":"IF(IFERROR(INDEX(COMPOSIÇÕES_IFMT!$B:$B,MATCH($A547,COMPOSIÇÕES_IFMT!$A:$A,0)),\"\")<>\"\",OFFSET(COMPOSIÇÕES_IFMT!$A$1,MATCH($A547,COMPOSIÇÕES_IFMT!$A:$A,0),4),\"\")","v":2},{"$f":"IFERROR(INDEX(SINAPI!$D:$D,MATCH($B548,SINAPI!$A:$A,0)),0)","v":0.9},{"$f":"IFERROR(F548*E548,0)","v":1.8}]
[{"$f":"IFERROR(INDEX(SINAPI!$E:$E,MATCH($B549,SINAPI!$A:$A,0)),\"\")","v":"INSUMO"},{"$f":"IF(IFERROR(INDEX(COMPOSIÇÕES_IFMT!$B:$B,MATCH($A547,COMPOSIÇÕES_IFMT!$A:$A,0)),\"\")<>\"\",OFFSET(COMPOSIÇÕES_IFMT!$A$1,MATCH($A547,COMPOSIÇÕES_IFMT!$A:$A,0)+1,1),\"\")","v":34616},{"$f":"IFERROR(INDEX(SINAPI!$B:$B,MATCH($B549,SINAPI!$A:$A,0)),\"\")","v":"DISJUNTOR TIPO DIN/IEC, BIPOLAR DE 6 ATE 32A"},{"$f":"IFERROR(INDEX(SINAPI!$C:$C,MATCH($B549,SINAPI!$A:$A,0)),\"\")","v":"UN    "},{"$f":"IF(IFERROR(INDEX(COMPOSIÇÕES_IFMT!$B:$B,MATCH($A547,COMPOSIÇÕES_IFMT!$A:$A,0)),\"\")<>\"\",OFFSET(COMPOSIÇÕES_IFMT!$A$1,MATCH($A547,COMPOSIÇÕES_IFMT!$A:$A,0)+1,4),\"\")","v":1},{"$f":"IFERROR(INDEX(SINAPI!$D:$D,MATCH($B549,SINAPI!$A:$A,0)),0)","v":43.24},{"$f":"IFERROR(F549*E549,0)","v":43.24}]
[{"$f":"IFERROR(INDEX(SINAPI!$E:$E,MATCH($B550,SINAPI!$A:$A,0)),\"\")","v":"COMPOSIÇÃO"},{"$f":"IF(IFERROR(INDEX(COMPOSIÇÕES_IFMT!$B:$B,MATCH($A547,COMPOSIÇÕES_IFMT!$A:$A,0)),\"\")<>\"\",OFFSET(COMPOSIÇÕES_IFMT!$A$1,MATCH($A547,COMPOSIÇÕES_IFMT!$A:$A,0)+2,1),\"\")","v":88247},{"$f":"IFERROR(INDEX(SINAPI!$B:$B,MATCH($B550,SINAPI!$A:$A,0)),\"\")","v":"AUXILIAR DE ELETRICISTA COM ENCARGOS COMPLEMENTARES"},{"$f":"IFERROR(INDEX(SINAPI!$C:$C,MATCH($B550,SINAPI!$A:$A,0)),\"\")","v":"H"},{"$f":"IF(IFERROR(INDEX(COMPOSIÇÕES_IFMT!$B:$B,MATCH($A547,COMPOSIÇÕES_IFMT!$A:$A,0)),\"\")<>\"\",OFFSET(COMPOSIÇÕES_IFMT!$A$1,MATCH($A547,COMPOSIÇÕES_IFMT!$A:$A,0)+2,4),\"\")","v":0.13300000000000001},{"$f":"IFERROR(INDEX(SINAPI!$D:$D,MATCH($B550,SINAPI!$A:$A,0)),0)","v":15.84},2.1067200000000001]
[{"$f":"IFERROR(INDEX(SINAPI!$E:$E,MATCH($B551,SINAPI!$A:$A,0)),\"\")","v":"COMPOSIÇÃO"},{"$f":"IF(IFERROR(INDEX(COMPOSIÇÕES_IFMT!$B:$B,MATCH($A547,COMPOSIÇÕES_IFMT!$A:$A,0)),\"\")<>\"\",OFFSET(COMPOSIÇÕES_IFMT!$A$1,MATCH($A547,COMPOSIÇÕES_IFMT!$A:$A,0)+3,1),\"\")","v":88264},{"$f":"IFERROR(INDEX(SINAPI!$B:$B,MATCH($B551,SINAPI!$A:$A,0)),\"\")","v":"ELETRICISTA COM ENCARGOS COMPLEMENTARES"},{"$f":"IFERROR(INDEX(SINAPI!$C:$C,MATCH($B551,SINAPI!$A:$A,0)),\"\")","v":"H"},{"$f":"IF(IFERROR(INDEX(COMPOSIÇÕES_IFMT!$B:$B,MATCH($A547,COMPOSIÇÕES_IFMT!$A:$A,0)),\"\")<>\"\",OFFSET(COMPOSIÇÕES_IFMT!$A$1,MATCH($A547,COMPOSIÇÕES_IFMT!$A:$A,0)+3,4),\"\")","v":0.13300000000000001},{"$f":"IFERROR(INDEX(SINAPI!$D:$D,MATCH($B551,SINAPI!$A:$A,0)),0)","v":20.52},2.7291600000000003]
[null,null,null,null,null,"TOTAL",{"$f":"SUM(G548:G551)","v":49.875880000000002}]
[]
[]
["CLASSE/TIPO","CÓDIGOS/ SINAPI","DESCRIÇÃO","UND","COEFICIENTE","PREÇO UNITÁRIO","PREÇO TOTAL"]
["IFMT 162.02.2020",{"$f":"IFERROR(INDEX(COMPOSIÇÕES_IFMT!$B:$B,MATCH($A556,COMPOSIÇÕES_IFMT!$A:$A,0)),\"\")","v":".162/E"},{"$f":"IFERROR(INDEX(COMPOSIÇÕES_IFMT!$C:$C,MATCH($A556,COMPOSIÇÕES_IFMT!$A:$A,0)),\"\")","v":"DISJUNTOR BIPOLAR TIPO DIN, CORRENTE NOMINAL DE 20A - FORNECIMENTO E INSTALAÇÃO, CURVA C, CAPACIDADE DE INTERRUPÇÃO 3KA."},{"$f":"IFERROR(INDEX(COMPOSIÇÕES_IFMT!$D:$D,MATCH($A556,COMPOSIÇÕES_IFMT!$A:$A,0)),\"\")","v":"UN"},null,null,{"$f":"G561","v":49.875880000000002}]
[{"$f":"IFERROR(INDEX(SINAPI!$E:$E,MATCH($B557,SINAPI!$A:$A,0)),\"\")","v":"INSUMO"},{"$f":"IF(IFERROR(INDEX(COMPOSIÇÕES_IFMT!$B:$B,MATCH($A556,COMPOSIÇÕES_IFMT!$A:$A,0)),\"\")<>\"\",OFFSET(COMPOSIÇÕES_IFMT!$A$1,MATCH($A556,COMPOSIÇÕES_IFMT!$A:$A,0),1),\"\")","v":1571},{"$f":"IFERROR(INDEX(SINAPI!$B:$B,MATCH($B557,SINAPI!$A:$A,0)),\"\")","v":"TERMINAL A COMPRESSAO EM COBRE ESTANHADO PARA CABO 4 MM2, 1 FURO E 1 COMPRESSAO, PARA PARAFUSO DE FIXACAO M5"},{"$f":"IFERROR(INDEX(SINAPI!$C:$C,MATCH($B557,SINAPI!$A:$A,0)),\"\")","v":"UN    "},{"$f":"IF(IFERROR(INDEX(COMPOSIÇÕES_IFMT!$B:$B,MATCH($A556,COMPOSIÇÕES_IFMT!$A:$A,0)),\"\")<>\"\",OFFSET(COMPOSIÇÕES_IFMT!$A$1,MATCH($A556,COMPOSIÇÕES_IFMT!$A:$A,0),4),\"\")","v":2},{"$f":"IFERROR(INDEX(SINAPI!$D:$D,MATCH($B557,SINAPI!$A:$A,0)),0)","v":0.9},{"$f":"IFERROR(F557*E557,0)","v":1.8}]
[{"$f":"IFERROR(INDEX(SINAPI!$E:$E,MATCH($B558,SINAPI!$A:$A,0)),\"\")","v":"INSUMO"},{"$f":"IF(IFERROR(INDEX(COMPOSIÇÕES_IFMT!$B:$B,MATCH($A556,COMPOSIÇÕES_IFMT!$A:$A,0)),\"\")<>\"\",OFFSET(COMPOSIÇÕES_IFMT!$A$1,MATCH($A556,COMPOSIÇÕES_IFMT!$A:$A,0)+1,1),\"\")","v":34616},{"$f":"IFERROR(INDEX(SINAPI!$B:$B,MATCH($B558,SINAPI!$A:$A,0)),\"\")","v":"DISJUNTOR TIPO DIN/IEC, BIPOLAR DE 6 ATE 32A"},{"$f":"IFERROR(INDEX(SINAPI!$C:$C,MATCH($B558,SINAPI!$A:$A,0)),\"\")","v":"UN    "},{"$f":"IF(IFERROR(INDEX(COMPOSIÇÕES_IFMT!$B:$B,MATCH($A556,COMPOSIÇÕES_IFMT!$A:$A,0)),\"\")<>\"\",OFFSET(COMPOSIÇÕES_IFMT!$A$1,MATCH($A556,COMPOSIÇÕES_IFMT!$A:$A,0)+1,4),\"\")","v":1},{"$f":"IFERROR(INDEX(SINAPI!$D:$D,MATCH($B558,SINAPI!$A:$A,0)),0)","v":43.24},{"$f":"IFERROR(F558*E558,0)","v":43.24}]
[{"$f":"IFERROR(INDEX(SINAPI!$E:$E,MATCH($B559,SINAPI!$A:$A,0)),\"\")","v":"COMPOSIÇÃO"},{"$f":"IF(IFERROR(INDEX(COMPOSIÇÕES_IFMT!$B:$B,MATCH($A556,COMPOSIÇÕES_IFMT!$A:$A,0)),\"\")<>\"\",OFFSET(COMPOSIÇÕES_IFMT!$A$1,MATCH($A556,COMPOSIÇÕES_IFMT!$A:$A,0)+2,1),\"\")","v":88247},{"$f":"IFERROR(INDEX(SINAPI!$B:$B,MATCH($B559,SINAPI!$A:$A,0)),\"\")","v":"AUXILIAR DE ELETRICISTA COM ENCARGOS COMPLEMENTARES"},{"$f":"IFERROR(INDEX(SINAPI!$C:$C,MATCH($B559,SINAPI!$A:$A,0)),\"\")","v":"H"},{"$f":"IF(IFERROR(INDEX(COMPOSIÇÕES_IFMT!$B:$B,MATCH($A556,COMPOSIÇÕES_IFMT!$A:$A,0)),\"\")<>\"\",OFFSET(COMPOSIÇÕES_IFMT!$A$1,MATCH($A556,COMPOSIÇÕES_IFMT!$A:$A,0)+2,4),\"\")","v":0.13300000000000001},{"$f":"IFERROR(INDEX(SINAPI!$D:$D,MATCH($B559,SINAPI!$A:$A,0)),0)","v":15.84},2.1067200000000001]
[{"$f":"IFERROR(INDEX(SINAPI!$E:$E,MATCH($B560,SINAPI!$A:$A,0)),\"\")","v":"COMPOSIÇÃO"},{"$f":"IF(IFERROR(INDEX(COMPOSIÇÕES_IFMT!$B:$B,MATCH($A556,COMPOSIÇÕES_IFMT!$A:$A,0)),\"\")<>\"\",OFFSET(COMPOSIÇÕES_IFMT!$A$1,MATCH($A556,COMPOSIÇÕES_IFMT!$A:$A,0)+3,1),\"\")","v":88264},{"$f":"IFERROR(INDEX(SINAPI!$B:$B,MATCH($B560,SINAPI!$A:$A,0)),\"\")","v":"ELETRICISTA COM ENCARGOS COMPLEMENTARES"},{"$f":"IFERROR(INDEX(SINAPI!$C:$C,MATCH($B560,SINAPI!$A:$A,0)),\"\")","v":"H"},{"$f":"IF(IFERROR(INDEX(COMPOSIÇÕES_IFMT!$B:$B,MATCH($A556,COMPOSIÇÕES_IFMT!$A:$A,0)),\"\")<>\"\",OFFSET(COMPOSIÇÕES_IFMT!$A$1,MATCH($A556,COMPOSIÇÕES_IFMT!$A:$A,0)+3,4),\"\")","v":0.13300000000000001},{"$f":"IFERROR(INDEX(SINAPI!$D:$D,MATCH($B560,SINAPI!$A:$A,0)),0)","v":20.52},2.7291600000000003]
[null,null,null,null,null,"TOTAL",{"$f":"SUM(G557:G560)","v":49.875880000000002}]
[]
[]
["CLASSE/TIPO","CÓDIGOS/ SINAPI","DESCRIÇÃO","UND","COEFICIENTE","PREÇO UNITÁRIO","PREÇO TOTAL"]
["IFMT 163.02.2020",{"$f":"IFERROR(INDEX(COMPOSIÇÕES_IFMT!$B:$B,MATCH($A565,COMPOSIÇÕES_IFMT!$A:$A,0)),\"\")","v":".163/E"},{"$f":"IFERROR(INDEX(COMPOSIÇÕES_IFMT!$C:$C,MATCH($A565,COMPOSIÇÕES_IFMT!$A:$A,0)),\"\")","v":"DISJUNTOR BIPOLAR TIPO DIN, CORRENTE NOMINAL DE 20A - FORNECIMENTO E INSTALAÇÃO, CURVA D, CAPACIDADE DE INTERRUPÇÃO 8KA."},{"$f":"IFERROR(INDEX(COMPOSIÇÕES_IFMT!$D:$D,MATCH($A565,COMPOSIÇÕES_IFMT!$A:$A,0)),\"\")","v":"UN"},null,null,{"$f":"G570","v":49.875880000000002}]
[{"$f":"IFERROR(INDEX(SINAPI!$E:$E,MATCH($B566,SINAPI!$A:$A,0)),\"\")","v":"INSUMO"},{"$f":"IF(IFERROR(INDEX(COMPOSIÇÕES_IFMT!$B:$B,MATCH($A565,COMPOSIÇÕES_IFMT!$A:$A,0)),\"\")<>\"\",OFFSET(COMPOSIÇÕES_IFMT!$A$1,MATCH($A565,COMPOSIÇÕES_IFMT!$A:$A,0),1),\"\")","v":1571},{"$f":"IFERROR(INDEX(SINAPI!$B:$B,MATCH($B566,SINAPI!$A:$A,0)),\"\")","v":"TERMINAL A COMPRESSAO EM COBRE ESTANHADO PARA CABO 4 MM2, 1 FURO E 1 COMPRESSAO, PARA PARAFUSO DE FIXACAO M5"},{"$f":"IFERROR(INDEX(SINAPI!$C:$C,MATCH($B566,SINAPI!$A:$A,0)),\"\")","v":"UN    "},{"$f":"IF(IFERROR(INDEX(COMPOSIÇÕES_IFMT!$B:$B,MATCH($A565,COMPOSIÇÕES_IFMT!$A:$A,0)),\"\")<>\"\",OFFSET(COMPOSIÇÕES_IFMT!$A$1,MATCH($A565,COMPOSIÇÕES_IFMT!$A:$A,0),4),\"\")","v":2},{"$f":"IFERROR(INDEX(SINAPI!$D:$D,MATCH($B566,SINAPI!$A:$A,0)),0)","v":0.9},{"$f":"IFERROR(F566*E566,0)","v":1.8}]
[{"$f":"IFERROR(INDEX(SINAPI!$E:$E,MATCH($B567,SINAPI!$A:$A,0)),\"\")","v":"INSUMO"},{"$f":"IF(IFERROR(INDEX(COMPOSIÇÕES_IFMT!$B:$B,MATCH($A565,COMPOSIÇÕES_IFMT!$A:$A,0)),\"\")<>\"\",OFFSET(COMPOSIÇÕES_IFMT!$A$1,MATCH($A565,COMPOSIÇÕES_IFMT!$A:$A,0)+1,1),\"\")","v":34616},{"$f":"IFERROR(INDEX(SINAPI!$B:$B,MATCH($B567,SINAPI!$A:$A,0)),\"\")","v":"DISJUNTOR TIPO DIN/IEC, BIPOLAR DE 6 ATE 32A"},{"$f":"IFERROR(INDEX(SINAPI!$C:$C,MATCH($B567,SINAPI!$A:$A,0)),\"\")","v":"UN    "},{"$f":"IF(IFERROR(INDEX(COMPOSIÇÕES_IFMT!$B:$B,MATCH($A565,COMPOSIÇÕES_IFMT!$A:$A,0)),\"\")<>\"\",OFFSET(COMPOSIÇÕES_IFMT!$A$1,MATCH($A565,COMPOSIÇÕES_IFMT!$A:$A,0)+1,4),\"\")","v":1},{"$f":"IFERROR(INDEX(SINAPI!$D:$D,MATCH($B567,SINAPI!$A:$A,0)),0)","v":43.24},{"$f":"IFERROR(F567*E567,0)","v":43.24}]
[{"$f":"IFERROR(INDEX(SINAPI!$E:$E,MATCH($B568,SINAPI!$A:$A,0)),\"\")","v":"COMPOSIÇÃO"},{"$f":"IF(IFERROR(INDEX(COMPOSIÇÕES_IFMT!$B:$B,MATCH($A565,COMPOSIÇÕES_IFMT!$A:$A,0)),\"\")<>\"\",OFFSET(COMPOSIÇÕES_IFMT!$A$1,MATCH($A565,COMPOSIÇÕES_IFMT!$A:$A,0)+2,1),\"\")","v":88247},{"$f":"IFERROR(INDEX(SINAPI!$B:$B,MATCH($B568,SINAPI!$A:$A,0)),\"\")","v":"AUXILIAR DE ELETRICISTA COM ENCARGOS COMPLEMENTARES"},{"$f":"IFERROR(INDEX(SINAPI!$C:$C,MATCH($B568,SINAPI!$A:$A,0)),\"\")","v":"H"},{"$f":"IF(IFERROR(INDEX(COMPOSIÇÕES_IFMT!$B:$B,MATCH($A565,COMPOSIÇÕES_IFMT!$A:$A,0)),\"\")<>\"\",OFFSET(COMPOSIÇÕES_IFMT!$A$1,MATCH($A565,COMPOSIÇÕES_IFMT!$A:$A,0)+2,4),\"\")","v":0.13300000000000001},{"$f":"IFERROR(INDEX(SINAPI!$D:$D,MATCH($B568,SINAPI!$A:$A,0)),0)","v":15.84},2.1067200000000001]
[{"$f":"IFERROR(INDEX(SINAPI!$E:$E,MATCH($B569,SINAPI!$A:$A,0)),\"\")","v":"COMPOSIÇÃO"},{"$f":"IF(IFERROR(INDEX(COMPOSIÇÕES_IFMT!$B:$B,MATCH($A565,COMPOSIÇÕES_IFMT!$A:$A,0)),\"\")<>\"\",OFFSET(COMPOSIÇÕES_IFMT!$A$1,MATCH($A565,COMPOSIÇÕES_IFMT!$A:$A,0)+3,1),\"\")","v":88264},{"$f":"IFERROR(INDEX(SINAPI!$B:$B,MATCH($B569,SINAPI!$A:$A,0)),\"\")","v":"ELETRICISTA COM ENCARGOS COMPLEMENTARES"},{"$f":"IFERROR(INDEX(SINAPI!$C:$C,MATCH($B569,SINAPI!$A:$A,0)),\"\")","v":"H"},{"$f":"IF(IFERROR(INDEX(COMPOSIÇÕES_IFMT!$B:$B,MATCH($A565,COMPOSIÇÕES_IFMT!$A:$A,0)),\"\")<>\"\",OFFSET(COMPOSIÇÕES_IFMT!$A$1,MATCH($A565,COMPOSIÇÕES_IFMT!$A:$A,0)+3,4),\"\")","v":0.13300000000000001},{"$f":"IFERROR(INDEX(SINAPI!$D:$D,MATCH($B569,SINAPI!$A:$A,0)),0)","v":20.52},2.7291600000000003]
[null,null,null,null,null,"TOTAL",{"$f":"SUM(G566:G569)","v":49.875880000000002}]
[]
[]
["CLASSE/TIPO","CÓDIGOS/ SINAPI","DESCRIÇÃO","UND","COEFICIENTE","PREÇO UNITÁRIO","PREÇO TOTAL"]
["IFMT 164.02.2020",{"$f":"IFERROR(INDEX(COMPOSIÇÕES_IFMT!$B:$B,MATCH($A574,COMPOSIÇÕES_IFMT!$A:$A,0)),\"\")","v":".164/E"},{"$f":"IFERROR(INDEX(COMPOSIÇÕES_IFMT!$C:$C,MATCH($A574,COMPOSIÇÕES_IFMT!$A:$A,0)),\"\")","v":"DISJUNTOR BIPOLAR TIPO DIN, CORRENTE NOMINAL DE 25A - FORNECIMENTO E INSTALAÇÃO, CURVA B, CAPACIDADE DE INTERRUPÇÃO 8KA."},{"$f":"IFERROR(INDEX(COMPOSIÇÕES_IFMT!$D:$D,MATCH($A574,COMPOSIÇÕES_IFMT!$A:$A,0)),\"\")","v":"UN"},null,null,{"$f":"G579","v":49.875880000000002}]
[{"$f":"IFERROR(INDEX(SINAPI!$E:$E,MATCH($B575,SINAPI!$A:$A,0)),\"\")","v":"INSUMO"},{"$f":"IF(IFERROR(INDEX(COMPOSIÇÕES_IFMT!$B:$B,MATCH($A574,COMPOSIÇÕES_IFMT!$A:$A,0)),\"\")<>\"\",OFFSET(COMPOSIÇÕES_IFMT!$A$1,MATCH($A574,COMPOSIÇÕES_IFMT!$A:$A,0),1),\"\")","v":1571},{"$f":"IFERROR(INDEX(SINAPI!$B:$B,MATCH($B575,SINAPI!$A:$A,0)),\"\")","v":"TERMINAL A COMPRESSAO EM COBRE ESTANHADO PARA CABO 4 MM2, 1 FURO E 1 COMPRESSAO, PARA PARAFUSO DE FIXACAO M5"},{"$f":"IFERROR(INDEX(SINAPI!$C:$C,MATCH($B575,SINAPI!$A:$A,0)),\"\")","v":"UN    "},{"$f":"IF(IFERROR(INDEX(COMPOSIÇÕES_IFMT!$B:$B,MATCH($A574,COMPOSIÇÕES_IFMT!$A:$A,0)),\"\")<>\"\",OFFSET(COMPOSIÇÕES_IFMT!$A$1,MATCH($A574,COMPOSIÇÕES_IFMT!$A:$A,0),4),\"\")","v":2},{"$f":"IFERROR(INDEX(SINAPI!$D:$D,MATCH($B575,SINAPI!$A:$A,0)),0)","v":0.9},{"$f":"IFERROR(F575*E575,0)","v":1.8}]
[{"$f":"IFERROR(INDEX(SINAPI!$E:$E,MATCH($B576,SINAPI!$A:$A,0)),\"\")","v":"INSUMO"},{"$f":"IF(IFERROR(INDEX(COMPOSIÇÕES_IFMT!$B:$B,MATCH($A574,COMPOSIÇÕES_IFMT!$A:$A,0)),\"\")<>\"\",OFFSET(COMPOSIÇÕES_IFMT!$A$1,MATCH($A574,COMPOSIÇÕES_IFMT!$A:$A,0)+1,1),\"\")","v":34616},{"$f":"IFERROR(INDEX(SINAPI!$B:$B,MATCH($B576,SINAPI!$A:$A,0)),\"\")","v":"DISJUNTOR TIPO DIN/IEC, BIPOLAR DE 6 ATE 32A"},{"$f":"IFERROR(INDEX(SINAPI!$C:$C,MATCH($B576,SINAPI!$A:$A,0)),\"\")","v":"UN    "},{"$f":"IF(IFERROR(INDEX(COMPOSIÇÕES_IFMT!$B:$B,MATCH($A574,COMPOSIÇÕES_IFMT!$A:$A,0)),\"\")<>\"\",OFFSET(COMPOSIÇÕES_IFMT!$A$1,MATCH($A574,COMPOSIÇÕES_IFMT!$A:$A,0)+1,4),\"\")","v":1},{"$f":"IFERROR(INDEX(SINAPI!$D:$D,MATCH($B576,SINAPI!$A:$A,0)),0)","v":43.24},{"$f":"IFERROR(F576*E576,0)","v":43.24}]
[{"$f":"IFERROR(INDEX(SINAPI!$E:$E,MATCH($B577,SINAPI!$A:$A,0)),\"\")","v":"COMPOSIÇÃO"},{"$f":"IF(IFERROR(INDEX(COMPOSIÇÕES_IFMT!$B:$B,MATCH($A574,COMPOSIÇÕES_IFMT!$A:$A,0)),\"\")<>\"\",OFFSET(COMPOSIÇÕES_IFMT!$A$1,MATCH($A574,COMPOSIÇÕES_IFMT!$A:$A,0)+2,1),\"\")","v":88247},{"$f":"IFERROR(INDEX(SINAPI!$B:$B,MATCH($B577,SINAPI!$A:$A,0)),\"\")","v":"AUXILIAR DE ELETRICISTA COM ENCARGOS COMPLEMENTARES"},{"$f":"IFERROR(INDEX(SINAPI!$C:$C,MATCH($B577,SINAPI!$A:$A,0)),\"\")","v":"H"},{"$f":"IF(IFERROR(INDEX(COMPOSIÇÕES_IFMT!$B:$B,MATCH($A574,COMPOSIÇÕES_IFMT!$A:$A,0)),\"\")<>\"\",OFFSET(COMPOSIÇÕES_IFMT!$A$1,MATCH($A574,COMPOSIÇÕES_IFMT!$A:$A,0)+2,4),\"\")","v":0.13300000000000001},{"$f":"IFERROR(INDEX(SINAPI!$D:$D,MATCH($B577,SINAPI!$A:$A,0)),0)","v":15.84},2.1067200000000001]
[{"$f":"IFERROR(INDEX(SINAPI!$E:$E,MATCH($B578,SINAPI!$A:$A,0)),\"\")","v":"COMPOSIÇÃO"},{"$f":"IF(IFERROR(INDEX(COMPOSIÇÕES_IFMT!$B:$B,MATCH($A574,COMPOSIÇÕES_IFMT!$A:$A,0)),\"\")<>\"\",OFFSET(COMPOSIÇÕES_IFMT!$A$1,MATCH($A574,COMPOSIÇÕES_IFMT!$A:$A,0)+3,1),\"\")","v":88264},{"$f":"IFERROR(INDEX(SINAPI!$B:$B,MATCH($B578,SINAPI!$A:$A,0)),\"\")","v":"ELETRICISTA COM ENCARGOS COMPLEMENTARES"},{"$f":"IFERROR(INDEX(SINAPI!$C:$C,MATCH($B578,SINAPI!$A:$A,0)),\"\")","v":"H"},{"$f":"IF(IFERROR(INDEX(COMPOSIÇÕES_IFMT!$B:$B,MATCH($A574,COMPOSIÇÕES_IFMT!$A:$A,0)),\"\")<>\"\",OFFSET(COMPOSIÇÕES_IFMT!$A$1,MATCH($A574,COMPOSIÇÕES_IFMT!$A:$A,0)+3,4),\"\")","v":0.13300000000000001},{"$f":"IFERROR(INDEX(SINAPI!$D:$D,MATCH($B578,SINAPI!$A:$A,0)),0)","v":20.52},2.7291600000000003]
[null,null,null,null,null,"TOTAL",{"$f":"SUM(G575:G578)","v":49.875880000000002}]
[]
[]
["CLASSE/TIPO","CÓDIGOS/ SINAPI","DESCRIÇÃO","UND","COEFICIENTE","PREÇO UNITÁRIO","PREÇO TOTAL"]
["IFMT 165.02.2020",{"$f":"IFERROR(INDEX(COMPOSIÇÕES_IFMT!$B:$B,MATCH($A583,COMPOSIÇÕES_IFMT!$A:$A,0)),\"\")","v":".165/E"},{"$f":"IFERROR(INDEX(COMPOSIÇÕES_IFMT!$C:$C,MATCH($A583,COMPOSIÇÕES_IFMT!$A:$A,0)),\"\")","v":"DISJUNTOR MONOPOLAR TIPO DIN, CORRENTE NOMINAL DE 10A - FORNECIMENTO E INSTALAÇÃO, CURVA B, CAPACIDADE DE INTERRUPÇÃO 3KA."},{"$f":"IFERROR(INDEX(COMPOSIÇÕES_IFMT!$D:$D,MATCH($A583,COMPOSIÇÕES_IFMT!$A:$A,0)),\"\")","v":"UN"},null,null,{"$f":"G588","v":9.5025999999999993}]
[{"$f":"IFERROR(INDEX(SINAPI!$E:$E,MATCH($B584,SINAPI!$A:$A,0)),\"\")","v":"INSUMO"},{"$f":"IF(IFERROR(INDEX(COMPOSIÇÕES_IFMT!$B:$B,MATCH($A583,COMPOSIÇÕES_IFMT!$A:$A,0)),\"\")<>\"\",OFFSET(COMPOSIÇÕES_IFMT!$A$1,MATCH($A583,COMPOSIÇÕES_IFMT!$A:$A,0),1),\"\")","v":1570},{"$f":"IFERROR(INDEX(SINAPI!$B:$B,MATCH($B584,SINAPI!$A:$A,0)),\"\")","v":"TERMINAL A COMPRESSAO EM COBRE ESTANHADO PARA CABO 2,5 MM2, 1 FURO E 1 COMPRESSAO, PARA PARAFUSO DE FIXACAO M5"},{"$f":"IFERROR(INDEX(SINAPI!$C:$C,MATCH($B584,SINAPI!$A:$A,0)),\"\")","v":"UN    "},{"$f":"IF(IFERROR(INDEX(COMPOSIÇÕES_IFMT!$B:$B,MATCH($A583,COMPOSIÇÕES_IFMT!$A:$A,0)),\"\")<>\"\",OFFSET(COMPOSIÇÕES_IFMT!$A$1,MATCH($A583,COMPOSIÇÕES_IFMT!$A:$A,0),4),\"\")","v":1},{"$f":"IFERROR(INDEX(SINAPI!$D:$D,MATCH($B584,SINAPI!$A:$A,0)),0)","v":0.69},{"$f":"IFERROR(F584*E584,0)","v":0.69}]
[{"$f":"IFERROR(INDEX(SINAPI!$E:$E,MATCH($B585,SINAPI!$A:$A,0)),\"\")","v":"INSUMO"},{"$f":"IF(IFERROR(INDEX(COMPOSIÇÕES_IFMT!$B:$B,MATCH($A583,COMPOSIÇÕES_IFMT!$A:$A,0)),\"\")<>\"\",OFFSET(COMPOSIÇÕES_IFMT!$A$1,MATCH($A583,COMPOSIÇÕES_IFMT!$A:$A,0)+1,1),\"\")","v":34653},{"$f":"IFERROR(INDEX(SINAPI!$B:$B,MATCH($B585,SINAPI!$A:$A,0)),\"\")","v":"DISJUNTOR TIPO DIN/IEC, MONOPOLAR DE 6  ATE  32A"},{"$f":"IFERROR(INDEX(SINAPI!$C:$C,MATCH($B585,SINAPI!$A:$A,0)),\"\")","v":"UN    "},{"$f":"IF(IFERROR(INDEX(COMPOSIÇÕES_IFMT!$B:$B,MATCH($A583,COMPOSIÇÕES_IFMT!$A:$A,0)),\"\")<>\"\",OFFSET(COMPOSIÇÕES_IFMT!$A$1,MATCH($A583,COMPOSIÇÕES_IFMT!$A:$A,0)+1,4),\"\")","v":1},{"$f":"IFERROR(INDEX(SINAPI!$D:$D,MATCH($B585,SINAPI!$A:$A,0)),0)","v":7.54},{"$f":"IFERROR(F585*E585,0)","v":7.54}]
[{"$f":"IFERROR(INDEX(SINAPI!$E:$E,MATCH($B586,SINAPI!$A:$A,0)),\"\")","v":"COMPOSIÇÃO"},{"$f":"IF(IFERROR(INDEX(COMPOSIÇÕES_IFMT!$B:$B,MATCH($A583,COMPOSIÇÕES_IFMT!$A:$A,0)),\"\")<>\"\",OFFSET(COMPOSIÇÕES_IFMT!$A$1,MATCH($A583,COMPOSIÇÕES_IFMT!$A:$A,0)+2,1),\"\")","v":88247},{"$f":"IFERROR(INDEX(SINAPI!$B:$B,MATCH($B586,SINAPI!$A:$A,0)),\"\")","v":"AUXILIAR DE ELETRICISTA COM ENCARGOS COMPLEMENTARES"},{"$f":"IFERROR(INDEX(SINAPI!$C:$C,MATCH($B586,SINAPI!$A:$A,0)),\"\")","v":"H"},{"$f":"IF(IFERROR(INDEX(COMPOSIÇÕES_IFMT!$B:$B,MATCH($A583,COMPOSIÇÕES_IFMT!$A:$A,0)),\"\")<>\"\",OFFSET(COMPOSIÇÕES_IFMT!$A$1,MATCH($A583,COMPOSIÇÕES_IFMT!$A:$A,0)+2,4),\"\")","v":3.5000000000000003E-2},{"$f":"IFERROR(INDEX(SINAPI!$D:$D,MATCH($B586,SINAPI!$A:$A,0)),0)","v":15.84},0.5544]
[{"$f":"IFERROR(INDEX(SINAPI!$E:$E,MATCH($B587,SINAPI!$A:$A,0)),\"\")","v":"COMPOSIÇÃO"},{"$f":"IF(IFERROR(INDEX(COMPOSIÇÕES_IFMT!$B:$B,MATCH($A583,COMPOSIÇÕES_IFMT!$A:$A,0)),\"\")<>\"\",OFFSET(COMPOSIÇÕES_IFMT!$A$1,MATCH($A583,COMPOSIÇÕES_IFMT!$A:$A,0)+3,1),\"\")","v":88264},{"$f":"IFERROR(INDEX(SINAPI!$B:$B,MATCH($B587,SINAPI!$A:$A,0)),\"\")","v":"ELETRICISTA COM ENCARGOS COMPLEMENTARES"},{"$f":"IFERROR(INDEX(SINAPI!$C:$C,MATCH($B587,SINAPI!$A:$A,0)),\"\")","v":"H"},{"$f":"IF(IFERROR(INDEX(COMPOSIÇÕES_IFMT!$B:$B,MATCH($A583,COMPOSIÇÕES_IFMT!$A:$A,0)),\"\")<>\"\",OFFSET(COMPOSIÇÕES_IFMT!$A$1,MATCH($A583,COMPOSIÇÕES_IFMT!$A:$A,0)+3,4),\"\")","v":3.5000000000000003E-2},{"$f":"IFERROR(INDEX(SINAPI!$D:$D,MATCH($B587,SINAPI!$A:$A,0)),0)","v":20.52},0.71820000000000006]
[null,null,null,null,null,"TOTAL",{"$f":"SUM(G584:G587)","v":9.5025999999999993}]
[]
[]
["CLASSE/TIPO","CÓDIGOS/ SINAPI","DESCRIÇÃO","UND","COEFICIENTE","PREÇO UNITÁRIO","PREÇO TOTAL"]
["IFMT 166.02.2020",{"$f":"IFERROR(INDEX(COMPOSIÇÕES_IFMT!$B:$B,MATCH($A592,COMPOSIÇÕES_IFMT!$A:$A,0)),\"\")","v":".166/E"},{"$f":"IFERROR(INDEX(COMPOSIÇÕES_IFMT!$C:$C,MATCH($A592,COMPOSIÇÕES_IFMT!$A:$A,0)),\"\")","v":"DISJUNTOR MONOPOLAR TIPO DIN, CORRENTE NOMINAL DE 10A - FORNECIMENTO E INSTALAÇÃO, CURVA B, CAPACIDADE DE INTERRUPÇÃO 6KA."},{"$f":"IFERROR(INDEX(COMPOSIÇÕES_IFMT!$D:$D,MATCH($A592,COMPOSIÇÕES_IFMT!$A:$A,0)),\"\")","v":"UN"},null,null,{"$f":"G597","v":9.5025999999999993}]
[{"$f":"IFERROR(INDEX(SINAPI!$E:$E,MATCH($B593,SINAPI!$A:$A,0)),\"\")","v":"INSUMO"},{"$f":"IF(IFERROR(INDEX(COMPOSIÇÕES_IFMT!$B:$B,MATCH($A592,COMPOSIÇÕES_IFMT!$A:$A,0)),\"\")<>\"\",OFFSET(COMPOSIÇÕES_IFMT!$A$1,MATCH($A592,COMPOSIÇÕES_IFMT!$A:$A,0),1),\"\")","v":1570},{"$f":"IFERROR(INDEX(SINAPI!$B:$B,MATCH($B593,SINAPI!$A:$A,0)),\"\")","v":"TERMINAL A COMPRESSAO EM COBRE ESTANHADO PARA CABO 2,5 MM2, 1 FURO E 1 COMPRESSAO, PARA PARAFUSO DE FIXACAO M5"},{"$f":"IFERROR(INDEX(SINAPI!$C:$C,MATCH($B593,SINAPI!$A:$A,0)),\"\")","v":"UN    "},{"$f":"IF(IFERROR(INDEX(COMPOSIÇÕES_IFMT!$B:$B,MATCH($A592,COMPOSIÇÕES_IFMT!$A:$A,0)),\"\")<>\"\",OFFSET(COMPOSIÇÕES_IFMT!$A$1,MATCH($A592,COMPOSIÇÕES_IFMT!$A:$A,0),4),\"\")","v":1},{"$f":"IFERROR(INDEX(SINAPI!$D:$D,MATCH($B593,SINAPI!$A:$A,0)),0)","v":0.69},{"$f":"IFERROR(F593*E593,0)","v":0.69}]
[{"$f":"IFERROR(INDEX(SINAPI!$E:$E,MATCH($B594,SINAPI!$A:$A,0)),\"\")","v":"INSUMO"},{"$f":"IF(IFERROR(INDEX(COMPOSIÇÕES_IFMT!$B:$B,MATCH($A592,COMPOSIÇÕES_IFMT!$A:$A,0)),\"\")<>\"\",OFFSET(COMPOSIÇÕES_IFMT!$A$1,MATCH($A592,COMPOSIÇÕES_IFMT!$A:$A,0)+1,1),\"\")","v":34653},{"$f":"IFERROR(INDEX(SINAPI!$B:$B,MATCH($B594,SINAPI!$A:$A,0)),\"\")","v":"DISJUNTOR TIPO DIN/IEC, MONOPOLAR DE 6  ATE  32A"},{"$f":"IFERROR(INDEX(SINAPI!$C:$C,MATCH($B594,SINAPI!$A:$A,0)),\"\")","v":"UN    "},{"$f":"IF(IFERROR(INDEX(COMPOSIÇÕES_IFMT!$B:$B,MATCH($A592,COMPOSIÇÕES_IFMT!$A:$A,0)),\"\")<>\"\",OFFSET(COMPOSIÇÕES_IFMT!$A$1,MATCH($A592,COMPOSIÇÕES_IFMT!$A:$A,0)+1,4),\"\")","v":1},{"$f":"IFERROR(INDEX(SINAPI!$D:$D,MATCH($B594,SINAPI!$A:$A,0)),0)","v":7.54},{"$f":"IFERROR(F594*E594,0)","v":7.54}]
[{"$f":"IFERROR(INDEX(SINAPI!$E:$E,MATCH($B595,SINAPI!$A:$A,0)),\"\")","v":"COMPOSIÇÃO"},{"$f":"IF(IFERROR(INDEX(COMPOSIÇÕES_IFMT!$B:$B,MATCH($A592,COMPOSIÇÕES_IFMT!$A:$A,0)),\"\")<>\"\",OFFSET(COMPOSIÇÕES_IFMT!$A$1,MATCH($A592,COMPOSIÇÕES_IFMT!$A:$A,0)+2,1),\"\")","v":88247},{"$f":"IFERROR(INDEX(SINAPI!$B:$B,MATCH($B595,SINAPI!$A:$A,0)),\"\")","v":"AUXILIAR DE ELETRICISTA COM ENCARGOS COMPLEMENTARES"},{"$f":"IFERROR(INDEX(SINAPI!$C:$C,MATCH($B595,SINAPI!$A:$A,0)),\"\")","v":"H"},{"$f":"IF(IFERROR(INDEX(COMPOSIÇÕES_IFMT!$B:$B,MATCH($A592,COMPOSIÇÕES_IFMT!$A:$A,0)),\"\")<>\"\",OFFSET(COMPOSIÇÕES_IFMT!$A$1,MATCH($A592,COMPOSIÇÕES_IFMT!$A:$A,0)+2,4),\"\")","v":3.5000000000000003E-2},{"$f":"IFERROR(INDEX(SINAPI!$D:$D,MATCH($B595,SINAPI!$A:$A,0)),0)","v":15.84},0.5544]
[{"$f":"IFERROR(INDEX(SINAPI!$E:$E,MATCH($B596,SINAPI!$A:$A,0)),\"\")","v":"COMPOSIÇÃO"},{"$f":"IF(IFERROR(INDEX(COMPOSIÇÕES_IFMT!$B:$B,MATCH($A592,COMPOSIÇÕES_IFMT!$A:$A,0)),\"\")<>\"\",OFFSET(COMPOSIÇÕES_IFMT!$A$1,MATCH($A592,COMPOSIÇÕES_IFMT!$A:$A,0)+3,1),\"\")","v":88264},{"$f":"IFERROR(INDEX(SINAPI!$B:$B,MATCH($B596,SINAPI!$A:$A,0)),\"\")","v":"ELETRICISTA COM ENCARGOS COMPLEMENTARES"},{"$f":"IFERROR(INDEX(SINAPI!$C:$C,MATCH($B596,SINAPI!$A:$A,0)),\"\")","v":"H"},{"$f":"IF(IFERROR(INDEX(COMPOSIÇÕES_IFMT!$B:$B,MATCH($A592,COMPOSIÇÕES_IFMT!$A:$A,0)),\"\")<>\"\",OFFSET(COMPOSIÇÕES_IFMT!$A$1,MATCH($A592,COMPOSIÇÕES_IFMT!$A:$A,0)+3,4),\"\")","v":3.5000000000000003E-2},{"$f":"IFERROR(INDEX(SINAPI!$D:$D,MATCH($B596,SINAPI!$A:$A,0)),0)","v":20.52},0.71820000000000006]
[null,null,null,null,null,"TOTAL",{"$f":"SUM(G593:G596)","v":9.5025999999999993}]
[]
[]
["CLASSE/TIPO","CÓDIGOS/ SINAPI","DESCRIÇÃO","UND","COEFICIENTE","PREÇO UNITÁRIO","PREÇO TOTAL"]
["IFMT 167.02.2020",{"$f":"IFERROR(INDEX(COMPOSIÇÕES_IFMT!$B:$B,MATCH($A601,COMPOSIÇÕES_IFMT!$A:$A,0)),\"\")","v":".167/E"},{"$f":"IFERROR(INDEX(COMPOSIÇÕES_IFMT!$C:$C,MATCH($A601,COMPOSIÇÕES_IFMT!$A:$A,0)),\"\")","v":"DISJUNTOR MONOPOLAR TIPO DIN, CORRENTE NOMINAL DE 10A - FORNECIMENTO E INSTALAÇÃO, CURVA B, CAPACIDADE DE INTERRUPÇÃO 8KA."},{"$f":"IFERROR(INDEX(COMPOSIÇÕES_IFMT!$D:$D,MATCH($A601,COMPOSIÇÕES_IFMT!$A:$A,0)),\"\")","v":"UN"},null,null,{"$f":"G606","v":9.5025999999999993}]
[{"$f":"IFERROR(INDEX(SINAPI!$E:$E,MATCH($B602,SINAPI!$A:$A,0)),\"\")","v":"INSUMO"},{"$f":"IF(IFERROR(INDEX(COMPOSIÇÕES_IFMT!$B:$B,MATCH($A601,COMPOSIÇÕES_IFMT!$A:$A,0)),\"\")<>\"\",OFFSET(COMPOSIÇÕES_IFMT!$A$1,MATCH($A601,COMPOSIÇÕES_IFMT!$A:$A,0),1),\"\")","v":1570},{"$f":"IFERROR(INDEX(SINAPI!$B:$B,MATCH($B602,SINAPI!$A:$A,0)),\"\")","v":"TERMINAL A COMPRESSAO EM COBRE ESTANHADO PARA CABO 2,5 MM2, 1 FURO E 1 COMPRESSAO, PARA PARAFUSO DE FIXACAO M5"},{"$f":"IFERROR(INDEX(SINAPI!$C:$C,MATCH($B602,SINAPI!$A:$A,0)),\"\")","v":"UN    "},{"$f":"IF(IFERROR(INDEX(COMPOSIÇÕES_IFMT!$B:$B,MATCH($A601,COMPOSIÇÕES_IFMT!$A:$A,0)),\"\")<>\"\",OFFSET(COMPOSIÇÕES_IFMT!$A$1,MATCH($A601,COMPOSIÇÕES_IFMT!$A:$A,0),4),\"\")","v":1},{"$f":"IFERROR(INDEX(SINAPI!$D:$D,MATCH($B602,SINAPI!$A:$A,0)),0)","v":0.69},{"$f":"IFERROR(F602*E602,0)","v":0.69}]
[{"$f":"IFERROR(INDEX(SINAPI!$E:$E,MATCH($B603,SINAPI!$A:$A,0)),\"\")","v":"INSUMO"},{"$f":"IF(IFERROR(INDEX(COMPOSIÇÕES_IFMT!$B:$B,MATCH($A601,COMPOSIÇÕES_IFMT!$A:$A,0)),\"\")<>\"\",OFFSET(COMPOSIÇÕES_IFMT!$A$1,MATCH($A601,COMPOSIÇÕES_IFMT!$A:$A,0)+1,1),\"\")","v":34653},{"$f":"IFERROR(INDEX(SINAPI!$B:$B,MATCH($B603,SINAPI!$A:$A,0)),\"\")","v":"DISJUNTOR TIPO DIN/IEC, MONOPOLAR DE 6  ATE  32A"},{"$f":"IFERROR(INDEX(SINAPI!$C:$C,MATCH($B603,SINAPI!$A:$A,0)),\"\")","v":"UN    "},{"$f":"IF(IFERROR(INDEX(COMPOSIÇÕES_IFMT!$B:$B,MATCH($A601,COMPOSIÇÕES_IFMT!$A:$A,0)),\"\")<>\"\",OFFSET(COMPOSIÇÕES_IFMT!$A$1,MATCH($A601,COMPOSIÇÕES_IFMT!$A:$A,0)+1,4),\"\")","v":1},{"$f":"IFERROR(INDEX(SINAPI!$D:$D,MATCH($B603,SINAPI!$A:$A,0)),0)","v":7.54},{"$f":"IFERROR(F603*E603,0)","v":7.54}]
[{"$f":"IFERROR(INDEX(SINAPI!$E:$E,MATCH($B604,SINAPI!$A:$A,0)),\"\")","v":"COMPOSIÇÃO"},{"$f":"IF(IFERROR(INDEX(COMPOSIÇÕES_IFMT!$B:$B,MATCH($A601,COMPOSIÇÕES_IFMT!$A:$A,0)),\"\")<>\"\",OFFSET(COMPOSIÇÕES_IFMT!$A$1,MATCH($A601,COMPOSIÇÕES_IFMT!$A:$A,0)+2,1),\"\")","v":88247},{"$f":"IFERROR(INDEX(SINAPI!$B:$B,MATCH($B604,SINAPI!$A:$A,0)),\"\")","v":"AUXILIAR DE ELETRICISTA COM ENCARGOS COMPLEMENTARES"},{"$f":"IFERROR(INDEX(SINAPI!$C:$C,MATCH($B604,SINAPI!$A:$A,0)),\"\")","v":"H"},{"$f":"IF(IFERROR(INDEX(COMPOSIÇÕES_IFMT!$B:$B,MATCH($A601,COMPOSIÇÕES_IFMT!$A:$A,0)),\"\")<>\"\",OFFSET(COMPOSIÇÕES_IFMT!$A$1,MATCH($A601,COMPOSIÇÕES_IFMT!$A:$A,0)+2,4),\"\")","v":3.5000000000000003E-2},{"$f":"IFERROR(INDEX(SINAPI!$D:$D,MATCH($B604,SINAPI!$A:$A,0)),0)","v":15.84},0.5544]
[{"$f":"IFERROR(INDEX(SINAPI!$E:$E,MATCH($B605,SINAPI!$A:$A,0)),\"\")","v":"COMPOSIÇÃO"},{"$f":"IF(IFERROR(INDEX(COMPOSIÇÕES_IFMT!$B:$B,MATCH($A601,COMPOSIÇÕES_IFMT!$A:$A,0)),\"\")<>\"\",OFFSET(COMPOSIÇÕES_IFMT!$A$1,MATCH($A601,COMPOSIÇÕES_IFMT!$A:$A,0)+3,1),\"\")","v":88264},{"$f":"IFERROR(INDEX(SINAPI!$B:$B,MATCH($B605,SINAPI!$A:$A,0)),\"\")","v":"ELETRICISTA COM ENCARGOS COMPLEMENTARES"},{"$f":"IFERROR(INDEX(SINAPI!$C:$C,MATCH($B605,SINAPI!$A:$A,0)),\"\")","v":"H"},{"$f":"IF(IFERROR(INDEX(COMPOSIÇÕES_IFMT!$B:$B,MATCH($A601,COMPOSIÇÕES_IFMT!$A:$A,0)),\"\")<>\"\",OFFSET(COMPOSIÇÕES_IFMT!$A$1,MATCH($A601,COMPOSIÇÕES_IFMT!$A:$A,0)+3,4),\"\")","v":3.5000000000000003E-2},{"$f":"IFERROR(INDEX(SINAPI!$D:$D,MATCH($B605,SINAPI!$A:$A,0)),0)","v":20.52},0.71820000000000006]
[null,null,null,null,null,"TOTAL",{"$f":"SUM(G602:G605)","v":9.5025999999999993}]
[]
[]
["CLASSE/TIPO","CÓDIGOS/ SINAPI","DESCRIÇÃO","UND","COEFICIENTE","PREÇO UNITÁRIO","PREÇO TOTAL"]
["IFMT 168.02.2020",{"$f":"IFERROR(INDEX(COMPOSIÇÕES_IFMT!$B:$B,MATCH($A610,COMPOSIÇÕES_IFMT!$A:$A,0)),\"\")","v":".168/E"},{"$f":"IFERROR(INDEX(COMPOSIÇÕES_IFMT!$C:$C,MATCH($A610,COMPOSIÇÕES_IFMT!$A:$A,0)),\"\")","v":"DISJUNTOR MONOPOLAR TIPO DIN, CORRENTE NOMINAL DE 16A - FORNECIMENTO E INSTALAÇÃO, CURVA B, CAPACIDADE DE INTERRUPÇÃO 3KA."},{"$f":"IFERROR(INDEX(COMPOSIÇÕES_IFMT!$D:$D,MATCH($A610,COMPOSIÇÕES_IFMT!$A:$A,0)),\"\")","v":"UN"},null,null,{"$f":"G615","v":9.9752799999999997}]
[{"$f":"IFERROR(INDEX(SINAPI!$E:$E,MATCH($B611,SINAPI!$A:$A,0)),\"\")","v":"INSUMO"},{"$f":"IF(IFERROR(INDEX(COMPOSIÇÕES_IFMT!$B:$B,MATCH($A610,COMPOSIÇÕES_IFMT!$A:$A,0)),\"\")<>\"\",OFFSET(COMPOSIÇÕES_IFMT!$A$1,MATCH($A610,COMPOSIÇÕES_IFMT!$A:$A,0),1),\"\")","v":1570},{"$f":"IFERROR(INDEX(SINAPI!$B:$B,MATCH($B611,SINAPI!$A:$A,0)),\"\")","v":"TERMINAL A COMPRESSAO EM COBRE ESTANHADO PARA CABO 2,5 MM2, 1 FURO E 1 COMPRESSAO, PARA PARAFUSO DE FIXACAO M5"},{"$f":"IFERROR(INDEX(SINAPI!$C:$C,MATCH($B611,SINAPI!$A:$A,0)),\"\")","v":"UN    "},{"$f":"IF(IFERROR(INDEX(COMPOSIÇÕES_IFMT!$B:$B,MATCH($A610,COMPOSIÇÕES_IFMT!$A:$A,0)),\"\")<>\"\",OFFSET(COMPOSIÇÕES_IFMT!$A$1,MATCH($A610,COMPOSIÇÕES_IFMT!$A:$A,0),4),\"\")","v":1},{"$f":"IFERROR(INDEX(SINAPI!$D:$D,MATCH($B611,SINAPI!$A:$A,0)),0)","v":0.69},{"$f":"IFERROR(F611*E611,0)","v":0.69}]
[{"$f":"IFERROR(INDEX(SINAPI!$E:$E,MATCH($B612,SINAPI!$A:$A,0)),\"\")","v":"INSUMO"},{"$f":"IF(IFERROR(INDEX(COMPOSIÇÕES_IFMT!$B:$B,MATCH($A610,COMPOSIÇÕES_IFMT!$A:$A,0)),\"\")<>\"\",OFFSET(COMPOSIÇÕES_IFMT!$A$1,MATCH($A610,COMPOSIÇÕES_IFMT!$A:$A,0)+1,1),\"\")","v":34653},{"$f":"IFERROR(INDEX(SINAPI!$B:$B,MATCH($B612,SINAPI!$A:$A,0)),\"\")","v":"DISJUNTOR TIPO DIN/IEC, MONOPOLAR DE 6  ATE  32A"},{"$f":"IFERROR(INDEX(SINAPI!$C:$C,MATCH($B612,SINAPI!$A:$A,0)),\"\")","v":"UN    "},{"$f":"IF(IFERROR(INDEX(COMPOSIÇÕES_IFMT!$B:$B,MATCH($A610,COMPOSIÇÕES_IFMT!$A:$A,0)),\"\")<>\"\",OFFSET(COMPOSIÇÕES_IFMT!$A$1,MATCH($A610,COMPOSIÇÕES_IFMT!$A:$A,0)+1,4),\"\")","v":1},{"$f":"IFERROR(INDEX(SINAPI!$D:$D,MATCH($B612,SINAPI!$A:$A,0)),0)","v":7.54},{"$f":"IFERROR(F612*E612,0)","v":7.54}]
[{"$f":"IFERROR(INDEX(SINAPI!$E:$E,MATCH($B613,SINAPI!$A:$A,0)),\"\")","v":"COMPOSIÇÃO"},{"$f":"IF(IFERROR(INDEX(COMPOSIÇÕES_IFMT!$B:$B,MATCH($A610,COMPOSIÇÕES_IFMT!$A:$A,0)),\"\")<>\"\",OFFSET(COMPOSIÇÕES_IFMT!$A$1,MATCH($A610,COMPOSIÇÕES_IFMT!$A:$A,0)+2,1),\"\")","v":88247},{"$f":"IFERROR(INDEX(SINAPI!$B:$B,MATCH($B613,SINAPI!$A:$A,0)),\"\")","v":"AUXILIAR DE ELETRICISTA COM ENCARGOS COMPLEMENTARES"},{"$f":"IFERROR(INDEX(SINAPI!$C:$C,MATCH($B613,SINAPI!$A:$A,0)),\"\")","v":"H"},{"$f":"IF(IFERROR(INDEX(COMPOSIÇÕES_IFMT!$B:$B,MATCH($A610,COMPOSIÇÕES_IFMT!$A:$A,0)),\"\")<>\"\",OFFSET(COMPOSIÇÕES_IFMT!$A$1,MATCH($A610,COMPOSIÇÕES_IFMT!$A:$A,0)+2,4),\"\")","v":4.8000000000000001E-2},{"$f":"IFERROR(INDEX(SINAPI!$D:$D,MATCH($B613,SINAPI!$A:$A,0)),0)","v":15.84},0.76032]
[{"$f":"IFERROR(INDEX(SINAPI!$E:$E,MATCH($B614,SINAPI!$A:$A,0)),\"\")","v":"COMPOSIÇÃO"},{"$f":"IF(IFERROR(INDEX(COMPOSIÇÕES_IFMT!$B:$B,MATCH($A610,COMPOSIÇÕES_IFMT!$A:$A,0)),\"\")<>\"\",OFFSET(COMPOSIÇÕES_IFMT!$A$1,MATCH($A610,COMPOSIÇÕES_IFMT!$A:$A,0)+3,1),\"\")","v":88264},{"$f":"IFERROR(INDEX(SINAPI!$B:$B,MATCH($B614,SINAPI!$A:$A,0)),\"\")","v":"ELETRICISTA COM ENCARGOS COMPLEMENTARES"},{"$f":"IFERROR(INDEX(SINAPI!$C:$C,MATCH($B614,SINAPI!$A:$A,0)),\"\")","v":"H"},{"$f":"IF(IFERROR(INDEX(COMPOSIÇÕES_IFMT!$B:$B,MATCH($A610,COMPOSIÇÕES_IFMT!$A:$A,0)),\"\")<>\"\",OFFSET(COMPOSIÇÕES_IFMT!$A$1,MATCH($A610,COMPOSIÇÕES_IFMT!$A:$A,0)+3,4),\"\")","v":4.8000000000000001E-2},{"$f":"IFERROR(INDEX(SINAPI!$D:$D,MATCH($B614,SINAPI!$A:$A,0)),0)","v":20.52},0.98495999999999995]
[null,null,null,null,null,"TOTAL",{"$f":"SUM(G611:G614)","v":9.9752799999999997}]
[]
[]
["CLASSE/TIPO","CÓDIGOS/ SINAPI","DESCRIÇÃO","UND","COEFICIENTE","PREÇO UNITÁRIO","PREÇO TOTAL"]
["IFMT 169.02.2020",{"$f":"IFERROR(INDEX(COMPOSIÇÕES_IFMT!$B:$B,MATCH($A619,COMPOSIÇÕES_IFMT!$A:$A,0)),\"\")","v":".169/E"},{"$f":"IFERROR(INDEX(COMPOSIÇÕES_IFMT!$C:$C,MATCH($A619,COMPOSIÇÕES_IFMT!$A:$A,0)),\"\")","v":"DISJUNTOR MONOPOLAR TIPO DIN, CORRENTE NOMINAL DE 16A - FORNECIMENTO E INSTALAÇÃO, CURVA B, CAPACIDADE DE INTERRUPÇÃO 8KA."},{"$f":"IFERROR(INDEX(COMPOSIÇÕES_IFMT!$D:$D,MATCH($A619,COMPOSIÇÕES_IFMT!$A:$A,0)),\"\")","v":"UN"},null,null,{"$f":"G624","v":9.9752799999999997}]
[{"$f":"IFERROR(INDEX(SINAPI!$E:$E,MATCH($B620,SINAPI!$A:$A,0)),\"\")","v":"INSUMO"},{"$f":"IF(IFERROR(INDEX(COMPOSIÇÕES_IFMT!$B:$B,MATCH($A619,COMPOSIÇÕES_IFMT!$A:$A,0)),\"\")<>\"\",OFFSET(COMPOSIÇÕES_IFMT!$A$1,MATCH($A619,COMPOSIÇÕES_IFMT!$A:$A,0),1),\"\")","v":1570},{"$f":"IFERROR(INDEX(SINAPI!$B:$B,MATCH($B620,SINAPI!$A:$A,0)),\"\")","v":"TERMINAL A COMPRESSAO EM COBRE ESTANHADO PARA CABO 2,5 MM2, 1 FURO E 1 COMPRESSAO, PARA PARAFUSO DE FIXACAO M5"},{"$f":"IFERROR(INDEX(SINAPI!$C:$C,MATCH($B620,SINAPI!$A:$A,0)),\"\")","v":"UN    "},{"$f":"IF(IFERROR(INDEX(COMPOSIÇÕES_IFMT!$B:$B,MATCH($A619,COMPOSIÇÕES_IFMT!$A:$A,0)),\"\")<>\"\",OFFSET(COMPOSIÇÕES_IFMT!$A$1,MATCH($A619,COMPOSIÇÕES_IFMT!$A:$A,0),4),\"\")","v":1},{"$f":"IFERROR(INDEX(SINAPI!$D:$D,MATCH($B620,SINAPI!$A:$A,0)),0)","v":0.69},{"$f":"IFERROR(F620*E620,0)","v":0.69}]
[{"$f":"IFERROR(INDEX(SINAPI!$E:$E,MATCH($B621,SINAPI!$A:$A,0)),\"\")","v":"INSUMO"},{"$f":"IF(IFERROR(INDEX(COMPOSIÇÕES_IFMT!$B:$B,MATCH($A619,COMPOSIÇÕES_IFMT!$A:$A,0)),\"\")<>\"\",OFFSET(COMPOSIÇÕES_IFMT!$A$1,MATCH($A619,COMPOSIÇÕES_IFMT!$A:$A,0)+1,1),\"\")","v":34653},{"$f":"IFERROR(INDEX(SINAPI!$B:$B,MATCH($B621,SINAPI!$A:$A,0)),\"\")","v":"DISJUNTOR TIPO DIN/IEC, MONOPOLAR DE 6  ATE  32A"},{"$f":"IFERROR(INDEX(SINAPI!$C:$C,MATCH($B621,SINAPI!$A:$A,0)),\"\")","v":"UN    "},{"$f":"IF(IFERROR(INDEX(COMPOSIÇÕES_IFMT!$B:$B,MATCH($A619,COMPOSIÇÕES_IFMT!$A:$A,0)),\"\")<>\"\",OFFSET(COMPOSIÇÕES_IFMT!$A$1,MATCH($A619,COMPOSIÇÕES_IFMT!$A:$A,0)+1,4),\"\")","v":1},{"$f":"IFERROR(INDEX(SINAPI!$D:$D,MATCH($B621,SINAPI!$A:$A,0)),0)","v":7.54},{"$f":"IFERROR(F621*E621,0)","v":7.54}]
[{"$f":"IFERROR(INDEX(SINAPI!$E:$E,MATCH($B622,SINAPI!$A:$A,0)),\"\")","v":"COMPOSIÇÃO"},{"$f":"IF(IFERROR(INDEX(COMPOSIÇÕES_IFMT!$B:$B,MATCH($A619,COMPOSIÇÕES_IFMT!$A:$A,0)),\"\")<>\"\",OFFSET(COMPOSIÇÕES_IFMT!$A$1,MATCH($A619,COMPOSIÇÕES_IFMT!$A:$A,0)+2,1),\"\")","v":88247},{"$f":"IFERROR(INDEX(SINAPI!$B:$B,MATCH($B622,SINAPI!$A:$A,0)),\"\")","v":"AUXILIAR DE ELETRICISTA COM ENCARGOS COMPLEMENTARES"},{"$f":"IFERROR(INDEX(SINAPI!$C:$C,MATCH($B622,SINAPI!$A:$A,0)),\"\")","v":"H"},{"$f":"IF(IFERROR(INDEX(COMPOSIÇÕES_IFMT!$B:$B,MATCH($A619,COMPOSIÇÕES_IFMT!$A:$A,0)),\"\")<>\"\",OFFSET(COMPOSIÇÕES_IFMT!$A$1,MATCH($A619,COMPOSIÇÕES_IFMT!$A:$A,0)+2,4),\"\")","v":4.8000000000000001E-2},{"$f":"IFERROR(INDEX(SINAPI!$D:$D,MATCH($B622,SINAPI!$A:$A,0)),0)","v":15.84},0.76032]
[{"$f":"IFERROR(INDEX(SINAPI!$E:$E,MATCH($B623,SINAPI!$A:$A,0)),\"\")","v":"COMPOSIÇÃO"},{"$f":"IF(IFERROR(INDEX(COMPOSIÇÕES_IFMT!$B:$B,MATCH($A619,COMPOSIÇÕES_IFMT!$A:$A,0)),\"\")<>\"\",OFFSET(COMPOSIÇÕES_IFMT!$A$1,MATCH($A619,COMPOSIÇÕES_IFMT!$A:$A,0)+3,1),\"\")","v":88264},{"$f":"IFERROR(INDEX(SINAPI!$B:$B,MATCH($B623,SINAPI!$A:$A,0)),\"\")","v":"ELETRICISTA COM ENCARGOS COMPLEMENTARES"},{"$f":"IFERROR(INDEX(SINAPI!$C:$C,MATCH($B623,SINAPI!$A:$A,0)),\"\")","v":"H"},{"$f":"IF(IFERROR(INDEX(COMPOSIÇÕES_IFMT!$B:$B,MATCH($A619,COMPOSIÇÕES_IFMT!$A:$A,0)),\"\")<>\"\",OFFSET(COMPOSIÇÕES_IFMT!$A$1,MATCH($A619,COMPOSIÇÕES_IFMT!$A:$A,0)+3,4),\"\")","v":4.8000000000000001E-2},{"$f":"IFERROR(INDEX(SINAPI!$D:$D,MATCH($B623,SINAPI!$A:$A,0)),0)","v":20.52},0.98495999999999995]
[null,null,null,null,null,"TOTAL",{"$f":"SUM(G620:G623)","v":9.9752799999999997}]
[]
[]
["CLASSE/TIPO","CÓDIGOS/ SINAPI","DESCRIÇÃO","UND","COEFICIENTE","PREÇO UNITÁRIO","PREÇO TOTAL"]
["IFMT 170.02.2020",{"$f":"IFERROR(INDEX(COMPOSIÇÕES_IFMT!$B:$B,MATCH($A628,COMPOSIÇÕES_IFMT!$A:$A,0)),\"\")","v":".170/E"},{"$f":"IFERROR(INDEX(COMPOSIÇÕES_IFMT!$C:$C,MATCH($A628,COMPOSIÇÕES_IFMT!$A:$A,0)),\"\")","v":"DISJUNTOR MONOPOLAR TIPO DIN, CORRENTE NOMINAL DE 20A - FORNECIMENTO E INSTALAÇÃO, CURVA B, CAPACIDADE DE INTERRUPÇÃO 8KA."},{"$f":"IFERROR(INDEX(COMPOSIÇÕES_IFMT!$D:$D,MATCH($A628,COMPOSIÇÕES_IFMT!$A:$A,0)),\"\")","v":"UN"},null,null,{"$f":"G633","v":10.83976}]
[{"$f":"IFERROR(INDEX(SINAPI!$E:$E,MATCH($B629,SINAPI!$A:$A,0)),\"\")","v":"INSUMO"},{"$f":"IF(IFERROR(INDEX(COMPOSIÇÕES_IFMT!$B:$B,MATCH($A628,COMPOSIÇÕES_IFMT!$A:$A,0)),\"\")<>\"\",OFFSET(COMPOSIÇÕES_IFMT!$A$1,MATCH($A628,COMPOSIÇÕES_IFMT!$A:$A,0),1),\"\")","v":1571},{"$f":"IFERROR(INDEX(SINAPI!$B:$B,MATCH($B629,SINAPI!$A:$A,0)),\"\")","v":"TERMINAL A COMPRESSAO EM COBRE ESTANHADO PARA CABO 4 MM2, 1 FURO E 1 COMPRESSAO, PARA PARAFUSO DE FIXACAO M5"},{"$f":"IFERROR(INDEX(SINAPI!$C:$C,MATCH($B629,SINAPI!$A:$A,0)),\"\")","v":"UN    "},{"$f":"IF(IFERROR(INDEX(COMPOSIÇÕES_IFMT!$B:$B,MATCH($A628,COMPOSIÇÕES_IFMT!$A:$A,0)),\"\")<>\"\",OFFSET(COMPOSIÇÕES_IFMT!$A$1,MATCH($A628,COMPOSIÇÕES_IFMT!$A:$A,0),4),\"\")","v":1},{"$f":"IFERROR(INDEX(SINAPI!$D:$D,MATCH($B629,SINAPI!$A:$A,0)),0)","v":0.9},{"$f":"IFERROR(F629*E629,0)","v":0.9}]
[{"$f":"IFERROR(INDEX(SINAPI!$E:$E,MATCH($B630,SINAPI!$A:$A,0)),\"\")","v":"INSUMO"},{"$f":"IF(IFERROR(INDEX(COMPOSIÇÕES_IFMT!$B:$B,MATCH($A628,COMPOSIÇÕES_IFMT!$A:$A,0)),\"\")<>\"\",OFFSET(COMPOSIÇÕES_IFMT!$A$1,MATCH($A628,COMPOSIÇÕES_IFMT!$A:$A,0)+1,1),\"\")","v":34653},{"$f":"IFERROR(INDEX(SINAPI!$B:$B,MATCH($B630,SINAPI!$A:$A,0)),\"\")","v":"DISJUNTOR TIPO DIN/IEC, MONOPOLAR DE 6  ATE  32A"},{"$f":"IFERROR(INDEX(SINAPI!$C:$C,MATCH($B630,SINAPI!$A:$A,0)),\"\")","v":"UN    "},{"$f":"IF(IFERROR(INDEX(COMPOSIÇÕES_IFMT!$B:$B,MATCH($A628,COMPOSIÇÕES_IFMT!$A:$A,0)),\"\")<>\"\",OFFSET(COMPOSIÇÕES_IFMT!$A$1,MATCH($A628,COMPOSIÇÕES_IFMT!$A:$A,0)+1,4),\"\")","v":1},{"$f":"IFERROR(INDEX(SINAPI!$D:$D,MATCH($B630,SINAPI!$A:$A,0)),0)","v":7.54},{"$f":"IFERROR(F630*E630,0)","v":7.54}]
[{"$f":"IFERROR(INDEX(SINAPI!$E:$E,MATCH($B631,SINAPI!$A:$A,0)),\"\")","v":"COMPOSIÇÃO"},{"$f":"IF(IFERROR(INDEX(COMPOSIÇÕES_IFMT!$B:$B,MATCH($A628,COMPOSIÇÕES_IFMT!$A:$A,0)),\"\")<>\"\",OFFSET(COMPOSIÇÕES_IFMT!$A$1,MATCH($A628,COMPOSIÇÕES_IFMT!$A:$A,0)+2,1),\"\")","v":88247},{"$f":"IFERROR(INDEX(SINAPI!$B:$B,MATCH($B631,SINAPI!$A:$A,0)),\"\")","v":"AUXILIAR DE ELETRICISTA COM ENCARGOS COMPLEMENTARES"},{"$f":"IFERROR(INDEX(SINAPI!$C:$C,MATCH($B631,SINAPI!$A:$A,0)),\"\")","v":"H"},{"$f":"IF(IFERROR(INDEX(COMPOSIÇÕES_IFMT!$B:$B,MATCH($A628,COMPOSIÇÕES_IFMT!$A:$A,0)),\"\")<>\"\",OFFSET(COMPOSIÇÕES_IFMT!$A$1,MATCH($A628,COMPOSIÇÕES_IFMT!$A:$A,0)+2,4),\"\")","v":6.6000000000000003E-2},{"$f":"IFERROR(INDEX(SINAPI!$D:$D,MATCH($B631,SINAPI!$A:$A,0)),0)","v":15.84},1.0454400000000001]
[{"$f":"IFERROR(INDEX(SINAPI!$E:$E,MATCH($B632,SINAPI!$A:$A,0)),\"\")","v":"COMPOSIÇÃO"},{"$f":"IF(IFERROR(INDEX(COMPOSIÇÕES_IFMT!$B:$B,MATCH($A628,COMPOSIÇÕES_IFMT!$A:$A,0)),\"\")<>\"\",OFFSET(COMPOSIÇÕES_IFMT!$A$1,MATCH($A628,COMPOSIÇÕES_IFMT!$A:$A,0)+3,1),\"\")","v":88264},{"$f":"IFERROR(INDEX(SINAPI!$B:$B,MATCH($B632,SINAPI!$A:$A,0)),\"\")","v":"ELETRICISTA COM ENCARGOS COMPLEMENTARES"},{"$f":"IFERROR(INDEX(SINAPI!$C:$C,MATCH($B632,SINAPI!$A:$A,0)),\"\")","v":"H"},{"$f":"IF(IFERROR(INDEX(COMPOSIÇÕES_IFMT!$B:$B,MATCH($A628,COMPOSIÇÕES_IFMT!$A:$A,0)),\"\")<>\"\",OFFSET(COMPOSIÇÕES_IFMT!$A$1,MATCH($A628,COMPOSIÇÕES_IFMT!$A:$A,0)+3,4),\"\")","v":6.6000000000000003E-2},{"$f":"IFERROR(INDEX(SINAPI!$D:$D,MATCH($B632,SINAPI!$A:$A,0)),0)","v":20.52},1.35432]
[null,null,null,null,null,"TOTAL",{"$f":"SUM(G629:G632)","v":10.83976}]
[]
[]
["CLASSE/TIPO","CÓDIGOS/ SINAPI","DESCRIÇÃO","UND","COEFICIENTE","PREÇO UNITÁRIO","PREÇO TOTAL"]
["IFMT 171.02.2020",{"$f":"IFERROR(INDEX(COMPOSIÇÕES_IFMT!$B:$B,MATCH($A637,COMPOSIÇÕES_IFMT!$A:$A,0)),\"\")","v":".171/E"},{"$f":"IFERROR(INDEX(COMPOSIÇÕES_IFMT!$C:$C,MATCH($A637,COMPOSIÇÕES_IFMT!$A:$A,0)),\"\")","v":"DISPOSITIVO DE PROTEÇÃO CONTRA SURTO DE TENSÃO DPS 20KA - 175V, FORNECIMENTO E INSTALAÇÃO."},{"$f":"IFERROR(INDEX(COMPOSIÇÕES_IFMT!$D:$D,MATCH($A637,COMPOSIÇÕES_IFMT!$A:$A,0)),\"\")","v":"UN"},null,null,{"$f":"G641","v":67.347999999999999}]
[{"$f":"IFERROR(INDEX(SINAPI!$E:$E,MATCH($B638,SINAPI!$A:$A,0)),\"\")","v":"INSUMO"},{"$f":"IF(IFERROR(INDEX(COMPOSIÇÕES_IFMT!$B:$B,MATCH($A637,COMPOSIÇÕES_IFMT!$A:$A,0)),\"\")<>\"\",OFFSET(COMPOSIÇÕES_IFMT!$A$1,MATCH($A637,COMPOSIÇÕES_IFMT!$A:$A,0),1),\"\")","v":39465},{"$f":"IFERROR(INDEX(SINAPI!$B:$B,MATCH($B638,SINAPI!$A:$A,0)),\"\")","v":"DISPOSITIVO DPS CLASSE II, 1 POLO, TENSAO MAXIMA DE 175 V, CORRENTE MAXIMA DE *20* KA (TIPO AC)"},{"$f":"IFERROR(INDEX(SINAPI!$C:$C,MATCH($B638,SINAPI!$A:$A,0)),\"\")","v":"UN    "},{"$f":"IF(IFERROR(INDEX(COMPOSIÇÕES_IFMT!$B:$B,MATCH($A637,COMPOSIÇÕES_IFMT!$A:$A,0)),\"\")<>\"\",OFFSET(COMPOSIÇÕES_IFMT!$A$1,MATCH($A637,COMPOSIÇÕES_IFMT!$A:$A,0),4),\"\")","v":1},{"$f":"IFERROR(INDEX(SINAPI!$D:$D,MATCH($B638,SINAPI!$A:$A,0)),0)","v":56.44},{"$f":"IFERROR(F638*E638,0)","v":56.44}]
[{"$f":"IFERROR(INDEX(SINAPI!$E:$E,MATCH($B639,SINAPI!$A:$A,0)),\"\")","v":"COMPOSIÇÃO"},{"$f":"IF(IFERROR(INDEX(COMPOSIÇÕES_IFMT!$B:$B,MATCH($A637,COMPOSIÇÕES_IFMT!$A:$A,0)),\"\")<>\"\",OFFSET(COMPOSIÇÕES_IFMT!$A$1,MATCH($A637,COMPOSIÇÕES_IFMT!$A:$A,0)+1,1),\"\")","v":88247},{"$f":"IFERROR(INDEX(SINAPI!$B:$B,MATCH($B639,SINAPI!$A:$A,0)),\"\")","v":"AUXILIAR DE ELETRICISTA COM ENCARGOS COMPLEMENTARES"},{"$f":"IFERROR(INDEX(SINAPI!$C:$C,MATCH($B639,SINAPI!$A:$A,0)),\"\")","v":"H"},{"$f":"IF(IFERROR(INDEX(COMPOSIÇÕES_IFMT!$B:$B,MATCH($A637,COMPOSIÇÕES_IFMT!$A:$A,0)),\"\")<>\"\",OFFSET(COMPOSIÇÕES_IFMT!$A$1,MATCH($A637,COMPOSIÇÕES_IFMT!$A:$A,0)+1,4),\"\")","v":0.3},{"$f":"IFERROR(INDEX(SINAPI!$D:$D,MATCH($B639,SINAPI!$A:$A,0)),0)","v":15.84},{"$f":"IFERROR(F639*E639,0)","v":4.7519999999999998}]
[{"$f":"IFERROR(INDEX(SINAPI!$E:$E,MATCH($B640,SINAPI!$A:$A,0)),\"\")","v":"COMPOSIÇÃO"},{"$f":"IF(IFERROR(INDEX(COMPOSIÇÕES_IFMT!$B:$B,MATCH($A637,COMPOSIÇÕES_IFMT!$A:$A,0)),\"\")<>\"\",OFFSET(COMPOSIÇÕES_IFMT!$A$1,MATCH($A637,COMPOSIÇÕES_IFMT!$A:$A,0)+2,1),\"\")","v":88264},{"$f":"IFERROR(INDEX(SINAPI!$B:$B,MATCH($B640,SINAPI!$A:$A,0)),\"\")","v":"ELETRICISTA COM ENCARGOS COMPLEMENTARES"},{"$f":"IFERROR(INDEX(SINAPI!$C:$C,MATCH($B640,SINAPI!$A:$A,0)),\"\")","v":"H"},{"$f":"IF(IFERROR(INDEX(COMPOSIÇÕES_IFMT!$B:$B,MATCH($A637,COMPOSIÇÕES_IFMT!$A:$A,0)),\"\")<>\"\",OFFSET(COMPOSIÇÕES_IFMT!$A$1,MATCH($A637,COMPOSIÇÕES_IFMT!$A:$A,0)+2,4),\"\")","v":0.3},{"$f":"IFERROR(INDEX(SINAPI!$D:$D,MATCH($B640,SINAPI!$A:$A,0)),0)","v":20.52},6.1559999999999997]
[null,null,null,null,null,"TOTAL",{"$f":"SUM(G638:G640)","v":67.347999999999999}]
[]
[]
["CLASSE/TIPO","CÓDIGOS/ SINAPI","DESCRIÇÃO","UND","COEFICIENTE","PREÇO UNITÁRIO","PREÇO TOTAL"]
["IFMT 172.02.2020",{"$f":"IFERROR(INDEX(COMPOSIÇÕES_IFMT!$B:$B,MATCH($A645,COMPOSIÇÕES_IFMT!$A:$A,0)),\"\")","v":".172/E"},{"$f":"IFERROR(INDEX(COMPOSIÇÕES_IFMT!$C:$C,MATCH($A645,COMPOSIÇÕES_IFMT!$A:$A,0)),\"\")","v":"TOMADA ALTA PARA INSTALAÇÃO EM CONDULETE (1 MÓDULO), 2P+T 10 A, SEM SUPORTE E SEM PLACA - FORNECIMENTO E INSTALAÇÃO."},{"$f":"IFERROR(INDEX(COMPOSIÇÕES_IFMT!$D:$D,MATCH($A645,COMPOSIÇÕES_IFMT!$A:$A,0)),\"\")","v":"UN"},null,null,{"$f":"G649","v":22.704560000000001}]
[{"$f":"IFERROR(INDEX(SINAPI!$E:$E,MATCH($B646,SINAPI!$A:$A,0)),\"\")","v":"INSUMO"},{"$f":"IF(IFERROR(INDEX(COMPOSIÇÕES_IFMT!$B:$B,MATCH($A645,COMPOSIÇÕES_IFMT!$A:$A,0)),\"\")<>\"\",OFFSET(COMPOSIÇÕES_IFMT!$A$1,MATCH($A645,COMPOSIÇÕES_IFMT!$A:$A,0),1),\"\")","v":38101},{"$f":"IFERROR(INDEX(SINAPI!$B:$B,MATCH($B646,SINAPI!$A:$A,0)),\"\")","v":"TOMADA 2P+T 10A, 250V  (APENAS MODULO)"},{"$f":"IFERROR(INDEX(SINAPI!$C:$C,MATCH($B646,SINAPI!$A:$A,0)),\"\")","v":"UN    "},{"$f":"IF(IFERROR(INDEX(COMPOSIÇÕES_IFMT!$B:$B,MATCH($A645,COMPOSIÇÕES_IFMT!$A:$A,0)),\"\")<>\"\",OFFSET(COMPOSIÇÕES_IFMT!$A$1,MATCH($A645,COMPOSIÇÕES_IFMT!$A:$A,0),4),\"\")","v":"1,0000000"},{"$f":"IFERROR(INDEX(SINAPI!$D:$D,MATCH($B646,SINAPI!$A:$A,0)),0)","v":4.67},{"$f":"IFERROR(F646*E646,0)","v":4.67}]
[{"$f":"IFERROR(INDEX(SINAPI!$E:$E,MATCH($B647,SINAPI!$A:$A,0)),\"\")","v":"COMPOSIÇÃO"},{"$f":"IF(IFERROR(INDEX(COMPOSIÇÕES_IFMT!$B:$B,MATCH($A645,COMPOSIÇÕES_IFMT!$A:$A,0)),\"\")<>\"\",OFFSET(COMPOSIÇÕES_IFMT!$A$1,MATCH($A645,COMPOSIÇÕES_IFMT!$A:$A,0)+1,1),\"\")","v":88247},{"$f":"IFERROR(INDEX(SINAPI!$B:$B,MATCH($B647,SINAPI!$A:$A,0)),\"\")","v":"AUXILIAR DE ELETRICISTA COM ENCARGOS COMPLEMENTARES"},{"$f":"IFERROR(INDEX(SINAPI!$C:$C,MATCH($B647,SINAPI!$A:$A,0)),\"\")","v":"H"},{"$f":"IF(IFERROR(INDEX(COMPOSIÇÕES_IFMT!$B:$B,MATCH($A645,COMPOSIÇÕES_IFMT!$A:$A,0)),\"\")<>\"\",OFFSET(COMPOSIÇÕES_IFMT!$A$1,MATCH($A645,COMPOSIÇÕES_IFMT!$A:$A,0)+1,4),\"\")","v":"0,4960000"},{"$f":"IFERROR(INDEX(SINAPI!$D:$D,MATCH($B647,SINAPI!$A:$A,0)),0)","v":15.84},{"$f":"IFERROR(F647*E647,0)","v":7.8566399999999996}]
[{"$f":"IFERROR(INDEX(SINAPI!$E:$E,MATCH($B648,SINAPI!$A:$A,0)),\"\")","v":"COMPOSIÇÃO"},{"$f":"IF(IFERROR(INDEX(COMPOSIÇÕES_IFMT!$B:$B,MATCH($A645,COMPOSIÇÕES_IFMT!$A:$A,0)),\"\")<>\"\",OFFSET(COMPOSIÇÕES_IFMT!$A$1,MATCH($A645,COMPOSIÇÕES_IFMT!$A:$A,0)+2,1),\"\")","v":88264},{"$f":"IFERROR(INDEX(SINAPI!$B:$B,MATCH($B648,SINAPI!$A:$A,0)),\"\")","v":"ELETRICISTA COM ENCARGOS COMPLEMENTARES"},{"$f":"IFERROR(INDEX(SINAPI!$C:$C,MATCH($B648,SINAPI!$A:$A,0)),\"\")","v":"H"},{"$f":"IF(IFERROR(INDEX(COMPOSIÇÕES_IFMT!$B:$B,MATCH($A645,COMPOSIÇÕES_IFMT!$A:$A,0)),\"\")<>\"\",OFFSET(COMPOSIÇÕES_IFMT!$A$1,MATCH($A645,COMPOSIÇÕES_IFMT!$A:$A,0)+2,4),\"\")","v":"0,4960000"},{"$f":"IFERROR(INDEX(SINAPI!$D:$D,MATCH($B648,SINAPI!$A:$A,0)),0)","v":20.52},10.17792]
[null,null,null,null,null,"TOTAL",{"$f":"SUM(G646:G648)","v":22.704560000000001}]
[]
[]
["CLASSE/TIPO","CÓDIGOS/ SINAPI","DESCRIÇÃO","UND","COEFICIENTE","PREÇO UNITÁRIO","PREÇO TOTAL"]
["IFMT 173.02.2020",{"$f":"IFERROR(INDEX(COMPOSIÇÕES_IFMT!$B:$B,MATCH($A653,COMPOSIÇÕES_IFMT!$A:$A,0)),\"\")","v":".173/E"},{"$f":"IFERROR(INDEX(COMPOSIÇÕES_IFMT!$C:$C,MATCH($A653,COMPOSIÇÕES_IFMT!$A:$A,0)),\"\")","v":"TOMADA ALTA PARA INSTALAÇÃO EM CONDULETE (1 MÓDULO), 2P+T 10 A, INCLUINDO SUPORTE E PLACA - FORNECIMENTO E INSTALAÇÃO."},{"$f":"IFERROR(INDEX(COMPOSIÇÕES_IFMT!$D:$D,MATCH($A653,COMPOSIÇÕES_IFMT!$A:$A,0)),\"\")","v":"UN"},null,null,{"$f":"G656","v":27.88456}]
[{"$f":"IFERROR(INDEX(SINAPI!$E:$E,MATCH($B654,SINAPI!$A:$A,0)),\"\")","v":"COMPOSIÇÃO"},{"$f":"IF(IFERROR(INDEX(COMPOSIÇÕES_IFMT!$B:$B,MATCH($A653,COMPOSIÇÕES_IFMT!$A:$A,0)),\"\")<>\"\",OFFSET(COMPOSIÇÕES_IFMT!$A$1,MATCH($A653,COMPOSIÇÕES_IFMT!$A:$A,0),1),\"\")","v":91946},{"$f":"IFERROR(INDEX(SINAPI!$B:$B,MATCH($B654,SINAPI!$A:$A,0)),\"\")","v":"SUPORTE PARAFUSADO COM PLACA DE ENCAIXE 4\" X 2\" MÉDIO (1,30 M DO PISO) PARA PONTO ELÉTRICO - FORNECIMENTO E INSTALAÇÃO. AF_12/2015"},{"$f":"IFERROR(INDEX(SINAPI!$C:$C,MATCH($B654,SINAPI!$A:$A,0)),\"\")","v":"UN"},{"$f":"IF(IFERROR(INDEX(COMPOSIÇÕES_IFMT!$B:$B,MATCH($A653,COMPOSIÇÕES_IFMT!$A:$A,0)),\"\")<>\"\",OFFSET(COMPOSIÇÕES_IFMT!$A$1,MATCH($A653,COMPOSIÇÕES_IFMT!$A:$A,0),4),\"\")","v":"1,0000000"},{"$f":"IFERROR(INDEX(SINAPI!$D:$D,MATCH($B654,SINAPI!$A:$A,0)),0)","v":5.18},{"$f":"IFERROR(F654*E654,0)","v":5.18}]
["IFMT 172.02.2020",".172/E","TOMADA ALTA PARA INSTALAÇÃO EM CONDULETE (1 MÓDULO), 2P+T 10 A, SEM SUPORTE E SEM PLACA - FORNECIMENTO E INSTALAÇÃO.","UN","1,0000000",{"$f":"$G$649","v":22.704560000000001},{"$f":"IFERROR(F655*E655,0)","v":22.704560000000001}]
[null,null,null,null,null,"TOTAL",{"$f":"SUM(G654:G655)","v":27.88456}]
[]
[]
["CLASSE/TIPO","CÓDIGOS/ SINAPI","DESCRIÇÃO","UND","COEFICIENTE","PREÇO UNITÁRIO","PREÇO TOTAL"]
["IFMT 174.02.2020",{"$f":"IFERROR(INDEX(COMPOSIÇÕES_IFMT!$B:$B,MATCH($A660,COMPOSIÇÕES_IFMT!$A:$A,0)),\"\")","v":".174/E"},{"$f":"IFERROR(INDEX(COMPOSIÇÕES_IFMT!$C:$C,MATCH($A660,COMPOSIÇÕES_IFMT!$A:$A,0)),\"\")","v":"TOMADA MÉDIA PARA INSTALAÇÃO EM CONDULETE (1 MÓDULO), 2P+T 10 A, SEM SUPORTE E SEM PLACA - FORNECIMENTO E INSTALAÇÃO."},{"$f":"IFERROR(INDEX(COMPOSIÇÕES_IFMT!$D:$D,MATCH($A660,COMPOSIÇÕES_IFMT!$A:$A,0)),\"\")","v":"UN"},null,null,{"$f":"G664","v":15.868879999999999}]
[{"$f":"IFERROR(INDEX(SINAPI!$E:$E,MATCH($B661,SINAPI!$A:$A,0)),\"\")","v":"INSUMO"},{"$f":"IF(IFERROR(INDEX(COMPOSIÇÕES_IFMT!$B:$B,MATCH($A660,COMPOSIÇÕES_IFMT!$A:$A,0)),\"\")<>\"\",OFFSET(COMPOSIÇÕES_IFMT!$A$1,MATCH($A660,COMPOSIÇÕES_IFMT!$A:$A,0),1),\"\")","v":38101},{"$f":"IFERROR(INDEX(SINAPI!$B:$B,MATCH($B661,SINAPI!$A:$A,0)),\"\")","v":"TOMADA 2P+T 10A, 250V  (APENAS MODULO)"},{"$f":"IFERROR(INDEX(SINAPI!$C:$C,MATCH($B661,SINAPI!$A:$A,0)),\"\")","v":"UN    "},{"$f":"IF(IFERROR(INDEX(COMPOSIÇÕES_IFMT!$B:$B,MATCH($A660,COMPOSIÇÕES_IFMT!$A:$A,0)),\"\")<>\"\",OFFSET(COMPOSIÇÕES_IFMT!$A$1,MATCH($A660,COMPOSIÇÕES_IFMT!$A:$A,0),4),\"\")","v":"1,0000000"},{"$f":"IFERROR(INDEX(SINAPI!$D:$D,MATCH($B661,SINAPI!$A:$A,0)),0)","v":4.67},{"$f":"IFERROR(F661*E661,0)","v":4.67}]
[{"$f":"IFERROR(INDEX(SINAPI!$E:$E,MATCH($B662,SINAPI!$A:$A,0)),\"\")","v":"COMPOSIÇÃO"},{"$f":"IF(IFERROR(INDEX(COMPOSIÇÕES_IFMT!$B:$B,MATCH($A660,COMPOSIÇÕES_IFMT!$A:$A,0)),\"\")<>\"\",OFFSET(COMPOSIÇÕES_IFMT!$A$1,MATCH($A660,COMPOSIÇÕES_IFMT!$A:$A,0)+1,1),\"\")","v":88247},{"$f":"IFERROR(INDEX(SINAPI!$B:$B,MATCH($B662,SINAPI!$A:$A,0)),\"\")","v":"AUXILIAR DE ELETRICISTA COM ENCARGOS COMPLEMENTARES"},{"$f":"IFERROR(INDEX(SINAPI!$C:$C,MATCH($B662,SINAPI!$A:$A,0)),\"\")","v":"H"},{"$f":"IF(IFERROR(INDEX(COMPOSIÇÕES_IFMT!$B:$B,MATCH($A660,COMPOSIÇÕES_IFMT!$A:$A,0)),\"\")<>\"\",OFFSET(COMPOSIÇÕES_IFMT!$A$1,MATCH($A660,COMPOSIÇÕES_IFMT!$A:$A,0)+1,4),\"\")","v":"0,3080000"},{"$f":"IFERROR(INDEX(SINAPI!$D:$D,MATCH($B662,SINAPI!$A:$A,0)),0)","v":15.84},{"$f":"IFERROR(F662*E662,0)","v":4.8787199999999995}]
[{"$f":"IFERROR(INDEX(SINAPI!$E:$E,MATCH($B663,SINAPI!$A:$A,0)),\"\")","v":"COMPOSIÇÃO"},{"$f":"IF(IFERROR(INDEX(COMPOSIÇÕES_IFMT!$B:$B,MATCH($A660,COMPOSIÇÕES_IFMT!$A:$A,0)),\"\")<>\"\",OFFSET(COMPOSIÇÕES_IFMT!$A$1,MATCH($A660,COMPOSIÇÕES_IFMT!$A:$A,0)+2,1),\"\")","v":88264},{"$f":"IFERROR(INDEX(SINAPI!$B:$B,MATCH($B663,SINAPI!$A:$A,0)),\"\")","v":"ELETRICISTA COM ENCARGOS COMPLEMENTARES"},{"$f":"IFERROR(INDEX(SINAPI!$C:$C,MATCH($B663,SINAPI!$A:$A,0)),\"\")","v":"H"},{"$f":"IF(IFERROR(INDEX(COMPOSIÇÕES_IFMT!$B:$B,MATCH($A660,COMPOSIÇÕES_IFMT!$A:$A,0)),\"\")<>\"\",OFFSET(COMPOSIÇÕES_IFMT!$A$1,MATCH($A660,COMPOSIÇÕES_IFMT!$A:$A,0)+2,4),\"\")","v":"0,3080000"},{"$f":"IFERROR(INDEX(SINAPI!$D:$D,MATCH($B663,SINAPI!$A:$A,0)),0)","v":20.52},6.3201599999999996]
[null,null,null,null,null,"TOTAL",{"$f":"SUM(G661:G663)","v":15.868879999999999}]
[]
[]
["CLASSE/TIPO","CÓDIGOS/ SINAPI","DESCRIÇÃO","UND","COEFICIENTE","PREÇO UNITÁRIO","PREÇO TOTAL"]
["IFMT 175.02.2020",{"$f":"IFERROR(INDEX(COMPOSIÇÕES_IFMT!$B:$B,MATCH($A668,COMPOSIÇÕES_IFMT!$A:$A,0)),\"\")","v":".175/E"},{"$f":"IFERROR(INDEX(COMPOSIÇÕES_IFMT!$C:$C,MATCH($A668,COMPOSIÇÕES_IFMT!$A:$A,0)),\"\")","v":"TOMADA MÉDIA PARA INSTALAÇÃO EM CONDULETE (1 MÓDULO), 2P+T 10 A, INCLUINDO SUPORTE E PLACA - FORNECIMENTO E INSTALAÇÃO."},{"$f":"IFERROR(INDEX(COMPOSIÇÕES_IFMT!$D:$D,MATCH($A668,COMPOSIÇÕES_IFMT!$A:$A,0)),\"\")","v":"UN"},null,null,{"$f":"G671","v":21.048879999999997}]
[{"$f":"IFERROR(INDEX(SINAPI!$E:$E,MATCH($B669,SINAPI!$A:$A,0)),\"\")","v":"COMPOSIÇÃO"},{"$f":"IF(IFERROR(INDEX(COMPOSIÇÕES_IFMT!$B:$B,MATCH($A668,COMPOSIÇÕES_IFMT!$A:$A,0)),\"\")<>\"\",OFFSET(COMPOSIÇÕES_IFMT!$A$1,MATCH($A668,COMPOSIÇÕES_IFMT!$A:$A,0),1),\"\")","v":91946},{"$f":"IFERROR(INDEX(SINAPI!$B:$B,MATCH($B669,SINAPI!$A:$A,0)),\"\")","v":"SUPORTE PARAFUSADO COM PLACA DE ENCAIXE 4\" X 2\" MÉDIO (1,30 M DO PISO) PARA PONTO ELÉTRICO - FORNECIMENTO E INSTALAÇÃO. AF_12/2015"},{"$f":"IFERROR(INDEX(SINAPI!$C:$C,MATCH($B669,SINAPI!$A:$A,0)),\"\")","v":"UN"},{"$f":"IF(IFERROR(INDEX(COMPOSIÇÕES_IFMT!$B:$B,MATCH($A668,COMPOSIÇÕES_IFMT!$A:$A,0)),\"\")<>\"\",OFFSET(COMPOSIÇÕES_IFMT!$A$1,MATCH($A668,COMPOSIÇÕES_IFMT!$A:$A,0),4),\"\")","v":1},{"$f":"IFERROR(INDEX(SINAPI!$D:$D,MATCH($B669,SINAPI!$A:$A,0)),0)","v":5.18},{"$f":"IFERROR(F669*E669,0)","v":5.18}]
["IFMT 174.02.2020",".174/E","TOMADA MÉDIA PARA INSTALAÇÃO EM CONDULETE (1 MÓDULO), 2P+T 10 A, SEM SUPORTE E SEM PLACA - FORNECIMENTO E INSTALAÇÃO.","UN",1,{"$f":"$G$664","v":15.868879999999999},{"$f":"IFERROR(F670*E670,0)","v":15.868879999999999}]
[null,null,null,null,null,"TOTAL",{"$f":"SUM(G669:G670)","v":21.048879999999997}]
[]
[]
["CLASSE/TIPO","CÓDIGOS/ SINAPI","DESCRIÇÃO","UND","COEFICIENTE","PREÇO UNITÁRIO","PREÇO TOTAL"]
["IFMT 176.02.2020",{"$f":"IFERROR(INDEX(COMPOSIÇÕES_IFMT!$B:$B,MATCH($A675,COMPOSIÇÕES_IFMT!$A:$A,0)),\"\")","v":".176/E"},{"$f":"IFERROR(INDEX(COMPOSIÇÕES_IFMT!$C:$C,MATCH($A675,COMPOSIÇÕES_IFMT!$A:$A,0)),\"\")","v":"TOMADA ALTA PARA INSTALAÇÃO EM CONDULETE (1 MÓDULO), 2P+T 20 A, SEM SUPORTE E SEM PLACA - FORNECIMENTO E INSTALAÇÃO."},{"$f":"IFERROR(INDEX(COMPOSIÇÕES_IFMT!$D:$D,MATCH($A675,COMPOSIÇÕES_IFMT!$A:$A,0)),\"\")","v":"UN"},null,null,{"$f":"G679","v":24.004559999999998}]
[{"$f":"IFERROR(INDEX(SINAPI!$E:$E,MATCH($B676,SINAPI!$A:$A,0)),\"\")","v":"INSUMO"},{"$f":"IF(IFERROR(INDEX(COMPOSIÇÕES_IFMT!$B:$B,MATCH($A675,COMPOSIÇÕES_IFMT!$A:$A,0)),\"\")<>\"\",OFFSET(COMPOSIÇÕES_IFMT!$A$1,MATCH($A675,COMPOSIÇÕES_IFMT!$A:$A,0),1),\"\")","v":38102},{"$f":"IFERROR(INDEX(SINAPI!$B:$B,MATCH($B676,SINAPI!$A:$A,0)),\"\")","v":"TOMADA 2P+T 20A, 250V  (APENAS MODULO)"},{"$f":"IFERROR(INDEX(SINAPI!$C:$C,MATCH($B676,SINAPI!$A:$A,0)),\"\")","v":"UN    "},{"$f":"IF(IFERROR(INDEX(COMPOSIÇÕES_IFMT!$B:$B,MATCH($A675,COMPOSIÇÕES_IFMT!$A:$A,0)),\"\")<>\"\",OFFSET(COMPOSIÇÕES_IFMT!$A$1,MATCH($A675,COMPOSIÇÕES_IFMT!$A:$A,0),4),\"\")","v":1},{"$f":"IFERROR(INDEX(SINAPI!$D:$D,MATCH($B676,SINAPI!$A:$A,0)),0)","v":5.97},{"$f":"IFERROR(F676*E676,0)","v":5.97}]
[{"$f":"IFERROR(INDEX(SINAPI!$E:$E,MATCH($B677,SINAPI!$A:$A,0)),\"\")","v":"COMPOSIÇÃO"},{"$f":"IF(IFERROR(INDEX(COMPOSIÇÕES_IFMT!$B:$B,MATCH($A675,COMPOSIÇÕES_IFMT!$A:$A,0)),\"\")<>\"\",OFFSET(COMPOSIÇÕES_IFMT!$A$1,MATCH($A675,COMPOSIÇÕES_IFMT!$A:$A,0)+1,1),\"\")","v":88247},{"$f":"IFERROR(INDEX(SINAPI!$B:$B,MATCH($B677,SINAPI!$A:$A,0)),\"\")","v":"AUXILIAR DE ELETRICISTA COM ENCARGOS COMPLEMENTARES"},{"$f":"IFERROR(INDEX(SINAPI!$C:$C,MATCH($B677,SINAPI!$A:$A,0)),\"\")","v":"H"},{"$f":"IF(IFERROR(INDEX(COMPOSIÇÕES_IFMT!$B:$B,MATCH($A675,COMPOSIÇÕES_IFMT!$A:$A,0)),\"\")<>\"\",OFFSET(COMPOSIÇÕES_IFMT!$A$1,MATCH($A675,COMPOSIÇÕES_IFMT!$A:$A,0)+1,4),\"\")","v":0.496},{"$f":"IFERROR(INDEX(SINAPI!$D:$D,MATCH($B677,SINAPI!$A:$A,0)),0)","v":15.84},{"$f":"IFERROR(F677*E677,0)","v":7.8566399999999996}]
[{"$f":"IFERROR(INDEX(SINAPI!$E:$E,MATCH($B678,SINAPI!$A:$A,0)),\"\")","v":"COMPOSIÇÃO"},{"$f":"IF(IFERROR(INDEX(COMPOSIÇÕES_IFMT!$B:$B,MATCH($A675,COMPOSIÇÕES_IFMT!$A:$A,0)),\"\")<>\"\",OFFSET(COMPOSIÇÕES_IFMT!$A$1,MATCH($A675,COMPOSIÇÕES_IFMT!$A:$A,0)+2,1),\"\")","v":88264},{"$f":"IFERROR(INDEX(SINAPI!$B:$B,MATCH($B678,SINAPI!$A:$A,0)),\"\")","v":"ELETRICISTA COM ENCARGOS COMPLEMENTARES"},{"$f":"IFERROR(INDEX(SINAPI!$C:$C,MATCH($B678,SINAPI!$A:$A,0)),\"\")","v":"H"},{"$f":"IF(IFERROR(INDEX(COMPOSIÇÕES_IFMT!$B:$B,MATCH($A675,COMPOSIÇÕES_IFMT!$A:$A,0)),\"\")<>\"\",OFFSET(COMPOSIÇÕES_IFMT!$A$1,MATCH($A675,COMPOSIÇÕES_IFMT!$A:$A,0)+2,4),\"\")","v":0.496},{"$f":"IFERROR(INDEX(SINAPI!$D:$D,MATCH($B678,SINAPI!$A:$A,0)),0)","v":20.52},10.17792]
[null,null,null,null,null,"TOTAL",{"$f":"SUM(G676:G678)","v":24.004559999999998}]
[]
[]
["CLASSE/TIPO","CÓDIGOS/ SINAPI","DESCRIÇÃO","UND","COEFICIENTE","PREÇO UNITÁRIO","PREÇO TOTAL"]
["IFMT 177.02.2020",{"$f":"IFERROR(INDEX(COMPOSIÇÕES_IFMT!$B:$B,MATCH($A683,COMPOSIÇÕES_IFMT!$A:$A,0)),\"\")","v":".177/E"},{"$f":"IFERROR(INDEX(COMPOSIÇÕES_IFMT!$C:$C,MATCH($A683,COMPOSIÇÕES_IFMT!$A:$A,0)),\"\")","v":"TOMADA ALTA PARA INSTALAÇÃO EM CONDULETE (1 MÓDULO), 2P+T 20 A, INCLUINDO SUPORTE E PLACA - FORNECIMENTO E INSTALAÇÃO."},{"$f":"IFERROR(INDEX(COMPOSIÇÕES_IFMT!$D:$D,MATCH($A683,COMPOSIÇÕES_IFMT!$A:$A,0)),\"\")","v":"UN"},null,null,{"$f":"G686","v":29.184559999999998}]
[{"$f":"IFERROR(INDEX(SINAPI!$E:$E,MATCH($B684,SINAPI!$A:$A,0)),\"\")","v":"COMPOSIÇÃO"},{"$f":"IF(IFERROR(INDEX(COMPOSIÇÕES_IFMT!$B:$B,MATCH($A683,COMPOSIÇÕES_IFMT!$A:$A,0)),\"\")<>\"\",OFFSET(COMPOSIÇÕES_IFMT!$A$1,MATCH($A683,COMPOSIÇÕES_IFMT!$A:$A,0),1),\"\")","v":91946},{"$f":"IFERROR(INDEX(SINAPI!$B:$B,MATCH($B684,SINAPI!$A:$A,0)),\"\")","v":"SUPORTE PARAFUSADO COM PLACA DE ENCAIXE 4\" X 2\" MÉDIO (1,30 M DO PISO) PARA PONTO ELÉTRICO - FORNECIMENTO E INSTALAÇÃO. AF_12/2015"},{"$f":"IFERROR(INDEX(SINAPI!$C:$C,MATCH($B684,SINAPI!$A:$A,0)),\"\")","v":"UN"},{"$f":"IF(IFERROR(INDEX(COMPOSIÇÕES_IFMT!$B:$B,MATCH($A683,COMPOSIÇÕES_IFMT!$A:$A,0)),\"\")<>\"\",OFFSET(COMPOSIÇÕES_IFMT!$A$1,MATCH($A683,COMPOSIÇÕES_IFMT!$A:$A,0),4),\"\")","v":1},{"$f":"IFERROR(INDEX(SINAPI!$D:$D,MATCH($B684,SINAPI!$A:$A,0)),0)","v":5.18},{"$f":"IFERROR(F684*E684,0)","v":5.18}]
["IFMT 176.02.2020",".176/E","TOMADA ALTA PARA INSTALAÇÃO EM CONDULETE (1 MÓDULO), 2P+T 20 A, SEM SUPORTE E SEM PLACA - FORNECIMENTO E INSTALAÇÃO.","UN",1,{"$f":"$G$679","v":24.004559999999998},{"$f":"IFERROR(F685*E685,0)","v":24.004559999999998}]
[null,null,null,null,null,"TOTAL",{"$f":"SUM(G684:G685)","v":29.184559999999998}]
[]
[]
["CLASSE/TIPO","CÓDIGOS/ SINAPI","DESCRIÇÃO","UND","COEFICIENTE","PREÇO UNITÁRIO","PREÇO TOTAL"]
["IFMT 178.02.2020",{"$f":"IFERROR(INDEX(COMPOSIÇÕES_IFMT!$B:$B,MATCH($A690,COMPOSIÇÕES_IFMT!$A:$A,0)),\"\")","v":".178/E"},{"$f":"IFERROR(INDEX(COMPOSIÇÕES_IFMT!$C:$C,MATCH($A690,COMPOSIÇÕES_IFMT!$A:$A,0)),\"\")","v":"TOMADA MÉDIA PARA INSTALAÇÃO EM CONDULETE (2 MÓDULOS), 2P+T 10 A, SEM SUPORTE E SEM PLACA - FORNECIMENTO E INSTALAÇÃO."},{"$f":"IFERROR(INDEX(COMPOSIÇÕES_IFMT!$D:$D,MATCH($A690,COMPOSIÇÕES_IFMT!$A:$A,0)),\"\")","v":"UN"},null,null,{"$f":"G694","v":29.5198}]
[{"$f":"IFERROR(INDEX(SINAPI!$E:$E,MATCH($B691,SINAPI!$A:$A,0)),\"\")","v":"INSUMO"},{"$f":"IF(IFERROR(INDEX(COMPOSIÇÕES_IFMT!$B:$B,MATCH($A690,COMPOSIÇÕES_IFMT!$A:$A,0)),\"\")<>\"\",OFFSET(COMPOSIÇÕES_IFMT!$A$1,MATCH($A690,COMPOSIÇÕES_IFMT!$A:$A,0),1),\"\")","v":38101},{"$f":"IFERROR(INDEX(SINAPI!$B:$B,MATCH($B691,SINAPI!$A:$A,0)),\"\")","v":"TOMADA 2P+T 10A, 250V  (APENAS MODULO)"},{"$f":"IFERROR(INDEX(SINAPI!$C:$C,MATCH($B691,SINAPI!$A:$A,0)),\"\")","v":"UN    "},{"$f":"IF(IFERROR(INDEX(COMPOSIÇÕES_IFMT!$B:$B,MATCH($A690,COMPOSIÇÕES_IFMT!$A:$A,0)),\"\")<>\"\",OFFSET(COMPOSIÇÕES_IFMT!$A$1,MATCH($A690,COMPOSIÇÕES_IFMT!$A:$A,0),4),\"\")","v":2},{"$f":"IFERROR(INDEX(SINAPI!$D:$D,MATCH($B691,SINAPI!$A:$A,0)),0)","v":4.67},{"$f":"IFERROR(F691*E691,0)","v":9.34}]
[{"$f":"IFERROR(INDEX(SINAPI!$E:$E,MATCH($B692,SINAPI!$A:$A,0)),\"\")","v":"COMPOSIÇÃO"},{"$f":"IF(IFERROR(INDEX(COMPOSIÇÕES_IFMT!$B:$B,MATCH($A690,COMPOSIÇÕES_IFMT!$A:$A,0)),\"\")<>\"\",OFFSET(COMPOSIÇÕES_IFMT!$A$1,MATCH($A690,COMPOSIÇÕES_IFMT!$A:$A,0)+1,1),\"\")","v":88247},{"$f":"IFERROR(INDEX(SINAPI!$B:$B,MATCH($B692,SINAPI!$A:$A,0)),\"\")","v":"AUXILIAR DE ELETRICISTA COM ENCARGOS COMPLEMENTARES"},{"$f":"IFERROR(INDEX(SINAPI!$C:$C,MATCH($B692,SINAPI!$A:$A,0)),\"\")","v":"H"},{"$f":"IF(IFERROR(INDEX(COMPOSIÇÕES_IFMT!$B:$B,MATCH($A690,COMPOSIÇÕES_IFMT!$A:$A,0)),\"\")<>\"\",OFFSET(COMPOSIÇÕES_IFMT!$A$1,MATCH($A690,COMPOSIÇÕES_IFMT!$A:$A,0)+1,4),\"\")","v":0.55500000000000005},{"$f":"IFERROR(INDEX(SINAPI!$D:$D,MATCH($B692,SINAPI!$A:$A,0)),0)","v":15.84},{"$f":"IFERROR(F692*E692,0)","v":8.7911999999999999}]
[{"$f":"IFERROR(INDEX(SINAPI!$E:$E,MATCH($B693,SINAPI!$A:$A,0)),\"\")","v":"COMPOSIÇÃO"},{"$f":"IF(IFERROR(INDEX(COMPOSIÇÕES_IFMT!$B:$B,MATCH($A690,COMPOSIÇÕES_IFMT!$A:$A,0)),\"\")<>\"\",OFFSET(COMPOSIÇÕES_IFMT!$A$1,MATCH($A690,COMPOSIÇÕES_IFMT!$A:$A,0)+2,1),\"\")","v":88264},{"$f":"IFERROR(INDEX(SINAPI!$B:$B,MATCH($B693,SINAPI!$A:$A,0)),\"\")","v":"ELETRICISTA COM ENCARGOS COMPLEMENTARES"},{"$f":"IFERROR(INDEX(SINAPI!$C:$C,MATCH($B693,SINAPI!$A:$A,0)),\"\")","v":"H"},{"$f":"IF(IFERROR(INDEX(COMPOSIÇÕES_IFMT!$B:$B,MATCH($A690,COMPOSIÇÕES_IFMT!$A:$A,0)),\"\")<>\"\",OFFSET(COMPOSIÇÕES_IFMT!$A$1,MATCH($A690,COMPOSIÇÕES_IFMT!$A:$A,0)+2,4),\"\")","v":0.55500000000000005},{"$f":"IFERROR(INDEX(SINAPI!$D:$D,MATCH($B693,SINAPI!$A:$A,0)),0)","v":20.52},11.3886]
[null,null,null,null,null,"TOTAL",{"$f":"SUM(G691:G693)","v":29.5198}]
[]
[]
["CLASSE/TIPO","CÓDIGOS/ SINAPI","DESCRIÇÃO","UND","COEFICIENTE","PREÇO UNITÁRIO","PREÇO TOTAL"]
["IFMT 179.02.2020",{"$f":"IFERROR(INDEX(COMPOSIÇÕES_IFMT!$B:$B,MATCH($A698,COMPOSIÇÕES_IFMT!$A:$A,0)),\"\")","v":".179/E"},{"$f":"IFERROR(INDEX(COMPOSIÇÕES_IFMT!$C:$C,MATCH($A698,COMPOSIÇÕES_IFMT!$A:$A,0)),\"\")","v":"TOMADA MÉDIA PARA INSTALAÇÃO EM CONDULETE (2 MÓDULOS), 2P+T 10 A, INCLUINDO SUPORTE E PLACA - FORNECIMENTO E INSTALAÇÃO."},{"$f":"IFERROR(INDEX(COMPOSIÇÕES_IFMT!$D:$D,MATCH($A698,COMPOSIÇÕES_IFMT!$A:$A,0)),\"\")","v":"UN"},null,null,{"$f":"G701","v":34.699799999999996}]
[{"$f":"IFERROR(INDEX(SINAPI!$E:$E,MATCH($B699,SINAPI!$A:$A,0)),\"\")","v":"COMPOSIÇÃO"},{"$f":"IF(IFERROR(INDEX(COMPOSIÇÕES_IFMT!$B:$B,MATCH($A698,COMPOSIÇÕES_IFMT!$A:$A,0)),\"\")<>\"\",OFFSET(COMPOSIÇÕES_IFMT!$A$1,MATCH($A698,COMPOSIÇÕES_IFMT!$A:$A,0),1),\"\")","v":91946},{"$f":"IFERROR(INDEX(SINAPI!$B:$B,MATCH($B699,SINAPI!$A:$A,0)),\"\")","v":"SUPORTE PARAFUSADO COM PLACA DE ENCAIXE 4\" X 2\" MÉDIO (1,30 M DO PISO) PARA PONTO ELÉTRICO - FORNECIMENTO E INSTALAÇÃO. AF_12/2015"},{"$f":"IFERROR(INDEX(SINAPI!$C:$C,MATCH($B699,SINAPI!$A:$A,0)),\"\")","v":"UN"},{"$f":"IF(IFERROR(INDEX(COMPOSIÇÕES_IFMT!$B:$B,MATCH($A698,COMPOSIÇÕES_IFMT!$A:$A,0)),\"\")<>\"\",OFFSET(COMPOSIÇÕES_IFMT!$A$1,MATCH($A698,COMPOSIÇÕES_IFMT!$A:$A,0),4),\"\")","v":1},{"$f":"IFERROR(INDEX(SINAPI!$D:$D,MATCH($B699,SINAPI!$A:$A,0)),0)","v":5.18},{"$f":"IFERROR(F699*E699,0)","v":5.18}]
["IFMT 178.02.2020",".178/E","TOMADA MÉDIA PARA INSTALAÇÃO EM CONDULETE (2 MÓDULOS), 2P+T 10 A, SEM SUPORTE E SEM PLACA - FORNECIMENTO E INSTALAÇÃO.","UN",1,{"$f":"$G$694","v":29.5198},{"$f":"IFERROR(F700*E700,0)","v":29.5198}]
[null,null,null,null,null,"TOTAL",{"$f":"SUM(G699:G700)","v":34.699799999999996}]
[]
[]
["CLASSE/TIPO","CÓDIGOS/ SINAPI","DESCRIÇÃO","UND","COEFICIENTE","PREÇO UNITÁRIO","PREÇO TOTAL"]
["IFMT 180.02.2020",{"$f":"IFERROR(INDEX(COMPOSIÇÕES_IFMT!$B:$B,MATCH($A705,COMPOSIÇÕES_IFMT!$A:$A,0)),\"\")","v":".180/E"},{"$f":"IFERROR(INDEX(COMPOSIÇÕES_IFMT!$C:$C,MATCH($A705,COMPOSIÇÕES_IFMT!$A:$A,0)),\"\")","v":"TOMADA BAIXA PARA INSTALAÇÃO EM CONDULETE (2 MÓDULOS), 2P+T 10 A, SEM SUPORTE E SEM PLACA - FORNECIMENTO E INSTALAÇÃO. "},{"$f":"IFERROR(INDEX(COMPOSIÇÕES_IFMT!$D:$D,MATCH($A705,COMPOSIÇÕES_IFMT!$A:$A,0)),\"\")","v":"UN"},null,null,{"$f":"G709","v":24.211239999999997}]
[{"$f":"IFERROR(INDEX(SINAPI!$E:$E,MATCH($B706,SINAPI!$A:$A,0)),\"\")","v":"INSUMO"},{"$f":"IF(IFERROR(INDEX(COMPOSIÇÕES_IFMT!$B:$B,MATCH($A705,COMPOSIÇÕES_IFMT!$A:$A,0)),\"\")<>\"\",OFFSET(COMPOSIÇÕES_IFMT!$A$1,MATCH($A705,COMPOSIÇÕES_IFMT!$A:$A,0),1),\"\")","v":38101},{"$f":"IFERROR(INDEX(SINAPI!$B:$B,MATCH($B706,SINAPI!$A:$A,0)),\"\")","v":"TOMADA 2P+T 10A, 250V  (APENAS MODULO)"},{"$f":"IFERROR(INDEX(SINAPI!$C:$C,MATCH($B706,SINAPI!$A:$A,0)),\"\")","v":"UN    "},{"$f":"IF(IFERROR(INDEX(COMPOSIÇÕES_IFMT!$B:$B,MATCH($A705,COMPOSIÇÕES_IFMT!$A:$A,0)),\"\")<>\"\",OFFSET(COMPOSIÇÕES_IFMT!$A$1,MATCH($A705,COMPOSIÇÕES_IFMT!$A:$A,0),4),\"\")","v":2},{"$f":"IFERROR(INDEX(SINAPI!$D:$D,MATCH($B706,SINAPI!$A:$A,0)),0)","v":4.67},{"$f":"IFERROR(F706*E706,0)","v":9.34}]
[{"$f":"IFERROR(INDEX(SINAPI!$E:$E,MATCH($B707,SINAPI!$A:$A,0)),\"\")","v":"COMPOSIÇÃO"},{"$f":"IF(IFERROR(INDEX(COMPOSIÇÕES_IFMT!$B:$B,MATCH($A705,COMPOSIÇÕES_IFMT!$A:$A,0)),\"\")<>\"\",OFFSET(COMPOSIÇÕES_IFMT!$A$1,MATCH($A705,COMPOSIÇÕES_IFMT!$A:$A,0)+1,1),\"\")","v":88247},{"$f":"IFERROR(INDEX(SINAPI!$B:$B,MATCH($B707,SINAPI!$A:$A,0)),\"\")","v":"AUXILIAR DE ELETRICISTA COM ENCARGOS COMPLEMENTARES"},{"$f":"IFERROR(INDEX(SINAPI!$C:$C,MATCH($B707,SINAPI!$A:$A,0)),\"\")","v":"H"},{"$f":"IF(IFERROR(INDEX(COMPOSIÇÕES_IFMT!$B:$B,MATCH($A705,COMPOSIÇÕES_IFMT!$A:$A,0)),\"\")<>\"\",OFFSET(COMPOSIÇÕES_IFMT!$A$1,MATCH($A705,COMPOSIÇÕES_IFMT!$A:$A,0)+1,4),\"\")","v":0.40899999999999997},{"$f":"IFERROR(INDEX(SINAPI!$D:$D,MATCH($B707,SINAPI!$A:$A,0)),0)","v":15.84},{"$f":"IFERROR(F707*E707,0)","v":6.4785599999999999}]
[{"$f":"IFERROR(INDEX(SINAPI!$E:$E,MATCH($B708,SINAPI!$A:$A,0)),\"\")","v":"COMPOSIÇÃO"},{"$f":"IF(IFERROR(INDEX(COMPOSIÇÕES_IFMT!$B:$B,MATCH($A705,COMPOSIÇÕES_IFMT!$A:$A,0)),\"\")<>\"\",OFFSET(COMPOSIÇÕES_IFMT!$A$1,MATCH($A705,COMPOSIÇÕES_IFMT!$A:$A,0)+2,1),\"\")","v":88264},{"$f":"IFERROR(INDEX(SINAPI!$B:$B,MATCH($B708,SINAPI!$A:$A,0)),\"\")","v":"ELETRICISTA COM ENCARGOS COMPLEMENTARES"},{"$f":"IFERROR(INDEX(SINAPI!$C:$C,MATCH($B708,SINAPI!$A:$A,0)),\"\")","v":"H"},{"$f":"IF(IFERROR(INDEX(COMPOSIÇÕES_IFMT!$B:$B,MATCH($A705,COMPOSIÇÕES_IFMT!$A:$A,0)),\"\")<>\"\",OFFSET(COMPOSIÇÕES_IFMT!$A$1,MATCH($A705,COMPOSIÇÕES_IFMT!$A:$A,0)+2,4),\"\")","v":0.40899999999999997},{"$f":"IFERROR(INDEX(SINAPI!$D:$D,MATCH($B708,SINAPI!$A:$A,0)),0)","v":20.52},8.3926799999999986]
[null,null,null,null,null,"TOTAL",{"$f":"SUM(G706:G708)","v":24.211239999999997}]
[]
[]
["CLASSE/TIPO","CÓDIGOS/ SINAPI","DESCRIÇÃO","UND","COEFICIENTE","PREÇO UNITÁRIO","PREÇO TOTAL"]
["IFMT 181.02.2020",{"$f":"IFERROR(INDEX(COMPOSIÇÕES_IFMT!$B:$B,MATCH($A713,COMPOSIÇÕES_IFMT!$A:$A,0)),\"\")","v":".181/E"},{"$f":"IFERROR(INDEX(COMPOSIÇÕES_IFMT!$C:$C,MATCH($A713,COMPOSIÇÕES_IFMT!$A:$A,0)),\"\")","v":"TOMADA BAIXA PARA INSTALAÇÃO EM CONDULETE (2 MÓDULOS), 2P+T 10 A, INCLUINDO SUPORTE E PLACA - FORNECIMENTO E INSTALAÇÃO. "},{"$f":"IFERROR(INDEX(COMPOSIÇÕES_IFMT!$D:$D,MATCH($A713,COMPOSIÇÕES_IFMT!$A:$A,0)),\"\")","v":"UN"},null,null,{"$f":"G716","v":29.391239999999996}]
[{"$f":"IFERROR(INDEX(SINAPI!$E:$E,MATCH($B714,SINAPI!$A:$A,0)),\"\")","v":"COMPOSIÇÃO"},{"$f":"IF(IFERROR(INDEX(COMPOSIÇÕES_IFMT!$B:$B,MATCH($A713,COMPOSIÇÕES_IFMT!$A:$A,0)),\"\")<>\"\",OFFSET(COMPOSIÇÕES_IFMT!$A$1,MATCH($A713,COMPOSIÇÕES_IFMT!$A:$A,0),1),\"\")","v":91946},{"$f":"IFERROR(INDEX(SINAPI!$B:$B,MATCH($B714,SINAPI!$A:$A,0)),\"\")","v":"SUPORTE PARAFUSADO COM PLACA DE ENCAIXE 4\" X 2\" MÉDIO (1,30 M DO PISO) PARA PONTO ELÉTRICO - FORNECIMENTO E INSTALAÇÃO. AF_12/2015"},{"$f":"IFERROR(INDEX(SINAPI!$C:$C,MATCH($B714,SINAPI!$A:$A,0)),\"\")","v":"UN"},{"$f":"IF(IFERROR(INDEX(COMPOSIÇÕES_IFMT!$B:$B,MATCH($A713,COMPOSIÇÕES_IFMT!$A:$A,0)),\"\")<>\"\",OFFSET(COMPOSIÇÕES_IFMT!$A$1,MATCH($A713,COMPOSIÇÕES_IFMT!$A:$A,0),4),\"\")","v":1},{"$f":"IFERROR(INDEX(SINAPI!$D:$D,MATCH($B714,SINAPI!$A:$A,0)),0)","v":5.18},{"$f":"IFERROR(F714*E714,0)","v":5.18}]
["IFMT 180.02.2020",".180/E","TOMADA BAIXA PARA INSTALAÇÃO EM CONDULETE (2 MÓDULOS), 2P+T 10 A, SEM SUPORTE E SEM PLACA - FORNECIMENTO E INSTALAÇÃO. ","UN",1,{"$f":"G709","v":24.211239999999997},{"$f":"IFERROR(F715*E715,0)","v":24.211239999999997}]
[null,null,null,null,null,"TOTAL",{"$f":"SUM(G714:G715)","v":29.391239999999996}]
[]
[]
["CLASSE/TIPO","CÓDIGOS/ SINAPI","DESCRIÇÃO","UND","COEFICIENTE","PREÇO UNITÁRIO","PREÇO TOTAL"]
["IFMT 182.02.2020",{"$f":"IFERROR(INDEX(COMPOSIÇÕES_IFMT!$B:$B,MATCH($A720,COMPOSIÇÕES_IFMT!$A:$A,0)),\"\")","v":".182/E"},{"$f":"IFERROR(INDEX(COMPOSIÇÕES_IFMT!$C:$C,MATCH($A720,COMPOSIÇÕES_IFMT!$A:$A,0)),\"\")","v":"DISJUNTOR TRIPOLAR 63A, PADRÃO DIN (LINHA BRANCA), FORNECIMENTO E INSTALAÇÃO, CURVA D, CAPACIDADE DE INTERRUPÇÃO 3KA."},{"$f":"IFERROR(INDEX(COMPOSIÇÕES_IFMT!$D:$D,MATCH($A720,COMPOSIÇÕES_IFMT!$A:$A,0)),\"\")","v":"UN"},null,null,{"$f":"G724","v":83.922480000000007}]
[{"$f":"IFERROR(INDEX(SINAPI!$E:$E,MATCH($B721,SINAPI!$A:$A,0)),\"\")","v":"COMPOSIÇÃO"},{"$f":"IF(IFERROR(INDEX(COMPOSIÇÕES_IFMT!$B:$B,MATCH($A720,COMPOSIÇÕES_IFMT!$A:$A,0)),\"\")<>\"\",OFFSET(COMPOSIÇÕES_IFMT!$A$1,MATCH($A720,COMPOSIÇÕES_IFMT!$A:$A,0),1),\"\")","v":88247},{"$f":"IFERROR(INDEX(SINAPI!$B:$B,MATCH($B721,SINAPI!$A:$A,0)),\"\")","v":"AUXILIAR DE ELETRICISTA COM ENCARGOS COMPLEMENTARES"},{"$f":"IFERROR(INDEX(SINAPI!$C:$C,MATCH($B721,SINAPI!$A:$A,0)),\"\")","v":"H"},{"$f":"IF(IFERROR(INDEX(COMPOSIÇÕES_IFMT!$B:$B,MATCH($A720,COMPOSIÇÕES_IFMT!$A:$A,0)),\"\")<>\"\",OFFSET(COMPOSIÇÕES_IFMT!$A$1,MATCH($A720,COMPOSIÇÕES_IFMT!$A:$A,0),4),\"\")","v":0.56799999999999995},{"$f":"IFERROR(INDEX(SINAPI!$D:$D,MATCH($B721,SINAPI!$A:$A,0)),0)","v":15.84},{"$f":"IFERROR(F721*E721,0)","v":8.9971199999999989}]
[{"$f":"IFERROR(INDEX(SINAPI!$E:$E,MATCH($B722,SINAPI!$A:$A,0)),\"\")","v":"COMPOSIÇÃO"},{"$f":"IF(IFERROR(INDEX(COMPOSIÇÕES_IFMT!$B:$B,MATCH($A720,COMPOSIÇÕES_IFMT!$A:$A,0)),\"\")<>\"\",OFFSET(COMPOSIÇÕES_IFMT!$A$1,MATCH($A720,COMPOSIÇÕES_IFMT!$A:$A,0)+1,1),\"\")","v":88264},{"$f":"IFERROR(INDEX(SINAPI!$B:$B,MATCH($B722,SINAPI!$A:$A,0)),\"\")","v":"ELETRICISTA COM ENCARGOS COMPLEMENTARES"},{"$f":"IFERROR(INDEX(SINAPI!$C:$C,MATCH($B722,SINAPI!$A:$A,0)),\"\")","v":"H"},{"$f":"IF(IFERROR(INDEX(COMPOSIÇÕES_IFMT!$B:$B,MATCH($A720,COMPOSIÇÕES_IFMT!$A:$A,0)),\"\")<>\"\",OFFSET(COMPOSIÇÕES_IFMT!$A$1,MATCH($A720,COMPOSIÇÕES_IFMT!$A:$A,0)+1,4),\"\")","v":0.56799999999999995},{"$f":"IFERROR(INDEX(SINAPI!$D:$D,MATCH($B722,SINAPI!$A:$A,0)),0)","v":20.52},{"$f":"IFERROR(F722*E722,0)","v":11.655359999999998}]
[{"$f":"IFERROR(INDEX(SINAPI!$E:$E,MATCH($B723,SINAPI!$A:$A,0)),\"\")","v":"INSUMO"},{"$f":"IF(IFERROR(INDEX(COMPOSIÇÕES_IFMT!$B:$B,MATCH($A720,COMPOSIÇÕES_IFMT!$A:$A,0)),\"\")<>\"\",OFFSET(COMPOSIÇÕES_IFMT!$A$1,MATCH($A720,COMPOSIÇÕES_IFMT!$A:$A,0)+2,1),\"\")","v":34714},{"$f":"IFERROR(INDEX(SINAPI!$B:$B,MATCH($B723,SINAPI!$A:$A,0)),\"\")","v":"DISJUNTOR TIPO DIN/IEC, TRIPOLAR 63 A"},{"$f":"IFERROR(INDEX(SINAPI!$C:$C,MATCH($B723,SINAPI!$A:$A,0)),\"\")","v":"UN    "},{"$f":"IF(IFERROR(INDEX(COMPOSIÇÕES_IFMT!$B:$B,MATCH($A720,COMPOSIÇÕES_IFMT!$A:$A,0)),\"\")<>\"\",OFFSET(COMPOSIÇÕES_IFMT!$A$1,MATCH($A720,COMPOSIÇÕES_IFMT!$A:$A,0)+2,4),\"\")","v":1},{"$f":"IFERROR(INDEX(SINAPI!$D:$D,MATCH($B723,SINAPI!$A:$A,0)),0)","v":63.27},63.27]
[null,null,null,null,null,"TOTAL",{"$f":"SUM(G721:G723)","v":83.922480000000007}]
[]
[]
["CLASSE/TIPO","CÓDIGOS/ SINAPI","DESCRIÇÃO","UND","COEFICIENTE","PREÇO UNITÁRIO","PREÇO TOTAL"]
["IFMT 183.02.2020",{"$f":"IFERROR(INDEX(COMPOSIÇÕES_IFMT!$B:$B,MATCH($A728,COMPOSIÇÕES_IFMT!$A:$A,0)),\"\")","v":".183/E"},{"$f":"IFERROR(INDEX(COMPOSIÇÕES_IFMT!$C:$C,MATCH($A728,COMPOSIÇÕES_IFMT!$A:$A,0)),\"\")","v":"DISJUNTOR TRIPOLAR 63A, PADRÃO DIN (LINHA BRANCA), FORNECIMENTO E INSTALAÇÃO, CURVA D, CAPACIDADE DE INTERRUPÇÃO 8KA."},{"$f":"IFERROR(INDEX(COMPOSIÇÕES_IFMT!$D:$D,MATCH($A728,COMPOSIÇÕES_IFMT!$A:$A,0)),\"\")","v":"UN"},null,null,{"$f":"G732","v":83.922480000000007}]
[{"$f":"IFERROR(INDEX(SINAPI!$E:$E,MATCH($B729,SINAPI!$A:$A,0)),\"\")","v":"COMPOSIÇÃO"},{"$f":"IF(IFERROR(INDEX(COMPOSIÇÕES_IFMT!$B:$B,MATCH($A728,COMPOSIÇÕES_IFMT!$A:$A,0)),\"\")<>\"\",OFFSET(COMPOSIÇÕES_IFMT!$A$1,MATCH($A728,COMPOSIÇÕES_IFMT!$A:$A,0),1),\"\")","v":88247},{"$f":"IFERROR(INDEX(SINAPI!$B:$B,MATCH($B729,SINAPI!$A:$A,0)),\"\")","v":"AUXILIAR DE ELETRICISTA COM ENCARGOS COMPLEMENTARES"},{"$f":"IFERROR(INDEX(SINAPI!$C:$C,MATCH($B729,SINAPI!$A:$A,0)),\"\")","v":"H"},{"$f":"IF(IFERROR(INDEX(COMPOSIÇÕES_IFMT!$B:$B,MATCH($A728,COMPOSIÇÕES_IFMT!$A:$A,0)),\"\")<>\"\",OFFSET(COMPOSIÇÕES_IFMT!$A$1,MATCH($A728,COMPOSIÇÕES_IFMT!$A:$A,0),4),\"\")","v":0.56799999999999995},{"$f":"IFERROR(INDEX(SINAPI!$D:$D,MATCH($B729,SINAPI!$A:$A,0)),0)","v":15.84},{"$f":"IFERROR(F729*E729,0)","v":8.9971199999999989}]
[{"$f":"IFERROR(INDEX(SINAPI!$E:$E,MATCH($B730,SINAPI!$A:$A,0)),\"\")","v":"COMPOSIÇÃO"},{"$f":"IF(IFERROR(INDEX(COMPOSIÇÕES_IFMT!$B:$B,MATCH($A728,COMPOSIÇÕES_IFMT!$A:$A,0)),\"\")<>\"\",OFFSET(COMPOSIÇÕES_IFMT!$A$1,MATCH($A728,COMPOSIÇÕES_IFMT!$A:$A,0)+1,1),\"\")","v":88264},{"$f":"IFERROR(INDEX(SINAPI!$B:$B,MATCH($B730,SINAPI!$A:$A,0)),\"\")","v":"ELETRICISTA COM ENCARGOS COMPLEMENTARES"},{"$f":"IFERROR(INDEX(SINAPI!$C:$C,MATCH($B730,SINAPI!$A:$A,0)),\"\")","v":"H"},{"$f":"IF(IFERROR(INDEX(COMPOSIÇÕES_IFMT!$B:$B,MATCH($A728,COMPOSIÇÕES_IFMT!$A:$A,0)),\"\")<>\"\",OFFSET(COMPOSIÇÕES_IFMT!$A$1,MATCH($A728,COMPOSIÇÕES_IFMT!$A:$A,0)+1,4),\"\")","v":0.56799999999999995},{"$f":"IFERROR(INDEX(SINAPI!$D:$D,MATCH($B730,SINAPI!$A:$A,0)),0)","v":20.52},{"$f":"IFERROR(F730*E730,0)","v":11.655359999999998}]
[{"$f":"IFERROR(INDEX(SINAPI!$E:$E,MATCH($B731,SINAPI!$A:$A,0)),\"\")","v":"INSUMO"},{"$f":"IF(IFERROR(INDEX(COMPOSIÇÕES_IFMT!$B:$B,MATCH($A728,COMPOSIÇÕES_IFMT!$A:$A,0)),\"\")<>\"\",OFFSET(COMPOSIÇÕES_IFMT!$A$1,MATCH($A728,COMPOSIÇÕES_IFMT!$A:$A,0)+2,1),\"\")","v":34714},{"$f":"IFERROR(INDEX(SINAPI!$B:$B,MATCH($B731,SINAPI!$A:$A,0)),\"\")","v":"DISJUNTOR TIPO DIN/IEC, TRIPOLAR 63 A"},{"$f":"IFERROR(INDEX(SINAPI!$C:$C,MATCH($B731,SINAPI!$A:$A,0)),\"\")","v":"UN    "},{"$f":"IF(IFERROR(INDEX(COMPOSIÇÕES_IFMT!$B:$B,MATCH($A728,COMPOSIÇÕES_IFMT!$A:$A,0)),\"\")<>\"\",OFFSET(COMPOSIÇÕES_IFMT!$A$1,MATCH($A728,COMPOSIÇÕES_IFMT!$A:$A,0)+2,4),\"\")","v":1},{"$f":"IFERROR(INDEX(SINAPI!$D:$D,MATCH($B731,SINAPI!$A:$A,0)),0)","v":63.27},63.27]
[null,null,null,null,null,"TOTAL",{"$f":"SUM(G729:G731)","v":83.922480000000007}]
[]
[]
["CLASSE/TIPO","CÓDIGOS/ SINAPI","DESCRIÇÃO","UND","COEFICIENTE","PREÇO UNITÁRIO","PREÇO TOTAL"]
["IFMT 184.02.2020",{"$f":"IFERROR(INDEX(COMPOSIÇÕES_IFMT!$B:$B,MATCH($A736,COMPOSIÇÕES_IFMT!$A:$A,0)),\"\")","v":".184/E"},{"$f":"IFERROR(INDEX(COMPOSIÇÕES_IFMT!$C:$C,MATCH($A736,COMPOSIÇÕES_IFMT!$A:$A,0)),\"\")","v":"LUMINÁRIA ARANDELA TIPO TARTARUGA PARA 1 LÂMPADA LED 15W - FORNECIMENTO E INSTALAÇÃO."},{"$f":"IFERROR(INDEX(COMPOSIÇÕES_IFMT!$D:$D,MATCH($A736,COMPOSIÇÕES_IFMT!$A:$A,0)),\"\")","v":"UN"},null,null,{"$f":"G741","v":85.214551999999998}]
["INSUMO","13286/ORSE","LÂMPADA LED 15W DE POTÊNCIA, LUZ BRANCA AUTOVOLT, MARCA GLIGHT OU SIMILAR","un",1,23.99,{"$f":"IFERROR(F737*E737,0)","v":23.99}]
[{"$f":"IFERROR(INDEX(SINAPI!$E:$E,MATCH($B738,SINAPI!$A:$A,0)),\"\")","v":"INSUMO"},{"$f":"IF(IFERROR(INDEX(COMPOSIÇÕES_IFMT!$B:$B,MATCH($A736,COMPOSIÇÕES_IFMT!$A:$A,0)),\"\")<>\"\",OFFSET(COMPOSIÇÕES_IFMT!$A$1,MATCH($A736,COMPOSIÇÕES_IFMT!$A:$A,0)+1,1),\"\")","v":38775},{"$f":"IFERROR(INDEX(SINAPI!$B:$B,MATCH($B738,SINAPI!$A:$A,0)),\"\")","v":"LUMINARIA TIPO TARTARUGA PARA AREA EXTERNA EM ALUMINIO, COM GRADE, PARA 1 LAMPADA, BASE E27, POTENCIA MAXIMA 40/60 W (NAO INCLUI LAMPADA)"},{"$f":"IFERROR(INDEX(SINAPI!$C:$C,MATCH($B738,SINAPI!$A:$A,0)),\"\")","v":"UN    "},{"$f":"IF(IFERROR(INDEX(COMPOSIÇÕES_IFMT!$B:$B,MATCH($A736,COMPOSIÇÕES_IFMT!$A:$A,0)),\"\")<>\"\",OFFSET(COMPOSIÇÕES_IFMT!$A$1,MATCH($A736,COMPOSIÇÕES_IFMT!$A:$A,0)+1,4),\"\")","v":1},{"$f":"IFERROR(INDEX(SINAPI!$D:$D,MATCH($B738,SINAPI!$A:$A,0)),0)","v":46.26},{"$f":"IFERROR(F738*E738,0)","v":46.26}]
[{"$f":"IFERROR(INDEX(SINAPI!$E:$E,MATCH($B739,SINAPI!$A:$A,0)),\"\")","v":"COMPOSIÇÃO"},{"$f":"IF(IFERROR(INDEX(COMPOSIÇÕES_IFMT!$B:$B,MATCH($A736,COMPOSIÇÕES_IFMT!$A:$A,0)),\"\")<>\"\",OFFSET(COMPOSIÇÕES_IFMT!$A$1,MATCH($A736,COMPOSIÇÕES_IFMT!$A:$A,0)+2,1),\"\")","v":88247},{"$f":"IFERROR(INDEX(SINAPI!$B:$B,MATCH($B739,SINAPI!$A:$A,0)),\"\")","v":"AUXILIAR DE ELETRICISTA COM ENCARGOS COMPLEMENTARES"},{"$f":"IFERROR(INDEX(SINAPI!$C:$C,MATCH($B739,SINAPI!$A:$A,0)),\"\")","v":"H"},{"$f":"IF(IFERROR(INDEX(COMPOSIÇÕES_IFMT!$B:$B,MATCH($A736,COMPOSIÇÕES_IFMT!$A:$A,0)),\"\")<>\"\",OFFSET(COMPOSIÇÕES_IFMT!$A$1,MATCH($A736,COMPOSIÇÕES_IFMT!$A:$A,0)+2,4),\"\")","v":0.22989999999999999},{"$f":"IFERROR(INDEX(SINAPI!$D:$D,MATCH($B739,SINAPI!$A:$A,0)),0)","v":15.84},3.641616]
[{"$f":"IFERROR(INDEX(SINAPI!$E:$E,MATCH($B740,SINAPI!$A:$A,0)),\"\")","v":"COMPOSIÇÃO"},{"$f":"IF(IFERROR(INDEX(COMPOSIÇÕES_IFMT!$B:$B,MATCH($A736,COMPOSIÇÕES_IFMT!$A:$A,0)),\"\")<>\"\",OFFSET(COMPOSIÇÕES_IFMT!$A$1,MATCH($A736,COMPOSIÇÕES_IFMT!$A:$A,0)+3,1),\"\")","v":88264},{"$f":"IFERROR(INDEX(SINAPI!$B:$B,MATCH($B740,SINAPI!$A:$A,0)),\"\")","v":"ELETRICISTA COM ENCARGOS COMPLEMENTARES"},{"$f":"IFERROR(INDEX(SINAPI!$C:$C,MATCH($B740,SINAPI!$A:$A,0)),\"\")","v":"H"},{"$f":"IF(IFERROR(INDEX(COMPOSIÇÕES_IFMT!$B:$B,MATCH($A736,COMPOSIÇÕES_IFMT!$A:$A,0)),\"\")<>\"\",OFFSET(COMPOSIÇÕES_IFMT!$A$1,MATCH($A736,COMPOSIÇÕES_IFMT!$A:$A,0)+3,4),\"\")","v":0.55179999999999996},{"$f":"IFERROR(INDEX(SINAPI!$D:$D,MATCH($B740,SINAPI!$A:$A,0)),0)","v":20.52},11.322935999999999]
[null,null,null,null,null,"TOTAL",{"$f":"SUM(G737:G740)","v":85.214551999999998}]
[]
[]
["CLASSE/TIPO","CÓDIGOS/ SINAPI","DESCRIÇÃO","UND","COEFICIENTE","PREÇO UNITÁRIO","PREÇO TOTAL"]
["IFMT 185.02.2020",{"$f":"IFERROR(INDEX(COMPOSIÇÕES_IFMT!$B:$B,MATCH($A745,COMPOSIÇÕES_IFMT!$A:$A,0)),\"\")","v":".185/E"},{"$f":"IFERROR(INDEX(COMPOSIÇÕES_IFMT!$C:$C,MATCH($A745,COMPOSIÇÕES_IFMT!$A:$A,0)),\"\")","v":"TOMADA INDUSTRIAL 16A SOBREPOR 3P+T VERMELHA - FORNECIMENTO E INSTALAÇÃO"},{"$f":"IFERROR(INDEX(COMPOSIÇÕES_IFMT!$D:$D,MATCH($A745,COMPOSIÇÕES_IFMT!$A:$A,0)),\"\")","v":"UN"},null,null,{"$f":"G749","v":43.032000000000004}]
["COTAÇÃO","COT.01","TOMADA INDUSTRIAL 16A SOBREPOR 3P+T VERMELHA","UN",1,{"$f":"Cotação!K4","v":26.67},{"$f":"IFERROR(F746*E746,0)","v":26.67}]
[{"$f":"IFERROR(INDEX(SINAPI!$E:$E,MATCH($B747,SINAPI!$A:$A,0)),\"\")","v":"COMPOSIÇÃO"},{"$f":"IF(IFERROR(INDEX(COMPOSIÇÕES_IFMT!$B:$B,MATCH($A745,COMPOSIÇÕES_IFMT!$A:$A,0)),\"\")<>\"\",OFFSET(COMPOSIÇÕES_IFMT!$A$1,MATCH($A745,COMPOSIÇÕES_IFMT!$A:$A,0)+1,1),\"\")","v":88247},{"$f":"IFERROR(INDEX(SINAPI!$B:$B,MATCH($B747,SINAPI!$A:$A,0)),\"\")","v":"AUXILIAR DE ELETRICISTA COM ENCARGOS COMPLEMENTARES"},{"$f":"IFERROR(INDEX(SINAPI!$C:$C,MATCH($B747,SINAPI!$A:$A,0)),\"\")","v":"H"},{"$f":"IF(IFERROR(INDEX(COMPOSIÇÕES_IFMT!$B:$B,MATCH($A745,COMPOSIÇÕES_IFMT!$A:$A,0)),\"\")<>\"\",OFFSET(COMPOSIÇÕES_IFMT!$A$1,MATCH($A745,COMPOSIÇÕES_IFMT!$A:$A,0)+1,4),\"\")","v":0.45},{"$f":"IFERROR(INDEX(SINAPI!$D:$D,MATCH($B747,SINAPI!$A:$A,0)),0)","v":15.84},{"$f":"IFERROR(F747*E747,0)","v":7.1280000000000001}]
[{"$f":"IFERROR(INDEX(SINAPI!$E:$E,MATCH($B748,SINAPI!$A:$A,0)),\"\")","v":"COMPOSIÇÃO"},{"$f":"IF(IFERROR(INDEX(COMPOSIÇÕES_IFMT!$B:$B,MATCH($A745,COMPOSIÇÕES_IFMT!$A:$A,0)),\"\")<>\"\",OFFSET(COMPOSIÇÕES_IFMT!$A$1,MATCH($A745,COMPOSIÇÕES_IFMT!$A:$A,0)+2,1),\"\")","v":88264},{"$f":"IFERROR(INDEX(SINAPI!$B:$B,MATCH($B748,SINAPI!$A:$A,0)),\"\")","v":"ELETRICISTA COM ENCARGOS COMPLEMENTARES"},{"$f":"IFERROR(INDEX(SINAPI!$C:$C,MATCH($B748,SINAPI!$A:$A,0)),\"\")","v":"H"},{"$f":"IF(IFERROR(INDEX(COMPOSIÇÕES_IFMT!$B:$B,MATCH($A745,COMPOSIÇÕES_IFMT!$A:$A,0)),\"\")<>\"\",OFFSET(COMPOSIÇÕES_IFMT!$A$1,MATCH($A745,COMPOSIÇÕES_IFMT!$A:$A,0)+2,4),\"\")","v":0.45},{"$f":"IFERROR(INDEX(SINAPI!$D:$D,MATCH($B748,SINAPI!$A:$A,0)),0)","v":20.52},9.234]
[null,null,null,null,null,"TOTAL",{"$f":"SUM(G746:G748)","v":43.032000000000004}]
[]
[]
["CLASSE/TIPO","CÓDIGOS/ SINAPI","DESCRIÇÃO","UND","COEFICIENTE","PREÇO UNITÁRIO","PREÇO TOTAL"]
["IFMT 186.02.2020",{"$f":"IFERROR(INDEX(COMPOSIÇÕES_IFMT!$B:$B,MATCH($A753,COMPOSIÇÕES_IFMT!$A:$A,0)),\"\")","v":".186/E"},{"$f":"IFERROR(INDEX(COMPOSIÇÕES_IFMT!$C:$C,MATCH($A753,COMPOSIÇÕES_IFMT!$A:$A,0)),\"\")","v":"TOMADA INDUSTRIAL 32A SOBREPOR 3P+T AZUL - FORNECIMENTO E INSTALAÇÃO"},{"$f":"IFERROR(INDEX(COMPOSIÇÕES_IFMT!$D:$D,MATCH($A753,COMPOSIÇÕES_IFMT!$A:$A,0)),\"\")","v":"UNID."},null,null,{"$f":"G757","v":50.432000000000002}]
["COTAÇÃO","COT.02","TOMADA INDUSTRIAL 32A SOBREPOR 3P+T AZUL","UN",1,{"$f":"Cotação!K5","v":34.07},{"$f":"IFERROR(F754*E754,0)","v":34.07}]
[{"$f":"IFERROR(INDEX(SINAPI!$E:$E,MATCH($B755,SINAPI!$A:$A,0)),\"\")","v":"COMPOSIÇÃO"},{"$f":"IF(IFERROR(INDEX(COMPOSIÇÕES_IFMT!$B:$B,MATCH($A753,COMPOSIÇÕES_IFMT!$A:$A,0)),\"\")<>\"\",OFFSET(COMPOSIÇÕES_IFMT!$A$1,MATCH($A753,COMPOSIÇÕES_IFMT!$A:$A,0)+1,1),\"\")","v":88247},{"$f":"IFERROR(INDEX(SINAPI!$B:$B,MATCH($B755,SINAPI!$A:$A,0)),\"\")","v":"AUXILIAR DE ELETRICISTA COM ENCARGOS COMPLEMENTARES"},{"$f":"IFERROR(INDEX(SINAPI!$C:$C,MATCH($B755,SINAPI!$A:$A,0)),\"\")","v":"H"},{"$f":"IF(IFERROR(INDEX(COMPOSIÇÕES_IFMT!$B:$B,MATCH($A753,COMPOSIÇÕES_IFMT!$A:$A,0)),\"\")<>\"\",OFFSET(COMPOSIÇÕES_IFMT!$A$1,MATCH($A753,COMPOSIÇÕES_IFMT!$A:$A,0)+1,4),\"\")","v":0.45},{"$f":"IFERROR(INDEX(SINAPI!$D:$D,MATCH($B755,SINAPI!$A:$A,0)),0)","v":15.84},{"$f":"IFERROR(F755*E755,0)","v":7.1280000000000001}]
[{"$f":"IFERROR(INDEX(SINAPI!$E:$E,MATCH($B756,SINAPI!$A:$A,0)),\"\")","v":"COMPOSIÇÃO"},{"$f":"IF(IFERROR(INDEX(COMPOSIÇÕES_IFMT!$B:$B,MATCH($A753,COMPOSIÇÕES_IFMT!$A:$A,0)),\"\")<>\"\",OFFSET(COMPOSIÇÕES_IFMT!$A$1,MATCH($A753,COMPOSIÇÕES_IFMT!$A:$A,0)+2,1),\"\")","v":88264},{"$f":"IFERROR(INDEX(SINAPI!$B:$B,MATCH($B756,SINAPI!$A:$A,0)),\"\")","v":"ELETRICISTA COM ENCARGOS COMPLEMENTARES"},{"$f":"IFERROR(INDEX(SINAPI!$C:$C,MATCH($B756,SINAPI!$A:$A,0)),\"\")","v":"H"},{"$f":"IF(IFERROR(INDEX(COMPOSIÇÕES_IFMT!$B:$B,MATCH($A753,COMPOSIÇÕES_IFMT!$A:$A,0)),\"\")<>\"\",OFFSET(COMPOSIÇÕES_IFMT!$A$1,MATCH($A753,COMPOSIÇÕES_IFMT!$A:$A,0)+2,4),\"\")","v":0.45},{"$f":"IFERROR(INDEX(SINAPI!$D:$D,MATCH($B756,SINAPI!$A:$A,0)),0)","v":20.52},9.234]
[null,null,null,null,null,"TOTAL",{"$f":"SUM(G754:G756)","v":50.432000000000002}]
[]
[]
["CLASSE/TIPO","CÓDIGOS/ SINAPI","DESCRIÇÃO","UND","COEFICIENTE","PREÇO UNITÁRIO","PREÇO TOTAL"]
["IFMT 187.02.2020",{"$f":"IFERROR(INDEX(COMPOSIÇÕES_IFMT!$B:$B,MATCH($A761,COMPOSIÇÕES_IFMT!$A:$A,0)),\"\")","v":".187/E"},{"$f":"IFERROR(INDEX(COMPOSIÇÕES_IFMT!$C:$C,MATCH($A761,COMPOSIÇÕES_IFMT!$A:$A,0)),\"\")","v":"INTERRUPTOR TETRAPOLAR DR 25 A 3KA, DISPOSITIVO RESIDUAL DIFERENCIAL"},{"$f":"IFERROR(INDEX(COMPOSIÇÕES_IFMT!$D:$D,MATCH($A761,COMPOSIÇÕES_IFMT!$A:$A,0)),\"\")","v":"UN"},null,null,{"$f":"G765","v":152.65248}]
[{"$f":"IFERROR(INDEX(SINAPI!$E:$E,MATCH($B762,SINAPI!$A:$A,0)),\"\")","v":"COMPOSIÇÃO"},{"$f":"IF(IFERROR(INDEX(COMPOSIÇÕES_IFMT!$B:$B,MATCH($A761,COMPOSIÇÕES_IFMT!$A:$A,0)),\"\")<>\"\",OFFSET(COMPOSIÇÕES_IFMT!$A$1,MATCH($A761,COMPOSIÇÕES_IFMT!$A:$A,0),1),\"\")","v":88247},{"$f":"IFERROR(INDEX(SINAPI!$B:$B,MATCH($B762,SINAPI!$A:$A,0)),\"\")","v":"AUXILIAR DE ELETRICISTA COM ENCARGOS COMPLEMENTARES"},{"$f":"IFERROR(INDEX(SINAPI!$C:$C,MATCH($B762,SINAPI!$A:$A,0)),\"\")","v":"H"},{"$f":"IF(IFERROR(INDEX(COMPOSIÇÕES_IFMT!$B:$B,MATCH($A761,COMPOSIÇÕES_IFMT!$A:$A,0)),\"\")<>\"\",OFFSET(COMPOSIÇÕES_IFMT!$A$1,MATCH($A761,COMPOSIÇÕES_IFMT!$A:$A,0),4),\"\")","v":0.56799999999999995},{"$f":"IFERROR(INDEX(SINAPI!$D:$D,MATCH($B762,SINAPI!$A:$A,0)),0)","v":15.84},{"$f":"IFERROR(F762*E762,0)","v":8.9971199999999989}]
[{"$f":"IFERROR(INDEX(SINAPI!$E:$E,MATCH($B763,SINAPI!$A:$A,0)),\"\")","v":"COMPOSIÇÃO"},{"$f":"IF(IFERROR(INDEX(COMPOSIÇÕES_IFMT!$B:$B,MATCH($A761,COMPOSIÇÕES_IFMT!$A:$A,0)),\"\")<>\"\",OFFSET(COMPOSIÇÕES_IFMT!$A$1,MATCH($A761,COMPOSIÇÕES_IFMT!$A:$A,0)+1,1),\"\")","v":88264},{"$f":"IFERROR(INDEX(SINAPI!$B:$B,MATCH($B763,SINAPI!$A:$A,0)),\"\")","v":"ELETRICISTA COM ENCARGOS COMPLEMENTARES"},{"$f":"IFERROR(INDEX(SINAPI!$C:$C,MATCH($B763,SINAPI!$A:$A,0)),\"\")","v":"H"},{"$f":"IF(IFERROR(INDEX(COMPOSIÇÕES_IFMT!$B:$B,MATCH($A761,COMPOSIÇÕES_IFMT!$A:$A,0)),\"\")<>\"\",OFFSET(COMPOSIÇÕES_IFMT!$A$1,MATCH($A761,COMPOSIÇÕES_IFMT!$A:$A,0)+1,4),\"\")","v":0.56799999999999995},{"$f":"IFERROR(INDEX(SINAPI!$D:$D,MATCH($B763,SINAPI!$A:$A,0)),0)","v":20.52},{"$f":"IFERROR(F763*E763,0)","v":11.655359999999998}]
["INSUMO","08882/ORSE","DISJUNTOR TRIPOLAR DR 25 A, DISPOSITIVO RESIDUAL DIFERENCIAL","UNID.",1,132,132]
[null,null,null,null,null,"TOTAL",{"$f":"SUM(G762:G764)","v":152.65248}]
[]
[]
["CLASSE/TIPO","CÓDIGOS/ SINAPI","DESCRIÇÃO","UND","COEFICIENTE","PREÇO UNITÁRIO","PREÇO TOTAL"]
["IFMT 188.02.2020",{"$f":"IFERROR(INDEX(COMPOSIÇÕES_IFMT!$B:$B,MATCH($A769,COMPOSIÇÕES_IFMT!$A:$A,0)),\"\")","v":".188/E"},{"$f":"IFERROR(INDEX(COMPOSIÇÕES_IFMT!$C:$C,MATCH($A769,COMPOSIÇÕES_IFMT!$A:$A,0)),\"\")","v":"INTERRUPTOR TETRAPOLAR DR 25 A 6KA, DISPOSITIVO RESIDUAL DIFERENCIAL"},{"$f":"IFERROR(INDEX(COMPOSIÇÕES_IFMT!$D:$D,MATCH($A769,COMPOSIÇÕES_IFMT!$A:$A,0)),\"\")","v":"UN"},null,null,{"$f":"G773","v":152.65248}]
[{"$f":"IFERROR(INDEX(SINAPI!$E:$E,MATCH($B770,SINAPI!$A:$A,0)),\"\")","v":"COMPOSIÇÃO"},{"$f":"IF(IFERROR(INDEX(COMPOSIÇÕES_IFMT!$B:$B,MATCH($A769,COMPOSIÇÕES_IFMT!$A:$A,0)),\"\")<>\"\",OFFSET(COMPOSIÇÕES_IFMT!$A$1,MATCH($A769,COMPOSIÇÕES_IFMT!$A:$A,0),1),\"\")","v":88247},{"$f":"IFERROR(INDEX(SINAPI!$B:$B,MATCH($B770,SINAPI!$A:$A,0)),\"\")","v":"AUXILIAR DE ELETRICISTA COM ENCARGOS COMPLEMENTARES"},{"$f":"IFERROR(INDEX(SINAPI!$C:$C,MATCH($B770,SINAPI!$A:$A,0)),\"\")","v":"H"},{"$f":"IF(IFERROR(INDEX(COMPOSIÇÕES_IFMT!$B:$B,MATCH($A769,COMPOSIÇÕES_IFMT!$A:$A,0)),\"\")<>\"\",OFFSET(COMPOSIÇÕES_IFMT!$A$1,MATCH($A769,COMPOSIÇÕES_IFMT!$A:$A,0),4),\"\")","v":0.56799999999999995},{"$f":"IFERROR(INDEX(SINAPI!$D:$D,MATCH($B770,SINAPI!$A:$A,0)),0)","v":15.84},{"$f":"IFERROR(F770*E770,0)","v":8.9971199999999989}]
[{"$f":"IFERROR(INDEX(SINAPI!$E:$E,MATCH($B771,SINAPI!$A:$A,0)),\"\")","v":"COMPOSIÇÃO"},{"$f":"IF(IFERROR(INDEX(COMPOSIÇÕES_IFMT!$B:$B,MATCH($A769,COMPOSIÇÕES_IFMT!$A:$A,0)),\"\")<>\"\",OFFSET(COMPOSIÇÕES_IFMT!$A$1,MATCH($A769,COMPOSIÇÕES_IFMT!$A:$A,0)+1,1),\"\")","v":88264},{"$f":"IFERROR(INDEX(SINAPI!$B:$B,MATCH($B771,SINAPI!$A:$A,0)),\"\")","v":"ELETRICISTA COM ENCARGOS COMPLEMENTARES"},{"$f":"IFERROR(INDEX(SINAPI!$C:$C,MATCH($B771,SINAPI!$A:$A,0)),\"\")","v":"H"},{"$f":"IF(IFERROR(INDEX(COMPOSIÇÕES_IFMT!$B:$B,MATCH($A769,COMPOSIÇÕES_IFMT!$A:$A,0)),\"\")<>\"\",OFFSET(COMPOSIÇÕES_IFMT!$A$1,MATCH($A769,COMPOSIÇÕES_IFMT!$A:$A,0)+1,4),\"\")","v":0.56799999999999995},{"$f":"IFERROR(INDEX(SINAPI!$D:$D,MATCH($B771,SINAPI!$A:$A,0)),0)","v":20.52},{"$f":"IFERROR(F771*E771,0)","v":11.655359999999998}]
["INSUMO","08882/ORSE","DISJUNTOR TRIPOLAR DR 25 A, DISPOSITIVO RESIDUAL DIFERENCIAL","UNID.",1,132,132]
[null,null,null,null,null,"TOTAL",{"$f":"SUM(G770:G772)","v":152.65248}]
[]
[]
["CLASSE/TIPO","CÓDIGOS/ SINAPI","DESCRIÇÃO","UND","COEFICIENTE","PREÇO UNITÁRIO","PREÇO TOTAL"]
["IFMT 189.02.2020",{"$f":"IFERROR(INDEX(COMPOSIÇÕES_IFMT!$B:$B,MATCH($A777,COMPOSIÇÕES_IFMT!$A:$A,0)),\"\")","v":".189/E"},{"$f":"IFERROR(INDEX(COMPOSIÇÕES_IFMT!$C:$C,MATCH($A777,COMPOSIÇÕES_IFMT!$A:$A,0)),\"\")","v":"INTERRUPTOR TETRAPOLAR DR 25 A 8KA, DISPOSITIVO RESIDUAL DIFERENCIAL"},{"$f":"IFERROR(INDEX(COMPOSIÇÕES_IFMT!$D:$D,MATCH($A777,COMPOSIÇÕES_IFMT!$A:$A,0)),\"\")","v":"UN"},null,null,{"$f":"G781","v":152.65248}]
[{"$f":"IFERROR(INDEX(SINAPI!$E:$E,MATCH($B778,SINAPI!$A:$A,0)),\"\")","v":"COMPOSIÇÃO"},{"$f":"IF(IFERROR(INDEX(COMPOSIÇÕES_IFMT!$B:$B,MATCH($A777,COMPOSIÇÕES_IFMT!$A:$A,0)),\"\")<>\"\",OFFSET(COMPOSIÇÕES_IFMT!$A$1,MATCH($A777,COMPOSIÇÕES_IFMT!$A:$A,0),1),\"\")","v":88247},{"$f":"IFERROR(INDEX(SINAPI!$B:$B,MATCH($B778,SINAPI!$A:$A,0)),\"\")","v":"AUXILIAR DE ELETRICISTA COM ENCARGOS COMPLEMENTARES"},{"$f":"IFERROR(INDEX(SINAPI!$C:$C,MATCH($B778,SINAPI!$A:$A,0)),\"\")","v":"H"},{"$f":"IF(IFERROR(INDEX(COMPOSIÇÕES_IFMT!$B:$B,MATCH($A777,COMPOSIÇÕES_IFMT!$A:$A,0)),\"\")<>\"\",OFFSET(COMPOSIÇÕES_IFMT!$A$1,MATCH($A777,COMPOSIÇÕES_IFMT!$A:$A,0),4),\"\")","v":0.56799999999999995},{"$f":"IFERROR(INDEX(SINAPI!$D:$D,MATCH($B778,SINAPI!$A:$A,0)),0)","v":15.84},{"$f":"IFERROR(F778*E778,0)","v":8.9971199999999989}]
[{"$f":"IFERROR(INDEX(SINAPI!$E:$E,MATCH($B779,SINAPI!$A:$A,0)),\"\")","v":"COMPOSIÇÃO"},{"$f":"IF(IFERROR(INDEX(COMPOSIÇÕES_IFMT!$B:$B,MATCH($A777,COMPOSIÇÕES_IFMT!$A:$A,0)),\"\")<>\"\",OFFSET(COMPOSIÇÕES_IFMT!$A$1,MATCH($A777,COMPOSIÇÕES_IFMT!$A:$A,0)+1,1),\"\")","v":88264},{"$f":"IFERROR(INDEX(SINAPI!$B:$B,MATCH($B779,SINAPI!$A:$A,0)),\"\")","v":"ELETRICISTA COM ENCARGOS COMPLEMENTARES"},{"$f":"IFERROR(INDEX(SINAPI!$C:$C,MATCH($B779,SINAPI!$A:$A,0)),\"\")","v":"H"},{"$f":"IF(IFERROR(INDEX(COMPOSIÇÕES_IFMT!$B:$B,MATCH($A777,COMPOSIÇÕES_IFMT!$A:$A,0)),\"\")<>\"\",OFFSET(COMPOSIÇÕES_IFMT!$A$1,MATCH($A777,COMPOSIÇÕES_IFMT!$A:$A,0)+1,4),\"\")","v":0.56799999999999995},{"$f":"IFERROR(INDEX(SINAPI!$D:$D,MATCH($B779,SINAPI!$A:$A,0)),0)","v":20.52},{"$f":"IFERROR(F779*E779,0)","v":11.655359999999998}]
["INSUMO","08882/ORSE","DISJUNTOR TRIPOLAR DR 25 A, DISPOSITIVO RESIDUAL DIFERENCIAL","UN",1,132,132]
[null,null,null,null,null,"TOTAL",{"$f":"SUM(G778:G780)","v":152.65248}]
[]
[]
["CLASSE/TIPO","CÓDIGOS/ SINAPI","DESCRIÇÃO","UND","COEFICIENTE","PREÇO UNITÁRIO","PREÇO TOTAL"]
["IFMT 190.02.2020",{"$f":"IFERROR(INDEX(COMPOSIÇÕES_IFMT!$B:$B,MATCH($A785,COMPOSIÇÕES_IFMT!$A:$A,0)),\"\")","v":".190/E"},{"$f":"IFERROR(INDEX(COMPOSIÇÕES_IFMT!$C:$C,MATCH($A785,COMPOSIÇÕES_IFMT!$A:$A,0)),\"\")","v":"INTERRUPTOR TETRAPOLAR DR 63 A 8KA, DISPOSITIVO RESIDUAL DIFERENCIAL"},{"$f":"IFERROR(INDEX(COMPOSIÇÕES_IFMT!$D:$D,MATCH($A785,COMPOSIÇÕES_IFMT!$A:$A,0)),\"\")","v":"UN"},null,null,{"$f":"G789","v":59.652479999999997}]
[{"$f":"IFERROR(INDEX(SINAPI!$E:$E,MATCH($B786,SINAPI!$A:$A,0)),\"\")","v":"COMPOSIÇÃO"},{"$f":"IF(IFERROR(INDEX(COMPOSIÇÕES_IFMT!$B:$B,MATCH($A785,COMPOSIÇÕES_IFMT!$A:$A,0)),\"\")<>\"\",OFFSET(COMPOSIÇÕES_IFMT!$A$1,MATCH($A785,COMPOSIÇÕES_IFMT!$A:$A,0),1),\"\")","v":88247},{"$f":"IFERROR(INDEX(SINAPI!$B:$B,MATCH($B786,SINAPI!$A:$A,0)),\"\")","v":"AUXILIAR DE ELETRICISTA COM ENCARGOS COMPLEMENTARES"},{"$f":"IFERROR(INDEX(SINAPI!$C:$C,MATCH($B786,SINAPI!$A:$A,0)),\"\")","v":"H"},{"$f":"IF(IFERROR(INDEX(COMPOSIÇÕES_IFMT!$B:$B,MATCH($A785,COMPOSIÇÕES_IFMT!$A:$A,0)),\"\")<>\"\",OFFSET(COMPOSIÇÕES_IFMT!$A$1,MATCH($A785,COMPOSIÇÕES_IFMT!$A:$A,0),4),\"\")","v":0.56799999999999995},{"$f":"IFERROR(INDEX(SINAPI!$D:$D,MATCH($B786,SINAPI!$A:$A,0)),0)","v":15.84},{"$f":"IFERROR(F786*E786,0)","v":8.9971199999999989}]
[{"$f":"IFERROR(INDEX(SINAPI!$E:$E,MATCH($B787,SINAPI!$A:$A,0)),\"\")","v":"COMPOSIÇÃO"},{"$f":"IF(IFERROR(INDEX(COMPOSIÇÕES_IFMT!$B:$B,MATCH($A785,COMPOSIÇÕES_IFMT!$A:$A,0)),\"\")<>\"\",OFFSET(COMPOSIÇÕES_IFMT!$A$1,MATCH($A785,COMPOSIÇÕES_IFMT!$A:$A,0)+1,1),\"\")","v":88264},{"$f":"IFERROR(INDEX(SINAPI!$B:$B,MATCH($B787,SINAPI!$A:$A,0)),\"\")","v":"ELETRICISTA COM ENCARGOS COMPLEMENTARES"},{"$f":"IFERROR(INDEX(SINAPI!$C:$C,MATCH($B787,SINAPI!$A:$A,0)),\"\")","v":"H"},{"$f":"IF(IFERROR(INDEX(COMPOSIÇÕES_IFMT!$B:$B,MATCH($A785,COMPOSIÇÕES_IFMT!$A:$A,0)),\"\")<>\"\",OFFSET(COMPOSIÇÕES_IFMT!$A$1,MATCH($A785,COMPOSIÇÕES_IFMT!$A:$A,0)+1,4),\"\")","v":0.56799999999999995},{"$f":"IFERROR(INDEX(SINAPI!$D:$D,MATCH($B787,SINAPI!$A:$A,0)),0)","v":20.52},{"$f":"IFERROR(F787*E787,0)","v":11.655359999999998}]
["INSUMO","06549/ORSE","DISJUNTOR TRIPOLAR DR 63A, TIPO AC, CORRENTE NOMINAL RESIDUAL 30MA","UN",1,39,39]
[null,null,null,null,null,"TOTAL",{"$f":"SUM(G786:G788)","v":59.652479999999997}]
[]
[]
["CLASSE/TIPO","CÓDIGOS/ SINAPI","DESCRIÇÃO","UND","COEFICIENTE","PREÇO UNITÁRIO","PREÇO TOTAL"]
["IFMT 191.02.2020",{"$f":"IFERROR(INDEX(COMPOSIÇÕES_IFMT!$B:$B,MATCH($A793,COMPOSIÇÕES_IFMT!$A:$A,0)),\"\")","v":".191/E"},{"$f":"IFERROR(INDEX(COMPOSIÇÕES_IFMT!$C:$C,MATCH($A793,COMPOSIÇÕES_IFMT!$A:$A,0)),\"\")","v":"LUMINARIA DE EMERGÊNCIA 2 FARÓIS LED 8W FORNECIMENTO E INSTALAÇÃO."},{"$f":"IFERROR(INDEX(COMPOSIÇÕES_IFMT!$D:$D,MATCH($A793,COMPOSIÇÕES_IFMT!$A:$A,0)),\"\")","v":"UN"},null,null,{"$f":"G797","v":136.668172}]
["COTAÇÃO","COT.03","LUMINARIA DE EMERGÊNCIA 2 FARÓIS LED 8W","UN",1,{"$f":"Cotação!K6","v":131.80000000000001},{"$f":"IFERROR(F794*E794,0)","v":131.80000000000001}]
[{"$f":"IFERROR(INDEX(SINAPI!$E:$E,MATCH($B795,SINAPI!$A:$A,0)),\"\")","v":"COMPOSIÇÃO"},{"$f":"IF(IFERROR(INDEX(COMPOSIÇÕES_IFMT!$B:$B,MATCH($A793,COMPOSIÇÕES_IFMT!$A:$A,0)),\"\")<>\"\",OFFSET(COMPOSIÇÕES_IFMT!$A$1,MATCH($A793,COMPOSIÇÕES_IFMT!$A:$A,0)+1,1),\"\")","v":88247},{"$f":"IFERROR(INDEX(SINAPI!$B:$B,MATCH($B795,SINAPI!$A:$A,0)),\"\")","v":"AUXILIAR DE ELETRICISTA COM ENCARGOS COMPLEMENTARES"},{"$f":"IFERROR(INDEX(SINAPI!$C:$C,MATCH($B795,SINAPI!$A:$A,0)),\"\")","v":"H"},{"$f":"IF(IFERROR(INDEX(COMPOSIÇÕES_IFMT!$B:$B,MATCH($A793,COMPOSIÇÕES_IFMT!$A:$A,0)),\"\")<>\"\",OFFSET(COMPOSIÇÕES_IFMT!$A$1,MATCH($A793,COMPOSIÇÕES_IFMT!$A:$A,0)+1,4),\"\")","v":7.4800000000000005E-2},{"$f":"IFERROR(INDEX(SINAPI!$D:$D,MATCH($B795,SINAPI!$A:$A,0)),0)","v":15.84},{"$f":"IFERROR(F795*E795,0)","v":1.1848320000000001}]
[{"$f":"IFERROR(INDEX(SINAPI!$E:$E,MATCH($B796,SINAPI!$A:$A,0)),\"\")","v":"COMPOSIÇÃO"},{"$f":"IF(IFERROR(INDEX(COMPOSIÇÕES_IFMT!$B:$B,MATCH($A793,COMPOSIÇÕES_IFMT!$A:$A,0)),\"\")<>\"\",OFFSET(COMPOSIÇÕES_IFMT!$A$1,MATCH($A793,COMPOSIÇÕES_IFMT!$A:$A,0)+2,1),\"\")","v":88264},{"$f":"IFERROR(INDEX(SINAPI!$B:$B,MATCH($B796,SINAPI!$A:$A,0)),\"\")","v":"ELETRICISTA COM ENCARGOS COMPLEMENTARES"},{"$f":"IFERROR(INDEX(SINAPI!$C:$C,MATCH($B796,SINAPI!$A:$A,0)),\"\")","v":"H"},{"$f":"IF(IFERROR(INDEX(COMPOSIÇÕES_IFMT!$B:$B,MATCH($A793,COMPOSIÇÕES_IFMT!$A:$A,0)),\"\")<>\"\",OFFSET(COMPOSIÇÕES_IFMT!$A$1,MATCH($A793,COMPOSIÇÕES_IFMT!$A:$A,0)+2,4),\"\")","v":0.17949999999999999},{"$f":"IFERROR(INDEX(SINAPI!$D:$D,MATCH($B796,SINAPI!$A:$A,0)),0)","v":20.52},3.6833399999999998]
[null,null,null,null,null,"TOTAL",{"$f":"SUM(G794:G796)","v":136.668172}]
[]
[]
["CLASSE/TIPO","CÓDIGOS/ SINAPI","DESCRIÇÃO","UND","COEFICIENTE","PREÇO UNITÁRIO","PREÇO TOTAL"]
["IFMT 192.02.2020",{"$f":"IFERROR(INDEX(COMPOSIÇÕES_IFMT!$B:$B,MATCH($A801,COMPOSIÇÕES_IFMT!$A:$A,0)),\"\")","v":".192/E"},{"$f":"IFERROR(INDEX(COMPOSIÇÕES_IFMT!$C:$C,MATCH($A801,COMPOSIÇÕES_IFMT!$A:$A,0)),\"\")","v":"LUMINARIA LED REFLETOR RETANGULAR, BIVOLT, LUZ BRANCA, 200 W, COM CAIXA ANTIVANDALISMO IP65 41cm x 33cm x 20,8cm"},{"$f":"IFERROR(INDEX(COMPOSIÇÕES_IFMT!$D:$D,MATCH($A801,COMPOSIÇÕES_IFMT!$A:$A,0)),\"\")","v":"UN"},null,null,{"$f":"G806","v":225.26}]
[{"$f":"IFERROR(INDEX(SINAPI!$E:$E,MATCH($B802,SINAPI!$A:$A,0)),\"\")","v":"COMPOSIÇÃO"},{"$f":"IF(IFERROR(INDEX(COMPOSIÇÕES_IFMT!$B:$B,MATCH($A801,COMPOSIÇÕES_IFMT!$A:$A,0)),\"\")<>\"\",OFFSET(COMPOSIÇÕES_IFMT!$A$1,MATCH($A801,COMPOSIÇÕES_IFMT!$A:$A,0),1),\"\")","v":88247},{"$f":"IFERROR(INDEX(SINAPI!$B:$B,MATCH($B802,SINAPI!$A:$A,0)),\"\")","v":"AUXILIAR DE ELETRICISTA COM ENCARGOS COMPLEMENTARES"},{"$f":"IFERROR(INDEX(SINAPI!$C:$C,MATCH($B802,SINAPI!$A:$A,0)),\"\")","v":"H"},{"$f":"IF(IFERROR(INDEX(COMPOSIÇÕES_IFMT!$B:$B,MATCH($A801,COMPOSIÇÕES_IFMT!$A:$A,0)),\"\")<>\"\",OFFSET(COMPOSIÇÕES_IFMT!$A$1,MATCH($A801,COMPOSIÇÕES_IFMT!$A:$A,0),4),\"\")","v":2},{"$f":"IFERROR(INDEX(SINAPI!$D:$D,MATCH($B802,SINAPI!$A:$A,0)),0)","v":15.84},{"$f":"IFERROR(F802*E802,0)","v":31.68}]
[{"$f":"IFERROR(INDEX(SINAPI!$E:$E,MATCH($B803,SINAPI!$A:$A,0)),\"\")","v":"COMPOSIÇÃO"},{"$f":"IF(IFERROR(INDEX(COMPOSIÇÕES_IFMT!$B:$B,MATCH($A801,COMPOSIÇÕES_IFMT!$A:$A,0)),\"\")<>\"\",OFFSET(COMPOSIÇÕES_IFMT!$A$1,MATCH($A801,COMPOSIÇÕES_IFMT!$A:$A,0)+1,1),\"\")","v":88264},{"$f":"IFERROR(INDEX(SINAPI!$B:$B,MATCH($B803,SINAPI!$A:$A,0)),\"\")","v":"ELETRICISTA COM ENCARGOS COMPLEMENTARES"},{"$f":"IFERROR(INDEX(SINAPI!$C:$C,MATCH($B803,SINAPI!$A:$A,0)),\"\")","v":"H"},{"$f":"IF(IFERROR(INDEX(COMPOSIÇÕES_IFMT!$B:$B,MATCH($A801,COMPOSIÇÕES_IFMT!$A:$A,0)),\"\")<>\"\",OFFSET(COMPOSIÇÕES_IFMT!$A$1,MATCH($A801,COMPOSIÇÕES_IFMT!$A:$A,0)+1,4),\"\")","v":2},{"$f":"IFERROR(INDEX(SINAPI!$D:$D,MATCH($B803,SINAPI!$A:$A,0)),0)","v":20.52},{"$f":"IFERROR(F803*E803,0)","v":41.04}]
[{"$f":"IFERROR(INDEX(SINAPI!$E:$E,MATCH($B804,SINAPI!$A:$A,0)),\"\")","v":"INSUMO"},{"$f":"IF(IFERROR(INDEX(COMPOSIÇÕES_IFMT!$B:$B,MATCH($A801,COMPOSIÇÕES_IFMT!$A:$A,0)),\"\")<>\"\",OFFSET(COMPOSIÇÕES_IFMT!$A$1,MATCH($A801,COMPOSIÇÕES_IFMT!$A:$A,0)+2,1),\"\")","v":7583},{"$f":"IFERROR(INDEX(SINAPI!$B:$B,MATCH($B804,SINAPI!$A:$A,0)),\"\")","v":"BUCHA DE NYLON SEM ABA S8, COM PARAFUSO DE 4,80 X 50 MM EM ACO ZINCADO COM ROSCA SOBERBA, CABECA CHATA E FENDA PHILLIPS"},{"$f":"IFERROR(INDEX(SINAPI!$C:$C,MATCH($B804,SINAPI!$A:$A,0)),\"\")","v":"UN    "},{"$f":"IF(IFERROR(INDEX(COMPOSIÇÕES_IFMT!$B:$B,MATCH($A801,COMPOSIÇÕES_IFMT!$A:$A,0)),\"\")<>\"\",OFFSET(COMPOSIÇÕES_IFMT!$A$1,MATCH($A801,COMPOSIÇÕES_IFMT!$A:$A,0)+2,4),\"\")","v":4},{"$f":"IFERROR(INDEX(SINAPI!$D:$D,MATCH($B804,SINAPI!$A:$A,0)),0)","v":0.41},1.64]
["COTAÇÃO","COT.04","REFLETOR LED 200 W BIVOLT","UNID.",1,{"$f":"Cotação!K7","v":150.9},150.9]
[null,null,null,null,null,"TOTAL",{"$f":"SUM(G802:G805)","v":225.26}]
[]
[]
["CLASSE/TIPO","CÓDIGOS/ SINAPI","DESCRIÇÃO","UND","COEFICIENTE","PREÇO UNITÁRIO","PREÇO TOTAL"]
["IFMT 193.02.2020",{"$f":"IFERROR(INDEX(COMPOSIÇÕES_IFMT!$B:$B,MATCH($A810,COMPOSIÇÕES_IFMT!$A:$A,0)),\"\")","v":".193/E"},{"$f":"IFERROR(INDEX(COMPOSIÇÕES_IFMT!$C:$C,MATCH($A810,COMPOSIÇÕES_IFMT!$A:$A,0)),\"\")","v":"QUADRO DE DISTRIBUIÇÃO METÁLICO DE SOBREPOR PARA 115 DISJUNTORES MONOPOLARES TIPO DIN  COM BARRAMENTO TRIFÁSICO COM NEUTRO E TERRRA - FORNECIMENTO E INTALAÇÃO"},{"$f":"IFERROR(INDEX(COMPOSIÇÕES_IFMT!$D:$D,MATCH($A810,COMPOSIÇÕES_IFMT!$A:$A,0)),\"\")","v":"UN"},null,null,{"$f":"G815","v":7058.5469999999996}]
["COTAÇÃO","COT.05","QUADRO DE DISTRIBUIÇÃO METÁLICO DE SOBREPOR PARA 115 DISJUNTORES MONOPOLARES TIPO DIN  COM BARRAMENTO TRIFÁSICO, COM NEUTRO E TERRRA","UN",1,{"$f":"Cotação!K8","v":6619.2},{"$f":"IFERROR(F811*E811,0)","v":6619.2}]
[{"$f":"IFERROR(INDEX(SINAPI!$E:$E,MATCH($B812,SINAPI!$A:$A,0)),\"\")","v":"COMPOSIÇÃO"},{"$f":"IF(IFERROR(INDEX(COMPOSIÇÕES_IFMT!$B:$B,MATCH($A810,COMPOSIÇÕES_IFMT!$A:$A,0)),\"\")<>\"\",OFFSET(COMPOSIÇÕES_IFMT!$A$1,MATCH($A810,COMPOSIÇÕES_IFMT!$A:$A,0)+1,1),\"\")","v":88264},{"$f":"IFERROR(INDEX(SINAPI!$B:$B,MATCH($B812,SINAPI!$A:$A,0)),\"\")","v":"ELETRICISTA COM ENCARGOS COMPLEMENTARES"},{"$f":"IFERROR(INDEX(SINAPI!$C:$C,MATCH($B812,SINAPI!$A:$A,0)),\"\")","v":"H"},{"$f":"IF(IFERROR(INDEX(COMPOSIÇÕES_IFMT!$B:$B,MATCH($A810,COMPOSIÇÕES_IFMT!$A:$A,0)),\"\")<>\"\",OFFSET(COMPOSIÇÕES_IFMT!$A$1,MATCH($A810,COMPOSIÇÕES_IFMT!$A:$A,0)+1,4),\"\")","v":14},{"$f":"IFERROR(INDEX(SINAPI!$D:$D,MATCH($B812,SINAPI!$A:$A,0)),0)","v":20.52},{"$f":"IFERROR(F812*E812,0)","v":287.27999999999997}]
[{"$f":"IFERROR(INDEX(SINAPI!$E:$E,MATCH($B813,SINAPI!$A:$A,0)),\"\")","v":"COMPOSIÇÃO"},{"$f":"IF(IFERROR(INDEX(COMPOSIÇÕES_IFMT!$B:$B,MATCH($A810,COMPOSIÇÕES_IFMT!$A:$A,0)),\"\")<>\"\",OFFSET(COMPOSIÇÕES_IFMT!$A$1,MATCH($A810,COMPOSIÇÕES_IFMT!$A:$A,0)+2,1),\"\")","v":88309},{"$f":"IFERROR(INDEX(SINAPI!$B:$B,MATCH($B813,SINAPI!$A:$A,0)),\"\")","v":"PEDREIRO COM ENCARGOS COMPLEMENTARES"},{"$f":"IFERROR(INDEX(SINAPI!$C:$C,MATCH($B813,SINAPI!$A:$A,0)),\"\")","v":"H"},{"$f":"IF(IFERROR(INDEX(COMPOSIÇÕES_IFMT!$B:$B,MATCH($A810,COMPOSIÇÕES_IFMT!$A:$A,0)),\"\")<>\"\",OFFSET(COMPOSIÇÕES_IFMT!$A$1,MATCH($A810,COMPOSIÇÕES_IFMT!$A:$A,0)+2,4),\"\")","v":3.5},{"$f":"IFERROR(INDEX(SINAPI!$D:$D,MATCH($B813,SINAPI!$A:$A,0)),0)","v":19.809999999999999},69.334999999999994]
[{"$f":"IFERROR(INDEX(SINAPI!$E:$E,MATCH($B814,SINAPI!$A:$A,0)),\"\")","v":"COMPOSIÇÃO"},{"$f":"IF(IFERROR(INDEX(COMPOSIÇÕES_IFMT!$B:$B,MATCH($A810,COMPOSIÇÕES_IFMT!$A:$A,0)),\"\")<>\"\",OFFSET(COMPOSIÇÕES_IFMT!$A$1,MATCH($A810,COMPOSIÇÕES_IFMT!$A:$A,0)+3,1),\"\")","v":88316},{"$f":"IFERROR(INDEX(SINAPI!$B:$B,MATCH($B814,SINAPI!$A:$A,0)),\"\")","v":"SERVENTE COM ENCARGOS COMPLEMENTARES"},{"$f":"IFERROR(INDEX(SINAPI!$C:$C,MATCH($B814,SINAPI!$A:$A,0)),\"\")","v":"H"},{"$f":"IF(IFERROR(INDEX(COMPOSIÇÕES_IFMT!$B:$B,MATCH($A810,COMPOSIÇÕES_IFMT!$A:$A,0)),\"\")<>\"\",OFFSET(COMPOSIÇÕES_IFMT!$A$1,MATCH($A810,COMPOSIÇÕES_IFMT!$A:$A,0)+3,4),\"\")","v":5.2},{"$f":"IFERROR(INDEX(SINAPI!$D:$D,MATCH($B814,SINAPI!$A:$A,0)),0)","v":15.91},82.731999999999999]
[null,null,null,null,null,"TOTAL",{"$f":"SUM(G811:G814)","v":7058.5469999999996}]
[]
[]
["CLASSE/TIPO","CÓDIGOS/ SINAPI","DESCRIÇÃO","UND","COEFICIENTE","PREÇO UNITÁRIO","PREÇO TOTAL"]
["IFMT 194.02.2020",{"$f":"IFERROR(INDEX(COMPOSIÇÕES_IFMT!$B:$B,MATCH($A819,COMPOSIÇÕES_IFMT!$A:$A,0)),\"\")","v":".194/E"},{"$f":"IFERROR(INDEX(COMPOSIÇÕES_IFMT!$C:$C,MATCH($A819,COMPOSIÇÕES_IFMT!$A:$A,0)),\"\")","v":"CONDULETE MULTIPLO DE ALUMÍNIO TIPO X 1.1/2\" - FORNECIMENTO E INSTALAÇÃO"},{"$f":"IFERROR(INDEX(COMPOSIÇÕES_IFMT!$D:$D,MATCH($A819,COMPOSIÇÕES_IFMT!$A:$A,0)),\"\")","v":"UN"},null,null,{"$f":"G823","v":53.189099999999996}]
["COTAÇÃO","COT.06","CONDULETE MULTIPLO DE ALUMÍNIO TIPO X 1.1/2\"","UN",1,{"$f":"Cotação!K9","v":39.71},{"$f":"IFERROR(F820*E820,0)","v":39.71}]
[{"$f":"IFERROR(INDEX(SINAPI!$E:$E,MATCH($B821,SINAPI!$A:$A,0)),\"\")","v":"COMPOSIÇÃO"},{"$f":"IF(IFERROR(INDEX(COMPOSIÇÕES_IFMT!$B:$B,MATCH($A819,COMPOSIÇÕES_IFMT!$A:$A,0)),\"\")<>\"\",OFFSET(COMPOSIÇÕES_IFMT!$A$1,MATCH($A819,COMPOSIÇÕES_IFMT!$A:$A,0)+1,1),\"\")","v":88264},{"$f":"IFERROR(INDEX(SINAPI!$B:$B,MATCH($B821,SINAPI!$A:$A,0)),\"\")","v":"ELETRICISTA COM ENCARGOS COMPLEMENTARES"},{"$f":"IFERROR(INDEX(SINAPI!$C:$C,MATCH($B821,SINAPI!$A:$A,0)),\"\")","v":"H"},{"$f":"IF(IFERROR(INDEX(COMPOSIÇÕES_IFMT!$B:$B,MATCH($A819,COMPOSIÇÕES_IFMT!$A:$A,0)),\"\")<>\"\",OFFSET(COMPOSIÇÕES_IFMT!$A$1,MATCH($A819,COMPOSIÇÕES_IFMT!$A:$A,0)+1,4),\"\")","v":0.37},{"$f":"IFERROR(INDEX(SINAPI!$D:$D,MATCH($B821,SINAPI!$A:$A,0)),0)","v":20.52},{"$f":"IFERROR(F821*E821,0)","v":7.5923999999999996}]
[{"$f":"IFERROR(INDEX(SINAPI!$E:$E,MATCH($B822,SINAPI!$A:$A,0)),\"\")","v":"COMPOSIÇÃO"},{"$f":"IF(IFERROR(INDEX(COMPOSIÇÕES_IFMT!$B:$B,MATCH($A819,COMPOSIÇÕES_IFMT!$A:$A,0)),\"\")<>\"\",OFFSET(COMPOSIÇÕES_IFMT!$A$1,MATCH($A819,COMPOSIÇÕES_IFMT!$A:$A,0)+2,1),\"\")","v":88316},{"$f":"IFERROR(INDEX(SINAPI!$B:$B,MATCH($B822,SINAPI!$A:$A,0)),\"\")","v":"SERVENTE COM ENCARGOS COMPLEMENTARES"},{"$f":"IFERROR(INDEX(SINAPI!$C:$C,MATCH($B822,SINAPI!$A:$A,0)),\"\")","v":"H"},{"$f":"IF(IFERROR(INDEX(COMPOSIÇÕES_IFMT!$B:$B,MATCH($A819,COMPOSIÇÕES_IFMT!$A:$A,0)),\"\")<>\"\",OFFSET(COMPOSIÇÕES_IFMT!$A$1,MATCH($A819,COMPOSIÇÕES_IFMT!$A:$A,0)+2,4),\"\")","v":0.37},{"$f":"IFERROR(INDEX(SINAPI!$D:$D,MATCH($B822,SINAPI!$A:$A,0)),0)","v":15.91},5.8867000000000003]
[null,null,null,null,null,"TOTAL",{"$f":"SUM(G820:G822)","v":53.189099999999996}]
[]
[]
["CLASSE/TIPO","CÓDIGOS/ SINAPI","DESCRIÇÃO","UND","COEFICIENTE","PREÇO UNITÁRIO","PREÇO TOTAL"]
["IFMT 195.02.2020",{"$f":"IFERROR(INDEX(COMPOSIÇÕES_IFMT!$B:$B,MATCH($A827,COMPOSIÇÕES_IFMT!$A:$A,0)),\"\")","v":".195/E"},{"$f":"IFERROR(INDEX(COMPOSIÇÕES_IFMT!$C:$C,MATCH($A827,COMPOSIÇÕES_IFMT!$A:$A,0)),\"\")","v":"INTERRUPTOR TETRAPOLAR DR 40 A 3KA, DISPOSITIVO RESIDUAL DIFERENCIAL"},{"$f":"IFERROR(INDEX(COMPOSIÇÕES_IFMT!$D:$D,MATCH($A827,COMPOSIÇÕES_IFMT!$A:$A,0)),\"\")","v":"UN"},null,null,{"$f":"G831","v":131.14247999999998}]
["COTAÇÃO","COT.07","INTERRUPTOR DIFERENCIAL RESIDUAL TETRAPOLAR 40A - 30mA","UN",1,{"$f":"Cotação!K10","v":110.49},{"$f":"IFERROR(F828*E828,0)","v":110.49}]
[{"$f":"IFERROR(INDEX(SINAPI!$E:$E,MATCH($B829,SINAPI!$A:$A,0)),\"\")","v":"COMPOSIÇÃO"},{"$f":"IF(IFERROR(INDEX(COMPOSIÇÕES_IFMT!$B:$B,MATCH($A827,COMPOSIÇÕES_IFMT!$A:$A,0)),\"\")<>\"\",OFFSET(COMPOSIÇÕES_IFMT!$A$1,MATCH($A827,COMPOSIÇÕES_IFMT!$A:$A,0)+1,1),\"\")","v":88247},{"$f":"IFERROR(INDEX(SINAPI!$B:$B,MATCH($B829,SINAPI!$A:$A,0)),\"\")","v":"AUXILIAR DE ELETRICISTA COM ENCARGOS COMPLEMENTARES"},{"$f":"IFERROR(INDEX(SINAPI!$C:$C,MATCH($B829,SINAPI!$A:$A,0)),\"\")","v":"H"},{"$f":"IF(IFERROR(INDEX(COMPOSIÇÕES_IFMT!$B:$B,MATCH($A827,COMPOSIÇÕES_IFMT!$A:$A,0)),\"\")<>\"\",OFFSET(COMPOSIÇÕES_IFMT!$A$1,MATCH($A827,COMPOSIÇÕES_IFMT!$A:$A,0)+1,4),\"\")","v":0.56799999999999995},{"$f":"IFERROR(INDEX(SINAPI!$D:$D,MATCH($B829,SINAPI!$A:$A,0)),0)","v":15.84},{"$f":"IFERROR(F829*E829,0)","v":8.9971199999999989}]
[{"$f":"IFERROR(INDEX(SINAPI!$E:$E,MATCH($B830,SINAPI!$A:$A,0)),\"\")","v":"COMPOSIÇÃO"},{"$f":"IF(IFERROR(INDEX(COMPOSIÇÕES_IFMT!$B:$B,MATCH($A827,COMPOSIÇÕES_IFMT!$A:$A,0)),\"\")<>\"\",OFFSET(COMPOSIÇÕES_IFMT!$A$1,MATCH($A827,COMPOSIÇÕES_IFMT!$A:$A,0)+2,1),\"\")","v":88264},{"$f":"IFERROR(INDEX(SINAPI!$B:$B,MATCH($B830,SINAPI!$A:$A,0)),\"\")","v":"ELETRICISTA COM ENCARGOS COMPLEMENTARES"},{"$f":"IFERROR(INDEX(SINAPI!$C:$C,MATCH($B830,SINAPI!$A:$A,0)),\"\")","v":"H"},{"$f":"IF(IFERROR(INDEX(COMPOSIÇÕES_IFMT!$B:$B,MATCH($A827,COMPOSIÇÕES_IFMT!$A:$A,0)),\"\")<>\"\",OFFSET(COMPOSIÇÕES_IFMT!$A$1,MATCH($A827,COMPOSIÇÕES_IFMT!$A:$A,0)+2,4),\"\")","v":0.56799999999999995},{"$f":"IFERROR(INDEX(SINAPI!$D:$D,MATCH($B830,SINAPI!$A:$A,0)),0)","v":20.52},11.655359999999998]
[null,null,null,null,null,"TOTAL",{"$f":"SUM(G828:G830)","v":131.14247999999998}]
[]
[]
["CLASSE/TIPO","CÓDIGOS/ SINAPI","DESCRIÇÃO","UND","COEFICIENTE","PREÇO UNITÁRIO","PREÇO TOTAL"]
["IFMT 196.02.2020",{"$f":"IFERROR(INDEX(COMPOSIÇÕES_IFMT!$B:$B,MATCH($A835,COMPOSIÇÕES_IFMT!$A:$A,0)),\"\")","v":".196/E"},{"$f":"IFERROR(INDEX(COMPOSIÇÕES_IFMT!$C:$C,MATCH($A835,COMPOSIÇÕES_IFMT!$A:$A,0)),\"\")","v":"INTERRUPTOR TETRAPOLAR DR 100 A 8KA, DISPOSITIVO RESIDUAL DIFERENCIAL"},{"$f":"IFERROR(INDEX(COMPOSIÇÕES_IFMT!$D:$D,MATCH($A835,COMPOSIÇÕES_IFMT!$A:$A,0)),\"\")","v":"UN"},null,null,{"$f":"G839","v":188.39248000000001}]
["COTAÇÃO","COT.08","INTERRUPTOR DIFERENCIAL RESIDUAL TETRAPOLAR 100A - 30mA","UN",1,{"$f":"Cotação!K11","v":167.74},{"$f":"IFERROR(F836*E836,0)","v":167.74}]
[{"$f":"IFERROR(INDEX(SINAPI!$E:$E,MATCH($B837,SINAPI!$A:$A,0)),\"\")","v":"COMPOSIÇÃO"},{"$f":"IF(IFERROR(INDEX(COMPOSIÇÕES_IFMT!$B:$B,MATCH($A835,COMPOSIÇÕES_IFMT!$A:$A,0)),\"\")<>\"\",OFFSET(COMPOSIÇÕES_IFMT!$A$1,MATCH($A835,COMPOSIÇÕES_IFMT!$A:$A,0)+1,1),\"\")","v":88247},{"$f":"IFERROR(INDEX(SINAPI!$B:$B,MATCH($B837,SINAPI!$A:$A,0)),\"\")","v":"AUXILIAR DE ELETRICISTA COM ENCARGOS COMPLEMENTARES"},{"$f":"IFERROR(INDEX(SINAPI!$C:$C,MATCH($B837,SINAPI!$A:$A,0)),\"\")","v":"H"},{"$f":"IF(IFERROR(INDEX(COMPOSIÇÕES_IFMT!$B:$B,MATCH($A835,COMPOSIÇÕES_IFMT!$A:$A,0)),\"\")<>\"\",OFFSET(COMPOSIÇÕES_IFMT!$A$1,MATCH($A835,COMPOSIÇÕES_IFMT!$A:$A,0)+1,4),\"\")","v":0.56799999999999995},{"$f":"IFERROR(INDEX(SINAPI!$D:$D,MATCH($B837,SINAPI!$A:$A,0)),0)","v":15.84},{"$f":"IFERROR(F837*E837,0)","v":8.9971199999999989}]
[{"$f":"IFERROR(INDEX(SINAPI!$E:$E,MATCH($B838,SINAPI!$A:$A,0)),\"\")","v":"COMPOSIÇÃO"},{"$f":"IF(IFERROR(INDEX(COMPOSIÇÕES_IFMT!$B:$B,MATCH($A835,COMPOSIÇÕES_IFMT!$A:$A,0)),\"\")<>\"\",OFFSET(COMPOSIÇÕES_IFMT!$A$1,MATCH($A835,COMPOSIÇÕES_IFMT!$A:$A,0)+2,1),\"\")","v":88264},{"$f":"IFERROR(INDEX(SINAPI!$B:$B,MATCH($B838,SINAPI!$A:$A,0)),\"\")","v":"ELETRICISTA COM ENCARGOS COMPLEMENTARES"},{"$f":"IFERROR(INDEX(SINAPI!$C:$C,MATCH($B838,SINAPI!$A:$A,0)),\"\")","v":"H"},{"$f":"IF(IFERROR(INDEX(COMPOSIÇÕES_IFMT!$B:$B,MATCH($A835,COMPOSIÇÕES_IFMT!$A:$A,0)),\"\")<>\"\",OFFSET(COMPOSIÇÕES_IFMT!$A$1,MATCH($A835,COMPOSIÇÕES_IFMT!$A:$A,0)+2,4),\"\")","v":0.56799999999999995},{"$f":"IFERROR(INDEX(SINAPI!$D:$D,MATCH($B838,SINAPI!$A:$A,0)),0)","v":20.52},11.655359999999998]
[null,null,null,null,null,"TOTAL",{"$f":"SUM(G836:G838)","v":188.39248000000001}]
[]
[]
["CLASSE/TIPO","CÓDIGOS/ SINAPI","DESCRIÇÃO","UND","COEFICIENTE","PREÇO UNITÁRIO","PREÇO TOTAL"]
["IFMT 197.02.2020",{"$f":"IFERROR(INDEX(COMPOSIÇÕES_IFMT!$B:$B,MATCH($A843,COMPOSIÇÕES_IFMT!$A:$A,0)),\"\")","v":".197/E"},{"$f":"IFERROR(INDEX(COMPOSIÇÕES_IFMT!$C:$C,MATCH($A843,COMPOSIÇÕES_IFMT!$A:$A,0)),\"\")","v":"TÊ VERTICAL 100 X 100 MM PARA ELETROCALHA METÁLICA (REF. MOPA OU SIMILAR) - FORNECIMENTO E INSTALAÇÃO"},{"$f":"IFERROR(INDEX(COMPOSIÇÕES_IFMT!$D:$D,MATCH($A843,COMPOSIÇÕES_IFMT!$A:$A,0)),\"\")","v":"UN"},null,null,{"$f":"G847","v":52.286000000000001}]
["INSUMO","04087/ORSE","TÊ VERTICAL 100 X 100 MM PARA ELETROCALHA METÁLICA (REF. MOPA OU SIMILAR)","un",1,45,{"$f":"IFERROR(F844*E844,0)","v":45}]
[{"$f":"IFERROR(INDEX(SINAPI!$E:$E,MATCH($B845,SINAPI!$A:$A,0)),\"\")","v":"COMPOSIÇÃO"},{"$f":"IF(IFERROR(INDEX(COMPOSIÇÕES_IFMT!$B:$B,MATCH($A843,COMPOSIÇÕES_IFMT!$A:$A,0)),\"\")<>\"\",OFFSET(COMPOSIÇÕES_IFMT!$A$1,MATCH($A843,COMPOSIÇÕES_IFMT!$A:$A,0)+1,1),\"\")","v":88264},{"$f":"IFERROR(INDEX(SINAPI!$B:$B,MATCH($B845,SINAPI!$A:$A,0)),\"\")","v":"ELETRICISTA COM ENCARGOS COMPLEMENTARES"},{"$f":"IFERROR(INDEX(SINAPI!$C:$C,MATCH($B845,SINAPI!$A:$A,0)),\"\")","v":"H"},{"$f":"IF(IFERROR(INDEX(COMPOSIÇÕES_IFMT!$B:$B,MATCH($A843,COMPOSIÇÕES_IFMT!$A:$A,0)),\"\")<>\"\",OFFSET(COMPOSIÇÕES_IFMT!$A$1,MATCH($A843,COMPOSIÇÕES_IFMT!$A:$A,0)+1,4),\"\")","v":0.2},{"$f":"IFERROR(INDEX(SINAPI!$D:$D,MATCH($B845,SINAPI!$A:$A,0)),0)","v":20.52},{"$f":"IFERROR(F845*E845,0)","v":4.1040000000000001}]
[{"$f":"IFERROR(INDEX(SINAPI!$E:$E,MATCH($B846,SINAPI!$A:$A,0)),\"\")","v":"COMPOSIÇÃO"},{"$f":"IF(IFERROR(INDEX(COMPOSIÇÕES_IFMT!$B:$B,MATCH($A843,COMPOSIÇÕES_IFMT!$A:$A,0)),\"\")<>\"\",OFFSET(COMPOSIÇÕES_IFMT!$A$1,MATCH($A843,COMPOSIÇÕES_IFMT!$A:$A,0)+2,1),\"\")","v":88316},{"$f":"IFERROR(INDEX(SINAPI!$B:$B,MATCH($B846,SINAPI!$A:$A,0)),\"\")","v":"SERVENTE COM ENCARGOS COMPLEMENTARES"},{"$f":"IFERROR(INDEX(SINAPI!$C:$C,MATCH($B846,SINAPI!$A:$A,0)),\"\")","v":"H"},{"$f":"IF(IFERROR(INDEX(COMPOSIÇÕES_IFMT!$B:$B,MATCH($A843,COMPOSIÇÕES_IFMT!$A:$A,0)),\"\")<>\"\",OFFSET(COMPOSIÇÕES_IFMT!$A$1,MATCH($A843,COMPOSIÇÕES_IFMT!$A:$A,0)+2,4),\"\")","v":0.2},{"$f":"IFERROR(INDEX(SINAPI!$D:$D,MATCH($B846,SINAPI!$A:$A,0)),0)","v":15.91},3.1820000000000004]
[null,null,null,null,null,"TOTAL",{"$f":"SUM(G844:G846)","v":52.286000000000001}]
[]
[]
["CLASSE/TIPO","CÓDIGOS/ SINAPI","DESCRIÇÃO","UND","COEFICIENTE","PREÇO UNITÁRIO","PREÇO TOTAL"]
["IFMT 198.02.2020",{"$f":"IFERROR(INDEX(COMPOSIÇÕES_IFMT!$B:$B,MATCH($A851,COMPOSIÇÕES_IFMT!$A:$A,0)),\"\")","v":".198/E"},{"$f":"IFERROR(INDEX(COMPOSIÇÕES_IFMT!$C:$C,MATCH($A851,COMPOSIÇÕES_IFMT!$A:$A,0)),\"\")","v":"VENTILADOR DE PAREDE 60CM BIVOLT - INSTALAÇÃO"},{"$f":"IFERROR(INDEX(COMPOSIÇÕES_IFMT!$D:$D,MATCH($A851,COMPOSIÇÕES_IFMT!$A:$A,0)),\"\")","v":"UN"},null,null,{"$f":"G854","v":36.43}]
[{"$f":"IFERROR(INDEX(SINAPI!$E:$E,MATCH($B852,SINAPI!$A:$A,0)),\"\")","v":"COMPOSIÇÃO"},{"$f":"IF(IFERROR(INDEX(COMPOSIÇÕES_IFMT!$B:$B,MATCH($A851,COMPOSIÇÕES_IFMT!$A:$A,0)),\"\")<>\"\",OFFSET(COMPOSIÇÕES_IFMT!$A$1,MATCH($A851,COMPOSIÇÕES_IFMT!$A:$A,0),1),\"\")","v":88264},{"$f":"IFERROR(INDEX(SINAPI!$B:$B,MATCH($B852,SINAPI!$A:$A,0)),\"\")","v":"ELETRICISTA COM ENCARGOS COMPLEMENTARES"},{"$f":"IFERROR(INDEX(SINAPI!$C:$C,MATCH($B852,SINAPI!$A:$A,0)),\"\")","v":"H"},{"$f":"IF(IFERROR(INDEX(COMPOSIÇÕES_IFMT!$B:$B,MATCH($A851,COMPOSIÇÕES_IFMT!$A:$A,0)),\"\")<>\"\",OFFSET(COMPOSIÇÕES_IFMT!$A$1,MATCH($A851,COMPOSIÇÕES_IFMT!$A:$A,0),4),\"\")","v":1},{"$f":"IFERROR(INDEX(SINAPI!$D:$D,MATCH($B852,SINAPI!$A:$A,0)),0)","v":20.52},{"$f":"IFERROR(F852*E852,0)","v":20.52}]
[{"$f":"IFERROR(INDEX(SINAPI!$E:$E,MATCH($B853,SINAPI!$A:$A,0)),\"\")","v":"COMPOSIÇÃO"},{"$f":"IF(IFERROR(INDEX(COMPOSIÇÕES_IFMT!$B:$B,MATCH($A851,COMPOSIÇÕES_IFMT!$A:$A,0)),\"\")<>\"\",OFFSET(COMPOSIÇÕES_IFMT!$A$1,MATCH($A851,COMPOSIÇÕES_IFMT!$A:$A,0)+1,1),\"\")","v":88316},{"$f":"IFERROR(INDEX(SINAPI!$B:$B,MATCH($B853,SINAPI!$A:$A,0)),\"\")","v":"SERVENTE COM ENCARGOS COMPLEMENTARES"},{"$f":"IFERROR(INDEX(SINAPI!$C:$C,MATCH($B853,SINAPI!$A:$A,0)),\"\")","v":"H"},{"$f":"IF(IFERROR(INDEX(COMPOSIÇÕES_IFMT!$B:$B,MATCH($A851,COMPOSIÇÕES_IFMT!$A:$A,0)),\"\")<>\"\",OFFSET(COMPOSIÇÕES_IFMT!$A$1,MATCH($A851,COMPOSIÇÕES_IFMT!$A:$A,0)+1,4),\"\")","v":1},{"$f":"IFERROR(INDEX(SINAPI!$D:$D,MATCH($B853,SINAPI!$A:$A,0)),0)","v":15.91},{"$f":"IFERROR(F853*E853,0)","v":15.91}]
[null,null,null,null,null,"TOTAL",{"$f":"SUM(G852:G853)","v":36.43}]
[]
[]
["CLASSE/TIPO","CÓDIGOS/ SINAPI","DESCRIÇÃO","UND","COEFICIENTE","PREÇO UNITÁRIO","PREÇO TOTAL"]
["IFMT 199.02.2020",{"$f":"IFERROR(INDEX(COMPOSIÇÕES_IFMT!$B:$B,MATCH($A858,COMPOSIÇÕES_IFMT!$A:$A,0)),\"\")","v":".199/E"},{"$f":"IFERROR(INDEX(COMPOSIÇÕES_IFMT!$C:$C,MATCH($A858,COMPOSIÇÕES_IFMT!$A:$A,0)),\"\")","v":"FLANGE 100X100MM PARA ELETROCALHA METÁLICA -FORNECIMENTO E INSTALAÇÃO"},{"$f":"IFERROR(INDEX(COMPOSIÇÕES_IFMT!$D:$D,MATCH($A858,COMPOSIÇÕES_IFMT!$A:$A,0)),\"\")","v":"UN"},null,null,{"$f":"G862","v":14.686000000000002}]
["INSUMO","04105/ORSE","FLANGE 100 X 100MM PARA ELETROCALHA METÁLICA (REF. MOPA OU SIMILAR)","UN",1,7.4,{"$f":"IFERROR(F859*E859,0)","v":7.4}]
[{"$f":"IFERROR(INDEX(SINAPI!$E:$E,MATCH($B860,SINAPI!$A:$A,0)),\"\")","v":"COMPOSIÇÃO"},{"$f":"IF(IFERROR(INDEX(COMPOSIÇÕES_IFMT!$B:$B,MATCH($A858,COMPOSIÇÕES_IFMT!$A:$A,0)),\"\")<>\"\",OFFSET(COMPOSIÇÕES_IFMT!$A$1,MATCH($A858,COMPOSIÇÕES_IFMT!$A:$A,0)+1,1),\"\")","v":88264},{"$f":"IFERROR(INDEX(SINAPI!$B:$B,MATCH($B860,SINAPI!$A:$A,0)),\"\")","v":"ELETRICISTA COM ENCARGOS COMPLEMENTARES"},{"$f":"IFERROR(INDEX(SINAPI!$C:$C,MATCH($B860,SINAPI!$A:$A,0)),\"\")","v":"H"},{"$f":"IF(IFERROR(INDEX(COMPOSIÇÕES_IFMT!$B:$B,MATCH($A858,COMPOSIÇÕES_IFMT!$A:$A,0)),\"\")<>\"\",OFFSET(COMPOSIÇÕES_IFMT!$A$1,MATCH($A858,COMPOSIÇÕES_IFMT!$A:$A,0)+1,4),\"\")","v":0.2},{"$f":"IFERROR(INDEX(SINAPI!$D:$D,MATCH($B860,SINAPI!$A:$A,0)),0)","v":20.52},{"$f":"IFERROR(F860*E860,0)","v":4.1040000000000001}]
[{"$f":"IFERROR(INDEX(SINAPI!$E:$E,MATCH($B861,SINAPI!$A:$A,0)),\"\")","v":"COMPOSIÇÃO"},{"$f":"IF(IFERROR(INDEX(COMPOSIÇÕES_IFMT!$B:$B,MATCH($A858,COMPOSIÇÕES_IFMT!$A:$A,0)),\"\")<>\"\",OFFSET(COMPOSIÇÕES_IFMT!$A$1,MATCH($A858,COMPOSIÇÕES_IFMT!$A:$A,0)+2,1),\"\")","v":88316},{"$f":"IFERROR(INDEX(SINAPI!$B:$B,MATCH($B861,SINAPI!$A:$A,0)),\"\")","v":"SERVENTE COM ENCARGOS COMPLEMENTARES"},{"$f":"IFERROR(INDEX(SINAPI!$C:$C,MATCH($B861,SINAPI!$A:$A,0)),\"\")","v":"H"},{"$f":"IF(IFERROR(INDEX(COMPOSIÇÕES_IFMT!$B:$B,MATCH($A858,COMPOSIÇÕES_IFMT!$A:$A,0)),\"\")<>\"\",OFFSET(COMPOSIÇÕES_IFMT!$A$1,MATCH($A858,COMPOSIÇÕES_IFMT!$A:$A,0)+2,4),\"\")","v":0.2},{"$f":"IFERROR(INDEX(SINAPI!$D:$D,MATCH($B861,SINAPI!$A:$A,0)),0)","v":15.91},3.1820000000000004]
[null,null,null,null,null,"TOTAL",{"$f":"SUM(G859:G861)","v":14.686000000000002}]
[]
[]
["CLASSE/TIPO","CÓDIGOS/ SINAPI","DESCRIÇÃO","UND","COEFICIENTE","PREÇO UNITÁRIO","PREÇO TOTAL"]
["IFMT 200.02.2020",{"$f":"IFERROR(INDEX(COMPOSIÇÕES_IFMT!$B:$B,MATCH($A866,COMPOSIÇÕES_IFMT!$A:$A,0)),\"\")","v":".200/E"},{"$f":"IFERROR(INDEX(COMPOSIÇÕES_IFMT!$C:$C,MATCH($A866,COMPOSIÇÕES_IFMT!$A:$A,0)),\"\")","v":"TÊ VERTICAL DESCIDA LATERAL PARA ELETROCALHA 100X100MM PERFURADO GALVANIZADO COM TAMPA - FORNECIMENTO E INSTALAÇÃO"},{"$f":"IFERROR(INDEX(COMPOSIÇÕES_IFMT!$D:$D,MATCH($A866,COMPOSIÇÕES_IFMT!$A:$A,0)),\"\")","v":"UN"},null,null,{"$f":"G870","v":103.286}]
["COTAÇÃO","COT.12",{"$f":"Cotação!C15","v":"TÊ VERTICAL DESCIDA LATERAL PARA ELETROCALHA 100X100MM PERFURADO GALVANIZADO COM TAMPA"},"UND",1,{"$f":"Cotação!K15","v":96},{"$f":"IFERROR(F867*E867,0)","v":96}]
[{"$f":"IFERROR(INDEX(SINAPI!$E:$E,MATCH($B868,SINAPI!$A:$A,0)),\"\")","v":"COMPOSIÇÃO"},{"$f":"IF(IFERROR(INDEX(COMPOSIÇÕES_IFMT!$B:$B,MATCH($A866,COMPOSIÇÕES_IFMT!$A:$A,0)),\"\")<>\"\",OFFSET(COMPOSIÇÕES_IFMT!$A$1,MATCH($A866,COMPOSIÇÕES_IFMT!$A:$A,0)+1,1),\"\")","v":88264},{"$f":"IFERROR(INDEX(SINAPI!$B:$B,MATCH($B868,SINAPI!$A:$A,0)),\"\")","v":"ELETRICISTA COM ENCARGOS COMPLEMENTARES"},{"$f":"IFERROR(INDEX(SINAPI!$C:$C,MATCH($B868,SINAPI!$A:$A,0)),\"\")","v":"H"},{"$f":"IF(IFERROR(INDEX(COMPOSIÇÕES_IFMT!$B:$B,MATCH($A866,COMPOSIÇÕES_IFMT!$A:$A,0)),\"\")<>\"\",OFFSET(COMPOSIÇÕES_IFMT!$A$1,MATCH($A866,COMPOSIÇÕES_IFMT!$A:$A,0)+1,4),\"\")","v":0.2},{"$f":"IFERROR(INDEX(SINAPI!$D:$D,MATCH($B868,SINAPI!$A:$A,0)),0)","v":20.52},{"$f":"IFERROR(F868*E868,0)","v":4.1040000000000001}]
[{"$f":"IFERROR(INDEX(SINAPI!$E:$E,MATCH($B869,SINAPI!$A:$A,0)),\"\")","v":"COMPOSIÇÃO"},{"$f":"IF(IFERROR(INDEX(COMPOSIÇÕES_IFMT!$B:$B,MATCH($A866,COMPOSIÇÕES_IFMT!$A:$A,0)),\"\")<>\"\",OFFSET(COMPOSIÇÕES_IFMT!$A$1,MATCH($A866,COMPOSIÇÕES_IFMT!$A:$A,0)+2,1),\"\")","v":88316},{"$f":"IFERROR(INDEX(SINAPI!$B:$B,MATCH($B869,SINAPI!$A:$A,0)),\"\")","v":"SERVENTE COM ENCARGOS COMPLEMENTARES"},{"$f":"IFERROR(INDEX(SINAPI!$C:$C,MATCH($B869,SINAPI!$A:$A,0)),\"\")","v":"H"},{"$f":"IF(IFERROR(INDEX(COMPOSIÇÕES_IFMT!$B:$B,MATCH($A866,COMPOSIÇÕES_IFMT!$A:$A,0)),\"\")<>\"\",OFFSET(COMPOSIÇÕES_IFMT!$A$1,MATCH($A866,COMPOSIÇÕES_IFMT!$A:$A,0)+2,4),\"\")","v":0.2},{"$f":"IFERROR(INDEX(SINAPI!$D:$D,MATCH($B869,SINAPI!$A:$A,0)),0)","v":15.91},3.1820000000000004]
[null,null,null,null,null,"TOTAL",{"$f":"SUM(G867:G869)","v":103.286}]
[]
[]
["CLASSE/TIPO","CÓDIGOS/ SINAPI","DESCRIÇÃO","UND","COEFICIENTE","PREÇO UNITÁRIO","PREÇO TOTAL"]
["IFMT 201.02.2020",{"$f":"IFERROR(INDEX(COMPOSIÇÕES_IFMT!$B:$B,MATCH($A874,COMPOSIÇÕES_IFMT!$A:$A,0)),\"\")","v":".201/E"},{"$f":"IFERROR(INDEX(COMPOSIÇÕES_IFMT!$C:$C,MATCH($A874,COMPOSIÇÕES_IFMT!$A:$A,0)),\"\")","v":"INSTALAÇÃO DE EXAUSTOR  220V VAZÃO DE 685M³/H "},{"$f":"IFERROR(INDEX(COMPOSIÇÕES_IFMT!$D:$D,MATCH($A874,COMPOSIÇÕES_IFMT!$A:$A,0)),\"\")","v":"UN"},null,null,{"$f":"G877","v":35.72}]
[{"$f":"IFERROR(INDEX(SINAPI!$E:$E,MATCH($B875,SINAPI!$A:$A,0)),\"\")","v":"COMPOSIÇÃO"},{"$f":"IF(IFERROR(INDEX(COMPOSIÇÕES_IFMT!$B:$B,MATCH($A874,COMPOSIÇÕES_IFMT!$A:$A,0)),\"\")<>\"\",OFFSET(COMPOSIÇÕES_IFMT!$A$1,MATCH($A874,COMPOSIÇÕES_IFMT!$A:$A,0),1),\"\")","v":88309},{"$f":"IFERROR(INDEX(SINAPI!$B:$B,MATCH($B875,SINAPI!$A:$A,0)),\"\")","v":"PEDREIRO COM ENCARGOS COMPLEMENTARES"},{"$f":"IFERROR(INDEX(SINAPI!$C:$C,MATCH($B875,SINAPI!$A:$A,0)),\"\")","v":"H"},{"$f":"IF(IFERROR(INDEX(COMPOSIÇÕES_IFMT!$B:$B,MATCH($A874,COMPOSIÇÕES_IFMT!$A:$A,0)),\"\")<>\"\",OFFSET(COMPOSIÇÕES_IFMT!$A$1,MATCH($A874,COMPOSIÇÕES_IFMT!$A:$A,0),4),\"\")","v":1},{"$f":"IFERROR(INDEX(SINAPI!$D:$D,MATCH($B875,SINAPI!$A:$A,0)),0)","v":19.809999999999999},{"$f":"IFERROR(F875*E875,0)","v":19.809999999999999}]
[{"$f":"IFERROR(INDEX(SINAPI!$E:$E,MATCH($B876,SINAPI!$A:$A,0)),\"\")","v":"COMPOSIÇÃO"},{"$f":"IF(IFERROR(INDEX(COMPOSIÇÕES_IFMT!$B:$B,MATCH($A874,COMPOSIÇÕES_IFMT!$A:$A,0)),\"\")<>\"\",OFFSET(COMPOSIÇÕES_IFMT!$A$1,MATCH($A874,COMPOSIÇÕES_IFMT!$A:$A,0)+1,1),\"\")","v":88316},{"$f":"IFERROR(INDEX(SINAPI!$B:$B,MATCH($B876,SINAPI!$A:$A,0)),\"\")","v":"SERVENTE COM ENCARGOS COMPLEMENTARES"},{"$f":"IFERROR(INDEX(SINAPI!$C:$C,MATCH($B876,SINAPI!$A:$A,0)),\"\")","v":"H"},{"$f":"IF(IFERROR(INDEX(COMPOSIÇÕES_IFMT!$B:$B,MATCH($A874,COMPOSIÇÕES_IFMT!$A:$A,0)),\"\")<>\"\",OFFSET(COMPOSIÇÕES_IFMT!$A$1,MATCH($A874,COMPOSIÇÕES_IFMT!$A:$A,0)+1,4),\"\")","v":1},{"$f":"IFERROR(INDEX(SINAPI!$D:$D,MATCH($B876,SINAPI!$A:$A,0)),0)","v":15.91},{"$f":"IFERROR(F876*E876,0)","v":15.91}]
[null,null,null,null,null,"TOTAL",{"$f":"SUM(G875:G876)","v":35.72}]
[]
[]
["CLASSE/TIPO","CÓDIGOS/ SINAPI","DESCRIÇÃO","UND","COEFICIENTE","PREÇO UNITÁRIO","PREÇO TOTAL"]
["IFMT 202.02.2020",{"$f":"IFERROR(INDEX(COMPOSIÇÕES_IFMT!$B:$B,MATCH($A881,COMPOSIÇÕES_IFMT!$A:$A,0)),\"\")","v":".202/E"},{"$f":"IFERROR(INDEX(COMPOSIÇÕES_IFMT!$C:$C,MATCH($A881,COMPOSIÇÕES_IFMT!$A:$A,0)),\"\")","v":"DISJUNTOR TRIPOLAR 80 A, PADRÃO DIN ( LINHA BRANCA ),  REF.: ELETROMAR OU SIMILAR."},{"$f":"IFERROR(INDEX(COMPOSIÇÕES_IFMT!$D:$D,MATCH($A881,COMPOSIÇÕES_IFMT!$A:$A,0)),\"\")","v":"UNID."},null,null,{"$f":"G885","v":124.45247999999999}]
[{"$f":"IFERROR(INDEX(SINAPI!$E:$E,MATCH($B882,SINAPI!$A:$A,0)),\"\")","v":"COMPOSIÇÃO"},{"$f":"IF(IFERROR(INDEX(COMPOSIÇÕES_IFMT!$B:$B,MATCH($A881,COMPOSIÇÕES_IFMT!$A:$A,0)),\"\")<>\"\",OFFSET(COMPOSIÇÕES_IFMT!$A$1,MATCH($A881,COMPOSIÇÕES_IFMT!$A:$A,0),1),\"\")","v":88247},{"$f":"IFERROR(INDEX(SINAPI!$B:$B,MATCH($B882,SINAPI!$A:$A,0)),\"\")","v":"AUXILIAR DE ELETRICISTA COM ENCARGOS COMPLEMENTARES"},{"$f":"IFERROR(INDEX(SINAPI!$C:$C,MATCH($B882,SINAPI!$A:$A,0)),\"\")","v":"H"},{"$f":"IF(IFERROR(INDEX(COMPOSIÇÕES_IFMT!$B:$B,MATCH($A881,COMPOSIÇÕES_IFMT!$A:$A,0)),\"\")<>\"\",OFFSET(COMPOSIÇÕES_IFMT!$A$1,MATCH($A881,COMPOSIÇÕES_IFMT!$A:$A,0),4),\"\")","v":0.56799999999999995},{"$f":"IFERROR(INDEX(SINAPI!$D:$D,MATCH($B882,SINAPI!$A:$A,0)),0)","v":15.84},{"$f":"IFERROR(F882*E882,0)","v":8.9971199999999989}]
[{"$f":"IFERROR(INDEX(SINAPI!$E:$E,MATCH($B883,SINAPI!$A:$A,0)),\"\")","v":"COMPOSIÇÃO"},{"$f":"IF(IFERROR(INDEX(COMPOSIÇÕES_IFMT!$B:$B,MATCH($A881,COMPOSIÇÕES_IFMT!$A:$A,0)),\"\")<>\"\",OFFSET(COMPOSIÇÕES_IFMT!$A$1,MATCH($A881,COMPOSIÇÕES_IFMT!$A:$A,0)+1,1),\"\")","v":88264},{"$f":"IFERROR(INDEX(SINAPI!$B:$B,MATCH($B883,SINAPI!$A:$A,0)),\"\")","v":"ELETRICISTA COM ENCARGOS COMPLEMENTARES"},{"$f":"IFERROR(INDEX(SINAPI!$C:$C,MATCH($B883,SINAPI!$A:$A,0)),\"\")","v":"H"},{"$f":"IF(IFERROR(INDEX(COMPOSIÇÕES_IFMT!$B:$B,MATCH($A881,COMPOSIÇÕES_IFMT!$A:$A,0)),\"\")<>\"\",OFFSET(COMPOSIÇÕES_IFMT!$A$1,MATCH($A881,COMPOSIÇÕES_IFMT!$A:$A,0)+1,4),\"\")","v":0.56799999999999995},{"$f":"IFERROR(INDEX(SINAPI!$D:$D,MATCH($B883,SINAPI!$A:$A,0)),0)","v":20.52},{"$f":"IFERROR(F883*E883,0)","v":11.655359999999998}]
["INSUMO","03703/ORSE","DISJUNTOR TRIPOLAR 80 A, PADRÃO DIN ( LINHA BRANCA ), CURVA DE DISPARO C, CORRENTE DE INTERRUPÇÃO 5KA, REF.: SIEMENS 5SX1 OU SIMILAR.","UN",1,103.8,103.8]
[null,null,null,null,null,"TOTAL",{"$f":"SUM(G882:G884)","v":124.45247999999999}]
[]
[]
["CLASSE/TIPO","CÓDIGOS/ SINAPI","DESCRIÇÃO","UND","COEFICIENTE","PREÇO UNITÁRIO","PREÇO TOTAL"]
["IFMT 203.02.2020",{"$f":"IFERROR(INDEX(COMPOSIÇÕES_IFMT!$B:$B,MATCH($A889,COMPOSIÇÕES_IFMT!$A:$A,0)),\"\")","v":".203/E"},{"$f":"IFERROR(INDEX(COMPOSIÇÕES_IFMT!$C:$C,MATCH($A889,COMPOSIÇÕES_IFMT!$A:$A,0)),\"\")","v":"DISJUNTOR TRIPOLAR TIPO DIN, CORRENTE NOMINAL DE 16A - FORNECIMENTO E INSTALAÇÃO, CAPACIDADE DE INTERRUPÇÃO 5KA."},{"$f":"IFERROR(INDEX(COMPOSIÇÕES_IFMT!$D:$D,MATCH($A889,COMPOSIÇÕES_IFMT!$A:$A,0)),\"\")","v":"UN"},null,null,{"$f":"G894","v":60.249479999999991}]
[{"$f":"IFERROR(INDEX(SINAPI!$E:$E,MATCH($B890,SINAPI!$A:$A,0)),\"\")","v":"INSUMO"},{"$f":"IF(IFERROR(INDEX(COMPOSIÇÕES_IFMT!$B:$B,MATCH($A889,COMPOSIÇÕES_IFMT!$A:$A,0)),\"\")<>\"\",OFFSET(COMPOSIÇÕES_IFMT!$A$1,MATCH($A889,COMPOSIÇÕES_IFMT!$A:$A,0),1),\"\")","v":1570},{"$f":"IFERROR(INDEX(SINAPI!$B:$B,MATCH($B890,SINAPI!$A:$A,0)),\"\")","v":"TERMINAL A COMPRESSAO EM COBRE ESTANHADO PARA CABO 2,5 MM2, 1 FURO E 1 COMPRESSAO, PARA PARAFUSO DE FIXACAO M5"},{"$f":"IFERROR(INDEX(SINAPI!$C:$C,MATCH($B890,SINAPI!$A:$A,0)),\"\")","v":"UN    "},{"$f":"IF(IFERROR(INDEX(COMPOSIÇÕES_IFMT!$B:$B,MATCH($A889,COMPOSIÇÕES_IFMT!$A:$A,0)),\"\")<>\"\",OFFSET(COMPOSIÇÕES_IFMT!$A$1,MATCH($A889,COMPOSIÇÕES_IFMT!$A:$A,0),4),\"\")","v":3},{"$f":"IFERROR(INDEX(SINAPI!$D:$D,MATCH($B890,SINAPI!$A:$A,0)),0)","v":0.69},{"$f":"IFERROR(F890*E890,0)","v":2.0699999999999998}]
[{"$f":"IFERROR(INDEX(SINAPI!$E:$E,MATCH($B891,SINAPI!$A:$A,0)),\"\")","v":"INSUMO"},{"$f":"IF(IFERROR(INDEX(COMPOSIÇÕES_IFMT!$B:$B,MATCH($A889,COMPOSIÇÕES_IFMT!$A:$A,0)),\"\")<>\"\",OFFSET(COMPOSIÇÕES_IFMT!$A$1,MATCH($A889,COMPOSIÇÕES_IFMT!$A:$A,0)+1,1),\"\")","v":34709},{"$f":"IFERROR(INDEX(SINAPI!$B:$B,MATCH($B891,SINAPI!$A:$A,0)),\"\")","v":"DISJUNTOR TIPO DIN/IEC, TRIPOLAR DE 10 ATE 50A"},{"$f":"IFERROR(INDEX(SINAPI!$C:$C,MATCH($B891,SINAPI!$A:$A,0)),\"\")","v":"UN    "},{"$f":"IF(IFERROR(INDEX(COMPOSIÇÕES_IFMT!$B:$B,MATCH($A889,COMPOSIÇÕES_IFMT!$A:$A,0)),\"\")<>\"\",OFFSET(COMPOSIÇÕES_IFMT!$A$1,MATCH($A889,COMPOSIÇÕES_IFMT!$A:$A,0)+1,4),\"\")","v":1},{"$f":"IFERROR(INDEX(SINAPI!$D:$D,MATCH($B891,SINAPI!$A:$A,0)),0)","v":52.98},{"$f":"IFERROR(F891*E891,0)","v":52.98}]
[{"$f":"IFERROR(INDEX(SINAPI!$E:$E,MATCH($B892,SINAPI!$A:$A,0)),\"\")","v":"COMPOSIÇÃO"},{"$f":"IF(IFERROR(INDEX(COMPOSIÇÕES_IFMT!$B:$B,MATCH($A889,COMPOSIÇÕES_IFMT!$A:$A,0)),\"\")<>\"\",OFFSET(COMPOSIÇÕES_IFMT!$A$1,MATCH($A889,COMPOSIÇÕES_IFMT!$A:$A,0)+2,1),\"\")","v":88247},{"$f":"IFERROR(INDEX(SINAPI!$B:$B,MATCH($B892,SINAPI!$A:$A,0)),\"\")","v":"AUXILIAR DE ELETRICISTA COM ENCARGOS COMPLEMENTARES"},{"$f":"IFERROR(INDEX(SINAPI!$C:$C,MATCH($B892,SINAPI!$A:$A,0)),\"\")","v":"H"},{"$f":"IF(IFERROR(INDEX(COMPOSIÇÕES_IFMT!$B:$B,MATCH($A889,COMPOSIÇÕES_IFMT!$A:$A,0)),\"\")<>\"\",OFFSET(COMPOSIÇÕES_IFMT!$A$1,MATCH($A889,COMPOSIÇÕES_IFMT!$A:$A,0)+2,4),\"\")","v":0.14299999999999999},{"$f":"IFERROR(INDEX(SINAPI!$D:$D,MATCH($B892,SINAPI!$A:$A,0)),0)","v":15.84},2.2651199999999996]
[{"$f":"IFERROR(INDEX(SINAPI!$E:$E,MATCH($B893,SINAPI!$A:$A,0)),\"\")","v":"COMPOSIÇÃO"},{"$f":"IF(IFERROR(INDEX(COMPOSIÇÕES_IFMT!$B:$B,MATCH($A889,COMPOSIÇÕES_IFMT!$A:$A,0)),\"\")<>\"\",OFFSET(COMPOSIÇÕES_IFMT!$A$1,MATCH($A889,COMPOSIÇÕES_IFMT!$A:$A,0)+3,1),\"\")","v":88264},{"$f":"IFERROR(INDEX(SINAPI!$B:$B,MATCH($B893,SINAPI!$A:$A,0)),\"\")","v":"ELETRICISTA COM ENCARGOS COMPLEMENTARES"},{"$f":"IFERROR(INDEX(SINAPI!$C:$C,MATCH($B893,SINAPI!$A:$A,0)),\"\")","v":"H"},{"$f":"IF(IFERROR(INDEX(COMPOSIÇÕES_IFMT!$B:$B,MATCH($A889,COMPOSIÇÕES_IFMT!$A:$A,0)),\"\")<>\"\",OFFSET(COMPOSIÇÕES_IFMT!$A$1,MATCH($A889,COMPOSIÇÕES_IFMT!$A:$A,0)+3,4),\"\")","v":0.14299999999999999},{"$f":"IFERROR(INDEX(SINAPI!$D:$D,MATCH($B893,SINAPI!$A:$A,0)),0)","v":20.52},2.9343599999999999]
[null,null,null,null,null,"TOTAL",{"$f":"SUM(G890:G893)","v":60.249479999999991}]
[]
[]
["CLASSE/TIPO","CÓDIGOS/ SINAPI","DESCRIÇÃO","UND","COEFICIENTE","PREÇO UNITÁRIO","PREÇO TOTAL"]
["IFMT 204.02.2020",{"$f":"IFERROR(INDEX(COMPOSIÇÕES_IFMT!$B:$B,MATCH($A898,COMPOSIÇÕES_IFMT!$A:$A,0)),\"\")","v":".204/E"},{"$f":"IFERROR(INDEX(COMPOSIÇÕES_IFMT!$C:$C,MATCH($A898,COMPOSIÇÕES_IFMT!$A:$A,0)),\"\")","v":"DISJUNTOR MONOPOLAR TIPO DIN, CORRENTE NOMINAL DE 16A - FORNECIMENTO E INSTALAÇÃO, CAPACIDADE DE INTERRUPÇÃO 5KA."},{"$f":"IFERROR(INDEX(COMPOSIÇÕES_IFMT!$D:$D,MATCH($A898,COMPOSIÇÕES_IFMT!$A:$A,0)),\"\")","v":"UN"},null,null,{"$f":"G903","v":9.9752799999999997}]
[{"$f":"IFERROR(INDEX(SINAPI!$E:$E,MATCH($B899,SINAPI!$A:$A,0)),\"\")","v":"INSUMO"},{"$f":"IF(IFERROR(INDEX(COMPOSIÇÕES_IFMT!$B:$B,MATCH($A898,COMPOSIÇÕES_IFMT!$A:$A,0)),\"\")<>\"\",OFFSET(COMPOSIÇÕES_IFMT!$A$1,MATCH($A898,COMPOSIÇÕES_IFMT!$A:$A,0),1),\"\")","v":1570},{"$f":"IFERROR(INDEX(SINAPI!$B:$B,MATCH($B899,SINAPI!$A:$A,0)),\"\")","v":"TERMINAL A COMPRESSAO EM COBRE ESTANHADO PARA CABO 2,5 MM2, 1 FURO E 1 COMPRESSAO, PARA PARAFUSO DE FIXACAO M5"},{"$f":"IFERROR(INDEX(SINAPI!$C:$C,MATCH($B899,SINAPI!$A:$A,0)),\"\")","v":"UN    "},{"$f":"IF(IFERROR(INDEX(COMPOSIÇÕES_IFMT!$B:$B,MATCH($A898,COMPOSIÇÕES_IFMT!$A:$A,0)),\"\")<>\"\",OFFSET(COMPOSIÇÕES_IFMT!$A$1,MATCH($A898,COMPOSIÇÕES_IFMT!$A:$A,0),4),\"\")","v":1},{"$f":"IFERROR(INDEX(SINAPI!$D:$D,MATCH($B899,SINAPI!$A:$A,0)),0)","v":0.69},{"$f":"IFERROR(F899*E899,0)","v":0.69}]
[{"$f":"IFERROR(INDEX(SINAPI!$E:$E,MATCH($B900,SINAPI!$A:$A,0)),\"\")","v":"INSUMO"},{"$f":"IF(IFERROR(INDEX(COMPOSIÇÕES_IFMT!$B:$B,MATCH($A898,COMPOSIÇÕES_IFMT!$A:$A,0)),\"\")<>\"\",OFFSET(COMPOSIÇÕES_IFMT!$A$1,MATCH($A898,COMPOSIÇÕES_IFMT!$A:$A,0)+1,1),\"\")","v":34653},{"$f":"IFERROR(INDEX(SINAPI!$B:$B,MATCH($B900,SINAPI!$A:$A,0)),\"\")","v":"DISJUNTOR TIPO DIN/IEC, MONOPOLAR DE 6  ATE  32A"},{"$f":"IFERROR(INDEX(SINAPI!$C:$C,MATCH($B900,SINAPI!$A:$A,0)),\"\")","v":"UN    "},{"$f":"IF(IFERROR(INDEX(COMPOSIÇÕES_IFMT!$B:$B,MATCH($A898,COMPOSIÇÕES_IFMT!$A:$A,0)),\"\")<>\"\",OFFSET(COMPOSIÇÕES_IFMT!$A$1,MATCH($A898,COMPOSIÇÕES_IFMT!$A:$A,0)+1,4),\"\")","v":1},{"$f":"IFERROR(INDEX(SINAPI!$D:$D,MATCH($B900,SINAPI!$A:$A,0)),0)","v":7.54},{"$f":"IFERROR(F900*E900,0)","v":7.54}]
[{"$f":"IFERROR(INDEX(SINAPI!$E:$E,MATCH($B901,SINAPI!$A:$A,0)),\"\")","v":"COMPOSIÇÃO"},{"$f":"IF(IFERROR(INDEX(COMPOSIÇÕES_IFMT!$B:$B,MATCH($A898,COMPOSIÇÕES_IFMT!$A:$A,0)),\"\")<>\"\",OFFSET(COMPOSIÇÕES_IFMT!$A$1,MATCH($A898,COMPOSIÇÕES_IFMT!$A:$A,0)+2,1),\"\")","v":88247},{"$f":"IFERROR(INDEX(SINAPI!$B:$B,MATCH($B901,SINAPI!$A:$A,0)),\"\")","v":"AUXILIAR DE ELETRICISTA COM ENCARGOS COMPLEMENTARES"},{"$f":"IFERROR(INDEX(SINAPI!$C:$C,MATCH($B901,SINAPI!$A:$A,0)),\"\")","v":"H"},{"$f":"IF(IFERROR(INDEX(COMPOSIÇÕES_IFMT!$B:$B,MATCH($A898,COMPOSIÇÕES_IFMT!$A:$A,0)),\"\")<>\"\",OFFSET(COMPOSIÇÕES_IFMT!$A$1,MATCH($A898,COMPOSIÇÕES_IFMT!$A:$A,0)+2,4),\"\")","v":4.8000000000000001E-2},{"$f":"IFERROR(INDEX(SINAPI!$D:$D,MATCH($B901,SINAPI!$A:$A,0)),0)","v":15.84},0.76032]
[{"$f":"IFERROR(INDEX(SINAPI!$E:$E,MATCH($B902,SINAPI!$A:$A,0)),\"\")","v":"COMPOSIÇÃO"},{"$f":"IF(IFERROR(INDEX(COMPOSIÇÕES_IFMT!$B:$B,MATCH($A898,COMPOSIÇÕES_IFMT!$A:$A,0)),\"\")<>\"\",OFFSET(COMPOSIÇÕES_IFMT!$A$1,MATCH($A898,COMPOSIÇÕES_IFMT!$A:$A,0)+3,1),\"\")","v":88264},{"$f":"IFERROR(INDEX(SINAPI!$B:$B,MATCH($B902,SINAPI!$A:$A,0)),\"\")","v":"ELETRICISTA COM ENCARGOS COMPLEMENTARES"},{"$f":"IFERROR(INDEX(SINAPI!$C:$C,MATCH($B902,SINAPI!$A:$A,0)),\"\")","v":"H"},{"$f":"IF(IFERROR(INDEX(COMPOSIÇÕES_IFMT!$B:$B,MATCH($A898,COMPOSIÇÕES_IFMT!$A:$A,0)),\"\")<>\"\",OFFSET(COMPOSIÇÕES_IFMT!$A$1,MATCH($A898,COMPOSIÇÕES_IFMT!$A:$A,0)+3,4),\"\")","v":4.8000000000000001E-2},{"$f":"IFERROR(INDEX(SINAPI!$D:$D,MATCH($B902,SINAPI!$A:$A,0)),0)","v":20.52},0.98495999999999995]
[null,null,null,null,null,"TOTAL",{"$f":"SUM(G899:G902)","v":9.9752799999999997}]
[]
[]
["CLASSE/TIPO","CÓDIGOS/ SINAPI","DESCRIÇÃO","UND","COEFICIENTE","PREÇO UNITÁRIO","PREÇO TOTAL"]
["IFMT 205.02.2020",{"$f":"IFERROR(INDEX(COMPOSIÇÕES_IFMT!$B:$B,MATCH($A907,COMPOSIÇÕES_IFMT!$A:$A,0)),\"\")","v":".205/E"},{"$f":"IFERROR(INDEX(COMPOSIÇÕES_IFMT!$C:$C,MATCH($A907,COMPOSIÇÕES_IFMT!$A:$A,0)),\"\")","v":"INTERRUPTOR DIFERENCIAL RESIDUAL TETRAPOLAR 100A - 30mA"},{"$f":"IFERROR(INDEX(COMPOSIÇÕES_IFMT!$D:$D,MATCH($A907,COMPOSIÇÕES_IFMT!$A:$A,0)),\"\")","v":"UN"},null,null,{"$f":"G911","v":188.39248000000001}]
["COTAÇÃO","COT.08","INTERRUPTOR DIFERENCIAL RESIDUAL TETRAPOLAR 100A - 30mA","UN",1,{"$f":"Cotação!K11","v":167.74},{"$f":"IFERROR(F908*E908,0)","v":167.74}]
[{"$f":"IFERROR(INDEX(SINAPI!$E:$E,MATCH($B909,SINAPI!$A:$A,0)),\"\")","v":"COMPOSIÇÃO"},{"$f":"IF(IFERROR(INDEX(COMPOSIÇÕES_IFMT!$B:$B,MATCH($A907,COMPOSIÇÕES_IFMT!$A:$A,0)),\"\")<>\"\",OFFSET(COMPOSIÇÕES_IFMT!$A$1,MATCH($A907,COMPOSIÇÕES_IFMT!$A:$A,0)+1,1),\"\")","v":88247},{"$f":"IFERROR(INDEX(SINAPI!$B:$B,MATCH($B909,SINAPI!$A:$A,0)),\"\")","v":"AUXILIAR DE ELETRICISTA COM ENCARGOS COMPLEMENTARES"},{"$f":"IFERROR(INDEX(SINAPI!$C:$C,MATCH($B909,SINAPI!$A:$A,0)),\"\")","v":"H"},{"$f":"IF(IFERROR(INDEX(COMPOSIÇÕES_IFMT!$B:$B,MATCH($A907,COMPOSIÇÕES_IFMT!$A:$A,0)),\"\")<>\"\",OFFSET(COMPOSIÇÕES_IFMT!$A$1,MATCH($A907,COMPOSIÇÕES_IFMT!$A:$A,0)+1,4),\"\")","v":0.56799999999999995},{"$f":"IFERROR(INDEX(SINAPI!$D:$D,MATCH($B909,SINAPI!$A:$A,0)),0)","v":15.84},{"$f":"IFERROR(F909*E909,0)","v":8.9971199999999989}]
[{"$f":"IFERROR(INDEX(SINAPI!$E:$E,MATCH($B910,SINAPI!$A:$A,0)),\"\")","v":"COMPOSIÇÃO"},{"$f":"IF(IFERROR(INDEX(COMPOSIÇÕES_IFMT!$B:$B,MATCH($A907,COMPOSIÇÕES_IFMT!$A:$A,0)),\"\")<>\"\",OFFSET(COMPOSIÇÕES_IFMT!$A$1,MATCH($A907,COMPOSIÇÕES_IFMT!$A:$A,0)+2,1),\"\")","v":88264},{"$f":"IFERROR(INDEX(SINAPI!$B:$B,MATCH($B910,SINAPI!$A:$A,0)),\"\")","v":"ELETRICISTA COM ENCARGOS COMPLEMENTARES"},{"$f":"IFERROR(INDEX(SINAPI!$C:$C,MATCH($B910,SINAPI!$A:$A,0)),\"\")","v":"H"},{"$f":"IF(IFERROR(INDEX(COMPOSIÇÕES_IFMT!$B:$B,MATCH($A907,COMPOSIÇÕES_IFMT!$A:$A,0)),\"\")<>\"\",OFFSET(COMPOSIÇÕES_IFMT!$A$1,MATCH($A907,COMPOSIÇÕES_IFMT!$A:$A,0)+2,4),\"\")","v":0.56799999999999995},{"$f":"IFERROR(INDEX(SINAPI!$D:$D,MATCH($B910,SINAPI!$A:$A,0)),0)","v":20.52},11.655359999999998]
[null,null,null,null,null,"TOTAL",{"$f":"SUM(G908:G910)","v":188.39248000000001}]
[]
[]
["CLASSE/TIPO","CÓDIGOS/ SINAPI","DESCRIÇÃO","UND","COEFICIENTE","PREÇO UNITÁRIO","PREÇO TOTAL"]
["IFMT 206.03.2020",{"$f":"IFERROR(INDEX(COMPOSIÇÕES_IFMT!$B:$B,MATCH($A915,COMPOSIÇÕES_IFMT!$A:$A,0)),\"\")","v":".206/E"},{"$f":"IFERROR(INDEX(COMPOSIÇÕES_IFMT!$C:$C,MATCH($A915,COMPOSIÇÕES_IFMT!$A:$A,0)),\"\")","v":"ELETRODUTO EM FERRO GALVANIZADO PESADO SEM COSTURA 1/2\" X 3M FIXADO POR CUNHA - FORNECIMENTO E INSTALAÇÃO "},{"$f":"IFERROR(INDEX(COMPOSIÇÕES_IFMT!$D:$D,MATCH($A915,COMPOSIÇÕES_IFMT!$A:$A,0)),\"\")","v":"M"},null,null,{"$f":"G920","v":76.806899999999999}]
["INSUMO","03971/ORSE","ELETRODUTO EM FERRO GALVANIZADO PESADO SEM COSTURA 1/2\" X 3M","UN",1.05,43.99,{"$f":"IFERROR(F916*E916,0)","v":46.189500000000002}]
[{"$f":"IFERROR(INDEX(SINAPI!$E:$E,MATCH($B917,SINAPI!$A:$A,0)),\"\")","v":"COMPOSIÇÃO"},{"$f":"IF(IFERROR(INDEX(COMPOSIÇÕES_IFMT!$B:$B,MATCH($A915,COMPOSIÇÕES_IFMT!$A:$A,0)),\"\")<>\"\",OFFSET(COMPOSIÇÕES_IFMT!$A$1,MATCH($A915,COMPOSIÇÕES_IFMT!$A:$A,0)+1,1),\"\")","v":88316},{"$f":"IFERROR(INDEX(SINAPI!$B:$B,MATCH($B917,SINAPI!$A:$A,0)),\"\")","v":"SERVENTE COM ENCARGOS COMPLEMENTARES"},{"$f":"IFERROR(INDEX(SINAPI!$C:$C,MATCH($B917,SINAPI!$A:$A,0)),\"\")","v":"H"},{"$f":"IF(IFERROR(INDEX(COMPOSIÇÕES_IFMT!$B:$B,MATCH($A915,COMPOSIÇÕES_IFMT!$A:$A,0)),\"\")<>\"\",OFFSET(COMPOSIÇÕES_IFMT!$A$1,MATCH($A915,COMPOSIÇÕES_IFMT!$A:$A,0)+1,4),\"\")","v":0.75},{"$f":"IFERROR(INDEX(SINAPI!$D:$D,MATCH($B917,SINAPI!$A:$A,0)),0)","v":15.91},{"$f":"IFERROR(F917*E917,0)","v":11.932500000000001}]
[{"$f":"IFERROR(INDEX(SINAPI!$E:$E,MATCH($B918,SINAPI!$A:$A,0)),\"\")","v":"COMPOSIÇÃO"},{"$f":"IF(IFERROR(INDEX(COMPOSIÇÕES_IFMT!$B:$B,MATCH($A915,COMPOSIÇÕES_IFMT!$A:$A,0)),\"\")<>\"\",OFFSET(COMPOSIÇÕES_IFMT!$A$1,MATCH($A915,COMPOSIÇÕES_IFMT!$A:$A,0)+2,1),\"\")","v":88264},{"$f":"IFERROR(INDEX(SINAPI!$B:$B,MATCH($B918,SINAPI!$A:$A,0)),\"\")","v":"ELETRICISTA COM ENCARGOS COMPLEMENTARES"},{"$f":"IFERROR(INDEX(SINAPI!$C:$C,MATCH($B918,SINAPI!$A:$A,0)),\"\")","v":"H"},{"$f":"IF(IFERROR(INDEX(COMPOSIÇÕES_IFMT!$B:$B,MATCH($A915,COMPOSIÇÕES_IFMT!$A:$A,0)),\"\")<>\"\",OFFSET(COMPOSIÇÕES_IFMT!$A$1,MATCH($A915,COMPOSIÇÕES_IFMT!$A:$A,0)+2,4),\"\")","v":0.75},{"$f":"IFERROR(INDEX(SINAPI!$D:$D,MATCH($B918,SINAPI!$A:$A,0)),0)","v":20.52},15.39]
["IFMT 116.01.2020",{"$f":"IF(IFERROR(INDEX(COMPOSIÇÕES_IFMT!$B:$B,MATCH($A916,COMPOSIÇÕES_IFMT!$A:$A,0)),\"\")<>\"\",OFFSET(COMPOSIÇÕES_IFMT!$A$1,MATCH($A916,COMPOSIÇÕES_IFMT!$A:$A,0)+2,1),\"\")","v":88323},"FIXAÇÃO DE TUBOS HORIZONTAIS DE PVC, CPVC OU COBRE DIÂMETROS MENORES OU IGUAIS A 40 MM OU ELETROCALHAS ATÉ 150MM DE LARGURA, COM ABRAÇADEIRA METÁLICA RÍGIDA TIPO D 1/2\u0094, FIXADA EM PERFILADO EM LAJE. (FIXAÇÃO POR CUNHA)","M",1,{"$f":"G144","v":3.2949000000000002},3.2949000000000002]
[null,null,null,null,null,"TOTAL",{"$f":"SUM(G916:G919)","v":76.806899999999999}]
[]
[]
["CLASSE/TIPO","CÓDIGOS/ SINAPI","DESCRIÇÃO","UND","COEFICIENTE","PREÇO UNITÁRIO","PREÇO TOTAL"]
["IFMT 211.06.2020",{"$f":"IFERROR(INDEX(COMPOSIÇÕES_IFMT!$B:$B,MATCH($A924,COMPOSIÇÕES_IFMT!$A:$A,0)),\"\")","v":".211/R"},{"$f":"IFERROR(INDEX(COMPOSIÇÕES_IFMT!$C:$C,MATCH($A924,COMPOSIÇÕES_IFMT!$A:$A,0)),\"\")","v":"PLACA DE OBRA EM CHAPA DE ACO GALVANIZADO"},{"$f":"IFERROR(INDEX(COMPOSIÇÕES_IFMT!$D:$D,MATCH($A924,COMPOSIÇÕES_IFMT!$A:$A,0)),\"\")","v":"M2"},null,null,{"$f":"G932","v":381.45249999999999}]
[{"$f":"IFERROR(INDEX(SINAPI!$E:$E,MATCH($B925,SINAPI!$A:$A,0)),\"\")","v":"INSUMO"},{"$f":"IF(IFERROR(INDEX(COMPOSIÇÕES_IFMT!$B:$B,MATCH($A924,COMPOSIÇÕES_IFMT!$A:$A,0)),\"\")<>\"\",OFFSET(COMPOSIÇÕES_IFMT!$A$1,MATCH($A924,COMPOSIÇÕES_IFMT!$A:$A,0),1),\"\")","v":4417},{"$f":"IFERROR(INDEX(SINAPI!$B:$B,MATCH($B925,SINAPI!$A:$A,0)),\"\")","v":"SARRAFO DE MADEIRA NAO APARELHADA *2,5 X 7* CM, MACARANDUBA, ANGELIM OU EQUIVALENTE DA REGIAO"},{"$f":"IFERROR(INDEX(SINAPI!$C:$C,MATCH($B925,SINAPI!$A:$A,0)),\"\")","v":"M     "},{"$f":"IF(IFERROR(INDEX(COMPOSIÇÕES_IFMT!$B:$B,MATCH($A924,COMPOSIÇÕES_IFMT!$A:$A,0)),\"\")<>\"\",OFFSET(COMPOSIÇÕES_IFMT!$A$1,MATCH($A924,COMPOSIÇÕES_IFMT!$A:$A,0),4),\"\")","v":1},{"$f":"IFERROR(INDEX(SINAPI!$D:$D,MATCH($B925,SINAPI!$A:$A,0)),0)","v":3.02},{"$f":"IFERROR(F925*E925,0)","v":3.02}]
[{"$f":"IFERROR(INDEX(SINAPI!$E:$E,MATCH($B926,SINAPI!$A:$A,0)),\"\")","v":"INSUMO"},{"$f":"IF(IFERROR(INDEX(COMPOSIÇÕES_IFMT!$B:$B,MATCH($A924,COMPOSIÇÕES_IFMT!$A:$A,0)),\"\")<>\"\",OFFSET(COMPOSIÇÕES_IFMT!$A$1,MATCH($A924,COMPOSIÇÕES_IFMT!$A:$A,0)+1,1),\"\")","v":4491},{"$f":"IFERROR(INDEX(SINAPI!$B:$B,MATCH($B926,SINAPI!$A:$A,0)),\"\")","v":"PONTALETE DE MADEIRA NAO APARELHADA *7,5 X 7,5* CM (3 X 3 \") PINUS, MISTA OU EQUIVALENTE DA REGIAO"},{"$f":"IFERROR(INDEX(SINAPI!$C:$C,MATCH($B926,SINAPI!$A:$A,0)),\"\")","v":"M     "},{"$f":"IF(IFERROR(INDEX(COMPOSIÇÕES_IFMT!$B:$B,MATCH($A924,COMPOSIÇÕES_IFMT!$A:$A,0)),\"\")<>\"\",OFFSET(COMPOSIÇÕES_IFMT!$A$1,MATCH($A924,COMPOSIÇÕES_IFMT!$A:$A,0)+1,4),\"\")","v":4},{"$f":"IFERROR(INDEX(SINAPI!$D:$D,MATCH($B926,SINAPI!$A:$A,0)),0)","v":5.75},{"$f":"IFERROR(F926*E926,0)","v":23}]
[{"$f":"IFERROR(INDEX(SINAPI!$E:$E,MATCH($B927,SINAPI!$A:$A,0)),\"\")","v":"INSUMO"},{"$f":"IF(IFERROR(INDEX(COMPOSIÇÕES_IFMT!$B:$B,MATCH($A924,COMPOSIÇÕES_IFMT!$A:$A,0)),\"\")<>\"\",OFFSET(COMPOSIÇÕES_IFMT!$A$1,MATCH($A924,COMPOSIÇÕES_IFMT!$A:$A,0)+2,1),\"\")","v":4813},{"$f":"IFERROR(INDEX(SINAPI!$B:$B,MATCH($B927,SINAPI!$A:$A,0)),\"\")","v":"PLACA DE OBRA (PARA CONSTRUCAO CIVIL) EM CHAPA GALVANIZADA *N. 22*, ADESIVADA, DE *2,0 X 1,125* M"},{"$f":"IFERROR(INDEX(SINAPI!$C:$C,MATCH($B927,SINAPI!$A:$A,0)),\"\")","v":"M2    "},{"$f":"IF(IFERROR(INDEX(COMPOSIÇÕES_IFMT!$B:$B,MATCH($A924,COMPOSIÇÕES_IFMT!$A:$A,0)),\"\")<>\"\",OFFSET(COMPOSIÇÕES_IFMT!$A$1,MATCH($A924,COMPOSIÇÕES_IFMT!$A:$A,0)+2,4),\"\")","v":1},{"$f":"IFERROR(INDEX(SINAPI!$D:$D,MATCH($B927,SINAPI!$A:$A,0)),0)","v":300},300]
[{"$f":"IFERROR(INDEX(SINAPI!$E:$E,MATCH($B928,SINAPI!$A:$A,0)),\"\")","v":"INSUMO"},{"$f":"IF(IFERROR(INDEX(COMPOSIÇÕES_IFMT!$B:$B,MATCH($A924,COMPOSIÇÕES_IFMT!$A:$A,0)),\"\")<>\"\",OFFSET(COMPOSIÇÕES_IFMT!$A$1,MATCH($A924,COMPOSIÇÕES_IFMT!$A:$A,0)+3,1),\"\")","v":5075},{"$f":"IFERROR(INDEX(SINAPI!$B:$B,MATCH($B928,SINAPI!$A:$A,0)),\"\")","v":"PREGO DE ACO POLIDO COM CABECA 18 X 30 (2 3/4 X 10)"},{"$f":"IFERROR(INDEX(SINAPI!$C:$C,MATCH($B928,SINAPI!$A:$A,0)),\"\")","v":"KG    "},{"$f":"IF(IFERROR(INDEX(COMPOSIÇÕES_IFMT!$B:$B,MATCH($A924,COMPOSIÇÕES_IFMT!$A:$A,0)),\"\")<>\"\",OFFSET(COMPOSIÇÕES_IFMT!$A$1,MATCH($A924,COMPOSIÇÕES_IFMT!$A:$A,0)+3,4),\"\")","v":0.11},{"$f":"IFERROR(INDEX(SINAPI!$D:$D,MATCH($B928,SINAPI!$A:$A,0)),0)","v":11.49},1.2639]
[{"$f":"IFERROR(INDEX(SINAPI!$E:$E,MATCH($B929,SINAPI!$A:$A,0)),\"\")","v":"COMPOSIÇÃO"},{"$f":"IF(IFERROR(INDEX(COMPOSIÇÕES_IFMT!$B:$B,MATCH($A924,COMPOSIÇÕES_IFMT!$A:$A,0)),\"\")<>\"\",OFFSET(COMPOSIÇÕES_IFMT!$A$1,MATCH($A924,COMPOSIÇÕES_IFMT!$A:$A,0)+4,1),\"\")","v":88262},{"$f":"IFERROR(INDEX(SINAPI!$B:$B,MATCH($B929,SINAPI!$A:$A,0)),\"\")","v":"CARPINTEIRO DE FORMAS COM ENCARGOS COMPLEMENTARES"},{"$f":"IFERROR(INDEX(SINAPI!$C:$C,MATCH($B929,SINAPI!$A:$A,0)),\"\")","v":"H"},{"$f":"IF(IFERROR(INDEX(COMPOSIÇÕES_IFMT!$B:$B,MATCH($A924,COMPOSIÇÕES_IFMT!$A:$A,0)),\"\")<>\"\",OFFSET(COMPOSIÇÕES_IFMT!$A$1,MATCH($A924,COMPOSIÇÕES_IFMT!$A:$A,0)+4,4),\"\")","v":1},{"$f":"IFERROR(INDEX(SINAPI!$D:$D,MATCH($B929,SINAPI!$A:$A,0)),0)","v":19.670000000000002},19.670000000000002]
[{"$f":"IFERROR(INDEX(SINAPI!$E:$E,MATCH($B930,SINAPI!$A:$A,0)),\"\")","v":"COMPOSIÇÃO"},{"$f":"IF(IFERROR(INDEX(COMPOSIÇÕES_IFMT!$B:$B,MATCH($A924,COMPOSIÇÕES_IFMT!$A:$A,0)),\"\")<>\"\",OFFSET(COMPOSIÇÕES_IFMT!$A$1,MATCH($A924,COMPOSIÇÕES_IFMT!$A:$A,0)+5,1),\"\")","v":88316},{"$f":"IFERROR(INDEX(SINAPI!$B:$B,MATCH($B930,SINAPI!$A:$A,0)),\"\")","v":"SERVENTE COM ENCARGOS COMPLEMENTARES"},{"$f":"IFERROR(INDEX(SINAPI!$C:$C,MATCH($B930,SINAPI!$A:$A,0)),\"\")","v":"H"},{"$f":"IF(IFERROR(INDEX(COMPOSIÇÕES_IFMT!$B:$B,MATCH($A924,COMPOSIÇÕES_IFMT!$A:$A,0)),\"\")<>\"\",OFFSET(COMPOSIÇÕES_IFMT!$A$1,MATCH($A924,COMPOSIÇÕES_IFMT!$A:$A,0)+5,4),\"\")","v":2},{"$f":"IFERROR(INDEX(SINAPI!$D:$D,MATCH($B930,SINAPI!$A:$A,0)),0)","v":15.91},31.82]
[{"$f":"IFERROR(INDEX(SINAPI!$E:$E,MATCH($B931,SINAPI!$A:$A,0)),\"\")","v":"COMPOSIÇÃO"},{"$f":"IF(IFERROR(INDEX(COMPOSIÇÕES_IFMT!$B:$B,MATCH($A924,COMPOSIÇÕES_IFMT!$A:$A,0)),\"\")<>\"\",OFFSET(COMPOSIÇÕES_IFMT!$A$1,MATCH($A924,COMPOSIÇÕES_IFMT!$A:$A,0)+6,1),\"\")","v":94962},{"$f":"IFERROR(INDEX(SINAPI!$B:$B,MATCH($B931,SINAPI!$A:$A,0)),\"\")","v":"CONCRETO MAGRO PARA LASTRO, TRAÇO 1:4,5:4,5 (CIMENTO/ AREIA MÉDIA/ BRITA 1)  - PREPARO MECÂNICO COM BETONEIRA 400 L. AF_07/2016"},{"$f":"IFERROR(INDEX(SINAPI!$C:$C,MATCH($B931,SINAPI!$A:$A,0)),\"\")","v":"M3"},{"$f":"IF(IFERROR(INDEX(COMPOSIÇÕES_IFMT!$B:$B,MATCH($A924,COMPOSIÇÕES_IFMT!$A:$A,0)),\"\")<>\"\",OFFSET(COMPOSIÇÕES_IFMT!$A$1,MATCH($A924,COMPOSIÇÕES_IFMT!$A:$A,0)+6,4),\"\")","v":0.01},{"$f":"IFERROR(INDEX(SINAPI!$D:$D,MATCH($B931,SINAPI!$A:$A,0)),0)","v":267.86},2.6786000000000003]
[null,null,null,null,null,"TOTAL",{"$f":"SUM(G925:G931)","v":381.45249999999999}]
[]
[]
["CLASSE/TIPO","CÓDIGOS/ SINAPI","DESCRIÇÃO","UND","COEFICIENTE","PREÇO UNITÁRIO","PREÇO TOTAL"]
["IFMT 219.07.2020",{"$f":"IFERROR(INDEX(COMPOSIÇÕES_IFMT!$B:$B,MATCH($A936,COMPOSIÇÕES_IFMT!$A:$A,0)),\"\")","v":".219/R"},{"$f":"IFERROR(INDEX(COMPOSIÇÕES_IFMT!$C:$C,MATCH($A936,COMPOSIÇÕES_IFMT!$A:$A,0)),\"\")","v":"LANCAMENTO/APLICACAO MANUAL DE CONCRETO EM FUNDACOES"},{"$f":"IFERROR(INDEX(COMPOSIÇÕES_IFMT!$D:$D,MATCH($A936,COMPOSIÇÕES_IFMT!$A:$A,0)),\"\")","v":"M3"},null,null,{"$f":"G940","v":104.7405}]
[{"$f":"IFERROR(INDEX(SINAPI!$E:$E,MATCH($B937,SINAPI!$A:$A,0)),\"\")","v":"COMPOSIÇÃO"},{"$f":"IF(IFERROR(INDEX(COMPOSIÇÕES_IFMT!$B:$B,MATCH($A936,COMPOSIÇÕES_IFMT!$A:$A,0)),\"\")<>\"\",OFFSET(COMPOSIÇÕES_IFMT!$A$1,MATCH($A936,COMPOSIÇÕES_IFMT!$A:$A,0),1),\"\")","v":88309},{"$f":"IFERROR(INDEX(SINAPI!$B:$B,MATCH($B937,SINAPI!$A:$A,0)),\"\")","v":"PEDREIRO COM ENCARGOS COMPLEMENTARES"},{"$f":"IFERROR(INDEX(SINAPI!$C:$C,MATCH($B937,SINAPI!$A:$A,0)),\"\")","v":"H"},{"$f":"IF(IFERROR(INDEX(COMPOSIÇÕES_IFMT!$B:$B,MATCH($A936,COMPOSIÇÕES_IFMT!$A:$A,0)),\"\")<>\"\",OFFSET(COMPOSIÇÕES_IFMT!$A$1,MATCH($A936,COMPOSIÇÕES_IFMT!$A:$A,0),4),\"\")","v":1.65},{"$f":"IFERROR(INDEX(SINAPI!$D:$D,MATCH($B937,SINAPI!$A:$A,0)),0)","v":19.809999999999999},{"$f":"IFERROR(F937*E937,0)","v":32.686499999999995}]
[{"$f":"IFERROR(INDEX(SINAPI!$E:$E,MATCH($B938,SINAPI!$A:$A,0)),\"\")","v":"COMPOSIÇÃO"},{"$f":"IF(IFERROR(INDEX(COMPOSIÇÕES_IFMT!$B:$B,MATCH($A936,COMPOSIÇÕES_IFMT!$A:$A,0)),\"\")<>\"\",OFFSET(COMPOSIÇÕES_IFMT!$A$1,MATCH($A936,COMPOSIÇÕES_IFMT!$A:$A,0)+1,1),\"\")","v":88316},{"$f":"IFERROR(INDEX(SINAPI!$B:$B,MATCH($B938,SINAPI!$A:$A,0)),\"\")","v":"SERVENTE COM ENCARGOS COMPLEMENTARES"},{"$f":"IFERROR(INDEX(SINAPI!$C:$C,MATCH($B938,SINAPI!$A:$A,0)),\"\")","v":"H"},{"$f":"IF(IFERROR(INDEX(COMPOSIÇÕES_IFMT!$B:$B,MATCH($A936,COMPOSIÇÕES_IFMT!$A:$A,0)),\"\")<>\"\",OFFSET(COMPOSIÇÕES_IFMT!$A$1,MATCH($A936,COMPOSIÇÕES_IFMT!$A:$A,0)+1,4),\"\")","v":4.5},{"$f":"IFERROR(INDEX(SINAPI!$D:$D,MATCH($B938,SINAPI!$A:$A,0)),0)","v":15.91},{"$f":"IFERROR(F938*E938,0)","v":71.594999999999999}]
[{"$f":"IFERROR(INDEX(SINAPI!$E:$E,MATCH($B939,SINAPI!$A:$A,0)),\"\")","v":"COMPOSIÇÃO"},{"$f":"IF(IFERROR(INDEX(COMPOSIÇÕES_IFMT!$B:$B,MATCH($A936,COMPOSIÇÕES_IFMT!$A:$A,0)),\"\")<>\"\",OFFSET(COMPOSIÇÕES_IFMT!$A$1,MATCH($A936,COMPOSIÇÕES_IFMT!$A:$A,0)+2,1),\"\")","v":90586},{"$f":"IFERROR(INDEX(SINAPI!$B:$B,MATCH($B939,SINAPI!$A:$A,0)),\"\")","v":"VIBRADOR DE IMERSÃO, DIÂMETRO DE PONTEIRA 45MM, MOTOR ELÉTRICO TRIFÁSICO POTÊNCIA DE 2 CV - CHP DIURNO. AF_06/2015"},{"$f":"IFERROR(INDEX(SINAPI!$C:$C,MATCH($B939,SINAPI!$A:$A,0)),\"\")","v":"CHP"},{"$f":"IF(IFERROR(INDEX(COMPOSIÇÕES_IFMT!$B:$B,MATCH($A936,COMPOSIÇÕES_IFMT!$A:$A,0)),\"\")<>\"\",OFFSET(COMPOSIÇÕES_IFMT!$A$1,MATCH($A936,COMPOSIÇÕES_IFMT!$A:$A,0)+2,4),\"\")","v":0.3},{"$f":"IFERROR(INDEX(SINAPI!$D:$D,MATCH($B939,SINAPI!$A:$A,0)),0)","v":1.53},0.45899999999999996]
[null,null,null,null,null,"TOTAL",{"$f":"SUM(G937:G939)","v":104.7405}]
[]
[]
["CLASSE/TIPO","CÓDIGOS/ SINAPI","DESCRIÇÃO","UND","COEFICIENTE","PREÇO UNITÁRIO","PREÇO TOTAL"]
["IFMT 223.07.2020",{"$f":"IFERROR(INDEX(COMPOSIÇÕES_IFMT!$B:$B,MATCH($A944,COMPOSIÇÕES_IFMT!$A:$A,0)),\"\")","v":".223/R"},{"$f":"IFERROR(INDEX(COMPOSIÇÕES_IFMT!$C:$C,MATCH($A944,COMPOSIÇÕES_IFMT!$A:$A,0)),\"\")","v":"FUNDO ANTICORROSIVO A BASE DE OXIDO DE FERRO (ZARCAO), DUAS DEMAOS"},{"$f":"IFERROR(INDEX(COMPOSIÇÕES_IFMT!$D:$D,MATCH($A944,COMPOSIÇÕES_IFMT!$A:$A,0)),\"\")","v":"M2"},null,null,{"$f":"G948","v":18.958600000000001}]
[{"$f":"IFERROR(INDEX(SINAPI!$E:$E,MATCH($B945,SINAPI!$A:$A,0)),\"\")","v":"INSUMO"},{"$f":"IF(IFERROR(INDEX(COMPOSIÇÕES_IFMT!$B:$B,MATCH($A944,COMPOSIÇÕES_IFMT!$A:$A,0)),\"\")<>\"\",OFFSET(COMPOSIÇÕES_IFMT!$A$1,MATCH($A944,COMPOSIÇÕES_IFMT!$A:$A,0),1),\"\")","v":7307},{"$f":"IFERROR(INDEX(SINAPI!$B:$B,MATCH($B945,SINAPI!$A:$A,0)),\"\")","v":"FUNDO ANTICORROSIVO PARA METAIS FERROSOS (ZARCAO)"},{"$f":"IFERROR(INDEX(SINAPI!$C:$C,MATCH($B945,SINAPI!$A:$A,0)),\"\")","v":"L     "},{"$f":"IF(IFERROR(INDEX(COMPOSIÇÕES_IFMT!$B:$B,MATCH($A944,COMPOSIÇÕES_IFMT!$A:$A,0)),\"\")<>\"\",OFFSET(COMPOSIÇÕES_IFMT!$A$1,MATCH($A944,COMPOSIÇÕES_IFMT!$A:$A,0),4),\"\")","v":0.24},{"$f":"IFERROR(INDEX(SINAPI!$D:$D,MATCH($B945,SINAPI!$A:$A,0)),0)","v":24.24},{"$f":"IFERROR(F945*E945,0)","v":5.8175999999999997}]
[{"$f":"IFERROR(INDEX(SINAPI!$E:$E,MATCH($B946,SINAPI!$A:$A,0)),\"\")","v":"COMPOSIÇÃO"},{"$f":"IF(IFERROR(INDEX(COMPOSIÇÕES_IFMT!$B:$B,MATCH($A944,COMPOSIÇÕES_IFMT!$A:$A,0)),\"\")<>\"\",OFFSET(COMPOSIÇÕES_IFMT!$A$1,MATCH($A944,COMPOSIÇÕES_IFMT!$A:$A,0)+1,1),\"\")","v":88310},{"$f":"IFERROR(INDEX(SINAPI!$B:$B,MATCH($B946,SINAPI!$A:$A,0)),\"\")","v":"PINTOR COM ENCARGOS COMPLEMENTARES"},{"$f":"IFERROR(INDEX(SINAPI!$C:$C,MATCH($B946,SINAPI!$A:$A,0)),\"\")","v":"H"},{"$f":"IF(IFERROR(INDEX(COMPOSIÇÕES_IFMT!$B:$B,MATCH($A944,COMPOSIÇÕES_IFMT!$A:$A,0)),\"\")<>\"\",OFFSET(COMPOSIÇÕES_IFMT!$A$1,MATCH($A944,COMPOSIÇÕES_IFMT!$A:$A,0)+1,4),\"\")","v":0.4},{"$f":"IFERROR(INDEX(SINAPI!$D:$D,MATCH($B946,SINAPI!$A:$A,0)),0)","v":20.92},{"$f":"IFERROR(F946*E946,0)","v":8.3680000000000003}]
[{"$f":"IFERROR(INDEX(SINAPI!$E:$E,MATCH($B947,SINAPI!$A:$A,0)),\"\")","v":"COMPOSIÇÃO"},{"$f":"IF(IFERROR(INDEX(COMPOSIÇÕES_IFMT!$B:$B,MATCH($A944,COMPOSIÇÕES_IFMT!$A:$A,0)),\"\")<>\"\",OFFSET(COMPOSIÇÕES_IFMT!$A$1,MATCH($A944,COMPOSIÇÕES_IFMT!$A:$A,0)+2,1),\"\")","v":88316},{"$f":"IFERROR(INDEX(SINAPI!$B:$B,MATCH($B947,SINAPI!$A:$A,0)),\"\")","v":"SERVENTE COM ENCARGOS COMPLEMENTARES"},{"$f":"IFERROR(INDEX(SINAPI!$C:$C,MATCH($B947,SINAPI!$A:$A,0)),\"\")","v":"H"},{"$f":"IF(IFERROR(INDEX(COMPOSIÇÕES_IFMT!$B:$B,MATCH($A944,COMPOSIÇÕES_IFMT!$A:$A,0)),\"\")<>\"\",OFFSET(COMPOSIÇÕES_IFMT!$A$1,MATCH($A944,COMPOSIÇÕES_IFMT!$A:$A,0)+2,4),\"\")","v":0.3},{"$f":"IFERROR(INDEX(SINAPI!$D:$D,MATCH($B947,SINAPI!$A:$A,0)),0)","v":15.91},4.7729999999999997]
[null,null,null,null,null,"TOTAL",{"$f":"SUM(G945:G947)","v":18.958600000000001}]
[]
[]
["CLASSE/TIPO","CÓDIGOS/ SINAPI","DESCRIÇÃO","UND","COEFICIENTE","PREÇO UNITÁRIO","PREÇO TOTAL"]
["IFMT 232.08.2020",{"$f":"IFERROR(INDEX(COMPOSIÇÕES_IFMT!$B:$B,MATCH($A952,COMPOSIÇÕES_IFMT!$A:$A,0)),\"\")","v":".232/R"},{"$f":"IFERROR(INDEX(COMPOSIÇÕES_IFMT!$C:$C,MATCH($A952,COMPOSIÇÕES_IFMT!$A:$A,0)),\"\")","v":"IMPERMEABILIZACAO DE ESTRUTURAS ENTERRADAS, COM TINTA ASFALTICA, DUAS DEMAOS."},{"$f":"IFERROR(INDEX(COMPOSIÇÕES_IFMT!$D:$D,MATCH($A952,COMPOSIÇÕES_IFMT!$A:$A,0)),\"\")","v":"M2"},null,null,{"$f":"G955","v":9.5560000000000009}]
[{"$f":"IFERROR(INDEX(SINAPI!$E:$E,MATCH($B953,SINAPI!$A:$A,0)),\"\")","v":"INSUMO"},{"$f":"IF(IFERROR(INDEX(COMPOSIÇÕES_IFMT!$B:$B,MATCH($A952,COMPOSIÇÕES_IFMT!$A:$A,0)),\"\")<>\"\",OFFSET(COMPOSIÇÕES_IFMT!$A$1,MATCH($A952,COMPOSIÇÕES_IFMT!$A:$A,0),1),\"\")","v":7319},{"$f":"IFERROR(INDEX(SINAPI!$B:$B,MATCH($B953,SINAPI!$A:$A,0)),\"\")","v":"TINTA ASFALTICA IMPERMEABILIZANTE DISPERSA EM AGUA, PARA MATERIAIS CIMENTICIOS"},{"$f":"IFERROR(INDEX(SINAPI!$C:$C,MATCH($B953,SINAPI!$A:$A,0)),\"\")","v":"L     "},{"$f":"IF(IFERROR(INDEX(COMPOSIÇÕES_IFMT!$B:$B,MATCH($A952,COMPOSIÇÕES_IFMT!$A:$A,0)),\"\")<>\"\",OFFSET(COMPOSIÇÕES_IFMT!$A$1,MATCH($A952,COMPOSIÇÕES_IFMT!$A:$A,0),4),\"\")","v":0.4},{"$f":"IFERROR(INDEX(SINAPI!$D:$D,MATCH($B953,SINAPI!$A:$A,0)),0)","v":7.98},{"$f":"IFERROR(F953*E953,0)","v":3.1920000000000002}]
[{"$f":"IFERROR(INDEX(SINAPI!$E:$E,MATCH($B954,SINAPI!$A:$A,0)),\"\")","v":"COMPOSIÇÃO"},{"$f":"IF(IFERROR(INDEX(COMPOSIÇÕES_IFMT!$B:$B,MATCH($A952,COMPOSIÇÕES_IFMT!$A:$A,0)),\"\")<>\"\",OFFSET(COMPOSIÇÕES_IFMT!$A$1,MATCH($A952,COMPOSIÇÕES_IFMT!$A:$A,0)+1,1),\"\")","v":88316},{"$f":"IFERROR(INDEX(SINAPI!$B:$B,MATCH($B954,SINAPI!$A:$A,0)),\"\")","v":"SERVENTE COM ENCARGOS COMPLEMENTARES"},{"$f":"IFERROR(INDEX(SINAPI!$C:$C,MATCH($B954,SINAPI!$A:$A,0)),\"\")","v":"H"},{"$f":"IF(IFERROR(INDEX(COMPOSIÇÕES_IFMT!$B:$B,MATCH($A952,COMPOSIÇÕES_IFMT!$A:$A,0)),\"\")<>\"\",OFFSET(COMPOSIÇÕES_IFMT!$A$1,MATCH($A952,COMPOSIÇÕES_IFMT!$A:$A,0)+1,4),\"\")","v":0.4},{"$f":"IFERROR(INDEX(SINAPI!$D:$D,MATCH($B954,SINAPI!$A:$A,0)),0)","v":15.91},{"$f":"IFERROR(F954*E954,0)","v":6.3640000000000008}]
[null,null,null,null,null,"TOTAL",{"$f":"SUM(G953:G954)","v":9.5560000000000009}]
[]
[]
["CLASSE/TIPO","CÓDIGOS/ SINAPI","DESCRIÇÃO","UND","COEFICIENTE","PREÇO UNITÁRIO","PREÇO TOTAL"]
["IFMT 249.09.2020",{"$f":"IFERROR(INDEX(COMPOSIÇÕES_IFMT!$B:$B,MATCH($A959,COMPOSIÇÕES_IFMT!$A:$A,0)),\"\")","v":".01/L"},{"$f":"IFERROR(INDEX(COMPOSIÇÕES_IFMT!$C:$C,MATCH($A959,COMPOSIÇÕES_IFMT!$A:$A,0)),\"\")","v":"PINTURA ESMALTE ALTO BRILHO, DUAS DEMAOS, SOBRE SUPERFICIE METALICA"},{"$f":"IFERROR(INDEX(COMPOSIÇÕES_IFMT!$D:$D,MATCH($A959,COMPOSIÇÕES_IFMT!$A:$A,0)),\"\")","v":"M2"},null,null,{"$f":"G965","v":24.668100000000003}]
[{"$f":"IFERROR(INDEX(SINAPI!$E:$E,MATCH($B960,SINAPI!$A:$A,0)),\"\")","v":"INSUMO"},{"$f":"IF(IFERROR(INDEX(COMPOSIÇÕES_IFMT!$B:$B,MATCH($A959,COMPOSIÇÕES_IFMT!$A:$A,0)),\"\")<>\"\",OFFSET(COMPOSIÇÕES_IFMT!$A$1,MATCH($A959,COMPOSIÇÕES_IFMT!$A:$A,0),1),\"\")","v":3768},{"$f":"IFERROR(INDEX(SINAPI!$B:$B,MATCH($B960,SINAPI!$A:$A,0)),\"\")","v":"LIXA EM FOLHA PARA FERRO, NUMERO 150"},{"$f":"IFERROR(INDEX(SINAPI!$C:$C,MATCH($B960,SINAPI!$A:$A,0)),\"\")","v":"UN    "},{"$f":"IF(IFERROR(INDEX(COMPOSIÇÕES_IFMT!$B:$B,MATCH($A959,COMPOSIÇÕES_IFMT!$A:$A,0)),\"\")<>\"\",OFFSET(COMPOSIÇÕES_IFMT!$A$1,MATCH($A959,COMPOSIÇÕES_IFMT!$A:$A,0),4),\"\")","v":0.6},{"$f":"IFERROR(INDEX(SINAPI!$D:$D,MATCH($B960,SINAPI!$A:$A,0)),0)","v":2.75},{"$f":"IFERROR(F960*E960,0)","v":1.65}]
[{"$f":"IFERROR(INDEX(SINAPI!$E:$E,MATCH($B961,SINAPI!$A:$A,0)),\"\")","v":"INSUMO"},{"$f":"IF(IFERROR(INDEX(COMPOSIÇÕES_IFMT!$B:$B,MATCH($A959,COMPOSIÇÕES_IFMT!$A:$A,0)),\"\")<>\"\",OFFSET(COMPOSIÇÕES_IFMT!$A$1,MATCH($A959,COMPOSIÇÕES_IFMT!$A:$A,0)+1,1),\"\")","v":5318},{"$f":"IFERROR(INDEX(SINAPI!$B:$B,MATCH($B961,SINAPI!$A:$A,0)),\"\")","v":"SOLVENTE DILUENTE A BASE DE AGUARRAS"},{"$f":"IFERROR(INDEX(SINAPI!$C:$C,MATCH($B961,SINAPI!$A:$A,0)),\"\")","v":"L     "},{"$f":"IF(IFERROR(INDEX(COMPOSIÇÕES_IFMT!$B:$B,MATCH($A959,COMPOSIÇÕES_IFMT!$A:$A,0)),\"\")<>\"\",OFFSET(COMPOSIÇÕES_IFMT!$A$1,MATCH($A959,COMPOSIÇÕES_IFMT!$A:$A,0)+1,4),\"\")","v":7.0000000000000007E-2},{"$f":"IFERROR(INDEX(SINAPI!$D:$D,MATCH($B961,SINAPI!$A:$A,0)),0)","v":12.41},{"$f":"IFERROR(F961*E961,0)","v":0.86870000000000014}]
[{"$f":"IFERROR(INDEX(SINAPI!$E:$E,MATCH($B962,SINAPI!$A:$A,0)),\"\")","v":"INSUMO"},{"$f":"IF(IFERROR(INDEX(COMPOSIÇÕES_IFMT!$B:$B,MATCH($A959,COMPOSIÇÕES_IFMT!$A:$A,0)),\"\")<>\"\",OFFSET(COMPOSIÇÕES_IFMT!$A$1,MATCH($A959,COMPOSIÇÕES_IFMT!$A:$A,0)+2,1),\"\")","v":7292},{"$f":"IFERROR(INDEX(SINAPI!$B:$B,MATCH($B962,SINAPI!$A:$A,0)),\"\")","v":"TINTA ESMALTE SINTETICO PREMIUM BRILHANTE"},{"$f":"IFERROR(INDEX(SINAPI!$C:$C,MATCH($B962,SINAPI!$A:$A,0)),\"\")","v":"L     "},{"$f":"IF(IFERROR(INDEX(COMPOSIÇÕES_IFMT!$B:$B,MATCH($A959,COMPOSIÇÕES_IFMT!$A:$A,0)),\"\")<>\"\",OFFSET(COMPOSIÇÕES_IFMT!$A$1,MATCH($A959,COMPOSIÇÕES_IFMT!$A:$A,0)+2,4),\"\")","v":0.16},{"$f":"IFERROR(INDEX(SINAPI!$D:$D,MATCH($B962,SINAPI!$A:$A,0)),0)","v":23.34},3.7343999999999999]
[{"$f":"IFERROR(INDEX(SINAPI!$E:$E,MATCH($B963,SINAPI!$A:$A,0)),\"\")","v":"COMPOSIÇÃO"},{"$f":"IF(IFERROR(INDEX(COMPOSIÇÕES_IFMT!$B:$B,MATCH($A959,COMPOSIÇÕES_IFMT!$A:$A,0)),\"\")<>\"\",OFFSET(COMPOSIÇÕES_IFMT!$A$1,MATCH($A959,COMPOSIÇÕES_IFMT!$A:$A,0)+3,1),\"\")","v":88310},{"$f":"IFERROR(INDEX(SINAPI!$B:$B,MATCH($B963,SINAPI!$A:$A,0)),\"\")","v":"PINTOR COM ENCARGOS COMPLEMENTARES"},{"$f":"IFERROR(INDEX(SINAPI!$C:$C,MATCH($B963,SINAPI!$A:$A,0)),\"\")","v":"H"},{"$f":"IF(IFERROR(INDEX(COMPOSIÇÕES_IFMT!$B:$B,MATCH($A959,COMPOSIÇÕES_IFMT!$A:$A,0)),\"\")<>\"\",OFFSET(COMPOSIÇÕES_IFMT!$A$1,MATCH($A959,COMPOSIÇÕES_IFMT!$A:$A,0)+3,4),\"\")","v":0.5},{"$f":"IFERROR(INDEX(SINAPI!$D:$D,MATCH($B963,SINAPI!$A:$A,0)),0)","v":20.92},10.46]
[{"$f":"IFERROR(INDEX(SINAPI!$E:$E,MATCH($B964,SINAPI!$A:$A,0)),\"\")","v":"COMPOSIÇÃO"},{"$f":"IF(IFERROR(INDEX(COMPOSIÇÕES_IFMT!$B:$B,MATCH($A959,COMPOSIÇÕES_IFMT!$A:$A,0)),\"\")<>\"\",OFFSET(COMPOSIÇÕES_IFMT!$A$1,MATCH($A959,COMPOSIÇÕES_IFMT!$A:$A,0)+4,1),\"\")","v":88316},{"$f":"IFERROR(INDEX(SINAPI!$B:$B,MATCH($B964,SINAPI!$A:$A,0)),\"\")","v":"SERVENTE COM ENCARGOS COMPLEMENTARES"},{"$f":"IFERROR(INDEX(SINAPI!$C:$C,MATCH($B964,SINAPI!$A:$A,0)),\"\")","v":"H"},{"$f":"IF(IFERROR(INDEX(COMPOSIÇÕES_IFMT!$B:$B,MATCH($A959,COMPOSIÇÕES_IFMT!$A:$A,0)),\"\")<>\"\",OFFSET(COMPOSIÇÕES_IFMT!$A$1,MATCH($A959,COMPOSIÇÕES_IFMT!$A:$A,0)+4,4),\"\")","v":0.5},{"$f":"IFERROR(INDEX(SINAPI!$D:$D,MATCH($B964,SINAPI!$A:$A,0)),0)","v":15.91},7.9550000000000001]
[null,null,null,null,null,"TOTAL",{"$f":"SUM(G960:G964)","v":24.668100000000003}]

{"sheet":"CRONOGRAMA","index":4,"n_rows":47,"n_cols":9,"rows_kept":47,"cut":false,"hidden":false,"merged":[[0,0,3,8],[4,0,4,8],[5,0,5,8],[8,0,8,8],[9,1,9,3],[10,0,11,0],[10,1,11,1],[10,2,10,3],[10,8,11,8],[38,0,39,0],[38,1,39,1],[38,2,39,2],[38,3,39,3],[20,0,21,0],[20,1,21,1],[20,2,21,2],[20,3,21,3],[16,3,17,3],[16,0,17,0],[16,1,17,1],[16,2,17,2],[40,0,41,0],[40,1,41,1],[40,2,41,2],[40,3,41,3],[12,0,13,0],[12,1,13,1],[12,2,13,2],[12,3,13,3],[14,0,15,0],[14,1,15,1],[14,2,15,2],[14,3,15,3],[18,0,19,0],[18,1,19,1],[18,2,19,2],[18,3,19,3],[22,0,23,0],[22,1,23,1],[22,2,23,2],[22,3,23,3],[28,0,29,0],[28,1,29,1],[28,2,29,2],[28,3,29,3],[24,0,25,0],[24,1,25,1],[24,2,25,2],[24,3,25,3],[26,0,27,0],[26,1,27,1],[26,2,27,2],[26,3,27,3],[34,3,35,3],[30,0,31,0],[30,1,31,1],[30,2,31,2],[30,3,31,3],[42,0,43,0],[42,1,43,1],[42,2,43,2],[42,3,43,3],[10,4,10,7],[36,0,37,0],[36,1,37,1],[36,2,37,2],[36,3,37,3],[32,0,33,0],[32,1,33,1],[32,2,33,2],[32,3,33,3],[34,0,35,0],[34,1,35,1],[34,2,35,2]]}
[]
[]
[]
[]
["INSTITUTO FEDERAL DE EDUCAÇÃO, CIÊNCIA E TECNOLOGIA DE MATO GROSSO"]
[{"$f":"ORÇAMENTO!A6","v":"CAMPUS PRIMAVERA DO LESTE"}]
[]
[]
["CRONOGRAMA FÍSICO-FINANCEIRO NÃO DESONERADO"]
["OBRA:",{"$f":"ORÇAMENTO!B10","v":"REFORMA HANGAR"}]
["ITEM","DESCRIÇÃO / ETAPA","TOTAL",null,"PERÍODO DE EXECUÇÃO DA OBRA",null,null,null,"TOTAL"]
[null,null,"VALOR (R$)","(%)","mês 01","mês 02","mês 03","mês 04"]
["1.0",{"$f":"IFERROR(INDEX(ORÇAMENTO!$D$1:$D$303,MATCH($A13,ORÇAMENTO!$A$1:$A$303,0)),\"\")","v":"ADMINISTRAÇÃO DA OBRA"},{"$f":"IFERROR(INDEX(ORÇAMENTO!$J$1:$J$303,MATCH($A13,ORÇAMENTO!$A$1:$A$303,0)),0)","v":30255.22},{"$f":"IFERROR(C13/$C$45,\"\")","v":4.5236164177599285E-2},{"$f":"IFERROR($C13*E14,\"\")","v":1058.7459516165522},12380.621137508911,10061.631824487204,6754.2210863873288,{"$f":"SUM(E13:H13)","v":30255.219999999998}]
[null,null,null,null,{"$f":"(E15+E17+E19+E21+E23+E25+E27+E29+E31+E33+E35+E37+E39+E41+E43)/($C$45-$C$13)","v":3.4993827564848388E-2},{"$f":"(F15+F17+F19+F21+F23+F25+F27+F29+F31+F33+F35+F37+F39+F41+F43)/($C$45-$C$13)","v":0.40920611839903698},{"$f":"(G15+G17+G19+G21+G23+G25+G27+G29+G31+G33+G35+G37+G39+G41+G43)/($C$45-$C$13)","v":0.33255854112074557},{"$f":"(H15+H17+H19+H21+H23+H25+H27+H29+H31+H33+H35+H37+H39+H41+H43)/($C$45-$C$13)","v":0.22324151291536892},0.99999999999999978]
["2.0",{"$f":"IFERROR(INDEX(ORÇAMENTO!$D$1:$D$303,MATCH($A15,ORÇAMENTO!$A$1:$A$303,0)),\"\")","v":"SERVIÇOS PRELIMINARES"},{"$f":"IFERROR(INDEX(ORÇAMENTO!$J$1:$J$303,MATCH($A15,ORÇAMENTO!$A$1:$A$303,0)),0)","v":4842.6499999999996},{"$f":"IFERROR(C15/$C$45,\"\")","v":7.240499670954339E-3},{"$f":"IFERROR($C15*E16,\"\")","v":968.53},{"$f":"IFERROR($C15*F16,\"\")","v":968.53},{"$f":"IFERROR($C15*G16,\"\")","v":1452.7949999999998},{"$f":"IFERROR($C15*H16,\"\")","v":1452.7949999999998},4842.6499999999996]
[null,null,null,null,0.2,0.2,0.3,0.3,1]
["3.0",{"$f":"IFERROR(INDEX(ORÇAMENTO!$D$1:$D$303,MATCH($A17,ORÇAMENTO!$A$1:$A$303,0)),\"\")","v":"FUNDAÇÃO/ESTRUTURA"},{"$f":"IFERROR(INDEX(ORÇAMENTO!$J$1:$J$303,MATCH($A17,ORÇAMENTO!$A$1:$A$303,0)),0)","v":33801.26},{"$f":"IFERROR(C17/$C$45,\"\")","v":5.0538034321671421E-2},{"$f":"IFERROR($C17*E18,\"\")","v":20280.756000000001},{"$f":"IFERROR($C17*F18,\"\")","v":13520.504000000001},{"$f":"IFERROR($C17*G18,\"\")","v":0},{"$f":"IFERROR($C17*H18,\"\")","v":0},33801.26]
[null,null,null,null,0.6,0.4,null,null,1]
["4.0",{"$f":"IFERROR(INDEX(ORÇAMENTO!$D$1:$D$303,MATCH($A19,ORÇAMENTO!$A$1:$A$303,0)),\"\")","v":"ALVENARIA E DIVISÓRIA"},{"$f":"IFERROR(INDEX(ORÇAMENTO!$J$1:$J$303,MATCH($A19,ORÇAMENTO!$A$1:$A$303,0)),0)","v":5104.5599999999995},{"$f":"IFERROR(C19/$C$45,\"\")","v":7.6320950306891233E-3},{"$f":"IFERROR($C19*E20,\"\")","v":1020.9119999999999},{"$f":"IFERROR($C19*F20,\"\")","v":4083.6479999999997},{"$f":"IFERROR($C19*G20,\"\")","v":0},{"$f":"IFERROR($C19*H20,\"\")","v":0},5104.5599999999995]
[null,null,null,null,0.2,0.8,null,null,1]
["5.0",{"$f":"IFERROR(INDEX(ORÇAMENTO!$D$1:$D$303,MATCH($A21,ORÇAMENTO!$A$1:$A$303,0)),\"\")","v":"COBERTURA"},{"$f":"IFERROR(INDEX(ORÇAMENTO!$J$1:$J$303,MATCH($A21,ORÇAMENTO!$A$1:$A$303,0)),0)","v":2225.5500000000002},{"$f":"IFERROR(C21/$C$45,\"\")","v":3.3275363783656538E-3},{"$f":"IFERROR($C21*E22,\"\")","v":0},{"$f":"IFERROR($C21*F22,\"\")","v":2225.5500000000002},{"$f":"IFERROR($C21*G22,\"\")","v":0},{"$f":"IFERROR($C21*H22,\"\")","v":0},2225.5500000000002]
[null,null,null,null,null,1,null,null,1]
["6.0",{"$f":"IFERROR(INDEX(ORÇAMENTO!$D$1:$D$303,MATCH($A23,ORÇAMENTO!$A$1:$A$303,0)),\"\")","v":"REVESTIMENTO"},{"$f":"IFERROR(INDEX(ORÇAMENTO!$J$1:$J$303,MATCH($A23,ORÇAMENTO!$A$1:$A$303,0)),0)","v":309.13},{"$f":"IFERROR(C23/$C$45,\"\")","v":4.6219645509836866E-4},{"$f":"IFERROR($C23*E24,\"\")","v":30.913},{"$f":"IFERROR($C23*F24,\"\")","v":216.39099999999999},{"$f":"IFERROR($C23*G24,\"\")","v":61.826000000000001},{"$f":"IFERROR($C23*H24,\"\")","v":0},309.13]
[null,null,null,null,0.1,0.7,0.2,null,1]
["7.0",{"$f":"IFERROR(INDEX(ORÇAMENTO!$D$1:$D$303,MATCH($A25,ORÇAMENTO!$A$1:$A$303,0)),\"\")","v":"IMPERMEABILIZAÇÃO"},{"$f":"IFERROR(INDEX(ORÇAMENTO!$J$1:$J$303,MATCH($A25,ORÇAMENTO!$A$1:$A$303,0)),0)","v":45},{"$f":"IFERROR(C25/$C$45,\"\")","v":6.7281857080925798E-5},{"$f":"IFERROR($C25*E26,\"\")","v":45},{"$f":"IFERROR($C25*F26,\"\")","v":0},{"$f":"IFERROR($C25*G26,\"\")","v":0},{"$f":"IFERROR($C25*H26,\"\")","v":0},45]
[null,null,null,null,1,null,null,null,1]
["8.0",{"$f":"IFERROR(INDEX(ORÇAMENTO!$D$1:$D$303,MATCH($A27,ORÇAMENTO!$A$1:$A$303,0)),\"\")","v":"PISO E RODAPÉ"},{"$f":"IFERROR(INDEX(ORÇAMENTO!$J$1:$J$303,MATCH($A27,ORÇAMENTO!$A$1:$A$303,0)),0)","v":70553.159999999989},{"$f":"IFERROR(C27/$C$45,\"\")","v":0.10548772506061532},{"$f":"IFERROR($C27*E28,\"\")","v":0},{"$f":"IFERROR($C27*F28,\"\")","v":10582.973999999998},{"$f":"IFERROR($C27*G28,\"\")","v":59970.185999999987},{"$f":"IFERROR($C27*H28,\"\")","v":0},70553.159999999989]
[null,null,null,null,null,0.15,0.85,null,1]
["9.0",{"$f":"IFERROR(INDEX(ORÇAMENTO!$D$1:$D$303,MATCH($A29,ORÇAMENTO!$A$1:$A$303,0)),\"\")","v":"ESQUADRIAS"},{"$f":"IFERROR(INDEX(ORÇAMENTO!$J$1:$J$303,MATCH($A29,ORÇAMENTO!$A$1:$A$303,0)),0)","v":185464.25},{"$f":"IFERROR(C29/$C$45,\"\")","v":0.27729731471380203},{"$f":"IFERROR($C29*E30,\"\")","v":0},{"$f":"IFERROR($C29*F30,\"\")","v":148371.4},{"$f":"IFERROR($C29*G30,\"\")","v":37092.85},{"$f":"IFERROR($C29*H30,\"\")","v":0},185464.25]
[null,null,null,null,null,0.8,0.2,null,1]
["10.0",{"$f":"IFERROR(INDEX(ORÇAMENTO!$D$1:$D$303,MATCH($A31,ORÇAMENTO!$A$1:$A$303,0)),\"\")","v":"PINTURA"},{"$f":"IFERROR(INDEX(ORÇAMENTO!$J$1:$J$303,MATCH($A31,ORÇAMENTO!$A$1:$A$303,0)),0)","v":68593.66},{"$f":"IFERROR(C31/$C$45,\"\")","v":0.10255797397283592},{"$f":"IFERROR($C31*E32,\"\")","v":0},{"$f":"IFERROR($C31*F32,\"\")","v":54874.928000000007},{"$f":"IFERROR($C31*G32,\"\")","v":13718.732000000002},{"$f":"IFERROR($C31*H32,\"\")","v":0},68593.66]
[null,null,null,null,null,0.8,0.2,null,1]
["11.0",{"$f":"IFERROR(INDEX(ORÇAMENTO!$D$1:$D$303,MATCH($A33,ORÇAMENTO!$A$1:$A$303,0)),\"\")","v":"LOUÇAS E METAIS"},{"$f":"IFERROR(INDEX(ORÇAMENTO!$J$1:$J$303,MATCH($A33,ORÇAMENTO!$A$1:$A$303,0)),0)","v":24997.02},{"$f":"IFERROR(C33/$C$45,\"\")","v":3.7374353935312084E-2},{"$f":"IFERROR($C33*E34,\"\")","v":0},{"$f":"IFERROR($C33*F34,\"\")","v":7499.1059999999998},{"$f":"IFERROR($C33*G34,\"\")","v":13748.361000000001},{"$f":"IFERROR($C33*H34,\"\")","v":3749.5529999999999},24997.02]
[null,null,null,null,null,0.3,0.55000000000000004,0.15,1]
["12.0",{"$f":"IFERROR(INDEX(ORÇAMENTO!$D$1:$D$303,MATCH($A35,ORÇAMENTO!$A$1:$A$303,0)),\"\")","v":"DRENAGEM DO AR CONDICIONADO"},{"$f":"IFERROR(INDEX(ORÇAMENTO!$J$1:$J$303,MATCH($A35,ORÇAMENTO!$A$1:$A$303,0)),0)","v":1390.44},{"$f":"IFERROR(C35/$C$45,\"\")","v":2.0789196746578325E-3},{"$f":"IFERROR($C35*E36,\"\")","v":0},{"$f":"IFERROR($C35*F36,\"\")","v":347.61},{"$f":"IFERROR($C35*G36,\"\")","v":834.26400000000001},{"$f":"IFERROR($C35*H36,\"\")","v":208.566},1390.44]
[null,null,null,null,null,0.25,0.6,0.15,1]
["13.0",{"$f":"IFERROR(INDEX(ORÇAMENTO!$D$1:$D$303,MATCH($A37,ORÇAMENTO!$A$1:$A$303,0)),\"\")","v":"LIMPEZA TERRENO"},{"$f":"IFERROR(INDEX(ORÇAMENTO!$J$1:$J$303,MATCH($A37,ORÇAMENTO!$A$1:$A$303,0)),0)","v":1869.57},{"$f":"IFERROR(C37/$C$45,\"\")","v":2.7952920342841428E-3},{"$f":"IFERROR($C37*E38,\"\")","v":0},{"$f":"IFERROR($C37*F38,\"\")","v":0},{"$f":"IFERROR($C37*G38,\"\")","v":373.91399999999999},{"$f":"IFERROR($C37*H38,\"\")","v":1495.6559999999999},1869.57]
[null,null,null,null,null,null,0.2,0.8,1]
["14.0",{"$f":"IFERROR(INDEX(ORÇAMENTO!$D$1:$D$303,MATCH($A39,ORÇAMENTO!$A$1:$A$303,0)),\"\")","v":"FECHAMENTO"},{"$f":"IFERROR(INDEX(ORÇAMENTO!$J$1:$J$303,MATCH($A39,ORÇAMENTO!$A$1:$A$303,0)),0)","v":53203.59},{"$f":"IFERROR(C39/$C$45,\"\")","v":7.9547474190492726E-2},{"$f":"IFERROR($C39*E40,\"\")","v":0},{"$f":"IFERROR($C39*F40,\"\")","v":0},{"$f":"IFERROR($C39*G40,\"\")","v":10640.718000000001},{"$f":"IFERROR($C39*H40,\"\")","v":42562.872000000003},53203.590000000004]
[null,null,null,null,null,null,0.2,0.8,1]
["15.0",{"$f":"IFERROR(INDEX(ORÇAMENTO!$D$1:$D$303,MATCH($A41,ORÇAMENTO!$A$1:$A$303,0)),\"\")","v":"INSTALAÇÕES ELÉTRICAS"},{"$f":"IFERROR(INDEX(ORÇAMENTO!$J$1:$J$303,MATCH($A41,ORÇAMENTO!$A$1:$A$303,0)),0)","v":147275.93999999997},{"$f":"IFERROR(C41/$C$45,\"\")","v":0.22019997214531112},{"$f":"IFERROR($C41*E42,\"\")","v":0},{"$f":"IFERROR($C41*F42,\"\")","v":14727.593999999997},{"$f":"IFERROR($C41*G42,\"\")","v":58910.375999999989},{"$f":"IFERROR($C41*H42,\"\")","v":73637.969999999987},147275.93999999997]
[null,null,null,null,null,0.1,0.4,0.5,1]
["16.0",{"$f":"IFERROR(INDEX(ORÇAMENTO!$D$1:$D$303,MATCH($A43,ORÇAMENTO!$A$1:$A$303,0)),\"\")","v":"EQUIPAMENTOS"},{"$f":"IFERROR(INDEX(ORÇAMENTO!$J$1:$J$303,MATCH($A43,ORÇAMENTO!$A$1:$A$303,0)),0)","v":38897.15},{"$f":"IFERROR(C43/$C$45,\"\")","v":5.8157166381229621E-2},{"$f":"IFERROR($C43*E44,\"\")","v":0},3889.7150000000001,15558.86,19448.575000000001,{"$f":"SUM(E43:H43)","v":38897.15}]
[null,null,null,null,null,0.1,0.4,0.5,1]
[null,"TOTAL",{"$f":"SUM(C13:C44)","v":668828.15},{"$f":"SUM(D13:D44)","v":0.99999999999999989},{"$f":"E13+E15+E17+E19+E21+E23+E25+E27+E29+E31+E33+E35+E37+E39+E41+E43","v":23404.856951616555},{"$f":"F13+F15+F17+F19+F21+F23+F25+F27+F29+F31+F33+F35+F37+F39+F41+F43","v":273688.57113750896},222424.51382448716,149310.20808638731,{"$f":"I13+I15+I17+I19+I21+I23+I25+I27+I29+I31+I33+I35+I37+I39+I41+I43","v":668828.15000000014}]
[null,null,null,null,{"$f":"E45/$C$45","v":3.4993827564848388E-2},{"$f":"F45/$C$45","v":0.40920611839903709},{"$f":"G45/$C$45","v":0.33255854112074551},0.22324151291536892,1.0000000000000002]
[null,"VALOR TOTAL  ACUMULADO ",null,null,{"$f":"E45","v":23404.856951616555},{"$f":"F45+E47","v":297093.42808912549},{"$f":"G45+F47","v":519517.94191361265},668828.14999999991]

{"sheet":"COMPOSIÇÕES_IFMT","index":5,"n_rows":13843,"n_cols":11,"rows_kept":13843,"cut":false,"hidden":true,"merged":[]}
[]
[]
["AUTORES DA COMPOSIÇÕES"]
["AUTOR DERCIDIO =",".00X/D "]
["AUTOR FATIMA =",".00X/F"]
["AUTOR MARIA CLARA  =",".00X/M"]
["AUTOR  =",".00X/?"]
["AUTOR =",".00X/?"]
["AUTOR =",".00X/?"]
["IFMT/Nº.MES.ANO"]
[]
["REFERENCIA","PINI 09.001.0000"]
["CLASSE/TIPO","CÓDIGOS","DESCRIÇÃO","UNID."]
["IFMT 001.05.2018",".001/D","CONDUTOR QUADRADO EM CHAPA DE AÇO GALVANIZADO NÚMERO 24, 50MM, INCLUSO TRANSPORTE VERTICAL, FORNECIMENTO E INSTALAÇÃO","M","COEFICIENTE","PREÇO UNITÁRIO (R$)","PREÇO TOTAL (R$)"]
["INSUMO",13388,"SOLDA EM BARRA DE ESTANHO-CHUMBO 50/50","KG",0.04,null,{"$f":"E15*F15","v":0}]
["INSUMO",40870,"CALHA QUADRADA DE CHAPA DE ACO GALVANIZADA NUM 24, CORTE 50 CM (COLETADO CAIXA)","M",1.03,null,{"$f":"E16*F16","v":0}]
["COMPOSICAO",88316,"SERVENTE COM ENCARGOS COMPLEMENTARES","H",0.8,null,{"$f":"E17*F17","v":0}]
["COMPOSICAO",88323,"TELHADISTA COM ENCARGOS COMPLEMENTARES","H",0.8,null,{"$f":"E18*F18","v":0}]
[null,null,null,null,null,null,{"$f":"E19*F19","v":0}]
[null,null,null,null,null,null,0]
[null,null,null,null,null,null,0]
[null,null,null,null,null,null,0]
[null,null,null,null,null,null,0]
[null,null,null,null,null,null,0]
[null,null,null,null,null,null,0]
[null,null,null,null,null,null,0]
[null,null,null,null,null,null,0]
[null,null,null,null,null,null,0]
[null,null,null,null,null,null,0]
[null,null,null,null,null,null,0]
[null,null,null,null,null,null,0]
[null,null,null,null,null,null,0]
[null,null,null,null,null,null,0]
[null,null,null,null,null,null,0]
[null,null,null,null,null,"TOTAL",{"$error":"#VALUE!"}]
[]
["REFERENCIA","DIVERSAS"]
["CLASSE/TIPO","CÓDIGOS","DESCRIÇÃO","UNID."]
["IFMT 002.05.2018",".002/D","LIMPEZA E MANUTENÇÃO DE CALHAS COM RETIRADA DA VEDAÇÃO EXISTENTE E APLICAÇÃO DE VEDAÇÃO DE POLIURETANO PU  ","M","COEFICIENTE","PREÇO UNITÁRIO (R$)","PREÇO TOTAL (R$)"]
["INSUMO",142,"SELANTE ELASTICO MONOCOMPONENTE A BASE DE POLIURETANO PARA JUNTAS DIVERSAS 310ML","310ML",8.1000000000000003E-2,null,{"$f":"E40*F40","v":0}]
["COMPOSICAO",88316,"SERVENTE COM ENCARGOS COMPLEMENTARES","H",0.371,null,{"$f":"E41*F41","v":0}]
["COMPOSICAO",88323,"TELHADISTA COM ENCARGOS COMPLEMENTARES","H",0.27700000000000002,null,{"$f":"E42*F42","v":0}]
["INSUMO",6,"DETERGENTE AMONIACO (AMONIA DILUIDA)","L",0.4,null,{"$f":"E43*F43","v":0}]
["COTAÇÃO","MERCADO LIVRE","LAVA - JATO ÁGUA FRIA PRESSÃO 1700 PSI","LOC/UN",0.22,null,0]
[null,null,null,null,null,null,0]
[null,null,null,null,null,null,0]
[null,null,null,null,null,null,0]
[null,null,null,null,null,null,0]
[null,null,null,null,null,null,0]
[null,null,null,null,null,null,0]
[null,null,null,null,null,null,0]
[null,null,null,null,null,null,0]
[null,null,null,null,null,null,0]
[null,null,null,null,null,null,0]
[null,null,null,null,null,null,0]
[null,null,null,null,null,null,0]
[null,null,null,null,null,null,0]
[null,null,null,null,null,null,0]
[null,null,null,null,null,null,0]
[null,null,null,null,null,"TOTAL",{"$f":"SUM(G40:G59)","v":0}]
[]
["REFERENCIA","DIVERSAS"]
["CLASSE/TIPO","CÓDIGOS","DESCRIÇÃO","UNID."]
["IFMT 003.05.2018",".003/D","SUPORTE PARA FIXAÇÃO DE CALHA METÁLICA EM BARRA CHATA DE FERRO   1 1/2\" X 1/2\".FORNECIMENTO E INSTALAÇÃO ","UN","COEFICIENTE","PREÇO UNITÁRIO (R$)","PREÇO TOTAL (R$)"]
["INSUMO",557,"BARRA DE FERRO RETANGULAR, BARRA CHATA, 1 1/2\" X 1/2\" (L X E), 3,79 KG/M","M",1.05,null,{"$f":"E65*F65","v":0}]
["COMPOSICAO",88315,"SERRALHEIRO COM ENCARGOS COMPLEMENTARES ","H",0.35,null,{"$f":"E66*F66","v":0}]
["COMPOSICAO",88316,"SERVENTE COM ENCARGOS COMPLEMENTARES","H",0.25,null,{"$f":"E67*F67","v":0}]
["INSUMO",39914," SOLDA EM VARETA FOSCOPER, D = *2,5* MM X COMPRIMENTO 500MM ","KG",0.11,null,{"$f":"E68*F68","v":0}]
[null,null,null,null,null,null,0]
[null,null,null,null,null,null,0]
[null,null,null,null,null,null,0]
[null,null,null,null,null,null,0]
[null,null,null,null,null,null,0]
[null,null,null,null,null,null,0]
[null,null,null,null,null,null,0]
[null,null,null,null,null,null,0]
[null,null,null,null,null,null,0]
[null,null,null,null,null,null,0]
[null,null,null,null,null,null,0]
[null,null,null,null,null,null,0]
[null,null,null,null,null,null,0]
[null,null,null,null,null,null,0]
[null,null,null,null,null,null,0]
[null,null,null,null,null,null,0]
[null,null,null,null,null,"TOTAL",{"$f":"SUM(G65:G84)","v":0}]
[]
["REFERENCIA","DIVERSAS"]
["CLASSE/TIPO","CÓDIGOS","DESCRIÇÃO","UNID."]
["IFMT 004.05.2018",".004/D","RETIRADA E RECOLOCAÇÃO DE TELHA METÁLICAS PARA REMOÇÃO DE CALHAS DANIFICADAS","M","COEFICIENTE","PREÇO UNITÁRIO (R$)","PREÇO TOTAL (R$)"]
["COMPOSICAO",88316,"SERVENTE COM ENCARGOS COMPLEMENTARES","H",0.32279999999999998,null,{"$f":"E90*F90","v":0}]
["COMPOSICAO",88323,"TELHADISTA COM ENCARGOS COMPLEMENTARES","H",0.27239999999999998,null,{"$f":"E91*F91","v":0}]
[null,null,null,null,null,null,{"$f":"E92*F92","v":0}]
[null,null,null,null,null,null,{"$f":"E93*F93","v":0}]
[null,null,null,null,null,null,0]
[null,null,null,null,null,null,0]
[null,null,null,null,null,null,0]
[null,null,null,null,null,null,0]
[null,null,null,null,null,null,0]
[null,null,null,null,null,null,0]
[null,null,null,null,null,null,0]
[null,null,null,null,null,null,0]
[null,null,null,null,null,null,0]
[null,null,null,null,null,null,0]
[null,null,null,null,null,null,0]
[null,null,null,null,null,null,0]
[null,null,null,null,null,null,0]
[null,null,null,null,null,null,0]
[null,null,null,null,null,null,0]
[null,null,null,null,null,null,0]
[null,null,null,null,null,"TOTAL",{"$f":"SUM(G90:G109)","v":0}]
[]
["REFERENCIA","PINI  05.008.0001"]
["CLASSE/TIPO","CÓDIGOS","DESCRIÇÃO","UNID."]
["IFMT 005.05.2018",".005/D","LIMPEZA DO SUBSTRATO COM APLICAÇÃO DE ÁGUA FRIA COM DETERGENTE ","M²","COEFICIENTE","PREÇO UNITÁRIO (R$)","PREÇO TOTAL (R$)"]
["COMPOSICAO",88316,"SERVENTE COM ENCARGOS COMPLEMENTARES","H",0.11,null,{"$f":"E115*F115","v":0}]
["INSUMO",6,"DETERGENTE AMONIACO (AMONIA DILUIDA)","L",0.4,null,{"$f":"E116*F116","v":0}]
["COTAÇÃO","MERCADO LIVRE","LAVA - JATO ÁGUA FRIA PRESSÃO 1700 PSI","LOC/UN",0.22,null,{"$f":"E117*F117","v":0}]
[null,null,null,null,null,null,{"$f":"E118*F118","v":0}]
[null,null,null,null,null,null,0]
[null,null,null,null,null,null,0]
[null,null,null,null,null,null,0]
[null,null,null,null,null,null,0]
[null,null,null,null,null,null,0]
[null,null,null,null,null,null,0]
[null,null,null,null,null,null,0]
[null,null,null,null,null,null,0]
[null,null,null,null,null,null,0]
[null,null,null,null,null,null,0]
[null,null,null,null,null,null,0]
[null,null,null,null,null,null,0]
[null,null,null,null,null,null,0]
[null,null,null,null,null,null,0]
[null,null,null,null,null,null,0]
[null,null,null,null,null,null,0]
[null,null,null,null,null,"TOTAL",{"$f":"SUM(G115:G134)","v":0}]
[]
["REFERENCIA","ORSE/ 04865"]
["CLASSE/TIPO","CÓDIGOS","DESCRIÇÃO","UNID."]
["IFMT 006.05.2018",".006/D","LIMPEZA DE CALHAS GALVANIZADAS","M","COEFICIENTE","PREÇO UNITÁRIO (R$)","PREÇO TOTAL (R$)"]
["COMPOSICAO",88316,"SERVENTE COM ENCARGOS COMPLEMENTARES","H",1,null,{"$f":"E140*F140","v":0}]
[null,null,null,null,null,null,{"$f":"E141*F141","v":0}]
[null,null,null,null,null,null,{"$f":"E142*F142","v":0}]
[null,null,null,null,null,null,{"$f":"E143*F143","v":0}]
[null,null,null,null,null,null,0]
[null,null,null,null,null,null,0]
[null,null,null,null,null,null,0]
[null,null,null,null,null,null,0]
[null,null,null,null,null,null,0]
[null,null,null,null,null,null,0]
[null,null,null,null,null,null,0]
[null,null,null,null,null,null,0]
[null,null,null,null,null,null,0]
[null,null,null,null,null,null,0]
[null,null,null,null,null,null,0]
[null,null,null,null,null,null,0]
[null,null,null,null,null,null,0]
[null,null,null,null,null,null,0]
[null,null,null,null,null,null,0]
[null,null,null,null,null,null,0]
[null,null,null,null,null,"TOTAL",{"$f":"SUM(G140:G159)","v":0}]
[]
["REFERENCIA","ORSE/ 04740"]
["CLASSE/TIPO","CÓDIGOS","DESCRIÇÃO","UNID."]
["IFMT 007.05.2018",".007/D","ANDAIME METÁLICO FACHADEIRO - LOCAÇÃO MENSAL, MONTAGEM, DESMONTAGEM E TRANSPORTE  (TUBULAR TIPO TORRE)","M2/MÊS","COEFICIENTE","PREÇO UNITÁRIO (R$)","PREÇO TOTAL (R$)"]
["COMPOSIÇÃO ",88278,"MONTADOR DE ESTRUTURA METÁLICA COM ENCARGOS COMPLEMENTARES","H",0.08,null,{"$f":"E165*F165","v":0}]
["COMPOSIÇÃO ",88316,"SERVENTE COM ENCARGOS COMPLEMENTARES","H",0.16,null,{"$f":"E166*F166","v":0}]
["COMPOSIÇÃO ",91120,"TRANSPORTE HORIZONTAL, TUBOS DE AÇO CARBONO LEVE OU MÉDIO, PRETO OU GALVANIZADO, COM DIÂMETRO MAIOR QUE 40 MM E MENOR OU IGUAL A 65 MM, MANUAL, 30M. AF_06/2015","M",5.5769000000000002,null,{"$f":"E167*F167","v":0}]
["INSUMO ",10527,"LOCACAO DE ANDAIME METALICO TUBULAR DE ENCAIXE, TIPO DE TORRE, COM LARGURA DE 1 ATE 1,5 M E ALTURA DE *1,00* M","M/MÊS",1.03,null,{"$f":"E168*F168","v":0}]
[null,null,null,null,null,null,0]
[null,null,null,null,null,null,0]
[null,null,null,null,null,null,0]
[null,null,null,null,null,null,0]
[null,null,null,null,null,null,0]
[null,null,null,null,null,null,0]
[null,null,null,null,null,null,0]
[null,null,null,null,null,null,0]
[null,null,null,null,null,null,0]
[null,null,null,null,null,null,0]
[null,null,null,null,null,null,0]
[null,null,null,null,null,null,0]
[null,null,null,null,null,null,0]
[null,null,null,null,null,null,0]
[null,null,null,null,null,null,0]
[null,null,null,null,null,null,0]
[null,null,null,null,null,"TOTAL",{"$f":"SUM(G165:G184)","v":0}]
[]
["REFERENCIA","SINAPI-02.INEL.ELCA.002/02"]
["CLASSE/TIPO","CÓDIGOS","DESCRIÇÃO","UNID."]
["IFMT 008.05.2018",".008/D","ELETROCALHA LISA OU PERFURADA EM AÇO GALVANIZADO, LARGURA 100MM E ALTURA 50MM, INCLUSIVE EMENDA E FIXAÇÃO - FORNECIMENTO E INSTALAÇÃO.","M","COEFICIENTE","PREÇO UNITÁRIO (R$)","PREÇO TOTAL (R$)"]
["COMPOSIÇÃO",88264,"ELETRICISTA COM ENCARGOS COMPLEMENTARES","H",0.91,null,{"$f":"E190*F190","v":0}]
["COMPOSIÇÃO",88247,"AUXILIAR DE ELETRICISTA COM ENCARGOS COMPLEMENTARES","H",0.91,null,{"$f":"E191*F191","v":0}]
["INSUMO",null,"ELETROCALHA LISA OU PERFURADA EM CHAPA DE AÇO GALVANIZADO, LARGURA 100 MM E ALTURA 50 MM","UN",0.98199999999999998,null,{"$f":"E192*F192","v":0}]
["COMPOSIÇÃO",null,"EMENDA PARA ELETROCALHA, LISA OU PERFURADA EM AÇO GALVANIZADO, LARGURA 100MM E ALTURA 50MM - FORNECIMENTO E INSTALAÇÃO.",null,0.33300000000000002,null,{"$f":"E193*F193","v":0}]
["COMPOSIÇÃO",91170,"FIXAÇÃO DE TUBOS HORIZONTAIS DE PVC, CPVC OU COBRE DIÂMETROS MENORES OU IGUAIS A 40 MM OU ELETROCALHAS ATÉ 150MM DE LARGURA, COM ABRAÇADEIRA METÁLICA RÍGIDA TIPO D 1/2, FIXADA EM PERFILADO EM LAJE. AF_05/2015","M",1,null,0]
[null,null,null,null,null,null,0]
[null,null,null,null,null,null,0]
[null,null,null,null,null,null,0]
[null,null,null,null,null,null,0]
[null,null,null,null,null,null,0]
[null,null,null,null,null,null,0]
[null,null,null,null,null,null,0]
[null,null,null,null,null,null,0]
[null,null,null,null,null,null,0]
[null,null,null,null,null,null,0]
[null,null,null,null,null,null,0]
[null,null,null,null,null,null,0]
[null,null,null,null,null,null,0]
[null,null,null,null,null,null,0]
[null,null,null,null,null,null,0]
[null,null,null,null,null,"TOTAL",{"$f":"SUM(G190:G209)","v":0}]
[]
["REFERENCIA","SINAPI-02.INEL.ELCA.009/02"]
["CLASSE/TIPO","CÓDIGOS","DESCRIÇÃO","UNID."]
["IFMT 009.05.2018",".009/D","EMENDA PARA ELETROCALHA, LISA OU PERFURADA EM AÇO GALVANIZADO, LARGURA 100MM E ALTURA 50MM - FORNECIMENTO E INSTALAÇÃO.","M","COEFICIENTE","PREÇO UNITÁRIO (R$)","PREÇO TOTAL (R$)"]
["COMPOSIÇÃO",88264,"ELETRICISTA COM ENCARGOS COMPLEMENTARES","H",0.183,null,{"$f":"E215*F215","v":0}]
["COMPOSIÇÃO",88247,"AUXILIAR DE ELETRICISTA COM ENCARGOS COMPLEMENTARES","H",0.183,null,{"$f":"E216*F216","v":0}]
["INSUMO",null,"EMENDA PARA ELETROCALHA  EM CHAPA DE AÇO GALVANIZADO 100 X 50MM","UN",1,null,{"$f":"E217*F217","v":0}]
["INSUMO",null,"TALA PARA EMENDA DE ELETROCALHA LISA OU PERFURADA","UN",4,null,{"$f":"E218*F218","v":0}]
["INSUMO",null,"PARAFUSO CABEÇA LENTILHA 1/4\" X 3/4\" ","UN",16.8,null,0]
["INSUMO",null,"ARRUELA SIMPLES 1/4\"","UN",16.8,null,0]
["INSUMO",null,"PORCA SEXTAVADA 1/4\"","UN",16.8,null,0]
[null,null,null,null,null,null,0]
[null,null,null,null,null,null,0]
[null,null,null,null,null,null,0]
[null,null,null,null,null,null,0]
[null,null,null,null,null,null,0]
[null,null,null,null,null,null,0]
[null,null,null,null,null,null,0]
[null,null,null,null,null,null,0]
[null,null,null,null,null,null,0]
[null,null,null,null,null,null,0]
[null,null,null,null,null,null,0]
[null,null,null,null,null,null,0]
[null,null,null,null,null,null,0]
[null,null,null,null,null,"TOTAL",{"$f":"SUM(G215:G234)","v":0}]
[]
["REFERENCIA"," SINAPE 91856"]
["CLASSE/TIPO","CÓDIGOS","DESCRIÇÃO","UNID."]
["IFMT 010.05.2018",".010/D","ELETRODUTODUTO PEAD FLEXIVEL PAREDE SIMPLES, CORRUGACAO HELICOIDAL, COR PRETA, SEM ROSCA, DE 4\", PARA CABEAMENTO SUBTERRANEO (NBR 15715) FORNECIMENTO E INSTALAÇÃO.","M","COEFICIENTE","PREÇO UNITÁRIO (R$)","PREÇO TOTAL (R$)"]
["COMPOSIÇÃO/SINAPI",88264,"ELETRICISTA COM ENCARGOS COMPLEMENTARES ","H",0.16400000000000001,null,{"$f":"E240*F240","v":0}]
["COMPOSIÇÃO/SINAPI",88247,"AUXILIAR DE ELETRICISTA COM ENCARGOS COMPLEMENTARES","H",0.16400000000000001,null,{"$f":"E241*F241","v":0}]
["INSUMO/SINAPI",39248,"ELETRODUTODUTO PEAD FLEXIVEL PAREDE SIMPLES, CORRUGACAO HELICOIDAL, COR PRETA, SEM ROSCA, DE 4\", PARA CABEAMENTO SUBTERRANEO (NBR 15715)","M",1.0169999999999999,null,{"$f":"E242*F242","v":0}]
[null,null,null,null,null,null,{"$f":"E243*F243","v":0}]
[null,null,null,null,null,null,0]
[null,null,null,null,null,null,0]
[null,null,null,null,null,null,0]
[null,null,null,null,null,null,0]
[null,null,null,null,null,null,0]
[null,null,null,null,null,null,0]
[null,null,null,null,null,null,0]
[null,null,null,null,null,null,0]
[null,null,null,null,null,null,0]
[null,null,null,null,null,null,0]
[null,null,null,null,null,null,0]
[null,null,null,null,null,null,0]
[null,null,null,null,null,null,0]
[null,null,null,null,null,null,0]
[null,null,null,null,null,null,0]
[null,null,null,null,null,null,0]
[null,null,null,null,null,"TOTAL",{"$f":"SUM(G240:G259)","v":0}]
[]
["REFERENCIA"," SINAPE 91856"]
["CLASSE/TIPO","CÓDIGOS","DESCRIÇÃO","UNID."]
["IFMT 011.05.2018",".011/D","ELETRODUTODUTO PEAD FLEXIVEL PAREDE SIMPLES, CORRUGACAO HELICOIDAL, COR PRETA, SEM ROSCA, DE 1 1/2\", PARA CABEAMENTO SUBTERRANEO (NBR 15715)-  FORNECIMENTO E INSTALAÇÃO.","M","COEFICIENTE","PREÇO UNITÁRIO (R$)","PREÇO TOTAL (R$)"]
["COMPOSIÇÃO/SINAPI",88264,"ELETRICISTA COM ENCARGOS COMPLEMENTARES ","H",0.16400000000000001,null,{"$f":"E265*F265","v":0}]
["COMPOSIÇÃO/SINAPI",88247,"AUXILIAR DE ELETRICISTA COM ENCARGOS COMPLEMENTARES","H",0.16400000000000001,null,{"$f":"E266*F266","v":0}]
["INSUMO/SINAPI",39248,"ELETRODUTODUTO PEAD FLEXIVEL PAREDE SIMPLES, CORRUGACAO HELICOIDAL, COR M 2,50\nPRETA, SEM ROSCA, DE 1 1/2\", PARA CABEAMENTO SUBTERRANEO (NBR 15715)","M",1.0169999999999999,null,{"$f":"E267*F267","v":0}]
[null,null,null,null,null,null,{"$f":"E268*F268","v":0}]
[null,null,null,null,null,null,0]
[null,null,null,null,null,null,0]
[null,null,null,null,null,null,0]
[null,null,null,null,null,null,0]
[null,null,null,null,null,null,0]
[null,null,null,null,null,null,0]
[null,null,null,null,null,null,0]
[null,null,null,null,null,null,0]
[null,null,null,null,null,null,0]
[null,null,null,null,null,null,0]
[null,null,null,null,null,null,0]
[null,null,null,null,null,null,0]
[null,null,null,null,null,null,0]
[null,null,null,null,null,null,0]
[null,null,null,null,null,null,0]
[null,null,null,null,null,null,0]
[null,null,null,null,null,"TOTAL",{"$f":"SUM(G265:G284)","v":0}]
[]
["REFERENCIA","DIVERSAS"]
["CLASSE/TIPO","CÓDIGOS","DESCRIÇÃO","UNID."]
["IFMT 012.05.2018",".012/D","Conector perfuração lâmina dentada em alumínio ou cobre estanhado - revestido com material plástico polimérico - com um parafuso em aço zincado ou liga de alumínio - para cabo isolado 35-120/10-35MM-Fornecimento e Instalação","UN","COEFICIENTE","PREÇO UNITÁRIO (R$)","PREÇO TOTAL (R$)"]
["COMPOSIÇÃO/SINAPI",88264,"ELETRICISTA COM ENCARGOS COMPLEMENTARES ","H",0.1,null,{"$f":"E290*F290","v":0}]
["COMPOSIÇÃO/SINAPI",88247,"AUXILIAR DE ELETRICISTA COM ENCARGOS COMPLEMENTARES","H",0.1,null,{"$f":"E291*F291","v":0}]
["INSUMO/ORSE","10618/ORSE","10618/ORSE Conector perfuração lâmina dentada em alumínio ou cobre estanhado - revestido com material plástico polimérico - com um parafuso em aço zincado ou liga de alumínio - para cabo isolado 35-120/10-35MM","UN",1,null,{"$f":"E292*F292","v":0}]
[null,null,null,null,null,null,{"$f":"E293*F293","v":0}]
[null,null,null,null,null,null,0]
[null,null,null,null,null,null,0]
[null,null,null,null,null,null,0]
[null,null,null,null,null,null,0]
[null,null,null,null,null,null,0]
[null,null,null,null,null,null,0]
[null,null,null,null,null,null,0]
[null,null,null,null,null,null,0]
[null,null,null,null,null,null,0]
[null,null,null,null,null,null,0]
[null,null,null,null,null,null,0]
[null,null,null,null,null,null,0]
[null,null,null,null,null,null,0]
[null,null,null,null,null,null,0]
[null,null,null,null,null,null,0]
[null,null,null,null,null,null,0]
[null,null,null,null,null,"TOTAL",{"$f":"SUM(G290:G309)","v":0}]
[]
["REFERENCIA","DIVERSAS"]
["CLASSE/TIPO","CÓDIGOS","DESCRIÇÃO","UNID."]
["IFMT 013.05.2018",".013/D","TERMINAL A COMPRESSAO EM COBRE ESTANHADO PARA CABO 50 MM2, 1 FURO E 1 COMPRESSAO, PARA PARAFUSO DE FIXACAO M8-FORNECIMENTO E INSTALAÇÃO","UN","COEFICIENTE","PREÇO UNITÁRIO (R$)","PREÇO TOTAL (R$)"]
["COMPOSIÇÃO/SINAPI",88264,"ELETRICISTA COM ENCARGOS COMPLEMENTARES ","H",0.08,null,{"$f":"E315*F315","v":0}]
["COMPOSIÇÃO/SINAPI",88247,"AUXILIAR DE ELETRICISTA COM ENCARGOS COMPLEMENTARES","H",0.08,null,{"$f":"E316*F316","v":0}]
["INSUMO/SINAPI",1578,"TERMINAL A COMPRESSAO EM COBRE ESTANHADO PARA CABO 50 MM2, 1 FURO E 1COMPRESSAO, PARA PARAFUSO DE FIXACAO M8","UN",1,null,{"$f":"E317*F317","v":0}]
[null,null,null,null,null,null,{"$f":"E318*F318","v":0}]
[null,null,null,null,null,null,0]
[null,null,null,null,null,null,0]
[null,null,null,null,null,null,0]
[null,null,null,null,null,null,0]
[null,null,null,null,null,null,0]
[null,null,null,null,null,null,0]
[null,null,null,null,null,null,0]
[null,null,null,null,null,null,0]
[null,null,null,null,null,null,0]
[null,null,null,null,null,null,0]
[null,null,null,null,null,null,0]
[null,null,null,null,null,null,0]
[null,null,null,null,null,null,0]
[null,null,null,null,null,null,0]
[null,null,null,null,null,null,0]
[null,null,null,null,null,null,0]
[null,null,null,null,null,"TOTAL",{"$f":"SUM(G315:G334)","v":0}]
[]
["REFERENCIA","PINI - 16.009.000005.SER"]
["CLASSE/TIPO","CÓDIGOS","DESCRIÇÃO","UNID."]
["IFMT 014.05.2018",".014/D","QUADRO DE DISTRIBUICAO SOBREPOR COM BARRAMENTO PARA 24 ELEMENTOS DE 150A - FORNECIMENTO E INSTALAÇÃO","UN","COEFICIENTE","PREÇO UNITÁRIO (R$)","PREÇO TOTAL (R$)"]
["COMPOSIÇÃO/SINAPI",88264,"ELETRICISTA COM ENCARGOS COMPLEMENTARES ","H",3,null,{"$f":"E340*F340","v":0}]
["COMPOSIÇÃO/SINAPI",88247,"AUXILIAR DE ELETRICISTA COM ENCARGOS COMPLEMENTARES","H",3,null,{"$f":"E341*F341","v":0}]
["INSUMO/SINAPI",7583,"BUCHA DE NYLON SEM ABA S8, COM PARAFUSO DE 4,80 X 50 MM EM ACO ZINCADO COM ROSCA SOBERBA, CABECA CHATA E FENDA PHILLIPS","UN",4,null,{"$f":"E342*F342","v":0}]
["INSUMO/cotação","cotação","Quadro De Distribuição Sobrepor 24 Disj, Barramento 150A (Incluso) ","UN",1,null,{"$f":"E343*F343","v":0}]
[null,null,null,null,null,null,0]
[null,null,null,null,null,null,0]
[null,null,null,null,null,null,0]
[null,null,null,null,null,null,0]
[null,null,null,null,null,null,0]
[null,null,null,null,null,null,0]
[null,null,null,null,null,null,0]
[null,null,null,null,null,null,0]
[null,null,null,null,null,null,0]
[null,null,null,null,null,null,0]
[null,null,null,null,null,null,0]
[null,null,null,null,null,null,0]
[null,null,null,null,null,null,0]
[null,null,null,null,null,null,0]
[null,null,null,null,null,null,0]
[null,null,null,null,null,null,0]
[null,null,null,null,null,"TOTAL",{"$f":"SUM(G340:G359)","v":0}]
[]
["REFERENCIA","PINI - 16.009.000005.SER"]
["CLASSE/TIPO","CÓDIGOS","DESCRIÇÃO","UNID."]
["IFMT 015.05.2018",".015/D","QUADRO DE DISTRIBUICAO SOBREPOR COM BARRAMENTO PARA 34 ELEMENTOS DE 225A - FORNECIMENTO E INSTALAÇÃO","UN","COEFICIENTE","PREÇO UNITÁRIO (R$)","PREÇO TOTAL (R$)"]
["COMPOSIÇÃO/SINAPI",88264,"ELETRICISTA COM ENCARGOS COMPLEMENTARES ","H",3,null,{"$f":"E365*F365","v":0}]
["COMPOSIÇÃO/SINAPI",88247,"AUXILIAR DE ELETRICISTA COM ENCARGOS COMPLEMENTARES","H",3,null,{"$f":"E366*F366","v":0}]
["INSUMO/SINAPI",7583,"BUCHA DE NYLON SEM ABA S8, COM PARAFUSO DE 4,80 X 50 MM EM ACO ZINCADO COM ROSCA SOBERBA, CABECA CHATA E FENDA PHILLIPS","UN",4,null,{"$f":"E367*F367","v":0}]
["INSUMO/cotação","cotação","QUADRO DE DISTRIBUIÇÃO TRIFÁSICO COM BARRAMENTO 225A P/ 34 DISJUNTORES E CHAVE GERAL NORMA DIN SOBREPOR","UN",1,null,{"$f":"E368*F368","v":0}]
[null,null,null,null,null,null,0]
[null,null,null,null,null,null,0]
[null,null,null,null,null,null,0]
[null,null,null,null,null,null,0]
[null,null,null,null,null,null,0]
[null,null,null,null,null,null,0]
[null,null,null,null,null,null,0]
[null,null,null,null,null,null,0]
[null,null,null,null,null,null,0]
[null,null,null,null,null,null,0]
[null,null,null,null,null,null,0]
[null,null,null,null,null,null,0]
[null,null,null,null,null,null,0]
[null,null,null,null,null,null,0]
[null,null,null,null,null,null,0]
[null,null,null,null,null,null,0]
[null,null,null,null,null,"TOTAL",{"$f":"SUM(G365:G384)","v":0}]
[]
["REFERENCIA","SINAPI - 74130/10"]
["CLASSE/TIPO","CÓDIGOS","DESCRIÇÃO","UNID."]
["IFMT 016.05.2018",".016/D","DISJUNTOR TERMOMAGNETICO TRIPOLAR 150 A  COM CAIXA MOLDADA 10KA - FORNECIMENTO E INSTALAÇÃO","UN","COEFICIENTE","PREÇO UNITÁRIO (R$)","PREÇO TOTAL (R$)"]
["COMPOSIÇÃO/SINAPI",88264,"ELETRICISTA COM ENCARGOS COMPLEMENTARES ","H",0.4,null,{"$f":"E390*F390","v":0}]
["COMPOSIÇÃO/SINAPI",88247,"AUXILIAR DE ELETRICISTA COM ENCARGOS COMPLEMENTARES","H",0.4,null,{"$f":"E391*F391","v":0}]
["INSUMO/SINAPI","09324/ORSE"," Disjuntor termomagnético tripolar 150 A, com caixa moldada 10KA","UN",1,null,{"$f":"E392*F392","v":0}]
[null,null,null,null,null,null,{"$f":"E393*F393","v":0}]
[null,null,null,null,null,null,0]
[null,null,null,null,null,null,0]
[null,null,null,null,null,null,0]
[null,null,null,null,null,null,0]
[null,null,null,null,null,null,0]
[null,null,null,null,null,null,0]
[null,null,null,null,null,null,0]
[null,null,null,null,null,null,0]
[null,null,null,null,null,null,0]
[null,null,null,null,null,null,0]
[null,null,null,null,null,null,0]
[null,null,null,null,null,null,0]
[null,null,null,null,null,null,0]
[null,null,null,null,null,null,0]
[null,null,null,null,null,null,0]
[null,null,null,null,null,null,0]
[null,null,null,null,null,"TOTAL",{"$f":"SUM(G390:G409)","v":0}]
[]
["REFERENCIA","ORSE/00134, PINI 09.003.000025.SER, Livro PINI pag 235\n"]
["CLASSE/TIPO","CÓDIGOS","DESCRIÇÃO","UNID."]
["IFMT 017.05.2018",".017/M","PILAR DE MADEIRA APARELHADA *20 X 20* CM, ITAÚBA OU EQUIVALENTE DA REGIAO. H= 3,10 m","UND","COEFICIENTE","PREÇO UNITÁRIO (R$)","PREÇO TOTAL (R$)"]
["COMPOSIÇÃO/SINAPI",88239," AJUDANTE DE CARPINTEIRO COM ENCARGOS COMPLEMENTARES","H",1.58,null,{"$f":"E415*F415","v":0}]
["COMPOSIÇÃO/SINAPI",88262,"CARPINTEIRO DE FORMAS COM ENCARGOS COMPLEMENTARES","H",3.34,null,{"$f":"E416*F416","v":0}]
["INSUMO/SINAPI",35276,"PILAR DE MADEIRA APARELHADA *20 X 20* CM, MACARANDUBA, ANGELIM OU EQUIVALENTE DA REGIAO","M",3.1,null,{"$f":"E417*F417","v":0}]
["INSUMO/SINAPI",5075,"PREGO DE ACO POLIDO COM CABECA 18 X 30 (2 3/4 X 10)","KG",1.1299999999999999,null,{"$f":"E418*F418","v":0}]
["INSUMO/SINAPI",91124,"TRANSPORTE HORIZONTAL, MADEIRA, MANUAL, 30M.","M3",{"$f":"E417*0.2*0.2","v":0.12400000000000003},null,0]
["INSUMO/SINAPI",72895,"CARGA, MANOBRAS E DESCARGA DE MATERIAIS DIVERSOS, COM CAMINHAO BASCULANTE 6M3 (CARGA E DESCARGA MANUAIS","M3",{"$f":"E419","v":0.12400000000000003},null,0]
[null,null,null,null,null,null,0]
[null,null,null,null,null,null,0]
[null,null,null,null,null,null,0]
[null,null,null,null,null,null,0]
[null,null,null,null,null,null,0]
[null,null,null,null,null,null,0]
[null,null,null,null,null,null,0]
[null,null,null,null,null,null,0]
[null,null,null,null,null,null,0]
[null,null,null,null,null,null,0]
[null,null,null,null,null,null,0]
[null,null,null,null,null,null,0]
[null,null,null,null,null,null,0]
[null,null,null,null,null,null,0]
[null,null,null,null,null,"TOTAL",{"$f":"SUM(G415:G434)","v":0}]
[]
["REFERENCIA","ORSE/00134, PINI 09.003.000025.SER, Livro PINI pag 235\n"]
["CLASSE/TIPO","CÓDIGOS","DESCRIÇÃO","UNID."]
["IFMT 018.05.2018",".018/M","VIGA DE MADEIRA APARELHADA 6 X 12 CM, PEROBA OU EQUIVALENTE DA REGIAO. (Quantidade de viga (ML) para 1 quiosque)","UNID","COEFICIENTE","PREÇO UNITÁRIO (R$)","PREÇO TOTAL (R$)"]
["COMPOSIÇÃO/SINAPI",88239," AJUDANTE DE CARPINTEIRO COM ENCARGOS COMPLEMENTARES"," H",1.58,null,{"$f":"E440*F440","v":0}]
["COMPOSIÇÃO/SINAPI",88262,"CARPINTEIRO DE FORMAS COM ENCARGOS COMPLEMENTARES","H",3.34,null,{"$f":"E441*F441","v":0}]
["INSUMO/SINAPI",20213,"VIGA DE MADEIRA APARELHADA *6 X 12* CM, MACARANDUBA, ANGELIM OU EQUIVALENTE DA REGIAO","M",13,null,{"$f":"E442*F442","v":0}]
["INSUMO/SINAPI",5075,"PREGO DE ACO POLIDO COM CABECA 18 X 30 (2 3/4 X 10)","KG",1.1299999999999999,null,{"$f":"E443*F443","v":0}]
["INSUMO/SINAPI",91124,"TRANSPORTE HORIZONTAL, MADEIRA, MANUAL, 30M.","M3",{"$f":"E442*0.06*0.12","v":9.3600000000000003E-2},null,0]
["INSUMO/SINAPI",72895,"CARGA, MANOBRAS E DESCARGA DE MATERIAIS DIVERSOS, COM CAMINHAO BASCULANTE 6M3 (CARGA E DESCARGA MANUAIS","M3",{"$f":"E444","v":9.3600000000000003E-2},null,0]
[null,null,null,null,null,null,0]
[null,null,null,null,null,null,0]
[null,null,null,null,null,null,0]
[null,null,null,null,null,null,0]
[null,null,null,null,null,null,0]
[null,null,null,null,null,null,0]
[null,null,null,null,null,null,0]
[null,null,null,null,null,null,0]
[null,null,null,null,null,null,0]
[null,null,null,null,null,null,0]
[null,null,null,null,null,null,0]
[null,null,null,null,null,null,0]
[null,null,null,null,null,null,0]
[null,null,null,null,null,null,0]
[null,null,null,null,null,"TOTAL",{"$f":"SUM(G440:G459)","v":0}]
[]
["REFERENCIA","SINAPI"]
["CLASSE/TIPO","CÓDIGOS","DESCRIÇÃO","UNID."]
["IFMT 019.06.2018",".019/D","BANCADA DE GRANITO CINZA POLIDO INCLUSIVE FRONTÃO/RODOPIA 10CM, CORTES PARA CUBAS, ESPESSURA 2,5CM - LARGURA ATÉ 1,00M - FORNECIMENTO E INSTALAÇÃO.","M2    ","COEFICIENTE","PREÇO UNITÁRIO (R$)","PREÇO TOTAL (R$)"]
["INSUMO",4823,"MASSA PLASTICA PARA MARMORE/GRANITO","KG    ",0.52280000000000004,null,{"$f":"E465*F465","v":0}]
["INSUMO",11795,"GRANITO PARA BANCADA, POLIDO, TIPO ANDORINHA/ QUARTZ/ CASTELO/ CORUMBA OU OUTROS EQUIVALENTES DA REGIAO, E=  *2,5* CM","M2    ",1.1000000000000001,null,{"$f":"E466*F466","v":0}]
["INSUMO",37329,"REJUNTE EPOXI BRANCO","KG    ",3.5099999999999999E-2,null,{"$f":"E467*F467","v":0}]
["COMPOSICAO",88274,"MARMORISTA/GRANITEIRO COM ENCARGOS COMPLEMENTARES","H",1.49,null,{"$f":"E468*F468","v":0}]
["COMPOSICAO",88316,"SERVENTE COM ENCARGOS COMPLEMENTARES","H",0.98,null,0]
[null,null,null,null,null,null,0]
[null,null,null,null,null,null,0]
[null,null,null,null,null,null,0]
[null,null,null,null,null,null,0]
[null,null,null,null,null,null,0]
[null,null,null,null,null,null,0]
[null,null,null,null,null,null,0]
[null,null,null,null,null,null,0]
[null,null,null,null,null,null,0]
[null,null,null,null,null,null,0]
[null,null,null,null,null,null,0]
[null,null,null,null,null,null,0]
[null,null,null,null,null,null,0]
[null,null,null,null,null,null,0]
[null,null,null,null,null,null,0]
[null,null,null,null,null,"TOTAL",{"$f":"SUM(G465:G484)","v":0}]
[]
["REFERENCIA","SINAPI"]
["CLASSE/TIPO","CÓDIGOS","DESCRIÇÃO","UNID."]
["IFMT 020.06.2018",".020/D","BANCADA SECA DE GRANITO CINZA POLIDO INCLUSIVE FRONTÃO/RODOPIA 10CM, ESPESSURA 2,5CM - LARGURA ATÉ 1,00M -FORNECIMENTO E INSTALAÇÃO.","M2    ","COEFICIENTE","PREÇO UNITÁRIO (R$)","PREÇO TOTAL (R$)"]
["INSUMO",11795,"GRANITO PARA BANCADA, POLIDO, TIPO ANDORINHA/ QUARTZ/ CASTELO/ CORUMBA OU OUTROS EQUIVALENTES DA REGIAO, E=  *2,5* CM","M2    ",1.1000000000000001,null,{"$f":"E490*F490","v":0}]
["INSUMO",37329,"REJUNTE EPOXI BRANCO","KG    ",3.5099999999999999E-2,null,{"$f":"E491*F491","v":0}]
["COMPOSICAO",88274,"MARMORISTA/GRANITEIRO COM ENCARGOS COMPLEMENTARES","H",1.49,null,{"$f":"E492*F492","v":0}]
["COMPOSICAO",88316,"SERVENTE COM ENCARGOS COMPLEMENTARES","H",0.98,null,{"$f":"E493*F493","v":0}]
[null,null,null,null,null,null,0]
[null,null,null,null,null,null,0]
[null,null,null,null,null,null,0]
[null,null,null,null,null,null,0]
[null,null,null,null,null,null,0]
[null,null,null,null,null,null,0]
[null,null,null,null,null,null,0]
[null,null,null,null,null,null,0]
[null,null,null,null,null,null,0]
[null,null,null,null,null,null,0]
[null,null,null,null,null,null,0]
[null,null,null,null,null,null,0]
[null,null,null,null,null,null,0]
[null,null,null,null,null,null,0]
[null,null,null,null,null,null,0]
[null,null,null,null,null,null,0]
[null,null,null,null,null,"TOTAL",{"$f":"SUM(G490:G509)","v":0}]
[]
["REFERENCIA","SINAPI"]
["CLASSE/TIPO","CÓDIGOS","DESCRIÇÃO","UNID."]
["IFMT 021.06.2018",".021/D","INSTALAÇÃO DE BANACADAS SEM FORNECIMENDO DO GRANITO INCLUINDO CORTE NA ALVENARIA PARA FIXAÇÃO","M","COEFICIENTE","PREÇO UNITÁRIO (R$)","PREÇO TOTAL (R$)"]
["INSUMO",4823,"MASSA PLASTICA PARA MARMORE/GRANITO","KG    ",0.52280000000000004,null,{"$f":"E515*F515","v":0}]
["INSUMO",37329,"REJUNTE EPOXI BRANCO","KG    ",3.5099999999999999E-2,null,{"$f":"E516*F516","v":0}]
["COMPOSICAO",90443,"RASGO EM ALVENARIA PARA RAMAIS/ DISTRIBUIÇÃO COM DIAMETROS MENORES OU IGUAIS A 40 MM. AF_05/2015","M",1,null,{"$f":"E517*F517","v":0}]
["COMPOSICAO",88274,"MARMORISTA/GRANITEIRO COM ENCARGOS COMPLEMENTARES","H",1,null,{"$f":"E518*F518","v":0}]
["COMPOSICAO",88316,"SERVENTE COM ENCARGOS COMPLEMENTARES","H",1,null,0]
[null,null,null,null,null,null,0]
[null,null,null,null,null,null,0]
[null,null,null,null,null,null,0]
[null,null,null,null,null,null,0]
[null,null,null,null,null,null,0]
[null,null,null,null,null,null,0]
[null,null,null,null,null,null,0]
[null,null,null,null,null,null,0]
[null,null,null,null,null,null,0]
[null,null,null,null,null,null,0]
[null,null,null,null,null,null,0]
[null,null,null,null,null,null,0]
[null,null,null,null,null,null,0]
[null,null,null,null,null,null,0]
[null,null,null,null,null,null,0]
[null,null,null,null,null,"TOTAL",{"$f":"SUM(G515:G534)","v":0}]
[]
["REFERENCIA","SINAPI"]
["CLASSE/TIPO","CÓDIGOS","DESCRIÇÃO","UNID."]
["IFMT 022.06.2018",".022/D","FRONTÃO/RODABANCADA EM GRANITO, POLIDO, TIPO ANDORINHA, H= 10 CM, E= *2,0* CM - FORNECIMENTO E INSTALAÇÃO.","M","COEFICIENTE","PREÇO UNITÁRIO (R$)","PREÇO TOTAL (R$)"]
["INSUMO",20231,"RODAPE OU RODABANCADA EM GRANITO, POLIDO, TIPO ANDORINHA/ QUARTZ/ CASTELO/CORUMBA OU OUTROS EQUIVALENTES DA REGIAO, H= 10 CM, E= *2,0* CM","M",1,null,{"$f":"E540*F540","v":0}]
["COMPOSICAO",87373,"ARGAMASSA TRAÇO 1:4 (CIMENTO E AREIA MÉDIA) PARA CONTRAPISO, PREPARO MANUAL. AF_06/2014","M3",1.6000000000000001E-3,null,{"$f":"E541*F541","v":0}]
["INSUMO",37329,"REJUNTE EPOXI BRANCO","KG    ",3.5099999999999999E-2,null,{"$f":"E542*F542","v":0}]
["COMPOSICAO",88309,"PEDREIRO COM ENCARGOS COMPLEMENTARES","H",0.1,null,{"$f":"E543*F543","v":0}]
["COMPOSICAO",88316,"SERVENTE COM ENCARGOS COMPLEMENTARES","H",0.3,null,0]
[null,null,null,null,null,null,0]
[null,null,null,null,null,null,0]
[null,null,null,null,null,null,0]
[null,null,null,null,null,null,0]
[null,null,null,null,null,null,0]
[null,null,null,null,null,null,0]
[null,null,null,null,null,null,0]
[null,null,null,null,null,null,0]
[null,null,null,null,null,null,0]
[null,null,null,null,null,null,0]
[null,null,null,null,null,null,0]
[null,null,null,null,null,null,0]
[null,null,null,null,null,null,0]
[null,null,null,null,null,null,0]
[null,null,null,null,null,null,0]
[null,null,null,null,null,"TOTAL",{"$f":"SUM(G540:G559)","v":0}]
[]
["REFERENCIA","SINAPI"]
["CLASSE/TIPO","CÓDIGOS","DESCRIÇÃO","UNID."]
["IFMT 023.06.2018",".023/D","CUBA DE EMBUTIR DE AÇO INOXIDÁVEL 60X50X30CM, PROFUNDIDADE =30CM, INCLUSO VÁLVULA TIPO AMERICANA EM METAL CROMADO E SIFÃO TIPO COPO EM PVC 3.1/2X1.1/2\" - FORNECIMENTO E INSTALAÇÃO","UN","COEFICIENTE","PREÇO UNITÁRIO (R$)","PREÇO TOTAL (R$)"]
["INSUMO","06755/ORSE","Cuba aço inox 60 x 50 x 30 cm","UN",1,null,{"$f":"E565*F565","v":0}]
["INSUMO",6145,"SIFAO PLASTICO TIPO COPO PARA PIA AMERICANA 1.1/2 X 1.1/2 \"","UN",1,null,{"$f":"E566*F566","v":0}]
["INSUMO",11683,"ENGATE / RABICHO FLEXIVEL INOX 1/2 \" X 30 CM","un",1,null,{"$f":"E567*F567","v":0}]
["INSUMO",6157,"VALVULA EM METAL CROMADO PARA PIA AMERICANA 3.1/2 X 1.1/2\"","un",1,null,{"$f":"E568*F568","v":0}]
["INSUMO",11772,"00011772 TORNEIRA CROMADA DE MESA PARA COZINHA BICA MOVEL COM AREJADOR 1/2 \" OU 3/4 \" (REF 1167)","UN",1,null,0]
["COMPOSICAO",88267,"ENCANADOR OU BOMBEIRO HIDRÁULICO COM ENCARGOS COMPLEMENTARES","H",1,null,0]
["COMPOSICAO",88316,"SERVENTE COM ENCARGOS COMPLEMENTARES","H",1,null,0]
[null,null,null,null,null,null,0]
[null,null,null,null,null,null,0]
[null,null,null,null,null,null,0]
[null,null,null,null,null,null,0]
[null,null,null,null,null,null,0]
[null,null,null,null,null,null,0]
[null,null,null,null,null,null,0]
[null,null,null,null,null,null,0]
[null,null,null,null,null,null,0]
[null,null,null,null,null,null,0]
[null,null,null,null,null,null,0]
[null,null,null,null,null,null,0]
[null,null,null,null,null,null,0]
[null,null,null,null,null,"TOTAL",{"$f":"SUM(G565:G584)","v":0}]
[]
["REFERENCIA","SINAPI"]
["CLASSE/TIPO","CÓDIGOS","DESCRIÇÃO","UNID."]
["IFMT 024.10.2018",".024/D","ELABORAÇÃO DO PROJETO DE  \"AS BUILT\" - ELABORAÇÃO DE \"COMO CONSTRUIDO \" PARA EDIFICAÇÃO ","M2","COEFICIENTE","PREÇO UNITÁRIO (R$)","PREÇO TOTAL (R$)"]
["COMPOSICAO",90775,"90775 DESENHISTA PROJETISTA COM ENCARGOS COMPLEMENTARES","H",5.8000000000000003E-2,null,{"$f":"E590*F590","v":0}]
[null,null,null,null,null,null,{"$f":"E591*F591","v":0}]
[null,null,null,null,null,null,{"$f":"E592*F592","v":0}]
[null,null,null,null,null,null,{"$f":"E593*F593","v":0}]
[null,null,null,null,null,null,0]
[null,null,null,null,null,null,0]
[null,null,null,null,null,null,0]
[null,null,null,null,null,null,0]
[null,null,null,null,null,null,0]
[null,null,null,null,null,null,0]
[null,null,null,null,null,null,0]
[null,null,null,null,null,null,0]
[null,null,null,null,null,null,0]
[null,null,null,null,null,null,0]
[null,null,null,null,null,null,0]
[null,null,null,null,null,null,0]
[null,null,null,null,null,null,0]
[null,null,null,null,null,null,0]
[null,null,null,null,null,null,0]
[null,null,null,null,null,null,0]
[null,null,null,null,null,"TOTAL",{"$f":"SUM(G590:G609)","v":0}]
[]
["REFERENCIA","SINAPI",90808]
["CLASSE/TIPO","CÓDIGOS","DESCRIÇÃO","UNID."]
["IFMT 025.10.2018",".025/D","ESTACA HÉLICE CONTÍNUA, DIÂMETRO DE 40 CM, COMPRIMENTO TOTAL ATÉ 15 M, PERFURATRIZ COM TORQUE DE 170 KN.M (EXCLUSIVE MOBILIZAÇÃO E DESMOBILIZAÇÃO).","UN","COEFICIENTE","PREÇO UNITÁRIO (R$)","PREÇO TOTAL (R$)"]
["INSUMO",38464,"CONCRETO USINADO BOMBEAVEL, CLASSE DE RESISTENCIA C20, COM BRITA 0, SLUMP = 220 +/- 20 MM, INCLUI SERVICO DE BOMBEAMENTO (NBR 8953)","M3",0.186,null,{"$f":"E615*F615","v":0}]
["COMPOSIÇÃO","74010/001","CARGA E DESCARGA MECANICA DE SOLO UTILIZANDO CAMINHAO BASCULANTE 6,0M3/16T E PA CARREGADEIRA SOBRE PNEUS 128 HP, CAPACIDADE DA CAÇAMBA 1,7 A 2,8 M3, PESO OPERACIONAL 11632 KG","M3",8.8300000000000003E-2,null,{"$f":"E616*F616","v":0}]
["COMPOSIÇÃO",88316,"SERVENTE COM ENCARGOS COMPLEMENTARES","H",0.14001,null,{"$f":"E617*F617","v":0}]
["COMPOSIÇÃO",90674,"PERFURATRIZ COM TORRE METÁLICA PARA EXECUÇÃO DE ESTACA HÉLICE CONTÍNUA, PROFUNDIDADE MÁXIMA DE 30 M, DIÂMETRO MÁXIMO DE 800 MM, POTÊNCIA INSTALADA DE 268 HP, MESA ROTATIVA COM TORQUE MÁXIMO DE 170 KNM - CHP DIURNO. AF_06/2015","CHP",2.41E-2,null,{"$f":"E618*F618","v":0}]
["COMPOSIÇÃO",90675,"PERFURATRIZ COM TORRE METÁLICA PARA EXECUÇÃO DE ESTACA HÉLICE CONTÍNUA, PROFUNDIDADE MÁXIMA DE 30 M, DIÂMETRO MÁXIMO DE 800 MM, POTÊNCIA INSTALADA DE 268 HP, MESA ROTATIVA COM TORQUE MÁXIMO DE 170 KNM - CHI DIURNO. AF_06/2015","CHI",2.2599999999999999E-2,null,0]
["COMPOSIÇÃO",95967,"SERVIÇOS TÉCNICOS ESPECIALIZADOS PARA ACOMPANHAMENTO DE EXECUÇÃO DE FUNDAÇÕES PROFUNDAS E ESTRUTURAS DE CONTENÇÃO","H",4.6699999999999998E-2,null,0]
["COMPOSIÇÃO",97913,"TRANSPORTE COM CAMINHÃO BASCULANTE DE 6 M3, EM VIA URBANA EM REVESTIMENTO PRIMÁRIO (UNIDADE: M3XKM). AF_01/2018","M3xKM",2.6499999999999999E-2,null,0]
[null,null,null,null,null,null,0]
[null,null,null,null,null,null,0]
[null,null,null,null,null,null,0]
[null,null,null,null,null,null,0]
[null,null,null,null,null,null,0]
[null,null,null,null,null,null,0]
[null,null,null,null,null,null,0]
[null,null,null,null,null,null,0]
[null,null,null,null,null,null,0]
[null,null,null,null,null,null,0]
[null,null,null,null,null,null,0]
[null,null,null,null,null,null,0]
[null,null,null,null,null,null,0]
[null,null,null,null,null,"TOTAL",{"$f":"SUM(G615:G634)","v":0}]
[]
["REFERENCIA","ORSE","12124/ORSE"]
["CLASSE/TIPO","CÓDIGOS","DESCRIÇÃO","UNID."]
["IFMT 026.10.2018",".026/D","BARRA ANTIPANICO SIMPLES, CEGA LADO OPOSTO, COR CINZA","UN","COEFICIENTE","PREÇO UNITÁRIO (R$)","PREÇO TOTAL (R$)"]
["INSUMO",39615,"BARRA ANTIPANICO SIMPLES, CEGA LADO OPOSTO, COR CINZA","UN",1,null,{"$f":"E640*F640","v":0}]
["COMPOSIÇÃO",88309,"PEDREIRO COM ENCARGOS COMPLEMENTARES","H",0.3,null,{"$f":"E641*F641","v":0}]
[null,null,null,null,null,null,{"$f":"E642*F642","v":0}]
[null,null,null,null,null,null,{"$f":"E643*F643","v":0}]
[null,null,null,null,null,null,0]
[null,null,null,null,null,null,0]
[null,null,null,null,null,null,0]
[null,null,null,null,null,null,0]
[null,null,null,null,null,null,0]
[null,null,null,null,null,null,0]
[null,null,null,null,null,null,0]
[null,null,null,null,null,null,0]
[null,null,null,null,null,null,0]
[null,null,null,null,null,null,0]
[null,null,null,null,null,null,0]
[null,null,null,null,null,null,0]
[null,null,null,null,null,null,0]
[null,null,null,null,null,null,0]
[null,null,null,null,null,null,0]
[null,null,null,null,null,null,0]
[null,null,null,null,null,"TOTAL",{"$f":"SUM(G640:G659)","v":0}]
[]
[]
["REFERENCIA","ORSE","03167/ORSE"]
["CLASSE/TIPO","CÓDIGOS","DESCRIÇÃO","UNID."]
["IFMT 027.10.2018",".027/D","PLACA DE INAUGURACAO METALICA EM AÇO ESCOVADO, *40* CM X *60* CM, FORNECIMENTO E INSTALAÇÃO","UN","COEFICIENTE","PREÇO UNITÁRIO (R$)","PREÇO TOTAL (R$)"]
["COMPOSIÇÃO",88309,"PEDREIRO COM ENCARGOS COMPLEMENTARES","H",0.6,null,{"$f":"E666*F666","v":0}]
["COMPOSIÇÃO",88316,"SERVENTE COM ENCARGOS COMPLEMENTARES","H",0.6,null,{"$f":"E667*F667","v":0}]
["COMPOSIÇÃO",73548,"ARGAMASSA TRACO 1:3 (CIMENTO E AREIA), PREPARO MANUAL, INCLUSO ADITIVO IMPERMEABILIZANTE","M3",0.04,null,{"$f":"E668*F668","v":0}]
["INSUMO",10848,"PLACA DE INAUGURACAO METALICA, *40* CM X *60* CM","UN",1,null,{"$f":"E669*F669","v":0}]
[null,null,null,null,null,null,0]
[null,null,null,null,null,null,0]
[null,null,null,null,null,null,0]
[null,null,null,null,null,null,0]
[null,null,null,null,null,null,0]
[null,null,null,null,null,null,0]
[null,null,null,null,null,null,0]
[null,null,null,null,null,null,0]
[null,null,null,null,null,null,0]
[null,null,null,null,null,null,0]
[null,null,null,null,null,null,0]
[null,null,null,null,null,null,0]
[null,null,null,null,null,null,0]
[null,null,null,null,null,null,0]
[null,null,null,null,null,null,0]
[null,null,null,null,null,null,0]
[null,null,null,null,null,"TOTAL",{"$f":"SUM(G666:G685)","v":0}]
[]
["REFERENCIA","ORSE","07324/ORSE"]
["CLASSE/TIPO","CÓDIGOS","DESCRIÇÃO","UNID."]
["IFMT 028.10.2018",".028/D","PISO TÁTIL DIRECIONALE/OU ALERTA, DE CONCRETO, COLORIDO, PARA DEFICIENTES VISUAIS, DIMENSÕES 25X25CM, APLICADO COM ARGAMASSA INDUSTRIAL AC-II, REJUNTADO, SOBRE BASE PRONTA.FORNECIMENTO E INSTALAÇÃO.","M2","COEFICIENTE","PREÇO UNITÁRIO (R$)","PREÇO TOTAL (R$)"]
["INSUMO",34353,"ARGAMASSA COLANTE AC-II","KG",4,null,{"$f":"E691*F691","v":0}]
["COMPOSIÇÃO",88309,"PEDREIRO COM ENCARGOS COMPLEMENTARES","H",0.5,null,{"$f":"E692*F692","v":0}]
["COMPOSIÇÃO",88316,"SERVENTE COM ENCARGOS COMPLEMENTARES","H",1.2,null,{"$f":"E693*F693","v":0}]
["INSUMO",38186,"PISO TATIL DE ALERTA OU DIRECIONAL, DE BORRACHA, COLORIDO, 25 X 25 CM, E = 12 MM,PARA ARGAMASSA","M2",1.05,null,{"$f":"E694*F694","v":0}]
["INSUMO",34357,"REJUNTE COLORIDO, CIMENTICIO","KG",0.52,null,0]
[null,null,null,null,null,null,0]
[null,null,null,null,null,null,0]
[null,null,null,null,null,null,0]
[null,null,null,null,null,null,0]
[null,null,null,null,null,null,0]
[null,null,null,null,null,null,0]
[null,null,null,null,null,null,0]
[null,null,null,null,null,null,0]
[null,null,null,null,null,null,0]
[null,null,null,null,null,null,0]
[null,null,null,null,null,null,0]
[null,null,null,null,null,null,0]
[null,null,null,null,null,null,0]
[null,null,null,null,null,null,0]
[null,null,null,null,null,null,0]
[null,null,null,null,null,"TOTAL",{"$f":"SUM(G691:G710)","v":0}]
[]
["REFERENCIA","PINI","22.016.000003.SER"]
["CLASSE/TIPO","CÓDIGOS","DESCRIÇÃO","UNID."]
["IFMT 029.10.2018",".029/D","PISO TÁTIL DIRECIONAL E/OU ALERTA, EM BORRACHA, P/ DEFICIENTES VISUAIS, DIMENSÕES 25x25cm, APLICADO, REJUNTADO, EXCLUSIVE REGULARIZAÇÃO DE BASE, INSTALADO NIVEL DO PISO EXISTENTE ACABADO.","M2","COEFICIENTE","PREÇO UNITÁRIO (R$)","PREÇO TOTAL (R$)"]
["INSUMO",4791,"00004791 ADESIVO ACRILICO/COLA DE CONTATO KG CR 14,55","KG",0.14000000000000001,null,{"$f":"E716*F716","v":0}]
["COMPOSIÇÃO",88309,"PEDREIRO COM ENCARGOS COMPLEMENTARES","H",0.17,null,{"$f":"E717*F717","v":0}]
["COMPOSIÇÃO",88316,"SERVENTE COM ENCARGOS COMPLEMENTARES","H",0.17,null,{"$f":"E718*F718","v":0}]
["INSUMO",38181,"00038181 PISO TATIL ALERTA OU DIRECIONAL, DE BORRACHA, COLORIDO, 25 X 25 CM, E = 5 MM, PARA M2 153,74\nCOLA","M2",1.05,null,{"$f":"E719*F719","v":0}]
["INSUMO",34357,"REJUNTE COLORIDO, CIMENTICIO","KG",0.25,null,0]
[null,null,null,null,null,null,0]
[null,null,null,null,null,null,0]
[null,null,null,null,null,null,0]
[null,null,null,null,null,null,0]
[null,null,null,null,null,null,0]
[null,null,null,null,null,null,0]
[null,null,null,null,null,null,0]
[null,null,null,null,null,null,0]
[null,null,null,null,null,null,0]
[null,null,null,null,null,null,0]
[null,null,null,null,null,null,0]
[null,null,null,null,null,null,0]
[null,null,null,null,null,null,0]
[null,null,null,null,null,null,0]
[null,null,null,null,null,null,0]
[null,null,null,null,null,"TOTAL",{"$f":"SUM(G716:G735)","v":0}]
[]
["REFERENCIA","SINAPI",87243]
["CLASSE/TIPO","CÓDIGOS","DESCRIÇÃO","UNID."]
["IFMT 030.10.2018",".030/D","REVESTIMENTO CERAMICO/PORCELANA PARA PAREDES EXTERNAS EM PASTILHAS 10X10CM, ALINHADA A PRUMO, APLICADO EM PANOS SEM VÃOS. ","M2","COEFICIENTE","PREÇO UNITÁRIO (R$)","PREÇO TOTAL (R$)"]
["INSUMO",36882,"PASTILHA CERAMICA/PORCELANA, REVEST INT/EXT E PISCINA, CORES QUENTES *5 X 5* CM","M2",1.0900000000000001,null,{"$f":"E741*F741","v":0}]
["COMPOSIÇÃO",88256,"AZULEJISTA OU LADRILHISTA COM ENCARGOS COMPLEMENTARES ","H",1.03,null,{"$f":"E742*F742","v":0}]
["COMPOSIÇÃO",88316,"SERVENTE COM ENCARGOS COMPLEMENTARES","H",0.51,null,{"$f":"E743*F743","v":0}]
["INSUMO",37596,"ARGAMASSA COLANTE TIPO ACIII E ","KG",7.69,null,{"$f":"E744*F744","v":0}]
["INSUMO",34357,"REJUNTE COLORIDO, CIMENTICIO","KG",0.25,null,0]
[null,null,null,null,null,null,0]
[null,null,null,null,null,null,0]
[null,null,null,null,null,null,0]
[null,null,null,null,null,null,0]
[null,null,null,null,null,null,0]
[null,null,null,null,null,null,0]
[null,null,null,null,null,null,0]
[null,null,null,null,null,null,0]
[null,null,null,null,null,null,0]
[null,null,null,null,null,null,0]
[null,null,null,null,null,null,0]
[null,null,null,null,null,null,0]
[null,null,null,null,null,null,0]
[null,null,null,null,null,null,0]
[null,null,null,null,null,null,0]
[null,null,null,null,null,"TOTAL",{"$f":"SUM(G741:G760)","v":0}]
[]
["REFERENCIA","SINAPI",94998]
["CLASSE/TIPO","CÓDIGOS","DESCRIÇÃO","UNID."]
["IFMT 031.10.2018",".031/D","EXECUÇÃO DE PISO DE CONCRETO COM CONCRETO PREPARO MECANICO, ACABAMENTO CONVENCIONAL, ESPESSURA 12 CM, ARMADO COM TELA DE AÇO CA-60 Q-196 (3,11KG/M2) DIAMETRO DO FIO 5,0MM LARGURA 2,45M ESPAÇAMENTO DA MALHA 10X10CM.","M2","COEFICIENTE","PREÇO UNITÁRIO (R$)","PREÇO TOTAL (R$)"]
["INSUMO",3777,"LONA PLASTICA PRETA, E= 150 MICRA","M2",1.1279999999999999,null,{"$f":"E766*F766","v":0}]
["INSUMO",6189,"TABUA MADEIRA 2A QUALIDADE 2,5 X 30,0CM (1 X 12\") NAO APARELHADA","M",0.125,null,{"$f":"E767*F767","v":0}]
["INSUMO",4517,"PECA DE MADEIRA NATIVA/REGIONAL 2,5 X 7,0 CM (SARRAFO-P/FORMA)","M",0.2,null,{"$f":"E768*F768","v":0}]
["INSUMO",7156,"TELA DE ACO SOLDADA NERVURADA, CA-60, Q-196, (3,11 KG/M2), DIAMETRO DO FIO = 5,0 MM, LARGURA =  2,45 M, ESPACAMENTO DA MALHA = 10 X 10 CM","M2",1.1224000000000001,null,{"$f":"E769*F769","v":0}]
["COMPOSICAO",88262,"CARPINTEIRO DE FORMAS COM ENCARGOS COMPLEMENTARES","H",0.2707,null,0]
["COMPOSICAO",88309,"PEDREIRO COM ENCARGOS COMPLEMENTARES","H",0.3866,null,0]
["COMPOSICAO",88316,"SERVENTE COM ENCARGOS COMPLEMENTARES","H",0.65739999999999998,null,0]
["COMPOSICAO",94964,"CONCRETO FCK = 20MPA, TRAÇO 1:2,7:3 (CIMENTO/ AREIA MÉDIA/ BRITA 1)  - PREPARO MECÂNICO COM BETONEIRA 400 L. AF_07/2016","M3",0.14549999999999999,null,0]
[null,null,null,null,null,null,0]
[null,null,null,null,null,null,0]
[null,null,null,null,null,null,0]
[null,null,null,null,null,null,0]
[null,null,null,null,null,null,0]
[null,null,null,null,null,null,0]
[null,null,null,null,null,null,0]
[null,null,null,null,null,null,0]
[null,null,null,null,null,null,0]
[null,null,null,null,null,null,0]
[null,null,null,null,null,null,0]
[null,null,null,null,null,null,0]
[null,null,null,null,null,"TOTAL",{"$f":"SUM(G766:G785)","v":0}]
[]
["REFERENCIA","SINAPI","73798/3"]
["CLASSE/TIPO","CÓDIGOS","DESCRIÇÃO","UNID."]
["IFMT 032.11.2018",".032/D","ELETRODUTO FLEXIVEL PLANO EM PEAD, COR PRETA E LARANJA, DIAMETRO 32 MM","M","COEFICIENTE","PREÇO UNITÁRIO (R$)","PREÇO TOTAL (R$)"]
["COMPOSIÇÃO",88247,"AUXILIAR DE ELETRICISTA COM ENCARGOS COMPLEMENTARES","H",1,null,{"$f":"E791*F791","v":0}]
["COMPOSIÇÃO",88264,"ELETRICISTA COM ENCARGOS COMPLEMENTARES","H",0.8,null,{"$f":"E792*F792","v":0}]
["INSUMO",40401,"ELETRODUTO FLEXIVEL PLANO EM PEAD, COR PRETA E LARANJA, DIAMETRO 32 MM","M",0.8,null,{"$f":"E793*F793","v":0}]
[null,null,null,null,null,null,{"$f":"E794*F794","v":0}]
[null,null,null,null,null,null,0]
[null,null,null,null,null,null,0]
[null,null,null,null,null,null,0]
[null,null,null,null,null,null,0]
[null,null,null,null,null,null,0]
[null,null,null,null,null,null,0]
[null,null,null,null,null,null,0]
[null,null,null,null,null,null,0]
[null,null,null,null,null,null,0]
[null,null,null,null,null,null,0]
[null,null,null,null,null,null,0]
[null,null,null,null,null,null,0]
[null,null,null,null,null,null,0]
[null,null,null,null,null,null,0]
[null,null,null,null,null,null,0]
[null,null,null,null,null,null,0]
[null,null,null,null,null,"TOTAL",{"$f":"SUM(G791:G810)","v":0}]
[]
["REFERENCIA","SINAPI","73798/3"]
["CLASSE/TIPO","CÓDIGOS","DESCRIÇÃO","UNID.","COEFICIENTE","PREÇO R$","TOTAL R$"]
["IFMT 033.11.2018",".033/D","ELETRODUTO FLEXIVEL PLANO EM PEAD, COR PRETA E LARANJA, DIAMETRO 25 MM","M","COEFICIENTE","PREÇO UNITÁRIO (R$)","PREÇO TOTAL (R$)"]
["COMPOSIÇÃO",88247,"AUXILIAR DE ELETRICISTA COM ENCARGOS COMPLEMENTARES","H",1,null,{"$f":"E816*F816","v":0}]
["COMPOSIÇÃO",88264,"ELETRICISTA COM ENCARGOS COMPLEMENTARES","H",0.8,null,{"$f":"E817*F817","v":0}]
["INSUMO",40400,"ELETRODUTO FLEXIVEL PLANO EM PEAD, COR PRETA E LARANJA, DIAMETRO 25 MM","M",0.8,null,{"$f":"E818*F818","v":0}]
[null,null,null,null,null,null,{"$f":"E819*F819","v":0}]
[null,null,null,null,null,null,0]
[null,null,null,null,null,null,0]
[null,null,null,null,null,null,0]
[null,null,null,null,null,null,0]
[null,null,null,null,null,null,0]
[null,null,null,null,null,null,0]
[null,null,null,null,null,null,0]
[null,null,null,null,null,null,0]
[null,null,null,null,null,null,0]
[null,null,null,null,null,null,0]
[null,null,null,null,null,null,0]
[null,null,null,null,null,null,0]
[null,null,null,null,null,null,0]
[null,null,null,null,null,null,0]
[null,null,null,null,null,null,0]
[null,null,null,null,null,null,0]
[null,null,null,null,null,"TOTAL",{"$f":"SUM(G816:G835)","v":0}]
[]
["REFERENCIA","SINAPI","73798/3"]
["CLASSE/TIPO","CÓDIGOS","DESCRIÇÃO","UNID."]
["IFMT 034.11.2018",".034/D","ELETRODUTO FLEXIVEL PLANO EM PEAD, COR PRETA E LARANJA, DIAMETRO 40 MM","M","COEFICIENTE","PREÇO UNITÁRIO (R$)","PREÇO TOTAL (R$)"]
["COMPOSIÇÃO",88247,"AUXILIAR DE ELETRICISTA COM ENCARGOS COMPLEMENTARES","H",1,null,{"$f":"E841*F841","v":0}]
["COMPOSIÇÃO",88264,"ELETRICISTA COM ENCARGOS COMPLEMENTARES","H",0.8,null,{"$f":"E842*F842","v":0}]
["INSUMO",40402,"ELETRODUTO FLEXIVEL PLANO EM PEAD, COR PRETA E LARANJA, DIAMETRO 40 MM","M",0.8,null,{"$f":"E843*F843","v":0}]
[null,null,null,null,null,null,{"$f":"E844*F844","v":0}]
[null,null,null,null,null,null,0]
[null,null,null,null,null,null,0]
[null,null,null,null,null,null,0]
[null,null,null,null,null,null,0]
[null,null,null,null,null,null,0]
[null,null,null,null,null,null,0]
[null,null,null,null,null,null,0]
[null,null,null,null,null,null,0]
[null,null,null,null,null,null,0]
[null,null,null,null,null,null,0]
[null,null,null,null,null,null,0]
[null,null,null,null,null,null,0]
[null,null,null,null,null,null,0]
[null,null,null,null,null,null,0]
[null,null,null,null,null,null,0]
[null,null,null,null,null,null,0]
[null,null,null,null,null,"TOTAL",{"$f":"SUM(G841:G860)","v":0}]
[]
["REFERENCIA","SINAPI",93671]
["CLASSE/TIPO","CÓDIGOS","DESCRIÇÃO","UNID."]
["IFMT 035.11.2018",".035/D","DISJUNTOR TRIPOLAR 63A, PADRÃO DIN ( LINHA BRANCA ), REF.:SIEMENS 3VT1706- 2DC36-0AA0 OU SIMILAR.","UNID.","COEFICIENTE","PREÇO UNITÁRIO (R$)","PREÇO TOTAL (R$)"]
["COMPOSIÇÃO",88247,"AUXILIAR DE ELETRICISTA COM ENCARGOS COMPLEMENTARES","H",0.56799999999999995,null,{"$f":"E866*F866","v":0}]
["COMPOSIÇÃO",88264,"ELETRICISTA COM ENCARGOS COMPLEMENTARES","H",0.56799999999999995,null,{"$f":"E867*F867","v":0}]
["INSUMO","11429/ORSE","DISJUNTOR TRIPOLAR 63A, PADRÃO DIN ( LINHA BRANCA ), REF.:SIEMENS 3VT1706- 2DC36-0AA0 OU SIMILAR.","UNID.",1,null,{"$f":"E868*F868","v":0}]
[null,null,null,null,null,null,{"$f":"E869*F869","v":0}]
[null,null,null,null,null,null,0]
[null,null,null,null,null,null,0]
[null,null,null,null,null,null,0]
[null,null,null,null,null,null,0]
[null,null,null,null,null,null,0]
[null,null,null,null,null,null,0]
[null,null,null,null,null,null,0]
[null,null,null,null,null,null,0]
[null,null,null,null,null,null,0]
[null,null,null,null,null,null,0]
[null,null,null,null,null,null,0]
[null,null,null,null,null,null,0]
[null,null,null,null,null,null,0]
[null,null,null,null,null,null,0]
[null,null,null,null,null,null,0]
[null,null,null,null,null,null,0]
[null,null,null,null,null,"TOTAL",{"$f":"SUM(G866:G885)","v":0}]
[]
["REFERENCIA","SINAPI",93671]
["CLASSE/TIPO","CÓDIGOS","DESCRIÇÃO","UNID."]
["IFMT 035.11.2018",".035/D","DISJUNTOR TRIPOLAR 80 A, PADRÃO DIN ( LINHA BRANCA ), REF.:SIEMENS 3VT1708- 2DA36-0AA0 OU SIMILAR.","UNID.","COEFICIENTE","PREÇO UNITÁRIO (R$)","PREÇO TOTAL (R$)"]
["COMPOSIÇÃO",88247,"AUXILIAR DE ELETRICISTA COM ENCARGOS COMPLEMENTARES","H",0.56799999999999995,null,{"$f":"E891*F891","v":0}]
["COMPOSIÇÃO",88264,"ELETRICISTA COM ENCARGOS COMPLEMENTARES","H",0.56799999999999995,null,{"$f":"E892*F892","v":0}]
["INSUMO","11431/ORSE","DISJUNTOR TRIPOLAR 80 A, PADRÃO DIN ( LINHA BRANCA ), REF.:SIEMENS 3VT1708- 2DA36-0AA0 OU SIMILAR.","UNID.",1,null,{"$f":"E893*F893","v":0}]
[null,null,null,null,null,null,{"$f":"E894*F894","v":0}]
[null,null,null,null,null,null,0]
[null,null,null,null,null,null,0]
[null,null,null,null,null,null,0]
[null,null,null,null,null,null,0]
[null,null,null,null,null,null,0]
[null,null,null,null,null,null,0]
[null,null,null,null,null,null,0]
[null,null,null,null,null,null,0]
[null,null,null,null,null,null,0]
[null,null,null,null,null,null,0]
[null,null,null,null,null,null,0]
[null,null,null,null,null,null,0]
[null,null,null,null,null,null,0]
[null,null,null,null,null,null,0]
[null,null,null,null,null,null,0]
[null,null,null,null,null,null,0]
[null,null,null,null,null,"TOTAL",{"$f":"SUM(G891:G910)","v":0}]
[]
["REFERENCIA","SINAPI",91887]
["CLASSE/TIPO","CÓDIGOS","DESCRIÇÃO","UNID."]
["IFMT 036.11.2018",".036/D","CURVA 45 GRAUS, PARA ELETRODUTO, EM ACO GALVANIZADO ELETROLITICO, DIAMETRO\nDE 20 MM (3/4\")","UNID.","COEFICIENTE","PREÇO UNITÁRIO (R$)","PREÇO TOTAL (R$)"]
["COMPOSIÇÃO",88247,"AUXILIAR DE ELETRICISTA COM ENCARGOS COMPLEMENTARES","H",0.125,null,{"$f":"E916*F916","v":0}]
["COMPOSIÇÃO",88264,"ELETRICISTA COM ENCARGOS COMPLEMENTARES","H",0.125,null,{"$f":"E917*F917","v":0}]
["INSUMO",2609,"CURVA 45 GRAUS, PARA ELETRODUTO, EM ACO GALVANIZADO ELETROLITICO, DIAMETRO\nDE 20 MM (3/4\")","UNID.",1,null,{"$f":"E918*F918","v":0}]
[null,null,null,null,null,null,{"$f":"E919*F919","v":0}]
[null,null,null,null,null,null,0]
[null,null,null,null,null,null,0]
[null,null,null,null,null,null,0]
[null,null,null,null,null,null,0]
[null,null,null,null,null,null,0]
[null,null,null,null,null,null,0]
[null,null,null,null,null,null,0]
[null,null,null,null,null,null,0]
[null,null,null,null,null,null,0]
[null,null,null,null,null,null,0]
[null,null,null,null,null,null,0]
[null,null,null,null,null,null,0]
[null,null,null,null,null,null,0]
[null,null,null,null,null,null,0]
[null,null,null,null,null,null,0]
[null,null,null,null,null,null,0]
[null,null,null,null,null,"TOTAL",{"$f":"SUM(G916:G935)","v":0}]
[]
["REFERENCIA","SINAPI",96985]
["CLASSE/TIPO","CÓDIGOS","DESCRIÇÃO","UNID."]
["IFMT 037.11.2018",".037/D","HASTE DE ATERRAMENTO 5/8  PARA SPDA - FORNECIMENTO E INSTALAÇÃO. AF_12/2017","UNID.","COEFICIENTE","PREÇO UNITÁRIO (R$)","PREÇO TOTAL (R$)"]
["COMPOSIÇÃO",88247,"AUXILIAR DE ELETRICISTA COM ENCARGOS COMPLEMENTARES","H",0.125,null,{"$f":"E941*F941","v":0}]
["INSUMO",873,"CABO DE COBRE, RIGIDO, CLASSE 2, COMPACTADO, BLINDADO, ISOLACAO EM EPR OU XLPE, COBERTURA ANTICHAMA EM PVC, PEAD OU HFFR, 1 CONDUTOR, 20/35 KV, SECAO NOMINAL 50 MM2","M",1,null,{"$f":"E942*F942","v":0}]
["COMPOSIÇÃO",88264,"ELETRICISTA COM ENCARGOS COMPLEMENTARES","H",0.125,null,{"$f":"E943*F943","v":0}]
["INSUMO",3379,"HASTE DE ATERRAMENTO EM ACO COM 3,00 M DE COMPRIMENTO E DN = 5/8\", REVESTIDA COM BAIXA CAMADA DE COBRE, SEM CONECTOR","UNID.",1,null,{"$f":"E944*F944","v":0}]
[null,null,null,null,null,null,0]
[null,null,null,null,null,null,0]
[null,null,null,null,null,null,0]
[null,null,null,null,null,null,0]
[null,null,null,null,null,null,0]
[null,null,null,null,null,null,0]
[null,null,null,null,null,null,0]
[null,null,null,null,null,null,0]
[null,null,null,null,null,null,0]
[null,null,null,null,null,null,0]
[null,null,null,null,null,null,0]
[null,null,null,null,null,null,0]
[null,null,null,null,null,null,0]
[null,null,null,null,null,null,0]
[null,null,null,null,null,null,0]
[null,null,null,null,null,null,0]
[null,null,null,null,null,"TOTAL",{"$f":"SUM(G941:G960)","v":0}]
[]
["REFERENCIA","SINAPI","74131/5"]
["CLASSE/TIPO","CÓDIGOS","DESCRIÇÃO","UNID."]
["IFMT 038.11.2018",".038/D","QUADRO DE DISTRIBUICAO COM BARRAMENTO TRIFASICO, DE EMBUTIR, EM CHAPA DE ACO GALVANIZADO, PARA 24 DISJUNTORES DIN, 100 A","UNID.","COEFICIENTE","PREÇO UNITÁRIO (R$)","PREÇO TOTAL (R$)"]
["COMPOSIÇÃO",88247,"AUXILIAR DE ELETRICISTA COM ENCARGOS COMPLEMENTARES","H",0.125,null,{"$f":"E966*F966","v":0}]
["COMPOSIÇÃO",88264,"ELETRICISTA COM ENCARGOS COMPLEMENTARES","H",0.125,null,{"$f":"E967*F967","v":0}]
["INSUMO",12038,"QUADRO DE DISTRIBUICAO COM BARRAMENTO TRIFASICO, DE EMBUTIR, EM CHAPA DE ACO GALVANIZADO, PARA 24 DISJUNTORES DIN, 100 A","UNID.",1,null,{"$f":"E968*F968","v":0}]
[null,null,null,null,null,null,{"$f":"E969*F969","v":0}]
[null,null,null,null,null,null,0]
[null,null,null,null,null,null,0]
[null,null,null,null,null,null,0]
[null,null,null,null,null,null,0]
[null,null,null,null,null,null,0]
[null,null,null,null,null,null,0]
[null,null,null,null,null,null,0]
[null,null,null,null,null,null,0]
[null,null,null,null,null,null,0]
[null,null,null,null,null,null,0]
[null,null,null,null,null,null,0]
[null,null,null,null,null,null,0]
[null,null,null,null,null,null,0]
[null,null,null,null,null,null,0]
[null,null,null,null,null,null,0]
[null,null,null,null,null,null,0]
[null,null,null,null,null,"TOTAL",{"$f":"SUM(G966:G985)","v":0}]
[]
["REFERENCIA","SINAPI","74246/1"]
["CLASSE/TIPO","CÓDIGOS","DESCRIÇÃO","UNID."]
["IFMT 039.11.2018",".039/D","REFLETOR LED 200W 6000K BIVOLT IP65 ","UNID.","COEFICIENTE","PREÇO UNITÁRIO (R$)","PREÇO TOTAL (R$)"]
["COMPOSIÇÃO",88247,"AUXILIAR DE ELETRICISTA COM ENCARGOS COMPLEMENTARES","H",2,null,{"$f":"E991*F991","v":0}]
["COMPOSIÇÃO",88264,"ELETRICISTA COM ENCARGOS COMPLEMENTARES","H",2,null,{"$f":"E992*F992","v":0}]
["COTAÇÃO",null,"REFLETOR LED 200W 6000K BIVOLT IP65 ","UNID.",1,null,{"$f":"E993*F993","v":0}]
[null,null,null,null,null,null,{"$f":"E994*F994","v":0}]
[null,null,null,null,null,null,0]
[null,null,null,null,null,null,0]
[null,null,null,null,null,null,0]
[null,null,null,null,null,null,0]
[null,null,null,null,null,null,0]
[null,null,null,null,null,null,0]
[null,null,null,null,null,null,0]
[null,null,null,null,null,null,0]
[null,null,null,null,null,null,0]
[null,null,null,null,null,null,0]
[null,null,null,null,null,null,0]
[null,null,null,null,null,null,0]
[null,null,null,null,null,null,0]
[null,null,null,null,null,null,0]
[null,null,null,null,null,null,0]
[null,null,null,null,null,null,0]
[null,null,null,null,null,"TOTAL",{"$f":"SUM(G991:G1010)","v":0}]
[]
["REFERENCIA","SINAPI",93672]
["CLASSE/TIPO","CÓDIGOS","DESCRIÇÃO","UNID."]
["IFMT 040.11.2018",".040/D","IDR - INTERRUPTOR DIFERENCIAL RESIDUAL TRETAPOLAR, 63A","UNID.","COEFICIENTE","PREÇO UNITÁRIO (R$)","PREÇO TOTAL (R$)"]
["COMPOSIÇÃO",88247,"AUXILIAR DE ELETRICISTA COM ENCARGOS COMPLEMENTARES","H",0.56799999999999995,null,{"$f":"E1016*F1016","v":0}]
["COMPOSIÇÃO",88264,"ELETRICISTA COM ENCARGOS COMPLEMENTARES","H",0.56799999999999995,null,{"$f":"E1017*F1017","v":0}]
["COTAÇÃO",null,"IDR - INTERRUPTOR DIFERENCIAL RESIDUAL TRETAPOLAR, 63A","UNID.",1,null,{"$f":"E1018*F1018","v":0}]
[null,null,null,null,null,null,{"$f":"E1019*F1019","v":0}]
[null,null,null,null,null,null,0]
[null,null,null,null,null,null,0]
[null,null,null,null,null,null,0]
[null,null,null,null,null,null,0]
[null,null,null,null,null,null,0]
[null,null,null,null,null,null,0]
[null,null,null,null,null,null,0]
[null,null,null,null,null,null,0]
[null,null,null,null,null,null,0]
[null,null,null,null,null,null,0]
[null,null,null,null,null,null,0]
[null,null,null,null,null,null,0]
[null,null,null,null,null,null,0]
[null,null,null,null,null,null,0]
[null,null,null,null,null,null,0]
[null,null,null,null,null,null,0]
[null,null,null,null,null,"TOTAL",{"$f":"SUM(G1016:G1035)","v":0}]
[]
["REFERENCIA","SINAPI",93672]
["CLASSE/TIPO","CÓDIGOS","DESCRIÇÃO","UNID."]
["IFMT 041.11.2018",".041/D","DISPOSITIVO DPS,TENSAO MAXIMA DE 275 V, CORRENTE MAXIMA DE 45A, 1 POLO","UNID.","COEFICIENTE","PREÇO UNITÁRIO (R$)","PREÇO TOTAL (R$)"]
["COMPOSIÇÃO",88247,"AUXILIAR DE ELETRICISTA COM ENCARGOS COMPLEMENTARES","H",0.56799999999999995,null,{"$f":"E1041*F1041","v":0}]
["COMPOSIÇÃO",88264,"ELETRICISTA COM ENCARGOS COMPLEMENTARES","H",0.56799999999999995,null,{"$f":"E1042*F1042","v":0}]
["COTAÇÃO",null,"DISPOSITIVO DPS,TENSAO MAXIMA DE 275 V, CORRENTE MAXIMA DE 45A, 1 POLO","UNID.",1,null,{"$f":"E1043*F1043","v":0}]
[null,null,null,null,null,null,{"$f":"E1044*F1044","v":0}]
[null,null,null,null,null,null,0]
[null,null,null,null,null,null,0]
[null,null,null,null,null,null,0]
[null,null,null,null,null,null,0]
[null,null,null,null,null,null,0]
[null,null,null,null,null,null,0]
[null,null,null,null,null,null,0]
[null,null,null,null,null,null,0]
[null,null,null,null,null,null,0]
[null,null,null,null,null,null,0]
[null,null,null,null,null,null,0]
[null,null,null,null,null,null,0]
[null,null,null,null,null,null,0]
[null,null,null,null,null,null,0]
[null,null,null,null,null,null,0]
[null,null,null,null,null,null,0]
[null,null,null,null,null,"TOTAL",{"$f":"SUM(G1041:G1060)","v":0}]
[]
["REFERENCIA","SINAPI","74246/1"]
["CLASSE/TIPO","CÓDIGOS","DESCRIÇÃO","UNID."]
["IFMT 042.11.2018",".042/D","LUMINARIA LED REFLETOR RETANGULAR, BIVOLT, LUZ BRANCA, 200 W, COM CAIXA ANTIVANDALISMO IP65 41cm x 33cm x 20,8cm","UNID.","COEFICIENTE","PREÇO UNITÁRIO (R$)","PREÇO TOTAL (R$)"]
["COMPOSIÇÃO",88247,"AUXILIAR DE ELETRICISTA COM ENCARGOS COMPLEMENTARES","H",2,null,{"$f":"E1066*F1066","v":0}]
["COMPOSIÇÃO",88264,"ELETRICISTA COM ENCARGOS COMPLEMENTARES","H",2,null,{"$f":"E1067*F1067","v":0}]
["INSUMO",7583,"BUCHA DE NYLON SEM ABA S8, COM PARAFUSO DE 4,80 X 50 MM EM ACO ZINCADO COM ROSCA SOBERBA, CABECA CHATA E FENDA PHILLIPS","UNID.",4,null,{"$f":"E1068*F1068","v":0}]
["COTAÇÃO",null,"LUMINARIA LED REFLETOR RETANGULAR, BIVOLT, LUZ BRANCA, 200 W, COM CAIXA ANTIVANDALISMO IP65 41cm x 33cm x 20,8cm","UNID.",1,null,{"$f":"E1069*F1069","v":0}]
[null,null,null,null,null,null,0]
[null,null,null,null,null,null,0]
[null,null,null,null,null,null,0]
[null,null,null,null,null,null,0]
[null,null,null,null,null,null,0]
[null,null,null,null,null,null,0]
[null,null,null,null,null,null,0]
[null,null,null,null,null,null,0]
[null,null,null,null,null,null,0]
[null,null,null,null,null,null,0]
[null,null,null,null,null,null,0]
[null,null,null,null,null,null,0]
[null,null,null,null,null,null,0]
[null,null,null,null,null,null,0]
[null,null,null,null,null,null,0]
[null,null,null,null,null,null,0]
[null,null,null,null,null,"TOTAL",{"$f":"SUM(G1066:G1085)","v":0}]
[]
["REFERENCIA","SINAPI",91887]
["CLASSE/TIPO","CÓDIGOS","DESCRIÇÃO","UNID."]
["IFMT 043.11.2018",".043/D","CURVA 45 GRAUS, PARA ELETRODUTO, EM ACO GALVANIZADO ELETROLITICO, DIAMETRO DE 40 MM (1 1/2\")","UNID.","COEFICIENTE","PREÇO UNITÁRIO (R$)","PREÇO TOTAL (R$)"]
["COMPOSIÇÃO",88247,"AUXILIAR DE ELETRICISTA COM ENCARGOS COMPLEMENTARES","H",0.125,null,{"$f":"E1091*F1091","v":0}]
["COMPOSIÇÃO",88264,"ELETRICISTA COM ENCARGOS COMPLEMENTARES","H",0.125,null,{"$f":"E1092*F1092","v":0}]
["INSUMO",2611,"CURVA 45 GRAUS, PARA ELETRODUTO, EM ACO GALVANIZADO ELETROLITICO, DIAMETRO DE 40 MM (1 1/2\")","UNID.",1,null,{"$f":"E1093*F1093","v":0}]
[null,null,null,null,null,null,{"$f":"E1094*F1094","v":0}]
[null,null,null,null,null,null,0]
[null,null,null,null,null,null,0]
[null,null,null,null,null,null,0]
[null,null,null,null,null,null,0]
[null,null,null,null,null,null,0]
[null,null,null,null,null,null,0]
[null,null,null,null,null,null,0]
[null,null,null,null,null,null,0]
[null,null,null,null,null,null,0]
[null,null,null,null,null,null,0]
[null,null,null,null,null,null,0]
[null,null,null,null,null,null,0]
[null,null,null,null,null,null,0]
[null,null,null,null,null,null,0]
[null,null,null,null,null,null,0]
[null,null,null,null,null,null,0]
[null,null,null,null,null,"TOTAL",{"$f":"SUM(G1091:G1110)","v":0}]
[]
["REFERENCIA","SINAPI",91887]
["CLASSE/TIPO","CÓDIGOS","DESCRIÇÃO","UNID."]
["IFMT 044.11.2018",".044/D","CURVA 45 GRAUS, PARA ELETRODUTO, EM ACO GALVANIZADO ELETROLITICO, DIAMETRO DE 25 MM (1\")","UNID.","COEFICIENTE","PREÇO UNITÁRIO (R$)","PREÇO TOTAL (R$)"]
["COMPOSIÇÃO",88247,"AUXILIAR DE ELETRICISTA COM ENCARGOS COMPLEMENTARES","H",0.125,null,{"$f":"E1116*F1116","v":0}]
["COMPOSIÇÃO",88264,"ELETRICISTA COM ENCARGOS COMPLEMENTARES","H",0.125,null,{"$f":"E1117*F1117","v":0}]
["INSUMO",2634,"CURVA 45 GRAUS, PARA ELETRODUTO, EM ACO GALVANIZADO ELETROLITICO, DIAMETRO DE 25 MM (1\")","UNID.",1,null,{"$f":"E1118*F1118","v":0}]
[null,null,null,null,null,null,{"$f":"E1119*F1119","v":0}]
[null,null,null,null,null,null,0]
[null,null,null,null,null,null,0]
[null,null,null,null,null,null,0]
[null,null,null,null,null,null,0]
[null,null,null,null,null,null,0]
[null,null,null,null,null,null,0]
[null,null,null,null,null,null,0]
[null,null,null,null,null,null,0]
[null,null,null,null,null,null,0]
[null,null,null,null,null,null,0]
[null,null,null,null,null,null,0]
[null,null,null,null,null,null,0]
[null,null,null,null,null,null,0]
[null,null,null,null,null,null,0]
[null,null,null,null,null,null,0]
[null,null,null,null,null,null,0]
[null,null,null,null,null,"TOTAL",{"$f":"SUM(G1116:G1135)","v":0}]
[]
["REFERENCIA","SINAPI",91978]
["CLASSE/TIPO","CÓDIGOS","DESCRIÇÃO","UNID."]
["IFMT 045.11.2018",".045/D","INTERRUPTOR BIPOLAR SIMPLES 20A/250V","UNID.","COEFICIENTE","PREÇO UNITÁRIO (R$)","PREÇO TOTAL (R$)"]
["COMPOSIÇÃO",88247,"AUXILIAR DE ELETRICISTA COM ENCARGOS COMPLEMENTARES","H",0.39,null,{"$f":"E1141*F1141","v":0}]
["COMPOSIÇÃO",88264,"ELETRICISTA COM ENCARGOS COMPLEMENTARES","H",0.39,null,{"$f":"E1142*F1142","v":0}]
["COTAÇÃO",null,"INTERRUPTOR BIPOLAR SIMPLES 20A/250V","UNID.",1,null,{"$f":"E1143*F1143","v":0}]
[null,null,null,null,null,null,{"$f":"E1144*F1144","v":0}]
[null,null,null,null,null,null,0]
[null,null,null,null,null,null,0]
[null,null,null,null,null,null,0]
[null,null,null,null,null,null,0]
[null,null,null,null,null,null,0]
[null,null,null,null,null,null,0]
[null,null,null,null,null,null,0]
[null,null,null,null,null,null,0]
[null,null,null,null,null,null,0]
[null,null,null,null,null,null,0]
[null,null,null,null,null,null,0]
[null,null,null,null,null,null,0]
[null,null,null,null,null,null,0]
[null,null,null,null,null,null,0]
[null,null,null,null,null,null,0]
[null,null,null,null,null,null,0]
[null,null,null,null,null,"TOTAL",{"$f":"SUM(G1141:G1160)","v":0}]
[]
["REFERENCIA","SINAPI","74246/1"]
["CLASSE/TIPO","CÓDIGOS","DESCRIÇÃO","UNID."]
["IFMT 046.11.2018",".046/D","LUMINÁRIAS TIPO CALHA, DE SOBREPOR, LÂMPADAS LED 2X2X18W, COMPLETAS, FORNECIMENTO E INSTALAÇÃO","UNID.","COEFICIENTE","PREÇO UNITÁRIO (R$)","PREÇO TOTAL (R$)"]
["COMPOSIÇÃO",88247,"AUXILIAR DE ELETRICISTA COM ENCARGOS COMPLEMENTARES","H",2,null,{"$f":"E1166*F1166","v":0}]
["COMPOSIÇÃO",88264,"ELETRICISTA COM ENCARGOS COMPLEMENTARES","H",2,null,{"$f":"E1167*F1167","v":0}]
["COTAÇÃO",null,"LUMINÁRIAS TIPO CALHA, DE SOBREPOR, LÂMPADAS LED 2X2X18W, COMPLETAS, FORNECIMENTO E INSTALAÇÃO","UNID.",1,null,{"$f":"E1168*F1168","v":0}]
[null,null,null,null,null,null,{"$f":"E1169*F1169","v":0}]
[null,null,null,null,null,null,0]
[null,null,null,null,null,null,0]
[null,null,null,null,null,null,0]
[null,null,null,null,null,null,0]
[null,null,null,null,null,null,0]
[null,null,null,null,null,null,0]
[null,null,null,null,null,null,0]
[null,null,null,null,null,null,0]
[null,null,null,null,null,null,0]
[null,null,null,null,null,null,0]
[null,null,null,null,null,null,0]
[null,null,null,null,null,null,0]
[null,null,null,null,null,null,0]
[null,null,null,null,null,null,0]
[null,null,null,null,null,null,0]
[null,null,null,null,null,null,0]
[null,null,null,null,null,"TOTAL",{"$f":"SUM(G1166:G1185)","v":0}]
[]
[]
["CLASSE/TIPO","CÓDIGOS/ SINAPI","DESCRIÇÃO","UNID."]
["IFMT 047.04.2019",".047/D","PORTA DE FERRO, DE ABRIR, 2 FOLHAS DE 1,40X2,10M, VENEZIANA, COM FUNDO ANTI CORRESIVO. FORNECIMENTO E INSTALAÇÃO","M2","COEFICIENTE","PREÇO UNITÁRIO (R$)","PREÇO TOTAL (R$)"]
["INSUMO",39022,"PORTA DE ABRIR EM ACO TIPO VENEZIANA, COM FUNDO ANTICORROSIVO / PRIMER DE PROTECAO, SEM GUARNICAO/ALIZAR/VISTA, 87 X 210 CM","UN",1,null,{"$f":"E1191*F1191","v":0}]
["COMPOSICAO",88309,"PEDREIRO COM ENCARGOS COMPLEMENTARES","H",0.82,null,{"$f":"E1192*F1192","v":0}]
["COMPOSICAO",88315,"SERRALHEIRO COM ENCARGOS COMPLEMENTARES","H",1.1000000000000001,null,{"$f":"E1193*F1193","v":0}]
["COMPOSICAO",88316,"SERVENTE COM ENCARGOS COMPLEMENTARES","H",1.6,null,{"$f":"E1194*F1194","v":0}]
["COMPOSICAO",88627,"ARGAMASSA TRAÇO 1:0,5:4,5 (CIMENTO, CAL E AREIA MÉDIA) PARA ASSENTAMENTO DE ALVENARIA, PREPARO MANUAL. AF_08/2014","M3",6.0000000000000001E-3,null,0]
[null,null,null,null,null,null,0]
[null,null,null,null,null,null,0]
[null,null,null,null,null,null,0]
[null,null,null,null,null,null,0]
[null,null,null,null,null,null,0]
[null,null,null,null,null,null,0]
[null,null,null,null,null,null,0]
[null,null,null,null,null,null,0]
[null,null,null,null,null,null,0]
[null,null,null,null,null,null,0]
[null,null,null,null,null,null,0]
[null,null,null,null,null,null,0]
[null,null,null,null,null,null,0]
[null,null,null,null,null,null,0]
[null,null,null,null,null,null,0]
[null,null,null,null,null,"TOTAL",{"$f":"SUM(G1191:G1210)","v":0}]
[]
[]
["CLASSE/TIPO","CÓDIGOS/ SINAPI","DESCRIÇÃO","UNID."]
["IFMT 048.04.2019",".048/D","PORTA DE FERRO, DE ABRIR, 2 FOLHAS DE 1,50X2,10M, VENEZIANA, COM FUNDO ANTI CORRESIVO. FORNECIMENTO E INSTALAÇÃO","M2","COEFICIENTE","PREÇO UNITÁRIO (R$)","PREÇO TOTAL (R$)"]
["INSUMO",39022,"PORTA DE ABRIR EM ACO TIPO VENEZIANA, COM FUNDO ANTICORROSIVO / PRIMER DE PROTECAO, SEM GUARNICAO/ALIZAR/VISTA, 87 X 210 CM","UN",1,null,{"$f":"E1216*F1216","v":0}]
["COMPOSICAO",88309,"PEDREIRO COM ENCARGOS COMPLEMENTARES","H",0.82,null,{"$f":"E1217*F1217","v":0}]
["COMPOSICAO",88315,"SERRALHEIRO COM ENCARGOS COMPLEMENTARES","H",1.1000000000000001,null,{"$f":"E1218*F1218","v":0}]
["COMPOSICAO",88316,"SERVENTE COM ENCARGOS COMPLEMENTARES","H",1.6,null,{"$f":"E1219*F1219","v":0}]
["COMPOSICAO",88627,"ARGAMASSA TRAÇO 1:0,5:4,5 (CIMENTO, CAL E AREIA MÉDIA) PARA ASSENTAMENTO DE ALVENARIA, PREPARO MANUAL. AF_08/2014","M3",6.0000000000000001E-3,null,0]
[null,null,null,null,null,null,0]
[null,null,null,null,null,null,0]
[null,null,null,null,null,null,0]
[null,null,null,null,null,null,0]
[null,null,null,null,null,null,0]
[null,null,null,null,null,null,0]
[null,null,null,null,null,null,0]
[null,null,null,null,null,null,0]
[null,null,null,null,null,null,0]
[null,null,null,null,null,null,0]
[null,null,null,null,null,null,0]
[null,null,null,null,null,null,0]
[null,null,null,null,null,null,0]
[null,null,null,null,null,null,0]
[null,null,null,null,null,null,0]
[null,null,null,null,null,"TOTAL",{"$f":"SUM(G1216:G1235)","v":0}]
[]
[]
["CLASSE/TIPO","CÓDIGOS/ SINAPI","DESCRIÇÃO","UNID."]
["IFMT 049.04.2019",".049/D","PORTA DE FERRO, DE CORRER, 4 FOLHAS DE 2,00X2,10M, COM DIVISÃO HORIZONTAL PARA VIDROS, COM FUNDO ANTI CORRESIVO, COM REQUADROS E GUARNIÇÕES - COMPLETA VIDROS NÃO INCLUSOS.FORNECIMENTO E INSTALAÇÃO","M2","COEFICIENTE","PREÇO UNITÁRIO (R$)","PREÇO TOTAL (R$)"]
["INSUMO",4930,"PORTA DE ABRIR EM GRADIL COM BARRA CHATA 3 CM X 1/4\", COM REQUADRO E GUARNICAO - COMPLETO - ACABAMENTO NATURAL","M²",1,null,{"$f":"E1241*F1241","v":0}]
["COMPOSICAO",88309,"PEDREIRO COM ENCARGOS COMPLEMENTARES","H",0.82,null,{"$f":"E1242*F1242","v":0}]
["COMPOSICAO",88315,"SERRALHEIRO COM ENCARGOS COMPLEMENTARES","H",1.1000000000000001,null,{"$f":"E1243*F1243","v":0}]
["COMPOSICAO",88316,"SERVENTE COM ENCARGOS COMPLEMENTARES","H",1.6,null,{"$f":"E1244*F1244","v":0}]
["COMPOSICAO",88627,"ARGAMASSA TRAÇO 1:0,5:4,5 (CIMENTO, CAL E AREIA MÉDIA) PARA ASSENTAMENTO DE ALVENARIA, PREPARO MANUAL. AF_08/2014","M3",6.0000000000000001E-3,null,0]
[null,null,null,null,null,null,0]
[null,null,null,null,null,null,0]
[null,null,null,null,null,null,0]
[null,null,null,null,null,null,0]
[null,null,null,null,null,null,0]
[null,null,null,null,null,null,0]
[null,null,null,null,null,null,0]
[null,null,null,null,null,null,0]
[null,null,null,null,null,null,0]
[null,null,null,null,null,null,0]
[null,null,null,null,null,null,0]
[null,null,null,null,null,null,0]
[null,null,null,null,null,null,0]
[null,null,null,null,null,null,0]
[null,null,null,null,null,null,0]
[null,null,null,null,null,"TOTAL",{"$f":"SUM(G1241:G1260)","v":0}]
[]
[]
["CLASSE/TIPO","CÓDIGOS/ SINAPI","DESCRIÇÃO","UND"]
["IFMT 050.04.2019",".050/D","RETIRADA DE ESQUADRIAS ","M2","COEFICIENTE","PREÇO UNITÁRIO (R$)","PREÇO TOTAL (R$)"]
["COMPOSIÇÃO",88316,"SERVENTE COM ENCARGOS COMPLEMENTARES","H",1,null,{"$f":"E1266*F1266","v":0}]
[null,null,null,null,null,null,{"$f":"E1267*F1267","v":0}]
[null,null,null,null,null,null,{"$f":"E1268*F1268","v":0}]
[null,null,null,null,null,null,{"$f":"E1269*F1269","v":0}]
[null,null,null,null,null,null,0]
[null,null,null,null,null,null,0]
[null,null,null,null,null,null,0]
[null,null,null,null,null,null,0]
[null,null,null,null,null,null,0]
[null,null,null,null,null,null,0]
[null,null,null,null,null,null,0]
[null,null,null,null,null,null,0]
[null,null,null,null,null,null,0]
[null,null,null,null,null,null,0]
[null,null,null,null,null,null,0]
[null,null,null,null,null,null,0]
[null,null,null,null,null,null,0]
[null,null,null,null,null,null,0]
[null,null,null,null,null,null,0]
[null,null,null,null,null,null,0]
[null,null,null,null,null,"TOTAL",{"$f":"SUM(G1266:G1285)","v":0}]
[]
[]
["CLASSE/TIPO","CÓDIGOS/ SINAPI","DESCRIÇÃO","UND"]
["IFMT 051.04.2019",".051/D","REMOÇÃO DE FORRO DE MADEIRA OU PVC","M2","COEFICIENTE","PREÇO UNITÁRIO (R$)","PREÇO TOTAL (R$)"]
["COMPOSIÇÃO",88262,"CARPINTEIRO DE FORMAS COM ENCARGOS COMPLEMENTARES H CR 20,08","H",0.2,null,{"$f":"E1291*F1291","v":0}]
["COMPOSIÇÃO",88316,"SERVENTE COM ENCARGOS COMPLEMENTARES","H",0.67,null,{"$f":"E1292*F1292","v":0}]
[null,null,null,null,null,null,{"$f":"E1293*F1293","v":0}]
[null,null,null,null,null,null,{"$f":"E1294*F1294","v":0}]
[null,null,null,null,null,null,0]
[null,null,null,null,null,null,0]
[null,null,null,null,null,null,0]
[null,null,null,null,null,null,0]
[null,null,null,null,null,null,0]
[null,null,null,null,null,null,0]
[null,null,null,null,null,null,0]
[null,null,null,null,null,null,0]
[null,null,null,null,null,null,0]
[null,null,null,null,null,null,0]
[null,null,null,null,null,null,0]
[null,null,null,null,null,null,0]
[null,null,null,null,null,null,0]
[null,null,null,null,null,null,0]
[null,null,null,null,null,null,0]
[null,null,null,null,null,null,0]
[null,null,null,null,null,"TOTAL",{"$f":"SUM(G1291:G1310)","v":0}]
[]
[]
["CLASSE/TIPO","CÓDIGOS/ SINAPI","DESCRIÇÃO","UND"]
["IFMT 052.04.2019",".052/D","REMOÇÃO DE AZULEJO E SUBSTRATO DE ADERENCIA EM ARGAMASSA","M2","COEFICIENTE","PREÇO UNITÁRIO (R$)","PREÇO TOTAL (R$)"]
["COMPOSIÇÃO",88309,"PEDREIRO COM ENCARGOS COMPLEMENTARES","H",0.25,null,{"$f":"E1316*F1316","v":0}]
["COMPOSIÇÃO",88316,"SERVENTE COM ENCARGOS COMPLEMENTARES","H",2.5,null,{"$f":"E1317*F1317","v":0}]
[null,null,null,null,null,null,{"$f":"E1318*F1318","v":0}]
[null,null,null,null,null,null,{"$f":"E1319*F1319","v":0}]
[null,null,null,null,null,null,0]
[null,null,null,null,null,null,0]
[null,null,null,null,null,null,0]
[null,null,null,null,null,null,0]
[null,null,null,null,null,null,0]
[null,null,null,null,null,null,0]
[null,null,null,null,null,null,0]
[null,null,null,null,null,null,0]
[null,null,null,null,null,null,0]
[null,null,null,null,null,null,0]
[null,null,null,null,null,null,0]
[null,null,null,null,null,null,0]
[null,null,null,null,null,null,0]
[null,null,null,null,null,null,0]
[null,null,null,null,null,null,0]
[null,null,null,null,null,null,0]
[null,null,null,null,null,"TOTAL",{"$f":"SUM(G1316:G1335)","v":0}]
[]
[]
["CLASSE/TIPO","CÓDIGOS/ SINAPI","DESCRIÇÃO","UND"]
["IFMT 053.04.2019",".053/D","RETIRADA DE APARELHOS SANITARIOS","UN ","COEFICIENTE","PREÇO UNITÁRIO (R$)","PREÇO TOTAL (R$)"]
["COMPOSIÇÃO",88267,"88267 ENCANADOR OU BOMBEIRO HIDRÁULICO COM ENCARGOS COMPLEMENTARES H CR 20,68","H",0.5,null,{"$f":"E1341*F1341","v":0}]
["COMPOSIÇÃO",88316,"SERVENTE COM ENCARGOS COMPLEMENTARES","H",0.5,null,{"$f":"E1342*F1342","v":0}]
[null,null,null,null,null,null,{"$f":"E1343*F1343","v":0}]
[null,null,null,null,null,null,{"$f":"E1344*F1344","v":0}]
[null,null,null,null,null,null,0]
[null,null,null,null,null,null,0]
[null,null,null,null,null,null,0]
[null,null,null,null,null,null,0]
[null,null,null,null,null,null,0]
[null,null,null,null,null,null,0]
[null,null,null,null,null,null,0]
[null,null,null,null,null,null,0]
[null,null,null,null,null,null,0]
[null,null,null,null,null,null,0]
[null,null,null,null,null,null,0]
[null,null,null,null,null,null,0]
[null,null,null,null,null,null,0]
[null,null,null,null,null,null,0]
[null,null,null,null,null,null,0]
[null,null,null,null,null,null,0]
[null,null,null,null,null,"TOTAL",{"$f":"SUM(G1341:G1360)","v":0}]
[]
[]
["CLASSE/TIPO","CÓDIGOS/ SINAPI","DESCRIÇÃO","UND"]
["IFMT 054.04.2019",".054/D","BARRA DE APOIO RETA, EM ALUMINIO, COMPRIMENTO 70CM, DIAMETRO MINIMO 3 CM FORNECIMENTO E INSTALAÇÃO.","UN ","COEFICIENTE","PREÇO UNITÁRIO (R$)","PREÇO TOTAL (R$)"]
["COMPOSIÇÃO",88309,"PEDREIRO COM ENCARGOS COMPLEMENTARES","H",0.3,null,{"$f":"E1366*F1366","v":0}]
["INSUMO",36220,"BARRA DE APOIO RETA, EM ALUMINIO, COMPRIMENTO 70CM, DIAMETRO MINIMO 3 CM","UN",1,null,{"$f":"E1367*F1367","v":0}]
[null,null,null,null,null,null,{"$f":"E1368*F1368","v":0}]
[null,null,null,null,null,null,{"$f":"E1369*F1369","v":0}]
[null,null,null,null,null,null,0]
[null,null,null,null,null,null,0]
[null,null,null,null,null,null,0]
[null,null,null,null,null,null,0]
[null,null,null,null,null,null,0]
[null,null,null,null,null,null,0]
[null,null,null,null,null,null,0]
[null,null,null,null,null,null,0]
[null,null,null,null,null,null,0]
[null,null,null,null,null,null,0]
[null,null,null,null,null,null,0]
[null,null,null,null,null,null,0]
[null,null,null,null,null,null,0]
[null,null,null,null,null,null,0]
[null,null,null,null,null,null,0]
[null,null,null,null,null,null,0]
[null,null,null,null,null,"TOTAL",{"$f":"SUM(G1366:G1385)","v":0}]
[]
[]
["CLASSE/TIPO","CÓDIGOS/ SINAPI","DESCRIÇÃO","UND"]
["IFMT 055.04.2019",".055/D","BARRA DE APOIO RETA, EM ALUMINIO, COMPRIMENTO 80CM, DIAMETRO MINIMO 3 CM FORNECIMENTO E INSTALAÇÃO.","UN ","COEFICIENTE","PREÇO UNITÁRIO (R$)","PREÇO TOTAL (R$)"]
["COMPOSIÇÃO",88309,"PEDREIRO COM ENCARGOS COMPLEMENTARES","H",0.3,null,{"$f":"E1391*F1391","v":0}]
["INSUMO",36080,"BARRA DE APOIO RETA, EM ALUMINIO, COMPRIMENTO 80 CM, DIAMETRO MINIMO 3 CM","UN",1,null,{"$f":"E1392*F1392","v":0}]
[null,null,null,null,null,null,{"$f":"E1393*F1393","v":0}]
[null,null,null,null,null,null,{"$f":"E1394*F1394","v":0}]
[null,null,null,null,null,null,0]
[null,null,null,null,null,null,0]
[null,null,null,null,null,null,0]
[null,null,null,null,null,null,0]
[null,null,null,null,null,null,0]
[null,null,null,null,null,null,0]
[null,null,null,null,null,null,0]
[null,null,null,null,null,null,0]
[null,null,null,null,null,null,0]
[null,null,null,null,null,null,0]
[null,null,null,null,null,null,0]
[null,null,null,null,null,null,0]
[null,null,null,null,null,null,0]
[null,null,null,null,null,null,0]
[null,null,null,null,null,null,0]
[null,null,null,null,null,null,0]
[null,null,null,null,null,"TOTAL",{"$f":"SUM(G1391:G1410)","v":0}]
[]
[]
["CLASSE/TIPO","CÓDIGOS/ SINAPI","DESCRIÇÃO","UND"]
["IFMT 056.04.2019",".056/D","BARRA DE APOIO RETA, EM ALUMINIO, COMPRIMENTO","UN ","COEFICIENTE","PREÇO UNITÁRIO (R$)","PREÇO TOTAL (R$)"]
["COMPOSIÇÃO",88309,"PEDREIRO COM ENCARGOS COMPLEMENTARES","H",0.3,null,{"$f":"E1416*F1416","v":0}]
["INSUMO","12967/ORSE","12967/ORSE Barra de apoio para lavatório, constituida de barra lateral em \"U\", em aço inox, d=1 1/4\" ","CJ",1,null,{"$f":"E1417*F1417","v":0}]
[null,null,null,null,null,null,{"$f":"E1418*F1418","v":0}]
[null,null,null,null,null,null,{"$f":"E1419*F1419","v":0}]
[null,null,null,null,null,null,0]
[null,null,null,null,null,null,0]
[null,null,null,null,null,null,0]
[null,null,null,null,null,null,0]
[null,null,null,null,null,null,0]
[null,null,null,null,null,null,0]
[null,null,null,null,null,null,0]
[null,null,null,null,null,null,0]
[null,null,null,null,null,null,0]
[null,null,null,null,null,null,0]
[null,null,null,null,null,null,0]
[null,null,null,null,null,null,0]
[null,null,null,null,null,null,0]
[null,null,null,null,null,null,0]
[null,null,null,null,null,null,0]
[null,null,null,null,null,null,0]
[null,null,null,null,null,"TOTAL",{"$f":"SUM(G1416:G1435)","v":0}]
[]
[]
["CLASSE/TIPO","CÓDIGOS/ SINAPI","DESCRIÇÃO","UND"]
["IFMT 057.04.2019",".057/X",null,"M2","COEFICIENTE","PREÇO UNITÁRIO (R$)","PREÇO TOTAL (R$)"]
[null,null,null,null,null,null,{"$f":"E1441*F1441","v":0}]
[null,null,null,null,null,null,{"$f":"E1442*F1442","v":0}]
[null,null,null,null,null,null,{"$f":"E1443*F1443","v":0}]
[null,null,null,null,null,null,{"$f":"E1444*F1444","v":0}]
[null,null,null,null,null,null,0]
[null,null,null,null,null,null,0]
[null,null,null,null,null,null,0]
[null,null,null,null,null,null,0]
[null,null,null,null,null,null,0]
[null,null,null,null,null,null,0]
[null,null,null,null,null,null,0]
[null,null,null,null,null,null,0]
[null,null,null,null,null,null,0]
[null,null,null,null,null,null,0]
[null,null,null,null,null,null,0]
[null,null,null,null,null,null,0]
[null,null,null,null,null,null,0]
[null,null,null,null,null,null,0]
[null,null,null,null,null,null,0]
[null,null,null,null,null,null,0]
[null,null,null,null,null,"TOTAL",{"$f":"SUM(G1441:G1460)","v":0}]
[]
[]
[]
["CLASSE/TIPO","CÓDIGOS/ SINAPI","DESCRIÇÃO","UND"]
["IFMT 058.04.2019",".058/X",null,"M2","COEFICIENTE","PREÇO UNITÁRIO (R$)","PREÇO TOTAL (R$)"]
[null,null,null,null,null,null,{"$f":"E1467*F1467","v":0}]
[null,null,null,null,null,null,{"$f":"E1468*F1468","v":0}]
[null,null,null,null,null,null,{"$f":"E1469*F1469","v":0}]
[null,null,null,null,null,null,{"$f":"E1470*F1470","v":0}]
[null,null,null,null,null,null,0]
[null,null,null,null,null,null,0]
[null,null,null,null,null,null,0]
[null,null,null,null,null,null,0]
[null,null,null,null,null,null,0]
[null,null,null,null,null,null,0]
[null,null,null,null,null,null,0]
[null,null,null,null,null,null,0]
[null,null,null,null,null,null,0]
[null,null,null,null,null,null,0]
[null,null,null,null,null,null,0]
[null,null,null,null,null,null,0]
[null,null,null,null,null,null,0]
[null,null,null,null,null,null,0]
[null,null,null,null,null,null,0]
[null,null,null,null,null,null,0]
[null,null,null,null,null,"TOTAL",{"$f":"SUM(G1467:G1486)","v":0}]
[]
[]
["CLASSE/TIPO","CÓDIGOS/ SINAPI","DESCRIÇÃO","M"]
["IFMT 059.05.2019",".059/D","DRENO EM PVC SOLDAVEL 25MM FIXADO COM BRÇADAEIRA DE AÇO NA PAREDE E NO PISO/CALÇADA ESCAVAÇÃO E CONCRETO","UN","COEFICIENTE","PREÇO UNITÁRIO (R$)","PREÇO TOTAL (R$)"]
["INSUMO",3529,"00003529 JOELHO PVC, SOLDAVEL, 90 GRAUS, 25 MM, PARA AGUA FRIA","UN",1,null,{"$f":"E1492*F1492","v":0}]
["INSUMO",3904,"00003904 LUVA PVC SOLDAVEL, 25 MM, PARA AGUA FRIA ","UN",1,null,{"$f":"E1493*F1493","v":0}]
["INSUMO",7139,"00007139 TE SOLDAVEL, PVC, 90 GRAUS, 25 MM, PARA AGUA FRIA PREDIAL (NBR 5648)","UN",1,null,{"$f":"E1494*F1494","v":0}]
["INSUMO",39139,"00039139 ABRACADEIRA EM ACO PARA AMARRACAO DE ELETRODUTOS, TIPO U SIMPLES, COM 1\" ","UN",1,null,{"$f":"E1495*F1495","v":0}]
["INSUMO",93358,"93358 ESCAVAÇÃO MANUAL DE VALA COM PROFUNDIDADE MENOR OU IGUAL A 1,30 M. AF_ 3/2016","M3",2.5000000000000001E-3,null,0]
["INSUMO",93382,"93382 REATERRO MANUAL DE VALAS COM COMPACTAÇÃO MECANIZADA. AF_04/2016","M3",2.3E-3,null,0]
["COMPOSIÇÃO",97629,"97629 DEMOLIÇÃO DE LAJES, DE FORMA MECANIZADA COM MARTELETE, SEM REAPROVEITAMENTO. AF_12/2017","M2",2.5000000000000001E-3,null,0]
["COMPOSIÇÃO",94993,"94993 EXECUÇÃO DE PASSEIO (CALÇADA) OU PISO DE CONCRETO COM CONCRETO MOLDADO IN LOCO, USINADO, ACABAMENTO CONVENCIONAL, ESPESSURA 6 CM, ARMADO. AF_07/20166","M3",2.5000000000000001E-3,null,0]
["COMPOSIÇÃO",88309,"88309 PEDREIRO COM ENCARGOS COMPLEMENTARES","H",0.5,null,0]
["COMPOSIÇÃO",88316,"88316 SERVENTE COM ENCARGOS COMPLEMENTARES","H",0.5,null,0]
[null,null,null,null,null,null,0]
[null,null,null,null,null,null,0]
[null,null,null,null,null,null,0]
[null,null,null,null,null,null,0]
[null,null,null,null,null,null,0]
[null,null,null,null,null,null,0]
[null,null,null,null,null,null,0]
[null,null,null,null,null,null,0]
[null,null,null,null,null,null,0]
[null,null,null,null,null,null,0]
[null,null,null,null,null,"TOTAL",{"$f":"SUM(G1492:G1511)","v":0}]
[]
[]
[]
["CLASSE/TIPO","CÓDIGOS/ SINAPI","DESCRIÇÃO","UND"]
["IFMT 060.05.2019",".060/D","LIXAMENTO DE PAREDES E TETO, PARA PINTURA","M2","COEFICIENTE","PREÇO UNITÁRIO (R$)","PREÇO TOTAL (R$)"]
["INSUMO",3767,"00003767 LIXA EM FOLHA PARA PAREDE OU MADEIRA, NUMERO 120 (COR VERMELHA) ","UN",4.1399999999999999E-2,null,{"$f":"E1518*F1518","v":0}]
["COMPOSICAO",88310,"88310 PINTOR COM ENCARGOS COMPLEMENTARES","H",5.0999999999999997E-2,null,{"$f":"E1519*F1519","v":0}]
["COMPOSICAO",88316,"88316 SERVENTE COM ENCARGOS COMPLEMENTARES","H",1.9E-2,null,{"$f":"E1520*F1520","v":0}]
[null,null,null,null,null,null,{"$f":"E1521*F1521","v":0}]
[null,null,null,null,null,null,0]
[null,null,null,null,null,null,0]
[null,null,null,null,null,null,0]
[null,null,null,null,null,null,0]
[null,null,null,null,null,null,0]
[null,null,null,null,null,null,0]
[null,null,null,null,null,null,0]
[null,null,null,null,null,null,0]
[null,null,null,null,null,null,0]
[null,null,null,null,null,null,0]
[null,null,null,null,null,null,0]
[null,null,null,null,null,null,0]
[null,null,null,null,null,null,0]
[null,null,null,null,null,null,0]
[null,null,null,null,null,null,0]
[null,null,null,null,null,null,0]
[null,null,null,null,null,"TOTAL",{"$f":"SUM(G1518:G1537)","v":0}]
[]
[]
[]
["CLASSE/TIPO","CÓDIGOS/ SINAPI","DESCRIÇÃO","UND"]
["IFMT 061.05.2019",".061/D","RESTAURAÇÃO DA COBERTURA COM MANTA ASFALTICA ALUMINIZADA MULTIUSO. FORNECIMENTO E INSTALAÇÃO","M2","COEFICIENTE","PREÇO UNITÁRIO (R$)","PREÇO TOTAL (R$)"]
["INSUMO",39701,"00039701 FITA ADESIVA ASFALTICA ALUMINIZADA MULTIUSO, L = 10 CM, ROLO DE 10 M","M2",0.183,null,{"$f":"E1544*F1544","v":0}]
["COMPOSIÇÃO",88316,"88316 SERVENTE COM ENCARGOS COMPLEMENTARES","H",0.183,null,{"$f":"E1545*F1545","v":0}]
[null,null,null,null,null,null,{"$f":"E1546*F1546","v":0}]
[null,null,null,null,null,null,{"$f":"E1547*F1547","v":0}]
[null,null,null,null,null,null,0]
[null,null,null,null,null,null,0]
[null,null,null,null,null,null,0]
[null,null,null,null,null,null,0]
[null,null,null,null,null,null,0]
[null,null,null,null,null,null,0]
[null,null,null,null,null,null,0]
[null,null,null,null,null,null,0]
[null,null,null,null,null,null,0]
[null,null,null,null,null,null,0]
[null,null,null,null,null,null,0]
[null,null,null,null,null,null,0]
[null,null,null,null,null,null,0]
[null,null,null,null,null,null,0]
[null,null,null,null,null,null,0]
[null,null,null,null,null,null,0]
[null,null,null,null,null,"TOTAL",{"$f":"SUM(G1544:G1563)","v":0}]
[]
[]
[]
["CLASSE/TIPO","CÓDIGOS/ SINAPI","DESCRIÇÃO","UND"]
["IFMT 062.05.2019",".062/R","JOELHO DE REDUCAO, PVC SOLDAVEL, 90 GRAUS, 32 MM X 25 MM, PARA AGUA FRIA PREDIAL, INSTALADO EM RAMAL OU SUB-RAMAL DE ÁGUA - FORNECIMENTO E INSTALAÇ","UN","COEFICIENTE","PREÇO UNITÁRIO (R$)","PREÇO TOTAL (R$)"]
["INSUMO",122,"ADESIVO PLASTICO PARA PVC, FRASCO COM 850 GR","UN",8.9999999999999993E-3,null,{"$f":"E1570*F1570","v":0}]
["INSUMO",3538,"JOELHO DE REDUCAO, PVC SOLDAVEL, 90 GRAUS, 32 MM X 25 MM, PARA AGUA FRIA PREDIAL","UN",1,null,{"$f":"E1571*F1571","v":0}]
["INSUMO",20083,"SOLUCAO LIMPADORA PARA PVC, FRASCO COM 1000 CM3","UN",1.0999999999999999E-2,null,{"$f":"E1572*F1572","v":0}]
["INSUMO",38383,"LIXA D'AGUA EM FOLHA, GRAO 100","UN",0.06,null,{"$f":"E1573*F1573","v":0}]
["COMPOSIÇÃO",88248,"AUXILIAR DE ENCANADOR OU BOMBEIRO HIDRÁULICO COM ENCARGOS COMPLEMENTARES","H",0.17899999999999999,null,0]
["COMPOSIÇÃO",88267,"ENCANADOR OU BOMBEIRO HIDRÁULICO COM ENCARGOS COMPLEMENTARES","H",0.17899999999999999,null,0]
[null,null,null,null,null,null,0]
[null,null,null,null,null,null,0]
[null,null,null,null,null,null,0]
[null,null,null,null,null,null,0]
[null,null,null,null,null,null,0]
[null,null,null,null,null,null,0]
[null,null,null,null,null,null,0]
[null,null,null,null,null,null,0]
[null,null,null,null,null,null,0]
[null,null,null,null,null,null,0]
[null,null,null,null,null,null,0]
[null,null,null,null,null,null,0]
[null,null,null,null,null,null,0]
[null,null,null,null,null,null,0]
[null,null,null,null,null,"TOTAL",{"$f":"SUM(G1570:G1589)","v":0}]
[]
[]
["CLASSE/TIPO","CÓDIGOS/ SINAPI","DESCRIÇÃO","UND"]
["IFMT 063.05.2019",".063/R","CAIXA D´ÁGUA EM POLIETILENO, 2000 LITROS, COM ACESSÓRIOS - FORNECIMENTO E INSTALAÇÃO","UN","COEFICIENTE","PREÇO UNITÁRIO (R$)","PREÇO TOTAL (R$)"]
["INSUMO",67,"ADAPTADOR PVC ROSCAVEL, COM FLANGES E ANEL DE VEDACAO, 1/2\", PARA CAIXA D' AGUA","UN",1,null,{"$f":"E1595*F1595","v":0}]
["INSUMO",68,"ADAPTADOR PVC SOLDAVEL, COM FLANGES LIVRES, 32 MM X 1\", PARA CAIXA D' AGUA","UN",2,null,{"$f":"E1596*F1596","v":0}]
["INSUMO",87,"ADAPTADOR PVC SOLDAVEL, LONGO, COM FLANGE LIVRE,  25 MM X 3/4\", PARA CAIXA D' AGUA","UN",1,null,{"$f":"E1597*F1597","v":0}]
["INSUMO",119,"ADESIVO PLASTICO PARA PVC, BISNAGA COM 75 GR","UN",0.4,null,{"$f":"E1598*F1598","v":0}]
["INSUMO",3146,"FITA VEDA ROSCA EM ROLOS DE 18 MM X 10 M (L X C)","UN",0.3,null,0]
["INSUMO",3536,"JOELHO PVC, SOLDAVEL, 90 GRAUS, 32 MM, PARA AGUA FRIA PREDIAL","UN",1,null,0]
["INSUMO",7140,"TE SOLDAVEL, PVC, 90 GRAUS, 32 MM, PARA AGUA FRIA PREDIAL (NBR 5648)","UN",1,null,0]
["INSUMO",9868,"TUBO PVC, SOLDAVEL, DN 25 MM, AGUA FRIA (NBR-5648)","M",1.5,null,0]
["INSUMO",9869,"TUBO PVC, SOLDAVEL, DN 32 MM, AGUA FRIA (NBR-5648)","M",2,null,0]
["INSUMO",11675,"REGISTRO DE ESFERA, PVC, COM VOLANTE, VS, SOLDAVEL, DN 32 MM, COM CORPO DIVIDIDO","UN",1,null,0]
["INSUMO",11829,"TORNEIRA DE BOIA CONVENCIONAL PARA CAIXA D'AGUA, 1/2\", COM HASTE E TORNEIRA METALICOS E BALAO PLASTICO","UN",1,null,0]
["INSUMO",34640,"CAIXA D'AGUA EM POLIETILENO 2000 LITROS, COM TAMPA","UN",1,null,0]
["COMPOSICAO",88248,"AUXILIAR DE ENCANADOR OU BOMBEIRO HIDRÁULICO COM ENCARGOS COMPLEMENTARES","H",7.7,null,0]
["COMPOSICAO",88267,"ENCANADOR OU BOMBEIRO HIDRÁULICO COM ENCARGOS COMPLEMENTARES","H",7.7,null,0]
[null,null,null,null,null,null,0]
[null,null,null,null,null,null,0]
[null,null,null,null,null,null,0]
[null,null,null,null,null,null,0]
[null,null,null,null,null,null,0]
[null,null,null,null,null,null,0]
[null,null,null,null,null,"TOTAL",{"$f":"SUM(G1595:G1614)","v":0}]
[]
[]
["CLASSE/TIPO","CÓDIGOS/ SINAPI","DESCRIÇÃO","UND"]
["IFMT 064.05.2019",".064/R","JOELHO PVC, COM BOLSA E ANEL, 90 GRAUS, DN 40 X 1.1/2\", SERIE NORMAL, PARA ESGOTO PREDIAL FORNECIMENTO E INSTALAÇÃO","UN","COEFICIENTE","PREÇO UNITÁRIO (R$)","PREÇO TOTAL (R$)"]
["INSUMO",122,"ADESIVO PLASTICO PARA PVC, FRASCO COM 850 GR","UN",9.9000000000000008E-3,null,{"$f":"E1620*F1620","v":0}]
["INSUMO",10835,"JOELHO PVC, COM BOLSA E ANEL, 90 GRAUS, DN 40 X *38* MM, SERIE NORMAL, PARA ESGOTO PREDIAL","UN",1,null,{"$f":"E1621*F1621","v":0}]
["INSUMO",20083,"SOLUCAO LIMPADORA PARA PVC, FRASCO COM 1000 CM3","UN",1.4999999999999999E-2,null,{"$f":"E1622*F1622","v":0}]
["INSUMO",38383,"LIXA D'AGUA EM FOLHA, GRAO 100","UN",2.1000000000000001E-2,null,{"$f":"E1623*F1623","v":0}]
["COMPOSIÇÃO",88248,"AUXILIAR DE ENCANADOR OU BOMBEIRO HIDRÁULICO COM ENCARGOS COMPLEMENTARES","H",0.1,null,0]
["COMPOSIÇÃO",88267,"ENCANADOR OU BOMBEIRO HIDRÁULICO COM ENCARGOS COMPLEMENTARES","H",0.1,null,0]
[null,null,null,null,null,null,0]
[null,null,null,null,null,null,0]
[null,null,null,null,null,null,0]
[null,null,null,null,null,null,0]
[null,null,null,null,null,null,0]
[null,null,null,null,null,null,0]
[null,null,null,null,null,null,0]
[null,null,null,null,null,null,0]
[null,null,null,null,null,null,0]
[null,null,null,null,null,null,0]
[null,null,null,null,null,null,0]
[null,null,null,null,null,null,0]
[null,null,null,null,null,null,0]
[null,null,null,null,null,null,0]
[null,null,null,null,null,"TOTAL",{"$f":"SUM(G1620:G1639)","v":0}]
[]
[]
["CLASSE/TIPO","CÓDIGOS/ SINAPI","DESCRIÇÃO","UND"]
["IFMT 065.05.2019",".065/R","JUNÇÃO SIMPLES, PVC, SERIE NORMAL, ESGOTO PREDIAL, DN 100 X 50 MM, JUNTA ELÁSTICA, FORNECIDO E INSTALADO EM RAMAL DE DESCARGA OU RAMAL DE ESGOTO SANITÁRIO","UN","COEFICIENTE","PREÇO UNITÁRIO (R$)","PREÇO TOTAL (R$)"]
["INSUMO",296,"ANEL BORRACHA PARA TUBO ESGOTO PREDIAL DN 50 MM (NBR 5688)","UN",1,null,{"$f":"E1645*F1645","v":0}]
["INSUMO",301,"ANEL BORRACHA PARA TUBO ESGOTO PREDIAL, DN 100 MM (NBR 5688)","UN",1,null,{"$f":"E1646*F1646","v":0}]
["INSUMO",3659,"JUNCAO SIMPLES, PVC, DN 100 X 50 MM, SERIE NORMAL PARA ESGOTO PREDIAL","UN",1,null,{"$f":"E1647*F1647","v":0}]
["INSUMO",20078,"PASTA LUBRIFICANTE PARA TUBOS E CONEXOES COM JUNTA ELASTICA (USO EM PVC, ACO, POLIETILENO E OUTROS) ( DE *400* G)","UN",9.1999999999999998E-2,null,{"$f":"E1648*F1648","v":0}]
["COMPOSIÇÃO",88248,"AUXILIAR DE ENCANADOR OU BOMBEIRO HIDRÁULICO COM ENCARGOS COMPLEMENTARES","H",0.33,null,0]
["COMPOSIÇÃO",88267,"ENCANADOR OU BOMBEIRO HIDRÁULICO COM ENCARGOS COMPLEMENTARES","H",0.33,null,0]
[null,null,null,null,null,null,0]
[null,null,null,null,null,null,0]
[null,null,null,null,null,null,0]
[null,null,null,null,null,null,0]
[null,null,null,null,null,null,0]
[null,null,null,null,null,null,0]
[null,null,null,null,null,null,0]
[null,null,null,null,null,null,0]
[null,null,null,null,null,null,0]
[null,null,null,null,null,null,0]
[null,null,null,null,null,null,0]
[null,null,null,null,null,null,0]
[null,null,null,null,null,null,0]
[null,null,null,null,null,null,0]
[null,null,null,null,null,"TOTAL",{"$f":"SUM(G1645:G1664)","v":0}]
[]
[]
["CLASSE/TIPO","CÓDIGOS/ SINAPI","DESCRIÇÃO","UND"]
["IFMT 066.05.2019",".066/R","REGISTRO DE GAVETA BRUTO, LATÃO, ROSCÁVEL, 1\", COM ACABAMENTO E CANOPLA CROMADOS. FORNECIDO E INSTALADO EM RAMAL DE ÁGUA","UN","COEFICIENTE","PREÇO UNITÁRIO (R$)","PREÇO TOTAL (R$)"]
["INSUMO",3148,"FITA VEDA ROSCA EM ROLOS DE 18 MM X 50 M (L X C)","UN",1.2999999999999999E-2,null,{"$f":"E1670*F1670","v":0}]
["INSUMO",6013,"REGISTRO GAVETA COM ACABAMENTO E CANOPLA CROMADOS, SIMPLES, BITOLA 1 \" (REF 1509)","UN",1,null,{"$f":"E1671*F1671","v":0}]
["COMPOSIÇÃO",88248,"AUXILIAR DE ENCANADOR OU BOMBEIRO HIDRÁULICO COM ENCARGOS COMPLEMENTARES","H",0.23,null,{"$f":"E1672*F1672","v":0}]
["COMPOSIÇÃO",88267,"ENCANADOR OU BOMBEIRO HIDRÁULICO COM ENCARGOS COMPLEMENTARES","H",0.3,null,{"$f":"E1673*F1673","v":0}]
[null,null,null,null,null,null,0]
[null,null,null,null,null,null,0]
[null,null,null,null,null,null,0]
[null,null,null,null,null,null,0]
[null,null,null,null,null,null,0]
[null,null,null,null,null,null,0]
[null,null,null,null,null,null,0]
[null,null,null,null,null,null,0]
[null,null,null,null,null,null,0]
[null,null,null,null,null,null,0]
[null,null,null,null,null,null,0]
[null,null,null,null,null,null,0]
[null,null,null,null,null,null,0]
[null,null,null,null,null,null,0]
[null,null,null,null,null,null,0]
[null,null,null,null,null,null,0]
[null,null,null,null,null,"TOTAL",{"$f":"SUM(G1670:G1689)","v":0}]
[]
[]
["CLASSE/TIPO","CÓDIGOS/ SINAPI","DESCRIÇÃO","UND"]
["IFMT 067.05.2019",".067/R","REGISTRO DE GAVETA BRUTO, LATÃO, ROSCÁVEL, 1.1/2\", COM ACABAMENTO E CANOPLA CROMADOS. FORNECIDO E INSTALADO EM RAMAL DE ÁGUA","UN","COEFICIENTE","PREÇO UNITÁRIO (R$)","PREÇO TOTAL (R$)"]
["INSUMO",3148,"FITA VEDA ROSCA EM ROLOS DE 18 MM X 50 M (L X C)","UN",1.2999999999999999E-2,null,{"$f":"E1695*F1695","v":0}]
["INSUMO",6015,"REGISTRO GAVETA COM ACABAMENTO E CANOPLA CROMADOS, SIMPLES, BITOLA 1 1/2 \" (REF 1509)","UN",1,null,{"$f":"E1696*F1696","v":0}]
["COMPOSIÇÃO",88248,"AUXILIAR DE ENCANADOR OU BOMBEIRO HIDRÁULICO COM ENCARGOS COMPLEMENTARES","H",0.23,null,{"$f":"E1697*F1697","v":0}]
["COMPOSIÇÃO",88267,"ENCANADOR OU BOMBEIRO HIDRÁULICO COM ENCARGOS COMPLEMENTARES","H",0.3,null,{"$f":"E1698*F1698","v":0}]
[null,null,null,null,null,null,0]
[null,null,null,null,null,null,0]
[null,null,null,null,null,null,0]
[null,null,null,null,null,null,0]
[null,null,null,null,null,null,0]
[null,null,null,null,null,null,0]
[null,null,null,null,null,null,0]
[null,null,null,null,null,null,0]
[null,null,null,null,null,null,0]
[null,null,null,null,null,null,0]
[null,null,null,null,null,null,0]
[null,null,null,null,null,null,0]
[null,null,null,null,null,null,0]
[null,null,null,null,null,null,0]
[null,null,null,null,null,null,0]
[null,null,null,null,null,null,0]
[null,null,null,null,null,"TOTAL",{"$f":"SUM(G1695:G1714)","v":0}]
[]
[]
[]
["CLASSE/TIPO","CÓDIGOS/ SINAPI","DESCRIÇÃO","UND"]
["IFMT 068.05.2019",".068/R","REDUCAO EXCENTRICA PVC P/ ESG PREDIAL DN 100 X 75MM, FORNECIDO E INSTALADO EM RAMAL DE DESCARGA OU RAMAL DE ESGOTO SANITÁRIO","UN","COEFICIENTE","PREÇO UNITÁRIO (R$)","PREÇO TOTAL (R$)"]
["INSUMO",301,"ANEL BORRACHA PARA TUBO ESGOTO PREDIAL, DN 100 MM (NBR 5688)","UN",1,null,{"$f":"E1721*F1721","v":0}]
["INSUMO",20044,"REDUCAO EXCENTRICA PVC P/ ESG PREDIAL DN 100 X 75MM","UN",1,null,{"$f":"E1722*F1722","v":0}]
["INSUMO",20078,"PASTA LUBRIFICANTE PARA TUBOS E CONEXOES COM JUNTA ELASTICA (USO EM PVC, ACO, POLIETILENO E OUTROS) ( DE *400* G)","UN",4.5999999999999999E-2,null,{"$f":"E1723*F1723","v":0}]
["COMPOSIÇÃO",88248,"AUXILIAR DE ENCANADOR OU BOMBEIRO HIDRÁULICO COM ENCARGOS COMPLEMENTARES","H",9.5000000000000001E-2,null,{"$f":"E1724*F1724","v":0}]
["COMPOSIÇÃO",88267,"ENCANADOR OU BOMBEIRO HIDRÁULICO COM ENCARGOS COMPLEMENTARES","H",9.5000000000000001E-2,null,0]
[null,null,null,null,null,null,0]
[null,null,null,null,null,null,0]
[null,null,null,null,null,null,0]
[null,null,null,null,null,null,0]
[null,null,null,null,null,null,0]
[null,null,null,null,null,null,0]
[null,null,null,null,null,null,0]
[null,null,null,null,null,null,0]
[null,null,null,null,null,null,0]
[null,null,null,null,null,null,0]
[null,null,null,null,null,null,0]
[null,null,null,null,null,null,0]
[null,null,null,null,null,null,0]
[null,null,null,null,null,null,0]
[null,null,null,null,null,null,0]
[null,null,null,null,null,"TOTAL",{"$f":"SUM(G1721:G1740)","v":0}]
[]
[]
["CLASSE/TIPO","CÓDIGOS/ SINAPI","DESCRIÇÃO","UND"]
["IFMT 069.05.2019",".069/R","TE, PVC, SERIE NORMAL, ESGOTO PREDIAL, DN 75 X 50 MM, JUNTA ELÁSTICA, FORNECIDO E INSTALADO EM RAMAL DE DESCARGA OU RAMAL DE ESGOTO SANITÁRIO","UN","COEFICIENTE","PREÇO UNITÁRIO (R$)","PREÇO TOTAL (R$)"]
["INSUMO",296,"ANEL BORRACHA PARA TUBO ESGOTO PREDIAL DN 50 MM (NBR 5688)","UN",1,null,{"$f":"E1746*F1746","v":0}]
["INSUMO",297,"ANEL BORRACHA PARA TUBO ESGOTO PREDIAL DN 75 MM (NBR 5688)","UN",1,null,{"$f":"E1747*F1747","v":0}]
["INSUMO",11657,"TE SANITARIO, PVC, DN 75 X 50 MM, SERIE NORMAL PARA ESGOTO PREDIAL","UN",1,null,{"$f":"E1748*F1748","v":0}]
["INSUMO",20078,"PASTA LUBRIFICANTE PARA TUBOS E CONEXOES COM JUNTA ELASTICA (USO EM PVC, ACO, POLIETILENO E OUTROS) ( DE *400* G)","UN",0.04,null,{"$f":"E1749*F1749","v":0}]
["COMPOSIÇÃO",88248,"AUXILIAR DE ENCANADOR OU BOMBEIRO HIDRÁULICO COM ENCARGOS COMPLEMENTARES","H",0.17,null,0]
["COMPOSIÇÃO",88267,"ENCANADOR OU BOMBEIRO HIDRÁULICO COM ENCARGOS COMPLEMENTARES","H",0.17,null,0]
[null,null,null,null,null,null,0]
[null,null,null,null,null,null,0]
[null,null,null,null,null,null,0]
[null,null,null,null,null,null,0]
[null,null,null,null,null,null,0]
[null,null,null,null,null,null,0]
[null,null,null,null,null,null,0]
[null,null,null,null,null,null,0]
[null,null,null,null,null,null,0]
[null,null,null,null,null,null,0]
[null,null,null,null,null,null,0]
[null,null,null,null,null,null,0]
[null,null,null,null,null,null,0]
[null,null,null,null,null,null,0]
[null,null,null,null,null,"TOTAL",{"$f":"SUM(G1746:G1765)","v":0}]
[]
[]
["CLASSE/TIPO","CÓDIGOS/ SINAPI","DESCRIÇÃO","UND"]
["IFMT 070.05.2019",".070/R","BUCHA DE REDUÇÃO, PVC, SOLDÁVEL, CURTA, COM 32 X 25 MM, INSTALADO EM RAMAL OU SUB-RAMAL DE ÁGUA - FORNECIMENTO E INSTALAÇÃO","UN","COEFICIENTE","PREÇO UNITÁRIO (R$)","PREÇO TOTAL (R$)"]
["INSUMO",122,"ADESIVO PLASTICO PARA PVC, FRASCO COM 850 GR","UN",8.9999999999999993E-3,null,{"$f":"E1771*F1771","v":0}]
["INSUMO",829,"BUCHA DE REDUCAO DE PVC, SOLDAVEL, CURTA, COM 32 X 25 MM, PARA AGUA FRIA PREDIAL","UN",1,null,{"$f":"E1772*F1772","v":0}]
["INSUMO",20083,"SOLUCAO LIMPADORA PARA PVC, FRASCO COM 1000 CM3","UN",1.0999999999999999E-2,null,{"$f":"E1773*F1773","v":0}]
["INSUMO",38383,"LIXA D'AGUA EM FOLHA, GRAO 100","UN",0.06,null,{"$f":"E1774*F1774","v":0}]
["COMPOSIÇÃO",88248,"AUXILIAR DE ENCANADOR OU BOMBEIRO HIDRÁULICO COM ENCARGOS COMPLEMENTARES","H",0.11899999999999999,null,0]
["COMPOSIÇÃO",88267,"ENCANADOR OU BOMBEIRO HIDRÁULICO COM ENCARGOS COMPLEMENTARES","H",0.11899999999999999,null,0]
[null,null,null,null,null,null,0]
[null,null,null,null,null,null,0]
[null,null,null,null,null,null,0]
[null,null,null,null,null,null,0]
[null,null,null,null,null,null,0]
[null,null,null,null,null,null,0]
[null,null,null,null,null,null,0]
[null,null,null,null,null,null,0]
[null,null,null,null,null,null,0]
[null,null,null,null,null,null,0]
[null,null,null,null,null,null,0]
[null,null,null,null,null,null,0]
[null,null,null,null,null,null,0]
[null,null,null,null,null,null,0]
[null,null,null,null,null,"TOTAL",{"$f":"SUM(G1771:G1790)","v":0}]
[]
[]
["CLASSE/TIPO","CÓDIGOS/ SINAPI","DESCRIÇÃO","UND"]
["IFMT 071.05.2019",".071/R","BUCHA DE REDUÇÃO, PVC, SOLDÁVEL, CURTA, COM 60 X 50 MM, INSTALADO EM RAMAL OU SUB-RAMAL DE ÁGUA - FORNECIMENTO E INSTALAÇÃO","UN","COEFICIENTE","PREÇO UNITÁRIO (R$)","PREÇO TOTAL (R$)"]
["INSUMO",122,"ADESIVO PLASTICO PARA PVC, FRASCO COM 850 GR","UN",8.9999999999999993E-3,null,{"$f":"E1796*F1796","v":0}]
["INSUMO",818,"BUCHA DE REDUCAO DE PVC, SOLDAVEL, CURTA, COM 60 X 50 MM, PARA AGUA FRIA PREDIAL","UN",1,null,{"$f":"E1797*F1797","v":0}]
["INSUMO",20083,"SOLUCAO LIMPADORA PARA PVC, FRASCO COM 1000 CM3","UN",1.0999999999999999E-2,null,{"$f":"E1798*F1798","v":0}]
["INSUMO",38383,"LIXA D'AGUA EM FOLHA, GRAO 100","UN",0.06,null,{"$f":"E1799*F1799","v":0}]
["COMPOSIÇÃO",88248,"AUXILIAR DE ENCANADOR OU BOMBEIRO HIDRÁULICO COM ENCARGOS COMPLEMENTARES","H",0.11899999999999999,null,0]
["COMPOSIÇÃO",88267,"ENCANADOR OU BOMBEIRO HIDRÁULICO COM ENCARGOS COMPLEMENTARES","H",0.11899999999999999,null,0]
[null,null,null,null,null,null,0]
[null,null,null,null,null,null,0]
[null,null,null,null,null,null,0]
[null,null,null,null,null,null,0]
[null,null,null,null,null,null,0]
[null,null,null,null,null,null,0]
[null,null,null,null,null,null,0]
[null,null,null,null,null,null,0]
[null,null,null,null,null,null,0]
[null,null,null,null,null,null,0]
[null,null,null,null,null,null,0]
[null,null,null,null,null,null,0]
[null,null,null,null,null,null,0]
[null,null,null,null,null,null,0]
[null,null,null,null,null,"TOTAL",{"$f":"SUM(G1796:G1815)","v":0}]
[]
[]
["CLASSE/TIPO","CÓDIGOS/ SINAPI","DESCRIÇÃO","UND"]
["IFMT 072.05.2019",".072/R","BUCHA DE REDUÇÃO, PVC, SOLDÁVEL, LONGA, COM 50 X 32 MM, INSTALADO EM RAMAL OU SUB-RAMAL DE ÁGUA - FORNECIMENTO E INSTALAÇÃO","UN","COEFICIENTE","PREÇO UNITÁRIO (R$)","PREÇO TOTAL (R$)"]
["INSUMO",122,"ADESIVO PLASTICO PARA PVC, FRASCO COM 850 GR","UN",8.9999999999999993E-3,null,{"$f":"E1821*F1821","v":0}]
["INSUMO",820,"BUCHA DE REDUCAO DE PVC, SOLDAVEL, LONGA, COM 50 X 32 MM, PARA AGUA FRIA PREDIAL","UN",1,null,{"$f":"E1822*F1822","v":0}]
["INSUMO",20083,"SOLUCAO LIMPADORA PARA PVC, FRASCO COM 1000 CM3","UN",1.0999999999999999E-2,null,{"$f":"E1823*F1823","v":0}]
["INSUMO",38383,"LIXA D'AGUA EM FOLHA, GRAO 100","UN",0.06,null,{"$f":"E1824*F1824","v":0}]
["COMPOSIÇÃO",88248,"AUXILIAR DE ENCANADOR OU BOMBEIRO HIDRÁULICO COM ENCARGOS COMPLEMENTARES","H",0.11899999999999999,null,0]
["COMPOSIÇÃO",88267,"ENCANADOR OU BOMBEIRO HIDRÁULICO COM ENCARGOS COMPLEMENTARES","H",0.11899999999999999,null,0]
[null,null,null,null,null,null,0]
[null,null,null,null,null,null,0]
[null,null,null,null,null,null,0]
[null,null,null,null,null,null,0]
[null,null,null,null,null,null,0]
[null,null,null,null,null,null,0]
[null,null,null,null,null,null,0]
[null,null,null,null,null,null,0]
[null,null,null,null,null,null,0]
[null,null,null,null,null,null,0]
[null,null,null,null,null,null,0]
[null,null,null,null,null,null,0]
[null,null,null,null,null,null,0]
[null,null,null,null,null,null,0]
[null,null,null,null,null,"TOTAL",{"$f":"SUM(G1821:G1840)","v":0}]
[]
[]
["CLASSE/TIPO","CÓDIGOS/ SINAPI","DESCRIÇÃO","UND"]
["IFMT 073.05.2019",".073/R","BUCHA DE REDUÇÃO, PVC, SOLDÁVEL, LONGA, COM 60 X 25 MM, INSTALADO EM RAMAL OU SUB-RAMAL DE ÁGUA - FORNECIMENTO E INSTALAÇÃO","UN","COEFICIENTE","PREÇO UNITÁRIO (R$)","PREÇO TOTAL (R$)"]
["INSUMO",122,"ADESIVO PLASTICO PARA PVC, FRASCO COM 850 GR","UN",8.9999999999999993E-3,null,{"$f":"E1846*F1846","v":0}]
["INSUMO",816,"BUCHA DE REDUCAO DE PVC, SOLDAVEL, LONGA, COM 60 X 25 MM, PARA AGUA FRIA PREDIAL","UN",1,null,{"$f":"E1847*F1847","v":0}]
["INSUMO",20083,"SOLUCAO LIMPADORA PARA PVC, FRASCO COM 1000 CM3","UN",1.0999999999999999E-2,null,{"$f":"E1848*F1848","v":0}]
["INSUMO",38383,"LIXA D'AGUA EM FOLHA, GRAO 100","UN",0.06,null,{"$f":"E1849*F1849","v":0}]
["COMPOSIÇÃO",88248,"AUXILIAR DE ENCANADOR OU BOMBEIRO HIDRÁULICO COM ENCARGOS COMPLEMENTARES","H",0.11899999999999999,null,0]
["COMPOSIÇÃO",88267,"ENCANADOR OU BOMBEIRO HIDRÁULICO COM ENCARGOS COMPLEMENTARES","H",0.11899999999999999,null,0]
[null,null,null,null,null,null,0]
[null,null,null,null,null,null,0]
[null,null,null,null,null,null,0]
[null,null,null,null,null,null,0]
[null,null,null,null,null,null,0]
[null,null,null,null,null,null,0]
[null,null,null,null,null,null,0]
[null,null,null,null,null,null,0]
[null,null,null,null,null,null,0]
[null,null,null,null,null,null,0]
[null,null,null,null,null,null,0]
[null,null,null,null,null,null,0]
[null,null,null,null,null,null,0]
[null,null,null,null,null,null,0]
[null,null,null,null,null,"TOTAL",{"$f":"SUM(G1846:G1865)","v":0}]
[]
[]
["CLASSE/TIPO","CÓDIGOS/ SINAPI","DESCRIÇÃO","UND"]
["IFMT 074.05.2019",".074/R","TÊ DE REDUÇÃO, PVC, SOLDÁVEL, DN 50MM X 32MM, INSTALADO EM RAMAL DE DISTRIBUIÇÃO DE ÁGUA - FORNECIMENTO E INSTALAÇÃO","UN","COEFICIENTE","PREÇO UNITÁRIO (R$)","PREÇO TOTAL (R$)"]
["INSUMO",122,"ADESIVO PLASTICO PARA PVC, FRASCO COM 850 GR","UN",1.4E-2,null,{"$f":"E1871*F1871","v":0}]
["INSUMO",7130,"TE DE REDUCAO, PVC, SOLDAVEL, 90 GRAUS, 50 MM X 32 MM, PARA AGUA FRIA PREDIAL","UN",1,null,{"$f":"E1872*F1872","v":0}]
["INSUMO",20083,"SOLUCAO LIMPADORA PARA PVC, FRASCO COM 1000 CM3","UN",1.7000000000000001E-2,null,{"$f":"E1873*F1873","v":0}]
["INSUMO",38383,"LIXA D'AGUA EM FOLHA, GRAO 100","UN",5.2999999999999999E-2,null,{"$f":"E1874*F1874","v":0}]
["COMPOSIÇÃO",88248,"AUXILIAR DE ENCANADOR OU BOMBEIRO HIDRÁULICO COM ENCARGOS COMPLEMENTARES","H",0.14299999999999999,null,0]
["COMPOSIÇÃO",88267,"ENCANADOR OU BOMBEIRO HIDRÁULICO COM ENCARGOS COMPLEMENTARES","H",0.14299999999999999,null,0]
[null,null,null,null,null,null,0]
[null,null,null,null,null,null,0]
[null,null,null,null,null,null,0]
[null,null,null,null,null,null,0]
[null,null,null,null,null,null,0]
[null,null,null,null,null,null,0]
[null,null,null,null,null,null,0]
[null,null,null,null,null,null,0]
[null,null,null,null,null,null,0]
[null,null,null,null,null,null,0]
[null,null,null,null,null,null,0]
[null,null,null,null,null,null,0]
[null,null,null,null,null,null,0]
[null,null,null,null,null,null,0]
[null,null,null,null,null,"TOTAL",{"$f":"SUM(G1871:G1890)","v":0}]
[]
[]
["CLASSE/TIPO","CÓDIGOS/ SINAPI","DESCRIÇÃO","UND"]
["IFMT 075.05.2019",".075/R","SUMIDOURO EM ALVENARIA DE TIJOLO CERAMICO MACICO DIAMETRO 1,20M E ALTURA 5,00M, COM TAMPA EM CONCRETO ARMADO DIAMETRO 1,40M E ESPESSURA 10CM","UN","COEFICIENTE","PREÇO UNITÁRIO (R$)","PREÇO TOTAL (R$)"]
["COMPOSICAO",88245,"ARMADOR COM ENCARGOS COMPLEMENTARES","H",0.75,null,{"$f":"E1896*F1896","v":0}]
["COMPOSICAO",88309,"PEDREIRO COM ENCARGOS COMPLEMENTARES","H",9.8290000000000006,null,{"$f":"E1897*F1897","v":0}]
["COMPOSICAO",88313,"POCEIRO COM ENCARGOS COMPLEMENTARES","H",16.568999999999999,null,{"$f":"E1898*F1898","v":0}]
["COMPOSICAO",88316,"SERVENTE COM ENCARGOS COMPLEMENTARES","H",13.667,null,{"$f":"E1899*F1899","v":0}]
["COMPOSICAO",88830,"BETONEIRA CAPACIDADE NOMINAL DE 400 L, CAPACIDADE DE MISTURA 310 L, MOTOR ELÉTRICO TRIFÁSICO POTÊNCIA DE 2 HP, SEM CARREGADOR - CHP DIURNO. AF_10/2014","CHP",0.11,null,0]
["INSUMO",33,"ACO CA-50, 8,0 MM, VERGALHAO","KG",10.776,null,0]
["INSUMO",337,"ARAME RECOZIDO 18 BWG, 1,25 MM (0,01 KG/M)","KG",0.187,null,0]
["INSUMO",370,"AREIA MEDIA - POSTO JAZIDA/FORNECEDOR (RETIRADO NA JAZIDA, SEM TRANSPORTE)","M3",0.20499999999999999,null,0]
["INSUMO",1106,"CAL HIDRATADA CH-I PARA ARGAMASSAS","KG",10.202999999999999,null,0]
["INSUMO",1379,"CIMENTO PORTLAND COMPOSTO CP II-32","KG",55.307000000000002,null,0]
["INSUMO",4718,"PEDRA BRITADA N. 2 (19 A 38 MM) POSTO PEDREIRA/FORNECEDOR, SEM FRETE","M3",0.254,null,0]
["INSUMO",4721,"PEDRA BRITADA N. 1 (9,5 a 19 MM) POSTO PEDREIRA/FORNECEDOR, SEM FRETE.","M3",3.2000000000000001E-2,null,0]
["INSUMO",7258,"TIJOLO CERAMICO MACICO *5 X 10 X 20* CM","UN",1222,null,0]
[null,null,null,null,null,null,0]
[null,null,null,null,null,null,0]
[null,null,null,null,null,null,0]
[null,null,null,null,null,null,0]
[null,null,null,null,null,null,0]
[null,null,null,null,null,null,0]
[null,null,null,null,null,null,0]
[null,null,null,null,null,"TOTAL",{"$f":"SUM(G1896:G1915)","v":0}]
[]
[]
["CLASSE/TIPO","CÓDIGOS/ SINAPI","DESCRIÇÃO","UND"]
["IFMT 076.05.2019",".076/R","BUCHA DE REDUÇÃO, PVC, SOLDÁVEL, LONGA, COM 50 X 25 MM, INSTALADO EM RAMAL OU SUB-RAMAL DE ÁGUA - FORNECIMENTO E INSTALAÇÃO","UN","COEFICIENTE","PREÇO UNITÁRIO (R$)","PREÇO TOTAL (R$)"]
["INSUMO",122,"ADESIVO PLASTICO PARA PVC, FRASCO COM 850 GR","UN",8.9999999999999993E-3,null,{"$f":"E1921*F1921","v":0}]
["INSUMO",813,"BUCHA DE REDUCAO DE PVC, SOLDAVEL, LONGA, COM 50 X 25 MM, PARA AGUA FRIA PREDIAL","UN",1,null,{"$f":"E1922*F1922","v":0}]
["INSUMO",20083,"SOLUCAO LIMPADORA PARA PVC, FRASCO COM 1000 CM3","UN",1.0999999999999999E-2,null,{"$f":"E1923*F1923","v":0}]
["INSUMO",38383,"LIXA D'AGUA EM FOLHA, GRAO 100","UN",0.06,null,{"$f":"E1924*F1924","v":0}]
["COMPOSIÇÃO",88248,"AUXILIAR DE ENCANADOR OU BOMBEIRO HIDRÁULICO COM ENCARGOS COMPLEMENTARES","H",0.11899999999999999,null,0]
["COMPOSIÇÃO",88267,"ENCANADOR OU BOMBEIRO HIDRÁULICO COM ENCARGOS COMPLEMENTARES","H",0.11899999999999999,null,0]
[null,null,null,null,null,null,0]
[null,null,null,null,null,null,0]
[null,null,null,null,null,null,0]
[null,null,null,null,null,null,0]
[null,null,null,null,null,null,0]
[null,null,null,null,null,null,0]
[null,null,null,null,null,null,0]
[null,null,null,null,null,null,0]
[null,null,null,null,null,null,0]
[null,null,null,null,null,null,0]
[null,null,null,null,null,null,0]
[null,null,null,null,null,null,0]
[null,null,null,null,null,null,0]
[null,null,null,null,null,null,0]
[null,null,null,null,null,"TOTAL",{"$f":"SUM(G1921:G1940)","v":0}]
[]
[]
["REFERENCIA","PINI '02.001.000006.SER"]
["CLASSE/TIPO","CÓDIGOS","DESCRIÇÃO","UNID."]
["IFMT 077.06.2019",".077/D","ANDAIME PARA 1M² DE ALVENARIA, CONSTRUÇÃO E DESMONTAGEM, REAPROVEITAMENTO DEZ VEZES.","M2","COEFICIENTE","PREÇO UNITÁRIO (R$)","PREÇO TOTAL (R$)"]
["COMPOSIÇÃO",88262,"88262 CARPINTEIRO DE FORMAS COM ENCARGOS COMPLEMENTARES","H",0.04,null,{"$f":"E1947*F1947","v":0}]
["COMPOSIÇÃO",88316,"88316 SERVENTE COM ENCARGOS COMPLEMENTARES","H",0.12,null,{"$f":"E1948*F1948","v":0}]
["INSUMO",3989,"00003989 MADEIRA SERRADA APARELHADA DE MACARANDUBA, ANGELIM OU EQUIVALENTE DA REGIAO","M³",3.2699999999999998E-4,null,{"$f":"E1949*F1949","v":0}]
["INSUMO",5061,"00005061 PREGO DE ACO POLIDO COM CABECA 18 X 27 (2 1/2 X 10)","KG",1.4999999999999999E-2,null,{"$f":"E1950*F1950","v":0}]
[null,null,null,null,null,null,0]
[null,null,null,null,null,null,0]
[null,null,null,null,null,null,0]
[null,null,null,null,null,null,0]
[null,null,null,null,null,null,0]
[null,null,null,null,null,null,0]
[null,null,null,null,null,null,0]
[null,null,null,null,null,null,0]
[null,null,null,null,null,null,0]
[null,null,null,null,null,null,0]
[null,null,null,null,null,null,0]
[null,null,null,null,null,null,0]
[null,null,null,null,null,null,0]
[null,null,null,null,null,null,0]
[null,null,null,null,null,null,0]
[null,null,null,null,null,null,0]
[null,null,null,null,null,"TOTAL",{"$f":"SUM(G1947:G1966)","v":0}]
[]
["CLASSE/TIPO","CÓDIGOS/ SINAPI","DESCRIÇÃO","UND"]
["IFMT 078.08.2019",".078/D-REV.","BANCADA PARA PIA E LAVATÓRIO EM GRANITO POLIDO, TIPO CINZA ANDORINHA, COM REBAIXO  E= *2,5* CM, FIXADO COM SUPORTE METALICO MÃO-FRANCESA AÇO OU ALVENARIA, COM FRONTÃO H=10CM  -  FORNECIMENTO E INSTALAÇÃO","M2","COEFICIENTE","PREÇO UNITÁRIO (R$)","PREÇO TOTAL (R$)"]
["INSUMO",4823,"00004823 MASSA PLASTICA PARA MARMORE/GRANITO","KG",0.52280000000000004,null,{"$f":"E1971*F1971","v":0}]
["INSUMO",7568,"00007568 BUCHA DE NYLON SEM ABA S10, COM PARAFUSO DE 6,10 X 65 MM EM ACO ZINCADO COM ROSCA SOBERBA, CABECA CHATA E FENDA PHILLIPS","UN",6,null,{"$f":"E1972*F1972","v":0}]
["INSUMO",11795,"00011795 GRANITO PARA BANCADA, POLIDO, TIPO ANDORINHA/ QUARTZ/ CASTELO/ CORUMBA OU OUTROS EQUIVALENTES DA REGIAO, E= *2,5* CM","M2",1.1472,null,{"$f":"E1973*F1973","v":0}]
["INSUMO",11795,"00011795 GRANITO PARA BANCADA, POLIDO, TIPO ANDORINHA/ QUARTZ/ CASTELO/ CORUMBA OU OUTROS EQUIVALENTES DA REGIAO, E= *2,5* CM-FRONTAO","M2",0.30449999999999999,null,{"$f":"E1974*F1974","v":0}]
["INSUMO",37329,"00037329 REJUNTE EPOXI BRANCO","KG",3.5099999999999999E-2,null,0]
["INSUMO",37591,"00037591 SUPORTE MAO-FRANCESA EM ACO, ABAS IGUAIS 40 CM, CAPACIDADE MINIMA 70 KG, BRANCO","UN",2,null,0]
["COMPOSIÇÃO",88274,"88274 MARMORISTA/GRANITEIRO COM ENCARGOS COMPLEMENTARES","H",1.92,null,0]
["COMPOSIÇÃO",88316,"88316 SERVENTE COM ENCARGOS COMPLEMENTARES","H",0.98,null,0]
[null,null,null,null,null,null,0]
[null,null,null,null,null,null,0]
[null,null,null,null,null,null,0]
[null,null,null,null,null,null,0]
[null,null,null,null,null,null,0]
[null,null,null,null,null,null,0]
[null,null,null,null,null,null,0]
[null,null,null,null,null,null,0]
[null,null,null,null,null,null,0]
[null,null,null,null,null,null,0]
[null,null,null,null,null,null,0]
[null,null,null,null,null,null,0]
[null,null,null,null,null,"TOTAL",{"$f":"SUM(G1971:G1990)","v":0}]
[]
[]
[null,null,"SECA"]
["CLASSE/TIPO","CÓDIGOS/ SINAPI","DESCRIÇÃO","UND"]
["IFMT 079.08.2019",".079/D-REV.","BANCADA SECA EM GRANITO POLIDO, TIPO CINZA ANDORINHA, FIXADO COM SUPORTE METALICO MÃO-FRANCESA AÇO OU ALVENARIA, COM FRONTÃO H=10CM  -  FORNECIMENTO E INSTALAÇÃO","M2","COEFICIENTE","PREÇO UNITÁRIO (R$)","PREÇO TOTAL (R$)"]
["INSUMO",4823,"00004823 MASSA PLASTICA PARA MARMORE/GRANITO","KG",0.38440000000000002,null,{"$f":"E1997*F1997","v":0}]
["INSUMO",7568,"00007568 BUCHA DE NYLON SEM ABA S10, COM PARAFUSO DE 6,10 X 65 MM EM ACO ZINCADO COM ROSCA SOBERBA, CABECA CHATA E FENDA PHILLIPS","UN",6,null,{"$f":"E1998*F1998","v":0}]
["INSUMO",11795,"00011795 GRANITO PARA BANCADA, POLIDO, TIPO ANDORINHA/ QUARTZ/ CASTELO/ CORUMBA OU OUTROS EQUIVALENTES DA REGIAO, E= *2,5* CM","M2",1.071,null,{"$f":"E1999*F1999","v":0}]
["INSUMO",11795,"00011795 GRANITO PARA BANCADA, POLIDO, TIPO ANDORINHA/ QUARTZ/ CASTELO/ CORUMBA OU OUTROS EQUIVALENTES DA REGIAO, E= *2,5* CM-FRONTAO","M2",0.30449999999999999,null,{"$f":"E2000*F2000","v":0}]
["INSUMO",37329,"00037329 REJUNTE EPOXI BRANCO","KG",2.5700000000000001E-2,null,0]
["INSUMO",37591,"00037591 SUPORTE MAO-FRANCESA EM ACO, ABAS IGUAIS 40 CM, CAPACIDADE MINIMA 70 KG, BRANCO","UN",2,null,0]
["COMPOSIÇÃO",88274,"88274 MARMORISTA/GRANITEIRO COM ENCARGOS COMPLEMENTARES","H",1.49,null,0]
["COMPOSIÇÃO",88316,"88316 SERVENTE COM ENCARGOS COMPLEMENTARES","H",0.98,null,0]
[null,null,null,null,null,null,0]
[null,null,null,null,null,null,0]
[null,null,null,null,null,null,0]
[null,null,null,null,null,null,0]
[null,null,null,null,null,null,0]
[null,null,null,null,null,null,0]
[null,null,null,null,null,null,0]
[null,null,null,null,null,null,0]
[null,null,null,null,null,null,0]
[null,null,null,null,null,null,0]
[null,null,null,null,null,null,0]
[null,null,null,null,null,null,0]
[null,null,null,null,null,"TOTAL",{"$f":"SUM(G1997:G2016)","v":0}]
[]
[]
["CLASSE/TIPO","CÓDIGOS/ SINAPI","DESCRIÇÃO","UND"]
["IFMT 080.06.2019",".080/D","SUBSTITUIÇÃO DO MECANISMO COMPLETO UNIVERSAL PARA CAIXA ACOPLADA, FORNECIMENTO E INSTALAÇÃO.","UN","COEFICIENTE","PREÇO UNITÁRIO (R$)","PREÇO TOTAL (R$)"]
["INSUMO",null,"Mecanismo Completo Universal Superior para caixa acoplada, contendo Botão de Acionamento Superior, Obturador de Saída d'Água, Bolsa de Vedação, Conjunto de Fechamento, Corrente Cadeada Plástica e Mecanismo de Entrada Universal.","UN",1,null,{"$f":"E2022*F2022","v":0}]
["COMPOSIÇÃO",88267,"88267 ENCANADOR OU BOMBEIRO HIDRÁULICO COM ENCARGOS COMPLEMENTARES","H",0.34,null,{"$f":"E2023*F2023","v":0}]
["COMPOSIÇÃO",88316,"88316 SERVENTE COM ENCARGOS COMPLEMENTARES","H",0.34,null,{"$f":"E2024*F2024","v":0}]
[null,null,null,null,null,null,{"$f":"E2025*F2025","v":0}]
[null,null,null,null,null,null,0]
[null,null,null,null,null,null,0]
[null,null,null,null,null,null,0]
[null,null,null,null,null,null,0]
[null,null,null,null,null,null,0]
[null,null,null,null,null,null,0]
[null,null,null,null,null,null,0]
[null,null,null,null,null,null,0]
[null,null,null,null,null,null,0]
[null,null,null,null,null,null,0]
[null,null,null,null,null,null,0]
[null,null,null,null,null,null,0]
[null,null,null,null,null,null,0]
[null,null,null,null,null,null,0]
[null,null,null,null,null,null,0]
[null,null,null,null,null,null,0]
[null,null,null,null,null,"TOTAL",{"$f":"SUM(G2022:G2041)","v":0}]
[]
[]
["CLASSE/TIPO","CÓDIGOS/ SINAPI","DESCRIÇÃO","UND"]
["IFMT 081.06.2019",".081/D","REMOÇÃO DE ENTULHO DE OBRA COM CAÇAMBA BOTA FORA DE 3,50M3","UN","COEFICIENTE","PREÇO UNITÁRIO (R$)","PREÇO TOTAL (R$)"]
["INSUMO",72897,"CARGA MANUAL DE ENTULHO EM CAMINHAO BASCULANTE 6M3","M3",6,null,{"$f":"E2047*F2047","v":0}]
["COMPOSIÇÃO",72900,"TRANSPORTE DE ENTULHO COM CAMINHAO BASCULANTE 6 M3, RODOVIA PAVIMENTADA, DMT 0,5 A 1,0 KM","M3",6,null,{"$f":"E2048*F2048","v":0}]
["COMPOSIÇÃO",88281,"MOTORISTA DE BASCULANTE COM ENCARGOS COMPLEMENTARES","H",1.4,null,{"$f":"E2049*F2049","v":0}]
["COMPOSIÇÃO",88316,"SERVENTE COM ENCARGOS COMPLEMENTARES","H",1.4,null,{"$f":"E2050*F2050","v":0}]
[null,null,null,null,null,null,0]
[null,null,null,null,null,null,0]
[null,null,null,null,null,null,0]
[null,null,null,null,null,null,0]
[null,null,null,null,null,null,0]
[null,null,null,null,null,null,0]
[null,null,null,null,null,null,0]
[null,null,null,null,null,null,0]
[null,null,null,null,null,null,0]
[null,null,null,null,null,null,0]
[null,null,null,null,null,null,0]
[null,null,null,null,null,null,0]
[null,null,null,null,null,null,0]
[null,null,null,null,null,null,0]
[null,null,null,null,null,null,0]
[null,null,null,null,null,null,0]
[null,null,null,null,null,"TOTAL",{"$f":"SUM(G2047:G2066)","v":0}]
[]
[]
[]
["CLASSE/TIPO","CÓDIGOS/ SINAPI","DESCRIÇÃO","UND"]
["IFMT 082.06.2019",".082/D","SWITCH DE REDE 48 PORTAS GIGABIT ETHERNET CO 2 UPLINKS SFP+DE 10 GIGABITS COM 2 TRANSCEIVERS","UN","COEFICIENTE","PREÇO UNITÁRIO (R$)","PREÇO TOTAL (R$)"]
["COMPOSIÇÃO",88247,"88247 AUXILIAR DE ELETRICISTA COM ENCARGOS COMPLEMENTARES ","H",1.5,null,{"$f":"E2073*F2073","v":0}]
["COMPOSIÇÃO",88264,"88264 ELETRICISTA COM ENCARGOS COMPLEMENTARES","H",1.5,null,{"$f":"E2074*F2074","v":0}]
["COTAÇÃO ","EMPRESA","SWITCH DE REDE 48 PORTAS GIGABIT ETHERNET CO 2 UPLINKS SFP+DE 10 GIGABITS","UN",1,null,{"$f":"E2075*F2075","v":0}]
["COTAÇÃO ","EMPRESA","TRANSCEIVER (MODULO SFP MONO MODO)","UN",2,null,{"$f":"E2076*F2076","v":0}]
[null,null,null,null,null,null,0]
[null,null,null,null,null,null,0]
[null,null,null,null,null,null,0]
[null,null,null,null,null,null,0]
[null,null,null,null,null,null,0]
[null,null,null,null,null,null,0]
[null,null,null,null,null,null,0]
[null,null,null,null,null,null,0]
[null,null,null,null,null,null,0]
[null,null,null,null,null,null,0]
[null,null,null,null,null,null,0]
[null,null,null,null,null,null,0]
[null,null,null,null,null,null,0]
[null,null,null,null,null,null,0]
[null,null,null,null,null,null,0]
[null,null,null,null,null,null,0]
[null,null,null,null,null,"TOTAL",{"$f":"SUM(G2073:G2092)","v":0}]
[]
[]
["CLASSE/TIPO","CÓDIGOS/ SINAPI","DESCRIÇÃO","UND"]
["IFMT 083.06.2019",".083/D","Tampa cega de 1 U  para rack 19\" - Fornecimento e Instalação.","UN","COEFICIENTE","PREÇO UNITÁRIO (R$)","PREÇO TOTAL (R$)"]
["COMPOSIÇÃO",88247,"88247 AUXILIAR DE ELETRICISTA COM ENCARGOS COMPLEMENTARES ","H",0.1,null,{"$f":"E2098*F2098","v":0}]
["COMPOSIÇÃO",88264,"88264 ELETRICISTA COM ENCARGOS COMPLEMENTARES","H",0.1,null,{"$f":"E2099*F2099","v":0}]
["COTAÇÃO ","EMPRESA","Tampa cega de 1 U  para rack 19\"","UN",1,null,{"$f":"E2100*F2100","v":0}]
[null,null,null,null,null,null,{"$f":"E2101*F2101","v":0}]
[null,null,null,null,null,null,0]
[null,null,null,null,null,null,0]
[null,null,null,null,null,null,0]
[null,null,null,null,null,null,0]
[null,null,null,null,null,null,0]
[null,null,null,null,null,null,0]
[null,null,null,null,null,null,0]
[null,null,null,null,null,null,0]
[null,null,null,null,null,null,0]
[null,null,null,null,null,null,0]
[null,null,null,null,null,null,0]
[null,null,null,null,null,null,0]
[null,null,null,null,null,null,0]
[null,null,null,null,null,null,0]
[null,null,null,null,null,null,0]
[null,null,null,null,null,null,0]
[null,null,null,null,null,"TOTAL",{"$f":"SUM(G2098:G2117)","v":0}]
[]
[]
["CLASSE/TIPO","CÓDIGOS/ SINAPI","DESCRIÇÃO","UND"]
["IFMT 084.06.2019",".084/D","Bandeja para rack 19\", deslizante, perfurada, 600mm de profundidade - Fornecimento e Instalação.","UN","COEFICIENTE","PREÇO UNITÁRIO (R$)","PREÇO TOTAL (R$)"]
["COMPOSIÇÃO",88247,"88247 AUXILIAR DE ELETRICISTA COM ENCARGOS COMPLEMENTARES ","H",0.2,null,{"$f":"E2123*F2123","v":0}]
["COMPOSIÇÃO",88264,"88264 ELETRICISTA COM ENCARGOS COMPLEMENTARES","H",0.2,null,{"$f":"E2124*F2124","v":0}]
["COTAÇÃO ","EMPRESA","Bandeja para rack 19\", deslizante, perfurada, 600mm de profundidade","UN",1,null,{"$f":"E2125*F2125","v":0}]
["COMPOSIÇÃO",7568,"00007568 BUCHA DE NYLON SEM ABA S10, COM PARAFUSO DE 6,10 X 65 MM EM ACO ZINCADO COM ROSCA SOBERBA, CABECA CHATA E FENDA PHILLIPS","UN",2,null,{"$f":"E2126*F2126","v":0}]
[null,null,null,null,null,null,0]
[null,null,null,null,null,null,0]
[null,null,null,null,null,null,0]
[null,null,null,null,null,null,0]
[null,null,null,null,null,null,0]
[null,null,null,null,null,null,0]
[null,null,null,null,null,null,0]
[null,null,null,null,null,null,0]
[null,null,null,null,null,null,0]
[null,null,null,null,null,null,0]
[null,null,null,null,null,null,0]
[null,null,null,null,null,null,0]
[null,null,null,null,null,null,0]
[null,null,null,null,null,null,0]
[null,null,null,null,null,null,0]
[null,null,null,null,null,null,0]
[null,null,null,null,null,"TOTAL",{"$f":"SUM(G2123:G2142)","v":0}]
[]
[]
["CLASSE/TIPO","CÓDIGOS/ SINAPI","DESCRIÇÃO","UND"]
["IFMT 085.08.2019",".085/D","TRAMA DE AÇO COMPOSTA POR PERFIL ENRIJECIDO DE AÇO DOBRADO, PARA EXECUÇÃO DE FECHAMENTO DE VÃO DE PAREDE COM TELHAS METALICAS, INCLUSO TRANSPORTE VERTICAL ","M2","COEFICIENTE","PREÇO UNITÁRIO (R$)","PREÇO TOTAL (R$)"]
["INSUMO",40536,"00040536 PERFIL \"U\" ENRIJECIDO DE ACO GALVANIZADO, DOBRADO, 150 X 60 X 20 MM, E = 3,00 MM","KG",4.3109999999999999,null,{"$f":"E2148*F2148","v":0}]
["INSUMO",40549,"00040549 PARAFUSO, COMUM, ASTM A307, SEXTAVADO, DIAMETRO 1/2\" (12,7 MM), COMPRIMENTO 1\"","CENTRO",7.0000000000000001E-3,null,{"$f":"E2149*F2149","v":0}]
["COMPOSIÇÃO",88278,"88278 MONTADOR DE ESTRUTURA METÁLICA COM ENCARGOS COMPLEMENTARES","H",0.21299999999999999,null,{"$f":"E2150*F2150","v":0}]
["COMPOSIÇÃO",88316,"88316 SERVENTE COM ENCARGOS COMPLEMENTARES","H",0.105,null,{"$f":"E2151*F2151","v":0}]
["COMPOSIÇÃO",93281,"93281 GUINCHO ELÉTRICO DE COLUNA, CAPACIDADE 400 KG, COM MOTO FREIO, MOTOR TRIFÁSICO DE 1,25 CV - CHP DIURNO. AF_03/2016","CHP",6.7000000000000002E-3,null,0]
["COMPOSIÇÃO",93282,"93282 GUINCHO ELÉTRICO DE COLUNA, CAPACIDADE 400 KG, COM MOTO FREIO, MOTOR TRIFÁSICO DE 1,25 CV - CHI DIURNO. AF_03/2016","CHI",9.2999999999999992E-3,null,0]
[null,null,null,null,null,null,0]
[null,null,null,null,null,null,0]
[null,null,null,null,null,null,0]
[null,null,null,null,null,null,0]
[null,null,null,null,null,null,0]
[null,null,null,null,null,null,0]
[null,null,null,null,null,null,0]
[null,null,null,null,null,null,0]
[null,null,null,null,null,null,0]
[null,null,null,null,null,null,0]
[null,null,null,null,null,null,0]
[null,null,null,null,null,null,0]
[null,null,null,null,null,null,0]
[null,null,null,null,null,null,0]
[null,null,null,null,null,"TOTAL",{"$f":"SUM(G2148:G2167)","v":0}]
[]
[]
["CLASSE/TIPO","CÓDIGOS/ SINAPI","DESCRIÇÃO","UND"]
["IFMT 086.08.2019",".086/F","ESTRUTURA METALICA EM TESOURAS OU TRELICAS, VAO LIVRE DE 30M, FORNECIMENTO E MONTAGEM, NAO SENDO CONSIDERADOS OS FECHAMENTOS METALICOS, AS COLUNAS, OS SERVICOS GERAIS EM ALVENARIA E CONCRETO, AS TELHAS DE COBERTURA E A PINTURA DE ACABAMENTO","M2","COEFICIENTE","PREÇO UNITÁRIO (R$)","PREÇO TOTAL (R$)"]
["INSUMO",10966,"PERFIL \"U\" DE ACO LAMINADO, \"U\" 152 X 15,6","KG",15,null,{"$f":"E2173*F2173","v":0}]
["COMPOSICAO",88278,"MONTADOR DE ESTRUTURA METÁLICA COM ENCARGOS COMPLEMENTARES","H",1,null,{"$f":"E2174*F2174","v":0}]
["COMPOSICAO",88316,"SERVENTE COM ENCARGOS COMPLEMENTARES","H",1,null,{"$f":"E2175*F2175","v":0}]
[null,null,null,null,null,null,{"$f":"E2176*F2176","v":0}]
[null,null,null,null,null,null,0]
[null,null,null,null,null,null,0]
[null,null,null,null,null,null,0]
[null,null,null,null,null,null,0]
[null,null,null,null,null,null,0]
[null,null,null,null,null,null,0]
[null,null,null,null,null,null,0]
[null,null,null,null,null,null,0]
[null,null,null,null,null,null,0]
[null,null,null,null,null,null,0]
[null,null,null,null,null,null,0]
[null,null,null,null,null,null,0]
[null,null,null,null,null,null,0]
[null,null,null,null,null,null,0]
[null,null,null,null,null,null,0]
[null,null,null,null,null,null,0]
[null,null,null,null,null,"TOTAL",{"$f":"SUM(G2173:G2192)","v":0}]
[]
[]
["CLASSE/TIPO","CÓDIGOS/ SINAPI","DESCRIÇÃO","UND"]
["IFMT 087.08.2019",".087/F","TERMINAL OU CONECTOR DE PRESSAO - PARA CABO 10MM2 - FORNECIMENTO E INSTALACAO","UN","COEFICIENTE","PREÇO UNITÁRIO (R$)","PREÇO TOTAL (R$)"]
["INSUMO",1535,"TERMINAL METALICO A PRESSAO PARA 1 CABO DE 6 A 10 MM2, COM 1 FURO DE FIXACAO","UN",1,null,{"$f":"E2198*F2198","v":0}]
["COMPOSICAO",88247,"AUXILIAR DE ELETRICISTA COM ENCARGOS COMPLEMENTARES","H",0.3,null,{"$f":"E2199*F2199","v":0}]
["COMPOSICAO",88264,"ELETRICISTA COM ENCARGOS COMPLEMENTARES","H",0.3,null,{"$f":"E2200*F2200","v":0}]
[null,null,null,null,null,null,{"$f":"E2201*F2201","v":0}]
[null,null,null,null,null,null,0]
[null,null,null,null,null,null,0]
[null,null,null,null,null,null,0]
[null,null,null,null,null,null,0]
[null,null,null,null,null,null,0]
[null,null,null,null,null,null,0]
[null,null,null,null,null,null,0]
[null,null,null,null,null,null,0]
[null,null,null,null,null,null,0]
[null,null,null,null,null,null,0]
[null,null,null,null,null,null,0]
[null,null,null,null,null,null,0]
[null,null,null,null,null,null,0]
[null,null,null,null,null,null,0]
[null,null,null,null,null,null,0]
[null,null,null,null,null,null,0]
[null,null,null,null,null,"TOTAL",{"$f":"SUM(G2198:G2217)","v":0}]
[]
[]
["CLASSE/TIPO","CÓDIGOS/ SINAPI","DESCRIÇÃO","UND"]
["IFMT 088.08.2019",".088/F","TERMINAL OU CONECTOR DE PRESSAO - PARA CABO 35MM2 - FORNECIMENTO E INSTALACAO","UN","COEFICIENTE","PREÇO UNITÁRIO (R$)","PREÇO TOTAL (R$)"]
["INSUMO",1587,"TERMINAL METALICO A PRESSAO PARA 1 CABO DE 35 MM2, COM 1 FURO DE FIXACAO","UN",1,null,{"$f":"E2223*F2223","v":0}]
["COMPOSICAO",88247,"AUXILIAR DE ELETRICISTA COM ENCARGOS COMPLEMENTARES","H",0.3,null,{"$f":"E2224*F2224","v":0}]
["COMPOSICAO",88264,"ELETRICISTA COM ENCARGOS COMPLEMENTARES","H",0.3,null,{"$f":"E2225*F2225","v":0}]
[null,null,null,null,null,null,{"$f":"E2226*F2226","v":0}]
[null,null,null,null,null,null,0]
[null,null,null,null,null,null,0]
[null,null,null,null,null,null,0]
[null,null,null,null,null,null,0]
[null,null,null,null,null,null,0]
[null,null,null,null,null,null,0]
[null,null,null,null,null,null,0]
[null,null,null,null,null,null,0]
[null,null,null,null,null,null,0]
[null,null,null,null,null,null,0]
[null,null,null,null,null,null,0]
[null,null,null,null,null,null,0]
[null,null,null,null,null,null,0]
[null,null,null,null,null,null,0]
[null,null,null,null,null,null,0]
[null,null,null,null,null,null,0]
[null,null,null,null,null,"TOTAL",{"$f":"SUM(G2223:G2242)","v":0}]
[]
[]
["CLASSE/TIPO","CÓDIGOS/ SINAPI","DESCRIÇÃO","UND"]
["IFMT 089.08.2019",".089/D","PLACA DE SINALIZACAO DE SAIDA DE EMERGENCIA, FOTOLUMINESCENTE, RETANGULAR, *30 X 20* CM, EM PVC *2* MM ANTI-CHAMAS FORNECIMENTO E INSTALAÇÃO.","UN","COEFICIENTE","PREÇO UNITÁRIO (R$)","PREÇO TOTAL (R$)"]
["COMPOSIÇAO",37558,"00037558 PLACA DE SINALIZACAO DE SEGURANCA CONTRA INCENDIO, FOTOLUMINESCENTE, RETANGULAR, *20 X 40* CM, EM PVC *2* MM ANTI-CHAMAS (SIMBOLOS, CORES E PICTOGRAMAS CONFORME NBR 13434)","UN",1,null,{"$f":"E2248*F2248","v":0}]
["COMPOSICAO",88316,"SERVENTE COM ENCARGOS COMPLEMENTARES","H",0.15,null,{"$f":"E2249*F2249","v":0}]
[null,null,null,null,null,null,{"$f":"E2250*F2250","v":0}]
[null,null,null,null,null,null,{"$f":"E2251*F2251","v":0}]
[null,null,null,null,null,null,0]
[null,null,null,null,null,null,0]
[null,null,null,null,null,null,0]
[null,null,null,null,null,null,0]
[null,null,null,null,null,null,0]
[null,null,null,null,null,null,0]
[null,null,null,null,null,null,0]
[null,null,null,null,null,null,0]
[null,null,null,null,null,null,0]
[null,null,null,null,null,null,0]
[null,null,null,null,null,null,0]
[null,null,null,null,null,null,0]
[null,null,null,null,null,null,0]
[null,null,null,null,null,null,0]
[null,null,null,null,null,null,0]
[null,null,null,null,null,null,0]
[null,null,null,null,null,"TOTAL",{"$f":"SUM(G2248:G2267)","v":0}]
[]
[]
["CLASSE/TIPO","CÓDIGOS/ SINAPI","DESCRIÇÃO","UND"]
["IFMT 090.08.2019",".090/D","ESPIGÃO, ADAPTADOR LATÃO 3/4'' x 3/8, ROSCA E MANGUEIRA GÁS, FORNECIMENTO E INSTALAÇÃO.","UN","COEFICIENTE","PREÇO UNITÁRIO (R$)","PREÇO TOTAL (R$)"]
["INSUMO","COTACAO","ESPIGÃO, ADAPTADOR LATÃO 3/4'' x 3/8, ROSCA E MANGUEIRA,","UN",1,null,{"$f":"E2273*F2273","v":0}]
["COMPOSICAO",88267,"88267 ENCANADOR OU BOMBEIRO HIDRÁULICO COM ENCARGOS COMPLEMENTARES H C 20,36","H",0.11,null,{"$f":"E2274*F2274","v":0}]
[null,null,null,null,null,null,{"$f":"E2275*F2275","v":0}]
[null,null,null,null,null,null,{"$f":"E2276*F2276","v":0}]
[null,null,null,null,null,null,0]
[null,null,null,null,null,null,0]
[null,null,null,null,null,null,0]
[null,null,null,null,null,null,0]
[null,null,null,null,null,null,0]
[null,null,null,null,null,null,0]
[null,null,null,null,null,null,0]
[null,null,null,null,null,null,0]
[null,null,null,null,null,null,0]
[null,null,null,null,null,null,0]
[null,null,null,null,null,null,0]
[null,null,null,null,null,null,0]
[null,null,null,null,null,null,0]
[null,null,null,null,null,null,0]
[null,null,null,null,null,null,0]
[null,null,null,null,null,null,0]
[null,null,null,null,null,"TOTAL",{"$f":"SUM(G2273:G2292)","v":0}]
[]
[]
["CLASSE/TIPO","CÓDIGOS/ SINAPI","DESCRIÇÃO","UND"]
["IFMT 091.10.2019",".091/D","PAPELEIRA PLASTICA TIPO DISPENSER PARA PAPEL HIGIENICO ROLAO, FORNECIMENTO E INSTALAÇÃO.","UN","COEFICIENTE","PREÇO UNITÁRIO (R$)","PREÇO TOTAL (R$)"]
["INSUMO",37400,"00037400 PAPELEIRA PLASTICA TIPO DISPENSER PARA PAPEL HIGIENICO ROLAO UN CR 45,70","UN",1,null,{"$f":"E2298*F2298","v":0}]
["COMPOSIÇÃO",88267,"88267 ENCANADOR OU BOMBEIRO HIDRÁULICO COM ENCARGOS COMPLEMENTARES H C 20,36","H",0.15,null,{"$f":"E2299*F2299","v":0}]
[null,null,null,null,null,null,{"$f":"E2300*F2300","v":0}]
[null,null,null,null,null,null,{"$f":"E2301*F2301","v":0}]
[null,null,null,null,null,null,0]
[null,null,null,null,null,null,0]
[null,null,null,null,null,null,0]
[null,null,null,null,null,null,0]
[null,null,null,null,null,null,0]
[null,null,null,null,null,null,0]
[null,null,null,null,null,null,0]
[null,null,null,null,null,null,0]
[null,null,null,null,null,null,0]
[null,null,null,null,null,null,0]
[null,null,null,null,null,null,0]
[null,null,null,null,null,null,0]
[null,null,null,null,null,null,0]
[null,null,null,null,null,null,0]
[null,null,null,null,null,null,0]
[null,null,null,null,null,null,0]
[null,null,null,null,null,"TOTAL",{"$f":"SUM(G2298:G2317)","v":0}]
[]
[]
["CLASSE/TIPO","CÓDIGOS/ SINAPI","DESCRIÇÃO","UND"]
["IFMT 092.10.2019",".092/D","TOALHEIRO PLASTICO TIPO DISPENSER PARA PAPEL TOALHA INTERFOLHADO, FORNECIMENTO E INSTALAÇÃO.","UN","COEFICIENTE","PREÇO UNITÁRIO (R$)","PREÇO TOTAL (R$)"]
["INSUMO",37401,"00037401 TOALHEIRO PLASTICO TIPO DISPENSER PARA PAPEL TOALHA INTERFOLHADO UN CR 45,70","UN",1,null,{"$f":"E2323*F2323","v":0}]
["COMPOSIÇÃO",88267,"88267 ENCANADOR OU BOMBEIRO HIDRÁULICO COM ENCARGOS COMPLEMENTARES H C 20,36","H",0.15,null,{"$f":"E2324*F2324","v":0}]
[null,null,null,null,null,null,{"$f":"E2325*F2325","v":0}]
[null,null,null,null,null,null,{"$f":"E2326*F2326","v":0}]
[null,null,null,null,null,null,0]
[null,null,null,null,null,null,0]
[null,null,null,null,null,null,0]
[null,null,null,null,null,null,0]
[null,null,null,null,null,null,0]
[null,null,null,null,null,null,0]
[null,null,null,null,null,null,0]
[null,null,null,null,null,null,0]
[null,null,null,null,null,null,0]
[null,null,null,null,null,null,0]
[null,null,null,null,null,null,0]
[null,null,null,null,null,null,0]
[null,null,null,null,null,null,0]
[null,null,null,null,null,null,0]
[null,null,null,null,null,null,0]
[null,null,null,null,null,null,0]
[null,null,null,null,null,"TOTAL",{"$f":"SUM(G2323:G2342)","v":0}]
[]
[]
["CLASSE/TIPO","CÓDIGOS/ SINAPI","DESCRIÇÃO","UND"]
["IFMT 093.10.2019",".093/D","CABIDE/GANCHO DE BANHEIRO SIMPLES EM METAL CROMADO, FORNECIMENTO E INSTALAÇÃO","UN","COEFICIENTE","PREÇO UNITÁRIO (R$)","PREÇO TOTAL (R$)"]
["INSUMO",37399,"00037399 CABIDE/GANCHO DE BANHEIRO SIMPLES EM METAL CROMADO UN CR 24,04","UN",1,null,{"$f":"E2348*F2348","v":0}]
["COMPOSIÇÃO",88267,"88267 ENCANADOR OU BOMBEIRO HIDRÁULICO COM ENCARGOS COMPLEMENTARES H C 20,36","H",0.7,null,{"$f":"E2349*F2349","v":0}]
[null,null,null,null,null,null,{"$f":"E2350*F2350","v":0}]
[null,null,null,null,null,null,{"$f":"E2351*F2351","v":0}]
[null,null,null,null,null,null,0]
[null,null,null,null,null,null,0]
[null,null,null,null,null,null,0]
[null,null,null,null,null,null,0]
[null,null,null,null,null,null,0]
[null,null,null,null,null,null,0]
[null,null,null,null,null,null,0]
[null,null,null,null,null,null,0]
[null,null,null,null,null,null,0]
[null,null,null,null,null,null,0]
[null,null,null,null,null,null,0]
[null,null,null,null,null,null,0]
[null,null,null,null,null,null,0]
[null,null,null,null,null,null,0]
[null,null,null,null,null,null,0]
[null,null,null,null,null,null,0]
[null,null,null,null,null,"TOTAL",{"$f":"SUM(G2348:G2367)","v":0}]
[]
[]
["CLASSE/TIPO","CÓDIGOS/ SINAPI","DESCRIÇÃO","UND"]
["IFMT 094.10.2019",".094/D","ASSENTO SANITARIO DE PLASTICO, TIPO CONVENCIONAL. FORNECIMENTO E INSTALAÇÃO","UN","COEFICIENTE","PREÇO UNITÁRIO (R$)","PREÇO TOTAL (R$)"]
["INSUMO",377,"00000377 ASSENTO SANITARIO DE PLASTICO, TIPO CONVENCIONAL UN C 26,97","UN",1,null,{"$f":"E2373*F2373","v":0}]
["COMPOSIÇÃO",88309,"88309 PEDREIRO COM ENCARGOS COMPLEMENTARES","H",0.1,null,{"$f":"E2374*F2374","v":0}]
[null,null,null,null,null,null,{"$f":"E2375*F2375","v":0}]
[null,null,null,null,null,null,{"$f":"E2376*F2376","v":0}]
[null,null,null,null,null,null,0]
[null,null,null,null,null,null,0]
[null,null,null,null,null,null,0]
[null,null,null,null,null,null,0]
[null,null,null,null,null,null,0]
[null,null,null,null,null,null,0]
[null,null,null,null,null,null,0]
[null,null,null,null,null,null,0]
[null,null,null,null,null,null,0]
[null,null,null,null,null,null,0]
[null,null,null,null,null,null,0]
[null,null,null,null,null,null,0]
[null,null,null,null,null,null,0]
[null,null,null,null,null,null,0]
[null,null,null,null,null,null,0]
[null,null,null,null,null,null,0]
[null,null,null,null,null,"TOTAL",{"$f":"SUM(G2373:G2392)","v":0}]
[]
[]
["CLASSE/TIPO","CÓDIGOS/ SINAPI","DESCRIÇÃO","UND"]
["IFMT 095.10.2019",".095/D","TORNEIRA DE MESA BICA LONGA, CROMADA, FECHAMENTO AUTOMATICO. FORNECIMENTO E INSTALAÇÃO","UN","COEFICIENTE","PREÇO UNITÁRIO (R$)","PREÇO TOTAL (R$)"]
["INSUMO","12148/ORSE","Torneira de mesa bica longa, branca/cromada, fechamento automático, ref. 0101379, da Azzo ou similar REF. 1193","UN",1,null,{"$f":"E2398*F2398","v":0}]
["COMPOSIÇÃO",88267,"88267 ENCANADOR OU BOMBEIRO HIDRÁULICO COM ENCARGOS COMPLEMENTARES H C 20,36","H",0.34,null,{"$f":"E2399*F2399","v":0}]
["COMPOSIÇÃO",88316,"88316 SERVENTE COM ENCARGOS COMPLEMENTARES","H",0.34,null,{"$f":"E2400*F2400","v":0}]
[null,null,null,null,null,null,{"$f":"E2401*F2401","v":0}]
[null,null,null,null,null,null,0]
[null,null,null,null,null,null,0]
[null,null,null,null,null,null,0]
[null,null,null,null,null,null,0]
[null,null,null,null,null,null,0]
[null,null,null,null,null,null,0]
[null,null,null,null,null,null,0]
[null,null,null,null,null,null,0]
[null,null,null,null,null,null,0]
[null,null,null,null,null,null,0]
[null,null,null,null,null,null,0]
[null,null,null,null,null,null,0]
[null,null,null,null,null,null,0]
[null,null,null,null,null,null,0]
[null,null,null,null,null,null,0]
[null,null,null,null,null,null,0]
[null,null,null,null,null,"TOTAL",{"$f":"SUM(G2398:G2417)","v":0}]
[]
[]
["CLASSE/TIPO","CÓDIGOS/ SINAPI","DESCRIÇÃO","UND"]
["IFMT 096.10.2019",".096/D","TORNEIRA DE MESA BICA LONGA, CROMADA, FECHAMENTO AUTOMATICO PNE. FORNECIMENTO E INSTALAÇÃO","UN","COEFICIENTE","PREÇO UNITÁRIO (R$)","PREÇO TOTAL (R$)"]
["INSUMO","COTAÇÃO","Torneira Fechamento Automático Bica Baixa PNE Cromada 2020C Stoc","UN",1,null,{"$f":"E2423*F2423","v":0}]
["COMPOSIÇÃO",88267,"88267 ENCANADOR OU BOMBEIRO HIDRÁULICO COM ENCARGOS COMPLEMENTARES H C 20,36","H",0.34,null,{"$f":"E2424*F2424","v":0}]
["COMPOSIÇÃO",88316,"88316 SERVENTE COM ENCARGOS COMPLEMENTARES","H",0.34,null,{"$f":"E2425*F2425","v":0}]
[null,null,null,null,null,null,{"$f":"E2426*F2426","v":0}]
[null,null,null,null,null,null,0]
[null,null,null,null,null,null,0]
[null,null,null,null,null,null,0]
[null,null,null,null,null,null,0]
[null,null,null,null,null,null,0]
[null,null,null,null,null,null,0]
[null,null,null,null,null,null,0]
[null,null,null,null,null,null,0]
[null,null,null,null,null,null,0]
[null,null,null,null,null,null,0]
[null,null,null,null,null,null,0]
[null,null,null,null,null,null,0]
[null,null,null,null,null,null,0]
[null,null,null,null,null,null,0]
[null,null,null,null,null,null,0]
[null,null,null,null,null,null,0]
[null,null,null,null,null,"TOTAL",{"$f":"SUM(G2423:G2442)","v":0}]
[]
[]
["CLASSE/TIPO","CÓDIGOS/ SINAPI","DESCRIÇÃO","UND"]
["IFMT 097.10.2019",".097/D","PLACA DE ACRILICO TRANSPARENTE ADESIVADA PARA SINALIZACAO DE PORTAS, BORDA POLIDA, DE *25 X 8*, E = 6 MM. FORNECIMENTO E INSTALAÇÃO","UN","COEFICIENTE","PREÇO UNITÁRIO (R$)","PREÇO TOTAL (R$)"]
["INSUMO",10851,"00010851 PLACA DE ACRILICO TRANSPARENTE ADESIVADA PARA SINALIZACAO DE PORTAS, BORDA POLIDA, DE *25 X 8*, E = 6 MM (NAO INCLUI CESSORIOS PARA FIXACAO)","UN",1,null,{"$f":"E2448*F2448","v":0}]
["COMPOSIÇÃO",88316,"88316 SERVENTE COM ENCARGOS COMPLEMENTARES","H",0.2,null,{"$f":"E2449*F2449","v":0}]
[null,null,null,null,null,null,{"$f":"E2450*F2450","v":0}]
[null,null,null,null,null,null,{"$f":"E2451*F2451","v":0}]
[null,null,null,null,null,null,0]
[null,null,null,null,null,null,0]
[null,null,null,null,null,null,0]
[null,null,null,null,null,null,0]
[null,null,null,null,null,null,0]
[null,null,null,null,null,null,0]
[null,null,null,null,null,null,0]
[null,null,null,null,null,null,0]
[null,null,null,null,null,null,0]
[null,null,null,null,null,null,0]
[null,null,null,null,null,null,0]
[null,null,null,null,null,null,0]
[null,null,null,null,null,null,0]
[null,null,null,null,null,null,0]
[null,null,null,null,null,null,0]
[null,null,null,null,null,null,0]
[null,null,null,null,null,"TOTAL",{"$f":"SUM(G2448:G2467)","v":0}]
[]
[]
["CLASSE/TIPO","CÓDIGOS/ SINAPI","DESCRIÇÃO","UND"]
["IFMT 098.10.2019",".098/D","CAIXA D'ÁGUA FIBRA VIDRO 3.000 LITROS - FORTILEV, COM REGISTRO BOIA 3/4\", REGISTRO DE ENTRADA 25MM, REGISTRO LIMPEZA 32MM E REGISTRO DE SAIDA 60MM, BASE DE MADEIRA 6X16, TUBOS E CONEXÕES - FORNECIMENTO E INSTALAÇÃO.","UN"," COEFICIENTE ","PREÇO UNITÁRIO (R$)","PREÇO TOTAL (R$)"]
["INSUMO","00462/ORSE","Caixa d'agua fibra vidro 3.000 litros - Fortlev-Torres (ou similar)","UN",1,null,{"$f":"E2473*F2473","v":0}]
["INSUMO",4481,"00004481 VIGA DE MADEIRA NAO APARELHADA 8 X 16 CM, MACARANDUBA, ANGELIM OU EQUIVALENTE DA REGIAO","M",3,null,{"$f":"E2474*F2474","v":0}]
["INSUMO",81,"00000081 ADAPTADOR PVC SOLDAVEL, LONGO, COM FLANGE LIVRE, 60 MM X 2\", PARA CAIXA D' AGUA ","UN",1,null,{"$f":"E2475*F2475","v":0}]
["INSUMO",88,"00000088 ADAPTADOR PVC SOLDAVEL, LONGO, COM FLANGE LIVRE, 32 MM X 1\", PARA CAIXA D' AGUA ","UN",2,null,{"$f":"E2476*F2476","v":0}]
["INSUMO",87,"00000087 ADAPTADOR PVC SOLDAVEL, LONGO, COM FLANGE LIVRE, 25 MM X 3/4\", PARA CAIXA D' AGUA","UN",1,null,0]
["INSUMO",119,"00000119 ADESIVO PLASTICO PARA PVC, BISNAGA COM 75 GR ","UN",0.4,null,0]
["INSUMO",3146,"00003146 FITA VEDA ROSCA EM ROLOS DE 18 MM X 10 M (L X C) ","UN",0.3,null,0]
["INSUMO",3529,"00003529 JOELHO PVC, SOLDAVEL, 90 GRAUS, 25 MM, PARA AGUA FRIA PREDIAL ","UN",2,null,0]
["INSUMO",3536,"00003536 JOELHO PVC, SOLDAVEL, 90 GRAUS, 32 MM, PARA AGUA FRIA PREDIAL ","UN",1,null,0]
["INSUMO",7140,"00007140 TE SOLDAVEL, PVC, 90 GRAUS, 32 MM, PARA AGUA FRIA PREDIAL (NBR 5648) ","UN",1,null,0]
["INSUMO",9873,"00009873 TUBO PVC, SOLDAVEL, DN 60 MM, AGUA FRIA (NBR-5648) ","M",1,null,0]
["INSUMO",9868,"00009868 TUBO PVC, SOLDAVEL, DN 25 MM, AGUA FRIA (NBR-5648) ","M",1.5,null,0]
["INSUMO",9869,"00009869 TUBO PVC, SOLDAVEL, DN 32 MM, AGUA FRIA (NBR-5648) ","M",2,null,0]
["INSUMO",11674,"00011674 REGISTRO DE ESFERA, PVC, COM VOLANTE, VS, SOLDAVEL, DN 25 MM, COM CORPO DIVIDIDO","UN",1,null,0]
["INSUMO",11678,"00011678 REGISTRO DE ESFERA, PVC, COM VOLANTE, VS, SOLDAVEL, DN 60 MM, COM CORPO DIVIDIDO","UN",1,null,0]
["INSUMO",11675,"00011675 REGISTRO DE ESFERA, PVC, COM VOLANTE, VS, SOLDAVEL, DN 32 MM, COM CORPO DIVIDIDO","UN",1,null,0]
["INSUMO",11830,"00011830 TORNEIRA DE BOIA CONVENCIONAL PARA CAIXA D'AGUA, 3/4\", COM HASTE E TORNEIRA METALICOS E BALAO PLASTICO","UN",1,null,0]
["COMPOSIÇÃO",88248,"AUXILIAR DE ENCANADOR OU BOMBEIRO HIDRÁULICO COM ENCARGOS COMPLEMENTARES","H",7.7,null,0]
["COMPOSIÇÃO",88267,"ENCANADOR OU BOMBEIRO HIDRÁULICO COM ENCARGOS COMPLEMENTARES","H",7.7,null,0]
[null,null,null,null,null,null,0]
[null,null,null,null,null,"TOTAL",{"$f":"SUM(G2473:G2492)","v":0}]
[]
[]
["CLASSE/TIPO","CÓDIGOS/ SINAPI","DESCRIÇÃO","UND"]
["IFMT 099.10.2019",".099/D","LUMINÁRIA RETANGULAR TIPO CALHA, DE SOBREPOR, COM 2 LÂMPADAS TUBULARES BIVOLT DE LED 18 W - COMPLETA. FORNECIMENTO E INSTALAÇÃO","UN","COEFICIENTE","PREÇO UNITÁRIO (R$)","PREÇO TOTAL (R$)"]
["INSUMO",12232,"00012232 LUMINARIA DE SOBREPOR EM CHAPA DE ACO PARA 2 LAMPADAS FLUORESCENTES DE *18* W, PERFIL COMERCIAL (NAO INCLUI REATOR E LAMPADAS","UN",1,null,{"$f":"E2498*F2498","v":0}]
["INSUMO",39387,"00039387 LAMPADA LED TUBULAR BIVOLT 18/20 W, BASE G13","UN",2,null,{"$f":"E2499*F2499","v":0}]
["COMPOSIÇÃO",88247,"88247 AUXILIAR DE ELETRICISTA COM ENCARGOS COMPLEMENTARES","H",0.1963,null,{"$f":"E2500*F2500","v":0}]
["COMPOSIÇÃO",88264,"88264 ELETRICISTA COM ENCARGOS COMPLEMENTARES","H",0.47099999999999997,null,{"$f":"E2501*F2501","v":0}]
[null,null,null,null,null,null,0]
[null,null,null,null,null,null,0]
[null,null,null,null,null,null,0]
[null,null,null,null,null,null,0]
[null,null,null,null,null,null,0]
[null,null,null,null,null,null,0]
[null,null,null,null,null,null,0]
[null,null,null,null,null,null,0]
[null,null,null,null,null,null,0]
[null,null,null,null,null,null,0]
[null,null,null,null,null,null,0]
[null,null,null,null,null,null,0]
[null,null,null,null,null,null,0]
[null,null,null,null,null,null,0]
[null,null,null,null,null,null,0]
[null,null,null,null,null,null,0]
[null,null,null,null,null,"TOTAL",{"$f":"SUM(G2498:G2517)","v":0}]
[]
[]
["CLASSE/TIPO","CÓDIGOS/ SINAPI","DESCRIÇÃO","UND"]
["IFMT 100.11.2019",".100/D","CHUVEIRO PLASTICO BRANCO SIMPLES 5 '' COM HASTE 1/2 \", AGUA FRIA","UN","COEFICIENTE","PREÇO UNITÁRIO (R$)","PREÇO TOTAL (R$)"]
["INSUMO",7608,"00007608 CHUVEIRO PLASTICO BRANCO SIMPLES 5 '' PARA ACOPLAR EM HASTE 1/2 \", AGUA FRIA","UN",1,null,{"$f":"E2523*F2523","v":0}]
["INSUMO",11680,"00011680 BRACO OU HASTE COM CANOPLA PLASTICA, 1/2 \", PARA CHUVEIRO SIMPLES","UN",1,null,{"$f":"E2524*F2524","v":0}]
["INSUMO",3146,"00003146 FITA VEDA ROSCA EM ROLOS DE 18 MM X 10 M (L X C)","UN",0.01,null,{"$f":"E2525*F2525","v":0}]
["COMPOSIÇÃO",88248,"AUXILIAR DE ENCANADOR OU BOMBEIRO HIDRÁULICO COM ENCARGOS COMPLEMENTARES","H",0.3,null,{"$f":"E2526*F2526","v":0}]
["COMPOSIÇÃO",88267,"ENCANADOR OU BOMBEIRO HIDRÁULICO COM ENCARGOS COMPLEMENTARES","H",0.45,null,0]
[null,null,null,null,null,null,0]
[null,null,null,null,null,null,0]
[null,null,null,null,null,null,0]
[null,null,null,null,null,null,0]
[null,null,null,null,null,null,0]
[null,null,null,null,null,null,0]
[null,null,null,null,null,null,0]
[null,null,null,null,null,null,0]
[null,null,null,null,null,null,0]
[null,null,null,null,null,null,0]
[null,null,null,null,null,null,0]
[null,null,null,null,null,null,0]
[null,null,null,null,null,null,0]
[null,null,null,null,null,null,0]
[null,null,null,null,null,null,0]
[null,null,null,null,null,"TOTAL",{"$f":"SUM(G2523:G2542)","v":0}]
[]
[]
["CLASSE/TIPO","CÓDIGOS/ SINAPI","DESCRIÇÃO","UND"]
["IFMT 101.11.2019",".101/D","LIMPEZA FINAL DA OBRA","M2","COEFICIENTE","PREÇO UNITÁRIO (R$)","PREÇO TOTAL (R$)"]
["COMPOSICAO",88316,"SERVENTE COM ENCARGOS COMPLEMENTARES","H",0.14000000000000001,null,{"$f":"E2548*F2548","v":0}]
[null,null,null,null,null,null,{"$f":"E2549*F2549","v":0}]
[null,null,null,null,null,null,{"$f":"E2550*F2550","v":0}]
[null,null,null,null,null,null,{"$f":"E2551*F2551","v":0}]
[null,null,null,null,null,null,0]
[null,null,null,null,null,null,0]
[null,null,null,null,null,null,0]
[null,null,null,null,null,null,0]
[null,null,null,null,null,null,0]
[null,null,null,null,null,null,0]
[null,null,null,null,null,null,0]
[null,null,null,null,null,null,0]
[null,null,null,null,null,null,0]
[null,null,null,null,null,null,0]
[null,null,null,null,null,null,0]
[null,null,null,null,null,null,0]
[null,null,null,null,null,null,0]
[null,null,null,null,null,null,0]
[null,null,null,null,null,null,0]
[null,null,null,null,null,null,0]
[null,null,null,null,null,"TOTAL",{"$f":"SUM(G2548:G2567)","v":0}]
[]
[]
["CLASSE/TIPO","CÓDIGOS/ SINAPI","DESCRIÇÃO","UND"]
["IFMT 102.12.2019",".102/D","VEDAÇÃO DE CALHAS E RUFOS COM ADESIVO POLIURETANO","M","COEFICIENTE","PREÇO UNITÁRIO (R$)","PREÇO TOTAL (R$)"]
["COMPOSICAO",88316,"SERVENTE COM ENCARGOS COMPLEMENTARES","H",0.32,null,{"$f":"E2573*F2573","v":0}]
["COMPOSICAO",88323,"TELHADISTA COM ENCARGOS COMPLEMENTARES","H",0.27,null,{"$f":"E2574*F2574","v":0}]
["INSUMO",142,"SELANTE ELASTICO MONOCOMPONENTE A BASE DE POLIURETANO PARA JUNTAS DIVERSAS","310ML",0.161,null,{"$f":"E2575*F2575","v":0}]
[null,null,null,null,null,null,{"$f":"E2576*F2576","v":0}]
[null,null,null,null,null,null,0]
[null,null,null,null,null,null,0]
[null,null,null,null,null,null,0]
[null,null,null,null,null,null,0]
[null,null,null,null,null,null,0]
[null,null,null,null,null,null,0]
[null,null,null,null,null,null,0]
[null,null,null,null,null,null,0]
[null,null,null,null,null,null,0]
[null,null,null,null,null,null,0]
[null,null,null,null,null,null,0]
[null,null,null,null,null,null,0]
[null,null,null,null,null,null,0]
[null,null,null,null,null,null,0]
[null,null,null,null,null,null,0]
[null,null,null,null,null,null,0]
[null,null,null,null,null,"TOTAL",{"$f":"SUM(G2573:G2592)","v":0}]
[]
[]
["CLASSE/TIPO","CÓDIGOS/ SINAPI","DESCRIÇÃO","UND"]
["IFMT 103.01.2020",".103/D","REMOÇÃO DE TELHAS TRANSLUCIDA EM FIBRA DE VIDRO ONDULADA OU SIMILAR, DE FORMA MANUAL SEM REAPROVEITAMENTO.","M2","COEFICIENTE","PREÇO UNITÁRIO (R$)","PREÇO TOTAL (R$)"]
["COMPOSICAO",88316,"SERVENTE COM ENCARGO COMPLEMENTAR","H",9.7100000000000006E-2,null,{"$f":"E2598*F2598","v":0}]
["COMPOSICAO",88323,"TELHADISTA COM ENCARGO COMPLEMENTAR","H",4.9399999999999999E-2,null,{"$f":"E2599*F2599","v":0}]
[null,null,null,null,null,null,{"$f":"E2600*F2600","v":0}]
[null,null,null,null,null,null,{"$f":"E2601*F2601","v":0}]
[null,null,null,null,null,null,0]
[null,null,null,null,null,null,0]
[null,null,null,null,null,null,0]
[null,null,null,null,null,null,0]
[null,null,null,null,null,null,0]
[null,null,null,null,null,null,0]
[null,null,null,null,null,null,0]
[null,null,null,null,null,null,0]
[null,null,null,null,null,null,0]
[null,null,null,null,null,null,0]
[null,null,null,null,null,null,0]
[null,null,null,null,null,null,0]
[null,null,null,null,null,null,0]
[null,null,null,null,null,null,0]
[null,null,null,null,null,null,0]
[null,null,null,null,null,null,0]
[null,null,null,null,null,"TOTAL",{"$f":"SUM(G2598:G2617)","v":0}]
[]
[]
["CLASSE/TIPO","CÓDIGOS/ SINAPI","DESCRIÇÃO","UND"]
["IFMT 104.01.2020",".104/D","RETELHAMENTO COM TELHA DE FIBRA DE VIDRO ONDULADA INCOLOR, E=6MM, INCLUSIVE PARAFUSO DE FIXAÇÃO, ISAMENTO.","M2","COEFICIENTE","PREÇO UNITÁRIO (R$)","PREÇO TOTAL (R$)"]
["INSUMO",7184,"00007184 TELHA DE FIBRA DE VIDRO ONDULADA INCOLOR, E = 0,6 MM, DE *0,50 X 2,44* M ","M2",1.2749999999999999,null,{"$f":"E2623*F2623","v":0}]
["INSUMO",40547,"00040547 PARAFUSO ZINCADO, AUTOBROCANTE, FLANGEADO, 4,2 MM X 19 MM ","CENTRO",2.5000000000000001E-2,null,{"$f":"E2624*F2624","v":0}]
["INSUMO",1607,"00001607 CONJUNTO ARRUELAS DE VEDACAO 5/16\" PARA TELHA FIBROCIMENTO (UMA ARRUELA CJ METALICA E UMA ARRUELA PVC - CONICAS)","CJ",1.27,null,{"$f":"E2625*F2625","v":0}]
["COMPOSICAO",93281,"93281 GUINCHO ELÉTRICO DE COLUNA, CAPACIDADE 400 KG, COM MOTO FREIO, MOTOR T RIFÁSICO DE 1,25 CV - CHP DIURNO.AF_03/2016","CHP",5.0000000000000001E-3,null,{"$f":"E2626*F2626","v":0}]
["COMPOSICAO",93282,"93282 GUINCHO ELÉTRICO DE COLUNA, CAPACIDADE 400 KG, COM MOTO FREIO, MOTOR TRIFÁSICO DE 1,25 CV - CHI DIURNO. AF_03/2016","CHP",6.8999999999999999E-3,null,0]
["COMPOSICAO",88316,"SERVENTE COM ENCARGO COMPLEMENTAR","H",0.15,null,0]
["COMPOSICAO",88323,"TELHADISTA COM ENCARGO COMPLEMENTAR","H",0.15,null,0]
[null,null,null,null,null,null,0]
[null,null,null,null,null,null,0]
[null,null,null,null,null,null,0]
[null,null,null,null,null,null,0]
[null,null,null,null,null,null,0]
[null,null,null,null,null,null,0]
[null,null,null,null,null,null,0]
[null,null,null,null,null,null,0]
[null,null,null,null,null,null,0]
[null,null,null,null,null,null,0]
[null,null,null,null,null,null,0]
[null,null,null,null,null,null,0]
[null,null,null,null,null,null,0]
[null,null,null,null,null,"TOTAL",{"$f":"SUM(G2623:G2642)","v":0}]
[]
[]
["CLASSE/TIPO","CÓDIGOS/ SINAPI","DESCRIÇÃO","UND"]
["IFMT 105.02.2020",".105/D","REMOÇÃO DE GUIA (MEIO FIO) PRÉ-FABRICADA DE CONCRETO","M","COEFICIENTE","PREÇO UNITÁRIO (R$)","PREÇO TOTAL (R$)"]
["COMPOSICAO",88316,"SERVENTE COM ENCARGOS COMPLEMENTARES","H",0.5,null,{"$f":"E2648*F2648","v":0}]
["COMPOSICAO",88309,"88309 PEDREIRO COM ENCARGOS COMPLEMENTARES","H",0.05,null,{"$f":"E2649*F2649","v":0}]
[null,null,null,null,null,null,{"$f":"E2650*F2650","v":0}]
[null,null,null,null,null,null,{"$f":"E2651*F2651","v":0}]
[null,null,null,null,null,null,0]
[null,null,null,null,null,null,0]
[null,null,null,null,null,null,0]
[null,null,null,null,null,null,0]
[null,null,null,null,null,null,0]
[null,null,null,null,null,null,0]
[null,null,null,null,null,null,0]
[null,null,null,null,null,null,0]
[null,null,null,null,null,null,0]
[null,null,null,null,null,null,0]
[null,null,null,null,null,null,0]
[null,null,null,null,null,null,0]
[null,null,null,null,null,null,0]
[null,null,null,null,null,null,0]
[null,null,null,null,null,null,0]
[null,null,null,null,null,null,0]
[null,null,null,null,null,"TOTAL",{"$f":"SUM(G2648:G2667)","v":0}]
[]
[]
["CLASSE/TIPO","CÓDIGOS/ SINAPI","DESCRIÇÃO","UND"]
["IFMT 106.02.2020",".106/D","DEMOLIÇÃO MANUAL DE GUIA (MEIO FIO) DE CONCRETO E TRANSPORTE DO MATERIAL DEMOLIDO","M3 ","COEFICIENTE","PREÇO UNITÁRIO (R$)","PREÇO TOTAL (R$)"]
["COMPOSICAO",72900,"72900 TRANSPORTE DE ENTULHO COM CAMINHAO BASCULANTE 6 M3, RODOVIA PAVIMENTADA, DMT 0,5 A 1,0 KM","M3 ",1.1000000000000001,null,{"$f":"E2673*F2673","v":0}]
["COMPOSICAO",88316,"SERVENTE COM ENCARGOS COMPLEMENTARES","H",1,null,{"$f":"E2674*F2674","v":0}]
["COMPOSICAO",88309,"88309 PEDREIRO COM ENCARGOS COMPLEMENTARES","H",0.1,null,{"$f":"E2675*F2675","v":0}]
["COMPOSICAO",72897,"72897 CARGA MANUAL DE ENTULHO EM CAMINHAO BASCULANTE 6M3","M3 ",1.1000000000000001,null,{"$f":"E2676*F2676","v":0}]
[null,null,null,null,null,null,0]
[null,null,null,null,null,null,0]
[null,null,null,null,null,null,0]
[null,null,null,null,null,null,0]
[null,null,null,null,null,null,0]
[null,null,null,null,null,null,0]
[null,null,null,null,null,null,0]
[null,null,null,null,null,null,0]
[null,null,null,null,null,null,0]
[null,null,null,null,null,null,0]
[null,null,null,null,null,null,0]
[null,null,null,null,null,null,0]
[null,null,null,null,null,null,0]
[null,null,null,null,null,null,0]
[null,null,null,null,null,null,0]
[null,null,null,null,null,null,0]
[null,null,null,null,null,"TOTAL",{"$f":"SUM(G2673:G2692)","v":0}]
[]
[]
["CLASSE/TIPO","CÓDIGOS/ SINAPI","DESCRIÇÃO","UND"]
["IFMT 107.02.2020",".107/D","REASSENTAMENTO MANUAL DE GUIA (MEIO FIO) COM MATERIAL ARRANCADO","M","COEFICIENTE","PREÇO UNITÁRIO (R$)","PREÇO TOTAL (R$)"]
["COMPOSICAO",88316,"SERVENTE COM ENCARGOS COMPLEMENTARES","H",2,null,{"$f":"E2698*F2698","v":0}]
["COMPOSICAO",88309,"88309 PEDREIRO COM ENCARGOS COMPLEMENTARES","H",1,null,{"$f":"E2699*F2699","v":0}]
[null,null,null,null,null,null,{"$f":"E2700*F2700","v":0}]
[null,null,null,null,null,null,{"$f":"E2701*F2701","v":0}]
[null,null,null,null,null,null,0]
[null,null,null,null,null,null,0]
[null,null,null,null,null,null,0]
[null,null,null,null,null,null,0]
[null,null,null,null,null,null,0]
[null,null,null,null,null,null,0]
[null,null,null,null,null,null,0]
[null,null,null,null,null,null,0]
[null,null,null,null,null,null,0]
[null,null,null,null,null,null,0]
[null,null,null,null,null,null,0]
[null,null,null,null,null,null,0]
[null,null,null,null,null,null,0]
[null,null,null,null,null,null,0]
[null,null,null,null,null,null,0]
[null,null,null,null,null,null,0]
[null,null,null,null,null,"TOTAL",{"$f":"SUM(G2698:G2717)","v":0}]
[]
[]
["CLASSE/TIPO","CÓDIGOS/ SINAPI","DESCRIÇÃO","UND"]
["IFMT 108.02.2020",".108/D","DISJUNTOR TRIPOLAR 80 A, PADRÃO DIN ( LINHA BRANCA ), REF.:SIEMENS 3VT1708- 2DA36-0AA0 OU SIMILAR.","UNID.","COEFICIENTE","PREÇO UNITÁRIO (R$)","PREÇO TOTAL (R$)"]
["COMPOSIÇÃO",88247,"AUXILIAR DE ELETRICISTA COM ENCARGOS COMPLEMENTARES","H",0.56799999999999995,null,{"$f":"E2723*F2723","v":0}]
["COMPOSIÇÃO",88264,"ELETRICISTA COM ENCARGOS COMPLEMENTARES","H",0.56799999999999995,null,{"$f":"E2724*F2724","v":0}]
["INSUMO","11431/ORSE","DISJUNTOR TRIPOLAR 80 A, PADRÃO DIN ( LINHA BRANCA ), REF.:SIEMENS 3VT1708- 2DA36-0AA0 OU SIMILAR.","UNID.",1,null,{"$f":"E2725*F2725","v":0}]
[null,null,null,null,null,null,{"$f":"E2726*F2726","v":0}]
[null,null,null,null,null,null,0]
[null,null,null,null,null,null,0]
[null,null,null,null,null,null,0]
[null,null,null,null,null,null,0]
[null,null,null,null,null,null,0]
[null,null,null,null,null,null,0]
[null,null,null,null,null,null,0]
[null,null,null,null,null,null,0]
[null,null,null,null,null,null,0]
[null,null,null,null,null,null,0]
[null,null,null,null,null,null,0]
[null,null,null,null,null,null,0]
[null,null,null,null,null,null,0]
[null,null,null,null,null,null,0]
[null,null,null,null,null,null,0]
[null,null,null,null,null,null,0]
[null,null,null,null,null,"TOTAL",{"$f":"SUM(G2723:G2742)","v":0}]
[]
[]
["CLASSE/TIPO","CÓDIGOS/ SINAPI","DESCRIÇÃO","UND"]
["IFMT 109.02.2020",".109/D","DEMOLIÇÃO MANUAL DE PISO CIMENTADO OU RETIRADA DE PAVER","M2","COEFICIENTE","PREÇO UNITÁRIO (R$)","PREÇO TOTAL (R$)"]
["COMPOSIÇÃO",88316,"SERVENTE COM ENCARGOS COMPLEMENTARES","H",1.3,null,{"$f":"E2748*F2748","v":0}]
["COMPOSIÇÃO",88309,"PEDREIRO COM ENCARGOS COMPLEMENTARES","H",0.13,null,{"$f":"E2749*F2749","v":0}]
[null,null,null,null,null,null,{"$f":"E2750*F2750","v":0}]
[null,null,null,null,null,null,{"$f":"E2751*F2751","v":0}]
[null,null,null,null,null,null,0]
[null,null,null,null,null,null,0]
[null,null,null,null,null,null,0]
[null,null,null,null,null,null,0]
[null,null,null,null,null,null,0]
[null,null,null,null,null,null,0]
[null,null,null,null,null,null,0]
[null,null,null,null,null,null,0]
[null,null,null,null,null,null,0]
[null,null,null,null,null,null,0]
[null,null,null,null,null,null,0]
[null,null,null,null,null,null,0]
[null,null,null,null,null,null,0]
[null,null,null,null,null,null,0]
[null,null,null,null,null,null,0]
[null,null,null,null,null,null,0]
[null,null,null,null,null,"TOTAL",{"$f":"SUM(G2748:G2767)","v":0}]
[]
[]
["CLASSE/TIPO","CÓDIGOS/ SINAPI","DESCRIÇÃO","UND"]
["IFMT 110.02.2020",".110/D","RETIRADA DE ARVORES ORNAMENTAL  MENOR OU IGUAL A 2,00M DO CANTEIRO DE PLANTA PARA REPLANTIO","UN ","COEFICIENTE","PREÇO UNITÁRIO (R$)","PREÇO TOTAL (R$)"]
["COMPOSIÇÃO",88316,"SERVENTE COM ENCARGOS COMPLEMENTARES","H",1.454,null,{"$f":"E2773*F2773","v":0}]
["COMPOSIÇÃO",88441,"JARDINEIRO COM ENCARGOS COMPLEMENTARES","H",0.36359999999999998,null,{"$f":"E2774*F2774","v":0}]
[null,null,null,null,null,null,{"$f":"E2775*F2775","v":0}]
[null,null,null,null,null,null,{"$f":"E2776*F2776","v":0}]
[null,null,null,null,null,null,0]
[null,null,null,null,null,null,0]
[null,null,null,null,null,null,0]
[null,null,null,null,null,null,0]
[null,null,null,null,null,null,0]
[null,null,null,null,null,null,0]
[null,null,null,null,null,null,0]
[null,null,null,null,null,null,0]
[null,null,null,null,null,null,0]
[null,null,null,null,null,null,0]
[null,null,null,null,null,null,0]
[null,null,null,null,null,null,0]
[null,null,null,null,null,null,0]
[null,null,null,null,null,null,0]
[null,null,null,null,null,null,0]
[null,null,null,null,null,null,0]
[null,null,null,null,null,"TOTAL",{"$f":"SUM(G2773:G2792)","v":0}]
[]
[]
["CLASSE/TIPO","CÓDIGOS/ SINAPI","DESCRIÇÃO","UND"]
["IFMT 111.02.2020",".111/D","CONCRETO PARA CONTENÇÃO DO PAVIMENTO - PAVER E CANTEIRO DE PLANTA COM 20CM BASE 10CM ALTURA","UN ","COEFICIENTE","PREÇO UNITÁRIO (R$)","PREÇO TOTAL (R$)"]
["COMPOSIÇÃO",88316,"SERVENTE COM ENCARGOS COMPLEMENTARES","H",0.55479999999999996,null,{"$f":"E2798*F2798","v":0}]
["COMPOSIÇÃO",88309,"PEDREIRO COM ENCARGOS COMPLEMENTARES","H",0.55479999999999996,null,{"$f":"E2799*F2799","v":0}]
["INSUMO",1523,"00001523 CONCRETO USINADO CONVENCIONAL (NAO BOMBEAVEL) CLASSE DE RESISTENCIA C15, COM BRITA 1 E 2, SLUMP = 80 MM +/- 10 MM (NBR 8953)","M3",0.105,null,{"$f":"E2800*F2800","v":0}]
[null,null,null,null,null,null,{"$f":"E2801*F2801","v":0}]
[null,null,null,null,null,null,0]
[null,null,null,null,null,null,0]
[null,null,null,null,null,null,0]
[null,null,null,null,null,null,0]
[null,null,null,null,null,null,0]
[null,null,null,null,null,null,0]
[null,null,null,null,null,null,0]
[null,null,null,null,null,null,0]
[null,null,null,null,null,null,0]
[null,null,null,null,null,null,0]
[null,null,null,null,null,null,0]
[null,null,null,null,null,null,0]
[null,null,null,null,null,null,0]
[null,null,null,null,null,null,0]
[null,null,null,null,null,null,0]
[null,null,null,null,null,null,0]
[null,null,null,null,null,"TOTAL",{"$f":"SUM(G2798:G2817)","v":0}]
[]
[]
["CLASSE/TIPO","CÓDIGOS/ SINAPI","DESCRIÇÃO","UND"]
["IFMT 112.02.2020",".112/D","ASSENTADOR DE TUBOS DE 100 CM X 60 CM, INCLUSIVE ESCAVAÇÃO, FORNECIMENTO E COLOCAÇÃO EM CANTEIRO DE PLANTA, INSTALADO 10CM ACIMA DO NIVEL DO PAVIMENTO. ","UN ","COEFICIENTE","PREÇO UNITÁRIO (R$)","PREÇO TOTAL (R$)"]
["INSUMO",7762,"00007762 TUBO CONCRETO ARMADO, CLASSE PA-2, PB, DN 600 MM, PARA AGUAS PLUVIAIS (NBR 8890","M",1,null,{"$f":"E2823*F2823","v":0}]
["COMPOSIÇÃO",93358,"93358 ESCAVAÇÃO MANUAL DE VALA COM PROFUNDIDADE MENOR OU IGUAL A 1,30 M. AF_ 03/201","M3",0.65600000000000003,null,{"$f":"E2824*F2824","v":0}]
["COMPOSIÇÃO",88246,"88246 ASSENTADOR DE TUBOS COM ENCARGOS COMPLEMENTARES","H",1,null,{"$f":"E2825*F2825","v":0}]
[null,null,null,null,null,null,{"$f":"E2826*F2826","v":0}]
[null,null,null,null,null,null,0]
[null,null,null,null,null,null,0]
[null,null,null,null,null,null,0]
[null,null,null,null,null,null,0]
[null,null,null,null,null,null,0]
[null,null,null,null,null,null,0]
[null,null,null,null,null,null,0]
[null,null,null,null,null,null,0]
[null,null,null,null,null,null,0]
[null,null,null,null,null,null,0]
[null,null,null,null,null,null,0]
[null,null,null,null,null,null,0]
[null,null,null,null,null,null,0]
[null,null,null,null,null,null,0]
[null,null,null,null,null,null,0]
[null,null,null,null,null,null,0]
[null,null,null,null,null,"TOTAL",{"$f":"SUM(G2823:G2842)","v":0}]
[]
[]
["CLASSE/TIPO","CÓDIGOS/ SINAPI","DESCRIÇÃO","UND"]
["IFMT 113.02.2020",".113/D","REPLANTIO DE ARVORE ORNAMENTAL COM ALTURA MENOR OU IGUA A 2,00M E COLOCAÇÃO DE TERRA VEGETAL 0,16M3","UN ","COEFICIENTE","PREÇO UNITÁRIO (R$)","PREÇO TOTAL (R$)"]
["COMPOSIÇÃO",88316,"SERVENTE COM ENCARGOS COMPLEMENTARES","H",0.72719999999999996,null,{"$f":"E2848*F2848","v":0}]
["COMPOSIÇÃO",88441,"JARDINEIRO COM ENCARGOS COMPLEMENTARES","H",0.18179999999999999,null,{"$f":"E2849*F2849","v":0}]
["INSUMO",7253,"TERRA VEGETAL (GRANEL)","M3",0.16600000000000001,null,{"$f":"E2850*F2850","v":0}]
[null,null,null,null,null,null,{"$f":"E2851*F2851","v":0}]
[null,null,null,null,null,null,0]
[null,null,null,null,null,null,0]
[null,null,null,null,null,null,0]
[null,null,null,null,null,null,0]
[null,null,null,null,null,null,0]
[null,null,null,null,null,null,0]
[null,null,null,null,null,null,0]
[null,null,null,null,null,null,0]
[null,null,null,null,null,null,0]
[null,null,null,null,null,null,0]
[null,null,null,null,null,null,0]
[null,null,null,null,null,null,0]
[null,null,null,null,null,null,0]
[null,null,null,null,null,null,0]
[null,null,null,null,null,null,0]
[null,null,null,null,null,null,0]
[null,null,null,null,null,"TOTAL",{"$f":"SUM(G2848:G2867)","v":0}]
[]
[]
["CLASSE/TIPO","CÓDIGOS/ SINAPI","DESCRIÇÃO","UND"]
["IFMT 114.02.2020",".114/D","INSTALAÇÃO DE UNIDADE REFRIGERADORA","UN ","COEFICIENTE","PREÇO UNITÁRIO (R$)","PREÇO TOTAL (R$)"]
["SINAPI",88275,"88275 MECÃNICO DE EQUIPAMENTOS PESADOS COM ENCARGOS COMPLEMENTARES","H",2,null,{"$f":"E2873*F2873","v":0}]
["SINAPI",88250,"88250 AUXILIAR DE MECÂNICO COM ENCARGOS COMPLEMENTARES","H",2,null,{"$f":"E2874*F2874","v":0}]
["SINAPI",39748,"Tubo de Cobre 19,05mm (3/4\")","M",5,null,{"$f":"E2875*F2875","v":0}]
["ORSE",11509,"Gás Refrigerante R22","kg",1.86,null,{"$f":"E2876*F2876","v":0}]
["SINAPI",39719,"Isolamento Térmico 3/4\" - Elastomérico","L",1,null,0]
["SINAPI",42529,"Fita adesiva aluminizada","M",30,null,0]
["SINAPI",37590,"00037590 SUPORTE MAO-FRANCESA EM ACO, ABAS IGUAIS 30 CM, CAPACIDADE MINIMA 60 KG","UN",2,null,0]
["SINAPI",11964,"00011964 PARAFUSO DE ACO TIPO CHUMBADOR PARABOLT, DIAMETRO 3/8\", COMPRIMENTO 75 MM UN CR 1,02","UN",8,null,0]
[null,null,null,null,null,null,0]
[null,null,null,null,null,null,0]
[null,null,null,null,null,null,0]
[null,null,null,null,null,null,0]
[null,null,null,null,null,null,0]
[null,null,null,null,null,null,0]
[null,null,null,null,null,null,0]
[null,null,null,null,null,null,0]
[null,null,null,null,null,null,0]
[null,null,null,null,null,null,0]
[null,null,null,null,null,null,0]
[null,null,null,null,null,null,0]
[null,null,null,null,null,"TOTAL",{"$f":"SUM(G2873:G2892)","v":0}]
[]
[]
["CLASSE/TIPO","CÓDIGOS/ SINAPI","DESCRIÇÃO","UND"]
["IFMT 115.02.2020",".115/D","INSTALAÇÃO DE UNIDADE CONDENSADORA","UN ","COEFICIENTE","PREÇO UNITÁRIO (R$)","PREÇO TOTAL (R$)"]
["SINAPI",88265,"88265 ELETRICISTA INDUSTRIAL COM ENCARGOS COMPLEMENTARES","H",0.85,null,{"$f":"E2898*F2898","v":0}]
["SINAPI",88247,"88247 AUXILIAR DE ELETRICISTA COM ENCARGOS COMPLEMENTARES","H",0.85,null,{"$f":"E2899*F2899","v":0}]
["SINAPI",88275,"88275 MECÃNICO DE EQUIPAMENTOS PESADOS COM ENCARGOS COMPLEMENTARES","H",0.85,null,{"$f":"E2900*F2900","v":0}]
["SINAPI",88250,"88250 AUXILIAR DE MECÂNICO COM ENCARGOS COMPLEMENTARES","H",0.85,null,{"$f":"E2901*F2901","v":0}]
[null,null,null,null,null,null,0]
[null,null,null,null,null,null,0]
[null,null,null,null,null,null,0]
[null,null,null,null,null,null,0]
[null,null,null,null,null,null,0]
[null,null,null,null,null,null,0]
[null,null,null,null,null,null,0]
[null,null,null,null,null,null,0]
[null,null,null,null,null,null,0]
[null,null,null,null,null,null,0]
[null,null,null,null,null,null,0]
[null,null,null,null,null,null,0]
[null,null,null,null,null,null,0]
[null,null,null,null,null,null,0]
[null,null,null,null,null,null,0]
[null,null,null,null,null,null,0]
[null,null,null,null,null,"TOTAL",{"$f":"SUM(G2898:G2917)","v":0}]
[]
[]
["CLASSE/TIPO","CÓDIGOS/ SINAPI","DESCRIÇÃO","UND"]
["IFMT 116.01.2020",".116/E","FIXAÇÃO DE TUBOS HORIZONTAIS DE PVC, CPVC OU COBRE DIÂMETROS MENORES OU IGUAIS A 40 MM OU ELETROCALHAS ATÉ 150MM DE LARGURA, COM ABRAÇADEIRA METÁLICA RÍGIDA TIPO D 1/2\u0094, FIXADA EM PERFILADO EM LAJE. (FIXAÇÃO POR CUNHA)","M","COEFICIENTE","PREÇO UNITÁRIO (R$)","PREÇO TOTAL (R$)"]
["COMPOSICAO",88248,"AUXILIAR DE ENCANADOR OU BOMBEIRO HIDRÁULICO COM ENCARGOS COMPLEMENTARES","H",0.01,null,{"$f":"E2923*F2923","v":0}]
["COMPOSICAO",88267,"ENCANADOR OU BOMBEIRO HIDRÁULICO COM ENCARGOS COMPLEMENTARES","H",6.9000000000000006E-2,null,{"$f":"E2924*F2924","v":0}]
["INSUMO",39131,"ABRACADEIRA EM ACO PARA AMARRACAO DE ELETRODUTOS, TIPO D, COM 1/2\" E CUNHA DE FIXACAO","UN    ",0.65,null,{"$f":"E2925*F2925","v":0}]
[null,null,null,null,null,null,{"$f":"E2926*F2926","v":0}]
[null,null,null,null,null,null,0]
[null,null,null,null,null,null,0]
[null,null,null,null,null,null,0]
[null,null,null,null,null,null,0]
[null,null,null,null,null,null,0]
[null,null,null,null,null,null,0]
[null,null,null,null,null,null,0]
[null,null,null,null,null,null,0]
[null,null,null,null,null,null,0]
[null,null,null,null,null,null,0]
[null,null,null,null,null,null,0]
[null,null,null,null,null,null,0]
[null,null,null,null,null,null,0]
[null,null,null,null,null,null,0]
[null,null,null,null,null,null,0]
[null,null,null,null,null,null,0]
[null,null,null,null,null,"TOTAL",{"$f":"SUM(G2923:G2942)","v":0}]
[]
[]
["CLASSE/TIPO","CÓDIGOS/ SINAPI","DESCRIÇÃO","UND"]
["IFMT 117.01.2020",".117/E","FIXAÇÃO DE TUBOS VERTICAIS DE PPR DIÂMETROS MENORES OU IGUAIS A 40 MM COM ABRAÇADEIRA METÁLICA RÍGIDA TIPO D 1/2\", FIXADA EM PERFILADO EM ALVENARIA. (FIXAÇÃO POR CUNHA)","M","COEFICIENTE","PREÇO UNITÁRIO (R$)","PREÇO TOTAL (R$)"]
["INSUMO",39131,"ABRACADEIRA EM ACO PARA AMARRACAO DE ELETRODUTOS, TIPO D, COM 1/2\" E CUNHA DE FIXACAO","UN",0.33300000000000002,null,{"$f":"E2948*F2948","v":0}]
["COMPOSICAO",88248,"AUXILIAR DE ENCANADOR OU BOMBEIRO HIDRÁULICO COM ENCARGOS COMPLEMENTARES","H",5.0000000000000001E-3,null,{"$f":"E2949*F2949","v":0}]
["COMPOSICAO",88267,"ENCANADOR OU BOMBEIRO HIDRÁULICO COM ENCARGOS COMPLEMENTARES","H",3.5000000000000003E-2,null,{"$f":"E2950*F2950","v":0}]
[null,null,null,null,null,null,{"$f":"E2951*F2951","v":0}]
[null,null,null,null,null,null,0]
[null,null,null,null,null,null,0]
[null,null,null,null,null,null,0]
[null,null,null,null,null,null,0]
[null,null,null,null,null,null,0]
[null,null,null,null,null,null,0]
[null,null,null,null,null,null,0]
[null,null,null,null,null,null,0]
[null,null,null,null,null,null,0]
[null,null,null,null,null,null,0]
[null,null,null,null,null,null,0]
[null,null,null,null,null,null,0]
[null,null,null,null,null,null,0]
[null,null,null,null,null,null,0]
[null,null,null,null,null,null,0]
[null,null,null,null,null,null,0]
[null,null,null,null,null,"TOTAL",{"$f":"SUM(G2948:G2967)","v":0}]
[]
[]
["CLASSE/TIPO","CÓDIGOS/ SINAPI","DESCRIÇÃO","UND"]
["IFMT 118.01.2020",".118/E","ELETRODUTO DE AÇO GALVANIZADO, CLASSE LEVE, DN 20 MM (3/4\u0092\u0092), APARENTE, INSTALADO EM TETO - FORNECIMENTO E INSTALAÇÃO.(FIXAÇÃO POR CUNHA)","M","COEFICIENTE","PREÇO UNITÁRIO (R$)","PREÇO TOTAL (R$)"]
["COMPOSICAO",88247,"AUXILIAR DE ELETRICISTA COM ENCARGOS COMPLEMENTARES","H",8.2400000000000001E-2,null,{"$f":"E2973*F2973","v":0}]
["COMPOSICAO",88264,"ELETRICISTA COM ENCARGOS COMPLEMENTARES","H",8.2400000000000001E-2,null,{"$f":"E2974*F2974","v":0}]
["COMPOSICAO",".116/E","FIXAÇÃO DE TUBOS HORIZONTAIS DE PVC, CPVC OU COBRE DIÂMETROS MENORES OU IGUAIS A 40 MM OU ELETROCALHAS ATÉ 150MM DE LARGURA, COM ABRAÇADEIRA METÁLICA RÍGIDA TIPO D 1/2\u0094, FIXADA EM PERFILADO EM LAJE. (FIXAÇÃO POR CUNHA)","M",1,null,{"$f":"E2975*F2975","v":0}]
["COMPOSICAO",95753,"LUVA DE EMENDA PARA ELETRODUTO, AÇO GALVANIZADO, DN 20 MM (3/4  ), APARENTE, INSTALADA EM TETO - FORNECIMENTO E INSTALAÇÃO. AF_11/2016_P","UN",0.33329999999999999,null,{"$f":"E2976*F2976","v":0}]
["INSUMO",21128,"!EM PROCESSO DESATIVACAO! ELETRODUTO EM ACO GALVANIZADO ELETROLITICO, LEVE, DIAMETRO 3/4\", PAREDE DE 0,90 MM","M",1.05,null,0]
[null,null,null,null,null,null,0]
[null,null,null,null,null,null,0]
[null,null,null,null,null,null,0]
[null,null,null,null,null,null,0]
[null,null,null,null,null,null,0]
[null,null,null,null,null,null,0]
[null,null,null,null,null,null,0]
[null,null,null,null,null,null,0]
[null,null,null,null,null,null,0]
[null,null,null,null,null,null,0]
[null,null,null,null,null,null,0]
[null,null,null,null,null,null,0]
[null,null,null,null,null,null,0]
[null,null,null,null,null,null,0]
[null,null,null,null,null,null,0]
[null,null,null,null,null,"TOTAL",{"$f":"SUM(G2973:G2992)","v":0}]
[]
[]
["CLASSE/TIPO","CÓDIGOS/ SINAPI","DESCRIÇÃO","UND"]
["IFMT 119.01.2020",".119/E","ELETRODUTO DE AÇO GALVANIZADO, CLASSE LEVE, DN 20 MM (3/4\u0092\u0092), APARENTE, INSTALADO EM PAREDE - FORNECIMENTO E INSTALAÇÃO.(FIXAÇÃO POR CUNHA)","M","COEFICIENTE","PREÇO UNITÁRIO (R$)","PREÇO TOTAL (R$)"]
["INSUMO",21128,"!EM PROCESSO DESATIVACAO! ELETRODUTO EM ACO GALVANIZADO ELETROLITICO, LEVE, DIAMETRO 3/4\", PAREDE DE 0,90 MM","M",1.05,null,{"$f":"E2998*F2998","v":0}]
["COMPOSICAO",88247,"AUXILIAR DE ELETRICISTA COM ENCARGOS COMPLEMENTARES","H",0.19439999999999999,null,{"$f":"E2999*F2999","v":0}]
["COMPOSICAO",88264,"ELETRICISTA COM ENCARGOS COMPLEMENTARES","H",0.19439999999999999,null,{"$f":"E3000*F3000","v":0}]
["IFMT 116.01.2020",".116/E","FIXAÇÃO DE TUBOS HORIZONTAIS DE PVC, CPVC OU COBRE DIÂMETROS MENORES OU IGUAIS A 40 MM OU ELETROCALHAS ATÉ 150MM DE LARGURA, COM ABRAÇADEIRA METÁLICA RÍGIDA TIPO D 1/2\u0094, FIXADA EM PERFILADO EM LAJE. (FIXAÇÃO POR CUNHA)","M",2,null,{"$f":"E3001*F3001","v":0}]
["COMPOSICAO",95757,"LUVA DE EMENDA PARA ELETRODUTO, AÇO GALVANIZADO, DN 20 MM (3/4''), APARENTE, INSTALADA EM PAREDE - FORNECIMENTO E INSTALAÇÃO. AF_11/2016_P","UN",0.33329999999999999,null,0]
[null,null,null,null,null,null,0]
[null,null,null,null,null,null,0]
[null,null,null,null,null,null,0]
[null,null,null,null,null,null,0]
[null,null,null,null,null,null,0]
[null,null,null,null,null,null,0]
[null,null,null,null,null,null,0]
[null,null,null,null,null,null,0]
[null,null,null,null,null,null,0]
[null,null,null,null,null,null,0]
[null,null,null,null,null,null,0]
[null,null,null,null,null,null,0]
[null,null,null,null,null,null,0]
[null,null,null,null,null,null,0]
[null,null,null,null,null,null,0]
[null,null,null,null,null,"TOTAL",{"$f":"SUM(G2998:G3017)","v":0}]
[]
[]
["CLASSE/TIPO","CÓDIGOS/ SINAPI","DESCRIÇÃO","UND"]
["IFMT 120.01.2020",".120/E","ELETRODUTO DE AÇO GALVANIZADO, CLASSE LEVE, DN 25 MM (1\u0092\u0092), APARENTE, INSTALADO EM TETO - FORNECIMENTO E INSTALAÇÃO.(FIXAÇÃO POR CUNHA)","M","COEFICIENTE","PREÇO UNITÁRIO (R$)","PREÇO TOTAL (R$)"]
["INSUMO",21136,"!EM PROCESSO DESATIVACAO! ELETRODUTO EM ACO GALVANIZADO ELETROLITICO, LEVE, DIAMETRO 1\", PAREDE DE 0,90 MM","M",1.05,null,{"$f":"E3023*F3023","v":0}]
["COMPOSICAO",88247,"AUXILIAR DE ELETRICISTA COM ENCARGOS COMPLEMENTARES","H",0.10440000000000001,null,{"$f":"E3024*F3024","v":0}]
["COMPOSICAO",88264,"ELETRICISTA COM ENCARGOS COMPLEMENTARES","H",0.10440000000000001,null,{"$f":"E3025*F3025","v":0}]
["IFMT 116.01.2020",".116/E","FIXAÇÃO DE TUBOS HORIZONTAIS DE PVC, CPVC OU COBRE DIÂMETROS MENORES OU IGUAIS A 40 MM OU ELETROCALHAS ATÉ 150MM DE LARGURA, COM ABRAÇADEIRA METÁLICA RÍGIDA TIPO D 1/2\u0094, FIXADA EM PERFILADO EM LAJE. (FIXAÇÃO POR CUNHA)","M",1,null,{"$f":"E3026*F3026","v":0}]
["COMPOSICAO",95754,"LUVA DE EMENDA PARA ELETRODUTO, AÇO GALVANIZADO, DN 25 MM (1''), APARENTE, INSTALADA EM TETO - FORNECIMENTO E INSTALAÇÃO. AF_11/2016_P","UN",0.33329999999999999,null,0]
[null,null,null,null,null,null,0]
[null,null,null,null,null,null,0]
[null,null,null,null,null,null,0]
[null,null,null,null,null,null,0]
[null,null,null,null,null,null,0]
[null,null,null,null,null,null,0]
[null,null,null,null,null,null,0]
[null,null,null,null,null,null,0]
[null,null,null,null,null,null,0]
[null,null,null,null,null,null,0]
[null,null,null,null,null,null,0]
[null,null,null,null,null,null,0]
[null,null,null,null,null,null,0]
[null,null,null,null,null,null,0]
[null,null,null,null,null,null,0]
[null,null,null,null,null,"TOTAL",{"$f":"SUM(G3023:G3042)","v":0}]
[]
[]
["CLASSE/TIPO","CÓDIGOS/ SINAPI","DESCRIÇÃO","UND"]
["IFMT 121.01.2020",".121/E","ELETRODUTO DE AÇO GALVANIZADO, CLASSE LEVE, DN 25 MM (1\u0092\u0092), APARENTE, INSTALADO EM PAREDE - FORNECIMENTO E INSTALAÇÃO.(FIXAÇÃO POR CUNHA)","M","COEFICIENTE","PREÇO UNITÁRIO (R$)","PREÇO TOTAL (R$)"]
["INSUMO",21136,"!EM PROCESSO DESATIVACAO! ELETRODUTO EM ACO GALVANIZADO ELETROLITICO, LEVE, DIAMETRO 1\", PAREDE DE 0,90 MM","M",1.05,null,{"$f":"E3048*F3048","v":0}]
["COMPOSICAO",88247,"AUXILIAR DE ELETRICISTA COM ENCARGOS COMPLEMENTARES","H",0.21629999999999999,null,{"$f":"E3049*F3049","v":0}]
["COMPOSICAO",88264,"ELETRICISTA COM ENCARGOS COMPLEMENTARES","H",0.21629999999999999,null,{"$f":"E3050*F3050","v":0}]
["IFMT 116.01.2020",".116/E","FIXAÇÃO DE TUBOS HORIZONTAIS DE PVC, CPVC OU COBRE DIÂMETROS MENORES OU IGUAIS A 40 MM OU ELETROCALHAS ATÉ 150MM DE LARGURA, COM ABRAÇADEIRA METÁLICA RÍGIDA TIPO D 1/2\u0094, FIXADA EM PERFILADO EM LAJE. (FIXAÇÃO POR CUNHA)","M",2,null,{"$f":"E3051*F3051","v":0}]
["COMPOSICAO",95758,"LUVA DE EMENDA PARA ELETRODUTO, AÇO GALVANIZADO, DN 25 MM (1''), APARENTE, INSTALADA EM PAREDE - FORNECIMENTO E INSTALAÇÃO. AF_11/2016_P","UN",0.33329999999999999,null,0]
[null,null,null,null,null,null,0]
[null,null,null,null,null,null,0]
[null,null,null,null,null,null,0]
[null,null,null,null,null,null,0]
[null,null,null,null,null,null,0]
[null,null,null,null,null,null,0]
[null,null,null,null,null,null,0]
[null,null,null,null,null,null,0]
[null,null,null,null,null,null,0]
[null,null,null,null,null,null,0]
[null,null,null,null,null,null,0]
[null,null,null,null,null,null,0]
[null,null,null,null,null,null,0]
[null,null,null,null,null,null,0]
[null,null,null,null,null,null,0]
[null,null,null,null,null,"TOTAL",{"$f":"SUM(G3048:G3067)","v":0}]
[]
[]
["CLASSE/TIPO","CÓDIGOS/ SINAPI","DESCRIÇÃO","UND"]
["IFMT 122.01.2020",".122/E","ELETRODUTO DE AÇO GALVANIZADO, CLASSE SEMI PESADO, DN 32 MM (1 1/4\u0092\u0092), APARENTE, INSTALADO EM TETO - FORNECIMENTO E INSTALAÇÃO.(FIXAÇÃO POR CUNHA)","M","COEFICIENTE","PREÇO UNITÁRIO (R$)","PREÇO TOTAL (R$)"]
["INSUMO",21135,"!EM PROCESSO DESATIVACAO! ELETRODUTO EM ACO GALVANIZADO ELETROLITICO, SEMI-PESADO, DIAMETRO 1 1/4\", PAREDE DE 1,20 MM","M",1.05,null,{"$f":"E3073*F3073","v":0}]
["COMPOSICAO",88247,"AUXILIAR DE ELETRICISTA COM ENCARGOS COMPLEMENTARES","H",0.13500000000000001,null,{"$f":"E3074*F3074","v":0}]
["COMPOSICAO",88264,"ELETRICISTA COM ENCARGOS COMPLEMENTARES","H",0.13500000000000001,null,{"$f":"E3075*F3075","v":0}]
["IFMT C01.01.2020",".116/E","FIXAÇÃO DE TUBOS HORIZONTAIS DE PVC, CPVC OU COBRE DIÂMETROS MENORES OU IGUAIS A 40 MM OU ELETROCALHAS ATÉ 150MM DE LARGURA, COM ABRAÇADEIRA METÁLICA RÍGIDA TIPO D 1/2\u0094, FIXADA EM PERFILADO EM LAJE. (FIXAÇÃO POR CUNHA)","M",1,null,{"$f":"E3076*F3076","v":0}]
["COMPOSICAO",95755,"LUVA DE EMENDA PARA ELETRODUTO, AÇO GALVANIZADO, DN 32 MM (1 1/4''), APARENTE, INSTALADA EM TETO - FORNECIMENTO E INSTALAÇÃO. AF_11/2016_P","UN",0.33329999999999999,null,0]
[null,null,null,null,null,null,0]
[null,null,null,null,null,null,0]
[null,null,null,null,null,null,0]
[null,null,null,null,null,null,0]
[null,null,null,null,null,null,0]
[null,null,null,null,null,null,0]
[null,null,null,null,null,null,0]
[null,null,null,null,null,null,0]
[null,null,null,null,null,null,0]
[null,null,null,null,null,null,0]
[null,null,null,null,null,null,0]
[null,null,null,null,null,null,0]
[null,null,null,null,null,null,0]
[null,null,null,null,null,null,0]
[null,null,null,null,null,null,0]
[null,null,null,null,null,"TOTAL",{"$f":"SUM(G3073:G3092)","v":0}]
[]
[]
["CLASSE/TIPO","CÓDIGOS/ SINAPI","DESCRIÇÃO","UND"]
["IFMT 123.01.2020",".123/E","ELETRODUTO DE AÇO GALVANIZADO, CLASSE SEMI PESADO, DN 32 MM (1 1/4\u0092\u0092), APARENTE, INSTALADO EM PAREDE - FORNECIMENTO E INSTALAÇÃO.(FIXAÇÃO POR CUNHA)","M","COEFICIENTE","PREÇO UNITÁRIO (R$)","PREÇO TOTAL (R$)"]
["INSUMO",21135,"!EM PROCESSO DESATIVACAO! ELETRODUTO EM ACO GALVANIZADO ELETROLITICO, SEMI-PESADO, DIAMETRO 1 1/4\", PAREDE DE 1,20 MM","M",1.05,null,{"$f":"E3098*F3098","v":0}]
["COMPOSICAO",88247,"AUXILIAR DE ELETRICISTA COM ENCARGOS COMPLEMENTARES","H",0.247,null,{"$f":"E3099*F3099","v":0}]
["COMPOSICAO",88264,"ELETRICISTA COM ENCARGOS COMPLEMENTARES","H",0.247,null,{"$f":"E3100*F3100","v":0}]
["IFMT 117.01.2020",".117/E","FIXAÇÃO DE TUBOS VERTICAIS DE PPR DIÂMETROS MENORES OU IGUAIS A 40 MM COM ABRAÇADEIRA METÁLICA RÍGIDA TIPO D 1/2\", FIXADA EM PERFILADO EM ALVENARIA. (FIXAÇÃO POR CUNHA)","M",2,null,{"$f":"E3101*F3101","v":0}]
["COMPOSICAO",95759,"LUVA DE EMENDA PARA ELETRODUTO, AÇO GALVANIZADO, DN 32 MM (1 1/4''), APARENTE, INSTALADA EM PAREDE - FORNECIMENTO E INSTALAÇÃO. AF_11/2016_P","UN",0.33329999999999999,null,0]
[null,null,null,null,null,null,0]
[null,null,null,null,null,null,0]
[null,null,null,null,null,null,0]
[null,null,null,null,null,null,0]
[null,null,null,null,null,null,0]
[null,null,null,null,null,null,0]
[null,null,null,null,null,null,0]
[null,null,null,null,null,null,0]
[null,null,null,null,null,null,0]
[null,null,null,null,null,null,0]
[null,null,null,null,null,null,0]
[null,null,null,null,null,null,0]
[null,null,null,null,null,null,0]
[null,null,null,null,null,null,0]
[null,null,null,null,null,null,0]
[null,null,null,null,null,"TOTAL",{"$f":"SUM(G3098:G3117)","v":0}]
[]
[]
["CLASSE/TIPO","CÓDIGOS/ SINAPI","DESCRIÇÃO","UND"]
["IFMT 124.01.2020",".124/E","ELETRODUTO DE AÇO GALVANIZADO, CLASSE SEMI PESADO, DN 40 MM (1 1/2  ), APARENTE, INSTALADO EM PAREDE - FORNECIMENTO E INSTALAÇÃO. (FIXAÇÃO POR CUNHA)","M","COEFICIENTE","PREÇO UNITÁRIO (R$)","PREÇO TOTAL (R$)"]
["INSUMO",21130,"!EM PROCESSO DESATIVACAO! ELETRODUTO EM ACO GALVANIZADO ELETROLITICO, SEMI-PESADO, DIAMETRO 1 1/2\", PAREDE DE 1,20 MM","M",1.05,null,{"$f":"E3123*F3123","v":0}]
["COMPOSICAO",88247,"AUXILIAR DE ELETRICISTA COM ENCARGOS COMPLEMENTARES","H",0.28210000000000002,null,{"$f":"E3124*F3124","v":0}]
["COMPOSICAO",88264,"ELETRICISTA COM ENCARGOS COMPLEMENTARES","H",0.28210000000000002,null,{"$f":"E3125*F3125","v":0}]
["IFMT 117.01.2020",".117/E","FIXAÇÃO DE TUBOS VERTICAIS DE PPR DIÂMETROS MENORES OU IGUAIS A 40 MM COM ABRAÇADEIRA METÁLICA RÍGIDA TIPO D 1/2\", FIXADA EM PERFILADO EM ALVENARIA. (FIXAÇÃO POR CUNHA)","M",2,null,{"$f":"E3126*F3126","v":0}]
["COMPOSICAO",95760,"LUVA DE EMENDA PARA ELETRODUTO, AÇO GALVANIZADO, DN 40 MM (1 1/2''), APARENTE, INSTALADA EM PAREDE - FORNECIMENTO E INSTALAÇÃO. AF_11/2016_P","UN",0.33329999999999999,null,0]
[null,null,null,null,null,null,0]
[null,null,null,null,null,null,0]
[null,null,null,null,null,null,0]
[null,null,null,null,null,null,0]
[null,null,null,null,null,null,0]
[null,null,null,null,null,null,0]
[null,null,null,null,null,null,0]
[null,null,null,null,null,null,0]
[null,null,null,null,null,null,0]
[null,null,null,null,null,null,0]
[null,null,null,null,null,null,0]
[null,null,null,null,null,null,0]
[null,null,null,null,null,null,0]
[null,null,null,null,null,null,0]
[null,null,null,null,null,null,0]
[null,null,null,null,null,"TOTAL",{"$f":"SUM(G3123:G3142)","v":0}]
[]
[]
["CLASSE/TIPO","CÓDIGOS/ SINAPI","DESCRIÇÃO","UND"]
["IFMT 125.01.2020",".125/E","CURVA 90 GRAUS PARA ELETRODUTO, AÇO GALVANIZADO, DN 25 MM (1''), APARENTE, INSTALADA EM PAREDE - FORNECIMENTO E INSTALAÇÃO.","UN","COEFICIENTE","PREÇO UNITÁRIO (R$)","PREÇO TOTAL (R$)"]
["INSUMO",2617,"CURVA 90 GRAUS, PARA ELETRODUTO, EM ACO GALVANIZADO ELETROLITICO, DIAMETRO DE 25 MM (1\")","UN",1,null,{"$f":"E3148*F3148","v":0}]
["COMPOSICAO",88247,"AUXILIAR DE ELETRICISTA COM ENCARGOS COMPLEMENTARES","H",0.20330000000000001,null,{"$f":"E3149*F3149","v":0}]
["COMPOSICAO",88264,"ELETRICISTA COM ENCARGOS COMPLEMENTARES","H",0.20330000000000001,null,{"$f":"E3150*F3150","v":0}]
[null,null,null,null,null,null,{"$f":"E3151*F3151","v":0}]
[null,null,null,null,null,null,0]
[null,null,null,null,null,null,0]
[null,null,null,null,null,null,0]
[null,null,null,null,null,null,0]
[null,null,null,null,null,null,0]
[null,null,null,null,null,null,0]
[null,null,null,null,null,null,0]
[null,null,null,null,null,null,0]
[null,null,null,null,null,null,0]
[null,null,null,null,null,null,0]
[null,null,null,null,null,null,0]
[null,null,null,null,null,null,0]
[null,null,null,null,null,null,0]
[null,null,null,null,null,null,0]
[null,null,null,null,null,null,0]
[null,null,null,null,null,null,0]
[null,null,null,null,null,"TOTAL",{"$f":"SUM(G3148:G3167)","v":0}]
[]
[]
["CLASSE/TIPO","CÓDIGOS/ SINAPI","DESCRIÇÃO","UND"]
["IFMT 126.01.2020",".126/E","CURVA 90 GRAUS PARA ELETRODUTO, AÇO GALVANIZADO, DN 20 MM (3/4''), APARENTE, INSTALADA EM PAREDE - FORNECIMENTO E INSTALAÇÃO.","UN","COEFICIENTE","PREÇO UNITÁRIO (R$)","PREÇO TOTAL (R$)"]
["INSUMO",2633,"CURVA 90 GRAUS, PARA ELETRODUTO, EM ACO GALVANIZADO ELETROLITICO, DIAMETRO DE 20 MM (3/4\")","UN    ",1,null,{"$f":"E3173*F3173","v":0}]
["COMPOSICAO",88247,"AUXILIAR DE ELETRICISTA COM ENCARGOS COMPLEMENTARES","H",0.1827,null,{"$f":"E3174*F3174","v":0}]
["COMPOSICAO",88264,"ELETRICISTA COM ENCARGOS COMPLEMENTARES","H",0.1827,null,{"$f":"E3175*F3175","v":0}]
[null,null,null,null,null,null,{"$f":"E3176*F3176","v":0}]
[null,null,null,null,null,null,0]
[null,null,null,null,null,null,0]
[null,null,null,null,null,null,0]
[null,null,null,null,null,null,0]
[null,null,null,null,null,null,0]
[null,null,null,null,null,null,0]
[null,null,null,null,null,null,0]
[null,null,null,null,null,null,0]
[null,null,null,null,null,null,0]
[null,null,null,null,null,null,0]
[null,null,null,null,null,null,0]
[null,null,null,null,null,null,0]
[null,null,null,null,null,null,0]
[null,null,null,null,null,null,0]
[null,null,null,null,null,null,0]
[null,null,null,null,null,null,0]
[null,null,null,null,null,"TOTAL",{"$f":"SUM(G3173:G3192)","v":0}]
[]
[]
["CLASSE/TIPO","CÓDIGOS/ SINAPI","DESCRIÇÃO","UND"]
["IFMT 127.01.2020",".127/E","CURVA 90 GRAUS PARA ELETRODUTO, AÇO GALVANIZADO, DN 32 MM (1 1/4''), APARENTE, INSTALADA EM PAREDE - FORNECIMENTO E INSTALAÇÃO. ","UN","COEFICIENTE","PREÇO UNITÁRIO (R$)","PREÇO TOTAL (R$)"]
["INSUMO",2618,"CURVA 90 GRAUS, PARA ELETRODUTO, EM ACO GALVANIZADO ELETROLITICO, DIAMETRO DE 32 MM (1 1/4\")","UN",1,null,{"$f":"E3198*F3198","v":0}]
["COMPOSICAO",88247,"AUXILIAR DE ELETRICISTA COM ENCARGOS COMPLEMENTARES","H",0.23219999999999999,null,{"$f":"E3199*F3199","v":0}]
["COMPOSICAO",88264,"ELETRICISTA COM ENCARGOS COMPLEMENTARES","H",0.23219999999999999,null,{"$f":"E3200*F3200","v":0}]
[null,null,null,null,null,null,{"$f":"E3201*F3201","v":0}]
[null,null,null,null,null,null,0]
[null,null,null,null,null,null,0]
[null,null,null,null,null,null,0]
[null,null,null,null,null,null,0]
[null,null,null,null,null,null,0]
[null,null,null,null,null,null,0]
[null,null,null,null,null,null,0]
[null,null,null,null,null,null,0]
[null,null,null,null,null,null,0]
[null,null,null,null,null,null,0]
[null,null,null,null,null,null,0]
[null,null,null,null,null,null,0]
[null,null,null,null,null,null,0]
[null,null,null,null,null,null,0]
[null,null,null,null,null,null,0]
[null,null,null,null,null,null,0]
[null,null,null,null,null,"TOTAL",{"$f":"SUM(G3198:G3217)","v":0}]
[]
[]
["CLASSE/TIPO","CÓDIGOS/ SINAPI","DESCRIÇÃO","UND"]
["IFMT 128.01.2020",".128/E","QUADRO DE DISTRIBUICAO COM BARRAMENTO TRIFASICO, DE SOBREPOR, EM CHAPA DE ACO GALVANIZADO, PARA 18 DISJUNTORES DIN, 100 A (FORNECIMENTO E INSTALAÇÃO) ","UN","COEFICIENTE","PREÇO UNITÁRIO (R$)","PREÇO TOTAL (R$)"]
["COMPOSICAO",88264,"ELETRICISTA COM ENCARGOS COMPLEMENTARES","h",3,null,{"$f":"E3223*F3223","v":0}]
["COMPOSICAO",88247,"AUXILIAR DE ELETRICISTA COM ENCARGOS COMPLEMENTARES","h",3,null,{"$f":"E3224*F3224","v":0}]
["INSUMO",7583,"BUCHA DE NYLON SEM ABA S8, COM PARAFUSO DE 4,80 X 50 MM EM ACO ZINCADO COM ROSCA SOBERBA, CABECA CHATA E FENDA PHILLIPS","UN    ",4,null,{"$f":"E3225*F3225","v":0}]
["INSUMO",12038,"QUADRO DE DISTRIBUICAO COM BARRAMENTO TRIFASICO, DE SOBREPOR, EM CHAPA DE ACO GALVANIZADO, PARA 18 DISJUNTORES DIN, 100 A","UN    ",1,null,{"$f":"E3226*F3226","v":0}]
[null,null,null,null,null,null,0]
[null,null,null,null,null,null,0]
[null,null,null,null,null,null,0]
[null,null,null,null,null,null,0]
[null,null,null,null,null,null,0]
[null,null,null,null,null,null,0]
[null,null,null,null,null,null,0]
[null,null,null,null,null,null,0]
[null,null,null,null,null,null,0]
[null,null,null,null,null,null,0]
[null,null,null,null,null,null,0]
[null,null,null,null,null,null,0]
[null,null,null,null,null,null,0]
[null,null,null,null,null,null,0]
[null,null,null,null,null,null,0]
[null,null,null,null,null,null,0]
[null,null,null,null,null,"TOTAL",{"$f":"SUM(G3223:G3242)","v":0}]
[]
[]
["CLASSE/TIPO","CÓDIGOS/ SINAPI","DESCRIÇÃO","UND"]
["IFMT 129.01.2020",".129/E","QUADRO DE DISTRIBUICAO COM BARRAMENTO TRIFASICO, DE SOBREPOR, EM CHAPA DE ACO GALVANIZADO, PARA 24 DISJUNTORES DIN, 100 A (FORNECIMENTO E INSTALAÇÃO) ","UN","COEFICIENTE","PREÇO UNITÁRIO (R$)","PREÇO TOTAL (R$)"]
["COMPOSICAO",88264,"ELETRICISTA COM ENCARGOS COMPLEMENTARES","h",3,null,{"$f":"E3248*F3248","v":0}]
["COMPOSICAO",88247,"AUXILIAR DE ELETRICISTA COM ENCARGOS COMPLEMENTARES","h",3,null,{"$f":"E3249*F3249","v":0}]
["INSUMO",7583,"BUCHA DE NYLON SEM ABA S8, COM PARAFUSO DE 4,80 X 50 MM EM ACO ZINCADO COM ROSCA SOBERBA, CABECA CHATA E FENDA PHILLIPS","UN    ",4,null,{"$f":"E3250*F3250","v":0}]
["INSUMO",39757,"QUADRO DE DISTRIBUICAO COM BARRAMENTO TRIFASICO, DE SOBREPOR, EM CHAPA DE ACO GALVANIZADO, PARA 28 DISJUNTORES DIN, 100 A","UN    ",1,null,{"$f":"E3251*F3251","v":0}]
[null,null,null,null,null,null,0]
[null,null,null,null,null,null,0]
[null,null,null,null,null,null,0]
[null,null,null,null,null,null,0]
[null,null,null,null,null,null,0]
[null,null,null,null,null,null,0]
[null,null,null,null,null,null,0]
[null,null,null,null,null,null,0]
[null,null,null,null,null,null,0]
[null,null,null,null,null,null,0]
[null,null,null,null,null,null,0]
[null,null,null,null,null,null,0]
[null,null,null,null,null,null,0]
[null,null,null,null,null,null,0]
[null,null,null,null,null,null,0]
[null,null,null,null,null,null,0]
[null,null,null,null,null,"TOTAL",{"$f":"SUM(G3248:G3267)","v":0}]
[]
[]
["CLASSE/TIPO","CÓDIGOS/ SINAPI","DESCRIÇÃO","UND"]
["IFMT 130.01.2020",".130/E","QUADRO DE DISTRIBUICAO COM BARRAMENTO TRIFASICO, DE SOBREPOR, EM CHAPA DE ACO GALVANIZADO, PARA 28 DISJUNTORES DIN, 100 A (FORNECIMENTO E INSTALAÇÃO) ","UN","COEFICIENTE","PREÇO UNITÁRIO (R$)","PREÇO TOTAL (R$)"]
["COMPOSICAO",88264,"ELETRICISTA COM ENCARGOS COMPLEMENTARES","h",3,null,{"$f":"E3273*F3273","v":0}]
["COMPOSICAO",88247,"AUXILIAR DE ELETRICISTA COM ENCARGOS COMPLEMENTARES","h",3,null,{"$f":"E3274*F3274","v":0}]
["INSUMO",7583,"BUCHA DE NYLON SEM ABA S8, COM PARAFUSO DE 4,80 X 50 MM EM ACO ZINCADO COM ROSCA SOBERBA, CABECA CHATA E FENDA PHILLIPS","UN    ",4,null,{"$f":"E3275*F3275","v":0}]
["INSUMO",39757,"QUADRO DE DISTRIBUICAO COM BARRAMENTO TRIFASICO, DE SOBREPOR, EM CHAPA DE ACO GALVANIZADO, PARA 28 DISJUNTORES DIN, 100 A","UN    ",1,null,{"$f":"E3276*F3276","v":0}]
[null,null,null,null,null,null,0]
[null,null,null,null,null,null,0]
[null,null,null,null,null,null,0]
[null,null,null,null,null,null,0]
[null,null,null,null,null,null,0]
[null,null,null,null,null,null,0]
[null,null,null,null,null,null,0]
[null,null,null,null,null,null,0]
[null,null,null,null,null,null,0]
[null,null,null,null,null,null,0]
[null,null,null,null,null,null,0]
[null,null,null,null,null,null,0]
[null,null,null,null,null,null,0]
[null,null,null,null,null,null,0]
[null,null,null,null,null,null,0]
[null,null,null,null,null,null,0]
[null,null,null,null,null,"TOTAL",{"$f":"SUM(G3273:G3292)","v":0}]
[]
[]
["CLASSE/TIPO","CÓDIGOS/ SINAPI","DESCRIÇÃO","UND"]
["IFMT 131.01.2020",".131/E","QUADRO DE DISTRIBUICAO COM BARRAMENTO TRIFASICO, DE SOBREPOR, EM CHAPA DE ACO GALVANIZADO, PARA 40 DISJUNTORES DIN, 100 A (FORNECIMENTO E INSTALAÇÃO) ","UN","COEFICIENTE","PREÇO UNITÁRIO (R$)","PREÇO TOTAL (R$)"]
["COMPOSICAO",88264,"ELETRICISTA COM ENCARGOS COMPLEMENTARES","h",3,null,{"$f":"E3298*F3298","v":0}]
["COMPOSICAO",88247,"AUXILIAR DE ELETRICISTA COM ENCARGOS COMPLEMENTARES","h",3,null,{"$f":"E3299*F3299","v":0}]
["INSUMO",7583,"BUCHA DE NYLON SEM ABA S8, COM PARAFUSO DE 4,80 X 50 MM EM ACO ZINCADO COM ROSCA SOBERBA, CABECA CHATA E FENDA PHILLIPS","UN    ",4,null,{"$f":"E3300*F3300","v":0}]
["INSUMO",39760,"QUADRO DE DISTRIBUICAO COM BARRAMENTO TRIFASICO, DE SOBREPOR, EM CHAPA DE ACO GALVANIZADO, PARA 40 DISJUNTORES DIN, 100 A","UN    ",1,null,{"$f":"E3301*F3301","v":0}]
[null,null,null,null,null,null,0]
[null,null,null,null,null,null,0]
[null,null,null,null,null,null,0]
[null,null,null,null,null,null,0]
[null,null,null,null,null,null,0]
[null,null,null,null,null,null,0]
[null,null,null,null,null,null,0]
[null,null,null,null,null,null,0]
[null,null,null,null,null,null,0]
[null,null,null,null,null,null,0]
[null,null,null,null,null,null,0]
[null,null,null,null,null,null,0]
[null,null,null,null,null,null,0]
[null,null,null,null,null,null,0]
[null,null,null,null,null,null,0]
[null,null,null,null,null,null,0]
[null,null,null,null,null,"TOTAL",{"$f":"SUM(G3298:G3317)","v":0}]
[]
[]
["CLASSE/TIPO","CÓDIGOS/ SINAPI","DESCRIÇÃO","UND"]
["IFMT 132.01.2020",".132/E","LUMINÁRIA RETANGULAR TIPO CALHA, DE SOBREPOR, COM 2 LÂMPADAS TUBULARES BIVOLT DE LED 20 W - COMPLETA. FORNECIMENTO E INSTALAÇÃO","UN","COEFICIENTE","PREÇO UNITÁRIO (R$)","PREÇO TOTAL (R$)"]
["INSUMO",12239,"LUMINARIA DE SOBREPOR EM CHAPA DE ACO PARA 2 LAMPADAS FLUORESCENTES DE *36* W, PERFIL COMERCIAL (NAO INCLUI REATOR E LAMPADAS)","UN",1,null,{"$f":"E3323*F3323","v":0}]
["INSUMO",39387,"LAMPADA LED TUBULAR BIVOLT 18/20 W, BASE G13","UN",2,null,{"$f":"E3324*F3324","v":0}]
["COMPOSIÇÃO",88247,"AUXILIAR DE ELETRICISTA COM ENCARGOS COMPLEMENTARES","H",0.1963,null,{"$f":"E3325*F3325","v":0}]
["COMPOSIÇÃO",88264,"ELETRICISTA COM ENCARGOS COMPLEMENTARES","H",0.47099999999999997,null,{"$f":"E3326*F3326","v":0}]
[null,null,null,null,null,null,0]
[null,null,null,null,null,null,0]
[null,null,null,null,null,null,0]
[null,null,null,null,null,null,0]
[null,null,null,null,null,null,0]
[null,null,null,null,null,null,0]
[null,null,null,null,null,null,0]
[null,null,null,null,null,null,0]
[null,null,null,null,null,null,0]
[null,null,null,null,null,null,0]
[null,null,null,null,null,null,0]
[null,null,null,null,null,null,0]
[null,null,null,null,null,null,0]
[null,null,null,null,null,null,0]
[null,null,null,null,null,null,0]
[null,null,null,null,null,null,0]
[null,null,null,null,null,"TOTAL",{"$f":"SUM(G3323:G3342)","v":0}]
[]
[]
["CLASSE/TIPO","CÓDIGOS/ SINAPI","DESCRIÇÃO","UND"]
["IFMT 133.01.2020",".133/E","DISJUNTOR TRIPOLAR TIPO DIN, CORRENTE NOMINAL DE 10A - FORNECIMENTO E INSTALAÇÃO, CURVA D, CAPACIDADE DE INTERRUPÇÃO 3KA.","UN","COEFICIENTE","PREÇO UNITÁRIO (R$)","PREÇO TOTAL (R$)"]
["INSUMO",1570,"TERMINAL A COMPRESSAO EM COBRE ESTANHADO PARA CABO 2,5 MM2, 1 FURO E 1 COMPRESSAO, PARA PARAFUSO DE FIXACAO M5","UN",3,null,{"$f":"E3348*F3348","v":0}]
["INSUMO",34709,"DISJUNTOR TIPO DIN/IEC, TRIPOLAR DE 10 ATE 50A","UN",1,null,{"$f":"E3349*F3349","v":0}]
["COMPOSICAO",88247,"AUXILIAR DE ELETRICISTA COM ENCARGOS COMPLEMENTARES","H",0.105,null,{"$f":"E3350*F3350","v":0}]
["COMPOSICAO",88264,"ELETRICISTA COM ENCARGOS COMPLEMENTARES","H",0.105,null,{"$f":"E3351*F3351","v":0}]
[null,null,null,null,null,null,0]
[null,null,null,null,null,null,0]
[null,null,null,null,null,null,0]
[null,null,null,null,null,null,0]
[null,null,null,null,null,null,0]
[null,null,null,null,null,null,0]
[null,null,null,null,null,null,0]
[null,null,null,null,null,null,0]
[null,null,null,null,null,null,0]
[null,null,null,null,null,null,0]
[null,null,null,null,null,null,0]
[null,null,null,null,null,null,0]
[null,null,null,null,null,null,0]
[null,null,null,null,null,null,0]
[null,null,null,null,null,null,0]
[null,null,null,null,null,null,0]
[null,null,null,null,null,"TOTAL",{"$f":"SUM(G3348:G3367)","v":0}]
[]
[]
["CLASSE/TIPO","CÓDIGOS/ SINAPI","DESCRIÇÃO","UND"]
["IFMT 134.01.2020",".134/E","DISJUNTOR TRIPOLAR TIPO DIN, CORRENTE NOMINAL DE 10A - FORNECIMENTO E INSTALAÇÃO, CURVA D, CAPACIDADE DE INTERRUPÇÃO 6KA.","UN","COEFICIENTE","PREÇO UNITÁRIO (R$)","PREÇO TOTAL (R$)"]
["INSUMO",1570,"TERMINAL A COMPRESSAO EM COBRE ESTANHADO PARA CABO 2,5 MM2, 1 FURO E 1 COMPRESSAO, PARA PARAFUSO DE FIXACAO M5","UN",3,null,{"$f":"E3373*F3373","v":0}]
["INSUMO",34709,"DISJUNTOR TIPO DIN/IEC, TRIPOLAR DE 10 ATE 50A","UN",1,null,{"$f":"E3374*F3374","v":0}]
["COMPOSICAO",88247,"AUXILIAR DE ELETRICISTA COM ENCARGOS COMPLEMENTARES","H",0.105,null,{"$f":"E3375*F3375","v":0}]
["COMPOSICAO",88264,"ELETRICISTA COM ENCARGOS COMPLEMENTARES","H",0.105,null,{"$f":"E3376*F3376","v":0}]
[null,null,null,null,null,null,0]
[null,null,null,null,null,null,0]
[null,null,null,null,null,null,0]
[null,null,null,null,null,null,0]
[null,null,null,null,null,null,0]
[null,null,null,null,null,null,0]
[null,null,null,null,null,null,0]
[null,null,null,null,null,null,0]
[null,null,null,null,null,null,0]
[null,null,null,null,null,null,0]
[null,null,null,null,null,null,0]
[null,null,null,null,null,null,0]
[null,null,null,null,null,null,0]
[null,null,null,null,null,null,0]
[null,null,null,null,null,null,0]
[null,null,null,null,null,null,0]
[null,null,null,null,null,"TOTAL",{"$f":"SUM(G3373:G3392)","v":0}]
[]
[]
["CLASSE/TIPO","CÓDIGOS/ SINAPI","DESCRIÇÃO","UND"]
["IFMT 135.01.2020",".135/E","DISJUNTOR TRIPOLAR TIPO DIN, CORRENTE NOMINAL DE 10A - FORNECIMENTO E INSTALAÇÃO, CURVA C, CAPACIDADE DE INTERRUPÇÃO 8KA.","UN","COEFICIENTE","PREÇO UNITÁRIO (R$)","PREÇO TOTAL (R$)"]
["INSUMO",1570,"TERMINAL A COMPRESSAO EM COBRE ESTANHADO PARA CABO 2,5 MM2, 1 FURO E 1 COMPRESSAO, PARA PARAFUSO DE FIXACAO M5","UN",3,null,{"$f":"E3398*F3398","v":0}]
["INSUMO",34709,"DISJUNTOR TIPO DIN/IEC, TRIPOLAR DE 10 ATE 50A","UN",1,null,{"$f":"E3399*F3399","v":0}]
["COMPOSICAO",88247,"AUXILIAR DE ELETRICISTA COM ENCARGOS COMPLEMENTARES","H",0.105,null,{"$f":"E3400*F3400","v":0}]
["COMPOSICAO",88264,"ELETRICISTA COM ENCARGOS COMPLEMENTARES","H",0.105,null,{"$f":"E3401*F3401","v":0}]
[null,null,null,null,null,null,0]
[null,null,null,null,null,null,0]
[null,null,null,null,null,null,0]
[null,null,null,null,null,null,0]
[null,null,null,null,null,null,0]
[null,null,null,null,null,null,0]
[null,null,null,null,null,null,0]
[null,null,null,null,null,null,0]
[null,null,null,null,null,null,0]
[null,null,null,null,null,null,0]
[null,null,null,null,null,null,0]
[null,null,null,null,null,null,0]
[null,null,null,null,null,null,0]
[null,null,null,null,null,null,0]
[null,null,null,null,null,null,0]
[null,null,null,null,null,null,0]
[null,null,null,null,null,"TOTAL",{"$f":"SUM(G3398:G3417)","v":0}]
[]
[]
["CLASSE/TIPO","CÓDIGOS/ SINAPI","DESCRIÇÃO","UND"]
["IFMT 136.02.2020",".136/E","DISJUNTOR TRIPOLAR TIPO DIN, CORRENTE NOMINAL DE 16A - FORNECIMENTO E INSTALAÇÃO, CURVA B, CAPACIDADE DE INTERRUPÇÃO 8KA.","UN","COEFICIENTE","PREÇO UNITÁRIO (R$)","PREÇO TOTAL (R$)"]
["INSUMO",1570,"TERMINAL A COMPRESSAO EM COBRE ESTANHADO PARA CABO 2,5 MM2, 1 FURO E 1 COMPRESSAO, PARA PARAFUSO DE FIXACAO M5","UN",3,null,{"$f":"E3423*F3423","v":0}]
["INSUMO",34709,"DISJUNTOR TIPO DIN/IEC, TRIPOLAR DE 10 ATE 50A","UN",1,null,{"$f":"E3424*F3424","v":0}]
["COMPOSICAO",88247,"AUXILIAR DE ELETRICISTA COM ENCARGOS COMPLEMENTARES","H",0.14299999999999999,null,{"$f":"E3425*F3425","v":0}]
["COMPOSICAO",88264,"ELETRICISTA COM ENCARGOS COMPLEMENTARES","H",0.14299999999999999,null,{"$f":"E3426*F3426","v":0}]
[null,null,null,null,null,null,0]
[null,null,null,null,null,null,0]
[null,null,null,null,null,null,0]
[null,null,null,null,null,null,0]
[null,null,null,null,null,null,0]
[null,null,null,null,null,null,0]
[null,null,null,null,null,null,0]
[null,null,null,null,null,null,0]
[null,null,null,null,null,null,0]
[null,null,null,null,null,null,0]
[null,null,null,null,null,null,0]
[null,null,null,null,null,null,0]
[null,null,null,null,null,null,0]
[null,null,null,null,null,null,0]
[null,null,null,null,null,null,0]
[null,null,null,null,null,null,0]
[null,null,null,null,null,"TOTAL",{"$f":"SUM(G3423:G3442)","v":0}]
[]
[]
["CLASSE/TIPO","CÓDIGOS/ SINAPI","DESCRIÇÃO","UND"]
["IFMT 137.02.2020",".137/E","DISJUNTOR TRIPOLAR TIPO DIN, CORRENTE NOMINAL DE 16A - FORNECIMENTO E INSTALAÇÃO, CURVA C, CAPACIDADE DE INTERRUPÇÃO 8KA.","UN","COEFICIENTE","PREÇO UNITÁRIO (R$)","PREÇO TOTAL (R$)"]
["INSUMO",1570,"TERMINAL A COMPRESSAO EM COBRE ESTANHADO PARA CABO 2,5 MM2, 1 FURO E 1 COMPRESSAO, PARA PARAFUSO DE FIXACAO M5","UN",3,null,{"$f":"E3448*F3448","v":0}]
["INSUMO",34709,"DISJUNTOR TIPO DIN/IEC, TRIPOLAR DE 10 ATE 50A","UN",1,null,{"$f":"E3449*F3449","v":0}]
["COMPOSICAO",88247,"AUXILIAR DE ELETRICISTA COM ENCARGOS COMPLEMENTARES","H",0.14299999999999999,null,{"$f":"E3450*F3450","v":0}]
["COMPOSICAO",88264,"ELETRICISTA COM ENCARGOS COMPLEMENTARES","H",0.14299999999999999,null,{"$f":"E3451*F3451","v":0}]
[null,null,null,null,null,null,0]
[null,null,null,null,null,null,0]
[null,null,null,null,null,null,0]
[null,null,null,null,null,null,0]
[null,null,null,null,null,null,0]
[null,null,null,null,null,null,0]
[null,null,null,null,null,null,0]
[null,null,null,null,null,null,0]
[null,null,null,null,null,null,0]
[null,null,null,null,null,null,0]
[null,null,null,null,null,null,0]
[null,null,null,null,null,null,0]
[null,null,null,null,null,null,0]
[null,null,null,null,null,null,0]
[null,null,null,null,null,null,0]
[null,null,null,null,null,null,0]
[null,null,null,null,null,"TOTAL",{"$f":"SUM(G3448:G3467)","v":0}]
[]
[]
["CLASSE/TIPO","CÓDIGOS/ SINAPI","DESCRIÇÃO","UND"]
["IFMT 138.02.2020",".138/E","DISJUNTOR TRIPOLAR TIPO DIN, CORRENTE NOMINAL DE 16A - FORNECIMENTO E INSTALAÇÃO, CURVA D, CAPACIDADE DE INTERRUPÇÃO 8KA.","UN","COEFICIENTE","PREÇO UNITÁRIO (R$)","PREÇO TOTAL (R$)"]
["INSUMO",1570,"TERMINAL A COMPRESSAO EM COBRE ESTANHADO PARA CABO 2,5 MM2, 1 FURO E 1 COMPRESSAO, PARA PARAFUSO DE FIXACAO M5","UN",3,null,{"$f":"E3473*F3473","v":0}]
["INSUMO",34709,"DISJUNTOR TIPO DIN/IEC, TRIPOLAR DE 10 ATE 50A","UN",1,null,{"$f":"E3474*F3474","v":0}]
["COMPOSICAO",88247,"AUXILIAR DE ELETRICISTA COM ENCARGOS COMPLEMENTARES","H",0.14299999999999999,null,{"$f":"E3475*F3475","v":0}]
["COMPOSICAO",88264,"ELETRICISTA COM ENCARGOS COMPLEMENTARES","H",0.14299999999999999,null,{"$f":"E3476*F3476","v":0}]
[null,null,null,null,null,null,0]
[null,null,null,null,null,null,0]
[null,null,null,null,null,null,0]
[null,null,null,null,null,null,0]
[null,null,null,null,null,null,0]
[null,null,null,null,null,null,0]
[null,null,null,null,null,null,0]
[null,null,null,null,null,null,0]
[null,null,null,null,null,null,0]
[null,null,null,null,null,null,0]
[null,null,null,null,null,null,0]
[null,null,null,null,null,null,0]
[null,null,null,null,null,null,0]
[null,null,null,null,null,null,0]
[null,null,null,null,null,null,0]
[null,null,null,null,null,null,0]
[null,null,null,null,null,"TOTAL",{"$f":"SUM(G3473:G3492)","v":0}]
[]
[]
["CLASSE/TIPO","CÓDIGOS/ SINAPI","DESCRIÇÃO","UND"]
["IFMT 139.02.2020",".139/E","DISJUNTOR TRIPOLAR TIPO DIN, CORRENTE NOMINAL DE 20A - FORNECIMENTO E INSTALAÇÃO, CURVA B, CAPACIDADE DE INTERRUPÇÃO 3KA.","UN","COEFICIENTE","PREÇO UNITÁRIO (R$)","PREÇO TOTAL (R$)"]
["INSUMO",1571,"TERMINAL A COMPRESSAO EM COBRE ESTANHADO PARA CABO 4 MM2, 1 FURO E 1 COMPRESSAO, PARA PARAFUSO DE FIXACAO M5","UN",3,null,{"$f":"E3498*F3498","v":0}]
["INSUMO",34709,"DISJUNTOR TIPO DIN/IEC, TRIPOLAR DE 10 ATE 50A","UN",1,null,{"$f":"E3499*F3499","v":0}]
["COMPOSICAO",88247,"AUXILIAR DE ELETRICISTA COM ENCARGOS COMPLEMENTARES","H",0.19900000000000001,null,{"$f":"E3500*F3500","v":0}]
["COMPOSICAO",88264,"ELETRICISTA COM ENCARGOS COMPLEMENTARES","H",0.19900000000000001,null,{"$f":"E3501*F3501","v":0}]
[null,null,null,null,null,null,0]
[null,null,null,null,null,null,0]
[null,null,null,null,null,null,0]
[null,null,null,null,null,null,0]
[null,null,null,null,null,null,0]
[null,null,null,null,null,null,0]
[null,null,null,null,null,null,0]
[null,null,null,null,null,null,0]
[null,null,null,null,null,null,0]
[null,null,null,null,null,null,0]
[null,null,null,null,null,null,0]
[null,null,null,null,null,null,0]
[null,null,null,null,null,null,0]
[null,null,null,null,null,null,0]
[null,null,null,null,null,null,0]
[null,null,null,null,null,null,0]
[null,null,null,null,null,"TOTAL",{"$f":"SUM(G3498:G3517)","v":0}]
[]
[]
["CLASSE/TIPO","CÓDIGOS/ SINAPI","DESCRIÇÃO","UND"]
["IFMT 140.02.2020",".140/E","DISJUNTOR TRIPOLAR TIPO DIN, CORRENTE NOMINAL DE 20A - FORNECIMENTO E INSTALAÇÃO, CURVA C, CAPACIDADE DE INTERRUPÇÃO 3KA.","UN","COEFICIENTE","PREÇO UNITÁRIO (R$)","PREÇO TOTAL (R$)"]
["INSUMO",1571,"TERMINAL A COMPRESSAO EM COBRE ESTANHADO PARA CABO 4 MM2, 1 FURO E 1 COMPRESSAO, PARA PARAFUSO DE FIXACAO M5","UN",3,null,{"$f":"E3523*F3523","v":0}]
["INSUMO",34709,"DISJUNTOR TIPO DIN/IEC, TRIPOLAR DE 10 ATE 50A","UN",1,null,{"$f":"E3524*F3524","v":0}]
["COMPOSICAO",88247,"AUXILIAR DE ELETRICISTA COM ENCARGOS COMPLEMENTARES","H",0.19900000000000001,null,{"$f":"E3525*F3525","v":0}]
["COMPOSICAO",88264,"ELETRICISTA COM ENCARGOS COMPLEMENTARES","H",0.19900000000000001,null,{"$f":"E3526*F3526","v":0}]
[null,null,null,null,null,null,0]
[null,null,null,null,null,null,0]
[null,null,null,null,null,null,0]
[null,null,null,null,null,null,0]
[null,null,null,null,null,null,0]
[null,null,null,null,null,null,0]
[null,null,null,null,null,null,0]
[null,null,null,null,null,null,0]
[null,null,null,null,null,null,0]
[null,null,null,null,null,null,0]
[null,null,null,null,null,null,0]
[null,null,null,null,null,null,0]
[null,null,null,null,null,null,0]
[null,null,null,null,null,null,0]
[null,null,null,null,null,null,0]
[null,null,null,null,null,null,0]
[null,null,null,null,null,"TOTAL",{"$f":"SUM(G3523:G3542)","v":0}]
[]
[]
["CLASSE/TIPO","CÓDIGOS/ SINAPI","DESCRIÇÃO","UND"]
["IFMT 141.02.2020",".141/E","DISJUNTOR TRIPOLAR TIPO DIN, CORRENTE NOMINAL DE 20A - FORNECIMENTO E INSTALAÇÃO, CURVA D, CAPACIDADE DE INTERRUPÇÃO 3KA.","UN","COEFICIENTE","PREÇO UNITÁRIO (R$)","PREÇO TOTAL (R$)"]
["INSUMO",1571,"TERMINAL A COMPRESSAO EM COBRE ESTANHADO PARA CABO 4 MM2, 1 FURO E 1 COMPRESSAO, PARA PARAFUSO DE FIXACAO M5","UN",3,null,{"$f":"E3548*F3548","v":0}]
["INSUMO",34709,"DISJUNTOR TIPO DIN/IEC, TRIPOLAR DE 10 ATE 50A","UN",1,null,{"$f":"E3549*F3549","v":0}]
["COMPOSICAO",88247,"AUXILIAR DE ELETRICISTA COM ENCARGOS COMPLEMENTARES","H",0.19900000000000001,null,{"$f":"E3550*F3550","v":0}]
["COMPOSICAO",88264,"ELETRICISTA COM ENCARGOS COMPLEMENTARES","H",0.19900000000000001,null,{"$f":"E3551*F3551","v":0}]
[null,null,null,null,null,null,0]
[null,null,null,null,null,null,0]
[null,null,null,null,null,null,0]
[null,null,null,null,null,null,0]
[null,null,null,null,null,null,0]
[null,null,null,null,null,null,0]
[null,null,null,null,null,null,0]
[null,null,null,null,null,null,0]
[null,null,null,null,null,null,0]
[null,null,null,null,null,null,0]
[null,null,null,null,null,null,0]
[null,null,null,null,null,null,0]
[null,null,null,null,null,null,0]
[null,null,null,null,null,null,0]
[null,null,null,null,null,null,0]
[null,null,null,null,null,null,0]
[null,null,null,null,null,"TOTAL",{"$f":"SUM(G3548:G3567)","v":0}]
[]
[]
["CLASSE/TIPO","CÓDIGOS/ SINAPI","DESCRIÇÃO","UND"]
["IFMT 142.02.2020",".142/E","DISJUNTOR TRIPOLAR TIPO DIN, CORRENTE NOMINAL DE 20A - FORNECIMENTO E INSTALAÇÃO, CURVA B, CAPACIDADE DE INTERRUPÇÃO 8KA.","UN","COEFICIENTE","PREÇO UNITÁRIO (R$)","PREÇO TOTAL (R$)"]
["INSUMO",1571,"TERMINAL A COMPRESSAO EM COBRE ESTANHADO PARA CABO 4 MM2, 1 FURO E 1 COMPRESSAO, PARA PARAFUSO DE FIXACAO M5","UN",3,null,{"$f":"E3573*F3573","v":0}]
["INSUMO",34709,"DISJUNTOR TIPO DIN/IEC, TRIPOLAR DE 10 ATE 50A","UN",1,null,{"$f":"E3574*F3574","v":0}]
["COMPOSICAO",88247,"AUXILIAR DE ELETRICISTA COM ENCARGOS COMPLEMENTARES","H",0.19900000000000001,null,{"$f":"E3575*F3575","v":0}]
["COMPOSICAO",88264,"ELETRICISTA COM ENCARGOS COMPLEMENTARES","H",0.19900000000000001,null,{"$f":"E3576*F3576","v":0}]
[null,null,null,null,null,null,0]
[null,null,null,null,null,null,0]
[null,null,null,null,null,null,0]
[null,null,null,null,null,null,0]
[null,null,null,null,null,null,0]
[null,null,null,null,null,null,0]
[null,null,null,null,null,null,0]
[null,null,null,null,null,null,0]
[null,null,null,null,null,null,0]
[null,null,null,null,null,null,0]
[null,null,null,null,null,null,0]
[null,null,null,null,null,null,0]
[null,null,null,null,null,null,0]
[null,null,null,null,null,null,0]
[null,null,null,null,null,null,0]
[null,null,null,null,null,null,0]
[null,null,null,null,null,"TOTAL",{"$f":"SUM(G3573:G3592)","v":0}]
[]
[]
["CLASSE/TIPO","CÓDIGOS/ SINAPI","DESCRIÇÃO","UND"]
["IFMT 143.02.2020",".143/E","DISJUNTOR TRIPOLAR TIPO DIN, CORRENTE NOMINAL DE 20A - FORNECIMENTO E INSTALAÇÃO, CURVA D, CAPACIDADE DE INTERRUPÇÃO 8KA.","UN","COEFICIENTE","PREÇO UNITÁRIO (R$)","PREÇO TOTAL (R$)"]
["INSUMO",1571,"TERMINAL A COMPRESSAO EM COBRE ESTANHADO PARA CABO 4 MM2, 1 FURO E 1 COMPRESSAO, PARA PARAFUSO DE FIXACAO M5","UN",3,null,{"$f":"E3598*F3598","v":0}]
["INSUMO",34709,"DISJUNTOR TIPO DIN/IEC, TRIPOLAR DE 10 ATE 50A","UN",1,null,{"$f":"E3599*F3599","v":0}]
["COMPOSICAO",88247,"AUXILIAR DE ELETRICISTA COM ENCARGOS COMPLEMENTARES","H",0.19900000000000001,null,{"$f":"E3600*F3600","v":0}]
["COMPOSICAO",88264,"ELETRICISTA COM ENCARGOS COMPLEMENTARES","H",0.19900000000000001,null,{"$f":"E3601*F3601","v":0}]
[null,null,null,null,null,null,0]
[null,null,null,null,null,null,0]
[null,null,null,null,null,null,0]
[null,null,null,null,null,null,0]
[null,null,null,null,null,null,0]
[null,null,null,null,null,null,0]
[null,null,null,null,null,null,0]
[null,null,null,null,null,null,0]
[null,null,null,null,null,null,0]
[null,null,null,null,null,null,0]
[null,null,null,null,null,null,0]
[null,null,null,null,null,null,0]
[null,null,null,null,null,null,0]
[null,null,null,null,null,null,0]
[null,null,null,null,null,null,0]
[null,null,null,null,null,null,0]
[null,null,null,null,null,"TOTAL",{"$f":"SUM(G3598:G3617)","v":0}]
[]
[]
["CLASSE/TIPO","CÓDIGOS/ SINAPI","DESCRIÇÃO","UND"]
["IFMT 144.02.2020",".144/E","DISJUNTOR TRIPOLAR TIPO DIN, CORRENTE NOMINAL DE 25A - FORNECIMENTO E INSTALAÇÃO, CURVA B, CAPACIDADE DE INTERRUPÇÃO 3KA.","UN","COEFICIENTE","PREÇO UNITÁRIO (R$)","PREÇO TOTAL (R$)"]
["INSUMO",1571,"TERMINAL A COMPRESSAO EM COBRE ESTANHADO PARA CABO 4 MM2, 1 FURO E 1 COMPRESSAO, PARA PARAFUSO DE FIXACAO M5","UN",3,null,{"$f":"E3623*F3623","v":0}]
["INSUMO",34709,"DISJUNTOR TIPO DIN/IEC, TRIPOLAR DE 10 ATE 50A","UN",1,null,{"$f":"E3624*F3624","v":0}]
["COMPOSICAO",88247,"AUXILIAR DE ELETRICISTA COM ENCARGOS COMPLEMENTARES","H",0.19900000000000001,null,{"$f":"E3625*F3625","v":0}]
["COMPOSICAO",88264,"ELETRICISTA COM ENCARGOS COMPLEMENTARES","H",0.19900000000000001,null,{"$f":"E3626*F3626","v":0}]
[null,null,null,null,null,null,0]
[null,null,null,null,null,null,0]
[null,null,null,null,null,null,0]
[null,null,null,null,null,null,0]
[null,null,null,null,null,null,0]
[null,null,null,null,null,null,0]
[null,null,null,null,null,null,0]
[null,null,null,null,null,null,0]
[null,null,null,null,null,null,0]
[null,null,null,null,null,null,0]
[null,null,null,null,null,null,0]
[null,null,null,null,null,null,0]
[null,null,null,null,null,null,0]
[null,null,null,null,null,null,0]
[null,null,null,null,null,null,0]
[null,null,null,null,null,null,0]
[null,null,null,null,null,"TOTAL",{"$f":"SUM(G3623:G3642)","v":0}]
[]
[]
["CLASSE/TIPO","CÓDIGOS/ SINAPI","DESCRIÇÃO","UND"]
["IFMT 145.02.2020",".145/E","DISJUNTOR TRIPOLAR TIPO DIN, CORRENTE NOMINAL DE 25A - FORNECIMENTO E INSTALAÇÃO, CURVA C, CAPACIDADE DE INTERRUPÇÃO 3KA.","UN","COEFICIENTE","PREÇO UNITÁRIO (R$)","PREÇO TOTAL (R$)"]
["INSUMO",1571,"TERMINAL A COMPRESSAO EM COBRE ESTANHADO PARA CABO 4 MM2, 1 FURO E 1 COMPRESSAO, PARA PARAFUSO DE FIXACAO M5","UN",3,null,{"$f":"E3648*F3648","v":0}]
["INSUMO",34709,"DISJUNTOR TIPO DIN/IEC, TRIPOLAR DE 10 ATE 50A","UN",1,null,{"$f":"E3649*F3649","v":0}]
["COMPOSICAO",88247,"AUXILIAR DE ELETRICISTA COM ENCARGOS COMPLEMENTARES","H",0.19900000000000001,null,{"$f":"E3650*F3650","v":0}]
["COMPOSICAO",88264,"ELETRICISTA COM ENCARGOS COMPLEMENTARES","H",0.19900000000000001,null,{"$f":"E3651*F3651","v":0}]
[null,null,null,null,null,null,0]
[null,null,null,null,null,null,0]
[null,null,null,null,null,null,0]
[null,null,null,null,null,null,0]
[null,null,null,null,null,null,0]
[null,null,null,null,null,null,0]
[null,null,null,null,null,null,0]
[null,null,null,null,null,null,0]
[null,null,null,null,null,null,0]
[null,null,null,null,null,null,0]
[null,null,null,null,null,null,0]
[null,null,null,null,null,null,0]
[null,null,null,null,null,null,0]
[null,null,null,null,null,null,0]
[null,null,null,null,null,null,0]
[null,null,null,null,null,null,0]
[null,null,null,null,null,"TOTAL",{"$f":"SUM(G3648:G3667)","v":0}]
[]
[]
["CLASSE/TIPO","CÓDIGOS/ SINAPI","DESCRIÇÃO","UND"]
["IFMT 146.02.2020",".146/E","DISJUNTOR TRIPOLAR TIPO DIN, CORRENTE NOMINAL DE 25A - FORNECIMENTO E INSTALAÇÃO, CURVA B, CAPACIDADE DE INTERRUPÇÃO 8KA.","UN","COEFICIENTE","PREÇO UNITÁRIO (R$)","PREÇO TOTAL (R$)"]
["INSUMO",1571,"TERMINAL A COMPRESSAO EM COBRE ESTANHADO PARA CABO 4 MM2, 1 FURO E 1 COMPRESSAO, PARA PARAFUSO DE FIXACAO M5","UN",3,null,{"$f":"E3673*F3673","v":0}]
["INSUMO",34709,"DISJUNTOR TIPO DIN/IEC, TRIPOLAR DE 10 ATE 50A","UN",1,null,{"$f":"E3674*F3674","v":0}]
["COMPOSICAO",88247,"AUXILIAR DE ELETRICISTA COM ENCARGOS COMPLEMENTARES","H",0.19900000000000001,null,{"$f":"E3675*F3675","v":0}]
["COMPOSICAO",88264,"ELETRICISTA COM ENCARGOS COMPLEMENTARES","H",0.19900000000000001,null,{"$f":"E3676*F3676","v":0}]
[null,null,null,null,null,null,0]
[null,null,null,null,null,null,0]
[null,null,null,null,null,null,0]
[null,null,null,null,null,null,0]
[null,null,null,null,null,null,0]
[null,null,null,null,null,null,0]
[null,null,null,null,null,null,0]
[null,null,null,null,null,null,0]
[null,null,null,null,null,null,0]
[null,null,null,null,null,null,0]
[null,null,null,null,null,null,0]
[null,null,null,null,null,null,0]
[null,null,null,null,null,null,0]
[null,null,null,null,null,null,0]
[null,null,null,null,null,null,0]
[null,null,null,null,null,null,0]
[null,null,null,null,null,"TOTAL",{"$f":"SUM(G3673:G3692)","v":0}]
[]
[]
["CLASSE/TIPO","CÓDIGOS/ SINAPI","DESCRIÇÃO","UND"]
["IFMT 147.02.2020",".147/E","DISJUNTOR TRIPOLAR TIPO DIN, CORRENTE NOMINAL DE 25A - FORNECIMENTO E INSTALAÇÃO, CURVA C, CAPACIDADE DE INTERRUPÇÃO 8KA.","UN","COEFICIENTE","PREÇO UNITÁRIO (R$)","PREÇO TOTAL (R$)"]
["INSUMO",1571,"TERMINAL A COMPRESSAO EM COBRE ESTANHADO PARA CABO 4 MM2, 1 FURO E 1 COMPRESSAO, PARA PARAFUSO DE FIXACAO M5","UN",3,null,{"$f":"E3698*F3698","v":0}]
["INSUMO",34709,"DISJUNTOR TIPO DIN/IEC, TRIPOLAR DE 10 ATE 50A","UN",1,null,{"$f":"E3699*F3699","v":0}]
["COMPOSICAO",88247,"AUXILIAR DE ELETRICISTA COM ENCARGOS COMPLEMENTARES","H",0.19900000000000001,null,{"$f":"E3700*F3700","v":0}]
["COMPOSICAO",88264,"ELETRICISTA COM ENCARGOS COMPLEMENTARES","H",0.19900000000000001,null,{"$f":"E3701*F3701","v":0}]
[null,null,null,null,null,null,0]
[null,null,null,null,null,null,0]
[null,null,null,null,null,null,0]
[null,null,null,null,null,null,0]
[null,null,null,null,null,null,0]
[null,null,null,null,null,null,0]
[null,null,null,null,null,null,0]
[null,null,null,null,null,null,0]
[null,null,null,null,null,null,0]
[null,null,null,null,null,null,0]
[null,null,null,null,null,null,0]
[null,null,null,null,null,null,0]
[null,null,null,null,null,null,0]
[null,null,null,null,null,null,0]
[null,null,null,null,null,null,0]
[null,null,null,null,null,null,0]
[null,null,null,null,null,"TOTAL",{"$f":"SUM(G3698:G3717)","v":0}]
[]
[]
["CLASSE/TIPO","CÓDIGOS/ SINAPI","DESCRIÇÃO","UND"]
["IFMT 148.02.2020",".148/E","DISJUNTOR TRIPOLAR TIPO DIN, CORRENTE NOMINAL DE 25A - FORNECIMENTO E INSTALAÇÃO, CURVA D, CAPACIDADE DE INTERRUPÇÃO 8KA.","UN","COEFICIENTE","PREÇO UNITÁRIO (R$)","PREÇO TOTAL (R$)"]
["INSUMO",1571,"TERMINAL A COMPRESSAO EM COBRE ESTANHADO PARA CABO 4 MM2, 1 FURO E 1 COMPRESSAO, PARA PARAFUSO DE FIXACAO M5","UN",3,null,{"$f":"E3723*F3723","v":0}]
["INSUMO",34709,"DISJUNTOR TIPO DIN/IEC, TRIPOLAR DE 10 ATE 50A","UN",1,null,{"$f":"E3724*F3724","v":0}]
["COMPOSICAO",88247,"AUXILIAR DE ELETRICISTA COM ENCARGOS COMPLEMENTARES","H",0.19900000000000001,null,{"$f":"E3725*F3725","v":0}]
["COMPOSICAO",88264,"ELETRICISTA COM ENCARGOS COMPLEMENTARES","H",0.19900000000000001,null,{"$f":"E3726*F3726","v":0}]
[null,null,null,null,null,null,0]
[null,null,null,null,null,null,0]
[null,null,null,null,null,null,0]
[null,null,null,null,null,null,0]
[null,null,null,null,null,null,0]
[null,null,null,null,null,null,0]
[null,null,null,null,null,null,0]
[null,null,null,null,null,null,0]
[null,null,null,null,null,null,0]
[null,null,null,null,null,null,0]
[null,null,null,null,null,null,0]
[null,null,null,null,null,null,0]
[null,null,null,null,null,null,0]
[null,null,null,null,null,null,0]
[null,null,null,null,null,null,0]
[null,null,null,null,null,null,0]
[null,null,null,null,null,"TOTAL",{"$f":"SUM(G3723:G3742)","v":0}]
[]
[]
["CLASSE/TIPO","CÓDIGOS/ SINAPI","DESCRIÇÃO","UND"]
["IFMT 149.02.2020",".149/E","DISJUNTOR TRIPOLAR TIPO DIN, CORRENTE NOMINAL DE 32A - FORNECIMENTO E INSTALAÇÃO, CURVA D, CAPACIDADE DE INTERRUPÇÃO 8KA.","UN","COEFICIENTE","PREÇO UNITÁRIO (R$)","PREÇO TOTAL (R$)"]
["INSUMO",1573,"TERMINAL A COMPRESSAO EM COBRE ESTANHADO PARA CABO 6 MM2, 1 FURO E 1 COMPRESSAO, PARA PARAFUSO DE FIXACAO M6","UN",3,null,{"$f":"E3748*F3748","v":0}]
["INSUMO",34709,"DISJUNTOR TIPO DIN/IEC, TRIPOLAR DE 10 ATE 50A","UN",1,null,{"$f":"E3749*F3749","v":0}]
["COMPOSICAO",88247,"AUXILIAR DE ELETRICISTA COM ENCARGOS COMPLEMENTARES","H",0.27300000000000002,null,{"$f":"E3750*F3750","v":0}]
["COMPOSICAO",88264,"ELETRICISTA COM ENCARGOS COMPLEMENTARES","H",0.27300000000000002,null,{"$f":"E3751*F3751","v":0}]
[null,null,null,null,null,null,0]
[null,null,null,null,null,null,0]
[null,null,null,null,null,null,0]
[null,null,null,null,null,null,0]
[null,null,null,null,null,null,0]
[null,null,null,null,null,null,0]
[null,null,null,null,null,null,0]
[null,null,null,null,null,null,0]
[null,null,null,null,null,null,0]
[null,null,null,null,null,null,0]
[null,null,null,null,null,null,0]
[null,null,null,null,null,null,0]
[null,null,null,null,null,null,0]
[null,null,null,null,null,null,0]
[null,null,null,null,null,null,0]
[null,null,null,null,null,null,0]
[null,null,null,null,null,"TOTAL",{"$f":"SUM(G3748:G3767)","v":0}]
[]
[]
["CLASSE/TIPO","CÓDIGOS/ SINAPI","DESCRIÇÃO","UND"]
["IFMT 150.02.2020",".150/E","DISJUNTOR TRIPOLAR TIPO DIN, CORRENTE NOMINAL DE 40A - FORNECIMENTO E INSTALAÇÃO, CURVA D, CAPACIDADE DE INTERRUPÇÃO 3KA.","UN","COEFICIENTE","PREÇO UNITÁRIO (R$)","PREÇO TOTAL (R$)"]
["INSUMO",1574,"TERMINAL A COMPRESSAO EM COBRE ESTANHADO PARA CABO 10 MM2, 1 FURO E 1 COMPRESSAO, PARA PARAFUSO DE FIXACAO M6","UN",3,null,{"$f":"E3773*F3773","v":0}]
["INSUMO",34709,"DISJUNTOR TIPO DIN/IEC, TRIPOLAR DE 10 ATE 50A","UN",1,null,{"$f":"E3774*F3774","v":0}]
["COMPOSICAO",88247,"AUXILIAR DE ELETRICISTA COM ENCARGOS COMPLEMENTARES","H",0.40600000000000003,null,{"$f":"E3775*F3775","v":0}]
["COMPOSICAO",88264,"ELETRICISTA COM ENCARGOS COMPLEMENTARES","H",0.40600000000000003,null,{"$f":"E3776*F3776","v":0}]
[null,null,null,null,null,null,0]
[null,null,null,null,null,null,0]
[null,null,null,null,null,null,0]
[null,null,null,null,null,null,0]
[null,null,null,null,null,null,0]
[null,null,null,null,null,null,0]
[null,null,null,null,null,null,0]
[null,null,null,null,null,null,0]
[null,null,null,null,null,null,0]
[null,null,null,null,null,null,0]
[null,null,null,null,null,null,0]
[null,null,null,null,null,null,0]
[null,null,null,null,null,null,0]
[null,null,null,null,null,null,0]
[null,null,null,null,null,null,0]
[null,null,null,null,null,null,0]
[null,null,null,null,null,"TOTAL",{"$f":"SUM(G3773:G3792)","v":0}]
[]
[]
["CLASSE/TIPO","CÓDIGOS/ SINAPI","DESCRIÇÃO","UND"]
["IFMT 151.02.2020",".151/E","DISJUNTOR TRIPOLAR TIPO DIN, CORRENTE NOMINAL DE 50A - FORNECIMENTO E INSTALAÇÃO, CURVA D, CAPACIDADE DE INTERRUPÇÃO 3KA.","UN","COEFICIENTE","PREÇO UNITÁRIO (R$)","PREÇO TOTAL (R$)"]
["INSUMO",1575,"TERMINAL A COMPRESSAO EM COBRE ESTANHADO PARA CABO 16 MM2, 1 FURO E 1 COMPRESSAO, PARA PARAFUSO DE FIXACAO M6","UN",3,null,{"$f":"E3798*F3798","v":0}]
["INSUMO",34709,"DISJUNTOR TIPO DIN/IEC, TRIPOLAR DE 10 ATE 50A","UN",1,null,{"$f":"E3799*F3799","v":0}]
["COMPOSICAO",88247,"AUXILIAR DE ELETRICISTA COM ENCARGOS COMPLEMENTARES","H",0.56799999999999995,null,{"$f":"E3800*F3800","v":0}]
["COMPOSICAO",88264,"ELETRICISTA COM ENCARGOS COMPLEMENTARES","H",0.56799999999999995,null,{"$f":"E3801*F3801","v":0}]
[null,null,null,null,null,null,0]
[null,null,null,null,null,null,0]
[null,null,null,null,null,null,0]
[null,null,null,null,null,null,0]
[null,null,null,null,null,null,0]
[null,null,null,null,null,null,0]
[null,null,null,null,null,null,0]
[null,null,null,null,null,null,0]
[null,null,null,null,null,null,0]
[null,null,null,null,null,null,0]
[null,null,null,null,null,null,0]
[null,null,null,null,null,null,0]
[null,null,null,null,null,null,0]
[null,null,null,null,null,null,0]
[null,null,null,null,null,null,0]
[null,null,null,null,null,null,0]
[null,null,null,null,null,"TOTAL",{"$f":"SUM(G3798:G3817)","v":0}]
[]
[]
["CLASSE/TIPO","CÓDIGOS/ SINAPI","DESCRIÇÃO","UND"]
["IFMT 152.02.2020",".152/E","DISJUNTOR TRIPOLAR TIPO DIN, CORRENTE NOMINAL DE 50A - FORNECIMENTO E INSTALAÇÃO, CURVA D, CAPACIDADE DE INTERRUPÇÃO 8KA.","UN","COEFICIENTE","PREÇO UNITÁRIO (R$)","PREÇO TOTAL (R$)"]
["INSUMO",1575,"TERMINAL A COMPRESSAO EM COBRE ESTANHADO PARA CABO 16 MM2, 1 FURO E 1 COMPRESSAO, PARA PARAFUSO DE FIXACAO M6","UN",3,null,{"$f":"E3823*F3823","v":0}]
["INSUMO",34709,"DISJUNTOR TIPO DIN/IEC, TRIPOLAR DE 10 ATE 50A","UN",1,null,{"$f":"E3824*F3824","v":0}]
["COMPOSICAO",88247,"AUXILIAR DE ELETRICISTA COM ENCARGOS COMPLEMENTARES","H",0.56799999999999995,null,{"$f":"E3825*F3825","v":0}]
["COMPOSICAO",88264,"ELETRICISTA COM ENCARGOS COMPLEMENTARES","H",0.56799999999999995,null,{"$f":"E3826*F3826","v":0}]
[null,null,null,null,null,null,0]
[null,null,null,null,null,null,0]
[null,null,null,null,null,null,0]
[null,null,null,null,null,null,0]
[null,null,null,null,null,null,0]
[null,null,null,null,null,null,0]
[null,null,null,null,null,null,0]
[null,null,null,null,null,null,0]
[null,null,null,null,null,null,0]
[null,null,null,null,null,null,0]
[null,null,null,null,null,null,0]
[null,null,null,null,null,null,0]
[null,null,null,null,null,null,0]
[null,null,null,null,null,null,0]
[null,null,null,null,null,null,0]
[null,null,null,null,null,null,0]
[null,null,null,null,null,"TOTAL",{"$f":"SUM(G3823:G3842)","v":0}]
[]
[]
["CLASSE/TIPO","CÓDIGOS/ SINAPI","DESCRIÇÃO","UND"]
["IFMT 153.02.2020",".153/E","DISJUNTOR BIPOLAR TIPO DIN, CORRENTE NOMINAL DE 10A - FORNECIMENTO E INSTALAÇÃO, CURVA C, CAPACIDADE DE INTERRUPÇÃO 3KA.","UN","COEFICIENTE","PREÇO UNITÁRIO (R$)","PREÇO TOTAL (R$)"]
["INSUMO",1570,"TERMINAL A COMPRESSAO EM COBRE ESTANHADO PARA CABO 2,5 MM2, 1 FURO E 1 COMPRESSAO, PARA PARAFUSO DE FIXACAO M5","UN",2,null,{"$f":"E3848*F3848","v":0}]
["INSUMO",34616,"DISJUNTOR TIPO DIN/IEC, BIPOLAR DE 6 ATE 32A","UN",1,null,{"$f":"E3849*F3849","v":0}]
["COMPOSICAO",88247,"AUXILIAR DE ELETRICISTA COM ENCARGOS COMPLEMENTARES","H",7.0000000000000007E-2,null,{"$f":"E3850*F3850","v":0}]
["COMPOSICAO",88264,"ELETRICISTA COM ENCARGOS COMPLEMENTARES","H",7.0000000000000007E-2,null,{"$f":"E3851*F3851","v":0}]
[null,null,null,null,null,null,0]
[null,null,null,null,null,null,0]
[null,null,null,null,null,null,0]
[null,null,null,null,null,null,0]
[null,null,null,null,null,null,0]
[null,null,null,null,null,null,0]
[null,null,null,null,null,null,0]
[null,null,null,null,null,null,0]
[null,null,null,null,null,null,0]
[null,null,null,null,null,null,0]
[null,null,null,null,null,null,0]
[null,null,null,null,null,null,0]
[null,null,null,null,null,null,0]
[null,null,null,null,null,null,0]
[null,null,null,null,null,null,0]
[null,null,null,null,null,null,0]
[null,null,null,null,null,"TOTAL",{"$f":"SUM(G3848:G3867)","v":0}]
[]
[]
["CLASSE/TIPO","CÓDIGOS/ SINAPI","DESCRIÇÃO","UND"]
["IFMT 154.02.2020",".154/E","DISJUNTOR BIPOLAR TIPO DIN, CORRENTE NOMINAL DE 10A - FORNECIMENTO E INSTALAÇÃO, CURVA B, CAPACIDADE DE INTERRUPÇÃO 6KA.","UN","COEFICIENTE","PREÇO UNITÁRIO (R$)","PREÇO TOTAL (R$)"]
["INSUMO",1570,"TERMINAL A COMPRESSAO EM COBRE ESTANHADO PARA CABO 2,5 MM2, 1 FURO E 1 COMPRESSAO, PARA PARAFUSO DE FIXACAO M5","UN",2,null,{"$f":"E3873*F3873","v":0}]
["INSUMO",34616,"DISJUNTOR TIPO DIN/IEC, BIPOLAR DE 6 ATE 32A","UN",1,null,{"$f":"E3874*F3874","v":0}]
["COMPOSICAO",88247,"AUXILIAR DE ELETRICISTA COM ENCARGOS COMPLEMENTARES","H",7.0000000000000007E-2,null,{"$f":"E3875*F3875","v":0}]
["COMPOSICAO",88264,"ELETRICISTA COM ENCARGOS COMPLEMENTARES","H",7.0000000000000007E-2,null,{"$f":"E3876*F3876","v":0}]
[null,null,null,null,null,null,0]
[null,null,null,null,null,null,0]
[null,null,null,null,null,null,0]
[null,null,null,null,null,null,0]
[null,null,null,null,null,null,0]
[null,null,null,null,null,null,0]
[null,null,null,null,null,null,0]
[null,null,null,null,null,null,0]
[null,null,null,null,null,null,0]
[null,null,null,null,null,null,0]
[null,null,null,null,null,null,0]
[null,null,null,null,null,null,0]
[null,null,null,null,null,null,0]
[null,null,null,null,null,null,0]
[null,null,null,null,null,null,0]
[null,null,null,null,null,null,0]
[null,null,null,null,null,"TOTAL",{"$f":"SUM(G3873:G3892)","v":0}]
[]
[]
["CLASSE/TIPO","CÓDIGOS/ SINAPI","DESCRIÇÃO","UND"]
["IFMT 155.02.2020",".155/E","DISJUNTOR BIPOLAR TIPO DIN, CORRENTE NOMINAL DE 10A - FORNECIMENTO E INSTALAÇÃO, CURVA C, CAPACIDADE DE INTERRUPÇÃO 6KA.","UN","COEFICIENTE","PREÇO UNITÁRIO (R$)","PREÇO TOTAL (R$)"]
["INSUMO",1570,"TERMINAL A COMPRESSAO EM COBRE ESTANHADO PARA CABO 2,5 MM2, 1 FURO E 1 COMPRESSAO, PARA PARAFUSO DE FIXACAO M5","UN",2,null,{"$f":"E3898*F3898","v":0}]
["INSUMO",34616,"DISJUNTOR TIPO DIN/IEC, BIPOLAR DE 6 ATE 32A","UN",1,null,{"$f":"E3899*F3899","v":0}]
["COMPOSICAO",88247,"AUXILIAR DE ELETRICISTA COM ENCARGOS COMPLEMENTARES","H",7.0000000000000007E-2,null,{"$f":"E3900*F3900","v":0}]
["COMPOSICAO",88264,"ELETRICISTA COM ENCARGOS COMPLEMENTARES","H",7.0000000000000007E-2,null,{"$f":"E3901*F3901","v":0}]
[null,null,null,null,null,null,0]
[null,null,null,null,null,null,0]
[null,null,null,null,null,null,0]
[null,null,null,null,null,null,0]
[null,null,null,null,null,null,0]
[null,null,null,null,null,null,0]
[null,null,null,null,null,null,0]
[null,null,null,null,null,null,0]
[null,null,null,null,null,null,0]
[null,null,null,null,null,null,0]
[null,null,null,null,null,null,0]
[null,null,null,null,null,null,0]
[null,null,null,null,null,null,0]
[null,null,null,null,null,null,0]
[null,null,null,null,null,null,0]
[null,null,null,null,null,null,0]
[null,null,null,null,null,"TOTAL",{"$f":"SUM(G3898:G3917)","v":0}]
[]
[]
["CLASSE/TIPO","CÓDIGOS/ SINAPI","DESCRIÇÃO","UND"]
["IFMT 156.02.2020",".156/E","DISJUNTOR BIPOLAR TIPO DIN, CORRENTE NOMINAL DE 10A - FORNECIMENTO E INSTALAÇÃO, CURVA B, CAPACIDADE DE INTERRUPÇÃO 8KA.","UN","COEFICIENTE","PREÇO UNITÁRIO (R$)","PREÇO TOTAL (R$)"]
["INSUMO",1570,"TERMINAL A COMPRESSAO EM COBRE ESTANHADO PARA CABO 2,5 MM2, 1 FURO E 1 COMPRESSAO, PARA PARAFUSO DE FIXACAO M5","UN",2,null,{"$f":"E3923*F3923","v":0}]
["INSUMO",34616,"DISJUNTOR TIPO DIN/IEC, BIPOLAR DE 6 ATE 32A","UN",1,null,{"$f":"E3924*F3924","v":0}]
["COMPOSICAO",88247,"AUXILIAR DE ELETRICISTA COM ENCARGOS COMPLEMENTARES","H",7.0000000000000007E-2,null,{"$f":"E3925*F3925","v":0}]
["COMPOSICAO",88264,"ELETRICISTA COM ENCARGOS COMPLEMENTARES","H",7.0000000000000007E-2,null,{"$f":"E3926*F3926","v":0}]
[null,null,null,null,null,null,0]
[null,null,null,null,null,null,0]
[null,null,null,null,null,null,0]
[null,null,null,null,null,null,0]
[null,null,null,null,null,null,0]
[null,null,null,null,null,null,0]
[null,null,null,null,null,null,0]
[null,null,null,null,null,null,0]
[null,null,null,null,null,null,0]
[null,null,null,null,null,null,0]
[null,null,null,null,null,null,0]
[null,null,null,null,null,null,0]
[null,null,null,null,null,null,0]
[null,null,null,null,null,null,0]
[null,null,null,null,null,null,0]
[null,null,null,null,null,null,0]
[null,null,null,null,null,"TOTAL",{"$f":"SUM(G3923:G3942)","v":0}]
[]
[]
["CLASSE/TIPO","CÓDIGOS/ SINAPI","DESCRIÇÃO","UND"]
["IFMT 157.02.2020",".157/E","DISJUNTOR BIPOLAR TIPO DIN, CORRENTE NOMINAL DE 10A - FORNECIMENTO E INSTALAÇÃO, CURVA C, CAPACIDADE DE INTERRUPÇÃO 8KA.","UN","COEFICIENTE","PREÇO UNITÁRIO (R$)","PREÇO TOTAL (R$)"]
["INSUMO",1570,"TERMINAL A COMPRESSAO EM COBRE ESTANHADO PARA CABO 2,5 MM2, 1 FURO E 1 COMPRESSAO, PARA PARAFUSO DE FIXACAO M5","UN",2,null,{"$f":"E3948*F3948","v":0}]
["INSUMO",34616,"DISJUNTOR TIPO DIN/IEC, BIPOLAR DE 6 ATE 32A","UN",1,null,{"$f":"E3949*F3949","v":0}]
["COMPOSICAO",88247,"AUXILIAR DE ELETRICISTA COM ENCARGOS COMPLEMENTARES","H",7.0000000000000007E-2,null,{"$f":"E3950*F3950","v":0}]
["COMPOSICAO",88264,"ELETRICISTA COM ENCARGOS COMPLEMENTARES","H",7.0000000000000007E-2,null,{"$f":"E3951*F3951","v":0}]
[null,null,null,null,null,null,0]
[null,null,null,null,null,null,0]
[null,null,null,null,null,null,0]
[null,null,null,null,null,null,0]
[null,null,null,null,null,null,0]
[null,null,null,null,null,null,0]
[null,null,null,null,null,null,0]
[null,null,null,null,null,null,0]
[null,null,null,null,null,null,0]
[null,null,null,null,null,null,0]
[null,null,null,null,null,null,0]
[null,null,null,null,null,null,0]
[null,null,null,null,null,null,0]
[null,null,null,null,null,null,0]
[null,null,null,null,null,null,0]
[null,null,null,null,null,null,0]
[null,null,null,null,null,"TOTAL",{"$f":"SUM(G3948:G3967)","v":0}]
[]
[]
["CLASSE/TIPO","CÓDIGOS/ SINAPI","DESCRIÇÃO","UND"]
["IFMT 158.02.2020",".158/E","DISJUNTOR BIPOLAR TIPO DIN, CORRENTE NOMINAL DE 16A - FORNECIMENTO E INSTALAÇÃO, CURVA B, CAPACIDADE DE INTERRUPÇÃO 3KA.","UN","COEFICIENTE","PREÇO UNITÁRIO (R$)","PREÇO TOTAL (R$)"]
["INSUMO",1570,"TERMINAL A COMPRESSAO EM COBRE ESTANHADO PARA CABO 2,5 MM2, 1 FURO E 1 COMPRESSAO, PARA PARAFUSO DE FIXACAO M5","UN",2,null,{"$f":"E3973*F3973","v":0}]
["INSUMO",34616,"DISJUNTOR TIPO DIN/IEC, BIPOLAR DE 6 ATE 32A","UN",1,null,{"$f":"E3974*F3974","v":0}]
["COMPOSICAO",88247,"AUXILIAR DE ELETRICISTA COM ENCARGOS COMPLEMENTARES","H",9.5000000000000001E-2,null,{"$f":"E3975*F3975","v":0}]
["COMPOSICAO",88264,"ELETRICISTA COM ENCARGOS COMPLEMENTARES","H",9.5000000000000001E-2,null,{"$f":"E3976*F3976","v":0}]
[null,null,null,null,null,null,0]
[null,null,null,null,null,null,0]
[null,null,null,null,null,null,0]
[null,null,null,null,null,null,0]
[null,null,null,null,null,null,0]
[null,null,null,null,null,null,0]
[null,null,null,null,null,null,0]
[null,null,null,null,null,null,0]
[null,null,null,null,null,null,0]
[null,null,null,null,null,null,0]
[null,null,null,null,null,null,0]
[null,null,null,null,null,null,0]
[null,null,null,null,null,null,0]
[null,null,null,null,null,null,0]
[null,null,null,null,null,null,0]
[null,null,null,null,null,null,0]
[null,null,null,null,null,"TOTAL",{"$f":"SUM(G3973:G3992)","v":0}]
[]
[]
["CLASSE/TIPO","CÓDIGOS/ SINAPI","DESCRIÇÃO","UND"]
["IFMT 159.02.2020",".159/E","DISJUNTOR BIPOLAR TIPO DIN, CORRENTE NOMINAL DE 16A - FORNECIMENTO E INSTALAÇÃO, CURVA D, CAPACIDADE DE INTERRUPÇÃO 3KA.","UN","COEFICIENTE","PREÇO UNITÁRIO (R$)","PREÇO TOTAL (R$)"]
["INSUMO",1570,"TERMINAL A COMPRESSAO EM COBRE ESTANHADO PARA CABO 2,5 MM2, 1 FURO E 1 COMPRESSAO, PARA PARAFUSO DE FIXACAO M5","UN",2,null,{"$f":"E3998*F3998","v":0}]
["INSUMO",34616,"DISJUNTOR TIPO DIN/IEC, BIPOLAR DE 6 ATE 32A","UN",1,null,{"$f":"E3999*F3999","v":0}]
["COMPOSICAO",88247,"AUXILIAR DE ELETRICISTA COM ENCARGOS COMPLEMENTARES","H",9.5000000000000001E-2,null,{"$f":"E4000*F4000","v":0}]
["COMPOSICAO",88264,"ELETRICISTA COM ENCARGOS COMPLEMENTARES","H",9.5000000000000001E-2,null,{"$f":"E4001*F4001","v":0}]
[null,null,null,null,null,null,0]
[null,null,null,null,null,null,0]
[null,null,null,null,null,null,0]
[null,null,null,null,null,null,0]
[null,null,null,null,null,null,0]
[null,null,null,null,null,null,0]
[null,null,null,null,null,null,0]
[null,null,null,null,null,null,0]
[null,null,null,null,null,null,0]
[null,null,null,null,null,null,0]
[null,null,null,null,null,null,0]
[null,null,null,null,null,null,0]
[null,null,null,null,null,null,0]
[null,null,null,null,null,null,0]
[null,null,null,null,null,null,0]
[null,null,null,null,null,null,0]
[null,null,null,null,null,"TOTAL",{"$f":"SUM(G3998:G4017)","v":0}]
[]
[]
["CLASSE/TIPO","CÓDIGOS/ SINAPI","DESCRIÇÃO","UND"]
["IFMT 160.02.2020",".160/E","DISJUNTOR BIPOLAR TIPO DIN, CORRENTE NOMINAL DE 16A - FORNECIMENTO E INSTALAÇÃO, CURVA B, CAPACIDADE DE INTERRUPÇÃO 8KA.","UN","COEFICIENTE","PREÇO UNITÁRIO (R$)","PREÇO TOTAL (R$)"]
["INSUMO",1570,"TERMINAL A COMPRESSAO EM COBRE ESTANHADO PARA CABO 2,5 MM2, 1 FURO E 1 COMPRESSAO, PARA PARAFUSO DE FIXACAO M5","UN",2,null,{"$f":"E4023*F4023","v":0}]
["INSUMO",34616,"DISJUNTOR TIPO DIN/IEC, BIPOLAR DE 6 ATE 32A","UN",1,null,{"$f":"E4024*F4024","v":0}]
["COMPOSICAO",88247,"AUXILIAR DE ELETRICISTA COM ENCARGOS COMPLEMENTARES","H",9.5000000000000001E-2,null,{"$f":"E4025*F4025","v":0}]
["COMPOSICAO",88264,"ELETRICISTA COM ENCARGOS COMPLEMENTARES","H",9.5000000000000001E-2,null,{"$f":"E4026*F4026","v":0}]
[null,null,null,null,null,null,0]
[null,null,null,null,null,null,0]
[null,null,null,null,null,null,0]
[null,null,null,null,null,null,0]
[null,null,null,null,null,null,0]
[null,null,null,null,null,null,0]
[null,null,null,null,null,null,0]
[null,null,null,null,null,null,0]
[null,null,null,null,null,null,0]
[null,null,null,null,null,null,0]
[null,null,null,null,null,null,0]
[null,null,null,null,null,null,0]
[null,null,null,null,null,null,0]
[null,null,null,null,null,null,0]
[null,null,null,null,null,null,0]
[null,null,null,null,null,null,0]
[null,null,null,null,null,"TOTAL",{"$f":"SUM(G4023:G4042)","v":0}]
[]
[]
["CLASSE/TIPO","CÓDIGOS/ SINAPI","DESCRIÇÃO","UND"]
["IFMT 161.02.2020",".161/E","DISJUNTOR BIPOLAR TIPO DIN, CORRENTE NOMINAL DE 20A - FORNECIMENTO E INSTALAÇÃO, CURVA B, CAPACIDADE DE INTERRUPÇÃO 3KA.","UN","COEFICIENTE","PREÇO UNITÁRIO (R$)","PREÇO TOTAL (R$)"]
["INSUMO",1571,"TERMINAL A COMPRESSAO EM COBRE ESTANHADO PARA CABO 4 MM2, 1 FURO E 1 COMPRESSAO, PARA PARAFUSO DE FIXACAO M5","UN",2,null,{"$f":"E4048*F4048","v":0}]
["INSUMO",34616,"DISJUNTOR TIPO DIN/IEC, BIPOLAR DE 6 ATE 32A","UN",1,null,{"$f":"E4049*F4049","v":0}]
["COMPOSICAO",88247,"AUXILIAR DE ELETRICISTA COM ENCARGOS COMPLEMENTARES","H",0.13300000000000001,null,{"$f":"E4050*F4050","v":0}]
["COMPOSICAO",88264,"ELETRICISTA COM ENCARGOS COMPLEMENTARES","H",0.13300000000000001,null,{"$f":"E4051*F4051","v":0}]
[null,null,null,null,null,null,0]
[null,null,null,null,null,null,0]
[null,null,null,null,null,null,0]
[null,null,null,null,null,null,0]
[null,null,null,null,null,null,0]
[null,null,null,null,null,null,0]
[null,null,null,null,null,null,0]
[null,null,null,null,null,null,0]
[null,null,null,null,null,null,0]
[null,null,null,null,null,null,0]
[null,null,null,null,null,null,0]
[null,null,null,null,null,null,0]
[null,null,null,null,null,null,0]
[null,null,null,null,null,null,0]
[null,null,null,null,null,null,0]
[null,null,null,null,null,null,0]
[null,null,null,null,null,"TOTAL",{"$f":"SUM(G4048:G4067)","v":0}]
[]
[]
["CLASSE/TIPO","CÓDIGOS/ SINAPI","DESCRIÇÃO","UND"]
["IFMT 162.02.2020",".162/E","DISJUNTOR BIPOLAR TIPO DIN, CORRENTE NOMINAL DE 20A - FORNECIMENTO E INSTALAÇÃO, CURVA C, CAPACIDADE DE INTERRUPÇÃO 3KA.","UN","COEFICIENTE","PREÇO UNITÁRIO (R$)","PREÇO TOTAL (R$)"]
["INSUMO",1571,"TERMINAL A COMPRESSAO EM COBRE ESTANHADO PARA CABO 4 MM2, 1 FURO E 1 COMPRESSAO, PARA PARAFUSO DE FIXACAO M5","UN",2,null,{"$f":"E4073*F4073","v":0}]
["INSUMO",34616,"DISJUNTOR TIPO DIN/IEC, BIPOLAR DE 6 ATE 32A","UN",1,null,{"$f":"E4074*F4074","v":0}]
["COMPOSICAO",88247,"AUXILIAR DE ELETRICISTA COM ENCARGOS COMPLEMENTARES","H",0.13300000000000001,null,{"$f":"E4075*F4075","v":0}]
["COMPOSICAO",88264,"ELETRICISTA COM ENCARGOS COMPLEMENTARES","H",0.13300000000000001,null,{"$f":"E4076*F4076","v":0}]
[null,null,null,null,null,null,0]
[null,null,null,null,null,null,0]
[null,null,null,null,null,null,0]
[null,null,null,null,null,null,0]
[null,null,null,null,null,null,0]
[null,null,null,null,null,null,0]
[null,null,null,null,null,null,0]
[null,null,null,null,null,null,0]
[null,null,null,null,null,null,0]
[null,null,null,null,null,null,0]
[null,null,null,null,null,null,0]
[null,null,null,null,null,null,0]
[null,null,null,null,null,null,0]
[null,null,null,null,null,null,0]
[null,null,null,null,null,null,0]
[null,null,null,null,null,null,0]
[null,null,null,null,null,"TOTAL",{"$f":"SUM(G4073:G4092)","v":0}]
[]
[]
["CLASSE/TIPO","CÓDIGOS/ SINAPI","DESCRIÇÃO","UND"]
["IFMT 163.02.2020",".163/E","DISJUNTOR BIPOLAR TIPO DIN, CORRENTE NOMINAL DE 20A - FORNECIMENTO E INSTALAÇÃO, CURVA D, CAPACIDADE DE INTERRUPÇÃO 8KA.","UN","COEFICIENTE","PREÇO UNITÁRIO (R$)","PREÇO TOTAL (R$)"]
["INSUMO",1571,"TERMINAL A COMPRESSAO EM COBRE ESTANHADO PARA CABO 4 MM2, 1 FURO E 1 COMPRESSAO, PARA PARAFUSO DE FIXACAO M5","UN",2,null,{"$f":"E4098*F4098","v":0}]
["INSUMO",34616,"DISJUNTOR TIPO DIN/IEC, BIPOLAR DE 6 ATE 32A","UN",1,null,{"$f":"E4099*F4099","v":0}]
["COMPOSICAO",88247,"AUXILIAR DE ELETRICISTA COM ENCARGOS COMPLEMENTARES","H",0.13300000000000001,null,{"$f":"E4100*F4100","v":0}]
["COMPOSICAO",88264,"ELETRICISTA COM ENCARGOS COMPLEMENTARES","H",0.13300000000000001,null,{"$f":"E4101*F4101","v":0}]
[null,null,null,null,null,null,0]
[null,null,null,null,null,null,0]
[null,null,null,null,null,null,0]
[null,null,null,null,null,null,0]
[null,null,null,null,null,null,0]
[null,null,null,null,null,null,0]
[null,null,null,null,null,null,0]
[null,null,null,null,null,null,0]
[null,null,null,null,null,null,0]
[null,null,null,null,null,null,0]
[null,null,null,null,null,null,0]
[null,null,null,null,null,null,0]
[null,null,null,null,null,null,0]
[null,null,null,null,null,null,0]
[null,null,null,null,null,null,0]
[null,null,null,null,null,null,0]
[null,null,null,null,null,"TOTAL",{"$f":"SUM(G4098:G4117)","v":0}]
[]
[]
["CLASSE/TIPO","CÓDIGOS/ SINAPI","DESCRIÇÃO","UND"]
["IFMT 164.02.2020",".164/E","DISJUNTOR BIPOLAR TIPO DIN, CORRENTE NOMINAL DE 25A - FORNECIMENTO E INSTALAÇÃO, CURVA B, CAPACIDADE DE INTERRUPÇÃO 8KA.","UN","COEFICIENTE","PREÇO UNITÁRIO (R$)","PREÇO TOTAL (R$)"]
["INSUMO",1571,"TERMINAL A COMPRESSAO EM COBRE ESTANHADO PARA CABO 4 MM2, 1 FURO E 1 COMPRESSAO, PARA PARAFUSO DE FIXACAO M5","UN",2,null,{"$f":"E4123*F4123","v":0}]
["INSUMO",34616,"DISJUNTOR TIPO DIN/IEC, BIPOLAR DE 6 ATE 32A","UN",1,null,{"$f":"E4124*F4124","v":0}]
["COMPOSICAO",88247,"AUXILIAR DE ELETRICISTA COM ENCARGOS COMPLEMENTARES","H",0.13300000000000001,null,{"$f":"E4125*F4125","v":0}]
["COMPOSICAO",88264,"ELETRICISTA COM ENCARGOS COMPLEMENTARES","H",0.13300000000000001,null,{"$f":"E4126*F4126","v":0}]
[null,null,null,null,null,null,0]
[null,null,null,null,null,null,0]
[null,null,null,null,null,null,0]
[null,null,null,null,null,null,0]
[null,null,null,null,null,null,0]
[null,null,null,null,null,null,0]
[null,null,null,null,null,null,0]
[null,null,null,null,null,null,0]
[null,null,null,null,null,null,0]
[null,null,null,null,null,null,0]
[null,null,null,null,null,null,0]
[null,null,null,null,null,null,0]
[null,null,null,null,null,null,0]
[null,null,null,null,null,null,0]
[null,null,null,null,null,null,0]
[null,null,null,null,null,null,0]
[null,null,null,null,null,"TOTAL",{"$f":"SUM(G4123:G4142)","v":0}]
[]
[]
["CLASSE/TIPO","CÓDIGOS/ SINAPI","DESCRIÇÃO","UND"]
["IFMT 165.02.2020",".165/E","DISJUNTOR MONOPOLAR TIPO DIN, CORRENTE NOMINAL DE 10A - FORNECIMENTO E INSTALAÇÃO, CURVA B, CAPACIDADE DE INTERRUPÇÃO 3KA.","UN","COEFICIENTE","PREÇO UNITÁRIO (R$)","PREÇO TOTAL (R$)"]
["INSUMO",1570,"TERMINAL A COMPRESSAO EM COBRE ESTANHADO PARA CABO 2,5 MM2, 1 FURO E 1 COMPRESSAO, PARA PARAFUSO DE FIXACAO M5","UN",1,null,{"$f":"E4148*F4148","v":0}]
["INSUMO",34653,"DISJUNTOR TIPO DIN/IEC, MONOPOLAR DE 6  ATE  32A","UN",1,null,{"$f":"E4149*F4149","v":0}]
["COMPOSICAO",88247,"AUXILIAR DE ELETRICISTA COM ENCARGOS COMPLEMENTARES","H",3.5000000000000003E-2,null,{"$f":"E4150*F4150","v":0}]
["COMPOSICAO",88264,"ELETRICISTA COM ENCARGOS COMPLEMENTARES","H",3.5000000000000003E-2,null,{"$f":"E4151*F4151","v":0}]
[null,null,null,null,null,null,0]
[null,null,null,null,null,null,0]
[null,null,null,null,null,null,0]
[null,null,null,null,null,null,0]
[null,null,null,null,null,null,0]
[null,null,null,null,null,null,0]
[null,null,null,null,null,null,0]
[null,null,null,null,null,null,0]
[null,null,null,null,null,null,0]
[null,null,null,null,null,null,0]
[null,null,null,null,null,null,0]
[null,null,null,null,null,null,0]
[null,null,null,null,null,null,0]
[null,null,null,null,null,null,0]
[null,null,null,null,null,null,0]
[null,null,null,null,null,null,0]
[null,null,null,null,null,"TOTAL",{"$f":"SUM(G4148:G4167)","v":0}]
[]
[]
["CLASSE/TIPO","CÓDIGOS/ SINAPI","DESCRIÇÃO","UND"]
["IFMT 166.02.2020",".166/E","DISJUNTOR MONOPOLAR TIPO DIN, CORRENTE NOMINAL DE 10A - FORNECIMENTO E INSTALAÇÃO, CURVA B, CAPACIDADE DE INTERRUPÇÃO 6KA.","UN","COEFICIENTE","PREÇO UNITÁRIO (R$)","PREÇO TOTAL (R$)"]
["INSUMO",1570,"TERMINAL A COMPRESSAO EM COBRE ESTANHADO PARA CABO 2,5 MM2, 1 FURO E 1 COMPRESSAO, PARA PARAFUSO DE FIXACAO M5","UN",1,null,{"$f":"E4173*F4173","v":0}]
["INSUMO",34653,"DISJUNTOR TIPO DIN/IEC, MONOPOLAR DE 6  ATE  32A","UN",1,null,{"$f":"E4174*F4174","v":0}]
["COMPOSICAO",88247,"AUXILIAR DE ELETRICISTA COM ENCARGOS COMPLEMENTARES","H",3.5000000000000003E-2,null,{"$f":"E4175*F4175","v":0}]
["COMPOSICAO",88264,"ELETRICISTA COM ENCARGOS COMPLEMENTARES","H",3.5000000000000003E-2,null,{"$f":"E4176*F4176","v":0}]
[null,null,null,null,null,null,0]
[null,null,null,null,null,null,0]
[null,null,null,null,null,null,0]
[null,null,null,null,null,null,0]
[null,null,null,null,null,null,0]
[null,null,null,null,null,null,0]
[null,null,null,null,null,null,0]
[null,null,null,null,null,null,0]
[null,null,null,null,null,null,0]
[null,null,null,null,null,null,0]
[null,null,null,null,null,null,0]
[null,null,null,null,null,null,0]
[null,null,null,null,null,null,0]
[null,null,null,null,null,null,0]
[null,null,null,null,null,null,0]
[null,null,null,null,null,null,0]
[null,null,null,null,null,"TOTAL",{"$f":"SUM(G4173:G4192)","v":0}]
[]
[]
["CLASSE/TIPO","CÓDIGOS/ SINAPI","DESCRIÇÃO","UND"]
["IFMT 167.02.2020",".167/E","DISJUNTOR MONOPOLAR TIPO DIN, CORRENTE NOMINAL DE 10A - FORNECIMENTO E INSTALAÇÃO, CURVA B, CAPACIDADE DE INTERRUPÇÃO 8KA.","UN","COEFICIENTE","PREÇO UNITÁRIO (R$)","PREÇO TOTAL (R$)"]
["INSUMO",1570,"TERMINAL A COMPRESSAO EM COBRE ESTANHADO PARA CABO 2,5 MM2, 1 FURO E 1 COMPRESSAO, PARA PARAFUSO DE FIXACAO M5","UN",1,null,{"$f":"E4198*F4198","v":0}]
["INSUMO",34653,"DISJUNTOR TIPO DIN/IEC, MONOPOLAR DE 6  ATE  32A","UN",1,null,{"$f":"E4199*F4199","v":0}]
["COMPOSICAO",88247,"AUXILIAR DE ELETRICISTA COM ENCARGOS COMPLEMENTARES","H",3.5000000000000003E-2,null,{"$f":"E4200*F4200","v":0}]
["COMPOSICAO",88264,"ELETRICISTA COM ENCARGOS COMPLEMENTARES","H",3.5000000000000003E-2,null,{"$f":"E4201*F4201","v":0}]
[null,null,null,null,null,null,0]
[null,null,null,null,null,null,0]
[null,null,null,null,null,null,0]
[null,null,null,null,null,null,0]
[null,null,null,null,null,null,0]
[null,null,null,null,null,null,0]
[null,null,null,null,null,null,0]
[null,null,null,null,null,null,0]
[null,null,null,null,null,null,0]
[null,null,null,null,null,null,0]
[null,null,null,null,null,null,0]
[null,null,null,null,null,null,0]
[null,null,null,null,null,null,0]
[null,null,null,null,null,null,0]
[null,null,null,null,null,null,0]
[null,null,null,null,null,null,0]
[null,null,null,null,null,"TOTAL",{"$f":"SUM(G4198:G4217)","v":0}]
[]
[]
["CLASSE/TIPO","CÓDIGOS/ SINAPI","DESCRIÇÃO","UND"]
["IFMT 168.02.2020",".168/E","DISJUNTOR MONOPOLAR TIPO DIN, CORRENTE NOMINAL DE 16A - FORNECIMENTO E INSTALAÇÃO, CURVA B, CAPACIDADE DE INTERRUPÇÃO 3KA.","UN","COEFICIENTE","PREÇO UNITÁRIO (R$)","PREÇO TOTAL (R$)"]
["INSUMO",1570,"TERMINAL A COMPRESSAO EM COBRE ESTANHADO PARA CABO 2,5 MM2, 1 FURO E 1 COMPRESSAO, PARA PARAFUSO DE FIXACAO M5","UN",1,null,{"$f":"E4223*F4223","v":0}]
["INSUMO",34653,"DISJUNTOR TIPO DIN/IEC, MONOPOLAR DE 6  ATE  32A","UN",1,null,{"$f":"E4224*F4224","v":0}]
["COMPOSICAO",88247,"AUXILIAR DE ELETRICISTA COM ENCARGOS COMPLEMENTARES","H",4.8000000000000001E-2,null,{"$f":"E4225*F4225","v":0}]
["COMPOSICAO",88264,"ELETRICISTA COM ENCARGOS COMPLEMENTARES","H",4.8000000000000001E-2,null,{"$f":"E4226*F4226","v":0}]
[null,null,null,null,null,null,0]
[null,null,null,null,null,null,0]
[null,null,null,null,null,null,0]
[null,null,null,null,null,null,0]
[null,null,null,null,null,null,0]
[null,null,null,null,null,null,0]
[null,null,null,null,null,null,0]
[null,null,null,null,null,null,0]
[null,null,null,null,null,null,0]
[null,null,null,null,null,null,0]
[null,null,null,null,null,null,0]
[null,null,null,null,null,null,0]
[null,null,null,null,null,null,0]
[null,null,null,null,null,null,0]
[null,null,null,null,null,null,0]
[null,null,null,null,null,null,0]
[null,null,null,null,null,"TOTAL",{"$f":"SUM(G4223:G4242)","v":0}]
[]
[]
["CLASSE/TIPO","CÓDIGOS/ SINAPI","DESCRIÇÃO","UND"]
["IFMT 169.02.2020",".169/E","DISJUNTOR MONOPOLAR TIPO DIN, CORRENTE NOMINAL DE 16A - FORNECIMENTO E INSTALAÇÃO, CURVA B, CAPACIDADE DE INTERRUPÇÃO 8KA.","UN","COEFICIENTE","PREÇO UNITÁRIO (R$)","PREÇO TOTAL (R$)"]
["INSUMO",1570,"TERMINAL A COMPRESSAO EM COBRE ESTANHADO PARA CABO 2,5 MM2, 1 FURO E 1 COMPRESSAO, PARA PARAFUSO DE FIXACAO M5","UN",1,null,{"$f":"E4248*F4248","v":0}]
["INSUMO",34653,"DISJUNTOR TIPO DIN/IEC, MONOPOLAR DE 6  ATE  32A","UN",1,null,{"$f":"E4249*F4249","v":0}]
["COMPOSICAO",88247,"AUXILIAR DE ELETRICISTA COM ENCARGOS COMPLEMENTARES","H",4.8000000000000001E-2,null,{"$f":"E4250*F4250","v":0}]
["COMPOSICAO",88264,"ELETRICISTA COM ENCARGOS COMPLEMENTARES","H",4.8000000000000001E-2,null,{"$f":"E4251*F4251","v":0}]
[null,null,null,null,null,null,0]
[null,null,null,null,null,null,0]
[null,null,null,null,null,null,0]
[null,null,null,null,null,null,0]
[null,null,null,null,null,null,0]
[null,null,null,null,null,null,0]
[null,null,null,null,null,null,0]
[null,null,null,null,null,null,0]
[null,null,null,null,null,null,0]
[null,null,null,null,null,null,0]
[null,null,null,null,null,null,0]
[null,null,null,null,null,null,0]
[null,null,null,null,null,null,0]
[null,null,null,null,null,null,0]
[null,null,null,null,null,null,0]
[null,null,null,null,null,null,0]
[null,null,null,null,null,"TOTAL",{"$f":"SUM(G4248:G4267)","v":0}]
[]
[]
["CLASSE/TIPO","CÓDIGOS/ SINAPI","DESCRIÇÃO","UND"]
["IFMT 170.02.2020",".170/E","DISJUNTOR MONOPOLAR TIPO DIN, CORRENTE NOMINAL DE 20A - FORNECIMENTO E INSTALAÇÃO, CURVA B, CAPACIDADE DE INTERRUPÇÃO 8KA.","UN","COEFICIENTE","PREÇO UNITÁRIO (R$)","PREÇO TOTAL (R$)"]
["INSUMO",1571,"TERMINAL A COMPRESSAO EM COBRE ESTANHADO PARA CABO 4 MM2, 1 FURO E 1 COMPRESSAO, PARA PARAFUSO DE FIXACAO M5","UN",1,null,{"$f":"E4273*F4273","v":0}]
["INSUMO",34653,"DISJUNTOR TIPO DIN/IEC, MONOPOLAR DE 6  ATE  32A","UN",1,null,{"$f":"E4274*F4274","v":0}]
["COMPOSICAO",88247,"AUXILIAR DE ELETRICISTA COM ENCARGOS COMPLEMENTARES","H",6.6000000000000003E-2,null,{"$f":"E4275*F4275","v":0}]
["COMPOSICAO",88264,"ELETRICISTA COM ENCARGOS COMPLEMENTARES","H",6.6000000000000003E-2,null,{"$f":"E4276*F4276","v":0}]
[null,null,null,null,null,null,0]
[null,null,null,null,null,null,0]
[null,null,null,null,null,null,0]
[null,null,null,null,null,null,0]
[null,null,null,null,null,null,0]
[null,null,null,null,null,null,0]
[null,null,null,null,null,null,0]
[null,null,null,null,null,null,0]
[null,null,null,null,null,null,0]
[null,null,null,null,null,null,0]
[null,null,null,null,null,null,0]
[null,null,null,null,null,null,0]
[null,null,null,null,null,null,0]
[null,null,null,null,null,null,0]
[null,null,null,null,null,null,0]
[null,null,null,null,null,null,0]
[null,null,null,null,null,"TOTAL",{"$f":"SUM(G4273:G4292)","v":0}]
[]
[]
["CLASSE/TIPO","CÓDIGOS/ SINAPI","DESCRIÇÃO","UND"]
["IFMT 171.02.2020",".171/E","DISPOSITIVO DE PROTEÇÃO CONTRA SURTO DE TENSÃO DPS 20KA - 175V, FORNECIMENTO E INSTALAÇÃO.","UN","COEFICIENTE","PREÇO UNITÁRIO (R$)","PREÇO TOTAL (R$)"]
["INSUMO",39465,"DISPOSITIVO DPS CLASSE II, 1 POLO, TENSAO MAXIMA DE 175 V, CORRENTE MAXIMA DE *20*","UN",1,null,{"$f":"E4298*F4298","v":0}]
["COMPOSICAO",88247,"AUXILIAR DE ELETRICISTA COM ENCARGOS COMPLEMENTARES","H",0.3,null,{"$f":"E4299*F4299","v":0}]
["COMPOSICAO",88264,"ELETRICISTA COM ENCARGOS COMPLEMENTARES","H",0.3,null,{"$f":"E4300*F4300","v":0}]
[null,null,null,null,null,null,{"$f":"E4301*F4301","v":0}]
[null,null,null,null,null,null,0]
[null,null,null,null,null,null,0]
[null,null,null,null,null,null,0]
[null,null,null,null,null,null,0]
[null,null,null,null,null,null,0]
[null,null,null,null,null,null,0]
[null,null,null,null,null,null,0]
[null,null,null,null,null,null,0]
[null,null,null,null,null,null,0]
[null,null,null,null,null,null,0]
[null,null,null,null,null,null,0]
[null,null,null,null,null,null,0]
[null,null,null,null,null,null,0]
[null,null,null,null,null,null,0]
[null,null,null,null,null,null,0]
[null,null,null,null,null,null,0]
[null,null,null,null,null,"TOTAL",{"$f":"SUM(G4298:G4317)","v":0}]
[]
[]
["CLASSE/TIPO","CÓDIGOS/ SINAPI","DESCRIÇÃO","UND"]
["IFMT 172.02.2020",".172/E","TOMADA ALTA PARA INSTALAÇÃO EM CONDULETE (1 MÓDULO), 2P+T 10 A, SEM SUPORTE E SEM PLACA - FORNECIMENTO E INSTALAÇÃO.","UN","COEFICIENTE","PREÇO UNITÁRIO (R$)","PREÇO TOTAL (R$)"]
["INSUMO",38101,"TOMADA 2P+T 10A, 250V  (APENAS MODULO)","UN","1,0000000",null,{"$f":"E4323*F4323","v":0}]
["COMPOSICAO",88247,"AUXILIAR DE ELETRICISTA COM ENCARGOS COMPLEMENTARES","H","0,4960000",null,{"$f":"E4324*F4324","v":0}]
["COMPOSICAO",88264,"ELETRICISTA COM ENCARGOS COMPLEMENTARES","H","0,4960000",null,{"$f":"E4325*F4325","v":0}]
[null,null,null,null,null,null,{"$f":"E4326*F4326","v":0}]
[null,null,null,null,null,null,0]
[null,null,null,null,null,null,0]
[null,null,null,null,null,null,0]
[null,null,null,null,null,null,0]
[null,null,null,null,null,null,0]
[null,null,null,null,null,null,0]
[null,null,null,null,null,null,0]
[null,null,null,null,null,null,0]
[null,null,null,null,null,null,0]
[null,null,null,null,null,null,0]
[null,null,null,null,null,null,0]
[null,null,null,null,null,null,0]
[null,null,null,null,null,null,0]
[null,null,null,null,null,null,0]
[null,null,null,null,null,null,0]
[null,null,null,null,null,null,0]
[null,null,null,null,null,"TOTAL",{"$f":"SUM(G4323:G4342)","v":0}]
[]
[]
["CLASSE/TIPO","CÓDIGOS/ SINAPI","DESCRIÇÃO","UND"]
["IFMT 173.02.2020",".173/E","TOMADA ALTA PARA INSTALAÇÃO EM CONDULETE (1 MÓDULO), 2P+T 10 A, INCLUINDO SUPORTE E PLACA - FORNECIMENTO E INSTALAÇÃO.","UN","COEFICIENTE","PREÇO UNITÁRIO (R$)","PREÇO TOTAL (R$)"]
["COMPOSICAO",91946,"SUPORTE PARAFUSADO COM PLACA DE ENCAIXE 4\" X 2\" MÉDIO (1,30 M DO PISO) PARA PONTO ELÉTRICO - FORNECIMENTO E INSTALAÇÃO. AF_12/2015","UN","1,0000000",null,{"$f":"E4348*F4348","v":0}]
["IFMT 172.02.2020",".172/E","TOMADA ALTA PARA INSTALAÇÃO EM CONDULETE (1 MÓDULO), 2P+T 10 A, SEM SUPORTE E SEM PLACA - FORNECIMENTO E INSTALAÇÃO.","UN","1,0000000",null,{"$f":"E4349*F4349","v":0}]
[null,null,null,null,null,null,{"$f":"E4350*F4350","v":0}]
[null,null,null,null,null,null,{"$f":"E4351*F4351","v":0}]
[null,null,null,null,null,null,0]
[null,null,null,null,null,null,0]
[null,null,null,null,null,null,0]
[null,null,null,null,null,null,0]
[null,null,null,null,null,null,0]
[null,null,null,null,null,null,0]
[null,null,null,null,null,null,0]
[null,null,null,null,null,null,0]
[null,null,null,null,null,null,0]
[null,null,null,null,null,null,0]
[null,null,null,null,null,null,0]
[null,null,null,null,null,null,0]
[null,null,null,null,null,null,0]
[null,null,null,null,null,null,0]
[null,null,null,null,null,null,0]
[null,null,null,null,null,null,0]
[null,null,null,null,null,"TOTAL",{"$f":"SUM(G4348:G4367)","v":0}]
[]
[]
["CLASSE/TIPO","CÓDIGOS/ SINAPI","DESCRIÇÃO","UND"]
["IFMT 174.02.2020",".174/E","TOMADA MÉDIA PARA INSTALAÇÃO EM CONDULETE (1 MÓDULO), 2P+T 10 A, SEM SUPORTE E SEM PLACA - FORNECIMENTO E INSTALAÇÃO.","UN","COEFICIENTE","PREÇO UNITÁRIO (R$)","PREÇO TOTAL (R$)"]
["INSUMO",38101,"TOMADA 2P+T 10A, 250V  (APENAS MODULO)","UN","1,0000000",null,{"$f":"E4373*F4373","v":0}]
["COMPOSICAO",88247,"AUXILIAR DE ELETRICISTA COM ENCARGOS COMPLEMENTARES","H","0,3080000",null,{"$f":"E4374*F4374","v":0}]
["COMPOSICAO",88264,"ELETRICISTA COM ENCARGOS COMPLEMENTARES","H","0,3080000",null,{"$f":"E4375*F4375","v":0}]
[null,null,null,null,null,null,{"$f":"E4376*F4376","v":0}]
[null,null,null,null,null,null,0]
[null,null,null,null,null,null,0]
[null,null,null,null,null,null,0]
[null,null,null,null,null,null,0]
[null,null,null,null,null,null,0]
[null,null,null,null,null,null,0]
[null,null,null,null,null,null,0]
[null,null,null,null,null,null,0]
[null,null,null,null,null,null,0]
[null,null,null,null,null,null,0]
[null,null,null,null,null,null,0]
[null,null,null,null,null,null,0]
[null,null,null,null,null,null,0]
[null,null,null,null,null,null,0]
[null,null,null,null,null,null,0]
[null,null,null,null,null,null,0]
[null,null,null,null,null,"TOTAL",{"$f":"SUM(G4373:G4392)","v":0}]
[]
[]
["CLASSE/TIPO","CÓDIGOS/ SINAPI","DESCRIÇÃO","UND"]
["IFMT 175.02.2020",".175/E","TOMADA MÉDIA PARA INSTALAÇÃO EM CONDULETE (1 MÓDULO), 2P+T 10 A, INCLUINDO SUPORTE E PLACA - FORNECIMENTO E INSTALAÇÃO.","UN","COEFICIENTE","PREÇO UNITÁRIO (R$)","PREÇO TOTAL (R$)"]
["COMPOSICAO",91946,"SUPORTE PARAFUSADO COM PLACA DE ENCAIXE 4\" X 2\" MÉDIO (1,30 M DO PISO) PARA PONTO ELÉTRICO - FORNECIMENTO E INSTALAÇÃO. AF_12/2015","UN",1,null,{"$f":"E4398*F4398","v":0}]
["IFMT 174.02.2020",".174/E","TOMADA MÉDIA PARA INSTALAÇÃO EM CONDULETE (1 MÓDULO), 2P+T 10 A, SEM SUPORTE E SEM PLACA - FORNECIMENTO E INSTALAÇÃO.","UN",1,null,{"$f":"E4399*F4399","v":0}]
[null,null,null,null,null,null,{"$f":"E4400*F4400","v":0}]
[null,null,null,null,null,null,{"$f":"E4401*F4401","v":0}]
[null,null,null,null,null,null,0]
[null,null,null,null,null,null,0]
[null,null,null,null,null,null,0]
[null,null,null,null,null,null,0]
[null,null,null,null,null,null,0]
[null,null,null,null,null,null,0]
[null,null,null,null,null,null,0]
[null,null,null,null,null,null,0]
[null,null,null,null,null,null,0]
[null,null,null,null,null,null,0]
[null,null,null,null,null,null,0]
[null,null,null,null,null,null,0]
[null,null,null,null,null,null,0]
[null,null,null,null,null,null,0]
[null,null,null,null,null,null,0]
[null,null,null,null,null,null,0]
[null,null,null,null,null,"TOTAL",{"$f":"SUM(G4398:G4417)","v":0}]
[]
[]
["CLASSE/TIPO","CÓDIGOS/ SINAPI","DESCRIÇÃO","UND"]
["IFMT 176.02.2020",".176/E","TOMADA ALTA PARA INSTALAÇÃO EM CONDULETE (1 MÓDULO), 2P+T 20 A, SEM SUPORTE E SEM PLACA - FORNECIMENTO E INSTALAÇÃO.","UN","COEFICIENTE","PREÇO UNITÁRIO (R$)","PREÇO TOTAL (R$)"]
["INSUMO",38102,"TOMADA 2P+T 20A, 250V  (APENAS MODULO)","UN",1,null,{"$f":"E4423*F4423","v":0}]
["COMPOSICAO",88247,"AUXILIAR DE ELETRICISTA COM ENCARGOS COMPLEMENTARES","H",0.496,null,{"$f":"E4424*F4424","v":0}]
["COMPOSICAO",88264,"ELETRICISTA COM ENCARGOS COMPLEMENTARES","H",0.496,null,{"$f":"E4425*F4425","v":0}]
[null,null,null,null,null,null,{"$f":"E4426*F4426","v":0}]
[null,null,null,null,null,null,0]
[null,null,null,null,null,null,0]
[null,null,null,null,null,null,0]
[null,null,null,null,null,null,0]
[null,null,null,null,null,null,0]
[null,null,null,null,null,null,0]
[null,null,null,null,null,null,0]
[null,null,null,null,null,null,0]
[null,null,null,null,null,null,0]
[null,null,null,null,null,null,0]
[null,null,null,null,null,null,0]
[null,null,null,null,null,null,0]
[null,null,null,null,null,null,0]
[null,null,null,null,null,null,0]
[null,null,null,null,null,null,0]
[null,null,null,null,null,null,0]
[null,null,null,null,null,"TOTAL",{"$f":"SUM(G4423:G4442)","v":0}]
[]
[]
["CLASSE/TIPO","CÓDIGOS/ SINAPI","DESCRIÇÃO","UND"]
["IFMT 177.02.2020",".177/E","TOMADA ALTA PARA INSTALAÇÃO EM CONDULETE (1 MÓDULO), 2P+T 20 A, INCLUINDO SUPORTE E PLACA - FORNECIMENTO E INSTALAÇÃO.","UN","COEFICIENTE","PREÇO UNITÁRIO (R$)","PREÇO TOTAL (R$)"]
["COMPOSICAO",91946,"SUPORTE PARAFUSADO COM PLACA DE ENCAIXE 4\" X 2\" MÉDIO (1,30 M DO PISO) PARA PONTO ELÉTRICO - FORNECIMENTO E INSTALAÇÃO. AF_12/2015","UN",1,null,{"$f":"E4448*F4448","v":0}]
["IFMT 176.02.2020",".176/E","TOMADA ALTA PARA INSTALAÇÃO EM CONDULETE (1 MÓDULO), 2P+T 20 A, SEM SUPORTE E SEM PLACA - FORNECIMENTO E INSTALAÇÃO.","UN",1,null,{"$f":"E4449*F4449","v":0}]
[null,null,null,null,null,null,{"$f":"E4450*F4450","v":0}]
[null,null,null,null,null,null,{"$f":"E4451*F4451","v":0}]
[null,null,null,null,null,null,0]
[null,null,null,null,null,null,0]
[null,null,null,null,null,null,0]
[null,null,null,null,null,null,0]
[null,null,null,null,null,null,0]
[null,null,null,null,null,null,0]
[null,null,null,null,null,null,0]
[null,null,null,null,null,null,0]
[null,null,null,null,null,null,0]
[null,null,null,null,null,null,0]
[null,null,null,null,null,null,0]
[null,null,null,null,null,null,0]
[null,null,null,null,null,null,0]
[null,null,null,null,null,null,0]
[null,null,null,null,null,null,0]
[null,null,null,null,null,null,0]
[null,null,null,null,null,"TOTAL",{"$f":"SUM(G4448:G4467)","v":0}]
[]
[]
["CLASSE/TIPO","CÓDIGOS/ SINAPI","DESCRIÇÃO","UND"]
["IFMT 178.02.2020",".178/E","TOMADA MÉDIA PARA INSTALAÇÃO EM CONDULETE (2 MÓDULOS), 2P+T 10 A, SEM SUPORTE E SEM PLACA - FORNECIMENTO E INSTALAÇÃO.","UN","COEFICIENTE","PREÇO UNITÁRIO (R$)","PREÇO TOTAL (R$)"]
["INSUMO",38101,"TOMADA 2P+T 10A, 250V  (APENAS MODULO)","UN",2,null,{"$f":"E4473*F4473","v":0}]
["COMPOSICAO",88247,"AUXILIAR DE ELETRICISTA COM ENCARGOS COMPLEMENTARES","H",0.55500000000000005,null,{"$f":"E4474*F4474","v":0}]
["COMPOSICAO",88264,"ELETRICISTA COM ENCARGOS COMPLEMENTARES","H",0.55500000000000005,null,{"$f":"E4475*F4475","v":0}]
[null,null,null,null,null,null,{"$f":"E4476*F4476","v":0}]
[null,null,null,null,null,null,0]
[null,null,null,null,null,null,0]
[null,null,null,null,null,null,0]
[null,null,null,null,null,null,0]
[null,null,null,null,null,null,0]
[null,null,null,null,null,null,0]
[null,null,null,null,null,null,0]
[null,null,null,null,null,null,0]
[null,null,null,null,null,null,0]
[null,null,null,null,null,null,0]
[null,null,null,null,null,null,0]
[null,null,null,null,null,null,0]
[null,null,null,null,null,null,0]
[null,null,null,null,null,null,0]
[null,null,null,null,null,null,0]
[null,null,null,null,null,null,0]
[null,null,null,null,null,"TOTAL",{"$f":"SUM(G4473:G4492)","v":0}]
[]
[]
["CLASSE/TIPO","CÓDIGOS/ SINAPI","DESCRIÇÃO","UND"]
["IFMT 179.02.2020",".179/E","TOMADA MÉDIA PARA INSTALAÇÃO EM CONDULETE (2 MÓDULOS), 2P+T 10 A, INCLUINDO SUPORTE E PLACA - FORNECIMENTO E INSTALAÇÃO.","UN","COEFICIENTE","PREÇO UNITÁRIO (R$)","PREÇO TOTAL (R$)"]
["COMPOSICAO",91946,"SUPORTE PARAFUSADO COM PLACA DE ENCAIXE 4\" X 2\" MÉDIO (1,30 M DO PISO) PARA PONTO ELÉTRICO - FORNECIMENTO E INSTALAÇÃO. AF_12/2015","UN",1,null,{"$f":"E4498*F4498","v":0}]
["IFMT 178.02.2020",".178/E","TOMADA MÉDIA PARA INSTALAÇÃO EM CONDULETE (2 MÓDULOS), 2P+T 10 A, SEM SUPORTE E SEM PLACA - FORNECIMENTO E INSTALAÇÃO.","UN",1,null,{"$f":"E4499*F4499","v":0}]
[null,null,null,null,null,null,{"$f":"E4500*F4500","v":0}]
[null,null,null,null,null,null,{"$f":"E4501*F4501","v":0}]
[null,null,null,null,null,null,0]
[null,null,null,null,null,null,0]
[null,null,null,null,null,null,0]
[null,null,null,null,null,null,0]
[null,null,null,null,null,null,0]
[null,null,null,null,null,null,0]
[null,null,null,null,null,null,0]
[null,null,null,null,null,null,0]
[null,null,null,null,null,null,0]
[null,null,null,null,null,null,0]
[null,null,null,null,null,null,0]
[null,null,null,null,null,null,0]
[null,null,null,null,null,null,0]
[null,null,null,null,null,null,0]
[null,null,null,null,null,null,0]
[null,null,null,null,null,null,0]
[null,null,null,null,null,"TOTAL",{"$f":"SUM(G4498:G4517)","v":0}]
[]
[]
["CLASSE/TIPO","CÓDIGOS/ SINAPI","DESCRIÇÃO","UND"]
["IFMT 180.02.2020",".180/E","TOMADA BAIXA PARA INSTALAÇÃO EM CONDULETE (2 MÓDULOS), 2P+T 10 A, SEM SUPORTE E SEM PLACA - FORNECIMENTO E INSTALAÇÃO. ","UN","COEFICIENTE","PREÇO UNITÁRIO (R$)","PREÇO TOTAL (R$)"]
["INSUMO",38101,"TOMADA 2P+T 10A, 250V  (APENAS MODULO)","UN",2,null,{"$f":"E4523*F4523","v":0}]
["COMPOSICAO",88247,"AUXILIAR DE ELETRICISTA COM ENCARGOS COMPLEMENTARES","H",0.40899999999999997,null,{"$f":"E4524*F4524","v":0}]
["COMPOSICAO",88264,"ELETRICISTA COM ENCARGOS COMPLEMENTARES","H",0.40899999999999997,null,{"$f":"E4525*F4525","v":0}]
[null,null,null,null,null,null,{"$f":"E4526*F4526","v":0}]
[null,null,null,null,null,null,0]
[null,null,null,null,null,null,0]
[null,null,null,null,null,null,0]
[null,null,null,null,null,null,0]
[null,null,null,null,null,null,0]
[null,null,null,null,null,null,0]
[null,null,null,null,null,null,0]
[null,null,null,null,null,null,0]
[null,null,null,null,null,null,0]
[null,null,null,null,null,null,0]
[null,null,null,null,null,null,0]
[null,null,null,null,null,null,0]
[null,null,null,null,null,null,0]
[null,null,null,null,null,null,0]
[null,null,null,null,null,null,0]
[null,null,null,null,null,null,0]
[null,null,null,null,null,"TOTAL",{"$f":"SUM(G4523:G4542)","v":0}]
[]
[]
["CLASSE/TIPO","CÓDIGOS/ SINAPI","DESCRIÇÃO","UND"]
["IFMT 181.02.2020",".181/E","TOMADA BAIXA PARA INSTALAÇÃO EM CONDULETE (2 MÓDULOS), 2P+T 10 A, INCLUINDO SUPORTE E PLACA - FORNECIMENTO E INSTALAÇÃO. ","UN","COEFICIENTE","PREÇO UNITÁRIO (R$)","PREÇO TOTAL (R$)"]
["COMPOSICAO",91946,"SUPORTE PARAFUSADO COM PLACA DE ENCAIXE 4\" X 2\" MÉDIO (1,30 M DO PISO) PARA PONTO ELÉTRICO - FORNECIMENTO E INSTALAÇÃO. AF_12/2015","UN",1,null,{"$f":"E4548*F4548","v":0}]
["IFMT 180.02.2020",".180/E","TOMADA BAIXA PARA INSTALAÇÃO EM CONDULETE (2 MÓDULOS), 2P+T 10 A, SEM SUPORTE E SEM PLACA - FORNECIMENTO E INSTALAÇÃO. ","UN",1,null,{"$f":"E4549*F4549","v":0}]
[null,null,null,null,null,null,{"$f":"E4550*F4550","v":0}]
[null,null,null,null,null,null,{"$f":"E4551*F4551","v":0}]
[null,null,null,null,null,null,0]
[null,null,null,null,null,null,0]
[null,null,null,null,null,null,0]
[null,null,null,null,null,null,0]
[null,null,null,null,null,null,0]
[null,null,null,null,null,null,0]
[null,null,null,null,null,null,0]
[null,null,null,null,null,null,0]
[null,null,null,null,null,null,0]
[null,null,null,null,null,null,0]
[null,null,null,null,null,null,0]
[null,null,null,null,null,null,0]
[null,null,null,null,null,null,0]
[null,null,null,null,null,null,0]
[null,null,null,null,null,null,0]
[null,null,null,null,null,null,0]
[null,null,null,null,null,"TOTAL",{"$f":"SUM(G4548:G4567)","v":0}]
[]
[]
["CLASSE/TIPO","CÓDIGOS/ SINAPI","DESCRIÇÃO","UND"]
["IFMT 182.02.2020",".182/E","DISJUNTOR TRIPOLAR 63A, PADRÃO DIN (LINHA BRANCA), FORNECIMENTO E INSTALAÇÃO, CURVA D, CAPACIDADE DE INTERRUPÇÃO 3KA.","UN","COEFICIENTE","PREÇO UNITÁRIO (R$)","PREÇO TOTAL (R$)"]
["COMPOSIÇÃO",88247,"AUXILIAR DE ELETRICISTA COM ENCARGOS COMPLEMENTARES","H",0.56799999999999995,null,{"$f":"E4573*F4573","v":0}]
["COMPOSIÇÃO",88264,"ELETRICISTA COM ENCARGOS COMPLEMENTARES","H",0.56799999999999995,null,{"$f":"E4574*F4574","v":0}]
["INSUMO",34714,"DISJUNTOR TIPO DIN/IEC, TRIPOLAR 63 A","UNID.",1,null,{"$f":"E4575*F4575","v":0}]
[null,null,null,null,null,null,{"$f":"E4576*F4576","v":0}]
[null,null,null,null,null,null,0]
[null,null,null,null,null,null,0]
[null,null,null,null,null,null,0]
[null,null,null,null,null,null,0]
[null,null,null,null,null,null,0]
[null,null,null,null,null,null,0]
[null,null,null,null,null,null,0]
[null,null,null,null,null,null,0]
[null,null,null,null,null,null,0]
[null,null,null,null,null,null,0]
[null,null,null,null,null,null,0]
[null,null,null,null,null,null,0]
[null,null,null,null,null,null,0]
[null,null,null,null,null,null,0]
[null,null,null,null,null,null,0]
[null,null,null,null,null,null,0]
[null,null,null,null,null,"TOTAL",{"$f":"SUM(G4573:G4592)","v":0}]
[]
[]
["CLASSE/TIPO","CÓDIGOS/ SINAPI","DESCRIÇÃO","UND"]
["IFMT 183.02.2020",".183/E","DISJUNTOR TRIPOLAR 63A, PADRÃO DIN (LINHA BRANCA), FORNECIMENTO E INSTALAÇÃO, CURVA D, CAPACIDADE DE INTERRUPÇÃO 8KA.","UN","COEFICIENTE","PREÇO UNITÁRIO (R$)","PREÇO TOTAL (R$)"]
["COMPOSIÇÃO",88247,"AUXILIAR DE ELETRICISTA COM ENCARGOS COMPLEMENTARES","H",0.56799999999999995,null,{"$f":"E4598*F4598","v":0}]
["COMPOSIÇÃO",88264,"ELETRICISTA COM ENCARGOS COMPLEMENTARES","H",0.56799999999999995,null,{"$f":"E4599*F4599","v":0}]
["INSUMO",34714,"DISJUNTOR TIPO DIN/IEC, TRIPOLAR 63 A","UNID.",1,null,{"$f":"E4600*F4600","v":0}]
[null,null,null,null,null,null,{"$f":"E4601*F4601","v":0}]
[null,null,null,null,null,null,0]
[null,null,null,null,null,null,0]
[null,null,null,null,null,null,0]
[null,null,null,null,null,null,0]
[null,null,null,null,null,null,0]
[null,null,null,null,null,null,0]
[null,null,null,null,null,null,0]
[null,null,null,null,null,null,0]
[null,null,null,null,null,null,0]
[null,null,null,null,null,null,0]
[null,null,null,null,null,null,0]
[null,null,null,null,null,null,0]
[null,null,null,null,null,null,0]
[null,null,null,null,null,null,0]
[null,null,null,null,null,null,0]
[null,null,null,null,null,null,0]
[null,null,null,null,null,"TOTAL",{"$f":"SUM(G4598:G4617)","v":0}]
[]
[]
["CLASSE/TIPO","CÓDIGOS/ SINAPI","DESCRIÇÃO","UND"]
["IFMT 184.02.2020",".184/E","LUMINÁRIA ARANDELA TIPO TARTARUGA PARA 1 LÂMPADA LED 15W - FORNECIMENTO E INSTALAÇÃO.","UN","COEFICIENTE","PREÇO UNITÁRIO (R$)","PREÇO TOTAL (R$)"]
["INSUMO","13286/ORSE","LÂMPADA LED 15W DE POTÊNCIA, LUZ BRANCA AUTOVOLT, MARCA GLIGHT OU SIMILAR","un",1,null,{"$f":"E4623*F4623","v":0}]
["INSUMO",38775,"LUMINARIA TIPO TARTARUGA PARA AREA EXTERNA EM ALUMINIO, COM GRADE, PARA 1 LAMPADA, BASE E27, POTENCIA MAXIMA 40/60 W (NAO INCLUI LAMPADA)","UN",1,null,{"$f":"E4624*F4624","v":0}]
["COMPOSICAO",88247,"AUXILIAR DE ELETRICISTA COM ENCARGOS COMPLEMENTARES","H",0.22989999999999999,null,{"$f":"E4625*F4625","v":0}]
["COMPOSICAO",88264,"ELETRICISTA COM ENCARGOS COMPLEMENTARES","H",0.55179999999999996,null,{"$f":"E4626*F4626","v":0}]
[null,null,null,null,null,null,0]
[null,null,null,null,null,null,0]
[null,null,null,null,null,null,0]
[null,null,null,null,null,null,0]
[null,null,null,null,null,null,0]
[null,null,null,null,null,null,0]
[null,null,null,null,null,null,0]
[null,null,null,null,null,null,0]
[null,null,null,null,null,null,0]
[null,null,null,null,null,null,0]
[null,null,null,null,null,null,0]
[null,null,null,null,null,null,0]
[null,null,null,null,null,null,0]
[null,null,null,null,null,null,0]
[null,null,null,null,null,null,0]
[null,null,null,null,null,null,0]
[null,null,null,null,null,"TOTAL",{"$f":"SUM(G4623:G4642)","v":0}]
[]
[]
["CLASSE/TIPO","CÓDIGOS/ SINAPI","DESCRIÇÃO","UND"]
["IFMT 185.02.2020",".185/E","TOMADA INDUSTRIAL 16A SOBREPOR 3P+T VERMELHA - FORNECIMENTO E INSTALAÇÃO","UN","COEFICIENTE","PREÇO UNITÁRIO (R$)","PREÇO TOTAL (R$)"]
["COTAÇÃO","COT.01","TOMADA INDUSTRIAL 16A SOBREPOR 3P+T VERMELHA","UN",1,null,{"$f":"E4648*F4648","v":0}]
["COMPOSICAO",88247,"AUXILIAR DE ELETRICISTA COM ENCARGOS COMPLEMENTARES","H",0.45,null,{"$f":"E4649*F4649","v":0}]
["COMPOSICAO",88264,"ELETRICISTA COM ENCARGOS COMPLEMENTARES","H",0.45,null,{"$f":"E4650*F4650","v":0}]
[null,null,null,null,null,null,{"$f":"E4651*F4651","v":0}]
[null,null,null,null,null,null,0]
[null,null,null,null,null,null,0]
[null,null,null,null,null,null,0]
[null,null,null,null,null,null,0]
[null,null,null,null,null,null,0]
[null,null,null,null,null,null,0]
[null,null,null,null,null,null,0]
[null,null,null,null,null,null,0]
[null,null,null,null,null,null,0]
[null,null,null,null,null,null,0]
[null,null,null,null,null,null,0]
[null,null,null,null,null,null,0]
[null,null,null,null,null,null,0]
[null,null,null,null,null,null,0]
[null,null,null,null,null,null,0]
[null,null,null,null,null,null,0]
[null,null,null,null,null,"TOTAL",{"$f":"SUM(G4648:G4667)","v":0}]
[]
[]
["CLASSE/TIPO","CÓDIGOS/ SINAPI","DESCRIÇÃO","UND"]
["IFMT 186.02.2020",".186/E","TOMADA INDUSTRIAL 32A SOBREPOR 3P+T AZUL - FORNECIMENTO E INSTALAÇÃO","UNID."," COEFICIENTE ","PREÇO UNITÁRIO (R$)","PREÇO TOTAL (R$)"]
["COTAÇÃO","COT.02","TOMADA INDUSTRIAL 32A SOBREPOR 3P+T AZUL","UN",1,null,{"$f":"E4673*F4673","v":0}]
["COMPOSICAO",88247,"AUXILIAR DE ELETRICISTA COM ENCARGOS COMPLEMENTARES","H",0.45,null,{"$f":"E4674*F4674","v":0}]
["COMPOSICAO",88264,"ELETRICISTA COM ENCARGOS COMPLEMENTARES","H",0.45,null,{"$f":"E4675*F4675","v":0}]
[null,null,null,null,null,null,{"$f":"E4676*F4676","v":0}]
[null,null,null,null,null,null,0]
[null,null,null,null,null,null,0]
[null,null,null,null,null,null,0]
[null,null,null,null,null,null,0]
[null,null,null,null,null,null,0]
[null,null,null,null,null,null,0]
[null,null,null,null,null,null,0]
[null,null,null,null,null,null,0]
[null,null,null,null,null,null,0]
[null,null,null,null,null,null,0]
[null,null,null,null,null,null,0]
[null,null,null,null,null,null,0]
[null,null,null,null,null,null,0]
[null,null,null,null,null,null,0]
[null,null,null,null,null,null,0]
[null,null,null,null,null,null,0]
[null,null,null,null,null,"TOTAL",{"$f":"SUM(G4673:G4692)","v":0}]
[]
[]
["CLASSE/TIPO","CÓDIGOS/ SINAPI","DESCRIÇÃO","UND"]
["IFMT 187.02.2020",".187/E","INTERRUPTOR TETRAPOLAR DR 25 A 3KA, DISPOSITIVO RESIDUAL DIFERENCIAL","UN"," COEFICIENTE ","PREÇO UNITÁRIO (R$)","PREÇO TOTAL (R$)"]
["COMPOSIÇÃO",88247,"AUXILIAR DE ELETRICISTA COM ENCARGOS COMPLEMENTARES","H",0.56799999999999995,null,{"$f":"E4698*F4698","v":0}]
["COMPOSIÇÃO",88264,"ELETRICISTA COM ENCARGOS COMPLEMENTARES","H",0.56799999999999995,null,{"$f":"E4699*F4699","v":0}]
["INSUMO","08882/ORSE","DISJUNTOR TRIPOLAR DR 25 A, DISPOSITIVO RESIDUAL DIFERENCIAL","UNID.",1,null,{"$f":"E4700*F4700","v":0}]
[null,null,null,null,null,null,{"$f":"E4701*F4701","v":0}]
[null,null,null,null,null,null,0]
[null,null,null,null,null,null,0]
[null,null,null,null,null,null,0]
[null,null,null,null,null,null,0]
[null,null,null,null,null,null,0]
[null,null,null,null,null,null,0]
[null,null,null,null,null,null,0]
[null,null,null,null,null,null,0]
[null,null,null,null,null,null,0]
[null,null,null,null,null,null,0]
[null,null,null,null,null,null,0]
[null,null,null,null,null,null,0]
[null,null,null,null,null,null,0]
[null,null,null,null,null,null,0]
[null,null,null,null,null,null,0]
[null,null,null,null,null,null,0]
[null,null,null,null,null,"TOTAL",{"$f":"SUM(G4698:G4717)","v":0}]
[]
[]
["CLASSE/TIPO","CÓDIGOS/ SINAPI","DESCRIÇÃO","UND"]
["IFMT 188.02.2020",".188/E","INTERRUPTOR TETRAPOLAR DR 25 A 6KA, DISPOSITIVO RESIDUAL DIFERENCIAL","UN"," COEFICIENTE ","PREÇO UNITÁRIO (R$)","PREÇO TOTAL (R$)"]
["COMPOSIÇÃO",88247,"AUXILIAR DE ELETRICISTA COM ENCARGOS COMPLEMENTARES","H",0.56799999999999995,null,{"$f":"E4723*F4723","v":0}]
["COMPOSIÇÃO",88264,"ELETRICISTA COM ENCARGOS COMPLEMENTARES","H",0.56799999999999995,null,{"$f":"E4724*F4724","v":0}]
["INSUMO","08882/ORSE","DISJUNTOR TRIPOLAR DR 25 A, DISPOSITIVO RESIDUAL DIFERENCIAL","UNID.",1,null,{"$f":"E4725*F4725","v":0}]
[null,null,null,null,null,null,{"$f":"E4726*F4726","v":0}]
[null,null,null,null,null,null,0]
[null,null,null,null,null,null,0]
[null,null,null,null,null,null,0]
[null,null,null,null,null,null,0]
[null,null,null,null,null,null,0]
[null,null,null,null,null,null,0]
[null,null,null,null,null,null,0]
[null,null,null,null,null,null,0]
[null,null,null,null,null,null,0]
[null,null,null,null,null,null,0]
[null,null,null,null,null,null,0]
[null,null,null,null,null,null,0]
[null,null,null,null,null,null,0]
[null,null,null,null,null,null,0]
[null,null,null,null,null,null,0]
[null,null,null,null,null,null,0]
[null,null,null,null,null,"TOTAL",{"$f":"SUM(G4723:G4742)","v":0}]
[]
[]
["CLASSE/TIPO","CÓDIGOS/ SINAPI","DESCRIÇÃO","UND"]
["IFMT 189.02.2020",".189/E","INTERRUPTOR TETRAPOLAR DR 25 A 8KA, DISPOSITIVO RESIDUAL DIFERENCIAL","UN"," COEFICIENTE ","PREÇO UNITÁRIO (R$)","PREÇO TOTAL (R$)"]
["COMPOSIÇÃO",88247,"AUXILIAR DE ELETRICISTA COM ENCARGOS COMPLEMENTARES","H",0.56799999999999995,null,{"$f":"E4748*F4748","v":0}]
["COMPOSIÇÃO",88264,"ELETRICISTA COM ENCARGOS COMPLEMENTARES","H",0.56799999999999995,null,{"$f":"E4749*F4749","v":0}]
["INSUMO","08882/ORSE","DISJUNTOR TRIPOLAR DR 25 A, DISPOSITIVO RESIDUAL DIFERENCIAL","UN",1,null,{"$f":"E4750*F4750","v":0}]
[null,null,null,null,null,null,{"$f":"E4751*F4751","v":0}]
[null,null,null,null,null,null,0]
[null,null,null,null,null,null,0]
[null,null,null,null,null,null,0]
[null,null,null,null,null,null,0]
[null,null,null,null,null,null,0]
[null,null,null,null,null,null,0]
[null,null,null,null,null,null,0]
[null,null,null,null,null,null,0]
[null,null,null,null,null,null,0]
[null,null,null,null,null,null,0]
[null,null,null,null,null,null,0]
[null,null,null,null,null,null,0]
[null,null,null,null,null,null,0]
[null,null,null,null,null,null,0]
[null,null,null,null,null,null,0]
[null,null,null,null,null,null,0]
[null,null,null,null,null,"TOTAL",{"$f":"SUM(G4748:G4767)","v":0}]
[]
[]
["CLASSE/TIPO","CÓDIGOS/ SINAPI","DESCRIÇÃO","UND"]
["IFMT 190.02.2020",".190/E","INTERRUPTOR TETRAPOLAR DR 63 A 8KA, DISPOSITIVO RESIDUAL DIFERENCIAL","UN","COEFICIENTE","PREÇO UNITÁRIO (R$)","PREÇO TOTAL (R$)"]
["COMPOSIÇÃO",88247,"AUXILIAR DE ELETRICISTA COM ENCARGOS COMPLEMENTARES","H",0.56799999999999995,null,{"$f":"E4773*F4773","v":0}]
["COMPOSIÇÃO",88264,"ELETRICISTA COM ENCARGOS COMPLEMENTARES","H",0.56799999999999995,null,{"$f":"E4774*F4774","v":0}]
["INSUMO","06549/ORSE","DISJUNTOR TRIPOLAR DR 63A, TIPO AC, CORRENTE NOMINAL RESIDUAL 30MA","un",1,null,{"$f":"E4775*F4775","v":0}]
[null,null,null,null,null,null,{"$f":"E4776*F4776","v":0}]
[null,null,null,null,null,null,0]
[null,null,null,null,null,null,0]
[null,null,null,null,null,null,0]
[null,null,null,null,null,null,0]
[null,null,null,null,null,null,0]
[null,null,null,null,null,null,0]
[null,null,null,null,null,null,0]
[null,null,null,null,null,null,0]
[null,null,null,null,null,null,0]
[null,null,null,null,null,null,0]
[null,null,null,null,null,null,0]
[null,null,null,null,null,null,0]
[null,null,null,null,null,null,0]
[null,null,null,null,null,null,0]
[null,null,null,null,null,null,0]
[null,null,null,null,null,null,0]
[null,null,null,null,null,"TOTAL",{"$f":"SUM(G4773:G4792)","v":0}]
[]
[]
["CLASSE/TIPO","CÓDIGOS/ SINAPI","DESCRIÇÃO","UND"]
["IFMT 191.02.2020",".191/E","LUMINARIA DE EMERGÊNCIA 2 FARÓIS LED 8W FORNECIMENTO E INSTALAÇÃO.","UN","COEFICIENTE","PREÇO UNITÁRIO (R$)","PREÇO TOTAL (R$)"]
["COTAÇÃO","COT.03","LUMINARIA DE EMERGÊNCIA 2 FARÓIS LED 8W","UN",1,null,{"$f":"E4798*F4798","v":0}]
["COMPOSICAO",88247,"AUXILIAR DE ELETRICISTA COM ENCARGOS COMPLEMENTARES","H",7.4800000000000005E-2,null,{"$f":"E4799*F4799","v":0}]
["COMPOSICAO",88264,"ELETRICISTA COM ENCARGOS COMPLEMENTARES","H",0.17949999999999999,null,{"$f":"E4800*F4800","v":0}]
[null,null,null,null,null,null,{"$f":"E4801*F4801","v":0}]
[null,null,null,null,null,null,0]
[null,null,null,null,null,null,0]
[null,null,null,null,null,null,0]
[null,null,null,null,null,null,0]
[null,null,null,null,null,null,0]
[null,null,null,null,null,null,0]
[null,null,null,null,null,null,0]
[null,null,null,null,null,null,0]
[null,null,null,null,null,null,0]
[null,null,null,null,null,null,0]
[null,null,null,null,null,null,0]
[null,null,null,null,null,null,0]
[null,null,null,null,null,null,0]
[null,null,null,null,null,null,0]
[null,null,null,null,null,null,0]
[null,null,null,null,null,null,0]
[null,null,null,null,null,"TOTAL",{"$f":"SUM(G4798:G4817)","v":0}]
[]
[]
["CLASSE/TIPO","CÓDIGOS/ SINAPI","DESCRIÇÃO","UND"]
["IFMT 192.02.2020",".192/E","LUMINARIA LED REFLETOR RETANGULAR, BIVOLT, LUZ BRANCA, 200 W, COM CAIXA ANTIVANDALISMO IP65 41cm x 33cm x 20,8cm","UN"," COEFICIENTE ","PREÇO UNITÁRIO (R$)","PREÇO TOTAL (R$)"]
["COMPOSIÇÃO",88247,"AUXILIAR DE ELETRICISTA COM ENCARGOS COMPLEMENTARES","H",2,null,{"$f":"E4823*F4823","v":0}]
["COMPOSIÇÃO",88264,"ELETRICISTA COM ENCARGOS COMPLEMENTARES","H",2,null,{"$f":"E4824*F4824","v":0}]
["INSUMO",7583,"BUCHA DE NYLON SEM ABA S8, COM PARAFUSO DE 4,80 X 50 MM EM ACO ZINCADO COM ROSCA SOBERBA, CABECA CHATA E FENDA PHILLIPS","UNID.",4,null,{"$f":"E4825*F4825","v":0}]
["COTAÇÃO","COT.04","REFLETOR LED 200 W BIVOLT","UNID.",1,null,{"$f":"E4826*F4826","v":0}]
[null,null,null,null,null,null,0]
[null,null,null,null,null,null,0]
[null,null,null,null,null,null,0]
[null,null,null,null,null,null,0]
[null,null,null,null,null,null,0]
[null,null,null,null,null,null,0]
[null,null,null,null,null,null,0]
[null,null,null,null,null,null,0]
[null,null,null,null,null,null,0]
[null,null,null,null,null,null,0]
[null,null,null,null,null,null,0]
[null,null,null,null,null,null,0]
[null,null,null,null,null,null,0]
[null,null,null,null,null,null,0]
[null,null,null,null,null,null,0]
[null,null,null,null,null,null,0]
[null,null,null,null,null,"TOTAL",{"$f":"SUM(G4823:G4842)","v":0}]
[]
[]
["CLASSE/TIPO","CÓDIGOS/ SINAPI","DESCRIÇÃO","UND"]
["IFMT 193.02.2020",".193/E","QUADRO DE DISTRIBUIÇÃO METÁLICO DE SOBREPOR PARA 115 DISJUNTORES MONOPOLARES TIPO DIN  COM BARRAMENTO TRIFÁSICO COM NEUTRO E TERRRA - FORNECIMENTO E INTALAÇÃO","UN","COEFICIENTE","PREÇO UNITÁRIO (R$)","PREÇO TOTAL (R$)"]
["COTAÇÃO","COT.05","QUADRO DE DISTRIBUIÇÃO METÁLICO DE SOBREPOR PARA 115 DISJUNTORES MONOPOLARES TIPO DIN  COM BARRAMENTO TRIFÁSICO, COM NEUTRO E TERRRA","UN",1,null,{"$f":"E4848*F4848","v":0}]
["COMPOSIÇÃO",88264,"ELETRICISTA COM ENCARGOS COMPLEMENTARES","H",14,null,{"$f":"E4849*F4849","v":0}]
["COMPOSIÇÃO",88309,"PEDREIRO COM ENCARGOS COMPLEMENTARES","H",3.5,null,{"$f":"E4850*F4850","v":0}]
["COMPOSIÇÃO",88316,"SERVENTE COM ENCARGOS COMPLEMENTARES","H",5.2,null,{"$f":"E4851*F4851","v":0}]
[null,null,null,null,null,null,0]
[null,null,null,null,null,null,0]
[null,null,null,null,null,null,0]
[null,null,null,null,null,null,0]
[null,null,null,null,null,null,0]
[null,null,null,null,null,null,0]
[null,null,null,null,null,null,0]
[null,null,null,null,null,null,0]
[null,null,null,null,null,null,0]
[null,null,null,null,null,null,0]
[null,null,null,null,null,null,0]
[null,null,null,null,null,null,0]
[null,null,null,null,null,null,0]
[null,null,null,null,null,null,0]
[null,null,null,null,null,null,0]
[null,null,null,null,null,null,0]
[null,null,null,null,null,"TOTAL",{"$f":"SUM(G4848:G4867)","v":0}]
[]
[]
["CLASSE/TIPO","CÓDIGOS/ SINAPI","DESCRIÇÃO","UND"]
["IFMT 194.02.2020",".194/E","CONDULETE MULTIPLO DE ALUMÍNIO TIPO X 1.1/2\" - FORNECIMENTO E INSTALAÇÃO","UN","COEFICIENTE","PREÇO UNITÁRIO (R$)","PREÇO TOTAL (R$)"]
["COTAÇÃO","COT.06","CONDULETE MULTIPLO DE ALUMÍNIO TIPO X 1.1/2\"","UN",1,null,{"$f":"E4873*F4873","v":0}]
["COMPOSIÇÃO",88264,"ELETRICISTA COM ENCARGOS COMPLEMENTARES","H",0.37,null,{"$f":"E4874*F4874","v":0}]
["COMPOSIÇÃO",88316,"SERVENTE COM ENCARGOS COMPLEMENTARES","H",0.37,null,{"$f":"E4875*F4875","v":0}]
[null,null,null,null,null,null,{"$f":"E4876*F4876","v":0}]
[null,null,null,null,null,null,0]
[null,null,null,null,null,null,0]
[null,null,null,null,null,null,0]
[null,null,null,null,null,null,0]
[null,null,null,null,null,null,0]
[null,null,null,null,null,null,0]
[null,null,null,null,null,null,0]
[null,null,null,null,null,null,0]
[null,null,null,null,null,null,0]
[null,null,null,null,null,null,0]
[null,null,null,null,null,null,0]
[null,null,null,null,null,null,0]
[null,null,null,null,null,null,0]
[null,null,null,null,null,null,0]
[null,null,null,null,null,null,0]
[null,null,null,null,null,null,0]
[null,null,null,null,null,"TOTAL",{"$f":"SUM(G4873:G4892)","v":0}]
[]
[]
["CLASSE/TIPO","CÓDIGOS/ SINAPI","DESCRIÇÃO","UND"]
["IFMT 195.02.2020",".195/E","INTERRUPTOR TETRAPOLAR DR 40 A 3KA, DISPOSITIVO RESIDUAL DIFERENCIAL","UN","COEFICIENTE","PREÇO UNITÁRIO (R$)","PREÇO TOTAL (R$)"]
["COTAÇÃO","COT.07","INTERRUPTOR DIFERENCIAL RESIDUAL TETRAPOLAR 40A - 30mA","UN",1,null,{"$f":"E4898*F4898","v":0}]
["COMPOSIÇÃO",88247,"AUXILIAR DE ELETRICISTA COM ENCARGOS COMPLEMENTARES","H",0.56799999999999995,null,{"$f":"E4899*F4899","v":0}]
["COMPOSIÇÃO",88264,"ELETRICISTA COM ENCARGOS COMPLEMENTARES","H",0.56799999999999995,null,{"$f":"E4900*F4900","v":0}]
[null,null,null,null,null,null,{"$f":"E4901*F4901","v":0}]
[null,null,null,null,null,null,0]
[null,null,null,null,null,null,0]
[null,null,null,null,null,null,0]
[null,null,null,null,null,null,0]
[null,null,null,null,null,null,0]
[null,null,null,null,null,null,0]
[null,null,null,null,null,null,0]
[null,null,null,null,null,null,0]
[null,null,null,null,null,null,0]
[null,null,null,null,null,null,0]
[null,null,null,null,null,null,0]
[null,null,null,null,null,null,0]
[null,null,null,null,null,null,0]
[null,null,null,null,null,null,0]
[null,null,null,null,null,null,0]
[null,null,null,null,null,null,0]
[null,null,null,null,null,"TOTAL",{"$f":"SUM(G4898:G4917)","v":0}]
[]
[]
["CLASSE/TIPO","CÓDIGOS/ SINAPI","DESCRIÇÃO","UND"]
["IFMT 196.02.2020",".196/E","INTERRUPTOR TETRAPOLAR DR 100 A 8KA, DISPOSITIVO RESIDUAL DIFERENCIAL","UN","COEFICIENTE","PREÇO UNITÁRIO (R$)","PREÇO TOTAL (R$)"]
["COTAÇÃO","COT.08","INTERRUPTOR DIFERENCIAL RESIDUAL TETRAPOLAR 100A - 30mA","UN",1,null,{"$f":"E4923*F4923","v":0}]
["COMPOSIÇÃO",88247,"AUXILIAR DE ELETRICISTA COM ENCARGOS COMPLEMENTARES","H",0.56799999999999995,null,{"$f":"E4924*F4924","v":0}]
["COMPOSIÇÃO",88264,"ELETRICISTA COM ENCARGOS COMPLEMENTARES","H",0.56799999999999995,null,{"$f":"E4925*F4925","v":0}]
[null,null,null,null,null,null,{"$f":"E4926*F4926","v":0}]
[null,null,null,null,null,null,0]
[null,null,null,null,null,null,0]
[null,null,null,null,null,null,0]
[null,null,null,null,null,null,0]
[null,null,null,null,null,null,0]
[null,null,null,null,null,null,0]
[null,null,null,null,null,null,0]
[null,null,null,null,null,null,0]
[null,null,null,null,null,null,0]
[null,null,null,null,null,null,0]
[null,null,null,null,null,null,0]
[null,null,null,null,null,null,0]
[null,null,null,null,null,null,0]
[null,null,null,null,null,null,0]
[null,null,null,null,null,null,0]
[null,null,null,null,null,null,0]
[null,null,null,null,null,"TOTAL",{"$f":"SUM(G4923:G4942)","v":0}]
[]
[]
["CLASSE/TIPO","CÓDIGOS/ SINAPI","DESCRIÇÃO","UND"]
["IFMT 197.02.2020",".197/E","TÊ VERTICAL 100 X 100 MM PARA ELETROCALHA METÁLICA (REF. MOPA OU SIMILAR) - FORNECIMENTO E INSTALAÇÃO","UN","COEFICIENTE","PREÇO UNITÁRIO (R$)","PREÇO TOTAL (R$)"]
["INSUMO","04087/ORSE","TÊ VERTICAL 100 X 100 MM PARA ELETROCALHA METÁLICA (REF. MOPA OU SIMILAR)","UN",1,null,{"$f":"E4948*F4948","v":0}]
["COMPOSIÇÃO",88264,"ELETRICISTA COM ENCARGOS COMPLEMENTARES","h",0.2,null,{"$f":"E4949*F4949","v":0}]
["COMPOSIÇÃO",88316,"SERVENTE COM ENCARGOS COMPLEMENTARES","h",0.2,null,{"$f":"E4950*F4950","v":0}]
[null,null,null,null,null,null,{"$f":"E4951*F4951","v":0}]
[null,null,null,null,null,null,0]
[null,null,null,null,null,null,0]
[null,null,null,null,null,null,0]
[null,null,null,null,null,null,0]
[null,null,null,null,null,null,0]
[null,null,null,null,null,null,0]
[null,null,null,null,null,null,0]
[null,null,null,null,null,null,0]
[null,null,null,null,null,null,0]
[null,null,null,null,null,null,0]
[null,null,null,null,null,null,0]
[null,null,null,null,null,null,0]
[null,null,null,null,null,null,0]
[null,null,null,null,null,null,0]
[null,null,null,null,null,null,0]
[null,null,null,null,null,null,0]
[null,null,null,null,null,"TOTAL",{"$f":"SUM(G4948:G4967)","v":0}]
[]
[]
["CLASSE/TIPO","CÓDIGOS/ SINAPI","DESCRIÇÃO","UND"]
["IFMT 198.02.2020",".198/E","VENTILADOR DE PAREDE 60CM BIVOLT - INSTALAÇÃO","UN","COEFICIENTE","PREÇO UNITÁRIO (R$)","PREÇO TOTAL (R$)"]
["COMPOSIÇÃO",88264,"ELETRICISTA COM ENCARGOS COMPLEMENTARES","UN",1,null,{"$f":"E4973*F4973","v":0}]
["COMPOSIÇÃO",88316,"SERVENTE COM ENCARGOS COMPLEMENTARES","UN",1,null,{"$f":"E4974*F4974","v":0}]
[null,null,null,null,null,null,{"$f":"E4975*F4975","v":0}]
[null,null,null,null,null,null,{"$f":"E4976*F4976","v":0}]
[null,null,null,null,null,null,0]
[null,null,null,null,null,null,0]
[null,null,null,null,null,null,0]
[null,null,null,null,null,null,0]
[null,null,null,null,null,null,0]
[null,null,null,null,null,null,0]
[null,null,null,null,null,null,0]
[null,null,null,null,null,null,0]
[null,null,null,null,null,null,0]
[null,null,null,null,null,null,0]
[null,null,null,null,null,null,0]
[null,null,null,null,null,null,0]
[null,null,null,null,null,null,0]
[null,null,null,null,null,null,0]
[null,null,null,null,null,null,0]
[null,null,null,null,null,null,0]
[null,null,null,null,null,"TOTAL",{"$f":"SUM(G4973:G4992)","v":0}]
[]
[]
["CLASSE/TIPO","CÓDIGOS/ SINAPI","DESCRIÇÃO","UND"]
["IFMT 199.02.2020",".199/E","FLANGE 100X100MM PARA ELETROCALHA METÁLICA -FORNECIMENTO E INSTALAÇÃO","UN","COEFICIENTE","PREÇO UNITÁRIO (R$)","PREÇO TOTAL (R$)"]
["INSUMO","04105/ORSE","FLANGE 100 X 100MM PARA ELETROCALHA METÁLICA (REF. MOPA OU SIMILAR)","UN",1,null,{"$f":"E4998*F4998","v":0},null,"Flange 100 x 100mm para eletrocalha metálica (ref. Mopa ou similar)","un",7.4]
["COMPOSIÇÃO",88264,"ELETRICISTA COM ENCARGOS COMPLEMENTARES","UN",0.2,null,{"$f":"E4999*F4999","v":0}]
["COMPOSIÇÃO",88316,"SERVENTE COM ENCARGOS COMPLEMENTARES","UN",0.2,null,{"$f":"E5000*F5000","v":0}]
[null,null,null,null,null,null,{"$f":"E5001*F5001","v":0}]
[null,null,null,null,null,null,0]
[null,null,null,null,null,null,0]
[null,null,null,null,null,null,0]
[null,null,null,null,null,null,0]
[null,null,null,null,null,null,0]
[null,null,null,null,null,null,0]
[null,null,null,null,null,null,0]
[null,null,null,null,null,null,0]
[null,null,null,null,null,null,0]
[null,null,null,null,null,null,0]
[null,null,null,null,null,null,0]
[null,null,null,null,null,null,0]
[null,null,null,null,null,null,0]
[null,null,null,null,null,null,0]
[null,null,null,null,null,null,0]
[null,null,null,null,null,null,0]
[null,null,null,null,null,"TOTAL",{"$f":"SUM(G4998:G5017)","v":0}]
[]
[]
["CLASSE/TIPO","CÓDIGOS/ SINAPI","DESCRIÇÃO","UND"]
["IFMT 200.02.2020",".200/E","TÊ VERTICAL DESCIDA LATERAL PARA ELETROCALHA 100X100MM PERFURADO GALVANIZADO COM TAMPA - FORNECIMENTO E INSTALAÇÃO","UN","COEFICIENTE","PREÇO UNITÁRIO (R$)","PREÇO TOTAL (R$)"]
["COTAÇÃO","COT.13","TÊ VERTICAL DESCIDA LATERAL PARA ELETROCALHA 100X100MM PERFURADO GALVANIZADO COM TAMPA","UN",1,null,{"$f":"E5023*F5023","v":0}]
["COMPOSIÇÃO",88264,"ELETRICISTA COM ENCARGOS COMPLEMENTARES","UN",0.2,null,{"$f":"E5024*F5024","v":0}]
["COMPOSIÇÃO",88316,"SERVENTE COM ENCARGOS COMPLEMENTARES","UN",0.2,null,{"$f":"E5025*F5025","v":0}]
[null,null,null,null,null,null,{"$f":"E5026*F5026","v":0}]
[null,null,null,null,null,null,0]
[null,null,null,null,null,null,0]
[null,null,null,null,null,null,0]
[null,null,null,null,null,null,0]
[null,null,null,null,null,null,0]
[null,null,null,null,null,null,0]
[null,null,null,null,null,null,0]
[null,null,null,null,null,null,0]
[null,null,null,null,null,null,0]
[null,null,null,null,null,null,0]
[null,null,null,null,null,null,0]
[null,null,null,null,null,null,0]
[null,null,null,null,null,null,0]
[null,null,null,null,null,null,0]
[null,null,null,null,null,null,0]
[null,null,null,null,null,null,0]
[null,null,null,null,null,"TOTAL",{"$f":"SUM(G5023:G5042)","v":0}]
[]
[]
["CLASSE/TIPO","CÓDIGOS/ SINAPI","DESCRIÇÃO","UND"]
["IFMT 201.02.2020",".201/E","INSTALAÇÃO DE EXAUSTOR  220V VAZÃO DE 685M³/H ","UN","COEFICIENTE","PREÇO UNITÁRIO (R$)","PREÇO TOTAL (R$)"]
["COMPOSIÇÃO",88309,"PEDREIRO COM ENCARGOS COMPLEMENTARES","h",1,null,{"$f":"E5048*F5048","v":0}]
["COMPOSIÇÃO",88316,"SERVENTE COM ENCARGOS COMPLEMENTARES","h",1,null,{"$f":"E5049*F5049","v":0}]
[null,null,null,null,null,null,{"$f":"E5050*F5050","v":0}]
[null,null,null,null,null,null,{"$f":"E5051*F5051","v":0}]
[null,null,null,null,null,null,0]
[null,null,null,null,null,null,0]
[null,null,null,null,null,null,0]
[null,null,null,null,null,null,0]
[null,null,null,null,null,null,0]
[null,null,null,null,null,null,0]
[null,null,null,null,null,null,0]
[null,null,null,null,null,null,0]
[null,null,null,null,null,null,0]
[null,null,null,null,null,null,0]
[null,null,null,null,null,null,0]
[null,null,null,null,null,null,0]
[null,null,null,null,null,null,0]
[null,null,null,null,null,null,0]
[null,null,null,null,null,null,0]
[null,null,null,null,null,null,0]
[null,null,null,null,null,"TOTAL",{"$f":"SUM(G5048:G5067)","v":0}]
[]
[]
["CLASSE/TIPO","CÓDIGOS/ SINAPI","DESCRIÇÃO","UND"]
["IFMT 202.02.2020",".202/E","DISJUNTOR TRIPOLAR 80 A, PADRÃO DIN ( LINHA BRANCA ),  REF.: ELETROMAR OU SIMILAR.","UNID.","COEFICIENTE","PREÇO UNITÁRIO (R$)","PREÇO TOTAL (R$)"]
["COMPOSIÇÃO",88247,"AUXILIAR DE ELETRICISTA COM ENCARGOS COMPLEMENTARES","H",0.56799999999999995,null,{"$f":"E5073*F5073","v":0}]
["COMPOSIÇÃO",88264,"ELETRICISTA COM ENCARGOS COMPLEMENTARES","H",0.56799999999999995,null,{"$f":"E5074*F5074","v":0}]
["INSUMO","03703/ORSE","DISJUNTOR TRIPOLAR 80 A, PADRÃO DIN ( LINHA BRANCA ), CURVA DE DISPARO C, CORRENTE DE INTERRUPÇÃO 5KA, REF.: SIEMENS 5SX1 OU SIMILAR.","UN",1,null,{"$f":"E5075*F5075","v":0}]
[null,null,null,null,null,null,{"$f":"E5076*F5076","v":0}]
[null,null,null,null,null,null,0]
[null,null,null,null,null,null,0]
[null,null,null,null,null,null,0]
[null,null,null,null,null,null,0]
[null,null,null,null,null,null,0]
[null,null,null,null,null,null,0]
[null,null,null,null,null,null,0]
[null,null,null,null,null,null,0]
[null,null,null,null,null,null,0]
[null,null,null,null,null,null,0]
[null,null,null,null,null,null,0]
[null,null,null,null,null,null,0]
[null,null,null,null,null,null,0]
[null,null,null,null,null,null,0]
[null,null,null,null,null,null,0]
[null,null,null,null,null,null,0]
[null,null,null,null,null,"TOTAL",{"$f":"SUM(G5073:G5092)","v":0}]
[]
[]
["CLASSE/TIPO","CÓDIGOS/ SINAPI","DESCRIÇÃO","UND"]
["IFMT 203.02.2020",".203/E","DISJUNTOR TRIPOLAR TIPO DIN, CORRENTE NOMINAL DE 16A - FORNECIMENTO E INSTALAÇÃO, CAPACIDADE DE INTERRUPÇÃO 5KA.","UN","COEFICIENTE","PREÇO UNITÁRIO (R$)","PREÇO TOTAL (R$)"]
["INSUMO",1570,"TERMINAL A COMPRESSAO EM COBRE ESTANHADO PARA CABO 2,5 MM2, 1 FURO E 1 COMPRESSAO, PARA PARAFUSO DE FIXACAO M5","UN",3,null,{"$f":"E5098*F5098","v":0}]
["INSUMO",34709,"DISJUNTOR TIPO DIN/IEC, TRIPOLAR DE 10 ATE 50A","UN",1,null,{"$f":"E5099*F5099","v":0}]
["COMPOSICAO",88247,"AUXILIAR DE ELETRICISTA COM ENCARGOS COMPLEMENTARES","H",0.14299999999999999,null,{"$f":"E5100*F5100","v":0}]
["COMPOSICAO",88264,"ELETRICISTA COM ENCARGOS COMPLEMENTARES","H",0.14299999999999999,null,{"$f":"E5101*F5101","v":0}]
[null,null,null,null,null,null,0]
[null,null,null,null,null,null,0]
[null,null,null,null,null,null,0]
[null,null,null,null,null,null,0]
[null,null,null,null,null,null,0]
[null,null,null,null,null,null,0]
[null,null,null,null,null,null,0]
[null,null,null,null,null,null,0]
[null,null,null,null,null,null,0]
[null,null,null,null,null,null,0]
[null,null,null,null,null,null,0]
[null,null,null,null,null,null,0]
[null,null,null,null,null,null,0]
[null,null,null,null,null,null,0]
[null,null,null,null,null,null,0]
[null,null,null,null,null,null,0]
[null,null,null,null,null,"TOTAL",{"$f":"SUM(G5098:G5117)","v":0}]
[]
[]
["CLASSE/TIPO","CÓDIGOS/ SINAPI","DESCRIÇÃO","UND"]
["IFMT 204.02.2020",".204/E","DISJUNTOR MONOPOLAR TIPO DIN, CORRENTE NOMINAL DE 16A - FORNECIMENTO E INSTALAÇÃO, CAPACIDADE DE INTERRUPÇÃO 5KA.","UN","COEFICIENTE","PREÇO UNITÁRIO (R$)","PREÇO TOTAL (R$)"]
["INSUMO",1570,"TERMINAL A COMPRESSAO EM COBRE ESTANHADO PARA CABO 2,5 MM2, 1 FURO E 1 COMPRESSAO, PARA PARAFUSO DE FIXACAO M5","UN",1,null,{"$f":"E5123*F5123","v":0}]
["INSUMO",34653,"DISJUNTOR TIPO DIN/IEC, MONOPOLAR DE 6  ATE  32A","UN",1,null,{"$f":"E5124*F5124","v":0}]
["COMPOSICAO",88247,"AUXILIAR DE ELETRICISTA COM ENCARGOS COMPLEMENTARES","H",4.8000000000000001E-2,null,{"$f":"E5125*F5125","v":0}]
["COMPOSICAO",88264,"ELETRICISTA COM ENCARGOS COMPLEMENTARES","H",4.8000000000000001E-2,null,{"$f":"E5126*F5126","v":0}]
[null,null,null,null,null,null,0]
[null,null,null,null,null,null,0]
[null,null,null,null,null,null,0]
[null,null,null,null,null,null,0]
[null,null,null,null,null,null,0]
[null,null,null,null,null,null,0]
[null,null,null,null,null,null,0]
[null,null,null,null,null,null,0]
[null,null,null,null,null,null,0]
[null,null,null,null,null,null,0]
[null,null,null,null,null,null,0]
[null,null,null,null,null,null,0]
[null,null,null,null,null,null,0]
[null,null,null,null,null,null,0]
[null,null,null,null,null,null,0]
[null,null,null,null,null,null,0]
[null,null,null,null,null,"TOTAL",{"$f":"SUM(G5123:G5142)","v":0}]
[]
[]
["CLASSE/TIPO","CÓDIGOS/ SINAPI","DESCRIÇÃO","UND"]
["IFMT 205.02.2020",".205/E","INTERRUPTOR DIFERENCIAL RESIDUAL TETRAPOLAR 100A - 30mA","UN","COEFICIENTE","PREÇO UNITÁRIO (R$)","PREÇO TOTAL (R$)"]
["COTAÇÃO","COT.08","INTERRUPTOR DIFERENCIAL RESIDUAL TETRAPOLAR 100A - 30mA","UN",1,null,{"$f":"E5148*F5148","v":0}]
["COMPOSIÇÃO",88247,"AUXILIAR DE ELETRICISTA COM ENCARGOS COMPLEMENTARES","H",0.56799999999999995,null,{"$f":"E5149*F5149","v":0}]
["COMPOSIÇÃO",88264,"ELETRICISTA COM ENCARGOS COMPLEMENTARES","H",0.56799999999999995,null,{"$f":"E5150*F5150","v":0}]
[null,null,null,null,null,null,{"$f":"E5151*F5151","v":0}]
[null,null,null,null,null,null,0]
[null,null,null,null,null,null,0]
[null,null,null,null,null,null,0]
[null,null,null,null,null,null,0]
[null,null,null,null,null,null,0]
[null,null,null,null,null,null,0]
[null,null,null,null,null,null,0]
[null,null,null,null,null,null,0]
[null,null,null,null,null,null,0]
[null,null,null,null,null,null,0]
[null,null,null,null,null,null,0]
[null,null,null,null,null,null,0]
[null,null,null,null,null,null,0]
[null,null,null,null,null,null,0]
[null,null,null,null,null,null,0]
[null,null,null,null,null,null,0]
[null,null,null,null,null,"TOTAL",{"$f":"SUM(G5148:G5167)","v":0}]
[]
[]
["CLASSE/TIPO","CÓDIGOS/ SINAPI","DESCRIÇÃO","UND"]
["IFMT 206.03.2020",".206/E","ELETRODUTO EM FERRO GALVANIZADO PESADO SEM COSTURA 1/2\" X 3M FIXADO POR CUNHA - FORNECIMENTO E INSTALAÇÃO ","M","COEFICIENTE","PREÇO UNITÁRIO (R$)","PREÇO TOTAL (R$)"]
["INSUMO","03971/ORSE","ELETRODUTO EM FERRO GALVANIZADO PESADO SEM COSTURA 1/2\" X 3M","UN",1.05,null,{"$f":"E5173*F5173","v":0}]
["COMPOSICAO",88316,"SERVENTE COM ENCARGOS COMPLEMENTARES","H",0.75,null,{"$f":"E5174*F5174","v":0}]
["COMPOSICAO",88264,"ELETRICISTA COM ENCARGOS COMPLEMENTARES","H",0.75,null,{"$f":"E5175*F5175","v":0}]
["IFMT 116.01.2020",".116/E","FIXAÇÃO DE TUBOS HORIZONTAIS DE PVC, CPVC OU COBRE DIÂMETROS MENORES OU IGUAIS A 40 MM OU ELETROCALHAS ATÉ 150MM DE LARGURA, COM ABRAÇADEIRA METÁLICA RÍGIDA TIPO D 1/2\u0094, FIXADA EM PERFILADO EM LAJE. (FIXAÇÃO POR CUNHA)","M",1,null,{"$f":"E5176*F5176","v":0}]
[null,null,null,null,null,null,0]
[null,null,null,null,null,null,0]
[null,null,null,null,null,null,0]
[null,null,null,null,null,null,0]
[null,null,null,null,null,null,0]
[null,null,null,null,null,null,0]
[null,null,null,null,null,null,0]
[null,null,null,null,null,null,0]
[null,null,null,null,null,null,0]
[null,null,null,null,null,null,0]
[null,null,null,null,null,null,0]
[null,null,null,null,null,null,0]
[null,null,null,null,null,null,0]
[null,null,null,null,null,null,0]
[null,null,null,null,null,null,0]
[null,null,null,null,null,null,0]
[null,null,null,null,null,"TOTAL",{"$f":"SUM(G5173:G5192)","v":0}]
[]
[]
["CLASSE/TIPO","CÓDIGOS/ SINAPI","DESCRIÇÃO","UND"]
["IFMT 207.03.2020",".207/F","PORTAO DE FERRO EM CHAPA GALVANIZADA PLANA 14 GSG","M2","COEFICIENTE","PREÇO UNITÁRIO (R$)","PREÇO TOTAL (R$)"]
["INSUMO",26,"ACO CA-25, 10,0 MM, VERGALHAO","KG",5.0999999999999996,null,{"$f":"E5198*F5198","v":0}]
["INSUMO",370,"AREIA MEDIA - POSTO JAZIDA/FORNECEDOR (RETIRADO NA JAZIDA, SEM TRANSPORTE)","M3",2.5000000000000001E-2,null,{"$f":"E5199*F5199","v":0}]
["INSUMO",1106,"CAL HIDRATADA CH-I PARA ARGAMASSAS","KG",1,null,{"$f":"E5200*F5200","v":0}]
["INSUMO",1379,"CIMENTO PORTLAND COMPOSTO CP II-32","KG",4.5999999999999996,null,{"$f":"E5201*F5201","v":0}]
["INSUMO",4777,"CANTONEIRA ACO ABAS IGUAIS (QUALQUER BITOLA), ESPESSURA ENTRE 1/8\" E 1/4\"","KG",8.26,null,0]
["INSUMO",11026,"CHAPA DE ACO GALVANIZADA BITOLA GSG 14, E = 1,95 MM (15,60 KG/M2)","KG",15.28,null,0]
["COMPOSICAO",88309,"PEDREIRO COM ENCARGOS COMPLEMENTARES","H",1.5,null,0]
["COMPOSICAO",88316,"SERVENTE COM ENCARGOS COMPLEMENTARES","H",1.5,null,0]
[null,null,null,null,null,null,0]
[null,null,null,null,null,null,0]
[null,null,null,null,null,null,0]
[null,null,null,null,null,null,0]
[null,null,null,null,null,null,0]
[null,null,null,null,null,null,0]
[null,null,null,null,null,null,0]
[null,null,null,null,null,null,0]
[null,null,null,null,null,null,0]
[null,null,null,null,null,null,0]
[null,null,null,null,null,null,0]
[null,null,null,null,null,null,0]
[null,null,null,null,null,"TOTAL",{"$f":"SUM(G5198:G5217)","v":0}]
[]
[]
["CLASSE/TIPO","CÓDIGOS/ SINAPI","DESCRIÇÃO","UND"]
["IFMT 208.04.2020",".208/R","CAIXA ENTERRADA HIDRÁULICA RETANGULAR COM GRELHA EM ALVENARIA COM TIJOLOS CERÂMICOS MACIÇOS, DIMENSÕES INTERNAS: 0,4X0,4X0,4 M PARA REDE DE ESGOTO","UN","COEFICIENTE","PREÇO UNITÁRIO (R$)","PREÇO TOTAL (R$)"]
["INSUMO",7258,"TIJOLO CERAMICO MACICO *5 X 10 X 20* CM","UN",77.402699999999996,null,{"$f":"E5223*F5223","v":0}]
["INSUMO",21062,"RALO FOFO COM REQUADRO, QUADRADO 400 X 400 MM","UN",1,null,{"$f":"E5224*F5224","v":0}]
["COMPOSICAO",87316,"ARGAMASSA TRAÇO 1:4 (EM VOLUME DE CIMENTO E AREIA GROSSA ÚMIDA) PARA CHAPISCO CONVENCIONAL, PREPARO MECÂNICO COM BETONEIRA 400 L. AF_08/2019","M3",5.9999999999999995E-4,null,{"$f":"E5225*F5225","v":0}]
["COMPOSICAO",88309,"PEDREIRO COM ENCARGOS COMPLEMENTARES","H",2.8487,null,{"$f":"E5226*F5226","v":0}]
["COMPOSICAO",88316,"SERVENTE COM ENCARGOS COMPLEMENTARES","H",2.8487,null,0]
["COMPOSICAO",94097,"PREPARO DE FUNDO DE VALA COM LARGURA MENOR QUE 1,5 M, EM LOCAL COM NÍVEL BAIXO DE INTERFERÊNCIA. AF_06/2016","M2",0.49,null,0]
["COMPOSICAO",94970,"CONCRETO FCK = 20MPA, TRAÇO 1:2,7:3 (CIMENTO/ AREIA MÉDIA/ BRITA 1)  - PREPARO MECÂNICO COM BETONEIRA 600 L. AF_07/2016","M3",4.19E-2,null,0]
["COMPOSICAO",97734,"PEÇA RETANGULAR PRÉ-MOLDADA, VOLUME DE CONCRETO DE 10 A 30 LITROS, TAXA DE AÇO APROXIMADA DE 30KG/M³. AF_01/2018","M3",2.52E-2,null,0]
["COMPOSICAO",100475,"ARGAMASSA TRAÇO 1:3 (EM VOLUME DE CIMENTO E AREIA MÉDIA ÚMIDA) COM ADIÇÃO DE IMPERMEABILIZANTE, PREPARO MECÂNICO COM BETONEIRA 400 L. AF_08/2019","M3",5.1499999999999997E-2,null,0]
[null,null,null,null,null,null,0]
[null,null,null,null,null,null,0]
[null,null,null,null,null,null,0]
[null,null,null,null,null,null,0]
[null,null,null,null,null,null,0]
[null,null,null,null,null,null,0]
[null,null,null,null,null,null,0]
[null,null,null,null,null,null,0]
[null,null,null,null,null,null,0]
[null,null,null,null,null,null,0]
[null,null,null,null,null,null,0]
[null,null,null,null,null,"TOTAL",{"$f":"SUM(G5223:G5242)","v":0}]
[]
[]
["CLASSE/TIPO","CÓDIGOS/ SINAPI","DESCRIÇÃO","UND"]
["IFMT 209.04.2020",".209/R","TÊ DE REDUÇÃO, PVC, SOLDÁVEL, DN 60MM X 25MM, INSTALADO EM PRUMADA DE ÁGUA - FORNECIMENTO E INSTALAÇÃO. AF_12/2014","UN","COEFICIENTE","PREÇO UNITÁRIO (R$)","PREÇO TOTAL (R$)"]
["INSUMO",122,"ADESIVO PLASTICO PARA PVC, FRASCO COM 850 GR","UN",2.5999999999999999E-2,null,{"$f":"E5248*F5248","v":0}]
["INSUMO","4537/ORSE","TE 90° REDUCAO PVC RIGIDO SOLDAVEL, MARROM, D= 60 X 25MM","UN",1,null,{"$f":"E5249*F5249","v":0}]
["INSUMO",20083,"SOLUCAO LIMPADORA PARA PVC, FRASCO COM 1000 CM3","UN",3.3000000000000002E-2,null,{"$f":"E5250*F5250","v":0}]
["INSUMO",38383,"LIXA D'AGUA EM FOLHA, GRAO 100","UN",3.5999999999999997E-2,null,{"$f":"E5251*F5251","v":0}]
["COMPOSICAO",88248,"AUXILIAR DE ENCANADOR OU BOMBEIRO HIDRÁULICO COM ENCARGOS COMPLEMENTARES","H",0.14399999999999999,null,0]
["COMPOSICAO",88267,"ENCANADOR OU BOMBEIRO HIDRÁULICO COM ENCARGOS COMPLEMENTARES","H",0.14399999999999999,null,0]
[null,null,null,null,null,null,0]
[null,null,null,null,null,null,0]
[null,null,null,null,null,null,0]
[null,null,null,null,null,null,0]
[null,null,null,null,null,null,0]
[null,null,null,null,null,null,0]
[null,null,null,null,null,null,0]
[null,null,null,null,null,null,0]
[null,null,null,null,null,null,0]
[null,null,null,null,null,null,0]
[null,null,null,null,null,null,0]
[null,null,null,null,null,null,0]
[null,null,null,null,null,null,0]
[null,null,null,null,null,null,0]
[null,null,null,null,null,"TOTAL",{"$f":"SUM(G5248:G5267)","v":0}]
[]
[]
["CLASSE/TIPO","CÓDIGOS/ SINAPI","DESCRIÇÃO","UND"]
["IFMT 210.04.2020",".210/R","TERMINAL DE VENTILACAO, 50 MM, SERIE NORMAL, ESGOTO PREDIAL - FORNECIMENTO E INSTALAÇÃO","UN","COEFICIENTE","PREÇO UNITÁRIO (R$)","PREÇO TOTAL (R$)"]
["INSUMO",122,"ADESIVO PLASTICO PARA PVC, FRASCO COM 850 GR","UN",8.0000000000000002E-3,null,{"$f":"E5273*F5273","v":0}]
["INSUMO",20083,"SOLUCAO LIMPADORA PARA PVC, FRASCO COM 1000 CM3","UN",1.0999999999999999E-2,null,{"$f":"E5274*F5274","v":0}]
["INSUMO",39319,"TERMINAL DE VENTILACAO, 50 MM, SERIE NORMAL, ESGOTO PREDIAL","UN",1,null,{"$f":"E5275*F5275","v":0}]
["COMPOSICAO",88248,"AUXILIAR DE ENCANADOR OU BOMBEIRO HIDRÁULICO COM ENCARGOS COMPLEMENTARES","H",7.0000000000000007E-2,null,{"$f":"E5276*F5276","v":0}]
["COMPOSICAO",88267,"ENCANADOR OU BOMBEIRO HIDRÁULICO COM ENCARGOS COMPLEMENTARES","H",7.0000000000000007E-2,null,0]
[null,null,null,null,null,null,0]
[null,null,null,null,null,null,0]
[null,null,null,null,null,null,0]
[null,null,null,null,null,null,0]
[null,null,null,null,null,null,0]
[null,null,null,null,null,null,0]
[null,null,null,null,null,null,0]
[null,null,null,null,null,null,0]
[null,null,null,null,null,null,0]
[null,null,null,null,null,null,0]
[null,null,null,null,null,null,0]
[null,null,null,null,null,null,0]
[null,null,null,null,null,null,0]
[null,null,null,null,null,null,0]
[null,null,null,null,null,null,0]
[null,null,null,null,null,"TOTAL",{"$f":"SUM(G5273:G5292)","v":0}]
[]
[]
["CLASSE/TIPO","CÓDIGOS/ SINAPI","DESCRIÇÃO","UND"]
["IFMT 211.06.2020",".211/R","PLACA DE OBRA EM CHAPA DE ACO GALVANIZADO","M2","COEFICIENTE","PREÇO UNITÁRIO (R$)","PREÇO TOTAL (R$)"]
[null,4417,"SARRAFO DE MADEIRA NAO APARELHADA *2,5 X 7* CM, MACARANDUBA, ANGELIM OU EQUIVALENTE DA REGIAO","M",1,null,{"$f":"E5298*F5298","v":0}]
[null,4491,"PONTALETE DE MADEIRA NAO APARELHADA *7,5 X 7,5* CM (3 X 3 \") PINUS, MISTA OU EQUIVALENTE DA REGIAO","M",4,null,{"$f":"E5299*F5299","v":0}]
[null,4813,"PLACA DE OBRA (PARA CONSTRUCAO CIVIL) EM CHAPA GALVANIZADA *N. 22*, ADESIVADA, DE *2,0 X 1,125* M","M2",1,null,{"$f":"E5300*F5300","v":0}]
[null,5075,"PREGO DE ACO POLIDO COM CABECA 18 X 30 (2 3/4 X 10)","KG",0.11,null,{"$f":"E5301*F5301","v":0}]
[null,88262,"CARPINTEIRO DE FORMAS COM ENCARGOS COMPLEMENTARES","H",1,null,0]
[null,88316,"SERVENTE COM ENCARGOS COMPLEMENTARES","H",2,null,0]
[null,94962,"CONCRETO MAGRO PARA LASTRO, TRAÇO 1:4,5:4,5 (CIMENTO/ AREIA MÉDIA/ BRITA 1)  - PREPARO MECÂNICO COM BETONEIRA 400 L. AF_07/2016","M3",0.01,null,0]
[null,null,null,null,null,null,0]
[null,null,null,null,null,null,0]
[null,null,null,null,null,null,0]
[null,null,null,null,null,null,0]
[null,null,null,null,null,null,0]
[null,null,null,null,null,null,0]
[null,null,null,null,null,null,0]
[null,null,null,null,null,null,0]
[null,null,null,null,null,null,0]
[null,null,null,null,null,null,0]
[null,null,null,null,null,null,0]
[null,null,null,null,null,null,0]
[null,null,null,null,null,null,0]
[null,null,null,null,null,"TOTAL",{"$f":"SUM(G5298:G5317)","v":0}]
[]
[]
["CLASSE/TIPO","CÓDIGOS/ SINAPI","DESCRIÇÃO","UND"]
["IFMT 212.06.2020",".212/R","IMPERMEABILIZACAO DE ESTRUTURAS ENTERRADAS, COM TINTA ASFALTICA, DUAS DEMAOS.","M2","COEFICIENTE","PREÇO UNITÁRIO (R$)","PREÇO TOTAL (R$)"]
[null,7319,"TINTA ASFALTICA IMPERMEABILIZANTE DISPERSA EM AGUA, PARA MATERIAIS CIMENTICIOS","L","0,4000000",null,{"$f":"E5323*F5323","v":0}]
[null,88316,"SERVENTE COM ENCARGOS COMPLEMENTARES","H","0,4000000",null,{"$f":"E5324*F5324","v":0}]
[null,null,null,null,null,null,{"$f":"E5325*F5325","v":0}]
[null,null,null,null,null,null,{"$f":"E5326*F5326","v":0}]
[null,null,null,null,null,null,0]
[null,null,null,null,null,null,0]
[null,null,null,null,null,null,0]
[null,null,null,null,null,null,0]
[null,null,null,null,null,null,0]
[null,null,null,null,null,null,0]
[null,null,null,null,null,null,0]
[null,null,null,null,null,null,0]
[null,null,null,null,null,null,0]
[null,null,null,null,null,null,0]
[null,null,null,null,null,null,0]
[null,null,null,null,null,null,0]
[null,null,null,null,null,null,0]
[null,null,null,null,null,null,0]
[null,null,null,null,null,null,0]
[null,null,null,null,null,null,0]
[null,null,null,null,null,"TOTAL",{"$f":"SUM(G5323:G5342)","v":0}]
[]
["REFERENCIA","SINAPI",73658]
["CLASSE/TIPO","CÓDIGOS/ SINAPI","DESCRIÇÃO","UND"]
["IFMT 213.06.2020",".213/R","INSTALAÇÕES PROVISÓRIAS DE ESGOTO","UN","COEFICIENTE","PREÇO UNITÁRIO (R$)","PREÇO TOTAL (R$)"]
["INSUMO",367,"AREIA GROSSA - POSTO JAZIDA/FORNECEDOR (RETIRADO NA JAZIDA, SEM TRANSPORTE)","M3",0.1,null,{"$f":"E5348*F5348","v":0}]
["INSUMO",1379,"CIMENTO PORTLAND COMPOSTO CP II-32","KG",30,null,{"$f":"E5349*F5349","v":0}]
["INSUMO",4718,"PEDRA BRITADA N. 2 (19 A 38 MM) POSTO PEDREIRA/FORNECEDOR, SEM FRETE","M3",0.05,null,{"$f":"E5350*F5350","v":0}]
["INSUMO",5061,"PREGO DE ACO POLIDO COM CABECA 18 X 27 (2 1/2 X 10)","KG",0.02,null,{"$f":"E5351*F5351","v":0}]
["INSUMO",6189,"TABUA DE MADEIRA NAO APARELHADA *2,5 X 30* CM, CEDRINHO OU EQUIVALENTE DA REGIAO","M",0.3,null,0]
["INSUMO",7271,"BLOCO CERAMICO (ALVENARIA DE VEDACAO), 8 FUROS, DE 9 X 19 X 19 CM","UN",62.5,null,0]
["INSUMO",9836,"TUBO PVC  SERIE NORMAL, DN 100 MM, PARA ESGOTO  PREDIAL (NBR 5688)","M",10,null,0]
["INSUMO",43059,"ACO CA-60, 4,2 MM, OU 5,0 MM, OU 6,0 MM, OU 7,0 MM, VERGALHAO","KG",1.4,null,0]
["INSUMO",43132,"ARAME RECOZIDO 16 BWG, D = 1,60 MM (0,016 KG/M) OU 18 BWG, D = 1,25 MM (0,01 KG/M)","KG",0.05,null,0]
["COMPOSICAO",88267,"ENCANADOR OU BOMBEIRO HIDRÁULICO COM ENCARGOS COMPLEMENTARES","H",10,null,0]
["COMPOSICAO",88316,"SERVENTE COM ENCARGOS COMPLEMENTARES","H",10,null,0]
[null,null,null,null,null,null,0]
[null,null,null,null,null,null,0]
[null,null,null,null,null,null,0]
[null,null,null,null,null,null,0]
[null,null,null,null,null,null,0]
[null,null,null,null,null,null,0]
[null,null,null,null,null,null,0]
[null,null,null,null,null,null,0]
[null,null,null,null,null,null,0]
[null,null,null,null,null,"TOTAL",{"$f":"SUM(G5348:G5367)","v":0}]
[]
["REFERENCIA","SINAPI",41598]
["CLASSE/TIPO","CÓDIGOS/ SINAPI","DESCRIÇÃO","UND"]
["IFMT 214.06.2020",".214/R","ENTRADA PROVISORIA DE ENERGIA ELETRICA AEREA TRIFASICA 40A EM POSTE MADEIRA","UN","COEFICIENTE","PREÇO UNITÁRIO (R$)","PREÇO TOTAL (R$)"]
["INSUMO",406,"FITA ACO INOX PARA CINTAR POSTE, L = 19 MM, E = 0,5 MM (ROLO DE 30M)","UN",0.13333329999999999,null,{"$f":"E5373*F5373","v":0}]
["INSUMO",420,"CINTA CIRCULAR EM ACO GALVANIZADO DE 150 MM DE DIAMETRO PARA FIXACAO DE CAIXA MEDICAO, INCLUI PARAFUSOS E PORCAS","UN",2,null,{"$f":"E5374*F5374","v":0}]
["INSUMO",857,"CABO DE COBRE NU 16 MM2 MEIO-DURO","M",3,null,{"$f":"E5375*F5375","v":0}]
["INSUMO",937,"FIO DE COBRE, SOLIDO, CLASSE 1, ISOLACAO EM PVC/A, ANTICHAMA BWF-B, 450/750V, SECAO NOMINAL 10 MM2","M",27,null,{"$f":"E5376*F5376","v":0}]
["INSUMO",1062,"CAIXA INTERNA/EXTERNA DE MEDICAO PARA 1 MEDIDOR TRIFASICO, COM VISOR, EM CHAPA DE ACO 18 USG (PADRAO DA CONCESSIONARIA LOCAL)","UN",1,null,0]
["INSUMO",1096,"ARMACAO VERTICAL COM HASTE E CONTRA-PINO, EM CHAPA DE ACO GALVANIZADO 3/16\", COM 4 ESTRIBOS E 4 ISOLADORES","UN",2,null,0]
["INSUMO",1539,"CONECTOR METALICO TIPO PARAFUSO FENDIDO (SPLIT BOLT), PARA CABOS ATE 16 MM2","UN",8,null,0]
["INSUMO",1892,"LUVA EM PVC RIGIDO ROSCAVEL, DE 1\", PARA ELETRODUTO","UN",4,null,0]
["INSUMO",2392,"DISJUNTOR TIPO NEMA, TRIPOLAR 10  ATE  50A, TENSAO MAXIMA DE 415 V","UN",1,null,0]
["INSUMO",2685,"ELETRODUTO DE PVC RIGIDO ROSCAVEL DE 1 \", SEM LUVA","M",8,null,0]
["INSUMO",2731,"MADEIRA ROLICA TRATADA, EUCALIPTO OU EQUIVALENTE DA REGIAO, H = 12 M, D = 20 A 24 CM (PARA POSTE)","M",7.96,null,0]
["INSUMO",3379,"!EM PROCESSO DE DESATIVACAO! HASTE DE ATERRAMENTO EM ACO COM 3,00 M DE COMPRIMENTO E DN = 5/8\", REVESTIDA COM BAIXA CAMADA DE COBRE, SEM CONECTOR","UN",1,null,0]
["INSUMO",4346,"PARAFUSO DE FERRO POLIDO, SEXTAVADO, COM ROSCA PARCIAL, DIAMETRO 5/8\", COMPRIMENTO 6\", COM PORCA E ARRUELA DE PRESSAO MEDIA","UN",2,null,0]
["INSUMO",11267,"ARRUELA REDONDA DE LATAO, DIAMETRO EXTERNO = 34 MM, ESPESSURA = 2,5 MM, DIAMETRO DO FURO = 17 MM","UN",2,null,0]
["INSUMO",12034,"CURVA 180 GRAUS, DE PVC RIGIDO ROSCAVEL, DE 3/4\", PARA ELETRODUTO","UN",2,null,0]
["INSUMO",39176,"BUCHA EM ALUMINIO, COM ROSCA, DE 1\", PARA ELETRODUTO","UN",2,null,0]
["INSUMO",39210,"ARRUELA EM ALUMINIO, COM ROSCA, DE 1\", PARA ELETRODUTO","UN",2,null,0]
["COMPOSICAO",88264,"ELETRICISTA COM ENCARGOS COMPLEMENTARES","H",8,null,0]
["COMPOSICAO",88316,"SERVENTE COM ENCARGOS COMPLEMENTARES","H",8,null,0]
[null,null,null,null,null,null,0]
[null,null,null,null,null,"TOTAL",{"$f":"SUM(G5373:G5392)","v":0}]
[]
["REFERENCIA","SINAPI",85014]
["CLASSE/TIPO","CÓDIGOS/ SINAPI","DESCRIÇÃO","UND"]
["IFMT 215.06.2020",".215/R","CAIXILHO FIXO, DE ALUMINIO, COM TELA DE METAL FIO 12 MALHA 5X5CM","M2","COEFICIENTE","PREÇO UNITÁRIO (R$)","PREÇO TOTAL (R$)"]
["INSUMO",599,"JANELA FIXA EM ALUMINIO, 60  X 80 CM (A X L), BATENTE/REQUADRO DE 3 A 14 CM, COM VIDRO, SEM GUARNICAO/ALIZAR","M2",1,null,{"$f":"E5398*F5398","v":0}]
["INSUMO",7158,"TELA DE ARAME GALVANIZADA QUADRANGULAR / LOSANGULAR, FIO 2,77 MM (12 BWG), MALHA 5 X 5 CM, H = 2 M","M2",1,null,{"$f":"E5399*F5399","v":0}]
["COMPOSICAO",88309,"PEDREIRO COM ENCARGOS COMPLEMENTARES","H",0.8,null,{"$f":"E5400*F5400","v":0}]
["COMPOSICAO",88315,"SERRALHEIRO COM ENCARGOS COMPLEMENTARES","H",1.2,null,{"$f":"E5401*F5401","v":0}]
["COMPOSICAO",88316,"SERVENTE COM ENCARGOS COMPLEMENTARES","H",2,null,0]
["COMPOSICAO",88627,"ARGAMASSA TRAÇO 1:0,5:4,5 (CIMENTO, CAL E AREIA MÉDIA) PARA ASSENTAMENTO DE ALVENARIA, PREPARO MANUAL. AF_08/2014","M3",6.0000000000000001E-3,null,0]
[null,null,null,null,null,null,0]
[null,null,null,null,null,null,0]
[null,null,null,null,null,null,0]
[null,null,null,null,null,null,0]
[null,null,null,null,null,null,0]
[null,null,null,null,null,null,0]
[null,null,null,null,null,null,0]
[null,null,null,null,null,null,0]
[null,null,null,null,null,null,0]
[null,null,null,null,null,null,0]
[null,null,null,null,null,null,0]
[null,null,null,null,null,null,0]
[null,null,null,null,null,null,0]
[null,null,null,null,null,null,0]
[null,null,null,null,null,"TOTAL",{"$f":"SUM(G5398:G5417)","v":0}]
[]
[null,null,"REF.PINI"]
["CLASSE/TIPO","CÓDIGOS/ SINAPI","DESCRIÇÃO","UND"]
["IFMT 216.06.2020",".216/D","CUMEEIRA DE ALUMNIO TERMOACÚSTICA, PERFIL TRAPEZOIDAL","M","COEFICIENTE","PREÇO UNITÁRIO (R$)","PREÇO TOTAL (R$)"]
["COMPOSIÇÃO",88323,"88323 TELHADISTA COM ENCARGOS COMPLEMENTARES","H",0.12]
["COMPOSIÇÃO",88241,"88241 AJUDANTE DE OPERAÇÃO EM GERAL COM ENCARGOS COMPLEMENTARES","H",0.12]
["INSUMO",7243,"00007243 TELHA TRAPEZOIDAL EM ACO ZINCADO, SEM PINTURA, ALTURA DE APROXIMADAMENTE 40 MM, ESPESSURA DE 0,50 MM E LARGURA UTIL DE 980 MM","M2",1.65]
["INSUMO",11029,"00011029 HASTE RETA PARA GANCHO DE FERRO GALVANIZADO, COM ROSCA 1/4 \" X 30 CM PARA FIXACAO DE TELHA METALICA, INCLUI PORCA E ARRUELAS DE VEDACAO","CJ",4.12]
[]
[null,null,null,null,null,null,{"$f":"E5428*F5428","v":0}]
[null,null,null,null,null,null,0]
[null,null,null,null,null,null,0]
[null,null,null,null,null,null,0]
[null,null,null,null,null,null,0]
[null,null,null,null,null,null,0]
[null,null,null,null,null,null,0]
[null,null,null,null,null,null,0]
[null,null,null,null,null,null,0]
[null,null,null,null,null,null,0]
[null,null,null,null,null,null,0]
[null,null,null,null,null,null,0]
[null,null,null,null,null,null,0]
[null,null,null,null,null,null,0]
[null,null,null,null,null,null,0]
[null,null,null,null,null,"TOTAL",{"$f":"SUM(G5423:G5442)","v":0}]
[]
["REFERENCIA","SINAPI/2019","74238/002"]
["CLASSE/TIPO","CÓDIGOS/ SINAPI","DESCRIÇÃO","UND"]
["IFMT 217.06.2020",".217/F","PORTAO EM TELA ARAME GALVANIZADO N.12 MALHA 2\" E MOLDURA EM TUBOS DE ACO COM DUAS FOLHAS DE ABRIR, INCLUSO FERRAGENS","M2","COEFICIENTE","PREÇO UNITÁRIO (R$)","PREÇO TOTAL (R$)"]
["INSUMO",7167,"TELA DE ARAME GALV QUADRANGULAR / LOSANGULAR,  FIO 2,11 MM (14 BWG), MALHA  5 X 5 CM, H = 2 M","M2",1.1000000000000001,null,{"$f":"E5448*F5448","v":0}]
["INSUMO",7697,"TUBO ACO GALVANIZADO COM COSTURA, CLASSE MEDIA, DN 1.1/2\", E = *3,25* MM, PESO *3,61* KG/M (NBR 5580)","M",1.4318,null,{"$f":"E5449*F5449","v":0}]
["INSUMO",10997,"ELETRODO REVESTIDO AWS - E7018, DIAMETRO IGUAL A 4,00 MM","KG",3.37,null,{"$f":"E5450*F5450","v":0}]
["INSUMO",21010,"TUBO ACO GALVANIZADO COM COSTURA, CLASSE LEVE, DN 25 MM ( 1\"),  E = 2,65 MM,  *2,11* KG/M (NBR 5580)","M",6.7407000000000004,null,{"$f":"E5451*F5451","v":0}]
["COMPOSICAO",88315,"SERRALHEIRO COM ENCARGOS COMPLEMENTARES","H",7,null,0]
["COMPOSICAO",88316,"SERVENTE COM ENCARGOS COMPLEMENTARES","H",11.5,null,0]
["COMPOSICAO",88317,"SOLDADOR COM ENCARGOS COMPLEMENTARES","H",4.5,null,0]
["COMPOSICAO",98764,"INVERSOR DE SOLDA MONOFÁSICO DE 160 A, POTÊNCIA DE 5400 W, TENSÃO DE 220 V, PARA SOLDA COM ELETRODOS DE 2,0 A 4,0 MM E PROCESSO TIG - CHP DIURNO. AF_06/2018","CHP",3.82,null,0]
["COMPOSICAO",98765,"INVERSOR DE SOLDA MONOFÁSICO DE 160 A, POTÊNCIA DE 5400 W, TENSÃO DE 220 V, PARA SOLDA COM ELETRODOS DE 2,0 A 4,0 MM E PROCESSO TIG - CHI DIURNO. AF_06/2018","CHI",0.67,null,0]
[null,null,null,null,null,null,0]
[null,null,null,null,null,null,0]
[null,null,null,null,null,null,0]
[null,null,null,null,null,null,0]
[null,null,null,null,null,null,0]
[null,null,null,null,null,null,0]
[null,null,null,null,null,null,0]
[null,null,null,null,null,null,0]
[null,null,null,null,null,null,0]
[null,null,null,null,null,null,0]
[null,null,null,null,null,null,0]
[null,null,null,null,null,"TOTAL",{"$f":"SUM(G5448:G5467)","v":0}]
[]
[]
["CLASSE/TIPO","CÓDIGOS/ SINAPI","DESCRIÇÃO","UND"]
["IFMT 218.07.2020",".218/F","ELABORAÇÃO DE \"AS BUILT\"","M2","COEFICIENTE","PREÇO UNITÁRIO (R$)","PREÇO TOTAL (R$)"]
["COMPOSICAO",100305,"ENGENHEIRO CIVIL JUNIOR COM ENCARGOS COMPLEMENTARES","H",0.1,null,{"$f":"E5473*F5473","v":0}]
["COMPOSICAO",90773,"DESENHISTA COPISTA COM ENCARGOS COMPLEMENTARES","H",0.1,null,{"$f":"E5474*F5474","v":0}]
[null,null,null,null,null,null,{"$f":"E5475*F5475","v":0}]
[null,null,null,null,null,null,{"$f":"E5476*F5476","v":0}]
[null,null,null,null,null,null,0]
[null,null,null,null,null,null,0]
[null,null,null,null,null,null,0]
[null,null,null,null,null,null,0]
[null,null,null,null,null,null,0]
[null,null,null,null,null,null,0]
[null,null,null,null,null,null,0]
[null,null,null,null,null,null,0]
[null,null,null,null,null,null,0]
[null,null,null,null,null,null,0]
[null,null,null,null,null,null,0]
[null,null,null,null,null,null,0]
[null,null,null,null,null,null,0]
[null,null,null,null,null,null,0]
[null,null,null,null,null,null,0]
[null,null,null,null,null,null,0]
[null,null,null,null,null,"TOTAL",{"$f":"SUM(G5473:G5492)","v":0}]
[]
["REFERENCIA","SINAPI/2019","74157/004"]
["CLASSE/TIPO","CÓDIGOS/ SINAPI","DESCRIÇÃO","UND"]
["IFMT 219.07.2020",".219/R","LANCAMENTO/APLICACAO MANUAL DE CONCRETO EM FUNDACOES","M3","COEFICIENTE","PREÇO UNITÁRIO (R$)","PREÇO TOTAL (R$)"]
["COMPOSICAO",88309,"PEDREIRO COM ENCARGOS COMPLEMENTARES","H",1.65,null,{"$f":"E5498*F5498","v":0}]
["COMPOSICAO",88316,"SERVENTE COM ENCARGOS COMPLEMENTARES","H",4.5,null,{"$f":"E5499*F5499","v":0}]
["COMPOSICAO",90586,"VIBRADOR DE IMERSÃO, DIÂMETRO DE PONTEIRA 45MM, MOTOR ELÉTRICO TRIFÁSICO POTÊNCIA DE 2 CV - CHP DIURNO. AF_06/2015","CHP",0.3,null,{"$f":"E5500*F5500","v":0}]
[null,null,null,null,null,null,{"$f":"E5501*F5501","v":0}]
[null,null,null,null,null,null,0]
[null,null,null,null,null,null,0]
[null,null,null,null,null,null,0]
[null,null,null,null,null,null,0]
[null,null,null,null,null,null,0]
[null,null,null,null,null,null,0]
[null,null,null,null,null,null,0]
[null,null,null,null,null,null,0]
[null,null,null,null,null,null,0]
[null,null,null,null,null,null,0]
[null,null,null,null,null,null,0]
[null,null,null,null,null,null,0]
[null,null,null,null,null,null,0]
[null,null,null,null,null,null,0]
[null,null,null,null,null,null,0]
[null,null,null,null,null,null,0]
[null,null,null,null,null,"TOTAL",{"$f":"SUM(G5498:G5517)","v":0}]
[]
["REFERENCIA","SINAPI/2019",88549]
["CLASSE/TIPO","CÓDIGOS/ SINAPI","DESCRIÇÃO","UND"]
["IFMT 220.07.2020",".220/R","FORNECIMENTO E ASSENTAMENTO DE BRITA 2-DRENOS E FILTROS MM","M3","COEFICIENTE","PREÇO UNITÁRIO (R$)","PREÇO TOTAL (R$)"]
["INSUMO",4718,"PEDRA BRITADA N. 2 (19 A 38 MM) POSTO PEDREIRA/FORNECEDOR, SEM FRETE","M3",1.05,null,{"$f":"E5523*F5523","v":0}]
["COMPOSICAO",88316,"SERVENTE COM ENCARGOS COMPLEMENTARES","H",1,null,{"$f":"E5524*F5524","v":0}]
[null,null,null,null,null,null,{"$f":"E5525*F5525","v":0}]
[null,null,null,null,null,null,{"$f":"E5526*F5526","v":0}]
[null,null,null,null,null,null,0]
[null,null,null,null,null,null,0]
[null,null,null,null,null,null,0]
[null,null,null,null,null,null,0]
[null,null,null,null,null,null,0]
[null,null,null,null,null,null,0]
[null,null,null,null,null,null,0]
[null,null,null,null,null,null,0]
[null,null,null,null,null,null,0]
[null,null,null,null,null,null,0]
[null,null,null,null,null,null,0]
[null,null,null,null,null,null,0]
[null,null,null,null,null,null,0]
[null,null,null,null,null,null,0]
[null,null,null,null,null,null,0]
[null,null,null,null,null,null,0]
[null,null,null,null,null,"TOTAL",{"$f":"SUM(G5523:G5542)","v":0}]
[]
["REFERENCIA","SINAPI/2019","74145/001"]
["CLASSE/TIPO","CÓDIGOS/ SINAPI","DESCRIÇÃO","UND"]
["IFMT 221.07.2020",".221/R","PINTURA ESMALTE FOSCO, DUAS DEMAOS, SOBRE SUPERFICIE METALICA, INCLUSO UMA DEMAO DE FUNDO ANTICORROSIVO. UTILIZACAO DE REVOLVER ( AR-COMPRIMIDO).","M2","COEFICIENTE","PREÇO UNITÁRIO (R$)","PREÇO TOTAL (R$)"]
["INSUMO",3768,"LIXA EM FOLHA PARA FERRO, NUMERO 150","UN",0.55000000000000004,null,{"$f":"E5548*F5548","v":0}]
["INSUMO",5320,"REMOVEDOR DE TINTA OLEO/ESMALTE VERNIZ","L",4.3999999999999997E-2,null,{"$f":"E5549*F5549","v":0}]
["INSUMO",7288,"TINTA ESMALTE SINTETICO PREMIUM FOSCO","L",0.17599999999999999,null,{"$f":"E5550*F5550","v":0}]
["INSUMO",7307,"FUNDO ANTICORROSIVO PARA METAIS FERROSOS (ZARCAO)","L",0.13200000000000001,null,{"$f":"E5551*F5551","v":0}]
["COMPOSICAO",88310,"PINTOR COM ENCARGOS COMPLEMENTARES","H",0.21,null,0]
["COMPOSICAO",88316,"SERVENTE COM ENCARGOS COMPLEMENTARES","H",0.11,null,0]
[null,null,null,null,null,null,0]
[null,null,null,null,null,null,0]
[null,null,null,null,null,null,0]
[null,null,null,null,null,null,0]
[null,null,null,null,null,null,0]
[null,null,null,null,null,null,0]
[null,null,null,null,null,null,0]
[null,null,null,null,null,null,0]
[null,null,null,null,null,null,0]
[null,null,null,null,null,null,0]
[null,null,null,null,null,null,0]
[null,null,null,null,null,null,0]
[null,null,null,null,null,null,0]
[null,null,null,null,null,null,0]
[null,null,null,null,null,"TOTAL",{"$f":"SUM(G5548:G5567)","v":0}]
[]
["REFERENCIA","SINAPI/2019","73865/001"]
["CLASSE/TIPO","CÓDIGOS/ SINAPI","DESCRIÇÃO","UND"]
["IFMT 222.07.2020",".222/R","FUNDO PREPARADOR PRIMER A BASE DE EPOXI, PARA ESTRUTURA METALICA, UMA DEMAO, ESPESSURA DE 25 MICRA.","M2","COEFICIENTE","PREÇO UNITÁRIO (R$)","PREÇO TOTAL (R$)"]
["INSUMO",3768,"LIXA EM FOLHA PARA FERRO, NUMERO 150","UN",0.25,null,{"$f":"E5573*F5573","v":0}]
["INSUMO",5318,"SOLVENTE DILUENTE A BASE DE AGUARRAS","L",0.03,null,{"$f":"E5574*F5574","v":0}]
["INSUMO",11149,"PRIMER EPOXI","GL",3.3000000000000002E-2,null,{"$f":"E5575*F5575","v":0}]
["COMPOSICAO",88310,"PINTOR COM ENCARGOS COMPLEMENTARES","H",0.08,null,{"$f":"E5576*F5576","v":0}]
["COMPOSICAO",88316,"SERVENTE COM ENCARGOS COMPLEMENTARES","H",0.04,null,0]
[null,null,null,null,null,null,0]
[null,null,null,null,null,null,0]
[null,null,null,null,null,null,0]
[null,null,null,null,null,null,0]
[null,null,null,null,null,null,0]
[null,null,null,null,null,null,0]
[null,null,null,null,null,null,0]
[null,null,null,null,null,null,0]
[null,null,null,null,null,null,0]
[null,null,null,null,null,null,0]
[null,null,null,null,null,null,0]
[null,null,null,null,null,null,0]
[null,null,null,null,null,null,0]
[null,null,null,null,null,null,0]
[null,null,null,null,null,null,0]
[null,null,null,null,null,"TOTAL",{"$f":"SUM(G5573:G5592)","v":0}]
[]
["REFERENCIA","SINAPI/2019","74064/001"]
["CLASSE/TIPO","CÓDIGOS/ SINAPI","DESCRIÇÃO","UND"]
["IFMT 223.07.2020",".223/R","FUNDO ANTICORROSIVO A BASE DE OXIDO DE FERRO (ZARCAO), DUAS DEMAOS","M2","COEFICIENTE","PREÇO UNITÁRIO (R$)","PREÇO TOTAL (R$)"]
["INSUMO",7307,"FUNDO ANTICORROSIVO PARA METAIS FERROSOS (ZARCAO)","L",0.24,null,{"$f":"E5598*F5598","v":0}]
["COMPOSICAO",88310,"PINTOR COM ENCARGOS COMPLEMENTARES","H",0.4,null,{"$f":"E5599*F5599","v":0}]
["COMPOSICAO",88316,"SERVENTE COM ENCARGOS COMPLEMENTARES","H",0.3,null,{"$f":"E5600*F5600","v":0}]
[null,null,null,null,null,null,{"$f":"E5601*F5601","v":0}]
[null,null,null,null,null,null,0]
[null,null,null,null,null,null,0]
[null,null,null,null,null,null,0]
[null,null,null,null,null,null,0]
[null,null,null,null,null,null,0]
[null,null,null,null,null,null,0]
[null,null,null,null,null,null,0]
[null,null,null,null,null,null,0]
[null,null,null,null,null,null,0]
[null,null,null,null,null,null,0]
[null,null,null,null,null,null,0]
[null,null,null,null,null,null,0]
[null,null,null,null,null,null,0]
[null,null,null,null,null,null,0]
[null,null,null,null,null,null,0]
[null,null,null,null,null,null,0]
[null,null,null,null,null,"TOTAL",{"$f":"SUM(G5598:G5617)","v":0}]
[]
["REFERENCIA","SINAPI/2019","74133/002"]
["CLASSE/TIPO","CÓDIGOS/ SINAPI","DESCRIÇÃO","UND"]
["IFMT 224.07.2020",".224/R","EMASSAMENTO COM MASSA A OLEO, DUAS DEMAOS","M2","COEFICIENTE","PREÇO UNITÁRIO (R$)","PREÇO TOTAL (R$)"]
["INSUMO",3767,"LIXA EM FOLHA PARA PAREDE OU MADEIRA, NUMERO 120 (COR VERMELHA)","UN",0.5,null,{"$f":"E5623*F5623","v":0}]
["INSUMO",4053,"MASSA A OLEO PARA MADEIRA","GL",0.16,null,{"$f":"E5624*F5624","v":0}]
["COMPOSICAO",88310,"PINTOR COM ENCARGOS COMPLEMENTARES","H",0.35,null,{"$f":"E5625*F5625","v":0}]
["COMPOSICAO",88316,"SERVENTE COM ENCARGOS COMPLEMENTARES","H",0.25,null,{"$f":"E5626*F5626","v":0}]
[null,null,null,null,null,null,0]
[null,null,null,null,null,null,0]
[null,null,null,null,null,null,0]
[null,null,null,null,null,null,0]
[null,null,null,null,null,null,0]
[null,null,null,null,null,null,0]
[null,null,null,null,null,null,0]
[null,null,null,null,null,null,0]
[null,null,null,null,null,null,0]
[null,null,null,null,null,null,0]
[null,null,null,null,null,null,0]
[null,null,null,null,null,null,0]
[null,null,null,null,null,null,0]
[null,null,null,null,null,null,0]
[null,null,null,null,null,null,0]
[null,null,null,null,null,null,0]
[null,null,null,null,null,"TOTAL",{"$f":"SUM(G5623:G5642)","v":0}]
[]
["REFERENCIA","SINAPI/2019","73924/002"]
["CLASSE/TIPO","CÓDIGOS/ SINAPI","DESCRIÇÃO","UND"]
["IFMT 225.07.2020",".225/R","PINTURA ESMALTE ACETINADO, DUAS DEMAOS, SOBRE SUPERFICIE METALICA","M2","COEFICIENTE","PREÇO UNITÁRIO (R$)","PREÇO TOTAL (R$)"]
["INSUMO",3768,"LIXA EM FOLHA PARA FERRO, NUMERO 150","UN",0.6,null,{"$f":"E5648*F5648","v":0}]
["INSUMO",5318,"SOLVENTE DILUENTE A BASE DE AGUARRAS","L",7.0000000000000007E-2,null,{"$f":"E5649*F5649","v":0}]
["INSUMO",7311,"TINTA ESMALTE SINTETICO PREMIUM ACETINADO","L",0.16,null,{"$f":"E5650*F5650","v":0}]
["COMPOSICAO",88310,"PINTOR COM ENCARGOS COMPLEMENTARES","H",0.5,null,{"$f":"E5651*F5651","v":0}]
["COMPOSICAO",88316,"SERVENTE COM ENCARGOS COMPLEMENTARES","H",0.5,null,0]
[null,null,null,null,null,null,0]
[null,null,null,null,null,null,0]
[null,null,null,null,null,null,0]
[null,null,null,null,null,null,0]
[null,null,null,null,null,null,0]
[null,null,null,null,null,null,0]
[null,null,null,null,null,null,0]
[null,null,null,null,null,null,0]
[null,null,null,null,null,null,0]
[null,null,null,null,null,null,0]
[null,null,null,null,null,null,0]
[null,null,null,null,null,null,0]
[null,null,null,null,null,null,0]
[null,null,null,null,null,null,0]
[null,null,null,null,null,null,0]
[null,null,null,null,null,"TOTAL",{"$f":"SUM(G5648:G5667)","v":0}]
[]
["REFERENCIA","SINAPI/2019","73794/001"]
["CLASSE/TIPO","CÓDIGOS/ SINAPI","DESCRIÇÃO","UND"]
["IFMT 226.07.2020",".226/R","PINTURA COM TINTA PROTETORA ACABAMENTO GRAFITE ESMALTE SOBRE SUPERFICIE METALICA, 2 DEMAOS","M2","COEFICIENTE","PREÇO UNITÁRIO (R$)","PREÇO TOTAL (R$)"]
["INSUMO",3768,"LIXA EM FOLHA PARA FERRO, NUMERO 150","UN",0.3,null,{"$f":"E5673*F5673","v":0}]
["INSUMO",5318,"SOLVENTE DILUENTE A BASE DE AGUARRAS","L",0.05,null,{"$f":"E5674*F5674","v":0}]
["INSUMO",7293,"TINTA ESMALTE SINTETICO GRAFITE COM PROTECAO PARA METAIS FERROSOS","L",0.12,null,{"$f":"E5675*F5675","v":0}]
["COMPOSICAO",88310,"PINTOR COM ENCARGOS COMPLEMENTARES","H",0.8,null,{"$f":"E5676*F5676","v":0}]
["COMPOSICAO",88316,"SERVENTE COM ENCARGOS COMPLEMENTARES","H",0.8,null,0]
[null,null,null,null,null,null,0]
[null,null,null,null,null,null,0]
[null,null,null,null,null,null,0]
[null,null,null,null,null,null,0]
[null,null,null,null,null,null,0]
[null,null,null,null,null,null,0]
[null,null,null,null,null,null,0]
[null,null,null,null,null,null,0]
[null,null,null,null,null,null,0]
[null,null,null,null,null,null,0]
[null,null,null,null,null,null,0]
[null,null,null,null,null,null,0]
[null,null,null,null,null,null,0]
[null,null,null,null,null,null,0]
[null,null,null,null,null,null,0]
[null,null,null,null,null,"TOTAL",{"$f":"SUM(G5673:G5692)","v":0}]
[]
["REFERENCIA","SINAPI/2019","73924/003"]
["CLASSE/TIPO","CÓDIGOS/ SINAPI","DESCRIÇÃO","UND"]
["IFMT 227.07.2020",".227/R","PINTURA ESMALTE FOSCO, DUAS DEMAOS, SOBRE SUPERFICIE METALICA","M2","COEFICIENTE","PREÇO UNITÁRIO (R$)","PREÇO TOTAL (R$)"]
["INSUMO",3768,"LIXA EM FOLHA PARA FERRO, NUMERO 150","UN",0.6,null,{"$f":"E5698*F5698","v":0}]
["INSUMO",5318,"SOLVENTE DILUENTE A BASE DE AGUARRAS","L",7.0000000000000007E-2,null,{"$f":"E5699*F5699","v":0}]
["INSUMO",7288,"TINTA ESMALTE SINTETICO PREMIUM FOSCO","L",0.16,null,{"$f":"E5700*F5700","v":0}]
["COMPOSICAO",88310,"PINTOR COM ENCARGOS COMPLEMENTARES","H",0.5,null,{"$f":"E5701*F5701","v":0}]
["COMPOSICAO",88316,"SERVENTE COM ENCARGOS COMPLEMENTARES","H",0.5,null,0]
[null,null,null,null,null,null,0]
[null,null,null,null,null,null,0]
[null,null,null,null,null,null,0]
[null,null,null,null,null,null,0]
[null,null,null,null,null,null,0]
[null,null,null,null,null,null,0]
[null,null,null,null,null,null,0]
[null,null,null,null,null,null,0]
[null,null,null,null,null,null,0]
[null,null,null,null,null,null,0]
[null,null,null,null,null,null,0]
[null,null,null,null,null,null,0]
[null,null,null,null,null,null,0]
[null,null,null,null,null,null,0]
[null,null,null,null,null,null,0]
[null,null,null,null,null,"TOTAL",{"$f":"SUM(G5698:G5717)","v":0}]
[]
["REFERENCIA","SINAPI/2019","90819"]
["CLASSE/TIPO","CÓDIGOS/ SINAPI","DESCRIÇÃO","UND"]
["IFMT 228.07.2020",".228/R","ADUELA / MARCO / BATENTE PARA PORTA DE 90X210CM, FIXAÇÃO COM ARGAMASSA - SOMENTE INSTALAÇÃO. AF_08/2015_P","UN","COEFICIENTE","PREÇO UNITÁRIO (R$)","PREÇO TOTAL (R$)"]
["INSUMO",5061,"PREGO DE ACO POLIDO COM CABECA 18 X 27 (2 1/2 X 10)","KG",0.2,null,{"$f":"E5723*F5723","v":0}]
["INSUMO",7319,"TINTA ASFALTICA IMPERMEABILIZANTE DISPERSA EM AGUA, PARA MATERIAIS CIMENTICIOS","L",0.17369999999999999,null,{"$f":"E5724*F5724","v":0}]
["COMPOSICAO",88261,"CARPINTEIRO DE ESQUADRIA COM ENCARGOS COMPLEMENTARES","H",0.65500000000000003,null,{"$f":"E5725*F5725","v":0}]
["COMPOSICAO",88309,"PEDREIRO COM ENCARGOS COMPLEMENTARES","H",1.617,null,{"$f":"E5726*F5726","v":0}]
["COMPOSICAO",88316,"SERVENTE COM ENCARGOS COMPLEMENTARES","H",1.1359999999999999,null,0]
["COMPOSICAO",88629,"ARGAMASSA TRAÇO 1:3 (CIMENTO E AREIA MÉDIA), PREPARO MANUAL. AF_08/2014","M3",2.29E-2,null,0]
[null,null,null,null,null,null,0]
[null,null,null,null,null,null,0]
[null,null,null,null,null,null,0]
[null,null,null,null,null,null,0]
[null,null,null,null,null,null,0]
[null,null,null,null,null,null,0]
[null,null,null,null,null,null,0]
[null,null,null,null,null,null,0]
[null,null,null,null,null,null,0]
[null,null,null,null,null,null,0]
[null,null,null,null,null,null,0]
[null,null,null,null,null,null,0]
[null,null,null,null,null,null,0]
[null,null,null,null,null,null,0]
[null,null,null,null,null,"TOTAL",{"$f":"SUM(G5723:G5742)","v":0}]
[]
["REFERENCIA","SINAPI/2019",95468]
["CLASSE/TIPO","CÓDIGOS/ SINAPI","DESCRIÇÃO","UND"]
["IFMT 229.07.2020",".229/R","PINTURA ESMALTE BRILHANTE (2 DEMAOS) SOBRE SUPERFICIE METALICA, INCLUSIVE PROTECAO COM ZARCAO (1 DEMAO)","M2","COEFICIENTE","PREÇO UNITÁRIO (R$)","PREÇO TOTAL (R$)"]
["INSUMO",3768,"LIXA EM FOLHA PARA FERRO, NUMERO 150","UN",0.3,null,{"$f":"E5748*F5748","v":0}]
["INSUMO",5318,"SOLVENTE DILUENTE A BASE DE AGUARRAS","L",0.03,null,{"$f":"E5749*F5749","v":0}]
["INSUMO",7292,"TINTA ESMALTE SINTETICO PREMIUM BRILHANTE","L",0.14399999999999999,null,{"$f":"E5750*F5750","v":0}]
["INSUMO",7307,"FUNDO ANTICORROSIVO PARA METAIS FERROSOS (ZARCAO)","L",0.12,null,{"$f":"E5751*F5751","v":0}]
["COMPOSICAO",88310,"PINTOR COM ENCARGOS COMPLEMENTARES","H",0.8,null,0]
["COMPOSICAO",88316,"SERVENTE COM ENCARGOS COMPLEMENTARES","H",0.8,null,0]
[null,null,null,null,null,null,0]
[null,null,null,null,null,null,0]
[null,null,null,null,null,null,0]
[null,null,null,null,null,null,0]
[null,null,null,null,null,null,0]
[null,null,null,null,null,null,0]
[null,null,null,null,null,null,0]
[null,null,null,null,null,null,0]
[null,null,null,null,null,null,0]
[null,null,null,null,null,null,0]
[null,null,null,null,null,null,0]
[null,null,null,null,null,null,0]
[null,null,null,null,null,null,0]
[null,null,null,null,null,null,0]
[null,null,null,null,null,"TOTAL",{"$f":"SUM(G5748:G5767)","v":0}]
[]
["REFERENCIA","SINAPI/2019","74005/002"]
["CLASSE/TIPO","CÓDIGOS/ SINAPI","DESCRIÇÃO","UND"]
["IFMT 230.08.2020",".230/R","COMPACTACAO MECANICA C/ CONTROLE DO GC>=95% DO PN (AREAS) (C/MONIVELADORA 140 HP E ROLO COMPRESSOR VIBRATORIO 80 HP)","M3","COEFICIENTE","PREÇO UNITÁRIO (R$)","PREÇO TOTAL (R$)"]
["COMPOSICAO",5684,"ROLO COMPACTADOR VIBRATÓRIO DE UM CILINDRO AÇO LISO, POTÊNCIA 80 HP, PESO OPERACIONAL MÁXIMO 8,1 T, IMPACTO DINÂMICO 16,15 / 9,5 T, LARGURA DE TRABALHO 1,68 M - CHP DIURNO. AF_06/2014","CHP",5.0000000000000001E-3,null,{"$f":"E5773*F5773","v":0}]
["COMPOSICAO",5921,"GRADE DE DISCO REBOCÁVEL COM 20 DISCOS 24\" X 6 MM COM PNEUS PARA TRANSPORTE - CHP DIURNO. AF_06/2014","CHP",0.01,null,{"$f":"E5774*F5774","v":0}]
["COMPOSICAO",5932,"MOTONIVELADORA POTÊNCIA BÁSICA LÍQUIDA (PRIMEIRA MARCHA) 125 HP, PESO BRUTO 13032 KG, LARGURA DA LÂMINA DE 3,7 M - CHP DIURNO. AF_06/2014","CHP",5.0000000000000001E-3,null,{"$f":"E5775*F5775","v":0}]
["COMPOSICAO",6259,"CAMINHÃO PIPA 6.000 L, PESO BRUTO TOTAL 13.000 KG, DISTÂNCIA ENTRE EIXOS 4,80 M, POTÊNCIA 189 CV INCLUSIVE TANQUE DE AÇO PARA TRANSPORTE DE ÁGUA, CAPACIDADE 6 M3 - CHP DIURNO. AF_06/2014","CHP",0.01,null,{"$f":"E5776*F5776","v":0}]
["COMPOSICAO",7049,"ROLO COMPACTADOR PE DE CARNEIRO VIBRATORIO, POTENCIA 125 HP, PESO OPERACIONAL SEM/COM LASTRO 11,95 / 13,30 T, IMPACTO DINAMICO 38,5 / 22,5 T, LARGURA DE TRABALHO 2,15 M - CHP DIURNO. AF_06/2014","CHP",0.01,null,0]
["COMPOSICAO",88316,"SERVENTE COM ENCARGOS COMPLEMENTARES","H",0.03,null,0]
["COMPOSICAO",89035,"TRATOR DE PNEUS, POTÊNCIA 85 CV, TRAÇÃO 4X4, PESO COM LASTRO DE 4.675 KG - CHP DIURNO. AF_06/2014","CHP",0.01,null,0]
[null,null,null,null,null,null,0]
[null,null,null,null,null,null,0]
[null,null,null,null,null,null,0]
[null,null,null,null,null,null,0]
[null,null,null,null,null,null,0]
[null,null,null,null,null,null,0]
[null,null,null,null,null,null,0]
[null,null,null,null,null,null,0]
[null,null,null,null,null,null,0]
[null,null,null,null,null,null,0]
[null,null,null,null,null,null,0]
[null,null,null,null,null,null,0]
[null,null,null,null,null,null,0]
[null,null,null,null,null,"TOTAL",{"$f":"SUM(G5773:G5792)","v":0}]
[]
["REFERENCIA","SINAPI/2019",72924]
["CLASSE/TIPO","CÓDIGOS/ SINAPI","DESCRIÇÃO","UND"]
["IFMT 231.08.2020",".231/R","BASE DE SOLO - BRITA (50/50), MISTURA EM USINA, COMPACTACAO 100% PROCTOR MODIFICADO, EXCLUSIVE ESCAVACAO, CARGA E TRANSPORTE","M3","COEFICIENTE","PREÇO UNITÁRIO (R$)","PREÇO TOTAL (R$)"]
["INSUMO",4721,"PEDRA BRITADA N. 1 (9,5 a 19 MM) POSTO PEDREIRA/FORNECEDOR, SEM FRETE","M3",0.73299999999999998,null,{"$f":"E5798*F5798","v":0}]
["COMPOSICAO",5684,"ROLO COMPACTADOR VIBRATÓRIO DE UM CILINDRO AÇO LISO, POTÊNCIA 80 HP, PESO OPERACIONAL MÁXIMO 8,1 T, IMPACTO DINÂMICO 16,15 / 9,5 T, LARGURA DE TRABALHO 1,68 M - CHP DIURNO. AF_06/2014","CHP",1.3313999999999999E-2,null,{"$f":"E5799*F5799","v":0}]
["COMPOSICAO",5932,"MOTONIVELADORA POTÊNCIA BÁSICA LÍQUIDA (PRIMEIRA MARCHA) 125 HP, PESO BRUTO 13032 KG, LARGURA DA LÂMINA DE 3,7 M - CHP DIURNO. AF_06/2014","CHP",2.2396E-3,null,{"$f":"E5800*F5800","v":0}]
["COMPOSICAO",5934,"MOTONIVELADORA POTÊNCIA BÁSICA LÍQUIDA (PRIMEIRA MARCHA) 125 HP, PESO BRUTO 13032 KG, LARGURA DA LÂMINA DE 3,7 M - CHI DIURNO. AF_06/2014","CHI",1.0917E-2,null,{"$f":"E5801*F5801","v":0}]
["COMPOSICAO",5944,"PÁ CARREGADEIRA SOBRE RODAS, POTÊNCIA 197 HP, CAPACIDADE DA CAÇAMBA 2,5 A 3,5 M3, PESO OPERACIONAL 18338 KG - CHP DIURNO. AF_06/2014","CHP",8.7869999999999997E-3,null,0]
["COMPOSICAO",5946,"PÁ CARREGADEIRA SOBRE RODAS, POTÊNCIA 197 HP, CAPACIDADE DA CAÇAMBA 2,5 A 3,5 M3, PESO OPERACIONAL 18338 KG - CHI DIURNO. AF_06/2014","CHI",4.5269999999999998E-3,null,0]
["COMPOSICAO",6879,"ROLO COMPACTADOR DE PNEUS ESTÁTICO, PRESSÃO VARIÁVEL, POTÊNCIA 111 HP, PESO SEM/COM LASTRO 9,5 / 26 T, LARGURA DE TRABALHO 1,90 M - CHP DIURNO. AF_07/2014","CHP",3.1949999999999999E-3,null,0]
["COMPOSICAO",6880,"ROLO COMPACTADOR DE PNEUS ESTÁTICO, PRESSÃO VARIÁVEL, POTÊNCIA 111 HP, PESO SEM/COM LASTRO 9,5 / 26 T, LARGURA DE TRABALHO 1,90 M - CHI DIURNO. AF_07/2014","CHI",1.0118E-2,null,0]
["COMPOSICAO",73417,"GRUPO GERADOR ESTACIONÁRIO, MOTOR DIESEL POTÊNCIA 170 KVA - CHP DIURNO. AF_02/2016","CHP",1.1050000000000001E-2,null,0]
["COMPOSICAO",88316,"SERVENTE COM ENCARGOS COMPLEMENTARES","H",5.3254999999999997E-2,null,0]
["COMPOSICAO",95121,"USINA MISTURADORA DE SOLOS, CAPACIDADE DE 200 A 500 TON/H, POTENCIA 75KW - CHP DIURNO. AF_07/2016","CHP",1.1050000000000001E-2,null,0]
["COMPOSICAO",95122,"USINA MISTURADORA DE SOLOS, CAPACIDADE DE 200 A 500 TON/H, POTENCIA 75KW - CHI DIURNO. AF_07/2016","CHI",2.2629999999999998E-3,null,0]
[null,null,null,null,null,null,0]
[null,null,null,null,null,null,0]
[null,null,null,null,null,null,0]
[null,null,null,null,null,null,0]
[null,null,null,null,null,null,0]
[null,null,null,null,null,null,0]
[null,null,null,null,null,null,0]
[null,null,null,null,null,null,0]
[null,null,null,null,null,"TOTAL",{"$f":"SUM(G5798:G5817)","v":0}]
[]
["REFERENCIA","SINAPI/2019","74106/001"]
["CLASSE/TIPO","CÓDIGOS/ SINAPI","DESCRIÇÃO","UND"]
["IFMT 232.08.2020",".232/R","IMPERMEABILIZACAO DE ESTRUTURAS ENTERRADAS, COM TINTA ASFALTICA, DUAS DEMAOS.","M2","COEFICIENTE","PREÇO UNITÁRIO (R$)","PREÇO TOTAL (R$)"]
["INSUMO",7319,"TINTA ASFALTICA IMPERMEABILIZANTE DISPERSA EM AGUA, PARA MATERIAIS CIMENTICIOS","L",0.4,null,{"$f":"E5823*F5823","v":0}]
["COMPOSICAO",88316,"SERVENTE COM ENCARGOS COMPLEMENTARES","H",0.4,null,{"$f":"E5824*F5824","v":0}]
[null,null,null,null,null,null,{"$f":"E5825*F5825","v":0}]
[null,null,null,null,null,null,{"$f":"E5826*F5826","v":0}]
[null,null,null,null,null,null,0]
[null,null,null,null,null,null,0]
[null,null,null,null,null,null,0]
[null,null,null,null,null,null,0]
[null,null,null,null,null,null,0]
[null,null,null,null,null,null,0]
[null,null,null,null,null,null,0]
[null,null,null,null,null,null,0]
[null,null,null,null,null,null,0]
[null,null,null,null,null,null,0]
[null,null,null,null,null,null,0]
[null,null,null,null,null,null,0]
[null,null,null,null,null,null,0]
[null,null,null,null,null,null,0]
[null,null,null,null,null,null,0]
[null,null,null,null,null,null,0]
[null,null,null,null,null,"TOTAL",{"$f":"SUM(G5823:G5842)","v":0}]
[]
["REFERENCIA","SINAPI/2019","73908/002"]
["CLASSE/TIPO","CÓDIGOS/ SINAPI","DESCRIÇÃO","UND"]
["IFMT 233.08.2020",".233/R","CANTONEIRA DE ALUMINIO 1\"X1\u0094, PARA PROTECAO DE QUINA DE PAREDE","M","COEFICIENTE","PREÇO UNITÁRIO (R$)","PREÇO TOTAL (R$)"]
["INSUMO",586,"CANTONEIRA ALUMINIO ABAS IGUAIS 1 \", E = 3 /16 \"","M",1,null,{"$f":"E5848*F5848","v":0}]
["COMPOSICAO",88256,"AZULEJISTA OU LADRILHISTA COM ENCARGOS COMPLEMENTARES","H",0.6,null,{"$f":"E5849*F5849","v":0}]
["COMPOSICAO",88316,"SERVENTE COM ENCARGOS COMPLEMENTARES","H",0.4,null,{"$f":"E5850*F5850","v":0}]
[null,null,null,null,null,null,{"$f":"E5851*F5851","v":0}]
[null,null,null,null,null,null,0]
[null,null,null,null,null,null,0]
[null,null,null,null,null,null,0]
[null,null,null,null,null,null,0]
[null,null,null,null,null,null,0]
[null,null,null,null,null,null,0]
[null,null,null,null,null,null,0]
[null,null,null,null,null,null,0]
[null,null,null,null,null,null,0]
[null,null,null,null,null,null,0]
[null,null,null,null,null,null,0]
[null,null,null,null,null,null,0]
[null,null,null,null,null,null,0]
[null,null,null,null,null,null,0]
[null,null,null,null,null,null,0]
[null,null,null,null,null,null,0]
[null,null,null,null,null,"TOTAL",{"$f":"SUM(G5848:G5867)","v":0}]
[]
["REFERENCIA","SINAPI/2019",83534]
["CLASSE/TIPO","CÓDIGOS/ SINAPI","DESCRIÇÃO","UND"]
["IFMT 234.08.2020",".234/R","LASTRO DE CONCRETO, PREPARO MECÂNICO, INCLUSOS ADITIVO IMPERMEABILIZANTE, LANÇAMENTO E ADENSAMENTO","M3","COEFICIENTE","PREÇO UNITÁRIO (R$)","PREÇO TOTAL (R$)"]
["INSUMO",7325,"ADITIVO IMPERMEABILIZANTE DE PEGA NORMAL PARA ARGAMASSAS E  CONCRETOS SEM ARMACAO","KG",20,null,{"$f":"E5873*F5873","v":0}]
["COMPOSICAO",88309,"PEDREIRO COM ENCARGOS COMPLEMENTARES","H",2,null,{"$f":"E5874*F5874","v":0}]
["COMPOSICAO",88316,"SERVENTE COM ENCARGOS COMPLEMENTARES","H",6,null,{"$f":"E5875*F5875","v":0}]
["COMPOSICAO",94962,"CONCRETO MAGRO PARA LASTRO, TRAÇO 1:4,5:4,5 (CIMENTO/ AREIA MÉDIA/ BRITA 1)  - PREPARO MECÂNICO COM BETONEIRA 400 L. AF_07/2016","M3",1,null,{"$f":"E5876*F5876","v":0}]
[null,null,null,null,null,null,0]
[null,null,null,null,null,null,0]
[null,null,null,null,null,null,0]
[null,null,null,null,null,null,0]
[null,null,null,null,null,null,0]
[null,null,null,null,null,null,0]
[null,null,null,null,null,null,0]
[null,null,null,null,null,null,0]
[null,null,null,null,null,null,0]
[null,null,null,null,null,null,0]
[null,null,null,null,null,null,0]
[null,null,null,null,null,null,0]
[null,null,null,null,null,null,0]
[null,null,null,null,null,null,0]
[null,null,null,null,null,null,0]
[null,null,null,null,null,null,0]
[null,null,null,null,null,"TOTAL",{"$f":"SUM(G5873:G5892)","v":0}]
[]
["REFERENCIA","SINAPI/2019",72137]
["CLASSE/TIPO","CÓDIGOS/ SINAPI","DESCRIÇÃO","UND"]
["IFMT 235.08.2020",".235/R","PISO INDUSTRIAL ALTA RESISTENCIA, ESPESSURA 12MM, INCLUSO JUNTAS DE DILATACAO PLASTICAS E POLIMENTO MECANIZADO","M2","COEFICIENTE","PREÇO UNITÁRIO (R$)","PREÇO TOTAL (R$)"]
["INSUMO",1379,"CIMENTO PORTLAND COMPOSTO CP II-32","KG",12,null,{"$f":"E5898*F5898","v":0}]
["INSUMO",3671,"JUNTA PLASTICA DE DILATACAO PARA PISOS, COR CINZA, 17 X 3 MM (ALTURA X ESPESSURA)","M",2,null,{"$f":"E5899*F5899","v":0}]
["INSUMO",4824,"GRANILHA/ GRANA/ PEDRISCO OU AGREGADO EM MARMORE/ GRANITO/ QUARTZO E CALCARIO, PRETO, CINZA, PALHA OU BRANCO","KG",22,null,{"$f":"E5900*F5900","v":0}]
["INSUMO",7353,"RESINA ACRILICA BASE AGUA - COR BRANCA","L",0.21176,null,{"$f":"E5901*F5901","v":0}]
["COMPOSICAO",88309,"PEDREIRO COM ENCARGOS COMPLEMENTARES","H",0.7,null,0]
["COMPOSICAO",88316,"SERVENTE COM ENCARGOS COMPLEMENTARES","H",3.37,null,0]
["COMPOSICAO",95276,"POLIDORA DE PISO (POLITRIZ), PESO DE 100KG, DIÂMETRO 450 MM, MOTOR ELÉTRICO, POTÊNCIA 4 HP - CHP DIURNO. AF_09/2016","CHP",2,null,0]
[null,null,null,null,null,null,0]
[null,null,null,null,null,null,0]
[null,null,null,null,null,null,0]
[null,null,null,null,null,null,0]
[null,null,null,null,null,null,0]
[null,null,null,null,null,null,0]
[null,null,null,null,null,null,0]
[null,null,null,null,null,null,0]
[null,null,null,null,null,null,0]
[null,null,null,null,null,null,0]
[null,null,null,null,null,null,0]
[null,null,null,null,null,null,0]
[null,null,null,null,null,null,0]
[null,null,null,null,null,"TOTAL",{"$f":"SUM(G5898:G5917)","v":0}]
[]
["REFERENCIA","SINAPI/2019",72294]
["CLASSE/TIPO","CÓDIGOS/ SINAPI","DESCRIÇÃO","UND"]
["IFMT 236.08.2020",".236/R","CAP PVC ESGOTO 75MM (TAMPÃO) - FORNECIMENTO E INSTALAÇÃO","UN","COEFICIENTE","PREÇO UNITÁRIO (R$)","PREÇO TOTAL (R$)"]
["INSUMO",122,"ADESIVO PLASTICO PARA PVC, FRASCO COM 850 GR","UN",1.2E-2,null,{"$f":"E5923*F5923","v":0}]
["INSUMO",12910,"CAP PVC, SOLDAVEL, DN 75 MM, SERIE NORMAL, PARA ESGOTO PREDIAL","UN",1,null,{"$f":"E5924*F5924","v":0}]
["INSUMO",20083,"SOLUCAO LIMPADORA PARA PVC, FRASCO COM 1000 CM3","UN",0.01,null,{"$f":"E5925*F5925","v":0}]
["COMPOSICAO",88267,"ENCANADOR OU BOMBEIRO HIDRÁULICO COM ENCARGOS COMPLEMENTARES","H",0.08,null,{"$f":"E5926*F5926","v":0}]
["COMPOSICAO",88316,"SERVENTE COM ENCARGOS COMPLEMENTARES","H",0.08,null,0]
[null,null,null,null,null,null,0]
[null,null,null,null,null,null,0]
[null,null,null,null,null,null,0]
[null,null,null,null,null,null,0]
[null,null,null,null,null,null,0]
[null,null,null,null,null,null,0]
[null,null,null,null,null,null,0]
[null,null,null,null,null,null,0]
[null,null,null,null,null,null,0]
[null,null,null,null,null,null,0]
[null,null,null,null,null,null,0]
[null,null,null,null,null,null,0]
[null,null,null,null,null,null,0]
[null,null,null,null,null,null,0]
[null,null,null,null,null,null,0]
[null,null,null,null,null,"TOTAL",{"$f":"SUM(G5923:G5942)","v":0}]
[]
["REFERENCIA","SINAPI/2019","73873/002"]
["CLASSE/TIPO","CÓDIGOS/ SINAPI","DESCRIÇÃO","UND"]
["IFMT 237.08.2020",".237/R","LEITO FILTRANTE - FORN.E ENCHIMENTO C/ BRITA NO. 4","M3","COEFICIENTE","PREÇO UNITÁRIO (R$)","PREÇO TOTAL (R$)"]
["INSUMO",4723,"PEDRA BRITADA N. 4 (50 A 76 MM) POSTO PEDREIRA/FORNECEDOR, SEM FRETE","M3",1.05,null,{"$f":"E5948*F5948","v":0}]
["COMPOSICAO",88309,"PEDREIRO COM ENCARGOS COMPLEMENTARES","H",2.5,null,{"$f":"E5949*F5949","v":0}]
["COMPOSICAO",88316,"SERVENTE COM ENCARGOS COMPLEMENTARES","H",2.5,null,{"$f":"E5950*F5950","v":0}]
[null,null,null,null,null,null,{"$f":"E5951*F5951","v":0}]
[null,null,null,null,null,null,0]
[null,null,null,null,null,null,0]
[null,null,null,null,null,null,0]
[null,null,null,null,null,null,0]
[null,null,null,null,null,null,0]
[null,null,null,null,null,null,0]
[null,null,null,null,null,null,0]
[null,null,null,null,null,null,0]
[null,null,null,null,null,null,0]
[null,null,null,null,null,null,0]
[null,null,null,null,null,null,0]
[null,null,null,null,null,null,0]
[null,null,null,null,null,null,0]
[null,null,null,null,null,null,0]
[null,null,null,null,null,null,0]
[null,null,null,null,null,null,0]
[null,null,null,null,null,"TOTAL",{"$f":"SUM(G5948:G5967)","v":0}]
[]
["REFERENCIA","SINAPI/2019",72295]
["CLASSE/TIPO","CÓDIGOS/ SINAPI","DESCRIÇÃO","UND"]
["IFMT 238.08.2020",".238/R","CAP PVC ESGOTO 100MM (TAMPÃO) - FORNECIMENTO E INSTALAÇÃO","UN","COEFICIENTE","PREÇO UNITÁRIO (R$)","PREÇO TOTAL (R$)"]
["INSUMO",122,"ADESIVO PLASTICO PARA PVC, FRASCO COM 850 GR","UN",0.02,null,{"$f":"E5973*F5973","v":0}]
["INSUMO",1200,"CAP PVC, SOLDAVEL, DN 100 MM, SERIE NORMAL, PARA ESGOTO PREDIAL","UN",1,null,{"$f":"E5974*F5974","v":0}]
["INSUMO",20083,"SOLUCAO LIMPADORA PARA PVC, FRASCO COM 1000 CM3","UN",1.4999999999999999E-2,null,{"$f":"E5975*F5975","v":0}]
["COMPOSICAO",88267,"ENCANADOR OU BOMBEIRO HIDRÁULICO COM ENCARGOS COMPLEMENTARES","H",0.11,null,{"$f":"E5976*F5976","v":0}]
["COMPOSICAO",88316,"SERVENTE COM ENCARGOS COMPLEMENTARES","H",0.11,null,0]
[null,null,null,null,null,null,0]
[null,null,null,null,null,null,0]
[null,null,null,null,null,null,0]
[null,null,null,null,null,null,0]
[null,null,null,null,null,null,0]
[null,null,null,null,null,null,0]
[null,null,null,null,null,null,0]
[null,null,null,null,null,null,0]
[null,null,null,null,null,null,0]
[null,null,null,null,null,null,0]
[null,null,null,null,null,null,0]
[null,null,null,null,null,null,0]
[null,null,null,null,null,null,0]
[null,null,null,null,null,null,0]
[null,null,null,null,null,null,0]
[null,null,null,null,null,"TOTAL",{"$f":"SUM(G5973:G5992)","v":0}]
[]
["REFERENCIA","SINAPI/2019","72263"]
["CLASSE/TIPO","CÓDIGOS/ SINAPI","DESCRIÇÃO","UND"]
["IFMT 239.08.2020",".239/R","TERMINAL OU CONECTOR DE PRESSAO - PARA CABO 50MM2 - FORNECIMENTO E INSTALACAO","UN","COEFICIENTE","PREÇO UNITÁRIO (R$)","PREÇO TOTAL (R$)"]
["INSUMO",1588,"TERMINAL METALICO A PRESSAO PARA 1 CABO DE 50 MM2, COM 1 FURO DE FIXACAO","UN",1,null,{"$f":"E5998*F5998","v":0}]
["COMPOSICAO",88247,"AUXILIAR DE ELETRICISTA COM ENCARGOS COMPLEMENTARES","H",0.4,null,{"$f":"E5999*F5999","v":0}]
["COMPOSICAO",88264,"ELETRICISTA COM ENCARGOS COMPLEMENTARES","H",0.4,null,{"$f":"E6000*F6000","v":0}]
[null,null,null,null,null,null,{"$f":"E6001*F6001","v":0}]
[null,null,null,null,null,null,0]
[null,null,null,null,null,null,0]
[null,null,null,null,null,null,0]
[null,null,null,null,null,null,0]
[null,null,null,null,null,null,0]
[null,null,null,null,null,null,0]
[null,null,null,null,null,null,0]
[null,null,null,null,null,null,0]
[null,null,null,null,null,null,0]
[null,null,null,null,null,null,0]
[null,null,null,null,null,null,0]
[null,null,null,null,null,null,0]
[null,null,null,null,null,null,0]
[null,null,null,null,null,null,0]
[null,null,null,null,null,null,0]
[null,null,null,null,null,null,0]
[null,null,null,null,null,"TOTAL",{"$f":"SUM(G5998:G6017)","v":0}]
[]
["REFERENCIA","SINAPI/2020",90375]
["CLASSE/TIPO","CÓDIGOS/ SINAPI","DESCRIÇÃO","UND"]
["IFMT 240.08.2020",".240/R","BUCHA DE REDUCAO DE PVC, SOLDAVEL, CURTA, COM 75 X 60 MM, PARA AGUA FRIA PREDIAL - FORNECIMENTO E INSTALAÇÃO","UN","COEFICIENTE","PREÇO UNITÁRIO (R$)","PREÇO TOTAL (R$)"]
["INSUMO",122,"ADESIVO PLASTICO PARA PVC, FRASCO COM 850 GR","UN",8.9999999999999993E-3,null,{"$f":"E6023*F6023","v":0}]
["INSUMO",823,"BUCHA DE REDUCAO DE PVC, SOLDAVEL, CURTA, COM 75 X 60 MM, PARA AGUA FRIA PREDIAL","UN",1,null,{"$f":"E6024*F6024","v":0}]
["INSUMO",20083,"SOLUCAO LIMPADORA PARA PVC, FRASCO COM 1000 CM3","UN",1.0999999999999999E-2,null,{"$f":"E6025*F6025","v":0}]
["INSUMO",38383,"LIXA D'AGUA EM FOLHA, GRAO 100","UN",0.06,null,{"$f":"E6026*F6026","v":0}]
["COMPOSICAO",88248,"AUXILIAR DE ENCANADOR OU BOMBEIRO HIDRÁULICO COM ENCARGOS COMPLEMENTARES","H",0.11899999999999999,null,0]
["COMPOSICAO",88267,"ENCANADOR OU BOMBEIRO HIDRÁULICO COM ENCARGOS COMPLEMENTARES","H",0.11899999999999999,null,0]
[null,null,null,null,null,null,0]
[null,null,null,null,null,null,0]
[null,null,null,null,null,null,0]
[null,null,null,null,null,null,0]
[null,null,null,null,null,null,0]
[null,null,null,null,null,null,0]
[null,null,null,null,null,null,0]
[null,null,null,null,null,null,0]
[null,null,null,null,null,null,0]
[null,null,null,null,null,null,0]
[null,null,null,null,null,null,0]
[null,null,null,null,null,null,0]
[null,null,null,null,null,null,0]
[null,null,null,null,null,null,0]
[null,null,null,null,null,"TOTAL",{"$f":"SUM(G6023:G6042)","v":0}]
[]
["REFERENCIA","SINAPI/2015",72185]
["CLASSE/TIPO","CÓDIGOS/ SINAPI","DESCRIÇÃO","UND"]
["IFMT 241.08.2020",".241/R","PISO VINILICO SEMIFLEXIVEL PADRAO LISO, ESPESSURA 2MM, FIXADO COM COLA","M2","COEFICIENTE","PREÇO UNITÁRIO (R$)","PREÇO TOTAL (R$)"]
["COMPOSICAO",88309,"PEDREIRO COM ENCARGOS COMPLEMENTARES","H",0.17,null,{"$f":"E6048*F6048","v":0}]
["COMPOSICAO",88316,"SERVENTE COM ENCARGOS COMPLEMENTARES","H",0.17,null,{"$f":"E6049*F6049","v":0}]
["INSUMO",4790,"PISO VINILICO EM PLACAS DE *30 X 30* CM, E = 2 MM (SEM COLOCACAO)","M2",1.05,null,{"$f":"E6050*F6050","v":0}]
["INSUMO",4791,"COLA CONTATO P/ CHAPA VINÍLICA/BORRACHA","KG",0.14000000000000001,null,{"$f":"E6051*F6051","v":0}]
[null,null,null,null,null,null,0]
[null,null,null,null,null,null,0]
[null,null,null,null,null,null,0]
[null,null,null,null,null,null,0]
[null,null,null,null,null,null,0]
[null,null,null,null,null,null,0]
[null,null,null,null,null,null,0]
[null,null,null,null,null,null,0]
[null,null,null,null,null,null,0]
[null,null,null,null,null,null,0]
[null,null,null,null,null,null,0]
[null,null,null,null,null,null,0]
[null,null,null,null,null,null,0]
[null,null,null,null,null,null,0]
[null,null,null,null,null,null,0]
[null,null,null,null,null,null,0]
[null,null,null,null,null,"TOTAL",{"$f":"SUM(G6048:G6067)","v":0}]
[]
["REFERENCIA","SINAPI/2020",93567]
["CLASSE/TIPO","CÓDIGOS/ SINAPI","DESCRIÇÃO","UND"]
["IFMT 242.08.2020",".242/R","ENGENHEIRO ELETRICISTA COM ENCARGOS COMPLEMENTARES","MES","COEFICIENTE","PREÇO UNITÁRIO (R$)","PREÇO TOTAL (R$)"]
["INSUMO",40939,"ENGENHEIRO ELETRICISTA (MENSALISTA)","MES",1,null,{"$f":"E6073*F6073","v":0}]
["INSUMO",40863,"EXAMES - MENSALISTA (COLETADO CAIXA)","MES",1,null,{"$f":"E6074*F6074","v":0}]
["INSUMO",40864,"SEGURO - MENSALISTA (COLETADO CAIXA)","MES",1,null,{"$f":"E6075*F6075","v":0}]
["INSUMO",43472,"FERRAMENTAS - FAMILIA ELETRICISTA - MENSALISTA (ENCARGOS COMPLEMENTARES - COLETADO CAIXA)","MES",1,null,{"$f":"E6076*F6076","v":0}]
["INSUMO",43496,"EPI - FAMILIA ELETRICISTA - MENSALISTA (ENCARGOS COMPLEMENTARES - COLETADO","MES",1,null,0]
["COMPOSICAO",95417,"CURSO DE CAPACITAÇÃO PARA ENGENHEIRO CIVIL DE OBRA PLENO (ENCARGOS COMPLEMENTARES) - MENSALISTA","MES",1,null,0]
[null,null,null,null,null,null,0]
[null,null,null,null,null,null,0]
[null,null,null,null,null,null,0]
[null,null,null,null,null,null,0]
[null,null,null,null,null,null,0]
[null,null,null,null,null,null,0]
[null,null,null,null,null,null,0]
[null,null,null,null,null,null,0]
[null,null,null,null,null,null,0]
[null,null,null,null,null,null,0]
[null,null,null,null,null,null,0]
[null,null,null,null,null,null,0]
[null,null,null,null,null,null,0]
[null,null,null,null,null,null,0]
[null,null,null,null,null,"TOTAL",{"$f":"SUM(G6073:G6092)","v":0}]
[]
["REFERENCIA","SINAPI/2019","73822/002"]
["CLASSE/TIPO","CÓDIGOS/ SINAPI","DESCRIÇÃO","UND"]
["IFMT 243.08.2020",".243/R","LIMPEZA MECANIZADA DE TERRENO COM REMOCAO DE CAMADA VEGETAL, UTILIZANDO MOTONIVELADORA","M2","COEFICIENTE","PREÇO UNITÁRIO (R$)","PREÇO TOTAL (R$)"]
["COMPOSICAO",5932,"MOTONIVELADORA POTÊNCIA BÁSICA LÍQUIDA (PRIMEIRA MARCHA) 125 HP, PESO BRUTO 13032 KG, LARGURA DA LÂMINA DE 3,7 M - CHP DIURNO. AF_06/2014","CHP",3.0000000000000001E-3,null,{"$f":"E6098*F6098","v":0}]
["COMPOSICAO",88316,"SERVENTE COM ENCARGOS COMPLEMENTARES","H",3.0000000000000001E-3,null,{"$f":"E6099*F6099","v":0}]
[null,null,null,null,null,null,{"$f":"E6100*F6100","v":0}]
[null,null,null,null,null,null,{"$f":"E6101*F6101","v":0}]
[null,null,null,null,null,null,0]
[null,null,null,null,null,null,0]
[null,null,null,null,null,null,0]
[null,null,null,null,null,null,0]
[null,null,null,null,null,null,0]
[null,null,null,null,null,null,0]
[null,null,null,null,null,null,0]
[null,null,null,null,null,null,0]
[null,null,null,null,null,null,0]
[null,null,null,null,null,null,0]
[null,null,null,null,null,null,0]
[null,null,null,null,null,null,0]
[null,null,null,null,null,null,0]
[null,null,null,null,null,null,0]
[null,null,null,null,null,null,0]
[null,null,null,null,null,null,0]
[null,null,null,null,null,"TOTAL",{"$f":"SUM(G6098:G6117)","v":0}]
[]
[]
["CLASSE/TIPO","CÓDIGOS/ SINAPI","DESCRIÇÃO","UND"]
["IFMT 244.08.2020",".244/R","ELABORAÇÃO DE PROJETO \"AS BUILT\" ARQUITETÔNICO E COMPLEMENTARES, EXCLUSIVE ELÉTRICO, E REGULAIZAÇÃO PERANTE A PREFEITURA","M2","COEFICIENTE","PREÇO UNITÁRIO (R$)","PREÇO TOTAL (R$)"]
["COMPOSIÇÃO",100305,"ENGENHEIRO CIVIL JUNIOR COM ENCARGOS COMPLEMENTARES","H",5.2999999999999999E-2,null,{"$f":"E6123*F6123","v":0}]
["COMPOSIÇÃO",90773,"DESENHISTA COPISTA COM ENCARGOS COMPLEMENTARES","H",4.4999999999999998E-2,null,{"$f":"E6124*F6124","v":0}]
[null,null,null,null,null,null,{"$f":"E6125*F6125","v":0}]
[null,null,null,null,null,null,{"$f":"E6126*F6126","v":0}]
[null,null,null,null,null,null,0]
[null,null,null,null,null,null,0]
[null,null,null,null,null,null,0]
[null,null,null,null,null,null,0]
[null,null,null,null,null,null,0]
[null,null,null,null,null,null,0]
[null,null,null,null,null,null,0]
[null,null,null,null,null,null,0]
[null,null,null,null,null,null,0]
[null,null,null,null,null,null,0]
[null,null,null,null,null,null,0]
[null,null,null,null,null,null,0]
[null,null,null,null,null,null,0]
[null,null,null,null,null,null,0]
[null,null,null,null,null,null,0]
[null,null,null,null,null,null,0]
[null,null,null,null,null,"TOTAL",{"$f":"SUM(G6123:G6142)","v":0}]
[]
[]
["CLASSE/TIPO","CÓDIGOS/ SINAPI","DESCRIÇÃO","UND"]
["IFMT 245.08.2020",".245/R","ELABORAÇÃO DE PROJETO \"AS BUILT\" ELÉTRICO E REGULAIZAÇÃO PERANTE AS CONCESSIONÁRIAS","M2","COEFICIENTE","PREÇO UNITÁRIO (R$)","PREÇO TOTAL (R$)"]
["COMPOSIÇÃO",91677,"ENGENHEIRO ELETRICISTA COM ENCARGOS COMPLEMENTARES","H",5.2999999999999999E-2,null,{"$f":"E6148*F6148","v":0}]
["COMPOSIÇÃO",90773,"DESENHISTA COPISTA COM ENCARGOS COMPLEMENTARES","H",4.4999999999999998E-2,null,{"$f":"E6149*F6149","v":0}]
[null,null,null,null,null,null,{"$f":"E6150*F6150","v":0}]
[null,null,null,null,null,null,{"$f":"E6151*F6151","v":0}]
[null,null,null,null,null,null,0]
[null,null,null,null,null,null,0]
[null,null,null,null,null,null,0]
[null,null,null,null,null,null,0]
[null,null,null,null,null,null,0]
[null,null,null,null,null,null,0]
[null,null,null,null,null,null,0]
[null,null,null,null,null,null,0]
[null,null,null,null,null,null,0]
[null,null,null,null,null,null,0]
[null,null,null,null,null,null,0]
[null,null,null,null,null,null,0]
[null,null,null,null,null,null,0]
[null,null,null,null,null,null,0]
[null,null,null,null,null,null,0]
[null,null,null,null,null,null,0]
[null,null,null,null,null,"TOTAL",{"$f":"SUM(G6148:G6167)","v":0}]
[]
[]
["CLASSE/TIPO","CÓDIGOS/ SINAPI","DESCRIÇÃO","UND"]
["IFMT 246.08.2020",".246/R","ELABORAÇÃO DE PROJETO \"AS BUILT\" DE SEGURANÇA DO TRABALHO E REGULAIZAÇÃO PERANTE O CORPO DE BOMBEIRO","M2","COEFICIENTE","PREÇO UNITÁRIO (R$)","PREÇO TOTAL (R$)"]
["COMPOSIÇÃO",100305,"ENGENHEIRO CIVIL JUNIOR COM ENCARGOS COMPLEMENTARES","H",5.2999999999999999E-2,null,{"$f":"E6173*F6173","v":0}]
["COMPOSIÇÃO",90773,"DESENHISTA COPISTA COM ENCARGOS COMPLEMENTARES","H",4.4999999999999998E-2,null,{"$f":"E6174*F6174","v":0}]
[null,null,null,null,null,null,{"$f":"E6175*F6175","v":0}]
[null,null,null,null,null,null,{"$f":"E6176*F6176","v":0}]
[null,null,null,null,null,null,0]
[null,null,null,null,null,null,0]
[null,null,null,null,null,null,0]
[null,null,null,null,null,null,0]
[null,null,null,null,null,null,0]
[null,null,null,null,null,null,0]
[null,null,null,null,null,null,0]
[null,null,null,null,null,null,0]
[null,null,null,null,null,null,0]
[null,null,null,null,null,null,0]
[null,null,null,null,null,null,0]
[null,null,null,null,null,null,0]
[null,null,null,null,null,null,0]
[null,null,null,null,null,null,0]
[null,null,null,null,null,null,0]
[null,null,null,null,null,null,0]
[null,null,null,null,null,"TOTAL",{"$f":"SUM(G6173:G6192)","v":0}]
[]
[]
["CLASSE/TIPO","CÓDIGOS/ SINAPI","DESCRIÇÃO","UND"]
["IFMT 247.08.2020",".247/R","PLANTIO DE GRAMA EM PLACAS COM TERRA PRETA","M2","COEFICIENTE","PREÇO UNITÁRIO (R$)","PREÇO TOTAL (R$)"]
["INSUMO",3324,"GRAMA BATATAIS EM PLACAS, SEM PLANTIO","M2",1,null,{"$f":"E6198*F6198","v":0}]
["COMPOSICAO",88316,"SERVENTE COM ENCARGOS COMPLEMENTARES","H",0.15640000000000001,null,{"$f":"E6199*F6199","v":0}]
["COMPOSICAO",88441,"JARDINEIRO COM ENCARGOS COMPLEMENTARES","H",3.9100000000000003E-2,null,{"$f":"E6200*F6200","v":0}]
["INSUMO",7253,"TERRA VEGETAL (GRANEL)","M3",0.05,null,{"$f":"E6201*F6201","v":0}]
[null,null,null,null,null,null,0]
[null,null,null,null,null,null,0]
[null,null,null,null,null,null,0]
[null,null,null,null,null,null,0]
[null,null,null,null,null,null,0]
[null,null,null,null,null,null,0]
[null,null,null,null,null,null,0]
[null,null,null,null,null,null,0]
[null,null,null,null,null,null,0]
[null,null,null,null,null,null,0]
[null,null,null,null,null,null,0]
[null,null,null,null,null,null,0]
[null,null,null,null,null,null,0]
[null,null,null,null,null,null,0]
[null,null,null,null,null,null,0]
[null,null,null,null,null,null,0]
[null,null,null,null,null,"TOTAL",{"$f":"SUM(G6198:G6217)","v":0}]
[]
["REFERENCIA","SINAPI/2019",94574]
["CLASSE/TIPO","CÓDIGOS/ SINAPI","DESCRIÇÃO","UND"]
["IFMT 248.08.2020",".248/R","JANELA DE ALUMÍNIO DE CORRER, 6 FOLHAS, FIXAÇÃO COM PARAFUSO SOBRE CONTRAMARCO (EXCLUSIVE CONTRAMARCO), COM VIDROS, PADRONIZADA","M2","COEFICIENTE","PREÇO UNITÁRIO (R$)","PREÇO TOTAL (R$)"]
["INSUMO",4377,"PARAFUSO DE ACO ZINCADO COM ROSCA SOBERBA, CABECA CHATA E FENDA SIMPLES, DIAMETRO 4,2 MM, COMPRIMENTO * 32 * MM","UN",7.3,null,{"$f":"E6223*F6223","v":0}]
["INSUMO",34372,"JANELA DE CORRER EM ALUMINIO, VENEZIANA, 120 X 150 CM (A X L), 6 FLS (4 VENEZIANAS E 2 VIDROS), SEM BANDEIRA, ACABAMENTO ACET OU BRILHANTE, BATENTE/REQUADRO DE 6 A 14 CM, COM VIDRO, SEM GUARNICAO/ALIZAR","UN",0.55600000000000005,null,{"$f":"E6224*F6224","v":0}]
["INSUMO",39961,"SILICONE ACETICO USO GERAL INCOLOR 280 G","UN",0.56000000000000005,null,{"$f":"E6225*F6225","v":0}]
["COMPOSICAO",88309,"PEDREIRO COM ENCARGOS COMPLEMENTARES","H",1.1200000000000001,null,{"$f":"E6226*F6226","v":0}]
["COMPOSICAO",88316,"SERVENTE COM ENCARGOS COMPLEMENTARES","H",0.56000000000000005,null,0]
[null,null,null,null,null,null,0]
[null,null,null,null,null,null,0]
[null,null,null,null,null,null,0]
[null,null,null,null,null,null,0]
[null,null,null,null,null,null,0]
[null,null,null,null,null,null,0]
[null,null,null,null,null,null,0]
[null,null,null,null,null,null,0]
[null,null,null,null,null,null,0]
[null,null,null,null,null,null,0]
[null,null,null,null,null,null,0]
[null,null,null,null,null,null,0]
[null,null,null,null,null,null,0]
[null,null,null,null,null,null,0]
[null,null,null,null,null,null,0]
[null,null,null,null,null,"TOTAL",{"$f":"SUM(G6223:G6242)","v":0}]
[]
[]
["CLASSE/TIPO","CÓDIGOS/ SINAPI","DESCRIÇÃO","UND"]
["IFMT 249.09.2020",".01/L","PINTURA ESMALTE ALTO BRILHO, DUAS DEMAOS, SOBRE SUPERFICIE METALICA","M2","COEFICIENTE","PREÇO UNITÁRIO (R$)","PREÇO TOTAL (R$)"]
["INSUMO",3768,null,null,0.6,null,{"$f":"E6248*F6248","v":0}]
["INSUMO",5318,null,null,7.0000000000000007E-2,null,{"$f":"E6249*F6249","v":0}]
["INSUMO",7292,null,null,0.16,null,{"$f":"E6250*F6250","v":0}]
["COMPOSICAO",88310,null,null,0.5,null,{"$f":"E6251*F6251","v":0}]
["COMPOSICAO",88316,null,null,0.5,null,0]
[null,null,null,null,null,null,0]
[null,null,null,null,null,null,0]
[null,null,null,null,null,null,0]
[null,null,null,null,null,null,0]
[null,null,null,null,null,null,0]
[null,null,null,null,null,null,0]
[null,null,null,null,null,null,0]
[null,null,null,null,null,null,0]
[null,null,null,null,null,null,0]
[null,null,null,null,null,null,0]
[null,null,null,null,null,null,0]
[null,null,null,null,null,null,0]
[null,null,null,null,null,null,0]
[null,null,null,null,null,null,0]
[null,null,null,null,null,null,0]
[null,null,null,null,null,"TOTAL",{"$f":"SUM(G6248:G6267)","v":0}]
[]
[]
["CLASSE/TIPO","CÓDIGOS/ SINAPI","DESCRIÇÃO","UND"]
[null,null,null,null,"COEFICIENTE","PREÇO UNITÁRIO (R$)","PREÇO TOTAL (R$)"]
[null,null,null,null,null,null,{"$f":"E6273*F6273","v":0}]
[null,null,null,null,null,null,{"$f":"E6274*F6274","v":0}]
[null,null,null,null,null,null,{"$f":"E6275*F6275","v":0}]
[null,null,null,null,null,null,{"$f":"E6276*F6276","v":0}]
[null,null,null,null,null,null,0]
[null,null,null,null,null,null,0]
[null,null,null,null,null,null,0]
[null,null,null,null,null,null,0]
[null,null,null,null,null,null,0]
[null,null,null,null,null,null,0]
[null,null,null,null,null,null,0]
[null,null,null,null,null,null,0]
[null,null,null,null,null,null,0]
[null,null,null,null,null,null,0]
[null,null,null,null,null,null,0]
[null,null,null,null,null,null,0]
[null,null,null,null,null,null,0]
[null,null,null,null,null,null,0]
[null,null,null,null,null,null,0]
[null,null,null,null,null,null,0]
[null,null,null,null,null,"TOTAL",{"$f":"SUM(G6273:G6292)","v":0}]
[]
[]
["CLASSE/TIPO","CÓDIGOS/ SINAPI","DESCRIÇÃO","UND"]
[null,null,null,null,"COEFICIENTE","PREÇO UNITÁRIO (R$)","PREÇO TOTAL (R$)"]
[null,null,null,null,null,null,{"$f":"E6298*F6298","v":0}]
[null,null,null,null,null,null,{"$f":"E6299*F6299","v":0}]
[null,null,null,null,null,null,{"$f":"E6300*F6300","v":0}]
[null,null,null,null,null,null,{"$f":"E6301*F6301","v":0}]
[null,null,null,null,null,null,0]
[null,null,null,null,null,null,0]
[null,null,null,null,null,null,0]
[null,null,null,null,null,null,0]
[null,null,null,null,null,null,0]
[null,null,null,null,null,null,0]
[null,null,null,null,null,null,0]
[null,null,null,null,null,null,0]
[null,null,null,null,null,null,0]
[null,null,null,null,null,null,0]
[null,null,null,null,null,null,0]
[null,null,null,null,null,null,0]
[null,null,null,null,null,null,0]
[null,null,null,null,null,null,0]
[null,null,null,null,null,null,0]
[null,null,null,null,null,null,0]
[null,null,null,null,null,"TOTAL",{"$f":"SUM(G6298:G6317)","v":0}]
[]
[]
["CLASSE/TIPO","CÓDIGOS/ SINAPI","DESCRIÇÃO","UND"]
[null,null,null,null,"COEFICIENTE","PREÇO UNITÁRIO (R$)","PREÇO TOTAL (R$)"]
[null,null,null,null,null,null,{"$f":"E6323*F6323","v":0}]
[null,null,null,null,null,null,{"$f":"E6324*F6324","v":0}]
[null,null,null,null,null,null,{"$f":"E6325*F6325","v":0}]
[null,null,null,null,null,null,{"$f":"E6326*F6326","v":0}]
[null,null,null,null,null,null,0]
[null,null,null,null,null,null,0]
[null,null,null,null,null,null,0]
[null,null,null,null,null,null,0]
[null,null,null,null,null,null,0]
[null,null,null,null,null,null,0]
[null,null,null,null,null,null,0]
[null,null,null,null,null,null,0]
[null,null,null,null,null,null,0]
[null,null,null,null,null,null,0]
[null,null,null,null,null,null,0]
[null,null,null,null,null,null,0]
[null,null,null,null,null,null,0]
[null,null,null,null,null,null,0]
[null,null,null,null,null,null,0]
[null,null,null,null,null,null,0]
[null,null,null,null,null,"TOTAL",{"$f":"SUM(G6323:G6342)","v":0}]
[]
[]
["CLASSE/TIPO","CÓDIGOS/ SINAPI","DESCRIÇÃO","UND"]
[null,null,null,null,"COEFICIENTE","PREÇO UNITÁRIO (R$)","PREÇO TOTAL (R$)"]
[null,null,null,null,null,null,{"$f":"E6348*F6348","v":0}]
[null,null,null,null,null,null,{"$f":"E6349*F6349","v":0}]
[null,null,null,null,null,null,{"$f":"E6350*F6350","v":0}]
[null,null,null,null,null,null,{"$f":"E6351*F6351","v":0}]
[null,null,null,null,null,null,0]
[null,null,null,null,null,null,0]
[null,null,null,null,null,null,0]
[null,null,null,null,null,null,0]
[null,null,null,null,null,null,0]
[null,null,null,null,null,null,0]
[null,null,null,null,null,null,0]
[null,null,null,null,null,null,0]
[null,null,null,null,null,null,0]
[null,null,null,null,null,null,0]
[null,null,null,null,null,null,0]
[null,null,null,null,null,null,0]
[null,null,null,null,null,null,0]
[null,null,null,null,null,null,0]
[null,null,null,null,null,null,0]
[null,null,null,null,null,null,0]
[null,null,null,null,null,"TOTAL",{"$f":"SUM(G6348:G6367)","v":0}]
[]
[]
["CLASSE/TIPO","CÓDIGOS/ SINAPI","DESCRIÇÃO","UND"]
[null,null,null,null,"COEFICIENTE","PREÇO UNITÁRIO (R$)","PREÇO TOTAL (R$)"]
[null,null,null,null,null,null,{"$f":"E6373*F6373","v":0}]
[null,null,null,null,null,null,{"$f":"E6374*F6374","v":0}]
[null,null,null,null,null,null,{"$f":"E6375*F6375","v":0}]
[null,null,null,null,null,null,{"$f":"E6376*F6376","v":0}]
[null,null,null,null,null,null,0]
[null,null,null,null,null,null,0]
[null,null,null,null,null,null,0]
[null,null,null,null,null,null,0]
[null,null,null,null,null,null,0]
[null,null,null,null,null,null,0]
[null,null,null,null,null,null,0]
[null,null,null,null,null,null,0]
[null,null,null,null,null,null,0]
[null,null,null,null,null,null,0]
[null,null,null,null,null,null,0]
[null,null,null,null,null,null,0]
[null,null,null,null,null,null,0]
[null,null,null,null,null,null,0]
[null,null,null,null,null,null,0]
[null,null,null,null,null,null,0]
[null,null,null,null,null,"TOTAL",{"$f":"SUM(G6373:G6392)","v":0}]
[]
[]
["CLASSE/TIPO","CÓDIGOS/ SINAPI","DESCRIÇÃO","UND"]
[null,null,null,null,"COEFICIENTE","PREÇO UNITÁRIO (R$)","PREÇO TOTAL (R$)"]
[null,null,null,null,null,null,{"$f":"E6398*F6398","v":0}]
[null,null,null,null,null,null,{"$f":"E6399*F6399","v":0}]
[null,null,null,null,null,null,{"$f":"E6400*F6400","v":0}]
[null,null,null,null,null,null,{"$f":"E6401*F6401","v":0}]
[null,null,null,null,null,null,0]
[null,null,null,null,null,null,0]
[null,null,null,null,null,null,0]
[null,null,null,null,null,null,0]
[null,null,null,null,null,null,0]
[null,null,null,null,null,null,0]
[null,null,null,null,null,null,0]
[null,null,null,null,null,null,0]
[null,null,null,null,null,null,0]
[null,null,null,null,null,null,0]
[null,null,null,null,null,null,0]
[null,null,null,null,null,null,0]
[null,null,null,null,null,null,0]
[null,null,null,null,null,null,0]
[null,null,null,null,null,null,0]
[null,null,null,null,null,null,0]
[null,null,null,null,null,"TOTAL",{"$f":"SUM(G6398:G6417)","v":0}]
[]
[]
["CLASSE/TIPO","CÓDIGOS/ SINAPI","DESCRIÇÃO","UND"]
[null,null,null,null,"COEFICIENTE","PREÇO UNITÁRIO (R$)","PREÇO TOTAL (R$)"]
[null,null,null,null,null,null,{"$f":"E6423*F6423","v":0}]
[null,null,null,null,null,null,{"$f":"E6424*F6424","v":0}]
[null,null,null,null,null,null,{"$f":"E6425*F6425","v":0}]
[null,null,null,null,null,null,{"$f":"E6426*F6426","v":0}]
[null,null,null,null,null,null,0]
[null,null,null,null,null,null,0]
[null,null,null,null,null,null,0]
[null,null,null,null,null,null,0]
[null,null,null,null,null,null,0]
[null,null,null,null,null,null,0]
[null,null,null,null,null,null,0]
[null,null,null,null,null,null,0]
[null,null,null,null,null,null,0]
[null,null,null,null,null,null,0]
[null,null,null,null,null,null,0]
[null,null,null,null,null,null,0]
[null,null,null,null,null,null,0]
[null,null,null,null,null,null,0]
[null,null,null,null,null,null,0]
[null,null,null,null,null,null,0]
[null,null,null,null,null,"TOTAL",{"$f":"SUM(G6423:G6442)","v":0}]
[]
[]
["CLASSE/TIPO","CÓDIGOS/ SINAPI","DESCRIÇÃO","UND"]
[null,null,null,null,"COEFICIENTE","PREÇO UNITÁRIO (R$)","PREÇO TOTAL (R$)"]
[null,null,null,null,null,null,{"$f":"E6448*F6448","v":0}]
[null,null,null,null,null,null,{"$f":"E6449*F6449","v":0}]
[null,null,null,null,null,null,{"$f":"E6450*F6450","v":0}]
[null,null,null,null,null,null,{"$f":"E6451*F6451","v":0}]
[null,null,null,null,null,null,0]
[null,null,null,null,null,null,0]
[null,null,null,null,null,null,0]
[null,null,null,null,null,null,0]
[null,null,null,null,null,null,0]
[null,null,null,null,null,null,0]
[null,null,null,null,null,null,0]
[null,null,null,null,null,null,0]
[null,null,null,null,null,null,0]
[null,null,null,null,null,null,0]
[null,null,null,null,null,null,0]
[null,null,null,null,null,null,0]
[null,null,null,null,null,null,0]
[null,null,null,null,null,null,0]
[null,null,null,null,null,null,0]
[null,null,null,null,null,null,0]
[null,null,null,null,null,"TOTAL",{"$f":"SUM(G6448:G6467)","v":0}]
[]
[]
["CLASSE/TIPO","CÓDIGOS/ SINAPI","DESCRIÇÃO","UND"]
[null,null,null,null,"COEFICIENTE","PREÇO UNITÁRIO (R$)","PREÇO TOTAL (R$)"]
[null,null,null,null,null,null,{"$f":"E6473*F6473","v":0}]
[null,null,null,null,null,null,{"$f":"E6474*F6474","v":0}]
[null,null,null,null,null,null,{"$f":"E6475*F6475","v":0}]
[null,null,null,null,null,null,{"$f":"E6476*F6476","v":0}]
[null,null,null,null,null,null,0]
[null,null,null,null,null,null,0]
[null,null,null,null,null,null,0]
[null,null,null,null,null,null,0]
[null,null,null,null,null,null,0]
[null,null,null,null,null,null,0]
[null,null,null,null,null,null,0]
[null,null,null,null,null,null,0]
[null,null,null,null,null,null,0]
[null,null,null,null,null,null,0]
[null,null,null,null,null,null,0]
[null,null,null,null,null,null,0]
[null,null,null,null,null,null,0]
[null,null,null,null,null,null,0]
[null,null,null,null,null,null,0]
[null,null,null,null,null,null,0]
[null,null,null,null,null,"TOTAL",{"$f":"SUM(G6473:G6492)","v":0}]
[]
[]
["CLASSE/TIPO","CÓDIGOS/ SINAPI","DESCRIÇÃO","UND"]
[null,null,null,null,"COEFICIENTE","PREÇO UNITÁRIO (R$)","PREÇO TOTAL (R$)"]
[null,null,null,null,null,null,{"$f":"E6498*F6498","v":0}]
[null,null,null,null,null,null,{"$f":"E6499*F6499","v":0}]
[null,null,null,null,null,null,{"$f":"E6500*F6500","v":0}]
[null,null,null,null,null,null,{"$f":"E6501*F6501","v":0}]
[null,null,null,null,null,null,0]
[null,null,null,null,null,null,0]
[null,null,null,null,null,null,0]
[null,null,null,null,null,null,0]
[null,null,null,null,null,null,0]
[null,null,null,null,null,null,0]
[null,null,null,null,null,null,0]
[null,null,null,null,null,null,0]
[null,null,null,null,null,null,0]
[null,null,null,null,null,null,0]
[null,null,null,null,null,null,0]
[null,null,null,null,null,null,0]
[null,null,null,null,null,null,0]
[null,null,null,null,null,null,0]
[null,null,null,null,null,null,0]
[null,null,null,null,null,null,0]
[null,null,null,null,null,"TOTAL",{"$f":"SUM(G6498:G6517)","v":0}]
[]
[]
["CLASSE/TIPO","CÓDIGOS/ SINAPI","DESCRIÇÃO","UND"]
[null,null,null,null,"COEFICIENTE","PREÇO UNITÁRIO (R$)","PREÇO TOTAL (R$)"]
[null,null,null,null,null,null,{"$f":"E6523*F6523","v":0}]
[null,null,null,null,null,null,{"$f":"E6524*F6524","v":0}]
[null,null,null,null,null,null,{"$f":"E6525*F6525","v":0}]
[null,null,null,null,null,null,{"$f":"E6526*F6526","v":0}]
[null,null,null,null,null,null,0]
[null,null,null,null,null,null,0]
[null,null,null,null,null,null,0]
[null,null,null,null,null,null,0]
[null,null,null,null,null,null,0]
[null,null,null,null,null,null,0]
[null,null,null,null,null,null,0]
[null,null,null,null,null,null,0]
[null,null,null,null,null,null,0]
[null,null,null,null,null,null,0]
[null,null,null,null,null,null,0]
[null,null,null,null,null,null,0]
[null,null,null,null,null,null,0]
[null,null,null,null,null,null,0]
[null,null,null,null,null,null,0]
[null,null,null,null,null,null,0]
[null,null,null,null,null,"TOTAL",{"$f":"SUM(G6523:G6542)","v":0}]
[]
[]
["CLASSE/TIPO","CÓDIGOS/ SINAPI","DESCRIÇÃO","UND"]
[null,null,null,null,"COEFICIENTE","PREÇO UNITÁRIO (R$)","PREÇO TOTAL (R$)"]
[null,null,null,null,null,null,{"$f":"E6548*F6548","v":0}]
[null,null,null,null,null,null,{"$f":"E6549*F6549","v":0}]
[null,null,null,null,null,null,{"$f":"E6550*F6550","v":0}]
[null,null,null,null,null,null,{"$f":"E6551*F6551","v":0}]
[null,null,null,null,null,null,0]
[null,null,null,null,null,null,0]
[null,null,null,null,null,null,0]
[null,null,null,null,null,null,0]
[null,null,null,null,null,null,0]
[null,null,null,null,null,null,0]
[null,null,null,null,null,null,0]
[null,null,null,null,null,null,0]
[null,null,null,null,null,null,0]
[null,null,null,null,null,null,0]
[null,null,null,null,null,null,0]
[null,null,null,null,null,null,0]
[null,null,null,null,null,null,0]
[null,null,null,null,null,null,0]
[null,null,null,null,null,null,0]
[null,null,null,null,null,null,0]
[null,null,null,null,null,"TOTAL",{"$f":"SUM(G6548:G6567)","v":0}]
[]
[]
["CLASSE/TIPO","CÓDIGOS/ SINAPI","DESCRIÇÃO","UND"]
[null,null,null,null,"COEFICIENTE","PREÇO UNITÁRIO (R$)","PREÇO TOTAL (R$)"]
[null,null,null,null,null,null,{"$f":"E6573*F6573","v":0}]
[null,null,null,null,null,null,{"$f":"E6574*F6574","v":0}]
[null,null,null,null,null,null,{"$f":"E6575*F6575","v":0}]
[null,null,null,null,null,null,{"$f":"E6576*F6576","v":0}]
[null,null,null,null,null,null,0]
[null,null,null,null,null,null,0]
[null,null,null,null,null,null,0]
[null,null,null,null,null,null,0]
[null,null,null,null,null,null,0]
[null,null,null,null,null,null,0]
[null,null,null,null,null,null,0]
[null,null,null,null,null,null,0]
[null,null,null,null,null,null,0]
[null,null,null,null,null,null,0]
[null,null,null,null,null,null,0]
[null,null,null,null,null,null,0]
[null,null,null,null,null,null,0]
[null,null,null,null,null,null,0]
[null,null,null,null,null,null,0]
[null,null,null,null,null,null,0]
[null,null,null,null,null,"TOTAL",{"$f":"SUM(G6573:G6592)","v":0}]
[]
[]
["CLASSE/TIPO","CÓDIGOS/ SINAPI","DESCRIÇÃO","UND"]
[null,null,null,null,"COEFICIENTE","PREÇO UNITÁRIO (R$)","PREÇO TOTAL (R$)"]
[null,null,null,null,null,null,{"$f":"E6598*F6598","v":0}]
[null,null,null,null,null,null,{"$f":"E6599*F6599","v":0}]
[null,null,null,null,null,null,{"$f":"E6600*F6600","v":0}]
[null,null,null,null,null,null,{"$f":"E6601*F6601","v":0}]
[null,null,null,null,null,null,0]
[null,null,null,null,null,null,0]
[null,null,null,null,null,null,0]
[null,null,null,null,null,null,0]
[null,null,null,null,null,null,0]
[null,null,null,null,null,null,0]
[null,null,null,null,null,null,0]
[null,null,null,null,null,null,0]
[null,null,null,null,null,null,0]
[null,null,null,null,null,null,0]
[null,null,null,null,null,null,0]
[null,null,null,null,null,null,0]
[null,null,null,null,null,null,0]
[null,null,null,null,null,null,0]
[null,null,null,null,null,null,0]
[null,null,null,null,null,null,0]
[null,null,null,null,null,"TOTAL",{"$f":"SUM(G6598:G6617)","v":0}]
[]
[]
["CLASSE/TIPO","CÓDIGOS/ SINAPI","DESCRIÇÃO","UND"]
[null,null,null,null,"COEFICIENTE","PREÇO UNITÁRIO (R$)","PREÇO TOTAL (R$)"]
[null,null,null,null,null,null,{"$f":"E6623*F6623","v":0}]
[null,null,null,null,null,null,{"$f":"E6624*F6624","v":0}]
[null,null,null,null,null,null,{"$f":"E6625*F6625","v":0}]
[null,null,null,null,null,null,{"$f":"E6626*F6626","v":0}]
[null,null,null,null,null,null,0]
[null,null,null,null,null,null,0]
[null,null,null,null,null,null,0]
[null,null,null,null,null,null,0]
[null,null,null,null,null,null,0]
[null,null,null,null,null,null,0]
[null,null,null,null,null,null,0]
[null,null,null,null,null,null,0]
[null,null,null,null,null,null,0]
[null,null,null,null,null,null,0]
[null,null,null,null,null,null,0]
[null,null,null,null,null,null,0]
[null,null,null,null,null,null,0]
[null,null,null,null,null,null,0]
[null,null,null,null,null,null,0]
[null,null,null,null,null,null,0]
[null,null,null,null,null,"TOTAL",{"$f":"SUM(G6623:G6642)","v":0}]
[]
[]
["CLASSE/TIPO","CÓDIGOS/ SINAPI","DESCRIÇÃO","UND"]
[null,null,null,null,"COEFICIENTE","PREÇO UNITÁRIO (R$)","PREÇO TOTAL (R$)"]
[null,null,null,null,null,null,{"$f":"E6648*F6648","v":0}]
[null,null,null,null,null,null,{"$f":"E6649*F6649","v":0}]
[null,null,null,null,null,null,{"$f":"E6650*F6650","v":0}]
[null,null,null,null,null,null,{"$f":"E6651*F6651","v":0}]
[null,null,null,null,null,null,0]
[null,null,null,null,null,null,0]
[null,null,null,null,null,null,0]
[null,null,null,null,null,null,0]
[null,null,null,null,null,null,0]
[null,null,null,null,null,null,0]
[null,null,null,null,null,null,0]
[null,null,null,null,null,null,0]
[null,null,null,null,null,null,0]
[null,null,null,null,null,null,0]
[null,null,null,null,null,null,0]
[null,null,null,null,null,null,0]
[null,null,null,null,null,null,0]
[null,null,null,null,null,null,0]
[null,null,null,null,null,null,0]
[null,null,null,null,null,null,0]
[null,null,null,null,null,"TOTAL",{"$f":"SUM(G6648:G6667)","v":0}]
[]
[]
["CLASSE/TIPO","CÓDIGOS/ SINAPI","DESCRIÇÃO","UND"]
[null,null,null,null,"COEFICIENTE","PREÇO UNITÁRIO (R$)","PREÇO TOTAL (R$)"]
[null,null,null,null,null,null,{"$f":"E6673*F6673","v":0}]
[null,null,null,null,null,null,{"$f":"E6674*F6674","v":0}]
[null,null,null,null,null,null,{"$f":"E6675*F6675","v":0}]
[null,null,null,null,null,null,{"$f":"E6676*F6676","v":0}]
[null,null,null,null,null,null,0]
[null,null,null,null,null,null,0]
[null,null,null,null,null,null,0]
[null,null,null,null,null,null,0]
[null,null,null,null,null,null,0]
[null,null,null,null,null,null,0]
[null,null,null,null,null,null,0]
[null,null,null,null,null,null,0]
[null,null,null,null,null,null,0]
[null,null,null,null,null,null,0]
[null,null,null,null,null,null,0]
[null,null,null,null,null,null,0]
[null,null,null,null,null,null,0]
[null,null,null,null,null,null,0]
[null,null,null,null,null,null,0]
[null,null,null,null,null,null,0]
[null,null,null,null,null,"TOTAL",{"$f":"SUM(G6673:G6692)","v":0}]
[]
[]
["CLASSE/TIPO","CÓDIGOS/ SINAPI","DESCRIÇÃO","UND"]
[null,null,null,null,"COEFICIENTE","PREÇO UNITÁRIO (R$)","PREÇO TOTAL (R$)"]
[null,null,null,null,null,null,{"$f":"E6698*F6698","v":0}]
[null,null,null,null,null,null,{"$f":"E6699*F6699","v":0}]
[null,null,null,null,null,null,{"$f":"E6700*F6700","v":0}]
[null,null,null,null,null,null,{"$f":"E6701*F6701","v":0}]
[null,null,null,null,null,null,0]
[null,null,null,null,null,null,0]
[null,null,null,null,null,null,0]
[null,null,null,null,null,null,0]
[null,null,null,null,null,null,0]
[null,null,null,null,null,null,0]
[null,null,null,null,null,null,0]
[null,null,null,null,null,null,0]
[null,null,null,null,null,null,0]
[null,null,null,null,null,null,0]
[null,null,null,null,null,null,0]
[null,null,null,null,null,null,0]
[null,null,null,null,null,null,0]
[null,null,null,null,null,null,0]
[null,null,null,null,null,null,0]
[null,null,null,null,null,null,0]
[null,null,null,null,null,"TOTAL",{"$f":"SUM(G6698:G6717)","v":0}]
[]
[]
["CLASSE/TIPO","CÓDIGOS/ SINAPI","DESCRIÇÃO","UND"]
[null,null,null,null,"COEFICIENTE","PREÇO UNITÁRIO (R$)","PREÇO TOTAL (R$)"]
[null,null,null,null,null,null,{"$f":"E6723*F6723","v":0}]
[null,null,null,null,null,null,{"$f":"E6724*F6724","v":0}]
[null,null,null,null,null,null,{"$f":"E6725*F6725","v":0}]
[null,null,null,null,null,null,{"$f":"E6726*F6726","v":0}]
[null,null,null,null,null,null,0]
[null,null,null,null,null,null,0]
[null,null,null,null,null,null,0]
[null,null,null,null,null,null,0]
[null,null,null,null,null,null,0]
[null,null,null,null,null,null,0]
[null,null,null,null,null,null,0]
[null,null,null,null,null,null,0]
[null,null,null,null,null,null,0]
[null,null,null,null,null,null,0]
[null,null,null,null,null,null,0]
[null,null,null,null,null,null,0]
[null,null,null,null,null,null,0]
[null,null,null,null,null,null,0]
[null,null,null,null,null,null,0]
[null,null,null,null,null,null,0]
[null,null,null,null,null,"TOTAL",{"$f":"SUM(G6723:G6742)","v":0}]
[]
[]
["CLASSE/TIPO","CÓDIGOS/ SINAPI","DESCRIÇÃO","UND"]
[null,null,null,null,"COEFICIENTE","PREÇO UNITÁRIO (R$)","PREÇO TOTAL (R$)"]
[null,null,null,null,null,null,{"$f":"E6748*F6748","v":0}]
[null,null,null,null,null,null,{"$f":"E6749*F6749","v":0}]
[null,null,null,null,null,null,{"$f":"E6750*F6750","v":0}]
[null,null,null,null,null,null,{"$f":"E6751*F6751","v":0}]
[null,null,null,null,null,null,0]
[null,null,null,null,null,null,0]
[null,null,null,null,null,null,0]
[null,null,null,null,null,null,0]
[null,null,null,null,null,null,0]
[null,null,null,null,null,null,0]
[null,null,null,null,null,null,0]
[null,null,null,null,null,null,0]
[null,null,null,null,null,null,0]
[null,null,null,null,null,null,0]
[null,null,null,null,null,null,0]
[null,null,null,null,null,null,0]
[null,null,null,null,null,null,0]
[null,null,null,null,null,null,0]
[null,null,null,null,null,null,0]
[null,null,null,null,null,null,0]
[null,null,null,null,null,"TOTAL",{"$f":"SUM(G6748:G6767)","v":0}]
[]
[]
["CLASSE/TIPO","CÓDIGOS/ SINAPI","DESCRIÇÃO","UND"]
[null,null,null,null,"COEFICIENTE","PREÇO UNITÁRIO (R$)","PREÇO TOTAL (R$)"]
[null,null,null,null,null,null,{"$f":"E6773*F6773","v":0}]
[null,null,null,null,null,null,{"$f":"E6774*F6774","v":0}]
[null,null,null,null,null,null,{"$f":"E6775*F6775","v":0}]
[null,null,null,null,null,null,{"$f":"E6776*F6776","v":0}]
[null,null,null,null,null,null,0]
[null,null,null,null,null,null,0]
[null,null,null,null,null,null,0]
[null,null,null,null,null,null,0]
[null,null,null,null,null,null,0]
[null,null,null,null,null,null,0]
[null,null,null,null,null,null,0]
[null,null,null,null,null,null,0]
[null,null,null,null,null,null,0]
[null,null,null,null,null,null,0]
[null,null,null,null,null,null,0]
[null,null,null,null,null,null,0]
[null,null,null,null,null,null,0]
[null,null,null,null,null,null,0]
[null,null,null,null,null,null,0]
[null,null,null,null,null,null,0]
[null,null,null,null,null,"TOTAL",{"$f":"SUM(G6773:G6792)","v":0}]
[]
[]
["CLASSE/TIPO","CÓDIGOS/ SINAPI","DESCRIÇÃO","UND"]
[null,null,null,null,"COEFICIENTE","PREÇO UNITÁRIO (R$)","PREÇO TOTAL (R$)"]
[null,null,null,null,null,null,{"$f":"E6798*F6798","v":0}]
[null,null,null,null,null,null,{"$f":"E6799*F6799","v":0}]
[null,null,null,null,null,null,{"$f":"E6800*F6800","v":0}]
[null,null,null,null,null,null,{"$f":"E6801*F6801","v":0}]
[null,null,null,null,null,null,0]
[null,null,null,null,null,null,0]
[null,null,null,null,null,null,0]
[null,null,null,null,null,null,0]
[null,null,null,null,null,null,0]
[null,null,null,null,null,null,0]
[null,null,null,null,null,null,0]
[null,null,null,null,null,null,0]
[null,null,null,null,null,null,0]
[null,null,null,null,null,null,0]
[null,null,null,null,null,null,0]
[null,null,null,null,null,null,0]
[null,null,null,null,null,null,0]
[null,null,null,null,null,null,0]
[null,null,null,null,null,null,0]
[null,null,null,null,null,null,0]
[null,null,null,null,null,"TOTAL",{"$f":"SUM(G6798:G6817)","v":0}]
[]
[]
["CLASSE/TIPO","CÓDIGOS/ SINAPI","DESCRIÇÃO","UND"]
[null,null,null,null,"COEFICIENTE","PREÇO UNITÁRIO (R$)","PREÇO TOTAL (R$)"]
[null,null,null,null,null,null,{"$f":"E6823*F6823","v":0}]
[null,null,null,null,null,null,{"$f":"E6824*F6824","v":0}]
[null,null,null,null,null,null,{"$f":"E6825*F6825","v":0}]
[null,null,null,null,null,null,{"$f":"E6826*F6826","v":0}]
[null,null,null,null,null,null,0]
[null,null,null,null,null,null,0]
[null,null,null,null,null,null,0]
[null,null,null,null,null,null,0]
[null,null,null,null,null,null,0]
[null,null,null,null,null,null,0]
[null,null,null,null,null,null,0]
[null,null,null,null,null,null,0]
[null,null,null,null,null,null,0]
[null,null,null,null,null,null,0]
[null,null,null,null,null,null,0]
[null,null,null,null,null,null,0]
[null,null,null,null,null,null,0]
[null,null,null,null,null,null,0]
[null,null,null,null,null,null,0]
[null,null,null,null,null,null,0]
[null,null,null,null,null,"TOTAL",{"$f":"SUM(G6823:G6842)","v":0}]
[]
[]
["CLASSE/TIPO","CÓDIGOS/ SINAPI","DESCRIÇÃO","UND"]
[null,null,null,null,"COEFICIENTE","PREÇO UNITÁRIO (R$)","PREÇO TOTAL (R$)"]
[null,null,null,null,null,null,{"$f":"E6848*F6848","v":0}]
[null,null,null,null,null,null,{"$f":"E6849*F6849","v":0}]
[null,null,null,null,null,null,{"$f":"E6850*F6850","v":0}]
[null,null,null,null,null,null,{"$f":"E6851*F6851","v":0}]
[null,null,null,null,null,null,0]
[null,null,null,null,null,null,0]
[null,null,null,null,null,null,0]
[null,null,null,null,null,null,0]
[null,null,null,null,null,null,0]
[null,null,null,null,null,null,0]
[null,null,null,null,null,null,0]
[null,null,null,null,null,null,0]
[null,null,null,null,null,null,0]
[null,null,null,null,null,null,0]
[null,null,null,null,null,null,0]
[null,null,null,null,null,null,0]
[null,null,null,null,null,null,0]
[null,null,null,null,null,null,0]
[null,null,null,null,null,null,0]
[null,null,null,null,null,null,0]
[null,null,null,null,null,"TOTAL",{"$f":"SUM(G6848:G6867)","v":0}]
[]
[]
["CLASSE/TIPO","CÓDIGOS/ SINAPI","DESCRIÇÃO","UND"]
[null,null,null,null,"COEFICIENTE","PREÇO UNITÁRIO (R$)","PREÇO TOTAL (R$)"]
[null,null,null,null,null,null,{"$f":"E6873*F6873","v":0}]
[null,null,null,null,null,null,{"$f":"E6874*F6874","v":0}]
[null,null,null,null,null,null,{"$f":"E6875*F6875","v":0}]
[null,null,null,null,null,null,{"$f":"E6876*F6876","v":0}]
[null,null,null,null,null,null,0]
[null,null,null,null,null,null,0]
[null,null,null,null,null,null,0]
[null,null,null,null,null,null,0]
[null,null,null,null,null,null,0]
[null,null,null,null,null,null,0]
[null,null,null,null,null,null,0]
[null,null,null,null,null,null,0]
[null,null,null,null,null,null,0]
[null,null,null,null,null,null,0]
[null,null,null,null,null,null,0]
[null,null,null,null,null,null,0]
[null,null,null,null,null,null,0]
[null,null,null,null,null,null,0]
[null,null,null,null,null,null,0]
[null,null,null,null,null,null,0]
[null,null,null,null,null,"TOTAL",{"$f":"SUM(G6873:G6892)","v":0}]
[]
[]
["CLASSE/TIPO","CÓDIGOS/ SINAPI","DESCRIÇÃO","UND"]
[null,null,null,null,"COEFICIENTE","PREÇO UNITÁRIO (R$)","PREÇO TOTAL (R$)"]
[null,null,null,null,null,null,{"$f":"E6898*F6898","v":0}]
[null,null,null,null,null,null,{"$f":"E6899*F6899","v":0}]
[null,null,null,null,null,null,{"$f":"E6900*F6900","v":0}]
[null,null,null,null,null,null,{"$f":"E6901*F6901","v":0}]
[null,null,null,null,null,null,0]
[null,null,null,null,null,null,0]
[null,null,null,null,null,null,0]
[null,null,null,null,null,null,0]
[null,null,null,null,null,null,0]
[null,null,null,null,null,null,0]
[null,null,null,null,null,null,0]
[null,null,null,null,null,null,0]
[null,null,null,null,null,null,0]
[null,null,null,null,null,null,0]
[null,null,null,null,null,null,0]
[null,null,null,null,null,null,0]
[null,null,null,null,null,null,0]
[null,null,null,null,null,null,0]
[null,null,null,null,null,null,0]
[null,null,null,null,null,null,0]
[null,null,null,null,null,"TOTAL",{"$f":"SUM(G6898:G6917)","v":0}]
[]
[]
["CLASSE/TIPO","CÓDIGOS/ SINAPI","DESCRIÇÃO","UND"]
[null,null,null,null,"COEFICIENTE","PREÇO UNITÁRIO (R$)","PREÇO TOTAL (R$)"]
[null,null,null,null,null,null,{"$f":"E6923*F6923","v":0}]
[null,null,null,null,null,null,{"$f":"E6924*F6924","v":0}]
[null,null,null,null,null,null,{"$f":"E6925*F6925","v":0}]
[null,null,null,null,null,null,{"$f":"E6926*F6926","v":0}]
[null,null,null,null,null,null,0]
[null,null,null,null,null,null,0]
[null,null,null,null,null,null,0]
[null,null,null,null,null,null,0]
[null,null,null,null,null,null,0]
[null,null,null,null,null,null,0]
[null,null,null,null,null,null,0]
[null,null,null,null,null,null,0]
[null,null,null,null,null,null,0]
[null,null,null,null,null,null,0]
[null,null,null,null,null,null,0]
[null,null,null,null,null,null,0]
[null,null,null,null,null,null,0]
[null,null,null,null,null,null,0]
[null,null,null,null,null,null,0]
[null,null,null,null,null,null,0]
[null,null,null,null,null,"TOTAL",{"$f":"SUM(G6923:G6942)","v":0}]
[]
[]
["CLASSE/TIPO","CÓDIGOS/ SINAPI","DESCRIÇÃO","UND"]
[null,null,null,null,"COEFICIENTE","PREÇO UNITÁRIO (R$)","PREÇO TOTAL (R$)"]
[null,null,null,null,null,null,{"$f":"E6948*F6948","v":0}]
[null,null,null,null,null,null,{"$f":"E6949*F6949","v":0}]
[null,null,null,null,null,null,{"$f":"E6950*F6950","v":0}]
[null,null,null,null,null,null,{"$f":"E6951*F6951","v":0}]
[null,null,null,null,null,null,0]
[null,null,null,null,null,null,0]
[null,null,null,null,null,null,0]
[null,null,null,null,null,null,0]
[null,null,null,null,null,null,0]
[null,null,null,null,null,null,0]
[null,null,null,null,null,null,0]
[null,null,null,null,null,null,0]
[null,null,null,null,null,null,0]
[null,null,null,null,null,null,0]
[null,null,null,null,null,null,0]
[null,null,null,null,null,null,0]
[null,null,null,null,null,null,0]
[null,null,null,null,null,null,0]
[null,null,null,null,null,null,0]
[null,null,null,null,null,null,0]
[null,null,null,null,null,"TOTAL",{"$f":"SUM(G6948:G6967)","v":0}]
[]
[]
["CLASSE/TIPO","CÓDIGOS/ SINAPI","DESCRIÇÃO","UND"]
[null,null,null,null,"COEFICIENTE","PREÇO UNITÁRIO (R$)","PREÇO TOTAL (R$)"]
[null,null,null,null,null,null,{"$f":"E6973*F6973","v":0}]
[null,null,null,null,null,null,{"$f":"E6974*F6974","v":0}]
[null,null,null,null,null,null,{"$f":"E6975*F6975","v":0}]
[null,null,null,null,null,null,{"$f":"E6976*F6976","v":0}]
[null,null,null,null,null,null,0]
[null,null,null,null,null,null,0]
[null,null,null,null,null,null,0]
[null,null,null,null,null,null,0]
[null,null,null,null,null,null,0]
[null,null,null,null,null,null,0]
[null,null,null,null,null,null,0]
[null,null,null,null,null,null,0]
[null,null,null,null,null,null,0]
[null,null,null,null,null,null,0]
[null,null,null,null,null,null,0]
[null,null,null,null,null,null,0]
[null,null,null,null,null,null,0]
[null,null,null,null,null,null,0]
[null,null,null,null,null,null,0]
[null,null,null,null,null,null,0]
[null,null,null,null,null,"TOTAL",{"$f":"SUM(G6973:G6992)","v":0}]
[]
[]
["CLASSE/TIPO","CÓDIGOS/ SINAPI","DESCRIÇÃO","UND"]
[null,null,null,null,"COEFICIENTE","PREÇO UNITÁRIO (R$)","PREÇO TOTAL (R$)"]
[null,null,null,null,null,null,{"$f":"E6998*F6998","v":0}]
[null,null,null,null,null,null,{"$f":"E6999*F6999","v":0}]
[null,null,null,null,null,null,{"$f":"E7000*F7000","v":0}]
[null,null,null,null,null,null,{"$f":"E7001*F7001","v":0}]
[null,null,null,null,null,null,0]
[null,null,null,null,null,null,0]
[null,null,null,null,null,null,0]
[null,null,null,null,null,null,0]
[null,null,null,null,null,null,0]
[null,null,null,null,null,null,0]
[null,null,null,null,null,null,0]
[null,null,null,null,null,null,0]
[null,null,null,null,null,null,0]
[null,null,null,null,null,null,0]
[null,null,null,null,null,null,0]
[null,null,null,null,null,null,0]
[null,null,null,null,null,null,0]
[null,null,null,null,null,null,0]
[null,null,null,null,null,null,0]
[null,null,null,null,null,null,0]
[null,null,null,null,null,"TOTAL",{"$f":"SUM(G6998:G7017)","v":0}]
[]
[]
["CLASSE/TIPO","CÓDIGOS/ SINAPI","DESCRIÇÃO","UND"]
[null,null,null,null,"COEFICIENTE","PREÇO UNITÁRIO (R$)","PREÇO TOTAL (R$)"]
[null,null,null,null,null,null,{"$f":"E7023*F7023","v":0}]
[null,null,null,null,null,null,{"$f":"E7024*F7024","v":0}]
[null,null,null,null,null,null,{"$f":"E7025*F7025","v":0}]
[null,null,null,null,null,null,{"$f":"E7026*F7026","v":0}]
[null,null,null,null,null,null,0]
[null,null,null,null,null,null,0]
[null,null,null,null,null,null,0]
[null,null,null,null,null,null,0]
[null,null,null,null,null,null,0]
[null,null,null,null,null,null,0]
[null,null,null,null,null,null,0]
[null,null,null,null,null,null,0]
[null,null,null,null,null,null,0]
[null,null,null,null,null,null,0]
[null,null,null,null,null,null,0]
[null,null,null,null,null,null,0]
[null,null,null,null,null,null,0]
[null,null,null,null,null,null,0]
[null,null,null,null,null,null,0]
[null,null,null,null,null,null,0]
[null,null,null,null,null,"TOTAL",{"$f":"SUM(G7023:G7042)","v":0}]
[]
[]
["CLASSE/TIPO","CÓDIGOS/ SINAPI","DESCRIÇÃO","UND"]
[null,null,null,null,"COEFICIENTE","PREÇO UNITÁRIO (R$)","PREÇO TOTAL (R$)"]
[null,null,null,null,null,null,{"$f":"E7048*F7048","v":0}]
[null,null,null,null,null,null,{"$f":"E7049*F7049","v":0}]
[null,null,null,null,null,null,{"$f":"E7050*F7050","v":0}]
[null,null,null,null,null,null,{"$f":"E7051*F7051","v":0}]
[null,null,null,null,null,null,0]
[null,null,null,null,null,null,0]
[null,null,null,null,null,null,0]
[null,null,null,null,null,null,0]
[null,null,null,null,null,null,0]
[null,null,null,null,null,null,0]
[null,null,null,null,null,null,0]
[null,null,null,null,null,null,0]
[null,null,null,null,null,null,0]
[null,null,null,null,null,null,0]
[null,null,null,null,null,null,0]
[null,null,null,null,null,null,0]
[null,null,null,null,null,null,0]
[null,null,null,null,null,null,0]
[null,null,null,null,null,null,0]
[null,null,null,null,null,null,0]
[null,null,null,null,null,"TOTAL",{"$f":"SUM(G7048:G7067)","v":0}]
[]
[]
["CLASSE/TIPO","CÓDIGOS/ SINAPI","DESCRIÇÃO","UND"]
[null,null,null,null,"COEFICIENTE","PREÇO UNITÁRIO (R$)","PREÇO TOTAL (R$)"]
[null,null,null,null,null,null,{"$f":"E7073*F7073","v":0}]
[null,null,null,null,null,null,{"$f":"E7074*F7074","v":0}]
[null,null,null,null,null,null,{"$f":"E7075*F7075","v":0}]
[null,null,null,null,null,null,{"$f":"E7076*F7076","v":0}]
[null,null,null,null,null,null,0]
[null,null,null,null,null,null,0]
[null,null,null,null,null,null,0]
[null,null,null,null,null,null,0]
[null,null,null,null,null,null,0]
[null,null,null,null,null,null,0]
[null,null,null,null,null,null,0]
[null,null,null,null,null,null,0]
[null,null,null,null,null,null,0]
[null,null,null,null,null,null,0]
[null,null,null,null,null,null,0]
[null,null,null,null,null,null,0]
[null,null,null,null,null,null,0]
[null,null,null,null,null,null,0]
[null,null,null,null,null,null,0]
[null,null,null,null,null,null,0]
[null,null,null,null,null,"TOTAL",{"$f":"SUM(G7073:G7092)","v":0}]
[]
[]
["CLASSE/TIPO","CÓDIGOS/ SINAPI","DESCRIÇÃO","UND"]
[null,null,null,null,"COEFICIENTE","PREÇO UNITÁRIO (R$)","PREÇO TOTAL (R$)"]
[null,null,null,null,null,null,{"$f":"E7098*F7098","v":0}]
[null,null,null,null,null,null,{"$f":"E7099*F7099","v":0}]
[null,null,null,null,null,null,{"$f":"E7100*F7100","v":0}]
[null,null,null,null,null,null,{"$f":"E7101*F7101","v":0}]
[null,null,null,null,null,null,0]
[null,null,null,null,null,null,0]
[null,null,null,null,null,null,0]
[null,null,null,null,null,null,0]
[null,null,null,null,null,null,0]
[null,null,null,null,null,null,0]
[null,null,null,null,null,null,0]
[null,null,null,null,null,null,0]
[null,null,null,null,null,null,0]
[null,null,null,null,null,null,0]
[null,null,null,null,null,null,0]
[null,null,null,null,null,null,0]
[null,null,null,null,null,null,0]
[null,null,null,null,null,null,0]
[null,null,null,null,null,null,0]
[null,null,null,null,null,null,0]
[null,null,null,null,null,"TOTAL",{"$f":"SUM(G7098:G7117)","v":0}]
[]
[]
["CLASSE/TIPO","CÓDIGOS/ SINAPI","DESCRIÇÃO","UND"]
[null,null,null,null,"COEFICIENTE","PREÇO UNITÁRIO (R$)","PREÇO TOTAL (R$)"]
[null,null,null,null,null,null,{"$f":"E7123*F7123","v":0}]
[null,null,null,null,null,null,{"$f":"E7124*F7124","v":0}]
[null,null,null,null,null,null,{"$f":"E7125*F7125","v":0}]
[null,null,null,null,null,null,{"$f":"E7126*F7126","v":0}]
[null,null,null,null,null,null,0]
[null,null,null,null,null,null,0]
[null,null,null,null,null,null,0]
[null,null,null,null,null,null,0]
[null,null,null,null,null,null,0]
[null,null,null,null,null,null,0]
[null,null,null,null,null,null,0]
[null,null,null,null,null,null,0]
[null,null,null,null,null,null,0]
[null,null,null,null,null,null,0]
[null,null,null,null,null,null,0]
[null,null,null,null,null,null,0]
[null,null,null,null,null,null,0]
[null,null,null,null,null,null,0]
[null,null,null,null,null,null,0]
[null,null,null,null,null,null,0]
[null,null,null,null,null,"TOTAL",{"$f":"SUM(G7123:G7142)","v":0}]
[]
[]
["CLASSE/TIPO","CÓDIGOS/ SINAPI","DESCRIÇÃO","UND"]
[null,null,null,null,"COEFICIENTE","PREÇO UNITÁRIO (R$)","PREÇO TOTAL (R$)"]
[null,null,null,null,null,null,{"$f":"E7148*F7148","v":0}]
[null,null,null,null,null,null,{"$f":"E7149*F7149","v":0}]
[null,null,null,null,null,null,{"$f":"E7150*F7150","v":0}]
[null,null,null,null,null,null,{"$f":"E7151*F7151","v":0}]
[null,null,null,null,null,null,0]
[null,null,null,null,null,null,0]
[null,null,null,null,null,null,0]
[null,null,null,null,null,null,0]
[null,null,null,null,null,null,0]
[null,null,null,null,null,null,0]
[null,null,null,null,null,null,0]
[null,null,null,null,null,null,0]
[null,null,null,null,null,null,0]
[null,null,null,null,null,null,0]
[null,null,null,null,null,null,0]
[null,null,null,null,null,null,0]
[null,null,null,null,null,null,0]
[null,null,null,null,null,null,0]
[null,null,null,null,null,null,0]
[null,null,null,null,null,null,0]
[null,null,null,null,null,"TOTAL",{"$f":"SUM(G7148:G7167)","v":0}]
[]
[]
["CLASSE/TIPO","CÓDIGOS/ SINAPI","DESCRIÇÃO","UND"]
[null,null,null,null,"COEFICIENTE","PREÇO UNITÁRIO (R$)","PREÇO TOTAL (R$)"]
[null,null,null,null,null,null,{"$f":"E7173*F7173","v":0}]
[null,null,null,null,null,null,{"$f":"E7174*F7174","v":0}]
[null,null,null,null,null,null,{"$f":"E7175*F7175","v":0}]
[null,null,null,null,null,null,{"$f":"E7176*F7176","v":0}]
[null,null,null,null,null,null,0]
[null,null,null,null,null,null,0]
[null,null,null,null,null,null,0]
[null,null,null,null,null,null,0]
[null,null,null,null,null,null,0]
[null,null,null,null,null,null,0]
[null,null,null,null,null,null,0]
[null,null,null,null,null,null,0]
[null,null,null,null,null,null,0]
[null,null,null,null,null,null,0]
[null,null,null,null,null,null,0]
[null,null,null,null,null,null,0]
[null,null,null,null,null,null,0]
[null,null,null,null,null,null,0]
[null,null,null,null,null,null,0]
[null,null,null,null,null,null,0]
[null,null,null,null,null,"TOTAL",{"$f":"SUM(G7173:G7192)","v":0}]
[]
[]
["CLASSE/TIPO","CÓDIGOS/ SINAPI","DESCRIÇÃO","UND"]
[null,null,null,null,"COEFICIENTE","PREÇO UNITÁRIO (R$)","PREÇO TOTAL (R$)"]
[null,null,null,null,null,null,{"$f":"E7198*F7198","v":0}]
[null,null,null,null,null,null,{"$f":"E7199*F7199","v":0}]
[null,null,null,null,null,null,{"$f":"E7200*F7200","v":0}]
[null,null,null,null,null,null,{"$f":"E7201*F7201","v":0}]
[null,null,null,null,null,null,0]
[null,null,null,null,null,null,0]
[null,null,null,null,null,null,0]
[null,null,null,null,null,null,0]
[null,null,null,null,null,null,0]
[null,null,null,null,null,null,0]
[null,null,null,null,null,null,0]
[null,null,null,null,null,null,0]
[null,null,null,null,null,null,0]
[null,null,null,null,null,null,0]
[null,null,null,null,null,null,0]
[null,null,null,null,null,null,0]
[null,null,null,null,null,null,0]
[null,null,null,null,null,null,0]
[null,null,null,null,null,null,0]
[null,null,null,null,null,null,0]
[null,null,null,null,null,"TOTAL",{"$f":"SUM(G7198:G7217)","v":0}]
[]
[]
["CLASSE/TIPO","CÓDIGOS/ SINAPI","DESCRIÇÃO","UND"]
[null,null,null,null,"COEFICIENTE","PREÇO UNITÁRIO (R$)","PREÇO TOTAL (R$)"]
[null,null,null,null,null,null,{"$f":"E7223*F7223","v":0}]
[null,null,null,null,null,null,{"$f":"E7224*F7224","v":0}]
[null,null,null,null,null,null,{"$f":"E7225*F7225","v":0}]
[null,null,null,null,null,null,{"$f":"E7226*F7226","v":0}]
[null,null,null,null,null,null,0]
[null,null,null,null,null,null,0]
[null,null,null,null,null,null,0]
[null,null,null,null,null,null,0]
[null,null,null,null,null,null,0]
[null,null,null,null,null,null,0]
[null,null,null,null,null,null,0]
[null,null,null,null,null,null,0]
[null,null,null,null,null,null,0]
[null,null,null,null,null,null,0]
[null,null,null,null,null,null,0]
[null,null,null,null,null,null,0]
[null,null,null,null,null,null,0]
[null,null,null,null,null,null,0]
[null,null,null,null,null,null,0]
[null,null,null,null,null,null,0]
[null,null,null,null,null,"TOTAL",{"$f":"SUM(G7223:G7242)","v":0}]
[]
[]
["CLASSE/TIPO","CÓDIGOS/ SINAPI","DESCRIÇÃO","UND"]
[null,null,null,null,"COEFICIENTE","PREÇO UNITÁRIO (R$)","PREÇO TOTAL (R$)"]
[null,null,null,null,null,null,{"$f":"E7248*F7248","v":0}]
[null,null,null,null,null,null,{"$f":"E7249*F7249","v":0}]
[null,null,null,null,null,null,{"$f":"E7250*F7250","v":0}]
[null,null,null,null,null,null,{"$f":"E7251*F7251","v":0}]
[null,null,null,null,null,null,0]
[null,null,null,null,null,null,0]
[null,null,null,null,null,null,0]
[null,null,null,null,null,null,0]
[null,null,null,null,null,null,0]
[null,null,null,null,null,null,0]
[null,null,null,null,null,null,0]
[null,null,null,null,null,null,0]
[null,null,null,null,null,null,0]
[null,null,null,null,null,null,0]
[null,null,null,null,null,null,0]
[null,null,null,null,null,null,0]
[null,null,null,null,null,null,0]
[null,null,null,null,null,null,0]
[null,null,null,null,null,null,0]
[null,null,null,null,null,null,0]
[null,null,null,null,null,"TOTAL",{"$f":"SUM(G7248:G7267)","v":0}]
[]
[]
["CLASSE/TIPO","CÓDIGOS/ SINAPI","DESCRIÇÃO","UND"]
[null,null,null,null,"COEFICIENTE","PREÇO UNITÁRIO (R$)","PREÇO TOTAL (R$)"]
[null,null,null,null,null,null,{"$f":"E7273*F7273","v":0}]
[null,null,null,null,null,null,{"$f":"E7274*F7274","v":0}]
[null,null,null,null,null,null,{"$f":"E7275*F7275","v":0}]
[null,null,null,null,null,null,{"$f":"E7276*F7276","v":0}]
[null,null,null,null,null,null,0]
[null,null,null,null,null,null,0]
[null,null,null,null,null,null,0]
[null,null,null,null,null,null,0]
[null,null,null,null,null,null,0]
[null,null,null,null,null,null,0]
[null,null,null,null,null,null,0]
[null,null,null,null,null,null,0]
[null,null,null,null,null,null,0]
[null,null,null,null,null,null,0]
[null,null,null,null,null,null,0]
[null,null,null,null,null,null,0]
[null,null,null,null,null,null,0]
[null,null,null,null,null,null,0]
[null,null,null,null,null,null,0]
[null,null,null,null,null,null,0]
[null,null,null,null,null,"TOTAL",{"$f":"SUM(G7273:G7292)","v":0}]
[]
[]
["CLASSE/TIPO","CÓDIGOS/ SINAPI","DESCRIÇÃO","UND"]
[null,null,null,null,"COEFICIENTE","PREÇO UNITÁRIO (R$)","PREÇO TOTAL (R$)"]
[null,null,null,null,null,null,{"$f":"E7298*F7298","v":0}]
[null,null,null,null,null,null,{"$f":"E7299*F7299","v":0}]
[null,null,null,null,null,null,{"$f":"E7300*F7300","v":0}]
[null,null,null,null,null,null,{"$f":"E7301*F7301","v":0}]
[null,null,null,null,null,null,0]
[null,null,null,null,null,null,0]
[null,null,null,null,null,null,0]
[null,null,null,null,null,null,0]
[null,null,null,null,null,null,0]
[null,null,null,null,null,null,0]
[null,null,null,null,null,null,0]
[null,null,null,null,null,null,0]
[null,null,null,null,null,null,0]
[null,null,null,null,null,null,0]
[null,null,null,null,null,null,0]
[null,null,null,null,null,null,0]
[null,null,null,null,null,null,0]
[null,null,null,null,null,null,0]
[null,null,null,null,null,null,0]
[null,null,null,null,null,null,0]
[null,null,null,null,null,"TOTAL",{"$f":"SUM(G7298:G7317)","v":0}]
[]
[]
["CLASSE/TIPO","CÓDIGOS/ SINAPI","DESCRIÇÃO","UND"]
[null,null,null,null,"COEFICIENTE","PREÇO UNITÁRIO (R$)","PREÇO TOTAL (R$)"]
[null,null,null,null,null,null,{"$f":"E7323*F7323","v":0}]
[null,null,null,null,null,null,{"$f":"E7324*F7324","v":0}]
[null,null,null,null,null,null,{"$f":"E7325*F7325","v":0}]
[null,null,null,null,null,null,{"$f":"E7326*F7326","v":0}]
[null,null,null,null,null,null,0]
[null,null,null,null,null,null,0]
[null,null,null,null,null,null,0]
[null,null,null,null,null,null,0]
[null,null,null,null,null,null,0]
[null,null,null,null,null,null,0]
[null,null,null,null,null,null,0]
[null,null,null,null,null,null,0]
[null,null,null,null,null,null,0]
[null,null,null,null,null,null,0]
[null,null,null,null,null,null,0]
[null,null,null,null,null,null,0]
[null,null,null,null,null,null,0]
[null,null,null,null,null,null,0]
[null,null,null,null,null,null,0]
[null,null,null,null,null,null,0]
[null,null,null,null,null,"TOTAL",{"$f":"SUM(G7323:G7342)","v":0}]
[]
[]
["CLASSE/TIPO","CÓDIGOS/ SINAPI","DESCRIÇÃO","UND"]
[null,null,null,null,"COEFICIENTE","PREÇO UNITÁRIO (R$)","PREÇO TOTAL (R$)"]
[null,null,null,null,null,null,{"$f":"E7348*F7348","v":0}]
[null,null,null,null,null,null,{"$f":"E7349*F7349","v":0}]
[null,null,null,null,null,null,{"$f":"E7350*F7350","v":0}]
[null,null,null,null,null,null,{"$f":"E7351*F7351","v":0}]
[null,null,null,null,null,null,0]
[null,null,null,null,null,null,0]
[null,null,null,null,null,null,0]
[null,null,null,null,null,null,0]
[null,null,null,null,null,null,0]
[null,null,null,null,null,null,0]
[null,null,null,null,null,null,0]
[null,null,null,null,null,null,0]
[null,null,null,null,null,null,0]
[null,null,null,null,null,null,0]
[null,null,null,null,null,null,0]
[null,null,null,null,null,null,0]
[null,null,null,null,null,null,0]
[null,null,null,null,null,null,0]
[null,null,null,null,null,null,0]
[null,null,null,null,null,null,0]
[null,null,null,null,null,"TOTAL",{"$f":"SUM(G7348:G7367)","v":0}]
[]
[]
["CLASSE/TIPO","CÓDIGOS/ SINAPI","DESCRIÇÃO","UND"]
[null,null,null,null,"COEFICIENTE","PREÇO UNITÁRIO (R$)","PREÇO TOTAL (R$)"]
[null,null,null,null,null,null,{"$f":"E7373*F7373","v":0}]
[null,null,null,null,null,null,{"$f":"E7374*F7374","v":0}]
[null,null,null,null,null,null,{"$f":"E7375*F7375","v":0}]
[null,null,null,null,null,null,{"$f":"E7376*F7376","v":0}]
[null,null,null,null,null,null,0]
[null,null,null,null,null,null,0]
[null,null,null,null,null,null,0]
[null,null,null,null,null,null,0]
[null,null,null,null,null,null,0]
[null,null,null,null,null,null,0]
[null,null,null,null,null,null,0]
[null,null,null,null,null,null,0]
[null,null,null,null,null,null,0]
[null,null,null,null,null,null,0]
[null,null,null,null,null,null,0]
[null,null,null,null,null,null,0]
[null,null,null,null,null,null,0]
[null,null,null,null,null,null,0]
[null,null,null,null,null,null,0]
[null,null,null,null,null,null,0]
[null,null,null,null,null,"TOTAL",{"$f":"SUM(G7373:G7392)","v":0}]
[]
[]
["CLASSE/TIPO","CÓDIGOS/ SINAPI","DESCRIÇÃO","UND"]
[null,null,null,null,"COEFICIENTE","PREÇO UNITÁRIO (R$)","PREÇO TOTAL (R$)"]
[null,null,null,null,null,null,{"$f":"E7398*F7398","v":0}]
[null,null,null,null,null,null,{"$f":"E7399*F7399","v":0}]
[null,null,null,null,null,null,{"$f":"E7400*F7400","v":0}]
[null,null,null,null,null,null,{"$f":"E7401*F7401","v":0}]
[null,null,null,null,null,null,0]
[null,null,null,null,null,null,0]
[null,null,null,null,null,null,0]
[null,null,null,null,null,null,0]
[null,null,null,null,null,null,0]
[null,null,null,null,null,null,0]
[null,null,null,null,null,null,0]
[null,null,null,null,null,null,0]
[null,null,null,null,null,null,0]
[null,null,null,null,null,null,0]
[null,null,null,null,null,null,0]
[null,null,null,null,null,null,0]
[null,null,null,null,null,null,0]
[null,null,null,null,null,null,0]
[null,null,null,null,null,null,0]
[null,null,null,null,null,null,0]
[null,null,null,null,null,"TOTAL",{"$f":"SUM(G7398:G7417)","v":0}]
[]
[]
["CLASSE/TIPO","CÓDIGOS/ SINAPI","DESCRIÇÃO","UND"]
[null,null,null,null,"COEFICIENTE","PREÇO UNITÁRIO (R$)","PREÇO TOTAL (R$)"]
[null,null,null,null,null,null,{"$f":"E7423*F7423","v":0}]
[null,null,null,null,null,null,{"$f":"E7424*F7424","v":0}]
[null,null,null,null,null,null,{"$f":"E7425*F7425","v":0}]
[null,null,null,null,null,null,{"$f":"E7426*F7426","v":0}]
[null,null,null,null,null,null,0]
[null,null,null,null,null,null,0]
[null,null,null,null,null,null,0]
[null,null,null,null,null,null,0]
[null,null,null,null,null,null,0]
[null,null,null,null,null,null,0]
[null,null,null,null,null,null,0]
[null,null,null,null,null,null,0]
[null,null,null,null,null,null,0]
[null,null,null,null,null,null,0]
[null,null,null,null,null,null,0]
[null,null,null,null,null,null,0]
[null,null,null,null,null,null,0]
[null,null,null,null,null,null,0]
[null,null,null,null,null,null,0]
[null,null,null,null,null,null,0]
[null,null,null,null,null,"TOTAL",{"$f":"SUM(G7423:G7442)","v":0}]
[]
[]
["CLASSE/TIPO","CÓDIGOS/ SINAPI","DESCRIÇÃO","UND"]
[null,null,null,null,"COEFICIENTE","PREÇO UNITÁRIO (R$)","PREÇO TOTAL (R$)"]
[null,null,null,null,null,null,{"$f":"E7448*F7448","v":0}]
[null,null,null,null,null,null,{"$f":"E7449*F7449","v":0}]
[null,null,null,null,null,null,{"$f":"E7450*F7450","v":0}]
[null,null,null,null,null,null,{"$f":"E7451*F7451","v":0}]
[null,null,null,null,null,null,0]
[null,null,null,null,null,null,0]
[null,null,null,null,null,null,0]
[null,null,null,null,null,null,0]
[null,null,null,null,null,null,0]
[null,null,null,null,null,null,0]
[null,null,null,null,null,null,0]
[null,null,null,null,null,null,0]
[null,null,null,null,null,null,0]
[null,null,null,null,null,null,0]
[null,null,null,null,null,null,0]
[null,null,null,null,null,null,0]
[null,null,null,null,null,null,0]
[null,null,null,null,null,null,0]
[null,null,null,null,null,null,0]
[null,null,null,null,null,null,0]
[null,null,null,null,null,"TOTAL",{"$f":"SUM(G7448:G7467)","v":0}]
[]
[]
["CLASSE/TIPO","CÓDIGOS/ SINAPI","DESCRIÇÃO","UND"]
[null,null,null,null,"COEFICIENTE","PREÇO UNITÁRIO (R$)","PREÇO TOTAL (R$)"]
[null,null,null,null,null,null,{"$f":"E7473*F7473","v":0}]
[null,null,null,null,null,null,{"$f":"E7474*F7474","v":0}]
[null,null,null,null,null,null,{"$f":"E7475*F7475","v":0}]
[null,null,null,null,null,null,{"$f":"E7476*F7476","v":0}]
[null,null,null,null,null,null,0]
[null,null,null,null,null,null,0]
[null,null,null,null,null,null,0]
[null,null,null,null,null,null,0]
[null,null,null,null,null,null,0]
[null,null,null,null,null,null,0]
[null,null,null,null,null,null,0]
[null,null,null,null,null,null,0]
[null,null,null,null,null,null,0]
[null,null,null,null,null,null,0]
[null,null,null,null,null,null,0]
[null,null,null,null,null,null,0]
[null,null,null,null,null,null,0]
[null,null,null,null,null,null,0]
[null,null,null,null,null,null,0]
[null,null,null,null,null,null,0]
[null,null,null,null,null,"TOTAL",{"$f":"SUM(G7473:G7492)","v":0}]
[]
[]
["CLASSE/TIPO","CÓDIGOS/ SINAPI","DESCRIÇÃO","UND"]
[null,null,null,null,"COEFICIENTE","PREÇO UNITÁRIO (R$)","PREÇO TOTAL (R$)"]
[null,null,null,null,null,null,{"$f":"E7498*F7498","v":0}]
[null,null,null,null,null,null,{"$f":"E7499*F7499","v":0}]
[null,null,null,null,null,null,{"$f":"E7500*F7500","v":0}]
[null,null,null,null,null,null,{"$f":"E7501*F7501","v":0}]
[null,null,null,null,null,null,0]
[null,null,null,null,null,null,0]
[null,null,null,null,null,null,0]
[null,null,null,null,null,null,0]
[null,null,null,null,null,null,0]
[null,null,null,null,null,null,0]
[null,null,null,null,null,null,0]
[null,null,null,null,null,null,0]
[null,null,null,null,null,null,0]
[null,null,null,null,null,null,0]
[null,null,null,null,null,null,0]
[null,null,null,null,null,null,0]
[null,null,null,null,null,null,0]
[null,null,null,null,null,null,0]
[null,null,null,null,null,null,0]
[null,null,null,null,null,null,0]
[null,null,null,null,null,"TOTAL",{"$f":"SUM(G7498:G7517)","v":0}]
[]
[]
["CLASSE/TIPO","CÓDIGOS/ SINAPI","DESCRIÇÃO","UND"]
[null,null,null,null,"COEFICIENTE","PREÇO UNITÁRIO (R$)","PREÇO TOTAL (R$)"]
[null,null,null,null,null,null,{"$f":"E7523*F7523","v":0}]
[null,null,null,null,null,null,{"$f":"E7524*F7524","v":0}]
[null,null,null,null,null,null,{"$f":"E7525*F7525","v":0}]
[null,null,null,null,null,null,{"$f":"E7526*F7526","v":0}]
[null,null,null,null,null,null,0]
[null,null,null,null,null,null,0]
[null,null,null,null,null,null,0]
[null,null,null,null,null,null,0]
[null,null,null,null,null,null,0]
[null,null,null,null,null,null,0]
[null,null,null,null,null,null,0]
[null,null,null,null,null,null,0]
[null,null,null,null,null,null,0]
[null,null,null,null,null,null,0]
[null,null,null,null,null,null,0]
[null,null,null,null,null,null,0]
[null,null,null,null,null,null,0]
[null,null,null,null,null,null,0]
[null,null,null,null,null,null,0]
[null,null,null,null,null,null,0]
[null,null,null,null,null,"TOTAL",{"$f":"SUM(G7523:G7542)","v":0}]
[]
[]
["CLASSE/TIPO","CÓDIGOS/ SINAPI","DESCRIÇÃO","UND"]
[null,null,null,null,"COEFICIENTE","PREÇO UNITÁRIO (R$)","PREÇO TOTAL (R$)"]
[null,null,null,null,null,null,{"$f":"E7548*F7548","v":0}]
[null,null,null,null,null,null,{"$f":"E7549*F7549","v":0}]
[null,null,null,null,null,null,{"$f":"E7550*F7550","v":0}]
[null,null,null,null,null,null,{"$f":"E7551*F7551","v":0}]
[null,null,null,null,null,null,0]
[null,null,null,null,null,null,0]
[null,null,null,null,null,null,0]
[null,null,null,null,null,null,0]
[null,null,null,null,null,null,0]
[null,null,null,null,null,null,0]
[null,null,null,null,null,null,0]
[null,null,null,null,null,null,0]
[null,null,null,null,null,null,0]
[null,null,null,null,null,null,0]
[null,null,null,null,null,null,0]
[null,null,null,null,null,null,0]
[null,null,null,null,null,null,0]
[null,null,null,null,null,null,0]
[null,null,null,null,null,null,0]
[null,null,null,null,null,null,0]
[null,null,null,null,null,"TOTAL",{"$f":"SUM(G7548:G7567)","v":0}]
[]
[]
["CLASSE/TIPO","CÓDIGOS/ SINAPI","DESCRIÇÃO","UND"]
[null,null,null,null,"COEFICIENTE","PREÇO UNITÁRIO (R$)","PREÇO TOTAL (R$)"]
[null,null,null,null,null,null,{"$f":"E7573*F7573","v":0}]
[null,null,null,null,null,null,{"$f":"E7574*F7574","v":0}]
[null,null,null,null,null,null,{"$f":"E7575*F7575","v":0}]
[null,null,null,null,null,null,{"$f":"E7576*F7576","v":0}]
[null,null,null,null,null,null,0]
[null,null,null,null,null,null,0]
[null,null,null,null,null,null,0]
[null,null,null,null,null,null,0]
[null,null,null,null,null,null,0]
[null,null,null,null,null,null,0]
[null,null,null,null,null,null,0]
[null,null,null,null,null,null,0]
[null,null,null,null,null,null,0]
[null,null,null,null,null,null,0]
[null,null,null,null,null,null,0]
[null,null,null,null,null,null,0]
[null,null,null,null,null,null,0]
[null,null,null,null,null,null,0]
[null,null,null,null,null,null,0]
[null,null,null,null,null,null,0]
[null,null,null,null,null,"TOTAL",{"$f":"SUM(G7573:G7592)","v":0}]
[]
[]
["CLASSE/TIPO","CÓDIGOS/ SINAPI","DESCRIÇÃO","UND"]
[null,null,null,null,"COEFICIENTE","PREÇO UNITÁRIO (R$)","PREÇO TOTAL (R$)"]
[null,null,null,null,null,null,{"$f":"E7598*F7598","v":0}]
[null,null,null,null,null,null,{"$f":"E7599*F7599","v":0}]
[null,null,null,null,null,null,{"$f":"E7600*F7600","v":0}]
[null,null,null,null,null,null,{"$f":"E7601*F7601","v":0}]
[null,null,null,null,null,null,0]
[null,null,null,null,null,null,0]
[null,null,null,null,null,null,0]
[null,null,null,null,null,null,0]
[null,null,null,null,null,null,0]
[null,null,null,null,null,null,0]
[null,null,null,null,null,null,0]
[null,null,null,null,null,null,0]
[null,null,null,null,null,null,0]
[null,null,null,null,null,null,0]
[null,null,null,null,null,null,0]
[null,null,null,null,null,null,0]
[null,null,null,null,null,null,0]
[null,null,null,null,null,null,0]
[null,null,null,null,null,null,0]
[null,null,null,null,null,null,0]
[null,null,null,null,null,"TOTAL",{"$f":"SUM(G7598:G7617)","v":0}]
[]
[]
["CLASSE/TIPO","CÓDIGOS/ SINAPI","DESCRIÇÃO","UND"]
[null,null,null,null,"COEFICIENTE","PREÇO UNITÁRIO (R$)","PREÇO TOTAL (R$)"]
[null,null,null,null,null,null,{"$f":"E7623*F7623","v":0}]
[null,null,null,null,null,null,{"$f":"E7624*F7624","v":0}]
[null,null,null,null,null,null,{"$f":"E7625*F7625","v":0}]
[null,null,null,null,null,null,{"$f":"E7626*F7626","v":0}]
[null,null,null,null,null,null,0]
[null,null,null,null,null,null,0]
[null,null,null,null,null,null,0]
[null,null,null,null,null,null,0]
[null,null,null,null,null,null,0]
[null,null,null,null,null,null,0]
[null,null,null,null,null,null,0]
[null,null,null,null,null,null,0]
[null,null,null,null,null,null,0]
[null,null,null,null,null,null,0]
[null,null,null,null,null,null,0]
[null,null,null,null,null,null,0]
[null,null,null,null,null,null,0]
[null,null,null,null,null,null,0]
[null,null,null,null,null,null,0]
[null,null,null,null,null,null,0]
[null,null,null,null,null,"TOTAL",{"$f":"SUM(G7623:G7642)","v":0}]
[]
[]
["CLASSE/TIPO","CÓDIGOS/ SINAPI","DESCRIÇÃO","UND"]
[null,null,null,null,"COEFICIENTE","PREÇO UNITÁRIO (R$)","PREÇO TOTAL (R$)"]
[null,null,null,null,null,null,{"$f":"E7648*F7648","v":0}]
[null,null,null,null,null,null,{"$f":"E7649*F7649","v":0}]
[null,null,null,null,null,null,{"$f":"E7650*F7650","v":0}]
[null,null,null,null,null,null,{"$f":"E7651*F7651","v":0}]
[null,null,null,null,null,null,0]
[null,null,null,null,null,null,0]
[null,null,null,null,null,null,0]
[null,null,null,null,null,null,0]
[null,null,null,null,null,null,0]
[null,null,null,null,null,null,0]
[null,null,null,null,null,null,0]
[null,null,null,null,null,null,0]
[null,null,null,null,null,null,0]
[null,null,null,null,null,null,0]
[null,null,null,null,null,null,0]
[null,null,null,null,null,null,0]
[null,null,null,null,null,null,0]
[null,null,null,null,null,null,0]
[null,null,null,null,null,null,0]
[null,null,null,null,null,null,0]
[null,null,null,null,null,"TOTAL",{"$f":"SUM(G7648:G7667)","v":0}]
[]
[]
["CLASSE/TIPO","CÓDIGOS/ SINAPI","DESCRIÇÃO","UND"]
[null,null,null,null,"COEFICIENTE","PREÇO UNITÁRIO (R$)","PREÇO TOTAL (R$)"]
[null,null,null,null,null,null,{"$f":"E7673*F7673","v":0}]
[null,null,null,null,null,null,{"$f":"E7674*F7674","v":0}]
[null,null,null,null,null,null,{"$f":"E7675*F7675","v":0}]
[null,null,null,null,null,null,{"$f":"E7676*F7676","v":0}]
[null,null,null,null,null,null,0]
[null,null,null,null,null,null,0]
[null,null,null,null,null,null,0]
[null,null,null,null,null,null,0]
[null,null,null,null,null,null,0]
[null,null,null,null,null,null,0]
[null,null,null,null,null,null,0]
[null,null,null,null,null,null,0]
[null,null,null,null,null,null,0]
[null,null,null,null,null,null,0]
[null,null,null,null,null,null,0]
[null,null,null,null,null,null,0]
[null,null,null,null,null,null,0]
[null,null,null,null,null,null,0]
[null,null,null,null,null,null,0]
[null,null,null,null,null,null,0]
[null,null,null,null,null,"TOTAL",{"$f":"SUM(G7673:G7692)","v":0}]
[]
[]
["CLASSE/TIPO","CÓDIGOS/ SINAPI","DESCRIÇÃO","UND"]
[null,null,null,null,"COEFICIENTE","PREÇO UNITÁRIO (R$)","PREÇO TOTAL (R$)"]
[null,null,null,null,null,null,{"$f":"E7698*F7698","v":0}]
[null,null,null,null,null,null,{"$f":"E7699*F7699","v":0}]
[null,null,null,null,null,null,{"$f":"E7700*F7700","v":0}]
[null,null,null,null,null,null,{"$f":"E7701*F7701","v":0}]
[null,null,null,null,null,null,0]
[null,null,null,null,null,null,0]
[null,null,null,null,null,null,0]
[null,null,null,null,null,null,0]
[null,null,null,null,null,null,0]
[null,null,null,null,null,null,0]
[null,null,null,null,null,null,0]
[null,null,null,null,null,null,0]
[null,null,null,null,null,null,0]
[null,null,null,null,null,null,0]
[null,null,null,null,null,null,0]
[null,null,null,null,null,null,0]
[null,null,null,null,null,null,0]
[null,null,null,null,null,null,0]
[null,null,null,null,null,null,0]
[null,null,null,null,null,null,0]
[null,null,null,null,null,"TOTAL",{"$f":"SUM(G7698:G7717)","v":0}]
[]
[]
["CLASSE/TIPO","CÓDIGOS/ SINAPI","DESCRIÇÃO","UND"]
[null,null,null,null,"COEFICIENTE","PREÇO UNITÁRIO (R$)","PREÇO TOTAL (R$)"]
[null,null,null,null,null,null,{"$f":"E7723*F7723","v":0}]
[null,null,null,null,null,null,{"$f":"E7724*F7724","v":0}]
[null,null,null,null,null,null,{"$f":"E7725*F7725","v":0}]
[null,null,null,null,null,null,{"$f":"E7726*F7726","v":0}]
[null,null,null,null,null,null,0]
[null,null,null,null,null,null,0]
[null,null,null,null,null,null,0]
[null,null,null,null,null,null,0]
[null,null,null,null,null,null,0]
[null,null,null,null,null,null,0]
[null,null,null,null,null,null,0]
[null,null,null,null,null,null,0]
[null,null,null,null,null,null,0]
[null,null,null,null,null,null,0]
[null,null,null,null,null,null,0]
[null,null,null,null,null,null,0]
[null,null,null,null,null,null,0]
[null,null,null,null,null,null,0]
[null,null,null,null,null,null,0]
[null,null,null,null,null,null,0]
[null,null,null,null,null,"TOTAL",{"$f":"SUM(G7723:G7742)","v":0}]
[]
[]
["CLASSE/TIPO","CÓDIGOS/ SINAPI","DESCRIÇÃO","UND"]
[null,null,null,null,"COEFICIENTE","PREÇO UNITÁRIO (R$)","PREÇO TOTAL (R$)"]
[null,null,null,null,null,null,{"$f":"E7748*F7748","v":0}]
[null,null,null,null,null,null,{"$f":"E7749*F7749","v":0}]
[null,null,null,null,null,null,{"$f":"E7750*F7750","v":0}]
[null,null,null,null,null,null,{"$f":"E7751*F7751","v":0}]
[null,null,null,null,null,null,0]
[null,null,null,null,null,null,0]
[null,null,null,null,null,null,0]
[null,null,null,null,null,null,0]
[null,null,null,null,null,null,0]
[null,null,null,null,null,null,0]
[null,null,null,null,null,null,0]
[null,null,null,null,null,null,0]
[null,null,null,null,null,null,0]
[null,null,null,null,null,null,0]
[null,null,null,null,null,null,0]
[null,null,null,null,null,null,0]
[null,null,null,null,null,null,0]
[null,null,null,null,null,null,0]
[null,null,null,null,null,null,0]
[null,null,null,null,null,null,0]
[null,null,null,null,null,"TOTAL",{"$f":"SUM(G7748:G7767)","v":0}]
[]
[]
["CLASSE/TIPO","CÓDIGOS/ SINAPI","DESCRIÇÃO","UND"]
[null,null,null,null,"COEFICIENTE","PREÇO UNITÁRIO (R$)","PREÇO TOTAL (R$)"]
[null,null,null,null,null,null,{"$f":"E7773*F7773","v":0}]
[null,null,null,null,null,null,{"$f":"E7774*F7774","v":0}]
[null,null,null,null,null,null,{"$f":"E7775*F7775","v":0}]
[null,null,null,null,null,null,{"$f":"E7776*F7776","v":0}]
[null,null,null,null,null,null,0]
[null,null,null,null,null,null,0]
[null,null,null,null,null,null,0]
[null,null,null,null,null,null,0]
[null,null,null,null,null,null,0]
[null,null,null,null,null,null,0]
[null,null,null,null,null,null,0]
[null,null,null,null,null,null,0]
[null,null,null,null,null,null,0]
[null,null,null,null,null,null,0]
[null,null,null,null,null,null,0]
[null,null,null,null,null,null,0]
[null,null,null,null,null,null,0]
[null,null,null,null,null,null,0]
[null,null,null,null,null,null,0]
[null,null,null,null,null,null,0]
[null,null,null,null,null,"TOTAL",{"$f":"SUM(G7773:G7792)","v":0}]
[]
[]
["CLASSE/TIPO","CÓDIGOS/ SINAPI","DESCRIÇÃO","UND"]
[null,null,null,null,"COEFICIENTE","PREÇO UNITÁRIO (R$)","PREÇO TOTAL (R$)"]
[null,null,null,null,null,null,{"$f":"E7798*F7798","v":0}]
[null,null,null,null,null,null,{"$f":"E7799*F7799","v":0}]
[null,null,null,null,null,null,{"$f":"E7800*F7800","v":0}]
[null,null,null,null,null,null,{"$f":"E7801*F7801","v":0}]
[null,null,null,null,null,null,0]
[null,null,null,null,null,null,0]
[null,null,null,null,null,null,0]
[null,null,null,null,null,null,0]
[null,null,null,null,null,null,0]
[null,null,null,null,null,null,0]
[null,null,null,null,null,null,0]
[null,null,null,null,null,null,0]
[null,null,null,null,null,null,0]
[null,null,null,null,null,null,0]
[null,null,null,null,null,null,0]
[null,null,null,null,null,null,0]
[null,null,null,null,null,null,0]
[null,null,null,null,null,null,0]
[null,null,null,null,null,null,0]
[null,null,null,null,null,null,0]
[null,null,null,null,null,"TOTAL",{"$f":"SUM(G7798:G7817)","v":0}]
[]
[]
["CLASSE/TIPO","CÓDIGOS/ SINAPI","DESCRIÇÃO","UND"]
[null,null,null,null,"COEFICIENTE","PREÇO UNITÁRIO (R$)","PREÇO TOTAL (R$)"]
[null,null,null,null,null,null,{"$f":"E7823*F7823","v":0}]
[null,null,null,null,null,null,{"$f":"E7824*F7824","v":0}]
[null,null,null,null,null,null,{"$f":"E7825*F7825","v":0}]
[null,null,null,null,null,null,{"$f":"E7826*F7826","v":0}]
[null,null,null,null,null,null,0]
[null,null,null,null,null,null,0]
[null,null,null,null,null,null,0]
[null,null,null,null,null,null,0]
[null,null,null,null,null,null,0]
[null,null,null,null,null,null,0]
[null,null,null,null,null,null,0]
[null,null,null,null,null,null,0]
[null,null,null,null,null,null,0]
[null,null,null,null,null,null,0]
[null,null,null,null,null,null,0]
[null,null,null,null,null,null,0]
[null,null,null,null,null,null,0]
[null,null,null,null,null,null,0]
[null,null,null,null,null,null,0]
[null,null,null,null,null,null,0]
[null,null,null,null,null,"TOTAL",{"$f":"SUM(G7823:G7842)","v":0}]
[]
[]
["CLASSE/TIPO","CÓDIGOS/ SINAPI","DESCRIÇÃO","UND"]
[null,null,null,null,"COEFICIENTE","PREÇO UNITÁRIO (R$)","PREÇO TOTAL (R$)"]
[null,null,null,null,null,null,{"$f":"E7848*F7848","v":0}]
[null,null,null,null,null,null,{"$f":"E7849*F7849","v":0}]
[null,null,null,null,null,null,{"$f":"E7850*F7850","v":0}]
[null,null,null,null,null,null,{"$f":"E7851*F7851","v":0}]
[null,null,null,null,null,null,0]
[null,null,null,null,null,null,0]
[null,null,null,null,null,null,0]
[null,null,null,null,null,null,0]
[null,null,null,null,null,null,0]
[null,null,null,null,null,null,0]
[null,null,null,null,null,null,0]
[null,null,null,null,null,null,0]
[null,null,null,null,null,null,0]
[null,null,null,null,null,null,0]
[null,null,null,null,null,null,0]
[null,null,null,null,null,null,0]
[null,null,null,null,null,null,0]
[null,null,null,null,null,null,0]
[null,null,null,null,null,null,0]
[null,null,null,null,null,null,0]
[null,null,null,null,null,"TOTAL",{"$f":"SUM(G7848:G7867)","v":0}]
[]
[]
["CLASSE/TIPO","CÓDIGOS/ SINAPI","DESCRIÇÃO","UND"]
[null,null,null,null,"COEFICIENTE","PREÇO UNITÁRIO (R$)","PREÇO TOTAL (R$)"]
[null,null,null,null,null,null,{"$f":"E7873*F7873","v":0}]
[null,null,null,null,null,null,{"$f":"E7874*F7874","v":0}]
[null,null,null,null,null,null,{"$f":"E7875*F7875","v":0}]
[null,null,null,null,null,null,{"$f":"E7876*F7876","v":0}]
[null,null,null,null,null,null,0]
[null,null,null,null,null,null,0]
[null,null,null,null,null,null,0]
[null,null,null,null,null,null,0]
[null,null,null,null,null,null,0]
[null,null,null,null,null,null,0]
[null,null,null,null,null,null,0]
[null,null,null,null,null,null,0]
[null,null,null,null,null,null,0]
[null,null,null,null,null,null,0]
[null,null,null,null,null,null,0]
[null,null,null,null,null,null,0]
[null,null,null,null,null,null,0]
[null,null,null,null,null,null,0]
[null,null,null,null,null,null,0]
[null,null,null,null,null,null,0]
[null,null,null,null,null,"TOTAL",{"$f":"SUM(G7873:G7892)","v":0}]
[]
[]
["CLASSE/TIPO","CÓDIGOS/ SINAPI","DESCRIÇÃO","UND"]
[null,null,null,null,"COEFICIENTE","PREÇO UNITÁRIO (R$)","PREÇO TOTAL (R$)"]
[null,null,null,null,null,null,{"$f":"E7898*F7898","v":0}]
[null,null,null,null,null,null,{"$f":"E7899*F7899","v":0}]
[null,null,null,null,null,null,{"$f":"E7900*F7900","v":0}]
[null,null,null,null,null,null,{"$f":"E7901*F7901","v":0}]
[null,null,null,null,null,null,0]
[null,null,null,null,null,null,0]
[null,null,null,null,null,null,0]
[null,null,null,null,null,null,0]
[null,null,null,null,null,null,0]
[null,null,null,null,null,null,0]
[null,null,null,null,null,null,0]
[null,null,null,null,null,null,0]
[null,null,null,null,null,null,0]
[null,null,null,null,null,null,0]
[null,null,null,null,null,null,0]
[null,null,null,null,null,null,0]
[null,null,null,null,null,null,0]
[null,null,null,null,null,null,0]
[null,null,null,null,null,null,0]
[null,null,null,null,null,null,0]
[null,null,null,null,null,"TOTAL",{"$f":"SUM(G7898:G7917)","v":0}]
[]
[]
["CLASSE/TIPO","CÓDIGOS/ SINAPI","DESCRIÇÃO","UND"]
[null,null,null,null,"COEFICIENTE","PREÇO UNITÁRIO (R$)","PREÇO TOTAL (R$)"]
[null,null,null,null,null,null,{"$f":"E7923*F7923","v":0}]
[null,null,null,null,null,null,{"$f":"E7924*F7924","v":0}]
[null,null,null,null,null,null,{"$f":"E7925*F7925","v":0}]
[null,null,null,null,null,null,{"$f":"E7926*F7926","v":0}]
[null,null,null,null,null,null,0]
[null,null,null,null,null,null,0]
[null,null,null,null,null,null,0]
[null,null,null,null,null,null,0]
[null,null,null,null,null,null,0]
[null,null,null,null,null,null,0]
[null,null,null,null,null,null,0]
[null,null,null,null,null,null,0]
[null,null,null,null,null,null,0]
[null,null,null,null,null,null,0]
[null,null,null,null,null,null,0]
[null,null,null,null,null,null,0]
[null,null,null,null,null,null,0]
[null,null,null,null,null,null,0]
[null,null,null,null,null,null,0]
[null,null,null,null,null,null,0]
[null,null,null,null,null,"TOTAL",{"$f":"SUM(G7923:G7942)","v":0}]
[]
[]
["CLASSE/TIPO","CÓDIGOS/ SINAPI","DESCRIÇÃO","UND"]
[null,null,null,null,"COEFICIENTE","PREÇO UNITÁRIO (R$)","PREÇO TOTAL (R$)"]
[null,null,null,null,null,null,{"$f":"E7948*F7948","v":0}]
[null,null,null,null,null,null,{"$f":"E7949*F7949","v":0}]
[null,null,null,null,null,null,{"$f":"E7950*F7950","v":0}]
[null,null,null,null,null,null,{"$f":"E7951*F7951","v":0}]
[null,null,null,null,null,null,0]
[null,null,null,null,null,null,0]
[null,null,null,null,null,null,0]
[null,null,null,null,null,null,0]
[null,null,null,null,null,null,0]
[null,null,null,null,null,null,0]
[null,null,null,null,null,null,0]
[null,null,null,null,null,null,0]
[null,null,null,null,null,null,0]
[null,null,null,null,null,null,0]
[null,null,null,null,null,null,0]
[null,null,null,null,null,null,0]
[null,null,null,null,null,null,0]
[null,null,null,null,null,null,0]
[null,null,null,null,null,null,0]
[null,null,null,null,null,null,0]
[null,null,null,null,null,"TOTAL",{"$f":"SUM(G7948:G7967)","v":0}]
[]
[]
["CLASSE/TIPO","CÓDIGOS/ SINAPI","DESCRIÇÃO","UND"]
[null,null,null,null,"COEFICIENTE","PREÇO UNITÁRIO (R$)","PREÇO TOTAL (R$)"]
[null,null,null,null,null,null,{"$f":"E7973*F7973","v":0}]
[null,null,null,null,null,null,{"$f":"E7974*F7974","v":0}]
[null,null,null,null,null,null,{"$f":"E7975*F7975","v":0}]
[null,null,null,null,null,null,{"$f":"E7976*F7976","v":0}]
[null,null,null,null,null,null,0]
[null,null,null,null,null,null,0]
[null,null,null,null,null,null,0]
[null,null,null,null,null,null,0]
[null,null,null,null,null,null,0]
[null,null,null,null,null,null,0]
[null,null,null,null,null,null,0]
[null,null,null,null,null,null,0]
[null,null,null,null,null,null,0]
[null,null,null,null,null,null,0]
[null,null,null,null,null,null,0]
[null,null,null,null,null,null,0]
[null,null,null,null,null,null,0]
[null,null,null,null,null,null,0]
[null,null,null,null,null,null,0]
[null,null,null,null,null,null,0]
[null,null,null,null,null,"TOTAL",{"$f":"SUM(G7973:G7992)","v":0}]
[]
[]
["CLASSE/TIPO","CÓDIGOS/ SINAPI","DESCRIÇÃO","UND"]
[null,null,null,null,"COEFICIENTE","PREÇO UNITÁRIO (R$)","PREÇO TOTAL (R$)"]
[null,null,null,null,null,null,{"$f":"E7998*F7998","v":0}]
[null,null,null,null,null,null,{"$f":"E7999*F7999","v":0}]
[null,null,null,null,null,null,{"$f":"E8000*F8000","v":0}]
[null,null,null,null,null,null,{"$f":"E8001*F8001","v":0}]
[null,null,null,null,null,null,0]
[null,null,null,null,null,null,0]
[null,null,null,null,null,null,0]
[null,null,null,null,null,null,0]
[null,null,null,null,null,null,0]
[null,null,null,null,null,null,0]
[null,null,null,null,null,null,0]
[null,null,null,null,null,null,0]
[null,null,null,null,null,null,0]
[null,null,null,null,null,null,0]
[null,null,null,null,null,null,0]
[null,null,null,null,null,null,0]
[null,null,null,null,null,null,0]
[null,null,null,null,null,null,0]
[null,null,null,null,null,null,0]
[null,null,null,null,null,null,0]
[null,null,null,null,null,"TOTAL",{"$f":"SUM(G7998:G8017)","v":0}]
[]
[]
["CLASSE/TIPO","CÓDIGOS/ SINAPI","DESCRIÇÃO","UND"]
[null,null,null,null,"COEFICIENTE","PREÇO UNITÁRIO (R$)","PREÇO TOTAL (R$)"]
[null,null,null,null,null,null,{"$f":"E8023*F8023","v":0}]
[null,null,null,null,null,null,{"$f":"E8024*F8024","v":0}]
[null,null,null,null,null,null,{"$f":"E8025*F8025","v":0}]
[null,null,null,null,null,null,{"$f":"E8026*F8026","v":0}]
[null,null,null,null,null,null,0]
[null,null,null,null,null,null,0]
[null,null,null,null,null,null,0]
[null,null,null,null,null,null,0]
[null,null,null,null,null,null,0]
[null,null,null,null,null,null,0]
[null,null,null,null,null,null,0]
[null,null,null,null,null,null,0]
[null,null,null,null,null,null,0]
[null,null,null,null,null,null,0]
[null,null,null,null,null,null,0]
[null,null,null,null,null,null,0]
[null,null,null,null,null,null,0]
[null,null,null,null,null,null,0]
[null,null,null,null,null,null,0]
[null,null,null,null,null,null,0]
[null,null,null,null,null,"TOTAL",{"$f":"SUM(G8023:G8042)","v":0}]
[]
[]
["CLASSE/TIPO","CÓDIGOS/ SINAPI","DESCRIÇÃO","UND"]
[null,null,null,null,"COEFICIENTE","PREÇO UNITÁRIO (R$)","PREÇO TOTAL (R$)"]
[null,null,null,null,null,null,{"$f":"E8048*F8048","v":0}]
[null,null,null,null,null,null,{"$f":"E8049*F8049","v":0}]
[null,null,null,null,null,null,{"$f":"E8050*F8050","v":0}]
[null,null,null,null,null,null,{"$f":"E8051*F8051","v":0}]
[null,null,null,null,null,null,0]
[null,null,null,null,null,null,0]
[null,null,null,null,null,null,0]
[null,null,null,null,null,null,0]
[null,null,null,null,null,null,0]
[null,null,null,null,null,null,0]
[null,null,null,null,null,null,0]
[null,null,null,null,null,null,0]
[null,null,null,null,null,null,0]
[null,null,null,null,null,null,0]
[null,null,null,null,null,null,0]
[null,null,null,null,null,null,0]
[null,null,null,null,null,null,0]
[null,null,null,null,null,null,0]
[null,null,null,null,null,null,0]
[null,null,null,null,null,null,0]
[null,null,null,null,null,"TOTAL",{"$f":"SUM(G8048:G8067)","v":0}]
[]
[]
["CLASSE/TIPO","CÓDIGOS/ SINAPI","DESCRIÇÃO","UND"]
[null,null,null,null,"COEFICIENTE","PREÇO UNITÁRIO (R$)","PREÇO TOTAL (R$)"]
[null,null,null,null,null,null,{"$f":"E8073*F8073","v":0}]
[null,null,null,null,null,null,{"$f":"E8074*F8074","v":0}]
[null,null,null,null,null,null,{"$f":"E8075*F8075","v":0}]
[null,null,null,null,null,null,{"$f":"E8076*F8076","v":0}]
[null,null,null,null,null,null,0]
[null,null,null,null,null,null,0]
[null,null,null,null,null,null,0]
[null,null,null,null,null,null,0]
[null,null,null,null,null,null,0]
[null,null,null,null,null,null,0]
[null,null,null,null,null,null,0]
[null,null,null,null,null,null,0]
[null,null,null,null,null,null,0]
[null,null,null,null,null,null,0]
[null,null,null,null,null,null,0]
[null,null,null,null,null,null,0]
[null,null,null,null,null,null,0]
[null,null,null,null,null,null,0]
[null,null,null,null,null,null,0]
[null,null,null,null,null,null,0]
[null,null,null,null,null,"TOTAL",{"$f":"SUM(G8073:G8092)","v":0}]
[]
[]
["CLASSE/TIPO","CÓDIGOS/ SINAPI","DESCRIÇÃO","UND"]
[null,null,null,null,"COEFICIENTE","PREÇO UNITÁRIO (R$)","PREÇO TOTAL (R$)"]
[null,null,null,null,null,null,{"$f":"E8098*F8098","v":0}]
[null,null,null,null,null,null,{"$f":"E8099*F8099","v":0}]
[null,null,null,null,null,null,{"$f":"E8100*F8100","v":0}]
[null,null,null,null,null,null,{"$f":"E8101*F8101","v":0}]
[null,null,null,null,null,null,0]
[null,null,null,null,null,null,0]
[null,null,null,null,null,null,0]
[null,null,null,null,null,null,0]
[null,null,null,null,null,null,0]
[null,null,null,null,null,null,0]
[null,null,null,null,null,null,0]
[null,null,null,null,null,null,0]
[null,null,null,null,null,null,0]
[null,null,null,null,null,null,0]
[null,null,null,null,null,null,0]
[null,null,null,null,null,null,0]
[null,null,null,null,null,null,0]
[null,null,null,null,null,null,0]
[null,null,null,null,null,null,0]
[null,null,null,null,null,null,0]
[null,null,null,null,null,"TOTAL",{"$f":"SUM(G8098:G8117)","v":0}]
[]
[]
["CLASSE/TIPO","CÓDIGOS/ SINAPI","DESCRIÇÃO","UND"]
[null,null,null,null,"COEFICIENTE","PREÇO UNITÁRIO (R$)","PREÇO TOTAL (R$)"]
[null,null,null,null,null,null,{"$f":"E8123*F8123","v":0}]
[null,null,null,null,null,null,{"$f":"E8124*F8124","v":0}]
[null,null,null,null,null,null,{"$f":"E8125*F8125","v":0}]
[null,null,null,null,null,null,{"$f":"E8126*F8126","v":0}]
[null,null,null,null,null,null,0]
[null,null,null,null,null,null,0]
[null,null,null,null,null,null,0]
[null,null,null,null,null,null,0]
[null,null,null,null,null,null,0]
[null,null,null,null,null,null,0]
[null,null,null,null,null,null,0]
[null,null,null,null,null,null,0]
[null,null,null,null,null,null,0]
[null,null,null,null,null,null,0]
[null,null,null,null,null,null,0]
[null,null,null,null,null,null,0]
[null,null,null,null,null,null,0]
[null,null,null,null,null,null,0]
[null,null,null,null,null,null,0]
[null,null,null,null,null,null,0]
[null,null,null,null,null,"TOTAL",{"$f":"SUM(G8123:G8142)","v":0}]
[]
[]
["CLASSE/TIPO","CÓDIGOS/ SINAPI","DESCRIÇÃO","UND"]
[null,null,null,null,"COEFICIENTE","PREÇO UNITÁRIO (R$)","PREÇO TOTAL (R$)"]
[null,null,null,null,null,null,{"$f":"E8148*F8148","v":0}]
[null,null,null,null,null,null,{"$f":"E8149*F8149","v":0}]
[null,null,null,null,null,null,{"$f":"E8150*F8150","v":0}]
[null,null,null,null,null,null,{"$f":"E8151*F8151","v":0}]
[null,null,null,null,null,null,0]
[null,null,null,null,null,null,0]
[null,null,null,null,null,null,0]
[null,null,null,null,null,null,0]
[null,null,null,null,null,null,0]
[null,null,null,null,null,null,0]
[null,null,null,null,null,null,0]
[null,null,null,null,null,null,0]
[null,null,null,null,null,null,0]
[null,null,null,null,null,null,0]
[null,null,null,null,null,null,0]
[null,null,null,null,null,null,0]
[null,null,null,null,null,null,0]
[null,null,null,null,null,null,0]
[null,null,null,null,null,null,0]
[null,null,null,null,null,null,0]
[null,null,null,null,null,"TOTAL",{"$f":"SUM(G8148:G8167)","v":0}]
[]
[]
["CLASSE/TIPO","CÓDIGOS/ SINAPI","DESCRIÇÃO","UND"]
[null,null,null,null,"COEFICIENTE","PREÇO UNITÁRIO (R$)","PREÇO TOTAL (R$)"]
[null,null,null,null,null,null,{"$f":"E8173*F8173","v":0}]
[null,null,null,null,null,null,{"$f":"E8174*F8174","v":0}]
[null,null,null,null,null,null,{"$f":"E8175*F8175","v":0}]
[null,null,null,null,null,null,{"$f":"E8176*F8176","v":0}]
[null,null,null,null,null,null,0]
[null,null,null,null,null,null,0]
[null,null,null,null,null,null,0]
[null,null,null,null,null,null,0]
[null,null,null,null,null,null,0]
[null,null,null,null,null,null,0]
[null,null,null,null,null,null,0]
[null,null,null,null,null,null,0]
[null,null,null,null,null,null,0]
[null,null,null,null,null,null,0]
[null,null,null,null,null,null,0]
[null,null,null,null,null,null,0]
[null,null,null,null,null,null,0]
[null,null,null,null,null,null,0]
[null,null,null,null,null,null,0]
[null,null,null,null,null,null,0]
[null,null,null,null,null,"TOTAL",{"$f":"SUM(G8173:G8192)","v":0}]
[]
[]
["CLASSE/TIPO","CÓDIGOS/ SINAPI","DESCRIÇÃO","UND"]
[null,null,null,null,"COEFICIENTE","PREÇO UNITÁRIO (R$)","PREÇO TOTAL (R$)"]
[null,null,null,null,null,null,{"$f":"E8198*F8198","v":0}]
[null,null,null,null,null,null,{"$f":"E8199*F8199","v":0}]
[null,null,null,null,null,null,{"$f":"E8200*F8200","v":0}]
[null,null,null,null,null,null,{"$f":"E8201*F8201","v":0}]
[null,null,null,null,null,null,0]
[null,null,null,null,null,null,0]
[null,null,null,null,null,null,0]
[null,null,null,null,null,null,0]
[null,null,null,null,null,null,0]
[null,null,null,null,null,null,0]
[null,null,null,null,null,null,0]
[null,null,null,null,null,null,0]
[null,null,null,null,null,null,0]
[null,null,null,null,null,null,0]
[null,null,null,null,null,null,0]
[null,null,null,null,null,null,0]
[null,null,null,null,null,null,0]
[null,null,null,null,null,null,0]
[null,null,null,null,null,null,0]
[null,null,null,null,null,null,0]
[null,null,null,null,null,"TOTAL",{"$f":"SUM(G8198:G8217)","v":0}]
[]
[]
["CLASSE/TIPO","CÓDIGOS/ SINAPI","DESCRIÇÃO","UND"]
[null,null,null,null,"COEFICIENTE","PREÇO UNITÁRIO (R$)","PREÇO TOTAL (R$)"]
[null,null,null,null,null,null,{"$f":"E8223*F8223","v":0}]
[null,null,null,null,null,null,{"$f":"E8224*F8224","v":0}]
[null,null,null,null,null,null,{"$f":"E8225*F8225","v":0}]
[null,null,null,null,null,null,{"$f":"E8226*F8226","v":0}]
[null,null,null,null,null,null,0]
[null,null,null,null,null,null,0]
[null,null,null,null,null,null,0]
[null,null,null,null,null,null,0]
[null,null,null,null,null,null,0]
[null,null,null,null,null,null,0]
[null,null,null,null,null,null,0]
[null,null,null,null,null,null,0]
[null,null,null,null,null,null,0]
[null,null,null,null,null,null,0]
[null,null,null,null,null,null,0]
[null,null,null,null,null,null,0]
[null,null,null,null,null,null,0]
[null,null,null,null,null,null,0]
[null,null,null,null,null,null,0]
[null,null,null,null,null,null,0]
[null,null,null,null,null,"TOTAL",{"$f":"SUM(G8223:G8242)","v":0}]
[]
[]
["CLASSE/TIPO","CÓDIGOS/ SINAPI","DESCRIÇÃO","UND"]
[null,null,null,null,"COEFICIENTE","PREÇO UNITÁRIO (R$)","PREÇO TOTAL (R$)"]
[null,null,null,null,null,null,{"$f":"E8248*F8248","v":0}]
[null,null,null,null,null,null,{"$f":"E8249*F8249","v":0}]
[null,null,null,null,null,null,{"$f":"E8250*F8250","v":0}]
[null,null,null,null,null,null,{"$f":"E8251*F8251","v":0}]
[null,null,null,null,null,null,0]
[null,null,null,null,null,null,0]
[null,null,null,null,null,null,0]
[null,null,null,null,null,null,0]
[null,null,null,null,null,null,0]
[null,null,null,null,null,null,0]
[null,null,null,null,null,null,0]
[null,null,null,null,null,null,0]
[null,null,null,null,null,null,0]
[null,null,null,null,null,null,0]
[null,null,null,null,null,null,0]
[null,null,null,null,null,null,0]
[null,null,null,null,null,null,0]
[null,null,null,null,null,null,0]
[null,null,null,null,null,null,0]
[null,null,null,null,null,null,0]
[null,null,null,null,null,"TOTAL",{"$f":"SUM(G8248:G8267)","v":0}]
[]
[]
["CLASSE/TIPO","CÓDIGOS/ SINAPI","DESCRIÇÃO","UND"]
[null,null,null,null,"COEFICIENTE","PREÇO UNITÁRIO (R$)","PREÇO TOTAL (R$)"]
[null,null,null,null,null,null,{"$f":"E8273*F8273","v":0}]
[null,null,null,null,null,null,{"$f":"E8274*F8274","v":0}]
[null,null,null,null,null,null,{"$f":"E8275*F8275","v":0}]
[null,null,null,null,null,null,{"$f":"E8276*F8276","v":0}]
[null,null,null,null,null,null,0]
[null,null,null,null,null,null,0]
[null,null,null,null,null,null,0]
[null,null,null,null,null,null,0]
[null,null,null,null,null,null,0]
[null,null,null,null,null,null,0]
[null,null,null,null,null,null,0]
[null,null,null,null,null,null,0]
[null,null,null,null,null,null,0]
[null,null,null,null,null,null,0]
[null,null,null,null,null,null,0]
[null,null,null,null,null,null,0]
[null,null,null,null,null,null,0]
[null,null,null,null,null,null,0]
[null,null,null,null,null,null,0]
[null,null,null,null,null,null,0]
[null,null,null,null,null,"TOTAL",{"$f":"SUM(G8273:G8292)","v":0}]
[]
[]
["CLASSE/TIPO","CÓDIGOS/ SINAPI","DESCRIÇÃO","UND"]
[null,null,null,null,"COEFICIENTE","PREÇO UNITÁRIO (R$)","PREÇO TOTAL (R$)"]
[null,null,null,null,null,null,{"$f":"E8298*F8298","v":0}]
[null,null,null,null,null,null,{"$f":"E8299*F8299","v":0}]
[null,null,null,null,null,null,{"$f":"E8300*F8300","v":0}]
[null,null,null,null,null,null,{"$f":"E8301*F8301","v":0}]
[null,null,null,null,null,null,0]
[null,null,null,null,null,null,0]
[null,null,null,null,null,null,0]
[null,null,null,null,null,null,0]
[null,null,null,null,null,null,0]
[null,null,null,null,null,null,0]
[null,null,null,null,null,null,0]
[null,null,null,null,null,null,0]
[null,null,null,null,null,null,0]
[null,null,null,null,null,null,0]
[null,null,null,null,null,null,0]
[null,null,null,null,null,null,0]
[null,null,null,null,null,null,0]
[null,null,null,null,null,null,0]
[null,null,null,null,null,null,0]
[null,null,null,null,null,null,0]
[null,null,null,null,null,"TOTAL",{"$f":"SUM(G8298:G8317)","v":0}]
[]
[]
["CLASSE/TIPO","CÓDIGOS/ SINAPI","DESCRIÇÃO","UND"]
[null,null,null,null,"COEFICIENTE","PREÇO UNITÁRIO (R$)","PREÇO TOTAL (R$)"]
[null,null,null,null,null,null,{"$f":"E8323*F8323","v":0}]
[null,null,null,null,null,null,{"$f":"E8324*F8324","v":0}]
[null,null,null,null,null,null,{"$f":"E8325*F8325","v":0}]
[null,null,null,null,null,null,{"$f":"E8326*F8326","v":0}]
[null,null,null,null,null,null,0]
[null,null,null,null,null,null,0]
[null,null,null,null,null,null,0]
[null,null,null,null,null,null,0]
[null,null,null,null,null,null,0]
[null,null,null,null,null,null,0]
[null,null,null,null,null,null,0]
[null,null,null,null,null,null,0]
[null,null,null,null,null,null,0]
[null,null,null,null,null,null,0]
[null,null,null,null,null,null,0]
[null,null,null,null,null,null,0]
[null,null,null,null,null,null,0]
[null,null,null,null,null,null,0]
[null,null,null,null,null,null,0]
[null,null,null,null,null,null,0]
[null,null,null,null,null,"TOTAL",{"$f":"SUM(G8323:G8342)","v":0}]
[]
[]
["CLASSE/TIPO","CÓDIGOS/ SINAPI","DESCRIÇÃO","UND"]
[null,null,null,null,"COEFICIENTE","PREÇO UNITÁRIO (R$)","PREÇO TOTAL (R$)"]
[null,null,null,null,null,null,{"$f":"E8348*F8348","v":0}]
[null,null,null,null,null,null,{"$f":"E8349*F8349","v":0}]
[null,null,null,null,null,null,{"$f":"E8350*F8350","v":0}]
[null,null,null,null,null,null,{"$f":"E8351*F8351","v":0}]
[null,null,null,null,null,null,0]
[null,null,null,null,null,null,0]
[null,null,null,null,null,null,0]
[null,null,null,null,null,null,0]
[null,null,null,null,null,null,0]
[null,null,null,null,null,null,0]
[null,null,null,null,null,null,0]
[null,null,null,null,null,null,0]
[null,null,null,null,null,null,0]
[null,null,null,null,null,null,0]
[null,null,null,null,null,null,0]
[null,null,null,null,null,null,0]
[null,null,null,null,null,null,0]
[null,null,null,null,null,null,0]
[null,null,null,null,null,null,0]
[null,null,null,null,null,null,0]
[null,null,null,null,null,"TOTAL",{"$f":"SUM(G8348:G8367)","v":0}]
[]
[]
["CLASSE/TIPO","CÓDIGOS/ SINAPI","DESCRIÇÃO","UND"]
[null,null,null,null,"COEFICIENTE","PREÇO UNITÁRIO (R$)","PREÇO TOTAL (R$)"]
[null,null,null,null,null,null,{"$f":"E8373*F8373","v":0}]
[null,null,null,null,null,null,{"$f":"E8374*F8374","v":0}]
[null,null,null,null,null,null,{"$f":"E8375*F8375","v":0}]
[null,null,null,null,null,null,{"$f":"E8376*F8376","v":0}]
[null,null,null,null,null,null,0]
[null,null,null,null,null,null,0]
[null,null,null,null,null,null,0]
[null,null,null,null,null,null,0]
[null,null,null,null,null,null,0]
[null,null,null,null,null,null,0]
[null,null,null,null,null,null,0]
[null,null,null,null,null,null,0]
[null,null,null,null,null,null,0]
[null,null,null,null,null,null,0]
[null,null,null,null,null,null,0]
[null,null,null,null,null,null,0]
[null,null,null,null,null,null,0]
[null,null,null,null,null,null,0]
[null,null,null,null,null,null,0]
[null,null,null,null,null,null,0]
[null,null,null,null,null,"TOTAL",{"$f":"SUM(G8373:G8392)","v":0}]
[]
[]
["CLASSE/TIPO","CÓDIGOS/ SINAPI","DESCRIÇÃO","UND"]
[null,null,null,null,"COEFICIENTE","PREÇO UNITÁRIO (R$)","PREÇO TOTAL (R$)"]
[null,null,null,null,null,null,{"$f":"E8398*F8398","v":0}]
[null,null,null,null,null,null,{"$f":"E8399*F8399","v":0}]
[null,null,null,null,null,null,{"$f":"E8400*F8400","v":0}]
[null,null,null,null,null,null,{"$f":"E8401*F8401","v":0}]
[null,null,null,null,null,null,0]
[null,null,null,null,null,null,0]
[null,null,null,null,null,null,0]
[null,null,null,null,null,null,0]
[null,null,null,null,null,null,0]
[null,null,null,null,null,null,0]
[null,null,null,null,null,null,0]
[null,null,null,null,null,null,0]
[null,null,null,null,null,null,0]
[null,null,null,null,null,null,0]
[null,null,null,null,null,null,0]
[null,null,null,null,null,null,0]
[null,null,null,null,null,null,0]
[null,null,null,null,null,null,0]
[null,null,null,null,null,null,0]
[null,null,null,null,null,null,0]
[null,null,null,null,null,"TOTAL",{"$f":"SUM(G8398:G8417)","v":0}]
[]
[]
["CLASSE/TIPO","CÓDIGOS/ SINAPI","DESCRIÇÃO","UND"]
[null,null,null,null,"COEFICIENTE","PREÇO UNITÁRIO (R$)","PREÇO TOTAL (R$)"]
[null,null,null,null,null,null,{"$f":"E8423*F8423","v":0}]
[null,null,null,null,null,null,{"$f":"E8424*F8424","v":0}]
[null,null,null,null,null,null,{"$f":"E8425*F8425","v":0}]
[null,null,null,null,null,null,{"$f":"E8426*F8426","v":0}]
[null,null,null,null,null,null,0]
[null,null,null,null,null,null,0]
[null,null,null,null,null,null,0]
[null,null,null,null,null,null,0]
[null,null,null,null,null,null,0]
[null,null,null,null,null,null,0]
[null,null,null,null,null,null,0]
[null,null,null,null,null,null,0]
[null,null,null,null,null,null,0]
[null,null,null,null,null,null,0]
[null,null,null,null,null,null,0]
[null,null,null,null,null,null,0]
[null,null,null,null,null,null,0]
[null,null,null,null,null,null,0]
[null,null,null,null,null,null,0]
[null,null,null,null,null,null,0]
[null,null,null,null,null,"TOTAL",{"$f":"SUM(G8423:G8442)","v":0}]
[]
[]
["CLASSE/TIPO","CÓDIGOS/ SINAPI","DESCRIÇÃO","UND"]
[null,null,null,null,"COEFICIENTE","PREÇO UNITÁRIO (R$)","PREÇO TOTAL (R$)"]
[null,null,null,null,null,null,{"$f":"E8448*F8448","v":0}]
[null,null,null,null,null,null,{"$f":"E8449*F8449","v":0}]
[null,null,null,null,null,null,{"$f":"E8450*F8450","v":0}]
[null,null,null,null,null,null,{"$f":"E8451*F8451","v":0}]
[null,null,null,null,null,null,0]
[null,null,null,null,null,null,0]
[null,null,null,null,null,null,0]
[null,null,null,null,null,null,0]
[null,null,null,null,null,null,0]
[null,null,null,null,null,null,0]
[null,null,null,null,null,null,0]
[null,null,null,null,null,null,0]
[null,null,null,null,null,null,0]
[null,null,null,null,null,null,0]
[null,null,null,null,null,null,0]
[null,null,null,null,null,null,0]
[null,null,null,null,null,null,0]
[null,null,null,null,null,null,0]
[null,null,null,null,null,null,0]
[null,null,null,null,null,null,0]
[null,null,null,null,null,"TOTAL",{"$f":"SUM(G8448:G8467)","v":0}]
[]
[]
["CLASSE/TIPO","CÓDIGOS/ SINAPI","DESCRIÇÃO","UND"]
[null,null,null,null,"COEFICIENTE","PREÇO UNITÁRIO (R$)","PREÇO TOTAL (R$)"]
[null,null,null,null,null,null,{"$f":"E8473*F8473","v":0}]
[null,null,null,null,null,null,{"$f":"E8474*F8474","v":0}]
[null,null,null,null,null,null,{"$f":"E8475*F8475","v":0}]
[null,null,null,null,null,null,{"$f":"E8476*F8476","v":0}]
[null,null,null,null,null,null,0]
[null,null,null,null,null,null,0]
[null,null,null,null,null,null,0]
[null,null,null,null,null,null,0]
[null,null,null,null,null,null,0]
[null,null,null,null,null,null,0]
[null,null,null,null,null,null,0]
[null,null,null,null,null,null,0]
[null,null,null,null,null,null,0]
[null,null,null,null,null,null,0]
[null,null,null,null,null,null,0]
[null,null,null,null,null,null,0]
[null,null,null,null,null,null,0]
[null,null,null,null,null,null,0]
[null,null,null,null,null,null,0]
[null,null,null,null,null,null,0]
[null,null,null,null,null,"TOTAL",{"$f":"SUM(G8473:G8492)","v":0}]
[]
[]
["CLASSE/TIPO","CÓDIGOS/ SINAPI","DESCRIÇÃO","UND"]
[null,null,null,null,"COEFICIENTE","PREÇO UNITÁRIO (R$)","PREÇO TOTAL (R$)"]
[null,null,null,null,null,null,{"$f":"E8498*F8498","v":0}]
[null,null,null,null,null,null,{"$f":"E8499*F8499","v":0}]
[null,null,null,null,null,null,{"$f":"E8500*F8500","v":0}]
[null,null,null,null,null,null,{"$f":"E8501*F8501","v":0}]
[null,null,null,null,null,null,0]
[null,null,null,null,null,null,0]
[null,null,null,null,null,null,0]
[null,null,null,null,null,null,0]
[null,null,null,null,null,null,0]
[null,null,null,null,null,null,0]
[null,null,null,null,null,null,0]
[null,null,null,null,null,null,0]
[null,null,null,null,null,null,0]
[null,null,null,null,null,null,0]
[null,null,null,null,null,null,0]
[null,null,null,null,null,null,0]
[null,null,null,null,null,null,0]
[null,null,null,null,null,null,0]
[null,null,null,null,null,null,0]
[null,null,null,null,null,null,0]
[null,null,null,null,null,"TOTAL",{"$f":"SUM(G8498:G8517)","v":0}]
[]
[]
["CLASSE/TIPO","CÓDIGOS/ SINAPI","DESCRIÇÃO","UND"]
[null,null,null,null,"COEFICIENTE","PREÇO UNITÁRIO (R$)","PREÇO TOTAL (R$)"]
[null,null,null,null,null,null,{"$f":"E8523*F8523","v":0}]
[null,null,null,null,null,null,{"$f":"E8524*F8524","v":0}]
[null,null,null,null,null,null,{"$f":"E8525*F8525","v":0}]
[null,null,null,null,null,null,{"$f":"E8526*F8526","v":0}]
[null,null,null,null,null,null,0]
[null,null,null,null,null,null,0]
[null,null,null,null,null,null,0]
[null,null,null,null,null,null,0]
[null,null,null,null,null,null,0]
[null,null,null,null,null,null,0]
[null,null,null,null,null,null,0]
[null,null,null,null,null,null,0]
[null,null,null,null,null,null,0]
[null,null,null,null,null,null,0]
[null,null,null,null,null,null,0]
[null,null,null,null,null,null,0]
[null,null,null,null,null,null,0]
[null,null,null,null,null,null,0]
[null,null,null,null,null,null,0]
[null,null,null,null,null,null,0]
[null,null,null,null,null,"TOTAL",{"$f":"SUM(G8523:G8542)","v":0}]
[]
[]
["CLASSE/TIPO","CÓDIGOS/ SINAPI","DESCRIÇÃO","UND"]
[null,null,null,null,"COEFICIENTE","PREÇO UNITÁRIO (R$)","PREÇO TOTAL (R$)"]
[null,null,null,null,null,null,{"$f":"E8548*F8548","v":0}]
[null,null,null,null,null,null,{"$f":"E8549*F8549","v":0}]
[null,null,null,null,null,null,{"$f":"E8550*F8550","v":0}]
[null,null,null,null,null,null,{"$f":"E8551*F8551","v":0}]
[null,null,null,null,null,null,0]
[null,null,null,null,null,null,0]
[null,null,null,null,null,null,0]
[null,null,null,null,null,null,0]
[null,null,null,null,null,null,0]
[null,null,null,null,null,null,0]
[null,null,null,null,null,null,0]
[null,null,null,null,null,null,0]
[null,null,null,null,null,null,0]
[null,null,null,null,null,null,0]
[null,null,null,null,null,null,0]
[null,null,null,null,null,null,0]
[null,null,null,null,null,null,0]
[null,null,null,null,null,null,0]
[null,null,null,null,null,null,0]
[null,null,null,null,null,null,0]
[null,null,null,null,null,"TOTAL",{"$f":"SUM(G8548:G8567)","v":0}]
[]
[]
["CLASSE/TIPO","CÓDIGOS/ SINAPI","DESCRIÇÃO","UND"]
[null,null,null,null,"COEFICIENTE","PREÇO UNITÁRIO (R$)","PREÇO TOTAL (R$)"]
[null,null,null,null,null,null,{"$f":"E8573*F8573","v":0}]
[null,null,null,null,null,null,{"$f":"E8574*F8574","v":0}]
[null,null,null,null,null,null,{"$f":"E8575*F8575","v":0}]
[null,null,null,null,null,null,{"$f":"E8576*F8576","v":0}]
[null,null,null,null,null,null,0]
[null,null,null,null,null,null,0]
[null,null,null,null,null,null,0]
[null,null,null,null,null,null,0]
[null,null,null,null,null,null,0]
[null,null,null,null,null,null,0]
[null,null,null,null,null,null,0]
[null,null,null,null,null,null,0]
[null,null,null,null,null,null,0]
[null,null,null,null,null,null,0]
[null,null,null,null,null,null,0]
[null,null,null,null,null,null,0]
[null,null,null,null,null,null,0]
[null,null,null,null,null,null,0]
[null,null,null,null,null,null,0]
[null,null,null,null,null,null,0]
[null,null,null,null,null,"TOTAL",{"$f":"SUM(G8573:G8592)","v":0}]
[]
[]
["CLASSE/TIPO","CÓDIGOS/ SINAPI","DESCRIÇÃO","UND"]
[null,null,null,null,"COEFICIENTE","PREÇO UNITÁRIO (R$)","PREÇO TOTAL (R$)"]
[null,null,null,null,null,null,{"$f":"E8598*F8598","v":0}]
[null,null,null,null,null,null,{"$f":"E8599*F8599","v":0}]
[null,null,null,null,null,null,{"$f":"E8600*F8600","v":0}]
[null,null,null,null,null,null,{"$f":"E8601*F8601","v":0}]
[null,null,null,null,null,null,0]
[null,null,null,null,null,null,0]
[null,null,null,null,null,null,0]
[null,null,null,null,null,null,0]
[null,null,null,null,null,null,0]
[null,null,null,null,null,null,0]
[null,null,null,null,null,null,0]
[null,null,null,null,null,null,0]
[null,null,null,null,null,null,0]
[null,null,null,null,null,null,0]
[null,null,null,null,null,null,0]
[null,null,null,null,null,null,0]
[null,null,null,null,null,null,0]
[null,null,null,null,null,null,0]
[null,null,null,null,null,null,0]
[null,null,null,null,null,null,0]
[null,null,null,null,null,"TOTAL",{"$f":"SUM(G8598:G8617)","v":0}]
[]
[]
["CLASSE/TIPO","CÓDIGOS/ SINAPI","DESCRIÇÃO","UND"]
[null,null,null,null,"COEFICIENTE","PREÇO UNITÁRIO (R$)","PREÇO TOTAL (R$)"]
[null,null,null,null,null,null,{"$f":"E8623*F8623","v":0}]
[null,null,null,null,null,null,{"$f":"E8624*F8624","v":0}]
[null,null,null,null,null,null,{"$f":"E8625*F8625","v":0}]
[null,null,null,null,null,null,{"$f":"E8626*F8626","v":0}]
[null,null,null,null,null,null,0]
[null,null,null,null,null,null,0]
[null,null,null,null,null,null,0]
[null,null,null,null,null,null,0]
[null,null,null,null,null,null,0]
[null,null,null,null,null,null,0]
[null,null,null,null,null,null,0]
[null,null,null,null,null,null,0]
[null,null,null,null,null,null,0]
[null,null,null,null,null,null,0]
[null,null,null,null,null,null,0]
[null,null,null,null,null,null,0]
[null,null,null,null,null,null,0]
[null,null,null,null,null,null,0]
[null,null,null,null,null,null,0]
[null,null,null,null,null,null,0]
[null,null,null,null,null,"TOTAL",{"$f":"SUM(G8623:G8642)","v":0}]
[]
[]
["CLASSE/TIPO","CÓDIGOS/ SINAPI","DESCRIÇÃO","UND"]
[null,null,null,null,"COEFICIENTE","PREÇO UNITÁRIO (R$)","PREÇO TOTAL (R$)"]
[null,null,null,null,null,null,{"$f":"E8648*F8648","v":0}]
[null,null,null,null,null,null,{"$f":"E8649*F8649","v":0}]
[null,null,null,null,null,null,{"$f":"E8650*F8650","v":0}]
[null,null,null,null,null,null,{"$f":"E8651*F8651","v":0}]
[null,null,null,null,null,null,0]
[null,null,null,null,null,null,0]
[null,null,null,null,null,null,0]
[null,null,null,null,null,null,0]
[null,null,null,null,null,null,0]
[null,null,null,null,null,null,0]
[null,null,null,null,null,null,0]
[null,null,null,null,null,null,0]
[null,null,null,null,null,null,0]
[null,null,null,null,null,null,0]
[null,null,null,null,null,null,0]
[null,null,null,null,null,null,0]
[null,null,null,null,null,null,0]
[null,null,null,null,null,null,0]
[null,null,null,null,null,null,0]
[null,null,null,null,null,null,0]
[null,null,null,null,null,"TOTAL",{"$f":"SUM(G8648:G8667)","v":0}]
[]
[]
["CLASSE/TIPO","CÓDIGOS/ SINAPI","DESCRIÇÃO","UND"]
[null,null,null,null,"COEFICIENTE","PREÇO UNITÁRIO (R$)","PREÇO TOTAL (R$)"]
[null,null,null,null,null,null,{"$f":"E8673*F8673","v":0}]
[null,null,null,null,null,null,{"$f":"E8674*F8674","v":0}]
[null,null,null,null,null,null,{"$f":"E8675*F8675","v":0}]
[null,null,null,null,null,null,{"$f":"E8676*F8676","v":0}]
[null,null,null,null,null,null,0]
[null,null,null,null,null,null,0]
[null,null,null,null,null,null,0]
[null,null,null,null,null,null,0]
[null,null,null,null,null,null,0]
[null,null,null,null,null,null,0]
[null,null,null,null,null,null,0]
[null,null,null,null,null,null,0]
[null,null,null,null,null,null,0]
[null,null,null,null,null,null,0]
[null,null,null,null,null,null,0]
[null,null,null,null,null,null,0]
[null,null,null,null,null,null,0]
[null,null,null,null,null,null,0]
[null,null,null,null,null,null,0]
[null,null,null,null,null,null,0]
[null,null,null,null,null,"TOTAL",{"$f":"SUM(G8673:G8692)","v":0}]
[]
[]
["CLASSE/TIPO","CÓDIGOS/ SINAPI","DESCRIÇÃO","UND"]
[null,null,null,null,"COEFICIENTE","PREÇO UNITÁRIO (R$)","PREÇO TOTAL (R$)"]
[null,null,null,null,null,null,{"$f":"E8698*F8698","v":0}]
[null,null,null,null,null,null,{"$f":"E8699*F8699","v":0}]
[null,null,null,null,null,null,{"$f":"E8700*F8700","v":0}]
[null,null,null,null,null,null,{"$f":"E8701*F8701","v":0}]
[null,null,null,null,null,null,0]
[null,null,null,null,null,null,0]
[null,null,null,null,null,null,0]
[null,null,null,null,null,null,0]
[null,null,null,null,null,null,0]
[null,null,null,null,null,null,0]
[null,null,null,null,null,null,0]
[null,null,null,null,null,null,0]
[null,null,null,null,null,null,0]
[null,null,null,null,null,null,0]
[null,null,null,null,null,null,0]
[null,null,null,null,null,null,0]
[null,null,null,null,null,null,0]
[null,null,null,null,null,null,0]
[null,null,null,null,null,null,0]
[null,null,null,null,null,null,0]
[null,null,null,null,null,"TOTAL",{"$f":"SUM(G8698:G8717)","v":0}]
[]
[]
["CLASSE/TIPO","CÓDIGOS/ SINAPI","DESCRIÇÃO","UND"]
[null,null,null,null,"COEFICIENTE","PREÇO UNITÁRIO (R$)","PREÇO TOTAL (R$)"]
[null,null,null,null,null,null,{"$f":"E8723*F8723","v":0}]
[null,null,null,null,null,null,{"$f":"E8724*F8724","v":0}]
[null,null,null,null,null,null,{"$f":"E8725*F8725","v":0}]
[null,null,null,null,null,null,{"$f":"E8726*F8726","v":0}]
[null,null,null,null,null,null,0]
[null,null,null,null,null,null,0]
[null,null,null,null,null,null,0]
[null,null,null,null,null,null,0]
[null,null,null,null,null,null,0]
[null,null,null,null,null,null,0]
[null,null,null,null,null,null,0]
[null,null,null,null,null,null,0]
[null,null,null,null,null,null,0]
[null,null,null,null,null,null,0]
[null,null,null,null,null,null,0]
[null,null,null,null,null,null,0]
[null,null,null,null,null,null,0]
[null,null,null,null,null,null,0]
[null,null,null,null,null,null,0]
[null,null,null,null,null,null,0]
[null,null,null,null,null,"TOTAL",{"$f":"SUM(G8723:G8742)","v":0}]
[]
[]
["CLASSE/TIPO","CÓDIGOS/ SINAPI","DESCRIÇÃO","UND"]
[null,null,null,null,"COEFICIENTE","PREÇO UNITÁRIO (R$)","PREÇO TOTAL (R$)"]
[null,null,null,null,null,null,{"$f":"E8748*F8748","v":0}]
[null,null,null,null,null,null,{"$f":"E8749*F8749","v":0}]
[null,null,null,null,null,null,{"$f":"E8750*F8750","v":0}]
[null,null,null,null,null,null,{"$f":"E8751*F8751","v":0}]
[null,null,null,null,null,null,0]
[null,null,null,null,null,null,0]
[null,null,null,null,null,null,0]
[null,null,null,null,null,null,0]
[null,null,null,null,null,null,0]
[null,null,null,null,null,null,0]
[null,null,null,null,null,null,0]
[null,null,null,null,null,null,0]
[null,null,null,null,null,null,0]
[null,null,null,null,null,null,0]
[null,null,null,null,null,null,0]
[null,null,null,null,null,null,0]
[null,null,null,null,null,null,0]
[null,null,null,null,null,null,0]
[null,null,null,null,null,null,0]
[null,null,null,null,null,null,0]
[null,null,null,null,null,"TOTAL",{"$f":"SUM(G8748:G8767)","v":0}]
[]
[]
["CLASSE/TIPO","CÓDIGOS/ SINAPI","DESCRIÇÃO","UND"]
[null,null,null,null,"COEFICIENTE","PREÇO UNITÁRIO (R$)","PREÇO TOTAL (R$)"]
[null,null,null,null,null,null,{"$f":"E8773*F8773","v":0}]
[null,null,null,null,null,null,{"$f":"E8774*F8774","v":0}]
[null,null,null,null,null,null,{"$f":"E8775*F8775","v":0}]
[null,null,null,null,null,null,{"$f":"E8776*F8776","v":0}]
[null,null,null,null,null,null,0]
[null,null,null,null,null,null,0]
[null,null,null,null,null,null,0]
[null,null,null,null,null,null,0]
[null,null,null,null,null,null,0]
[null,null,null,null,null,null,0]
[null,null,null,null,null,null,0]
[null,null,null,null,null,null,0]
[null,null,null,null,null,null,0]
[null,null,null,null,null,null,0]
[null,null,null,null,null,null,0]
[null,null,null,null,null,null,0]
[null,null,null,null,null,null,0]
[null,null,null,null,null,null,0]
[null,null,null,null,null,null,0]
[null,null,null,null,null,null,0]
[null,null,null,null,null,"TOTAL",{"$f":"SUM(G8773:G8792)","v":0}]
[]
[]
["CLASSE/TIPO","CÓDIGOS/ SINAPI","DESCRIÇÃO","UND"]
[null,null,null,null,"COEFICIENTE","PREÇO UNITÁRIO (R$)","PREÇO TOTAL (R$)"]
[null,null,null,null,null,null,{"$f":"E8798*F8798","v":0}]
[null,null,null,null,null,null,{"$f":"E8799*F8799","v":0}]
[null,null,null,null,null,null,{"$f":"E8800*F8800","v":0}]
[null,null,null,null,null,null,{"$f":"E8801*F8801","v":0}]
[null,null,null,null,null,null,0]
[null,null,null,null,null,null,0]
[null,null,null,null,null,null,0]
[null,null,null,null,null,null,0]
[null,null,null,null,null,null,0]
[null,null,null,null,null,null,0]
[null,null,null,null,null,null,0]
[null,null,null,null,null,null,0]
[null,null,null,null,null,null,0]
[null,null,null,null,null,null,0]
[null,null,null,null,null,null,0]
[null,null,null,null,null,null,0]
[null,null,null,null,null,null,0]
[null,null,null,null,null,null,0]
[null,null,null,null,null,null,0]
[null,null,null,null,null,null,0]
[null,null,null,null,null,"TOTAL",{"$f":"SUM(G8798:G8817)","v":0}]
[]
[]
["CLASSE/TIPO","CÓDIGOS/ SINAPI","DESCRIÇÃO","UND"]
[null,null,null,null,"COEFICIENTE","PREÇO UNITÁRIO (R$)","PREÇO TOTAL (R$)"]
[null,null,null,null,null,null,{"$f":"E8823*F8823","v":0}]
[null,null,null,null,null,null,{"$f":"E8824*F8824","v":0}]
[null,null,null,null,null,null,{"$f":"E8825*F8825","v":0}]
[null,null,null,null,null,null,{"$f":"E8826*F8826","v":0}]
[null,null,null,null,null,null,0]
[null,null,null,null,null,null,0]
[null,null,null,null,null,null,0]
[null,null,null,null,null,null,0]
[null,null,null,null,null,null,0]
[null,null,null,null,null,null,0]
[null,null,null,null,null,null,0]
[null,null,null,null,null,null,0]
[null,null,null,null,null,null,0]
[null,null,null,null,null,null,0]
[null,null,null,null,null,null,0]
[null,null,null,null,null,null,0]
[null,null,null,null,null,null,0]
[null,null,null,null,null,null,0]
[null,null,null,null,null,null,0]
[null,null,null,null,null,null,0]
[null,null,null,null,null,"TOTAL",{"$f":"SUM(G8823:G8842)","v":0}]
[]
[]
["CLASSE/TIPO","CÓDIGOS/ SINAPI","DESCRIÇÃO","UND"]
[null,null,null,null,"COEFICIENTE","PREÇO UNITÁRIO (R$)","PREÇO TOTAL (R$)"]
[null,null,null,null,null,null,{"$f":"E8848*F8848","v":0}]
[null,null,null,null,null,null,{"$f":"E8849*F8849","v":0}]
[null,null,null,null,null,null,{"$f":"E8850*F8850","v":0}]
[null,null,null,null,null,null,{"$f":"E8851*F8851","v":0}]
[null,null,null,null,null,null,0]
[null,null,null,null,null,null,0]
[null,null,null,null,null,null,0]
[null,null,null,null,null,null,0]
[null,null,null,null,null,null,0]
[null,null,null,null,null,null,0]
[null,null,null,null,null,null,0]
[null,null,null,null,null,null,0]
[null,null,null,null,null,null,0]
[null,null,null,null,null,null,0]
[null,null,null,null,null,null,0]
[null,null,null,null,null,null,0]
[null,null,null,null,null,null,0]
[null,null,null,null,null,null,0]
[null,null,null,null,null,null,0]
[null,null,null,null,null,null,0]
[null,null,null,null,null,"TOTAL",{"$f":"SUM(G8848:G8867)","v":0}]
[]
[]
["CLASSE/TIPO","CÓDIGOS/ SINAPI","DESCRIÇÃO","UND"]
[null,null,null,null,"COEFICIENTE","PREÇO UNITÁRIO (R$)","PREÇO TOTAL (R$)"]
[null,null,null,null,null,null,{"$f":"E8873*F8873","v":0}]
[null,null,null,null,null,null,{"$f":"E8874*F8874","v":0}]
[null,null,null,null,null,null,{"$f":"E8875*F8875","v":0}]
[null,null,null,null,null,null,{"$f":"E8876*F8876","v":0}]
[null,null,null,null,null,null,0]
[null,null,null,null,null,null,0]
[null,null,null,null,null,null,0]
[null,null,null,null,null,null,0]
[null,null,null,null,null,null,0]
[null,null,null,null,null,null,0]
[null,null,null,null,null,null,0]
[null,null,null,null,null,null,0]
[null,null,null,null,null,null,0]
[null,null,null,null,null,null,0]
[null,null,null,null,null,null,0]
[null,null,null,null,null,null,0]
[null,null,null,null,null,null,0]
[null,null,null,null,null,null,0]
[null,null,null,null,null,null,0]
[null,null,null,null,null,null,0]
[null,null,null,null,null,"TOTAL",{"$f":"SUM(G8873:G8892)","v":0}]
[]
[]
["CLASSE/TIPO","CÓDIGOS/ SINAPI","DESCRIÇÃO","UND"]
[null,null,null,null,"COEFICIENTE","PREÇO UNITÁRIO (R$)","PREÇO TOTAL (R$)"]
[null,null,null,null,null,null,{"$f":"E8898*F8898","v":0}]
[null,null,null,null,null,null,{"$f":"E8899*F8899","v":0}]
[null,null,null,null,null,null,{"$f":"E8900*F8900","v":0}]
[null,null,null,null,null,null,{"$f":"E8901*F8901","v":0}]
[null,null,null,null,null,null,0]
[null,null,null,null,null,null,0]
[null,null,null,null,null,null,0]
[null,null,null,null,null,null,0]
[null,null,null,null,null,null,0]
[null,null,null,null,null,null,0]
[null,null,null,null,null,null,0]
[null,null,null,null,null,null,0]
[null,null,null,null,null,null,0]
[null,null,null,null,null,null,0]
[null,null,null,null,null,null,0]
[null,null,null,null,null,null,0]
[null,null,null,null,null,null,0]
[null,null,null,null,null,null,0]
[null,null,null,null,null,null,0]
[null,null,null,null,null,null,0]
[null,null,null,null,null,"TOTAL",{"$f":"SUM(G8898:G8917)","v":0}]
[]
[]
["CLASSE/TIPO","CÓDIGOS/ SINAPI","DESCRIÇÃO","UND"]
[null,null,null,null,"COEFICIENTE","PREÇO UNITÁRIO (R$)","PREÇO TOTAL (R$)"]
[null,null,null,null,null,null,{"$f":"E8923*F8923","v":0}]
[null,null,null,null,null,null,{"$f":"E8924*F8924","v":0}]
[null,null,null,null,null,null,{"$f":"E8925*F8925","v":0}]
[null,null,null,null,null,null,{"$f":"E8926*F8926","v":0}]
[null,null,null,null,null,null,0]
[null,null,null,null,null,null,0]
[null,null,null,null,null,null,0]
[null,null,null,null,null,null,0]
[null,null,null,null,null,null,0]
[null,null,null,null,null,null,0]
[null,null,null,null,null,null,0]
[null,null,null,null,null,null,0]
[null,null,null,null,null,null,0]
[null,null,null,null,null,null,0]
[null,null,null,null,null,null,0]
[null,null,null,null,null,null,0]
[null,null,null,null,null,null,0]
[null,null,null,null,null,null,0]
[null,null,null,null,null,null,0]
[null,null,null,null,null,null,0]
[null,null,null,null,null,"TOTAL",{"$f":"SUM(G8923:G8942)","v":0}]
[]
[]
["CLASSE/TIPO","CÓDIGOS/ SINAPI","DESCRIÇÃO","UND"]
[null,null,null,null,"COEFICIENTE","PREÇO UNITÁRIO (R$)","PREÇO TOTAL (R$)"]
[null,null,null,null,null,null,{"$f":"E8948*F8948","v":0}]
[null,null,null,null,null,null,{"$f":"E8949*F8949","v":0}]
[null,null,null,null,null,null,{"$f":"E8950*F8950","v":0}]
[null,null,null,null,null,null,{"$f":"E8951*F8951","v":0}]
[null,null,null,null,null,null,0]
[null,null,null,null,null,null,0]
[null,null,null,null,null,null,0]
[null,null,null,null,null,null,0]
[null,null,null,null,null,null,0]
[null,null,null,null,null,null,0]
[null,null,null,null,null,null,0]
[null,null,null,null,null,null,0]
[null,null,null,null,null,null,0]
[null,null,null,null,null,null,0]
[null,null,null,null,null,null,0]
[null,null,null,null,null,null,0]
[null,null,null,null,null,null,0]
[null,null,null,null,null,null,0]
[null,null,null,null,null,null,0]
[null,null,null,null,null,null,0]
[null,null,null,null,null,"TOTAL",{"$f":"SUM(G8948:G8967)","v":0}]
[]
[]
["CLASSE/TIPO","CÓDIGOS/ SINAPI","DESCRIÇÃO","UND"]
[null,null,null,null,"COEFICIENTE","PREÇO UNITÁRIO (R$)","PREÇO TOTAL (R$)"]
[null,null,null,null,null,null,{"$f":"E8973*F8973","v":0}]
[null,null,null,null,null,null,{"$f":"E8974*F8974","v":0}]
[null,null,null,null,null,null,{"$f":"E8975*F8975","v":0}]
[null,null,null,null,null,null,{"$f":"E8976*F8976","v":0}]
[null,null,null,null,null,null,0]
[null,null,null,null,null,null,0]
[null,null,null,null,null,null,0]
[null,null,null,null,null,null,0]
[null,null,null,null,null,null,0]
[null,null,null,null,null,null,0]
[null,null,null,null,null,null,0]
[null,null,null,null,null,null,0]
[null,null,null,null,null,null,0]
[null,null,null,null,null,null,0]
[null,null,null,null,null,null,0]
[null,null,null,null,null,null,0]
[null,null,null,null,null,null,0]
[null,null,null,null,null,null,0]
[null,null,null,null,null,null,0]
[null,null,null,null,null,null,0]
[null,null,null,null,null,"TOTAL",{"$f":"SUM(G8973:G8992)","v":0}]
[]
[]
["CLASSE/TIPO","CÓDIGOS/ SINAPI","DESCRIÇÃO","UND"]
[null,null,null,null,"COEFICIENTE","PREÇO UNITÁRIO (R$)","PREÇO TOTAL (R$)"]
[null,null,null,null,null,null,{"$f":"E8998*F8998","v":0}]
[null,null,null,null,null,null,{"$f":"E8999*F8999","v":0}]
[null,null,null,null,null,null,{"$f":"E9000*F9000","v":0}]
[null,null,null,null,null,null,{"$f":"E9001*F9001","v":0}]
[null,null,null,null,null,null,0]
[null,null,null,null,null,null,0]
[null,null,null,null,null,null,0]
[null,null,null,null,null,null,0]
[null,null,null,null,null,null,0]
[null,null,null,null,null,null,0]
[null,null,null,null,null,null,0]
[null,null,null,null,null,null,0]
[null,null,null,null,null,null,0]
[null,null,null,null,null,null,0]
[null,null,null,null,null,null,0]
[null,null,null,null,null,null,0]
[null,null,null,null,null,null,0]
[null,null,null,null,null,null,0]
[null,null,null,null,null,null,0]
[null,null,null,null,null,null,0]
[null,null,null,null,null,"TOTAL",{"$f":"SUM(G8998:G9017)","v":0}]
[]
[]
["CLASSE/TIPO","CÓDIGOS/ SINAPI","DESCRIÇÃO","UND"]
[null,null,null,null,"COEFICIENTE","PREÇO UNITÁRIO (R$)","PREÇO TOTAL (R$)"]
[null,null,null,null,null,null,{"$f":"E9023*F9023","v":0}]
[null,null,null,null,null,null,{"$f":"E9024*F9024","v":0}]
[null,null,null,null,null,null,{"$f":"E9025*F9025","v":0}]
[null,null,null,null,null,null,{"$f":"E9026*F9026","v":0}]
[null,null,null,null,null,null,0]
[null,null,null,null,null,null,0]
[null,null,null,null,null,null,0]
[null,null,null,null,null,null,0]
[null,null,null,null,null,null,0]
[null,null,null,null,null,null,0]
[null,null,null,null,null,null,0]
[null,null,null,null,null,null,0]
[null,null,null,null,null,null,0]
[null,null,null,null,null,null,0]
[null,null,null,null,null,null,0]
[null,null,null,null,null,null,0]
[null,null,null,null,null,null,0]
[null,null,null,null,null,null,0]
[null,null,null,null,null,null,0]
[null,null,null,null,null,null,0]
[null,null,null,null,null,"TOTAL",{"$f":"SUM(G9023:G9042)","v":0}]
[]
[]
["CLASSE/TIPO","CÓDIGOS/ SINAPI","DESCRIÇÃO","UND"]
[null,null,null,null,"COEFICIENTE","PREÇO UNITÁRIO (R$)","PREÇO TOTAL (R$)"]
[null,null,null,null,null,null,{"$f":"E9048*F9048","v":0}]
[null,null,null,null,null,null,{"$f":"E9049*F9049","v":0}]
[null,null,null,null,null,null,{"$f":"E9050*F9050","v":0}]
[null,null,null,null,null,null,{"$f":"E9051*F9051","v":0}]
[null,null,null,null,null,null,0]
[null,null,null,null,null,null,0]
[null,null,null,null,null,null,0]
[null,null,null,null,null,null,0]
[null,null,null,null,null,null,0]
[null,null,null,null,null,null,0]
[null,null,null,null,null,null,0]
[null,null,null,null,null,null,0]
[null,null,null,null,null,null,0]
[null,null,null,null,null,null,0]
[null,null,null,null,null,null,0]
[null,null,null,null,null,null,0]
[null,null,null,null,null,null,0]
[null,null,null,null,null,null,0]
[null,null,null,null,null,null,0]
[null,null,null,null,null,null,0]
[null,null,null,null,null,"TOTAL",{"$f":"SUM(G9048:G9067)","v":0}]
[]
[]
["CLASSE/TIPO","CÓDIGOS/ SINAPI","DESCRIÇÃO","UND"]
[null,null,null,null,"COEFICIENTE","PREÇO UNITÁRIO (R$)","PREÇO TOTAL (R$)"]
[null,null,null,null,null,null,{"$f":"E9073*F9073","v":0}]
[null,null,null,null,null,null,{"$f":"E9074*F9074","v":0}]
[null,null,null,null,null,null,{"$f":"E9075*F9075","v":0}]
[null,null,null,null,null,null,{"$f":"E9076*F9076","v":0}]
[null,null,null,null,null,null,0]
[null,null,null,null,null,null,0]
[null,null,null,null,null,null,0]
[null,null,null,null,null,null,0]
[null,null,null,null,null,null,0]
[null,null,null,null,null,null,0]
[null,null,null,null,null,null,0]
[null,null,null,null,null,null,0]
[null,null,null,null,null,null,0]
[null,null,null,null,null,null,0]
[null,null,null,null,null,null,0]
[null,null,null,null,null,null,0]
[null,null,null,null,null,null,0]
[null,null,null,null,null,null,0]
[null,null,null,null,null,null,0]
[null,null,null,null,null,null,0]
[null,null,null,null,null,"TOTAL",{"$f":"SUM(G9073:G9092)","v":0}]
[]
[]
["CLASSE/TIPO","CÓDIGOS/ SINAPI","DESCRIÇÃO","UND"]
[null,null,null,null,"COEFICIENTE","PREÇO UNITÁRIO (R$)","PREÇO TOTAL (R$)"]
[null,null,null,null,null,null,{"$f":"E9098*F9098","v":0}]
[null,null,null,null,null,null,{"$f":"E9099*F9099","v":0}]
[null,null,null,null,null,null,{"$f":"E9100*F9100","v":0}]
[null,null,null,null,null,null,{"$f":"E9101*F9101","v":0}]
[null,null,null,null,null,null,0]
[null,null,null,null,null,null,0]
[null,null,null,null,null,null,0]
[null,null,null,null,null,null,0]
[null,null,null,null,null,null,0]
[null,null,null,null,null,null,0]
[null,null,null,null,null,null,0]
[null,null,null,null,null,null,0]
[null,null,null,null,null,null,0]
[null,null,null,null,null,null,0]
[null,null,null,null,null,null,0]
[null,null,null,null,null,null,0]
[null,null,null,null,null,null,0]
[null,null,null,null,null,null,0]
[null,null,null,null,null,null,0]
[null,null,null,null,null,null,0]
[null,null,null,null,null,"TOTAL",{"$f":"SUM(G9098:G9117)","v":0}]
[]
[]
["CLASSE/TIPO","CÓDIGOS/ SINAPI","DESCRIÇÃO","UND"]
[null,null,null,null,"COEFICIENTE","PREÇO UNITÁRIO (R$)","PREÇO TOTAL (R$)"]
[null,null,null,null,null,null,{"$f":"E9123*F9123","v":0}]
[null,null,null,null,null,null,{"$f":"E9124*F9124","v":0}]
[null,null,null,null,null,null,{"$f":"E9125*F9125","v":0}]
[null,null,null,null,null,null,{"$f":"E9126*F9126","v":0}]
[null,null,null,null,null,null,0]
[null,null,null,null,null,null,0]
[null,null,null,null,null,null,0]
[null,null,null,null,null,null,0]
[null,null,null,null,null,null,0]
[null,null,null,null,null,null,0]
[null,null,null,null,null,null,0]
[null,null,null,null,null,null,0]
[null,null,null,null,null,null,0]
[null,null,null,null,null,null,0]
[null,null,null,null,null,null,0]
[null,null,null,null,null,null,0]
[null,null,null,null,null,null,0]
[null,null,null,null,null,null,0]
[null,null,null,null,null,null,0]
[null,null,null,null,null,null,0]
[null,null,null,null,null,"TOTAL",{"$f":"SUM(G9123:G9142)","v":0}]
[]
[]
["CLASSE/TIPO","CÓDIGOS/ SINAPI","DESCRIÇÃO","UND"]
[null,null,null,null,"COEFICIENTE","PREÇO UNITÁRIO (R$)","PREÇO TOTAL (R$)"]
[null,null,null,null,null,null,{"$f":"E9148*F9148","v":0}]
[null,null,null,null,null,null,{"$f":"E9149*F9149","v":0}]
[null,null,null,null,null,null,{"$f":"E9150*F9150","v":0}]
[null,null,null,null,null,null,{"$f":"E9151*F9151","v":0}]
[null,null,null,null,null,null,0]
[null,null,null,null,null,null,0]
[null,null,null,null,null,null,0]
[null,null,null,null,null,null,0]
[null,null,null,null,null,null,0]
[null,null,null,null,null,null,0]
[null,null,null,null,null,null,0]
[null,null,null,null,null,null,0]
[null,null,null,null,null,null,0]
[null,null,null,null,null,null,0]
[null,null,null,null,null,null,0]
[null,null,null,null,null,null,0]
[null,null,null,null,null,null,0]
[null,null,null,null,null,null,0]
[null,null,null,null,null,null,0]
[null,null,null,null,null,null,0]
[null,null,null,null,null,"TOTAL",{"$f":"SUM(G9148:G9167)","v":0}]
[]
[]
["CLASSE/TIPO","CÓDIGOS/ SINAPI","DESCRIÇÃO","UND"]
[null,null,null,null,"COEFICIENTE","PREÇO UNITÁRIO (R$)","PREÇO TOTAL (R$)"]
[null,null,null,null,null,null,{"$f":"E9173*F9173","v":0}]
[null,null,null,null,null,null,{"$f":"E9174*F9174","v":0}]
[null,null,null,null,null,null,{"$f":"E9175*F9175","v":0}]
[null,null,null,null,null,null,{"$f":"E9176*F9176","v":0}]
[null,null,null,null,null,null,0]
[null,null,null,null,null,null,0]
[null,null,null,null,null,null,0]
[null,null,null,null,null,null,0]
[null,null,null,null,null,null,0]
[null,null,null,null,null,null,0]
[null,null,null,null,null,null,0]
[null,null,null,null,null,null,0]
[null,null,null,null,null,null,0]
[null,null,null,null,null,null,0]
[null,null,null,null,null,null,0]
[null,null,null,null,null,null,0]
[null,null,null,null,null,null,0]
[null,null,null,null,null,null,0]
[null,null,null,null,null,null,0]
[null,null,null,null,null,null,0]
[null,null,null,null,null,"TOTAL",{"$f":"SUM(G9173:G9192)","v":0}]
[]
[]
["CLASSE/TIPO","CÓDIGOS/ SINAPI","DESCRIÇÃO","UND"]
[null,null,null,null,"COEFICIENTE","PREÇO UNITÁRIO (R$)","PREÇO TOTAL (R$)"]
[null,null,null,null,null,null,{"$f":"E9198*F9198","v":0}]
[null,null,null,null,null,null,{"$f":"E9199*F9199","v":0}]
[null,null,null,null,null,null,{"$f":"E9200*F9200","v":0}]
[null,null,null,null,null,null,{"$f":"E9201*F9201","v":0}]
[null,null,null,null,null,null,0]
[null,null,null,null,null,null,0]
[null,null,null,null,null,null,0]
[null,null,null,null,null,null,0]
[null,null,null,null,null,null,0]
[null,null,null,null,null,null,0]
[null,null,null,null,null,null,0]
[null,null,null,null,null,null,0]
[null,null,null,null,null,null,0]
[null,null,null,null,null,null,0]
[null,null,null,null,null,null,0]
[null,null,null,null,null,null,0]
[null,null,null,null,null,null,0]
[null,null,null,null,null,null,0]
[null,null,null,null,null,null,0]
[null,null,null,null,null,null,0]
[null,null,null,null,null,"TOTAL",{"$f":"SUM(G9198:G9217)","v":0}]
[]
[]
["CLASSE/TIPO","CÓDIGOS/ SINAPI","DESCRIÇÃO","UND"]
[null,null,null,null,"COEFICIENTE","PREÇO UNITÁRIO (R$)","PREÇO TOTAL (R$)"]
[null,null,null,null,null,null,{"$f":"E9223*F9223","v":0}]
[null,null,null,null,null,null,{"$f":"E9224*F9224","v":0}]
[null,null,null,null,null,null,{"$f":"E9225*F9225","v":0}]
[null,null,null,null,null,null,{"$f":"E9226*F9226","v":0}]
[null,null,null,null,null,null,0]
[null,null,null,null,null,null,0]
[null,null,null,null,null,null,0]
[null,null,null,null,null,null,0]
[null,null,null,null,null,null,0]
[null,null,null,null,null,null,0]
[null,null,null,null,null,null,0]
[null,null,null,null,null,null,0]
[null,null,null,null,null,null,0]
[null,null,null,null,null,null,0]
[null,null,null,null,null,null,0]
[null,null,null,null,null,null,0]
[null,null,null,null,null,null,0]
[null,null,null,null,null,null,0]
[null,null,null,null,null,null,0]
[null,null,null,null,null,null,0]
[null,null,null,null,null,"TOTAL",{"$f":"SUM(G9223:G9242)","v":0}]
[]
[]
["CLASSE/TIPO","CÓDIGOS/ SINAPI","DESCRIÇÃO","UND"]
[null,null,null,null,"COEFICIENTE","PREÇO UNITÁRIO (R$)","PREÇO TOTAL (R$)"]
[null,null,null,null,null,null,{"$f":"E9248*F9248","v":0}]
[null,null,null,null,null,null,{"$f":"E9249*F9249","v":0}]
[null,null,null,null,null,null,{"$f":"E9250*F9250","v":0}]
[null,null,null,null,null,null,{"$f":"E9251*F9251","v":0}]
[null,null,null,null,null,null,0]
[null,null,null,null,null,null,0]
[null,null,null,null,null,null,0]
[null,null,null,null,null,null,0]
[null,null,null,null,null,null,0]
[null,null,null,null,null,null,0]
[null,null,null,null,null,null,0]
[null,null,null,null,null,null,0]
[null,null,null,null,null,null,0]
[null,null,null,null,null,null,0]
[null,null,null,null,null,null,0]
[null,null,null,null,null,null,0]
[null,null,null,null,null,null,0]
[null,null,null,null,null,null,0]
[null,null,null,null,null,null,0]
[null,null,null,null,null,null,0]
[null,null,null,null,null,"TOTAL",{"$f":"SUM(G9248:G9267)","v":0}]
[]
[]
["CLASSE/TIPO","CÓDIGOS/ SINAPI","DESCRIÇÃO","UND"]
[null,null,null,null,"COEFICIENTE","PREÇO UNITÁRIO (R$)","PREÇO TOTAL (R$)"]
[null,null,null,null,null,null,{"$f":"E9273*F9273","v":0}]
[null,null,null,null,null,null,{"$f":"E9274*F9274","v":0}]
[null,null,null,null,null,null,{"$f":"E9275*F9275","v":0}]
[null,null,null,null,null,null,{"$f":"E9276*F9276","v":0}]
[null,null,null,null,null,null,0]
[null,null,null,null,null,null,0]
[null,null,null,null,null,null,0]
[null,null,null,null,null,null,0]
[null,null,null,null,null,null,0]
[null,null,null,null,null,null,0]
[null,null,null,null,null,null,0]
[null,null,null,null,null,null,0]
[null,null,null,null,null,null,0]
[null,null,null,null,null,null,0]
[null,null,null,null,null,null,0]
[null,null,null,null,null,null,0]
[null,null,null,null,null,null,0]
[null,null,null,null,null,null,0]
[null,null,null,null,null,null,0]
[null,null,null,null,null,null,0]
[null,null,null,null,null,"TOTAL",{"$f":"SUM(G9273:G9292)","v":0}]
[]
[]
["CLASSE/TIPO","CÓDIGOS/ SINAPI","DESCRIÇÃO","UND"]
[null,null,null,null,"COEFICIENTE","PREÇO UNITÁRIO (R$)","PREÇO TOTAL (R$)"]
[null,null,null,null,null,null,{"$f":"E9298*F9298","v":0}]
[null,null,null,null,null,null,{"$f":"E9299*F9299","v":0}]
[null,null,null,null,null,null,{"$f":"E9300*F9300","v":0}]
[null,null,null,null,null,null,{"$f":"E9301*F9301","v":0}]
[null,null,null,null,null,null,0]
[null,null,null,null,null,null,0]
[null,null,null,null,null,null,0]
[null,null,null,null,null,null,0]
[null,null,null,null,null,null,0]
[null,null,null,null,null,null,0]
[null,null,null,null,null,null,0]
[null,null,null,null,null,null,0]
[null,null,null,null,null,null,0]
[null,null,null,null,null,null,0]
[null,null,null,null,null,null,0]
[null,null,null,null,null,null,0]
[null,null,null,null,null,null,0]
[null,null,null,null,null,null,0]
[null,null,null,null,null,null,0]
[null,null,null,null,null,null,0]
[null,null,null,null,null,"TOTAL",{"$f":"SUM(G9298:G9317)","v":0}]
[]
[]
["CLASSE/TIPO","CÓDIGOS/ SINAPI","DESCRIÇÃO","UND"]
[null,null,null,null,"COEFICIENTE","PREÇO UNITÁRIO (R$)","PREÇO TOTAL (R$)"]
[null,null,null,null,null,null,{"$f":"E9323*F9323","v":0}]
[null,null,null,null,null,null,{"$f":"E9324*F9324","v":0}]
[null,null,null,null,null,null,{"$f":"E9325*F9325","v":0}]
[null,null,null,null,null,null,{"$f":"E9326*F9326","v":0}]
[null,null,null,null,null,null,0]
[null,null,null,null,null,null,0]
[null,null,null,null,null,null,0]
[null,null,null,null,null,null,0]
[null,null,null,null,null,null,0]
[null,null,null,null,null,null,0]
[null,null,null,null,null,null,0]
[null,null,null,null,null,null,0]
[null,null,null,null,null,null,0]
[null,null,null,null,null,null,0]
[null,null,null,null,null,null,0]
[null,null,null,null,null,null,0]
[null,null,null,null,null,null,0]
[null,null,null,null,null,null,0]
[null,null,null,null,null,null,0]
[null,null,null,null,null,null,0]
[null,null,null,null,null,"TOTAL",{"$f":"SUM(G9323:G9342)","v":0}]
[]
[]
["CLASSE/TIPO","CÓDIGOS/ SINAPI","DESCRIÇÃO","UND"]
[null,null,null,null,"COEFICIENTE","PREÇO UNITÁRIO (R$)","PREÇO TOTAL (R$)"]
[null,null,null,null,null,null,{"$f":"E9348*F9348","v":0}]
[null,null,null,null,null,null,{"$f":"E9349*F9349","v":0}]
[null,null,null,null,null,null,{"$f":"E9350*F9350","v":0}]
[null,null,null,null,null,null,{"$f":"E9351*F9351","v":0}]
[null,null,null,null,null,null,0]
[null,null,null,null,null,null,0]
[null,null,null,null,null,null,0]
[null,null,null,null,null,null,0]
[null,null,null,null,null,null,0]
[null,null,null,null,null,null,0]
[null,null,null,null,null,null,0]
[null,null,null,null,null,null,0]
[null,null,null,null,null,null,0]
[null,null,null,null,null,null,0]
[null,null,null,null,null,null,0]
[null,null,null,null,null,null,0]
[null,null,null,null,null,null,0]
[null,null,null,null,null,null,0]
[null,null,null,null,null,null,0]
[null,null,null,null,null,null,0]
[null,null,null,null,null,"TOTAL",{"$f":"SUM(G9348:G9367)","v":0}]
[]
[]
["CLASSE/TIPO","CÓDIGOS/ SINAPI","DESCRIÇÃO","UND"]
[null,null,null,null,"COEFICIENTE","PREÇO UNITÁRIO (R$)","PREÇO TOTAL (R$)"]
[null,null,null,null,null,null,{"$f":"E9373*F9373","v":0}]
[null,null,null,null,null,null,{"$f":"E9374*F9374","v":0}]
[null,null,null,null,null,null,{"$f":"E9375*F9375","v":0}]
[null,null,null,null,null,null,{"$f":"E9376*F9376","v":0}]
[null,null,null,null,null,null,0]
[null,null,null,null,null,null,0]
[null,null,null,null,null,null,0]
[null,null,null,null,null,null,0]
[null,null,null,null,null,null,0]
[null,null,null,null,null,null,0]
[null,null,null,null,null,null,0]
[null,null,null,null,null,null,0]
[null,null,null,null,null,null,0]
[null,null,null,null,null,null,0]
[null,null,null,null,null,null,0]
[null,null,null,null,null,null,0]
[null,null,null,null,null,null,0]
[null,null,null,null,null,null,0]
[null,null,null,null,null,null,0]
[null,null,null,null,null,null,0]
[null,null,null,null,null,"TOTAL",{"$f":"SUM(G9373:G9392)","v":0}]
[]
[]
["CLASSE/TIPO","CÓDIGOS/ SINAPI","DESCRIÇÃO","UND"]
[null,null,null,null,"COEFICIENTE","PREÇO UNITÁRIO (R$)","PREÇO TOTAL (R$)"]
[null,null,null,null,null,null,{"$f":"E9398*F9398","v":0}]
[null,null,null,null,null,null,{"$f":"E9399*F9399","v":0}]
[null,null,null,null,null,null,{"$f":"E9400*F9400","v":0}]
[null,null,null,null,null,null,{"$f":"E9401*F9401","v":0}]
[null,null,null,null,null,null,0]
[null,null,null,null,null,null,0]
[null,null,null,null,null,null,0]
[null,null,null,null,null,null,0]
[null,null,null,null,null,null,0]
[null,null,null,null,null,null,0]
[null,null,null,null,null,null,0]
[null,null,null,null,null,null,0]
[null,null,null,null,null,null,0]
[null,null,null,null,null,null,0]
[null,null,null,null,null,null,0]
[null,null,null,null,null,null,0]
[null,null,null,null,null,null,0]
[null,null,null,null,null,null,0]
[null,null,null,null,null,null,0]
[null,null,null,null,null,null,0]
[null,null,null,null,null,"TOTAL",{"$f":"SUM(G9398:G9417)","v":0}]
[]
[]
["CLASSE/TIPO","CÓDIGOS/ SINAPI","DESCRIÇÃO","UND"]
[null,null,null,null,"COEFICIENTE","PREÇO UNITÁRIO (R$)","PREÇO TOTAL (R$)"]
[null,null,null,null,null,null,{"$f":"E9423*F9423","v":0}]
[null,null,null,null,null,null,{"$f":"E9424*F9424","v":0}]
[null,null,null,null,null,null,{"$f":"E9425*F9425","v":0}]
[null,null,null,null,null,null,{"$f":"E9426*F9426","v":0}]
[null,null,null,null,null,null,0]
[null,null,null,null,null,null,0]
[null,null,null,null,null,null,0]
[null,null,null,null,null,null,0]
[null,null,null,null,null,null,0]
[null,null,null,null,null,null,0]
[null,null,null,null,null,null,0]
[null,null,null,null,null,null,0]
[null,null,null,null,null,null,0]
[null,null,null,null,null,null,0]
[null,null,null,null,null,null,0]
[null,null,null,null,null,null,0]
[null,null,null,null,null,null,0]
[null,null,null,null,null,null,0]
[null,null,null,null,null,null,0]
[null,null,null,null,null,null,0]
[null,null,null,null,null,"TOTAL",{"$f":"SUM(G9423:G9442)","v":0}]
[]
[]
["CLASSE/TIPO","CÓDIGOS/ SINAPI","DESCRIÇÃO","UND"]
[null,null,null,null,"COEFICIENTE","PREÇO UNITÁRIO (R$)","PREÇO TOTAL (R$)"]
[null,null,null,null,null,null,{"$f":"E9448*F9448","v":0}]
[null,null,null,null,null,null,{"$f":"E9449*F9449","v":0}]
[null,null,null,null,null,null,{"$f":"E9450*F9450","v":0}]
[null,null,null,null,null,null,{"$f":"E9451*F9451","v":0}]
[null,null,null,null,null,null,0]
[null,null,null,null,null,null,0]
[null,null,null,null,null,null,0]
[null,null,null,null,null,null,0]
[null,null,null,null,null,null,0]
[null,null,null,null,null,null,0]
[null,null,null,null,null,null,0]
[null,null,null,null,null,null,0]
[null,null,null,null,null,null,0]
[null,null,null,null,null,null,0]
[null,null,null,null,null,null,0]
[null,null,null,null,null,null,0]
[null,null,null,null,null,null,0]
[null,null,null,null,null,null,0]
[null,null,null,null,null,null,0]
[null,null,null,null,null,null,0]
[null,null,null,null,null,"TOTAL",{"$f":"SUM(G9448:G9467)","v":0}]
[]
[]
["CLASSE/TIPO","CÓDIGOS/ SINAPI","DESCRIÇÃO","UND"]
[null,null,null,null,"COEFICIENTE","PREÇO UNITÁRIO (R$)","PREÇO TOTAL (R$)"]
[null,null,null,null,null,null,{"$f":"E9473*F9473","v":0}]
[null,null,null,null,null,null,{"$f":"E9474*F9474","v":0}]
[null,null,null,null,null,null,{"$f":"E9475*F9475","v":0}]
[null,null,null,null,null,null,{"$f":"E9476*F9476","v":0}]
[null,null,null,null,null,null,0]
[null,null,null,null,null,null,0]
[null,null,null,null,null,null,0]
[null,null,null,null,null,null,0]
[null,null,null,null,null,null,0]
[null,null,null,null,null,null,0]
[null,null,null,null,null,null,0]
[null,null,null,null,null,null,0]
[null,null,null,null,null,null,0]
[null,null,null,null,null,null,0]
[null,null,null,null,null,null,0]
[null,null,null,null,null,null,0]
[null,null,null,null,null,null,0]
[null,null,null,null,null,null,0]
[null,null,null,null,null,null,0]
[null,null,null,null,null,null,0]
[null,null,null,null,null,"TOTAL",{"$f":"SUM(G9473:G9492)","v":0}]
[]
[]
["CLASSE/TIPO","CÓDIGOS/ SINAPI","DESCRIÇÃO","UND"]
[null,null,null,null,"COEFICIENTE","PREÇO UNITÁRIO (R$)","PREÇO TOTAL (R$)"]
[null,null,null,null,null,null,{"$f":"E9498*F9498","v":0}]
[null,null,null,null,null,null,{"$f":"E9499*F9499","v":0}]
[null,null,null,null,null,null,{"$f":"E9500*F9500","v":0}]
[null,null,null,null,null,null,{"$f":"E9501*F9501","v":0}]
[null,null,null,null,null,null,0]
[null,null,null,null,null,null,0]
[null,null,null,null,null,null,0]
[null,null,null,null,null,null,0]
[null,null,null,null,null,null,0]
[null,null,null,null,null,null,0]
[null,null,null,null,null,null,0]
[null,null,null,null,null,null,0]
[null,null,null,null,null,null,0]
[null,null,null,null,null,null,0]
[null,null,null,null,null,null,0]
[null,null,null,null,null,null,0]
[null,null,null,null,null,null,0]
[null,null,null,null,null,null,0]
[null,null,null,null,null,null,0]
[null,null,null,null,null,null,0]
[null,null,null,null,null,"TOTAL",{"$f":"SUM(G9498:G9517)","v":0}]
[]
[]
["CLASSE/TIPO","CÓDIGOS/ SINAPI","DESCRIÇÃO","UND"]
[null,null,null,null,"COEFICIENTE","PREÇO UNITÁRIO (R$)","PREÇO TOTAL (R$)"]
[null,null,null,null,null,null,{"$f":"E9523*F9523","v":0}]
[null,null,null,null,null,null,{"$f":"E9524*F9524","v":0}]
[null,null,null,null,null,null,{"$f":"E9525*F9525","v":0}]
[null,null,null,null,null,null,{"$f":"E9526*F9526","v":0}]
[null,null,null,null,null,null,0]
[null,null,null,null,null,null,0]
[null,null,null,null,null,null,0]
[null,null,null,null,null,null,0]
[null,null,null,null,null,null,0]
[null,null,null,null,null,null,0]
[null,null,null,null,null,null,0]
[null,null,null,null,null,null,0]
[null,null,null,null,null,null,0]
[null,null,null,null,null,null,0]
[null,null,null,null,null,null,0]
[null,null,null,null,null,null,0]
[null,null,null,null,null,null,0]
[null,null,null,null,null,null,0]
[null,null,null,null,null,null,0]
[null,null,null,null,null,null,0]
[null,null,null,null,null,"TOTAL",{"$f":"SUM(G9523:G9542)","v":0}]
[]
[]
["CLASSE/TIPO","CÓDIGOS/ SINAPI","DESCRIÇÃO","UND"]
[null,null,null,null,"COEFICIENTE","PREÇO UNITÁRIO (R$)","PREÇO TOTAL (R$)"]
[null,null,null,null,null,null,{"$f":"E9548*F9548","v":0}]
[null,null,null,null,null,null,{"$f":"E9549*F9549","v":0}]
[null,null,null,null,null,null,{"$f":"E9550*F9550","v":0}]
[null,null,null,null,null,null,{"$f":"E9551*F9551","v":0}]
[null,null,null,null,null,null,0]
[null,null,null,null,null,null,0]
[null,null,null,null,null,null,0]
[null,null,null,null,null,null,0]
[null,null,null,null,null,null,0]
[null,null,null,null,null,null,0]
[null,null,null,null,null,null,0]
[null,null,null,null,null,null,0]
[null,null,null,null,null,null,0]
[null,null,null,null,null,null,0]
[null,null,null,null,null,null,0]
[null,null,null,null,null,null,0]
[null,null,null,null,null,null,0]
[null,null,null,null,null,null,0]
[null,null,null,null,null,null,0]
[null,null,null,null,null,null,0]
[null,null,null,null,null,"TOTAL",{"$f":"SUM(G9548:G9567)","v":0}]
[]
[]
["CLASSE/TIPO","CÓDIGOS/ SINAPI","DESCRIÇÃO","UND"]
[null,null,null,null,"COEFICIENTE","PREÇO UNITÁRIO (R$)","PREÇO TOTAL (R$)"]
[null,null,null,null,null,null,{"$f":"E9573*F9573","v":0}]
[null,null,null,null,null,null,{"$f":"E9574*F9574","v":0}]
[null,null,null,null,null,null,{"$f":"E9575*F9575","v":0}]
[null,null,null,null,null,null,{"$f":"E9576*F9576","v":0}]
[null,null,null,null,null,null,0]
[null,null,null,null,null,null,0]
[null,null,null,null,null,null,0]
[null,null,null,null,null,null,0]
[null,null,null,null,null,null,0]
[null,null,null,null,null,null,0]
[null,null,null,null,null,null,0]
[null,null,null,null,null,null,0]
[null,null,null,null,null,null,0]
[null,null,null,null,null,null,0]
[null,null,null,null,null,null,0]
[null,null,null,null,null,null,0]
[null,null,null,null,null,null,0]
[null,null,null,null,null,null,0]
[null,null,null,null,null,null,0]
[null,null,null,null,null,null,0]
[null,null,null,null,null,"TOTAL",{"$f":"SUM(G9573:G9592)","v":0}]
[]
[]
["CLASSE/TIPO","CÓDIGOS/ SINAPI","DESCRIÇÃO","UND"]
[null,null,null,null,"COEFICIENTE","PREÇO UNITÁRIO (R$)","PREÇO TOTAL (R$)"]
[null,null,null,null,null,null,{"$f":"E9598*F9598","v":0}]
[null,null,null,null,null,null,{"$f":"E9599*F9599","v":0}]
[null,null,null,null,null,null,{"$f":"E9600*F9600","v":0}]
[null,null,null,null,null,null,{"$f":"E9601*F9601","v":0}]
[null,null,null,null,null,null,0]
[null,null,null,null,null,null,0]
[null,null,null,null,null,null,0]
[null,null,null,null,null,null,0]
[null,null,null,null,null,null,0]
[null,null,null,null,null,null,0]
[null,null,null,null,null,null,0]
[null,null,null,null,null,null,0]
[null,null,null,null,null,null,0]
[null,null,null,null,null,null,0]
[null,null,null,null,null,null,0]
[null,null,null,null,null,null,0]
[null,null,null,null,null,null,0]
[null,null,null,null,null,null,0]
[null,null,null,null,null,null,0]
[null,null,null,null,null,null,0]
[null,null,null,null,null,"TOTAL",{"$f":"SUM(G9598:G9617)","v":0}]
[]
[]
["CLASSE/TIPO","CÓDIGOS/ SINAPI","DESCRIÇÃO","UND"]
[null,null,null,null,"COEFICIENTE","PREÇO UNITÁRIO (R$)","PREÇO TOTAL (R$)"]
[null,null,null,null,null,null,{"$f":"E9623*F9623","v":0}]
[null,null,null,null,null,null,{"$f":"E9624*F9624","v":0}]
[null,null,null,null,null,null,{"$f":"E9625*F9625","v":0}]
[null,null,null,null,null,null,{"$f":"E9626*F9626","v":0}]
[null,null,null,null,null,null,0]
[null,null,null,null,null,null,0]
[null,null,null,null,null,null,0]
[null,null,null,null,null,null,0]
[null,null,null,null,null,null,0]
[null,null,null,null,null,null,0]
[null,null,null,null,null,null,0]
[null,null,null,null,null,null,0]
[null,null,null,null,null,null,0]
[null,null,null,null,null,null,0]
[null,null,null,null,null,null,0]
[null,null,null,null,null,null,0]
[null,null,null,null,null,null,0]
[null,null,null,null,null,null,0]
[null,null,null,null,null,null,0]
[null,null,null,null,null,null,0]
[null,null,null,null,null,"TOTAL",{"$f":"SUM(G9623:G9642)","v":0}]
[]
[]
["CLASSE/TIPO","CÓDIGOS/ SINAPI","DESCRIÇÃO","UND"]
[null,null,null,null,"COEFICIENTE","PREÇO UNITÁRIO (R$)","PREÇO TOTAL (R$)"]
[null,null,null,null,null,null,{"$f":"E9648*F9648","v":0}]
[null,null,null,null,null,null,{"$f":"E9649*F9649","v":0}]
[null,null,null,null,null,null,{"$f":"E9650*F9650","v":0}]
[null,null,null,null,null,null,{"$f":"E9651*F9651","v":0}]
[null,null,null,null,null,null,0]
[null,null,null,null,null,null,0]
[null,null,null,null,null,null,0]
[null,null,null,null,null,null,0]
[null,null,null,null,null,null,0]
[null,null,null,null,null,null,0]
[null,null,null,null,null,null,0]
[null,null,null,null,null,null,0]
[null,null,null,null,null,null,0]
[null,null,null,null,null,null,0]
[null,null,null,null,null,null,0]
[null,null,null,null,null,null,0]
[null,null,null,null,null,null,0]
[null,null,null,null,null,null,0]
[null,null,null,null,null,null,0]
[null,null,null,null,null,null,0]
[null,null,null,null,null,"TOTAL",{"$f":"SUM(G9648:G9667)","v":0}]
[]
[]
["CLASSE/TIPO","CÓDIGOS/ SINAPI","DESCRIÇÃO","UND"]
[null,null,null,null,"COEFICIENTE","PREÇO UNITÁRIO (R$)","PREÇO TOTAL (R$)"]
[null,null,null,null,null,null,{"$f":"E9673*F9673","v":0}]
[null,null,null,null,null,null,{"$f":"E9674*F9674","v":0}]
[null,null,null,null,null,null,{"$f":"E9675*F9675","v":0}]
[null,null,null,null,null,null,{"$f":"E9676*F9676","v":0}]
[null,null,null,null,null,null,0]
[null,null,null,null,null,null,0]
[null,null,null,null,null,null,0]
[null,null,null,null,null,null,0]
[null,null,null,null,null,null,0]
[null,null,null,null,null,null,0]
[null,null,null,null,null,null,0]
[null,null,null,null,null,null,0]
[null,null,null,null,null,null,0]
[null,null,null,null,null,null,0]
[null,null,null,null,null,null,0]
[null,null,null,null,null,null,0]
[null,null,null,null,null,null,0]
[null,null,null,null,null,null,0]
[null,null,null,null,null,null,0]
[null,null,null,null,null,null,0]
[null,null,null,null,null,"TOTAL",{"$f":"SUM(G9673:G9692)","v":0}]
[]
[]
["CLASSE/TIPO","CÓDIGOS/ SINAPI","DESCRIÇÃO","UND"]
[null,null,null,null,"COEFICIENTE","PREÇO UNITÁRIO (R$)","PREÇO TOTAL (R$)"]
[null,null,null,null,null,null,{"$f":"E9698*F9698","v":0}]
[null,null,null,null,null,null,{"$f":"E9699*F9699","v":0}]
[null,null,null,null,null,null,{"$f":"E9700*F9700","v":0}]
[null,null,null,null,null,null,{"$f":"E9701*F9701","v":0}]
[null,null,null,null,null,null,0]
[null,null,null,null,null,null,0]
[null,null,null,null,null,null,0]
[null,null,null,null,null,null,0]
[null,null,null,null,null,null,0]
[null,null,null,null,null,null,0]
[null,null,null,null,null,null,0]
[null,null,null,null,null,null,0]
[null,null,null,null,null,null,0]
[null,null,null,null,null,null,0]
[null,null,null,null,null,null,0]
[null,null,null,null,null,null,0]
[null,null,null,null,null,null,0]
[null,null,null,null,null,null,0]
[null,null,null,null,null,null,0]
[null,null,null,null,null,null,0]
[null,null,null,null,null,"TOTAL",{"$f":"SUM(G9698:G9717)","v":0}]
[]
[]
["CLASSE/TIPO","CÓDIGOS/ SINAPI","DESCRIÇÃO","UND"]
[null,null,null,null,"COEFICIENTE","PREÇO UNITÁRIO (R$)","PREÇO TOTAL (R$)"]
[null,null,null,null,null,null,{"$f":"E9723*F9723","v":0}]
[null,null,null,null,null,null,{"$f":"E9724*F9724","v":0}]
[null,null,null,null,null,null,{"$f":"E9725*F9725","v":0}]
[null,null,null,null,null,null,{"$f":"E9726*F9726","v":0}]
[null,null,null,null,null,null,0]
[null,null,null,null,null,null,0]
[null,null,null,null,null,null,0]
[null,null,null,null,null,null,0]
[null,null,null,null,null,null,0]
[null,null,null,null,null,null,0]
[null,null,null,null,null,null,0]
[null,null,null,null,null,null,0]
[null,null,null,null,null,null,0]
[null,null,null,null,null,null,0]
[null,null,null,null,null,null,0]
[null,null,null,null,null,null,0]
[null,null,null,null,null,null,0]
[null,null,null,null,null,null,0]
[null,null,null,null,null,null,0]
[null,null,null,null,null,null,0]
[null,null,null,null,null,"TOTAL",{"$f":"SUM(G9723:G9742)","v":0}]
[]
[]
["CLASSE/TIPO","CÓDIGOS/ SINAPI","DESCRIÇÃO","UND"]
[null,null,null,null,"COEFICIENTE","PREÇO UNITÁRIO (R$)","PREÇO TOTAL (R$)"]
[null,null,null,null,null,null,{"$f":"E9748*F9748","v":0}]
[null,null,null,null,null,null,{"$f":"E9749*F9749","v":0}]
[null,null,null,null,null,null,{"$f":"E9750*F9750","v":0}]
[null,null,null,null,null,null,{"$f":"E9751*F9751","v":0}]
[null,null,null,null,null,null,0]
[null,null,null,null,null,null,0]
[null,null,null,null,null,null,0]
[null,null,null,null,null,null,0]
[null,null,null,null,null,null,0]
[null,null,null,null,null,null,0]
[null,null,null,null,null,null,0]
[null,null,null,null,null,null,0]
[null,null,null,null,null,null,0]
[null,null,null,null,null,null,0]
[null,null,null,null,null,null,0]
[null,null,null,null,null,null,0]
[null,null,null,null,null,null,0]
[null,null,null,null,null,null,0]
[null,null,null,null,null,null,0]
[null,null,null,null,null,null,0]
[null,null,null,null,null,"TOTAL",{"$f":"SUM(G9748:G9767)","v":0}]
[]
[]
["CLASSE/TIPO","CÓDIGOS/ SINAPI","DESCRIÇÃO","UND"]
[null,null,null,null,"COEFICIENTE","PREÇO UNITÁRIO (R$)","PREÇO TOTAL (R$)"]
[null,null,null,null,null,null,{"$f":"E9773*F9773","v":0}]
[null,null,null,null,null,null,{"$f":"E9774*F9774","v":0}]
[null,null,null,null,null,null,{"$f":"E9775*F9775","v":0}]
[null,null,null,null,null,null,{"$f":"E9776*F9776","v":0}]
[null,null,null,null,null,null,0]
[null,null,null,null,null,null,0]
[null,null,null,null,null,null,0]
[null,null,null,null,null,null,0]
[null,null,null,null,null,null,0]
[null,null,null,null,null,null,0]
[null,null,null,null,null,null,0]
[null,null,null,null,null,null,0]
[null,null,null,null,null,null,0]
[null,null,null,null,null,null,0]
[null,null,null,null,null,null,0]
[null,null,null,null,null,null,0]
[null,null,null,null,null,null,0]
[null,null,null,null,null,null,0]
[null,null,null,null,null,null,0]
[null,null,null,null,null,null,0]
[null,null,null,null,null,"TOTAL",{"$f":"SUM(G9773:G9792)","v":0}]
[]
[]
["CLASSE/TIPO","CÓDIGOS/ SINAPI","DESCRIÇÃO","UND"]
[null,null,null,null,"COEFICIENTE","PREÇO UNITÁRIO (R$)","PREÇO TOTAL (R$)"]
[null,null,null,null,null,null,{"$f":"E9798*F9798","v":0}]
[null,null,null,null,null,null,{"$f":"E9799*F9799","v":0}]
[null,null,null,null,null,null,{"$f":"E9800*F9800","v":0}]
[null,null,null,null,null,null,{"$f":"E9801*F9801","v":0}]
[null,null,null,null,null,null,0]
[null,null,null,null,null,null,0]
[null,null,null,null,null,null,0]
[null,null,null,null,null,null,0]
[null,null,null,null,null,null,0]
[null,null,null,null,null,null,0]
[null,null,null,null,null,null,0]
[null,null,null,null,null,null,0]
[null,null,null,null,null,null,0]
[null,null,null,null,null,null,0]
[null,null,null,null,null,null,0]
[null,null,null,null,null,null,0]
[null,null,null,null,null,null,0]
[null,null,null,null,null,null,0]
[null,null,null,null,null,null,0]
[null,null,null,null,null,null,0]
[null,null,null,null,null,"TOTAL",{"$f":"SUM(G9798:G9817)","v":0}]
[]
[]
["CLASSE/TIPO","CÓDIGOS/ SINAPI","DESCRIÇÃO","UND"]
[null,null,null,null,"COEFICIENTE","PREÇO UNITÁRIO (R$)","PREÇO TOTAL (R$)"]
[null,null,null,null,null,null,{"$f":"E9823*F9823","v":0}]
[null,null,null,null,null,null,{"$f":"E9824*F9824","v":0}]
[null,null,null,null,null,null,{"$f":"E9825*F9825","v":0}]
[null,null,null,null,null,null,{"$f":"E9826*F9826","v":0}]
[null,null,null,null,null,null,0]
[null,null,null,null,null,null,0]
[null,null,null,null,null,null,0]
[null,null,null,null,null,null,0]
[null,null,null,null,null,null,0]
[null,null,null,null,null,null,0]
[null,null,null,null,null,null,0]
[null,null,null,null,null,null,0]
[null,null,null,null,null,null,0]
[null,null,null,null,null,null,0]
[null,null,null,null,null,null,0]
[null,null,null,null,null,null,0]
[null,null,null,null,null,null,0]
[null,null,null,null,null,null,0]
[null,null,null,null,null,null,0]
[null,null,null,null,null,null,0]
[null,null,null,null,null,"TOTAL",{"$f":"SUM(G9823:G9842)","v":0}]
[]
[]
["CLASSE/TIPO","CÓDIGOS/ SINAPI","DESCRIÇÃO","UND"]
[null,null,null,null,"COEFICIENTE","PREÇO UNITÁRIO (R$)","PREÇO TOTAL (R$)"]
[null,null,null,null,null,null,{"$f":"E9848*F9848","v":0}]
[null,null,null,null,null,null,{"$f":"E9849*F9849","v":0}]
[null,null,null,null,null,null,{"$f":"E9850*F9850","v":0}]
[null,null,null,null,null,null,{"$f":"E9851*F9851","v":0}]
[null,null,null,null,null,null,0]
[null,null,null,null,null,null,0]
[null,null,null,null,null,null,0]
[null,null,null,null,null,null,0]
[null,null,null,null,null,null,0]
[null,null,null,null,null,null,0]
[null,null,null,null,null,null,0]
[null,null,null,null,null,null,0]
[null,null,null,null,null,null,0]
[null,null,null,null,null,null,0]
[null,null,null,null,null,null,0]
[null,null,null,null,null,null,0]
[null,null,null,null,null,null,0]
[null,null,null,null,null,null,0]
[null,null,null,null,null,null,0]
[null,null,null,null,null,null,0]
[null,null,null,null,null,"TOTAL",{"$f":"SUM(G9848:G9867)","v":0}]
[]
[]
["CLASSE/TIPO","CÓDIGOS/ SINAPI","DESCRIÇÃO","UND"]
[null,null,null,null,"COEFICIENTE","PREÇO UNITÁRIO (R$)","PREÇO TOTAL (R$)"]
[null,null,null,null,null,null,{"$f":"E9873*F9873","v":0}]
[null,null,null,null,null,null,{"$f":"E9874*F9874","v":0}]
[null,null,null,null,null,null,{"$f":"E9875*F9875","v":0}]
[null,null,null,null,null,null,{"$f":"E9876*F9876","v":0}]
[null,null,null,null,null,null,0]
[null,null,null,null,null,null,0]
[null,null,null,null,null,null,0]
[null,null,null,null,null,null,0]
[null,null,null,null,null,null,0]
[null,null,null,null,null,null,0]
[null,null,null,null,null,null,0]
[null,null,null,null,null,null,0]
[null,null,null,null,null,null,0]
[null,null,null,null,null,null,0]
[null,null,null,null,null,null,0]
[null,null,null,null,null,null,0]
[null,null,null,null,null,null,0]
[null,null,null,null,null,null,0]
[null,null,null,null,null,null,0]
[null,null,null,null,null,null,0]
[null,null,null,null,null,"TOTAL",{"$f":"SUM(G9873:G9892)","v":0}]
[]
[]
["CLASSE/TIPO","CÓDIGOS/ SINAPI","DESCRIÇÃO","UND"]
[null,null,null,null,"COEFICIENTE","PREÇO UNITÁRIO (R$)","PREÇO TOTAL (R$)"]
[null,null,null,null,null,null,{"$f":"E9898*F9898","v":0}]
[null,null,null,null,null,null,{"$f":"E9899*F9899","v":0}]
[null,null,null,null,null,null,{"$f":"E9900*F9900","v":0}]
[null,null,null,null,null,null,{"$f":"E9901*F9901","v":0}]
[null,null,null,null,null,null,0]
[null,null,null,null,null,null,0]
[null,null,null,null,null,null,0]
[null,null,null,null,null,null,0]
[null,null,null,null,null,null,0]
[null,null,null,null,null,null,0]
[null,null,null,null,null,null,0]
[null,null,null,null,null,null,0]
[null,null,null,null,null,null,0]
[null,null,null,null,null,null,0]
[null,null,null,null,null,null,0]
[null,null,null,null,null,null,0]
[null,null,null,null,null,null,0]
[null,null,null,null,null,null,0]
[null,null,null,null,null,null,0]
[null,null,null,null,null,null,0]
[null,null,null,null,null,"TOTAL",{"$f":"SUM(G9898:G9917)","v":0}]
[]
[]
["CLASSE/TIPO","CÓDIGOS/ SINAPI","DESCRIÇÃO","UND"]
[null,null,null,null,"COEFICIENTE","PREÇO UNITÁRIO (R$)","PREÇO TOTAL (R$)"]
[null,null,null,null,null,null,{"$f":"E9923*F9923","v":0}]
[null,null,null,null,null,null,{"$f":"E9924*F9924","v":0}]
[null,null,null,null,null,null,{"$f":"E9925*F9925","v":0}]
[null,null,null,null,null,null,{"$f":"E9926*F9926","v":0}]
[null,null,null,null,null,null,0]
[null,null,null,null,null,null,0]
[null,null,null,null,null,null,0]
[null,null,null,null,null,null,0]
[null,null,null,null,null,null,0]
[null,null,null,null,null,null,0]
[null,null,null,null,null,null,0]
[null,null,null,null,null,null,0]
[null,null,null,null,null,null,0]
[null,null,null,null,null,null,0]
[null,null,null,null,null,null,0]
[null,null,null,null,null,null,0]
[null,null,null,null,null,null,0]
[null,null,null,null,null,null,0]
[null,null,null,null,null,null,0]
[null,null,null,null,null,null,0]
[null,null,null,null,null,"TOTAL",{"$f":"SUM(G9923:G9942)","v":0}]
[]
[]
["CLASSE/TIPO","CÓDIGOS/ SINAPI","DESCRIÇÃO","UND"]
[null,null,null,null,"COEFICIENTE","PREÇO UNITÁRIO (R$)","PREÇO TOTAL (R$)"]
[null,null,null,null,null,null,{"$f":"E9948*F9948","v":0}]
[null,null,null,null,null,null,{"$f":"E9949*F9949","v":0}]
[null,null,null,null,null,null,{"$f":"E9950*F9950","v":0}]
[null,null,null,null,null,null,{"$f":"E9951*F9951","v":0}]
[null,null,null,null,null,null,0]
[null,null,null,null,null,null,0]
[null,null,null,null,null,null,0]
[null,null,null,null,null,null,0]
[null,null,null,null,null,null,0]
[null,null,null,null,null,null,0]
[null,null,null,null,null,null,0]
[null,null,null,null,null,null,0]
[null,null,null,null,null,null,0]
[null,null,null,null,null,null,0]
[null,null,null,null,null,null,0]
[null,null,null,null,null,null,0]
[null,null,null,null,null,null,0]
[null,null,null,null,null,null,0]
[null,null,null,null,null,null,0]
[null,null,null,null,null,null,0]
[null,null,null,null,null,"TOTAL",{"$f":"SUM(G9948:G9967)","v":0}]
[]
[]
["CLASSE/TIPO","CÓDIGOS/ SINAPI","DESCRIÇÃO","UND"]
[null,null,null,null,"COEFICIENTE","PREÇO UNITÁRIO (R$)","PREÇO TOTAL (R$)"]
[null,null,null,null,null,null,{"$f":"E9973*F9973","v":0}]
[null,null,null,null,null,null,{"$f":"E9974*F9974","v":0}]
[null,null,null,null,null,null,{"$f":"E9975*F9975","v":0}]
[null,null,null,null,null,null,{"$f":"E9976*F9976","v":0}]
[null,null,null,null,null,null,0]
[null,null,null,null,null,null,0]
[null,null,null,null,null,null,0]
[null,null,null,null,null,null,0]
[null,null,null,null,null,null,0]
[null,null,null,null,null,null,0]
[null,null,null,null,null,null,0]
[null,null,null,null,null,null,0]
[null,null,null,null,null,null,0]
[null,null,null,null,null,null,0]
[null,null,null,null,null,null,0]
[null,null,null,null,null,null,0]
[null,null,null,null,null,null,0]
[null,null,null,null,null,null,0]
[null,null,null,null,null,null,0]
[null,null,null,null,null,null,0]
[null,null,null,null,null,"TOTAL",{"$f":"SUM(G9973:G9992)","v":0}]
[]
[]
["CLASSE/TIPO","CÓDIGOS/ SINAPI","DESCRIÇÃO","UND"]
[null,null,null,null,"COEFICIENTE","PREÇO UNITÁRIO (R$)","PREÇO TOTAL (R$)"]
[null,null,null,null,null,null,{"$f":"E9998*F9998","v":0}]
[null,null,null,null,null,null,{"$f":"E9999*F9999","v":0}]
[null,null,null,null,null,null,{"$f":"E10000*F10000","v":0}]
[null,null,null,null,null,null,{"$f":"E10001*F10001","v":0}]
[null,null,null,null,null,null,0]
[null,null,null,null,null,null,0]
[null,null,null,null,null,null,0]
[null,null,null,null,null,null,0]
[null,null,null,null,null,null,0]
[null,null,null,null,null,null,0]
[null,null,null,null,null,null,0]
[null,null,null,null,null,null,0]
[null,null,null,null,null,null,0]
[null,null,null,null,null,null,0]
[null,null,null,null,null,null,0]
[null,null,null,null,null,null,0]
[null,null,null,null,null,null,0]
[null,null,null,null,null,null,0]
[null,null,null,null,null,null,0]
[null,null,null,null,null,null,0]
[null,null,null,null,null,"TOTAL",{"$f":"SUM(G9998:G10017)","v":0}]
[]
[]
["CLASSE/TIPO","CÓDIGOS/ SINAPI","DESCRIÇÃO","UND"]
[null,null,null,null,"COEFICIENTE","PREÇO UNITÁRIO (R$)","PREÇO TOTAL (R$)"]
[null,null,null,null,null,null,{"$f":"E10023*F10023","v":0}]
[null,null,null,null,null,null,{"$f":"E10024*F10024","v":0}]
[null,null,null,null,null,null,{"$f":"E10025*F10025","v":0}]
[null,null,null,null,null,null,{"$f":"E10026*F10026","v":0}]
[null,null,null,null,null,null,0]
[null,null,null,null,null,null,0]
[null,null,null,null,null,null,0]
[null,null,null,null,null,null,0]
[null,null,null,null,null,null,0]
[null,null,null,null,null,null,0]
[null,null,null,null,null,null,0]
[null,null,null,null,null,null,0]
[null,null,null,null,null,null,0]
[null,null,null,null,null,null,0]
[null,null,null,null,null,null,0]
[null,null,null,null,null,null,0]
[null,null,null,null,null,null,0]
[null,null,null,null,null,null,0]
[null,null,null,null,null,null,0]
[null,null,null,null,null,null,0]
[null,null,null,null,null,"TOTAL",{"$f":"SUM(G10023:G10042)","v":0}]
[]
[]
["CLASSE/TIPO","CÓDIGOS/ SINAPI","DESCRIÇÃO","UND"]
[null,null,null,null,"COEFICIENTE","PREÇO UNITÁRIO (R$)","PREÇO TOTAL (R$)"]
[null,null,null,null,null,null,{"$f":"E10048*F10048","v":0}]
[null,null,null,null,null,null,{"$f":"E10049*F10049","v":0}]
[null,null,null,null,null,null,{"$f":"E10050*F10050","v":0}]
[null,null,null,null,null,null,{"$f":"E10051*F10051","v":0}]
[null,null,null,null,null,null,0]
[null,null,null,null,null,null,0]
[null,null,null,null,null,null,0]
[null,null,null,null,null,null,0]
[null,null,null,null,null,null,0]
[null,null,null,null,null,null,0]
[null,null,null,null,null,null,0]
[null,null,null,null,null,null,0]
[null,null,null,null,null,null,0]
[null,null,null,null,null,null,0]
[null,null,null,null,null,null,0]
[null,null,null,null,null,null,0]
[null,null,null,null,null,null,0]
[null,null,null,null,null,null,0]
[null,null,null,null,null,null,0]
[null,null,null,null,null,null,0]
[null,null,null,null,null,"TOTAL",{"$f":"SUM(G10048:G10067)","v":0}]
[]
[]
["CLASSE/TIPO","CÓDIGOS/ SINAPI","DESCRIÇÃO","UND"]
[null,null,null,null,"COEFICIENTE","PREÇO UNITÁRIO (R$)","PREÇO TOTAL (R$)"]
[null,null,null,null,null,null,{"$f":"E10073*F10073","v":0}]
[null,null,null,null,null,null,{"$f":"E10074*F10074","v":0}]
[null,null,null,null,null,null,{"$f":"E10075*F10075","v":0}]
[null,null,null,null,null,null,{"$f":"E10076*F10076","v":0}]
[null,null,null,null,null,null,0]
[null,null,null,null,null,null,0]
[null,null,null,null,null,null,0]
[null,null,null,null,null,null,0]
[null,null,null,null,null,null,0]
[null,null,null,null,null,null,0]
[null,null,null,null,null,null,0]
[null,null,null,null,null,null,0]
[null,null,null,null,null,null,0]
[null,null,null,null,null,null,0]
[null,null,null,null,null,null,0]
[null,null,null,null,null,null,0]
[null,null,null,null,null,null,0]
[null,null,null,null,null,null,0]
[null,null,null,null,null,null,0]
[null,null,null,null,null,null,0]
[null,null,null,null,null,"TOTAL",{"$f":"SUM(G10073:G10092)","v":0}]
[]
[]
["CLASSE/TIPO","CÓDIGOS/ SINAPI","DESCRIÇÃO","UND"]
[null,null,null,null,"COEFICIENTE","PREÇO UNITÁRIO (R$)","PREÇO TOTAL (R$)"]
[null,null,null,null,null,null,{"$f":"E10098*F10098","v":0}]
[null,null,null,null,null,null,{"$f":"E10099*F10099","v":0}]
[null,null,null,null,null,null,{"$f":"E10100*F10100","v":0}]
[null,null,null,null,null,null,{"$f":"E10101*F10101","v":0}]
[null,null,null,null,null,null,0]
[null,null,null,null,null,null,0]
[null,null,null,null,null,null,0]
[null,null,null,null,null,null,0]
[null,null,null,null,null,null,0]
[null,null,null,null,null,null,0]
[null,null,null,null,null,null,0]
[null,null,null,null,null,null,0]
[null,null,null,null,null,null,0]
[null,null,null,null,null,null,0]
[null,null,null,null,null,null,0]
[null,null,null,null,null,null,0]
[null,null,null,null,null,null,0]
[null,null,null,null,null,null,0]
[null,null,null,null,null,null,0]
[null,null,null,null,null,null,0]
[null,null,null,null,null,"TOTAL",{"$f":"SUM(G10098:G10117)","v":0}]
[]
[]
["CLASSE/TIPO","CÓDIGOS/ SINAPI","DESCRIÇÃO","UND"]
[null,null,null,null,"COEFICIENTE","PREÇO UNITÁRIO (R$)","PREÇO TOTAL (R$)"]
[null,null,null,null,null,null,{"$f":"E10123*F10123","v":0}]
[null,null,null,null,null,null,{"$f":"E10124*F10124","v":0}]
[null,null,null,null,null,null,{"$f":"E10125*F10125","v":0}]
[null,null,null,null,null,null,{"$f":"E10126*F10126","v":0}]
[null,null,null,null,null,null,0]
[null,null,null,null,null,null,0]
[null,null,null,null,null,null,0]
[null,null,null,null,null,null,0]
[null,null,null,null,null,null,0]
[null,null,null,null,null,null,0]
[null,null,null,null,null,null,0]
[null,null,null,null,null,null,0]
[null,null,null,null,null,null,0]
[null,null,null,null,null,null,0]
[null,null,null,null,null,null,0]
[null,null,null,null,null,null,0]
[null,null,null,null,null,null,0]
[null,null,null,null,null,null,0]
[null,null,null,null,null,null,0]
[null,null,null,null,null,null,0]
[null,null,null,null,null,"TOTAL",{"$f":"SUM(G10123:G10142)","v":0}]
[]
[]
["CLASSE/TIPO","CÓDIGOS/ SINAPI","DESCRIÇÃO","UND"]
[null,null,null,null,"COEFICIENTE","PREÇO UNITÁRIO (R$)","PREÇO TOTAL (R$)"]
[null,null,null,null,null,null,{"$f":"E10148*F10148","v":0}]
[null,null,null,null,null,null,{"$f":"E10149*F10149","v":0}]
[null,null,null,null,null,null,{"$f":"E10150*F10150","v":0}]
[null,null,null,null,null,null,{"$f":"E10151*F10151","v":0}]
[null,null,null,null,null,null,0]
[null,null,null,null,null,null,0]
[null,null,null,null,null,null,0]
[null,null,null,null,null,null,0]
[null,null,null,null,null,null,0]
[null,null,null,null,null,null,0]
[null,null,null,null,null,null,0]
[null,null,null,null,null,null,0]
[null,null,null,null,null,null,0]
[null,null,null,null,null,null,0]
[null,null,null,null,null,null,0]
[null,null,null,null,null,null,0]
[null,null,null,null,null,null,0]
[null,null,null,null,null,null,0]
[null,null,null,null,null,null,0]
[null,null,null,null,null,null,0]
[null,null,null,null,null,"TOTAL",{"$f":"SUM(G10148:G10167)","v":0}]
[]
[]
["CLASSE/TIPO","CÓDIGOS/ SINAPI","DESCRIÇÃO","UND"]
[null,null,null,null,"COEFICIENTE","PREÇO UNITÁRIO (R$)","PREÇO TOTAL (R$)"]
[null,null,null,null,null,null,{"$f":"E10173*F10173","v":0}]
[null,null,null,null,null,null,{"$f":"E10174*F10174","v":0}]
[null,null,null,null,null,null,{"$f":"E10175*F10175","v":0}]
[null,null,null,null,null,null,{"$f":"E10176*F10176","v":0}]
[null,null,null,null,null,null,0]
[null,null,null,null,null,null,0]
[null,null,null,null,null,null,0]
[null,null,null,null,null,null,0]
[null,null,null,null,null,null,0]
[null,null,null,null,null,null,0]
[null,null,null,null,null,null,0]
[null,null,null,null,null,null,0]
[null,null,null,null,null,null,0]
[null,null,null,null,null,null,0]
[null,null,null,null,null,null,0]
[null,null,null,null,null,null,0]
[null,null,null,null,null,null,0]
[null,null,null,null,null,null,0]
[null,null,null,null,null,null,0]
[null,null,null,null,null,null,0]
[null,null,null,null,null,"TOTAL",{"$f":"SUM(G10173:G10192)","v":0}]
[]
[]
["CLASSE/TIPO","CÓDIGOS/ SINAPI","DESCRIÇÃO","UND"]
[null,null,null,null,"COEFICIENTE","PREÇO UNITÁRIO (R$)","PREÇO TOTAL (R$)"]
[null,null,null,null,null,null,{"$f":"E10198*F10198","v":0}]
[null,null,null,null,null,null,{"$f":"E10199*F10199","v":0}]
[null,null,null,null,null,null,{"$f":"E10200*F10200","v":0}]
[null,null,null,null,null,null,{"$f":"E10201*F10201","v":0}]
[null,null,null,null,null,null,0]
[null,null,null,null,null,null,0]
[null,null,null,null,null,null,0]
[null,null,null,null,null,null,0]
[null,null,null,null,null,null,0]
[null,null,null,null,null,null,0]
[null,null,null,null,null,null,0]
[null,null,null,null,null,null,0]
[null,null,null,null,null,null,0]
[null,null,null,null,null,null,0]
[null,null,null,null,null,null,0]
[null,null,null,null,null,null,0]
[null,null,null,null,null,null,0]
[null,null,null,null,null,null,0]
[null,null,null,null,null,null,0]
[null,null,null,null,null,null,0]
[null,null,null,null,null,"TOTAL",{"$f":"SUM(G10198:G10217)","v":0}]
[]
[]
["CLASSE/TIPO","CÓDIGOS/ SINAPI","DESCRIÇÃO","UND"]
[null,null,null,null,"COEFICIENTE","PREÇO UNITÁRIO (R$)","PREÇO TOTAL (R$)"]
[null,null,null,null,null,null,{"$f":"E10223*F10223","v":0}]
[null,null,null,null,null,null,{"$f":"E10224*F10224","v":0}]
[null,null,null,null,null,null,{"$f":"E10225*F10225","v":0}]
[null,null,null,null,null,null,{"$f":"E10226*F10226","v":0}]
[null,null,null,null,null,null,0]
[null,null,null,null,null,null,0]
[null,null,null,null,null,null,0]
[null,null,null,null,null,null,0]
[null,null,null,null,null,null,0]
[null,null,null,null,null,null,0]
[null,null,null,null,null,null,0]
[null,null,null,null,null,null,0]
[null,null,null,null,null,null,0]
[null,null,null,null,null,null,0]
[null,null,null,null,null,null,0]
[null,null,null,null,null,null,0]
[null,null,null,null,null,null,0]
[null,null,null,null,null,null,0]
[null,null,null,null,null,null,0]
[null,null,null,null,null,null,0]
[null,null,null,null,null,"TOTAL",{"$f":"SUM(G10223:G10242)","v":0}]
[]
[]
["CLASSE/TIPO","CÓDIGOS/ SINAPI","DESCRIÇÃO","UND"]
[null,null,null,null,"COEFICIENTE","PREÇO UNITÁRIO (R$)","PREÇO TOTAL (R$)"]
[null,null,null,null,null,null,{"$f":"E10248*F10248","v":0}]
[null,null,null,null,null,null,{"$f":"E10249*F10249","v":0}]
[null,null,null,null,null,null,{"$f":"E10250*F10250","v":0}]
[null,null,null,null,null,null,{"$f":"E10251*F10251","v":0}]
[null,null,null,null,null,null,0]
[null,null,null,null,null,null,0]
[null,null,null,null,null,null,0]
[null,null,null,null,null,null,0]
[null,null,null,null,null,null,0]
[null,null,null,null,null,null,0]
[null,null,null,null,null,null,0]
[null,null,null,null,null,null,0]
[null,null,null,null,null,null,0]
[null,null,null,null,null,null,0]
[null,null,null,null,null,null,0]
[null,null,null,null,null,null,0]
[null,null,null,null,null,null,0]
[null,null,null,null,null,null,0]
[null,null,null,null,null,null,0]
[null,null,null,null,null,null,0]
[null,null,null,null,null,"TOTAL",{"$f":"SUM(G10248:G10267)","v":0}]
[]
[]
["CLASSE/TIPO","CÓDIGOS/ SINAPI","DESCRIÇÃO","UND"]
[null,null,null,null,"COEFICIENTE","PREÇO UNITÁRIO (R$)","PREÇO TOTAL (R$)"]
[null,null,null,null,null,null,{"$f":"E10273*F10273","v":0}]
[null,null,null,null,null,null,{"$f":"E10274*F10274","v":0}]
[null,null,null,null,null,null,{"$f":"E10275*F10275","v":0}]
[null,null,null,null,null,null,{"$f":"E10276*F10276","v":0}]
[null,null,null,null,null,null,0]
[null,null,null,null,null,null,0]
[null,null,null,null,null,null,0]
[null,null,null,null,null,null,0]
[null,null,null,null,null,null,0]
[null,null,null,null,null,null,0]
[null,null,null,null,null,null,0]
[null,null,null,null,null,null,0]
[null,null,null,null,null,null,0]
[null,null,null,null,null,null,0]
[null,null,null,null,null,null,0]
[null,null,null,null,null,null,0]
[null,null,null,null,null,null,0]
[null,null,null,null,null,null,0]
[null,null,null,null,null,null,0]
[null,null,null,null,null,null,0]
[null,null,null,null,null,"TOTAL",{"$f":"SUM(G10273:G10292)","v":0}]
[]
[]
["CLASSE/TIPO","CÓDIGOS/ SINAPI","DESCRIÇÃO","UND"]
[null,null,null,null,"COEFICIENTE","PREÇO UNITÁRIO (R$)","PREÇO TOTAL (R$)"]
[null,null,null,null,null,null,{"$f":"E10298*F10298","v":0}]
[null,null,null,null,null,null,{"$f":"E10299*F10299","v":0}]
[null,null,null,null,null,null,{"$f":"E10300*F10300","v":0}]
[null,null,null,null,null,null,{"$f":"E10301*F10301","v":0}]
[null,null,null,null,null,null,0]
[null,null,null,null,null,null,0]
[null,null,null,null,null,null,0]
[null,null,null,null,null,null,0]
[null,null,null,null,null,null,0]
[null,null,null,null,null,null,0]
[null,null,null,null,null,null,0]
[null,null,null,null,null,null,0]
[null,null,null,null,null,null,0]
[null,null,null,null,null,null,0]
[null,null,null,null,null,null,0]
[null,null,null,null,null,null,0]
[null,null,null,null,null,null,0]
[null,null,null,null,null,null,0]
[null,null,null,null,null,null,0]
[null,null,null,null,null,null,0]
[null,null,null,null,null,"TOTAL",{"$f":"SUM(G10298:G10317)","v":0}]
[]
[]
["CLASSE/TIPO","CÓDIGOS/ SINAPI","DESCRIÇÃO","UND"]
[null,null,null,null,"COEFICIENTE","PREÇO UNITÁRIO (R$)","PREÇO TOTAL (R$)"]
[null,null,null,null,null,null,{"$f":"E10323*F10323","v":0}]
[null,null,null,null,null,null,{"$f":"E10324*F10324","v":0}]
[null,null,null,null,null,null,{"$f":"E10325*F10325","v":0}]
[null,null,null,null,null,null,{"$f":"E10326*F10326","v":0}]
[null,null,null,null,null,null,0]
[null,null,null,null,null,null,0]
[null,null,null,null,null,null,0]
[null,null,null,null,null,null,0]
[null,null,null,null,null,null,0]
[null,null,null,null,null,null,0]
[null,null,null,null,null,null,0]
[null,null,null,null,null,null,0]
[null,null,null,null,null,null,0]
[null,null,null,null,null,null,0]
[null,null,null,null,null,null,0]
[null,null,null,null,null,null,0]
[null,null,null,null,null,null,0]
[null,null,null,null,null,null,0]
[null,null,null,null,null,null,0]
[null,null,null,null,null,null,0]
[null,null,null,null,null,"TOTAL",{"$f":"SUM(G10323:G10342)","v":0}]
[]
[]
["CLASSE/TIPO","CÓDIGOS/ SINAPI","DESCRIÇÃO","UND"]
[null,null,null,null,"COEFICIENTE","PREÇO UNITÁRIO (R$)","PREÇO TOTAL (R$)"]
[null,null,null,null,null,null,{"$f":"E10348*F10348","v":0}]
[null,null,null,null,null,null,{"$f":"E10349*F10349","v":0}]
[null,null,null,null,null,null,{"$f":"E10350*F10350","v":0}]
[null,null,null,null,null,null,{"$f":"E10351*F10351","v":0}]
[null,null,null,null,null,null,0]
[null,null,null,null,null,null,0]
[null,null,null,null,null,null,0]
[null,null,null,null,null,null,0]
[null,null,null,null,null,null,0]
[null,null,null,null,null,null,0]
[null,null,null,null,null,null,0]
[null,null,null,null,null,null,0]
[null,null,null,null,null,null,0]
[null,null,null,null,null,null,0]
[null,null,null,null,null,null,0]
[null,null,null,null,null,null,0]
[null,null,null,null,null,null,0]
[null,null,null,null,null,null,0]
[null,null,null,null,null,null,0]
[null,null,null,null,null,null,0]
[null,null,null,null,null,"TOTAL",{"$f":"SUM(G10348:G10367)","v":0}]
[]
[]
["CLASSE/TIPO","CÓDIGOS/ SINAPI","DESCRIÇÃO","UND"]
[null,null,null,null,"COEFICIENTE","PREÇO UNITÁRIO (R$)","PREÇO TOTAL (R$)"]
[null,null,null,null,null,null,{"$f":"E10373*F10373","v":0}]
[null,null,null,null,null,null,{"$f":"E10374*F10374","v":0}]
[null,null,null,null,null,null,{"$f":"E10375*F10375","v":0}]
[null,null,null,null,null,null,{"$f":"E10376*F10376","v":0}]
[null,null,null,null,null,null,0]
[null,null,null,null,null,null,0]
[null,null,null,null,null,null,0]
[null,null,null,null,null,null,0]
[null,null,null,null,null,null,0]
[null,null,null,null,null,null,0]
[null,null,null,null,null,null,0]
[null,null,null,null,null,null,0]
[null,null,null,null,null,null,0]
[null,null,null,null,null,null,0]
[null,null,null,null,null,null,0]
[null,null,null,null,null,null,0]
[null,null,null,null,null,null,0]
[null,null,null,null,null,null,0]
[null,null,null,null,null,null,0]
[null,null,null,null,null,null,0]
[null,null,null,null,null,"TOTAL",{"$f":"SUM(G10373:G10392)","v":0}]
[]
[]
["CLASSE/TIPO","CÓDIGOS/ SINAPI","DESCRIÇÃO","UND"]
[null,null,null,null,"COEFICIENTE","PREÇO UNITÁRIO (R$)","PREÇO TOTAL (R$)"]
[null,null,null,null,null,null,{"$f":"E10398*F10398","v":0}]
[null,null,null,null,null,null,{"$f":"E10399*F10399","v":0}]
[null,null,null,null,null,null,{"$f":"E10400*F10400","v":0}]
[null,null,null,null,null,null,{"$f":"E10401*F10401","v":0}]
[null,null,null,null,null,null,0]
[null,null,null,null,null,null,0]
[null,null,null,null,null,null,0]
[null,null,null,null,null,null,0]
[null,null,null,null,null,null,0]
[null,null,null,null,null,null,0]
[null,null,null,null,null,null,0]
[null,null,null,null,null,null,0]
[null,null,null,null,null,null,0]
[null,null,null,null,null,null,0]
[null,null,null,null,null,null,0]
[null,null,null,null,null,null,0]
[null,null,null,null,null,null,0]
[null,null,null,null,null,null,0]
[null,null,null,null,null,null,0]
[null,null,null,null,null,null,0]
[null,null,null,null,null,"TOTAL",{"$f":"SUM(G10398:G10417)","v":0}]
[]
[]
["CLASSE/TIPO","CÓDIGOS/ SINAPI","DESCRIÇÃO","UND"]
[null,null,null,null,"COEFICIENTE","PREÇO UNITÁRIO (R$)","PREÇO TOTAL (R$)"]
[null,null,null,null,null,null,{"$f":"E10423*F10423","v":0}]
[null,null,null,null,null,null,{"$f":"E10424*F10424","v":0}]
[null,null,null,null,null,null,{"$f":"E10425*F10425","v":0}]
[null,null,null,null,null,null,{"$f":"E10426*F10426","v":0}]
[null,null,null,null,null,null,0]
[null,null,null,null,null,null,0]
[null,null,null,null,null,null,0]
[null,null,null,null,null,null,0]
[null,null,null,null,null,null,0]
[null,null,null,null,null,null,0]
[null,null,null,null,null,null,0]
[null,null,null,null,null,null,0]
[null,null,null,null,null,null,0]
[null,null,null,null,null,null,0]
[null,null,null,null,null,null,0]
[null,null,null,null,null,null,0]
[null,null,null,null,null,null,0]
[null,null,null,null,null,null,0]
[null,null,null,null,null,null,0]
[null,null,null,null,null,null,0]
[null,null,null,null,null,"TOTAL",{"$f":"SUM(G10423:G10442)","v":0}]
[]
[]
["CLASSE/TIPO","CÓDIGOS/ SINAPI","DESCRIÇÃO","UND"]
[null,null,null,null,"COEFICIENTE","PREÇO UNITÁRIO (R$)","PREÇO TOTAL (R$)"]
[null,null,null,null,null,null,{"$f":"E10448*F10448","v":0}]
[null,null,null,null,null,null,{"$f":"E10449*F10449","v":0}]
[null,null,null,null,null,null,{"$f":"E10450*F10450","v":0}]
[null,null,null,null,null,null,{"$f":"E10451*F10451","v":0}]
[null,null,null,null,null,null,0]
[null,null,null,null,null,null,0]
[null,null,null,null,null,null,0]
[null,null,null,null,null,null,0]
[null,null,null,null,null,null,0]
[null,null,null,null,null,null,0]
[null,null,null,null,null,null,0]
[null,null,null,null,null,null,0]
[null,null,null,null,null,null,0]
[null,null,null,null,null,null,0]
[null,null,null,null,null,null,0]
[null,null,null,null,null,null,0]
[null,null,null,null,null,null,0]
[null,null,null,null,null,null,0]
[null,null,null,null,null,null,0]
[null,null,null,null,null,null,0]
[null,null,null,null,null,"TOTAL",{"$f":"SUM(G10448:G10467)","v":0}]
[]
[]
["CLASSE/TIPO","CÓDIGOS/ SINAPI","DESCRIÇÃO","UND"]
[null,null,null,null,"COEFICIENTE","PREÇO UNITÁRIO (R$)","PREÇO TOTAL (R$)"]
[null,null,null,null,null,null,{"$f":"E10473*F10473","v":0}]
[null,null,null,null,null,null,{"$f":"E10474*F10474","v":0}]
[null,null,null,null,null,null,{"$f":"E10475*F10475","v":0}]
[null,null,null,null,null,null,{"$f":"E10476*F10476","v":0}]
[null,null,null,null,null,null,0]
[null,null,null,null,null,null,0]
[null,null,null,null,null,null,0]
[null,null,null,null,null,null,0]
[null,null,null,null,null,null,0]
[null,null,null,null,null,null,0]
[null,null,null,null,null,null,0]
[null,null,null,null,null,null,0]
[null,null,null,null,null,null,0]
[null,null,null,null,null,null,0]
[null,null,null,null,null,null,0]
[null,null,null,null,null,null,0]
[null,null,null,null,null,null,0]
[null,null,null,null,null,null,0]
[null,null,null,null,null,null,0]
[null,null,null,null,null,null,0]
[null,null,null,null,null,"TOTAL",{"$f":"SUM(G10473:G10492)","v":0}]
[]
[]
["CLASSE/TIPO","CÓDIGOS/ SINAPI","DESCRIÇÃO","UND"]
[null,null,null,null,"COEFICIENTE","PREÇO UNITÁRIO (R$)","PREÇO TOTAL (R$)"]
[null,null,null,null,null,null,{"$f":"E10498*F10498","v":0}]
[null,null,null,null,null,null,{"$f":"E10499*F10499","v":0}]
[null,null,null,null,null,null,{"$f":"E10500*F10500","v":0}]
[null,null,null,null,null,null,{"$f":"E10501*F10501","v":0}]
[null,null,null,null,null,null,0]
[null,null,null,null,null,null,0]
[null,null,null,null,null,null,0]
[null,null,null,null,null,null,0]
[null,null,null,null,null,null,0]
[null,null,null,null,null,null,0]
[null,null,null,null,null,null,0]
[null,null,null,null,null,null,0]
[null,null,null,null,null,null,0]
[null,null,null,null,null,null,0]
[null,null,null,null,null,null,0]
[null,null,null,null,null,null,0]
[null,null,null,null,null,null,0]
[null,null,null,null,null,null,0]
[null,null,null,null,null,null,0]
[null,null,null,null,null,null,0]
[null,null,null,null,null,"TOTAL",{"$f":"SUM(G10498:G10517)","v":0}]
[]
[]
["CLASSE/TIPO","CÓDIGOS/ SINAPI","DESCRIÇÃO","UND"]
[null,null,null,null,"COEFICIENTE","PREÇO UNITÁRIO (R$)","PREÇO TOTAL (R$)"]
[null,null,null,null,null,null,{"$f":"E10523*F10523","v":0}]
[null,null,null,null,null,null,{"$f":"E10524*F10524","v":0}]
[null,null,null,null,null,null,{"$f":"E10525*F10525","v":0}]
[null,null,null,null,null,null,{"$f":"E10526*F10526","v":0}]
[null,null,null,null,null,null,0]
[null,null,null,null,null,null,0]
[null,null,null,null,null,null,0]
[null,null,null,null,null,null,0]
[null,null,null,null,null,null,0]
[null,null,null,null,null,null,0]
[null,null,null,null,null,null,0]
[null,null,null,null,null,null,0]
[null,null,null,null,null,null,0]
[null,null,null,null,null,null,0]
[null,null,null,null,null,null,0]
[null,null,null,null,null,null,0]
[null,null,null,null,null,null,0]
[null,null,null,null,null,null,0]
[null,null,null,null,null,null,0]
[null,null,null,null,null,null,0]
[null,null,null,null,null,"TOTAL",{"$f":"SUM(G10523:G10542)","v":0}]
[]
[]
["CLASSE/TIPO","CÓDIGOS/ SINAPI","DESCRIÇÃO","UND"]
[null,null,null,null,"COEFICIENTE","PREÇO UNITÁRIO (R$)","PREÇO TOTAL (R$)"]
[null,null,null,null,null,null,{"$f":"E10548*F10548","v":0}]
[null,null,null,null,null,null,{"$f":"E10549*F10549","v":0}]
[null,null,null,null,null,null,{"$f":"E10550*F10550","v":0}]
[null,null,null,null,null,null,{"$f":"E10551*F10551","v":0}]
[null,null,null,null,null,null,0]
[null,null,null,null,null,null,0]
[null,null,null,null,null,null,0]
[null,null,null,null,null,null,0]
[null,null,null,null,null,null,0]
[null,null,null,null,null,null,0]
[null,null,null,null,null,null,0]
[null,null,null,null,null,null,0]
[null,null,null,null,null,null,0]
[null,null,null,null,null,null,0]
[null,null,null,null,null,null,0]
[null,null,null,null,null,null,0]
[null,null,null,null,null,null,0]
[null,null,null,null,null,null,0]
[null,null,null,null,null,null,0]
[null,null,null,null,null,null,0]
[null,null,null,null,null,"TOTAL",{"$f":"SUM(G10548:G10567)","v":0}]
[]
[]
["CLASSE/TIPO","CÓDIGOS/ SINAPI","DESCRIÇÃO","UND"]
[null,null,null,null,"COEFICIENTE","PREÇO UNITÁRIO (R$)","PREÇO TOTAL (R$)"]
[null,null,null,null,null,null,{"$f":"E10573*F10573","v":0}]
[null,null,null,null,null,null,{"$f":"E10574*F10574","v":0}]
[null,null,null,null,null,null,{"$f":"E10575*F10575","v":0}]
[null,null,null,null,null,null,{"$f":"E10576*F10576","v":0}]
[null,null,null,null,null,null,0]
[null,null,null,null,null,null,0]
[null,null,null,null,null,null,0]
[null,null,null,null,null,null,0]
[null,null,null,null,null,null,0]
[null,null,null,null,null,null,0]
[null,null,null,null,null,null,0]
[null,null,null,null,null,null,0]
[null,null,null,null,null,null,0]
[null,null,null,null,null,null,0]
[null,null,null,null,null,null,0]
[null,null,null,null,null,null,0]
[null,null,null,null,null,null,0]
[null,null,null,null,null,null,0]
[null,null,null,null,null,null,0]
[null,null,null,null,null,null,0]
[null,null,null,null,null,"TOTAL",{"$f":"SUM(G10573:G10592)","v":0}]
[]
[]
["CLASSE/TIPO","CÓDIGOS/ SINAPI","DESCRIÇÃO","UND"]
[null,null,null,null,"COEFICIENTE","PREÇO UNITÁRIO (R$)","PREÇO TOTAL (R$)"]
[null,null,null,null,null,null,{"$f":"E10598*F10598","v":0}]
[null,null,null,null,null,null,{"$f":"E10599*F10599","v":0}]
[null,null,null,null,null,null,{"$f":"E10600*F10600","v":0}]
[null,null,null,null,null,null,{"$f":"E10601*F10601","v":0}]
[null,null,null,null,null,null,0]
[null,null,null,null,null,null,0]
[null,null,null,null,null,null,0]
[null,null,null,null,null,null,0]
[null,null,null,null,null,null,0]
[null,null,null,null,null,null,0]
[null,null,null,null,null,null,0]
[null,null,null,null,null,null,0]
[null,null,null,null,null,null,0]
[null,null,null,null,null,null,0]
[null,null,null,null,null,null,0]
[null,null,null,null,null,null,0]
[null,null,null,null,null,null,0]
[null,null,null,null,null,null,0]
[null,null,null,null,null,null,0]
[null,null,null,null,null,null,0]
[null,null,null,null,null,"TOTAL",{"$f":"SUM(G10598:G10617)","v":0}]
[]
[]
["CLASSE/TIPO","CÓDIGOS/ SINAPI","DESCRIÇÃO","UND"]
[null,null,null,null,"COEFICIENTE","PREÇO UNITÁRIO (R$)","PREÇO TOTAL (R$)"]
[null,null,null,null,null,null,{"$f":"E10623*F10623","v":0}]
[null,null,null,null,null,null,{"$f":"E10624*F10624","v":0}]
[null,null,null,null,null,null,{"$f":"E10625*F10625","v":0}]
[null,null,null,null,null,null,{"$f":"E10626*F10626","v":0}]
[null,null,null,null,null,null,0]
[null,null,null,null,null,null,0]
[null,null,null,null,null,null,0]
[null,null,null,null,null,null,0]
[null,null,null,null,null,null,0]
[null,null,null,null,null,null,0]
[null,null,null,null,null,null,0]
[null,null,null,null,null,null,0]
[null,null,null,null,null,null,0]
[null,null,null,null,null,null,0]
[null,null,null,null,null,null,0]
[null,null,null,null,null,null,0]
[null,null,null,null,null,null,0]
[null,null,null,null,null,null,0]
[null,null,null,null,null,null,0]
[null,null,null,null,null,null,0]
[null,null,null,null,null,"TOTAL",{"$f":"SUM(G10623:G10642)","v":0}]
[]
[]
["CLASSE/TIPO","CÓDIGOS/ SINAPI","DESCRIÇÃO","UND"]
[null,null,null,null,"COEFICIENTE","PREÇO UNITÁRIO (R$)","PREÇO TOTAL (R$)"]
[null,null,null,null,null,null,{"$f":"E10648*F10648","v":0}]
[null,null,null,null,null,null,{"$f":"E10649*F10649","v":0}]
[null,null,null,null,null,null,{"$f":"E10650*F10650","v":0}]
[null,null,null,null,null,null,{"$f":"E10651*F10651","v":0}]
[null,null,null,null,null,null,0]
[null,null,null,null,null,null,0]
[null,null,null,null,null,null,0]
[null,null,null,null,null,null,0]
[null,null,null,null,null,null,0]
[null,null,null,null,null,null,0]
[null,null,null,null,null,null,0]
[null,null,null,null,null,null,0]
[null,null,null,null,null,null,0]
[null,null,null,null,null,null,0]
[null,null,null,null,null,null,0]
[null,null,null,null,null,null,0]
[null,null,null,null,null,null,0]
[null,null,null,null,null,null,0]
[null,null,null,null,null,null,0]
[null,null,null,null,null,null,0]
[null,null,null,null,null,"TOTAL",{"$f":"SUM(G10648:G10667)","v":0}]
[]
[]
["CLASSE/TIPO","CÓDIGOS/ SINAPI","DESCRIÇÃO","UND"]
[null,null,null,null,"COEFICIENTE","PREÇO UNITÁRIO (R$)","PREÇO TOTAL (R$)"]
[null,null,null,null,null,null,{"$f":"E10673*F10673","v":0}]
[null,null,null,null,null,null,{"$f":"E10674*F10674","v":0}]
[null,null,null,null,null,null,{"$f":"E10675*F10675","v":0}]
[null,null,null,null,null,null,{"$f":"E10676*F10676","v":0}]
[null,null,null,null,null,null,0]
[null,null,null,null,null,null,0]
[null,null,null,null,null,null,0]
[null,null,null,null,null,null,0]
[null,null,null,null,null,null,0]
[null,null,null,null,null,null,0]
[null,null,null,null,null,null,0]
[null,null,null,null,null,null,0]
[null,null,null,null,null,null,0]
[null,null,null,null,null,null,0]
[null,null,null,null,null,null,0]
[null,null,null,null,null,null,0]
[null,null,null,null,null,null,0]
[null,null,null,null,null,null,0]
[null,null,null,null,null,null,0]
[null,null,null,null,null,null,0]
[null,null,null,null,null,"TOTAL",{"$f":"SUM(G10673:G10692)","v":0}]
[]
[]
["CLASSE/TIPO","CÓDIGOS/ SINAPI","DESCRIÇÃO","UND"]
[null,null,null,null,"COEFICIENTE","PREÇO UNITÁRIO (R$)","PREÇO TOTAL (R$)"]
[null,null,null,null,null,null,{"$f":"E10698*F10698","v":0}]
[null,null,null,null,null,null,{"$f":"E10699*F10699","v":0}]
[null,null,null,null,null,null,{"$f":"E10700*F10700","v":0}]
[null,null,null,null,null,null,{"$f":"E10701*F10701","v":0}]
[null,null,null,null,null,null,0]
[null,null,null,null,null,null,0]
[null,null,null,null,null,null,0]
[null,null,null,null,null,null,0]
[null,null,null,null,null,null,0]
[null,null,null,null,null,null,0]
[null,null,null,null,null,null,0]
[null,null,null,null,null,null,0]
[null,null,null,null,null,null,0]
[null,null,null,null,null,null,0]
[null,null,null,null,null,null,0]
[null,null,null,null,null,null,0]
[null,null,null,null,null,null,0]
[null,null,null,null,null,null,0]
[null,null,null,null,null,null,0]
[null,null,null,null,null,null,0]
[null,null,null,null,null,"TOTAL",{"$f":"SUM(G10698:G10717)","v":0}]
[]
[]
["CLASSE/TIPO","CÓDIGOS/ SINAPI","DESCRIÇÃO","UND"]
[null,null,null,null,"COEFICIENTE","PREÇO UNITÁRIO (R$)","PREÇO TOTAL (R$)"]
[null,null,null,null,null,null,{"$f":"E10723*F10723","v":0}]
[null,null,null,null,null,null,{"$f":"E10724*F10724","v":0}]
[null,null,null,null,null,null,{"$f":"E10725*F10725","v":0}]
[null,null,null,null,null,null,{"$f":"E10726*F10726","v":0}]
[null,null,null,null,null,null,0]
[null,null,null,null,null,null,0]
[null,null,null,null,null,null,0]
[null,null,null,null,null,null,0]
[null,null,null,null,null,null,0]
[null,null,null,null,null,null,0]
[null,null,null,null,null,null,0]
[null,null,null,null,null,null,0]
[null,null,null,null,null,null,0]
[null,null,null,null,null,null,0]
[null,null,null,null,null,null,0]
[null,null,null,null,null,null,0]
[null,null,null,null,null,null,0]
[null,null,null,null,null,null,0]
[null,null,null,null,null,null,0]
[null,null,null,null,null,null,0]
[null,null,null,null,null,"TOTAL",{"$f":"SUM(G10723:G10742)","v":0}]
[]
[]
["CLASSE/TIPO","CÓDIGOS/ SINAPI","DESCRIÇÃO","UND"]
[null,null,null,null,"COEFICIENTE","PREÇO UNITÁRIO (R$)","PREÇO TOTAL (R$)"]
[null,null,null,null,null,null,{"$f":"E10748*F10748","v":0}]
[null,null,null,null,null,null,{"$f":"E10749*F10749","v":0}]
[null,null,null,null,null,null,{"$f":"E10750*F10750","v":0}]
[null,null,null,null,null,null,{"$f":"E10751*F10751","v":0}]
[null,null,null,null,null,null,0]
[null,null,null,null,null,null,0]
[null,null,null,null,null,null,0]
[null,null,null,null,null,null,0]
[null,null,null,null,null,null,0]
[null,null,null,null,null,null,0]
[null,null,null,null,null,null,0]
[null,null,null,null,null,null,0]
[null,null,null,null,null,null,0]
[null,null,null,null,null,null,0]
[null,null,null,null,null,null,0]
[null,null,null,null,null,null,0]
[null,null,null,null,null,null,0]
[null,null,null,null,null,null,0]
[null,null,null,null,null,null,0]
[null,null,null,null,null,null,0]
[null,null,null,null,null,"TOTAL",{"$f":"SUM(G10748:G10767)","v":0}]
[]
[]
["CLASSE/TIPO","CÓDIGOS/ SINAPI","DESCRIÇÃO","UND"]
[null,null,null,null,"COEFICIENTE","PREÇO UNITÁRIO (R$)","PREÇO TOTAL (R$)"]
[null,null,null,null,null,null,{"$f":"E10773*F10773","v":0}]
[null,null,null,null,null,null,{"$f":"E10774*F10774","v":0}]
[null,null,null,null,null,null,{"$f":"E10775*F10775","v":0}]
[null,null,null,null,null,null,{"$f":"E10776*F10776","v":0}]
[null,null,null,null,null,null,0]
[null,null,null,null,null,null,0]
[null,null,null,null,null,null,0]
[null,null,null,null,null,null,0]
[null,null,null,null,null,null,0]
[null,null,null,null,null,null,0]
[null,null,null,null,null,null,0]
[null,null,null,null,null,null,0]
[null,null,null,null,null,null,0]
[null,null,null,null,null,null,0]
[null,null,null,null,null,null,0]
[null,null,null,null,null,null,0]
[null,null,null,null,null,null,0]
[null,null,null,null,null,null,0]
[null,null,null,null,null,null,0]
[null,null,null,null,null,null,0]
[null,null,null,null,null,"TOTAL",{"$f":"SUM(G10773:G10792)","v":0}]
[]
[]
["CLASSE/TIPO","CÓDIGOS/ SINAPI","DESCRIÇÃO","UND"]
[null,null,null,null,"COEFICIENTE","PREÇO UNITÁRIO (R$)","PREÇO TOTAL (R$)"]
[null,null,null,null,null,null,{"$f":"E10798*F10798","v":0}]
[null,null,null,null,null,null,{"$f":"E10799*F10799","v":0}]
[null,null,null,null,null,null,{"$f":"E10800*F10800","v":0}]
[null,null,null,null,null,null,{"$f":"E10801*F10801","v":0}]
[null,null,null,null,null,null,0]
[null,null,null,null,null,null,0]
[null,null,null,null,null,null,0]
[null,null,null,null,null,null,0]
[null,null,null,null,null,null,0]
[null,null,null,null,null,null,0]
[null,null,null,null,null,null,0]
[null,null,null,null,null,null,0]
[null,null,null,null,null,null,0]
[null,null,null,null,null,null,0]
[null,null,null,null,null,null,0]
[null,null,null,null,null,null,0]
[null,null,null,null,null,null,0]
[null,null,null,null,null,null,0]
[null,null,null,null,null,null,0]
[null,null,null,null,null,null,0]
[null,null,null,null,null,"TOTAL",{"$f":"SUM(G10798:G10817)","v":0}]
[]
[]
["CLASSE/TIPO","CÓDIGOS/ SINAPI","DESCRIÇÃO","UND"]
[null,null,null,null,"COEFICIENTE","PREÇO UNITÁRIO (R$)","PREÇO TOTAL (R$)"]
[null,null,null,null,null,null,{"$f":"E10823*F10823","v":0}]
[null,null,null,null,null,null,{"$f":"E10824*F10824","v":0}]
[null,null,null,null,null,null,{"$f":"E10825*F10825","v":0}]
[null,null,null,null,null,null,{"$f":"E10826*F10826","v":0}]
[null,null,null,null,null,null,0]
[null,null,null,null,null,null,0]
[null,null,null,null,null,null,0]
[null,null,null,null,null,null,0]
[null,null,null,null,null,null,0]
[null,null,null,null,null,null,0]
[null,null,null,null,null,null,0]
[null,null,null,null,null,null,0]
[null,null,null,null,null,null,0]
[null,null,null,null,null,null,0]
[null,null,null,null,null,null,0]
[null,null,null,null,null,null,0]
[null,null,null,null,null,null,0]
[null,null,null,null,null,null,0]
[null,null,null,null,null,null,0]
[null,null,null,null,null,null,0]
[null,null,null,null,null,"TOTAL",{"$f":"SUM(G10823:G10842)","v":0}]
[]
[]
["CLASSE/TIPO","CÓDIGOS/ SINAPI","DESCRIÇÃO","UND"]
[null,null,null,null,"COEFICIENTE","PREÇO UNITÁRIO (R$)","PREÇO TOTAL (R$)"]
[null,null,null,null,null,null,{"$f":"E10848*F10848","v":0}]
[null,null,null,null,null,null,{"$f":"E10849*F10849","v":0}]
[null,null,null,null,null,null,{"$f":"E10850*F10850","v":0}]
[null,null,null,null,null,null,{"$f":"E10851*F10851","v":0}]
[null,null,null,null,null,null,0]
[null,null,null,null,null,null,0]
[null,null,null,null,null,null,0]
[null,null,null,null,null,null,0]
[null,null,null,null,null,null,0]
[null,null,null,null,null,null,0]
[null,null,null,null,null,null,0]
[null,null,null,null,null,null,0]
[null,null,null,null,null,null,0]
[null,null,null,null,null,null,0]
[null,null,null,null,null,null,0]
[null,null,null,null,null,null,0]
[null,null,null,null,null,null,0]
[null,null,null,null,null,null,0]
[null,null,null,null,null,null,0]
[null,null,null,null,null,null,0]
[null,null,null,null,null,"TOTAL",{"$f":"SUM(G10848:G10867)","v":0}]
[]
[]
["CLASSE/TIPO","CÓDIGOS/ SINAPI","DESCRIÇÃO","UND"]
[null,null,null,null,"COEFICIENTE","PREÇO UNITÁRIO (R$)","PREÇO TOTAL (R$)"]
[null,null,null,null,null,null,{"$f":"E10873*F10873","v":0}]
[null,null,null,null,null,null,{"$f":"E10874*F10874","v":0}]
[null,null,null,null,null,null,{"$f":"E10875*F10875","v":0}]
[null,null,null,null,null,null,{"$f":"E10876*F10876","v":0}]
[null,null,null,null,null,null,0]
[null,null,null,null,null,null,0]
[null,null,null,null,null,null,0]
[null,null,null,null,null,null,0]
[null,null,null,null,null,null,0]
[null,null,null,null,null,null,0]
[null,null,null,null,null,null,0]
[null,null,null,null,null,null,0]
[null,null,null,null,null,null,0]
[null,null,null,null,null,null,0]
[null,null,null,null,null,null,0]
[null,null,null,null,null,null,0]
[null,null,null,null,null,null,0]
[null,null,null,null,null,null,0]
[null,null,null,null,null,null,0]
[null,null,null,null,null,null,0]
[null,null,null,null,null,"TOTAL",{"$f":"SUM(G10873:G10892)","v":0}]
[]
[]
["CLASSE/TIPO","CÓDIGOS/ SINAPI","DESCRIÇÃO","UND"]
[null,null,null,null,"COEFICIENTE","PREÇO UNITÁRIO (R$)","PREÇO TOTAL (R$)"]
[null,null,null,null,null,null,{"$f":"E10898*F10898","v":0}]
[null,null,null,null,null,null,{"$f":"E10899*F10899","v":0}]
[null,null,null,null,null,null,{"$f":"E10900*F10900","v":0}]
[null,null,null,null,null,null,{"$f":"E10901*F10901","v":0}]
[null,null,null,null,null,null,0]
[null,null,null,null,null,null,0]
[null,null,null,null,null,null,0]
[null,null,null,null,null,null,0]
[null,null,null,null,null,null,0]
[null,null,null,null,null,null,0]
[null,null,null,null,null,null,0]
[null,null,null,null,null,null,0]
[null,null,null,null,null,null,0]
[null,null,null,null,null,null,0]
[null,null,null,null,null,null,0]
[null,null,null,null,null,null,0]
[null,null,null,null,null,null,0]
[null,null,null,null,null,null,0]
[null,null,null,null,null,null,0]
[null,null,null,null,null,null,0]
[null,null,null,null,null,"TOTAL",{"$f":"SUM(G10898:G10917)","v":0}]
[]
[]
["CLASSE/TIPO","CÓDIGOS/ SINAPI","DESCRIÇÃO","UND"]
[null,null,null,null,"COEFICIENTE","PREÇO UNITÁRIO (R$)","PREÇO TOTAL (R$)"]
[null,null,null,null,null,null,{"$f":"E10923*F10923","v":0}]
[null,null,null,null,null,null,{"$f":"E10924*F10924","v":0}]
[null,null,null,null,null,null,{"$f":"E10925*F10925","v":0}]
[null,null,null,null,null,null,{"$f":"E10926*F10926","v":0}]
[null,null,null,null,null,null,0]
[null,null,null,null,null,null,0]
[null,null,null,null,null,null,0]
[null,null,null,null,null,null,0]
[null,null,null,null,null,null,0]
[null,null,null,null,null,null,0]
[null,null,null,null,null,null,0]
[null,null,null,null,null,null,0]
[null,null,null,null,null,null,0]
[null,null,null,null,null,null,0]
[null,null,null,null,null,null,0]
[null,null,null,null,null,null,0]
[null,null,null,null,null,null,0]
[null,null,null,null,null,null,0]
[null,null,null,null,null,null,0]
[null,null,null,null,null,null,0]
[null,null,null,null,null,"TOTAL",{"$f":"SUM(G10923:G10942)","v":0}]
[]
[]
["CLASSE/TIPO","CÓDIGOS/ SINAPI","DESCRIÇÃO","UND"]
[null,null,null,null,"COEFICIENTE","PREÇO UNITÁRIO (R$)","PREÇO TOTAL (R$)"]
[null,null,null,null,null,null,{"$f":"E10948*F10948","v":0}]
[null,null,null,null,null,null,{"$f":"E10949*F10949","v":0}]
[null,null,null,null,null,null,{"$f":"E10950*F10950","v":0}]
[null,null,null,null,null,null,{"$f":"E10951*F10951","v":0}]
[null,null,null,null,null,null,0]
[null,null,null,null,null,null,0]
[null,null,null,null,null,null,0]
[null,null,null,null,null,null,0]
[null,null,null,null,null,null,0]
[null,null,null,null,null,null,0]
[null,null,null,null,null,null,0]
[null,null,null,null,null,null,0]
[null,null,null,null,null,null,0]
[null,null,null,null,null,null,0]
[null,null,null,null,null,null,0]
[null,null,null,null,null,null,0]
[null,null,null,null,null,null,0]
[null,null,null,null,null,null,0]
[null,null,null,null,null,null,0]
[null,null,null,null,null,null,0]
[null,null,null,null,null,"TOTAL",{"$f":"SUM(G10948:G10967)","v":0}]
[]
[]
["CLASSE/TIPO","CÓDIGOS/ SINAPI","DESCRIÇÃO","UND"]
[null,null,null,null,"COEFICIENTE","PREÇO UNITÁRIO (R$)","PREÇO TOTAL (R$)"]
[null,null,null,null,null,null,{"$f":"E10973*F10973","v":0}]
[null,null,null,null,null,null,{"$f":"E10974*F10974","v":0}]
[null,null,null,null,null,null,{"$f":"E10975*F10975","v":0}]
[null,null,null,null,null,null,{"$f":"E10976*F10976","v":0}]
[null,null,null,null,null,null,0]
[null,null,null,null,null,null,0]
[null,null,null,null,null,null,0]
[null,null,null,null,null,null,0]
[null,null,null,null,null,null,0]
[null,null,null,null,null,null,0]
[null,null,null,null,null,null,0]
[null,null,null,null,null,null,0]
[null,null,null,null,null,null,0]
[null,null,null,null,null,null,0]
[null,null,null,null,null,null,0]
[null,null,null,null,null,null,0]
[null,null,null,null,null,null,0]
[null,null,null,null,null,null,0]
[null,null,null,null,null,null,0]
[null,null,null,null,null,null,0]
[null,null,null,null,null,"TOTAL",{"$f":"SUM(G10973:G10992)","v":0}]
[]
[]
["CLASSE/TIPO","CÓDIGOS/ SINAPI","DESCRIÇÃO","UND"]
[null,null,null,null,"COEFICIENTE","PREÇO UNITÁRIO (R$)","PREÇO TOTAL (R$)"]
[null,null,null,null,null,null,{"$f":"E10998*F10998","v":0}]
[null,null,null,null,null,null,{"$f":"E10999*F10999","v":0}]
[null,null,null,null,null,null,{"$f":"E11000*F11000","v":0}]
[null,null,null,null,null,null,{"$f":"E11001*F11001","v":0}]
[null,null,null,null,null,null,0]
[null,null,null,null,null,null,0]
[null,null,null,null,null,null,0]
[null,null,null,null,null,null,0]
[null,null,null,null,null,null,0]
[null,null,null,null,null,null,0]
[null,null,null,null,null,null,0]
[null,null,null,null,null,null,0]
[null,null,null,null,null,null,0]
[null,null,null,null,null,null,0]
[null,null,null,null,null,null,0]
[null,null,null,null,null,null,0]
[null,null,null,null,null,null,0]
[null,null,null,null,null,null,0]
[null,null,null,null,null,null,0]
[null,null,null,null,null,null,0]
[null,null,null,null,null,"TOTAL",{"$f":"SUM(G10998:G11017)","v":0}]
[]
[]
["CLASSE/TIPO","CÓDIGOS/ SINAPI","DESCRIÇÃO","UND"]
[null,null,null,null,"COEFICIENTE","PREÇO UNITÁRIO (R$)","PREÇO TOTAL (R$)"]
[null,null,null,null,null,null,{"$f":"E11023*F11023","v":0}]
[null,null,null,null,null,null,{"$f":"E11024*F11024","v":0}]
[null,null,null,null,null,null,{"$f":"E11025*F11025","v":0}]
[null,null,null,null,null,null,{"$f":"E11026*F11026","v":0}]
[null,null,null,null,null,null,0]
[null,null,null,null,null,null,0]
[null,null,null,null,null,null,0]
[null,null,null,null,null,null,0]
[null,null,null,null,null,null,0]
[null,null,null,null,null,null,0]
[null,null,null,null,null,null,0]
[null,null,null,null,null,null,0]
[null,null,null,null,null,null,0]
[null,null,null,null,null,null,0]
[null,null,null,null,null,null,0]
[null,null,null,null,null,null,0]
[null,null,null,null,null,null,0]
[null,null,null,null,null,null,0]
[null,null,null,null,null,null,0]
[null,null,null,null,null,null,0]
[null,null,null,null,null,"TOTAL",{"$f":"SUM(G11023:G11042)","v":0}]
[]
[]
["CLASSE/TIPO","CÓDIGOS/ SINAPI","DESCRIÇÃO","UND"]
[null,null,null,null,"COEFICIENTE","PREÇO UNITÁRIO (R$)","PREÇO TOTAL (R$)"]
[null,null,null,null,null,null,{"$f":"E11048*F11048","v":0}]
[null,null,null,null,null,null,{"$f":"E11049*F11049","v":0}]
[null,null,null,null,null,null,{"$f":"E11050*F11050","v":0}]
[null,null,null,null,null,null,{"$f":"E11051*F11051","v":0}]
[null,null,null,null,null,null,0]
[null,null,null,null,null,null,0]
[null,null,null,null,null,null,0]
[null,null,null,null,null,null,0]
[null,null,null,null,null,null,0]
[null,null,null,null,null,null,0]
[null,null,null,null,null,null,0]
[null,null,null,null,null,null,0]
[null,null,null,null,null,null,0]
[null,null,null,null,null,null,0]
[null,null,null,null,null,null,0]
[null,null,null,null,null,null,0]
[null,null,null,null,null,null,0]
[null,null,null,null,null,null,0]
[null,null,null,null,null,null,0]
[null,null,null,null,null,null,0]
[null,null,null,null,null,"TOTAL",{"$f":"SUM(G11048:G11067)","v":0}]
[]
[]
["CLASSE/TIPO","CÓDIGOS/ SINAPI","DESCRIÇÃO","UND"]
[null,null,null,null,"COEFICIENTE","PREÇO UNITÁRIO (R$)","PREÇO TOTAL (R$)"]
[null,null,null,null,null,null,{"$f":"E11073*F11073","v":0}]
[null,null,null,null,null,null,{"$f":"E11074*F11074","v":0}]
[null,null,null,null,null,null,{"$f":"E11075*F11075","v":0}]
[null,null,null,null,null,null,{"$f":"E11076*F11076","v":0}]
[null,null,null,null,null,null,0]
[null,null,null,null,null,null,0]
[null,null,null,null,null,null,0]
[null,null,null,null,null,null,0]
[null,null,null,null,null,null,0]
[null,null,null,null,null,null,0]
[null,null,null,null,null,null,0]
[null,null,null,null,null,null,0]
[null,null,null,null,null,null,0]
[null,null,null,null,null,null,0]
[null,null,null,null,null,null,0]
[null,null,null,null,null,null,0]
[null,null,null,null,null,null,0]
[null,null,null,null,null,null,0]
[null,null,null,null,null,null,0]
[null,null,null,null,null,null,0]
[null,null,null,null,null,"TOTAL",{"$f":"SUM(G11073:G11092)","v":0}]
[]
[]
["CLASSE/TIPO","CÓDIGOS/ SINAPI","DESCRIÇÃO","UND"]
[null,null,null,null,"COEFICIENTE","PREÇO UNITÁRIO (R$)","PREÇO TOTAL (R$)"]
[null,null,null,null,null,null,{"$f":"E11098*F11098","v":0}]
[null,null,null,null,null,null,{"$f":"E11099*F11099","v":0}]
[null,null,null,null,null,null,{"$f":"E11100*F11100","v":0}]
[null,null,null,null,null,null,{"$f":"E11101*F11101","v":0}]
[null,null,null,null,null,null,0]
[null,null,null,null,null,null,0]
[null,null,null,null,null,null,0]
[null,null,null,null,null,null,0]
[null,null,null,null,null,null,0]
[null,null,null,null,null,null,0]
[null,null,null,null,null,null,0]
[null,null,null,null,null,null,0]
[null,null,null,null,null,null,0]
[null,null,null,null,null,null,0]
[null,null,null,null,null,null,0]
[null,null,null,null,null,null,0]
[null,null,null,null,null,null,0]
[null,null,null,null,null,null,0]
[null,null,null,null,null,null,0]
[null,null,null,null,null,null,0]
[null,null,null,null,null,"TOTAL",{"$f":"SUM(G11098:G11117)","v":0}]
[]
[]
["CLASSE/TIPO","CÓDIGOS/ SINAPI","DESCRIÇÃO","UND"]
[null,null,null,null,"COEFICIENTE","PREÇO UNITÁRIO (R$)","PREÇO TOTAL (R$)"]
[null,null,null,null,null,null,{"$f":"E11123*F11123","v":0}]
[null,null,null,null,null,null,{"$f":"E11124*F11124","v":0}]
[null,null,null,null,null,null,{"$f":"E11125*F11125","v":0}]
[null,null,null,null,null,null,{"$f":"E11126*F11126","v":0}]
[null,null,null,null,null,null,0]
[null,null,null,null,null,null,0]
[null,null,null,null,null,null,0]
[null,null,null,null,null,null,0]
[null,null,null,null,null,null,0]
[null,null,null,null,null,null,0]
[null,null,null,null,null,null,0]
[null,null,null,null,null,null,0]
[null,null,null,null,null,null,0]
[null,null,null,null,null,null,0]
[null,null,null,null,null,null,0]
[null,null,null,null,null,null,0]
[null,null,null,null,null,null,0]
[null,null,null,null,null,null,0]
[null,null,null,null,null,null,0]
[null,null,null,null,null,null,0]
[null,null,null,null,null,"TOTAL",{"$f":"SUM(G11123:G11142)","v":0}]
[]
[]
["CLASSE/TIPO","CÓDIGOS/ SINAPI","DESCRIÇÃO","UND"]
[null,null,null,null,"COEFICIENTE","PREÇO UNITÁRIO (R$)","PREÇO TOTAL (R$)"]
[null,null,null,null,null,null,{"$f":"E11148*F11148","v":0}]
[null,null,null,null,null,null,{"$f":"E11149*F11149","v":0}]
[null,null,null,null,null,null,{"$f":"E11150*F11150","v":0}]
[null,null,null,null,null,null,{"$f":"E11151*F11151","v":0}]
[null,null,null,null,null,null,0]
[null,null,null,null,null,null,0]
[null,null,null,null,null,null,0]
[null,null,null,null,null,null,0]
[null,null,null,null,null,null,0]
[null,null,null,null,null,null,0]
[null,null,null,null,null,null,0]
[null,null,null,null,null,null,0]
[null,null,null,null,null,null,0]
[null,null,null,null,null,null,0]
[null,null,null,null,null,null,0]
[null,null,null,null,null,null,0]
[null,null,null,null,null,null,0]
[null,null,null,null,null,null,0]
[null,null,null,null,null,null,0]
[null,null,null,null,null,null,0]
[null,null,null,null,null,"TOTAL",{"$f":"SUM(G11148:G11167)","v":0}]
[]
[]
["CLASSE/TIPO","CÓDIGOS/ SINAPI","DESCRIÇÃO","UND"]
[null,null,null,null,"COEFICIENTE","PREÇO UNITÁRIO (R$)","PREÇO TOTAL (R$)"]
[null,null,null,null,null,null,{"$f":"E11173*F11173","v":0}]
[null,null,null,null,null,null,{"$f":"E11174*F11174","v":0}]
[null,null,null,null,null,null,{"$f":"E11175*F11175","v":0}]
[null,null,null,null,null,null,{"$f":"E11176*F11176","v":0}]
[null,null,null,null,null,null,0]
[null,null,null,null,null,null,0]
[null,null,null,null,null,null,0]
[null,null,null,null,null,null,0]
[null,null,null,null,null,null,0]
[null,null,null,null,null,null,0]
[null,null,null,null,null,null,0]
[null,null,null,null,null,null,0]
[null,null,null,null,null,null,0]
[null,null,null,null,null,null,0]
[null,null,null,null,null,null,0]
[null,null,null,null,null,null,0]
[null,null,null,null,null,null,0]
[null,null,null,null,null,null,0]
[null,null,null,null,null,null,0]
[null,null,null,null,null,null,0]
[null,null,null,null,null,"TOTAL",{"$f":"SUM(G11173:G11192)","v":0}]
[]
[]
["CLASSE/TIPO","CÓDIGOS/ SINAPI","DESCRIÇÃO","UND"]
[null,null,null,null,"COEFICIENTE","PREÇO UNITÁRIO (R$)","PREÇO TOTAL (R$)"]
[null,null,null,null,null,null,{"$f":"E11198*F11198","v":0}]
[null,null,null,null,null,null,{"$f":"E11199*F11199","v":0}]
[null,null,null,null,null,null,{"$f":"E11200*F11200","v":0}]
[null,null,null,null,null,null,{"$f":"E11201*F11201","v":0}]
[null,null,null,null,null,null,0]
[null,null,null,null,null,null,0]
[null,null,null,null,null,null,0]
[null,null,null,null,null,null,0]
[null,null,null,null,null,null,0]
[null,null,null,null,null,null,0]
[null,null,null,null,null,null,0]
[null,null,null,null,null,null,0]
[null,null,null,null,null,null,0]
[null,null,null,null,null,null,0]
[null,null,null,null,null,null,0]
[null,null,null,null,null,null,0]
[null,null,null,null,null,null,0]
[null,null,null,null,null,null,0]
[null,null,null,null,null,null,0]
[null,null,null,null,null,null,0]
[null,null,null,null,null,"TOTAL",{"$f":"SUM(G11198:G11217)","v":0}]
[]
[]
["CLASSE/TIPO","CÓDIGOS/ SINAPI","DESCRIÇÃO","UND"]
[null,null,null,null,"COEFICIENTE","PREÇO UNITÁRIO (R$)","PREÇO TOTAL (R$)"]
[null,null,null,null,null,null,{"$f":"E11223*F11223","v":0}]
[null,null,null,null,null,null,{"$f":"E11224*F11224","v":0}]
[null,null,null,null,null,null,{"$f":"E11225*F11225","v":0}]
[null,null,null,null,null,null,{"$f":"E11226*F11226","v":0}]
[null,null,null,null,null,null,0]
[null,null,null,null,null,null,0]
[null,null,null,null,null,null,0]
[null,null,null,null,null,null,0]
[null,null,null,null,null,null,0]
[null,null,null,null,null,null,0]
[null,null,null,null,null,null,0]
[null,null,null,null,null,null,0]
[null,null,null,null,null,null,0]
[null,null,null,null,null,null,0]
[null,null,null,null,null,null,0]
[null,null,null,null,null,null,0]
[null,null,null,null,null,null,0]
[null,null,null,null,null,null,0]
[null,null,null,null,null,null,0]
[null,null,null,null,null,null,0]
[null,null,null,null,null,"TOTAL",{"$f":"SUM(G11223:G11242)","v":0}]
[]
[]
["CLASSE/TIPO","CÓDIGOS/ SINAPI","DESCRIÇÃO","UND"]
[null,null,null,null,"COEFICIENTE","PREÇO UNITÁRIO (R$)","PREÇO TOTAL (R$)"]
[null,null,null,null,null,null,{"$f":"E11248*F11248","v":0}]
[null,null,null,null,null,null,{"$f":"E11249*F11249","v":0}]
[null,null,null,null,null,null,{"$f":"E11250*F11250","v":0}]
[null,null,null,null,null,null,{"$f":"E11251*F11251","v":0}]
[null,null,null,null,null,null,0]
[null,null,null,null,null,null,0]
[null,null,null,null,null,null,0]
[null,null,null,null,null,null,0]
[null,null,null,null,null,null,0]
[null,null,null,null,null,null,0]
[null,null,null,null,null,null,0]
[null,null,null,null,null,null,0]
[null,null,null,null,null,null,0]
[null,null,null,null,null,null,0]
[null,null,null,null,null,null,0]
[null,null,null,null,null,null,0]
[null,null,null,null,null,null,0]
[null,null,null,null,null,null,0]
[null,null,null,null,null,null,0]
[null,null,null,null,null,null,0]
[null,null,null,null,null,"TOTAL",{"$f":"SUM(G11248:G11267)","v":0}]
[]
[]
["CLASSE/TIPO","CÓDIGOS/ SINAPI","DESCRIÇÃO","UND"]
[null,null,null,null,"COEFICIENTE","PREÇO UNITÁRIO (R$)","PREÇO TOTAL (R$)"]
[null,null,null,null,null,null,{"$f":"E11273*F11273","v":0}]
[null,null,null,null,null,null,{"$f":"E11274*F11274","v":0}]
[null,null,null,null,null,null,{"$f":"E11275*F11275","v":0}]
[null,null,null,null,null,null,{"$f":"E11276*F11276","v":0}]
[null,null,null,null,null,null,0]
[null,null,null,null,null,null,0]
[null,null,null,null,null,null,0]
[null,null,null,null,null,null,0]
[null,null,null,null,null,null,0]
[null,null,null,null,null,null,0]
[null,null,null,null,null,null,0]
[null,null,null,null,null,null,0]
[null,null,null,null,null,null,0]
[null,null,null,null,null,null,0]
[null,null,null,null,null,null,0]
[null,null,null,null,null,null,0]
[null,null,null,null,null,null,0]
[null,null,null,null,null,null,0]
[null,null,null,null,null,null,0]
[null,null,null,null,null,null,0]
[null,null,null,null,null,"TOTAL",{"$f":"SUM(G11273:G11292)","v":0}]
[]
[]
["CLASSE/TIPO","CÓDIGOS/ SINAPI","DESCRIÇÃO","UND"]
[null,null,null,null,"COEFICIENTE","PREÇO UNITÁRIO (R$)","PREÇO TOTAL (R$)"]
[null,null,null,null,null,null,{"$f":"E11298*F11298","v":0}]
[null,null,null,null,null,null,{"$f":"E11299*F11299","v":0}]
[null,null,null,null,null,null,{"$f":"E11300*F11300","v":0}]
[null,null,null,null,null,null,{"$f":"E11301*F11301","v":0}]
[null,null,null,null,null,null,0]
[null,null,null,null,null,null,0]
[null,null,null,null,null,null,0]
[null,null,null,null,null,null,0]
[null,null,null,null,null,null,0]
[null,null,null,null,null,null,0]
[null,null,null,null,null,null,0]
[null,null,null,null,null,null,0]
[null,null,null,null,null,null,0]
[null,null,null,null,null,null,0]
[null,null,null,null,null,null,0]
[null,null,null,null,null,null,0]
[null,null,null,null,null,null,0]
[null,null,null,null,null,null,0]
[null,null,null,null,null,null,0]
[null,null,null,null,null,null,0]
[null,null,null,null,null,"TOTAL",{"$f":"SUM(G11298:G11317)","v":0}]
[]
[]
["CLASSE/TIPO","CÓDIGOS/ SINAPI","DESCRIÇÃO","UND"]
[null,null,null,null,"COEFICIENTE","PREÇO UNITÁRIO (R$)","PREÇO TOTAL (R$)"]
[null,null,null,null,null,null,{"$f":"E11323*F11323","v":0}]
[null,null,null,null,null,null,{"$f":"E11324*F11324","v":0}]
[null,null,null,null,null,null,{"$f":"E11325*F11325","v":0}]
[null,null,null,null,null,null,{"$f":"E11326*F11326","v":0}]
[null,null,null,null,null,null,0]
[null,null,null,null,null,null,0]
[null,null,null,null,null,null,0]
[null,null,null,null,null,null,0]
[null,null,null,null,null,null,0]
[null,null,null,null,null,null,0]
[null,null,null,null,null,null,0]
[null,null,null,null,null,null,0]
[null,null,null,null,null,null,0]
[null,null,null,null,null,null,0]
[null,null,null,null,null,null,0]
[null,null,null,null,null,null,0]
[null,null,null,null,null,null,0]
[null,null,null,null,null,null,0]
[null,null,null,null,null,null,0]
[null,null,null,null,null,null,0]
[null,null,null,null,null,"TOTAL",{"$f":"SUM(G11323:G11342)","v":0}]
[]
[]
["CLASSE/TIPO","CÓDIGOS/ SINAPI","DESCRIÇÃO","UND"]
[null,null,null,null,"COEFICIENTE","PREÇO UNITÁRIO (R$)","PREÇO TOTAL (R$)"]
[null,null,null,null,null,null,{"$f":"E11348*F11348","v":0}]
[null,null,null,null,null,null,{"$f":"E11349*F11349","v":0}]
[null,null,null,null,null,null,{"$f":"E11350*F11350","v":0}]
[null,null,null,null,null,null,{"$f":"E11351*F11351","v":0}]
[null,null,null,null,null,null,0]
[null,null,null,null,null,null,0]
[null,null,null,null,null,null,0]
[null,null,null,null,null,null,0]
[null,null,null,null,null,null,0]
[null,null,null,null,null,null,0]
[null,null,null,null,null,null,0]
[null,null,null,null,null,null,0]
[null,null,null,null,null,null,0]
[null,null,null,null,null,null,0]
[null,null,null,null,null,null,0]
[null,null,null,null,null,null,0]
[null,null,null,null,null,null,0]
[null,null,null,null,null,null,0]
[null,null,null,null,null,null,0]
[null,null,null,null,null,null,0]
[null,null,null,null,null,"TOTAL",{"$f":"SUM(G11348:G11367)","v":0}]
[]
[]
["CLASSE/TIPO","CÓDIGOS/ SINAPI","DESCRIÇÃO","UND"]
[null,null,null,null,"COEFICIENTE","PREÇO UNITÁRIO (R$)","PREÇO TOTAL (R$)"]
[null,null,null,null,null,null,{"$f":"E11373*F11373","v":0}]
[null,null,null,null,null,null,{"$f":"E11374*F11374","v":0}]
[null,null,null,null,null,null,{"$f":"E11375*F11375","v":0}]
[null,null,null,null,null,null,{"$f":"E11376*F11376","v":0}]
[null,null,null,null,null,null,0]
[null,null,null,null,null,null,0]
[null,null,null,null,null,null,0]
[null,null,null,null,null,null,0]
[null,null,null,null,null,null,0]
[null,null,null,null,null,null,0]
[null,null,null,null,null,null,0]
[null,null,null,null,null,null,0]
[null,null,null,null,null,null,0]
[null,null,null,null,null,null,0]
[null,null,null,null,null,null,0]
[null,null,null,null,null,null,0]
[null,null,null,null,null,null,0]
[null,null,null,null,null,null,0]
[null,null,null,null,null,null,0]
[null,null,null,null,null,null,0]
[null,null,null,null,null,"TOTAL",{"$f":"SUM(G11373:G11392)","v":0}]
[]
[]
["CLASSE/TIPO","CÓDIGOS/ SINAPI","DESCRIÇÃO","UND"]
[null,null,null,null,"COEFICIENTE","PREÇO UNITÁRIO (R$)","PREÇO TOTAL (R$)"]
[null,null,null,null,null,null,{"$f":"E11398*F11398","v":0}]
[null,null,null,null,null,null,{"$f":"E11399*F11399","v":0}]
[null,null,null,null,null,null,{"$f":"E11400*F11400","v":0}]
[null,null,null,null,null,null,{"$f":"E11401*F11401","v":0}]
[null,null,null,null,null,null,0]
[null,null,null,null,null,null,0]
[null,null,null,null,null,null,0]
[null,null,null,null,null,null,0]
[null,null,null,null,null,null,0]
[null,null,null,null,null,null,0]
[null,null,null,null,null,null,0]
[null,null,null,null,null,null,0]
[null,null,null,null,null,null,0]
[null,null,null,null,null,null,0]
[null,null,null,null,null,null,0]
[null,null,null,null,null,null,0]
[null,null,null,null,null,null,0]
[null,null,null,null,null,null,0]
[null,null,null,null,null,null,0]
[null,null,null,null,null,null,0]
[null,null,null,null,null,"TOTAL",{"$f":"SUM(G11398:G11417)","v":0}]
[]
[]
["CLASSE/TIPO","CÓDIGOS/ SINAPI","DESCRIÇÃO","UND"]
[null,null,null,null,"COEFICIENTE","PREÇO UNITÁRIO (R$)","PREÇO TOTAL (R$)"]
[null,null,null,null,null,null,{"$f":"E11423*F11423","v":0}]
[null,null,null,null,null,null,{"$f":"E11424*F11424","v":0}]
[null,null,null,null,null,null,{"$f":"E11425*F11425","v":0}]
[null,null,null,null,null,null,{"$f":"E11426*F11426","v":0}]
[null,null,null,null,null,null,0]
[null,null,null,null,null,null,0]
[null,null,null,null,null,null,0]
[null,null,null,null,null,null,0]
[null,null,null,null,null,null,0]
[null,null,null,null,null,null,0]
[null,null,null,null,null,null,0]
[null,null,null,null,null,null,0]
[null,null,null,null,null,null,0]
[null,null,null,null,null,null,0]
[null,null,null,null,null,null,0]
[null,null,null,null,null,null,0]
[null,null,null,null,null,null,0]
[null,null,null,null,null,null,0]
[null,null,null,null,null,null,0]
[null,null,null,null,null,null,0]
[null,null,null,null,null,"TOTAL",{"$f":"SUM(G11423:G11442)","v":0}]
[]
[]
["CLASSE/TIPO","CÓDIGOS/ SINAPI","DESCRIÇÃO","UND"]
[null,null,null,null,"COEFICIENTE","PREÇO UNITÁRIO (R$)","PREÇO TOTAL (R$)"]
[null,null,null,null,null,null,{"$f":"E11448*F11448","v":0}]
[null,null,null,null,null,null,{"$f":"E11449*F11449","v":0}]
[null,null,null,null,null,null,{"$f":"E11450*F11450","v":0}]
[null,null,null,null,null,null,{"$f":"E11451*F11451","v":0}]
[null,null,null,null,null,null,0]
[null,null,null,null,null,null,0]
[null,null,null,null,null,null,0]
[null,null,null,null,null,null,0]
[null,null,null,null,null,null,0]
[null,null,null,null,null,null,0]
[null,null,null,null,null,null,0]
[null,null,null,null,null,null,0]
[null,null,null,null,null,null,0]
[null,null,null,null,null,null,0]
[null,null,null,null,null,null,0]
[null,null,null,null,null,null,0]
[null,null,null,null,null,null,0]
[null,null,null,null,null,null,0]
[null,null,null,null,null,null,0]
[null,null,null,null,null,null,0]
[null,null,null,null,null,"TOTAL",{"$f":"SUM(G11448:G11467)","v":0}]
[]
[]
["CLASSE/TIPO","CÓDIGOS/ SINAPI","DESCRIÇÃO","UND"]
[null,null,null,null,"COEFICIENTE","PREÇO UNITÁRIO (R$)","PREÇO TOTAL (R$)"]
[null,null,null,null,null,null,{"$f":"E11473*F11473","v":0}]
[null,null,null,null,null,null,{"$f":"E11474*F11474","v":0}]
[null,null,null,null,null,null,{"$f":"E11475*F11475","v":0}]
[null,null,null,null,null,null,{"$f":"E11476*F11476","v":0}]
[null,null,null,null,null,null,0]
[null,null,null,null,null,null,0]
[null,null,null,null,null,null,0]
[null,null,null,null,null,null,0]
[null,null,null,null,null,null,0]
[null,null,null,null,null,null,0]
[null,null,null,null,null,null,0]
[null,null,null,null,null,null,0]
[null,null,null,null,null,null,0]
[null,null,null,null,null,null,0]
[null,null,null,null,null,null,0]
[null,null,null,null,null,null,0]
[null,null,null,null,null,null,0]
[null,null,null,null,null,null,0]
[null,null,null,null,null,null,0]
[null,null,null,null,null,null,0]
[null,null,null,null,null,"TOTAL",{"$f":"SUM(G11473:G11492)","v":0}]
[]
[]
["CLASSE/TIPO","CÓDIGOS/ SINAPI","DESCRIÇÃO","UND"]
[null,null,null,null,"COEFICIENTE","PREÇO UNITÁRIO (R$)","PREÇO TOTAL (R$)"]
[null,null,null,null,null,null,{"$f":"E11498*F11498","v":0}]
[null,null,null,null,null,null,{"$f":"E11499*F11499","v":0}]
[null,null,null,null,null,null,{"$f":"E11500*F11500","v":0}]
[null,null,null,null,null,null,{"$f":"E11501*F11501","v":0}]
[null,null,null,null,null,null,0]
[null,null,null,null,null,null,0]
[null,null,null,null,null,null,0]
[null,null,null,null,null,null,0]
[null,null,null,null,null,null,0]
[null,null,null,null,null,null,0]
[null,null,null,null,null,null,0]
[null,null,null,null,null,null,0]
[null,null,null,null,null,null,0]
[null,null,null,null,null,null,0]
[null,null,null,null,null,null,0]
[null,null,null,null,null,null,0]
[null,null,null,null,null,null,0]
[null,null,null,null,null,null,0]
[null,null,null,null,null,null,0]
[null,null,null,null,null,null,0]
[null,null,null,null,null,"TOTAL",{"$f":"SUM(G11498:G11517)","v":0}]
[]
[]
["CLASSE/TIPO","CÓDIGOS/ SINAPI","DESCRIÇÃO","UND"]
[null,null,null,null,"COEFICIENTE","PREÇO UNITÁRIO (R$)","PREÇO TOTAL (R$)"]
[null,null,null,null,null,null,{"$f":"E11523*F11523","v":0}]
[null,null,null,null,null,null,{"$f":"E11524*F11524","v":0}]
[null,null,null,null,null,null,{"$f":"E11525*F11525","v":0}]
[null,null,null,null,null,null,{"$f":"E11526*F11526","v":0}]
[null,null,null,null,null,null,0]
[null,null,null,null,null,null,0]
[null,null,null,null,null,null,0]
[null,null,null,null,null,null,0]
[null,null,null,null,null,null,0]
[null,null,null,null,null,null,0]
[null,null,null,null,null,null,0]
[null,null,null,null,null,null,0]
[null,null,null,null,null,null,0]
[null,null,null,null,null,null,0]
[null,null,null,null,null,null,0]
[null,null,null,null,null,null,0]
[null,null,null,null,null,null,0]
[null,null,null,null,null,null,0]
[null,null,null,null,null,null,0]
[null,null,null,null,null,null,0]
[null,null,null,null,null,"TOTAL",{"$f":"SUM(G11523:G11542)","v":0}]
[]
[]
["CLASSE/TIPO","CÓDIGOS/ SINAPI","DESCRIÇÃO","UND"]
[null,null,null,null,"COEFICIENTE","PREÇO UNITÁRIO (R$)","PREÇO TOTAL (R$)"]
[null,null,null,null,null,null,{"$f":"E11548*F11548","v":0}]
[null,null,null,null,null,null,{"$f":"E11549*F11549","v":0}]
[null,null,null,null,null,null,{"$f":"E11550*F11550","v":0}]
[null,null,null,null,null,null,{"$f":"E11551*F11551","v":0}]
[null,null,null,null,null,null,0]
[null,null,null,null,null,null,0]
[null,null,null,null,null,null,0]
[null,null,null,null,null,null,0]
[null,null,null,null,null,null,0]
[null,null,null,null,null,null,0]
[null,null,null,null,null,null,0]
[null,null,null,null,null,null,0]
[null,null,null,null,null,null,0]
[null,null,null,null,null,null,0]
[null,null,null,null,null,null,0]
[null,null,null,null,null,null,0]
[null,null,null,null,null,null,0]
[null,null,null,null,null,null,0]
[null,null,null,null,null,null,0]
[null,null,null,null,null,null,0]
[null,null,null,null,null,"TOTAL",{"$f":"SUM(G11548:G11567)","v":0}]
[]
[]
["CLASSE/TIPO","CÓDIGOS/ SINAPI","DESCRIÇÃO","UND"]
[null,null,null,null,"COEFICIENTE","PREÇO UNITÁRIO (R$)","PREÇO TOTAL (R$)"]
[null,null,null,null,null,null,{"$f":"E11573*F11573","v":0}]
[null,null,null,null,null,null,{"$f":"E11574*F11574","v":0}]
[null,null,null,null,null,null,{"$f":"E11575*F11575","v":0}]
[null,null,null,null,null,null,{"$f":"E11576*F11576","v":0}]
[null,null,null,null,null,null,0]
[null,null,null,null,null,null,0]
[null,null,null,null,null,null,0]
[null,null,null,null,null,null,0]
[null,null,null,null,null,null,0]
[null,null,null,null,null,null,0]
[null,null,null,null,null,null,0]
[null,null,null,null,null,null,0]
[null,null,null,null,null,null,0]
[null,null,null,null,null,null,0]
[null,null,null,null,null,null,0]
[null,null,null,null,null,null,0]
[null,null,null,null,null,null,0]
[null,null,null,null,null,null,0]
[null,null,null,null,null,null,0]
[null,null,null,null,null,null,0]
[null,null,null,null,null,"TOTAL",{"$f":"SUM(G11573:G11592)","v":0}]
[]
[]
["CLASSE/TIPO","CÓDIGOS/ SINAPI","DESCRIÇÃO","UND"]
[null,null,null,null,"COEFICIENTE","PREÇO UNITÁRIO (R$)","PREÇO TOTAL (R$)"]
[null,null,null,null,null,null,{"$f":"E11598*F11598","v":0}]
[null,null,null,null,null,null,{"$f":"E11599*F11599","v":0}]
[null,null,null,null,null,null,{"$f":"E11600*F11600","v":0}]
[null,null,null,null,null,null,{"$f":"E11601*F11601","v":0}]
[null,null,null,null,null,null,0]
[null,null,null,null,null,null,0]
[null,null,null,null,null,null,0]
[null,null,null,null,null,null,0]
[null,null,null,null,null,null,0]
[null,null,null,null,null,null,0]
[null,null,null,null,null,null,0]
[null,null,null,null,null,null,0]
[null,null,null,null,null,null,0]
[null,null,null,null,null,null,0]
[null,null,null,null,null,null,0]
[null,null,null,null,null,null,0]
[null,null,null,null,null,null,0]
[null,null,null,null,null,null,0]
[null,null,null,null,null,null,0]
[null,null,null,null,null,null,0]
[null,null,null,null,null,"TOTAL",{"$f":"SUM(G11598:G11617)","v":0}]
[]
[]
["CLASSE/TIPO","CÓDIGOS/ SINAPI","DESCRIÇÃO","UND"]
[null,null,null,null,"COEFICIENTE","PREÇO UNITÁRIO (R$)","PREÇO TOTAL (R$)"]
[null,null,null,null,null,null,{"$f":"E11623*F11623","v":0}]
[null,null,null,null,null,null,{"$f":"E11624*F11624","v":0}]
[null,null,null,null,null,null,{"$f":"E11625*F11625","v":0}]
[null,null,null,null,null,null,{"$f":"E11626*F11626","v":0}]
[null,null,null,null,null,null,0]
[null,null,null,null,null,null,0]
[null,null,null,null,null,null,0]
[null,null,null,null,null,null,0]
[null,null,null,null,null,null,0]
[null,null,null,null,null,null,0]
[null,null,null,null,null,null,0]
[null,null,null,null,null,null,0]
[null,null,null,null,null,null,0]
[null,null,null,null,null,null,0]
[null,null,null,null,null,null,0]
[null,null,null,null,null,null,0]
[null,null,null,null,null,null,0]
[null,null,null,null,null,null,0]
[null,null,null,null,null,null,0]
[null,null,null,null,null,null,0]
[null,null,null,null,null,"TOTAL",{"$f":"SUM(G11623:G11642)","v":0}]
[]
[]
["CLASSE/TIPO","CÓDIGOS/ SINAPI","DESCRIÇÃO","UND"]
[null,null,null,null,"COEFICIENTE","PREÇO UNITÁRIO (R$)","PREÇO TOTAL (R$)"]
[null,null,null,null,null,null,{"$f":"E11648*F11648","v":0}]
[null,null,null,null,null,null,{"$f":"E11649*F11649","v":0}]
[null,null,null,null,null,null,{"$f":"E11650*F11650","v":0}]
[null,null,null,null,null,null,{"$f":"E11651*F11651","v":0}]
[null,null,null,null,null,null,0]
[null,null,null,null,null,null,0]
[null,null,null,null,null,null,0]
[null,null,null,null,null,null,0]
[null,null,null,null,null,null,0]
[null,null,null,null,null,null,0]
[null,null,null,null,null,null,0]
[null,null,null,null,null,null,0]
[null,null,null,null,null,null,0]
[null,null,null,null,null,null,0]
[null,null,null,null,null,null,0]
[null,null,null,null,null,null,0]
[null,null,null,null,null,null,0]
[null,null,null,null,null,null,0]
[null,null,null,null,null,null,0]
[null,null,null,null,null,null,0]
[null,null,null,null,null,"TOTAL",{"$f":"SUM(G11648:G11667)","v":0}]
[]
[]
["CLASSE/TIPO","CÓDIGOS/ SINAPI","DESCRIÇÃO","UND"]
[null,null,null,null,"COEFICIENTE","PREÇO UNITÁRIO (R$)","PREÇO TOTAL (R$)"]
[null,null,null,null,null,null,{"$f":"E11673*F11673","v":0}]
[null,null,null,null,null,null,{"$f":"E11674*F11674","v":0}]
[null,null,null,null,null,null,{"$f":"E11675*F11675","v":0}]
[null,null,null,null,null,null,{"$f":"E11676*F11676","v":0}]
[null,null,null,null,null,null,0]
[null,null,null,null,null,null,0]
[null,null,null,null,null,null,0]
[null,null,null,null,null,null,0]
[null,null,null,null,null,null,0]
[null,null,null,null,null,null,0]
[null,null,null,null,null,null,0]
[null,null,null,null,null,null,0]
[null,null,null,null,null,null,0]
[null,null,null,null,null,null,0]
[null,null,null,null,null,null,0]
[null,null,null,null,null,null,0]
[null,null,null,null,null,null,0]
[null,null,null,null,null,null,0]
[null,null,null,null,null,null,0]
[null,null,null,null,null,null,0]
[null,null,null,null,null,"TOTAL",{"$f":"SUM(G11673:G11692)","v":0}]
[]
[]
["CLASSE/TIPO","CÓDIGOS/ SINAPI","DESCRIÇÃO","UND"]
[null,null,null,null,"COEFICIENTE","PREÇO UNITÁRIO (R$)","PREÇO TOTAL (R$)"]
[null,null,null,null,null,null,{"$f":"E11698*F11698","v":0}]
[null,null,null,null,null,null,{"$f":"E11699*F11699","v":0}]
[null,null,null,null,null,null,{"$f":"E11700*F11700","v":0}]
[null,null,null,null,null,null,{"$f":"E11701*F11701","v":0}]
[null,null,null,null,null,null,0]
[null,null,null,null,null,null,0]
[null,null,null,null,null,null,0]
[null,null,null,null,null,null,0]
[null,null,null,null,null,null,0]
[null,null,null,null,null,null,0]
[null,null,null,null,null,null,0]
[null,null,null,null,null,null,0]
[null,null,null,null,null,null,0]
[null,null,null,null,null,null,0]
[null,null,null,null,null,null,0]
[null,null,null,null,null,null,0]
[null,null,null,null,null,null,0]
[null,null,null,null,null,null,0]
[null,null,null,null,null,null,0]
[null,null,null,null,null,null,0]
[null,null,null,null,null,"TOTAL",{"$f":"SUM(G11698:G11717)","v":0}]
[]
[]
["CLASSE/TIPO","CÓDIGOS/ SINAPI","DESCRIÇÃO","UND"]
[null,null,null,null,"COEFICIENTE","PREÇO UNITÁRIO (R$)","PREÇO TOTAL (R$)"]
[null,null,null,null,null,null,{"$f":"E11723*F11723","v":0}]
[null,null,null,null,null,null,{"$f":"E11724*F11724","v":0}]
[null,null,null,null,null,null,{"$f":"E11725*F11725","v":0}]
[null,null,null,null,null,null,{"$f":"E11726*F11726","v":0}]
[null,null,null,null,null,null,0]
[null,null,null,null,null,null,0]
[null,null,null,null,null,null,0]
[null,null,null,null,null,null,0]
[null,null,null,null,null,null,0]
[null,null,null,null,null,null,0]
[null,null,null,null,null,null,0]
[null,null,null,null,null,null,0]
[null,null,null,null,null,null,0]
[null,null,null,null,null,null,0]
[null,null,null,null,null,null,0]
[null,null,null,null,null,null,0]
[null,null,null,null,null,null,0]
[null,null,null,null,null,null,0]
[null,null,null,null,null,null,0]
[null,null,null,null,null,null,0]
[null,null,null,null,null,"TOTAL",{"$f":"SUM(G11723:G11742)","v":0}]
[]
[]
["CLASSE/TIPO","CÓDIGOS/ SINAPI","DESCRIÇÃO","UND"]
[null,null,null,null,"COEFICIENTE","PREÇO UNITÁRIO (R$)","PREÇO TOTAL (R$)"]
[null,null,null,null,null,null,{"$f":"E11748*F11748","v":0}]
[null,null,null,null,null,null,{"$f":"E11749*F11749","v":0}]
[null,null,null,null,null,null,{"$f":"E11750*F11750","v":0}]
[null,null,null,null,null,null,{"$f":"E11751*F11751","v":0}]
[null,null,null,null,null,null,0]
[null,null,null,null,null,null,0]
[null,null,null,null,null,null,0]
[null,null,null,null,null,null,0]
[null,null,null,null,null,null,0]
[null,null,null,null,null,null,0]
[null,null,null,null,null,null,0]
[null,null,null,null,null,null,0]
[null,null,null,null,null,null,0]
[null,null,null,null,null,null,0]
[null,null,null,null,null,null,0]
[null,null,null,null,null,null,0]
[null,null,null,null,null,null,0]
[null,null,null,null,null,null,0]
[null,null,null,null,null,null,0]
[null,null,null,null,null,null,0]
[null,null,null,null,null,"TOTAL",{"$f":"SUM(G11748:G11767)","v":0}]
[]
[]
["CLASSE/TIPO","CÓDIGOS/ SINAPI","DESCRIÇÃO","UND"]
[null,null,null,null,"COEFICIENTE","PREÇO UNITÁRIO (R$)","PREÇO TOTAL (R$)"]
[null,null,null,null,null,null,{"$f":"E11773*F11773","v":0}]
[null,null,null,null,null,null,{"$f":"E11774*F11774","v":0}]
[null,null,null,null,null,null,{"$f":"E11775*F11775","v":0}]
[null,null,null,null,null,null,{"$f":"E11776*F11776","v":0}]
[null,null,null,null,null,null,0]
[null,null,null,null,null,null,0]
[null,null,null,null,null,null,0]
[null,null,null,null,null,null,0]
[null,null,null,null,null,null,0]
[null,null,null,null,null,null,0]
[null,null,null,null,null,null,0]
[null,null,null,null,null,null,0]
[null,null,null,null,null,null,0]
[null,null,null,null,null,null,0]
[null,null,null,null,null,null,0]
[null,null,null,null,null,null,0]
[null,null,null,null,null,null,0]
[null,null,null,null,null,null,0]
[null,null,null,null,null,null,0]
[null,null,null,null,null,null,0]
[null,null,null,null,null,"TOTAL",{"$f":"SUM(G11773:G11792)","v":0}]
[]
[]
["CLASSE/TIPO","CÓDIGOS/ SINAPI","DESCRIÇÃO","UND"]
[null,null,null,null,"COEFICIENTE","PREÇO UNITÁRIO (R$)","PREÇO TOTAL (R$)"]
[null,null,null,null,null,null,{"$f":"E11798*F11798","v":0}]
[null,null,null,null,null,null,{"$f":"E11799*F11799","v":0}]
[null,null,null,null,null,null,{"$f":"E11800*F11800","v":0}]
[null,null,null,null,null,null,{"$f":"E11801*F11801","v":0}]
[null,null,null,null,null,null,0]
[null,null,null,null,null,null,0]
[null,null,null,null,null,null,0]
[null,null,null,null,null,null,0]
[null,null,null,null,null,null,0]
[null,null,null,null,null,null,0]
[null,null,null,null,null,null,0]
[null,null,null,null,null,null,0]
[null,null,null,null,null,null,0]
[null,null,null,null,null,null,0]
[null,null,null,null,null,null,0]
[null,null,null,null,null,null,0]
[null,null,null,null,null,null,0]
[null,null,null,null,null,null,0]
[null,null,null,null,null,null,0]
[null,null,null,null,null,null,0]
[null,null,null,null,null,"TOTAL",{"$f":"SUM(G11798:G11817)","v":0}]
[]
[]
["CLASSE/TIPO","CÓDIGOS/ SINAPI","DESCRIÇÃO","UND"]
[null,null,null,null,"COEFICIENTE","PREÇO UNITÁRIO (R$)","PREÇO TOTAL (R$)"]
[null,null,null,null,null,null,{"$f":"E11823*F11823","v":0}]
[null,null,null,null,null,null,{"$f":"E11824*F11824","v":0}]
[null,null,null,null,null,null,{"$f":"E11825*F11825","v":0}]
[null,null,null,null,null,null,{"$f":"E11826*F11826","v":0}]
[null,null,null,null,null,null,0]
[null,null,null,null,null,null,0]
[null,null,null,null,null,null,0]
[null,null,null,null,null,null,0]
[null,null,null,null,null,null,0]
[null,null,null,null,null,null,0]
[null,null,null,null,null,null,0]
[null,null,null,null,null,null,0]
[null,null,null,null,null,null,0]
[null,null,null,null,null,null,0]
[null,null,null,null,null,null,0]
[null,null,null,null,null,null,0]
[null,null,null,null,null,null,0]
[null,null,null,null,null,null,0]
[null,null,null,null,null,null,0]
[null,null,null,null,null,null,0]
[null,null,null,null,null,"TOTAL",{"$f":"SUM(G11823:G11842)","v":0}]
[]
[]
["CLASSE/TIPO","CÓDIGOS/ SINAPI","DESCRIÇÃO","UND"]
[null,null,null,null,"COEFICIENTE","PREÇO UNITÁRIO (R$)","PREÇO TOTAL (R$)"]
[null,null,null,null,null,null,{"$f":"E11848*F11848","v":0}]
[null,null,null,null,null,null,{"$f":"E11849*F11849","v":0}]
[null,null,null,null,null,null,{"$f":"E11850*F11850","v":0}]
[null,null,null,null,null,null,{"$f":"E11851*F11851","v":0}]
[null,null,null,null,null,null,0]
[null,null,null,null,null,null,0]
[null,null,null,null,null,null,0]
[null,null,null,null,null,null,0]
[null,null,null,null,null,null,0]
[null,null,null,null,null,null,0]
[null,null,null,null,null,null,0]
[null,null,null,null,null,null,0]
[null,null,null,null,null,null,0]
[null,null,null,null,null,null,0]
[null,null,null,null,null,null,0]
[null,null,null,null,null,null,0]
[null,null,null,null,null,null,0]
[null,null,null,null,null,null,0]
[null,null,null,null,null,null,0]
[null,null,null,null,null,null,0]
[null,null,null,null,null,"TOTAL",{"$f":"SUM(G11848:G11867)","v":0}]
[]
[]
["CLASSE/TIPO","CÓDIGOS/ SINAPI","DESCRIÇÃO","UND"]
[null,null,null,null,"COEFICIENTE","PREÇO UNITÁRIO (R$)","PREÇO TOTAL (R$)"]
[null,null,null,null,null,null,{"$f":"E11873*F11873","v":0}]
[null,null,null,null,null,null,{"$f":"E11874*F11874","v":0}]
[null,null,null,null,null,null,{"$f":"E11875*F11875","v":0}]
[null,null,null,null,null,null,{"$f":"E11876*F11876","v":0}]
[null,null,null,null,null,null,0]
[null,null,null,null,null,null,0]
[null,null,null,null,null,null,0]
[null,null,null,null,null,null,0]
[null,null,null,null,null,null,0]
[null,null,null,null,null,null,0]
[null,null,null,null,null,null,0]
[null,null,null,null,null,null,0]
[null,null,null,null,null,null,0]
[null,null,null,null,null,null,0]
[null,null,null,null,null,null,0]
[null,null,null,null,null,null,0]
[null,null,null,null,null,null,0]
[null,null,null,null,null,null,0]
[null,null,null,null,null,null,0]
[null,null,null,null,null,null,0]
[null,null,null,null,null,"TOTAL",{"$f":"SUM(G11873:G11892)","v":0}]
[]
[]
["CLASSE/TIPO","CÓDIGOS/ SINAPI","DESCRIÇÃO","UND"]
[null,null,null,null,"COEFICIENTE","PREÇO UNITÁRIO (R$)","PREÇO TOTAL (R$)"]
[null,null,null,null,null,null,{"$f":"E11898*F11898","v":0}]
[null,null,null,null,null,null,{"$f":"E11899*F11899","v":0}]
[null,null,null,null,null,null,{"$f":"E11900*F11900","v":0}]
[null,null,null,null,null,null,{"$f":"E11901*F11901","v":0}]
[null,null,null,null,null,null,0]
[null,null,null,null,null,null,0]
[null,null,null,null,null,null,0]
[null,null,null,null,null,null,0]
[null,null,null,null,null,null,0]
[null,null,null,null,null,null,0]
[null,null,null,null,null,null,0]
[null,null,null,null,null,null,0]
[null,null,null,null,null,null,0]
[null,null,null,null,null,null,0]
[null,null,null,null,null,null,0]
[null,null,null,null,null,null,0]
[null,null,null,null,null,null,0]
[null,null,null,null,null,null,0]
[null,null,null,null,null,null,0]
[null,null,null,null,null,null,0]
[null,null,null,null,null,"TOTAL",{"$f":"SUM(G11898:G11917)","v":0}]
[]
[]
["CLASSE/TIPO","CÓDIGOS/ SINAPI","DESCRIÇÃO","UND"]
[null,null,null,null,"COEFICIENTE","PREÇO UNITÁRIO (R$)","PREÇO TOTAL (R$)"]
[null,null,null,null,null,null,{"$f":"E11923*F11923","v":0}]
[null,null,null,null,null,null,{"$f":"E11924*F11924","v":0}]
[null,null,null,null,null,null,{"$f":"E11925*F11925","v":0}]
[null,null,null,null,null,null,{"$f":"E11926*F11926","v":0}]
[null,null,null,null,null,null,0]
[null,null,null,null,null,null,0]
[null,null,null,null,null,null,0]
[null,null,null,null,null,null,0]
[null,null,null,null,null,null,0]
[null,null,null,null,null,null,0]
[null,null,null,null,null,null,0]
[null,null,null,null,null,null,0]
[null,null,null,null,null,null,0]
[null,null,null,null,null,null,0]
[null,null,null,null,null,null,0]
[null,null,null,null,null,null,0]
[null,null,null,null,null,null,0]
[null,null,null,null,null,null,0]
[null,null,null,null,null,null,0]
[null,null,null,null,null,null,0]
[null,null,null,null,null,"TOTAL",{"$f":"SUM(G11923:G11942)","v":0}]
[]
[]
["CLASSE/TIPO","CÓDIGOS/ SINAPI","DESCRIÇÃO","UND"]
[null,null,null,null,"COEFICIENTE","PREÇO UNITÁRIO (R$)","PREÇO TOTAL (R$)"]
[null,null,null,null,null,null,{"$f":"E11948*F11948","v":0}]
[null,null,null,null,null,null,{"$f":"E11949*F11949","v":0}]
[null,null,null,null,null,null,{"$f":"E11950*F11950","v":0}]
[null,null,null,null,null,null,{"$f":"E11951*F11951","v":0}]
[null,null,null,null,null,null,0]
[null,null,null,null,null,null,0]
[null,null,null,null,null,null,0]
[null,null,null,null,null,null,0]
[null,null,null,null,null,null,0]
[null,null,null,null,null,null,0]
[null,null,null,null,null,null,0]
[null,null,null,null,null,null,0]
[null,null,null,null,null,null,0]
[null,null,null,null,null,null,0]
[null,null,null,null,null,null,0]
[null,null,null,null,null,null,0]
[null,null,null,null,null,null,0]
[null,null,null,null,null,null,0]
[null,null,null,null,null,null,0]
[null,null,null,null,null,null,0]
[null,null,null,null,null,"TOTAL",{"$f":"SUM(G11948:G11967)","v":0}]
[]
[]
["CLASSE/TIPO","CÓDIGOS/ SINAPI","DESCRIÇÃO","UND"]
[null,null,null,null,"COEFICIENTE","PREÇO UNITÁRIO (R$)","PREÇO TOTAL (R$)"]
[null,null,null,null,null,null,{"$f":"E11973*F11973","v":0}]
[null,null,null,null,null,null,{"$f":"E11974*F11974","v":0}]
[null,null,null,null,null,null,{"$f":"E11975*F11975","v":0}]
[null,null,null,null,null,null,{"$f":"E11976*F11976","v":0}]
[null,null,null,null,null,null,0]
[null,null,null,null,null,null,0]
[null,null,null,null,null,null,0]
[null,null,null,null,null,null,0]
[null,null,null,null,null,null,0]
[null,null,null,null,null,null,0]
[null,null,null,null,null,null,0]
[null,null,null,null,null,null,0]
[null,null,null,null,null,null,0]
[null,null,null,null,null,null,0]
[null,null,null,null,null,null,0]
[null,null,null,null,null,null,0]
[null,null,null,null,null,null,0]
[null,null,null,null,null,null,0]
[null,null,null,null,null,null,0]
[null,null,null,null,null,null,0]
[null,null,null,null,null,"TOTAL",{"$f":"SUM(G11973:G11992)","v":0}]
[]
[]
["CLASSE/TIPO","CÓDIGOS/ SINAPI","DESCRIÇÃO","UND"]
[null,null,null,null,"COEFICIENTE","PREÇO UNITÁRIO (R$)","PREÇO TOTAL (R$)"]
[null,null,null,null,null,null,{"$f":"E11998*F11998","v":0}]
[null,null,null,null,null,null,{"$f":"E11999*F11999","v":0}]
[null,null,null,null,null,null,{"$f":"E12000*F12000","v":0}]
[null,null,null,null,null,null,{"$f":"E12001*F12001","v":0}]
[null,null,null,null,null,null,0]
[null,null,null,null,null,null,0]
[null,null,null,null,null,null,0]
[null,null,null,null,null,null,0]
[null,null,null,null,null,null,0]
[null,null,null,null,null,null,0]
[null,null,null,null,null,null,0]
[null,null,null,null,null,null,0]
[null,null,null,null,null,null,0]
[null,null,null,null,null,null,0]
[null,null,null,null,null,null,0]
[null,null,null,null,null,null,0]
[null,null,null,null,null,null,0]
[null,null,null,null,null,null,0]
[null,null,null,null,null,null,0]
[null,null,null,null,null,null,0]
[null,null,null,null,null,"TOTAL",{"$f":"SUM(G11998:G12017)","v":0}]
[]
[]
["CLASSE/TIPO","CÓDIGOS/ SINAPI","DESCRIÇÃO","UND"]
[null,null,null,null,"COEFICIENTE","PREÇO UNITÁRIO (R$)","PREÇO TOTAL (R$)"]
[null,null,null,null,null,null,{"$f":"E12023*F12023","v":0}]
[null,null,null,null,null,null,{"$f":"E12024*F12024","v":0}]
[null,null,null,null,null,null,{"$f":"E12025*F12025","v":0}]
[null,null,null,null,null,null,{"$f":"E12026*F12026","v":0}]
[null,null,null,null,null,null,0]
[null,null,null,null,null,null,0]
[null,null,null,null,null,null,0]
[null,null,null,null,null,null,0]
[null,null,null,null,null,null,0]
[null,null,null,null,null,null,0]
[null,null,null,null,null,null,0]
[null,null,null,null,null,null,0]
[null,null,null,null,null,null,0]
[null,null,null,null,null,null,0]
[null,null,null,null,null,null,0]
[null,null,null,null,null,null,0]
[null,null,null,null,null,null,0]
[null,null,null,null,null,null,0]
[null,null,null,null,null,null,0]
[null,null,null,null,null,null,0]
[null,null,null,null,null,"TOTAL",{"$f":"SUM(G12023:G12042)","v":0}]
[]
[]
["CLASSE/TIPO","CÓDIGOS/ SINAPI","DESCRIÇÃO","UND"]
[null,null,null,null,"COEFICIENTE","PREÇO UNITÁRIO (R$)","PREÇO TOTAL (R$)"]
[null,null,null,null,null,null,{"$f":"E12048*F12048","v":0}]
[null,null,null,null,null,null,{"$f":"E12049*F12049","v":0}]
[null,null,null,null,null,null,{"$f":"E12050*F12050","v":0}]
[null,null,null,null,null,null,{"$f":"E12051*F12051","v":0}]
[null,null,null,null,null,null,0]
[null,null,null,null,null,null,0]
[null,null,null,null,null,null,0]
[null,null,null,null,null,null,0]
[null,null,null,null,null,null,0]
[null,null,null,null,null,null,0]
[null,null,null,null,null,null,0]
[null,null,null,null,null,null,0]
[null,null,null,null,null,null,0]
[null,null,null,null,null,null,0]
[null,null,null,null,null,null,0]
[null,null,null,null,null,null,0]
[null,null,null,null,null,null,0]
[null,null,null,null,null,null,0]
[null,null,null,null,null,null,0]
[null,null,null,null,null,null,0]
[null,null,null,null,null,"TOTAL",{"$f":"SUM(G12048:G12067)","v":0}]
[]
[]
["CLASSE/TIPO","CÓDIGOS/ SINAPI","DESCRIÇÃO","UND"]
[null,null,null,null,"COEFICIENTE","PREÇO UNITÁRIO (R$)","PREÇO TOTAL (R$)"]
[null,null,null,null,null,null,{"$f":"E12073*F12073","v":0}]
[null,null,null,null,null,null,{"$f":"E12074*F12074","v":0}]
[null,null,null,null,null,null,{"$f":"E12075*F12075","v":0}]
[null,null,null,null,null,null,{"$f":"E12076*F12076","v":0}]
[null,null,null,null,null,null,0]
[null,null,null,null,null,null,0]
[null,null,null,null,null,null,0]
[null,null,null,null,null,null,0]
[null,null,null,null,null,null,0]
[null,null,null,null,null,null,0]
[null,null,null,null,null,null,0]
[null,null,null,null,null,null,0]
[null,null,null,null,null,null,0]
[null,null,null,null,null,null,0]
[null,null,null,null,null,null,0]
[null,null,null,null,null,null,0]
[null,null,null,null,null,null,0]
[null,null,null,null,null,null,0]
[null,null,null,null,null,null,0]
[null,null,null,null,null,null,0]
[null,null,null,null,null,"TOTAL",{"$f":"SUM(G12073:G12092)","v":0}]
[]
[]
["CLASSE/TIPO","CÓDIGOS/ SINAPI","DESCRIÇÃO","UND"]
[null,null,null,null,"COEFICIENTE","PREÇO UNITÁRIO (R$)","PREÇO TOTAL (R$)"]
[null,null,null,null,null,null,{"$f":"E12098*F12098","v":0}]
[null,null,null,null,null,null,{"$f":"E12099*F12099","v":0}]
[null,null,null,null,null,null,{"$f":"E12100*F12100","v":0}]
[null,null,null,null,null,null,{"$f":"E12101*F12101","v":0}]
[null,null,null,null,null,null,0]
[null,null,null,null,null,null,0]
[null,null,null,null,null,null,0]
[null,null,null,null,null,null,0]
[null,null,null,null,null,null,0]
[null,null,null,null,null,null,0]
[null,null,null,null,null,null,0]
[null,null,null,null,null,null,0]
[null,null,null,null,null,null,0]
[null,null,null,null,null,null,0]
[null,null,null,null,null,null,0]
[null,null,null,null,null,null,0]
[null,null,null,null,null,null,0]
[null,null,null,null,null,null,0]
[null,null,null,null,null,null,0]
[null,null,null,null,null,null,0]
[null,null,null,null,null,"TOTAL",{"$f":"SUM(G12098:G12117)","v":0}]
[]
[]
["CLASSE/TIPO","CÓDIGOS/ SINAPI","DESCRIÇÃO","UND"]
[null,null,null,null,"COEFICIENTE","PREÇO UNITÁRIO (R$)","PREÇO TOTAL (R$)"]
[null,null,null,null,null,null,{"$f":"E12123*F12123","v":0}]
[null,null,null,null,null,null,{"$f":"E12124*F12124","v":0}]
[null,null,null,null,null,null,{"$f":"E12125*F12125","v":0}]
[null,null,null,null,null,null,{"$f":"E12126*F12126","v":0}]
[null,null,null,null,null,null,0]
[null,null,null,null,null,null,0]
[null,null,null,null,null,null,0]
[null,null,null,null,null,null,0]
[null,null,null,null,null,null,0]
[null,null,null,null,null,null,0]
[null,null,null,null,null,null,0]
[null,null,null,null,null,null,0]
[null,null,null,null,null,null,0]
[null,null,null,null,null,null,0]
[null,null,null,null,null,null,0]
[null,null,null,null,null,null,0]
[null,null,null,null,null,null,0]
[null,null,null,null,null,null,0]
[null,null,null,null,null,null,0]
[null,null,null,null,null,null,0]
[null,null,null,null,null,"TOTAL",{"$f":"SUM(G12123:G12142)","v":0}]
[]
[]
["CLASSE/TIPO","CÓDIGOS/ SINAPI","DESCRIÇÃO","UND"]
[null,null,null,null,"COEFICIENTE","PREÇO UNITÁRIO (R$)","PREÇO TOTAL (R$)"]
[null,null,null,null,null,null,{"$f":"E12148*F12148","v":0}]
[null,null,null,null,null,null,{"$f":"E12149*F12149","v":0}]
[null,null,null,null,null,null,{"$f":"E12150*F12150","v":0}]
[null,null,null,null,null,null,{"$f":"E12151*F12151","v":0}]
[null,null,null,null,null,null,0]
[null,null,null,null,null,null,0]
[null,null,null,null,null,null,0]
[null,null,null,null,null,null,0]
[null,null,null,null,null,null,0]
[null,null,null,null,null,null,0]
[null,null,null,null,null,null,0]
[null,null,null,null,null,null,0]
[null,null,null,null,null,null,0]
[null,null,null,null,null,null,0]
[null,null,null,null,null,null,0]
[null,null,null,null,null,null,0]
[null,null,null,null,null,null,0]
[null,null,null,null,null,null,0]
[null,null,null,null,null,null,0]
[null,null,null,null,null,null,0]
[null,null,null,null,null,"TOTAL",{"$f":"SUM(G12148:G12167)","v":0}]
[]
[]
["CLASSE/TIPO","CÓDIGOS/ SINAPI","DESCRIÇÃO","UND"]
[null,null,null,null,"COEFICIENTE","PREÇO UNITÁRIO (R$)","PREÇO TOTAL (R$)"]
[null,null,null,null,null,null,{"$f":"E12173*F12173","v":0}]
[null,null,null,null,null,null,{"$f":"E12174*F12174","v":0}]
[null,null,null,null,null,null,{"$f":"E12175*F12175","v":0}]
[null,null,null,null,null,null,{"$f":"E12176*F12176","v":0}]
[null,null,null,null,null,null,0]
[null,null,null,null,null,null,0]
[null,null,null,null,null,null,0]
[null,null,null,null,null,null,0]
[null,null,null,null,null,null,0]
[null,null,null,null,null,null,0]
[null,null,null,null,null,null,0]
[null,null,null,null,null,null,0]
[null,null,null,null,null,null,0]
[null,null,null,null,null,null,0]
[null,null,null,null,null,null,0]
[null,null,null,null,null,null,0]
[null,null,null,null,null,null,0]
[null,null,null,null,null,null,0]
[null,null,null,null,null,null,0]
[null,null,null,null,null,null,0]
[null,null,null,null,null,"TOTAL",{"$f":"SUM(G12173:G12192)","v":0}]
[]
[]
["CLASSE/TIPO","CÓDIGOS/ SINAPI","DESCRIÇÃO","UND"]
[null,null,null,null,"COEFICIENTE","PREÇO UNITÁRIO (R$)","PREÇO TOTAL (R$)"]
[null,null,null,null,null,null,{"$f":"E12198*F12198","v":0}]
[null,null,null,null,null,null,{"$f":"E12199*F12199","v":0}]
[null,null,null,null,null,null,{"$f":"E12200*F12200","v":0}]
[null,null,null,null,null,null,{"$f":"E12201*F12201","v":0}]
[null,null,null,null,null,null,0]
[null,null,null,null,null,null,0]
[null,null,null,null,null,null,0]
[null,null,null,null,null,null,0]
[null,null,null,null,null,null,0]
[null,null,null,null,null,null,0]
[null,null,null,null,null,null,0]
[null,null,null,null,null,null,0]
[null,null,null,null,null,null,0]
[null,null,null,null,null,null,0]
[null,null,null,null,null,null,0]
[null,null,null,null,null,null,0]
[null,null,null,null,null,null,0]
[null,null,null,null,null,null,0]
[null,null,null,null,null,null,0]
[null,null,null,null,null,null,0]
[null,null,null,null,null,"TOTAL",{"$f":"SUM(G12198:G12217)","v":0}]
[]
[]
["CLASSE/TIPO","CÓDIGOS/ SINAPI","DESCRIÇÃO","UND"]
[null,null,null,null,"COEFICIENTE","PREÇO UNITÁRIO (R$)","PREÇO TOTAL (R$)"]
[null,null,null,null,null,null,{"$f":"E12223*F12223","v":0}]
[null,null,null,null,null,null,{"$f":"E12224*F12224","v":0}]
[null,null,null,null,null,null,{"$f":"E12225*F12225","v":0}]
[null,null,null,null,null,null,{"$f":"E12226*F12226","v":0}]
[null,null,null,null,null,null,0]
[null,null,null,null,null,null,0]
[null,null,null,null,null,null,0]
[null,null,null,null,null,null,0]
[null,null,null,null,null,null,0]
[null,null,null,null,null,null,0]
[null,null,null,null,null,null,0]
[null,null,null,null,null,null,0]
[null,null,null,null,null,null,0]
[null,null,null,null,null,null,0]
[null,null,null,null,null,null,0]
[null,null,null,null,null,null,0]
[null,null,null,null,null,null,0]
[null,null,null,null,null,null,0]
[null,null,null,null,null,null,0]
[null,null,null,null,null,null,0]
[null,null,null,null,null,"TOTAL",{"$f":"SUM(G12223:G12242)","v":0}]
[]
[]
["CLASSE/TIPO","CÓDIGOS/ SINAPI","DESCRIÇÃO","UND"]
[null,null,null,null,"COEFICIENTE","PREÇO UNITÁRIO (R$)","PREÇO TOTAL (R$)"]
[null,null,null,null,null,null,{"$f":"E12248*F12248","v":0}]
[null,null,null,null,null,null,{"$f":"E12249*F12249","v":0}]
[null,null,null,null,null,null,{"$f":"E12250*F12250","v":0}]
[null,null,null,null,null,null,{"$f":"E12251*F12251","v":0}]
[null,null,null,null,null,null,0]
[null,null,null,null,null,null,0]
[null,null,null,null,null,null,0]
[null,null,null,null,null,null,0]
[null,null,null,null,null,null,0]
[null,null,null,null,null,null,0]
[null,null,null,null,null,null,0]
[null,null,null,null,null,null,0]
[null,null,null,null,null,null,0]
[null,null,null,null,null,null,0]
[null,null,null,null,null,null,0]
[null,null,null,null,null,null,0]
[null,null,null,null,null,null,0]
[null,null,null,null,null,null,0]
[null,null,null,null,null,null,0]
[null,null,null,null,null,null,0]
[null,null,null,null,null,"TOTAL",{"$f":"SUM(G12248:G12267)","v":0}]
[]
[]
["CLASSE/TIPO","CÓDIGOS/ SINAPI","DESCRIÇÃO","UND"]
[null,null,null,null,"COEFICIENTE","PREÇO UNITÁRIO (R$)","PREÇO TOTAL (R$)"]
[null,null,null,null,null,null,{"$f":"E12273*F12273","v":0}]
[null,null,null,null,null,null,{"$f":"E12274*F12274","v":0}]
[null,null,null,null,null,null,{"$f":"E12275*F12275","v":0}]
[null,null,null,null,null,null,{"$f":"E12276*F12276","v":0}]
[null,null,null,null,null,null,0]
[null,null,null,null,null,null,0]
[null,null,null,null,null,null,0]
[null,null,null,null,null,null,0]
[null,null,null,null,null,null,0]
[null,null,null,null,null,null,0]
[null,null,null,null,null,null,0]
[null,null,null,null,null,null,0]
[null,null,null,null,null,null,0]
[null,null,null,null,null,null,0]
[null,null,null,null,null,null,0]
[null,null,null,null,null,null,0]
[null,null,null,null,null,null,0]
[null,null,null,null,null,null,0]
[null,null,null,null,null,null,0]
[null,null,null,null,null,null,0]
[null,null,null,null,null,"TOTAL",{"$f":"SUM(G12273:G12292)","v":0}]
[]
[]
["CLASSE/TIPO","CÓDIGOS/ SINAPI","DESCRIÇÃO","UND"]
[null,null,null,null,"COEFICIENTE","PREÇO UNITÁRIO (R$)","PREÇO TOTAL (R$)"]
[null,null,null,null,null,null,{"$f":"E12298*F12298","v":0}]
[null,null,null,null,null,null,{"$f":"E12299*F12299","v":0}]
[null,null,null,null,null,null,{"$f":"E12300*F12300","v":0}]
[null,null,null,null,null,null,{"$f":"E12301*F12301","v":0}]
[null,null,null,null,null,null,0]
[null,null,null,null,null,null,0]
[null,null,null,null,null,null,0]
[null,null,null,null,null,null,0]
[null,null,null,null,null,null,0]
[null,null,null,null,null,null,0]
[null,null,null,null,null,null,0]
[null,null,null,null,null,null,0]
[null,null,null,null,null,null,0]
[null,null,null,null,null,null,0]
[null,null,null,null,null,null,0]
[null,null,null,null,null,null,0]
[null,null,null,null,null,null,0]
[null,null,null,null,null,null,0]
[null,null,null,null,null,null,0]
[null,null,null,null,null,null,0]
[null,null,null,null,null,"TOTAL",{"$f":"SUM(G12298:G12317)","v":0}]
[]
[]
["CLASSE/TIPO","CÓDIGOS/ SINAPI","DESCRIÇÃO","UND"]
[null,null,null,null,"COEFICIENTE","PREÇO UNITÁRIO (R$)","PREÇO TOTAL (R$)"]
[null,null,null,null,null,null,{"$f":"E12323*F12323","v":0}]
[null,null,null,null,null,null,{"$f":"E12324*F12324","v":0}]
[null,null,null,null,null,null,{"$f":"E12325*F12325","v":0}]
[null,null,null,null,null,null,{"$f":"E12326*F12326","v":0}]
[null,null,null,null,null,null,0]
[null,null,null,null,null,null,0]
[null,null,null,null,null,null,0]
[null,null,null,null,null,null,0]
[null,null,null,null,null,null,0]
[null,null,null,null,null,null,0]
[null,null,null,null,null,null,0]
[null,null,null,null,null,null,0]
[null,null,null,null,null,null,0]
[null,null,null,null,null,null,0]
[null,null,null,null,null,null,0]
[null,null,null,null,null,null,0]
[null,null,null,null,null,null,0]
[null,null,null,null,null,null,0]
[null,null,null,null,null,null,0]
[null,null,null,null,null,null,0]
[null,null,null,null,null,"TOTAL",{"$f":"SUM(G12323:G12342)","v":0}]
[]
[]
["CLASSE/TIPO","CÓDIGOS/ SINAPI","DESCRIÇÃO","UND"]
[null,null,null,null,"COEFICIENTE","PREÇO UNITÁRIO (R$)","PREÇO TOTAL (R$)"]
[null,null,null,null,null,null,{"$f":"E12348*F12348","v":0}]
[null,null,null,null,null,null,{"$f":"E12349*F12349","v":0}]
[null,null,null,null,null,null,{"$f":"E12350*F12350","v":0}]
[null,null,null,null,null,null,{"$f":"E12351*F12351","v":0}]
[null,null,null,null,null,null,0]
[null,null,null,null,null,null,0]
[null,null,null,null,null,null,0]
[null,null,null,null,null,null,0]
[null,null,null,null,null,null,0]
[null,null,null,null,null,null,0]
[null,null,null,null,null,null,0]
[null,null,null,null,null,null,0]
[null,null,null,null,null,null,0]
[null,null,null,null,null,null,0]
[null,null,null,null,null,null,0]
[null,null,null,null,null,null,0]
[null,null,null,null,null,null,0]
[null,null,null,null,null,null,0]
[null,null,null,null,null,null,0]
[null,null,null,null,null,null,0]
[null,null,null,null,null,"TOTAL",{"$f":"SUM(G12348:G12367)","v":0}]
[]
[]
["CLASSE/TIPO","CÓDIGOS/ SINAPI","DESCRIÇÃO","UND"]
[null,null,null,null,"COEFICIENTE","PREÇO UNITÁRIO (R$)","PREÇO TOTAL (R$)"]
[null,null,null,null,null,null,{"$f":"E12373*F12373","v":0}]
[null,null,null,null,null,null,{"$f":"E12374*F12374","v":0}]
[null,null,null,null,null,null,{"$f":"E12375*F12375","v":0}]
[null,null,null,null,null,null,{"$f":"E12376*F12376","v":0}]
[null,null,null,null,null,null,0]
[null,null,null,null,null,null,0]
[null,null,null,null,null,null,0]
[null,null,null,null,null,null,0]
[null,null,null,null,null,null,0]
[null,null,null,null,null,null,0]
[null,null,null,null,null,null,0]
[null,null,null,null,null,null,0]
[null,null,null,null,null,null,0]
[null,null,null,null,null,null,0]
[null,null,null,null,null,null,0]
[null,null,null,null,null,null,0]
[null,null,null,null,null,null,0]
[null,null,null,null,null,null,0]
[null,null,null,null,null,null,0]
[null,null,null,null,null,null,0]
[null,null,null,null,null,"TOTAL",{"$f":"SUM(G12373:G12392)","v":0}]
[]
[]
["CLASSE/TIPO","CÓDIGOS/ SINAPI","DESCRIÇÃO","UND"]
[null,null,null,null,"COEFICIENTE","PREÇO UNITÁRIO (R$)","PREÇO TOTAL (R$)"]
[null,null,null,null,null,null,{"$f":"E12398*F12398","v":0}]
[null,null,null,null,null,null,{"$f":"E12399*F12399","v":0}]
[null,null,null,null,null,null,{"$f":"E12400*F12400","v":0}]
[null,null,null,null,null,null,{"$f":"E12401*F12401","v":0}]
[null,null,null,null,null,null,0]
[null,null,null,null,null,null,0]
[null,null,null,null,null,null,0]
[null,null,null,null,null,null,0]
[null,null,null,null,null,null,0]
[null,null,null,null,null,null,0]
[null,null,null,null,null,null,0]
[null,null,null,null,null,null,0]
[null,null,null,null,null,null,0]
[null,null,null,null,null,null,0]
[null,null,null,null,null,null,0]
[null,null,null,null,null,null,0]
[null,null,null,null,null,null,0]
[null,null,null,null,null,null,0]
[null,null,null,null,null,null,0]
[null,null,null,null,null,null,0]
[null,null,null,null,null,"TOTAL",{"$f":"SUM(G12398:G12417)","v":0}]
[]
[]
["CLASSE/TIPO","CÓDIGOS/ SINAPI","DESCRIÇÃO","UND"]
[null,null,null,null,"COEFICIENTE","PREÇO UNITÁRIO (R$)","PREÇO TOTAL (R$)"]
[null,null,null,null,null,null,{"$f":"E12423*F12423","v":0}]
[null,null,null,null,null,null,{"$f":"E12424*F12424","v":0}]
[null,null,null,null,null,null,{"$f":"E12425*F12425","v":0}]
[null,null,null,null,null,null,{"$f":"E12426*F12426","v":0}]
[null,null,null,null,null,null,0]
[null,null,null,null,null,null,0]
[null,null,null,null,null,null,0]
[null,null,null,null,null,null,0]
[null,null,null,null,null,null,0]
[null,null,null,null,null,null,0]
[null,null,null,null,null,null,0]
[null,null,null,null,null,null,0]
[null,null,null,null,null,null,0]
[null,null,null,null,null,null,0]
[null,null,null,null,null,null,0]
[null,null,null,null,null,null,0]
[null,null,null,null,null,null,0]
[null,null,null,null,null,null,0]
[null,null,null,null,null,null,0]
[null,null,null,null,null,null,0]
[null,null,null,null,null,"TOTAL",{"$f":"SUM(G12423:G12442)","v":0}]
[]
[]
["CLASSE/TIPO","CÓDIGOS/ SINAPI","DESCRIÇÃO","UND"]
[null,null,null,null,"COEFICIENTE","PREÇO UNITÁRIO (R$)","PREÇO TOTAL (R$)"]
[null,null,null,null,null,null,{"$f":"E12448*F12448","v":0}]
[null,null,null,null,null,null,{"$f":"E12449*F12449","v":0}]
[null,null,null,null,null,null,{"$f":"E12450*F12450","v":0}]
[null,null,null,null,null,null,{"$f":"E12451*F12451","v":0}]
[null,null,null,null,null,null,0]
[null,null,null,null,null,null,0]
[null,null,null,null,null,null,0]
[null,null,null,null,null,null,0]
[null,null,null,null,null,null,0]
[null,null,null,null,null,null,0]
[null,null,null,null,null,null,0]
[null,null,null,null,null,null,0]
[null,null,null,null,null,null,0]
[null,null,null,null,null,null,0]
[null,null,null,null,null,null,0]
[null,null,null,null,null,null,0]
[null,null,null,null,null,null,0]
[null,null,null,null,null,null,0]
[null,null,null,null,null,null,0]
[null,null,null,null,null,null,0]
[null,null,null,null,null,"TOTAL",{"$f":"SUM(G12448:G12467)","v":0}]
[]
[]
["CLASSE/TIPO","CÓDIGOS/ SINAPI","DESCRIÇÃO","UND"]
[null,null,null,null,"COEFICIENTE","PREÇO UNITÁRIO (R$)","PREÇO TOTAL (R$)"]
[null,null,null,null,null,null,{"$f":"E12473*F12473","v":0}]
[null,null,null,null,null,null,{"$f":"E12474*F12474","v":0}]
[null,null,null,null,null,null,{"$f":"E12475*F12475","v":0}]
[null,null,null,null,null,null,{"$f":"E12476*F12476","v":0}]
[null,null,null,null,null,null,0]
[null,null,null,null,null,null,0]
[null,null,null,null,null,null,0]
[null,null,null,null,null,null,0]
[null,null,null,null,null,null,0]
[null,null,null,null,null,null,0]
[null,null,null,null,null,null,0]
[null,null,null,null,null,null,0]
[null,null,null,null,null,null,0]
[null,null,null,null,null,null,0]
[null,null,null,null,null,null,0]
[null,null,null,null,null,null,0]
[null,null,null,null,null,null,0]
[null,null,null,null,null,null,0]
[null,null,null,null,null,null,0]
[null,null,null,null,null,null,0]
[null,null,null,null,null,"TOTAL",{"$f":"SUM(G12473:G12492)","v":0}]
[]
[]
["CLASSE/TIPO","CÓDIGOS/ SINAPI","DESCRIÇÃO","UND"]
[null,null,null,null,"COEFICIENTE","PREÇO UNITÁRIO (R$)","PREÇO TOTAL (R$)"]
[null,null,null,null,null,null,{"$f":"E12498*F12498","v":0}]
[null,null,null,null,null,null,{"$f":"E12499*F12499","v":0}]
[null,null,null,null,null,null,{"$f":"E12500*F12500","v":0}]
[null,null,null,null,null,null,{"$f":"E12501*F12501","v":0}]
[null,null,null,null,null,null,0]
[null,null,null,null,null,null,0]
[null,null,null,null,null,null,0]
[null,null,null,null,null,null,0]
[null,null,null,null,null,null,0]
[null,null,null,null,null,null,0]
[null,null,null,null,null,null,0]
[null,null,null,null,null,null,0]
[null,null,null,null,null,null,0]
[null,null,null,null,null,null,0]
[null,null,null,null,null,null,0]
[null,null,null,null,null,null,0]
[null,null,null,null,null,null,0]
[null,null,null,null,null,null,0]
[null,null,null,null,null,null,0]
[null,null,null,null,null,null,0]
[null,null,null,null,null,"TOTAL",{"$f":"SUM(G12498:G12517)","v":0}]
[]
[]
["CLASSE/TIPO","CÓDIGOS/ SINAPI","DESCRIÇÃO","UND"]
[null,null,null,null,"COEFICIENTE","PREÇO UNITÁRIO (R$)","PREÇO TOTAL (R$)"]
[null,null,null,null,null,null,{"$f":"E12523*F12523","v":0}]
[null,null,null,null,null,null,{"$f":"E12524*F12524","v":0}]
[null,null,null,null,null,null,{"$f":"E12525*F12525","v":0}]
[null,null,null,null,null,null,{"$f":"E12526*F12526","v":0}]
[null,null,null,null,null,null,0]
[null,null,null,null,null,null,0]
[null,null,null,null,null,null,0]
[null,null,null,null,null,null,0]
[null,null,null,null,null,null,0]
[null,null,null,null,null,null,0]
[null,null,null,null,null,null,0]
[null,null,null,null,null,null,0]
[null,null,null,null,null,null,0]
[null,null,null,null,null,null,0]
[null,null,null,null,null,null,0]
[null,null,null,null,null,null,0]
[null,null,null,null,null,null,0]
[null,null,null,null,null,null,0]
[null,null,null,null,null,null,0]
[null,null,null,null,null,null,0]
[null,null,null,null,null,"TOTAL",{"$f":"SUM(G12523:G12542)","v":0}]
[]
[]
["CLASSE/TIPO","CÓDIGOS/ SINAPI","DESCRIÇÃO","UND"]
[null,null,null,null,"COEFICIENTE","PREÇO UNITÁRIO (R$)","PREÇO TOTAL (R$)"]
[null,null,null,null,null,null,{"$f":"E12548*F12548","v":0}]
[null,null,null,null,null,null,{"$f":"E12549*F12549","v":0}]
[null,null,null,null,null,null,{"$f":"E12550*F12550","v":0}]
[null,null,null,null,null,null,{"$f":"E12551*F12551","v":0}]
[null,null,null,null,null,null,0]
[null,null,null,null,null,null,0]
[null,null,null,null,null,null,0]
[null,null,null,null,null,null,0]
[null,null,null,null,null,null,0]
[null,null,null,null,null,null,0]
[null,null,null,null,null,null,0]
[null,null,null,null,null,null,0]
[null,null,null,null,null,null,0]
[null,null,null,null,null,null,0]
[null,null,null,null,null,null,0]
[null,null,null,null,null,null,0]
[null,null,null,null,null,null,0]
[null,null,null,null,null,null,0]
[null,null,null,null,null,null,0]
[null,null,null,null,null,null,0]
[null,null,null,null,null,"TOTAL",{"$f":"SUM(G12548:G12567)","v":0}]
[]
[]
["CLASSE/TIPO","CÓDIGOS/ SINAPI","DESCRIÇÃO","UND"]
[null,null,null,null,"COEFICIENTE","PREÇO UNITÁRIO (R$)","PREÇO TOTAL (R$)"]
[null,null,null,null,null,null,{"$f":"E12573*F12573","v":0}]
[null,null,null,null,null,null,{"$f":"E12574*F12574","v":0}]
[null,null,null,null,null,null,{"$f":"E12575*F12575","v":0}]
[null,null,null,null,null,null,{"$f":"E12576*F12576","v":0}]
[null,null,null,null,null,null,0]
[null,null,null,null,null,null,0]
[null,null,null,null,null,null,0]
[null,null,null,null,null,null,0]
[null,null,null,null,null,null,0]
[null,null,null,null,null,null,0]
[null,null,null,null,null,null,0]
[null,null,null,null,null,null,0]
[null,null,null,null,null,null,0]
[null,null,null,null,null,null,0]
[null,null,null,null,null,null,0]
[null,null,null,null,null,null,0]
[null,null,null,null,null,null,0]
[null,null,null,null,null,null,0]
[null,null,null,null,null,null,0]
[null,null,null,null,null,null,0]
[null,null,null,null,null,"TOTAL",{"$f":"SUM(G12573:G12592)","v":0}]
[]
[]
["CLASSE/TIPO","CÓDIGOS/ SINAPI","DESCRIÇÃO","UND"]
[null,null,null,null,"COEFICIENTE","PREÇO UNITÁRIO (R$)","PREÇO TOTAL (R$)"]
[null,null,null,null,null,null,{"$f":"E12598*F12598","v":0}]
[null,null,null,null,null,null,{"$f":"E12599*F12599","v":0}]
[null,null,null,null,null,null,{"$f":"E12600*F12600","v":0}]
[null,null,null,null,null,null,{"$f":"E12601*F12601","v":0}]
[null,null,null,null,null,null,0]
[null,null,null,null,null,null,0]
[null,null,null,null,null,null,0]
[null,null,null,null,null,null,0]
[null,null,null,null,null,null,0]
[null,null,null,null,null,null,0]
[null,null,null,null,null,null,0]
[null,null,null,null,null,null,0]
[null,null,null,null,null,null,0]
[null,null,null,null,null,null,0]
[null,null,null,null,null,null,0]
[null,null,null,null,null,null,0]
[null,null,null,null,null,null,0]
[null,null,null,null,null,null,0]
[null,null,null,null,null,null,0]
[null,null,null,null,null,null,0]
[null,null,null,null,null,"TOTAL",{"$f":"SUM(G12598:G12617)","v":0}]
[]
[]
["CLASSE/TIPO","CÓDIGOS/ SINAPI","DESCRIÇÃO","UND"]
[null,null,null,null,"COEFICIENTE","PREÇO UNITÁRIO (R$)","PREÇO TOTAL (R$)"]
[null,null,null,null,null,null,{"$f":"E12623*F12623","v":0}]
[null,null,null,null,null,null,{"$f":"E12624*F12624","v":0}]
[null,null,null,null,null,null,{"$f":"E12625*F12625","v":0}]
[null,null,null,null,null,null,{"$f":"E12626*F12626","v":0}]
[null,null,null,null,null,null,0]
[null,null,null,null,null,null,0]
[null,null,null,null,null,null,0]
[null,null,null,null,null,null,0]
[null,null,null,null,null,null,0]
[null,null,null,null,null,null,0]
[null,null,null,null,null,null,0]
[null,null,null,null,null,null,0]
[null,null,null,null,null,null,0]
[null,null,null,null,null,null,0]
[null,null,null,null,null,null,0]
[null,null,null,null,null,null,0]
[null,null,null,null,null,null,0]
[null,null,null,null,null,null,0]
[null,null,null,null,null,null,0]
[null,null,null,null,null,null,0]
[null,null,null,null,null,"TOTAL",{"$f":"SUM(G12623:G12642)","v":0}]
[]
[]
["CLASSE/TIPO","CÓDIGOS/ SINAPI","DESCRIÇÃO","UND"]
[null,null,null,null,"COEFICIENTE","PREÇO UNITÁRIO (R$)","PREÇO TOTAL (R$)"]
[null,null,null,null,null,null,{"$f":"E12648*F12648","v":0}]
[null,null,null,null,null,null,{"$f":"E12649*F12649","v":0}]
[null,null,null,null,null,null,{"$f":"E12650*F12650","v":0}]
[null,null,null,null,null,null,{"$f":"E12651*F12651","v":0}]
[null,null,null,null,null,null,0]
[null,null,null,null,null,null,0]
[null,null,null,null,null,null,0]
[null,null,null,null,null,null,0]
[null,null,null,null,null,null,0]
[null,null,null,null,null,null,0]
[null,null,null,null,null,null,0]
[null,null,null,null,null,null,0]
[null,null,null,null,null,null,0]
[null,null,null,null,null,null,0]
[null,null,null,null,null,null,0]
[null,null,null,null,null,null,0]
[null,null,null,null,null,null,0]
[null,null,null,null,null,null,0]
[null,null,null,null,null,null,0]
[null,null,null,null,null,null,0]
[null,null,null,null,null,"TOTAL",{"$f":"SUM(G12648:G12667)","v":0}]
[]
[]
["CLASSE/TIPO","CÓDIGOS/ SINAPI","DESCRIÇÃO","UND"]
[null,null,null,null,"COEFICIENTE","PREÇO UNITÁRIO (R$)","PREÇO TOTAL (R$)"]
[null,null,null,null,null,null,{"$f":"E12673*F12673","v":0}]
[null,null,null,null,null,null,{"$f":"E12674*F12674","v":0}]
[null,null,null,null,null,null,{"$f":"E12675*F12675","v":0}]
[null,null,null,null,null,null,{"$f":"E12676*F12676","v":0}]
[null,null,null,null,null,null,0]
[null,null,null,null,null,null,0]
[null,null,null,null,null,null,0]
[null,null,null,null,null,null,0]
[null,null,null,null,null,null,0]
[null,null,null,null,null,null,0]
[null,null,null,null,null,null,0]
[null,null,null,null,null,null,0]
[null,null,null,null,null,null,0]
[null,null,null,null,null,null,0]
[null,null,null,null,null,null,0]
[null,null,null,null,null,null,0]
[null,null,null,null,null,null,0]
[null,null,null,null,null,null,0]
[null,null,null,null,null,null,0]
[null,null,null,null,null,null,0]
[null,null,null,null,null,"TOTAL",{"$f":"SUM(G12673:G12692)","v":0}]
[]
[]
["CLASSE/TIPO","CÓDIGOS/ SINAPI","DESCRIÇÃO","UND"]
[null,null,null,null,"COEFICIENTE","PREÇO UNITÁRIO (R$)","PREÇO TOTAL (R$)"]
[null,null,null,null,null,null,{"$f":"E12698*F12698","v":0}]
[null,null,null,null,null,null,{"$f":"E12699*F12699","v":0}]
[null,null,null,null,null,null,{"$f":"E12700*F12700","v":0}]
[null,null,null,null,null,null,{"$f":"E12701*F12701","v":0}]
[null,null,null,null,null,null,0]
[null,null,null,null,null,null,0]
[null,null,null,null,null,null,0]
[null,null,null,null,null,null,0]
[null,null,null,null,null,null,0]
[null,null,null,null,null,null,0]
[null,null,null,null,null,null,0]
[null,null,null,null,null,null,0]
[null,null,null,null,null,null,0]
[null,null,null,null,null,null,0]
[null,null,null,null,null,null,0]
[null,null,null,null,null,null,0]
[null,null,null,null,null,null,0]
[null,null,null,null,null,null,0]
[null,null,null,null,null,null,0]
[null,null,null,null,null,null,0]
[null,null,null,null,null,"TOTAL",{"$f":"SUM(G12698:G12717)","v":0}]
[]
[]
["CLASSE/TIPO","CÓDIGOS/ SINAPI","DESCRIÇÃO","UND"]
[null,null,null,null,"COEFICIENTE","PREÇO UNITÁRIO (R$)","PREÇO TOTAL (R$)"]
[null,null,null,null,null,null,{"$f":"E12723*F12723","v":0}]
[null,null,null,null,null,null,{"$f":"E12724*F12724","v":0}]
[null,null,null,null,null,null,{"$f":"E12725*F12725","v":0}]
[null,null,null,null,null,null,{"$f":"E12726*F12726","v":0}]
[null,null,null,null,null,null,0]
[null,null,null,null,null,null,0]
[null,null,null,null,null,null,0]
[null,null,null,null,null,null,0]
[null,null,null,null,null,null,0]
[null,null,null,null,null,null,0]
[null,null,null,null,null,null,0]
[null,null,null,null,null,null,0]
[null,null,null,null,null,null,0]
[null,null,null,null,null,null,0]
[null,null,null,null,null,null,0]
[null,null,null,null,null,null,0]
[null,null,null,null,null,null,0]
[null,null,null,null,null,null,0]
[null,null,null,null,null,null,0]
[null,null,null,null,null,null,0]
[null,null,null,null,null,"TOTAL",{"$f":"SUM(G12723:G12742)","v":0}]
[]
[]
["CLASSE/TIPO","CÓDIGOS/ SINAPI","DESCRIÇÃO","UND"]
[null,null,null,null,"COEFICIENTE","PREÇO UNITÁRIO (R$)","PREÇO TOTAL (R$)"]
[null,null,null,null,null,null,{"$f":"E12748*F12748","v":0}]
[null,null,null,null,null,null,{"$f":"E12749*F12749","v":0}]
[null,null,null,null,null,null,{"$f":"E12750*F12750","v":0}]
[null,null,null,null,null,null,{"$f":"E12751*F12751","v":0}]
[null,null,null,null,null,null,0]
[null,null,null,null,null,null,0]
[null,null,null,null,null,null,0]
[null,null,null,null,null,null,0]
[null,null,null,null,null,null,0]
[null,null,null,null,null,null,0]
[null,null,null,null,null,null,0]
[null,null,null,null,null,null,0]
[null,null,null,null,null,null,0]
[null,null,null,null,null,null,0]
[null,null,null,null,null,null,0]
[null,null,null,null,null,null,0]
[null,null,null,null,null,null,0]
[null,null,null,null,null,null,0]
[null,null,null,null,null,null,0]
[null,null,null,null,null,null,0]
[null,null,null,null,null,"TOTAL",{"$f":"SUM(G12748:G12767)","v":0}]
[]
[]
["CLASSE/TIPO","CÓDIGOS/ SINAPI","DESCRIÇÃO","UND"]
[null,null,null,null,"COEFICIENTE","PREÇO UNITÁRIO (R$)","PREÇO TOTAL (R$)"]
[null,null,null,null,null,null,{"$f":"E12773*F12773","v":0}]
[null,null,null,null,null,null,{"$f":"E12774*F12774","v":0}]
[null,null,null,null,null,null,{"$f":"E12775*F12775","v":0}]
[null,null,null,null,null,null,{"$f":"E12776*F12776","v":0}]
[null,null,null,null,null,null,0]
[null,null,null,null,null,null,0]
[null,null,null,null,null,null,0]
[null,null,null,null,null,null,0]
[null,null,null,null,null,null,0]
[null,null,null,null,null,null,0]
[null,null,null,null,null,null,0]
[null,null,null,null,null,null,0]
[null,null,null,null,null,null,0]
[null,null,null,null,null,null,0]
[null,null,null,null,null,null,0]
[null,null,null,null,null,null,0]
[null,null,null,null,null,null,0]
[null,null,null,null,null,null,0]
[null,null,null,null,null,null,0]
[null,null,null,null,null,null,0]
[null,null,null,null,null,"TOTAL",{"$f":"SUM(G12773:G12792)","v":0}]
[]
[]
["CLASSE/TIPO","CÓDIGOS/ SINAPI","DESCRIÇÃO","UND"]
[null,null,null,null,"COEFICIENTE","PREÇO UNITÁRIO (R$)","PREÇO TOTAL (R$)"]
[null,null,null,null,null,null,{"$f":"E12798*F12798","v":0}]
[null,null,null,null,null,null,{"$f":"E12799*F12799","v":0}]
[null,null,null,null,null,null,{"$f":"E12800*F12800","v":0}]
[null,null,null,null,null,null,{"$f":"E12801*F12801","v":0}]
[null,null,null,null,null,null,0]
[null,null,null,null,null,null,0]
[null,null,null,null,null,null,0]
[null,null,null,null,null,null,0]
[null,null,null,null,null,null,0]
[null,null,null,null,null,null,0]
[null,null,null,null,null,null,0]
[null,null,null,null,null,null,0]
[null,null,null,null,null,null,0]
[null,null,null,null,null,null,0]
[null,null,null,null,null,null,0]
[null,null,null,null,null,null,0]
[null,null,null,null,null,null,0]
[null,null,null,null,null,null,0]
[null,null,null,null,null,null,0]
[null,null,null,null,null,null,0]
[null,null,null,null,null,"TOTAL",{"$f":"SUM(G12798:G12817)","v":0}]
[]
[]
["CLASSE/TIPO","CÓDIGOS/ SINAPI","DESCRIÇÃO","UND"]
[null,null,null,null,"COEFICIENTE","PREÇO UNITÁRIO (R$)","PREÇO TOTAL (R$)"]
[null,null,null,null,null,null,{"$f":"E12823*F12823","v":0}]
[null,null,null,null,null,null,{"$f":"E12824*F12824","v":0}]
[null,null,null,null,null,null,{"$f":"E12825*F12825","v":0}]
[null,null,null,null,null,null,{"$f":"E12826*F12826","v":0}]
[null,null,null,null,null,null,0]
[null,null,null,null,null,null,0]
[null,null,null,null,null,null,0]
[null,null,null,null,null,null,0]
[null,null,null,null,null,null,0]
[null,null,null,null,null,null,0]
[null,null,null,null,null,null,0]
[null,null,null,null,null,null,0]
[null,null,null,null,null,null,0]
[null,null,null,null,null,null,0]
[null,null,null,null,null,null,0]
[null,null,null,null,null,null,0]
[null,null,null,null,null,null,0]
[null,null,null,null,null,null,0]
[null,null,null,null,null,null,0]
[null,null,null,null,null,null,0]
[null,null,null,null,null,"TOTAL",{"$f":"SUM(G12823:G12842)","v":0}]
[]
[]
["CLASSE/TIPO","CÓDIGOS/ SINAPI","DESCRIÇÃO","UND"]
[null,null,null,null,"COEFICIENTE","PREÇO UNITÁRIO (R$)","PREÇO TOTAL (R$)"]
[null,null,null,null,null,null,{"$f":"E12848*F12848","v":0}]
[null,null,null,null,null,null,{"$f":"E12849*F12849","v":0}]
[null,null,null,null,null,null,{"$f":"E12850*F12850","v":0}]
[null,null,null,null,null,null,{"$f":"E12851*F12851","v":0}]
[null,null,null,null,null,null,0]
[null,null,null,null,null,null,0]
[null,null,null,null,null,null,0]
[null,null,null,null,null,null,0]
[null,null,null,null,null,null,0]
[null,null,null,null,null,null,0]
[null,null,null,null,null,null,0]
[null,null,null,null,null,null,0]
[null,null,null,null,null,null,0]
[null,null,null,null,null,null,0]
[null,null,null,null,null,null,0]
[null,null,null,null,null,null,0]
[null,null,null,null,null,null,0]
[null,null,null,null,null,null,0]
[null,null,null,null,null,null,0]
[null,null,null,null,null,null,0]
[null,null,null,null,null,"TOTAL",{"$f":"SUM(G12848:G12867)","v":0}]
[]
[]
["CLASSE/TIPO","CÓDIGOS/ SINAPI","DESCRIÇÃO","UND"]
[null,null,null,null,"COEFICIENTE","PREÇO UNITÁRIO (R$)","PREÇO TOTAL (R$)"]
[null,null,null,null,null,null,{"$f":"E12873*F12873","v":0}]
[null,null,null,null,null,null,{"$f":"E12874*F12874","v":0}]
[null,null,null,null,null,null,{"$f":"E12875*F12875","v":0}]
[null,null,null,null,null,null,{"$f":"E12876*F12876","v":0}]
[null,null,null,null,null,null,0]
[null,null,null,null,null,null,0]
[null,null,null,null,null,null,0]
[null,null,null,null,null,null,0]
[null,null,null,null,null,null,0]
[null,null,null,null,null,null,0]
[null,null,null,null,null,null,0]
[null,null,null,null,null,null,0]
[null,null,null,null,null,null,0]
[null,null,null,null,null,null,0]
[null,null,null,null,null,null,0]
[null,null,null,null,null,null,0]
[null,null,null,null,null,null,0]
[null,null,null,null,null,null,0]
[null,null,null,null,null,null,0]
[null,null,null,null,null,null,0]
[null,null,null,null,null,"TOTAL",{"$f":"SUM(G12873:G12892)","v":0}]
[]
[]
["CLASSE/TIPO","CÓDIGOS/ SINAPI","DESCRIÇÃO","UND"]
[null,null,null,null,"COEFICIENTE","PREÇO UNITÁRIO (R$)","PREÇO TOTAL (R$)"]
[null,null,null,null,null,null,{"$f":"E12898*F12898","v":0}]
[null,null,null,null,null,null,{"$f":"E12899*F12899","v":0}]
[null,null,null,null,null,null,{"$f":"E12900*F12900","v":0}]
[null,null,null,null,null,null,{"$f":"E12901*F12901","v":0}]
[null,null,null,null,null,null,0]
[null,null,null,null,null,null,0]
[null,null,null,null,null,null,0]
[null,null,null,null,null,null,0]
[null,null,null,null,null,null,0]
[null,null,null,null,null,null,0]
[null,null,null,null,null,null,0]
[null,null,null,null,null,null,0]
[null,null,null,null,null,null,0]
[null,null,null,null,null,null,0]
[null,null,null,null,null,null,0]
[null,null,null,null,null,null,0]
[null,null,null,null,null,null,0]
[null,null,null,null,null,null,0]
[null,null,null,null,null,null,0]
[null,null,null,null,null,null,0]
[null,null,null,null,null,"TOTAL",{"$f":"SUM(G12898:G12917)","v":0}]
[]
[]
["CLASSE/TIPO","CÓDIGOS/ SINAPI","DESCRIÇÃO","UND"]
[null,null,null,null,"COEFICIENTE","PREÇO UNITÁRIO (R$)","PREÇO TOTAL (R$)"]
[null,null,null,null,null,null,{"$f":"E12923*F12923","v":0}]
[null,null,null,null,null,null,{"$f":"E12924*F12924","v":0}]
[null,null,null,null,null,null,{"$f":"E12925*F12925","v":0}]
[null,null,null,null,null,null,{"$f":"E12926*F12926","v":0}]
[null,null,null,null,null,null,0]
[null,null,null,null,null,null,0]
[null,null,null,null,null,null,0]
[null,null,null,null,null,null,0]
[null,null,null,null,null,null,0]
[null,null,null,null,null,null,0]
[null,null,null,null,null,null,0]
[null,null,null,null,null,null,0]
[null,null,null,null,null,null,0]
[null,null,null,null,null,null,0]
[null,null,null,null,null,null,0]
[null,null,null,null,null,null,0]
[null,null,null,null,null,null,0]
[null,null,null,null,null,null,0]
[null,null,null,null,null,null,0]
[null,null,null,null,null,null,0]
[null,null,null,null,null,"TOTAL",{"$f":"SUM(G12923:G12942)","v":0}]
[]
[]
["CLASSE/TIPO","CÓDIGOS/ SINAPI","DESCRIÇÃO","UND"]
[null,null,null,null,"COEFICIENTE","PREÇO UNITÁRIO (R$)","PREÇO TOTAL (R$)"]
[null,null,null,null,null,null,{"$f":"E12948*F12948","v":0}]
[null,null,null,null,null,null,{"$f":"E12949*F12949","v":0}]
[null,null,null,null,null,null,{"$f":"E12950*F12950","v":0}]
[null,null,null,null,null,null,{"$f":"E12951*F12951","v":0}]
[null,null,null,null,null,null,0]
[null,null,null,null,null,null,0]
[null,null,null,null,null,null,0]
[null,null,null,null,null,null,0]
[null,null,null,null,null,null,0]
[null,null,null,null,null,null,0]
[null,null,null,null,null,null,0]
[null,null,null,null,null,null,0]
[null,null,null,null,null,null,0]
[null,null,null,null,null,null,0]
[null,null,null,null,null,null,0]
[null,null,null,null,null,null,0]
[null,null,null,null,null,null,0]
[null,null,null,null,null,null,0]
[null,null,null,null,null,null,0]
[null,null,null,null,null,null,0]
[null,null,null,null,null,"TOTAL",{"$f":"SUM(G12948:G12967)","v":0}]
[]
[]
["CLASSE/TIPO","CÓDIGOS/ SINAPI","DESCRIÇÃO","UND"]
[null,null,null,null,"COEFICIENTE","PREÇO UNITÁRIO (R$)","PREÇO TOTAL (R$)"]
[null,null,null,null,null,null,{"$f":"E12973*F12973","v":0}]
[null,null,null,null,null,null,{"$f":"E12974*F12974","v":0}]
[null,null,null,null,null,null,{"$f":"E12975*F12975","v":0}]
[null,null,null,null,null,null,{"$f":"E12976*F12976","v":0}]
[null,null,null,null,null,null,0]
[null,null,null,null,null,null,0]
[null,null,null,null,null,null,0]
[null,null,null,null,null,null,0]
[null,null,null,null,null,null,0]
[null,null,null,null,null,null,0]
[null,null,null,null,null,null,0]
[null,null,null,null,null,null,0]
[null,null,null,null,null,null,0]
[null,null,null,null,null,null,0]
[null,null,null,null,null,null,0]
[null,null,null,null,null,null,0]
[null,null,null,null,null,null,0]
[null,null,null,null,null,null,0]
[null,null,null,null,null,null,0]
[null,null,null,null,null,null,0]
[null,null,null,null,null,"TOTAL",{"$f":"SUM(G12973:G12992)","v":0}]
[]
[]
["CLASSE/TIPO","CÓDIGOS/ SINAPI","DESCRIÇÃO","UND"]
[null,null,null,null,"COEFICIENTE","PREÇO UNITÁRIO (R$)","PREÇO TOTAL (R$)"]
[null,null,null,null,null,null,{"$f":"E12998*F12998","v":0}]
[null,null,null,null,null,null,{"$f":"E12999*F12999","v":0}]
[null,null,null,null,null,null,{"$f":"E13000*F13000","v":0}]
[null,null,null,null,null,null,{"$f":"E13001*F13001","v":0}]
[null,null,null,null,null,null,0]
[null,null,null,null,null,null,0]
[null,null,null,null,null,null,0]
[null,null,null,null,null,null,0]
[null,null,null,null,null,null,0]
[null,null,null,null,null,null,0]
[null,null,null,null,null,null,0]
[null,null,null,null,null,null,0]
[null,null,null,null,null,null,0]
[null,null,null,null,null,null,0]
[null,null,null,null,null,null,0]
[null,null,null,null,null,null,0]
[null,null,null,null,null,null,0]
[null,null,null,null,null,null,0]
[null,null,null,null,null,null,0]
[null,null,null,null,null,null,0]
[null,null,null,null,null,"TOTAL",{"$f":"SUM(G12998:G13017)","v":0}]
[]
[]
["CLASSE/TIPO","CÓDIGOS/ SINAPI","DESCRIÇÃO","UND"]
[null,null,null,null,"COEFICIENTE","PREÇO UNITÁRIO (R$)","PREÇO TOTAL (R$)"]
[null,null,null,null,null,null,{"$f":"E13023*F13023","v":0}]
[null,null,null,null,null,null,{"$f":"E13024*F13024","v":0}]
[null,null,null,null,null,null,{"$f":"E13025*F13025","v":0}]
[null,null,null,null,null,null,{"$f":"E13026*F13026","v":0}]
[null,null,null,null,null,null,0]
[null,null,null,null,null,null,0]
[null,null,null,null,null,null,0]
[null,null,null,null,null,null,0]
[null,null,null,null,null,null,0]
[null,null,null,null,null,null,0]
[null,null,null,null,null,null,0]
[null,null,null,null,null,null,0]
[null,null,null,null,null,null,0]
[null,null,null,null,null,null,0]
[null,null,null,null,null,null,0]
[null,null,null,null,null,null,0]
[null,null,null,null,null,null,0]
[null,null,null,null,null,null,0]
[null,null,null,null,null,null,0]
[null,null,null,null,null,null,0]
[null,null,null,null,null,"TOTAL",{"$f":"SUM(G13023:G13042)","v":0}]
[]
[]
["CLASSE/TIPO","CÓDIGOS/ SINAPI","DESCRIÇÃO","UND"]
[null,null,null,null,"COEFICIENTE","PREÇO UNITÁRIO (R$)","PREÇO TOTAL (R$)"]
[null,null,null,null,null,null,{"$f":"E13048*F13048","v":0}]
[null,null,null,null,null,null,{"$f":"E13049*F13049","v":0}]
[null,null,null,null,null,null,{"$f":"E13050*F13050","v":0}]
[null,null,null,null,null,null,{"$f":"E13051*F13051","v":0}]
[null,null,null,null,null,null,0]
[null,null,null,null,null,null,0]
[null,null,null,null,null,null,0]
[null,null,null,null,null,null,0]
[null,null,null,null,null,null,0]
[null,null,null,null,null,null,0]
[null,null,null,null,null,null,0]
[null,null,null,null,null,null,0]
[null,null,null,null,null,null,0]
[null,null,null,null,null,null,0]
[null,null,null,null,null,null,0]
[null,null,null,null,null,null,0]
[null,null,null,null,null,null,0]
[null,null,null,null,null,null,0]
[null,null,null,null,null,null,0]
[null,null,null,null,null,null,0]
[null,null,null,null,null,"TOTAL",{"$f":"SUM(G13048:G13067)","v":0}]
[]
[]
["CLASSE/TIPO","CÓDIGOS/ SINAPI","DESCRIÇÃO","UND"]
[null,null,null,null,"COEFICIENTE","PREÇO UNITÁRIO (R$)","PREÇO TOTAL (R$)"]
[null,null,null,null,null,null,{"$f":"E13073*F13073","v":0}]
[null,null,null,null,null,null,{"$f":"E13074*F13074","v":0}]
[null,null,null,null,null,null,{"$f":"E13075*F13075","v":0}]
[null,null,null,null,null,null,{"$f":"E13076*F13076","v":0}]
[null,null,null,null,null,null,0]
[null,null,null,null,null,null,0]
[null,null,null,null,null,null,0]
[null,null,null,null,null,null,0]
[null,null,null,null,null,null,0]
[null,null,null,null,null,null,0]
[null,null,null,null,null,null,0]
[null,null,null,null,null,null,0]
[null,null,null,null,null,null,0]
[null,null,null,null,null,null,0]
[null,null,null,null,null,null,0]
[null,null,null,null,null,null,0]
[null,null,null,null,null,null,0]
[null,null,null,null,null,null,0]
[null,null,null,null,null,null,0]
[null,null,null,null,null,null,0]
[null,null,null,null,null,"TOTAL",{"$f":"SUM(G13073:G13092)","v":0}]
[]
[]
["CLASSE/TIPO","CÓDIGOS/ SINAPI","DESCRIÇÃO","UND"]
[null,null,null,null,"COEFICIENTE","PREÇO UNITÁRIO (R$)","PREÇO TOTAL (R$)"]
[null,null,null,null,null,null,{"$f":"E13098*F13098","v":0}]
[null,null,null,null,null,null,{"$f":"E13099*F13099","v":0}]
[null,null,null,null,null,null,{"$f":"E13100*F13100","v":0}]
[null,null,null,null,null,null,{"$f":"E13101*F13101","v":0}]
[null,null,null,null,null,null,0]
[null,null,null,null,null,null,0]
[null,null,null,null,null,null,0]
[null,null,null,null,null,null,0]
[null,null,null,null,null,null,0]
[null,null,null,null,null,null,0]
[null,null,null,null,null,null,0]
[null,null,null,null,null,null,0]
[null,null,null,null,null,null,0]
[null,null,null,null,null,null,0]
[null,null,null,null,null,null,0]
[null,null,null,null,null,null,0]
[null,null,null,null,null,null,0]
[null,null,null,null,null,null,0]
[null,null,null,null,null,null,0]
[null,null,null,null,null,null,0]
[null,null,null,null,null,"TOTAL",{"$f":"SUM(G13098:G13117)","v":0}]
[]
[]
["CLASSE/TIPO","CÓDIGOS/ SINAPI","DESCRIÇÃO","UND"]
[null,null,null,null,"COEFICIENTE","PREÇO UNITÁRIO (R$)","PREÇO TOTAL (R$)"]
[null,null,null,null,null,null,{"$f":"E13123*F13123","v":0}]
[null,null,null,null,null,null,{"$f":"E13124*F13124","v":0}]
[null,null,null,null,null,null,{"$f":"E13125*F13125","v":0}]
[null,null,null,null,null,null,{"$f":"E13126*F13126","v":0}]
[null,null,null,null,null,null,0]
[null,null,null,null,null,null,0]
[null,null,null,null,null,null,0]
[null,null,null,null,null,null,0]
[null,null,null,null,null,null,0]
[null,null,null,null,null,null,0]
[null,null,null,null,null,null,0]
[null,null,null,null,null,null,0]
[null,null,null,null,null,null,0]
[null,null,null,null,null,null,0]
[null,null,null,null,null,null,0]
[null,null,null,null,null,null,0]
[null,null,null,null,null,null,0]
[null,null,null,null,null,null,0]
[null,null,null,null,null,null,0]
[null,null,null,null,null,null,0]
[null,null,null,null,null,"TOTAL",{"$f":"SUM(G13123:G13142)","v":0}]
[]
[]
["CLASSE/TIPO","CÓDIGOS/ SINAPI","DESCRIÇÃO","UND"]
[null,null,null,null,"COEFICIENTE","PREÇO UNITÁRIO (R$)","PREÇO TOTAL (R$)"]
[null,null,null,null,null,null,{"$f":"E13148*F13148","v":0}]
[null,null,null,null,null,null,{"$f":"E13149*F13149","v":0}]
[null,null,null,null,null,null,{"$f":"E13150*F13150","v":0}]
[null,null,null,null,null,null,{"$f":"E13151*F13151","v":0}]
[null,null,null,null,null,null,0]
[null,null,null,null,null,null,0]
[null,null,null,null,null,null,0]
[null,null,null,null,null,null,0]
[null,null,null,null,null,null,0]
[null,null,null,null,null,null,0]
[null,null,null,null,null,null,0]
[null,null,null,null,null,null,0]
[null,null,null,null,null,null,0]
[null,null,null,null,null,null,0]
[null,null,null,null,null,null,0]
[null,null,null,null,null,null,0]
[null,null,null,null,null,null,0]
[null,null,null,null,null,null,0]
[null,null,null,null,null,null,0]
[null,null,null,null,null,null,0]
[null,null,null,null,null,"TOTAL",{"$f":"SUM(G13148:G13167)","v":0}]
[]
[]
["CLASSE/TIPO","CÓDIGOS/ SINAPI","DESCRIÇÃO","UND"]
[null,null,null,null,"COEFICIENTE","PREÇO UNITÁRIO (R$)","PREÇO TOTAL (R$)"]
[null,null,null,null,null,null,{"$f":"E13173*F13173","v":0}]
[null,null,null,null,null,null,{"$f":"E13174*F13174","v":0}]
[null,null,null,null,null,null,{"$f":"E13175*F13175","v":0}]
[null,null,null,null,null,null,{"$f":"E13176*F13176","v":0}]
[null,null,null,null,null,null,0]
[null,null,null,null,null,null,0]
[null,null,null,null,null,null,0]
[null,null,null,null,null,null,0]
[null,null,null,null,null,null,0]
[null,null,null,null,null,null,0]
[null,null,null,null,null,null,0]
[null,null,null,null,null,null,0]
[null,null,null,null,null,null,0]
[null,null,null,null,null,null,0]
[null,null,null,null,null,null,0]
[null,null,null,null,null,null,0]
[null,null,null,null,null,null,0]
[null,null,null,null,null,null,0]
[null,null,null,null,null,null,0]
[null,null,null,null,null,null,0]
[null,null,null,null,null,"TOTAL",{"$f":"SUM(G13173:G13192)","v":0}]
[]
[]
["CLASSE/TIPO","CÓDIGOS/ SINAPI","DESCRIÇÃO","UND"]
[null,null,null,null,"COEFICIENTE","PREÇO UNITÁRIO (R$)","PREÇO TOTAL (R$)"]
[null,null,null,null,null,null,{"$f":"E13198*F13198","v":0}]
[null,null,null,null,null,null,{"$f":"E13199*F13199","v":0}]
[null,null,null,null,null,null,{"$f":"E13200*F13200","v":0}]
[null,null,null,null,null,null,{"$f":"E13201*F13201","v":0}]
[null,null,null,null,null,null,0]
[null,null,null,null,null,null,0]
[null,null,null,null,null,null,0]
[null,null,null,null,null,null,0]
[null,null,null,null,null,null,0]
[null,null,null,null,null,null,0]
[null,null,null,null,null,null,0]
[null,null,null,null,null,null,0]
[null,null,null,null,null,null,0]
[null,null,null,null,null,null,0]
[null,null,null,null,null,null,0]
[null,null,null,null,null,null,0]
[null,null,null,null,null,null,0]
[null,null,null,null,null,null,0]
[null,null,null,null,null,null,0]
[null,null,null,null,null,null,0]
[null,null,null,null,null,"TOTAL",{"$f":"SUM(G13198:G13217)","v":0}]
[]
[]
["CLASSE/TIPO","CÓDIGOS/ SINAPI","DESCRIÇÃO","UND"]
[null,null,null,null,"COEFICIENTE","PREÇO UNITÁRIO (R$)","PREÇO TOTAL (R$)"]
[null,null,null,null,null,null,{"$f":"E13223*F13223","v":0}]
[null,null,null,null,null,null,{"$f":"E13224*F13224","v":0}]
[null,null,null,null,null,null,{"$f":"E13225*F13225","v":0}]
[null,null,null,null,null,null,{"$f":"E13226*F13226","v":0}]
[null,null,null,null,null,null,0]
[null,null,null,null,null,null,0]
[null,null,null,null,null,null,0]
[null,null,null,null,null,null,0]
[null,null,null,null,null,null,0]
[null,null,null,null,null,null,0]
[null,null,null,null,null,null,0]
[null,null,null,null,null,null,0]
[null,null,null,null,null,null,0]
[null,null,null,null,null,null,0]
[null,null,null,null,null,null,0]
[null,null,null,null,null,null,0]
[null,null,null,null,null,null,0]
[null,null,null,null,null,null,0]
[null,null,null,null,null,null,0]
[null,null,null,null,null,null,0]
[null,null,null,null,null,"TOTAL",{"$f":"SUM(G13223:G13242)","v":0}]
[]
[]
["CLASSE/TIPO","CÓDIGOS/ SINAPI","DESCRIÇÃO","UND"]
[null,null,null,null,"COEFICIENTE","PREÇO UNITÁRIO (R$)","PREÇO TOTAL (R$)"]
[null,null,null,null,null,null,{"$f":"E13248*F13248","v":0}]
[null,null,null,null,null,null,{"$f":"E13249*F13249","v":0}]
[null,null,null,null,null,null,{"$f":"E13250*F13250","v":0}]
[null,null,null,null,null,null,{"$f":"E13251*F13251","v":0}]
[null,null,null,null,null,null,0]
[null,null,null,null,null,null,0]
[null,null,null,null,null,null,0]
[null,null,null,null,null,null,0]
[null,null,null,null,null,null,0]
[null,null,null,null,null,null,0]
[null,null,null,null,null,null,0]
[null,null,null,null,null,null,0]
[null,null,null,null,null,null,0]
[null,null,null,null,null,null,0]
[null,null,null,null,null,null,0]
[null,null,null,null,null,null,0]
[null,null,null,null,null,null,0]
[null,null,null,null,null,null,0]
[null,null,null,null,null,null,0]
[null,null,null,null,null,null,0]
[null,null,null,null,null,"TOTAL",{"$f":"SUM(G13248:G13267)","v":0}]
[]
[]
["CLASSE/TIPO","CÓDIGOS/ SINAPI","DESCRIÇÃO","UND"]
[null,null,null,null,"COEFICIENTE","PREÇO UNITÁRIO (R$)","PREÇO TOTAL (R$)"]
[null,null,null,null,null,null,{"$f":"E13273*F13273","v":0}]
[null,null,null,null,null,null,{"$f":"E13274*F13274","v":0}]
[null,null,null,null,null,null,{"$f":"E13275*F13275","v":0}]
[null,null,null,null,null,null,{"$f":"E13276*F13276","v":0}]
[null,null,null,null,null,null,0]
[null,null,null,null,null,null,0]
[null,null,null,null,null,null,0]
[null,null,null,null,null,null,0]
[null,null,null,null,null,null,0]
[null,null,null,null,null,null,0]
[null,null,null,null,null,null,0]
[null,null,null,null,null,null,0]
[null,null,null,null,null,null,0]
[null,null,null,null,null,null,0]
[null,null,null,null,null,null,0]
[null,null,null,null,null,null,0]
[null,null,null,null,null,null,0]
[null,null,null,null,null,null,0]
[null,null,null,null,null,null,0]
[null,null,null,null,null,null,0]
[null,null,null,null,null,"TOTAL",{"$f":"SUM(G13273:G13292)","v":0}]
[]
[]
["CLASSE/TIPO","CÓDIGOS/ SINAPI","DESCRIÇÃO","UND"]
[null,null,null,null,"COEFICIENTE","PREÇO UNITÁRIO (R$)","PREÇO TOTAL (R$)"]
[null,null,null,null,null,null,{"$f":"E13298*F13298","v":0}]
[null,null,null,null,null,null,{"$f":"E13299*F13299","v":0}]
[null,null,null,null,null,null,{"$f":"E13300*F13300","v":0}]
[null,null,null,null,null,null,{"$f":"E13301*F13301","v":0}]
[null,null,null,null,null,null,0]
[null,null,null,null,null,null,0]
[null,null,null,null,null,null,0]
[null,null,null,null,null,null,0]
[null,null,null,null,null,null,0]
[null,null,null,null,null,null,0]
[null,null,null,null,null,null,0]
[null,null,null,null,null,null,0]
[null,null,null,null,null,null,0]
[null,null,null,null,null,null,0]
[null,null,null,null,null,null,0]
[null,null,null,null,null,null,0]
[null,null,null,null,null,null,0]
[null,null,null,null,null,null,0]
[null,null,null,null,null,null,0]
[null,null,null,null,null,null,0]
[null,null,null,null,null,"TOTAL",{"$f":"SUM(G13298:G13317)","v":0}]
[]
[]
["CLASSE/TIPO","CÓDIGOS/ SINAPI","DESCRIÇÃO","UND"]
[null,null,null,null,"COEFICIENTE","PREÇO UNITÁRIO (R$)","PREÇO TOTAL (R$)"]
[null,null,null,null,null,null,{"$f":"E13323*F13323","v":0}]
[null,null,null,null,null,null,{"$f":"E13324*F13324","v":0}]
[null,null,null,null,null,null,{"$f":"E13325*F13325","v":0}]
[null,null,null,null,null,null,{"$f":"E13326*F13326","v":0}]
[null,null,null,null,null,null,0]
[null,null,null,null,null,null,0]
[null,null,null,null,null,null,0]
[null,null,null,null,null,null,0]
[null,null,null,null,null,null,0]
[null,null,null,null,null,null,0]
[null,null,null,null,null,null,0]
[null,null,null,null,null,null,0]
[null,null,null,null,null,null,0]
[null,null,null,null,null,null,0]
[null,null,null,null,null,null,0]
[null,null,null,null,null,null,0]
[null,null,null,null,null,null,0]
[null,null,null,null,null,null,0]
[null,null,null,null,null,null,0]
[null,null,null,null,null,null,0]
[null,null,null,null,null,"TOTAL",{"$f":"SUM(G13323:G13342)","v":0}]
[]
[]
["CLASSE/TIPO","CÓDIGOS/ SINAPI","DESCRIÇÃO","UND"]
[null,null,null,null,"COEFICIENTE","PREÇO UNITÁRIO (R$)","PREÇO TOTAL (R$)"]
[null,null,null,null,null,null,{"$f":"E13348*F13348","v":0}]
[null,null,null,null,null,null,{"$f":"E13349*F13349","v":0}]
[null,null,null,null,null,null,{"$f":"E13350*F13350","v":0}]
[null,null,null,null,null,null,{"$f":"E13351*F13351","v":0}]
[null,null,null,null,null,null,0]
[null,null,null,null,null,null,0]
[null,null,null,null,null,null,0]
[null,null,null,null,null,null,0]
[null,null,null,null,null,null,0]
[null,null,null,null,null,null,0]
[null,null,null,null,null,null,0]
[null,null,null,null,null,null,0]
[null,null,null,null,null,null,0]
[null,null,null,null,null,null,0]
[null,null,null,null,null,null,0]
[null,null,null,null,null,null,0]
[null,null,null,null,null,null,0]
[null,null,null,null,null,null,0]
[null,null,null,null,null,null,0]
[null,null,null,null,null,null,0]
[null,null,null,null,null,"TOTAL",{"$f":"SUM(G13348:G13367)","v":0}]
[]
[]
["CLASSE/TIPO","CÓDIGOS/ SINAPI","DESCRIÇÃO","UND"]
[null,null,null,null,"COEFICIENTE","PREÇO UNITÁRIO (R$)","PREÇO TOTAL (R$)"]
[null,null,null,null,null,null,{"$f":"E13373*F13373","v":0}]
[null,null,null,null,null,null,{"$f":"E13374*F13374","v":0}]
[null,null,null,null,null,null,{"$f":"E13375*F13375","v":0}]
[null,null,null,null,null,null,{"$f":"E13376*F13376","v":0}]
[null,null,null,null,null,null,0]
[null,null,null,null,null,null,0]
[null,null,null,null,null,null,0]
[null,null,null,null,null,null,0]
[null,null,null,null,null,null,0]
[null,null,null,null,null,null,0]
[null,null,null,null,null,null,0]
[null,null,null,null,null,null,0]
[null,null,null,null,null,null,0]
[null,null,null,null,null,null,0]
[null,null,null,null,null,null,0]
[null,null,null,null,null,null,0]
[null,null,null,null,null,null,0]
[null,null,null,null,null,null,0]
[null,null,null,null,null,null,0]
[null,null,null,null,null,null,0]
[null,null,null,null,null,"TOTAL",{"$f":"SUM(G13373:G13392)","v":0}]
[]
[]
["CLASSE/TIPO","CÓDIGOS/ SINAPI","DESCRIÇÃO","UND"]
[null,null,null,null,"COEFICIENTE","PREÇO UNITÁRIO (R$)","PREÇO TOTAL (R$)"]
[null,null,null,null,null,null,{"$f":"E13398*F13398","v":0}]
[null,null,null,null,null,null,{"$f":"E13399*F13399","v":0}]
[null,null,null,null,null,null,{"$f":"E13400*F13400","v":0}]
[null,null,null,null,null,null,{"$f":"E13401*F13401","v":0}]
[null,null,null,null,null,null,0]
[null,null,null,null,null,null,0]
[null,null,null,null,null,null,0]
[null,null,null,null,null,null,0]
[null,null,null,null,null,null,0]
[null,null,null,null,null,null,0]
[null,null,null,null,null,null,0]
[null,null,null,null,null,null,0]
[null,null,null,null,null,null,0]
[null,null,null,null,null,null,0]
[null,null,null,null,null,null,0]
[null,null,null,null,null,null,0]
[null,null,null,null,null,null,0]
[null,null,null,null,null,null,0]
[null,null,null,null,null,null,0]
[null,null,null,null,null,null,0]
[null,null,null,null,null,"TOTAL",{"$f":"SUM(G13398:G13417)","v":0}]
[]
[]
["CLASSE/TIPO","CÓDIGOS/ SINAPI","DESCRIÇÃO","UND"]
[null,null,null,null,"COEFICIENTE","PREÇO UNITÁRIO (R$)","PREÇO TOTAL (R$)"]
[null,null,null,null,null,null,{"$f":"E13423*F13423","v":0}]
[null,null,null,null,null,null,{"$f":"E13424*F13424","v":0}]
[null,null,null,null,null,null,{"$f":"E13425*F13425","v":0}]
[null,null,null,null,null,null,{"$f":"E13426*F13426","v":0}]
[null,null,null,null,null,null,0]
[null,null,null,null,null,null,0]
[null,null,null,null,null,null,0]
[null,null,null,null,null,null,0]
[null,null,null,null,null,null,0]
[null,null,null,null,null,null,0]
[null,null,null,null,null,null,0]
[null,null,null,null,null,null,0]
[null,null,null,null,null,null,0]
[null,null,null,null,null,null,0]
[null,null,null,null,null,null,0]
[null,null,null,null,null,null,0]
[null,null,null,null,null,null,0]
[null,null,null,null,null,null,0]
[null,null,null,null,null,null,0]
[null,null,null,null,null,null,0]
[null,null,null,null,null,"TOTAL",{"$f":"SUM(G13423:G13442)","v":0}]
[]
[]
["CLASSE/TIPO","CÓDIGOS/ SINAPI","DESCRIÇÃO","UND"]
[null,null,null,null,"COEFICIENTE","PREÇO UNITÁRIO (R$)","PREÇO TOTAL (R$)"]
[null,null,null,null,null,null,{"$f":"E13448*F13448","v":0}]
[null,null,null,null,null,null,{"$f":"E13449*F13449","v":0}]
[null,null,null,null,null,null,{"$f":"E13450*F13450","v":0}]
[null,null,null,null,null,null,{"$f":"E13451*F13451","v":0}]
[null,null,null,null,null,null,0]
[null,null,null,null,null,null,0]
[null,null,null,null,null,null,0]
[null,null,null,null,null,null,0]
[null,null,null,null,null,null,0]
[null,null,null,null,null,null,0]
[null,null,null,null,null,null,0]
[null,null,null,null,null,null,0]
[null,null,null,null,null,null,0]
[null,null,null,null,null,null,0]
[null,null,null,null,null,null,0]
[null,null,null,null,null,null,0]
[null,null,null,null,null,null,0]
[null,null,null,null,null,null,0]
[null,null,null,null,null,null,0]
[null,null,null,null,null,null,0]
[null,null,null,null,null,"TOTAL",{"$f":"SUM(G13448:G13467)","v":0}]
[]
[]
["CLASSE/TIPO","CÓDIGOS/ SINAPI","DESCRIÇÃO","UND"]
[null,null,null,null,"COEFICIENTE","PREÇO UNITÁRIO (R$)","PREÇO TOTAL (R$)"]
[null,null,null,null,null,null,{"$f":"E13473*F13473","v":0}]
[null,null,null,null,null,null,{"$f":"E13474*F13474","v":0}]
[null,null,null,null,null,null,{"$f":"E13475*F13475","v":0}]
[null,null,null,null,null,null,{"$f":"E13476*F13476","v":0}]
[null,null,null,null,null,null,0]
[null,null,null,null,null,null,0]
[null,null,null,null,null,null,0]
[null,null,null,null,null,null,0]
[null,null,null,null,null,null,0]
[null,null,null,null,null,null,0]
[null,null,null,null,null,null,0]
[null,null,null,null,null,null,0]
[null,null,null,null,null,null,0]
[null,null,null,null,null,null,0]
[null,null,null,null,null,null,0]
[null,null,null,null,null,null,0]
[null,null,null,null,null,null,0]
[null,null,null,null,null,null,0]
[null,null,null,null,null,null,0]
[null,null,null,null,null,null,0]
[null,null,null,null,null,"TOTAL",{"$f":"SUM(G13473:G13492)","v":0}]
[]
[]
["CLASSE/TIPO","CÓDIGOS/ SINAPI","DESCRIÇÃO","UND"]
[null,null,null,null,"COEFICIENTE","PREÇO UNITÁRIO (R$)","PREÇO TOTAL (R$)"]
[null,null,null,null,null,null,{"$f":"E13498*F13498","v":0}]
[null,null,null,null,null,null,{"$f":"E13499*F13499","v":0}]
[null,null,null,null,null,null,{"$f":"E13500*F13500","v":0}]
[null,null,null,null,null,null,{"$f":"E13501*F13501","v":0}]
[null,null,null,null,null,null,0]
[null,null,null,null,null,null,0]
[null,null,null,null,null,null,0]
[null,null,null,null,null,null,0]
[null,null,null,null,null,null,0]
[null,null,null,null,null,null,0]
[null,null,null,null,null,null,0]
[null,null,null,null,null,null,0]
[null,null,null,null,null,null,0]
[null,null,null,null,null,null,0]
[null,null,null,null,null,null,0]
[null,null,null,null,null,null,0]
[null,null,null,null,null,null,0]
[null,null,null,null,null,null,0]
[null,null,null,null,null,null,0]
[null,null,null,null,null,null,0]
[null,null,null,null,null,"TOTAL",{"$f":"SUM(G13498:G13517)","v":0}]
[]
[]
["CLASSE/TIPO","CÓDIGOS/ SINAPI","DESCRIÇÃO","UND"]
[null,null,null,null,"COEFICIENTE","PREÇO UNITÁRIO (R$)","PREÇO TOTAL (R$)"]
[null,null,null,null,null,null,{"$f":"E13523*F13523","v":0}]
[null,null,null,null,null,null,{"$f":"E13524*F13524","v":0}]
[null,null,null,null,null,null,{"$f":"E13525*F13525","v":0}]
[null,null,null,null,null,null,{"$f":"E13526*F13526","v":0}]
[null,null,null,null,null,null,0]
[null,null,null,null,null,null,0]
[null,null,null,null,null,null,0]
[null,null,null,null,null,null,0]
[null,null,null,null,null,null,0]
[null,null,null,null,null,null,0]
[null,null,null,null,null,null,0]
[null,null,null,null,null,null,0]
[null,null,null,null,null,null,0]
[null,null,null,null,null,null,0]
[null,null,null,null,null,null,0]
[null,null,null,null,null,null,0]
[null,null,null,null,null,null,0]
[null,null,null,null,null,null,0]
[null,null,null,null,null,null,0]
[null,null,null,null,null,null,0]
[null,null,null,null,null,"TOTAL",{"$f":"SUM(G13523:G13542)","v":0}]
[]
[]
["CLASSE/TIPO","CÓDIGOS/ SINAPI","DESCRIÇÃO","UND"]
[null,null,null,null,"COEFICIENTE","PREÇO UNITÁRIO (R$)","PREÇO TOTAL (R$)"]
[null,null,null,null,null,null,{"$f":"E13548*F13548","v":0}]
[null,null,null,null,null,null,{"$f":"E13549*F13549","v":0}]
[null,null,null,null,null,null,{"$f":"E13550*F13550","v":0}]
[null,null,null,null,null,null,{"$f":"E13551*F13551","v":0}]
[null,null,null,null,null,null,0]
[null,null,null,null,null,null,0]
[null,null,null,null,null,null,0]
[null,null,null,null,null,null,0]
[null,null,null,null,null,null,0]
[null,null,null,null,null,null,0]
[null,null,null,null,null,null,0]
[null,null,null,null,null,null,0]
[null,null,null,null,null,null,0]
[null,null,null,null,null,null,0]
[null,null,null,null,null,null,0]
[null,null,null,null,null,null,0]
[null,null,null,null,null,null,0]
[null,null,null,null,null,null,0]
[null,null,null,null,null,null,0]
[null,null,null,null,null,null,0]
[null,null,null,null,null,"TOTAL",{"$f":"SUM(G13548:G13567)","v":0}]
[]
[]
["CLASSE/TIPO","CÓDIGOS/ SINAPI","DESCRIÇÃO","UND"]
[null,null,null,null,"COEFICIENTE","PREÇO UNITÁRIO (R$)","PREÇO TOTAL (R$)"]
[null,null,null,null,null,null,{"$f":"E13573*F13573","v":0}]
[null,null,null,null,null,null,{"$f":"E13574*F13574","v":0}]
[null,null,null,null,null,null,{"$f":"E13575*F13575","v":0}]
[null,null,null,null,null,null,{"$f":"E13576*F13576","v":0}]
[null,null,null,null,null,null,0]
[null,null,null,null,null,null,0]
[null,null,null,null,null,null,0]
[null,null,null,null,null,null,0]
[null,null,null,null,null,null,0]
[null,null,null,null,null,null,0]
[null,null,null,null,null,null,0]
[null,null,null,null,null,null,0]
[null,null,null,null,null,null,0]
[null,null,null,null,null,null,0]
[null,null,null,null,null,null,0]
[null,null,null,null,null,null,0]
[null,null,null,null,null,null,0]
[null,null,null,null,null,null,0]
[null,null,null,null,null,null,0]
[null,null,null,null,null,null,0]
[null,null,null,null,null,"TOTAL",{"$f":"SUM(G13573:G13592)","v":0}]
[]
[]
["CLASSE/TIPO","CÓDIGOS/ SINAPI","DESCRIÇÃO","UND"]
[null,null,null,null,"COEFICIENTE","PREÇO UNITÁRIO (R$)","PREÇO TOTAL (R$)"]
[null,null,null,null,null,null,{"$f":"E13598*F13598","v":0}]
[null,null,null,null,null,null,{"$f":"E13599*F13599","v":0}]
[null,null,null,null,null,null,{"$f":"E13600*F13600","v":0}]
[null,null,null,null,null,null,{"$f":"E13601*F13601","v":0}]
[null,null,null,null,null,null,0]
[null,null,null,null,null,null,0]
[null,null,null,null,null,null,0]
[null,null,null,null,null,null,0]
[null,null,null,null,null,null,0]
[null,null,null,null,null,null,0]
[null,null,null,null,null,null,0]
[null,null,null,null,null,null,0]
[null,null,null,null,null,null,0]
[null,null,null,null,null,null,0]
[null,null,null,null,null,null,0]
[null,null,null,null,null,null,0]
[null,null,null,null,null,null,0]
[null,null,null,null,null,null,0]
[null,null,null,null,null,null,0]
[null,null,null,null,null,null,0]
[null,null,null,null,null,"TOTAL",{"$f":"SUM(G13598:G13617)","v":0}]
[]
[]
["CLASSE/TIPO","CÓDIGOS/ SINAPI","DESCRIÇÃO","UND"]
[null,null,null,null,"COEFICIENTE","PREÇO UNITÁRIO (R$)","PREÇO TOTAL (R$)"]
[null,null,null,null,null,null,{"$f":"E13623*F13623","v":0}]
[null,null,null,null,null,null,{"$f":"E13624*F13624","v":0}]
[null,null,null,null,null,null,{"$f":"E13625*F13625","v":0}]
[null,null,null,null,null,null,{"$f":"E13626*F13626","v":0}]
[null,null,null,null,null,null,0]
[null,null,null,null,null,null,0]
[null,null,null,null,null,null,0]
[null,null,null,null,null,null,0]
[null,null,null,null,null,null,0]
[null,null,null,null,null,null,0]
[null,null,null,null,null,null,0]
[null,null,null,null,null,null,0]
[null,null,null,null,null,null,0]
[null,null,null,null,null,null,0]
[null,null,null,null,null,null,0]
[null,null,null,null,null,null,0]
[null,null,null,null,null,null,0]
[null,null,null,null,null,null,0]
[null,null,null,null,null,null,0]
[null,null,null,null,null,null,0]
[null,null,null,null,null,"TOTAL",{"$f":"SUM(G13623:G13642)","v":0}]
[]
[]
["CLASSE/TIPO","CÓDIGOS/ SINAPI","DESCRIÇÃO","UND"]
[null,null,null,null,"COEFICIENTE","PREÇO UNITÁRIO (R$)","PREÇO TOTAL (R$)"]
[null,null,null,null,null,null,{"$f":"E13648*F13648","v":0}]
[null,null,null,null,null,null,{"$f":"E13649*F13649","v":0}]
[null,null,null,null,null,null,{"$f":"E13650*F13650","v":0}]
[null,null,null,null,null,null,{"$f":"E13651*F13651","v":0}]
[null,null,null,null,null,null,0]
[null,null,null,null,null,null,0]
[null,null,null,null,null,null,0]
[null,null,null,null,null,null,0]
[null,null,null,null,null,null,0]
[null,null,null,null,null,null,0]
[null,null,null,null,null,null,0]
[null,null,null,null,null,null,0]
[null,null,null,null,null,null,0]
[null,null,null,null,null,null,0]
[null,null,null,null,null,null,0]
[null,null,null,null,null,null,0]
[null,null,null,null,null,null,0]
[null,null,null,null,null,null,0]
[null,null,null,null,null,null,0]
[null,null,null,null,null,null,0]
[null,null,null,null,null,"TOTAL",{"$f":"SUM(G13648:G13667)","v":0}]
[]
[]
["CLASSE/TIPO","CÓDIGOS/ SINAPI","DESCRIÇÃO","UND"]
[null,null,null,null,"COEFICIENTE","PREÇO UNITÁRIO (R$)","PREÇO TOTAL (R$)"]
[null,null,null,null,null,null,{"$f":"E13673*F13673","v":0}]
[null,null,null,null,null,null,{"$f":"E13674*F13674","v":0}]
[null,null,null,null,null,null,{"$f":"E13675*F13675","v":0}]
[null,null,null,null,null,null,{"$f":"E13676*F13676","v":0}]
[null,null,null,null,null,null,0]
[null,null,null,null,null,null,0]
[null,null,null,null,null,null,0]
[null,null,null,null,null,null,0]
[null,null,null,null,null,null,0]
[null,null,null,null,null,null,0]
[null,null,null,null,null,null,0]
[null,null,null,null,null,null,0]
[null,null,null,null,null,null,0]
[null,null,null,null,null,null,0]
[null,null,null,null,null,null,0]
[null,null,null,null,null,null,0]
[null,null,null,null,null,null,0]
[null,null,null,null,null,null,0]
[null,null,null,null,null,null,0]
[null,null,null,null,null,null,0]
[null,null,null,null,null,"TOTAL",{"$f":"SUM(G13673:G13692)","v":0}]
[]
[]
["CLASSE/TIPO","CÓDIGOS/ SINAPI","DESCRIÇÃO","UND"]
[null,null,null,null,"COEFICIENTE","PREÇO UNITÁRIO (R$)","PREÇO TOTAL (R$)"]
[null,null,null,null,null,null,{"$f":"E13698*F13698","v":0}]
[null,null,null,null,null,null,{"$f":"E13699*F13699","v":0}]
[null,null,null,null,null,null,{"$f":"E13700*F13700","v":0}]
[null,null,null,null,null,null,{"$f":"E13701*F13701","v":0}]
[null,null,null,null,null,null,0]
[null,null,null,null,null,null,0]
[null,null,null,null,null,null,0]
[null,null,null,null,null,null,0]
[null,null,null,null,null,null,0]
[null,null,null,null,null,null,0]
[null,null,null,null,null,null,0]
[null,null,null,null,null,null,0]
[null,null,null,null,null,null,0]
[null,null,null,null,null,null,0]
[null,null,null,null,null,null,0]
[null,null,null,null,null,null,0]
[null,null,null,null,null,null,0]
[null,null,null,null,null,null,0]
[null,null,null,null,null,null,0]
[null,null,null,null,null,null,0]
[null,null,null,null,null,"TOTAL",{"$f":"SUM(G13698:G13717)","v":0}]
[]
[]
["CLASSE/TIPO","CÓDIGOS/ SINAPI","DESCRIÇÃO","UND"]
[null,null,null,null,"COEFICIENTE","PREÇO UNITÁRIO (R$)","PREÇO TOTAL (R$)"]
[null,null,null,null,null,null,{"$f":"E13723*F13723","v":0}]
[null,null,null,null,null,null,{"$f":"E13724*F13724","v":0}]
[null,null,null,null,null,null,{"$f":"E13725*F13725","v":0}]
[null,null,null,null,null,null,{"$f":"E13726*F13726","v":0}]
[null,null,null,null,null,null,0]
[null,null,null,null,null,null,0]
[null,null,null,null,null,null,0]
[null,null,null,null,null,null,0]
[null,null,null,null,null,null,0]
[null,null,null,null,null,null,0]
[null,null,null,null,null,null,0]
[null,null,null,null,null,null,0]
[null,null,null,null,null,null,0]
[null,null,null,null,null,null,0]
[null,null,null,null,null,null,0]
[null,null,null,null,null,null,0]
[null,null,null,null,null,null,0]
[null,null,null,null,null,null,0]
[null,null,null,null,null,null,0]
[null,null,null,null,null,null,0]
[null,null,null,null,null,"TOTAL",{"$f":"SUM(G13723:G13742)","v":0}]
[]
[]
["CLASSE/TIPO","CÓDIGOS/ SINAPI","DESCRIÇÃO","UND"]
[null,null,null,null,"COEFICIENTE","PREÇO UNITÁRIO (R$)","PREÇO TOTAL (R$)"]
[null,null,null,null,null,null,{"$f":"E13748*F13748","v":0}]
[null,null,null,null,null,null,{"$f":"E13749*F13749","v":0}]
[null,null,null,null,null,null,{"$f":"E13750*F13750","v":0}]
[null,null,null,null,null,null,{"$f":"E13751*F13751","v":0}]
[null,null,null,null,null,null,0]
[null,null,null,null,null,null,0]
[null,null,null,null,null,null,0]
[null,null,null,null,null,null,0]
[null,null,null,null,null,null,0]
[null,null,null,null,null,null,0]
[null,null,null,null,null,null,0]
[null,null,null,null,null,null,0]
[null,null,null,null,null,null,0]
[null,null,null,null,null,null,0]
[null,null,null,null,null,null,0]
[null,null,null,null,null,null,0]
[null,null,null,null,null,null,0]
[null,null,null,null,null,null,0]
[null,null,null,null,null,null,0]
[null,null,null,null,null,null,0]
[null,null,null,null,null,"TOTAL",{"$f":"SUM(G13748:G13767)","v":0}]
[]
[]
["CLASSE/TIPO","CÓDIGOS/ SINAPI","DESCRIÇÃO","UND"]
[null,null,null,null,"COEFICIENTE","PREÇO UNITÁRIO (R$)","PREÇO TOTAL (R$)"]
[null,null,null,null,null,null,{"$f":"E13773*F13773","v":0}]
[null,null,null,null,null,null,{"$f":"E13774*F13774","v":0}]
[null,null,null,null,null,null,{"$f":"E13775*F13775","v":0}]
[null,null,null,null,null,null,{"$f":"E13776*F13776","v":0}]
[null,null,null,null,null,null,0]
[null,null,null,null,null,null,0]
[null,null,null,null,null,null,0]
[null,null,null,null,null,null,0]
[null,null,null,null,null,null,0]
[null,null,null,null,null,null,0]
[null,null,null,null,null,null,0]
[null,null,null,null,null,null,0]
[null,null,null,null,null,null,0]
[null,null,null,null,null,null,0]
[null,null,null,null,null,null,0]
[null,null,null,null,null,null,0]
[null,null,null,null,null,null,0]
[null,null,null,null,null,null,0]
[null,null,null,null,null,null,0]
[null,null,null,null,null,null,0]
[null,null,null,null,null,"TOTAL",{"$f":"SUM(G13773:G13792)","v":0}]
[]
[]
["CLASSE/TIPO","CÓDIGOS/ SINAPI","DESCRIÇÃO","UND"]
[null,null,null,null,"COEFICIENTE","PREÇO UNITÁRIO (R$)","PREÇO TOTAL (R$)"]
[null,null,null,null,null,null,{"$f":"E13798*F13798","v":0}]
[null,null,null,null,null,null,{"$f":"E13799*F13799","v":0}]
[null,null,null,null,null,null,{"$f":"E13800*F13800","v":0}]
[null,null,null,null,null,null,{"$f":"E13801*F13801","v":0}]
[null,null,null,null,null,null,0]
[null,null,null,null,null,null,0]
[null,null,null,null,null,null,0]
[null,null,null,null,null,null,0]
[null,null,null,null,null,null,0]
[null,null,null,null,null,null,0]
[null,null,null,null,null,null,0]
[null,null,null,null,null,null,0]
[null,null,null,null,null,null,0]
[null,null,null,null,null,null,0]
[null,null,null,null,null,null,0]
[null,null,null,null,null,null,0]
[null,null,null,null,null,null,0]
[null,null,null,null,null,null,0]
[null,null,null,null,null,null,0]
[null,null,null,null,null,null,0]
[null,null,null,null,null,"TOTAL",{"$f":"SUM(G13798:G13817)","v":0}]
[]
[]
["CLASSE/TIPO","CÓDIGOS/ SINAPI","DESCRIÇÃO","UND"]
[null,null,null,null,"COEFICIENTE","PREÇO UNITÁRIO (R$)","PREÇO TOTAL (R$)"]
[null,null,null,null,null,null,{"$f":"E13823*F13823","v":0}]
[null,null,null,null,null,null,{"$f":"E13824*F13824","v":0}]
[null,null,null,null,null,null,{"$f":"E13825*F13825","v":0}]
[null,null,null,null,null,null,{"$f":"E13826*F13826","v":0}]
[null,null,null,null,null,null,0]
[null,null,null,null,null,null,0]
[null,null,null,null,null,null,0]
[null,null,null,null,null,null,0]
[null,null,null,null,null,null,0]
[null,null,null,null,null,null,0]
[null,null,null,null,null,null,0]
[null,null,null,null,null,null,0]
[null,null,null,null,null,null,0]
[null,null,null,null,null,null,0]
[null,null,null,null,null,null,0]
[null,null,null,null,null,null,0]
[null,null,null,null,null,null,0]
[null,null,null,null,null,null,0]
[null,null,null,null,null,null,0]
[null,null,null,null,null,null,0]
[null,null,null,null,null,"TOTAL",{"$f":"SUM(G13823:G13842)","v":0}]

{"sheet":"Cotação","index":6,"n_rows":23,"n_cols":13,"rows_kept":23,"cut":false,"hidden":false,"merged":[]}
[]
[null,null,null,null,"VALOR",null,"VALOR",null,"VALOR"]
[null,null,"MATERIAL","UNIDADE","FORNECEDOR","TOTAL","FORNECEDOR","TOTAL","FORNECEDOR","TOTAL","MEDIANA","FORNECEDOR","ENDEREÇO"]
["2020-09-14","COT.01","TOMADA INDUSTRIAL 16A SOBREPOR 3P+T VERMELHA","UN","PIZZATTO MATERIAIS ELÉTRICOS - THOMAS",26.27,"BRANEL MATERIAIS ELÉTRICOS",26.67,"https://www.eletrorastro.com.br/",56.01,{"$f":"MEDIAN(F4,H4,J4)","v":26.67},"IFMT Reitoria:","Av. Sen. Filinto Müller, 953 - Quilombo, Cuiabá - MT, 78043-409"]
["2020-09-14","COT.02","TOMADA INDUSTRIAL 32A SOBREPOR 3P+T AZUL","UN","PIZZATTO MATERIAIS ELÉTRICOS - THOMAS",31.11,"BRANEL MATERIAIS ELÉTRICOS",34.07,"https://www.eletrorastro.com.br/",60.98,{"$f":"MEDIAN(F5,H5,J5)","v":34.07},"BRANEL MATERIAIS ELÉTRICOS","AV. BEIRA RIO, 1.655-A  BAIRRO PRAEIRO CUIABÁ MT "]
["2020-09-14","COT.03","LUMINARIA DE EMERGÊNCIA 2 FARÓIS LED 8W","UN","https://www.magazineluiza.com.br",131.80000000000001,"BRANEL MATERIAIS ELÉTRICOS",103.04,"https://www.pontofrio.com.br/",204.78,{"$f":"MEDIAN(F6,H6,J6)","v":131.80000000000001},"TELEFONE:","(65)3027-9000"]
["2020-09-14","COT.04","REFLETOR LED 200 W BIVOLT","UN","https://www.submarino.com.br/",136.74,"BRANEL MATERIAIS ELÉTRICOS",312.52999999999997,"https://www.iluminim.com.br/",150.9,{"$f":"MEDIAN(F7,H7,J7)","v":150.9}]
["2020-09-16","COT.05","QUADRO DE DISTRIBUIÇÃO METÁLICO DE SOBREPOR PARA 115 DISJUNTORES MONOPOLARES TIPO DIN  COM BARRAMENTO TRIFÁSICO, COM NEUTRO E TERRRA","UN","SELCO BRANEL MATERIAIS ELÉTRICOS",6619.2,null,null,"CCR MONTAGENS INDUSTRIAIS ",7000,{"$f":"F8","v":6619.2},"ELÉTRICA PARANÁ","AV DA FEB 936 VARZEA GRANDE MT"]
["2020-09-15","COT.06","CONDULETE MULTIPLO DE ALUMÍNIO TIPO X 1.1/2\"","UN","PIZZATTO MATERIAIS ELÉTRICOS - THOMAS",25.53,"https://www.anhangueraferramentas.com.br/",50.06,"MULTI PADRÃO - SOARES",39.71,39.71,"TELEFONE:","(65)3388-0800"]
["2020-09-15","COT.07","INTERRUPTOR DIFERENCIAL RESIDUAL TETRAPOLAR 40A - 30mA","UN","PIZZATTO MATERIAIS ELÉTRICOS - THOMAS",85.53,"ELÉTRICA PARANÁ - FAGNER",110.49,"https://www.viewtech.ind.br/",191.49,110.49]
["2020-09-15","COT.08","INTERRUPTOR DIFERENCIAL RESIDUAL TETRAPOLAR 100A - 30mA","UN","MULTI PADRÃO - SOARES",213.4,"PIZZATTO MATERIAIS ELÉTRICOS - THOMAS",146.54,"ELÉTRICA PARANÁ - FAGNER",167.74,167.74,"PIZZATTO MATERIAIS ELÉTRICOS","AV MANOEL JOSE DE ARRUDA(BEIRA RIO), 664 - LOTE17 CUIABA MT"]
["2020-09-15","COT.09","VENTILADOR DE PAREDE 60CM BIVOLT","UN","ELÉTRICA PARANÁ - FAGNER",289.88,"PIZZATTO MATERIAIS ELÉTRICOS - THOMAS",283.56,"MULTI PADRÃO - SOARES",295.67,289.88,"TELEFONE:","(65)3052-4200"]
["2020-09-15","COT.10","AR CONDICIONADO 42.000BTUS BIFÁSICO 220V INVERTER","UN","https://www.adias.com.br/",10788.9,null,null,"https://www.poloar.com.br/",10841.79,{"$f":"F13","v":10788.9}]
["2020-09-15","COT.11","AR CONDICIONADO 60.000BTUS TRIFÁSICO 220V INVERTER","UN","https://www.submarino.com.br/",9949.19,"https://www.americanas.com.br/",9944.2999999999993,"https://www.extra.com.br/",12267.52,9949.19,"MULTI PADRÃO","AV TANCREDO NEVES; 619 JARDIM PETROPOLIS CUIABA MT"]
["2020-09-15","COT.12","TÊ VERTICAL DESCIDA LATERAL PARA ELETROCALHA 100X100MM PERFURADO GALVANIZADO COM TAMPA","UN",null,null,"ELETROFIOS - LERISMAR",96,"MULTI PADRÃO - SOARES",34.58,{"$f":"H15","v":96},"TELEFONE:","(65)2123-2600"]
["2020-09-15","COT.13","EXAUSTOR  220V VAZÃO DE 685M³/H","UN","MULTI PADRÃO - SOARES",238.28,"ELÉTRICA PARANÁ - FAGNER",235,"PIZZATTO MATERIAIS ELÉTRICOS - THOMAS",228.74,235]
["2020-10-01","COT.14","PASSARELA METALICA 31,00 M X 1,60M","UN","atual",147000,"Goldofin Comercio",145950,"arts mtal",70800,{"$f":"MEDIAN(F17,H17,J17)","v":145950}]
["-","COT.15","Kit Motor Automatizador Portão Deslizante Dz4 Bi-Turbo Rossi 220V","UN","https://www.americanas.com.br/produto/32614965/kit-motor-automatizador-portao-deslizante-dz4-bi-turbo-rossi-220v?WT.srch=1&acc=e789ea56094489dffd798f86ff51c7a9&epar=bp_pl_00_go_pla_casaeconst_geral_gmv&gclid=Cj0KCQjwtZH7BRDzARIsAGjbK2bsw4vaLnwtpPXdJ5NLiX5tILb3qESP10vNPiwHwsm2cilWHcndL8YaAs2_EALw_wcB&i=5a0fb065eec3dfb1f8bfc747&o=5a9e9040ebb19ac62c337105&opn=YSMESP&sellerid=20777802000110",764.92,"https://www.shoptime.com.br/produto/32614965/kit-motor-automatizador-portao-deslizante-dz4-bi-turbo-rossi-220v?WT.srch=1&acc=a76c8289649a0bef0524c56c85e71570&epar=bp_pl_00_go_pla_casaeconst_geral_gmv&gclid=Cj0KCQjwtZH7BRDzARIsAGjbK2ZrYqQnnulEIoUe-lB_P3dsocdELHyQFyxc1tw2QXUeYOtfGlYqOJAaAi8zEALw_wcB&i=5a0fbe36eec3dfb1f8c1e749&o=5aa3c5eaebb19ac62c35ce94&opn=GOOGLEXML&sellerid=20777802000110",764.92,"https://www.submarino.com.br/produto/32614965/kit-motor-automatizador-portao-deslizante-dz4-bi-turbo-rossi-220v?WT.srch=1&acc=d47a04c6f99456bc289220d5d0ff208d&epar=bp_pl_00_go_g35167&gclid=Cj0KCQjwtZH7BRDzARIsAGjbK2YvobzEsqAlzPgnCxOF_Ip16uBBbGmD1ROZz8sJgXkL73xbqQ4YlI0aAtipEALw_wcB&i=5a1a4e63eec3dfb1f83c5c31&o=5a9e9133ebb19ac62c33722d&opn=XMLGOOGLE&sellerid=20777802000110",764.92,{"$f":"MEDIAN(F18,H18,J18)","v":764.92}]
["2020-01-01","COT.16","Aquisisção e instalação plataforma vertical hidraulica, modelo enclusulada - vidro panoramico e capa metalica - entrada unilateral mesmo lado percurso 4m, 2 parada capacidade 250kg cabine dimensão interna 0,90x1,40","UN","Thyssenkrupp",65263.519999999997,"Lubertec Elevadores",22000,"Elevaeng elevadores",21800,{"$f":"MEDIAN(F19,H19,J19)","v":22000}]
[null,null,null,null,null,null,null,null,null,null,null,"TELEFONE:","(65) 3618-2500"]
[]
[null,null,null,null,null,null,null,null,null,null,null,"CCR MONTAGENS INDUSTRIAIS ","Av. Tancredo Neves nº 773 Jardim Petrópolis 78070-122 Cuiabá MT"]
[null,null,null,null,null,null,null,null,null,null,null,"TELEFONE:","(65) 3359 5691"]

{"sheet":"Declaração","index":7,"n_rows":18,"n_cols":4,"rows_kept":18,"cut":false,"hidden":false,"merged":[[11,3,14,3]]}
[]
[]
[]
[]
[]
[null,null,null,"INSTITUTO FEDERAL DE EDUCAÇÃO CIÊNCIAS E TECNOLOGIA DE MATO GROSSO"]
[null,null,null,"CAMPUS - PRIMAVERA DO LESTE"]
[]
[]
[null,null,null,"DECLARAÇÃO"]
[]
[null,null,null,"Eu, Fatima Elizabete dos Reis Matias, Engenheira  Civil , CREA-MT 07101/D, declaro para todos os fins, que os preços unitários da planilha orçamentária da obra , estão de acordo com o SINAPI-MT  de referência tecnica  Setembro 2020 e ORSE de referência técnica de junho de 2020, REFORMA DO HANGAR  Instituto Federal de Mato Grosso - IFMT - Primavera do Leste – Instituto Federal de Mato Grosso. Os preços dos insumos não encontrados no SINAPI e ORSE,  foram cotados utilizando os preços de outras tabelas oficiais como, PINI. Os insumos não encontrados em nenhuma dessas tabelas oficiais foram cotados por pesquisa de preço em lojas físicas e/ou virtuais. "]
[]
[]
[]
[]
[]
[null,null,null,"Cuiabá, setembro de 2020."]

{"sheet":"SINAPI","index":8,"n_rows":11953,"n_cols":7,"rows_kept":11953,"cut":false,"hidden":true,"merged":[]}
[97141,"ASSENTAMENTO DE TUBO DE FERRO FUNDIDO PARA REDE DE ÁGUA, DN 80 MM, JUNTA ELÁSTICA, INSTALADO EM LOCAL COM NÍVEL ALTO DE INTERFERÊNCIAS (NÃO INCLUI FORNECIMENTO). AF_11/2017","M",5.54,"COMPOSIÇÃO",null,"Primavera do Leste"]
[97142,"ASSENTAMENTO DE TUBO DE FERRO FUNDIDO PARA REDE DE ÁGUA, DN 100 MM, JUNTA ELÁSTICA, INSTALADO EM LOCAL COM NÍVEL ALTO DE INTERFERÊNCIAS (NÃO INCLUI FORNECIMENTO). AF_11/2017","M",6.21,"COMPOSIÇÃO",null,"Primavera do Leste"]
[97143,"ASSENTAMENTO DE TUBO DE FERRO FUNDIDO PARA REDE DE ÁGUA, DN 150 MM, JUNTA ELÁSTICA, INSTALADO EM LOCAL COM NÍVEL ALTO DE INTERFERÊNCIAS (NÃO INCLUI FORNECIMENTO). AF_11/2017","M",7.84,"COMPOSIÇÃO",null,"Reforma Hangar"]
[97144,"ASSENTAMENTO DE TUBO DE FERRO FUNDIDO PARA REDE DE ÁGUA, DN 200 MM, JUNTA ELÁSTICA, INSTALADO EM LOCAL COM NÍVEL ALTO DE INTERFERÊNCIAS (NÃO INCLUI FORNECIMENTO). AF_11/2017","M",9.4499999999999993,"COMPOSIÇÃO",null,"C:\\Users\\Win\\Downloads\\Sinapi Não Desonerado\\SINAPI_Custo_Ref_Composicoes_Sintetico_MT_202009_NaoDesonerado.xls"]
[97145,"ASSENTAMENTO DE TUBO DE FERRO FUNDIDO PARA REDE DE ÁGUA, DN 250 MM, JUNTA ELÁSTICA, INSTALADO EM LOCAL COM NÍVEL ALTO DE INTERFERÊNCIAS (NÃO INCLUI FORNECIMENTO). AF_11/2017","M",11.12,"COMPOSIÇÃO",null,"C:\\Users\\Win\\Downloads\\Sinapi Não Desonerado\\SINAPI_Preco_Ref_Insumos_MT_092020_NaoDesonerado.XLS"]
[97146,"ASSENTAMENTO DE TUBO DE FERRO FUNDIDO PARA REDE DE ÁGUA, DN 300 MM, JUNTA ELÁSTICA, INSTALADO EM LOCAL COM NÍVEL ALTO DE INTERFERÊNCIAS (NÃO INCLUI FORNECIMENTO). AF_11/2017","M",12.76,"COMPOSIÇÃO"]
[97147,"ASSENTAMENTO DE TUBO DE FERRO FUNDIDO PARA REDE DE ÁGUA, DN 350 MM, JUNTA ELÁSTICA, INSTALADO EM LOCAL COM NÍVEL ALTO DE INTERFERÊNCIAS (NÃO INCLUI FORNECIMENTO). AF_11/2017","M",14.43,"COMPOSIÇÃO"]
[97148,"ASSENTAMENTO DE TUBO DE FERRO FUNDIDO PARA REDE DE ÁGUA, DN 400 MM, JUNTA ELÁSTICA, INSTALADO EM LOCAL COM NÍVEL ALTO DE INTERFERÊNCIAS (NÃO INCLUI FORNECIMENTO). AF_11/2017","M",16.09,"COMPOSIÇÃO"]
[97149,"ASSENTAMENTO DE TUBO DE FERRO FUNDIDO PARA REDE DE ÁGUA, DN 450 MM, JUNTA ELÁSTICA, INSTALADO EM LOCAL COM NÍVEL ALTO DE INTERFERÊNCIAS (NÃO INCLUI FORNECIMENTO). AF_11/2017","M",17.77,"COMPOSIÇÃO"]
[97150,"ASSENTAMENTO DE TUBO DE FERRO FUNDIDO PARA REDE DE ÁGUA, DN 500 MM, JUNTA ELÁSTICA, INSTALADO EM LOCAL COM NÍVEL ALTO DE INTERFERÊNCIAS (NÃO INCLUI FORNECIMENTO). AF_11/2017","M",21.88,"COMPOSIÇÃO"]
[97151,"ASSENTAMENTO DE TUBO DE FERRO FUNDIDO PARA REDE DE ÁGUA, DN 600 MM, JUNTA ELÁSTICA, INSTALADO EM LOCAL COM NÍVEL ALTO DE INTERFERÊNCIAS (NÃO INCLUI FORNECIMENTO). AF_11/2017","M",25.6,"COMPOSIÇÃO"]
[97152,"ASSENTAMENTO DE TUBO DE FERRO FUNDIDO PARA REDE DE ÁGUA, DN 700 MM, JUNTA ELÁSTICA, INSTALADO EM LOCAL COM NÍVEL ALTO DE INTERFERÊNCIAS (NÃO INCLUI FORNECIMENTO). AF_11/2017","M",29.02,"COMPOSIÇÃO"]
[97153,"ASSENTAMENTO DE TUBO DE FERRO FUNDIDO PARA REDE DE ÁGUA, DN 800 MM, JUNTA ELÁSTICA, INSTALADO EM LOCAL COM NÍVEL ALTO DE INTERFERÊNCIAS (NÃO INCLUI FORNECIMENTO). AF_11/2017","M",32.61,"COMPOSIÇÃO"]
[97154,"ASSENTAMENTO DE TUBO DE FERRO FUNDIDO PARA REDE DE ÁGUA, DN 900 MM, JUNTA ELÁSTICA, INSTALADO EM LOCAL COM NÍVEL ALTO DE INTERFERÊNCIAS (NÃO INCLUI FORNECIMENTO). AF_11/2017","M",36.25,"COMPOSIÇÃO"]
[97155,"ASSENTAMENTO DE TUBO DE FERRO FUNDIDO PARA REDE DE ÁGUA, DN 1000 MM, JUNTA ELÁSTICA, INSTALADO EM LOCAL COM NÍVEL ALTO DE INTERFERÊNCIAS (NÃO INCLUI FORNECIMENTO). AF_11/2017","M",39.9,"COMPOSIÇÃO"]
[97156,"ASSENTAMENTO DE TUBO DE FERRO FUNDIDO PARA REDE DE ÁGUA, DN 1200 MM, JUNTA ELÁSTICA, INSTALADO EM LOCAL COM NÍVEL ALTO DE INTERFERÊNCIAS (NÃO INCLUI FORNECIMENTO). AF_11/2017","M",47.66,"COMPOSIÇÃO"]
[97157,"ASSENTAMENTO DE TUBO DE FERRO FUNDIDO PARA REDE DE ÁGUA, DN 80 MM, JUNTA ELÁSTICA, INSTALADO EM LOCAL COM NÍVEL BAIXO DE INTERFERÊNCIAS (NÃO INCLUI FORNECIMENTO). AF_11/2017","M",3.4,"COMPOSIÇÃO"]
[97158,"ASSENTAMENTO DE TUBO DE FERRO FUNDIDO PARA REDE DE ÁGUA, DN 100 MM, JUNTA ELÁSTICA, INSTALADO EM LOCAL COM NÍVEL BAIXO DE INTERFERÊNCIAS (NÃO INCLUI FORNECIMENTO). AF_11/2017","M",3.8,"COMPOSIÇÃO"]
[97159,"ASSENTAMENTO DE TUBO DE FERRO FUNDIDO PARA REDE DE ÁGUA, DN 150 MM, JUNTA ELÁSTICA, INSTALADO EM LOCAL COM NÍVEL BAIXO DE INTERFERÊNCIAS (NÃO INCLUI FORNECIMENTO). AF_11/2017","M",4.8099999999999996,"COMPOSIÇÃO"]
[97160,"ASSENTAMENTO DE TUBO DE FERRO FUNDIDO PARA REDE DE ÁGUA, DN 200 MM, JUNTA ELÁSTICA, INSTALADO EM LOCAL COM NÍVEL BAIXO DE INTERFERÊNCIAS (NÃO INCLUI FORNECIMENTO). AF_11/2017","M",5.8,"COMPOSIÇÃO"]
[97161,"ASSENTAMENTO DE TUBO DE FERRO FUNDIDO PARA REDE DE ÁGUA, DN 250 MM, JUNTA ELÁSTICA, INSTALADO EM LOCAL COM NÍVEL BAIXO DE INTERFERÊNCIAS (NÃO INCLUI FORNECIMENTO). AF_11/2017","M",6.86,"COMPOSIÇÃO"]
[97162,"ASSENTAMENTO DE TUBO DE FERRO FUNDIDO PARA REDE DE ÁGUA, DN 300 MM, JUNTA ELÁSTICA, INSTALADO EM LOCAL COM NÍVEL BAIXO DE INTERFERÊNCIAS (NÃO INCLUI FORNECIMENTO). AF_11/2017","M",7.87,"COMPOSIÇÃO"]
[97163,"ASSENTAMENTO DE TUBO DE FERRO FUNDIDO PARA REDE DE ÁGUA, DN 350 MM, JUNTA ELÁSTICA, INSTALADO EM LOCAL COM NÍVEL BAIXO DE INTERFERÊNCIAS (NÃO INCLUI FORNECIMENTO). AF_11/2017","M",8.9,"COMPOSIÇÃO"]
[97164,"ASSENTAMENTO DE TUBO DE FERRO FUNDIDO PARA REDE DE ÁGUA, DN 400 MM, JUNTA ELÁSTICA, INSTALADO EM LOCAL COM NÍVEL BAIXO DE INTERFERÊNCIAS (NÃO INCLUI FORNECIMENTO). AF_11/2017","M",9.93,"COMPOSIÇÃO"]
[97165,"ASSENTAMENTO DE TUBO DE FERRO FUNDIDO PARA REDE DE ÁGUA, DN 450 MM, JUNTA ELÁSTICA, INSTALADO EM LOCAL COM NÍVEL BAIXO DE INTERFERÊNCIAS (NÃO INCLUI FORNECIMENTO). AF_11/2017","M",10.99,"COMPOSIÇÃO"]
[97166,"ASSENTAMENTO DE TUBO DE FERRO FUNDIDO PARA REDE DE ÁGUA, DN 500 MM, JUNTA ELÁSTICA, INSTALADO EM LOCAL COM NÍVEL BAIXO DE INTERFERÊNCIAS (NÃO INCLUI FORNECIMENTO). AF_11/2017","M",13.51,"COMPOSIÇÃO"]
[97167,"ASSENTAMENTO DE TUBO DE FERRO FUNDIDO PARA REDE DE ÁGUA, DN 600 MM, JUNTA ELÁSTICA, INSTALADO EM LOCAL COM NÍVEL BAIXO DE INTERFERÊNCIAS (NÃO INCLUI FORNECIMENTO). AF_11/2017","M",15.83,"COMPOSIÇÃO"]
[97168,"ASSENTAMENTO DE TUBO DE FERRO FUNDIDO PARA REDE DE ÁGUA, DN 700 MM, JUNTA ELÁSTICA, INSTALADO EM LOCAL COM NÍVEL BAIXO DE INTERFERÊNCIAS (NÃO INCLUI FORNECIMENTO). AF_11/2017","M",17.88,"COMPOSIÇÃO"]
[97169,"ASSENTAMENTO DE TUBO DE FERRO FUNDIDO PARA REDE DE ÁGUA, DN 800 MM, JUNTA ELÁSTICA, INSTALADO EM LOCAL COM NÍVEL BAIXO DE INTERFERÊNCIAS (NÃO INCLUI FORNECIMENTO). AF_11/2017","M",20.079999999999998,"COMPOSIÇÃO"]
[97170,"ASSENTAMENTO DE TUBO DE FERRO FUNDIDO PARA REDE DE ÁGUA, DN 900 MM, JUNTA ELÁSTICA, INSTALADO EM LOCAL COM NÍVEL BAIXO DE INTERFERÊNCIAS (NÃO INCLUI FORNECIMENTO). AF_11/2017","M",22.34,"COMPOSIÇÃO"]
[97171,"ASSENTAMENTO DE TUBO DE FERRO FUNDIDO PARA REDE DE ÁGUA, DN 1000 MM, JUNTA ELÁSTICA, INSTALADO EM LOCAL COM NÍVEL BAIXO DE INTERFERÊNCIAS (NÃO INCLUI FORNECIMENTO). AF_11/2017","M",24.6,"COMPOSIÇÃO"]
[97172,"ASSENTAMENTO DE TUBO DE FERRO FUNDIDO PARA REDE DE ÁGUA, DN 1200 MM, JUNTA ELÁSTICA, INSTALADO EM LOCAL COM NÍVEL BAIXO DE INTERFERÊNCIAS (NÃO INCLUI FORNECIMENTO). AF_11/2017","M",29.59,"COMPOSIÇÃO"]
[97173,"ASSENTAMENTO DE TUBO DE AÇO CARBONO PARA REDE DE ÁGUA, DN 600 MM (24\u0092\u0092), JUNTA SOLDADA, INSTALADO EM LOCAL COM NÍVEL ALTO DE INTERFERÊNCIAS (NÃO INCLUI FORNECIMENTO). AF_11/2017","M",22.95,"COMPOSIÇÃO"]
[97174,"ASSENTAMENTO DE TUBO DE AÇO CARBONO PARA REDE DE ÁGUA, DN 700 MM (28\u0092\u0092), JUNTA SOLDADA, INSTALADO EM LOCAL COM NÍVEL ALTO DE INTERFERÊNCIAS (NÃO INCLUI FORNECIMENTO). AF_11/2017","M",26.52,"COMPOSIÇÃO"]
[97175,"ASSENTAMENTO DE TUBO DE AÇO CARBONO PARA REDE DE ÁGUA, DN 800 MM (32\u0092\u0092), JUNTA SOLDADA, INSTALADO EM LOCAL COM NÍVEL ALTO DE INTERFERÊNCIAS (NÃO INCLUI FORNECIMENTO). AF_11/2017","M",30.11,"COMPOSIÇÃO"]
[97176,"ASSENTAMENTO DE TUBO DE AÇO CARBONO PARA REDE DE ÁGUA, DN 900 MM (36\u0092\u0092), JUNTA SOLDADA, INSTALADO EM LOCAL COM NÍVEL ALTO DE INTERFERÊNCIAS (NÃO INCLUI FORNECIMENTO). AF_11/2017","M",33.68,"COMPOSIÇÃO"]
[97177,"ASSENTAMENTO DE TUBO DE AÇO CARBONO PARA REDE DE ÁGUA, DN 1000 MM (40\u0092\u0092) OU DN 1100 MM (44\u0092\u0092), JUNTA SOLDADA, INSTALADO EM LOCAL COM NÍVEL ALTO DE INTERFERÊNCIAS (NÃO INCLUI FORNECIMENTO). AF_11/2017","M",40.840000000000003,"COMPOSIÇÃO"]
[97178,"ASSENTAMENTO DE TUBO DE AÇO CARBONO PARA REDE DE ÁGUA, DN 1200 MM (48\u0092\u0092) OU DN 1300 MM (52\u0092\u0092), JUNTA SOLDADA, INSTALADO EM LOCAL COM NÍVEL ALTO DE INTERFERÊNCIAS (NÃO INCLUI FORNECIMENTO). AF_11/2017","M",48.03,"COMPOSIÇÃO"]
[97179,"ASSENTAMENTO DE TUBO DE AÇO CARBONO PARA REDE DE ÁGUA, DN 1400 MM (56'') OU DN 1500 MM (60\u0092\u0092), JUNTA SOLDADA, INSTALADO EM LOCAL COM NÍVEL ALTO DE INTERFERÊNCIAS (NÃO INCLUI FORNECIMENTO). AF_11/2017","M",55.18,"COMPOSIÇÃO"]
[97180,"ASSENTAMENTO DE TUBO DE AÇO CARBONO PARA REDE DE ÁGUA, DN 1600 MM (64\u0092\u0092) OU DN 1700 MM (68\u0092\u0092), JUNTA SOLDADA, INSTALADO EM LOCAL COM NÍVEL ALTO DE INTERFERÊNCIAS (NÃO INCLUI FORNECIMENTO). AF_11/2017","M",62.34,"COMPOSIÇÃO"]
[97181,"ASSENTAMENTO DE TUBO DE AÇO CARBONO PARA REDE DE ÁGUA, DN 1800 MM (72\u0092\u0092) OU DN 1900 MM (76\u0092\u0092), JUNTA SOLDADA, INSTALADO EM LOCAL COM NÍVEL ALTO DE INTERFERÊNCIAS (NÃO INCLUI FORNECIMENTO). AF_11/2017","M",72.08,"COMPOSIÇÃO"]
[97182,"ASSENTAMENTO DE TUBO DE AÇO CARBONO PARA REDE DE ÁGUA, DN 2000 MM (80\u0092\u0092) OU DN 2100 MM (84\u0092\u0092), JUNTA SOLDADA, INSTALADO EM LOCAL COM NÍVEL ALTO DE INTERFERÊNCIAS (NÃO INCLUI FORNECIMENTO). AF_11/2017","M",79.52,"COMPOSIÇÃO"]
[97183,"ASSENTAMENTO DE TUBO DE AÇO CARBONO PARA REDE DE ÁGUA, DN 600 MM (24\u0092\u0092), JUNTA SOLDADA, INSTALADO EM LOCAL COM NÍVEL BAIXO DE INTERFERÊNCIAS (NÃO INCLUI FORNECIMENTO). AF_11/2017","M",18.62,"COMPOSIÇÃO"]
[97184,"ASSENTAMENTO DE TUBO DE AÇO CARBONO PARA REDE DE ÁGUA, DN 700 MM (28\u0092\u0092), JUNTA SOLDADA, INSTALADO EM LOCAL COM NÍVEL BAIXO DE INTERFERÊNCIAS (NÃO INCLUI FORNECIMENTO). AF_11/2017","M",21.58,"COMPOSIÇÃO"]
[97185,"ASSENTAMENTO DE TUBO DE AÇO CARBONO PARA REDE DE ÁGUA, DN 800 MM (32\u0092\u0092), JUNTA SOLDADA, INSTALADO EM LOCAL COM NÍVEL BAIXO DE INTERFERÊNCIAS (NÃO INCLUI FORNECIMENTO). AF_11/2017","M",24.53,"COMPOSIÇÃO"]
[97186,"ASSENTAMENTO DE TUBO DE AÇO CARBONO PARA REDE DE ÁGUA, DN 900 MM (36\u0092\u0092), JUNTA SOLDADA, INSTALADO EM LOCAL COM NÍVEL BAIXO DE INTERFERÊNCIAS (NÃO INCLUI FORNECIMENTO). AF_11/2017","M",27.49,"COMPOSIÇÃO"]
[97187,"ASSENTAMENTO DE TUBO DE AÇO CARBONO PARA REDE DE ÁGUA, DN 1000 MM (40  ) OU DN 1100 MM (44  ), JUNTA SOLDADA, INSTALADO EM LOCAL COM NÍVEL BAIXO DE INTERFERÊNCIAS (NÃO INCLUI FORNECIMENTO). AF_11/2017","M",33.409999999999997,"COMPOSIÇÃO"]
[97188,"ASSENTAMENTO DE TUBO DE AÇO CARBONO PARA REDE DE ÁGUA, DN 1200 MM (48\u0092\u0092) OU DN 1300 MM (52\u0092\u0092), JUNTA SOLDADA, INSTALADO EM LOCAL COM NÍVEL BAIXO DE INTERFERÊNCIAS (NÃO INCLUI FORNECIMENTO). AF_11/2017","M",39.340000000000003,"COMPOSIÇÃO"]
[97189,"ASSENTAMENTO DE TUBO DE AÇO CARBONO PARA REDE DE ÁGUA, DN 1400 MM (56'') OU DN 1500 MM (60\u0092\u0092), JUNTA SOLDADA, INSTALADO EM LOCAL COM NÍVEL BAIXO DE INTERFERÊNCIAS (NÃO INCLUI FORNECIMENTO). AF_11/2017","M",45.25,"COMPOSIÇÃO"]
[97190,"ASSENTAMENTO DE TUBO DE AÇO CARBONO PARA REDE DE ÁGUA, DN 1600 MM (64\u0092\u0092) OU DN 1700 MM (68\u0092\u0092), JUNTA SOLDADA, INSTALADO EM LOCAL COM NÍVEL BAIXO DE INTERFERÊNCIAS (NÃO INCLUI FORNECIMENTO). AF_11/2017","M",51.17,"COMPOSIÇÃO"]
[97191,"ASSENTAMENTO DE TUBO DE AÇO CARBONO PARA REDE DE ÁGUA, DN 1800 MM (72\u0092\u0092) OU DN 1900 MM (76\u0092\u0092), JUNTA SOLDADA, INSTALADO EM LOCAL COM NÍVEL BAIXO DE INTERFERÊNCIAS (NÃO INCLUI FORNECIMENTO). AF_11/2017","M",59,"COMPOSIÇÃO"]
[97192,"ASSENTAMENTO DE TUBO DE AÇO CARBONO PARA REDE DE ÁGUA, DN 2000 MM (80\u0092\u0092) OU DN 2100 MM (84\u0092\u0092), JUNTA SOLDADA, INSTALADO EM LOCAL COM NÍVEL BAIXO DE INTERFERÊNCIAS (NÃO INCLUI FORNECIMENTO). AF_11/2017","M",65.14,"COMPOSIÇÃO"]
[90694,"TUBO DE PVC PARA REDE COLETORA DE ESGOTO DE PAREDE MACIÇA, DN 100 MM, JUNTA ELÁSTICA, INSTALADO EM LOCAL COM NÍVEL BAIXO DE INTERFERÊNCIAS - FORNECIMENTO E ASSENTAMENTO. AF_06/2015","M",20.75,"COMPOSIÇÃO"]
[90695,"TUBO DE PVC PARA REDE COLETORA DE ESGOTO DE PAREDE MACIÇA, DN 150 MM, JUNTA ELÁSTICA, INSTALADO EM LOCAL COM NÍVEL BAIXO DE INTERFERÊNCIAS - FORNECIMENTO E ASSENTAMENTO. AF_06/2015","M",42.68,"COMPOSIÇÃO"]
[90696,"TUBO DE PVC PARA REDE COLETORA DE ESGOTO DE PAREDE MACIÇA, DN 200 MM, JUNTA ELÁSTICA, INSTALADO EM LOCAL COM NÍVEL BAIXO DE INTERFERÊNCIAS - FORNECIMENTO E ASSENTAMENTO. AF_06/2015","M",63.19,"COMPOSIÇÃO"]
[90697,"TUBO DE PVC PARA REDE COLETORA DE ESGOTO DE PAREDE MACIÇA, DN 250 MM, JUNTA ELÁSTICA, INSTALADO EM LOCAL COM NÍVEL BAIXO DE INTERFERÊNCIAS - FORNECIMENTO E ASSENTAMENTO. AF_06/2015","M",105.98,"COMPOSIÇÃO"]
[90698,"TUBO DE PVC PARA REDE COLETORA DE ESGOTO DE PAREDE MACIÇA, DN 300 MM, JUNTA ELÁSTICA, INSTALADO EM LOCAL COM NÍVEL BAIXO DE INTERFERÊNCIAS - FORNECIMENTO E ASSENTAMENTO. AF_06/2015","M",169.36,"COMPOSIÇÃO"]
[90699,"TUBO DE PVC PARA REDE COLETORA DE ESGOTO DE PAREDE MACIÇA, DN 350 MM, JUNTA ELÁSTICA, INSTALADO EM LOCAL COM NÍVEL BAIXO DE INTERFERÊNCIAS - FORNECIMENTO E ASSENTAMENTO. AF_06/2015","M",209.26,"COMPOSIÇÃO"]
[90700,"TUBO DE PVC PARA REDE COLETORA DE ESGOTO DE PAREDE MACIÇA, DN 400 MM, JUNTA ELÁSTICA, INSTALADO EM LOCAL COM NÍVEL BAIXO DE INTERFERÊNCIAS - FORNECIMENTO E ASSENTAMENTO. AF_06/2015","M",274.95999999999998,"COMPOSIÇÃO"]
[90701,"TUBO DE PVC CORRUGADO DE DUPLA PAREDE PARA REDE COLETORA DE ESGOTO, DN 150 MM, JUNTA ELÁSTICA, INSTALADO EM LOCAL COM NÍVEL BAIXO DE INTERFERÊNCIAS - FORNECIMENTO E ASSENTAMENTO. AF_06/2015","M",37.840000000000003,"COMPOSIÇÃO"]
[90702,"TUBO DE PVC CORRUGADO DE DUPLA PAREDE PARA REDE COLETORA DE ESGOTO, DN 200 MM, JUNTA ELÁSTICA, INSTALADO EM LOCAL COM NÍVEL BAIXO DE INTERFERÊNCIAS - FORNECIMENTO E ASSENTAMENTO. AF_06/2015","M",58.45,"COMPOSIÇÃO"]
[90703,"TUBO DE PVC CORRUGADO DE DUPLA PAREDE PARA REDE COLETORA DE ESGOTO, DN 250 MM, JUNTA ELÁSTICA, INSTALADO EM LOCAL COM NÍVEL BAIXO DE INTERFERÊNCIAS - FORNECIMENTO E ASSENTAMENTO. AF_06/2015","M",94.57,"COMPOSIÇÃO"]
[90704,"TUBO DE PVC CORRUGADO DE DUPLA PAREDE PARA REDE COLETORA DE ESGOTO, DN 300 MM, JUNTA ELÁSTICA, INSTALADO EM LOCAL COM NÍVEL BAIXO DE INTERFERÊNCIAS - FORNECIMENTO E ASSENTAMENTO. AF_06/2015","M",129.72999999999999,"COMPOSIÇÃO"]
[90705,"TUBO DE PVC CORRUGADO DE DUPLA PAREDE PARA REDE COLETORA DE ESGOTO, DN 350 MM, JUNTA ELÁSTICA, INSTALADO EM LOCAL COM NÍVEL BAIXO DE INTERFERÊNCIAS - FORNECIMENTO E ASSENTAMENTO. AF_06/2015","M",181.85,"COMPOSIÇÃO"]
[90706,"TUBO DE PVC CORRUGADO DE DUPLA PAREDE PARA REDE COLETORA DE ESGOTO, DN 400 MM, JUNTA ELÁSTICA, INSTALADO EM LOCAL COM NÍVEL BAIXO DE INTERFERÊNCIAS - FORNECIMENTO E ASSENTAMENTO. AF_06/2015","M",218.32,"COMPOSIÇÃO"]
[90708,"TUBO DE PEAD CORRUGADO DE DUPLA PAREDE PARA REDE COLETORA DE ESGOTO, DN 600 MM, JUNTA ELÁSTICA INTEGRADA, INSTALADO EM LOCAL COM NÍVEL BAIXO DE INTERFERÊNCIAS - FORNECIMENTO E ASSENTAMENTO. AF_06/2015","M",574.97,"COMPOSIÇÃO"]
[90709,"TUBO DE PVC PARA REDE COLETORA DE ESGOTO DE PAREDE MACIÇA, DN 100 MM, JUNTA ELÁSTICA, INSTALADO EM LOCAL COM NÍVEL ALTO DE INTERFERÊNCIAS - FORNECIMENTO E ASSENTAMENTO. AF_06/2015","M",22.28,"COMPOSIÇÃO"]
[90710,"TUBO DE PVC PARA REDE COLETORA DE ESGOTO DE PAREDE MACIÇA, DN 150 MM, JUNTA ELÁSTICA, INSTALADO EM LOCAL COM NÍVEL ALTO DE INTERFERÊNCIAS - FORNECIMENTO E ASSENTAMENTO. AF_06/2015","M",44.23,"COMPOSIÇÃO"]
[90711,"TUBO DE PVC PARA REDE COLETORA DE ESGOTO DE PAREDE MACIÇA, DN 200 MM, JUNTA ELÁSTICA, INSTALADO EM LOCAL COM NÍVEL ALTO DE INTERFERÊNCIAS - FORNECIMENTO E ASSENTAMENTO. AF_06/2015","M",64.73,"COMPOSIÇÃO"]
[90712,"TUBO DE PVC PARA REDE COLETORA DE ESGOTO DE PAREDE MACIÇA, DN 250 MM, JUNTA ELÁSTICA, INSTALADO EM LOCAL COM NÍVEL ALTO DE INTERFERÊNCIAS - FORNECIMENTO E ASSENTAMENTO. AF_06/2015","M",107.51,"COMPOSIÇÃO"]
[90713,"TUBO DE PVC PARA REDE COLETORA DE ESGOTO DE PAREDE MACIÇA, DN 300 MM, JUNTA ELÁSTICA, INSTALADO EM LOCAL COM NÍVEL ALTO DE INTERFERÊNCIAS - FORNECIMENTO E ASSENTAMENTO. AF_06/2015","M",170.89,"COMPOSIÇÃO"]
[90714,"TUBO DE PVC PARA REDE COLETORA DE ESGOTO DE PAREDE MACIÇA, DN 350 MM, JUNTA ELÁSTICA, INSTALADO EM LOCAL COM NÍVEL ALTO DE INTERFERÊNCIAS - FORNECIMENTO E ASSENTAMENTO. AF_06/2015","M",210.79,"COMPOSIÇÃO"]
[90715,"TUBO DE PVC PARA REDE COLETORA DE ESGOTO DE PAREDE MACIÇA, DN 400 MM, JUNTA ELÁSTICA, INSTALADO EM LOCAL COM NÍVEL ALTO DE INTERFERÊNCIAS - FORNECIMENTO E ASSENTAMENTO. AF_06/2015","M",278.14999999999998,"COMPOSIÇÃO"]
[90716,"TUBO DE PVC CORRUGADO DE DUPLA PAREDE PARA REDE COLETORA DE ESGOTO, DN 150 MM, JUNTA ELÁSTICA, INSTALADO EM LOCAL COM NÍVEL ALTO DE INTERFERÊNCIAS - FORNECIMENTO E ASSENTAMENTO. AF_06/2015","M",39.380000000000003,"COMPOSIÇÃO"]
[90717,"TUBO DE PVC CORRUGADO DE DUPLA PAREDE PARA REDE COLETORA DE ESGOTO, DN 200 MM, JUNTA ELÁSTICA, INSTALADO EM LOCAL COM NÍVEL ALTO DE INTERFERÊNCIAS - FORNECIMENTO E ASSENTAMENTO. AF_06/2015","M",59.99,"COMPOSIÇÃO"]
[90718,"TUBO DE PVC CORRUGADO DE DUPLA PAREDE PARA REDE COLETORA DE ESGOTO, DN 250 MM, JUNTA ELÁSTICA, INSTALADO EM LOCAL COM NÍVEL ALTO DE INTERFERÊNCIAS - FORNECIMENTO E ASSENTAMENTO. AF_06/2015","M",96.12,"COMPOSIÇÃO"]
[90719,"TUBO DE PVC CORRUGADO DE DUPLA PAREDE PARA REDE COLETORA DE ESGOTO, DN 300 MM, JUNTA ELÁSTICA, INSTALADO EM LOCAL COM NÍVEL ALTO DE INTERFERÊNCIAS - FORNECIMENTO E ASSENTAMENTO. AF_06/2015","M",131.27000000000001,"COMPOSIÇÃO"]
[90720,"TUBO DE PVC CORRUGADO DE DUPLA PAREDE PARA REDE COLETORA DE ESGOTO, DN 350 MM, JUNTA ELÁSTICA, INSTALADO EM LOCAL COM NÍVEL ALTO DE INTERFERÊNCIAS - FORNECIMENTO E ASSENTAMENTO. AF_06/2015","M",183.38,"COMPOSIÇÃO"]
[90721,"TUBO DE PVC CORRUGADO DE DUPLA PAREDE PARA REDE COLETORA DE ESGOTO, DN 400 MM, EM JUNTA ELÁSTICA, INSTALADO EM LOCAL COM NÍVEL ALTO DE INTERFERÊNCIAS - FORNECIMENTO E ASSENTAMENTO. AF_06/2015","M",221.49,"COMPOSIÇÃO"]
[90723,"TUBO DE PEAD CORRUGADO DE DUPLA PAREDE PARA REDE COLETORA DE ESGOTO, DN 600 MM, JUNTA ELÁSTICA INTEGRADA, INSTALADO EM LOCAL COM NÍVEL ALTO DE INTERFERÊNCIAS - FORNECIMENTO E ASSENTAMENTO. AF_06/2015","M",576.98,"COMPOSIÇÃO"]
[90724,"JUNTA ARGAMASSADA ENTRE TUBO DN 100 MM E O POÇO DE VISITA/ CAIXA DE CONCRETO OU ALVENARIA EM REDES DE ESGOTO. AF_06/2015","UN",18.18,"COMPOSIÇÃO"]
[90725,"JUNTA ARGAMASSADA ENTRE TUBO DN 150 MM E O POÇO DE VISITA/ CAIXA DE CONCRETO OU ALVENARIA EM REDES DE ESGOTO. AF_06/2015","UN",22.48,"COMPOSIÇÃO"]
[90726,"JUNTA ARGAMASSADA ENTRE TUBO DN 200 MM E O POÇO/ CAIXA DE CONCRETO OU ALVENARIA EM REDES DE ESGOTO. AF_06/2015","UN",26.79,"COMPOSIÇÃO"]
[90727,"JUNTA ARGAMASSADA ENTRE TUBO DN 250 MM E O POÇO DE VISITA/ CAIXA DE CONCRETO OU ALVENARIA EM REDES DE ESGOTO. AF_06/2015","UN",31.09,"COMPOSIÇÃO"]
[90728,"JUNTA ARGAMASSADA ENTRE TUBO DN 300 MM E O POÇO DE VISITA/ CAIXA DE CONCRETO OU ALVENARIA EM REDES DE ESGOTO. AF_06/2015","UN",35.39,"COMPOSIÇÃO"]
[90729,"JUNTA ARGAMASSADA ENTRE TUBO DN 350 MM E O POÇO DE VISITA/ CAIXA DE CONCRETO OU ALVENARIA EM REDES DE ESGOTO. AF_06/2015","UN",39.700000000000003,"COMPOSIÇÃO"]
[90730,"JUNTA ARGAMASSADA ENTRE TUBO DN 400 MM E O POÇO DE VISITA/ CAIXA DE CONCRETO OU ALVENARIA EM REDES DE ESGOTO. AF_06/2015","UN",44.05,"COMPOSIÇÃO"]
[90731,"JUNTA ARGAMASSADA ENTRE TUBO DN 450 MM E O POÇO DE VISITA/ CAIXA DE CONCRETO OU ALVENARIA EM REDES DE ESGOTO. AF_06/2015","UN",48.35,"COMPOSIÇÃO"]
[90732,"JUNTA ARGAMASSADA ENTRE TUBO DN 600 MM E O POÇO DE VISITA/ CAIXA DE CONCRETO OU ALVENARIA EM REDES DE ESGOTO. AF_06/2015","UN",61.27,"COMPOSIÇÃO"]
[90733,"ASSENTAMENTO DE TUBO DE PVC PARA REDE COLETORA DE ESGOTO DE PAREDE MACIÇA, DN 100 MM, JUNTA ELÁSTICA, INSTALADO EM LOCAL COM NÍVEL BAIXO DE INTERFERÊNCIAS (NÃO INCLUI FORNECIMENTO). AF_06/2015","M",1.94,"COMPOSIÇÃO"]
[90734,"ASSENTAMENTO DE TUBO DE PVC PARA REDE COLETORA DE ESGOTO DE PAREDE MACIÇA, DN 150 MM, JUNTA ELÁSTICA, INSTALADO EM LOCAL COM NÍVEL BAIXO DE INTERFERÊNCIAS (NÃO INCLUI FORNECIMENTO). AF_06/2015","M",2.36,"COMPOSIÇÃO"]
[90735,"ASSENTAMENTO DE TUBO DE PVC PARA REDE COLETORA DE ESGOTO DE PAREDE MACIÇA, DN 200 MM, JUNTA ELÁSTICA, INSTALADO EM LOCAL COM NÍVEL BAIXO DE INTERFERÊNCIAS (NÃO INCLUI FORNECIMENTO). AF_06/2015","M",2.8,"COMPOSIÇÃO"]
[90736,"ASSENTAMENTO DE TUBO DE PVC PARA REDE COLETORA DE ESGOTO DE PAREDE MACIÇA, DN 250 MM, JUNTA ELÁSTICA, INSTALADO EM LOCAL COM NÍVEL BAIXO DE INTERFERÊNCIAS (NÃO INCLUI FORNECIMENTO). AF_06/2015","M",3.24,"COMPOSIÇÃO"]
[90737,"ASSENTAMENTO DE TUBO DE PVC PARA REDE COLETORA DE ESGOTO DE PAREDE MACIÇA, DN 300 MM, JUNTA ELÁSTICA, INSTALADO EM LOCAL COM NÍVEL BAIXO DE INTERFERÊNCIAS (NÃO INCLUI FORNECIMENTO). AF_06/2015","M",3.67,"COMPOSIÇÃO"]
[90738,"ASSENTAMENTO DE TUBO DE PVC PARA REDE COLETORA DE ESGOTO DE PAREDE MACIÇA, DN 350 MM, JUNTA ELÁSTICA, INSTALADO EM LOCAL COM NÍVEL BAIXO DE INTERFERÊNCIAS (NÃO INCLUI FORNECIMENTO). AF_06/2015","M",4.0999999999999996,"COMPOSIÇÃO"]
[90739,"ASSENTAMENTO DE TUBO DE PVC PARA REDE COLETORA DE ESGOTO DE PAREDE MACIÇA, DN 400 MM, JUNTA ELÁSTICA, INSTALADO EM LOCAL COM NÍVEL BAIXO DE INTERFERÊNCIAS (NÃO INCLUI FORNECIMENTO). AF_06/2015","M",9.35,"COMPOSIÇÃO"]
[90740,"ASSENTAMENTO DE TUBO DE PVC CORRUGADO DE DUPLA PAREDE PARA REDE COLETORA DE ESGOTO, DN 150 MM, JUNTA ELÁSTICA, INSTALADO EM LOCAL COM NÍVEL BAIXO DE INTERFERÊNCIAS (NÃO INCLUI FORNECIMENTO). AF_06/2015","M",4.32,"COMPOSIÇÃO"]
[90741,"ASSENTAMENTO DE TUBO DE PVC CORRUGADO DE DUPLA PAREDE PARA REDE COLETORA DE ESGOTO, DN 200 MM, JUNTA ELÁSTICA, INSTALADO EM LOCAL COM NÍVEL BAIXO DE INTERFERÊNCIAS (NÃO INCLUI FORNECIMENTO). AF_06/2015","M",4.75,"COMPOSIÇÃO"]
[90742,"ASSENTAMENTO DE TUBO DE PVC CORRUGADO DE DUPLA PAREDE PARA REDE COLETORA DE ESGOTO, DN 250 MM, JUNTA ELÁSTICA, INSTALADO EM LOCAL COM NÍVEL BAIXO DE INTERFERÊNCIAS (NÃO INCLUI FORNECIMENTO). AF_06/2015","M",5.18,"COMPOSIÇÃO"]
[90743,"ASSENTAMENTO DE TUBO DE PVC CORRUGADO DE DUPLA PAREDE PARA REDE COLETORA DE ESGOTO, DN 300 MM, JUNTA ELÁSTICA, INSTALADO EM LOCAL COM NÍVEL BAIXO DE INTERFERÊNCIAS (NÃO INCLUI FORNECIMENTO). AF_06/2015","M",5.62,"COMPOSIÇÃO"]
[90744,"ASSENTAMENTO DE TUBO DE PVC CORRUGADO DE DUPLA PAREDE PARA REDE COLETORA DE ESGOTO, DN 350 MM, JUNTA ELÁSTICA, INSTALADO EM LOCAL COM NÍVEL BAIXO DE INTERFERÊNCIAS (NÃO INCLUI FORNECIMENTO). AF_06/2015","M",6.06,"COMPOSIÇÃO"]
[90745,"ASSENTAMENTO DE TUBO DE PVC CORRUGADO DE DUPLA PAREDE PARA REDE COLETORA DE ESGOTO, DN 400 MM, JUNTA ELÁSTICA, INSTALADO EM LOCAL COM NÍVEL BAIXO DE INTERFERÊNCIAS (NÃO INCLUI FORNECIMENTO). AF_06/2015","M",13.4,"COMPOSIÇÃO"]
[90746,"ASSENTAMENTO DE TUBO DE PEAD CORRUGADO DE DUPLA PAREDE PARA REDE COLETORA DE ESGOTO, DN 450 MM, JUNTA ELÁSTICA INTEGRADA, INSTALADO EM LOCAL COM NÍVEL BAIXO DE INTERFERÊNCIAS (NÃO INCLUI FORNECIMENTO). AF_06/2015","M",2.63,"COMPOSIÇÃO"]
[90747,"ASSENTAMENTO DE TUBO DE PEAD CORRUGADO DE DUPLA PAREDE PARA REDE COLETORA DE ESGOTO, DN 600 MM, JUNTA ELÁSTICA INTEGRADA, INSTALADO EM LOCAL COM NÍVEL BAIXO DE INTERFERÊNCIAS (NÃO INCLUI FORNECIMENTO). AF_06/2015","M",10.54,"COMPOSIÇÃO"]
[90748,"ASSENTAMENTO DE TUBO DE PVC PARA REDE COLETORA DE ESGOTO DE PAREDE MACIÇA, DN 100 MM, JUNTA ELÁSTICA, INSTALADO EM LOCAL COM NÍVEL ALTO DE INTERFERÊNCIAS (NÃO INCLUI FORNECIMENTO). AF_06/2015","M",3.47,"COMPOSIÇÃO"]
[90749,"ASSENTAMENTO DE TUBO DE PVC PARA REDE COLETORA DE ESGOTO DE PAREDE MACIÇA, DN 150 MM, JUNTA ELÁSTICA, INSTALADO EM LOCAL COM NÍVEL ALTO DE INTERFERÊNCIAS (NÃO INCLUI FORNECIMENTO). AF_06/2015","M",3.91,"COMPOSIÇÃO"]
[90750,"ASSENTAMENTO DE TUBO DE PVC PARA REDE COLETORA DE ESGOTO DE PAREDE MACIÇA, DN 200 MM, JUNTA ELÁSTICA, INSTALADO EM LOCAL COM NÍVEL ALTO DE INTERFERÊNCIAS (NÃO INCLUI FORNECIMENTO). AF_06/2015","M",4.34,"COMPOSIÇÃO"]
[90751,"ASSENTAMENTO DE TUBO DE PVC PARA REDE COLETORA DE ESGOTO DE PAREDE MACIÇA, DN 250 MM, JUNTA ELÁSTICA, INSTALADO EM LOCAL COM NÍVEL ALTO DE INTERFERÊNCIAS (NÃO INCLUI FORNECIMENTO). AF_06/2015","M",4.7699999999999996,"COMPOSIÇÃO"]
[90752,"ASSENTAMENTO DE TUBO DE PVC PARA REDE COLETORA DE ESGOTO DE PAREDE MACIÇA, DN 300 MM, JUNTA ELÁSTICA, INSTALADO EM LOCAL COM NÍVEL ALTO DE INTERFERÊNCIAS (NÃO INCLUI FORNECIMENTO). AF_06/2015","M",5.2,"COMPOSIÇÃO"]
[90753,"ASSENTAMENTO DE TUBO DE PVC PARA REDE COLETORA DE ESGOTO DE PAREDE MACIÇA, DN 350 MM, JUNTA ELÁSTICA, INSTALADO EM LOCAL COM NÍVEL ALTO DE INTERFERÊNCIAS (NÃO INCLUI FORNECIMENTO). AF_06/2015","M",5.63,"COMPOSIÇÃO"]
[90754,"ASSENTAMENTO DE TUBO DE PVC PARA REDE COLETORA DE ESGOTO DE PAREDE MACIÇA, DN 400 MM, JUNTA ELÁSTICA, INSTALADO EM LOCAL COM NÍVEL ALTO DE INTERFERÊNCIAS (NÃO INCLUI FORNECIMENTO). AF_06/2015","M",12.54,"COMPOSIÇÃO"]
[90755,"ASSENTAMENTO DE TUBO DE PVC CORRUGADO DE DUPLA PAREDE PARA REDE COLETORA DE ESGOTO, DN 150 MM, JUNTA ELÁSTICA, INSTALADO EM LOCAL COM NÍVEL ALTO DE INTERFERÊNCIAS (NÃO INCLUI FORNECIMENTO). AF_06/2015","M",5.86,"COMPOSIÇÃO"]
[90756,"ASSENTAMENTO DE TUBO DE PVC CORRUGADO DE DUPLA PAREDE PARA REDE COLETORA DE ESGOTO, DN 200 MM, JUNTA ELÁSTICA, INSTALADO EM LOCAL COM NÍVEL ALTO DE INTERFERÊNCIAS (NÃO INCLUI FORNECIMENTO). AF_06/2015","M",6.29,"COMPOSIÇÃO"]
[90757,"ASSENTAMENTO DE TUBO DE PVC CORRUGADO DE DUPLA PAREDE PARA REDE COLETORA DE ESGOTO, DN 250 MM, JUNTA ELÁSTICA, INSTALADO EM LOCAL COM NÍVEL ALTO DE INTERFERÊNCIAS (NÃO INCLUI FORNECIMENTO). AF_06/2015","M",6.73,"COMPOSIÇÃO"]
[90758,"ASSENTAMENTO DE TUBO DE PVC CORRUGADO DE DUPLA PAREDE PARA REDE COLETORA DE ESGOTO, DN 300 MM, JUNTA ELÁSTICA, INSTALADO EM LOCAL COM NÍVEL ALTO DE INTERFERÊNCIAS (NÃO INCLUI FORNECIMENTO). AF_06/2015","M",7.16,"COMPOSIÇÃO"]
[90759,"ASSENTAMENTO DE TUBO DE PVC CORRUGADO DE DUPLA PAREDE PARA REDE COLETORA DE ESGOTO, DN 350 MM, JUNTA ELÁSTICA, INSTALADO EM LOCAL COM NÍVEL ALTO DE INTERFERÊNCIAS (NÃO INCLUI FORNECIMENTO). AF_06/2015","M",7.59,"COMPOSIÇÃO"]
[90760,"ASSENTAMENTO DE TUBO DE PVC CORRUGADO DE DUPLA PAREDE PARA REDE COLETORA DE ESGOTO, DN 400 MM, EM JUNTA ELÁSTICA, INSTALADO EM LOCAL COM NÍVEL ALTO DE INTERFERÊNCIAS (NÃO INCLUI FORNECIMENTO). AF_06/2015","M",16.57,"COMPOSIÇÃO"]
[90761,"ASSENTAMENTO DE TUBO DE PEAD CORRUGADO DE DUPLA PAREDE PARA REDE COLETORA DE ESGOTO, DN 450 MM, JUNTA ELÁSTICA INTEGRADA, INSTALADO EM LOCAL COM NÍVEL ALTO DE INTERFERÊNCIAS (NÃO INCLUI FORNECIMENTO). AF_06/2015","M",3.22,"COMPOSIÇÃO"]
[90762,"ASSENTAMENTO DE TUBO DE PEAD CORRUGADO DE DUPLA PAREDE PARA REDE COLETORA DE ESGOTO, DN 600 MM, JUNTA ELÁSTICA INTEGRADA, INSTALADO EM LOCAL COM NÍVEL ALTO DE INTERFERÊNCIAS (NÃO INCLUI FORNECIMENTO). AF_06/2015","M",12.55,"COMPOSIÇÃO"]
[94869,"TUBO DE PEAD CORRUGADO DE DUPLA PAREDE PARA REDE COLETORA DE ESGOTO, DN 250 MM, JUNTA ELÁSTICA INTEGRADA, INSTALADO EM LOCAL COM NÍVEL BAIXO DE INTERFERÊNCIAS - FORNECIMENTO E ASSENTAMENTO. AF_06/2016","M",117.12,"COMPOSIÇÃO"]
[94870,"ASSENTAMENTO DE TUBO DE PEAD CORRUGADO DE DUPLA PAREDE PARA REDE COLETORA DE ESGOTO, DN 250 MM, JUNTA ELÁSTICA INTEGRADA, INSTALADO EM LOCAL COM NÍVEL BAIXO DE INTERFERÊNCIAS (NÃO INCLUI FORNECIMENTO). AF_06/2016","M",0.64,"COMPOSIÇÃO"]
[94871,"TUBO DE PEAD CORRUGADO DE DUPLA PAREDE PARA REDE COLETORA DE ESGOTO, DN 300 MM, JUNTA ELÁSTICA INTEGRADA, INSTALADO EM LOCAL COM NÍVEL BAIXO DE INTERFERÊNCIAS - FORNECIMENTO E ASSENTAMENTO. AF_06/2016","M",138.78,"COMPOSIÇÃO"]
[94872,"ASSENTAMENTO DE TUBO DE PEAD CORRUGADO DE DUPLA PAREDE PARA REDE COLETORA DE ESGOTO, DN 300 MM, JUNTA ELÁSTICA INTEGRADA, INSTALADO EM LOCAL COM NÍVEL BAIXO DE INTERFERÊNCIAS (NÃO INCLUI FORNECIMENTO). AF_06/2016","M",1.1200000000000001,"COMPOSIÇÃO"]
[94875,"TUBO DE PEAD CORRUGADO DE DUPLA PAREDE PARA REDE COLETORA DE ESGOTO, DN 750 MM, JUNTA ELÁSTICA INTEGRADA, INSTALADO EM LOCAL COM NÍVEL BAIXO DE INTERFERÊNCIAS - FORNECIMENTO E ASSENTAMENTO. AF_06/2016","M",812.68,"COMPOSIÇÃO"]
[94876,"ASSENTAMENTO DE TUBO DE PEAD CORRUGADO DE DUPLA PAREDE PARA REDE COLETORA DE ESGOTO, DN 750 MM, JUNTA ELÁSTICA INTEGRADA, INSTALADO EM LOCAL COM NÍVEL BAIXO DE INTERFERÊNCIAS (NÃO INCLUI FORNECIMENTO). AF_06/2016","M",15.95,"COMPOSIÇÃO"]
[94878,"ASSENTAMENTO DE TUBO DE PEAD CORRUGADO DE DUPLA PAREDE PARA REDE COLETORA DE ESGOTO, DN 900 MM, JUNTA ELÁSTICA INTEGRADA, INSTALADO EM LOCAL COM NÍVEL BAIXO DE INTERFERÊNCIAS (NÃO INCLUI FORNECIMENTO). AF_06/2016","M",18.739999999999998,"COMPOSIÇÃO"]
[94879,"TUBO DE PEAD CORRUGADO DE DUPLA PAREDE PARA REDE COLETORA DE ESGOTO, DN 1000 MM, JUNTA ELÁSTICA INTEGRADA, INSTALADO EM LOCAL COM NÍVEL BAIXO DE INTERFERÊNCIAS - FORNECIMENTO E ASSENTAMENTO. AF_06/2016","M",1084.04,"COMPOSIÇÃO"]
[94880,"ASSENTAMENTO DE TUBO DE PEAD CORRUGADO DE DUPLA PAREDE PARA REDE COLETORA DE ESGOTO, DN 1000 MM, JUNTA ELÁSTICA INTEGRADA, INSTALADO EM LOCAL COM NÍVEL BAIXO DE INTERFERÊNCIAS (NÃO INCLUI FORNECIMENTO). AF_06/2016","M",22.95,"COMPOSIÇÃO"]
[94881,"TUBO DE PEAD CORRUGADO DE DUPLA PAREDE PARA REDE COLETORA DE ESGOTO, DN 1200 MM, JUNTA ELÁSTICA INTEGRADA, INSTALADO EM LOCAL COM NÍVEL BAIXO DE INTERFERÊNCIAS - FORNECIMENTO E ASSENTAMENTO. AF_06/2016","M",1689.01,"COMPOSIÇÃO"]
[94882,"ASSENTAMENTO DE TUBO DE PEAD CORRUGADO DE DUPLA PAREDE PARA REDE COLETORA DE ESGOTO, DN 1200 MM, JUNTA ELÁSTICA INTEGRADA, INSTALADO EM LOCAL COM NÍVEL BAIXO DE INTERFERÊNCIAS (NÃO INCLUI FORNECIMENTO). AF_06/2016","M",27.2,"COMPOSIÇÃO"]
[94884,"ASSENTAMENTO DE TUBO DE PEAD CORRUGADO DE DUPLA PAREDE PARA REDE COLETORA DE ESGOTO, DN 1500 MM, JUNTA ELÁSTICA INTEGRADA, INSTALADO EM LOCAL COM NÍVEL BAIXO DE INTERFERÊNCIAS (NÃO INCLUI FORNECIMENTO). AF_06/2016","M",35.869999999999997,"COMPOSIÇÃO"]
[94885,"TUBO DE PEAD CORRUGADO DE DUPLA PAREDE PARA REDE COLETORA DE ESGOTO, DN 250 MM, JUNTA ELÁSTICA INTEGRADA, INSTALADO EM LOCAL COM NÍVEL ALTO DE INTERFERÊNCIAS - FORNECIMENTO E ASSENTAMENTO. AF_06/2016","M",117.31,"COMPOSIÇÃO"]
[94886,"ASSENTAMENTO DE TUBO DE PEAD CORRUGADO DE DUPLA PAREDE PARA REDE COLETORA DE ESGOTO, DN 250 MM, JUNTA ELÁSTICA INTEGRADA, INSTALADO EM LOCAL COM NÍVEL ALTO DE INTERFERÊNCIAS (NÃO INCLUI FORNECIMENTO). AF_06/2016","M",0.83,"COMPOSIÇÃO"]
[94887,"TUBO DE PEAD CORRUGADO DE DUPLA PAREDE PARA REDE COLETORA DE ESGOTO, DN 300 MM, JUNTA ELÁSTICA INTEGRADA, INSTALADO EM LOCAL COM NÍVEL ALTO DE INTERFERÊNCIAS - FORNECIMENTO E ASSENTAMENTO. AF_06/2016","M",139.09,"COMPOSIÇÃO"]
[94888,"ASSENTAMENTO DE TUBO DE PEAD CORRUGADO DE DUPLA PAREDE PARA REDE COLETORA DE ESGOTO, DN 300 MM, JUNTA ELÁSTICA INTEGRADA, INSTALADO EM LOCAL COM NÍVEL ALTO DE INTERFERÊNCIAS (NÃO INCLUI FORNECIMENTO). AF_06/2016","M",1.43,"COMPOSIÇÃO"]
[94891,"TUBO DE PEAD CORRUGADO DE DUPLA PAREDE PARA REDE COLETORA DE ESGOTO, DN 750 MM, JUNTA ELÁSTICA INTEGRADA, INSTALADO EM LOCAL COM NÍVEL ALTO DE INTERFERÊNCIAS - FORNECIMENTO E ASSENTAMENTO. AF_06/2016","M",815.26,"COMPOSIÇÃO"]
[94892,"ASSENTAMENTO DE TUBO DE PEAD CORRUGADO DE DUPLA PAREDE PARA REDE COLETORA DE ESGOTO, DN 750 MM, JUNTA ELÁSTICA INTEGRADA, INSTALADO EM LOCAL COM NÍVEL ALTO DE INTERFERÊNCIAS (NÃO INCLUI FORNECIMENTO). AF_06/2016","M",18.53,"COMPOSIÇÃO"]
[94894,"ASSENTAMENTO DE TUBO DE PEAD CORRUGADO DE DUPLA PAREDE PARA REDE COLETORA DE ESGOTO, DN 900 MM, JUNTA ELÁSTICA INTEGRADA, INSTALADO EM LOCAL COM NÍVEL ALTO DE INTERFERÊNCIAS (NÃO INCLUI FORNECIMENTO). AF_06/2016","M",21.53,"COMPOSIÇÃO"]
[94895,"TUBO DE PEAD CORRUGADO DE DUPLA PAREDE PARA REDE COLETORA DE ESGOTO, DN 1000 MM, JUNTA ELÁSTICA INTEGRADA, INSTALADO EM LOCAL COM NÍVEL ALTO DE INTERFERÊNCIAS - FORNECIMENTO E ASSENTAMENTO. AF_06/2016","M",1087.1099999999999,"COMPOSIÇÃO"]
[94896,"ASSENTAMENTO DE TUBO DE PEAD CORRUGADO DE DUPLA PAREDE PARA REDE COLETORA DE ESGOTO, DN 1000 MM, JUNTA ELÁSTICA INTEGRADA, INSTALADO EM LOCAL COM NÍVEL ALTO DE INTERFERÊNCIAS (NÃO INCLUI FORNECIMENTO). AF_06/2016","M",26.02,"COMPOSIÇÃO"]
[94897,"TUBO DE PEAD CORRUGADO DE DUPLA PAREDE PARA REDE COLETORA DE ESGOTO, DN 1200 MM, JUNTA ELÁSTICA INTEGRADA, INSTALADO EM LOCAL COM NÍVEL ALTO DE INTERFERÊNCIAS - FORNECIMENTO E ASSENTAMENTO. AF_06/2016","M",1692.32,"COMPOSIÇÃO"]
[94898,"ASSENTAMENTO DE TUBO DE PEAD CORRUGADO DE DUPLA PAREDE PARA REDE COLETORA DE ESGOTO, DN 1200 MM, JUNTA ELÁSTICA INTEGRADA, INSTALADO EM LOCAL COM NÍVEL ALTO DE INTERFERÊNCIAS (NÃO INCLUI FORNECIMENTO). AF_06/2016","M",30.51,"COMPOSIÇÃO"]
[94900,"ASSENTAMENTO DE TUBO DE PEAD CORRUGADO DE DUPLA PAREDE PARA REDE COLETORA DE ESGOTO, DN 1500 MM, JUNTA ELÁSTICA INTEGRADA, INSTALADO EM LOCAL COM NÍVEL ALTO DE INTERFERÊNCIAS (NÃO INCLUI FORNECIMENTO). AF_06/2016","M",39.49,"COMPOSIÇÃO"]
[97121,"ASSENTAMENTO DE TUBO DE PVC PBA PARA REDE DE ÁGUA, DN 50 MM, JUNTA ELÁSTICA INTEGRADA, INSTALADO EM LOCAL COM NÍVEL ALTO DE INTERFERÊNCIAS (NÃO INCLUI FORNECIMENTO). AF_11/2017","M",1.49,"COMPOSIÇÃO"]
[97122,"ASSENTAMENTO DE TUBO DE PVC PBA PARA REDE DE ÁGUA, DN 75 MM, JUNTA ELÁSTICA INTEGRADA, INSTALADO EM LOCAL COM NÍVEL ALTO DE INTERFERÊNCIAS (NÃO INCLUI FORNECIMENTO). AF_11/2017","M",2.1,"COMPOSIÇÃO"]
[97123,"ASSENTAMENTO DE TUBO DE PVC PBA PARA REDE DE ÁGUA, DN 100 MM, JUNTA ELÁSTICA INTEGRADA, INSTALADO EM LOCAL COM NÍVEL ALTO DE INTERFERÊNCIAS (NÃO INCLUI FORNECIMENTO). AF_11/2017","M",2.66,"COMPOSIÇÃO"]
[97124,"ASSENTAMENTO DE TUBO DE PVC PBA PARA REDE DE ÁGUA, DN 50 MM, JUNTA ELÁSTICA INTEGRADA, INSTALADO EM LOCAL COM NÍVEL BAIXO DE INTERFERÊNCIAS (NÃO INCLUI FORNECIMENTO). AF_11/2017","M",0.69,"COMPOSIÇÃO"]
[97125,"ASSENTAMENTO DE TUBO DE PVC PBA PARA REDE DE ÁGUA, DN 75 MM, JUNTA ELÁSTICA INTEGRADA, INSTALADO EM LOCAL COM NÍVEL BAIXO DE INTERFERÊNCIAS (NÃO INCLUI FORNECIMENTO). AF_11/2017","M",0.99,"COMPOSIÇÃO"]
[97126,"ASSENTAMENTO DE TUBO DE PVC PBA PARA REDE DE ÁGUA, DN 100 MM, JUNTA ELÁSTICA INTEGRADA, INSTALADO EM LOCAL COM NÍVEL BAIXO DE INTERFERÊNCIAS (NÃO INCLUI FORNECIMENTO). AF_11/2017","M",1.26,"COMPOSIÇÃO"]
[92833,"TUBO DE CONCRETO PARA REDES COLETORAS DE ESGOTO SANITÁRIO, DIÂMETRO DE 300 MM, JUNTA ELÁSTICA, INSTALADO EM LOCAL COM BAIXO NÍVEL DE INTERFERÊNCIAS - FORNECIMENTO E ASSENTAMENTO. AF_12/2015","M",166.07,"COMPOSIÇÃO"]
[92834,"ASSENTAMENTO DE TUBO DE CONCRETO PARA REDES COLETORAS DE ESGOTO SANITÁRIO, DIÂMETRO DE 300 MM, JUNTA ELÁSTICA, INSTALADO EM LOCAL COM BAIXO NÍVEL DE INTERFERÊNCIAS (NÃO INCLUI FORNECIMENTO). AF_12/2015","M",5.86,"COMPOSIÇÃO"]
[92835,"TUBO DE CONCRETO PARA REDES COLETORAS DE ESGOTO SANITÁRIO, DIÂMETRO DE 400 MM, JUNTA ELÁSTICA, INSTALADO EM LOCAL COM BAIXO NÍVEL DE INTERFERÊNCIAS - FORNECIMENTO E ASSENTAMENTO. AF_12/2015","M",179.4,"COMPOSIÇÃO"]
[92836,"ASSENTAMENTO DE TUBO DE CONCRETO PARA REDES COLETORAS DE ESGOTO SANITÁRIO, DIÂMETRO DE 400 MM, JUNTA ELÁSTICA, INSTALADO EM LOCAL COM BAIXO NÍVEL DE INTERFERÊNCIAS (NÃO INCLUI FORNECIMENTO). AF_12/2015","M",7.5,"COMPOSIÇÃO"]
[92837,"TUBO DE CONCRETO PARA REDES COLETORAS DE ESGOTO SANITÁRIO, DIÂMETRO DE 500 MM, JUNTA ELÁSTICA, INSTALADO EM LOCAL COM BAIXO NÍVEL DE INTERFERÊNCIAS - FORNECIMENTO E ASSENTAMENTO. AF_12/2015","M",293.95999999999998,"COMPOSIÇÃO"]
[92838,"ASSENTAMENTO DE TUBO DE CONCRETO PARA REDES COLETORAS DE ESGOTO SANITÁRIO, DIÂMETRO DE 500 MM, JUNTA ELÁSTICA, INSTALADO EM LOCAL COM BAIXO NÍVEL DE INTERFERÊNCIAS (NÃO INCLUI FORNECIMENTO). AF_12/2015","M",8.99,"COMPOSIÇÃO"]
[92839,"TUBO DE CONCRETO PARA REDES COLETORAS DE ESGOTO SANITÁRIO, DIÂMETRO DE 600 MM, JUNTA ELÁSTICA, INSTALADO EM LOCAL COM BAIXO NÍVEL DE INTERFERÊNCIAS - FORNECIMENTO E ASSENTAMENTO. AF_12/2015","M",360.31,"COMPOSIÇÃO"]
[92840,"ASSENTAMENTO DE TUBO DE CONCRETO PARA REDES COLETORAS DE ESGOTO SANITÁRIO, DIÂMETRO DE 600 MM, JUNTA ELÁSTICA, INSTALADO EM LOCAL COM BAIXO NÍVEL DE INTERFERÊNCIAS (NÃO INCLUI FORNECIMENTO). AF_12/2015","M",10.65,"COMPOSIÇÃO"]
[92841,"TUBO DE CONCRETO PARA REDES COLETORAS DE ESGOTO SANITÁRIO, DIÂMETRO DE 700 MM, JUNTA ELÁSTICA, INSTALADO EM LOCAL COM BAIXO NÍVEL DE INTERFERÊNCIAS - FORNECIMENTO E ASSENTAMENTO. AF_12/2015","M",446.9,"COMPOSIÇÃO"]
[92842,"ASSENTAMENTO DE TUBO DE CONCRETO PARA REDES COLETORAS DE ESGOTO SANITÁRIO, DIÂMETRO DE 700 MM, JUNTA ELÁSTICA, INSTALADO EM LOCAL COM BAIXO NÍVEL DE INTERFERÊNCIAS (NÃO INCLUI FORNECIMENTO). AF_12/2015","M",12.17,"COMPOSIÇÃO"]
[92843,"TUBO DE CONCRETO PARA REDES COLETORAS DE ESGOTO SANITÁRIO, DIÂMETRO DE 800 MM, JUNTA ELÁSTICA, INSTALADO EM LOCAL COM BAIXO NÍVEL DE INTERFERÊNCIAS - FORNECIMENTO E ASSENTAMENTO. AF_12/2015","M",479.54,"COMPOSIÇÃO"]
[92844,"ASSENTAMENTO DE TUBO DE CONCRETO PARA REDES COLETORAS DE ESGOTO SANITÁRIO, DIÂMETRO DE 800 MM, JUNTA ELÁSTICA, INSTALADO EM LOCAL COM BAIXO NÍVEL DE INTERFERÊNCIAS (NÃO INCLUI FORNECIMENTO). AF_12/2015","M",13.83,"COMPOSIÇÃO"]
[92845,"TUBO DE CONCRETO PARA REDES COLETORAS DE ESGOTO SANITÁRIO, DIÂMETRO DE 900 MM, JUNTA ELÁSTICA, INSTALADO EM LOCAL COM BAIXO NÍVEL DE INTERFERÊNCIAS - FORNECIMENTO E ASSENTAMENTO. AF_12/2015","M",654.20000000000005,"COMPOSIÇÃO"]
[92846,"ASSENTAMENTO DE TUBO DE CONCRETO PARA REDES COLETORAS DE ESGOTO SANITÁRIO, DIÂMETRO DE 900 MM, JUNTA ELÁSTICA, INSTALADO EM LOCAL COM BAIXO NÍVEL DE INTERFERÊNCIAS (NÃO INCLUI FORNECIMENTO). AF_12/2015","M",15.33,"COMPOSIÇÃO"]
[92847,"TUBO DE CONCRETO PARA REDES COLETORAS DE ESGOTO SANITÁRIO, DIÂMETRO DE 1000 MM, JUNTA ELÁSTICA, INSTALADO EM LOCAL COM BAIXO NÍVEL DE INTERFERÊNCIAS - FORNECIMENTO E ASSENTAMENTO. AF_12/2015","M",689.1,"COMPOSIÇÃO"]
[92848,"ASSENTAMENTO DE TUBO DE CONCRETO PARA REDES COLETORAS DE ESGOTO SANITÁRIO, DIÂMETRO DE 1000 MM, JUNTA ELÁSTICA, INSTALADO EM LOCAL COM BAIXO NÍVEL DE INTERFERÊNCIAS (NÃO INCLUI FORNECIMENTO). AF_12/2015","M",17,"COMPOSIÇÃO"]
[92849,"TUBO DE CONCRETO PARA REDES COLETORAS DE ESGOTO SANITÁRIO, DIÂMETRO DE 300 MM, JUNTA ELÁSTICA, INSTALADO EM LOCAL COM ALTO NÍVEL DE INTERFERÊNCIAS - FORNECIMENTO E ASSENTAMENTO. AF_12/2015","M",171.22,"COMPOSIÇÃO"]
[92850,"ASSENTAMENTO DE TUBO DE CONCRETO PARA REDES COLETORAS DE ESGOTO SANITÁRIO, DIÂMETRO DE 300 MM, JUNTA ELÁSTICA, INSTALADO EM LOCAL COM ALTO NÍVEL DE INTERFERÊNCIAS (NÃO INCLUI FORNECIMENTO). AF_12/2015","M",11.09,"COMPOSIÇÃO"]
[92851,"TUBO DE CONCRETO PARA REDES COLETORAS DE ESGOTO SANITÁRIO, DIÂMETRO DE 400 MM, JUNTA ELÁSTICA, INSTALADO EM LOCAL COM ALTO NÍVEL DE INTERFERÊNCIAS - FORNECIMENTO E ASSENTAMENTO. AF_12/2015","M",185.83,"COMPOSIÇÃO"]
[92852,"ASSENTAMENTO DE TUBO DE CONCRETO PARA REDES COLETORAS DE ESGOTO SANITÁRIO, DIÂMETRO DE 400 MM, JUNTA ELÁSTICA, INSTALADO EM LOCAL COM ALTO NÍVEL DE INTERFERÊNCIAS (NÃO INCLUI FORNECIMENTO). AF_12/2015","M",14.02,"COMPOSIÇÃO"]
[92853,"TUBO DE CONCRETO PARA REDES COLETORAS DE ESGOTO SANITÁRIO, DIÂMETRO DE 500 MM, JUNTA ELÁSTICA, INSTALADO EM LOCAL COM ALTO NÍVEL DE INTERFERÊNCIAS - FORNECIMENTO E ASSENTAMENTO. AF_12/2015","M",301.92,"COMPOSIÇÃO"]
[92854,"ASSENTAMENTO DE TUBO DE CONCRETO PARA REDES COLETORAS DE ESGOTO SANITÁRIO, DIÂMETRO DE 500 MM, JUNTA ELÁSTICA, INSTALADO EM LOCAL COM ALTO NÍVEL DE INTERFERÊNCIAS (NÃO INCLUI FORNECIMENTO). AF_12/2015","M",17.07,"COMPOSIÇÃO"]
[92855,"TUBO DE CONCRETO PARA REDES COLETORAS DE ESGOTO SANITÁRIO, DIÂMETRO DE 600 MM, JUNTA ELÁSTICA, INSTALADO EM LOCAL COM ALTO NÍVEL DE INTERFERÊNCIAS - FORNECIMENTO E ASSENTAMENTO. AF_12/2015","M",369.63,"COMPOSIÇÃO"]
[92856,"ASSENTAMENTO DE TUBO DE CONCRETO PARA REDES COLETORAS DE ESGOTO SANITÁRIO, DIÂMETRO DE 600 MM, JUNTA ELÁSTICA, INSTALADO EM LOCAL COM ALTO NÍVEL DE INTERFERÊNCIAS (NÃO INCLUI FORNECIMENTO). AF_12/2015","M",20.11,"COMPOSIÇÃO"]
[92857,"TUBO DE CONCRETO PARA REDES COLETORAS DE ESGOTO SANITÁRIO, DIÂMETRO DE 700 MM, JUNTA ELÁSTICA, INSTALADO EM LOCAL COM ALTO NÍVEL DE INTERFERÊNCIAS - FORNECIMENTO E ASSENTAMENTO. AF_12/2015","M",457.6,"COMPOSIÇÃO"]
[92858,"ASSENTAMENTO DE TUBO DE CONCRETO PARA REDES COLETORAS DE ESGOTO SANITÁRIO, DIÂMETRO DE 700 MM, JUNTA ELÁSTICA, INSTALADO EM LOCAL COM ALTO NÍVEL DE INTERFERÊNCIAS (NÃO INCLUI FORNECIMENTO). AF_12/2015","M",23.04,"COMPOSIÇÃO"]
[92859,"TUBO DE CONCRETO PARA REDES COLETORAS DE ESGOTO SANITÁRIO, DIÂMETRO DE 800 MM, JUNTA ELÁSTICA, INSTALADO EM LOCAL COM ALTO NÍVEL DE INTERFERÊNCIAS - FORNECIMENTO E ASSENTAMENTO. AF_12/2015","M",491.86,"COMPOSIÇÃO"]
[92860,"ASSENTAMENTO DE TUBO DE CONCRETO PARA REDES COLETORAS DE ESGOTO SANITÁRIO, DIÂMETRO DE 800 MM, JUNTA ELÁSTICA, INSTALADO EM LOCAL COM ALTO NÍVEL DE INTERFERÊNCIAS (NÃO INCLUI FORNECIMENTO). AF_12/2015","M",26.15,"COMPOSIÇÃO"]
[92861,"TUBO DE CONCRETO PARA REDES COLETORAS DE ESGOTO SANITÁRIO, DIÂMETRO DE 900 MM, JUNTA ELÁSTICA, INSTALADO EM LOCAL COM ALTO NÍVEL DE INTERFERÊNCIAS - FORNECIMENTO E ASSENTAMENTO. AF_12/2015","M",668.05,"COMPOSIÇÃO"]
[92862,"ASSENTAMENTO DE TUBO DE CONCRETO PARA REDES COLETORAS DE ESGOTO SANITÁRIO, DIÂMETRO DE 900 MM, JUNTA ELÁSTICA, INSTALADO EM LOCAL COM ALTO NÍVEL DE INTERFERÊNCIAS (NÃO INCLUI FORNECIMENTO). AF_12/2015","M",29.18,"COMPOSIÇÃO"]
[92863,"TUBO DE CONCRETO PARA REDES COLETORAS DE ESGOTO SANITÁRIO, DIÂMETRO DE 1000 MM, JUNTA ELÁSTICA, INSTALADO EM LOCAL COM ALTO NÍVEL DE INTERFERÊNCIAS - FORNECIMENTO E ASSENTAMENTO. AF_12/2015","M",704.11,"COMPOSIÇÃO"]
[92864,"ASSENTAMENTO DE TUBO DE CONCRETO PARA REDES COLETORAS DE ESGOTO SANITÁRIO, DIÂMETRO DE 1000 MM, JUNTA ELÁSTICA, INSTALADO EM LOCAL COM ALTO NÍVEL DE INTERFERÊNCIAS (NÃO INCLUI FORNECIMENTO). AF_12/2015","M",32.229999999999997,"COMPOSIÇÃO"]
[92210,"TUBO DE CONCRETO PARA REDES COLETORAS DE ÁGUAS PLUVIAIS, DIÂMETRO DE 400 MM, JUNTA RÍGIDA, INSTALADO EM LOCAL COM BAIXO NÍVEL DE INTERFERÊNCIAS - FORNECIMENTO E ASSENTAMENTO. AF_12/2015","M",104.78,"COMPOSIÇÃO"]
[92211,"TUBO DE CONCRETO PARA REDES COLETORAS DE ÁGUAS PLUVIAIS, DIÂMETRO DE 500 MM, JUNTA RÍGIDA, INSTALADO EM LOCAL COM BAIXO NÍVEL DE INTERFERÊNCIAS - FORNECIMENTO E ASSENTAMENTO. AF_12/2015","M",126.01,"COMPOSIÇÃO"]
[92212,"TUBO DE CONCRETO PARA REDES COLETORAS DE ÁGUAS PLUVIAIS, DIÂMETRO DE 600 MM, JUNTA RÍGIDA, INSTALADO EM LOCAL COM BAIXO NÍVEL DE INTERFERÊNCIAS - FORNECIMENTO E ASSENTAMENTO. AF_12/2015","M",186.38,"COMPOSIÇÃO"]
[92213,"TUBO DE CONCRETO PARA REDES COLETORAS DE ÁGUAS PLUVIAIS, DIÂMETRO DE 700 MM, JUNTA RÍGIDA, INSTALADO EM LOCAL COM BAIXO NÍVEL DE INTERFERÊNCIAS - FORNECIMENTO E ASSENTAMENTO. AF_12/2015","M",243.97,"COMPOSIÇÃO"]
[92214,"TUBO DE CONCRETO PARA REDES COLETORAS DE ÁGUAS PLUVIAIS, DIÂMETRO DE 800 MM, JUNTA RÍGIDA, INSTALADO EM LOCAL COM BAIXO NÍVEL DE INTERFERÊNCIAS - FORNECIMENTO E ASSENTAMENTO. AF_12/2015","M",294.51,"COMPOSIÇÃO"]
[92215,"TUBO DE CONCRETO PARA REDES COLETORAS DE ÁGUAS PLUVIAIS, DIÂMETRO DE 900 MM, JUNTA RÍGIDA, INSTALADO EM LOCAL COM BAIXO NÍVEL DE INTERFERÊNCIAS - FORNECIMENTO E ASSENTAMENTO. AF_12/2015","M",338.28,"COMPOSIÇÃO"]
[92216,"TUBO DE CONCRETO PARA REDES COLETORAS DE ÁGUAS PLUVIAIS, DIÂMETRO DE 1000 MM, JUNTA RÍGIDA, INSTALADO EM LOCAL COM BAIXO NÍVEL DE INTERFERÊNCIAS - FORNECIMENTO E ASSENTAMENTO. AF_12/2015","M",354.9,"COMPOSIÇÃO"]
[92219,"TUBO DE CONCRETO PARA REDES COLETORAS DE ÁGUAS PLUVIAIS, DIÂMETRO DE 400 MM, JUNTA RÍGIDA, INSTALADO EM LOCAL COM ALTO NÍVEL DE INTERFERÊNCIAS - FORNECIMENTO E ASSENTAMENTO. AF_12/2015","M",111.32,"COMPOSIÇÃO"]
[92220,"TUBO DE CONCRETO PARA REDES COLETORAS DE ÁGUAS PLUVIAIS, DIÂMETRO DE 500 MM, JUNTA RÍGIDA, INSTALADO EM LOCAL COM ALTO NÍVEL DE INTERFERÊNCIAS - FORNECIMENTO E ASSENTAMENTO. AF_12/2015","M",134.1,"COMPOSIÇÃO"]
[92221,"TUBO DE CONCRETO PARA REDES COLETORAS DE ÁGUAS PLUVIAIS, DIÂMETRO DE 600 MM, JUNTA RÍGIDA, INSTALADO EM LOCAL COM ALTO NÍVEL DE INTERFERÊNCIAS - FORNECIMENTO E ASSENTAMENTO. AF_12/2015","M",195.85,"COMPOSIÇÃO"]
[92222,"TUBO DE CONCRETO PARA REDES COLETORAS DE ÁGUAS PLUVIAIS, DIÂMETRO DE 700 MM, JUNTA RÍGIDA, INSTALADO EM LOCAL COM ALTO NÍVEL DE INTERFERÊNCIAS - FORNECIMENTO E ASSENTAMENTO. AF_12/2015","M",254.96,"COMPOSIÇÃO"]
[92223,"TUBO DE CONCRETO PARA REDES COLETORAS DE ÁGUAS PLUVIAIS, DIÂMETRO DE 800 MM, JUNTA RÍGIDA, INSTALADO EM LOCAL COM ALTO NÍVEL DE INTERFERÊNCIAS - FORNECIMENTO E ASSENTAMENTO. AF_12/2015","M",306.83999999999997,"COMPOSIÇÃO"]
[92224,"TUBO DE CONCRETO PARA REDES COLETORAS DE ÁGUAS PLUVIAIS, DIÂMETRO DE 900 MM, JUNTA RÍGIDA, INSTALADO EM LOCAL COM ALTO NÍVEL DE INTERFERÊNCIAS - FORNECIMENTO E ASSENTAMENTO. AF_12/2015","M",351.96,"COMPOSIÇÃO"]
[92226,"TUBO DE CONCRETO PARA REDES COLETORAS DE ÁGUAS PLUVIAIS, DIÂMETRO DE 1000 MM, JUNTA RÍGIDA, INSTALADO EM LOCAL COM ALTO NÍVEL DE INTERFERÊNCIAS - FORNECIMENTO E ASSENTAMENTO. AF_12/2015","M",370.19,"COMPOSIÇÃO"]
[92808,"ASSENTAMENTO DE TUBO DE CONCRETO PARA REDES COLETORAS DE ÁGUAS PLUVIAIS, DIÂMETRO DE 300 MM, JUNTA RÍGIDA, INSTALADO EM LOCAL COM BAIXO NÍVEL DE INTERFERÊNCIAS (NÃO INCLUI FORNECIMENTO). AF_12/2015","M",26.49,"COMPOSIÇÃO"]
[92809,"ASSENTAMENTO DE TUBO DE CONCRETO PARA REDES COLETORAS DE ÁGUAS PLUVIAIS, DIÂMETRO DE 400 MM, JUNTA RÍGIDA, INSTALADO EM LOCAL COM BAIXO NÍVEL DE INTERFERÊNCIAS (NÃO INCLUI FORNECIMENTO). AF_12/2015","M",33.99,"COMPOSIÇÃO"]
[92810,"ASSENTAMENTO DE TUBO DE CONCRETO PARA REDES COLETORAS DE ÁGUAS PLUVIAIS, DIÂMETRO DE 500 MM, JUNTA RÍGIDA, INSTALADO EM LOCAL COM BAIXO NÍVEL DE INTERFERÊNCIAS (NÃO INCLUI FORNECIMENTO). AF_12/2015","M",41.41,"COMPOSIÇÃO"]
[92811,"ASSENTAMENTO DE TUBO DE CONCRETO PARA REDES COLETORAS DE ÁGUAS PLUVIAIS, DIÂMETRO DE 600 MM, JUNTA RÍGIDA, INSTALADO EM LOCAL COM BAIXO NÍVEL DE INTERFERÊNCIAS (NÃO INCLUI FORNECIMENTO). AF_12/2015","M",49.39,"COMPOSIÇÃO"]
[92812,"ASSENTAMENTO DE TUBO DE CONCRETO PARA REDES COLETORAS DE ÁGUAS PLUVIAIS, DIÂMETRO DE 700 MM, JUNTA RÍGIDA, INSTALADO EM LOCAL COM BAIXO NÍVEL DE INTERFERÊNCIAS (NÃO INCLUI FORNECIMENTO). AF_12/2015","M",57.26,"COMPOSIÇÃO"]
[92813,"ASSENTAMENTO DE TUBO DE CONCRETO PARA REDES COLETORAS DE ÁGUAS PLUVIAIS, DIÂMETRO DE 800 MM, JUNTA RÍGIDA, INSTALADO EM LOCAL COM BAIXO NÍVEL DE INTERFERÊNCIAS (NÃO INCLUI FORNECIMENTO). AF_12/2015","M",66.59,"COMPOSIÇÃO"]
[92814,"ASSENTAMENTO DE TUBO DE CONCRETO PARA REDES COLETORAS DE ÁGUAS PLUVIAIS, DIÂMETRO DE 900 MM, JUNTA RÍGIDA, INSTALADO EM LOCAL COM BAIXO NÍVEL DE INTERFERÊNCIAS (NÃO INCLUI FORNECIMENTO). AF_12/2015","M",76.400000000000006,"COMPOSIÇÃO"]
[92815,"ASSENTAMENTO DE TUBO DE CONCRETO PARA REDES COLETORAS DE ÁGUAS PLUVIAIS, DIÂMETRO DE 1000 MM, JUNTA RÍGIDA, INSTALADO EM LOCAL COM BAIXO NÍVEL DE INTERFERÊNCIAS (NÃO INCLUI FORNECIMENTO). AF_12/2015","M",87.84,"COMPOSIÇÃO"]
[92816,"TUBO DE CONCRETO PARA REDES COLETORAS DE ÁGUAS PLUVIAIS, DIÂMETRO DE 1200 MM, JUNTA RÍGIDA, INSTALADO EM LOCAL COM BAIXO NÍVEL DE INTERFERÊNCIAS - FORNECIMENTO E ASSENTAMENTO. AF_12/2015","M",508.79,"COMPOSIÇÃO"]
[92817,"ASSENTAMENTO DE TUBO DE CONCRETO PARA REDES COLETORAS DE ÁGUAS PLUVIAIS, DIÂMETRO DE 1200 MM, JUNTA RÍGIDA, INSTALADO EM LOCAL COM BAIXO NÍVEL DE INTERFERÊNCIAS (NÃO INCLUI FORNECIMENTO). AF_12/2015","M",109.92,"COMPOSIÇÃO"]
[92818,"TUBO DE CONCRETO PARA REDES COLETORAS DE ÁGUAS PLUVIAIS, DIÂMETRO DE 1500 MM, JUNTA RÍGIDA, INSTALADO EM LOCAL COM BAIXO NÍVEL DE INTERFERÊNCIAS - FORNECIMENTO E ASSENTAMENTO. AF_12/2015","M",725.85,"COMPOSIÇÃO"]
[92819,"ASSENTAMENTO DE TUBO DE CONCRETO PARA REDES COLETORAS DE ÁGUAS PLUVIAIS, DIÂMETRO DE 1500 MM, JUNTA RÍGIDA, INSTALADO EM LOCAL COM BAIXO NÍVEL DE INTERFERÊNCIAS (NÃO INCLUI FORNECIMENTO). AF_12/2015","M",147.97,"COMPOSIÇÃO"]
[92820,"ASSENTAMENTO DE TUBO DE CONCRETO PARA REDES COLETORAS DE ÁGUAS PLUVIAIS, DIÂMETRO DE 300 MM, JUNTA RÍGIDA, INSTALADO EM LOCAL COM ALTO NÍVEL DE INTERFERÊNCIAS (NÃO INCLUI FORNECIMENTO). AF_12/2015","M",31.59,"COMPOSIÇÃO"]
[92821,"ASSENTAMENTO DE TUBO DE CONCRETO PARA REDES COLETORAS DE ÁGUAS PLUVIAIS, DIÂMETRO DE 400 MM, JUNTA RÍGIDA, INSTALADO EM LOCAL COM ALTO NÍVEL DE INTERFERÊNCIAS (NÃO INCLUI FORNECIMENTO). AF_12/2015","M",40.53,"COMPOSIÇÃO"]
[92822,"ASSENTAMENTO DE TUBO DE CONCRETO PARA REDES COLETORAS DE ÁGUAS PLUVIAIS, DIÂMETRO DE 500 MM, JUNTA RÍGIDA, INSTALADO EM LOCAL COM ALTO NÍVEL DE INTERFERÊNCIAS (NÃO INCLUI FORNECIMENTO). AF_12/2015","M",49.5,"COMPOSIÇÃO"]
[92824,"ASSENTAMENTO DE TUBO DE CONCRETO PARA REDES COLETORAS DE ÁGUAS PLUVIAIS, DIÂMETRO DE 600 MM, JUNTA RÍGIDA, INSTALADO EM LOCAL COM ALTO NÍVEL DE INTERFERÊNCIAS (NÃO INCLUI FORNECIMENTO). AF_12/2015","M",58.86,"COMPOSIÇÃO"]
[92825,"ASSENTAMENTO DE TUBO DE CONCRETO PARA REDES COLETORAS DE ÁGUAS PLUVIAIS, DIÂMETRO DE 700 MM, JUNTA RÍGIDA, INSTALADO EM LOCAL COM ALTO NÍVEL DE INTERFERÊNCIAS (NÃO INCLUI FORNECIMENTO). AF_12/2015","M",68.25,"COMPOSIÇÃO"]
[92826,"ASSENTAMENTO DE TUBO DE CONCRETO PARA REDES COLETORAS DE ÁGUAS PLUVIAIS, DIÂMETRO DE 800 MM, JUNTA RÍGIDA, INSTALADO EM LOCAL COM ALTO NÍVEL DE INTERFERÊNCIAS (NÃO INCLUI FORNECIMENTO). AF_12/2015","M",78.92,"COMPOSIÇÃO"]
[92827,"ASSENTAMENTO DE TUBO DE CONCRETO PARA REDES COLETORAS DE ÁGUAS PLUVIAIS, DIÂMETRO DE 900 MM, JUNTA RÍGIDA, INSTALADO EM LOCAL COM ALTO NÍVEL DE INTERFERÊNCIAS (NÃO INCLUI FORNECIMENTO). AF_12/2015","M",90.08,"COMPOSIÇÃO"]
[92828,"ASSENTAMENTO DE TUBO DE CONCRETO PARA REDES COLETORAS DE ÁGUAS PLUVIAIS, DIÂMETRO DE 1000 MM, JUNTA RÍGIDA, INSTALADO EM LOCAL COM ALTO NÍVEL DE INTERFERÊNCIAS (NÃO INCLUI FORNECIMENTO). AF_12/2015","M",103.13,"COMPOSIÇÃO"]
[92829,"TUBO DE CONCRETO PARA REDES COLETORAS DE ÁGUAS PLUVIAIS, DIÂMETRO DE 1200 MM, JUNTA RÍGIDA, INSTALADO EM LOCAL COM ALTO NÍVEL DE INTERFERÊNCIAS - FORNECIMENTO E ASSENTAMENTO. AF_12/2015","M",526.79999999999995,"COMPOSIÇÃO"]
[92830,"ASSENTAMENTO DE TUBO DE CONCRETO PARA REDES COLETORAS DE ÁGUAS PLUVIAIS, DIÂMETRO DE 1200 MM, JUNTA RÍGIDA, INSTALADO EM LOCAL COM ALTO NÍVEL DE INTERFERÊNCIAS (NÃO INCLUI FORNECIMENTO). AF_12/2015","M",127.93,"COMPOSIÇÃO"]
[92831,"TUBO DE CONCRETO PARA REDES COLETORAS DE ÁGUAS PLUVIAIS, DIÂMETRO DE 1500 MM, JUNTA RÍGIDA, INSTALADO EM LOCAL COM ALTO NÍVEL DE INTERFERÊNCIAS - FORNECIMENTO E ASSENTAMENTO. AF_12/2015","M",747.95,"COMPOSIÇÃO"]
[92832,"ASSENTAMENTO DE TUBO DE CONCRETO PARA REDES COLETORAS DE ÁGUAS PLUVIAIS, DIÂMETRO DE 1500 MM, JUNTA RÍGIDA, INSTALADO EM LOCAL COM ALTO NÍVEL DE INTERFERÊNCIAS (NÃO INCLUI FORNECIMENTO). AF_12/2015","M",170.07,"COMPOSIÇÃO"]
[95565,"TUBO DE CONCRETO PARA REDES COLETORAS DE ÁGUAS PLUVIAIS, DIÂMETRO DE 300MM, JUNTA RÍGIDA, INSTALADO EM LOCAL COM BAIXO NÍVEL DE INTERFERÊNCIAS - FORNECIMENTO E ASSENTAMENTO. AF_12/2015","M",88.83,"COMPOSIÇÃO"]
[95566,"TUBO DE CONCRETO PARA REDES COLETORAS DE ÁGUAS PLUVIAIS, DIÂMETRO DE 300MM, JUNTA RÍGIDA, INSTALADO EM LOCAL COM ALTO NÍVEL DE INTERFERÊNCIAS - FORNECIMENTO E ASSENTAMENTO. AF_12/2015","M",93.86,"COMPOSIÇÃO"]
[95567,"TUBO DE CONCRETO (SIMPLES) PARA REDES COLETORAS DE ÁGUAS PLUVIAIS, DIÂMETRO DE 300 MM, JUNTA RÍGIDA, INSTALADO EM LOCAL COM BAIXO NÍVEL DE INTERFERÊNCIAS - FORNECIMENTO E ASSENTAMENTO. AF_12/2015","M",59.06,"COMPOSIÇÃO"]
[95568,"TUBO DE CONCRETO (SIMPLES) PARA REDES COLETORAS DE ÁGUAS PLUVIAIS, DIÂMETRO DE 400 MM, JUNTA RÍGIDA, INSTALADO EM LOCAL COM BAIXO NÍVEL DE INTERFERÊNCIAS - FORNECIMENTO E ASSENTAMENTO. AF_12/2015","M",72.430000000000007,"COMPOSIÇÃO"]
[95569,"TUBO DE CONCRETO (SIMPLES) PARA REDES COLETORAS DE ÁGUAS PLUVIAIS, DIÂMETRO DE 500 MM, JUNTA RÍGIDA, INSTALADO EM LOCAL COM BAIXO NÍVEL DE INTERFERÊNCIAS - FORNECIMENTO E ASSENTAMENTO. AF_12/2015","M",98.77,"COMPOSIÇÃO"]
[95570,"TUBO DE CONCRETO (SIMPLES) PARA REDES COLETORAS DE ÁGUAS PLUVIAIS, DIÂMETRO DE 300 MM, JUNTA RÍGIDA, INSTALADO EM LOCAL COM ALTO NÍVEL DE INTERFERÊNCIAS - FORNECIMENTO E ASSENTAMENTO. AF_12/2015","M",64.09,"COMPOSIÇÃO"]
[95571,"TUBO DE CONCRETO (SIMPLES) PARA REDES COLETORAS DE ÁGUAS PLUVIAIS, DIÂMETRO DE 400 MM, JUNTA RÍGIDA, INSTALADO EM LOCAL COM ALTO NÍVEL DE INTERFERÊNCIAS - FORNECIMENTO E ASSENTAMENTO. AF_12/2015","M",78.88,"COMPOSIÇÃO"]
[95572,"TUBO DE CONCRETO (SIMPLES) PARA REDES COLETORAS DE ÁGUAS PLUVIAIS, DIÂMETRO DE 500 MM, JUNTA RÍGIDA, INSTALADO EM LOCAL COM ALTO NÍVEL DE INTERFERÊNCIAS - FORNECIMENTO E ASSENTAMENTO. AF_12/2015","M",106.74,"COMPOSIÇÃO"]
[97127,"ASSENTAMENTO DE TUBO DE PVC DEFOFO OU PRFV OU RPVC PARA REDE DE ÁGUA, DN 150 MM, JUNTA ELÁSTICA INTEGRADA, INSTALADO EM LOCAL COM NÍVEL ALTO DE INTERFERÊNCIAS (NÃO INCLUI FORNECIMENTO). AF_11/2017","M",3.84,"COMPOSIÇÃO"]
[97128,"ASSENTAMENTO DE TUBO DE PVC DEFOFO OU PRFV OU RPVC PARA REDE DE ÁGUA, DN 200 MM, JUNTA ELÁSTICA INTEGRADA, INSTALADO EM LOCAL COM NÍVEL ALTO DE INTERFERÊNCIAS (NÃO INCLUI FORNECIMENTO). AF_11/2017","M",7.14,"COMPOSIÇÃO"]
[97129,"ASSENTAMENTO DE TUBO DE PVC DEFOFO OU PRFV OU RPVC PARA REDE DE ÁGUA, DN 250 MM, JUNTA ELÁSTICA INTEGRADA, INSTALADO EM LOCAL COM NÍVEL ALTO DE INTERFERÊNCIAS (NÃO INCLUI FORNECIMENTO). AF_11/2017","M",8.7899999999999991,"COMPOSIÇÃO"]
[97130,"ASSENTAMENTO DE TUBO DE PVC DEFOFO OU PRFV OU RPVC PARA REDE DE ÁGUA, DN 300 MM, JUNTA ELÁSTICA INTEGRADA, INSTALADO EM LOCAL COM NÍVEL ALTO DE INTERFERÊNCIAS (NÃO INCLUI FORNECIMENTO). AF_11/2017","M",10.43,"COMPOSIÇÃO"]
[97131,"ASSENTAMENTO DE TUBO DE PVC DEFOFO OU PRFV OU RPVC PARA REDE DE ÁGUA, DN 350 MM, JUNTA ELÁSTICA INTEGRADA, INSTALADO EM LOCAL COM NÍVEL ALTO DE INTERFERÊNCIAS (NÃO INCLUI FORNECIMENTO). AF_11/2017","M",12.07,"COMPOSIÇÃO"]
[97132,"ASSENTAMENTO DE TUBO DE PVC DEFOFO OU PRFV OU RPVC PARA REDE DE ÁGUA, DN 400 MM, JUNTA ELÁSTICA INTEGRADA, INSTALADO EM LOCAL COM NÍVEL ALTO DE INTERFERÊNCIAS (NÃO INCLUI FORNECIMENTO). AF_11/2017","M",13.7,"COMPOSIÇÃO"]
[97133,"ASSENTAMENTO DE TUBO DE PVC DEFOFO OU PRFV OU RPVC PARA REDE DE ÁGUA, DN 500 MM, JUNTA ELÁSTICA INTEGRADA, INSTALADO EM LOCAL COM NÍVEL ALTO DE INTERFERÊNCIAS (NÃO INCLUI FORNECIMENTO). AF_11/2017","M",16.989999999999998,"COMPOSIÇÃO"]
[97134,"ASSENTAMENTO DE TUBO DE PVC DEFOFO OU PRFV OU RPVC PARA REDE DE ÁGUA, DN 150 MM, JUNTA ELÁSTICA INTEGRADA, INSTALADO EM LOCAL COM NÍVEL BAIXO DE INTERFERÊNCIAS (NÃO INCLUI FORNECIMENTO). AF_11/2017","M",1.84,"COMPOSIÇÃO"]
[97135,"ASSENTAMENTO DE TUBO DE PVC DEFOFO OU PRFV OU RPVC PARA REDE DE ÁGUA, DN 200 MM, JUNTA ELÁSTICA INTEGRADA, INSTALADO EM LOCAL COM NÍVEL BAIXO DE INTERFERÊNCIAS (NÃO INCLUI FORNECIMENTO). AF_11/2017","M",3.69,"COMPOSIÇÃO"]
[97136,"ASSENTAMENTO DE TUBO DE PVC DEFOFO OU PRFV OU RPVC PARA REDE DE ÁGUA, DN 250 MM, JUNTA ELÁSTICA INTEGRADA, INSTALADO EM LOCAL COM NÍVEL BAIXO DE INTERFERÊNCIAS (NÃO INCLUI FORNECIMENTO). AF_11/2017","M",4.55,"COMPOSIÇÃO"]
[97137,"ASSENTAMENTO DE TUBO DE PVC DEFOFO OU PRFV OU RPVC PARA REDE DE ÁGUA, DN 300 MM, JUNTA ELÁSTICA INTEGRADA, INSTALADO EM LOCAL COM NÍVEL BAIXO DE INTERFERÊNCIAS (NÃO INCLUI FORNECIMENTO). AF_11/2017","M",5.4,"COMPOSIÇÃO"]
[97138,"ASSENTAMENTO DE TUBO DE PVC DEFOFO OU PRFV OU RPVC PARA REDE DE ÁGUA, DN 350 MM, JUNTA ELÁSTICA INTEGRADA, INSTALADO EM LOCAL COM NÍVEL BAIXO DE INTERFERÊNCIAS (NÃO INCLUI FORNECIMENTO). AF_11/2017","M",6.25,"COMPOSIÇÃO"]
[97139,"ASSENTAMENTO DE TUBO DE PVC DEFOFO OU PRFV OU RPVC PARA REDE DE ÁGUA, DN 400 MM, JUNTA ELÁSTICA INTEGRADA, INSTALADO EM LOCAL COM NÍVEL BAIXO DE INTERFERÊNCIAS (NÃO INCLUI FORNECIMENTO). AF_11/2017","M",7.09,"COMPOSIÇÃO"]
[97140,"ASSENTAMENTO DE TUBO DE PVC DEFOFO OU PRFV OU RPVC PARA REDE DE ÁGUA, DN 500 MM, JUNTA ELÁSTICA INTEGRADA, INSTALADO EM LOCAL COM NÍVEL BAIXO DE INTERFERÊNCIAS (NÃO INCLUI FORNECIMENTO). AF_11/2017","M",8.81,"COMPOSIÇÃO"]
[93206,"EXECUÇÃO DE ESCRITÓRIO EM CANTEIRO DE OBRA EM ALVENARIA, NÃO INCLUSO MOBILIÁRIO E EQUIPAMENTOS. AF_02/2016","M2",853.77,"COMPOSIÇÃO"]
[93207,"EXECUÇÃO DE ESCRITÓRIO EM CANTEIRO DE OBRA EM CHAPA DE MADEIRA COMPENSADA, NÃO INCLUSO MOBILIÁRIO E EQUIPAMENTOS. AF_02/2016","M2",725.83,"COMPOSIÇÃO"]
[93208,"EXECUÇÃO DE ALMOXARIFADO EM CANTEIRO DE OBRA EM CHAPA DE MADEIRA COMPENSADA, INCLUSO PRATELEIRAS. AF_02/2016","M2",554.48,"COMPOSIÇÃO"]
[93209,"EXECUÇÃO DE ALMOXARIFADO EM CANTEIRO DE OBRA EM ALVENARIA, INCLUSO PRATELEIRAS. AF_02/2016","M2",674.5,"COMPOSIÇÃO"]
[93210,"EXECUÇÃO DE REFEITÓRIO EM CANTEIRO DE OBRA EM CHAPA DE MADEIRA COMPENSADA, NÃO INCLUSO MOBILIÁRIO E EQUIPAMENTOS. AF_02/2016","M2",382.45,"COMPOSIÇÃO"]
[93211,"EXECUÇÃO DE REFEITÓRIO EM CANTEIRO DE OBRA EM ALVENARIA, NÃO INCLUSO MOBILIÁRIO E EQUIPAMENTOS. AF_02/2016","M2",402.86,"COMPOSIÇÃO"]
[93212,"EXECUÇÃO DE SANITÁRIO E VESTIÁRIO EM CANTEIRO DE OBRA EM CHAPA DE MADEIRA COMPENSADA, NÃO INCLUSO MOBILIÁRIO. AF_02/2016","M2",647.9,"COMPOSIÇÃO"]
[93213,"EXECUÇÃO DE SANITÁRIO E VESTIÁRIO EM CANTEIRO DE OBRA EM ALVENARIA, NÃO INCLUSO MOBILIÁRIO. AF_02/2016","M2",747.89,"COMPOSIÇÃO"]
[93214,"EXECUÇÃO DE RESERVATÓRIO ELEVADO DE ÁGUA (1000 LITROS) EM CANTEIRO DE OBRA, APOIADO EM ESTRUTURA DE MADEIRA. AF_02/2016","UN",3308.98,"COMPOSIÇÃO"]
[93243,"EXECUÇÃO DE RESERVATÓRIO ELEVADO DE ÁGUA (2000 LITROS) EM CANTEIRO DE OBRA, APOIADO EM ESTRUTURA DE MADEIRA. AF_02/2016","UN",5007.75,"COMPOSIÇÃO"]
[93582,"EXECUÇÃO DE CENTRAL DE ARMADURA EM CANTEIRO DE OBRA, NÃO INCLUSO MOBILIÁRIO E EQUIPAMENTOS. AF_04/2016","M2",173.05,"COMPOSIÇÃO"]
[93583,"EXECUÇÃO DE CENTRAL DE FÔRMAS, PRODUÇÃO DE ARGAMASSA OU CONCRETO EM CANTEIRO DE OBRA, NÃO INCLUSO MOBILIÁRIO E EQUIPAMENTOS. AF_04/2016","M2",293.36,"COMPOSIÇÃO"]
[93584,"EXECUÇÃO DE DEPÓSITO EM CANTEIRO DE OBRA EM CHAPA DE MADEIRA COMPENSADA, NÃO INCLUSO MOBILIÁRIO. AF_04/2016","M2",588.26,"COMPOSIÇÃO"]
[93585,"EXECUÇÃO DE GUARITA EM CANTEIRO DE OBRA EM CHAPA DE MADEIRA COMPENSADA, NÃO INCLUSO MOBILIÁRIO. AF_04/2016","M2",731.02,"COMPOSIÇÃO"]
[98441,"PAREDE DE MADEIRA COMPENSADA PARA CONSTRUÇÃO TEMPORÁRIA EM CHAPA SIMPLES, EXTERNA, COM ÁREA LÍQUIDA MAIOR OU IGUAL A 6 M², SEM VÃO. AF_05/2018","M2",72.58,"COMPOSIÇÃO"]
[98442,"PAREDE DE MADEIRA COMPENSADA PARA CONSTRUÇÃO TEMPORÁRIA EM CHAPA SIMPLES, EXTERNA, COM ÁREA LÍQUIDA MENOR QUE 6 M², SEM VÃO. AF_05/2018","M2",75.040000000000006,"COMPOSIÇÃO"]
[98443,"PAREDE DE MADEIRA COMPENSADA PARA CONSTRUÇÃO TEMPORÁRIA EM CHAPA SIMPLES, INTERNA, COM ÁREA LÍQUIDA MAIOR OU IGUAL A 6 M², SEM VÃO. AF_05/2018","M2",61.34,"COMPOSIÇÃO"]
[98444,"PAREDE DE MADEIRA COMPENSADA PARA CONSTRUÇÃO TEMPORÁRIA EM CHAPA SIMPLES, INTERNA, COM ÁREA LÍQUIDA MENOR QUE 6 M², SEM VÃO. AF_05/2018","M2",63.09,"COMPOSIÇÃO"]
[98445,"PAREDE DE MADEIRA COMPENSADA PARA CONSTRUÇÃO TEMPORÁRIA EM CHAPA SIMPLES, EXTERNA, COM ÁREA LÍQUIDA MAIOR OU IGUAL A 6 M², COM VÃO. AF_05/2018","M2",87.51,"COMPOSIÇÃO"]
[98446,"PAREDE DE MADEIRA COMPENSADA PARA CONSTRUÇÃO TEMPORÁRIA EM CHAPA SIMPLES, EXTERNA, COM ÁREA LÍQUIDA MENOR QUE 6 M², COM VÃO. AF_05/2018","M2",114.46,"COMPOSIÇÃO"]
[98447,"PAREDE DE MADEIRA COMPENSADA PARA CONSTRUÇÃO TEMPORÁRIA EM CHAPA SIMPLES, INTERNA, COM ÁREA LÍQUIDA MAIOR OU IGUAL A 6 M², COM VÃO. AF_05/2018","M2",72.03,"COMPOSIÇÃO"]
[98448,"PAREDE DE MADEIRA COMPENSADA PARA CONSTRUÇÃO TEMPORÁRIA EM CHAPA SIMPLES, INTERNA, COM ÁREA LÍQUIDA MENOR QUE 6 M², COM VÃO. AF_05/2018","M2",92.26,"COMPOSIÇÃO"]
[98449,"PAREDE DE MADEIRA COMPENSADA PARA CONSTRUÇÃO TEMPORÁRIA EM CHAPA DUPLA, EXTERNA, COM ÁREA LÍQUIDA MAIOR OU IGUAL A 6 M², SEM VÃO. AF_05/2018","M2",93.82,"COMPOSIÇÃO"]
[98450,"PAREDE DE MADEIRA COMPENSADA PARA CONSTRUÇÃO TEMPORÁRIA EM CHAPA DUPLA, EXTERNA, COM ÁREA LÍQUIDA MENOR QUE 6 M², SEM VÃO. AF_05/2018","M2",97.4,"COMPOSIÇÃO"]
[98451,"PAREDE DE MADEIRA COMPENSADA PARA CONSTRUÇÃO TEMPORÁRIA EM CHAPA DUPLA, INTERNA, COM ÁREA LÍQUIDA MAIOR OU IGUAL A 6 M², SEM VÃO. AF_05/2018","M2",80.47,"COMPOSIÇÃO"]
[98452,"PAREDE DE MADEIRA COMPENSADA PARA CONSTRUÇÃO TEMPORÁRIA EM CHAPA DUPLA, INTERNA, COM ÁREA LÍQUIDA MENOR QUE 6 M², SEM VÃO. AF_05/2018","M2",82.65,"COMPOSIÇÃO"]
[98453,"PAREDE DE MADEIRA COMPENSADA PARA CONSTRUÇÃO TEMPORÁRIA EM CHAPA DUPLA, EXTERNA, COM ÁREA LÍQUIDA MAIOR OU IGUAL A QUE 6 M², COM VÃO. AF_05/2018","M2",112.89,"COMPOSIÇÃO"]
[98454,"PAREDE DE MADEIRA COMPENSADA PARA CONSTRUÇÃO TEMPORÁRIA EM CHAPA DUPLA, EXTERNA, COM ÁREA LÍQUIDA MENOR QUE 6 M², COM VÃO. AF_05/2018","M2",149.96,"COMPOSIÇÃO"]
[98455,"PAREDE DE MADEIRA COMPENSADA PARA CONSTRUÇÃO TEMPORÁRIA EM CHAPA DUPLA, INTERNA, COM ÁREA LÍQUIDA MAIOR OU IGUAL A 6 M², COM VÃO. AF_05/2018","M2",95.31,"COMPOSIÇÃO"]
[98456,"PAREDE DE MADEIRA COMPENSADA PARA CONSTRUÇÃO TEMPORÁRIA EM CHAPA DUPLA, INTERNA, COM ÁREA LÍQUIDA MENOR QUE 6 M², COM VÃO. AF_05/2018","M2",124.96,"COMPOSIÇÃO"]
[98458,"TAPUME COM COMPENSADO DE MADEIRA. AF_05/2018","M2",68.59,"COMPOSIÇÃO"]
[98459,"TAPUME COM TELHA METÁLICA. AF_05/2018","M2",64.319999999999993,"COMPOSIÇÃO"]
[98460,"PISO PARA CONSTRUÇÃO TEMPORÁRIA EM MADEIRA, SEM REAPROVEITAMENTO. AF_05/2018","M2",65.430000000000007,"COMPOSIÇÃO"]
[98461,"ESTRUTURA DE MADEIRA PROVISÓRIA PARA SUPORTE DE CAIXA D ÁGUA ELEVADA DE 1000 LITROS. AF_05/2018_P","UN",2752.04,"COMPOSIÇÃO"]
[98462,"ESTRUTURA DE MADEIRA PROVISÓRIA PARA SUPORTE DE CAIXA D ÁGUA ELEVADA DE 3000 LITROS. AF_05/2018_P","UN",4060.07,"COMPOSIÇÃO"]
[5631,"ESCAVADEIRA HIDRÁULICA SOBRE ESTEIRAS, CAÇAMBA 0,80 M3, PESO OPERACIONAL 17 T, POTENCIA BRUTA 111 HP - CHP DIURNO. AF_06/2014","CHP",120.2,"COMPOSIÇÃO"]
[5678,"RETROESCAVADEIRA SOBRE RODAS COM CARREGADEIRA, TRAÇÃO 4X4, POTÊNCIA LÍQ. 88 HP, CAÇAMBA CARREG. CAP. MÍN. 1 M3, CAÇAMBA RETRO CAP. 0,26 M3, PESO OPERACIONAL MÍN. 6.674 KG, PROFUNDIDADE ESCAVAÇÃO MÁX. 4,37 M - CHP DIURNO. AF_06/2014","CHP",85,"COMPOSIÇÃO"]
[5680,"RETROESCAVADEIRA SOBRE RODAS COM CARREGADEIRA, TRAÇÃO 4X2, POTÊNCIA LÍQ. 79 HP, CAÇAMBA CARREG. CAP. MÍN. 1 M3, CAÇAMBA RETRO CAP. 0,20 M3, PESO OPERACIONAL MÍN. 6.570 KG, PROFUNDIDADE ESCAVAÇÃO MÁX. 4,37 M - CHP DIURNO. AF_06/2014","CHP",78.73,"COMPOSIÇÃO"]
[5684,"ROLO COMPACTADOR VIBRATÓRIO DE UM CILINDRO AÇO LISO, POTÊNCIA 80 HP, PESO OPERACIONAL MÁXIMO 8,1 T, IMPACTO DINÂMICO 16,15 / 9,5 T, LARGURA DE TRABALHO 1,68 M - CHP DIURNO. AF_06/2014","CHP",87.67,"COMPOSIÇÃO"]
[5689,"GRADE DE DISCO CONTROLE REMOTO REBOCÁVEL, COM 24 DISCOS 24 X 6 MM COM PNEUS PARA TRANSPORTE - CHP DIURNO. AF_06/2014","CHP",3.22,"COMPOSIÇÃO"]
[5795,"MARTELETE OU ROMPEDOR PNEUMÁTICO MANUAL, 28 KG, COM SILENCIADOR - CHP DIURNO. AF_07/2016","CHP",16.34,"COMPOSIÇÃO"]
[5811,"CAMINHÃO BASCULANTE 6 M3, PESO BRUTO TOTAL 16.000 KG, CARGA ÚTIL MÁXIMA 13.071 KG, DISTÂNCIA ENTRE EIXOS 4,80 M, POTÊNCIA 230 CV INCLUSIVE CAÇAMBA METÁLICA - CHP DIURNO. AF_06/2014","CHP",114.08,"COMPOSIÇÃO"]
[5823,"USINA DE CONCRETO FIXA, CAPACIDADE NOMINAL DE 90 A 120 M3/H, SEM SILO - CHP DIURNO. AF_07/2016","CHP",171.02,"COMPOSIÇÃO"]
[5824,"CAMINHÃO TOCO, PBT 16.000 KG, CARGA ÚTIL MÁX. 10.685 KG, DIST. ENTRE EIXOS 4,8 M, POTÊNCIA 189 CV, INCLUSIVE CARROCERIA FIXA ABERTA DE MADEIRA P/ TRANSPORTE GERAL DE CARGA SECA, DIMEN. APROX. 2,5 X 7,00 X 0,50 M - CHP DIURNO. AF_06/2014","CHP",109.87,"COMPOSIÇÃO"]
[5835,"VIBROACABADORA DE ASFALTO SOBRE ESTEIRAS, LARGURA DE PAVIMENTAÇÃO 1,90 M A 5,30 M, POTÊNCIA 105 HP CAPACIDADE 450 T/H - CHP DIURNO. AF_11/2014","CHP",251.19,"COMPOSIÇÃO"]
[5839,"VASSOURA MECÂNICA REBOCÁVEL COM ESCOVA CILÍNDRICA, LARGURA ÚTIL DE VARRIMENTO DE 2,44 M - CHP DIURNO. AF_06/2014","CHP",4.84,"COMPOSIÇÃO"]
[5843,"TRATOR DE PNEUS, POTÊNCIA 122 CV, TRAÇÃO 4X4, PESO COM LASTRO DE 4.510 KG - CHP DIURNO. AF_06/2014","CHP",143.41999999999999,"COMPOSIÇÃO"]
[5847,"TRATOR DE ESTEIRAS, POTÊNCIA 170 HP, PESO OPERACIONAL 19 T, CAÇAMBA 5,2 M3 - CHP DIURNO. AF_06/2014","CHP",153.85,"COMPOSIÇÃO"]
[5851,"TRATOR DE ESTEIRAS, POTÊNCIA 150 HP, PESO OPERACIONAL 16,7 T, COM RODA MOTRIZ ELEVADA E LÂMINA 3,18 M3 - CHP DIURNO. AF_06/2014","CHP",146.76,"COMPOSIÇÃO"]
[5855,"TRATOR DE ESTEIRAS, POTÊNCIA 347 HP, PESO OPERACIONAL 38,5 T, COM LÂMINA 8,70 M3 - CHP DIURNO. AF_06/2014","CHP",391.78,"COMPOSIÇÃO"]
[5863,"ROLO COMPACTADOR VIBRATÓRIO REBOCÁVEL, CILINDRO DE AÇO LISO, POTÊNCIA DE TRAÇÃO DE 65 CV, PESO 4,7 T, IMPACTO DINÂMICO 18,3 T, LARGURA DE TRABALHO 1,67 M - CHP DIURNO. AF_02/2016","CHP",11.49,"COMPOSIÇÃO"]
[5867,"ROLO COMPACTADOR VIBRATÓRIO TANDEM AÇO LISO, POTÊNCIA 58 HP, PESO SEM/COM LASTRO 6,5 / 9,4 T, LARGURA DE TRABALHO 1,2 M - CHP DIURNO. AF_06/2014","CHP",86.85,"COMPOSIÇÃO"]
[5875,"RETROESCAVADEIRA SOBRE RODAS COM CARREGADEIRA, TRAÇÃO 4X4, POTÊNCIA LÍQ. 72 HP, CAÇAMBA CARREG. CAP. MÍN. 0,79 M3, CAÇAMBA RETRO CAP. 0,18 M3, PESO OPERACIONAL MÍN. 7.140 KG, PROFUNDIDADE ESCAVAÇÃO MÁX. 4,50 M - CHP DIURNO. AF_06/2014","CHP",78.849999999999994,"COMPOSIÇÃO"]
[5879,"ROLO COMPACTADOR VIBRATÓRIO PÉ DE CARNEIRO, OPERADO POR CONTROLE REMOTO, POTÊNCIA 12,5 KW, PESO OPERACIONAL 1,675 T, LARGURA DE TRABALHO 0,85 M - CHP DIURNO. AF_02/2016","CHP",74.31,"COMPOSIÇÃO"]
[5882,"USINA DE LAMA ASFÁLTICA, PROD 30 A 50 T/H, SILO DE AGREGADO 7 M3, RESERVATÓRIOS PARA EMULSÃO E ÁGUA DE 2,3 M3 CADA, MISTURADOR TIPO PUG MILL A SER MONTADO SOBRE CAMINHÃO - CHP DIURNO. AF_10/2014","CHP",77.48,"COMPOSIÇÃO"]
[5890,"CAMINHÃO TOCO, PESO BRUTO TOTAL 14.300 KG, CARGA ÚTIL MÁXIMA 9590 KG, DISTÂNCIA ENTRE EIXOS 4,76 M, POTÊNCIA 185 CV (NÃO INCLUI CARROCERIA) - CHP DIURNO. AF_06/2014","CHP",110.4,"COMPOSIÇÃO"]
[5894,"CAMINHÃO TOCO, PESO BRUTO TOTAL 16.000 KG, CARGA ÚTIL MÁXIMA DE 10.685 KG, DISTÂNCIA ENTRE EIXOS 4,80 M, POTÊNCIA 189 CV EXCLUSIVE CARROCERIA - CHP DIURNO. AF_06/2014","CHP",107.85,"COMPOSIÇÃO"]
[5901,"CAMINHÃO PIPA 10.000 L TRUCADO, PESO BRUTO TOTAL 23.000 KG, CARGA ÚTIL MÁXIMA 15.935 KG, DISTÂNCIA ENTRE EIXOS 4,8 M, POTÊNCIA 230 CV, INCLUSIVE TANQUE DE AÇO PARA TRANSPORTE DE ÁGUA - CHP DIURNO. AF_06/2014","CHP",170.23,"COMPOSIÇÃO"]
[5909,"ESPARGIDOR DE ASFALTO PRESSURIZADO COM TANQUE DE 2500 L, REBOCÁVEL COM MOTOR A GASOLINA POTÊNCIA 3,4 HP - CHP DIURNO. AF_07/2014","CHP",23.85,"COMPOSIÇÃO"]
[5921,"GRADE DE DISCO REBOCÁVEL COM 20 DISCOS 24\" X 6 MM COM PNEUS PARA TRANSPORTE - CHP DIURNO. AF_06/2014","CHP",2.5299999999999998,"COMPOSIÇÃO"]
[5928,"GUINDAUTO HIDRÁULICO, CAPACIDADE MÁXIMA DE CARGA 6200 KG, MOMENTO MÁXIMO DE CARGA 11,7 TM, ALCANCE MÁXIMO HORIZONTAL 9,70 M, INCLUSIVE CAMINHÃO TOCO PBT 16.000 KG, POTÊNCIA DE 189 CV - CHP DIURNO. AF_06/2014","CHP",143.12,"COMPOSIÇÃO"]
[5932,"MOTONIVELADORA POTÊNCIA BÁSICA LÍQUIDA (PRIMEIRA MARCHA) 125 HP, PESO BRUTO 13032 KG, LARGURA DA LÂMINA DE 3,7 M - CHP DIURNO. AF_06/2014","CHP",136.97,"COMPOSIÇÃO"]
[5940,"PÁ CARREGADEIRA SOBRE RODAS, POTÊNCIA LÍQUIDA 128 HP, CAPACIDADE DA CAÇAMBA 1,7 A 2,8 M3, PESO OPERACIONAL 11632 KG - CHP DIURNO. AF_06/2014","CHP",113.31,"COMPOSIÇÃO"]
[5944,"PÁ CARREGADEIRA SOBRE RODAS, POTÊNCIA 197 HP, CAPACIDADE DA CAÇAMBA 2,5 A 3,5 M3, PESO OPERACIONAL 18338 KG - CHP DIURNO. AF_06/2014","CHP",126.42,"COMPOSIÇÃO"]
[5953,"COMPRESSOR DE AR REBOCÁVEL, VAZÃO 189 PCM, PRESSÃO EFETIVA DE TRABALHO 102 PSI, MOTOR DIESEL, POTÊNCIA 63 CV - CHP DIURNO. AF_06/2015","CHP",35.18,"COMPOSIÇÃO"]
[6259,"CAMINHÃO PIPA 6.000 L, PESO BRUTO TOTAL 13.000 KG, DISTÂNCIA ENTRE EIXOS 4,80 M, POTÊNCIA 189 CV INCLUSIVE TANQUE DE AÇO PARA TRANSPORTE DE ÁGUA, CAPACIDADE 6 M3 - CHP DIURNO. AF_06/2014","CHP",141.15,"COMPOSIÇÃO"]
[6879,"ROLO COMPACTADOR DE PNEUS ESTÁTICO, PRESSÃO VARIÁVEL, POTÊNCIA 111 HP, PESO SEM/COM LASTRO 9,5 / 26 T, LARGURA DE TRABALHO 1,90 M - CHP DIURNO. AF_07/2014","CHP",113.56,"COMPOSIÇÃO"]
[7030,"TANQUE DE ASFALTO ESTACIONÁRIO COM SERPENTINA, CAPACIDADE 30.000 L - CHP DIURNO. AF_06/2014","CHP",139.44,"COMPOSIÇÃO"]
[7042,"MOTOBOMBA TRASH (PARA ÁGUA SUJA) AUTO ESCORVANTE, MOTOR GASOLINA DE 6,41 HP, DIÂMETROS DE SUCÇÃO X RECALQUE: 3\" X 3\", HM/Q = 10 MCA / 60 M3/H A 23 MCA / 0 M3/H - CHP DIURNO. AF_10/2014","CHP",7.58,"COMPOSIÇÃO"]
[7049,"ROLO COMPACTADOR PE DE CARNEIRO VIBRATORIO, POTENCIA 125 HP, PESO OPERACIONAL SEM/COM LASTRO 11,95 / 13,30 T, IMPACTO DINAMICO 38,5 / 22,5 T, LARGURA DE TRABALHO 2,15 M - CHP DIURNO. AF_06/2014","CHP",121.85,"COMPOSIÇÃO"]
[67826,"CAMINHÃO BASCULANTE 6 M3 TOCO, PESO BRUTO TOTAL 16.000 KG, CARGA ÚTIL MÁXIMA 11.130 KG, DISTÂNCIA ENTRE EIXOS 5,36 M, POTÊNCIA 185 CV, INCLUSIVE CAÇAMBA METÁLICA - CHP DIURNO. AF_06/2014","CHP",100.42,"COMPOSIÇÃO"]
[73417,"GRUPO GERADOR ESTACIONÁRIO, MOTOR DIESEL POTÊNCIA 170 KVA - CHP DIURNO. AF_02/2016","CHP",116.06,"COMPOSIÇÃO"]
[73436,"ROLO COMPACTADOR VIBRATÓRIO PÉ DE CARNEIRO PARA SOLOS, POTÊNCIA 80 HP, PESO OPERACIONAL SEM/COM LASTRO 7,4 / 8,8 T, LARGURA DE TRABALHO 1,68 M - CHP DIURNO. AF_02/2016","CHP",119.13,"COMPOSIÇÃO"]
[73467,"CAMINHÃO TOCO, PBT 14.300 KG, CARGA ÚTIL MÁX. 9.710 KG, DIST. ENTRE EIXOS 3,56 M, POTÊNCIA 185 CV, INCLUSIVE CARROCERIA FIXA ABERTA DE MADEIRA P/ TRANSPORTE GERAL DE CARGA SECA, DIMEN. APROX. 2,50 X 6,50 X 0,50 M - CHP DIURNO. AF_06/2014","CHP",93.04,"COMPOSIÇÃO"]
[73536,"MOTOBOMBA CENTRÍFUGA, MOTOR A GASOLINA, POTÊNCIA 5,42 HP, BOCAIS 1 1/2\" X 1\", DIÂMETRO ROTOR 143 MM HM/Q = 6 MCA / 16,8 M3/H A 38 MCA / 6,6 M3/H - CHP DIURNO. AF_06/2014","CHP",6.42,"COMPOSIÇÃO"]
[83362,"ESPARGIDOR DE ASFALTO PRESSURIZADO, TANQUE 6 M3 COM ISOLAÇÃO TÉRMICA, AQUECIDO COM 2 MAÇARICOS, COM BARRA ESPARGIDORA 3,60 M, MONTADO SOBRE CAMINHÃO  TOCO, PBT 14.300 KG, POTÊNCIA 185 CV - CHP DIURNO. AF_08/2015","CHP",172.65,"COMPOSIÇÃO"]
[83765,"GRUPO DE SOLDAGEM COM GERADOR A DIESEL 60 CV PARA SOLDA ELÉTRICA, SOBRE 04 RODAS, COM MOTOR 4 CILINDROS 600 A - CHP DIURNO. AF_02/2016","CHP",72.44,"COMPOSIÇÃO"]
[87445,"BETONEIRA CAPACIDADE NOMINAL 400 L, CAPACIDADE DE MISTURA 310 L, MOTOR A DIESEL POTÊNCIA 5,0 HP, SEM CARREGADOR - CHP DIURNO. AF_06/2014","CHP",3.27,"COMPOSIÇÃO"]
[88386,"MISTURADOR DE ARGAMASSA, EIXO HORIZONTAL, CAPACIDADE DE MISTURA 300 KG, MOTOR ELÉTRICO POTÊNCIA 5 CV - CHP DIURNO. AF_06/2014","CHP",4.12,"COMPOSIÇÃO"]
[88393,"MISTURADOR DE ARGAMASSA, EIXO HORIZONTAL, CAPACIDADE DE MISTURA 600 KG, MOTOR ELÉTRICO POTÊNCIA 7,5 CV - CHP DIURNO. AF_06/2014","CHP",5.71,"COMPOSIÇÃO"]
[88399,"MISTURADOR DE ARGAMASSA, EIXO HORIZONTAL, CAPACIDADE DE MISTURA 160 KG, MOTOR ELÉTRICO POTÊNCIA 3 CV - CHP DIURNO. AF_06/2014","CHP",3.03,"COMPOSIÇÃO"]
[88418,"PROJETOR DE ARGAMASSA, CAPACIDADE DE PROJEÇÃO 1,5 M3/H, ALCANCE DE 30 ATÉ 60 M, MOTOR ELÉTRICO POTÊNCIA 7,5 HP - CHP DIURNO. AF_06/2014","CHP",12.99,"COMPOSIÇÃO"]
[88433,"PROJETOR DE ARGAMASSA, CAPACIDADE DE PROJEÇÃO 2 M3/H, ALCANCE ATÉ 50 M, MOTOR ELÉTRICO POTÊNCIA 7,5 HP - CHP DIURNO. AF_06/2014","CHP",15.95,"COMPOSIÇÃO"]
[88830,"BETONEIRA CAPACIDADE NOMINAL DE 400 L, CAPACIDADE DE MISTURA 280 L, MOTOR ELÉTRICO TRIFÁSICO POTÊNCIA DE 2 CV, SEM CARREGADOR - CHP DIURNO. AF_10/2014","CHP",1.52,"COMPOSIÇÃO"]
[88843,"TRATOR DE ESTEIRAS, POTÊNCIA 125 HP, PESO OPERACIONAL 12,9 T, COM LÂMINA 2,7 M3 - CHP DIURNO. AF_10/2014","CHP",122.86,"COMPOSIÇÃO"]
[88907,"ESCAVADEIRA HIDRÁULICA SOBRE ESTEIRAS, CAÇAMBA 1,20 M3, PESO OPERACIONAL 21 T, POTÊNCIA BRUTA 155 HP - CHP DIURNO. AF_06/2014","CHP",142.68,"COMPOSIÇÃO"]
[89021,"BOMBA SUBMERSÍVEL ELÉTRICA TRIFÁSICA, POTÊNCIA 2,96 HP, Ø ROTOR 144 MM SEMI-ABERTO, BOCAL DE SAÍDA Ø 2\u0094, HM/Q = 2 MCA / 38,8 M3/H A 28 MCA / 5 M3/H - CHP DIURNO. AF_06/2014","CHP",2.16,"COMPOSIÇÃO"]
[89028,"TANQUE DE ASFALTO ESTACIONÁRIO COM MAÇARICO, CAPACIDADE 20.000 L - CHP DIURNO. AF_06/2014","CHP",128.72,"COMPOSIÇÃO"]
[89032,"TRATOR DE ESTEIRAS, POTÊNCIA 100 HP, PESO OPERACIONAL 9,4 T, COM LÂMINA 2,19 M3 - CHP DIURNO. AF_06/2014","CHP",110.68,"COMPOSIÇÃO"]
[89035,"TRATOR DE PNEUS, POTÊNCIA 85 CV, TRAÇÃO 4X4, PESO COM LASTRO DE 4.675 KG - CHP DIURNO. AF_06/2014","CHP",105.39,"COMPOSIÇÃO"]
[89225,"BETONEIRA CAPACIDADE NOMINAL DE 600 L, CAPACIDADE DE MISTURA 360 L, MOTOR ELÉTRICO TRIFÁSICO POTÊNCIA DE 4 CV, SEM CARREGADOR - CHP DIURNO. AF_11/2014","CHP",4.1500000000000004,"COMPOSIÇÃO"]
[89234,"FRESADORA DE ASFALTO A FRIO SOBRE RODAS, LARGURA FRESAGEM DE 1,0 M, POTÊNCIA 208 HP - CHP DIURNO. AF_11/2014","CHP",383.22,"COMPOSIÇÃO"]
[89242,"FRESADORA DE ASFALTO A FRIO SOBRE RODAS, LARGURA FRESAGEM DE 2,0 M, POTÊNCIA 550 HP - CHP DIURNO. AF_11/2014","CHP",902.66,"COMPOSIÇÃO"]
[89250,"RECICLADORA DE ASFALTO A FRIO SOBRE RODAS, LARGURA FRESAGEM DE 2,0 M, POTÊNCIA 422 HP - CHP DIURNO. AF_11/2014","CHP",782.26,"COMPOSIÇÃO"]
[89257,"VIBROACABADORA DE ASFALTO SOBRE ESTEIRAS, LARGURA DE PAVIMENTAÇÃO 2,13 M A 4,55 M, POTÊNCIA 100 HP CAPACIDADE 400 T/H - CHP DIURNO. AF_11/2014","CHP",216.21,"COMPOSIÇÃO"]
[89272,"GUINDASTE HIDRÁULICO AUTOPROPELIDO, COM LANÇA TELESCÓPICA 28,80 M, CAPACIDADE MÁXIMA 30 T, POTÊNCIA 97 KW, TRAÇÃO 4 X 4 - CHP DIURNO. AF_11/2014","CHP",107.51,"COMPOSIÇÃO"]
[89278,"BETONEIRA CAPACIDADE NOMINAL DE 600 L, CAPACIDADE DE MISTURA 440 L, MOTOR A DIESEL POTÊNCIA 10 HP, COM CARREGADOR - CHP DIURNO. AF_11/2014","CHP",7.69,"COMPOSIÇÃO"]
[89843,"BATE-ESTACAS POR GRAVIDADE, POTÊNCIA DE 160 HP, PESO DO MARTELO ATÉ 3 TONELADAS - CHP DIURNO. AF_11/2014","CHP",120.9,"COMPOSIÇÃO"]
[89876,"CAMINHÃO BASCULANTE 14 M3, COM CAVALO MECÂNICO DE CAPACIDADE MÁXIMA DE TRAÇÃO COMBINADO DE 36000 KG, POTÊNCIA 286 CV, INCLUSIVE SEMIREBOQUE COM CAÇAMBA METÁLICA - CHP DIURNO. AF_12/2014","CHP",188.1,"COMPOSIÇÃO"]
[89883,"CAMINHÃO BASCULANTE 18 M3, COM CAVALO MECÂNICO DE CAPACIDADE MÁXIMA DE TRAÇÃO COMBINADO DE 45000 KG, POTÊNCIA 330 CV, INCLUSIVE SEMIREBOQUE COM CAÇAMBA METÁLICA - CHP DIURNO. AF_12/2014","CHP",208.12,"COMPOSIÇÃO"]
[90586,"VIBRADOR DE IMERSÃO, DIÂMETRO DE PONTEIRA 45MM, MOTOR ELÉTRICO TRIFÁSICO POTÊNCIA DE 2 CV - CHP DIURNO. AF_06/2015","CHP",1.53,"COMPOSIÇÃO"]
[90625,"PERFURATRIZ MANUAL, TORQUE MÁXIMO 83 N.M, POTÊNCIA 5 CV, COM DIÂMETRO MÁXIMO 4\" - CHP DIURNO. AF_06/2015","CHP",7.5,"COMPOSIÇÃO"]
[90631,"PERFURATRIZ SOBRE ESTEIRA, TORQUE MÁXIMO 600 KGF, PESO MÉDIO 1000 KG, POTÊNCIA 20 HP, DIÂMETRO MÁXIMO 10\" - CHP DIURNO. AF_06/2015","CHP",89.51,"COMPOSIÇÃO"]
[90637,"MISTURADOR DUPLO HORIZONTAL DE ALTA TURBULÊNCIA, CAPACIDADE / VOLUME 2 X 500 LITROS, MOTORES ELÉTRICOS MÍNIMO 5 CV CADA, PARA NATA CIMENTO, ARGAMASSA E OUTROS - CHP DIURNO. AF_06/2015","CHP",12.12,"COMPOSIÇÃO"]
[90643,"BOMBA TRIPLEX, PARA INJEÇÃO DE NATA DE CIMENTO, VAZÃO MÁXIMA DE 100 LITROS/MINUTO, PRESSÃO MÁXIMA DE 70 BAR - CHP DIURNO. AF_06/2015","CHP",16.02,"COMPOSIÇÃO"]
[90650,"BOMBA CENTRÍFUGA MONOESTÁGIO COM MOTOR ELÉTRICO MONOFÁSICO, POTÊNCIA 15 HP, DIÂMETRO DO ROTOR 173 MM, HM/Q = 30 MCA / 90 M3/H A 45 MCA / 55 M3/H - CHP DIURNO. AF_06/2015","CHP",9.24,"COMPOSIÇÃO"]
[90656,"BOMBA DE PROJEÇÃO DE CONCRETO SECO, POTÊNCIA 10 CV, VAZÃO 3 M3/H - CHP DIURNO. AF_06/2015","CHP",12.04,"COMPOSIÇÃO"]
[90662,"BOMBA DE PROJEÇÃO DE CONCRETO SECO, POTÊNCIA 10 CV, VAZÃO 6 M3/H - CHP DIURNO. AF_06/2015","CHP",12.53,"COMPOSIÇÃO"]
[90668,"PROJETOR PNEUMÁTICO DE ARGAMASSA PARA CHAPISCO E REBOCO COM RECIPIENTE ACOPLADO, TIPO CANEQUINHA, COM COMPRESSOR DE AR REBOCÁVEL VAZÃO 89 PCM E MOTOR DIESEL DE 20 CV - CHP DIURNO. AF_06/2015","CHP",19,"COMPOSIÇÃO"]
[90674,"PERFURATRIZ COM TORRE METÁLICA PARA EXECUÇÃO DE ESTACA HÉLICE CONTÍNUA, PROFUNDIDADE MÁXIMA DE 30 M, DIÂMETRO MÁXIMO DE 800 MM, POTÊNCIA INSTALADA DE 268 HP, MESA ROTATIVA COM TORQUE MÁXIMO DE 170 KNM - CHP DIURNO. AF_06/2015","CHP",381.24,"COMPOSIÇÃO"]
[90680,"PERFURATRIZ HIDRÁULICA SOBRE CAMINHÃO COM TRADO CURTO ACOPLADO, PROFUNDIDADE MÁXIMA DE 20 M, DIÂMETRO MÁXIMO DE 1500 MM, POTÊNCIA INSTALADA DE 137 HP, MESA ROTATIVA COM TORQUE MÁXIMO DE 30 KNM - CHP DIURNO. AF_06/2015","CHP",222.51,"COMPOSIÇÃO"]
[90686,"MANIPULADOR TELESCÓPICO, POTÊNCIA DE 85 HP, CAPACIDADE DE CARGA DE 3.500 KG, ALTURA MÁXIMA DE ELEVAÇÃO DE 12,3 M - CHP DIURNO. AF_06/2015","CHP",100.57,"COMPOSIÇÃO"]
[90692,"MINICARREGADEIRA SOBRE RODAS, POTÊNCIA LÍQUIDA DE 47 HP, CAPACIDADE NOMINAL DE OPERAÇÃO DE 646 KG - CHP DIURNO. AF_06/2015","CHP",79.13,"COMPOSIÇÃO"]
[90964,"COMPRESSOR DE AR REBOCÁVEL, VAZÃO 89 PCM, PRESSÃO EFETIVA DE TRABALHO 102 PSI, MOTOR DIESEL, POTÊNCIA 20 CV - CHP DIURNO. AF_06/2015","CHP",17.95,"COMPOSIÇÃO"]
[90972,"COMPRESSOR DE AR REBOCAVEL, VAZÃO 250 PCM, PRESSAO DE TRABALHO 102 PSI, MOTOR A DIESEL POTÊNCIA 81 CV - CHP DIURNO. AF_06/2015","CHP",45.6,"COMPOSIÇÃO"]
[90979,"COMPRESSOR DE AR REBOCÁVEL, VAZÃO 748 PCM, PRESSÃO EFETIVA DE TRABALHO 102 PSI, MOTOR DIESEL, POTÊNCIA 210 CV - CHP DIURNO. AF_06/2015","CHP",117.81,"COMPOSIÇÃO"]
[90991,"ESCAVADEIRA HIDRÁULICA SOBRE ESTEIRAS, CAÇAMBA 0,80 M3, PESO OPERACIONAL 17,8 T, POTÊNCIA LÍQUIDA 110 HP - CHP DIURNO. AF_10/2014","CHP",116.95,"COMPOSIÇÃO"]
[90999,"COMPRESSOR DE AR REBOCAVEL, VAZÃO 400 PCM, PRESSAO DE TRABALHO 102 PSI, MOTOR A DIESEL POTÊNCIA 110 CV - CHP DIURNO. AF_06/2015","CHP",60.4,"COMPOSIÇÃO"]
[91031,"CAMINHÃO TRUCADO (C/ TERCEIRO EIXO) ELETRÔNICO - POTÊNCIA 231CV - PBT = 22000KG - DIST. ENTRE EIXOS 5170 MM - INCLUI CARROCERIA FIXA ABERTA DE MADEIRA - CHP DIURNO. AF_06/2015","CHP",135.18,"COMPOSIÇÃO"]
[91277,"PLACA VIBRATÓRIA REVERSÍVEL COM MOTOR 4 TEMPOS A GASOLINA, FORÇA CENTRÍFUGA DE 25 KN (2500 KGF), POTÊNCIA 5,5 CV - CHP DIURNO. AF_08/2015","CHP",7.02,"COMPOSIÇÃO"]
[91283,"CORTADORA DE PISO COM MOTOR 4 TEMPOS A GASOLINA, POTÊNCIA DE 13 HP, COM DISCO DE CORTE DIAMANTADO SEGMENTADO PARA CONCRETO, DIÂMETRO DE 350 MM, FURO DE 1\" (14 X 1\") - CHP DIURNO. AF_08/2015","CHP",16.510000000000002,"COMPOSIÇÃO"]
[91386,"CAMINHÃO BASCULANTE 10 M3, TRUCADO CABINE SIMPLES, PESO BRUTO TOTAL 23.000 KG, CARGA ÚTIL MÁXIMA 15.935 KG, DISTÂNCIA ENTRE EIXOS 4,80 M, POTÊNCIA 230 CV INCLUSIVE CAÇAMBA METÁLICA - CHP DIURNO. AF_06/2014","CHP",143.59,"COMPOSIÇÃO"]
[91533,"COMPACTADOR DE SOLOS DE PERCUSSÃO (SOQUETE) COM MOTOR A GASOLINA 4 TEMPOS, POTÊNCIA 4 CV - CHP DIURNO. AF_08/2015","CHP",20.8,"COMPOSIÇÃO"]
[91634,"GUINDAUTO HIDRÁULICO, CAPACIDADE MÁXIMA DE CARGA 6500 KG, MOMENTO MÁXIMO DE CARGA 5,8 TM, ALCANCE MÁXIMO HORIZONTAL 7,60 M, INCLUSIVE CAMINHÃO TOCO PBT 9.700 KG, POTÊNCIA DE 160 CV - CHP DIURNO. AF_08/2015","CHP",126.12,"COMPOSIÇÃO"]
[91645,"CAMINHÃO DE TRANSPORTE DE MATERIAL ASFÁLTICO 30.000 L, COM CAVALO MECÂNICO DE CAPACIDADE MÁXIMA DE TRAÇÃO COMBINADO DE 66.000 KG, POTÊNCIA 360 CV, INCLUSIVE TANQUE DE ASFALTO COM SERPENTINA - CHP DIURNO. AF_08/2015","CHP",272.49,"COMPOSIÇÃO"]
[91692,"SERRA CIRCULAR DE BANCADA COM MOTOR ELÉTRICO POTÊNCIA DE 5HP, COM COIFA PARA DISCO 10\" - CHP DIURNO. AF_08/2015","CHP",17.739999999999998,"COMPOSIÇÃO"]
[92043,"DISTRIBUIDOR DE AGREGADOS REBOCAVEL, CAPACIDADE 1,9 M³, LARGURA DE TRABALHO 3,66 M - CHP DIURNO. AF_11/2015","CHP",8,"COMPOSIÇÃO"]
[92106,"CAMINHÃO PARA EQUIPAMENTO DE LIMPEZA A SUCÇÃO, COM CAMINHÃO TRUCADO DE PESO BRUTO TOTAL 23000 KG, CARGA ÚTIL MÁXIMA 15935 KG, DISTÂNCIA ENTRE EIXOS 4,80 M, POTÊNCIA 230 CV, INCLUSIVE LIMPADORA A SUCÇÃO, TANQUE 12000 L - CHP DIURNO. AF_11/2015","CHP",174.73,"COMPOSIÇÃO"]
[92112,"PENEIRA ROTATIVA COM MOTOR ELÉTRICO TRIFÁSICO DE 2 CV, CILINDRO DE 1 M X 0,60 M, COM FUROS DE 3,17 MM - CHP DIURNO. AF_11/2015","CHP",2.41,"COMPOSIÇÃO"]
[92118,"DOSADOR DE AREIA, CAPACIDADE DE 26 LITROS - CHP DIURNO. AF_11/2015","CHP",0.18,"COMPOSIÇÃO"]
[92138,"CAMINHONETE COM MOTOR A DIESEL, POTÊNCIA 180 CV, CABINE DUPLA, 4X4 - CHP DIURNO. AF_11/2015","CHP",59.47,"COMPOSIÇÃO"]
[92145,"CAMINHONETE CABINE SIMPLES COM MOTOR 1.6 FLEX, CÂMBIO MANUAL, POTÊNCIA 101/104 CV, 2 PORTAS - CHP DIURNO. AF_11/2015","CHP",49.83,"COMPOSIÇÃO"]
[92242,"CAMINHÃO DE TRANSPORTE DE MATERIAL ASFÁLTICO 20.000 L, COM CAVALO MECÂNICO DE CAPACIDADE MÁXIMA DE TRAÇÃO COMBINADO DE 45.000 KG, POTÊNCIA 330 CV, INCLUSIVE TANQUE DE ASFALTO COM MAÇARICO - CHP DIURNO. AF_12/2015","CHP",238.4,"COMPOSIÇÃO"]
[92716,"APARELHO PARA CORTE E SOLDA OXI-ACETILENO SOBRE RODAS, INCLUSIVE CILINDROS E MAÇARICOS - CHP DIURNO. AF_12/2015","CHP",27.41,"COMPOSIÇÃO"]
[92960,"MÁQUINA EXTRUSORA DE CONCRETO PARA GUIAS E SARJETAS, MOTOR A DIESEL, POTÊNCIA 14 CV - CHP DIURNO. AF_12/2015","CHP",14.19,"COMPOSIÇÃO"]
[92966,"MARTELO PERFURADOR PNEUMÁTICO MANUAL, HASTE 25 X 75 MM, 21 KG - CHP DIURNO. AF_12/2015","CHP",16.45,"COMPOSIÇÃO"]
[93224,"PERFURATRIZ COM TORRE METÁLICA PARA EXECUÇÃO DE ESTACA HÉLICE CONTÍNUA, PROFUNDIDADE MÁXIMA DE 32 M, DIÂMETRO MÁXIMO DE 1000 MM, POTÊNCIA INSTALADA DE 350 HP, MESA ROTATIVA COM TORQUE MÁXIMO DE 263 KNM - CHP DIURNO. AF_01/2016","CHP",566.49,"COMPOSIÇÃO"]
[93233,"BETONEIRA CAPACIDADE NOMINAL 400 L, CAPACIDADE DE MISTURA 310 L, MOTOR A GASOLINA POTÊNCIA 5,5 HP, SEM CARREGADOR - CHP DIURNO. AF_02/2016","CHP",6.79,"COMPOSIÇÃO"]
[93272,"GRUA ASCENSIONAL, LANCA DE 30 M, CAPACIDADE DE 1,0 T A 30 M, ALTURA ATE 39 M - CHP DIURNO. AF_03/2016","CHP",75.61,"COMPOSIÇÃO"]
[93281,"GUINCHO ELÉTRICO DE COLUNA, CAPACIDADE 400 KG, COM MOTO FREIO, MOTOR TRIFÁSICO DE 1,25 CV - CHP DIURNO. AF_03/2016","CHP",15.6,"COMPOSIÇÃO"]
[93287,"GUINDASTE HIDRÁULICO AUTOPROPELIDO, COM LANÇA TELESCÓPICA 40 M, CAPACIDADE MÁXIMA 60 T, POTÊNCIA 260 KW - CHP DIURNO. AF_03/2016","CHP",341.39,"COMPOSIÇÃO"]
[93402,"GUINDAUTO HIDRÁULICO, CAPACIDADE MÁXIMA DE CARGA 3300 KG, MOMENTO MÁXIMO DE CARGA 5,8 TM, ALCANCE MÁXIMO HORIZONTAL 7,60 M, INCLUSIVE CAMINHÃO TOCO PBT 16.000 KG, POTÊNCIA DE 189 CV - CHP DIURNO. AF_03/2016","CHP",140.82,"COMPOSIÇÃO"]
[93408,"MÁQUINA JATO DE PRESSAO PORTÁTIL, CAMARA DE 1 SAIDA, CAPACIDADE 280 L, DIAMETRO 670 MM, BICO DE JATO CURTO VENTURI DE 5/16'' , MANGUEIRA DE 1'' COM COMPRESSOR DE AR REBOCÁVEL 189 PCM E MOTOR DIESEL 63 CV - CHP DIURNO. AF_03/2016","CHP",57.79,"COMPOSIÇÃO"]
[93415,"GERADOR PORTÁTIL MONOFÁSICO, POTÊNCIA 5500 VA, MOTOR A GASOLINA, POTÊNCIA DO MOTOR 13 CV - CHP DIURNO. AF_03/2016","CHP",11.04,"COMPOSIÇÃO"]
[93421,"GRUPO GERADOR REBOCÁVEL, POTÊNCIA 66 KVA, MOTOR A DIESEL - CHP DIURNO. AF_03/2016","CHP",46.29,"COMPOSIÇÃO"]
[93427,"GRUPO GERADOR ESTACIONÁRIO, POTÊNCIA 150 KVA, MOTOR A DIESEL- CHP DIURNO. AF_03/2016","CHP",105.06,"COMPOSIÇÃO"]
[93433,"USINA DE MISTURA ASFÁLTICA À QUENTE, TIPO CONTRA FLUXO, PROD 40 A 80 TON/HORA - CHP DIURNO. AF_03/2016","CHP",2001.05,"COMPOSIÇÃO"]
[93439,"USINA DE ASFALTO À FRIO, CAPACIDADE DE 40 A 60 TON/HORA, ELÉTRICA POTÊNCIA 30 CV - CHP DIURNO. AF_03/2016","CHP",108.45,"COMPOSIÇÃO"]
[95121,"USINA MISTURADORA DE SOLOS, CAPACIDADE DE 200 A 500 TON/H, POTENCIA 75KW - CHP DIURNO. AF_07/2016","CHP",214.46,"COMPOSIÇÃO"]
[95127,"DISTRIBUIDOR DE AGREGADOS AUTOPROPELIDO, CAP 3 M3, A DIESEL, POTÊNCIA 176CV - CHP DIURNO. AF_07/2016","CHP",129.72999999999999,"COMPOSIÇÃO"]
[95133,"MÁQUINA DEMARCADORA DE FAIXA DE TRÁFEGO À FRIO, AUTOPROPELIDA, POTÊNCIA 38 HP - CHP DIURNO. AF_07/2016","CHP",98.45,"COMPOSIÇÃO"]
[95139,"TALHA MANUAL DE CORRENTE, CAPACIDADE DE 2 TON. COM ELEVAÇÃO DE 3 M - CHP DIURNO. AF_07/2016","CHP",0.06,"COMPOSIÇÃO"]
[95212,"GRUA ASCENCIONAL, LANCA DE 42 M, CAPACIDADE DE 1,5 T A 30 M, ALTURA ATE 39 M - CHP DIURNO. AF_08/2016","CHP",82.73,"COMPOSIÇÃO"]
[95218,"PULVERIZADOR DE TINTA ELÉTRICO/MÁQUINA DE PINTURA AIRLESS, VAZÃO 2 L/MIN - CHP DIURNO. AF_08/2016","CHP",22.23,"COMPOSIÇÃO"]
[95258,"MARTELO DEMOLIDOR PNEUMÁTICO MANUAL, 32 KG - CHP DIURNO. AF_09/2016","CHP",15.92,"COMPOSIÇÃO"]
[95264,"COMPACTADOR DE SOLOS DE PERCUSÃO (SOQUETE) COM MOTOR A GASOLINA, POTÊNCIA 3 CV - CHP DIURNO. AF_09/2016","CHP",5.37,"COMPOSIÇÃO"]
[95270,"RÉGUA VIBRATÓRIA DUPLA PARA CONCRETO, PESO DE 60KG, COMPRIMENTO 4 M, COM MOTOR A GASOLINA, POTÊNCIA 5,5 HP - CHP DIURNO. AF_09/2016","CHP",7.01,"COMPOSIÇÃO"]
[95276,"POLIDORA DE PISO (POLITRIZ), PESO DE 100KG, DIÂMETRO 450 MM, MOTOR ELÉTRICO, POTÊNCIA 4 HP - CHP DIURNO. AF_09/2016","CHP",2.83,"COMPOSIÇÃO"]
[95282,"DESEMPENADEIRA DE CONCRETO, PESO DE 75KG, 4 PÁS, MOTOR A GASOLINA, POTÊNCIA 5,5 HP - CHP DIURNO. AF_09/2016","CHP",6.99,"COMPOSIÇÃO"]
[95620,"PERFURATRIZ PNEUMATICA MANUAL DE PESO MEDIO, MARTELETE, 18KG, COMPRIMENTO MÁXIMO DE CURSO DE 6 M, DIAMETRO DO PISTAO DE 5,5 CM - CHP DIURNO. AF_11/2016","CHP",15.33,"COMPOSIÇÃO"]
[95631,"ROLO COMPACTADOR VIBRATORIO TANDEM, ACO LISO, POTENCIA 125 HP, PESO SEM/COM LASTRO 10,20/11,65 T, LARGURA DE TRABALHO 1,73 M - CHP DIURNO. AF_11/2016","CHP",126.03,"COMPOSIÇÃO"]
[95702,"PERFURATRIZ MANUAL, TORQUE MAXIMO 55 KGF.M, POTENCIA 5 CV, COM DIAMETRO MAXIMO 8 1/2\" - CHP DIURNO. AF_11/2016","CHP",28.54,"COMPOSIÇÃO"]
[95708,"PERFURATRIZ SOBRE ESTEIRA, TORQUE MÁXIMO 600 KGF, POTÊNCIA ENTRE 50 E 60 HP, DIÂMETRO MÁXIMO 10\u0094 - CHP DIURNO. AF_11/2016","CHP",105.05,"COMPOSIÇÃO"]
[95714,"ESCAVADEIRA HIDRAULICA SOBRE ESTEIRA, COM GARRA GIRATORIA DE MANDIBULAS, PESO OPERACIONAL ENTRE 22,00 E 25,50 TON, POTENCIA LIQUIDA ENTRE 150 E 160 HP - CHP DIURNO. AF_11/2016","CHP",146.44,"COMPOSIÇÃO"]
[95720,"ESCAVADEIRA HIDRAULICA SOBRE ESTEIRA, EQUIPADA COM CLAMSHELL, COM CAPACIDADE DA CAÇAMBA ENTRE 1,20 E 1,50 M3, PESO OPERACIONAL ENTRE 20,00 E 22,00 TON, POTENCIA LIQUIDA ENTRE 150 E 160 HP - CHP DIURNO. AF_11/2016","CHP",143.69,"COMPOSIÇÃO"]
[95872,"GRUPO GERADOR COM CARENAGEM, MOTOR DIESEL POTÊNCIA STANDART ENTRE 250 E 260 KVA - CHP DIURNO. AF_12/2016","CHP",178.14,"COMPOSIÇÃO"]
[96013,"TRATOR DE PNEUS COM POTÊNCIA DE 122 CV, TRAÇÃO 4X4, COM VASSOURA MECÂNICA ACOPLADA - CHP DIURNO. AF_02/2017","CHP",147.72999999999999,"COMPOSIÇÃO"]
[96020,"TRATOR DE PNEUS COM POTÊNCIA DE 122 CV, TRAÇÃO 4X4, COM GRADE DE DISCOS ACOPLADA - CHP DIURNO. AF_02/2017","CHP",147.49,"COMPOSIÇÃO"]
[96028,"TRATOR DE PNEUS COM POTÊNCIA DE 85 CV, TRAÇÃO 4X4, COM GRADE DE DISCOS ACOPLADA - CHP DIURNO. AF_02/2017","CHP",109.46,"COMPOSIÇÃO"]
[96035,"CAMINHÃO BASCULANTE 10 M3, TRUCADO, POTÊNCIA 230 CV, INCLUSIVE CAÇAMBA METÁLICA, COM DISTRIBUIDOR DE AGREGADOS ACOPLADO - CHP DIURNO. AF_02/2017","CHP",150.76,"COMPOSIÇÃO"]
[96157,"TRATOR DE PNEUS COM POTÊNCIA DE 85 CV, TRAÇÃO 4X4, COM VASSOURA MECÂNICA ACOPLADA - CHP DIURNO. AF_03/2017","CHP",109.7,"COMPOSIÇÃO"]
[96158,"MINICARREGADEIRA SOBRE RODAS POTENCIA 47HP CAPACIDADE OPERACAO 646 KG, COM VASSOURA MECÂNICA ACOPLADA - CHP DIURNO. AF_03/2017","CHP",85.95,"COMPOSIÇÃO"]
[96245,"MINIESCAVADEIRA SOBRE ESTEIRAS, POTENCIA LIQUIDA DE *30* HP, PESO OPERACIONAL DE *3.500* KG - CHP DIURNO. AF_04/2017","CHP",62.89,"COMPOSIÇÃO"]
[96303,"PERFURATRIZ ROTATIVA SOBRE ESTEIRA, TORQUE MAXIMO 2500 KGM, POTENCIA 110 HP, MOTOR DIESEL- CHP DIURNO. AF_05/2017","CHP",140.51,"COMPOSIÇÃO"]
[96309,"COMPRESSOR DE AR, VAZAO DE 10 PCM, RESERVATORIO 100 L, PRESSAO DE TRABALHO ENTRE 6,9 E 9,7 BAR, POTENCIA 2 HP, TENSAO 110/220 V - CHP DIURNO. AF_05/2017","CHP",1.35,"COMPOSIÇÃO"]
[96463,"ROLO COMPACTADOR DE PNEUS, ESTATICO, PRESSAO VARIAVEL, POTENCIA 110 HP, PESO SEM/COM LASTRO 10,8/27 T, LARGURA DE ROLAGEM 2,30 M - CHP DIURNO. AF_06/2017","CHP",116.86,"COMPOSIÇÃO"]
[98764,"INVERSOR DE SOLDA MONOFÁSICO DE 160 A, POTÊNCIA DE 5400 W, TENSÃO DE 220 V, PARA SOLDA COM ELETRODOS DE 2,0 A 4,0 MM E PROCESSO TIG - CHP DIURNO. AF_06/2018","CHP",4.05,"COMPOSIÇÃO"]
[99833,"LAVADORA DE ALTA PRESSAO (LAVA-JATO) PARA AGUA FRIA, PRESSAO DE OPERACAO ENTRE 1400 E 1900 LIB/POL2, VAZAO MAXIMA ENTRE 400 E 700 L/H - CHP DIURNO. AF_04/2019","CHP",1.57,"COMPOSIÇÃO"]
[100641,"USINA DE MISTURA ASFÁLTICA À QUENTE, TIPO CONTRA FLUXO, PROD 100 A 140 TON/HORA - CHP DIURNO. AF_12/2019","CHP",436.96,"COMPOSIÇÃO"]
[100647,"USINA DE ASFALTO, TIPO GRAVIMÉTRICA, PROD 150 TON/HORA - CHP DIURNO. AF_12/2019","CHP",889.63,"COMPOSIÇÃO"]
[5632,"ESCAVADEIRA HIDRÁULICA SOBRE ESTEIRAS, CAÇAMBA 0,80 M3, PESO OPERACIONAL 17 T, POTENCIA BRUTA 111 HP - CHI DIURNO. AF_06/2014","CHI",48.32,"COMPOSIÇÃO"]
[5679,"RETROESCAVADEIRA SOBRE RODAS COM CARREGADEIRA, TRAÇÃO 4X4, POTÊNCIA LÍQ. 88 HP, CAÇAMBA CARREG. CAP. MÍN. 1 M3, CAÇAMBA RETRO CAP. 0,26 M3, PESO OPERACIONAL MÍN. 6.674 KG, PROFUNDIDADE ESCAVAÇÃO MÁX. 4,37 M - CHI DIURNO. AF_06/2014","CHI",34.75,"COMPOSIÇÃO"]
[5681,"RETROESCAVADEIRA SOBRE RODAS COM CARREGADEIRA, TRAÇÃO 4X2, POTÊNCIA LÍQ. 79 HP, CAÇAMBA CARREG. CAP. MÍN. 1 M3, CAÇAMBA RETRO CAP. 0,20 M3, PESO OPERACIONAL MÍN. 6.570 KG, PROFUNDIDADE ESCAVAÇÃO MÁX. 4,37 M - CHI DIURNO. AF_06/2014","CHI",32.94,"COMPOSIÇÃO"]
[5685,"ROLO COMPACTADOR VIBRATÓRIO DE UM CILINDRO AÇO LISO, POTÊNCIA 80 HP, PESO OPERACIONAL MÁXIMO 8,1 T, IMPACTO DINÂMICO 16,15 / 9,5 T, LARGURA DE TRABALHO 1,68 M - CHI DIURNO. AF_06/2014","CHI",33.130000000000003,"COMPOSIÇÃO"]
[5690,"GRADE DE DISCO CONTROLE REMOTO REBOCÁVEL, COM 24 DISCOS 24\u0094 X 6 MM COM PNEUS PARA TRANSPORTE - CHI DIURNO. AF_06/2014","CHI",2,"COMPOSIÇÃO"]
[5806,"MOTOBOMBA CENTRÍFUGA, MOTOR A GASOLINA, POTÊNCIA 5,42 HP, BOCAIS 1 1/2\" X 1\", DIÂMETRO ROTOR 143 MM HM/Q = 6 MCA / 16,8 M3/H A 38 MCA / 6,6 M3/H - CHI DIURNO. AF_06/2014","CHI",0.17,"COMPOSIÇÃO"]
[5826,"CAMINHÃO TOCO, PBT 16.000 KG, CARGA ÚTIL MÁX. 10.685 KG, DIST. ENTRE EIXOS 4,8 M, POTÊNCIA 189 CV, INCLUSIVE CARROCERIA FIXA ABERTA DE MADEIRA P/ TRANSPORTE GERAL DE CARGA SECA, DIMEN. APROX. 2,5 X 7,00 X 0,50 M - CHI DIURNO. AF_06/2014","CHI",25.41,"COMPOSIÇÃO"]
[5829,"USINA DE CONCRETO FIXA, CAPACIDADE NOMINAL DE 90 A 120 M3/H, SEM SILO - CHI DIURNO. AF_07/2016","CHI",116.51,"COMPOSIÇÃO"]
[5837,"VIBROACABADORA DE ASFALTO SOBRE ESTEIRAS, LARGURA DE PAVIMENTAÇÃO 1,90 M A 5,30 M, POTÊNCIA 105 HP CAPACIDADE 450 T/H - CHI DIURNO. AF_11/2014","CHI",93.79,"COMPOSIÇÃO"]
[5841,"VASSOURA MECÂNICA REBOCÁVEL COM ESCOVA CILÍNDRICA, LARGURA ÚTIL DE VARRIMENTO DE 2,44 M - CHI DIURNO. AF_06/2014","CHI",2.2999999999999998,"COMPOSIÇÃO"]
[5845,"TRATOR DE PNEUS, POTÊNCIA 122 CV, TRAÇÃO 4X4, PESO COM LASTRO DE 4.510 KG - CHI DIURNO. AF_06/2014","CHI",27.49,"COMPOSIÇÃO"]
[5849,"TRATOR DE ESTEIRAS, POTÊNCIA 170 HP, PESO OPERACIONAL 19 T, CAÇAMBA 5,2 M3 - CHI DIURNO. AF_06/2014","CHI",45.36,"COMPOSIÇÃO"]
[5853,"TRATOR DE ESTEIRAS, POTÊNCIA 150 HP, PESO OPERACIONAL 16,7 T, COM RODA MOTRIZ ELEVADA E LÂMINA 3,18 M3 - CHI DIURNO. AF_06/2014","CHI",45.56,"COMPOSIÇÃO"]
[5857,"TRATOR DE ESTEIRAS, POTÊNCIA 347 HP, PESO OPERACIONAL 38,5 T, COM LÂMINA 8,70 M3 - CHI DIURNO. AF_06/2014","CHI",114.91,"COMPOSIÇÃO"]
[5865,"ROLO COMPACTADOR VIBRATÓRIO REBOCÁVEL, CILINDRO DE AÇO LISO, POTÊNCIA DE TRAÇÃO DE 65 CV, PESO 4,7 T, IMPACTO DINÂMICO 18,3 T, LARGURA DE TRABALHO 1,67 M - CHI DIURNO. AF_02/2016","CHI",5.47,"COMPOSIÇÃO"]
[5869,"ROLO COMPACTADOR VIBRATÓRIO TANDEM AÇO LISO, POTÊNCIA 58 HP, PESO SEM/COM LASTRO 6,5 / 9,4 T, LARGURA DE TRABALHO 1,2 M - CHI DIURNO. AF_06/2014","CHI",37.28,"COMPOSIÇÃO"]
[5877,"RETROESCAVADEIRA SOBRE RODAS COM CARREGADEIRA, TRAÇÃO 4X4, POTÊNCIA LÍQ. 72 HP, CAÇAMBA CARREG. CAP. MÍN. 0,79 M3, CAÇAMBA RETRO CAP. 0,18 M3, PESO OPERACIONAL MÍN. 7.140 KG, PROFUNDIDADE ESCAVAÇÃO MÁX. 4,50 M - CHI DIURNO. AF_06/2014","CHI",34.17,"COMPOSIÇÃO"]
[5881,"ROLO COMPACTADOR VIBRATÓRIO PÉ DE CARNEIRO, OPERADO POR CONTROLE REMOTO, POTÊNCIA 12,5 KW, PESO OPERACIONAL 1,675 T, LARGURA DE TRABALHO 0,85 M - CHI DIURNO. AF_02/2016","CHI",39.79,"COMPOSIÇÃO"]
[5884,"USINA DE LAMA ASFÁLTICA, PROD 30 A 50 T/H, SILO DE AGREGADO 7 M3, RESERVATÓRIOS PARA EMULSÃO E ÁGUA DE 2,3 M3 CADA, MISTURADOR TIPO PUG MILL A SER MONTADO SOBRE CAMINHÃO - CHI DIURNO. AF_10/2014","CHI",33.51,"COMPOSIÇÃO"]
[5892,"CAMINHÃO TOCO, PESO BRUTO TOTAL 14.300 KG, CARGA ÚTIL MÁXIMA 9590 KG, DISTÂNCIA ENTRE EIXOS 4,76 M, POTÊNCIA 185 CV (NÃO INCLUI CARROCERIA) - CHI DIURNO. AF_06/2014","CHI",26.24,"COMPOSIÇÃO"]
[5896,"CAMINHÃO TOCO, PESO BRUTO TOTAL 16.000 KG, CARGA ÚTIL MÁXIMA DE 10.685 KG, DISTÂNCIA ENTRE EIXOS 4,80 M, POTÊNCIA 189 CV EXCLUSIVE CARROCERIA - CHI DIURNO. AF_06/2014","CHI",24.59,"COMPOSIÇÃO"]
[5903,"CAMINHÃO PIPA 10.000 L TRUCADO, PESO BRUTO TOTAL 23.000 KG, CARGA ÚTIL MÁXIMA 15.935 KG, DISTÂNCIA ENTRE EIXOS 4,8 M, POTÊNCIA 230 CV, INCLUSIVE TANQUE DE AÇO PARA TRANSPORTE DE ÁGUA - CHI DIURNO. AF_06/2014","CHI",31.3,"COMPOSIÇÃO"]
[5911,"ESPARGIDOR DE ASFALTO PRESSURIZADO COM TANQUE DE 2500 L, REBOCÁVEL COM MOTOR A GASOLINA POTÊNCIA 3,4 HP - CHI DIURNO. AF_07/2014","CHI",18.899999999999999,"COMPOSIÇÃO"]
[5923,"GRADE DE DISCO REBOCÁVEL COM 20 DISCOS 24\" X 6 MM COM PNEUS PARA TRANSPORTE - CHI DIURNO. AF_06/2014","CHI",1.57,"COMPOSIÇÃO"]
[5930,"GUINDAUTO HIDRÁULICO, CAPACIDADE MÁXIMA DE CARGA 6200 KG, MOMENTO MÁXIMO DE CARGA 11,7 TM, ALCANCE MÁXIMO HORIZONTAL 9,70 M, INCLUSIVE CAMINHÃO TOCO PBT 16.000 KG, POTÊNCIA DE 189 CV - CHI DIURNO. AF_06/2014","CHI",29.96,"COMPOSIÇÃO"]
[5934,"MOTONIVELADORA POTÊNCIA BÁSICA LÍQUIDA (PRIMEIRA MARCHA) 125 HP, PESO BRUTO 13032 KG, LARGURA DA LÂMINA DE 3,7 M - CHI DIURNO. AF_06/2014","CHI",48.3,"COMPOSIÇÃO"]
[5942,"PÁ CARREGADEIRA SOBRE RODAS, POTÊNCIA LÍQUIDA 128 HP, CAPACIDADE DA CAÇAMBA 1,7 A 2,8 M3, PESO OPERACIONAL 11632 KG - CHI DIURNO. AF_06/2014","CHI",39.26,"COMPOSIÇÃO"]
[5946,"PÁ CARREGADEIRA SOBRE RODAS, POTÊNCIA 197 HP, CAPACIDADE DA CAÇAMBA 2,5 A 3,5 M3, PESO OPERACIONAL 18338 KG - CHI DIURNO. AF_06/2014","CHI",48.27,"COMPOSIÇÃO"]
[5952,"MARTELETE OU ROMPEDOR PNEUMÁTICO MANUAL, 28 KG, COM SILENCIADOR - CHI DIURNO. AF_07/2016","CHI",14.38,"COMPOSIÇÃO"]
[5954,"COMPRESSOR DE AR REBOCÁVEL, VAZÃO 189 PCM, PRESSÃO EFETIVA DE TRABALHO 102 PSI, MOTOR DIESEL, POTÊNCIA 63 CV - CHI DIURNO. AF_06/2015","CHI",3.17,"COMPOSIÇÃO"]
[5961,"CAMINHÃO BASCULANTE 6 M3, PESO BRUTO TOTAL 16.000 KG, CARGA ÚTIL MÁXIMA 13.071 KG, DISTÂNCIA ENTRE EIXOS 4,80 M, POTÊNCIA 230 CV INCLUSIVE CAÇAMBA METÁLICA - CHI DIURNO. AF_06/2014","CHI",30.24,"COMPOSIÇÃO"]
[6260,"CAMINHÃO PIPA 6.000 L, PESO BRUTO TOTAL 13.000 KG, DISTÂNCIA ENTRE EIXOS 4,80 M, POTÊNCIA 189 CV INCLUSIVE TANQUE DE AÇO PARA TRANSPORTE DE ÁGUA, CAPACIDADE 6 M3 - CHI DIURNO. AF_06/2014","CHI",27.9,"COMPOSIÇÃO"]
[6880,"ROLO COMPACTADOR DE PNEUS ESTÁTICO, PRESSÃO VARIÁVEL, POTÊNCIA 111 HP, PESO SEM/COM LASTRO 9,5 / 26 T, LARGURA DE TRABALHO 1,90 M - CHI DIURNO. AF_07/2014","CHI",43.37,"COMPOSIÇÃO"]
[7031,"TANQUE DE ASFALTO ESTACIONÁRIO COM SERPENTINA, CAPACIDADE 30.000 L - CHI DIURNO. AF_06/2014","CHI",3.89,"COMPOSIÇÃO"]
[7043,"MOTOBOMBA TRASH (PARA ÁGUA SUJA) AUTO ESCORVANTE, MOTOR GASOLINA DE 6,41 HP, DIÂMETROS DE SUCÇÃO X RECALQUE: 3\" X 3\", HM/Q = 10 MCA / 60 M3/H A 23 MCA / 0 M3/H - CHI DIURNO. AF_10/2014","CHI",0.22,"COMPOSIÇÃO"]
[7050,"ROLO COMPACTADOR PE DE CARNEIRO VIBRATORIO, POTENCIA 125 HP, PESO OPERACIONAL SEM/COM LASTRO 11,95 / 13,30 T, IMPACTO DINAMICO 38,5 / 22,5 T, LARGURA DE TRABALHO 2,15 M - CHI DIURNO. AF_06/2014","CHI",40.159999999999997,"COMPOSIÇÃO"]
[67827,"CAMINHÃO BASCULANTE 6 M3 TOCO, PESO BRUTO TOTAL 16.000 KG, CARGA ÚTIL MÁXIMA 11.130 KG, DISTÂNCIA ENTRE EIXOS 5,36 M, POTÊNCIA 185 CV, INCLUSIVE CAÇAMBA METÁLICA - CHI DIURNO. AF_06/2014","CHI",29.57,"COMPOSIÇÃO"]
[73395,"GRUPO GERADOR ESTACIONÁRIO, MOTOR DIESEL POTÊNCIA 170 KVA - CHI DIURNO. AF_02/2016","CHI",5.18,"COMPOSIÇÃO"]
[83766,"GRUPO DE SOLDAGEM COM GERADOR A DIESEL 60 CV PARA SOLDA ELÉTRICA, SOBRE 04 RODAS, COM MOTOR 4 CILINDROS 600 A - CHI DIURNO. AF_02/2016","CHI",30.37,"COMPOSIÇÃO"]
[84013,"ESCAVADEIRA HIDRÁULICA SOBRE ESTEIRAS, CAÇAMBA 0,80 M3, PESO OPERACIONAL 17,8 T, POTÊNCIA LÍQUIDA 110 HP - CHI DIURNO. AF_10/2014","CHI",46.94,"COMPOSIÇÃO"]
[87446,"BETONEIRA CAPACIDADE NOMINAL 400 L, CAPACIDADE DE MISTURA 310 L, MOTOR A DIESEL POTÊNCIA 5,0 HP, SEM CARREGADOR - CHI DIURNO. AF_06/2014","CHI",0.38,"COMPOSIÇÃO"]
[88392,"MISTURADOR DE ARGAMASSA, EIXO HORIZONTAL, CAPACIDADE DE MISTURA 300 KG, MOTOR ELÉTRICO POTÊNCIA 5 CV - CHI DIURNO. AF_06/2014","CHI",0.73,"COMPOSIÇÃO"]
[88398,"MISTURADOR DE ARGAMASSA, EIXO HORIZONTAL, CAPACIDADE DE MISTURA 600 KG, MOTOR ELÉTRICO POTÊNCIA 7,5 CV - CHI DIURNO. AF_06/2014","CHI",0.88,"COMPOSIÇÃO"]
[88404,"MISTURADOR DE ARGAMASSA, EIXO HORIZONTAL, CAPACIDADE DE MISTURA 160 KG, MOTOR ELÉTRICO POTÊNCIA 3 CV - CHI DIURNO. AF_06/2014","CHI",0.7,"COMPOSIÇÃO"]
[88430,"PROJETOR DE ARGAMASSA, CAPACIDADE DE PROJEÇÃO 1,5 M3/H, ALCANCE DE 30 ATÉ 60 M, MOTOR ELÉTRICO POTÊNCIA 7,5 HP - CHI DIURNO. AF_06/2014","CHI",4.59,"COMPOSIÇÃO"]
[88438,"PROJETOR DE ARGAMASSA, CAPACIDADE DE PROJEÇÃO 2 M3/H, ALCANCE ATÉ 50 M, MOTOR ELÉTRICO POTÊNCIA 7,5 HP - CHI DIURNO. AF_06/2014","CHI",6.09,"COMPOSIÇÃO"]
[88831,"BETONEIRA CAPACIDADE NOMINAL DE 400 L, CAPACIDADE DE MISTURA 280 L, MOTOR ELÉTRICO TRIFÁSICO POTÊNCIA DE 2 CV, SEM CARREGADOR - CHI DIURNO. AF_10/2014","CHI",0.27,"COMPOSIÇÃO"]
[88844,"TRATOR DE ESTEIRAS, POTÊNCIA 125 HP, PESO OPERACIONAL 12,9 T, COM LÂMINA 2,7 M3 - CHI DIURNO. AF_10/2014","CHI",39.68,"COMPOSIÇÃO"]
[88908,"ESCAVADEIRA HIDRÁULICA SOBRE ESTEIRAS, CAÇAMBA 1,20 M3, PESO OPERACIONAL 21 T, POTÊNCIA BRUTA 155 HP - CHI DIURNO. AF_06/2014","CHI",51.68,"COMPOSIÇÃO"]
[89022,"BOMBA SUBMERSÍVEL ELÉTRICA TRIFÁSICA, POTÊNCIA 2,96 HP, Ø ROTOR 144 MM SEMI-ABERTO, BOCAL DE SAÍDA Ø 2\u0094, HM/Q = 2 MCA / 38,8 M3/H A 28 MCA / 5 M3/H - CHI DIURNO. AF_06/2014","CHI",0.3,"COMPOSIÇÃO"]
[89027,"TANQUE DE ASFALTO ESTACIONÁRIO COM MAÇARICO, CAPACIDADE 20.000 L - CHI DIURNO. AF_06/2014","CHI",3.16,"COMPOSIÇÃO"]
[89031,"TRATOR DE ESTEIRAS, POTÊNCIA 100 HP, PESO OPERACIONAL 9,4 T, COM LÂMINA 2,19 M3 - CHI DIURNO. AF_06/2014","CHI",38.58,"COMPOSIÇÃO"]
[89036,"TRATOR DE PNEUS, POTÊNCIA 85 CV, TRAÇÃO 4X4, PESO COM LASTRO DE 4.675 KG - CHI DIURNO. AF_06/2014","CHI",24.18,"COMPOSIÇÃO"]
[89218,"BATE-ESTACAS POR GRAVIDADE, POTÊNCIA DE 160 HP, PESO DO MARTELO ATÉ 3 TONELADAS - CHI DIURNO. AF_11/2014","CHI",50.47,"COMPOSIÇÃO"]
[89226,"BETONEIRA CAPACIDADE NOMINAL DE 600 L, CAPACIDADE DE MISTURA 360 L, MOTOR ELÉTRICO TRIFÁSICO POTÊNCIA DE 4 CV, SEM CARREGADOR - CHI DIURNO. AF_11/2014","CHI",1.1399999999999999,"COMPOSIÇÃO"]
[89235,"FRESADORA DE ASFALTO A FRIO SOBRE RODAS, LARGURA FRESAGEM DE 1,0 M, POTÊNCIA 208 HP - CHI DIURNO. AF_11/2014","CHI",121.86,"COMPOSIÇÃO"]
[89243,"FRESADORA DE ASFALTO A FRIO SOBRE RODAS, LARGURA FRESAGEM DE 2,0 M, POTÊNCIA 550 HP - CHI DIURNO. AF_11/2014","CHI",260.92,"COMPOSIÇÃO"]
[89251,"RECICLADORA DE ASFALTO A FRIO SOBRE RODAS, LARGURA FRESAGEM DE 2,0 M, POTÊNCIA 422 HP - CHI DIURNO. AF_11/2014","CHI",229.05,"COMPOSIÇÃO"]
[89258,"VIBROACABADORA DE ASFALTO SOBRE ESTEIRAS, LARGURA DE PAVIMENTAÇÃO 2,13 M A 4,55 M, POTÊNCIA 100 HP, CAPACIDADE 400 T/H - CHI DIURNO. AF_11/2014","CHI",80.069999999999993,"COMPOSIÇÃO"]
[89273,"GUINDASTE HIDRÁULICO AUTOPROPELIDO, COM LANÇA TELESCÓPICA 28,80 M, CAPACIDADE MÁXIMA 30 T, POTÊNCIA 97 KW, TRAÇÃO 4 X 4 - CHI DIURNO. AF_11/2014","CHI",47.48,"COMPOSIÇÃO"]
[89279,"BETONEIRA CAPACIDADE NOMINAL DE 600 L, CAPACIDADE DE MISTURA 440 L, MOTOR A DIESEL POTÊNCIA 10 HP, COM CARREGADOR - CHI DIURNO. AF_11/2014","CHI",1.38,"COMPOSIÇÃO"]
[89877,"CAMINHÃO BASCULANTE 14 M3, COM CAVALO MECÂNICO DE CAPACIDADE MÁXIMA DE TRAÇÃO COMBINADO DE 36000 KG, POTÊNCIA 286 CV, INCLUSIVE SEMIREBOQUE COM CAÇAMBA METÁLICA - CHI DIURNO. AF_12/2014","CHI",41.73,"COMPOSIÇÃO"]
[89884,"CAMINHÃO BASCULANTE 18 M3, COM CAVALO MECÂNICO DE CAPACIDADE MÁXIMA DE TRAÇÃO COMBINADO DE 45000 KG, POTÊNCIA 330 CV, INCLUSIVE SEMIREBOQUE COM CAÇAMBA METÁLICA - CHI DIURNO. AF_12/2014","CHI",43.18,"COMPOSIÇÃO"]
[90587,"VIBRADOR DE IMERSÃO, DIÂMETRO DE PONTEIRA 45MM, MOTOR ELÉTRICO TRIFÁSICO POTÊNCIA DE 2 CV - CHI DIURNO. AF_06/2015","CHI",0.3,"COMPOSIÇÃO"]
[90626,"PERFURATRIZ MANUAL, TORQUE MÁXIMO 83 N.M, POTÊNCIA 5 CV, COM DIÂMETRO MÁXIMO 4\" - CHI DIURNO. AF_06/2015","CHI",2.33,"COMPOSIÇÃO"]
[90632,"PERFURATRIZ SOBRE ESTEIRA, TORQUE MÁXIMO 600 KGF, PESO MÉDIO 1000 KG, POTÊNCIA 20 HP, DIÂMETRO MÁXIMO 10\" - CHI DIURNO. AF_06/2015","CHI",45.6,"COMPOSIÇÃO"]
[90638,"MISTURADOR DUPLO HORIZONTAL DE ALTA TURBULÊNCIA, CAPACIDADE / VOLUME 2 X 500 LITROS, MOTORES ELÉTRICOS MÍNIMO 5 CV CADA, PARA NATA CIMENTO, ARGAMASSA E OUTROS - CHI DIURNO. AF_06/2015","CHI",3.53,"COMPOSIÇÃO"]
[90644,"BOMBA TRIPLEX, PARA INJEÇÃO DE NATA DE CIMENTO, VAZÃO MÁXIMA DE 100 LITROS/MINUTO, PRESSÃO MÁXIMA DE 70 BAR - CHI DIURNO. AF_06/2015","CHI",5.28,"COMPOSIÇÃO"]
[90651,"BOMBA CENTRÍFUGA MONOESTÁGIO COM MOTOR ELÉTRICO MONOFÁSICO, POTÊNCIA 15 HP, DIÂMETRO DO ROTOR 173 MM, HM/Q = 30 MCA / 90 M3/H A 45 MCA / 55 M3/H - CHI DIURNO. AF_06/2015","CHI",0.63,"COMPOSIÇÃO"]
[90657,"BOMBA DE PROJEÇÃO DE CONCRETO SECO, POTÊNCIA 10 CV, VAZÃO 3 M3/H - CHI DIURNO. AF_06/2015","CHI",3.43,"COMPOSIÇÃO"]
[90663,"BOMBA DE PROJEÇÃO DE CONCRETO SECO, POTÊNCIA 10 CV, VAZÃO 6 M3/H - CHI DIURNO. AF_06/2015","CHI",3.68,"COMPOSIÇÃO"]
[90669,"PROJETOR PNEUMÁTICO DE ARGAMASSA PARA CHAPISCO E REBOCO COM RECIPIENTE ACOPLADO, TIPO CANEQUINHA, COM COMPRESSOR DE AR REBOCÁVEL VAZÃO 89 PCM E MOTOR DIESEL DE 20 CV - CHI DIURNO. AF_06/2015","CHI",5.0199999999999996,"COMPOSIÇÃO"]
[90675,"PERFURATRIZ COM TORRE METÁLICA PARA EXECUÇÃO DE ESTACA HÉLICE CONTÍNUA, PROFUNDIDADE MÁXIMA DE 30 M, DIÂMETRO MÁXIMO DE 800 MM, POTÊNCIA INSTALADA DE 268 HP, MESA ROTATIVA COM TORQUE MÁXIMO DE 170 KNM - CHI DIURNO. AF_06/2015","CHI",154.99,"COMPOSIÇÃO"]
[90681,"PERFURATRIZ HIDRÁULICA SOBRE CAMINHÃO COM TRADO CURTO ACOPLADO, PROFUNDIDADE MÁXIMA DE 20 M, DIÂMETRO MÁXIMO DE 1500 MM, POTÊNCIA INSTALADA DE 137 HP, MESA ROTATIVA COM TORQUE MÁXIMO DE 30 KNM - CHI DIURNO. AF_06/2015","CHI",89.18,"COMPOSIÇÃO"]
[90687,"MANIPULADOR TELESCÓPICO, POTÊNCIA DE 85 HP, CAPACIDADE DE CARGA DE 3.500 KG, ALTURA MÁXIMA DE ELEVAÇÃO DE 12,3 M - CHI DIURNO. AF_06/2015","CHI",41.33,"COMPOSIÇÃO"]
[90693,"MINICARREGADEIRA SOBRE RODAS, POTÊNCIA LÍQUIDA DE 47 HP, CAPACIDADE NOMINAL DE OPERAÇÃO DE 646 KG - CHI DIURNO. AF_06/2015","CHI",30.69,"COMPOSIÇÃO"]
[90965,"COMPRESSOR DE AR REBOCÁVEL, VAZÃO 89 PCM, PRESSÃO EFETIVA DE TRABALHO 102 PSI, MOTOR DIESEL, POTÊNCIA 20 CV - CHI DIURNO. AF_06/2015","CHI",4.24,"COMPOSIÇÃO"]
[90973,"COMPRESSOR DE AR REBOCAVEL, VAZÃO 250 PCM, PRESSAO DE TRABALHO 102 PSI, MOTOR A DIESEL POTÊNCIA 81 CV - CHI DIURNO. AF_06/2015","CHI",4.25,"COMPOSIÇÃO"]
[90982,"COMPRESSOR DE AR REBOCÁVEL, VAZÃO 748 PCM, PRESSÃO EFETIVA DE TRABALHO 102 PSI, MOTOR DIESEL, POTÊNCIA 210 CV - CHI DIURNO. AF_06/2015","CHI",10.8,"COMPOSIÇÃO"]
[91001,"COMPRESSOR DE AR REBOCAVEL, VAZÃO 400 PCM, PRESSAO DE TRABALHO 102 PSI, MOTOR A DIESEL POTÊNCIA 110 CV - CHI DIURNO. AF_06/2015","CHI",5.04,"COMPOSIÇÃO"]
[91032,"CAMINHÃO TRUCADO (C/ TERCEIRO EIXO) ELETRÔNICO - POTÊNCIA 231CV - PBT = 22000KG - DIST. ENTRE EIXOS 5170 MM - INCLUI CARROCERIA FIXA ABERTA DE MADEIRA - CHI DIURNO. AF_06/2015","CHI",29.34,"COMPOSIÇÃO"]
[91278,"PLACA VIBRATÓRIA REVERSÍVEL COM MOTOR 4 TEMPOS A GASOLINA, FORÇA CENTRÍFUGA DE 25 KN (2500 KGF), POTÊNCIA 5,5 CV - CHI DIURNO. AF_08/2015","CHI",0.45,"COMPOSIÇÃO"]
[91285,"CORTADORA DE PISO COM MOTOR 4 TEMPOS A GASOLINA, POTÊNCIA DE 13 HP, COM DISCO DE CORTE DIAMANTADO SEGMENTADO PARA CONCRETO, DIÂMETRO DE 350 MM, FURO DE 1\" (14 X 1\") - CHI DIURNO. AF_08/2015","CHI",0.93,"COMPOSIÇÃO"]
[91387,"CAMINHÃO BASCULANTE 10 M3, TRUCADO CABINE SIMPLES, PESO BRUTO TOTAL 23.000 KG, CARGA ÚTIL MÁXIMA 15.935 KG, DISTÂNCIA ENTRE EIXOS 4,80 M, POTÊNCIA 230 CV INCLUSIVE CAÇAMBA METÁLICA - CHI DIURNO. AF_06/2014","CHI",32.25,"COMPOSIÇÃO"]
[91395,"CAMINHÃO TOCO, PBT 14.300 KG, CARGA ÚTIL MÁX. 9.710 KG, DIST. ENTRE EIXOS 3,56 M, POTÊNCIA 185 CV, INCLUSIVE CARROCERIA FIXA ABERTA DE MADEIRA P/ TRANSPORTE GERAL DE CARGA SECA, DIMEN. APROX. 2,50 X 6,50 X 0,50 M - CHI DIURNO. AF_06/2014","CHI",27.18,"COMPOSIÇÃO"]
[91486,"ESPARGIDOR DE ASFALTO PRESSURIZADO, TANQUE 6 M3 COM ISOLAÇÃO TÉRMICA, AQUECIDO COM 2 MAÇARICOS, COM BARRA ESPARGIDORA 3,60 M, MONTADO SOBRE CAMINHÃO  TOCO, PBT 14.300 KG, POTÊNCIA 185 CV - CHI DIURNO. AF_08/2015","CHI",32.6,"COMPOSIÇÃO"]
[91534,"COMPACTADOR DE SOLOS DE PERCUSSÃO (SOQUETE) COM MOTOR A GASOLINA 4 TEMPOS, POTÊNCIA 4 CV - CHI DIURNO. AF_08/2015","CHI",15.66,"COMPOSIÇÃO"]
[91635,"GUINDAUTO HIDRÁULICO, CAPACIDADE MÁXIMA DE CARGA 6500 KG, MOMENTO MÁXIMO DE CARGA 5,8 TM, ALCANCE MÁXIMO HORIZONTAL 7,60 M, INCLUSIVE CAMINHÃO TOCO PBT 9.700 KG, POTÊNCIA DE 160 CV - CHI DIURNO. AF_08/2015","CHI",29.02,"COMPOSIÇÃO"]
[91646,"CAMINHÃO DE TRANSPORTE DE MATERIAL ASFÁLTICO 30.000 L, COM CAVALO MECÂNICO DE CAPACIDADE MÁXIMA DE TRAÇÃO COMBINADO DE 66.000 KG, POTÊNCIA 360 CV, INCLUSIVE TANQUE DE ASFALTO COM SERPENTINA - CHI DIURNO. AF_08/2015","CHI",48.52,"COMPOSIÇÃO"]
[91693,"SERRA CIRCULAR DE BANCADA COM MOTOR ELÉTRICO POTÊNCIA DE 5HP, COM COIFA PARA DISCO 10\" - CHI DIURNO. AF_08/2015","CHI",15.09,"COMPOSIÇÃO"]
[92044,"DISTRIBUIDOR DE AGREGADOS REBOCAVEL, CAPACIDADE 1,9 M³, LARGURA DE TRABALHO 3,66 M - CHI DIURNO. AF_11/2015","CHI",4.5599999999999996,"COMPOSIÇÃO"]
[92107,"CAMINHÃO PARA EQUIPAMENTO DE LIMPEZA A SUCÇÃO COM CAMINHÃO TRUCADO DE PESO BRUTO TOTAL 23000 KG, CARGA ÚTIL MÁXIMA 15935 KG, DISTÂNCIA ENTRE EIXOS 4,80 M, POTÊNCIA 230 CV, INCLUSIVE LIMPADORA A SUCÇÃO, TANQUE 12000 L - CHI DIURNO. AF_11/2015","CHI",33.130000000000003,"COMPOSIÇÃO"]
[92113,"PENEIRA ROTATIVA COM MOTOR ELÉTRICO TRIFÁSICO DE 2 CV, CILINDRO DE 1 M X 0,60 M, COM FUROS DE 3,17 MM - CHI DIURNO. AF_11/2015","CHI",0.82,"COMPOSIÇÃO"]
[92119,"DOSADOR DE AREIA, CAPACIDADE DE 26 LITROS - CHI DIURNO. AF_11/2015","CHI",0.08,"COMPOSIÇÃO"]
[92139,"CAMINHONETE COM MOTOR A DIESEL, POTÊNCIA 180 CV, CABINE DUPLA, 4X4 - CHI DIURNO. AF_11/2015","CHI",25.1,"COMPOSIÇÃO"]
[92146,"CAMINHONETE CABINE SIMPLES COM MOTOR 1.6 FLEX, CÂMBIO MANUAL, POTÊNCIA 101/104 CV, 2 PORTAS - CHI DIURNO. AF_11/2015","CHI",18.03,"COMPOSIÇÃO"]
[92243,"CAMINHÃO DE TRANSPORTE DE MATERIAL ASFÁLTICO 20.000 L, COM CAVALO MECÂNICO DE CAPACIDADE MÁXIMA DE TRAÇÃO COMBINADO DE 45.000 KG, POTÊNCIA 330 CV, INCLUSIVE TANQUE DE ASFALTO COM MAÇARICO - CHI DIURNO. AF_12/2015","CHI",40.799999999999997,"COMPOSIÇÃO"]
[92717,"APARELHO PARA CORTE E SOLDA OXI-ACETILENO SOBRE RODAS, INCLUSIVE CILINDROS E MAÇARICOS - CHI DIURNO. AF_12/2015","CHI",0.34,"COMPOSIÇÃO"]
[92961,"MÁQUINA EXTRUSORA DE CONCRETO PARA GUIAS E SARJETAS, MOTOR A DIESEL, POTÊNCIA 14 CV - CHI DIURNO. AF_12/2015","CHI",4.34,"COMPOSIÇÃO"]
[92967,"MARTELO PERFURADOR PNEUMÁTICO MANUAL, HASTE 25 X 75 MM, 21 KG - CHI DIURNO. AF_12/2015","CHI",14.43,"COMPOSIÇÃO"]
[93225,"PERFURATRIZ COM TORRE METÁLICA PARA EXECUÇÃO DE ESTACA HÉLICE CONTÍNUA, PROFUNDIDADE MÁXIMA DE 32 M, DIÂMETRO MÁXIMO DE 1000 MM, POTÊNCIA INSTALADA DE 350 HP, MESA ROTATIVA COM TORQUE MÁXIMO DE 263 KNM - CHI DIURNO. AF_01/2016","CHI",232.7,"COMPOSIÇÃO"]
[93234,"BETONEIRA CAPACIDADE NOMINAL 400 L, CAPACIDADE DE MISTURA 310 L, MOTOR A GASOLINA POTÊNCIA 5,5 HP, SEM CARREGADOR - CHI DIURNO. AF_02/2016","CHI",0.34,"COMPOSIÇÃO"]
[93244,"ROLO COMPACTADOR VIBRATÓRIO PÉ DE CARNEIRO PARA SOLOS, POTÊNCIA 80 HP, PESO OPERACIONAL SEM/COM LASTRO 7,4 / 8,8 T, LARGURA DE TRABALHO 1,68 M - CHI DIURNO. AF_02/2016","CHI",33.86,"COMPOSIÇÃO"]
[93274,"GRUA ASCENSIONAL, LANÇA DE 30 M, CAPACIDADE DE 1,0 T A 30 M, ALTURA ATÉ 39 M - CHI DIURNO. AF_03/2016","CHI",41.51,"COMPOSIÇÃO"]
[93282,"GUINCHO ELÉTRICO DE COLUNA, CAPACIDADE 400 KG, COM MOTO FREIO, MOTOR TRIFÁSICO DE 1,25 CV - CHI DIURNO. AF_03/2016","CHI",14.71,"COMPOSIÇÃO"]
[93288,"GUINDASTE HIDRÁULICO AUTOPROPELIDO, COM LANÇA TELESCÓPICA 40 M, CAPACIDADE MÁXIMA 60 T, POTÊNCIA 260 KW - CHI DIURNO. AF_03/2016","CHI",78.48,"COMPOSIÇÃO"]
[93403,"GUINDAUTO HIDRÁULICO, CAPACIDADE MÁXIMA DE CARGA 3300 KG, MOMENTO MÁXIMO DE CARGA 5,8 TM, ALCANCE MÁXIMO HORIZONTAL 7,60 M, INCLUSIVE CAMINHÃO TOCO PBT 16.000 KG, POTÊNCIA DE 189 CV - CHI DIURNO. AF_03/2016","CHI",29.02,"COMPOSIÇÃO"]
[93409,"MÁQUINA JATO DE PRESSAO PORTÁTIL, CAMARA DE 1 SAIDA, CAPACIDADE 280 L, DIAMETRO 670 MM, BICO DE JATO CURTO VENTURI DE 5/16'' , MANGUEIRA DE 1'' COM COMPRESSOR DE AR REBOCÁVEL 189 PCM E MOTOR DIESEL 63 CV - CHI DIURNO. AF_03/2016","CHI",22.7,"COMPOSIÇÃO"]
[93416,"GERADOR PORTÁTIL MONOFÁSICO, POTÊNCIA 5500 VA, MOTOR A GASOLINA, POTÊNCIA DO MOTOR 13 CV - CHI DIURNO. AF_03/2016","CHI",0.24,"COMPOSIÇÃO"]
[93422,"GRUPO GERADOR REBOCÁVEL, POTÊNCIA 66 KVA, MOTOR A DIESEL - CHI DIURNO. AF_03/2016","CHI",3.25,"COMPOSIÇÃO"]
[93428,"GRUPO GERADOR ESTACIONÁRIO, POTÊNCIA 150 KVA, MOTOR A DIESEL- CHI DIURNO. AF_03/2016","CHI",4.6100000000000003,"COMPOSIÇÃO"]
[93434,"USINA DE MISTURA ASFÁLTICA À QUENTE, TIPO CONTRA FLUXO, PROD 40 A 80 TON/HORA - CHI DIURNO. AF_03/2016","CHI",157.36000000000001,"COMPOSIÇÃO"]
[93440,"USINA DE ASFALTO À FRIO, CAPACIDADE DE 40 A 60 TON/HORA, ELÉTRICA POTÊNCIA 30 CV - CHI DIURNO. AF_03/2016","CHI",83.8,"COMPOSIÇÃO"]
[95122,"USINA MISTURADORA DE SOLOS, CAPACIDADE DE 200 A 500 TON/H, POTENCIA 75KW - CHI DIURNO. AF_07/2016","CHI",119.64,"COMPOSIÇÃO"]
[95128,"DISTRIBUIDOR DE AGREGADOS AUTOPROPELIDO, CAP 3 M3, A DIESEL, POTÊNCIA 176CV - CHI DIURNO. AF_07/2016","CHI",28.18,"COMPOSIÇÃO"]
[95140,"TALHA MANUAL DE CORRENTE, CAPACIDADE DE 2 TON. COM ELEVAÇÃO DE 3 M - CHI DIURNO. AF_07/2016","CHI",0.04,"COMPOSIÇÃO"]
[95213,"GRUA ASCENCIONAL, LANÇA DE 42 M, CAPACIDADE DE 1,5 T A 30 M, ALTURA ATÉ 39 M - CHI DIURNO. AF_08/2016","CHI",45.11,"COMPOSIÇÃO"]
[95219,"PULVERIZADOR DE TINTA ELÉTRICO/MÁQUINA DE PINTURA AIRLESS, VAZÃO 2 L/MIN - CHI DIURNO. AF_08/2016","CHI",21.41,"COMPOSIÇÃO"]
[95259,"MARTELO DEMOLIDOR PNEUMÁTICO MANUAL, 32 KG - CHI DIURNO. AF_09/2016","CHI",14.18,"COMPOSIÇÃO"]
[95265,"COMPACTADOR DE SOLOS DE PERCUSÃO (SOQUETE) COM MOTOR A GASOLINA, POTÊNCIA 3 CV - CHI DIURNO. AF_09/2016","CHI",0.63,"COMPOSIÇÃO"]
[95271,"RÉGUA VIBRATÓRIA DUPLA PARA CONCRETO, PESO DE 60KG, COMPRIMENTO 4 M, COM MOTOR A GASOLINA, POTÊNCIA 5,5 HP - CHI DIURNO. AF_09/2016","CHI",0.45,"COMPOSIÇÃO"]
[95277,"POLIDORA DE PISO (POLITRIZ), PESO DE 100KG, DIÂMETRO 450 MM, MOTOR ELÉTRICO, POTÊNCIA 4 HP - CHI DIURNO. AF_09/2016","CHI",0.44,"COMPOSIÇÃO"]
[95283,"DESEMPENADEIRA DE CONCRETO, PESO DE 75KG, 4 PÁS, MOTOR A GASOLINA, POTÊNCIA 5,5 HP - CHI DIURNO. AF_09/2016","CHI",0.49,"COMPOSIÇÃO"]
[95621,"PERFURATRIZ PNEUMATICA MANUAL DE PESO MEDIO, MARTELETE, 18KG, COMPRIMENTO MÁXIMO DE CURSO DE 6 M, DIAMETRO DO PISTAO DE 5,5 CM - CHI DIURNO. AF_11/2016","CHI",13.9,"COMPOSIÇÃO"]
[95632,"ROLO COMPACTADOR VIBRATORIO TANDEM, ACO LISO, POTENCIA 125 HP, PESO SEM/COM LASTRO 10,20/11,65 T, LARGURA DE TRABALHO 1,73 M - CHI DIURNO. AF_11/2016","CHI",42.15,"COMPOSIÇÃO"]
[95703,"PERFURATRIZ MANUAL, TORQUE MAXIMO 55 KGF.M, POTENCIA 5 CV, COM DIAMETRO MAXIMO 8 1/2\" - CHI DIURNO. AF_11/2016","CHI",20.18,"COMPOSIÇÃO"]
[95709,"PERFURATRIZ SOBRE ESTEIRA, TORQUE MÁXIMO 600 KGF, POTÊNCIA ENTRE 50 E 60 HP, DIÂMETRO MÁXIMO 10\u0094 - CHI DIURNO. AF_11/2016","CHI",44.32,"COMPOSIÇÃO"]
[95715,"ESCAVADEIRA HIDRAULICA SOBRE ESTEIRA, COM GARRA GIRATORIA DE MANDIBULAS, PESO OPERACIONAL ENTRE 22,00 E 25,50 TON, POTENCIA LIQUIDA ENTRE 150 E 160 HP - CHI DIURNO. AF_11/2016","CHI",53.47,"COMPOSIÇÃO"]
[95721,"ESCAVADEIRA HIDRAULICA SOBRE ESTEIRA, EQUIPADA COM CLAMSHELL, COM CAPACIDADE DA CAÇAMBA ENTRE 1,20 E 1,50 M3, PESO OPERACIONAL ENTRE 20,00 E 22,00 TON, POTENCIA LIQUIDA ENTRE 150 E 160 HP - CHI DIURNO. AF_11/2016","CHI",52.16,"COMPOSIÇÃO"]
[95873,"GRUPO GERADOR COM CARENAGEM, MOTOR DIESEL POTÊNCIA STANDART ENTRE 250 E 260 KVA - CHI DIURNO. AF_12/2016","CHI",7.36,"COMPOSIÇÃO"]
[96014,"TRATOR DE PNEUS COM POTÊNCIA DE 122 CV, TRAÇÃO 4X4, COM VASSOURA MECÂNICA ACOPLADA - CHI DIURNO. AF_02/2017","CHI",29.68,"COMPOSIÇÃO"]
[96021,"TRATOR DE PNEUS COM POTÊNCIA DE 122 CV, TRAÇÃO 4X4, COM GRADE DE DISCOS ACOPLADA - CHI DIURNO. AF_02/2017","CHI",29.56,"COMPOSIÇÃO"]
[96029,"TRATOR DE PNEUS COM POTÊNCIA DE 85 CV, TRAÇÃO 4X4, COM GRADE DE DISCOS ACOPLADA - CHI DIURNO. AF_02/2017","CHI",26.25,"COMPOSIÇÃO"]
[96036,"CAMINHÃO BASCULANTE 10 M3, TRUCADO, POTÊNCIA 230 CV, INCLUSIVE CAÇAMBA METÁLICA, COM DISTRIBUIDOR DE AGREGADOS ACOPLADO - CHI DIURNO. AF_02/2017","CHI",35.119999999999997,"COMPOSIÇÃO"]
[96155,"TRATOR DE PNEUS COM POTÊNCIA DE 85 CV, TRAÇÃO 4X4, COM VASSOURA MECÂNICA ACOPLADA - CHI DIURNO. AF_02/2017","CHI",26.37,"COMPOSIÇÃO"]
[96156,"MINICARREGADEIRA SOBRE RODAS POTENCIA 47HP CAPACIDADE OPERACAO 646 KG, COM VASSOURA MECÂNICA ACOPLADA - CHI DIURNO. AF_03/2017","CHI",33.880000000000003,"COMPOSIÇÃO"]
[96159,"MÁQUINA DEMARCADORA DE FAIXA DE TRÁFEGO À FRIO, AUTOPROPELIDA, POTÊNCIA 38 HP - CHI DIURNO. AF_07/2016","CHI",41,"COMPOSIÇÃO"]
[96246,"MINIESCAVADEIRA SOBRE ESTEIRAS, POTENCIA LIQUIDA DE *30* HP, PESO OPERACIONAL DE *3.500* KG - CHI DIURNO. AF_04/2017","CHI",34.58,"COMPOSIÇÃO"]
[96302,"PERFURATRIZ ROTATIVA SOBRE ESTEIRA, TORQUE MAXIMO 2500 KGM, POTENCIA 110 HP, MOTOR DIESEL - CHI DIURNO. AF_05/2017","CHI",60.63,"COMPOSIÇÃO"]
[96308,"COMPRESSOR DE AR, VAZAO DE 10 PCM, RESERVATORIO 100 L, PRESSAO DE TRABALHO ENTRE 6,9 E 9,7 BAR  POTENCIA 2 HP, TENSAO 110/220 V \u0096 CHI DIURNO. AF_05/2017","CHI",0.14000000000000001,"COMPOSIÇÃO"]
[96464,"ROLO COMPACTADOR DE PNEUS, ESTATICO, PRESSAO VARIAVEL, POTENCIA 110 HP, PESO SEM/COM LASTRO 10,8/27 T, LARGURA DE ROLAGEM 2,30 M - CHI DIURNO. AF_06/2017","CHI",45.11,"COMPOSIÇÃO"]
[98765,"INVERSOR DE SOLDA MONOFÁSICO DE 160 A, POTÊNCIA DE 5400 W, TENSÃO DE 220 V, PARA SOLDA COM ELETRODOS DE 2,0 A 4,0 MM E PROCESSO TIG - CHI DIURNO. AF_06/2018","CHI",0.14000000000000001,"COMPOSIÇÃO"]
[99834,"LAVADORA DE ALTA PRESSAO (LAVA-JATO) PARA AGUA FRIA, PRESSAO DE OPERACAO ENTRE 1400 E 1900 LIB/POL2, VAZAO MAXIMA ENTRE 400 E 700 L/H - CHI DIURNO. AF_04/2019","CHI",0.26,"COMPOSIÇÃO"]
[100642,"USINA DE MISTURA ASFÁLTICA À QUENTE, TIPO CONTRA FLUXO, PROD 100 A 140 TON/HORA - CHI DIURNO. AF_12/2019","CHI",111.49,"COMPOSIÇÃO"]
[100648,"USINA DE ASFALTO, TIPO GRAVIMÉTRICA, PROD 150 TON/HORA - CHI DIURNO. AF_12/2019","CHI",267.70999999999998,"COMPOSIÇÃO"]
[5089,"ROLO COMPACTADOR VIBRATÓRIO PÉ DE CARNEIRO PARA SOLOS, POTÊNCIA 80 HP, PESO OPERACIONAL SEM/COM LASTRO 7,4 / 8,8 T, LARGURA DE TRABALHO 1,68 M - MANUTENÇÃO. AF_02/2016","H",20.76,"COMPOSIÇÃO"]
[5627,"ESCAVADEIRA HIDRÁULICA SOBRE ESTEIRAS, CAÇAMBA 0,80 M3, PESO OPERACIONAL 17 T, POTENCIA BRUTA 111 HP - DEPRECIAÇÃO. AF_06/2014","H",26.32,"COMPOSIÇÃO"]
[5628,"ESCAVADEIRA HIDRÁULICA SOBRE ESTEIRAS, CAÇAMBA 0,80 M3, PESO OPERACIONAL 17 T, POTENCIA BRUTA 111 HP - JUROS. AF_06/2014","H",3.57,"COMPOSIÇÃO"]
[5629,"ESCAVADEIRA HIDRÁULICA SOBRE ESTEIRAS, CAÇAMBA 0,80 M3, PESO OPERACIONAL 17 T, POTENCIA BRUTA 111 HP - MANUTENÇÃO. AF_06/2014","H",32.9,"COMPOSIÇÃO"]
[5630,"ESCAVADEIRA HIDRÁULICA SOBRE ESTEIRAS, CAÇAMBA 0,80 M3, PESO OPERACIONAL 17 T, POTENCIA BRUTA 111 HP - MATERIAIS NA OPERAÇÃO. AF_06/2014","H",38.979999999999997,"COMPOSIÇÃO"]
[5658,"GRADE DE DISCO CONTROLE REMOTO REBOCÁVEL, COM 24 DISCOS 24\u0094 X 6 MM COM PNEUS PARA TRANSPORTE - MANUTENÇÃO. AF_06/2014","H",1.22,"COMPOSIÇÃO"]
[5664,"RETROESCAVADEIRA SOBRE RODAS COM CARREGADEIRA, TRAÇÃO 4X4, POTÊNCIA LÍQ. 88 HP, CAÇAMBA CARREG. CAP. MÍN. 1 M3, CAÇAMBA RETRO CAP. 0,26 M3, PESO OPERACIONAL MÍN. 6.674 KG, PROFUNDIDADE ESCAVAÇÃO MÁX. 4,37 M - MANUTENÇÃO. AF_06/2014","H",17.96,"COMPOSIÇÃO"]
[5667,"RETROESCAVADEIRA SOBRE RODAS COM CARREGADEIRA, TRAÇÃO 4X2, POTÊNCIA LÍQ. 79 HP, CAÇAMBA CARREG. CAP. MÍN. 1 M3, CAÇAMBA RETRO CAP. 0,20 M3, PESO OPERACIONAL MÍN. 6.570 KG, PROFUNDIDADE ESCAVAÇÃO MÁX. 4,37 M - MANUTENÇÃO. AF_06/2014","H",15.97,"COMPOSIÇÃO"]
[5668,"RETROESCAVADEIRA SOBRE RODAS COM CARREGADEIRA, TRAÇÃO 4X2, POTÊNCIA LÍQ. 79 HP, CAÇAMBA CARREG. CAP. MÍN. 1 M3, CAÇAMBA RETRO CAP. 0,20 M3, PESO OPERACIONAL MÍN. 6.570 KG, PROFUNDIDADE ESCAVAÇÃO MÁX. 4,37 M - MATERIAIS NA OPERAÇÃO. AF_06/2014","H",29.82,"COMPOSIÇÃO"]
[5674,"ROLO COMPACTADOR VIBRATÓRIO DE UM CILINDRO AÇO LISO, POTÊNCIA 80 HP, PESO OPERACIONAL MÁXIMO 8,1 T, IMPACTO DINÂMICO 16,15 / 9,5 T, LARGURA DE TRABALHO 1,68 M - MANUTENÇÃO. AF_06/2014","H",19.97,"COMPOSIÇÃO"]
[5692,"MOTOBOMBA CENTRÍFUGA, MOTOR A GASOLINA, POTÊNCIA 5,42 HP, BOCAIS 1 1/2\" X 1\", DIÂMETRO ROTOR 143 MM HM/Q = 6 MCA / 16,8 M3/H A 38 MCA / 6,6 M3/H - MANUTENÇÃO. AF_06/2014","H",0.18,"COMPOSIÇÃO"]
[5693,"MOTOBOMBA CENTRÍFUGA, MOTOR A GASOLINA, POTÊNCIA 5,42 HP, BOCAIS 1 1/2\" X 1\", DIÂMETRO ROTOR 143 MM HM/Q = 6 MCA / 16,8 M3/H A 38 MCA / 6,6 M3/H - MATERIAIS NA OPERAÇÃO. AF_06/2014","H",6.07,"COMPOSIÇÃO"]
[5695,"CAMINHÃO BASCULANTE 6 M3, PESO BRUTO TOTAL 16.000 KG, CARGA ÚTIL MÁXIMA 13.071 KG, DISTÂNCIA ENTRE EIXOS 4,80 M, POTÊNCIA 230 CV INCLUSIVE CAÇAMBA METÁLICA - MANUTENÇÃO. AF_06/2014","H",22.56,"COMPOSIÇÃO"]
[5703,"USINA DE CONCRETO FIXA, CAPACIDADE NOMINAL DE 90 A 120 M3/H, SEM SILO - MATERIAIS NA OPERAÇÃO. AF_07/2016","H",19.510000000000002,"COMPOSIÇÃO"]
[5705,"CAMINHÃO TOCO, PBT 16.000 KG, CARGA ÚTIL MÁX. 10.685 KG, DIST. ENTRE EIXOS 4,8 M, POTÊNCIA 189 CV, INCLUSIVE CARROCERIA FIXA ABERTA DE MADEIRA P/ TRANSPORTE GERAL DE CARGA SECA, DIMEN. APROX. 2,5 X 7,00 X 0,50 M - MANUTENÇÃO. AF_06/2014","H",13.98,"COMPOSIÇÃO"]
[5707,"USINA MISTURADORA DE SOLOS, CAPACIDADE DE 200 A 500 TON/H, POTENCIA 75KW - MANUTENÇÃO. AF_07/2016","H",42.55,"COMPOSIÇÃO"]
[5710,"VIBROACABADORA DE ASFALTO SOBRE ESTEIRAS, LARGURA DE PAVIMENTAÇÃO 1,90 M A 5,30 M, POTÊNCIA 105 HP CAPACIDADE 450 T/H - MANUTENÇÃO. AF_11/2014","H",103.54,"COMPOSIÇÃO"]
[5711,"VIBROACABADORA DE ASFALTO SOBRE ESTEIRAS, LARGURA DE PAVIMENTAÇÃO 1,90 M A 5,30 M, POTÊNCIA 105 HP CAPACIDADE 450 T/H - MATERIAIS NA OPERAÇÃO. AF_11/2014","H",53.86,"COMPOSIÇÃO"]
[5714,"TRATOR DE PNEUS, POTÊNCIA 85 CV, TRAÇÃO 4X4, PESO COM LASTRO DE 4.675 KG - MANUTENÇÃO. AF_06/2014","H",8.74,"COMPOSIÇÃO"]
[5715,"TRATOR DE PNEUS, POTÊNCIA 85 CV, TRAÇÃO 4X4, PESO COM LASTRO DE 4.675 KG - MATERIAIS NA OPERAÇÃO. AF_06/2014","H",72.47,"COMPOSIÇÃO"]
[5718,"TRATOR DE ESTEIRAS, POTÊNCIA 170 HP, PESO OPERACIONAL 19 T, CAÇAMBA 5,2 M3 - MATERIAIS NA OPERAÇÃO. AF_06/2014","H",64.290000000000006,"COMPOSIÇÃO"]
[5721,"TRATOR DE ESTEIRAS, POTÊNCIA 150 HP, PESO OPERACIONAL 16,7 T, COM RODA MOTRIZ ELEVADA E LÂMINA 3,18 M3 - MATERIAIS NA OPERAÇÃO. AF_06/2014","H",56.72,"COMPOSIÇÃO"]
[5722,"TRATOR DE ESTEIRAS, POTÊNCIA 347 HP, PESO OPERACIONAL 38,5 T, COM LÂMINA 8,70 M3 - MATERIAIS NA OPERAÇÃO. AF_06/2014","H",131.18,"COMPOSIÇÃO"]
[5724,"TRATOR DE ESTEIRAS, POTÊNCIA 100 HP, PESO OPERACIONAL 9,4 T, COM LÂMINA 2,19 M3 - MANUTENÇÃO. AF_06/2014","H",34.31,"COMPOSIÇÃO"]
[5727,"ROLO COMPACTADOR VIBRATÓRIO REBOCÁVEL, CILINDRO DE AÇO LISO, POTÊNCIA DE TRAÇÃO DE 65 CV, PESO 4,7 T, IMPACTO DINÂMICO 18,3 T, LARGURA DE TRABALHO 1,67 M - MANUTENÇÃO. AF_02/2016","H",6.02,"COMPOSIÇÃO"]
[5729,"ROLO COMPACTADOR VIBRATÓRIO TANDEM AÇO LISO, POTÊNCIA 58 HP, PESO SEM/COM LASTRO 6,5 / 9,4 T, LARGURA DE TRABALHO 1,2 M - MANUTENÇÃO. AF_06/2014","H",24.52,"COMPOSIÇÃO"]
[5730,"ROLO COMPACTADOR VIBRATÓRIO TANDEM AÇO LISO, POTÊNCIA 58 HP, PESO SEM/COM LASTRO 6,5 / 9,4 T, LARGURA DE TRABALHO 1,2 M - MATERIAIS NA OPERAÇÃO. AF_06/2014","H",25.05,"COMPOSIÇÃO"]
[5735,"RETROESCAVADEIRA SOBRE RODAS COM CARREGADEIRA, TRAÇÃO 4X4, POTÊNCIA LÍQ. 72 HP, CAÇAMBA CARREG. CAP. MÍN. 0,79 M3, CAÇAMBA RETRO CAP. 0,18 M3, PESO OPERACIONAL MÍN. 7.140 KG, PROFUNDIDADE ESCAVAÇÃO MÁX. 4,50 M - MANUTENÇÃO. AF_06/2014","H",17.32,"COMPOSIÇÃO"]
[5736,"RETROESCAVADEIRA SOBRE RODAS COM CARREGADEIRA, TRAÇÃO 4X4, POTÊNCIA LÍQ. 72 HP, CAÇAMBA CARREG. CAP. MÍN. 0,79 M3, CAÇAMBA RETRO CAP. 0,18 M3, PESO OPERACIONAL MÍN. 7.140 KG, PROFUNDIDADE ESCAVAÇÃO MÁX. 4,50 M - MATERIAIS NA OPERAÇÃO. AF_06/2014","H",27.36,"COMPOSIÇÃO"]
[5738,"ROLO COMPACTADOR VIBRATÓRIO PÉ DE CARNEIRO, OPERADO POR CONTROLE REMOTO, POTÊNCIA 12,5 KW, PESO OPERACIONAL 1,675 T, LARGURA DE TRABALHO 0,85 M - DEPRECIAÇÃO. AF_02/2016","H",21.8,"COMPOSIÇÃO"]
[5739,"ROLO COMPACTADOR VIBRATÓRIO PÉ DE CARNEIRO, OPERADO POR CONTROLE REMOTO, POTÊNCIA 12,5 KW, PESO OPERACIONAL 1,675 T, LARGURA DE TRABALHO 0,85 M - MANUTENÇÃO. AF_02/2016","H",27.28,"COMPOSIÇÃO"]
[5741,"USINA DE LAMA ASFÁLTICA, PROD 30 A 50 T/H, SILO DE AGREGADO 7 M3, RESERVATÓRIOS PARA EMULSÃO E ÁGUA DE 2,3 M3 CADA, MISTURADOR TIPO PUG MILL A SER MONTADO SOBRE CAMINHÃO - MANUTENÇÃO. AF_10/2014","H",27.29,"COMPOSIÇÃO"]
[5742,"USINA DE LAMA ASFÁLTICA, PROD 30 A 50 T/H, SILO DE AGREGADO 7 M3, RESERVATÓRIOS PARA EMULSÃO E ÁGUA DE 2,3 M3 CADA, MISTURADOR TIPO PUG MILL A SER MONTADO SOBRE CAMINHÃO - MATERIAIS NA OPERAÇÃO. AF_10/2014","H",16.68,"COMPOSIÇÃO"]
[5747,"CAMINHÃO PIPA 6.000 L, PESO BRUTO TOTAL 13.000 KG, DISTÂNCIA ENTRE EIXOS 4,80 M, POTÊNCIA 189 CV INCLUSIVE TANQUE DE AÇO PARA TRANSPORTE DE ÁGUA, CAPACIDADE 6 M3 - MATERIAIS NA OPERAÇÃO. AF_06/2014","H",95.67,"COMPOSIÇÃO"]
[5751,"CAMINHÃO TOCO, PESO BRUTO TOTAL 14.300 KG, CARGA ÚTIL MÁXIMA 9590 KG, DISTÂNCIA ENTRE EIXOS 4,76 M, POTÊNCIA 185 CV (NÃO INCLUI CARROCERIA) - MANUTENÇÃO. AF_06/2014","H",15.17,"COMPOSIÇÃO"]
[5754,"CAMINHÃO TOCO, PESO BRUTO TOTAL 16.000 KG, CARGA ÚTIL MÁXIMA DE 10.685 KG, DISTÂNCIA ENTRE EIXOS 4,80 M, POTÊNCIA 189 CV EXCLUSIVE CARROCERIA - MANUTENÇÃO. AF_06/2014","H",12.78,"COMPOSIÇÃO"]
[5763,"CAMINHÃO PIPA 10.000 L TRUCADO, PESO BRUTO TOTAL 23.000 KG, CARGA ÚTIL MÁXIMA 15.935 KG, DISTÂNCIA ENTRE EIXOS 4,8 M, POTÊNCIA 230 CV, INCLUSIVE TANQUE DE AÇO PARA TRANSPORTE DE ÁGUA - MANUTENÇÃO. AF_06/2014","H",22.52,"COMPOSIÇÃO"]
[5765,"ESPARGIDOR DE ASFALTO PRESSURIZADO COM TANQUE DE 2500 L, REBOCÁVEL COM MOTOR A GASOLINA POTÊNCIA 3,4 HP - MANUTENÇÃO. AF_07/2014","H",1.92,"COMPOSIÇÃO"]
[5766,"ESPARGIDOR DE ASFALTO PRESSURIZADO COM TANQUE DE 2500 L, REBOCÁVEL COM MOTOR A GASOLINA POTÊNCIA 3,4 HP - MATERIAIS NA OPERAÇÃO. AF_07/2014","H",3.03,"COMPOSIÇÃO"]
[5779,"MOTONIVELADORA POTÊNCIA BÁSICA LÍQUIDA (PRIMEIRA MARCHA) 125 HP, PESO BRUTO 13032 KG, LARGURA DA LÂMINA DE 3,7 M - MANUTENÇÃO. AF_06/2014","H",38.03,"COMPOSIÇÃO"]
[5787,"PÁ CARREGADEIRA SOBRE RODAS, POTÊNCIA 197 HP, CAPACIDADE DA CAÇAMBA 2,5 A 3,5 M3, PESO OPERACIONAL 18338 KG - MATERIAIS NA OPERAÇÃO. AF_06/2014","H",42.57,"COMPOSIÇÃO"]
[5797,"COMPRESSOR DE AR REBOCÁVEL, VAZÃO 189 PCM, PRESSÃO EFETIVA DE TRABALHO 102 PSI, MOTOR DIESEL, POTÊNCIA 63 CV - MANUTENÇÃO. AF_06/2015","H",3.49,"COMPOSIÇÃO"]
[5800,"BOMBA SUBMERSÍVEL ELÉTRICA TRIFÁSICA, POTÊNCIA 2,96 HP, Ø ROTOR 144 MM SEMI-ABERTO, BOCAL DE SAÍDA Ø 2\u0094, HM/Q = 2 MCA / 38,8 M3/H A 28 MCA / 5 M3/H - MANUTENÇÃO. AF_06/2014","H",0.28999999999999998,"COMPOSIÇÃO"]
[7032,"TANQUE DE ASFALTO ESTACIONÁRIO COM SERPENTINA, CAPACIDADE 30.000 L - DEPRECIAÇÃO. AF_06/2014","H",3.34,"COMPOSIÇÃO"]
[7033,"TANQUE DE ASFALTO ESTACIONÁRIO COM SERPENTINA, CAPACIDADE 30.000 L - JUROS. AF_06/2014","H",0.55000000000000004,"COMPOSIÇÃO"]
[7034,"TANQUE DE ASFALTO ESTACIONÁRIO COM SERPENTINA, CAPACIDADE 30.000 L - MANUTENÇÃO. AF_06/2014","H",6.26,"COMPOSIÇÃO"]
[7035,"TANQUE DE ASFALTO ESTACIONÁRIO COM SERPENTINA, CAPACIDADE 30.000 L - MATERIAIS NA OPERAÇÃO. AF_06/2014","H",129.29,"COMPOSIÇÃO"]
[7038,"ROLO COMPACTADOR DE PNEUS ESTÁTICO, PRESSÃO VARIÁVEL, POTÊNCIA 111 HP, PESO SEM/COM LASTRO 9,5 / 26 T, LARGURA DE TRABALHO 1,90 M - DEPRECIAÇÃO. AF_07/2014","H",24.94,"COMPOSIÇÃO"]
[7039,"ROLO COMPACTADOR DE PNEUS ESTÁTICO, PRESSÃO VARIÁVEL, POTÊNCIA 111 HP, PESO SEM/COM LASTRO 9,5 / 26 T, LARGURA DE TRABALHO 1,90 M - JUROS. AF_07/2014","H",3.46,"COMPOSIÇÃO"]
[7040,"ROLO COMPACTADOR DE PNEUS ESTÁTICO, PRESSÃO VARIÁVEL, POTÊNCIA 111 HP, PESO SEM/COM LASTRO 9,5 / 26 T, LARGURA DE TRABALHO 1,90 M - MANUTENÇÃO. AF_07/2014","H",31.21,"COMPOSIÇÃO"]
[7044,"MOTOBOMBA TRASH (PARA ÁGUA SUJA) AUTO ESCORVANTE, MOTOR GASOLINA DE 6,41 HP, DIÂMETROS DE SUCÇÃO X RECALQUE: 3\" X 3\", HM/Q = 10 MCA / 60 M3/H A 23 MCA / 0 M3/H - DEPRECIAÇÃO. AF_10/2014","H",0.2,"COMPOSIÇÃO"]
[7045,"MOTOBOMBA TRASH (PARA ÁGUA SUJA) AUTO ESCORVANTE, MOTOR GASOLINA DE 6,41 HP, DIÂMETROS DE SUCÇÃO X RECALQUE: 3\" X 3\", HM/Q = 10 MCA / 60 M3/H A 23 MCA / 0 M3/H - JUROS. AF_10/2014","H",0.02,"COMPOSIÇÃO"]
[7046,"MOTOBOMBA TRASH (PARA ÁGUA SUJA) AUTO ESCORVANTE, MOTOR GASOLINA DE 6,41 HP, DIÂMETROS DE SUCÇÃO X RECALQUE: 3\" X 3\", HM/Q = 10 MCA / 60 M3/H A 23 MCA / 0 M3/H - MANUTENÇÃO. AF_10/2014","H",0.22,"COMPOSIÇÃO"]
[7047,"MOTOBOMBA TRASH (PARA ÁGUA SUJA) AUTO ESCORVANTE, MOTOR GASOLINA DE 6,41 HP, DIÂMETROS DE SUCÇÃO X RECALQUE: 3\" X 3\", HM/Q = 10 MCA / 60 M3/H A 23 MCA / 0 M3/H - MATERIAIS NA OPERAÇÃO. AF_10/2014","H",7.14,"COMPOSIÇÃO"]
[7051,"ROLO COMPACTADOR PE DE CARNEIRO VIBRATORIO, POTENCIA 125 HP, PESO OPERACIONAL SEM/COM LASTRO 11,95 / 13,30 T, IMPACTO DINAMICO 38,5 / 22,5 T, LARGURA DE TRABALHO 2,15 M - DEPRECIAÇÃO. AF_06/2014","H",22.12,"COMPOSIÇÃO"]
[7052,"ROLO COMPACTADOR PE DE CARNEIRO VIBRATORIO, POTENCIA 125 HP, PESO OPERACIONAL SEM/COM LASTRO 11,95 / 13,30 T, IMPACTO DINAMICO 38,5 / 22,5 T, LARGURA DE TRABALHO 2,15 M - JUROS. AF_06/2014","H",3.07,"COMPOSIÇÃO"]
[7053,"ROLO COMPACTADOR PE DE CARNEIRO VIBRATORIO, POTENCIA 125 HP, PESO OPERACIONAL SEM/COM LASTRO 11,95 / 13,30 T, IMPACTO DINAMICO 38,5 / 22,5 T, LARGURA DE TRABALHO 2,15 M - MANUTENÇÃO. AF_06/2014","H",27.68,"COMPOSIÇÃO"]
[7054,"ROLO COMPACTADOR PE DE CARNEIRO VIBRATORIO, POTENCIA 125 HP, PESO OPERACIONAL SEM/COM LASTRO 11,95 / 13,30 T, IMPACTO DINAMICO 38,5 / 22,5 T, LARGURA DE TRABALHO 2,15 M - MATERIAIS NA OPERAÇÃO. AF_06/2014","H",54.01,"COMPOSIÇÃO"]
[7058,"CAMINHÃO BASCULANTE 6 M3 TOCO, PESO BRUTO TOTAL 16.000 KG, CARGA ÚTIL MÁXIMA 11.130 KG, DISTÂNCIA ENTRE EIXOS 5,36 M, POTÊNCIA 185 CV, INCLUSIVE CAÇAMBA METÁLICA - DEPRECIAÇÃO. AF_06/2014","H",11.49,"COMPOSIÇÃO"]
[7059,"CAMINHÃO BASCULANTE 6 M3 TOCO, PESO BRUTO TOTAL 16.000 KG, CARGA ÚTIL MÁXIMA 11.130 KG, DISTÂNCIA ENTRE EIXOS 5,36 M, POTÊNCIA 185 CV, INCLUSIVE CAÇAMBA METÁLICA - JUROS. AF_06/2014","H",2.12,"COMPOSIÇÃO"]
[7060,"CAMINHÃO BASCULANTE 6 M3 TOCO, PESO BRUTO TOTAL 16.000 KG, CARGA ÚTIL MÁXIMA 11.130 KG, DISTÂNCIA ENTRE EIXOS 5,36 M, POTÊNCIA 185 CV, INCLUSIVE CAÇAMBA METÁLICA - MANUTENÇÃO. AF_06/2014","H",21.55,"COMPOSIÇÃO"]
[7061,"CAMINHÃO BASCULANTE 6 M3 TOCO, PESO BRUTO TOTAL 16.000 KG, CARGA ÚTIL MÁXIMA 11.130 KG, DISTÂNCIA ENTRE EIXOS 5,36 M, POTÊNCIA 185 CV, INCLUSIVE CAÇAMBA METÁLICA - MATERIAIS NA OPERAÇÃO. AF_06/2014","H",49.3,"COMPOSIÇÃO"]
[7063,"TRATOR DE PNEUS, POTÊNCIA 122 CV, TRAÇÃO 4X4, PESO COM LASTRO DE 4.510 KG - DEPRECIAÇÃO. AF_06/2014","H",10.9,"COMPOSIÇÃO"]
[7064,"TRATOR DE PNEUS, POTÊNCIA 122 CV, TRAÇÃO 4X4, PESO COM LASTRO DE 4.510 KG - JUROS. AF_06/2014","H",1.51,"COMPOSIÇÃO"]
[7065,"TRATOR DE PNEUS, POTÊNCIA 122 CV, TRAÇÃO 4X4, PESO COM LASTRO DE 4.510 KG - MANUTENÇÃO. AF_06/2014","H",11.93,"COMPOSIÇÃO"]
[7066,"TRATOR DE PNEUS, POTÊNCIA 122 CV, TRAÇÃO 4X4, PESO COM LASTRO DE 4.510 KG - MATERIAIS NA OPERAÇÃO. AF_06/2014","H",104,"COMPOSIÇÃO"]
[53786,"RETROESCAVADEIRA SOBRE RODAS COM CARREGADEIRA, TRAÇÃO 4X4, POTÊNCIA LÍQ. 88 HP, CAÇAMBA CARREG. CAP. MÍN. 1 M3, CAÇAMBA RETRO CAP. 0,26 M3, PESO OPERACIONAL MÍN. 6.674 KG, PROFUNDIDADE ESCAVAÇÃO MÁX. 4,37 M - MATERIAIS NA OPERAÇÃO. AF_06/2014","H",32.29,"COMPOSIÇÃO"]
[53788,"ROLO COMPACTADOR VIBRATÓRIO DE UM CILINDRO AÇO LISO, POTÊNCIA 80 HP, PESO OPERACIONAL MÁXIMO 8,1 T, IMPACTO DINÂMICO 16,15 / 9,5 T, LARGURA DE TRABALHO 1,68 M - MATERIAIS NA OPERAÇÃO. AF_06/2014","H",34.57,"COMPOSIÇÃO"]
[53792,"CAMINHÃO BASCULANTE 6 M3, PESO BRUTO TOTAL 16.000 KG, CARGA ÚTIL MÁXIMA 13.071 KG, DISTÂNCIA ENTRE EIXOS 4,80 M, POTÊNCIA 230 CV INCLUSIVE CAÇAMBA METÁLICA - MATERIAIS NA OPERAÇÃO. AF_06/2014","H",61.28,"COMPOSIÇÃO"]
[53794,"USINA DE CONCRETO FIXA, CAPACIDADE NOMINAL DE 90 A 120 M3/H, SEM SILO - MANUTENÇÃO. AF_07/2016","H",35,"COMPOSIÇÃO"]
[53797,"CAMINHÃO TOCO, PBT 16.000 KG, CARGA ÚTIL MÁX. 10.685 KG, DIST. ENTRE EIXOS 4,8 M, POTÊNCIA 189 CV, INCLUSIVE CARROCERIA FIXA ABERTA DE MADEIRA P/ TRANSPORTE GERAL DE CARGA SECA, DIMEN. APROX. 2,5 X 7,00 X 0,50 M - MATERIAIS NA OPERAÇÃO. AF_06/2014","H",70.48,"COMPOSIÇÃO"]
[53804,"VASSOURA MECÂNICA REBOCÁVEL COM ESCOVA CILÍNDRICA, LARGURA ÚTIL DE VARRIMENTO DE 2,44 M - MANUTENÇÃO. AF_06/2014","H",2.54,"COMPOSIÇÃO"]
[53806,"TRATOR DE ESTEIRAS, POTÊNCIA 170 HP, PESO OPERACIONAL 19 T, CAÇAMBA 5,2 M3 - MANUTENÇÃO. AF_06/2014","H",44.2,"COMPOSIÇÃO"]
[53810,"TRATOR DE ESTEIRAS, POTÊNCIA 150 HP, PESO OPERACIONAL 16,7 T, COM RODA MOTRIZ ELEVADA E LÂMINA 3,18 M3 - MANUTENÇÃO. AF_06/2014","H",44.48,"COMPOSIÇÃO"]
[53814,"TRATOR DE ESTEIRAS, POTÊNCIA 347 HP, PESO OPERACIONAL 38,5 T, COM LÂMINA 8,70 M3 - MANUTENÇÃO. AF_06/2014","H",145.69,"COMPOSIÇÃO"]
[53817,"TRATOR DE ESTEIRAS, POTÊNCIA 100 HP, PESO OPERACIONAL 9,4 T, COM LÂMINA 2,19 M3 - MATERIAIS NA OPERAÇÃO. AF_06/2014","H",37.79,"COMPOSIÇÃO"]
[53818,"ROLO COMPACTADOR VIBRATÓRIO REBOCÁVEL, CILINDRO DE AÇO LISO, POTÊNCIA DE TRAÇÃO DE 65 CV, PESO 4,7 T, IMPACTO DINÂMICO 18,3 T, LARGURA DE TRABALHO 1,67 M - DEPRECIAÇÃO. AF_02/2016","H",4.8099999999999996,"COMPOSIÇÃO"]
[53827,"CAMINHÃO TOCO, PESO BRUTO TOTAL 14.300 KG, CARGA ÚTIL MÁXIMA 9590 KG, DISTÂNCIA ENTRE EIXOS 4,76 M, POTÊNCIA 185 CV (NÃO INCLUI CARROCERIA) - MATERIAIS NA OPERAÇÃO. AF_06/2014","H",68.989999999999995,"COMPOSIÇÃO"]
[53829,"CAMINHÃO TOCO, PESO BRUTO TOTAL 16.000 KG, CARGA ÚTIL MÁXIMA DE 10.685 KG, DISTÂNCIA ENTRE EIXOS 4,80 M, POTÊNCIA 189 CV EXCLUSIVE CARROCERIA - MATERIAIS NA OPERAÇÃO. AF_06/2014","H",70.48,"COMPOSIÇÃO"]
[53831,"CAMINHÃO PIPA 10.000 L TRUCADO, PESO BRUTO TOTAL 23.000 KG, CARGA ÚTIL MÁXIMA 15.935 KG, DISTÂNCIA ENTRE EIXOS 4,8 M, POTÊNCIA 230 CV, INCLUSIVE TANQUE DE AÇO PARA TRANSPORTE DE ÁGUA - MATERIAIS NA OPERAÇÃO. AF_06/2014","H",116.41,"COMPOSIÇÃO"]
[53840,"GRADE DE DISCO REBOCÁVEL COM 20 DISCOS 24\" X 6 MM COM PNEUS PARA TRANSPORTE - DEPRECIAÇÃO. AF_06/2014","H",1.38,"COMPOSIÇÃO"]
[53841,"GRADE DE DISCO REBOCÁVEL COM 20 DISCOS 24\" X 6 MM COM PNEUS PARA TRANSPORTE - MANUTENÇÃO. AF_06/2014","H",0.96,"COMPOSIÇÃO"]
[53849,"MOTONIVELADORA POTÊNCIA BÁSICA LÍQUIDA (PRIMEIRA MARCHA) 125 HP, PESO BRUTO 13032 KG, LARGURA DA LÂMINA DE 3,7 M - MATERIAIS NA OPERAÇÃO. AF_06/2014","H",50.64,"COMPOSIÇÃO"]
[53857,"PÁ CARREGADEIRA SOBRE RODAS, POTÊNCIA LÍQUIDA 128 HP, CAPACIDADE DA CAÇAMBA 1,7 A 2,8 M3, PESO OPERACIONAL 11632 KG - MANUTENÇÃO. AF_06/2014","H",25.66,"COMPOSIÇÃO"]
[53858,"PÁ CARREGADEIRA SOBRE RODAS, POTÊNCIA LÍQUIDA 128 HP, CAPACIDADE DA CAÇAMBA 1,7 A 2,8 M3, PESO OPERACIONAL 11632 KG - MATERIAIS NA OPERAÇÃO. AF_06/2014","H",48.39,"COMPOSIÇÃO"]
[53861,"PÁ CARREGADEIRA SOBRE RODAS, POTÊNCIA 197 HP, CAPACIDADE DA CAÇAMBA 2,5 A 3,5 M3, PESO OPERACIONAL 18338 KG - MANUTENÇÃO. AF_06/2014","H",35.58,"COMPOSIÇÃO"]
[53863,"MARTELETE OU ROMPEDOR PNEUMÁTICO MANUAL, 28 KG, COM SILENCIADOR - MANUTENÇÃO. AF_07/2016","H",1.96,"COMPOSIÇÃO"]
[53865,"COMPRESSOR DE AR REBOCÁVEL, VAZÃO 189 PCM, PRESSÃO EFETIVA DE TRABALHO 102 PSI, MOTOR DIESEL, POTÊNCIA 63 CV - MATERIAIS NA OPERAÇÃO. AF_06/2015","H",28.52,"COMPOSIÇÃO"]
[53866,"BOMBA SUBMERSÍVEL ELÉTRICA TRIFÁSICA, POTÊNCIA 2,96 HP, Ø ROTOR 144 MM SEMI-ABERTO, BOCAL DE SAÍDA Ø 2\u0094, HM/Q = 2 MCA / 38,8 M3/H A 28 MCA / 5 M3/H - MATERIAIS NA OPERAÇÃO. AF_06/2014","H",1.57,"COMPOSIÇÃO"]
[53882,"CAMINHÃO PIPA 6.000 L, PESO BRUTO TOTAL 13.000 KG, DISTÂNCIA ENTRE EIXOS 4,80 M, POTÊNCIA 189 CV INCLUSIVE TANQUE DE AÇO PARA TRANSPORTE DE ÁGUA, CAPACIDADE 6 M3 - MANUTENÇÃO. AF_06/2014","H",17.579999999999998,"COMPOSIÇÃO"]
[55263,"ROLO COMPACTADOR DE PNEUS ESTÁTICO, PRESSÃO VARIÁVEL, POTÊNCIA 111 HP, PESO SEM/COM LASTRO 9,5 / 26 T, LARGURA DE TRABALHO 1,90 M - MATERIAIS NA OPERAÇÃO. AF_07/2014","H",38.979999999999997,"COMPOSIÇÃO"]
[73303,"GRUPO GERADOR ESTACIONÁRIO, MOTOR DIESEL POTÊNCIA 170 KVA - DEPRECIAÇÃO. AF_02/2016","H",4.3899999999999997,"COMPOSIÇÃO"]
[73307,"GRUPO GERADOR ESTACIONÁRIO, MOTOR DIESEL POTÊNCIA 170 KVA - MANUTENÇÃO. AF_02/2016","H",3.91,"COMPOSIÇÃO"]
[73309,"ROLO COMPACTADOR VIBRATÓRIO PÉ DE CARNEIRO PARA SOLOS, POTÊNCIA 80 HP, PESO OPERACIONAL SEM/COM LASTRO 7,4 / 8,8 T, LARGURA DE TRABALHO 1,68 M - DEPRECIAÇÃO. AF_02/2016","H",16.59,"COMPOSIÇÃO"]
[73311,"GRUPO GERADOR ESTACIONÁRIO, MOTOR DIESEL POTÊNCIA 170 KVA - MATERIAIS NA OPERAÇÃO. AF_02/2016","H",107.76,"COMPOSIÇÃO"]
[73313,"ROLO COMPACTADOR VIBRATÓRIO PÉ DE CARNEIRO PARA SOLOS, POTÊNCIA 80 HP, PESO OPERACIONAL SEM/COM LASTRO 7,4 / 8,8 T, LARGURA DE TRABALHO 1,68 M - JUROS. AF_02/2016","H",2.2999999999999998,"COMPOSIÇÃO"]
[73315,"ROLO COMPACTADOR VIBRATÓRIO PÉ DE CARNEIRO PARA SOLOS, POTÊNCIA 80 HP, PESO OPERACIONAL SEM/COM LASTRO 7,4 / 8,8 T, LARGURA DE TRABALHO 1,68 M - MATERIAIS NA OPERAÇÃO. AF_02/2016","H",34.57,"COMPOSIÇÃO"]
[73335,"CAMINHÃO TOCO, PBT 14.300 KG, CARGA ÚTIL MÁX. 9.710 KG, DIST. ENTRE EIXOS 3,56 M, POTÊNCIA 185 CV, INCLUSIVE CARROCERIA FIXA ABERTA DE MADEIRA P/ TRANSPORTE GERAL DE CARGA SECA, DIMEN. APROX. 2,50 X 6,50 X 0,50 M - MANUTENÇÃO. AF_06/2014","H",16.559999999999999,"COMPOSIÇÃO"]
[73340,"CAMINHÃO TOCO, PBT 14.300 KG, CARGA ÚTIL MÁX. 9.710 KG, DIST. ENTRE EIXOS 3,56 M, POTÊNCIA 185 CV, INCLUSIVE CARROCERIA FIXA ABERTA DE MADEIRA P/ TRANSPORTE GERAL DE CARGA SECA, DIMEN. APROX. 2,50 X 6,50 X 0,50 M - MATERIAIS NA OPERAÇÃO. AF_06/2014","H",49.3,"COMPOSIÇÃO"]
[83361,"ESPARGIDOR DE ASFALTO PRESSURIZADO, TANQUE 6 M3 COM ISOLAÇÃO TÉRMICA, AQUECIDO COM 2 MAÇARICOS, COM BARRA ESPARGIDORA 3,60 M, MONTADO SOBRE CAMINHÃO  TOCO, PBT 14.300 KG, POTÊNCIA 185 CV - MANUTENÇÃO. AF_08/2015","H",10.210000000000001,"COMPOSIÇÃO"]
[83761,"GRUPO DE SOLDAGEM COM GERADOR A DIESEL 60 CV PARA SOLDA ELÉTRICA, SOBRE 04 RODAS, COM MOTOR 4 CILINDROS 600 A - DEPRECIAÇÃO. AF_02/2016","H",9.36,"COMPOSIÇÃO"]
[83762,"GRUPO DE SOLDAGEM COM GERADOR A DIESEL 60 CV PARA SOLDA ELÉTRICA, SOBRE 04 RODAS, COM MOTOR 4 CILINDROS 600 A - MANUTENÇÃO. AF_02/2016","H",11.7,"COMPOSIÇÃO"]
[83763,"GRUPO DE SOLDAGEM COM GERADOR A DIESEL 60 CV PARA SOLDA ELÉTRICA, SOBRE 04 RODAS, COM MOTOR 4 CILINDROS 600 A - MATERIAIS NA OPERAÇÃO. AF_02/2016","H",30.37,"COMPOSIÇÃO"]
[83764,"GRUPO DE SOLDAGEM COM GERADOR A DIESEL 60 CV PARA SOLDA ELÉTRICA, SOBRE 04 RODAS, COM MOTOR 4 CILINDROS 600 A - JUROS. AF_02/2016","H",1.05,"COMPOSIÇÃO"]
[87026,"GRADE DE DISCO REBOCÁVEL COM 20 DISCOS 24\" X 6 MM COM PNEUS PARA TRANSPORTE - JUROS. AF_06/2014","H",0.19,"COMPOSIÇÃO"]
[87441,"BETONEIRA CAPACIDADE NOMINAL 400 L, CAPACIDADE DE MISTURA 310 L, MOTOR A DIESEL POTÊNCIA 5,0 HP, SEM CARREGADOR - DEPRECIAÇÃO. AF_06/2014","H",0.34,"COMPOSIÇÃO"]
[87442,"BETONEIRA CAPACIDADE NOMINAL 400 L, CAPACIDADE DE MISTURA 310 L, MOTOR A DIESEL POTÊNCIA 5,0 HP, SEM CARREGADOR - JUROS. AF_06/2014","H",0.04,"COMPOSIÇÃO"]
[87443,"BETONEIRA CAPACIDADE NOMINAL 400 L, CAPACIDADE DE MISTURA 310 L, MOTOR A DIESEL POTÊNCIA 5,0 HP, SEM CARREGADOR - MANUTENÇÃO. AF_06/2014","H",0.32,"COMPOSIÇÃO"]
[87444,"BETONEIRA CAPACIDADE NOMINAL 400 L, CAPACIDADE DE MISTURA 310 L, MOTOR A DIESEL POTÊNCIA 5,0 HP, SEM CARREGADOR - MATERIAIS NA OPERAÇÃO. AF_06/2014","H",2.57,"COMPOSIÇÃO"]
[88387,"MISTURADOR DE ARGAMASSA, EIXO HORIZONTAL, CAPACIDADE DE MISTURA 300 KG, MOTOR ELÉTRICO POTÊNCIA 5 CV - DEPRECIAÇÃO. AF_06/2014","H",0.66,"COMPOSIÇÃO"]
[88389,"MISTURADOR DE ARGAMASSA, EIXO HORIZONTAL, CAPACIDADE DE MISTURA 300 KG, MOTOR ELÉTRICO POTÊNCIA 5 CV - JUROS. AF_06/2014","H",7.0000000000000007E-2,"COMPOSIÇÃO"]
[88390,"MISTURADOR DE ARGAMASSA, EIXO HORIZONTAL, CAPACIDADE DE MISTURA 300 KG, MOTOR ELÉTRICO POTÊNCIA 5 CV - MANUTENÇÃO. AF_06/2014","H",0.83,"COMPOSIÇÃO"]
[88391,"MISTURADOR DE ARGAMASSA, EIXO HORIZONTAL, CAPACIDADE DE MISTURA 300 KG, MOTOR ELÉTRICO POTÊNCIA 5 CV - MATERIAIS NA OPERAÇÃO. AF_06/2014","H",2.56,"COMPOSIÇÃO"]
[88394,"MISTURADOR DE ARGAMASSA, EIXO HORIZONTAL, CAPACIDADE DE MISTURA 600 KG, MOTOR ELÉTRICO POTÊNCIA 7,5 CV - DEPRECIAÇÃO. AF_06/2014","H",0.79,"COMPOSIÇÃO"]
[88395,"MISTURADOR DE ARGAMASSA, EIXO HORIZONTAL, CAPACIDADE DE MISTURA 600 KG, MOTOR ELÉTRICO POTÊNCIA 7,5 CV - JUROS. AF_06/2014","H",0.09,"COMPOSIÇÃO"]
[88396,"MISTURADOR DE ARGAMASSA, EIXO HORIZONTAL, CAPACIDADE DE MISTURA 600 KG, MOTOR ELÉTRICO POTÊNCIA 7,5 CV - MANUTENÇÃO. AF_06/2014","H",0.99,"COMPOSIÇÃO"]
[88397,"MISTURADOR DE ARGAMASSA, EIXO HORIZONTAL, CAPACIDADE DE MISTURA 600 KG, MOTOR ELÉTRICO POTÊNCIA 7,5 CV - MATERIAIS NA OPERAÇÃO. AF_06/2014","H",3.84,"COMPOSIÇÃO"]
[88400,"MISTURADOR DE ARGAMASSA, EIXO HORIZONTAL, CAPACIDADE DE MISTURA 160 KG, MOTOR ELÉTRICO POTÊNCIA 3 CV - DEPRECIAÇÃO. AF_06/2014","H",0.63,"COMPOSIÇÃO"]
[88401,"MISTURADOR DE ARGAMASSA, EIXO HORIZONTAL, CAPACIDADE DE MISTURA 160 KG, MOTOR ELÉTRICO POTÊNCIA 3 CV - JUROS. AF_06/2014","H",7.0000000000000007E-2,"COMPOSIÇÃO"]
[88402,"MISTURADOR DE ARGAMASSA, EIXO HORIZONTAL, CAPACIDADE DE MISTURA 160 KG, MOTOR ELÉTRICO POTÊNCIA 3 CV - MANUTENÇÃO. AF_06/2014","H",0.79,"COMPOSIÇÃO"]
[88403,"MISTURADOR DE ARGAMASSA, EIXO HORIZONTAL, CAPACIDADE DE MISTURA 160 KG, MOTOR ELÉTRICO POTÊNCIA 3 CV - MATERIAIS NA OPERAÇÃO. AF_06/2014","H",1.54,"COMPOSIÇÃO"]
[88419,"PROJETOR DE ARGAMASSA, CAPACIDADE DE PROJEÇÃO 1,5 M3/H, ALCANCE DE 30 ATÉ 60 M, MOTOR ELÉTRICO POTÊNCIA 7,5 HP - DEPRECIAÇÃO. AF_06/2014","H",4.1100000000000003,"COMPOSIÇÃO"]
[88422,"PROJETOR DE ARGAMASSA, CAPACIDADE DE PROJEÇÃO 1,5 M3/H, ALCANCE DE 30 ATÉ 60 M, MOTOR ELÉTRICO POTÊNCIA 7,5 HP - JUROS. AF_06/2014","H",0.48,"COMPOSIÇÃO"]
[88425,"PROJETOR DE ARGAMASSA, CAPACIDADE DE PROJEÇÃO 1,5 M3/H, ALCANCE DE 30 ATÉ 60 M, MOTOR ELÉTRICO POTÊNCIA 7,5 HP - MANUTENÇÃO. AF_06/2014","H",4.5,"COMPOSIÇÃO"]
[88427,"PROJETOR DE ARGAMASSA, CAPACIDADE DE PROJEÇÃO 1,5 M3/H, ALCANCE DE 30 ATÉ 60 M, MOTOR ELÉTRICO POTÊNCIA 7,5 HP - MATERIAIS NA OPERAÇÃO. AF_06/2014","H",3.9,"COMPOSIÇÃO"]
[88434,"PROJETOR DE ARGAMASSA, CAPACIDADE DE PROJEÇÃO 2 M3/H, ALCANCE ATÉ 50 M, MOTOR ELÉTRICO POTÊNCIA 7,5 HP - DEPRECIAÇÃO. AF_06/2014","H",5.45,"COMPOSIÇÃO"]
[88435,"PROJETOR DE ARGAMASSA, CAPACIDADE DE PROJEÇÃO 2 M3/H, ALCANCE ATÉ 50 M, MOTOR ELÉTRICO POTÊNCIA 7,5 HP - JUROS. AF_06/2014","H",0.64,"COMPOSIÇÃO"]
[88436,"PROJETOR DE ARGAMASSA, CAPACIDADE DE PROJEÇÃO 2 M3/H, ALCANCE ATÉ 50 M, MOTOR ELÉTRICO POTÊNCIA 7,5 HP - MANUTENÇÃO. AF_06/2014","H",5.96,"COMPOSIÇÃO"]
[88437,"PROJETOR DE ARGAMASSA, CAPACIDADE DE PROJEÇÃO 2 M3/H, ALCANCE ATÉ 50 M, MOTOR ELÉTRICO POTÊNCIA 7,5 HP - MATERIAIS NA OPERAÇÃO. AF_06/2014","H",3.9,"COMPOSIÇÃO"]
[88569,"ESPARGIDOR DE ASFALTO PRESSURIZADO COM TANQUE DE 2500 L, REBOCÁVEL COM MOTOR A GASOLINA POTÊNCIA 3,4 HP - DEPRECIAÇÃO. AF_07/2014","H",2.46,"COMPOSIÇÃO"]
[88570,"ESPARGIDOR DE ASFALTO PRESSURIZADO COM TANQUE DE 2500 L, REBOCÁVEL COM MOTOR A GASOLINA POTÊNCIA 3,4 HP - JUROS. AF_07/2014","H",0.53,"COMPOSIÇÃO"]
[88826,"BETONEIRA CAPACIDADE NOMINAL DE 400 L, CAPACIDADE DE MISTURA 280 L, MOTOR ELÉTRICO TRIFÁSICO POTÊNCIA DE 2 CV, SEM CARREGADOR - DEPRECIAÇÃO. AF_10/2014","H",0.25,"COMPOSIÇÃO"]
[88827,"BETONEIRA CAPACIDADE NOMINAL DE 400 L, CAPACIDADE DE MISTURA 280 L, MOTOR ELÉTRICO TRIFÁSICO POTÊNCIA DE 2 CV, SEM CARREGADOR - JUROS. AF_10/2014","H",0.02,"COMPOSIÇÃO"]
[88828,"BETONEIRA CAPACIDADE NOMINAL DE 400 L, CAPACIDADE DE MISTURA 280 L, MOTOR ELÉTRICO TRIFÁSICO POTÊNCIA DE 2 CV, SEM CARREGADOR - MANUTENÇÃO. AF_10/2014","H",0.23,"COMPOSIÇÃO"]
[88829,"BETONEIRA CAPACIDADE NOMINAL DE 400 L, CAPACIDADE DE MISTURA 280 L, MOTOR ELÉTRICO TRIFÁSICO POTÊNCIA DE 2 CV, SEM CARREGADOR - MATERIAIS NA OPERAÇÃO. AF_10/2014","H",1.02,"COMPOSIÇÃO"]
[88832,"ESCAVADEIRA HIDRÁULICA SOBRE ESTEIRAS, CAÇAMBA 0,80 M3, PESO OPERACIONAL 17,8 T, POTÊNCIA LÍQUIDA 110 HP - DEPRECIAÇÃO. AF_10/2014","H",25.11,"COMPOSIÇÃO"]
[88834,"ESCAVADEIRA HIDRÁULICA SOBRE ESTEIRAS, CAÇAMBA 0,80 M3, PESO OPERACIONAL 17,8 T, POTÊNCIA LÍQUIDA 110 HP - JUROS. AF_10/2014","H",3.4,"COMPOSIÇÃO"]
[88835,"ESCAVADEIRA HIDRÁULICA SOBRE ESTEIRAS, CAÇAMBA 0,80 M3, PESO OPERACIONAL 17,8 T, POTÊNCIA LÍQUIDA 110 HP - MANUTENÇÃO. AF_10/2014","H",31.39,"COMPOSIÇÃO"]
[88836,"ESCAVADEIRA HIDRÁULICA SOBRE ESTEIRAS, CAÇAMBA 0,80 M3, PESO OPERACIONAL 17,8 T, POTÊNCIA LÍQUIDA 110 HP - MATERIAIS NA OPERAÇÃO. AF_10/2014","H",38.619999999999997,"COMPOSIÇÃO"]
[88839,"TRATOR DE ESTEIRAS, POTÊNCIA 125 HP, PESO OPERACIONAL 12,9 T, COM LÂMINA 2,7 M3 - DEPRECIAÇÃO. AF_10/2014","H",20.079999999999998,"COMPOSIÇÃO"]
[88840,"TRATOR DE ESTEIRAS, POTÊNCIA 125 HP, PESO OPERACIONAL 12,9 T, COM LÂMINA 2,7 M3 - JUROS. AF_10/2014","H",4.5199999999999996,"COMPOSIÇÃO"]
[88841,"TRATOR DE ESTEIRAS, POTÊNCIA 125 HP, PESO OPERACIONAL 12,9 T, COM LÂMINA 2,7 M3 - MANUTENÇÃO. AF_10/2014","H",35.909999999999997,"COMPOSIÇÃO"]
[88842,"TRATOR DE ESTEIRAS, POTÊNCIA 125 HP, PESO OPERACIONAL 12,9 T, COM LÂMINA 2,7 M3 - MATERIAIS NA OPERAÇÃO. AF_10/2014","H",47.27,"COMPOSIÇÃO"]
[88847,"USINA DE LAMA ASFÁLTICA, PROD 30 A 50 T/H, SILO DE AGREGADO 7 M3, RESERVATÓRIOS PARA EMULSÃO E ÁGUA DE 2,3 M3 CADA, MISTURADOR TIPO PUG MILL A SER MONTADO SOBRE CAMINHÃO - DEPRECIAÇÃO. AF_10/2014","H",14.55,"COMPOSIÇÃO"]
[88848,"USINA DE LAMA ASFÁLTICA, PROD 30 A 50 T/H, SILO DE AGREGADO 7 M3, RESERVATÓRIOS PARA EMULSÃO E ÁGUA DE 2,3 M3 CADA, MISTURADOR TIPO PUG MILL A SER MONTADO SOBRE CAMINHÃO - JUROS. AF_10/2014","H",3.05,"COMPOSIÇÃO"]
[88853,"MOTOBOMBA CENTRÍFUGA, MOTOR A GASOLINA, POTÊNCIA 5,42 HP, BOCAIS 1 1/2\" X 1\", DIÂMETRO ROTOR 143 MM HM/Q = 6 MCA / 16,8 M3/H A 38 MCA / 6,6 M3/H - DEPRECIAÇÃO. AF_06/2014","H",0.16,"COMPOSIÇÃO"]
[88854,"MOTOBOMBA CENTRÍFUGA, MOTOR A GASOLINA, POTÊNCIA 5,42 HP, BOCAIS 1 1/2\" X 1\", DIÂMETRO ROTOR 143 MM HM/Q = 6 MCA / 16,8 M3/H A 38 MCA / 6,6 M3/H - JUROS. AF_06/2014","H",0.01,"COMPOSIÇÃO"]
[88855,"GRADE DE DISCO CONTROLE REMOTO REBOCÁVEL, COM 24 DISCOS 24\u0094 X 6 MM COM PNEUS PARA TRANSPORTE - DEPRECIAÇÃO. AF_06/2014","H",1.76,"COMPOSIÇÃO"]
[88856,"GRADE DE DISCO CONTROLE REMOTO REBOCÁVEL, COM 24 DISCOS 24\u0094 X 6 MM COM PNEUS PARA TRANSPORTE - JUROS. AF_06/2014","H",0.24,"COMPOSIÇÃO"]
[88857,"RETROESCAVADEIRA SOBRE RODAS COM CARREGADEIRA, TRAÇÃO 4X4, POTÊNCIA LÍQ. 88 HP, CAÇAMBA CARREG. CAP. MÍN. 1 M3, CAÇAMBA RETRO CAP. 0,26 M3, PESO OPERACIONAL MÍN. 6.674 KG, PROFUNDIDADE ESCAVAÇÃO MÁX. 4,37 M - DEPRECIAÇÃO. AF_06/2014","H",14.37,"COMPOSIÇÃO"]
[88858,"RETROESCAVADEIRA SOBRE RODAS COM CARREGADEIRA, TRAÇÃO 4X4, POTÊNCIA LÍQ. 88 HP, CAÇAMBA CARREG. CAP. MÍN. 1 M3, CAÇAMBA RETRO CAP. 0,26 M3, PESO OPERACIONAL MÍN. 6.674 KG, PROFUNDIDADE ESCAVAÇÃO MÁX. 4,37 M - JUROS. AF_06/2014","H",1.95,"COMPOSIÇÃO"]
[88859,"RETROESCAVADEIRA SOBRE RODAS COM CARREGADEIRA, TRAÇÃO 4X2, POTÊNCIA LÍQ. 79 HP, CAÇAMBA CARREG. CAP. MÍN. 1 M3, CAÇAMBA RETRO CAP. 0,20 M3, PESO OPERACIONAL MÍN. 6.570 KG, PROFUNDIDADE ESCAVAÇÃO MÁX. 4,37 M - DEPRECIAÇÃO. AF_06/2014","H",12.78,"COMPOSIÇÃO"]
[88860,"RETROESCAVADEIRA SOBRE RODAS COM CARREGADEIRA, TRAÇÃO 4X2, POTÊNCIA LÍQ. 79 HP, CAÇAMBA CARREG. CAP. MÍN. 1 M3, CAÇAMBA RETRO CAP. 0,20 M3, PESO OPERACIONAL MÍN. 6.570 KG, PROFUNDIDADE ESCAVAÇÃO MÁX. 4,37 M - JUROS. AF_06/2014","H",1.73,"COMPOSIÇÃO"]
[88900,"ESCAVADEIRA HIDRÁULICA SOBRE ESTEIRAS, CAÇAMBA 1,20 M3, PESO OPERACIONAL 21 T, POTÊNCIA BRUTA 155 HP - DEPRECIAÇÃO. AF_06/2014","H",29.28,"COMPOSIÇÃO"]
[88902,"ESCAVADEIRA HIDRÁULICA SOBRE ESTEIRAS, CAÇAMBA 1,20 M3, PESO OPERACIONAL 21 T, POTÊNCIA BRUTA 155 HP - JUROS. AF_06/2014","H",3.97,"COMPOSIÇÃO"]
[88903,"ESCAVADEIRA HIDRÁULICA SOBRE ESTEIRAS, CAÇAMBA 1,20 M3, PESO OPERACIONAL 21 T, POTÊNCIA BRUTA 155 HP - MANUTENÇÃO. AF_06/2014","H",36.6,"COMPOSIÇÃO"]
[88904,"ESCAVADEIRA HIDRÁULICA SOBRE ESTEIRAS, CAÇAMBA 1,20 M3, PESO OPERACIONAL 21 T, POTÊNCIA BRUTA 155 HP - MATERIAIS NA OPERAÇÃO. AF_06/2014","H",54.4,"COMPOSIÇÃO"]
[89009,"TRATOR DE ESTEIRAS, POTÊNCIA 150 HP, PESO OPERACIONAL 16,7 T, COM RODA MOTRIZ ELEVADA E LÂMINA 3,18 M3 - DEPRECIAÇÃO. AF_06/2014","H",24.88,"COMPOSIÇÃO"]
[89010,"TRATOR DE ESTEIRAS, POTÊNCIA 150 HP, PESO OPERACIONAL 16,7 T, COM RODA MOTRIZ ELEVADA E LÂMINA 3,18 M3 - JUROS. AF_06/2014","H",5.6,"COMPOSIÇÃO"]
[89011,"RETROESCAVADEIRA SOBRE RODAS COM CARREGADEIRA, TRAÇÃO 4X4, POTÊNCIA LÍQ. 72 HP, CAÇAMBA CARREG. CAP. MÍN. 0,79 M3, CAÇAMBA RETRO CAP. 0,18 M3, PESO OPERACIONAL MÍN. 7.140 KG, PROFUNDIDADE ESCAVAÇÃO MÁX. 4,50 M - DEPRECIAÇÃO. AF_06/2014","H",13.86,"COMPOSIÇÃO"]
[89012,"RETROESCAVADEIRA SOBRE RODAS COM CARREGADEIRA, TRAÇÃO 4X4, POTÊNCIA LÍQ. 72 HP, CAÇAMBA CARREG. CAP. MÍN. 0,79 M3, CAÇAMBA RETRO CAP. 0,18 M3, PESO OPERACIONAL MÍN. 7.140 KG, PROFUNDIDADE ESCAVAÇÃO MÁX. 4,50 M - JUROS. AF_06/2014","H",1.88,"COMPOSIÇÃO"]
[89013,"TRATOR DE ESTEIRAS, POTÊNCIA 347 HP, PESO OPERACIONAL 38,5 T, COM LÂMINA 8,70 M3 - DEPRECIAÇÃO. AF_06/2014","H",81.489999999999995,"COMPOSIÇÃO"]
[89014,"TRATOR DE ESTEIRAS, POTÊNCIA 347 HP, PESO OPERACIONAL 38,5 T, COM LÂMINA 8,70 M3 - JUROS. AF_06/2014","H",18.34,"COMPOSIÇÃO"]
[89015,"VASSOURA MECÂNICA REBOCÁVEL COM ESCOVA CILÍNDRICA, LARGURA ÚTIL DE VARRIMENTO DE 2,44 M - DEPRECIAÇÃO. AF_06/2014","H",2.0299999999999998,"COMPOSIÇÃO"]
[89016,"VASSOURA MECÂNICA REBOCÁVEL COM ESCOVA CILÍNDRICA, LARGURA ÚTIL DE VARRIMENTO DE 2,44 M - JUROS. AF_06/2014","H",0.27,"COMPOSIÇÃO"]
[89017,"TRATOR DE ESTEIRAS, POTÊNCIA 170 HP, PESO OPERACIONAL 19 T, CAÇAMBA 5,2 M3 - DEPRECIAÇÃO. AF_06/2014","H",24.72,"COMPOSIÇÃO"]
[89018,"TRATOR DE ESTEIRAS, POTÊNCIA 170 HP, PESO OPERACIONAL 19 T, CAÇAMBA 5,2 M3 - JUROS. AF_06/2014","H",5.56,"COMPOSIÇÃO"]
[89019,"BOMBA SUBMERSÍVEL ELÉTRICA TRIFÁSICA, POTÊNCIA 2,96 HP, Ø ROTOR 144 MM SEMI-ABERTO, BOCAL DE SAÍDA Ø 2\u0094, HM/Q = 2 MCA / 38,8 M3/H A 28 MCA / 5 M3/H - DEPRECIAÇÃO. AF_06/2014","H",0.27,"COMPOSIÇÃO"]
[89020,"BOMBA SUBMERSÍVEL ELÉTRICA TRIFÁSICA, POTÊNCIA 2,96 HP, Ø ROTOR 144 MM SEMI-ABERTO, BOCAL DE SAÍDA Ø 2\u0094, HM/Q = 2 MCA / 38,8 M3/H A 28 MCA / 5 M3/H - JUROS. AF_06/2014","H",0.03,"COMPOSIÇÃO"]
[89023,"TANQUE DE ASFALTO ESTACIONÁRIO COM MAÇARICO, CAPACIDADE 20.000 L - DEPRECIAÇÃO. AF_06/2014","H",2.71,"COMPOSIÇÃO"]
[89024,"TANQUE DE ASFALTO ESTACIONÁRIO COM MAÇARICO, CAPACIDADE 20.000 L - JUROS. AF_06/2014","H",0.45,"COMPOSIÇÃO"]
[89025,"TANQUE DE ASFALTO ESTACIONÁRIO COM MAÇARICO, CAPACIDADE 20.000 L - MANUTENÇÃO. AF_06/2014","H",5.09,"COMPOSIÇÃO"]
[89026,"TANQUE DE ASFALTO ESTACIONÁRIO COM MAÇARICO, CAPACIDADE 20.000 L - MATERIAIS NA OPERAÇÃO. AF_06/2014","H",120.47,"COMPOSIÇÃO"]
[89029,"TRATOR DE ESTEIRAS, POTÊNCIA 100 HP, PESO OPERACIONAL 9,4 T, COM LÂMINA 2,19 M3 - DEPRECIAÇÃO. AF_06/2014","H",19.190000000000001,"COMPOSIÇÃO"]
[89030,"TRATOR DE ESTEIRAS, POTÊNCIA 100 HP, PESO OPERACIONAL 9,4 T, COM LÂMINA 2,19 M3 - JUROS. AF_06/2014","H",4.3099999999999996,"COMPOSIÇÃO"]
[89033,"TRATOR DE PNEUS, POTÊNCIA 85 CV, TRAÇÃO 4X4, PESO COM LASTRO DE 4.675 KG - DEPRECIAÇÃO. AF_06/2014","H",7.99,"COMPOSIÇÃO"]
[89034,"TRATOR DE PNEUS, POTÊNCIA 85 CV, TRAÇÃO 4X4, PESO COM LASTRO DE 4.675 KG - JUROS. AF_06/2014","H",1.1100000000000001,"COMPOSIÇÃO"]
[89128,"PÁ CARREGADEIRA SOBRE RODAS, POTÊNCIA LÍQUIDA 128 HP, CAPACIDADE DA CAÇAMBA 1,7 A 2,8 M3, PESO OPERACIONAL 11632 KG - DEPRECIAÇÃO. AF_06/2014","H",20.53,"COMPOSIÇÃO"]
[89129,"PÁ CARREGADEIRA SOBRE RODAS, POTÊNCIA LÍQUIDA 128 HP, CAPACIDADE DA CAÇAMBA 1,7 A 2,8 M3, PESO OPERACIONAL 11632 KG - JUROS. AF_06/2014","H",2.78,"COMPOSIÇÃO"]
[89130,"PÁ CARREGADEIRA SOBRE RODAS, POTÊNCIA 197 HP, CAPACIDADE DA CAÇAMBA 2,5 A 3,5 M3, PESO OPERACIONAL 18338 KG - DEPRECIAÇÃO. AF_06/2014","H",28.46,"COMPOSIÇÃO"]
[89131,"PÁ CARREGADEIRA SOBRE RODAS, POTÊNCIA 197 HP, CAPACIDADE DA CAÇAMBA 2,5 A 3,5 M3, PESO OPERACIONAL 18338 KG - JUROS. AF_06/2014","H",3.86,"COMPOSIÇÃO"]
[89210,"ROLO COMPACTADOR VIBRATÓRIO DE UM CILINDRO AÇO LISO, POTÊNCIA 80 HP, PESO OPERACIONAL MÁXIMO 8,1 T, IMPACTO DINÂMICO 16,15 / 9,5 T, LARGURA DE TRABALHO 1,68 M - DEPRECIAÇÃO. AF_06/2014","H",15.95,"COMPOSIÇÃO"]
[89211,"ROLO COMPACTADOR VIBRATÓRIO DE UM CILINDRO AÇO LISO, POTÊNCIA 80 HP, PESO OPERACIONAL MÁXIMO 8,1 T, IMPACTO DINÂMICO 16,15 / 9,5 T, LARGURA DE TRABALHO 1,68 M - JUROS. AF_06/2014","H",2.21,"COMPOSIÇÃO"]
[89212,"BATE-ESTACAS POR GRAVIDADE, POTÊNCIA DE 160 HP, PESO DO MARTELO ATÉ 3 TONELADAS - DEPRECIAÇÃO. AF_11/2014","H",15.18,"COMPOSIÇÃO"]
[89213,"BATE-ESTACAS POR GRAVIDADE, POTÊNCIA DE 160 HP, PESO DO MARTELO ATÉ 3 TONELADAS - JUROS. AF_11/2014","H",2.39,"COMPOSIÇÃO"]
[89214,"BATE-ESTACAS POR GRAVIDADE, POTÊNCIA DE 160 HP, PESO DO MARTELO ATÉ 3 TONELADAS - MANUTENÇÃO. AF_11/2014","H",14.25,"COMPOSIÇÃO"]
[89215,"BATE-ESTACAS POR GRAVIDADE, POTÊNCIA DE 160 HP, PESO DO MARTELO ATÉ 3 TONELADAS - MATERIAIS NA OPERAÇÃO. AF_11/2014","H",56.18,"COMPOSIÇÃO"]
[89221,"BETONEIRA CAPACIDADE NOMINAL DE 600 L, CAPACIDADE DE MISTURA 360 L, MOTOR ELÉTRICO TRIFÁSICO POTÊNCIA DE 4 CV, SEM CARREGADOR - DEPRECIAÇÃO. AF_11/2014","H",1.02,"COMPOSIÇÃO"]
[89222,"BETONEIRA CAPACIDADE NOMINAL DE 600 L, CAPACIDADE DE MISTURA 360 L, MOTOR ELÉTRICO TRIFÁSICO POTÊNCIA DE 4 CV, SEM CARREGADOR - JUROS. AF_11/2014","H",0.12,"COMPOSIÇÃO"]
[89223,"BETONEIRA CAPACIDADE NOMINAL DE 600 L, CAPACIDADE DE MISTURA 360 L, MOTOR ELÉTRICO TRIFÁSICO POTÊNCIA DE 4 CV, SEM CARREGADOR - MANUTENÇÃO. AF_11/2014","H",0.96,"COMPOSIÇÃO"]
[89224,"BETONEIRA CAPACIDADE NOMINAL DE 600 L, CAPACIDADE DE MISTURA 360 L, MOTOR ELÉTRICO TRIFÁSICO POTÊNCIA DE 4 CV, SEM CARREGADOR - MATERIAIS NA OPERAÇÃO. AF_11/2014","H",2.0499999999999998,"COMPOSIÇÃO"]
[89228,"MOTONIVELADORA POTÊNCIA BÁSICA LÍQUIDA (PRIMEIRA MARCHA) 125 HP, PESO BRUTO 13032 KG, LARGURA DA LÂMINA DE 3,7 M - DEPRECIAÇÃO. AF_06/2014","H",23.66,"COMPOSIÇÃO"]
[89229,"MOTONIVELADORA POTÊNCIA BÁSICA LÍQUIDA (PRIMEIRA MARCHA) 125 HP, PESO BRUTO 13032 KG, LARGURA DA LÂMINA DE 3,7 M - JUROS. AF_06/2014","H",4.25,"COMPOSIÇÃO"]
[89230,"FRESADORA DE ASFALTO A FRIO SOBRE RODAS, LARGURA FRESAGEM DE 1,0 M, POTÊNCIA 208 HP - DEPRECIAÇÃO. AF_11/2014","H",89.84,"COMPOSIÇÃO"]
[89231,"FRESADORA DE ASFALTO A FRIO SOBRE RODAS, LARGURA FRESAGEM DE 1,0 M, POTÊNCIA 208 HP - JUROS. AF_11/2014","H",14.23,"COMPOSIÇÃO"]
[89232,"FRESADORA DE ASFALTO A FRIO SOBRE RODAS, LARGURA FRESAGEM DE 1,0 M, POTÊNCIA 208 HP - MANUTENÇÃO. AF_11/2014","H",160.26,"COMPOSIÇÃO"]
[89233,"FRESADORA DE ASFALTO A FRIO SOBRE RODAS, LARGURA FRESAGEM DE 1,0 M, POTÊNCIA 208 HP - MATERIAIS NA OPERAÇÃO. AF_11/2014","H",101.1,"COMPOSIÇÃO"]
[89236,"FRESADORA DE ASFALTO A FRIO SOBRE RODAS, LARGURA FRESAGEM DE 2,0 M, POTÊNCIA 550 HP - DEPRECIAÇÃO. AF_11/2014","H",209.88,"COMPOSIÇÃO"]
[89237,"FRESADORA DE ASFALTO A FRIO SOBRE RODAS, LARGURA FRESAGEM DE 2,0 M, POTÊNCIA 550 HP - JUROS. AF_11/2014","H",33.25,"COMPOSIÇÃO"]
[89238,"FRESADORA DE ASFALTO A FRIO SOBRE RODAS, LARGURA FRESAGEM DE 2,0 M, POTÊNCIA 550 HP - MANUTENÇÃO. AF_11/2014","H",374.37,"COMPOSIÇÃO"]
[89239,"FRESADORA DE ASFALTO A FRIO SOBRE RODAS, LARGURA FRESAGEM DE 2,0 M, POTÊNCIA 550 HP - MATERIAIS NA OPERAÇÃO. AF_11/2014","H",267.37,"COMPOSIÇÃO"]
[89240,"VIBROACABADORA DE ASFALTO SOBRE ESTEIRAS, LARGURA DE PAVIMENTAÇÃO 1,90 M A 5,30 M, POTÊNCIA 105 HP CAPACIDADE 450 T/H - DEPRECIAÇÃO. AF_11/2014","H",64.41,"COMPOSIÇÃO"]
[89241,"VIBROACABADORA DE ASFALTO SOBRE ESTEIRAS, LARGURA DE PAVIMENTAÇÃO 1,90 M A 5,30 M, POTÊNCIA 105 HP CAPACIDADE 450 T/H - JUROS. AF_11/2014","H",11.59,"COMPOSIÇÃO"]
[89246,"RECICLADORA DE ASFALTO A FRIO SOBRE RODAS, LARGURA FRESAGEM DE 2,0 M, POTÊNCIA 422 HP - DEPRECIAÇÃO. AF_11/2014","H",182.37,"COMPOSIÇÃO"]
[89247,"RECICLADORA DE ASFALTO A FRIO SOBRE RODAS, LARGURA FRESAGEM DE 2,0 M, POTÊNCIA 422 HP - JUROS. AF_11/2014","H",28.89,"COMPOSIÇÃO"]
[89248,"RECICLADORA DE ASFALTO A FRIO SOBRE RODAS, LARGURA FRESAGEM DE 2,0 M, POTÊNCIA 422 HP - MANUTENÇÃO. AF_11/2014","H",325.3,"COMPOSIÇÃO"]
[89249,"RECICLADORA DE ASFALTO A FRIO SOBRE RODAS, LARGURA FRESAGEM DE 2,0 M, POTÊNCIA 422 HP - MATERIAIS NA OPERAÇÃO. AF_11/2014","H",227.91,"COMPOSIÇÃO"]
[89253,"VIBROACABADORA DE ASFALTO SOBRE ESTEIRAS, LARGURA DE PAVIMENTAÇÃO 2,13 M A 4,55 M, POTÊNCIA 100 HP, CAPACIDADE 400 T/H - DEPRECIAÇÃO. AF_11/2014","H",52.78,"COMPOSIÇÃO"]
[89254,"VIBROACABADORA DE ASFALTO SOBRE ESTEIRAS, LARGURA DE PAVIMENTAÇÃO 2,13 M A 4,55 M, POTÊNCIA 100 HP, CAPACIDADE 400 T/H - JUROS. AF_11/2014","H",9.5,"COMPOSIÇÃO"]
[89255,"VIBROACABADORA DE ASFALTO SOBRE ESTEIRAS, LARGURA DE PAVIMENTAÇÃO 2,13 M A 4,55 M, POTÊNCIA 100 HP, CAPACIDADE 400 T/H - MANUTENÇÃO. AF_11/2014","H",84.85,"COMPOSIÇÃO"]
[89256,"VIBROACABADORA DE ASFALTO SOBRE ESTEIRAS, LARGURA DE PAVIMENTAÇÃO 2,13 M A 4,55 M, POTÊNCIA 100 HP, CAPACIDADE 400 T/H - MATERIAIS NA OPERAÇÃO. AF_11/2014","H",51.29,"COMPOSIÇÃO"]
[89259,"GUINDAUTO HIDRÁULICO, CAPACIDADE MÁXIMA DE CARGA 6200 KG, MOMENTO MÁXIMO DE CARGA 11,7 TM, ALCANCE MÁXIMO HORIZONTAL 9,70 M, INCLUSIVE CAMINHÃO TOCO PBT 16.000 KG, POTÊNCIA DE 189 CV - DEPRECIAÇÃO. AF_06/2014","H",9.32,"COMPOSIÇÃO"]
[89260,"GUINDAUTO HIDRÁULICO, CAPACIDADE MÁXIMA DE CARGA 6200 KG, MOMENTO MÁXIMO DE CARGA 11,7 TM, ALCANCE MÁXIMO HORIZONTAL 9,70 M, INCLUSIVE CAMINHÃO TOCO PBT 16.000 KG, POTÊNCIA DE 189 CV - JUROS. AF_06/2014","H",1.95,"COMPOSIÇÃO"]
[89262,"GUINDAUTO HIDRÁULICO, CAPACIDADE MÁXIMA DE CARGA 6200 KG, MOMENTO MÁXIMO DE CARGA 11,7 TM, ALCANCE MÁXIMO HORIZONTAL 9,70 M, INCLUSIVE CAMINHÃO TOCO PBT 16.000 KG, POTÊNCIA DE 189 CV - MANUTENÇÃO. AF_06/2014","H",17.489999999999998,"COMPOSIÇÃO"]
[89264,"CAMINHÃO TOCO, PBT 16.000 KG, CARGA ÚTIL MÁX. 10.685 KG, DIST. ENTRE EIXOS 4,8 M, POTÊNCIA 189 CV, INCLUSIVE CARROCERIA FIXA ABERTA DE MADEIRA P/ TRANSPORTE GERAL DE CARGA SECA, DIMEN. APROX. 2,5 X 7,00 X 0,50 M - DEPRECIAÇÃO. AF_06/2014","H",7.45,"COMPOSIÇÃO"]
[89265,"CAMINHÃO TOCO, PBT 16.000 KG, CARGA ÚTIL MÁX. 10.685 KG, DIST. ENTRE EIXOS 4,8 M, POTÊNCIA 189 CV, INCLUSIVE CARROCERIA FIXA ABERTA DE MADEIRA P/ TRANSPORTE GERAL DE CARGA SECA, DIMEN. APROX. 2,5 X 7,00 X 0,50 M - JUROS. AF_06/2014","H",1.56,"COMPOSIÇÃO"]
[89266,"CAMINHÃO TOCO, PBT 16.000 KG, CARGA ÚTIL MÁX. 10.685 KG, DIST. ENTRE EIXOS 4,8 M, POTÊNCIA 189 CV, INCLUSIVE CARROCERIA FIXA ABERTA DE MADEIRA P/ TRANSPORTE GERAL DE CARGA SECA, DIMEN. APROX. 2,5 X 7,00 X 0,50 M - IMPOSTOS E SEGUROS. AF_06/2014","H",0.6,"COMPOSIÇÃO"]
[89267,"GUINDASTE HIDRÁULICO AUTOPROPELIDO, COM LANÇA TELESCÓPICA 28,80 M, CAPACIDADE MÁXIMA 30 T, POTÊNCIA 97 KW, TRAÇÃO 4 X 4 - DEPRECIAÇÃO. AF_11/2014","H",26.42,"COMPOSIÇÃO"]
[89268,"GUINDASTE HIDRÁULICO AUTOPROPELIDO, COM LANÇA TELESCÓPICA 28,80 M, CAPACIDADE MÁXIMA 30 T, POTÊNCIA 97 KW, TRAÇÃO 4 X 4 - JUROS. AF_11/2014","H",4.75,"COMPOSIÇÃO"]
[89269,"GUINDASTE HIDRÁULICO AUTOPROPELIDO, COM LANÇA TELESCÓPICA 28,80 M, CAPACIDADE MÁXIMA 30 T, POTÊNCIA 97 KW, TRAÇÃO 4 X 4 - IMPOSTOS E SEGUROS. AF_11/2014","H",1.84,"COMPOSIÇÃO"]
[89270,"GUINDASTE HIDRÁULICO AUTOPROPELIDO, COM LANÇA TELESCÓPICA 28,80 M, CAPACIDADE MÁXIMA 30 T, POTÊNCIA 97 KW, TRAÇÃO 4 X 4 - MANUTENÇÃO. AF_11/2014","H",42.48,"COMPOSIÇÃO"]
[89271,"GUINDASTE HIDRÁULICO AUTOPROPELIDO, COM LANÇA TELESCÓPICA 28,80 M, CAPACIDADE MÁXIMA 30 T, POTÊNCIA 97 KW, TRAÇÃO 4 X 4 - MATERIAIS NA OPERAÇÃO. AF_11/2014","H",17.55,"COMPOSIÇÃO"]
[89274,"BETONEIRA CAPACIDADE NOMINAL DE 600 L, CAPACIDADE DE MISTURA 440 L, MOTOR A DIESEL POTÊNCIA 10 HP, COM CARREGADOR - DEPRECIAÇÃO. AF_11/2014","H",1.24,"COMPOSIÇÃO"]
[89275,"BETONEIRA CAPACIDADE NOMINAL DE 600 L, CAPACIDADE DE MISTURA 440 L, MOTOR A DIESEL POTÊNCIA 10 HP, COM CARREGADOR - JUROS. AF_11/2014","H",0.14000000000000001,"COMPOSIÇÃO"]
[89276,"BETONEIRA CAPACIDADE NOMINAL DE 600 L, CAPACIDADE DE MISTURA 440 L, MOTOR A DIESEL POTÊNCIA 10 HP, COM CARREGADOR - MANUTENÇÃO. AF_11/2014","H",1.17,"COMPOSIÇÃO"]
[89277,"BETONEIRA CAPACIDADE NOMINAL DE 600 L, CAPACIDADE DE MISTURA 440 L, MOTOR A DIESEL POTÊNCIA 10 HP, COM CARREGADOR - MATERIAIS NA OPERAÇÃO. AF_11/2014","H",5.14,"COMPOSIÇÃO"]
[89280,"ROLO COMPACTADOR VIBRATÓRIO TANDEM AÇO LISO, POTÊNCIA 58 HP, PESO SEM/COM LASTRO 6,5 / 9,4 T, LARGURA DE TRABALHO 1,2 M - DEPRECIAÇÃO. AF_06/2014","H",19.59,"COMPOSIÇÃO"]
[89281,"ROLO COMPACTADOR VIBRATÓRIO TANDEM AÇO LISO, POTÊNCIA 58 HP, PESO SEM/COM LASTRO 6,5 / 9,4 T, LARGURA DE TRABALHO 1,2 M - JUROS. AF_06/2014","H",2.72,"COMPOSIÇÃO"]
[89870,"CAMINHÃO BASCULANTE 14 M3, COM CAVALO MECÂNICO DE CAPACIDADE MÁXIMA DE TRAÇÃO COMBINADO DE 36000 KG, POTÊNCIA 286 CV, INCLUSIVE SEMIREBOQUE COM CAÇAMBA METÁLICA - DEPRECIAÇÃO. AF_12/2014","H",21.16,"COMPOSIÇÃO"]
[89871,"CAMINHÃO BASCULANTE 14 M3, COM CAVALO MECÂNICO DE CAPACIDADE MÁXIMA DE TRAÇÃO COMBINADO DE 36000 KG, POTÊNCIA 286 CV, INCLUSIVE SEMIREBOQUE COM CAÇAMBA METÁLICA - JUROS. AF_12/2014","H",3.91,"COMPOSIÇÃO"]
[89872,"CAMINHÃO BASCULANTE 14 M3, COM CAVALO MECÂNICO DE CAPACIDADE MÁXIMA DE TRAÇÃO COMBINADO DE 36000 KG, POTÊNCIA 286 CV, INCLUSIVE SEMIREBOQUE COM CAÇAMBA METÁLICA - IMPOSTOS E SEGUROS. AF_12/2014","H",1.53,"COMPOSIÇÃO"]
[89873,"CAMINHÃO BASCULANTE 14 M3, COM CAVALO MECÂNICO DE CAPACIDADE MÁXIMA DE TRAÇÃO COMBINADO DE 36000 KG, POTÊNCIA 286 CV, INCLUSIVE SEMIREBOQUE COM CAÇAMBA METÁLICA - MANUTENÇÃO. AF_12/2014","H",39.69,"COMPOSIÇÃO"]
[89874,"CAMINHÃO BASCULANTE 14 M3, COM CAVALO MECÂNICO DE CAPACIDADE MÁXIMA DE TRAÇÃO COMBINADO DE 36000 KG, POTÊNCIA 286 CV, INCLUSIVE SEMIREBOQUE COM CAÇAMBA METÁLICA - MATERIAIS NA OPERAÇÃO. AF_12/2014","H",106.68,"COMPOSIÇÃO"]
[89878,"CAMINHÃO BASCULANTE 18 M3, COM CAVALO MECÂNICO DE CAPACIDADE MÁXIMA DE TRAÇÃO COMBINADO DE 45000 KG, POTÊNCIA 330 CV, INCLUSIVE SEMIREBOQUE COM CAÇAMBA METÁLICA - DEPRECIAÇÃO. AF_12/2014","H",22.32,"COMPOSIÇÃO"]
[89879,"CAMINHÃO BASCULANTE 18 M3, COM CAVALO MECÂNICO DE CAPACIDADE MÁXIMA DE TRAÇÃO COMBINADO DE 45000 KG, POTÊNCIA 330 CV, INCLUSIVE SEMIREBOQUE COM CAÇAMBA METÁLICA - JUROS. AF_12/2014","H",4.12,"COMPOSIÇÃO"]
[89880,"CAMINHÃO BASCULANTE 18 M3, COM CAVALO MECÂNICO DE CAPACIDADE MÁXIMA DE TRAÇÃO COMBINADO DE 45000 KG, POTÊNCIA 330 CV, INCLUSIVE SEMIREBOQUE COM CAÇAMBA METÁLICA - IMPOSTOS E SEGUROS. AF_12/2014","H",1.61,"COMPOSIÇÃO"]
[89881,"CAMINHÃO BASCULANTE 18 M3, COM CAVALO MECÂNICO DE CAPACIDADE MÁXIMA DE TRAÇÃO COMBINADO DE 45000 KG, POTÊNCIA 330 CV, INCLUSIVE SEMIREBOQUE COM CAÇAMBA METÁLICA - MANUTENÇÃO. AF_12/2014","H",41.86,"COMPOSIÇÃO"]
[89882,"CAMINHÃO BASCULANTE 18 M3, COM CAVALO MECÂNICO DE CAPACIDADE MÁXIMA DE TRAÇÃO COMBINADO DE 45000 KG, POTÊNCIA 330 CV, INCLUSIVE SEMIREBOQUE COM CAÇAMBA METÁLICA - MATERIAIS NA OPERAÇÃO. AF_12/2014","H",123.08,"COMPOSIÇÃO"]
[90582,"VIBRADOR DE IMERSÃO, DIÂMETRO DE PONTEIRA 45MM, MOTOR ELÉTRICO TRIFÁSICO POTÊNCIA DE 2 CV - DEPRECIAÇÃO. AF_06/2015","H",0.27,"COMPOSIÇÃO"]
[90583,"VIBRADOR DE IMERSÃO, DIÂMETRO DE PONTEIRA 45MM, MOTOR ELÉTRICO TRIFÁSICO POTÊNCIA DE 2 CV - JUROS. AF_06/2015","H",0.03,"COMPOSIÇÃO"]
[90584,"VIBRADOR DE IMERSÃO, DIÂMETRO DE PONTEIRA 45MM, MOTOR ELÉTRICO TRIFÁSICO POTÊNCIA DE 2 CV - MANUTENÇÃO. AF_06/2015","H",0.21,"COMPOSIÇÃO"]
[90585,"VIBRADOR DE IMERSÃO, DIÂMETRO DE PONTEIRA 45MM, MOTOR ELÉTRICO TRIFÁSICO POTÊNCIA DE 2 CV - MATERIAIS NA OPERAÇÃO. AF_06/2015","H",1.02,"COMPOSIÇÃO"]
[90621,"PERFURATRIZ MANUAL, TORQUE MÁXIMO 83 N.M, POTÊNCIA 5 CV, COM DIÂMETRO MÁXIMO 4\" - DEPRECIAÇÃO. AF_06/2015","H",2.09,"COMPOSIÇÃO"]
[90622,"PERFURATRIZ MANUAL, TORQUE MÁXIMO 83 N.M, POTÊNCIA 5 CV, COM DIÂMETRO MÁXIMO 4\" - JUROS. AF_06/2015","H",0.24,"COMPOSIÇÃO"]
[90623,"PERFURATRIZ MANUAL, TORQUE MÁXIMO 83 N.M, POTÊNCIA 5 CV, COM DIÂMETRO MÁXIMO 4\" - MANUTENÇÃO. AF_06/2015","H",2.61,"COMPOSIÇÃO"]
[90624,"PERFURATRIZ MANUAL, TORQUE MÁXIMO 83 N.M, POTÊNCIA 5 CV, COM DIÂMETRO MÁXIMO 4\" - MATERIAIS NA OPERAÇÃO. AF_06/2015","H",2.56,"COMPOSIÇÃO"]
[90627,"PERFURATRIZ SOBRE ESTEIRA, TORQUE MÁXIMO 600 KGF, PESO MÉDIO 1000 KG, POTÊNCIA 20 HP, DIÂMETRO MÁXIMO 10\" - DEPRECIAÇÃO. AF_06/2015","H",26.79,"COMPOSIÇÃO"]
[90628,"PERFURATRIZ SOBRE ESTEIRA, TORQUE MÁXIMO 600 KGF, PESO MÉDIO 1000 KG, POTÊNCIA 20 HP, DIÂMETRO MÁXIMO 10\" - JUROS. AF_06/2015","H",3.82,"COMPOSIÇÃO"]
[90629,"PERFURATRIZ SOBRE ESTEIRA, TORQUE MÁXIMO 600 KGF, PESO MÉDIO 1000 KG, POTÊNCIA 20 HP, DIÂMETRO MÁXIMO 10\" - MANUTENÇÃO. AF_06/2015","H",33.520000000000003,"COMPOSIÇÃO"]
[90630,"PERFURATRIZ SOBRE ESTEIRA, TORQUE MÁXIMO 600 KGF, PESO MÉDIO 1000 KG, POTÊNCIA 20 HP, DIÂMETRO MÁXIMO 10\" - MATERIAIS NA OPERAÇÃO. AF_06/2015","H",10.39,"COMPOSIÇÃO"]
[90633,"MISTURADOR DUPLO HORIZONTAL DE ALTA TURBULÊNCIA, CAPACIDADE / VOLUME 2 X 500 LITROS, MOTORES ELÉTRICOS MÍNIMO 5 CV CADA, PARA NATA CIMENTO, ARGAMASSA E OUTROS - DEPRECIAÇÃO. AF_06/2015","H",3.16,"COMPOSIÇÃO"]
[90634,"MISTURADOR DUPLO HORIZONTAL DE ALTA TURBULÊNCIA, CAPACIDADE / VOLUME 2 X 500 LITROS, MOTORES ELÉTRICOS MÍNIMO 5 CV CADA, PARA NATA CIMENTO, ARGAMASSA E OUTROS - JUROS. AF_06/2015","H",0.37,"COMPOSIÇÃO"]
[90635,"MISTURADOR DUPLO HORIZONTAL DE ALTA TURBULÊNCIA, CAPACIDADE / VOLUME 2 X 500 LITROS, MOTORES ELÉTRICOS MÍNIMO 5 CV CADA, PARA NATA CIMENTO, ARGAMASSA E OUTROS - MANUTENÇÃO. AF_06/2015","H",3.46,"COMPOSIÇÃO"]
[90636,"MISTURADOR DUPLO HORIZONTAL DE ALTA TURBULÊNCIA, CAPACIDADE / VOLUME 2 X 500 LITROS, MOTORES ELÉTRICOS MÍNIMO 5 CV CADA, PARA NATA CIMENTO, ARGAMASSA E OUTROS - MATERIAIS NA OPERAÇÃO. AF_06/2015","H",5.13,"COMPOSIÇÃO"]
[90639,"BOMBA TRIPLEX, PARA INJEÇÃO DE NATA DE CIMENTO, VAZÃO MÁXIMA DE 100 LITROS/MINUTO, PRESSÃO MÁXIMA DE 70 BAR - DEPRECIAÇÃO. AF_06/2015","H",4.72,"COMPOSIÇÃO"]
[90640,"BOMBA TRIPLEX, PARA INJEÇÃO DE NATA DE CIMENTO, VAZÃO MÁXIMA DE 100 LITROS/MINUTO, PRESSÃO MÁXIMA DE 70 BAR - JUROS. AF_06/2015","H",0.56000000000000005,"COMPOSIÇÃO"]
[90641,"BOMBA TRIPLEX, PARA INJEÇÃO DE NATA DE CIMENTO, VAZÃO MÁXIMA DE 100 LITROS/MINUTO, PRESSÃO MÁXIMA DE 70 BAR - MANUTENÇÃO. AF_06/2015","H",5.17,"COMPOSIÇÃO"]
[90642,"BOMBA TRIPLEX, PARA INJEÇÃO DE NATA DE CIMENTO, VAZÃO MÁXIMA DE 100 LITROS/MINUTO, PRESSÃO MÁXIMA DE 70 BAR - MATERIAIS NA OPERAÇÃO. AF_06/2015","H",5.57,"COMPOSIÇÃO"]
[90646,"BOMBA CENTRÍFUGA MONOESTÁGIO COM MOTOR ELÉTRICO MONOFÁSICO, POTÊNCIA 15 HP, DIÂMETRO DO ROTOR 173 MM, HM/Q = 30 MCA / 90 M3/H A 45 MCA / 55 M3/H - DEPRECIAÇÃO. AF_06/2015","H",0.56999999999999995,"COMPOSIÇÃO"]
[90647,"BOMBA CENTRÍFUGA MONOESTÁGIO COM MOTOR ELÉTRICO MONOFÁSICO, POTÊNCIA 15 HP, DIÂMETRO DO ROTOR 173 MM, HM/Q = 30 MCA / 90 M3/H A 45 MCA / 55 M3/H - JUROS. AF_06/2015","H",0.06,"COMPOSIÇÃO"]
[90648,"BOMBA CENTRÍFUGA MONOESTÁGIO COM MOTOR ELÉTRICO MONOFÁSICO, POTÊNCIA 15 HP, DIÂMETRO DO ROTOR 173 MM, HM/Q = 30 MCA / 90 M3/H A 45 MCA / 55 M3/H - MANUTENÇÃO. AF_06/2015","H",0.63,"COMPOSIÇÃO"]
[90649,"BOMBA CENTRÍFUGA MONOESTÁGIO COM MOTOR ELÉTRICO MONOFÁSICO, POTÊNCIA 15 HP, DIÂMETRO DO ROTOR 173 MM, HM/Q = 30 MCA / 90 M3/H A 45 MCA / 55 M3/H - MATERIAIS NA OPERAÇÃO. AF_06/2015","H",7.98,"COMPOSIÇÃO"]
[90652,"BOMBA DE PROJEÇÃO DE CONCRETO SECO, POTÊNCIA 10 CV, VAZÃO 3 M3/H - DEPRECIAÇÃO. AF_06/2015","H",3.07,"COMPOSIÇÃO"]
[90653,"BOMBA DE PROJEÇÃO DE CONCRETO SECO, POTÊNCIA 10 CV, VAZÃO 3 M3/H - JUROS. AF_06/2015","H",0.36,"COMPOSIÇÃO"]
[90654,"BOMBA DE PROJEÇÃO DE CONCRETO SECO, POTÊNCIA 10 CV, VAZÃO 3 M3/H - MANUTENÇÃO. AF_06/2015","H",3.36,"COMPOSIÇÃO"]
[90655,"BOMBA DE PROJEÇÃO DE CONCRETO SECO, POTÊNCIA 10 CV, VAZÃO 3 M3/H - MATERIAIS NA OPERAÇÃO. AF_06/2015","H",5.25,"COMPOSIÇÃO"]
[90658,"BOMBA DE PROJEÇÃO DE CONCRETO SECO, POTÊNCIA 10 CV, VAZÃO 6 M3/H - DEPRECIAÇÃO. AF_06/2015","H",3.29,"COMPOSIÇÃO"]
[90659,"BOMBA DE PROJEÇÃO DE CONCRETO SECO, POTÊNCIA 10 CV, VAZÃO 6 M3/H - JUROS. AF_06/2015","H",0.39,"COMPOSIÇÃO"]
[90660,"BOMBA DE PROJEÇÃO DE CONCRETO SECO, POTÊNCIA 10 CV, VAZÃO 6 M3/H - MANUTENÇÃO. AF_06/2015","H",3.6,"COMPOSIÇÃO"]
[90661,"BOMBA DE PROJEÇÃO DE CONCRETO SECO, POTÊNCIA 10 CV, VAZÃO 6 M3/H - MATERIAIS NA OPERAÇÃO. AF_06/2015","H",5.25,"COMPOSIÇÃO"]
[90664,"PROJETOR PNEUMÁTICO DE ARGAMASSA PARA CHAPISCO E REBOCO COM RECIPIENTE ACOPLADO, TIPO CANEQUINHA, COM COMPRESSOR DE AR REBOCÁVEL VAZÃO 89 PCM E MOTOR DIESEL DE 20 CV - DEPRECIAÇÃO. AF_06/2015","H",4.51,"COMPOSIÇÃO"]
[90665,"PROJETOR PNEUMÁTICO DE ARGAMASSA PARA CHAPISCO E REBOCO COM RECIPIENTE ACOPLADO, TIPO CANEQUINHA, COM COMPRESSOR DE AR REBOCÁVEL VAZÃO 89 PCM E MOTOR DIESEL DE 20 CV - JUROS. AF_06/2015","H",0.51,"COMPOSIÇÃO"]
[90666,"PROJETOR PNEUMÁTICO DE ARGAMASSA PARA CHAPISCO E REBOCO COM RECIPIENTE ACOPLADO, TIPO CANEQUINHA, COM COMPRESSOR DE AR REBOCÁVEL VAZÃO 89 PCM E MOTOR DIESEL DE 20 CV - MANUTENÇÃO. AF_06/2015","H",4.93,"COMPOSIÇÃO"]
[90667,"PROJETOR PNEUMÁTICO DE ARGAMASSA PARA CHAPISCO E REBOCO COM RECIPIENTE ACOPLADO, TIPO CANEQUINHA, COM COMPRESSOR DE AR REBOCÁVEL VAZÃO 89 PCM E MOTOR DIESEL DE 20 CV - MATERIAIS NA OPERAÇÃO. AF_06/2015","H",9.0500000000000007,"COMPOSIÇÃO"]
[90670,"PERFURATRIZ COM TORRE METÁLICA PARA EXECUÇÃO DE ESTACA HÉLICE CONTÍNUA, PROFUNDIDADE MÁXIMA DE 30 M, DIÂMETRO MÁXIMO DE 800 MM, POTÊNCIA INSTALADA DE 268 HP, MESA ROTATIVA COM TORQUE MÁXIMO DE 170 KNM - DEPRECIAÇÃO. AF_06/2015","H",122.94,"COMPOSIÇÃO"]
[90671,"PERFURATRIZ COM TORRE METÁLICA PARA EXECUÇÃO DE ESTACA HÉLICE CONTÍNUA, PROFUNDIDADE MÁXIMA DE 30 M, DIÂMETRO MÁXIMO DE 800 MM, POTÊNCIA INSTALADA DE 268 HP, MESA ROTATIVA COM TORQUE MÁXIMO DE 170 KNM - JUROS. AF_06/2015","H",17.059999999999999,"COMPOSIÇÃO"]
[90672,"PERFURATRIZ COM TORRE METÁLICA PARA EXECUÇÃO DE ESTACA HÉLICE CONTÍNUA, PROFUNDIDADE MÁXIMA DE 30 M, DIÂMETRO MÁXIMO DE 800 MM, POTÊNCIA INSTALADA DE 268 HP, MESA ROTATIVA COM TORQUE MÁXIMO DE 170 KNM - MANUTENÇÃO. AF_06/2015","H",153.85,"COMPOSIÇÃO"]
[90673,"PERFURATRIZ COM TORRE METÁLICA PARA EXECUÇÃO DE ESTACA HÉLICE CONTÍNUA, PROFUNDIDADE MÁXIMA DE 30 M, DIÂMETRO MÁXIMO DE 800 MM, POTÊNCIA INSTALADA DE 268 HP, MESA ROTATIVA COM TORQUE MÁXIMO DE 170 KNM - MATERIAIS NA OPERAÇÃO. AF_06/2015","H",72.400000000000006,"COMPOSIÇÃO"]
[90676,"PERFURATRIZ HIDRÁULICA SOBRE CAMINHÃO COM TRADO CURTO ACOPLADO, PROFUNDIDADE MÁXIMA DE 20 M, DIÂMETRO MÁXIMO DE 1500 MM, POTÊNCIA INSTALADA DE 137 HP, MESA ROTATIVA COM TORQUE MÁXIMO DE 30 KNM - DEPRECIAÇÃO. AF_06/2015","H",62.2,"COMPOSIÇÃO"]
[90677,"PERFURATRIZ HIDRÁULICA SOBRE CAMINHÃO COM TRADO CURTO ACOPLADO, PROFUNDIDADE MÁXIMA DE 20 M, DIÂMETRO MÁXIMO DE 1500 MM, POTÊNCIA INSTALADA DE 137 HP, MESA ROTATIVA COM TORQUE MÁXIMO DE 30 KNM - JUROS. AF_06/2015","H",8.6199999999999992,"COMPOSIÇÃO"]
[90678,"PERFURATRIZ HIDRÁULICA SOBRE CAMINHÃO COM TRADO CURTO ACOPLADO, PROFUNDIDADE MÁXIMA DE 20 M, DIÂMETRO MÁXIMO DE 1500 MM, POTÊNCIA INSTALADA DE 137 HP, MESA ROTATIVA COM TORQUE MÁXIMO DE 30 KNM - MANUTENÇÃO. AF_06/2015","H",77.84,"COMPOSIÇÃO"]
[90679,"PERFURATRIZ HIDRÁULICA SOBRE CAMINHÃO COM TRADO CURTO ACOPLADO, PROFUNDIDADE MÁXIMA DE 20 M, DIÂMETRO MÁXIMO DE 1500 MM, POTÊNCIA INSTALADA DE 137 HP, MESA ROTATIVA COM TORQUE MÁXIMO DE 30 KNM - MATERIAIS NA OPERAÇÃO. AF_06/2015","H",55.49,"COMPOSIÇÃO"]
[90682,"MANIPULADOR TELESCÓPICO, POTÊNCIA DE 85 HP, CAPACIDADE DE CARGA DE 3.500 KG, ALTURA MÁXIMA DE ELEVAÇÃO DE 12,3 M - DEPRECIAÇÃO. AF_06/2015","H",22.69,"COMPOSIÇÃO"]
[90683,"MANIPULADOR TELESCÓPICO, POTÊNCIA DE 85 HP, CAPACIDADE DE CARGA DE 3.500 KG, ALTURA MÁXIMA DE ELEVAÇÃO DE 12,3 M - JUROS. AF_06/2015","H",2.69,"COMPOSIÇÃO"]
[90684,"MANIPULADOR TELESCÓPICO, POTÊNCIA DE 85 HP, CAPACIDADE DE CARGA DE 3.500 KG, ALTURA MÁXIMA DE ELEVAÇÃO DE 12,3 M - MANUTENÇÃO. AF_06/2015","H",24.82,"COMPOSIÇÃO"]
[90685,"MANIPULADOR TELESCÓPICO, POTÊNCIA DE 85 HP, CAPACIDADE DE CARGA DE 3.500 KG, ALTURA MÁXIMA DE ELEVAÇÃO DE 12,3 M - MATERIAIS NA OPERAÇÃO. AF_06/2015","H",34.42,"COMPOSIÇÃO"]
[90688,"MINICARREGADEIRA SOBRE RODAS, POTÊNCIA LÍQUIDA DE 47 HP, CAPACIDADE NOMINAL DE OPERAÇÃO DE 646 KG - DEPRECIAÇÃO. AF_06/2015","H",13.39,"COMPOSIÇÃO"]
[90689,"MINICARREGADEIRA SOBRE RODAS, POTÊNCIA LÍQUIDA DE 47 HP, CAPACIDADE NOMINAL DE OPERAÇÃO DE 646 KG - JUROS. AF_06/2015","H",1.35,"COMPOSIÇÃO"]
[90690,"MINICARREGADEIRA SOBRE RODAS, POTÊNCIA LÍQUIDA DE 47 HP, CAPACIDADE NOMINAL DE OPERAÇÃO DE 646 KG - MANUTENÇÃO. AF_06/2015","H",16.73,"COMPOSIÇÃO"]
[90691,"MINICARREGADEIRA SOBRE RODAS, POTÊNCIA LÍQUIDA DE 47 HP, CAPACIDADE NOMINAL DE OPERAÇÃO DE 646 KG - MATERIAIS NA OPERAÇÃO. AF_06/2015","H",31.71,"COMPOSIÇÃO"]
[90957,"COMPRESSOR DE AR REBOCÁVEL, VAZÃO 189 PCM, PRESSÃO EFETIVA DE TRABALHO 102 PSI, MOTOR DIESEL, POTÊNCIA 63 CV - DEPRECIAÇÃO. AF_06/2015","H",2.79,"COMPOSIÇÃO"]
[90958,"COMPRESSOR DE AR REBOCÁVEL, VAZÃO 189 PCM, PRESSÃO EFETIVA DE TRABALHO 102 PSI, MOTOR DIESEL, POTÊNCIA 63 CV - JUROS. AF_06/2015","H",0.38,"COMPOSIÇÃO"]
[90960,"COMPRESSOR DE AR REBOCÁVEL, VAZÃO 89 PCM, PRESSÃO EFETIVA DE TRABALHO 102 PSI, MOTOR DIESEL, POTÊNCIA 20 CV - DEPRECIAÇÃO. AF_06/2015","H",3.73,"COMPOSIÇÃO"]
[90961,"COMPRESSOR DE AR REBOCÁVEL, VAZÃO 89 PCM, PRESSÃO EFETIVA DE TRABALHO 102 PSI, MOTOR DIESEL, POTÊNCIA 20 CV - JUROS. AF_06/2015","H",0.51,"COMPOSIÇÃO"]
[90962,"COMPRESSOR DE AR REBOCÁVEL, VAZÃO 89 PCM, PRESSÃO EFETIVA DE TRABALHO 102 PSI, MOTOR DIESEL, POTÊNCIA 20 CV - MANUTENÇÃO. AF_06/2015","H",4.66,"COMPOSIÇÃO"]
[90963,"COMPRESSOR DE AR REBOCÁVEL, VAZÃO 89 PCM, PRESSÃO EFETIVA DE TRABALHO 102 PSI, MOTOR DIESEL, POTÊNCIA 20 CV - MATERIAIS NA OPERAÇÃO. AF_06/2015","H",9.0500000000000007,"COMPOSIÇÃO"]
[90968,"COMPRESSOR DE AR REBOCAVEL, VAZÃO 250 PCM, PRESSAO DE TRABALHO 102 PSI, MOTOR A DIESEL POTÊNCIA 81 CV - DEPRECIAÇÃO. AF_06/2015","H",3.74,"COMPOSIÇÃO"]
[90969,"COMPRESSOR DE AR REBOCAVEL, VAZÃO 250 PCM, PRESSAO DE TRABALHO 102 PSI, MOTOR A DIESEL POTÊNCIA 81 CV - JUROS. AF_06/2015","H",0.51,"COMPOSIÇÃO"]
[90970,"COMPRESSOR DE AR REBOCAVEL, VAZÃO 250 PCM, PRESSAO DE TRABALHO 102 PSI, MOTOR A DIESEL POTÊNCIA 81 CV - MANUTENÇÃO. AF_06/2015","H",4.68,"COMPOSIÇÃO"]
[90971,"COMPRESSOR DE AR REBOCAVEL, VAZÃO 250 PCM, PRESSAO DE TRABALHO 102 PSI, MOTOR A DIESEL POTÊNCIA 81 CV - MATERIAIS NA OPERAÇÃO. AF_06/2015","H",36.67,"COMPOSIÇÃO"]
[90975,"COMPRESSOR DE AR REBOCÁVEL, VAZÃO 748 PCM, PRESSÃO EFETIVA DE TRABALHO 102 PSI, MOTOR DIESEL, POTÊNCIA 210 CV - DEPRECIAÇÃO. AF_06/2015","H",9.49,"COMPOSIÇÃO"]
[90976,"COMPRESSOR DE AR REBOCÁVEL, VAZÃO 748 PCM, PRESSÃO EFETIVA DE TRABALHO 102 PSI, MOTOR DIESEL, POTÊNCIA 210 CV - JUROS. AF_06/2015","H",1.31,"COMPOSIÇÃO"]
[90977,"COMPRESSOR DE AR REBOCÁVEL, VAZÃO 748 PCM, PRESSÃO EFETIVA DE TRABALHO 102 PSI, MOTOR DIESEL, POTÊNCIA 210 CV - MANUTENÇÃO. AF_06/2015","H",11.88,"COMPOSIÇÃO"]
[90978,"COMPRESSOR DE AR REBOCÁVEL, VAZÃO 748 PCM, PRESSÃO EFETIVA DE TRABALHO 102 PSI, MOTOR DIESEL, POTÊNCIA 210 CV - MATERIAIS NA OPERAÇÃO. AF_06/2015","H",95.13,"COMPOSIÇÃO"]
[90992,"COMPRESSOR DE AR REBOCAVEL, VAZÃO 400 PCM, PRESSAO DE TRABALHO 102 PSI, MOTOR A DIESEL POTÊNCIA 110 CV - DEPRECIAÇÃO. AF_06/2015","H",4.43,"COMPOSIÇÃO"]
[90993,"COMPRESSOR DE AR REBOCAVEL, VAZÃO 400 PCM, PRESSAO DE TRABALHO 102 PSI, MOTOR A DIESEL POTÊNCIA 110 CV - JUROS. AF_06/2015","H",0.61,"COMPOSIÇÃO"]
[90994,"COMPRESSOR DE AR REBOCAVEL, VAZÃO 400 PCM, PRESSAO DE TRABALHO 102 PSI, MOTOR A DIESEL POTÊNCIA 110 CV - MANUTENÇÃO. AF_06/2015","H",5.55,"COMPOSIÇÃO"]
[90995,"COMPRESSOR DE AR REBOCAVEL, VAZÃO 400 PCM, PRESSAO DE TRABALHO 102 PSI, MOTOR A DIESEL POTÊNCIA 110 CV - MATERIAIS NA OPERAÇÃO. AF_06/2015","H",49.81,"COMPOSIÇÃO"]
[91021,"PERFURATRIZ HIDRÁULICA SOBRE CAMINHÃO COM TRADO CURTO ACOPLADO, PROFUNDIDADE MÁXIMA DE 20 M, DIÂMETRO MÁXIMO DE 1500 MM, POTÊNCIA INSTALADA DE 137 HP, MESA ROTATIVA COM TORQUE MÁXIMO DE 30 KNM - IMPOSTOS E SEGUROS. AF_06/2015","H",3.37,"COMPOSIÇÃO"]
[91026,"CAMINHÃO TRUCADO (C/ TERCEIRO EIXO) ELETRÔNICO - POTÊNCIA 231CV - PBT = 22000KG - DIST. ENTRE EIXOS 5170 MM - INCLUI CARROCERIA FIXA ABERTA DE MADEIRA - DEPRECIAÇÃO. AF_06/2015","H",10.5,"COMPOSIÇÃO"]
[91027,"CAMINHÃO TRUCADO (C/ TERCEIRO EIXO) ELETRÔNICO - POTÊNCIA 231CV - PBT = 22000KG - DIST. ENTRE EIXOS 5170 MM - INCLUI CARROCERIA FIXA ABERTA DE MADEIRA - JUROS. AF_06/2015","H",2.2000000000000002,"COMPOSIÇÃO"]
[91028,"CAMINHÃO TRUCADO (C/ TERCEIRO EIXO) ELETRÔNICO - POTÊNCIA 231CV - PBT = 22000KG - DIST. ENTRE EIXOS 5170 MM - INCLUI CARROCERIA FIXA ABERTA DE MADEIRA - IMPOSTOS E SEGUROS. AF_06/2015","H",0.84,"COMPOSIÇÃO"]
[91029,"CAMINHÃO TRUCADO (C/ TERCEIRO EIXO) ELETRÔNICO - POTÊNCIA 231CV - PBT = 22000KG - DIST. ENTRE EIXOS 5170 MM - INCLUI CARROCERIA FIXA ABERTA DE MADEIRA - MANUTENÇÃO. AF_06/2015","H",19.690000000000001,"COMPOSIÇÃO"]
[91030,"CAMINHÃO TRUCADO (C/ TERCEIRO EIXO) ELETRÔNICO - POTÊNCIA 231CV - PBT = 22000KG - DIST. ENTRE EIXOS 5170 MM - INCLUI CARROCERIA FIXA ABERTA DE MADEIRA - MATERIAIS NA OPERAÇÃO. AF_06/2015","H",86.15,"COMPOSIÇÃO"]
[91273,"PLACA VIBRATÓRIA REVERSÍVEL COM MOTOR 4 TEMPOS A GASOLINA, FORÇA CENTRÍFUGA DE 25 KN (2500 KGF), POTÊNCIA 5,5 CV - DEPRECIAÇÃO. AF_08/2015","H",0.4,"COMPOSIÇÃO"]
[91274,"PLACA VIBRATÓRIA REVERSÍVEL COM MOTOR 4 TEMPOS A GASOLINA, FORÇA CENTRÍFUGA DE 25 KN (2500 KGF), POTÊNCIA 5,5 CV - JUROS. AF_08/2015","H",0.05,"COMPOSIÇÃO"]
[91275,"PLACA VIBRATÓRIA REVERSÍVEL COM MOTOR 4 TEMPOS A GASOLINA, FORÇA CENTRÍFUGA DE 25 KN (2500 KGF), POTÊNCIA 5,5 CV - MANUTENÇÃO. AF_08/2015","H",0.5,"COMPOSIÇÃO"]
[91276,"PLACA VIBRATÓRIA REVERSÍVEL COM MOTOR 4 TEMPOS A GASOLINA, FORÇA CENTRÍFUGA DE 25 KN (2500 KGF), POTÊNCIA 5,5 CV - MATERIAIS NA OPERAÇÃO. AF_08/2015","H",6.07,"COMPOSIÇÃO"]
[91279,"CORTADORA DE PISO COM MOTOR 4 TEMPOS A GASOLINA, POTÊNCIA DE 13 HP, COM DISCO DE CORTE DIAMANTADO SEGMENTADO PARA CONCRETO, DIÂMETRO DE 350 MM, FURO DE 1\" (14 X 1\") - DEPRECIAÇÃO. AF_08/2015","H",0.84,"COMPOSIÇÃO"]
[91280,"CORTADORA DE PISO COM MOTOR 4 TEMPOS A GASOLINA, POTÊNCIA DE 13 HP, COM DISCO DE CORTE DIAMANTADO SEGMENTADO PARA CONCRETO, DIÂMETRO DE 350 MM, FURO DE 1\" (14 X 1\") - JUROS. AF_08/2015","H",0.09,"COMPOSIÇÃO"]
[91281,"CORTADORA DE PISO COM MOTOR 4 TEMPOS A GASOLINA, POTÊNCIA DE 13 HP, COM DISCO DE CORTE DIAMANTADO SEGMENTADO PARA CONCRETO, DIÂMETRO DE 350 MM, FURO DE 1\" (14 X 1\") - MANUTENÇÃO. AF_08/2015","H",1.05,"COMPOSIÇÃO"]
[91282,"CORTADORA DE PISO COM MOTOR 4 TEMPOS A GASOLINA, POTÊNCIA DE 13 HP, COM DISCO DE CORTE DIAMANTADO SEGMENTADO PARA CONCRETO, DIÂMETRO DE 350 MM, FURO DE 1\" (14 X 1\") - MATERIAIS NA OPERAÇÃO. AF_08/2015","H",14.53,"COMPOSIÇÃO"]
[91354,"CAMINHÃO TOCO, PESO BRUTO TOTAL 14.300 KG, CARGA ÚTIL MÁXIMA 9590 KG, DISTÂNCIA ENTRE EIXOS 4,76 M, POTÊNCIA 185 CV (NÃO INCLUI CARROCERIA) - DEPRECIAÇÃO. AF_06/2014","H",8.09,"COMPOSIÇÃO"]
[91355,"CAMINHÃO TOCO, PESO BRUTO TOTAL 14.300 KG, CARGA ÚTIL MÁXIMA 9590 KG, DISTÂNCIA ENTRE EIXOS 4,76 M, POTÊNCIA 185 CV (NÃO INCLUI CARROCERIA) - JUROS. AF_06/2014","H",1.69,"COMPOSIÇÃO"]
[91356,"CAMINHÃO TOCO, PESO BRUTO TOTAL 14.300 KG, CARGA ÚTIL MÁXIMA 9590 KG, DISTÂNCIA ENTRE EIXOS 4,76 M, POTÊNCIA 185 CV (NÃO INCLUI CARROCERIA) - IMPOSTOS E SEGUROS. AF_06/2014","H",0.66,"COMPOSIÇÃO"]
[91359,"CAMINHÃO PIPA 6.000 L, PESO BRUTO TOTAL 13.000 KG, DISTÂNCIA ENTRE EIXOS 4,80 M, POTÊNCIA 189 CV INCLUSIVE TANQUE DE AÇO PARA TRANSPORTE DE ÁGUA, CAPACIDADE 6 M3 - DEPRECIAÇÃO. AF_06/2014","H",9.3800000000000008,"COMPOSIÇÃO"]
[91360,"CAMINHÃO PIPA 6.000 L, PESO BRUTO TOTAL 13.000 KG, DISTÂNCIA ENTRE EIXOS 4,80 M, POTÊNCIA 189 CV INCLUSIVE TANQUE DE AÇO PARA TRANSPORTE DE ÁGUA, CAPACIDADE 6 M3 - JUROS. AF_06/2014","H",1.96,"COMPOSIÇÃO"]
[91361,"CAMINHÃO PIPA 6.000 L, PESO BRUTO TOTAL 13.000 KG, DISTÂNCIA ENTRE EIXOS 4,80 M, POTÊNCIA 189 CV INCLUSIVE TANQUE DE AÇO PARA TRANSPORTE DE ÁGUA, CAPACIDADE 6 M3 - IMPOSTOS E SEGUROS. AF_06/2014","H",0.76,"COMPOSIÇÃO"]
[91367,"CAMINHÃO BASCULANTE 6 M3, PESO BRUTO TOTAL 16.000 KG, CARGA ÚTIL MÁXIMA 13.071 KG, DISTÂNCIA ENTRE EIXOS 4,80 M, POTÊNCIA 230 CV INCLUSIVE CAÇAMBA METÁLICA - DEPRECIAÇÃO. AF_06/2014","H",12.03,"COMPOSIÇÃO"]
[91368,"CAMINHÃO BASCULANTE 6 M3, PESO BRUTO TOTAL 16.000 KG, CARGA ÚTIL MÁXIMA 13.071 KG, DISTÂNCIA ENTRE EIXOS 4,80 M, POTÊNCIA 230 CV INCLUSIVE CAÇAMBA METÁLICA - JUROS. AF_06/2014","H",2.2200000000000002,"COMPOSIÇÃO"]
[91369,"CAMINHÃO BASCULANTE 6 M3, PESO BRUTO TOTAL 16.000 KG, CARGA ÚTIL MÁXIMA 13.071 KG, DISTÂNCIA ENTRE EIXOS 4,80 M, POTÊNCIA 230 CV INCLUSIVE CAÇAMBA METÁLICA - IMPOSTOS E SEGUROS. AF_06/2014","H",0.86,"COMPOSIÇÃO"]
[91375,"CAMINHÃO TOCO, PESO BRUTO TOTAL 16.000 KG, CARGA ÚTIL MÁXIMA DE 10.685 KG, DISTÂNCIA ENTRE EIXOS 4,80 M, POTÊNCIA 189 CV EXCLUSIVE CARROCERIA - DEPRECIAÇÃO. AF_06/2014","H",6.81,"COMPOSIÇÃO"]
[91376,"CAMINHÃO TOCO, PESO BRUTO TOTAL 16.000 KG, CARGA ÚTIL MÁXIMA DE 10.685 KG, DISTÂNCIA ENTRE EIXOS 4,80 M, POTÊNCIA 189 CV EXCLUSIVE CARROCERIA - JUROS. AF_06/2014","H",1.43,"COMPOSIÇÃO"]
[91377,"CAMINHÃO TOCO, PESO BRUTO TOTAL 16.000 KG, CARGA ÚTIL MÁXIMA DE 10.685 KG, DISTÂNCIA ENTRE EIXOS 4,80 M, POTÊNCIA 189 CV EXCLUSIVE CARROCERIA - IMPOSTOS E SEGUROS. AF_06/2014","H",0.55000000000000004,"COMPOSIÇÃO"]
[91380,"CAMINHÃO BASCULANTE 10 M3, TRUCADO CABINE SIMPLES, PESO BRUTO TOTAL 23.000 KG, CARGA ÚTIL MÁXIMA 15.935 KG, DISTÂNCIA ENTRE EIXOS 4,80 M, POTÊNCIA 230 CV INCLUSIVE CAÇAMBA METÁLICA - DEPRECIAÇÃO. AF_06/2014","H",13.62,"COMPOSIÇÃO"]
[91381,"CAMINHÃO BASCULANTE 10 M3, TRUCADO CABINE SIMPLES, PESO BRUTO TOTAL 23.000 KG, CARGA ÚTIL MÁXIMA 15.935 KG, DISTÂNCIA ENTRE EIXOS 4,80 M, POTÊNCIA 230 CV INCLUSIVE CAÇAMBA METÁLICA - JUROS. AF_06/2014","H",2.52,"COMPOSIÇÃO"]
[91382,"CAMINHÃO BASCULANTE 10 M3, TRUCADO CABINE SIMPLES, PESO BRUTO TOTAL 23.000 KG, CARGA ÚTIL MÁXIMA 15.935 KG, DISTÂNCIA ENTRE EIXOS 4,80 M, POTÊNCIA 230 CV INCLUSIVE CAÇAMBA METÁLICA - IMPOSTOS E SEGUROS. AF_06/2014","H",0.98,"COMPOSIÇÃO"]
[91383,"CAMINHÃO BASCULANTE 10 M3, TRUCADO CABINE SIMPLES, PESO BRUTO TOTAL 23.000 KG, CARGA ÚTIL MÁXIMA 15.935 KG, DISTÂNCIA ENTRE EIXOS 4,80 M, POTÊNCIA 230 CV INCLUSIVE CAÇAMBA METÁLICA - MANUTENÇÃO. AF_06/2014","H",25.55,"COMPOSIÇÃO"]
[91384,"CAMINHÃO BASCULANTE 10 M3, TRUCADO CABINE SIMPLES, PESO BRUTO TOTAL 23.000 KG, CARGA ÚTIL MÁXIMA 15.935 KG, DISTÂNCIA ENTRE EIXOS 4,80 M, POTÊNCIA 230 CV INCLUSIVE CAÇAMBA METÁLICA - MATERIAIS NA OPERAÇÃO. AF_06/2014","H",85.79,"COMPOSIÇÃO"]
[91390,"CAMINHÃO TOCO, PBT 14.300 KG, CARGA ÚTIL MÁX. 9.710 KG, DIST. ENTRE EIXOS 3,56 M, POTÊNCIA 185 CV, INCLUSIVE CARROCERIA FIXA ABERTA DE MADEIRA P/ TRANSPORTE GERAL DE CARGA SECA, DIMEN. APROX. 2,50 X 6,50 X 0,50 M - DEPRECIAÇÃO. AF_06/2014","H",8.83,"COMPOSIÇÃO"]
[91391,"CAMINHÃO TOCO, PBT 14.300 KG, CARGA ÚTIL MÁX. 9.710 KG, DIST. ENTRE EIXOS 3,56 M, POTÊNCIA 185 CV, INCLUSIVE CARROCERIA FIXA ABERTA DE MADEIRA P/ TRANSPORTE GERAL DE CARGA SECA, DIMEN. APROX. 2,50 X 6,50 X 0,50 M - JUROS. AF_06/2014","H",1.84,"COMPOSIÇÃO"]
[91392,"CAMINHÃO TOCO, PBT 14.300 KG, CARGA ÚTIL MÁX. 9.710 KG, DIST. ENTRE EIXOS 3,56 M, POTÊNCIA 185 CV, INCLUSIVE CARROCERIA FIXA ABERTA DE MADEIRA P/ TRANSPORTE GERAL DE CARGA SECA, DIMEN. APROX. 2,50 X 6,50 X 0,50 M - IMPOSTOS E SEGUROS. AF_06/2014","H",0.71,"COMPOSIÇÃO"]
[91396,"CAMINHÃO PIPA 10.000 L TRUCADO, PESO BRUTO TOTAL 23.000 KG, CARGA ÚTIL MÁXIMA 15.935 KG, DISTÂNCIA ENTRE EIXOS 4,8 M, POTÊNCIA 230 CV, INCLUSIVE TANQUE DE AÇO PARA TRANSPORTE DE ÁGUA - DEPRECIAÇÃO. AF_06/2014","H",12.01,"COMPOSIÇÃO"]
[91397,"CAMINHÃO PIPA 10.000 L TRUCADO, PESO BRUTO TOTAL 23.000 KG, CARGA ÚTIL MÁXIMA 15.935 KG, DISTÂNCIA ENTRE EIXOS 4,8 M, POTÊNCIA 230 CV, INCLUSIVE TANQUE DE AÇO PARA TRANSPORTE DE ÁGUA - JUROS. AF_06/2014","H",2.52,"COMPOSIÇÃO"]
[91398,"CAMINHÃO PIPA 10.000 L TRUCADO, PESO BRUTO TOTAL 23.000 KG, CARGA ÚTIL MÁXIMA 15.935 KG, DISTÂNCIA ENTRE EIXOS 4,8 M, POTÊNCIA 230 CV, INCLUSIVE TANQUE DE AÇO PARA TRANSPORTE DE ÁGUA - IMPOSTOS E SEGUROS. AF_06/2014","H",0.97,"COMPOSIÇÃO"]
[91402,"CAMINHÃO BASCULANTE 6 M3 TOCO, PESO BRUTO TOTAL 16.000 KG, CARGA ÚTIL MÁXIMA 11.130 KG, DISTÂNCIA ENTRE EIXOS 5,36 M, POTÊNCIA 185 CV, INCLUSIVE CAÇAMBA METÁLICA - IMPOSTOS E SEGUROS. AF_06/2014","H",0.83,"COMPOSIÇÃO"]
[91466,"GUINDAUTO HIDRÁULICO, CAPACIDADE MÁXIMA DE CARGA 6200 KG, MOMENTO MÁXIMO DE CARGA 11,7 TM, ALCANCE MÁXIMO HORIZONTAL 9,70 M, INCLUSIVE CAMINHÃO TOCO PBT 16.000 KG, POTÊNCIA DE 189 CV - IMPOSTOS E SEGUROS. AF_08/2015","H",0.75,"COMPOSIÇÃO"]
[91467,"GUINDAUTO HIDRÁULICO, CAPACIDADE MÁXIMA DE CARGA 6200 KG, MOMENTO MÁXIMO DE CARGA 11,7 TM, ALCANCE MÁXIMO HORIZONTAL 9,70 M, INCLUSIVE CAMINHÃO TOCO PBT 16.000 KG, POTÊNCIA DE 189 CV - MATERIAIS NA OPERAÇÃO. AF_08/2015","H",95.67,"COMPOSIÇÃO"]
[91468,"ESPARGIDOR DE ASFALTO PRESSURIZADO, TANQUE 6 M3 COM ISOLAÇÃO TÉRMICA, AQUECIDO COM 2 MAÇARICOS, COM BARRA ESPARGIDORA 3,60 M, MONTADO SOBRE CAMINHÃO  TOCO, PBT 14.300 KG, POTÊNCIA 185 CV - DEPRECIAÇÃO. AF_08/2015","H",13.08,"COMPOSIÇÃO"]
[91469,"ESPARGIDOR DE ASFALTO PRESSURIZADO, TANQUE 6 M3 COM ISOLAÇÃO TÉRMICA, AQUECIDO COM 2 MAÇARICOS, COM BARRA ESPARGIDORA 3,60 M, MONTADO SOBRE CAMINHÃO  TOCO, PBT 14.300 KG, POTÊNCIA 185 CV - JUROS. AF_08/2015","H",2.82,"COMPOSIÇÃO"]
[91484,"ESPARGIDOR DE ASFALTO PRESSURIZADO, TANQUE 6 M3 COM ISOLAÇÃO TÉRMICA, AQUECIDO COM 2 MAÇARICOS, COM BARRA ESPARGIDORA 3,60 M, MONTADO SOBRE CAMINHÃO  TOCO, PBT 14.300 KG, POTÊNCIA 185 CV - IMPOSTOS E SEGUROS. AF_08/2015","H",0.9,"COMPOSIÇÃO"]
[91485,"ESPARGIDOR DE ASFALTO PRESSURIZADO, TANQUE 6 M3 COM ISOLAÇÃO TÉRMICA, AQUECIDO COM 2 MAÇARICOS, COM BARRA ESPARGIDORA 3,60 M, MONTADO SOBRE CAMINHÃO  TOCO, PBT 14.300 KG, POTÊNCIA 185 CV - MATERIAIS NA OPERAÇÃO. AF_08/2015","H",129.84,"COMPOSIÇÃO"]
[91529,"COMPACTADOR DE SOLOS DE PERCUSSÃO (SOQUETE) COM MOTOR A GASOLINA 4 TEMPOS, POTÊNCIA 4 CV - DEPRECIAÇÃO. AF_08/2015","H",0.59,"COMPOSIÇÃO"]
[91530,"COMPACTADOR DE SOLOS DE PERCUSSÃO (SOQUETE) COM MOTOR A GASOLINA 4 TEMPOS, POTÊNCIA 4 CV - JUROS. AF_08/2015","H",0.08,"COMPOSIÇÃO"]
[91531,"COMPACTADOR DE SOLOS DE PERCUSSÃO (SOQUETE) COM MOTOR A GASOLINA 4 TEMPOS, POTÊNCIA 4 CV - MANUTENÇÃO. AF_08/2015","H",0.74,"COMPOSIÇÃO"]
[91532,"COMPACTADOR DE SOLOS DE PERCUSSÃO (SOQUETE) COM MOTOR A GASOLINA 4 TEMPOS, POTÊNCIA 4 CV - MATERIAIS NA OPERAÇÃO. AF_08/2015","H",4.4000000000000004,"COMPOSIÇÃO"]
[91629,"GUINDAUTO HIDRÁULICO, CAPACIDADE MÁXIMA DE CARGA 6500 KG, MOMENTO MÁXIMO DE CARGA 5,8 TM, ALCANCE MÁXIMO HORIZONTAL 7,60 M, INCLUSIVE CAMINHÃO TOCO PBT 9.700 KG, POTÊNCIA DE 160 CV - DEPRECIAÇÃO. AF_08/2015","H",8.59,"COMPOSIÇÃO"]
[91630,"GUINDAUTO HIDRÁULICO, CAPACIDADE MÁXIMA DE CARGA 6500 KG, MOMENTO MÁXIMO DE CARGA 5,8 TM, ALCANCE MÁXIMO HORIZONTAL 7,60 M, INCLUSIVE CAMINHÃO TOCO PBT 9.700 KG, POTÊNCIA DE 160 CV - JUROS. AF_08/2015","H",1.8,"COMPOSIÇÃO"]
[91631,"GUINDAUTO HIDRÁULICO, CAPACIDADE MÁXIMA DE CARGA 6500 KG, MOMENTO MÁXIMO DE CARGA 5,8 TM, ALCANCE MÁXIMO HORIZONTAL 7,60 M, INCLUSIVE CAMINHÃO TOCO PBT 9.700 KG, POTÊNCIA DE 160 CV - IMPOSTOS E SEGUROS. AF_08/2015","H",0.69,"COMPOSIÇÃO"]
[91632,"GUINDAUTO HIDRÁULICO, CAPACIDADE MÁXIMA DE CARGA 6500 KG, MOMENTO MÁXIMO DE CARGA 5,8 TM, ALCANCE MÁXIMO HORIZONTAL 7,60 M, INCLUSIVE CAMINHÃO TOCO PBT 9.700 KG, POTÊNCIA DE 160 CV - MANUTENÇÃO. AF_08/2015","H",16.13,"COMPOSIÇÃO"]
[91633,"GUINDAUTO HIDRÁULICO, CAPACIDADE MÁXIMA DE CARGA 6500 KG, MOMENTO MÁXIMO DE CARGA 5,8 TM, ALCANCE MÁXIMO HORIZONTAL 7,60 M, INCLUSIVE CAMINHÃO TOCO PBT 9.700 KG, POTÊNCIA DE 160 CV - MATERIAIS NA OPERAÇÃO. AF_08/2015","H",80.97,"COMPOSIÇÃO"]
[91640,"CAMINHÃO DE TRANSPORTE DE MATERIAL ASFÁLTICO 30.000 L, COM CAVALO MECÂNICO DE CAPACIDADE MÁXIMA DE TRAÇÃO COMBINADO DE 66.000 KG, POTÊNCIA 360 CV, INCLUSIVE TANQUE DE ASFALTO COM SERPENTINA - DEPRECIAÇÃO. AF_08/2015","H",22.26,"COMPOSIÇÃO"]
[91641,"CAMINHÃO DE TRANSPORTE DE MATERIAL ASFÁLTICO 30.000 L, COM CAVALO MECÂNICO DE CAPACIDADE MÁXIMA DE TRAÇÃO COMBINADO DE 66.000 KG, POTÊNCIA 360 CV, INCLUSIVE TANQUE DE ASFALTO COM SERPENTINA - JUROS. AF_08/2015","H",4.67,"COMPOSIÇÃO"]
[91642,"CAMINHÃO DE TRANSPORTE DE MATERIAL ASFÁLTICO 30.000 L, COM CAVALO MECÂNICO DE CAPACIDADE MÁXIMA DE TRAÇÃO COMBINADO DE 66.000 KG, POTÊNCIA 360 CV, INCLUSIVE TANQUE DE ASFALTO COM SERPENTINA - IMPOSTOS E SEGUROS. AF_08/2015","H",1.81,"COMPOSIÇÃO"]
[91643,"CAMINHÃO DE TRANSPORTE DE MATERIAL ASFÁLTICO 30.000 L, COM CAVALO MECÂNICO DE CAPACIDADE MÁXIMA DE TRAÇÃO COMBINADO DE 66.000 KG, POTÊNCIA 360 CV, INCLUSIVE TANQUE DE ASFALTO COM SERPENTINA - MANUTENÇÃO. AF_08/2015","H",41.74,"COMPOSIÇÃO"]
[91644,"CAMINHÃO DE TRANSPORTE DE MATERIAL ASFÁLTICO 30.000 L, COM CAVALO MECÂNICO DE CAPACIDADE MÁXIMA DE TRAÇÃO COMBINADO DE 66.000 KG, POTÊNCIA 360 CV, INCLUSIVE TANQUE DE ASFALTO COM SERPENTINA - MATERIAIS NA OPERAÇÃO. AF_08/2015","H",182.23,"COMPOSIÇÃO"]
[91688,"SERRA CIRCULAR DE BANCADA COM MOTOR ELÉTRICO POTÊNCIA DE 5HP, COM COIFA PARA DISCO 10\" - DEPRECIAÇÃO. AF_08/2015","H",0.09,"COMPOSIÇÃO"]
[91689,"SERRA CIRCULAR DE BANCADA COM MOTOR ELÉTRICO POTÊNCIA DE 5HP, COM COIFA PARA DISCO 10\" - JUROS. AF_08/2015","H",0.01,"COMPOSIÇÃO"]
[91690,"SERRA CIRCULAR DE BANCADA COM MOTOR ELÉTRICO POTÊNCIA DE 5HP, COM COIFA PARA DISCO 10\" - MANUTENÇÃO. AF_08/2015","H",0.06,"COMPOSIÇÃO"]
[91691,"SERRA CIRCULAR DE BANCADA COM MOTOR ELÉTRICO POTÊNCIA DE 5HP, COM COIFA PARA DISCO 10\" - MATERIAIS NA OPERAÇÃO. AF_08/2015","H",2.59,"COMPOSIÇÃO"]
[92040,"DISTRIBUIDOR DE AGREGADOS REBOCAVEL, CAPACIDADE 1,9 M³, LARGURA DE TRABALHO 3,66 M - DEPRECIAÇÃO. AF_11/2015","H",4.13,"COMPOSIÇÃO"]
[92041,"DISTRIBUIDOR DE AGREGADOS REBOCAVEL, CAPACIDADE 1,9 M³, LARGURA DE TRABALHO 3,66 M - JUROS. AF_11/2015","H",0.43,"COMPOSIÇÃO"]
[92042,"DISTRIBUIDOR DE AGREGADOS REBOCAVEL, CAPACIDADE 1,9 M³, LARGURA DE TRABALHO 3,66 M - MANUTENÇÃO. AF_11/2015","H",3.44,"COMPOSIÇÃO"]
[92101,"CAMINHÃO PARA EQUIPAMENTO DE LIMPEZA A SUCÇÃO COM CAMINHÃO TRUCADO DE PESO BRUTO TOTAL 23000 KG, CARGA ÚTIL MÁXIMA 15935 KG, DISTÂNCIA ENTRE EIXOS 4,80 M, POTÊNCIA 230 CV, INCLUSIVE LIMPADORA A SUCÇÃO, TANQUE 12000 L - DEPRECIAÇÃO. AF_11/2015","H",13.43,"COMPOSIÇÃO"]
[92102,"CAMINHÃO PARA EQUIPAMENTO DE LIMPEZA A SUCÇÃO COM CAMINHÃO TRUCADO DE PESO BRUTO TOTAL 23000 KG, CARGA ÚTIL MÁXIMA 15935 KG, DISTÂNCIA ENTRE EIXOS 4,80 M, POTÊNCIA 230 CV, INCLUSIVE LIMPADORA A SUCÇÃO, TANQUE 12000 L - JUROS. AF_11/2015","H",2.81,"COMPOSIÇÃO"]
[92103,"CAMINHÃO PARA EQUIPAMENTO DE LIMPEZA A SUCÇÃO COM CAMINHÃO TRUCADO DE PESO BRUTO TOTAL 23000 KG, CARGA ÚTIL MÁXIMA 15935 KG, DISTÂNCIA ENTRE EIXOS 4,80 M, POTÊNCIA 230 CV, INCLUSIVE LIMPADORA A SUCÇÃO, TANQUE 12000 L - IMPOSTOS E SEGUROS. AF_11/2015","H",1.0900000000000001,"COMPOSIÇÃO"]
[92104,"CAMINHÃO PARA EQUIPAMENTO DE LIMPEZA A SUCÇÃO COM CAMINHÃO TRUCADO DE PESO BRUTO TOTAL 23000 KG, CARGA ÚTIL MÁXIMA 15935 KG, DISTÂNCIA ENTRE EIXOS 4,80 M, POTÊNCIA 230 CV, INCLUSIVE LIMPADORA A SUCÇÃO, TANQUE 12000 L - MANUTENÇÃO. AF_11/2015","H",25.19,"COMPOSIÇÃO"]
[92105,"CAMINHÃO PARA EQUIPAMENTO DE LIMPEZA A SUCÇÃO COM CAMINHÃO TRUCADO DE PESO BRUTO TOTAL 23000 KG, CARGA ÚTIL MÁX. 15935 KG, DISTÂNCIA ENTRE EIXOS 4,80 M, POTÊNCIA 230 CV, INCLUSIVE LIMPADORA A SUCÇÃO, TANQUE 12000 L - MATERIAIS NA OPERAÇÃO. AF_11/2015","H",116.41,"COMPOSIÇÃO"]
[92108,"PENEIRA ROTATIVA COM MOTOR ELÉTRICO TRIFÁSICO DE 2 CV, CILINDRO DE 1 M X 0,60 M, COM FUROS DE 3,17 MM - DEPRECIAÇÃO. AF_11/2015","H",0.74,"COMPOSIÇÃO"]
[92109,"PENEIRA ROTATIVA COM MOTOR ELÉTRICO TRIFÁSICO DE 2 CV, CILINDRO DE 1 M X 0,60 M, COM FUROS DE 3,17 MM - JUROS. AF_11/2015","H",0.08,"COMPOSIÇÃO"]
[92110,"PENEIRA ROTATIVA COM MOTOR ELÉTRICO TRIFÁSICO DE 2 CV, CILINDRO DE 1 M X 0,60 M, COM FUROS DE 3,17 MM - MANUTENÇÃO. AF_11/2015","H",0.56999999999999995,"COMPOSIÇÃO"]
[92111,"PENEIRA ROTATIVA COM MOTOR ELÉTRICO TRIFÁSICO DE 2 CV, CILINDRO DE 1 M X 0,60 M, COM FUROS DE 3,17 MM - MATERIAIS NA OPERAÇÃO. AF_11/2015","H",1.02,"COMPOSIÇÃO"]
[92114,"DOSADOR DE AREIA, CAPACIDADE DE 26 LITROS - DEPRECIAÇÃO. AF_11/2015","H",0.08,"COMPOSIÇÃO"]
[92115,"DOSADOR DE AREIA, CAPACIDADE DE 26 LITROS - JUROS. AF_11/2015","H",0,"COMPOSIÇÃO"]
[92116,"DOSADOR DE AREIA, CAPACIDADE DE 26 LITROS - MANUTENÇÃO. AF_11/2015","H",0.1,"COMPOSIÇÃO"]
[92133,"CAMINHONETE COM MOTOR A DIESEL, POTÊNCIA 180 CV, CABINE DUPLA, 4X4 - DEPRECIAÇÃO. AF_11/2015","H",8.33,"COMPOSIÇÃO"]
[92134,"CAMINHONETE COM MOTOR A DIESEL, POTÊNCIA 180 CV, CABINE DUPLA, 4X4 - JUROS. AF_11/2015","H",1.31,"COMPOSIÇÃO"]
[92135,"CAMINHONETE COM MOTOR A DIESEL, POTÊNCIA 180 CV, CABINE DUPLA, 4X4 - IMPOSTOS E SEGUROS. AF_11/2015","H",0.52,"COMPOSIÇÃO"]
[92136,"CAMINHONETE COM MOTOR A DIESEL, POTÊNCIA 180 CV, CABINE DUPLA, 4X4 - MANUTENÇÃO. AF_11/2015","H",10.41,"COMPOSIÇÃO"]
[92137,"CAMINHONETE COM MOTOR A DIESEL, POTÊNCIA 180 CV, CABINE DUPLA, 4X4 - MATERIAIS NA OPERAÇÃO. AF_11/2015","H",23.96,"COMPOSIÇÃO"]
[92140,"CAMINHONETE CABINE SIMPLES COM MOTOR 1.6 FLEX, CÂMBIO MANUAL, POTÊNCIA 101/104 CV, 2 PORTAS - DEPRECIAÇÃO. AF_11/2015","H",2.54,"COMPOSIÇÃO"]
[92141,"CAMINHONETE CABINE SIMPLES COM MOTOR 1.6 FLEX, CÂMBIO MANUAL, POTÊNCIA 101/104 CV, 2 PORTAS - JUROS. AF_11/2015","H",0.4,"COMPOSIÇÃO"]
[92142,"CAMINHONETE CABINE SIMPLES COM MOTOR 1.6 FLEX, CÂMBIO MANUAL, POTÊNCIA 101/104 CV, 2 PORTAS - IMPOSTOS E SEGUROS. AF_11/2015","H",0.15,"COMPOSIÇÃO"]
[92143,"CAMINHONETE CABINE SIMPLES COM MOTOR 1.6 FLEX, CÂMBIO MANUAL, POTÊNCIA 101/104 CV, 2 PORTAS - MANUTENÇÃO. AF_11/2015","H",3.17,"COMPOSIÇÃO"]
[92144,"CAMINHONETE CABINE SIMPLES COM MOTOR 1.6 FLEX, CÂMBIO MANUAL, POTÊNCIA 101/104 CV, 2 PORTAS - MATERIAIS NA OPERAÇÃO. AF_11/2015","H",28.63,"COMPOSIÇÃO"]
[92237,"CAMINHÃO DE TRANSPORTE DE MATERIAL ASFÁLTICO 20.000 L, COM CAVALO MECÂNICO DE CAPACIDADE MÁXIMA DE TRAÇÃO COMBINADO DE 45.000 KG, POTÊNCIA 330 CV, INCLUSIVE TANQUE DE ASFALTO COM MAÇARICO - DEPRECIAÇÃO. AF_12/2015","H",16.28,"COMPOSIÇÃO"]
[92238,"CAMINHÃO DE TRANSPORTE DE MATERIAL ASFÁLTICO 20.000 L, COM CAVALO MECÂNICO DE CAPACIDADE MÁXIMA DE TRAÇÃO COMBINADO DE 45.000 KG, POTÊNCIA 330 CV, INCLUSIVE TANQUE DE ASFALTO COM MAÇARICO - JUROS. AF_12/2015","H",3.42,"COMPOSIÇÃO"]
[92239,"CAMINHÃO DE TRANSPORTE DE MATERIAL ASFÁLTICO 20.000 L, COM CAVALO MECÂNICO DE CAPACIDADE MÁXIMA DE TRAÇÃO COMBINADO DE 45.000 KG, POTÊNCIA 330 CV, INCLUSIVE TANQUE DE ASFALTO COM MAÇARICO - IMPOSTOS E SEGUROS. AF_12/2015","H",1.32,"COMPOSIÇÃO"]
[92240,"CAMINHÃO DE TRANSPORTE DE MATERIAL ASFÁLTICO 20.000 L, COM CAVALO MECÂNICO DE CAPACIDADE MÁXIMA DE TRAÇÃO COMBINADO DE 45.000 KG, POTÊNCIA 330 CV, INCLUSIVE TANQUE DE ASFALTO COM MAÇARICO - MANUTENÇÃO. AF_12/2015","H",30.54,"COMPOSIÇÃO"]
[92241,"CAMINHÃO DE TRANSPORTE DE MATERIAL ASFÁLTICO 20.000 L, COM CAVALO MECÂNICO DE CAPACIDADE MÁXIMA DE TRAÇÃO COMBINADO DE 45.000 KG, POTÊNCIA 330 CV, INCLUSIVE TANQUE DE ASFALTO COM MAÇARICO - MATERIAIS NA OPERAÇÃO. AF_12/2015","H",167.06,"COMPOSIÇÃO"]
[92712,"APARELHO PARA CORTE E SOLDA OXI-ACETILENO SOBRE RODAS, INCLUSIVE CILINDROS E MAÇARICOS - DEPRECIAÇÃO. AF_12/2015","H",0.31,"COMPOSIÇÃO"]
[92713,"APARELHO PARA CORTE E SOLDA OXI-ACETILENO SOBRE RODAS, INCLUSIVE CILINDROS E MAÇARICOS - JUROS. AF_12/2015","H",0.03,"COMPOSIÇÃO"]
[92714,"APARELHO PARA CORTE E SOLDA OXI-ACETILENO SOBRE RODAS, INCLUSIVE CILINDROS E MAÇARICOS - MANUTENÇÃO. AF_12/2015","H",0.39,"COMPOSIÇÃO"]
[92715,"APARELHO PARA CORTE E SOLDA OXI-ACETILENO SOBRE RODAS, INCLUSIVE CILINDROS E MAÇARICOS - MATERIAIS NA OPERAÇÃO. AF_12/2015","H",26.68,"COMPOSIÇÃO"]
[92956,"MÁQUINA EXTRUSORA DE CONCRETO PARA GUIAS E SARJETAS, MOTOR A DIESEL, POTÊNCIA 14 CV - DEPRECIAÇÃO. AF_12/2015","H",3.88,"COMPOSIÇÃO"]
[92957,"MÁQUINA EXTRUSORA DE CONCRETO PARA GUIAS E SARJETAS, MOTOR A DIESEL, POTÊNCIA 14 CV - JUROS. AF_12/2015","H",0.46,"COMPOSIÇÃO"]
[92958,"MÁQUINA EXTRUSORA DE CONCRETO PARA GUIAS E SARJETAS, MOTOR A DIESEL, POTÊNCIA 14 CV - MANUTENÇÃO. AF_12/2015","H",4.24,"COMPOSIÇÃO"]
[92959,"MÁQUINA EXTRUSORA DE CONCRETO PARA GUIAS E SARJETAS, MOTOR A DIESEL, POTÊNCIA 14 CV - MATERIAIS NA OPERAÇÃO. AF_12/2015","H",5.61,"COMPOSIÇÃO"]
[92963,"MARTELO PERFURADOR PNEUMÁTICO MANUAL, HASTE 25 X 75 MM, 21 KG - DEPRECIAÇÃO. AF_12/2015","H",1.61,"COMPOSIÇÃO"]
[92964,"MARTELO PERFURADOR PNEUMÁTICO MANUAL, HASTE 25 X 75 MM, 21 KG - JUROS. AF_12/2015","H",0.19,"COMPOSIÇÃO"]
[92965,"MARTELO PERFURADOR PNEUMÁTICO MANUAL, HASTE 25 X 75 MM, 21 KG - MANUTENÇÃO. AF_12/2015","H",2.02,"COMPOSIÇÃO"]
[93220,"PERFURATRIZ COM TORRE METÁLICA PARA EXECUÇÃO DE ESTACA HÉLICE CONTÍNUA, PROFUNDIDADE MÁXIMA DE 32 M, DIÂMETRO MÁXIMO DE 1000 MM, POTÊNCIA INSTALADA DE 350 HP, MESA ROTATIVA COM TORQUE MÁXIMO DE 263 KNM - DEPRECIAÇÃO. AF_01/2016","H",191.17,"COMPOSIÇÃO"]
[93221,"PERFURATRIZ COM TORRE METÁLICA PARA EXECUÇÃO DE ESTACA HÉLICE CONTÍNUA, PROFUNDIDADE MÁXIMA DE 32 M, DIÂMETRO MÁXIMO DE 1000 MM, POTÊNCIA INSTALADA DE 350 HP, MESA ROTATIVA COM TORQUE MÁXIMO DE 263 KNM - JUROS. AF_01/2016","H",26.54,"COMPOSIÇÃO"]
[93222,"PERFURATRIZ COM TORRE METÁLICA PARA EXECUÇÃO DE ESTACA HÉLICE CONTÍNUA, PROFUNDIDADE MÁXIMA DE 32 M, DIÂMETRO MÁXIMO DE 1000 MM, POTÊNCIA INSTALADA DE 350 HP, MESA ROTATIVA COM TORQUE MÁXIMO DE 263 KNM - MANUTENÇÃO. AF_01/2016","H",239.24,"COMPOSIÇÃO"]
[93223,"PERFURATRIZ COM TORRE METÁLICA PARA EXECUÇÃO DE ESTACA HÉLICE CONTÍNUA, PROFUNDIDADE MÁXIMA DE 32 M, DIÂMETRO MÁXIMO DE 1000 MM, POTÊNCIA INSTALADA DE 350 HP, MESA ROTATIVA COM TORQUE MÁXIMO DE 263 KNM \u0096 MATERIAIS NA OPERAÇÃO. AF_01/2016","H",94.55,"COMPOSIÇÃO"]
[93229,"BETONEIRA CAPACIDADE NOMINAL 400 L, CAPACIDADE DE MISTURA 310 L, MOTOR A GASOLINA POTÊNCIA 5,5 HP, SEM CARREGADOR - DEPRECIAÇÃO. AF_02/2016","H",0.31,"COMPOSIÇÃO"]
[93230,"BETONEIRA CAPACIDADE NOMINAL 400 L, CAPACIDADE DE MISTURA 310 L, MOTOR A GASOLINA POTÊNCIA 5,5 HP, SEM CARREGADOR - JUROS. AF_02/2016","H",0.03,"COMPOSIÇÃO"]
[93231,"BETONEIRA CAPACIDADE NOMINAL 400 L, CAPACIDADE DE MISTURA 310 L, MOTOR A GASOLINA POTÊNCIA 5,5 HP, SEM CARREGADOR - MANUTENÇÃO. AF_02/2016","H",0.28999999999999998,"COMPOSIÇÃO"]
[93232,"BETONEIRA CAPACIDADE NOMINAL 400 L, CAPACIDADE DE MISTURA 310 L, MOTOR A GASOLINA POTÊNCIA 5,5 HP, SEM CARREGADOR - MATERIAIS NA OPERAÇÃO. AF_02/2016","H",6.16,"COMPOSIÇÃO"]
[93235,"GRUPO GERADOR ESTACIONÁRIO, MOTOR DIESEL POTÊNCIA 170 KVA - JUROS. AF_02/2016","H",0.79,"COMPOSIÇÃO"]
[93238,"ROLO COMPACTADOR VIBRATÓRIO REBOCÁVEL, CILINDRO DE AÇO LISO, POTÊNCIA DE TRAÇÃO DE 65 CV, PESO 4,7 T, IMPACTO DINÂMICO 18,3 T, LARGURA DE TRABALHO 1,67 M - JUROS. AF_02/2016","H",0.66,"COMPOSIÇÃO"]
[93239,"ROLO COMPACTADOR VIBRATÓRIO PÉ DE CARNEIRO, OPERADO POR CONTROLE REMOTO, POTÊNCIA 12,5 KW, PESO OPERACIONAL 1,675 T, LARGURA DE TRABALHO 0,85 M - JUROS. AF_02/2016","H",3.02,"COMPOSIÇÃO"]
[93240,"ROLO COMPACTADOR VIBRATÓRIO PÉ DE CARNEIRO, OPERADO POR CONTROLE REMOTO, POTÊNCIA 12,5 KW, PESO OPERACIONAL 1,675 T, LARGURA DE TRABALHO 0,85 M - MATERIAIS NA OPERAÇÃO. AF_02/2016","H",7.24,"COMPOSIÇÃO"]
[93267,"GRUA ASCENCIONAL, LANÇA DE 30 M, CAPACIDADE DE 1,0 T A 30 M, ALTURA ATÉ 39 M \u0096 DEPRECIAÇÃO. AF_03/2016","H",24.17,"COMPOSIÇÃO"]
[93269,"GRUA ASCENCIONAL, LANÇA DE 30 M, CAPACIDADE DE 1,0 T A 30 M, ALTURA ATÉ 39 M   JUROS. AF_03/2016","H",2.87,"COMPOSIÇÃO"]
[93270,"GRUA ASCENCIONAL, LANÇA DE 30 M, CAPACIDADE DE 1,0 T A 30 M, ALTURA ATÉ 39 M   MANUTENÇÃO. AF_03/2016","H",26.44,"COMPOSIÇÃO"]
[93271,"GRUA ASCENCIONAL, LANÇA DE 30 M, CAPACIDADE DE 1,0 T A 30 M, ALTURA ATÉ 39 M   MATERIAIS NA OPERAÇÃO. AF_03/2016","H",7.66,"COMPOSIÇÃO"]
[93277,"GUINCHO ELÉTRICO DE COLUNA, CAPACIDADE 400 KG, COM MOTO FREIO, MOTOR TRIFÁSICO DE 1,25 CV - DEPRECIAÇÃO. AF_03/2016","H",0.28000000000000003,"COMPOSIÇÃO"]
[93278,"GUINCHO ELÉTRICO DE COLUNA, CAPACIDADE 400 KG, COM MOTO FREIO, MOTOR TRIFÁSICO DE 1,25 CV - JUROS. AF_03/2016","H",0.03,"COMPOSIÇÃO"]
[93279,"GUINCHO ELÉTRICO DE COLUNA, CAPACIDADE 400 KG, COM MOTO FREIO, MOTOR TRIFÁSICO DE 1,25 CV - MANUTENÇÃO. AF_03/2016","H",0.26,"COMPOSIÇÃO"]
[93280,"GUINCHO ELÉTRICO DE COLUNA, CAPACIDADE 400 KG, COM MOTO FREIO, MOTOR TRIFÁSICO DE 1,25 CV - MATERIAIS NA OPERAÇÃO. AF_03/2016","H",0.63,"COMPOSIÇÃO"]
[93283,"GUINDASTE HIDRÁULICO AUTOPROPELIDO, COM LANÇA TELESCÓPICA 40 M, CAPACIDADE MÁXIMA 60 T, POTÊNCIA 260 KW - DEPRECIAÇÃO. AF_03/2016","H",50.81,"COMPOSIÇÃO"]
[93284,"GUINDASTE HIDRÁULICO AUTOPROPELIDO, COM LANÇA TELESCÓPICA 40 M, CAPACIDADE MÁXIMA 60 T, POTÊNCIA 260 KW - JUROS. AF_03/2016","H",9.65,"COMPOSIÇÃO"]
[93285,"GUINDASTE HIDRÁULICO AUTOPROPELIDO, COM LANÇA TELESCÓPICA 40 M, CAPACIDADE MÁXIMA 60 T, POTÊNCIA 260 KW - MANUTENÇÃO. AF_03/2016","H",81.69,"COMPOSIÇÃO"]
[93286,"GUINDASTE HIDRÁULICO AUTOPROPELIDO, COM LANÇA TELESCÓPICA 40 M, CAPACIDADE MÁXIMA 60 T, POTÊNCIA 260 KW - MATERIAIS NA OPERAÇÃO. AF_03/2016","H",181.22,"COMPOSIÇÃO"]
[93296,"GUINDASTE HIDRÁULICO AUTOPROPELIDO, COM LANÇA TELESCÓPICA 40 M, CAPACIDADE MÁXIMA 60 T, POTÊNCIA 260 KW - IMPOSTOS E SEGUROS. AF_03/2016","H",3.55,"COMPOSIÇÃO"]
[93397,"GUINDAUTO HIDRÁULICO, CAPACIDADE MÁXIMA DE CARGA 3300 KG, MOMENTO MÁXIMO DE CARGA 5,8 TM, ALCANCE MÁXIMO HORIZONTAL 7,60 M, INCLUSIVE CAMINHÃO TOCO PBT 16.000 KG, POTÊNCIA DE 189 CV - DEPRECIAÇÃO. AF_03/2016","H",8.59,"COMPOSIÇÃO"]
[93398,"GUINDAUTO HIDRÁULICO, CAPACIDADE MÁXIMA DE CARGA 3300 KG, MOMENTO MÁXIMO DE CARGA 5,8 TM, ALCANCE MÁXIMO HORIZONTAL 7,60 M, INCLUSIVE CAMINHÃO TOCO PBT 16.000 KG, POTÊNCIA DE 189 CV - JUROS. AF_03/2016","H",1.8,"COMPOSIÇÃO"]
[93399,"GUINDAUTO HIDRÁULICO, CAPACIDADE MÁXIMA DE CARGA 3300 KG, MOMENTO MÁXIMO DE CARGA 5,8 TM, ALCANCE MÁXIMO HORIZONTAL 7,60 M, INCLUSIVE CAMINHÃO TOCO PBT 16.000 KG, POTÊNCIA DE 189 CV \u0096 IMPOSTOS E SEGUROS. AF_03/2016","H",0.69,"COMPOSIÇÃO"]
[93400,"GUINDAUTO HIDRÁULICO, CAPACIDADE MÁXIMA DE CARGA 3300 KG, MOMENTO MÁXIMO DE CARGA 5,8 TM, ALCANCE MÁXIMO HORIZONTAL 7,60 M, INCLUSIVE CAMINHÃO TOCO PBT 16.000 KG, POTÊNCIA DE 189 CV - MANUTENÇÃO. AF_03/2016","H",16.13,"COMPOSIÇÃO"]
[93401,"GUINDAUTO HIDRÁULICO, CAPACIDADE MÁXIMA DE CARGA 3300 KG, MOMENTO MÁXIMO DE CARGA 5,8 TM, ALCANCE MÁXIMO HORIZONTAL 7,60 M, INCLUSIVE CAMINHÃO TOCO PBT 16.000 KG, POTÊNCIA DE 189 CV - MATERIAIS NA OPERAÇÃO. AF_03/2016","H",95.67,"COMPOSIÇÃO"]
[93404,"MÁQUINA JATO DE PRESSAO PORTÁTIL, CAMARA DE 1 SAIDA, CAPACIDADE 280 L, DIAMETRO 670 MM, BICO DE JATO CURTO VENTURI DE 5/16'' , MANGUEIRA DE 1'' COM COMPRESSOR DE AR REBOCÁVEL 189 PCM E MOTOR DIESEL 63 CV - DEPRECIAÇÃO. AF_03/2016","H",5.26,"COMPOSIÇÃO"]
[93405,"MÁQUINA JATO DE PRESSAO PORTÁTIL, CAMARA DE 1 SAIDA, CAPACIDADE 280 L, DIAMETRO 670 MM, BICO DE JATO CURTO VENTURI DE 5/16'' , MANGUEIRA DE 1'' COM COMPRESSOR DE AR REBOCÁVEL 189 PCM E MOTOR DIESEL 63 CV - JUROS. AF_03/2016","H",0.53,"COMPOSIÇÃO"]
[93406,"MÁQUINA JATO DE PRESSAO PORTÁTIL, CAMARA DE 1 SAIDA, CAPACIDADE 280 L, DIAMETRO 670 MM, BICO DE JATO CURTO VENTURI DE 5/16'' , MANGUEIRA DE 1'' COM COMPRESSOR DE AR REBOCÁVEL 189 PCM E MOTOR DIESEL 63 CV - MANUTENÇÃO. AF_03/2016","H",6.57,"COMPOSIÇÃO"]
[93407,"MÁQUINA JATO DE PRESSAO PORTÁTIL, CAMARA DE 1 SAIDA, CAPACIDADE 280 L, DIAMETRO 670 MM, BICO DE JATO CURTO VENTURI DE 5/16'' , MANGUEIRA DE 1'' COM COMPRESSOR DE AR REBOCÁVEL 189 PCM E MOTOR DIESEL 63 CV - MATERIAIS NA OPERAÇÃO. AF_03/2016","H",28.52,"COMPOSIÇÃO"]
[93411,"GERADOR PORTÁTIL MONOFÁSICO, POTÊNCIA 5500 VA, MOTOR A GASOLINA, POTÊNCIA DO MOTOR 13 CV - DEPRECIAÇÃO. AF_03/2016","H",0.21,"COMPOSIÇÃO"]
[93412,"GERADOR PORTÁTIL MONOFÁSICO, POTÊNCIA 5500 VA, MOTOR A GASOLINA, POTÊNCIA DO MOTOR 13 CV - JUROS. AF_03/2016","H",0.03,"COMPOSIÇÃO"]
[93413,"GERADOR PORTÁTIL MONOFÁSICO, POTÊNCIA 5500 VA, MOTOR A GASOLINA, POTÊNCIA DO MOTOR 13 CV - MANUTENÇÃO. AF_03/2016","H",0.18,"COMPOSIÇÃO"]
[93414,"GERADOR PORTÁTIL MONOFÁSICO, POTÊNCIA 5500 VA, MOTOR A GASOLINA, POTÊNCIA DO MOTOR 13 CV - MATERIAIS NA OPERAÇÃO. AF_03/2016","H",10.62,"COMPOSIÇÃO"]
[93417,"GRUPO GERADOR REBOCÁVEL, POTÊNCIA 66 KVA, MOTOR A DIESEL - DEPRECIAÇÃO. AF_03/2016","H",2.76,"COMPOSIÇÃO"]
[93418,"GRUPO GERADOR REBOCÁVEL, POTÊNCIA 66 KVA, MOTOR A DIESEL - JUROS. AF_03/2016","H",0.49,"COMPOSIÇÃO"]
[93419,"GRUPO GERADOR REBOCÁVEL, POTÊNCIA 66 KVA, MOTOR A DIESEL - MANUTENÇÃO. AF_03/2016","H",2.46,"COMPOSIÇÃO"]
[93420,"GRUPO GERADOR REBOCÁVEL, POTÊNCIA 66 KVA, MOTOR A DIESEL - MATERIAIS NA OPERAÇÃO. AF_03/2016","H",40.58,"COMPOSIÇÃO"]
[93423,"GRUPO GERADOR ESTACIONÁRIO, POTÊNCIA 150 KVA, MOTOR A DIESEL- DEPRECIAÇÃO. AF_03/2016","H",3.91,"COMPOSIÇÃO"]
[93424,"GRUPO GERADOR ESTACIONÁRIO, POTÊNCIA 150 KVA, MOTOR A DIESEL- JUROS. AF_03/2016","H",0.7,"COMPOSIÇÃO"]
[93425,"GRUPO GERADOR ESTACIONÁRIO, POTÊNCIA 150 KVA, MOTOR A DIESEL- MANUTENÇÃO. AF_03/2016","H",3.48,"COMPOSIÇÃO"]
[93426,"GRUPO GERADOR ESTACIONÁRIO, POTÊNCIA 150 KVA, MOTOR A DIESEL- MATERIAIS NA OPERAÇÃO. AF_03/2016","H",96.97,"COMPOSIÇÃO"]
[93429,"USINA DE MISTURA ASFÁLTICA À QUENTE, TIPO CONTRA FLUXO, PROD 40 A 80 TON/HORA - DEPRECIAÇÃO. AF_03/2016","H",66,"COMPOSIÇÃO"]
[93430,"USINA DE MISTURA ASFÁLTICA À QUENTE, TIPO CONTRA FLUXO, PROD 40 A 80 TON/HORA - JUROS. AF_03/2016","H",11.88,"COMPOSIÇÃO"]
[93431,"USINA DE MISTURA ASFÁLTICA À QUENTE, TIPO CONTRA FLUXO, PROD 40 A 80 TON/HORA - MANUTENÇÃO. AF_03/2016","H",106.09,"COMPOSIÇÃO"]
[93432,"USINA DE MISTURA ASFÁLTICA À QUENTE, TIPO CONTRA FLUXO, PROD 40 A 80 TON/HORA - MATERIAIS NA OPERAÇÃO. AF_03/2016","H",1737.6,"COMPOSIÇÃO"]
[93435,"USINA DE ASFALTO À FRIO, CAPACIDADE DE 40 A 60 TON/HORA, ELÉTRICA POTÊNCIA 30 CV - DEPRECIAÇÃO. AF_03/2016","H",3.57,"COMPOSIÇÃO"]
[93436,"USINA DE ASFALTO À FRIO, CAPACIDADE DE 40 A 60 TON/HORA, ELÉTRICA POTÊNCIA 30 CV - JUROS. AF_03/2016","H",0.75,"COMPOSIÇÃO"]
[93437,"USINA DE ASFALTO À FRIO, CAPACIDADE DE 40 A 60 TON/HORA, ELÉTRICA POTÊNCIA 30 CV - MANUTENÇÃO. AF_03/2016","H",6.69,"COMPOSIÇÃO"]
[93438,"USINA DE ASFALTO À FRIO, CAPACIDADE DE 40 A 60 TON/HORA, ELÉTRICA POTÊNCIA 30 CV - MATERIAIS NA OPERAÇÃO. AF_03/2016","H",17.96,"COMPOSIÇÃO"]
[95114,"MARTELETE OU ROMPEDOR PNEUMÁTICO MANUAL, 28 KG, COM SILENCIADOR - DEPRECIAÇÃO. AF_07/2016","H",1.57,"COMPOSIÇÃO"]
[95115,"MARTELETE OU ROMPEDOR PNEUMÁTICO MANUAL, 28 KG, COM SILENCIADOR - JUROS. AF_07/2016","H",0.18,"COMPOSIÇÃO"]
[95116,"USINA DE CONCRETO FIXA, CAPACIDADE NOMINAL DE 90 A 120 M3/H, SEM SILO - DEPRECIAÇÃO. AF_07/2016","H",31.99,"COMPOSIÇÃO"]
[95117,"USINA DE CONCRETO FIXA, CAPACIDADE NOMINAL DE 90 A 120 M3/H, SEM SILO - JUROS. AF_07/2016","H",5.04,"COMPOSIÇÃO"]
[95118,"USINA MISTURADORA DE SOLOS, CAPACIDADE DE 200 A 500 TON/H, POTENCIA 75KW - DEPRECIAÇÃO. AF_07/2016","H",34.04,"COMPOSIÇÃO"]
[95119,"USINA MISTURADORA DE SOLOS, CAPACIDADE DE 200 A 500 TON/H, POTENCIA 75KW - JUROS. AF_07/2016","H",6.12,"COMPOSIÇÃO"]
[95120,"USINA MISTURADORA DE SOLOS, CAPACIDADE DE 200 A 500 TON/H, POTENCIA 75KW - MATERIAIS NA OPERAÇÃO. AF_07/2016","H",52.27,"COMPOSIÇÃO"]
[95123,"DISTRIBUIDOR DE AGREGADOS AUTOPROPELIDO, CAP 3 M3, A DIESEL, POTÊNCIA 176CV - DEPRECIAÇÃO. AF_07/2016","H",11.4,"COMPOSIÇÃO"]
[95124,"DISTRIBUIDOR DE AGREGADOS AUTOPROPELIDO, C/AP 3 M3, A DIESEL, POTÊNCIA 176CV - JUROS. AF_07/2016","H",1.79,"COMPOSIÇÃO"]
[95125,"DISTRIBUIDOR DE AGREGADOS AUTOPROPELIDO, CAP 3 M3, A DIESEL, POTÊNCIA 176CV - MANUTENÇÃO. AF_07/2016","H",12.47,"COMPOSIÇÃO"]
[95126,"DISTRIBUIDOR DE AGREGADOS AUTOPROPELIDO, CAP 3 M3, A DIESEL, POTÊNCIA 176CV \u0096 MATERIAIS NA OPERAÇÃO. AF_07/2016","H",89.08,"COMPOSIÇÃO"]
[95129,"MÁQUINA DEMARCADORA DE FAIXA DE TRÁFEGO À FRIO, AUTOPROPELIDA, POTÊNCIA 38 HP - DEPRECIAÇÃO. AF_07/2016","H",20.23,"COMPOSIÇÃO"]
[95130,"MÁQUINA DEMARCADORA DE FAIXA DE TRÁFEGO À FRIO, AUTOPROPELIDA, POTÊNCIA 38 HP - JUROS. AF_07/2016","H",3.64,"COMPOSIÇÃO"]
[95131,"MÁQUINA DEMARCADORA DE FAIXA DE TRÁFEGO À FRIO, AUTOPROPELIDA, POTÊNCIA 38 HP - MANUTENÇÃO. AF_07/2016","H",37.94,"COMPOSIÇÃO"]
[95132,"MÁQUINA DEMARCADORA DE FAIXA DE TRÁFEGO À FRIO, AUTOPROPELIDA, POTÊNCIA 38 HP - MATERIAIS NA OPERAÇÃO. AF_07/2016","H",19.510000000000002,"COMPOSIÇÃO"]
[95136,"TALHA MANUAL DE CORRENTE, CAPACIDADE DE 2 TON. COM ELEVAÇÃO DE 3 M - DEPRECIAÇÃO. AF_07/2016","H",0.03,"COMPOSIÇÃO"]
[95137,"TALHA MANUAL DE CORRENTE, CAPACIDADE DE 2 TON. COM ELEVAÇÃO DE 3 M - JUROS. AF_07/2016","H",0.01,"COMPOSIÇÃO"]
[95138,"TALHA MANUAL DE CORRENTE, CAPACIDADE DE 2 TON. COM ELEVAÇÃO DE 3 M - MANUTENÇÃO. AF_07/2016","H",0.02,"COMPOSIÇÃO"]
[95208,"GRUA ASCENCIONAL, LANÇA DE 42 M, CAPACIDADE DE 1,5 T A 30 M, ALTURA ATÉ 39 M \u0096 DEPRECIAÇÃO. AF_08/2016","H",27.39,"COMPOSIÇÃO"]
[95209,"GRUA ASCENCIONAL, LANCA DE 42 M, CAPACIDADE DE 1,5 T A 30 M, ALTURA ATE 39 M \u0096 JUROS. AF_08/2016","H",3.25,"COMPOSIÇÃO"]
[95210,"GRUA ASCENCIONAL, LANCA DE 42 M, CAPACIDADE DE 1,5 T A 30 M, ALTURA ATE 39 M \u0096 MANUTENÇÃO. AF_08/2016","H",29.96,"COMPOSIÇÃO"]
[95211,"GRUA ASCENCIONAL, LANCA DE 42 M, CAPACIDADE DE 1,5 T A 30 M, ALTURA ATE 39 M \u0096 MATERIAIS NA OPERAÇÃO. AF_08/2016","H",7.66,"COMPOSIÇÃO"]
[95214,"PULVERIZADOR DE TINTA ELÉTRICO/MÁQUINA DE PINTURA AIRLESS, VAZÃO 2 L/MIN - DEPRECIAÇÃO. AF_08/2016","H",0.45,"COMPOSIÇÃO"]
[95215,"PULVERIZADOR DE TINTA ELÉTRICO/MÁQUINA DE PINTURA AIRLESS, VAZÃO 2 L/MIN - JUROS. AF_08/2016","H",0.04,"COMPOSIÇÃO"]
[95216,"PULVERIZADOR DE TINTA ELÉTRICO/MÁQUINA DE PINTURA AIRLESS, VAZÃO 2 L/MIN - MANUTENÇÃO. AF_08/2016","H",0.31,"COMPOSIÇÃO"]
[95217,"PULVERIZADOR DE TINTA ELÉTRICO/MÁQUINA DE PINTURA AIRLESS, VAZÃO 2 L/MIN - MATERIAIS NA OPERAÇÃO. AF_08/2016","H",0.51,"COMPOSIÇÃO"]
[95255,"MARTELO DEMOLIDOR PNEUMÁTICO MANUAL, 32 KG - DEPRECIAÇÃO. AF_09/2016","H",1.39,"COMPOSIÇÃO"]
[95256,"MARTELO DEMOLIDOR PNEUMÁTICO MANUAL, 32 KG - JUROS. AF_09/2016","H",0.16,"COMPOSIÇÃO"]
[95257,"MARTELO DEMOLIDOR PNEUMÁTICO MANUAL, 32 KG - MANUTENÇÃO. AF_09/2016","H",1.74,"COMPOSIÇÃO"]
[95260,"COMPACTADOR DE SOLOS DE PERCUSÃO (SOQUETE) COM MOTOR A GASOLINA, POTÊNCIA 3 CV - DEPRECIAÇÃO. AF_09/2016","H",0.47,"COMPOSIÇÃO"]
[95261,"COMPACTADOR DE SOLOS DE PERCUSÃO (SOQUETE) COM MOTOR A GASOLINA, POTÊNCIA 3 CV - JUROS. AF_09/2016","H",0.16,"COMPOSIÇÃO"]
[95262,"COMPACTADOR DE SOLOS DE PERCUSÃO (SOQUETE) COM MOTOR A GASOLINA, POTÊNCIA 3 CV - MANUTENÇÃO. AF_09/2016","H",1.45,"COMPOSIÇÃO"]
[95263,"COMPACTADOR DE SOLOS DE PERCUSÃO (SOQUETE) COM MOTOR A GASOLINA, POTÊNCIA 3 CV - MATERIAIS NA OPERAÇÃO. AF_09/2016","H",3.29,"COMPOSIÇÃO"]
[95266,"RÉGUA VIBRATÓRIA DUPLA PARA CONCRETO, PESO DE 60KG, COMPRIMENTO 4 M, COM MOTOR A GASOLINA, POTÊNCIA 5,5 HP - DEPRECIAÇÃO. AF_09/2016","H",0.41,"COMPOSIÇÃO"]
[95267,"RÉGUA VIBRATÓRIA DUPLA PARA CONCRETO, PESO DE 60KG, COMPRIMENTO 4 M, COM MOTOR A GASOLINA, POTÊNCIA 5,5 HP - JUROS. AF_09/2016","H",0.04,"COMPOSIÇÃO"]
[95268,"RÉGUA VIBRATÓRIA DUPLA PARA CONCRETO, PESO DE 60KG, COMPRIMENTO 4 M, COM MOTOR A GASOLINA, POTÊNCIA 5,5 HP - MANUTENÇÃO. AF_09/2016","H",0.4,"COMPOSIÇÃO"]
[95269,"RÉGUA VIBRATÓRIA DUPLA PARA CONCRETO, PESO DE 60KG, COMPRIMENTO 4 M, COM MOTOR A GASOLINA, POTÊNCIA 5,5 HP \u0096 MATERIAIS NA OPERAÇÃO. AF_09/2016","H",6.16,"COMPOSIÇÃO"]
[95272,"POLIDORA DE PISO (POLITRIZ), PESO DE 100KG, DIÂMETRO 450 MM, MOTOR ELÉTRICO, POTÊNCIA 4 HP - DEPRECIAÇÃO. AF_09/2016","H",0.4,"COMPOSIÇÃO"]
[95273,"POLIDORA DE PISO (POLITRIZ), PESO DE 100KG, DIÂMETRO 450 MM, MOTOR ELÉTRICO, POTÊNCIA 4 HP - JUROS. AF_09/2016","H",0.04,"COMPOSIÇÃO"]
[95274,"POLIDORA DE PISO (POLITRIZ), PESO DE 100KG, DIÂMETRO 450 MM, MOTOR ELÉTRICO, POTÊNCIA 4 HP - MANUTENÇÃO. AF_09/2016","H",0.31,"COMPOSIÇÃO"]
[95275,"POLIDORA DE PISO (POLITRIZ), PESO DE 100KG, DIÂMETRO 450 MM, MOTOR ELÉTRICO, POTÊNCIA 4 HP \u0096 MATERIAIS NA OPERAÇÃO. AF_09/2016","H",2.08,"COMPOSIÇÃO"]
[95278,"DESEMPENADEIRA DE CONCRETO, PESO DE 75KG, 4 PÁS, MOTOR A GASOLINA, POTÊNCIA 5,5 HP - DEPRECIAÇÃO. AF_09/2016","H",0.44,"COMPOSIÇÃO"]
[95279,"DESEMPENADEIRA DE CONCRETO, PESO DE 75KG, 4 PÁS, MOTOR A GASOLINA, POTÊNCIA 5,5 HP - JUROS. AF_09/2016","H",0.05,"COMPOSIÇÃO"]
[95280,"DESEMPENADEIRA DE CONCRETO, PESO DE 75KG, 4 PÁS, MOTOR A GASOLINA, POTÊNCIA 5,5 HP - MANUTENÇÃO. AF_09/2016","H",0.34,"COMPOSIÇÃO"]
[95281,"DESEMPENADEIRA DE CONCRETO, PESO DE 75KG, 4 PÁS, MOTOR A GASOLINA, POTÊNCIA 5,5 HP \u0096 MATERIAIS NA OPERAÇÃO. AF_09/2016","H",6.16,"COMPOSIÇÃO"]
[95617,"PERFURATRIZ PNEUMATICA MANUAL DE PESO MEDIO, MARTELETE, 18KG, COMPRIMENTO MÁXIMO DE CURSO DE 6 M, DIAMETRO DO PISTAO DE 5,5 CM - DEPRECIAÇÃO. AF_11/2016","H",1.1399999999999999,"COMPOSIÇÃO"]
[95618,"PERFURATRIZ PNEUMATICA MANUAL DE PESO MEDIO, MARTELETE, 18KG, COMPRIMENTO MÁXIMO DE CURSO DE 6 M, DIAMETRO DO PISTAO DE 5,5 CM - JUROS. AF_11/2016","H",0.13,"COMPOSIÇÃO"]
[95619,"PERFURATRIZ PNEUMATICA MANUAL DE PESO MEDIO, MARTELETE, 18KG, COMPRIMENTO MÁXIMO DE CURSO DE 6 M, DIAMETRO DO PISTAO DE 5,5 CM - MANUTENÇÃO. AF_11/2016","H",1.43,"COMPOSIÇÃO"]
[95627,"ROLO COMPACTADOR VIBRATORIO TANDEM, ACO LISO, POTENCIA 125 HP, PESO SEM/COM LASTRO 10,20/11,65 T, LARGURA DE TRABALHO 1,73 M - DEPRECIAÇÃO. AF_11/2016","H",23.87,"COMPOSIÇÃO"]
[95628,"ROLO COMPACTADOR VIBRATORIO TANDEM, ACO LISO, POTENCIA 125 HP, PESO SEM/COM LASTRO 10,20/11,65 T, LARGURA DE TRABALHO 1,73 M - JUROS. AF_11/2016","H",3.31,"COMPOSIÇÃO"]
[95629,"ROLO COMPACTADOR VIBRATORIO TANDEM, ACO LISO, POTENCIA 125 HP, PESO SEM/COM LASTRO 10,20/11,65 T, LARGURA DE TRABALHO 1,73 M - MANUTENÇÃO. AF_11/2016","H",29.87,"COMPOSIÇÃO"]
[95630,"ROLO COMPACTADOR VIBRATORIO TANDEM, ACO LISO, POTENCIA 125 HP, PESO SEM/COM LASTRO 10,20/11,65 T, LARGURA DE TRABALHO 1,73 M - MATERIAIS NA OPERAÇÃO. AF_11/2016","H",54.01,"COMPOSIÇÃO"]
[95698,"PERFURATRIZ MANUAL, TORQUE MAXIMO 55 KGF.M, POTENCIA 5 CV, COM DIAMETRO MAXIMO 8 1/2\" - DEPRECIAÇÃO. AF_11/2016","H",4.6399999999999997,"COMPOSIÇÃO"]
[95699,"PERFURATRIZ MANUAL, TORQUE MAXIMO 55 KGF.M, POTENCIA 5 CV, COM DIAMETRO MAXIMO 8 1/2\" - JUROS. AF_11/2016","H",0.55000000000000004,"COMPOSIÇÃO"]
[95700,"PERFURATRIZ MANUAL, TORQUE MAXIMO 55 KGF.M, POTENCIA 5 CV, COM DIAMETRO MAXIMO 8 1/2\" - MANUTENÇÃO. AF_11/2016","H",5.8,"COMPOSIÇÃO"]
[95701,"PERFURATRIZ MANUAL, TORQUE MAXIMO 55 KGF.M, POTENCIA 5 CV, COM DIAMETRO MAXIMO 8 1/2\" - MATERIAIS NA OPERAÇÃO. AF_11/2016","H",2.56,"COMPOSIÇÃO"]
[95704,"PERFURATRIZ SOBRE ESTEIRA, TORQUE MÁXIMO 600 KGF, POTÊNCIA ENTRE 50 E 60 HP, DIÂMETRO MÁXIMO 10\u0094 - DEPRECIAÇÃO. AF_11/2016","H",25.67,"COMPOSIÇÃO"]
[95705,"PERFURATRIZ SOBRE ESTEIRA, TORQUE MÁXIMO 600 KGF, POTÊNCIA ENTRE 50 E 60 HP, DIÂMETRO MÁXIMO 10\u0094 - JUROS. AF_11/2016","H",3.66,"COMPOSIÇÃO"]
[95706,"PERFURATRIZ SOBRE ESTEIRA, TORQUE MÁXIMO 600 KGF, POTÊNCIA ENTRE 50 E 60 HP, DIÂMETRO MÁXIMO 10\u0094 - MANUTENÇÃO. AF_11/2016","H",32.130000000000003,"COMPOSIÇÃO"]
[95707,"PERFURATRIZ SOBRE ESTEIRA, TORQUE MÁXIMO 600 KGF, POTÊNCIA ENTRE 50 E 60 HP, DIÂMETRO MÁXIMO 10\u0094 - MATERIAIS NA OPERAÇÃO. AF_11/2016","H",28.6,"COMPOSIÇÃO"]
[95710,"ESCAVADEIRA HIDRAULICA SOBRE ESTEIRA, COM GARRA GIRATORIA DE MANDIBULAS, PESO OPERACIONAL ENTRE 22,00 E 25,50 TON, POTENCIA LIQUIDA ENTRE 150 E 160 HP - DEPRECIAÇÃO. AF_11/2016","H",30.86,"COMPOSIÇÃO"]
[95711,"ESCAVADEIRA HIDRAULICA SOBRE ESTEIRA, COM GARRA GIRATORIA DE MANDIBULAS, PESO OPERACIONAL ENTRE 22,00 E 25,50 TON, POTENCIA LIQUIDA ENTRE 150 E 160 HP - JUROS. AF_11/2016","H",4.18,"COMPOSIÇÃO"]
[95712,"ESCAVADEIRA HIDRAULICA SOBRE ESTEIRA, COM GARRA GIRATORIA DE MANDIBULAS, PESO OPERACIONAL ENTRE 22,00 E 25,50 TON, POTENCIA LIQUIDA ENTRE 150 E 160 HP - MANUTENÇÃO. AF_11/2016","H",38.57,"COMPOSIÇÃO"]
[95713,"ESCAVADEIRA HIDRAULICA SOBRE ESTEIRA, COM GARRA GIRATORIA DE MANDIBULAS, PESO OPERACIONAL ENTRE 22,00 E 25,50 TON, POTENCIA LIQUIDA ENTRE 150 E 160 HP - MATERIAIS NA OPERAÇÃO. AF_11/2016","H",54.4,"COMPOSIÇÃO"]
[95716,"ESCAVADEIRA HIDRAULICA SOBRE ESTEIRA, EQUIPADA COM CLAMSHELL, COM CAPACIDADE DA CAÇAMBA ENTRE 1,20 E 1,50 M3, PESO OPERACIONAL ENTRE 20,00 E 22,00 TON, POTENCIA LIQUIDA ENTRE 150 E 160 HP - DEPRECIAÇÃO. AF_11/2016","H",29.7,"COMPOSIÇÃO"]
[95717,"ESCAVADEIRA HIDRAULICA SOBRE ESTEIRA, EQUIPADA COM CLAMSHELL, COM CAPACIDADE DA CAÇAMBA ENTRE 1,20 E 1,50 M3, PESO OPERACIONAL ENTRE 20,00 E 22,00 TON, POTENCIA LIQUIDA ENTRE 150 E 160 HP - JUROS. AF_11/2016","H",4.03,"COMPOSIÇÃO"]
[95718,"ESCAVADEIRA HIDRAULICA SOBRE ESTEIRA, EQUIPADA COM CLAMSHELL, COM CAPACIDADE DA CAÇAMBA ENTRE 1,20 E 1,50 M3, PESO OPERACIONAL ENTRE 20,00 E 22,00 TON, POTENCIA LIQUIDA ENTRE 150 E 160 HP - MANUTENÇÃO. AF_11/2016","H",37.130000000000003,"COMPOSIÇÃO"]
[95719,"ESCAVADEIRA HIDRAULICA SOBRE ESTEIRA, EQUIPADA COM CLAMSHELL, COM CAPACIDADE DA CAÇAMBA ENTRE 1,20 E 1,50 M3, PESO OPERACIONAL ENTRE 20,00 E 22,00 TON, POTENCIA LIQUIDA ENTRE 150 E 160 HP - MATERIAIS NA OPERAÇÃO. AF_11/2016","H",54.4,"COMPOSIÇÃO"]
[95869,"GRUPO GERADOR COM CARENAGEM, MOTOR DIESEL POTÊNCIA STANDART ENTRE 250 E 260 KVA - JUROS. AF_12/2016","H",1.1200000000000001,"COMPOSIÇÃO"]
[95870,"GRUPO GERADOR COM CARENAGEM, MOTOR DIESEL POTÊNCIA STANDART ENTRE 250 E 260 KVA - MANUTENÇÃO. AF_12/2016","H",5.57,"COMPOSIÇÃO"]
[95871,"GRUPO GERADOR COM CARENAGEM, MOTOR DIESEL POTÊNCIA STANDART ENTRE 250 E 260 KVA - MATERIAIS NA OPERAÇÃO. AF_12/2016","H",165.21,"COMPOSIÇÃO"]
[95874,"GRUPO GERADOR COM CARENAGEM, MOTOR DIESEL POTÊNCIA STANDART ENTRE 250 E 260 KVA - DEPRECIAÇÃO. AF_12/2016","H",6.24,"COMPOSIÇÃO"]
[96008,"TRATOR DE PNEUS COM POTÊNCIA DE 122 CV, TRAÇÃO 4X4, COM VASSOURA MECÂNICA ACOPLADA - DEPRECIAÇÃO. AF_02/2017","H",12.83,"COMPOSIÇÃO"]
[96009,"TRATOR DE PNEUS COM POTÊNCIA DE 122 CV, TRAÇÃO 4X4, COM VASSOURA MECÂNICA ACOPLADA - JUROS. AF_02/2017","H",1.77,"COMPOSIÇÃO"]
[96011,"TRATOR DE PNEUS COM POTÊNCIA DE 122 CV, TRAÇÃO 4X4, COM VASSOURA MECÂNICA ACOPLADA - MANUTENÇÃO. AF_02/2017","H",14.05,"COMPOSIÇÃO"]
[96012,"TRATOR DE PNEUS COM POTÊNCIA DE 122 CV, TRAÇÃO 4X4, COM VASSOURA MECÂNICA ACOPLADA - MATERIAIS NA OPERAÇÃO. AF_02/2017","H",104,"COMPOSIÇÃO"]
[96015,"TRATOR DE PNEUS COM POTÊNCIA DE 122 CV, TRAÇÃO 4X4, COM GRADE DE DISCOS ACOPLADA - DEPRECIAÇÃO. AF_02/2017","H",12.72,"COMPOSIÇÃO"]
[96016,"TRATOR DE PNEUS COM POTÊNCIA DE 122 CV, TRAÇÃO 4X4, COM GRADE DE DISCOS ACOPLADA - JUROS. AF_02/2017","H",1.76,"COMPOSIÇÃO"]
[96018,"TRATOR DE PNEUS COM POTÊNCIA DE 122 CV, TRAÇÃO 4X4, COM GRADE DE DISCOS ACOPLADA - MANUTENÇÃO. AF_02/2017","H",13.93,"COMPOSIÇÃO"]
[96019,"TRATOR DE PNEUS COM POTÊNCIA DE 122 CV, TRAÇÃO 4X4, COM GRADE DE DISCOS ACOPLADA - MATERIAIS NA OPERAÇÃO. AF_02/2017","H",104,"COMPOSIÇÃO"]
[96023,"TRATOR DE PNEUS COM POTÊNCIA DE 85 CV, TRAÇÃO 4X4, COM GRADE DE DISCOS ACOPLADA - DEPRECIAÇÃO. AF_02/2017","H",9.81,"COMPOSIÇÃO"]
[96024,"TRATOR DE PNEUS COM POTÊNCIA DE 85 CV, TRAÇÃO 4X4, COM GRADE DE DISCOS ACOPLADA - JUROS. AF_02/2017","H",1.36,"COMPOSIÇÃO"]
[96026,"TRATOR DE PNEUS COM POTÊNCIA DE 85 CV, TRAÇÃO 4X4, COM GRADE DE DISCOS ACOPLADA - MANUTENÇÃO. AF_02/2017","H",10.74,"COMPOSIÇÃO"]
[96027,"TRATOR DE PNEUS COM POTÊNCIA DE 85 CV, TRAÇÃO 4X4, COM GRADE DE DISCOS ACOPLADA - MATERIAIS NA OPERAÇÃO. AF_02/2017","H",72.47,"COMPOSIÇÃO"]
[96030,"CAMINHÃO BASCULANTE 10 M3, TRUCADO, POTÊNCIA 230 CV, INCLUSIVE CAÇAMBA METÁLICA, COM DISTRIBUIDOR DE AGREGADOS ACOPLADO - DEPRECIAÇÃO. AF_02/2017","H",15.91,"COMPOSIÇÃO"]
[96031,"CAMINHÃO BASCULANTE 10 M3, TRUCADO, POTÊNCIA 230 CV, INCLUSIVE CAÇAMBA METÁLICA, COM DISTRIBUIDOR DE AGREGADOS ACOPLADO - JUROS. AF_02/2017","H",2.94,"COMPOSIÇÃO"]
[96032,"CAMINHÃO BASCULANTE 10 M3, TRUCADO, POTÊNCIA 230 CV, INCLUSIVE CAÇAMBA METÁLICA, COM DISTRIBUIDOR DE AGREGADOS ACOPLADO - IMPOSTOS E SEGUROS. AF_02/2017","H",1.1399999999999999,"COMPOSIÇÃO"]
[96033,"CAMINHÃO BASCULANTE 10 M3, TRUCADO, POTÊNCIA 230 CV, INCLUSIVE CAÇAMBA METÁLICA, COM DISTRIBUIDOR DE AGREGADOS ACOPLADO - MANUTENÇÃO. AF_02/2017","H",29.85,"COMPOSIÇÃO"]
[96034,"CAMINHÃO BASCULANTE 10 M3, TRUCADO, POTÊNCIA 230 CV, INCLUSIVE CAÇAMBA METÁLICA, COM DISTRIBUIDOR DE AGREGADOS ACOPLADO - MATERIAIS NA OPERAÇÃO. AF_02/2017","H",85.79,"COMPOSIÇÃO"]
[96053,"TRATOR DE PNEUS COM POTÊNCIA DE 85 CV, TRAÇÃO 4X4, COM VASSOURA MECÂNICA ACOPLADA - DEPRECIAÇÃO. AF_03/2017","H",9.92,"COMPOSIÇÃO"]
[96054,"MINICARREGADEIRA SOBRE RODAS POTENCIA 47HP CAPACIDADE OPERACAO 646 KG, COM VASSOURA MECÂNICA ACOPLADA - DEPRECIAÇÃO. AF_03/2017","H",16.29,"COMPOSIÇÃO"]
[96055,"TRATOR DE PNEUS COM POTÊNCIA DE 85 CV, TRAÇÃO 4X4, COM VASSOURA MECÂNICA ACOPLADA - JUROS. AF_03/2017","H",1.37,"COMPOSIÇÃO"]
[96056,"TRATOR DE PNEUS COM POTÊNCIA DE 85 CV, TRAÇÃO 4X4, COM VASSOURA MECÂNICA ACOPLADA - MANUTENÇÃO. AF_03/2017","H",10.86,"COMPOSIÇÃO"]
[96057,"TRATOR DE PNEUS COM POTÊNCIA DE 85 CV, TRAÇÃO 4X4, COM VASSOURA MECÂNICA ACOPLADA - MATERIAIS NA OPERAÇÃO. AF_03/2017","H",72.47,"COMPOSIÇÃO"]
[96060,"MINICARREGADEIRA SOBRE RODAS POTENCIA 47HP CAPACIDADE OPERACAO 646 KG, COM VASSOURA MECÂNICA ACOPLADA - JUROS. AF_03/2017","H",1.64,"COMPOSIÇÃO"]
[96061,"MINICARREGADEIRA SOBRE RODAS POTENCIA 47HP CAPACIDADE OPERACAO 646 KG, COM VASSOURA MECÂNICA ACOPLADA - MANUTENÇÃO. AF_03/2017","H",20.36,"COMPOSIÇÃO"]
[96062,"MINICARREGADEIRA SOBRE RODAS POTENCIA 47HP CAPACIDADE OPERACAO 646 KG, COM VASSOURA MECÂNICA ACOPLADA - MATERIAIS NA OPERAÇÃO. AF_03/2017","H",31.71,"COMPOSIÇÃO"]
[96241,"MINIESCAVADEIRA SOBRE ESTEIRAS, POTENCIA LIQUIDA DE *30* HP, PESO OPERACIONAL DE *3.500* KG - DEPRECIACAO. AF_04/2017","H",14.22,"COMPOSIÇÃO"]
[96242,"MINIESCAVADEIRA SOBRE ESTEIRAS, POTENCIA LIQUIDA DE *30* HP, PESO OPERACIONAL DE *3.500* KG - JUROS. AF_04/2017","H",1.93,"COMPOSIÇÃO"]
[96243,"MINIESCAVADEIRA SOBRE ESTEIRAS, POTENCIA LIQUIDA DE *30* HP, PESO OPERACIONAL DE *3.500* KG - MANUTENCAO. AF_04/2017","H",17.78,"COMPOSIÇÃO"]
[96244,"MINIESCAVADEIRA SOBRE ESTEIRAS, POTENCIA LIQUIDA DE *30* HP, PESO OPERACIONAL DE *3.500* KG - MATERIAIS NA OPERACAO. AF_04/2017","H",10.53,"COMPOSIÇÃO"]
[96298,"PERFURATRIZ ROTATIVA SOBRE ESTEIRA, TORQUE MAXIMO 2500 KGM, POTENCIA 110 HP, MOTOR DIESEL - DEPRECIAÇÃO. AF_05/2017","H",40.08,"COMPOSIÇÃO"]
[96299,"PERFURATRIZ ROTATIVA SOBRE ESTEIRA, TORQUE MAXIMO 2500 KGM, POTENCIA 110 HP, MOTOR DIESEL - JUROS. AF_05/2017","H",5.56,"COMPOSIÇÃO"]
[96300,"PERFURATRIZ ROTATIVA SOBRE ESTEIRA, TORQUE MAXIMO 2500 KGM, POTENCIA 110 HP, MOTOR DIESEL - MANUTENÇÃO. AF_05/2017","H",50.16,"COMPOSIÇÃO"]
[96301,"PERFURATRIZ ROTATIVA SOBRE ESTEIRA, TORQUE MAXIMO 2500 KGM, POTENCIA 110 HP, MOTOR DIESEL - MATERIAIS NA OPERAÇÃO. AF_05/2017","H",29.72,"COMPOSIÇÃO"]
[96304,"COMPRESSOR DE AR, VAZAO DE 10 PCM, RESERVATORIO 100 L, PRESSAO DE TRABALHO ENTRE 6,9 E 9,7 BAR,  POTENCIA 2 HP, TENSAO 110/220 V - DEPRECIAÇÃO. AF_05/2017","H",0.13,"COMPOSIÇÃO"]
[96305,"COMPRESSOR DE AR, VAZAO DE 10 PCM, RESERVATORIO 100 L, PRESSAO DE TRABALHO ENTRE 6,9 E 9,7 BAR,  POTENCIA 2 HP, TENSAO 110/220 V - JUROS. AF_05/2017","H",0.01,"COMPOSIÇÃO"]
[96306,"COMPRESSOR DE AR, VAZAO DE 10 PCM, RESERVATORIO 100 L, PRESSAO DE TRABALHO ENTRE 6,9 E 9,7 BAR,  POTENCIA 2 HP, TENSAO 110/220 V - MANUTENÇÃO. AF_05/2017","H",0.17,"COMPOSIÇÃO"]
[96307,"COMPRESSOR DE AR, VAZAO DE 10 PCM, RESERVATORIO 100 L, PRESSAO DE TRABALHO ENTRE 6,9 E 9,7 BAR, POTENCIA 2 HP, TENSAO 110/220 V - MATERIAIS NA OPERAÇÃO. AF_05/2017","H",1.04,"COMPOSIÇÃO"]
[96457,"ROLO COMPACTADOR DE PNEUS, ESTATICO, PRESSAO VARIAVEL, POTENCIA 110 HP, PESO SEM/COM LASTRO 10,8/27 T, LARGURA DE ROLAGEM 2,30 M - MATERIAIS NA OPERACAO. AF_06/2017","H",38.619999999999997,"COMPOSIÇÃO"]
[96458,"ROLO COMPACTADOR DE PNEUS, ESTATICO, PRESSAO VARIAVEL, POTENCIA 110 HP, PESO SEM/COM LASTRO 10,8/27 T, LARGURA DE ROLAGEM 2,30 M - MANUTENCAO. AF_06/2017","H",33.130000000000003,"COMPOSIÇÃO"]
[96459,"ROLO COMPACTADOR DE PNEUS, ESTATICO, PRESSAO VARIAVEL, POTENCIA 110 HP, PESO SEM/COM LASTRO 10,8/27 T, LARGURA DE ROLAGEM 2,30 M - JUROS. AF_06/2017","H",3.67,"COMPOSIÇÃO"]
[96460,"ROLO COMPACTADOR DE PNEUS, ESTATICO, PRESSAO VARIAVEL, POTENCIA 110 HP, PESO SEM/COM LASTRO 10,8/27 T, LARGURA DE ROLAGEM 2,30 M - DEPRECIAÇÃO. AF_06/2017","H",26.47,"COMPOSIÇÃO"]
[98760,"INVERSOR DE SOLDA MONOFÁSICO DE 160 A, POTÊNCIA DE 5400 W, TENSÃO DE 220 V, PARA SOLDA COM ELETRODOS DE 2,0 A 4,0 MM E PROCESSO TIG - DEPRECIAÇÃO. AF_06/2018","H",0.12,"COMPOSIÇÃO"]
[98761,"INVERSOR DE SOLDA MONOFÁSICO DE 160 A, POTÊNCIA DE 5400 W, TENSÃO DE 220 V, PARA SOLDA COM ELETRODOS DE 2,0 A 4,0 MM E PROCESSO TIG - JUROS. AF_06/2018","H",0.02,"COMPOSIÇÃO"]
[98762,"INVERSOR DE SOLDA MONOFÁSICO DE 160 A, POTÊNCIA DE 5400 W, TENSÃO DE 220 V, PARA SOLDA COM ELETRODOS DE 2,0 A 4,0 MM E PROCESSO TIG - MANUTENÇÃO. AF_06/2018","H",0.15,"COMPOSIÇÃO"]
[98763,"INVERSOR DE SOLDA MONOFÁSICO DE 160 A, POTÊNCIA DE 5400 W, TENSÃO DE 220 V, PARA SOLDA COM ELETRODOS DE 2,0 A 4,0 MM E PROCESSO TIG - MATERIAIS NA OPERAÇÃO. AF_06/2018","H",3.76,"COMPOSIÇÃO"]
[99829,"LAVADORA DE ALTA PRESSAO (LAVA-JATO) PARA AGUA FRIA, PRESSAO DE OPERACAO ENTRE 1400 E 1900 LIB/POL2, VAZAO MAXIMA ENTRE 400 E 700 L/H - DEPRECIAÇÃO. AF_04/2019","H",0.24,"COMPOSIÇÃO"]
[99830,"LAVADORA DE ALTA PRESSAO (LAVA-JATO) PARA AGUA FRIA, PRESSAO DE OPERACAO ENTRE 1400 E 1900 LIB/POL2, VAZAO MAXIMA ENTRE 400 E 700 L/H - JUROS. AF_04/2019","H",0.02,"COMPOSIÇÃO"]
[99831,"LAVADORA DE ALTA PRESSAO (LAVA-JATO) PARA AGUA FRIA, PRESSAO DE OPERACAO ENTRE 1400 E 1900 LIB/POL2, VAZAO MAXIMA ENTRE 400 E 700 L/H - MANUTENÇÃO. AF_04/2019","H",0.34,"COMPOSIÇÃO"]
[99832,"LAVADORA DE ALTA PRESSAO (LAVA-JATO) PARA AGUA FRIA, PRESSAO DE OPERACAO ENTRE 1400 E 1900 LIB/POL2, VAZAO MAXIMA ENTRE 400 E 700 L/H - MATERIAIS NA OPERAÇÃO. AF_04/2019","H",0.97,"COMPOSIÇÃO"]
[100637,"USINA DE MISTURA ASFÁLTICA À QUENTE, TIPO CONTRA FLUXO, PROD 100 A 140 TON/HORA - DEPRECIAÇÃO. AF_12/2019","H",81.06,"COMPOSIÇÃO"]
[100638,"USINA DE MISTURA ASFÁLTICA À QUENTE, TIPO CONTRA FLUXO, PROD 100 A 140 TON/HORA - JUROS. AF_12/2019","H",14.59,"COMPOSIÇÃO"]
[100639,"USINA DE MISTURA ASFÁLTICA À QUENTE, TIPO CONTRA FLUXO, PROD 100 A 140 TON/HORA - MANUTENÇÃO. AF_12/2019","H",130.31,"COMPOSIÇÃO"]
[100640,"USINA DE MISTURA ASFÁLTICA À QUENTE, TIPO CONTRA FLUXO, PROD 100 A 140 TON/HORA - MATERIAIS NA OPERAÇÃO. AF_12/2019","H",195.16,"COMPOSIÇÃO"]
[100643,"USINA DE ASFALTO, TIPO GRAVIMÉTRICA, PROD 150 TON/HORA - DEPRECIAÇÃO. AF_12/2019","H",213.45,"COMPOSIÇÃO"]
[100644,"USINA DE ASFALTO, TIPO GRAVIMÉTRICA, PROD 150 TON/HORA - JUROS. AF_12/2019","H",38.42,"COMPOSIÇÃO"]
[100645,"USINA DE ASFALTO, TIPO GRAVIMÉTRICA, PROD 150 TON/HORA - MANUTENÇÃO. AF_12/2019","H",343.12,"COMPOSIÇÃO"]
[100646,"USINA DE ASFALTO, TIPO GRAVIMÉTRICA, PROD 150 TON/HORA - MATERIAIS NA OPERAÇÃO. AF_12/2019","H",278.8,"COMPOSIÇÃO"]
[55960,"IMUNIZACAO DE MADEIRAMENTO PARA COBERTURA UTILIZANDO CUPINICIDA INCOLOR","M2",5.07,"COMPOSIÇÃO"]
[92259,"INSTALAÇÃO DE TESOURA (INTEIRA OU MEIA), BIAPOIADA, EM MADEIRA NÃO APARELHADA, PARA VÃOS MAIORES OU IGUAIS A 3,0 M E MENORES QUE 6,0 M, INCLUSO IÇAMENTO. AF_07/2019","UN",257.24,"COMPOSIÇÃO"]
[92260,"INSTALAÇÃO DE TESOURA (INTEIRA OU MEIA), BIAPOIADA, EM MADEIRA NÃO APARELHADA, PARA VÃOS MAIORES OU IGUAIS A 6,0 M E MENORES QUE 8,0 M, INCLUSO IÇAMENTO. AF_07/2019","UN",304.17,"COMPOSIÇÃO"]
[92261,"INSTALAÇÃO DE TESOURA (INTEIRA OU MEIA), BIAPOIADA, EM MADEIRA NÃO APARELHADA, PARA VÃOS MAIORES OU IGUAIS A 8,0 M E MENORES QUE 10,0 M, INCLUSO IÇAMENTO. AF_07/2019","UN",349.68,"COMPOSIÇÃO"]
[92262,"INSTALAÇÃO DE TESOURA (INTEIRA OU MEIA), BIAPOIADA, EM MADEIRA NÃO APARELHADA, PARA VÃOS MAIORES OU IGUAIS A 10,0 M E MENORES QUE 12,0 M, INCLUSO IÇAMENTO. AF_07/2019","UN",422.94,"COMPOSIÇÃO"]
[92539,"TRAMA DE MADEIRA COMPOSTA POR RIPAS, CAIBROS E TERÇAS PARA TELHADOS DE ATÉ 2 ÁGUAS PARA TELHA DE ENCAIXE DE CERÂMICA OU DE CONCRETO, INCLUSO TRANSPORTE VERTICAL. AF_07/2019","M2",40.01,"COMPOSIÇÃO"]
[92540,"TRAMA DE MADEIRA COMPOSTA POR RIPAS, CAIBROS E TERÇAS PARA TELHADOS DE MAIS QUE 2 ÁGUAS PARA TELHA DE ENCAIXE DE CERÂMICA OU DE CONCRETO, INCLUSO TRANSPORTE VERTICAL. AF_07/2019","M2",46.87,"COMPOSIÇÃO"]
[92541,"TRAMA DE MADEIRA COMPOSTA POR RIPAS, CAIBROS E TERÇAS PARA TELHADOS DE ATÉ 2 ÁGUAS PARA TELHA CERÂMICA CAPA-CANAL, INCLUSO TRANSPORTE VERTICAL. AF_07/2019","M2",42.64,"COMPOSIÇÃO"]
[92542,"TRAMA DE MADEIRA COMPOSTA POR RIPAS, CAIBROS E TERÇAS PARA TELHADOS DE MAIS QUE 2 ÁGUAS PARA TELHA CERÂMICA CAPA-CANAL, INCLUSO TRANSPORTE VERTICAL. AF_07/2019","M2",52.96,"COMPOSIÇÃO"]
[92543,"TRAMA DE MADEIRA COMPOSTA POR TERÇAS PARA TELHADOS DE ATÉ 2 ÁGUAS PARA TELHA ONDULADA DE FIBROCIMENTO, METÁLICA, PLÁSTICA OU TERMOACÚSTICA, INCLUSO TRANSPORTE VERTICAL. AF_07/2019","M2",10.94,"COMPOSIÇÃO"]
[92544,"TRAMA DE MADEIRA COMPOSTA POR TERÇAS PARA TELHADOS DE ATÉ 2 ÁGUAS PARA TELHA ESTRUTURAL DE FIBROCIMENTO, INCLUSO TRANSPORTE VERTICAL. AF_07/2019","M2",9.2100000000000009,"COMPOSIÇÃO"]
[92545,"FABRICAÇÃO E INSTALAÇÃO DE TESOURA INTEIRA EM MADEIRA NÃO APARELHADA, VÃO DE 3 M, PARA TELHA CERÂMICA OU DE CONCRETO, INCLUSO IÇAMENTO. AF_07/2019","UN",563.66999999999996,"COMPOSIÇÃO"]
[92546,"FABRICAÇÃO E INSTALAÇÃO DE TESOURA INTEIRA EM MADEIRA NÃO APARELHADA, VÃO DE 4 M, PARA TELHA CERÂMICA OU DE CONCRETO, INCLUSO IÇAMENTO. AF_07/2019","UN",695.23,"COMPOSIÇÃO"]
[92547,"FABRICAÇÃO E INSTALAÇÃO DE TESOURA INTEIRA EM MADEIRA NÃO APARELHADA, VÃO DE 5 M, PARA TELHA CERÂMICA OU DE CONCRETO, INCLUSO IÇAMENTO. AF_07/2019","UN",724.28,"COMPOSIÇÃO"]
[92548,"FABRICAÇÃO E INSTALAÇÃO DE TESOURA INTEIRA EM MADEIRA NÃO APARELHADA, VÃO DE 6 M, PARA TELHA CERÂMICA OU DE CONCRETO, INCLUSO IÇAMENTO. AF_07/2019","UN",805.83,"COMPOSIÇÃO"]
[92549,"FABRICAÇÃO E INSTALAÇÃO DE TESOURA INTEIRA EM MADEIRA NÃO APARELHADA, VÃO DE 7 M, PARA TELHA CERÂMICA OU DE CONCRETO, INCLUSO IÇAMENTO. AF_07/2019","UN",1034.24,"COMPOSIÇÃO"]
[92550,"FABRICAÇÃO E INSTALAÇÃO DE TESOURA INTEIRA EM MADEIRA NÃO APARELHADA, VÃO DE 8 M, PARA TELHA CERÂMICA OU DE CONCRETO, INCLUSO IÇAMENTO. AF_07/2019","UN",1297.21,"COMPOSIÇÃO"]
[92551,"FABRICAÇÃO E INSTALAÇÃO DE TESOURA INTEIRA EM MADEIRA NÃO APARELHADA, VÃO DE 9 M, PARA TELHA CERÂMICA OU DE CONCRETO, INCLUSO IÇAMENTO. AF_07/2019","UN",1335.47,"COMPOSIÇÃO"]
[92552,"FABRICAÇÃO E INSTALAÇÃO DE TESOURA INTEIRA EM MADEIRA NÃO APARELHADA, VÃO DE 10 M, PARA TELHA CERÂMICA OU DE CONCRETO, INCLUSO IÇAMENTO. AF_07/2019","UN",1452.56,"COMPOSIÇÃO"]
[92553,"FABRICAÇÃO E INSTALAÇÃO DE TESOURA INTEIRA EM MADEIRA NÃO APARELHADA, VÃO DE 11 M, PARA TELHA CERÂMICA OU DE CONCRETO, INCLUSO IÇAMENTO. AF_07/2019","UN",1688.66,"COMPOSIÇÃO"]
[92554,"FABRICAÇÃO E INSTALAÇÃO DE TESOURA INTEIRA EM MADEIRA NÃO APARELHADA, VÃO DE 12 M, PARA TELHA CERÂMICA OU DE CONCRETO, INCLUSO IÇAMENTO. AF_07/2019","UN",1732.11,"COMPOSIÇÃO"]
[92555,"FABRICAÇÃO E INSTALAÇÃO DE TESOURA INTEIRA EM MADEIRA NÃO APARELHADA, VÃO DE 3 M, PARA TELHA ONDULADA DE FIBROCIMENTO, METÁLICA, PLÁSTICA OU TERMOACÚSTICA, INCLUSO IÇAMENTO. AF_07/2019","UN",558.11,"COMPOSIÇÃO"]
[92556,"FABRICAÇÃO E INSTALAÇÃO DE TESOURA INTEIRA EM MADEIRA NÃO APARELHADA, VÃO DE 4 M, PARA TELHA ONDULADA DE FIBROCIMENTO, METÁLICA, PLÁSTICA OU TERMOACÚSTICA, INCLUSO IÇAMENTO. AF_07/2019","UN",686.04,"COMPOSIÇÃO"]
[92557,"FABRICAÇÃO E INSTALAÇÃO DE TESOURA INTEIRA EM MADEIRA NÃO APARELHADA, VÃO DE 5 M, PARA TELHA ONDULADA DE FIBROCIMENTO, METÁLICA, PLÁSTICA OU TERMOACÚSTICA, INCLUSO IÇAMENTO. AF_07/2019","UN",715.09,"COMPOSIÇÃO"]
[92558,"FABRICAÇÃO E INSTALAÇÃO DE TESOURA INTEIRA EM MADEIRA NÃO APARELHADA, VÃO DE 6 M, PARA TELHA ONDULADA DE FIBROCIMENTO, METÁLICA, PLÁSTICA OU TERMOACÚSTICA, INCLUSO IÇAMENTO. AF_07/2019","UN",800.26,"COMPOSIÇÃO"]
[92559,"FABRICAÇÃO E INSTALAÇÃO DE TESOURA INTEIRA EM MADEIRA NÃO APARELHADA, VÃO DE 7 M, PARA TELHA ONDULADA DE FIBROCIMENTO, METÁLICA, PLÁSTICA OU TERMOACÚSTICA, INCLUSO IÇAMENTO. AF_07/2019","UN",1024.44,"COMPOSIÇÃO"]
[92560,"FABRICAÇÃO E INSTALAÇÃO DE TESOURA INTEIRA EM MADEIRA NÃO APARELHADA, VÃO DE 8 M, PARA TELHA ONDULADA DE FIBROCIMENTO, METÁLICA, PLÁSTICA OU TERMOACÚSTICA, INCLUSO IÇAMENTO. AF_07/2019","UN",1282.27,"COMPOSIÇÃO"]
[92561,"FABRICAÇÃO E INSTALAÇÃO DE TESOURA INTEIRA EM MADEIRA NÃO APARELHADA, VÃO DE 9 M, PARA TELHA ONDULADA DE FIBROCIMENTO, METÁLICA, PLÁSTICA OU TERMOACÚSTICA, INCLUSO IÇAMENTO. AF_07/2019","UN",1321.19,"COMPOSIÇÃO"]
[92562,"FABRICAÇÃO E INSTALAÇÃO DE TESOURA INTEIRA EM MADEIRA NÃO APARELHADA, VÃO DE 10 M, PARA TELHA ONDULADA DE FIBROCIMENTO, METÁLICA, PLÁSTICA OU TERMOACÚSTICA, INCLUSO IÇAMENTO. AF_07/2019","UN",1429.09,"COMPOSIÇÃO"]
[92563,"FABRICAÇÃO E INSTALAÇÃO DE TESOURA INTEIRA EM MADEIRA NÃO APARELHADA, VÃO DE 11 M, PARA TELHA ONDULADA DE FIBROCIMENTO, METÁLICA, PLÁSTICA OU TERMOACÚSTICA, INCLUSO IÇAMENTO. AF_07/2019","UN",1660.11,"COMPOSIÇÃO"]
[92564,"FABRICAÇÃO E INSTALAÇÃO DE TESOURA INTEIRA EM MADEIRA NÃO APARELHADA, VÃO DE 12 M, PARA TELHA ONDULADA DE FIBROCIMENTO, METÁLICA, PLÁSTICA OU TERMOACÚSTICA, INCLUSO IÇAMENTO. AF_07/2019","UN",1697.39,"COMPOSIÇÃO"]
[92565,"FABRICAÇÃO E INSTALAÇÃO DE ESTRUTURA PONTALETADA DE MADEIRA NÃO APARELHADA PARA TELHADOS COM ATÉ 2 ÁGUAS E PARA TELHA CERÂMICA OU DE CONCRETO, INCLUSO TRANSPORTE VERTICAL. AF_12/2015","M2",21.06,"COMPOSIÇÃO"]
[92566,"FABRICAÇÃO E INSTALAÇÃO DE ESTRUTURA PONTALETADA DE MADEIRA NÃO APARELHADA PARA TELHADOS COM ATÉ 2 ÁGUAS E PARA TELHA ONDULADA DE FIBROCIMENTO, METÁLICA, PLÁSTICA OU TERMOACÚSTICA, INCLUSO TRANSPORTE VERTICAL. AF_12/2015","M2",11.85,"COMPOSIÇÃO"]
[92567,"FABRICAÇÃO E INSTALAÇÃO DE ESTRUTURA PONTALETADA DE MADEIRA NÃO APARELHADA PARA TELHADOS COM MAIS QUE 2 ÁGUAS E PARA TELHA CERÂMICA OU DE CONCRETO, INCLUSO TRANSPORTE VERTICAL. AF_12/2015","M2",18.37,"COMPOSIÇÃO"]
[100379,"FABRICAÇÃO E INSTALAÇÃO DE PONTALETES DE MADEIRA NÃO APARELHADA PARA TELHADOS COM ATÉ 2 ÁGUAS E COM TELHA CERÂMICA OU DE CONCRETO EM EDIFÍCIO RESIDENCIAL TÉRREO, INCLUSO TRANSPORTE VERTICAL. AF_07/2019","M2",21.06,"COMPOSIÇÃO"]
[100380,"FABRICAÇÃO E INSTALAÇÃO DE PONTALETES DE MADEIRA NÃO APARELHADA PARA TELHADOS COM ATÉ 2 ÁGUAS E COM TELHA CERÂMICA OU DE CONCRETO EM EDIFÍCIO RESIDENCIAL DE MÚLTIPLOS PAVIMENTOS, INCLUSO TRANSPORTE VERTICAL. AF_07/2019","M2",28.86,"COMPOSIÇÃO"]
[100381,"FABRICAÇÃO E INSTALAÇÃO DE PONTALETES DE MADEIRA NÃO APARELHADA PARA TELHADOS COM ATÉ 2 ÁGUAS E COM TELHA CERÂMICA OU DE CONCRETO EM EDIFÍCIO INSTITUCIONAL TÉRREO, INCLUSO TRANSPORTE VERTICAL. AF_07/2019","M2",33.04,"COMPOSIÇÃO"]
[100383,"FABRICAÇÃO E INSTALAÇÃO DE PONTALETES DE MADEIRA NÃO APARELHADA PARA TELHADOS COM ATÉ 2 ÁGUAS E COM TELHA ONDULADA DE FIBROCIMENTO, ALUMÍNIO OU PLÁSTICA EM EDIFÍCIO RESIDENCIAL DE MÚLTIPLOS PAVIMENTOS, INCLUSO TRANSPORTE VERTICAL. AF_07/2019","M2",13.03,"COMPOSIÇÃO"]
[100384,"FABRICAÇÃO E INSTALAÇÃO DE PONTALETES DE MADEIRA NÃO APARELHADA PARA TELHADOS COM ATÉ 2 ÁGUAS E COM TELHA ONDULADA DE FIBROCIMENTO, ALUMÍNIO OU PLÁSTICA EM EDIFÍCIO INSTITUCIONAL TÉRREO, INCLUSO TRANSPORTE VERTICAL. AF_07/2019","M2",13.98,"COMPOSIÇÃO"]
[100385,"FABRICAÇÃO E INSTALAÇÃO DE PONTALETES DE MADEIRA NÃO APARELHADA PARA TELHADOS COM MAIS QUE 2 ÁGUAS E COM TELHA CERÂMICA OU DE CONCRETO EM EDIFÍCIO RESIDENCIAL TÉRREO, INCLUSO TRANSPORTE VERTICAL. AF_07/2019","M2",18.37,"COMPOSIÇÃO"]
[100386,"FABRICAÇÃO E INSTALAÇÃO DE PONTALETES DE MADEIRA NÃO APARELHADA PARA TELHADOS COM MAIS QUE 2 ÁGUAS E COM TELHA CERÂMICA OU DE CONCRETO EM EDIFÍCIO RESIDENCIAL DE MÚLTIPLOS PAVIMENTOS. AF_07/2019","M2",24.21,"COMPOSIÇÃO"]
[100387,"FABRICAÇÃO E INSTALAÇÃO DE PONTALETES DE MADEIRA NÃO APARELHADA PARA TELHADOS COM MAIS QUE 2 ÁGUAS E COM TELHA CERÂMICA OU DE CONCRETO EM EDIFÍCIO INSTITUCIONAL TÉRREO, INCLUSO TRANSPORTE VERTICAL. AF_07/2019","M2",29.56,"COMPOSIÇÃO"]
[100388,"RETIRADA E RECOLOCAÇÃO DE RIPA EM TELHADOS DE ATÉ 2 ÁGUAS COM TELHA CERÂMICA OU DE CONCRETO DE ENCAIXE, INCLUSO TRANSPORTE VERTICAL. AF_07/2019","M2",12.1,"COMPOSIÇÃO"]
[100389,"RETIRADA E RECOLOCAÇÃO DE CAIBRO EM TELHADOS DE ATÉ 2 ÁGUAS COM TELHA CERÂMICA OU DE CONCRETO DE ENCAIXE, INCLUSO TRANSPORTE VERTICAL. AF_07/2019","M2",10.96,"COMPOSIÇÃO"]
[100390,"RETIRADA E RECOLOCAÇÃO DE RIPA EM TELHADOS DE MAIS DE 2 ÁGUAS COM TELHA CERÂMICA OU DE CONCRETO DE ENCAIXE, INCLUSO TRANSPORTE VERTICAL. AF_07/2019","M2",14.86,"COMPOSIÇÃO"]
[100391,"RETIRADA E RECOLOCAÇÃO DE CAIBRO EM TELHADOS DE MAIS DE 2 ÁGUAS COM TELHA CERÂMICA OU DE CONCRETO DE ENCAIXE, INCLUSO TRANSPORTE VERTICAL. AF_07/2019","M2",12.87,"COMPOSIÇÃO"]
[100392,"RETIRADA E RECOLOCAÇÃO DE RIPA EM TELHADOS DE ATÉ 2 ÁGUAS COM TELHA CERÂMICA CAPA-CANAL, INCLUSO TRANSPORTE VERTICAL. AF_07/2019","M2",9.52,"COMPOSIÇÃO"]
[100393,"RETIRADA E RECOLOCAÇÃO DE CAIBRO EM TELHADOS DE ATÉ 2 ÁGUAS COM TELHA CERÂMICA CAPA-CANAL, INCLUSO TRANSPORTE VERTICAL. AF_07/2019","M2",12.59,"COMPOSIÇÃO"]
[100394,"RETIRADA E RECOLOCAÇÃO DE RIPA EM TELHADOS DE MAIS DE 2 ÁGUAS COM TELHA CERÂMICA CAPA-CANAL, INCLUSO TRANSPORTE VERTICAL. AF_07/2019","M2",11.7,"COMPOSIÇÃO"]
[100395,"RETIRADA E RECOLOCAÇÃO DE CAIBRO EM TELHADOS DE MAIS DE 2 ÁGUAS COM TELHA CERÂMICA CAPA-CANAL, INCLUSO TRANSPORTE VERTICAL. AF_07/2019","M2",15.37,"COMPOSIÇÃO"]
[94189,"TELHAMENTO COM TELHA DE CONCRETO DE ENCAIXE, COM ATÉ 2 ÁGUAS, INCLUSO TRANSPORTE VERTICAL. AF_07/2019","M2",27.4,"COMPOSIÇÃO"]
[94192,"TELHAMENTO COM TELHA DE CONCRETO DE ENCAIXE, COM MAIS DE 2 ÁGUAS, INCLUSO TRANSPORTE VERTICAL. AF_07/2019","M2",29.39,"COMPOSIÇÃO"]
[94195,"TELHAMENTO COM TELHA CERÂMICA DE ENCAIXE, TIPO PORTUGUESA, COM ATÉ 2 ÁGUAS, INCLUSO TRANSPORTE VERTICAL. AF_07/2019","M2",38.71,"COMPOSIÇÃO"]
[94198,"TELHAMENTO COM TELHA CERÂMICA DE ENCAIXE, TIPO PORTUGUESA, COM MAIS DE 2 ÁGUAS, INCLUSO TRANSPORTE VERTICAL. AF_07/2019","M2",41.35,"COMPOSIÇÃO"]
[94201,"TELHAMENTO COM TELHA CERÂMICA CAPA-CANAL, TIPO COLONIAL, COM ATÉ 2 ÁGUAS, INCLUSO TRANSPORTE VERTICAL. AF_07/2019","M2",54.46,"COMPOSIÇÃO"]
[94204,"TELHAMENTO COM TELHA CERÂMICA CAPA-CANAL, TIPO COLONIAL, COM MAIS DE 2 ÁGUAS, INCLUSO TRANSPORTE VERTICAL. AF_07/2019","M2",58.94,"COMPOSIÇÃO"]
[94224,"EMBOÇAMENTO COM ARGAMASSA TRAÇO 1:2:9 (CIMENTO, CAL E AREIA). AF_07/2019","M",19.27,"COMPOSIÇÃO"]
[94225,"ISOLAMENTO TERMOACÚSTICO COM LÃ MINERAL NA SUBCOBERTURA, INCLUSO TRANSPORTE VERTICAL. AF_07/2019","M2",23.74,"COMPOSIÇÃO"]
[94226,"SUBCOBERTURA COM MANTA PLÁSTICA REVESTIDA POR PELÍCULA DE ALUMÍNO, INCLUSO TRANSPORTE VERTICAL. AF_07/2019","M2",17.04,"COMPOSIÇÃO"]
[94232,"AMARRAÇÃO DE TELHAS CERÂMICAS OU DE CONCRETO. AF_07/2019","UN",2.23,"COMPOSIÇÃO"]
[94440,"TELHAMENTO COM TELHA CERÂMICA DE ENCAIXE, TIPO FRANCESA, COM ATÉ 2 ÁGUAS, INCLUSO TRANSPORTE VERTICAL. AF_07/2019","M2",38.71,"COMPOSIÇÃO"]
[94441,"TELHAMENTO COM TELHA CERÂMICA DE ENCAIXE, TIPO FRANCESA, COM MAIS DE 2 ÁGUAS, INCLUSO TRANSPORTE VERTICAL. AF_07/2019","M2",41.35,"COMPOSIÇÃO"]
[94442,"TELHAMENTO COM TELHA CERÂMICA DE ENCAIXE, TIPO ROMANA, COM ATÉ 2 ÁGUAS, INCLUSO TRANSPORTE VERTICAL. AF_07/2019","M2",38.71,"COMPOSIÇÃO"]
[94443,"TELHAMENTO COM TELHA CERÂMICA DE ENCAIXE, TIPO ROMANA, COM MAIS DE 2 ÁGUAS, INCLUSO TRANSPORTE VERTICAL. AF_07/2019","M2",41.35,"COMPOSIÇÃO"]
[94445,"TELHAMENTO COM TELHA CERÂMICA CAPA-CANAL, TIPO PLAN, COM ATÉ 2 ÁGUAS, INCLUSO TRANSPORTE VERTICAL. AF_07/2019","M2",54.46,"COMPOSIÇÃO"]
[94446,"TELHAMENTO COM TELHA CERÂMICA CAPA-CANAL, TIPO PLAN, COM MAIS DE 2 ÁGUAS, INCLUSO TRANSPORTE VERTICAL. AF_07/2019","M2",58.94,"COMPOSIÇÃO"]
[94447,"TELHAMENTO COM TELHA CERÂMICA CAPA-CANAL, TIPO PAULISTA, COM ATÉ 2 ÁGUAS, INCLUSO TRANSPORTE VERTICAL. AF_07/2019","M2",54.46,"COMPOSIÇÃO"]
[94448,"TELHAMENTO COM TELHA CERÂMICA CAPA-CANAL, TIPO PAULISTA, COM MAIS DE 2 ÁGUAS, INCLUSO TRANSPORTE VERTICAL. AF_07/2019","M2",58.94,"COMPOSIÇÃO"]
[94207,"TELHAMENTO COM TELHA ONDULADA DE FIBROCIMENTO E = 6 MM, COM RECOBRIMENTO LATERAL DE 1/4 DE ONDA PARA TELHADO COM INCLINAÇÃO MAIOR QUE 10°, COM ATÉ 2 ÁGUAS, INCLUSO IÇAMENTO. AF_07/2019","M2",35.33,"COMPOSIÇÃO"]
[94210,"TELHAMENTO COM TELHA ONDULADA DE FIBROCIMENTO E = 6 MM, COM RECOBRIMENTO LATERAL DE 1 1/4 DE ONDA PARA TELHADO COM INCLINAÇÃO MÁXIMA DE 10°, COM ATÉ 2 ÁGUAS, INCLUSO IÇAMENTO. AF_07/2019","M2",37.6,"COMPOSIÇÃO"]
[94218,"TELHAMENTO COM TELHA ESTRUTURAL DE FIBROCIMENTO E= 6 MM, COM ATÉ 2 ÁGUAS, INCLUSO IÇAMENTO. AF_07/2019","M2",77.989999999999995,"COMPOSIÇÃO"]
[94213,"TELHAMENTO COM TELHA DE AÇO/ALUMÍNIO E = 0,5 MM, COM ATÉ 2 ÁGUAS, INCLUSO IÇAMENTO. AF_07/2019","M2",57.66,"COMPOSIÇÃO"]
[94216,"TELHAMENTO COM TELHA METÁLICA TERMOACÚSTICA E = 30 MM, COM ATÉ 2 ÁGUAS, INCLUSO IÇAMENTO. AF_07/2019","M2",169.21,"COMPOSIÇÃO"]
[94219,"CUMEEIRA E ESPIGÃO PARA TELHA CERÂMICA EMBOÇADA COM ARGAMASSA TRAÇO 1:2:9 (CIMENTO, CAL E AREIA), PARA TELHADOS COM MAIS DE 2 ÁGUAS, INCLUSO TRANSPORTE VERTICAL. AF_07/2019","M",28.65,"COMPOSIÇÃO"]
[94220,"CUMEEIRA E ESPIGÃO PARA TELHA DE CONCRETO EMBOÇADA COM ARGAMASSA TRAÇO 1:2:9 (CIMENTO, CAL E AREIA), PARA TELHADOS COM MAIS DE 2 ÁGUAS, INCLUSO TRANSPORTE VERTICAL. AF_07/2019","M",38.43,"COMPOSIÇÃO"]
[94221,"CUMEEIRA PARA TELHA CERÂMICA EMBOÇADA COM ARGAMASSA TRAÇO 1:2:9 (CIMENTO, CAL E AREIA) PARA TELHADOS COM ATÉ 2 ÁGUAS, INCLUSO TRANSPORTE VERTICAL. AF_07/2019","M",23.44,"COMPOSIÇÃO"]
[94222,"CUMEEIRA PARA TELHA DE CONCRETO EMBOÇADA COM ARGAMASSA TRAÇO 1:2:9 (CIMENTO, CAL E AREIA) PARA TELHADOS COM ATÉ 2 ÁGUAS, INCLUSO TRANSPORTE VERTICAL. AF_07/2019","M",33.22,"COMPOSIÇÃO"]
[94223,"CUMEEIRA PARA TELHA DE FIBROCIMENTO ONDULADA E = 6 MM, INCLUSO ACESSÓRIOS DE FIXAÇÃO E IÇAMENTO. AF_07/2019","M",44.2,"COMPOSIÇÃO"]
[94451,"CUMEEIRA PARA TELHA DE FIBROCIMENTO ESTRUTURAL E = 6 MM, INCLUSO ACESSÓRIOS DE FIXAÇÃO E IÇAMENTO. AF_07/2019","M",100.97,"COMPOSIÇÃO"]
[100325,"CUMEEIRA SHED PARA TELHA ONDULADA DE FIBROCIMENTO, E = 6 MM, INCLUSO ACESSÓRIOS DE FIXAÇÃO E IÇAMENTO. AF_07/2019","M",42.46,"COMPOSIÇÃO"]
[100327,"RUFO EXTERNO/INTERNO EM CHAPA DE AÇO GALVANIZADO NÚMERO 26, CORTE DE 33 CM, INCLUSO IÇAMENTO. AF_07/2019","M",41.37,"COMPOSIÇÃO"]
[100328,"RETIRADA E RECOLOCAÇÃO DE  TELHA CERÂMICA DE ENCAIXE, COM ATÉ DUAS ÁGUAS, INCLUSO IÇAMENTO. AF_07/2019","M2",12.83,"COMPOSIÇÃO"]
[100329,"RETIRADA E RECOLOCAÇÃO DE  TELHA CERÂMICA DE ENCAIXE, COM MAIS DE DUAS ÁGUAS, INCLUSO IÇAMENTO. AF_07/2019","M2",15.47,"COMPOSIÇÃO"]
[100330,"RETIRADA E RECOLOCAÇÃO DE  TELHA CERÂMICA CAPA-CANAL, COM ATÉ DUAS ÁGUAS, INCLUSO IÇAMENTO. AF_07/2019","M2",17.43,"COMPOSIÇÃO"]
[100331,"RETIRADA E RECOLOCAÇÃO DE  TELHA CERÂMICA CAPA-CANAL, COM MAIS DE DUAS ÁGUAS, INCLUSO IÇAMENTO. AF_07/2019","M2",21.94,"COMPOSIÇÃO"]
[100434,"CALHA DE BEIRAL, SEMICIRCULAR DE PVC, DIAMETRO 125 MM, INCLUINDO CABECEIRAS, EMENDAS, BOCAIS, SUPORTES E VEDAÇÕES, EXCLUINDO CONDUTORES, INCLUSO TRANSPORTE VERTICAL. AF_07/2019","M",50.53,"COMPOSIÇÃO"]
[100435,"RUFO EM FIBROCIMENTO PARA TELHA ONDULADA E = 6 MM, ABA DE 26 CM, INCLUSO TRANSPORTE VERTICAL, EXCETO CONTRARRUFO. AF_07/2019","M",23.84,"COMPOSIÇÃO"]
[94227,"CALHA EM CHAPA DE AÇO GALVANIZADO NÚMERO 24, DESENVOLVIMENTO DE 33 CM, INCLUSO TRANSPORTE VERTICAL. AF_07/2019","M",46.39,"COMPOSIÇÃO"]
[94228,"CALHA EM CHAPA DE AÇO GALVANIZADO NÚMERO 24, DESENVOLVIMENTO DE 50 CM, INCLUSO TRANSPORTE VERTICAL. AF_07/2019","M",62.22,"COMPOSIÇÃO"]
[94229,"CALHA EM CHAPA DE AÇO GALVANIZADO NÚMERO 24, DESENVOLVIMENTO DE 100 CM, INCLUSO TRANSPORTE VERTICAL. AF_07/2019","M",120.1,"COMPOSIÇÃO"]
[94231,"RUFO EM CHAPA DE AÇO GALVANIZADO NÚMERO 24, CORTE DE 25 CM, INCLUSO TRANSPORTE VERTICAL. AF_07/2019","M",37.22,"COMPOSIÇÃO"]
[94449,"TELHAMENTO COM TELHA ONDULADA DE FIBRA DE VIDRO E = 0,6 MM, PARA TELHADO COM INCLINAÇÃO MAIOR QUE 10°, COM ATÉ 2 ÁGUAS, INCLUSO IÇAMENTO. AF_07/2019","M2",49.95,"COMPOSIÇÃO"]
[92255,"INSTALAÇÃO DE TESOURA (INTEIRA OU MEIA), EM AÇO, PARA VÃOS MAIORES OU IGUAIS A 3,0 M E MENORES QUE 6,0 M, INCLUSO IÇAMENTO. AF_07/2019","UN",129.28,"COMPOSIÇÃO"]
[92256,"INSTALAÇÃO DE TESOURA (INTEIRA OU MEIA), EM AÇO, PARA VÃOS MAIORES OU IGUAIS A 6,0 M E MENORES QUE 8,0 M, INCLUSO IÇAMENTO. AF_07/2019","UN",155.94,"COMPOSIÇÃO"]
[92257,"INSTALAÇÃO DE TESOURA (INTEIRA OU MEIA), EM AÇO, PARA VÃOS MAIORES OU IGUAIS A 8,0 M E MENORES QUE 10,0 M, INCLUSO IÇAMENTO. AF_07/2019","UN",182.42,"COMPOSIÇÃO"]
[92258,"INSTALAÇÃO DE TESOURA (INTEIRA OU MEIA), EM AÇO, PARA VÃOS MAIORES OU IGUAIS A 10,0 M E MENORES QUE 12,0 M, INCLUSO IÇAMENTO. AF_07/2019","UN",225.02,"COMPOSIÇÃO"]
[92568,"TRAMA DE AÇO COMPOSTA POR RIPAS, CAIBROS E TERÇAS PARA TELHADOS DE ATÉ 2 ÁGUAS PARA TELHA DE ENCAIXE DE CERÂMICA OU DE CONCRETO, INCLUSO TRANSPORTE VERTICAL. AF_07/2019","M2",79.72,"COMPOSIÇÃO"]
[92569,"TRAMA DE AÇO COMPOSTA POR RIPAS E CAIBROS PARA TELHADOS DE ATÉ 2 ÁGUAS PARA TELHA DE ENCAIXE DE CERÂMICA OU DE CONCRETO, INCLUSO TRANSPORTE VERTICAL. AF_07/2019","M2",44.06,"COMPOSIÇÃO"]
[92570,"TRAMA DE AÇO COMPOSTA POR RIPAS PARA TELHADOS DE ATÉ 2 ÁGUAS PARA TELHA DE ENCAIXE DE CERÂMICA OU DE CONCRETO, INCLUSO TRANSPORTE VERTICAL. AF_07/2019","M2",27.67,"COMPOSIÇÃO"]
[92571,"TRAMA DE AÇO COMPOSTA POR RIPAS, CAIBROS E TERÇAS PARA TELHADOS DE MAIS DE 2 ÁGUAS PARA TELHA DE ENCAIXE DE CERÂMICA OU DE CONCRETO, INCLUSO TRANSPORTE VERTICAL. AF_07/2019","M2",84.93,"COMPOSIÇÃO"]
[92572,"TRAMA DE AÇO COMPOSTA POR RIPAS E CAIBROS PARA TELHADOS DE MAIS DE 2 ÁGUAS PARA TELHA DE ENCAIXE DE CERÂMICA OU DE CONCRETO, INCLUSO TRANSPORTE VERTICAL. AF_07/2019","M2",50.53,"COMPOSIÇÃO"]
[92573,"TRAMA DE AÇO COMPOSTA POR RIPAS PARA TELHADOS DE MAIS DE 2 ÁGUAS PARA TELHA DE ENCAIXE DE CERÂMICA OU DE CONCRETO, INCLUSO TRANSPORTE VERTICAL, INCLUSO TRANSPORTE VERTICAL. AF_07/2019","M2",29.89,"COMPOSIÇÃO"]
[92574,"TRAMA DE AÇO COMPOSTA POR RIPAS, CAIBROS E TERÇAS PARA TELHADOS DE ATÉ 2 ÁGUAS PARA TELHA CERÂMICA CAPA-CANAL, INCLUSO TRANSPORTE VERTICAL. AF_07/2019","M2",81.069999999999993,"COMPOSIÇÃO"]
[92575,"TRAMA DE AÇO COMPOSTA POR RIPAS E CAIBROS PARA TELHADOS DE ATÉ 2 ÁGUAS PARA TELHA CERÂMICA CAPA-CANAL, INCLUSO TRANSPORTE VERTICAL. AF_07/2019","M2",40.380000000000003,"COMPOSIÇÃO"]
[92576,"TRAMA DE AÇO COMPOSTA POR RIPAS PARA TELHADOS DE ATÉ 2 ÁGUAS PARA TELHA CERÂMICA CAPA-CANAL, INCLUSO TRANSPORTE VERTICAL. AF_07/2019","M2",21.88,"COMPOSIÇÃO"]
[92577,"TRAMA DE AÇO COMPOSTA POR RIPAS, CAIBROS E TERÇAS PARA TELHADOS DE MAIS DE 2 ÁGUAS PARA TELHA CERÂMICA CAPA-CANAL, INCLUSO TRANSPORTE VERTICAL. AF_07/2019","M2",86.55,"COMPOSIÇÃO"]
[92578,"TRAMA DE AÇO COMPOSTA POR RIPAS E CAIBROS PARA TELHADOS DE MAIS DE 2 ÁGUAS PARA TELHA CERÂMICA CAPA-CANAL, INCLUSO TRANSPORTE VERTICAL. AF_07/2019","M2",43.44,"COMPOSIÇÃO"]
[92579,"TRAMA DE AÇO COMPOSTA POR RIPAS PARA TELHADOS DE MAIS DE 2 ÁGUAS PARA TELHA CERÂMICA CAPA-CANAL, INCLUSO TRANSPORTE VERTICAL. AF_07/2019","M2",23.65,"COMPOSIÇÃO"]
[92580,"TRAMA DE AÇO COMPOSTA POR TERÇAS PARA TELHADOS DE ATÉ 2 ÁGUAS PARA TELHA ONDULADA DE FIBROCIMENTO, METÁLICA, PLÁSTICA OU TERMOACÚSTICA, INCLUSO TRANSPORTE VERTICAL. AF_07/2019","M2",29.62,"COMPOSIÇÃO"]
[92581,"TRAMA DE AÇO COMPOSTA POR TERÇAS PARA TELHADOS DE ATÉ 2 ÁGUAS PARA TELHA ESTRUTURAL DE FIBROCIMENTO, INCLUSO TRANSPORTE VERTICAL. AF_07/2019","M2",30.86,"COMPOSIÇÃO"]
[92582,"FABRICAÇÃO E INSTALAÇÃO DE TESOURA INTEIRA EM AÇO, VÃO DE 3 M, PARA TELHA CERÂMICA OU DE CONCRETO, INCLUSO IÇAMENTO. AF_12/2015","UN",443.82,"COMPOSIÇÃO"]
[92584,"FABRICAÇÃO E INSTALAÇÃO DE TESOURA INTEIRA EM AÇO, VÃO DE 4 M, PARA TELHA CERÂMICA OU DE CONCRETO, INCLUSO IÇAMENTO. AF_12/2015","UN",517.44000000000005,"COMPOSIÇÃO"]
[92586,"FABRICAÇÃO E INSTALAÇÃO DE TESOURA INTEIRA EM AÇO, VÃO DE 5 M, PARA TELHA CERÂMICA OU DE CONCRETO, INCLUSO IÇAMENTO. AF_12/2015","UN",591.07000000000005,"COMPOSIÇÃO"]
[92588,"FABRICAÇÃO E INSTALAÇÃO DE TESOURA INTEIRA EM AÇO, VÃO DE 6 M, PARA TELHA CERÂMICA OU DE CONCRETO, INCLUSO IÇAMENTO. AF_12/2015","UN",743.23,"COMPOSIÇÃO"]
[92590,"FABRICAÇÃO E INSTALAÇÃO DE TESOURA INTEIRA EM AÇO, VÃO DE 7 M, PARA TELHA CERÂMICA OU DE CONCRETO, INCLUSO IÇAMENTO. AF_12/2015","UN",816.85,"COMPOSIÇÃO"]
[92592,"FABRICAÇÃO E INSTALAÇÃO DE TESOURA INTEIRA EM AÇO, VÃO DE 8 M, PARA TELHA CERÂMICA OU DE CONCRETO, INCLUSO IÇAMENTO. AF_12/2015","UN",916.96,"COMPOSIÇÃO"]
[92593,"(COMPOSIÇÃO REPRESENTATIVA) FABRICAÇÃO E INSTALAÇÃO DE TESOURA INTEIRA EM AÇO, PARA VÃOS DE 3 A 12 M E PARA QUALQUER TIPO DE TELHA, INCLUSO IÇAMENTO. AF_12/2015","KG",6.93,"COMPOSIÇÃO"]
[92594,"FABRICAÇÃO E INSTALAÇÃO DE TESOURA INTEIRA EM AÇO, VÃO DE 9 M, PARA TELHA CERÂMICA OU DE CONCRETO, INCLUSO IÇAMENTO. AF_12/2015","UN",1061.0999999999999,"COMPOSIÇÃO"]
[92596,"FABRICAÇÃO E INSTALAÇÃO DE TESOURA INTEIRA EM AÇO, VÃO DE 10 M, PARA TELHA CERÂMICA OU DE CONCRETO, INCLUSO IÇAMENTO. AF_12/2015","UN",1180.47,"COMPOSIÇÃO"]
[92598,"FABRICAÇÃO E INSTALAÇÃO DE TESOURA INTEIRA EM AÇO, VÃO DE 11 M, PARA TELHA CERÂMICA OU DE CONCRETO, INCLUSO IÇAMENTO. AF_12/2015","UN",1254.0999999999999,"COMPOSIÇÃO"]
[92600,"FABRICAÇÃO E INSTALAÇÃO DE TESOURA INTEIRA EM AÇO, VÃO DE 12 M, PARA TELHA CERÂMICA OU DE CONCRETO, INCLUSO IÇAMENTO. AF_12/2015","UN",1346.35,"COMPOSIÇÃO"]
[92602,"FABRICAÇÃO E INSTALAÇÃO DE TESOURA INTEIRA EM AÇO, VÃO DE 3 M, PARA TELHA ONDULADA DE FIBROCIMENTO, METÁLICA, PLÁSTICA OU TERMOACÚSTICA, INCLUSO IÇAMENTO.. AF_12/2015","UN",443.82,"COMPOSIÇÃO"]
[92604,"FABRICAÇÃO E INSTALAÇÃO DE TESOURA INTEIRA EM AÇO, VÃO DE 4 M, PARA TELHA ONDULADA DE FIBROCIMENTO, METÁLICA, PLÁSTICA OU TERMOACÚSTICA, INCLUSO IÇAMENTO. AF_12/2015","UN",498.81,"COMPOSIÇÃO"]
[92606,"FABRICAÇÃO E INSTALAÇÃO DE TESOURA INTEIRA EM AÇO, VÃO DE 5 M, PARA TELHA ONDULADA DE FIBROCIMENTO, METÁLICA, PLÁSTICA OU TERMOACÚSTICA, INCLUSO IÇAMENTO. AF_12/2015","UN",572.44000000000005,"COMPOSIÇÃO"]
[92608,"FABRICAÇÃO E INSTALAÇÃO DE TESOURA INTEIRA EM AÇO, VÃO DE 6 M, PARA TELHA ONDULADA DE FIBROCIMENTO, METÁLICA, PLÁSTICA OU TERMOACÚSTICA, INCLUSO IÇAMENTO. AF_12/2015","UN",705.97,"COMPOSIÇÃO"]
[92610,"FABRICAÇÃO E INSTALAÇÃO DE TESOURA INTEIRA EM AÇO, VÃO DE 7 M, PARA TELHA ONDULADA DE FIBROCIMENTO, METÁLICA, PLÁSTICA OU TERMOACÚSTICA, INCLUSO IÇAMENTO. AF_12/2015","UN",779.59,"COMPOSIÇÃO"]
[92612,"FABRICAÇÃO E INSTALAÇÃO DE TESOURA INTEIRA EM AÇO, VÃO DE 8 M, PARA TELHA ONDULADA DE FIBROCIMENTO, METÁLICA, PLÁSTICA OU TERMOACÚSTICA, INCLUSO IÇAMENTO, INCLUSO IÇAMENTO. AF_12/2015","UN",879.7,"COMPOSIÇÃO"]
[92614,"FABRICAÇÃO E INSTALAÇÃO DE TESOURA INTEIRA EM AÇO, VÃO DE 9 M, PARA TELHA ONDULADA DE FIBROCIMENTO, METÁLICA, PLÁSTICA OU TERMOACÚSTICA, INCLUSO IÇAMENTO. AF_12/2015","UN",986.58,"COMPOSIÇÃO"]
[92616,"FABRICAÇÃO E INSTALAÇÃO DE TESOURA INTEIRA EM AÇO, VÃO DE 10 M, PARA TELHA ONDULADA DE FIBROCIMENTO, METÁLICA, PLÁSTICA OU TERMOACÚSTICA, INCLUSO IÇAMENTO. AF_12/2015","UN",1124.58,"COMPOSIÇÃO"]
[92618,"FABRICAÇÃO E INSTALAÇÃO DE TESOURA INTEIRA EM AÇO, VÃO DE 11 M, PARA TELHA ONDULADA DE FIBROCIMENTO, METÁLICA, PLÁSTICA OU TERMOACÚSTICA, INCLUSO IÇAMENTO. AF_12/2015","UN",1198.21,"COMPOSIÇÃO"]
[92620,"FABRICAÇÃO E INSTALAÇÃO DE TESOURA INTEIRA EM AÇO, VÃO DE 12 M, PARA TELHA ONDULADA DE FIBROCIMENTO, METÁLICA, PLÁSTICA OU TERMOACÚSTICA, INCLUSO IÇAMENTO. AF_12/2015","UN",1271.83,"COMPOSIÇÃO"]
[100357,"FABRICAÇÃO E INSTALAÇÃO DE MEIA TESOURA DE MADEIRA NÃO APARELHADA, COM VÃO DE 3 M, PARA TELHA CERÂMICA OU DE CONCRETO, INCLUSO IÇAMENTO. AF_07/2019","UN",576.46,"COMPOSIÇÃO"]
[100358,"FABRICAÇÃO E INSTALAÇÃO DE MEIA TESOURA DE MADEIRA NÃO APARELHADA, COM VÃO DE 4 M, PARA TELHA CERÂMICA OU DE CONCRETO, INCLUSO IÇAMENTO. AF_07/2019","UN",807.55,"COMPOSIÇÃO"]
[100359,"FABRICAÇÃO E INSTALAÇÃO DE MEIA TESOURA DE MADEIRA NÃO APARELHADA, COM VÃO DE 5 M, PARA TELHA CERÂMICA OU DE CONCRETO, INCLUSO IÇAMENTO. AF_07/2019","UN",837.29,"COMPOSIÇÃO"]
[100360,"FABRICAÇÃO E INSTALAÇÃO DE MEIA TESOURA DE MADEIRA NÃO APARELHADA, COM VÃO DE 6 M, PARA TELHA CERÂMICA OU DE CONCRETO, INCLUSO IÇAMENTO. AF_07/2019","UN",924.42,"COMPOSIÇÃO"]
[100361,"FABRICAÇÃO E INSTALAÇÃO DE MEIA TESOURA DE MADEIRA NÃO APARELHADA, COM VÃO DE 7 M, PARA TELHA CERÂMICA OU DE CONCRETO, INCLUSO IÇAMENTO. AF_07/2019","UN",1167.83,"COMPOSIÇÃO"]
[100362,"FABRICAÇÃO E INSTALAÇÃO DE MEIA TESOURA DE MADEIRA NÃO APARELHADA, COM VÃO DE 8 M, PARA TELHA CERÂMICA OU DE CONCRETO, INCLUSO IÇAMENTO. AF_07/2019","UN",1591.66,"COMPOSIÇÃO"]
[100363,"FABRICAÇÃO E INSTALAÇÃO DE MEIA TESOURA DE MADEIRA NÃO APARELHADA, COM VÃO DE 9 M, PARA TELHA CERÂMICA OU DE CONCRETO, INCLUSO IÇAMENTO. AF_07/2019","UN",1636.13,"COMPOSIÇÃO"]
[100364,"FABRICAÇÃO E INSTALAÇÃO DE MEIA TESOURA DE MADEIRA NÃO APARELHADA, COM VÃO DE 10 M, PARA TELHA CERÂMICA OU DE CONCRETO, INCLUSO IÇAMENTO. AF_07/2019","UN",1772.86,"COMPOSIÇÃO"]
[100365,"FABRICAÇÃO E INSTALAÇÃO DE MEIA TESOURA DE MADEIRA NÃO APARELHADA, COM VÃO DE 11 M, PARA TELHA CERÂMICA OU DE CONCRETO, INCLUSO IÇAMENTO. AF_07/2019","UN",2041.58,"COMPOSIÇÃO"]
[100366,"FABRICAÇÃO E INSTALAÇÃO DE MEIA TESOURA DE MADEIRA NÃO APARELHADA, COM VÃO DE 12 M, PARA TELHA CERÂMICA OU DE CONCRETO, INCLUSO IÇAMENTO. AF_07/2019","UN",2144.85,"COMPOSIÇÃO"]
[100367,"FABRICAÇÃO E INSTALAÇÃO DE MEIA TESOURA DE MADEIRA NÃO APARELHADA, COM VÃO DE 3 M, PARA TELHA ONDULADA DE FIBROCIMENTO, ALUMÍNIO, PLÁSTICA OU TERMOACÚSTICA, INCLUSO IÇAMENTO. AF_07/2019","UN",565.33000000000004,"COMPOSIÇÃO"]
[100368,"FABRICAÇÃO E INSTALAÇÃO DE MEIA TESOURA DE MADEIRA NÃO APARELHADA, COM VÃO DE 4 M, PARA TELHA ONDULADA DE FIBROCIMENTO, ALUMÍNIO, PLÁSTICA OU TERMOACÚSTICA, INCLUSO IÇAMENTO. AF_07/2019","UN",793.27,"COMPOSIÇÃO"]
[100369,"FABRICAÇÃO E INSTALAÇÃO DE MEIA TESOURA DE MADEIRA NÃO APARELHADA, COM VÃO DE 5 M, PARA TELHA ONDULADA DE FIBROCIMENTO, ALUMÍNIO, PLÁSTICA OU TERMOACÚSTICA, INCLUSO IÇAMENTO. AF_07/2019","UN",823.01,"COMPOSIÇÃO"]
[100370,"FABRICAÇÃO E INSTALAÇÃO DE MEIA TESOURA DE MADEIRA NÃO APARELHADA, COM VÃO DE 6 M, PARA TELHA ONDULADA DE FIBROCIMENTO, ALUMÍNIO, PLÁSTICA OU TERMOACÚSTICA, INCLUSO IÇAMENTO. AF_07/2019","UN",952.13,"COMPOSIÇÃO"]
[100371,"FABRICAÇÃO E INSTALAÇÃO DE MEIA TESOURA DE MADEIRA NÃO APARELHADA, COM VÃO DE 7 M, PARA TELHA ONDULADA DE FIBROCIMENTO, ALUMÍNIO, PLÁSTICA OU TERMOACÚSTICA, INCLUSO IÇAMENTO. AF_07/2019","UN",1129.3,"COMPOSIÇÃO"]
[100372,"FABRICAÇÃO E INSTALAÇÃO DE MEIA TESOURA DE MADEIRA NÃO APARELHADA, COM VÃO DE 8 M, PARA TELHA ONDULADA DE FIBROCIMENTO, ALUMÍNIO, PLÁSTICA OU TERMOACÚSTICA, INCLUSO IÇAMENTO. AF_07/2019","UN",1530.08,"COMPOSIÇÃO"]
[100373,"FABRICAÇÃO E INSTALAÇÃO DE MEIA TESOURA DE MADEIRA NÃO APARELHADA, COM VÃO DE 9 M, PARA TELHA ONDULADA DE FIBROCIMENTO, ALUMÍNIO, PLÁSTICA OU TERMOACÚSTICA, INCLUSO IÇAMENTO. AF_07/2019","UN",1566.5,"COMPOSIÇÃO"]
[100374,"FABRICAÇÃO E INSTALAÇÃO DE MEIA TESOURA DE MADEIRA NÃO APARELHADA, COM VÃO DE 10 M, PARA TELHA ONDULADA DE FIBROCIMENTO, ALUMÍNIO, PLÁSTICA OU TERMOACÚSTICA, INCLUSO IÇAMENTO. AF_07/2019","UN",1678.72,"COMPOSIÇÃO"]
[100375,"FABRICAÇÃO E INSTALAÇÃO DE MEIA TESOURA DE MADEIRA NÃO APARELHADA, COM VÃO DE 11 M, PARA TELHA ONDULADA DE FIBROCIMENTO, ALUMÍNIO, PLÁSTICA OU TERMOACÚSTICA, INCLUSO IÇAMENTO. AF_07/2019","UN",1905.52,"COMPOSIÇÃO"]
[100376,"FABRICAÇÃO E INSTALAÇÃO DE MEIA TESOURA DE MADEIRA NÃO APARELHADA, COM VÃO DE 12 M, PARA TELHA ONDULADA DE FIBROCIMENTO, ALUMÍNIO, PLÁSTICA OU TERMOACÚSTICA, INCLUSO IÇAMENTO. AF_07/2019","UN",1868.59,"COMPOSIÇÃO"]
[100377,"FABRICAÇÃO E INSTALAÇÃO DE TESOURA (INTEIRA OU MEIA) EM AÇO, VÃOS MAIORES OU IGUAIS A 3,0 M E MENORES OU IGUAL A 6,0 M, INCLUSO IÇAMENTO. AF_07/2019","KG",7.31,"COMPOSIÇÃO"]
[100378,"FABRICAÇÃO E INSTALAÇÃO DE TESOURA (INTEIRA OU MEIA) EM AÇO, VÃOS MAIORES QUE 6,0 M E MENORES QUE 12,0 M, INCLUSO IÇAMENTO. AF_07/2019","KG",6.7,"COMPOSIÇÃO"]
[100382,"FABRICAÇÃO E INSTALAÇÃO DE PONTALETES DE MADEIRA NÃO APARELHADA PARA TELHADOS COM ATÉ 2 ÁGUAS E COM TELHA ONDULADA DE FIBROCIMENTO, ALUMÍNIO OU PLÁSTICA EM EDIFÍCIO RESIDENCIAL TÉRREO, INCLUSO TRANSPORTE VERTICAL. AF_07/2019","M2",11.85,"COMPOSIÇÃO"]
[94444,"TELHAMENTO COM TELHA DE ENCAIXE, TIPO FRANCESA DE VIDRO, COM ATÉ 2 ÁGUAS, INCLUSO TRANSPORTE VERTICAL. AF_07/2019","M2",740.33,"COMPOSIÇÃO"]
["73816/001","EXECUCAO DE DRENO COM TUBOS DE PVC CORRUGADO FLEXIVEL PERFURADO - DN 100","M",29.39,"COMPOSIÇÃO"]
["73881/001","EXECUCAO DE DRENO COM MANTA GEOTEXTIL 200 G/M2","M2",5.42,"COMPOSIÇÃO"]
["73881/003","EXECUCAO DE DRENO COM MANTA GEOTEXTIL 400 G/M2","M2",10.57,"COMPOSIÇÃO"]
["73883/001","EXECUCAO DE DRENO FRANCES COM AREIA MEDIA","M3",95.68,"COMPOSIÇÃO"]
["73883/002","EXECUCAO DE DRENO FRANCES COM BRITA NUM 2","M3",123.82,"COMPOSIÇÃO"]
["73883/003","EXECUCAO DE DRENO FRANCES COM CASCALHO","M3",76.430000000000007,"COMPOSIÇÃO"]
["73969/001","EXECUCAO DE DRENOS DE CHORUME EM TUBOS DRENANTES DE CONCRETO, DIAM=200MM, ENVOLTOS EM BRITA E GEOTEXTIL","M",66.08,"COMPOSIÇÃO"]
["74017/001","EXECUCAO DE DRENOS DE CHORUME EM TUBOS DRENANTES, PVC, DIAM=100 MM, ENVOLTOS EM BRITA E GEOTEXTIL","M",48.02,"COMPOSIÇÃO"]
["74017/002","EXECUCAO DE DRENOS DE CHORUME EM TUBOS DRENANTES, PVC, DIAM=150 MM, ENVOLTOS EM BRITA E GEOTEXTIL","M",64.72,"COMPOSIÇÃO"]
["75029/001","TUBO PVC CORRUGADO RIGIDO PERFURADO DN 150 PARA DRENAGEM - FORNECIMENTO E INSTALACAO","M",42.76,"COMPOSIÇÃO"]
[83651,"TUBO PVC CORRUGADO PERFURADO 100 MM C/ JUNTA ELASTICA PARA DRENAGEM.","M",33.090000000000003,"COMPOSIÇÃO"]
[83658,"EXECUCAO DRENO PROFUNDO, COM CORTE TRAPEZOIDAL EM SOLO, DE 70X80X150CM EXCL TUBO INCL MATERIAL EXECUCAO, COM SELO ENCHIMENTO MATERIAL DRENANTE E ESCAVACAO","M",165.36,"COMPOSIÇÃO"]
[83661,"EXECUCAO DE DRENO PROFUNDO, CORTE EM SOLO, COM TUBO POROSO D=0,20M","M",104.13,"COMPOSIÇÃO"]
[83662,"EXECUCAO DE DRENO CEGO","M3",111.43,"COMPOSIÇÃO"]
[83664,"EXECUCAO DE DRENO DE TUBO DE CONRETO SIMPLES POROSO D=0,20 M (0,5MX0,5M) PARA GALERIAS DE AGUAS PLUVIAIS","M",61.67,"COMPOSIÇÃO"]
[83670,"TUBO PVC DN 75 MM PARA DRENAGEM - FORNECIMENTO E INSTALACAO","M",48.58,"COMPOSIÇÃO"]
[83671,"TUBO PVC DN 100 MM PARA DRENAGEM - FORNECIMENTO E INSTALACAO","M",52.21,"COMPOSIÇÃO"]
[83679,"TUBO PVC D=2\u0094 COM MATERIAL DRENANTE PARA DRENO/BARBACA - FORNECIMENTO E INSTALACAO","M",14.79,"COMPOSIÇÃO"]
[83680,"TUBO PVC D=3\" COM MATERIAL DRENANTE PARA DRENO/BARBACA - FORNECIMENTO E INSTALACAO","M",17.87,"COMPOSIÇÃO"]
[83681,"TUBO PVC D=4\" COM MATERIAL DRENANTE PARA DRENO/BARBACA - FORNECIMENTO E INSTALACAO","M",19.28,"COMPOSIÇÃO"]
[92743,"MURO DE GABIÃO, ENCHIMENTO COM PEDRA DE MÃO TIPO RACHÃO, DE GRAVIDADE, COM GAIOLAS DE COMPRIMENTO IGUAL A 2 M, PARA MUROS COM ALTURA MENOR OU IGUAL A 4 M \u0096 FORNECIMENTO E EXECUÇÃO. AF_12/2015","M3",509.12,"COMPOSIÇÃO"]
[92744,"MURO DE GABIÃO, ENCHIMENTO COM PEDRA DE MÃO TIPO RACHÃO, DE GRAVIDADE, COM GAIOLAS DE COMPRIMENTO IGUAL A 5 M, PARA MUROS COM ALTURA MENOR OU IGUAL A 4 M \u0096 FORNECIMENTO E EXECUÇÃO. AF_12/2015","M3",496.61,"COMPOSIÇÃO"]
[92745,"MURO DE GABIÃO, ENCHIMENTO COM PEDRA DE MÃO TIPO RACHÃO, DE GRAVIDADE, COM GAIOLAS DE COMPRIMENTO IGUAL A 2 M, PARA MUROS COM ALTURA MAIOR QUE 4 M E MENOR OU IGUAL A 6 M \u0096 FORNECIMENTO E EXECUÇÃO. AF_12/2015","M3",629.91999999999996,"COMPOSIÇÃO"]
[92746,"MURO DE GABIÃO, ENCHIMENTO COM PEDRA DE MÃO TIPO RACHÃO, DE GRAVIDADE, COM GAIOLAS DE COMPRIMENTO IGUAL A 5 M, PARA MUROS COM ALTURA MAIOR QUE 4 M E MENOR OU IGUAL A 6 M   FORNECIMENTO E EXECUÇÃO. AF_12/2015","M3",585.02,"COMPOSIÇÃO"]
[92747,"MURO DE GABIÃO, ENCHIMENTO COM PEDRA DE MÃO TIPO RACHÃO, DE GRAVIDADE, COM GAIOLAS DE COMPRIMENTO IGUAL A 2 M, PARA MUROS COM ALTURA MAIOR QUE 6 M E MENOR OU IGUAL A 10 M   FORNECIMENTO E EXECUÇÃO. AF_12/2015","M3",698.79,"COMPOSIÇÃO"]
[92748,"MURO DE GABIÃO, ENCHIMENTO COM PEDRA DE MÃO TIPO RACHÃO, DE GRAVIDADE, COM GAIOLAS DE COMPRIMENTO IGUAL A 5 M, PARA MUROS COM ALTURA MAIOR QUE 6 M E MENOR OU IGUAL A 10 M\u0096 FORNECIMENTO E EXECUÇÃO. AF_12/2015","M3",635.72,"COMPOSIÇÃO"]
[92749,"MURO DE GABIÃO, ENCHIMENTO COM PEDRA DE MÃO TIPO RACHÃO, COM SOLO REFORÇADO, PARA MUROS COM ALTURA MENOR OU IGUAL A 4 M   FORNECIMENTO E EXECUÇÃO. AF_12/2015","M3",726.68,"COMPOSIÇÃO"]
[92750,"MURO DE GABIÃO, ENCHIMENTO COM PEDRA DE MÃO TIPO RACHÃO, COM SOLO REFORÇADO, PARA MUROS COM ALTURA MAIOR QUE 4 M E MENOR OU IGUAL A 12 M   FORNECIMENTO E EXECUÇÃO. AF_12/2015","M3",1247.6099999999999,"COMPOSIÇÃO"]
[92751,"MURO DE GABIÃO, ENCHIMENTO COM PEDRA DE MÃO TIPO RACHÃO, COM SOLO REFORÇADO, PARA MUROS COM ALTURA MAIOR QUE 12 M E MENOR OU IGUAL A 20 M    FORNECIMENTO E EXECUÇÃO. AF_12/2015","M3",1550.77,"COMPOSIÇÃO"]
[92752,"MURO DE GABIÃO, ENCHIMENTO COM PEDRA DE MÃO TIPO RACHÃO, COM SOLO REFORÇADO, PARA MUROS COM ALTURA MAIOR QUE 20 M E MENOR OU IGUAL A 28 M   FORNECIMENTO E EXECUÇÃO. AF_12/2015","M3",1852.9,"COMPOSIÇÃO"]
[92753,"MURO DE GABIÃO, ENCHIMENTO COM RESÍDUO DE CONSTRUÇÃO E DEMOLIÇÃO, DE GRAVIDADE, COM GAIOLA TRAPEZOIDAL DE COMPRIMENTO IGUAL A 2 M, PARA MUROS COM ALTURA MENOR OU IGUAL A 2 M   FORNECIMENTO E EXECUÇÃO. AF_12/2015","M3",467.11,"COMPOSIÇÃO"]
[92754,"MURO DE GABIÃO, ENCHIMENTO COM RESÍDUO DE CONSTRUÇÃO E DEMOLIÇÃO, DE GRAVIDADE, COM GAIOLA TRAPEZOIDAL DE COMPRIMENTO IGUAL A 2 M, PARA MUROS COM ALTURA MAIOR QUE 2 M E MENOR OU IGUAL A 4 M    FORNECIMENTO E EXECUÇÃO. AF_12/2015","M3",428.27,"COMPOSIÇÃO"]
[92755,"PROTEÇÃO SUPERFICIAL DE CANAL EM GABIÃO TIPO COLCHÃO, ALTURA DE 17 CENTÍMETROS, ENCHIMENTO COM PEDRA DE MÃO TIPO RACHÃO - FORNECIMENTO E EXECUÇÃO. AF_12/2015","M2",183.63,"COMPOSIÇÃO"]
[92756,"PROTEÇÃO SUPERFICIAL DE CANAL EM GABIÃO TIPO COLCHÃO, ALTURA DE 23 CENTÍMETROS, ENCHIMENTO COM PEDRA DE MÃO TIPO RACHÃO - FORNECIMENTO E EXECUÇÃO. AF_12/2015","M2",208.72,"COMPOSIÇÃO"]
[92757,"PROTEÇÃO SUPERFICIAL DE CANAL EM GABIÃO TIPO COLCHÃO, ALTURA DE 30 CENTÍMETROS, ENCHIMENTO COM PEDRA DE MÃO TIPO RACHÃO - FORNECIMENTO E EXECUÇÃO. AF_12/2015","M2",239.16,"COMPOSIÇÃO"]
[92758,"PROTEÇÃO SUPERFICIAL DE CANAL EM GABIÃO TIPO SACO, DIÂMETRO DE 65 CENTÍMETROS, ENCHIMENTO MANUAL COM PEDRA DE MÃO TIPO RACHÃO - FORNECIMENTO E EXECUÇÃO. AF_12/2015","M3",592.92999999999995,"COMPOSIÇÃO"]
[91069,"EXECUÇÃO DE REVESTIMENTO DE CONCRETO PROJETADO COM ESPESSURA DE 7 CM, ARMADO COM TELA, INCLINAÇÃO MENOR QUE 90°, APLICAÇÃO CONTÍNUA, UTILIZANDO EQUIPAMENTO DE PROJEÇÃO COM 6 M³/H DE CAPACIDADE. AF_01/2016","M2",85.05,"COMPOSIÇÃO"]
[91070,"EXECUÇÃO DE REVESTIMENTO DE CONCRETO PROJETADO COM ESPESSURA DE 10 CM, ARMADO COM TELA, INCLINAÇÃO MENOR QUE 90°, APLICAÇÃO CONTÍNUA, UTILIZANDO EQUIPAMENTO DE PROJEÇÃO COM 6 M³/H DE CAPACIDADE. AF_01/2016","M2",94.27,"COMPOSIÇÃO"]
[91071,"EXECUÇÃO DE REVESTIMENTO DE CONCRETO PROJETADO COM ESPESSURA DE 7 CM, ARMADO COM TELA, INCLINAÇÃO DE 90°, APLICAÇÃO CONTÍNUA, UTILIZANDO EQUIPAMENTO DE PROJEÇÃO COM 6 M³/H DE CAPACIDADE. AF_01/2016","M2",115.64,"COMPOSIÇÃO"]
[91072,"EXECUÇÃO DE REVESTIMENTO DE CONCRETO PROJETADO COM ESPESSURA DE 10 CM, ARMADO COM TELA, INCLINAÇÃO DE 90°, APLICAÇÃO CONTÍNUA, UTILIZANDO EQUIPAMENTO DE PROJEÇÃO COM 6 M³/H DE CAPACIDADE. AF_01/2016","M2",124.85,"COMPOSIÇÃO"]
[91073,"EXECUÇÃO DE REVESTIMENTO DE CONCRETO PROJETADO COM ESPESSURA DE 7 CM, ARMADO COM TELA, INCLINAÇÃO MENOR QUE 90°, APLICAÇÃO CONTÍNUA, UTILIZANDO EQUIPAMENTO DE PROJEÇÃO COM 3 M³/H DE CAPACIDADE. AF_01/2016","M2",95.55,"COMPOSIÇÃO"]
[91074,"EXECUÇÃO DE REVESTIMENTO DE CONCRETO PROJETADO COM ESPESSURA DE 10 CM, ARMADO COM TELA, INCLINAÇÃO MENOR QUE 90°, APLICAÇÃO CONTÍNUA, UTILIZANDO EQUIPAMENTO DE PROJEÇÃO COM 3 M³/H DE CAPACIDADE. AF_01/2016","M2",105.85,"COMPOSIÇÃO"]
[91075,"EXECUÇÃO DE REVESTIMENTO DE CONCRETO PROJETADO COM ESPESSURA DE 7 CM, ARMADO COM TELA, INCLINAÇÃO DE 90°, APLICAÇÃO CONTÍNUA, UTILIZANDO EQUIPAMENTO DE PROJEÇÃO COM 3 M³/H DE CAPACIDADE. AF_01/2016","M2",128.12,"COMPOSIÇÃO"]
[91076,"EXECUÇÃO DE REVESTIMENTO DE CONCRETO PROJETADO COM ESPESSURA DE 10 CM, ARMADO COM TELA, INCLINAÇÃO DE 90°, APLICAÇÃO CONTÍNUA, UTILIZANDO EQUIPAMENTO DE PROJEÇÃO COM 3 M³/H DE CAPACIDADE. AF_01/2016","M2",138.43,"COMPOSIÇÃO"]
[91077,"EXECUÇÃO DE REVESTIMENTO DE CONCRETO PROJETADO COM ESPESSURA DE 7 CM, ARMADO COM FIBRAS DE AÇO, INCLINAÇÃO MENOR QUE 90°, APLICAÇÃO CONTÍNUA, UTILIZANDO EQUIPAMENTO DE PROJEÇÃO COM 6 M³/H DE CAPACIDADE. AF_01/2016","M2",92.44,"COMPOSIÇÃO"]
[91078,"EXECUÇÃO DE REVESTIMENTO DE CONCRETO PROJETADO COM ESPESSURA DE 10 CM, ARMADO COM FIBRAS DE AÇO, INCLINAÇÃO MENOR QUE 90°, APLICAÇÃO CONTÍNUA, UTILIZANDO EQUIPAMENTO DE PROJEÇÃO COM 6 M³/H DE CAPACIDADE. AF_01/2016","M2",108.54,"COMPOSIÇÃO"]
[91079,"EXECUÇÃO DE REVESTIMENTO DE CONCRETO PROJETADO COM ESPESSURA DE 7 CM, ARMADO COM FIBRAS DE AÇO, INCLINAÇÃO DE 90°, APLICAÇÃO CONTÍNUA, UTILIZANDO EQUIPAMENTO DE PROJEÇÃO COM 6 M³/H DE CAPACIDADE. AF_01/2016","M2",96.95,"COMPOSIÇÃO"]
[91080,"EXECUÇÃO DE REVESTIMENTO DE CONCRETO PROJETADO COM ESPESSURA DE 10 CM, ARMADO COM FIBRAS DE AÇO, INCLINAÇÃO DE 90°, APLICAÇÃO CONTÍNUA, UTILIZANDO EQUIPAMENTO DE PROJEÇÃO COM 6 M³/H DE CAPACIDADE. AF_01/2016","M2",112.92,"COMPOSIÇÃO"]
[91081,"EXECUÇÃO DE REVESTIMENTO DE CONCRETO PROJETADO COM ESPESSURA DE 7 CM, ARMADO COM FIBRAS DE AÇO, INCLINAÇÃO MENOR QUE 90°, APLICAÇÃO CONTÍNUA, UTILIZANDO EQUIPAMENTO DE PROJEÇÃO COM 3 M³/H DE CAPACIDADE. AF_01/2016","M2",104.2,"COMPOSIÇÃO"]
[91082,"EXECUÇÃO DE REVESTIMENTO DE CONCRETO PROJETADO COM ESPESSURA DE 10 CM, ARMADO COM FIBRAS DE AÇO, INCLINAÇÃO MENOR QUE 90°, APLICAÇÃO CONTÍNUA, UTILIZANDO EQUIPAMENTO DE PROJEÇÃO COM 3 M³/H DE CAPACIDADE. AF_01/2016","M2",121.26,"COMPOSIÇÃO"]
[91083,"EXECUÇÃO DE REVESTIMENTO DE CONCRETO PROJETADO COM ESPESSURA DE 7 CM, ARMADO COM FIBRAS DE AÇO, INCLINAÇÃO DE 90°, APLICAÇÃO CONTÍNUA, UTILIZANDO EQUIPAMENTO DE PROJEÇÃO COM 3 M³/H DE CAPACIDADE. AF_01/2016","M2",112.16,"COMPOSIÇÃO"]
[91084,"EXECUÇÃO DE REVESTIMENTO DE CONCRETO PROJETADO COM ESPESSURA DE 10 CM, ARMADO COM FIBRAS DE AÇO, INCLINAÇÃO DE 90°, APLICAÇÃO CONTÍNUA, UTILIZANDO EQUIPAMENTO DE PROJEÇÃO COM 3 M³/H DE CAPACIDADE. AF_01/2016","M2",129.03,"COMPOSIÇÃO"]
[91086,"EXECUÇÃO DE REVESTIMENTO DE CONCRETO PROJETADO COM ESPESSURA DE 7 CM, ARMADO COM TELA, INCLINAÇÃO MENOR QUE 90°, APLICAÇÃO DESCONTÍNUA, UTILIZANDO EQUIPAMENTO DE PROJEÇÃO COM 6 M³/H DE CAPACIDADE. AF_01/2016","M2",92.93,"COMPOSIÇÃO"]
[91087,"EXECUÇÃO DE REVESTIMENTO DE CONCRETO PROJETADO COM ESPESSURA DE 10 CM, ARMADO COM TELA, INCLINAÇÃO MENOR QUE 90°, APLICAÇÃO DESCONTÍNUA, UTILIZANDO EQUIPAMENTO DE PROJEÇÃO COM 6 M³/H DE CAPACIDADE. AF_01/2016","M2",102.4,"COMPOSIÇÃO"]
[91088,"EXECUÇÃO DE REVESTIMENTO DE CONCRETO PROJETADO COM ESPESSURA DE 7 CM, ARMADO COM TELA, INCLINAÇÃO DE 90°, APLICAÇÃO DESCONTÍNUA, UTILIZANDO EQUIPAMENTO DE PROJEÇÃO COM 6 M³/H DE CAPACIDADE. AF_01/2016","M2",124.68,"COMPOSIÇÃO"]
[91089,"EXECUÇÃO DE REVESTIMENTO DE CONCRETO PROJETADO COM ESPESSURA DE 10 CM, ARMADO COM TELA, INCLINAÇÃO DE 90°, APLICAÇÃO DESCONTÍNUA, UTILIZANDO EQUIPAMENTO DE PROJEÇÃO COM 6 M³/H DE CAPACIDADE. AF_01/2016","M2",134.26,"COMPOSIÇÃO"]
[91090,"EXECUÇÃO DE REVESTIMENTO DE CONCRETO PROJETADO COM ESPESSURA DE 7 CM, ARMADO COM TELA, INCLINAÇÃO MENOR QUE 90°, APLICAÇÃO DESCONTÍNUA, UTILIZANDO EQUIPAMENTO DE PROJEÇÃO COM 3 M³/H DE CAPACIDADE. AF_01/2016","M2",101.92,"COMPOSIÇÃO"]
[91091,"EXECUÇÃO DE REVESTIMENTO DE CONCRETO PROJETADO COM ESPESSURA DE 10 CM, ARMADO COM TELA, INCLINAÇÃO MENOR QUE 90°, APLICAÇÃO DESCONTÍNUA, UTILIZANDO EQUIPAMENTO DE PROJEÇÃO COM 3 M³/H DE CAPACIDADE. AF_01/2016","M2",112.6,"COMPOSIÇÃO"]
[91092,"EXECUÇÃO DE REVESTIMENTO DE CONCRETO PROJETADO COM ESPESSURA DE 7 CM, ARMADO COM TELA, INCLINAÇÃO DE 90°, APLICAÇÃO DESCONTÍNUA, UTILIZANDO EQUIPAMENTO DE PROJEÇÃO COM 3 M³/H DE CAPACIDADE. AF_01/2016","M2",135.27000000000001,"COMPOSIÇÃO"]
[91093,"EXECUÇÃO DE REVESTIMENTO DE CONCRETO PROJETADO COM ESPESSURA DE 10 CM, ARMADO COM TELA, INCLINAÇÃO DE 90°, APLICAÇÃO DESCONTÍNUA, UTILIZANDO EQUIPAMENTO DE PROJEÇÃO COM 3 M³/H DE CAPACIDADE. AF_01/2016","M2",146.22,"COMPOSIÇÃO"]
[91094,"EXECUÇÃO DE REVESTIMENTO DE CONCRETO PROJETADO COM ESPESSURA DE 7 CM, ARMADO COM FIBRAS DE AÇO, INCLINAÇÃO MENOR QUE 90°, APLICAÇÃO DESCONTÍNUA, UTILIZANDO EQUIPAMENTO DE PROJEÇÃO COM 6 M³/H DE CAPACIDADE. AF_01/2016","M2",97.14,"COMPOSIÇÃO"]
[91095,"EXECUÇÃO DE REVESTIMENTO DE CONCRETO PROJETADO COM ESPESSURA DE 10 CM, ARMADO COM FIBRAS DE AÇO, INCLINAÇÃO MENOR QUE 90°, APLICAÇÃO DESCONTÍNUA, UTILIZANDO EQUIPAMENTO DE PROJEÇÃO COM 6 M³/H DE CAPACIDADE. AF_01/2016","M2",113.55,"COMPOSIÇÃO"]
[91096,"EXECUÇÃO DE REVESTIMENTO DE CONCRETO PROJETADO COM ESPESSURA DE 7 CM, ARMADO COM FIBRAS DE AÇO, INCLINAÇÃO DE 90°, APLICAÇÃO DESCONTÍNUA, UTILIZANDO EQUIPAMENTO DE PROJEÇÃO COM 6 M³/H DE CAPACIDADE. AF_01/2016","M2",99.53,"COMPOSIÇÃO"]
[91097,"EXECUÇÃO DE REVESTIMENTO DE CONCRETO PROJETADO COM ESPESSURA DE 10 CM, ARMADO COM FIBRAS DE AÇO, INCLINAÇÃO DE 90°, APLICAÇÃO DESCONTÍNUA, UTILIZANDO EQUIPAMENTO DE PROJEÇÃO COM 6 M³/H DE CAPACIDADE. AF_01/2016","M2",115.84,"COMPOSIÇÃO"]
[91098,"EXECUÇÃO DE REVESTIMENTO DE CONCRETO PROJETADO COM ESPESSURA DE 7 CM, ARMADO COM FIBRAS DE AÇO, INCLINAÇÃO MENOR QUE 90°, APLICAÇÃO DESCONTÍNUA, UTILIZANDO EQUIPAMENTO DE PROJEÇÃO COM 3 M³/H DE CAPACIDADE. AF_01/2016","M2",108.74,"COMPOSIÇÃO"]
[91099,"EXECUÇÃO DE REVESTIMENTO DE CONCRETO PROJETADO COM ESPESSURA DE 10 CM, ARMADO COM FIBRAS DE AÇO, INCLINAÇÃO MENOR QUE 90°, APLICAÇÃO DESCONTÍNUA, UTILIZANDO EQUIPAMENTO DE PROJEÇÃO COM 3 M³/H DE CAPACIDADE. AF_01/2016","M2",126.17,"COMPOSIÇÃO"]
[91100,"EXECUÇÃO DE REVESTIMENTO DE CONCRETO PROJETADO COM ESPESSURA DE 7 CM, ARMADO COM FIBRAS DE AÇO, INCLINAÇÃO DE 90°, APLICAÇÃO DESCONTÍNUA, UTILIZANDO EQUIPAMENTO DE PROJEÇÃO COM 3 M³/H DE CAPACIDADE. AF_01/2016","M2",115.16,"COMPOSIÇÃO"]
[91101,"EXECUÇÃO DE REVESTIMENTO DE CONCRETO PROJETADO COM ESPESSURA DE 10 CM, ARMADO COM FIBRAS DE AÇO, INCLINAÇÃO DE 90°, APLICAÇÃO DESCONTÍNUA, UTILIZANDO EQUIPAMENTO DE PROJEÇÃO COM 3 M³/H DE CAPACIDADE. AF_01/2016","M2",132.55000000000001,"COMPOSIÇÃO"]
[93952,"EXECUÇÃO DE GRAMPO PARA SOLO GRAMPEADO COM COMPRIMENTO MENOR OU IGUAL A 4 M, DIÂMETRO DE 10 CM, PERFURAÇÃO COM EQUIPAMENTO MANUAL E ARMADURA COM DIÂMETRO DE 16 MM. AF_05/2016","M",160.82,"COMPOSIÇÃO"]
[93953,"EXECUÇÃO DE GRAMPO PARA SOLO GRAMPEADO COM COMPRIMENTO MAIOR QUE 4 M E MENOR OU IGUAL A 6 M, DIÂMETRO DE 10 CM, PERFURAÇÃO COM EQUIPAMENTO MANUAL E ARMADURA COM DIÂMETRO DE 16 MM. AF_05/2016","M",149.74,"COMPOSIÇÃO"]
[93954,"EXECUÇÃO DE GRAMPO PARA SOLO GRAMPEADO COM COMPRIMENTO MAIOR QUE 6 M E MENOR OU IGUAL A 8 M, DIÂMETRO DE 10 CM, PERFURAÇÃO COM EQUIPAMENTO MANUAL E ARMADURA COM DIÂMETRO DE 16 MM. AF_05/2016","M",143.11000000000001,"COMPOSIÇÃO"]
[93955,"EXECUÇÃO DE GRAMPO PARA SOLO GRAMPEADO COM COMPRIMENTO MAIOR QUE 8 M E MENOR OU IGUAL A 10 M, DIÂMETRO DE 10 CM, PERFURAÇÃO COM EQUIPAMENTO MANUAL E ARMADURA COM DIÂMETRO DE 16 MM. AF_05/2016","M",138.4,"COMPOSIÇÃO"]
[93956,"EXECUÇÃO DE GRAMPO PARA SOLO GRAMPEADO COM COMPRIMENTO MAIOR QUE 10 M, DIÂMETRO DE 10 CM, PERFURAÇÃO COM EQUIPAMENTO MANUAL E ARMADURA COM DIÂMETRO DE 16 MM. AF_05/2016","M",134.69999999999999,"COMPOSIÇÃO"]
[93957,"EXECUÇÃO DE GRAMPO PARA SOLO GRAMPEADO COM COMPRIMENTO MENOR OU IGUAL A 4 M, DIÂMETRO DE 10 CM, PERFURAÇÃO COM EQUIPAMENTO MANUAL E ARMADURA COM DIÂMETRO DE 20 MM. AF_05/2016","M",170.92,"COMPOSIÇÃO"]
[93958,"EXECUÇÃO DE GRAMPO PARA SOLO GRAMPEADO COM COMPRIMENTO MAIOR QUE 4 M E MENOR OU IGUAL A 6 M, DIÂMETRO DE 10 CM, PERFURAÇÃO COM EQUIPAMENTO MANUAL E ARMADURA COM DIÂMETRO DE 20 MM. AF_05/2016","M",159.19,"COMPOSIÇÃO"]
[93959,"EXECUÇÃO DE GRAMPO PARA SOLO GRAMPEADO COM COMPRIMENTO MAIOR QUE 6 M E MENOR OU IGUAL A 8 M, DIÂMETRO DE 10 CM, PERFURAÇÃO COM EQUIPAMENTO MANUAL E ARMADURA COM DIÂMETRO DE 20 MM. AF_05/2016","M",152.24,"COMPOSIÇÃO"]
[93960,"EXECUÇÃO DE GRAMPO PARA SOLO GRAMPEADO COM COMPRIMENTO MAIOR QUE 8 M E MENOR OU IGUAL A 10 M, DIÂMETRO DE 10 CM, PERFURAÇÃO COM EQUIPAMENTO MANUAL E ARMADURA COM DIÂMETRO DE 20 MM. AF_05/2016","M",147.31,"COMPOSIÇÃO"]
[93961,"EXECUÇÃO DE GRAMPO PARA SOLO GRAMPEADO COM COMPRIMENTO MAIOR QUE 10 M, DIÂMETRO DE 10 CM, PERFURAÇÃO COM EQUIPAMENTO MANUAL E ARMADURA COM DIÂMETRO DE 20 MM. AF_05/2016","M",143.47999999999999,"COMPOSIÇÃO"]
[93962,"EXECUÇÃO DE GRAMPO PARA SOLO GRAMPEADO COM COMPRIMENTO MENOR OU IGUAL A 4 M, DIÂMETRO DE 7 CM, PERFURAÇÃO COM EQUIPAMENTO MANUAL E ARMADURA COM DIÂMETRO DE 16 MM. AF_05/2016","M",151.27000000000001,"COMPOSIÇÃO"]
[93963,"EXECUÇÃO DE GRAMPO PARA SOLO GRAMPEADO COM COMPRIMENTO MAIOR QUE 4 E MENOR OU IGUAL A 6 M, DIÂMETRO DE 7 CM, PERFURAÇÃO COM EQUIPAMENTO MANUAL E ARMADURA COM DIÂMETRO DE 16 MM. AF_05/2016","M",140.18,"COMPOSIÇÃO"]
[93964,"EXECUÇÃO DE GRAMPO PARA SOLO GRAMPEADO COM COMPRIMENTO MAIOR QUE 6 M E MENOR OU IGUAL A 8 M, DIÂMETRO DE 7 CM, PERFURAÇÃO COM EQUIPAMENTO MANUAL E ARMADURA COM DIÂMETRO DE 16 MM. AF_05/2016","M",133.58000000000001,"COMPOSIÇÃO"]
[93965,"EXECUÇÃO DE GRAMPO PARA SOLO GRAMPEADO COM COMPRIMENTO MAIOR QUE 8 M E MENOR OU IGUAL A 10 M, DIÂMETRO DE 7 CM, PERFURAÇÃO COM EQUIPAMENTO MANUAL E ARMADURA COM DIÂMETRO DE 16 MM. AF_05/2016","M",127.44,"COMPOSIÇÃO"]
[93966,"EXECUÇÃO DE GRAMPO PARA SOLO GRAMPEADO COM COMPRIMENTO MAIOR QUE 10 M, DIÂMETRO DE 7 CM, PERFURAÇÃO COM EQUIPAMENTO MANUAL E ARMADURA COM DIÂMETRO DE 16 MM. AF_05/2016","M",125.27,"COMPOSIÇÃO"]
[93967,"EXECUÇÃO DE GRAMPO PARA SOLO GRAMPEADO COM COMPRIMENTO MENOR OU IGUAL A 4 M, DIÂMETRO DE 7 CM, PERFURAÇÃO COM EQUIPAMENTO MANUAL E ARMADURA COM DIÂMETRO DE 20 MM. AF_05/2016","M",161.38,"COMPOSIÇÃO"]
[93968,"EXECUÇÃO DE GRAMPO PARA SOLO GRAMPEADO COM COMPRIMENTO MAIOR QUE 4 E MENOR OU IGUAL A 6 M, DIÂMETRO DE 7 CM, PERFURAÇÃO COM EQUIPAMENTO MANUAL E ARMADURA COM DIÂMETRO DE 20 MM. AF_05/2016","M",149.65,"COMPOSIÇÃO"]
[93969,"EXECUÇÃO DE GRAMPO PARA SOLO GRAMPEADO COM COMPRIMENTO MAIOR QUE 6 M E MENOR OU IGUAL A 8 M, DIÂMETRO DE 7 CM, PERFURAÇÃO COM EQUIPAMENTO MANUAL E ARMADURA COM DIÂMETRO DE 20 MM. AF_05/2016","M",142.71,"COMPOSIÇÃO"]
[93970,"EXECUÇÃO DE GRAMPO PARA SOLO GRAMPEADO COM COMPRIMENTO MAIOR QUE 8 MENOR OU IGUAL A 10 M, DIÂMETRO DE 7 CM, PERFURAÇÃO COM EQUIPAMENTO MANUAL E ARMADURA COM DIÂMETRO DE 20 MM. AF_05/2016","M",137.86000000000001,"COMPOSIÇÃO"]
[93971,"EXECUÇÃO DE GRAMPO PARA SOLO GRAMPEADO COM COMPRIMENTO MAIOR QUE 10 M, DIÂMETRO DE 7 CM, PERFURAÇÃO COM EQUIPAMENTO MANUAL E ARMADURA COM DIÂMETRO DE 20 MM. AF_05/2016","M",130.44999999999999,"COMPOSIÇÃO"]
[95108,"EXECUÇÃO DE PROTEÇÃO DA CABEÇA DO TIRANTE COM USO DE FÔRMAS EM CHAPA COMPENSADA PLASTIFICADA DE MADEIRA E CONCRETO FCK =15 MPA. AF_07/2016","UN",23.15,"COMPOSIÇÃO"]
[100332,"CONTENÇÃO EM PERFIL PRANCHADO COM PRANCHÃO DE MADEIRA, PERFIS ESPAÇADOS A 1,5 M PARA 1 SUBSOLO. AF_07/2019","M2",557.91999999999996,"COMPOSIÇÃO"]
[100333,"CONTENÇÃO EM PERFIL PRANCHADO COM PRANCHÃO DE MADEIRA, PERFIS ESPAÇADOS A 1,5 M PARA 2 OU MAIS SUBSOLOS. AF_07/2019","M2",358.52,"COMPOSIÇÃO"]
[100334,"CONTENÇÃO EM PERFIL PRANCHADO COM PRANCHÃO DE MADEIRA, PERFIS ESPAÇADOS A 2 M PARA 1 SUBSOLO. AF_07/2019","M2",449.55,"COMPOSIÇÃO"]
[100335,"CONTENÇÃO EM PERFIL PRANCHADO COM PRANCHÃO DE MADEIRA, PERFIS ESPAÇADOS A 2 M PARA 2 OU MAIS SUBSOLOS. AF_07/2019","M2",300,"COMPOSIÇÃO"]
[100341,"FABRICAÇÃO, MONTAGEM E DESMONTAGEM DE FÔRMA PARA CORTINA DE CONTENÇÃO, EM CHAPA DE MADEIRA COMPENSADA PLASTIFICADA, E = 18 MM, 10 UTILIZAÇÕES. AF_07/2019","M2",24.95,"COMPOSIÇÃO"]
[100342,"ARMAÇÃO DE CORTINA DE CONTENÇÃO EM CONCRETO ARMADO, COM AÇO CA-50 DE 6,3 MM - MONTAGEM. AF_07/2019","KG",11.11,"COMPOSIÇÃO"]
[100343,"ARMAÇÃO DE CORTINA DE CONTENÇÃO EM CONCRETO ARMADO, COM AÇO CA-50 DE 8 MM - MONTAGEM. AF_07/2019","KG",10.37,"COMPOSIÇÃO"]
[100344,"ARMAÇÃO DE CORTINA DE CONTENÇÃO EM CONCRETO ARMADO, COM AÇO CA-50 DE 10 MM - MONTAGEM. AF_07/2019","KG",9.23,"COMPOSIÇÃO"]
[100345,"ARMAÇÃO DE CORTINA DE CONTENÇÃO EM CONCRETO ARMADO, COM AÇO CA-50 DE 12,5 MM - MONTAGEM. AF_07/2019","KG",7.77,"COMPOSIÇÃO"]
[100346,"ARMAÇÃO DE CORTINA DE CONTENÇÃO EM CONCRETO ARMADO, COM AÇO CA-50 DE 16 MM - MONTAGEM. AF_07/2019","KG",7.36,"COMPOSIÇÃO"]
[100347,"ARMAÇÃO DE CORTINA DE CONTENÇÃO EM CONCRETO ARMADO, COM AÇO CA-50 DE 20 MM - MONTAGEM. AF_07/2019","KG",8.23,"COMPOSIÇÃO"]
[100348,"ARMAÇÃO DE CORTINA DE CONTENÇÃO EM CONCRETO ARMADO, COM AÇO CA-50 DE 25 MM - MONTAGEM. AF_07/2019","KG",8.0299999999999994,"COMPOSIÇÃO"]
[100349,"CONCRETAGEM DE CORTINA DE CONTENÇÃO, ATRAVÉS DE BOMBA  \u0096 LANÇAMENTO, ADENSAMENTO E ACABAMENTO. AF_07/2019","M3",480.34,"COMPOSIÇÃO"]
["73799/001","GRELHA EM FERRO FUNDIDO SIMPLES COM REQUADRO, CARGA MÁXIMA 12,5 T,  300 X 1000 MM, E = 15 MM, FORNECIDA E ASSENTADA COM ARGAMASSA 1:4 CIMENTO:AREIA.","UN",346.73,"COMPOSIÇÃO"]
["73856/001","BOCA P/BUEIRO SIMPLES TUBULAR D=0,40M EM CONCRETO CICLOPICO, INCLINDO FORMAS, ESCAVACAO, REATERRO E MATERIAIS, EXCLUINDO MATERIAL REATERRO JAZIDA E TRANSPORTE","UN",0,"COMPOSIÇÃO"]
["73856/002","BOCA PARA BUEIRO SIMPLES TUBULAR, DIAMETRO =0,60M, EM CONCRETO CICLOPICO, INCLUINDO FORMAS, ESCAVACAO, REATERRO E MATERIAIS, EXCLUINDO MATERIAL REATERRO JAZIDA E TRANSPORTE.","UN",0,"COMPOSIÇÃO"]
["73856/003","BOCA PARA BUEIRO SIMPLES TUBULAR, DIAMETRO =0,80M, EM CONCRETO CICLOPICO, INCLUINDO FORMAS, ESCAVACAO, REATERRO E MATERIAIS, EXCLUINDO MATERIAL REATERRO JAZIDA E TRANSPORTE.","UN",0,"COMPOSIÇÃO"]
["73856/004","BOCA PARA BUEIRO SIMPLES TUBULAR, DIAMETRO =1,00M, EM CONCRETO CICLOPICO, INCLUINDO FORMAS, ESCAVACAO, REATERRO E MATERIAIS, EXCLUINDO MATERIAL REATERRO JAZIDA E TRANSPORTE.","UN",0,"COMPOSIÇÃO"]
["73856/005","BOCA PARA BUEIRO SIMPLES TUBULAR, DIAMETRO =1,20M, EM CONCRETO CICLOPICO, INCLUINDO FORMAS, ESCAVACAO, REATERRO E MATERIAIS, EXCLUINDO MATERIAL REATERRO JAZIDA E TRANSPORTE.","UN",0,"COMPOSIÇÃO"]
["73856/006","BOCA PARA BUEIRO DUPLO TUBULAR, DIAMETRO =0,40M, EM CONCRETO CICLOPICO, INCLUINDO FORMAS, ESCAVACAO, REATERRO E MATERIAIS, EXCLUINDO MATERIAL REATERRO JAZIDA E TRANSPORTE.","UN",0,"COMPOSIÇÃO"]
["73856/007","BOCA PARA BUEIRO DUPLO TUBULAR, DIAMETRO =0,60M, EM CONCRETO CICLOPICO, INCLUINDO FORMAS, ESCAVACAO, REATERRO E MATERIAIS, EXCLUINDO MATERIAL REATERRO JAZIDA E TRANSPORTE.","UN",0,"COMPOSIÇÃO"]
["73856/008","BOCA PARA BUEIRO DUPLO TUBULAR, DIAMETRO =0,80M, EM CONCRETO CICLOPICO, INCLUINDO FORMAS, ESCAVACAO, REATERRO E MATERIAIS, EXCLUINDO MATERIAL REATERRO JAZIDA E TRANSPORTE.","UN",0,"COMPOSIÇÃO"]
["73856/009","BOCA PARA BUEIRO DUPLO TUBULAR, DIAMETRO =1,00M, EM CONCRETO CICLOPICO, INCLUINDO FORMAS, ESCAVACAO, REATERRO E MATERIAIS, EXCLUINDO MATERIAL REATERRO JAZIDA E TRANSPORTE.","UN",0,"COMPOSIÇÃO"]
["73856/010","BOCA PARA BUEIRO DUPLOTUBULAR, DIAMETRO =1,20M, EM CONCRETO CICLOPICO, INCLUINDO FORMAS, ESCAVACAO, REATERRO E MATERIAIS, EXCLUINDO MATERIAL REATERRO JAZIDA E TRANSPORTE.","UN",0,"COMPOSIÇÃO"]
["73856/011","BOCA PARA BUEIRO TRIPLO TUBULAR, DIAMETRO =0,40M, EM CONCRETO CICLOPICO, INCLUINDO FORMAS, ESCAVACAO, REATERRO E MATERIAIS, EXCLUINDO MATERIAL REATERRO JAZIDA E TRANSPORTE.","UN",0,"COMPOSIÇÃO"]
["73856/012","BOCA PARA BUEIRO TRIPLO TUBULAR, DIAMETRO =0,60M, EM CONCRETO CICLOPICO, INCLUINDO FORMAS, ESCAVACAO, REATERRO E MATERIAIS, EXCLUINDO MATERIAL REATERRO JAZIDA E TRANSPORTE.","UN",0,"COMPOSIÇÃO"]
["73856/013","BOCA PARA BUEIRO TRIPLO TUBULAR, DIAMETRO =0,80M, EM CONCRETO CICLOPICO, INCLUINDO FORMAS, ESCAVACAO, REATERRO E MATERIAIS, EXCLUINDO MATERIAL REATERRO JAZIDA E TRANSPORTE.","UN",0,"COMPOSIÇÃO"]
["73856/014","BOCA PARA BUEIRO TRIPLO TUBULAR, DIAMETRO =1,00M, EM CONCRETO CICLOPICO, INCLUINDO FORMAS, ESCAVACAO, REATERRO E MATERIAIS, EXCLUINDO MATERIAL REATERRO JAZIDA E TRANSPORTE.","UN",0,"COMPOSIÇÃO"]
["73856/015","BOCA PARA BUEIRO TRIPLO TUBULAR, DIAMETRO =1,20M, EM CONCRETO CICLOPICO, INCLUINDO FORMAS, ESCAVACAO, REATERRO E MATERIAIS, EXCLUINDO MATERIAL REATERRO JAZIDA E TRANSPORTE.","UN",0,"COMPOSIÇÃO"]
["74224/001","POCO DE VISITA PARA DRENAGEM PLUVIAL, EM CONCRETO ESTRUTURAL, DIMENSOES INTERNAS DE 90X150X80CM (LARGXCOMPXALT), PARA REDE DE 600 MM, EXCLUSOS TAMPAO E CHAMINE.","UN",1464.62,"COMPOSIÇÃO"]
[83659,"BOCA DE LOBO EM ALVENARIA TIJOLO MACICO, REVESTIDA C/ ARGAMASSA DE CIMENTO E AREIA 1:3, SOBRE LASTRO DE CONCRETO 10CM E TAMPA DE CONCRETO ARMADO","UN",875.88,"COMPOSIÇÃO"]
[83716,"GRELHA FF 30X90CM, 135KG, P/ CX RALO COM ASSENTAMENTO DE ARGAMASSA CIMENTO/AREIA 1:4 - FORNECIMENTO E INSTALAÇÃO","UN",345.92,"COMPOSIÇÃO"]
[97976,"POÇO DE INSPEÇÃO CIRCULAR PARA ESGOTO, EM ALVENARIA COM TIJOLOS CERÂMICOS MACIÇOS, DIÂMETRO INTERNO = 0,6 M, PROFUNDIDADE = 1 M, EXCLUINDO TAMPÃO. AF_05/2018","UN",936.39,"COMPOSIÇÃO"]
[97977,"POÇO DE INSPEÇÃO CIRCULAR PARA ESGOTO, EM ALVENARIA COM TIJOLOS CERÂMICOS MACIÇOS, DIÂMETRO INTERNO = 0,6 M, PROFUNDIDADE = 1,5 M, EXCLUINDO TAMPÃO. AF_05/2018","UN",1384.85,"COMPOSIÇÃO"]
[97980,"BASE PARA POÇO DE VISITA CIRCULAR PARA  ESGOTO, EM ALVENARIA COM TIJOLOS CERÂMICOS MACIÇOS, DIÂMETRO INTERNO = 0,8 M, PROFUNDIDADE = 1,45 M, EXCLUINDO TAMPÃO. AF_05/2018","UN",1754.11,"COMPOSIÇÃO"]
[97981,"ACRÉSCIMO PARA POÇO DE VISITA CIRCULAR PARA ESGOTO, EM ALVENARIA COM TIJOLOS CERÂMICOS MACIÇOS, DIÂMETRO INTERNO = 0,8 M. AF_05/2018","M",1096.97,"COMPOSIÇÃO"]
[97983,"ACRÉSCIMO PARA POÇO DE VISITA CIRCULAR PARA ESGOTO, EM CONCRETO PRÉ-MOLDADO, DIÂMETRO INTERNO = 1 M. AF_05/2018","M",355.98,"COMPOSIÇÃO"]
[97985,"ACRÉSCIMO PARA POÇO DE VISITA CIRCULAR PARA  ESGOTO, EM ALVENARIA COM TIJOLOS CERÂMICOS MACIÇOS, DIÂMETRO INTERNO = 1 M. AF_05/2018","M",1332.77,"COMPOSIÇÃO"]
[97987,"ACRÉSCIMO PARA POÇO DE VISITA CIRCULAR PARA ESGOTO, EM CONCRETO PRÉ-MOLDADO, DIÂMETRO INTERNO = 1,2 M. AF_05/2018","M",467.71,"COMPOSIÇÃO"]
[97988,"BASE PARA POÇO DE VISITA CIRCULAR PARA  ESGOTO, EM ALVENARIA COM TIJOLOS CERÂMICOS MACIÇOS, DIÂMETRO INTERNO = 1,2 M, PROFUNDIDADE = 1,45 M, EXCLUINDO TAMPÃO. AF_05/2018","UN",2543.52,"COMPOSIÇÃO"]
[97989,"ACRÉSCIMO PARA POÇO DE VISITA CIRCULAR PARA ESGOTO, EM ALVENARIA COM TIJOLOS CERÂMICOS MACIÇOS, DIÂMETRO INTERNO = 1,2 M. AF_05/2018","M",1568.61,"COMPOSIÇÃO"]
[97991,"ACRÉSCIMO PARA POÇO DE VISITA CIRCULAR PARA  ESGOTO, EM CONCRETO PRÉ-MOLDADO, DIÂMETRO INTERNO = 1,5 M. AF_05/2018","M",663.29,"COMPOSIÇÃO"]
[97992,"BASE PARA POÇO DE VISITA CIRCULAR PARA  ESGOTO, EM ALVENARIA COM TIJOLOS CERÂMICOS MACIÇOS, DIÂMETRO INTERNO = 1,5 M, PROFUNDIDADE = 1,45 M, EXCLUINDO TAMPÃO. AF_05/2018","UN",3233.88,"COMPOSIÇÃO"]
[97993,"ACRÉSCIMO PARA POÇO DE VISITA CIRCULAR PARA  ESGOTO, EM ALVENARIA COM TIJOLOS CERÂMICOS MACIÇOS, DIÂMETRO INTERNO = 1,5 M. AF_05/2018","M",1922.34,"COMPOSIÇÃO"]
[97994,"BASE PARA POÇO DE VISITA RETANGULAR PARA  ESGOTO, EM ALVENARIA COM BLOCOS DE CONCRETO, DIMENSÕES INTERNAS = 1X1 M, PROFUNDIDADE = 1,45 M, EXCLUINDO TAMPÃO. AF_05/2018","UN",2062.0500000000002,"COMPOSIÇÃO"]
[97995,"ACRÉSCIMO PARA POÇO DE VISITA RETANGULAR PARA ESGOTO, EM ALVENARIA COM BLOCOS DE CONCRETO, DIMENSÕES INTERNAS = 1X1 M. AF_05/2018","M",1042.42,"COMPOSIÇÃO"]
[97996,"BASE PARA POÇO DE VISITA RETANGULAR PARA ESGOTO, EM ALVENARIA COM BLOCOS DE CONCRETO, DIMENSÕES INTERNAS = 1X1,5 M, PROFUNDIDADE = 1,45 M, EXCLUINDO TAMPÃO. AF_05/2018","UN",2606.19,"COMPOSIÇÃO"]
[97997,"ACRÉSCIMO PARA POÇO DE VISITA RETANGULAR PARA ESGOTO, EM ALVENARIA COM BLOCOS DE CONCRETO, DIMENSÕES INTERNAS = 1X1,5 M. AF_05/2018","M",1248.03,"COMPOSIÇÃO"]
[97999,"ACRÉSCIMO PARA POÇO DE VISITA RETANGULAR PARA ESGOTO, EM ALVENARIA COM BLOCOS DE CONCRETO, DIMENSÕES INTERNAS = 1X2 M. AF_05/2018","M",1453.65,"COMPOSIÇÃO"]
[98001,"ACRÉSCIMO PARA POÇO DE VISITA RETANGULAR PARA ESGOTO, EM ALVENARIA COM BLOCOS DE CONCRETO, DIMENSÕES INTERNAS = 1X2,5 M. AF_05/2018","M",1659.26,"COMPOSIÇÃO"]
[98002,"BASE PARA POÇO DE VISITA RETANGULAR PARA ESGOTO, EM ALVENARIA COM BLOCOS DE CONCRETO, DIMENSÕES INTERNAS = 1X3 M, PROFUNDIDADE = 1,45 M, EXCLUINDO TAMPÃO. AF_05/2018","UN",4261.6400000000003,"COMPOSIÇÃO"]
[98003,"ACRÉSCIMO PARA POÇO DE VISITA RETANGULAR PARA ESGOTO, EM ALVENARIA COM BLOCOS DE CONCRETO, DIMENSÕES INTERNAS = 1X3 M. AF_05/2018","M",1864.9,"COMPOSIÇÃO"]
[98005,"ACRÉSCIMO PARA POÇO DE VISITA RETANGULAR PARA ESGOTO, EM ALVENARIA COM BLOCOS DE CONCRETO, DIMENSÕES INTERNAS = 1X3,5 M. AF_05/2018","M",2070.5,"COMPOSIÇÃO"]
[98006,"BASE PARA POÇO DE VISITA RETANGULAR PARA ESGOTO, EM ALVENARIA COM BLOCOS DE CONCRETO, DIMENSÕES INTERNAS = 1X4 M, PROFUNDIDADE = 1,45 M, EXCLUINDO TAMPÃO. AF_05/2018","UN",5355.68,"COMPOSIÇÃO"]
[98007,"ACRÉSCIMO PARA POÇO DE VISITA RETANGULAR PARA ESGOTO, EM ALVENARIA COM BLOCOS DE CONCRETO, DIMENSÕES INTERNAS = 1X4 M. AF_05/2018","M",2276.1,"COMPOSIÇÃO"]
[98008,"BASE PARA POÇO DE VISITA RETANGULAR PARA ESGOTO, EM ALVENARIA COM BLOCOS DE CONCRETO, DIMENSÕES INTERNAS = 1,5X1,5 M, PROFUNDIDADE = 1,45 M, EXCLUINDO TAMPÃO . AF_05/2018","UN",3229.22,"COMPOSIÇÃO"]
[98009,"ACRÉSCIMO PARA POÇO DE VISITA RETANGULAR PARA ESGOTO, EM ALVENARIA COM BLOCOS DE CONCRETO, DIMENSÕES INTERNAS = 1,5X1,5 M. AF_05/2018","M",1453.65,"COMPOSIÇÃO"]
[98010,"BASE PARA POÇO DE VISITA RETANGULAR PARA ESGOTO, EM ALVENARIA COM BLOCOS DE CONCRETO, DIMENSÕES INTERNAS = 1,5X2 M, PROFUNDIDADE = 1,45 M, EXCLUINDO TAMPÃO. AF_05/2018","UN",3931.66,"COMPOSIÇÃO"]
[98011,"ACRÉSCIMO PARA POÇO DE VISITA RETANGULAR PARA ESGOTO, EM ALVENARIA COM BLOCOS DE CONCRETO, DIMENSÕES INTERNAS = 1,5X2 M. AF_05/2018","M",1659.26,"COMPOSIÇÃO"]
[98012,"BASE PARA POÇO DE VISITA RETANGULAR PARA ESGOTO, EM ALVENARIA COM BLOCOS DE CONCRETO, DIMENSÕES INTERNAS = 1,5X2,5 M, PROFUNDIDADE = 1,45 M, EXCLUINDO TAMPÃO. AF_05/2018","UN",4615.83,"COMPOSIÇÃO"]
[98013,"ACRÉSCIMO PARA POÇO DE VISITA RETANGULAR PARA ESGOTO, EM ALVENARIA COM BLOCOS DE CONCRETO, DIMENSÕES INTERNAS = 1,5X2,5 M. AF_05/2018","M",1864.9,"COMPOSIÇÃO"]
[98014,"BASE PARA POÇO DE VISITA RETANGULAR PARA ESGOTO, EM ALVENARIA COM BLOCOS DE CONCRETO, DIMENSÕES INTERNAS = 1,5X3 M, PROFUNDIDADE = 1,45 M, EXCLUINDO TAMPÃO. AF_05/2018","UN",5299.94,"COMPOSIÇÃO"]
[98015,"ACRÉSCIMO PARA POÇO DE VISITA RETANGULAR PARA ESGOTO, EM ALVENARIA COM BLOCOS DE CONCRETO, DIMENSÕES INTERNAS = 1,5X3 M. AF_05/2018","M",2070.5,"COMPOSIÇÃO"]
[98016,"BASE PARA POÇO DE VISITA RETANGULAR PARA ESGOTO, EM ALVENARIA COM BLOCOS DE CONCRETO, DIMENSÕES INTERNAS = 1,5X3,5 M, PROFUNDIDADE = 1,45 M, EXCLUINDO TAMPÃO. AF_05/2018","UN",5984.13,"COMPOSIÇÃO"]
[98017,"ACRÉSCIMO PARA POÇO DE VISITA RETANGULAR PARA ESGOTO, EM ALVENARIA COM BLOCOS DE CONCRETO, DIMENSÕES INTERNAS = 1,5X3,5 M. AF_05/2018","M",2276.1,"COMPOSIÇÃO"]
[98018,"BASE PARA POÇO DE VISITA RETANGULAR PARA ESGOTO, EM ALVENARIA COM BLOCOS DE CONCRETO, DIMENSÕES INTERNAS = 1,5X4 M, PROFUNDIDADE = 1,45 M, EXCLUINDO TAMPÃO. AF_05/2018","UN",6668.28,"COMPOSIÇÃO"]
[98019,"ACRÉSCIMO PARA POÇO DE VISITA RETANGULAR PARA ESGOTO, EM ALVENARIA COM BLOCOS DE CONCRETO, DIMENSÕES INTERNAS = 1,5X4 M. AF_05/2018","M",2510.2399999999998,"COMPOSIÇÃO"]
[98020,"BASE PARA POÇO DE VISITA RETANGULAR PARA ESGOTO, EM ALVENARIA COM BLOCOS DE CONCRETO, DIMENSÕES INTERNAS = 2X2 M, PROFUNDIDADE = 1,45 M, EXCLUINDO TAMPÃO. AF_05/2018","UN",4756.53,"COMPOSIÇÃO"]
[98021,"ACRÉSCIMO PARA POÇO DE VISITA RETANGULAR PARA ESGOTO, EM ALVENARIA COM BLOCOS DE CONCRETO, DIMENSÕES INTERNAS = 2X2 M. AF_05/2018","M",1893.4,"COMPOSIÇÃO"]
[98022,"BASE PARA POÇO DE VISITA RETANGULAR PARA ESGOTO, EM ALVENARIA COM BLOCOS DE CONCRETO, DIMENSÕES INTERNAS = 2X2,5 M, PROFUNDIDADE = 1,45 M, EXCLUINDO TAMPÃO. AF_05/2018","UN",5570.66,"COMPOSIÇÃO"]
[98023,"ACRÉSCIMO PARA POÇO DE VISITA RETANGULAR PARA ESGOTO, EM ALVENARIA COM BLOCOS DE CONCRETO, DIMENSÕES INTERNAS = 2X2,5 M. AF_05/2018","M",2098.9899999999998,"COMPOSIÇÃO"]
[98024,"BASE PARA POÇO DE VISITA RETANGULAR PARA ESGOTO, EM ALVENARIA COM BLOCOS DE CONCRETO, DIMENSÕES INTERNAS = 2X3 M, PROFUNDIDADE = 1,45 M, EXCLUINDO TAMPÃO. AF_05/2018","UN",6426.47,"COMPOSIÇÃO"]
[98025,"ACRÉSCIMO PARA POÇO DE VISITA RETANGULAR PARA ESGOTO, EM ALVENARIA COM BLOCOS DE CONCRETO, DIMENSÕES INTERNAS = 2X3 M. AF_05/2018","M",2304.6,"COMPOSIÇÃO"]
[98026,"BASE PARA POÇO DE VISITA RETANGULAR PARA ESGOTO, EM ALVENARIA COM BLOCOS DE CONCRETO, DIMENSÕES INTERNAS = 2X3,5 M, PROFUNDIDADE = 1,45 M, EXCLUINDO TAMPÃO. AF_05/2018","UN",7245.75,"COMPOSIÇÃO"]
[98027,"ACRÉSCIMO PARA POÇO DE VISITA RETANGULAR PARA ESGOTO, EM ALVENARIA COM BLOCOS DE CONCRETO, DIMENSÕES INTERNAS = 2X3,5 M. AF_05/2018","M",2510.2399999999998,"COMPOSIÇÃO"]
[98028,"BASE PARA POÇO DE VISITA RETANGULAR PARA ESGOTO, EM ALVENARIA COM BLOCOS DE CONCRETO, DIMENSÕES INTERNAS = 2X4 M, PROFUNDIDADE = 1,45 M, EXCLUINDO TAMPÃO. AF_05/2018","UN",8064.98,"COMPOSIÇÃO"]
[98029,"ACRÉSCIMO PARA POÇO DE VISITA RETANGULAR PARA ESGOTO, EM ALVENARIA COM BLOCOS DE CONCRETO, DIMENSÕES INTERNAS = 2X4 M. AF_05/2018","M",2721.72,"COMPOSIÇÃO"]
[98030,"BASE PARA POÇO DE VISITA RETANGULAR PARA ESGOTO, EM ALVENARIA COM BLOCOS DE CONCRETO, DIMENSÕES INTERNAS = 2,5X2,5 M, PROFUNDIDADE = 1,45 M, EXCLUINDO TAMPÃO. AF_05/2018","UN",6582.33,"COMPOSIÇÃO"]
[98031,"ACRÉSCIMO PARA POÇO DE VISITA RETANGULAR PARA ESGOTO, EM ALVENARIA COM BLOCOS DE CONCRETO, DIMENSÕES INTERNAS = 2,5X2,5 M. AF_05/2018","M",2310.56,"COMPOSIÇÃO"]
[98032,"BASE PARA POÇO DE VISITA RETANGULAR PARA ESGOTO, EM ALVENARIA COM BLOCOS DE CONCRETO, DIMENSÕES INTERNAS = 2,5X3 M, PROFUNDIDADE = 1,45 M, EXCLUINDO TAMPÃO. AF_05/2018","UN",7567.7,"COMPOSIÇÃO"]
[98033,"ACRÉSCIMO PARA POÇO DE VISITA RETANGULAR PARA ESGOTO, EM ALVENARIA COM BLOCOS DE CONCRETO, DIMENSÕES INTERNAS = 2,5X3 M. AF_05/2018","M",2516.1799999999998,"COMPOSIÇÃO"]
[98034,"BASE PARA POÇO DE VISITA RETANGULAR PARA ESGOTO, EM ALVENARIA COM BLOCOS DE CONCRETO, DIMENSÕES INTERNAS = 2,5X3,5 M, PROFUNDIDADE = 1,45 M, EXCLUINDO TAMPÃO. AF_05/2018","UN",8553.09,"COMPOSIÇÃO"]
[98035,"ACRÉSCIMO PARA POÇO DE VISITA RETANGULAR PARA ESGOTO, EM ALVENARIA COM BLOCOS DE CONCRETO, DIMENSÕES INTERNAS = 2,5X3,5 M. AF_05/2018","M",2721.72,"COMPOSIÇÃO"]
[98036,"BASE PARA POÇO DE VISITA RETANGULAR PARA ESGOTO, EM ALVENARIA COM BLOCOS DE CONCRETO, DIMENSÕES INTERNAS = 2,5X4 M, PROFUNDIDADE = 1,45 M, EXCLUINDO TAMPÃO. AF_05/2018","UN",9538.51,"COMPOSIÇÃO"]
[98037,"ACRÉSCIMO PARA POÇO DE VISITA RETANGULAR PARA ESGOTO, EM ALVENARIA COM BLOCOS DE CONCRETO, DIMENSÕES INTERNAS = 2,5X4 M. AF_05/2018","M",2933.27,"COMPOSIÇÃO"]
[98038,"BASE PARA POÇO DE VISITA RETANGULAR PARA ESGOTO, EM ALVENARIA COM BLOCOS DE CONCRETO, DIMENSÕES INTERNAS = 3X3 M, PROFUNDIDADE = 1,45 M, EXCLUINDO TAMPÃO. AF_05/2018","UN",8748.41,"COMPOSIÇÃO"]
[98039,"ACRÉSCIMO PARA POÇO DE VISITA RETANGULAR PARA ESGOTO, EM ALVENARIA COM BLOCOS DE CONCRETO, DIMENSÕES INTERNAS = 3X3 M. AF_05/2018","M",2727.66,"COMPOSIÇÃO"]
[98040,"BASE PARA POÇO DE VISITA RETANGULAR PARA ESGOTO, EM ALVENARIA COM BLOCOS DE CONCRETO, DIMENSÕES INTERNAS = 3X3,5 M, PROFUNDIDADE = 1,45 M, EXCLUINDO TAMPÃO. AF_05/2018","UN",9883.0499999999993,"COMPOSIÇÃO"]
[98041,"ACRÉSCIMO PARA POÇO DE VISITA RETANGULAR PARA ESGOTO, EM ALVENARIA COM BLOCOS DE CONCRETO, DIMENSÕES INTERNAS = 3X3,5 M. AF_05/2018","M",2933.27,"COMPOSIÇÃO"]
[98042,"BASE PARA POÇO DE VISITA RETANGULAR PARA ESGOTO, EM ALVENARIA COM BLOCOS DE CONCRETO, DIMENSÕES INTERNAS = 3X4 M, PROFUNDIDADE = 1,45 M, EXCLUINDO TAMPÃO. AF_05/2018","UN",11017.73,"COMPOSIÇÃO"]
[98043,"ACRÉSCIMO PARA POÇO DE VISITA RETANGULAR PARA ESGOTO, EM ALVENARIA COM BLOCOS DE CONCRETO, DIMENSÕES INTERNAS = 3X4 M. AF_05/2018","M",3144.83,"COMPOSIÇÃO"]
[98044,"BASE PARA POÇO DE VISITA RETANGULAR PARA ESGOTO, EM ALVENARIA COM BLOCOS DE CONCRETO, DIMENSÕES INTERNAS = 3,5X3,5 M, PROFUNDIDADE = 1,45 M, EXCLUINDO TAMPÃO. AF_05/2018","UN",11221.33,"COMPOSIÇÃO"]
[98045,"ACRÉSCIMO PARA POÇO DE VISITA RETANGULAR PARA ESGOTO, EM ALVENARIA COM BLOCOS DE CONCRETO, DIMENSÕES INTERNAS = 3,5X3,5 M. AF_05/2018","M",3144.83,"COMPOSIÇÃO"]
[98046,"BASE PARA POÇO DE VISITA RETANGULAR PARA ESGOTO, EM ALVENARIA COM BLOCOS DE CONCRETO, DIMENSÕES INTERNAS = 3,5X4 M, PROFUNDIDADE = 1,45 M, EXCLUINDO TAMPÃO. AF_05/2018","UN",12506.45,"COMPOSIÇÃO"]
[98047,"ACRÉSCIMO PARA POÇO DE VISITA RETANGULAR PARA ESGOTO, EM ALVENARIA COM BLOCOS DE CONCRETO, DIMENSÕES INTERNAS = 3,5X4 M. AF_05/2018","M",3356.39,"COMPOSIÇÃO"]
[98048,"BASE PARA POÇO DE VISITA RETANGULAR PARA ESGOTO, EM ALVENARIA COM BLOCOS DE CONCRETO, DIMENSÕES INTERNAS = 4X4 M, PROFUNDIDADE = 1,45 M, EXCLUINDO TAMPÃO. AF_05/2018","UN",14004.81,"COMPOSIÇÃO"]
[98049,"ACRÉSCIMO PARA POÇO DE VISITA RETANGULAR PARA ESGOTO, EM ALVENARIA COM BLOCOS DE CONCRETO, DIMENSÕES INTERNAS = 4X4 M. AF_05/2018","M",3509.74,"COMPOSIÇÃO"]
[98050,"CHAMINÉ CIRCULAR PARA POÇO DE VISITA PARA ESGOTO, EM CONCRETO PRÉ-MOLDADO, DIÂMETRO INTERNO = 0,6 M. AF_05/2018","M",191.31,"COMPOSIÇÃO"]
[98051,"CHAMINÉ CIRCULAR PARA POÇO DE VISITA PARA ESGOTO, EM ALVENARIA COM TIJOLOS CERÂMICOS MACIÇOS, DIÂMETRO INTERNO = 0,6 M. AF_05/2018","M",854.36,"COMPOSIÇÃO"]
[98405,"BASE PARA POÇO DE VISITA CIRCULAR PARA  ESGOTO, EM ALVENARIA COM TIJOLOS CERÂMICOS MACIÇOS, DIÂMETRO INTERNO = 1 M, PROFUNDIDADE = 1,45 M, EXCLUINDO TAMPÃO. AF_05/2018","UN",2153.77,"COMPOSIÇÃO"]
[98406,"BASE PARA POÇO DE VISITA RETANGULAR PARA ESGOTO, EM ALVENARIA COM BLOCOS DE CONCRETO, DIMENSÕES INTERNAS = 1X3,5 M, PROFUNDIDADE = 1,45 M, EXCLUINDO TAMPÃO. AF_05/2018","UN",4808.59,"COMPOSIÇÃO"]
[98407,"BASE PARA POÇO DE VISITA RETANGULAR PARA ESGOTO, EM ALVENARIA COM BLOCOS DE CONCRETO, DIMENSÕES INTERNAS = 1X2 M, PROFUNDIDADE = 1,45 M, EXCLUINDO TAMPÃO. AF_05/2018","UN",3150.26,"COMPOSIÇÃO"]
[98408,"BASE PARA POÇO DE VISITA RETANGULAR PARA ESGOTO, EM ALVENARIA COM BLOCOS DE CONCRETO, DIMENSÕES INTERNAS = 1X2,5 M, PROFUNDIDADE = 1,45 M, EXCLUINDO TAMPÃO. AF_05/2018","UN",3694.33,"COMPOSIÇÃO"]
[98409,"ACRÉSCIMO PARA POÇO DE VISITA CIRCULAR PARA ESGOTO, EM CONCRETO PRÉ-MOLDADO, DIÂMETRO INTERNO = 0,8 M. AF_05/2018","M",271.67,"COMPOSIÇÃO"]
[98414,"BASE PARA POÇO DE VISITA CIRCULAR PARA  ESGOTO, EM CONCRETO PRÉ-MOLDADO, DIÂMETRO INTERNO = 1 M, PROFUNDIDADE = 1,45 M, EXCLUINDO TAMPÃO. AF_05/2018_P","UN",949.2,"COMPOSIÇÃO"]
[98415,"(COMPOSIÇÃO REPRESENTATIVA) POÇO DE VISITA CIRCULAR PARA ESGOTO, EM CONCRETO PRÉ-MOLDADO, DIÂMETRO INTERNO = 1,0 M, PROFUNDIDADE ATÉ 1,50 M, EXCLUINDO TAMPÃO. AF_04/2018","UN",949.2,"COMPOSIÇÃO"]
[98416,"(COMPOSIÇÃO REPRESENTATIVA) POÇO DE VISITA CIRCULAR PARA ESGOTO, EM CONCRETO PRÉ-MOLDADO, DIÂMETRO INTERNO = 1,0 M, PROFUNDIDADE DE 1,50 A 2,00 M, EXCLUINDO TAMPÃO. AF_04/2018","UN",1127.19,"COMPOSIÇÃO"]
[98417,"(COMPOSIÇÃO REPRESENTATIVA) POÇO DE VISITA CIRCULAR PARA ESGOTO, EM CONCRETO PRÉ-MOLDADO, DIÂMETRO INTERNO = 1,0 M, PROFUNDIDADE DE 2,00 A 2,50 M, EXCLUINDO TAMPÃO. AF_04/2018","UN",1305.18,"COMPOSIÇÃO"]
[98418,"(COMPOSIÇÃO REPRESENTATIVA) POÇO DE VISITA CIRCULAR PARA ESGOTO, EM CONCRETO PRÉ-MOLDADO, DIÂMETRO INTERNO = 1,0 M, PROFUNDIDADE DE 2,50 A 3,00 M, EXCLUINDO TAMPÃO. AF_04/2018","UN",1400.83,"COMPOSIÇÃO"]
[98419,"(COMPOSIÇÃO REPRESENTATIVA) POÇO DE VISITA CIRCULAR PARA ESGOTO, EM CONCRETO PRÉ-MOLDADO, DIÂMETRO INTERNO = 1,0 M, PROFUNDIDADE DE 3,00 A 3,50 M, EXCLUINDO TAMPÃO. AF_04/2018","UN",1496.49,"COMPOSIÇÃO"]
[98420,"(COMPOSIÇÃO REPRESENTATIVA) POÇO DE VISITA CIRCULAR PARA ESGOTO, EM CONCRETO PRÉ-MOLDADO, DIÂMETRO INTERNO = 1,0 M, PROFUNDIDADE ATÉ 1,50 M, INCLUINDO TAMPÃO DE FERRO FUNDIDO, DIÂMETRO DE 60 CM. AF_04/2018","UN",1417.22,"COMPOSIÇÃO"]
[98421,"(COMPOSIÇÃO REPRESENTATIVA) POÇO DE VISITA CIRCULAR PARA ESGOTO, EM CONCRETO PRÉ-MOLDADO, DIÂMETRO INTERNO = 1,0 M, PROFUNDIDADE DE 1,50 A 2,00 M, INCLUINDO TAMPÃO DE FERRO FUNDIDO, DIÂMETRO DE 60 CM. AF_04/2018","UN",1595.21,"COMPOSIÇÃO"]
[98422,"(COMPOSIÇÃO REPRESENTATIVA) POÇO DE VISITA CIRCULAR PARA ESGOTO, EM CONCRETO PRÉ-MOLDADO, DIÂMETRO INTERNO = 1,0 M, PROFUNDIDADE DE 2,00 A 2,50 M, INCLUINDO TAMPÃO DE FERRO FUNDIDO, DIÂMETRO DE 60 CM. AF_04/2018","UN",1773.2,"COMPOSIÇÃO"]
[98423,"(COMPOSIÇÃO REPRESENTATIVA) POÇO DE VISITA CIRCULAR PARA ESGOTO, EM CONCRETO PRÉ-MOLDADO, DIÂMETRO INTERNO = 1,0 M, PROFUNDIDADE DE 2,50 A 3,00 M, INCLUINDO TAMPÃO DE FERRO FUNDIDO, DIÂMETRO DE 60 CM. AF_04/2018","UN",1868.85,"COMPOSIÇÃO"]
[98424,"(COMPOSIÇÃO REPRESENTATIVA) POÇO DE VISITA CIRCULAR PARA ESGOTO, EM CONCRETO PRÉ-MOLDADO, DIÂMETRO INTERNO = 1,0 M, PROFUNDIDADE DE 3,00 A 3,50 M, INCLUINDO TAMPÃO DE FERRO FUNDIDO, DIÂMETRO DE 60 CM. AF_04/2018","UN",1964.51,"COMPOSIÇÃO"]
[98425,"(COMPOSIÇÃO REPRESENTATIVA) POÇO DE VISITA CIRCULAR PARA ESGOTO, EM ALVENARIA COM TIJOLOS CERÂMICOS MACIÇOS, DIÂMETRO INTERNO = 1,2 M, PROFUNDIDADE ATÉ 1,50 M, EXCLUINDO TAMPÃO. AF_04/2018","UN",2543.52,"COMPOSIÇÃO"]
[98426,"(COMPOSIÇÃO REPRESENTATIVA) POÇO DE VISITA CIRCULAR PARA ESGOTO, EM ALVENARIA COM TIJOLOS CERÂMICOS MACIÇOS, DIÂMETRO INTERNO = 1,2 M, PROFUNDIDADE DE 1,50 A 2,00 M, EXCLUINDO TAMPÃO. AF_04/2018","UN",3327.82,"COMPOSIÇÃO"]
[98427,"(COMPOSIÇÃO REPRESENTATIVA) POÇO DE VISITA CIRCULAR PARA ESGOTO, EM ALVENARIA COM TIJOLOS CERÂMICOS MACIÇOS, DIÂMETRO INTERNO = 1,2 M, PROFUNDIDADE DE 2,00 A 2,50 M, EXCLUINDO TAMPÃO. AF_04/2018","UN",4112.13,"COMPOSIÇÃO"]
[98428,"(COMPOSIÇÃO REPRESENTATIVA) POÇO DE VISITA CIRCULAR PARA ESGOTO, EM ALVENARIA COM TIJOLOS CERÂMICOS MACIÇOS, DIÂMETRO INTERNO = 1,2 M, PROFUNDIDADE DE 2,50 A 3,00 M, EXCLUINDO TAMPÃO. AF_04/2018","UN",4539.3100000000004,"COMPOSIÇÃO"]
[98429,"(COMPOSIÇÃO REPRESENTATIVA) POÇO DE VISITA CIRCULAR PARA ESGOTO, EM ALVENARIA COM TIJOLOS CERÂMICOS MACIÇOS, DIÂMETRO INTERNO = 1,2 M, PROFUNDIDADE DE 3,00 A 3,50 M, EXCLUINDO TAMPÃO. AF_04/2018","UN",4966.49,"COMPOSIÇÃO"]
[98430,"(COMPOSIÇÃO REPRESENTATIVA) POÇO DE VISITA CIRCULAR PARA ESGOTO, EM ALVENARIA COM TIJOLOS CERÂMICOS MACIÇOS, DIÂMETRO INTERNO = 1,2 M, PROFUNDIDADE ATÉ 1,50 M, INCLUINDO TAMPÃO DE FERRO FUNDIDO, DIÂMETRO DE 60 CM. AF_04/2018","UN",3011.54,"COMPOSIÇÃO"]
[98431,"(COMPOSIÇÃO REPRESENTATIVA) POÇO DE VISITA CIRCULAR PARA ESGOTO, EM ALVENARIA COM TIJOLOS CERÂMICOS MACIÇOS, DIÂMETRO INTERNO = 1,2 M, PROFUNDIDADE DE 1,50 A 2,00 M, INCLUINDO TAMPÃO DE FERRO FUNDIDO, DIÂMETRO DE 60 CM. AF_04/2018","UN",3795.84,"COMPOSIÇÃO"]
[98432,"(COMPOSIÇÃO REPRESENTATIVA) POÇO DE VISITA CIRCULAR PARA ESGOTO, EM ALVENARIA COM TIJOLOS CERÂMICOS MACIÇOS, DIÂMETRO INTERNO = 1,2 M, PROFUNDIDADE DE 2,00 A 2,50 M, INCLUINDO TAMPÃO DE FERRO FUNDIDO, DIÂMETRO DE 60 CM. AF_04/2018","UN",4580.1499999999996,"COMPOSIÇÃO"]
[98433,"(COMPOSIÇÃO REPRESENTATIVA) POÇO DE VISITA CIRCULAR PARA ESGOTO, EM ALVENARIA COM TIJOLOS CERÂMICOS MACIÇOS, DIÂMETRO INTERNO = 1,2 M, PROFUNDIDADE DE 2,50 A 3,00 M, INCLUINDO TAMPÃO DE FERRO FUNDIDO, DIÂMETRO DE 60 CM. AF_04/2018","UN",5007.33,"COMPOSIÇÃO"]
[98434,"(COMPOSIÇÃO REPRESENTATIVA) POÇO DE VISITA CIRCULAR PARA ESGOTO, EM ALVENARIA COM TIJOLOS CERÂMICOS MACIÇOS, DIÂMETRO INTERNO = 1,2 M, PROFUNDIDADE DE 3,00 A 3,50 M, INCLUINDO TAMPÃO DE FERRO FUNDIDO, DIÂMETRO DE 60 CM. AF_04/2018","UN",5434.51,"COMPOSIÇÃO"]
[99240,"ACRÉSCIMO PARA POÇO DE VISITA CIRCULAR PARA DRENAGEM, EM CONCRETO PRÉ-MOLDADO, DIÂMETRO INTERNO = 1,2 M. AF_05/2018","M",458.19,"COMPOSIÇÃO"]
[99241,"ACRÉSCIMO PARA POÇO DE VISITA RETANGULAR PARA DRENAGEM, EM ALVENARIA COM BLOCOS DE CONCRETO, DIMENSÕES INTERNAS = 1,5X1,5 M. AF_05/2018","M",1403.77,"COMPOSIÇÃO"]
[99242,"BASE PARA POÇO DE VISITA CIRCULAR PARA DRENAGEM, EM ALVENARIA COM TIJOLOS CERÂMICOS MACIÇOS, DIÂMETRO INTERNO = 1,2 M, PROFUNDIDADE = 1,45 M, EXCLUINDO TAMPÃO. AF_05/2018","UN",2463.36,"COMPOSIÇÃO"]
[99243,"ACRÉSCIMO PARA POÇO DE VISITA CIRCULAR PARA DRENAGEM, EM ALVENARIA COM TIJOLOS CERÂMICOS MACIÇOS, DIÂMETRO INTERNO = 1,2 M. AF_05/2018","M",1504.38,"COMPOSIÇÃO"]
[99244,"BASE PARA POÇO DE VISITA RETANGULAR PARA DRENAGEM, EM ALVENARIA COM BLOCOS DE CONCRETO, DIMENSÕES INTERNAS = 1,5X2 M, PROFUNDIDADE = 1,45 M, EXCLUINDO TAMPÃO. AF_05/2018","UN",3829.01,"COMPOSIÇÃO"]
[99246,"ACRÉSCIMO PARA POÇO DE VISITA CIRCULAR PARA DRENAGEM, EM CONCRETO PRÉ-MOLDADO, DIÂMETRO INTERNO = 1,5 M. AF_05/2018","M",650.30999999999995,"COMPOSIÇÃO"]
[99247,"ACRÉSCIMO PARA POÇO DE VISITA RETANGULAR PARA DRENAGEM, EM ALVENARIA COM BLOCOS DE CONCRETO, DIMENSÕES INTERNAS = 1,5X2 M. AF_05/2018","M",1602.05,"COMPOSIÇÃO"]
[99248,"BASE PARA POÇO DE VISITA CIRCULAR PARA DRENAGEM, EM ALVENARIA COM TIJOLOS CERÂMICOS MACIÇOS, DIÂMETRO INTERNO = 1,5 M, PROFUNDIDADE = 1,45 M, EXCLUINDO TAMPÃO. AF_05/2018","UN",3134.38,"COMPOSIÇÃO"]
[99249,"ACRÉSCIMO PARA POÇO DE VISITA CIRCULAR PARA DRENAGEM, EM ALVENARIA COM TIJOLOS CERÂMICOS MACIÇOS, DIÂMETRO INTERNO = 1,5 M. AF_05/2018","M",1848.11,"COMPOSIÇÃO"]
[99252,"BASE PARA POÇO DE VISITA RETANGULAR PARA DRENAGEM, EM ALVENARIA COM BLOCOS DE CONCRETO, DIMENSÕES INTERNAS = 1X1 M, PROFUNDIDADE = 1,45 M, EXCLUINDO TAMPÃO. AF_05/2018","UN",2009.43,"COMPOSIÇÃO"]
[99254,"ACRÉSCIMO PARA POÇO DE VISITA RETANGULAR PARA DRENAGEM, EM ALVENARIA COM BLOCOS DE CONCRETO, DIMENSÕES INTERNAS = 1X1 M. AF_05/2018","M",1007.21,"COMPOSIÇÃO"]
[99256,"BASE PARA POÇO DE VISITA RETANGULAR PARA DRENAGEM, EM ALVENARIA COM BLOCOS DE CONCRETO, DIMENSÕES INTERNAS = 1,5X2,5 M, PROFUNDIDADE = 1,45 M, EXCLUINDO TAMPÃO. AF_05/2018","UN",4494.62,"COMPOSIÇÃO"]
[99259,"BASE PARA POÇO DE VISITA RETANGULAR PARA DRENAGEM, EM ALVENARIA COM BLOCOS DE CONCRETO, DIMENSÕES INTERNAS = 1X1,5 M, PROFUNDIDADE = 1,45 M, EXCLUINDO TAMPÃO. AF_05/2018","UN",2539.42,"COMPOSIÇÃO"]
[99261,"ACRÉSCIMO PARA POÇO DE VISITA RETANGULAR PARA DRENAGEM, EM ALVENARIA COM BLOCOS DE CONCRETO, DIMENSÕES INTERNAS = 1X1,5 M. AF_05/2018","M",1205.49,"COMPOSIÇÃO"]
[99263,"ACRÉSCIMO PARA POÇO DE VISITA RETANGULAR PARA DRENAGEM, EM ALVENARIA COM BLOCOS DE CONCRETO, DIMENSÕES INTERNAS = 1,5X2,5 M. AF_05/2018","M",1800.35,"COMPOSIÇÃO"]
[99265,"BASE PARA POÇO DE VISITA RETANGULAR PARA DRENAGEM, EM ALVENARIA COM BLOCOS DE CONCRETO, DIMENSÕES INTERNAS = 1X2 M, PROFUNDIDADE = 1,45 M, EXCLUINDO TAMPÃO. AF_05/2018","UN",3069.34,"COMPOSIÇÃO"]
[99266,"ACRÉSCIMO PARA POÇO DE VISITA RETANGULAR PARA DRENAGEM, EM ALVENARIA COM BLOCOS DE CONCRETO, DIMENSÕES INTERNAS = 1X2 M. AF_05/2018","M",1403.77,"COMPOSIÇÃO"]
[99267,"BASE PARA POÇO DE VISITA RETANGULAR PARA DRENAGEM, EM ALVENARIA COM BLOCOS DE CONCRETO, DIMENSÕES INTERNAS = 1X2,5 M, PROFUNDIDADE = 1,45 M, EXCLUINDO TAMPÃO. AF_05/2018","UN",3599.27,"COMPOSIÇÃO"]
[99269,"ACRÉSCIMO PARA POÇO DE VISITA RETANGULAR PARA DRENAGEM, EM ALVENARIA COM BLOCOS DE CONCRETO, DIMENSÕES INTERNAS = 1X2,5 M. AF_05/2018","M",1602.05,"COMPOSIÇÃO"]
[99271,"BASE PARA POÇO DE VISITA RETANGULAR PARA DRENAGEM, EM ALVENARIA COM BLOCOS DE CONCRETO, DIMENSÕES INTERNAS = 1,5X3 M, PROFUNDIDADE = 1,45 M, EXCLUINDO TAMPÃO. AF_05/2018","UN",5160.16,"COMPOSIÇÃO"]
[99272,"POÇO DE INSPEÇÃO CIRCULAR PARA DRENAGEM, EM ALVENARIA COM TIJOLOS CERÂMICOS MACIÇOS, DIÂMETRO INTERNO = 0,6 M, PROFUNDIDADE = 1 M, EXCLUINDO TAMPÃO. AF_05/2018","UN",902.52,"COMPOSIÇÃO"]
[99273,"POÇO DE INSPEÇÃO CIRCULAR PARA DRENAGEM, EM ALVENARIA COM TIJOLOS CERÂMICOS MACIÇOS, DIÂMETRO INTERNO = 0,6 M, PROFUNDIDADE = 1,5 M, EXCLUINDO TAMPÃO. AF_05/2018","UN",1327.38,"COMPOSIÇÃO"]
[99274,"BASE PARA POÇO DE VISITA RETANGULAR PARA DRENAGEM, EM ALVENARIA COM BLOCOS DE CONCRETO, DIMENSÕES INTERNAS = 1X3 M, PROFUNDIDADE = 1,45 M, EXCLUINDO TAMPÃO. AF_05/2018","UN",4152.42,"COMPOSIÇÃO"]
[99276,"ACRÉSCIMO PARA POÇO DE VISITA RETANGULAR PARA DRENAGEM, EM ALVENARIA COM BLOCOS DE CONCRETO, DIMENSÕES INTERNAS = 1,5X3 M. AF_05/2018","M",1998.61,"COMPOSIÇÃO"]
[99277,"ACRÉSCIMO PARA POÇO DE VISITA RETANGULAR PARA DRENAGEM, EM ALVENARIA COM BLOCOS DE CONCRETO, DIMENSÕES INTERNAS = 1X3 M. AF_05/2018","M",1800.35,"COMPOSIÇÃO"]
[99278,"ACRÉSCIMO PARA POÇO DE VISITA CIRCULAR PARA DRENAGEM, EM CONCRETO PRÉ-MOLDADO, DIÂMETRO INTERNO = 0,8 M. AF_05/2018","M",265.89999999999998,"COMPOSIÇÃO"]
[99279,"BASE PARA POÇO DE VISITA RETANGULAR PARA DRENAGEM, EM ALVENARIA COM BLOCOS DE CONCRETO, DIMENSÕES INTERNAS = 1X3,5 M, PROFUNDIDADE = 1,45 M, EXCLUINDO TAMPÃO. AF_05/2018","UN",4685.22,"COMPOSIÇÃO"]
[99280,"BASE PARA POÇO DE VISITA CIRCULAR PARA DRENAGEM, EM ALVENARIA COM TIJOLOS CERÂMICOS MACIÇOS, DIÂMETRO INTERNO = 0,8 M, PROFUNDIDADE = 1,45 M, EXCLUINDO TAMPÃO. AF_05/2018","UN",1693.18,"COMPOSIÇÃO"]
[99281,"ACRÉSCIMO PARA POÇO DE VISITA RETANGULAR PARA DRENAGEM, EM ALVENARIA COM BLOCOS DE CONCRETO, DIMENSÕES INTERNAS = 1X3,5 M. AF_05/2018","M",1998.61,"COMPOSIÇÃO"]
[99282,"ACRÉSCIMO PARA POÇO DE VISITA RETANGULAR PARA DRENAGEM, EM ALVENARIA COM BLOCOS DE CONCRETO, DIMENSÕES INTERNAS = 2,5X2,5 M. AF_05/2018","M",2226.02,"COMPOSIÇÃO"]
[99283,"ACRÉSCIMO PARA POÇO DE VISITA CIRCULAR PARA DRENAGEM, EM ALVENARIA COM TIJOLOS CERÂMICOS MACIÇOS, DIÂMETRO INTERNO = 0,8 M. AF_05/2018","M",1046.05,"COMPOSIÇÃO"]
[99284,"BASE PARA POÇO DE VISITA RETANGULAR PARA DRENAGEM, EM ALVENARIA COM BLOCOS DE CONCRETO, DIMENSÕES INTERNAS = 1,5X3,5 M, PROFUNDIDADE = 1,45 M, EXCLUINDO TAMPÃO. AF_05/2018","UN",5825.79,"COMPOSIÇÃO"]
[99286,"BASE PARA POÇO DE VISITA RETANGULAR PARA DRENAGEM, EM ALVENARIA COM BLOCOS DE CONCRETO, DIMENSÕES INTERNAS = 1X4 M, PROFUNDIDADE = 1,45 M, EXCLUINDO TAMPÃO. AF_05/2018","UN",5218.17,"COMPOSIÇÃO"]
[99287,"BASE PARA POÇO DE VISITA RETANGULAR PARA DRENAGEM, EM ALVENARIA COM BLOCOS DE CONCRETO, DIMENSÕES INTERNAS = 2,5X3 M, PROFUNDIDADE = 1,45 M, EXCLUINDO TAMPÃO. AF_05/2018","UN",7355.4,"COMPOSIÇÃO"]
[99288,"ACRÉSCIMO PARA POÇO DE VISITA CIRCULAR PARA DRENAGEM, EM CONCRETO PRÉ-MOLDADO, DIÂMETRO INTERNO = 1 M. AF_05/2018","M",348.41,"COMPOSIÇÃO"]
[99289,"ACRÉSCIMO PARA POÇO DE VISITA RETANGULAR PARA DRENAGEM, EM ALVENARIA COM BLOCOS DE CONCRETO, DIMENSÕES INTERNAS = 1X4 M. AF_05/2018","M",2196.89,"COMPOSIÇÃO"]
[99290,"BASE PARA POÇO DE VISITA RETANGULAR PARA DRENAGEM, EM ALVENARIA COM BLOCOS DE CONCRETO, DIMENSÕES INTERNAS = 1,5X1,5 M, PROFUNDIDADE = 1,45 M, EXCLUINDO TAMPÃO. AF_05/2018","UN",3145.12,"COMPOSIÇÃO"]
[99291,"ACRÉSCIMO PARA POÇO DE VISITA RETANGULAR PARA DRENAGEM, EM ALVENARIA COM BLOCOS DE CONCRETO, DIMENSÕES INTERNAS = 1,5X3,5 M. AF_05/2018","M",2196.89,"COMPOSIÇÃO"]
[99292,"BASE PARA POÇO DE VISITA CIRCULAR PARA DRENAGEM, EM ALVENARIA COM TIJOLOS CERÂMICOS MACIÇOS, DIÂMETRO INTERNO = 1 M, PROFUNDIDADE = 1,45 M, EXCLUINDO TAMPÃO. AF_05/2018","UN",2083.0700000000002,"COMPOSIÇÃO"]
[99293,"ACRÉSCIMO PARA POÇO DE VISITA CIRCULAR PARA DRENAGEM, EM ALVENARIA COM TIJOLOS CERÂMICOS MACIÇOS, DIÂMETRO INTERNO = 1 M. AF_05/2018","M",1275.2,"COMPOSIÇÃO"]
[99294,"BASE PARA POÇO DE VISITA RETANGULAR PARA DRENAGEM, EM ALVENARIA COM BLOCOS DE CONCRETO, DIMENSÕES INTERNAS = 1,5X4 M, PROFUNDIDADE = 1,45 M, EXCLUINDO TAMPÃO. AF_05/2018","UN",6491.38,"COMPOSIÇÃO"]
[99296,"ACRÉSCIMO PARA POÇO DE VISITA RETANGULAR PARA DRENAGEM, EM ALVENARIA COM BLOCOS DE CONCRETO, DIMENSÕES INTERNAS = 2,5X3 M. AF_05/2018","M",2424.29,"COMPOSIÇÃO"]
[99297,"ACRÉSCIMO PARA POÇO DE VISITA RETANGULAR PARA DRENAGEM, EM ALVENARIA COM BLOCOS DE CONCRETO, DIMENSÕES INTERNAS = 1,5X4 M. AF_05/2018","M",2419.2800000000002,"COMPOSIÇÃO"]
[99298,"BASE PARA POÇO DE VISITA RETANGULAR PARA DRENAGEM, EM ALVENARIA COM BLOCOS DE CONCRETO, DIMENSÕES INTERNAS = 2,5X3,5 M, PROFUNDIDADE = 1,45 M, EXCLUINDO TAMPÃO. AF_05/2018","UN",8311.42,"COMPOSIÇÃO"]
[99299,"ACRÉSCIMO PARA POÇO DE VISITA RETANGULAR PARA DRENAGEM, EM ALVENARIA COM BLOCOS DE CONCRETO, DIMENSÕES INTERNAS = 2,5X3,5 M. AF_05/2018","M",2622.5,"COMPOSIÇÃO"]
[99300,"BASE PARA POÇO DE VISITA RETANGULAR PARA DRENAGEM, EM ALVENARIA COM BLOCOS DE CONCRETO, DIMENSÕES INTERNAS = 2,5X4 M, PROFUNDIDADE = 1,45 M, EXCLUINDO TAMPÃO. AF_05/2018","UN",9267.4699999999993,"COMPOSIÇÃO"]
[99301,"BASE PARA POÇO DE VISITA RETANGULAR PARA DRENAGEM, EM ALVENARIA COM BLOCOS DE CONCRETO, DIMENSÕES INTERNAS = 2X2 M, PROFUNDIDADE = 1,45 M, EXCLUINDO TAMPÃO. AF_05/2018","UN",4629.63,"COMPOSIÇÃO"]
[99302,"ACRÉSCIMO PARA POÇO DE VISITA RETANGULAR PARA DRENAGEM, EM ALVENARIA COM BLOCOS DE CONCRETO, DIMENSÕES INTERNAS = 2,5X4 M. AF_05/2018","M",2825.81,"COMPOSIÇÃO"]
[99303,"BASE PARA POÇO DE VISITA RETANGULAR PARA DRENAGEM, EM ALVENARIA COM BLOCOS DE CONCRETO, DIMENSÕES INTERNAS = 3X3 M, PROFUNDIDADE = 1,45 M, EXCLUINDO TAMPÃO. AF_05/2018","UN",8498.2000000000007,"COMPOSIÇÃO"]
[99304,"ACRÉSCIMO PARA POÇO DE VISITA RETANGULAR PARA DRENAGEM, EM ALVENARIA COM BLOCOS DE CONCRETO, DIMENSÕES INTERNAS = 3X3 M. AF_05/2018","M",2627.52,"COMPOSIÇÃO"]
[99305,"BASE PARA POÇO DE VISITA RETANGULAR PARA DRENAGEM, EM ALVENARIA COM BLOCOS DE CONCRETO, DIMENSÕES INTERNAS = 3X3,5 M, PROFUNDIDADE = 1,45 M, EXCLUINDO TAMPÃO. AF_05/2018","UN",9598.26,"COMPOSIÇÃO"]
[99306,"ACRÉSCIMO PARA POÇO DE VISITA RETANGULAR PARA DRENAGEM, EM ALVENARIA COM BLOCOS DE CONCRETO, DIMENSÕES INTERNAS = 3X3,5 M. AF_05/2018","M",2825.81,"COMPOSIÇÃO"]
[99307,"ACRÉSCIMO PARA POÇO DE VISITA RETANGULAR PARA DRENAGEM, EM ALVENARIA COM BLOCOS DE CONCRETO, DIMENSÕES INTERNAS = 2X2 M. AF_05/2018","M",1824.44,"COMPOSIÇÃO"]
[99308,"BASE PARA POÇO DE VISITA RETANGULAR PARA DRENAGEM, EM ALVENARIA COM BLOCOS DE CONCRETO, DIMENSÕES INTERNAS = 3X4 M, PROFUNDIDADE = 1,45 M, EXCLUINDO TAMPÃO. AF_05/2018","UN",10698.35,"COMPOSIÇÃO"]
[99309,"ACRÉSCIMO PARA POÇO DE VISITA RETANGULAR PARA DRENAGEM, EM ALVENARIA COM BLOCOS DE CONCRETO, DIMENSÕES INTERNAS = 3X4 M. AF_05/2018","M",3029.1,"COMPOSIÇÃO"]
[99310,"BASE PARA POÇO DE VISITA RETANGULAR PARA DRENAGEM, EM ALVENARIA COM BLOCOS DE CONCRETO, DIMENSÕES INTERNAS = 3,5X3,5 M, PROFUNDIDADE = 1,45 M, EXCLUINDO TAMPÃO. AF_05/2018","UN",10892.75,"COMPOSIÇÃO"]
[99311,"ACRÉSCIMO PARA POÇO DE VISITA RETANGULAR PARA DRENAGEM, EM ALVENARIA COM BLOCOS DE CONCRETO, DIMENSÕES INTERNAS = 3,5X3,5 M. AF_05/2018","M",3029.1,"COMPOSIÇÃO"]
[99312,"BASE PARA POÇO DE VISITA RETANGULAR PARA DRENAGEM, EM ALVENARIA COM BLOCOS DE CONCRETO, DIMENSÕES INTERNAS = 2X2,5 M, PROFUNDIDADE = 1,45 M, EXCLUINDO TAMPÃO. AF_05/2018","UN",5421.11,"COMPOSIÇÃO"]
[99313,"BASE PARA POÇO DE VISITA RETANGULAR PARA DRENAGEM, EM ALVENARIA COM BLOCOS DE CONCRETO, DIMENSÕES INTERNAS = 3,5X4 M, PROFUNDIDADE = 1,45 M, EXCLUINDO TAMPÃO. AF_05/2018","UN",12137.97,"COMPOSIÇÃO"]
[99314,"ACRÉSCIMO PARA POÇO DE VISITA RETANGULAR PARA DRENAGEM, EM ALVENARIA COM BLOCOS DE CONCRETO, DIMENSÕES INTERNAS = 3,5X4 M. AF_05/2018","M",3232.41,"COMPOSIÇÃO"]
[99315,"BASE PARA POÇO DE VISITA RETANGULAR PARA DRENAGEM, EM ALVENARIA COM BLOCOS DE CONCRETO, DIMENSÕES INTERNAS = 4X4 M, PROFUNDIDADE = 1,45 M, EXCLUINDO TAMPÃO. AF_05/2018","UN",13586.47,"COMPOSIÇÃO"]
[99317,"ACRÉSCIMO PARA POÇO DE VISITA RETANGULAR PARA DRENAGEM, EM ALVENARIA COM BLOCOS DE CONCRETO, DIMENSÕES INTERNAS = 2X2,5 M. AF_05/2018","M",2022.7,"COMPOSIÇÃO"]
[99318,"CHAMINÉ CIRCULAR PARA POÇO DE VISITA PARA DRENAGEM, EM CONCRETO PRÉ-MOLDADO, DIÂMETRO INTERNO = 0,6 M. AF_05/2018","M",188.71,"COMPOSIÇÃO"]
[99319,"CHAMINÉ CIRCULAR PARA POÇO DE VISITA PARA DRENAGEM, EM ALVENARIA COM TIJOLOS CERÂMICOS MACIÇOS, DIÂMETRO INTERNO = 0,6 M. AF_05/2018","M",811.77,"COMPOSIÇÃO"]
[99320,"BASE PARA POÇO DE VISITA RETANGULAR PARA DRENAGEM, EM ALVENARIA COM BLOCOS DE CONCRETO, DIMENSÕES INTERNAS = 2X3 M, PROFUNDIDADE = 1,45 M, EXCLUINDO TAMPÃO. AF_05/2018","UN",6254.25,"COMPOSIÇÃO"]
[99321,"ACRÉSCIMO PARA POÇO DE VISITA RETANGULAR PARA DRENAGEM, EM ALVENARIA COM BLOCOS DE CONCRETO, DIMENSÕES INTERNAS = 2X3 M. AF_05/2018","M",2220.98,"COMPOSIÇÃO"]
[99322,"BASE PARA POÇO DE VISITA RETANGULAR PARA DRENAGEM, EM ALVENARIA COM BLOCOS DE CONCRETO, DIMENSÕES INTERNAS = 2X3,5 M, PROFUNDIDADE = 1,45 M, EXCLUINDO TAMPÃO. AF_05/2018","UN",7050.88,"COMPOSIÇÃO"]
[99323,"ACRÉSCIMO PARA POÇO DE VISITA RETANGULAR PARA DRENAGEM, EM ALVENARIA COM BLOCOS DE CONCRETO, DIMENSÕES INTERNAS = 2X3,5 M. AF_05/2018","M",2419.2800000000002,"COMPOSIÇÃO"]
[99324,"BASE PARA POÇO DE VISITA RETANGULAR PARA DRENAGEM, EM ALVENARIA COM BLOCOS DE CONCRETO, DIMENSÕES INTERNAS = 2X4 M, PROFUNDIDADE = 1,45 M, EXCLUINDO TAMPÃO. AF_05/2018","UN",7847.45,"COMPOSIÇÃO"]
[99325,"ACRÉSCIMO PARA POÇO DE VISITA RETANGULAR PARA DRENAGEM, EM ALVENARIA COM BLOCOS DE CONCRETO, DIMENSÕES INTERNAS = 2X4 M. AF_05/2018","M",2622.5,"COMPOSIÇÃO"]
[99326,"BASE PARA POÇO DE VISITA RETANGULAR PARA DRENAGEM, EM ALVENARIA COM BLOCOS DE CONCRETO, DIMENSÕES INTERNAS = 2,5X2,5 M, PROFUNDIDADE = 1,45 M, EXCLUINDO TAMPÃO. AF_05/2018","UN",6399.39,"COMPOSIÇÃO"]
[99327,"ACRÉSCIMO PARA POÇO DE VISITA RETANGULAR PARA DRENAGEM, EM ALVENARIA COM BLOCOS DE CONCRETO, DIMENSÕES INTERNAS = 4X4 M. AF_05/2018","M",3386.51,"COMPOSIÇÃO"]
[94263,"GUIA (MEIO-FIO) CONCRETO, MOLDADA  IN LOCO  EM TRECHO RETO COM EXTRUSORA, 13 CM BASE X 22 CM ALTURA. AF_06/2016","M",25.66,"COMPOSIÇÃO"]
[94264,"GUIA (MEIO-FIO) CONCRETO, MOLDADA  IN LOCO  EM TRECHO CURVO COM EXTRUSORA, 13 CM BASE X 22 CM ALTURA. AF_06/2016","M",28.51,"COMPOSIÇÃO"]
[94265,"GUIA (MEIO-FIO) CONCRETO, MOLDADA  IN LOCO  EM TRECHO RETO COM EXTRUSORA, 15 CM BASE X 30 CM ALTURA. AF_06/2016","M",33.880000000000003,"COMPOSIÇÃO"]
[94266,"GUIA (MEIO-FIO) CONCRETO, MOLDADA  IN LOCO  EM TRECHO CURVO COM EXTRUSORA, 15 CM BASE X 30 CM ALTURA. AF_06/2016","M",37.14,"COMPOSIÇÃO"]
[94267,"GUIA (MEIO-FIO) E SARJETA CONJUGADOS DE CONCRETO, MOLDADA  IN LOCO  EM TRECHO RETO COM EXTRUSORA, 45 CM BASE (15 CM BASE DA GUIA + 30 CM BASE DA SARJETA) X 22 CM ALTURA. AF_06/2016","M",40.24,"COMPOSIÇÃO"]
[94268,"GUIA (MEIO-FIO) E SARJETA CONJUGADOS DE CONCRETO, MOLDADA  IN LOCO  EM TRECHO CURVO COM EXTRUSORA, 45 CM BASE (15 CM BASE DA GUIA + 30 CM BASE DA SARJETA) X 22 CM ALTURA. AF_06/2016","M",43.83,"COMPOSIÇÃO"]
[94269,"GUIA (MEIO-FIO) E SARJETA CONJUGADOS DE CONCRETO, MOLDADA  IN LOCO  EM TRECHO RETO COM EXTRUSORA, 60 CM BASE (15 CM BASE DA GUIA + 45 CM BASE DA SARJETA) X 26 CM ALTURA. AF_06/2016","M",57.65,"COMPOSIÇÃO"]
[94270,"GUIA (MEIO-FIO) E SARJETA CONJUGADOS DE CONCRETO, MOLDADA IN LOCO  EM TRECHO CURVO COM EXTRUSORA, 60 CM BASE (15 CM BASE DA GUIA + 45 CM BASE DA SARJETA) X 26 CM ALTURA. AF_06/2016","M",62.66,"COMPOSIÇÃO"]
[94271,"GUIA (MEIO-FIO) E SARJETA CONJUGADOS DE CONCRETO, MOLDADA  IN LOCO  EM TRECHO RETO COM EXTRUSORA, 65 CM BASE (15 CM BASE DA GUIA + 50 CM BASE DA SARJETA) X 26 CM ALTURA. AF_06/2016","M",70.37,"COMPOSIÇÃO"]
[94272,"GUIA (MEIO-FIO) E SARJETA CONJUGADOS DE CONCRETO, MOLDADA  IN LOCO  EM TRECHO CURVO COM EXTRUSORA, 65 CM BASE (15 CM BASE DA GUIA + 50 CM BASE DA SARJETA) X 26 CM ALTURA. AF_06/2016","M",77.040000000000006,"COMPOSIÇÃO"]
[94273,"ASSENTAMENTO DE GUIA (MEIO-FIO) EM TRECHO RETO, CONFECCIONADA EM CONCRETO PRÉ-FABRICADO, DIMENSÕES 100X15X13X30 CM (COMPRIMENTO X BASE INFERIOR X BASE SUPERIOR X ALTURA), PARA VIAS URBANAS (USO VIÁRIO). AF_06/2016","M",40.51,"COMPOSIÇÃO"]
[94274,"ASSENTAMENTO DE GUIA (MEIO-FIO) EM TRECHO CURVO, CONFECCIONADA EM CONCRETO PRÉ-FABRICADO, DIMENSÕES 100X15X13X30 CM (COMPRIMENTO X BASE INFERIOR X BASE SUPERIOR X ALTURA), PARA VIAS URBANAS (USO VIÁRIO). AF_06/2016","M",43.69,"COMPOSIÇÃO"]
[94275,"ASSENTAMENTO DE GUIA (MEIO-FIO) EM TRECHO RETO, CONFECCIONADA EM CONCRETO PRÉ-FABRICADO, DIMENSÕES 100X15X13X20 CM (COMPRIMENTO X BASE INFERIOR X BASE SUPERIOR X ALTURA), PARA URBANIZAÇÃO INTERNA DE EMPREENDIMENTOS. AF_06/2016_P","M",38.85,"COMPOSIÇÃO"]
[94276,"ASSENTAMENTO DE GUIA (MEIO-FIO) EM TRECHO CURVO, CONFECCIONADA EM CONCRETO PRÉ-FABRICADO, DIMENSÕES 100X15X13X20 CM (COMPRIMENTO X BASE INFERIOR X BASE SUPERIOR X ALTURA), PARA URBANIZAÇÃO INTERNA DE EMPREENDIMENTOS. AF_06/2016_P","M",42.03,"COMPOSIÇÃO"]
[94281,"EXECUÇÃO DE SARJETA DE CONCRETO USINADO, MOLDADA  IN LOCO  EM TRECHO RETO, 30 CM BASE X 15 CM ALTURA. AF_06/2016","M",40.18,"COMPOSIÇÃO"]
[94282,"EXECUÇÃO DE SARJETA DE CONCRETO USINADO, MOLDADA  IN LOCO  EM TRECHO CURVO, 30 CM BASE X 15 CM ALTURA. AF_06/2016","M",49.86,"COMPOSIÇÃO"]
[94283,"EXECUÇÃO DE SARJETA DE CONCRETO USINADO, MOLDADA  IN LOCO  EM TRECHO RETO, 45 CM BASE X 15 CM ALTURA. AF_06/2016","M",52.23,"COMPOSIÇÃO"]
[94284,"EXECUÇÃO DE SARJETA DE CONCRETO USINADO, MOLDADA  IN LOCO  EM TRECHO CURVO, 45 CM BASE X 15 CM ALTURA. AF_06/2016","M",61.92,"COMPOSIÇÃO"]
[94285,"EXECUÇÃO DE SARJETA DE CONCRETO USINADO, MOLDADA  IN LOCO  EM TRECHO RETO, 60 CM BASE X 15 CM ALTURA. AF_06/2016","M",63.84,"COMPOSIÇÃO"]
[94286,"EXECUÇÃO DE SARJETA DE CONCRETO USINADO, MOLDADA  IN LOCO  EM TRECHO CURVO, 60 CM BASE X 15 CM ALTURA. AF_06/2016","M",73.510000000000005,"COMPOSIÇÃO"]
[94287,"EXECUÇÃO DE SARJETA DE CONCRETO USINADO, MOLDADA  IN LOCO  EM TRECHO RETO, 30 CM BASE X 10 CM ALTURA. AF_06/2016","M",31.36,"COMPOSIÇÃO"]
[94288,"EXECUÇÃO DE SARJETA DE CONCRETO USINADO, MOLDADA  IN LOCO  EM TRECHO CURVO, 30 CM BASE X 10 CM ALTURA. AF_06/2016","M",39.82,"COMPOSIÇÃO"]
[94289,"EXECUÇÃO DE SARJETA DE CONCRETO USINADO, MOLDADA  IN LOCO  EM TRECHO RETO, 45 CM BASE X 10 CM ALTURA. AF_06/2016","M",39.97,"COMPOSIÇÃO"]
[94290,"EXECUÇÃO DE SARJETA DE CONCRETO USINADO, MOLDADA  IN LOCO  EM TRECHO CURVO, 45 CM BASE X 10 CM ALTURA. AF_06/2016","M",48.45,"COMPOSIÇÃO"]
[94291,"EXECUÇÃO DE SARJETA DE CONCRETO USINADO, MOLDADA  IN LOCO  EM TRECHO RETO, 60 CM BASE X 10 CM ALTURA. AF_06/2016","M",48.18,"COMPOSIÇÃO"]
[94292,"EXECUÇÃO DE SARJETA DE CONCRETO USINADO, MOLDADA  IN LOCO  EM TRECHO CURVO, 60 CM BASE X 10 CM ALTURA. AF_06/2016","M",56.64,"COMPOSIÇÃO"]
[94293,"EXECUÇÃO DE SARJETÃO DE CONCRETO USINADO, MOLDADA  IN LOCO  EM TRECHO RETO, 100 CM BASE X 20 CM ALTURA. AF_06/2016","M",125.68,"COMPOSIÇÃO"]
[94294,"EXECUÇÃO DE ESCORAS DE CONCRETO PARA CONTENÇÃO DE GUIAS PRÉ-FABRICADAS. AF_06/2016","M",6.4,"COMPOSIÇÃO"]
[94038,"ESCORAMENTO DE VALA, TIPO PONTALETEAMENTO, COM PROFUNDIDADE DE 0 A 1,5 M, LARGURA MAIOR OU IGUAL A 1,5 M E MENOR QUE 2,5 M, EM LOCAL COM NÍVEL ALTO DE INTERFERÊNCIA. AF_06/2016","M2",21.48,"COMPOSIÇÃO"]
[94039,"ESCORAMENTO DE VALA, TIPO PONTALETEAMENTO, COM PROFUNDIDADE DE 1,5 A 3,0 M, LARGURA MENOR QUE 1,5 M, EM LOCAL COM NÍVEL ALTO DE INTERFERÊNCIA. AF_06/2016","M2",12,"COMPOSIÇÃO"]
[94040,"ESCORAMENTO DE VALA, TIPO PONTALETEAMENTO, COM PROFUNDIDADE DE 1,5 A 3,0 M, LARGURA MAIOR OU IGUAL A 1,5 M E MENOR QUE 2,5 M, EM LOCAL COM NÍVEL ALTO DE INTERFERÊNCIA. AF_06/2016","M2",18.149999999999999,"COMPOSIÇÃO"]
[94041,"ESCORAMENTO DE VALA, TIPO PONTALETEAMENTO, COM PROFUNDIDADE DE 3,0 A 4,5 M, LARGURA MENOR QUE 1,5 M EM LOCAL COM NÍVEL ALTO DE INTERFERÊNCIA. AF_06/2016","M2",8.9700000000000006,"COMPOSIÇÃO"]
[94042,"ESCORAMENTO DE VALA, TIPO PONTALETEAMENTO, COM PROFUNDIDADE DE 3,0 A 4,5 M, LARGURA MAIOR OU IGUAL A 1,5 M E MENOR QUE 2,5 M, EM LOCAL COM NÍVEL ALTO DE INTERFERÊNCIA. AF_06/2016","M2",15.23,"COMPOSIÇÃO"]
[94043,"ESCORAMENTO DE VALA, TIPO PONTALETEAMENTO, COM PROFUNDIDADE DE 0 A 1,5 M, LARGURA MENOR QUE 1,5 M, EM LOCAL COM NÍVEL BAIXO DE INTERFERÊNCIA. AF_06/2016","M2",14.39,"COMPOSIÇÃO"]
[94044,"ESCORAMENTO DE VALA, TIPO PONTALETEAMENTO, COM PROFUNDIDADE DE 0 A 1,5 M, LARGURA MAIOR OU IGUAL A 1,5 M E MENOR QUE 2,5 M, EM LOCAL COM NÍVEL BAIXO DE INTERFERÊNCIA. AF_06/2016","M2",20.53,"COMPOSIÇÃO"]
[94045,"ESCORAMENTO DE VALA, TIPO PONTALETEAMENTO, COM PROFUNDIDADE DE 1,5 A 3,0 M, LARGURA MENOR QUE 1,5 M, EM LOCAL COM NÍVEL BAIXO DE INTERFERÊNCIA. AF_06/2016","M2",11.05,"COMPOSIÇÃO"]
[94046,"ESCORAMENTO DE VALA, TIPO PONTALETEAMENTO, COM PROFUNDIDADE DE 1,5 A 3,0 M, LARGURA MAIOR OU IGUAL A 1,5 M E MENOR QUE 2,5 M, EM LOCAL COM NÍVEL BAIXO DE INTERFERÊNCIA. AF_06/2016","M2",17.16,"COMPOSIÇÃO"]
[94047,"ESCORAMENTO DE VALA, TIPO PONTALETEAMENTO, COM PROFUNDIDADE DE 3,0 A 4,5 M, LARGURA MENOR QUE 1,5 M EM LOCAL COM NÍVEL BAIXO DE INTERFERÊNCIA. AF_06/2016","M2",8.02,"COMPOSIÇÃO"]
[94048,"ESCORAMENTO DE VALA, TIPO PONTALETEAMENTO, COM PROFUNDIDADE DE 3,0 A 4,5 M, LARGURA MAIOR OU IGUAL A 1,5 M E MENOR QUE 2,5 M, EM LOCAL COM NÍVEL BAIXO DE INTERFERÊNCIA. AF_06/2016","M2",14.25,"COMPOSIÇÃO"]
[94049,"ESCORAMENTO DE VALA, TIPO DESCONTÍNUO, COM PROFUNDIDADE DE 0 A 1,5 M, LARGURA MENOR QUE 1,5 M, EM LOCAL COM NÍVEL ALTO DE INTERFERÊNCIA. AF_06/2016","M2",24.02,"COMPOSIÇÃO"]
[94050,"ESCORAMENTO DE VALA, TIPO DESCONTÍNUO, COM PROFUNDIDADE DE 0 A 1,5 M, LARGURA MAIOR OU IGUAL A 1,5 M E MENOR QUE 2,5 M, EM LOCAL COM NÍVEL ALTO DE INTERFERÊNCIA. AF_06/2016","M2",32.01,"COMPOSIÇÃO"]
[94051,"ESCORAMENTO DE VALA, TIPO DESCONTÍNUO, COM PROFUNDIDADE DE 1,5 M A 3,0 M, LARGURA MENOR QUE 1,5 M, EM LOCAL COM NÍVEL ALTO DE INTERFERÊNCIA. AF_06/2016","M2",19.43,"COMPOSIÇÃO"]
[94052,"ESCORAMENTO DE VALA, TIPO DESCONTÍNUO, COM PROFUNDIDADE DE 1,5 A 3,0 M, LARGURA MAIOR OU IGUAL A 1,5 M E MENOR QUE 2,5 M, EM LOCAL COM NÍVEL ALTO DE INTERFERÊNCIA. AF_06/2016","M2",27.29,"COMPOSIÇÃO"]
[94053,"ESCORAMENTO DE VALA, TIPO DESCONTÍNUO, COM PROFUNDIDADE DE 3,0 A 4,5 M, LARGURA MENOR QUE 1,5 M, EM LOCAL COM NÍVEL ALTO DE INTERFERÊNCIA. AF_06/2016","M2",16.059999999999999,"COMPOSIÇÃO"]
[94054,"ESCORAMENTO DE VALA, TIPO DESCONTÍNUO, COM PROFUNDIDADE DE 3,0 A 4,5 M, LARGURA MAIOR OU IGUAL A 1,5 E MENOR QUE 2,5 M, EM LOCAL COM NÍVEL ALTO DE INTERFERÊNCIA. AF_06/2016","M2",24.03,"COMPOSIÇÃO"]
[94055,"ESCORAMENTO DE VALA, TIPO DESCONTÍNUO, COM PROFUNDIDADE DE 0 A 1,5 M, LARGURA MENOR QUE 1,5 M, EM LOCAL COM NÍVEL BAIXO DE INTERFERÊNCIA. AF_06/2016","M2",23.29,"COMPOSIÇÃO"]
[94056,"ESCORAMENTO DE VALA, TIPO DESCONTÍNUO, COM PROFUNDIDADE DE 0 A 1,5 M, LARGURA MAIOR OU IGUAL A 1,5 M E MENOR QUE 2,5 M, EM LOCAL COM NÍVEL BAIXO DE INTERFERÊNCIA. AF_06/2016","M2",30.77,"COMPOSIÇÃO"]
[94057,"ESCORAMENTO DE VALA, TIPO DESCONTÍNUO, COM PROFUNDIDADE DE 1,5 M A 3,0 M, LARGURA MENOR QUE 1,5 M, EM LOCAL COM NÍVEL BAIXO DE INTERFERÊNCIA. AF_06/2016","M2",18.2,"COMPOSIÇÃO"]
[94058,"ESCORAMENTO DE VALA, TIPO DESCONTÍNUO, COM PROFUNDIDADE DE 1,5 A 3,0 M, LARGURA MAIOR OU IGUAL A 1,5 M E MENOR QUE 2,5 M, EM LOCAL COM NÍVEL BAIXO DE INTERFERÊNCIA. AF_06/2016","M2",26.03,"COMPOSIÇÃO"]
[94059,"ESCORAMENTO DE VALA, TIPO DESCONTÍNUO, COM PROFUNDIDADE DE 3,0 A 4,5 M, LARGURA MENOR QUE 1,5 M, EM LOCAL COM NÍVEL BAIXO DE INTERFERÊNCIA. AF_06/2016","M2",14.82,"COMPOSIÇÃO"]
[94060,"ESCORAMENTO DE VALA, TIPO DESCONTÍNUO, COM PROFUNDIDADE DE 3,0 A 4,5 M, LARGURA MAIOR OU IGUAL A 1,5 E MENOR QUE 2,5 M, EM LOCAL COM NÍVEL BAIXO DE INTERFERÊNCIA. AF_06/2016","M2",22.78,"COMPOSIÇÃO"]
[101570,"ESCORAMENTO DE VALA, TIPO PONTALETEAMENTO, COM PROFUNDIDADE DE 0 A 1,5 M, LARGURA MENOR QUE 1,5 M. AF_08/2020","M2",14.68,"COMPOSIÇÃO"]
[101571,"ESCORAMENTO DE VALA, TIPO PONTALETEAMENTO, COM PROFUNDIDADE DE 0 A 1,5 M, LARGURA MAIOR OU IGUAL A 1,5 M E MENOR QUE 2,5 M. AF_08/2020","M2",21.06,"COMPOSIÇÃO"]
[101572,"ESCORAMENTO DE VALA, TIPO PONTALETEAMENTO, COM PROFUNDIDADE DE 1,5 A 3,0 M, LARGURA MENOR QUE 1,5 M. AF_08/2020","M2",11.31,"COMPOSIÇÃO"]
[101573,"ESCORAMENTO DE VALA, TIPO PONTALETEAMENTO, COM PROFUNDIDADE DE 1,5 A 3,0 M, LARGURA MAIOR OU IGUAL A 1,5 M E MENOR QUE 2,5 M. AF_08/2020","M2",17.690000000000001,"COMPOSIÇÃO"]
[101574,"ESCORAMENTO DE VALA, TIPO PONTALETEAMENTO, COM PROFUNDIDADE DE 3,0 A 4,5 M, LARGURA MENOR QUE 1,5 M. AF_08/2020","M2",8.32,"COMPOSIÇÃO"]
[101575,"ESCORAMENTO DE VALA, TIPO PONTALETEAMENTO, COM PROFUNDIDADE DE 3,0 A 4,5 M, LARGURA MAIOR OU IGUAL A 1,5 M E MENOR QUE 2,5 M. AF_08/2020","M2",14.88,"COMPOSIÇÃO"]
[101576,"ESCORAMENTO DE VALA, TIPO DESCONTÍNUO, COM PROFUNDIDADE DE 0 A 1,5 M, LARGURA MENOR QUE 1,5 M. AF_08/2020","M2",23.09,"COMPOSIÇÃO"]
[101577,"ESCORAMENTO DE VALA, TIPO DESCONTÍNUO, COM PROFUNDIDADE DE 0 A 1,5 M, LARGURA MAIOR OU IGUAL A 1,5 M E MENOR QUE 2,5 M. AF_08/2020","M2",31.19,"COMPOSIÇÃO"]
[101578,"ESCORAMENTO DE VALA, TIPO DESCONTÍNUO, COM PROFUNDIDADE DE 1,5 M A 3,0 M, LARGURA MENOR QUE 1,5 M. AF_08/2020","M2",18.489999999999998,"COMPOSIÇÃO"]
[101579,"ESCORAMENTO DE VALA, TIPO DESCONTÍNUO, COM PROFUNDIDADE DE 1,5 A 3,0 M, LARGURA MAIOR OU IGUAL A 1,5 M E MENOR QUE 2,5 M. AF_08/2020","M2",26.6,"COMPOSIÇÃO"]
[101580,"ESCORAMENTO DE VALA, TIPO DESCONTÍNUO, COM PROFUNDIDADE DE 3,0 A 4,5 M, LARGURA MENOR QUE 1,5 M. AF_08/2020","M2",15.26,"COMPOSIÇÃO"]
[101581,"ESCORAMENTO DE VALA, TIPO DESCONTÍNUO, COM PROFUNDIDADE DE 3,0 A 4,5 M, LARGURA MAIOR OU IGUAL A 1,5 E MENOR QUE 2,5 M. AF_08/2020","M2",23.55,"COMPOSIÇÃO"]
[101582,"ESCORAMENTO DE VALA, TIPO CONTÍNUO, COM PROFUNDIDADE DE 0 A 1,5 M, LARGURA MENOR QUE 1,5 M. AF_08/2020","M2",36.74,"COMPOSIÇÃO"]
[101583,"ESCORAMENTO DE VALA, TIPO CONTÍNUO, COM PROFUNDIDADE DE 0 A 1,5 M, LARGURA MAIOR OU IGUAL A 1,5 M E MENOR QUE 2,5 M. AF_08/2020","M2",49.27,"COMPOSIÇÃO"]
[101584,"ESCORAMENTO DE VALA, TIPO CONTÍNUO, COM PROFUNDIDADE DE 1,5 M A 3,0 M, LARGURA MENOR QUE 1,5 M. AF_08/2020","M2",29.25,"COMPOSIÇÃO"]
[101585,"ESCORAMENTO DE VALA, TIPO CONTÍNUO, COM PROFUNDIDADE DE 1,5 A 3,0 M, LARGURA MAIOR OU IGUAL A 1,5 M E MENOR QUE 2,5 M. AF_08/2020","M2",41.77,"COMPOSIÇÃO"]
[101586,"ESCORAMENTO DE VALA, TIPO CONTÍNUO, COM PROFUNDIDADE DE 3,0 A 4,5 M, LARGURA MENOR QUE 1,5 M. AF_08/2020","M2",23.54,"COMPOSIÇÃO"]
[101587,"ESCORAMENTO DE VALA, TIPO CONTÍNUO, COM PROFUNDIDADE DE 3,0 A 4,5 M, LARGURA MAIOR OU IGUAL A 1,5 E MENOR QUE 2,5 M. AF_08/2020","M2",36.25,"COMPOSIÇÃO"]
[101588,"ESCORAMENTO DE VALA, TIPO CONTÍNUO COM PERFIL METÁLICO \"U\", COM PROFUNDIDADE DE 0 A 1,5 M, LARGURA MENOR QUE 1,5 M. AF_08/2020","M2",56.98,"COMPOSIÇÃO"]
[101589,"ESCORAMENTO DE VALA,TIPO CONTÍNUO COM PERFIL METÁLICO \"U\", COM PROFUNDIDADE DE 0 A 1,5 M, LARGURA MAIOR OU IGUAL A 1,5 E MENOR QUE 2,5 M. AF_08/2020","M2",83.8,"COMPOSIÇÃO"]
[101590,"ESCORAMENTO DE VALA, TIPO CONTÍNUO COM PERFIL METÁLICO \"U\", COM PROFUNDIDADE DE 1,5 A 3,0 M, LARGURA MENOR QUE 1,5 M. AF_08/2020","M2",42.87,"COMPOSIÇÃO"]
[101591,"ESCORAMENTO DE VALA, TIPO CONTÍNUO COM PERFIL METÁLICO \"U\", COM PROFUNDIDADE DE 1,5 A 3,0 M, LARGURA MAIOR OU IGUAL 1,5 M E MENOR QUE 2,5 M. AF_08/2020","M2",69.67,"COMPOSIÇÃO"]
[101592,"ESCORAMENTO DE VALA, TIPO CONTÍNUO COM PERFIL METÁLICO \"U\", COM PROFUNDIDADE DE 3,0 A 4,5 M, LARGURA MENOR QUE 1,5 M. AF_08/2020","M2",29.43,"COMPOSIÇÃO"]
[101593,"ESCORAMENTO DE VALA, TIPO CONTÍNUO COM PERFIL METÁLICO \"U\", COM PROFUNDIDADE DE 3,0 A 4,5 M, LARGURA MAIOR OU IGUAL A 1,5 M E MENOR QUE 2,5 M. AF_08/2020","M2",56.41,"COMPOSIÇÃO"]
[101600,"ESCORAMENTO DE VALA, TIPO BLINDAGEM, COM PROFUNDIDADE DE 0 A 1,5 M, LARGURA MENOR QUE 1,5 M - EXECUÇÃO, NÃO INCLUI MATERIAL. AF_08/2020","M2",10.88,"COMPOSIÇÃO"]
[101601,"ESCORAMENTO DE VALA, TIPO BLINDAGEM COM PROFUNDIDADE DE 0 A 1,5 M, LARGURA MAIOR OU IGUAL A 1,5 M E MENOR QUE 2,5 M - EXECUÇÃO, NÃO INCLUI MATERIAL. AF_08/2020","M2",16.11,"COMPOSIÇÃO"]
[101602,"ESCORAMENTO DE VALA, TIPO BLINDAGEM, COM PROFUNDIDADE DE 1,5 A 3,0 M, LARGURA MENOR QUE 1,5 M - EXECUÇÃO, NÃO INCLUI MATERIAL. AF_08/2020","M2",8.07,"COMPOSIÇÃO"]
[101603,"ESCORAMENTO DE VALA, TIPO BLINDAGEM, COM PROFUNDIDADE DE 1,5 A 3,0 M, LARGURA MAIOR OU IGUAL A 1,5 M E MENOR QUE 2,5 M - EXECUÇÃO, NÃO INCLUI MATERIAL. AF_08/2020","M2",13.3,"COMPOSIÇÃO"]
[101604,"ESCORAMENTO DE VALA, TIPO BLINDAGEM, COM PROFUNDIDADE DE 3,0 A 4,5 M, LARGURA MENOR QUE 1,5 M - EXECUÇÃO, NÃO INCLUI MATERIAL. AF_08/2020","M2",5.27,"COMPOSIÇÃO"]
[101605,"ESCORAMENTO DE VALA, TIPO BLINDAGEM, COM PROFUNDIDADE DE 3,0 A 4,5 M, LARGURA MAIOR OU IGUAL A 1,5 M E MENOR QUE 2,5 M - EXECUÇÃO, NÃO INCLUI MATERIAL. AF_08/2020","M2",10.5,"COMPOSIÇÃO"]
[90788,"KIT DE PORTA-PRONTA DE MADEIRA EM ACABAMENTO MELAMÍNICO BRANCO, FOLHA LEVE OU MÉDIA, 60X210CM, EXCLUSIVE FECHADURA, FIXAÇÃO COM PREENCHIMENTO PARCIAL DE ESPUMA EXPANSIVA - FORNECIMENTO E INSTALAÇÃO. AF_12/2019","UN",545.64,"COMPOSIÇÃO"]
[90789,"KIT DE PORTA-PRONTA DE MADEIRA EM ACABAMENTO MELAMÍNICO BRANCO, FOLHA LEVE OU MÉDIA, 70X210CM, EXCLUSIVE FECHADURA, FIXAÇÃO COM PREENCHIMENTO PARCIAL DE ESPUMA EXPANSIVA - FORNECIMENTO E INSTALAÇÃO. AF_12/2019","UN",563.72,"COMPOSIÇÃO"]
[90790,"KIT DE PORTA-PRONTA DE MADEIRA EM ACABAMENTO MELAMÍNICO BRANCO, FOLHA LEVE OU MÉDIA, 80X210CM, EXCLUSIVE FECHADURA, FIXAÇÃO COM PREENCHIMENTO PARCIAL DE ESPUMA EXPANSIVA - FORNECIMENTO E INSTALAÇÃO. AF_12/2019","UN",568.39,"COMPOSIÇÃO"]
[90791,"KIT DE PORTA-PRONTA DE MADEIRA EM ACABAMENTO MELAMÍNICO BRANCO, FOLHA PESADA OU SUPERPESADA, 80X210CM, EXCLUSIVE FECHADURA, FIXAÇÃO COM PREENCHIMENTO PARCIAL DE ESPUMA EXPANSIVA - FORNECIMENTO E INSTALAÇÃO. AF_12/2019","UN",607.38,"COMPOSIÇÃO"]
[90793,"KIT DE PORTA-PRONTA DE MADEIRA EM ACABAMENTO MELAMÍNICO BRANCO, FOLHA PESADA OU SUPERPESADA, 90X210CM, EXCLUSIVE FECHADURA, FIXAÇÃO COM PREENCHIMENTO TOTAL DE ESPUMA EXPANSIVA - FORNECIMENTO E INSTALAÇÃO. AF_12/2019","UN",648.49,"COMPOSIÇÃO"]
[90794,"KIT DE PORTA-PRONTA DE MADEIRA EM ACABAMENTO MELAMÍNICO BRANCO, FOLHA LEVE OU MÉDIA, E BATENTE METÁLICO, 60X210CM, EXCLUSIVE FECHADURA, FIXAÇÃO COM ARGAMASSA - FORNECIMENTO E INSTALAÇÃO. AF_12/2019","UN",537.27,"COMPOSIÇÃO"]
[90795,"KIT DE PORTA-PRONTA DE MADEIRA EM ACABAMENTO MELAMÍNICO BRANCO, FOLHA LEVE OU MÉDIA, E BATENTE METÁLICO, 70X210CM,  EXCLUSIVE FECHADURA, FIXAÇÃO COM ARGAMASSA - FORNECIMENTO E INSTALAÇÃO. AF_12/2019","UN",520.70000000000005,"COMPOSIÇÃO"]
[90796,"KIT DE PORTA-PRONTA DE MADEIRA EM ACABAMENTO MELAMÍNICO BRANCO, FOLHA LEVE OU MÉDIA, E BATENTE METÁLICO, 80X210CM, EXCLUSIVE FECHADURA, FIXAÇÃO COM ARGAMASSA - FORNECIMENTO E INSTALAÇÃO. AF_12/2019","UN",530.58000000000004,"COMPOSIÇÃO"]
[90797,"KIT DE PORTA-PRONTA DE MADEIRA EM ACABAMENTO MELAMÍNICO BRANCO, FOLHA LEVE OU MÉDIA, E BATENTE METÁLICO, 90X210CM,  EXCLUSIVE FECHADURA, FIXAÇÃO COM ARGAMASSA - FORNECIMENTO E INSTALAÇÃO. AF_12/2019","UN",649.41,"COMPOSIÇÃO"]
[90798,"KIT DE PORTA-PRONTA DE MADEIRA EM ACABAMENTO MELAMÍNICO BRANCO, FOLHA PESADA OU SUPERPESADA, E BATENTE METÁLICO, 80X210CM, EXCLUSIVE FECHADURA, FIXAÇÃO COM ARGAMASSA - FORNECIMENTO E INSTALAÇÃO. AF_12/2019","UN",653.91,"COMPOSIÇÃO"]
[90799,"KIT DE PORTA-PRONTA DE MADEIRA EM ACABAMENTO MELAMÍNICO BRANCO, FOLHA PESADA OU SUPERPESADA, E BATENTE METÁLICO, 90X210CM, EXCLUSIVE FECHADURA, FIXAÇÃO COM ARGAMASSA - FORNECIMENTO E INSTALAÇÃO. AF_12/2019","UN",675.13,"COMPOSIÇÃO"]
[90801,"BATENTE PARA PORTA DE MADEIRA, PADRÃO MÉDIO - FORNECIMENTO E MONTAGEM. AF_12/2019","UN",188.68,"COMPOSIÇÃO"]
[90806,"BATENTE PARA PORTA DE MADEIRA, FIXAÇÃO COM ARGAMASSA, PADRÃO MÉDIO - FORNECIMENTO E INSTALAÇÃO. AF_12/2019_P","UN",256.22000000000003,"COMPOSIÇÃO"]
[90820,"PORTA DE MADEIRA PARA PINTURA, SEMI-OCA (LEVE OU MÉDIA), 60X210CM, ESPESSURA DE 3,5CM, INCLUSO DOBRADIÇAS - FORNECIMENTO E INSTALAÇÃO. AF_12/2019","UN",336.7,"COMPOSIÇÃO"]
[90821,"PORTA DE MADEIRA PARA PINTURA, SEMI-OCA (LEVE OU MÉDIA), 70X210CM, ESPESSURA DE 3,5CM, INCLUSO DOBRADIÇAS - FORNECIMENTO E INSTALAÇÃO. AF_12/2019","UN",368.84,"COMPOSIÇÃO"]
[90822,"PORTA DE MADEIRA PARA PINTURA, SEMI-OCA (LEVE OU MÉDIA), 80X210CM, ESPESSURA DE 3,5CM, INCLUSO DOBRADIÇAS - FORNECIMENTO E INSTALAÇÃO. AF_12/2019","UN",363.29,"COMPOSIÇÃO"]
[90823,"PORTA DE MADEIRA PARA PINTURA, SEMI-OCA (LEVE OU MÉDIA), 90X210CM, ESPESSURA DE 3,5CM, INCLUSO DOBRADIÇAS - FORNECIMENTO E INSTALAÇÃO. AF_12/2019","UN",383.32,"COMPOSIÇÃO"]
[90824,"PORTA DE MADEIRA PARA PINTURA, SEMI-OCA (PESADA OU SUPERPESADA), 80X210CM, ESPESSURA DE 3,5CM, INCLUSO DOBRADIÇAS - FORNECIMENTO E INSTALAÇÃO. AF_12/2019","UN",391.99,"COMPOSIÇÃO"]
[90825,"PORTA DE MADEIRA, MACIÇA (PESADA OU SUPERPESADA), 90X210CM, ESPESSURA DE 3,5CM, INCLUSO DOBRADIÇAS - FORNECIMENTO E INSTALAÇÃO. AF_12/2019","UN",421.6,"COMPOSIÇÃO"]
[90830,"FECHADURA DE EMBUTIR COM CILINDRO, EXTERNA, COMPLETA, ACABAMENTO PADRÃO MÉDIO, INCLUSO EXECUÇÃO DE FURO - FORNECIMENTO E INSTALAÇÃO. AF_12/2019","UN",97.17,"COMPOSIÇÃO"]
[90831,"FECHADURA DE EMBUTIR PARA PORTA DE BANHEIRO, COMPLETA, ACABAMENTO PADRÃO MÉDIO, INCLUSO EXECUÇÃO DE FURO - FORNECIMENTO E INSTALAÇÃO. AF_12/2019","UN",76.11,"COMPOSIÇÃO"]
[90841,"KIT DE PORTA DE MADEIRA PARA PINTURA, SEMI-OCA (LEVE OU MÉDIA), PADRÃO MÉDIO, 60X210CM, ESPESSURA DE 3,5CM, ITENS INCLUSOS: DOBRADIÇAS, MONTAGEM E INSTALAÇÃO DO BATENTE, FECHADURA COM EXECUÇÃO DO FURO - FORNECIMENTO E INSTALAÇÃO. AF_12/2019","UN",725.28,"COMPOSIÇÃO"]
[90842,"KIT DE PORTA DE MADEIRA PARA PINTURA, SEMI-OCA (LEVE OU MÉDIA), PADRÃO MÉDIO, 70X210CM, ESPESSURA DE 3,5CM, ITENS INCLUSOS: DOBRADIÇAS, MONTAGEM E INSTALAÇÃO DO BATENTE, FECHADURA COM EXECUÇÃO DO FURO - FORNECIMENTO E INSTALAÇÃO. AF_12/2019","UN",765.2,"COMPOSIÇÃO"]
[90843,"KIT DE PORTA DE MADEIRA PARA PINTURA, SEMI-OCA (LEVE OU MÉDIA), PADRÃO MÉDIO, 80X210CM, ESPESSURA DE 3,5CM, ITENS INCLUSOS: DOBRADIÇAS, MONTAGEM E INSTALAÇÃO DO BATENTE, FECHADURA COM EXECUÇÃO DO FURO - FORNECIMENTO E INSTALAÇÃO. AF_12/2019","UN",775.28,"COMPOSIÇÃO"]
[90844,"KIT DE PORTA DE MADEIRA PARA PINTURA, SEMI-OCA (LEVE OU MÉDIA), PADRÃO MÉDIO, 90X210CM, ESPESSURA DE 3,5CM, ITENS INCLUSOS: DOBRADIÇAS, MONTAGEM E INSTALAÇÃO DO BATENTE, FECHADURA COM EXECUÇÃO DO FURO - FORNECIMENTO E INSTALAÇÃO. AF_12/2019","UN",796.48,"COMPOSIÇÃO"]
[90845,"KIT DE PORTA DE MADEIRA PARA PINTURA, SEMI-OCA (PESADA OU SUPERPESADA), PADRÃO MÉDIO, 80X210CM, ESPESSURA DE 3,5CM, ITENS INCLUSOS: DOBRADIÇAS, MONTAGEM E INSTALAÇÃO DO BATENTE, FECHADURA COM EXECUÇÃO DO FURO - FORNECIMENTO E INSTALAÇÃO. AF_12/2019","UN",803.98,"COMPOSIÇÃO"]
[90846,"KIT DE PORTA DE MADEIRA PARA PINTURA, SEMI-OCA (PESADA OU SUPERPESADA), PADRÃO MÉDIO, 90X210CM, ESPESSURA DE 3,5CM, ITENS INCLUSOS: DOBRADIÇAS, MONTAGEM E INSTALAÇÃO DO BATENTE, FECHADURA COM EXECUÇÃO DO FURO - FORNECIMENTO E INSTALAÇÃO. AF_12/2019","UN",834.76,"COMPOSIÇÃO"]
[90847,"KIT DE PORTA DE MADEIRA PARA PINTURA, SEMI-OCA (LEVE OU MÉDIA), PADRÃO MÉDIO, 60X210CM, ESPESSURA DE 3,5CM, ITENS INCLUSOS: DOBRADIÇAS, MONTAGEM E INSTALAÇÃO DO BATENTE, SEM FECHADURA - FORNECIMENTO E INSTALAÇÃO. AF_12/2019","UN",649.16999999999996,"COMPOSIÇÃO"]
[90848,"KIT DE PORTA DE MADEIRA PARA PINTURA, SEMI-OCA (LEVE OU MÉDIA), PADRÃO MÉDIO, 70X210CM, ESPESSURA DE 3,5CM, ITENS INCLUSOS: DOBRADIÇAS, MONTAGEM E INSTALAÇÃO DO BATENTE, SEM FECHADURA - FORNECIMENTO E INSTALAÇÃO. AF_12/2019","UN",682.48,"COMPOSIÇÃO"]
[90849,"KIT DE PORTA DE MADEIRA PARA PINTURA, SEMI-OCA (LEVE OU MÉDIA), PADRÃO MÉDIO, 80X210CM, ESPESSURA DE 3,5CM, ITENS INCLUSOS: DOBRADIÇAS, MONTAGEM E INSTALAÇÃO DO BATENTE, SEM FECHADURA - FORNECIMENTO E INSTALAÇÃO. AF_12/2019","UN",678.11,"COMPOSIÇÃO"]
[90850,"KIT DE PORTA DE MADEIRA PARA PINTURA, SEMI-OCA (LEVE OU MÉDIA), PADRÃO MÉDIO, 90X210CM, ESPESSURA DE 3,5CM, ITENS INCLUSOS: DOBRADIÇAS, MONTAGEM E INSTALAÇÃO DO BATENTE, SEM FECHADURA - FORNECIMENTO E INSTALAÇÃO. AF_12/2019","UN",699.31,"COMPOSIÇÃO"]
[90851,"KIT DE PORTA DE MADEIRA PARA PINTURA, SEMI-OCA (PESADA OU SUPERPESADA), PADRÃO MÉDIO, 80X210CM, ESPESSURA DE 3,5CM, ITENS INCLUSOS: DOBRADIÇAS, MONTAGEM E INSTALAÇÃO DO BATENTE, SEM FECHADURA - FORNECIMENTO E INSTALAÇÃO. AF_12/2019","UN",706.81,"COMPOSIÇÃO"]
[90852,"KIT DE PORTA DE MADEIRA PARA PINTURA, SEMI-OCA (PESADA OU SUPERPESADA), PADRÃO MÉDIO, 90X210CM, ESPESSURA DE 3,5CM, ITENS INCLUSOS: DOBRADIÇAS, MONTAGEM E INSTALAÇÃO DO BATENTE, SEM FECHADURA - FORNECIMENTO E INSTALAÇÃO. AF_12/2019","UN",737.59,"COMPOSIÇÃO"]
[91009,"PORTA DE MADEIRA PARA VERNIZ, SEMI-OCA (LEVE OU MÉDIA), 60X210CM, ESPESSURA DE 3,5CM, INCLUSO DOBRADIÇAS - FORNECIMENTO E INSTALAÇÃO. AF_12/2019","UN",345.56,"COMPOSIÇÃO"]
[91010,"PORTA DE MADEIRA PARA VERNIZ, SEMI-OCA (LEVE OU MÉDIA), 70X210CM, ESPESSURA DE 3,5CM, INCLUSO DOBRADIÇAS - FORNECIMENTO E INSTALAÇÃO. AF_12/2019","UN",271.73,"COMPOSIÇÃO"]
[91011,"PORTA DE MADEIRA PARA VERNIZ, SEMI-OCA (LEVE OU MÉDIA), 80X210CM, ESPESSURA DE 3,5CM, INCLUSO DOBRADIÇAS - FORNECIMENTO E INSTALAÇÃO. AF_12/2019","UN",396.48,"COMPOSIÇÃO"]
[91012,"PORTA DE MADEIRA PARA VERNIZ, SEMI-OCA (LEVE OU MÉDIA), 90X210CM, ESPESSURA DE 3,5CM, INCLUSO DOBRADIÇAS - FORNECIMENTO E INSTALAÇÃO. AF_12/2019","UN",376.5,"COMPOSIÇÃO"]
[91013,"KIT DE PORTA DE MADEIRA PARA VERNIZ, SEMI-OCA (LEVE OU MÉDIA), PADRÃO MÉDIO, 60X210CM, ESPESSURA DE 3,5CM, ITENS INCLUSOS: DOBRADIÇAS, MONTAGEM E INSTALAÇÃO DO BATENTE, SEM FECHADURA - FORNECIMENTO E INSTALAÇÃO. AF_12/2019","UN",658.03,"COMPOSIÇÃO"]
[91014,"KIT DE PORTA DE MADEIRA PARA VERNIZ, SEMI-OCA (LEVE OU MÉDIA), PADRÃO MÉDIO, 70X210CM, ESPESSURA DE 3,5CM, ITENS INCLUSOS: DOBRADIÇAS, MONTAGEM E INSTALAÇÃO DO BATENTE, SEM FECHADURA - FORNECIMENTO E INSTALAÇÃO. AF_12/2019","UN",585.37,"COMPOSIÇÃO"]
[91015,"KIT DE PORTA DE MADEIRA PARA VERNIZ, SEMI-OCA (LEVE OU MÉDIA), PADRÃO MÉDIO, 80X210CM, ESPESSURA DE 3,5CM, ITENS INCLUSOS: DOBRADIÇAS, MONTAGEM E INSTALAÇÃO DO BATENTE, SEM FECHADURA - FORNECIMENTO E INSTALAÇÃO. AF_12/2019","UN",711.3,"COMPOSIÇÃO"]
[91016,"KIT DE PORTA DE MADEIRA PARA VERNIZ, SEMI-OCA (LEVE OU MÉDIA), PADRÃO MÉDIO, 90X210CM, ESPESSURA DE 3,5CM, ITENS INCLUSOS: DOBRADIÇAS, MONTAGEM E INSTALAÇÃO DO BATENTE, SEM FECHADURA - FORNECIMENTO E INSTALAÇÃO. AF_12/2019","UN",692.49,"COMPOSIÇÃO"]
[91287,"BATENTE PARA PORTA DE MADEIRA, PADRÃO POPULAR - FORNECIMENTO E MONTAGEM. AF_12/2019","UN",152.03,"COMPOSIÇÃO"]
[91292,"BATENTE PARA PORTA DE MADEIRA, FIXAÇÃO COM ARGAMASSA, PADRÃO POPULAR. FORNECIMENTO E INSTALAÇÃO. AF_12/2019_P","UN",219.57,"COMPOSIÇÃO"]
[91295,"PORTA DE MADEIRA FRISADA, SEMI-OCA (LEVE OU MÉDIA), 60X210CM, ESPESSURA DE 3CM, INCLUSO DOBRADIÇAS - FORNECIMENTO E INSTALAÇÃO. AF_12/2019","UN",321.75,"COMPOSIÇÃO"]
[91296,"PORTA DE MADEIRA FRISADA, SEMI-OCA (LEVE OU MÉDIA), 70X210CM, ESPESSURA DE 3CM, INCLUSO DOBRADIÇAS - FORNECIMENTO E INSTALAÇÃO. AF_12/2019","UN",342.96,"COMPOSIÇÃO"]
[91297,"PORTA DE MADEIRA FRISADA, SEMI-OCA (LEVE OU MÉDIA), 80X210CM, ESPESSURA DE 3,5CM, INCLUSO DOBRADIÇAS - FORNECIMENTO E INSTALAÇÃO. AF_12/2019","UN",398.91,"COMPOSIÇÃO"]
[91298,"PORTA DE MADEIRA TIPO VENEZIANA, 80X210CM, ESPESSURA DE 3CM, INCLUSO DOBRADIÇAS - FORNECIMENTO E INSTALAÇÃO. AF_12/2019","UN",525.86,"COMPOSIÇÃO"]
[91299,"PORTA DE MADEIRA, TIPO MEXICANA, MACIÇA (PESADA OU SUPERPESADA), 80X210CM, ESPESSURA DE 3,5CM, INCLUSO DOBRADIÇAS - FORNECIMENTO E INSTALAÇÃO. AF_12/2019","UN",727.74,"COMPOSIÇÃO"]
[91304,"FECHADURA DE EMBUTIR COM CILINDRO, EXTERNA, COMPLETA, ACABAMENTO PADRÃO POPULAR, INCLUSO EXECUÇÃO DE FURO - FORNECIMENTO E INSTALAÇÃO. AF_12/2019","UN",74.069999999999993,"COMPOSIÇÃO"]
[91305,"FECHADURA DE EMBUTIR PARA PORTA DE BANHEIRO, COMPLETA, ACABAMENTO PADRÃO POPULAR, INCLUSO EXECUÇÃO DE FURO - FORNECIMENTO E INSTALAÇÃO. AF_12/2019","UN",55.92,"COMPOSIÇÃO"]
[91306,"FECHADURA DE EMBUTIR PARA PORTAS INTERNAS, COMPLETA, ACABAMENTO PADRÃO MÉDIO, COM EXECUÇÃO DE FURO - FORNECIMENTO E INSTALAÇÃO. AF_12/2019","UN",82.72,"COMPOSIÇÃO"]
[91307,"FECHADURA DE EMBUTIR PARA PORTAS INTERNAS, COMPLETA, ACABAMENTO PADRÃO POPULAR, COM EXECUÇÃO DE FURO - FORNECIMENTO E INSTALAÇÃO. AF_12/2019","UN",58.63,"COMPOSIÇÃO"]
[91312,"KIT DE PORTA DE MADEIRA PARA PINTURA, SEMI-OCA (LEVE OU MÉDIA), PADRÃO POPULAR, 60X210CM, ESPESSURA DE 3,5CM, ITENS INCLUSOS: DOBRADIÇAS, MONTAGEM E INSTALAÇÃO DO BATENTE, FECHADURA COM EXECUÇÃO DO FURO - FORNECIMENTO E INSTALAÇÃO. AF_12/2019","UN",659.99,"COMPOSIÇÃO"]
[91313,"KIT DE PORTA DE MADEIRA PARA PINTURA, SEMI-OCA (LEVE OU MÉDIA), PADRÃO POPULAR, 70X210CM, ESPESSURA DE 3,5CM, ITENS INCLUSOS: DOBRADIÇAS, MONTAGEM E INSTALAÇÃO DO BATENTE, FECHADURA COM EXECUÇÃO DO FURO - FORNECIMENTO E INSTALAÇÃO. AF_12/2019","UN",695.84,"COMPOSIÇÃO"]
[91314,"KIT DE PORTA DE MADEIRA PARA PINTURA, SEMI-OCA (LEVE OU MÉDIA), PADRÃO POPULAR, 80X210CM, ESPESSURA DE 3,5CM, ITENS INCLUSOS: DOBRADIÇAS, MONTAGEM E INSTALAÇÃO DO BATENTE, FECHADURA COM EXECUÇÃO DO FURO - FORNECIMENTO E INSTALAÇÃO. AF_12/2019","UN",706.73,"COMPOSIÇÃO"]
[91315,"KIT DE PORTA DE MADEIRA PARA PINTURA, SEMI-OCA (LEVE OU MÉDIA), PADRÃO POPULAR, 90X210CM, ESPESSURA DE 3,5CM, ITENS INCLUSOS: DOBRADIÇAS, MONTAGEM E INSTALAÇÃO DO BATENTE, FECHADURA COM EXECUÇÃO DO FURO - FORNECIMENTO E INSTALAÇÃO. AF_12/2019","UN",727.75,"COMPOSIÇÃO"]
[91316,"KIT DE PORTA DE MADEIRA PARA PINTURA, SEMI-OCA (PESADA OU SUPERPESADA), PADRÃO POPULAR, 80X210CM, ESPESSURA DE 3,5CM, ITENS INCLUSOS: DOBRADIÇAS, MONTAGEM E INSTALAÇÃO DO BATENTE, FECHADURA COM EXECUÇÃO DO FURO - FORNECIMENTO E INSTALAÇÃO. AF_12/2019","UN",735.43,"COMPOSIÇÃO"]
[91317,"KIT DE PORTA DE MADEIRA PARA PINTURA, SEMI-OCA (PESADA OU SUPERPESADA), PADRÃO POPULAR, 90X210CM, ESPESSURA DE 3,5CM, ITENS INCLUSOS: DOBRADIÇAS, MONTAGEM E INSTALAÇÃO DO BATENTE, FECHADURA COM EXECUÇÃO DO FURO - FORNECIMENTO E INSTALAÇÃO. AF_12/2019","UN",766.03,"COMPOSIÇÃO"]
[91318,"KIT DE PORTA DE MADEIRA PARA PINTURA, SEMI-OCA (LEVE OU MÉDIA), PADRÃO POPULAR, 60X210CM, ESPESSURA DE 3,5CM, ITENS INCLUSOS: DOBRADIÇAS, MONTAGEM E INSTALAÇÃO DO BATENTE, SEM FECHADURA - FORNECIMENTO E INSTALAÇÃO. AF_12/2019","UN",604.07000000000005,"COMPOSIÇÃO"]
[91319,"KIT DE PORTA DE MADEIRA PARA PINTURA, SEMI-OCA (LEVE OU MÉDIA), PADRÃO POPULAR, 70X210CM, ESPESSURA DE 3,5CM, ITENS INCLUSOS: DOBRADIÇAS, MONTAGEM E INSTALAÇÃO DO BATENTE, SEM FECHADURA - FORNECIMENTO E INSTALAÇÃO. AF_12/2019","UN",637.21,"COMPOSIÇÃO"]
[91320,"KIT DE PORTA DE MADEIRA PARA PINTURA, SEMI-OCA (LEVE OU MÉDIA), PADRÃO POPULAR, 80X210CM, ESPESSURA DE 3,5CM, ITENS INCLUSOS: DOBRADIÇAS, MONTAGEM E INSTALAÇÃO DO BATENTE, SEM FECHADURA - FORNECIMENTO E INSTALAÇÃO. AF_12/2019","UN",632.66,"COMPOSIÇÃO"]
[91321,"KIT DE PORTA DE MADEIRA PARA PINTURA, SEMI-OCA (LEVE OU MÉDIA), PADRÃO POPULAR, 90X210CM, ESPESSURA DE 3,5CM, ITENS INCLUSOS: DOBRADIÇAS, MONTAGEM E INSTALAÇÃO DO BATENTE, SEM FECHADURA - FORNECIMENTO E INSTALAÇÃO. AF_12/2019","UN",653.67999999999995,"COMPOSIÇÃO"]
[91322,"KIT DE PORTA DE MADEIRA PARA PINTURA, SEMI-OCA (PESADA OU SUPERPESADA), PADRÃO POPULAR, 80X210CM, ESPESSURA DE 3,5CM, ITENS INCLUSOS: DOBRADIÇAS, MONTAGEM E INSTALAÇÃO DO BATENTE, SEM FECHADURA - FORNECIMENTO E INSTALAÇÃO. AF_12/2019","UN",661.36,"COMPOSIÇÃO"]
[91323,"KIT DE PORTA DE MADEIRA PARA PINTURA, SEMI-OCA (PESADA OU SUPERPESADA), PADRÃO POPULAR, 90X210CM, ESPESSURA DE 3,5CM, ITENS INCLUSOS: DOBRADIÇAS, MONTAGEM E INSTALAÇÃO DO BATENTE, SEM FECHADURA - FORNECIMENTO E INSTALAÇÃO. AF_12/2019","UN",691.96,"COMPOSIÇÃO"]
[91324,"KIT DE PORTA DE MADEIRA PARA VERNIZ, SEMI-OCA (LEVE OU MÉDIA), PADRÃO POPULAR, 60X210CM, ESPESSURA DE 3,5CM, ITENS INCLUSOS: DOBRADIÇAS, MONTAGEM E INSTALAÇÃO DO BATENTE, SEM FECHADURA - FORNECIMENTO E INSTALAÇÃO. AF_12/2019","UN",612.92999999999995,"COMPOSIÇÃO"]
[91325,"KIT DE PORTA DE MADEIRA PARA VERNIZ, SEMI-OCA (LEVE OU MÉDIA), PADRÃO POPULAR, 70X210CM, ESPESSURA DE 3,5CM, ITENS INCLUSOS: DOBRADIÇAS, MONTAGEM E INSTALAÇÃO DO BATENTE, SEM FECHADURA - FORNECIMENTO E INSTALAÇÃO. AF_12/2019","UN",540.1,"COMPOSIÇÃO"]
[91326,"KIT DE PORTA DE MADEIRA PARA VERNIZ, SEMI-OCA (LEVE OU MÉDIA), PADRÃO POPULAR, 80X210CM, ESPESSURA DE 3,5CM, ITENS INCLUSOS: DOBRADIÇAS, MONTAGEM E INSTALAÇÃO DO BATENTE, SEM FECHADURA - FORNECIMENTO E INSTALAÇÃO. AF_12/2019","UN",665.85,"COMPOSIÇÃO"]
[91327,"KIT DE PORTA DE MADEIRA PARA VERNIZ, SEMI-OCA (LEVE OU MÉDIA), PADRÃO POPULAR, 90X210CM, ESPESSURA DE 3,5CM, ITENS INCLUSOS: DOBRADIÇAS, MONTAGEM E INSTALAÇÃO DO BATENTE, SEM FECHADURA - FORNECIMENTO E INSTALAÇÃO. AF_12/2019","UN",646.86,"COMPOSIÇÃO"]
[91328,"KIT DE PORTA DE MADEIRA FRISADA, SEMI-OCA (LEVE OU MÉDIA), PADRÃO MÉDIO 60X210CM, ESPESSURA DE 3CM, ITENS INCLUSOS: DOBRADIÇAS, MONTAGEM E INSTALAÇÃO DO BATENTE, SEM FECHADURA - FORNECIMENTO E INSTALAÇÃO. AF_12/2019","UN",634.22,"COMPOSIÇÃO"]
[91329,"KIT DE PORTA DE MADEIRA FRISADA, SEMI-OCA (LEVE OU MÉDIA), PADRÃO POPULAR, 60X210CM, ESPESSURA DE 3CM, ITENS INCLUSOS: DOBRADIÇAS, MONTAGEM E INSTALAÇÃO DO BATENTE, SEM FECHADURA - FORNECIMENTO E INSTALAÇÃO. AF_12/2019","UN",589.12,"COMPOSIÇÃO"]
[91330,"KIT DE PORTA DE MADEIRA FRISADA, SEMI-OCA (LEVE OU MÉDIA), PADRÃO MÉDIO, 70X210CM, ESPESSURA DE 3CM, ITENS INCLUSOS: DOBRADIÇAS, MONTAGEM E INSTALAÇÃO DO BATENTE, SEM FECHADURA - FORNECIMENTO E INSTALAÇÃO. AF_12/2019","UN",656.6,"COMPOSIÇÃO"]
[91331,"KIT DE PORTA DE MADEIRA FRISADA, SEMI-OCA (LEVE OU MÉDIA), PADRÃO POPULAR, 70X210CM, ESPESSURA DE 3CM, ITENS INCLUSOS: DOBRADIÇAS, MONTAGEM E INSTALAÇÃO DO BATENTE, SEM FECHADURA - FORNECIMENTO E INSTALAÇÃO. AF_12/2019","UN",611.33000000000004,"COMPOSIÇÃO"]
[91332,"KIT DE PORTA DE MADEIRA FRISADA, SEMI-OCA (LEVE OU MÉDIA), PADRÃO MÉDIO, 80X210CM, ESPESSURA DE 3,5CM, ITENS INCLUSOS: DOBRADIÇAS, MONTAGEM E INSTALAÇÃO DO BATENTE, SEM FECHADURA - FORNECIMENTO E INSTALAÇÃO. AF_12/2019","UN",713.73,"COMPOSIÇÃO"]
[91333,"KIT DE PORTA DE MADEIRA FRISADA, SEMI-OCA (LEVE OU MÉDIA), PADRÃO POPULAR, 80X210CM, ESPESSURA DE 3,5CM, ITENS INCLUSOS: DOBRADIÇAS, MONTAGEM E INSTALAÇÃO DO BATENTE, SEM FECHADURA - FORNECIMENTO E INSTALAÇÃO. AF_12/2019","UN",668.28,"COMPOSIÇÃO"]
[91334,"KIT DE PORTA DE MADEIRA TIPO VENEZIANA, PADRÃO MÉDIO, 80X210CM, ESPESSURA DE 3CM, ITENS INCLUSOS: DOBRADIÇAS, MONTAGEM E INSTALAÇÃO DO BATENTE, SEM FECHADURA - FORNECIMENTO E INSTALAÇÃO. AF_12/2019","UN",840.68,"COMPOSIÇÃO"]
[91335,"KIT DE PORTA DE MADEIRA TIPO VENEZIANA, PADRÃO POPULAR, 80X210CM, ESPESSURA DE 3CM, ITENS INCLUSOS: DOBRADIÇAS, MONTAGEM E INSTALAÇÃO DO BATENTE, SEM FECHADURA - FORNECIMENTO E INSTALAÇÃO. AF_12/2019","UN",795.23,"COMPOSIÇÃO"]
[91336,"KIT DE PORTA DE MADEIRA TIPO MEXICANA, MACIÇA (PESADA OU SUPERPESADA), PADRÃO MÉDIO, 80X210CM, ESPESSURA DE 3CM, ITENS INCLUSOS: DOBRADIÇAS, MONTAGEM E INSTALAÇÃO DO BATENTE, SEM FECHADURA - FORNECIMENTO E INSTALAÇÃO. AF_12/2019","UN",1042.56,"COMPOSIÇÃO"]
[91337,"KIT DE PORTA DE MADEIRA TIPO MEXICANA, MACIÇA (PESADA OU SUPERPESADA), PADRÃO POPULAR, 80X210CM, ESPESSURA DE 3CM, ITENS INCLUSOS: DOBRADIÇAS, MONTAGEM E INSTALAÇÃO DO BATENTE, SEM FECHADURA - FORNECIMENTO E INSTALAÇÃO. AF_12/2019","UN",997.11,"COMPOSIÇÃO"]
[100659,"ALIZAR DE 5X1,5CM PARA PORTA FIXADO COM PREGOS, PADRÃO MÉDIO - FORNECIMENTO E INSTALAÇÃO. AF_12/2019","M",5.86,"COMPOSIÇÃO"]
[100660,"ALIZAR DE 5X1,5CM PARA PORTA FIXADO COM PREGOS, PADRÃO POPULAR - FORNECIMENTO E INSTALAÇÃO. AF_12/2019","M",4.9800000000000004,"COMPOSIÇÃO"]
[100675,"KIT DE PORTA-PRONTA DE MADEIRA EM ACABAMENTO MELAMÍNICO BRANCO, FOLHA LEVE OU MÉDIA, 90X210, EXCLUSIVE FECHADURA, FIXAÇÃO COM PREENCHIMENTO TOTAL DE ESPUMA EXPANSIVA - FORNECIMENTO E INSTALAÇÃO. AF_12/2019","UN",624.46,"COMPOSIÇÃO"]
[100676,"BATENTE PARA PORTA COM BANDEIRA, FIXAÇÃO COM PARAFUSO E BUCHA. AF_12/2019","UN",127.85,"COMPOSIÇÃO"]
[100678,"KIT DE PORTA DE MADEIRA PARA VERNIZ, SEMI-OCA (LEVE OU MÉDIA), PADRÃO MÉDIO, 60X210CM, ESPESSURA DE 3,5CM, ITENS INCLUSOS: DOBRADIÇAS, MONTAGEM E INSTALAÇÃO DE BATENTE, FECHADURA COM EXECUÇÃO DO FURO - FORNECIMENTO E INSTALAÇÃO. AF_12/2019","UN",734.14,"COMPOSIÇÃO"]
[100679,"KIT DE PORTA DE MADEIRA PARA VERNIZ, SEMI-OCA (LEVE OU MÉDIA), PADRÃO POPULAR, 60X210CM, ESPESSURA DE 3,5CM, ITENS INCLUSOS: DOBRADIÇAS, MONTAGEM E INSTALAÇÃO DE BATENTE, FECHADURA COM EXECUÇÃO DO FURO - FORNECIMENTO E INSTALAÇÃO. AF_12/2019","UN",668.85,"COMPOSIÇÃO"]
[100680,"KIT DE PORTA DE MADEIRA PARA VERNIZ, SEMI-OCA (LEVE OU MÉDIA), PADRÃO MÉDIO, 70X210CM, ESPESSURA DE 3,5CM, ITENS INCLUSOS: DOBRADIÇAS, MONTAGEM E INSTALAÇÃO DE BATENTE, FECHADURA COM EXECUÇÃO DO FURO - FORNECIMENTO E INSTALAÇÃO. AF_12/2019","UN",668.09,"COMPOSIÇÃO"]
[100681,"KIT DE PORTA DE MADEIRA FRISADA, SEMI-OCA (LEVE OU MÉDIA), PADRÃO MÉDIO, 70X210CM, ESPESSURA DE 3CM, ITENS INCLUSOS: DOBRADIÇAS, MONTAGEM E INSTALAÇÃO DE BATENTE, FECHADURA COM EXECUÇÃO DO FURO - FORNECIMENTO E INSTALAÇÃO. AF_12/2019","UN",739.32,"COMPOSIÇÃO"]
[100682,"KIT DE PORTA DE MADEIRA FRISADA, SEMI-OCA (LEVE OU MÉDIA), PADRÃO POPULAR, 70X210CM, ESPESSURA DE 3CM, ITENS INCLUSOS: DOBRADIÇAS, MONTAGEM E INSTALAÇÃO DE BATENTE, FECHADURA COM EXECUÇÃO DO FURO - FORNECIMENTO E INSTALAÇÃO. AF_12/2019","UN",669.96,"COMPOSIÇÃO"]
[100683,"KIT DE PORTA DE MADEIRA PARA VERNIZ, SEMI-OCA (LEVE OU MÉDIA), PADRÃO MÉDIO, 80X210CM, ESPESSURA DE 3,5CM, ITENS INCLUSOS: DOBRADIÇAS, MONTAGEM E INSTALAÇÃO DE BATENTE, FECHADURA COM EXECUÇÃO DO FURO - FORNECIMENTO E INSTALAÇÃO. AF_12/2019","UN",808.47,"COMPOSIÇÃO"]
[100684,"KIT DE PORTA DE MADEIRA PARA VERNIZ, SEMI-OCA (LEVE OU MÉDIA), PADRÃO POPULAR, 80X210CM, ESPESSURA DE 3,5CM, ITENS INCLUSOS: DOBRADIÇAS, MONTAGEM E INSTALAÇÃO DE BATENTE, FECHADURA COM EXECUÇÃO DO FURO - FORNECIMENTO E INSTALAÇÃO. AF_12/2019","UN",739.92,"COMPOSIÇÃO"]
[100685,"KIT DE PORTA DE MADEIRA PARA VERNIZ, SEMI-OCA (LEVE OU MÉDIA), PADRÃO MÉDIO, 90X210CM, ESPESSURA DE 3,5CM, ITENS INCLUSOS: DOBRADIÇAS, MONTAGEM E INSTALAÇÃO DE BATENTE, FECHADURA COM EXECUÇÃO DO FURO - FORNECIMENTO E INSTALAÇÃO. AF_12/2019","UN",789.66,"COMPOSIÇÃO"]
[100686,"KIT DE PORTA DE MADEIRA PARA VERNIZ, SEMI-OCA (LEVE OU MÉDIA), PADRÃO POPULAR, 90X210CM, ESPESSURA DE 3CM, ITENS INCLUSOS: DOBRADIÇAS, MONTAGEM E INSTALAÇÃO DE BATENTE, FECHADURA COM EXECUÇÃO DO FURO - FORNECIMENTO E INSTALAÇÃO. AF_12/2019","UN",720.93,"COMPOSIÇÃO"]
[100687,"KIT DE PORTA DE MADEIRA FRISADA, SEMI-OCA (LEVE OU MÉDIA), PADRÃO MÉDIO, 60X210CM, ESPESSURA DE 3,5CM, ITENS INCLUSOS: DOBRADIÇAS, MONTAGEM E INSTALAÇÃO DE BATENTE, FECHADURA COM EXECUÇÃO DO FURO - FORNECIMENTO E INSTALAÇÃO. AF_12/2019","UN",710.33,"COMPOSIÇÃO"]
[100688,"KIT DE PORTA DE MADEIRA FRISADA, SEMI-OCA (LEVE OU MÉDIA), PADRÃO POPULAR, 60X210CM, ESPESSURA DE 3CM, ITENS INCLUSOS: DOBRADIÇAS, MONTAGEM E INSTALAÇÃO DE BATENTE, FECHADURA COM EXECUÇÃO DO FURO - FORNECIMENTO E INSTALAÇÃO. AF_12/2019","UN",645.04,"COMPOSIÇÃO"]
[100689,"KIT DE PORTA DE MADEIRA FRISADA, SEMI-OCA (LEVE OU MÉDIA), PADRÃO MÉDIO, 80X210CM, ESPESSURA DE 3,5CM, ITENS INCLUSOS: DOBRADIÇAS, MONTAGEM E INSTALAÇÃO DE BATENTE, FECHADURA COM EXECUÇÃO DO FURO - FORNECIMENTO E INSTALAÇÃO. AF_12/2019","UN",810.9,"COMPOSIÇÃO"]
[100690,"KIT DE PORTA DE MADEIRA FRISADA, SEMI-OCA (LEVE OU MÉDIA), PADRÃO POPULAR, 80X210CM, ESPESSURA DE 3,5CM, ITENS INCLUSOS: DOBRADIÇAS, MONTAGEM E INSTALAÇÃO DE BATENTE, FECHADURA COM EXECUÇÃO DO FURO - FORNECIMENTO E INSTALAÇÃO. AF_12/2019","UN",742.35,"COMPOSIÇÃO"]
[100691,"KIT DE PORTA DE MADEIRA TIPO VENEZIANA, 80X210CM (ESPESSURA DE 3CM), PADRÃO MÉDIO, ITENS INCLUSOS: DOBRADIÇAS, MONTAGEM E INSTALAÇÃO DE BATENTE, FECHADURA COM EXECUÇÃO DO FURO - FORNECIMENTO E INSTALAÇÃO. AF_12/2019","UN",937.85,"COMPOSIÇÃO"]
[100692,"KIT DE PORTA DE MADEIRA TIPO VENEZIANA, 80X210CM (ESPESSURA DE 3CM), PADRÃO POPULAR, ITENS INCLUSOS: DOBRADIÇAS, MONTAGEM E INSTALAÇÃO DE BATENTE, FECHADURA COM EXECUÇÃO DO FURO - FORNECIMENTO E INSTALAÇÃO. AF_12/2019","UN",869.3,"COMPOSIÇÃO"]
[100693,"KIT DE PORTA DE MADEIRA TIPO MEXICANA, MACIÇA (PESADA OU SUPERPESADA), PADRÃO MÉDIO, 80X210CM, ESPESSURA DE 3,5CM, ITENS INCLUSOS: DOBRADIÇAS, MONTAGEM E INSTALAÇÃO DE BATENTE, FECHADURA COM EXECUÇÃO DO FURO - FORNECIMENTO E INSTALAÇÃO. AF_12/2019","UN",1139.73,"COMPOSIÇÃO"]
[100694,"KIT DE PORTA DE MADEIRA TIPO MEXICANA, MACIÇA (PESADA OU SUPERPESADA), PADRÃO POPULAR, 80X210CM, ESPESSURA DE 3,5CM, ITENS INCLUSOS: DOBRADIÇAS, MONTAGEM E INSTALAÇÃO DE BATENTE, FECHADURA COM EXECUÇÃO DO FURO - FORNECIMENTO E INSTALAÇÃO. AF_12/2019","UN",1071.18,"COMPOSIÇÃO"]
[100695,"RECOLOCAÇÃO DE FOLHAS DE PORTA DE MADEIRA LEVE OU MÉDIA DE 60CM DE LARGURA, CONSIDERANDO REAPROVEITAMENTO DO MATERIAL. AF_12/2019","UN",46.42,"COMPOSIÇÃO"]
[100696,"RECOLOCAÇÃO DE FOLHAS DE PORTA DE MADEIRA LEVE OU MÉDIA DE 70CM DE LARGURA, CONSIDERANDO REAPROVEITAMENTO DO MATERIAL. AF_12/2019","UN",51.65,"COMPOSIÇÃO"]
[100697,"RECOLOCAÇÃO DE FOLHAS DE PORTA DE MADEIRA LEVE OU MÉDIA DE 80CM DE LARGURA, CONSIDERANDO REAPROVEITAMENTO DO MATERIAL. AF_12/2019","UN",56.91,"COMPOSIÇÃO"]
[100698,"RECOLOCAÇÃO DE FOLHAS DE PORTA DE MADEIRA LEVE OU MÉDIA DE 90CM DE LARGURA, CONSIDERANDO REAPROVEITAMENTO DO MATERIAL. AF_12/2019","UN",62.16,"COMPOSIÇÃO"]
[100699,"RECOLOCAÇÃO DE FOLHAS DE PORTA DE MADEIRA PESADA OU SUPERPESADA DE 80CM DE LARGURA, CONSIDERANDO REAPROVEITAMENTO DO MATERIAL. AF_12/2019","UN",74.290000000000006,"COMPOSIÇÃO"]
[100700,"PORTA DE MADEIRA COMPENSADA LISA PARA PINTURA, 120X210X3,5CM, 2 FOLHAS, INCLUSO ADUELA 2A, ALIZAR 2A E DOBRADIÇAS. AF_12/2019","UN",767.99,"COMPOSIÇÃO"]
[100712,"KIT DE PORTA DE MADEIRA PARA VERNIZ, SEMI-OCA (LEVE OU MÉDIA), PADRÃO POPULAR, 70X210CM, ESPESSURA DE 3,5CM, ITENS INCLUSOS: DOBRADIÇAS, MONTAGEM E INSTALAÇÃO DE BATENTE, FECHADURA COM EXECUÇÃO DO FURO - FORNECIMENTO E INSTALAÇÃO. AF_12/2019","UN",598.73,"COMPOSIÇÃO"]
[100665,"JANELA DE MADEIRA - CEDRINHO/ANGELIM OU EQUIVALENTE DA REGIÃO - DE ABRIR COM 4 FOLHAS (2 VENEZIANAS E 2 GUILHOTINAS PARA VIDRO), COM BATENTE, ALIZAR E FERRAGENS. EXCLUSIVE VIDROS, ACABAMENTO E CONTRAMARCO. FORNECIMENTO E INSTALAÇÃO. AF_12/2019","M2",701.76,"COMPOSIÇÃO"]
[100666,"JANELA DE MADEIRA (PINUS/EUCALIPTO OU EQUIV.) DE ABRIR COM 4 FOLHAS (2 VENEZIANAS E 2 GUILHOTINAS PARA VIDRO), COM BATENTE, ALIZAR E FERRAGENS. EXCLUSIVE VIDROS, ACABAMENTO E CONTRAMARCO. FORNECIMENTO E INSTALAÇÃO. AF_12/2019","M2",554.53,"COMPOSIÇÃO"]
[100667,"JANELA DE MADEIRA (IMBUIA/CEDRO OU EQUIV.) DE ABRIR COM 4 FOLHAS (2 VENEZIANAS E 2 GUILHOTINAS PARA VIDRO), COM BATENTE, ALIZAR E FERRAGENS. EXCLUSIVE VIDROS, ACABAMENTO E CONTRAMARCO. FORNECIMENTO E INSTALAÇÃO. AF_12/2019","M2",909.89,"COMPOSIÇÃO"]
[100668,"JANELA DE MADEIRA (CEDRINHO/ANGELIM OU EQUIV.) TIPO MAXIM-AR, PARA VIDRO, COM BATENTE, ALIZAR E FERRAGENS. EXCLUSIVE VIDRO, ACABAMENTO E CONTRAMARCO. FORNECIMENTO E INSTALAÇÃO. AF_12/2019","M2",1093.94,"COMPOSIÇÃO"]
[100669,"JANELA DE MADEIRA (PINUS/EUCALIPTO OU EQUIV.) TIPO BASCULANTE COM 2 FOLHAS PARA VIDRO, COM BATENTE, ALIZAR E FERRAGENS. EXCLUSIVE VIDROS, ACABAMENTO E CONTRAMARCO. FORNECIMENTO E INSTALAÇÃO. AF_12/2019","M2",655.04,"COMPOSIÇÃO"]
[100670,"JANELA DE MADEIRA (CEDRINHO/ANGELIM OU EQUIV.) DE CORRER COM 6 FOLHAS (2 VENEZ. FIXAS, 2 VENEZ. DE CORRER E 2 DE CORRER PARA VIDRO), COM BATENTE, ALIZAR E FERRAGENS. EXCLUSIVE VIDROS, ACABAMENTO E CONTRAMARCO. FORNECIMENTO E INSTALAÇÃO. AF_12/2019","M2",875.17,"COMPOSIÇÃO"]
[100671,"JANELA DE MADEIRA (IMBUIA/CEDRO OU EQUIV) DE CORRER COM 6 FOLHAS (2 VENEZIANAS FIXAS, 2 VENEZIANAS DE CORRER E 2 DE CORRER PARA VIDRO), COM BATENTE, ALIZAR E FERRAGENS. EXCLUSIVE VIDROS, ACABAMENTO E CONTRAMARCO. FORNECIMENTO E INSTALAÇÃO. AF_12/2019","M2",1086.72,"COMPOSIÇÃO"]
[100672,"JANELA DE MADEIRA (PINUS/EUCALIPTO OU EQUIV.) DE CORRER COM 6 FOLHAS (2 VENEZ. FIXAS, 2 VENEZ. DE CORRER E 2 DE CORRER PARA VIDRO), COM BATENTE, ALIZAR E FERRAGENS. EXCLUSIVE VIDROS, ACABAMENTO E CONTRAMARCO. FORNECIMENTO EINSTALAÇÃO. AF_12/2019","M2",700.71,"COMPOSIÇÃO"]
[100701,"PORTA DE FERRO, DE ABRIR, TIPO GRADE COM CHAPA, COM GUARNIÇÕES. AF_12/2019","M2",479.35,"COMPOSIÇÃO"]
[94559,"JANELA DE AÇO TIPO BASCULANTE PARA VIDROS, COM BATENTE, FERRAGENS E PINTURA ANTICORROSIVA. EXCLUSIVE VIDROS, ACABAMENTO, ALIZAR E CONTRAMARCO. FORNECIMENTO E INSTALAÇÃO. AF_12/2019","M2",603.14,"COMPOSIÇÃO"]
[94560,"JANELA DE AÇO DE CORRER COM 2 FOLHAS PARA VIDRO, COM VIDROS, BATENTE, FERRAGENS E PINTURAS ANTICORROSIVA E DE ACABAMENTO. EXCLUSIVE ALIZAR E CONTRAMARCO. FORNECIMENTO E INSTALAÇÃO. AF_12/2019","M2",549.91999999999996,"COMPOSIÇÃO"]
[94562,"JANELA DE AÇO DE CORRER COM 4 FOLHAS PARA VIDRO, COM BATENTE, FERRAGENS E PINTURA ANTICORROSIVA. EXCLUSIVE VIDROS, ALIZAR E CONTRAMARCO. FORNECIMENTO E INSTALAÇÃO. AF_12/2019","M2",577.27,"COMPOSIÇÃO"]
[94563,"JANELA DE AÇO DE CORRER COM 6 FOLHAS (4 VENEZIANAS E 2 PARA VIDRO), COM VIDROS, BATENTE, FERRAGENS E PINTURAS ANTICORROSIVA E DE ACABAMENTO. EXCLUSIVE ALIZAR E CONTRAMARCO. FORNECIMENTO E INSTALAÇÃO. AF_12/2019","M2",725.75,"COMPOSIÇÃO"]
[94587,"CONTRAMARCO DE AÇO, FIXAÇÃO COM ARGAMASSA - FORNECIMENTO E INSTALAÇÃO. AF_12/2019","M",42.46,"COMPOSIÇÃO"]
[94588,"CONTRAMARCO DE AÇO, FIXAÇÃO COM PARAFUSO - FORNECIMENTO E INSTALAÇÃO. AF_12/2019","M",36.61,"COMPOSIÇÃO"]
[99837,"GUARDA-CORPO DE AÇO GALVANIZADO DE 1,10M, MONTANTES TUBULARES DE 1.1/4\" ESPAÇADOS DE 1,20M, TRAVESSA SUPERIOR DE 1.1/2\", GRADIL FORMADO POR TUBOS HORIZONTAIS DE 1\" E VERTICAIS DE 3/4\", FIXADO COM CHUMBADOR MECÂNICO. AF_04/2019_P","M",398.25,"COMPOSIÇÃO"]
[99839,"GUARDA-CORPO DE AÇO GALVANIZADO DE 1,10M DE ALTURA, MONTANTES TUBULARES DE 1.1/2\u0094 ESPAÇADOS DE 1,20M, TRAVESSA SUPERIOR DE 2\u0094, GRADIL FORMADO POR BARRAS CHATAS EM FERRO DE 32X4,8MM, FIXADO COM CHUMBADOR MECÂNICO. AF_04/2019_P","M",346.44,"COMPOSIÇÃO"]
[99841,"GUARDA-CORPO PANORÂMICO COM PERFIS DE ALUMÍNIO E VIDRO LAMINADO 8 MM, FIXADO COM CHUMBADOR MECÂNICO. AF_04/2019_P","M",901.28,"COMPOSIÇÃO"]
[99855,"CORRIMÃO SIMPLES, DIÂMETRO EXTERNO = 1 1/2\", EM AÇO GALVANIZADO. AF_04/2019_P","M",72.81,"COMPOSIÇÃO"]
[99857,"CORRIMÃO SIMPLES, DIÂMETRO EXTERNO = 1 1/2\", EM ALUMÍNIO. AF_04/2019_P","M",64.25,"COMPOSIÇÃO"]
[99861,"GRADIL EM FERRO FIXADO EM VÃOS DE JANELAS, FORMADO POR BARRAS CHATAS DE 25X4,8 MM. AF_04/2019","M2",440.15,"COMPOSIÇÃO"]
[99862,"GRADIL EM ALUMÍNIO FIXADO EM VÃOS DE JANELAS, FORMADO POR TUBOS DE 3/4\". AF_04/2019","M2",425.88,"COMPOSIÇÃO"]
[73665,"ESCADA TIPO MARINHEIRO EM ACO CA-50 9,52MM INCLUSO PINTURA COM FUNDO ANTICORROSIVO TIPO ZARCAO","M",67.06,"COMPOSIÇÃO"]
["74194/001","ESCADA TIPO MARINHEIRO EM TUBO ACO GALVANIZADO 1 1/2\" 5 DEGRAUS","M",260.49,"COMPOSIÇÃO"]
[90838,"PORTA CORTA-FOGO 90X210X4CM - FORNECIMENTO E INSTALAÇÃO. AF_12/2019","UN",1069.83,"COMPOSIÇÃO"]
[91338,"PORTA DE ALUMÍNIO DE ABRIR COM LAMBRI, COM GUARNIÇÃO, FIXAÇÃO COM PARAFUSOS - FORNECIMENTO E INSTALAÇÃO. AF_12/2019","M2",1046.54,"COMPOSIÇÃO"]
[91341,"PORTA EM ALUMÍNIO DE ABRIR TIPO VENEZIANA COM GUARNIÇÃO, FIXAÇÃO COM PARAFUSOS - FORNECIMENTO E INSTALAÇÃO. AF_12/2019","M2",756.57,"COMPOSIÇÃO"]
[94805,"PORTA DE ALUMÍNIO DE ABRIR PARA VIDRO SEM GUARNIÇÃO, 87X210CM, FIXAÇÃO COM PARAFUSOS, INCLUSIVE VIDROS - FORNECIMENTO E INSTALAÇÃO. AF_12/2019","UN",1226.8699999999999,"COMPOSIÇÃO"]
[94806,"PORTA EM AÇO DE ABRIR PARA VIDRO SEM GUARNIÇÃO, 87X210CM, FIXAÇÃO COM PARAFUSOS, EXCLUSIVE VIDROS - FORNECIMENTO E INSTALAÇÃO. AF_12/2019","UN",499.17,"COMPOSIÇÃO"]
[94807,"PORTA EM AÇO DE ABRIR TIPO VENEZIANA SEM GUARNIÇÃO, 87X210CM, FIXAÇÃO COM PARAFUSOS - FORNECIMENTO E INSTALAÇÃO. AF_12/2019","UN",602.16,"COMPOSIÇÃO"]
[100702,"PORTA DE CORRER DE ALUMÍNIO, COM DUAS FOLHAS PARA VIDRO, INCLUSO VIDRO LISO INCOLOR, FECHADURA E PUXADOR, SEM ALIZAR. AF_12/2019","M2",638.99,"COMPOSIÇÃO"]
[84885,"JOGO DE FERRAGENS CROMADAS PARA PORTA DE VIDRO TEMPERADO, UMA FOLHA COMPOSTO DE DOBRADICAS SUPERIOR E INFERIOR, TRINCO, FECHADURA, CONTRA FECHADURA COM CAPUCHINHO SEM MOLA E PUXADOR","UN",644.03,"COMPOSIÇÃO"]
[84886,"MOLA HIDRAULICA DE PISO PARA PORTA DE VIDRO TEMPERADO","UN",1154.17,"COMPOSIÇÃO"]
[100703,"PUXADOR CENTRAL PARA ESQUADRIA DE MADEIRA. AF_12/2019","UN",21.29,"COMPOSIÇÃO"]
[100704,"PORTA CADEADO ZINCADO OXIDADO PRETO COM CADEADO DE AÇO INOX, LARGURA DE *50* MM. AF_12/2019","UN",162.74,"COMPOSIÇÃO"]
[100705,"TARJETA TIPO LIVRE/OCUPADO PARA PORTA DE BANHEIRO. AF_12/2019","UN",53.18,"COMPOSIÇÃO"]
[100706,"CREMONA EM LATÃO CROMADO OU POLIDO, COMPLETA. AF_12/2019","UN",97.52,"COMPOSIÇÃO"]
[100707,"FECHO DE EMBUTIR TIPO UNHA 22CM. AF_12/2019","UN",55.46,"COMPOSIÇÃO"]
[100708,"FECHO DE EMBUTIR TIPO UNHA 40CM. AF_12/2019","UN",71.64,"COMPOSIÇÃO"]
[100709,"DOBRADIÇA EM AÇO/FERRO, 3\" X 21/2\", E=1,9 A 2MM, SEN ANEL, CROMADO OU ZINCADO, TAMPA BOLA, COM PARAFUSOS. AF_12/2019","UN",37.81,"COMPOSIÇÃO"]
[100710,"DOBRADIÇA TIPO VAI E VEM EM LATÃO POLIDO 3\". AF_12/2019","UN",94.99,"COMPOSIÇÃO"]
[72116,"VIDRO LISO COMUM TRANSPARENTE, ESPESSURA 3MM","M2",125.24,"COMPOSIÇÃO"]
[72117,"VIDRO LISO COMUM TRANSPARENTE, ESPESSURA 4MM","M2",160.69999999999999,"COMPOSIÇÃO"]
[72118,"VIDRO TEMPERADO INCOLOR, ESPESSURA 6MM, FORNECIMENTO E INSTALACAO, INCLUSIVE MASSA PARA VEDACAO","M2",218.25,"COMPOSIÇÃO"]
[72119,"VIDRO TEMPERADO INCOLOR, ESPESSURA 8MM, FORNECIMENTO E INSTALACAO, INCLUSIVE MASSA PARA VEDACAO","M2",275.74,"COMPOSIÇÃO"]
[72120,"VIDRO TEMPERADO INCOLOR, ESPESSURA 10MM, FORNECIMENTO E INSTALACAO, INCLUSIVE MASSA PARA VEDACAO","M2",349.01,"COMPOSIÇÃO"]
[72122,"VIDRO FANTASIA TIPO CANELADO, ESPESSURA 4MM","M2",137.94,"COMPOSIÇÃO"]
[72123,"VIDRO ARAMADO, ESPESSURA 7MM","M2",368.24,"COMPOSIÇÃO"]
["73838/001","PORTA DE VIDRO TEMPERADO, 0,9X2,10M, ESPESSURA 10MM, INCLUSIVE ACESSORIOS","UN",2137.6799999999998,"COMPOSIÇÃO"]
["74125/001","ESPELHO CRISTAL ESPESSURA 4MM, COM MOLDURA DE MADEIRA","M2",468.62,"COMPOSIÇÃO"]
["74125/002","ESPELHO CRISTAL ESPESSURA 4MM, COM MOLDURA EM ALUMINIO E COMPENSADO 6MM PLASTIFICADO COLADO","M2",503.35,"COMPOSIÇÃO"]
[84957,"VIDRO LISO COMUM TRANSPARENTE, ESPESSURA 5MM","M2",192.53,"COMPOSIÇÃO"]
[84959,"VIDRO LISO COMUM TRANSPARENTE, ESPESSURA 6MM","M2",225.43,"COMPOSIÇÃO"]
[85001,"VIDRO LISO FUME, ESPESSURA 4MM","M2",214.46,"COMPOSIÇÃO"]
[85002,"VIDRO LISO FUME, ESPESSURA 6MM","M2",302.2,"COMPOSIÇÃO"]
[85004,"VIDRO FANTASIA MARTELADO 4MM","M2",148.66,"COMPOSIÇÃO"]
[85005,"ESPELHO CRISTAL, ESPESSURA 4MM, COM PARAFUSOS DE FIXACAO, SEM MOLDURA","M2",434.05,"COMPOSIÇÃO"]
[94569,"JANELA DE ALUMÍNIO TIPO MAXIM-AR, COM VIDROS, BATENTE E FERRAGENS. EXCLUSIVE ALIZAR, ACABAMENTO E CONTRAMARCO. FORNECIMENTO E INSTALAÇÃO. AF_12/2019","M2",529.9,"COMPOSIÇÃO"]
[94570,"JANELA DE ALUMÍNIO DE CORRER COM 2 FOLHAS PARA VIDROS, COM VIDROS, BATENTE, ACABAMENTO COM ACETATO OU BRILHANTE E FERRAGENS. EXCLUSIVE ALIZAR E CONTRAMARCO. FORNECIMENTO E INSTALAÇÃO. AF_12/2019","M2",335.99,"COMPOSIÇÃO"]
[94572,"JANELA DE ALUMÍNIO DE CORRER COM 3 FOLHAS (2 VENEZIANAS E 1 PARA VIDRO), COM VIDROS, BATENTE E FERRAGENS. EXCLUSIVE ACABAMENTO, ALIZAR E CONTRAMARCO. FORNECIMENTO E INSTALAÇÃO. AF_12/2019","M2",505.65,"COMPOSIÇÃO"]
[94573,"JANELA DE ALUMÍNIO DE CORRER COM 4 FOLHAS PARA VIDROS, COM VIDROS, BATENTE, ACABAMENTO COM ACETATO OU BRILHANTE E FERRAGENS. EXCLUSIVE ALIZAR E CONTRAMARCO. FORNECIMENTO E INSTALAÇÃO. AF_12/2019","M2",387.16,"COMPOSIÇÃO"]
[94580,"JANELA DE ALUMÍNIO DE CORRER COM 6 FOLHAS (2 VENEZIANAS FIXAS, 2 VENEZIANAS DE CORRER E 2 PARA VIDRO), COM VIDROS, BATENTE, ACABAMENTO COM ACETATO OU BRILHANTE E FERRAGENS. EXCLUSIVE ALIZAR E CONTRAMARCO. FORNECIMENTO E INSTALAÇÃO. AF_12/2019","M2",571.17999999999995,"COMPOSIÇÃO"]
[100674,"JANELA FIXA DE ALUMÍNIO PARA VIDRO, COM VIDRO, BATENTE E FERRAGENS. EXCLUSIVE ACABAMENTO, ALIZAR E CONTRAMARCO. FORNECIMENTO E INSTALAÇÃO. AF_12/2019","M2",369.6,"COMPOSIÇÃO"]
[101096,"TUBULÃO A CÉU ABERTO, DIÂMETRO DO FUSTE DE 70CM, ESCAVAÇÃO MANUAL, SEM ALARGAMENTO DE BASE, CONCRETO FEITO EM OBRA E LANÇADO COM JERICA. AF_05/2020","M3",888.74,"COMPOSIÇÃO"]
[101097,"TUBULÃO A CÉU ABERTO, DIÂMETRO DO FUSTE DE 80CM, ESCAVAÇÃO MANUAL, SEM ALARGAMENTO DE BASE, CONCRETO FEITO EM OBRA E LANÇADO COM JERICA. AF_05/2020","M3",843.77,"COMPOSIÇÃO"]
[101098,"TUBULÃO A CÉU ABERTO, DIÂMETRO DO FUSTE DE 100CM, ESCAVAÇÃO MANUAL, SEM ALARGAMENTO DE BASE, CONCRETO FEITO EM OBRA E LANÇADO COM JERICA. AF_05/2020","M3",784.9,"COMPOSIÇÃO"]
[101099,"TUBULÃO A CÉU ABERTO, DIÂMETRO DO FUSTE DE 120CM, ESCAVAÇÃO MANUAL, SEM ALARGAMENTO DE BASE, CONCRETO FEITO EM OBRA E LANÇADO COM JERICA. AF_05/2020","M3",719.46,"COMPOSIÇÃO"]
[101100,"TUBULÃO A CÉU ABERTO, DIÂMETRO DO FUSTE DE 70CM, ESCAVAÇÃO MECÂNICA, SEM ALARGAMENTO DE BASE, CONCRETO FEITO EM OBRA E LANÇADO COM JERICA. AF_05/2020","M3",653.12,"COMPOSIÇÃO"]
[101101,"TUBULÃO A CÉU ABERTO, DIÂMETRO DO FUSTE DE 80CM, ESCAVAÇÃO MECÂNICA, SEM ALARGAMENTO DE BASE, CONCRETO FEITO EM OBRA E LANÇADO COM JERICA. AF_05/2020","M3",639.67999999999995,"COMPOSIÇÃO"]
[101102,"TUBULÃO A CÉU ABERTO, DIÂMETRO DO FUSTE DE 100CM, ESCAVAÇÃO MECÂNICA, SEM ALARGAMENTO DE BASE, CONCRETO FEITO EM OBRA E LANÇADO COM JERICA. AF_05/2020","M3",624.21,"COMPOSIÇÃO"]
[101103,"TUBULÃO A CÉU ABERTO, DIÂMETRO DO FUSTE DE 120CM, ESCAVAÇÃO MECÂNICA, SEM ALARGAMENTO DE BASE, CONCRETO FEITO EM OBRA E LANÇADO COM JERICA. AF_05/2020","M3",586.9,"COMPOSIÇÃO"]
[101104,"TUBULÃO A CÉU ABERTO, DIÂMETRO DO FUSTE DE 70CM, ESCAVAÇÃO MANUAL, SEM ALARGAMENTO DE BASE, CONCRETO USINADO E LANÇADO COM BOMBA OU DIRETAMENTE DO CAMINHÃO. AF_05/2020","M3",927.78,"COMPOSIÇÃO"]
[101105,"TUBULÃO A CÉU ABERTO, DIÂMETRO DO FUSTE DE 80CM, ESCAVAÇÃO MANUAL, SEM ALARGAMENTO DE BASE, CONCRETO USINADO E LANÇADO COM BOMBA OU DIRETAMENTE DO CAMINHÃO. AF_05/2020","M3",882.33,"COMPOSIÇÃO"]
[101106,"TUBULÃO A CÉU ABERTO, DIÂMETRO DO FUSTE DE 100CM, ESCAVAÇÃO MANUAL, SEM ALARGAMENTO DE BASE, CONCRETO USINADO E LANÇADO COM BOMBA OU DIRETAMENTE DO CAMINHÃO. AF_05/2020","M3",823.07,"COMPOSIÇÃO"]
[101107,"TUBULÃO A CÉU ABERTO, DIÂMETRO DO FUSTE DE 120CM, ESCAVAÇÃO MANUAL, SEM ALARGAMENTO DE BASE, CONCRETO USINADO E LANÇADO COM BOMBA OU DIRETAMENTE DO CAMINHÃO. AF_05/2020","M3",756.63,"COMPOSIÇÃO"]
[101108,"TUBULÃO A CÉU ABERTO, DIÂMETRO DO FUSTE DE 70CM, ESCAVAÇÃO MECÂNICA, SEM ALARGAMENTO DE BASE, CONCRETO USINADO E LANÇADO COM BOMBA OU DIRETAMENTE DO CAMINHÃO. AF_05/2020","M3",687.94,"COMPOSIÇÃO"]
[101109,"TUBULÃO A CÉU ABERTO, DIÂMETRO DO FUSTE DE 80CM, ESCAVAÇÃO MECÂNICA, SEM ALARGAMENTO DE BASE, CONCRETO USINADO E LANÇADO COM BOMBA OU DIRETAMENTE DO CAMINHÃO. AF_05/2020","M3",674.23,"COMPOSIÇÃO"]
[101110,"TUBULÃO A CÉU ABERTO, DIÂMETRO DO FUSTE DE 100CM, ESCAVAÇÃO MECÂNICA, SEM ALARGAMENTO DE BASE, CONCRETO USINADO E LANÇADO COM BOMBA OU DIRETAMENTE DO CAMINHÃO. AF_05/2020","M3",658.86,"COMPOSIÇÃO"]
[101111,"TUBULÃO A CÉU ABERTO, DIÂMETRO DO FUSTE DE 120CM, ESCAVAÇÃO MECÂNICA, SEM ALARGAMENTO DE BASE, CONCRETO USINADO E LANÇADO COM BOMBA OU DIRETAMENTE DO CAMINHÃO. AF_05/2020","M3",621.04,"COMPOSIÇÃO"]
[101112,"ALARGAMENTO DE BASE DE TUBULÃO A CÉU ABERTO, ESCAVAÇÃO MANUAL, CONCRETO FEITO EM OBRA E LANÇADO COM JERICA. AF_05/2020","M3",624.5,"COMPOSIÇÃO"]
[101113,"ALARGAMENTO DE BASE DE TUBULÃO A CÉU ABERTO, ESCAVAÇÃO MANUAL, CONCRETO USINADO E LANÇADO COM BOMBA OU DIRETAMENTE DO CAMINHÃO. AF_05/2020","M3",667.52,"COMPOSIÇÃO"]
[95601,"ARRASAMENTO MECANICO DE ESTACA DE CONCRETO ARMADO, DIAMETROS DE ATÉ 40 CM. AF_11/2016","UN",14.06,"COMPOSIÇÃO"]
[95602,"ARRASAMENTO MECANICO DE ESTACA DE CONCRETO ARMADO, DIAMETROS DE 41 CM A 60 CM. AF_11/2016","UN",18.059999999999999,"COMPOSIÇÃO"]
[95603,"ARRASAMENTO MECANICO DE ESTACA DE CONCRETO ARMADO, DIAMETROS DE 61 CM A 80 CM. AF_11/2016","UN",23.7,"COMPOSIÇÃO"]
[95604,"ARRASAMENTO MECANICO DE ESTACA DE CONCRETO ARMADO, DIAMETROS DE 81 CM A 100 CM. AF_11/2016","UN",31.22,"COMPOSIÇÃO"]
[95605,"ARRASAMENTO MECANICO DE ESTACA DE CONCRETO ARMADO, DIAMETROS DE 101 CM A 150 CM. AF_11/2016","UN",48.95,"COMPOSIÇÃO"]
[95607,"ARRASAMENTO DE ESTACA METÁLICA, PERFIL LAMINADO TIPO \u0093I\u0094 FAMÍLIA 250. AF_11/2016","UN",5.74,"COMPOSIÇÃO"]
[95608,"ARRASAMENTO DE ESTACA METÁLICA, PERFIL LAMINADO TIPO \u0093H\u0094 FAMÍLIA 250. AF_11/2016","UN",6.63,"COMPOSIÇÃO"]
[95609,"ARRASAMENTO DE ESTACA METÁLICA, PERFIL LAMINADO TIPO \u0093H\u0094 FAMÍLIA 310. AF_11/2016","UN",7.4,"COMPOSIÇÃO"]
[100651,"ESTACA HÉLICE CONTÍNUA, DIÂMETRO DE 30 CM, INCLUSO CONCRETO FCK=20MPA E ARMADURA MÍNIMA (EXCLUSIVE MOBILIZAÇÃO E DESMOBILIZAÇÃO). AF_12/2019","M",95.12,"COMPOSIÇÃO"]
[100652,"ESTACA HÉLICE CONTÍNUA , DIÂMETRO DE 50 CM, INCLUSO CONCRETO FCK=20MPA E ARMADURA MÍNIMA (EXCLUSIVE MOBILIZAÇÃO E DESMOBILIZAÇÃO). AF_12/2019","M",184.93,"COMPOSIÇÃO"]
[100653,"ESTACA HÉLICE CONTÍNUA, DIÂMETRO DE 70 CM, INCLUSO CONCRETO FCK=20MPA E ARMADURA MÍNIMA (EXCLUSIVE MOBILIZAÇÃO E DESMOBILIZAÇÃO). AF_12/2019","M",311.23,"COMPOSIÇÃO"]
[100654,"ESTACA HÉLICE CONTÍNUA, DIÂMETRO DE 80 CM, INCLUSO CONCRETO FCK=20MPA E ARMADURA MÍNIMA (EXCLUSIVE MOBILIZAÇÃO E DESMOBILIZAÇÃO). AF_12/2019.","M",421.88,"COMPOSIÇÃO"]
[100655,"ESTACA HÉLICE CONTÍNUA, DIÂMETRO DE 90 CM, INCLUSO CONCRETO FCK=20MPA E ARMADURA MÍNIMA (EXCLUSIVE MOBILIZAÇÃO E DESMOBILIZAÇÃO). AF_12/2019.","M",488.16,"COMPOSIÇÃO"]
[100656,"ESTACA PRÉ-MOLDADA DE CONCRETO, SEÇÃO QUADRADA, CAPACIDADE DE 25 TONELADAS, INCLUSO EMENDA (EXCLUSIVE MOBILIZAÇÃO E DESMOBILIZAÇÃO). AF_12/2019","M",66.95,"COMPOSIÇÃO"]
[100657,"ESTACA PRÉ-MOLDADA DE CONCRETO SEÇÃO QUADRADA, CAPACIDADE DE 50 TONELADAS, INCLUSO EMENDA (EXCLUSIVE MOBILIZAÇÃO E DESMOBILIZAÇÃO). AF_12/2019","M",86.23,"COMPOSIÇÃO"]
[100658,"ESTACA PRÉ-MOLDADA DE CONCRETO CENTRIFUGADO, SEÇÃO CIRCULAR, CAPACIDADE DE 100 TONELADAS, INCLUSO EMENDA (EXCLUSIVE MOBILIZAÇÃO E DESMOBILIZAÇÃO). AF_12/2019","M",199.29,"COMPOSIÇÃO"]
[100889,"ESTACA METÁLICA PARA FUNDAÇÃO, UTILIZANDO PERFIL LAMINADO HP250X62 (EXCLUSIVE MOBILIZAÇÃO E DESMOBILIZAÇÃO). AF_01/2020","KG",8.1999999999999993,"COMPOSIÇÃO"]
[100890,"ESTACA METÁLICA PARA FUNDAÇÃO, UTILIZANDO PERFIL LAMINADO HP310X79 (EXCLUSIVE MOBILIZAÇÃO E DESMOBILIZAÇÃO). AF_01/2020","KG",8.09,"COMPOSIÇÃO"]
[100892,"ESTACA METÁLICA PARA CONTENÇÃO, UTILIZANDO PERFIL LAMINADO W250X32,7 (EXCLUSIVE MOBILIZAÇÃO E DESMOBILIZAÇÃO). AF_01/2020","KG",7.84,"COMPOSIÇÃO"]
[100893,"ESTACA METÁLICA PARA CONTENÇÃO, UTILIZANDO PERFIL LAMINADO W250X38,5 (EXCLUSIVE MOBILIZAÇÃO E DESMOBILIZAÇÃO). AF_01/2020","KG",7.73,"COMPOSIÇÃO"]
[100894,"ESTACA METÁLICA PARA CONTENÇÃO, UTILIZANDO PERFIL LAMINADO W250X44,8 (EXCLUSIVE MOBILIZAÇÃO E DESMOBILIZAÇÃO). AF_01/2020","KG",7.64,"COMPOSIÇÃO"]
[100896,"ESTACA ESCAVADA MECANICAMENTE, SEM FLUIDO ESTABILIZANTE, COM 25CM DE DIÂMETRO, CONCRETO LANÇADO POR CAMINHÃO BETONEIRA (EXCLUSIVE MOBILIZAÇÃO E DESMOBILIZAÇÃO). AF_01/2020","M",42.52,"COMPOSIÇÃO"]
[100897,"ESTACA ESCAVADA MECANICAMENTE, SEM FLUIDO ESTABILIZANTE, COM 40CM DE DIÂMETRO, CONCRETO LANÇADO POR CAMINHÃO BETONEIRA (EXCLUSIVE MOBILIZAÇÃO E DESMOBILIZAÇÃO). AF_01/2020","M",84.61,"COMPOSIÇÃO"]
[100898,"ESTACA ESCAVADA MECANICAMENTE, SEM FLUIDO ESTABILIZANTE, COM 60CM DE DIÂMETRO, CONCRETO LANÇADO POR CAMINHÃO BETONEIRA (EXCLUSIVE MOBILIZAÇÃO E DESMOBILIZAÇÃO). AF_01/2020","M",165.98,"COMPOSIÇÃO"]
[100899,"ESTACA ESCAVADA MECANICAMENTE, SEM FLUIDO ESTABILIZANTE, COM 25CM DE DIÂMETRO, CONCRETO LANÇADO MANUALMENTE (EXCLUSIVE MOBILIZAÇÃO E DESMOBILIZAÇÃO). AF_01/2020","M",60.36,"COMPOSIÇÃO"]
[100900,"ESTACA ESCAVADA MECANICAMENTE, SEM FLUIDO ESTABILIZANTE, COM 60CM DE DIÂMETRO, CONCRETO LANÇADO POR BOMBA LANÇA (EXCLUSIVE MOBILIZAÇÃO E DESMOBILIZAÇÃO). AF_01/2020","M",191.4,"COMPOSIÇÃO"]
[100929,"ESTACA RAÍZ, DIÂMETRO DE 20CM, SEM PRESENÇA DE ROCHA (EXCLUSIVE MOBILIZAÇÃO E DESMOBILIZAÇÃO). AF_03/2020","M",186.62,"COMPOSIÇÃO"]
[100930,"ESTACA RAÍZ, DIÂMETRO DE 31CM, SEM PRESENÇA DE ROCHA (EXCLUSIVE MOBILIZAÇÃO E DESMOBILIZAÇÃO). AF_03/2020","M",273.41000000000003,"COMPOSIÇÃO"]
[100931,"ESTACA RAÍZ, DIÂMETRO DE 40CM, SEM PRESENÇA DE ROCHA (EXCLUSIVE MOBILIZAÇÃO E DESMOBILIZAÇÃO). AF_03/2020","M",345.71,"COMPOSIÇÃO"]
[100932,"ESTACA RAÍZ, DIÂMETRO DE 45CM, SEM PRESENÇA DE ROCHA (EXCLUSIVE MOBILIZAÇÃO E DESMOBILIZAÇÃO). AF_03/2020","M",465.99,"COMPOSIÇÃO"]
[100933,"ESTACA RAÍZ, DIÂMETRO DE 20CM, PERFURADA EM ROCHA (EXCLUSIVE MOBILIZAÇÃO E DESMOBILIZAÇÃO). AF_03/2020","M",234.8,"COMPOSIÇÃO"]
[100934,"ESTACA RAÍZ, DIÂMETRO DE 31CM, PERFURADA EM ROCHA (EXCLUSIVE MOBILIZAÇÃO E DESMOBILIZAÇÃO). AF_03/2020","M",333.66,"COMPOSIÇÃO"]
[100935,"ESTACA RAÍZ, DIÂMETRO DE 40CM, PERFURADA EM ROCHA (EXCLUSIVE MOBILIZAÇÃO E DESMOBILIZAÇÃO). AF_03/2020","M",421.45,"COMPOSIÇÃO"]
[100936,"ESTACA RAÍZ, DIÂMETRO DE 45CM, PERFURADA EM ROCHA (EXCLUSIVE MOBILIZAÇÃO E DESMOBILIZAÇÃO). AF_03/2020","M",554.35,"COMPOSIÇÃO"]
[101173,"ESTACA BROCA DE CONCRETO, DIÂMETRO DE 20CM, ESCAVAÇÃO MANUAL COM TRADO CONCHA, COM ARMADURA DE ARRANQUE. AF_05/2020","M",44.05,"COMPOSIÇÃO"]
[101174,"ESTACA BROCA DE CONCRETO, DIÂMETRO DE 25CM, ESCAVAÇÃO MANUAL COM TRADO CONCHA, COM ARMADURA DE ARRANQUE. AF_05/2020","M",61.5,"COMPOSIÇÃO"]
[101175,"ESTACA BROCA DE CONCRETO, DIÂMETRO DE 30CM, ESCAVAÇÃO MANUAL COM TRADO CONCHA, COM ARMADURA DE ARRANQUE. AF_05/2020","M",83.95,"COMPOSIÇÃO"]
[101176,"ESTACA BROCA DE CONCRETO, DIÂMETRO DE 30CM, ESCAVAÇÃO MANUAL COM TRADO CONCHA, INTEIRAMENTE ARMADA. AF_05/2020","M",108.93,"COMPOSIÇÃO"]
[95240,"LASTRO DE CONCRETO MAGRO, APLICADO EM PISOS OU RADIERS, ESPESSURA DE 3 CM. AF_07/2016","M2",12.93,"COMPOSIÇÃO"]
[95241,"LASTRO DE CONCRETO MAGRO, APLICADO EM PISOS OU RADIERS, ESPESSURA DE 5 CM. AF_07/2016","M2",21.56,"COMPOSIÇÃO"]
[96616,"LASTRO DE CONCRETO MAGRO, APLICADO EM BLOCOS DE COROAMENTO OU SAPATAS. AF_08/2017","M3",450.25,"COMPOSIÇÃO"]
[96617,"LASTRO DE CONCRETO MAGRO, APLICADO EM BLOCOS DE COROAMENTO OU SAPATAS, ESPESSURA DE 3 CM. AF_08/2017","M2",13.49,"COMPOSIÇÃO"]
[96619,"LASTRO DE CONCRETO MAGRO, APLICADO EM BLOCOS DE COROAMENTO OU SAPATAS, ESPESSURA DE 5 CM. AF_08/2017","M2",22.5,"COMPOSIÇÃO"]
[96620,"LASTRO DE CONCRETO MAGRO, APLICADO EM PISOS OU RADIERS. AF_08/2017","M3",431.54,"COMPOSIÇÃO"]
[96621,"LASTRO COM MATERIAL GRANULAR, APLICAÇÃO EM BLOCOS DE COROAMENTO, ESPESSURA DE *5 CM*. AF_08/2017","M3",176.03,"COMPOSIÇÃO"]
[96622,"LASTRO COM MATERIAL GRANULAR, APLICAÇÃO EM PISOS OU RADIERS, ESPESSURA DE *5 CM*. AF_08/2017","M3",120.99,"COMPOSIÇÃO"]
[96623,"LASTRO COM MATERIAL GRANULAR, APLICADO EM BLOCOS DE COROAMENTO, ESPESSURA DE *10 CM*. AF_08/2017","M3",163.22999999999999,"COMPOSIÇÃO"]
[96624,"LASTRO COM MATERIAL GRANULAR (PEDRA BRITADA N.2), APLICADO EM PISOS OU RADIERS, ESPESSURA DE *10 CM*. AF_08/2017","M3",116.48,"COMPOSIÇÃO"]
[97082,"ESCAVAÇÃO MANUAL DE VIGA DE BORDA PARA RADIER. AF_09/2017","M3",46.2,"COMPOSIÇÃO"]
[97083,"COMPACTAÇÃO MECÂNICA DE SOLO PARA EXECUÇÃO DE RADIER, COM COMPACTADOR DE SOLOS A PERCUSSÃO. AF_09/2017","M2",2.4500000000000002,"COMPOSIÇÃO"]
[97084,"COMPACTAÇÃO MECÂNICA DE SOLO PARA EXECUÇÃO DE RADIER, COM COMPACTADOR DE SOLOS TIPO PLACA VIBRATÓRIA. AF_09/2017","M2",0.5,"COMPOSIÇÃO"]
[97086,"FABRICAÇÃO, MONTAGEM E DESMONTAGEM DE FORMA PARA RADIER, EM MADEIRA SERRADA, 4 UTILIZAÇÕES. AF_09/2017","M2",82.01,"COMPOSIÇÃO"]
[97094,"CONCRETAGEM DE RADIER, PISO OU LAJE SOBRE SOLO, FCK 30 MPA, PARA ESPESSURA DE 10 CM - LANÇAMENTO, ADENSAMENTO E ACABAMENTO. AF_09/2017","M3",501.69,"COMPOSIÇÃO"]
[97095,"CONCRETAGEM DE RADIER, PISO OU LAJE SOBRE SOLO, FCK 30 MPA, PARA ESPESSURA DE 15 CM - LANÇAMENTO, ADENSAMENTO E ACABAMENTO. AF_09/2017","M3",471.19,"COMPOSIÇÃO"]
[97096,"CONCRETAGEM DE RADIER, PISO OU LAJE SOBRE SOLO, FCK 30 MPA, PARA ESPESSURA DE 20 CM - LANÇAMENTO, ADENSAMENTO E ACABAMENTO. AF_09/2017","M3",455.52,"COMPOSIÇÃO"]
[97097,"ACABAMENTO POLIDO PARA PISO DE CONCRETO ARMADO DE ALTA RESISTÊNCIA. AF_09/2017","M2",26.58,"COMPOSIÇÃO"]
[100322,"LASTRO COM MATERIAL GRANULAR (PEDRA BRITADA N.3), APLICADO EM PISOS OU RADIERS, ESPESSURA DE *10 CM*. AF_07/2019","M3",116.48,"COMPOSIÇÃO"]
[100323,"LASTRO COM MATERIAL GRANULAR (AREIA MÉDIA), APLICADO EM PISOS OU RADIERS, ESPESSURA DE *10 CM*. AF_07/2019","M3",96.7,"COMPOSIÇÃO"]
[100324,"LASTRO COM MATERIAL GRANULAR (PEDRA BRITADA N.1 E PEDRA BRITADA N.2), APLICADO EM PISOS OU RADIERS, ESPESSURA DE *10 CM*. AF_07/2019","M3",116.48,"COMPOSIÇÃO"]
[90996,"FORMAS MANUSEÁVEIS PARA PAREDES DE CONCRETO MOLDADAS IN LOCO, DE EDIFICAÇÕES DE MULTIPLOS PAVIMENTO, EM PLATIBANDA. AF_06/2015","M2",11.99,"COMPOSIÇÃO"]
[90997,"FORMAS MANUSEÁVEIS PARA PAREDES DE CONCRETO MOLDADAS IN LOCO, DE EDIFICAÇÕES DE MULTIPLOS PAVIMENTOS, EM FACES INTERNAS DE PAREDES. AF_06/2015","M2",16.399999999999999,"COMPOSIÇÃO"]
[90998,"FORMAS MANUSEÁVEIS PARA PAREDES DE CONCRETO MOLDADAS IN LOCO, DE EDIFICAÇÕES DE MULTIPLOS PAVIMENTOS, EM LAJES. AF_06/2015","M2",19.86,"COMPOSIÇÃO"]
[91000,"FORMAS MANUSEÁVEIS PARA PAREDES DE CONCRETO MOLDADAS IN LOCO, DE EDIFICAÇÕES DE MULTIPLOS PAVIMENTOS, EM PANOS DE FACHADA COM VÃOS. AF_06/2015","M2",15.08,"COMPOSIÇÃO"]
[91002,"FORMAS MANUSEÁVEIS PARA PAREDES DE CONCRETO MOLDADAS IN LOCO, DE EDIFICAÇÕES DE MULTIPLOS PAVIMENTOS, EM PANOS DE FACHADA SEM VÃOS. AF_06/2015","M2",13.85,"COMPOSIÇÃO"]
[91003,"FORMAS MANUSEÁVEIS PARA PAREDES DE CONCRETO MOLDADAS IN LOCO, DE EDIFICAÇÕES DE MULTIPLOS PAVIMENTOS, EM PANOS DE FACHADA COM VARANDAS. AF_06/2015","M2",16.079999999999998,"COMPOSIÇÃO"]
[91004,"FORMAS MANUSEÁVEIS PARA PAREDES DE CONCRETO MOLDADAS IN LOCO, DE EDIFICAÇÕES DE PAVIMENTO ÚNICO, EM FACES INTERNAS DE PAREDES. AF_06/2015","M2",12.72,"COMPOSIÇÃO"]
[91005,"FORMAS MANUSEÁVEIS PARA PAREDES DE CONCRETO MOLDADAS IN LOCO, DE EDIFICAÇÕES DE PAVIMENTO ÚNICO, EM LAJES. AF_06/2015","M2",15.3,"COMPOSIÇÃO"]
[91006,"FORMAS MANUSEÁVEIS PARA PAREDES DE CONCRETO MOLDADAS IN LOCO, DE EDIFICAÇÕES DE PAVIMENTO ÚNICO, EM PANOS DE FACHADA COM VÃOS. AF_06/2015","M2",11.74,"COMPOSIÇÃO"]
[91007,"FORMAS MANUSEÁVEIS PARA PAREDES DE CONCRETO MOLDADAS IN LOCO, DE EDIFICAÇÕES DE PAVIMENTO ÚNICO, EM PANOS DE FACHADA SEM VÃOS. AF_06/2015","M2",10.5,"COMPOSIÇÃO"]
[91008,"FORMAS MANUSEÁVEIS PARA PAREDES DE CONCRETO MOLDADAS IN LOCO, DE EDIFICAÇÕES DE PAVIMENTO ÚNICO, EM PANOS DE FACHADA COM VARANDA. AF_06/2015","M2",12.73,"COMPOSIÇÃO"]
[92263,"FABRICAÇÃO DE FÔRMA PARA PILARES E ESTRUTURAS SIMILARES, EM CHAPA DE MADEIRA COMPENSADA RESINADA, E = 17 MM. AF_09/2020","M2",103.08,"COMPOSIÇÃO"]
[92264,"FABRICAÇÃO DE FÔRMA PARA PILARES E ESTRUTURAS SIMILARES, EM CHAPA DE MADEIRA COMPENSADA PLASTIFICADA, E = 18 MM. AF_09/2020","M2",123.38,"COMPOSIÇÃO"]
[92265,"FABRICAÇÃO DE FÔRMA PARA VIGAS, EM CHAPA DE MADEIRA COMPENSADA RESINADA, E = 17 MM. AF_09/2020","M2",74.22,"COMPOSIÇÃO"]
[92266,"FABRICAÇÃO DE FÔRMA PARA VIGAS, EM CHAPA DE MADEIRA COMPENSADA PLASTIFICADA, E = 18 MM. AF_09/2020","M2",91.64,"COMPOSIÇÃO"]
[92267,"FABRICAÇÃO DE FÔRMA PARA LAJES, EM CHAPA DE MADEIRA COMPENSADA RESINADA, E = 17 MM. AF_09/2020","M2",28.86,"COMPOSIÇÃO"]
[92268,"FABRICAÇÃO DE FÔRMA PARA LAJES, EM CHAPA DE MADEIRA COMPENSADA PLASTIFICADA, E = 18 MM. AF_09/2020","M2",44.82,"COMPOSIÇÃO"]
[92269,"FABRICAÇÃO DE FÔRMA PARA PILARES E ESTRUTURAS SIMILARES, EM MADEIRA SERRADA, E=25 MM. AF_09/2020","M2",86,"COMPOSIÇÃO"]
[92270,"FABRICAÇÃO DE FÔRMA PARA VIGAS, COM MADEIRA SERRADA, E = 25 MM. AF_09/2020","M2",72.48,"COMPOSIÇÃO"]
[92271,"FABRICAÇÃO DE FÔRMA PARA LAJES, EM MADEIRA SERRADA, E=25 MM. AF_09/2020","M2",34.1,"COMPOSIÇÃO"]
[92272,"FABRICAÇÃO DE ESCORAS DE VIGA DO TIPO GARFO, EM MADEIRA. AF_09/2020","M",23.52,"COMPOSIÇÃO"]
[92273,"FABRICAÇÃO DE ESCORAS DO TIPO PONTALETE, EM MADEIRA, PARA PÉ-DIREITO SIMPLES. AF_09/2020","M",10.54,"COMPOSIÇÃO"]
[92409,"MONTAGEM E DESMONTAGEM DE FÔRMA DE PILARES RETANGULARES E ESTRUTURAS SIMILARES, PÉ-DIREITO SIMPLES, EM MADEIRA SERRADA, 1 UTILIZAÇÃO. AF_09/2020","M2",156.79,"COMPOSIÇÃO"]
[92411,"MONTAGEM E DESMONTAGEM DE FÔRMA DE PILARES RETANGULARES E ESTRUTURAS SIMILARES, PÉ-DIREITO SIMPLES, EM MADEIRA SERRADA, 2 UTILIZAÇÕES. AF_09/2020","M2",106.58,"COMPOSIÇÃO"]
[92413,"MONTAGEM E DESMONTAGEM DE FÔRMA DE PILARES RETANGULARES E ESTRUTURAS SIMILARES, PÉ-DIREITO SIMPLES, EM MADEIRA SERRADA, 4 UTILIZAÇÕES. AF_09/2020","M2",70.680000000000007,"COMPOSIÇÃO"]
[92415,"MONTAGEM E DESMONTAGEM DE FÔRMA DE PILARES RETANGULARES E ESTRUTURAS SIMILARES, PÉ-DIREITO SIMPLES, EM CHAPA DE MADEIRA COMPENSADA RESINADA, 2 UTILIZAÇÕES. AF_09/2020","M2",91.19,"COMPOSIÇÃO"]
[92417,"MONTAGEM E DESMONTAGEM DE FÔRMA DE PILARES RETANGULARES E ESTRUTURAS SIMILARES, PÉ-DIREITO DUPLO, EM CHAPA DE MADEIRA COMPENSADA RESINADA, 2 UTILIZAÇÕES. AF_09/2020","M2",107.7,"COMPOSIÇÃO"]
[92419,"MONTAGEM E DESMONTAGEM DE FÔRMA DE PILARES RETANGULARES E ESTRUTURAS SIMILARES, PÉ-DIREITO SIMPLES, EM CHAPA DE MADEIRA COMPENSADA RESINADA, 4 UTILIZAÇÕES. AF_09/2020","M2",58.32,"COMPOSIÇÃO"]
[92421,"MONTAGEM E DESMONTAGEM DE FÔRMA DE PILARES RETANGULARES E ESTRUTURAS SIMILARES, PÉ-DIREITO DUPLO, EM CHAPA DE MADEIRA COMPENSADA RESINADA, 4 UTILIZAÇÕES. AF_09/2020","M2",70.989999999999995,"COMPOSIÇÃO"]
[92423,"MONTAGEM E DESMONTAGEM DE FÔRMA DE PILARES RETANGULARES E ESTRUTURAS SIMILARES, PÉ-DIREITO SIMPLES, EM CHAPA DE MADEIRA COMPENSADA RESINADA, 6 UTILIZAÇÕES. AF_09/2020","M2",47.99,"COMPOSIÇÃO"]
[92425,"MONTAGEM E DESMONTAGEM DE FÔRMA DE PILARES RETANGULARES E ESTRUTURAS SIMILARES, PÉ-DIREITO DUPLO, EM CHAPA DE MADEIRA COMPENSADA RESINADA, 6 UTILIZAÇÕES. AF_09/2020","M2",59.01,"COMPOSIÇÃO"]
[92427,"MONTAGEM E DESMONTAGEM DE FÔRMA DE PILARES RETANGULARES E ESTRUTURAS SIMILARES, PÉ-DIREITO SIMPLES, EM CHAPA DE MADEIRA COMPENSADA RESINADA, 8 UTILIZAÇÕES. AF_09/2020","M2",42.78,"COMPOSIÇÃO"]
[92429,"MONTAGEM E DESMONTAGEM DE FÔRMA DE PILARES RETANGULARES E ESTRUTURAS SIMILARES, PÉ-DIREITO DUPLO, EM CHAPA DE MADEIRA COMPENSADA RESINADA, 8 UTILIZAÇÕES. AF_09/2020","M2",52.98,"COMPOSIÇÃO"]
[92431,"MONTAGEM E DESMONTAGEM DE FÔRMA DE PILARES RETANGULARES E ESTRUTURAS SIMILARES, PÉ-DIREITO SIMPLES, EM CHAPA DE MADEIRA COMPENSADA PLASTIFICADA, 10 UTILIZAÇÕES. AF_09/2020","M2",39.47,"COMPOSIÇÃO"]
[92433,"MONTAGEM E DESMONTAGEM DE FÔRMA DE PILARES RETANGULARES E ESTRUTURAS SIMILARES, PÉ-DIREITO DUPLO, EM CHAPA DE MADEIRA COMPENSADA PLASTIFICADA, 10 UTILIZAÇÕES. AF_09/2020","M2",49.16,"COMPOSIÇÃO"]
[92435,"MONTAGEM E DESMONTAGEM DE FÔRMA DE PILARES RETANGULARES E ESTRUTURAS SIMILARES, PÉ-DIREITO SIMPLES, EM CHAPA DE MADEIRA COMPENSADA PLASTIFICADA, 12 UTILIZAÇÕES. AF_09/2020","M2",37.590000000000003,"COMPOSIÇÃO"]
[92437,"MONTAGEM E DESMONTAGEM DE FÔRMA DE PILARES RETANGULARES E ESTRUTURAS SIMILARES, PÉ-DIREITO DUPLO, EM CHAPA DE MADEIRA COMPENSADA PLASTIFICADA, 12 UTILIZAÇÕES. AF_09/2020","M2",46.95,"COMPOSIÇÃO"]
[92439,"MONTAGEM E DESMONTAGEM DE FÔRMA DE PILARES RETANGULARES E ESTRUTURAS SIMILARES, PÉ-DIREITO SIMPLES, EM CHAPA DE MADEIRA COMPENSADA PLASTIFICADA, 14 UTILIZAÇÕES. AF_09/2020","M2",36.25,"COMPOSIÇÃO"]
[92441,"MONTAGEM E DESMONTAGEM DE FÔRMA DE PILARES RETANGULARES E ESTRUTURAS SIMILARES, PÉ-DIREITO DUPLO, EM CHAPA DE MADEIRA COMPENSADA PLASTIFICADA, 14 UTILIZAÇÕES. AF_09/2020","M2",45.38,"COMPOSIÇÃO"]
[92443,"MONTAGEM E DESMONTAGEM DE FÔRMA DE PILARES RETANGULARES E ESTRUTURAS SIMILARES, PÉ-DIREITO SIMPLES, EM CHAPA DE MADEIRA COMPENSADA PLASTIFICADA, 18 UTILIZAÇÕES. AF_09/2020","M2",33.4,"COMPOSIÇÃO"]
[92445,"MONTAGEM E DESMONTAGEM DE FÔRMA DE PILARES RETANGULARES E ESTRUTURAS SIMILARES, PÉ-DIREITO DUPLO, EM CHAPA DE MADEIRA COMPENSADA PLASTIFICADA, 18 UTILIZAÇÕES. AF_09/2020","M2",42.21,"COMPOSIÇÃO"]
[92446,"MONTAGEM E DESMONTAGEM DE FÔRMA DE VIGA, ESCORAMENTO COM PONTALETE DE MADEIRA, PÉ-DIREITO SIMPLES, EM MADEIRA SERRADA, 1 UTILIZAÇÃO. AF_09/2020","M2",154.41999999999999,"COMPOSIÇÃO"]
[92447,"MONTAGEM E DESMONTAGEM DE FÔRMA DE VIGA, ESCORAMENTO COM PONTALETE DE MADEIRA, PÉ-DIREITO SIMPLES, EM MADEIRA SERRADA, 2 UTILIZAÇÕES. AF_09/2020","M2",112.17,"COMPOSIÇÃO"]
[92448,"MONTAGEM E DESMONTAGEM DE FÔRMA DE VIGA, ESCORAMENTO COM PONTALETE DE MADEIRA, PÉ-DIREITO SIMPLES, EM MADEIRA SERRADA, 4 UTILIZAÇÕES. AF_09/2020","M2",91.39,"COMPOSIÇÃO"]
[92449,"MONTAGEM E DESMONTAGEM DE FÔRMA DE VIGA, ESCORAMENTO COM GARFO DE MADEIRA, PÉ-DIREITO DUPLO, EM CHAPA DE MADEIRA RESINADA, 2 UTILIZAÇÕES. AF_09/2020","M2",174,"COMPOSIÇÃO"]
[92450,"MONTAGEM E DESMONTAGEM DE FÔRMA DE VIGA, ESCORAMENTO METÁLICO, PÉ-DIREITO DUPLO, EM CHAPA DE MADEIRA RESINADA, 2 UTILIZAÇÕES. AF_09/2020","M2",238.1,"COMPOSIÇÃO"]
[92451,"MONTAGEM E DESMONTAGEM DE FÔRMA DE VIGA, ESCORAMENTO COM GARFO DE MADEIRA, PÉ-DIREITO SIMPLES, EM CHAPA DE MADEIRA RESINADA, 2 UTILIZAÇÕES. AF_09/2020","M2",117.77,"COMPOSIÇÃO"]
[92452,"MONTAGEM E DESMONTAGEM DE FÔRMA DE VIGA, ESCORAMENTO METÁLICO, PÉ-DIREITO SIMPLES, EM CHAPA DE MADEIRA RESINADA, 2 UTILIZAÇÕES. AF_09/2020","M2",111.57,"COMPOSIÇÃO"]
[92453,"MONTAGEM E DESMONTAGEM DE FÔRMA DE VIGA, ESCORAMENTO COM GARFO DE MADEIRA, PÉ-DIREITO DUPLO, EM CHAPA DE MADEIRA RESINADA, 4 UTILIZAÇÕES. AF_09/2020","M2",150.43,"COMPOSIÇÃO"]
[92454,"MONTAGEM E DESMONTAGEM DE FÔRMA DE VIGA, ESCORAMENTO METÁLICO, PÉ-DIREITO DUPLO, EM CHAPA DE MADEIRA RESINADA, 4 UTILIZAÇÕES. AF_09/2020","M2",218.7,"COMPOSIÇÃO"]
[92455,"MONTAGEM E DESMONTAGEM DE FÔRMA DE VIGA, ESCORAMENTO COM GARFO DE MADEIRA, PÉ-DIREITO SIMPLES, EM CHAPA DE MADEIRA RESINADA, 4 UTILIZAÇÕES. AF_09/2020","M2",97.55,"COMPOSIÇÃO"]
[92456,"MONTAGEM E DESMONTAGEM DE FÔRMA DE VIGA, ESCORAMENTO METÁLICO, PÉ-DIREITO SIMPLES, EM CHAPA DE MADEIRA RESINADA, 4 UTILIZAÇÕES. AF_09/2020","M2",91.98,"COMPOSIÇÃO"]
[92457,"MONTAGEM E DESMONTAGEM DE FÔRMA DE VIGA, ESCORAMENTO COM GARFO DE MADEIRA, PÉ-DIREITO DUPLO, EM CHAPA DE MADEIRA RESINADA, 6 UTILIZAÇÕES. AF_09/2020","M2",130.72,"COMPOSIÇÃO"]
[92458,"MONTAGEM E DESMONTAGEM DE FÔRMA DE VIGA, ESCORAMENTO METÁLICO, PÉ-DIREITO DUPLO, EM CHAPA DE MADEIRA RESINADA, 6 UTILIZAÇÕES. AF_12/2015","M2",206.26,"COMPOSIÇÃO"]
[92459,"MONTAGEM E DESMONTAGEM DE FÔRMA DE VIGA, ESCORAMENTO COM GARFO DE MADEIRA, PÉ-DIREITO SIMPLES, EM CHAPA DE MADEIRA RESINADA, 6 UTILIZAÇÕES. AF_09/2020","M2",82.91,"COMPOSIÇÃO"]
[92460,"MONTAGEM E DESMONTAGEM DE FÔRMA DE VIGA, ESCORAMENTO METÁLICO, PÉ-DIREITO SIMPLES, EM CHAPA DE MADEIRA RESINADA, 6 UTILIZAÇÕES. AF_09/2020","M2",75.45,"COMPOSIÇÃO"]
[92461,"MONTAGEM E DESMONTAGEM DE FÔRMA DE VIGA, ESCORAMENTO COM GARFO DE MADEIRA, PÉ-DIREITO DUPLO, EM CHAPA DE MADEIRA RESINADA, 8 UTILIZAÇÕES. AF_09/2020","M2",120.53,"COMPOSIÇÃO"]
[92462,"MONTAGEM E DESMONTAGEM DE FÔRMA DE VIGA, ESCORAMENTO METÁLICO, PÉ-DIREITO DUPLO, EM CHAPA DE MADEIRA RESINADA, 8 UTILIZAÇÕES. AF_09/2020","M2",198.26,"COMPOSIÇÃO"]
[92463,"MONTAGEM E DESMONTAGEM DE FÔRMA DE VIGA, ESCORAMENTO COM GARFO DE MADEIRA, PÉ-DIREITO SIMPLES, EM CHAPA DE MADEIRA RESINADA, 8 UTILIZAÇÕES. AF_09/2020","M2",75.099999999999994,"COMPOSIÇÃO"]
[92464,"MONTAGEM E DESMONTAGEM DE FÔRMA DE VIGA, ESCORAMENTO METÁLICO, PÉ-DIREITO SIMPLES, EM CHAPA DE MADEIRA RESINADA, 8 UTILIZAÇÕES. AF_09/2020","M2",72.069999999999993,"COMPOSIÇÃO"]
[92465,"MONTAGEM E DESMONTAGEM DE FÔRMA DE VIGA, ESCORAMENTO COM GARFO DE MADEIRA, PÉ-DIREITO DUPLO, EM CHAPA DE MADEIRA PLASTIFICADA, 10 UTILIZAÇÕES. AF_09/2020","M2",94.96,"COMPOSIÇÃO"]
[92466,"MONTAGEM E DESMONTAGEM DE FÔRMA DE VIGA, ESCORAMENTO METÁLICO, PÉ-DIREITO DUPLO, EM CHAPA DE MADEIRA PLASTIFICADA, 10 UTILIZAÇÕES. AF_09/2020","M2",192.66,"COMPOSIÇÃO"]
[92467,"MONTAGEM E DESMONTAGEM DE FÔRMA DE VIGA, ESCORAMENTO COM GARFO DE MADEIRA, PÉ-DIREITO SIMPLES, EM CHAPA DE MADEIRA PLASTIFICADA, 10 UTILIZAÇÕES. AF_09/2020","M2",60.73,"COMPOSIÇÃO"]
[92468,"MONTAGEM E DESMONTAGEM DE FÔRMA DE VIGA, ESCORAMENTO METÁLICO, PÉ-DIREITO SIMPLES, EM CHAPA DE MADEIRA PLASTIFICADA, 10 UTILIZAÇÕES. AF_09/2020","M2",66.75,"COMPOSIÇÃO"]
[92469,"MONTAGEM E DESMONTAGEM DE FÔRMA DE VIGA, ESCORAMENTO COM GARFO DE MADEIRA, PÉ-DIREITO DUPLO, EM CHAPA DE MADEIRA PLASTIFICADA, 12 UTILIZAÇÕES. AF_09/2020","M2",86.28,"COMPOSIÇÃO"]
[92470,"MONTAGEM E DESMONTAGEM DE FÔRMA DE VIGA, ESCORAMENTO METÁLICO, PÉ-DIREITO DUPLO, EM CHAPA DE MADEIRA PLASTIFICADA, 12 UTILIZAÇÕES. AF_09/2020","M2",188.14,"COMPOSIÇÃO"]
[92471,"MONTAGEM E DESMONTAGEM DE FÔRMA DE VIGA, ESCORAMENTO COM GARFO DE MADEIRA, PÉ-DIREITO SIMPLES, EM CHAPA DE MADEIRA PLASTIFICADA, 12 UTILIZAÇÕES. AF_09/2020","M2",55.25,"COMPOSIÇÃO"]
[92472,"MONTAGEM E DESMONTAGEM DE FÔRMA DE VIGA, ESCORAMENTO METÁLICO, PÉ-DIREITO SIMPLES, EM CHAPA DE MADEIRA PLASTIFICADA, 12 UTILIZAÇÕES. AF_09/2020","M2",62.83,"COMPOSIÇÃO"]
[92473,"MONTAGEM E DESMONTAGEM DE FÔRMA DE VIGA, ESCORAMENTO COM GARFO DE MADEIRA, PÉ-DIREITO DUPLO, EM CHAPA DE MADEIRA PLASTIFICADA, 14 UTILIZAÇÕES. AF_09/2020","M2",79.22,"COMPOSIÇÃO"]
[92474,"MONTAGEM E DESMONTAGEM DE FÔRMA DE VIGA, ESCORAMENTO METÁLICO, PÉ-DIREITO DUPLO, EM CHAPA DE MADEIRA PLASTIFICADA, 14 UTILIZAÇÕES. AF_09/2020","M2",184.23,"COMPOSIÇÃO"]
[92475,"MONTAGEM E DESMONTAGEM DE FÔRMA DE VIGA, ESCORAMENTO COM GARFO DE MADEIRA, PÉ-DIREITO SIMPLES, EM CHAPA DE MADEIRA PLASTIFICADA, 14 UTILIZAÇÕES. AF_09/2020","M2",50.78,"COMPOSIÇÃO"]
[92476,"MONTAGEM E DESMONTAGEM DE FÔRMA DE VIGA, ESCORAMENTO METÁLICO, PÉ-DIREITO SIMPLES, EM CHAPA DE MADEIRA PLASTIFICADA, 14 UTILIZAÇÕES. AF_09/2020","M2",59.5,"COMPOSIÇÃO"]
[92477,"MONTAGEM E DESMONTAGEM DE FÔRMA DE VIGA, ESCORAMENTO COM GARFO DE MADEIRA, PÉ-DIREITO DUPLO, EM CHAPA DE MADEIRA PLASTIFICADA, 18 UTILIZAÇÕES. AF_09/2020","M2",64.22,"COMPOSIÇÃO"]
[92478,"MONTAGEM E DESMONTAGEM DE FÔRMA DE VIGA, ESCORAMENTO METÁLICO, PÉ-DIREITO DUPLO, EM CHAPA DE MADEIRA PLASTIFICADA, 18 UTILIZAÇÕES. AF_09/2020","M2",176.58,"COMPOSIÇÃO"]
[92479,"MONTAGEM E DESMONTAGEM DE FÔRMA DE VIGA, ESCORAMENTO COM GARFO DE MADEIRA, PÉ-DIREITO SIMPLES, EM CHAPA DE MADEIRA PLASTIFICADA, 18 UTILIZAÇÕES. AF_09/2020","M2",41.29,"COMPOSIÇÃO"]
[92480,"MONTAGEM E DESMONTAGEM DE FÔRMA DE VIGA, ESCORAMENTO METÁLICO, PÉ-DIREITO SIMPLES, EM CHAPA DE MADEIRA PLASTIFICADA, 18 UTILIZAÇÕES. AF_09/2020","M2",52.88,"COMPOSIÇÃO"]
[92482,"MONTAGEM E DESMONTAGEM DE FÔRMA DE LAJE MACIÇA, PÉ-DIREITO SIMPLES, EM MADEIRA SERRADA, 1 UTILIZAÇÃO. AF_09/2020","M2",163.41999999999999,"COMPOSIÇÃO"]
[92484,"MONTAGEM E DESMONTAGEM DE FÔRMA DE LAJE MACIÇA, PÉ-DIREITO SIMPLES, EM MADEIRA SERRADA, 2 UTILIZAÇÕES. AF_09/2020","M2",126.84,"COMPOSIÇÃO"]
[92486,"MONTAGEM E DESMONTAGEM DE FÔRMA DE LAJE MACIÇA, PÉ-DIREITO SIMPLES, EM MADEIRA SERRADA, 4 UTILIZAÇÕES. AF_09/2020","M2",92.79,"COMPOSIÇÃO"]
[92488,"MONTAGEM E DESMONTAGEM DE FÔRMA DE LAJE NERVURADA COM CUBETA E ASSOALHO, PÉ-DIREITO DUPLO, EM CHAPA DE MADEIRA COMPENSADA RESINADA, 8 UTILIZAÇÕES. AF_09/2020","M2",72.78,"COMPOSIÇÃO"]
[92490,"MONTAGEM E DESMONTAGEM DE FÔRMA DE LAJE NERVURADA COM CUBETA E ASSOALHO, PÉ-DIREITO SIMPLES, EM CHAPA DE MADEIRA COMPENSADA RESINADA, 8 UTILIZAÇÕES. AF_09/2020","M2",40.36,"COMPOSIÇÃO"]
[92492,"MONTAGEM E DESMONTAGEM DE FÔRMA DE LAJE NERVURADA COM CUBETA E ASSOALHO, PÉ-DIREITO DUPLO, EM CHAPA DE MADEIRA COMPENSADA RESINADA, 10 UTILIZAÇÕES. AF_09/2020","M2",70.39,"COMPOSIÇÃO"]
[92494,"MONTAGEM E DESMONTAGEM DE FÔRMA DE LAJE NERVURADA COM CUBETA E ASSOALHO, PÉ-DIREITO SIMPLES, EM CHAPA DE MADEIRA COMPENSADA RESINADA, 10 UTILIZAÇÕES. AF_09/2020","M2",38.340000000000003,"COMPOSIÇÃO"]
[92496,"MONTAGEM E DESMONTAGEM DE FÔRMA DE LAJE NERVURADA COM CUBETA E ASSOALHO, PÉ-DIREITO DUPLO, EM CHAPA DE MADEIRA COMPENSADA RESINADA, 12 UTILIZAÇÕES. AF_09/2020","M2",68.790000000000006,"COMPOSIÇÃO"]
[92498,"MONTAGEM E DESMONTAGEM DE FÔRMA DE LAJE NERVURADA COM CUBETA E ASSOALHO, PÉ-DIREITO SIMPLES, EM CHAPA DE MADEIRA COMPENSADA RESINADA, 12 UTILIZAÇÕES. AF_09/2020","M2",36.979999999999997,"COMPOSIÇÃO"]
[92500,"MONTAGEM E DESMONTAGEM DE FÔRMA DE LAJE NERVURADA COM CUBETA E ASSOALHO, PÉ-DIREITO DUPLO, EM CHAPA DE MADEIRA COMPENSADA RESINADA, 14 UTILIZAÇÕES. AF_09/2020","M2",67.84,"COMPOSIÇÃO"]
[92502,"MONTAGEM E DESMONTAGEM DE FÔRMA DE LAJE NERVURADA COM CUBETA E ASSOALHO, PÉ-DIREITO SIMPLES, EM CHAPA DE MADEIRA COMPENSADA RESINADA, 14 UTILIZAÇÕES. AF_09/2020","M2",36.200000000000003,"COMPOSIÇÃO"]
[92504,"MONTAGEM E DESMONTAGEM DE FÔRMA DE LAJE NERVURADA COM CUBETA E ASSOALHO, PÉ-DIREITO DUPLO, EM CHAPA DE MADEIRA COMPENSADA RESINADA, 18 UTILIZAÇÕES. AF_09/2020","M2",41.55,"COMPOSIÇÃO"]
[92506,"MONTAGEM E DESMONTAGEM DE FÔRMA DE LAJE NERVURADA COM CUBETA E ASSOALHO, PÉ-DIREITO SIMPLES, EM CHAPA DE MADEIRA COMPENSADA RESINADA, 18 UTILIZAÇÕES. AF_09/2020","M2",34.9,"COMPOSIÇÃO"]
[92508,"MONTAGEM E DESMONTAGEM DE FÔRMA DE LAJE MACIÇA, PÉ-DIREITO DUPLO, EM CHAPA DE MADEIRA COMPENSADA RESINADA, 2 UTILIZAÇÕES. AF_09/2020","M2",73.069999999999993,"COMPOSIÇÃO"]
[92510,"MONTAGEM E DESMONTAGEM DE FÔRMA DE LAJE MACIÇA, PÉ-DIREITO SIMPLES, EM CHAPA DE MADEIRA COMPENSADA RESINADA, 2 UTILIZAÇÕES. AF_09/2020","M2",37.090000000000003,"COMPOSIÇÃO"]
[92512,"MONTAGEM E DESMONTAGEM DE FÔRMA DE LAJE MACIÇA, PÉ-DIREITO DUPLO, EM CHAPA DE MADEIRA COMPENSADA RESINADA, 4 UTILIZAÇÕES. AF_09/2020","M2",60.04,"COMPOSIÇÃO"]
[92514,"MONTAGEM E DESMONTAGEM DE FÔRMA DE LAJE MACIÇA, PÉ-DIREITO SIMPLES, EM CHAPA DE MADEIRA COMPENSADA RESINADA, 4 UTILIZAÇÕES. AF_09/2020","M2",26.67,"COMPOSIÇÃO"]
[92515,"MONTAGEM E DESMONTAGEM DE FÔRMA DE LAJE MACIÇA, PÉ-DIREITO DUPLO, EM CHAPA DE MADEIRA COMPENSADA RESINADA, 6 UTILIZAÇÕES. AF_09/2020","M2",54.55,"COMPOSIÇÃO"]
[92518,"MONTAGEM E DESMONTAGEM DE FÔRMA DE LAJE MACIÇA, PÉ-DIREITO SIMPLES, EM CHAPA DE MADEIRA COMPENSADA RESINADA, 6 UTILIZAÇÕES. AF_09/2020","M2",22.32,"COMPOSIÇÃO"]
[92520,"MONTAGEM E DESMONTAGEM DE FÔRMA DE LAJE MACIÇA, PÉ-DIREITO DUPLO, EM CHAPA DE MADEIRA COMPENSADA RESINADA, 8 UTILIZAÇÕES. AF_09/2020","M2",51.74,"COMPOSIÇÃO"]
[92522,"MONTAGEM E DESMONTAGEM DE FÔRMA DE LAJE MACIÇA, PÉ-DIREITO SIMPLES, EM CHAPA DE MADEIRA COMPENSADA RESINADA, 8 UTILIZAÇÕES. AF_09/2020","M2",20.09,"COMPOSIÇÃO"]
[92524,"MONTAGEM E DESMONTAGEM DE FÔRMA DE LAJE MACIÇA, PÉ-DIREITO DUPLO, EM CHAPA DE MADEIRA COMPENSADA PLASTIFICADA, 10 UTILIZAÇÕES. AF-09/2020","M2",51.35,"COMPOSIÇÃO"]
[92526,"MONTAGEM E DESMONTAGEM DE FÔRMA DE LAJE MACIÇA, PÉ-DIREITO SIMPLES, EM CHAPA DE MADEIRA COMPENSADA PLASTIFICADA, 10 UTILIZAÇÕES. AF_09/2020","M2",20.05,"COMPOSIÇÃO"]
[92528,"MONTAGEM E DESMONTAGEM DE FÔRMA DE LAJE MACIÇA, PÉ-DIREITO DUPLO, EM CHAPA DE MADEIRA COMPENSADA PLASTIFICADA, 12 UTILIZAÇÕES. AF_09/2020","M2",50.18,"COMPOSIÇÃO"]
[92530,"MONTAGEM E DESMONTAGEM DE FÔRMA DE LAJE MACIÇA, PÉ-DIREITO SIMPLES, EM CHAPA DE MADEIRA COMPENSADA PLASTIFICADA, 12 UTILIZAÇÕES. AF_09/2020","M2",19.100000000000001,"COMPOSIÇÃO"]
[92532,"MONTAGEM E DESMONTAGEM DE FÔRMA DE LAJE MACIÇA, PÉ-DIREITO DUPLO, EM CHAPA DE MADEIRA COMPENSADA PLASTIFICADA, 14 UTILIZAÇÕES. AF_09/2020","M2",49.3,"COMPOSIÇÃO"]
[92534,"MONTAGEM E DESMONTAGEM DE FÔRMA DE LAJE MACIÇA, PÉ-DIREITO SIMPLES, EM CHAPA DE MADEIRA COMPENSADA PLASTIFICADA, 14 UTILIZAÇÕES. AF_09/2020","M2",18.41,"COMPOSIÇÃO"]
[92536,"MONTAGEM E DESMONTAGEM DE FÔRMA DE LAJE MACIÇA, PÉ-DIREITO DUPLO, EM CHAPA DE MADEIRA COMPENSADA PLASTIFICADA, 18 UTILIZAÇÕES. AF_09/2020","M2",47.7,"COMPOSIÇÃO"]
[92538,"MONTAGEM E DESMONTAGEM DE FÔRMA DE LAJE MACIÇA, PÉ-DIREITO SIMPLES, EM CHAPA DE MADEIRA COMPENSADA PLASTIFICADA, 18 UTILIZAÇÕES. AF_09/2020","M2",17,"COMPOSIÇÃO"]
[95934,"FABRICAÇÃO DE FÔRMA PARA ESCADAS, COM 2 LANCES, EM CHAPA DE MADEIRA COMPENSADA PLASTIFICADA, E=18 MM. AF_01/2017","M2",123.26,"COMPOSIÇÃO"]
[95935,"FABRICAÇÃO DE FÔRMA PARA ESCADAS, COM 2 LANCES, EM CHAPA DE MADEIRA COMPENSADA RESINADA, E= 17 MM. AF_01/2017","M2",102.82,"COMPOSIÇÃO"]
[95936,"FABRICAÇÃO DE FÔRMA PARA ESCADAS, COM 2 LANCES, EM MADEIRA SERRADA, E=25 MM. AF_01/2017","M2",90.04,"COMPOSIÇÃO"]
[95937,"MONTAGEM E DESMONTAGEM DE FÔRMA PARA ESCADAS, COM 2 LANCES, EM MADEIRA SERRADA, 1 UTILIZAÇÃO. AF_01/2017","M2",248.17,"COMPOSIÇÃO"]
[95938,"MONTAGEM E DESMONTAGEM DE FÔRMA PARA ESCADAS, COM 2 LANCES, EM MADEIRA SERRADA, 2 UTILIZAÇÕES. AF_01/2017","M2",206.39,"COMPOSIÇÃO"]
[95939,"MONTAGEM E DESMONTAGEM DE FÔRMA PARA ESCADAS, COM 2 LANCES, EM CHAPA DE MADEIRA COMPENSADA RESINADA, 4 UTILIZAÇÕES. AF_01/2017","M2",161.28,"COMPOSIÇÃO"]
[95940,"MONTAGEM E DESMONTAGEM DE FÔRMA PARA ESCADAS, COM 2 LANCES, EM CHAPA DE MADEIRA COMPENSADA PLASTIFICADA, 6 UTILIZAÇÕES. AF_01/2017","M2",131.84,"COMPOSIÇÃO"]
[95941,"MONTAGEM E DESMONTAGEM DE FÔRMA PARA ESCADAS, COM 2 LANCES, EM CHAPA DE MADEIRA COMPENSADA PLASTIFICADA, 8 UTILIZAÇÕES. AF_01/2017","M2",116.18,"COMPOSIÇÃO"]
[95942,"MONTAGEM E DESMONTAGEM DE FÔRMA PARA ESCADAS, COM 2 LANCES, EM CHAPA DE MADEIRA COMPENSADA PLASTIFICADA, 10 UTILIZAÇÕES. AF_01/2017","M2",106.41,"COMPOSIÇÃO"]
[96252,"FABRICAÇÃO DE FÔRMA PARA PILARES CIRCULARES, EM CHAPA DE MADEIRA COMPENSADA RESINADA. AF_06/2017","M2",155.69999999999999,"COMPOSIÇÃO"]
[96257,"MONTAGEM E DESMONTAGEM DE FÔRMA DE PILARES CIRCULARES, COM ÁREA MÉDIA DAS SEÇÕES MENOR OU IGUAL A 0,28 M², PÉ-DIREITO SIMPLES, EM MADEIRA, 2 UTILIZAÇÕES. AF_06/2017","M2",133.93,"COMPOSIÇÃO"]
[96258,"MONTAGEM E DESMONTAGEM DE FÔRMA DE PILARES CIRCULARES, COM ÁREA MÉDIA DAS SEÇÕES MAIOR QUE 0,28 M², PÉ-DIREITO SIMPLES, EM MADEIRA, 2 UTILIZAÇÕES. AF_06/2017","M2",125,"COMPOSIÇÃO"]
[96259,"MONTAGEM E DESMONTAGEM DE FÔRMA DE PILARES CIRCULARES, COM ÁREA MÉDIA DAS SEÇÕES MENOR OU IGUAL A 0,28 M², PÉ-DIREITO DUPLO, EM MADEIRA, 2 UTILIZAÇÕES. AF_06/2017","M2",151.34,"COMPOSIÇÃO"]
[96529,"FABRICAÇÃO, MONTAGEM E DESMONTAGEM DE FÔRMA PARA SAPATA, EM MADEIRA SERRADA, E=25 MM, 1 UTILIZAÇÃO. AF_06/2017","M2",196.39,"COMPOSIÇÃO"]
[96530,"FABRICAÇÃO, MONTAGEM E DESMONTAGEM DE FÔRMA PARA VIGA BALDRAME, EM MADEIRA SERRADA, E=25 MM, 1 UTILIZAÇÃO. AF_06/2017","M2",93.5,"COMPOSIÇÃO"]
[96531,"FABRICAÇÃO, MONTAGEM E DESMONTAGEM DE FÔRMA PARA BLOCO DE COROAMENTO, EM MADEIRA SERRADA, E=25 MM, 2 UTILIZAÇÕES. AF_06/2017","M2",71.430000000000007,"COMPOSIÇÃO"]
[96532,"FABRICAÇÃO, MONTAGEM E DESMONTAGEM DE FÔRMA PARA SAPATA, EM MADEIRA SERRADA, E=25 MM, 2 UTILIZAÇÕES. AF_06/2017","M2",130.38999999999999,"COMPOSIÇÃO"]
[96533,"FABRICAÇÃO, MONTAGEM E DESMONTAGEM DE FÔRMA PARA VIGA BALDRAME, EM MADEIRA SERRADA, E=25 MM, 2 UTILIZAÇÕES. AF_06/2017","M2",61.69,"COMPOSIÇÃO"]
[96534,"FABRICAÇÃO, MONTAGEM E DESMONTAGEM DE FÔRMA PARA BLOCO DE COROAMENTO, EM MADEIRA SERRADA, E=25 MM, 4 UTILIZAÇÕES. AF_06/2017","M2",53.64,"COMPOSIÇÃO"]
[96535,"FABRICAÇÃO, MONTAGEM E DESMONTAGEM DE FÔRMA PARA SAPATA, EM MADEIRA SERRADA, E=25 MM, 4 UTILIZAÇÕES. AF_06/2017","M2",96.04,"COMPOSIÇÃO"]
[96536,"FABRICAÇÃO, MONTAGEM E DESMONTAGEM DE FÔRMA PARA VIGA BALDRAME, EM MADEIRA SERRADA, E=25 MM, 4 UTILIZAÇÕES. AF_06/2017","M2",45.13,"COMPOSIÇÃO"]
[96537,"FABRICAÇÃO, MONTAGEM E DESMONTAGEM DE FÔRMA PARA BLOCO DE COROAMENTO, EM CHAPA DE MADEIRA COMPENSADA RESINADA, E=17 MM, 2 UTILIZAÇÕES. AF_06/2017","M2",120.57,"COMPOSIÇÃO"]
[96538,"FABRICAÇÃO, MONTAGEM E DESMONTAGEM DE FÔRMA PARA SAPATA, EM CHAPA DE MADEIRA COMPENSADA RESINADA, E=17 MM, 2 UTILIZAÇÕES. AF_06/2017","M2",189.3,"COMPOSIÇÃO"]
[96539,"FABRICAÇÃO, MONTAGEM E DESMONTAGEM DE FÔRMA PARA VIGA BALDRAME, EM CHAPA DE MADEIRA COMPENSADA RESINADA, E=17 MM, 2 UTILIZAÇÕES. AF_06/2017","M2",84.54,"COMPOSIÇÃO"]
[96540,"FABRICAÇÃO, MONTAGEM E DESMONTAGEM DE FÔRMA PARA BLOCO DE COROAMENTO, EM CHAPA DE MADEIRA COMPENSADA RESINADA, E=17 MM, 4 UTILIZAÇÕES. AF_06/2017","M2",86.92,"COMPOSIÇÃO"]
[96541,"FABRICAÇÃO, MONTAGEM E DESMONTAGEM DE FÔRMA PARA SAPATA, EM CHAPA DE MADEIRA COMPENSADA RESINADA, E=17 MM, 4 UTILIZAÇÕES. AF_06/2017","M2",135.16999999999999,"COMPOSIÇÃO"]
[96542,"FABRICAÇÃO, MONTAGEM E DESMONTAGEM DE FÔRMA PARA VIGA BALDRAME, EM CHAPA DE MADEIRA COMPENSADA RESINADA, E=17 MM, 4 UTILIZAÇÕES. AF_06/2017","M2",64.41,"COMPOSIÇÃO"]
[96543,"ARMAÇÃO DE BLOCO, VIGA BALDRAME E SAPATA UTILIZANDO AÇO CA-60 DE 5 MM - MONTAGEM. AF_06/2017","KG",13.65,"COMPOSIÇÃO"]
[97747,"MONTAGEM E DESMONTAGEM DE FÔRMA DE PILARES CIRCULARES, COM ÁREA MÉDIA DAS SEÇÕES MAIOR QUE 0,28 M², PÉ-DIREITO DUPLO, EM MADEIRA, 2 UTILIZAÇÕES.  AF_06/2017","M2",140,"COMPOSIÇÃO"]
[101791,"FABRICAÇÃO DE ESCORAS DO TIPO PONTALETE, EM MADEIRA, PARA PÉ-DIREITO DUPLO. AF_09/2020","M",36.33,"COMPOSIÇÃO"]
[101792,"ESCORAMENTO DE FÔRMAS DE LAJE EM MADEIRA NÃO APARELHADA, PÉ-DIREITO SIMPLES, INCLUSO TRAVAMENTO, 4 UTILIZAÇÕES. AF_09/2020","M3",10.71,"COMPOSIÇÃO"]
[101793,"ESCORAMENTO DE FÔRMAS DE LAJE EM MADEIRA NÃO APARELHADA, PÉ-DIREITO DUPLO, INCLUSO TRAVAMENTO, 4 UTILIZAÇÕES. AF_09/2020","M3",27.19,"COMPOSIÇÃO"]
[89996,"ARMAÇÃO VERTICAL DE ALVENARIA ESTRUTURAL; DIÂMETRO DE 10,0 MM. AF_01/2015","KG",8.4600000000000009,"COMPOSIÇÃO"]
[89997,"ARMAÇÃO VERTICAL DE ALVENARIA ESTRUTURAL; DIÂMETRO DE 12,5 MM. AF_01/2015","KG",6.9,"COMPOSIÇÃO"]
[89998,"ARMAÇÃO DE CINTA DE ALVENARIA ESTRUTURAL; DIÂMETRO DE 10,0 MM. AF_01/2015","KG",8.0399999999999991,"COMPOSIÇÃO"]
[89999,"ARMAÇÃO DE VERGA E CONTRAVERGA DE ALVENARIA ESTRUTURAL; DIÂMETRO DE 8,0 MM. AF_01/2015","KG",11.62,"COMPOSIÇÃO"]
[90000,"ARMAÇÃO DE VERGA E CONTRAVERGA DE ALVENARIA ESTRUTURAL; DIÂMETRO DE 10,0 MM. AF_01/2015","KG",9.5299999999999994,"COMPOSIÇÃO"]
[91593,"ARMAÇÃO DO SISTEMA DE PAREDES DE CONCRETO, EXECUTADA EM PAREDES DE EDIFICAÇÕES DE MÚLTIPLOS PAVIMENTOS, TELA Q-138. AF_06/2019","KG",9.02,"COMPOSIÇÃO"]
[91594,"ARMAÇÃO DO SISTEMA DE PAREDES DE CONCRETO, EXECUTADA EM PAREDES DE EDIFICAÇÕES TÉRREAS OU DE MÚLTIPLOS PAVIMENTOS, TELA Q-92. AF_06/2019","KG",9.31,"COMPOSIÇÃO"]
[91595,"ARMAÇÃO DO SISTEMA DE PAREDES DE CONCRETO, EXECUTADA EM PAREDES DE EDIFICAÇÕES TÉRREAS, TELA Q-61. AF_06/2019","KG",9.8000000000000007,"COMPOSIÇÃO"]
[91596,"ARMAÇÃO DO SISTEMA DE PAREDES DE CONCRETO, EXECUTADA COMO ARMADURA POSITIVA DE LAJES, TELA Q-138. AF_06/2019","KG",9.24,"COMPOSIÇÃO"]
[91597,"ARMAÇÃO DO SISTEMA DE PAREDES DE CONCRETO, EXECUTADA COMO ARMADURA NEGATIVA DE LAJES, TELA T-196. AF_06/2019","KG",6.54,"COMPOSIÇÃO"]
[91598,"ARMAÇÃO DO SISTEMA DE PAREDES DE CONCRETO, EXECUTADA COMO ARMADURA POSITIVA DE LAJES, TELA Q-113. AF_06/2019","KG",9.0500000000000007,"COMPOSIÇÃO"]
[91599,"ARMAÇÃO DO SISTEMA DE PAREDES DE CONCRETO, EXECUTADA COMO ARMADURA NEGATIVA DE LAJES, TELA L-159. AF_06/2019","KG",6.82,"COMPOSIÇÃO"]
[91600,"ARMAÇÃO DO SISTEMA DE PAREDES DE CONCRETO, EXECUTADA EM PLATIBANDAS, TELA Q-92. AF_06/2019","KG",11.1,"COMPOSIÇÃO"]
[91601,"ARMAÇÃO DO SISTEMA DE PAREDES DE CONCRETO, EXECUTADA COMO REFORÇO, VERGALHÃO DE 6,3 MM DE DIÂMETRO. AF_06/2019","KG",9.68,"COMPOSIÇÃO"]
[91602,"ARMAÇÃO DO SISTEMA DE PAREDES DE CONCRETO, EXECUTADA COMO REFORÇO, VERGALHÃO DE 8,0 MM DE DIÂMETRO. AF_06/2019","KG",8.9700000000000006,"COMPOSIÇÃO"]
[91603,"ARMAÇÃO DO SISTEMA DE PAREDES DE CONCRETO, EXECUTADA COMO REFORÇO, VERGALHÃO DE 10,0 MM DE DIÂMETRO. AF_06/2019","KG",8.4600000000000009,"COMPOSIÇÃO"]
[92759,"ARMAÇÃO DE PILAR OU VIGA DE UMA ESTRUTURA CONVENCIONAL DE CONCRETO ARMADO EM UM EDIFÍCIO DE MÚLTIPLOS PAVIMENTOS UTILIZANDO AÇO CA-60 DE 5,0 MM - MONTAGEM. AF_12/2015","KG",11.5,"COMPOSIÇÃO"]
[92760,"ARMAÇÃO DE PILAR OU VIGA DE UMA ESTRUTURA CONVENCIONAL DE CONCRETO ARMADO EM UM EDIFÍCIO DE MÚLTIPLOS PAVIMENTOS UTILIZANDO AÇO CA-50 DE 6,3 MM - MONTAGEM. AF_12/2015","KG",10.81,"COMPOSIÇÃO"]
[92761,"ARMAÇÃO DE PILAR OU VIGA DE UMA ESTRUTURA CONVENCIONAL DE CONCRETO ARMADO EM UM EDIFÍCIO DE MÚLTIPLOS PAVIMENTOS UTILIZANDO AÇO CA-50 DE 8,0 MM - MONTAGEM. AF_12/2015","KG",10.15,"COMPOSIÇÃO"]
[92762,"ARMAÇÃO DE PILAR OU VIGA DE UMA ESTRUTURA CONVENCIONAL DE CONCRETO ARMADO EM UM EDIFÍCIO DE MÚLTIPLOS PAVIMENTOS UTILIZANDO AÇO CA-50 DE 10,0 MM - MONTAGEM. AF_12/2015","KG",9.07,"COMPOSIÇÃO"]
[92763,"ARMAÇÃO DE PILAR OU VIGA DE UMA ESTRUTURA CONVENCIONAL DE CONCRETO ARMADO EM UM EDIFÍCIO DE MÚLTIPLOS PAVIMENTOS UTILIZANDO AÇO CA-50 DE 12,5 MM - MONTAGEM. AF_12/2015","KG",7.64,"COMPOSIÇÃO"]
[92764,"ARMAÇÃO DE PILAR OU VIGA DE UMA ESTRUTURA CONVENCIONAL DE CONCRETO ARMADO EM UM EDIFÍCIO DE MÚLTIPLOS PAVIMENTOS UTILIZANDO AÇO CA-50 DE 16,0 MM - MONTAGEM. AF_12/2015","KG",7.27,"COMPOSIÇÃO"]
[92765,"ARMAÇÃO DE PILAR OU VIGA DE UMA ESTRUTURA CONVENCIONAL DE CONCRETO ARMADO EM UM EDIFÍCIO DE MÚLTIPLOS PAVIMENTOS UTILIZANDO AÇO CA-50 DE 20,0 MM - MONTAGEM. AF_12/2015","KG",8.17,"COMPOSIÇÃO"]
[92766,"ARMAÇÃO DE PILAR OU VIGA DE UMA ESTRUTURA CONVENCIONAL DE CONCRETO ARMADO EM UM EDIFÍCIO DE MÚLTIPLOS PAVIMENTOS UTILIZANDO AÇO CA-50 DE 25,0 MM - MONTAGEM. AF_12/2015","KG",7.99,"COMPOSIÇÃO"]
[92767,"ARMAÇÃO DE LAJE DE UMA ESTRUTURA CONVENCIONAL DE CONCRETO ARMADO EM UM EDIFÍCIO DE MÚLTIPLOS PAVIMENTOS UTILIZANDO AÇO CA-60 DE 4,2 MM - MONTAGEM. AF_12/2015","KG",11.63,"COMPOSIÇÃO"]
[92768,"ARMAÇÃO DE LAJE DE UMA ESTRUTURA CONVENCIONAL DE CONCRETO ARMADO EM UM EDIFÍCIO DE MÚLTIPLOS PAVIMENTOS UTILIZANDO AÇO CA-60 DE 5,0 MM - MONTAGEM. AF_12/2015","KG",10.36,"COMPOSIÇÃO"]
[92769,"ARMAÇÃO DE LAJE DE UMA ESTRUTURA CONVENCIONAL DE CONCRETO ARMADO EM UM EDIFÍCIO DE MÚLTIPLOS PAVIMENTOS UTILIZANDO AÇO CA-50 DE 6,3 MM - MONTAGEM. AF_12/2015","KG",9.9600000000000009,"COMPOSIÇÃO"]
[92770,"ARMAÇÃO DE LAJE DE UMA ESTRUTURA CONVENCIONAL DE CONCRETO ARMADO EM UM EDIFÍCIO DE MÚLTIPLOS PAVIMENTOS UTILIZANDO AÇO CA-50 DE 8,0 MM - MONTAGEM. AF_12/2015","KG",9.49,"COMPOSIÇÃO"]
[92771,"ARMAÇÃO DE LAJE DE UMA ESTRUTURA CONVENCIONAL DE CONCRETO ARMADO EM UM EDIFÍCIO DE MÚLTIPLOS PAVIMENTOS UTILIZANDO AÇO CA-50 DE 10,0 MM - MONTAGEM. AF_12/2015","KG",8.5500000000000007,"COMPOSIÇÃO"]
[92772,"ARMAÇÃO DE LAJE DE UMA ESTRUTURA CONVENCIONAL DE CONCRETO ARMADO EM UM EDIFÍCIO DE MÚLTIPLOS PAVIMENTOS UTILIZANDO AÇO CA-50 DE 12,5 MM - MONTAGEM. AF_12/2015","KG",7.26,"COMPOSIÇÃO"]
[92773,"ARMAÇÃO DE LAJE DE UMA ESTRUTURA CONVENCIONAL DE CONCRETO ARMADO EM UM EDIFÍCIO DE MÚLTIPLOS PAVIMENTOS UTILIZANDO AÇO CA-50 DE 16,0 MM - MONTAGEM. AF_12/2015","KG",6.99,"COMPOSIÇÃO"]
[92774,"ARMAÇÃO DE LAJE DE UMA ESTRUTURA CONVENCIONAL DE CONCRETO ARMADO EM UM EDIFÍCIO DE MÚLTIPLOS PAVIMENTOS UTILIZANDO AÇO CA-50 DE 20,0 MM - MONTAGEM. AF_12/2015","KG",7.98,"COMPOSIÇÃO"]
[92775,"ARMAÇÃO DE PILAR OU VIGA DE UMA ESTRUTURA CONVENCIONAL DE CONCRETO ARMADO EM UMA EDIFICAÇÃO TÉRREA OU SOBRADO UTILIZANDO AÇO CA-60 DE 5,0 MM - MONTAGEM. AF_12/2015","KG",13.73,"COMPOSIÇÃO"]
[92776,"ARMAÇÃO DE PILAR OU VIGA DE UMA ESTRUTURA CONVENCIONAL DE CONCRETO ARMADO EM UMA EDIFICAÇÃO TÉRREA OU SOBRADO UTILIZANDO AÇO CA-50 DE 6,3 MM - MONTAGEM. AF_12/2015","KG",12.51,"COMPOSIÇÃO"]
[92777,"ARMAÇÃO DE PILAR OU VIGA DE UMA ESTRUTURA CONVENCIONAL DE CONCRETO ARMADO EM UMA EDIFICAÇÃO TÉRREA OU SOBRADO UTILIZANDO AÇO CA-50 DE 8,0 MM - MONTAGEM. AF_12/2015","KG",11.41,"COMPOSIÇÃO"]
[92778,"ARMAÇÃO DE PILAR OU VIGA DE UMA ESTRUTURA CONVENCIONAL DE CONCRETO ARMADO EM UMA EDIFICAÇÃO TÉRREA OU SOBRADO UTILIZANDO AÇO CA-50 DE 10,0 MM - MONTAGEM. AF_12/2015","KG",10.01,"COMPOSIÇÃO"]
[92779,"ARMAÇÃO DE PILAR OU VIGA DE UMA ESTRUTURA CONVENCIONAL DE CONCRETO ARMADO EM UMA EDIFICAÇÃO TÉRREA OU SOBRADO UTILIZANDO AÇO CA-50 DE 12,5 MM - MONTAGEM. AF_12/2015","KG",8.33,"COMPOSIÇÃO"]
[92780,"ARMAÇÃO DE PILAR OU VIGA DE UMA ESTRUTURA CONVENCIONAL DE CONCRETO ARMADO EM UMA EDIFICAÇÃO TÉRREA OU SOBRADO UTILIZANDO AÇO CA-50 DE 16,0 MM - MONTAGEM. AF_12/2015","KG",7.74,"COMPOSIÇÃO"]
[92781,"ARMAÇÃO DE PILAR OU VIGA DE UMA ESTRUTURA CONVENCIONAL DE CONCRETO ARMADO EM UMA EDIFICAÇÃO TÉRREA OU SOBRADO UTILIZANDO AÇO CA-50 DE 20,0 MM - MONTAGEM. AF_12/2015","KG",8.48,"COMPOSIÇÃO"]
[92782,"ARMAÇÃO DE PILAR OU VIGA DE UMA ESTRUTURA CONVENCIONAL DE CONCRETO ARMADO EM UMA EDIFICAÇÃO TÉRREA OU SOBRADO UTILIZANDO AÇO CA-50 DE 25,0 MM - MONTAGEM. AF_12/2015","KG",8.18,"COMPOSIÇÃO"]
[92783,"ARMAÇÃO DE LAJE DE UMA ESTRUTURA CONVENCIONAL DE CONCRETO ARMADO EM UMA EDIFICAÇÃO TÉRREA OU SOBRADO UTILIZANDO AÇO CA-60 DE 4,2 MM - MONTAGEM. AF_12/2015","KG",13.52,"COMPOSIÇÃO"]
[92784,"ARMAÇÃO DE LAJE DE UMA ESTRUTURA CONVENCIONAL DE CONCRETO ARMADO EM UMA EDIFICAÇÃO TÉRREA OU SOBRADO UTILIZANDO AÇO CA-60 DE 5,0 MM - MONTAGEM. AF_12/2015","KG",11.89,"COMPOSIÇÃO"]
[92785,"ARMAÇÃO DE LAJE DE UMA ESTRUTURA CONVENCIONAL DE CONCRETO ARMADO EM UMA EDIFICAÇÃO TÉRREA OU SOBRADO UTILIZANDO AÇO CA-50 DE 6,3 MM - MONTAGEM. AF_12/2015","KG",11.12,"COMPOSIÇÃO"]
[92786,"ARMAÇÃO DE LAJE DE UMA ESTRUTURA CONVENCIONAL DE CONCRETO ARMADO EM UMA EDIFICAÇÃO TÉRREA OU SOBRADO UTILIZANDO AÇO CA-50 DE 8,0 MM - MONTAGEM. AF_12/2015","KG",10.35,"COMPOSIÇÃO"]
[92787,"ARMAÇÃO DE LAJE DE UMA ESTRUTURA CONVENCIONAL DE CONCRETO ARMADO EM UMA EDIFICAÇÃO TÉRREA OU SOBRADO UTILIZANDO AÇO CA-50 DE 10,0 MM - MONTAGEM. AF_12/2015","KG",9.17,"COMPOSIÇÃO"]
[92788,"ARMAÇÃO DE LAJE DE UMA ESTRUTURA CONVENCIONAL DE CONCRETO ARMADO EM UMA EDIFICAÇÃO TÉRREA OU SOBRADO UTILIZANDO AÇO CA-50 DE 12,5 MM - MONTAGEM. AF_12/2015","KG",7.7,"COMPOSIÇÃO"]
[92789,"ARMAÇÃO DE LAJE DE UMA ESTRUTURA CONVENCIONAL DE CONCRETO ARMADO EM UMA EDIFICAÇÃO TÉRREA OU SOBRADO UTILIZANDO AÇO CA-50 DE 16,0 MM - MONTAGEM. AF_12/2015","KG",7.28,"COMPOSIÇÃO"]
[92790,"ARMAÇÃO DE LAJE DE UMA ESTRUTURA CONVENCIONAL DE CONCRETO ARMADO EM UMA EDIFICAÇÃO TÉRREA OU SOBRADO UTILIZANDO AÇO CA-50 DE 20,0 MM - MONTAGEM. AF_12/2015","KG",8.15,"COMPOSIÇÃO"]
[92791,"CORTE E DOBRA DE AÇO CA-60, DIÂMETRO DE 5,0 MM, UTILIZADO EM ESTRUTURAS DIVERSAS, EXCETO LAJES. AF_12/2015","KG",8.27,"COMPOSIÇÃO"]
[92792,"CORTE E DOBRA DE AÇO CA-50, DIÂMETRO DE 6,3 MM, UTILIZADO EM ESTRUTURAS DIVERSAS, EXCETO LAJES. AF_12/2015","KG",8.26,"COMPOSIÇÃO"]
[92793,"CORTE E DOBRA DE AÇO CA-50, DIÂMETRO DE 8,0 MM, UTILIZADO EM ESTRUTURAS DIVERSAS, EXCETO LAJES. AF_12/2015","KG",8.16,"COMPOSIÇÃO"]
[92794,"CORTE E DOBRA DE AÇO CA-50, DIÂMETRO DE 10,0 MM, UTILIZADO EM ESTRUTURAS DIVERSAS, EXCETO LAJES. AF_12/2015","KG",7.49,"COMPOSIÇÃO"]
[92795,"CORTE E DOBRA DE AÇO CA-50, DIÂMETRO DE 12,5 MM, UTILIZADO EM ESTRUTURAS DIVERSAS, EXCETO LAJES. AF_12/2015","KG",6.41,"COMPOSIÇÃO"]
[92796,"CORTE E DOBRA DE AÇO CA-50, DIÂMETRO DE 16,0 MM, UTILIZADO EM ESTRUTURAS DIVERSAS, EXCETO LAJES. AF_12/2015","KG",6.34,"COMPOSIÇÃO"]
[92797,"CORTE E DOBRA DE AÇO CA-50, DIÂMETRO DE 20,0 MM, UTILIZADO EM ESTRUTURAS DIVERSAS, EXCETO LAJES. AF_12/2015","KG",7.45,"COMPOSIÇÃO"]
[92798,"CORTE E DOBRA DE AÇO CA-50, DIÂMETRO DE 25,0 MM, UTILIZADO EM ESTRUTURAS DIVERSAS, EXCETO LAJES. AF_12/2015","KG",7.44,"COMPOSIÇÃO"]
[92799,"CORTE E DOBRA DE AÇO CA-60, DIÂMETRO DE 4,2 MM, UTILIZADO EM LAJE. AF_12/2015","KG",8.6199999999999992,"COMPOSIÇÃO"]
[92800,"CORTE E DOBRA DE AÇO CA-60, DIÂMETRO DE 5,0 MM, UTILIZADO EM LAJE. AF_12/2015","KG",7.86,"COMPOSIÇÃO"]
[92801,"CORTE E DOBRA DE AÇO CA-50, DIÂMETRO DE 6,3 MM, UTILIZADO EM LAJE. AF_12/2015","KG",8.0299999999999994,"COMPOSIÇÃO"]
[92802,"CORTE E DOBRA DE AÇO CA-50, DIÂMETRO DE 8,0 MM, UTILIZADO EM LAJE. AF_12/2015","KG",8.02,"COMPOSIÇÃO"]
[92803,"CORTE E DOBRA DE AÇO CA-50, DIÂMETRO DE 10,0 MM, UTILIZADO EM LAJE. AF_12/2015","KG",7.41,"COMPOSIÇÃO"]
[92804,"CORTE E DOBRA DE AÇO CA-50, DIÂMETRO DE 12,5 MM, UTILIZADO EM LAJE. AF_12/2015","KG",6.37,"COMPOSIÇÃO"]
[92805,"CORTE E DOBRA DE AÇO CA-50, DIÂMETRO DE 16,0 MM, UTILIZADO EM LAJE. AF_12/2015","KG",6.31,"COMPOSIÇÃO"]
[92806,"CORTE E DOBRA DE AÇO CA-50, DIÂMETRO DE 20,0 MM, UTILIZADO EM LAJE. AF_12/2015","KG",7.44,"COMPOSIÇÃO"]
[92875,"CORTE E DOBRA DE AÇO CA-25, DIÂMETRO DE 6,3 MM. AF_12/2015","KG",7.59,"COMPOSIÇÃO"]
[92876,"CORTE E DOBRA DE AÇO CA-25, DIÂMETRO DE 8,0 MM. AF_12/2015","KG",7.42,"COMPOSIÇÃO"]
[92877,"CORTE E DOBRA DE AÇO CA-25, DIÂMETRO DE 10,0 MM. AF_12/2015","KG",8.0399999999999991,"COMPOSIÇÃO"]
[92878,"CORTE E DOBRA DE AÇO CA-25, DIÂMETRO DE 12,5 MM. AF_12/2015","KG",7.92,"COMPOSIÇÃO"]
[92879,"CORTE E DOBRA DE AÇO CA-25, DIÂMETRO DE 16,0 MM. AF_12/2015","KG",7.85,"COMPOSIÇÃO"]
[92880,"CORTE E DOBRA DE AÇO CA-25, DIÂMETRO DE 20,0 MM. AF_12/2015","KG",8.02,"COMPOSIÇÃO"]
[92881,"CORTE E DOBRA DE AÇO CA-25, DIÂMETRO DE 25,0 MM. AF_12/2015","KG",8.01,"COMPOSIÇÃO"]
[92882,"ARMAÇÃO UTILIZANDO AÇO CA-25 DE 6,3 MM - MONTAGEM. AF_12/2015","KG",10.14,"COMPOSIÇÃO"]
[92883,"ARMAÇÃO UTILIZANDO AÇO CA-25 DE 8,0 MM - MONTAGEM. AF_12/2015","KG",9.41,"COMPOSIÇÃO"]
[92884,"ARMAÇÃO UTILIZANDO AÇO CA-25 DE 10,0 MM - MONTAGEM. AF_12/2015","KG",9.6199999999999992,"COMPOSIÇÃO"]
[92885,"ARMAÇÃO UTILIZANDO AÇO CA-25 DE 12,5 MM - MONTAGEM. AF_12/2015","KG",9.15,"COMPOSIÇÃO"]
[92886,"ARMAÇÃO UTILIZANDO AÇO CA-25 DE 16,0 MM - MONTAGEM. AF_12/2015","KG",8.7799999999999994,"COMPOSIÇÃO"]
[92887,"ARMAÇÃO UTILIZANDO AÇO CA-25 DE 20,0 MM - MONTAGEM. AF_12/2015","KG",8.74,"COMPOSIÇÃO"]
[92888,"ARMAÇÃO UTILIZANDO AÇO CA-25 DE 25,0 MM - MONTAGEM. AF_12/2015","KG",8.56,"COMPOSIÇÃO"]
[92915,"ARMAÇÃO DE ESTRUTURAS DE CONCRETO ARMADO, EXCETO VIGAS, PILARES, LAJES E FUNDAÇÕES, UTILIZANDO AÇO CA-60 DE 5,0 MM - MONTAGEM. AF_12/2015","KG",12.62,"COMPOSIÇÃO"]
[92916,"ARMAÇÃO DE ESTRUTURAS DE CONCRETO ARMADO, EXCETO VIGAS, PILARES, LAJES E FUNDAÇÕES, UTILIZANDO AÇO CA-50 DE 6,3 MM - MONTAGEM. AF_12/2015","KG",11.67,"COMPOSIÇÃO"]
[92917,"ARMAÇÃO DE ESTRUTURAS DE CONCRETO ARMADO, EXCETO VIGAS, PILARES, LAJES E FUNDAÇÕES, UTILIZANDO AÇO CA-50 DE 8,0 MM - MONTAGEM. AF_12/2015","KG",10.78,"COMPOSIÇÃO"]
[92919,"ARMAÇÃO DE ESTRUTURAS DE CONCRETO ARMADO, EXCETO VIGAS, PILARES, LAJES E FUNDAÇÕES, UTILIZANDO AÇO CA-50 DE 10,0 MM - MONTAGEM. AF_12/2015","KG",9.5399999999999991,"COMPOSIÇÃO"]
[92921,"ARMAÇÃO DE ESTRUTURAS DE CONCRETO ARMADO, EXCETO VIGAS, PILARES, LAJES E FUNDAÇÕES, UTILIZANDO AÇO CA-50 DE 12,5 MM - MONTAGEM. AF_12/2015","KG",7.98,"COMPOSIÇÃO"]
[92922,"ARMAÇÃO DE ESTRUTURAS DE CONCRETO ARMADO, EXCETO VIGAS, PILARES, LAJES E FUNDAÇÕES, UTILIZANDO AÇO CA-50 DE 16,0 MM - MONTAGEM. AF_12/2015","KG",7.51,"COMPOSIÇÃO"]
[92923,"ARMAÇÃO DE ESTRUTURAS DE CONCRETO ARMADO, EXCETO VIGAS, PILARES, LAJES E FUNDAÇÕES, UTILIZANDO AÇO CA-50 DE 20,0 MM - MONTAGEM. AF_12/2015","KG",8.33,"COMPOSIÇÃO"]
[92924,"ARMAÇÃO DE ESTRUTURAS DE CONCRETO ARMADO, EXCETO VIGAS, PILARES, LAJES E FUNDAÇÕES, UTILIZANDO AÇO CA-50 DE 25,0 MM - MONTAGEM. AF_12/2015","KG",8.08,"COMPOSIÇÃO"]
[95445,"CORTE E DOBRA DE AÇO CA-60, DIÂMETRO DE 5,0 MM, UTILIZADO EM ESTRIBO CONTÍNUO HELICOIDAL. AF_10/2016","KG",6.72,"COMPOSIÇÃO"]
[95446,"CORTE E DOBRA DE AÇO CA-50, DIÂMETRO DE 6,3 MM, UTILIZADO EM ESTRIBO CONTÍNUO HELICOIDAL. AF_10/2016","KG",7.29,"COMPOSIÇÃO"]
[95448,"CORTE E DOBRA DE AÇO CA-50, DIÂMERO DE 32 MM, UTILIZADO EM ESTRUTURAS DIVERSAS, EXCETO LAJE. AF_10/2016","KG",8.18,"COMPOSIÇÃO"]
[95576,"MONTAGEM DE ARMADURA LONGITUDINAL/TRANSVERSAL DE ESTACAS DE SEÇÃO CIRCULAR, DIÂMETRO = 8,0 MM. AF_11/2016","KG",10.29,"COMPOSIÇÃO"]
[95577,"MONTAGEM DE ARMADURA LONGITUDINAL DE ESTACAS DE SEÇÃO CIRCULAR, DIÂMETRO = 10,0 MM. AF_11/2016","KG",9.25,"COMPOSIÇÃO"]
[95578,"MONTAGEM DE ARMADURA LONGITUDINAL/TRANSVERSAL DE ESTACAS DE SEÇÃO CIRCULAR, DIÂMETRO = 12,5 MM. AF_11/2016","KG",7.89,"COMPOSIÇÃO"]
[95579,"MONTAGEM DE ARMADURA LONGITUDINAL DE ESTACAS DE SEÇÃO CIRCULAR, DIÂMETRO = 16,0 MM. AF_11/2016","KG",7.54,"COMPOSIÇÃO"]
[95580,"MONTAGEM DE ARMADURA LONGITUDINAL DE ESTACAS DE SEÇÃO CIRCULAR, DIÂMETRO = 20,0 MM. AF_11/2016","KG",8.48,"COMPOSIÇÃO"]
[95581,"MONTAGEM DE ARMADURA LONGITUDINAL DE ESTACAS DE SEÇÃO CIRCULAR, DIÂMETRO = 25,0 MM. AF_11/2016","KG",8.32,"COMPOSIÇÃO"]
[95582,"MONTAGEM DE ARMADURA LONGITUDINAL DE ESTACAS DE SEÇÃO CIRCULAR, DIÂMETRO = 32,0 MM. AF_11/2016","KG",8.94,"COMPOSIÇÃO"]
[95583,"MONTAGEM DE ARMADURA TRANSVERSAL DE ESTACAS DE SEÇÃO CIRCULAR, DIÂMETRO = 5,0 MM. AF_11/2016","KG",12.95,"COMPOSIÇÃO"]
[95584,"MONTAGEM DE ARMADURA TRANSVERSAL DE ESTACAS DE SEÇÃO CIRCULAR, DIÂMETRO = 6,3 MM. AF_11/2016","KG",11.26,"COMPOSIÇÃO"]
[95585,"MONTAGEM DE ARMADURA LONGITUDINAL/TRANSVERSAL DE ESTACAS DE SEÇÃO RETANGULAR (BARRETE), DIÂMETRO = 8,0 MM. AF_11/2016","KG",10.67,"COMPOSIÇÃO"]
[95586,"MONTAGEM DE ARMADURA LONGITUDINAL DE ESTACAS DE SEÇÃO RETANGULAR (BARRETE), DIÂMETRO = 10,0 MM. AF_11/2016","KG",9.5399999999999991,"COMPOSIÇÃO"]
[95587,"MONTAGEM DE ARMADURA LONGITUDINAL/TRANSVERSAL DE ESTACAS DE SEÇÃO RETANGULAR (BARRETE), DIÂMETRO = 12,5 MM. AF_11/2016","KG",8.14,"COMPOSIÇÃO"]
[95588,"MONTAGEM DE ARMADURA LONGITUDINAL DE ESTACAS DE SEÇÃO RETANGULAR (BARRETE), DIÂMETRO = 16,0 MM. AF_11/2016","KG",7.74,"COMPOSIÇÃO"]
[95589,"MONTAGEM DE ARMADURA LONGITUDINAL DE ESTACAS DE SEÇÃO RETANGULAR (BARRETE), DIÂMETRO = 20,0 MM. AF_11/2016","KG",8.6300000000000008,"COMPOSIÇÃO"]
[95590,"MONTAGEM DE ARMADURA LONGITUDINAL DE ESTACAS DE SEÇÃO RETANGULAR (BARRETE), DIÂMETRO = 25,0 MM. AF_11/2016","KG",8.4499999999999993,"COMPOSIÇÃO"]
[95591,"MONTAGEM DE ARMADURA LONGITUDINAL DE ESTACAS DE SEÇÃO RETANGULAR (BARRETE), DIÂMETRO = 32,0 MM. AF_11/2016","KG",9.02,"COMPOSIÇÃO"]
[95592,"MONTAGEM DE ARMADURA TRANSVERSAL DE ESTACAS DE SEÇÃO RETANGULAR (BARRETE), DIÂMETRO = 5,0 MM. AF_11/2016","KG",15.7,"COMPOSIÇÃO"]
[95593,"MONTAGEM DE ARMADURA TRANSVERSAL DE ESTACAS DE SEÇÃO RETANGULAR (BARRETE), DIÂMETRO = 6,3 MM. AF_11/2016","KG",12.96,"COMPOSIÇÃO"]
[95943,"ARMAÇÃO DE ESCADA, COM 2 LANCES, DE UMA ESTRUTURA CONVENCIONAL DE CONCRETO ARMADO UTILIZANDO AÇO CA-60 DE 5,0 MM - MONTAGEM. AF_01/2017","KG",16.420000000000002,"COMPOSIÇÃO"]
[95944,"ARMAÇÃO DE ESCADA, COM 2 LANCES, DE UMA ESTRUTURA CONVENCIONAL DE CONCRETO ARMADO UTILIZANDO AÇO CA-50 DE 6,3 MM - MONTAGEM. AF_01/2017","KG",15.03,"COMPOSIÇÃO"]
[95945,"ARMAÇÃO DE ESCADA, COM 2 LANCES, DE UMA ESTRUTURA CONVENCIONAL DE CONCRETO ARMADO UTILIZANDO AÇO CA-50 DE 8,0 MM - MONTAGEM. AF_01/2017","KG",12.29,"COMPOSIÇÃO"]
[95946,"ARMAÇÃO DE ESCADA, COM 2 LANCES, DE UMA ESTRUTURA CONVENCIONAL DE CONCRETO ARMADO UTILIZANDO AÇO CA-50 DE 10,0 MM - MONTAGEM. AF_01/2017","KG",9.8699999999999992,"COMPOSIÇÃO"]
[95947,"ARMAÇÃO DE ESCADA, COM 2 LANCES, DE UMA ESTRUTURA CONVENCIONAL DE CONCRETO ARMADO UTILIZANDO AÇO CA-50 DE 12,5 MM - MONTAGEM. AF_01/2017","KG",7.66,"COMPOSIÇÃO"]
[95948,"ARMAÇÃO DE ESCADA, COM 2 LANCES, DE UMA ESTRUTURA CONVENCIONAL DE CONCRETO ARMADO UTILIZANDO AÇO CA-50 DE 16,0 MM - MONTAGEM. AF_01/2017","KG",6.8,"COMPOSIÇÃO"]
[96544,"ARMAÇÃO DE BLOCO, VIGA BALDRAME OU SAPATA UTILIZANDO AÇO CA-50 DE 6,3 MM - MONTAGEM. AF_06/2017","KG",12.46,"COMPOSIÇÃO"]
[96545,"ARMAÇÃO DE BLOCO, VIGA BALDRAME OU SAPATA UTILIZANDO AÇO CA-50 DE 8 MM - MONTAGEM. AF_06/2017","KG",11.42,"COMPOSIÇÃO"]
[96546,"ARMAÇÃO DE BLOCO, VIGA BALDRAME OU SAPATA UTILIZANDO AÇO CA-50 DE 10 MM - MONTAGEM. AF_06/2017","KG",10.08,"COMPOSIÇÃO"]
[96547,"ARMAÇÃO DE BLOCO, VIGA BALDRAME OU SAPATA UTILIZANDO AÇO CA-50 DE 12,5 MM - MONTAGEM. AF_06/2017","KG",8.4499999999999993,"COMPOSIÇÃO"]
[96548,"ARMAÇÃO DE BLOCO, VIGA BALDRAME OU SAPATA UTILIZANDO AÇO CA-50 DE 16 MM - MONTAGEM. AF_06/2017","KG",7.91,"COMPOSIÇÃO"]
[96549,"ARMAÇÃO DE BLOCO, VIGA BALDRAME OU SAPATA UTILIZANDO AÇO CA-50 DE 20 MM - MONTAGEM. AF_06/2017","KG",8.69,"COMPOSIÇÃO"]
[96550,"ARMAÇÃO DE BLOCO, VIGA BALDRAME OU SAPATA UTILIZANDO AÇO CA-50 DE 25 MM - MONTAGEM. AF_06/2017","KG",8.42,"COMPOSIÇÃO"]
[100066,"ARMAÇÃO DO SISTEMA DE PAREDES DE CONCRETO, EXECUTADA COMO ARMADURA POSITIVA DE LAJES, TELA Q-196. AF_06/2019","KG",9.17,"COMPOSIÇÃO"]
[100067,"ARMAÇÃO DO SISTEMA DE PAREDES DE CONCRETO, EXECUTADA COMO REFORÇO, VERGALHÃO DE 5,0 MM DE DIÂMETRO. AF_06/2019","KG",9.36,"COMPOSIÇÃO"]
[100068,"ARMAÇÃO DO SISTEMA DE PAREDES DE CONCRETO, EXECUTADA COMO REFORÇO, VERGALHÃO DE 12,5 MM DE DIÂMETRO. AF_06/2019","KG",7.25,"COMPOSIÇÃO"]
[89993,"GRAUTEAMENTO VERTICAL EM ALVENARIA ESTRUTURAL. AF_01/2015","M3",649.80999999999995,"COMPOSIÇÃO"]
[89994,"GRAUTEAMENTO DE CINTA INTERMEDIÁRIA OU DE CONTRAVERGA EM ALVENARIA ESTRUTURAL. AF_01/2015","M3",545.16999999999996,"COMPOSIÇÃO"]
[89995,"GRAUTEAMENTO DE CINTA SUPERIOR OU DE VERGA EM ALVENARIA ESTRUTURAL. AF_01/2015","M3",623.04999999999995,"COMPOSIÇÃO"]
[90278,"GRAUTE FGK=15 MPA; TRAÇO 1:0,04:2,0:2,4 (CIMENTO/ CAL/ AREIA GROSSA/ BRITA 0) - PREPARO MECÂNICO COM BETONEIRA 400 L. AF_02/2015","M3",311.74,"COMPOSIÇÃO"]
[90279,"GRAUTE FGK=20 MPA; TRAÇO 1:0,04:1,6:1,9 (CIMENTO/ CAL/ AREIA GROSSA/ BRITA 0) - PREPARO MECÂNICO COM BETONEIRA 400 L. AF_02/2015","M3",331.02,"COMPOSIÇÃO"]
[90280,"GRAUTE FGK=25 MPA; TRAÇO 1:0,02:1,2:1,5 (CIMENTO/ CAL/ AREIA GROSSA/ BRITA 0) - PREPARO MECÂNICO COM BETONEIRA 400 L. AF_02/2015","M3",367.06,"COMPOSIÇÃO"]
[90281,"GRAUTE FGK=30 MPA; TRAÇO 1:0,02:0,8:1,1 (CIMENTO/ CAL/ AREIA GROSSA/ BRITA 0) - PREPARO MECÂNICO COM BETONEIRA 400 L. AF_02/2015","M3",417.61,"COMPOSIÇÃO"]
[90282,"GRAUTE FGK=15 MPA; TRAÇO 1:2,0:2,4 (CIMENTO/ AREIA GROSSA/ BRITA 0/ ADITIVO) - PREPARO MECÂNICO COM BETONEIRA 400 L. AF_02/2015","M3",315.45,"COMPOSIÇÃO"]
[90283,"GRAUTE FGK=20 MPA; TRAÇO 1:1,6:1,9 (CIMENTO/ AREIA GROSSA/ BRITA 0/ ADITIVO) - PREPARO MECÂNICO COM BETONEIRA 400 L. AF_02/2015","M3",335.85,"COMPOSIÇÃO"]
[90284,"GRAUTE FGK=25 MPA; TRAÇO 1:1,2:1,5 (CIMENTO/ AREIA GROSSA/ BRITA 0/ ADITIVO) - PREPARO MECÂNICO COM BETONEIRA 400 L. AF_02/2015","M3",372.77,"COMPOSIÇÃO"]
[90285,"GRAUTE FGK=30 MPA; TRAÇO 1:0,8:1,1 (CIMENTO/ AREIA GROSSA/ BRITA 0/ ADITIVO) - PREPARO MECÂNICO COM BETONEIRA 400 L. AF_02/2015","M3",425.94,"COMPOSIÇÃO"]
[90853,"CONCRETAGEM DE LAJES EM EDIFICAÇÕES UNIFAMILIARES FEITAS COM SISTEMA DE FÔRMAS MANUSEÁVEIS, COM CONCRETO USINADO BOMBEÁVEL FCK 20 MPA - LANÇAMENTO, ADENSAMENTO E ACABAMENTO. AF_06/2015","M3",504.63,"COMPOSIÇÃO"]
[90854,"CONCRETAGEM DE PAREDES EM EDIFICAÇÕES UNIFAMILIARES FEITAS COM SISTEMA DE FÔRMAS MANUSEÁVEIS, COM CONCRETO USINADO BOMBEÁVEL FCK 20 MPA - LANÇAMENTO, ADENSAMENTO E ACABAMENTO. AF_06/2015","M3",489.46,"COMPOSIÇÃO"]
[90855,"CONCRETAGEM DE PLATIBANDA EM EDIFICAÇÕES UNIFAMILIARES FEITAS COM SISTEMA DE FÔRMAS MANUSEÁVEIS, COM CONCRETO USINADO BOMBEÁVEL FCK 20 MPA - LANÇAMENTO, ADENSAMENTO E ACABAMENTO. AF_06/2015","M3",533.58000000000004,"COMPOSIÇÃO"]
[90856,"CONCRETAGEM DE LAJES EM EDIFICAÇÕES MULTIFAMILIARES FEITAS COM SISTEMA DE FÔRMAS MANUSEÁVEIS, COM CONCRETO USINADO BOMBEÁVEL FCK 20 MPA - LANÇAMENTO, ADENSAMENTO E ACABAMENTO. AF_06/2015","M3",508.23,"COMPOSIÇÃO"]
[90857,"CONCRETAGEM DE PAREDES EM EDIFICAÇÕES MULTIFAMILIARES FEITAS COM SISTEMA DE FÔRMAS MANUSEÁVEIS, COM CONCRETO USINADO BOMBEÁVEL FCK 20 MPA - LANÇAMENTO, ADENSAMENTO E ACABAMENTO. AF_06/2015","M3",491.84,"COMPOSIÇÃO"]
[90858,"CONCRETAGEM DE PLATIBANDA EM EDIFICAÇÕES MULTIFAMILIARES FEITAS COM SISTEMA DE FÔRMAS MANUSEÁVEIS, COM CONCRETO USINADO BOMBEÁVEL FCK 20 MPA - LANÇAMENTO, ADENSAMENTO E ACABAMENTO. AF_06/2015","M3",550.04,"COMPOSIÇÃO"]
[90859,"CONCRETAGEM DE PLATIBANDA EM EDIFICAÇÕES UNIFAMILIARES FEITAS COM SISTEMA DE FÔRMAS MANUSEÁVEIS, COM CONCRETO USINADO AUTOADENSÁVEL FCK 20 MPA - LANÇAMENTO E ACABAMENTO. AF_06/2015","M3",507.55,"COMPOSIÇÃO"]
[90860,"CONCRETAGEM DE PLATIBANDA EM EDIFICAÇÕES MULTIFAMILIARES FEITAS COM SISTEMA DE FÔRMAS MANUSEÁVEIS, COM CONCRETO USINADO AUTOADENSÁVEL FCK 20 MPA - LANÇAMENTO E ACABAMENTO. AF_06/2015","M3",512.53,"COMPOSIÇÃO"]
[90861,"CONCRETAGEM DE EDIFICAÇÕES (PAREDES E LAJES) FEITAS COM SISTEMA DE FÔRMAS MANUSEÁVEIS, COM CONCRETO USINADO BOMBEÁVEL FCK 20 MPA - LANÇAMENTO, ADENSAMENTO E ACABAMENTO. AF_06/2015","M3",496.52,"COMPOSIÇÃO"]
[90862,"CONCRETAGEM DE EDIFICAÇÕES (PAREDES E LAJES) FEITAS COM SISTEMA DE FÔRMAS MANUSEÁVEIS, COM CONCRETO USINADO AUTOADENSÁVEL FCK 20 MPA - LANÇAMENTO E ACABAMENTO. AF_06/2015","M3",477.71,"COMPOSIÇÃO"]
[92718,"CONCRETAGEM DE PILARES, FCK = 25 MPA,  COM USO DE BALDES EM EDIFICAÇÃO COM SEÇÃO MÉDIA DE PILARES MENOR OU IGUAL A 0,25 M² - LANÇAMENTO, ADENSAMENTO E ACABAMENTO. AF_12/2015","M3",573.07000000000005,"COMPOSIÇÃO"]
[92719,"CONCRETAGEM DE PILARES, FCK = 25 MPA, COM USO DE GRUA EM EDIFICAÇÃO COM SEÇÃO MÉDIA DE PILARES MENOR OU IGUAL A 0,25 M² - LANÇAMENTO, ADENSAMENTO E ACABAMENTO. AF_12/2015","M3",441.77,"COMPOSIÇÃO"]
[92720,"CONCRETAGEM DE PILARES, FCK = 25 MPA, COM USO DE BOMBA EM EDIFICAÇÃO COM SEÇÃO MÉDIA DE PILARES MENOR OU IGUAL A 0,25 M² - LANÇAMENTO, ADENSAMENTO E ACABAMENTO. AF_12/2015","M3",471.9,"COMPOSIÇÃO"]
[92721,"CONCRETAGEM DE PILARES, FCK = 25 MPA, COM USO DE GRUA EM EDIFICAÇÃO COM SEÇÃO MÉDIA DE PILARES MAIOR QUE 0,25 M² - LANÇAMENTO, ADENSAMENTO E ACABAMENTO. AF_12/2015","M3",433.74,"COMPOSIÇÃO"]
[92722,"CONCRETAGEM DE PILARES, FCK = 25 MPA, COM USO DE BOMBA EM EDIFICAÇÃO COM SEÇÃO MÉDIA DE PILARES MAIOR QUE 0,25 M² - LANÇAMENTO, ADENSAMENTO E ACABAMENTO. AF_12/2015","M3",468.55,"COMPOSIÇÃO"]
[92723,"CONCRETAGEM DE VIGAS E LAJES, FCK=20 MPA, PARA LAJES PREMOLDADAS COM USO DE BOMBA EM EDIFICAÇÃO COM ÁREA MÉDIA DE LAJES MENOR OU IGUAL A 20 M² - LANÇAMENTO, ADENSAMENTO E ACABAMENTO. AF_12/2015","M3",458.73,"COMPOSIÇÃO"]
[92724,"CONCRETAGEM DE VIGAS E LAJES, FCK=20 MPA, PARA LAJES PREMOLDADAS COM USO DE BOMBA EM EDIFICAÇÃO COM ÁREA MÉDIA DE LAJES MAIOR QUE 20 M² - LANÇAMENTO, ADENSAMENTO E ACABAMENTO. AF_12/2015","M3",455.79,"COMPOSIÇÃO"]
[92725,"CONCRETAGEM DE VIGAS E LAJES, FCK=20 MPA, PARA LAJES MACIÇAS OU NERVURADAS COM USO DE BOMBA EM EDIFICAÇÃO COM ÁREA MÉDIA DE LAJES MENOR OU IGUAL A 20 M² - LANÇAMENTO, ADENSAMENTO E ACABAMENTO. AF_12/2015","M3",454.56,"COMPOSIÇÃO"]
[92726,"CONCRETAGEM DE VIGAS E LAJES, FCK=20 MPA, PARA LAJES MACIÇAS OU NERVURADAS COM USO DE BOMBA EM EDIFICAÇÃO COM ÁREA MÉDIA DE LAJES MAIOR QUE 20 M² - LANÇAMENTO, ADENSAMENTO E ACABAMENTO. AF_12/2015","M3",452.49,"COMPOSIÇÃO"]
[92727,"CONCRETAGEM DE VIGAS E LAJES, FCK=20 MPA, PARA LAJES PREMOLDADAS COM JERICAS EM ELEVADOR DE CABO EM EDIFICAÇÃO DE MULTIPAVIMENTOS ATÉ 16 ANDARES, COM ÁREA MÉDIA DE LAJES MENOR OU IGUAL A 20 M² - LANÇAMENTO, ADENSAMENTO E ACABAMENTO. AF_12/2015","M3",513.66,"COMPOSIÇÃO"]
[92728,"CONCRETAGEM DE VIGAS E LAJES, FCK=20 MPA, PARA LAJES PREMOLDADAS COM JERICAS EM ELEVADOR DE CABO EM EDIFICAÇÃO DE MULTIPAVIMENTOS ATÉ 16 ANDARES, COM ÁREA MÉDIA DE LAJES MAIOR QUE 20 M² - LANÇAMENTO, ADENSAMENTO E ACABAMENTO. AF_12/2015","M3",492.69,"COMPOSIÇÃO"]
[92729,"CONCRETAGEM DE VIGAS E LAJES, FCK=20 MPA, PARA LAJES MACIÇAS OU NERVURADAS COM JERICAS EM ELEVADOR DE CABO EM EDIFICAÇÃO DE ATÉ 16 ANDARES, COM ÁREA MÉDIA DE LAJES MENOR OU IGUAL A 20 M² - LANÇAMENTO, ADENSAMENTO E ACABAMENTO. AF_12/2015","M3",483.8,"COMPOSIÇÃO"]
[92730,"CONCRETAGEM DE VIGAS E LAJES, FCK=20 MPA, PARA LAJES MACIÇAS OU NERVURADAS COM JERICAS EM ELEVADOR DE CABO EM EDIFICAÇÃO DE MULTIPAVIMENTOS ATÉ 16 ANDARES, COM ÁREA MÉDIA DE LAJES MAIOR QUE 20 M² - LANÇAMENTO, ADENSAMENTO E ACABAMENTO. AF_12/2015","M3",469.01,"COMPOSIÇÃO"]
[92731,"CONCRETAGEM DE VIGAS E LAJES, FCK=20 MPA, PARA LAJES PREMOLDADAS COM JERICAS EM CREMALHEIRA EM EDIFICAÇÃO DE MULTIPAVIMENTOS ATÉ 16 ANDARES, COM ÁREA MÉDIA DE LAJES MENOR OU IGUAL A 20 M² - LANÇAMENTO, ADENSAMENTO E ACABAMENTO. AF_12/2015","M3",486.19,"COMPOSIÇÃO"]
[92732,"CONCRETAGEM DE VIGAS E LAJES, FCK=20 MPA, PARA LAJES PREMOLDADAS COM JERICAS EM CREMALHEIRA EM EDIFICAÇÃO DE MULTIPAVIMENTOS ATÉ 16 ANDARES, COM ÁREA MÉDIA DE LAJES MAIOR QUE 20 M² - LANÇAMENTO, ADENSAMENTO E ACABAMENTO. AF_12/2015","M3",471.83,"COMPOSIÇÃO"]
[92733,"CONCRETAGEM DE VIGAS E LAJES, FCK=20 MPA, PARA LAJES MACIÇAS OU NERVURADAS COM JERICAS EM CREMALHEIRA EM EDIFICAÇÃO DE MULTIPAVIMENTOS ATÉ 16 ANDARES, COM ÁREA MÉDIA DE LAJES MENOR OU IGUAL A 20 M² - LANÇAMENTO, ADENSAMENTO E ACABAMENTO. AF_12/2015","M3",465.71,"COMPOSIÇÃO"]
[92734,"CONCRETAGEM DE VIGAS E LAJES, FCK=20 MPA, PARA LAJES MACIÇAS OU NERVURADAS COM JERICAS EM CREMALHEIRA EM EDIFICAÇÃO DE MULTIPAVIMENTOS ATÉ 16 ANDARES, COM ÁREA MÉDIA DE LAJES MAIOR QUE 20 M² - LANÇAMENTO, ADENSAMENTO E ACABAMENTO. AF_12/2015","M3",455.56,"COMPOSIÇÃO"]
[92735,"CONCRETAGEM DE VIGAS E LAJES, FCK=20 MPA, PARA LAJES PREMOLDADAS COM GRUA DE CAÇAMBA DE 350 L EM EDIFICAÇÃO DE MULTIPAVIMENTOS ATÉ 16 ANDARES, COM ÁREA MÉDIA DE LAJES MENOR OU IGUAL A 20 M² - LANÇAMENTO, ADENSAMENTO E ACABAMENTO. AF_12/2015","M3",461.15,"COMPOSIÇÃO"]
[92736,"CONCRETAGEM DE VIGAS E LAJES, FCK=20 MPA, PARA LAJES PREMOLDADAS COM GRUA DE CAÇAMBA DE 350 L EM EDIFICAÇÃO DE MULTIPAVIMENTOS ATÉ 16 ANDARES, COM ÁREA MÉDIA DE LAJES MAIOR QUE 20 M² - LANÇAMENTO, ADENSAMENTO E ACABAMENTO. AF_12/2015","M3",450.22,"COMPOSIÇÃO"]
[92739,"CONCRETAGEM DE VIGAS E LAJES, FCK=20 MPA, PARA LAJES MACIÇAS OU NERVURADAS COM GRUA DE CAÇAMBA DE 500 L EM EDIFICAÇÃO DE MULTIPAVIMENTOS ATÉ 16 ANDARES, COM ÁREA MÉDIA DE LAJES MENOR OU IGUAL A 20 M² - LANÇAMENTO, ADENSAMENTO E ACABAMENTO. AF_12/2015","M3",434.38,"COMPOSIÇÃO"]
[92740,"CONCRETAGEM DE VIGAS E LAJES, FCK=20 MPA, PARA LAJES MACIÇAS OU NERVURADAS COM GRUA DE CAÇAMBA DE 500 L EM EDIFICAÇÃO DE MULTIPAVIMENTOS ATÉ 16 ANDARES, COM ÁREA MÉDIA DE LAJES MAIOR QUE 20 M² - LANÇAMENTO, ADENSAMENTO E ACABAMENTO. AF_12/2015","M3",428.98,"COMPOSIÇÃO"]
[92741,"CONCRETAGEM DE VIGAS E LAJES, FCK=20 MPA, PARA QUALQUER TIPO DE LAJE COM BALDES EM EDIFICAÇÃO TÉRREA, COM ÁREA MÉDIA DE LAJES MENOR OU IGUAL A 20 M² - LANÇAMENTO, ADENSAMENTO E ACABAMENTO. AF_12/2015","M3",628.47,"COMPOSIÇÃO"]
[92742,"CONCRETAGEM DE VIGAS E LAJES, FCK=20 MPA, PARA QUALQUER TIPO DE LAJE COM BALDES EM EDIFICAÇÃO DE MULTIPAVIMENTOS ATÉ 04 ANDARES, COM ÁREA MÉDIA DE LAJES MENOR OU IGUAL A 20 M² - LANÇAMENTO, ADENSAMENTO E ACABAMENTO. AF_12/2015","M3",838.12,"COMPOSIÇÃO"]
[92873,"LANÇAMENTO COM USO DE BALDES, ADENSAMENTO E ACABAMENTO DE CONCRETO EM ESTRUTURAS. AF_12/2015","M3",162.34,"COMPOSIÇÃO"]
[92874,"LANÇAMENTO COM USO DE BOMBA, ADENSAMENTO E ACABAMENTO DE CONCRETO EM ESTRUTURAS. AF_12/2015","M3",26.94,"COMPOSIÇÃO"]
[94962,"CONCRETO MAGRO PARA LASTRO, TRAÇO 1:4,5:4,5 (CIMENTO/ AREIA MÉDIA/ BRITA 1)  - PREPARO MECÂNICO COM BETONEIRA 400 L. AF_07/2016","M3",267.86,"COMPOSIÇÃO"]
[94963,"CONCRETO FCK = 15MPA, TRAÇO 1:3,4:3,5 (CIMENTO/ AREIA MÉDIA/ BRITA 1)  - PREPARO MECÂNICO COM BETONEIRA 400 L. AF_07/2016","M3",298.02,"COMPOSIÇÃO"]
[94964,"CONCRETO FCK = 20MPA, TRAÇO 1:2,7:3 (CIMENTO/ AREIA MÉDIA/ BRITA 1)  - PREPARO MECÂNICO COM BETONEIRA 400 L. AF_07/2016","M3",326.69,"COMPOSIÇÃO"]
[94965,"CONCRETO FCK = 25MPA, TRAÇO 1:2,3:2,7 (CIMENTO/ AREIA MÉDIA/ BRITA 1)  - PREPARO MECÂNICO COM BETONEIRA 400 L. AF_07/2016","M3",340.12,"COMPOSIÇÃO"]
[94966,"CONCRETO FCK = 30MPA, TRAÇO 1:2,1:2,5 (CIMENTO/ AREIA MÉDIA/ BRITA 1)  - PREPARO MECÂNICO COM BETONEIRA 400 L. AF_07/2016","M3",352.19,"COMPOSIÇÃO"]
[94967,"CONCRETO FCK = 40MPA, TRAÇO 1:1,6:1,9 (CIMENTO/ AREIA MÉDIA/ BRITA 1)  - PREPARO MECÂNICO COM BETONEIRA 400 L. AF_07/2016","M3",402.43,"COMPOSIÇÃO"]
[94968,"CONCRETO MAGRO PARA LASTRO, TRAÇO 1:4,5:4,5 (CIMENTO/ AREIA MÉDIA/ BRITA 1)  - PREPARO MECÂNICO COM BETONEIRA 600 L. AF_07/2016","M3",265.70999999999998,"COMPOSIÇÃO"]
[94969,"CONCRETO FCK = 15MPA, TRAÇO 1:3,4:3,5 (CIMENTO/ AREIA MÉDIA/ BRITA 1)  - PREPARO MECÂNICO COM BETONEIRA 600 L. AF_07/2016","M3",293.48,"COMPOSIÇÃO"]
[94970,"CONCRETO FCK = 20MPA, TRAÇO 1:2,7:3 (CIMENTO/ AREIA MÉDIA/ BRITA 1)  - PREPARO MECÂNICO COM BETONEIRA 600 L. AF_07/2016","M3",317.91000000000003,"COMPOSIÇÃO"]
[94971,"CONCRETO FCK = 25MPA, TRAÇO 1:2,3:2,7 (CIMENTO/ AREIA MÉDIA/ BRITA 1)  - PREPARO MECÂNICO COM BETONEIRA 600 L. AF_07/2016","M3",335.64,"COMPOSIÇÃO"]
[94972,"CONCRETO FCK = 30MPA, TRAÇO 1:2,1:2,5 (CIMENTO/ AREIA MÉDIA/ BRITA 1)  - PREPARO MECÂNICO COM BETONEIRA 600 L. AF_07/2016","M3",347.53,"COMPOSIÇÃO"]
[94973,"CONCRETO FCK = 40MPA, TRAÇO 1:1,6:1,9 (CIMENTO/ AREIA MÉDIA/ BRITA 1)  - PREPARO MECÂNICO COM BETONEIRA 600 L. AF_07/2016","M3",396.67,"COMPOSIÇÃO"]
[94974,"CONCRETO MAGRO PARA LASTRO, TRAÇO 1:4,5:4,5 (CIMENTO/ AREIA MÉDIA/ BRITA 1)  - PREPARO MANUAL. AF_07/2016","M3",373.78,"COMPOSIÇÃO"]
[94975,"CONCRETO FCK = 15MPA, TRAÇO 1:3,4:3,5 (CIMENTO/ AREIA MÉDIA/ BRITA 1)  - PREPARO MANUAL. AF_07/2016","M3",402.06,"COMPOSIÇÃO"]
[96555,"CONCRETAGEM DE BLOCOS DE COROAMENTO E VIGAS BALDRAME, FCK 30 MPA, COM USO DE JERICA \u0096 LANÇAMENTO, ADENSAMENTO E ACABAMENTO. AF_06/2017","M3",486.63,"COMPOSIÇÃO"]
[96556,"CONCRETAGEM DE SAPATAS, FCK 30 MPA, COM USO DE JERICA \u0096 LANÇAMENTO, ADENSAMENTO E ACABAMENTO. AF_06/2017","M3",550.26,"COMPOSIÇÃO"]
[96557,"CONCRETAGEM DE BLOCOS DE COROAMENTO E VIGAS BALDRAMES, FCK 30 MPA, COM USO DE BOMBA \u0096 LANÇAMENTO, ADENSAMENTO E ACABAMENTO. AF_06/2017","M3",494.18,"COMPOSIÇÃO"]
[96558,"CONCRETAGEM DE SAPATAS, FCK 30 MPA, COM USO DE BOMBA \u0096 LANÇAMENTO, ADENSAMENTO E ACABAMENTO. AF_11/2016","M3",499.93,"COMPOSIÇÃO"]
[99235,"CONCRETAGEM DE EDIFICAÇÕES (PAREDES E LAJES) FEITAS COM SISTEMA DE FÔRMAS MANUSEÁVEIS, COM CONCRETO USINADO AUTOADENSÁVEL FCK 25 MPA - LANÇAMENTO E ACABAMENTO. AF_06/2015","M3",482.89,"COMPOSIÇÃO"]
[99431,"CONCRETAGEM DE LAJES EM EDIFICAÇÕES UNIFAMILIARES FEITAS COM SISTEMA DE FÔRMAS MANUSEÁVEIS, COM CONCRETO USINADO BOMBEÁVEL FCK 25 MPA - LANÇAMENTO, ADENSAMENTO E ACABAMENTO (EXCLUSIVE BOMBA LANÇA). AF_06/2015","M3",502.56,"COMPOSIÇÃO"]
[99432,"CONCRETAGEM DE PAREDES EM EDIFICAÇÕES UNIFAMILIARES FEITAS COM SISTEMA DE FÔRMAS MANUSEÁVEIS, COM CONCRETO USINADO BOMBEÁVEL FCK 25 MPA - LANÇAMENTO, ADENSAMENTO E ACABAMENTO (EXCLUSIVE BOMBA LANÇA). AF_06/2015","M3",476.92,"COMPOSIÇÃO"]
[99433,"CONCRETAGEM DE PLATIBANDA EM EDIFICAÇÕES UNIFAMILIARES FEITAS COM SISTEMA DE FÔRMAS MANUSEÁVEIS, COM CONCRETO USINADO BOMBEÁVEL FCK 25 MPA, - LANÇAMENTO, ADENSAMENTO E ACABAMENTO (EXCLUSIVE BOMBA LANÇA). AF_06/2015","M3",531.44000000000005,"COMPOSIÇÃO"]
[99434,"CONCRETAGEM DE LAJES EM EDIFICAÇÕES MULTIFAMILIARES FEITAS COM SISTEMA DE FÔRMAS MANUSEÁVEIS, COM CONCRETO USINADO BOMBEÁVEL FCK 25 MPA - LANÇAMENTO, ADENSAMENTO E ACABAMENTO (EXCLUSIVE BOMBA LANÇA). AF_06/2015","M3",506.16,"COMPOSIÇÃO"]
[99435,"CONCRETAGEM DE PAREDES EM EDIFICAÇÕES MULTIFAMILIARES FEITAS COM SISTEMA DE FÔRMAS MANUSEÁVEIS, COM CONCRETO USINADO BOMBEÁVEL FCK 25 MPA - LANÇAMENTO, ADENSAMENTO E ACABAMENTO (EXCLUSIVE BOMBA LANÇA). AF_06/2015","M3",489.83,"COMPOSIÇÃO"]
[99436,"CONCRETAGEM DE PLATIBANDA EM EDIFICAÇÕES MULTIFAMILIARES FEITAS COM SISTEMA DE FÔRMAS MANUSEÁVEIS, COM CONCRETO USINADO BOMBEÁVEL FCK 25 MPA - LANÇAMENTO, ADENSAMENTO E ACABAMENTO (EXCLUSIVE BOMBA LANÇA). AF_06/2015","M3",547.9,"COMPOSIÇÃO"]
[99437,"CONCRETAGEM DE PLATIBANDA EM EDIFICAÇÕES UNIFAMILIARES FEITAS COM SISTEMA DE FÔRMAS MANUSEÁVEIS, COM CONCRETO USINADO AUTOADENSÁVEL FCK 25 MPA - LANÇAMENTO E ACABAMENTO. AF_06/2015","M3",513.01,"COMPOSIÇÃO"]
[99438,"CONCRETAGEM DE PLATIBANDA EM EDIFICAÇÕES MULTIFAMILIARES FEITAS COM SISTEMA DE FÔRMAS MANUSEÁVEIS, COM CONCRETO USINADO AUTOADENSÁVEL FCK 25 MPA - LANÇAMENTO E ACABAMENTO. AF_06/2015","M3",517.99,"COMPOSIÇÃO"]
[99439,"CONCRETAGEM DE EDIFICAÇÕES (PAREDES E LAJES) FEITAS COM SISTEMA DE FÔRMAS MANUSEÁVEIS, COM CONCRETO USINADO BOMBEÁVEL FCK 25 MPA - LANÇAMENTO, ADENSAMENTO E ACABAMENTO (EXCLUSIVE BOMBA LANÇA). AF_06/2015","M3",494.49,"COMPOSIÇÃO"]
["74141/001","LAJE PRE-MOLD BETA 11 P/1KN/M2 VAOS 4,40M/INCL VIGOTAS TIJOLOS ARMADURA NEGATIVA CAPEAMENTO 3CM CONCRETO 20MPA ESCORAMENTO MATERIAL E MAO  DE OBRA.","M2",84.19,"COMPOSIÇÃO"]
["74141/002","LAJE PRE-MOLD BETA 12 P/3,5KN/M2 VAO 4,1M INCL VIGOTAS TIJOLOS ARMADU-RA NEGATIVA CAPEAMENTO 3CM CONCRETO 15MPA ESCORAMENTO MATERIAIS E MAO DE OBRA.","M2",92.91,"COMPOSIÇÃO"]
["74141/003","LAJE PRE-MOLD BETA 16 P/3,5KN/M2 VAO 5,2M INCL VIGOTAS TIJOLOS ARMADU-RA NEGATIVA CAPEAMENTO 3CM CONCRETO 15MPA ESCORAMENTO MATERIAL E MAO  DE OBRA.","M2",111.33,"COMPOSIÇÃO"]
["74141/004","LAJE PRE-MOLD BETA 20 P/3,5KN/M2 VAO 6,2M INCL VIGOTAS TIJOLOS ARMADU-RA NEGATIVA CAPEAMENTO 3CM CONCRETO 15MPA ESCORAMENTO MATERIAL E MAO  DE OBRA.","M2",128.28,"COMPOSIÇÃO"]
["74202/001","LAJE PRE-MOLDADA P/FORRO, SOBRECARGA 100KG/M2, VAOS ATE 3,50M/E=8CM, C/LAJOTAS E CAP.C/CONC FCK=20MPA, 3CM, INTER-EIXO 38CM, C/ESCORAMENTO (REAPR.3X) E FERRAGEM NEGATIVA","M2",75.67,"COMPOSIÇÃO"]
["74202/002","LAJE PRE-MOLDADA P/PISO, SOBRECARGA 200KG/M2, VAOS ATE 3,50M/E=8CM, C/LAJOTAS E CAP.C/CONC FCK=20MPA, 4CM, INTER-EIXO 38CM, C/ESCORAMENTO (REAPR.3X) E FERRAGEM NEGATIVA","M2",82.92,"COMPOSIÇÃO"]
[101165,"ALVENARIA DE EMBASAMENTO COM BLOCO ESTRUTURAL DE CONCRETO, DE 14X19X29CM E ARGAMASSA DE ASSENTAMENTO COM PREPARO EM BETONEIRA. AF_05/2020","M3",659.6,"COMPOSIÇÃO"]
[101166,"ALVENARIA DE EMBASAMENTO COM BLOCO ESTRUTURAL DE CERÂMICA, DE 14X19X29CM E ARGAMASSA DE ASSENTAMENTO COM PREPARO EM BETONEIRA. AF_05/2020","M3",530.49,"COMPOSIÇÃO"]
[98576,"TRATAMENTO DE JUNTA DE DILATAÇÃO COM MANTA ASFÁLTICA ADERIDA COM MAÇARICO. AF_06/2018","M",14.89,"COMPOSIÇÃO"]
[93182,"VERGA PRÉ-MOLDADA PARA JANELAS COM ATÉ 1,5 M DE VÃO. AF_03/2016","M",26.81,"COMPOSIÇÃO"]
[93183,"VERGA PRÉ-MOLDADA PARA JANELAS COM MAIS DE 1,5 M DE VÃO. AF_03/2016","M",34.07,"COMPOSIÇÃO"]
[93184,"VERGA PRÉ-MOLDADA PARA PORTAS COM ATÉ 1,5 M DE VÃO. AF_03/2016","M",20.2,"COMPOSIÇÃO"]
[93185,"VERGA PRÉ-MOLDADA PARA PORTAS COM MAIS DE 1,5 M DE VÃO. AF_03/2016","M",33.53,"COMPOSIÇÃO"]
[93186,"VERGA MOLDADA IN LOCO EM CONCRETO PARA JANELAS COM ATÉ 1,5 M DE VÃO. AF_03/2016","M",48.37,"COMPOSIÇÃO"]
[93187,"VERGA MOLDADA IN LOCO EM CONCRETO PARA JANELAS COM MAIS DE 1,5 M DE VÃO. AF_03/2016","M",55.11,"COMPOSIÇÃO"]
[93188,"VERGA MOLDADA IN LOCO EM CONCRETO PARA PORTAS COM ATÉ 1,5 M DE VÃO. AF_03/2016","M",46.62,"COMPOSIÇÃO"]
[93189,"VERGA MOLDADA IN LOCO EM CONCRETO PARA PORTAS COM MAIS DE 1,5 M DE VÃO. AF_03/2016","M",55.74,"COMPOSIÇÃO"]
[93190,"VERGA MOLDADA IN LOCO COM UTILIZAÇÃO DE BLOCOS CANALETA PARA JANELAS COM ATÉ 1,5 M DE VÃO. AF_03/2016","M",31.53,"COMPOSIÇÃO"]
[93191,"VERGA MOLDADA IN LOCO COM UTILIZAÇÃO DE BLOCOS CANALETA PARA JANELAS COM MAIS DE 1,5 M DE VÃO. AF_03/2016","M",32.770000000000003,"COMPOSIÇÃO"]
[93192,"VERGA MOLDADA IN LOCO COM UTILIZAÇÃO DE BLOCOS CANALETA PARA PORTAS COM ATÉ 1,5 M DE VÃO. AF_03/2016","M",35.28,"COMPOSIÇÃO"]
[93193,"VERGA MOLDADA IN LOCO COM UTILIZAÇÃO DE BLOCOS CANALETA PARA PORTAS COM MAIS DE 1,5 M DE VÃO. AF_03/2016","M",33.44,"COMPOSIÇÃO"]
[93194,"CONTRAVERGA PRÉ-MOLDADA PARA VÃOS DE ATÉ 1,5 M DE COMPRIMENTO. AF_03/2016","M",26.37,"COMPOSIÇÃO"]
[93195,"CONTRAVERGA PRÉ-MOLDADA PARA VÃOS DE MAIS DE 1,5 M DE COMPRIMENTO. AF_03/2016","M",31.38,"COMPOSIÇÃO"]
[93196,"CONTRAVERGA MOLDADA IN LOCO EM CONCRETO PARA VÃOS DE ATÉ 1,5 M DE COMPRIMENTO. AF_03/2016","M",46.35,"COMPOSIÇÃO"]
[93197,"CONTRAVERGA MOLDADA IN LOCO EM CONCRETO PARA VÃOS DE MAIS DE 1,5 M DE COMPRIMENTO. AF_03/2016","M",51.45,"COMPOSIÇÃO"]
[93198,"CONTRAVERGA MOLDADA IN LOCO COM UTILIZAÇÃO DE BLOCOS CANALETA PARA VÃOS DE ATÉ 1,5 M DE COMPRIMENTO. AF_03/2016","M",28.46,"COMPOSIÇÃO"]
[93199,"CONTRAVERGA MOLDADA IN LOCO COM UTILIZAÇÃO DE BLOCOS CANALETA PARA VÃOS DE MAIS DE 1,5 M DE COMPRIMENTO. AF_03/2016","M",28.02,"COMPOSIÇÃO"]
[93200,"FIXAÇÃO (ENCUNHAMENTO) DE ALVENARIA DE VEDAÇÃO COM ARGAMASSA APLICADA COM BISNAGA. AF_03/2016","M",2.2000000000000002,"COMPOSIÇÃO"]
[93201,"FIXAÇÃO (ENCUNHAMENTO) DE ALVENARIA DE VEDAÇÃO COM ARGAMASSA APLICADA COM COLHER. AF_03/2016","M",4.6500000000000004,"COMPOSIÇÃO"]
[93202,"FIXAÇÃO (ENCUNHAMENTO) DE ALVENARIA DE VEDAÇÃO COM TIJOLO MACIÇO. AF_03/2016","M",20.99,"COMPOSIÇÃO"]
[93203,"FIXAÇÃO (ENCUNHAMENTO) DE ALVENARIA DE VEDAÇÃO COM ESPUMA DE POLIURETANO EXPANSIVA. AF_03/2016","M",12.85,"COMPOSIÇÃO"]
[93204,"CINTA DE AMARRAÇÃO DE ALVENARIA MOLDADA IN LOCO EM CONCRETO. AF_03/2016","M",36.6,"COMPOSIÇÃO"]
[93205,"CINTA DE AMARRAÇÃO DE ALVENARIA MOLDADA IN LOCO COM UTILIZAÇÃO DE BLOCOS CANALETA. AF_03/2016","M",27.47,"COMPOSIÇÃO"]
[85233,"ESCADA EM CONCRETO ARMADO, FCK = 15 MPA, MOLDADA IN LOCO","M3",2552.0500000000002,"COMPOSIÇÃO"]
[95952,"(COMPOSIÇÃO REPRESENTATIVA) EXECUÇÃO DE ESTRUTURAS DE CONCRETO ARMADO CONVENCIONAL, PARA EDIFICAÇÃO HABITACIONAL MULTIFAMILIAR (PRÉDIO), FCK = 25 MPA. AF_01/2017","M3",0,"COMPOSIÇÃO"]
[95953,"(COMPOSIÇÃO REPRESENTATIVA) EXECUÇÃO DE ESTRUTURAS DE CONCRETO ARMADO, PARA EDIFICAÇÃO HABITACIONAL UNIFAMILIAR COM DOIS PAVIMENTOS (CASA ISOLADA), FCK = 25 MPA. AF_01/2017","M3",0,"COMPOSIÇÃO"]
[95954,"(COMPOSIÇÃO REPRESENTATIVA) EXECUÇÃO DE ESTRUTURAS DE CONCRETO ARMADO, PARA EDIFICAÇÃO HABITACIONAL UNIFAMILIAR COM DOIS PAVIMENTOS (CASA EM EMPREENDIMENTOS), FCK = 25 MPA. AF_01/2017","M3",0,"COMPOSIÇÃO"]
[95955,"(COMPOSIÇÃO REPRESENTATIVA) EXECUÇÃO DE ESTRUTURAS DE CONCRETO ARMADO, PARA EDIFICAÇÃO HABITACIONAL UNIFAMILIAR TÉRREA (CASA ISOLADA), FCK = 25 MPA. AF_01/2017","M3",0,"COMPOSIÇÃO"]
[95956,"(COMPOSIÇÃO REPRESENTATIVA) EXECUÇÃO DE ESTRUTURAS DE CONCRETO ARMADO, PARA EDIFICAÇÃO HABITACIONAL UNIFAMILIAR TÉRREA (CASA EM EMPREENDIMENTOS), FCK = 25 MPA. AF_01/2017","M3",0,"COMPOSIÇÃO"]
[95957,"(COMPOSIÇÃO REPRESENTATIVA) EXECUÇÃO DE ESTRUTURAS DE CONCRETO ARMADO, PARA EDIFICAÇÃO INSTITUCIONAL TÉRREA, FCK = 25 MPA. AF_01/2017","M3",0,"COMPOSIÇÃO"]
[95969,"(COMPOSIÇÃO REPRESENTATIVA) EXECUÇÃO DE ESCADA EM CONCRETO ARMADO, MOLDADA IN LOCO, FCK = 25 MPA. AF_02/2017","M3",2212.4299999999998,"COMPOSIÇÃO"]
[97733,"PEÇA RETANGULAR PRÉ-MOLDADA, VOLUME DE CONCRETO DE ATÉ 10 LITROS, TAXA DE AÇO APROXIMADA DE 30KG/M³. AF_01/2018","M3",2483.88,"COMPOSIÇÃO"]
[97734,"PEÇA RETANGULAR PRÉ-MOLDADA, VOLUME DE CONCRETO DE 10 A 30 LITROS, TAXA DE AÇO APROXIMADA DE 30KG/M³. AF_01/2018","M3",2156.4299999999998,"COMPOSIÇÃO"]
[97735,"PEÇA RETANGULAR PRÉ-MOLDADA, VOLUME DE CONCRETO DE 30 A 100 LITROS, TAXA DE AÇO APROXIMADA DE 30KG/M³. AF_01/2018","M3",1786.5,"COMPOSIÇÃO"]
[97736,"PEÇA RETANGULAR PRÉ-MOLDADA, VOLUME DE CONCRETO ACIMA DE 100 LITROS, TAXA DE AÇO APROXIMADA DE 30KG/M³. AF_01/2018","M3",1111.6500000000001,"COMPOSIÇÃO"]
[97737,"PEÇA RETANGULAR PRÉ-MOLDADA, VOLUME DE CONCRETO DE 30 A 70 LITROS , TAXA DE AÇO APROXIMADA DE 70KG/M³. AF_01/2018","M3",2479.66,"COMPOSIÇÃO"]
[97738,"PEÇA CIRCULAR PRÉ-MOLDADA, VOLUME DE CONCRETO DE 10 A 30 LITROS, TAXA DE FIBRA DE POLIPROPILENO APROXIMADA DE 6 KG/M³. AF_01/2018_P","M3",3250.84,"COMPOSIÇÃO"]
[97739,"PEÇA CIRCULAR PRÉ-MOLDADA, VOLUME DE CONCRETO DE 30 A 100 LITROS, TAXA DE AÇO APROXIMADA DE 30KG/M³. AF_01/2018","M3",2024.8,"COMPOSIÇÃO"]
[97740,"PEÇA CIRCULAR PRÉ-MOLDADA, VOLUME DE CONCRETO ACIMA DE 100 LITROS, TAXA DE AÇO APROXIMADA DE 30KG/M³. AF_01/2018","M3",1462.06,"COMPOSIÇÃO"]
[98615,"CONTENÇÃO EM CORTINA COM ESTACAS ESPAÇADAS COM 30 CM DE DIÂMETRO E PROFUNDIDADE MENOR OU IGUAL A 10 M. AF_06/2018","M2",96.58,"COMPOSIÇÃO"]
[98616,"CONTENÇÃO EM CORTINA COM ESTACAS ESPAÇADAS COM 30 CM DE DIÂMETRO E PROFUNDIDADE MAIOR QUE 10 M E MENOR OU IGUAL A 15 M. AF_06/2018","M2",78.430000000000007,"COMPOSIÇÃO"]
[98617,"CONTENÇÃO EM CORTINA COM ESTACAS ESPAÇADAS COM 30 CM DE DIÂMETRO E PROFUNDIDADE MAIOR QUE 15 M. AF_06/2018","M2",73.38,"COMPOSIÇÃO"]
[98618,"CONTENÇÃO EM CORTINA COM ESTACAS ESPAÇADAS COM 40 CM DE DIÂMETRO E PROFUNDIDADE MENOR OU IGUAL A 10 M. AF_06/2018","M2",100.3,"COMPOSIÇÃO"]
[98619,"CONTENÇÃO EM CORTINA COM ESTACAS ESPAÇADAS COM 40 CM DE DIÂMETRO E PROFUNDIDADE MAIOR QUE 10 M E MENOR OU IGUAL A 15 M. AF_06/2018","M2",92.62,"COMPOSIÇÃO"]
[98620,"CONTENÇÃO EM CORTINA COM ESTACAS ESPAÇADAS COM 40 CM DE DIÂMETRO E PROFUNDIDADE MAIOR QUE 15 M. AF_06/2018","M2",88.72,"COMPOSIÇÃO"]
[98621,"CONTENÇÃO EM CORTINA COM ESTACAS ESPAÇADAS COM 50 CM DE DIÂMETRO E PROFUNDIDADE MENOR OU IGUAL A 10 M. AF_06/2018","M2",115.4,"COMPOSIÇÃO"]
[98622,"CONTENÇÃO EM CORTINA COM ESTACAS ESPAÇADAS COM 50 CM DE DIÂMETRO E PROFUNDIDADE MAIOR QUE 10 M E MENOR OU IGUAL A 15 M. AF_06/2018","M2",109.2,"COMPOSIÇÃO"]
[98623,"CONTENÇÃO EM CORTINA COM ESTACAS ESPAÇADAS COM 50 CM DE DIÂMETRO E PROFUNDIDADE MAIOR QUE 15 M. AF_06/2018","M2",106.04,"COMPOSIÇÃO"]
[98624,"CONTENÇÃO EM CORTINA COM ESTACAS ESPAÇADAS COM 60 CM DE DIÂMETRO E PROFUNDIDADE MENOR OU IGUAL A 10 M. AF_06/2018","M2",131.55000000000001,"COMPOSIÇÃO"]
[98625,"CONTENÇÃO EM CORTINA COM ESTACAS ESPAÇADAS COM 60 CM DE DIÂMETRO E PROFUNDIDADE MAIOR QUE 10 M E MENOR OU IGUAL A 15 M. AF_06/2018","M2",126.29,"COMPOSIÇÃO"]
[98626,"CONTENÇÃO EM CORTINA COM ESTACAS ESPAÇADAS COM 60 CM DE DIÂMETRO E PROFUNDIDADE MAIOR QUE 15 M. AF_06/2018","M2",123.57,"COMPOSIÇÃO"]
[98655,"EXECUÇÃO DE MURETA GUIA PARA CONTENÇÃO/ FUNDAÇÃO COM 30 CM DE ESPESSURA. AF_06/2018","M",451.9,"COMPOSIÇÃO"]
[98656,"EXECUÇÃO DE MURETA GUIA PARA CONTENÇÃO/ FUNDAÇÃO COM 40 CM DE ESPESSURA. AF_06/2018","M",457.7,"COMPOSIÇÃO"]
[98657,"EXECUÇÃO DE MURETA GUIA PARA CONTENÇÃO/ FUNDAÇÃO COM 50 CM DE ESPESSURA. AF_06/2018","M",463.5,"COMPOSIÇÃO"]
[98658,"EXECUÇÃO DE MURETA GUIA PARA CONTENÇÃO/ FUNDAÇÃO COM 60 CM DE ESPESSURA. AF_06/2018","M",469.3,"COMPOSIÇÃO"]
[98659,"EXECUÇÃO DE MURETA GUIA PARA CONTENÇÃO/ FUNDAÇÃO COM 80 CM DE ESPESSURA. AF_06/2018","M",480.91,"COMPOSIÇÃO"]
[98746,"SOLDA DE TOPO EM CHAPA/PERFIL/TUBO DE AÇO CHANFRADO, ESPESSURA=1/4''. AF_06/2018","M",39.28,"COMPOSIÇÃO"]
[98749,"SOLDA DE TOPO EM CHAPA/PERFIL/TUBO DE AÇO CHANFRADO, ESPESSURA=5/16''. AF_06/2018","M",44.63,"COMPOSIÇÃO"]
[98750,"SOLDA DE TOPO EM CHAPA/PERFIL/TUBO DE AÇO CHANFRADO, ESPESSURA=3/8''. AF_06/2018","M",50.89,"COMPOSIÇÃO"]
[98751,"SOLDA DE TOPO EM CHAPA/PERFIL/TUBO DE AÇO CHANFRADO, ESPESSURA=1/2''. AF_06/2018","M",67.11,"COMPOSIÇÃO"]
[98752,"SOLDA DE TOPO EM CHAPA/PERFIL/TUBO DE AÇO CHANFRADO, ESPESSURA=5/8''. AF_06/2018","M",86.32,"COMPOSIÇÃO"]
[98753,"SOLDA DE TOPO EM CHAPA/PERFIL/TUBO DE AÇO CHANFRADO, ESPESSURA=3/4''. AF_06/2018","M",109.95,"COMPOSIÇÃO"]
[100763,"VIGA METÁLICA EM PERFIL LAMINADO OU SOLDADO EM AÇO ESTRUTURAL, COM CONEXÕES PARAFUSADAS, INCLUSOS MÃO DE OBRA, TRANSPORTE E IÇAMENTO UTILIZANDO GUINDASTE - FORNECIMENTO E INSTALAÇÃO. AF_01/2020_P","KG",9.8000000000000007,"COMPOSIÇÃO"]
[100764,"VIGA METÁLICA EM PERFIL LAMINADO OU SOLDADO EM AÇO ESTRUTURAL, COM CONEXÕES SOLDADAS, INCLUSOS MÃO DE OBRA, TRANSPORTE E IÇAMENTO UTILIZANDO GUINDASTE - FORNECIMENTO E INSTALAÇÃO. AF_01/2020_P","KG",9.77,"COMPOSIÇÃO"]
[100765,"PILAR METÁLICO PERFIL LAMINADO/SOLDADO EM AÇO ESTRUTURAL, COM CONEXÕES PARAFUSADAS, INCLUSOS MÃO DE OBRA, TRANSPORTE E IÇAMENTO UTILIZANDO GUINDASTE - FORNECIMENTO E INSTALAÇÃO. AF_01/2020_P","KG",9,"COMPOSIÇÃO"]
[100766,"PILAR METÁLICO PERFIL LAMINADO OU SOLDADO EM AÇO ESTRUTURAL, COM CONEXÕES SOLDADAS, INCLUSOS MÃO DE OBRA, TRANSPORTE E IÇAMENTO UTILIZANDO GUINDASTE - FORNECIMENTO E INSTALAÇÃO. AF_01/2020","KG",9.25,"COMPOSIÇÃO"]
[100767,"CONTRAVENTAMENTO COM CANTONEIRAS DE AÇO, ABAS IGUAIS, COM CONEXÕES PARAFUSADAS, INCLUSOS MÃO DE OBRA, TRANSPORTE E IÇAMENTO UTILIZANDO TALHA MANUAL, PARA EDIFÍCIOS DE ATÉ 2 PAVIMENTOS - FORNECIMENTO E INSTALAÇÃO. AF_01/2020_P","KG",9.6199999999999992,"COMPOSIÇÃO"]
[100768,"CONTRAVENTAMENTO COM CANTONEIRAS DE AÇO, ABAS IGUAIS, COM CONEXÕES SOLDADAS, INCLUSOS MÃO DE OBRA, TRANSPORTE E IÇAMENTO UTILIZANDO TALHA MANUAL, PARA EDIFÍCIOS DE ATÉ 2 PAVIMENTOS - FORNECIMENTO E INSTALAÇÃO. AF_01/2020","KG",12.51,"COMPOSIÇÃO"]
[100769,"CONTRAVENTAMENTO COM CANTONEIRAS DE AÇO, ABAS IGUAIS, COM CONEXÕES PARAFUSADAS, INCLUSOS MÃO DE OBRA, TRANSPORTE E IÇAMENTO UTILIZANDO GUINDASTE, PARA EDIFÍCIOS DE 3 A 5 PAVIMENTOS - FORNECIMENTO E INSTALAÇÃO. AF_01/2020_P","KG",14.6,"COMPOSIÇÃO"]
[100770,"CONTRAVENTAMENTO COM CANTONEIRAS DE AÇO, ABAS IGUAIS, COM CONEXÕES SOLDADAS, INCLUSOS MÃO DE OBRA, TRANSPORTE E IÇAMENTO UTILIZANDO GUINDASTE, PARA EDIFÍCIOS DE 3 A 5 PAVIMENTOS - FORNECIMENTO E INSTALAÇÃO. AF_01/2020","KG",14.3,"COMPOSIÇÃO"]
[100771,"CONTRAVENTAMENTO COM CANTONEIRAS DE AÇO, ABAS IGUAIS, COM CONEXÕES PARAFUSADAS, INCLUSOS MÃO DE OBRA, TRANSPORTE E IÇAMENTO UTILIZANDO GRUA, PARA EDIFÍCIOS DE 6 A 10 PAVIMENTOS - FORNECIMENTO E INSTALAÇÃO. AF_01/2020_P","KG",16.239999999999998,"COMPOSIÇÃO"]
[100772,"CONTRAVENTAMENTO COM CANTONEIRAS DE AÇO, ABAS IGUAIS, COM CONEXÕES SOLDADAS, INCLUSOS MÃO DE OBRA, TRANSPORTE E IÇAMENTO UTILIZANDO GRUA, PARA EDIFÍCIOS DE 6 A 10 PAVIMENTOS - FORNECIMENTO E INSTALAÇÃO. AF_01/2020","KG",9.69,"COMPOSIÇÃO"]
[100773,"ESTRUTURA TRELIÇADA DE COBERTURA, TIPO ARCO, COM LIGAÇÕES SOLDADAS, INCLUSOS PERFIS METÁLICOS, CHAPAS METÁLICAS, MÃO DE OBRA E TRANSPORTE COM GUINDASTE - FORNECIMENTO E INSTALAÇÃO. AF_01/2020_P","KG",13.01,"COMPOSIÇÃO"]
[100774,"ESTRUTURA TRELIÇADA DE COBERTURA, TIPO SHED, COM LIGAÇÕES SOLDADAS, INCLUSOS PERFIS METÁLICOS, CHAPAS METÁLICAS, MÃO DE OBRA E TRANSPORTE COM GUINDASTE - FORNECIMENTO E INSTALAÇÃO. AF_01/2020_P","KG",7.01,"COMPOSIÇÃO"]
[100775,"ESTRUTURA TRELIÇADA DE COBERTURA, TIPO FINK, COM LIGAÇÕES SOLDADAS, INCLUSOS PERFIS METÁLICOS, CHAPAS METÁLICAS, MÃO DE OBRA E TRANSPORTE COM GUINDASTE - FORNECIMENTO E INSTALAÇÃO. AF_01/2020_P","KG",8.4,"COMPOSIÇÃO"]
[100776,"ESTRUTURA TRELIÇADA DE COBERTURA, TIPO ARCO, COM LIGAÇÕES PARAFUSADAS, INCLUSOS PERFIS METÁLICOS, CHAPAS METÁLICAS, MÃO DE OBRA E TRANSPORTE COM GUINDASTE - FORNECIMENTO E INSTALAÇÃO. AF_01/2020_P","KG",13.05,"COMPOSIÇÃO"]
[100777,"ESTRUTURA TRELIÇADA DE COBERTURA, TIPO SHED, COM LIGAÇÕES PARAFUSADAS, INCLUSOS PERFIS METÁLICOS, CHAPAS METÁLICAS, MÃO DE OBRA E TRANSPORTE COM GUINDASTE - FORNECIMENTO E INSTALAÇÃO. AF_01/2020_P","KG",9.11,"COMPOSIÇÃO"]
[100778,"ESTRUTURA TRELIÇADA DE COBERTURA, TIPO FINK, COM LIGAÇÕES PARAFUSADAS, INCLUSOS PERFIS METÁLICOS, CHAPAS METÁLICAS, MÃO DE OBRA E TRANSPORTE COM GUINDASTE - FORNECIMENTO E INSTALAÇÃO. AF_01/2020_P","KG",5.82,"COMPOSIÇÃO"]
[98560,"IMPERMEABILIZAÇÃO DE PISO COM ARGAMASSA DE CIMENTO E AREIA, COM ADITIVO IMPERMEABILIZANTE, E = 2CM. AF_06/2018","M2",34.93,"COMPOSIÇÃO"]
[98561,"IMPERMEABILIZAÇÃO DE PAREDES COM ARGAMASSA DE CIMENTO E AREIA, COM ADITIVO IMPERMEABILIZANTE, E = 2CM. AF_06/2018","M2",31.11,"COMPOSIÇÃO"]
[98562,"IMPERMEABILIZAÇÃO DE FLOREIRA OU VIGA BALDRAME COM ARGAMASSA DE CIMENTO E AREIA, COM ADITIVO IMPERMEABILIZANTE, E = 2 CM. AF_06/2018","M2",30.7,"COMPOSIÇÃO"]
[98555,"IMPERMEABILIZAÇÃO DE SUPERFÍCIE COM ARGAMASSA POLIMÉRICA / MEMBRANA ACRÍLICA, 3 DEMÃOS. AF_06/2018","M2",20.46,"COMPOSIÇÃO"]
[98556,"IMPERMEABILIZAÇÃO DE SUPERFÍCIE COM ARGAMASSA POLIMÉRICA / MEMBRANA ACRÍLICA, 4 DEMÃOS, REFORÇADA COM VÉU DE POLIÉSTER (MAV). AF_06/2018","M2",37.43,"COMPOSIÇÃO"]
[98558,"TRATAMENTO DE RALO OU PONTO EMERGENTE COM ARGAMASSA POLIMÉRICA / MEMBRANA ACRÍLICA REFORÇADO COM VÉU DE POLIÉSTER (MAV). AF_06/2018","UN",5.67,"COMPOSIÇÃO"]
[98559,"TRATAMENTO DE RODAPÉ COM VÉU DE POLIÉSTER. AF_06/2018","M",3.22,"COMPOSIÇÃO"]
[98546,"IMPERMEABILIZAÇÃO DE SUPERFÍCIE COM MANTA ASFÁLTICA, UMA CAMADA, INCLUSIVE APLICAÇÃO DE PRIMER ASFÁLTICO, E=3MM. AF_06/2018","M2",73.84,"COMPOSIÇÃO"]
[98547,"IMPERMEABILIZAÇÃO DE SUPERFÍCIE COM MANTA ASFÁLTICA, DUAS CAMADAS, INCLUSIVE APLICAÇÃO DE PRIMER ASFÁLTICO, E=3MM E E=4MM. AF_06/2018","M2",133.9,"COMPOSIÇÃO"]
[98553,"IMPERMEABILIZAÇÃO DE SUPERFÍCIE COM MEMBRANA À BASE DE POLIURETANO, 2 DEMÃOS. AF_06/2018","M2",95.52,"COMPOSIÇÃO"]
[98554,"IMPERMEABILIZAÇÃO DE SUPERFÍCIE COM MEMBRANA À BASE DE RESINA ACRÍLICA, 3 DEMÃOS. AF_06/2018","M2",33.659999999999997,"COMPOSIÇÃO"]
[98557,"IMPERMEABILIZAÇÃO DE SUPERFÍCIE COM EMULSÃO ASFÁLTICA, 2 DEMÃOS AF_06/2018","M2",29.16,"COMPOSIÇÃO"]
[98563,"PROTEÇÃO MECÂNICA DE SUPERFÍCIE HORIZONTAL COM ARGAMASSA DE CIMENTO E AREIA, TRAÇO 1:3, E=2CM. AF_06/2018","M2",24.94,"COMPOSIÇÃO"]
[98564,"PROTEÇÃO MECÂNICA DE SUPERFÍCIE VERTICAL COM ARGAMASSA DE CIMENTO E AREIA, TRAÇO 1:3, E=2CM. AF_06/2018","M2",34.85,"COMPOSIÇÃO"]
[98565,"PROTEÇÃO MECÂNICA DE SUPERFICIE HORIZONTAL COM ARGAMASSA DE CIMENTO E AREIA, TRAÇO 1:3, E=3CM. AF_06/2018","M2",36.01,"COMPOSIÇÃO"]
[98566,"PROTEÇÃO MECÂNICA DE SUPERFÍCIE VERTICAL COM ARGAMASSA DE CIMENTO E AREIA, TRAÇO 1:3, E=3CM. AF_06/2018","M2",45.92,"COMPOSIÇÃO"]
[98567,"PROTEÇÃO MECÂNICA DE SUPERFICIE HORIZONTAL COM ARGAMASSA DE CIMENTO E AREIA, TRAÇO 1:3, E=4CM. AF_06/2018","M2",46.55,"COMPOSIÇÃO"]
[98568,"PROTEÇÃO MECÂNICA DE SUPERFÍCIE VERTICAL COM ARGAMASSA DE CIMENTO E AREIA, TRAÇO 1:3, E=4CM. AF_06/2018","M2",56.45,"COMPOSIÇÃO"]
[98569,"PROTEÇÃO MECÂNICA DE SUPERFICIE HORIZONTAL COM ARGAMASSA DE CIMENTO E AREIA, TRAÇO 1:3, E=5CM. AF_06/2018","M2",57.62,"COMPOSIÇÃO"]
[98570,"PROTEÇÃO MECÂNICA DE SUPERFÍCIE VERTICAL COM ARGAMASSA DE CIMENTO E AREIA, TRAÇO 1:3, E=5CM. AF_06/2018","M2",67.55,"COMPOSIÇÃO"]
[98571,"PROTEÇÃO MECÂNICA DE SUPERFICIE HORIZONTAL COM CONCRETO 15 MPA, E=4CM. AF_06/2018","M2",31.33,"COMPOSIÇÃO"]
[98572,"PROTEÇÃO MECÂNICA DE SUPERFICIE HORIZONTAL COM CONCRETO 15 MPA, E=5CM. AF_06/2018","M2",38.67,"COMPOSIÇÃO"]
[98573,"PROTEÇÃO MECÂNICA DE SUPERFÍCIE VERTICAL COM CONCRETO 15 MPA, E=5CM. AF_06/2018","M2",48.28,"COMPOSIÇÃO"]
[91831,"ELETRODUTO FLEXÍVEL CORRUGADO, PVC, DN 20 MM (1/2\"), PARA CIRCUITOS TERMINAIS, INSTALADO EM FORRO - FORNECIMENTO E INSTALAÇÃO. AF_12/2015","M",5.71,"COMPOSIÇÃO"]
[91833,"ELETRODUTO FLEXÍVEL CORRUGADO REFORÇADO, PVC, DN 20 MM (1/2\"), PARA CIRCUITOS TERMINAIS, INSTALADO EM FORRO - FORNECIMENTO E INSTALAÇÃO. AF_12/2015","M",5.99,"COMPOSIÇÃO"]
[91834,"ELETRODUTO FLEXÍVEL CORRUGADO, PVC, DN 25 MM (3/4\"), PARA CIRCUITOS TERMINAIS, INSTALADO EM FORRO - FORNECIMENTO E INSTALAÇÃO. AF_12/2015","M",6.36,"COMPOSIÇÃO"]
[91835,"ELETRODUTO FLEXÍVEL CORRUGADO REFORÇADO, PVC, DN 25 MM (3/4\"), PARA CIRCUITOS TERMINAIS, INSTALADO EM FORRO - FORNECIMENTO E INSTALAÇÃO. AF_12/2015","M",7.1,"COMPOSIÇÃO"]
[91836,"ELETRODUTO FLEXÍVEL CORRUGADO, PVC, DN 32 MM (1\"), PARA CIRCUITOS TERMINAIS, INSTALADO EM FORRO - FORNECIMENTO E INSTALAÇÃO. AF_12/2015","M",8.11,"COMPOSIÇÃO"]
[91837,"ELETRODUTO FLEXÍVEL CORRUGADO REFORÇADO, PVC, DN 32 MM (1\"), PARA CIRCUITOS TERMINAIS, INSTALADO EM FORRO - FORNECIMENTO E INSTALAÇÃO. AF_12/2015","M",9.8699999999999992,"COMPOSIÇÃO"]
[91839,"ELETRODUTO FLEXÍVEL LISO, PEAD, DN 32 MM (1\"), PARA CIRCUITOS TERMINAIS, INSTALADO EM FORRO - FORNECIMENTO E INSTALAÇÃO. AF_12/2015","M",7.94,"COMPOSIÇÃO"]
[91840,"ELETRODUTO FLEXÍVEL CORRUGADO, PEAD, DN 40 MM (1 1/4\"), PARA CIRCUITOS TERMINAIS, INSTALADO EM FORRO - FORNECIMENTO E INSTALAÇÃO. AF_12/2015","M",9.9600000000000009,"COMPOSIÇÃO"]
[91841,"ELETRODUTO FLEXÍVEL LISO, PEAD, DN 40 MM (1 1/4\"), PARA CIRCUITOS TERMINAIS, INSTALADO EM FORRO - FORNECIMENTO E INSTALAÇÃO. AF_12/2015","M",9.43,"COMPOSIÇÃO"]
[91842,"ELETRODUTO FLEXÍVEL CORRUGADO, PVC, DN 20 MM (1/2\"), PARA CIRCUITOS TERMINAIS, INSTALADO EM LAJE - FORNECIMENTO E INSTALAÇÃO. AF_12/2015","M",3.96,"COMPOSIÇÃO"]
[91843,"ELETRODUTO FLEXÍVEL CORRUGADO REFORÇADO, PVC, DN 20 MM (1/2\"), PARA CIRCUITOS TERMINAIS, INSTALADO EM LAJE - FORNECIMENTO E INSTALAÇÃO. AF_12/2015","M",4.24,"COMPOSIÇÃO"]
[91844,"ELETRODUTO FLEXÍVEL CORRUGADO, PVC, DN 25 MM (3/4\"), PARA CIRCUITOS TERMINAIS, INSTALADO EM LAJE - FORNECIMENTO E INSTALAÇÃO. AF_12/2015","M",4.6100000000000003,"COMPOSIÇÃO"]
[91845,"ELETRODUTO FLEXÍVEL CORRUGADO REFORÇADO, PVC, DN 25 MM (3/4\"), PARA CIRCUITOS TERMINAIS, INSTALADO EM LAJE - FORNECIMENTO E INSTALAÇÃO. AF_12/2015","M",5.35,"COMPOSIÇÃO"]
[91846,"ELETRODUTO FLEXÍVEL CORRUGADO, PVC, DN 32 MM (1\"), PARA CIRCUITOS TERMINAIS, INSTALADO EM LAJE - FORNECIMENTO E INSTALAÇÃO. AF_12/2015","M",6.36,"COMPOSIÇÃO"]
[91847,"ELETRODUTO FLEXÍVEL CORRUGADO REFORÇADO, PVC, DN 32 MM (1\"), PARA CIRCUITOS TERMINAIS, INSTALADO EM LAJE - FORNECIMENTO E INSTALAÇÃO. AF_12/2015","M",8.1199999999999992,"COMPOSIÇÃO"]
[91849,"ELETRODUTO FLEXÍVEL LISO, PEAD, DN 32 MM (1\"), PARA CIRCUITOS TERMINAIS, INSTALADO EM LAJE - FORNECIMENTO E INSTALAÇÃO. AF_12/2015","M",6.19,"COMPOSIÇÃO"]
[91850,"ELETRODUTO FLEXÍVEL CORRUGADO, PEAD, DN 40 MM (1 1/4\"), PARA CIRCUITOS TERMINAIS, INSTALADO EM LAJE - FORNECIMENTO E INSTALAÇÃO. AF_12/2015","M",8.26,"COMPOSIÇÃO"]
[91851,"ELETRODUTO FLEXÍVEL LISO, PEAD, DN 40 MM (1 1/4\"), PARA CIRCUITOS TERMINAIS, INSTALADO EM LAJE - FORNECIMENTO E INSTALAÇÃO. AF_12/2015","M",7.73,"COMPOSIÇÃO"]
[91852,"ELETRODUTO FLEXÍVEL CORRUGADO, PVC, DN 20 MM (1/2\"), PARA CIRCUITOS TERMINAIS, INSTALADO EM PAREDE - FORNECIMENTO E INSTALAÇÃO. AF_12/2015","M",5.91,"COMPOSIÇÃO"]
[91853,"ELETRODUTO FLEXÍVEL CORRUGADO REFORÇADO, PVC, DN 20 MM (1/2\"), PARA CIRCUITOS TERMINAIS, INSTALADO EM PAREDE - FORNECIMENTO E INSTALAÇÃO. AF_12/2015","M",6.17,"COMPOSIÇÃO"]
[91854,"ELETRODUTO FLEXÍVEL CORRUGADO, PVC, DN 25 MM (3/4\"), PARA CIRCUITOS TERMINAIS, INSTALADO EM PAREDE - FORNECIMENTO E INSTALAÇÃO. AF_12/2015","M",6.56,"COMPOSIÇÃO"]
[91855,"ELETRODUTO FLEXÍVEL CORRUGADO REFORÇADO, PVC, DN 25 MM (3/4\"), PARA CIRCUITOS TERMINAIS, INSTALADO EM PAREDE - FORNECIMENTO E INSTALAÇÃO. AF_12/2015","M",7.25,"COMPOSIÇÃO"]
[91856,"ELETRODUTO FLEXÍVEL CORRUGADO, PVC, DN 32 MM (1\"), PARA CIRCUITOS TERMINAIS, INSTALADO EM PAREDE - FORNECIMENTO E INSTALAÇÃO. AF_12/2015","M",8.2200000000000006,"COMPOSIÇÃO"]
[91857,"ELETRODUTO FLEXÍVEL CORRUGADO REFORÇADO, PVC, DN 32 MM (1\"), PARA CIRCUITOS TERMINAIS, INSTALADO EM PAREDE - FORNECIMENTO E INSTALAÇÃO. AF_12/2015","M",9.85,"COMPOSIÇÃO"]
[91859,"ELETRODUTO FLEXÍVEL LISO, PEAD, DN 32 MM (1\"), PARA CIRCUITOS TERMINAIS, INSTALADO EM PAREDE - FORNECIMENTO E INSTALAÇÃO. AF_12/2015","M",8.07,"COMPOSIÇÃO"]
[91860,"ELETRODUTO FLEXÍVEL CORRUGADO, PEAD, DN 40 MM (1 1/4\"), PARA CIRCUITOS TERMINAIS, INSTALADO EM PAREDE - FORNECIMENTO E INSTALAÇÃO. AF_12/2015","M",10.039999999999999,"COMPOSIÇÃO"]
[91861,"ELETRODUTO FLEXÍVEL LISO, PEAD, DN 40 MM (1 1/4\"), PARA CIRCUITOS TERMINAIS, INSTALADO EM PAREDE - FORNECIMENTO E INSTALAÇÃO. AF_12/2015","M",9.5500000000000007,"COMPOSIÇÃO"]
[91862,"ELETRODUTO RÍGIDO ROSCÁVEL, PVC, DN 20 MM (1/2\"), PARA CIRCUITOS TERMINAIS, INSTALADO EM FORRO - FORNECIMENTO E INSTALAÇÃO. AF_12/2015","M",6.77,"COMPOSIÇÃO"]
[91863,"ELETRODUTO RÍGIDO ROSCÁVEL, PVC, DN 25 MM (3/4\"), PARA CIRCUITOS TERMINAIS, INSTALADO EM FORRO - FORNECIMENTO E INSTALAÇÃO. AF_12/2015","M",7.89,"COMPOSIÇÃO"]
[91864,"ELETRODUTO RÍGIDO ROSCÁVEL, PVC, DN 32 MM (1\"), PARA CIRCUITOS TERMINAIS, INSTALADO EM FORRO - FORNECIMENTO E INSTALAÇÃO. AF_12/2015","M",10.18,"COMPOSIÇÃO"]
[91865,"ELETRODUTO RÍGIDO ROSCÁVEL, PVC, DN 40 MM (1 1/4\"), PARA CIRCUITOS TERMINAIS, INSTALADO EM FORRO - FORNECIMENTO E INSTALAÇÃO. AF_12/2015","M",12.51,"COMPOSIÇÃO"]
[91866,"ELETRODUTO RÍGIDO ROSCÁVEL, PVC, DN 20 MM (1/2\"), PARA CIRCUITOS TERMINAIS, INSTALADO EM LAJE - FORNECIMENTO E INSTALAÇÃO. AF_12/2015","M",5.13,"COMPOSIÇÃO"]
[91867,"ELETRODUTO RÍGIDO ROSCÁVEL, PVC, DN 25 MM (3/4\"), PARA CIRCUITOS TERMINAIS, INSTALADO EM LAJE - FORNECIMENTO E INSTALAÇÃO. AF_12/2015","M",6.25,"COMPOSIÇÃO"]
[91868,"ELETRODUTO RÍGIDO ROSCÁVEL, PVC, DN 32 MM (1\"), PARA CIRCUITOS TERMINAIS, INSTALADO EM LAJE - FORNECIMENTO E INSTALAÇÃO. AF_12/2015","M",8.5399999999999991,"COMPOSIÇÃO"]
[91869,"ELETRODUTO RÍGIDO ROSCÁVEL, PVC, DN 40 MM (1 1/4\"), PARA CIRCUITOS TERMINAIS, INSTALADO EM LAJE - FORNECIMENTO E INSTALAÇÃO. AF_12/2015","M",10.88,"COMPOSIÇÃO"]
[91870,"ELETRODUTO RÍGIDO ROSCÁVEL, PVC, DN 20 MM (1/2\"), PARA CIRCUITOS TERMINAIS, INSTALADO EM PAREDE - FORNECIMENTO E INSTALAÇÃO. AF_12/2015","M",7.54,"COMPOSIÇÃO"]
[91871,"ELETRODUTO RÍGIDO ROSCÁVEL, PVC, DN 25 MM (3/4\"), PARA CIRCUITOS TERMINAIS, INSTALADO EM PAREDE - FORNECIMENTO E INSTALAÇÃO. AF_12/2015","M",8.6999999999999993,"COMPOSIÇÃO"]
[91872,"ELETRODUTO RÍGIDO ROSCÁVEL, PVC, DN 32 MM (1\"), PARA CIRCUITOS TERMINAIS, INSTALADO EM PAREDE - FORNECIMENTO E INSTALAÇÃO. AF_12/2015","M",11,"COMPOSIÇÃO"]
[91873,"ELETRODUTO RÍGIDO ROSCÁVEL, PVC, DN 40 MM (1 1/4\"), PARA CIRCUITOS TERMINAIS, INSTALADO EM PAREDE - FORNECIMENTO E INSTALAÇÃO. AF_12/2015","M",13.29,"COMPOSIÇÃO"]
[93008,"ELETRODUTO RÍGIDO ROSCÁVEL, PVC, DN 50 MM (1 1/2\") - FORNECIMENTO E INSTALAÇÃO. AF_12/2015","M",10.31,"COMPOSIÇÃO"]
[93009,"ELETRODUTO RÍGIDO ROSCÁVEL, PVC, DN 60 MM (2\") - FORNECIMENTO E INSTALAÇÃO. AF_12/2015","M",14.91,"COMPOSIÇÃO"]
[93010,"ELETRODUTO RÍGIDO ROSCÁVEL, PVC, DN 75 MM (2 1/2\") - FORNECIMENTO E INSTALAÇÃO. AF_12/2015","M",20.51,"COMPOSIÇÃO"]
[93011,"ELETRODUTO RÍGIDO ROSCÁVEL, PVC, DN 85 MM (3\") - FORNECIMENTO E INSTALAÇÃO. AF_12/2015","M",24.92,"COMPOSIÇÃO"]
[93012,"ELETRODUTO RÍGIDO ROSCÁVEL, PVC, DN 110 MM (4\") - FORNECIMENTO E INSTALAÇÃO. AF_12/2015","M",37.25,"COMPOSIÇÃO"]
[95726,"ELETRODUTO RÍGIDO SOLDÁVEL, PVC, DN 20 MM (½\u0092\u0092), APARENTE, INSTALADO EM TETO - FORNECIMENTO E INSTALAÇÃO. AF_11/2016_P","M",4.71,"COMPOSIÇÃO"]
[95727,"ELETRODUTO RÍGIDO SOLDÁVEL, PVC, DN 25 MM (3/4\u0092\u0092), APARENTE, INSTALADO EM TETO - FORNECIMENTO E INSTALAÇÃO. AF_11/2016_P","M",5.31,"COMPOSIÇÃO"]
[95728,"ELETRODUTO RÍGIDO SOLDÁVEL, PVC, DN 32 MM (1\u0092\u0092), APARENTE, INSTALADO EM TETO - FORNECIMENTO E INSTALAÇÃO. AF_11/2016_P","M",6.56,"COMPOSIÇÃO"]
[95729,"ELETRODUTO RÍGIDO SOLDÁVEL, PVC, DN 20 MM (½\u0092\u0092), APARENTE, INSTALADO EM PAREDE - FORNECIMENTO E INSTALAÇÃO. AF_11/2016_P","M",6.25,"COMPOSIÇÃO"]
[95730,"ELETRODUTO RÍGIDO SOLDÁVEL, PVC, DN 25 MM (3/4\u0092\u0092), APARENTE, INSTALADO EM PAREDE - FORNECIMENTO E INSTALAÇÃO. AF_11/2016_P","M",6.85,"COMPOSIÇÃO"]
[95731,"ELETRODUTO RÍGIDO SOLDÁVEL, PVC, DN 32 MM (1\u0092\u0092), APARENTE, INSTALADO EM PAREDE - FORNECIMENTO E INSTALAÇÃO. AF_11/2016_P","M",8.1,"COMPOSIÇÃO"]
[95732,"LUVA PARA ELETRODUTO, PVC, SOLDÁVEL, DN 20 MM (1/2\u0092\u0092), APARENTE, INSTALADA EM TETO - FORNECIMENTO E INSTALAÇÃO. AF_11/2016_P","UN",3.5,"COMPOSIÇÃO"]
[95745,"ELETRODUTO DE AÇO GALVANIZADO, CLASSE LEVE, DN 20 MM (3/4\u0092\u0092), APARENTE, INSTALADO EM TETO - FORNECIMENTO E INSTALAÇÃO. AF_11/2016_P","M",15.65,"COMPOSIÇÃO"]
[95746,"ELETRODUTO DE AÇO GALVANIZADO, CLASSE LEVE, DN 25 MM (1\u0092\u0092), APARENTE, INSTALADO EM TETO - FORNECIMENTO E INSTALAÇÃO. AF_11/2016_P","M",19.38,"COMPOSIÇÃO"]
[95747,"ELETRODUTO DE AÇO GALVANIZADO, CLASSE SEMI PESADO, DN 32 MM (1 1/4\u0092\u0092), APARENTE, INSTALADO EM TETO - FORNECIMENTO E INSTALAÇÃO. AF_11/2016_P","M",31.59,"COMPOSIÇÃO"]
[95748,"ELETRODUTO DE AÇO GALVANIZADO, CLASSE SEMI PESADO, DN 40 MM (1 1/2 ), APARENTE, INSTALADO EM TETO - FORNECIMENTO E INSTALAÇÃO. AF_11/2016_P","M",34.229999999999997,"COMPOSIÇÃO"]
[95749,"ELETRODUTO DE AÇO GALVANIZADO, CLASSE LEVE, DN 20 MM (3/4\u0092\u0092), APARENTE, INSTALADO EM PAREDE - FORNECIMENTO E INSTALAÇÃO. AF_11/2016_P","M",20.65,"COMPOSIÇÃO"]
[95750,"ELETRODUTO DE AÇO GALVANIZADO, CLASSE LEVE, DN 25 MM (1\u0092\u0092), APARENTE, INSTALADO EM PAREDE - FORNECIMENTO E INSTALAÇÃO. AF_11/2016_P","M",24.27,"COMPOSIÇÃO"]
[95751,"ELETRODUTO DE AÇO GALVANIZADO, CLASSE SEMI PESADO, DN 32 MM (1 1/4\u0092\u0092), APARENTE, INSTALADO EM PAREDE - FORNECIMENTO E INSTALAÇÃO. AF_11/2016_P","M",36.340000000000003,"COMPOSIÇÃO"]
[95752,"ELETRODUTO DE AÇO GALVANIZADO, CLASSE SEMI PESADO, DN 40 MM (1 1/2  ), APARENTE, INSTALADO EM PAREDE - FORNECIMENTO E INSTALAÇÃO. AF_11/2016_P","M",38.79,"COMPOSIÇÃO"]
[97667,"ELETRODUTO FLEXÍVEL CORRUGADO, PEAD, DN 50 (1 ½\u0094)  - FORNECIMENTO E INSTALAÇÃO. AF_04/2016","M",6.25,"COMPOSIÇÃO"]
[97668,"ELETRODUTO FLEXÍVEL CORRUGADO, PEAD, DN 63 (2\")  - FORNECIMENTO E INSTALAÇÃO. AF_04/2016","M",9.56,"COMPOSIÇÃO"]
[97669,"ELETRODUTO FLEXÍVEL CORRUGADO, PEAD, DN 90 (3\u0094) - FORNECIMENTO E INSTALAÇÃO. AF_04/2016","M",15.17,"COMPOSIÇÃO"]
[97670,"ELETRODUTO FLEXÍVEL CORRUGADO, PEAD, DN 100 (4\u0094) - FORNECIMENTO E INSTALAÇÃO. AF_04/2016","M",19.579999999999998,"COMPOSIÇÃO"]
[91874,"LUVA PARA ELETRODUTO, PVC, ROSCÁVEL, DN 20 MM (1/2\"), PARA CIRCUITOS TERMINAIS, INSTALADA EM FORRO - FORNECIMENTO E INSTALAÇÃO. AF_12/2015","UN",3.57,"COMPOSIÇÃO"]
[91875,"LUVA PARA ELETRODUTO, PVC, ROSCÁVEL, DN 25 MM (3/4\"), PARA CIRCUITOS TERMINAIS, INSTALADA EM FORRO - FORNECIMENTO E INSTALAÇÃO. AF_12/2015","UN",4.71,"COMPOSIÇÃO"]
[91876,"LUVA PARA ELETRODUTO, PVC, ROSCÁVEL, DN 32 MM (1\"), PARA CIRCUITOS TERMINAIS, INSTALADA EM FORRO - FORNECIMENTO E INSTALAÇÃO. AF_12/2015","UN",6.21,"COMPOSIÇÃO"]
[91877,"LUVA PARA ELETRODUTO, PVC, ROSCÁVEL, DN 40 MM (1 1/4\"), PARA CIRCUITOS TERMINAIS, INSTALADA EM FORRO - FORNECIMENTO E INSTALAÇÃO. AF_12/2015","UN",8.19,"COMPOSIÇÃO"]
[91878,"LUVA PARA ELETRODUTO, PVC, ROSCÁVEL, DN 20 MM (1/2\"), PARA CIRCUITOS TERMINAIS, INSTALADA EM LAJE - FORNECIMENTO E INSTALAÇÃO. AF_12/2015","UN",4.62,"COMPOSIÇÃO"]
[91879,"LUVA PARA ELETRODUTO, PVC, ROSCÁVEL, DN 25 MM (3/4\"), PARA CIRCUITOS TERMINAIS, INSTALADA EM LAJE - FORNECIMENTO E INSTALAÇÃO. AF_12/2015","UN",5.73,"COMPOSIÇÃO"]
[91880,"LUVA PARA ELETRODUTO, PVC, ROSCÁVEL, DN 32 MM (1\"), PARA CIRCUITOS TERMINAIS, INSTALADA EM LAJE - FORNECIMENTO E INSTALAÇÃO. AF_12/2015","UN",7.26,"COMPOSIÇÃO"]
[91881,"LUVA PARA ELETRODUTO, PVC, ROSCÁVEL, DN 40 MM (1 1/4\"), PARA CIRCUITOS TERMINAIS, INSTALADA EM LAJE - FORNECIMENTO E INSTALAÇÃO. AF_12/2015","UN",9.24,"COMPOSIÇÃO"]
[91882,"LUVA PARA ELETRODUTO, PVC, ROSCÁVEL, DN 20 MM (1/2\"), PARA CIRCUITOS TERMINAIS, INSTALADA EM PAREDE - FORNECIMENTO E INSTALAÇÃO. AF_12/2015","UN",5.75,"COMPOSIÇÃO"]
[91884,"LUVA PARA ELETRODUTO, PVC, ROSCÁVEL, DN 25 MM (3/4\"), PARA CIRCUITOS TERMINAIS, INSTALADA EM PAREDE - FORNECIMENTO E INSTALAÇÃO. AF_12/2015","UN",6.6,"COMPOSIÇÃO"]
[91885,"LUVA PARA ELETRODUTO, PVC, ROSCÁVEL, DN 32 MM (1\"), PARA CIRCUITOS TERMINAIS, INSTALADA EM PAREDE - FORNECIMENTO E INSTALAÇÃO. AF_12/2015","UN",7.77,"COMPOSIÇÃO"]
[91886,"LUVA PARA ELETRODUTO, PVC, ROSCÁVEL, DN 40 MM (1 1/4\"), PARA CIRCUITOS TERMINAIS, INSTALADA EM PAREDE - FORNECIMENTO E INSTALAÇÃO. AF_12/2015","UN",9.35,"COMPOSIÇÃO"]
[91887,"CURVA 90 GRAUS PARA ELETRODUTO, PVC, ROSCÁVEL, DN 20 MM (1/2\"), PARA CIRCUITOS TERMINAIS, INSTALADA EM FORRO - FORNECIMENTO E INSTALAÇÃO. AF_12/2015","UN",6.43,"COMPOSIÇÃO"]
[91889,"CURVA 180 GRAUS PARA ELETRODUTO, PVC, ROSCÁVEL, DN 20 MM (1/2\"), PARA CIRCUITOS TERMINAIS, INSTALADA EM FORRO - FORNECIMENTO E INSTALAÇÃO. AF_12/2015","UN",6.22,"COMPOSIÇÃO"]
[91890,"CURVA 90 GRAUS PARA ELETRODUTO, PVC, ROSCÁVEL, DN 25 MM (3/4\"), PARA CIRCUITOS TERMINAIS, INSTALADA EM FORRO - FORNECIMENTO E INSTALAÇÃO. AF_12/2015","UN",7.72,"COMPOSIÇÃO"]
[91892,"CURVA 180 GRAUS PARA ELETRODUTO, PVC, ROSCÁVEL, DN 25 MM (3/4\"), PARA CIRCUITOS TERMINAIS, INSTALADA EM FORRO - FORNECIMENTO E INSTALAÇÃO. AF_12/2015","UN",9.09,"COMPOSIÇÃO"]
[91893,"CURVA 90 GRAUS PARA ELETRODUTO, PVC, ROSCÁVEL, DN 32 MM (1\"), PARA CIRCUITOS TERMINAIS, INSTALADA EM FORRO - FORNECIMENTO E INSTALAÇÃO. AF_12/2015","UN",10.49,"COMPOSIÇÃO"]
[91895,"CURVA 180 GRAUS PARA ELETRODUTO, PVC, ROSCÁVEL, DN 32 MM (1\"), PARA CIRCUITOS TERMINAIS, INSTALADA EM FORRO - FORNECIMENTO E INSTALAÇÃO. AF_12/2015","UN",11.88,"COMPOSIÇÃO"]
[91896,"CURVA 90 GRAUS PARA ELETRODUTO, PVC, ROSCÁVEL, DN 40 MM (1 1/4\"), PARA CIRCUITOS TERMINAIS, INSTALADA EM FORRO - FORNECIMENTO E INSTALAÇÃO. AF_12/2015","UN",12.86,"COMPOSIÇÃO"]
[91898,"CURVA 180 GRAUS PARA ELETRODUTO, PVC, ROSCÁVEL, DN 40 MM (1 1/4\"), PARA CIRCUITOS TERMINAIS, INSTALADA EM FORRO - FORNECIMENTO E INSTALAÇÃO. AF_12/2015","UN",14.35,"COMPOSIÇÃO"]
[91899,"CURVA 90 GRAUS PARA ELETRODUTO, PVC, ROSCÁVEL, DN 20 MM (1/2\"), PARA CIRCUITOS TERMINAIS, INSTALADA EM LAJE - FORNECIMENTO E INSTALAÇÃO. AF_12/2015","UN",7.95,"COMPOSIÇÃO"]
[91901,"CURVA 180 GRAUS PARA ELETRODUTO, PVC, ROSCÁVEL, DN 20 MM (1/2\"), PARA CIRCUITOS TERMINAIS, INSTALADA EM LAJE - FORNECIMENTO E INSTALAÇÃO. AF_12/2015","UN",7.74,"COMPOSIÇÃO"]
[91902,"CURVA 90 GRAUS PARA ELETRODUTO, PVC, ROSCÁVEL, DN 25 MM (3/4\"), PARA CIRCUITOS TERMINAIS, INSTALADA EM LAJE - FORNECIMENTO E INSTALAÇÃO. AF_12/2015","UN",9.24,"COMPOSIÇÃO"]
[91904,"CURVA 180 GRAUS PARA ELETRODUTO, PVC, ROSCÁVEL, DN 25 MM (3/4\"), PARA CIRCUITOS TERMINAIS, INSTALADA EM LAJE - FORNECIMENTO E INSTALAÇÃO. AF_12/2015","UN",10.61,"COMPOSIÇÃO"]
[91905,"CURVA 90 GRAUS PARA ELETRODUTO, PVC, ROSCÁVEL, DN 32 MM (1\"), PARA CIRCUITOS TERMINAIS, INSTALADA EM LAJE - FORNECIMENTO E INSTALAÇÃO. AF_12/2015","UN",12.02,"COMPOSIÇÃO"]
[91907,"CURVA 180 GRAUS PARA ELETRODUTO, PVC, ROSCÁVEL, DN 32 MM (1\u0094), PARA CIRCUITOS TERMINAIS, INSTALADA EM LAJE - FORNECIMENTO E INSTALAÇÃO. AF_12/2015","UN",13.41,"COMPOSIÇÃO"]
[91908,"CURVA 90 GRAUS PARA ELETRODUTO, PVC, ROSCÁVEL, DN 40 MM (1 1/4\"), PARA CIRCUITOS TERMINAIS, INSTALADA EM LAJE - FORNECIMENTO E INSTALAÇÃO. AF_12/2015","UN",14.42,"COMPOSIÇÃO"]
[91910,"CURVA 180 GRAUS PARA ELETRODUTO, PVC, ROSCÁVEL, DN 40 MM (1 1/4\"), PARA CIRCUITOS TERMINAIS, INSTALADA EM LAJE - FORNECIMENTO E INSTALAÇÃO. AF_12/2015","UN",15.91,"COMPOSIÇÃO"]
[91911,"CURVA 90 GRAUS PARA ELETRODUTO, PVC, ROSCÁVEL, DN 20 MM (1/2\"), PARA CIRCUITOS TERMINAIS, INSTALADA EM PAREDE - FORNECIMENTO E INSTALAÇÃO. AF_12/2015","UN",9.6999999999999993,"COMPOSIÇÃO"]
[91913,"CURVA 180 GRAUS PARA ELETRODUTO, PVC, ROSCÁVEL, DN 20 MM (1/2\"), PARA CIRCUITOS TERMINAIS, INSTALADA EM PAREDE - FORNECIMENTO E INSTALAÇÃO. AF_12/2015","UN",9.49,"COMPOSIÇÃO"]
[91914,"CURVA 90 GRAUS PARA ELETRODUTO, PVC, ROSCÁVEL, DN 25 MM (3/4\"), PARA CIRCUITOS TERMINAIS, INSTALADA EM PAREDE - FORNECIMENTO E INSTALAÇÃO. AF_12/2015","UN",10.59,"COMPOSIÇÃO"]
[91916,"CURVA 180 GRAUS PARA ELETRODUTO, PVC, ROSCÁVEL, DN 25 MM (3/4\"), PARA CIRCUITOS TERMINAIS, INSTALADA EM PAREDE - FORNECIMENTO E INSTALAÇÃO. AF_12/2015","UN",11.96,"COMPOSIÇÃO"]
[91917,"CURVA 90 GRAUS PARA ELETRODUTO, PVC, ROSCÁVEL, DN 32 MM (1\"), PARA CIRCUITOS TERMINAIS, INSTALADA EM PAREDE - FORNECIMENTO E INSTALAÇÃO. AF_12/2015","UN",12.82,"COMPOSIÇÃO"]
[91919,"CURVA 180 GRAUS PARA ELETRODUTO, PVC, ROSCÁVEL, DN 32 MM (1\u0094), PARA CIRCUITOS TERMINAIS, INSTALADA EM PAREDE - FORNECIMENTO E INSTALAÇÃO. AF_12/2015","UN",14.21,"COMPOSIÇÃO"]
[91920,"CURVA 90 GRAUS PARA ELETRODUTO, PVC, ROSCÁVEL, DN 40 MM (1 1/4\"), PARA CIRCUITOS TERMINAIS, INSTALADA EM PAREDE - FORNECIMENTO E INSTALAÇÃO. AF_12/2015","UN",14.61,"COMPOSIÇÃO"]
[91922,"CURVA 180 GRAUS PARA ELETRODUTO, PVC, ROSCÁVEL, DN 40 MM (1 1/4\"), PARA CIRCUITOS TERMINAIS, INSTALADA EM PAREDE - FORNECIMENTO E INSTALAÇÃO. AF_12/2015","UN",16.100000000000001,"COMPOSIÇÃO"]
[93013,"LUVA PARA ELETRODUTO, PVC, ROSCÁVEL, DN 50 MM (1 1/2\") - FORNECIMENTO E INSTALAÇÃO. AF_12/2015","UN",10.6,"COMPOSIÇÃO"]
[93014,"LUVA PARA ELETRODUTO, PVC, ROSCÁVEL, DN 60 MM (2\") - FORNECIMENTO E INSTALAÇÃO. AF_12/2015","UN",12.95,"COMPOSIÇÃO"]
[93015,"LUVA PARA ELETRODUTO, PVC, ROSCÁVEL, DN 75 MM (2 1/2\") - FORNECIMENTO E INSTALAÇÃO. AF_12/2015","UN",19.149999999999999,"COMPOSIÇÃO"]
[93016,"LUVA PARA ELETRODUTO, PVC, ROSCÁVEL, DN 85 MM (3\") - FORNECIMENTO E INSTALAÇÃO. AF_12/2015","UN",23.11,"COMPOSIÇÃO"]
[93017,"LUVA PARA ELETRODUTO, PVC, ROSCÁVEL, DN 110 MM (4\") - FORNECIMENTO E INSTALAÇÃO. AF_12/2015","UN",34.270000000000003,"COMPOSIÇÃO"]
[93018,"CURVA 90 GRAUS PARA ELETRODUTO, PVC, ROSCÁVEL, DN 50 MM (1 1/2\") - FORNECIMENTO E INSTALAÇÃO. AF_12/2015","UN",16.170000000000002,"COMPOSIÇÃO"]
[93020,"CURVA 90 GRAUS PARA ELETRODUTO, PVC, ROSCÁVEL, DN 60 MM (2\") - FORNECIMENTO E INSTALAÇÃO. AF_12/2015","UN",20.51,"COMPOSIÇÃO"]
[93022,"CURVA 90 GRAUS PARA ELETRODUTO, PVC, ROSCÁVEL, DN 75 MM (2 1/2\") - FORNECIMENTO E INSTALAÇÃO. AF_12/2015","UN",33.26,"COMPOSIÇÃO"]
[93024,"CURVA 90 GRAUS PARA ELETRODUTO, PVC, ROSCÁVEL, DN 85 MM (3\") - FORNECIMENTO E INSTALAÇÃO. AF_12/2015","UN",35.090000000000003,"COMPOSIÇÃO"]
[93026,"CURVA 90 GRAUS PARA ELETRODUTO, PVC, ROSCÁVEL, DN 110 MM (4\") - FORNECIMENTO E INSTALAÇÃO. AF_12/2015","UN",56.29,"COMPOSIÇÃO"]
[95733,"LUVA PARA ELETRODUTO, PVC, SOLDÁVEL, DN 25 MM (3/4\u0092\u0092), APARENTE, INSTALADA EM TETO - FORNECIMENTO E INSTALAÇÃO. AF_11/2016_P","UN",4.54,"COMPOSIÇÃO"]
[95734,"LUVA PARA ELETRODUTO, PVC, SOLDÁVEL, DN 32 MM (1\u0092\u0092), APARENTE, INSTALADA EM TETO - FORNECIMENTO E INSTALAÇÃO. AF_11/2016_P","UN",6.04,"COMPOSIÇÃO"]
[95735,"LUVA PARA ELETRODUTO, PVC, SOLDÁVEL, DN 20 MM (1/2\u0092\u0092), APARENTE, INSTALADA EM PAREDE - FORNECIMENTO E INSTALAÇÃO. AF_11/2016_P","UN",5.1100000000000003,"COMPOSIÇÃO"]
[95736,"LUVA PARA ELETRODUTO, PVC, SOLDÁVEL, DN 25 MM (3/4\u0092\u0092), APARENTE, INSTALADA EM PAREDE - FORNECIMENTO E INSTALAÇÃO. AF_11/2016_P","UN",5.97,"COMPOSIÇÃO"]
[95738,"LUVA PARA ELETRODUTO, PVC, SOLDÁVEL, DN 32 MM (1\u0092\u0092), APARENTE, INSTALADA EM PAREDE - FORNECIMENTO E INSTALAÇÃO. AF_11/2016_P","UN",7.2,"COMPOSIÇÃO"]
[95753,"LUVA DE EMENDA PARA ELETRODUTO, AÇO GALVANIZADO, DN 20 MM (3/4  ), APARENTE, INSTALADA EM TETO - FORNECIMENTO E INSTALAÇÃO. AF_11/2016_P","UN",5.32,"COMPOSIÇÃO"]
[95754,"LUVA DE EMENDA PARA ELETRODUTO, AÇO GALVANIZADO, DN 25 MM (1''), APARENTE, INSTALADA EM TETO - FORNECIMENTO E INSTALAÇÃO. AF_11/2016_P","UN",6.64,"COMPOSIÇÃO"]
[95755,"LUVA DE EMENDA PARA ELETRODUTO, AÇO GALVANIZADO, DN 32 MM (1 1/4''), APARENTE, INSTALADA EM TETO - FORNECIMENTO E INSTALAÇÃO. AF_11/2016_P","UN",9.5,"COMPOSIÇÃO"]
[95756,"LUVA DE EMENDA PARA ELETRODUTO, AÇO GALVANIZADO, DN 40 MM (1 1/2''), APARENTE, INSTALADA EM TETO - FORNECIMENTO E INSTALAÇÃO. AF_11/2016_P","UN",12.6,"COMPOSIÇÃO"]
[95757,"LUVA DE EMENDA PARA ELETRODUTO, AÇO GALVANIZADO, DN 20 MM (3/4''), APARENTE, INSTALADA EM PAREDE - FORNECIMENTO E INSTALAÇÃO. AF_11/2016_P","UN",8.1199999999999992,"COMPOSIÇÃO"]
[95758,"LUVA DE EMENDA PARA ELETRODUTO, AÇO GALVANIZADO, DN 25 MM (1''), APARENTE, INSTALADA EM PAREDE - FORNECIMENTO E INSTALAÇÃO. AF_11/2016_P","UN",9.1199999999999992,"COMPOSIÇÃO"]
[95759,"LUVA DE EMENDA PARA ELETRODUTO, AÇO GALVANIZADO, DN 32 MM (1 1/4''), APARENTE, INSTALADA EM PAREDE - FORNECIMENTO E INSTALAÇÃO. AF_11/2016_P","UN",11.5,"COMPOSIÇÃO"]
[95760,"LUVA DE EMENDA PARA ELETRODUTO, AÇO GALVANIZADO, DN 40 MM (1 1/2''), APARENTE, INSTALADA EM PAREDE - FORNECIMENTO E INSTALAÇÃO. AF_11/2016_P","UN",14.07,"COMPOSIÇÃO"]
[97559,"CURVA 135 GRAUS PARA ELETRODUTO, PVC, ROSCÁVEL, DN 25 MM (3/4\u0094), PARA CIRCUITOS TERMINAIS, INSTALADA EM FORRO - FORNECIMENTO E INSTALAÇÃO. AF_12/2015","UN",7.57,"COMPOSIÇÃO"]
[97562,"CURVA 135 GRAUS PARA ELETRODUTO, PVC, ROSCÁVEL, DN 25 MM (3/4\u0094), PARA CIRCUITOS TERMINAIS, INSTALADA EM LAJE - FORNECIMENTO E INSTALAÇÃO. AF_12/2015","UN",9.09,"COMPOSIÇÃO"]
[97564,"CURVA 135 GRAUS PARA ELETRODUTO, PVC, ROSCÁVEL, DN 25 MM (3/4\u0094), PARA CIRCUITOS TERMINAIS, INSTALADA EM PAREDE - FORNECIMENTO E INSTALAÇÃO. AF_12/2015","UN",10.44,"COMPOSIÇÃO"]
[91924,"CABO DE COBRE FLEXÍVEL ISOLADO, 1,5 MM², ANTI-CHAMA 450/750 V, PARA CIRCUITOS TERMINAIS - FORNECIMENTO E INSTALAÇÃO. AF_12/2015","M",2.0099999999999998,"COMPOSIÇÃO"]
[91925,"CABO DE COBRE FLEXÍVEL ISOLADO, 1,5 MM², ANTI-CHAMA 0,6/1,0 KV, PARA CIRCUITOS TERMINAIS - FORNECIMENTO E INSTALAÇÃO. AF_12/2015","M",2.81,"COMPOSIÇÃO"]
[91926,"CABO DE COBRE FLEXÍVEL ISOLADO, 2,5 MM², ANTI-CHAMA 450/750 V, PARA CIRCUITOS TERMINAIS - FORNECIMENTO E INSTALAÇÃO. AF_12/2015","M",2.89,"COMPOSIÇÃO"]
[91927,"CABO DE COBRE FLEXÍVEL ISOLADO, 2,5 MM², ANTI-CHAMA 0,6/1,0 KV, PARA CIRCUITOS TERMINAIS - FORNECIMENTO E INSTALAÇÃO. AF_12/2015","M",3.76,"COMPOSIÇÃO"]
[91928,"CABO DE COBRE FLEXÍVEL ISOLADO, 4 MM², ANTI-CHAMA 450/750 V, PARA CIRCUITOS TERMINAIS - FORNECIMENTO E INSTALAÇÃO. AF_12/2015","M",4.66,"COMPOSIÇÃO"]
[91929,"CABO DE COBRE FLEXÍVEL ISOLADO, 4 MM², ANTI-CHAMA 0,6/1,0 KV, PARA CIRCUITOS TERMINAIS - FORNECIMENTO E INSTALAÇÃO. AF_12/2015","M",5.28,"COMPOSIÇÃO"]
[91930,"CABO DE COBRE FLEXÍVEL ISOLADO, 6 MM², ANTI-CHAMA 450/750 V, PARA CIRCUITOS TERMINAIS - FORNECIMENTO E INSTALAÇÃO. AF_12/2015","M",6.38,"COMPOSIÇÃO"]
[91931,"CABO DE COBRE FLEXÍVEL ISOLADO, 6 MM², ANTI-CHAMA 0,6/1,0 KV, PARA CIRCUITOS TERMINAIS - FORNECIMENTO E INSTALAÇÃO. AF_12/2015","M",7.11,"COMPOSIÇÃO"]
[91932,"CABO DE COBRE FLEXÍVEL ISOLADO, 10 MM², ANTI-CHAMA 450/750 V, PARA CIRCUITOS TERMINAIS - FORNECIMENTO E INSTALAÇÃO. AF_12/2015","M",10.45,"COMPOSIÇÃO"]
[91933,"CABO DE COBRE FLEXÍVEL ISOLADO, 10 MM², ANTI-CHAMA 0,6/1,0 KV, PARA CIRCUITOS TERMINAIS - FORNECIMENTO E INSTALAÇÃO. AF_12/2015","M",11.15,"COMPOSIÇÃO"]
[91934,"CABO DE COBRE FLEXÍVEL ISOLADO, 16 MM², ANTI-CHAMA 450/750 V, PARA CIRCUITOS TERMINAIS - FORNECIMENTO E INSTALAÇÃO. AF_12/2015","M",15.98,"COMPOSIÇÃO"]
[91935,"CABO DE COBRE FLEXÍVEL ISOLADO, 16 MM², ANTI-CHAMA 0,6/1,0 KV, PARA CIRCUITOS TERMINAIS - FORNECIMENTO E INSTALAÇÃO. AF_12/2015","M",16.98,"COMPOSIÇÃO"]
[92979,"CABO DE COBRE FLEXÍVEL ISOLADO, 10 MM², ANTI-CHAMA 450/750 V, PARA DISTRIBUIÇÃO - FORNECIMENTO E INSTALAÇÃO. AF_12/2015","M",6.94,"COMPOSIÇÃO"]
[92980,"CABO DE COBRE FLEXÍVEL ISOLADO, 10 MM², ANTI-CHAMA 0,6/1,0 KV, PARA DISTRIBUIÇÃO - FORNECIMENTO E INSTALAÇÃO. AF_12/2015","M",7.53,"COMPOSIÇÃO"]
[92981,"CABO DE COBRE FLEXÍVEL ISOLADO, 16 MM², ANTI-CHAMA 450/750 V, PARA DISTRIBUIÇÃO - FORNECIMENTO E INSTALAÇÃO. AF_12/2015","M",10.65,"COMPOSIÇÃO"]
[92982,"CABO DE COBRE FLEXÍVEL ISOLADO, 16 MM², ANTI-CHAMA 0,6/1,0 KV, PARA DISTRIBUIÇÃO - FORNECIMENTO E INSTALAÇÃO. AF_12/2015","M",11.51,"COMPOSIÇÃO"]
[92983,"CABO DE COBRE FLEXÍVEL ISOLADO, 25 MM², ANTI-CHAMA 450/750 V, PARA DISTRIBUIÇÃO - FORNECIMENTO E INSTALAÇÃO. AF_12/2015","M",18.46,"COMPOSIÇÃO"]
[92984,"CABO DE COBRE FLEXÍVEL ISOLADO, 25 MM², ANTI-CHAMA 0,6/1,0 KV, PARA DISTRIBUIÇÃO - FORNECIMENTO E INSTALAÇÃO. AF_12/2015","M",18.940000000000001,"COMPOSIÇÃO"]
[92985,"CABO DE COBRE FLEXÍVEL ISOLADO, 35 MM², ANTI-CHAMA 450/750 V, PARA DISTRIBUIÇÃO - FORNECIMENTO E INSTALAÇÃO. AF_12/2015","M",24.82,"COMPOSIÇÃO"]
[92986,"CABO DE COBRE FLEXÍVEL ISOLADO, 35 MM², ANTI-CHAMA 0,6/1,0 KV, PARA DISTRIBUIÇÃO - FORNECIMENTO E INSTALAÇÃO. AF_12/2015","M",25.54,"COMPOSIÇÃO"]
[92987,"CABO DE COBRE FLEXÍVEL ISOLADO, 50 MM², ANTI-CHAMA 450/750 V, PARA DISTRIBUIÇÃO - FORNECIMENTO E INSTALAÇÃO. AF_12/2015","M",35.700000000000003,"COMPOSIÇÃO"]
[92988,"CABO DE COBRE FLEXÍVEL ISOLADO, 50 MM², ANTI-CHAMA 0,6/1,0 KV, PARA DISTRIBUIÇÃO - FORNECIMENTO E INSTALAÇÃO. AF_12/2015","M",35.79,"COMPOSIÇÃO"]
[92989,"CABO DE COBRE FLEXÍVEL ISOLADO, 70 MM², ANTI-CHAMA 450/750 V, PARA DISTRIBUIÇÃO - FORNECIMENTO E INSTALAÇÃO. AF_12/2015","M",49.58,"COMPOSIÇÃO"]
[92990,"CABO DE COBRE FLEXÍVEL ISOLADO, 70 MM², ANTI-CHAMA 0,6/1,0 KV, PARA DISTRIBUIÇÃO - FORNECIMENTO E INSTALAÇÃO. AF_12/2015","M",49.01,"COMPOSIÇÃO"]
[92991,"CABO DE COBRE FLEXÍVEL ISOLADO, 95 MM², ANTI-CHAMA 450/750 V, PARA DISTRIBUIÇÃO - FORNECIMENTO E INSTALAÇÃO. AF_12/2015","M",64.64,"COMPOSIÇÃO"]
[92992,"CABO DE COBRE FLEXÍVEL ISOLADO, 95 MM², ANTI-CHAMA 0,6/1,0 KV, PARA DISTRIBUIÇÃO - FORNECIMENTO E INSTALAÇÃO. AF_12/2015","M",64.680000000000007,"COMPOSIÇÃO"]
[92993,"CABO DE COBRE FLEXÍVEL ISOLADO, 120 MM², ANTI-CHAMA 450/750 V, PARA DISTRIBUIÇÃO - FORNECIMENTO E INSTALAÇÃO. AF_12/2015","M",82.84,"COMPOSIÇÃO"]
[92994,"CABO DE COBRE FLEXÍVEL ISOLADO, 120 MM², ANTI-CHAMA 0,6/1,0 KV, PARA DISTRIBUIÇÃO - FORNECIMENTO E INSTALAÇÃO. AF_12/2015","M",83.66,"COMPOSIÇÃO"]
[92995,"CABO DE COBRE FLEXÍVEL ISOLADO, 150 MM², ANTI-CHAMA 450/750 V, PARA DISTRIBUIÇÃO - FORNECIMENTO E INSTALAÇÃO. AF_12/2015","M",103.04,"COMPOSIÇÃO"]
[92996,"CABO DE COBRE FLEXÍVEL ISOLADO, 150 MM², ANTI-CHAMA 0,6/1,0 KV, PARA DISTRIBUIÇÃO - FORNECIMENTO E INSTALAÇÃO. AF_12/2015","M",103.33,"COMPOSIÇÃO"]
[92997,"CABO DE COBRE FLEXÍVEL ISOLADO, 185 MM², ANTI-CHAMA 450/750 V, PARA DISTRIBUIÇÃO - FORNECIMENTO E INSTALAÇÃO. AF_12/2015","M",125.19,"COMPOSIÇÃO"]
[92998,"CABO DE COBRE FLEXÍVEL ISOLADO, 185 MM², ANTI-CHAMA 0,6/1,0 KV, PARA DISTRIBUIÇÃO - FORNECIMENTO E INSTALAÇÃO. AF_12/2015","M",126.39,"COMPOSIÇÃO"]
[92999,"CABO DE COBRE FLEXÍVEL ISOLADO, 240 MM², ANTI-CHAMA 450/750 V, PARA DISTRIBUIÇÃO - FORNECIMENTO E INSTALAÇÃO. AF_12/2015","M",164.83,"COMPOSIÇÃO"]
[93000,"CABO DE COBRE FLEXÍVEL ISOLADO, 240 MM², ANTI-CHAMA 0,6/1,0 KV, PARA DISTRIBUIÇÃO - FORNECIMENTO E INSTALAÇÃO. AF_12/2015","M",165.82,"COMPOSIÇÃO"]
[93001,"CABO DE COBRE RÍGIDO ISOLADO, 300 MM², ANTI-CHAMA 450/750 V, PARA DISTRIBUIÇÃO - FORNECIMENTO E INSTALAÇÃO. AF_12/2015","M",201.28,"COMPOSIÇÃO"]
[93002,"CABO DE COBRE FLEXÍVEL ISOLADO, 300 MM², ANTI-CHAMA 0,6/1,0 KV, PARA DISTRIBUIÇÃO - FORNECIMENTO E INSTALAÇÃO. AF_12/2015","M",206.86,"COMPOSIÇÃO"]
[83446,"CAIXA DE PASSAGEM 30X30X40 COM TAMPA E DRENO BRITA","UN",176.58,"COMPOSIÇÃO"]
[91936,"CAIXA OCTOGONAL 4\" X 4\", PVC, INSTALADA EM LAJE - FORNECIMENTO E INSTALAÇÃO. AF_12/2015","UN",9.4600000000000009,"COMPOSIÇÃO"]
[91937,"CAIXA OCTOGONAL 3\" X 3\", PVC, INSTALADA EM LAJE - FORNECIMENTO E INSTALAÇÃO. AF_12/2015","UN",8.14,"COMPOSIÇÃO"]
[91939,"CAIXA RETANGULAR 4\" X 2\" ALTA (2,00 M DO PISO), PVC, INSTALADA EM PAREDE - FORNECIMENTO E INSTALAÇÃO. AF_12/2015","UN",20.91,"COMPOSIÇÃO"]
[91940,"CAIXA RETANGULAR 4\" X 2\" MÉDIA (1,30 M DO PISO), PVC, INSTALADA EM PAREDE - FORNECIMENTO E INSTALAÇÃO. AF_12/2015","UN",11.02,"COMPOSIÇÃO"]
[91941,"CAIXA RETANGULAR 4\" X 2\" BAIXA (0,30 M DO PISO), PVC, INSTALADA EM PAREDE - FORNECIMENTO E INSTALAÇÃO. AF_12/2015","UN",7.31,"COMPOSIÇÃO"]
[91942,"CAIXA RETANGULAR 4\" X 4\" ALTA (2,00 M DO PISO), PVC, INSTALADA EM PAREDE - FORNECIMENTO E INSTALAÇÃO. AF_12/2015","UN",25.48,"COMPOSIÇÃO"]
[91943,"CAIXA RETANGULAR 4\" X 4\" MÉDIA (1,30 M DO PISO), PVC, INSTALADA EM PAREDE - FORNECIMENTO E INSTALAÇÃO. AF_12/2015","UN",14.1,"COMPOSIÇÃO"]
[91944,"CAIXA RETANGULAR 4\" X 4\" BAIXA (0,30 M DO PISO), PVC, INSTALADA EM PAREDE - FORNECIMENTO E INSTALAÇÃO. AF_12/2015","UN",9.84,"COMPOSIÇÃO"]
[92865,"CAIXA OCTOGONAL 4\" X 4\", METÁLICA, INSTALADA EM LAJE - FORNECIMENTO E INSTALAÇÃO. AF_12/2015","UN",7.95,"COMPOSIÇÃO"]
[92866,"CAIXA SEXTAVADA 3\" X 3\", METÁLICA, INSTALADA EM LAJE - FORNECIMENTO E INSTALAÇÃO. AF_12/2015","UN",6.45,"COMPOSIÇÃO"]
[92867,"CAIXA RETANGULAR 4\" X 2\" ALTA (2,00 M DO PISO), METÁLICA, INSTALADA EM PAREDE - FORNECIMENTO E INSTALAÇÃO. AF_12/2015","UN",20.57,"COMPOSIÇÃO"]
[92868,"CAIXA RETANGULAR 4\" X 2\" MÉDIA (1,30 M DO PISO), METÁLICA, INSTALADA EM PAREDE - FORNECIMENTO E INSTALAÇÃO. AF_12/2015","UN",10.68,"COMPOSIÇÃO"]
[92869,"CAIXA RETANGULAR 4\" X 2\" BAIXA (0,30 M DO PISO), METÁLICA, INSTALADA EM PAREDE - FORNECIMENTO E INSTALAÇÃO. AF_12/2015","UN",6.97,"COMPOSIÇÃO"]
[92870,"CAIXA RETANGULAR 4\" X 4\" ALTA (2,00 M DO PISO), METÁLICA, INSTALADA EM PAREDE - FORNECIMENTO E INSTALAÇÃO. AF_12/2015","UN",24.96,"COMPOSIÇÃO"]
[92871,"CAIXA RETANGULAR 4\" X 4\" MÉDIA (1,30 M DO PISO), METÁLICA, INSTALADA EM PAREDE - FORNECIMENTO E INSTALAÇÃO. AF_12/2015","UN",13.58,"COMPOSIÇÃO"]
[92872,"CAIXA RETANGULAR 4\" X 4\" BAIXA (0,30 M DO PISO), METÁLICA, INSTALADA EM PAREDE - FORNECIMENTO E INSTALAÇÃO. AF_12/2015","UN",9.32,"COMPOSIÇÃO"]
[95777,"CONDULETE DE ALUMÍNIO, TIPO B, PARA ELETRODUTO DE AÇO GALVANIZADO DN 20 MM (3/4''), APARENTE - FORNECIMENTO E INSTALAÇÃO. AF_11/2016_P","UN",21.07,"COMPOSIÇÃO"]
[95778,"CONDULETE DE ALUMÍNIO, TIPO C, PARA ELETRODUTO DE AÇO GALVANIZADO DN 20 MM (3/4''), APARENTE - FORNECIMENTO E INSTALAÇÃO. AF_11/2016_P","UN",21.56,"COMPOSIÇÃO"]
[95779,"CONDULETE DE ALUMÍNIO, TIPO E, PARA ELETRODUTO DE AÇO GALVANIZADO DN 20 MM (3/4''), APARENTE - FORNECIMENTO E INSTALAÇÃO. AF_11/2016_P","UN",19.91,"COMPOSIÇÃO"]
[95780,"CONDULETE DE ALUMÍNIO, TIPO B, PARA ELETRODUTO DE AÇO GALVANIZADO DN 25 MM (1''), APARENTE - FORNECIMENTO E INSTALAÇÃO. AF_11/2016_P","UN",23.87,"COMPOSIÇÃO"]
[95781,"CONDULETE DE ALUMÍNIO, TIPO C, PARA ELETRODUTO DE AÇO GALVANIZADO DN 25 MM (1''), APARENTE - FORNECIMENTO E INSTALAÇÃO. AF_11/2016_P","UN",24.23,"COMPOSIÇÃO"]
[95782,"CONDULETE DE ALUMÍNIO, TIPO E, ELETRODUTO DE AÇO GALVANIZADO DN 25 MM (1''), APARENTE - FORNECIMENTO E INSTALAÇÃO. AF_11/2016_P","UN",25.19,"COMPOSIÇÃO"]
[95785,"CONDULETE DE ALUMÍNIO, TIPO E, PARA ELETRODUTO DE AÇO GALVANIZADO DN 32 MM (1 1/4''), APARENTE - FORNECIMENTO E INSTALAÇÃO. AF_11/2016_P","UN",28.55,"COMPOSIÇÃO"]
[95787,"CONDULETE DE ALUMÍNIO, TIPO LR, PARA ELETRODUTO DE AÇO GALVANIZADO DN 20 MM (3/4''), APARENTE - FORNECIMENTO E INSTALAÇÃO. AF_11/2016_P","UN",21.37,"COMPOSIÇÃO"]
[95789,"CONDULETE DE ALUMÍNIO, TIPO LR, PARA ELETRODUTO DE AÇO GALVANIZADO DN 25 MM (1''), APARENTE - FORNECIMENTO E INSTALAÇÃO. AF_11/2016_P","UN",26.29,"COMPOSIÇÃO"]
[95791,"CONDULETE DE ALUMÍNIO, TIPO LR, PARA ELETRODUTO DE AÇO GALVANIZADO DN 32 MM (1 1/4''), APARENTE - FORNECIMENTO E INSTALAÇÃO. AF_11/2016_P","UN",33.619999999999997,"COMPOSIÇÃO"]
[95795,"CONDULETE DE ALUMÍNIO, TIPO T, PARA ELETRODUTO DE AÇO GALVANIZADO DN 20 MM (3/4''), APARENTE - FORNECIMENTO E INSTALAÇÃO. AF_11/2016_P","UN",24.66,"COMPOSIÇÃO"]
[95796,"CONDULETE DE ALUMÍNIO, TIPO T, PARA ELETRODUTO DE AÇO GALVANIZADO DN 25 MM (1''), APARENTE - FORNECIMENTO E INSTALAÇÃO. AF_11/2016_P","UN",30.92,"COMPOSIÇÃO"]
[95797,"CONDULETE DE ALUMÍNIO, TIPO T, PARA ELETRODUTO DE AÇO GALVANIZADO DN 32 MM (1 1/4''), APARENTE - FORNECIMENTO E INSTALAÇÃO. AF_11/2016_P","UN",39.08,"COMPOSIÇÃO"]
[95801,"CONDULETE DE ALUMÍNIO, TIPO X, PARA ELETRODUTO DE AÇO GALVANIZADO DN 20 MM (3/4''), APARENTE - FORNECIMENTO E INSTALAÇÃO. AF_11/2016_P","UN",29.52,"COMPOSIÇÃO"]
[95802,"CONDULETE DE ALUMÍNIO, TIPO X, PARA ELETRODUTO DE AÇO GALVANIZADO DN 25 MM (1''), APARENTE - FORNECIMENTO E INSTALAÇÃO. AF_11/2016_P","UN",32.9,"COMPOSIÇÃO"]
[95803,"CONDULETE DE ALUMÍNIO, TIPO X, PARA ELETRODUTO DE AÇO GALVANIZADO DN 32 MM (1 1/4''), APARENTE - FORNECIMENTO E INSTALAÇÃO. AF_11/2016_P","UN",43.32,"COMPOSIÇÃO"]
[95804,"CONDULETE DE PVC, TIPO B, PARA ELETRODUTO DE PVC SOLDÁVEL DN 20 MM (1/2''), APARENTE - FORNECIMENTO E INSTALAÇÃO. AF_11/2016","UN",17.670000000000002,"COMPOSIÇÃO"]
[95805,"CONDULETE DE PVC, TIPO B, PARA ELETRODUTO DE PVC SOLDÁVEL DN 25 MM (3/4''), APARENTE - FORNECIMENTO E INSTALAÇÃO. AF_11/2016","UN",17.829999999999998,"COMPOSIÇÃO"]
[95806,"CONDULETE DE PVC, TIPO B, PARA ELETRODUTO DE PVC SOLDÁVEL DN 32 MM (1''), APARENTE - FORNECIMENTO E INSTALAÇÃO. AF_11/2016","UN",18.399999999999999,"COMPOSIÇÃO"]
[95807,"CONDULETE DE PVC, TIPO LL, PARA ELETRODUTO DE PVC SOLDÁVEL DN 20 MM (1/2''), APARENTE - FORNECIMENTO E INSTALAÇÃO. AF_11/2016","UN",20.329999999999998,"COMPOSIÇÃO"]
[95808,"CONDULETE DE PVC, TIPO LL, PARA ELETRODUTO DE PVC SOLDÁVEL DN 25 MM (3/4''), APARENTE - FORNECIMENTO E INSTALAÇÃO. AF_11/2016","UN",20.85,"COMPOSIÇÃO"]
[95809,"CONDULETE DE PVC, TIPO LL, PARA ELETRODUTO DE PVC SOLDÁVEL DN 32 MM (1''), APARENTE - FORNECIMENTO E INSTALAÇÃO. AF_11/2016","UN",22.82,"COMPOSIÇÃO"]
[95810,"CONDULETE DE PVC, TIPO LB, PARA ELETRODUTO DE PVC SOLDÁVEL DN 20 MM (1/2''), APARENTE - FORNECIMENTO E INSTALAÇÃO. AF_11/2016","UN",10.59,"COMPOSIÇÃO"]
[95811,"CONDULETE DE PVC, TIPO LB, PARA ELETRODUTO DE PVC SOLDÁVEL DN 25 MM (3/4''), APARENTE - FORNECIMENTO E INSTALAÇÃO. AF_11/2016","UN",11.1,"COMPOSIÇÃO"]
[95812,"CONDULETE DE PVC, TIPO LB, PARA ELETRODUTO DE PVC SOLDÁVEL DN 32 MM (1''), APARENTE - FORNECIMENTO E INSTALAÇÃO. AF_11/2016","UN",13.07,"COMPOSIÇÃO"]
[95813,"CONDULETE DE PVC, TIPO TB, PARA ELETRODUTO DE PVC SOLDÁVEL DN 20 MM (1/2''), APARENTE - FORNECIMENTO E INSTALAÇÃO. AF_11/2016","UN",12.85,"COMPOSIÇÃO"]
[95814,"CONDULETE DE PVC, TIPO TB, PARA ELETRODUTO DE PVC SOLDÁVEL DN 25 MM (3/4''), APARENTE - FORNECIMENTO E INSTALAÇÃO. AF_11/2016","UN",13.63,"COMPOSIÇÃO"]
[95815,"CONDULETE DE PVC, TIPO TB, PARA ELETRODUTO DE PVC SOLDÁVEL DN 32 MM (1''), APARENTE - FORNECIMENTO E INSTALAÇÃO. AF_11/2016","UN",17.39,"COMPOSIÇÃO"]
[95816,"CONDULETE DE PVC, TIPO X, PARA ELETRODUTO DE PVC SOLDÁVEL DN 20 MM (1/2''), APARENTE - FORNECIMENTO E INSTALAÇÃO. AF_11/2016","UN",25.04,"COMPOSIÇÃO"]
[95817,"CONDULETE DE PVC, TIPO X, PARA ELETRODUTO DE PVC SOLDÁVEL DN 25 MM (3/4''), APARENTE - FORNECIMENTO E INSTALAÇÃO. AF_11/2016","UN",25.74,"COMPOSIÇÃO"]
[95818,"CONDULETE DE PVC, TIPO X, PARA ELETRODUTO DE PVC SOLDÁVEL DN 32 MM (1''), APARENTE - FORNECIMENTO E INSTALAÇÃO. AF_11/2016","UN",30.82,"COMPOSIÇÃO"]
[97886,"CAIXA ENTERRADA ELÉTRICA RETANGULAR, EM ALVENARIA COM TIJOLOS CERÂMICOS MACIÇOS, FUNDO COM BRITA, DIMENSÕES INTERNAS: 0,3X0,3X0,3 M. AF_05/2018","UN",141.74,"COMPOSIÇÃO"]
[97887,"CAIXA ENTERRADA ELÉTRICA RETANGULAR, EM ALVENARIA COM TIJOLOS CERÂMICOS MACIÇOS, FUNDO COM BRITA, DIMENSÕES INTERNAS: 0,4X0,4X0,4 M. AF_05/2018","UN",224.48,"COMPOSIÇÃO"]
[97888,"CAIXA ENTERRADA ELÉTRICA RETANGULAR, EM ALVENARIA COM TIJOLOS CERÂMICOS MACIÇOS, FUNDO COM BRITA, DIMENSÕES INTERNAS: 0,6X0,6X0,6 M. AF_05/2018","UN",436.06,"COMPOSIÇÃO"]
[97889,"CAIXA ENTERRADA ELÉTRICA RETANGULAR, EM ALVENARIA COM TIJOLOS CERÂMICOS MACIÇOS, FUNDO COM BRITA, DIMENSÕES INTERNAS: 0,8X0,8X0,6 M. AF_05/2018","UN",582.28,"COMPOSIÇÃO"]
[97890,"CAIXA ENTERRADA ELÉTRICA RETANGULAR, EM ALVENARIA COM TIJOLOS CERÂMICOS MACIÇOS, FUNDO COM BRITA, DIMENSÕES INTERNAS: 1X1X0,6 M. AF_05/2018","UN",672.75,"COMPOSIÇÃO"]
[97891,"CAIXA ENTERRADA ELÉTRICA RETANGULAR, EM ALVENARIA COM BLOCOS DE CONCRETO, FUNDO COM BRITA, DIMENSÕES INTERNAS: 0,4X0,4X0,4 M. AF_05/2018","UN",155.47,"COMPOSIÇÃO"]
[97892,"CAIXA ENTERRADA ELÉTRICA RETANGULAR, EM ALVENARIA COM BLOCOS DE CONCRETO, FUNDO COM BRITA, DIMENSÕES INTERNAS: 0,6X0,6X0,6 M. AF_05/2018","UN",290.16000000000003,"COMPOSIÇÃO"]
[97893,"CAIXA ENTERRADA ELÉTRICA RETANGULAR, EM ALVENARIA COM BLOCOS DE CONCRETO, FUNDO COM BRITA, DIMENSÕES INTERNAS: 0,8X0,8X0,6 M. AF_05/2018","UN",396.25,"COMPOSIÇÃO"]
[97894,"CAIXA ENTERRADA ELÉTRICA RETANGULAR, EM ALVENARIA COM BLOCOS DE CONCRETO, FUNDO COM BRITA, DIMENSÕES INTERNAS: 1X1X0,6 M. AF_05/2018","UN",447.3,"COMPOSIÇÃO"]
[68066,"CAIXA DE PROTECAO PARA MEDIDOR MONOFASICO, FORNECIMENTO E INSTALACAO","UN",109.8,"COMPOSIÇÃO"]
[72319,"DISJUNTOR BAIXA TENSAO TRIPOLAR A SECO  800A/600V, INCLUSIVE ELETROTÉCNICO","UN",4099.63,"COMPOSIÇÃO"]
[72341,"CONTATOR TRIPOLAR I NOMINAL 12A - FORNECIMENTO E INSTALACAO INCLUSIVE ELETROTÉCNICO","UN",229.07,"COMPOSIÇÃO"]
[72343,"CONTATOR TRIPOLAR I NOMINAL 22A - FORNECIMENTO E INSTALACAO INCLUSIVE ELETROTÉCNICO","UN",272.06,"COMPOSIÇÃO"]
[72344,"CONTATOR TRIPOLAR I NOMINAL 36A - FORNECIMENTO E INSTALACAO INCLUSIVE ELETROTÉCNICO","UN",431.79,"COMPOSIÇÃO"]
[72345,"CONTATOR TRIPOLAR I NOMIMAL 94A - FORNECIMENTO E INSTALACAO INCLUSIVE ELETROTÉCNICO","UN",1251.67,"COMPOSIÇÃO"]
["74130/001","DISJUNTOR TERMOMAGNETICO MONOPOLAR PADRAO NEMA (AMERICANO) 10 A 30A 240V, FORNECIMENTO E INSTALACAO","UN",12.33,"COMPOSIÇÃO"]
["74130/002","DISJUNTOR TERMOMAGNETICO MONOPOLAR PADRAO NEMA (AMERICANO) 35 A 50A 240V, FORNECIMENTO E INSTALACAO","UN",18.95,"COMPOSIÇÃO"]
["74130/003","DISJUNTOR TERMOMAGNETICO BIPOLAR PADRAO NEMA (AMERICANO) 10 A 50A 240V, FORNECIMENTO E INSTALACAO","UN",55.65,"COMPOSIÇÃO"]
["74130/004","DISJUNTOR TERMOMAGNETICO TRIPOLAR PADRAO NEMA (AMERICANO) 10 A 50A 240V, FORNECIMENTO E INSTALACAO","UN",80.11,"COMPOSIÇÃO"]
["74130/005","DISJUNTOR TERMOMAGNETICO TRIPOLAR PADRAO NEMA (AMERICANO) 60 A 100A 240V, FORNECIMENTO E INSTALACAO","UN",106.93,"COMPOSIÇÃO"]
["74130/006","DISJUNTOR TERMOMAGNETICO TRIPOLAR PADRAO NEMA (AMERICANO) 125 A 150A 240V, FORNECIMENTO E INSTALACAO","UN",303.5,"COMPOSIÇÃO"]
["74130/007","DISJUNTOR TERMOMAGNETICO TRIPOLAR EM CAIXA MOLDADA 250A 600V, FORNECIMENTO E INSTALACAO","UN",784.99,"COMPOSIÇÃO"]
["74130/008","DISJUNTOR TERMOMAGNETICO TRIPOLAR EM CAIXA MOLDADA 300 A 400A 600V, FORNECIMENTO E INSTALACAO","UN",1072.8599999999999,"COMPOSIÇÃO"]
["74130/009","DISJUNTOR TERMOMAGNETICO TRIPOLAR EM CAIXA MOLDADA 500 A 600A 600V, FORNECIMENTO E INSTALACAO","UN",1757.59,"COMPOSIÇÃO"]
["74130/010","DISJUNTOR TERMOMAGNETICO TRIPOLAR EM CAIXA MOLDADA 175 A 225A 240V, FORNECIMENTO E INSTALACAO","UN",474.61,"COMPOSIÇÃO"]
["74131/001","QUADRO DE DISTRIBUICAO DE ENERGIA DE EMBUTIR, EM PVC, PARA 3 DISJUNTORES TERMOMAGNETICOS MONOPOLARES SEM BARRAMENTO FORNECIMENTO E INSTALACAO","UN",63.94,"COMPOSIÇÃO"]
["74131/004","QUADRO DE DISTRIBUICAO DE ENERGIA DE EMBUTIR, EM CHAPA METALICA, PARA 18 DISJUNTORES TERMOMAGNETICOS MONOPOLARES, COM BARRAMENTO TRIFASICO E NEUTRO, FORNECIMENTO E INSTALACAO","UN",475.25,"COMPOSIÇÃO"]
["74131/005","QUADRO DE DISTRIBUICAO DE ENERGIA DE EMBUTIR, EM CHAPA METALICA, PARA 24 DISJUNTORES TERMOMAGNETICOS MONOPOLARES, COM BARRAMENTO TRIFASICO E NEUTRO, FORNECIMENTO E INSTALACAO","UN",545.5,"COMPOSIÇÃO"]
["74131/006","QUADRO DE DISTRIBUICAO DE ENERGIA DE EMBUTIR, EM CHAPA METALICA, PARA 32 DISJUNTORES TERMOMAGNETICOS MONOPOLARES, COM BARRAMENTO TRIFASICO E NEUTRO, FORNECIMENTO E INSTALACAO","UN",627.75,"COMPOSIÇÃO"]
["74131/007","QUADRO DE DISTRIBUICAO DE ENERGIA DE EMBUTIR, EM CHAPA METALICA, PARA 40 DISJUNTORES TERMOMAGNETICOS MONOPOLARES, COM BARRAMENTO TRIFASICO E NEUTRO, FORNECIMENTO E INSTALACAO","UN",879.83,"COMPOSIÇÃO"]
["74131/008","QUADRO DE DISTRIBUICAO DE ENERGIA DE EMBUTIR, EM CHAPA METALICA, PARA 50 DISJUNTORES TERMOMAGNETICOS MONOPOLARES, COM BARRAMENTO TRIFASICO E NEUTRO, FORNECIMENTO E INSTALACAO","UN",1274.8599999999999,"COMPOSIÇÃO"]
[83463,"QUADRO DE DISTRIBUICAO DE ENERGIA EM CHAPA DE ACO GALVANIZADO, PARA 12 DISJUNTORES TERMOMAGNETICOS MONOPOLARES, COM BARRAMENTO TRIFASICO E NEUTRO - FORNECIMENTO E INSTALACAO","UN",369.05,"COMPOSIÇÃO"]
[84402,"QUADRO DE DISTRIBUICAO DE ENERGIA P/ 6 DISJUNTORES TERMOMAGNETICOS MONOPOLARES SEM BARRAMENTO, DE EMBUTIR, EM PVC - FORNECIMENTO E INSTALACAO","UN",79.930000000000007,"COMPOSIÇÃO"]
[93653,"DISJUNTOR MONOPOLAR TIPO DIN, CORRENTE NOMINAL DE 10A - FORNECIMENTO E INSTALAÇÃO. AF_04/2016","UN",9.49,"COMPOSIÇÃO"]
[93654,"DISJUNTOR MONOPOLAR TIPO DIN, CORRENTE NOMINAL DE 16A - FORNECIMENTO E INSTALAÇÃO. AF_04/2016","UN",9.9700000000000006,"COMPOSIÇÃO"]
[93655,"DISJUNTOR MONOPOLAR TIPO DIN, CORRENTE NOMINAL DE 20A - FORNECIMENTO E INSTALAÇÃO. AF_04/2016","UN",10.83,"COMPOSIÇÃO"]
[93656,"DISJUNTOR MONOPOLAR TIPO DIN, CORRENTE NOMINAL DE 25A - FORNECIMENTO E INSTALAÇÃO. AF_04/2016","UN",10.83,"COMPOSIÇÃO"]
[93657,"DISJUNTOR MONOPOLAR TIPO DIN, CORRENTE NOMINAL DE 32A - FORNECIMENTO E INSTALAÇÃO. AF_04/2016","UN",11.92,"COMPOSIÇÃO"]
[93658,"DISJUNTOR MONOPOLAR TIPO DIN, CORRENTE NOMINAL DE 40A - FORNECIMENTO E INSTALAÇÃO. AF_04/2016","UN",17.25,"COMPOSIÇÃO"]
[93659,"DISJUNTOR MONOPOLAR TIPO DIN, CORRENTE NOMINAL DE 50A - FORNECIMENTO E INSTALAÇÃO. AF_04/2016","UN",19.420000000000002,"COMPOSIÇÃO"]
[93660,"DISJUNTOR BIPOLAR TIPO DIN, CORRENTE NOMINAL DE 10A - FORNECIMENTO E INSTALAÇÃO. AF_04/2016","UN",47.15,"COMPOSIÇÃO"]
[93661,"DISJUNTOR BIPOLAR TIPO DIN, CORRENTE NOMINAL DE 16A - FORNECIMENTO E INSTALAÇÃO. AF_04/2016","UN",48.06,"COMPOSIÇÃO"]
[93662,"DISJUNTOR BIPOLAR TIPO DIN, CORRENTE NOMINAL DE 20A - FORNECIMENTO E INSTALAÇÃO. AF_04/2016","UN",49.86,"COMPOSIÇÃO"]
[93663,"DISJUNTOR BIPOLAR TIPO DIN, CORRENTE NOMINAL DE 25A - FORNECIMENTO E INSTALAÇÃO. AF_04/2016","UN",49.86,"COMPOSIÇÃO"]
[93664,"DISJUNTOR BIPOLAR TIPO DIN, CORRENTE NOMINAL DE 32A - FORNECIMENTO E INSTALAÇÃO. AF_04/2016","UN",52.01,"COMPOSIÇÃO"]
[93665,"DISJUNTOR BIPOLAR TIPO DIN, CORRENTE NOMINAL DE 40A - FORNECIMENTO E INSTALAÇÃO. AF_04/2016","UN",54.72,"COMPOSIÇÃO"]
[93666,"DISJUNTOR BIPOLAR TIPO DIN, CORRENTE NOMINAL DE 50A - FORNECIMENTO E INSTALAÇÃO. AF_04/2016","UN",59.06,"COMPOSIÇÃO"]
[93667,"DISJUNTOR TRIPOLAR TIPO DIN, CORRENTE NOMINAL DE 10A - FORNECIMENTO E INSTALAÇÃO. AF_04/2016","UN",58.86,"COMPOSIÇÃO"]
[93668,"DISJUNTOR TRIPOLAR TIPO DIN, CORRENTE NOMINAL DE 16A - FORNECIMENTO E INSTALAÇÃO. AF_04/2016","UN",60.24,"COMPOSIÇÃO"]
[93669,"DISJUNTOR TRIPOLAR TIPO DIN, CORRENTE NOMINAL DE 20A - FORNECIMENTO E INSTALAÇÃO. AF_04/2016","UN",62.91,"COMPOSIÇÃO"]
[93670,"DISJUNTOR TRIPOLAR TIPO DIN, CORRENTE NOMINAL DE 25A - FORNECIMENTO E INSTALAÇÃO. AF_04/2016","UN",62.91,"COMPOSIÇÃO"]
[93671,"DISJUNTOR TRIPOLAR TIPO DIN, CORRENTE NOMINAL DE 32A - FORNECIMENTO E INSTALAÇÃO. AF_04/2016","UN",66.14,"COMPOSIÇÃO"]
[93672,"DISJUNTOR TRIPOLAR TIPO DIN, CORRENTE NOMINAL DE 40A - FORNECIMENTO E INSTALAÇÃO. AF_04/2016","UN",71.25,"COMPOSIÇÃO"]
[93673,"DISJUNTOR TRIPOLAR TIPO DIN, CORRENTE NOMINAL DE 50A - FORNECIMENTO E INSTALAÇÃO. AF_04/2016","UN",77.760000000000005,"COMPOSIÇÃO"]
[97359,"QUADRO DE MEDIÇÃO GERAL DE ENERGIA COM 8 MEDIDORES - FORNECIMENTO E INSTALAÇÃO. AF_04/2016","UN",2541.39,"COMPOSIÇÃO"]
[97360,"QUADRO DE MEDIÇÃO GERAL DE ENERGIA COM 12 MEDIDORES - FORNECIMENTO E INSTALAÇÃO. AF_04/2016","UN",4895.83,"COMPOSIÇÃO"]
[97361,"QUADRO DE MEDIÇÃO GERAL DE ENERGIA COM 16 MEDIDORES - FORNECIMENTO E INSTALAÇÃO. AF_04/2016","UN",6527.77,"COMPOSIÇÃO"]
[91945,"SUPORTE PARAFUSADO COM PLACA DE ENCAIXE 4\" X 2\" ALTO (2,00 M DO PISO) PARA PONTO ELÉTRICO - FORNECIMENTO E INSTALAÇÃO. AF_12/2015","UN",6.37,"COMPOSIÇÃO"]
[91946,"SUPORTE PARAFUSADO COM PLACA DE ENCAIXE 4\" X 2\" MÉDIO (1,30 M DO PISO) PARA PONTO ELÉTRICO - FORNECIMENTO E INSTALAÇÃO. AF_12/2015","UN",5.18,"COMPOSIÇÃO"]
[91947,"SUPORTE PARAFUSADO COM PLACA DE ENCAIXE 4\" X 2\" BAIXO (0,30 M DO PISO) PARA PONTO ELÉTRICO - FORNECIMENTO E INSTALAÇÃO. AF_12/2015","UN",4.4400000000000004,"COMPOSIÇÃO"]
[91949,"SUPORTE PARAFUSADO COM PLACA DE ENCAIXE 4\" X 4\" ALTO (2,00 M DO PISO) PARA PONTO ELÉTRICO - FORNECIMENTO E INSTALAÇÃO. AF_12/2015","UN",9.43,"COMPOSIÇÃO"]
[91950,"SUPORTE PARAFUSADO COM PLACA DE ENCAIXE 4\" X 4\" MÉDIO (1,30 M DO PISO) PARA PONTO ELÉTRICO - FORNECIMENTO E INSTALAÇÃO. AF_12/2015","UN",7.99,"COMPOSIÇÃO"]
[91951,"SUPORTE PARAFUSADO COM PLACA DE ENCAIXE 4\" X 4\" BAIXO (0,30 M DO PISO) PARA PONTO ELÉTRICO - FORNECIMENTO E INSTALAÇÃO. AF_12/2015","UN",7.13,"COMPOSIÇÃO"]
[91952,"INTERRUPTOR SIMPLES (1 MÓDULO), 10A/250V, SEM SUPORTE E SEM PLACA - FORNECIMENTO E INSTALAÇÃO. AF_12/2015","UN",12.27,"COMPOSIÇÃO"]
[91953,"INTERRUPTOR SIMPLES (1 MÓDULO), 10A/250V, INCLUINDO SUPORTE E PLACA - FORNECIMENTO E INSTALAÇÃO. AF_12/2015","UN",17.45,"COMPOSIÇÃO"]
[91954,"INTERRUPTOR PARALELO (1 MÓDULO), 10A/250V, SEM SUPORTE E SEM PLACA - FORNECIMENTO E INSTALAÇÃO. AF_12/2015","UN",16.53,"COMPOSIÇÃO"]
[91955,"INTERRUPTOR PARALELO (1 MÓDULO), 10A/250V, INCLUINDO SUPORTE E PLACA - FORNECIMENTO E INSTALAÇÃO. AF_12/2015","UN",21.71,"COMPOSIÇÃO"]
[91956,"INTERRUPTOR SIMPLES (1 MÓDULO) COM INTERRUPTOR PARALELO (1 MÓDULO), 10A/250V, SEM SUPORTE E SEM PLACA - FORNECIMENTO E INSTALAÇÃO. AF_12/2015","UN",26.59,"COMPOSIÇÃO"]
[91957,"INTERRUPTOR SIMPLES (1 MÓDULO) COM INTERRUPTOR PARALELO (1 MÓDULO), 10A/250V, INCLUINDO SUPORTE E PLACA - FORNECIMENTO E INSTALAÇÃO. AF_12/2015","UN",31.77,"COMPOSIÇÃO"]
[91958,"INTERRUPTOR SIMPLES (2 MÓDULOS), 10A/250V, SEM SUPORTE E SEM PLACA - FORNECIMENTO E INSTALAÇÃO. AF_12/2015","UN",22.37,"COMPOSIÇÃO"]
[91959,"INTERRUPTOR SIMPLES (2 MÓDULOS), 10A/250V, INCLUINDO SUPORTE E PLACA - FORNECIMENTO E INSTALAÇÃO. AF_12/2015","UN",27.55,"COMPOSIÇÃO"]
[91960,"INTERRUPTOR PARALELO (2 MÓDULOS), 10A/250V, SEM SUPORTE E SEM PLACA - FORNECIMENTO E INSTALAÇÃO. AF_12/2015","UN",30.85,"COMPOSIÇÃO"]
[91961,"INTERRUPTOR PARALELO (2 MÓDULOS), 10A/250V, INCLUINDO SUPORTE E PLACA - FORNECIMENTO E INSTALAÇÃO. AF_12/2015","UN",36.03,"COMPOSIÇÃO"]
[91962,"INTERRUPTOR SIMPLES (1 MÓDULO) COM INTERRUPTOR PARALELO (2 MÓDULOS), 10A/250V, SEM SUPORTE E SEM PLACA - FORNECIMENTO E INSTALAÇÃO. AF_12/2015","UN",40.950000000000003,"COMPOSIÇÃO"]
[91963,"INTERRUPTOR SIMPLES (1 MÓDULO) COM INTERRUPTOR PARALELO (2 MÓDULOS), 10A/250V, INCLUINDO SUPORTE E PLACA - FORNECIMENTO E INSTALAÇÃO. AF_12/2015","UN",46.13,"COMPOSIÇÃO"]
[91964,"INTERRUPTOR SIMPLES (2 MÓDULOS) COM INTERRUPTOR PARALELO (1 MÓDULO), 10A/250V, SEM SUPORTE E SEM PLACA - FORNECIMENTO E INSTALAÇÃO. AF_12/2015","UN",36.700000000000003,"COMPOSIÇÃO"]
[91965,"INTERRUPTOR SIMPLES (2 MÓDULOS) COM INTERRUPTOR PARALELO (1 MÓDULO), 10A/250V, INCLUINDO SUPORTE E PLACA - FORNECIMENTO E INSTALAÇÃO. AF_12/2015","UN",41.88,"COMPOSIÇÃO"]
[91966,"INTERRUPTOR SIMPLES (3 MÓDULOS), 10A/250V, SEM SUPORTE E SEM PLACA - FORNECIMENTO E INSTALAÇÃO. AF_12/2015","UN",32.47,"COMPOSIÇÃO"]
[91967,"INTERRUPTOR SIMPLES (3 MÓDULOS), 10A/250V, INCLUINDO SUPORTE E PLACA - FORNECIMENTO E INSTALAÇÃO. AF_12/2015","UN",37.65,"COMPOSIÇÃO"]
[91968,"INTERRUPTOR PARALELO (3 MÓDULOS), 10A/250V, SEM SUPORTE E SEM PLACA - FORNECIMENTO E INSTALAÇÃO. AF_12/2015","UN",45.17,"COMPOSIÇÃO"]
[91969,"INTERRUPTOR PARALELO (3 MÓDULOS), 10A/250V, INCLUINDO SUPORTE E PLACA - FORNECIMENTO E INSTALAÇÃO. AF_12/2015","UN",50.35,"COMPOSIÇÃO"]
[91970,"INTERRUPTOR SIMPLES (3 MÓDULOS) COM INTERRUPTOR PARALELO (1 MÓDULO), 10A/250V, SEM SUPORTE E SEM PLACA - FORNECIMENTO E INSTALAÇÃO. AF_12/2015","UN",47.05,"COMPOSIÇÃO"]
[91971,"INTERRUPTOR SIMPLES (3 MÓDULOS) COM INTERRUPTOR PARALELO (1 MÓDULO), 10A/250V, INCLUINDO SUPORTE E PLACA - FORNECIMENTO E INSTALAÇÃO. AF_12/2015","UN",55.04,"COMPOSIÇÃO"]
[91972,"INTERRUPTOR SIMPLES (2 MÓDULOS) COM INTERRUPTOR PARALELO (2 MÓDULOS), 10A/250V, SEM SUPORTE E SEM PLACA - FORNECIMENTO E INSTALAÇÃO. AF_12/2015","UN",51.3,"COMPOSIÇÃO"]
[91973,"INTERRUPTOR SIMPLES (2 MÓDULOS) COM INTERRUPTOR PARALELO (2 MÓDULOS), 10A/250V, INCLUINDO SUPORTE E PLACA - FORNECIMENTO E INSTALAÇÃO. AF_12/2015","UN",59.29,"COMPOSIÇÃO"]
[91974,"INTERRUPTOR SIMPLES (4 MÓDULOS), 10A/250V, SEM SUPORTE E SEM PLACA - FORNECIMENTO E INSTALAÇÃO. AF_12/2015","UN",42.78,"COMPOSIÇÃO"]
[91975,"INTERRUPTOR SIMPLES (4 MÓDULOS), 10A/250V, INCLUINDO SUPORTE E PLACA - FORNECIMENTO E INSTALAÇÃO. AF_12/2015","UN",50.77,"COMPOSIÇÃO"]
[91976,"INTERRUPTOR SIMPLES (6 MÓDULOS), 10A/250V, SEM SUPORTE E SEM PLACA - FORNECIMENTO E INSTALAÇÃO. AF_12/2015","UN",63.06,"COMPOSIÇÃO"]
[91977,"INTERRUPTOR SIMPLES (6 MÓDULOS), 10A/250V, INCLUINDO SUPORTE E PLACA - FORNECIMENTO E INSTALAÇÃO. AF_12/2015","UN",71.05,"COMPOSIÇÃO"]
[91978,"INTERRUPTOR INTERMEDIÁRIO (1 MÓDULO), 10A/250V, SEM SUPORTE E SEM PLACA - FORNECIMENTO E INSTALAÇÃO. AF_09/2017","UN",25.52,"COMPOSIÇÃO"]
[91979,"INTERRUPTOR INTERMEDIÁRIO (1 MÓDULO), 10A/250V, INCLUINDO SUPORTE E PLACA - FORNECIMENTO E INSTALAÇÃO. AF_09/2017","UN",30.7,"COMPOSIÇÃO"]
[91980,"INTERRUPTOR BIPOLAR (1 MÓDULO), 10A/250V, SEM SUPORTE E SEM PLACA - FORNECIMENTO E INSTALAÇÃO. AF_09/2017","UN",24.8,"COMPOSIÇÃO"]
[91981,"INTERRUPTOR BIPOLAR (1 MÓDULO), 10A/250V, INCLUINDO SUPORTE E PLACA - FORNECIMENTO E INSTALAÇÃO. AF_09/2017","UN",29.98,"COMPOSIÇÃO"]
[91982,"DIMMER ROTATIVO (1 MÓDULO), 220V/600W, SEM SUPORTE E SEM PLACA - FORNECIMENTO E INSTALAÇÃO. AF_09/2017","UN",53.86,"COMPOSIÇÃO"]
[91983,"DIMMER ROTATIVO (1 MÓDULO), 220V/600W, INCLUINDO SUPORTE E PLACA - FORNECIMENTO E INSTALAÇÃO. AF_09/2017","UN",59.04,"COMPOSIÇÃO"]
[91984,"INTERRUPTOR PULSADOR CAMPAINHA (1 MÓDULO), 10A/250V, SEM SUPORTE E SEM PLACA - FORNECIMENTO E INSTALAÇÃO. AF_09/2017","UN",11.61,"COMPOSIÇÃO"]
[91985,"INTERRUPTOR PULSADOR CAMPAINHA (1 MÓDULO), 10A/250V, INCLUINDO SUPORTE E PLACA - FORNECIMENTO E INSTALAÇÃO. AF_09/2017","UN",16.79,"COMPOSIÇÃO"]
[91986,"CAMPAINHA CIGARRA (1 MÓDULO), 10A/250V, SEM SUPORTE E SEM PLACA - FORNECIMENTO E INSTALAÇÃO. AF_09/2017","UN",23.75,"COMPOSIÇÃO"]
[91987,"CAMPAINHA CIGARRA (1 MÓDULO), 10A/250V, INCLUINDO SUPORTE E PLACA - FORNECIMENTO E INSTALAÇÃO. AF_09/2017","UN",28.93,"COMPOSIÇÃO"]
[91988,"INTERRUPTOR PULSADOR MINUTERIA (1 MÓDULO), 10A/250V, SEM SUPORTE E SEM PLACA - FORNECIMENTO E INSTALAÇÃO. AF_09/2017","UN",14.02,"COMPOSIÇÃO"]
[91989,"INTERRUPTOR PULSADOR MINUTERIA (1 MÓDULO), 10A/250V, INCLUINDO SUPORTE E PLACA - FORNECIMENTO E INSTALAÇÃO. AF_09/2017","UN",19.2,"COMPOSIÇÃO"]
[91990,"TOMADA ALTA DE EMBUTIR (1 MÓDULO), 2P+T 10 A, SEM SUPORTE E SEM PLACA - FORNECIMENTO E INSTALAÇÃO. AF_12/2015","UN",22.69,"COMPOSIÇÃO"]
[91991,"TOMADA ALTA DE EMBUTIR (1 MÓDULO), 2P+T 20 A, SEM SUPORTE E SEM PLACA - FORNECIMENTO E INSTALAÇÃO. AF_12/2015","UN",23.99,"COMPOSIÇÃO"]
[91992,"TOMADA ALTA DE EMBUTIR (1 MÓDULO), 2P+T 10 A, INCLUINDO SUPORTE E PLACA - FORNECIMENTO E INSTALAÇÃO. AF_12/2015","UN",27.87,"COMPOSIÇÃO"]
[91993,"TOMADA ALTA DE EMBUTIR (1 MÓDULO), 2P+T 20 A, INCLUINDO SUPORTE E PLACA - FORNECIMENTO E INSTALAÇÃO. AF_12/2015","UN",29.17,"COMPOSIÇÃO"]
[91994,"TOMADA MÉDIA DE EMBUTIR (1 MÓDULO), 2P+T 10 A, SEM SUPORTE E SEM PLACA - FORNECIMENTO E INSTALAÇÃO. AF_12/2015","UN",15.86,"COMPOSIÇÃO"]
[91995,"TOMADA MÉDIA DE EMBUTIR (1 MÓDULO), 2P+T 20 A, SEM SUPORTE E SEM PLACA - FORNECIMENTO E INSTALAÇÃO. AF_12/2015","UN",17.16,"COMPOSIÇÃO"]
[91996,"TOMADA MÉDIA DE EMBUTIR (1 MÓDULO), 2P+T 10 A, INCLUINDO SUPORTE E PLACA - FORNECIMENTO E INSTALAÇÃO. AF_12/2015","UN",21.04,"COMPOSIÇÃO"]
[91997,"TOMADA MÉDIA DE EMBUTIR (1 MÓDULO), 2P+T 20 A, INCLUINDO SUPORTE E PLACA - FORNECIMENTO E INSTALAÇÃO. AF_12/2015","UN",22.34,"COMPOSIÇÃO"]
[91998,"TOMADA BAIXA DE EMBUTIR (1 MÓDULO), 2P+T 10 A, SEM SUPORTE E SEM PLACA - FORNECIMENTO E INSTALAÇÃO. AF_12/2015","UN",13.21,"COMPOSIÇÃO"]
[91999,"TOMADA BAIXA DE EMBUTIR (1 MÓDULO), 2P+T 20 A, SEM SUPORTE E SEM PLACA - FORNECIMENTO E INSTALAÇÃO. AF_12/2015","UN",14.51,"COMPOSIÇÃO"]
[92000,"TOMADA BAIXA DE EMBUTIR (1 MÓDULO), 2P+T 10 A, INCLUINDO SUPORTE E PLACA - FORNECIMENTO E INSTALAÇÃO. AF_12/2015","UN",18.39,"COMPOSIÇÃO"]
[92001,"TOMADA BAIXA DE EMBUTIR (1 MÓDULO), 2P+T 20 A, INCLUINDO SUPORTE E PLACA - FORNECIMENTO E INSTALAÇÃO. AF_12/2015","UN",19.690000000000001,"COMPOSIÇÃO"]
[92002,"TOMADA MÉDIA DE EMBUTIR (2 MÓDULOS), 2P+T 10 A, SEM SUPORTE E SEM PLACA - FORNECIMENTO E INSTALAÇÃO. AF_12/2015","UN",29.51,"COMPOSIÇÃO"]
[92003,"TOMADA MÉDIA DE EMBUTIR (2 MÓDULOS), 2P+T 20 A, SEM SUPORTE E SEM PLACA - FORNECIMENTO E INSTALAÇÃO. AF_12/2015","UN",32.11,"COMPOSIÇÃO"]
[92004,"TOMADA MÉDIA DE EMBUTIR (2 MÓDULOS), 2P+T 10 A, INCLUINDO SUPORTE E PLACA - FORNECIMENTO E INSTALAÇÃO. AF_12/2015","UN",34.69,"COMPOSIÇÃO"]
[92005,"TOMADA MÉDIA DE EMBUTIR (2 MÓDULOS), 2P+T 20 A, INCLUINDO SUPORTE E PLACA - FORNECIMENTO E INSTALAÇÃO. AF_12/2015","UN",37.29,"COMPOSIÇÃO"]
[92006,"TOMADA BAIXA DE EMBUTIR (2 MÓDULOS), 2P+T 10 A, SEM SUPORTE E SEM PLACA - FORNECIMENTO E INSTALAÇÃO. AF_12/2015","UN",24.2,"COMPOSIÇÃO"]
[92007,"TOMADA BAIXA DE EMBUTIR (2 MÓDULOS), 2P+T 20 A, SEM SUPORTE E SEM PLACA - FORNECIMENTO E INSTALAÇÃO. AF_12/2015","UN",26.8,"COMPOSIÇÃO"]
[92008,"TOMADA BAIXA DE EMBUTIR (2 MÓDULOS), 2P+T 10 A, INCLUINDO SUPORTE E PLACA - FORNECIMENTO E INSTALAÇÃO. AF_12/2015","UN",29.38,"COMPOSIÇÃO"]
[92009,"TOMADA BAIXA DE EMBUTIR (2 MÓDULOS), 2P+T 20 A, INCLUINDO SUPORTE E PLACA - FORNECIMENTO E INSTALAÇÃO. AF_12/2015","UN",31.98,"COMPOSIÇÃO"]
[92010,"TOMADA MÉDIA DE EMBUTIR (3 MÓDULOS), 2P+T 10 A, SEM SUPORTE E SEM PLACA - FORNECIMENTO E INSTALAÇÃO. AF_12/2015","UN",43.16,"COMPOSIÇÃO"]
[92011,"TOMADA MÉDIA DE EMBUTIR (3 MÓDULOS), 2P+T 20 A, SEM SUPORTE E SEM PLACA - FORNECIMENTO E INSTALAÇÃO. AF_12/2015","UN",47.06,"COMPOSIÇÃO"]
[92012,"TOMADA MÉDIA DE EMBUTIR (3 MÓDULOS), 2P+T 10 A, INCLUINDO SUPORTE E PLACA - FORNECIMENTO E INSTALAÇÃO. AF_12/2015","UN",48.34,"COMPOSIÇÃO"]
[92013,"TOMADA MÉDIA DE EMBUTIR (3 MÓDULOS), 2P+T 20 A, INCLUINDO SUPORTE E PLACA - FORNECIMENTO E INSTALAÇÃO. AF_12/2015","UN",52.24,"COMPOSIÇÃO"]
[92014,"TOMADA BAIXA DE EMBUTIR (3 MÓDULOS), 2P+T 10 A, SEM SUPORTE E SEM PLACA - FORNECIMENTO E INSTALAÇÃO. AF_12/2015","UN",35.200000000000003,"COMPOSIÇÃO"]
[92015,"TOMADA BAIXA DE EMBUTIR (3 MÓDULOS), 2P+T 20 A, SEM SUPORTE E SEM PLACA - FORNECIMENTO E INSTALAÇÃO. AF_12/2015","UN",39.1,"COMPOSIÇÃO"]
[92016,"TOMADA BAIXA DE EMBUTIR (3 MÓDULOS), 2P+T 10 A, INCLUINDO SUPORTE E PLACA - FORNECIMENTO E INSTALAÇÃO. AF_12/2015","UN",40.380000000000003,"COMPOSIÇÃO"]
[92017,"TOMADA BAIXA DE EMBUTIR (3 MÓDULOS), 2P+T 20 A, INCLUINDO SUPORTE E PLACA - FORNECIMENTO E INSTALAÇÃO. AF_12/2015","UN",44.28,"COMPOSIÇÃO"]
[92018,"TOMADA BAIXA DE EMBUTIR (4 MÓDULOS), 2P+T 10 A, SEM SUPORTE E SEM PLACA - FORNECIMENTO E INSTALAÇÃO. AF_12/2015","UN",46.55,"COMPOSIÇÃO"]
[92019,"TOMADA BAIXA DE EMBUTIR (4 MÓDULOS), 2P+T 10 A, INCLUINDO SUPORTE E PLACA - FORNECIMENTO E INSTALAÇÃO. AF_12/2015","UN",54.54,"COMPOSIÇÃO"]
[92020,"TOMADA BAIXA DE EMBUTIR (6 MÓDULOS), 2P+T 10 A, SEM SUPORTE E SEM PLACA - FORNECIMENTO E INSTALAÇÃO. AF_12/2015","UN",68.739999999999995,"COMPOSIÇÃO"]
[92021,"TOMADA BAIXA DE EMBUTIR (6 MÓDULOS), 2P+T 10 A, INCLUINDO SUPORTE E PLACA - FORNECIMENTO E INSTALAÇÃO. AF_12/2015","UN",76.73,"COMPOSIÇÃO"]
[92022,"INTERRUPTOR SIMPLES (1 MÓDULO) COM 1 TOMADA DE EMBUTIR 2P+T 10 A,  SEM SUPORTE E SEM PLACA - FORNECIMENTO E INSTALAÇÃO. AF_12/2015","UN",25.92,"COMPOSIÇÃO"]
[92023,"INTERRUPTOR SIMPLES (1 MÓDULO) COM 1 TOMADA DE EMBUTIR 2P+T 10 A,  INCLUINDO SUPORTE E PLACA - FORNECIMENTO E INSTALAÇÃO. AF_12/2015","UN",31.1,"COMPOSIÇÃO"]
[92024,"INTERRUPTOR SIMPLES (1 MÓDULO) COM 2 TOMADAS DE EMBUTIR 2P+T 10 A,  SEM SUPORTE E SEM PLACA - FORNECIMENTO E INSTALAÇÃO. AF_12/2015","UN",39.61,"COMPOSIÇÃO"]
[92025,"INTERRUPTOR SIMPLES (1 MÓDULO) COM 2 TOMADAS DE EMBUTIR 2P+T 10 A,  INCLUINDO SUPORTE E PLACA - FORNECIMENTO E INSTALAÇÃO. AF_12/2015","UN",44.79,"COMPOSIÇÃO"]
[92026,"INTERRUPTOR SIMPLES (2 MÓDULOS) COM 1 TOMADA DE EMBUTIR 2P+T 10 A,  SEM SUPORTE E SEM PLACA - FORNECIMENTO E INSTALAÇÃO. AF_12/2015","UN",36.03,"COMPOSIÇÃO"]
[92027,"INTERRUPTOR SIMPLES (2 MÓDULOS) COM 1 TOMADA DE EMBUTIR 2P+T 10 A,  INCLUINDO SUPORTE E PLACA - FORNECIMENTO E INSTALAÇÃO. AF_12/2015","UN",41.21,"COMPOSIÇÃO"]
[92028,"INTERRUPTOR PARALELO (1 MÓDULO) COM 1 TOMADA DE EMBUTIR 2P+T 10 A,  SEM SUPORTE E SEM PLACA - FORNECIMENTO E INSTALAÇÃO. AF_12/2015","UN",30.18,"COMPOSIÇÃO"]
[92029,"INTERRUPTOR PARALELO (1 MÓDULO) COM 1 TOMADA DE EMBUTIR 2P+T 10 A,  INCLUINDO SUPORTE E PLACA - FORNECIMENTO E INSTALAÇÃO. AF_12/2015","UN",35.36,"COMPOSIÇÃO"]
[92030,"INTERRUPTOR PARALELO (1 MÓDULO) COM 2 TOMADAS DE EMBUTIR 2P+T 10 A,  SEM SUPORTE E SEM PLACA - FORNECIMENTO E INSTALAÇÃO. AF_12/2015","UN",43.83,"COMPOSIÇÃO"]
[92031,"INTERRUPTOR PARALELO (1 MÓDULO) COM 2 TOMADAS DE EMBUTIR 2P+T 10 A,  INCLUINDO SUPORTE E PLACA - FORNECIMENTO E INSTALAÇÃO. AF_12/2015","UN",49.01,"COMPOSIÇÃO"]
[92032,"INTERRUPTOR PARALELO (2 MÓDULOS) COM 1 TOMADA DE EMBUTIR 2P+T 10 A,  SEM SUPORTE E SEM PLACA - FORNECIMENTO E INSTALAÇÃO. AF_12/2015","UN",44.5,"COMPOSIÇÃO"]
[92033,"INTERRUPTOR PARALELO (2 MÓDULOS) COM 1 TOMADA DE EMBUTIR 2P+T 10 A,  INCLUINDO SUPORTE E PLACA - FORNECIMENTO E INSTALAÇÃO. AF_12/2015","UN",49.68,"COMPOSIÇÃO"]
[92034,"INTERRUPTOR SIMPLES (1 MÓDULO), INTERRUPTOR PARALELO (1 MÓDULO) E 1 TOMADA DE EMBUTIR 2P+T 10 A,  SEM SUPORTE E SEM PLACA - FORNECIMENTO E INSTALAÇÃO. AF_12/2015","UN",40.28,"COMPOSIÇÃO"]
[92035,"INTERRUPTOR SIMPLES (1 MÓDULO), INTERRUPTOR PARALELO (1 MÓDULO) E 1 TOMADA DE EMBUTIR 2P+T 10 A,  INCLUINDO SUPORTE E PLACA - FORNECIMENTO E INSTALAÇÃO. AF_12/2015","UN",45.46,"COMPOSIÇÃO"]
[97583,"LUMINÁRIA TIPO CALHA, DE SOBREPOR, COM 1 LÂMPADA TUBULAR FLUORESCENTE DE 18 W, COM REATOR DE PARTIDA RÁPIDA - FORNECIMENTO E INSTALAÇÃO. AF_02/2020","UN",49.8,"COMPOSIÇÃO"]
[97584,"LUMINÁRIA TIPO CALHA, DE SOBREPOR, COM 1 LÂMPADA TUBULAR FLUORESCENTE DE 36 W, COM REATOR DE PARTIDA RÁPIDA - FORNECIMENTO E INSTALAÇÃO. AF_02/2020","UN",68.790000000000006,"COMPOSIÇÃO"]
[97585,"LUMINÁRIA TIPO CALHA, DE SOBREPOR, COM 2 LÂMPADAS TUBULARES FLUORESCENTES DE 18 W, COM REATOR DE PARTIDA RÁPIDA - FORNECIMENTO E INSTALAÇÃO. AF_02/2020","UN",66.569999999999993,"COMPOSIÇÃO"]
[97586,"LUMINÁRIA TIPO CALHA, DE SOBREPOR, COM 2 LÂMPADAS TUBULARES FLUORESCENTES DE 36 W, COM REATOR DE PARTIDA RÁPIDA - FORNECIMENTO E INSTALAÇÃO. AF_02/2020","UN",89.5,"COMPOSIÇÃO"]
[97587,"LUMINÁRIA TIPO CALHA, DE EMBUTIR, COM 2 LÂMPADAS FLUORESCENTES DE 14 W, COM REATOR DE PARTIDA RÁPIDA - FORNECIMENTO E INSTALAÇÃO. AF_02/2020","UN",160.87,"COMPOSIÇÃO"]
[97589,"LUMINÁRIA TIPO PLAFON EM PLÁSTICO, DE SOBREPOR, COM 1 LÂMPADA FLUORESCENTE DE 15 W, SEM REATOR - FORNECIMENTO E INSTALAÇÃO. AF_02/2020","UN",26.62,"COMPOSIÇÃO"]
[97590,"LUMINÁRIA TIPO PLAFON REDONDO COM VIDRO FOSCO, DE SOBREPOR, COM 1 LÂMPADA FLUORESCENTE DE 15 W, SEM REATOR - FORNECIMENTO E INSTALAÇÃO. AF_02/2020","UN",58.3,"COMPOSIÇÃO"]
[97591,"LUMINÁRIA TIPO PLAFON REDONDO COM VIDRO FOSCO, DE SOBREPOR, COM 2 LÂMPADAS FLUORESCENTES DE 15 W, SEM REATOR - FORNECIMENTO E INSTALAÇÃO. AF_02/2020","UN",76.5,"COMPOSIÇÃO"]
[97592,"LUMINÁRIA TIPO PLAFON, DE SOBREPOR, COM 1 LÂMPADA LED DE 12/13 W, SEM REATOR - FORNECIMENTO E INSTALAÇÃO. AF_02/2020","UN",32.15,"COMPOSIÇÃO"]
[97593,"LUMINÁRIA TIPO SPOT, DE SOBREPOR, COM 1 LÂMPADA FLUORESCENTE DE 15 W, SEM REATOR - FORNECIMENTO E INSTALAÇÃO. AF_02/2020","UN",82.07,"COMPOSIÇÃO"]
[97594,"LUMINÁRIA TIPO SPOT, DE SOBREPOR, COM 2 LÂMPADAS FLUORESCENTES DE 15 W, SEM REATOR - FORNECIMENTO E INSTALAÇÃO. AF_02/2020","UN",76.17,"COMPOSIÇÃO"]
[97595,"SENSOR DE PRESENÇA COM FOTOCÉLULA, FIXAÇÃO EM PAREDE - FORNECIMENTO E INSTALAÇÃO. AF_02/2020","UN",60.15,"COMPOSIÇÃO"]
[97596,"SENSOR DE PRESENÇA SEM FOTOCÉLULA, FIXAÇÃO EM PAREDE - FORNECIMENTO E INSTALAÇÃO. AF_02/2020","UN",43.04,"COMPOSIÇÃO"]
[97597,"SENSOR DE PRESENÇA COM FOTOCÉLULA, FIXAÇÃO EM TETO - FORNECIMENTO E INSTALAÇÃO. AF_02/2020","UN",41.41,"COMPOSIÇÃO"]
[97598,"SENSOR DE PRESENÇA SEM FOTOCÉLULA, FIXAÇÃO EM TETO - FORNECIMENTO E INSTALAÇÃO. AF_02/2020","UN",39.22,"COMPOSIÇÃO"]
[97599,"LUMINÁRIA DE EMERGÊNCIA, COM 30 LÂMPADAS LED DE 2 W, SEM REATOR - FORNECIMENTO E INSTALAÇÃO. AF_02/2020","UN",24.15,"COMPOSIÇÃO"]
[97609,"LÂMPADA COMPACTA DE LED 6 W, BASE E27 - FORNECIMENTO E INSTALAÇÃO. AF_02/2020","UN",13.83,"COMPOSIÇÃO"]
[97610,"LÂMPADA COMPACTA DE LED 10 W, BASE E27 - FORNECIMENTO E INSTALAÇÃO. AF_02/2020","UN",14.84,"COMPOSIÇÃO"]
[97611,"LÂMPADA COMPACTA FLUORESCENTE DE 15 W, BASE E27 - FORNECIMENTO E INSTALAÇÃO. AF_02/2020","UN",15.52,"COMPOSIÇÃO"]
[97612,"LÂMPADA COMPACTA FLUORESCENTE DE 20 W, BASE E27 - FORNECIMENTO E INSTALAÇÃO. AF_02/2020","UN",16.7,"COMPOSIÇÃO"]
[97613,"LÂMPADA COMPACTA DE VAPOR MERCURIO 125 W, BASE E27 - FORNECIMENTO E INSTALAÇÃO. AF_02/2020","UN",20.62,"COMPOSIÇÃO"]
[97614,"LÂMPADA COMPACTA DE VAPOR METÁLICO OVOIDE 150 W, BASE E27 - FORNECIMENTO E INSTALAÇÃO. AF_02/2020","UN",34.770000000000003,"COMPOSIÇÃO"]
[97615,"LÂMPADA TUBULAR FLUORESCENTE T8 DE 16/18 W, BASE G13 - FORNECIMENTO E INSTALAÇÃO. AF_02/2020_P","UN",33.49,"COMPOSIÇÃO"]
[97616,"LÂMPADA TUBULAR FLUORESCENTE T8 DE 32/36 W, BASE G13 - FORNECIMENTO E INSTALAÇÃO. AF_02/2020_P","UN",37.880000000000003,"COMPOSIÇÃO"]
[97617,"LÂMPADA TUBULAR FLUORESCENTE T10 DE 20/40 W, BASE G13 - FORNECIMENTO E INSTALAÇÃO. AF_02/2020_P","UN",37.69,"COMPOSIÇÃO"]
[97618,"LÂMPADA TUBULAR FLUORESCENTE T5 DE 14 W, BASE G13 - FORNECIMENTO E INSTALAÇÃO. AF_02/2020_P","UN",35.14,"COMPOSIÇÃO"]
[100902,"LÂMPADA TUBULAR LED DE 9/10 W, BASE G13 - FORNECIMENTO E INSTALAÇÃO. AF_02/2020_P","UN",22.33,"COMPOSIÇÃO"]
[100903,"LÂMPADA TUBULAR LED DE 18/20 W, BASE G13 - FORNECIMENTO E INSTALAÇÃO. AF_02/2020_P","UN",26.79,"COMPOSIÇÃO"]
[100904,"LUMINÁRIA TIPO CALHA, DE SOBREPOR, COM 1 LÂMPADA TUBULAR FLUORESCENTE DE 20 W, COM REATOR DE PARTIDA CONVENCIONAL - FORNECIMENTO E INSTALAÇÃO. AF_02/2020","UN",49.8,"COMPOSIÇÃO"]
[100905,"LUMINÁRIA DUPLA TIPO CALHA, DE SOBREPOR, COM 4 LÂMPADAS TUBULARES FLUORESCENTES DE 18 W,COM REATORES DE PARTIDA RÁPIDA - FORNECIMENTO E INSTALAÇÃO. AF_02/2020","UN",133.13999999999999,"COMPOSIÇÃO"]
[100906,"LUMINÁRIA DUPLA TIPO CALHA, DE SOBREPOR, COM 4 LÂMPADAS TUBULARES FLUORESCENTES DE 36 W, COM REATORES DE PARTIDA RÁPIDA -FORNECIMENTO E INSTALAÇÃO. AF_02/2020","UN",179,"COMPOSIÇÃO"]
[100919,"LÂMPADA FLUORESCENTE ESPIRAL BRANCA 45 W, BASE E27 - FORNECIMENTO E INSTALAÇÃO. AF_02/2020","UN",39.39,"COMPOSIÇÃO"]
[100920,"LÂMPADA FLUORESCENTE ESPIRAL BRANCA 65 W, BASE E27 - FORNECIMENTO E INSTALAÇÃO. AF_02/2020","UN",65.48,"COMPOSIÇÃO"]
[100921,"REATOR DE PARTIDA RÁPIDA PARA LÂMPADA FLUORESCENTE 2X40W - FORNECIMENTO E INSTALAÇÃO. AF_02/2020","UN",40.97,"COMPOSIÇÃO"]
[100922,"REATOR DE PARTIDA RÁPIDA PARA LÂMPADA FLUORESCENTE 1X20W - FORNECIMENTO E INSTALAÇÃO. AF_02/2020","UN",29.29,"COMPOSIÇÃO"]
[100923,"REATOR DE PARTIDA RÁPIDA PARA LÂMPADA FLUORESCENTE 1X40W - FORNECIMENTO E INSTALAÇÃO. AF_02/2020","UN",33.380000000000003,"COMPOSIÇÃO"]
[73624,"SUPORTE PARA TRANSFORMADOR EM POSTE DE CONCRETO CIRCULAR","UN",79.709999999999994,"COMPOSIÇÃO"]
[101489,"ENTRADA DE ENERGIA ELÉTRICA, AÉREA, MONOFÁSICA, COM CAIXA DE SOBREPOR, CABO DE 10 MM2 E DISJUNTOR DIN 50A (NÃO INCLUSO O POSTE DE CONCRETO). AF_07/2020_P","UN",886.14,"COMPOSIÇÃO"]
[101490,"ENTRADA DE ENERGIA ELÉTRICA, AÉREA, MONOFÁSICA, COM CAIXA DE SOBREPOR, CABO DE 16 MM2 E DISJUNTOR DIN 50A (NÃO INCLUSO O POSTE DE CONCRETO). AF_07/2020_P","UN",950.27,"COMPOSIÇÃO"]
[101491,"ENTRADA DE ENERGIA ELÉTRICA, AÉREA, MONOFÁSICA, COM CAIXA DE SOBREPOR, CABO DE 25 MM2 E DISJUNTOR DIN 50A (NÃO INCLUSO O POSTE DE CONCRETO). AF_07/2020_P","UN",971.83,"COMPOSIÇÃO"]
[101492,"ENTRADA DE ENERGIA ELÉTRICA, AÉREA, MONOFÁSICA, COM CAIXA DE SOBREPOR, CABO DE 35 MM2 E DISJUNTOR DIN 50A (NÃO INCLUSO O POSTE DE CONCRETO). AF_07/2020_P","UN",1063.54,"COMPOSIÇÃO"]
[101493,"ENTRADA DE ENERGIA ELÉTRICA, AÉREA, MONOFÁSICA, COM CAIXA DE EMBUTIR, CABO DE 10 MM2 E DISJUNTOR DIN 50A (NÃO INCLUSO O POSTE DE CONCRETO). AF_07/2020_P","UN",874.33,"COMPOSIÇÃO"]
[101494,"ENTRADA DE ENERGIA ELÉTRICA, AÉREA, MONOFÁSICA, COM CAIXA DE EMBUTIR, CABO DE 16 MM2 E DISJUNTOR DIN 50A (NÃO INCLUSO O POSTE DE CONCRETO). AF_07/2020_P","UN",938.46,"COMPOSIÇÃO"]
[101495,"ENTRADA DE ENERGIA ELÉTRICA, AÉREA, MONOFÁSICA, COM CAIXA DE EMBUTIR, CABO DE 25 MM2 E DISJUNTOR DIN 50A (NÃO INCLUSO O POSTE DE CONCRETO). AF_07/2020_P","UN",960.02,"COMPOSIÇÃO"]
[101496,"ENTRADA DE ENERGIA ELÉTRICA, AÉREA, MONOFÁSICA, COM CAIXA DE EMBUTIR, CABO DE 35 MM2 E DISJUNTOR DIN 50A (NÃO INCLUSO O POSTE DE CONCRETO). AF_07/2020_P","UN",1051.73,"COMPOSIÇÃO"]
[101497,"ENTRADA DE ENERGIA ELÉTRICA, AÉREA, BIFÁSICA, COM CAIXA DE SOBREPOR, CABO DE 10 MM2 E DISJUNTOR DIN 50A (NÃO INCLUSO O POSTE DE CONCRETO). AF_07/2020_P","UN",1069.3,"COMPOSIÇÃO"]
[101498,"ENTRADA DE ENERGIA ELÉTRICA, AÉREA, BIFÁSICA, COM CAIXA DE SOBREPOR, CABO DE 16 MM2 E DISJUNTOR DIN 50A (NÃO INCLUSO O POSTE DE CONCRETO). AF_07/2020_P","UN",1166.3699999999999,"COMPOSIÇÃO"]
[101499,"ENTRADA DE ENERGIA ELÉTRICA, AÉREA, BIFÁSICA, COM CAIXA DE SOBREPOR, CABO DE 25 MM2 E DISJUNTOR DIN 50A (NÃO INCLUSO O POSTE DE CONCRETO). AF_07/2020_P","UN",1199.01,"COMPOSIÇÃO"]
[101500,"ENTRADA DE ENERGIA ELÉTRICA, AÉREA, BIFÁSICA, COM CAIXA DE SOBREPOR, CABO DE 35 MM2 E DISJUNTOR DIN 50A (NÃO INCLUSO O POSTE DE CONCRETO). AF_07/2020_P","UN",1328.01,"COMPOSIÇÃO"]
[101501,"ENTRADA DE ENERGIA ELÉTRICA, AÉREA, BIFÁSICA, COM CAIXA DE EMBUTIR, CABO DE 10 MM2 E DISJUNTOR DIN 50A (NÃO INCLUSO O POSTE DE CONCRETO). AF_07/2020_P","UN",1062.94,"COMPOSIÇÃO"]
[101502,"ENTRADA DE ENERGIA ELÉTRICA, AÉREA, BIFÁSICA, COM CAIXA DE EMBUTIR, CABO DE 16 MM2 E DISJUNTOR DIN 50A (NÃO INCLUSO O POSTE DE CONCRETO). AF_07/2020_P","UN",1160.01,"COMPOSIÇÃO"]
[101503,"ENTRADA DE ENERGIA ELÉTRICA, AÉREA, BIFÁSICA, COM CAIXA DE EMBUTIR, CABO DE 25 MM2 E DISJUNTOR DIN 50A (NÃO INCLUSO O POSTE DE CONCRETO). AF_07/2020_P","UN",1192.6500000000001,"COMPOSIÇÃO"]
[101504,"ENTRADA DE ENERGIA ELÉTRICA, AÉREA, BIFÁSICA, COM CAIXA DE EMBUTIR, CABO DE 35 MM2 E DISJUNTOR DIN 50A (NÃO INCLUSO O POSTE DE CONCRETO). AF_07/2020_P","UN",1321.65,"COMPOSIÇÃO"]
[101505,"ENTRADA DE ENERGIA ELÉTRICA, AÉREA, TRIFÁSICA, COM CAIXA DE SOBREPOR, CABO DE 10 MM2 E DISJUNTOR DIN 50A (NÃO INCLUSO O POSTE DE CONCRETO). AF_07/2020_P","UN",1149.8900000000001,"COMPOSIÇÃO"]
[101506,"ENTRADA DE ENERGIA ELÉTRICA, AÉREA, TRIFÁSICA, COM CAIXA DE SOBREPOR, CABO DE 16 MM2 E DISJUNTOR DIN 50A (NÃO INCLUSO O POSTE DE CONCRETO). AF_07/2020_P","UN",1279.31,"COMPOSIÇÃO"]
[101507,"ENTRADA DE ENERGIA ELÉTRICA, AÉREA, TRIFÁSICA, COM CAIXA DE SOBREPOR, CABO DE 25 MM2 E DISJUNTOR DIN 50A (NÃO INCLUSO O POSTE DE CONCRETO). AF_07/2020_P","UN",1322.82,"COMPOSIÇÃO"]
[101508,"ENTRADA DE ENERGIA ELÉTRICA, AÉREA, TRIFÁSICA, COM CAIXA DE SOBREPOR, CABO DE 35 MM2 E DISJUNTOR DIN 50A (NÃO INCLUSO O POSTE DE CONCRETO). AF_07/2020_P","UN",1488.45,"COMPOSIÇÃO"]
[101509,"ENTRADA DE ENERGIA ELÉTRICA, AÉREA, TRIFÁSICA, COM CAIXA DE EMBUTIR, CABO DE 10 MM2 E DISJUNTOR DIN 50A (NÃO INCLUSO O POSTE DE CONCRETO). AF_07/2020","UN",1227.3499999999999,"COMPOSIÇÃO"]
[101510,"ENTRADA DE ENERGIA ELÉTRICA, AÉREA, TRIFÁSICA, COM CAIXA DE EMBUTIR, CABO DE 16 MM2 E DISJUNTOR DIN 50A (NÃO INCLUSO O POSTE DE CONCRETO). AF_07/2020","UN",1356.77,"COMPOSIÇÃO"]
[101511,"ENTRADA DE ENERGIA ELÉTRICA, AÉREA, TRIFÁSICA, COM CAIXA DE EMBUTIR, CABO DE 25 MM2 E DISJUNTOR DIN 50A (NÃO INCLUSO O POSTE DE CONCRETO). AF_07/2020","UN",1400.28,"COMPOSIÇÃO"]
[101512,"ENTRADA DE ENERGIA ELÉTRICA, AÉREA, TRIFÁSICA, COM CAIXA DE EMBUTIR, CABO DE 35 MM2 E DISJUNTOR DIN 50A (NÃO INCLUSO O POSTE DE CONCRETO). AF_07/2020","UN",1565.91,"COMPOSIÇÃO"]
[101513,"ENTRADA DE ENERGIA ELÉTRICA, SUBTERRÂNEA, MONOFÁSICA, COM CAIXA DE SOBREPOR, CABO DE 10 MM2 E DISJUNTOR DIN 50A (NÃO INCLUSA MURETA DE ALVENARIA). AF_07/2020_P","UN",510.49,"COMPOSIÇÃO"]
[101514,"ENTRADA DE ENERGIA ELÉTRICA, SUBTERRÂNEA, MONOFÁSICA, COM CAIXA DE SOBREPOR, CABO DE 16 MM2 E DISJUNTOR DIN 50A (NÃO INCLUSA MURETA DE ALVENARIA). AF_07/2020_P","UN",587.44000000000005,"COMPOSIÇÃO"]
[101515,"ENTRADA DE ENERGIA ELÉTRICA, SUBTERRÂNEA, MONOFÁSICA, COM CAIXA DE SOBREPOR, CABO DE 25 MM2 E DISJUNTOR DIN 50A (NÃO INCLUSA MURETA DE ALVENARIA). AF_07/2020_P","UN",613.30999999999995,"COMPOSIÇÃO"]
[101516,"ENTRADA DE ENERGIA ELÉTRICA, SUBTERRÂNEA, MONOFÁSICA, COM CAIXA DE SOBREPOR, CABO DE 35 MM2 E DISJUNTOR DIN 50A (NÃO INCLUSA MURETA DE ALVENARIA). AF_07/2020_P","UN",700.43,"COMPOSIÇÃO"]
[101517,"ENTRADA DE ENERGIA ELÉTRICA, SUBTERRÂNEA, MONOFÁSICA, COM CAIXA DE EMBUTIR, CABO DE 10 MM2 E DISJUNTOR DIN 50A (NÃO INCLUSA MURETA DE ALVENARIA). AF_07/2020_P","UN",498.7,"COMPOSIÇÃO"]
[101518,"ENTRADA DE ENERGIA ELÉTRICA, SUBTERRÂNEA, MONOFÁSICA, COM CAIXA DE EMBUTIR, CABO DE 16 MM2 E DISJUNTOR DIN 50A (NÃO INCLUSA MURETA DE ALVENARIA). AF_07/2020_P","UN",575.65,"COMPOSIÇÃO"]
[101519,"ENTRADA DE ENERGIA ELÉTRICA, SUBTERRÂNEA, MONOFÁSICA, COM CAIXA DE EMBUTIR, CABO DE 25 MM2 E DISJUNTOR DIN 50A (NÃO INCLUSA MURETA DE ALVENARIA). AF_07/2020_P","UN",601.52,"COMPOSIÇÃO"]
[101520,"ENTRADA DE ENERGIA ELÉTRICA, SUBTERRÂNEA, MONOFÁSICA, COM CAIXA DE EMBUTIR, CABO DE 35 MM2 E DISJUNTOR DIN 50A (NÃO INCLUSA MURETA DE ALVENARIA). AF_07/2020_P","UN",688.64,"COMPOSIÇÃO"]
[101521,"ENTRADA DE ENERGIA ELÉTRICA, SUBTERRÂNEA, BIFÁSICA, COM CAIXA DE SOBREPOR, CABO DE 10 MM2 E DISJUNTOR DIN 50A (NÃO INCLUSA MURETA DE ALVENARIA). AF_07/2020_P","UN",704.25,"COMPOSIÇÃO"]
[101522,"ENTRADA DE ENERGIA ELÉTRICA, SUBTERRÂNEA, BIFÁSICA, COM CAIXA DE SOBREPOR, CABO DE 16 MM2 E DISJUNTOR DIN 50A (NÃO INCLUSA MURETA DE ALVENARIA). AF_07/2020_P","UN",819.68,"COMPOSIÇÃO"]
[101523,"ENTRADA DE ENERGIA ELÉTRICA, SUBTERRÂNEA, BIFÁSICA, COM CAIXA DE SOBREPOR, CABO DE 25 MM2 E DISJUNTOR DIN 50A (NÃO INCLUSA MURETA DE ALVENARIA). AF_07/2020_P","UN",858.49,"COMPOSIÇÃO"]
[101524,"ENTRADA DE ENERGIA ELÉTRICA, SUBTERRÂNEA, BIFÁSICA, COM CAIXA DE SOBREPOR, CABO DE 35 MM2 E DISJUNTOR DIN 50A (NÃO INCLUSA MURETA DE ALVENARIA). AF_07/2020_P","UN",989.17,"COMPOSIÇÃO"]
[101525,"ENTRADA DE ENERGIA ELÉTRICA, SUBTERRÂNEA, BIFÁSICA, COM CAIXA DE EMBUTIR, CABO DE 10 MM2 E DISJUNTOR DIN 50A (NÃO INCLUSA MURETA DE ALVENARIA). AF_07/2020_P","UN",697.9,"COMPOSIÇÃO"]
[101526,"ENTRADA DE ENERGIA ELÉTRICA, SUBTERRÂNEA, BIFÁSICA, COM CAIXA DE EMBUTIR, CABO DE 16 MM2 E DISJUNTOR DIN 50A (NÃO INCLUSA MURETA DE ALVENARIA). AF_07/2020_P","UN",813.33,"COMPOSIÇÃO"]
[101527,"ENTRADA DE ENERGIA ELÉTRICA, SUBTERRÂNEA, BIFÁSICA, COM CAIXA DE EMBUTIR, CABO DE 25 MM2 E DISJUNTOR DIN 50A (NÃO INCLUSA MURETA DE ALVENARIA). AF_07/2020_P","UN",852.14,"COMPOSIÇÃO"]
[101528,"ENTRADA DE ENERGIA ELÉTRICA, SUBTERRÂNEA, BIFÁSICA, COM CAIXA DE EMBUTIR, CABO DE 35 MM2 E DISJUNTOR DIN 50A (NÃO INCLUSA MURETA DE ALVENARIA). AF_07/2020_P","UN",982.82,"COMPOSIÇÃO"]
[101529,"ENTRADA DE ENERGIA ELÉTRICA, SUBTERRÂNEA, TRIFÁSICA, COM CAIXA DE SOBREPOR, CABO DE 10 MM2 E DISJUNTOR DIN 50A (NÃO INCLUSA MURETA DE ALVENARIA). AF_07/2020_P","UN",796.54,"COMPOSIÇÃO"]
[101530,"ENTRADA DE ENERGIA ELÉTRICA, SUBTERRÂNEA, TRIFÁSICA, COM CAIXA DE SOBREPOR, CABO DE 16 MM2 E DISJUNTOR DIN 50A (NÃO INCLUSA MURETA DE ALVENARIA). AF_07/2020_P","UN",950.45,"COMPOSIÇÃO"]
[101531,"ENTRADA DE ENERGIA ELÉTRICA, SUBTERRÂNEA, TRIFÁSICA, COM CAIXA DE SOBREPOR, CABO DE 25 MM2 E DISJUNTOR DIN 50A (NÃO INCLUSA MURETA DE ALVENARIA). AF_07/2020_P","UN",1002.19,"COMPOSIÇÃO"]
[101532,"ENTRADA DE ENERGIA ELÉTRICA, SUBTERRÂNEA, TRIFÁSICA, COM CAIXA DE SOBREPOR, CABO DE 35 MM2 E DISJUNTOR DIN 50A (NÃO INCLUSA MURETA DE ALVENARIA). AF_07/2020_P","UN",1176.43,"COMPOSIÇÃO"]
[101533,"ENTRADA DE ENERGIA ELÉTRICA, SUBTERRÂNEA, TRIFÁSICA, COM CAIXA DE EMBUTIR, CABO DE 10 MM2 E DISJUNTOR DIN 50A (NÃO INCLUSA MURETA DE ALVENARIA). AF_07/2020","UN",874.01,"COMPOSIÇÃO"]
[101534,"ENTRADA DE ENERGIA ELÉTRICA, SUBTERRÂNEA, TRIFÁSICA, COM CAIXA DE EMBUTIR, CABO DE 16 MM2 E DISJUNTOR DIN 50A (NÃO INCLUSA MURETA DE ALVENARIA). AF_07/2020","UN",1027.92,"COMPOSIÇÃO"]
[101535,"ENTRADA DE ENERGIA ELÉTRICA, SUBTERRÂNEA, TRIFÁSICA, COM CAIXA DE EMBUTIR, CABO DE 25 MM2 E DISJUNTOR DIN 50A (NÃO INCLUSA MURETA DE ALVENARIA). AF_07/2020","UN",1079.6600000000001,"COMPOSIÇÃO"]
[101536,"ENTRADA DE ENERGIA ELÉTRICA, SUBTERRÂNEA, TRIFÁSICA, COM CAIXA DE EMBUTIR, CABO DE 35 MM2 E DISJUNTOR DIN 50A (NÃO INCLUSA MURETA DE ALVENARIA). AF_07/2020","UN",1253.9000000000001,"COMPOSIÇÃO"]
[101537,"APARELHO SINALIZADOR DE SAÍDA DE GARAGEM, COM CÉLULA FOTOELÉTRICA - FORNECIMENTO E INSTALAÇÃO. AF_07/2020","UN",114.57,"COMPOSIÇÃO"]
[101538,"ARMAÇÃO SECUNDÁRIA, COM 1 ESTRIBO E 1 ISOLADOR - FORNECIMENTO E INSTALAÇÃO. AF_07/2020","UN",30.59,"COMPOSIÇÃO"]
[101539,"ARMAÇÃO SECUNDÁRIA, COM 2 ESTRIBOS E 2 ISOLADORES - FORNECIMENTO E INSTALAÇÃO. AF_07/2020","UN",50.81,"COMPOSIÇÃO"]
[101540,"ARMAÇÃO SECUNDÁRIA, COM 3 ESTRIBOS E 3 ISOLADORES - FORNECIMENTO E INSTALAÇÃO. AF_07/2020","UN",85.46,"COMPOSIÇÃO"]
[101541,"ARMAÇÃO SECUNDÁRIA, COM 4 ESTRIBOS E 4 ISOLADORES - FORNECIMENTO E INSTALAÇÃO. AF_07/2020","UN",111.51,"COMPOSIÇÃO"]
[101542,"ARMAÇÃO SECUNDÁRIA, COM 1 ESTRIBO, SEM ISOLADOR - FORNECIMENTO E INSTALAÇÃO. AF_07/2020","UN",23.13,"COMPOSIÇÃO"]
[101543,"ARMAÇÃO SECUNDÁRIA, COM 2 ESTRIBOS, SEM ISOLADOR - FORNECIMENTO E INSTALAÇÃO. AF_07/2020","UN",41.24,"COMPOSIÇÃO"]
[101544,"ARMAÇÃO SECUNDÁRIA, COM 3 ESTRIBOS, SEM ISOLADOR - FORNECIMENTO E INSTALAÇÃO. AF_07/2020","UN",65.87,"COMPOSIÇÃO"]
[101545,"ARMAÇÃO SECUNDÁRIA, COM 4 ESTRIBOS, SEM ISOLADOR - FORNECIMENTO E INSTALAÇÃO. AF_07/2020","UN",95.4,"COMPOSIÇÃO"]
[101546,"ISOLADOR, TIPO PINO, PARA TENSÃO 15 KV - FORNECIMENTO E INSTALAÇÃO. AF_07/2020","UN",21.55,"COMPOSIÇÃO"]
[101547,"ISOLADOR, TIPO DISCO, PARA TENSÃO 15 KV - FORNECIMENTO E INSTALAÇÃO. AF_07/2020","UN",67.290000000000006,"COMPOSIÇÃO"]
[101548,"ISOLADOR, TIPO ROLDANA, PARA BAIXA TENSÃO - FORNECIMENTO E INSTALAÇÃO. AF_07/2020","UN",5.41,"COMPOSIÇÃO"]
[101549,"GRAMPO PARALELO METÁLICO, PARA REDES AÉREAS DE DISTRIBUIÇÃO DE ENERGIA ELÉTRICA DE BAIXA TENSÃO - FORNECIMENTO E INSTALAÇÃO. AF_07/2020","UN",11.66,"COMPOSIÇÃO"]
[101553,"ALÇA PREFORMADA DE DISTRIBUIÇÃO, EM  AÇO GALVANIZADO, AWG 1 - FORNECIMENTO E INSTALAÇÃO. AF_07/2020","UN",10.93,"COMPOSIÇÃO"]
[101554,"ALÇA PREFORMADA DE DISTRIBUIÇÃO, EM  AÇO GALVANIZADO, AWG 2 - FORNECIMENTO E INSTALAÇÃO. AF_07/2020","UN",7.98,"COMPOSIÇÃO"]
[101555,"ALÇA PREFORMADA DE DISTRIBUIÇÃO, EM  AÇO GALVANIZADO, AWG 4 - FORNECIMENTO E INSTALAÇÃO. AF_07/2020","UN",5.29,"COMPOSIÇÃO"]
[101556,"ALÇA PREFORMADA DE DISTRIBUIÇÃO, EM  AÇO GALVANIZADO, AWG 6 - FORNECIMENTO E INSTALAÇÃO. AF_07/2020","UN",4.8600000000000003,"COMPOSIÇÃO"]
[101560,"CABO DE COBRE FLEXÍVEL ISOLADO, 10 MM², 0,6/1,0 KV, PARA REDE AÉREA DE DISTRIBUIÇÃO DE ENERGIA ELÉTRICA DE BAIXA TENSÃO - FORNECIMENTO E INSTALAÇÃO. AF_07/2020","M",7.33,"COMPOSIÇÃO"]
[101561,"CABO DE COBRE FLEXÍVEL ISOLADO, 16 MM², 0,6/1,0 KV, PARA REDE AÉREA DE DISTRIBUIÇÃO DE ENERGIA ELÉTRICA DE BAIXA TENSÃO - FORNECIMENTO E INSTALAÇÃO. AF_07/2020","M",11.22,"COMPOSIÇÃO"]
[101562,"CABO DE COBRE FLEXÍVEL ISOLADO, 25 MM², 0,6/1,0 KV, PARA REDE AÉREA DE DISTRIBUIÇÃO DE ENERGIA ELÉTRICA DE BAIXA TENSÃO - FORNECIMENTO E INSTALAÇÃO. AF_07/2020","M",17.05,"COMPOSIÇÃO"]
[101563,"CABO DE COBRE FLEXÍVEL ISOLADO, 35 MM², 0,6/1,0 KV, PARA REDE AÉREA DE DISTRIBUIÇÃO DE ENERGIA ELÉTRICA DE BAIXA TENSÃO - FORNECIMENTO E INSTALAÇÃO. AF_07/2020","M",23.5,"COMPOSIÇÃO"]
[101564,"CABO DE COBRE FLEXÍVEL ISOLADO, 50 MM², 0,6/1,0 KV, PARA REDE AÉREA DE DISTRIBUIÇÃO DE ENERGIA ELÉTRICA DE BAIXA TENSÃO - FORNECIMENTO E INSTALAÇÃO. AF_07/2020","M",33.47,"COMPOSIÇÃO"]
[101565,"CABO DE COBRE FLEXÍVEL ISOLADO, 70 MM², 0,6/1,0 KV, PARA REDE AÉREA DE DISTRIBUIÇÃO DE ENERGIA ELÉTRICA DE BAIXA TENSÃO - FORNECIMENTO E INSTALAÇÃO. AF_07/2020","M",46.35,"COMPOSIÇÃO"]
[101567,"CABO DE COBRE FLEXÍVEL ISOLADO, 95 MM², 0,6/1,0 KV, PARA REDE AÉREA DE DISTRIBUIÇÃO DE ENERGIA ELÉTRICA DE BAIXA TENSÃO - FORNECIMENTO E INSTALAÇÃO. AF_07/2020","M",61.56,"COMPOSIÇÃO"]
[101568,"CABO DE COBRE FLEXÍVEL ISOLADO, 120 MM², 0,6/1,0 KV, PARA REDE AÉREA DE DISTRIBUIÇÃO DE ENERGIA ELÉTRICA DE BAIXA TENSÃO - FORNECIMENTO E INSTALAÇÃO. AF_07/2020","M",80.11,"COMPOSIÇÃO"]
[101626,"REATOR PARA LÂMPADA VAPOR DE MERCÚRIO 400 W, USO EXTERNO - FORNECIMENTO E INSTALAÇÃO. AF_08/2020","UN",95.4,"COMPOSIÇÃO"]
[101627,"REATOR PARA LÂMPADA VAPOR DE SÓDIO 250 W, USO EXTERNO - FORNECIMENTO E INSTALAÇÃO. AF_08/2020","UN",147.32,"COMPOSIÇÃO"]
[101628,"REATOR PARA LÂMPADA VAPOR DE MERCÚRIO 125 W, USO EXTERNO - FORNECIMENTO E INSTALAÇÃO. AF_08/2020","UN",71.39,"COMPOSIÇÃO"]
[101629,"REATOR PARA LÂMPADA VAPOR DE MERCÚRIO 250 W, USO EXTERNO - FORNECIMENTO E INSTALAÇÃO. AF_08/2020","UN",83.76,"COMPOSIÇÃO"]
[101630,"SUBSTITUIÇÃO DE REATOR PARA ILUMINAÇÃO PÚBLICA (NÃO INCLUI FORNECIMENTO). AF_08/2020","UN",44.25,"COMPOSIÇÃO"]
[101631,"IGNITOR PARA PARTIDA LÂMPADA VAPOR SÓDIO / VAPOR METÁLICO ATÉ 400 W - FORNECIMENTO E INSTALAÇÃO. AF_08/2020","UN",30.4,"COMPOSIÇÃO"]
[101632,"RELÉ FOTOELÉTRICO PARA COMANDO DE ILUMINAÇÃO EXTERNA 1000 W - FORNECIMENTO E INSTALAÇÃO. AF_08/2020","UN",20.97,"COMPOSIÇÃO"]
[101633,"SUBSTITUIÇÃO DE RELÉ FOTOELÉTRICO PARA COMANDO DE ILUMINAÇÃO EXTERNA 1000 W - FORNECIMENTO E INSTALAÇÃO. AF_08/2020","UN",55.75,"COMPOSIÇÃO"]
[101636,"BRAÇO PARA ILUMINAÇÃO PÚBLICA, EM TUBO DE AÇO GALVANIZADO, COMPRIMENTO DE 1,50 M, PARA FIXAÇÃO EM POSTE DE CONCRETO - FORNECIMENTO E INSTALAÇÃO. AF_08/2020","UN",92.11,"COMPOSIÇÃO"]
[101637,"BRAÇO PARA ILUMINAÇÃO PÚBLICA, EM TUBO DE AÇO GALVANIZADO, COMPRIMENTO DE 1,50 M, PARA FIXAÇÃO EM POSTE METÁLICO - FORNECIMENTO E INSTALAÇÃO. AF_08/2020","UN",87.65,"COMPOSIÇÃO"]
[101640,"LÂMPADA VAPOR METÁLICO 400 W - FORNECIMENTO E INSTALAÇÃO. AF_08/2020","UN",55.02,"COMPOSIÇÃO"]
[101641,"LÂMPADA VAPOR METÁLICO 150 W - FORNECIMENTO E INSTALAÇÃO. AF_08/2020","UN",28.6,"COMPOSIÇÃO"]
[101642,"LÂMPADA VAPOR DE MERCÚRIO 125 W - FORNECIMENTO E INSTALAÇÃO. AF_08/2020","UN",14.45,"COMPOSIÇÃO"]
[101643,"LÂMPADA VAPOR DE MERCÚRIO 250 W - FORNECIMENTO E INSTALAÇÃO. AF_08/2020","UN",24.99,"COMPOSIÇÃO"]
[101644,"LÂMPADA VAPOR DE MERCÚRIO 400 W - FORNECIMENTO E INSTALAÇÃO. AF_08/2020","UN",33.74,"COMPOSIÇÃO"]
[101645,"LÂMPADA MISTA 160 W - FORNECIMENTO E INSTALAÇÃO. AF_08/2020","UN",16.09,"COMPOSIÇÃO"]
[101646,"LÂMPADA MISTA 250 W - FORNECIMENTO E INSTALAÇÃO. AF_08/2020","UN",21.29,"COMPOSIÇÃO"]
[101647,"LÂMPADA MISTA 500 W - FORNECIMENTO E INSTALAÇÃO. AF_08/2020","UN",38.92,"COMPOSIÇÃO"]
[101648,"LÂMPADA VAPOR DE SÓDIO 150 W - FORNECIMENTO E INSTALAÇÃO. AF_08/2020","UN",30.16,"COMPOSIÇÃO"]
[101649,"LÂMPADA VAPOR DE SÓDIO 250 W - FORNECIMENTO E INSTALAÇÃO. AF_08/2020","UN",34.71,"COMPOSIÇÃO"]
[101650,"LÂMPADA VAPOR DE SÓDIO 400 W - FORNECIMENTO E INSTALAÇÃO. AF_08/2020","UN",40.31,"COMPOSIÇÃO"]
[101651,"SUBSTITUIÇÃO DE LÂMPADA PARA ILUMINAÇÃO PÚBLICA (NÃO INCLUI FORNECIMENTO). AF_08/2020","UN",36.28,"COMPOSIÇÃO"]
[101652,"LUMINÁRIA FECHADA, PARA ILUMINAÇÃO PÚBLICA, PARA LÂMPADA DE VAPOR - FORNECIMENTO E INSTALAÇÃO (EXCLUSIVE LÂMPADA E REATOR). AF_08/2020","UN",286.99,"COMPOSIÇÃO"]
[101653,"LUMINÁRIA ABERTA PARA ILUMINAÇÃO PÚBLICA, PARA LÂMPADA VAPOR DE MERCÚRIO ATÉ 400 W E MISTA ATÉ 500 W, COM BRAÇO EM TUBO DE AÇO GALV 1\", COMPRIMENTO DE 1,50 M, PARA POSTE DE CONCRETO - FORNECIMENTO E INSTALAÇÃO (EXCLUSIVE LÂMPADA E REATOR). AF_08/2020","UN",169.49,"COMPOSIÇÃO"]
[101654,"LUMINÁRIA DE LED PARA ILUMINAÇÃO PÚBLICA, DE 33 W ATÉ 50 W - FORNECIMENTO E INSTALAÇÃO. AF_08/2020","UN",240.78,"COMPOSIÇÃO"]
[101655,"LUMINÁRIA DE LED PARA ILUMINAÇÃO PÚBLICA, DE 51 W ATÉ 67 W - FORNECIMENTO E INSTALAÇÃO. AF_08/2020","UN",408.07,"COMPOSIÇÃO"]
[101656,"LUMINÁRIA DE LED PARA ILUMINAÇÃO PÚBLICA, DE 68 W ATÉ 97 W - FORNECIMENTO E INSTALAÇÃO. AF_08/2020","UN",447.13,"COMPOSIÇÃO"]
[101657,"LUMINÁRIA DE LED PARA ILUMINAÇÃO PÚBLICA, DE 98 W ATÉ 137 W - FORNECIMENTO E INSTALAÇÃO. AF_08/2020","UN",530.33000000000004,"COMPOSIÇÃO"]
[101658,"LUMINÁRIA DE LED PARA ILUMINAÇÃO PÚBLICA, DE 138 W ATÉ 180 W - FORNECIMENTO E INSTALAÇÃO. AF_08/2020","UN",701.42,"COMPOSIÇÃO"]
[101659,"LUMINÁRIA DE LED PARA ILUMINAÇÃO PÚBLICA, DE 181 W ATÉ 239 W - FORNECIMENTO E INSTALAÇÃO. AF_08/2020","UN",807.82,"COMPOSIÇÃO"]
[101660,"LUMINÁRIA DE LED PARA ILUMINAÇÃO PÚBLICA, DE 240 W ATÉ 350 W - FORNECIMENTO E INSTALAÇÃO. AF_08/2020","UN",1310.1300000000001,"COMPOSIÇÃO"]
[101661,"SUBSTITUIÇÃO DE LUMINÁRIA DE VAPOR DE MERCÚRIO/VAPOR DE SÓDIO POR LUMINÁRIA DE LED PARA ILUMINAÇÃO PÚBLICA (NÃO INCLUI FORNECIMENTO). AF_08/2020","UN",72.290000000000006,"COMPOSIÇÃO"]
[101662,"LUMINÁRIA FECHADA PARA ILUMINAÇÃO PÚBLICA, COM REATOR DE PARTIDA RÁPIDA, COM LÂMPADA VAPOR DE MERCÚRIO 250 W - FORNECIMENTO E INSTALAÇÃO. AF_08/2020","UN",395.77,"COMPOSIÇÃO"]
[101663,"ABRAÇADEIRA DE FIXAÇÃO DE BRAÇOS DE LUMINÁRIAS DE 2\" - FORNECIMENTO E INSTALAÇÃO. AF_08/2020","UN",18.510000000000002,"COMPOSIÇÃO"]
[101664,"ABRAÇADEIRA DE FIXAÇÃO DE BRAÇOS DE LUMINÁRIAS DE 3\" - FORNECIMENTO E INSTALAÇÃO. AF_08/2020","UN",19.27,"COMPOSIÇÃO"]
[101665,"ABRAÇADEIRA DE FIXAÇÃO DE BRAÇOS DE LUMINÁRIAS DE 4\" - FORNECIMENTO E INSTALAÇÃO. AF_08/2020","UN",22.5,"COMPOSIÇÃO"]
[101666,"REFLETOR RETANGULAR FECHADO, COM LÂMPADA VAPOR METÁLICO 400 W - FORNECIMENTO E INSTALAÇÃO. AF_08/2020","UN",225.67,"COMPOSIÇÃO"]
[100578,"ASSENTAMENTO DE POSTE DE CONCRETO COM COMPRIMENTO NOMINAL DE 9 M, CARGA NOMINAL MENOR OU IGUAL A 1000 DAN, ENGASTAMENTO SIMPLES COM 1,5 M DE SOLO (NÃO INCLUI FORNECIMENTO). AF_11/2019","UN",295.04000000000002,"COMPOSIÇÃO"]
[100579,"ASSENTAMENTO DE POSTE DE CONCRETO COM COMPRIMENTO NOMINAL DE 10 M, CARGA NOMINAL MENOR OU IGUAL A 1000 DAN, ENGASTAMENTO SIMPLES COM 1,6 M DE SOLO (NÃO INCLUI FORNECIMENTO). AF_11/2019","UN",323.14999999999998,"COMPOSIÇÃO"]
[100580,"ASSENTAMENTO DE POSTE DE CONCRETO COM COMPRIMENTO NOMINAL DE 10 M, CARGA NOMINAL MAIOR QUE 1000 DAN, ENGASTAMENTO SIMPLES COM 1,6 M DE SOLO (NÃO INCLUI FORNECIMENTO). AF_11/2019","UN",358.08,"COMPOSIÇÃO"]
[100581,"ASSENTAMENTO DE POSTE DE CONCRETO COM COMPRIMENTO NOMINAL DE 10,5 M, CARGA NOMINAL MENOR OU IGUAL A 1000 DAN, ENGASTAMENTO SIMPLES COM 1,65 M DE SOLO (NÃO INCLUI FORNECIMENTO). AF_11/2019","UN",337.08,"COMPOSIÇÃO"]
[100582,"ASSENTAMENTO DE POSTE DE CONCRETO COM COMPRIMENTO NOMINAL DE 10,5 M, CARGA NOMINAL MAIOR QUE 1000 DAN, ENGASTAMENTO SIMPLES COM 1,65 M DE SOLO (NÃO INCLUI FORNECIMENTO). AF_11/2019","UN",400.11,"COMPOSIÇÃO"]
[100583,"ASSENTAMENTO DE POSTE DE CONCRETO COM COMPRIMENTO NOMINAL DE 11 M, CARGA NOMINAL MENOR OU IGUAL A 1000 DAN, ENGASTAMENTO SIMPLES COM 1,7 M DE SOLO (NÃO INCLUI FORNECIMENTO). AF_11/2019","UN",352.12,"COMPOSIÇÃO"]
[100584,"ASSENTAMENTO DE POSTE DE CONCRETO COM COMPRIMENTO NOMINAL DE 11 M, CARGA NOMINAL MAIOR QUE 1000 DAN, ENGASTAMENTO SIMPLES COM 1,7 M DE SOLO (NÃO INCLUI FORNECIMENTO). AF_11/2019","UN",389.99,"COMPOSIÇÃO"]
[100585,"ASSENTAMENTO DE POSTE DE CONCRETO COM COMPRIMENTO NOMINAL DE 12 M, CARGA NOMINAL MENOR OU IGUAL A 1000 DAN, ENGASTAMENTO SIMPLES COM 1,8 M DE SOLO (NÃO INCLUI FORNECIMENTO). AF_11/2019","UN",381.27,"COMPOSIÇÃO"]
[100586,"ASSENTAMENTO DE POSTE DE CONCRETO COM COMPRIMENTO NOMINAL DE 12 M, CARGA NOMINAL MAIOR QUE 1000 DAN, ENGASTAMENTO SIMPLES COM 1,8 M DE SOLO (NÃO INCLUI FORNECIMENTO). AF_11/2019","UN",441.53,"COMPOSIÇÃO"]
[100587,"ASSENTAMENTO DE POSTE DE CONCRETO COM COMPRIMENTO NOMINAL DE 13 M, CARGA NOMINAL MENOR OU IGUAL A 1000 DAN, ENGASTAMENTO SIMPLES COM 1,9 M DE SOLO (NÃO INCLUI FORNECIMENTO). AF_11/2019","UN",411.64,"COMPOSIÇÃO"]
[100588,"ASSENTAMENTO DE POSTE DE CONCRETO COM COMPRIMENTO NOMINAL DE 13 M, CARGA NOMINAL MAIOR QUE 1000 DAN, ENGASTAMENTO SIMPLES COM 1,9 M DE SOLO (NÃO INCLUI FORNECIMENTO). AF_11/2019","UN",458.46,"COMPOSIÇÃO"]
[100589,"ASSENTAMENTO DE POSTE DE CONCRETO COM COMPRIMENTO NOMINAL DE 13,5 M, CARGA NOMINAL MENOR OU IGUAL A 1000 DAN, ENGASTAMENTO SIMPLES COM 1,95 M DE SOLO (NÃO INCLUI FORNECIMENTO). AF_11/2019","UN",459.47,"COMPOSIÇÃO"]
[100590,"ASSENTAMENTO DE POSTE DE CONCRETO COM COMPRIMENTO NOMINAL DE 13,5 M, CARGA NOMINAL MAIOR QUE 1000 DAN, ENGASTAMENTO SIMPLES COM 1,95 M DE SOLO (NÃO INCLUI FORNECIMENTO). AF_11/2019","UN",505.9,"COMPOSIÇÃO"]
[100591,"ASSENTAMENTO DE POSTE DE CONCRETO COM COMPRIMENTO NOMINAL DE 14 M, CARGA NOMINAL MENOR OU IGUAL A 1000 DAN, ENGASTAMENTO SIMPLES COM 2 M DE SOLO (NÃO INCLUI FORNECIMENTO). AF_11/2019","UN",454.18,"COMPOSIÇÃO"]
[100592,"ASSENTAMENTO DE POSTE DE CONCRETO COM COMPRIMENTO NOMINAL DE 14 M, CARGA NOMINAL MAIOR QUE 1000 DAN, ENGASTAMENTO SIMPLES COM 2 M DE SOLO (NÃO INCLUI FORNECIMENTO). AF_11/2019","UN",492.63,"COMPOSIÇÃO"]
[100593,"ASSENTAMENTO DE POSTE DE CONCRETO COM COMPRIMENTO NOMINAL DE 15 M, CARGA NOMINAL MENOR OU IGUAL A 1000 DAN, ENGASTAMENTO SIMPLES COM 2,1 M DE SOLO (NÃO INCLUI FORNECIMENTO). AF_11/2019","UN",486.64,"COMPOSIÇÃO"]
[100594,"ASSENTAMENTO DE POSTE DE CONCRETO COM COMPRIMENTO NOMINAL DE 15 M, CARGA NOMINAL MAIOR QUE 1000 DAN, ENGASTAMENTO SIMPLES COM 2,1 M DE SOLO (NÃO INCLUI FORNECIMENTO). AF_11/2019","UN",551.69000000000005,"COMPOSIÇÃO"]
[100595,"ASSENTAMENTO DE POSTE DE CONCRETO COM COMPRIMENTO NOMINAL DE 18 M, CARGA NOMINAL MENOR OU IGUAL A 1000 DAN, ENGASTAMENTO SIMPLES COM 2,4 M DE SOLO (NÃO INCLUI FORNECIMENTO). AF_11/2019","UN",584.04,"COMPOSIÇÃO"]
[100596,"ASSENTAMENTO DE POSTE DE CONCRETO COM COMPRIMENTO NOMINAL DE 18 M, CARGA NOMINAL MAIOR QUE 1000 DAN, ENGASTAMENTO SIMPLES COM 2,4 M DE SOLO (NÃO INCLUI FORNECIMENTO). AF_11/2019","UN",671.69,"COMPOSIÇÃO"]
[100597,"ASSENTAMENTO DE POSTE DE CONCRETO COM COMPRIMENTO NOMINAL DE 20 M, CARGA NOMINAL MENOR OU IGUAL A 1000 DAN, ENGASTAMENTO SIMPLES COM 2,6 M DE SOLO (NÃO INCLUI FORNECIMENTO). AF_11/2019","UN",678.82,"COMPOSIÇÃO"]
[100598,"ASSENTAMENTO DE POSTE DE CONCRETO COM COMPRIMENTO NOMINAL DE 20 M, CARGA NOMINAL MAIOR QUE 1000, ENGASTAMENTO SIMPLES COM 2,6 M DE SOLO (NÃO INCLUI FORNECIMENTO). AF_11/2019","UN",751.08,"COMPOSIÇÃO"]
[100599,"ASSENTAMENTO DE POSTE DE CONCRETO COM COMPRIMENTO NOMINAL DE 9 M, CARGA NOMINAL DE 150 DAN, ENGASTAMENTO BASE CONCRETADA COM 1 M DE CONCRETO E 0,5 M DE SOLO (NÃO INCLUI FORNECIMENTO). AF_11/2019","UN",308.04000000000002,"COMPOSIÇÃO"]
[100600,"ASSENTAMENTO DE POSTE DE CONCRETO COM COMPRIMENTO NOMINAL DE 9 M, CARGA NOMINAL DE 300 DAN, ENGASTAMENTO BASE CONCRETADA COM 1 M DE CONCRETO E 0,5 M DE SOLO (NÃO INCLUI FORNECIMENTO). AF_11/2019","UN",374.21,"COMPOSIÇÃO"]
[100601,"ASSENTAMENTO DE POSTE DE CONCRETO COM COMPRIMENTO NOMINAL DE 9 M, CARGA NOMINAL DE 400 DAN, ENGASTAMENTO BASE CONCRETADA COM 1 M DE CONCRETO E 0,5 M DE SOLO (NÃO INCLUI FORNECIMENTO). AF_11/2019","UN",486.53,"COMPOSIÇÃO"]
[100602,"ASSENTAMENTO DE POSTE DE CONCRETO COM COMPRIMENTO NOMINAL DE 9 M, CARGA NOMINAL DE 600 DAN, ENGASTAMENTO BASE CONCRETADA COM 1 M DE CONCRETO E 0,5 M DE SOLO (NÃO INCLUI FORNECIMENTO). AF_11/2019","UN",626.65,"COMPOSIÇÃO"]
[100603,"ASSENTAMENTO DE POSTE DE CONCRETO COM COMPRIMENTO NOMINAL DE 9 M, CARGA NOMINAL DE 1000 DAN, ENGASTAMENTO BASE CONCRETADA COM 1 M DE CONCRETO E 0,5 M DE SOLO (NÃO INCLUI FORNECIMENTO). AF_11/2019","UN",986.82,"COMPOSIÇÃO"]
[100604,"ASSENTAMENTO DE POSTE DE CONCRETO COM COMPRIMENTO NOMINAL DE 10 M, CARGA NOMINAL DE 300 DAN, ENGASTAMENTO BASE CONCRETADA COM 1 M DE CONCRETO E 0,6 M DE SOLO (NÃO INCLUI FORNECIMENTO). AF_11/2019","UN",395.53,"COMPOSIÇÃO"]
[100605,"ASSENTAMENTO DE POSTE DE CONCRETO COM COMPRIMENTO NOMINAL DE 10 M, CARGA NOMINAL DE 600 DAN, ENGASTAMENTO BASE CONCRETADA COM 1 M DE CONCRETO E 0,6 M DE SOLO (NÃO INCLUI FORNECIMENTO). AF_11/2019","UN",654.39,"COMPOSIÇÃO"]
[100606,"ASSENTAMENTO DE POSTE DE CONCRETO COM COMPRIMENTO NOMINAL DE 10 M, CARGA NOMINAL DE 1000 DAN, ENGASTAMENTO BASE CONCRETADA COM 1 M DE CONCRETO E 0,6 M DE SOLO (NÃO INCLUI FORNECIMENTO). AF_11/2019","UN",1022.91,"COMPOSIÇÃO"]
[100607,"ASSENTAMENTO DE POSTE DE CONCRETO COM COMPRIMENTO NOMINAL DE 10,5 M, CARGA NOMINAL DE 300 DAN, ENGASTAMENTO BASE CONCRETADA COM 1 M DE CONCRETO E 0,65 M DE SOLO (NÃO INCLUI FORNECIMENTO). AF_11/2019","UN",405.59,"COMPOSIÇÃO"]
[100608,"ASSENTAMENTO DE POSTE DE CONCRETO COM COMPRIMENTO NOMINAL DE 10,5 M, CARGA NOMINAL DE 600 DAN, ENGASTAMENTO BASE CONCRETADA COM 1 M DE CONCRETO E 0,65 M DE SOLO (NÃO INCLUI FORNECIMENTO). AF_11/2019","UN",668.08,"COMPOSIÇÃO"]
[100609,"ASSENTAMENTO DE POSTE DE CONCRETO COM COMPRIMENTO NOMINAL DE 10,5 M, CARGA NOMINAL DE 1000 DAN, ENGASTAMENTO BASE CONCRETADA COM 1 M DE CONCRETO E 0,65 M DE SOLO (NÃO INCLUI FORNECIMENTO). AF_11/2019","UN",1042.31,"COMPOSIÇÃO"]
[100610,"ASSENTAMENTO DE POSTE DE CONCRETO COM COMPRIMENTO NOMINAL DE 11 M, CARGA NOMINAL DE 300 DAN, ENGASTAMENTO BASE CONCRETADA COM 1 M DE CONCRETO E 0,7 M DE SOLO (NÃO INCLUI FORNECIMENTO). AF_11/2019","UN",415.57,"COMPOSIÇÃO"]
[100611,"ASSENTAMENTO DE POSTE DE CONCRETO COM COMPRIMENTO NOMINAL DE 11 M, CARGA NOMINAL DE 400 DAN, ENGASTAMENTO BASE CONCRETADA COM 1 M DE CONCRETO E 0,7 M DE SOLO (NÃO INCLUI FORNECIMENTO). AF_11/2019","UN",533.57000000000005,"COMPOSIÇÃO"]
[100612,"ASSENTAMENTO DE POSTE DE CONCRETO COM COMPRIMENTO NOMINAL DE 11 M, CARGA NOMINAL DE 600 DAN, ENGASTAMENTO BASE CONCRETADA COM 1 M DE CONCRETO E 0,7 M DE SOLO (NÃO INCLUI FORNECIMENTO). AF_11/2019","UN",681.43,"COMPOSIÇÃO"]
[100613,"ASSENTAMENTO DE POSTE DE CONCRETO COM COMPRIMENTO NOMINAL DE 11 M, CARGA NOMINAL DE 1000 DAN, ENGASTAMENTO BASE CONCRETADA COM 1 M DE CONCRETO E 0,7 M DE SOLO (NÃO INCLUI FORNECIMENTO). AF_11/2019","UN",1061.25,"COMPOSIÇÃO"]
[100614,"ASSENTAMENTO DE POSTE DE CONCRETO COM COMPRIMENTO NOMINAL DE 12 M, CARGA NOMINAL DE 400 DAN, ENGASTAMENTO BASE CONCRETADA COM 1 M DE CONCRETO E 0,8 M DE SOLO (NÃO INCLUI FORNECIMENTO). AF_11/2019","UN",556.58000000000004,"COMPOSIÇÃO"]
[100615,"ASSENTAMENTO DE POSTE DE CONCRETO COM COMPRIMENTO NOMINAL DE 12 M, CARGA NOMINAL DE 600 DAN, ENGASTAMENTO BASE CONCRETADA COM 1 M DE CONCRETO E 0,8 M DE SOLO (NÃO INCLUI FORNECIMENTO). AF_11/2019","UN",707.9,"COMPOSIÇÃO"]
[100616,"ASSENTAMENTO DE POSTE DE CONCRETO COM COMPRIMENTO NOMINAL DE 12 M, CARGA NOMINAL DE 1000 DAN, ENGASTAMENTO BASE CONCRETADA COM 1 M DE CONCRETO E 0,8 M DE SOLO (NÃO INCLUI FORNECIMENTO). AF_11/2019","UN",1101.1600000000001,"COMPOSIÇÃO"]
[100617,"ASSENTAMENTO DE POSTE DE CONCRETO COM COMPRIMENTO NOMINAL DE 13 M, CARGA NOMINAL DE 600 DAN, ENGASTAMENTO BASE CONCRETADA COM 1 M DE CONCRETO E 0,9 M DE SOLO (NÃO INCLUI FORNECIMENTO). AF_11/2019","UN",734.22,"COMPOSIÇÃO"]
[100618,"ASSENTAMENTO DE POSTE DE CONCRETO COM COMPRIMENTO NOMINAL DE 13 M, CARGA NOMINAL DE 1000 DAN, ENGASTAMENTO BASE CONCRETADA COM 1 M DE CONCRETO E 0,9 M DE SOLO - SOMENTE INSTALAÇÃO, SEM FORNECIMENTO. AF_11/2019","UN",1144.9100000000001,"COMPOSIÇÃO"]
[100619,"POSTE DECORATIVO PARA JARDIM EM AÇO TUBULAR, H = *2,5* M, SEM LUMINÁRIA - FORNECIMENTO E INSTALAÇÃO. AF_11/2019","UN",331.32,"COMPOSIÇÃO"]
[100620,"POSTE DE AÇO CONICO CONTÍNUO CURVO SIMPLES, FLANGEADO, H=9M, INCLUSIVE LUMINÁRIA, SEM LÂMPADA - FORNECIMENTO E INSTALACAO. AF_11/2019","UN",1929.61,"COMPOSIÇÃO"]
[100621,"POSTE DE AÇO CONICO CONTÍNUO CURVO DUPLO, FLANGEADO, H=9M, INCLUSIVE LUMINÁRIAS, SEM LÂMPADAS - FORNECIMENTO E INSTALACAO. AF_11/2019","UN",2165.5100000000002,"COMPOSIÇÃO"]
[100622,"POSTE DE AÇO CONICO CONTÍNUO CURVO SIMPLES, ENGASTADO, H=9M, INCLUSIVE LUMINÁRIA, SEM LÂMPADA - FORNECIMENTO E INSTALACAO. AF_11/2019","UN",1264.83,"COMPOSIÇÃO"]
[100623,"POSTE DE AÇO CONICO CONTÍNUO CURVO DUPLO, ENGASTADO, H=9M, INCLUSIVE LUMINÁRIAS, SEM LÂMPADAS - FORNECIMENTO E INSTALACAO. AF_11/2019","UN",1368.52,"COMPOSIÇÃO"]
[83479,"LUMINÁRIA ESTANQUE COM PROTECAO CONTRA ÁGUA, POEIRA OU IMPACTOS - FORNECIMENTO E INSTALAÇÃO. AF_08/2020","UN",115.26,"COMPOSIÇÃO"]
[97600,"REFLETOR EM ALUMÍNIO, DE SUPORTE E ALÇA, COM 1 LÂMPADA VAPOR DE MERCÚRIO DE 125 W, COM REATOR ALTO FATOR DE POTÊNCIA - FORNECIMENTO E INSTALAÇÃO. AF_02/2020","UN",204.78,"COMPOSIÇÃO"]
[97601,"REFLETOR EM ALUMÍNIO, DE SUPORTE E ALÇA, COM LÂMPADA VAPOR DE MERCÚRIO DE 250 W, COM REATOR ALTO FATOR DE POTÊNCIA - FORNECIMENTO E INSTALAÇÃO. AF_02/2020","UN",215.32,"COMPOSIÇÃO"]
[97605,"LUMINÁRIA ARANDELA TIPO MEIA LUA, DE SOBREPOR, COM 1 LÂMPADA LED DE 6 W, SEM REATOR - FORNECIMENTO E INSTALAÇÃO. AF_02/2020","UN",56.87,"COMPOSIÇÃO"]
[97606,"LUMINÁRIA ARANDELA TIPO MEIA LUA, DE SOBREPOR, COM 1 LÂMPADA FLUORESCENTE DE 15 W, SEM REATOR - FORNECIMENTO E INSTALAÇÃO. AF_02/2020","UN",58.56,"COMPOSIÇÃO"]
[97607,"LUMINÁRIA ARANDELA TIPO TARTARUGA, DE SOBREPOR, COM 1 LÂMPADA LED DE 6 W, SEM REATOR - FORNECIMENTO E INSTALAÇÃO. AF_02/2020","UN",67.89,"COMPOSIÇÃO"]
[97608,"LUMINÁRIA ARANDELA TIPO TARTARUGA, COM GRADE, DE SOBREPOR, COM 1 LÂMPADA FLUORESCENTE DE 15 W, SEM REATOR - FORNECIMENTO E INSTALAÇÃO. AF_02/2020","UN",69.58,"COMPOSIÇÃO"]
["73857/001","TRANSFORMADOR DISTRIBUICAO  75KVA TRIFASICO 60HZ CLASSE 15KV IMERSO EM ÓLEO MINERAL FORNECIMENTO E INSTALACAO","UN",7073.46,"COMPOSIÇÃO"]
["73857/002","TRANSFORMADOR DISTRIBUICAO  112,5KVA TRIFASICO 60HZ CLASSE 15KV IMERSO EM ÓLEO MINERAL FORNECIMENTO E INSTALACAO","UN",8741.2000000000007,"COMPOSIÇÃO"]
["73857/003","TRANSFORMADOR DISTRIBUICAO  150KVA TRIFASICO 60HZ CLASSE 15KV IMERSO EM ÓLEO MINERAL FORNECIMENTO E INSTALACAO","UN",11019.17,"COMPOSIÇÃO"]
["73857/004","TRANSFORMADOR DISTRIBUICAO  225KVA TRIFASICO 60HZ CLASSE 15KV IMERSO EM ÓLEO MINERAL FORNECIMENTO E INSTALACAO","UN",15432.45,"COMPOSIÇÃO"]
["73857/005","TRANSFORMADOR DISTRIBUICAO  300KVA TRIFASICO 60HZ CLASSE 15KV IMERSO EM ÓLEO MINERAL FORNECIMENTO E INSTALACAO","UN",18001.5,"COMPOSIÇÃO"]
["73857/006","TRANSFORMADOR DISTRIBUICAO  500KVA TRIFASICO 60HZ CLASSE 15KV IMERSO EM ÓLEO MINERAL FORNECIMENTO E INSTALACAO","UN",29301.73,"COMPOSIÇÃO"]
["73857/007","TRANSFORMADOR DISTRIBUICAO  30KVA TRIFASICO 60HZ CLASSE 15KV IMERSO EM ÓLEO MINERAL FORNECIMENTO E INSTALACAO","UN",4882.99,"COMPOSIÇÃO"]
["73857/008","TRANSFORMADOR DISTRIBUICAO  45KVA TRIFASICO 60HZ CLASSE 15KV IMERSO EM ÓLEO MINERAL FORNECIMENTO E INSTALACAO","UN",5468.05,"COMPOSIÇÃO"]
["73857/009","TRANSFORMADOR DISTRIBUICAO  750KVA TRIFASICO 60HZ CLASSE 15KV IMERSO EM ÓLEO MINERAL FORNECIMENTO E INSTALACAO","UN",40149.620000000003,"COMPOSIÇÃO"]
["73857/010","TRANSFORMADOR DISTRIBUICAO  1000KVA TRIFASICO 60HZ CLASSE 15KV IMERSO EM ÓLEO MINERAL FORNECIMENTO E INSTALACAO","UN",56159.81,"COMPOSIÇÃO"]
[93128,"PONTO DE ILUMINAÇÃO RESIDENCIAL INCLUINDO INTERRUPTOR SIMPLES, CAIXA ELÉTRICA, ELETRODUTO, CABO, RASGO, QUEBRA E CHUMBAMENTO (EXCLUINDO LUMINÁRIA E LÂMPADA). AF_01/2016","UN",105.39,"COMPOSIÇÃO"]
[93137,"PONTO DE ILUMINAÇÃO RESIDENCIAL INCLUINDO INTERRUPTOR SIMPLES (2 MÓDULOS), CAIXA ELÉTRICA, ELETRODUTO, CABO, RASGO, QUEBRA E CHUMBAMENTO (EXCLUINDO LUMINÁRIA E LÂMPADA). AF_01/2016","UN",123.93,"COMPOSIÇÃO"]
[93138,"PONTO DE ILUMINAÇÃO RESIDENCIAL INCLUINDO INTERRUPTOR PARALELO, CAIXA ELÉTRICA, ELETRODUTO, CABO, RASGO, QUEBRA E CHUMBAMENTO (EXCLUINDO LUMINÁRIA E LÂMPADA). AF_01/2016","UN",118.09,"COMPOSIÇÃO"]
[93139,"PONTO DE ILUMINAÇÃO RESIDENCIAL INCLUINDO INTERRUPTOR PARALELO (2 MÓDULOS), CAIXA ELÉTRICA, ELETRODUTO, CABO, RASGO, QUEBRA E CHUMBAMENTO (EXCLUINDO LUMINÁRIA E LÂMPADA). AF_01/2016","UN",149.30000000000001,"COMPOSIÇÃO"]
[93140,"PONTO DE ILUMINAÇÃO RESIDENCIAL INCLUINDO INTERRUPTOR SIMPLES CONJUGADO COM PARALELO, CAIXA ELÉTRICA, ELETRODUTO, CABO, RASGO, QUEBRA E CHUMBAMENTO (EXCLUINDO LUMINÁRIA E LÂMPADA). AF_01/2016","UN",140.81,"COMPOSIÇÃO"]
[93141,"PONTO DE TOMADA RESIDENCIAL INCLUINDO TOMADA 10A/250V, CAIXA ELÉTRICA, ELETRODUTO, CABO, RASGO, QUEBRA E CHUMBAMENTO. AF_01/2016","UN",128.51,"COMPOSIÇÃO"]
[93142,"PONTO DE TOMADA RESIDENCIAL INCLUINDO TOMADA (2 MÓDULOS) 10A/250V, CAIXA ELÉTRICA, ELETRODUTO, CABO, RASGO, QUEBRA E CHUMBAMENTO. AF_01/2016","UN",142.16,"COMPOSIÇÃO"]
[93143,"PONTO DE TOMADA RESIDENCIAL INCLUINDO TOMADA 20A/250V, CAIXA ELÉTRICA, ELETRODUTO, CABO, RASGO, QUEBRA E CHUMBAMENTO. AF_01/2016","UN",129.81,"COMPOSIÇÃO"]
[93144,"PONTO DE UTILIZAÇÃO DE EQUIPAMENTOS ELÉTRICOS, RESIDENCIAL, INCLUINDO SUPORTE E PLACA, CAIXA ELÉTRICA, ELETRODUTO, CABO, RASGO, QUEBRA E CHUMBAMENTO. AF_01/2016","UN",169.23,"COMPOSIÇÃO"]
[93145,"PONTO DE ILUMINAÇÃO E TOMADA, RESIDENCIAL, INCLUINDO INTERRUPTOR SIMPLES E TOMADA 10A/250V, CAIXA ELÉTRICA, ELETRODUTO, CABO, RASGO, QUEBRA E CHUMBAMENTO (EXCLUINDO LUMINÁRIA E LÂMPADA). AF_01/2016","UN",155.44999999999999,"COMPOSIÇÃO"]
[93146,"PONTO DE ILUMINAÇÃO E TOMADA, RESIDENCIAL, INCLUINDO INTERRUPTOR PARALELO E TOMADA 10A/250V, CAIXA ELÉTRICA, ELETRODUTO, CABO, RASGO, QUEBRA E CHUMBAMENTO (EXCLUINDO LUMINÁRIA E LÂMPADA). AF_01/2016","UN",168.15,"COMPOSIÇÃO"]
[93147,"PONTO DE ILUMINAÇÃO E TOMADA, RESIDENCIAL, INCLUINDO INTERRUPTOR SIMPLES, INTERRUPTOR PARALELO E TOMADA 10A/250V, CAIXA ELÉTRICA, ELETRODUTO, CABO, RASGO, QUEBRA E CHUMBAMENTO (EXCLUINDO LUMINÁRIA E LÂMPADA). AF_01/2016","UN",190.91,"COMPOSIÇÃO"]
[96971,"CORDOALHA DE COBRE NU 16 MM², NÃO ENTERRADA, COM ISOLADOR - FORNECIMENTO E INSTALAÇÃO. AF_12/2017","M",23.63,"COMPOSIÇÃO"]
[96972,"CORDOALHA DE COBRE NU 25 MM², NÃO ENTERRADA, COM ISOLADOR - FORNECIMENTO E INSTALAÇÃO. AF_12/2017","M",32.31,"COMPOSIÇÃO"]
[96973,"CORDOALHA DE COBRE NU 35 MM², NÃO ENTERRADA, COM ISOLADOR - FORNECIMENTO E INSTALAÇÃO. AF_12/2017","M",40.659999999999997,"COMPOSIÇÃO"]
[96974,"CORDOALHA DE COBRE NU 50 MM², NÃO ENTERRADA, COM ISOLADOR - FORNECIMENTO E INSTALAÇÃO. AF_12/2017","M",51.62,"COMPOSIÇÃO"]
[96975,"CORDOALHA DE COBRE NU 70 MM², NÃO ENTERRADA, COM ISOLADOR - FORNECIMENTO E INSTALAÇÃO. AF_12/2017","M",66.19,"COMPOSIÇÃO"]
[96976,"CORDOALHA DE COBRE NU 95 MM², NÃO ENTERRADA, COM ISOLADOR - FORNECIMENTO E INSTALAÇÃO. AF_12/2017","M",85.46,"COMPOSIÇÃO"]
[96977,"CORDOALHA DE COBRE NU 50 MM², ENTERRADA, SEM ISOLADOR - FORNECIMENTO E INSTALAÇÃO. AF_12/2017","M",32.24,"COMPOSIÇÃO"]
[96978,"CORDOALHA DE COBRE NU 70 MM², ENTERRADA, SEM ISOLADOR - FORNECIMENTO E INSTALAÇÃO. AF_12/2017","M",45.17,"COMPOSIÇÃO"]
[96979,"CORDOALHA DE COBRE NU 95 MM², ENTERRADA, SEM ISOLADOR - FORNECIMENTO E INSTALAÇÃO. AF_12/2017","M",63.25,"COMPOSIÇÃO"]
[96984,"ELETRODUTO PVC 40MM (1 ¼ ) PARA SPDA - FORNECIMENTO E INSTALAÇÃO. AF_12/2017","UN",40.700000000000003,"COMPOSIÇÃO"]
[96985,"HASTE DE ATERRAMENTO 5/8  PARA SPDA - FORNECIMENTO E INSTALAÇÃO. AF_12/2017","UN",46.18,"COMPOSIÇÃO"]
[96986,"HASTE DE ATERRAMENTO 3/4  PARA SPDA - FORNECIMENTO E INSTALAÇÃO. AF_12/2017","UN",69.11,"COMPOSIÇÃO"]
[96987,"BASE METÁLICA PARA MASTRO 1 ½  PARA SPDA - FORNECIMENTO E INSTALAÇÃO. AF_12/2017","UN",107.53,"COMPOSIÇÃO"]
[96988,"MASTRO 1 ½  PARA SPDA - FORNECIMENTO E INSTALAÇÃO. AF_12/2017","UN",157.80000000000001,"COMPOSIÇÃO"]
[96989,"CAPTOR TIPO FRANKLIN PARA SPDA - FORNECIMENTO E INSTALAÇÃO. AF_12/2017","UN",103.85,"COMPOSIÇÃO"]
[98463,"SUPORTE ISOLADOR PARA CORDOALHA DE COBRE - FORNECIMENTO E INSTALAÇÃO. AF_12/2017","UN",20.41,"COMPOSIÇÃO"]
[88547,"CHAVE DE BOIA AUTOMÁTICA SUPERIOR 10A/250V - FORNECIMENTO E INSTALACAO","UN",69.36,"COMPOSIÇÃO"]
[72283,"ABRIGO PARA HIDRANTE, 75X45X17CM, COM REGISTRO GLOBO ANGULAR 45º 2.1/2\", ADAPTADOR STORZ 2.1/2\", MANGUEIRA DE INCÊNDIO 15M, REDUÇÃO 2.1/2X1.1/2\" E ESGUICHO EM LATÃO 1.1/2\" - FORNECIMENTO E INSTALAÇÃO","UN",919.19,"COMPOSIÇÃO"]
[72287,"CAIXA DE INCÊNDIO 45X75X17CM - FORNECIMENTO E INSTALAÇÃO","UN",218.49,"COMPOSIÇÃO"]
[72288,"CAIXA DE INCÊNDIO 60X90X17CM - FORNECIMENTO E INSTALAÇÃO","UN",271.51,"COMPOSIÇÃO"]
[72553,"EXTINTOR DE PQS 4KG - FORNECIMENTO E INSTALACAO","UN",138.83000000000001,"COMPOSIÇÃO"]
[72554,"EXTINTOR DE CO2 6KG - FORNECIMENTO E INSTALACAO","UN",463.83,"COMPOSIÇÃO"]
["73775/001","EXTINTOR INCENDIO TP PO QUIMICO 4KG FORNECIMENTO E COLOCACAO","UN",145.52000000000001,"COMPOSIÇÃO"]
["73775/002","EXTINTOR INCENDIO AGUA-PRESSURIZADA 10L INCL SUPORTE PAREDE CARGA     COMPLETA FORNECIMENTO E COLOCACAO","UN",149.87,"COMPOSIÇÃO"]
[83633,"HIDRANTE SUBTERRANEO FERRO FUNDIDO C/ CURVA LONGA E CAIXA DN=75MM","UN",1905.32,"COMPOSIÇÃO"]
[83634,"EXTINTOR INCENDIO TP GAS CARBONICO 4KG COMPLETO - FORNECIMENTO E INSTALACAO","UN",435.69,"COMPOSIÇÃO"]
[83635,"EXTINTOR INCENDIO TP PO QUIMICO 6KG - FORNECIMENTO E INSTALACAO","UN",168.74,"COMPOSIÇÃO"]
[96765,"ABRIGO PARA HIDRANTE, 90X60X17CM, COM REGISTRO GLOBO ANGULAR 45 GRAUS 2 1/2\", ADAPTADOR STORZ 2 1/2\", MANGUEIRA DE INCÊNDIO 20M, REDUÇÃO 2 1/2 X 1 1/2\" E ESGUICHO EM LATÃO 1 1/2\" - FORNECIMENTO E INSTALAÇÃO. AF_08/2017","UN",1080.1099999999999,"COMPOSIÇÃO"]
["73749/001","CAIXA ENTERRADA PARA INSTALACOES TELEFONICAS TIPO R1 0,60X0,35X0,50M EM BLOCOS DE CONCRETO ESTRUTURAL","UN",0,"COMPOSIÇÃO"]
["73749/002","CAIXA ENTERRADA PARA INSTALACOES TELEFONICAS TIPO R2 1,07X0,52X0,50M EM BLOCOS DE CONCRETO ESTRUTURAL","UN",353.27,"COMPOSIÇÃO"]
["73749/003","CAIXA ENTERRADA PARA INSTALACOES TELEFONICAS TIPO R3 1,30X1,20X1,20M EM BLOCOS DE CONCRETO ESTRUTURAL","UN",1142.21,"COMPOSIÇÃO"]
[84796,"TAMPAO FOFO P/ CAIXA R2 PADRAO TELEBRAS COMPLETO - FORNECIMENTO E INSTALACAO","UN",593.37,"COMPOSIÇÃO"]
[84798,"TAMPAO FOFO P/ CAIXA R1 PADRAO TELEBRAS COMPLETO - FORNECIMENTO E INSTALACAO","UN",264.05,"COMPOSIÇÃO"]
[98261,"CABO TELEFÔNICO CCI-50 1 PAR, INSTALADO EM ENTRADA DE EDIFICAÇÃO - FORNECIMENTO E INSTALAÇÃO. AF_11/2019","M",2.95,"COMPOSIÇÃO"]
[98262,"CABO TELEFÔNICO CCI-50 2 PARES, SEM BLINDAGEM, INSTALADO EM ENTRADA DE EDIFICAÇÃO - FORNECIMENTO E INSTALAÇÃO. AF_11/2019","M",3.6,"COMPOSIÇÃO"]
[98263,"CABO TELEFÔNICO CCI-50 3 PARES, SEM BLINDAGEM, INSTALADO EM ENTRADA DE EDIFICAÇÃO - FORNECIMENTO E INSTALAÇÃO. AF_11/2019","M",4.38,"COMPOSIÇÃO"]
[98264,"CABO TELEFÔNICO CCI-50 4 PARES, SEM BLINDAGEM, INSTALADO EM ENTRADA DE EDIFICAÇÃO - FORNECIMENTO E INSTALAÇÃO. AF_11/2019","M",5,"COMPOSIÇÃO"]
[98265,"CABO TELEFÔNICO CCI-50 5 PARES, SEM BLINDAGEM, INSTALADO EM ENTRADA DE EDIFICAÇÃO - FORNECIMENTO E INSTALAÇÃO. AF_11/2019","M",5.94,"COMPOSIÇÃO"]
[98266,"CABO TELEFÔNICO CCI-50 6 PARES, SEM BLINDAGEM, INSTALADO EM ENTRADA DE EDIFICAÇÃO - FORNECIMENTO E INSTALAÇÃO. AF_11/2019","M",6.46,"COMPOSIÇÃO"]
[98267,"CABO TELEFÔNICO CI-50 10 PARES INSTALADO EM ENTRADA DE EDIFICAÇÃO - FORNECIMENTO E INSTALAÇÃO. AF_11/2019","M",10.98,"COMPOSIÇÃO"]
[98268,"CABO TELEFÔNICO CI-50 20 PARES INSTALADO EM ENTRADA DE EDIFICAÇÃO - FORNECIMENTO E INSTALAÇÃO. AF_11/2019","M",18.59,"COMPOSIÇÃO"]
[98269,"CABO TELEFÔNICO CI-50 30 PARES INSTALADO EM ENTRADA DE EDIFICAÇÃO - FORNECIMENTO E INSTALAÇÃO. AF_11/2019","M",24.34,"COMPOSIÇÃO"]
[98270,"CABO TELEFÔNICO CI-50 50 PARES INSTALADO EM ENTRADA DE EDIFICAÇÃO - FORNECIMENTO E INSTALAÇÃO. AF_11/2019","M",40.43,"COMPOSIÇÃO"]
[98271,"CABO TELEFÔNICO CI-50 75 PARES INSTALADO EM ENTRADA DE EDIFICAÇÃO - FORNECIMENTO E INSTALAÇÃO. AF_11/2019","M",63.57,"COMPOSIÇÃO"]
[98272,"CABO TELEFÔNICO CI-50 200 PARES INSTALADO EM ENTRADA DE EDIFICAÇÃO - FORNECIMENTO E INSTALAÇÃO. AF_11/2019","M",151.12,"COMPOSIÇÃO"]
[98273,"CABO TELEFÔNICO CCI-50 4 PARES, SEM BLINDAGEM, INSTALADO EM PRUMADA - FORNECIMENTO E INSTALAÇÃO. AF_11/2019","M",2.82,"COMPOSIÇÃO"]
[98274,"CABO TELEFÔNICO CCI-50 5 PARES, SEM BLINDAGEM, INSTALADO EM PRUMADA - FORNECIMENTO E INSTALAÇÃO. AF_11/2019","M",3.74,"COMPOSIÇÃO"]
[98275,"CABO TELEFÔNICO CCI-50 6 PARES, SEM BLINDAGEM, INSTALADO EM PRUMADA - FORNECIMENTO E INSTALAÇÃO. AF_11/2019","M",4.28,"COMPOSIÇÃO"]
[98276,"CABO TELEFÔNICO CI-50 10 PARES INSTALADO EM PRUMADA - FORNECIMENTO E INSTALAÇÃO. AF_11/2019","M",8.7899999999999991,"COMPOSIÇÃO"]
[98277,"CABO TELEFÔNICO CI-50 20 PARES INSTALADO EM PRUMADA - FORNECIMENTO E INSTALAÇÃO. AF_11/2019","M",16.41,"COMPOSIÇÃO"]
[98278,"CABO TELEFÔNICO CI-50 30 PARES INSTALADO EM PRUMADA - FORNECIMENTO E INSTALAÇÃO. AF_11/2019","M",22.15,"COMPOSIÇÃO"]
[98279,"CABO TELEFÔNICO CI-50 50 PARES INSTALADO EM PRUMADA - FORNECIMENTO E INSTALAÇÃO. AF_11/2019","M",38.25,"COMPOSIÇÃO"]
[98280,"CABO TELEFÔNICO CCI-50 1 PAR, SEM BLINDAGEM, INSTALADO EM DISTRIBUIÇÃO DE EDIFICAÇÃO RESIDENCIAL - FORNECIMENTO E INSTALAÇÃO. AF_11/2019","M",5.76,"COMPOSIÇÃO"]
[98281,"CABO TELEFÔNICO CCI-50 2 PARES, SEM BLINDAGEM, INSTALADO EM DISTRIBUIÇÃO DE EDIFICAÇÃO RESIDENCIAL - FORNECIMENTO E INSTALAÇÃO. AF_11/2019","M",6.42,"COMPOSIÇÃO"]
[98282,"CABO TELEFÔNICO CCI-50 3 PARES, SEM BLINDAGEM, INSTALADO EM DISTRIBUIÇÃO DE EDIFICAÇÃO RESIDENCIAL - FORNECIMENTO E INSTALAÇÃO. AF_11/2019","M",7.2,"COMPOSIÇÃO"]
[98283,"CABO TELEFÔNICO CCI-50 4 PARES, SEM BLINDAGEM, INSTALADO EM DISTRIBUIÇÃO DE EDIFICAÇÃO RESIDENCIAL - FORNECIMENTO E INSTALAÇÃO. AF_11/2019","M",7.82,"COMPOSIÇÃO"]
[98284,"CABO TELEFÔNICO CCI-50 5 PARES, SEM BLINDAGEM, INSTALADO EM DISTRIBUIÇÃO DE EDIFICAÇÃO RESIDENCIAL - FORNECIMENTO E INSTALAÇÃO. AF_11/2019","M",8.75,"COMPOSIÇÃO"]
[98285,"CABO TELEFÔNICO CCI-50 6 PARES, SEM BLINDAGEM, INSTALADO EM DISTRIBUIÇÃO DE EDIFICAÇÃO RESIDENCIAL - FORNECIMENTO E INSTALAÇÃO. AF_11/2019","M",9.2799999999999994,"COMPOSIÇÃO"]
[98286,"CABO TELEFÔNICO CI-50 10 PARES INSTALADO EM DISTRIBUIÇÃO DE EDIFICAÇÃO RESIDENCIAL - FORNECIMENTO E INSTALAÇÃO. AF_11/2019","M",13.8,"COMPOSIÇÃO"]
[98287,"CABO TELEFÔNICO CCI-50 1 PAR, SEM BLINDAGEM, INSTALADO EM DISTRIBUIÇÃO DE EDIFICAÇÃO INSTITUCIONAL - FORNECIMENTO E INSTALAÇÃO. AF_11/2019","M",1.26,"COMPOSIÇÃO"]
[98288,"CABO TELEFÔNICO CCI-50 2 PARES, SEM BLINDAGEM, INSTALADO EM DISTRIBUIÇÃO DE EDIFICAÇÃO INSTITUCIONAL - FORNECIMENTO E INSTALAÇÃO. AF_11/2019","M",1.91,"COMPOSIÇÃO"]
[98289,"CABO TELEFÔNICO CCI-50 3 PARES, SEM BLINDAGEM, INSTALADO EM DISTRIBUIÇÃO DE EDIFICAÇÃO INSTITUCIONAL - FORNECIMENTO E INSTALAÇÃO. AF_11/2019","M",2.69,"COMPOSIÇÃO"]
[98290,"CABO TELEFÔNICO CCI-50 4 PARES, SEM BLINDAGEM, INSTALADO EM DISTRIBUIÇÃO DE EDIFICAÇÃO INSTITUCIONAL - FORNECIMENTO E INSTALAÇÃO. AF_11/2019","M",3.32,"COMPOSIÇÃO"]
[98291,"CABO TELEFÔNICO CCI-50 5 PARES, SEM BLINDAGEM, INSTALADO EM DISTRIBUIÇÃO DE EDIFICAÇÃO INSTITUCIONAL - FORNECIMENTO E INSTALAÇÃO. AF_11/2019","M",4.24,"COMPOSIÇÃO"]
[98292,"CABO TELEFÔNICO CCI-50 6 PARES, SEM BLINDAGEM, INSTALADO EM DISTRIBUIÇÃO DE EDIFICAÇÃO INSTITUCIONAL - FORNECIMENTO E INSTALAÇÃO. AF_11/2019","M",4.7699999999999996,"COMPOSIÇÃO"]
[98293,"CABO TELEFÔNICO CI-50 10 PARES INSTALADO EM DISTRIBUIÇÃO DE EDIFICAÇÃO INSTITUCIONAL - FORNECIMENTO E INSTALAÇÃO. AF_11/2019","M",9.2899999999999991,"COMPOSIÇÃO"]
[98400,"CABO TELEFÔNICO CTP-APL-50 10 PARES INSTALADO EM ENTRADA DE EDIFICAÇÃO - FORNECIMENTO E INSTALAÇÃO. AF_11/2019","M",13.26,"COMPOSIÇÃO"]
[98401,"CABO TELEFÔNICO CTP-APL-50 20 PARES INSTALADO EM ENTRADA DE EDIFICAÇÃO - FORNECIMENTO E INSTALAÇÃO. AF_11/2019","M",21.06,"COMPOSIÇÃO"]
[98402,"CABO TELEFÔNICO CTP-APL-50 30 PARES INSTALADO EM ENTRADA DE EDIFICAÇÃO - FORNECIMENTO E INSTALAÇÃO. AF_11/2019","M",27.6,"COMPOSIÇÃO"]
[100556,"CAIXA DE PASSAGEM PARA TELEFONE 15X15X10CM (SOBREPOR), FORNECIMENTO E INSTALACAO. AF_11/2019","UN",31.2,"COMPOSIÇÃO"]
[100557,"CAIXA DE PASSAGEM PARA TELEFONE 80X80X15CM (SOBREPOR) FORNECIMENTO E INSTALACAO. AF_11/2019","UN",385.75,"COMPOSIÇÃO"]
[100560,"QUADRO DE DISTRIBUIÇÃO PARA TELEFONE N.2, 20X20X12CM EM CHAPA METALICA, DE EMBUTIR, SEM ACESSORIOS, PADRÃO TELEBRAS, FORNECIMENTO E INSTALAÇÃO. AF_11/2019","UN",84.64,"COMPOSIÇÃO"]
[100561,"QUADRO DE DISTRIBUICAO PARA TELEFONE N.3, 40X40X12CM EM CHAPA METALICA, DE EMBUTIR, SEM ACESSORIOS, PADRAO TELEBRAS, FORNECIMENTO E INSTALAÇÃO. AF_11/2019","UN",153.82,"COMPOSIÇÃO"]
[100562,"QUADRO DE DISTRIBUICAO PARA TELEFONE N.4, 60X60X12CM EM CHAPA METALICA, DE EMBUTIR, SEM ACESSORIOS, PADRAO TELEBRAS, FORNECIMENTO E INSTALAÇÃO. AF_11/2019","UN",237.45,"COMPOSIÇÃO"]
[100563,"QUADRO DE DISTRIBUIÇÃO PARA TELEFONE N.5, 80X80X12CM EM CHAPA METALICA, SEM ACESSORIOS, PADRAO TELEBRAS, FORNECIMENTO E INSTALAÇÃO. AF_11/2019","UN",341.67,"COMPOSIÇÃO"]
[98397,"PINTURA ANTICORROSIVA DE DUTO METÁLICO. AF_04/2018","M2",8.5,"COMPOSIÇÃO"]
["74003/001","INSTALACOES GAS CENTRAL P/ EDIFICIO RESIDENCIAL C/ 4 PAVTOS 16 UNID.  UMA CENTRAL POR BLOCO COM 16 PONTOS","UN",5534.07,"COMPOSIÇÃO"]
[85120,"MANOMETRO 0 A 200 PSI (0 A 14 KGF/CM2), D = 50MM - FORNECIMENTO E COLOCACAO","UN",99.91,"COMPOSIÇÃO"]
[83486,"BOMBA CENTRIFUGA C/ MOTOR ELETRICO TRIFASICO 1CV","UN",1307.5899999999999,"COMPOSIÇÃO"]
[83643,"BOMBA SUBMERSIVEL ELETRICA, TRIFASICA, POTÊNCIA 3,75 HP, DIAMETRO DO ROTOR 90 MM SEMIABERTO, BOCAL DE SAIDA DIAMETRO DE 2 POLEGADAS, HM/Q = 5 M / 61,2 M3/H A 25,5 M / 3,6 M3/H","UN",3836.03,"COMPOSIÇÃO"]
[83644,"BOMBA RECALQUE D'AGUA TRIFASICA 10,0 HP","UN",5658.93,"COMPOSIÇÃO"]
[83645,"BOMBA RECALQUE D'AGUA TRIFASICA 3,0 HP","UN",1783.49,"COMPOSIÇÃO"]
[83646,"BOMBA RECALQUE D'AGUA DE ESTAGIOS TRIFASICA 2,0 HP","UN",2073.84,"COMPOSIÇÃO"]
[83647,"BOMBA RECALQUE D'AGUA TRIFASICA 1,5HP","UN",1348.97,"COMPOSIÇÃO"]
[83648,"BOMBA RECALQUE D'AGUA TRIFASICA 0,5 HP","UN",858.07,"COMPOSIÇÃO"]
[83649,"BOMBA RECALQUE D'AGUA PREDIO 6 A 10 PAVTOS - 2UD","UN",5084.4799999999996,"COMPOSIÇÃO"]
[83650,"BOMBA RECALQUE D'AGUA PREDIO 3 A 5 PAVTOS - 2UD","UN",4215.4399999999996,"COMPOSIÇÃO"]
[98294,"CABO ELETRÔNICO CATEGORIA 5E, INSTALADO EM EDIFICAÇÃO RESIDENCIAL - FORNECIMENTO E INSTALAÇÃO. AF_11/2019","M",1.7,"COMPOSIÇÃO"]
[98295,"CABO ELETRÔNICO CATEGORIA 5E, INSTALADO EM EDIFICAÇÃO INSTITUCIONAL - FORNECIMENTO E INSTALAÇÃO. AF_11/2019","M",1.19,"COMPOSIÇÃO"]
[98296,"CABO ELETRÔNICO CATEGORIA 6, INSTALADO EM EDIFICAÇÃO RESIDENCIAL - FORNECIMENTO E INSTALAÇÃO. AF_11/2019","M",2.62,"COMPOSIÇÃO"]
[98297,"CABO ELETRÔNICO CATEGORIA 6, INSTALADO EM EDIFICAÇÃO INSTITUCIONAL - FORNECIMENTO E INSTALAÇÃO. AF_11/2019","M",1.81,"COMPOSIÇÃO"]
[98301,"PATCH PANEL 24 PORTAS, CATEGORIA 5E - FORNECIMENTO E INSTALAÇÃO. AF_11/2019","UN",394.61,"COMPOSIÇÃO"]
[98302,"PATCH PANEL 24 PORTAS, CATEGORIA 6 - FORNECIMENTO E INSTALAÇÃO. AF_11/2019","UN",520.29,"COMPOSIÇÃO"]
[98304,"PATCH PANEL 48 PORTAS, CATEGORIA 6 - FORNECIMENTO E INSTALAÇÃO. AF_11/2019","UN",845.7,"COMPOSIÇÃO"]
[98307,"TOMADA DE REDE RJ45 - FORNECIMENTO E INSTALAÇÃO. AF_11/2019","UN",28.84,"COMPOSIÇÃO"]
[98308,"TOMADA PARA TELEFONE RJ11 - FORNECIMENTO E INSTALAÇÃO. AF_11/2019","UN",19.59,"COMPOSIÇÃO"]
[98593,"PATCH PANEL 48 PORTAS, CATEGORIA 5E - FORNECIMENTO E INSTALAÇÃO. AF_11/2019","UN",695.58,"COMPOSIÇÃO"]
[89355,"TUBO, PVC, SOLDÁVEL, DN 20MM, INSTALADO EM RAMAL OU SUB-RAMAL DE ÁGUA - FORNECIMENTO E INSTALAÇÃO. AF_12/2014","M",13.78,"COMPOSIÇÃO"]
[89356,"TUBO, PVC, SOLDÁVEL, DN 25MM, INSTALADO EM RAMAL OU SUB-RAMAL DE ÁGUA - FORNECIMENTO E INSTALAÇÃO. AF_12/2014","M",16.260000000000002,"COMPOSIÇÃO"]
[89357,"TUBO, PVC, SOLDÁVEL, DN 32MM, INSTALADO EM RAMAL OU SUB-RAMAL DE ÁGUA - FORNECIMENTO E INSTALAÇÃO. AF_12/2014","M",22.54,"COMPOSIÇÃO"]
[89401,"TUBO, PVC, SOLDÁVEL, DN 20MM, INSTALADO EM RAMAL DE DISTRIBUIÇÃO DE ÁGUA - FORNECIMENTO E INSTALAÇÃO. AF_12/2014","M",5.81,"COMPOSIÇÃO"]
[89402,"TUBO, PVC, SOLDÁVEL, DN 25MM, INSTALADO EM RAMAL DE DISTRIBUIÇÃO DE ÁGUA - FORNECIMENTO E INSTALAÇÃO. AF_12/2014","M",7.04,"COMPOSIÇÃO"]
[89403,"TUBO, PVC, SOLDÁVEL, DN 32MM, INSTALADO EM RAMAL DE DISTRIBUIÇÃO DE ÁGUA - FORNECIMENTO E INSTALAÇÃO. AF_12/2014","M",11.54,"COMPOSIÇÃO"]
[89446,"TUBO, PVC, SOLDÁVEL, DN 25MM, INSTALADO EM PRUMADA DE ÁGUA - FORNECIMENTO E INSTALAÇÃO. AF_12/2014","M",3.55,"COMPOSIÇÃO"]
[89447,"TUBO, PVC, SOLDÁVEL, DN 32MM, INSTALADO EM PRUMADA DE ÁGUA - FORNECIMENTO E INSTALAÇÃO. AF_12/2014","M",7.42,"COMPOSIÇÃO"]
[89448,"TUBO, PVC, SOLDÁVEL, DN 40MM, INSTALADO EM PRUMADA DE ÁGUA - FORNECIMENTO E INSTALAÇÃO. AF_12/2014","M",10.65,"COMPOSIÇÃO"]
[89449,"TUBO, PVC, SOLDÁVEL, DN 50MM, INSTALADO EM PRUMADA DE ÁGUA - FORNECIMENTO E INSTALAÇÃO. AF_12/2014","M",12.27,"COMPOSIÇÃO"]
[89450,"TUBO, PVC, SOLDÁVEL, DN 60MM, INSTALADO EM PRUMADA DE ÁGUA - FORNECIMENTO E INSTALAÇÃO. AF_12/2014","M",20.18,"COMPOSIÇÃO"]
[89451,"TUBO, PVC, SOLDÁVEL, DN 75MM, INSTALADO EM PRUMADA DE ÁGUA - FORNECIMENTO E INSTALAÇÃO. AF_12/2014","M",33.26,"COMPOSIÇÃO"]
[89452,"TUBO, PVC, SOLDÁVEL, DN 85MM, INSTALADO EM PRUMADA DE ÁGUA - FORNECIMENTO E INSTALAÇÃO. AF_12/2014","M",41.38,"COMPOSIÇÃO"]
[89508,"TUBO PVC, SÉRIE R, ÁGUA PLUVIAL, DN 40 MM, FORNECIDO E INSTALADO EM RAMAL DE ENCAMINHAMENTO. AF_12/2014","M",15.28,"COMPOSIÇÃO"]
[89509,"TUBO PVC, SÉRIE R, ÁGUA PLUVIAL, DN 50 MM, FORNECIDO E INSTALADO EM RAMAL DE ENCAMINHAMENTO. AF_12/2014","M",21.61,"COMPOSIÇÃO"]
[89511,"TUBO PVC, SÉRIE R, ÁGUA PLUVIAL, DN 75 MM, FORNECIDO E INSTALADO EM RAMAL DE ENCAMINHAMENTO. AF_12/2014","M",32.700000000000003,"COMPOSIÇÃO"]
[89512,"TUBO PVC, SÉRIE R, ÁGUA PLUVIAL, DN 100 MM, FORNECIDO E INSTALADO EM RAMAL DE ENCAMINHAMENTO. AF_12/2014","M",51.46,"COMPOSIÇÃO"]
[89576,"TUBO PVC, SÉRIE R, ÁGUA PLUVIAL, DN 75 MM, FORNECIDO E INSTALADO EM CONDUTORES VERTICAIS DE ÁGUAS PLUVIAIS. AF_12/2014","M",18.5,"COMPOSIÇÃO"]
[89578,"TUBO PVC, SÉRIE R, ÁGUA PLUVIAL, DN 100 MM, FORNECIDO E INSTALADO EM CONDUTORES VERTICAIS DE ÁGUAS PLUVIAIS. AF_12/2014","M",31.82,"COMPOSIÇÃO"]
[89580,"TUBO PVC, SÉRIE R, ÁGUA PLUVIAL, DN 150 MM, FORNECIDO E INSTALADO EM CONDUTORES VERTICAIS DE ÁGUAS PLUVIAIS. AF_12/2014","M",62.37,"COMPOSIÇÃO"]
[89633,"TUBO, CPVC, SOLDÁVEL, DN 15MM, INSTALADO EM RAMAL OU SUB-RAMAL DE ÁGUA - FORNECIMENTO E INSTALAÇÃO. AF_12/2014","M",20.059999999999999,"COMPOSIÇÃO"]
[89634,"TUBO, CPVC, SOLDÁVEL, DN 22MM, INSTALADO EM RAMAL OU SUB-RAMAL DE ÁGUA - FORNECIMENTO E INSTALAÇÃO. AF_12/2014","M",30.76,"COMPOSIÇÃO"]
[89635,"TUBO, CPVC, SOLDÁVEL, DN 28MM, INSTALADO EM RAMAL OU SUB-RAMAL DE ÁGUA - FORNECIMENTO E INSTALAÇÃO. AF_12/2014","M",44.3,"COMPOSIÇÃO"]
[89636,"TUBO, CPVC, SOLDÁVEL, DN 35MM, INSTALADO EM RAMAL OU SUB-RAMAL DE ÁGUA \u0096 FORNECIMENTO E INSTALAÇÃO. AF_12/2014","M",53.99,"COMPOSIÇÃO"]
[89711,"TUBO PVC, SERIE NORMAL, ESGOTO PREDIAL, DN 40 MM, FORNECIDO E INSTALADO EM RAMAL DE DESCARGA OU RAMAL DE ESGOTO SANITÁRIO. AF_12/2014","M",14.74,"COMPOSIÇÃO"]
[89712,"TUBO PVC, SERIE NORMAL, ESGOTO PREDIAL, DN 50 MM, FORNECIDO E INSTALADO EM RAMAL DE DESCARGA OU RAMAL DE ESGOTO SANITÁRIO. AF_12/2014","M",22.47,"COMPOSIÇÃO"]
[89713,"TUBO PVC, SERIE NORMAL, ESGOTO PREDIAL, DN 75 MM, FORNECIDO E INSTALADO EM RAMAL DE DESCARGA OU RAMAL DE ESGOTO SANITÁRIO. AF_12/2014","M",34.659999999999997,"COMPOSIÇÃO"]
[89714,"TUBO PVC, SERIE NORMAL, ESGOTO PREDIAL, DN 100 MM, FORNECIDO E INSTALADO EM RAMAL DE DESCARGA OU RAMAL DE ESGOTO SANITÁRIO. AF_12/2014","M",44.84,"COMPOSIÇÃO"]
[89716,"TUBO, CPVC, SOLDÁVEL, DN 22MM, INSTALADO EM RAMAL DE DISTRIBUIÇÃO DE ÁGUA - FORNECIMENTO E INSTALAÇÃO. AF_12/2014","M",22.43,"COMPOSIÇÃO"]
[89717,"TUBO, CPVC, SOLDÁVEL, DN 28MM, INSTALADO EM RAMAL DE DISTRIBUIÇÃO DE ÁGUA - FORNECIMENTO E INSTALAÇÃO. AF_12/2014","M",34.479999999999997,"COMPOSIÇÃO"]
[89770,"TUBO, CPVC, SOLDÁVEL, DN 35MM, INSTALADO EM PRUMADA DE ÁGUA \u0096 FORNECIMENTO E INSTALAÇÃO. AF_12/2014","M",38.11,"COMPOSIÇÃO"]
[89771,"TUBO, CPVC, SOLDÁVEL, DN 42MM, INSTALADO EM PRUMADA DE ÁGUA \u0096 FORNECIMENTO E INSTALAÇÃO. AF_12/2014","M",52.1,"COMPOSIÇÃO"]
[89773,"TUBO, CPVC, SOLDÁVEL, DN 73MM, INSTALADO EM PRUMADA DE ÁGUA \u0096 FORNECIMENTO E INSTALAÇÃO. AF_12/2014","M",121.4,"COMPOSIÇÃO"]
[89775,"TUBO, CPVC, SOLDÁVEL, DN 89MM, INSTALADO EM PRUMADA DE ÁGUA \u0096 FORNECIMENTO E INSTALAÇÃO. AF_12/2014","M",191.82,"COMPOSIÇÃO"]
[89798,"TUBO PVC, SERIE NORMAL, ESGOTO PREDIAL, DN 50 MM, FORNECIDO E INSTALADO EM PRUMADA DE ESGOTO SANITÁRIO OU VENTILAÇÃO. AF_12/2014","M",9.16,"COMPOSIÇÃO"]
[89799,"TUBO PVC, SERIE NORMAL, ESGOTO PREDIAL, DN 75 MM, FORNECIDO E INSTALADO EM PRUMADA DE ESGOTO SANITÁRIO OU VENTILAÇÃO. AF_12/2014","M",15.22,"COMPOSIÇÃO"]
[89800,"TUBO PVC, SERIE NORMAL, ESGOTO PREDIAL, DN 100 MM, FORNECIDO E INSTALADO EM PRUMADA DE ESGOTO SANITÁRIO OU VENTILAÇÃO. AF_12/2014","M",19.07,"COMPOSIÇÃO"]
[89848,"TUBO PVC, SERIE NORMAL, ESGOTO PREDIAL, DN 100 MM, FORNECIDO E INSTALADO EM SUBCOLETOR AÉREO DE ESGOTO SANITÁRIO. AF_12/2014","M",23.45,"COMPOSIÇÃO"]
[89849,"TUBO PVC, SERIE NORMAL, ESGOTO PREDIAL, DN 150 MM, FORNECIDO E INSTALADO EM SUBCOLETOR AÉREO DE ESGOTO SANITÁRIO. AF_12/2014","M",44.89,"COMPOSIÇÃO"]
[89865,"TUBO, PVC, SOLDÁVEL, DN 25MM, INSTALADO EM DRENO DE AR-CONDICIONADO - FORNECIMENTO E INSTALAÇÃO. AF_12/2014","M",9.7899999999999991,"COMPOSIÇÃO"]
[91784,"(COMPOSIÇÃO REPRESENTATIVA) DO SERVIÇO DE INSTALAÇÃO DE TUBOS DE PVC, SOLDÁVEL, ÁGUA FRIA, DN 20 MM (INSTALADO EM RAMAL, SUB-RAMAL OU RAMAL DE DISTRIBUIÇÃO), INCLUSIVE CONEXÕES, CORTES E FIXAÇÕES, PARA PRÉDIOS. AF_10/2015","M",33.53,"COMPOSIÇÃO"]
[91785,"(COMPOSIÇÃO REPRESENTATIVA) DO SERVIÇO DE INSTALAÇÃO DE TUBOS DE PVC, SOLDÁVEL, ÁGUA FRIA, DN 25 MM (INSTALADO EM RAMAL, SUB-RAMAL, RAMAL DE DISTRIBUIÇÃO OU PRUMADA), INCLUSIVE CONEXÕES, CORTES E FIXAÇÕES, PARA PRÉDIOS. AF_10/2015","M",33.22,"COMPOSIÇÃO"]
[91786,"(COMPOSIÇÃO REPRESENTATIVA) DO SERVIÇO DE INSTALAÇÃO TUBOS DE PVC, SOLDÁVEL, ÁGUA FRIA, DN 32 MM (INSTALADO EM RAMAL, SUB-RAMAL, RAMAL DE DISTRIBUIÇÃO OU PRUMADA), INCLUSIVE CONEXÕES, CORTES E FIXAÇÕES, PARA PRÉDIOS. AF_10/2015","M",22.11,"COMPOSIÇÃO"]
[91787,"(COMPOSIÇÃO REPRESENTATIVA) DO SERVIÇO DE INSTALAÇÃO DE TUBOS DE PVC, SOLDÁVEL, ÁGUA FRIA, DN 40 MM (INSTALADO EM PRUMADA), INCLUSIVE CONEXÕES, CORTES E FIXAÇÕES, PARA PRÉDIOS. AF_10/2015","M",23.92,"COMPOSIÇÃO"]
[91788,"(COMPOSIÇÃO REPRESENTATIVA) DO SERVIÇO DE INSTALAÇÃO DE TUBOS DE PVC, SOLDÁVEL, ÁGUA FRIA, DN 50 MM (INSTALADO EM PRUMADA), INCLUSIVE CONEXÕES, CORTES E FIXAÇÕES, PARA PRÉDIOS. AF_10/2015","M",30.79,"COMPOSIÇÃO"]
[91789,"(COMPOSIÇÃO REPRESENTATIVA) DO SERVIÇO DE INSTALAÇÃO DE TUBOS DE PVC, SÉRIE R, ÁGUA PLUVIAL, DN 75 MM (INSTALADO EM RAMAL DE ENCAMINHAMENTO, OU CONDUTORES VERTICAIS), INCLUSIVE CONEXÕES, CORTE E FIXAÇÕES, PARA PRÉDIOS. AF_10/2015","M",34.340000000000003,"COMPOSIÇÃO"]
[91790,"(COMPOSIÇÃO REPRESENTATIVA) DO SERVIÇO DE INSTALAÇÃO DE TUBOS DE PVC, SÉRIE R, ÁGUA PLUVIAL, DN 100 MM (INSTALADO EM RAMAL DE ENCAMINHAMENTO, OU CONDUTORES VERTICAIS), INCLUSIVE CONEXÕES, CORTES E FIXAÇÕES, PARA PRÉDIOS. AF_10/2015","M",52.08,"COMPOSIÇÃO"]
[91791,"(COMPOSIÇÃO REPRESENTATIVA) DO SERVIÇO DE INSTALAÇÃO DE TUBOS DE PVC, SÉRIE R, ÁGUA PLUVIAL, DN 150 MM (INSTALADO EM CONDUTORES VERTICAIS), INCLUSIVE CONEXÕES, CORTES E FIXAÇÕES, PARA PRÉDIOS. AF_10/2015","M",66.73,"COMPOSIÇÃO"]
[91792,"(COMPOSIÇÃO REPRESENTATIVA) DO SERVIÇO DE INSTALAÇÃO DE TUBO DE PVC, SÉRIE NORMAL, ESGOTO PREDIAL, DN 40 MM (INSTALADO EM RAMAL DE DESCARGA OU RAMAL DE ESGOTO SANITÁRIO), INCLUSIVE CONEXÕES, CORTES E FIXAÇÕES, PARA PRÉDIOS. AF_10/2015","M",44.89,"COMPOSIÇÃO"]
[91793,"(COMPOSIÇÃO REPRESENTATIVA) DO SERVIÇO DE INSTALAÇÃO DE TUBO DE PVC, SÉRIE NORMAL, ESGOTO PREDIAL, DN 50 MM (INSTALADO EM RAMAL DE DESCARGA OU RAMAL DE ESGOTO SANITÁRIO), INCLUSIVE CONEXÕES, CORTES E FIXAÇÕES PARA, PRÉDIOS. AF_10/2015","M",68.95,"COMPOSIÇÃO"]
[91794,"(COMPOSIÇÃO REPRESENTATIVA) DO SERVIÇO DE INST. TUBO PVC, SÉRIE N, ESGOTO PREDIAL, DN 75 MM, (INST. EM RAMAL DE DESCARGA, RAMAL DE ESG. SANITÁRIO, PRUMADA DE ESG. SANITÁRIO OU VENTILAÇÃO), INCL. CONEXÕES, CORTES E FIXAÇÕES, P/ PRÉDIOS. AF_10/2015","M",31.55,"COMPOSIÇÃO"]
[91795,"(COMPOSIÇÃO REPRESENTATIVA) DO SERVIÇO DE INST. TUBO PVC, SÉRIE N, ESGOTO PREDIAL, 100 MM (INST. RAMAL DESCARGA, RAMAL DE ESG. SANIT., PRUMADA ESG. SANIT., VENTILAÇÃO OU SUB-COLETOR AÉREO), INCL. CONEXÕES E CORTES, FIXAÇÕES, P/ PRÉDIOS. AF_10/2015","M",53.58,"COMPOSIÇÃO"]
[91796,"(COMPOSIÇÃO REPRESENTATIVA) DO SERVIÇO DE INSTALAÇÃO DE TUBO DE PVC, SÉRIE NORMAL, ESGOTO PREDIAL, DN 150 MM (INSTALADO EM SUB-COLETOR AÉREO), INCLUSIVE CONEXÕES, CORTES E FIXAÇÕES, PARA PRÉDIOS. AF_10/2015","M",55.54,"COMPOSIÇÃO"]
[92275,"TUBO EM COBRE RÍGIDO, DN 22 MM, CLASSE E, SEM ISOLAMENTO, INSTALADO EM PRUMADA \u0096 FORNECIMENTO E INSTALAÇÃO. AF_12/2015","M",39.43,"COMPOSIÇÃO"]
[92276,"TUBO EM COBRE RÍGIDO, DN 28 MM, CLASSE E, SEM ISOLAMENTO, INSTALADO EM PRUMADA \u0096 FORNECIMENTO E INSTALAÇÃO. AF_12/2015","M",49.92,"COMPOSIÇÃO"]
[92277,"TUBO EM COBRE RÍGIDO, DN 35 MM, CLASSE E, SEM ISOLAMENTO, INSTALADO EM PRUMADA \u0096 FORNECIMENTO E INSTALAÇÃO. AF_12/2015","M",71.94,"COMPOSIÇÃO"]
[92278,"TUBO EM COBRE RÍGIDO, DN 42 MM, CLASSE E, SEM ISOLAMENTO, INSTALADO EM PRUMADA \u0096 FORNECIMENTO E INSTALAÇÃO. AF_12/2015","M",96.7,"COMPOSIÇÃO"]
[92279,"TUBO EM COBRE RÍGIDO, DN 54 MM, CLASSE E, SEM ISOLAMENTO, INSTALADO EM PRUMADA \u0096 FORNECIMENTO E INSTALAÇÃO. AF_12/2015","M",139.66999999999999,"COMPOSIÇÃO"]
[92280,"TUBO EM COBRE RÍGIDO, DN 66 MM, CLASSE E, SEM ISOLAMENTO, INSTALADO EM PRUMADA \u0096 FORNECIMENTO E INSTALAÇÃO. AF_12/2015","M",196.01,"COMPOSIÇÃO"]
[92281,"TUBO EM COBRE RÍGIDO, DN 22 MM, CLASSE E, COM ISOLAMENTO, INSTALADO EM PRUMADA \u0096 FORNECIMENTO E INSTALAÇÃO. AF_12/2015","M",111.14,"COMPOSIÇÃO"]
[92282,"TUBO EM COBRE RÍGIDO, DN 28 MM, CLASSE E, COM ISOLAMENTO, INSTALADO EM PRUMADA \u0096 FORNECIMENTO E INSTALAÇÃO. AF_12/2015","M",124.53,"COMPOSIÇÃO"]
[92283,"TUBO EM COBRE RÍGIDO, DN 35 MM, CLASSE E, COM ISOLAMENTO, INSTALADO EM PRUMADA \u0096 FORNECIMENTO E INSTALAÇÃO. AF_12/2015","M",166.28,"COMPOSIÇÃO"]
[92284,"TUBO EM COBRE RÍGIDO, DN 42 MM, CLASSE E, COM ISOLAMENTO, INSTALADO EM PRUMADA \u0096 FORNECIMENTO E INSTALAÇÃO. AF_12/2015","M",204.3,"COMPOSIÇÃO"]
[92285,"TUBO EM COBRE RÍGIDO, DN 54 MM, CLASSE E, COM ISOLAMENTO, INSTALADO EM PRUMADA \u0096 FORNECIMENTO E INSTALAÇÃO. AF_12/2015","M",268.24,"COMPOSIÇÃO"]
[92286,"TUBO EM COBRE RÍGIDO, DN 66 MM, CLASSE E, COM ISOLAMENTO, INSTALADO EM PRUMADA \u0096 FORNECIMENTO E INSTALAÇÃO. AF_12/2015","M",326.39999999999998,"COMPOSIÇÃO"]
[92305,"TUBO EM COBRE RÍGIDO, DN 15 MM, CLASSE E, SEM ISOLAMENTO, INSTALADO EM RAMAL DE DISTRIBUIÇÃO \u0096 FORNECIMENTO E INSTALAÇÃO. AF_12/2015","M",26.36,"COMPOSIÇÃO"]
[92306,"TUBO EM COBRE RÍGIDO, DN 22 MM, CLASSE E, SEM ISOLAMENTO, INSTALADO EM RAMAL DE DISTRIBUIÇÃO \u0096 FORNECIMENTO E INSTALAÇÃO. AF_12/2015","M",42.85,"COMPOSIÇÃO"]
[92307,"TUBO EM COBRE RÍGIDO, DN 28 MM, CLASSE E, SEM ISOLAMENTO, INSTALADO EM RAMAL DE DISTRIBUIÇÃO \u0096 FORNECIMENTO E INSTALAÇÃO. AF_12/2015","M",53.59,"COMPOSIÇÃO"]
[92308,"TUBO EM COBRE RÍGIDO, DN 15 MM, CLASSE E, COM ISOLAMENTO, INSTALADO EM RAMAL DE DISTRIBUIÇÃO \u0096 FORNECIMENTO E INSTALAÇÃO. AF_12/2015","M",43.19,"COMPOSIÇÃO"]
[92309,"TUBO EM COBRE RÍGIDO, DN 22 MM, CLASSE E, COM ISOLAMENTO, INSTALADO EM RAMAL DE DISTRIBUIÇÃO \u0096 FORNECIMENTO E INSTALAÇÃO. AF_12/2015","M",116.28,"COMPOSIÇÃO"]
[92310,"TUBO EM COBRE RÍGIDO, DN 28 MM, CLASSE E, COM ISOLAMENTO, INSTALADO EM RAMAL DE DISTRIBUIÇÃO \u0096 FORNECIMENTO E INSTALAÇÃO. AF_12/2015","M",129.96,"COMPOSIÇÃO"]
[92320,"TUBO EM COBRE RÍGIDO, DN 15 MM, CLASSE E, SEM ISOLAMENTO, INSTALADO EM RAMAL E SUB-RAMAL \u0096 FORNECIMENTO E INSTALAÇÃO. AF_12/2015","M",33.869999999999997,"COMPOSIÇÃO"]
[92321,"TUBO EM COBRE RÍGIDO, DN 22 MM, CLASSE E, SEM ISOLAMENTO, INSTALADO EM RAMAL E SUB-RAMAL \u0096 FORNECIMENTO E INSTALAÇÃO. AF_12/2015","M",55.76,"COMPOSIÇÃO"]
[92322,"TUBO EM COBRE RÍGIDO, DN 28 MM, CLASSE E, SEM ISOLAMENTO, INSTALADO EM RAMAL E SUB-RAMAL \u0096 FORNECIMENTO E INSTALAÇÃO. AF_12/2015","M",71.19,"COMPOSIÇÃO"]
[92323,"TUBO EM COBRE RÍGIDO, DN 15 MM, CLASSE E, COM ISOLAMENTO, INSTALADO EM RAMAL E SUB-RAMAL \u0096 FORNECIMENTO E INSTALAÇÃO. AF_12/2015","M",48.91,"COMPOSIÇÃO"]
[92324,"TUBO EM COBRE RÍGIDO, DN 22 MM, CLASSE E, COM ISOLAMENTO, INSTALADO EM RAMAL E SUB-RAMAL \u0096 FORNECIMENTO E INSTALAÇÃO. AF_12/2015","M",127.4,"COMPOSIÇÃO"]
[92325,"TUBO EM COBRE RÍGIDO, DN 28 MM, CLASSE E, COM ISOLAMENTO, INSTALADO EM RAMAL E SUB-RAMAL \u0096 FORNECIMENTO E INSTALAÇÃO. AF_12/2015","M",145.72999999999999,"COMPOSIÇÃO"]
[92335,"TUBO DE AÇO GALVANIZADO COM COSTURA, CLASSE MÉDIA, CONEXÃO RANHURADA, DN 50 (2\"), INSTALADO EM PRUMADAS - FORNECIMENTO E INSTALAÇÃO. AF_12/2015","M",60.3,"COMPOSIÇÃO"]
[92336,"TUBO DE AÇO GALVANIZADO COM COSTURA, CLASSE MÉDIA, CONEXÃO RANHURADA, DN 65 (2 1/2\"), INSTALADO EM PRUMADAS - FORNECIMENTO E INSTALAÇÃO. AF_12/2015","M",74.02,"COMPOSIÇÃO"]
[92337,"TUBO DE AÇO GALVANIZADO COM COSTURA, CLASSE MÉDIA, CONEXÃO RANHURADA, DN 80 (3\"), INSTALADO EM PRUMADAS - FORNECIMENTO E INSTALAÇÃO. AF_12/2015","M",97.31,"COMPOSIÇÃO"]
[92338,"TUBO DE AÇO PRETO SEM COSTURA, CONEXÃO SOLDADA, DN 50 (2\"), INSTALADO EM PRUMADAS - FORNECIMENTO E INSTALAÇÃO. AF_12/2015","M",81,"COMPOSIÇÃO"]
[92339,"TUBO DE AÇO PRETO SEM COSTURA, CONEXÃO SOLDADA, DN 65 (2 1/2\"), INSTALADO EM PRUMADAS - FORNECIMENTO E INSTALAÇÃO. AF_12/2015","M",120.55,"COMPOSIÇÃO"]
[92341,"TUBO DE AÇO GALVANIZADO COM COSTURA, CLASSE MÉDIA, DN 50 (2\"), CONEXÃO ROSQUEADA, INSTALADO EM PRUMADAS - FORNECIMENTO E INSTALAÇÃO. AF_12/2015","M",67.819999999999993,"COMPOSIÇÃO"]
[92342,"TUBO DE AÇO GALVANIZADO COM COSTURA, CLASSE MÉDIA, DN 65 (2 1/2\"), CONEXÃO ROSQUEADA, INSTALADO EM PRUMADAS - FORNECIMENTO E INSTALAÇÃO. AF_12/2015","M",81.569999999999993,"COMPOSIÇÃO"]
[92343,"TUBO DE AÇO GALVANIZADO COM COSTURA, CLASSE MÉDIA, DN 80 (3\"), CONEXÃO ROSQUEADA, INSTALADO EM PRUMADAS - FORNECIMENTO E INSTALAÇÃO. AF_12/2015","M",104.93,"COMPOSIÇÃO"]
[92361,"TUBO DE AÇO PRETO SEM COSTURA, CONEXÃO SOLDADA, DN 50 (2\"), INSTALADO EM REDE DE ALIMENTAÇÃO PARA HIDRANTE - FORNECIMENTO E INSTALAÇÃO. AF_12/2015","M",65.64,"COMPOSIÇÃO"]
[92362,"TUBO DE AÇO PRETO SEM COSTURA, CONEXÃO SOLDADA, DN 65 (2 1/2\"), INSTALADO EM REDE DE ALIMENTAÇÃO PARA HIDRANTE - FORNECIMENTO E INSTALAÇÃO. AF_12/2015","M",104.58,"COMPOSIÇÃO"]
[92364,"TUBO DE AÇO GALVANIZADO COM COSTURA, CLASSE MÉDIA, DN 32 (1 1/4\"), CONEXÃO ROSQUEADA, INSTALADO EM REDE DE ALIMENTAÇÃO PARA HIDRANTE - FORNECIMENTO E INSTALAÇÃO. AF_12/2015","M",36.69,"COMPOSIÇÃO"]
[92365,"TUBO DE AÇO GALVANIZADO COM COSTURA, CLASSE MÉDIA, DN 40 (1 1/2\"), CONEXÃO ROSQUEADA, INSTALADO EM REDE DE ALIMENTAÇÃO PARA HIDRANTE - FORNECIMENTO E INSTALAÇÃO. AF_12/2015","M",42.17,"COMPOSIÇÃO"]
[92366,"TUBO DE AÇO GALVANIZADO COM COSTURA, CLASSE MÉDIA, DN 50 (2\"), CONEXÃO ROSQUEADA, INSTALADO EM REDE DE ALIMENTAÇÃO PARA HIDRANTE - FORNECIMENTO E INSTALAÇÃO. AF_12/2015","M",58.53,"COMPOSIÇÃO"]
[92367,"TUBO DE AÇO GALVANIZADO COM COSTURA, CLASSE MÉDIA, DN 65 (2 1/2\"), CONEXÃO ROSQUEADA, INSTALADO EM REDE DE ALIMENTAÇÃO PARA HIDRANTE - FORNECIMENTO E INSTALAÇÃO. AF_12/2015","M",71.87,"COMPOSIÇÃO"]
[92368,"TUBO DE AÇO GALVANIZADO COM COSTURA, CLASSE MÉDIA, DN 80 (3\"), CONEXÃO ROSQUEADA, INSTALADO EM REDE DE ALIMENTAÇÃO PARA HIDRANTE - FORNECIMENTO E INSTALAÇÃO. AF_12/2015","M",94.84,"COMPOSIÇÃO"]
[92648,"TUBO DE AÇO PRETO SEM COSTURA, CONEXÃO SOLDADA, DN 40 (1 1/2\"), INSTALADO EM REDE DE ALIMENTAÇÃO PARA SPRINKLER - FORNECIMENTO E INSTALAÇÃO. AF_12/2015","M",56.15,"COMPOSIÇÃO"]
[92649,"TUBO DE AÇO PRETO SEM COSTURA, CONEXÃO SOLDADA, DN 50 (2\"), INSTALADO EM REDE DE ALIMENTAÇÃO PARA SPRINKLER - FORNECIMENTO E INSTALAÇÃO. AF_12/2015","M",68.400000000000006,"COMPOSIÇÃO"]
[92650,"TUBO DE AÇO PRETO SEM COSTURA, CONEXÃO SOLDADA, DN 65 (2 1/2\"), INSTALADO EM REDE DE ALIMENTAÇÃO PARA SPRINKLER - FORNECIMENTO E INSTALAÇÃO. AF_12/2015","M",107.35,"COMPOSIÇÃO"]
[92652,"TUBO DE AÇO GALVANIZADO COM COSTURA, CLASSE MÉDIA, CONEXÃO ROSQUEADA, DN 32 (1 1/4\"), INSTALADO EM REDE DE ALIMENTAÇÃO PARA SPRINKLER - FORNECIMENTO E INSTALAÇÃO. AF_12/2015","M",40.11,"COMPOSIÇÃO"]
[92653,"TUBO DE AÇO GALVANIZADO COM COSTURA, CLASSE MÉDIA, CONEXÃO ROSQUEADA, DN 40 (1 1/2\"), INSTALADO EM REDE DE ALIMENTAÇÃO PARA SPRINKLER - FORNECIMENTO E INSTALAÇÃO. AF_12/2015","M",45.63,"COMPOSIÇÃO"]
[92654,"TUBO DE AÇO GALVANIZADO COM COSTURA, CLASSE MÉDIA, CONEXÃO ROSQUEADA, DN 50 (2\"), INSTALADO EM REDE DE ALIMENTAÇÃO PARA SPRINKLER - FORNECIMENTO E INSTALAÇÃO. AF_12/2015","M",61.99,"COMPOSIÇÃO"]
[92655,"TUBO DE AÇO GALVANIZADO COM COSTURA, CLASSE MÉDIA, CONEXÃO ROSQUEADA, DN 65 (2 1/2\"), INSTALADO EM REDE DE ALIMENTAÇÃO PARA SPRINKLER - FORNECIMENTO E INSTALAÇÃO. AF_12/2015","M",75.400000000000006,"COMPOSIÇÃO"]
[92656,"TUBO DE AÇO GALVANIZADO COM COSTURA, CLASSE MÉDIA, CONEXÃO ROSQUEADA, DN 80 (3\"), INSTALADO EM REDE DE ALIMENTAÇÃO PARA SPRINKLER - FORNECIMENTO E INSTALAÇÃO. AF_12/2015","M",98.37,"COMPOSIÇÃO"]
[92687,"TUBO DE AÇO GALVANIZADO COM COSTURA, CLASSE MÉDIA, CONEXÃO ROSQUEADA, DN 15 (1/2\"), INSTALADO EM RAMAIS E SUB-RAMAIS DE GÁS - FORNECIMENTO E INSTALAÇÃO. AF_12/2015","M",18.95,"COMPOSIÇÃO"]
[92688,"TUBO DE AÇO GALVANIZADO COM COSTURA, CLASSE MÉDIA, CONEXÃO ROSQUEADA, DN 20 (3/4\"), INSTALADO EM RAMAIS E SUB-RAMAIS DE GÁS - FORNECIMENTO E INSTALAÇÃO. AF_12/2015","M",26.73,"COMPOSIÇÃO"]
[92689,"TUBO DE AÇO PRETO SEM COSTURA, CLASSE MÉDIA, CONEXÃO SOLDADA, DN 15 (1/2\"), INSTALADO EM RAMAIS E SUB-RAMAIS DE GÁS - FORNECIMENTO E INSTALAÇÃO. AF_12/2015","M",28.13,"COMPOSIÇÃO"]
[92690,"TUBO DE AÇO PRETO SEM COSTURA, CLASSE MÉDIA, CONEXÃO SOLDADA, DN 20 (3/4\"), INSTALADO EM RAMAIS E SUB-RAMAIS DE GÁS - FORNECIMENTO E INSTALAÇÃO. AF_12/2015","M",40.630000000000003,"COMPOSIÇÃO"]
[94462,"TUBO DE AÇO GALVANIZADO COM COSTURA, CLASSE MÉDIA, DN 50 (2\u0094), CONEXÃO ROSQUEADA, INSTALADO EM RESERVAÇÃO DE ÁGUA DE EDIFICAÇÃO QUE POSSUA RESERVATÓRIO DE FIBRA/FIBROCIMENTO \u0096 FORNECIMENTO E INSTALAÇÃO. AF_06/2016","M",67.44,"COMPOSIÇÃO"]
[94463,"TUBO DE AÇO GALVANIZADO COM COSTURA, CLASSE MÉDIA, DN 65 (2 1/2\u0094), CONEXÃO ROSQUEADA, INSTALADO EM RESERVAÇÃO DE ÁGUA DE EDIFICAÇÃO QUE POSSUA RESERVATÓRIO DE FIBRA/FIBROCIMENTO \u0096 FORNECIMENTO E INSTALAÇÃO. AF_06/2016","M",78.77,"COMPOSIÇÃO"]
[94464,"TUBO DE AÇO GALVANIZADO COM COSTURA, CLASSE MÉDIA, DN 80 (3\u0094), CONEXÃO ROSQUEADA, INSTALADO EM RESERVAÇÃO DE ÁGUA DE EDIFICAÇÃO QUE POSSUA RESERVATÓRIO DE FIBRA/FIBROCIMENTO \u0096 FORNECIMENTO E INSTALAÇÃO. AF_06/2016","M",110.68,"COMPOSIÇÃO"]
[94602,"TUBO EM COBRE RÍGIDO, DN 54 MM, CLASSE E, SEM ISOLAMENTO, INSTALADO EM RESERVAÇÃO DE ÁGUA DE EDIFICAÇÃO QUE POSSUA RESERVATÓRIO DE FIBRA/FIBROCIMENTO \u0096 FORNECIMENTO E INSTALAÇÃO. AF_06/2016","M",151.18,"COMPOSIÇÃO"]
[94603,"TUBO EM COBRE RÍGIDO, DN 66 MM, CLASSE E, SEM ISOLAMENTO, INSTALADO EM RESERVAÇÃO DE ÁGUA DE EDIFICAÇÃO QUE POSSUA RESERVATÓRIO DE FIBRA/FIBROCIMENTO \u0096 FORNECIMENTO E INSTALAÇÃO. AF_06/2016","M",203.16,"COMPOSIÇÃO"]
[94604,"TUBO EM COBRE RÍGIDO, DN 79 MM, CLASSE E, SEM ISOLAMENTO, INSTALADO EM RESERVAÇÃO DE ÁGUA DE EDIFICAÇÃO QUE POSSUA RESERVATÓRIO DE FIBRA/FIBROCIMENTO \u0096 FORNECIMENTO E INSTALAÇÃO. AF_06/2016","M",277.58,"COMPOSIÇÃO"]
[94605,"TUBO EM COBRE RÍGIDO, DN 104 MM, CLASSE E, SEM ISOLAMENTO, INSTALADO EM RESERVAÇÃO DE ÁGUA DE EDIFICAÇÃO QUE POSSUA RESERVATÓRIO DE FIBRA/FIBROCIMENTO \u0096 FORNECIMENTO E INSTALAÇÃO. AF_06/2016","M",396.89,"COMPOSIÇÃO"]
[94648,"TUBO, PVC, SOLDÁVEL, DN  25 MM, INSTALADO EM RESERVAÇÃO DE ÁGUA DE EDIFICAÇÃO QUE POSSUA RESERVATÓRIO DE FIBRA/FIBROCIMENTO   FORNECIMENTO E INSTALAÇÃO. AF_06/2016","M",7.63,"COMPOSIÇÃO"]
[94649,"TUBO, PVC, SOLDÁVEL, DN 32 MM, INSTALADO EM RESERVAÇÃO DE ÁGUA DE EDIFICAÇÃO QUE POSSUA RESERVATÓRIO DE FIBRA/FIBROCIMENTO   FORNECIMENTO E INSTALAÇÃO. AF_06/2016","M",11.3,"COMPOSIÇÃO"]
[94650,"TUBO, PVC, SOLDÁVEL, DN 40 MM, INSTALADO EM RESERVAÇÃO DE ÁGUA DE EDIFICAÇÃO QUE POSSUA RESERVATÓRIO DE FIBRA/FIBROCIMENTO   FORNECIMENTO E INSTALAÇÃO. AF_06/2016","M",16.170000000000002,"COMPOSIÇÃO"]
[94651,"TUBO, PVC, SOLDÁVEL, DN 50 MM, INSTALADO EM RESERVAÇÃO DE ÁGUA DE EDIFICAÇÃO QUE POSSUA RESERVATÓRIO DE FIBRA/FIBROCIMENTO   FORNECIMENTO E INSTALAÇÃO. AF_06/2016","M",17.559999999999999,"COMPOSIÇÃO"]
[94652,"TUBO, PVC, SOLDÁVEL, DN 60 MM, INSTALADO EM RESERVAÇÃO DE ÁGUA DE EDIFICAÇÃO QUE POSSUA RESERVATÓRIO DE FIBRA/FIBROCIMENTO   FORNECIMENTO E INSTALAÇÃO. AF_06/2016","M",28.56,"COMPOSIÇÃO"]
[94653,"TUBO, PVC, SOLDÁVEL, DN 75 MM, INSTALADO EM RESERVAÇÃO DE ÁGUA DE EDIFICAÇÃO QUE POSSUA RESERVATÓRIO DE FIBRA/FIBROCIMENTO   FORNECIMENTO E INSTALAÇÃO. AF_06/2016","M",40.53,"COMPOSIÇÃO"]
[94654,"TUBO, PVC, SOLDÁVEL, DN 85 MM, INSTALADO EM RESERVAÇÃO DE ÁGUA DE EDIFICAÇÃO QUE POSSUA RESERVATÓRIO DE FIBRA/FIBROCIMENTO   FORNECIMENTO E INSTALAÇÃO. AF_06/2016","M",54.27,"COMPOSIÇÃO"]
[94655,"TUBO, PVC, SOLDÁVEL, DN 110 MM, INSTALADO EM RESERVAÇÃO DE ÁGUA DE EDIFICAÇÃO QUE POSSUA RESERVATÓRIO DE FIBRA/FIBROCIMENTO   FORNECIMENTO E INSTALAÇÃO. AF_06/2016","M",75.58,"COMPOSIÇÃO"]
[94716,"TUBO, CPVC, SOLDÁVEL, DN 22 MM, INSTALADO EM RESERVAÇÃO DE ÁGUA DE EDIFICAÇÃO QUE POSSUA RESERVATÓRIO DE FIBRA/FIBROCIMENTO \u0096 FORNECIMENTO E INSTALAÇÃO. AF_06/2016","M",22.56,"COMPOSIÇÃO"]
[94717,"TUBO, CPVC, SOLDÁVEL, DN 28 MM, INSTALADO EM RESERVAÇÃO DE ÁGUA DE EDIFICAÇÃO QUE POSSUA RESERVATÓRIO DE FIBRA/FIBROCIMENTO \u0096 FORNECIMENTO E INSTALAÇÃO. AF_06/2016","M",33.58,"COMPOSIÇÃO"]
[94718,"TUBO, CPVC, SOLDÁVEL, DN 35 MM, INSTALADO EM RESERVAÇÃO DE ÁGUA DE EDIFICAÇÃO QUE POSSUA RESERVATÓRIO DE FIBRA/FIBROCIMENTO \u0096 FORNECIMENTO E INSTALAÇÃO. AF_06/2016","M",41.47,"COMPOSIÇÃO"]
[94719,"TUBO, CPVC, SOLDÁVEL, DN 42 MM, INSTALADO EM RESERVAÇÃO DE ÁGUA DE EDIFICAÇÃO QUE POSSUA RESERVATÓRIO DE FIBRA/FIBROCIMENTO \u0096 FORNECIMENTO E INSTALAÇÃO. AF_06/2016","M",54.69,"COMPOSIÇÃO"]
[94720,"TUBO, CPVC, SOLDÁVEL, DN 54 MM, INSTALADO EM RESERVAÇÃO DE ÁGUA DE EDIFICAÇÃO QUE POSSUA RESERVATÓRIO DE FIBRA/FIBROCIMENTO \u0096 FORNECIMENTO E INSTALAÇÃO. AF_06/2016","M",82.29,"COMPOSIÇÃO"]
[94721,"TUBO, CPVC, SOLDÁVEL, DN 73 MM, INSTALADO EM RESERVAÇÃO DE ÁGUA DE EDIFICAÇÃO QUE POSSUA RESERVATÓRIO DE FIBRA/FIBROCIMENTO \u0096 FORNECIMENTO E INSTALAÇÃO. AF_06/2016","M",121.04,"COMPOSIÇÃO"]
[94722,"TUBO, CPVC, SOLDÁVEL, DN 89 MM, INSTALADO EM RESERVAÇÃO DE ÁGUA DE EDIFICAÇÃO QUE POSSUA RESERVATÓRIO DE FIBRA/FIBROCIMENTO \u0096 FORNECIMENTO E INSTALAÇÃO. AF_06/2016","M",210.38,"COMPOSIÇÃO"]
[95697,"TUBO DE AÇO PRETO SEM COSTURA, CONEXÃO SOLDADA, DN 40 (1 1/2\"), INSTALADO EM REDE DE ALIMENTAÇÃO PARA HIDRANTE - FORNECIMENTO E INSTALAÇÃO. AF_12/2015","M",53.4,"COMPOSIÇÃO"]
[96635,"TUBO, PPR, DN 25, CLASSE PN 20,  INSTALADO EM RAMAL OU SUB-RAMAL DE ÁGUA \u0096 FORNECIMENTO E INSTALAÇÃO. AF_06/2015","M",22.91,"COMPOSIÇÃO"]
[96636,"TUBO, PPR, DN 25, CLASSE PN 25 INSTALADO EM RAMAL OU SUB-RAMAL DE ÁGUA \u0096 FORNECIMENTO E INSTALAÇÃO. AF_06/2015","M",24.18,"COMPOSIÇÃO"]
[96644,"TUBO, PPR, DN 25, CLASSE PN 20,  INSTALADO EM RAMAL DE DISTRIBUIÇÃO DE ÁGUA \u0096 FORNECIMENTO E INSTALAÇÃO. AF_06/2015","M",15.12,"COMPOSIÇÃO"]
[96645,"TUBO, PPR, DN 32, CLASSE PN 12,  INSTALADO EM RAMAL DE DISTRIBUIÇÃO DE ÁGUA \u0096 FORNECIMENTO E INSTALAÇÃO. AF_06/2015","M",19.55,"COMPOSIÇÃO"]
[96646,"TUBO, PPR, DN 40, CLASSE PN 12,  INSTALADO EM RAMAL DE DISTRIBUIÇÃO DE ÁGUA \u0096 FORNECIMENTO E INSTALAÇÃO. AF_06/2015","M",30.32,"COMPOSIÇÃO"]
[96647,"TUBO, PPR, DN 25, CLASSE PN 25,  INSTALADO EM RAMAL DE DISTRIBUIÇÃO DE ÁGUA \u0096 FORNECIMENTO E INSTALAÇÃO. AF_06/2015","M",13.71,"COMPOSIÇÃO"]
[96648,"TUBO, PPR, DN 32, CLASSE PN 25,  INSTALADO EM RAMAL DE DISTRIBUIÇÃO DE ÁGUA \u0096 FORNECIMENTO E INSTALAÇÃO. AF_06/2015","M",24.89,"COMPOSIÇÃO"]
[96649,"TUBO, PPR, DN 40, CLASSE PN 25,  INSTALADO EM RAMAL DE DISTRIBUIÇÃO DE ÁGUA \u0096 FORNECIMENTO E INSTALAÇÃO. AF_06/2015","M",36.6,"COMPOSIÇÃO"]
[96668,"TUBO, PPR, DN 25, CLASSE PN 20,  INSTALADO EM PRUMADA DE ÁGUA \u0096 FORNECIMENTO E INSTALAÇÃO. AF_06/2015","M",9.68,"COMPOSIÇÃO"]
[96669,"TUBO, PPR, DN 32, CLASSE PN 12,  INSTALADO EM PRUMADA DE ÁGUA \u0096 FORNECIMENTO E INSTALAÇÃO. AF_06/2015","M",12.04,"COMPOSIÇÃO"]
[96670,"TUBO, PPR, DN 40, CLASSE PN 12,  INSTALADO EM PRUMADA DE ÁGUA \u0096 FORNECIMENTO E INSTALAÇÃO. AF_06/2015","M",18.29,"COMPOSIÇÃO"]
[96671,"TUBO, PPR, DN 50, CLASSE PN 12,  INSTALADO EM PRUMADA DE ÁGUA \u0096 FORNECIMENTO E INSTALAÇÃO. AF_06/2015","M",24.48,"COMPOSIÇÃO"]
[96672,"TUBO, PPR, DN 63, CLASSE PN 12,  INSTALADO EM PRUMADA DE ÁGUA \u0096 FORNECIMENTO E INSTALAÇÃO. AF_06/2015","M",35.93,"COMPOSIÇÃO"]
[96673,"TUBO, PPR, DN 75, CLASSE PN 12,  INSTALADO EM PRUMADA DE ÁGUA \u0096 FORNECIMENTO E INSTALAÇÃO. AF_06/2015","M",58.73,"COMPOSIÇÃO"]
[96674,"TUBO, PPR, DN 90, CLASSE PN 12,  INSTALADO EM PRUMADA DE ÁGUA \u0096 FORNECIMENTO E INSTALAÇÃO. AF_06/2015","M",82.51,"COMPOSIÇÃO"]
[96675,"TUBO, PPR, DN 110, CLASSE PN 12,  INSTALADO EM PRUMADA DE ÁGUA \u0096 FORNECIMENTO E INSTALAÇÃO. AF_06/2015","M",143.43,"COMPOSIÇÃO"]
[96676,"TUBO, PPR, DN 25, CLASSE PN 25,  INSTALADO EM PRUMADA DE ÁGUA \u0096 FORNECIMENTO E INSTALAÇÃO. AF_06/2015","M",9.65,"COMPOSIÇÃO"]
[96677,"TUBO, PPR, DN 32, CLASSE PN 25,  INSTALADO EM PRUMADA DE ÁGUA \u0096 FORNECIMENTO E INSTALAÇÃO. AF_06/2015","M",15.92,"COMPOSIÇÃO"]
[96678,"TUBO, PPR, DN 40, CLASSE PN 25,  INSTALADO EM PRUMADA DE ÁGUA \u0096 FORNECIMENTO E INSTALAÇÃO. AF_06/2015","M",22.13,"COMPOSIÇÃO"]
[96679,"TUBO, PPR, DN 50, CLASSE PN 25,  INSTALADO EM PRUMADA DE ÁGUA \u0096 FORNECIMENTO E INSTALAÇÃO. AF_06/2015","M",32.299999999999997,"COMPOSIÇÃO"]
[96680,"TUBO, PPR, DN 63, CLASSE PN 25,  INSTALADO EM PRUMADA DE ÁGUA \u0096 FORNECIMENTO E INSTALAÇÃO. AF_06/2015","M",43.52,"COMPOSIÇÃO"]
[96681,"TUBO, PPR, DN 75, CLASSE PN 25,  INSTALADO EM PRUMADA DE ÁGUA \u0096 FORNECIMENTO E INSTALAÇÃO. AF_06/2015","M",81.239999999999995,"COMPOSIÇÃO"]
[96682,"TUBO, PPR, DN 90, CLASSE PN 25,  INSTALADO EM PRUMADA DE ÁGUA \u0096 FORNECIMENTO E INSTALAÇÃO. AF_06/2015","M",119.85,"COMPOSIÇÃO"]
[96683,"TUBO, PPR, DN 110, CLASSE PN 25,  INSTALADO EM PRUMADA DE ÁGUA \u0096 FORNECIMENTO E INSTALAÇÃO. AF_06/2015","M",164.04,"COMPOSIÇÃO"]
[96718,"TUBO, PPR, DN 20, CLASSE PN 20,  INSTALADO EM RESERVAÇÃO DE ÁGUA DE EDIFICAÇÃO QUE POSSUA RESERVATÓRIO DE FIBRA/FIBROCIMENTO \u0096 FORNECIMENTO E INSTALAÇÃO. AF_06/2016","M",6.35,"COMPOSIÇÃO"]
[96719,"TUBO, PPR, DN 25, CLASSE PN 20,  INSTALADO EM RESERVAÇÃO DE ÁGUA DE EDIFICAÇÃO QUE POSSUA RESERVATÓRIO DE FIBRA/FIBROCIMENTO \u0096 FORNECIMENTO E INSTALAÇÃO. AF_06/2016","M",12.91,"COMPOSIÇÃO"]
[96720,"TUBO, PPR, DN 32, CLASSE PN 12,  INSTALADO EM RESERVAÇÃO DE ÁGUA DE EDIFICAÇÃO QUE POSSUA RESERVATÓRIO DE FIBRA/FIBROCIMENTO \u0096 FORNECIMENTO E INSTALAÇÃO. AF_06/2016","M",15.7,"COMPOSIÇÃO"]
[96721,"TUBO, PPR, DN 40, CLASSE PN 12,  INSTALADO EM RESERVAÇÃO DE ÁGUA DE EDIFICAÇÃO QUE POSSUA RESERVATÓRIO DE FIBRA/FIBROCIMENTO \u0096 FORNECIMENTO E INSTALAÇÃO. AF_06/2016","M",21.09,"COMPOSIÇÃO"]
[96722,"TUBO, PPR, DN 50, CLASSE PN 12,  INSTALADO EM RESERVAÇÃO DE ÁGUA DE EDIFICAÇÃO QUE POSSUA RESERVATÓRIO DE FIBRA/FIBROCIMENTO \u0096 FORNECIMENTO E INSTALAÇÃO. AF_06/2016","M",28.81,"COMPOSIÇÃO"]
[96723,"TUBO, PPR, DN 63, CLASSE PN 12,  INSTALADO EM RESERVAÇÃO DE ÁGUA DE EDIFICAÇÃO QUE POSSUA RESERVATÓRIO DE FIBRA/FIBROCIMENTO \u0096 FORNECIMENTO E INSTALAÇÃO. AF_06/2016","M",38.25,"COMPOSIÇÃO"]
[96724,"TUBO, PPR, DN 75, CLASSE PN 12,  INSTALADO EM RESERVAÇÃO DE ÁGUA DE EDIFICAÇÃO QUE POSSUA RESERVATÓRIO DE FIBRA/FIBROCIMENTO \u0096 FORNECIMENTO E INSTALAÇÃO. AF_06/2016","M",62.47,"COMPOSIÇÃO"]
[96725,"TUBO, PPR, DN 90, CLASSE PN 12,  INSTALADO EM RESERVAÇÃO DE ÁGUA DE EDIFICAÇÃO QUE POSSUA RESERVATÓRIO DE FIBRA/FIBROCIMENTO \u0096 FORNECIMENTO E INSTALAÇÃO. AF_06/2016","M",82.16,"COMPOSIÇÃO"]
[96726,"TUBO, PPR, DN 110, CLASSE PN 12,  INSTALADO EM RESERVAÇÃO DE ÁGUA DE EDIFICAÇÃO QUE POSSUA RESERVATÓRIO DE FIBRA/FIBROCIMENTO \u0096 FORNECIMENTO E INSTALAÇÃO. AF_06/2016","M",133.94999999999999,"COMPOSIÇÃO"]
[96727,"TUBO, PPR, DN 20, CLASSE PN 25,  INSTALADO EM RESERVAÇÃO DE ÁGUA DE EDIFICAÇÃO QUE POSSUA RESERVATÓRIO DE FIBRA/FIBROCIMENTO \u0096 FORNECIMENTO E INSTALAÇÃO. AF_06/2016","M",11.15,"COMPOSIÇÃO"]
[96728,"TUBO, PPR, DN 25, CLASSE PN 25,  INSTALADO EM RESERVAÇÃO DE ÁGUA DE EDIFICAÇÃO QUE POSSUA RESERVATÓRIO DE FIBRA/FIBROCIMENTO \u0096 FORNECIMENTO E INSTALAÇÃO. AF_06/2016","M",13.33,"COMPOSIÇÃO"]
[96729,"TUBO, PPR, DN 32, CLASSE PN 25,  INSTALADO EM RESERVAÇÃO DE ÁGUA DE EDIFICAÇÃO QUE POSSUA RESERVATÓRIO DE FIBRA/FIBROCIMENTO \u0096 FORNECIMENTO E INSTALAÇÃO. AF_06/2016","M",20.2,"COMPOSIÇÃO"]
[96730,"TUBO, PPR, DN 40, CLASSE PN 25,  INSTALADO EM RESERVAÇÃO DE ÁGUA DE EDIFICAÇÃO QUE POSSUA RESERVATÓRIO DE FIBRA/FIBROCIMENTO \u0096 FORNECIMENTO E INSTALAÇÃO. AF_06/2016","M",25.49,"COMPOSIÇÃO"]
[96731,"TUBO, PPR, DN 50, CLASSE PN 25,  INSTALADO EM RESERVAÇÃO DE ÁGUA DE EDIFICAÇÃO QUE POSSUA RESERVATÓRIO DE FIBRA/FIBROCIMENTO \u0096 FORNECIMENTO E INSTALAÇÃO. AF_06/2016","M",37.31,"COMPOSIÇÃO"]
[96732,"TUBO, PPR, DN 63, CLASSE PN 25,  INSTALADO EM RESERVAÇÃO DE ÁGUA DE EDIFICAÇÃO QUE POSSUA RESERVATÓRIO DE FIBRA/FIBROCIMENTO \u0096 FORNECIMENTO E INSTALAÇÃO. AF_06/2016","M",46.27,"COMPOSIÇÃO"]
[96733,"TUBO, PPR, DN 75, CLASSE PN 25,  INSTALADO EM RESERVAÇÃO DE ÁGUA DE EDIFICAÇÃO QUE POSSUA RESERVATÓRIO DE FIBRA/FIBROCIMENTO \u0096 FORNECIMENTO E INSTALAÇÃO. AF_06/2016","M",84.92,"COMPOSIÇÃO"]
[96734,"TUBO, PPR, DN 90, CLASSE PN 25,  INSTALADO EM RESERVAÇÃO DE ÁGUA DE EDIFICAÇÃO QUE POSSUA RESERVATÓRIO DE FIBRA/FIBROCIMENTO \u0096 FORNECIMENTO E INSTALAÇÃO. AF_06/2016","M",117.91,"COMPOSIÇÃO"]
[96735,"TUBO, PPR, DN 110, CLASSE PN 25,  INSTALADO EM RESERVAÇÃO DE ÁGUA DE EDIFICAÇÃO QUE POSSUA RESERVATÓRIO DE FIBRA/FIBROCIMENTO \u0096 FORNECIMENTO E INSTALAÇÃO. AF_06/2016","M",153.78,"COMPOSIÇÃO"]
[96794,"TUBO, PEX, MONOCAMADA, DN 16, INSTALADO EM RAMAL OU SUB-RAMAL DE ÁGUA \u0096 FORNECIMENTO E INSTALAÇÃO. AF_06/2015","M",6.89,"COMPOSIÇÃO"]
[96795,"TUBO, PEX, MONOCAMADA, DN 20, INSTALADO EM RAMAL OU SUB-RAMAL DE ÁGUA \u0096 FORNECIMENTO E INSTALAÇÃO. AF_06/2015","M",8.75,"COMPOSIÇÃO"]
[96796,"TUBO, PEX, MONOCAMADA, DN 25, INSTALADO EM RAMAL OU SUB-RAMAL DE ÁGUA \u0096 FORNECIMENTO E INSTALAÇÃO. AF_06/2015","M",12.25,"COMPOSIÇÃO"]
[96797,"TUBO, PEX, MONOCAMADA, DN 32, INSTALADO EM RAMAL OU SUB-RAMAL DE ÁGUA \u0096 FORNECIMENTO E INSTALAÇÃO. AF_06/2015","M",18.48,"COMPOSIÇÃO"]
[96798,"TUBO, PEX, MONOCAMADA, DN 16, INSTALADO EM RAMAL DE DISTRIBUIÇÃO DE ÁGUA \u0096 FORNECIMENTO E INSTALAÇÃO. AF_06/2015","M",7,"COMPOSIÇÃO"]
[96799,"TUBO, PEX, MONOCAMADA, DN 20, INSTALADO EM RAMAL DE DISTRIBUIÇÃO DE ÁGUA \u0096 FORNECIMENTO E INSTALAÇÃO. AF_06/2015","M",9.3800000000000008,"COMPOSIÇÃO"]
[96800,"TUBO, PEX, MONOCAMADA, DN 25, INSTALADO EM RAMAL DE DISTRIBUIÇÃO DE ÁGUA \u0096 FORNECIMENTO E INSTALAÇÃO. AF_06/2015","M",13.53,"COMPOSIÇÃO"]
[96801,"TUBO, PEX, MONOCAMADA, DN 32, INSTALADO EM RAMAL DE DISTRIBUIÇÃO DE ÁGUA \u0096 FORNECIMENTO E INSTALAÇÃO. AF_06/2015","M",20.68,"COMPOSIÇÃO"]
[97327,"TUBO EM COBRE FLEXÍVEL, DN 1/4\u0094, COM ISOLAMENTO, INSTALADO EM RAMAL DE ALIMENTAÇÃO DE AR CONDICIONADO COM CONDENSADORA INDIVIDUAL   FORNECIMENTO E INSTALAÇÃO. AF_12/2015","M",20.87,"COMPOSIÇÃO"]
[97328,"TUBO EM COBRE FLEXÍVEL, DN 3/8\", COM ISOLAMENTO, INSTALADO EM RAMAL DE ALIMENTAÇÃO DE AR CONDICIONADO COM CONDENSADORA INDIVIDUAL \u0096 FORNECIMENTO E INSTALAÇÃO. AF_12/2015","M",36.4,"COMPOSIÇÃO"]
[97329,"TUBO EM COBRE FLEXÍVEL, DN 1/2\", COM ISOLAMENTO, INSTALADO EM RAMAL DE ALIMENTAÇÃO DE AR CONDICIONADO COM CONDENSADORA INDIVIDUAL \u0096 FORNECIMENTO E INSTALAÇÃO. AF_12/2015","M",45.43,"COMPOSIÇÃO"]
[97330,"TUBO EM COBRE FLEXÍVEL, DN 5/8\", COM ISOLAMENTO, INSTALADO EM RAMAL DE ALIMENTAÇÃO DE AR CONDICIONADO COM CONDENSADORA INDIVIDUAL \u0096 FORNECIMENTO E INSTALAÇÃO. AF_12/2015","M",55.4,"COMPOSIÇÃO"]
[97331,"TUBO EM COBRE FLEXÍVEL, DN 1/4\", COM ISOLAMENTO, INSTALADO EM RAMAL DE ALIMENTAÇÃO DE AR CONDICIONADO COM CONDENSADORA CENTRAL \u0096 FORNECIMENTO E INSTALAÇÃO. AF_12/2015","M",21.12,"COMPOSIÇÃO"]
[97332,"TUBO EM COBRE FLEXÍVEL, DN 3/8\", COM ISOLAMENTO, INSTALADO EM RAMAL DE ALIMENTAÇÃO DE AR CONDICIONADO COM CONDENSADORA CENTRAL \u0096 FORNECIMENTO E INSTALAÇÃO. AF_12/2015","M",36.68,"COMPOSIÇÃO"]
[97333,"TUBO EM COBRE FLEXÍVEL, DN 1/2\", COM ISOLAMENTO, INSTALADO EM RAMAL DE ALIMENTAÇÃO DE AR CONDICIONADO COM CONDENSADORA CENTRAL \u0096 FORNECIMENTO E INSTALAÇÃO. AF_12/2015","M",45.79,"COMPOSIÇÃO"]
[97334,"TUBO EM COBRE FLEXÍVEL, DN 5/8\u0094, COM ISOLAMENTO, INSTALADO EM RAMAL DE ALIMENTAÇÃO DE AR CONDICIONADO COM CONDENSADORA CENTRAL   FORNECIMENTO E INSTALAÇÃO. AF_12/2015","M",55.79,"COMPOSIÇÃO"]
[97335,"TUBO EM COBRE RÍGIDO, DN 22 MM, CLASSE A, SEM ISOLAMENTO, INSTALADO EM PRUMADA \u0096 FORNECIMENTO E INSTALAÇÃO. AF_12/2015","M",56.66,"COMPOSIÇÃO"]
[97336,"TUBO EM COBRE RÍGIDO, DN 28 MM, CLASSE A, SEM ISOLAMENTO, INSTALADO EM PRUMADA \u0096 FORNECIMENTO E INSTALAÇÃO. AF_12/2015","M",71.959999999999994,"COMPOSIÇÃO"]
[97337,"TUBO EM COBRE RÍGIDO, DN 35 MM, CLASSE A, SEM ISOLAMENTO, INSTALADO EM PRUMADA \u0096 FORNECIMENTO E INSTALAÇÃO. AF_12/2015","M",108.03,"COMPOSIÇÃO"]
[97338,"TUBO EM COBRE RÍGIDO, DN 42 MM, CLASSE A, SEM ISOLAMENTO, INSTALADO EM PRUMADA \u0096 FORNECIMENTO E INSTALAÇÃO. AF_12/2015","M",129.85,"COMPOSIÇÃO"]
[97339,"TUBO EM COBRE RÍGIDO, DN 54 MM, CLASSE A, SEM ISOLAMENTO, INSTALADO EM PRUMADA \u0096 FORNECIMENTO E INSTALAÇÃO. AF_12/2015","M",139.66999999999999,"COMPOSIÇÃO"]
[97340,"TUBO EM COBRE RÍGIDO, DN 66 MM, CLASSE A, SEM ISOLAMENTO, INSTALADO EM PRUMADA \u0096 FORNECIMENTO E INSTALAÇÃO. AF_12/2015","M",140.26,"COMPOSIÇÃO"]
[97341,"TUBO EM COBRE RÍGIDO, DN 15 MM, CLASSE A, SEM ISOLAMENTO, INSTALADO EM RAMAL DE DISTRIBUIÇÃO \u0096 FORNECIMENTO E INSTALAÇÃO. AF_12/2015","M",38.4,"COMPOSIÇÃO"]
[97342,"TUBO EM COBRE RÍGIDO, DN 22 MM, CLASSE A, SEM ISOLAMENTO, INSTALADO EM RAMAL DE DISTRIBUIÇÃO\u0096 FORNECIMENTO E INSTALAÇÃO. AF_12/2015","M",60.08,"COMPOSIÇÃO"]
[97343,"TUBO EM COBRE RÍGIDO, DN 28 MM, CLASSE A, SEM ISOLAMENTO, INSTALADO EM RAMAL DE DISTRIBUIÇÃO\u0096 FORNECIMENTO E INSTALAÇÃO. AF_12/2015","M",75.63,"COMPOSIÇÃO"]
[97344,"TUBO EM COBRE RÍGIDO, DN 15 MM, CLASSE A, SEM ISOLAMENTO, INSTALADO EM RAMAL E SUB-RAMAL \u0096 FORNECIMENTO E INSTALAÇÃO. AF_12/2015","M",45.91,"COMPOSIÇÃO"]
[97345,"TUBO EM COBRE RÍGIDO, DN 22 MM, CLASSE A, SEM ISOLAMENTO, INSTALADO EM RAMAL E SUB-RAMAL \u0096 FORNECIMENTO E INSTALAÇÃO. AF_12/2015","M",72.989999999999995,"COMPOSIÇÃO"]
[97346,"TUBO EM COBRE RÍGIDO, DN 28 MM, CLASSE A, SEM ISOLAMENTO, INSTALADO EM RAMAL E SUB-RAMAL \u0096 FORNECIMENTO E INSTALAÇÃO. AF_12/2015","M",93.23,"COMPOSIÇÃO"]
[97347,"TUBO EM COBRE RÍGIDO, DN 22 MM, CLASSE I, SEM ISOLAMENTO, INSTALADO EM PRUMADA \u0096 FORNECIMENTO E INSTALAÇÃO. AF_12/2015","M",68.22,"COMPOSIÇÃO"]
[97348,"TUBO EM COBRE RÍGIDO, DN 28 MM, CLASSE I, SEM ISOLAMENTO, INSTALADO EM PRUMADA \u0096 FORNECIMENTO E INSTALAÇÃO. AF_12/2015","M",94.21,"COMPOSIÇÃO"]
[97349,"TUBO EM COBRE RÍGIDO, DN 35 MM, CLASSE I, SEM ISOLAMENTO, INSTALADO EM PRUMADA \u0096 FORNECIMENTO E INSTALAÇÃO. AF_12/2015","M",135.72999999999999,"COMPOSIÇÃO"]
[97350,"TUBO EM COBRE RÍGIDO, DN 42 MM, CLASSE I, SEM ISOLAMENTO, INSTALADO EM PRUMADA \u0096 FORNECIMENTO E INSTALAÇÃO. AF_12/2015","M",164.79,"COMPOSIÇÃO"]
[97351,"TUBO EM COBRE RÍGIDO, DN 54 MM, CLASSE I, SEM ISOLAMENTO, INSTALADO EM PRUMADA \u0096 FORNECIMENTO E INSTALAÇÃO. AF_12/2015","M",227.81,"COMPOSIÇÃO"]
[97352,"TUBO EM COBRE RÍGIDO, DN 66 MM, CLASSE I, SEM ISOLAMENTO, INSTALADO EM PRUMADA \u0096 FORNECIMENTO E INSTALAÇÃO. AF_12/2015","M",295.19,"COMPOSIÇÃO"]
[97353,"TUBO EM COBRE RÍGIDO, DN 15 MM, CLASSE I, SEM ISOLAMENTO, INSTALADO EM RAMAL DE DISTRIBUIÇÃO \u0096 FORNECIMENTO E INSTALAÇÃO. AF_12/2015","M",45.24,"COMPOSIÇÃO"]
[97354,"TUBO EM COBRE RÍGIDO, DN 22 MM, CLASSE I, SEM ISOLAMENTO, INSTALADO EM RAMAL DE DISTRIBUIÇÃO\u0096 FORNECIMENTO E INSTALAÇÃO. AF_12/2015","M",71.64,"COMPOSIÇÃO"]
[97355,"TUBO EM COBRE RÍGIDO, DN 28 MM, CLASSE I, SEM ISOLAMENTO, INSTALADO EM RAMAL DE DISTRIBUIÇÃO\u0096 FORNECIMENTO E INSTALAÇÃO. AF_12/2015","M",97.88,"COMPOSIÇÃO"]
[97356,"TUBO EM COBRE RÍGIDO, DN 15 MM, CLASSE I, SEM ISOLAMENTO, INSTALADO EM RAMAL E SUB-RAMAL \u0096 FORNECIMENTO E INSTALAÇÃO. AF_12/2015","M",52.75,"COMPOSIÇÃO"]
[97357,"TUBO EM COBRE RÍGIDO, DN 22 MM, CLASSE I, SEM ISOLAMENTO, INSTALADO EM RAMAL E SUB-RAMAL \u0096 FORNECIMENTO E INSTALAÇÃO. AF_12/2015","M",84.55,"COMPOSIÇÃO"]
[97358,"TUBO EM COBRE RÍGIDO, DN 28 MM, CLASSE I, SEM ISOLAMENTO, INSTALADO EM RAMAL E SUB-RAMAL \u0096 FORNECIMENTO E INSTALAÇÃO. AF_12/2015","M",115.48,"COMPOSIÇÃO"]
[97498,"TUBO DE AÇO GALVANIZADO COM COSTURA, CLASSE MÉDIA, DN 25 (1\"), CONEXÃO ROSQUEADA, INSTALADO EM REDE DE ALIMENTAÇÃO PARA HIDRANTE - FORNECIMENTO E INSTALAÇÃO. AF_12/2015","M",29.86,"COMPOSIÇÃO"]
[97535,"TUBO DE AÇO GALVANIZADO COM COSTURA, CLASSE MÉDIA, CONEXÃO ROSQUEADA, DN 25 (1\"), INSTALADO EM REDE DE ALIMENTAÇÃO PARA SPRINKLER - FORNECIMENTO E INSTALAÇÃO. AF_12/2015","M",33.28,"COMPOSIÇÃO"]
[97536,"TUBO DE AÇO GALVANIZADO COM COSTURA, CLASSE MÉDIA, CONEXÃO ROSQUEADA, DN 25 (1\"), INSTALADO EM RAMAIS  E SUB-RAMAIS DE GÁS - FORNECIMENTO E INSTALAÇÃO. AF_12/2015","M",41.15,"COMPOSIÇÃO"]
[100788,"KIT CAVALETE PARA GÁS - SEM MEDIDOR OU REGULADOR - ENTRADA INDIVIDUAL PRINCIPAL, EM AÇO GALVANIZADO DN 15 E 25 MM (1/2\" E 1\") - FORNECIMENTO E INSTALAÇÃO. AF_01/2020","UN",438.8,"COMPOSIÇÃO"]
[100791,"TUBO, PEX, MULTICAMADA, DN 16, INSTALADO EM IMPLANTAÇÃO DE INSTALAÇÕES DE GÁS - FORNECIMENTO E INSTALAÇÃO. AF_01/2020","M",14.39,"COMPOSIÇÃO"]
[100792,"TUBO, PEX, MULTICAMADA, DN 20, INSTALADO EM IMPLANTAÇÃO DE INSTALAÇÕES DE GÁS - FORNECIMENTO E INSTALAÇÃO. AF_01/2020","M",21.05,"COMPOSIÇÃO"]
[100793,"TUBO, PEX, MULTICAMADA, DN 26, INSTALADO EM IMPLANTAÇÃO DE INSTALAÇÕES DE GÁS - FORNECIMENTO E INSTALAÇÃO. AF_01/2020","M",27.91,"COMPOSIÇÃO"]
[100794,"TUBO, PEX, MULTICAMADA, DN 32, INSTALADO EM IMPLANTAÇÃO DE INSTALAÇÕES DE GÁS - FORNECIMENTO E INSTALAÇÃO. AF_01/2020","M",37.619999999999997,"COMPOSIÇÃO"]
[100803,"TUBO, PEX, MULTICAMADA, DN 16, INSTALADO EM RAMAL INTERNO DE INSTALAÇÕES DE GÁS - FORNECIMENTO E INSTALAÇÃO. AF_01/2020","M",13.67,"COMPOSIÇÃO"]
[100804,"TUBO, PEX, MULTICAMADA, DN 20, INSTALADO EM RAMAL INTERNO DE INSTALAÇÕES DE GÁS - FORNECIMENTO E INSTALAÇÃO. AF_01/2020","M",20.190000000000001,"COMPOSIÇÃO"]
[100805,"TUBO, PEX, MULTICAMADA, DN 26, INSTALADO EM RAMAL INTERNO DE INSTALAÇÕES DE GÁS - FORNECIMENTO E INSTALAÇÃO. AF_01/2020","M",26.89,"COMPOSIÇÃO"]
[100806,"TUBO, PEX, MULTICAMADA, DN 32, INSTALADO EM RAMAL INTERNO DE INSTALAÇÕES DE GÁS - FORNECIMENTO E INSTALAÇÃO. AF_01/2020","M",36.35,"COMPOSIÇÃO"]
[72306,"COTOVELO DE AÇO GALVANIZADO 4\" - FORNECIMENTO E INSTALAÇÃO","UN",170.33,"COMPOSIÇÃO"]
[72307,"COTOVELO DE AÇO GALVANIZADO 5\" - FORNECIMENTO E INSTALAÇÃO","UN",238.3,"COMPOSIÇÃO"]
[72313,"COTOVELO DE AÇO GALVANIZADO 6\" - FORNECIMENTO E INSTALAÇÃO","UN",553.16999999999996,"COMPOSIÇÃO"]
[72482,"UNIAO DE ACO GALVANIZADO 4\" - FORNECIMENTO E INSTALACAO","UN",238.44,"COMPOSIÇÃO"]
[72619,"LUVA DE ACO GALVANIZADO 4\" - FORNECIMENTO E INSTALACAO","UN",99.63,"COMPOSIÇÃO"]
[72620,"LUVA DE ACO GALVANIZADO 5\" - FORNECIMENTO E INSTALACAO","UN",173.32,"COMPOSIÇÃO"]
[72621,"LUVA DE ACO GALVANIZADO 6\" - FORNECIMENTO E INSTALACAO","UN",277.83,"COMPOSIÇÃO"]
[72667,"LUVA REDUCAO ACO GALVANIZADO 4X2.1/2\" - FORNECIMENTO E INSTALACAO","UN",138.07,"COMPOSIÇÃO"]
[72668,"LUVA REDUCAO ACO GALVANIZADO 4X2\" - FORNECIMENTO E INSTALACAO","UN",137.31,"COMPOSIÇÃO"]
[72669,"LUVA REDUCAO ACO GALVANIZADO 4X3\" - FORNECIMENTO E INSTALACAO","UN",141.72,"COMPOSIÇÃO"]
[72681,"NIPLE DE ACO GALVANIZADO 4\" - FORNECIMENTO E INSTALACAO","UN",96.76,"COMPOSIÇÃO"]
[72682,"NIPLE DE ACO GALVANIZADO 5\" - FORNECIMENTO E INSTALACAO","UN",193.76,"COMPOSIÇÃO"]
[72683,"NIPLE DE ACO GALVANIZADO 6\" - FORNECIMENTO E INSTALACAO","UN",310.70999999999998,"COMPOSIÇÃO"]
[72719,"TE DE ACO GALVANIZADO 4\" - FORNECIMENTO E INSTALACAO","UN",213.47,"COMPOSIÇÃO"]
[72720,"TE DE ACO GALVANIZADO 5\" - FORNECIMENTO E INSTALACAO","UN",293.41000000000003,"COMPOSIÇÃO"]
[72721,"TE DE ACO GALVANIZADO 6\" - FORNECIMENTO E INSTALACAO","UN",632.96,"COMPOSIÇÃO"]
[89358,"JOELHO 90 GRAUS, PVC, SOLDÁVEL, DN 20MM, INSTALADO EM RAMAL OU SUB-RAMAL DE ÁGUA - FORNECIMENTO E INSTALAÇÃO. AF_12/2014","UN",5.93,"COMPOSIÇÃO"]
[89359,"JOELHO 45 GRAUS, PVC, SOLDÁVEL, DN 20MM, INSTALADO EM RAMAL OU SUB-RAMAL DE ÁGUA - FORNECIMENTO E INSTALAÇÃO. AF_12/2014","UN",6.2,"COMPOSIÇÃO"]
[89360,"CURVA 90 GRAUS, PVC, SOLDÁVEL, DN 20MM, INSTALADO EM RAMAL OU SUB-RAMAL DE ÁGUA - FORNECIMENTO E INSTALAÇÃO. AF_12/2014","UN",7.34,"COMPOSIÇÃO"]
[89361,"CURVA 45 GRAUS, PVC, SOLDÁVEL, DN 20MM, INSTALADO EM RAMAL OU SUB-RAMAL DE ÁGUA - FORNECIMENTO E INSTALAÇÃO. AF_12/2014","UN",6.9,"COMPOSIÇÃO"]
[89362,"JOELHO 90 GRAUS, PVC, SOLDÁVEL, DN 25MM, INSTALADO EM RAMAL OU SUB-RAMAL DE ÁGUA - FORNECIMENTO E INSTALAÇÃO. AF_12/2014","UN",7.08,"COMPOSIÇÃO"]
[89363,"JOELHO 45 GRAUS, PVC, SOLDÁVEL, DN 25MM, INSTALADO EM RAMAL OU SUB-RAMAL DE ÁGUA - FORNECIMENTO E INSTALAÇÃO. AF_12/2014","UN",7.66,"COMPOSIÇÃO"]
[89364,"CURVA 90 GRAUS, PVC, SOLDÁVEL, DN 25MM, INSTALADO EM RAMAL OU SUB-RAMAL DE ÁGUA - FORNECIMENTO E INSTALAÇÃO. AF_12/2014","UN",8.86,"COMPOSIÇÃO"]
[89365,"CURVA 45 GRAUS, PVC, SOLDÁVEL, DN 25MM, INSTALADO EM RAMAL OU SUB-RAMAL DE ÁGUA - FORNECIMENTO E INSTALAÇÃO. AF_12/2014","UN",8.32,"COMPOSIÇÃO"]
[89366,"JOELHO 90 GRAUS COM BUCHA DE LATÃO, PVC, SOLDÁVEL, DN 25MM, X 3/4\u0094 INSTALADO EM RAMAL OU SUB-RAMAL DE ÁGUA - FORNECIMENTO E INSTALAÇÃO. AF_12/2014","UN",12.04,"COMPOSIÇÃO"]
[89367,"JOELHO 90 GRAUS, PVC, SOLDÁVEL, DN 32MM, INSTALADO EM RAMAL OU SUB-RAMAL DE ÁGUA - FORNECIMENTO E INSTALAÇÃO. AF_12/2014","UN",9.61,"COMPOSIÇÃO"]
[89368,"JOELHO 45 GRAUS, PVC, SOLDÁVEL, DN 32MM, INSTALADO EM RAMAL OU SUB-RAMAL DE ÁGUA - FORNECIMENTO E INSTALAÇÃO. AF_12/2014","UN",11.25,"COMPOSIÇÃO"]
[89369,"CURVA 90 GRAUS, PVC, SOLDÁVEL, DN 32MM, INSTALADO EM RAMAL OU SUB-RAMAL DE ÁGUA - FORNECIMENTO E INSTALAÇÃO. AF_12/2014","UN",13.27,"COMPOSIÇÃO"]
[89370,"CURVA 45 GRAUS, PVC, SOLDÁVEL, DN 32MM, INSTALADO EM RAMAL OU SUB-RAMAL DE ÁGUA - FORNECIMENTO E INSTALAÇÃO. AF_12/2014","UN",10.9,"COMPOSIÇÃO"]
[89371,"LUVA, PVC, SOLDÁVEL, DN 20MM, INSTALADO EM RAMAL OU SUB-RAMAL DE ÁGUA - FORNECIMENTO E INSTALAÇÃO. AF_12/2014","UN",4.51,"COMPOSIÇÃO"]
[89372,"LUVA DE CORRER, PVC, SOLDÁVEL, DN 20MM, INSTALADO EM RAMAL OU SUB-RAMAL DE ÁGUA - FORNECIMENTO E INSTALAÇÃO. AF_12/2014","UN",9.9,"COMPOSIÇÃO"]
[89373,"LUVA DE REDUÇÃO, PVC, SOLDÁVEL, DN 25MM X 20MM, INSTALADO EM RAMAL OU SUB-RAMAL DE ÁGUA - FORNECIMENTO E INSTALAÇÃO. AF_12/2014","UN",5,"COMPOSIÇÃO"]
[89374,"LUVA COM BUCHA DE LATÃO, PVC, SOLDÁVEL, DN 20MM X 1/2\u0094, INSTALADO EM RAMAL OU SUB-RAMAL DE ÁGUA - FORNECIMENTO E INSTALAÇÃO. AF_12/2014","UN",7.92,"COMPOSIÇÃO"]
[89375,"UNIÃO, PVC, SOLDÁVEL, DN 20MM, INSTALADO EM RAMAL OU SUB-RAMAL DE ÁGUA - FORNECIMENTO E INSTALAÇÃO. AF_12/2014","UN",9.68,"COMPOSIÇÃO"]
[89376,"ADAPTADOR CURTO COM BOLSA E ROSCA PARA REGISTRO, PVC, SOLDÁVEL, DN 20MM X 1/2\u0094, INSTALADO EM RAMAL OU SUB-RAMAL DE ÁGUA - FORNECIMENTO E INSTALAÇÃO. AF_12/2014","UN",4.5599999999999996,"COMPOSIÇÃO"]
[89377,"CURVA DE TRANSPOSIÇÃO, PVC, SOLDÁVEL, DN 20MM, INSTALADO EM RAMAL OU SUB-RAMAL DE ÁGUA - FORNECIMENTO E INSTALAÇÃO. AF_12/2014","UN",7.17,"COMPOSIÇÃO"]
[89378,"LUVA, PVC, SOLDÁVEL, DN 25MM, INSTALADO EM RAMAL OU SUB-RAMAL DE ÁGUA - FORNECIMENTO E INSTALAÇÃO. AF_12/2014","UN",5.36,"COMPOSIÇÃO"]
[89379,"LUVA DE CORRER, PVC, SOLDÁVEL, DN 25MM, INSTALADO EM RAMAL OU SUB-RAMAL DE ÁGUA - FORNECIMENTO E INSTALAÇÃO. AF_12/2014","UN",12.54,"COMPOSIÇÃO"]
[89380,"LUVA DE REDUÇÃO, PVC, SOLDÁVEL, DN 32MM X 25MM, INSTALADO EM RAMAL OU SUB-RAMAL DE ÁGUA - FORNECIMENTO E INSTALAÇÃO. AF_12/2014","UN",7.56,"COMPOSIÇÃO"]
[89381,"LUVA COM BUCHA DE LATÃO, PVC, SOLDÁVEL, DN 25MM X 3/4\u0094, INSTALADO EM RAMAL OU SUB-RAMAL DE ÁGUA - FORNECIMENTO E INSTALAÇÃO. AF_12/2014","UN",9.9,"COMPOSIÇÃO"]
[89382,"UNIÃO, PVC, SOLDÁVEL, DN 25MM, INSTALADO EM RAMAL OU SUB-RAMAL DE ÁGUA - FORNECIMENTO E INSTALAÇÃO. AF_12/2014","UN",11.55,"COMPOSIÇÃO"]
[89383,"ADAPTADOR CURTO COM BOLSA E ROSCA PARA REGISTRO, PVC, SOLDÁVEL, DN 25MM X 3/4\u0094, INSTALADO EM RAMAL OU SUB-RAMAL DE ÁGUA - FORNECIMENTO E INSTALAÇÃO. AF_12/2014","UN",5.43,"COMPOSIÇÃO"]
[89384,"CURVA DE TRANSPOSIÇÃO, PVC, SOLDÁVEL, DN 25MM, INSTALADO EM RAMAL OU SUB-RAMAL DE ÁGUA   FORNECIMENTO E INSTALAÇÃO. AF_12/2014","UN",10.02,"COMPOSIÇÃO"]
[89385,"LUVA SOLDÁVEL E COM ROSCA, PVC, SOLDÁVEL, DN 25MM X 3/4\u0094, INSTALADO EM RAMAL OU SUB-RAMAL DE ÁGUA - FORNECIMENTO E INSTALAÇÃO. AF_12/2014","UN",6,"COMPOSIÇÃO"]
[89386,"LUVA, PVC, SOLDÁVEL, DN 32MM, INSTALADO EM RAMAL OU SUB-RAMAL DE ÁGUA - FORNECIMENTO E INSTALAÇÃO. AF_12/2014","UN",7.29,"COMPOSIÇÃO"]
[89387,"LUVA DE CORRER, PVC, SOLDÁVEL, DN 32MM, INSTALADO EM RAMAL OU SUB-RAMAL DE ÁGUA   FORNECIMENTO E INSTALAÇÃO. AF_12/2014","UN",24.44,"COMPOSIÇÃO"]
[89388,"LUVA DE REDUÇÃO, PVC, SOLDÁVEL, DN 40MM X 32MM, INSTALADO EM RAMAL OU SUB-RAMAL DE ÁGUA - FORNECIMENTO E INSTALAÇÃO. AF_12/2014","UN",9.23,"COMPOSIÇÃO"]
[89389,"LUVA SOLDÁVEL E COM ROSCA, PVC, SOLDÁVEL, DN 32MM X 1\u0094, INSTALADO EM RAMAL OU SUB-RAMAL DE ÁGUA - FORNECIMENTO E INSTALAÇÃO. AF_12/2014","UN",9.9,"COMPOSIÇÃO"]
[89390,"UNIÃO, PVC, SOLDÁVEL, DN 32MM, INSTALADO EM RAMAL OU SUB-RAMAL DE ÁGUA - FORNECIMENTO E INSTALAÇÃO. AF_12/2014","UN",16.96,"COMPOSIÇÃO"]
[89391,"ADAPTADOR CURTO COM BOLSA E ROSCA PARA REGISTRO, PVC, SOLDÁVEL, DN 32MM X 1\u0094, INSTALADO EM RAMAL OU SUB-RAMAL DE ÁGUA - FORNECIMENTO E INSTALAÇÃO. AF_12/2014","UN",7.22,"COMPOSIÇÃO"]
[89392,"CURVA DE TRANSPOSIÇÃO, PVC, SOLDÁVEL, DN 32MM, INSTALADO EM RAMAL OU SUB-RAMAL DE ÁGUA   FORNECIMENTO E INSTALAÇÃO. AF_12/2014","UN",19.920000000000002,"COMPOSIÇÃO"]
[89393,"TE, PVC, SOLDÁVEL, DN 20MM, INSTALADO EM RAMAL OU SUB-RAMAL DE ÁGUA - FORNECIMENTO E INSTALAÇÃO. AF_12/2014","UN",8.2899999999999991,"COMPOSIÇÃO"]
[89394,"TÊ COM BUCHA DE LATÃO NA BOLSA CENTRAL, PVC, SOLDÁVEL, DN 20MM X 1/2\u0094, INSTALADO EM RAMAL OU SUB-RAMAL DE ÁGUA - FORNECIMENTO E INSTALAÇÃO. AF_12/2014","UN",15.02,"COMPOSIÇÃO"]
[89395,"TE, PVC, SOLDÁVEL, DN 25MM, INSTALADO EM RAMAL OU SUB-RAMAL DE ÁGUA - FORNECIMENTO E INSTALAÇÃO. AF_12/2014","UN",9.89,"COMPOSIÇÃO"]
[89396,"TÊ COM BUCHA DE LATÃO NA BOLSA CENTRAL, PVC, SOLDÁVEL, DN 25MM X 1/2\u0094, INSTALADO EM RAMAL OU SUB-RAMAL DE ÁGUA - FORNECIMENTO E INSTALAÇÃO. AF_12/2014","UN",15.65,"COMPOSIÇÃO"]
[89397,"TÊ DE REDUÇÃO, PVC, SOLDÁVEL, DN 25MM X 20MM, INSTALADO EM RAMAL OU SUB-RAMAL DE ÁGUA - FORNECIMENTO E INSTALAÇÃO. AF_12/2014","UN",11.43,"COMPOSIÇÃO"]
[89398,"TE, PVC, SOLDÁVEL, DN 32MM, INSTALADO EM RAMAL OU SUB-RAMAL DE ÁGUA - FORNECIMENTO E INSTALAÇÃO. AF_12/2014","UN",14.08,"COMPOSIÇÃO"]
[89399,"TÊ COM BUCHA DE LATÃO NA BOLSA CENTRAL, PVC, SOLDÁVEL, DN 32MM X 3/4\u0094, INSTALADO EM RAMAL OU SUB-RAMAL DE ÁGUA - FORNECIMENTO E INSTALAÇÃO. AF_12/2014","UN",23.85,"COMPOSIÇÃO"]
[89400,"TÊ DE REDUÇÃO, PVC, SOLDÁVEL, DN 32MM X 25MM, INSTALADO EM RAMAL OU SUB-RAMAL DE ÁGUA - FORNECIMENTO E INSTALAÇÃO. AF_12/2014","UN",15.6,"COMPOSIÇÃO"]
[89404,"JOELHO 90 GRAUS, PVC, SOLDÁVEL, DN 20MM, INSTALADO EM RAMAL DE DISTRIBUIÇÃO DE ÁGUA - FORNECIMENTO E INSTALAÇÃO. AF_12/2014","UN",4.07,"COMPOSIÇÃO"]
[89405,"JOELHO 45 GRAUS, PVC, SOLDÁVEL, DN 20MM, INSTALADO EM RAMAL DE DISTRIBUIÇÃO DE ÁGUA - FORNECIMENTO E INSTALAÇÃO. AF_12/2014","UN",4.34,"COMPOSIÇÃO"]
[89406,"CURVA 90 GRAUS, PVC, SOLDÁVEL, DN 20MM, INSTALADO EM RAMAL DE DISTRIBUIÇÃO DE ÁGUA - FORNECIMENTO E INSTALAÇÃO. AF_12/2014","UN",5.48,"COMPOSIÇÃO"]
[89407,"CURVA 45 GRAUS, PVC, SOLDÁVEL, DN 20MM, INSTALADO EM RAMAL DE DISTRIBUIÇÃO DE ÁGUA - FORNECIMENTO E INSTALAÇÃO. AF_12/2014","UN",5.04,"COMPOSIÇÃO"]
[89408,"JOELHO 90 GRAUS, PVC, SOLDÁVEL, DN 25MM, INSTALADO EM RAMAL DE DISTRIBUIÇÃO DE ÁGUA - FORNECIMENTO E INSTALAÇÃO. AF_12/2014","UN",4.93,"COMPOSIÇÃO"]
[89409,"JOELHO 45 GRAUS, PVC, SOLDÁVEL, DN 25MM, INSTALADO EM RAMAL DE DISTRIBUIÇÃO DE ÁGUA - FORNECIMENTO E INSTALAÇÃO. AF_12/2014","UN",5.51,"COMPOSIÇÃO"]
[89410,"CURVA 90 GRAUS, PVC, SOLDÁVEL, DN 25MM, INSTALADO EM RAMAL DE DISTRIBUIÇÃO DE ÁGUA - FORNECIMENTO E INSTALAÇÃO. AF_12/2014","UN",6.71,"COMPOSIÇÃO"]
[89411,"CURVA 45 GRAUS, PVC, SOLDÁVEL, DN 25MM, INSTALADO EM RAMAL DE DISTRIBUIÇÃO DE ÁGUA - FORNECIMENTO E INSTALAÇÃO. AF_12/2014","UN",6.17,"COMPOSIÇÃO"]
[89412,"JOELHO 90 GRAUS, PVC, SOLDÁVEL, DN 25MM, X 3/4\u0094 INSTALADO EM RAMAL DE DISTRIBUIÇÃO DE ÁGUA - FORNECIMENTO E INSTALAÇÃO. AF_12/2014","UN",6.91,"COMPOSIÇÃO"]
[89413,"JOELHO 90 GRAUS, PVC, SOLDÁVEL, DN 32MM, INSTALADO EM RAMAL DE DISTRIBUIÇÃO DE ÁGUA - FORNECIMENTO E INSTALAÇÃO. AF_12/2014","UN",7.01,"COMPOSIÇÃO"]
[89414,"JOELHO 45 GRAUS, PVC, SOLDÁVEL, DN 32MM, INSTALADO EM RAMAL DE DISTRIBUIÇÃO DE ÁGUA - FORNECIMENTO E INSTALAÇÃO. AF_12/2014","UN",8.65,"COMPOSIÇÃO"]
[89415,"CURVA 90 GRAUS, PVC, SOLDÁVEL, DN 32MM, INSTALADO EM RAMAL DE DISTRIBUIÇÃO DE ÁGUA - FORNECIMENTO E INSTALAÇÃO. AF_12/2014","UN",10.67,"COMPOSIÇÃO"]
[89416,"CURVA 45 GRAUS, PVC, SOLDÁVEL, DN 32MM, INSTALADO EM RAMAL DE DISTRIBUIÇÃO DE ÁGUA - FORNECIMENTO E INSTALAÇÃO. AF_12/2014","UN",8.3000000000000007,"COMPOSIÇÃO"]
[89417,"LUVA, PVC, SOLDÁVEL, DN 20MM, INSTALADO EM RAMAL DE DISTRIBUIÇÃO DE ÁGUA - FORNECIMENTO E INSTALAÇÃO. AF_12/2014","UN",3.27,"COMPOSIÇÃO"]
[89418,"LUVA DE CORRER, PVC, SOLDÁVEL, DN 20MM, INSTALADO EM RAMAL DE DISTRIBUIÇÃO DE ÁGUA - FORNECIMENTO E INSTALAÇÃO. AF_12/2014","UN",8.66,"COMPOSIÇÃO"]
[89419,"LUVA DE REDUÇÃO, PVC, SOLDÁVEL, DN 25MM X 20MM, INSTALADO EM RAMAL DE DISTRIBUIÇÃO DE ÁGUA - FORNECIMENTO E INSTALAÇÃO. AF_12/2014","UN",3.76,"COMPOSIÇÃO"]
[89420,"LUVA COM BUCHA DE LATÃO, PVC, SOLDÁVEL, DN 20MM X 1/2\u0094, INSTALADO EM RAMAL DE DISTRIBUIÇÃO DE ÁGUA - FORNECIMENTO E INSTALAÇÃO. AF_12/2014","UN",6.68,"COMPOSIÇÃO"]
[89421,"UNIÃO, PVC, SOLDÁVEL, DN 20MM, INSTALADO EM RAMAL DE DISTRIBUIÇÃO DE ÁGUA - FORNECIMENTO E INSTALAÇÃO. AF_12/2014","UN",8.44,"COMPOSIÇÃO"]
[89422,"ADAPTADOR CURTO COM BOLSA E ROSCA PARA REGISTRO, PVC, SOLDÁVEL, DN 20MM X 1/2\u0094, INSTALADO EM RAMAL DE DISTRIBUIÇÃO DE ÁGUA - FORNECIMENTO E INSTALAÇÃO. AF_12/2014","UN",3.32,"COMPOSIÇÃO"]
[89423,"CURVA DE TRANSPOSIÇÃO, PVC, SOLDÁVEL, DN 20MM, INSTALADO EM RAMAL DE DISTRIBUIÇÃO DE ÁGUA   FORNECIMENTO E INSTALAÇÃO. AF_12/2014","UN",6.41,"COMPOSIÇÃO"]
[89424,"LUVA, PVC, SOLDÁVEL, DN 25MM, INSTALADO EM RAMAL DE DISTRIBUIÇÃO DE ÁGUA - FORNECIMENTO E INSTALAÇÃO. AF_12/2014","UN",3.91,"COMPOSIÇÃO"]
[89425,"LUVA DE CORRER, PVC, SOLDÁVEL, DN 25MM, INSTALADO EM RAMAL DE DISTRIBUIÇÃO DE ÁGUA - FORNECIMENTO E INSTALAÇÃO. AF_12/2014","UN",11.09,"COMPOSIÇÃO"]
[89426,"LUVA DE REDUÇÃO, PVC, SOLDÁVEL, DN 32MM X 25MM, INSTALADO EM RAMAL DE DISTRIBUIÇÃO DE ÁGUA - FORNECIMENTO E INSTALAÇÃO. AF_12/2014","UN",6.11,"COMPOSIÇÃO"]
[89427,"LUVA COM BUCHA DE LATÃO, PVC, SOLDÁVEL, DN 25MM X 3/4\u0094, INSTALADO EM RAMAL DE DISTRIBUIÇÃO DE ÁGUA - FORNECIMENTO E INSTALAÇÃO. AF_12/2014","UN",8.4499999999999993,"COMPOSIÇÃO"]
[89428,"UNIÃO, PVC, SOLDÁVEL, DN 25MM, INSTALADO EM RAMAL DE DISTRIBUIÇÃO DE ÁGUA - FORNECIMENTO E INSTALAÇÃO. AF_12/2014","UN",10.1,"COMPOSIÇÃO"]
[89429,"ADAPTADOR CURTO COM BOLSA E ROSCA PARA REGISTRO, PVC, SOLDÁVEL, DN 25MM X 3/4\u0094, INSTALADO EM RAMAL DE DISTRIBUIÇÃO DE ÁGUA - FORNECIMENTO E INSTALAÇÃO. AF_12/2014","UN",3.98,"COMPOSIÇÃO"]
[89430,"CURVA DE TRANSPOSIÇÃO, PVC, SOLDÁVEL, DN 25MM, INSTALADO EM RAMAL DE DISTRIBUIÇÃO DE ÁGUA   FORNECIMENTO E INSTALAÇÃO. AF_12/2014","UN",8.57,"COMPOSIÇÃO"]
[89431,"LUVA, PVC, SOLDÁVEL, DN 32MM, INSTALADO EM RAMAL DE DISTRIBUIÇÃO DE ÁGUA - FORNECIMENTO E INSTALAÇÃO. AF_12/2014","UN",5.55,"COMPOSIÇÃO"]
[89432,"LUVA DE CORRER, PVC, SOLDÁVEL, DN 32MM, INSTALADO EM RAMAL DE DISTRIBUIÇÃO DE ÁGUA   FORNECIMENTO E INSTALAÇÃO. AF_12/2014","UN",22.7,"COMPOSIÇÃO"]
[89433,"LUVA DE REDUÇÃO, PVC, SOLDÁVEL, DN 40MM X 32MM, INSTALADO EM RAMAL DE DISTRIBUIÇÃO DE ÁGUA - FORNECIMENTO E INSTALAÇÃO. AF_12/2014","UN",7.49,"COMPOSIÇÃO"]
[89434,"LUVA SOLDÁVEL E COM ROSCA, PVC, SOLDÁVEL, DN 32MM X 1\u0094, INSTALADO EM RAMAL DE DISTRIBUIÇÃO DE ÁGUA - FORNECIMENTO E INSTALAÇÃO. AF_12/2014","UN",8.16,"COMPOSIÇÃO"]
[89435,"UNIÃO, PVC, SOLDÁVEL, DN 32MM, INSTALADO EM RAMAL DE DISTRIBUIÇÃO DE ÁGUA - FORNECIMENTO E INSTALAÇÃO. AF_12/2014","UN",15.22,"COMPOSIÇÃO"]
[89436,"ADAPTADOR CURTO COM BOLSA E ROSCA PARA REGISTRO, PVC, SOLDÁVEL, DN 32MM X 1\u0094, INSTALADO EM RAMAL DE DISTRIBUIÇÃO DE ÁGUA - FORNECIMENTO E INSTALAÇÃO. AF_12/2014","UN",5.48,"COMPOSIÇÃO"]
[89437,"CURVA DE TRANSPOSIÇÃO, PVC, SOLDÁVEL, DN 32MM, INSTALADO EM RAMAL DE DISTRIBUIÇÃO DE ÁGUA   FORNECIMENTO E INSTALAÇÃO. AF_12/2014","UN",18.18,"COMPOSIÇÃO"]
[89438,"TE, PVC, SOLDÁVEL, DN 20MM, INSTALADO EM RAMAL DE DISTRIBUIÇÃO DE ÁGUA - FORNECIMENTO E INSTALAÇÃO. AF_12/2014","UN",5.8,"COMPOSIÇÃO"]
[89439,"TÊ SOLDÁVEL E COM ROSCA NA BOLSA CENTRAL, PVC, SOLDÁVEL, DN 20MM X 1/2\u0094, INSTALADO EM RAMAL DE DISTRIBUIÇÃO DE ÁGUA - FORNECIMENTO E INSTALAÇÃO. AF_12/2014","UN",7.34,"COMPOSIÇÃO"]
[89440,"TE, PVC, SOLDÁVEL, DN 25MM, INSTALADO EM RAMAL DE DISTRIBUIÇÃO DE ÁGUA - FORNECIMENTO E INSTALAÇÃO. AF_12/2014","UN",7,"COMPOSIÇÃO"]
[89441,"TÊ COM BUCHA DE LATÃO NA BOLSA CENTRAL, PVC, SOLDÁVEL, DN 25MM X 1/2\u0094, INSTALADO EM RAMAL DE DISTRIBUIÇÃO DE ÁGUA - FORNECIMENTO E INSTALAÇÃO. AF_12/2014","UN",12.76,"COMPOSIÇÃO"]
[89442,"TÊ DE REDUÇÃO, PVC, SOLDÁVEL, DN 25MM X 20MM, INSTALADO EM RAMAL DE DISTRIBUIÇÃO DE ÁGUA - FORNECIMENTO E INSTALAÇÃO. AF_12/2014","UN",8.5399999999999991,"COMPOSIÇÃO"]
[89443,"TE, PVC, SOLDÁVEL, DN 32MM, INSTALADO EM RAMAL DE DISTRIBUIÇÃO DE ÁGUA - FORNECIMENTO E INSTALAÇÃO. AF_12/2014","UN",10.64,"COMPOSIÇÃO"]
[89444,"TÊ COM BUCHA DE LATÃO NA BOLSA CENTRAL, PVC, SOLDÁVEL, DN 32MM X 3/4\u0094, INSTALADO EM RAMAL DE DISTRIBUIÇÃO DE ÁGUA - FORNECIMENTO E INSTALAÇÃO. AF_12/2014","UN",20.41,"COMPOSIÇÃO"]
[89445,"TÊ DE REDUÇÃO, PVC, SOLDÁVEL, DN 32MM X 25MM, INSTALADO EM RAMAL DE DISTRIBUIÇÃO DE ÁGUA - FORNECIMENTO E INSTALAÇÃO. AF_12/2014","UN",12.16,"COMPOSIÇÃO"]
[89481,"JOELHO 90 GRAUS, PVC, SOLDÁVEL, DN 25MM, INSTALADO EM PRUMADA DE ÁGUA - FORNECIMENTO E INSTALAÇÃO. AF_12/2014","UN",3.83,"COMPOSIÇÃO"]
[89485,"JOELHO 45 GRAUS, PVC, SOLDÁVEL, DN 25MM, INSTALADO EM PRUMADA DE ÁGUA - FORNECIMENTO E INSTALAÇÃO. AF_12/2014","UN",4.41,"COMPOSIÇÃO"]
[89489,"CURVA 90 GRAUS, PVC, SOLDÁVEL, DN 25MM, INSTALADO EM PRUMADA DE ÁGUA - FORNECIMENTO E INSTALAÇÃO. AF_12/2014","UN",5.61,"COMPOSIÇÃO"]
[89490,"CURVA 45 GRAUS, PVC, SOLDÁVEL, DN 25MM, INSTALADO EM PRUMADA DE ÁGUA - FORNECIMENTO E INSTALAÇÃO. AF_12/2014","UN",5.07,"COMPOSIÇÃO"]
[89492,"JOELHO 90 GRAUS, PVC, SOLDÁVEL, DN 32MM, INSTALADO EM PRUMADA DE ÁGUA - FORNECIMENTO E INSTALAÇÃO. AF_12/2014","UN",5.78,"COMPOSIÇÃO"]
[89493,"JOELHO 45 GRAUS, PVC, SOLDÁVEL, DN 32MM, INSTALADO EM PRUMADA DE ÁGUA - FORNECIMENTO E INSTALAÇÃO. AF_12/2014","UN",7.42,"COMPOSIÇÃO"]
[89494,"CURVA 90 GRAUS, PVC, SOLDÁVEL, DN 32MM, INSTALADO EM PRUMADA DE ÁGUA - FORNECIMENTO E INSTALAÇÃO. AF_12/2014","UN",9.44,"COMPOSIÇÃO"]
[89496,"CURVA 45 GRAUS, PVC, SOLDÁVEL, DN 32MM, INSTALADO EM PRUMADA DE ÁGUA - FORNECIMENTO E INSTALAÇÃO. AF_12/2014","UN",7.07,"COMPOSIÇÃO"]
[89497,"JOELHO 90 GRAUS, PVC, SOLDÁVEL, DN 40MM, INSTALADO EM PRUMADA DE ÁGUA - FORNECIMENTO E INSTALAÇÃO. AF_12/2014","UN",9.1,"COMPOSIÇÃO"]
[89498,"JOELHO 45 GRAUS, PVC, SOLDÁVEL, DN 40MM, INSTALADO EM PRUMADA DE ÁGUA - FORNECIMENTO E INSTALAÇÃO. AF_12/2014","UN",9.84,"COMPOSIÇÃO"]
[89499,"CURVA 90 GRAUS, PVC, SOLDÁVEL, DN 40MM, INSTALADO EM PRUMADA DE ÁGUA - FORNECIMENTO E INSTALAÇÃO. AF_12/2014","UN",14.6,"COMPOSIÇÃO"]
[89500,"CURVA 45 GRAUS, PVC, SOLDÁVEL, DN 40MM, INSTALADO EM PRUMADA DE ÁGUA - FORNECIMENTO E INSTALAÇÃO. AF_12/2014","UN",9.99,"COMPOSIÇÃO"]
[89501,"JOELHO 90 GRAUS, PVC, SOLDÁVEL, DN 50MM, INSTALADO EM PRUMADA DE ÁGUA - FORNECIMENTO E INSTALAÇÃO. AF_12/2014","UN",11.16,"COMPOSIÇÃO"]
[89502,"JOELHO 45 GRAUS, PVC, SOLDÁVEL, DN 50MM, INSTALADO EM PRUMADA DE ÁGUA - FORNECIMENTO E INSTALAÇÃO. AF_12/2014","UN",12.51,"COMPOSIÇÃO"]
[89503,"CURVA 90 GRAUS, PVC, SOLDÁVEL, DN 50MM, INSTALADO EM PRUMADA DE ÁGUA - FORNECIMENTO E INSTALAÇÃO. AF_12/2014","UN",18.41,"COMPOSIÇÃO"]
[89504,"CURVA 45 GRAUS, PVC, SOLDÁVEL, DN 50MM, INSTALADO EM PRUMADA DE ÁGUA - FORNECIMENTO E INSTALAÇÃO. AF_12/2014","UN",16.28,"COMPOSIÇÃO"]
[89505,"JOELHO 90 GRAUS, PVC, SOLDÁVEL, DN 60MM, INSTALADO EM PRUMADA DE ÁGUA - FORNECIMENTO E INSTALAÇÃO. AF_12/2014","UN",27.22,"COMPOSIÇÃO"]
[89506,"JOELHO 45 GRAUS, PVC, SOLDÁVEL, DN 60MM, INSTALADO EM PRUMADA DE ÁGUA - FORNECIMENTO E INSTALAÇÃO. AF_12/2014","UN",30.44,"COMPOSIÇÃO"]
[89507,"CURVA 90 GRAUS, PVC, SOLDÁVEL, DN 60MM, INSTALADO EM PRUMADA DE ÁGUA - FORNECIMENTO E INSTALAÇÃO. AF_12/2014","UN",37.15,"COMPOSIÇÃO"]
[89510,"CURVA 45 GRAUS, PVC, SOLDÁVEL, DN 60MM, INSTALADO EM PRUMADA DE ÁGUA - FORNECIMENTO E INSTALAÇÃO. AF_12/2014","UN",24.84,"COMPOSIÇÃO"]
[89513,"JOELHO 90 GRAUS, PVC, SOLDÁVEL, DN 75MM, INSTALADO EM PRUMADA DE ÁGUA - FORNECIMENTO E INSTALAÇÃO. AF_12/2014","UN",82.28,"COMPOSIÇÃO"]
[89514,"JOELHO 90 GRAUS, PVC, SERIE R, ÁGUA PLUVIAL, DN 40 MM, JUNTA SOLDÁVEL, FORNECIDO E INSTALADO EM RAMAL DE ENCAMINHAMENTO. AF_12/2014","UN",7.91,"COMPOSIÇÃO"]
[89515,"JOELHO 45 GRAUS, PVC, SOLDÁVEL, DN 75MM, INSTALADO EM PRUMADA DE ÁGUA - FORNECIMENTO E INSTALAÇÃO. AF_12/2014","UN",62.66,"COMPOSIÇÃO"]
[89516,"JOELHO 45 GRAUS, PVC, SERIE R, ÁGUA PLUVIAL, DN 40 MM, JUNTA SOLDÁVEL, FORNECIDO E INSTALADO EM RAMAL DE ENCAMINHAMENTO. AF_12/2014","UN",6.97,"COMPOSIÇÃO"]
[89517,"CURVA 90 GRAUS, PVC, SOLDÁVEL, DN 75MM, INSTALADO EM PRUMADA DE ÁGUA - FORNECIMENTO E INSTALAÇÃO. AF_12/2014","UN",53.12,"COMPOSIÇÃO"]
[89518,"JOELHO 90 GRAUS, PVC, SERIE R, ÁGUA PLUVIAL, DN 50 MM, JUNTA ELÁSTICA, FORNECIDO E INSTALADO EM RAMAL DE ENCAMINHAMENTO. AF_12/2014","UN",11.04,"COMPOSIÇÃO"]
[89519,"CURVA 45 GRAUS, PVC, SOLDÁVEL, DN 75MM, INSTALADO EM PRUMADA DE ÁGUA - FORNECIMENTO E INSTALAÇÃO. AF_12/2014","UN",36.64,"COMPOSIÇÃO"]
[89520,"JOELHO 45 GRAUS, PVC, SERIE R, ÁGUA PLUVIAL, DN 50 MM, JUNTA ELÁSTICA, FORNECIDO E INSTALADO EM RAMAL DE ENCAMINHAMENTO. AF_12/2014","UN",9.8000000000000007,"COMPOSIÇÃO"]
[89521,"JOELHO 90 GRAUS, PVC, SOLDÁVEL, DN 85MM, INSTALADO EM PRUMADA DE ÁGUA - FORNECIMENTO E INSTALAÇÃO. AF_12/2014","UN",96.93,"COMPOSIÇÃO"]
[89522,"JOELHO 90 GRAUS, PVC, SERIE R, ÁGUA PLUVIAL, DN 75 MM, JUNTA ELÁSTICA, FORNECIDO E INSTALADO EM RAMAL DE ENCAMINHAMENTO. AF_12/2014","UN",21.98,"COMPOSIÇÃO"]
[89523,"JOELHO 45 GRAUS, PVC, SOLDÁVEL, DN 85MM, INSTALADO EM PRUMADA DE ÁGUA - FORNECIMENTO E INSTALAÇÃO. AF_12/2014","UN",73.819999999999993,"COMPOSIÇÃO"]
[89524,"JOELHO 45 GRAUS, PVC, SERIE R, ÁGUA PLUVIAL, DN 75 MM, JUNTA ELÁSTICA, FORNECIDO E INSTALADO EM RAMAL DE ENCAMINHAMENTO. AF_12/2014","UN",19.61,"COMPOSIÇÃO"]
[89525,"CURVA 90 GRAUS, PVC, SOLDÁVEL, DN 85MM, INSTALADO EM PRUMADA DE ÁGUA - FORNECIMENTO E INSTALAÇÃO. AF_12/2014","UN",72.650000000000006,"COMPOSIÇÃO"]
[89526,"CURVA 87 GRAUS E 30 MINUTOS, PVC, SERIE R, ÁGUA PLUVIAL, DN 75 MM, JUNTA ELÁSTICA, FORNECIDO E INSTALADO EM RAMAL DE ENCAMINHAMENTO. AF_12/2014","UN",28.26,"COMPOSIÇÃO"]
[89527,"CURVA 45 GRAUS, PVC, SOLDÁVEL, DN 85MM, INSTALADO EM PRUMADA DE ÁGUA - FORNECIMENTO E INSTALAÇÃO. AF_12/2014","UN",56.44,"COMPOSIÇÃO"]
[89528,"LUVA, PVC, SOLDÁVEL, DN 25MM, INSTALADO EM PRUMADA DE ÁGUA - FORNECIMENTO E INSTALAÇÃO. AF_12/2014","UN",3.16,"COMPOSIÇÃO"]
[89529,"JOELHO 90 GRAUS, PVC, SERIE R, ÁGUA PLUVIAL, DN 100 MM, JUNTA ELÁSTICA, FORNECIDO E INSTALADO EM RAMAL DE ENCAMINHAMENTO. AF_12/2014","UN",32.26,"COMPOSIÇÃO"]
[89530,"LUVA DE CORRER, PVC, SOLDÁVEL, DN 25MM, INSTALADO EM PRUMADA DE ÁGUA - FORNECIMENTO E INSTALAÇÃO. AF_12/2014","UN",10.34,"COMPOSIÇÃO"]
[89531,"JOELHO 45 GRAUS, PVC, SERIE R, ÁGUA PLUVIAL, DN 100 MM, JUNTA ELÁSTICA, FORNECIDO E INSTALADO EM RAMAL DE ENCAMINHAMENTO. AF_12/2014","UN",26.48,"COMPOSIÇÃO"]
[89532,"LUVA DE REDUÇÃO, PVC, SOLDÁVEL, DN 32MM X 25MM, INSTALADO EM PRUMADA DE ÁGUA - FORNECIMENTO E INSTALAÇÃO. AF_12/2014","UN",5.36,"COMPOSIÇÃO"]
[89533,"JOELHO 45 GRAUS PARA PÉ DE COLUNA, PVC, SERIE R, ÁGUA PLUVIAL, DN 100 MM, JUNTA ELÁSTICA, FORNECIDO E INSTALADO EM RAMAL DE ENCAMINHAMENTO. AF_12/2014","UN",26.48,"COMPOSIÇÃO"]
[89534,"LUVA SOLDÁVEL E COM ROSCA, PVC, SOLDÁVEL, DN 25MM X 3/4\u0094, INSTALADO EM PRUMADA DE ÁGUA - FORNECIMENTO E INSTALAÇÃO. AF_12/2014","UN",3.8,"COMPOSIÇÃO"]
[89535,"CURVA 87 GRAUS E 30 MINUTOS, PVC, SERIE R, ÁGUA PLUVIAL, DN 100 MM, JUNTA ELÁSTICA, FORNECIDO E INSTALADO EM RAMAL DE ENCAMINHAMENTO. AF_12/2014","UN",41.32,"COMPOSIÇÃO"]
[89536,"UNIÃO, PVC, SOLDÁVEL, DN 25MM, INSTALADO EM PRUMADA DE ÁGUA - FORNECIMENTO E INSTALAÇÃO. AF_12/2014","UN",9.35,"COMPOSIÇÃO"]
[89538,"ADAPTADOR CURTO COM BOLSA E ROSCA PARA REGISTRO, PVC, SOLDÁVEL, DN 25MM X 3/4\u0094, INSTALADO EM PRUMADA DE ÁGUA - FORNECIMENTO E INSTALAÇÃO. AF_12/2014","UN",3.23,"COMPOSIÇÃO"]
[89540,"CURVA DE TRANSPOSIÇÃO, PVC, SOLDÁVEL, DN 25MM, INSTALADO EM PRUMADA DE ÁGUA  - FORNECIMENTO E INSTALAÇÃO. AF_12/2014","UN",7.82,"COMPOSIÇÃO"]
[89541,"LUVA, PVC, SOLDÁVEL, DN 32MM, INSTALADO EM PRUMADA DE ÁGUA - FORNECIMENTO E INSTALAÇÃO. AF_12/2014","UN",4.7300000000000004,"COMPOSIÇÃO"]
[89542,"LUVA DE CORRER, PVC, SOLDÁVEL, DN 32MM, INSTALADO EM PRUMADA DE ÁGUA - FORNECIMENTO E INSTALAÇÃO. AF_12/2014","UN",21.88,"COMPOSIÇÃO"]
[89544,"LUVA SIMPLES, PVC, SERIE R, ÁGUA PLUVIAL, DN 40 MM, JUNTA SOLDÁVEL, FORNECIDO E INSTALADO EM RAMAL DE ENCAMINHAMENTO. AF_12/2014","UN",7.01,"COMPOSIÇÃO"]
[89545,"LUVA SIMPLES, PVC, SERIE R, ÁGUA PLUVIAL, DN 50 MM, JUNTA ELÁSTICA, FORNECIDO E INSTALADO EM RAMAL DE ENCAMINHAMENTO. AF_12/2014","UN",10.07,"COMPOSIÇÃO"]
[89546,"BUCHA DE REDUÇÃO LONGA, PVC, SERIE R, ÁGUA PLUVIAL, DN 50 X 40 MM, JUNTA ELÁSTICA, FORNECIDO E INSTALADO EM RAMAL DE ENCAMINHAMENTO. AF_12/2014","UN",8.82,"COMPOSIÇÃO"]
[89547,"LUVA SIMPLES, PVC, SERIE R, ÁGUA PLUVIAL, DN 75 MM, JUNTA ELÁSTICA, FORNECIDO E INSTALADO EM RAMAL DE ENCAMINHAMENTO. AF_12/2014","UN",15.26,"COMPOSIÇÃO"]
[89548,"LUVA DE CORRER, PVC, SERIE R, ÁGUA PLUVIAL, DN 75 MM, JUNTA ELÁSTICA, FORNECIDO E INSTALADO EM RAMAL DE ENCAMINHAMENTO. AF_12/2014","UN",16.440000000000001,"COMPOSIÇÃO"]
[89549,"REDUÇÃO EXCÊNTRICA, PVC, SERIE R, ÁGUA PLUVIAL, DN 75 X 50 MM, JUNTA ELÁSTICA, FORNECIDO E INSTALADO EM RAMAL DE ENCAMINHAMENTO. AF_12/2014","UN",12.09,"COMPOSIÇÃO"]
[89550,"TÊ DE INSPEÇÃO, PVC, SERIE R, ÁGUA PLUVIAL, DN 75 MM, JUNTA ELÁSTICA, FORNECIDO E INSTALADO EM RAMAL DE ENCAMINHAMENTO. AF_12/2014","UN",28.22,"COMPOSIÇÃO"]
[89551,"LUVA SOLDÁVEL E COM ROSCA, PVC, SOLDÁVEL, DN 32MM X 1\u0094, INSTALADO EM PRUMADA DE ÁGUA - FORNECIMENTO E INSTALAÇÃO. AF_12/2014","UN",7.34,"COMPOSIÇÃO"]
[89552,"UNIÃO, PVC, SOLDÁVEL, DN 32MM, INSTALADO EM PRUMADA DE ÁGUA - FORNECIMENTO E INSTALAÇÃO. AF_12/2014","UN",14.4,"COMPOSIÇÃO"]
[89553,"ADAPTADOR CURTO COM BOLSA E ROSCA PARA REGISTRO, PVC, SOLDÁVEL, DN 32MM X 1\u0094, INSTALADO EM PRUMADA DE ÁGUA - FORNECIMENTO E INSTALAÇÃO. AF_12/2014","UN",4.66,"COMPOSIÇÃO"]
[89554,"LUVA SIMPLES, PVC, SERIE R, ÁGUA PLUVIAL, DN 100 MM, JUNTA ELÁSTICA, FORNECIDO E INSTALADO EM RAMAL DE ENCAMINHAMENTO. AF_12/2014","UN",18.77,"COMPOSIÇÃO"]
[89555,"CURVA DE TRANSPOSIÇÃO, PVC, SOLDÁVEL, DN 32MM, INSTALADO EM PRUMADA DE ÁGUA   FORNECIMENTO E INSTALAÇÃO. AF_12/2014","UN",17.36,"COMPOSIÇÃO"]
[89556,"LUVA DE CORRER, PVC, SERIE R, ÁGUA PLUVIAL, DN 100 MM, JUNTA ELÁSTICA, FORNECIDO E INSTALADO EM RAMAL DE ENCAMINHAMENTO. AF_12/2014","UN",26.86,"COMPOSIÇÃO"]
[89557,"REDUÇÃO EXCÊNTRICA, PVC, SERIE R, ÁGUA PLUVIAL, DN 100 X 75 MM, JUNTA ELÁSTICA, FORNECIDO E INSTALADO EM RAMAL DE ENCAMINHAMENTO. AF_12/2014","UN",21.54,"COMPOSIÇÃO"]
[89558,"LUVA, PVC, SOLDÁVEL, DN 40MM, INSTALADO EM PRUMADA DE ÁGUA - FORNECIMENTO E INSTALAÇÃO. AF_12/2014","UN",7.07,"COMPOSIÇÃO"]
[89559,"TÊ DE INSPEÇÃO, PVC, SERIE R, ÁGUA PLUVIAL, DN 100 MM, JUNTA ELÁSTICA, FORNECIDO E INSTALADO EM RAMAL DE ENCAMINHAMENTO. AF_12/2014","UN",46.12,"COMPOSIÇÃO"]
[89561,"JUNÇÃO SIMPLES, PVC, SERIE R, ÁGUA PLUVIAL, DN 40 MM, JUNTA SOLDÁVEL, FORNECIDO E INSTALADO EM RAMAL DE ENCAMINHAMENTO. AF_12/2014","UN",10.36,"COMPOSIÇÃO"]
[89562,"LUVA DE REDUÇÃO, PVC, SOLDÁVEL, DN 40MM X 32MM, INSTALADO EM PRUMADA DE ÁGUA - FORNECIMENTO E INSTALAÇÃO. AF_12/2014","UN",7.49,"COMPOSIÇÃO"]
[89563,"JUNÇÃO SIMPLES, PVC, SERIE R, ÁGUA PLUVIAL, DN 50 MM, JUNTA ELÁSTICA, FORNECIDO E INSTALADO EM RAMAL DE ENCAMINHAMENTO. AF_12/2014","UN",16.809999999999999,"COMPOSIÇÃO"]
[89564,"LUVA COM ROSCA, PVC, SOLDÁVEL, DN 40MM X 1.1/4\u0094, INSTALADO EM PRUMADA DE ÁGUA - FORNECIMENTO E INSTALAÇÃO. AF_12/2014","UN",13.09,"COMPOSIÇÃO"]
[89565,"JUNÇÃO SIMPLES, PVC, SERIE R, ÁGUA PLUVIAL, DN 75 X 75 MM, JUNTA ELÁSTICA, FORNECIDO E INSTALADO EM RAMAL DE ENCAMINHAMENTO. AF_12/2014","UN",40.06,"COMPOSIÇÃO"]
[89566,"TÊ, PVC, SERIE R, ÁGUA PLUVIAL, DN 75 MM, JUNTA ELÁSTICA, FORNECIDO E INSTALADO EM RAMAL DE ENCAMINHAMENTO. AF_12/2014","UN",34.94,"COMPOSIÇÃO"]
[89567,"JUNÇÃO SIMPLES, PVC, SERIE R, ÁGUA PLUVIAL, DN 100 X 100 MM, JUNTA ELÁSTICA, FORNECIDO E INSTALADO EM RAMAL DE ENCAMINHAMENTO. AF_12/2014","UN",58.61,"COMPOSIÇÃO"]
[89568,"UNIÃO, PVC, SOLDÁVEL, DN 40MM, INSTALADO EM PRUMADA DE ÁGUA - FORNECIMENTO E INSTALAÇÃO. AF_12/2014","UN",25.78,"COMPOSIÇÃO"]
[89569,"JUNÇÃO SIMPLES, PVC, SERIE R, ÁGUA PLUVIAL, DN 100 X 75 MM, JUNTA ELÁSTICA, FORNECIDO E INSTALADO EM RAMAL DE ENCAMINHAMENTO. AF_12/2014","UN",55.51,"COMPOSIÇÃO"]
[89570,"ADAPTADOR CURTO COM BOLSA E ROSCA PARA REGISTRO, PVC, SOLDÁVEL, DN 40MM X 1.1/2\u0094, INSTALADO EM PRUMADA DE ÁGUA - FORNECIMENTO E INSTALAÇÃO. AF_12/2014","UN",9.4499999999999993,"COMPOSIÇÃO"]
[89571,"TÊ, PVC, SERIE R, ÁGUA PLUVIAL, DN 100 X 100 MM, JUNTA ELÁSTICA, FORNECIDO E INSTALADO EM RAMAL DE ENCAMINHAMENTO. AF_12/2014","UN",54.12,"COMPOSIÇÃO"]
[89572,"ADAPTADOR CURTO COM BOLSA E ROSCA PARA REGISTRO, PVC, SOLDÁVEL, DN 40MM X 1.1/4\u0094, INSTALADO EM PRUMADA DE ÁGUA - FORNECIMENTO E INSTALAÇÃO. AF_12/2014","UN",6.73,"COMPOSIÇÃO"]
[89573,"TÊ, PVC, SERIE R, ÁGUA PLUVIAL, DN 100 X 75 MM, JUNTA ELÁSTICA, FORNECIDO E INSTALADO EM RAMAL DE ENCAMINHAMENTO. AF_12/2014","UN",49.43,"COMPOSIÇÃO"]
[89574,"JUNÇÃO DUPLA, PVC, SERIE R, ÁGUA PLUVIAL, DN 100 X 100 X 100 MM, JUNTA ELÁSTICA, FORNECIDO E INSTALADO EM RAMAL DE ENCAMINHAMENTO. AF_12/2014","UN",95,"COMPOSIÇÃO"]
[89575,"LUVA, PVC, SOLDÁVEL, DN 50MM, INSTALADO EM PRUMADA DE ÁGUA - FORNECIMENTO E INSTALAÇÃO. AF_12/2014","UN",9.1199999999999992,"COMPOSIÇÃO"]
[89577,"LUVA DE CORRER, PVC, SOLDÁVEL, DN 50MM, INSTALADO EM PRUMADA DE ÁGUA - FORNECIMENTO E INSTALAÇÃO. AF_12/2014","UN",26.75,"COMPOSIÇÃO"]
[89579,"LUVA DE REDUÇÃO, PVC, SOLDÁVEL, DN 50MM X 25MM, INSTALADO EM PRUMADA DE ÁGUA   FORNECIMENTO E INSTALAÇÃO. AF_12/2014","UN",9.32,"COMPOSIÇÃO"]
[89581,"JOELHO 90 GRAUS, PVC, SERIE R, ÁGUA PLUVIAL, DN 75 MM, JUNTA ELÁSTICA, FORNECIDO E INSTALADO EM CONDUTORES VERTICAIS DE ÁGUAS PLUVIAIS. AF_12/2014","UN",20.57,"COMPOSIÇÃO"]
[89582,"JOELHO 45 GRAUS, PVC, SERIE R, ÁGUA PLUVIAL, DN 75 MM, JUNTA ELÁSTICA, FORNECIDO E INSTALADO EM CONDUTORES VERTICAIS DE ÁGUAS PLUVIAIS. AF_12/2014","UN",18.2,"COMPOSIÇÃO"]
[89583,"CURVA 87 GRAUS E 30 MINUTOS, PVC, SERIE R, ÁGUA PLUVIAL, DN 75 MM, JUNTA ELÁSTICA, FORNECIDO E INSTALADO EM CONDUTORES VERTICAIS DE ÁGUAS PLUVIAIS. AF_12/2014","UN",26.85,"COMPOSIÇÃO"]
[89584,"JOELHO 90 GRAUS, PVC, SERIE R, ÁGUA PLUVIAL, DN 100 MM, JUNTA ELÁSTICA, FORNECIDO E INSTALADO EM CONDUTORES VERTICAIS DE ÁGUAS PLUVIAIS. AF_12/2014","UN",30.85,"COMPOSIÇÃO"]
[89585,"JOELHO 45 GRAUS, PVC, SERIE R, ÁGUA PLUVIAL, DN 100 MM, JUNTA ELÁSTICA, FORNECIDO E INSTALADO EM CONDUTORES VERTICAIS DE ÁGUAS PLUVIAIS. AF_12/2014","UN",25.07,"COMPOSIÇÃO"]
[89586,"JOELHO 45 GRAUS PARA PÉ DE COLUNA, PVC, SERIE R, ÁGUA PLUVIAL, DN 100 MM, JUNTA ELÁSTICA, FORNECIDO E INSTALADO EM CONDUTORES VERTICAIS DE ÁGUAS PLUVIAIS. AF_12/2014","UN",25.07,"COMPOSIÇÃO"]
[89587,"CURVA 87 GRAUS E 30 MINUTOS, PVC, SERIE R, ÁGUA PLUVIAL, DN 100 MM, JUNTA ELÁSTICA, FORNECIDO E INSTALADO EM CONDUTORES VERTICAIS DE ÁGUAS PLUVIAIS. AF_12/2014","UN",39.909999999999997,"COMPOSIÇÃO"]
[89590,"JOELHO 90 GRAUS, PVC, SERIE R, ÁGUA PLUVIAL, DN 150 MM, JUNTA ELÁSTICA, FORNECIDO E INSTALADO EM CONDUTORES VERTICAIS DE ÁGUAS PLUVIAIS. AF_12/2014","UN",97.52,"COMPOSIÇÃO"]
[89591,"JOELHO 45 GRAUS, PVC, SERIE R, ÁGUA PLUVIAL, DN 150 MM, JUNTA ELÁSTICA, FORNECIDO E INSTALADO EM CONDUTORES VERTICAIS DE ÁGUAS PLUVIAIS. AF_12/2014","UN",80.92,"COMPOSIÇÃO"]
[89592,"CURVA 87 GRAUS E 30 MINUTOS, PVC, SERIE R, ÁGUA PLUVIAL, DN 150 MM, JUNTA ELÁSTICA, FORNECIDO E INSTALADO EM CONDUTORES VERTICAIS DE ÁGUAS PLUVIAIS. AF_12/2014","UN",129.16999999999999,"COMPOSIÇÃO"]
[89593,"LUVA COM ROSCA, PVC, SOLDÁVEL, DN 50MM X 1.1/2\u0094, INSTALADO EM PRUMADA DE ÁGUA - FORNECIMENTO E INSTALAÇÃO. AF_12/2014","UN",24.31,"COMPOSIÇÃO"]
[89594,"UNIÃO, PVC, SOLDÁVEL, DN 50MM, INSTALADO EM PRUMADA DE ÁGUA - FORNECIMENTO E INSTALAÇÃO. AF_12/2014","UN",29.11,"COMPOSIÇÃO"]
[89595,"ADAPTADOR CURTO COM BOLSA E ROSCA PARA REGISTRO, PVC, SOLDÁVEL, DN 50MM X 1.1/4\u0094, INSTALADO EM PRUMADA DE ÁGUA - FORNECIMENTO E INSTALAÇÃO. AF_12/2014","UN",11.8,"COMPOSIÇÃO"]
[89596,"ADAPTADOR CURTO COM BOLSA E ROSCA PARA REGISTRO, PVC, SOLDÁVEL, DN 50MM X 1.1/2\u0094, INSTALADO EM PRUMADA DE ÁGUA - FORNECIMENTO E INSTALAÇÃO. AF_12/2014","UN",8.98,"COMPOSIÇÃO"]
[89597,"LUVA, PVC, SOLDÁVEL, DN 60MM, INSTALADO EM PRUMADA DE ÁGUA - FORNECIMENTO E INSTALAÇÃO. AF_12/2014","UN",16.28,"COMPOSIÇÃO"]
[89598,"LUVA DE CORRER, PVC, SOLDÁVEL, DN 60MM, INSTALADO EM PRUMADA DE ÁGUA   FORNECIMENTO E INSTALAÇÃO. AF_12/2014","UN",40.15,"COMPOSIÇÃO"]
[89599,"LUVA SIMPLES, PVC, SERIE R, ÁGUA PLUVIAL, DN 75 MM, JUNTA ELÁSTICA, FORNECIDO E INSTALADO EM CONDUTORES VERTICAIS DE ÁGUAS PLUVIAIS. AF_12/2014","UN",14.2,"COMPOSIÇÃO"]
[89600,"LUVA DE CORRER, PVC, SERIE R, ÁGUA PLUVIAL, DN 75 MM, JUNTA ELÁSTICA, FORNECIDO E INSTALADO EM CONDUTORES VERTICAIS DE ÁGUAS PLUVIAIS. AF_12/2014","UN",15.38,"COMPOSIÇÃO"]
[89605,"LUVA DE REDUÇÃO, PVC, SOLDÁVEL, DN 60MM X 50MM, INSTALADO EM PRUMADA DE ÁGUA - FORNECIMENTO E INSTALAÇÃO. AF_12/2014","UN",15.92,"COMPOSIÇÃO"]
[89609,"UNIÃO, PVC, SOLDÁVEL, DN 60MM, INSTALADO EM PRUMADA DE ÁGUA - FORNECIMENTO E INSTALAÇÃO. AF_12/2014","UN",66.28,"COMPOSIÇÃO"]
[89610,"ADAPTADOR CURTO COM BOLSA E ROSCA PARA REGISTRO, PVC, SOLDÁVEL, DN 60MM X 2\u0094, INSTALADO EM PRUMADA DE ÁGUA - FORNECIMENTO E INSTALAÇÃO. AF_12/2014","UN",16.29,"COMPOSIÇÃO"]
[89611,"LUVA, PVC, SOLDÁVEL, DN 75MM, INSTALADO EM PRUMADA DE ÁGUA - FORNECIMENTO E INSTALAÇÃO. AF_12/2014","UN",26.61,"COMPOSIÇÃO"]
[89612,"UNIÃO, PVC, SOLDÁVEL, DN 75MM, INSTALADO EM PRUMADA DE ÁGUA - FORNECIMENTO E INSTALAÇÃO. AF_12/2014","UN",130.04,"COMPOSIÇÃO"]
[89613,"ADAPTADOR CURTO COM BOLSA E ROSCA PARA REGISTRO, PVC, SOLDÁVEL, DN 75MM X 2.1/2\u0094, INSTALADO EM PRUMADA DE ÁGUA - FORNECIMENTO E INSTALAÇÃO. AF_12/2014","UN",24.02,"COMPOSIÇÃO"]
[89614,"LUVA, PVC, SOLDÁVEL, DN 85MM, INSTALADO EM PRUMADA DE ÁGUA - FORNECIMENTO E INSTALAÇÃO. AF_12/2014","UN",48.69,"COMPOSIÇÃO"]
[89615,"UNIÃO, PVC, SOLDÁVEL, DN 85MM, INSTALADO EM PRUMADA DE ÁGUA - FORNECIMENTO E INSTALAÇÃO. AF_12/2014","UN",195.81,"COMPOSIÇÃO"]
[89616,"ADAPTADOR CURTO COM BOLSA E ROSCA PARA REGISTRO, PVC, SOLDÁVEL, DN 85MM X 3\u0094, INSTALADO EM PRUMADA DE ÁGUA - FORNECIMENTO E INSTALAÇÃO. AF_12/2014","UN",34.17,"COMPOSIÇÃO"]
[89617,"TE, PVC, SOLDÁVEL, DN 25MM, INSTALADO EM PRUMADA DE ÁGUA - FORNECIMENTO E INSTALAÇÃO. AF_12/2014","UN",5.55,"COMPOSIÇÃO"]
[89618,"TÊ COM BUCHA DE LATÃO NA BOLSA CENTRAL, PVC, SOLDÁVEL, DN 25MM X 1/2\u0094, INSTALADO EM PRUMADA DE ÁGUA - FORNECIMENTO E INSTALAÇÃO. AF_12/2014","UN",11.31,"COMPOSIÇÃO"]
[89619,"TÊ DE REDUÇÃO, PVC, SOLDÁVEL, DN 25MM X 20MM, INSTALADO EM PRUMADA DE ÁGUA - FORNECIMENTO E INSTALAÇÃO. AF_12/2014","UN",7.09,"COMPOSIÇÃO"]
[89620,"TE, PVC, SOLDÁVEL, DN 32MM, INSTALADO EM PRUMADA DE ÁGUA - FORNECIMENTO E INSTALAÇÃO. AF_12/2014","UN",9.01,"COMPOSIÇÃO"]
[89621,"TÊ COM BUCHA DE LATÃO NA BOLSA CENTRAL, PVC, SOLDÁVEL, DN 32MM X 3/4\u0094, INSTALADO EM PRUMADA DE ÁGUA - FORNECIMENTO E INSTALAÇÃO. AF_12/2014","UN",18.78,"COMPOSIÇÃO"]
[89622,"TÊ DE REDUÇÃO, PVC, SOLDÁVEL, DN 32MM X 25MM, INSTALADO EM PRUMADA DE ÁGUA - FORNECIMENTO E INSTALAÇÃO. AF_12/2014","UN",10.53,"COMPOSIÇÃO"]
[89623,"TE, PVC, SOLDÁVEL, DN 40MM, INSTALADO EM PRUMADA DE ÁGUA - FORNECIMENTO E INSTALAÇÃO. AF_12/2014","UN",14.12,"COMPOSIÇÃO"]
[89624,"TÊ DE REDUÇÃO, PVC, SOLDÁVEL, DN 40MM X 32MM, INSTALADO EM PRUMADA DE ÁGUA - FORNECIMENTO E INSTALAÇÃO. AF_12/2014","UN",14.88,"COMPOSIÇÃO"]
[89625,"TE, PVC, SOLDÁVEL, DN 50MM, INSTALADO EM PRUMADA DE ÁGUA - FORNECIMENTO E INSTALAÇÃO. AF_12/2014","UN",17.34,"COMPOSIÇÃO"]
[89626,"TÊ DE REDUÇÃO, PVC, SOLDÁVEL, DN 50MM X 40MM, INSTALADO EM PRUMADA DE ÁGUA - FORNECIMENTO E INSTALAÇÃO. AF_12/2014","UN",23.26,"COMPOSIÇÃO"]
[89627,"TÊ DE REDUÇÃO, PVC, SOLDÁVEL, DN 50MM X 25MM, INSTALADO EM PRUMADA DE ÁGUA - FORNECIMENTO E INSTALAÇÃO. AF_12/2014","UN",16.45,"COMPOSIÇÃO"]
[89628,"TE, PVC, SOLDÁVEL, DN 60MM, INSTALADO EM PRUMADA DE ÁGUA - FORNECIMENTO E INSTALAÇÃO. AF_12/2014","UN",35.11,"COMPOSIÇÃO"]
[89629,"TE, PVC, SOLDÁVEL, DN 75MM, INSTALADO EM PRUMADA DE ÁGUA - FORNECIMENTO E INSTALAÇÃO. AF_12/2014","UN",63.88,"COMPOSIÇÃO"]
[89630,"TE DE REDUÇÃO, PVC, SOLDÁVEL, DN 75MM X 50MM, INSTALADO EM PRUMADA DE ÁGUA - FORNECIMENTO E INSTALAÇÃO. AF_12/2014","UN",55.81,"COMPOSIÇÃO"]
[89631,"TE, PVC, SOLDÁVEL, DN 85MM, INSTALADO EM PRUMADA DE ÁGUA - FORNECIMENTO E INSTALAÇÃO. AF_12/2014","UN",95.97,"COMPOSIÇÃO"]
[89632,"TE DE REDUÇÃO, PVC, SOLDÁVEL, DN 85MM X 60MM, INSTALADO EM PRUMADA DE ÁGUA - FORNECIMENTO E INSTALAÇÃO. AF_12/2014","UN",79.45,"COMPOSIÇÃO"]
[89637,"JOELHO 90 GRAUS, CPVC, SOLDÁVEL, DN 15MM, INSTALADO EM RAMAL OU SUB-RAMAL DE ÁGUA - FORNECIMENTO E INSTALAÇÃO. AF_12/2014","UN",8.0399999999999991,"COMPOSIÇÃO"]
[89638,"JOELHO 45 GRAUS, CPVC, SOLDÁVEL, DN 15MM, INSTALADO EM RAMAL OU SUB-RAMAL DE ÁGUA - FORNECIMENTO E INSTALAÇÃO. AF_12/2014","UN",9,"COMPOSIÇÃO"]
[89639,"CURVA 90 GRAUS, CPVC, SOLDÁVEL, DN 15MM, INSTALADO EM RAMAL OU SUB-RAMAL DE ÁGUA - FORNECIMENTO E INSTALAÇÃO. AF_12/2014","UN",9.3800000000000008,"COMPOSIÇÃO"]
[89640,"JOELHO DE TRANSIÇÃO, 90 GRAUS, CPVC, SOLDÁVEL, DN 15MM X 1/2\", INSTALADO EM RAMAL OU SUB-RAMAL DE ÁGUA - FORNECIMENTO E INSTALAÇÃO. AF_12/2014","UN",15.15,"COMPOSIÇÃO"]
[89641,"JOELHO 90 GRAUS, CPVC, SOLDÁVEL, DN 22MM, INSTALADO EM RAMAL OU SUB-RAMAL DE ÁGUA - FORNECIMENTO E INSTALAÇÃO. AF_12/2014","UN",11.45,"COMPOSIÇÃO"]
[89642,"JOELHO 45 GRAUS, CPVC, SOLDÁVEL, DN 22MM, INSTALADO EM RAMAL OU SUB-RAMAL DE ÁGUA - FORNECIMENTO E INSTALAÇÃO. AF_12/2014","UN",13.3,"COMPOSIÇÃO"]
[89643,"CURVA 90 GRAUS, CPVC, SOLDÁVEL, DN 22MM, INSTALADO EM RAMAL OU SUB-RAMAL DE ÁGUA - FORNECIMENTO E INSTALAÇÃO. AF_12/2014","UN",13.92,"COMPOSIÇÃO"]
[89644,"JOELHO DE TRANSIÇÃO, 90 GRAUS, CPVC, SOLDÁVEL, DN 22MM X 1/2\", INSTALADO EM RAMAL OU SUB-RAMAL DE ÁGUA - FORNECIMENTO E INSTALAÇÃO. AF_12/2014","UN",22.71,"COMPOSIÇÃO"]
[89645,"JOELHO DE TRANSIÇÃO, 90 GRAUS, CPVC, SOLDÁVEL, DN 22MM X 3/4\", INSTALADO EM RAMAL OU SUB-RAMAL DE ÁGUA - FORNECIMENTO E INSTALAÇÃO. AF_12/2014","UN",25.49,"COMPOSIÇÃO"]
[89646,"JOELHO 90 GRAUS, CPVC, SOLDÁVEL, DN 28MM, INSTALADO EM RAMAL OU SUB-RAMAL DE ÁGUA - FORNECIMENTO E INSTALAÇÃO. AF_12/2014","UN",18.170000000000002,"COMPOSIÇÃO"]
[89647,"JOELHO 45 GRAUS, CPVC, SOLDÁVEL, DN 28MM, INSTALADO EM RAMAL OU SUB-RAMAL DE ÁGUA \u0096 FORNECIMENTO E INSTALAÇÃO. AF_12/2014","UN",17.739999999999998,"COMPOSIÇÃO"]
[89648,"CURVA 90 GRAUS, CPVC, SOLDÁVEL, DN 28MM, INSTALADO EM RAMAL OU SUB-RAMAL DE ÁGUA \u0096 FORNECIMENTO E INSTALAÇÃO. AF_12/2014","UN",19.73,"COMPOSIÇÃO"]
[89649,"JOELHO 90 GRAUS, CPVC, SOLDÁVEL, DN 35MM, INSTALADO EM RAMAL OU SUB-RAMAL DE ÁGUA \u0096 FORNECIMENTO E INSTALAÇÃO. AF_12/2014","UN",27.12,"COMPOSIÇÃO"]
[89650,"JOELHO 45 GRAUS, CPVC, SOLDÁVEL, DN 35MM, INSTALADO EM RAMAL OU SUB-RAMAL DE ÁGUA \u0096 FORNECIMENTO E INSTALAÇÃO. AF_12/2014","UN",27.12,"COMPOSIÇÃO"]
[89651,"LUVA, CPVC, SOLDÁVEL, DN 15MM, INSTALADO EM RAMAL OU SUB-RAMAL DE ÁGUA - FORNECIMENTO E INSTALAÇÃO. AF_12/2014","UN",5.56,"COMPOSIÇÃO"]
[89652,"LUVA DE CORRER, CPVC, SOLDÁVEL, DN 15MM, INSTALADO EM RAMAL OU SUB-RAMAL DE ÁGUA \u0096 FORNECIMENTO E INSTALAÇÃO. AF_12/2014","UN",9.82,"COMPOSIÇÃO"]
[89653,"LUVA DE TRANSIÇÃO, CPVC, SOLDÁVEL, DN15MM X 1/2\", INSTALADO EM RAMAL OU SUB-RAMAL DE ÁGUA - FORNECIMENTO E INSTALAÇÃO. AF_12/2014","UN",16.36,"COMPOSIÇÃO"]
[89654,"UNIÃO, CPVC, SOLDÁVEL, DN15MM, INSTALADO EM RAMAL OU SUB-RAMAL DE ÁGUA \u0096 FORNECIMENTO E INSTALAÇÃO. AF_12/2014","UN",15.93,"COMPOSIÇÃO"]
[89655,"CONECTOR, CPVC, SOLDÁVEL, DN 15MM X 1/2\u0094, INSTALADO EM RAMAL OU SUB-RAMAL DE ÁGUA \u0096 FORNECIMENTO E INSTALAÇÃO. AF_12/2014","UN",23.93,"COMPOSIÇÃO"]
[89656,"ADAPTADOR, CPVC, SOLDÁVEL, DN15MM, INSTALADO EM RAMAL OU SUB-RAMAL DE ÁGUA \u0096 FORNECIMENTO E INSTALAÇÃO. AF_12/2014","UN",10.49,"COMPOSIÇÃO"]
[89657,"CURVA DE TRANSPOSIÇÃO, CPVC, SOLDÁVEL, DN15MM, INSTALADO EM RAMAL OU SUB-RAMAL DE ÁGUA \u0096 FORNECIMENTO E INSTALAÇÃO. AF_12/2014","UN",10.71,"COMPOSIÇÃO"]
[89658,"LUVA, CPVC, SOLDÁVEL, DN 22MM, INSTALADO EM RAMAL OU SUB-RAMAL DE ÁGUA \u0096 FORNECIMENTO E INSTALAÇÃO. AF_12/2014","UN",7.72,"COMPOSIÇÃO"]
[89659,"LUVA DE CORRER, CPVC, SOLDÁVEL, DN 22MM, INSTALADO EM RAMAL OU SUB-RAMAL DE ÁGUA \u0096 FORNECIMENTO E INSTALAÇÃO. AF_12/2014","UN",14.24,"COMPOSIÇÃO"]
[89660,"LUVA DE TRANSIÇÃO, CPVC, SOLDÁVEL, DN22MM X 25MM, INSTALADO EM RAMAL OU SUB-RAMAL DE ÁGUA - FORNECIMENTO E INSTALAÇÃO. AF_12/2014","UN",7.16,"COMPOSIÇÃO"]
[89661,"UNIÃO, CPVC, SOLDÁVEL, DN22MM, INSTALADO EM RAMAL OU SUB-RAMAL DE ÁGUA \u0096 FORNECIMENTO E INSTALAÇÃO. AF_12/2014","UN",19.2,"COMPOSIÇÃO"]
[89662,"CONECTOR, CPVC, SOLDÁVEL, DN 22MM X 1/2\u0094, INSTALADO EM RAMAL OU SUB-RAMAL DE ÁGUA \u0096 FORNECIMENTO E INSTALAÇÃO. AF_12/2014","UN",29.81,"COMPOSIÇÃO"]
[89663,"ADAPTADOR, CPVC, SOLDÁVEL, DN22MM, INSTALADO EM RAMAL OU SUB-RAMAL DE ÁGUA \u0096 FORNECIMENTO E INSTALAÇÃO. AF_12/2014","UN",12.03,"COMPOSIÇÃO"]
[89664,"CURVA DE TRANSPOSIÇÃO, CPVC, SOLDÁVEL, DN22MM, INSTALADO EM RAMAL OU SUB-RAMAL DE ÁGUA \u0096 FORNECIMENTO E INSTALAÇÃO. AF_12/2014","UN",14.24,"COMPOSIÇÃO"]
[89665,"REDUÇÃO EXCÊNTRICA, PVC, SERIE R, ÁGUA PLUVIAL, DN 75 X 50 MM, JUNTA ELÁSTICA, FORNECIDO E INSTALADO EM CONDUTORES VERTICAIS DE ÁGUAS PLUVIAIS. AF_12/2014","UN",11.03,"COMPOSIÇÃO"]
[89666,"BUCHA DE REDUÇÃO, CPVC, SOLDÁVEL, DN22MM X 15MM, INSTALADO EM RAMAL OU SUB-RAMAL DE ÁGUA \u0096 FORNECIMENTO E INSTALAÇÃO. AF_12/2014","UN",6.19,"COMPOSIÇÃO"]
[89667,"TÊ DE INSPEÇÃO, PVC, SERIE R, ÁGUA PLUVIAL, DN 75 MM, JUNTA ELÁSTICA, FORNECIDO E INSTALADO EM CONDUTORES VERTICAIS DE ÁGUAS PLUVIAIS. AF_12/2014","UN",27.16,"COMPOSIÇÃO"]
[89668,"CONECTOR, CPVC, SOLDÁVEL, DN22MM X 3/4\", INSTALADO EM RAMAL OU SUB-RAMAL DE ÁGUA - FORNECIMENTO E INSTALAÇÃO. AF_12/2014","UN",28.25,"COMPOSIÇÃO"]
[89669,"LUVA SIMPLES, PVC, SERIE R, ÁGUA PLUVIAL, DN 100 MM, JUNTA ELÁSTICA, FORNECIDO E INSTALADO EM CONDUTORES VERTICAIS DE ÁGUAS PLUVIAIS. AF_12/2014","UN",17.88,"COMPOSIÇÃO"]
[89670,"LUVA, CPVC, SOLDÁVEL, DN 28MM, INSTALADO EM RAMAL OU SUB-RAMAL DE ÁGUA \u0096 FORNECIMENTO E INSTALAÇÃO. AF_12/2014","UN",11.63,"COMPOSIÇÃO"]
[89671,"LUVA DE CORRER, PVC, SERIE R, ÁGUA PLUVIAL, DN 100 MM, JUNTA ELÁSTICA, FORNECIDO E INSTALADO EM CONDUTORES VERTICAIS DE ÁGUAS PLUVIAIS. AF_12/2014","UN",25.97,"COMPOSIÇÃO"]
[89672,"LUVA DE CORRER, CPVC, SOLDÁVEL, DN 28MM, INSTALADO EM RAMAL OU SUB-RAMAL DE ÁGUA \u0096 FORNECIMENTO E INSTALAÇÃO. AF_12/2014","UN",19.09,"COMPOSIÇÃO"]
[89673,"REDUÇÃO EXCÊNTRICA, PVC, SERIE R, ÁGUA PLUVIAL, DN 100 X 75 MM, JUNTA ELÁSTICA, FORNECIDO E INSTALADO EM CONDUTORES VERTICAIS DE ÁGUAS PLUVIAIS. AF_12/2014","UN",20.65,"COMPOSIÇÃO"]
[89674,"UNIÃO, CPVC, SOLDÁVEL, DN28MM, INSTALADO EM RAMAL OU SUB-RAMAL DE ÁGUA \u0096 FORNECIMENTO E INSTALAÇÃO. AF_12/2014","UN",28.6,"COMPOSIÇÃO"]
[89675,"TÊ DE INSPEÇÃO, PVC, SERIE R, ÁGUA PLUVIAL, DN 100 MM, JUNTA ELÁSTICA, FORNECIDO E INSTALADO EM CONDUTORES VERTICAIS DE ÁGUAS PLUVIAIS. AF_12/2014","UN",45.23,"COMPOSIÇÃO"]
[89676,"CONECTOR, CPVC, SOLDÁVEL, DN 28MM X 1\u0094, INSTALADO EM RAMAL OU SUB-RAMAL DE ÁGUA \u0096 FORNECIMENTO E INSTALAÇÃO. AF_12/2014","UN",44.11,"COMPOSIÇÃO"]
[89677,"LUVA SIMPLES, PVC, SERIE R, ÁGUA PLUVIAL, DN 150 MM, JUNTA ELÁSTICA, FORNECIDO E INSTALADO EM CONDUTORES VERTICAIS DE ÁGUAS PLUVIAIS. AF_12/2014","UN",52.16,"COMPOSIÇÃO"]
[89678,"BUCHA DE REDUÇÃO, CPVC, SOLDÁVEL, DN28MM X 22MM, INSTALADO EM RAMAL OU SUB-RAMAL DE ÁGUA \u0096 FORNECIMENTO E INSTALAÇÃO. AF_12/2014","UN",8.31,"COMPOSIÇÃO"]
[89679,"LUVA DE CORRER, PVC, SERIE R, ÁGUA PLUVIAL, DN 150 MM, JUNTA ELÁSTICA, FORNECIDO E INSTALADO EM CONDUTORES VERTICAIS DE ÁGUAS PLUVIAIS. AF_12/2014","UN",81,"COMPOSIÇÃO"]
[89680,"LUVA, CPVC, SOLDÁVEL, DN 35MM, INSTALADO EM RAMAL OU SUB-RAMAL DE ÁGUA \u0096 FORNECIMENTO E INSTALAÇÃO. AF_12/2014","UN",18.53,"COMPOSIÇÃO"]
[89681,"REDUÇÃO EXCÊNTRICA, PVC, SERIE R, ÁGUA PLUVIAL, DN 150 X 100 MM, JUNTA ELÁSTICA, FORNECIDO E INSTALADO EM CONDUTORES VERTICAIS DE ÁGUAS PLUVIAIS. AF_12/2014","UN",57.26,"COMPOSIÇÃO"]
[89682,"LUVA DE CORRER, CPVC, SOLDÁVEL, DN 35MM, INSTALADO EM RAMAL OU SUB-RAMAL DE ÁGUA \u0096 FORNECIMENTO E INSTALAÇÃO. AF_12/2014","UN",29.68,"COMPOSIÇÃO"]
[89684,"UNIÃO, CPVC, SOLDÁVEL, DN35MM, INSTALADO EM RAMAL OU SUB-RAMAL DE ÁGUA \u0096 FORNECIMENTO E INSTALAÇÃO. AF_12/2014","UN",41.64,"COMPOSIÇÃO"]
[89685,"JUNÇÃO SIMPLES, PVC, SERIE R, ÁGUA PLUVIAL, DN 75 X 75 MM, JUNTA ELÁSTICA, FORNECIDO E INSTALADO EM CONDUTORES VERTICAIS DE ÁGUAS PLUVIAIS. AF_12/2014","UN",38.130000000000003,"COMPOSIÇÃO"]
[89686,"CONECTOR, CPVC, SOLDÁVEL, DN 35MM X 1 1/4\u0094, INSTALADO EM RAMAL OU SUB-RAMAL DE ÁGUA \u0096 FORNECIMENTO E INSTALAÇÃO. AF_12/2014","UN",159.94,"COMPOSIÇÃO"]
[89687,"TÊ, PVC, SERIE R, ÁGUA PLUVIAL, DN 75 X 75 MM, JUNTA ELÁSTICA, FORNECIDO E INSTALADO EM CONDUTORES VERTICAIS DE ÁGUAS PLUVIAIS. AF_12/2014","UN",33.01,"COMPOSIÇÃO"]
[89689,"BUCHA DE REDUÇÃO, CPVC, SOLDÁVEL, DN35MM X 28MM, INSTALADO EM RAMAL OU SUB-RAMAL DE ÁGUA \u0096 FORNECIMENTO E INSTALAÇÃO. AF_12/2014","UN",32.07,"COMPOSIÇÃO"]
[89690,"JUNÇÃO SIMPLES, PVC, SERIE R, ÁGUA PLUVIAL, DN 100 X 100 MM, JUNTA ELÁSTICA, FORNECIDO E INSTALADO EM CONDUTORES VERTICAIS DE ÁGUAS PLUVIAIS. AF_12/2014","UN",56.66,"COMPOSIÇÃO"]
[89691,"TE, CPVC, SOLDÁVEL, DN 15MM, INSTALADO EM RAMAL OU SUB-RAMAL DE ÁGUA - FORNECIMENTO E INSTALAÇÃO. AF_12/2014","UN",10.35,"COMPOSIÇÃO"]
[89692,"JUNÇÃO SIMPLES, PVC, SERIE R, ÁGUA PLUVIAL, DN 100 X 75 MM, JUNTA ELÁSTICA, FORNECIDO E INSTALADO EM CONDUTORES VERTICAIS DE ÁGUAS PLUVIAIS. AF_12/2014","UN",53.56,"COMPOSIÇÃO"]
[89693,"TÊ, PVC, SERIE R, ÁGUA PLUVIAL, DN 100 X 100 MM, JUNTA ELÁSTICA, FORNECIDO E INSTALADO EM CONDUTORES VERTICAIS DE ÁGUAS PLUVIAIS. AF_12/2014","UN",52.17,"COMPOSIÇÃO"]
[89694,"TE DE TRANSIÇÃO, CPVC, SOLDÁVEL, DN 15MM X 1/2\u0094, INSTALADO EM RAMAL OU SUB-RAMAL DE ÁGUA \u0096 FORNECIMENTO E INSTALAÇÃO. AF_12/2014","UN",17.649999999999999,"COMPOSIÇÃO"]
[89695,"TÊ MISTURADOR, CPVC, SOLDÁVEL, DN15MM, INSTALADO EM RAMAL OU SUB-RAMAL DE ÁGUA \u0096 FORNECIMENTO E INSTALAÇÃO. AF_12/2014","UN",16.28,"COMPOSIÇÃO"]
[89696,"TÊ, PVC, SERIE R, ÁGUA PLUVIAL, DN 100 X 75 MM, JUNTA ELÁSTICA, FORNECIDO E INSTALADO EM CONDUTORES VERTICAIS DE ÁGUAS PLUVIAIS. AF_12/2014","UN",47.48,"COMPOSIÇÃO"]
[89697,"TE, CPVC, SOLDÁVEL, DN 22MM, INSTALADO EM RAMAL OU SUB-RAMAL DE ÁGUA - FORNECIMENTO E INSTALAÇÃO. AF_12/2014","UN",12.26,"COMPOSIÇÃO"]
[89698,"JUNÇÃO SIMPLES, PVC, SERIE R, ÁGUA PLUVIAL, DN 150 X 150 MM, JUNTA ELÁSTICA, FORNECIDO E INSTALADO EM CONDUTORES VERTICAIS DE ÁGUAS PLUVIAIS. AF_12/2014","UN",168.54,"COMPOSIÇÃO"]
[89699,"JUNÇÃO SIMPLES, PVC, SERIE R, ÁGUA PLUVIAL, DN 150 X 100 MM, JUNTA ELÁSTICA, FORNECIDO E INSTALADO EM CONDUTORES VERTICAIS DE ÁGUAS PLUVIAIS. AF_12/2014","UN",142.69,"COMPOSIÇÃO"]
[89700,"TE DE TRANSIÇÃO, CPVC, SOLDÁVEL, DN 22MM X 1/2\u0094, INSTALADO EM RAMAL OU SUB-RAMAL DE ÁGUA \u0096 FORNECIMENTO E INSTALAÇÃO. AF_12/2014","UN",18.510000000000002,"COMPOSIÇÃO"]
[89701,"TÊ, PVC, SERIE R, ÁGUA PLUVIAL, DN 150 X 150 MM, JUNTA ELÁSTICA, FORNECIDO E INSTALADO EM CONDUTORES VERTICAIS DE ÁGUAS PLUVIAIS. AF_12/2014","UN",133.33000000000001,"COMPOSIÇÃO"]
[89702,"TÊ MISTURADOR, CPVC, SOLDÁVEL, DN22MM, INSTALADO EM RAMAL OU SUB-RAMAL DE ÁGUA \u0096 FORNECIMENTO E INSTALAÇÃO. AF_12/2014","UN",18.510000000000002,"COMPOSIÇÃO"]
[89703,"TE MISTURADOR DE TRANSIÇÃO, CPVC, SOLDÁVEL, DN 22MM X 3/4\", INSTALADO EM RAMAL OU SUB-RAMAL DE ÁGUA - FORNECIMENTO E INSTALAÇÃO. AF_12/2014","UN",43.89,"COMPOSIÇÃO"]
[89704,"TÊ, PVC, SERIE R, ÁGUA PLUVIAL, DN 150 X 100 MM, JUNTA ELÁSTICA, FORNECIDO E INSTALADO EM CONDUTORES VERTICAIS DE ÁGUAS PLUVIAIS. AF_12/2014","UN",92.21,"COMPOSIÇÃO"]
[89705,"TÊ, CPVC, SOLDÁVEL, DN28MM, INSTALADO EM RAMAL OU SUB-RAMAL DE ÁGUA   FORNECIMENTO E INSTALAÇÃO. AF_12/2014","UN",21.54,"COMPOSIÇÃO"]
[89706,"TÊ, CPVC, SOLDÁVEL, DN35MM, INSTALADO EM RAMAL OU SUB-RAMAL DE ÁGUA \u0096 FORNECIMENTO E INSTALAÇÃO. AF_12/2014","UN",48.57,"COMPOSIÇÃO"]
[89718,"TUBO, CPVC, SOLDÁVEL, DN 35MM, INSTALADO EM RAMAL DE DISTRIBUIÇÃO DE ÁGUA   FORNECIMENTO E INSTALAÇÃO. AF_12/2014","M",42.45,"COMPOSIÇÃO"]
[89719,"JOELHO 90 GRAUS, CPVC, SOLDÁVEL, DN 22MM, INSTALADO EM RAMAL DE DISTRIBUIÇÃO DE ÁGUA   FORNECIMENTO E INSTALAÇÃO. AF_12/2014","UN",9.48,"COMPOSIÇÃO"]
[89720,"JOELHO 45 GRAUS, CPVC, SOLDÁVEL, DN 22MM, INSTALADO EM RAMAL DE DISTRIBUIÇÃO DE ÁGUA   FORNECIMENTO E INSTALAÇÃO. AF_12/2014","UN",11.33,"COMPOSIÇÃO"]
[89721,"CURVA 90 GRAUS, CPVC, SOLDÁVEL, DN 22MM, INSTALADO EM RAMAL DE DISTRIBUIÇÃO DE ÁGUA - FORNECIMENTO E INSTALAÇÃO. AF_12/2014","UN",11.95,"COMPOSIÇÃO"]
[89722,"JOELHO DE TRANSIÇÃO, 90 GRAUS, CPVC, SOLDÁVEL, DN 22MM X 1/2\", INSTALADO EM RAMAL DE ALIMENTAÇAÕ DE ÁGUA - FORNECIMENTO E INSTALAÇÃO. AF_12/2014","UN",20.74,"COMPOSIÇÃO"]
[89723,"JOELHO 90 GRAUS, CPVC, SOLDÁVEL, DN 28MM, INSTALADO EM RAMAL DE DISTRIBUIÇÃO DE ÁGUA   FORNECIMENTO E INSTALAÇÃO. AF_12/2014","UN",15.88,"COMPOSIÇÃO"]
[89724,"JOELHO 90 GRAUS, PVC, SERIE NORMAL, ESGOTO PREDIAL, DN 40 MM, JUNTA SOLDÁVEL, FORNECIDO E INSTALADO EM RAMAL DE DESCARGA OU RAMAL DE ESGOTO SANITÁRIO. AF_12/2014","UN",8.06,"COMPOSIÇÃO"]
[89725,"JOELHO 45 GRAUS, CPVC, SOLDÁVEL, DN 28MM, INSTALADO EM RAMAL DE DISTRIBUIÇÃO DE ÁGUA   FORNECIMENTO E INSTALAÇÃO. AF_12/2014","UN",15.45,"COMPOSIÇÃO"]
[89726,"JOELHO 45 GRAUS, PVC, SERIE NORMAL, ESGOTO PREDIAL, DN 40 MM, JUNTA SOLDÁVEL, FORNECIDO E INSTALADO EM RAMAL DE DESCARGA OU RAMAL DE ESGOTO SANITÁRIO. AF_12/2014","UN",6.19,"COMPOSIÇÃO"]
[89727,"CURVA 90 GRAUS, CPVC, SOLDÁVEL, DN 28MM, INSTALADO EM RAMAL DE DISTRIBUIÇÃO DE ÁGUA   FORNECIMENTO E INSTALAÇÃO. AF_12/2014","UN",17.440000000000001,"COMPOSIÇÃO"]
[89728,"CURVA CURTA 90 GRAUS, PVC, SERIE NORMAL, ESGOTO PREDIAL, DN 40 MM, JUNTA SOLDÁVEL, FORNECIDO E INSTALADO EM RAMAL DE DESCARGA OU RAMAL DE ESGOTO SANITÁRIO. AF_12/2014","UN",8.52,"COMPOSIÇÃO"]
[89729,"JOELHO 90 GRAUS, CPVC, SOLDÁVEL, DN 35MM, INSTALADO EM RAMAL DE DISTRIBUIÇÃO DE ÁGUA   FORNECIMENTO E INSTALAÇÃO. AF_12/2014","UN",24.4,"COMPOSIÇÃO"]
[89730,"CURVA LONGA 90 GRAUS, PVC, SERIE NORMAL, ESGOTO PREDIAL, DN 40 MM, JUNTA SOLDÁVEL, FORNECIDO E INSTALADO EM RAMAL DE DESCARGA OU RAMAL DE ESGOTO SANITÁRIO. AF_12/2014","UN",9.1300000000000008,"COMPOSIÇÃO"]
[89731,"JOELHO 90 GRAUS, PVC, SERIE NORMAL, ESGOTO PREDIAL, DN 50 MM, JUNTA ELÁSTICA, FORNECIDO E INSTALADO EM RAMAL DE DESCARGA OU RAMAL DE ESGOTO SANITÁRIO. AF_12/2014","UN",9.02,"COMPOSIÇÃO"]
[89732,"JOELHO 45 GRAUS, PVC, SERIE NORMAL, ESGOTO PREDIAL, DN 50 MM, JUNTA ELÁSTICA, FORNECIDO E INSTALADO EM RAMAL DE DESCARGA OU RAMAL DE ESGOTO SANITÁRIO. AF_12/2014","UN",9.4700000000000006,"COMPOSIÇÃO"]
[89733,"CURVA CURTA 90 GRAUS, PVC, SERIE NORMAL, ESGOTO PREDIAL, DN 50 MM, JUNTA ELÁSTICA, FORNECIDO E INSTALADO EM RAMAL DE DESCARGA OU RAMAL DE ESGOTO SANITÁRIO. AF_12/2014","UN",14.23,"COMPOSIÇÃO"]
[89734,"JOELHO 45 GRAUS, CPVC, SOLDÁVEL, DN 35MM, INSTALADO EM RAMAL DE DISTRIBUIÇÃO DE ÁGUA   FORNECIMENTO E INSTALAÇÃO. AF_12/2014","UN",24.4,"COMPOSIÇÃO"]
[89735,"CURVA LONGA 90 GRAUS, PVC, SERIE NORMAL, ESGOTO PREDIAL, DN 50 MM, JUNTA ELÁSTICA, FORNECIDO E INSTALADO EM RAMAL DE DESCARGA OU RAMAL DE ESGOTO SANITÁRIO. AF_12/2014","UN",14.96,"COMPOSIÇÃO"]
[89736,"LUVA, CPVC, SOLDÁVEL, DN 22MM, INSTALADO EM RAMAL DE DISTRIBUIÇÃO DE ÁGUA   FORNECIMENTO E INSTALAÇÃO. AF_12/2014","UN",6.41,"COMPOSIÇÃO"]
[89737,"JOELHO 90 GRAUS, PVC, SERIE NORMAL, ESGOTO PREDIAL, DN 75 MM, JUNTA ELÁSTICA, FORNECIDO E INSTALADO EM RAMAL DE DESCARGA OU RAMAL DE ESGOTO SANITÁRIO. AF_12/2014","UN",15.18,"COMPOSIÇÃO"]
[89738,"LUVA DE CORRER, CPVC, SOLDÁVEL, DN 22MM, INSTALADO EM RAMAL DE DISTRIBUIÇÃO DE ÁGUA   FORNECIMENTO E INSTALAÇÃO. AF_12/2014","UN",12.93,"COMPOSIÇÃO"]
[89739,"JOELHO 45 GRAUS, PVC, SERIE NORMAL, ESGOTO PREDIAL, DN 75 MM, JUNTA ELÁSTICA, FORNECIDO E INSTALADO EM RAMAL DE DESCARGA OU RAMAL DE ESGOTO SANITÁRIO. AF_12/2014","UN",15.81,"COMPOSIÇÃO"]
[89740,"LUVA DE TRANSIÇÃO, CPVC, SOLDÁVEL, DN 22MM X 25MM, INSTALADO EM RAMAL DE DISTRIBUIÇÃO DE ÁGUA   FORNECIMENTO E INSTALAÇÃO. AF_12/2014","UN",5.85,"COMPOSIÇÃO"]
[89741,"UNIÃO, CPVC, SOLDÁVEL, DN 22MM, INSTALADO EM RAMAL DE DISTRIBUIÇÃO DE ÁGUA   FORNECIMENTO E INSTALAÇÃO. AF_12/2014","UN",17.89,"COMPOSIÇÃO"]
[89742,"CURVA CURTA 90 GRAUS, PVC, SERIE NORMAL, ESGOTO PREDIAL, DN 75 MM, JUNTA ELÁSTICA, FORNECIDO E INSTALADO EM RAMAL DE DESCARGA OU RAMAL DE ESGOTO SANITÁRIO. AF_12/2014","UN",24.21,"COMPOSIÇÃO"]
[89743,"CURVA LONGA 90 GRAUS, PVC, SERIE NORMAL, ESGOTO PREDIAL, DN 75 MM, JUNTA ELÁSTICA, FORNECIDO E INSTALADO EM RAMAL DE DESCARGA OU RAMAL DE ESGOTO SANITÁRIO. AF_12/2014","UN",33.270000000000003,"COMPOSIÇÃO"]
[89744,"JOELHO 90 GRAUS, PVC, SERIE NORMAL, ESGOTO PREDIAL, DN 100 MM, JUNTA ELÁSTICA, FORNECIDO E INSTALADO EM RAMAL DE DESCARGA OU RAMAL DE ESGOTO SANITÁRIO. AF_12/2014","UN",19.78,"COMPOSIÇÃO"]
[89745,"CONECTOR, CPVC, SOLDÁVEL, DN 22MM X 1/2 , INSTALADO EM RAMAL DE DISTRIBUIÇÃO DE ÁGUA   FORNECIMENTO E INSTALAÇÃO. AF_12/2014","UN",28.5,"COMPOSIÇÃO"]
[89746,"JOELHO 45 GRAUS, PVC, SERIE NORMAL, ESGOTO PREDIAL, DN 100 MM, JUNTA ELÁSTICA, FORNECIDO E INSTALADO EM RAMAL DE DESCARGA OU RAMAL DE ESGOTO SANITÁRIO. AF_12/2014","UN",19.739999999999998,"COMPOSIÇÃO"]
[89747,"ADAPTADOR, CPVC, SOLDÁVEL, DN 22MM, INSTALADO EM RAMAL DE DISTRIBUIÇÃO DE ÁGUA   FORNECIMENTO E INSTALAÇÃO. AF_12/2014","UN",10.72,"COMPOSIÇÃO"]
[89748,"CURVA CURTA 90 GRAUS, PVC, SERIE NORMAL, ESGOTO PREDIAL, DN 100 MM, JUNTA ELÁSTICA, FORNECIDO E INSTALADO EM RAMAL DE DESCARGA OU RAMAL DE ESGOTO SANITÁRIO. AF_12/2014","UN",29.61,"COMPOSIÇÃO"]
[89749,"CURVA DE TRANSPOSIÇÃO, CPVC, SOLDÁVEL, DN 22MM, INSTALADO EM RAMAL DE DISTRIBUIÇÃO DE ÁGUA   FORNECIMENTO E INSTALAÇÃO. AF_12/2014","UN",12.93,"COMPOSIÇÃO"]
[89750,"CURVA LONGA 90 GRAUS, PVC, SERIE NORMAL, ESGOTO PREDIAL, DN 100 MM, JUNTA ELÁSTICA, FORNECIDO E INSTALADO EM RAMAL DE DESCARGA OU RAMAL DE ESGOTO SANITÁRIO. AF_12/2014","UN",47.04,"COMPOSIÇÃO"]
[89751,"BUCHA DE REDUÇÃO, CPVC, SOLDÁVEL, DN 22MM X 15MM, INSTALADO EM RAMAL DE DISTRIBUIÇÃO DE ÁGUA   FORNECIMENTO E INSTALAÇÃO. AF_12/2014","UN",4.88,"COMPOSIÇÃO"]
[89752,"LUVA SIMPLES, PVC, SERIE NORMAL, ESGOTO PREDIAL, DN 40 MM, JUNTA SOLDÁVEL, FORNECIDO E INSTALADO EM RAMAL DE DESCARGA OU RAMAL DE ESGOTO SANITÁRIO. AF_12/2014","UN",5.29,"COMPOSIÇÃO"]
[89753,"LUVA SIMPLES, PVC, SERIE NORMAL, ESGOTO PREDIAL, DN 50 MM, JUNTA ELÁSTICA, FORNECIDO E INSTALADO EM RAMAL DE DESCARGA OU RAMAL DE ESGOTO SANITÁRIO. AF_12/2014","UN",7.54,"COMPOSIÇÃO"]
[89754,"LUVA DE CORRER, PVC, SERIE NORMAL, ESGOTO PREDIAL, DN 50 MM, JUNTA ELÁSTICA, FORNECIDO E INSTALADO EM RAMAL DE DESCARGA OU RAMAL DE ESGOTO SANITÁRIO. AF_12/2014","UN",12.83,"COMPOSIÇÃO"]
[89755,"LUVA, CPVC, SOLDÁVEL, DN 28MM, INSTALADO EM RAMAL DE DISTRIBUIÇÃO DE ÁGUA   FORNECIMENTO E INSTALAÇÃO. AF_12/2014","UN",10.11,"COMPOSIÇÃO"]
[89756,"LUVA DE CORRER, CPVC, SOLDÁVEL, DN 28MM, INSTALADO EM RAMAL DE DISTRIBUIÇÃO DE ÁGUA   FORNECIMENTO E INSTALAÇÃO. AF_12/2014","UN",17.57,"COMPOSIÇÃO"]
[89757,"UNIÃO, CPVC, SOLDÁVEL, DN 28MM, INSTALADO EM RAMAL DE DISTRIBUIÇÃO DE ÁGUA   FORNECIMENTO E INSTALAÇÃO. AF_12/2014","UN",27.08,"COMPOSIÇÃO"]
[89758,"CONECTOR, CPVC, SOLDÁVEL, DN 28MM X 1 , INSTALADO EM RAMAL DE DISTRIBUIÇÃO DE ÁGUA   FORNECIMENTO E INSTALAÇÃO. AF_12/2014","UN",42.59,"COMPOSIÇÃO"]
[89759,"BUCHA DE REDUÇÃO, CPVC, SOLDÁVEL, DN 28MM X 22MM, INSTALADO EM RAMAL DE DISTRIBUIÇÃO DE ÁGUA - FORNECIMENTO E INSTALAÇÃO. AF_12/2014","UN",6.79,"COMPOSIÇÃO"]
[89760,"LUVA, CPVC, SOLDÁVEL, DN 35MM, INSTALADO EM RAMAL DE DISTRIBUIÇÃO DE ÁGUA - FORNECIMENTO E INSTALAÇÃO. AF_12/2014","UN",16.73,"COMPOSIÇÃO"]
[89761,"LUVA DE CORRER, CPVC, SOLDÁVEL, DN 35MM, INSTALADO EM RAMAL DE DISTRIBUIÇÃO DE ÁGUA - FORNECIMENTO E INSTALAÇÃO. AF_12/2014","UN",27.88,"COMPOSIÇÃO"]
[89762,"UNIÃO, CPVC, SOLDÁVEL, DN35MM, INSTALADO EM RAMAL DE DISTRIBUIÇÃO DE ÁGUA - FORNECIMENTO E INSTALAÇÃO. AF_12/2014","UN",39.840000000000003,"COMPOSIÇÃO"]
[89763,"CONECTOR, CPVC, SOLDÁVEL, DN 35MM X 1 1/4 , INSTALADO EM RAMAL DE DISTRIBUIÇÃO DE ÁGUA - FORNECIMENTO E INSTALAÇÃO. AF_12/2014","UN",158.13999999999999,"COMPOSIÇÃO"]
[89764,"BUCHA DE REDUÇÃO, CPVC, SOLDÁVEL, DN35MM X 28MM, INSTALADO EM RAMAL DE DISTRIBUIÇÃO DE ÁGUA - FORNECIMENTO E INSTALAÇÃO. AF_12/2014","UN",30.27,"COMPOSIÇÃO"]
[89765,"TE, CPVC, SOLDÁVEL, DN 22MM, INSTALADO EM RAMAL DE DISTRIBUIÇÃO DE ÁGUA - FORNECIMENTO E INSTALAÇÃO. AF_12/2014","UN",12.18,"COMPOSIÇÃO"]
[89766,"TE DE TRANSIÇÃO, CPVC, SOLDÁVEL, DN 22MM X 1/2 , INSTALADO EM RAMAL DE DISTRIBUIÇÃO DE ÁGUA   FORNECIMENTO E INSTALAÇÃO. AF_12/2014","UN",18.43,"COMPOSIÇÃO"]
[89767,"TÊ MISTURADOR, CPVC, SOLDÁVEL, DN 22MM, INSTALADO EM RAMAL DE DISTRIBUIÇÃO DE ÁGUA - FORNECIMENTO E INSTALAÇÃO. AF_12/2014","UN",18.43,"COMPOSIÇÃO"]
[89768,"TÊ, CPVC, SOLDÁVEL, DN 28MM, INSTALADO EM RAMAL DE DISTRIBUIÇÃO DE ÁGUA - FORNECIMENTO E INSTALAÇÃO. AF_12/2014","UN",18.47,"COMPOSIÇÃO"]
[89769,"TÊ, CPVC, SOLDÁVEL, DN35MM, INSTALADO EM RAMAL DE DISTRIBUIÇÃO DE ÁGUA - FORNECIMENTO E INSTALAÇÃO. AF_12/2014","UN",44.93,"COMPOSIÇÃO"]
[89772,"TUBO, CPVC, SOLDÁVEL, DN 54MM, INSTALADO EM PRUMADA DE ÁGUA \u0096 FORNECIMENTO E INSTALAÇÃO. AF_12/2014","M",79.180000000000007,"COMPOSIÇÃO"]
[89774,"LUVA SIMPLES, PVC, SERIE NORMAL, ESGOTO PREDIAL, DN 75 MM, JUNTA ELÁSTICA, FORNECIDO E INSTALADO EM RAMAL DE DESCARGA OU RAMAL DE ESGOTO SANITÁRIO. AF_12/2014","UN",12.28,"COMPOSIÇÃO"]
[89776,"LUVA DE CORRER, PVC, SERIE NORMAL, ESGOTO PREDIAL, DN 75 MM, JUNTA ELÁSTICA, FORNECIDO E INSTALADO EM RAMAL DE DESCARGA OU RAMAL DE ESGOTO SANITÁRIO. AF_12/2014","UN",16.37,"COMPOSIÇÃO"]
[89777,"JOELHO 90 GRAUS, CPVC, SOLDÁVEL, DN 35MM, INSTALADO EM PRUMADA DE ÁGUA \u0096 FORNECIMENTO E INSTALAÇÃO. AF_12/2014","UN",23.17,"COMPOSIÇÃO"]
[89778,"LUVA SIMPLES, PVC, SERIE NORMAL, ESGOTO PREDIAL, DN 100 MM, JUNTA ELÁSTICA, FORNECIDO E INSTALADO EM RAMAL DE DESCARGA OU RAMAL DE ESGOTO SANITÁRIO. AF_12/2014","UN",15.54,"COMPOSIÇÃO"]
[89779,"LUVA DE CORRER, PVC, SERIE NORMAL, ESGOTO PREDIAL, DN 100 MM, JUNTA ELÁSTICA, FORNECIDO E INSTALADO EM RAMAL DE DESCARGA OU RAMAL DE ESGOTO SANITÁRIO. AF_12/2014","UN",23.12,"COMPOSIÇÃO"]
[89780,"JOELHO 45 GRAUS, CPVC, SOLDÁVEL, DN 35MM, INSTALADO EM PRUMADA DE ÁGUA - FORNECIMENTO E INSTALAÇÃO. AF_12/2014","UN",23.17,"COMPOSIÇÃO"]
[89781,"JOELHO 90 GRAUS, CPVC, SOLDÁVEL, DN 42MM, INSTALADO EM PRUMADA DE ÁGUA \u0096 FORNECIMENTO E INSTALAÇÃO. AF_12/2014","UN",34.75,"COMPOSIÇÃO"]
[89782,"TE, PVC, SERIE NORMAL, ESGOTO PREDIAL, DN 40 X 40 MM, JUNTA SOLDÁVEL, FORNECIDO E INSTALADO EM RAMAL DE DESCARGA OU RAMAL DE ESGOTO SANITÁRIO. AF_12/2014","UN",9.75,"COMPOSIÇÃO"]
[89783,"JUNÇÃO SIMPLES, PVC, SERIE NORMAL, ESGOTO PREDIAL, DN 40 MM, JUNTA SOLDÁVEL, FORNECIDO E INSTALADO EM RAMAL DE DESCARGA OU RAMAL DE ESGOTO SANITÁRIO. AF_12/2014","UN",9.9499999999999993,"COMPOSIÇÃO"]
[89784,"TE, PVC, SERIE NORMAL, ESGOTO PREDIAL, DN 50 X 50 MM, JUNTA ELÁSTICA, FORNECIDO E INSTALADO EM RAMAL DE DESCARGA OU RAMAL DE ESGOTO SANITÁRIO. AF_12/2014","UN",16.38,"COMPOSIÇÃO"]
[89785,"JUNÇÃO SIMPLES, PVC, SERIE NORMAL, ESGOTO PREDIAL, DN 50 X 50 MM, JUNTA ELÁSTICA, FORNECIDO E INSTALADO EM RAMAL DE DESCARGA OU RAMAL DE ESGOTO SANITÁRIO. AF_12/2014","UN",17.64,"COMPOSIÇÃO"]
[89786,"TE, PVC, SERIE NORMAL, ESGOTO PREDIAL, DN 75 X 75 MM, JUNTA ELÁSTICA, FORNECIDO E INSTALADO EM RAMAL DE DESCARGA OU RAMAL DE ESGOTO SANITÁRIO. AF_12/2014","UN",26.56,"COMPOSIÇÃO"]
[89787,"JOELHO 45 GRAUS, CPVC, SOLDÁVEL, DN 42MM, INSTALADO EM PRUMADA DE ÁGUA \u0096 FORNECIMENTO E INSTALAÇÃO. AF_12/2014","UN",34.75,"COMPOSIÇÃO"]
[89788,"JOELHO 90 GRAUS, CPVC, SOLDÁVEL, DN 54MM, INSTALADO EM PRUMADA DE ÁGUA \u0096 FORNECIMENTO E INSTALAÇÃO. AF_12/2014","UN",68.5,"COMPOSIÇÃO"]
[89789,"JOELHO 45 GRAUS, CPVC, SOLDÁVEL, DN 54MM, INSTALADO EM PRUMADA DE ÁGUA \u0096 FORNECIMENTO E INSTALAÇÃO. AF_12/2014","UN",69.599999999999994,"COMPOSIÇÃO"]
[89790,"JOELHO 90 GRAUS, CPVC, SOLDÁVEL, DN 73MM, INSTALADO EM PRUMADA DE ÁGUA \u0096 FORNECIMENTO E INSTALAÇÃO. AF_12/2014","UN",170.82,"COMPOSIÇÃO"]
[89791,"JOELHO 45 GRAUS, CPVC, SOLDÁVEL, DN 73MM, INSTALADO EM PRUMADA DE ÁGUA \u0096 FORNECIMENTO E INSTALAÇÃO. AF_12/2014","UN",174.86,"COMPOSIÇÃO"]
[89792,"JOELHO 90 GRAUS, CPVC, SOLDÁVEL, DN 89MM, INSTALADO EM PRUMADA DE ÁGUA \u0096 FORNECIMENTO E INSTALAÇÃO. AF_12/2014","UN",200.71,"COMPOSIÇÃO"]
[89793,"JOELHO 45 GRAUS, CPVC, SOLDÁVEL, DN 89MM, INSTALADO EM PRUMADA DE ÁGUA \u0096 FORNECIMENTO E INSTALAÇÃO. AF_12/2014","UN",206.15,"COMPOSIÇÃO"]
[89794,"LUVA, CPVC, SOLDÁVEL, DN 35MM, INSTALADO EM PRUMADA DE ÁGUA \u0096 FORNECIMENTO E INSTALAÇÃO. AF_12/2014","UN",15.92,"COMPOSIÇÃO"]
[89795,"JUNÇÃO SIMPLES, PVC, SERIE NORMAL, ESGOTO PREDIAL, DN 75 X 75 MM, JUNTA ELÁSTICA, FORNECIDO E INSTALADO EM RAMAL DE DESCARGA OU RAMAL DE ESGOTO SANITÁRIO. AF_12/2014","UN",28.29,"COMPOSIÇÃO"]
[89796,"TE, PVC, SERIE NORMAL, ESGOTO PREDIAL, DN 100 X 100 MM, JUNTA ELÁSTICA, FORNECIDO E INSTALADO EM RAMAL DE DESCARGA OU RAMAL DE ESGOTO SANITÁRIO. AF_12/2014","UN",33.11,"COMPOSIÇÃO"]
[89797,"JUNÇÃO SIMPLES, PVC, SERIE NORMAL, ESGOTO PREDIAL, DN 100 X 100 MM, JUNTA ELÁSTICA, FORNECIDO E INSTALADO EM RAMAL DE DESCARGA OU RAMAL DE ESGOTO SANITÁRIO. AF_12/2014","UN",37.17,"COMPOSIÇÃO"]
[89801,"JOELHO 90 GRAUS, PVC, SERIE NORMAL, ESGOTO PREDIAL, DN 50 MM, JUNTA ELÁSTICA, FORNECIDO E INSTALADO EM PRUMADA DE ESGOTO SANITÁRIO OU VENTILAÇÃO. AF_12/2014","UN",5.85,"COMPOSIÇÃO"]
[89802,"JOELHO 45 GRAUS, PVC, SERIE NORMAL, ESGOTO PREDIAL, DN 50 MM, JUNTA ELÁSTICA, FORNECIDO E INSTALADO EM PRUMADA DE ESGOTO SANITÁRIO OU VENTILAÇÃO. AF_12/2014","UN",6.3,"COMPOSIÇÃO"]
[89803,"CURVA CURTA 90 GRAUS, PVC, SERIE NORMAL, ESGOTO PREDIAL, DN 50 MM, JUNTA ELÁSTICA, FORNECIDO E INSTALADO EM PRUMADA DE ESGOTO SANITÁRIO OU VENTILAÇÃO. AF_12/2014","UN",11.06,"COMPOSIÇÃO"]
[89804,"CURVA LONGA 90 GRAUS, PVC, SERIE NORMAL, ESGOTO PREDIAL, DN 50 MM, JUNTA ELÁSTICA, FORNECIDO E INSTALADO EM PRUMADA DE ESGOTO SANITÁRIO OU VENTILAÇÃO. AF_12/2014","UN",11.79,"COMPOSIÇÃO"]
[89805,"JOELHO 90 GRAUS, PVC, SERIE NORMAL, ESGOTO PREDIAL, DN 75 MM, JUNTA ELÁSTICA, FORNECIDO E INSTALADO EM PRUMADA DE ESGOTO SANITÁRIO OU VENTILAÇÃO. AF_12/2014","UN",11.3,"COMPOSIÇÃO"]
[89806,"JOELHO 45 GRAUS, PVC, SERIE NORMAL, ESGOTO PREDIAL, DN 75 MM, JUNTA ELÁSTICA, FORNECIDO E INSTALADO EM PRUMADA DE ESGOTO SANITÁRIO OU VENTILAÇÃO. AF_12/2014","UN",11.93,"COMPOSIÇÃO"]
[89807,"CURVA CURTA 90 GRAUS, PVC, SERIE NORMAL, ESGOTO PREDIAL, DN 75 MM, JUNTA ELÁSTICA, FORNECIDO E INSTALADO EM PRUMADA DE ESGOTO SANITÁRIO OU VENTILAÇÃO. AF_12/2014","UN",20.329999999999998,"COMPOSIÇÃO"]
[89808,"CURVA LONGA 90 GRAUS, PVC, SERIE NORMAL, ESGOTO PREDIAL, DN 75 MM, JUNTA ELÁSTICA, FORNECIDO E INSTALADO EM PRUMADA DE ESGOTO SANITÁRIO OU VENTILAÇÃO. AF_12/2014","UN",29.39,"COMPOSIÇÃO"]
[89809,"JOELHO 90 GRAUS, PVC, SERIE NORMAL, ESGOTO PREDIAL, DN 100 MM, JUNTA ELÁSTICA, FORNECIDO E INSTALADO EM PRUMADA DE ESGOTO SANITÁRIO OU VENTILAÇÃO. AF_12/2014","UN",15.19,"COMPOSIÇÃO"]
[89810,"JOELHO 45 GRAUS, PVC, SERIE NORMAL, ESGOTO PREDIAL, DN 100 MM, JUNTA ELÁSTICA, FORNECIDO E INSTALADO EM PRUMADA DE ESGOTO SANITÁRIO OU VENTILAÇÃO. AF_12/2014","UN",15.15,"COMPOSIÇÃO"]
[89811,"CURVA CURTA 90 GRAUS, PVC, SERIE NORMAL, ESGOTO PREDIAL, DN 100 MM, JUNTA ELÁSTICA, FORNECIDO E INSTALADO EM PRUMADA DE ESGOTO SANITÁRIO OU VENTILAÇÃO. AF_12/2014","UN",25.02,"COMPOSIÇÃO"]
[89812,"CURVA LONGA 90 GRAUS, PVC, SERIE NORMAL, ESGOTO PREDIAL, DN 100 MM, JUNTA ELÁSTICA, FORNECIDO E INSTALADO EM PRUMADA DE ESGOTO SANITÁRIO OU VENTILAÇÃO. AF_12/2014","UN",42.45,"COMPOSIÇÃO"]
[89813,"LUVA SIMPLES, PVC, SERIE NORMAL, ESGOTO PREDIAL, DN 50 MM, JUNTA ELÁSTICA, FORNECIDO E INSTALADO EM PRUMADA DE ESGOTO SANITÁRIO OU VENTILAÇÃO. AF_12/2014","UN",5.77,"COMPOSIÇÃO"]
[89814,"LUVA DE CORRER, PVC, SERIE NORMAL, ESGOTO PREDIAL, DN 50 MM, JUNTA ELÁSTICA, FORNECIDO E INSTALADO EM PRUMADA DE ESGOTO SANITÁRIO OU VENTILAÇÃO. AF_12/2014","UN",11.06,"COMPOSIÇÃO"]
[89815,"LUVA DE CORRER, CPVC, SOLDÁVEL, DN 35MM, INSTALADO EM PRUMADA DE ÁGUA \u0096 FORNECIMENTO E INSTALAÇÃO. AF_12/2014","UN",27.07,"COMPOSIÇÃO"]
[89816,"UNIÃO, CPVC, SOLDÁVEL, DN35MM, INSTALADO EM PRUMADA DE ÁGUA \u0096 FORNECIMENTO E INSTALAÇÃO. AF_12/2014","UN",39.03,"COMPOSIÇÃO"]
[89817,"LUVA SIMPLES, PVC, SERIE NORMAL, ESGOTO PREDIAL, DN 75 MM, JUNTA ELÁSTICA, FORNECIDO E INSTALADO EM PRUMADA DE ESGOTO SANITÁRIO OU VENTILAÇÃO. AF_12/2014","UN",9.82,"COMPOSIÇÃO"]
[89818,"CONECTOR, CPVC, SOLDÁVEL, DN 35MM X 1 1/4\u0094, INSTALADO EM PRUMADA DE ÁGUA \u0096 FORNECIMENTO E INSTALAÇÃO. AF_12/2014","UN",157.33000000000001,"COMPOSIÇÃO"]
[89819,"LUVA DE CORRER, PVC, SERIE NORMAL, ESGOTO PREDIAL, DN 75 MM, JUNTA ELÁSTICA, FORNECIDO E INSTALADO EM PRUMADA DE ESGOTO SANITÁRIO OU VENTILAÇÃO. AF_12/2014","UN",13.91,"COMPOSIÇÃO"]
[89820,"BUCHA DE REDUÇÃO, CPVC, SOLDÁVEL, DN35MM X 28MM, INSTALADO EM PRUMADA DE ÁGUA \u0096 FORNECIMENTO E INSTALAÇÃO. AF_12/2014","UN",29.46,"COMPOSIÇÃO"]
[89821,"LUVA SIMPLES, PVC, SERIE NORMAL, ESGOTO PREDIAL, DN 100 MM, JUNTA ELÁSTICA, FORNECIDO E INSTALADO EM PRUMADA DE ESGOTO SANITÁRIO OU VENTILAÇÃO. AF_12/2014","UN",12.37,"COMPOSIÇÃO"]
[89822,"LUVA, CPVC, SOLDÁVEL, DN 42MM, INSTALADO EM PRUMADA DE ÁGUA \u0096 FORNECIMENTO E INSTALAÇÃO. AF_12/2014","UN",20.99,"COMPOSIÇÃO"]
[89823,"LUVA DE CORRER, PVC, SERIE NORMAL, ESGOTO PREDIAL, DN 100 MM, JUNTA ELÁSTICA, FORNECIDO E INSTALADO EM PRUMADA DE ESGOTO SANITÁRIO OU VENTILAÇÃO. AF_12/2014","UN",19.95,"COMPOSIÇÃO"]
[89824,"LUVA DE CORRER, CPVC, SOLDÁVEL, DN 42MM, INSTALADO EM PRUMADA DE ÁGUA \u0096 FORNECIMENTO E INSTALAÇÃO. AF_12/2014","UN",36.880000000000003,"COMPOSIÇÃO"]
[89825,"TE, PVC, SERIE NORMAL, ESGOTO PREDIAL, DN 50 X 50 MM, JUNTA ELÁSTICA, FORNECIDO E INSTALADO EM PRUMADA DE ESGOTO SANITÁRIO OU VENTILAÇÃO. AF_12/2014","UN",12.5,"COMPOSIÇÃO"]
[89826,"LUVA DE TRANSIÇÃO, CPVC, SOLDÁVEL, DN42MM X 1.1/2\u0094, INSTALADO EM PRUMADA DE ÁGUA \u0096 FORNECIMENTO E INSTALAÇÃO. AF_12/2014","UN",160.6,"COMPOSIÇÃO"]
[89827,"JUNÇÃO SIMPLES, PVC, SERIE NORMAL, ESGOTO PREDIAL, DN 50 X 50 MM, JUNTA ELÁSTICA, FORNECIDO E INSTALADO EM PRUMADA DE ESGOTO SANITÁRIO OU VENTILAÇÃO. AF_12/2014","UN",13.76,"COMPOSIÇÃO"]
[89828,"UNIÃO, CPVC, SOLDÁVEL, DN42MM, INSTALADO EM PRUMADA DE ÁGUA \u0096 FORNECIMENTO E INSTALAÇÃO. AF_12/2014","UN",56.49,"COMPOSIÇÃO"]
[89829,"TE, PVC, SERIE NORMAL, ESGOTO PREDIAL, DN 75 X 75 MM, JUNTA ELÁSTICA, FORNECIDO E INSTALADO EM PRUMADA DE ESGOTO SANITÁRIO OU VENTILAÇÃO. AF_12/2014","UN",21.62,"COMPOSIÇÃO"]
[89830,"JUNÇÃO SIMPLES, PVC, SERIE NORMAL, ESGOTO PREDIAL, DN 75 X 75 MM, JUNTA ELÁSTICA, FORNECIDO E INSTALADO EM PRUMADA DE ESGOTO SANITÁRIO OU VENTILAÇÃO. AF_12/2014","UN",23.35,"COMPOSIÇÃO"]
[89831,"CONECTOR, CPVC, SOLDÁVEL, DN 42MM X 1.1/2\u0094, INSTALADO EM PRUMADA DE ÁGUA \u0096 FORNECIMENTO E INSTALAÇÃO. AF_12/2014","UN",192.14,"COMPOSIÇÃO"]
[89832,"BUCHA DE REDUÇÃO, CPVC, SOLDÁVEL, DN 42MM X 22MM, INSTALADO EM RAMAL DE DISTRIBUIÇÃO DE ÁGUA - FORNECIMENTO E INSTALAÇÃO. AF_12/2014","UN",38.68,"COMPOSIÇÃO"]
[89833,"TE, PVC, SERIE NORMAL, ESGOTO PREDIAL, DN 100 X 100 MM, JUNTA ELÁSTICA, FORNECIDO E INSTALADO EM PRUMADA DE ESGOTO SANITÁRIO OU VENTILAÇÃO. AF_12/2014","UN",27.12,"COMPOSIÇÃO"]
[89834,"JUNÇÃO SIMPLES, PVC, SERIE NORMAL, ESGOTO PREDIAL, DN 100 X 100 MM, JUNTA ELÁSTICA, FORNECIDO E INSTALADO EM PRUMADA DE ESGOTO SANITÁRIO OU VENTILAÇÃO. AF_12/2014","UN",31.18,"COMPOSIÇÃO"]
[89835,"LUVA, CPVC, SOLDÁVEL, DN 54MM, INSTALADO EM PRUMADA DE ÁGUA \u0096 FORNECIMENTO E INSTALAÇÃO. AF_12/2014","UN",37.950000000000003,"COMPOSIÇÃO"]
[89836,"LUVA DE TRANSIÇÃO, CPVC, SOLDÁVEL, DN 54MM X 2\u0094, INSTALADO EM PRUMADA DE ÁGUA \u0096 FORNECIMENTO E INSTALAÇÃO. AF_12/2014","UN",259.7,"COMPOSIÇÃO"]
[89837,"UNIÃO, CPVC, SOLDÁVEL, DN 54MM, INSTALADO EM PRUMADA DE ÁGUA \u0096 FORNECIMENTO E INSTALAÇÃO. AF_12/2014","UN",128.94999999999999,"COMPOSIÇÃO"]
[89838,"LUVA, CPVC, SOLDÁVEL, DN 73MM, INSTALADO EM PRUMADA DE ÁGUA \u0096 FORNECIMENTO E INSTALAÇÃO. AF_12/2014","UN",140.69,"COMPOSIÇÃO"]
[89839,"UNIÃO, CPVC, SOLDÁVEL, DN 73MM, INSTALADO EM PRUMADA DE ÁGUA \u0096 FORNECIMENTO E INSTALAÇÃO. AF_12/2014","UN",186.87,"COMPOSIÇÃO"]
[89840,"LUVA, CPVC, SOLDÁVEL, DN 89MM, INSTALADO EM PRUMADA DE ÁGUA \u0096 FORNECIMENTO E INSTALAÇÃO. AF_12/2014","UN",162.06,"COMPOSIÇÃO"]
[89841,"UNIÃO, CPVC, SOLDÁVEL, DN 89MM, INSTALADO EM PRUMADA DE ÁGUA \u0096 FORNECIMENTO E INSTALAÇÃO. AF_12/2014","UN",274.47000000000003,"COMPOSIÇÃO"]
[89842,"TÊ, CPVC, SOLDÁVEL, DN 35MM, INSTALADO EM PRUMADA DE ÁGUA \u0096 FORNECIMENTO E INSTALAÇÃO. AF_12/2014","UN",43.31,"COMPOSIÇÃO"]
[89844,"TE, CPVC, SOLDÁVEL, DN  42MM, INSTALADO EM PRUMADA DE ÁGUA \u0096 FORNECIMENTO E INSTALAÇÃO. AF_12/2014","UN",55.29,"COMPOSIÇÃO"]
[89845,"TÊ, CPVC, SOLDÁVEL, DN 54 MM, INSTALADO EM PRUMADA DE ÁGUA \u0096 FORNECIMENTO E INSTALAÇÃO. AF_12/2014","UN",86.26,"COMPOSIÇÃO"]
[89846,"TÊ, CPVC, SOLDÁVEL, DN 73MM, INSTALADO EM PRUMADA DE ÁGUA \u0096 FORNECIMENTO E INSTALAÇÃO. AF_12/2014","UN",195.7,"COMPOSIÇÃO"]
[89847,"TÊ, CPVC, SOLDÁVEL, DN 89MM, INSTALADO EM PRUMADA DE ÁGUA \u0096 FORNECIMENTO E INSTALAÇÃO. AF_12/2014","UN",240.43,"COMPOSIÇÃO"]
[89850,"JOELHO 90 GRAUS, PVC, SERIE NORMAL, ESGOTO PREDIAL, DN 100 MM, JUNTA ELÁSTICA, FORNECIDO E INSTALADO EM SUBCOLETOR AÉREO DE ESGOTO SANITÁRIO. AF_12/2014","UN",19.43,"COMPOSIÇÃO"]
[89851,"JOELHO 45 GRAUS, PVC, SERIE NORMAL, ESGOTO PREDIAL, DN 100 MM, JUNTA ELÁSTICA, FORNECIDO E INSTALADO EM SUBCOLETOR AÉREO DE ESGOTO SANITÁRIO. AF_12/2014","UN",19.39,"COMPOSIÇÃO"]
[89852,"CURVA CURTA 90 GRAUS, PVC, SERIE NORMAL, ESGOTO PREDIAL, DN 100 MM, JUNTA ELÁSTICA, FORNECIDO E INSTALADO EM SUBCOLETOR AÉREO DE ESGOTO SANITÁRIO. AF_12/2014","UN",29.26,"COMPOSIÇÃO"]
[89853,"CURVA LONGA 90 GRAUS, PVC, SERIE NORMAL, ESGOTO PREDIAL, DN 100 MM, JUNTA ELÁSTICA, FORNECIDO E INSTALADO EM SUBCOLETOR AÉREO DE ESGOTO SANITÁRIO. AF_12/2014","UN",46.69,"COMPOSIÇÃO"]
[89854,"JOELHO 90 GRAUS, PVC, SERIE NORMAL, ESGOTO PREDIAL, DN 150 MM, JUNTA ELÁSTICA, FORNECIDO E INSTALADO EM SUBCOLETOR AÉREO DE ESGOTO SANITÁRIO. AF_12/2014","UN",63.38,"COMPOSIÇÃO"]
[89855,"JOELHO 45 GRAUS, PVC, SERIE NORMAL, ESGOTO PREDIAL, DN 150 MM, JUNTA ELÁSTICA, FORNECIDO E INSTALADO EM SUBCOLETOR AÉREO DE ESGOTO SANITÁRIO. AF_12/2014","UN",66.89,"COMPOSIÇÃO"]
[89856,"LUVA SIMPLES, PVC, SERIE NORMAL, ESGOTO PREDIAL, DN 100 MM, JUNTA ELÁSTICA, FORNECIDO E INSTALADO EM SUBCOLETOR AÉREO DE ESGOTO SANITÁRIO. AF_12/2014","UN",15.19,"COMPOSIÇÃO"]
[89857,"LUVA DE CORRER, PVC, SERIE NORMAL, ESGOTO PREDIAL, DN 100 MM, JUNTA ELÁSTICA, FORNECIDO E INSTALADO EM SUBCOLETOR AÉREO DE ESGOTO SANITÁRIO. AF_12/2014","UN",22.77,"COMPOSIÇÃO"]
[89859,"LUVA DE CORRER, PVC, SERIE NORMAL, ESGOTO PREDIAL, DN 150 MM, JUNTA ELÁSTICA, FORNECIDO E INSTALADO EM SUBCOLETOR AÉREO DE ESGOTO SANITÁRIO. AF_12/2014","UN",60.81,"COMPOSIÇÃO"]
[89860,"TE, PVC, SERIE NORMAL, ESGOTO PREDIAL, DN 100 X 100 MM, JUNTA ELÁSTICA, FORNECIDO E INSTALADO EM SUBCOLETOR AÉREO DE ESGOTO SANITÁRIO. AF_12/2014","UN",32.76,"COMPOSIÇÃO"]
[89861,"JUNÇÃO SIMPLES, PVC, SERIE NORMAL, ESGOTO PREDIAL, DN 100 X 100 MM, JUNTA ELÁSTICA, FORNECIDO E INSTALADO EM SUBCOLETOR AÉREO DE ESGOTO SANITÁRIO. AF_12/2014","UN",36.82,"COMPOSIÇÃO"]
[89862,"TE, PVC, SERIE NORMAL, ESGOTO PREDIAL, DN 150 X 150 MM, JUNTA ELÁSTICA, FORNECIDO E INSTALADO EM SUBCOLETOR AÉREO DE ESGOTO SANITÁRIO. AF_12/2014","UN",73.44,"COMPOSIÇÃO"]
[89863,"JUNÇÃO SIMPLES, PVC, SERIE NORMAL, ESGOTO PREDIAL, DN 150 X 150 MM, JUNTA ELÁSTICA, FORNECIDO E INSTALADO EM SUBCOLETOR AÉREO DE ESGOTO SANITÁRIO. AF_12/2014","UN",141.29,"COMPOSIÇÃO"]
[89866,"JOELHO 90 GRAUS, PVC, SOLDÁVEL, DN 25MM, INSTALADO EM DRENO DE AR-CONDICIONADO - FORNECIMENTO E INSTALAÇÃO. AF_12/2014","UN",4.21,"COMPOSIÇÃO"]
[89867,"JOELHO 45 GRAUS, PVC, SOLDÁVEL, DN 25MM, INSTALADO EM DRENO DE AR-CONDICIONADO - FORNECIMENTO E INSTALAÇÃO. AF_12/2014","UN",4.79,"COMPOSIÇÃO"]
[89868,"LUVA, PVC, SOLDÁVEL, DN 25MM, INSTALADO EM DRENO DE AR-CONDICIONADO - FORNECIMENTO E INSTALAÇÃO. AF_12/2014","UN",3.19,"COMPOSIÇÃO"]
[89869,"TE, PVC, SOLDÁVEL, DN 25MM, INSTALADO EM DRENO DE AR-CONDICIONADO - FORNECIMENTO E INSTALAÇÃO. AF_12/2014","UN",7,"COMPOSIÇÃO"]
[89979,"LUVA COM BUCHA DE LATÃO, PVC, SOLDÁVEL, DN 32MM X 1 , INSTALADO EM RAMAL OU SUB-RAMAL DE ÁGUA   FORNECIMENTO E INSTALAÇÃO. AF_12/2014","UN",19.82,"COMPOSIÇÃO"]
[89980,"LUVA COM BUCHA DE LATÃO, PVC, SOLDÁVEL, DN 25MM X 3/4\u0094, INSTALADO EM PRUMADA DE ÁGUA - FORNECIMENTO E INSTALAÇÃO. AF_12/2014","UN",7.7,"COMPOSIÇÃO"]
[89981,"LUVA SOLDÁVEL E COM BUCHA DE LATÃO, PVC, SOLDÁVEL, DN 32MM X 1 , INSTALADO EM PRUMADA DE ÁGUA   FORNECIMENTO E INSTALAÇÃO. AF_12/2014","UN",17.260000000000002,"COMPOSIÇÃO"]
[90373,"JOELHO 90 GRAUS COM BUCHA DE LATÃO, PVC, SOLDÁVEL, DN 25MM, X 1/2\u0094 INSTALADO EM RAMAL OU SUB-RAMAL DE ÁGUA - FORNECIMENTO E INSTALAÇÃO. AF_12/2014","UN",11.18,"COMPOSIÇÃO"]
[90374,"TÊ COM BUCHA DE LATÃO NA BOLSA CENTRAL, PVC, SOLDÁVEL, DN 25MM X 3/4\u0094, INSTALADO EM RAMAL OU SUB-RAMAL DE ÁGUA - FORNECIMENTO E INSTALAÇÃO. AF_03/2015","UN",17.329999999999998,"COMPOSIÇÃO"]
[90375,"BUCHA DE REDUÇÃO, PVC, SOLDÁVEL, DN 40MM X 32MM, INSTALADO EM RAMAL OU SUB-RAMAL DE ÁGUA - FORNECIMENTO E INSTALAÇÃO. AF_03/2015","UN",7.32,"COMPOSIÇÃO"]
[92287,"COTOVELO EM COBRE, DN 22 MM, 90 GRAUS, SEM ANEL DE SOLDA, INSTALADO EM PRUMADA   FORNECIMENTO E INSTALAÇÃO. AF_12/2015","UN",12.81,"COMPOSIÇÃO"]
[92288,"COTOVELO EM COBRE, DN 28 MM, 90 GRAUS, SEM ANEL DE SOLDA, INSTALADO EM PRUMADA \u0096 FORNECIMENTO E INSTALAÇÃO. AF_12/2015","UN",19.72,"COMPOSIÇÃO"]
[92289,"COTOVELO EM COBRE, DN 35 MM, 90 GRAUS, SEM ANEL DE SOLDA, INSTALADO EM PRUMADA \u0096 FORNECIMENTO E INSTALAÇÃO. AF_12/2015","UN",34.47,"COMPOSIÇÃO"]
[92290,"COTOVELO EM COBRE, DN 42 MM, 90 GRAUS, SEM ANEL DE SOLDA, INSTALADO EM PRUMADA \u0096 FORNECIMENTO E INSTALAÇÃO. AF_12/2015","UN",52.27,"COMPOSIÇÃO"]
[92291,"COTOVELO EM COBRE, DN 54 MM, 90 GRAUS, SEM ANEL DE SOLDA, INSTALADO EM PRUMADA \u0096 FORNECIMENTO E INSTALAÇÃO. AF_12/2015","UN",79.98,"COMPOSIÇÃO"]
[92292,"COTOVELO EM COBRE, DN 66 MM, 90 GRAUS, SEM ANEL DE SOLDA, INSTALADO EM PRUMADA \u0096 FORNECIMENTO E INSTALAÇÃO. AF_12/2015","UN",249.1,"COMPOSIÇÃO"]
[92293,"LUVA EM COBRE, DN 22 MM, SEM ANEL DE SOLDA, INSTALADO EM PRUMADA \u0096 FORNECIMENTO E INSTALAÇÃO. AF_12/2015","UN",7.39,"COMPOSIÇÃO"]
[92294,"LUVA EM COBRE, DN 28 MM, SEM ANEL DE SOLDA, INSTALADO EM PRUMADA \u0096 FORNECIMENTO E INSTALAÇÃO. AF_12/2015","UN",12.12,"COMPOSIÇÃO"]
[92295,"LUVA EM COBRE, DN 35 MM, SEM ANEL DE SOLDA, INSTALADO EM PRUMADA \u0096 FORNECIMENTO E INSTALAÇÃO. AF_12/2015","UN",22.45,"COMPOSIÇÃO"]
[92296,"LUVA EM COBRE, DN 42 MM, SEM ANEL DE SOLDA, INSTALADO EM PRUMADA \u0096 FORNECIMENTO E INSTALAÇÃO. AF_12/2015","UN",29.87,"COMPOSIÇÃO"]
[92297,"LUVA EM COBRE, DN 54 MM, SEM ANEL DE SOLDA, INSTALADO EM PRUMADA \u0096 FORNECIMENTO E INSTALAÇÃO. AF_12/2015","UN",46.11,"COMPOSIÇÃO"]
[92298,"LUVA EM COBRE, DN 66 MM, SEM ANEL DE SOLDA, INSTALADO EM PRUMADA \u0096 FORNECIMENTO E INSTALAÇÃO. AF_12/2015","UN",129.01,"COMPOSIÇÃO"]
[92299,"TE EM COBRE, DN 22 MM, SEM ANEL DE SOLDA, INSTALADO EM PRUMADA \u0096 FORNECIMENTO E INSTALAÇÃO. AF_12/2015","UN",16.91,"COMPOSIÇÃO"]
[92300,"TE EM COBRE, DN 28 MM, SEM ANEL DE SOLDA, INSTALADO EM PRUMADA \u0096 FORNECIMENTO E INSTALAÇÃO. AF_12/2015","UN",25.14,"COMPOSIÇÃO"]
[92301,"TE EM COBRE, DN 35 MM, SEM ANEL DE SOLDA, INSTALADO EM PRUMADA \u0096 FORNECIMENTO E INSTALAÇÃO. AF_12/2015","UN",49.03,"COMPOSIÇÃO"]
[92302,"TE EM COBRE, DN 42 MM, SEM ANEL DE SOLDA, INSTALADO EM PRUMADA \u0096 FORNECIMENTO E INSTALAÇÃO. AF_12/2015","UN",64.84,"COMPOSIÇÃO"]
[92303,"TE EM COBRE, DN 54 MM, SEM ANEL DE SOLDA, INSTALADO EM PRUMADA \u0096 FORNECIMENTO E INSTALAÇÃO. AF_12/2015","UN",118.52,"COMPOSIÇÃO"]
[92304,"TE EM COBRE, DN 66 MM, SEM ANEL DE SOLDA, INSTALADO EM PRUMADA \u0096 FORNECIMENTO E INSTALAÇÃO. AF_12/2015","UN",307.45999999999998,"COMPOSIÇÃO"]
[92311,"COTOVELO EM COBRE, DN 15 MM, 90 GRAUS, SEM ANEL DE SOLDA, INSTALADO EM RAMAL DE DISTRIBUIÇÃO \u0096 FORNECIMENTO E INSTALAÇÃO. AF_12/2015","UN",9.2200000000000006,"COMPOSIÇÃO"]
[92312,"COTOVELO EM COBRE, DN 22 MM, 90 GRAUS, SEM ANEL DE SOLDA, INSTALADO EM RAMAL DE DISTRIBUIÇÃO \u0096 FORNECIMENTO E INSTALAÇÃO. AF_12/2015","UN",15.02,"COMPOSIÇÃO"]
[92313,"COTOVELO EM COBRE, DN 28 MM, 90 GRAUS, SEM ANEL DE SOLDA, INSTALADO EM RAMAL DE DISTRIBUIÇÃO \u0096 FORNECIMENTO E INSTALAÇÃO. AF_12/2015","UN",21.93,"COMPOSIÇÃO"]
[92314,"LUVA EM COBRE, DN 15 MM, SEM ANEL DE SOLDA, INSTALADO EM RAMAL DE DISTRIBUIÇÃO \u0096 FORNECIMENTO E INSTALAÇÃO. AF_12/2015","UN",6,"COMPOSIÇÃO"]
[92315,"LUVA EM COBRE, DN 22 MM, SEM ANEL DE SOLDA, INSTALADO EM RAMAL DE DISTRIBUIÇÃO \u0096 FORNECIMENTO E INSTALAÇÃO. AF_12/2015","UN",8.89,"COMPOSIÇÃO"]
[92316,"LUVA EM COBRE, DN 28 MM, SEM ANEL DE SOLDA, INSTALADO EM RAMAL DE DISTRIBUIÇÃO \u0096 FORNECIMENTO E INSTALAÇÃO. AF_12/2015","UN",13.62,"COMPOSIÇÃO"]
[92317,"TE EM COBRE, DN 15 MM, SEM ANEL DE SOLDA, INSTALADO EM RAMAL DE DISTRIBUIÇÃO \u0096 FORNECIMENTO E INSTALAÇÃO. AF_12/2015","UN",12.55,"COMPOSIÇÃO"]
[92318,"TE EM COBRE, DN 22 MM, SEM ANEL DE SOLDA, INSTALADO EM RAMAL DE DISTRIBUIÇÃO \u0096 FORNECIMENTO E INSTALAÇÃO. AF_12/2015","UN",19.87,"COMPOSIÇÃO"]
[92319,"TE EM COBRE, DN 28 MM, SEM ANEL DE SOLDA, INSTALADO EM RAMAL DE DISTRIBUIÇÃO \u0096 FORNECIMENTO E INSTALAÇÃO. AF_12/2015","UN",28.1,"COMPOSIÇÃO"]
[92326,"COTOVELO EM COBRE, DN 15 MM, 90 GRAUS, SEM ANEL DE SOLDA, INSTALADO EM RAMAL E SUB-RAMAL \u0096 FORNECIMENTO E INSTALAÇÃO. AF_12/2015","UN",10.71,"COMPOSIÇÃO"]
[92327,"COTOVELO EM COBRE, DN 22 MM, 90 GRAUS, SEM ANEL DE SOLDA, INSTALADO EM RAMAL E SUB-RAMAL \u0096 FORNECIMENTO E INSTALAÇÃO. AF_12/2015","UN",17.059999999999999,"COMPOSIÇÃO"]
[92328,"COTOVELO EM COBRE, DN 28 MM, 90 GRAUS, SEM ANEL DE SOLDA, INSTALADO EM RAMAL E SUB-RAMAL \u0096 FORNECIMENTO E INSTALAÇÃO. AF_12/2015","UN",25.57,"COMPOSIÇÃO"]
[92329,"LUVA EM COBRE, DN 15 MM, SEM ANEL DE SOLDA, INSTALADO EM RAMAL E SUB-RAMAL \u0096 FORNECIMENTO E INSTALAÇÃO. AF_12/2015","UN",6.15,"COMPOSIÇÃO"]
[92330,"LUVA EM COBRE, DN 22 MM, SEM ANEL DE SOLDA, INSTALADO EM RAMAL E SUB-RAMAL \u0096 FORNECIMENTO E INSTALAÇÃO. AF_12/2015","UN",10.23,"COMPOSIÇÃO"]
[92331,"LUVA EM COBRE, DN 28 MM, SEM ANEL DE SOLDA, INSTALADO EM RAMAL E SUB-RAMAL \u0096 FORNECIMENTO E INSTALAÇÃO. AF_12/2015","UN",16.059999999999999,"COMPOSIÇÃO"]
[92332,"TE EM COBRE, DN 15 MM, SEM ANEL DE SOLDA, INSTALADO EM RAMAL E SUB-RAMAL \u0096 FORNECIMENTO E INSTALAÇÃO. AF_12/2015","UN",12.76,"COMPOSIÇÃO"]
[92333,"TE EM COBRE, DN 22 MM, SEM ANEL DE SOLDA, INSTALADO EM RAMAL E SUB-RAMAL \u0096 FORNECIMENTO E INSTALAÇÃO. AF_12/2015","UN",22.58,"COMPOSIÇÃO"]
[92334,"TE EM COBRE, DN 28 MM, SEM ANEL DE SOLDA, INSTALADO EM RAMAL E SUB-RAMAL \u0096 FORNECIMENTO E INSTALAÇÃO. AF_12/2015","UN",32.93,"COMPOSIÇÃO"]
[92344,"NIPLE, EM FERRO GALVANIZADO, DN 50 (2\"), CONEXÃO ROSQUEADA, INSTALADO EM PRUMADAS - FORNECIMENTO E INSTALAÇÃO. AF_12/2015","UN",42.92,"COMPOSIÇÃO"]
[92345,"LUVA, EM FERRO GALVANIZADO, DN 50 (2\"), CONEXÃO ROSQUEADA, INSTALADO EM PRUMADAS - FORNECIMENTO E INSTALAÇÃO. AF_12/2015","UN",42.91,"COMPOSIÇÃO"]
[92346,"NIPLE, EM FERRO GALVANIZADO, DN 65 (2 1/2\"), CONEXÃO ROSQUEADA, INSTALADO EM PRUMADAS - FORNECIMENTO E INSTALAÇÃO. AF_12/2015","UN",55.48,"COMPOSIÇÃO"]
[92347,"LUVA, EM FERRO GALVANIZADO, DN 65 (2 1/2\"), CONEXÃO ROSQUEADA, INSTALADO EM PRUMADAS - FORNECIMENTO E INSTALAÇÃO. AF_12/2015","UN",61.23,"COMPOSIÇÃO"]
[92348,"NIPLE, EM FERRO GALVANIZADO, DN 80 (3\"), CONEXÃO ROSQUEADA, INSTALADO EM PRUMADAS - FORNECIMENTO E INSTALAÇÃO. AF_12/2015","UN",76.430000000000007,"COMPOSIÇÃO"]
[92349,"LUVA, EM FERRO GALVANIZADO, DN 80 (3\"), CONEXÃO ROSQUEADA, INSTALADO EM PRUMADAS - FORNECIMENTO E INSTALAÇÃO. AF_12/2015","UN",81.55,"COMPOSIÇÃO"]
[92350,"JOELHO 45 GRAUS, EM FERRO GALVANIZADO, DN 50 (2\"), CONEXÃO ROSQUEADA, INSTALADO EM PRUMADAS - FORNECIMENTO E INSTALAÇÃO. AF_12/2015","UN",63.81,"COMPOSIÇÃO"]
[92351,"JOELHO 90 GRAUS, EM FERRO GALVANIZADO, DN 50 (2\"), CONEXÃO ROSQUEADA, INSTALADO EM PRUMADAS - FORNECIMENTO E INSTALAÇÃO. AF_12/2015","UN",62.53,"COMPOSIÇÃO"]
[92352,"JOELHO 45 GRAUS, EM FERRO GALVANIZADO, DN 65 (2 1/2\"), CONEXÃO ROSQUEADA, INSTALADO EM PRUMADAS - FORNECIMENTO E INSTALAÇÃO. AF_12/2015","UN",94.17,"COMPOSIÇÃO"]
[92353,"JOELHO 90 GRAUS, EM FERRO GALVANIZADO, DN 65 (2 1/2\"), CONEXÃO ROSQUEADA, INSTALADO EM PRUMADAS - FORNECIMENTO E INSTALAÇÃO. AF_12/2015","UN",88.54,"COMPOSIÇÃO"]
[92354,"JOELHO 45 GRAUS, EM FERRO GALVANIZADO, DN 80 (3\"), CONEXÃO ROSQUEADA, INSTALADO EM PRUMADAS - FORNECIMENTO E INSTALAÇÃO. AF_12/2015","UN",123.35,"COMPOSIÇÃO"]
[92355,"JOELHO 90 GRAUS, EM FERRO GALVANIZADO, DN 80 (3\"), CONEXÃO ROSQUEADA, INSTALADO EM PRUMADAS - FORNECIMENTO E INSTALAÇÃO. AF_12/2015","UN",112.5,"COMPOSIÇÃO"]
[92356,"TÊ, EM FERRO GALVANIZADO, DN 50 (2\"), CONEXÃO ROSQUEADA, INSTALADO EM PRUMADAS - FORNECIMENTO E INSTALAÇÃO. AF_12/2015","UN",83.39,"COMPOSIÇÃO"]
[92357,"TÊ, EM FERRO GALVANIZADO, DN 65 (2 1/2\"), CONEXÃO ROSQUEADA, INSTALADO EM PRUMADAS - FORNECIMENTO E INSTALAÇÃO. AF_12/2015","UN",120.92,"COMPOSIÇÃO"]
[92358,"TÊ, EM FERRO GALVANIZADO, DN 80 (3\"), CONEXÃO ROSQUEADA, INSTALADO EM PRUMADAS - FORNECIMENTO E INSTALAÇÃO. AF_12/2015","UN",149.01,"COMPOSIÇÃO"]
[92369,"NIPLE, EM FERRO GALVANIZADO, DN 25 (1\"), CONEXÃO ROSQUEADA, INSTALADO EM REDE DE ALIMENTAÇÃO PARA HIDRANTE - FORNECIMENTO E INSTALAÇÃO. AF_12/2015","UN",24.01,"COMPOSIÇÃO"]
[92370,"LUVA, EM FERRO GALVANIZADO, DN 25 (1\"), CONEXÃO ROSQUEADA, INSTALADO EM REDE DE ALIMENTAÇÃO PARA HIDRANTE - FORNECIMENTO E INSTALAÇÃO. AF_12/2015","UN",25.05,"COMPOSIÇÃO"]
[92371,"NIPLE, EM FERRO GALVANIZADO, DN 32 (1 1/4\"), CONEXÃO ROSQUEADA, INSTALADO EM REDE DE ALIMENTAÇÃO PARA HIDRANTE - FORNECIMENTO E INSTALAÇÃO. AF_12/2015","UN",28.66,"COMPOSIÇÃO"]
[92372,"LUVA, EM FERRO GALVANIZADO, DN 32 (1 1/4\"), CONEXÃO ROSQUEADA, INSTALADO EM REDE DE ALIMENTAÇÃO PARA HIDRANTE - FORNECIMENTO E INSTALAÇÃO. AF_12/2015","UN",29.62,"COMPOSIÇÃO"]
[92373,"NIPLE, EM FERRO GALVANIZADO, DN 40 (1 1/2\"), CONEXÃO ROSQUEADA, INSTALADO EM REDE DE ALIMENTAÇÃO PARA HIDRANTE - FORNECIMENTO E INSTALAÇÃO. AF_12/2015","UN",33.590000000000003,"COMPOSIÇÃO"]
[92374,"LUVA, EM FERRO GALVANIZADO, DN 40 (1 1/2\"), CONEXÃO ROSQUEADA, INSTALADO EM REDE DE ALIMENTAÇÃO PARA HIDRANTE - FORNECIMENTO E INSTALAÇÃO. AF_12/2015","UN",33.770000000000003,"COMPOSIÇÃO"]
[92375,"NIPLE, EM FERRO GALVANIZADO, DN 50 (2\"), CONEXÃO ROSQUEADA, INSTALADO EM REDE DE ALIMENTAÇÃO PARA HIDRANTE - FORNECIMENTO E INSTALAÇÃO. AF_12/2015","UN",42.88,"COMPOSIÇÃO"]
[92376,"LUVA, EM FERRO GALVANIZADO, DN 50 (2\"), CONEXÃO ROSQUEADA, INSTALADO EM REDE DE ALIMENTAÇÃO PARA HIDRANTE - FORNECIMENTO E INSTALAÇÃO. AF_12/2015","UN",42.87,"COMPOSIÇÃO"]
[92377,"NIPLE, EM FERRO GALVANIZADO, DN 65 (2 1/2\"), CONEXÃO ROSQUEADA, INSTALADO EM REDE DE ALIMENTAÇÃO PARA HIDRANTE - FORNECIMENTO E INSTALAÇÃO. AF_12/2015","UN",56.68,"COMPOSIÇÃO"]
[92378,"LUVA, EM FERRO GALVANIZADO, DN 65 (2 1/2\"), CONEXÃO ROSQUEADA, INSTALADO EM REDE DE ALIMENTAÇÃO PARA HIDRANTE - FORNECIMENTO E INSTALAÇÃO. AF_12/2015","UN",62.43,"COMPOSIÇÃO"]
[92379,"NIPLE, EM FERRO GALVANIZADO, DN 80 (3\"), CONEXÃO ROSQUEADA, INSTALADO EM REDE DE ALIMENTAÇÃO PARA HIDRANTE - FORNECIMENTO E INSTALAÇÃO. AF_12/2015","UN",78.900000000000006,"COMPOSIÇÃO"]
[92380,"LUVA, EM FERRO GALVANIZADO, DN 80 (3\"), CONEXÃO ROSQUEADA, INSTALADO EM REDE DE ALIMENTAÇÃO PARA HIDRANTE - FORNECIMENTO E INSTALAÇÃO. AF_12/2015","UN",84.02,"COMPOSIÇÃO"]
[92381,"JOELHO 45 GRAUS, EM FERRO GALVANIZADO, DN 25 (1\"), CONEXÃO ROSQUEADA, INSTALADO EM REDE DE ALIMENTAÇÃO PARA HIDRANTE - FORNECIMENTO E INSTALAÇÃO. AF_12/2015","UN",36.28,"COMPOSIÇÃO"]
[92382,"JOELHO 90 GRAUS, EM FERRO GALVANIZADO, DN 25 (1\"), CONEXÃO ROSQUEADA, INSTALADO EM REDE DE ALIMENTAÇÃO PARA HIDRANTE - FORNECIMENTO E INSTALAÇÃO. AF_12/2015","UN",34.9,"COMPOSIÇÃO"]
[92383,"JOELHO 45 GRAUS, EM FERRO GALVANIZADO, DN 32 (1 1/4\"), CONEXÃO ROSQUEADA, INSTALADO EM REDE DE ALIMENTAÇÃO PARA HIDRANTE - FORNECIMENTO E INSTALAÇÃO. AF_12/2015","UN",44.92,"COMPOSIÇÃO"]
[92384,"JOELHO 90 GRAUS, EM FERRO GALVANIZADO, DN 32 (1 1/4\"), CONEXÃO ROSQUEADA, INSTALADO EM REDE DE ALIMENTAÇÃO PARA HIDRANTE - FORNECIMENTO E INSTALAÇÃO. AF_12/2015","UN",42.19,"COMPOSIÇÃO"]
[92385,"JOELHO 45 GRAUS, EM FERRO GALVANIZADO, DN 40 (1 1/2\"), CONEXÃO ROSQUEADA, INSTALADO EM REDE DE ALIMENTAÇÃO PARA HIDRANTE - FORNECIMENTO E INSTALAÇÃO. AF_12/2015","UN",51.22,"COMPOSIÇÃO"]
[92386,"JOELHO 90 GRAUS, EM FERRO GALVANIZADO, DN 40 (1 1/2\"), CONEXÃO ROSQUEADA, INSTALADO EM REDE DE ALIMENTAÇÃO PARA HIDRANTE - FORNECIMENTO E INSTALAÇÃO. AF_12/2015","UN",49.34,"COMPOSIÇÃO"]
[92387,"JOELHO 45 GRAUS, EM FERRO GALVANIZADO, DN 50 (2\"), CONEXÃO ROSQUEADA, INSTALADO EM REDE DE ALIMENTAÇÃO PARA HIDRANTE - FORNECIMENTO E INSTALAÇÃO. AF_12/2015","UN",63.74,"COMPOSIÇÃO"]
[92388,"JOELHO 90 GRAUS, EM FERRO GALVANIZADO, DN 50 (2\"), CONEXÃO ROSQUEADA, INSTALADO EM REDE DE ALIMENTAÇÃO PARA HIDRANTE - FORNECIMENTO E INSTALAÇÃO. AF_12/2015","UN",62.46,"COMPOSIÇÃO"]
[92389,"JOELHO 45 GRAUS, EM FERRO GALVANIZADO, DN 65 (2 1/2\"), CONEXÃO ROSQUEADA, INSTALADO EM REDE DE ALIMENTAÇÃO PARA HIDRANTE - FORNECIMENTO E INSTALAÇÃO. AF_12/2015","UN",96,"COMPOSIÇÃO"]
[92390,"JOELHO 90 GRAUS, EM FERRO GALVANIZADO, DN 65 (2 1/2\"), CONEXÃO ROSQUEADA, INSTALADO EM REDE DE ALIMENTAÇÃO PARA HIDRANTE - FORNECIMENTO E INSTALAÇÃO. AF_12/2015","UN",90.37,"COMPOSIÇÃO"]
[92635,"JOELHO 45 GRAUS, EM FERRO GALVANIZADO, CONEXÃO ROSQUEADA, DN 80 (3\"), INSTALADO EM REDE DE ALIMENTAÇÃO PARA HIDRANTE - FORNECIMENTO E INSTALAÇÃO. AF_12/2015","UN",127.06,"COMPOSIÇÃO"]
[92636,"JOELHO 90 GRAUS, EM FERRO GALVANIZADO, CONEXÃO ROSQUEADA, DN 80 (3\"), INSTALADO EM REDE DE ALIMENTAÇÃO PARA HIDRANTE - FORNECIMENTO E INSTALAÇÃO. AF_12/2015","UN",116.21,"COMPOSIÇÃO"]
[92637,"TÊ, EM FERRO GALVANIZADO, CONEXÃO ROSQUEADA, DN 25 (1\"), INSTALADO EM REDE DE ALIMENTAÇÃO PARA HIDRANTE - FORNECIMENTO E INSTALAÇÃO. AF_12/2015","UN",47.08,"COMPOSIÇÃO"]
[92638,"TÊ, EM FERRO GALVANIZADO, CONEXÃO ROSQUEADA, DN 32 (1 1/4\"), INSTALADO EM REDE DE ALIMENTAÇÃO PARA HIDRANTE - FORNECIMENTO E INSTALAÇÃO. AF_12/2015","UN",56.62,"COMPOSIÇÃO"]
[92639,"TÊ, EM FERRO GALVANIZADO, CONEXÃO ROSQUEADA, DN 40 (1 1/2\"), INSTALADO EM REDE DE ALIMENTAÇÃO PARA HIDRANTE - FORNECIMENTO E INSTALAÇÃO. AF_12/2015","UN",65.099999999999994,"COMPOSIÇÃO"]
[92640,"TÊ, EM FERRO GALVANIZADO, CONEXÃO ROSQUEADA, DN 50 (2\"), INSTALADO EM REDE DE ALIMENTAÇÃO PARA HIDRANTE - FORNECIMENTO E INSTALAÇÃO. AF_12/2015","UN",83.28,"COMPOSIÇÃO"]
[92642,"TÊ, EM FERRO GALVANIZADO, CONEXÃO ROSQUEADA, DN 65 (2 1/2\"), INSTALADO EM REDE DE ALIMENTAÇÃO PARA HIDRANTE - FORNECIMENTO E INSTALAÇÃO. AF_12/2015","UN",123.33,"COMPOSIÇÃO"]
[92644,"TÊ, EM FERRO GALVANIZADO, CONEXÃO ROSQUEADA, DN 80 (3\"), INSTALADO EM REDE DE ALIMENTAÇÃO PARA HIDRANTE - FORNECIMENTO E INSTALAÇÃO. AF_12/2015","UN",153.94999999999999,"COMPOSIÇÃO"]
[92657,"NIPLE, EM FERRO GALVANIZADO, CONEXÃO ROSQUEADA, DN 25 (1\"), INSTALADO EM REDE DE ALIMENTAÇÃO PARA SPRINKLER - FORNECIMENTO E INSTALAÇÃO. AF_12/2015","UN",17.329999999999998,"COMPOSIÇÃO"]
[92658,"LUVA, EM FERRO GALVANIZADO, CONEXÃO ROSQUEADA, DN 25 (1\"), INSTALADO EM REDE DE ALIMENTAÇÃO PARA SPRINKLER - FORNECIMENTO E INSTALAÇÃO. AF_12/2015","UN",18.37,"COMPOSIÇÃO"]
[92659,"NIPLE, EM FERRO GALVANIZADO, CONEXÃO ROSQUEADA, DN 32 (1 1/4\"), INSTALADO EM REDE DE ALIMENTAÇÃO PARA SPRINKLER - FORNECIMENTO E INSTALAÇÃO. AF_12/2015","UN",21.08,"COMPOSIÇÃO"]
[92660,"LUVA, EM FERRO GALVANIZADO, CONEXÃO ROSQUEADA, DN 32 (1 1/4\"), INSTALADO EM REDE DE ALIMENTAÇÃO PARA SPRINKLER - FORNECIMENTO E INSTALAÇÃO. AF_12/2015","UN",22.04,"COMPOSIÇÃO"]
[92661,"NIPLE, EM FERRO GALVANIZADO, CONEXÃO ROSQUEADA, DN 40 (1 1/2\"), INSTALADO EM REDE DE ALIMENTAÇÃO PARA SPRINKLER - FORNECIMENTO E INSTALAÇÃO. AF_12/2015","UN",24.94,"COMPOSIÇÃO"]
[92662,"LUVA, EM FERRO GALVANIZADO, CONEXÃO ROSQUEADA, DN 40 (1 1/2\"), INSTALADO EM REDE DE ALIMENTAÇÃO PARA SPRINKLER - FORNECIMENTO E INSTALAÇÃO. AF_12/2015","UN",25.12,"COMPOSIÇÃO"]
[92663,"NIPLE, EM FERRO GALVANIZADO, CONEXÃO ROSQUEADA, DN 50 (2\"), INSTALADO EM REDE DE ALIMENTAÇÃO PARA SPRINKLER - FORNECIMENTO E INSTALAÇÃO. AF_12/2015","UN",32.93,"COMPOSIÇÃO"]
[92664,"LUVA, EM FERRO GALVANIZADO, CONEXÃO ROSQUEADA, DN 50 (2\"), INSTALADO EM REDE DE ALIMENTAÇÃO PARA SPRINKLER - FORNECIMENTO E INSTALAÇÃO. AF_12/2015","UN",32.92,"COMPOSIÇÃO"]
[92665,"NIPLE, EM FERRO GALVANIZADO, CONEXÃO ROSQUEADA, DN 65 (2 1/2\"), INSTALADO EM REDE DE ALIMENTAÇÃO PARA SPRINKLER - FORNECIMENTO E INSTALAÇÃO. AF_12/2015","UN",44.77,"COMPOSIÇÃO"]
[92666,"LUVA, EM FERRO GALVANIZADO, CONEXÃO ROSQUEADA, DN 65 (2 1/2\"), INSTALADO EM REDE DE ALIMENTAÇÃO PARA SPRINKLER - FORNECIMENTO E INSTALAÇÃO. AF_12/2015","UN",50.52,"COMPOSIÇÃO"]
[92667,"NIPLE, EM FERRO GALVANIZADO, CONEXÃO ROSQUEADA, DN 80 (3\"), INSTALADO EM REDE DE ALIMENTAÇÃO PARA SPRINKLER - FORNECIMENTO E INSTALAÇÃO. AF_12/2015","UN",65.040000000000006,"COMPOSIÇÃO"]
[92668,"LUVA, EM FERRO GALVANIZADO, CONEXÃO ROSQUEADA, DN 80 (3\"), INSTALADO EM REDE DE ALIMENTAÇÃO PARA SPRINKLER - FORNECIMENTO E INSTALAÇÃO. AF_12/2015","UN",70.16,"COMPOSIÇÃO"]
[92669,"JOELHO 45 GRAUS, EM FERRO GALVANIZADO, CONEXÃO ROSQUEADA, DN 25 (1\"), INSTALADO EM REDE DE ALIMENTAÇÃO PARA SPRINKLER - FORNECIMENTO E INSTALAÇÃO. AF_12/2015","UN",26.26,"COMPOSIÇÃO"]
[92670,"JOELHO 90 GRAUS, EM FERRO GALVANIZADO, CONEXÃO ROSQUEADA, DN 25 (1\"), INSTALADO EM REDE DE ALIMENTAÇÃO PARA SPRINKLER - FORNECIMENTO E INSTALAÇÃO. AF_12/2015","UN",24.88,"COMPOSIÇÃO"]
[92671,"JOELHO 45 GRAUS, EM FERRO GALVANIZADO, CONEXÃO ROSQUEADA, DN 32 (1 1/4\"), INSTALADO EM REDE DE ALIMENTAÇÃO PARA SPRINKLER - FORNECIMENTO E INSTALAÇÃO. AF_12/2015","UN",33.56,"COMPOSIÇÃO"]
[92672,"JOELHO 90 GRAUS, EM FERRO GALVANIZADO, CONEXÃO ROSQUEADA, DN 32 (1 1/4\"), INSTALADO EM REDE DE ALIMENTAÇÃO PARA SPRINKLER - FORNECIMENTO E INSTALAÇÃO. AF_12/2015","UN",30.83,"COMPOSIÇÃO"]
[92673,"JOELHO 45 GRAUS, EM FERRO GALVANIZADO, CONEXÃO ROSQUEADA, DN 40 (1 1/2\"), INSTALADO EM REDE DE ALIMENTAÇÃO PARA SPRINKLER - FORNECIMENTO E INSTALAÇÃO. AF_12/2015","UN",38.270000000000003,"COMPOSIÇÃO"]
[92674,"JOELHO 90 GRAUS, EM FERRO GALVANIZADO, CONEXÃO ROSQUEADA, DN 40 (1 1/2\"), INSTALADO EM REDE DE ALIMENTAÇÃO PARA SPRINKLER - FORNECIMENTO E INSTALAÇÃO. AF_12/2015","UN",36.39,"COMPOSIÇÃO"]
[92675,"JOELHO 45 GRAUS, EM FERRO GALVANIZADO, CONEXÃO ROSQUEADA, DN 50 (2\"), INSTALADO EM REDE DE ALIMENTAÇÃO PARA SPRINKLER - FORNECIMENTO E INSTALAÇÃO. AF_12/2015","UN",48.85,"COMPOSIÇÃO"]
[92676,"JOELHO 90 GRAUS, EM FERRO GALVANIZADO, CONEXÃO ROSQUEADA, DN 50 (2\"), INSTALADO EM REDE DE ALIMENTAÇÃO PARA SPRINKLER - FORNECIMENTO E INSTALAÇÃO. AF_12/2015","UN",47.57,"COMPOSIÇÃO"]
[92677,"JOELHO 45 GRAUS, EM FERRO GALVANIZADO, CONEXÃO ROSQUEADA, DN 65 (2 1/2\"), INSTALADO EM REDE DE ALIMENTAÇÃO PARA SPRINKLER - FORNECIMENTO E INSTALAÇÃO. AF_12/2015","UN",78.16,"COMPOSIÇÃO"]
[92678,"JOELHO 90 GRAUS, EM FERRO GALVANIZADO, CONEXÃO ROSQUEADA, DN 65 (2 1/2\"), INSTALADO EM REDE DE ALIMENTAÇÃO PARA SPRINKLER - FORNECIMENTO E INSTALAÇÃO. AF_12/2015","UN",72.53,"COMPOSIÇÃO"]
[92679,"JOELHO 45 GRAUS, EM FERRO GALVANIZADO, CONEXÃO ROSQUEADA, DN 80 (3\"), INSTALADO EM REDE DE ALIMENTAÇÃO PARA SPRINKLER - FORNECIMENTO E INSTALAÇÃO. AF_12/2015","UN",106.28,"COMPOSIÇÃO"]
[92680,"JOELHO 90 GRAUS, EM FERRO GALVANIZADO, CONEXÃO ROSQUEADA, DN 80 (3\"), INSTALADO EM REDE DE ALIMENTAÇÃO PARA SPRINKLER - FORNECIMENTO E INSTALAÇÃO. AF_12/2015","UN",95.43,"COMPOSIÇÃO"]
[92681,"TÊ, EM FERRO GALVANIZADO, CONEXÃO ROSQUEADA, DN 25 (1\"), INSTALADO EM REDE DE ALIMENTAÇÃO PARA SPRINKLER - FORNECIMENTO E INSTALAÇÃO. AF_12/2015","UN",33.700000000000003,"COMPOSIÇÃO"]
[92682,"TÊ, EM FERRO GALVANIZADO, CONEXÃO ROSQUEADA, DN 32 (1 1/4\"), INSTALADO EM REDE DE ALIMENTAÇÃO PARA SPRINKLER - FORNECIMENTO E INSTALAÇÃO. AF_12/2015","UN",41.41,"COMPOSIÇÃO"]
[92683,"TÊ, EM FERRO GALVANIZADO, CONEXÃO ROSQUEADA, DN 40 (1 1/2\"), INSTALADO EM REDE DE ALIMENTAÇÃO PARA SPRINKLER - FORNECIMENTO E INSTALAÇÃO. AF_12/2015","UN",47.85,"COMPOSIÇÃO"]
[92684,"TÊ, EM FERRO GALVANIZADO, CONEXÃO ROSQUEADA, DN 50 (2\"), INSTALADO EM REDE DE ALIMENTAÇÃO PARA SPRINKLER - FORNECIMENTO E INSTALAÇÃO. AF_12/2015","UN",63.41,"COMPOSIÇÃO"]
[92685,"TÊ, EM FERRO GALVANIZADO, CONEXÃO ROSQUEADA, DN 65 (2 1/2\"), INSTALADO EM REDE DE ALIMENTAÇÃO PARA SPRINKLER - FORNECIMENTO E INSTALAÇÃO. AF_12/2015","UN",99.55,"COMPOSIÇÃO"]
[92686,"TÊ, EM FERRO GALVANIZADO, CONEXÃO ROSQUEADA, DN 80 (3\"), INSTALADO EM REDE DE ALIMENTAÇÃO PARA SPRINKLER - FORNECIMENTO E INSTALAÇÃO. AF_12/2015","UN",126.23,"COMPOSIÇÃO"]
[92692,"NIPLE, EM FERRO GALVANIZADO, CONEXÃO ROSQUEADA, DN 15 (1/2\"), INSTALADO EM RAMAIS E SUB-RAMAIS DE GÁS - FORNECIMENTO E INSTALAÇÃO. AF_12/2015","UN",9.42,"COMPOSIÇÃO"]
[92693,"LUVA, EM FERRO GALVANIZADO, CONEXÃO ROSQUEADA, DN 15 (1/2\"), INSTALADO EM RAMAIS E SUB-RAMAIS DE GÁS - FORNECIMENTO E INSTALAÇÃO. AF_12/2015","UN",9.65,"COMPOSIÇÃO"]
[92694,"NIPLE, EM FERRO GALVANIZADO, CONEXÃO ROSQUEADA, DN 20 (3/4\"), INSTALADO EM RAMAIS E SUB-RAMAIS DE GÁS - FORNECIMENTO E INSTALAÇÃO. AF_12/2015","UN",15.08,"COMPOSIÇÃO"]
[92695,"LUVA, EM FERRO GALVANIZADO, CONEXÃO ROSQUEADA, DN 20 (3/4\"), INSTALADO EM RAMAIS E SUB-RAMAIS DE GÁS - FORNECIMENTO E INSTALAÇÃO. AF_12/2015","UN",15.31,"COMPOSIÇÃO"]
[92696,"NIPLE, EM FERRO GALVANIZADO, CONEXÃO ROSQUEADA, DN 25 (1\"), INSTALADO EM RAMAIS E SUB-RAMAIS DE GÁS - FORNECIMENTO E INSTALAÇÃO. AF_12/2015","UN",23.73,"COMPOSIÇÃO"]
[92697,"LUVA, EM FERRO GALVANIZADO, CONEXÃO ROSQUEADA, DN 25 (1\"), INSTALADO EM RAMAIS E SUB-RAMAIS DE GÁS - FORNECIMENTO E INSTALAÇÃO. AF_12/2015","UN",24.77,"COMPOSIÇÃO"]
[92698,"JOELHO 45 GRAUS, EM FERRO GALVANIZADO, CONEXÃO ROSQUEADA, DN 15 (1/2\"), INSTALADO EM RAMAIS E SUB-RAMAIS DE GÁS - FORNECIMENTO E INSTALAÇÃO. AF_12/2015","UN",13.91,"COMPOSIÇÃO"]
[92699,"JOELHO 90 GRAUS, EM FERRO GALVANIZADO, CONEXÃO ROSQUEADA, DN 15 (1/2\"), INSTALADO EM RAMAIS E SUB-RAMAIS DE GÁS - FORNECIMENTO E INSTALAÇÃO. AF_12/2015","UN",13.17,"COMPOSIÇÃO"]
[92700,"JOELHO 45 GRAUS, EM FERRO GALVANIZADO, CONEXÃO ROSQUEADA, DN 20 (3/4\"), INSTALADO EM RAMAIS E SUB-RAMAIS DE GÁS - FORNECIMENTO E INSTALAÇÃO. AF_12/2015","UN",22.84,"COMPOSIÇÃO"]
[92701,"JOELHO 90 GRAUS, EM FERRO GALVANIZADO, CONEXÃO ROSQUEADA, DN 20 (3/4\"), INSTALADO EM RAMAIS E SUB-RAMAIS DE GÁS - FORNECIMENTO E INSTALAÇÃO. AF_12/2015","UN",21.72,"COMPOSIÇÃO"]
[92702,"JOELHO 45 GRAUS, EM FERRO GALVANIZADO, CONEXÃO ROSQUEADA, DN 25 (1\"), INSTALADO EM RAMAIS E SUB-RAMAIS DE GÁS - FORNECIMENTO E INSTALAÇÃO. AF_12/2015","UN",35.89,"COMPOSIÇÃO"]
[92703,"JOELHO 90 GRAUS, EM FERRO GALVANIZADO, CONEXÃO ROSQUEADA, DN 25 (1\"), INSTALADO EM RAMAIS E SUB-RAMAIS DE GÁS - FORNECIMENTO E INSTALAÇÃO. AF_12/2015","UN",34.51,"COMPOSIÇÃO"]
[92704,"TÊ, EM FERRO GALVANIZADO, CONEXÃO ROSQUEADA, DN 15 (1/2\"), INSTALADO EM RAMAIS E SUB-RAMAIS DE GÁS - FORNECIMENTO E INSTALAÇÃO. AF_12/2015","UN",17.739999999999998,"COMPOSIÇÃO"]
[92705,"TÊ, EM FERRO GALVANIZADO, CONEXÃO ROSQUEADA, DN 20 (3/4\"), INSTALADO EM RAMAIS E SUB-RAMAIS DE GÁS - FORNECIMENTO E INSTALAÇÃO. AF_12/2015","UN",28.76,"COMPOSIÇÃO"]
[92706,"TÊ, EM FERRO GALVANIZADO, CONEXÃO ROSQUEADA, DN 25 (1\"), INSTALADO EM RAMAIS E SUB-RAMAIS DE GÁS - FORNECIMENTO E INSTALAÇÃO. AF_12/2015","UN",46.55,"COMPOSIÇÃO"]
[92889,"UNIÃO, EM FERRO GALVANIZADO, DN 50 (2\"), CONEXÃO ROSQUEADA, INSTALADO EM PRUMADAS - FORNECIMENTO E INSTALAÇÃO. AF_12/2015","UN",80.25,"COMPOSIÇÃO"]
[92890,"UNIÃO, EM FERRO GALVANIZADO, DN 65 (2 1/2\"), CONEXÃO ROSQUEADA, INSTALADO EM PRUMADAS - FORNECIMENTO E INSTALAÇÃO. AF_12/2015","UN",119.68,"COMPOSIÇÃO"]
[92891,"UNIÃO, EM FERRO GALVANIZADO, DN 80 (3\"), CONEXÃO ROSQUEADA, INSTALADO EM PRUMADAS - FORNECIMENTO E INSTALAÇÃO. AF_12/2015","UN",173.56,"COMPOSIÇÃO"]
[92892,"UNIÃO, EM FERRO GALVANIZADO, DN 25 (1\"), CONEXÃO ROSQUEADA, INSTALADO EM REDE DE ALIMENTAÇÃO PARA HIDRANTE - FORNECIMENTO E INSTALAÇÃO. AF_12/2015","UN",36.159999999999997,"COMPOSIÇÃO"]
[92893,"UNIÃO, EM FERRO GALVANIZADO, DN 32 (1 1/4\"), CONEXÃO ROSQUEADA, INSTALADO EM REDE DE ALIMENTAÇÃO PARA HIDRANTE - FORNECIMENTO E INSTALAÇÃO. AF_12/2015","UN",50.28,"COMPOSIÇÃO"]
[92894,"UNIÃO, EM FERRO GALVANIZADO, DN 40 (1 1/2\"), CONEXÃO ROSQUEADA, INSTALADO EM REDE DE ALIMENTAÇÃO PARA HIDRANTE - FORNECIMENTO E INSTALAÇÃO. AF_12/2015","UN",59.7,"COMPOSIÇÃO"]
[92895,"UNIÃO, EM FERRO GALVANIZADO, DN 50 (2\"), CONEXÃO ROSQUEADA, INSTALADO EM REDE DE ALIMENTAÇÃO PARA HIDRANTE - FORNECIMENTO E INSTALAÇÃO. AF_12/2015","UN",80.209999999999994,"COMPOSIÇÃO"]
[92896,"UNIÃO, EM FERRO GALVANIZADO, DN 65 (2 1/2\"), CONEXÃO ROSQUEADA, INSTALADO EM REDE DE ALIMENTAÇÃO PARA HIDRANTE - FORNECIMENTO E INSTALAÇÃO. AF_12/2015","UN",120.88,"COMPOSIÇÃO"]
[92897,"UNIÃO, EM FERRO GALVANIZADO, DN 80 (3\"), CONEXÃO ROSQUEADA, INSTALADO EM REDE DE ALIMENTAÇÃO PARA HIDRANTE - FORNECIMENTO E INSTALAÇÃO. AF_12/2015","UN",176.03,"COMPOSIÇÃO"]
[92898,"UNIÃO, EM FERRO GALVANIZADO, CONEXÃO ROSQUEADA, DN 25 (1\"), INSTALADO EM REDE DE ALIMENTAÇÃO PARA SPRINKLER - FORNECIMENTO E INSTALAÇÃO. AF_12/2015","UN",29.48,"COMPOSIÇÃO"]
[92899,"UNIÃO, EM FERRO GALVANIZADO, CONEXÃO ROSQUEADA, DN 32 (1 1/4\"), INSTALADO EM REDE DE ALIMENTAÇÃO PARA SPRINKLER - FORNECIMENTO E INSTALAÇÃO. AF_12/2015","UN",42.7,"COMPOSIÇÃO"]
[92900,"UNIÃO, EM FERRO GALVANIZADO, CONEXÃO ROSQUEADA, DN 40 (1 1/2\"), INSTALADO EM REDE DE ALIMENTAÇÃO PARA SPRINKLER - FORNECIMENTO E INSTALAÇÃO. AF_12/2015","UN",51.05,"COMPOSIÇÃO"]
[92901,"UNIÃO, EM FERRO GALVANIZADO, CONEXÃO ROSQUEADA, DN 50 (2\"), INSTALADO EM REDE DE ALIMENTAÇÃO PARA SPRINKLER - FORNECIMENTO E INSTALAÇÃO. AF_12/2015","UN",70.260000000000005,"COMPOSIÇÃO"]
[92902,"UNIÃO, EM FERRO GALVANIZADO, CONEXÃO ROSQUEADA, DN 65 (2 1/2\"), INSTALADO EM REDE DE ALIMENTAÇÃO PARA SPRINKLER - FORNECIMENTO E INSTALAÇÃO. AF_12/2015","UN",108.97,"COMPOSIÇÃO"]
[92903,"UNIÃO, EM FERRO GALVANIZADO, CONEXÃO ROSQUEADA, DN 80 (3\"), INSTALADO EM REDE DE ALIMENTAÇÃO PARA SPRINKLER - FORNECIMENTO E INSTALAÇÃO. AF_12/2015","UN",162.16999999999999,"COMPOSIÇÃO"]
[92904,"UNIÃO, EM FERRO GALVANIZADO, CONEXÃO ROSQUEADA, DN 15 (1/2\"), INSTALADO EM RAMAIS E SUB-RAMAIS DE GÁS - FORNECIMENTO E INSTALAÇÃO. AF_12/2015","UN",19.850000000000001,"COMPOSIÇÃO"]
[92905,"UNIÃO, EM FERRO GALVANIZADO, CONEXÃO ROSQUEADA, DN 20 (3/4\"), INSTALADO EM RAMAIS E SUB-RAMAIS DE GÁS - FORNECIMENTO E INSTALAÇÃO. AF_12/2015","UN",28.7,"COMPOSIÇÃO"]
[92906,"UNIÃO, EM FERRO GALVANIZADO, CONEXÃO ROSQUEADA, DN 25 (1\"), INSTALADO EM RAMAIS E SUB-RAMAIS DE GÁS - FORNECIMENTO E INSTALAÇÃO. AF_12/2015","UN",35.880000000000003,"COMPOSIÇÃO"]
[92907,"LUVA DE REDUÇÃO, EM FERRO GALVANIZADO, 2\" X 1 1/2\", CONEXÃO ROSQUEADA, INSTALADO EM PRUMADAS - FORNECIMENTO E INSTALAÇÃO. AF_12/2015","UN",45.08,"COMPOSIÇÃO"]
[92908,"LUVA DE REDUÇÃO, EM FERRO GALVANIZADO, 2\" X 1 1/4\", CONEXÃO ROSQUEADA, INSTALADO EM PRUMADAS - FORNECIMENTO E INSTALAÇÃO. AF_12/2015","UN",45.08,"COMPOSIÇÃO"]
[92909,"LUVA DE REDUÇÃO, EM FERRO GALVANIZADO, 2\" X 1\", CONEXÃO ROSQUEADA, INSTALADO EM PRUMADAS - FORNECIMENTO E INSTALAÇÃO. AF_12/2015","UN",45.08,"COMPOSIÇÃO"]
[92910,"LUVA DE REDUÇÃO, EM FERRO GALVANIZADO, 2 1/2\" X 1 1/2\", CONEXÃO ROSQUEADA, INSTALADO EM PRUMADAS - FORNECIMENTO E INSTALAÇÃO. AF_12/2015","UN",63.66,"COMPOSIÇÃO"]
[92911,"LUVA DE REDUÇÃO, EM FERRO GALVANIZADO, 2 1/2\" X 2\", CONEXÃO ROSQUEADA, INSTALADO EM PRUMADAS - FORNECIMENTO E INSTALAÇÃO. AF_12/2015","UN",63.66,"COMPOSIÇÃO"]
[92912,"LUVA DE REDUÇÃO, EM FERRO GALVANIZADO, 3\" X 1 1/2\", CONEXÃO ROSQUEADA, INSTALADO EM PRUMADAS - FORNECIMENTO E INSTALAÇÃO. AF_12/2015","UN",83.71,"COMPOSIÇÃO"]
[92913,"LUVA DE REDUÇÃO, EM FERRO GALVANIZADO, 3\" X 2 1/2\", CONEXÃO ROSQUEADA, INSTALADO EM PRUMADAS - FORNECIMENTO E INSTALAÇÃO. AF_12/2015","UN",85.79,"COMPOSIÇÃO"]
[92914,"LUVA DE REDUÇÃO, EM FERRO GALVANIZADO, 3\" X 2\", CONEXÃO ROSQUEADA, INSTALADO EM PRUMADAS - FORNECIMENTO E INSTALAÇÃO. AF_12/2015","UN",85.79,"COMPOSIÇÃO"]
[92918,"LUVA DE REDUÇÃO, EM FERRO GALVANIZADO, 1\" X 1/2\", CONEXÃO ROSQUEADA, INSTALADO EM REDE DE ALIMENTAÇÃO PARA HIDRANTE - FORNECIMENTO E INSTALAÇÃO. AF_12/2015","UN",24.96,"COMPOSIÇÃO"]
[92920,"LUVA DE REDUÇÃO, EM FERRO GALVANIZADO, 1\" X 3/4\", CONEXÃO ROSQUEADA, INSTALADO EM REDE DE ALIMENTAÇÃO PARA HIDRANTE - FORNECIMENTO E INSTALAÇÃO. AF_12/2015","UN",25.11,"COMPOSIÇÃO"]
[92925,"LUVA DE REDUÇÃO, EM FERRO GALVANIZADO, 1 1/4\" X 1\", CONEXÃO ROSQUEADA, INSTALADO EM REDE DE ALIMENTAÇÃO PARA HIDRANTE - FORNECIMENTO E INSTALAÇÃO. AF_12/2015","UN",30.39,"COMPOSIÇÃO"]
[92926,"LUVA DE REDUÇÃO, EM FERRO GALVANIZADO, 1 1/4\" X 1/2\", CONEXÃO ROSQUEADA, INSTALADO EM REDE DE ALIMENTAÇÃO PARA HIDRANTE - FORNECIMENTO E INSTALAÇÃO. AF_12/2015","UN",30.39,"COMPOSIÇÃO"]
[92927,"LUVA DE REDUÇÃO, EM FERRO GALVANIZADO, 1 1/4\" X 3/4\", CONEXÃO ROSQUEADA, INSTALADO EM REDE DE ALIMENTAÇÃO PARA HIDRANTE - FORNECIMENTO E INSTALAÇÃO. AF_12/2015","UN",30.39,"COMPOSIÇÃO"]
[92928,"LUVA DE REDUÇÃO, EM FERRO GALVANIZADO, 1 1/2\" X 1 1/4\", CONEXÃO ROSQUEADA, INSTALADO EM REDE DE ALIMENTAÇÃO PARA HIDRANTE - FORNECIMENTO E INSTALAÇÃO. AF_12/2015","UN",34.57,"COMPOSIÇÃO"]
[92929,"LUVA DE REDUÇÃO, EM FERRO GALVANIZADO, 1 1/2\" X 1\", CONEXÃO ROSQUEADA, INSTALADO EM REDE DE ALIMENTAÇÃO PARA HIDRANTE - FORNECIMENTO E INSTALAÇÃO. AF_12/2015","UN",34.57,"COMPOSIÇÃO"]
[92930,"LUVA DE REDUÇÃO, EM FERRO GALVANIZADO, 1 1/2\" X 3/4\", CONEXÃO ROSQUEADA, INSTALADO EM REDE DE ALIMENTAÇÃO PARA HIDRANTE - FORNECIMENTO E INSTALAÇÃO. AF_12/2015","UN",34.57,"COMPOSIÇÃO"]
[92931,"LUVA DE REDUÇÃO, EM FERRO GALVANIZADO, 2\" X 1 1/2\", CONEXÃO ROSQUEADA, INSTALADO EM REDE DE ALIMENTAÇÃO PARA HIDRANTE - FORNECIMENTO E INSTALAÇÃO. AF_12/2015","UN",45.04,"COMPOSIÇÃO"]
[92932,"LUVA DE REDUÇÃO, EM FERRO GALVANIZADO, 2\" X 1 1/4\", CONEXÃO ROSQUEADA, INSTALADO EM REDE DE ALIMENTAÇÃO PARA HIDRANTE - FORNECIMENTO E INSTALAÇÃO. AF_12/2015","UN",45.04,"COMPOSIÇÃO"]
[92933,"LUVA DE REDUÇÃO, EM FERRO GALVANIZADO, 2\" X 1\", CONEXÃO ROSQUEADA, INSTALADO EM REDE DE ALIMENTAÇÃO PARA HIDRANTE - FORNECIMENTO E INSTALAÇÃO. AF_12/2015","UN",45.04,"COMPOSIÇÃO"]
[92934,"LUVA DE REDUÇÃO, EM FERRO GALVANIZADO, 2 1/2\" X 1 1/2\", CONEXÃO ROSQUEADA, INSTALADO EM REDE DE ALIMENTAÇÃO PARA HIDRANTE - FORNECIMENTO E INSTALAÇÃO. AF_12/2015","UN",64.86,"COMPOSIÇÃO"]
[92935,"LUVA DE REDUÇÃO, EM FERRO GALVANIZADO, 2 1/2\" X 2\", CONEXÃO ROSQUEADA, INSTALADO EM REDE DE ALIMENTAÇÃO PARA HIDRANTE - FORNECIMENTO E INSTALAÇÃO. AF_12/2015","UN",64.86,"COMPOSIÇÃO"]
[92936,"LUVA DE REDUÇÃO, EM FERRO GALVANIZADO, 3\" X 2 1/2\", CONEXÃO ROSQUEADA, INSTALADO EM REDE DE ALIMENTAÇÃO PARA HIDRANTE - FORNECIMENTO E INSTALAÇÃO. AF_12/2015","UN",88.26,"COMPOSIÇÃO"]
[92937,"LUVA DE REDUÇÃO, EM FERRO GALVANIZADO, 3\" X 2\", CONEXÃO ROSQUEADA, INSTALADO EM REDE DE ALIMENTAÇÃO PARA HIDRANTE - FORNECIMENTO E INSTALAÇÃO. AF_12/2015","UN",88.26,"COMPOSIÇÃO"]
[92938,"LUVA DE REDUÇÃO, EM FERRO GALVANIZADO, 1\" X 1/2\", CONEXÃO ROSQUEADA, INSTALADO EM REDE DE ALIMENTAÇÃO PARA SPRINKLER - FORNECIMENTO E INSTALAÇÃO. AF_12/2015","UN",18.28,"COMPOSIÇÃO"]
[92939,"LUVA DE REDUÇÃO, EM FERRO GALVANIZADO, 1\" X 3/4\", CONEXÃO ROSQUEADA, INSTALADO EM REDE DE ALIMENTAÇÃO PARA SPRINKLER - FORNECIMENTO E INSTALAÇÃO. AF_12/2015","UN",18.43,"COMPOSIÇÃO"]
[92940,"LUVA DE REDUÇÃO, EM FERRO GALVANIZADO, 1 1/4\" X 1\", CONEXÃO ROSQUEADA, INSTALADO EM REDE DE ALIMENTAÇÃO PARA SPRINKLER - FORNECIMENTO E INSTALAÇÃO. AF_12/2015","UN",22.81,"COMPOSIÇÃO"]